{"text_format":"2","workbook":"xlsx","n_sheets":20,"sheets":["Resumo","MACAÚBAS","RIO DA CAIXA","BAIXÃO DO CECÍLIO","CPU","Cronograma Macaúbas","Cronograma Rio da Caixa","Cronograma Baixão do Cecílio","Cronograma Geral","Memorial de cálculo","COMPOSICÕES MODIFICADAS","Cotação","CPU HOSPEDAGEM","CPU-VEICULO_Serviços","CPU-VEICULO_Fiscalização","BDI serv","BDI forn","Encargos Sociais","Comp SINAPI BA 07-2025 Onerado","Ins SINAPI BA 07-2025 Onerado"],"not_rendered":{"charts":0,"images":23,"macros":0,"external_links":51,"defined_names":40159,"comments":1,"pivot_tables":0},"unopened":[],"bounds":{"document_bytes":16777216,"sheet_cells":100000,"run_cost":"one","rows_first":2000,"rows_last":500,"rows_between":2000,"halvings":0,"cell_chars":16384,"cell_head_chars":4096},"cells_cut":0,"cells_raw":0,"read":"whole","date_system":"1900"}

{"sheet":"Resumo","index":0,"n_rows":48,"n_cols":7,"rows_kept":48,"cut":false,"hidden":false,"merged":[[7,2,7,4],[0,0,0,6],[1,0,1,6],[3,0,3,6],[4,1,4,3],[6,2,6,4],[10,6,11,6],[10,7,11,7],[10,8,11,8],[10,0,11,0],[10,1,11,1],[10,2,11,2],[10,3,11,3],[10,4,11,4],[10,5,11,5]]}
["Ministério da Integração e do Desenvolvimento Regional"]
["Companhia de Desenvolvimento dos Vales do São Francisco e do Parnaíba"]
[]
["PLANILHA RESUMO"]
["OBRA:","Execução de manutenção e recuperação nas barragens de Macaúbas, Rio da Caixa e Baixão do Cecílio, localizadas no estado da Bahia.",null,null,"BDI (serv.):",{"$f":"'BDI serv'!D23","v":0.2321},"Bancos de dados:"]
["LOCAL:","Barragens da Bahia",null,null,"BDI (forn.):",{"$f":"'BDI forn'!D23","v":0.1469},"JUL/25 - SINAPI"]
["DATA BASE:","2025-09-01","Encargos sociais - Horistas:",null,null,{"$f":"'Encargos Sociais'!E49","v":1.1556999999999999},"MAI/25 - ORSE"]
["PRAZO:","90 dias","Encargos sociais - Mensalista:",null,null,{"$f":"'Encargos Sociais'!F49","v":0.71290000000000009},"AGO/25 - SBC"]
[{"$nulls":4},"Desconto:",0,"ABR/2025 - SICRO"]
[{"$nulls":6},"JUN/25 - EMBASA"]
["ITEM","DESCRIÇÃO","UNID.","QUANT.","CUSTO UNITÁRIO","PREÇO UNITÁRIO ","PREÇO TOTAL"]
[]
[1,"BARRAGENS PERNAMBUCO",{"$nulls":4},{"$f":"SUM(G14:G16)","v":1406280.6600000001}]
["1.1","Macaúbas","unid.",1,{"$f":"MACAÚBAS!I70","v":634431.71},{"$f":"MACAÚBAS!I72","v":781417.58000000007},{"$f":"TRUNC(D14*F14,2)","v":781417.58}]
["1.2","Rio da Caixa","unid.",1,{"$f":"'RIO DA CAIXA'!I65","v":278300.34000000003},{"$f":"'RIO DA CAIXA'!I67","v":342863.49999999994},{"$f":"TRUNC(D15*F15,2)","v":342863.5}]
["1.3","Baixão do Cecílio","unid.",1,{"$f":"'BAIXÃO DO CECÍLIO'!I82","v":228907.37},{"$f":"'BAIXÃO DO CECÍLIO'!I84","v":281999.57999999996},{"$f":"TRUNC(D16*F16,2)","v":281999.58}]
[]
[null,"TOTAL (Custo):",{"$nulls":4},{"$f":"SUMPRODUCT(D13:D17,E13:E17)","v":1141639.42}]
[null,"BDI e Encargos Sociais:",{"$nulls":4},{"$f":"G20-G18","v":264641.24000000022}]
[null,"TOTAL GERAL COM BDI:",{"$nulls":4},{"$f":"SUMPRODUCT(D13:D17,F13:F17)","v":1406280.6600000001}]
{"$rows_empty":27}
[{"$nulls":5},"    "]

{"sheet":"MACAÚBAS","index":1,"n_rows":72,"n_cols":12,"rows_kept":72,"cut":false,"hidden":false,"merged":[[7,4,7,6],[0,0,0,8],[1,0,1,8],[3,0,3,8],[4,1,4,5],[6,4,6,6],[10,7,11,7],[10,8,11,8],[10,9,11,9],[10,10,11,10],[10,0,11,0],[10,1,10,2],[10,3,11,3],[10,4,11,4],[10,5,11,5],[10,6,11,6]]}
["Ministério da Integração e do Desenvolvimento Regional"]
["Companhia de Desenvolvimento dos Vales do São Francisco e do Parnaíba"]
[]
["PLANILHA ORÇAMENTÁRIA - ORÇAMENTO NÃO DESONERADO"]
["OBRA:",{"$f":"Resumo!B5","v":"Execução de manutenção e recuperação nas barragens de Macaúbas, Rio da Caixa e Baixão do Cecílio, localizadas no estado da Bahia."},{"$nulls":4},"BDI (serv.):",{"$f":"'BDI serv'!D23","v":0.2321},"Bancos de dados:"]
["LOCAL:","Macaúbas - BA",{"$nulls":4},"BDI (forn.):",{"$f":"'BDI forn'!D23","v":0.1469},{"$f":"Resumo!G6","v":"JUL/25 - SINAPI"}]
["DATA BASE:",{"$f":"Resumo!B7","v":"2025-09-01"},null,null,"Encargos sociais - Horistas:",null,null,{"$f":"'Encargos Sociais'!E49","v":1.1556999999999999},{"$f":"Resumo!G7","v":"MAI/25 - ORSE"}]
["PRAZO:","90 dias",null,null,"Encargos sociais - Mensalista:",null,null,{"$f":"'Encargos Sociais'!F49","v":0.71290000000000009},{"$f":"Resumo!G8","v":"AGO/25 - SBC"}]
[null,"Macaúbas",{"$nulls":4},"Desconto:",0,{"$f":"Resumo!G9","v":"ABR/2025 - SICRO"}]
[{"$nulls":8},{"$f":"Resumo!G10","v":"JUN/25 - EMBASA"}]
["ITEM","REFERÊNCIA",null,"DESCRIÇÃO","UNID.","QUANT.","CUSTO UNITÁRIO","PREÇO UNITÁRIO ","PREÇO TOTAL"]
[null,"FONTE","CÓDIGO"]
[1,null,null,"ADMINISTRAÇÃO DA OBRA",{"$nulls":4},{"$f":"SUM(I14)","v":109766.52}]
["1.1",null,null,"Administração da Obra",{"$nulls":4},{"$f":"SUM(I15:I15)","v":109766.52}]
["1.1.1","PRÓPRIA","CPU.01",{"$f":"(VLOOKUP(C15,CPU!B1:C317,2,0))","v":"Administração Local"},{"$f":"(VLOOKUP(C15,CPU!B2:D$432,3,0))","v":"mês"},3,{"$f":"TRUNC((1-$H$9)*(SUMIFS(CPU!$G:$G,CPU!$A:$A,MACAÚBAS!$C15,CPU!$H:$H,\"ss\")+SUMIFS(CPU!$G:$G,CPU!$A:$A,MACAÚBAS!$C15,CPU!$H:$H,\"mdo\")+SUMIF('Comp SINAPI BA 07-2025 Onerado'!B:B,MACAÚBAS!C15,'Comp SINAPI BA 07-2025 Onerado'!E:E)+SUMIF('Ins SINAPI BA 07-2025 Onerado'!B:B,MACAÚBAS!C15,'Ins SINAPI BA 07-2025 Onerado'!F:F)),2)","v":29696.33},{"$f":"TRUNC(G15*(1+$H$5),2)","v":36588.839999999997},{"$f":"TRUNC(F15*H15,2)","v":109766.52}]
[]
[2,null,null,"SERVIÇOS PRELIMINARES",{"$nulls":4},{"$f":"SUM(I18,I20,I22)","v":26422.19}]
["2.1",null,null,"Mobilização e desmobilização",{"$nulls":4},{"$f":"SUM(I19)","v":912.78}]
["2.1.1","PRÓPRIA","CPU.02",{"$f":"(VLOOKUP(C19,CPU!B5:C321,2,0))","v":"Mobilização e desmobilização de instalação do canteiro"},{"$f":"(VLOOKUP(C19,CPU!B2:D$432,3,0))","v":"un"},1,{"$f":"TRUNC((1-$H$9)*(SUMIFS(CPU!$G:$G,CPU!$A:$A,MACAÚBAS!$C19,CPU!$H:$H,\"ss\")+SUMIFS(CPU!$G:$G,CPU!$A:$A,MACAÚBAS!$C19,CPU!$H:$H,\"mdo\")+SUMIF('Comp SINAPI BA 07-2025 Onerado'!B:B,MACAÚBAS!C19,'Comp SINAPI BA 07-2025 Onerado'!E:E)+SUMIF('Ins SINAPI BA 07-2025 Onerado'!B:B,MACAÚBAS!C19,'Ins SINAPI BA 07-2025 Onerado'!F:F)),2)","v":740.84},{"$f":"TRUNC(G19*(1+$H$5),2)","v":912.78},{"$f":"TRUNC(F19*H19,2)","v":912.78}]
["2.2",null,null,"Canteiro de obras",{"$nulls":4},{"$f":"SUM(I21)","v":24409.11}]
["2.2.1","PRÓPRIA","CPU.03",{"$f":"(VLOOKUP(C21,CPU!B7:C323,2,0))","v":"Execução de canteiro de obras, inclusive, limpeza, refeitório, sanitários e central de formas"},{"$f":"(VLOOKUP(C21,CPU!B2:D$432,3,0))","v":"m2"},28.5,{"$f":"TRUNC((1-$H$9)*(SUMIFS(CPU!$G:$G,CPU!$A:$A,MACAÚBAS!$C21,CPU!$H:$H,\"ss\")+SUMIFS(CPU!$G:$G,CPU!$A:$A,MACAÚBAS!$C21,CPU!$H:$H,\"mdo\")+SUMIF('Comp SINAPI BA 07-2025 Onerado'!B:B,MACAÚBAS!C21,'Comp SINAPI BA 07-2025 Onerado'!E:E)+SUMIF('Ins SINAPI BA 07-2025 Onerado'!B:B,MACAÚBAS!C21,'Ins SINAPI BA 07-2025 Onerado'!F:F)),2)","v":695.13},{"$f":"TRUNC(G21*(1+$H$5),2)","v":856.46},{"$f":"TRUNC(F21*H21,2)","v":24409.11}]
["2.3",null,null,"Sinalização",{"$nulls":4},{"$f":"SUM(I23:I23)","v":1100.3}]
["2.3.1","SINAPI",103689,{"$f":"IF(J23=\"ca\",VLOOKUP(C23,'Comp SINAPI BA 07-2025 Onerado'!$B$11:$C$9004,2,0),VLOOKUP(C23,'Ins SINAPI BA 07-2025 Onerado'!$B$10:$C$9004,2,0))","v":"FORNECIMENTO E INSTALAÇÃO DE PLACA DE OBRA COM CHAPA GALVANIZADA E ESTRUTURA DE MADEIRA. AF_03/2022_PS"},{"$f":"IF(J23=\"ca\",VLOOKUP(C23,'Comp SINAPI BA 07-2025 Onerado'!$B$11:$D$9004,3,0),VLOOKUP(C23,'Ins SINAPI BA 07-2025 Onerado'!$B$11:$D$9004,3,0))","v":"M2"},2,{"$f":"TRUNC((1-$H$9)*(SUMIFS(CPU!$G:$G,CPU!$A:$A,MACAÚBAS!$C23,CPU!$H:$H,\"ss\")+SUMIFS(CPU!$G:$G,CPU!$A:$A,MACAÚBAS!$C23,CPU!$H:$H,\"mdo\")+SUMIF('Comp SINAPI BA 07-2025 Onerado'!B:B,MACAÚBAS!C23,'Comp SINAPI BA 07-2025 Onerado'!E:E)+SUMIF('Ins SINAPI BA 07-2025 Onerado'!B:B,MACAÚBAS!C23,'Ins SINAPI BA 07-2025 Onerado'!F:F)),2)","v":446.52},{"$f":"TRUNC(G23*(1+$H$5),2)","v":550.15},{"$f":"TRUNC(F23*H23,2)","v":1100.3},"ca"]
[]
[3,null,null,"CORTE DA VEGETAÇÃO E REMOÇÃO DAS RAIZES",{"$nulls":4},{"$f":"SUM(I26)","v":73851.600000000006}]
["3.1",null,null,"Remoção da vegetação",{"$nulls":4},{"$f":"SUM(I27:I28)","v":73851.600000000006}]
["3.1.1","PRÓPRIA","CPU.04",{"$f":"(VLOOKUP(C27,CPU!B13:C329,2,0))","v":"Limpeza de vegetação"},{"$f":"(VLOOKUP(C27,CPU!B2:D$432,3,0))","v":"m2"},35894,{"$f":"TRUNC((1-$H$9)*(SUMIFS(CPU!$G:$G,CPU!$A:$A,MACAÚBAS!$C27,CPU!$H:$H,\"ss\")+SUMIFS(CPU!$G:$G,CPU!$A:$A,MACAÚBAS!$C27,CPU!$H:$H,\"mdo\")+SUMIF('Comp SINAPI BA 07-2025 Onerado'!B:B,MACAÚBAS!C27,'Comp SINAPI BA 07-2025 Onerado'!E:E)+SUMIF('Ins SINAPI BA 07-2025 Onerado'!B:B,MACAÚBAS!C27,'Ins SINAPI BA 07-2025 Onerado'!F:F)),2)","v":1.3},{"$f":"TRUNC(G27*(1+$H$5),2)","v":1.6},{"$f":"TRUNC(F27*H27,2)","v":57430.400000000001}]
["3.1.2","PRÓPRIA","CPU.05",{"$f":"(VLOOKUP(C28,CPU!B14:C330,2,0))","v":"Corte de tronco e remoção de raiz"},{"$f":"(VLOOKUP(C28,CPU!B3:D$432,3,0))","v":"un"},40,{"$f":"TRUNC((1-$H$9)*(SUMIFS(CPU!$G:$G,CPU!$A:$A,MACAÚBAS!$C28,CPU!$H:$H,\"ss\")+SUMIFS(CPU!$G:$G,CPU!$A:$A,MACAÚBAS!$C28,CPU!$H:$H,\"mdo\")+SUMIF('Comp SINAPI BA 07-2025 Onerado'!B:B,MACAÚBAS!C28,'Comp SINAPI BA 07-2025 Onerado'!E:E)+SUMIF('Ins SINAPI BA 07-2025 Onerado'!B:B,MACAÚBAS!C28,'Ins SINAPI BA 07-2025 Onerado'!F:F)),2)","v":333.2},{"$f":"TRUNC(G28*(1+$H$5),2)","v":410.53},{"$f":"TRUNC(F28*H28,2)","v":16421.2}]
[]
[4,null,null,"RECUPERAÇÃO DO MACIÇO",{"$nulls":4},{"$f":"SUM(I31,I33)","v":5536.2}]
["4.1",null,null,"Recomposição das Erosões (erosões e buracos nas ombreiras e taludes)",{"$nulls":4},{"$f":"I32","v":5414}]
["4.1.1","PRÓPRIA","CPU.09",{"$f":"(VLOOKUP(C32,CPU!B18:C334,2,0))","v":"Recomposição das erosões, inclusive, regularização da superfície e reaterro"},{"$f":"(VLOOKUP(C32,CPU!B4:D$432,3,0))","v":"m3"},20,{"$f":"TRUNC((1-$H$9)*(SUMIFS(CPU!$G:$G,CPU!$A:$A,MACAÚBAS!$C32,CPU!$H:$H,\"ss\")+SUMIFS(CPU!$G:$G,CPU!$A:$A,MACAÚBAS!$C32,CPU!$H:$H,\"mdo\")+SUMIF('Comp SINAPI BA 07-2025 Onerado'!B:B,MACAÚBAS!C32,'Comp SINAPI BA 07-2025 Onerado'!E:E)+SUMIF('Ins SINAPI BA 07-2025 Onerado'!B:B,MACAÚBAS!C32,'Ins SINAPI BA 07-2025 Onerado'!F:F)),2)","v":219.71},{"$f":"TRUNC(G32*(1+$H$5),2)","v":270.7},{"$f":"TRUNC(F32*H32,2)","v":5414}]
["4.2",null,null,"Fechamento de tocas de animais ",{"$nulls":4},{"$f":"I34","v":122.2}]
["4.2.1","PRÓPRIA","CPU.17",{"$f":"(VLOOKUP(C34,CPU!B20:C336,2,0))","v":"Injeção de nata de cimento em buracos"},{"$f":"(VLOOKUP(C34,CPU!B6:D$432,3,0))","v":"m3"},0.1,{"$f":"TRUNC((1-$H$9)*(SUMIFS(CPU!$G:$G,CPU!$A:$A,MACAÚBAS!$C34,CPU!$H:$H,\"ss\")+SUMIFS(CPU!$G:$G,CPU!$A:$A,MACAÚBAS!$C34,CPU!$H:$H,\"mdo\")+SUMIF('Comp SINAPI BA 07-2025 Onerado'!B:B,MACAÚBAS!C34,'Comp SINAPI BA 07-2025 Onerado'!E:E)+SUMIF('Ins SINAPI BA 07-2025 Onerado'!B:B,MACAÚBAS!C34,'Ins SINAPI BA 07-2025 Onerado'!F:F)),2)","v":991.88},{"$f":"TRUNC(G34*(1+$H$5),2)","v":1222.0899999999999},{"$f":"TRUNC(F34*H34,2)","v":122.2}]
[]
[5,null,null,"REGULARIZAÇÃO E PAVIMENTAÇÃO DA CRISTA",{"$nulls":4},{"$f":"SUM(I37,I39,I43)","v":387273.46}]
["5.1",null,null,"Limpeza e Regularização da Crista",{"$nulls":4},{"$f":"SUM(I38:I38)","v":17755.2}]
["5.1.1","PRÓPRIA","CPU.10",{"$f":"(VLOOKUP(C38,CPU!B10:C326,2,0))","v":"Regularização e compactação da crista"},{"$f":"(VLOOKUP(C38,CPU!B10:D326,3,0))","v":"m2"},4320,{"$f":"TRUNC((1-$H$9)*(SUMIFS(CPU!$G:$G,CPU!$A:$A,MACAÚBAS!$C38,CPU!$H:$H,\"ss\")+SUMIFS(CPU!$G:$G,CPU!$A:$A,MACAÚBAS!$C38,CPU!$H:$H,\"mdo\")+SUMIF('Comp SINAPI BA 07-2025 Onerado'!B:B,MACAÚBAS!C38,'Comp SINAPI BA 07-2025 Onerado'!E:E)+SUMIF('Ins SINAPI BA 07-2025 Onerado'!B:B,MACAÚBAS!C38,'Ins SINAPI BA 07-2025 Onerado'!F:F)),2)","v":3.34},{"$f":"TRUNC(G38*(1+$H$5),2)","v":4.1100000000000003},{"$f":"TRUNC(F38*H38,2)","v":17755.2}]
["5.2",null,null,"Instalação de meio-fio em ambos os lados da crista",{"$nulls":4},{"$f":"SUM(I40:I42)","v":160577.14000000001}]
["5.2.1","PRÓPRIA","CPU.13",{"$f":"(VLOOKUP(C40,CPU!B13:C329,2,0))","v":"Fornecimento e Assentamento de Guia (meio-fio) Pré-fabricado, dimensões 100X15X13X30 Cm (Comprimento X Base Inferior X Base Superior X Altura)"},{"$f":"(VLOOKUP(C40,CPU!B13:D329,3,0))","v":"m"},2160,{"$f":"TRUNC((1-$H$9)*(SUMIFS(CPU!$G:$G,CPU!$A:$A,MACAÚBAS!$C40,CPU!$H:$H,\"ss\")+SUMIFS(CPU!$G:$G,CPU!$A:$A,MACAÚBAS!$C40,CPU!$H:$H,\"mdo\")+SUMIF('Comp SINAPI BA 07-2025 Onerado'!B:B,MACAÚBAS!C40,'Comp SINAPI BA 07-2025 Onerado'!E:E)+SUMIF('Ins SINAPI BA 07-2025 Onerado'!B:B,MACAÚBAS!C40,'Ins SINAPI BA 07-2025 Onerado'!F:F)),2)","v":54.32},{"$f":"TRUNC(G40*(1+$H$5),2)","v":66.92},{"$f":"TRUNC(F40*H40,2)","v":144547.20000000001}]
["5.2.2","PRÓPRIA","CPU.07",{"$f":"(VLOOKUP(C41,CPU!B13:C329,2,0))","v":"Entrada para descida d’água tipo EDA 01 B"},{"$f":"(VLOOKUP(C41,CPU!B13:D329,3,0))","v":"un"},22,{"$f":"TRUNC((1-$H$9)*(SUMIFS(CPU!$G:$G,CPU!$A:$A,MACAÚBAS!$C41,CPU!$H:$H,\"ss\")+SUMIFS(CPU!$G:$G,CPU!$A:$A,MACAÚBAS!$C41,CPU!$H:$H,\"mdo\")+SUMIF('Comp SINAPI BA 07-2025 Onerado'!B:B,MACAÚBAS!C41,'Comp SINAPI BA 07-2025 Onerado'!E:E)+SUMIF('Ins SINAPI BA 07-2025 Onerado'!B:B,MACAÚBAS!C41,'Ins SINAPI BA 07-2025 Onerado'!F:F)),2)","v":309.29000000000002},{"$f":"TRUNC(G41*(1+$H$5),2)","v":381.07},{"$f":"TRUNC(F41*H41,2)","v":8383.5400000000009}]
["5.2.3","PRÓPRIA","CPU.20",{"$f":"(VLOOKUP(C42,CPU!B14:C330,2,0))","v":"Pintura do meio-fio"},{"$f":"(VLOOKUP(C42,CPU!B14:D330,3,0))","v":"m"},{"$f":"F40","v":2160},{"$f":"TRUNC((1-$H$9)*(SUMIFS(CPU!$G:$G,CPU!$A:$A,MACAÚBAS!$C42,CPU!$H:$H,\"ss\")+SUMIFS(CPU!$G:$G,CPU!$A:$A,MACAÚBAS!$C42,CPU!$H:$H,\"mdo\")+SUMIF('Comp SINAPI BA 07-2025 Onerado'!B:B,MACAÚBAS!C42,'Comp SINAPI BA 07-2025 Onerado'!E:E)+SUMIF('Ins SINAPI BA 07-2025 Onerado'!B:B,MACAÚBAS!C42,'Ins SINAPI BA 07-2025 Onerado'!F:F)),2)","v":2.88},{"$f":"TRUNC(G42*(1+$H$5),2)","v":3.54},{"$f":"TRUNC(F42*H42,2)","v":7646.4}]
["5.3",null,null,"Pavimentação da Crista",{"$nulls":4},{"$f":"SUM(I44:I44)","v":208941.12}]
["5.3.1","PRÓPRIA","CPU.11",{"$f":"(VLOOKUP(C44,CPU!B14:C330,2,0))","v":"Execução de Revestimento com BGTC"},{"$f":"(VLOOKUP(C44,CPU!B14:D330,3,0))","v":"m3"},432,{"$f":"TRUNC((1-$H$9)*(SUMIFS(CPU!$G:$G,CPU!$A:$A,MACAÚBAS!$C44,CPU!$H:$H,\"ss\")+SUMIFS(CPU!$G:$G,CPU!$A:$A,MACAÚBAS!$C44,CPU!$H:$H,\"mdo\")+SUMIF('Comp SINAPI BA 07-2025 Onerado'!B:B,MACAÚBAS!C44,'Comp SINAPI BA 07-2025 Onerado'!E:E)+SUMIF('Ins SINAPI BA 07-2025 Onerado'!B:B,MACAÚBAS!C44,'Ins SINAPI BA 07-2025 Onerado'!F:F)),2)","v":392.55},{"$f":"TRUNC(G44*(1+$H$5),2)","v":483.66},{"$f":"TRUNC(F44*H44,2)","v":208941.12}]
[]
[6,null,null,"MANUTENÇÃO NO TALUDE DE MONTANTE",{"$nulls":4},{"$f":"SUM(I47)","v":14501.27}]
["6.1",null,null,"Recuperação com uso de argamassa",{"$nulls":4},{"$f":"SUM(I48:I48)","v":14501.27}]
["6.1.1","PRÓPRIA","CPU.18",{"$f":"(VLOOKUP(C48,CPU!B24:C340,2,0))","v":"Recuperação com uso de argamassa"},{"$f":"(VLOOKUP(C48,CPU!B24:D432,3,0))","v":"m3"},7,{"$f":"TRUNC((1-$H$9)*(SUMIFS(CPU!$G:$G,CPU!$A:$A,MACAÚBAS!$C48,CPU!$H:$H,\"ss\")+SUMIFS(CPU!$G:$G,CPU!$A:$A,MACAÚBAS!$C48,CPU!$H:$H,\"mdo\")+SUMIF('Comp SINAPI BA 07-2025 Onerado'!B:B,MACAÚBAS!C48,'Comp SINAPI BA 07-2025 Onerado'!E:E)+SUMIF('Ins SINAPI BA 07-2025 Onerado'!B:B,MACAÚBAS!C48,'Ins SINAPI BA 07-2025 Onerado'!F:F)),2)","v":1681.37},{"$f":"TRUNC(G48*(1+$H$5),2)","v":2071.61},{"$f":"TRUNC(F48*H48,2)","v":14501.27}]
[]
[7,null,null,"PROTEÇÃO SUPERFICIAL DO TALUDE DE JUSANTE",{"$nulls":4},{"$f":"SUM(I51,I53)","v":132200.85999999999}]
["7.1",null,null,"Proteção vegetal",{"$nulls":4},{"$f":"SUM(I52)","v":110901.86}]
["7.1.1","PRÓPRIA","CPU.08",{"$f":"(VLOOKUP(C52,CPU!B25:C343,2,0))","v":"Plantio de vegetação tipo gramínea para proteção de talude com hidrossemeadura, inclusive adubação e transporte"},{"$f":"(VLOOKUP(C52,CPU!B25:D431,3,0))","v":"m2"},12689,{"$f":"TRUNC((1-$H$9)*(SUMIFS(CPU!$G:$G,CPU!$A:$A,MACAÚBAS!$C52,CPU!$H:$H,\"ss\")+SUMIFS(CPU!$G:$G,CPU!$A:$A,MACAÚBAS!$C52,CPU!$H:$H,\"mdo\")+SUMIF('Comp SINAPI BA 07-2025 Onerado'!B:B,MACAÚBAS!C52,'Comp SINAPI BA 07-2025 Onerado'!E:E)+SUMIF('Ins SINAPI BA 07-2025 Onerado'!B:B,MACAÚBAS!C52,'Ins SINAPI BA 07-2025 Onerado'!F:F)),2)","v":7.1},{"$f":"TRUNC(G52*(1+$H$5),2)","v":8.74},{"$f":"TRUNC(F52*H52,2)","v":110901.86}]
["7.2",null,null,"Irrigação da área de hidrossemeadura",{"$nulls":4},{"$f":"SUM(I54:I54)","v":21299}]
["7.2.1","PRÓPRIA","CPU.16",{"$f":"(VLOOKUP(C54,CPU!B30:C348,2,0))","v":"Irrigação - inclusive transporte"},{"$f":"(VLOOKUP(C54,CPU!B29:D443,3,0))","v":"m3"},100,{"$f":"TRUNC((1-$H$9)*(SUMIFS(CPU!$G:$G,CPU!$A:$A,MACAÚBAS!$C54,CPU!$H:$H,\"ss\")+SUMIFS(CPU!$G:$G,CPU!$A:$A,MACAÚBAS!$C54,CPU!$H:$H,\"mdo\")+SUMIF('Comp SINAPI BA 07-2025 Onerado'!B:B,MACAÚBAS!C54,'Comp SINAPI BA 07-2025 Onerado'!E:E)+SUMIF('Ins SINAPI BA 07-2025 Onerado'!B:B,MACAÚBAS!C54,'Ins SINAPI BA 07-2025 Onerado'!F:F)),2)","v":172.87},{"$f":"TRUNC(G54*(1+$H$5),2)","v":212.99},{"$f":"TRUNC(F54*H54,2)","v":21299}]
[]
[8,null,null,"SERVIÇOS COMPLEMENTARES",{"$nulls":4},{"$f":"SUM(I57)","v":4550.7999999999993}]
["8.1",null,null,"Instalação de placas de aviso",{"$nulls":4},{"$f":"SUM(I58:I59)","v":4550.7999999999993}]
["8.1.1","SINAPI",103689,{"$f":"IF(J58=\"ca\",VLOOKUP(C58,'Comp SINAPI BA 07-2025 Onerado'!$B$11:$C$9004,2,0),VLOOKUP(C58,'Ins SINAPI BA 07-2025 Onerado'!$B$10:$C$9004,2,0))","v":"FORNECIMENTO E INSTALAÇÃO DE PLACA DE OBRA COM CHAPA GALVANIZADA E ESTRUTURA DE MADEIRA. AF_03/2022_PS"},{"$f":"IF(J58=\"ca\",VLOOKUP(C58,'Comp SINAPI BA 07-2025 Onerado'!$B$11:$D$9004,3,0),VLOOKUP(C58,'Ins SINAPI BA 07-2025 Onerado'!$B$11:$D$9004,3,0))","v":"M2"},4,{"$f":"TRUNC((1-$H$9)*(SUMIFS(CPU!$G:$G,CPU!$A:$A,MACAÚBAS!$C58,CPU!$H:$H,\"ss\")+SUMIFS(CPU!$G:$G,CPU!$A:$A,MACAÚBAS!$C58,CPU!$H:$H,\"mdo\")+SUMIF('Comp SINAPI BA 07-2025 Onerado'!B:B,MACAÚBAS!C58,'Comp SINAPI BA 07-2025 Onerado'!E:E)+SUMIF('Ins SINAPI BA 07-2025 Onerado'!B:B,MACAÚBAS!C58,'Ins SINAPI BA 07-2025 Onerado'!F:F)),2)","v":446.52},{"$f":"TRUNC(G58*(1+$H$5),2)","v":550.15},{"$f":"TRUNC(F58*H58,2)","v":2200.6},"ca"]
["8.1.2","PRÓPRIA","CPU.19",{"$f":"(VLOOKUP(C59,CPU!B34:C352,2,0))","v":"Régua Linimétrica Padrão “ANA”, Aço Carbono - 2 X 70 X 1000 mm (Fornecimento e Instalação)"},{"$f":"(VLOOKUP(C59,CPU!B35:D449,3,0))","v":"un"},5,{"$f":"TRUNC((1-$H$9)*(SUMIFS(CPU!$G:$G,CPU!$A:$A,MACAÚBAS!$C59,CPU!$H:$H,\"ss\")+SUMIFS(CPU!$G:$G,CPU!$A:$A,MACAÚBAS!$C59,CPU!$H:$H,\"mdo\")+SUMIF('Comp SINAPI BA 07-2025 Onerado'!B:B,MACAÚBAS!C59,'Comp SINAPI BA 07-2025 Onerado'!E:E)+SUMIF('Ins SINAPI BA 07-2025 Onerado'!B:B,MACAÚBAS!C59,'Ins SINAPI BA 07-2025 Onerado'!F:F)),2)","v":381.5},{"$f":"TRUNC(G59*(1+$H$5),2)","v":470.04},{"$f":"TRUNC(F59*H59,2)","v":2350.1999999999998}]
[]
[9,null,null,"PROJETO \"AS IS\"",{"$nulls":4},{"$f":"SUM(I62)","v":26243.629999999997}]
["9.1",null,null,"Levantamento topográfico e \"AS IS\"",{"$nulls":4},{"$f":"SUM(I63:I64)","v":26243.629999999997}]
["9.1.1","ORSE",9346,"Levantamento topográfico planimétrico cadastral","m2",{"$f":"F27","v":35894},{"$f":"TRUNC((1-$H$9)*0.35,2)","v":0.35},{"$f":"TRUNC(G63*(1+$H$5),2)","v":0.43},{"$f":"TRUNC(F63*H63,2)","v":15434.42}]
["9.1.2","PRÓPRIA","CPU.12",{"$f":"(VLOOKUP(C64,CPU!B43:C360,2,0))","v":"Projeto geométrico"},{"$f":"(VLOOKUP(C64,CPU!B41:D455,3,0))","v":"un"},1,{"$f":"TRUNC((1-$H$9)*(SUMIFS(CPU!$G:$G,CPU!$A:$A,MACAÚBAS!$C64,CPU!$H:$H,\"ss\")+SUMIFS(CPU!$G:$G,CPU!$A:$A,MACAÚBAS!$C64,CPU!$H:$H,\"mdo\")+SUMIF('Comp SINAPI BA 07-2025 Onerado'!B:B,MACAÚBAS!C64,'Comp SINAPI BA 07-2025 Onerado'!E:E)+SUMIF('Ins SINAPI BA 07-2025 Onerado'!B:B,MACAÚBAS!C64,'Ins SINAPI BA 07-2025 Onerado'!F:F)),2)","v":8773},{"$f":"TRUNC(G64*(1+$H$5),2)","v":10809.21},{"$f":"TRUNC(F64*H64,2)","v":10809.21}]
[]
[10,null,null,"FISCALIZAÇÃO E ACOMPANHAMENTO",{"$nulls":4},{"$f":"SUM(I67)","v":1071.05}]
["10.1",null,null,"Disponibilidade de veículo para apoio a fiscalização",{"$nulls":4},{"$f":"SUM(I68)","v":1071.05}]
["10.1.1","PRÓPRIA","CPU.14",{"$f":"(VLOOKUP(C68,CPU!B47:C364,2,0))","v":"Disponibilidade de veículo para apoio a fiscalização, inclusive combustível"},{"$f":"(VLOOKUP(C68,CPU!B46:D459,3,0))","v":"un"},{"$f":"F15+2","v":5},{"$f":"TRUNC((1-$H$9)*(SUMIFS(CPU!$G:$G,CPU!$A:$A,MACAÚBAS!$C68,CPU!$H:$H,\"ss\")+SUMIFS(CPU!$G:$G,CPU!$A:$A,MACAÚBAS!$C68,CPU!$H:$H,\"mdo\")+SUMIF('Comp SINAPI BA 07-2025 Onerado'!B:B,MACAÚBAS!C68,'Comp SINAPI BA 07-2025 Onerado'!E:E)+SUMIF('Ins SINAPI BA 07-2025 Onerado'!B:B,MACAÚBAS!C68,'Ins SINAPI BA 07-2025 Onerado'!F:F)),2)","v":173.86},{"$f":"TRUNC(G68*(1+$H$5),2)","v":214.21},{"$f":"TRUNC(F68*H68,2)","v":1071.05}]
[]
[null,null,null,"TOTAL (Custo):",{"$nulls":4},{"$f":"TRUNC(SUMPRODUCT(F14:F68,G14:G68),2)","v":634431.71}]
[null,null,null,"BDI e Encargos Sociais:",{"$nulls":4},{"$f":"I72-I70","v":146985.87000000011}]
[null,null,null,"TOTAL GERAL COM BDI:",{"$nulls":4},{"$f":"SUM(I13,I17,I25,I30,I36,I46,I50,I56,I61,I66)","v":781417.58000000007},null,null,{"$f":"TRUNC(SUMPRODUCT(F14:F68,H14:H68),2)","v":781417.58}]

{"sheet":"RIO DA CAIXA","index":2,"n_rows":67,"n_cols":12,"rows_kept":67,"cut":false,"hidden":false,"merged":[[7,4,7,6],[0,0,0,8],[1,0,1,8],[3,0,3,8],[4,1,4,5],[6,4,6,6],[10,7,11,7],[10,8,11,8],[10,9,11,9],[10,10,11,10],[10,0,11,0],[10,1,10,2],[10,3,11,3],[10,4,11,4],[10,5,11,5],[10,6,11,6]]}
["Ministério da Integração e do Desenvolvimento Regional"]
["Companhia de Desenvolvimento dos Vales do São Francisco e do Parnaíba"]
[]
["PLANILHA ORÇAMENTÁRIA - ORÇAMENTO NÃO DESONERADO"]
["OBRA:",{"$f":"Resumo!B5","v":"Execução de manutenção e recuperação nas barragens de Macaúbas, Rio da Caixa e Baixão do Cecílio, localizadas no estado da Bahia."},{"$nulls":4},"BDI (serv.):",{"$f":"'BDI serv'!D23","v":0.2321},"Bancos de dados:"]
["LOCAL:","Rio do Pires - BA",{"$nulls":4},"BDI (forn.):",{"$f":"'BDI forn'!D23","v":0.1469},{"$f":"Resumo!G6","v":"JUL/25 - SINAPI"}]
["DATA BASE:",{"$f":"Resumo!B7","v":"2025-09-01"},null,null,"Encargos sociais - Horistas:",null,null,{"$f":"'Encargos Sociais'!E49","v":1.1556999999999999},{"$f":"Resumo!G7","v":"MAI/25 - ORSE"}]
["PRAZO:","90 dias",null,null,"Encargos sociais - Mensalista:",null,null,{"$f":"'Encargos Sociais'!F49","v":0.71290000000000009},{"$f":"Resumo!G8","v":"AGO/25 - SBC"}]
[null,"Rio da Caixa",{"$nulls":4},"Desconto:",0,{"$f":"Resumo!G9","v":"ABR/2025 - SICRO"}]
[{"$nulls":8},{"$f":"Resumo!G10","v":"JUN/25 - EMBASA"}]
["ITEM","REFERÊNCIA",null,"DESCRIÇÃO","UNID.","QUANT.","CUSTO UNITÁRIO","PREÇO UNITÁRIO ","PREÇO TOTAL"]
[null,"FONTE","CÓDIGO"]
[1,null,null,"ADMINISTRAÇÃO DA OBRA",{"$nulls":4},{"$f":"SUM(I14)","v":109766.52}]
["1.1",null,null,"Administração da Obra",{"$nulls":4},{"$f":"SUM(I15:I15)","v":109766.52}]
["1.1.1","PRÓPRIA","CPU.01",{"$f":"(VLOOKUP(C15,CPU!B1:C317,2,0))","v":"Administração Local"},{"$f":"(VLOOKUP(C15,CPU!B2:D$432,3,0))","v":"mês"},3,{"$f":"TRUNC((1-$H$9)*(SUMIFS(CPU!$G:$G,CPU!$A:$A,'RIO DA CAIXA'!$C15,CPU!$H:$H,\"ss\")+SUMIFS(CPU!$G:$G,CPU!$A:$A,'RIO DA CAIXA'!$C15,CPU!$H:$H,\"mdo\")+SUMIF('Comp SINAPI BA 07-2025 Onerado'!B:B,'RIO DA CAIXA'!C15,'Comp SINAPI BA 07-2025 Onerado'!E:E)+SUMIF('Ins SINAPI BA 07-2025 Onerado'!B:B,'RIO DA CAIXA'!C15,'Ins SINAPI BA 07-2025 Onerado'!F:F)),2)","v":29696.33},{"$f":"TRUNC(G15*(1+$H$5),2)","v":36588.839999999997},{"$f":"TRUNC(F15*H15,2)","v":109766.52}]
[]
[2,null,null,"SERVIÇOS PRELIMINARES",{"$nulls":4},{"$f":"SUM(I18,I20,I22)","v":26422.19}]
["2.1",null,null,"Mobilização e desmobilização",{"$nulls":4},{"$f":"SUM(I19)","v":912.78}]
["2.1.1","PRÓPRIA","CPU.02",{"$f":"(VLOOKUP(C19,CPU!B5:C321,2,0))","v":"Mobilização e desmobilização de instalação do canteiro"},{"$f":"(VLOOKUP(C19,CPU!B2:D$432,3,0))","v":"un"},1,{"$f":"TRUNC((1-$H$9)*(SUMIFS(CPU!$G:$G,CPU!$A:$A,'RIO DA CAIXA'!$C19,CPU!$H:$H,\"ss\")+SUMIFS(CPU!$G:$G,CPU!$A:$A,'RIO DA CAIXA'!$C19,CPU!$H:$H,\"mdo\")+SUMIF('Comp SINAPI BA 07-2025 Onerado'!B:B,'RIO DA CAIXA'!C19,'Comp SINAPI BA 07-2025 Onerado'!E:E)+SUMIF('Ins SINAPI BA 07-2025 Onerado'!B:B,'RIO DA CAIXA'!C19,'Ins SINAPI BA 07-2025 Onerado'!F:F)),2)","v":740.84},{"$f":"TRUNC(G19*(1+$H$5),2)","v":912.78},{"$f":"TRUNC(F19*H19,2)","v":912.78}]
["2.2",null,null,"Canteiro de obras",{"$nulls":4},{"$f":"SUM(I21)","v":24409.11}]
["2.2.1","PRÓPRIA","CPU.03",{"$f":"(VLOOKUP(C21,CPU!B7:C323,2,0))","v":"Execução de canteiro de obras, inclusive, limpeza, refeitório, sanitários e central de formas"},{"$f":"(VLOOKUP(C21,CPU!B2:D$432,3,0))","v":"m2"},28.5,{"$f":"TRUNC((1-$H$9)*(SUMIFS(CPU!$G:$G,CPU!$A:$A,'RIO DA CAIXA'!$C21,CPU!$H:$H,\"ss\")+SUMIFS(CPU!$G:$G,CPU!$A:$A,'RIO DA CAIXA'!$C21,CPU!$H:$H,\"mdo\")+SUMIF('Comp SINAPI BA 07-2025 Onerado'!B:B,'RIO DA CAIXA'!C21,'Comp SINAPI BA 07-2025 Onerado'!E:E)+SUMIF('Ins SINAPI BA 07-2025 Onerado'!B:B,'RIO DA CAIXA'!C21,'Ins SINAPI BA 07-2025 Onerado'!F:F)),2)","v":695.13},{"$f":"TRUNC(G21*(1+$H$5),2)","v":856.46},{"$f":"TRUNC(F21*H21,2)","v":24409.11}]
["2.3",null,null,"Sinalização",{"$nulls":4},{"$f":"SUM(I23:I23)","v":1100.3}]
["2.3.1","SINAPI",103689,{"$f":"IF(J23=\"ca\",VLOOKUP(C23,'Comp SINAPI BA 07-2025 Onerado'!$B$11:$C$9004,2,0),VLOOKUP(C23,'Ins SINAPI BA 07-2025 Onerado'!$B$10:$C$9004,2,0))","v":"FORNECIMENTO E INSTALAÇÃO DE PLACA DE OBRA COM CHAPA GALVANIZADA E ESTRUTURA DE MADEIRA. AF_03/2022_PS"},{"$f":"IF(J23=\"ca\",VLOOKUP(C23,'Comp SINAPI BA 07-2025 Onerado'!$B$11:$D$9004,3,0),VLOOKUP(C23,'Ins SINAPI BA 07-2025 Onerado'!$B$11:$D$9004,3,0))","v":"M2"},2,{"$f":"TRUNC((1-$H$9)*(SUMIFS(CPU!$G:$G,CPU!$A:$A,'RIO DA CAIXA'!$C23,CPU!$H:$H,\"ss\")+SUMIFS(CPU!$G:$G,CPU!$A:$A,'RIO DA CAIXA'!$C23,CPU!$H:$H,\"mdo\")+SUMIF('Comp SINAPI BA 07-2025 Onerado'!B:B,'RIO DA CAIXA'!C23,'Comp SINAPI BA 07-2025 Onerado'!E:E)+SUMIF('Ins SINAPI BA 07-2025 Onerado'!B:B,'RIO DA CAIXA'!C23,'Ins SINAPI BA 07-2025 Onerado'!F:F)),2)","v":446.52},{"$f":"TRUNC(G23*(1+$H$5),2)","v":550.15},{"$f":"TRUNC(F23*H23,2)","v":1100.3},"ca"]
[]
[3,null,null,"CORTE DA VEGETAÇÃO E REMOÇÃO DAS RAIZES",{"$nulls":4},{"$f":"SUM(I26)","v":21115.9}]
["3.1",null,null,"Remoção da vegetação",{"$nulls":4},{"$f":"SUM(I27:I28)","v":21115.9}]
["3.1.1","PRÓPRIA","CPU.04",{"$f":"(VLOOKUP(C27,CPU!B13:C329,2,0))","v":"Limpeza de vegetação"},{"$f":"(VLOOKUP(C27,CPU!B2:D$432,3,0))","v":"m2"},5500,{"$f":"TRUNC((1-$H$9)*(SUMIFS(CPU!$G:$G,CPU!$A:$A,'RIO DA CAIXA'!$C27,CPU!$H:$H,\"ss\")+SUMIFS(CPU!$G:$G,CPU!$A:$A,'RIO DA CAIXA'!$C27,CPU!$H:$H,\"mdo\")+SUMIF('Comp SINAPI BA 07-2025 Onerado'!B:B,'RIO DA CAIXA'!C27,'Comp SINAPI BA 07-2025 Onerado'!E:E)+SUMIF('Ins SINAPI BA 07-2025 Onerado'!B:B,'RIO DA CAIXA'!C27,'Ins SINAPI BA 07-2025 Onerado'!F:F)),2)","v":1.3},{"$f":"TRUNC(G27*(1+$H$5),2)","v":1.6},{"$f":"TRUNC(F27*H27,2)","v":8800}]
["3.1.2","PRÓPRIA","CPU.05",{"$f":"(VLOOKUP(C28,CPU!B14:C330,2,0))","v":"Corte de tronco e remoção de raiz"},{"$f":"(VLOOKUP(C28,CPU!B3:D$432,3,0))","v":"un"},30,{"$f":"TRUNC((1-$H$9)*(SUMIFS(CPU!$G:$G,CPU!$A:$A,'RIO DA CAIXA'!$C28,CPU!$H:$H,\"ss\")+SUMIFS(CPU!$G:$G,CPU!$A:$A,'RIO DA CAIXA'!$C28,CPU!$H:$H,\"mdo\")+SUMIF('Comp SINAPI BA 07-2025 Onerado'!B:B,'RIO DA CAIXA'!C28,'Comp SINAPI BA 07-2025 Onerado'!E:E)+SUMIF('Ins SINAPI BA 07-2025 Onerado'!B:B,'RIO DA CAIXA'!C28,'Ins SINAPI BA 07-2025 Onerado'!F:F)),2)","v":333.2},{"$f":"TRUNC(G28*(1+$H$5),2)","v":410.53},{"$f":"TRUNC(F28*H28,2)","v":12315.9}]
[]
[4,null,null,"RECUPERAÇÃO DA ESTRUTURA DE PEDRA ARGAMASSADA",{"$nulls":4},{"$f":"SUM(I31,I36,I39)","v":159521.22}]
["4.1",null,null,"Recuperação da Crista",{"$nulls":4},{"$f":"SUM(I32:I35)","v":26174.03}]
["4.1.1","PRÓPRIA","CPU.21",{"$f":"(VLOOKUP(C32,CPU!B15:C331,2,0))","v":"Apicoamento da superfície"},{"$f":"(VLOOKUP(C32,CPU!B1:D$432,3,0))","v":"m2"},177,{"$f":"TRUNC((1-$H$9)*(SUMIFS(CPU!$G:$G,CPU!$A:$A,'RIO DA CAIXA'!$C32,CPU!$H:$H,\"ss\")+SUMIFS(CPU!$G:$G,CPU!$A:$A,'RIO DA CAIXA'!$C32,CPU!$H:$H,\"mdo\")+SUMIF('Comp SINAPI BA 07-2025 Onerado'!B:B,'RIO DA CAIXA'!C32,'Comp SINAPI BA 07-2025 Onerado'!E:E)+SUMIF('Ins SINAPI BA 07-2025 Onerado'!B:B,'RIO DA CAIXA'!C32,'Ins SINAPI BA 07-2025 Onerado'!F:F)),2)","v":21.24},{"$f":"TRUNC(G32*(1+$H$5),2)","v":26.16},{"$f":"TRUNC(F32*H32,2)","v":4630.32}]
["4.1.2","PRÓPRIA","CPU.22",{"$f":"(VLOOKUP(C33,CPU!B16:C332,2,0))","v":"Limpeza da superfície"},{"$f":"(VLOOKUP(C33,CPU!B2:D$432,3,0))","v":"m2"},177,{"$f":"TRUNC((1-$H$9)*(SUMIFS(CPU!$G:$G,CPU!$A:$A,'RIO DA CAIXA'!$C33,CPU!$H:$H,\"ss\")+SUMIFS(CPU!$G:$G,CPU!$A:$A,'RIO DA CAIXA'!$C33,CPU!$H:$H,\"mdo\")+SUMIF('Comp SINAPI BA 07-2025 Onerado'!B:B,'RIO DA CAIXA'!C33,'Comp SINAPI BA 07-2025 Onerado'!E:E)+SUMIF('Ins SINAPI BA 07-2025 Onerado'!B:B,'RIO DA CAIXA'!C33,'Ins SINAPI BA 07-2025 Onerado'!F:F)),2)","v":3.85},{"$f":"TRUNC(G33*(1+$H$5),2)","v":4.74},{"$f":"TRUNC(F33*H33,2)","v":838.98}]
["4.1.3","PRÓPRIA","CPU.15",{"$f":"(VLOOKUP(C34,CPU!B17:C333,2,0))","v":"Selagem de fissuras com resina epóxi"},{"$f":"(VLOOKUP(C34,CPU!B3:D$432,3,0))","v":"m"},50,{"$f":"TRUNC((1-$H$9)*(SUMIFS(CPU!$G:$G,CPU!$A:$A,'RIO DA CAIXA'!$C34,CPU!$H:$H,\"ss\")+SUMIFS(CPU!$G:$G,CPU!$A:$A,'RIO DA CAIXA'!$C34,CPU!$H:$H,\"mdo\")+SUMIF('Comp SINAPI BA 07-2025 Onerado'!B:B,'RIO DA CAIXA'!C34,'Comp SINAPI BA 07-2025 Onerado'!E:E)+SUMIF('Ins SINAPI BA 07-2025 Onerado'!B:B,'RIO DA CAIXA'!C34,'Ins SINAPI BA 07-2025 Onerado'!F:F)),2)","v":25.82},{"$f":"TRUNC(G34*(1+$H$5),2)","v":31.81},{"$f":"TRUNC(F34*H34,2)","v":1590.5}]
["4.1.4","PRÓPRIA","CPU.23",{"$f":"(VLOOKUP(C35,CPU!B18:C334,2,0))","v":"Revestimento com argamassa"},{"$f":"(VLOOKUP(C35,CPU!B4:D$432,3,0))","v":"m2"},177,{"$f":"TRUNC((1-$H$9)*(SUMIFS(CPU!$G:$G,CPU!$A:$A,'RIO DA CAIXA'!$C35,CPU!$H:$H,\"ss\")+SUMIFS(CPU!$G:$G,CPU!$A:$A,'RIO DA CAIXA'!$C35,CPU!$H:$H,\"mdo\")+SUMIF('Comp SINAPI BA 07-2025 Onerado'!B:B,'RIO DA CAIXA'!C35,'Comp SINAPI BA 07-2025 Onerado'!E:E)+SUMIF('Ins SINAPI BA 07-2025 Onerado'!B:B,'RIO DA CAIXA'!C35,'Ins SINAPI BA 07-2025 Onerado'!F:F)),2)","v":87.65},{"$f":"TRUNC(G35*(1+$H$5),2)","v":107.99},{"$f":"TRUNC(F35*H35,2)","v":19114.23}]
["4.2",null,null,"Recuperação do Paramento de Montante",{"$nulls":4},{"$f":"SUM(I37:I38)","v":34111.5}]
["4.2.1","PRÓPRIA","CPU.22",{"$f":"(VLOOKUP(C37,CPU!B10:C326,2,0))","v":"Limpeza da superfície"},{"$f":"(VLOOKUP(C37,CPU!B10:D326,3,0))","v":"m2"},531,{"$f":"TRUNC((1-$H$9)*(SUMIFS(CPU!$G:$G,CPU!$A:$A,'RIO DA CAIXA'!$C37,CPU!$H:$H,\"ss\")+SUMIFS(CPU!$G:$G,CPU!$A:$A,'RIO DA CAIXA'!$C37,CPU!$H:$H,\"mdo\")+SUMIF('Comp SINAPI BA 07-2025 Onerado'!B:B,'RIO DA CAIXA'!C37,'Comp SINAPI BA 07-2025 Onerado'!E:E)+SUMIF('Ins SINAPI BA 07-2025 Onerado'!B:B,'RIO DA CAIXA'!C37,'Ins SINAPI BA 07-2025 Onerado'!F:F)),2)","v":3.85},{"$f":"TRUNC(G37*(1+$H$5),2)","v":4.74},{"$f":"TRUNC(F37*H37,2)","v":2516.94}]
["4.2.2","PRÓPRIA","CPU.24",{"$f":"(VLOOKUP(C38,CPU!B14:C330,2,0))","v":"Concreto projetado c/ aditivo impermeabilizante "},{"$f":"(VLOOKUP(C38,CPU!B14:D330,3,0))","v":"m3"},16,{"$f":"TRUNC((1-$H$9)*(SUMIFS(CPU!$G:$G,CPU!$A:$A,'RIO DA CAIXA'!$C38,CPU!$H:$H,\"ss\")+SUMIFS(CPU!$G:$G,CPU!$A:$A,'RIO DA CAIXA'!$C38,CPU!$H:$H,\"mdo\")+SUMIF('Comp SINAPI BA 07-2025 Onerado'!B:B,'RIO DA CAIXA'!C38,'Comp SINAPI BA 07-2025 Onerado'!E:E)+SUMIF('Ins SINAPI BA 07-2025 Onerado'!B:B,'RIO DA CAIXA'!C38,'Ins SINAPI BA 07-2025 Onerado'!F:F)),2)","v":1602.68},{"$f":"TRUNC(G38*(1+$H$5),2)","v":1974.66},{"$f":"TRUNC(F38*H38,2)","v":31594.560000000001}]
["4.3",null,null,"Recuperação do Paramento de Jusante",{"$nulls":4},{"$f":"SUM(I40:I42)","v":99235.69}]
["4.3.1","PRÓPRIA","CPU.21",{"$f":"(VLOOKUP(C40,CPU!B23:C339,2,0))","v":"Apicoamento da superfície"},{"$f":"(VLOOKUP(C40,CPU!B23:D431,3,0))","v":"m2"},246.9,{"$f":"TRUNC((1-$H$9)*(SUMIFS(CPU!$G:$G,CPU!$A:$A,'RIO DA CAIXA'!$C40,CPU!$H:$H,\"ss\")+SUMIFS(CPU!$G:$G,CPU!$A:$A,'RIO DA CAIXA'!$C40,CPU!$H:$H,\"mdo\")+SUMIF('Comp SINAPI BA 07-2025 Onerado'!B:B,'RIO DA CAIXA'!C40,'Comp SINAPI BA 07-2025 Onerado'!E:E)+SUMIF('Ins SINAPI BA 07-2025 Onerado'!B:B,'RIO DA CAIXA'!C40,'Ins SINAPI BA 07-2025 Onerado'!F:F)),2)","v":21.24},{"$f":"TRUNC(G40*(1+$H$5),2)","v":26.16},{"$f":"TRUNC(F40*H40,2)","v":6458.9}]
["4.3.2","PRÓPRIA","CPU.22",{"$f":"(VLOOKUP(C41,CPU!B23:C339,2,0))","v":"Limpeza da superfície"},{"$f":"(VLOOKUP(C41,CPU!B23:D431,3,0))","v":"m2"},823,{"$f":"TRUNC((1-$H$9)*(SUMIFS(CPU!$G:$G,CPU!$A:$A,'RIO DA CAIXA'!$C41,CPU!$H:$H,\"ss\")+SUMIFS(CPU!$G:$G,CPU!$A:$A,'RIO DA CAIXA'!$C41,CPU!$H:$H,\"mdo\")+SUMIF('Comp SINAPI BA 07-2025 Onerado'!B:B,'RIO DA CAIXA'!C41,'Comp SINAPI BA 07-2025 Onerado'!E:E)+SUMIF('Ins SINAPI BA 07-2025 Onerado'!B:B,'RIO DA CAIXA'!C41,'Ins SINAPI BA 07-2025 Onerado'!F:F)),2)","v":3.85},{"$f":"TRUNC(G41*(1+$H$5),2)","v":4.74},{"$f":"TRUNC(F41*H41,2)","v":3901.02}]
["4.3.3","PRÓPRIA","CPU.23",{"$f":"(VLOOKUP(C42,CPU!B24:C340,2,0))","v":"Revestimento com argamassa"},{"$f":"(VLOOKUP(C42,CPU!B24:D432,3,0))","v":"m2"},823,{"$f":"TRUNC((1-$H$9)*(SUMIFS(CPU!$G:$G,CPU!$A:$A,'RIO DA CAIXA'!$C42,CPU!$H:$H,\"ss\")+SUMIFS(CPU!$G:$G,CPU!$A:$A,'RIO DA CAIXA'!$C42,CPU!$H:$H,\"mdo\")+SUMIF('Comp SINAPI BA 07-2025 Onerado'!B:B,'RIO DA CAIXA'!C42,'Comp SINAPI BA 07-2025 Onerado'!E:E)+SUMIF('Ins SINAPI BA 07-2025 Onerado'!B:B,'RIO DA CAIXA'!C42,'Ins SINAPI BA 07-2025 Onerado'!F:F)),2)","v":87.65},{"$f":"TRUNC(G42*(1+$H$5),2)","v":107.99},{"$f":"TRUNC(F42*H42,2)","v":88875.77}]
[]
[5,null,null,"PROTEÇÃO DE DESCALÇAMENTO DO PÉ DO VERTEDOURO",{"$nulls":4},{"$f":"SUM(I45,I47)","v":5831.49}]
["5.1",null,null,"Bombeamento do acúmulo d'água na ombreira",{"$nulls":4},{"$f":"SUM(I46:I46)","v":510.05}]
["5.1.1","PRÓPRIA","CPU.26",{"$f":"(VLOOKUP(C46,CPU!B24:C342,2,0))","v":"Bombeamento do acúmulo d'água"},{"$f":"(VLOOKUP(C46,CPU!B24:D430,3,0))","v":"dia"},1,{"$f":"TRUNC((1-$H$9)*(SUMIFS(CPU!$G:$G,CPU!$A:$A,'RIO DA CAIXA'!$C46,CPU!$H:$H,\"ss\")+SUMIFS(CPU!$G:$G,CPU!$A:$A,'RIO DA CAIXA'!$C46,CPU!$H:$H,\"mdo\")+SUMIF('Comp SINAPI BA 07-2025 Onerado'!B:B,'RIO DA CAIXA'!C46,'Comp SINAPI BA 07-2025 Onerado'!E:E)+SUMIF('Ins SINAPI BA 07-2025 Onerado'!B:B,'RIO DA CAIXA'!C46,'Ins SINAPI BA 07-2025 Onerado'!F:F)),2)","v":413.97},{"$f":"TRUNC(G46*(1+$H$5),2)","v":510.05},{"$f":"TRUNC(F46*H46,2)","v":510.05}]
["5.2",null,null,"Recuperação com Pedra argamassada",{"$nulls":4},{"$f":"SUM(I48:I49)","v":5321.44}]
["5.2.1","PRÓPRIA","CPU.22",{"$f":"(VLOOKUP(C48,CPU!B26:C344,2,0))","v":"Limpeza da superfície"},{"$f":"(VLOOKUP(C48,CPU!B26:D432,3,0))","v":"m2"},6,{"$f":"TRUNC((1-$H$9)*(SUMIFS(CPU!$G:$G,CPU!$A:$A,'RIO DA CAIXA'!$C48,CPU!$H:$H,\"ss\")+SUMIFS(CPU!$G:$G,CPU!$A:$A,'RIO DA CAIXA'!$C48,CPU!$H:$H,\"mdo\")+SUMIF('Comp SINAPI BA 07-2025 Onerado'!B:B,'RIO DA CAIXA'!C48,'Comp SINAPI BA 07-2025 Onerado'!E:E)+SUMIF('Ins SINAPI BA 07-2025 Onerado'!B:B,'RIO DA CAIXA'!C48,'Ins SINAPI BA 07-2025 Onerado'!F:F)),2)","v":3.85},{"$f":"TRUNC(G48*(1+$H$5),2)","v":4.74},{"$f":"TRUNC(F48*H48,2)","v":28.44}]
["5.2.2","PRÓPRIA","CPU.25",{"$f":"(VLOOKUP(C49,CPU!B25:C343,2,0))","v":"Preenchimento com uso de Pedra Argamassada"},{"$f":"(VLOOKUP(C49,CPU!B25:D431,3,0))","v":"m3"},5,{"$f":"TRUNC((1-$H$9)*(SUMIFS(CPU!$G:$G,CPU!$A:$A,'RIO DA CAIXA'!$C49,CPU!$H:$H,\"ss\")+SUMIFS(CPU!$G:$G,CPU!$A:$A,'RIO DA CAIXA'!$C49,CPU!$H:$H,\"mdo\")+SUMIF('Comp SINAPI BA 07-2025 Onerado'!B:B,'RIO DA CAIXA'!C49,'Comp SINAPI BA 07-2025 Onerado'!E:E)+SUMIF('Ins SINAPI BA 07-2025 Onerado'!B:B,'RIO DA CAIXA'!C49,'Ins SINAPI BA 07-2025 Onerado'!F:F)),2)","v":859.19},{"$f":"TRUNC(G49*(1+$H$5),2)","v":1058.5999999999999},{"$f":"TRUNC(F49*H49,2)","v":5293}]
[]
[6,null,null,"SERVIÇOS COMPLEMENTARES",{"$nulls":4},{"$f":"SUM(I52)","v":5960.92}]
["6.1",null,null,"Instalação de placas de aviso",{"$nulls":4},{"$f":"SUM(I53:I54)","v":5960.92}]
["6.1.1","SINAPI",103689,{"$f":"IF(J53=\"ca\",VLOOKUP(C53,'Comp SINAPI BA 07-2025 Onerado'!$B$11:$C$9004,2,0),VLOOKUP(C53,'Ins SINAPI BA 07-2025 Onerado'!$B$10:$C$9004,2,0))","v":"FORNECIMENTO E INSTALAÇÃO DE PLACA DE OBRA COM CHAPA GALVANIZADA E ESTRUTURA DE MADEIRA. AF_03/2022_PS"},{"$f":"IF(J53=\"ca\",VLOOKUP(C53,'Comp SINAPI BA 07-2025 Onerado'!$B$11:$D$9004,3,0),VLOOKUP(C53,'Ins SINAPI BA 07-2025 Onerado'!$B$11:$D$9004,3,0))","v":"M2"},4,{"$f":"TRUNC((1-$H$9)*(SUMIFS(CPU!$G:$G,CPU!$A:$A,'RIO DA CAIXA'!$C53,CPU!$H:$H,\"ss\")+SUMIFS(CPU!$G:$G,CPU!$A:$A,'RIO DA CAIXA'!$C53,CPU!$H:$H,\"mdo\")+SUMIF('Comp SINAPI BA 07-2025 Onerado'!B:B,'RIO DA CAIXA'!C53,'Comp SINAPI BA 07-2025 Onerado'!E:E)+SUMIF('Ins SINAPI BA 07-2025 Onerado'!B:B,'RIO DA CAIXA'!C53,'Ins SINAPI BA 07-2025 Onerado'!F:F)),2)","v":446.52},{"$f":"TRUNC(G53*(1+$H$5),2)","v":550.15},{"$f":"TRUNC(F53*H53,2)","v":2200.6},"ca"]
["6.1.2","PRÓPRIA","CPU.19",{"$f":"(VLOOKUP(C54,CPU!B34:C352,2,0))","v":"Régua Linimétrica Padrão “ANA”, Aço Carbono - 2 X 70 X 1000 mm (Fornecimento e Instalação)"},{"$f":"(VLOOKUP(C54,CPU!B35:D449,3,0))","v":"un"},8,{"$f":"TRUNC((1-$H$9)*(SUMIFS(CPU!$G:$G,CPU!$A:$A,'RIO DA CAIXA'!$C54,CPU!$H:$H,\"ss\")+SUMIFS(CPU!$G:$G,CPU!$A:$A,'RIO DA CAIXA'!$C54,CPU!$H:$H,\"mdo\")+SUMIF('Comp SINAPI BA 07-2025 Onerado'!B:B,'RIO DA CAIXA'!C54,'Comp SINAPI BA 07-2025 Onerado'!E:E)+SUMIF('Ins SINAPI BA 07-2025 Onerado'!B:B,'RIO DA CAIXA'!C54,'Ins SINAPI BA 07-2025 Onerado'!F:F)),2)","v":381.5},{"$f":"TRUNC(G54*(1+$H$5),2)","v":470.04},{"$f":"TRUNC(F54*H54,2)","v":3760.32}]
[]
[7,null,null,"PROJETO \"AS IS\"",{"$nulls":4},{"$f":"SUM(I57)","v":13174.21}]
["7.1",null,null,"Levantamento topográfico e \"AS IS\"",{"$nulls":4},{"$f":"SUM(I58:I59)","v":13174.21}]
["7.1.1","ORSE",9346,"Levantamento topográfico planimétrico cadastral","m2",{"$f":"F27","v":5500},{"$f":"TRUNC((1-$H$9)*0.35,2)","v":0.35},{"$f":"TRUNC(G58*(1+$H$5),2)","v":0.43},{"$f":"TRUNC(F58*H58,2)","v":2365}]
["7.1.2","PRÓPRIA","CPU.12",{"$f":"(VLOOKUP(C59,CPU!B43:C360,2,0))","v":"Projeto geométrico"},{"$f":"(VLOOKUP(C59,CPU!B41:D455,3,0))","v":"un"},1,{"$f":"TRUNC((1-$H$9)*(SUMIFS(CPU!$G:$G,CPU!$A:$A,'RIO DA CAIXA'!$C59,CPU!$H:$H,\"ss\")+SUMIFS(CPU!$G:$G,CPU!$A:$A,'RIO DA CAIXA'!$C59,CPU!$H:$H,\"mdo\")+SUMIF('Comp SINAPI BA 07-2025 Onerado'!B:B,'RIO DA CAIXA'!C59,'Comp SINAPI BA 07-2025 Onerado'!E:E)+SUMIF('Ins SINAPI BA 07-2025 Onerado'!B:B,'RIO DA CAIXA'!C59,'Ins SINAPI BA 07-2025 Onerado'!F:F)),2)","v":8773},{"$f":"TRUNC(G59*(1+$H$5),2)","v":10809.21},{"$f":"TRUNC(F59*H59,2)","v":10809.21}]
[]
[8,null,null,"FISCALIZAÇÃO E ACOMPANHAMENTO",{"$nulls":4},{"$f":"SUM(I62)","v":1071.05}]
["8.1",null,null,"Disponibilidade de veículo para apoio a fiscalização",{"$nulls":4},{"$f":"SUM(I63)","v":1071.05}]
["8.1.1","PRÓPRIA","CPU.14",{"$f":"(VLOOKUP(C63,CPU!B47:C364,2,0))","v":"Disponibilidade de veículo para apoio a fiscalização, inclusive combustível"},{"$f":"(VLOOKUP(C63,CPU!B46:D459,3,0))","v":"un"},{"$f":"F15+2","v":5},{"$f":"TRUNC((1-$H$9)*(SUMIFS(CPU!$G:$G,CPU!$A:$A,'RIO DA CAIXA'!$C63,CPU!$H:$H,\"ss\")+SUMIFS(CPU!$G:$G,CPU!$A:$A,'RIO DA CAIXA'!$C63,CPU!$H:$H,\"mdo\")+SUMIF('Comp SINAPI BA 07-2025 Onerado'!B:B,'RIO DA CAIXA'!C63,'Comp SINAPI BA 07-2025 Onerado'!E:E)+SUMIF('Ins SINAPI BA 07-2025 Onerado'!B:B,'RIO DA CAIXA'!C63,'Ins SINAPI BA 07-2025 Onerado'!F:F)),2)","v":173.86},{"$f":"TRUNC(G63*(1+$H$5),2)","v":214.21},{"$f":"TRUNC(F63*H63,2)","v":1071.05}]
[]
[null,null,null,"TOTAL (Custo):",{"$nulls":4},{"$f":"TRUNC(SUMPRODUCT(F14:F63,G14:G63),2)","v":278300.34000000003}]
[null,null,null,"BDI e Encargos Sociais:",{"$nulls":4},{"$f":"I67-I65","v":64563.159999999916}]
[null,null,null,"TOTAL GERAL COM BDI:",{"$nulls":4},{"$f":"SUM(I13,I17,I25,I30,I44,I51,I56,I61)","v":342863.49999999994},null,null,{"$f":"TRUNC(SUMPRODUCT(F14:F63,H14:H63),2)","v":342863.5}]

{"sheet":"BAIXÃO DO CECÍLIO","index":3,"n_rows":84,"n_cols":12,"rows_kept":84,"cut":false,"hidden":false,"merged":[[7,4,7,6],[0,0,0,8],[1,0,1,8],[3,0,3,8],[4,1,4,5],[6,4,6,6],[10,7,11,7],[10,8,11,8],[10,9,11,9],[10,10,11,10],[10,0,11,0],[10,1,10,2],[10,3,11,3],[10,4,11,4],[10,5,11,5],[10,6,11,6]]}
["Ministério da Integração e do Desenvolvimento Regional"]
["Companhia de Desenvolvimento dos Vales do São Francisco e do Parnaíba"]
[]
["PLANILHA ORÇAMENTÁRIA - ORÇAMENTO NÃO DESONERADO"]
["OBRA:","Execução de manutenção e recuperação nas barragens de Macaúbas, Rio da Caixa e Baixão do Cecílio, localizadas no estado da Bahia.",{"$nulls":4},"BDI (serv.):",{"$f":"'BDI serv'!D23","v":0.2321},"Bancos de dados:"]
["LOCAL:","Buritirama - BA",{"$nulls":4},"BDI (forn.):",{"$f":"'BDI forn'!D23","v":0.1469},{"$f":"Resumo!G6","v":"JUL/25 - SINAPI"}]
["DATA BASE:",{"$f":"Resumo!B7","v":"2025-09-01"},null,null,"Encargos sociais - Horistas:",null,null,{"$f":"'Encargos Sociais'!E49","v":1.1556999999999999},{"$f":"Resumo!G7","v":"MAI/25 - ORSE"}]
["PRAZO:","90 dias",null,null,"Encargos sociais - Mensalista:",null,null,{"$f":"'Encargos Sociais'!F49","v":0.71290000000000009},{"$f":"Resumo!G8","v":"AGO/25 - SBC"}]
[null,"Baixão do Cecílio",{"$nulls":4},"Desconto:",0,{"$f":"Resumo!G9","v":"ABR/2025 - SICRO"}]
[{"$nulls":8},{"$f":"Resumo!G10","v":"JUN/25 - EMBASA"}]
["ITEM","REFERÊNCIA",null,"DESCRIÇÃO","UNID.","QUANT.","CUSTO UNITÁRIO","PREÇO UNITÁRIO ","PREÇO TOTAL"]
[null,"FONTE","CÓDIGO"]
[1,null,null,"ADMINISTRAÇÃO DA OBRA",{"$nulls":4},{"$f":"SUM(I14)","v":109766.52}]
["1.1",null,null,"Administração da Obra",{"$nulls":4},{"$f":"SUM(I15:I15)","v":109766.52}]
["1.1.1","PRÓPRIA","CPU.01",{"$f":"(VLOOKUP(C15,CPU!B1:C317,2,0))","v":"Administração Local"},{"$f":"(VLOOKUP(C15,CPU!B2:D$432,3,0))","v":"mês"},3,{"$f":"TRUNC((1-$H$9)*(SUMIFS(CPU!$G:$G,CPU!$A:$A,'BAIXÃO DO CECÍLIO'!$C15,CPU!$H:$H,\"ss\")+SUMIFS(CPU!$G:$G,CPU!$A:$A,'BAIXÃO DO CECÍLIO'!$C15,CPU!$H:$H,\"mdo\")+SUMIF('Comp SINAPI BA 07-2025 Onerado'!B:B,'BAIXÃO DO CECÍLIO'!C15,'Comp SINAPI BA 07-2025 Onerado'!E:E)+SUMIF('Ins SINAPI BA 07-2025 Onerado'!B:B,'BAIXÃO DO CECÍLIO'!C15,'Ins SINAPI BA 07-2025 Onerado'!F:F)),2)","v":29696.33},{"$f":"TRUNC(G15*(1+$H$5),2)","v":36588.839999999997},{"$f":"TRUNC(F15*H15,2)","v":109766.52}]
[]
[2,null,null,"SERVIÇOS PRELIMINARES",{"$nulls":4},{"$f":"SUM(I18,I20,I22)","v":26422.19}]
["2.1",null,null,"Mobilização e desmobilização",{"$nulls":4},{"$f":"SUM(I19)","v":912.78}]
["2.1.1","PRÓPRIA","CPU.02",{"$f":"(VLOOKUP(C19,CPU!B5:C321,2,0))","v":"Mobilização e desmobilização de instalação do canteiro"},{"$f":"(VLOOKUP(C19,CPU!B2:D$432,3,0))","v":"un"},1,{"$f":"TRUNC((1-$H$9)*(SUMIFS(CPU!$G:$G,CPU!$A:$A,'BAIXÃO DO CECÍLIO'!$C19,CPU!$H:$H,\"ss\")+SUMIFS(CPU!$G:$G,CPU!$A:$A,'BAIXÃO DO CECÍLIO'!$C19,CPU!$H:$H,\"mdo\")+SUMIF('Comp SINAPI BA 07-2025 Onerado'!B:B,'BAIXÃO DO CECÍLIO'!C19,'Comp SINAPI BA 07-2025 Onerado'!E:E)+SUMIF('Ins SINAPI BA 07-2025 Onerado'!B:B,'BAIXÃO DO CECÍLIO'!C19,'Ins SINAPI BA 07-2025 Onerado'!F:F)),2)","v":740.84},{"$f":"TRUNC(G19*(1+$H$5),2)","v":912.78},{"$f":"TRUNC(F19*H19,2)","v":912.78}]
["2.2",null,null,"Canteiro de obras",{"$nulls":4},{"$f":"SUM(I21)","v":24409.11}]
["2.2.1","PRÓPRIA","CPU.03",{"$f":"(VLOOKUP(C21,CPU!B7:C323,2,0))","v":"Execução de canteiro de obras, inclusive, limpeza, refeitório, sanitários e central de formas"},{"$f":"(VLOOKUP(C21,CPU!B2:D$432,3,0))","v":"m2"},28.5,{"$f":"TRUNC((1-$H$9)*(SUMIFS(CPU!$G:$G,CPU!$A:$A,'BAIXÃO DO CECÍLIO'!$C21,CPU!$H:$H,\"ss\")+SUMIFS(CPU!$G:$G,CPU!$A:$A,'BAIXÃO DO CECÍLIO'!$C21,CPU!$H:$H,\"mdo\")+SUMIF('Comp SINAPI BA 07-2025 Onerado'!B:B,'BAIXÃO DO CECÍLIO'!C21,'Comp SINAPI BA 07-2025 Onerado'!E:E)+SUMIF('Ins SINAPI BA 07-2025 Onerado'!B:B,'BAIXÃO DO CECÍLIO'!C21,'Ins SINAPI BA 07-2025 Onerado'!F:F)),2)","v":695.13},{"$f":"TRUNC(G21*(1+$H$5),2)","v":856.46},{"$f":"TRUNC(F21*H21,2)","v":24409.11}]
["2.3",null,null,"Sinalização",{"$nulls":4},{"$f":"SUM(I23:I23)","v":1100.3}]
["2.3.1","SINAPI",103689,{"$f":"IF(J23=\"ca\",VLOOKUP(C23,'Comp SINAPI BA 07-2025 Onerado'!$B$11:$C$9004,2,0),VLOOKUP(C23,'Ins SINAPI BA 07-2025 Onerado'!$B$10:$C$9004,2,0))","v":"FORNECIMENTO E INSTALAÇÃO DE PLACA DE OBRA COM CHAPA GALVANIZADA E ESTRUTURA DE MADEIRA. AF_03/2022_PS"},{"$f":"IF(J23=\"ca\",VLOOKUP(C23,'Comp SINAPI BA 07-2025 Onerado'!$B$11:$D$9004,3,0),VLOOKUP(C23,'Ins SINAPI BA 07-2025 Onerado'!$B$11:$D$9004,3,0))","v":"M2"},2,{"$f":"TRUNC((1-$H$9)*(SUMIFS(CPU!$G:$G,CPU!$A:$A,'BAIXÃO DO CECÍLIO'!$C23,CPU!$H:$H,\"ss\")+SUMIFS(CPU!$G:$G,CPU!$A:$A,'BAIXÃO DO CECÍLIO'!$C23,CPU!$H:$H,\"mdo\")+SUMIF('Comp SINAPI BA 07-2025 Onerado'!B:B,'BAIXÃO DO CECÍLIO'!C23,'Comp SINAPI BA 07-2025 Onerado'!E:E)+SUMIF('Ins SINAPI BA 07-2025 Onerado'!B:B,'BAIXÃO DO CECÍLIO'!C23,'Ins SINAPI BA 07-2025 Onerado'!F:F)),2)","v":446.52},{"$f":"TRUNC(G23*(1+$H$5),2)","v":550.15},{"$f":"TRUNC(F23*H23,2)","v":1100.3},"ca"]
[]
[3,null,null,"CORTE DA VEGETAÇÃO E REMOÇÃO DAS RAIZES",{"$nulls":4},{"$f":"SUM(I26)","v":34542.199999999997}]
["3.1",null,null,"Remoção da vegetação",{"$nulls":4},{"$f":"SUM(I27:I28)","v":34542.199999999997}]
["3.1.1","PRÓPRIA","CPU.04",{"$f":"(VLOOKUP(C27,CPU!B13:C329,2,0))","v":"Limpeza de vegetação"},{"$f":"(VLOOKUP(C27,CPU!B2:D$432,3,0))","v":"m2"},6194,{"$f":"TRUNC((1-$H$9)*(SUMIFS(CPU!$G:$G,CPU!$A:$A,'BAIXÃO DO CECÍLIO'!$C27,CPU!$H:$H,\"ss\")+SUMIFS(CPU!$G:$G,CPU!$A:$A,'BAIXÃO DO CECÍLIO'!$C27,CPU!$H:$H,\"mdo\")+SUMIF('Comp SINAPI BA 07-2025 Onerado'!B:B,'BAIXÃO DO CECÍLIO'!C27,'Comp SINAPI BA 07-2025 Onerado'!E:E)+SUMIF('Ins SINAPI BA 07-2025 Onerado'!B:B,'BAIXÃO DO CECÍLIO'!C27,'Ins SINAPI BA 07-2025 Onerado'!F:F)),2)","v":1.3},{"$f":"TRUNC(G27*(1+$H$5),2)","v":1.6},{"$f":"TRUNC(F27*H27,2)","v":9910.4}]
["3.1.2","PRÓPRIA","CPU.05",{"$f":"(VLOOKUP(C28,CPU!B14:C330,2,0))","v":"Corte de tronco e remoção de raiz"},{"$f":"(VLOOKUP(C28,CPU!B3:D$432,3,0))","v":"un"},60,{"$f":"TRUNC((1-$H$9)*(SUMIFS(CPU!$G:$G,CPU!$A:$A,'BAIXÃO DO CECÍLIO'!$C28,CPU!$H:$H,\"ss\")+SUMIFS(CPU!$G:$G,CPU!$A:$A,'BAIXÃO DO CECÍLIO'!$C28,CPU!$H:$H,\"mdo\")+SUMIF('Comp SINAPI BA 07-2025 Onerado'!B:B,'BAIXÃO DO CECÍLIO'!C28,'Comp SINAPI BA 07-2025 Onerado'!E:E)+SUMIF('Ins SINAPI BA 07-2025 Onerado'!B:B,'BAIXÃO DO CECÍLIO'!C28,'Ins SINAPI BA 07-2025 Onerado'!F:F)),2)","v":333.2},{"$f":"TRUNC(G28*(1+$H$5),2)","v":410.53},{"$f":"TRUNC(F28*H28,2)","v":24631.8}]
[]
[4,null,null,"RECUPERAÇÃO DO MACIÇO",{"$nulls":4},{"$f":"SUM(I31,I33,I35)","v":6263.7699999999995}]
["4.1",null,null,"Recomposição das Erosões (erosões e buracos nas ombreiras e taludes)",{"$nulls":4},{"$f":"SUM(I32:I32)","v":4331.2}]
["4.1.1","PRÓPRIA","CPU.09",{"$f":"(VLOOKUP(C32,CPU!B15:C331,2,0))","v":"Recomposição das erosões, inclusive, regularização da superfície e reaterro"},{"$f":"(VLOOKUP(C32,CPU!B1:D$432,3,0))","v":"m3"},16,{"$f":"TRUNC((1-$H$9)*(SUMIFS(CPU!$G:$G,CPU!$A:$A,'BAIXÃO DO CECÍLIO'!$C32,CPU!$H:$H,\"ss\")+SUMIFS(CPU!$G:$G,CPU!$A:$A,'BAIXÃO DO CECÍLIO'!$C32,CPU!$H:$H,\"mdo\")+SUMIF('Comp SINAPI BA 07-2025 Onerado'!B:B,'BAIXÃO DO CECÍLIO'!C32,'Comp SINAPI BA 07-2025 Onerado'!E:E)+SUMIF('Ins SINAPI BA 07-2025 Onerado'!B:B,'BAIXÃO DO CECÍLIO'!C32,'Ins SINAPI BA 07-2025 Onerado'!F:F)),2)","v":219.71},{"$f":"TRUNC(G32*(1+$H$5),2)","v":270.7},{"$f":"TRUNC(F32*H32,2)","v":4331.2}]
["4.2",null,null,"Fechamento de tocas de animais ",{"$nulls":4},{"$f":"SUM(I34:I34)","v":244.41}]
["4.2.1","PRÓPRIA","CPU.17",{"$f":"(VLOOKUP(C34,CPU!B17:C333,2,0))","v":"Injeção de nata de cimento em buracos"},{"$f":"(VLOOKUP(C34,CPU!B3:D$432,3,0))","v":"m3"},0.2,{"$f":"TRUNC((1-$H$9)*(SUMIFS(CPU!$G:$G,CPU!$A:$A,'BAIXÃO DO CECÍLIO'!$C34,CPU!$H:$H,\"ss\")+SUMIFS(CPU!$G:$G,CPU!$A:$A,'BAIXÃO DO CECÍLIO'!$C34,CPU!$H:$H,\"mdo\")+SUMIF('Comp SINAPI BA 07-2025 Onerado'!B:B,'BAIXÃO DO CECÍLIO'!C34,'Comp SINAPI BA 07-2025 Onerado'!E:E)+SUMIF('Ins SINAPI BA 07-2025 Onerado'!B:B,'BAIXÃO DO CECÍLIO'!C34,'Ins SINAPI BA 07-2025 Onerado'!F:F)),2)","v":991.88},{"$f":"TRUNC(G34*(1+$H$5),2)","v":1222.0899999999999},{"$f":"TRUNC(F34*H34,2)","v":244.41}]
["4.3",null,null,"Recuparação da crista",{"$nulls":4},{"$f":"SUM(I36:I36)","v":1688.16}]
["4.3.1","PRÓPRIA","CPU.27",{"$f":"(VLOOKUP(C36,CPU!B19:C335,2,0))","v":"Recuperação com escavação e reaterro de aberturas na crista (Rachaduras, trincas e burcacos (Sinkholes))"},{"$f":"(VLOOKUP(C36,CPU!B5:D$432,3,0))","v":"m3"},4,{"$f":"TRUNC((1-$H$9)*(SUMIFS(CPU!$G:$G,CPU!$A:$A,'BAIXÃO DO CECÍLIO'!$C36,CPU!$H:$H,\"ss\")+SUMIFS(CPU!$G:$G,CPU!$A:$A,'BAIXÃO DO CECÍLIO'!$C36,CPU!$H:$H,\"mdo\")+SUMIF('Comp SINAPI BA 07-2025 Onerado'!B:B,'BAIXÃO DO CECÍLIO'!C36,'Comp SINAPI BA 07-2025 Onerado'!E:E)+SUMIF('Ins SINAPI BA 07-2025 Onerado'!B:B,'BAIXÃO DO CECÍLIO'!C36,'Ins SINAPI BA 07-2025 Onerado'!F:F)),2)","v":342.54},{"$f":"TRUNC(G36*(1+$H$5),2)","v":422.04},{"$f":"TRUNC(F36*H36,2)","v":1688.16}]
[]
[5,null,null,"REGULARIZAÇÃO E PAVIMENTAÇÃO DA CRISTA",{"$nulls":4},{"$f":"SUM(I39,I41,I45)","v":39212.86}]
["5.1",null,null,"Limpeza e Regularização da Crista",{"$nulls":4},{"$f":"SUM(I40)","v":1553.58}]
["5.1.1","PRÓPRIA","CPU.10",{"$f":"(VLOOKUP(C40,CPU!B22:C338,2,0))","v":"Regularização e compactação da crista"},{"$f":"(VLOOKUP(C40,CPU!B8:D$432,3,0))","v":"m2"},378,{"$f":"TRUNC((1-$H$9)*(SUMIFS(CPU!$G:$G,CPU!$A:$A,'BAIXÃO DO CECÍLIO'!$C40,CPU!$H:$H,\"ss\")+SUMIFS(CPU!$G:$G,CPU!$A:$A,'BAIXÃO DO CECÍLIO'!$C40,CPU!$H:$H,\"mdo\")+SUMIF('Comp SINAPI BA 07-2025 Onerado'!B:B,'BAIXÃO DO CECÍLIO'!C40,'Comp SINAPI BA 07-2025 Onerado'!E:E)+SUMIF('Ins SINAPI BA 07-2025 Onerado'!B:B,'BAIXÃO DO CECÍLIO'!C40,'Ins SINAPI BA 07-2025 Onerado'!F:F)),2)","v":3.34},{"$f":"TRUNC(G40*(1+$H$5),2)","v":4.1100000000000003},{"$f":"TRUNC(F40*H40,2)","v":1553.58}]
["5.2",null,null,"Instalação de meio-fio em ambos os lados da crista",{"$nulls":4},{"$f":"SUM(I42:I44)","v":19280.2}]
["5.2.1","PRÓPRIA","CPU.13",{"$f":"(VLOOKUP(C42,CPU!B23:C339,2,0))","v":"Fornecimento e Assentamento de Guia (meio-fio) Pré-fabricado, dimensões 100X15X13X30 Cm (Comprimento X Base Inferior X Base Superior X Altura)"},{"$f":"(VLOOKUP(C42,CPU!B9:D$432,3,0))","v":"m"},252,{"$f":"TRUNC((1-$H$9)*(SUMIFS(CPU!$G:$G,CPU!$A:$A,'BAIXÃO DO CECÍLIO'!$C42,CPU!$H:$H,\"ss\")+SUMIFS(CPU!$G:$G,CPU!$A:$A,'BAIXÃO DO CECÍLIO'!$C42,CPU!$H:$H,\"mdo\")+SUMIF('Comp SINAPI BA 07-2025 Onerado'!B:B,'BAIXÃO DO CECÍLIO'!C42,'Comp SINAPI BA 07-2025 Onerado'!E:E)+SUMIF('Ins SINAPI BA 07-2025 Onerado'!B:B,'BAIXÃO DO CECÍLIO'!C42,'Ins SINAPI BA 07-2025 Onerado'!F:F)),2)","v":54.32},{"$f":"TRUNC(G42*(1+$H$5),2)","v":66.92},{"$f":"TRUNC(F42*H42,2)","v":16863.84}]
["5.2.2","PRÓPRIA","CPU.07",{"$f":"(VLOOKUP(C43,CPU!B24:C340,2,0))","v":"Entrada para descida d’água tipo EDA 01 B"},{"$f":"(VLOOKUP(C43,CPU!B10:D$432,3,0))","v":"un"},4,{"$f":"TRUNC((1-$H$9)*(SUMIFS(CPU!$G:$G,CPU!$A:$A,'BAIXÃO DO CECÍLIO'!$C43,CPU!$H:$H,\"ss\")+SUMIFS(CPU!$G:$G,CPU!$A:$A,'BAIXÃO DO CECÍLIO'!$C43,CPU!$H:$H,\"mdo\")+SUMIF('Comp SINAPI BA 07-2025 Onerado'!B:B,'BAIXÃO DO CECÍLIO'!C43,'Comp SINAPI BA 07-2025 Onerado'!E:E)+SUMIF('Ins SINAPI BA 07-2025 Onerado'!B:B,'BAIXÃO DO CECÍLIO'!C43,'Ins SINAPI BA 07-2025 Onerado'!F:F)),2)","v":309.29000000000002},{"$f":"TRUNC(G43*(1+$H$5),2)","v":381.07},{"$f":"TRUNC(F43*H43,2)","v":1524.28}]
["5.2.3","PRÓPRIA","CPU.20",{"$f":"(VLOOKUP(C44,CPU!B25:C341,2,0))","v":"Pintura do meio-fio"},{"$f":"(VLOOKUP(C44,CPU!B11:D$432,3,0))","v":"m"},{"$f":"F42","v":252},{"$f":"TRUNC((1-$H$9)*(SUMIFS(CPU!$G:$G,CPU!$A:$A,'BAIXÃO DO CECÍLIO'!$C44,CPU!$H:$H,\"ss\")+SUMIFS(CPU!$G:$G,CPU!$A:$A,'BAIXÃO DO CECÍLIO'!$C44,CPU!$H:$H,\"mdo\")+SUMIF('Comp SINAPI BA 07-2025 Onerado'!B:B,'BAIXÃO DO CECÍLIO'!C44,'Comp SINAPI BA 07-2025 Onerado'!E:E)+SUMIF('Ins SINAPI BA 07-2025 Onerado'!B:B,'BAIXÃO DO CECÍLIO'!C44,'Ins SINAPI BA 07-2025 Onerado'!F:F)),2)","v":2.88},{"$f":"TRUNC(G44*(1+$H$5),2)","v":3.54},{"$f":"TRUNC(F44*H44,2)","v":892.08}]
["5.3",null,null,"Pavimentação da Crista",{"$nulls":4},{"$f":"SUM(I46:I46)","v":18379.080000000002}]
["5.3.1","PRÓPRIA","CPU.11",{"$f":"(VLOOKUP(C46,CPU!B27:C343,2,0))","v":"Execução de Revestimento com BGTC"},{"$f":"(VLOOKUP(C46,CPU!B13:D$432,3,0))","v":"m3"},38,{"$f":"TRUNC((1-$H$9)*(SUMIFS(CPU!$G:$G,CPU!$A:$A,'BAIXÃO DO CECÍLIO'!$C46,CPU!$H:$H,\"ss\")+SUMIFS(CPU!$G:$G,CPU!$A:$A,'BAIXÃO DO CECÍLIO'!$C46,CPU!$H:$H,\"mdo\")+SUMIF('Comp SINAPI BA 07-2025 Onerado'!B:B,'BAIXÃO DO CECÍLIO'!C46,'Comp SINAPI BA 07-2025 Onerado'!E:E)+SUMIF('Ins SINAPI BA 07-2025 Onerado'!B:B,'BAIXÃO DO CECÍLIO'!C46,'Ins SINAPI BA 07-2025 Onerado'!F:F)),2)","v":392.55},{"$f":"TRUNC(G46*(1+$H$5),2)","v":483.66},{"$f":"TRUNC(F46*H46,2)","v":18379.080000000002}]
[]
[6,null,null,"MANUTENÇÃO DO TALUDE DE MONTANTE",null,"    ",null,null,{"$f":"SUM(I49)","v":25213.74}]
["6.1",null,null,"Talude de Montante",{"$nulls":4},{"$f":"SUM(I50:I50)","v":25213.74}]
["6.1.1","PRÓPRIA","CPU.06",{"$f":"(VLOOKUP(C50,CPU!B10:C326,2,0))","v":"Enrocamento c/ pedra de mão c/ fornecimento e assentamento"},{"$f":"(VLOOKUP(C50,CPU!B10:D326,3,0))","v":"m3"},83,{"$f":"TRUNC((1-$H$9)*(SUMIFS(CPU!$G:$G,CPU!$A:$A,'BAIXÃO DO CECÍLIO'!$C50,CPU!$H:$H,\"ss\")+SUMIFS(CPU!$G:$G,CPU!$A:$A,'BAIXÃO DO CECÍLIO'!$C50,CPU!$H:$H,\"mdo\")+SUMIF('Comp SINAPI BA 07-2025 Onerado'!B:B,'BAIXÃO DO CECÍLIO'!C50,'Comp SINAPI BA 07-2025 Onerado'!E:E)+SUMIF('Ins SINAPI BA 07-2025 Onerado'!B:B,'BAIXÃO DO CECÍLIO'!C50,'Ins SINAPI BA 07-2025 Onerado'!F:F)),2)","v":246.56},{"$f":"TRUNC(G50*(1+$H$5),2)","v":303.77999999999997},{"$f":"TRUNC(F50*H50,2)","v":25213.74}]
[]
[7,null,null,"DRENAGEM SUPERFICIAL DO TALUDE DE JUSANTE",{"$nulls":4},{"$f":"SUM(I53)","v":5554.08}]
["7.1",null,null,"Implantação da Drenagem Superficial no talude de jusante ",{"$nulls":4},{"$f":"SUM(I54:I54)","v":5554.08}]
["7.1.1","PRÓPRIA","CPU.28",{"$f":"(VLOOKUP(C54,CPU!B17:C333,2,0))","v":"Canaleta meia cana de concreto (D=30cm) - Fornecimento e instalação"},{"$f":"(VLOOKUP(C54,CPU!B17:D425,3,0))","v":"m"},42,{"$f":"TRUNC((1-$H$9)*(SUMIFS(CPU!$G:$G,CPU!$A:$A,'BAIXÃO DO CECÍLIO'!$C54,CPU!$H:$H,\"ss\")+SUMIFS(CPU!$G:$G,CPU!$A:$A,'BAIXÃO DO CECÍLIO'!$C54,CPU!$H:$H,\"mdo\")+SUMIF('Comp SINAPI BA 07-2025 Onerado'!B:B,'BAIXÃO DO CECÍLIO'!C54,'Comp SINAPI BA 07-2025 Onerado'!E:E)+SUMIF('Ins SINAPI BA 07-2025 Onerado'!B:B,'BAIXÃO DO CECÍLIO'!C54,'Ins SINAPI BA 07-2025 Onerado'!F:F)),2)","v":107.33},{"$f":"TRUNC(G54*(1+$H$5),2)","v":132.24},{"$f":"TRUNC(F54*H54,2)","v":5554.08}]
[]
[8,null,null,"PROTEÇÃO SUPERFICIAL DO TALUDE DE JUSANTE",{"$nulls":4},{"$f":"SUM(I57,I59)","v":14138.66}]
["8.1",null,null,"Proteção vegetal",{"$nulls":4},{"$f":"SUM(I58)","v":12008.76}]
["8.1.1","PRÓPRIA","CPU.08",{"$f":"(VLOOKUP(C58,CPU!B23:C339,2,0))","v":"Plantio de vegetação tipo gramínea para proteção de talude com hidrossemeadura, inclusive adubação e transporte"},{"$f":"(VLOOKUP(C58,CPU!B23:D431,3,0))","v":"m2"},1374,{"$f":"TRUNC((1-$H$9)*(SUMIFS(CPU!$G:$G,CPU!$A:$A,'BAIXÃO DO CECÍLIO'!$C58,CPU!$H:$H,\"ss\")+SUMIFS(CPU!$G:$G,CPU!$A:$A,'BAIXÃO DO CECÍLIO'!$C58,CPU!$H:$H,\"mdo\")+SUMIF('Comp SINAPI BA 07-2025 Onerado'!B:B,'BAIXÃO DO CECÍLIO'!C58,'Comp SINAPI BA 07-2025 Onerado'!E:E)+SUMIF('Ins SINAPI BA 07-2025 Onerado'!B:B,'BAIXÃO DO CECÍLIO'!C58,'Ins SINAPI BA 07-2025 Onerado'!F:F)),2)","v":7.1},{"$f":"TRUNC(G58*(1+$H$5),2)","v":8.74},{"$f":"TRUNC(F58*H58,2)","v":12008.76}]
["8.2",null,null,"Irrigação da área de hidrossemeadura",{"$nulls":4},{"$f":"SUM(I60)","v":2129.9}]
["8.2.1","PRÓPRIA","CPU.16",{"$f":"(VLOOKUP(C60,CPU!B23:C339,2,0))","v":"Irrigação - inclusive transporte"},{"$f":"(VLOOKUP(C60,CPU!B23:D431,3,0))","v":"m3"},10,{"$f":"TRUNC((1-$H$9)*(SUMIFS(CPU!$G:$G,CPU!$A:$A,'BAIXÃO DO CECÍLIO'!$C60,CPU!$H:$H,\"ss\")+SUMIFS(CPU!$G:$G,CPU!$A:$A,'BAIXÃO DO CECÍLIO'!$C60,CPU!$H:$H,\"mdo\")+SUMIF('Comp SINAPI BA 07-2025 Onerado'!B:B,'BAIXÃO DO CECÍLIO'!C60,'Comp SINAPI BA 07-2025 Onerado'!E:E)+SUMIF('Ins SINAPI BA 07-2025 Onerado'!B:B,'BAIXÃO DO CECÍLIO'!C60,'Ins SINAPI BA 07-2025 Onerado'!F:F)),2)","v":172.87},{"$f":"TRUNC(G60*(1+$H$5),2)","v":212.99},{"$f":"TRUNC(F60*H60,2)","v":2129.9}]
[]
[9,null,null,"RECUPERAÇÃO DO VERTEDOURO",{"$nulls":4},{"$f":"SUM(I63)","v":1791.08}]
["9.1",null,null,"Recuperação do vertedouro",{"$nulls":4},{"$f":"SUM(I64:I66)","v":1791.08}]
["9.1.1","PRÓPRIA","CPU.21",{"$f":"(VLOOKUP(C64,CPU!B24:C342,2,0))","v":"Apicoamento da superfície"},{"$f":"(VLOOKUP(C64,CPU!B24:D430,3,0))","v":"m2"},18,{"$f":"TRUNC((1-$H$9)*(SUMIFS(CPU!$G:$G,CPU!$A:$A,'BAIXÃO DO CECÍLIO'!$C64,CPU!$H:$H,\"ss\")+SUMIFS(CPU!$G:$G,CPU!$A:$A,'BAIXÃO DO CECÍLIO'!$C64,CPU!$H:$H,\"mdo\")+SUMIF('Comp SINAPI BA 07-2025 Onerado'!B:B,'BAIXÃO DO CECÍLIO'!C64,'Comp SINAPI BA 07-2025 Onerado'!E:E)+SUMIF('Ins SINAPI BA 07-2025 Onerado'!B:B,'BAIXÃO DO CECÍLIO'!C64,'Ins SINAPI BA 07-2025 Onerado'!F:F)),2)","v":21.24},{"$f":"TRUNC(G64*(1+$H$5),2)","v":26.16},{"$f":"TRUNC(F64*H64,2)","v":470.88}]
["9.1.2","PRÓPRIA","CPU.22",{"$f":"(VLOOKUP(C65,CPU!B26:C344,2,0))","v":"Limpeza da superfície"},{"$f":"(VLOOKUP(C65,CPU!B26:D432,3,0))","v":"m2"},60,{"$f":"TRUNC((1-$H$9)*(SUMIFS(CPU!$G:$G,CPU!$A:$A,'BAIXÃO DO CECÍLIO'!$C65,CPU!$H:$H,\"ss\")+SUMIFS(CPU!$G:$G,CPU!$A:$A,'BAIXÃO DO CECÍLIO'!$C65,CPU!$H:$H,\"mdo\")+SUMIF('Comp SINAPI BA 07-2025 Onerado'!B:B,'BAIXÃO DO CECÍLIO'!C65,'Comp SINAPI BA 07-2025 Onerado'!E:E)+SUMIF('Ins SINAPI BA 07-2025 Onerado'!B:B,'BAIXÃO DO CECÍLIO'!C65,'Ins SINAPI BA 07-2025 Onerado'!F:F)),2)","v":3.85},{"$f":"TRUNC(G65*(1+$H$5),2)","v":4.74},{"$f":"TRUNC(F65*H65,2)","v":284.39999999999998}]
["9.1.3","PRÓPRIA","CPU.18",{"$f":"(VLOOKUP(C66,CPU!B25:C343,2,0))","v":"Recuperação com uso de argamassa"},{"$f":"(VLOOKUP(C66,CPU!B25:D431,3,0))","v":"m3"},0.5,{"$f":"TRUNC((1-$H$9)*(SUMIFS(CPU!$G:$G,CPU!$A:$A,'BAIXÃO DO CECÍLIO'!$C66,CPU!$H:$H,\"ss\")+SUMIFS(CPU!$G:$G,CPU!$A:$A,'BAIXÃO DO CECÍLIO'!$C66,CPU!$H:$H,\"mdo\")+SUMIF('Comp SINAPI BA 07-2025 Onerado'!B:B,'BAIXÃO DO CECÍLIO'!C66,'Comp SINAPI BA 07-2025 Onerado'!E:E)+SUMIF('Ins SINAPI BA 07-2025 Onerado'!B:B,'BAIXÃO DO CECÍLIO'!C66,'Ins SINAPI BA 07-2025 Onerado'!F:F)),2)","v":1681.37},{"$f":"TRUNC(G66*(1+$H$5),2)","v":2071.61},{"$f":"TRUNC(F66*H66,2)","v":1035.8}]
[]
[10,null,null,"SERVIÇOS COMPLEMENTARES",{"$nulls":4},{"$f":"SUM(I69)","v":4550.7999999999993}]
["10.1",null,null,"Instalação de placas de aviso",{"$nulls":4},{"$f":"SUM(I70:I71)","v":4550.7999999999993}]
["10.1.1","SINAPI",103689,{"$f":"IF(J70=\"ca\",VLOOKUP(C70,'Comp SINAPI BA 07-2025 Onerado'!$B$11:$C$9004,2,0),VLOOKUP(C70,'Ins SINAPI BA 07-2025 Onerado'!$B$10:$C$9004,2,0))","v":"FORNECIMENTO E INSTALAÇÃO DE PLACA DE OBRA COM CHAPA GALVANIZADA E ESTRUTURA DE MADEIRA. AF_03/2022_PS"},{"$f":"IF(J70=\"ca\",VLOOKUP(C70,'Comp SINAPI BA 07-2025 Onerado'!$B$11:$D$9004,3,0),VLOOKUP(C70,'Ins SINAPI BA 07-2025 Onerado'!$B$11:$D$9004,3,0))","v":"M2"},4,{"$f":"TRUNC((1-$H$9)*(SUMIFS(CPU!$G:$G,CPU!$A:$A,'BAIXÃO DO CECÍLIO'!$C70,CPU!$H:$H,\"ss\")+SUMIFS(CPU!$G:$G,CPU!$A:$A,'BAIXÃO DO CECÍLIO'!$C70,CPU!$H:$H,\"mdo\")+SUMIF('Comp SINAPI BA 07-2025 Onerado'!B:B,'BAIXÃO DO CECÍLIO'!C70,'Comp SINAPI BA 07-2025 Onerado'!E:E)+SUMIF('Ins SINAPI BA 07-2025 Onerado'!B:B,'BAIXÃO DO CECÍLIO'!C70,'Ins SINAPI BA 07-2025 Onerado'!F:F)),2)","v":446.52},{"$f":"TRUNC(G70*(1+$H$5),2)","v":550.15},{"$f":"TRUNC(F70*H70,2)","v":2200.6},"ca"]
["10.1.2","PRÓPRIA","CPU.19",{"$f":"(VLOOKUP(C71,CPU!B34:C352,2,0))","v":"Régua Linimétrica Padrão “ANA”, Aço Carbono - 2 X 70 X 1000 mm (Fornecimento e Instalação)"},{"$f":"(VLOOKUP(C71,CPU!B35:D449,3,0))","v":"un"},5,{"$f":"TRUNC((1-$H$9)*(SUMIFS(CPU!$G:$G,CPU!$A:$A,'BAIXÃO DO CECÍLIO'!$C71,CPU!$H:$H,\"ss\")+SUMIFS(CPU!$G:$G,CPU!$A:$A,'BAIXÃO DO CECÍLIO'!$C71,CPU!$H:$H,\"mdo\")+SUMIF('Comp SINAPI BA 07-2025 Onerado'!B:B,'BAIXÃO DO CECÍLIO'!C71,'Comp SINAPI BA 07-2025 Onerado'!E:E)+SUMIF('Ins SINAPI BA 07-2025 Onerado'!B:B,'BAIXÃO DO CECÍLIO'!C71,'Ins SINAPI BA 07-2025 Onerado'!F:F)),2)","v":381.5},{"$f":"TRUNC(G71*(1+$H$5),2)","v":470.04},{"$f":"TRUNC(F71*H71,2)","v":2350.1999999999998}]
[]
[11,null,null,"PROJETO \"AS IS\"",{"$nulls":4},{"$f":"SUM(I74)","v":13472.63}]
["11.1",null,null,"Levantamento topográfico e \"AS IS\"",{"$nulls":4},{"$f":"SUM(I75:I76)","v":13472.63}]
["11.1.1","ORSE",9346,"Levantamento topográfico planimétrico cadastral","m2",{"$f":"F27","v":6194},{"$f":"TRUNC((1-$H$9)*0.35,2)","v":0.35},{"$f":"TRUNC(G75*(1+$H$5),2)","v":0.43},{"$f":"TRUNC(F75*H75,2)","v":2663.42}]
["11.1.2","PRÓPRIA","CPU.12",{"$f":"(VLOOKUP(C76,CPU!B43:C360,2,0))","v":"Projeto geométrico"},{"$f":"(VLOOKUP(C76,CPU!B41:D455,3,0))","v":"un"},1,{"$f":"TRUNC((1-$H$9)*(SUMIFS(CPU!$G:$G,CPU!$A:$A,'BAIXÃO DO CECÍLIO'!$C76,CPU!$H:$H,\"ss\")+SUMIFS(CPU!$G:$G,CPU!$A:$A,'BAIXÃO DO CECÍLIO'!$C76,CPU!$H:$H,\"mdo\")+SUMIF('Comp SINAPI BA 07-2025 Onerado'!B:B,'BAIXÃO DO CECÍLIO'!C76,'Comp SINAPI BA 07-2025 Onerado'!E:E)+SUMIF('Ins SINAPI BA 07-2025 Onerado'!B:B,'BAIXÃO DO CECÍLIO'!C76,'Ins SINAPI BA 07-2025 Onerado'!F:F)),2)","v":8773},{"$f":"TRUNC(G76*(1+$H$5),2)","v":10809.21},{"$f":"TRUNC(F76*H76,2)","v":10809.21}]
[]
[12,null,null,"FISCALIZAÇÃO E ACOMPANHAMENTO",{"$nulls":4},{"$f":"SUM(I79)","v":1071.05}]
["12.1",null,null,"Disponibilidade de veículo para apoio a fiscalização",{"$nulls":4},{"$f":"SUM(I80)","v":1071.05}]
["12.1.1","PRÓPRIA","CPU.14",{"$f":"(VLOOKUP(C80,CPU!B47:C364,2,0))","v":"Disponibilidade de veículo para apoio a fiscalização, inclusive combustível"},{"$f":"(VLOOKUP(C80,CPU!B46:D459,3,0))","v":"un"},{"$f":"F15+2","v":5},{"$f":"TRUNC((1-$H$9)*(SUMIFS(CPU!$G:$G,CPU!$A:$A,'BAIXÃO DO CECÍLIO'!$C80,CPU!$H:$H,\"ss\")+SUMIFS(CPU!$G:$G,CPU!$A:$A,'BAIXÃO DO CECÍLIO'!$C80,CPU!$H:$H,\"mdo\")+SUMIF('Comp SINAPI BA 07-2025 Onerado'!B:B,'BAIXÃO DO CECÍLIO'!C80,'Comp SINAPI BA 07-2025 Onerado'!E:E)+SUMIF('Ins SINAPI BA 07-2025 Onerado'!B:B,'BAIXÃO DO CECÍLIO'!C80,'Ins SINAPI BA 07-2025 Onerado'!F:F)),2)","v":173.86},{"$f":"TRUNC(G80*(1+$H$5),2)","v":214.21},{"$f":"TRUNC(F80*H80,2)","v":1071.05}]
[]
[null,null,null,"TOTAL (Custo):",{"$nulls":4},{"$f":"TRUNC(SUMPRODUCT(F14:F80,G14:G80),2)","v":228907.37}]
[null,null,null,"BDI e Encargos Sociais:",{"$nulls":4},{"$f":"I84-I82","v":53092.209999999963}]
[null,null,null,"TOTAL GERAL COM BDI:",{"$nulls":4},{"$f":"SUM(I13,I17,I25,I30,I38,I48,I52,I56,I62,I68,I73,I78)","v":281999.57999999996},null,null,{"$f":"TRUNC(SUMPRODUCT(F14:F80,H14:H80),2)","v":281999.59000000003}]

{"sheet":"CPU","index":4,"n_rows":311,"n_cols":13,"rows_kept":311,"cut":false,"hidden":false,"merged":[[2,0,2,5],[3,0,3,6],[1,0,1,6],[0,0,0,6]]}
["Ministério da Integração e do Desenvolvimento Regional"]
["Companhia de Desenvolvimento dos Vales do São Francisco e do Parnaíba"]
[]
[" COMPOSIÇÕES DE PREÇOS UNITÁRIOS - ORÇAMENTO NÃO DESONERADO"]
[{"$f":"MACAÚBAS!A5","v":"OBRA:"},{"$f":"Resumo!B5","v":"Execução de manutenção e recuperação nas barragens de Macaúbas, Rio da Caixa e Baixão do Cecílio, localizadas no estado da Bahia."}]
[{"$f":"MACAÚBAS!A6","v":"LOCAL:"},{"$f":"Resumo!B6","v":"Barragens da Bahia"}]
[{"$f":"MACAÚBAS!A7","v":"DATA BASE:"},{"$f":"Resumo!B7","v":"2025-09-01"}]
[{"$f":"MACAÚBAS!A8","v":"PRAZO:"},{"$f":"Resumo!B8","v":"90 dias"}]
["REFERÊNCIA","CÓDIGO","DESCRIÇÃO","UNIDADE","ÍNDICE","CUSTO\nUNITÁRIO","CUSTO\n TOTAL"]
[null,"CPU.01","Administração Local","mês",1,null,{"$f":"SUM(G14,G13,G12,G11)","v":29696.33},"S","COMENTÁRIOS"]
[{"$f":"B10","v":"CPU.01"},null,"MATERIAL",null,null,null,0,"ss"]
[{"$f":"B10","v":"CPU.01"},null,"EQUIPAMENTOS ",null,null,null,0,"ss"]
[{"$f":"B10","v":"CPU.01"},null,"SERVIÇOS",null,null,null,0,"ss"]
[{"$f":"B10","v":"CPU.01"},null,"MÃO DE OBRA",null,null,null,{"$f":"SUM(G15:G17)","v":29696.33},"mdo"]
["SINAPI",90778,{"$f":"PROPER(IF(H15=\"i\",VLOOKUP(B15,'Ins SINAPI BA 07-2025 Onerado'!$B$11:$F$50003,2,0),VLOOKUP(B15,'Comp SINAPI BA 07-2025 Onerado'!$B$11:$C$50004,2,0)))","v":"Engenheiro Civil De Obra Pleno Com Encargos Complementares"},{"$f":"IF(H15=\"i\",VLOOKUP(B15,'Ins SINAPI BA 07-2025 Onerado'!$B$11:$F$50003,2,0),VLOOKUP(B15,'Comp SINAPI BA 07-2025 Onerado'!$B$11:$G$50004,3,0))","v":"H"},{"$f":"1.5*5*4","v":30},{"$f":"IF(H15=\"i\",VLOOKUP(B15,'Ins SINAPI BA 07-2025 Onerado'!$B$11:$F$50003,5,0),VLOOKUP(B15,'Comp SINAPI BA 07-2025 Onerado'!$B$11:$E$50004,4,0))","v":135.07},{"$f":"TRUNC(E15*F15,2)","v":4052.1},"ca"]
["SINAPI",93572,{"$f":"PROPER(IF(H16=\"i\",VLOOKUP(B16,'Ins SINAPI BA 07-2025 Onerado'!$B$11:$F$50003,2,0),VLOOKUP(B16,'Comp SINAPI BA 07-2025 Onerado'!$B$11:$C$50004,2,0)))","v":"Encarregado Geral De Obras Com Encargos Complementares"},{"$f":"IF(H16=\"i\",VLOOKUP(B16,'Ins SINAPI BA 07-2025 Onerado'!$B$11:$F$50003,2,0),VLOOKUP(B16,'Comp SINAPI BA 07-2025 Onerado'!$B$11:$G$50004,3,0))","v":"MES"},0.8,{"$f":"IF(H16=\"i\",VLOOKUP(B16,'Ins SINAPI BA 07-2025 Onerado'!$B$11:$F$50003,5,0),VLOOKUP(B16,'Comp SINAPI BA 07-2025 Onerado'!$B$11:$E$50004,4,0))","v":7155.34},{"$f":"TRUNC(E16*F16,2)","v":5724.27},"ca"]
["EMBASA","74.13.43","VIGIA - AN ","MES",4,4979.99,19919.96,"ca","considerando 4 vigias intercalando em dupla na jornada de 12/36"]
[]
[null,"CPU.02","Mobilização e desmobilização de instalação do canteiro","un",1,null,{"$f":"SUM(G25,G24,G21,G20)","v":740.84},"S","mobilização e desmobilização da SR a barragem",null,null,null,"2 dias"]
[{"$f":"B19","v":"CPU.02"},null,"MATERIAL",null,null,null,0,"ss"]
[{"$f":"B19","v":"CPU.02"},null,"EQUIPAMENTOS ",null,null,null,{"$f":"SUM(G22:G23)","v":740.84},"ss"]
["PRÓPRIA","CODE","Veículo para serviço tipo pick-up, cabine dupla - 2.0 16V 4x4 diesel Aut.","dia",2,{"$f":"'CPU-VEICULO_Serviços'!$C$11","v":216.87485263887328},{"$f":"TRUNC(E22*F22,2)","v":433.74},"ca"]
["SINAPI",100946,{"$f":"PROPER(IF(H23=\"i\",VLOOKUP(B23,'Ins SINAPI BA 07-2025 Onerado'!$B$11:$F$50003,2,0),VLOOKUP(B23,'Comp SINAPI BA 07-2025 Onerado'!$B$11:$C$50004,2,0)))","v":"Transporte Com Caminhão Carroceria 9T, Em Via Urbana Em Revestimento Primário (Unidade: Txkm). Af_07/2020"},{"$f":"IF(H23=\"i\",VLOOKUP(B23,'Ins SINAPI BA 07-2025 Onerado'!$B$11:$F$50003,2,0),VLOOKUP(B23,'Comp SINAPI BA 07-2025 Onerado'!$B$11:$G$50004,3,0))","v":"TXKM"},{"$f":"'Memorial de cálculo'!H18","v":123.33333333333334},{"$f":"IF(H23=\"i\",VLOOKUP(B23,'Ins SINAPI BA 07-2025 Onerado'!$B$11:$F$50003,5,0),VLOOKUP(B23,'Comp SINAPI BA 07-2025 Onerado'!$B$11:$E$50004,4,0))","v":2.4900000000000002},{"$f":"TRUNC(E23*F23,2)","v":307.10000000000002},"ca","considerando 5 toneladas de carga"]
[{"$f":"B19","v":"CPU.02"},null,"SERVIÇOS",null,null,null,0,"ss"]
[{"$f":"B19","v":"CPU.02"},null,"MÃO DE OBRA",null,null,null,0,"mdo"]
[]
[null,"CPU.03","Execução de canteiro de obras, inclusive, limpeza, refeitório, sanitários e central de formas","m2",1,null,{"$f":"SUM(G36,G30,G29,G28)","v":695.13},"S"]
[{"$f":"B27","v":"CPU.03"},null,"MATERIAL",null,null,null,0,"ss"]
[{"$f":"B27","v":"CPU.03"},null,"EQUIPAMENTOS ",null,null,null,0,"ss"]
[{"$f":"B27","v":"CPU.03"},null,"SERVIÇOS",null,null,null,{"$f":"SUM(G31:G35)","v":695.13},"ss"]
["SINAPI",98524,{"$f":"PROPER(IF(H31=\"i\",VLOOKUP(B31,'Ins SINAPI BA 07-2025 Onerado'!$B$11:$F$50003,2,0),VLOOKUP(B31,'Comp SINAPI BA 07-2025 Onerado'!$B$11:$C$50004,2,0)))","v":"Limpeza Manual De Vegetação Em Terreno Com Enxada. Af_03/2024"},{"$f":"IF(H31=\"i\",VLOOKUP(B31,'Ins SINAPI BA 07-2025 Onerado'!$B$11:$F$50003,2,0),VLOOKUP(B31,'Comp SINAPI BA 07-2025 Onerado'!$B$11:$G$50004,3,0))","v":"M2"},1,{"$f":"IF(H31=\"i\",VLOOKUP(B31,'Ins SINAPI BA 07-2025 Onerado'!$B$11:$F$50003,5,0),VLOOKUP(B31,'Comp SINAPI BA 07-2025 Onerado'!$B$11:$E$50004,4,0))","v":5.19},{"$f":"TRUNC(E31*F31,2)","v":5.19},"ca"]
["PRÓPRIA","93210-ADAPTADO",{"$f":"'COMPOSICÕES MODIFICADAS'!D149","v":"EXECUÇÃO DE REFEITÓRIO EM CANTEIRO DE OBRA EM CHAPA DE MADEIRA COMPENSADA, NÃO INCLUSO MOBILIÁRIO E EQUIPAMENTOS. AF_02/2016"},"m2",{"$f":"'Memorial de cálculo'!H23/'Memorial de cálculo'!H22","v":0.26315789473684209},{"$f":"'COMPOSICÕES MODIFICADAS'!D154","v":593.43557260280011},156.16,"ca"]
["PRÓPRIA","93212-ADAPTADO","EXECUÇÃO DE SANITÁRIO E VESTIÁRIO EM CANTEIRO DE OBRA EM CHAPA DE MADEIRA COMPENSADA, NÃO INCLUSO MOBILIÁRIO. AF_02/2016","m2",{"$f":"'Memorial de cálculo'!H24/'Memorial de cálculo'!H22","v":0.31578947368421051},{"$f":"'COMPOSICÕES MODIFICADAS'!D9","v":980.07000000000039},309.49,"ca"]
["PRÓPRIA","93583-ADAPTADO",{"$f":"'COMPOSICÕES MODIFICADAS'!D109","v":"EXECUÇÃO DE CENTRAL DE FÔRMAS, PRODUÇÃO DE ARGAMASSA OU CONCRETO EM CANTEIRO DE OBRA, NÃO INCLUSO MOBILIÁRIO E EQUIPAMENTOS. AF_04/2016"},"m2",{"$f":"'Memorial de cálculo'!H25/'Memorial de cálculo'!H22","v":0.42105263157894735},{"$f":"'COMPOSICÕES MODIFICADAS'!D114","v":502.31316400000009},211.5,"ca"]
["PRÓPRIA","CODE","Hospedagem","un",{"$f":"'Memorial de cálculo'!D27*'Memorial de cálculo'!H27","v":0.13943749999999999},{"$f":"'CPU HOSPEDAGEM'!$C$19","v":91.764507575757577},12.79,"ca"]
[{"$f":"B27","v":"CPU.03"},null,"MÃO DE OBRA",null,null,null,0,"mdo"]
[]
[null,"CPU.04","Limpeza de vegetação","m2",1,null,{"$f":"SUM(G47,G41,G40,G39)","v":1.3},"S"]
[{"$f":"B38","v":"CPU.04"},null,"MATERIAL",null,null,null,0,"ss"]
[{"$f":"B38","v":"CPU.04"},null,"EQUIPAMENTOS ",null,null,null,0,"ss"]
[{"$f":"B38","v":"CPU.04"},null,"SERVIÇOS",null,null,null,{"$f":"SUM(G42:G46)","v":1.3},"ss"]
["SINAPI",98524,{"$f":"PROPER(IF(H42=\"i\",VLOOKUP(B42,'Ins SINAPI BA 07-2025 Onerado'!$B$11:$F$50003,2,0),VLOOKUP(B42,'Comp SINAPI BA 07-2025 Onerado'!$B$11:$C$50004,2,0)))","v":"Limpeza Manual De Vegetação Em Terreno Com Enxada. Af_03/2024"},{"$f":"IF(H42=\"i\",VLOOKUP(B42,'Ins SINAPI BA 07-2025 Onerado'!$B$11:$F$50003,2,0),VLOOKUP(B42,'Comp SINAPI BA 07-2025 Onerado'!$B$11:$G$50004,3,0))","v":"M2"},{"$f":"1*0.1","v":0.1},{"$f":"IF(H42=\"i\",VLOOKUP(B42,'Ins SINAPI BA 07-2025 Onerado'!$B$11:$F$50003,5,0),VLOOKUP(B42,'Comp SINAPI BA 07-2025 Onerado'!$B$11:$E$50004,4,0))","v":5.19},{"$f":"TRUNC(E42*F42,2)","v":0.51},"ca","10% de roçada com enxada"]
["SICRO",4915776,"Roçada com roçadeira costal","ha",{"$f":"0.0001*0.9","v":9.0000000000000006E-5},803.7,{"$f":"TRUNC(E43*F43,2)","v":7.0000000000000007E-2},"ca","90% de roçada com roçadeira "]
["PRÓPRIA","CODE","Hospedagem","un",{"$f":"'Memorial de cálculo'!D31*'Memorial de cálculo'!H31+'Memorial de cálculo'!D32*'Memorial de cálculo'!H32","v":2.8333333333333335E-3},{"$f":"'CPU HOSPEDAGEM'!C19","v":91.764507575757577},0.25,"ca"]
["PRÓPRIA","CODE","Veículo para serviço tipo pick-up, cabine dupla - 2.0 16V 4x4 diesel Aut.","dia",{"$f":"LARGE('Memorial de cálculo'!H31:H32,1)","v":1.25E-3},{"$f":"'CPU-VEICULO_Serviços'!$C$11","v":216.87485263887328},0.27,"ca"]
["SINAPI",93589,{"$f":"PROPER(IF(H46=\"i\",VLOOKUP(B46,'Ins SINAPI BA 07-2025 Onerado'!$B$11:$F$50003,2,0),VLOOKUP(B46,'Comp SINAPI BA 07-2025 Onerado'!$B$11:$C$50004,2,0)))","v":"Transporte Com Caminhão Basculante De 10 M³, Em Via Urbana Em Revestimento Primário (Unidade: M3Xkm). Af_07/2020"},{"$f":"IF(H46=\"i\",VLOOKUP(B46,'Ins SINAPI BA 07-2025 Onerado'!$B$11:$F$50003,2,0),VLOOKUP(B46,'Comp SINAPI BA 07-2025 Onerado'!$B$11:$G$50004,3,0))","v":"M3XKM"},{"$f":"15*0.005","v":7.4999999999999997E-2},{"$f":"IF(H46=\"i\",VLOOKUP(B46,'Ins SINAPI BA 07-2025 Onerado'!$B$11:$F$50003,5,0),VLOOKUP(B46,'Comp SINAPI BA 07-2025 Onerado'!$B$11:$E$50004,4,0))","v":2.71},0.2,"ca","considerando 5 mm de altura da vegetação e 15 km para bota-fora"]
[{"$f":"B38","v":"CPU.04"},null,"MÃO DE OBRA",null,null,null,0,"mdo"]
[{"$nulls":5},"    "]
[null,"CPU.05","Corte de tronco e remoção de raiz","un",1,null,{"$f":"SUM(G60,G52,G51,G50)","v":333.20000000000005},"S"]
[{"$f":"B49","v":"CPU.05"},null,"MATERIAL",null,null,null,0,"ss"]
[{"$f":"B49","v":"CPU.05"},null,"EQUIPAMENTOS ",null,null,null,0,"ss"]
[{"$f":"B49","v":"CPU.05"},null,"SERVIÇOS",null,null,null,{"$f":"SUM(G53:G59)","v":333.20000000000005},"ss"]
["SINAPI",98529,{"$f":"PROPER(IF(H53=\"i\",VLOOKUP(B53,'Ins SINAPI BA 07-2025 Onerado'!$B$11:$F$50003,2,0),VLOOKUP(B53,'Comp SINAPI BA 07-2025 Onerado'!$B$11:$C$50004,2,0)))","v":"Corte Raso E Recorte De Árvore Com Diâmetro De Tronco Maior Ou Igual A 0,20 M E Menor Que 0,40 M. Af_03/2024"},{"$f":"IF(H53=\"i\",VLOOKUP(B53,'Ins SINAPI BA 07-2025 Onerado'!$B$11:$F$50003,2,0),VLOOKUP(B53,'Comp SINAPI BA 07-2025 Onerado'!$B$11:$G$50004,3,0))","v":"UN"},1,{"$f":"IF(H53=\"i\",VLOOKUP(B53,'Ins SINAPI BA 07-2025 Onerado'!$B$11:$F$50003,5,0),VLOOKUP(B53,'Comp SINAPI BA 07-2025 Onerado'!$B$11:$E$50004,4,0))","v":82.02},{"$f":"TRUNC(E53*F53,2)","v":82.02},"ca"]
["SINAPI",98526,{"$f":"PROPER(IF(H54=\"i\",VLOOKUP(B54,'Ins SINAPI BA 07-2025 Onerado'!$B$11:$F$50003,2,0),VLOOKUP(B54,'Comp SINAPI BA 07-2025 Onerado'!$B$11:$C$50004,2,0)))","v":"Remoção De Raízes Remanescentes De Tronco De Árvore Com Diâmetro Maior Ou Igual A 0,20 M E Menor Que 0,40 M. Af_03/2024"},{"$f":"IF(H54=\"i\",VLOOKUP(B54,'Ins SINAPI BA 07-2025 Onerado'!$B$11:$F$50003,2,0),VLOOKUP(B54,'Comp SINAPI BA 07-2025 Onerado'!$B$11:$G$50004,3,0))","v":"UN"},1,{"$f":"IF(H54=\"i\",VLOOKUP(B54,'Ins SINAPI BA 07-2025 Onerado'!$B$11:$F$50003,5,0),VLOOKUP(B54,'Comp SINAPI BA 07-2025 Onerado'!$B$11:$E$50004,4,0))","v":150.46},150.46,"ca"]
["SINAPI",6081,{"$f":"PROPER(IF(H55=\"i\",VLOOKUP(B55,'Ins SINAPI BA 07-2025 Onerado'!$B$11:$F$50003,2,0),VLOOKUP(B55,'Comp SINAPI BA 07-2025 Onerado'!$G$11:$G$50004,2,0)))","v":"Argila Ou Barro Para Aterro/Reaterro (Com Transporte Ate 10 Km)"},{"$f":"IF(H55=\"i\",VLOOKUP(B55,'Ins SINAPI BA 07-2025 Onerado'!$B$11:$F$50003,3,0),VLOOKUP(B55,'Comp SINAPI BA 07-2025 Onerado'!$G$11:$G$50004,3,0))","v":"M3"},{"$f":"0.5*0.5*1","v":0.25},54.26,13.56,"i","considerando 0,25 m3 por árvore"]
["SINAPI",93382,{"$f":"PROPER(IF(H56=\"i\",VLOOKUP(B56,'Ins SINAPI BA 07-2025 Onerado'!$B$11:$F$50003,2,0),VLOOKUP(B56,'Comp SINAPI BA 07-2025 Onerado'!$B$11:$C$50004,2,0)))","v":"Reaterro Manual De Valas, Com Compactador De Solos De Percussão. Af_08/2023"},{"$f":"IF(H56=\"i\",VLOOKUP(B56,'Ins SINAPI BA 07-2025 Onerado'!$B$11:$F$50003,2,0),VLOOKUP(B56,'Comp SINAPI BA 07-2025 Onerado'!$B$11:$G$50004,3,0))","v":"M3"},0.25,{"$f":"IF(H56=\"i\",VLOOKUP(B56,'Ins SINAPI BA 07-2025 Onerado'!$B$11:$F$50003,5,0),VLOOKUP(B56,'Comp SINAPI BA 07-2025 Onerado'!$B$11:$E$50004,4,0))","v":30.54},7.63,"ca"]
["PRÓPRIA","CODE","Hospedagem","un",{"$f":"'Memorial de cálculo'!D36*'Memorial de cálculo'!H36+'Memorial de cálculo'!D37*'Memorial de cálculo'!H37","v":0.41525000000000001},{"$f":"'CPU HOSPEDAGEM'!$C$19","v":91.764507575757577},38.1,"ca"]
["PRÓPRIA","CODE","Veículo para serviço tipo pick-up, cabine dupla - 2.0 16V 4x4 diesel Aut.","dia",{"$f":"LARGE('Memorial de cálculo'!H36:H37,1)","v":0.1441875},{"$f":"'CPU-VEICULO_Serviços'!$C$11","v":216.87485263887328},31.27,"ca"]
["SINAPI",93589,{"$f":"PROPER(IF(H59=\"i\",VLOOKUP(B59,'Ins SINAPI BA 07-2025 Onerado'!$B$11:$F$50003,2,0),VLOOKUP(B59,'Comp SINAPI BA 07-2025 Onerado'!$B$11:$C$50004,2,0)))","v":"Transporte Com Caminhão Basculante De 10 M³, Em Via Urbana Em Revestimento Primário (Unidade: M3Xkm). Af_07/2020"},{"$f":"IF(H59=\"i\",VLOOKUP(B59,'Ins SINAPI BA 07-2025 Onerado'!$B$11:$F$50003,2,0),VLOOKUP(B59,'Comp SINAPI BA 07-2025 Onerado'!$B$11:$G$50004,3,0))","v":"M3XKM"},{"$f":"15*0.25","v":3.75},{"$f":"IF(H59=\"i\",VLOOKUP(B59,'Ins SINAPI BA 07-2025 Onerado'!$B$11:$F$50003,5,0),VLOOKUP(B59,'Comp SINAPI BA 07-2025 Onerado'!$B$11:$E$50004,4,0))","v":2.71},10.16,"ca","considerando 0,25 m3 por árvore e 15 km para bota-fora"]
[{"$f":"B49","v":"CPU.05"},null,"MÃO DE OBRA",null,null,null,0,"mdo"]
[]
[]
[null,"CPU.06","Enrocamento c/ pedra de mão c/ fornecimento e assentamento","m3",1,null,{"$f":"SUM(G74,G67,G66,G64)","v":246.56},"S"]
[{"$f":"B63","v":"CPU.06"},null,"MATERIAL",null,null,null,{"$f":"SUM(G65)","v":109.11},"ss"]
["SINAPI",4730,{"$f":"PROPER(IF(H65=\"i\",VLOOKUP(B65,'Ins SINAPI BA 07-2025 Onerado'!$B$11:$F$50003,2,0),VLOOKUP(B65,'Comp SINAPI BA 07-2025 Onerado'!$G$11:$G$50004,2,0)))","v":"Pedra De Mao Ou Pedra Rachao Para Arrimo/Fundacao (Posto Pedreira/Fornecedor, Sem Frete)"},{"$f":"IF(H65=\"i\",VLOOKUP(B65,'Ins SINAPI BA 07-2025 Onerado'!$B$11:$F$50003,3,0),VLOOKUP(B65,'Comp SINAPI BA 07-2025 Onerado'!$G$11:$G$50004,3,0))","v":"M3"},1,{"$f":"IF(H65=\"i\",VLOOKUP(B65,'Ins SINAPI BA 07-2025 Onerado'!$B$11:$F$50003,5,0),VLOOKUP(B65,'Comp SINAPI BA 07-2025 Onerado'!$G$11:$G$50004,5,0))","v":109.11},{"$f":"TRUNC(E65*F65,2)","v":109.11},"i"]
[{"$f":"B63","v":"CPU.06"},null,"EQUIPAMENTOS ",null,null,null,0,"ss"]
[{"$f":"B63","v":"CPU.06"},null,"SERVIÇOS",null,null,null,{"$f":"SUM(G68:G73)","v":125.88},"ss"]
["SINAPI",93592,{"$f":"PROPER(IF(H68=\"i\",VLOOKUP(B68,'Ins SINAPI BA 07-2025 Onerado'!$B$11:$F$50003,2,0),VLOOKUP(B68,'Comp SINAPI BA 07-2025 Onerado'!$B$11:$C$50004,2,0)))","v":"Transporte Com Caminhão Basculante De 14 M³, Em Via Urbana Em Revestimento Primário (Unidade: M3Xkm). Af_07/2020"},{"$f":"IF(H68=\"i\",VLOOKUP(B68,'Ins SINAPI BA 07-2025 Onerado'!$B$11:$F$50003,2,0),VLOOKUP(B68,'Comp SINAPI BA 07-2025 Onerado'!$B$11:$G$50004,3,0))","v":"M3XKM"},{"$f":"'Memorial de cálculo'!H8","v":12.333333333333334},{"$f":"IF(H68=\"i\",VLOOKUP(B68,'Ins SINAPI BA 07-2025 Onerado'!$B$11:$F$50003,5,0),VLOOKUP(B68,'Comp SINAPI BA 07-2025 Onerado'!$B$11:$E$50004,4,0))","v":2.3199999999999998},{"$f":"TRUNC(E68*F68,2)","v":28.61},"ca"]
["SINAPI",95876,{"$f":"PROPER(IF(H69=\"i\",VLOOKUP(B69,'Ins SINAPI BA 07-2025 Onerado'!$B$11:$F$50003,2,0),VLOOKUP(B69,'Comp SINAPI BA 07-2025 Onerado'!$B$11:$C$50004,2,0)))","v":"Transporte Com Caminhão Basculante De 14 M³, Em Via Urbana Pavimentada, Dmt Até 30 Km (Unidade: M3Xkm). Af_07/2020"},{"$f":"IF(H69=\"i\",VLOOKUP(B69,'Ins SINAPI BA 07-2025 Onerado'!$B$11:$F$50003,2,0),VLOOKUP(B69,'Comp SINAPI BA 07-2025 Onerado'!$B$11:$G$50004,3,0))","v":"M3XKM"},30,{"$f":"IF(H69=\"i\",VLOOKUP(B69,'Ins SINAPI BA 07-2025 Onerado'!$B$11:$F$50003,5,0),VLOOKUP(B69,'Comp SINAPI BA 07-2025 Onerado'!$B$11:$E$50004,4,0))","v":2.1},63,"ca"]
["SINAPI",93593,{"$f":"PROPER(IF(H70=\"i\",VLOOKUP(B70,'Ins SINAPI BA 07-2025 Onerado'!$B$11:$F$50003,2,0),VLOOKUP(B70,'Comp SINAPI BA 07-2025 Onerado'!$B$11:$C$50004,2,0)))","v":"Transporte Com Caminhão Basculante De 14 M³, Em Via Urbana Pavimentada, Adicional Para Dmt Excedente A 30 Km (Unidade: M3Xkm). Af_07/2020"},{"$f":"IF(H70=\"i\",VLOOKUP(B70,'Ins SINAPI BA 07-2025 Onerado'!$B$11:$F$50003,2,0),VLOOKUP(B70,'Comp SINAPI BA 07-2025 Onerado'!$B$11:$G$50004,3,0))","v":"M3XKM"},{"$f":"'Memorial de cálculo'!H7-30","v":20.633333333333333},{"$f":"IF(H70=\"i\",VLOOKUP(B70,'Ins SINAPI BA 07-2025 Onerado'!$B$11:$F$50003,5,0),VLOOKUP(B70,'Comp SINAPI BA 07-2025 Onerado'!$B$11:$E$50004,4,0))","v":0.85},{"$f":"TRUNC(E70*F70,2)","v":17.53},"ca"]
["SINAPI",100979,{"$f":"PROPER(IF(H71=\"i\",VLOOKUP(B71,'Ins SINAPI BA 07-2025 Onerado'!$B$11:$F$50003,2,0),VLOOKUP(B71,'Comp SINAPI BA 07-2025 Onerado'!$B$11:$C$50004,2,0)))","v":"Carga, Manobra E Descarga De Solos E Materiais Granulares Em Caminhão Basculante 14 M³ - Carga Com Escavadeira Hidráulica (Caçamba De 1,20 M³ / 155 Hp) E Descarga Livre (Unidade: M3). Af_07/2020"},{"$f":"IF(H71=\"i\",VLOOKUP(B71,'Ins SINAPI BA 07-2025 Onerado'!$B$11:$F$50003,2,0),VLOOKUP(B71,'Comp SINAPI BA 07-2025 Onerado'!$B$11:$G$50004,3,0))","v":"M3"},1,{"$f":"IF(H71=\"i\",VLOOKUP(B71,'Ins SINAPI BA 07-2025 Onerado'!$B$11:$F$50003,5,0),VLOOKUP(B71,'Comp SINAPI BA 07-2025 Onerado'!$B$11:$E$50004,4,0))","v":6.74},6.74,"ca"]
["PRÓPRIA","CODE","Hospedagem","un",{"$f":"'Memorial de cálculo'!D41*'Memorial de cálculo'!H41+'Memorial de cálculo'!D42*'Memorial de cálculo'!H42","v":0.05},{"$f":"'CPU HOSPEDAGEM'!C19","v":91.764507575757577},4.58,"ca"]
["PRÓPRIA","CODE","Veículo para serviço tipo pick-up, cabine dupla - 2.0 16V 4x4 diesel Aut.","dia",{"$f":"LARGE('Memorial de cálculo'!H41:H42,1)","v":2.5000000000000001E-2},{"$f":"'CPU-VEICULO_Serviços'!$C$11","v":216.87485263887328},5.42,"ca"]
[{"$f":"B63","v":"CPU.06"},null,"MÃO DE OBRA",null,null,null,{"$f":"SUM(G75:G76)","v":11.57},"mdo"]
["SINAPI",88309,{"$f":"PROPER(IF(H75=\"i\",VLOOKUP(B75,'Ins SINAPI BA 07-2025 Onerado'!$B$11:$F$50003,2,0),VLOOKUP(B75,'Comp SINAPI BA 07-2025 Onerado'!$B$11:$C$50004,2,0)))","v":"Pedreiro Com Encargos Complementares"},{"$f":"IF(H75=\"i\",VLOOKUP(B75,'Ins SINAPI BA 07-2025 Onerado'!$B$11:$F$50003,2,0),VLOOKUP(B75,'Comp SINAPI BA 07-2025 Onerado'!$B$11:$G$50004,3,0))","v":"H"},0.2,{"$f":"IF(H75=\"i\",VLOOKUP(B75,'Ins SINAPI BA 07-2025 Onerado'!$B$11:$F$50003,5,0),VLOOKUP(B75,'Comp SINAPI BA 07-2025 Onerado'!$B$11:$E$50004,4,0))","v":33.520000000000003},6.7,"ca"]
["SINAPI",88316,{"$f":"PROPER(IF(H76=\"i\",VLOOKUP(B76,'Ins SINAPI BA 07-2025 Onerado'!$B$11:$F$50003,2,0),VLOOKUP(B76,'Comp SINAPI BA 07-2025 Onerado'!$B$11:$C$50004,2,0)))","v":"Servente Com Encargos Complementares"},{"$f":"IF(H76=\"i\",VLOOKUP(B76,'Ins SINAPI BA 07-2025 Onerado'!$B$11:$F$50003,2,0),VLOOKUP(B76,'Comp SINAPI BA 07-2025 Onerado'!$B$11:$G$50004,3,0))","v":"H"},0.2,{"$f":"IF(H76=\"i\",VLOOKUP(B76,'Ins SINAPI BA 07-2025 Onerado'!$B$11:$F$50003,5,0),VLOOKUP(B76,'Comp SINAPI BA 07-2025 Onerado'!$B$11:$E$50004,4,0))","v":24.37},4.87,"ca"]
[]
[null,"CPU.07","Entrada para descida d’água tipo EDA 01 B","un",1,null,{"$f":"SUM(G83,G81,G80,G79)","v":309.29000000000002},"S"]
["=B110",null,"MATERIAL",null,null,null,0,"ss"]
[{"$f":"B78","v":"CPU.07"},null,"EQUIPAMENTOS ",null,null,null,0,"ss"]
[{"$f":"B78","v":"CPU.07"},null,"SERVIÇOS",null,null,null,{"$f":"SUM(G82:G82)","v":309.29000000000002},"ss"]
["SICRO",2003115,"Entrada para descida d'água - EDA 01 B - areia e brita comerciais","un",1,309.29000000000002,{"$f":"TRUNC(E82*F82,2)","v":309.29000000000002},"ca"]
[{"$f":"B78","v":"CPU.07"},null,"MÃO DE OBRA",null,null,null,0,"mdo"]
[]
[null,"CPU.08","Plantio de vegetação tipo gramínea para proteção de talude com hidrossemeadura, inclusive adubação e transporte","m2",1,null,{"$f":"SUM(G92,G88,G87,G86)","v":7.1},"S"]
["=B120",null,"MATERIAL",null,null,null,0,"ss"]
[{"$f":"B85","v":"CPU.08"},null,"EQUIPAMENTOS ",null,null,null,0,"ss"]
[{"$f":"B85","v":"CPU.08"},null,"SERVIÇOS",null,null,null,{"$f":"SUM(G89:G91)","v":7.1},"ss"]
["SICRO",4413905,"Hidrossemeadura","M2",1,6.71,{"$f":"TRUNC(E89*F89,2)","v":6.71},"ca"]
["PRÓPRIA","CODE","Hospedagem","un",{"$f":"'Memorial de cálculo'!D55*'Memorial de cálculo'!H55","v":2.4096385542168677E-3},{"$f":"'CPU HOSPEDAGEM'!C19","v":91.764507575757577},0.22,"ca"]
["PRÓPRIA","CODE","Veículo para serviço tipo pick-up, cabine dupla - 2.0 16V 4x4 diesel Aut.","dia",{"$f":"LARGE('Memorial de cálculo'!H55:H55,1)","v":8.0321285140562252E-4},{"$f":"'CPU-VEICULO_Serviços'!$C$11","v":216.87485263887328},0.17,"ca"]
[{"$f":"B85","v":"CPU.08"},null,"MÃO DE OBRA",null,null,null,0,"mdo"]
[]
[null,"CPU.09","Recomposição das erosões, inclusive, regularização da superfície e reaterro","m3",1,null,{"$f":"SUM(G110,G98,G97,G95)","v":219.70999999999998},"S"]
[{"$f":"B94","v":"CPU.09"},null,"MATERIAL",null,null,null,{"$f":"SUM(G96)","v":54.26},"ss"]
["SINAPI",6081,{"$f":"PROPER(IF(H96=\"i\",VLOOKUP(B96,'Ins SINAPI BA 07-2025 Onerado'!$B$11:$F$50003,2,0),VLOOKUP(B96,'Comp SINAPI BA 07-2025 Onerado'!$G$11:$G$50004,2,0)))","v":"Argila Ou Barro Para Aterro/Reaterro (Com Transporte Ate 10 Km)"},{"$f":"IF(H96=\"i\",VLOOKUP(B96,'Ins SINAPI BA 07-2025 Onerado'!$B$11:$F$50003,3,0),VLOOKUP(B96,'Comp SINAPI BA 07-2025 Onerado'!$G$11:$G$50004,3,0))","v":"M3"},1,54.26,{"$f":"TRUNC(E96*F96,2)","v":54.26},"i"]
[{"$f":"B94","v":"CPU.09"},null,"EQUIPAMENTOS ",null,null,null,0,"ss"]
[{"$f":"B94","v":"CPU.09"},null,"SERVIÇOS",null,null,null,{"$f":"SUM(G99:G109)","v":165.45},"ss"]
["SINAPI",101230,{"$f":"PROPER(IF(H99=\"i\",VLOOKUP(B99,'Ins SINAPI BA 07-2025 Onerado'!$B$11:$F$50003,2,0),VLOOKUP(B99,'Comp SINAPI BA 07-2025 Onerado'!$B$11:$C$50004,2,0)))","v":"Escavação Vertical Para Infraestrutura, Com Carga, Descarga E Transporte De Solo De 1ª Categoria, Com Escavadeira Hidráulica (Caçamba: 0,8 M³ / 111 Hp), Frota De 3 Caminhões Basculantes De 14 M³, Dmt Até 1 Km E Velocidade Média14 Km/H. Af_05/2020"},{"$f":"IF(H99=\"i\",VLOOKUP(B99,'Ins SINAPI BA 07-2025 Onerado'!$B$11:$F$50003,2,0),VLOOKUP(B99,'Comp SINAPI BA 07-2025 Onerado'!$B$11:$G$50004,3,0))","v":"M3"},0.1,{"$f":"IF(H99=\"i\",VLOOKUP(B99,'Ins SINAPI BA 07-2025 Onerado'!$B$11:$F$50003,5,0),VLOOKUP(B99,'Comp SINAPI BA 07-2025 Onerado'!$B$11:$E$50004,4,0))","v":11.15},{"$f":"TRUNC(E99*F99,2)","v":1.1100000000000001},"ca","Preparação da superfície 10%"]
["SINAPI",100976,{"$f":"PROPER(IF(H100=\"i\",VLOOKUP(B100,'Ins SINAPI BA 07-2025 Onerado'!$B$11:$F$50003,2,0),VLOOKUP(B100,'Comp SINAPI BA 07-2025 Onerado'!$B$11:$C$50004,2,0)))","v":"Carga, Manobra E Descarga De Solos E Materiais Granulares Em Caminhão Basculante 18 M³ - Carga Com Pá Carregadeira (Caçamba De 1,7 A 2,8 M³ / 128 Hp) E Descarga Livre (Unidade: M3). Af_07/2020"},{"$f":"IF(H100=\"i\",VLOOKUP(B100,'Ins SINAPI BA 07-2025 Onerado'!$B$11:$F$50003,2,0),VLOOKUP(B100,'Comp SINAPI BA 07-2025 Onerado'!$B$11:$G$50004,3,0))","v":"M3"},1,{"$f":"IF(H100=\"i\",VLOOKUP(B100,'Ins SINAPI BA 07-2025 Onerado'!$B$11:$F$50003,5,0),VLOOKUP(B100,'Comp SINAPI BA 07-2025 Onerado'!$B$11:$E$50004,4,0))","v":8.57},8.57,"ca"]
["SINAPI",93589,{"$f":"PROPER(IF(H101=\"i\",VLOOKUP(B101,'Ins SINAPI BA 07-2025 Onerado'!$B$11:$F$50003,2,0),VLOOKUP(B101,'Comp SINAPI BA 07-2025 Onerado'!$B$11:$C$50004,2,0)))","v":"Transporte Com Caminhão Basculante De 10 M³, Em Via Urbana Em Revestimento Primário (Unidade: M3Xkm). Af_07/2020"},{"$f":"IF(H101=\"i\",VLOOKUP(B101,'Ins SINAPI BA 07-2025 Onerado'!$B$11:$F$50003,2,0),VLOOKUP(B101,'Comp SINAPI BA 07-2025 Onerado'!$B$11:$G$50004,3,0))","v":"M3XKM"},{"$f":"'Memorial de cálculo'!$H$8-10","v":2.3333333333333339},{"$f":"IF(H101=\"i\",VLOOKUP(B101,'Ins SINAPI BA 07-2025 Onerado'!$B$11:$F$50003,5,0),VLOOKUP(B101,'Comp SINAPI BA 07-2025 Onerado'!$B$11:$E$50004,4,0))","v":2.71},{"$f":"TRUNC(E101*F101,2)","v":6.32},"ca","Transporte da argila"]
["SINAPI",95875,{"$f":"PROPER(IF(H102=\"i\",VLOOKUP(B102,'Ins SINAPI BA 07-2025 Onerado'!$B$11:$F$50003,2,0),VLOOKUP(B102,'Comp SINAPI BA 07-2025 Onerado'!$B$11:$C$50004,2,0)))","v":"Transporte Com Caminhão Basculante De 10 M³, Em Via Urbana Pavimentada, Dmt Até 30 Km (Unidade: M3Xkm). Af_07/2020"},{"$f":"IF(H102=\"i\",VLOOKUP(B102,'Ins SINAPI BA 07-2025 Onerado'!$B$11:$F$50003,2,0),VLOOKUP(B102,'Comp SINAPI BA 07-2025 Onerado'!$B$11:$G$50004,3,0))","v":"M3XKM"},30,{"$f":"IF(H102=\"i\",VLOOKUP(B102,'Ins SINAPI BA 07-2025 Onerado'!$B$11:$F$50003,5,0),VLOOKUP(B102,'Comp SINAPI BA 07-2025 Onerado'!$B$11:$E$50004,4,0))","v":2.5099999999999998},75.3,"ca","Transporte da argila"]
["SINAPI",93590,{"$f":"PROPER(IF(H103=\"i\",VLOOKUP(B103,'Ins SINAPI BA 07-2025 Onerado'!$B$11:$F$50003,2,0),VLOOKUP(B103,'Comp SINAPI BA 07-2025 Onerado'!$B$11:$C$50004,2,0)))","v":"Transporte Com Caminhão Basculante De 10 M³, Em Via Urbana Pavimentada, Adicional Para Dmt Excedente A 30 Km (Unidade: M3Xkm). Af_07/2020"},{"$f":"IF(H103=\"i\",VLOOKUP(B103,'Ins SINAPI BA 07-2025 Onerado'!$B$11:$F$50003,2,0),VLOOKUP(B103,'Comp SINAPI BA 07-2025 Onerado'!$B$11:$G$50004,3,0))","v":"M3XKM"},{"$f":"'Memorial de cálculo'!$H$7-30","v":20.633333333333333},{"$f":"IF(H103=\"i\",VLOOKUP(B103,'Ins SINAPI BA 07-2025 Onerado'!$B$11:$F$50003,5,0),VLOOKUP(B103,'Comp SINAPI BA 07-2025 Onerado'!$B$11:$E$50004,4,0))","v":0.98},20.22,"ca","Transporte da argila"]
["SINAPI",100951,{"$f":"PROPER(IF(H104=\"i\",VLOOKUP(B104,'Ins SINAPI BA 07-2025 Onerado'!$B$11:$F$50003,2,0),VLOOKUP(B104,'Comp SINAPI BA 07-2025 Onerado'!$B$11:$C$50004,2,0)))","v":"Transporte Com Caminhão Carroceria Com Guindauto (Munck), Momento Máximo De Carga 11,7 Tm, Em Via Urbana Em Revestimento Primário (Unidade: Txkm). Af_07/2020"},{"$f":"IF(H104=\"i\",VLOOKUP(B104,'Ins SINAPI BA 07-2025 Onerado'!$B$11:$F$50003,2,0),VLOOKUP(B104,'Comp SINAPI BA 07-2025 Onerado'!$B$11:$G$50004,3,0))","v":"TXKM"},{"$f":"2*(1.5*'Memorial de cálculo'!$H$8)/AVERAGE('Memorial de cálculo'!I57:K57)","v":3.0833333333333335},{"$f":"IF(H104=\"i\",VLOOKUP(B104,'Ins SINAPI BA 07-2025 Onerado'!$B$11:$F$50003,5,0),VLOOKUP(B104,'Comp SINAPI BA 07-2025 Onerado'!$B$11:$E$50004,4,0))","v":3.17},9.77,"ca","Tonelada da máquina",null,1.5,null,"(Ida e volta)"]
["SINAPI",100952,{"$f":"PROPER(IF(H105=\"i\",VLOOKUP(B105,'Ins SINAPI BA 07-2025 Onerado'!$B$11:$F$50003,2,0),VLOOKUP(B105,'Comp SINAPI BA 07-2025 Onerado'!$B$11:$C$50004,2,0)))","v":"Transporte Com Caminhão Carroceria Com Guindauto (Munck), Momento Máximo De Carga 11,7 Tm, Em Via Urbana Pavimentada, Dmt Até 30Km (Unidade: Txkm). Af_07/2020"},{"$f":"IF(H105=\"i\",VLOOKUP(B105,'Ins SINAPI BA 07-2025 Onerado'!$B$11:$F$50003,2,0),VLOOKUP(B105,'Comp SINAPI BA 07-2025 Onerado'!$B$11:$G$50004,3,0))","v":"TXKM"},{"$f":"2*(1.5*30)/AVERAGE('Memorial de cálculo'!I57:K57)","v":7.5},{"$f":"IF(H105=\"i\",VLOOKUP(B105,'Ins SINAPI BA 07-2025 Onerado'!$B$11:$F$50003,5,0),VLOOKUP(B105,'Comp SINAPI BA 07-2025 Onerado'!$B$11:$E$50004,4,0))","v":2.92},{"$f":"TRUNC(E105*F105,2)","v":21.9},"ca","Tonelada da máquina",null,1.5,null,"(Ida e volta)"]
["SINAPI",100953,{"$f":"PROPER(IF(H106=\"i\",VLOOKUP(B106,'Ins SINAPI BA 07-2025 Onerado'!$B$11:$F$50003,2,0),VLOOKUP(B106,'Comp SINAPI BA 07-2025 Onerado'!$B$11:$C$50004,2,0)))","v":"Transporte Com Caminhão Carroceria Com Guindauto (Munck), Momento Máximo De Carga 11,7 Tm, Em Via Urbana Pavimentada, Adicional Para Dmt Excedente A 30 Km (Unidade: Txkm). Af_07/2020"},{"$f":"IF(H106=\"i\",VLOOKUP(B106,'Ins SINAPI BA 07-2025 Onerado'!$B$11:$F$50003,2,0),VLOOKUP(B106,'Comp SINAPI BA 07-2025 Onerado'!$B$11:$G$50004,3,0))","v":"TXKM"},{"$f":"2*(1.5*('Memorial de cálculo'!$H$7-30))/AVERAGE('Memorial de cálculo'!I57:K57)","v":5.1583333333333332},{"$f":"IF(H106=\"i\",VLOOKUP(B106,'Ins SINAPI BA 07-2025 Onerado'!$B$11:$F$50003,5,0),VLOOKUP(B106,'Comp SINAPI BA 07-2025 Onerado'!$B$11:$E$50004,4,0))","v":1.1599999999999999},5.98,"ca","Tonelada da máquina",null,1.5,null,"(Ida e volta)"]
["SINAPI",96385,{"$f":"PROPER(IF(H107=\"i\",VLOOKUP(B107,'Ins SINAPI BA 07-2025 Onerado'!$B$11:$F$50003,2,0),VLOOKUP(B107,'Comp SINAPI BA 07-2025 Onerado'!$B$11:$C$50004,2,0)))","v":"Execução E Compactação De Corpo De Aterro De Aterro (95% De Energia Do Proctor Normal) Com Solo Predominantemente Argiloso Espessura 15 Cm - Exclusive Material, Escavação, Carga E Transporte. Af_09/2024"},{"$f":"IF(H107=\"i\",VLOOKUP(B107,'Ins SINAPI BA 07-2025 Onerado'!$B$11:$F$50003,2,0),VLOOKUP(B107,'Comp SINAPI BA 07-2025 Onerado'!$B$11:$G$50004,3,0))","v":"M3"},1,{"$f":"IF(H107=\"i\",VLOOKUP(B107,'Ins SINAPI BA 07-2025 Onerado'!$B$11:$F$50003,5,0),VLOOKUP(B107,'Comp SINAPI BA 07-2025 Onerado'!$B$11:$E$50004,4,0))","v":13.59},13.59,"ca"]
["PRÓPRIA","CODE","Hospedagem","un",{"$f":"'Memorial de cálculo'!D59*'Memorial de cálculo'!H59+'Memorial de cálculo'!D60*'Memorial de cálculo'!H60+'Memorial de cálculo'!D61*'Memorial de cálculo'!H61","v":1.5358537500000002E-2},{"$f":"'CPU HOSPEDAGEM'!C19","v":91.764507575757577},1.4,"ca"]
["PRÓPRIA","CODE","Veículo para serviço tipo pick-up, cabine dupla - 2.0 16V 4x4 diesel Aut.","dia",{"$f":"LARGE('Memorial de cálculo'!H59:H61,1)","v":5.9586125E-3},{"$f":"'CPU-VEICULO_Serviços'!$C$11","v":216.87485263887328},1.29,"ca"]
[{"$f":"B94","v":"CPU.09"},null,"MÃO DE OBRA",null,null,null,0,"mdo"]
[]
[null,"CPU.10","Regularização e compactação da crista","m2",1,null,{"$f":"SUM(G119,G115,G114,G113)","v":3.34},"S"]
[{"$f":"B112","v":"CPU.10"},null,"MATERIAL",null,null,null,0,"ss"]
[{"$f":"B112","v":"CPU.10"},null,"EQUIPAMENTOS ",null,null,null,0,"ss"]
[{"$f":"B112","v":"CPU.10"},null,"SERVIÇOS",null,null,null,{"$f":"SUM(G116:G118)","v":3.34},"ss"]
["SINAPI",100576,{"$f":"PROPER(IF(H116=\"i\",VLOOKUP(B116,'Ins SINAPI BA 07-2025 Onerado'!$B$11:$F$50003,2,0),VLOOKUP(B116,'Comp SINAPI BA 07-2025 Onerado'!$B$11:$C$50004,2,0)))","v":"Regularização E Compactação De Subleito De Solo Predominantemente Argiloso, Para Obras De Construção De Pavimentos. Af_09/2024"},{"$f":"IF(H116=\"i\",VLOOKUP(B116,'Ins SINAPI BA 07-2025 Onerado'!$B$11:$F$50003,2,0),VLOOKUP(B116,'Comp SINAPI BA 07-2025 Onerado'!$B$11:$G$50004,3,0))","v":"M2"},1,{"$f":"IF(H116=\"i\",VLOOKUP(B116,'Ins SINAPI BA 07-2025 Onerado'!$B$11:$F$50003,5,0),VLOOKUP(B116,'Comp SINAPI BA 07-2025 Onerado'!$B$11:$E$50004,4,0))","v":3.14},{"$f":"TRUNC(E116*F116,2)","v":3.14},"ca"]
["PRÓPRIA","CODE","Hospedagem","un",{"$f":"'Memorial de cálculo'!D65*'Memorial de cálculo'!H65","v":1.0769E-3},{"$f":"'CPU HOSPEDAGEM'!C19","v":91.764507575757577},0.09,"ca"]
["PRÓPRIA","CODE","Veículo para serviço tipo pick-up, cabine dupla - 2.0 16V 4x4 diesel Aut.","dia",{"$f":"LARGE('Memorial de cálculo'!H65,1)","v":5.3845E-4},{"$f":"'CPU-VEICULO_Serviços'!$C$11","v":216.87485263887328},0.11,"ca"]
[{"$f":"B112","v":"CPU.10"},null,"MÃO DE OBRA",null,null,null,0,"mdo"]
[]
[null,"CPU.11","Execução de Revestimento com BGTC","m3",1,null,{"$f":"SUM(G132,G124,G123,G122)","v":392.55000000000007},"S"]
[{"$f":"B121","v":"CPU.11"},null,"MATERIAL",null,null,null,0,"ss"]
[{"$f":"B121","v":"CPU.11"},null,"EQUIPAMENTOS ",null,null,null,0,"ss"]
[{"$f":"B121","v":"CPU.11"},null,"SERVIÇOS",null,null,null,{"$f":"SUM(G125:G131)","v":392.55000000000007},"ss"]
["SINAPI",105732,{"$f":"PROPER(IF(H125=\"i\",VLOOKUP(B125,'Ins SINAPI BA 07-2025 Onerado'!$B$11:$F$50003,2,0),VLOOKUP(B125,'Comp SINAPI BA 07-2025 Onerado'!$B$11:$C$50004,2,0)))","v":"Construção De Base E Sub-Base Para Pavimentação De Brita Graduada Simples Tratada Com Cimento, Com Espessura De 10 Cm - Exclusive Carga E Transporte. Af_09/2024"},{"$f":"IF(H125=\"i\",VLOOKUP(B125,'Ins SINAPI BA 07-2025 Onerado'!$B$11:$F$50003,2,0),VLOOKUP(B125,'Comp SINAPI BA 07-2025 Onerado'!$B$11:$G$50004,3,0))","v":"M3"},1,{"$f":"IF(H125=\"i\",VLOOKUP(B125,'Ins SINAPI BA 07-2025 Onerado'!$B$11:$F$50003,5,0),VLOOKUP(B125,'Comp SINAPI BA 07-2025 Onerado'!$B$11:$E$50004,4,0))","v":273.44},{"$f":"TRUNC(E125*F125,2)","v":273.44},"ca"]
["SINAPI",93592,{"$f":"PROPER(IF(H126=\"i\",VLOOKUP(B126,'Ins SINAPI BA 07-2025 Onerado'!$B$11:$F$50003,2,0),VLOOKUP(B126,'Comp SINAPI BA 07-2025 Onerado'!$B$11:$C$50004,2,0)))","v":"Transporte Com Caminhão Basculante De 14 M³, Em Via Urbana Em Revestimento Primário (Unidade: M3Xkm). Af_07/2020"},{"$f":"IF(H126=\"i\",VLOOKUP(B126,'Ins SINAPI BA 07-2025 Onerado'!$B$11:$F$50003,2,0),VLOOKUP(B126,'Comp SINAPI BA 07-2025 Onerado'!$B$11:$G$50004,3,0))","v":"M3XKM"},{"$f":"'Memorial de cálculo'!$H$8","v":12.333333333333334},{"$f":"IF(H126=\"i\",VLOOKUP(B126,'Ins SINAPI BA 07-2025 Onerado'!$B$11:$F$50003,5,0),VLOOKUP(B126,'Comp SINAPI BA 07-2025 Onerado'!$B$11:$E$50004,4,0))","v":2.3199999999999998},28.61,"ca"]
["SINAPI",95876,{"$f":"PROPER(IF(H127=\"i\",VLOOKUP(B127,'Ins SINAPI BA 07-2025 Onerado'!$B$11:$F$50003,2,0),VLOOKUP(B127,'Comp SINAPI BA 07-2025 Onerado'!$B$11:$C$50004,2,0)))","v":"Transporte Com Caminhão Basculante De 14 M³, Em Via Urbana Pavimentada, Dmt Até 30 Km (Unidade: M3Xkm). Af_07/2020"},{"$f":"IF(H127=\"i\",VLOOKUP(B127,'Ins SINAPI BA 07-2025 Onerado'!$B$11:$F$50003,2,0),VLOOKUP(B127,'Comp SINAPI BA 07-2025 Onerado'!$B$11:$G$50004,3,0))","v":"M3XKM"},30,{"$f":"IF(H127=\"i\",VLOOKUP(B127,'Ins SINAPI BA 07-2025 Onerado'!$B$11:$F$50003,5,0),VLOOKUP(B127,'Comp SINAPI BA 07-2025 Onerado'!$B$11:$E$50004,4,0))","v":2.1},{"$f":"TRUNC(E127*F127,2)","v":63},"ca"]
["SINAPI",93593,{"$f":"PROPER(IF(H128=\"i\",VLOOKUP(B128,'Ins SINAPI BA 07-2025 Onerado'!$B$11:$F$50003,2,0),VLOOKUP(B128,'Comp SINAPI BA 07-2025 Onerado'!$B$11:$C$50004,2,0)))","v":"Transporte Com Caminhão Basculante De 14 M³, Em Via Urbana Pavimentada, Adicional Para Dmt Excedente A 30 Km (Unidade: M3Xkm). Af_07/2020"},{"$f":"IF(H128=\"i\",VLOOKUP(B128,'Ins SINAPI BA 07-2025 Onerado'!$B$11:$F$50003,2,0),VLOOKUP(B128,'Comp SINAPI BA 07-2025 Onerado'!$B$11:$G$50004,3,0))","v":"M3XKM"},{"$f":"'Memorial de cálculo'!$H$7-30","v":20.633333333333333},{"$f":"IF(H128=\"i\",VLOOKUP(B128,'Ins SINAPI BA 07-2025 Onerado'!$B$11:$F$50003,5,0),VLOOKUP(B128,'Comp SINAPI BA 07-2025 Onerado'!$B$11:$E$50004,4,0))","v":0.85},17.53,"ca"]
["SINAPI",100976,{"$f":"PROPER(IF(H129=\"i\",VLOOKUP(B129,'Ins SINAPI BA 07-2025 Onerado'!$B$11:$F$50003,2,0),VLOOKUP(B129,'Comp SINAPI BA 07-2025 Onerado'!$B$11:$C$50004,2,0)))","v":"Carga, Manobra E Descarga De Solos E Materiais Granulares Em Caminhão Basculante 18 M³ - Carga Com Pá Carregadeira (Caçamba De 1,7 A 2,8 M³ / 128 Hp) E Descarga Livre (Unidade: M3). Af_07/2020"},{"$f":"IF(H129=\"i\",VLOOKUP(B129,'Ins SINAPI BA 07-2025 Onerado'!$B$11:$F$50003,2,0),VLOOKUP(B129,'Comp SINAPI BA 07-2025 Onerado'!$B$11:$G$50004,3,0))","v":"M3"},1,{"$f":"IF(H129=\"i\",VLOOKUP(B129,'Ins SINAPI BA 07-2025 Onerado'!$B$11:$F$50003,5,0),VLOOKUP(B129,'Comp SINAPI BA 07-2025 Onerado'!$B$11:$E$50004,4,0))","v":8.57},8.57,"ca"]
["PRÓPRIA","CODE","Hospedagem","un",{"$f":"'Memorial de cálculo'!D69*'Memorial de cálculo'!H69","v":4.5686750000000003E-3},{"$f":"'CPU HOSPEDAGEM'!C19","v":91.764507575757577},0.41,"ca"]
["PRÓPRIA","CODE","Veículo para serviço tipo pick-up, cabine dupla - 2.0 16V 4x4 diesel Aut.","dia",{"$f":"LARGE('Memorial de cálculo'!H69,1)","v":4.5686750000000003E-3},{"$f":"'CPU-VEICULO_Serviços'!$C$11","v":216.87485263887328},0.99,"ca"]
[{"$f":"B121","v":"CPU.11"},null,"MÃO DE OBRA",null,null,null,0,"mdo"]
[]
[null,"CPU.12","Projeto geométrico","un",1,null,{"$f":"SUM(G138,G137,G136,G135)","v":8773},"S"]
[{"$f":"B134","v":"CPU.12"},null,"MATERIAL",null,null,null,0,"ss"]
[{"$f":"B134","v":"CPU.12"},null,"EQUIPAMENTOS ",null,null,null,0,"ss"]
[{"$f":"B134","v":"CPU.12"},null,"SERVIÇOS",null,null,null,0,"ss"]
[{"$f":"B134","v":"CPU.12"},null,"MÃO DE OBRA",null,null,null,{"$f":"SUM(G139:G141)","v":8773},"mdo"]
["SINAPI",90777,{"$f":"PROPER(IF(H139=\"i\",VLOOKUP(B139,'Ins SINAPI BA 07-2025 Onerado'!$B$11:$F$50003,2,0),VLOOKUP(B139,'Comp SINAPI BA 07-2025 Onerado'!$B$11:$C$50004,2,0)))","v":"Engenheiro Civil De Obra Junior Com Encargos Complementares"},{"$f":"IF(H139=\"i\",VLOOKUP(B139,'Ins SINAPI BA 07-2025 Onerado'!$B$11:$F$50003,2,0),VLOOKUP(B139,'Comp SINAPI BA 07-2025 Onerado'!$B$11:$G$50004,3,0))","v":"H"},30,{"$f":"IF(H139=\"i\",VLOOKUP(B139,'Ins SINAPI BA 07-2025 Onerado'!$B$11:$F$50003,5,0),VLOOKUP(B139,'Comp SINAPI BA 07-2025 Onerado'!$B$11:$E$50004,4,0))","v":130.58000000000001},{"$f":"TRUNC(E139*F139,2)","v":3917.4},"ca"]
["SINAPI",90779,{"$f":"PROPER(IF(H140=\"i\",VLOOKUP(B140,'Ins SINAPI BA 07-2025 Onerado'!$B$11:$F$50003,2,0),VLOOKUP(B140,'Comp SINAPI BA 07-2025 Onerado'!$B$11:$C$50004,2,0)))","v":"Engenheiro Civil De Obra Senior Com Encargos Complementares"},{"$f":"IF(H140=\"i\",VLOOKUP(B140,'Ins SINAPI BA 07-2025 Onerado'!$B$11:$F$50003,2,0),VLOOKUP(B140,'Comp SINAPI BA 07-2025 Onerado'!$B$11:$G$50004,3,0))","v":"H"},20,{"$f":"IF(H140=\"i\",VLOOKUP(B140,'Ins SINAPI BA 07-2025 Onerado'!$B$11:$F$50003,5,0),VLOOKUP(B140,'Comp SINAPI BA 07-2025 Onerado'!$B$11:$E$50004,4,0))","v":149.06},2981.2,"ca"]
["SINAPI",90775,{"$f":"PROPER(IF(H141=\"i\",VLOOKUP(B141,'Ins SINAPI BA 07-2025 Onerado'!$B$11:$F$50003,2,0),VLOOKUP(B141,'Comp SINAPI BA 07-2025 Onerado'!$B$11:$C$50004,2,0)))","v":"Desenhista Projetista Com Encargos Complementares"},{"$f":"IF(H141=\"i\",VLOOKUP(B141,'Ins SINAPI BA 07-2025 Onerado'!$B$11:$F$50003,2,0),VLOOKUP(B141,'Comp SINAPI BA 07-2025 Onerado'!$B$11:$G$50004,3,0))","v":"H"},60,{"$f":"IF(H141=\"i\",VLOOKUP(B141,'Ins SINAPI BA 07-2025 Onerado'!$B$11:$F$50003,5,0),VLOOKUP(B141,'Comp SINAPI BA 07-2025 Onerado'!$B$11:$E$50004,4,0))","v":31.24},1874.4,"ca"]
[]
[null,"CPU.13","Fornecimento e Assentamento de Guia (meio-fio) Pré-fabricado, dimensões 100X15X13X30 Cm (Comprimento X Base Inferior X Base Superior X Altura)","m",1,null,{"$f":"SUM(G153,G146,G145,G144)","v":54.319999999999993},"S"]
[{"$f":"B143","v":"CPU.13"},null,"MATERIAL",null,null,null,0,"ss"]
[{"$f":"B143","v":"CPU.13"},null,"EQUIPAMENTOS ",null,null,null,0,"ss"]
[{"$f":"B143","v":"CPU.13"},null,"SERVIÇOS",null,null,null,{"$f":"SUM(G147:G152)","v":54.319999999999993},"ss"]
["SINAPI",94273,{"$f":"PROPER(IF(H147=\"i\",VLOOKUP(B147,'Ins SINAPI BA 07-2025 Onerado'!$B$11:$F$50003,2,0),VLOOKUP(B147,'Comp SINAPI BA 07-2025 Onerado'!$B$11:$C$50004,2,0)))","v":"Assentamento De Guia (Meio-Fio) Em Trecho Reto, Confeccionada Em Concreto Pré-Fabricado, Dimensões 100X15X13X30 Cm (Comprimento X Base Inferior X Base Superior X Altura). Af_01/2024"},{"$f":"IF(H147=\"i\",VLOOKUP(B147,'Ins SINAPI BA 07-2025 Onerado'!$B$11:$F$50003,2,0),VLOOKUP(B147,'Comp SINAPI BA 07-2025 Onerado'!$B$11:$G$50004,3,0))","v":"M"},1,{"$f":"IF(H147=\"i\",VLOOKUP(B147,'Ins SINAPI BA 07-2025 Onerado'!$B$11:$F$50003,5,0),VLOOKUP(B147,'Comp SINAPI BA 07-2025 Onerado'!$B$11:$E$50004,4,0))","v":41.2},{"$f":"TRUNC(E147*F147,2)","v":41.2},"ca"]
["SINAPI",93595,{"$f":"PROPER(IF(H148=\"i\",VLOOKUP(B148,'Ins SINAPI BA 07-2025 Onerado'!$B$11:$F$50003,2,0),VLOOKUP(B148,'Comp SINAPI BA 07-2025 Onerado'!$B$11:$C$50004,2,0)))","v":"Transporte Com Caminhão Basculante De 10 M³, Em Via Urbana Em Revestimento Primário (Unidade: Txkm). Af_07/2020"},{"$f":"IF(H148=\"i\",VLOOKUP(B148,'Ins SINAPI BA 07-2025 Onerado'!$B$11:$F$50003,2,0),VLOOKUP(B148,'Comp SINAPI BA 07-2025 Onerado'!$B$11:$G$50004,3,0))","v":"TXKM"},{"$f":"('Memorial de cálculo'!$H$8)*0.067","v":0.82633333333333348},{"$f":"IF(H148=\"i\",VLOOKUP(B148,'Ins SINAPI BA 07-2025 Onerado'!$B$11:$F$50003,5,0),VLOOKUP(B148,'Comp SINAPI BA 07-2025 Onerado'!$B$11:$E$50004,4,0))","v":1.83},{"$f":"TRUNC(E148*F148,2)","v":1.51},"ca","Transporte do meio-fio pré fabricado (PESO = 67 KG)"]
["SINAPI",95878,{"$f":"PROPER(IF(H149=\"i\",VLOOKUP(B149,'Ins SINAPI BA 07-2025 Onerado'!$B$11:$F$50003,2,0),VLOOKUP(B149,'Comp SINAPI BA 07-2025 Onerado'!$B$11:$C$50004,2,0)))","v":"Transporte Com Caminhão Basculante De 10 M³, Em Via Urbana Pavimentada, Dmt Até 30 Km (Unidade: Txkm). Af_07/2020"},{"$f":"IF(H149=\"i\",VLOOKUP(B149,'Ins SINAPI BA 07-2025 Onerado'!$B$11:$F$50003,2,0),VLOOKUP(B149,'Comp SINAPI BA 07-2025 Onerado'!$B$11:$G$50004,3,0))","v":"TXKM"},{"$f":"30*0.067","v":2.0100000000000002},{"$f":"IF(H149=\"i\",VLOOKUP(B149,'Ins SINAPI BA 07-2025 Onerado'!$B$11:$F$50003,5,0),VLOOKUP(B149,'Comp SINAPI BA 07-2025 Onerado'!$B$11:$E$50004,4,0))","v":1.68},{"$f":"TRUNC(E149*F149,2)","v":3.37},"ca","Transporte do meio-fio pré fabricado (PESO = 67 KG)"]
["SINAPI",93596,{"$f":"PROPER(IF(H150=\"i\",VLOOKUP(B150,'Ins SINAPI BA 07-2025 Onerado'!$B$11:$F$50003,2,0),VLOOKUP(B150,'Comp SINAPI BA 07-2025 Onerado'!$B$11:$C$50004,2,0)))","v":"Transporte Com Caminhão Basculante De 10 M³, Em Via Urbana Pavimentada, Adicional Para Dmt Excedente A 30 Km (Unidade: Txkm). Af_07/2020"},{"$f":"IF(H150=\"i\",VLOOKUP(B150,'Ins SINAPI BA 07-2025 Onerado'!$B$11:$F$50003,2,0),VLOOKUP(B150,'Comp SINAPI BA 07-2025 Onerado'!$B$11:$G$50004,3,0))","v":"TXKM"},{"$f":"('Memorial de cálculo'!$H$7-30)*0.067","v":1.3824333333333334},{"$f":"IF(H150=\"i\",VLOOKUP(B150,'Ins SINAPI BA 07-2025 Onerado'!$B$11:$F$50003,5,0),VLOOKUP(B150,'Comp SINAPI BA 07-2025 Onerado'!$B$11:$E$50004,4,0))","v":0.66},{"$f":"TRUNC(E150*F150,2)","v":0.91},"ca","Transporte do meio-fio pré fabricado (PESO = 67 KG)"]
["PRÓPRIA","CODE","Hospedagem","un",{"$f":"'Memorial de cálculo'!D79*'Memorial de cálculo'!H79+'Memorial de cálculo'!D80*'Memorial de cálculo'!H80","v":5.7399999999999993E-2},{"$f":"'CPU HOSPEDAGEM'!C19","v":91.764507575757577},{"$f":"TRUNC(E151*F151,2)","v":5.26},"ca"]
["PRÓPRIA","CODE","Veículo para serviço tipo pick-up, cabine dupla - 2.0 16V 4x4 diesel Aut.","dia",{"$f":"LARGE('Memorial de cálculo'!H79:H80,1)","v":9.566666666666666E-3},{"$f":"'CPU-VEICULO_Serviços'!$C$11","v":216.87485263887328},{"$f":"TRUNC(E152*F152,2)","v":2.0699999999999998},"ca"]
[{"$f":"B143","v":"CPU.13"},null,"MÃO DE OBRA",null,null,null,0,"mdo"]
[]
[null,"CPU.14","Disponibilidade de veículo para apoio a fiscalização, inclusive combustível","un",1,null,{"$f":"SUM(G160,G158,G157,G156)","v":173.86},"S"]
[{"$f":"B155","v":"CPU.14"},null,"MATERIAL",null,null,null,0,"ss"]
[{"$f":"B155","v":"CPU.14"},null,"EQUIPAMENTOS ",null,null,null,0,"ss"]
[{"$f":"B155","v":"CPU.14"},null,"SERVIÇOS",null,null,null,{"$f":"SUM(G159)","v":173.86},"ss"]
["PRÓPRIA","CODE","Veículo para fiscalização tipo pick-up, cabine dupla - 2.0 16V 4x4 diesel Aut.","dia",1,{"$f":"'CPU-VEICULO_Fiscalização'!$C$11","v":173.86100586946688},{"$f":"TRUNC(E159*F159,2)","v":173.86},"ca"]
[{"$f":"B155","v":"CPU.14"},null,"MÃO DE OBRA",null,null,null,0,"mdo"]
[]
[null,"CPU.15","Selagem de fissuras com resina epóxi","m",1,null,{"$f":"SUM(G167,G165,G164,G163)","v":25.82},"S"]
[{"$f":"B162","v":"CPU.15"},null,"MATERIAL",null,null,null,0,"ss"]
[{"$f":"B162","v":"CPU.15"},null,"EQUIPAMENTOS ",null,null,null,0,"ss"]
[{"$f":"B162","v":"CPU.15"},null,"SERVIÇOS",null,null,null,{"$f":"SUM(G166)","v":22.17},"ss"]
["SICRO",4915653,"Selagem superficial de fissuras com adesivo estrutural à base de resina epóxi de alta viscosidade, inclusive limpeza superficial - fornecimento e aplicação","kg",0.3,73.91,22.17,"ca"]
[{"$f":"B162","v":"CPU.15"},null,"MÃO DE OBRA",null,null,null,{"$f":"SUM(G168:G169)","v":3.65},"mdo"]
["PRÓPRIA","CODE","Hospedagem","un",{"$f":"'Memorial de cálculo'!D84*'Memorial de cálculo'!H84","v":1.187287475541878E-2},{"$f":"'CPU HOSPEDAGEM'!$C$19","v":91.764507575757577},{"$f":"TRUNC(E168*F168,2)","v":1.08},"ca"]
["PRÓPRIA","CODE","Veículo para serviço tipo pick-up, cabine dupla - 2.0 16V 4x4 diesel Aut.","dia",{"$f":"LARGE('Memorial de cálculo'!H84:H84,1)","v":1.187287475541878E-2},{"$f":"'CPU-VEICULO_Serviços'!$C$11","v":216.87485263887328},{"$f":"TRUNC(E169*F169,2)","v":2.57},"ca"]
[]
[null,"CPU.16","Irrigação - inclusive transporte","m3",1,null,{"$f":"SUM(G179,G174,G173,G172)","v":172.87},"S"]
[{"$f":"B171","v":"CPU.16"},null,"MATERIAL",null,null,null,0,"ss"]
[{"$f":"B171","v":"CPU.16"},null,"EQUIPAMENTOS ",null,null,null,0,"ss"]
[{"$f":"B171","v":"CPU.16"},null,"SERVIÇOS",null,null,null,{"$f":"SUM(G175:G178)","v":172.87},"ss"]
["SINAPI",101006,{"$f":"PROPER(IF(H175=\"i\",VLOOKUP(B175,'Ins SINAPI BA 07-2025 Onerado'!$B$11:$F$50003,2,0),VLOOKUP(B175,'Comp SINAPI BA 07-2025 Onerado'!$B$11:$C$50004,2,0)))","v":"Carga, Manobra E Descarga De Água Em Caminhão Pipa 10 M³. Af_07/2020"},{"$f":"IF(H175=\"i\",VLOOKUP(B175,'Ins SINAPI BA 07-2025 Onerado'!$B$11:$F$50003,2,0),VLOOKUP(B175,'Comp SINAPI BA 07-2025 Onerado'!$B$11:$G$50004,3,0))","v":"M3"},1,{"$f":"IF(H175=\"i\",VLOOKUP(B175,'Ins SINAPI BA 07-2025 Onerado'!$B$11:$F$50003,5,0),VLOOKUP(B175,'Comp SINAPI BA 07-2025 Onerado'!$B$11:$E$50004,4,0))","v":21.15},{"$f":"TRUNC(E175*F175,2)","v":21.15},"ca"]
["SINAPI",100961,{"$f":"PROPER(IF(H176=\"i\",VLOOKUP(B176,'Ins SINAPI BA 07-2025 Onerado'!$B$11:$F$50003,2,0),VLOOKUP(B176,'Comp SINAPI BA 07-2025 Onerado'!$B$11:$C$50004,2,0)))","v":"Transporte Com Caminhão Pipa De 10 M³, Em Via Urbana Em Revestimento Primário (Unidade: M3Xkm). Af_07/2020"},{"$f":"IF(H176=\"i\",VLOOKUP(B176,'Ins SINAPI BA 07-2025 Onerado'!$B$11:$F$50003,2,0),VLOOKUP(B176,'Comp SINAPI BA 07-2025 Onerado'!$B$11:$G$50004,3,0))","v":"M3XKM"},{"$f":"'Memorial de cálculo'!H8","v":12.333333333333334},{"$f":"IF(H176=\"i\",VLOOKUP(B176,'Ins SINAPI BA 07-2025 Onerado'!$B$11:$F$50003,5,0),VLOOKUP(B176,'Comp SINAPI BA 07-2025 Onerado'!$B$11:$E$50004,4,0))","v":3.21},{"$f":"TRUNC(E176*F176,2)","v":39.590000000000003},"ca"]
["SINAPI",100962,{"$f":"PROPER(IF(H177=\"i\",VLOOKUP(B177,'Ins SINAPI BA 07-2025 Onerado'!$B$11:$F$50003,2,0),VLOOKUP(B177,'Comp SINAPI BA 07-2025 Onerado'!$B$11:$C$50004,2,0)))","v":"Transporte Com Caminhão Pipa De 10 M³, Em Via Urbana Pavimentada, Dmt Até 30Km (Unidade: M3Xkm). Af_07/2020"},{"$f":"IF(H177=\"i\",VLOOKUP(B177,'Ins SINAPI BA 07-2025 Onerado'!$B$11:$F$50003,2,0),VLOOKUP(B177,'Comp SINAPI BA 07-2025 Onerado'!$B$11:$G$50004,3,0))","v":"M3XKM"},30,{"$f":"IF(H177=\"i\",VLOOKUP(B177,'Ins SINAPI BA 07-2025 Onerado'!$B$11:$F$50003,5,0),VLOOKUP(B177,'Comp SINAPI BA 07-2025 Onerado'!$B$11:$E$50004,4,0))","v":2.94},88.2,"ca"]
["SINAPI",100963,{"$f":"PROPER(IF(H178=\"i\",VLOOKUP(B178,'Ins SINAPI BA 07-2025 Onerado'!$B$11:$F$50003,2,0),VLOOKUP(B178,'Comp SINAPI BA 07-2025 Onerado'!$B$11:$C$50004,2,0)))","v":"Transporte Com Caminhão Pipa De 10 M³, Em Via Urbana Pavimentada, Adicional Para Dmt Excedente A 30 Km (Unidade: M3Xkm). Af_07/2020"},{"$f":"IF(H178=\"i\",VLOOKUP(B178,'Ins SINAPI BA 07-2025 Onerado'!$B$11:$F$50003,2,0),VLOOKUP(B178,'Comp SINAPI BA 07-2025 Onerado'!$B$11:$G$50004,3,0))","v":"M3XKM"},{"$f":"'Memorial de cálculo'!H7-30","v":20.633333333333333},{"$f":"IF(H178=\"i\",VLOOKUP(B178,'Ins SINAPI BA 07-2025 Onerado'!$B$11:$F$50003,5,0),VLOOKUP(B178,'Comp SINAPI BA 07-2025 Onerado'!$B$11:$E$50004,4,0))","v":1.1599999999999999},{"$f":"TRUNC(E178*F178,2)","v":23.93},"ca"]
[{"$f":"B171","v":"CPU.16"},null,"MÃO DE OBRA",null,null,null,0,"mdo"]
[]
[null,"CPU.17","Injeção de nata de cimento em buracos","m3",1,null,{"$f":"SUM(G188,G184,G183,G182)","v":991.88},"S"]
[{"$f":"B181","v":"CPU.17"},null,"MATERIAL",null,null,null,0,"ss"]
[{"$f":"B181","v":"CPU.17"},null,"EQUIPAMENTOS ",null,null,null,0,"ss"]
[{"$f":"B181","v":"CPU.17"},null,"SERVIÇOS",null,null,null,{"$f":"SUM(G185:G187)","v":991.88},"ss"]
["SICRO",3816196,"Injeção de nata de cimento","m3",1,953.31,{"$f":"TRUNC(E185*F185,2)","v":953.31},"ca"]
["PRÓPRIA","CODE","Hospedagem","un",{"$f":"'Memorial de cálculo'!D88*'Memorial de cálculo'!H88","v":0.125},{"$f":"'CPU HOSPEDAGEM'!$C$19","v":91.764507575757577},{"$f":"TRUNC(E186*F186,2)","v":11.47},"ca"]
["PRÓPRIA","CODE","Veículo para serviço tipo pick-up, cabine dupla - 2.0 16V 4x4 diesel Aut.","dia",{"$f":"LARGE('Memorial de cálculo'!H88:H88,1)","v":0.125},{"$f":"'CPU-VEICULO_Serviços'!$C$11","v":216.87485263887328},{"$f":"TRUNC(E187*F187,2)","v":27.1},"ca"]
[{"$f":"B181","v":"CPU.17"},null,"MÃO DE OBRA",null,null,null,0,"mdo"]
[]
[null,"CPU.18","Recuperação com uso de argamassa","m3",1,null,{"$f":"SUM(G197,G193,G192,G191)","v":1681.37},"S"]
[{"$f":"B190","v":"CPU.18"},null,"MATERIAL",null,null,null,0,"ss"]
[{"$f":"B190","v":"CPU.18"},null,"EQUIPAMENTOS ",null,null,null,0,"ss"]
[{"$f":"B190","v":"CPU.18"},null,"SERVIÇOS",null,null,null,{"$f":"SUM(G194:G196)","v":1291.4499999999998},"ss"]
["SINAPI",100480,{"$f":"PROPER(IF(H194=\"i\",VLOOKUP(B194,'Ins SINAPI BA 07-2025 Onerado'!$B$11:$F$50003,2,0),VLOOKUP(B194,'Comp SINAPI BA 07-2025 Onerado'!$B$11:$C$50004,2,0)))","v":"Argamassa Traço 1:3 (Em Volume De Cimento E Areia Média Úmida) Com Adição De Impermeabilizante, Preparo Manual. Af_08/2019"},{"$f":"IF(H194=\"i\",VLOOKUP(B194,'Ins SINAPI BA 07-2025 Onerado'!$B$11:$F$50003,2,0),VLOOKUP(B194,'Comp SINAPI BA 07-2025 Onerado'!$B$11:$G$50004,3,0))","v":"M3"},1,{"$f":"IF(H194=\"i\",VLOOKUP(B194,'Ins SINAPI BA 07-2025 Onerado'!$B$11:$F$10003,5,0),VLOOKUP(B194,'Comp SINAPI BA 07-2025 Onerado'!$B$11:$E$10004,4,0))","v":891.06},{"$f":"TRUNC(E194*F194,2)","v":891.06},"ca"]
["PRÓPRIA","CODE","Hospedagem","un",{"$f":"'Memorial de cálculo'!D93*'Memorial de cálculo'!H93","v":2},{"$f":"'CPU HOSPEDAGEM'!$C$19","v":91.764507575757577},{"$f":"TRUNC(E195*F195,2)","v":183.52},"ca"]
["PRÓPRIA","CODE","Veículo para serviço tipo pick-up, cabine dupla - 2.0 16V 4x4 diesel Aut.","dia",{"$f":"LARGE('Memorial de cálculo'!H93:H93,1)","v":1},{"$f":"'CPU-VEICULO_Serviços'!$C$11","v":216.87485263887328},{"$f":"TRUNC(E196*F196,2)","v":216.87},"ca"]
[{"$f":"B190","v":"CPU.18"},null,"MÃO DE OBRA",null,null,null,{"$f":"SUM(G198)","v":389.92},"mdo"]
["SINAPI",88316,{"$f":"PROPER(IF(H198=\"i\",VLOOKUP(B198,'Ins SINAPI BA 07-2025 Onerado'!$B$11:$F$50003,2,0),VLOOKUP(B198,'Comp SINAPI BA 07-2025 Onerado'!$B$11:$C$50004,2,0)))","v":"Servente Com Encargos Complementares"},{"$f":"IF(H198=\"i\",VLOOKUP(B198,'Ins SINAPI BA 07-2025 Onerado'!$B$11:$F$50003,2,0),VLOOKUP(B198,'Comp SINAPI BA 07-2025 Onerado'!$B$11:$G$50004,3,0))","v":"H"},16,{"$f":"IF(H198=\"i\",VLOOKUP(B198,'Ins SINAPI BA 07-2025 Onerado'!$B$11:$F$10003,5,0),VLOOKUP(B198,'Comp SINAPI BA 07-2025 Onerado'!$B$11:$E$10004,4,0))","v":24.37},{"$f":"TRUNC(E198*F198,2)","v":389.92},"ca"]
[]
[null,"CPU.19","Régua Linimétrica Padrão “ANA”, Aço Carbono - 2 X 70 X 1000 mm (Fornecimento e Instalação)","un",1,null,{"$f":"SUM(G209,G205,G204,G201)","v":381.5},"S"]
[{"$f":"B200","v":"CPU.19"},null,"MATERIAL",null,null,null,{"$f":"SUM(G202:G203)","v":233.59},"ss"]
["2025-05-16","cotação","RÉGUA LINIMÉTRICA PADRÃO “ANA”, AÇO CARBONO - 2 X 70 X 1000MM","un",1,{"$f":"Cotação!O11","v":176.62},{"$f":"TRUNC(E202*F202,2)","v":176.62},"ca"]
["SINAPI",2747,{"$f":"PROPER(IF(H203=\"i\",VLOOKUP(B203,'Ins SINAPI BA 07-2025 Onerado'!$B$11:$F$50003,2,0),VLOOKUP(B203,'Comp SINAPI BA 07-2025 Onerado'!$B$11:$C$50004,2,0)))","v":"Mourao Rolico De Madeira Tratada, D = 16 A 20 Cm, H = 2,20 M, Em Eucalipto Ou Equivalente Da Regiao (Para Cerca)"},{"$f":"IF(H203=\"i\",VLOOKUP(B203,'Ins SINAPI BA 07-2025 Onerado'!$B$11:$F$50003,3,0),VLOOKUP(B203,'Comp SINAPI BA 07-2025 Onerado'!$B$11:$G$50004,3,0))","v":"M"},1.5,{"$f":"IF(H203=\"i\",VLOOKUP(B203,'Ins SINAPI BA 07-2025 Onerado'!$B$11:$F$10003,5,0),VLOOKUP(B203,'Comp SINAPI BA 07-2025 Onerado'!$B$11:$E$10004,4,0))","v":37.979999999999997},{"$f":"TRUNC(E203*F203,2)","v":56.97},"i"]
[{"$f":"B200","v":"CPU.19"},null,"EQUIPAMENTOS ",null,null,null,0,"ss"]
[{"$f":"B200","v":"CPU.19"},null,"SERVIÇOS",null,null,null,{"$f":"SUM(G206:G208)","v":76.449999999999989},"ss"]
["SINAPI",94975,{"$f":"PROPER(IF(H206=\"i\",VLOOKUP(B206,'Ins SINAPI BA 07-2025 Onerado'!$B$11:$F$50003,2,0),VLOOKUP(B206,'Comp SINAPI BA 07-2025 Onerado'!$B$11:$C$50004,2,0)))","v":"Concreto Fck = 15Mpa, Traço 1:3,4:3,5 (Em Massa Seca De Cimento/ Areia Média/ Brita 1) - Preparo Manual. Af_05/2021"},{"$f":"IF(H206=\"i\",VLOOKUP(B206,'Ins SINAPI BA 07-2025 Onerado'!$B$11:$F$50003,2,0),VLOOKUP(B206,'Comp SINAPI BA 07-2025 Onerado'!$B$11:$G$50004,3,0))","v":"M3"},0.01,{"$f":"IF(H206=\"i\",VLOOKUP(B206,'Ins SINAPI BA 07-2025 Onerado'!$B$11:$F$10003,5,0),VLOOKUP(B206,'Comp SINAPI BA 07-2025 Onerado'!$B$11:$E$10004,4,0))","v":556.48},{"$f":"TRUNC(E206*F206,2)","v":5.56},"ca"]
["PRÓPRIA","CODE","Hospedagem","un",{"$f":"'Memorial de cálculo'!D97*'Memorial de cálculo'!H97+'Memorial de cálculo'!D98*'Memorial de cálculo'!H98","v":0.30000000000000004},{"$f":"'CPU HOSPEDAGEM'!$C$19","v":91.764507575757577},{"$f":"TRUNC(E207*F207,2)","v":27.52},"ca"]
["PRÓPRIA","CODE","Veículo para serviço tipo pick-up, cabine dupla - 2.0 16V 4x4 diesel Aut.","dia",{"$f":"LARGE('Memorial de cálculo'!H97:H98,1)","v":0.2},{"$f":"'CPU-VEICULO_Serviços'!$C$11","v":216.87485263887328},{"$f":"TRUNC(E208*F208,2)","v":43.37},"ca"]
[{"$f":"B200","v":"CPU.19"},null,"MÃO DE OBRA",null,null,null,{"$f":"SUM(G210:G211)","v":71.460000000000008},"mdo"]
["SINAPI",90781,{"$f":"PROPER(IF(H210=\"i\",VLOOKUP(B210,'Ins SINAPI BA 07-2025 Onerado'!$B$11:$F$50003,2,0),VLOOKUP(B210,'Comp SINAPI BA 07-2025 Onerado'!$B$11:$C$50004,2,0)))","v":"Topografo Com Encargos Complementares"},{"$f":"IF(H210=\"i\",VLOOKUP(B210,'Ins SINAPI BA 07-2025 Onerado'!$B$11:$F$50003,2,0),VLOOKUP(B210,'Comp SINAPI BA 07-2025 Onerado'!$B$11:$G$50004,3,0))","v":"H"},0.8,{"$f":"IF(H210=\"i\",VLOOKUP(B210,'Ins SINAPI BA 07-2025 Onerado'!$B$11:$F$10003,5,0),VLOOKUP(B210,'Comp SINAPI BA 07-2025 Onerado'!$B$11:$E$10004,4,0))","v":40.590000000000003},{"$f":"TRUNC(E210*F210,2)","v":32.47},"ca"]
["SINAPI",88316,{"$f":"PROPER(IF(H211=\"i\",VLOOKUP(B211,'Ins SINAPI BA 07-2025 Onerado'!$B$11:$F$50003,2,0),VLOOKUP(B211,'Comp SINAPI BA 07-2025 Onerado'!$B$11:$C$50004,2,0)))","v":"Servente Com Encargos Complementares"},{"$f":"IF(H211=\"i\",VLOOKUP(B211,'Ins SINAPI BA 07-2025 Onerado'!$B$11:$F$50003,2,0),VLOOKUP(B211,'Comp SINAPI BA 07-2025 Onerado'!$B$11:$G$50004,3,0))","v":"H"},1.6,{"$f":"IF(H211=\"i\",VLOOKUP(B211,'Ins SINAPI BA 07-2025 Onerado'!$B$11:$F$10003,5,0),VLOOKUP(B211,'Comp SINAPI BA 07-2025 Onerado'!$B$11:$E$10004,4,0))","v":24.37},{"$f":"TRUNC(E211*F211,2)","v":38.99},"ca"]
[]
[null,"CPU.20","Pintura do meio-fio","m",1,null,{"$f":"SUM(G220,G216,G215,G214)","v":2.88},"S"]
[{"$f":"B213","v":"CPU.20"},null,"MATERIAL",null,null,null,0,"ss"]
[{"$f":"B213","v":"CPU.20"},null,"EQUIPAMENTOS ",null,null,null,0,"ss"]
[{"$f":"B213","v":"CPU.20"},null,"SERVIÇOS",null,null,null,{"$f":"SUM(G217:G219)","v":2.88},"ss"]
["SINAPI",102498,{"$f":"PROPER(IF(H217=\"i\",VLOOKUP(B217,'Ins SINAPI BA 07-2025 Onerado'!$B$11:$F$50003,2,0),VLOOKUP(B217,'Comp SINAPI BA 07-2025 Onerado'!$B$11:$C$50004,2,0)))","v":"Pintura De Meio-Fio Com Tinta Branca A Base De Cal (Caiação). Af_05/2021"},{"$f":"IF(H217=\"i\",VLOOKUP(B217,'Ins SINAPI BA 07-2025 Onerado'!$B$11:$F$50003,2,0),VLOOKUP(B217,'Comp SINAPI BA 07-2025 Onerado'!$B$11:$G$50004,3,0))","v":"M"},1,{"$f":"IF(H217=\"i\",VLOOKUP(B217,'Ins SINAPI BA 07-2025 Onerado'!$B$11:$F$10003,5,0),VLOOKUP(B217,'Comp SINAPI BA 07-2025 Onerado'!$B$11:$E$10004,4,0))","v":1.95},{"$f":"TRUNC(E217*F217,2)","v":1.95},"ca"]
["PRÓPRIA","CODE","Hospedagem","un",{"$f":"'Memorial de cálculo'!D102*'Memorial de cálculo'!H102+'Memorial de cálculo'!D103*'Memorial de cálculo'!H103","v":6.6249999999999998E-3},{"$f":"'CPU HOSPEDAGEM'!$C$19","v":91.764507575757577},{"$f":"TRUNC(E218*F218,2)","v":0.6},"ca"]
["PRÓPRIA","CODE","Veículo para serviço tipo pick-up, cabine dupla - 2.0 16V 4x4 diesel Aut.","dia",{"$f":"LARGE('Memorial de cálculo'!H102:H103,1)","v":1.5416666666666667E-3},{"$f":"'CPU-VEICULO_Serviços'!$C$11","v":216.87485263887328},{"$f":"TRUNC(E219*F219,2)","v":0.33},"ca"]
[{"$f":"B213","v":"CPU.20"},null,"MÃO DE OBRA",null,null,null,0,"mdo"]
[]
[null,"CPU.21","Apicoamento da superfície","m2",1,null,{"$f":"SUM(G230,G225,G224,G223)","v":21.240000000000002},"S"]
[{"$f":"B222","v":"CPU.21"},null,"MATERIAL",null,null,null,0,"ss"]
[{"$f":"B222","v":"CPU.21"},null,"EQUIPAMENTOS ",null,null,null,0,"ss"]
[{"$f":"B222","v":"CPU.21"},null,"SERVIÇOS",null,null,null,{"$f":"SUM(G226:G229)","v":21.240000000000002},"ss"]
["SINAPI",97631,{"$f":"PROPER(IF(H226=\"i\",VLOOKUP(B226,'Ins SINAPI BA 07-2025 Onerado'!$B$11:$F$50003,2,0),VLOOKUP(B226,'Comp SINAPI BA 07-2025 Onerado'!$B$11:$C$50004,2,0)))","v":"Demolição De Argamassas, De Forma Manual, Sem Reaproveitamento. Af_09/2023"},{"$f":"IF(H226=\"i\",VLOOKUP(B226,'Ins SINAPI BA 07-2025 Onerado'!$B$11:$F$50003,2,0),VLOOKUP(B226,'Comp SINAPI BA 07-2025 Onerado'!$B$11:$G$50004,3,0))","v":"M2"},{"$f":"0.05*15","v":0.75},{"$f":"IF(H226=\"i\",VLOOKUP(B226,'Ins SINAPI BA 07-2025 Onerado'!$B$11:$F$10003,5,0),VLOOKUP(B226,'Comp SINAPI BA 07-2025 Onerado'!$B$11:$E$10004,4,0))","v":13.28},{"$f":"TRUNC(E226*F226,2)","v":9.9600000000000009},"ca"]
["SINAPI",93589,{"$f":"PROPER(IF(H227=\"i\",VLOOKUP(B227,'Ins SINAPI BA 07-2025 Onerado'!$B$11:$F$50003,2,0),VLOOKUP(B227,'Comp SINAPI BA 07-2025 Onerado'!$B$11:$C$50004,2,0)))","v":"Transporte Com Caminhão Basculante De 10 M³, Em Via Urbana Em Revestimento Primário (Unidade: M3Xkm). Af_07/2020"},{"$f":"IF(H227=\"i\",VLOOKUP(B227,'Ins SINAPI BA 07-2025 Onerado'!$B$11:$F$50003,2,0),VLOOKUP(B227,'Comp SINAPI BA 07-2025 Onerado'!$B$11:$G$50004,3,0))","v":"M3XKM"},{"$f":"0.05*15","v":0.75},{"$f":"IF(H227=\"i\",VLOOKUP(B227,'Ins SINAPI BA 07-2025 Onerado'!$B$11:$F$10003,5,0),VLOOKUP(B227,'Comp SINAPI BA 07-2025 Onerado'!$B$11:$E$10004,4,0))","v":2.71},2.0299999999999998,"ca","considerando 5 cm de entulho e 15 km para bota-fora"]
["PRÓPRIA","CODE","Hospedagem","un",{"$f":"'Memorial de cálculo'!D107*'Memorial de cálculo'!H107+'Memorial de cálculo'!D108*'Memorial de cálculo'!H108","v":6.2787499999999996E-2},{"$f":"'CPU HOSPEDAGEM'!$C$19","v":91.764507575757577},5.76,"ca"]
["PRÓPRIA","CODE","Veículo para serviço tipo pick-up, cabine dupla - 2.0 16V 4x4 diesel Aut.","dia",{"$f":"LARGE('Memorial de cálculo'!H107:H108,1)","v":1.6133333333333333E-2},{"$f":"'CPU-VEICULO_Serviços'!$C$11","v":216.87485263887328},3.49,"ca"]
[{"$f":"B222","v":"CPU.21"},null,"MÃO DE OBRA",null,null,null,0,"mdo"]
[]
[null,"CPU.22","Limpeza da superfície","m2",1,null,{"$f":"SUM(G239,G235,G234,G233)","v":3.85},"S"]
[{"$f":"B232","v":"CPU.22"},null,"MATERIAL",null,null,null,0,"ss"]
[{"$f":"B232","v":"CPU.22"},null,"EQUIPAMENTOS ",null,null,null,0,"ss"]
[{"$f":"B232","v":"CPU.22"},null,"SERVIÇOS",null,null,null,{"$f":"SUM(G236:G238)","v":3.85},"ss"]
["SINAPI",99814,{"$f":"PROPER(IF(H236=\"i\",VLOOKUP(B236,'Ins SINAPI BA 07-2025 Onerado'!$B$11:$F$50003,2,0),VLOOKUP(B236,'Comp SINAPI BA 07-2025 Onerado'!$B$11:$C$50004,2,0)))","v":"Limpeza De Superfície Com Jato De Alta Pressão. Af_04/2019"},{"$f":"IF(H236=\"i\",VLOOKUP(B236,'Ins SINAPI BA 07-2025 Onerado'!$B$11:$F$50003,2,0),VLOOKUP(B236,'Comp SINAPI BA 07-2025 Onerado'!$B$11:$G$50004,3,0))","v":"M2"},1,{"$f":"IF(H236=\"i\",VLOOKUP(B236,'Ins SINAPI BA 07-2025 Onerado'!$B$11:$F$10003,5,0),VLOOKUP(B236,'Comp SINAPI BA 07-2025 Onerado'!$B$11:$E$10004,4,0))","v":2.23},{"$f":"TRUNC(E236*F236,2)","v":2.23},"ca"]
["PRÓPRIA","CODE","Hospedagem","un",{"$f":"'Memorial de cálculo'!D112*'Memorial de cálculo'!H112","v":1.1124999999999999E-2},{"$f":"'CPU HOSPEDAGEM'!$C$19","v":91.764507575757577},{"$f":"TRUNC(E237*F237,2)","v":1.02},"ca"]
["PRÓPRIA","CODE","Veículo para serviço tipo pick-up, cabine dupla - 2.0 16V 4x4 diesel Aut.","dia",{"$f":"LARGE('Memorial de cálculo'!H112:H112,1)","v":2.7812499999999999E-3},{"$f":"'CPU-VEICULO_Serviços'!$C$11","v":216.87485263887328},{"$f":"TRUNC(E238*F238,2)","v":0.6},"ca"]
[{"$f":"B232","v":"CPU.22"},null,"MÃO DE OBRA",null,null,null,0,"mdo"]
[]
[null,"CPU.23","Revestimento com argamassa","m2",1,null,{"$f":"SUM(G248,G244,G243,G242)","v":87.649999999999991},"S"]
[{"$f":"B241","v":"CPU.23"},null,"MATERIAL",null,null,null,0,"ss"]
[{"$f":"B241","v":"CPU.23"},null,"EQUIPAMENTOS ",null,null,null,0,"ss"]
[{"$f":"B241","v":"CPU.23"},null,"SERVIÇOS",null,null,null,{"$f":"SUM(G245:G247)","v":87.649999999999991},"ss"]
["SINAPI",104208,{"$f":"PROPER(IF(H245=\"i\",VLOOKUP(B245,'Ins SINAPI BA 07-2025 Onerado'!$B$11:$F$50003,2,0),VLOOKUP(B245,'Comp SINAPI BA 07-2025 Onerado'!$B$11:$C$50004,2,0)))","v":"Emboço Ou Massa Única Em Argamassa Traço 1:2:8, Preparo Mecânica Com Betoneira 400 L, Aplicada Com Projetor Tipo Canequinha Em Panos De Fachada Sem Presença De Vãos, Espessura De 35 Mm, Acesso Por Balancim Manual. Af_08/2022"},{"$f":"IF(H245=\"i\",VLOOKUP(B245,'Ins SINAPI BA 07-2025 Onerado'!$B$11:$F$50003,2,0),VLOOKUP(B245,'Comp SINAPI BA 07-2025 Onerado'!$B$11:$G$50004,3,0))","v":"M2"},1,{"$f":"IF(H245=\"i\",VLOOKUP(B245,'Ins SINAPI BA 07-2025 Onerado'!$B$11:$F$10003,5,0),VLOOKUP(B245,'Comp SINAPI BA 07-2025 Onerado'!$B$11:$E$10004,4,0))","v":71.459999999999994},{"$f":"TRUNC(E245*F245,2)","v":71.459999999999994},"ca"]
["PRÓPRIA","CODE","Hospedagem","un",{"$f":"'Memorial de cálculo'!D116*'Memorial de cálculo'!H116+'Memorial de cálculo'!D117*'Memorial de cálculo'!H117","v":0.13625000000000001},{"$f":"'CPU HOSPEDAGEM'!$C$19","v":91.764507575757577},{"$f":"TRUNC(E246*F246,2)","v":12.5},"ca"]
["PRÓPRIA","CODE","Veículo para serviço tipo pick-up, cabine dupla - 2.0 16V 4x4 diesel Aut.","dia",{"$f":"LARGE('Memorial de cálculo'!H116:H117,1)","v":1.7031250000000001E-2},{"$f":"'CPU-VEICULO_Serviços'!$C$11","v":216.87485263887328},{"$f":"TRUNC(E247*F247,2)","v":3.69},"ca"]
[{"$f":"B241","v":"CPU.23"},null,"MÃO DE OBRA",null,null,null,0,"mdo"]
[]
[null,"CPU.24","Concreto projetado c/ aditivo impermeabilizante ","m3",1,null,{"$f":"SUM(G258,G254,G253,G251)","v":1602.6799999999998},"S"]
[{"$f":"B250","v":"CPU.24"},null,"MATERIAL",null,null,null,{"$f":"SUM(G252)","v":380.53},"ss"]
["SINAPI",45146,{"$f":"PROPER(IF(H252=\"i\",VLOOKUP(B252,'Ins SINAPI BA 07-2025 Onerado'!$B$11:$F$50003,2,0),VLOOKUP(B252,'Comp SINAPI BA 07-2025 Onerado'!$B$11:$C$50004,2,0)))","v":"Aditivo Impermeabilizante Cristalizante Para Concreto"},{"$f":"IF(H252=\"i\",VLOOKUP(B252,'Ins SINAPI BA 07-2025 Onerado'!$B$11:$F$50003,3,0),VLOOKUP(B252,'Comp SINAPI BA 07-2025 Onerado'!$B$11:$G$50004,3,0))","v":"KG"},{"$f":"'Memorial de cálculo'!$E$124","v":11.633515600000001},{"$f":"IF(H252=\"i\",VLOOKUP(B252,'Ins SINAPI BA 07-2025 Onerado'!$B$11:$F$10003,5,0),VLOOKUP(B252,'Comp SINAPI BA 07-2025 Onerado'!$B$11:$E$10004,4,0))","v":32.71},{"$f":"TRUNC(E252*F252,2)","v":380.53},"i"]
[{"$f":"B250","v":"CPU.24"},null,"EQUIPAMENTOS ",null,null,null,0,"ss"]
[{"$f":"B250","v":"CPU.24"},null,"SERVIÇOS",null,null,null,{"$f":"SUM(G255:G257)","v":1222.1499999999999},"ss"]
["SICRO",1207711,"Concreto projetado via seca fck = 20 MPa aplicado em superfícies inclinadas e verticais","m3",1,1156.0999999999999,{"$f":"TRUNC(E255*F255,2)","v":1156.0999999999999},"ca"]
["PRÓPRIA","CODE","Hospedagem","un",{"$f":"'Memorial de cálculo'!D121*'Memorial de cálculo'!H121+'Memorial de cálculo'!D122*'Memorial de cálculo'!H122","v":0.24901192069866768},{"$f":"'CPU HOSPEDAGEM'!$C$19","v":91.764507575757577},{"$f":"TRUNC(E256*F256,2)","v":22.85},"ca"]
["PRÓPRIA","CODE","Veículo para serviço tipo pick-up, cabine dupla - 2.0 16V 4x4 diesel Aut.","dia",{"$f":"LARGE('Memorial de cálculo'!H121:H122,1)","v":0.19920953655893414},{"$f":"'CPU-VEICULO_Serviços'!$C$11","v":216.87485263887328},{"$f":"TRUNC(E257*F257,2)","v":43.2},"ca"]
[{"$f":"B250","v":"CPU.24"},null,"MÃO DE OBRA",null,null,null,0,"mdo"]
[]
[null,"CPU.25","Preenchimento com uso de Pedra Argamassada","m3",1,null,{"$f":"SUM(G270,G263,G262,G261)","v":859.18999999999983},"S"]
[{"$f":"B260","v":"CPU.25"},null,"MATERIAL",null,null,null,0,"ss"]
[{"$f":"B260","v":"CPU.25"},null,"EQUIPAMENTOS ",null,null,null,0,"ss"]
[{"$f":"B260","v":"CPU.25"},null,"SERVIÇOS",null,null,null,{"$f":"SUM(G264:G269)","v":859.18999999999983},"ss"]
["SINAPI",103800,{"$f":"PROPER(IF(H264=\"i\",VLOOKUP(B264,'Ins SINAPI BA 07-2025 Onerado'!$B$11:$F$50003,2,0),VLOOKUP(B264,'Comp SINAPI BA 07-2025 Onerado'!$B$11:$C$50004,2,0)))","v":"Pedra Argamassada Com Cimento E Areia 1:3, 40% De Argamassa Em Volume - Areia E Pedra De Mão Comerciais - Fornecimento E Assentamento. Af_08/2022"},{"$f":"IF(H264=\"i\",VLOOKUP(B264,'Ins SINAPI BA 07-2025 Onerado'!$B$11:$F$50003,2,0),VLOOKUP(B264,'Comp SINAPI BA 07-2025 Onerado'!$B$11:$G$50004,3,0))","v":"M3"},1,{"$f":"IF(H264=\"i\",VLOOKUP(B264,'Ins SINAPI BA 07-2025 Onerado'!$B$11:$F$10003,5,0),VLOOKUP(B264,'Comp SINAPI BA 07-2025 Onerado'!$B$11:$E$10004,4,0))","v":577.64},{"$f":"TRUNC(E264*F264,2)","v":577.64},"ca"]
["SINAPI",93589,{"$f":"PROPER(IF(H265=\"i\",VLOOKUP(B265,'Ins SINAPI BA 07-2025 Onerado'!$B$11:$F$50003,2,0),VLOOKUP(B265,'Comp SINAPI BA 07-2025 Onerado'!$B$11:$C$50004,2,0)))","v":"Transporte Com Caminhão Basculante De 10 M³, Em Via Urbana Em Revestimento Primário (Unidade: M3Xkm). Af_07/2020"},{"$f":"IF(H265=\"i\",VLOOKUP(B265,'Ins SINAPI BA 07-2025 Onerado'!$B$11:$F$50003,2,0),VLOOKUP(B265,'Comp SINAPI BA 07-2025 Onerado'!$B$11:$G$50004,3,0))","v":"M3XKM"},{"$f":"'Memorial de cálculo'!$H$8","v":12.333333333333334},{"$f":"IF(H265=\"i\",VLOOKUP(B265,'Ins SINAPI BA 07-2025 Onerado'!$B$11:$F$10003,5,0),VLOOKUP(B265,'Comp SINAPI BA 07-2025 Onerado'!$B$11:$E$10004,4,0))","v":2.71},33.42,"ca"]
["SINAPI",95875,{"$f":"PROPER(IF(H266=\"i\",VLOOKUP(B266,'Ins SINAPI BA 07-2025 Onerado'!$B$11:$F$50003,2,0),VLOOKUP(B266,'Comp SINAPI BA 07-2025 Onerado'!$B$11:$C$50004,2,0)))","v":"Transporte Com Caminhão Basculante De 10 M³, Em Via Urbana Pavimentada, Dmt Até 30 Km (Unidade: M3Xkm). Af_07/2020"},{"$f":"IF(H266=\"i\",VLOOKUP(B266,'Ins SINAPI BA 07-2025 Onerado'!$B$11:$F$50003,2,0),VLOOKUP(B266,'Comp SINAPI BA 07-2025 Onerado'!$B$11:$G$50004,3,0))","v":"M3XKM"},{"$f":"30","v":30},{"$f":"IF(H266=\"i\",VLOOKUP(B266,'Ins SINAPI BA 07-2025 Onerado'!$B$11:$F$10003,5,0),VLOOKUP(B266,'Comp SINAPI BA 07-2025 Onerado'!$B$11:$E$10004,4,0))","v":2.5099999999999998},75.3,"ca"]
["SINAPI",95875,{"$f":"PROPER(IF(H267=\"i\",VLOOKUP(B267,'Ins SINAPI BA 07-2025 Onerado'!$B$11:$F$50003,2,0),VLOOKUP(B267,'Comp SINAPI BA 07-2025 Onerado'!$B$11:$C$50004,2,0)))","v":"Transporte Com Caminhão Basculante De 10 M³, Em Via Urbana Pavimentada, Dmt Até 30 Km (Unidade: M3Xkm). Af_07/2020"},{"$f":"IF(H267=\"i\",VLOOKUP(B267,'Ins SINAPI BA 07-2025 Onerado'!$B$11:$F$50003,2,0),VLOOKUP(B267,'Comp SINAPI BA 07-2025 Onerado'!$B$11:$G$50004,3,0))","v":"M3XKM"},{"$f":"'Memorial de cálculo'!$H$7-30","v":20.633333333333333},{"$f":"IF(H267=\"i\",VLOOKUP(B267,'Ins SINAPI BA 07-2025 Onerado'!$B$11:$F$10003,5,0),VLOOKUP(B267,'Comp SINAPI BA 07-2025 Onerado'!$B$11:$E$10004,4,0))","v":2.5099999999999998},51.78,"ca"]
["PRÓPRIA","CODE","Hospedagem","un",{"$f":"'Memorial de cálculo'!D128*'Memorial de cálculo'!H128+'Memorial de cálculo'!D129*'Memorial de cálculo'!H129","v":0.66473749999999998},{"$f":"'CPU HOSPEDAGEM'!$C$19","v":91.764507575757577},60.99,"ca"]
["PRÓPRIA","CODE","Veículo para serviço tipo pick-up, cabine dupla - 2.0 16V 4x4 diesel Aut.","dia",{"$f":"LARGE('Memorial de cálculo'!H128:H129,1)","v":0.27697500000000003},{"$f":"'CPU-VEICULO_Serviços'!$C$11","v":216.87485263887328},60.06,"ca"]
[{"$f":"B260","v":"CPU.25"},null,"MÃO DE OBRA",null,null,null,0,"mdo"]
[]
[null,"CPU.26","Bombeamento do acúmulo d'água","dia",1,null,{"$f":"SUM(G278,G277,G274,G273)","v":413.96999999999997},"S"]
[{"$f":"B272","v":"CPU.26"},null,"MATERIAL",null,null,null,0,"ss"]
[{"$f":"B272","v":"CPU.26"},null,"EQUIPAMENTOS ",null,null,null,{"$f":"SUM(G275:G276)","v":151.57},"ss"]
["SINAPI",73536,{"$f":"PROPER(IF(H275=\"i\",VLOOKUP(B275,'Ins SINAPI BA 07-2025 Onerado'!$B$11:$F$50003,2,0),VLOOKUP(B275,'Comp SINAPI BA 07-2025 Onerado'!$B$11:$C$50004,2,0)))","v":"Motobomba Centrífuga, Motor A Gasolina, Potência 5,42 Hp, Bocais 1 1/2\" X 1\", Diâmetro Rotor 143 Mm Hm/Q = 6 Mca / 16,8 M3/H A 38 Mca / 6,6 M3/H - Chp Diurno. Af_06/2014"},{"$f":"IF(H275=\"i\",VLOOKUP(B275,'Ins SINAPI BA 07-2025 Onerado'!$B$11:$F$50003,3,0),VLOOKUP(B275,'Comp SINAPI BA 07-2025 Onerado'!$B$11:$G$50004,3,0))","v":"CHP"},7,{"$f":"IF(H275=\"i\",VLOOKUP(B275,'Ins SINAPI BA 07-2025 Onerado'!$B$11:$F$10003,5,0),VLOOKUP(B275,'Comp SINAPI BA 07-2025 Onerado'!$B$11:$E$10004,4,0))","v":21.62},{"$f":"TRUNC(E275*F275,2)","v":151.34},"ca","Inclusive gasolina"]
["SINAPI",5806,{"$f":"PROPER(IF(H276=\"i\",VLOOKUP(B276,'Ins SINAPI BA 07-2025 Onerado'!$B$11:$F$50003,2,0),VLOOKUP(B276,'Comp SINAPI BA 07-2025 Onerado'!$B$11:$C$50004,2,0)))","v":"Motobomba Centrífuga, Motor A Gasolina, Potência 5,42 Hp, Bocais 1 1/2\" X 1\", Diâmetro Rotor 143 Mm Hm/Q = 6 Mca / 16,8 M3/H A 38 Mca / 6,6 M3/H - Chi Diurno. Af_06/2014"},{"$f":"IF(H276=\"i\",VLOOKUP(B276,'Ins SINAPI BA 07-2025 Onerado'!$B$11:$F$50003,3,0),VLOOKUP(B276,'Comp SINAPI BA 07-2025 Onerado'!$B$11:$G$50004,3,0))","v":"CHI"},1,{"$f":"IF(H276=\"i\",VLOOKUP(B276,'Ins SINAPI BA 07-2025 Onerado'!$B$11:$F$10003,5,0),VLOOKUP(B276,'Comp SINAPI BA 07-2025 Onerado'!$B$11:$E$10004,4,0))","v":0.23},{"$f":"TRUNC(E276*F276,2)","v":0.23},"ca"]
[{"$f":"B272","v":"CPU.26"},null,"SERVIÇOS",null,null,null,0,"ss"]
[{"$f":"B272","v":"CPU.26"},null,"MÃO DE OBRA",null,null,null,{"$f":"SUM(G279:G279)","v":262.39999999999998},"mdo"]
["SINAPI",88267,{"$f":"PROPER(IF(H279=\"i\",VLOOKUP(B279,'Ins SINAPI BA 07-2025 Onerado'!$B$11:$F$50003,2,0),VLOOKUP(B279,'Comp SINAPI BA 07-2025 Onerado'!$B$11:$C$50004,2,0)))","v":"Encanador Ou Bombeiro Hidráulico Com Encargos Complementares"},{"$f":"IF(H279=\"i\",VLOOKUP(B279,'Ins SINAPI BA 07-2025 Onerado'!$B$11:$F$50003,3,0),VLOOKUP(B279,'Comp SINAPI BA 07-2025 Onerado'!$B$11:$G$50004,3,0))","v":"H"},{"$f":"8/'Memorial de cálculo'!J131","v":8},{"$f":"IF(H279=\"i\",VLOOKUP(B279,'Ins SINAPI BA 07-2025 Onerado'!$B$11:$F$10003,5,0),VLOOKUP(B279,'Comp SINAPI BA 07-2025 Onerado'!$B$11:$E$10004,4,0))","v":32.799999999999997},{"$f":"TRUNC(E279*F279,2)","v":262.39999999999998},"ca"]
[]
[null,"CPU.27","Recuperação com escavação e reaterro de aberturas na crista (Rachaduras, trincas e burcacos (Sinkholes))","m3",1,null,{"$f":"SUM(G297,G285,G284,G282)","v":342.53999999999996},"S"]
[{"$f":"B281","v":"CPU.27"},null,"MATERIAL",null,null,null,{"$f":"SUM(G283)","v":37.979999999999997},"ss"]
["SINAPI",6081,{"$f":"PROPER(IF(H283=\"i\",VLOOKUP(B283,'Ins SINAPI BA 07-2025 Onerado'!$B$11:$F$50003,2,0),VLOOKUP(B283,'Comp SINAPI BA 07-2025 Onerado'!$G$11:$G$50004,2,0)))","v":"Argila Ou Barro Para Aterro/Reaterro (Com Transporte Ate 10 Km)"},{"$f":"IF(H283=\"i\",VLOOKUP(B283,'Ins SINAPI BA 07-2025 Onerado'!$B$11:$F$50003,3,0),VLOOKUP(B283,'Comp SINAPI BA 07-2025 Onerado'!$G$11:$G$50004,3,0))","v":"M3"},0.7,54.26,{"$f":"TRUNC(E283*F283,2)","v":37.979999999999997},"i"]
[{"$f":"B281","v":"CPU.27"},null,"EQUIPAMENTOS ",null,null,null,0,"ss"]
[{"$f":"B281","v":"CPU.27"},null,"SERVIÇOS",null,null,null,{"$f":"SUM(G286:G296)","v":304.55999999999995},"ss"]
["SINAPI",101230,{"$f":"PROPER(IF(H286=\"i\",VLOOKUP(B286,'Ins SINAPI BA 07-2025 Onerado'!$B$11:$F$50003,2,0),VLOOKUP(B286,'Comp SINAPI BA 07-2025 Onerado'!$B$11:$C$50004,2,0)))","v":"Escavação Vertical Para Infraestrutura, Com Carga, Descarga E Transporte De Solo De 1ª Categoria, Com Escavadeira Hidráulica (Caçamba: 0,8 M³ / 111 Hp), Frota De 3 Caminhões Basculantes De 14 M³, Dmt Até 1 Km E Velocidade Média14 Km/H. Af_05/2020"},{"$f":"IF(H286=\"i\",VLOOKUP(B286,'Ins SINAPI BA 07-2025 Onerado'!$B$11:$F$50003,2,0),VLOOKUP(B286,'Comp SINAPI BA 07-2025 Onerado'!$B$11:$G$50004,3,0))","v":"M3"},1,{"$f":"IF(H286=\"i\",VLOOKUP(B286,'Ins SINAPI BA 07-2025 Onerado'!$B$11:$F$50003,5,0),VLOOKUP(B286,'Comp SINAPI BA 07-2025 Onerado'!$B$11:$E$50004,4,0))","v":11.15},{"$f":"TRUNC(E286*F286,2)","v":11.15},"ca"]
["SINAPI",100976,{"$f":"PROPER(IF(H287=\"i\",VLOOKUP(B287,'Ins SINAPI BA 07-2025 Onerado'!$B$11:$F$50003,2,0),VLOOKUP(B287,'Comp SINAPI BA 07-2025 Onerado'!$B$11:$C$50004,2,0)))","v":"Carga, Manobra E Descarga De Solos E Materiais Granulares Em Caminhão Basculante 18 M³ - Carga Com Pá Carregadeira (Caçamba De 1,7 A 2,8 M³ / 128 Hp) E Descarga Livre (Unidade: M3). Af_07/2020"},{"$f":"IF(H287=\"i\",VLOOKUP(B287,'Ins SINAPI BA 07-2025 Onerado'!$B$11:$F$50003,2,0),VLOOKUP(B287,'Comp SINAPI BA 07-2025 Onerado'!$B$11:$G$50004,3,0))","v":"M3"},0.7,{"$f":"IF(H287=\"i\",VLOOKUP(B287,'Ins SINAPI BA 07-2025 Onerado'!$B$11:$F$50003,5,0),VLOOKUP(B287,'Comp SINAPI BA 07-2025 Onerado'!$B$11:$E$50004,4,0))","v":8.57},5.99,"ca"]
["SINAPI",96385,{"$f":"PROPER(IF(H288=\"i\",VLOOKUP(B288,'Ins SINAPI BA 07-2025 Onerado'!$B$11:$F$50003,2,0),VLOOKUP(B288,'Comp SINAPI BA 07-2025 Onerado'!$B$11:$C$50004,2,0)))","v":"Execução E Compactação De Corpo De Aterro De Aterro (95% De Energia Do Proctor Normal) Com Solo Predominantemente Argiloso Espessura 15 Cm - Exclusive Material, Escavação, Carga E Transporte. Af_09/2024"},{"$f":"IF(H288=\"i\",VLOOKUP(B288,'Ins SINAPI BA 07-2025 Onerado'!$B$11:$F$50003,2,0),VLOOKUP(B288,'Comp SINAPI BA 07-2025 Onerado'!$B$11:$G$50004,3,0))","v":"M3"},1,{"$f":"IF(H288=\"i\",VLOOKUP(B288,'Ins SINAPI BA 07-2025 Onerado'!$B$11:$F$50003,5,0),VLOOKUP(B288,'Comp SINAPI BA 07-2025 Onerado'!$B$11:$E$50004,4,0))","v":13.59},13.59,"ca"]
["SINAPI",93589,{"$f":"PROPER(IF(H289=\"i\",VLOOKUP(B289,'Ins SINAPI BA 07-2025 Onerado'!$B$11:$F$50003,2,0),VLOOKUP(B289,'Comp SINAPI BA 07-2025 Onerado'!$B$11:$C$50004,2,0)))","v":"Transporte Com Caminhão Basculante De 10 M³, Em Via Urbana Em Revestimento Primário (Unidade: M3Xkm). Af_07/2020"},{"$f":"IF(H289=\"i\",VLOOKUP(B289,'Ins SINAPI BA 07-2025 Onerado'!$B$11:$F$50003,2,0),VLOOKUP(B289,'Comp SINAPI BA 07-2025 Onerado'!$B$11:$G$50004,3,0))","v":"M3XKM"},{"$f":"'Memorial de cálculo'!$H$8-10","v":2.3333333333333339},{"$f":"IF(H289=\"i\",VLOOKUP(B289,'Ins SINAPI BA 07-2025 Onerado'!$B$11:$F$50003,5,0),VLOOKUP(B289,'Comp SINAPI BA 07-2025 Onerado'!$B$11:$E$50004,4,0))","v":2.71},6.32,"ca","Transporte da argila"]
["SINAPI",95875,{"$f":"PROPER(IF(H290=\"i\",VLOOKUP(B290,'Ins SINAPI BA 07-2025 Onerado'!$B$11:$F$50003,2,0),VLOOKUP(B290,'Comp SINAPI BA 07-2025 Onerado'!$B$11:$C$50004,2,0)))","v":"Transporte Com Caminhão Basculante De 10 M³, Em Via Urbana Pavimentada, Dmt Até 30 Km (Unidade: M3Xkm). Af_07/2020"},{"$f":"IF(H290=\"i\",VLOOKUP(B290,'Ins SINAPI BA 07-2025 Onerado'!$B$11:$F$50003,2,0),VLOOKUP(B290,'Comp SINAPI BA 07-2025 Onerado'!$B$11:$G$50004,3,0))","v":"M3XKM"},{"$f":"30","v":30},{"$f":"IF(H290=\"i\",VLOOKUP(B290,'Ins SINAPI BA 07-2025 Onerado'!$B$11:$F$50003,5,0),VLOOKUP(B290,'Comp SINAPI BA 07-2025 Onerado'!$B$11:$E$50004,4,0))","v":2.5099999999999998},{"$f":"TRUNC(E290*F290,2)","v":75.3},"ca","Transporte da argila"]
["SINAPI",93590,{"$f":"PROPER(IF(H291=\"i\",VLOOKUP(B291,'Ins SINAPI BA 07-2025 Onerado'!$B$11:$F$50003,2,0),VLOOKUP(B291,'Comp SINAPI BA 07-2025 Onerado'!$B$11:$C$50004,2,0)))","v":"Transporte Com Caminhão Basculante De 10 M³, Em Via Urbana Pavimentada, Adicional Para Dmt Excedente A 30 Km (Unidade: M3Xkm). Af_07/2020"},{"$f":"IF(H291=\"i\",VLOOKUP(B291,'Ins SINAPI BA 07-2025 Onerado'!$B$11:$F$50003,2,0),VLOOKUP(B291,'Comp SINAPI BA 07-2025 Onerado'!$B$11:$G$50004,3,0))","v":"M3XKM"},{"$f":"'Memorial de cálculo'!$H$7-30","v":20.633333333333333},{"$f":"IF(H291=\"i\",VLOOKUP(B291,'Ins SINAPI BA 07-2025 Onerado'!$B$11:$F$50003,5,0),VLOOKUP(B291,'Comp SINAPI BA 07-2025 Onerado'!$B$11:$E$50004,4,0))","v":0.98},20.22,"ca","Transporte da argila"]
["SINAPI",100951,{"$f":"PROPER(IF(H292=\"i\",VLOOKUP(B292,'Ins SINAPI BA 07-2025 Onerado'!$B$11:$F$50003,2,0),VLOOKUP(B292,'Comp SINAPI BA 07-2025 Onerado'!$B$11:$C$50004,2,0)))","v":"Transporte Com Caminhão Carroceria Com Guindauto (Munck), Momento Máximo De Carga 11,7 Tm, Em Via Urbana Em Revestimento Primário (Unidade: Txkm). Af_07/2020"},{"$f":"IF(H292=\"i\",VLOOKUP(B292,'Ins SINAPI BA 07-2025 Onerado'!$B$11:$F$50003,2,0),VLOOKUP(B292,'Comp SINAPI BA 07-2025 Onerado'!$B$11:$G$50004,3,0))","v":"TXKM"},{"$f":"1.5*'Memorial de cálculo'!$H$8/AVERAGE('Memorial de cálculo'!I135:K135)","v":13.875},{"$f":"IF(H292=\"i\",VLOOKUP(B292,'Ins SINAPI BA 07-2025 Onerado'!$B$11:$F$50003,5,0),VLOOKUP(B292,'Comp SINAPI BA 07-2025 Onerado'!$B$11:$E$50004,4,0))","v":3.17},{"$f":"TRUNC(E292*F292,2)","v":43.98},"ca","Tonelada da máquina",null,1.5,null,"(Ida e volta)"]
["SINAPI",100952,{"$f":"PROPER(IF(H293=\"i\",VLOOKUP(B293,'Ins SINAPI BA 07-2025 Onerado'!$B$11:$F$50003,2,0),VLOOKUP(B293,'Comp SINAPI BA 07-2025 Onerado'!$B$11:$C$50004,2,0)))","v":"Transporte Com Caminhão Carroceria Com Guindauto (Munck), Momento Máximo De Carga 11,7 Tm, Em Via Urbana Pavimentada, Dmt Até 30Km (Unidade: Txkm). Af_07/2020"},{"$f":"IF(H293=\"i\",VLOOKUP(B293,'Ins SINAPI BA 07-2025 Onerado'!$B$11:$F$50003,2,0),VLOOKUP(B293,'Comp SINAPI BA 07-2025 Onerado'!$B$11:$G$50004,3,0))","v":"TXKM"},{"$f":"1.5*30/AVERAGE('Memorial de cálculo'!I135:K135)","v":33.75},{"$f":"IF(H293=\"i\",VLOOKUP(B293,'Ins SINAPI BA 07-2025 Onerado'!$B$11:$F$50003,5,0),VLOOKUP(B293,'Comp SINAPI BA 07-2025 Onerado'!$B$11:$E$50004,4,0))","v":2.92},98.55,"ca","Tonelada da máquina",null,1.5,null,"(Ida e volta)"]
["SINAPI",100953,{"$f":"PROPER(IF(H294=\"i\",VLOOKUP(B294,'Ins SINAPI BA 07-2025 Onerado'!$B$11:$F$50003,2,0),VLOOKUP(B294,'Comp SINAPI BA 07-2025 Onerado'!$B$11:$C$50004,2,0)))","v":"Transporte Com Caminhão Carroceria Com Guindauto (Munck), Momento Máximo De Carga 11,7 Tm, Em Via Urbana Pavimentada, Adicional Para Dmt Excedente A 30 Km (Unidade: Txkm). Af_07/2020"},{"$f":"IF(H294=\"i\",VLOOKUP(B294,'Ins SINAPI BA 07-2025 Onerado'!$B$11:$F$50003,2,0),VLOOKUP(B294,'Comp SINAPI BA 07-2025 Onerado'!$B$11:$G$50004,3,0))","v":"TXKM"},{"$f":"1.5*('Memorial de cálculo'!$H$7-30)/AVERAGE('Memorial de cálculo'!I135:K135)","v":23.212500000000002},{"$f":"IF(H294=\"i\",VLOOKUP(B294,'Ins SINAPI BA 07-2025 Onerado'!$B$11:$F$50003,5,0),VLOOKUP(B294,'Comp SINAPI BA 07-2025 Onerado'!$B$11:$E$50004,4,0))","v":1.1599999999999999},26.92,"ca","Tonelada da máquina",null,1.5,null,"(Ida e volta)"]
["PRÓPRIA","CODE","Hospedagem","un",{"$f":"'Memorial de cálculo'!D137*'Memorial de cálculo'!H137+'Memorial de cálculo'!D138*'Memorial de cálculo'!H138+'Memorial de cálculo'!D139*'Memorial de cálculo'!H139","v":1.5358537500000002E-2},{"$f":"'CPU HOSPEDAGEM'!$C$19","v":91.764507575757577},1.4,"ca"]
["PRÓPRIA","CODE","Veículo para serviço tipo pick-up, cabine dupla - 2.0 16V 4x4 diesel Aut.","dia",{"$f":"LARGE('Memorial de cálculo'!H138:H139,1)","v":5.2946250000000007E-3},{"$f":"'CPU-VEICULO_Serviços'!$C$11","v":216.87485263887328},1.1399999999999999,"ca"]
[{"$f":"B281","v":"CPU.27"},null,"MÃO DE OBRA",null,null,null,0,"mdo"]
[]
[null,"CPU.28","Canaleta meia cana de concreto (D=30cm) - Fornecimento e instalação","m",1,null,{"$f":"SUM(G311,G302,G301,G300)","v":107.32999999999998},"S"]
[{"$f":"B299","v":"CPU.28"},null,"MATERIAL",null,null,null,0,"ss"]
[{"$f":"B299","v":"CPU.28"},null,"EQUIPAMENTOS ",null,null,null,0,"ss"]
[{"$f":"B299","v":"CPU.28"},null,"SERVIÇOS",null,null,null,{"$f":"SUM(G303:G310)","v":107.32999999999998},"ss"]
["SINAPI",93358,{"$f":"PROPER(IF(H303=\"i\",VLOOKUP(B303,'Ins SINAPI BA 07-2025 Onerado'!$B$11:$F$50003,2,0),VLOOKUP(B303,'Comp SINAPI BA 07-2025 Onerado'!$B$11:$C$50004,2,0)))","v":"Escavação Manual De Vala. Af_09/2024"},{"$f":"IF(H303=\"i\",VLOOKUP(B303,'Ins SINAPI BA 07-2025 Onerado'!$B$11:$F$50003,3,0),VLOOKUP(B303,'Comp SINAPI BA 07-2025 Onerado'!$B$11:$G$50004,3,0))","v":"M3"},{"$f":"PI()*(0.3^2)/2","v":0.1413716694115407},{"$f":"IF(H303=\"i\",VLOOKUP(B303,'Ins SINAPI BA 07-2025 Onerado'!$B$11:$F$10003,5,0),VLOOKUP(B303,'Comp SINAPI BA 07-2025 Onerado'!$B$11:$E$10004,4,0))","v":96.4},{"$f":"TRUNC(E303*F303,2)","v":13.62},"ca"]
["SBC",20656,"APILOAMENTO E REGULARIZACAO MANUAL DE FUNDO DE CAVAS","M2",{"$f":"0.3*3","v":0.89999999999999991},27.94,{"$f":"TRUNC(E304*F304,2)","v":25.14},"ca"]
["SINAPI",102990,{"$f":"PROPER(IF(H305=\"i\",VLOOKUP(B305,'Ins SINAPI BA 07-2025 Onerado'!$B$11:$F$50003,2,0),VLOOKUP(B305,'Comp SINAPI BA 07-2025 Onerado'!$B$11:$C$50004,2,0)))","v":"Canaleta Meia Cana Pré-Moldada De Concreto (D = 30 Cm) - Fornecimento E Instalação. Af_05/2025"},{"$f":"IF(H305=\"i\",VLOOKUP(B305,'Ins SINAPI BA 07-2025 Onerado'!$B$11:$F$50003,3,0),VLOOKUP(B305,'Comp SINAPI BA 07-2025 Onerado'!$B$11:$G$50004,3,0))","v":"M"},1,{"$f":"IF(H305=\"i\",VLOOKUP(B305,'Ins SINAPI BA 07-2025 Onerado'!$B$11:$F$10003,5,0),VLOOKUP(B305,'Comp SINAPI BA 07-2025 Onerado'!$B$11:$E$10004,4,0))","v":46.47},{"$f":"TRUNC(E305*F305,2)","v":46.47},"ca"]
["SINAPI",100946,{"$f":"PROPER(IF(H306=\"i\",VLOOKUP(B306,'Ins SINAPI BA 07-2025 Onerado'!$B$11:$F$50003,2,0),VLOOKUP(B306,'Comp SINAPI BA 07-2025 Onerado'!$B$11:$C$50004,2,0)))","v":"Transporte Com Caminhão Carroceria 9T, Em Via Urbana Em Revestimento Primário (Unidade: Txkm). Af_07/2020"},{"$f":"IF(H306=\"i\",VLOOKUP(B306,'Ins SINAPI BA 07-2025 Onerado'!$B$11:$F$50003,3,0),VLOOKUP(B306,'Comp SINAPI BA 07-2025 Onerado'!$B$11:$G$50004,3,0))","v":"TXKM"},{"$f":"0.052*'Memorial de cálculo'!H8","v":0.64133333333333331},{"$f":"IF(H306=\"i\",VLOOKUP(B306,'Ins SINAPI BA 07-2025 Onerado'!$B$11:$F$10003,5,0),VLOOKUP(B306,'Comp SINAPI BA 07-2025 Onerado'!$B$11:$E$10004,4,0))","v":2.4900000000000002},1.59,"ca","considerando 52 kg por metro de canaleta"]
["SINAPI",100947,{"$f":"PROPER(IF(H307=\"i\",VLOOKUP(B307,'Ins SINAPI BA 07-2025 Onerado'!$B$11:$F$50003,2,0),VLOOKUP(B307,'Comp SINAPI BA 07-2025 Onerado'!$B$11:$C$50004,2,0)))","v":"Transporte Com Caminhão Carroceria 9T, Em Via Urbana Pavimentada, Dmt Até 30Km (Unidade: Txkm). Af_07/2020"},{"$f":"IF(H307=\"i\",VLOOKUP(B307,'Ins SINAPI BA 07-2025 Onerado'!$B$11:$F$50003,3,0),VLOOKUP(B307,'Comp SINAPI BA 07-2025 Onerado'!$B$11:$G$50004,3,0))","v":"TXKM"},{"$f":"0.052*30","v":1.5599999999999998},{"$f":"IF(H307=\"i\",VLOOKUP(B307,'Ins SINAPI BA 07-2025 Onerado'!$B$11:$F$10003,5,0),VLOOKUP(B307,'Comp SINAPI BA 07-2025 Onerado'!$B$11:$E$10004,4,0))","v":2.29},3.57,"ca","considerando 52 kg por metro de canaleta"]
["SINAPI",100948,{"$f":"PROPER(IF(H308=\"i\",VLOOKUP(B308,'Ins SINAPI BA 07-2025 Onerado'!$B$11:$F$50003,2,0),VLOOKUP(B308,'Comp SINAPI BA 07-2025 Onerado'!$B$11:$C$50004,2,0)))","v":"Transporte Com Caminhão Carroceria 9T, Em Via Urbana Pavimentada, Adicional Para Dmt Excedente A 30 Km (Unidade: Txkm). Af_07/2020"},{"$f":"IF(H308=\"i\",VLOOKUP(B308,'Ins SINAPI BA 07-2025 Onerado'!$B$11:$F$50003,3,0),VLOOKUP(B308,'Comp SINAPI BA 07-2025 Onerado'!$B$11:$G$50004,3,0))","v":"TXKM"},{"$f":"0.052*('Memorial de cálculo'!H7-30)","v":1.0729333333333333},{"$f":"IF(H308=\"i\",VLOOKUP(B308,'Ins SINAPI BA 07-2025 Onerado'!$B$11:$F$10003,5,0),VLOOKUP(B308,'Comp SINAPI BA 07-2025 Onerado'!$B$11:$E$10004,4,0))","v":0.91},0.97,"ca","considerando 52 kg por metro de canaleta"]
["PRÓPRIA","CODE","Hospedagem","un",{"$f":"'Memorial de cálculo'!D144*'Memorial de cálculo'!H144+'Memorial de cálculo'!D145*'Memorial de cálculo'!H145","v":7.9799999999999996E-2},{"$f":"'CPU HOSPEDAGEM'!$C$19","v":91.764507575757577},{"$f":"TRUNC(E309*F309,2)","v":7.32},"ca"]
["PRÓPRIA","CODE","Veículo para serviço tipo pick-up, cabine dupla - 2.0 16V 4x4 diesel Aut.","dia",{"$f":"LARGE('Memorial de cálculo'!H144:H145,1)","v":3.9899999999999998E-2},{"$f":"'CPU-VEICULO_Serviços'!$C$11","v":216.87485263887328},8.65,"ca"]
[{"$f":"B299","v":"CPU.28"},null,"MÃO DE OBRA",null,null,null,0,"mdo"]

{"sheet":"Cronograma Macaúbas","index":5,"n_rows":48,"n_cols":12,"rows_kept":48,"cut":false,"hidden":false,"merged":[[9,0,10,0],[9,1,10,1],[9,2,10,2],[9,3,9,5],[9,6,10,6],[0,0,0,6],[1,0,1,6],[2,0,2,6],[3,0,3,6],[4,1,4,6],[11,0,12,0],[11,1,12,1],[13,0,14,0],[13,1,14,1],[15,0,16,0],[15,1,16,1],[17,0,18,0],[17,1,18,1],[19,0,20,0],[19,1,20,1],[21,0,22,0],[21,1,22,1],[29,0,30,0],[29,1,30,1],[23,0,24,0],[23,1,24,1],[25,0,26,0],[25,1,26,1],[27,0,28,0],[27,1,28,1]]}
["Ministério da Integração e do Desenvolvimento Regional"]
["Companhia de Desenvolvimento dos Vales do São Francisco e do Parnaíba"]
[]
["CRONOGRAMA FÍSICO-FINANCEIRO NÃO DESONERADO"]
[{"$f":"MACAÚBAS!A5","v":"OBRA:"},{"$f":"MACAÚBAS!B5:F5","v":"Execução de manutenção e recuperação nas barragens de Macaúbas, Rio da Caixa e Baixão do Cecílio, localizadas no estado da Bahia."}]
[{"$f":"MACAÚBAS!A6","v":"LOCAL:"},{"$f":"MACAÚBAS!B6","v":"Macaúbas - BA"}]
[{"$f":"MACAÚBAS!A7","v":"DATA BASE:"},{"$f":"MACAÚBAS!B7","v":"2025-09-01"}]
[{"$f":"MACAÚBAS!A8","v":"PRAZO:"},{"$f":"MACAÚBAS!B8","v":"90 dias"}]
[null,{"$f":"MACAÚBAS!B9","v":"Macaúbas"}]
["ITEM","DESCRIÇÃO","TOTAL POR ETAPA","MESES",null,null,"TOTAL"]
[null,null,null,1,2,3]
[1,{"$f":"VLOOKUP(A12,MACAÚBAS!A:I,4)","v":"ADMINISTRAÇÃO DA OBRA"},{"$f":"VLOOKUP(A12,MACAÚBAS!A$11:I$1022,9)","v":109766.52},{"$f":"$C12*D13","v":42123.765058258352},{"$f":"$C12*E13","v":50040.925365817311},{"$f":"$C12*F13","v":17601.829575924345},{"$f":"SUM(D12:F12)","v":109766.52000000002},"R$"]
[null,null,{"$f":"C12/C12","v":1},{"$f":"SUMIF($H$14:$H$31,\"R$\",D$14:D$31)/$C$32","v":0.38375786221753544},{"$f":"SUMIF($H$14:$H$31,\"R$\",E$14:E$31)/$C$32+D34-D13","v":0.45588514025786103},{"$f":"1-SUM(D13:E13)","v":0.16035699752460353},1,"%"]
[2,{"$f":"VLOOKUP(A14,MACAÚBAS!A:I,4)","v":"SERVIÇOS PRELIMINARES"},{"$f":"VLOOKUP(A14,MACAÚBAS!A$11:I$1022,9)","v":26422.19},{"$f":"$C14*D15","v":26422.19},null,null,26422.19,"R$"]
[null,null,{"$f":"C14/C14","v":1},1,null,null,1,"%"]
[3,{"$f":"VLOOKUP(A16,MACAÚBAS!A:I,4)","v":"CORTE DA VEGETAÇÃO E REMOÇÃO DAS RAIZES"},{"$f":"VLOOKUP(A16,MACAÚBAS!A$11:I$1022,9)","v":73851.600000000006},{"$f":"$C16*D17","v":73851.600000000006},null,null,73851.600000000006,"R$"]
[null,null,{"$f":"C16/C16","v":1},1,null,null,1,"%"]
[4,{"$f":"VLOOKUP(A18,MACAÚBAS!A:I,4)","v":"RECUPERAÇÃO DO MACIÇO"},{"$f":"VLOOKUP(A18,MACAÚBAS!A$11:I$1022,9)","v":5536.2},{"$f":"$C18*D19","v":5536.2},null,null,5536.2,"R$"]
[null,null,{"$f":"C18/C18","v":1},1,null,null,1,"%"]
[5,{"$f":"VLOOKUP(A20,MACAÚBAS!A:I,4)","v":"REGULARIZAÇÃO E PAVIMENTAÇÃO DA CRISTA"},{"$f":"VLOOKUP(A20,MACAÚBAS!A$11:I$1022,9)","v":387273.46},{"$f":"$C20*D21","v":193636.73},{"$f":"$C20*E21","v":193636.73},null,387273.46,"R$"]
[null,null,{"$f":"C20/C20","v":1},0.5,0.5,null,1,"%"]
[6,{"$f":"VLOOKUP(A22,MACAÚBAS!A:I,4)","v":"MANUTENÇÃO NO TALUDE DE MONTANTE"},{"$f":"VLOOKUP(A22,MACAÚBAS!A$11:I$1022,9)","v":14501.27},null,{"$f":"$C22*E23","v":14501.27},null,14501.27,"R$"]
[null,null,{"$f":"C22/C22","v":1},null,1,null,1,"%"]
[7,{"$f":"VLOOKUP(A24,MACAÚBAS!A:I,4)","v":"PROTEÇÃO SUPERFICIAL DO TALUDE DE JUSANTE"},{"$f":"VLOOKUP(A24,MACAÚBAS!A$11:I$1022,9)","v":132200.85999999999},null,{"$f":"$C24*E25","v":105760.68799999999},{"$f":"$C24*F25","v":26440.171999999999},132200.85999999999,"R$"]
[null,null,{"$f":"C24/C24","v":1},null,0.8,0.2,1,"%"]
[8,{"$f":"VLOOKUP(A26,MACAÚBAS!A:I,4)","v":"SERVIÇOS COMPLEMENTARES"},{"$f":"VLOOKUP(A26,MACAÚBAS!A$11:I$1022,9)","v":4550.7999999999993},null,null,{"$f":"$C26*F27","v":4550.7999999999993},4550.7999999999993,"R$"]
[null,null,{"$f":"C26/C26","v":1},null,null,1,1,"%"]
[9,{"$f":"VLOOKUP(A28,MACAÚBAS!A:I,4)","v":"PROJETO \"AS IS\""},{"$f":"VLOOKUP(A28,MACAÚBAS!A$11:I$1022,9)","v":26243.629999999997},null,null,{"$f":"$C28*F29","v":26243.629999999997},26243.629999999997,"R$"]
[null,null,{"$f":"C28/C28","v":1},null,null,1,1,"%"]
[10,{"$f":"VLOOKUP(A30,MACAÚBAS!A:I,4)","v":"FISCALIZAÇÃO E ACOMPANHAMENTO"},{"$f":"VLOOKUP(A30,MACAÚBAS!A$11:I$1022,9)","v":1071.05},{"$f":"$C30*D31","v":428.42},{"$f":"$C30*E31","v":214.21},{"$f":"$C30*F31","v":428.42},1071.05,"R$"]
[null,null,1,{"$f":"2/5","v":0.4},{"$f":"1/5","v":0.2},{"$f":"2/5","v":0.4},1,"%"]
[null,"VALOR TOTAL:",{"$f":"SUMIF($H$12:$H$31,\"R$\",C$12:C$31)","v":781417.58000000007},{"$f":"SUMIF($H$12:$H$31,\"R$\",D$12:D$31)","v":341998.90505825839},{"$f":"SUMIF($H$12:$H$31,\"R$\",E$12:E$31)","v":364153.82336581731},{"$f":"SUMIF($H$12:$H$31,\"R$\",F$12:F$31)","v":75264.851575924331},{"$f":"SUMIF($H$12:$H$31,\"R$\",G$12:G$31)","v":781417.58000000019}]
[null,"VALOR ACUMULADO:",null,{"$f":"D32","v":341998.90505825839},{"$f":"E32+D33","v":706152.72842407576},{"$f":"F32+E33","v":781417.58000000007},{"$f":"G32","v":781417.58000000019},{"$nulls":4},{"$f":"IF(G33=MACAÚBAS!I72,\"ok\",\"verificar\")","v":"ok"}]
[null,"FÍSICO PARCIAL:",null,{"$f":"SUMIF($H$12:$H$31,\"R$\",D$12:D$31)/$C$32","v":0.43766471834209097},{"$f":"SUMIF($H$12:$H$31,\"R$\",E$12:E$31)/$C$32","v":0.46601693215785761},{"$f":"SUMIF($H$12:$H$31,\"R$\",F$12:F$31)/$C$32","v":9.6318349500051331E-2},{"$f":"SUMIF($H$12:$H$31,\"R$\",G$12:G$31)/$C$32","v":1.0000000000000002}]
[null,"AVANÇO FÍSICO:",null,{"$f":"D34","v":0.43766471834209097},{"$f":"E34+D35","v":0.90368165049994853},{"$f":"F34+E35","v":0.99999999999999989}]
{"$rows_empty":12}
[{"$nulls":5},"    "]

{"sheet":"Cronograma Rio da Caixa","index":6,"n_rows":48,"n_cols":12,"rows_kept":48,"cut":false,"hidden":false,"merged":[[9,0,10,0],[9,1,10,1],[9,2,10,2],[9,3,9,5],[9,6,10,6],[0,0,0,6],[1,0,1,6],[2,0,2,6],[3,0,3,6],[4,1,4,6],[11,0,12,0],[11,1,12,1],[13,0,14,0],[13,1,14,1],[15,0,16,0],[15,1,16,1],[17,0,18,0],[17,1,18,1],[23,0,24,0],[23,1,24,1],[25,0,26,0],[25,1,26,1],[29,0,30,0],[29,1,30,1],[27,0,28,0],[27,1,28,1],[19,0,20,0],[19,1,20,1],[21,0,22,0],[21,1,22,1]]}
["Ministério da Integração e do Desenvolvimento Regional"]
["Companhia de Desenvolvimento dos Vales do São Francisco e do Parnaíba"]
[]
["CRONOGRAMA FÍSICO-FINANCEIRO NÃO DESONERADO"]
[{"$f":"MACAÚBAS!A5","v":"OBRA:"},{"$f":"'RIO DA CAIXA'!B5:F5","v":"Execução de manutenção e recuperação nas barragens de Macaúbas, Rio da Caixa e Baixão do Cecílio, localizadas no estado da Bahia."}]
[{"$f":"MACAÚBAS!A6","v":"LOCAL:"},{"$f":"'RIO DA CAIXA'!B6","v":"Rio do Pires - BA"}]
[{"$f":"MACAÚBAS!A7","v":"DATA BASE:"},{"$f":"'RIO DA CAIXA'!B7","v":"2025-09-01"}]
[{"$f":"MACAÚBAS!A8","v":"PRAZO:"},{"$f":"'RIO DA CAIXA'!B8","v":"90 dias"}]
[null,{"$f":"'RIO DA CAIXA'!B9","v":"Rio da Caixa"}]
["ITEM","DESCRIÇÃO","TOTAL POR ETAPA","MESES",null,null,"TOTAL"]
[null,null,null,1,2,3]
[1,{"$f":"VLOOKUP(A12,'RIO DA CAIXA'!A:I,4)","v":"ADMINISTRAÇÃO DA OBRA"},{"$f":"VLOOKUP(A12,'RIO DA CAIXA'!A$11:I$1018,9)","v":109766.52},{"$f":"$C12*D13","v":34656.502408978507},{"$f":"$C12*E13","v":44800.614430722417},{"$f":"$C12*F13","v":30309.40316029908},{"$f":"SUM(D12:F12)","v":109766.52000000002},"R$"]
[null,null,{"$f":"C12/C12","v":1},{"$f":"SUMIF($H$14:$H$31,\"R$\",D$14:D$31)/$C$32","v":0.31572926251992417},{"$f":"SUMIF($H$14:$H$31,\"R$\",E$14:E$31)/$C$32+D34-D13","v":0.40814461851138595},{"$f":"1-SUM(D13:E13)","v":0.27612611896868988},{"$f":"SUM(D13:F13)","v":1},"%"]
[2,{"$f":"VLOOKUP(A14,'RIO DA CAIXA'!A:I,4)","v":"SERVIÇOS PRELIMINARES"},{"$f":"VLOOKUP(A14,'RIO DA CAIXA'!A$11:I$1018,9)","v":26422.19},{"$f":"$C14*D15","v":26422.19},null,null,26422.19,"R$"]
[null,null,{"$f":"C14/C14","v":1},1,null,null,1,"%"]
[3,{"$f":"VLOOKUP(A16,'RIO DA CAIXA'!A:I,4)","v":"CORTE DA VEGETAÇÃO E REMOÇÃO DAS RAIZES"},{"$f":"VLOOKUP(A16,'RIO DA CAIXA'!A$11:I$1018,9)","v":21115.9},{"$f":"$C16*D17","v":21115.9},null,null,21115.9,"R$"]
[null,null,{"$f":"C16/C16","v":1},1,null,null,1,"%"]
["4.1",{"$f":"VLOOKUP(A18,'RIO DA CAIXA'!A:I,4)","v":"Recuperação da Crista"},{"$f":"VLOOKUP(A18,'RIO DA CAIXA'!A$11:I$1018,9)","v":26174.03},{"$f":"$C18*D19","v":26174.03},null,null,26174.03,"R$"]
[null,null,{"$f":"C18/C18","v":1},1,null,null,1,"%"]
["4.2",{"$f":"VLOOKUP(A20,'RIO DA CAIXA'!A:I,4)","v":"Recuperação do Paramento de Montante"},{"$f":"VLOOKUP(A20,'RIO DA CAIXA'!A$11:I$1018,9)","v":34111.5},{"$f":"$C20*D21","v":34111.5},null,null,{"$f":"SUM(D20:F20)","v":34111.5},"R$"]
[null,null,1,1,null,null,1,"%"]
["4.3",{"$f":"VLOOKUP(A22,'RIO DA CAIXA'!A:I,4)","v":"Recuperação do Paramento de Jusante"},{"$f":"VLOOKUP(A22,'RIO DA CAIXA'!A$11:I$1018,9)","v":99235.69},null,{"$f":"$C22*E23","v":99235.69},null,{"$f":"SUM(D22:F22)","v":99235.69},"R$"]
[null,null,1,null,1,null,1,"%"]
[5,{"$f":"VLOOKUP(A24,'RIO DA CAIXA'!A:I,4)","v":"PROTEÇÃO DE DESCALÇAMENTO DO PÉ DO VERTEDOURO"},{"$f":"VLOOKUP(A24,'RIO DA CAIXA'!A$11:I$1018,9)","v":5831.49},null,{"$f":"$C24*E25","v":5831.49},null,5831.49,"R$"]
[null,null,{"$f":"C24/C24","v":1},null,1,null,1,"%"]
[6,{"$f":"VLOOKUP(A26,'RIO DA CAIXA'!A:I,4)","v":"SERVIÇOS COMPLEMENTARES"},{"$f":"VLOOKUP(A26,'RIO DA CAIXA'!A$11:I$1018,9)","v":5960.92},null,null,{"$f":"$C26*F27","v":5960.92},5960.92,"R$"]
[null,null,{"$f":"C26/C26","v":1},null,null,1,1,"%"]
[7,{"$f":"VLOOKUP(A28,'RIO DA CAIXA'!A:I,4)","v":"PROJETO \"AS IS\""},{"$f":"VLOOKUP(A28,'RIO DA CAIXA'!A$11:I$1018,9)","v":13174.21},null,null,{"$f":"$C28*F29","v":13174.21},13174.21,"R$"]
[null,null,{"$f":"C28/C28","v":1},null,null,1,1,"%"]
[8,{"$f":"VLOOKUP(A30,'RIO DA CAIXA'!A:I,4)","v":"FISCALIZAÇÃO E ACOMPANHAMENTO"},{"$f":"VLOOKUP(A30,'RIO DA CAIXA'!A$11:I$1018,9)","v":1071.05},{"$f":"$C30*D31","v":428.42},{"$f":"$C30*E31","v":214.21},{"$f":"$C30*F31","v":428.42},1071.05,"R$"]
[null,null,{"$f":"C30/C30","v":1},{"$f":"2/5","v":0.4},{"$f":"1/5","v":0.2},{"$f":"2/5","v":0.4},1,"%"]
[null,"VALOR TOTAL:",{"$f":"SUMIF($H$12:$H$31,\"R$\",C$12:C$31)","v":342863.49999999994},{"$f":"SUMIF($H$12:$H$31,\"R$\",D$12:D$31)","v":142908.54240897851},{"$f":"SUMIF($H$12:$H$31,\"R$\",E$12:E$31)","v":150082.00443072242},{"$f":"SUMIF($H$12:$H$31,\"R$\",F$12:F$31)","v":49872.953160299076},{"$f":"SUMIF($H$12:$H$31,\"R$\",G$12:G$31)","v":342863.5}]
[null,"VALOR ACUMULADO:",null,{"$f":"D32","v":142908.54240897851},{"$f":"E32+D33","v":292990.5468397009},{"$f":"F32+E33","v":342863.5},{"$f":"G32","v":342863.5},{"$nulls":4},{"$f":"IF(G33='RIO DA CAIXA'!I67,\"ok\",\"verificar\")","v":"ok"}]
[null,"FÍSICO PARCIAL:",null,{"$f":"SUMIF($H$12:$H$31,\"R$\",D$12:D$31)/$C$32","v":0.41680885369535847},{"$f":"SUMIF($H$12:$H$31,\"R$\",E$12:E$31)/$C$32","v":0.43773106332614126},{"$f":"SUMIF($H$12:$H$31,\"R$\",F$12:F$31)/$C$32","v":0.14546008297850044},{"$f":"SUMIF($H$12:$H$31,\"R$\",G$12:G$31)/$C$32","v":1.0000000000000002}]
[null,"AVANÇO FÍSICO:",null,{"$f":"D34","v":0.41680885369535847},{"$f":"E34+D35","v":0.85453991702149978},{"$f":"F34+E35","v":1.0000000000000002}]
{"$rows_empty":12}
[{"$nulls":5},"    "]

{"sheet":"Cronograma Baixão do Cecílio","index":7,"n_rows":48,"n_cols":12,"rows_kept":48,"cut":false,"hidden":false,"merged":[[9,0,10,0],[9,1,10,1],[9,2,10,2],[9,3,9,5],[9,6,10,6],[0,0,0,6],[1,0,1,6],[2,0,2,6],[3,0,3,6],[4,1,4,6],[11,0,12,0],[11,1,12,1],[13,0,14,0],[13,1,14,1],[15,0,16,0],[15,1,16,1],[17,0,18,0],[17,1,18,1],[19,0,20,0],[19,1,20,1],[21,0,22,0],[21,1,22,1],[33,0,34,0],[33,1,34,1],[23,0,24,0],[23,1,24,1],[25,0,26,0],[25,1,26,1],[27,0,28,0],[27,1,28,1],[29,0,30,0],[29,1,30,1],[31,0,32,0],[31,1,32,1]]}
["Ministério da Integração e do Desenvolvimento Regional"]
["Companhia de Desenvolvimento dos Vales do São Francisco e do Parnaíba"]
[]
["CRONOGRAMA FÍSICO-FINANCEIRO NÃO DESONERADO"]
[{"$f":"MACAÚBAS!A5","v":"OBRA:"},{"$f":"'BAIXÃO DO CECÍLIO'!B5:F5","v":"Execução de manutenção e recuperação nas barragens de Macaúbas, Rio da Caixa e Baixão do Cecílio, localizadas no estado da Bahia."}]
[{"$f":"MACAÚBAS!A6","v":"LOCAL:"},{"$f":"'BAIXÃO DO CECÍLIO'!B6","v":"Buritirama - BA"}]
[{"$f":"MACAÚBAS!A7","v":"DATA BASE:"},{"$f":"'BAIXÃO DO CECÍLIO'!B7","v":"2025-09-01"}]
[{"$f":"MACAÚBAS!A8","v":"PRAZO:"},{"$f":"'BAIXÃO DO CECÍLIO'!B8","v":"90 dias"}]
[null,{"$f":"'BAIXÃO DO CECÍLIO'!B9","v":"Baixão do Cecílio"}]
["ITEM","DESCRIÇÃO","TOTAL POR ETAPA","MESES",null,null,"TOTAL"]
[null,null,null,1,2,3]
[1,{"$f":"VLOOKUP(A12,'BAIXÃO DO CECÍLIO'!A:I,4)","v":"ADMINISTRAÇÃO DA OBRA"},{"$f":"VLOOKUP(A12,'BAIXÃO DO CECÍLIO'!A$11:I$1022,9)","v":109766.52},{"$f":"$C12*D13","v":26334.887951611847},{"$f":"$C12*E13","v":43774.142948815621},{"$f":"$C12*F13","v":39657.489099572536},{"$f":"SUM(D12:F12)","v":109766.51999999999},"R$"]
[null,null,{"$f":"C12/C12","v":1},{"$f":"SUMIF($H$14:$H$35,\"R$\",D$14:D$35)/$C$36","v":0.23991730767825969},{"$f":"SUMIF($H$14:$H$35,\"R$\",E$14:E$35)/$C$36+D38-D13","v":0.39879321079702279},{"$f":"1-SUM(D13:E13)","v":0.36128948152471752},1,"%"]
[2,{"$f":"VLOOKUP(A14,'BAIXÃO DO CECÍLIO'!A:I,4)","v":"SERVIÇOS PRELIMINARES"},{"$f":"VLOOKUP(A14,'BAIXÃO DO CECÍLIO'!A$11:I$1022,9)","v":26422.19},{"$f":"$C14*D15","v":26422.19},null,null,26422.19,"R$"]
[null,null,{"$f":"C14/C14","v":1},1,null,null,1,"%"]
[3,{"$f":"VLOOKUP(A16,'BAIXÃO DO CECÍLIO'!A:I,4)","v":"CORTE DA VEGETAÇÃO E REMOÇÃO DAS RAIZES"},{"$f":"VLOOKUP(A16,'BAIXÃO DO CECÍLIO'!A$11:I$1022,9)","v":34542.199999999997},{"$f":"$C16*D17","v":34542.199999999997},null,null,34542.199999999997,"R$"]
[null,null,{"$f":"C16/C16","v":1},1,null,null,1,"%"]
[4,{"$f":"VLOOKUP(A18,'BAIXÃO DO CECÍLIO'!A:I,4)","v":"RECUPERAÇÃO DO MACIÇO"},{"$f":"VLOOKUP(A18,'BAIXÃO DO CECÍLIO'!A$11:I$1022,9)","v":6263.7699999999995},{"$f":"$C18*D19","v":6263.7699999999995},null,null,6263.7699999999995,"R$"]
[null,null,{"$f":"C18/C18","v":1},1,null,null,1,"%"]
[5,{"$f":"VLOOKUP(A20,'BAIXÃO DO CECÍLIO'!A:I,4)","v":"REGULARIZAÇÃO E PAVIMENTAÇÃO DA CRISTA"},{"$f":"VLOOKUP(A20,'BAIXÃO DO CECÍLIO'!A$11:I$1022,9)","v":39212.86},null,{"$f":"$C20*E21","v":39212.86},null,39212.86,"R$"]
[null,null,{"$f":"C20/C20","v":1},null,1,null,1,"%"]
[6,{"$f":"VLOOKUP(A22,'BAIXÃO DO CECÍLIO'!A:I,4)","v":"MANUTENÇÃO DO TALUDE DE MONTANTE"},{"$f":"VLOOKUP(A22,'BAIXÃO DO CECÍLIO'!A$11:I$1022,9)","v":25213.74},null,{"$f":"$C22*E23","v":25213.74},null,25213.74,"R$"]
[null,null,{"$f":"C22/C22","v":1},null,1,null,1,"%"]
[7,{"$f":"VLOOKUP(A24,'BAIXÃO DO CECÍLIO'!A:I,4)","v":"DRENAGEM SUPERFICIAL DO TALUDE DE JUSANTE"},{"$f":"VLOOKUP(A24,'BAIXÃO DO CECÍLIO'!A$11:I$1022,9)","v":5554.08},null,{"$f":"$C24*E25","v":5554.08},null,5554.08,"R$"]
[null,null,{"$f":"C24/C24","v":1},null,1,null,1,"%"]
[8,{"$f":"VLOOKUP(A26,'BAIXÃO DO CECÍLIO'!A:I,4)","v":"PROTEÇÃO SUPERFICIAL DO TALUDE DE JUSANTE"},{"$f":"VLOOKUP(A26,'BAIXÃO DO CECÍLIO'!A$11:I$1022,9)","v":14138.66},null,{"$f":"$C26*E27","v":14138.66},null,14138.66,"R$"]
[null,null,{"$f":"C26/C26","v":1},null,1,null,1,"%"]
[9,{"$f":"VLOOKUP(A28,'BAIXÃO DO CECÍLIO'!A:I,4)","v":"RECUPERAÇÃO DO VERTEDOURO"},{"$f":"VLOOKUP(A28,'BAIXÃO DO CECÍLIO'!A$11:I$1022,9)","v":1791.08},null,{"$f":"$C28*E29","v":1791.08},null,1791.08,"R$"]
[null,null,{"$f":"C28/C28","v":1},null,1,null,1,"%"]
[10,{"$f":"VLOOKUP(A30,'BAIXÃO DO CECÍLIO'!A:I,4)","v":"SERVIÇOS COMPLEMENTARES"},{"$f":"VLOOKUP(A30,'BAIXÃO DO CECÍLIO'!A$11:I$1022,9)","v":4550.7999999999993},null,null,{"$f":"$C30*F31","v":4550.7999999999993},4550.7999999999993,"R$"]
[null,null,{"$f":"C30/C30","v":1},null,null,1,1,"%"]
[11,{"$f":"VLOOKUP(A32,'BAIXÃO DO CECÍLIO'!A:I,4)","v":"PROJETO \"AS IS\""},{"$f":"VLOOKUP(A32,'BAIXÃO DO CECÍLIO'!A$11:I$1022,9)","v":13472.63},null,null,{"$f":"$C32*F33","v":13472.63},13472.63,"R$"]
[null,null,{"$f":"C32/C32","v":1},null,null,1,1,"%"]
[12,{"$f":"VLOOKUP(A34,'BAIXÃO DO CECÍLIO'!A:I,4)","v":"FISCALIZAÇÃO E ACOMPANHAMENTO"},{"$f":"VLOOKUP(A34,'BAIXÃO DO CECÍLIO'!A$11:I$1022,9)","v":1071.05},{"$f":"$C34*D35","v":428.42},{"$f":"$C34*E35","v":214.21},{"$f":"$C34*F35","v":428.42},1071.05,"R$"]
[null,null,{"$f":"C34/C34","v":1},{"$f":"2/5","v":0.4},{"$f":"1/5","v":0.2},{"$f":"2/5","v":0.4},1,"%"]
[null,"VALOR TOTAL:",{"$f":"SUMIF($H$12:$H$35,\"R$\",C$12:C$35)","v":281999.57999999996},{"$f":"SUMIF($H$12:$H$35,\"R$\",D$12:D$35)","v":93991.467951611849},{"$f":"SUMIF($H$12:$H$35,\"R$\",E$12:E$35)","v":129898.77294881563},{"$f":"SUMIF($H$12:$H$35,\"R$\",F$12:F$35)","v":58109.339099572528},{"$f":"SUMIF($H$12:$H$35,\"R$\",G$12:G$35)","v":281999.57999999996}]
[null,"VALOR ACUMULADO:",null,{"$f":"D36","v":93991.467951611849},{"$f":"E36+D37","v":223890.24090042748},{"$f":"F36+E37","v":281999.58},{"$f":"G36","v":281999.57999999996},{"$nulls":4},{"$f":"IF(G37='BAIXÃO DO CECÍLIO'!I84,\"ok\",\"verificar\")","v":"ok"}]
[null,"FÍSICO PARCIAL:",null,{"$f":"SUMIF($H$12:$H$35,\"R$\",D$12:D$35)/$C$36","v":0.33330357425217394},{"$f":"SUMIF($H$12:$H$35,\"R$\",E$12:E$35)/$C$36","v":0.46063463267858645},{"$f":"SUMIF($H$12:$H$35,\"R$\",F$12:F$35)/$C$36","v":0.2060617930692398},{"$f":"SUMIF($H$12:$H$35,\"R$\",G$12:G$35)/$C$36","v":1}]
[null,"AVANÇO FÍSICO:",null,{"$f":"D38","v":0.33330357425217394},{"$f":"E38+D39","v":0.79393820693076034},{"$f":"F38+E39","v":1.0000000000000002}]
{"$rows_empty":8}
[{"$nulls":5},"    "]

{"sheet":"Cronograma Geral","index":8,"n_rows":48,"n_cols":10,"rows_kept":48,"cut":false,"hidden":false,"merged":[[14,0,15,0],[14,1,15,1],[0,0,0,6],[1,0,1,6],[2,0,2,6],[3,0,3,6],[8,0,9,0],[8,1,9,1],[8,2,9,2],[8,3,8,5],[8,6,9,6],[4,1,4,6],[10,0,11,0],[10,1,11,1],[12,0,13,0],[12,1,13,1]]}
["Ministério da Integração e do Desenvolvimento Regional"]
["Companhia de Desenvolvimento dos Vales do São Francisco e do Parnaíba"]
[]
["CRONOGRAMA FÍSICO-FINANCEIRO NÃO DESONERADO"]
["OBRA:",{"$f":"Resumo!B5","v":"Execução de manutenção e recuperação nas barragens de Macaúbas, Rio da Caixa e Baixão do Cecílio, localizadas no estado da Bahia."}]
["LOCAL:",{"$f":"Resumo!B6","v":"Barragens da Bahia"}]
["DATA BASE:",{"$f":"Resumo!B7","v":"2025-09-01"}]
["PRAZO",{"$f":"Resumo!B8","v":"90 dias"}]
["ITEM","DESCRIÇÃO","TOTAL POR ETAPA","MESES",null,null,"TOTAL"]
[null,null,null,1,2,3]
["1.1",{"$f":"VLOOKUP(A11,Resumo!A$13:I$1010,2)","v":"Macaúbas"},{"$f":"VLOOKUP(A11,Resumo!A$13:I$1010,7)","v":781417.58},{"$f":"$C11*D12","v":341998.90505825833},{"$f":"$C11*E12","v":364153.82336581725},{"$f":"$C11*F12","v":75264.851575924316},{"$f":"SUM(D11:F11)","v":781417.57999999984},"R$"]
[null,null,{"$f":"C11/C11","v":1},{"$f":"'Cronograma Macaúbas'!D34","v":0.43766471834209097},{"$f":"'Cronograma Macaúbas'!E34","v":0.46601693215785761},{"$f":"'Cronograma Macaúbas'!F34","v":9.6318349500051331E-2},0.99999999999999989,"%"]
["1.2",{"$f":"VLOOKUP(A13,Resumo!A$13:I$1010,2)","v":"Rio da Caixa"},{"$f":"VLOOKUP(A13,Resumo!A$13:I$1010,7)","v":342863.5},{"$f":"$C13*D14","v":142908.54240897854},{"$f":"$C13*E14","v":150082.00443072245},{"$f":"$C13*F14","v":49872.953160299083},342863.50000000012,"R$"]
[null,null,{"$f":"C13/C13","v":1},{"$f":"'Cronograma Rio da Caixa'!D34","v":0.41680885369535847},{"$f":"'Cronograma Rio da Caixa'!E34","v":0.43773106332614126},{"$f":"'Cronograma Rio da Caixa'!F34","v":0.14546008297850044},1.0000000000000002,"%"]
["1.3",{"$f":"VLOOKUP(A15,Resumo!A$13:I$1010,2)","v":"Baixão do Cecílio"},{"$f":"VLOOKUP(A15,Resumo!A$13:I$1010,7)","v":281999.58},{"$f":"$C15*D16","v":93991.467951611878},{"$f":"$C15*E16","v":129898.77294881566},{"$f":"$C15*F16","v":58109.339099572535},281999.58000000007,"R$"]
[null,null,{"$f":"C15/C15","v":1},{"$f":"'Cronograma Baixão do Cecílio'!D38:F38","v":0.33330357425217394},{"$f":"'Cronograma Baixão do Cecílio'!E38:G38","v":0.46063463267858645},{"$f":"'Cronograma Baixão do Cecílio'!F38:H38","v":0.2060617930692398},1.0000000000000002,"%"]
[null,"VALOR TOTAL:",{"$f":"SUMIF($H$11:$H$16,\"R$\",C$11:C$16)","v":1406280.6600000001},{"$f":"SUMIF($H$11:$H$16,\"R$\",D$11:D$16)","v":578898.91541884874},{"$f":"SUMIF($H$11:$H$16,\"R$\",E$11:E$16)","v":644134.60074535536},{"$f":"SUMIF($H$11:$H$16,\"R$\",F$11:F$16)","v":183247.14383579593},{"$f":"SUMIF($H$11:$H$16,\"R$\",G$11:G$16)","v":1406280.6600000001}]
[null,"VALOR ACUMULADO:",null,{"$f":"D17","v":578898.91541884874},{"$f":"E17+D18","v":1223033.5161642041},{"$f":"F17+E18","v":1406280.6600000001},{"$f":"F18","v":1406280.6600000001},null,null,{"$f":"IF(G18=Resumo!G20,\"ok\",\"ERRO\")","v":"ok"}]
[null,"FÍSICO PARCIAL:",null,{"$f":"SUMIF($H$11:$H$16,\"R$\",D$11:D$16)/$C$17","v":0.41165247584280129},{"$f":"SUMIF($H$11:$H$16,\"R$\",E$11:E$16)/$C$17","v":0.45804128511968251},{"$f":"SUMIF($H$11:$H$16,\"R$\",F$11:F$16)/$C$17","v":0.13030623903751609},{"$f":"SUMIF($H$11:$H$16,\"R$\",G$11:G$16)/$C$17","v":1}]
[null,"AVANÇO FÍSICO:",null,{"$f":"D19","v":0.41165247584280129},{"$f":"E19+D20","v":0.86969376096248374},{"$f":"F19+E20","v":0.99999999999999978}]
{"$rows_empty":27}
[{"$nulls":5},"    "]

{"sheet":"Memorial de cálculo","index":9,"n_rows":145,"n_cols":12,"rows_kept":145,"cut":false,"hidden":false,"merged":[[1,8,1,10],[0,0,0,7],[1,0,1,7],[2,0,2,7],[3,0,3,7],[0,8,0,10],[7,3,7,6],[4,1,4,2],[5,3,5,6],[4,3,4,6],[6,3,6,6]]}
["Ministério da Integração e do Desenvolvimento Regional"]
["Companhia de desenvolvimento dos Vales do São Francisco e do Parnaíba",{"$nulls":7},"Quantitativos por Barragem"]
[{"$nulls":8},"Macaúbas","Rio da Caixa","Baixão do Cecílio"]
[" MEMORIAL DE CÁLCULO",{"$nulls":7},"Macaúbas - Ba","Macaúbas - Ba","Santa Rita de Cássia - Ba","Município polo mais próximo da barragem"]
[{"$f":"MACAÚBAS!A5","v":"OBRA:"},{"$f":"Resumo!B5","v":"Execução de manutenção e recuperação nas barragens de Macaúbas, Rio da Caixa e Baixão do Cecílio, localizadas no estado da Bahia."},null,"DESLOCAMENTO -SR para Barragem (km):",null,null,null,{"$f":"AVERAGE(I5:K5)","v":286.66666666666669},244,234,382]
[{"$f":"MACAÚBAS!A6","v":"LOCAL:"},{"$f":"Resumo!B6","v":"Barragens da Bahia"},null,"DESLOCAMENTO - Cidade mais próxima para Barragem (km):",null,null,null,{"$f":"AVERAGE(I6:K6)","v":62.966666666666669},18.2,72.7,98]
[{"$f":"MACAÚBAS!A7","v":"DATA BASE:"},{"$f":"Resumo!B7","v":"2025-09-01"},null,"VIA URBANA PAVIMENTADA -  Cidade mais próxima para Barragem (km):",null,null,null,{"$f":"AVERAGE(I7:K7)","v":50.633333333333333},{"$f":"I6-I8","v":18.2},{"$f":"J6-J8","v":61.7},{"$f":"K6-K8","v":72}]
[{"$f":"MACAÚBAS!A8","v":"PRAZO:"},{"$f":"Resumo!B8","v":"90 dias"},null,"REVESTIMENTO PRIMÁRIO - Cidade mais próxima para Barragem (km):",null,null,null,{"$f":"AVERAGE(I8:K8)","v":12.333333333333334},{"$f":"G8","v":0},11,26]
["ITEM","DESCRIÇÃO","UNID.","PARÂMETRO 1","PARÂMETRO 2","PARÂMETRO 3","PARÂMETRO 4","TOTAL"]
[]
[{"$f":"CPU!B10","v":"CPU.01"},{"$f":"VLOOKUP(A11,CPU!$B$10:$G$5129,2,0)","v":"Administração Local"},{"$f":"VLOOKUP(A11,CPU!$B$10:$G$5129,3,0)","v":"mês"},"QUANT.PESSOAS","HORAS DIÁRIA","DIAS TRABALHADOS NO MÊS","MESES",3]
[null,{"$f":"CPU!C15","v":"Engenheiro Civil De Obra Pleno Com Encargos Complementares"},"h",1,1.5,{"$f":"4*5","v":20},null,{"$f":"D12*E12*F12","v":30}]
[null,{"$f":"CPU!C16","v":"Encarregado Geral De Obras Com Encargos Complementares"},"mês",1,null,null,0.8,{"$f":"D13*G13","v":0.8}]
[null,{"$f":"CPU!C17","v":"VIGIA - AN "},"h",4,12,15,null,{"$f":"D14*E14*F14","v":720}]
[null,"A escala de trabalho 12x36 para vigias noturnos consiste em trabalhar 12 horas seguidas e folgar 36 horas"]
[]
[{"$f":"CPU!B19","v":"CPU.02"},{"$f":"VLOOKUP(A17,CPU!$B$10:$G$5129,2,0)","v":"Mobilização e desmobilização de instalação do canteiro"},{"$f":"VLOOKUP(A17,CPU!$B$10:$G$5129,3,0)","v":"un"},{"$nulls":4},1]
[100946,{"$f":"IF(K18=\"ca\",VLOOKUP(A18,'Comp SINAPI BA 07-2025 Onerado'!B:C,2,0),VLOOKUP(A18,'Ins SINAPI BA 07-2025 Onerado'!B:C,2,0))","v":"TRANSPORTE COM CAMINHÃO CARROCERIA 9T, EM VIA URBANA EM REVESTIMENTO PRIMÁRIO (UNIDADE: TXKM). AF_07/2020"},{"$f":"IF(K18=\"ca\",VLOOKUP(A18,'Comp SINAPI BA 07-2025 Onerado'!B:D,3,0),VLOOKUP(A18,'Ins SINAPI BA 07-2025 Onerado'!B:D,3,0))","v":"TXKM"},{"$nulls":4},{"$f":"$C$20*$D$20*$E$20","v":123.33333333333334},"ca","ca","ca"]
[null,null,"T","km","N. viagens"]
[null,null,5,{"$f":"H8","v":12.333333333333334},2]
[]
[{"$f":"CPU!B27","v":"CPU.03"},{"$f":"VLOOKUP(A22,CPU!$B$10:$G$5129,2,0)","v":"Execução de canteiro de obras, inclusive, limpeza, refeitório, sanitários e central de formas"},{"$f":"VLOOKUP(A22,CPU!$B$10:$G$5129,3,0)","v":"m2"},{"$nulls":4},{"$f":"SUM(H23:H25)","v":28.5}]
[null,"Área do Refeitório Em Canteiro De Obra","m2",1,3,2.5,null,{"$f":"D23*E23*F23","v":7.5}]
[null,"Área do Sanitário Em Canteiro De Obra","m2",1,4.5,2,null,{"$f":"D24*E24*F24","v":9}]
[null,"Área da Central de Fôrmas Em Canteiro De Obra","m2",1,4,3,null,{"$f":"D25*E25*F25","v":12}]
[null,"Mao de obra","m2","QUANT.PESSOAS","RENDIMENTO (H/M2)","m2","HORAS","DIAS","DIAS","DIAS","DIAS"]
[null,"Carpinteiro","h",2,{"$f":"1.1155/D27","v":0.55774999999999997},1,{"$f":"F27*(E27)","v":0.55774999999999997},{"$f":"G27/8","v":6.9718749999999996E-2},{"$f":"$H$22*$E$27/8","v":1.9869843749999998},{"$f":"$H$22*$E$27/8","v":1.9869843749999998},{"$f":"$H$22*$E$27/8","v":1.9869843749999998}]
[]
[{"$f":"CPU!B38","v":"CPU.04"},{"$f":"VLOOKUP(A29,CPU!$B$10:$G$5129,2,0)","v":"Limpeza de vegetação"},{"$f":"VLOOKUP(A29,CPU!$B$10:$G$5129,3,0)","v":"m2"},{"$nulls":5},{"$f":"MACAÚBAS!F27","v":35894},{"$f":"'RIO DA CAIXA'!F27","v":5500},{"$f":"'BAIXÃO DO CECÍLIO'!F27","v":6194}]
[null,"Mao de obra","m2","QUANT.PESSOAS","RENDIMENTO (H/M2)","m2","HORAS","DIAS","DIAS","DIAS","DIAS"]
["Enxada","Servente","h",2,{"$f":"20/1000/D31","v":0.01},1,{"$f":"F31*(E31)","v":0.01},{"$f":"G31/8","v":1.25E-3},{"$f":"0.1*I29*$E$31/8","v":4.4867499999999998},{"$f":"0.1*J29*$E$31/8","v":0.6875},{"$f":"0.1*K29*$E$31/8","v":0.7742500000000001}]
["Roçadeira","Servente","h",2,{"$f":"(8/(0.3*10000))/D32","v":1.3333333333333333E-3},1,{"$f":"F32*(E32)","v":1.3333333333333333E-3},{"$f":"G32/8","v":1.6666666666666666E-4},{"$f":"0.9*I29*$E$32/8","v":5.3841000000000001},{"$f":"0.9*J29*$E$32/8","v":0.82499999999999996},{"$f":"0.9*K29*$E$32/8","v":0.92910000000000004}]
[null,"Rendimento 400 m² por dia por servente para roçada com enaxada e 3000 m² com roçadeira"]
[{"$f":"CPU!B49","v":"CPU.05"},{"$f":"VLOOKUP(A34,CPU!$B$10:$G$5129,2,0)","v":"Corte de tronco e remoção de raiz"},{"$f":"VLOOKUP(A34,CPU!$B$10:$G$5129,3,0)","v":"un"},{"$nulls":5},{"$f":"MACAÚBAS!F28","v":40},{"$f":"'RIO DA CAIXA'!F28","v":30},{"$f":"'BAIXÃO DO CECÍLIO'!F28","v":60}]
[null,"Mão de obra",null,"QUANT.PESSOAS","RENDIMENTO (H/un)","un","HORAS","DIAS","DIAS","DIAS","DIAS"]
[null,"Servente","h",2,{"$f":"2.1685/D36","v":1.0842499999999999},1,{"$f":"F36*(E36)","v":1.0842499999999999},{"$f":"G36/8","v":0.13553124999999999},{"$f":"I34*$E$36/8","v":5.4212499999999997},{"$f":"J34*$E$36/8","v":4.0659374999999995},{"$f":"K34*$E$36/8","v":8.1318749999999991}]
[null,"Jardineiro","h",1,{"$f":"1.1535/D37","v":1.1535},1,{"$f":"F37*(E37)","v":1.1535},{"$f":"G37/8","v":0.1441875},{"$f":"I34*$E$37/8","v":5.7675000000000001},{"$f":"J34*$E$37/8","v":4.3256249999999996},{"$f":"K34*$E$37/8","v":8.6512499999999992}]
[]
[{"$f":"CPU!B63","v":"CPU.06"},{"$f":"VLOOKUP(A39,CPU!$B$10:$G$5129,2,0)","v":"Enrocamento c/ pedra de mão c/ fornecimento e assentamento"},{"$f":"VLOOKUP(A39,CPU!$B$10:$G$5129,3,0)","v":"m3"},{"$nulls":5},0,0,{"$f":"'BAIXÃO DO CECÍLIO'!F50","v":83}]
[null,"Mao de obra",null,"QUANT.PESSOAS","RENDIMENTO (H/M3)","m3","HORAS","DIAS","DIAS","DIAS","DIAS"]
[null,"Pedreiro",null,1,{"$f":"0.2/D41","v":0.2},1,{"$f":"F41*(E41)","v":0.2},{"$f":"G41/8","v":2.5000000000000001E-2},{"$f":"I39*$E$41/8","v":0},{"$f":"J39*$E$41/8","v":0},{"$f":"K39*$E$41/8","v":2.0750000000000002}]
[null,"Servente",null,1,{"$f":"0.2/D42","v":0.2},1,{"$f":"F42*(E42)","v":0.2},{"$f":"G42/8","v":2.5000000000000001E-2},{"$f":"I39*$E$42/8","v":0},{"$f":"J39*$E$42/8","v":0},{"$f":"K39*$E$42/8","v":2.0750000000000002}]
[]
[{"$f":"CPU!B78","v":"CPU.07"},{"$f":"VLOOKUP(A44,CPU!$B$10:$G$5129,2,0)","v":"Entrada para descida d’água tipo EDA 01 B"},{"$f":"VLOOKUP(A44,CPU!$B$10:$G$5129,3,0)","v":"un"},{"$nulls":5},{"$f":"MACAÚBAS!F41","v":22},0,{"$f":"'BAIXÃO DO CECÍLIO'!F43","v":4}]
[null,"Mao de obra",null,"QUANT.PESSOAS","RENDIMENTO (H/m3)","m3","HORAS","DIAS","DIAS","DIAS","DIAS"]
["escavação","Servente",null,3,{"$f":"(1/0.5)/D46","v":0.66666666666666663},0.19389999999999999,{"$f":"F46*(E46)","v":0.12926666666666664},{"$f":"G46/8","v":1.615833333333333E-2},{"$f":"$I$44*E46/8","v":1.8333333333333333},{"$f":"$J$44*E46/8","v":0},{"$f":"$K$44*E46/8","v":0.33333333333333331}]
["apiloamento","Servente",null,1,{"$f":"(1/4.44444)/D47","v":0.22500022500022498},1.9387000000000001,{"$f":"F47*(E47)","v":0.43620793620793619},{"$f":"G47/8","v":5.4525992025992023E-2},{"$f":"$I$44*E47/8","v":0.61875061875061865},{"$f":"$J$44*E47/8","v":0},{"$f":"$K$44*E47/8","v":0.11250011250011249}]
["forma","Ajudante de carpinteiro",null,1,{"$f":"(0.9/1)/D48","v":0.9},"    ",{"$f":"F48*(E48)","v":{"$error":"#VALUE!"}},{"$f":"G48/8","v":{"$error":"#VALUE!"}},2.4750000000000001,{"$f":"$J$44*E48/8","v":0},0.45]
["forma","Carpinteiro",null,1,{"$f":"(0.9/1)/D49","v":0.9},1.8171999999999999,{"$f":"F49*(E49)","v":1.63548},{"$f":"G49/8","v":0.20443500000000001},{"$f":"$I$44*E49/8","v":2.4750000000000001},{"$f":"$J$44*E49/8","v":0},0.45]
["concreto","Pedreiro",null,1,{"$f":"(1/3.9289)/D50","v":0.25452416706966324},0.27460000000000001,{"$f":"F50*(E50)","v":6.9892336277329534E-2},{"$f":"G50/8","v":8.7365420346661917E-3},{"$f":"$I$44*E50/8","v":0.69994145944157393},{"$f":"$J$44*E50/8","v":0},{"$f":"$K$44*E50/8","v":0.12726208353483162}]
["concreto","Servente",null,3,{"$f":"(9/3.9289)/D51","v":0.76357250120898978},0.27460000000000001,{"$f":"F51*(E51)","v":0.20967700883198861},{"$f":"G51/8","v":2.6209626103998577E-2},{"$f":"$I$44*E51/8","v":2.0998243783247217},0,{"$f":"$K$44*E51/8","v":0.38178625060449489}]
[]
[{"$f":"CPU!B85","v":"CPU.08"},{"$f":"VLOOKUP(A53,CPU!$B$10:$G$5129,2,0)","v":"Plantio de vegetação tipo gramínea para proteção de talude com hidrossemeadura, inclusive adubação e transporte"},{"$f":"VLOOKUP(A53,CPU!$B$10:$G$5129,3,0)","v":"m2"},{"$nulls":5},{"$f":"MACAÚBAS!F52","v":12689},0,{"$f":"'BAIXÃO DO CECÍLIO'!F58","v":1374}]
[null,"Mao de obra",null,"QUANT.PESSOAS","RENDIMENTO (H/m2)","m2","HORAS","DIAS","DIAS","DIAS","DIAS"]
[null,"Servente",null,3,{"$f":"(8/415)/D55","v":6.4257028112449802E-3},1,{"$f":"F55*(E55)","v":6.4257028112449802E-3},{"$f":"G55/8","v":8.0321285140562252E-4},{"$f":"I53*$E$55/8","v":10.191967871485945},{"$f":"J53*$E$55/8","v":0},{"$f":"K53*$E$55/8","v":1.1036144578313254}]
[]
[{"$f":"CPU!B94","v":"CPU.09"},{"$f":"VLOOKUP(A57,CPU!$B$10:$G$5129,2,0)","v":"Recomposição das erosões, inclusive, regularização da superfície e reaterro"},{"$f":"VLOOKUP(A57,CPU!$B$10:$G$5129,3,0)","v":"m3"},{"$nulls":5},{"$f":"MACAÚBAS!F32","v":20},0,{"$f":"'BAIXÃO DO CECÍLIO'!F32","v":16}]
[null,"Mao de obra",null,"QUANT.PESSOAS","RENDIMENTO (H/M3)","m3","HORAS","DIAS","DIAS","DIAS","DIAS"]
[null,"Servente",null,1,{"$f":"(0.012+0.0356689)/D59","v":4.76689E-2},1,{"$f":"F59*(E59)","v":4.76689E-2},{"$f":"G59/8","v":5.9586125E-3},{"$f":"I57*$E$59/8","v":0.11917225000000001},{"$f":"J57*$E$59/8","v":0},{"$f":"K57*$E$59/8","v":9.53378E-2}]
[null,"Motorista",null,1,{"$f":"(0.0228+0.0153+0.004257)/D60","v":4.2357000000000006E-2},1,{"$f":"F60*(E60)","v":4.2357000000000006E-2},{"$f":"G60/8","v":5.2946250000000007E-3},{"$f":"I57*$E$60/8","v":0.10589250000000001},{"$f":"J57*$E$60/8","v":0},{"$f":"K57*$E$60/8","v":8.4714000000000012E-2}]
[null,"Operador de máquina",null,1,{"$f":"(0.0096+0.0083+0.0045112+0.0104312)/D61","v":3.2842400000000001E-2},1,{"$f":"F61*(E61)","v":3.2842400000000001E-2},{"$f":"G61/8","v":4.1053000000000001E-3},{"$f":"I57*$E$61/8","v":8.2105999999999998E-2},{"$f":"J57*$E$61/8","v":0},{"$f":"K57*$E$61/8","v":6.5684800000000002E-2}]
[null,"rolo compactador + motoniveladora"]
[{"$f":"CPU!B112","v":"CPU.10"},{"$f":"VLOOKUP(A63,CPU!$B$10:$G$5129,2,0)","v":"Regularização e compactação da crista"},{"$f":"VLOOKUP(A63,CPU!$B$10:$G$5129,3,0)","v":"m2"},{"$nulls":5},{"$f":"MACAÚBAS!F38","v":4320},0,{"$f":"'BAIXÃO DO CECÍLIO'!F40","v":378}]
[null,"Mao de obra","m2","QUANT.PESSOAS","RENDIMENTO (H/M2)","m2","HORAS","DIAS","DIAS","DIAS","DIAS"]
[null,"Servente","h",2,{"$f":"0.0086152/D65","v":4.3076E-3},1,{"$f":"F65*(E65)","v":4.3076E-3},{"$f":"G65/8","v":5.3845E-4},{"$f":"I63*$E$65/8","v":2.3261039999999999},{"$f":"J63*$E$65/8","v":0},{"$f":"K63*$E$65/8","v":0.2035341}]
[]
[{"$f":"CPU!B121","v":"CPU.11"},{"$f":"VLOOKUP(A67,CPU!$B$10:$G$5129,2,0)","v":"Execução de Revestimento com BGTC"},{"$f":"VLOOKUP(A67,CPU!$B$10:$G$5129,3,0)","v":"m3"},{"$nulls":5},{"$f":"MACAÚBAS!F44","v":432},0,{"$f":"'BAIXÃO DO CECÍLIO'!F46","v":38}]
[null,"Mao de obra","m3","QUANT.PESSOAS","RENDIMENTO (H/M3)","m3","HORAS","DIAS","DIAS","DIAS","DIAS"]
[null,"Servente","h",1,{"$f":"0.0365494/D69","v":3.6549400000000003E-2},1,{"$f":"F69*(E69)","v":3.6549400000000003E-2},{"$f":"G69/8","v":4.5686750000000003E-3},{"$f":"I67*$E$69/8","v":1.9736676000000002},{"$f":"J67*$E$69/8","v":0},{"$f":"K67*$E$69/8","v":0.17360965}]
[]
[{"$f":"CPU!B134","v":"CPU.12"},{"$f":"VLOOKUP(A71,CPU!$B$10:$G$5129,2,0)","v":"Projeto geométrico"},{"$f":"VLOOKUP(A71,CPU!$B$10:$G$5129,3,0)","v":"un"},{"$nulls":5},{"$f":"MACAÚBAS!F64","v":1},{"$f":"'RIO DA CAIXA'!F59","v":1},{"$f":"'BAIXÃO DO CECÍLIO'!F76","v":1}]
[null,"Mao de obra",null,"QUANT.PESSOAS","RENDIMENTO (H/un)","un","HORAS","DIAS"]
[null,"Engenheiro Civil De Obra Junior Com Encargos Complementares",null,1,{"$f":"CPU!E139/D73","v":30},1,{"$f":"F73*(E73)","v":30},{"$f":"G73/8","v":3.75},{"$f":"I71*$E$73/8","v":3.75},{"$f":"J71*$E$73/8","v":3.75},{"$f":"K71*$E$73/8","v":3.75}]
[null,"Engenheiro Civil De Obra Senior Com Encargos Complementares",null,1,{"$f":"CPU!E140/D74","v":20},1,{"$f":"F74*(E74)","v":20},{"$f":"G74/8","v":2.5},{"$f":"I71*$E$74/8","v":2.5},{"$f":"J71*$E$74/8","v":2.5},{"$f":"K71*$E$74/8","v":2.5}]
[null,"Desenhista Projetista Com Encargos Complementares",null,1,{"$f":"CPU!E141/D75","v":60},1,{"$f":"F75*(E75)","v":60},{"$f":"G75/8","v":7.5},{"$f":"I71*$E$75/8","v":7.5},{"$f":"J71*$E$75/8","v":7.5},{"$f":"K71*$E$75/8","v":7.5}]
[]
[{"$f":"CPU!B143","v":"CPU.13"},{"$f":"VLOOKUP(A77,CPU!$B$10:$G$5129,2,0)","v":"Fornecimento e Assentamento de Guia (meio-fio) Pré-fabricado, dimensões 100X15X13X30 Cm (Comprimento X Base Inferior X Base Superior X Altura)"},{"$f":"VLOOKUP(A77,CPU!$B$10:$G$5129,3,0)","v":"m"},{"$nulls":5},{"$f":"MACAÚBAS!F40","v":2160},0,{"$f":"'BAIXÃO DO CECÍLIO'!F42","v":252}]
[null,"Mao de obra",null,"QUANT.PESSOAS","RENDIMENTO (H/M)","m","HORAS","DIAS","DIAS","DIAS","DIAS"]
[null,"Servente",null,3,{"$f":"(0.2296)/D79","v":7.6533333333333328E-2},1,{"$f":"F79*(E79)","v":7.6533333333333328E-2},{"$f":"G79/8","v":9.566666666666666E-3},{"$f":"$I$77*E79/8","v":20.663999999999998},{"$f":"$J$77*E79/8","v":0},{"$f":"$K$77*E79/8","v":2.4108000000000001}]
[null,"Pedreiro",null,3,{"$f":"(0.2296)/D80","v":7.6533333333333328E-2},1,{"$f":"F80*(E80)","v":7.6533333333333328E-2},{"$f":"G80/8","v":9.566666666666666E-3},{"$f":"$I$77*E80/8","v":20.663999999999998},{"$f":"$J$77*E80/8","v":0},{"$f":"$K$77*E80/8","v":2.4108000000000001}]
[]
[{"$f":"CPU!B162","v":"CPU.15"},{"$f":"VLOOKUP(A82,CPU!$B$10:$G$5129,2,0)","v":"Selagem de fissuras com resina epóxi"},{"$f":"VLOOKUP(A82,CPU!$B$10:$G$5129,3,0)","v":"m"},{"$nulls":5},0,{"$f":"'RIO DA CAIXA'!F34","v":50},0]
[null,"Mao de obra",null,"QUANT.PESSOAS","RENDIMENTO (H/M)","m","HORAS","DIAS","DIAS","DIAS","DIAS"]
[null,"Servente",null,1,{"$f":"(1/3.15846)/D84*0.3","v":9.4982998043350239E-2},1,{"$f":"F84*(E84)","v":9.4982998043350239E-2},{"$f":"G84/8","v":1.187287475541878E-2},{"$f":"I82*E84/8","v":0},{"$f":"J82*$E$84/8","v":0.59364373777093904},{"$f":"K82*$E$84/8","v":0}]
[]
[{"$f":"CPU!B181","v":"CPU.17"},{"$f":"VLOOKUP(A86,CPU!$B$10:$G$5129,2,0)","v":"Injeção de nata de cimento em buracos"},{"$f":"VLOOKUP(A86,CPU!$B$10:$G$5129,3,0)","v":"m3"},{"$nulls":5},{"$f":"MACAÚBAS!F34","v":0.1},0,{"$f":"'BAIXÃO DO CECÍLIO'!F34","v":0.2}]
[null,"Mao de obra",null,"QUANT.PESSOAS","RENDIMENTO (H/m3)","m3","HORAS","DIAS"]
[null,"Servente",null,1,{"$f":"1/D88","v":1},1,{"$f":"F88*(E88)","v":1},{"$f":"G88/8","v":0.125},{"$f":"$I$86*E88/8","v":1.2500000000000001E-2},{"$f":"$K$86*E88/8","v":2.5000000000000001E-2},{"$f":"$K$86*E88/8","v":2.5000000000000001E-2}]
[]
[{"$f":"CPU!B190","v":"CPU.18"},{"$f":"VLOOKUP(A90,CPU!$B$10:$G$5129,2,0)","v":"Recuperação com uso de argamassa"},{"$f":"VLOOKUP(A90,CPU!$B$10:$G$5129,3,0)","v":"m3"},{"$nulls":5},{"$f":"MACAÚBAS!F48","v":7},0,{"$f":"'BAIXÃO DO CECÍLIO'!F66","v":0.5}]
[null,"Mao de obra",null,"QUANT.PESSOAS","RENDIMENTO (H/m3)","m3","HORAS","DIAS"]
[null,"Servente",null,1,{"$f":"8.9/D92","v":8.9},1,{"$f":"F92*(E92)","v":8.9},{"$f":"G92/8","v":1.1125},{"$f":"$I$90*E92/8","v":7.7875000000000005},{"$f":"$J$90*E92/8","v":0},{"$f":"$K$90*E92/8","v":0.55625000000000002}]
[null,"Servente",null,2,{"$f":"16/D93","v":8},1,{"$f":"F93*(E93)","v":8},{"$f":"G93/8","v":1},{"$f":"$I$90*E93/8","v":7},{"$f":"$J$90*E93/8","v":0},{"$f":"$K$90*E93/8","v":0.5}]
[]
[{"$f":"CPU!B200","v":"CPU.19"},{"$f":"VLOOKUP(A95,CPU!$B$10:$G$5129,2,0)","v":"Régua Linimétrica Padrão “ANA”, Aço Carbono - 2 X 70 X 1000 mm (Fornecimento e Instalação)"},{"$f":"VLOOKUP(A95,CPU!$B$10:$G$5129,3,0)","v":"un"},{"$nulls":5},{"$f":"MACAÚBAS!F59","v":5},{"$f":"'RIO DA CAIXA'!F54","v":8},{"$f":"'BAIXÃO DO CECÍLIO'!F71","v":5}]
[null,"Mao de obra",null,"QUANT.PESSOAS","RENDIMENTO (H/m)","m","HORAS","DIAS"]
[null,"Topógrafo",null,1,{"$f":"0.8/D97","v":0.8},1,{"$f":"F97*(E97)","v":0.8},{"$f":"G97/8","v":0.1},{"$f":"$I$95*E97/8","v":0.5},{"$f":"$J$95*E97/8","v":0.8},{"$f":"$K$95*E97/8","v":0.5}]
[null,"Servente",null,1,{"$f":"1.6/D98","v":1.6},1,{"$f":"F98*(E98)","v":1.6},{"$f":"G98/8","v":0.2},{"$f":"$I$95*E98/8","v":1},{"$f":"$J$95*E98/8","v":1.6},{"$f":"$K$95*E98/8","v":1}]
[]
[{"$f":"CPU!B213","v":"CPU.20"},{"$f":"VLOOKUP(A100,CPU!$B$10:$G$5129,2,0)","v":"Pintura do meio-fio"},{"$f":"VLOOKUP(A100,CPU!$B$10:$G$5129,3,0)","v":"m"},{"$nulls":5},{"$f":"MACAÚBAS!F42","v":2160},0,{"$f":"'BAIXÃO DO CECÍLIO'!F44","v":252}]
[null,"Mao de obra",null,"QUANT.PESSOAS","RENDIMENTO (H/m)","m","HORAS","DIAS"]
[null,"PINTOR",null,3,{"$f":"0.037/D102","v":1.2333333333333333E-2},1,{"$f":"F102*(E102)","v":1.2333333333333333E-2},{"$f":"G102/8","v":1.5416666666666667E-3},{"$f":"$I$100*E102/8","v":3.33},{"$f":"$J$100*E102/8","v":0},{"$f":"$K$100*E102/8","v":0.38850000000000001}]
[null,"SERVENTE",null,2,{"$f":"0.016 /D103","v":8.0000000000000002E-3},1,{"$f":"F103*(E103)","v":8.0000000000000002E-3},{"$f":"G103/8","v":1E-3},{"$f":"$I$100*E103/8","v":2.16},{"$f":"$J$100*E103/8","v":0},{"$f":"$K$100*E103/8","v":0.252}]
[]
[{"$f":"CPU!B222","v":"CPU.21"},{"$f":"VLOOKUP(A105,CPU!$B$10:$G$5129,2,0)","v":"Apicoamento da superfície"},{"$f":"VLOOKUP(A105,CPU!$B$10:$G$5129,3,0)","v":"m2"},{"$nulls":5},0,{"$f":"'RIO DA CAIXA'!F32+'RIO DA CAIXA'!F40","v":423.9},{"$f":"'BAIXÃO DO CECÍLIO'!F64","v":18}]
[null,"Mao de obra",null,"QUANT.PESSOAS","RENDIMENTO (H/m2)","m","HORAS","DIAS"]
[null,"PEDREIRO",null,1,{"$f":"0.1151/D107","v":0.11509999999999999},1,{"$f":"F107*(E107)","v":0.11509999999999999},{"$f":"G107/8","v":1.4387499999999999E-2},{"$f":"$I$105*E107/8","v":0},{"$f":"$J$105*E107/8","v":6.0988612499999997},{"$f":"$K$105*E107/8","v":0.25897500000000001}]
[null,"SERVENTE",null,3,{"$f":"0.3872/D108","v":0.12906666666666666},1,{"$f":"F108*(E108)","v":0.12906666666666666},{"$f":"G108/8","v":1.6133333333333333E-2},{"$f":"$I$105*E108/8","v":0},{"$f":"$J$105*E108/8","v":6.838919999999999},{"$f":"$K$105*E108/8","v":0.29039999999999999}]
[]
[{"$f":"CPU!B232","v":"CPU.22"},{"$f":"VLOOKUP(A110,CPU!$B$10:$G$5129,2,0)","v":"Limpeza da superfície"},{"$f":"VLOOKUP(A110,CPU!$B$10:$G$5129,3,0)","v":"m2"},{"$nulls":5},0,{"$f":"'RIO DA CAIXA'!F33+'RIO DA CAIXA'!F37+'RIO DA CAIXA'!F41+'RIO DA CAIXA'!F48","v":1537},{"$f":"'BAIXÃO DO CECÍLIO'!F65","v":60}]
[null,"Mao de obra",null,"QUANT.PESSOAS","RENDIMENTO (H/m2)","m","HORAS","DIAS"]
[null,"SERVENTE",null,4,{"$f":"0.089/D112","v":2.2249999999999999E-2},1,{"$f":"F112*(E112)","v":2.2249999999999999E-2},{"$f":"G112/8","v":2.7812499999999999E-3},{"$f":"$I$110*E112/8","v":0},{"$f":"$J$110*E112/8","v":4.2747812500000002},{"$f":"$K$110*E112/8","v":0.166875}]
[]
[{"$f":"CPU!B241","v":"CPU.23"},{"$f":"VLOOKUP(A114,CPU!$B$10:$G$5129,2,0)","v":"Revestimento com argamassa"},{"$f":"VLOOKUP(A114,CPU!$B$10:$G$5129,3,0)","v":"m2"},{"$nulls":5},0,{"$f":"'RIO DA CAIXA'!F35+'RIO DA CAIXA'!F42","v":1000},0]
[null,"Mao de obra",null,"QUANT.PESSOAS","RENDIMENTO (H/m2)","m2","HORAS","DIAS"]
[null,"PEDREIRO",null,4,{"$f":"0.545/D116","v":0.13625000000000001},1,{"$f":"F116*(E116)","v":0.13625000000000001},{"$f":"G116/8","v":1.7031250000000001E-2},{"$f":"$I$114*E116/8","v":0},{"$f":"$J$114*E116/8","v":17.03125},{"$f":"$K$114*E116/8","v":0}]
[null,"SERVENTE",null,4,{"$f":"0.545/D117","v":0.13625000000000001},1,{"$f":"F117*(E117)","v":0.13625000000000001},{"$f":"G117/8","v":1.7031250000000001E-2},{"$f":"$I$114*E117/8","v":0},{"$f":"$J$114*E117/8","v":17.03125},{"$f":"$K$114*E117/8","v":0}]
[]
[{"$f":"CPU!B250","v":"CPU.24"},{"$f":"VLOOKUP(A119,CPU!$B$10:$G$5129,2,0)","v":"Concreto projetado c/ aditivo impermeabilizante "},{"$f":"VLOOKUP(A119,CPU!$B$10:$G$5129,3,0)","v":"m3"},{"$nulls":5},0,{"$f":"'RIO DA CAIXA'!F38","v":16},0]
[null,"Mao de obra",null,"QUANT.PESSOAS","RENDIMENTO (H/m3)","m3","HORAS","DIAS"]
[null,"Ajudante especializado",null,1,{"$f":"(1/2.50992)/D121","v":0.39841907311786828},1,{"$f":"F121*(E121)","v":0.39841907311786828},{"$f":"G121/8","v":4.9802384139733535E-2},{"$f":"$I$119*E121/8","v":0},{"$f":"$J$119*E121/8","v":0.79683814623573657},{"$f":"$K$119*E121/8","v":0}]
[null,"Servente",null,1,{"$f":"(4/2.50992)/D122","v":1.5936762924714731},1,{"$f":"F122*(E122)","v":1.5936762924714731},{"$f":"G122/8","v":0.19920953655893414},{"$f":"$I$119*E122/8","v":0},{"$f":"$J$119*E122/8","v":3.1873525849429463},{"$f":"$K$119*E122/8","v":0}]
[]
[null,"Utilização do aditivo: 4% massa de cimento",290.83789000000002,"Cimento (kg/m3)",{"$f":"0.04*C124","v":11.633515600000001},"Aditivo (kg/m3)"]
[]
[{"$f":"CPU!B260","v":"CPU.25"},{"$f":"VLOOKUP(A126,CPU!$B$10:$G$5129,2,0)","v":"Preenchimento com uso de Pedra Argamassada"},{"$f":"VLOOKUP(A126,CPU!$B$10:$G$5129,3,0)","v":"m3"},{"$nulls":5},0,{"$f":"'RIO DA CAIXA'!F49","v":5},0]
[null,"Mao de obra",null,"QUANT.PESSOAS","RENDIMENTO (H/m3)","m3","HORAS","DIAS"]
[null,"Pedreiro",null,1,{"$f":"2.2158/D128","v":2.2158000000000002},1,{"$f":"F128*(E128)","v":2.2158000000000002},{"$f":"G128/8","v":0.27697500000000003},{"$f":"$I$126*E128/8","v":0},{"$f":"$J$126*E128/8","v":1.3848750000000001},{"$f":"$K$126*E128/8","v":0}]
[null,"Servente",null,2,{"$f":"3.1021/D129","v":1.55105},1,{"$f":"F129*(E129)","v":1.55105},{"$f":"G129/8","v":0.19388125},{"$f":"$I$126*E129/8","v":0},{"$f":"$J$126*E129/8","v":0.96940625000000002},{"$f":"$K$126*E129/8","v":0}]
[]
[{"$f":"CPU!B272","v":"CPU.26"},{"$f":"VLOOKUP(A131,CPU!$B$10:$G$5129,2,0)","v":"Bombeamento do acúmulo d'água"},{"$f":"VLOOKUP(A131,CPU!$B$10:$G$5129,3,0)","v":"dia"},{"$nulls":5},0,{"$f":"'RIO DA CAIXA'!F46","v":1},0]
[null,"Mao de obra",null,"QUANT.PESSOAS","RENDIMENTO (H/dia)","dia","HORAS","DIAS"]
[null,"Encanador",null,1,"-","-","-","-","-","-","-"]
[]
[{"$f":"CPU!B281","v":"CPU.27"},{"$f":"VLOOKUP(A135,CPU!$B$10:$G$5129,2,0)","v":"Recuperação com escavação e reaterro de aberturas na crista (Rachaduras, trincas e burcacos (Sinkholes))"},{"$f":"VLOOKUP(A135,CPU!$B$10:$G$5129,3,0)","v":"m3"},{"$nulls":5},0,0,{"$f":"'BAIXÃO DO CECÍLIO'!F36","v":4}]
[null,"Mao de obra",null,"QUANT.PESSOAS","RENDIMENTO (H/M3)","m3","HORAS","DIAS","DIAS","DIAS","DIAS"]
[null,"Servente",null,1,{"$f":"(0.012+0.0356689)/D137","v":4.76689E-2},1,{"$f":"F137*(E137)","v":4.76689E-2},{"$f":"G137/8","v":5.9586125E-3},{"$f":"I135*$E$137/8","v":0},{"$f":"J135*$E$137/8","v":0},{"$f":"K135*$E$137/8","v":2.383445E-2}]
[null,"Motorista",null,1,{"$f":"(0.0228+0.0153+0.004257)/D138","v":4.2357000000000006E-2},1,{"$f":"F138*(E138)","v":4.2357000000000006E-2},{"$f":"G138/8","v":5.2946250000000007E-3},{"$f":"I135*$E$138/8","v":0},{"$f":"J135*$E$138/8","v":0},{"$f":"K135*$E$138/8","v":2.1178500000000003E-2}]
[null,"Operador de máquina",null,1,{"$f":"(0.0096+0.0083+0.0045112+0.0104312)/D139","v":3.2842400000000001E-2},1,{"$f":"F139*(E139)","v":3.2842400000000001E-2},{"$f":"G139/8","v":4.1053000000000001E-3},{"$f":"I135*$E$139/8","v":0},{"$f":"J135*$E$139/8","v":0},{"$f":"K135*$E$139/8","v":1.64212E-2}]
[null,"rolo compactador + motoniveladora"]
[]
[{"$f":"CPU!B299","v":"CPU.28"},{"$f":"VLOOKUP(A142,CPU!$B$10:$G$5129,2,0)","v":"Canaleta meia cana de concreto (D=30cm) - Fornecimento e instalação"},{"$f":"VLOOKUP(A142,CPU!$B$10:$G$5129,3,0)","v":"m"},{"$nulls":5},0,0,{"$f":"'BAIXÃO DO CECÍLIO'!F54","v":42}]
[null,"Mao de obra",null,"QUANT.PESSOAS","RENDIMENTO (H/M)","m","HORAS","DIAS","DIAS","DIAS","DIAS"]
[null,"Pedreiro",null,1,{"$f":"0.3192/D144","v":0.31919999999999998},1,{"$f":"F144*(E144)","v":0.31919999999999998},{"$f":"G144/8","v":3.9899999999999998E-2},{"$f":"I142*$E$144/8","v":0},{"$f":"J142*$E$144/8","v":0},{"$f":"K142*$E$144/8","v":1.6758}]
[null,"Servente",null,1,{"$f":"0.3192/D145","v":0.31919999999999998},1,{"$f":"F145*(E145)","v":0.31919999999999998},{"$f":"G145/8","v":3.9899999999999998E-2},{"$f":"I142*$E$145/8","v":0},{"$f":"J142*$E$145/8","v":0},{"$f":"K142*$E$145/8","v":1.6758}]

{"sheet":"COMPOSICÕES MODIFICADAS","index":10,"n_rows":208,"n_cols":9,"rows_kept":208,"cut":false,"hidden":false,"merged":[[151,0,151,2],[151,3,151,8],[152,0,152,2],[152,3,152,8],[153,0,153,2],[153,3,153,8],[148,0,148,2],[148,3,148,8],[149,0,149,2],[149,3,149,8],[150,0,150,2],[150,3,150,8],[112,0,112,2],[112,3,112,8],[113,0,113,2],[113,3,113,8],[147,0,147,2],[147,3,147,8],[109,0,109,2],[109,3,109,8],[110,0,110,2],[110,3,110,8],[111,0,111,2],[111,3,111,8],[108,0,108,2],[108,3,108,8],[5,0,5,2],[5,3,5,8],[6,0,6,2],[6,3,6,8],[7,0,7,2],[7,3,7,8],[8,0,8,2],[8,3,8,8],[9,0,9,2],[107,0,107,2],[107,3,107,8],[2,0,2,2],[2,3,2,8],[3,0,3,2],[3,3,3,8],[4,0,4,2],[4,3,4,8]]}
[]
[]
["Código",null,null,"93212 ADAPTADO"]
["Descrição",null,null,"EXECUÇÃO DE SANITÁRIO E VESTIÁRIO EM CANTEIRO DE OBRA EM CHAPA DE MADEIRA COMPENSADA, NÃO INCLUSO MOBILIÁRIO. AF_02/2016"]
["Data",null,null,"2025-06-01"]
["Estado",null,null,"Bahia"]
["Tipo",null,null,"CANT - CANTEIRO DE OBRAS"]
["Unidade",null,null,"m²"]
["Valor sem Desoneração",null,null,{"$f":"SUM(I12,I16,I20:I54,I58:I61,I65:I78,I85:I105)","v":980.07000000000039}]
[]
["Natureza","Fonte","codigo","Descrição","Tipo","Unidade","Valor sem Desoneração","Coeficiente","Preço sem Desoneração"]
["C","SINAPI",89173,"(COMPOSIÇÃO REPRESENTATIVA) DO SERVIÇO DE EMBOÇO/MASSA ÚNICA, APLICADO MANUALMENTE, TRAÇO 1:2:8, EM BETONEIRA DE 400L, PAREDES INTERNAS, COM EXECUÇÃO DE TALISCAS, EDIFICAÇÃO HABITACIONAL UNIFAMILIAR (CASAS) E EDIFICAÇÃO PÚBLICA PADRÃO. AF_12/2014 - ADAPTADO","REVE - REVESTIMENTO E TRATAMENTO DE SUPERFÍCIES","m²",{"$f":"SUM(I13:I15)","v":45.22},0.76790000000000003,{"$f":"ROUND(G12*H12,2)","v":34.72}]
["C","SINAPI",87531,{"$f":"VLOOKUP(C13,'Comp SINAPI BA 07-2025 Onerado'!$B$11:$F$9696,2,FALSE)","v":"EMBOÇO, EM ARGAMASSA TRAÇO 1:2:8, PREPARO MECÂNICO, APLICADO MANUALMENTE EM PAREDES INTERNAS DE AMBIENTES COM ÁREA ENTRE 5M² E 10M², E = 17,5MM, COM TALISCAS. AF_03/2024"},"REVE - REVESTIMENTO E TRATAMENTO DE SUPERFÍCIES","m²",{"$f":"VLOOKUP(C13,'Comp SINAPI BA 07-2025 Onerado'!$B$11:$F$9696,4,FALSE)","v":43.58},0.154,{"$f":"ROUND(G13*H13,2)","v":6.71}]
["C","SINAPI",87527,{"$f":"VLOOKUP(C14,'Comp SINAPI BA 07-2025 Onerado'!$B$11:$F$9696,2,FALSE)","v":"EMBOÇO, EM ARGAMASSA TRAÇO 1:2:8, PREPARO MECÂNICO, APLICADO MANUALMENTE EM PAREDES INTERNAS DE AMBIENTES COM ÁREA MENOR QUE 5M², E =17,5MM, COM TALISCAS. AF_03/2024"},"REVE - REVESTIMENTO E TRATAMENTO DE SUPERFÍCIES","m²",{"$f":"VLOOKUP(C14,'Comp SINAPI BA 07-2025 Onerado'!$B$11:$F$9696,4,FALSE)","v":48.66},0.11210000000000001,{"$f":"ROUND(G14*H14,2)","v":5.45}]
["C","SINAPI",87529,{"$f":"VLOOKUP(C15,'Comp SINAPI BA 07-2025 Onerado'!$B$11:$F$9696,2,FALSE)","v":"MASSA ÚNICA, EM ARGAMASSA TRAÇO 1:2:8, PREPARO MECÂNICO, APLICADA MANUALMENTE EM PAREDES INTERNAS DE AMBIENTES COM ÁREA ENTRE 5M² E 10M², E = 17,5MM, COM TALISCAS. AF_03/2024"},"REVE - REVESTIMENTO E TRATAMENTO DE SUPERFÍCIES","m²",{"$f":"VLOOKUP(C15,'Comp SINAPI BA 07-2025 Onerado'!$B$11:$F$9696,4,FALSE)","v":45.05},0.7339,33.06]
["C","SINAPI",89171,"(COMPOSIÇÃO REPRESENTATIVA) DO SERVIÇO DE REVESTIMENTO CERÂMICO PARA PISO COM PLACAS TIPO ESMALTADA EXTRA DE DIMENSÕES 35X35 CM, PARA EDIFICAÇÃO HABITACIONAL UNIFAMILIAR (CASA) E EDIFICAÇÃO PÚBLICA PADRÃO. AF_11/2014 - ADAPTADO","PISO - PISOS","m²",{"$f":"SUM(I17:I19)","v":50.14},0.46279999999999999,23.2]
["C","SINAPI",87247,{"$f":"VLOOKUP(C17,'Comp SINAPI BA 07-2025 Onerado'!$B$11:$F$9696,2,FALSE)","v":"REVESTIMENTO CERÂMICO PARA PISO COM PLACAS TIPO ESMALTADA DE DIMENSÕES 35X35 CM APLICADA EM AMBIENTES DE ÁREA ENTRE 5 M2 E 10 M2. AF_02/2023_PE"},"PISO - PISOS","m²",{"$f":"VLOOKUP(C17,'Comp SINAPI BA 07-2025 Onerado'!$B$11:$F$9696,4,FALSE)","v":54.97},0.33650000000000002,{"$f":"ROUND(G17*H17,2)","v":18.5}]
["C","SINAPI",87248,{"$f":"VLOOKUP(C18,'Comp SINAPI BA 07-2025 Onerado'!$B$11:$F$9696,2,FALSE)","v":"REVESTIMENTO CERÂMICO PARA PISO COM PLACAS TIPO ESMALTADA DE DIMENSÕES 35X35 CM APLICADA EM AMBIENTES DE ÁREA MAIOR QUE 10 M2. AF_02/2023_PE"},"PISO - PISOS","m²",{"$f":"VLOOKUP(C18,'Comp SINAPI BA 07-2025 Onerado'!$B$11:$F$9696,4,FALSE)","v":46.31},0.60870000000000002,{"$f":"ROUND(G18*H18,2)","v":28.19}]
["C","SINAPI",87246,{"$f":"VLOOKUP(C19,'Comp SINAPI BA 07-2025 Onerado'!$B$11:$F$9696,2,FALSE)","v":"REVESTIMENTO CERÂMICO PARA PISO COM PLACAS TIPO ESMALTADA DE DIMENSÕES 35X35 CM APLICADA EM AMBIENTES DE ÁREA MENOR QUE 5 M2. AF_02/2023_PE"},"PISO - PISOS","m²",{"$f":"VLOOKUP(C19,'Comp SINAPI BA 07-2025 Onerado'!$B$11:$F$9696,4,FALSE)","v":63.01},5.4800000000000001E-2,3.45]
["C","SINAPI",101165,{"$f":"VLOOKUP(C20,'Comp SINAPI BA 07-2025 Onerado'!$B$11:$F$9696,2,FALSE)","v":"ALVENARIA DE EMBASAMENTO COM BLOCO ESTRUTURAL DE CONCRETO, DE 14X19X29CM E ARGAMASSA DE ASSENTAMENTO COM PREPARO EM BETONEIRA. AF_05/2020"},"FUES - FUNDAÇÕES E ESTRUTURAS","m³",{"$f":"VLOOKUP(C20,'Comp SINAPI BA 07-2025 Onerado'!$B$11:$F$9696,4,FALSE)","v":975.38},2.86E-2,27.9]
["C","SINAPI",103328,{"$f":"VLOOKUP(C21,'Comp SINAPI BA 07-2025 Onerado'!$B$11:$F$9696,2,FALSE)","v":"ALVENARIA DE VEDAÇÃO DE BLOCOS CERÂMICOS FURADOS NA HORIZONTAL DE 9X19X19 CM (ESPESSURA 9 CM) E ARGAMASSA DE ASSENTAMENTO COM PREPARO EM BETONEIRA. AF_12/2021"},"PARE - PAREDES/PAINEIS","m²",{"$f":"VLOOKUP(C21,'Comp SINAPI BA 07-2025 Onerado'!$B$11:$F$9696,4,FALSE)","v":106.93},0.46750000000000003,49.99]
["C","SINAPI",91924,{"$f":"VLOOKUP(C22,'Comp SINAPI BA 07-2025 Onerado'!$B$11:$F$9696,2,FALSE)","v":"CABO DE COBRE FLEXÍVEL ISOLADO, 1,5 MM², ANTI-CHAMA 450/750 V, PARA CIRCUITOS TERMINAIS - FORNECIMENTO E INSTALAÇÃO. AF_03/2023"},"INEL - INSTALAÇÃO ELÉTRICA/ELETRIFICAÇÃO E ILUMINAÇÃO EXTERNA","M",{"$f":"VLOOKUP(C22,'Comp SINAPI BA 07-2025 Onerado'!$B$11:$F$9696,4,FALSE)","v":3.26},1.2529999999999999,4.08]
["C","SINAPI",101561,{"$f":"VLOOKUP(C23,'Comp SINAPI BA 07-2025 Onerado'!$B$11:$F$9696,2,FALSE)","v":"CABO DE COBRE FLEXÍVEL ISOLADO, 16 MM², 0,6/1,0 KV, PARA REDE AÉREA DE DISTRIBUIÇÃO DE ENERGIA ELÉTRICA DE BAIXA TENSÃO - FORNECIMENTO E INSTALAÇÃO. AF_07/2020"},"INEL - INSTALAÇÃO ELÉTRICA/ELETRIFICAÇÃO E ILUMINAÇÃO EXTERNA","M",{"$f":"VLOOKUP(C23,'Comp SINAPI BA 07-2025 Onerado'!$B$11:$F$9696,4,FALSE)","v":17.309999999999999},0.2611,4.5199999999999996]
["C","SINAPI",91926,{"$f":"VLOOKUP(C24,'Comp SINAPI BA 07-2025 Onerado'!$B$11:$F$9696,2,FALSE)","v":"CABO DE COBRE FLEXÍVEL ISOLADO, 2,5 MM², ANTI-CHAMA 450/750 V, PARA CIRCUITOS TERMINAIS - FORNECIMENTO E INSTALAÇÃO. AF_03/2023"},"INEL - INSTALAÇÃO ELÉTRICA/ELETRIFICAÇÃO E ILUMINAÇÃO EXTERNA","M",{"$f":"VLOOKUP(C24,'Comp SINAPI BA 07-2025 Onerado'!$B$11:$F$9696,4,FALSE)","v":4.72},0.46989999999999998,2.2200000000000002]
["C","SINAPI",91928,{"$f":"VLOOKUP(C25,'Comp SINAPI BA 07-2025 Onerado'!$B$11:$F$9696,2,FALSE)","v":"CABO DE COBRE FLEXÍVEL ISOLADO, 4 MM², ANTI-CHAMA 450/750 V, PARA CIRCUITOS TERMINAIS - FORNECIMENTO E INSTALAÇÃO. AF_03/2023"},"INEL - INSTALAÇÃO ELÉTRICA/ELETRIFICAÇÃO E ILUMINAÇÃO EXTERNA","M",{"$f":"VLOOKUP(C25,'Comp SINAPI BA 07-2025 Onerado'!$B$11:$F$9696,4,FALSE)","v":7.27},1.0442,7.59]
["C","SINAPI",97886,{"$f":"VLOOKUP(C26,'Comp SINAPI BA 07-2025 Onerado'!$B$11:$F$9696,2,FALSE)","v":"CAIXA ENTERRADA ELÉTRICA RETANGULAR, EM ALVENARIA COM TIJOLOS CERÂMICOS MACIÇOS, FUNDO COM BRITA, DIMENSÕES INTERNAS: 0,3X0,3X0,3 M. AF_12/2020"},"INEL - INSTALAÇÃO ELÉTRICA/ELETRIFICAÇÃO E ILUMINAÇÃO EXTERNA","UN",{"$f":"VLOOKUP(C26,'Comp SINAPI BA 07-2025 Onerado'!$B$11:$F$9696,4,FALSE)","v":186.01},5.2200000000000003E-2,9.7100000000000009]
["C","SINAPI",97906,{"$f":"VLOOKUP(C27,'Comp SINAPI BA 07-2025 Onerado'!$B$11:$F$9696,2,FALSE)","v":"CAIXA ENTERRADA HIDRÁULICA RETANGULAR, EM ALVENARIA COM BLOCOS DE CONCRETO, DIMENSÕES INTERNAS: 0,6X0,6X0,6 M PARA REDE DE ESGOTO. AF_12/2020"},"INHI - INSTALAÇÕES HIDROS SANITÁRIAS","UN",{"$f":"VLOOKUP(C27,'Comp SINAPI BA 07-2025 Onerado'!$B$11:$F$9696,4,FALSE)","v":489.18},3.4799999999999998E-2,17.02]
["C","SINAPI",91937,{"$f":"VLOOKUP(C28,'Comp SINAPI BA 07-2025 Onerado'!$B$11:$F$9696,2,FALSE)","v":"CAIXA OCTOGONAL 3\" X 3\", PVC, INSTALADA EM LAJE - FORNECIMENTO E INSTALAÇÃO. AF_03/2023"},"INEL - INSTALAÇÃO ELÉTRICA/ELETRIFICAÇÃO E ILUMINAÇÃO EXTERNA","UN",{"$f":"VLOOKUP(C28,'Comp SINAPI BA 07-2025 Onerado'!$B$11:$F$9696,4,FALSE)","v":16.98},0.13919999999999999,2.36]
["C","SINAPI",87903,{"$f":"VLOOKUP(C29,'Comp SINAPI BA 07-2025 Onerado'!$B$11:$F$9696,2,FALSE)","v":"CHAPISCO APLICADO EM ALVENARIA (COM PRESENÇA DE VÃOS) E ESTRUTURAS DE CONCRETO DE FACHADA, COM ROLO PARA TEXTURA ACRÍLICA. ARGAMASSA INDUSTRIALIZADA COM PREPARO EM MISTURADOR 300 KG. AF_10/2022"},"REVE - REVESTIMENTO E TRATAMENTO DE SUPERFÍCIES","m²",{"$f":"VLOOKUP(C29,'Comp SINAPI BA 07-2025 Onerado'!$B$11:$F$9696,4,FALSE)","v":13.06},0.1681,2.2000000000000002]
["C","SINAPI",87885,{"$f":"VLOOKUP(C30,'Comp SINAPI BA 07-2025 Onerado'!$B$11:$F$9696,2,FALSE)","v":"CHAPISCO APLICADO NO TETO OU EM ALVENARIA E ESTRUTURA, COM ROLO PARA TEXTURA ACRÍLICA. ARGAMASSA INDUSTRIALIZADA COM PREPARO EM MISTURADOR 300 KG. AF_10/2022"},"REVE - REVESTIMENTO E TRATAMENTO DE SUPERFÍCIES","m²",{"$f":"VLOOKUP(C30,'Comp SINAPI BA 07-2025 Onerado'!$B$11:$F$9696,4,FALSE)","v":10.24},0.76790000000000003,7.86]
["C","SINAPI",90466,{"$f":"VLOOKUP(C31,'Comp SINAPI BA 07-2025 Onerado'!$B$11:$F$9696,2,FALSE)","v":"CHUMBAMENTO LINEAR EM ALVENARIA PARA RAMAIS/DISTRIBUIÇÃO DE INSTALAÇÕES HIDRÁULICAS COM DIÂMETROS MENORES OU IGUAIS A 40 MM. AF_09/2023"},"INHI - INSTALAÇÕES HIDROS SANITÁRIAS","M",{"$f":"VLOOKUP(C31,'Comp SINAPI BA 07-2025 Onerado'!$B$11:$F$9696,4,FALSE)","v":17.79},7.22E-2,1.28]
["C","SINAPI",100860,{"$f":"VLOOKUP(C32,'Comp SINAPI BA 07-2025 Onerado'!$B$11:$F$9696,2,FALSE)","v":"CHUVEIRO ELÉTRICO COMUM CORPO PLÁSTICO, TIPO DUCHA - FORNECIMENTO E INSTALAÇÃO. AF_01/2020"},"INHI - INSTALAÇÕES HIDROS SANITÁRIAS","UN",{"$f":"VLOOKUP(C32,'Comp SINAPI BA 07-2025 Onerado'!$B$11:$F$9696,4,FALSE)","v":114.64},6.9599999999999995E-2,7.98]
["C","SINAPI",95805,{"$f":"VLOOKUP(C33,'Comp SINAPI BA 07-2025 Onerado'!$B$11:$F$9696,2,FALSE)","v":"CONDULETE DE PVC, TIPO B, PARA ELETRODUTO DE PVC SOLDÁVEL DN 25 MM (3/4''), APARENTE - FORNECIMENTO E INSTALAÇÃO. AF_10/2022"},"INEL - INSTALAÇÃO ELÉTRICA/ELETRIFICAÇÃO E ILUMINAÇÃO EXTERNA","UN",{"$f":"VLOOKUP(C33,'Comp SINAPI BA 07-2025 Onerado'!$B$11:$F$9696,4,FALSE)","v":23.54},1.7399999999999999E-2,0.41]
["C","SINAPI",95811,{"$f":"VLOOKUP(C34,'Comp SINAPI BA 07-2025 Onerado'!$B$11:$F$9696,2,FALSE)","v":"CONDULETE DE PVC, TIPO LB, PARA ELETRODUTO DE PVC SOLDÁVEL DN 25 MM (3/4''), APARENTE - FORNECIMENTO E INSTALAÇÃO. AF_10/2022"},"INEL - INSTALAÇÃO ELÉTRICA/ELETRIFICAÇÃO E ILUMINAÇÃO EXTERNA","UN",{"$f":"VLOOKUP(C34,'Comp SINAPI BA 07-2025 Onerado'!$B$11:$F$9696,4,FALSE)","v":19.12},5.2200000000000003E-2,1]
["C","SINAPI",91911,{"$f":"VLOOKUP(C35,'Comp SINAPI BA 07-2025 Onerado'!$B$11:$F$9696,2,FALSE)","v":"CURVA 90 GRAUS PARA ELETRODUTO, PVC, ROSCÁVEL, DN 20 MM (1/2\"), PARA CIRCUITOS TERMINAIS, INSTALADA EM PAREDE - FORNECIMENTO E INSTALAÇÃO. AF_03/2023"},"INEL - INSTALAÇÃO ELÉTRICA/ELETRIFICAÇÃO E ILUMINAÇÃO EXTERNA","UN",{"$f":"VLOOKUP(C35,'Comp SINAPI BA 07-2025 Onerado'!$B$11:$F$9696,4,FALSE)","v":18.600000000000001},6.9599999999999995E-2,1.29]
["C","SINAPI",91890,{"$f":"VLOOKUP(C36,'Comp SINAPI BA 07-2025 Onerado'!$B$11:$F$9696,2,FALSE)","v":"CURVA 90 GRAUS PARA ELETRODUTO, PVC, ROSCÁVEL, DN 25 MM (3/4\"), PARA CIRCUITOS TERMINAIS, INSTALADA EM FORRO - FORNECIMENTO E INSTALAÇÃO. AF_03/2023"},"INEL - INSTALAÇÃO ELÉTRICA/ELETRIFICAÇÃO E ILUMINAÇÃO EXTERNA","UN",{"$f":"VLOOKUP(C36,'Comp SINAPI BA 07-2025 Onerado'!$B$11:$F$9696,4,FALSE)","v":14.7},1.7399999999999999E-2,0.26]
["C","SINAPI",89748,{"$f":"VLOOKUP(C37,'Comp SINAPI BA 07-2025 Onerado'!$B$11:$F$9696,2,FALSE)","v":"CURVA CURTA 90 GRAUS, PVC, SERIE NORMAL, ESGOTO PREDIAL, DN 100 MM, JUNTA ELÁSTICA, FORNECIDO E INSTALADO EM RAMAL DE DESCARGA OU RAMAL DE ESGOTO SANITÁRIO. AF_08/2022"},"INHI - INSTALAÇÕES HIDROS SANITÁRIAS","UN",{"$f":"VLOOKUP(C37,'Comp SINAPI BA 07-2025 Onerado'!$B$11:$F$9696,4,FALSE)","v":40.299999999999997},5.2200000000000003E-2,2.1]
["C","SINAPI",101891,{"$f":"VLOOKUP(C38,'Comp SINAPI BA 07-2025 Onerado'!$B$11:$F$9696,2,FALSE)","v":"DISJUNTOR MONOPOLAR TIPO NEMA, CORRENTE NOMINAL DE 35 ATÉ 50A - FORNECIMENTO E INSTALAÇÃO. AF_10/2020"},"INEL - INSTALAÇÃO ELÉTRICA/ELETRIFICAÇÃO E ILUMINAÇÃO EXTERNA","UN",{"$f":"VLOOKUP(C38,'Comp SINAPI BA 07-2025 Onerado'!$B$11:$F$9696,4,FALSE)","v":27.5},0.10440000000000001,2.87]
["C","SINAPI",91862,{"$f":"VLOOKUP(C39,'Comp SINAPI BA 07-2025 Onerado'!$B$11:$F$9696,2,FALSE)","v":"ELETRODUTO RÍGIDO ROSCÁVEL, PVC, DN 20 MM (1/2\"), PARA CIRCUITOS TERMINAIS, INSTALADO EM FORRO - FORNECIMENTO E INSTALAÇÃO. AF_03/2023"},"INEL - INSTALAÇÃO ELÉTRICA/ELETRIFICAÇÃO E ILUMINAÇÃO EXTERNA","M",{"$f":"VLOOKUP(C39,'Comp SINAPI BA 07-2025 Onerado'!$B$11:$F$9696,4,FALSE)","v":9.77},0.33069999999999999,3.23]
["C","SINAPI",91870,{"$f":"VLOOKUP(C40,'Comp SINAPI BA 07-2025 Onerado'!$B$11:$F$9696,2,FALSE)","v":"ELETRODUTO RÍGIDO ROSCÁVEL, PVC, DN 20 MM (1/2\"), PARA CIRCUITOS TERMINAIS, INSTALADO EM PAREDE - FORNECIMENTO E INSTALAÇÃO. AF_03/2023"},"INEL - INSTALAÇÃO ELÉTRICA/ELETRIFICAÇÃO E ILUMINAÇÃO EXTERNA","M",{"$f":"VLOOKUP(C40,'Comp SINAPI BA 07-2025 Onerado'!$B$11:$F$9696,4,FALSE)","v":13.22},0.15659999999999999,2.0699999999999998]
["C","SINAPI",91863,{"$f":"VLOOKUP(C41,'Comp SINAPI BA 07-2025 Onerado'!$B$11:$F$9696,2,FALSE)","v":"ELETRODUTO RÍGIDO ROSCÁVEL, PVC, DN 25 MM (3/4\"), PARA CIRCUITOS TERMINAIS, INSTALADO EM FORRO - FORNECIMENTO E INSTALAÇÃO. AF_03/2023"},"INEL - INSTALAÇÃO ELÉTRICA/ELETRIFICAÇÃO E ILUMINAÇÃO EXTERNA","M",{"$f":"VLOOKUP(C41,'Comp SINAPI BA 07-2025 Onerado'!$B$11:$F$9696,4,FALSE)","v":11.47},0.1305,1.5]
["C","SINAPI",91871,{"$f":"VLOOKUP(C42,'Comp SINAPI BA 07-2025 Onerado'!$B$11:$F$9696,2,FALSE)","v":"ELETRODUTO RÍGIDO ROSCÁVEL, PVC, DN 25 MM (3/4\"), PARA CIRCUITOS TERMINAIS, INSTALADO EM PAREDE - FORNECIMENTO E INSTALAÇÃO. AF_03/2023"},"INEL - INSTALAÇÃO ELÉTRICA/ELETRIFICAÇÃO E ILUMINAÇÃO EXTERNA","M",{"$f":"VLOOKUP(C42,'Comp SINAPI BA 07-2025 Onerado'!$B$11:$F$9696,4,FALSE)","v":14.92},2.6100000000000002E-2,0.39]
["C","SINAPI",87777,{"$f":"VLOOKUP(C43,'Comp SINAPI BA 07-2025 Onerado'!$B$11:$F$9696,2,FALSE)","v":"EMBOÇO OU MASSA ÚNICA EM ARGAMASSA TRAÇO 1:2:8, PREPARO MANUAL, APLICADA MANUALMENTE EM PANOS DE FACHADA COM PRESENÇA DE VÃOS, ESPESSURA DE 25 MM. AF_08/2022"},"REVE - REVESTIMENTO E TRATAMENTO DE SUPERFÍCIES","m²",{"$f":"VLOOKUP(C43,'Comp SINAPI BA 07-2025 Onerado'!$B$11:$F$9696,4,FALSE)","v":67.900000000000006},0.1681,11.41]
["C","SINAPI",93358,{"$f":"VLOOKUP(C44,'Comp SINAPI BA 07-2025 Onerado'!$B$11:$F$9696,2,FALSE)","v":"ESCAVAÇÃO MANUAL DE VALA. AF_09/2024"},"MOVT - MOVIMENTO DE TERRA","m³",{"$f":"VLOOKUP(C44,'Comp SINAPI BA 07-2025 Onerado'!$B$11:$F$9696,4,FALSE)","v":96.4},2.7900000000000001E-2,2.69]
["C","SINAPI",91305,{"$f":"VLOOKUP(C45,'Comp SINAPI BA 07-2025 Onerado'!$B$11:$F$9696,2,FALSE)","v":"FECHADURA DE EMBUTIR PARA PORTA DE BANHEIRO, COMPLETA, ACABAMENTO PADRÃO POPULAR, INCLUSO EXECUÇÃO DE FURO - FORNECIMENTO E INSTALAÇÃO. AF_12/2019"},"ESQV - ESQUADRIAS/FERRAGENS/VIDROS","UN",{"$f":"VLOOKUP(C45,'Comp SINAPI BA 07-2025 Onerado'!$B$11:$F$9696,4,FALSE)","v":121.43},5.2200000000000003E-2,6.34]
["C","SINAPI",91170,{"$f":"VLOOKUP(C46,'Comp SINAPI BA 07-2025 Onerado'!$B$11:$F$9696,2,FALSE)","v":"FIXAÇÃO DE TUBOS HORIZONTAIS DE PVC ÁGUA, PVC ESGOTO, PVC ÁGUA PLUVIAL, CPVC, PPR, COBRE OU AÇO, DIÂMETROS MENORES OU IGUAIS A 40 MM, COM ABRAÇADEIRA METÁLICA RÍGIDA TIPO U PERFIL 1 1/4\", FIXADA EM PERFILADO EM LAJE. AF_09/2023_PS"},"INHI - INSTALAÇÕES HIDROS SANITÁRIAS","M",{"$f":"VLOOKUP(C46,'Comp SINAPI BA 07-2025 Onerado'!$B$11:$F$9696,4,FALSE)","v":11.49},0.4612,5.3]
["C","SINAPI",91173,{"$f":"VLOOKUP(C47,'Comp SINAPI BA 07-2025 Onerado'!$B$11:$F$9696,2,FALSE)","v":"FIXAÇÃO DE TUBOS VERTICAIS DE PVC ÁGUA, PVC ESGOTO, PVC ÁGUA PLUVIAL, CPVC, PPR, COBRE OU AÇO, DIÂMETROS MENORES OU IGUAIS A 40 MM, COM ABRAÇADEIRA METÁLICA RÍGIDA TIPO U PERFIL 1 1/4\", FIXADA EM PERFILADO EM PAREDE. AF_09/2023_PS"},"INHI - INSTALAÇÕES HIDROS SANITÁRIAS","M",{"$f":"VLOOKUP(C47,'Comp SINAPI BA 07-2025 Onerado'!$B$11:$F$9696,4,FALSE)","v":4.2699999999999996},0.1827,0.78]
["C","SINAPI",96985,{"$f":"VLOOKUP(C48,'Comp SINAPI BA 07-2025 Onerado'!$B$11:$F$9696,2,FALSE)","v":"HASTE DE ATERRAMENTO, DIÂMETRO 5/8\", COM 3 METROS - FORNECIMENTO E INSTALAÇÃO. AF_08/2023"},"INEL - INSTALAÇÃO ELÉTRICA/ELETRIFICAÇÃO E ILUMINAÇÃO EXTERNA","    ",{"$f":"VLOOKUP(C48,'Comp SINAPI BA 07-2025 Onerado'!$B$11:$F$9696,4,FALSE)","v":89.11},5.2200000000000003E-2,4.6500000000000004]
["C","SINAPI",91959,{"$f":"VLOOKUP(C49,'Comp SINAPI BA 07-2025 Onerado'!$B$11:$F$9696,2,FALSE)","v":"INTERRUPTOR SIMPLES (2 MÓDULOS), 10A/250V, INCLUINDO SUPORTE E PLACA - FORNECIMENTO E INSTALAÇÃO. AF_03/2023"},"INEL - INSTALAÇÃO ELÉTRICA/ELETRIFICAÇÃO E ILUMINAÇÃO EXTERNA","UN",{"$f":"VLOOKUP(C49,'Comp SINAPI BA 07-2025 Onerado'!$B$11:$F$9696,4,FALSE)","v":44.37},1.7399999999999999E-2,0.77]
["C","SINAPI",91967,{"$f":"VLOOKUP(C50,'Comp SINAPI BA 07-2025 Onerado'!$B$11:$F$9696,2,FALSE)","v":"INTERRUPTOR SIMPLES (3 MÓDULOS), 10A/250V, INCLUINDO SUPORTE E PLACA - FORNECIMENTO E INSTALAÇÃO. AF_03/2023"},"INEL - INSTALAÇÃO ELÉTRICA/ELETRIFICAÇÃO E ILUMINAÇÃO EXTERNA","UN",{"$f":"VLOOKUP(C50,'Comp SINAPI BA 07-2025 Onerado'!$B$11:$F$9696,4,FALSE)","v":59.35},1.7399999999999999E-2,1.03]
["C","SINAPI",94559,{"$f":"VLOOKUP(C51,'Comp SINAPI BA 07-2025 Onerado'!$B$11:$F$9696,2,FALSE)","v":"JANELA DE AÇO TIPO BASCULANTE, PARA VIDROS (VIDROS NÃO INCLUSOS), BATENTE/ REQUADRO INCLUSO (6,5 A 14 CM), DIMENSÕES 60X60 CM, COM COM PINTURA ANTICORROSIVA, SEM ACABAMENTO, COM FERRAGENS, FIXAÇÃO COM ARGAMASSA, EXCLUSIVE CONTRAMARCO - FORNECIMENTO E INSTALAÇÃO. AF_11/2024"},"ESQV - ESQUADRIAS/FERRAGENS/VIDROS","m²",{"$f":"VLOOKUP(C51,'Comp SINAPI BA 07-2025 Onerado'!$B$11:$F$9696,4,FALSE)","v":761.69},9.0499999999999997E-2,68.930000000000007]
["C","SINAPI",89724,{"$f":"VLOOKUP(C52,'Comp SINAPI BA 07-2025 Onerado'!$B$11:$F$9696,2,FALSE)","v":"JOELHO 90 GRAUS, PVC, SERIE NORMAL, ESGOTO PREDIAL, DN 40 MM, JUNTA SOLDÁVEL, FORNECIDO E INSTALADO EM RAMAL DE DESCARGA OU RAMAL DE ESGOTO SANITÁRIO. AF_08/2022"},"INHI - INSTALAÇÕES HIDROS SANITÁRIAS","UN",{"$f":"VLOOKUP(C52,'Comp SINAPI BA 07-2025 Onerado'!$B$11:$F$9696,4,FALSE)","v":10.74},0.17399999999999999,1.87]
["C","SINAPI",89731,{"$f":"VLOOKUP(C53,'Comp SINAPI BA 07-2025 Onerado'!$B$11:$F$9696,2,FALSE)","v":"JOELHO 90 GRAUS, PVC, SERIE NORMAL, ESGOTO PREDIAL, DN 50 MM, JUNTA ELÁSTICA, FORNECIDO E INSTALADO EM RAMAL DE DESCARGA OU RAMAL DE ESGOTO SANITÁRIO. AF_08/2022"},"INHI - INSTALAÇÕES HIDROS SANITÁRIAS","UN",{"$f":"VLOOKUP(C53,'Comp SINAPI BA 07-2025 Onerado'!$B$11:$F$9696,4,FALSE)","v":15.46},1.7399999999999999E-2,0.27]
["C","SINAPI",89970,"KIT DE REGISTRO DE PRESSÃO BRUTO DE LATÃO ¾\", INCLUSIVE CONEXÕES, ROSCÁVEL, INSTALADO EM RAMAL DE ÁGUA FRIA - FORNECIMENTO E INSTALAÇÃO. AF_12/2014","INHI - INSTALAÇÕES HIDROS SANITÁRIAS","UN",{"$f":"SUM(I55:I57)","v":50.12},6.9599999999999995E-2,3.49]
["C","SINAPI",89383,{"$f":"VLOOKUP(C55,'Comp SINAPI BA 07-2025 Onerado'!$B$11:$F$9696,2,FALSE)","v":"ADAPTADOR CURTO COM BOLSA E ROSCA PARA REGISTRO, PVC, SOLDÁVEL, DN 25MM X 3/4, INSTALADO EM RAMAL OU SUB-RAMAL DE ÁGUA - FORNECIMENTO E INSTALAÇÃO. AF_06/2022"},"INHI - INSTALAÇÕES HIDROS SANITÁRIAS","UN",{"$f":"VLOOKUP(C55,'Comp SINAPI BA 07-2025 Onerado'!$B$11:$F$9696,4,FALSE)","v":7.08},1,{"$f":"ROUND(G55*H55,2)","v":7.08}]
["C","SINAPI",89385,{"$f":"VLOOKUP(C56,'Comp SINAPI BA 07-2025 Onerado'!$B$11:$F$9696,2,FALSE)","v":"LUVA SOLDÁVEL E COM ROSCA, PVC, SOLDÁVEL, DN 25MM X 3/4, INSTALADO EM RAMAL OU SUB-RAMAL DE ÁGUA - FORNECIMENTO E INSTALAÇÃO. AF_06/2022"},"INHI - INSTALAÇÕES HIDROS SANITÁRIAS","UN",{"$f":"VLOOKUP(C56,'Comp SINAPI BA 07-2025 Onerado'!$B$11:$F$9696,4,FALSE)","v":7.63},1,{"$f":"ROUND(G56*H56,2)","v":7.63}]
["C","SINAPI",89351,{"$f":"VLOOKUP(C57,'Comp SINAPI BA 07-2025 Onerado'!$B$11:$F$9696,2,FALSE)","v":"REGISTRO DE PRESSÃO BRUTO, LATÃO, ROSCÁVEL, 3/4'' - FORNECIMENTO E INSTALAÇÃO. AF_08/2021"},"INHI - INSTALAÇÕES HIDROS SANITÁRIAS","UN",{"$f":"VLOOKUP(C57,'Comp SINAPI BA 07-2025 Onerado'!$B$11:$F$9696,4,FALSE)","v":35.409999999999997},1,35.409999999999997]
["C","SINAPI",95240,{"$f":"VLOOKUP(C58,'Comp SINAPI BA 07-2025 Onerado'!$B$11:$F$9696,2,FALSE)","v":"LASTRO DE CONCRETO MAGRO, APLICADO EM PISOS, LAJES SOBRE SOLO OU RADIERS, ESPESSURA DE 3 CM. AF_01/2024"},"FUES - FUNDAÇÕES E ESTRUTURAS","m²",{"$f":"VLOOKUP(C58,'Comp SINAPI BA 07-2025 Onerado'!$B$11:$F$9696,4,FALSE)","v":22.32},6.4000000000000003E-3,0.14000000000000001]
["C","SINAPI",95241,{"$f":"VLOOKUP(C59,'Comp SINAPI BA 07-2025 Onerado'!$B$11:$F$9696,2,FALSE)","v":"LASTRO DE CONCRETO MAGRO, APLICADO EM PISOS, LAJES SOBRE SOLO OU RADIERS, ESPESSURA DE 5 CM. AF_01/2024"},"FUES - FUNDAÇÕES E ESTRUTURAS","m²",{"$f":"VLOOKUP(C59,'Comp SINAPI BA 07-2025 Onerado'!$B$11:$F$9696,4,FALSE)","v":42.86},1.3328,57.12]
["C","SINAPI",86943,{"$f":"VLOOKUP(C60,'Comp SINAPI BA 07-2025 Onerado'!$B$11:$F$9696,2,FALSE)","v":"LAVATÓRIO LOUÇA BRANCA SUSPENSO, 29,5 X 39CM OU EQUIVALENTE, PADRÃO POPULAR, INCLUSO SIFÃO FLEXÍVEL EM PVC, VÁLVULA E ENGATE FLEXÍVEL 30CM EM PLÁSTICO E TORNEIRA CROMADA DE MESA, PADRÃO POPULAR - FORNECIMENTO E INSTALAÇÃO. AF_01/2020"},"INHI - INSTALAÇÕES HIDROS SANITÁRIAS","UN",{"$f":"VLOOKUP(C60,'Comp SINAPI BA 07-2025 Onerado'!$B$11:$F$9696,4,FALSE)","v":278.77},5.2200000000000003E-2,14.55]
["C","SINAPI",97586,"LUMINÁRIA TIPO CALHA, DE SOBREPOR, COM 2 LÂMPADAS TUBULARES FLUORESCENTES DE 36 W, COM REATOR DE PARTIDA RÁPIDA - FORNECIMENTO E INSTALAÇÃO. AF_02/2020","INEL - INSTALAÇÃO ELÉTRICA/ELETRIFICAÇÃO E ILUMINAÇÃO EXTERNA","UN",{"$f":"SUM(I62:I64)","v":224.27},0.13919999999999999,31.22]
["C","SINAPI",88247,{"$f":"VLOOKUP(C62,'Comp SINAPI BA 07-2025 Onerado'!$B$11:$F$9696,2,FALSE)","v":"AUXILIAR DE ELETRICISTA COM ENCARGOS COMPLEMENTARES"},"SEDI - SERVIÇOS DIVERSOS","H",{"$f":"VLOOKUP(C62,'Comp SINAPI BA 07-2025 Onerado'!$B$11:$F$9696,4,FALSE)","v":25.56},0.17269999999999999,{"$f":"ROUND(G62*H62,2)","v":4.41}]
["C","SINAPI",88264,{"$f":"VLOOKUP(C63,'Comp SINAPI BA 07-2025 Onerado'!$B$11:$F$9696,2,FALSE)","v":"ELETRICISTA COM ENCARGOS COMPLEMENTARES"},"SEDI - SERVIÇOS DIVERSOS","H",{"$f":"VLOOKUP(C63,'Comp SINAPI BA 07-2025 Onerado'!$B$11:$F$9696,4,FALSE)","v":33.94},0.41439999999999999,{"$f":"ROUND(G63*H63,2)","v":14.06}]
["I","SINAPI",3780,{"$f":"VLOOKUP(C64,'Ins SINAPI BA 07-2025 Onerado'!$B$11:$F$9696,2,FALSE)","v":"LUMINARIA DE SOBREPOR EM CHAPA DE ACO PARA 1 LAMPADA FLUORESCENTE DE *36* W, ALETADA, COMPLETA (LAMPADA E REATOR INCLUSOS)"},"Material","UN",102.9,2,{"$f":"ROUND(G64*H64,2)","v":205.8}]
["C","SINAPI",91882,{"$f":"VLOOKUP(C65,'Comp SINAPI BA 07-2025 Onerado'!$B$11:$F$9696,2,FALSE)","v":"LUVA PARA ELETRODUTO, PVC, ROSCÁVEL, DN 20 MM (1/2\"), PARA CIRCUITOS TERMINAIS, INSTALADA EM PAREDE - FORNECIMENTO E INSTALAÇÃO. AF_03/2023"},"INEL - INSTALAÇÃO ELÉTRICA/ELETRIFICAÇÃO E ILUMINAÇÃO EXTERNA","UN",{"$f":"VLOOKUP(C65,'Comp SINAPI BA 07-2025 Onerado'!$B$11:$F$9696,4,FALSE)","v":11.48},3.4799999999999998E-2,0.4]
["C","SINAPI",91875,{"$f":"VLOOKUP(C66,'Comp SINAPI BA 07-2025 Onerado'!$B$11:$F$9696,2,FALSE)","v":"LUVA PARA ELETRODUTO, PVC, ROSCÁVEL, DN 25 MM (3/4\"), PARA CIRCUITOS TERMINAIS, INSTALADA EM FORRO - FORNECIMENTO E INSTALAÇÃO. AF_03/2023"},"INEL - INSTALAÇÃO ELÉTRICA/ELETRIFICAÇÃO E ILUMINAÇÃO EXTERNA","UN",{"$f":"VLOOKUP(C66,'Comp SINAPI BA 07-2025 Onerado'!$B$11:$F$9696,4,FALSE)","v":9.1999999999999993},3.4799999999999998E-2,0.32]
["C","SINAPI",87548,{"$f":"VLOOKUP(C67,'Comp SINAPI BA 07-2025 Onerado'!$B$11:$F$9696,2,FALSE)","v":"MASSA ÚNICA, EM ARGAMASSA TRAÇO 1:2:8, PREPARO MANUAL, APLICADA MANUALMENTE EM PAREDES INTERNAS DE AMBIENTES COM ÁREA ENTRE 5M² E 10M², E = 10MM, COM TALISCAS. AF_03/2024"},"REVE - REVESTIMENTO E TRATAMENTO DE SUPERFÍCIES","m²",{"$f":"VLOOKUP(C67,'Comp SINAPI BA 07-2025 Onerado'!$B$11:$F$9696,4,FALSE)","v":33.71},0.18940000000000001,6.38]
["C","SINAPI",98445,{"$f":"VLOOKUP(C68,'Comp SINAPI BA 07-2025 Onerado'!$B$11:$F$9696,2,FALSE)","v":"PAREDE DE MADEIRA COMPENSADA PARA CONSTRUÇÃO TEMPORÁRIA EM CHAPA SIMPLES, EXTERNA, COM ÁREA LÍQUIDA MAIOR OU IGUAL A 6 M², COM VÃO. AF_03/2024"},"CANT - CANTEIRO DE OBRAS","m²",{"$f":"VLOOKUP(C68,'Comp SINAPI BA 07-2025 Onerado'!$B$11:$F$9696,4,FALSE)","v":118.79},0.40810000000000002,48.48]
["C","SINAPI",98441,{"$f":"VLOOKUP(C69,'Comp SINAPI BA 07-2025 Onerado'!$B$11:$F$9696,2,FALSE)","v":"PAREDE DE MADEIRA COMPENSADA PARA CONSTRUÇÃO TEMPORÁRIA EM CHAPA SIMPLES, EXTERNA, SEM VÃO. AF_03/2024"},"CANT - CANTEIRO DE OBRAS","m²",{"$f":"VLOOKUP(C69,'Comp SINAPI BA 07-2025 Onerado'!$B$11:$F$9696,4,FALSE)","v":100.01},0.26119999999999999,26.12]
["C","SINAPI",98446,{"$f":"VLOOKUP(C70,'Comp SINAPI BA 07-2025 Onerado'!$B$11:$F$9696,2,FALSE)","v":"PAREDE DE MADEIRA COMPENSADA PARA CONSTRUÇÃO TEMPORÁRIA EM CHAPA SIMPLES, EXTERNA, COM ÁREA LÍQUIDA MENOR QUE 6 M², COM VÃO. AF_03/2024"},"CANT - CANTEIRO DE OBRAS","m²",{"$f":"VLOOKUP(C70,'Comp SINAPI BA 07-2025 Onerado'!$B$11:$F$9696,4,FALSE)","v":153.47},0.31819999999999998,48.83]
["C","SINAPI",98441,{"$f":"VLOOKUP(C71,'Comp SINAPI BA 07-2025 Onerado'!$B$11:$F$9696,2,FALSE)","v":"PAREDE DE MADEIRA COMPENSADA PARA CONSTRUÇÃO TEMPORÁRIA EM CHAPA SIMPLES, EXTERNA, SEM VÃO. AF_03/2024"},"CANT - CANTEIRO DE OBRAS","m²",{"$f":"VLOOKUP(C71,'Comp SINAPI BA 07-2025 Onerado'!$B$11:$F$9696,4,FALSE)","v":100.01},0.30070000000000002,30.07]
["C","SINAPI",98447,{"$f":"VLOOKUP(C72,'Comp SINAPI BA 07-2025 Onerado'!$B$11:$F$9696,2,FALSE)","v":"PAREDE DE MADEIRA COMPENSADA PARA CONSTRUÇÃO TEMPORÁRIA EM CHAPA SIMPLES, INTERNA, COM ÁREA LÍQUIDA MAIOR OU IGUAL A 6 M², COM VÃO. AF_03/2024"},"CANT - CANTEIRO DE OBRAS","m²",{"$f":"VLOOKUP(C72,'Comp SINAPI BA 07-2025 Onerado'!$B$11:$F$9696,4,FALSE)","v":91.46},0.12970000000000001,11.86]
["C","SINAPI",98443,{"$f":"VLOOKUP(C73,'Comp SINAPI BA 07-2025 Onerado'!$B$11:$F$9696,2,FALSE)","v":"PAREDE DE MADEIRA COMPENSADA PARA CONSTRUÇÃO TEMPORÁRIA EM CHAPA SIMPLES, INTERNA, SEM VÃO. AF_03/2024"},"CANT - CANTEIRO DE OBRAS","m²",{"$f":"VLOOKUP(C73,'Comp SINAPI BA 07-2025 Onerado'!$B$11:$F$9696,4,FALSE)","v":76.540000000000006},8.3000000000000004E-2,6.35]
["C","SINAPI",98448,{"$f":"VLOOKUP(C74,'Comp SINAPI BA 07-2025 Onerado'!$B$11:$F$9696,2,FALSE)","v":"PAREDE DE MADEIRA COMPENSADA PARA CONSTRUÇÃO TEMPORÁRIA EM CHAPA SIMPLES, INTERNA, COM ÁREA LÍQUIDA MENOR QUE 6 M², COM VÃO. AF_03/2024"},"CANT - CANTEIRO DE OBRAS","m²",{"$f":"VLOOKUP(C74,'Comp SINAPI BA 07-2025 Onerado'!$B$11:$F$9696,4,FALSE)","v":119.3},0.1011,12.06]
["C","SINAPI",98443,{"$f":"VLOOKUP(C75,'Comp SINAPI BA 07-2025 Onerado'!$B$11:$F$9696,2,FALSE)","v":"PAREDE DE MADEIRA COMPENSADA PARA CONSTRUÇÃO TEMPORÁRIA EM CHAPA SIMPLES, INTERNA, SEM VÃO. AF_03/2024"},"CANT - CANTEIRO DE OBRAS","m²",{"$f":"VLOOKUP(C75,'Comp SINAPI BA 07-2025 Onerado'!$B$11:$F$9696,4,FALSE)","v":76.540000000000006},9.5600000000000004E-2,7.32]
["C","SINAPI",88489,{"$f":"VLOOKUP(C76,'Comp SINAPI BA 07-2025 Onerado'!$B$11:$F$9696,2,FALSE)","v":"PINTURA LÁTEX ACRÍLICA PREMIUM, APLICAÇÃO MANUAL EM PAREDES, DUAS DEMÃOS. AF_04/2023"},"PINT - PINTURAS","m²",{"$f":"VLOOKUP(C76,'Comp SINAPI BA 07-2025 Onerado'!$B$11:$F$9696,4,FALSE)","v":13.96},2.4441999999999999,{"$f":"ROUND(G76*H76,2)","v":34.119999999999997}]
["C","SINAPI",98679,{"$f":"VLOOKUP(C77,'Comp SINAPI BA 07-2025 Onerado'!$B$11:$F$9696,2,FALSE)","v":"PISO CIMENTADO, TRAÇO 1:3 (CIMENTO E AREIA), ACABAMENTO LISO, ESPESSURA 2,0 CM, PREPARO MECÂNICO DA ARGAMASSA. AF_09/2020"},"PISO - PISOS","m²",{"$f":"VLOOKUP(C77,'Comp SINAPI BA 07-2025 Onerado'!$B$11:$F$9696,4,FALSE)","v":44.82},0.51339999999999997,23.01]
["C","SINAPI",89957,"PONTO DE CONSUMO TERMINAL DE ÁGUA FRIA (SUBRAMAL) COM TUBULAÇÃO DE PVC, DN 25 MM, INSTALADO EM RAMAL DE ÁGUA, INCLUSOS RASGO E CHUMBAMENTO EM ALVENARIA. AF_12/2014 (ADAPTADO)","INHI - INSTALAÇÕES HIDROS SANITÁRIAS","UN",{"$f":"SUM(I79:I84)","v":154.22999999999999},0.17399999999999999,26.84]
["C","SINAPI",90466,{"$f":"VLOOKUP(C79,'Comp SINAPI BA 07-2025 Onerado'!$B$11:$F$9696,2,FALSE)","v":"CHUMBAMENTO LINEAR EM ALVENARIA PARA RAMAIS/DISTRIBUIÇÃO DE INSTALAÇÕES HIDRÁULICAS COM DIÂMETROS MENORES OU IGUAIS A 40 MM. AF_09/2023"},"Material","M",{"$f":"VLOOKUP(C79,'Comp SINAPI BA 07-2025 Onerado'!$B$11:$F$9696,4,FALSE)","v":17.79},2.14,38.07]
["C","SINAPI",89366,{"$f":"VLOOKUP(C80,'Comp SINAPI BA 07-2025 Onerado'!$B$11:$F$9696,2,FALSE)","v":"JOELHO 90 GRAUS COM BUCHA DE LATÃO, PVC, SOLDÁVEL, DN 25MM, X 3/4 INSTALADO EM RAMAL OU SUB-RAMAL DE ÁGUA - FORNECIMENTO E INSTALAÇÃO. AF_06/2022"},"Material","UN",{"$f":"VLOOKUP(C80,'Comp SINAPI BA 07-2025 Onerado'!$B$11:$F$9696,4,FALSE)","v":16.100000000000001},1,16.100000000000001]
["C","SINAPI",89362,{"$f":"VLOOKUP(C81,'Comp SINAPI BA 07-2025 Onerado'!$B$11:$F$9696,2,FALSE)","v":"JOELHO 90 GRAUS, PVC, SOLDÁVEL, DN 25MM, INSTALADO EM RAMAL OU SUB-RAMAL DE ÁGUA - FORNECIMENTO E INSTALAÇÃO. AF_06/2022"},"Material","UN",{"$f":"VLOOKUP(C81,'Comp SINAPI BA 07-2025 Onerado'!$B$11:$F$9696,4,FALSE)","v":10.41},1.18,12.28]
["C","SINAPI",90443,{"$f":"VLOOKUP(C82,'Comp SINAPI BA 07-2025 Onerado'!$B$11:$F$9696,2,FALSE)","v":"RASGO LINEAR MANUAL EM ALVENARIA, PARA RAMAIS/ DISTRIBUIÇÃO DE INSTALAÇÕES HIDRÁULICAS, DIÂMETROS MENORES OU IGUAIS A 40 MM. AF_09/2023"},"Material","M",{"$f":"VLOOKUP(C82,'Comp SINAPI BA 07-2025 Onerado'!$B$11:$F$9696,4,FALSE)","v":9.32},2.14,19.940000000000001]
["C","SINAPI",89395,{"$f":"VLOOKUP(C83,'Comp SINAPI BA 07-2025 Onerado'!$B$11:$F$9696,2,FALSE)","v":"TE, PVC, SOLDÁVEL, DN 25MM, INSTALADO EM RAMAL OU SUB-RAMAL DE ÁGUA - FORNECIMENTO E INSTALAÇÃO. AF_06/2022"},"Material","UN",{"$f":"VLOOKUP(C83,'Comp SINAPI BA 07-2025 Onerado'!$B$11:$F$9696,4,FALSE)","v":14.26},0.89,12.69]
["C","SINAPI",89356,{"$f":"VLOOKUP(C84,'Comp SINAPI BA 07-2025 Onerado'!$B$11:$F$9696,2,FALSE)","v":"TUBO, PVC, SOLDÁVEL, DE 25MM, INSTALADO EM RAMAL OU SUB-RAMAL DE ÁGUA - FORNECIMENTO E INSTALAÇÃO. AF_06/2022"},"Material","M",{"$f":"VLOOKUP(C84,'Comp SINAPI BA 07-2025 Onerado'!$B$11:$F$9696,4,FALSE)","v":25.77},2.14,55.15]
["C","SINAPI",90822,{"$f":"VLOOKUP(C85,'Comp SINAPI BA 07-2025 Onerado'!$B$11:$F$9696,2,FALSE)","v":"PORTA DE MADEIRA PARA PINTURA, SEMI-OCA (LEVE OU MÉDIA), 80X210CM, ESPESSURA DE 3,5CM, INCLUSO DOBRADIÇAS - FORNECIMENTO E INSTALAÇÃO. AF_12/2019"},"ESQV - ESQUADRIAS/FERRAGENS/VIDROS","UN",{"$f":"VLOOKUP(C85,'Comp SINAPI BA 07-2025 Onerado'!$B$11:$F$9696,4,FALSE)","v":401.47},3.4799999999999998E-2,13.97]
["C","SINAPI",101876,{"$f":"VLOOKUP(C86,'Comp SINAPI BA 07-2025 Onerado'!$B$11:$F$9696,2,FALSE)","v":"QUADRO DE DISTRIBUIÇÃO DE ENERGIA EM PVC, DE EMBUTIR, SEM BARRAMENTO, PARA 6 DISJUNTORES - FORNECIMENTO E INSTALAÇÃO. AF_10/2020"},"INEL - INSTALAÇÃO ELÉTRICA/ELETRIFICAÇÃO E ILUMINAÇÃO EXTERNA","UN",{"$f":"VLOOKUP(C86,'Comp SINAPI BA 07-2025 Onerado'!$B$11:$F$9696,4,FALSE)","v":114.71},1.7399999999999999E-2,2]
["C","SINAPI",89709,{"$f":"VLOOKUP(C87,'Comp SINAPI BA 07-2025 Onerado'!$B$11:$F$9696,2,FALSE)","v":"RALO SIFONADO, PVC, DN 100 X 40 MM, JUNTA SOLDÁVEL, FORNECIDO E INSTALADO EM RAMAL DE DESCARGA OU EM RAMAL DE ESGOTO SANITÁRIO. AF_08/2022"},"INHI - INSTALAÇÕES HIDROS SANITÁRIAS","UN",{"$f":"VLOOKUP(C87,'Comp SINAPI BA 07-2025 Onerado'!$B$11:$F$9696,4,FALSE)","v":20.04},6.9599999999999995E-2,1.39]
["C","SINAPI",90443,{"$f":"VLOOKUP(C88,'Comp SINAPI BA 07-2025 Onerado'!$B$11:$F$9696,2,FALSE)","v":"RASGO LINEAR MANUAL EM ALVENARIA, PARA RAMAIS/ DISTRIBUIÇÃO DE INSTALAÇÕES HIDRÁULICAS, DIÂMETROS MENORES OU IGUAIS A 40 MM. AF_09/2023"},"INHI - INSTALAÇÕES HIDROS SANITÁRIAS","M",{"$f":"VLOOKUP(C88,'Comp SINAPI BA 07-2025 Onerado'!$B$11:$F$9696,4,FALSE)","v":9.32},7.22E-2,0.67]
["C","SINAPI",93382,{"$f":"VLOOKUP(C89,'Comp SINAPI BA 07-2025 Onerado'!$B$11:$F$9696,2,FALSE)","v":"REATERRO MANUAL DE VALAS, COM COMPACTADOR DE SOLOS DE PERCUSSÃO. AF_08/2023"},"MOVT - MOVIMENTO DE TERRA","m³",{"$f":"VLOOKUP(C89,'Comp SINAPI BA 07-2025 Onerado'!$B$11:$F$9696,4,FALSE)","v":30.54},7.1999999999999998E-3,0.22]
["C","SINAPI",89784,{"$f":"VLOOKUP(C90,'Comp SINAPI BA 07-2025 Onerado'!$B$11:$F$9696,2,FALSE)","v":"TE, PVC, SERIE NORMAL, ESGOTO PREDIAL, DN 50 X 50 MM, JUNTA ELÁSTICA, FORNECIDO E INSTALADO EM RAMAL DE DESCARGA OU RAMAL DE ESGOTO SANITÁRIO. AF_08/2022"},"INHI - INSTALAÇÕES HIDROS SANITÁRIAS","UN",{"$f":"VLOOKUP(C90,'Comp SINAPI BA 07-2025 Onerado'!$B$11:$F$9696,4,FALSE)","v":24.36},1.7399999999999999E-2,0.42]
["C","SINAPI",94210,{"$f":"VLOOKUP(C91,'Comp SINAPI BA 07-2025 Onerado'!$B$11:$F$9696,2,FALSE)","v":"TELHAMENTO COM TELHA ONDULADA DE FIBROCIMENTO E = 6 MM, COM RECOBRIMENTO LATERAL DE 1 1/4 DE ONDA PARA TELHADO COM INCLINAÇÃO MÁXIMA DE 10°, COM ATÉ 2 ÁGUAS, INCLUSO IÇAMENTO. AF_07/2019"},"COBE - COBERTURA","m²",{"$f":"VLOOKUP(C91,'Comp SINAPI BA 07-2025 Onerado'!$B$11:$F$9696,4,FALSE)","v":51.17},1.3566,69.42]
["C","SINAPI",92000,{"$f":"VLOOKUP(C92,'Comp SINAPI BA 07-2025 Onerado'!$B$11:$F$9696,2,FALSE)","v":"TOMADA BAIXA DE EMBUTIR (1 MÓDULO), 2P+T 10 A, INCLUINDO SUPORTE E PLACA - FORNECIMENTO E INSTALAÇÃO. AF_03/2023"},"INEL - INSTALAÇÃO ELÉTRICA/ELETRIFICAÇÃO E ILUMINAÇÃO EXTERNA","UN",{"$f":"VLOOKUP(C92,'Comp SINAPI BA 07-2025 Onerado'!$B$11:$F$9696,4,FALSE)","v":30.66},3.4799999999999998E-2,1.07]
["C","SINAPI",92543,{"$f":"VLOOKUP(C93,'Comp SINAPI BA 07-2025 Onerado'!$B$11:$F$9696,2,FALSE)","v":"TRAMA DE MADEIRA COMPOSTA POR TERÇAS PARA TELHADOS DE ATÉ 2 ÁGUAS PARA TELHA ONDULADA DE FIBROCIMENTO, METÁLICA, PLÁSTICA OU TERMOACÚSTICA, INCLUSO TRANSPORTE VERTICAL. AF_07/2019"},"COBE - COBERTURA","m²",{"$f":"VLOOKUP(C93,'Comp SINAPI BA 07-2025 Onerado'!$B$11:$F$9696,4,FALSE)","v":24.29},1.3566,32.950000000000003]
["C","SINAPI",89714,{"$f":"VLOOKUP(C94,'Comp SINAPI BA 07-2025 Onerado'!$B$11:$F$9696,2,FALSE)","v":"TUBO PVC, SERIE NORMAL, ESGOTO PREDIAL, DN 100 MM, FORNECIDO E INSTALADO EM RAMAL DE DESCARGA OU RAMAL DE ESGOTO SANITÁRIO. AF_08/2022"},"INHI - INSTALAÇÕES HIDROS SANITÁRIAS","M",{"$f":"VLOOKUP(C94,'Comp SINAPI BA 07-2025 Onerado'!$B$11:$F$9696,4,FALSE)","v":38.86},4.7E-2,1.83]
["C","SINAPI",89711,{"$f":"VLOOKUP(C95,'Comp SINAPI BA 07-2025 Onerado'!$B$11:$F$9696,2,FALSE)","v":"TUBO PVC, SERIE NORMAL, ESGOTO PREDIAL, DN 40 MM, FORNECIDO E INSTALADO EM RAMAL DE DESCARGA OU RAMAL DE ESGOTO SANITÁRIO. AF_08/2022"},"INHI - INSTALAÇÕES HIDROS SANITÁRIAS","M",{"$f":"VLOOKUP(C95,'Comp SINAPI BA 07-2025 Onerado'!$B$11:$F$9696,4,FALSE)","v":22.65},0.16309999999999999,3.69]
["C","SINAPI",89712,{"$f":"VLOOKUP(C96,'Comp SINAPI BA 07-2025 Onerado'!$B$11:$F$9696,2,FALSE)","v":"TUBO PVC, SERIE NORMAL, ESGOTO PREDIAL, DN 50 MM, FORNECIDO E INSTALADO EM RAMAL DE DESCARGA OU RAMAL DE ESGOTO SANITÁRIO. AF_08/2022"},"INHI - INSTALAÇÕES HIDROS SANITÁRIAS","M",{"$f":"VLOOKUP(C96,'Comp SINAPI BA 07-2025 Onerado'!$B$11:$F$9696,4,FALSE)","v":27.9},0.2235,6.24]
["C","SINAPI",86888,{"$f":"VLOOKUP(C97,'Comp SINAPI BA 07-2025 Onerado'!$B$11:$F$9696,2,FALSE)","v":"VASO SANITÁRIO SIFONADO COM CAIXA ACOPLADA LOUÇA BRANCA - FORNECIMENTO E INSTALAÇÃO. AF_01/2020"},"INHI - INSTALAÇÕES HIDROS SANITÁRIAS","UN",{"$f":"VLOOKUP(C97,'Comp SINAPI BA 07-2025 Onerado'!$B$11:$F$9696,4,FALSE)","v":510.32},5.2200000000000003E-2,26.64]
["I","SINAPI",11712,{"$f":"VLOOKUP(C98,'Ins SINAPI BA 07-2025 Onerado'!$B$11:$F$9696,2,FALSE)","v":"CAIXA SIFONADA, PVC, 150 X 150 X 50 MM, COM GRELHA QUADRADA, BRANCA (NBR 5688)"},"Material","UN",{"$f":"VLOOKUP(C98,'Ins SINAPI BA 07-2025 Onerado'!$B$11:$F$9696,5,FALSE)","v":36.200000000000003},3.4799999999999998E-2,1.26]
["I","SINAPI",3080,{"$f":"VLOOKUP(C99,'Ins SINAPI BA 07-2025 Onerado'!$B$11:$F$9696,2,FALSE)","v":"FECHADURA ESPELHO PARA PORTA EXTERNA, EM ACO INOX (MAQUINA, TESTA E CONTRA-TESTA) E EM ZAMAC (MACANETA, LINGUETA E TRINCOS) COM ACABAMENTO CROMADO, MAQUINA DE 40 MM, INCLUINDO CHAVE TIPO CILINDRO"},"Material","CJ",{"$f":"VLOOKUP(C99,'Ins SINAPI BA 07-2025 Onerado'!$B$11:$F$9696,5,FALSE)","v":78.2},3.4799999999999998E-2,2.72]
["I","SINAPI",11587,{"$f":"VLOOKUP(C100,'Ins SINAPI BA 07-2025 Onerado'!$B$11:$F$9696,2,FALSE)","v":"FORRO DE PVC LISO, BRANCO, REGUA DE 10 CM, ESPESSURA APROXIMADA DE 8 MM (COM COLOCACAO / SEM ESTRUTURA METALICA)"},"Material","m²",{"$f":"VLOOKUP(C100,'Ins SINAPI BA 07-2025 Onerado'!$B$11:$F$9696,5,FALSE)","v":78.599999999999994},0.97619999999999996,76.73]
["I","SINAPI",3659,{"$f":"VLOOKUP(C101,'Ins SINAPI BA 07-2025 Onerado'!$B$11:$F$9696,2,FALSE)","v":"JUNCAO SIMPLES DE REDUCAO, PVC, DN 100 X 50 MM, SERIE NORMAL PARA ESGOTO PREDIAL"},"Material","UN",{"$f":"VLOOKUP(C101,'Ins SINAPI BA 07-2025 Onerado'!$B$11:$F$9696,5,FALSE)","v":15.88},1.7399999999999999E-2,0.28000000000000003]
["I","SINAPI",3670,{"$f":"VLOOKUP(C102,'Ins SINAPI BA 07-2025 Onerado'!$B$11:$F$9696,2,FALSE)","v":"JUNCAO SIMPLES, PVC, 45 GRAUS, DN 100 X 100 MM, SERIE NORMAL PARA ESGOTO PREDIAL"},"Material","UN",{"$f":"VLOOKUP(C102,'Ins SINAPI BA 07-2025 Onerado'!$B$11:$F$9696,5,FALSE)","v":20.39},3.4799999999999998E-2,0.71]
["I","SINAPI",11697,{"$f":"VLOOKUP(C103,'Ins SINAPI BA 07-2025 Onerado'!$B$11:$F$9696,2,FALSE)","v":"MICTORIO COLETIVO ACO INOX (AISI 304), E = 0,8 MM, DE *100 X 40 X 30* CM (C X A X P)"},"Material","UN",{"$f":"VLOOKUP(C103,'Ins SINAPI BA 07-2025 Onerado'!$B$11:$F$9696,5,FALSE)","v":616.71},1.7399999999999999E-2,10.73]
["I","SINAPI",43777,{"$f":"VLOOKUP(C104,'Ins SINAPI BA 07-2025 Onerado'!$B$11:$F$9696,2,FALSE)","v":"PORTA DE MADEIRA, FOLHA LEVE (NBR 15930), DE 600 X 2100 MM, E = 35 MM, NUCLEO COLMEIA, CAPA LISA EM HDF, ACABAMENTO MELAMINICO EM PADRAO MADEIRA"},"Material","UN",{"$f":"VLOOKUP(C104,'Ins SINAPI BA 07-2025 Onerado'!$B$11:$F$9696,5,FALSE)","v":247.81},4.4761799999999997E-2,11.09]
["I","SINAPI",21112,{"$f":"VLOOKUP(C105,'Ins SINAPI BA 07-2025 Onerado'!$B$11:$F$9696,2,FALSE)","v":"VALVULA DE DESCARGA EM METAL CROMADO PARA MICTORIO COM ACIONAMENTO POR PRESSAO E FECHAMENTO AUTOMATICO"},"Material","UN",{"$f":"VLOOKUP(C105,'Ins SINAPI BA 07-2025 Onerado'!$B$11:$F$9696,5,FALSE)","v":320.3},1.7399999999999999E-2,5.57]
[]
[]
["Código",null,null,"93583 ADAPTADO"]
["Descrição",null,null,"EXECUÇÃO DE CENTRAL DE FÔRMAS, PRODUÇÃO DE ARGAMASSA OU CONCRETO EM CANTEIRO DE OBRA, NÃO INCLUSO MOBILIÁRIO E EQUIPAMENTOS. AF_04/2016"]
["Data",null,null,"2025-06-01"]
["Estado",null,null,"Bahia"]
["Tipo",null,null,"CANT - CANTEIRO DE OBRAS"]
["Unidade",null,null,"m²"]
["Valor sem Desoneração",null,null,{"$f":"SUM(I117:I131,I135:I145)","v":502.31316400000009}]
[]
["Natureza","Fonte","codigo","Descrição","Tipo","Unidade","Valor sem Desoneração","Coeficiente","Valor sem Desoneração"]
["C","SINAPI",91924,{"$f":"VLOOKUP(C117,'Comp SINAPI BA 07-2025 Onerado'!$B$11:$F$9696,2,FALSE)","v":"CABO DE COBRE FLEXÍVEL ISOLADO, 1,5 MM², ANTI-CHAMA 450/750 V, PARA CIRCUITOS TERMINAIS - FORNECIMENTO E INSTALAÇÃO. AF_03/2023"},"INEL - INSTALAÇÃO ELÉTRICA/ELETRIFICAÇÃO E ILUMINAÇÃO EXTERNA","M",{"$f":"VLOOKUP(C117,'Comp SINAPI BA 07-2025 Onerado'!$B$11:$F$9696,4,FALSE)","v":3.26},"1,0821",{"$f":"G117*H117","v":3.5276459999999998}]
["C","SINAPI",101561,{"$f":"VLOOKUP(C118,'Comp SINAPI BA 07-2025 Onerado'!$B$11:$F$9696,2,FALSE)","v":"CABO DE COBRE FLEXÍVEL ISOLADO, 16 MM², 0,6/1,0 KV, PARA REDE AÉREA DE DISTRIBUIÇÃO DE ENERGIA ELÉTRICA DE BAIXA TENSÃO - FORNECIMENTO E INSTALAÇÃO. AF_07/2020"},"INEL - INSTALAÇÃO ELÉTRICA/ELETRIFICAÇÃO E ILUMINAÇÃO EXTERNA","M",{"$f":"VLOOKUP(C118,'Comp SINAPI BA 07-2025 Onerado'!$B$11:$F$9696,4,FALSE)","v":17.309999999999999},"0,4831",{"$f":"G118*H118","v":8.3624609999999997}]
["C","SINAPI",91926,{"$f":"VLOOKUP(C119,'Comp SINAPI BA 07-2025 Onerado'!$B$11:$F$9696,2,FALSE)","v":"CABO DE COBRE FLEXÍVEL ISOLADO, 2,5 MM², ANTI-CHAMA 450/750 V, PARA CIRCUITOS TERMINAIS - FORNECIMENTO E INSTALAÇÃO. AF_03/2023"},"INEL - INSTALAÇÃO ELÉTRICA/ELETRIFICAÇÃO E ILUMINAÇÃO EXTERNA","M",{"$f":"VLOOKUP(C119,'Comp SINAPI BA 07-2025 Onerado'!$B$11:$F$9696,4,FALSE)","v":4.72},"2,087",9.8506400000000003]
["C","SINAPI",97886,{"$f":"VLOOKUP(C120,'Comp SINAPI BA 07-2025 Onerado'!$B$11:$F$9696,2,FALSE)","v":"CAIXA ENTERRADA ELÉTRICA RETANGULAR, EM ALVENARIA COM TIJOLOS CERÂMICOS MACIÇOS, FUNDO COM BRITA, DIMENSÕES INTERNAS: 0,3X0,3X0,3 M. AF_12/2020"},"INEL - INSTALAÇÃO ELÉTRICA/ELETRIFICAÇÃO E ILUMINAÇÃO EXTERNA","UN",{"$f":"VLOOKUP(C120,'Comp SINAPI BA 07-2025 Onerado'!$B$11:$F$9696,4,FALSE)","v":186.01},"0,0966",17.968565999999999]
["C","SINAPI",95805,{"$f":"VLOOKUP(C121,'Comp SINAPI BA 07-2025 Onerado'!$B$11:$F$9696,2,FALSE)","v":"CONDULETE DE PVC, TIPO B, PARA ELETRODUTO DE PVC SOLDÁVEL DN 25 MM (3/4''), APARENTE - FORNECIMENTO E INSTALAÇÃO. AF_10/2022"},"INEL - INSTALAÇÃO ELÉTRICA/ELETRIFICAÇÃO E ILUMINAÇÃO EXTERNA","UN",{"$f":"VLOOKUP(C121,'Comp SINAPI BA 07-2025 Onerado'!$B$11:$F$9696,4,FALSE)","v":23.54},"0,3865",9.0982099999999999]
["C","SINAPI",101891,{"$f":"VLOOKUP(C122,'Comp SINAPI BA 07-2025 Onerado'!$B$11:$F$9696,2,FALSE)","v":"DISJUNTOR MONOPOLAR TIPO NEMA, CORRENTE NOMINAL DE 35 ATÉ 50A - FORNECIMENTO E INSTALAÇÃO. AF_10/2020"},"INEL - INSTALAÇÃO ELÉTRICA/ELETRIFICAÇÃO E ILUMINAÇÃO EXTERNA","UN",{"$f":"VLOOKUP(C122,'Comp SINAPI BA 07-2025 Onerado'!$B$11:$F$9696,4,FALSE)","v":27.5},"0,2899",7.9722499999999998]
["C","SINAPI",91862,{"$f":"VLOOKUP(C123,'Comp SINAPI BA 07-2025 Onerado'!$B$11:$F$9696,2,FALSE)","v":"ELETRODUTO RÍGIDO ROSCÁVEL, PVC, DN 20 MM (1/2\"), PARA CIRCUITOS TERMINAIS, INSTALADO EM FORRO - FORNECIMENTO E INSTALAÇÃO. AF_03/2023"},"INEL - INSTALAÇÃO ELÉTRICA/ELETRIFICAÇÃO E ILUMINAÇÃO EXTERNA","M",{"$f":"VLOOKUP(C123,'Comp SINAPI BA 07-2025 Onerado'!$B$11:$F$9696,4,FALSE)","v":9.77},"0,4251",4.1532269999999993]
["C","SINAPI",91870,{"$f":"VLOOKUP(C124,'Comp SINAPI BA 07-2025 Onerado'!$B$11:$F$9696,2,FALSE)","v":"ELETRODUTO RÍGIDO ROSCÁVEL, PVC, DN 20 MM (1/2\"), PARA CIRCUITOS TERMINAIS, INSTALADO EM PAREDE - FORNECIMENTO E INSTALAÇÃO. AF_03/2023"},"INEL - INSTALAÇÃO ELÉTRICA/ELETRIFICAÇÃO E ILUMINAÇÃO EXTERNA","M",{"$f":"VLOOKUP(C124,'Comp SINAPI BA 07-2025 Onerado'!$B$11:$F$9696,4,FALSE)","v":13.22},"0,4638",6.1314359999999999]
["C","SINAPI",93358,{"$f":"VLOOKUP(C125,'Comp SINAPI BA 07-2025 Onerado'!$B$11:$F$9696,2,FALSE)","v":"ESCAVAÇÃO MANUAL DE VALA. AF_09/2024"},"MOVT - MOVIMENTO DE TERRA","m³",{"$f":"VLOOKUP(C125,'Comp SINAPI BA 07-2025 Onerado'!$B$11:$F$9696,4,FALSE)","v":96.4},"0,0078",0.75192000000000003]
["C","SINAPI",91170,{"$f":"VLOOKUP(C126,'Comp SINAPI BA 07-2025 Onerado'!$B$11:$F$9696,2,FALSE)","v":"FIXAÇÃO DE TUBOS HORIZONTAIS DE PVC ÁGUA, PVC ESGOTO, PVC ÁGUA PLUVIAL, CPVC, PPR, COBRE OU AÇO, DIÂMETROS MENORES OU IGUAIS A 40 MM, COM ABRAÇADEIRA METÁLICA RÍGIDA TIPO U PERFIL 1 1/4\", FIXADA EM PERFILADO EM LAJE. AF_09/2023_PS"},"INHI - INSTALAÇÕES HIDROS SANITÁRIAS","M",{"$f":"VLOOKUP(C126,'Comp SINAPI BA 07-2025 Onerado'!$B$11:$F$9696,4,FALSE)","v":11.49},"0,4251",4.8843990000000002]
["C","SINAPI",91173,{"$f":"VLOOKUP(C127,'Comp SINAPI BA 07-2025 Onerado'!$B$11:$F$9696,2,FALSE)","v":"FIXAÇÃO DE TUBOS VERTICAIS DE PVC ÁGUA, PVC ESGOTO, PVC ÁGUA PLUVIAL, CPVC, PPR, COBRE OU AÇO, DIÂMETROS MENORES OU IGUAIS A 40 MM, COM ABRAÇADEIRA METÁLICA RÍGIDA TIPO U PERFIL 1 1/4\", FIXADA EM PERFILADO EM PAREDE. AF_09/2023_PS"},"INHI - INSTALAÇÕES HIDROS SANITÁRIAS","M",{"$f":"VLOOKUP(C127,'Comp SINAPI BA 07-2025 Onerado'!$B$11:$F$9696,4,FALSE)","v":4.2699999999999996},"0,4638",1.9804259999999998]
["C","SINAPI",96985,{"$f":"VLOOKUP(C128,'Comp SINAPI BA 07-2025 Onerado'!$B$11:$F$9696,2,FALSE)","v":"HASTE DE ATERRAMENTO, DIÂMETRO 5/8\", COM 3 METROS - FORNECIMENTO E INSTALAÇÃO. AF_08/2023"},"INEL - INSTALAÇÃO ELÉTRICA/ELETRIFICAÇÃO E ILUMINAÇÃO EXTERNA","UN",{"$f":"VLOOKUP(C128,'Comp SINAPI BA 07-2025 Onerado'!$B$11:$F$9696,4,FALSE)","v":89.11},"0,0966",8.6080260000000006]
["C","SINAPI",92023,{"$f":"VLOOKUP(C129,'Comp SINAPI BA 07-2025 Onerado'!$B$11:$F$9696,2,FALSE)","v":"INTERRUPTOR SIMPLES (1 MÓDULO) COM 1 TOMADA DE EMBUTIR 2P+T 10 A, INCLUINDO SUPORTE E PLACA - FORNECIMENTO E INSTALAÇÃO. AF_03/2023"},"INEL - INSTALAÇÃO ELÉTRICA/ELETRIFICAÇÃO E ILUMINAÇÃO EXTERNA","UN",{"$f":"VLOOKUP(C129,'Comp SINAPI BA 07-2025 Onerado'!$B$11:$F$9696,4,FALSE)","v":50.04},"0,0966",4.8338640000000002]
["C","SINAPI",95241,{"$f":"VLOOKUP(C130,'Comp SINAPI BA 07-2025 Onerado'!$B$11:$F$9696,2,FALSE)","v":"LASTRO DE CONCRETO MAGRO, APLICADO EM PISOS, LAJES SOBRE SOLO OU RADIERS, ESPESSURA DE 5 CM. AF_01/2024"},"FUES - FUNDAÇÕES E ESTRUTURAS","m²",{"$f":"VLOOKUP(C130,'Comp SINAPI BA 07-2025 Onerado'!$B$11:$F$9696,4,FALSE)","v":42.86},"1,9256",82.531216000000001]
["C","SINAPI",97586,"LUMINÁRIA TIPO CALHA, DE SOBREPOR, COM 2 LÂMPADAS TUBULARES FLUORESCENTES DE 36 W, COM REATOR DE PARTIDA RÁPIDA - FORNECIMENTO E INSTALAÇÃO. AF_02/2020","INEL - INSTALAÇÃO ELÉTRICA/ELETRIFICAÇÃO E ILUMINAÇÃO EXTERNA","UN",{"$f":"SUM(I132:I134)","v":224.27},0.13919999999999999,31.218384]
["C","SINAPI",88247,{"$f":"VLOOKUP(C132,'Comp SINAPI BA 07-2025 Onerado'!$B$11:$F$9696,2,FALSE)","v":"AUXILIAR DE ELETRICISTA COM ENCARGOS COMPLEMENTARES"},"SEDI - SERVIÇOS DIVERSOS","H",{"$f":"VLOOKUP(C132,'Comp SINAPI BA 07-2025 Onerado'!$B$11:$F$9696,4,FALSE)","v":25.56},0.17269999999999999,{"$f":"ROUND(G132*H132,2)","v":4.41}]
["C","SINAPI",88264,{"$f":"VLOOKUP(C133,'Comp SINAPI BA 07-2025 Onerado'!$B$11:$F$9696,2,FALSE)","v":"ELETRICISTA COM ENCARGOS COMPLEMENTARES"},"SEDI - SERVIÇOS DIVERSOS","H",{"$f":"VLOOKUP(C133,'Comp SINAPI BA 07-2025 Onerado'!$B$11:$F$9696,4,FALSE)","v":33.94},0.41439999999999999,{"$f":"ROUND(G133*H133,2)","v":14.06}]
["C","SINAPI",3780,{"$f":"VLOOKUP(C134,'Ins SINAPI BA 07-2025 Onerado'!$B$11:$F$9696,2,FALSE)","v":"LUMINARIA DE SOBREPOR EM CHAPA DE ACO PARA 1 LAMPADA FLUORESCENTE DE *36* W, ALETADA, COMPLETA (LAMPADA E REATOR INCLUSOS)"},"Material","UN",{"$f":"G64","v":102.9},2,{"$f":"ROUND(G134*H134,2)","v":205.8}]
["C","SINAPI",98445,{"$f":"VLOOKUP(C135,'Comp SINAPI BA 07-2025 Onerado'!$B$11:$F$9696,2,FALSE)","v":"PAREDE DE MADEIRA COMPENSADA PARA CONSTRUÇÃO TEMPORÁRIA EM CHAPA SIMPLES, EXTERNA, COM ÁREA LÍQUIDA MAIOR OU IGUAL A 6 M², COM VÃO. AF_03/2024"},"CANT - CANTEIRO DE OBRAS","m²",{"$f":"VLOOKUP(C135,'Comp SINAPI BA 07-2025 Onerado'!$B$11:$F$9696,4,FALSE)","v":118.79},"0,1508",{"$f":"G135*H135","v":17.913532}]
["C","SINAPI",98441,{"$f":"VLOOKUP(C136,'Comp SINAPI BA 07-2025 Onerado'!$B$11:$F$9696,2,FALSE)","v":"PAREDE DE MADEIRA COMPENSADA PARA CONSTRUÇÃO TEMPORÁRIA EM CHAPA SIMPLES, EXTERNA, SEM VÃO. AF_03/2024"},"CANT - CANTEIRO DE OBRAS","m²",{"$f":"VLOOKUP(C136,'Comp SINAPI BA 07-2025 Onerado'!$B$11:$F$9696,4,FALSE)","v":100.01},"0,0966",9.6609660000000002]
["C","SINAPI",98446,{"$f":"VLOOKUP(C137,'Comp SINAPI BA 07-2025 Onerado'!$B$11:$F$9696,2,FALSE)","v":"PAREDE DE MADEIRA COMPENSADA PARA CONSTRUÇÃO TEMPORÁRIA EM CHAPA SIMPLES, EXTERNA, COM ÁREA LÍQUIDA MENOR QUE 6 M², COM VÃO. AF_03/2024"},"CANT - CANTEIRO DE OBRAS","m²",{"$f":"VLOOKUP(C137,'Comp SINAPI BA 07-2025 Onerado'!$B$11:$F$9696,4,FALSE)","v":153.47},"0,1176",18.048071999999998]
["C","SINAPI",98441,{"$f":"VLOOKUP(C138,'Comp SINAPI BA 07-2025 Onerado'!$B$11:$F$9696,2,FALSE)","v":"PAREDE DE MADEIRA COMPENSADA PARA CONSTRUÇÃO TEMPORÁRIA EM CHAPA SIMPLES, EXTERNA, SEM VÃO. AF_03/2024"},"CANT - CANTEIRO DE OBRAS","m²",{"$f":"VLOOKUP(C138,'Comp SINAPI BA 07-2025 Onerado'!$B$11:$F$9696,4,FALSE)","v":100.01},0.30070000000000002,30.073007000000004]
["C","SINAPI",88489,{"$f":"VLOOKUP(C139,'Comp SINAPI BA 07-2025 Onerado'!$B$11:$F$9696,2,FALSE)","v":"PINTURA LÁTEX ACRÍLICA PREMIUM, APLICAÇÃO MANUAL EM PAREDES, DUAS DEMÃOS. AF_04/2023"},"PINT - PINTURAS","m²",{"$f":"VLOOKUP(C139,'Comp SINAPI BA 07-2025 Onerado'!$B$11:$F$9696,4,FALSE)","v":13.96},"0,4761",6.6463560000000008]
["C","SINAPI",101876,{"$f":"VLOOKUP(C140,'Comp SINAPI BA 07-2025 Onerado'!$B$11:$F$9696,2,FALSE)","v":"QUADRO DE DISTRIBUIÇÃO DE ENERGIA EM PVC, DE EMBUTIR, SEM BARRAMENTO, PARA 6 DISJUNTORES - FORNECIMENTO E INSTALAÇÃO. AF_10/2020"},"INEL - INSTALAÇÃO ELÉTRICA/ELETRIFICAÇÃO E ILUMINAÇÃO EXTERNA","UN",{"$f":"VLOOKUP(C140,'Comp SINAPI BA 07-2025 Onerado'!$B$11:$F$9696,4,FALSE)","v":114.71},"0,0966",11.080985999999999]
["C","SINAPI",94210,{"$f":"VLOOKUP(C141,'Comp SINAPI BA 07-2025 Onerado'!$B$11:$F$9696,2,FALSE)","v":"TELHAMENTO COM TELHA ONDULADA DE FIBROCIMENTO E = 6 MM, COM RECOBRIMENTO LATERAL DE 1 1/4 DE ONDA PARA TELHADO COM INCLINAÇÃO MÁXIMA DE 10°, COM ATÉ 2 ÁGUAS, INCLUSO IÇAMENTO. AF_07/2019"},"COBE - COBERTURA","m²",{"$f":"VLOOKUP(C141,'Comp SINAPI BA 07-2025 Onerado'!$B$11:$F$9696,4,FALSE)","v":51.17},"1,9256",98.532952000000009]
["C","SINAPI",92008,{"$f":"VLOOKUP(C142,'Comp SINAPI BA 07-2025 Onerado'!$B$11:$F$9696,2,FALSE)","v":"TOMADA BAIXA DE EMBUTIR (2 MÓDULOS), 2P+T 10 A, INCLUINDO SUPORTE E PLACA - FORNECIMENTO E INSTALAÇÃO. AF_03/2023"},"INEL - INSTALAÇÃO ELÉTRICA/ELETRIFICAÇÃO E ILUMINAÇÃO EXTERNA","UN",{"$f":"VLOOKUP(C142,'Comp SINAPI BA 07-2025 Onerado'!$B$11:$F$9696,4,FALSE)","v":46.84},"0,2899",13.578916000000001]
["C","SINAPI",92543,{"$f":"VLOOKUP(C143,'Comp SINAPI BA 07-2025 Onerado'!$B$11:$F$9696,2,FALSE)","v":"TRAMA DE MADEIRA COMPOSTA POR TERÇAS PARA TELHADOS DE ATÉ 2 ÁGUAS PARA TELHA ONDULADA DE FIBROCIMENTO, METÁLICA, PLÁSTICA OU TERMOACÚSTICA, INCLUSO TRANSPORTE VERTICAL. AF_07/2019"},"COBE - COBERTURA","m²",{"$f":"VLOOKUP(C143,'Comp SINAPI BA 07-2025 Onerado'!$B$11:$F$9696,4,FALSE)","v":24.29},"1,9256",46.772824]
["I","SINAPI",10886,{"$f":"VLOOKUP(C144,'Ins SINAPI BA 07-2025 Onerado'!$B$11:$F$9696,2,FALSE)","v":"EXTINTOR DE INCENDIO PORTATIL COM CARGA DE AGUA PRESSURIZADA DE 10 L, CLASSE A"},"Material","UN",{"$f":"VLOOKUP(C144,'Ins SINAPI BA 07-2025 Onerado'!$B$11:$F$9696,5,FALSE)","v":253.31},"0,0966",24.469746000000001]
["I","SINAPI",10891,{"$f":"VLOOKUP(C145,'Ins SINAPI BA 07-2025 Onerado'!$B$11:$F$9696,2,FALSE)","v":"EXTINTOR DE INCENDIO PORTATIL COM CARGA DE PO QUIMICO SECO (PQS) DE 4 KG, CLASSE BC"},"Material","UN",{"$f":"VLOOKUP(C145,'Ins SINAPI BA 07-2025 Onerado'!$B$11:$F$9696,5,FALSE)","v":244.96},"0,0966",23.663136000000002]
[]
[]
["Código",null,null,"93210 ADAPTADO"]
["Descrição",null,null,"EXECUÇÃO DE REFEITÓRIO EM CANTEIRO DE OBRA EM CHAPA DE MADEIRA COMPENSADA, NÃO INCLUSO MOBILIÁRIO E EQUIPAMENTOS. AF_02/2016"]
["Data",null,null,"2025-06-01"]
["Estado",null,null,"Bahia"]
["Tipo",null,null,"CANT - CANTEIRO DE OBRAS"]
["Unidade",null,null,"m²"]
["Valor sem Desoneração",null,null,{"$f":"SUM(I157:I179,I183:I188,I195:I208)","v":593.43557260280011}]
[]
["Natureza","Fonte","codigo","Descrição","Tipo","Unidade","Valor sem Desoneração","Coeficiente","Valor sem Desoneração"]
["C","SINAPI",101165,{"$f":"VLOOKUP(C157,'Comp SINAPI BA 07-2025 Onerado'!$B$11:$F$9696,2,FALSE)","v":"ALVENARIA DE EMBASAMENTO COM BLOCO ESTRUTURAL DE CONCRETO, DE 14X19X29CM E ARGAMASSA DE ASSENTAMENTO COM PREPARO EM BETONEIRA. AF_05/2020"},"FUES - FUNDAÇÕES E ESTRUTURAS","m³",{"$f":"VLOOKUP(C157,'Comp SINAPI BA 07-2025 Onerado'!$B$11:$F$9696,4,FALSE)","v":975.38},0.04,{"$f":"G157*H157","v":39.0152}]
["C","SINAPI",86934,{"$f":"VLOOKUP(C158,'Comp SINAPI BA 07-2025 Onerado'!$B$11:$F$9696,2,FALSE)","v":"BANCADA DE MÁRMORE SINTÉTICO 120 X 60CM, COM CUBA INTEGRADA, INCLUSO SIFÃO TIPO FLEXÍVEL EM PVC, VÁLVULA EM PLÁSTICO CROMADO TIPO AMERICANA E TORNEIRA CROMADA LONGA, DE PAREDE, PADRÃO POPULAR - FORNECIMENTO E INSTALAÇÃO. AF_01/2020"},"INHI - INSTALAÇÕES HIDROS SANITÁRIAS","UN",{"$f":"VLOOKUP(C158,'Comp SINAPI BA 07-2025 Onerado'!$B$11:$F$9696,4,FALSE)","v":431.28},2.6800000000000001E-2,{"$f":"G158*H158","v":11.558304}]
["C","SINAPI",91924,{"$f":"VLOOKUP(C159,'Comp SINAPI BA 07-2025 Onerado'!$B$11:$F$9696,2,FALSE)","v":"CABO DE COBRE FLEXÍVEL ISOLADO, 1,5 MM², ANTI-CHAMA 450/750 V, PARA CIRCUITOS TERMINAIS - FORNECIMENTO E INSTALAÇÃO. AF_03/2023"},"INEL - INSTALAÇÃO ELÉTRICA/ELETRIFICAÇÃO E ILUMINAÇÃO EXTERNA","M",{"$f":"VLOOKUP(C159,'Comp SINAPI BA 07-2025 Onerado'!$B$11:$F$9696,4,FALSE)","v":3.26},0.85909999999999997,2.8006659999999997]
["C","SINAPI",91926,{"$f":"VLOOKUP(C160,'Comp SINAPI BA 07-2025 Onerado'!$B$11:$F$9696,2,FALSE)","v":"CABO DE COBRE FLEXÍVEL ISOLADO, 2,5 MM², ANTI-CHAMA 450/750 V, PARA CIRCUITOS TERMINAIS - FORNECIMENTO E INSTALAÇÃO. AF_03/2023"},"INEL - INSTALAÇÃO ELÉTRICA/ELETRIFICAÇÃO E ILUMINAÇÃO EXTERNA","M",{"$f":"VLOOKUP(C160,'Comp SINAPI BA 07-2025 Onerado'!$B$11:$F$9696,4,FALSE)","v":4.72},2.5503,12.037415999999999]
["C","SINAPI",98102,{"$f":"VLOOKUP(C161,'Comp SINAPI BA 07-2025 Onerado'!$B$11:$F$9696,2,FALSE)","v":"CAIXA DE GORDURA SIMPLES, CIRCULAR, EM CONCRETO PRÉ-MOLDADO, DIÂMETRO INTERNO = 0,4 M, ALTURA INTERNA = 0,4 M. AF_12/2020"},"INHI - INSTALAÇÕES HIDROS SANITÁRIAS","UN",{"$f":"VLOOKUP(C161,'Comp SINAPI BA 07-2025 Onerado'!$B$11:$F$9696,4,FALSE)","v":181.56},2.6800000000000001E-2,4.8658080000000004]
["C","SINAPI",97906,{"$f":"VLOOKUP(C162,'Comp SINAPI BA 07-2025 Onerado'!$B$11:$F$9696,2,FALSE)","v":"CAIXA ENTERRADA HIDRÁULICA RETANGULAR, EM ALVENARIA COM BLOCOS DE CONCRETO, DIMENSÕES INTERNAS: 0,6X0,6X0,6 M PARA REDE DE ESGOTO. AF_12/2020"},"INHI - INSTALAÇÕES HIDROS SANITÁRIAS","UN",{"$f":"VLOOKUP(C162,'Comp SINAPI BA 07-2025 Onerado'!$B$11:$F$9696,4,FALSE)","v":489.18},2.6800000000000001E-2,13.110024000000001]
["C","SINAPI",91937,{"$f":"VLOOKUP(C163,'Comp SINAPI BA 07-2025 Onerado'!$B$11:$F$9696,2,FALSE)","v":"CAIXA OCTOGONAL 3\" X 3\", PVC, INSTALADA EM LAJE - FORNECIMENTO E INSTALAÇÃO. AF_03/2023"},"INEL - INSTALAÇÃO ELÉTRICA/ELETRIFICAÇÃO E ILUMINAÇÃO EXTERNA","UN",{"$f":"VLOOKUP(C163,'Comp SINAPI BA 07-2025 Onerado'!$B$11:$F$9696,4,FALSE)","v":16.98},0.16109999999999999,2.7354780000000001]
["C","SINAPI",88262,{"$f":"VLOOKUP(C164,'Comp SINAPI BA 07-2025 Onerado'!$B$11:$F$9696,2,FALSE)","v":"CARPINTEIRO DE FORMAS COM ENCARGOS COMPLEMENTARES"},"SEDI - SERVIÇOS DIVERSOS","H",{"$f":"VLOOKUP(C164,'Comp SINAPI BA 07-2025 Onerado'!$B$11:$F$9696,4,FALSE)","v":33.07},1.1154999999999999,36.889584999999997]
["C","SINAPI",95805,{"$f":"VLOOKUP(C165,'Comp SINAPI BA 07-2025 Onerado'!$B$11:$F$9696,2,FALSE)","v":"CONDULETE DE PVC, TIPO B, PARA ELETRODUTO DE PVC SOLDÁVEL DN 25 MM (3/4''), APARENTE - FORNECIMENTO E INSTALAÇÃO. AF_10/2022"},"INEL - INSTALAÇÃO ELÉTRICA/ELETRIFICAÇÃO E ILUMINAÇÃO EXTERNA","UN",{"$f":"VLOOKUP(C165,'Comp SINAPI BA 07-2025 Onerado'!$B$11:$F$9696,4,FALSE)","v":23.54},0.18790000000000001,4.4231660000000002]
["C","SINAPI",95811,{"$f":"VLOOKUP(C166,'Comp SINAPI BA 07-2025 Onerado'!$B$11:$F$9696,2,FALSE)","v":"CONDULETE DE PVC, TIPO LB, PARA ELETRODUTO DE PVC SOLDÁVEL DN 25 MM (3/4''), APARENTE - FORNECIMENTO E INSTALAÇÃO. AF_10/2022"},"INEL - INSTALAÇÃO ELÉTRICA/ELETRIFICAÇÃO E ILUMINAÇÃO EXTERNA","UN",{"$f":"VLOOKUP(C166,'Comp SINAPI BA 07-2025 Onerado'!$B$11:$F$9696,4,FALSE)","v":19.12},2.6800000000000001E-2,0.51241600000000009]
["C","SINAPI",91911,{"$f":"VLOOKUP(C167,'Comp SINAPI BA 07-2025 Onerado'!$B$11:$F$9696,2,FALSE)","v":"CURVA 90 GRAUS PARA ELETRODUTO, PVC, ROSCÁVEL, DN 20 MM (1/2\"), PARA CIRCUITOS TERMINAIS, INSTALADA EM PAREDE - FORNECIMENTO E INSTALAÇÃO. AF_03/2023"},"INEL - INSTALAÇÃO ELÉTRICA/ELETRIFICAÇÃO E ILUMINAÇÃO EXTERNA","UN",{"$f":"VLOOKUP(C167,'Comp SINAPI BA 07-2025 Onerado'!$B$11:$F$9696,4,FALSE)","v":18.600000000000001},0.1074,1.9976400000000001]
["C","SINAPI",101891,{"$f":"VLOOKUP(C168,'Comp SINAPI BA 07-2025 Onerado'!$B$11:$F$9696,2,FALSE)","v":"DISJUNTOR MONOPOLAR TIPO NEMA, CORRENTE NOMINAL DE 35 ATÉ 50A - FORNECIMENTO E INSTALAÇÃO. AF_10/2020"},"INEL - INSTALAÇÃO ELÉTRICA/ELETRIFICAÇÃO E ILUMINAÇÃO EXTERNA","UN",{"$f":"VLOOKUP(C168,'Comp SINAPI BA 07-2025 Onerado'!$B$11:$F$9696,4,FALSE)","v":27.5},0.1074,2.9535]
["C","SINAPI",91862,{"$f":"VLOOKUP(C169,'Comp SINAPI BA 07-2025 Onerado'!$B$11:$F$9696,2,FALSE)","v":"ELETRODUTO RÍGIDO ROSCÁVEL, PVC, DN 20 MM (1/2\"), PARA CIRCUITOS TERMINAIS, INSTALADO EM FORRO - FORNECIMENTO E INSTALAÇÃO. AF_03/2023"},"INEL - INSTALAÇÃO ELÉTRICA/ELETRIFICAÇÃO E ILUMINAÇÃO EXTERNA","M",{"$f":"VLOOKUP(C169,'Comp SINAPI BA 07-2025 Onerado'!$B$11:$F$9696,4,FALSE)","v":9.77},0.3221,3.1469169999999997]
["C","SINAPI",91870,{"$f":"VLOOKUP(C170,'Comp SINAPI BA 07-2025 Onerado'!$B$11:$F$9696,2,FALSE)","v":"ELETRODUTO RÍGIDO ROSCÁVEL, PVC, DN 20 MM (1/2\"), PARA CIRCUITOS TERMINAIS, INSTALADO EM PAREDE - FORNECIMENTO E INSTALAÇÃO. AF_03/2023"},"INEL - INSTALAÇÃO ELÉTRICA/ELETRIFICAÇÃO E ILUMINAÇÃO EXTERNA","M",{"$f":"VLOOKUP(C170,'Comp SINAPI BA 07-2025 Onerado'!$B$11:$F$9696,4,FALSE)","v":13.22},0.53690000000000004,7.0978180000000011]
["C","SINAPI",93358,{"$f":"VLOOKUP(C171,'Comp SINAPI BA 07-2025 Onerado'!$B$11:$F$9696,2,FALSE)","v":"ESCAVAÇÃO MANUAL DE VALA. AF_09/2024"},"MOVT - MOVIMENTO DE TERRA","m³",{"$f":"VLOOKUP(C171,'Comp SINAPI BA 07-2025 Onerado'!$B$11:$F$9696,4,FALSE)","v":96.4},3.9E-2,3.7596000000000003]
["C","SINAPI",91170,{"$f":"VLOOKUP(C172,'Comp SINAPI BA 07-2025 Onerado'!$B$11:$F$9696,2,FALSE)","v":"FIXAÇÃO DE TUBOS HORIZONTAIS DE PVC ÁGUA, PVC ESGOTO, PVC ÁGUA PLUVIAL, CPVC, PPR, COBRE OU AÇO, DIÂMETROS MENORES OU IGUAIS A 40 MM, COM ABRAÇADEIRA METÁLICA RÍGIDA TIPO U PERFIL 1 1/4\", FIXADA EM PERFILADO EM LAJE. AF_09/2023_PS"},"INHI - INSTALAÇÕES HIDROS SANITÁRIAS","M",{"$f":"VLOOKUP(C172,'Comp SINAPI BA 07-2025 Onerado'!$B$11:$F$9696,4,FALSE)","v":11.49},0.3221,3.7009289999999999]
["C","SINAPI",91173,{"$f":"VLOOKUP(C173,'Comp SINAPI BA 07-2025 Onerado'!$B$11:$F$9696,2,FALSE)","v":"FIXAÇÃO DE TUBOS VERTICAIS DE PVC ÁGUA, PVC ESGOTO, PVC ÁGUA PLUVIAL, CPVC, PPR, COBRE OU AÇO, DIÂMETROS MENORES OU IGUAIS A 40 MM, COM ABRAÇADEIRA METÁLICA RÍGIDA TIPO U PERFIL 1 1/4\", FIXADA EM PERFILADO EM PAREDE. AF_09/2023_PS"},"INHI - INSTALAÇÕES HIDROS SANITÁRIAS","M",{"$f":"VLOOKUP(C173,'Comp SINAPI BA 07-2025 Onerado'!$B$11:$F$9696,4,FALSE)","v":4.2699999999999996},0.53690000000000004,2.2925629999999999]
["C","SINAPI",92023,{"$f":"VLOOKUP(C174,'Comp SINAPI BA 07-2025 Onerado'!$B$11:$F$9696,2,FALSE)","v":"INTERRUPTOR SIMPLES (1 MÓDULO) COM 1 TOMADA DE EMBUTIR 2P+T 10 A, INCLUINDO SUPORTE E PLACA - FORNECIMENTO E INSTALAÇÃO. AF_03/2023"},"INEL - INSTALAÇÃO ELÉTRICA/ELETRIFICAÇÃO E ILUMINAÇÃO EXTERNA","UN",{"$f":"VLOOKUP(C174,'Comp SINAPI BA 07-2025 Onerado'!$B$11:$F$9696,4,FALSE)","v":50.04},2.6800000000000001E-2,1.341072]
["C","SINAPI",89724,{"$f":"VLOOKUP(C175,'Comp SINAPI BA 07-2025 Onerado'!$B$11:$F$9696,2,FALSE)","v":"JOELHO 90 GRAUS, PVC, SERIE NORMAL, ESGOTO PREDIAL, DN 40 MM, JUNTA SOLDÁVEL, FORNECIDO E INSTALADO EM RAMAL DE DESCARGA OU RAMAL DE ESGOTO SANITÁRIO. AF_08/2022"},"INHI - INSTALAÇÕES HIDROS SANITÁRIAS","UN",{"$f":"VLOOKUP(C175,'Comp SINAPI BA 07-2025 Onerado'!$B$11:$F$9696,4,FALSE)","v":10.74},5.3699999999999998E-2,0.57673799999999997]
["C","SINAPI",95240,{"$f":"VLOOKUP(C176,'Comp SINAPI BA 07-2025 Onerado'!$B$11:$F$9696,2,FALSE)","v":"LASTRO DE CONCRETO MAGRO, APLICADO EM PISOS, LAJES SOBRE SOLO OU RADIERS, ESPESSURA DE 3 CM. AF_01/2024"},"FUES - FUNDAÇÕES E ESTRUTURAS","m²",{"$f":"VLOOKUP(C176,'Comp SINAPI BA 07-2025 Onerado'!$B$11:$F$9696,4,FALSE)","v":22.32},8.9999999999999993E-3,0.20087999999999998]
["C","SINAPI",95241,{"$f":"VLOOKUP(C177,'Comp SINAPI BA 07-2025 Onerado'!$B$11:$F$9696,2,FALSE)","v":"LASTRO DE CONCRETO MAGRO, APLICADO EM PISOS, LAJES SOBRE SOLO OU RADIERS, ESPESSURA DE 5 CM. AF_01/2024"},"FUES - FUNDAÇÕES E ESTRUTURAS","m²",{"$f":"VLOOKUP(C177,'Comp SINAPI BA 07-2025 Onerado'!$B$11:$F$9696,4,FALSE)","v":42.86},1.4510000000000001,62.189860000000003]
["C","SINAPI",86943,{"$f":"VLOOKUP(C178,'Comp SINAPI BA 07-2025 Onerado'!$B$11:$F$9696,2,FALSE)","v":"LAVATÓRIO LOUÇA BRANCA SUSPENSO, 29,5 X 39CM OU EQUIVALENTE, PADRÃO POPULAR, INCLUSO SIFÃO FLEXÍVEL EM PVC, VÁLVULA E ENGATE FLEXÍVEL 30CM EM PLÁSTICO E TORNEIRA CROMADA DE MESA, PADRÃO POPULAR - FORNECIMENTO E INSTALAÇÃO. AF_01/2020"},"INHI - INSTALAÇÕES HIDROS SANITÁRIAS","UN",{"$f":"VLOOKUP(C178,'Comp SINAPI BA 07-2025 Onerado'!$B$11:$F$9696,4,FALSE)","v":278.77},2.6800000000000001E-2,7.4710359999999998]
["C","SINAPI",97586,"LUMINÁRIA TIPO CALHA, DE SOBREPOR, COM 2 LÂMPADAS TUBULARES FLUORESCENTES DE 36 W, COM REATOR DE PARTIDA RÁPIDA - FORNECIMENTO E INSTALAÇÃO. AF_02/2020 ADAPTADA","INEL - INSTALAÇÃO ELÉTRICA/ELETRIFICAÇÃO E ILUMINAÇÃO EXTERNA","UN",{"$f":"SUM(I180:I182)","v":121.37894800000001},0.16109999999999999,19.554148522800002]
["C","SINAPI",88247,{"$f":"VLOOKUP(C180,'Comp SINAPI BA 07-2025 Onerado'!$B$11:$F$9696,2,FALSE)","v":"AUXILIAR DE ELETRICISTA COM ENCARGOS COMPLEMENTARES"},"SEDI - SERVIÇOS DIVERSOS","H",{"$f":"VLOOKUP(C180,'Comp SINAPI BA 07-2025 Onerado'!$B$11:$F$9696,4,FALSE)","v":25.56},0.17269999999999999,4.414212]
["C","SINAPI",88264,{"$f":"VLOOKUP(C181,'Comp SINAPI BA 07-2025 Onerado'!$B$11:$F$9696,2,FALSE)","v":"ELETRICISTA COM ENCARGOS COMPLEMENTARES"},"SEDI - SERVIÇOS DIVERSOS","H",{"$f":"VLOOKUP(C181,'Comp SINAPI BA 07-2025 Onerado'!$B$11:$F$9696,4,FALSE)","v":33.94},0.41439999999999999,14.064735999999998]
["C","SINAPI",3780,{"$f":"VLOOKUP(C182,'Ins SINAPI BA 07-2025 Onerado'!$B$11:$F$9696,2,FALSE)","v":"LUMINARIA DE SOBREPOR EM CHAPA DE ACO PARA 1 LAMPADA FLUORESCENTE DE *36* W, ALETADA, COMPLETA (LAMPADA E REATOR INCLUSOS)"},"Material","UN",{"$f":"G134","v":102.9},1,102.9]
["C","SINAPI",98445,{"$f":"VLOOKUP(C183,'Comp SINAPI BA 07-2025 Onerado'!$B$11:$F$9696,2,FALSE)","v":"PAREDE DE MADEIRA COMPENSADA PARA CONSTRUÇÃO TEMPORÁRIA EM CHAPA SIMPLES, EXTERNA, COM ÁREA LÍQUIDA MAIOR OU IGUAL A 6 M², COM VÃO. AF_03/2024"},"CANT - CANTEIRO DE OBRAS","m²",{"$f":"VLOOKUP(C183,'Comp SINAPI BA 07-2025 Onerado'!$B$11:$F$9696,4,FALSE)","v":118.79},0.22639999999999999,26.894055999999999]
["C","SINAPI",98441,{"$f":"VLOOKUP(C184,'Comp SINAPI BA 07-2025 Onerado'!$B$11:$F$9696,2,FALSE)","v":"PAREDE DE MADEIRA COMPENSADA PARA CONSTRUÇÃO TEMPORÁRIA EM CHAPA SIMPLES, EXTERNA, SEM VÃO. AF_03/2024"},"CANT - CANTEIRO DE OBRAS","m²",{"$f":"VLOOKUP(C184,'Comp SINAPI BA 07-2025 Onerado'!$B$11:$F$9696,4,FALSE)","v":100.01},0.1449,14.491449000000001]
["C","SINAPI",98446,{"$f":"VLOOKUP(C185,'Comp SINAPI BA 07-2025 Onerado'!$B$11:$F$9696,2,FALSE)","v":"PAREDE DE MADEIRA COMPENSADA PARA CONSTRUÇÃO TEMPORÁRIA EM CHAPA SIMPLES, EXTERNA, COM ÁREA LÍQUIDA MENOR QUE 6 M², COM VÃO. AF_03/2024"},"CANT - CANTEIRO DE OBRAS","m²",{"$f":"VLOOKUP(C185,'Comp SINAPI BA 07-2025 Onerado'!$B$11:$F$9696,4,FALSE)","v":153.47},0.17649999999999999,27.087454999999999]
["C","SINAPI",98441,{"$f":"VLOOKUP(C186,'Comp SINAPI BA 07-2025 Onerado'!$B$11:$F$9696,2,FALSE)","v":"PAREDE DE MADEIRA COMPENSADA PARA CONSTRUÇÃO TEMPORÁRIA EM CHAPA SIMPLES, EXTERNA, SEM VÃO. AF_03/2024"},"CANT - CANTEIRO DE OBRAS","m²",{"$f":"VLOOKUP(C186,'Comp SINAPI BA 07-2025 Onerado'!$B$11:$F$9696,4,FALSE)","v":100.01},0.1668,16.681668000000002]
["C","SINAPI",88489,{"$f":"VLOOKUP(C187,'Comp SINAPI BA 07-2025 Onerado'!$B$11:$F$9696,2,FALSE)","v":"PINTURA LÁTEX ACRÍLICA PREMIUM, APLICAÇÃO MANUAL EM PAREDES, DUAS DEMÃOS. AF_04/2023"},"PINT - PINTURAS","m²",{"$f":"VLOOKUP(C187,'Comp SINAPI BA 07-2025 Onerado'!$B$11:$F$9696,4,FALSE)","v":13.96},1.4293,19.953028]
["C","SINAPI",89957,"PONTO DE CONSUMO TERMINAL DE ÁGUA FRIA (SUBRAMAL) COM TUBULAÇÃO DE PVC, DN 25 MM, INSTALADO EM RAMAL DE ÁGUA, INCLUSOS RASGO E CHUMBAMENTO EM ALVENARIA. AF_12/2014 ATUALIZADA","INHI - INSTALAÇÕES HIDROS SANITÁRIAS","UN",{"$f":"SUM(I189:I194)","v":154.23840000000001},5.3699999999999998E-2,8.2826020800000002]
["C","SINAPI",90466,{"$f":"VLOOKUP(C189,'Comp SINAPI BA 07-2025 Onerado'!$B$11:$F$9696,2,FALSE)","v":"CHUMBAMENTO LINEAR EM ALVENARIA PARA RAMAIS/DISTRIBUIÇÃO DE INSTALAÇÕES HIDRÁULICAS COM DIÂMETROS MENORES OU IGUAIS A 40 MM. AF_09/2023"},"INHI - INSTALAÇÕES HIDROS SANITÁRIAS","M",{"$f":"VLOOKUP(C189,'Comp SINAPI BA 07-2025 Onerado'!$B$11:$F$9696,4,FALSE)","v":17.79},2.14,38.070599999999999]
["C","SINAPI",89366,{"$f":"VLOOKUP(C190,'Comp SINAPI BA 07-2025 Onerado'!$B$11:$F$9696,2,FALSE)","v":"JOELHO 90 GRAUS COM BUCHA DE LATÃO, PVC, SOLDÁVEL, DN 25MM, X 3/4 INSTALADO EM RAMAL OU SUB-RAMAL DE ÁGUA - FORNECIMENTO E INSTALAÇÃO. AF_06/2022"},"INHI - INSTALAÇÕES HIDROS SANITÁRIAS","UN",{"$f":"VLOOKUP(C190,'Comp SINAPI BA 07-2025 Onerado'!$B$11:$F$9696,4,FALSE)","v":16.100000000000001},1,16.100000000000001]
["C","SINAPI",89362,{"$f":"VLOOKUP(C191,'Comp SINAPI BA 07-2025 Onerado'!$B$11:$F$9696,2,FALSE)","v":"JOELHO 90 GRAUS, PVC, SOLDÁVEL, DN 25MM, INSTALADO EM RAMAL OU SUB-RAMAL DE ÁGUA - FORNECIMENTO E INSTALAÇÃO. AF_06/2022"},"INHI - INSTALAÇÕES HIDROS SANITÁRIAS","UN",{"$f":"VLOOKUP(C191,'Comp SINAPI BA 07-2025 Onerado'!$B$11:$F$9696,4,FALSE)","v":10.41},1.18,12.283799999999999]
["C","SINAPI",90443,{"$f":"VLOOKUP(C192,'Comp SINAPI BA 07-2025 Onerado'!$B$11:$F$9696,2,FALSE)","v":"RASGO LINEAR MANUAL EM ALVENARIA, PARA RAMAIS/ DISTRIBUIÇÃO DE INSTALAÇÕES HIDRÁULICAS, DIÂMETROS MENORES OU IGUAIS A 40 MM. AF_09/2023"},"INHI - INSTALAÇÕES HIDROS SANITÁRIAS","M",{"$f":"VLOOKUP(C192,'Comp SINAPI BA 07-2025 Onerado'!$B$11:$F$9696,4,FALSE)","v":9.32},2.14,19.944800000000001]
["C","SINAPI",89395,{"$f":"VLOOKUP(C193,'Comp SINAPI BA 07-2025 Onerado'!$B$11:$F$9696,2,FALSE)","v":"TE, PVC, SOLDÁVEL, DN 25MM, INSTALADO EM RAMAL OU SUB-RAMAL DE ÁGUA - FORNECIMENTO E INSTALAÇÃO. AF_06/2022"},"INHI - INSTALAÇÕES HIDROS SANITÁRIAS","UN",{"$f":"VLOOKUP(C193,'Comp SINAPI BA 07-2025 Onerado'!$B$11:$F$9696,4,FALSE)","v":14.26},0.89,12.6914]
["C","SINAPI",89356,{"$f":"VLOOKUP(C194,'Comp SINAPI BA 07-2025 Onerado'!$B$11:$F$9696,2,FALSE)","v":"TUBO, PVC, SOLDÁVEL, DE 25MM, INSTALADO EM RAMAL OU SUB-RAMAL DE ÁGUA - FORNECIMENTO E INSTALAÇÃO. AF_06/2022"},"INHI - INSTALAÇÕES HIDROS SANITÁRIAS","M",{"$f":"VLOOKUP(C194,'Comp SINAPI BA 07-2025 Onerado'!$B$11:$F$9696,4,FALSE)","v":25.77},2.14,55.147800000000004]
["C","SINAPI",90822,{"$f":"VLOOKUP(C195,'Comp SINAPI BA 07-2025 Onerado'!$B$11:$F$9696,2,FALSE)","v":"PORTA DE MADEIRA PARA PINTURA, SEMI-OCA (LEVE OU MÉDIA), 80X210CM, ESPESSURA DE 3,5CM, INCLUSO DOBRADIÇAS - FORNECIMENTO E INSTALAÇÃO. AF_12/2019"},"ESQV - ESQUADRIAS/FERRAGENS/VIDROS","UN",{"$f":"VLOOKUP(C195,'Comp SINAPI BA 07-2025 Onerado'!$B$11:$F$9696,4,FALSE)","v":401.47},2.6800000000000001E-2,10.759396000000001]
["C","SINAPI",101876,{"$f":"VLOOKUP(C196,'Comp SINAPI BA 07-2025 Onerado'!$B$11:$F$9696,2,FALSE)","v":"QUADRO DE DISTRIBUIÇÃO DE ENERGIA EM PVC, DE EMBUTIR, SEM BARRAMENTO, PARA 6 DISJUNTORES - FORNECIMENTO E INSTALAÇÃO. AF_10/2020"},"INEL - INSTALAÇÃO ELÉTRICA/ELETRIFICAÇÃO E ILUMINAÇÃO EXTERNA","UN",{"$f":"VLOOKUP(C196,'Comp SINAPI BA 07-2025 Onerado'!$B$11:$F$9696,4,FALSE)","v":114.71},2.6800000000000001E-2,3.0742279999999997]
["C","SINAPI",93382,{"$f":"VLOOKUP(C197,'Comp SINAPI BA 07-2025 Onerado'!$B$11:$F$9696,2,FALSE)","v":"REATERRO MANUAL DE VALAS, COM COMPACTADOR DE SOLOS DE PERCUSSÃO. AF_08/2023"},"MOVT - MOVIMENTO DE TERRA","m³",{"$f":"VLOOKUP(C197,'Comp SINAPI BA 07-2025 Onerado'!$B$11:$F$9696,4,FALSE)","v":30.54},0.01,0.3054]
["C","SINAPI",94210,{"$f":"VLOOKUP(C198,'Comp SINAPI BA 07-2025 Onerado'!$B$11:$F$9696,2,FALSE)","v":"TELHAMENTO COM TELHA ONDULADA DE FIBROCIMENTO E = 6 MM, COM RECOBRIMENTO LATERAL DE 1 1/4 DE ONDA PARA TELHADO COM INCLINAÇÃO MÁXIMA DE 10°, COM ATÉ 2 ÁGUAS, INCLUSO IÇAMENTO. AF_07/2019"},"COBE - COBERTURA","m²",{"$f":"VLOOKUP(C198,'Comp SINAPI BA 07-2025 Onerado'!$B$11:$F$9696,4,FALSE)","v":51.17},1.4510000000000001,74.247669999999999]
["C","SINAPI",92000,{"$f":"VLOOKUP(C199,'Comp SINAPI BA 07-2025 Onerado'!$B$11:$F$9696,2,FALSE)","v":"TOMADA BAIXA DE EMBUTIR (1 MÓDULO), 2P+T 10 A, INCLUINDO SUPORTE E PLACA - FORNECIMENTO E INSTALAÇÃO. AF_03/2023"},"INEL - INSTALAÇÃO ELÉTRICA/ELETRIFICAÇÃO E ILUMINAÇÃO EXTERNA","UN",{"$f":"VLOOKUP(C199,'Comp SINAPI BA 07-2025 Onerado'!$B$11:$F$9696,4,FALSE)","v":30.66},2.6800000000000001E-2,0.82168800000000008]
["C","SINAPI",92008,{"$f":"VLOOKUP(C200,'Comp SINAPI BA 07-2025 Onerado'!$B$11:$F$9696,2,FALSE)","v":"TOMADA BAIXA DE EMBUTIR (2 MÓDULOS), 2P+T 10 A, INCLUINDO SUPORTE E PLACA - FORNECIMENTO E INSTALAÇÃO. AF_03/2023"},"INEL - INSTALAÇÃO ELÉTRICA/ELETRIFICAÇÃO E ILUMINAÇÃO EXTERNA","UN",{"$f":"VLOOKUP(C200,'Comp SINAPI BA 07-2025 Onerado'!$B$11:$F$9696,4,FALSE)","v":46.84},0.13420000000000001,6.2859280000000011]
["C","SINAPI",92543,{"$f":"VLOOKUP(C201,'Comp SINAPI BA 07-2025 Onerado'!$B$11:$F$9696,2,FALSE)","v":"TRAMA DE MADEIRA COMPOSTA POR TERÇAS PARA TELHADOS DE ATÉ 2 ÁGUAS PARA TELHA ONDULADA DE FIBROCIMENTO, METÁLICA, PLÁSTICA OU TERMOACÚSTICA, INCLUSO TRANSPORTE VERTICAL. AF_07/2019"},"COBE - COBERTURA","m²",{"$f":"VLOOKUP(C201,'Comp SINAPI BA 07-2025 Onerado'!$B$11:$F$9696,4,FALSE)","v":24.29},1.4510000000000001,35.244790000000002]
["C","SINAPI",89714,{"$f":"VLOOKUP(C202,'Comp SINAPI BA 07-2025 Onerado'!$B$11:$F$9696,2,FALSE)","v":"TUBO PVC, SERIE NORMAL, ESGOTO PREDIAL, DN 100 MM, FORNECIDO E INSTALADO EM RAMAL DE DESCARGA OU RAMAL DE ESGOTO SANITÁRIO. AF_08/2022"},"INHI - INSTALAÇÕES HIDROS SANITÁRIAS","M",{"$f":"VLOOKUP(C202,'Comp SINAPI BA 07-2025 Onerado'!$B$11:$F$9696,4,FALSE)","v":38.86},0.14230000000000001,5.5297780000000003]
["C","SINAPI",89711,{"$f":"VLOOKUP(C203,'Comp SINAPI BA 07-2025 Onerado'!$B$11:$F$9696,2,FALSE)","v":"TUBO PVC, SERIE NORMAL, ESGOTO PREDIAL, DN 40 MM, FORNECIDO E INSTALADO EM RAMAL DE DESCARGA OU RAMAL DE ESGOTO SANITÁRIO. AF_08/2022"},"INHI - INSTALAÇÕES HIDROS SANITÁRIAS","M",{"$f":"VLOOKUP(C203,'Comp SINAPI BA 07-2025 Onerado'!$B$11:$F$9696,4,FALSE)","v":22.65},8.8599999999999998E-2,2.0067899999999996]
["I","SINAPI",10886,{"$f":"VLOOKUP(C204,'Ins SINAPI BA 07-2025 Onerado'!$B$11:$F$9696,2,FALSE)","v":"EXTINTOR DE INCENDIO PORTATIL COM CARGA DE AGUA PRESSURIZADA DE 10 L, CLASSE A"},"Material","UN",{"$f":"VLOOKUP(C204,'Ins SINAPI BA 07-2025 Onerado'!$B$11:$F$9696,5,FALSE)","v":253.31},2.6800000000000001E-2,6.7887080000000006]
["I","SINAPI",10891,{"$f":"VLOOKUP(C205,'Ins SINAPI BA 07-2025 Onerado'!$B$11:$F$9696,2,FALSE)","v":"EXTINTOR DE INCENDIO PORTATIL COM CARGA DE PO QUIMICO SECO (PQS) DE 4 KG, CLASSE BC"},"Material","UN",{"$f":"VLOOKUP(C205,'Ins SINAPI BA 07-2025 Onerado'!$B$11:$F$9696,5,FALSE)","v":244.96},2.6800000000000001E-2,6.5649280000000001]
["I","SINAPI",3080,{"$f":"VLOOKUP(C206,'Ins SINAPI BA 07-2025 Onerado'!$B$11:$F$9696,2,FALSE)","v":"FECHADURA ESPELHO PARA PORTA EXTERNA, EM ACO INOX (MAQUINA, TESTA E CONTRA-TESTA) E EM ZAMAC (MACANETA, LINGUETA E TRINCOS) COM ACABAMENTO CROMADO, MAQUINA DE 40 MM, INCLUINDO CHAVE TIPO CILINDRO"},"Material","CJ",{"$f":"VLOOKUP(C206,'Ins SINAPI BA 07-2025 Onerado'!$B$11:$F$9696,5,FALSE)","v":78.2},2.6800000000000001E-2,2.0957600000000003]
["I","SINAPI",11587,{"$f":"VLOOKUP(C207,'Ins SINAPI BA 07-2025 Onerado'!$B$11:$F$9696,2,FALSE)","v":"FORRO DE PVC LISO, BRANCO, REGUA DE 10 CM, ESPESSURA APROXIMADA DE 8 MM (COM COLOCACAO / SEM ESTRUTURA METALICA)"},"Material","m²",{"$f":"VLOOKUP(C207,'Ins SINAPI BA 07-2025 Onerado'!$B$11:$F$9696,5,FALSE)","v":78.599999999999994},1,78.599999999999994]
["I","SINAPI",37525,{"$f":"VLOOKUP(C208,'Ins SINAPI BA 07-2025 Onerado'!$B$11:$F$9696,2,FALSE)","v":"TELA PLASTICA TECIDA LISTRADA BRANCA E LARANJA, TIPO GUARDA CORPO, EM POLIETILENO MONOFILADO, ROLO 1,20 X 50 M (L X C)"},"Equipamento","M",{"$f":"VLOOKUP(C208,'Ins SINAPI BA 07-2025 Onerado'!$B$11:$F$9696,5,FALSE)","v":2.73},1.2782,3.4894859999999999]

{"sheet":"Cotação","index":11,"n_rows":48,"n_cols":15,"rows_kept":48,"cut":false,"hidden":false,"merged":[[0,0,0,14],[1,0,1,14],[3,0,4,0],[3,1,3,5],[3,6,4,6],[3,7,4,7],[3,8,4,8],[3,9,4,9],[3,10,4,10],[3,11,3,14]]}
["Ministério da Integração e do Desenvolvimento Regional"]
["Companhia de Desenvolvimento dos Vales do São Francisco e do Parnaíba"]
[]
["ITEM","EMPRESA",{"$nulls":4},"ORÇADO\nPOR","DESCRIÇÃO / OBSERVAÇÃO","UNID","QUANT","LINK OU LOCAL DO ARQUIVO","VALOR"]
[null,"DATA","EMPRESA / CNPJ","RESPONSÁVEL","ENDEREÇO","CONTATO",{"$nulls":5},"MAT","MDO","TRANSPORTE","TOTAL"]
[1,"2025-07-31","POLIMEDIÇÃO COMERCIAL","Preço na loja online","R. Arlete, 151 - Jardim Penha - São Paulo - SP","Tel: (11) 4328-3003\nWhatsApp: (11) 98575-6343\npolimedicao@gmail.com","Murilo","Régua Fluviométrica-linimétrica/alumínio 2x70x1000 Mm ( Ana)","un",1,"https://produto.mercadolivre.com.br/MLB-2779894267-regua-fluviometrica-linimetricaaluminio-2x70x1000-mm-ana-_JM?searchVariation=179904169563#polycard_client=search-nordic&searchVariation=179904169563&position=14&search_layout=stack&type=item&tracking_id=fc659489-e61e-4c1e-9f07-18621b543351",134.96,null,null,{"$f":"SUM(L6:N6)","v":134.96}]
[2,"2025-07-31","Gravametal","Preço na loja online","Rua Uniflor, 1012 - Emiliano Perneta\nPinhais - Paraná - CEP: 83324-227","☎ (41) 3403-0144\n✆ (41) 99672-9692\n✉ gravametal@gmail.com","Murilo","Régua linimétrica em alumínio 2 X 70 X 1000MM","un",1,"https://www.gravametal.com.br/product-page/r%C3%A9gua-linim%C3%A9trica-fluviom%C3%A9trica-1000x70x2mm",209.9,null,null,{"$f":"SUM(L7:N7)","v":209.9}]
[3,"2025-05-16","Dualbase","Consulta via email","Av. Gentil Reinaldo Cordioli, 157 - CEP 88133-500 - Palhoça/SC ","Tel: (48) 3342 5202 adriano@dualbase.com.br","Murilo","Régua linimétrica em alumínio 2 X 70 X 1000MM","un",1,"www.dualbase.com.br",185,null,null,{"$f":"SUM(L8:N8)","v":185}]
[{"$nulls":13},"Média",{"$f":"AVERAGE(O6:O8)","v":176.62}]
[{"$nulls":13},"Mediana",{"$f":"MEDIAN(O6:O8)","v":185}]
[{"$nulls":13},"Menor",{"$f":"SMALL(O9:O10,1)","v":176.62}]
{"$rows_empty":36}
[{"$nulls":5},"    "]

{"sheet":"CPU HOSPEDAGEM","index":12,"n_rows":48,"n_cols":6,"rows_kept":48,"cut":false,"hidden":false,"merged":[[2,1,2,2]]}
[]
[null,"Engenharia Consultiva da Codevasf"]
[null,"CPU - HOSPEDAGEM EQUIPE DE CAMPO (4 PESSOAS/MÊS)",null,"Código/Referencia"]
[null,"ALUGUEL ",3074.56,"F020003334/EMBASA insumo"]
[null,"Aquisição de Mobiliário",{"$f":"41.81*C16","v":167.24},"B8954/DNIT"]
[null,"Material de limpeza e diarista",{"$f":"131.08+(123*8)","v":1115.08},"10563/ORSE - E200300131/EMBASA"]
[null,"manutenção da casa alugada - Serviços Gerais/Vigia ",2771.31,"41096/SINAPI"]
[null,"Energia ",180,"10555/ORSE"]
[null,"Água",394.99,"10554/ORSE"]
[null,"telefone/Internet",{"$f":"154.99+89","v":243.99},"10557/10558/ORSE"]
[null,"IPTU (mês)",{"$f":"(C4*0.5)/12","v":128.10666666666665}]
[]
[null,"Custo Mensal:",{"$f":"SUM(C4:C12)","v":8075.2766666666666}]
[null,"Custo Mensal por pessoa:",{"$f":"C13/C16","v":2018.8191666666667}]
[null,"Custo diário por pessoa:",{"$f":"C14/22","v":91.764507575757577}]
[null,"número de pessoas:",4]
[null,"Alimentação:",0,"Tabela Diária Codevasf 2025"]
[]
[null,"Diária Total (alimentação + hospedagem):",{"$f":"C15+C17","v":91.764507575757577}]
{"$rows_empty":28}
[{"$nulls":5},"    "]

{"sheet":"CPU-VEICULO_Serviços","index":13,"n_rows":61,"n_cols":33,"rows_kept":61,"cut":false,"hidden":false,"merged":[[4,31,4,42],[48,9,51,19],[50,21,52,29],[4,0,4,2],[6,0,6,2],[7,0,7,1],[7,4,7,7],[8,0,8,2],[4,3,4,8],[4,9,4,19],[4,20,4,30]]}
[]
[]
[]
[]
["Composição de Preços de Locação de Veículo tipo pick-up",null,null,"Composição de Preços de Locação de Veículo tipo pick-up",{"$nulls":5},"Composição de Preços de Locação de Veículo tipo pick-up",{"$nulls":10},"Composição de Preços de Locação de Veículo tipo pick-up",{"$nulls":10},"Composição de Preços de Locação de Veículo tipo pick-up"]
[null,"Data de atualização:","2025-01-22",null,"CV","Média","Mediana",null,null,null,"CV","Média","Mediana",{"$nulls":8},"CV","Média","Mediana"]
["CODEVASF ",null,null,null,{"$f":"_xlfn.STDEV.S(E10:H10)/AVERAGE(E10:H10)","v":9.4618047486117282E-2},{"$f":"AVERAGE(E10:H10)","v":200477},{"$f":"MEDIAN(E10:H10)","v":205565.5},null,null,null,{"$f":"_xlfn.STDEV.S(L9:S9)/AVERAGE(L9:S9)","v":0.20491936834598948},{"$f":"AVERAGE(L9:S9)","v":34.548571428571428},{"$f":"MEDIAN(L9:S9)","v":30.91},{"$nulls":8},{"$f":"_xlfn.STDEV.S(W9:AD9)/AVERAGE(W9:AD9)","v":0.12410235614319021},{"$f":"AVERAGE(W9:AD9)","v":499.01906250000008},{"$f":"MEDIAN(W9:AD9)","v":499.45}]
["OBS:               Preço sem BDI e sem motorista                                                                   BDI=",null,null,null,"Preço FIPE ",{"$nulls":4},"PRODUTO ","MENOR (MÉDIA, MEDIANA)","COT. 1","COT. 2","COT. 3","COT. 4","COT. 5","COT. 6","COT. 7","COT. 8",null,"PRODUTO","MENOR (MÉDIA, MEDIANA)","COT. 1","COT. 2","COT. 3","COT. 4","COT. 5","COT. 6","COT. 7","COT. 8"]
["Veículo para serviço tipo pick-up, cabine dupla - 2.0 16V 4x4 diesel Aut.",null,null,null,"Toro Ultra 2.0 16V 4x4 TB Diesel Aut.","Toro Freedom 2.0 16V 4x4 TB Diesel Aut.","Toro Volcano 2.0 16V 4x4 TB Diesel Aut."," Toro Ranch 2.0 16V 4x4 TB Diesel Aut.\n",null,"LUBRIFICANTE 5W30",{"$f":"SMALL(L7:M7,1)","v":30.91},33.33,26.9,30.9,30.9,30.91,46,42.9,null,null,"Pneu 225/65 R17",{"$f":"SMALL(W7:X7,1)","v":499.01906250000008},499,479.9,565.25,393.38,449.9,{"$f":"2059.44/4","v":514.86},{"$f":"2359.85/4","v":589.96249999999998},499.9]
[null,"Custo Mensal (R$):",{"$f":"C51","v":4771.246758055212},null,215525,175252,196485,214646]
[null,"Custo Diária (R$):",{"$f":"C10/22","v":216.87485263887328}]
[null,"Custo Horário (R$):",{"$f":"C10/176","v":27.10935657985916}]
["A","Depreciação mensal do equipamento"]
["A1","Preço de Aquisição ",{"$f":"SMALL(F7:G7,1)","v":200477}]
["A2","Tempo previsto de vida útil (meses)",36]
["A3","Previsão de recup. Na venda do bem usado",0.7]
["A4","Custo mensal [A1-(A3xA1)]/A2",{"$f":"(C14-(C16*C14))/C15","v":1670.6416666666669}]
["B","Juros pelo Capital empregado"]
["B1","Taxa mensal de Juros *",{"$f":"POWER(1+C56,1/12)-1","v":1.1531452360343364E-2}]
["B2","Juros s/depreciação/aluguel (B1xA4)",{"$f":"C19*C17","v":19.264924790371307}]
["C","Conservação e manutenção **",0.75]
["C1","Taxa de gastos s/a deprec. Inc. seguros (%)",{"$f":"C21","v":0.75}]
["C2","Incidência mensal (C1xA4)",{"$f":"C22*C17","v":1252.9812500000003}]
["D","Combustível",{"$nulls":29},"PREÇO DO DIESEL",5.9]
["D1","Média mensal de quilômetro por veículo",{"$f":"'Memorial de cálculo'!H6*2*22","v":2770.5333333333333},{"$nulls":28},"https://precos.petrobras.com.br/w/diesel/mg"]
["D2","Preço do litro de combustível",{"$f":"AG24","v":5.9}]
["D3","Quilômetros rodados com um litro combustivel",10]
["D4","Combustivel    (D1/D3)*D2",{"$f":"(C25/C27)*C26","v":1634.6146666666668}]
["E","Lubrificantes"]
["E1","Quilometragem do Contrato (D1*12)",{"$f":"C25*36","v":99739.199999999997}]
["E2","Franquia por troca de óleo (km)",10000]
["E3","Preço do litro de óleo",{"$f":"K9","v":30.91}]
["E4","Quantidade de litros de óleo por troca",5]
["E5","Quantidade de dias do Contrato",{"$f":"365*3","v":1095}]
["E6","Lubrificantes  E = (E1*E3*E4*30)/E2*E5",{"$f":"(C30*C32*C33*30)/(C31*C34)","v":42.232036602739718}]
["F","Pneus"]
["F1","Quilometragem do Contrato ",{"$f":"C30","v":99739.199999999997}]
["F2","Vida do Pneu em quilômetros",45000]
["F3","Quantidade de pneus",5]
["F4","Preço do Pneu",{"$f":"V9","v":499.01906250000008}]
["F5","Quantidade de dias do contrato ",{"$f":"C34","v":1095}]
["F6","Pneus = (F1*F3*F4*30)/(F2*F5)",{"$f":"(C37*C39*C40*30)/(C38*C41)","v":151.51221332876716}]
["G","Motorista"]
["G1","Salário com encargos sociais",0]
["H","Custo Mensal"," "]
[null,"Sem Motorista (A4+B2+C2+D4+E6+F6)",{"$f":"C17+C20+C23+C28+C35+C42","v":4771.246758055212}]
[null,"Com Motorista (A4+B2+C2+D4+E6+F6+G1)",{"$f":"C17+C20+C23+C28+C35+C42+C44","v":4771.246758055212}]
["I","Custo Direto p/ km Rodado",null,null,null,"    "]
[null,"Sem Motorista",{"$f":"C46/C25","v":1.722140174474907},{"$nulls":6},"https://www.google.com/search?q=lubrificante+5w30+1l&sa=X&sca_esv=c77f5342bf7e367a&tbm=shop&ei=e0uKZ-DcDNKp5OUPkOKj6QY&ved=0ahUKEwighoOy3_yKAxXSFLkGHRDxKG0Q4dUDCAg&uact=5&oq=lubrificante+5w30+1l&gs_lp=Egtwcm9kdWN0cy1jYyIUbHVicmlmaWNhbnRlIDV3MzAgMWxIgQ9Q4AlY8Q1wAHgAkAEAmAFroAGgA6oBAzEuM7gBA8gBAPgBAZgCAqAC0gHCAgUQABiABMICBhAAGAcYHsICBhAAGAgYHsICBhAAGBYYHpgDAIgGAZIHAzEuMaAHxQU&sclient=products-cc"]
[null,"Com Motorista",{"$f":"C47/C25","v":1.722140174474907}]
["J","Preço cobrado sem BDI",{"$f":"C46*(1+C8)","v":4771.246758055212},{"$nulls":18},"https://www.google.com/search?q=pneu+225%2F65+R17&sa=X&biw=1600&bih=757&tbm=shop&sxsrf=AJOqlzWsb-d4PS1_OUOEhKmRc2RbtSg3RQ%3A1677092596279&ei=9Gb2Y9K5ENTa5OUPvLykGA&ved=0ahUKEwjSg9Pj6Kn9AhVULbkGHTweCQMQ4dUDCAg&uact=5&oq=pneu+225%2F65+R17&gs_lcp=Cgtwcm9kdWN0cy1jYxADMgsIABCABBCxAxCDATIFCAAQgAQyBwgAEIAEEAoyBwgAEIAEEAoyBwgAEIAEEAoyBwgAEIAEEAoyBwgAEIAEEAoyBQgAEIAEMgcIABCABBAKMgcIABCABBAKOgQIIxAnOgQIABBDSgQIQRgAUABYoTJgqUBoAHAAeACAAdIFiAGUKZIBDTAuMi42LjIuMi4yLjGYAQCgAQHAAQE&sclient=products-cc"]
["J1","Sem Motorista",{"$f":"C51","v":4771.246758055212}]
["J2","Com Motorista",{"$f":"C47","v":4771.246758055212}]
[]
[null,"OBSERVAÇÕES:"]
["*","Calculado com base na taxa SELIC JANEIRO/2025:",0.14749999999999999]
[null," Taxa de Juros Selic — Português (Brasil) (www.gov.br) "]
["**","Conservação e manutenção - é calculado com o uso de um coeficiente multiplicador \"k\", conforme tabela abaixo, sobre a "]
[null,"depreciação mensal do equipamento (Item A da planilha de composição de preços). Os valores de K são fornecidos por"]
[null," fabricantes. "]
[null,"Metodologia conforme a bibliografia \"Como Preparar Orçamentos de Obras\", 3 edição, Aldo Dórea Mattos, 2019."]

{"sheet":"CPU-VEICULO_Fiscalização","index":14,"n_rows":61,"n_cols":33,"rows_kept":61,"cut":false,"hidden":false,"merged":[[4,0,4,2],[6,0,6,2],[7,0,7,1],[7,4,7,7],[8,0,8,2],[4,31,4,42],[4,20,4,30],[4,9,4,19],[4,3,4,8],[52,19,52,26],[52,8,52,18]]}
[]
[]
[]
[]
["Composição de Preços de Locação de Veículo tipo pick-up",null,null,"Composição de Preços de Locação de Veículo tipo pick-up",{"$nulls":5},"Composição de Preços de Locação de Veículo tipo pick-up",{"$nulls":10},"Composição de Preços de Locação de Veículo tipo pick-up",{"$nulls":10},"Composição de Preços de Locação de Veículo tipo pick-up"]
[null,"Data de atualização:","2025-01-22",null,"CV","Média","Mediana",null,null,null,"CV","Média","Mediana",{"$nulls":8},"CV","Média","Mediana"]
["CODEVASF ",null,null,null,{"$f":"_xlfn.STDEV.S(E10:H10)/AVERAGE(E10:H10)","v":9.4618047486117282E-2},{"$f":"AVERAGE(E10:H10)","v":200477},{"$f":"MEDIAN(E10:H10)","v":205565.5},null,null,null,{"$f":"_xlfn.STDEV.S(L9:S9)/AVERAGE(L9:S9)","v":0.20491936834598948},{"$f":"AVERAGE(L9:S9)","v":34.548571428571428},{"$f":"MEDIAN(L9:S9)","v":30.91},{"$nulls":8},{"$f":"_xlfn.STDEV.S(W9:AD9)/AVERAGE(W9:AD9)","v":0.12410235614319021},{"$f":"AVERAGE(W9:AD9)","v":499.01906250000008},{"$f":"MEDIAN(W9:AD9)","v":499.45}]
["OBS:               Preço sem BDI e sem motorista                                                                   BDI=",null,null,null,"Preço FIPE ",{"$nulls":4},"PRODUTO ","MENOR (MÉDIA, MEDIANA)","COT. 1","COT. 2","COT. 3","COT. 4","COT. 5","COT. 6","COT. 7","COT. 8",null,"PRODUTO","MENOR (MÉDIA, MEDIANA)","COT. 1","COT. 2","COT. 3","COT. 4","COT. 5","COT. 6","COT. 7","COT. 8"]
["Veículo para fiscalização tipo pick-up, cabine dupla - 2.0 16V 4x4 diesel Aut.",null,null,null,"Toro Ultra 2.0 16V 4x4 TB Diesel Aut.","Toro Freedom 2.0 16V 4x4 TB Diesel Aut.","Toro Volcano 2.0 16V 4x4 TB Diesel Aut."," Toro Ranch 2.0 16V 4x4 TB Diesel Aut.\n",null,"LUBRIFICANTE 5W30",{"$f":"SMALL(L7:M7,1)","v":30.91},33.33,26.9,30.9,30.9,30.91,46,42.9,null,null,"Pneu 225/65 R17",{"$f":"SMALL(W7:X7,1)","v":499.01906250000008},499,479.9,565.25,393.38,449.9,{"$f":"2059.44/4","v":514.86},{"$f":"2359.85/4","v":589.96249999999998},499.9]
[null,"Custo Mensal (R$):",{"$f":"C51","v":3824.9421291282711},null,215525,175252,196485,214646]
[null,"Custo Diária (R$):",{"$f":"C10/22","v":173.86100586946688}]
[null,"Custo Horário (R$):",{"$f":"C10/176","v":21.73262573368336}]
["A","Depreciação mensal do equipamento"]
["A1","Preço de Aquisição ",{"$f":"SMALL(F7:G7,1)","v":200477}]
["A2","Tempo previsto de vida útil (meses)",36]
["A3","Previsão de recup. Na venda do bem usado",0.7]
["A4","Custo mensal [A1-(A3xA1)]/A2",{"$f":"(C14-(C16*C14))/C15","v":1670.6416666666669}]
["B","Juros pelo Capital empregado"]
["B1","Taxa mensal de Juros *",{"$f":"POWER(1+C56,1/12)-1","v":1.1531452360343364E-2}]
["B2","Juros s/depreciação/aluguel (B1xA4)",{"$f":"C19*C17","v":19.264924790371307}]
["C","Conservação e manutenção **",0.75]
["C1","Taxa de gastos s/a deprec. Inc. seguros (%)",{"$f":"C21","v":0.75}]
["C2","Incidência mensal (C1xA4)",{"$f":"C22*C17","v":1252.9812500000003}]
["D","Combustível",{"$nulls":29},"PREÇO DO DIESEL",5.9]
["D1","Média mensal de quilômetro por veículo",{"$f":"'Memorial de cálculo'!H5*2*22","v":12613.333333333334},{"$nulls":28},"https://precos.petrobras.com.br/w/diesel/mg"]
["D2","Preço do litro de combustível",{"$f":"AG22","v":0}]
["D3","Quilômetros rodados com um litro combustivel",10]
["D4","Combustivel    (D1/D3)*D2",{"$f":"(C25/C27)*C26","v":0}]
["E","Lubrificantes"]
["E1","Quilometragem do Contrato (D1*12)",{"$f":"C25*36","v":454080}]
["E2","Franquia por troca de óleo (km)",10000]
["E3","Preço do litro de óleo",{"$f":"K9","v":30.91}]
["E4","Quantidade de litros de óleo por troca",5]
["E5","Quantidade de dias do Contrato",{"$f":"365*3","v":1095}]
["E6","Lubrificantes  E = (E1*E3*E4*30)/E2*E5",{"$f":"(C30*C32*C33*30)/(C31*C34)","v":192.2686684931507}]
["F","Pneus"]
["F1","Quilometragem do Contrato ",{"$f":"C30","v":454080}]
["F2","Vida do Pneu em quilômetros",45000]
["F3","Quantidade de pneus",5]
["F4","Preço do Pneu",{"$f":"V9","v":499.01906250000008}]
["F5","Quantidade de dias do contrato ",{"$f":"C34","v":1095}]
["F6","Pneus = (F1*F3*F4*30)/(F2*F5)",{"$f":"(C37*C39*C40*30)/(C38*C41)","v":689.78561917808236}]
["G","Motorista"]
["G1","Salário com encargos sociais",0]
["H","Custo Mensal"," "]
[null,"Sem Motorista (A4+B2+C2+D4+E6+F6)",{"$f":"C17+C20+C23+C28+C35+C42","v":3824.9421291282711}]
[null,"Com Motorista (A4+B2+C2+D4+E6+F6+G1)",{"$f":"C17+C20+C23+C28+C35+C42+C44","v":3824.9421291282711}]
["I","Custo Direto p/ km Rodado",null,null,null,"    "]
[null,"Sem Motorista",{"$f":"C46/C25","v":0.30324594047000031}]
[null,"Com Motorista",{"$f":"C47/C25","v":0.30324594047000031}]
["J","Preço cobrado sem BDI",{"$f":"C46*(1+C8)","v":3824.9421291282711}]
["J1","Sem Motorista",{"$f":"C51","v":3824.9421291282711}]
["J2","Com Motorista",{"$f":"C47","v":3824.9421291282711},{"$nulls":5},"https://www.google.com/search?q=lubrificante+5w30+1l&sa=X&sca_esv=c77f5342bf7e367a&tbm=shop&ei=e0uKZ-DcDNKp5OUPkOKj6QY&ved=0ahUKEwighoOy3_yKAxXSFLkGHRDxKG0Q4dUDCAg&uact=5&oq=lubrificante+5w30+1l&gs_lp=Egtwcm9kdWN0cy1jYyIUbHVicmlmaWNhbnRlIDV3MzAgMWxIgQ9Q4AlY8Q1wAHgAkAEAmAFroAGgA6oBAzEuM7gBA8gBAPgBAZgCAqAC0gHCAgUQABiABMICBhAAGAcYHsICBhAAGAgYHsICBhAAGBYYHpgDAIgGAZIHAzEuMaAHxQU&sclient=products-cc",{"$nulls":10},"https://www.google.com/search?q=pneu+225%2F65+R17&sa=X&biw=1600&bih=757&tbm=shop&sxsrf=AJOqlzWsb-d4PS1_OUOEhKmRc2RbtSg3RQ%3A1677092596279&ei=9Gb2Y9K5ENTa5OUPvLykGA&ved=0ahUKEwjSg9Pj6Kn9AhVULbkGHTweCQMQ4dUDCAg&uact=5&oq=pneu+225%2F65+R17&gs_lcp=Cgtwcm9kdWN0cy1jYxADMgsIABCABBCxAxCDATIFCAAQgAQyBwgAEIAEEAoyBwgAEIAEEAoyBwgAEIAEEAoyBwgAEIAEEAoyBwgAEIAEEAoyBQgAEIAEMgcIABCABBAKMgcIABCABBAKOgQIIxAnOgQIABBDSgQIQRgAUABYoTJgqUBoAHAAeACAAdIFiAGUKZIBDTAuMi42LjIuMi4yLjGYAQCgAQHAAQE&sclient=products-cc"]
[]
[null,"OBSERVAÇÕES:"]
["*","Calculado com base na taxa SELIC JANEIRO/2025:",0.14749999999999999]
[null," Taxa de Juros Selic — Português (Brasil) (www.gov.br) "]
["**","Conservação e manutenção - é calculado com o uso de um coeficiente multiplicador \"k\", conforme tabela abaixo, sobre a "]
[null,"depreciação mensal do equipamento (Item A da planilha de composição de preços). Os valores de K são fornecidos por"]
[null," fabricantes. "]
[null,"Metodologia conforme a bibliografia \"Como Preparar Orçamentos de Obras\", 3 edição, Aldo Dórea Mattos, 2019."]

{"sheet":"BDI serv","index":15,"n_rows":177,"n_cols":8,"rows_kept":177,"cut":false,"hidden":false,"merged":[[0,0,0,6],[1,0,1,6],[2,0,2,6],[3,0,3,6],[8,4,8,6],[8,0,9,0],[8,1,9,1],[8,2,9,2],[8,3,9,3],[17,3,18,3],[17,4,18,4],[17,5,18,5],[17,6,18,6],[23,0,26,6]]}
[{"$f":"MACAÚBAS!A1:I1","v":"Ministério da Integração e do Desenvolvimento Regional"}]
[{"$f":"MACAÚBAS!A2:I2","v":"Companhia de Desenvolvimento dos Vales do São Francisco e do Parnaíba"}]
[]
["COMPOSIÇÃO DE BDI - SERVIÇOS - NÃO DESONERADO"]
[{"$f":"MACAÚBAS!A5","v":"OBRA:"},{"$f":"Resumo!B5","v":"Execução de manutenção e recuperação nas barragens de Macaúbas, Rio da Caixa e Baixão do Cecílio, localizadas no estado da Bahia."},null,"BDI (serv.):",{"$f":"D23","v":0.2321}]
[{"$f":"MACAÚBAS!A6","v":"LOCAL:"},{"$f":"Resumo!B6","v":"Barragens da Bahia"},null,"BDI (forn.):",{"$f":"'BDI forn'!E6","v":0.1469}]
[{"$f":"MACAÚBAS!A7","v":"DATA BASE:"},{"$f":"Resumo!B7","v":"2025-09-01"}]
[{"$f":"MACAÚBAS!A8","v":"PRAZO:"},{"$f":"Resumo!B8","v":"90 dias"}]
["ITEM","DESCRIÇÃO","SIGLA","% APLICADO","REFERÊNCIA TCU\n(ACÓRDÃO Nº 2622/2013)"]
[{"$nulls":4},"1º QUARTIL","2º QUARTIL","3º QUARTIL"]
[1,"ADMINISTRAÇÃO CENTRAL","AC",{"$f":"E11","v":0.04},0.04,5.5199999999999999E-2,7.85E-2]
[2,"IMPOSTOS","T",{"$f":"SUM(D13:D16)","v":6.6500000000000004E-2}]
["2.1","ISS (*)",null,0.03,"-","-","-"]
["2.2","PIS",null,6.4999999999999997E-3,"-","-","-"]
["2.3","Cofins",null,0.03,"-","-","-"]
["2.4","Contribuição previdênciária sobre a receita bruta (CPRB)",null,null,"-","-","-"]
[3,"SEGURO, GARANTIA E RISCO",null,{"$f":"SUM(D18:D20)","v":2.2699999999999998E-2}]
["3.1","Seguro","S",{"$f":"E18","v":8.0999999999999996E-3},8.0999999999999996E-3,1.2200000000000001E-2,1.9900000000000001E-2]
["3.2","Garantia","G"]
["3.3","Risco","R",{"$f":"E20","v":1.46E-2},1.46E-2,2.3199999999999998E-2,3.1600000000000003E-2]
[4,"DESPESAS FINANCEIRAS","DF",{"$f":"F21","v":1.0200000000000001E-2},9.4000000000000004E-3,1.0200000000000001E-2,1.363E-2]
[5,"LUCRO","L",{"$f":"E22","v":7.1400000000000005E-2},7.1400000000000005E-2,8.4000000000000005E-2,0.1043]
[null,"BDI ADOTADO:",null,{"$f":"ROUND(((((1+D11+D17)*(1+D21)*(1+D22))/(1-D12))-1),4)","v":0.2321}]
["Considerações:\nO BDI foi calculado através da seguinte fórmula, regulamentada pelo Acórdão Nº 2622/2013 – TCU.\n\n\n\n\n"]
{"$rows_empty":23}
[{"$nulls":5},"    "]
{"$rows_empty":124}
[{"$nulls":7},{"$f":"SUM(H174:H177)","v":0}]
[]
[]
[]
[null,null,null,"mec",null,2,128]

{"sheet":"BDI forn","index":16,"n_rows":177,"n_cols":8,"rows_kept":177,"cut":false,"hidden":false,"merged":[[0,0,0,6],[1,0,1,6],[2,0,2,6],[3,0,3,6],[8,4,8,6],[8,0,9,0],[8,1,9,1],[8,2,9,2],[8,3,9,3],[17,3,18,3],[17,4,18,4],[17,5,18,5],[17,6,18,6],[23,0,26,6]]}
[{"$f":"MACAÚBAS!A1:I1","v":"Ministério da Integração e do Desenvolvimento Regional"}]
[{"$f":"MACAÚBAS!A2:I2","v":"Companhia de Desenvolvimento dos Vales do São Francisco e do Parnaíba"}]
[]
["COMPOSIÇÃO DE BDI - FORNECIMENTO - NÃO DESONERADO"]
[{"$f":"MACAÚBAS!A5","v":"OBRA:"},{"$f":"Resumo!B5","v":"Execução de manutenção e recuperação nas barragens de Macaúbas, Rio da Caixa e Baixão do Cecílio, localizadas no estado da Bahia."},null,"BDI (serv.):",{"$f":"'BDI serv'!E5","v":0.2321}]
[{"$f":"MACAÚBAS!A6","v":"LOCAL:"},{"$f":"Resumo!B6","v":"Barragens da Bahia"},null,"BDI (forn.):",{"$f":"D23","v":0.1469}]
[{"$f":"MACAÚBAS!A7","v":"DATA BASE:"},{"$f":"Resumo!B7","v":"2025-09-01"}]
[{"$f":"MACAÚBAS!A8","v":"PRAZO:"},{"$f":"Resumo!B8","v":"90 dias"}]
["ITEM","DESCRIÇÃO","SIGLA","% APLICADO","REFERÊNCIA TCU\n(ACÓRDÃO Nº 2622/2013)"]
[{"$nulls":4},"1º QUARTIL","2º QUARTIL","3º QUARTIL"]
[1,"ADMINISTRAÇÃO CENTRAL","AC",0.03,1.4999999999999999E-2,3.4500000000000003E-2,4.4900000000000002E-2]
[2,"IMPOSTOS","T",{"$f":"SUM(D13:D16)","v":3.6499999999999998E-2}]
["2.1","ISS (*)",null,null,"-","-","-"]
["2.2","PIS",null,6.4999999999999997E-3,"-","-","-"]
["2.3","Cofins",null,0.03,"-","-","-"]
["2.4","Contribuição previdênciária sobre a receita bruta (CPRB)",null,null,"-","-","-"]
[3,"SEGURO, GARANTIA E RISCO",null,{"$f":"SUM(D18:D20)","v":8.6E-3}]
["3.1","Seguro","S",{"$f":"E18","v":3.0000000000000001E-3},3.0000000000000001E-3,4.7999999999999996E-3,8.2000000000000007E-3]
["3.2","Garantia","G"]
["3.3","Risco","R",{"$f":"E20","v":5.5999999999999999E-3},5.5999999999999999E-3,8.5000000000000006E-3,8.8999999999999999E-3]
[4,"DESPESAS FINANCEIRAS","DF",{"$f":"F21","v":8.5000000000000006E-3},8.5000000000000006E-3,8.5000000000000006E-3,1.11E-2]
[5,"LUCRO","L",5.5E-2,3.5000000000000003E-2,5.11E-2,6.2199999999999998E-2]
[null,"BDI ADOTADO:",null,{"$f":"ROUND(((((1+D11+D17)*(1+D21)*(1+D22))/(1-D12))-1),4)","v":0.1469}]
["Considerações:\nO BDI foi calculado através da seguinte fórmula, regulamentada pelo Acórdão Nº 2622/2013 – TCU.\n\n\n\n"]
{"$rows_empty":23}
[{"$nulls":5},"    "]
{"$rows_empty":124}
[{"$nulls":7},{"$f":"SUM(H174:H177)","v":0}]
[]
[]
[]
[null,null,null,"mec",null,2,128]

{"sheet":"Encargos Sociais","index":17,"n_rows":50,"n_cols":6,"rows_kept":50,"cut":false,"hidden":false,"merged":[[0,0,0,5],[1,0,1,5],[2,0,2,5],[3,0,3,5],[10,0,10,5],[4,1,4,5],[11,0,11,5],[12,2,12,3],[12,4,12,5],[14,0,14,5],[25,0,25,5],[37,0,37,5],[44,0,44,5],[48,0,48,1],[49,0,49,1],[12,0,13,0],[12,1,13,1]]}
["Ministério da Integração e do Desenvolvimento Regional"]
["Companhia de Desenvolvimento dos Vales do São Francisco e do Parnaíba"]
[]
["COMPOSIÇÃO DE ENCARGOS SOCIAIS SOBRE A MÃO DE OBRA"]
[{"$f":"MACAÚBAS!A5","v":"OBRA:"},{"$f":"Resumo!B5","v":"Execução de manutenção e recuperação nas barragens de Macaúbas, Rio da Caixa e Baixão do Cecílio, localizadas no estado da Bahia."}]
[{"$f":"MACAÚBAS!A6","v":"LOCAL:"},{"$f":"Resumo!B6","v":"Barragens da Bahia"}]
[{"$f":"MACAÚBAS!A7","v":"DATA BASE:"},{"$f":"Resumo!B7","v":"2025-09-01"}]
[{"$f":"MACAÚBAS!A8","v":"PRAZO:"},{"$f":"Resumo!B8","v":"90 dias"}]
[]
[]
["Encargos Sociais – Bahia    VIGÊNCIA A PARTIR DE  01/2025"]
["ENCARGOS SOCIAIS SOBRE A MÃO DE OBRA"]
["CÓDIGO","DESCRIÇÃO","COM DESONERAÇÃO",null,"SEM DESONERAÇÃO"]
[null,null,"HORISTA\n%","MENSALISTA\n%","HORISTA\n%","MENSALISTA\n%"]
["GRUPO A"]
["A1","INSS",0.05,0.05,0.2,0.2]
["A2","SESI",1.4999999999999999E-2,1.4999999999999999E-2,1.4999999999999999E-2,1.4999999999999999E-2]
["A3","SENAI",0.01,0.01,0.01,0.01]
["A4","INCRA",2E-3,2E-3,2E-3,2E-3]
["A5","SEBRAE",6.0000000000000001E-3,6.0000000000000001E-3,6.0000000000000001E-3,6.0000000000000001E-3]
["A6","Salário Educação",2.5000000000000001E-2,2.5000000000000001E-2,2.5000000000000001E-2,2.5000000000000001E-2]
["A7","Seguro Contra Acidentes de Trabalho",0.03,0.03,0.03,0.03]
["A8","FGTS",0.08,0.08,0.08,0.08]
["A9","SECONCI",0,0,0,0]
["A","Total",{"$f":"SUM(C16:C24)","v":0.21800000000000003},{"$f":"SUM(D16:D24)","v":0.21800000000000003},{"$f":"SUM(E16:E24)","v":0.36800000000000005},{"$f":"SUM(F16:F24)","v":0.36800000000000005}]
["GRUPO B"]
["B1","Repouso Semanal Remunerado",0.17979999999999999,"Não incide",0.17979999999999999,"Não incide"]
["B2","Feriados",3.9699999999999999E-2,"Não incide",3.9699999999999999E-2,"Não incide"]
["B3","Auxílio - Enfermidade",8.6E-3,6.4999999999999997E-3,8.6E-3,6.4999999999999997E-3]
["B4","13º Salário",0.11070000000000001,8.3299999999999999E-2,0.11070000000000001,8.3299999999999999E-2]
["B5","Licença Paternidade",6.9999999999999999E-4,5.0000000000000001E-4,6.9999999999999999E-4,5.0000000000000001E-4]
["B6","Faltas Justificadas",7.4000000000000003E-3,5.5999999999999999E-3,7.4000000000000003E-3,5.5999999999999999E-3]
["B7","Dias de Chuvas",2.1399999999999999E-2,"Não incide",2.1399999999999999E-2,"Não incide"]
["B8","Auxílio Acidente de Trabalho",1E-3,6.9999999999999999E-4,1E-3,6.9999999999999999E-4]
["B9","Férias Gozadas",0.1192,8.9700000000000002E-2,0.1192,8.9700000000000002E-2]
["B10","Salário Maternidade",2.9999999999999997E-4,2.9999999999999997E-4,2.9999999999999997E-4,2.9999999999999997E-4]
["B","Total",{"$f":"SUM(C27:C36)","v":0.48879999999999996},{"$f":"SUM(D27:D36)","v":0.18660000000000002},{"$f":"SUM(E27:E36)","v":0.48879999999999996},{"$f":"SUM(F27:F36)","v":0.18660000000000002}]
["GRUPO C"]
["C1","Aviso Prévio Indenizado",5.4899999999999997E-2,4.1300000000000003E-2,5.4899999999999997E-2,4.1300000000000003E-2]
["C2","Aviso Prévio Trabalhado",1.2999999999999999E-3,1E-3,1.2999999999999999E-3,1E-3]
["C3","Férias Indenizadas",2.3599999999999999E-2,1.77E-2,2.3599999999999999E-2,1.77E-2]
["C4","Depósito Rescisão Sem Justa Causa",2.9700000000000001E-2,2.24E-2,2.9700000000000001E-2,2.24E-2]
["C5","Indenização Adicional",4.5999999999999999E-3,3.5000000000000001E-3,4.5999999999999999E-3,3.5000000000000001E-3]
["C","Total",{"$f":"SUM(C39:C43)","v":0.11410000000000001},{"$f":"SUM(D39:D43)","v":8.5900000000000004E-2},{"$f":"SUM(E39:E43)","v":0.11410000000000001},{"$f":"SUM(F39:F43)","v":8.5900000000000004E-2}]
["GRUPO D"]
["D1","Reincidência de Grupo A sobre Grupo B",0.10100000000000001,3.6499999999999998E-2,0.1799,6.8699999999999997E-2]
["D2","Reincidência de Grupo A sobre Aviso Prévio Trabalhado e Reincidência do FGTS sobre Aviso\nPrévio Indenizado",4.7000000000000002E-3,3.5000000000000001E-3,4.8999999999999998E-3,3.7000000000000002E-3]
["D","Total",{"$f":"SUM(C46:C47)","v":0.1057},{"$f":"SUM(D46:D47)","v":0.04},{"$f":"SUM(E46:E47)","v":0.18479999999999999},{"$f":"F46+F47","v":7.2399999999999992E-2}]
["TOTAL(A+B+C+D)",null,{"$f":"C25+C37+C44+C48","v":0.92659999999999998},{"$f":"D25+D37+D44+D48","v":0.53050000000000008},{"$f":"E25+E37+E44+E48","v":1.1556999999999999},{"$f":"F25+F37+F44+F48","v":0.71290000000000009}]
["Fonte: Informação Dias de Chuva – INMET"]

{"sheet":"Comp SINAPI BA 07-2025 Onerado","index":18,"n_rows":9733,"n_cols":6,"rows_kept":9733,"cut":false,"hidden":false,"merged":[]}
["SINAPI - Sistema Nacional de Pesquisa de Custos e Índices da Construção Civil"]
["RELATÓRIO DE CUSTOS DE COMPOSIÇÕES - ENCARGOS SOCIAIS SEM DESONERAÇÃO"]
["Mês de Referência:","07/2025",null,"Encargos sociais sobre a mão de obra:"]
["Data de emissão:","12/08/2025",null,"(SEM DESONERAÇÃO)","BA"]
[null,null,null,"Localidade","SALVADOR"]
["Observação:","%AS (porcentagem Atribuído São Paulo) corresponde a porcentagem do custo total da",null,"Horista",1.1556999999999999]
[null,"composição que foi obtida utilizando preços de insumos de São Paulo por indisponibilidade",null,"Mensalista",0.71289999999999998]
[null,"dos preços de insumos necessários à composição no estado em questão. Custo zerado (hífen)"]
[null,"indica que pelo menos um dos itens da composição não tem custo/preço.",null,null,"BA"]
["Grupo","Código da\nComposição","Descrição","Unidade","Custo (R$)","%AS"]
["Acessibilidade",104658,"PISO PODOTÁTIL DE ALERTA OU DIRECIONAL, DE CONCRETO, ASSENTADO SOBRE ARGAMASSA. AF_03/2024","M2",163.93]
["Acessibilidade",105002,"RAMPA DE ACESSIBILIDADE EM CONCRETO MOLDADO IN LOCO, EM CALÇADA NOVA COM LARGURA MAIOR OU IGUAL À 3,00 M, FCK 25MPA, COM PISO PODOTÁTIL. AF_03/2024","UN",799.61]
["Acessibilidade",105004,"RAMPA DE ACESSIBILIDADE EM CONCRETO MOLDADO IN LOCO, EM CALÇADA NOVA COM LARGURA MENOR À 3,00 M, FCK 25MPA, COM PISO PODOTÁTIL. AF_03/2024","M2",136.69999999999999]
["Acessibilidade",105003,"RAMPA DE ACESSIBILIDADE EM CONCRETO MOLDADO IN LOCO, EM CALÇADA PRÉ EXISTENTE COM LARGURA MAIOR OU IGUAL À 3,00 M, FCK 25MPA, COM PISO PODOTÁTIL. AF_03/2024","UN",1335.98]
["Acessibilidade",105005,"RAMPA DE ACESSIBILIDADE EM CONCRETO MOLDADO IN LOCO, EM CALÇADA PRÉ EXISTENTE COM LARGURA MENOR À 3,00 M, FCK 25MPA, COM PISO PODOTÁTIL. AF_03/2024","M2",236.02]
["Acessibilidade",105006,"RAMPA DE ACESSIBILIDADE EM CONCRETO PRÉ MOLDADO, EM CALÇADA NOVA COM LARGURA MAIOR OU IGUAL À 3,00 M, FCK 25MPA, COM PISO PODOTÁTIL. AF_03/2024","UN",0]
["Acessibilidade",104999,"RAMPA DE ACESSIBILIDADE EM CONCRETO PRÉ MOLDADO, EM CALÇADA PRÉ EXISTENTE COM LARGURA MAIOR OU IGUAL À 3,00 M, FCK 25MPA, COM PISO PODOTÁTIL. AF_03/2024","UN",0]
["Acessibilidade",105000,"RAMPA DE ACESSIBILIDADE PARA ACESSO A EDIFICAÇÕES COM INCLINAÇÃO DE 8,33% EM CONCRETO MOLDADO IN LOCO, COM LARGURA DE 1,20M, FCK 25MPA, NÃO ARMADA, COM JUNTA A CADA 2M COM CORTE À SECO. AF_03/2024","M",1510.51]
["Acessibilidade",105001,"RAMPA DE ACESSIBILIDADE PARA ACESSO A EDIFICAÇÕES COM INCLINAÇÃO DE 8,33% EM CONCRETO MOLDADO IN LOCO, COM LARGURA DE 1,50M, FCK 25MPA, NÃO ARMADA, COM JUNTA A CADA 2M COM CORTE À SECO. AF_03/2024","M",1546.23]
["Alvenaria Estrutural - Blocos Cerâmicos",89306,"ALVENARIA ESTRUTURAL DE BLOCOS CERÂMICOS 14X19X29, (ESPESSURA DE 14 CM), UTILIZANDO COLHER DE PEDREIRO E ARGAMASSA DE ASSENTAMENTO COM PREPARO EM BETONEIRA. AF_03/2023","M2",108.83]
["Alvenaria Estrutural - Blocos Cerâmicos",89307,"ALVENARIA ESTRUTURAL DE BLOCOS CERÂMICOS 14X19X29, (ESPESSURA DE 14 CM), UTILIZANDO COLHER DE PEDREIRO E ARGAMASSA DE ASSENTAMENTO COM PREPARO MANUAL. AF_03/2023","M2",109.89]
["Alvenaria Estrutural - Blocos Cerâmicos",89290,"ALVENARIA ESTRUTURAL DE BLOCOS CERÂMICOS 14X19X29, (ESPESSURA DE 14 CM), UTILIZANDO PALHETA E ARGAMASSA DE ASSENTAMENTO COM PREPARO EM BETONEIRA. AF_03/2023","M2",89.51]
["Alvenaria Estrutural - Blocos Cerâmicos",89291,"ALVENARIA ESTRUTURAL DE BLOCOS CERÂMICOS 14X19X29, (ESPESSURA DE 14 CM), UTILIZANDO PALHETA E ARGAMASSA DE ASSENTAMENTO COM PREPARO MANUAL. AF_03/2023","M2",90.3]
["Alvenaria Estrutural - Blocos Cerâmicos",89298,"ALVENARIA ESTRUTURAL DE BLOCOS CERÂMICOS 14X19X39, (ESPESSURA DE 14 CM), UTILIZANDO COLHER DE PEDREIRO E ARGAMASSA DE ASSENTAMENTO COM PREPARO EM BETONEIRA. AF_03/2023","M2",93.82]
["Alvenaria Estrutural - Blocos Cerâmicos",89299,"ALVENARIA ESTRUTURAL DE BLOCOS CERÂMICOS 14X19X39, (ESPESSURA DE 14 CM), UTILIZANDO COLHER DE PEDREIRO E ARGAMASSA DE ASSENTAMENTO COM PREPARO MANUAL. AF_03/2023","M2",94.77]
["Alvenaria Estrutural - Blocos Cerâmicos",89282,"ALVENARIA ESTRUTURAL DE BLOCOS CERÂMICOS 14X19X39, (ESPESSURA DE 14 CM), UTILIZANDO PALHETA E ARGAMASSA DE ASSENTAMENTO COM PREPARO EM BETONEIRA. AF_03/2023","M2",80.13]
["Alvenaria Estrutural - Blocos Cerâmicos",89283,"ALVENARIA ESTRUTURAL DE BLOCOS CERÂMICOS 14X19X39, (ESPESSURA DE 14 CM), UTILIZANDO PALHETA E ARGAMASSA DE ASSENTAMENTO COM PREPARO MANUAL. AF_03/2023","M2",80.84]
["Alvenaria Estrutural - Blocos de Concreto",89480,"ALVENARIA DE BLOCOS DE CONCRETO ESTRUTURAL 14X19X29 CM (ESPESSURA 14 CM), FBK = 14 MPA, UTILIZANDO COLHER DE PEDREIRO. AF_10/2022","M2",149.55000000000001]
["Alvenaria Estrutural - Blocos de Concreto",89464,"ALVENARIA DE BLOCOS DE CONCRETO ESTRUTURAL 14X19X29 CM (ESPESSURA 14 CM), FBK = 14,0 MPA, UTILIZANDO PALHETA. AF_10/2022","M2",126.07]
["Alvenaria Estrutural - Blocos de Concreto",89478,"ALVENARIA DE BLOCOS DE CONCRETO ESTRUTURAL 14X19X29 CM (ESPESSURA 14 CM), FBK = 4,5 MPA, UTILIZANDO COLHER DE PEDREIRO. AF_10/2022","M2",131.4]
["Alvenaria Estrutural - Blocos de Concreto",89462,"ALVENARIA DE BLOCOS DE CONCRETO ESTRUTURAL 14X19X29 CM (ESPESSURA 14 CM), FBK = 4,5 MPA, UTILIZANDO PALHETA. AF_10/2022","M2",108.93]
["Alvenaria Estrutural - Blocos de Concreto",104444,"ALVENARIA DE BLOCOS DE CONCRETO ESTRUTURAL 14X19X29 CM (ESPESSURA 14 CM), FBK = 8 MPA, UTILIZANDO COLHER DE PEDREIRO. AF_10/2022","M2",0]
["Alvenaria Estrutural - Blocos de Concreto",104442,"ALVENARIA DE BLOCOS DE CONCRETO ESTRUTURAL 14X19X29 CM (ESPESSURA 14 CM), FBK = 8 MPA, UTILIZANDO PALHETA. AF_10/2022","M2",0]
["Alvenaria Estrutural - Blocos de Concreto",89472,"ALVENARIA DE BLOCOS DE CONCRETO ESTRUTURAL 14X19X39 CM (ESPESSURA 14 CM), FBK = 14 MPA, UTILIZANDO COLHER DE PEDREIRO. AF_10/2022","M2",111.51]
["Alvenaria Estrutural - Blocos de Concreto",89455,"ALVENARIA DE BLOCOS DE CONCRETO ESTRUTURAL 14X19X39 CM (ESPESSURA 14 CM), FBK = 14 MPA, UTILIZANDO PALHETA. AF_10/2022","M2",96.63]
["Alvenaria Estrutural - Blocos de Concreto",89470,"ALVENARIA DE BLOCOS DE CONCRETO ESTRUTURAL 14X19X39 CM (ESPESSURA 14 CM), FBK = 4,5 MPA, UTILIZANDO COLHER DE PEDREIRO. AF_10/2022","M2",95.11]
["Alvenaria Estrutural - Blocos de Concreto",89453,"ALVENARIA DE BLOCOS DE CONCRETO ESTRUTURAL 14X19X39 CM (ESPESSURA 14 CM), FBK = 4,5 MPA, UTILIZANDO PALHETA. AF_10/2022","M2",81.260000000000005]
["Alvenaria Estrutural - Blocos de Concreto",104443,"ALVENARIA DE BLOCOS DE CONCRETO ESTRUTURAL 14X19X39 CM (ESPESSURA 14 CM), FBK = 8 MPA, UTILIZANDO COLHER DE PEDREIRO. AF_10/2022","M2",0]
["Alvenaria Estrutural - Blocos de Concreto",104441,"ALVENARIA DE BLOCOS DE CONCRETO ESTRUTURAL 14X19X39 CM (ESPESSURA 14 CM), FBK = 8 MPA, UTILIZANDO PALHETA. AF_10/2022","M2",0]
["Alvenaria de Vedação",103354,"ALVENARIA DE VEDAÇÃO DE BLOCOS CERÂMICOS FURADOS NA HORIZONTAL DE 11,5X14X24 CM (ESPESSURA 11,5 CM) E ARGAMASSA DE ASSENTAMENTO COM PREPARO EM BETONEIRA. AF_12/2021","M2",100.63]
["Alvenaria de Vedação",103355,"ALVENARIA DE VEDAÇÃO DE BLOCOS CERÂMICOS FURADOS NA HORIZONTAL DE 11,5X14X24 CM (ESPESSURA 11,5 CM) E ARGAMASSA DE ASSENTAMENTO COM PREPARO MANUAL. AF_12/2021","M2",101.39]
["Alvenaria de Vedação",103330,"ALVENARIA DE VEDAÇÃO DE BLOCOS CERÂMICOS FURADOS NA HORIZONTAL DE 11,5X19X19 CM (ESPESSURA 11,5 CM) E ARGAMASSA DE ASSENTAMENTO COM PREPARO EM BETONEIRA. AF_12/2021","M2",92.7]
["Alvenaria de Vedação",103331,"ALVENARIA DE VEDAÇÃO DE BLOCOS CERÂMICOS FURADOS NA HORIZONTAL DE 11,5X19X19 CM (ESPESSURA 11,5 CM) E ARGAMASSA DE ASSENTAMENTO COM PREPARO MANUAL. AF_12/2021","M2",93.42]
["Alvenaria de Vedação",103358,"ALVENARIA DE VEDAÇÃO DE BLOCOS CERÂMICOS FURADOS NA HORIZONTAL DE 11,5X19X29 CM (ESPESSURA 11,5 CM) E ARGAMASSA DE ASSENTAMENTO COM PREPARO EM BETONEIRA. AF_12/2021","M2",78.19]
["Alvenaria de Vedação",103359,"ALVENARIA DE VEDAÇÃO DE BLOCOS CERÂMICOS FURADOS NA HORIZONTAL DE 11,5X19X29 CM (ESPESSURA 11,5 CM) E ARGAMASSA DE ASSENTAMENTO COM PREPARO MANUAL. AF_12/2021","M2",78.81]
["Alvenaria de Vedação",103366,"ALVENARIA DE VEDAÇÃO DE BLOCOS CERÂMICOS FURADOS NA HORIZONTAL DE 11,5X19X39 CM (ESPESSURA 11,5 CM) E ARGAMASSA DE ASSENTAMENTO COM PREPARO EM BETONEIRA. AF_12/2021","M2",68.19]
["Alvenaria de Vedação",103367,"ALVENARIA DE VEDAÇÃO DE BLOCOS CERÂMICOS FURADOS NA HORIZONTAL DE 11,5X19X39 CM (ESPESSURA 11,5 CM) E ARGAMASSA DE ASSENTAMENTO COM PREPARO MANUAL. AF_12/2021","M2",68.739999999999995]
["Alvenaria de Vedação",103360,"ALVENARIA DE VEDAÇÃO DE BLOCOS CERÂMICOS FURADOS NA HORIZONTAL DE 14X19X29 CM (ESPESSURA 14 CM) E ARGAMASSA DE ASSENTAMENTO COM PREPARO EM BETONEIRA. AF_12/2021","M2",91.69]
["Alvenaria de Vedação",103361,"ALVENARIA DE VEDAÇÃO DE BLOCOS CERÂMICOS FURADOS NA HORIZONTAL DE 14X19X29 CM (ESPESSURA 14 CM) E ARGAMASSA DE ASSENTAMENTO COM PREPARO MANUAL. AF_12/2021","M2",92.47]
["Alvenaria de Vedação",103368,"ALVENARIA DE VEDAÇÃO DE BLOCOS CERÂMICOS FURADOS NA HORIZONTAL DE 14X19X39 CM (ESPESSURA 14 CM) E ARGAMASSA DE ASSENTAMENTO COM PREPARO EM BETONEIRA. AF_12/2021","M2",77.44]
["Alvenaria de Vedação",103369,"ALVENARIA DE VEDAÇÃO DE BLOCOS CERÂMICOS FURADOS NA HORIZONTAL DE 14X19X39 CM (ESPESSURA 14 CM) E ARGAMASSA DE ASSENTAMENTO COM PREPARO MANUAL. AF_12/2021","M2",78.14]
["Alvenaria de Vedação",103334,"ALVENARIA DE VEDAÇÃO DE BLOCOS CERÂMICOS FURADOS NA HORIZONTAL DE 14X9X19 CM (ESPESSURA 14 CM, BLOCO DEITADO) E ARGAMASSA DE ASSENTAMENTO COM PREPARO EM BETONEIRA. AF_12/2021","M2",163.55000000000001]
["Alvenaria de Vedação",103335,"ALVENARIA DE VEDAÇÃO DE BLOCOS CERÂMICOS FURADOS NA HORIZONTAL DE 14X9X19 CM (ESPESSURA 14 CM, BLOCO DEITADO) E ARGAMASSA DE ASSENTAMENTO COM PREPARO MANUAL. AF_12/2021","M2",164.89]
["Alvenaria de Vedação",103362,"ALVENARIA DE VEDAÇÃO DE BLOCOS CERÂMICOS FURADOS NA HORIZONTAL DE 19X19X29 CM (ESPESSURA 19 CM) E ARGAMASSA DE ASSENTAMENTO COM PREPARO EM BETONEIRA. AF_12/2021","M2",110.88]
["Alvenaria de Vedação",103363,"ALVENARIA DE VEDAÇÃO DE BLOCOS CERÂMICOS FURADOS NA HORIZONTAL DE 19X19X29 CM (ESPESSURA 19 CM) E ARGAMASSA DE ASSENTAMENTO COM PREPARO MANUAL. AF_12/2021","M2",111.75]
["Alvenaria de Vedação",103370,"ALVENARIA DE VEDAÇÃO DE BLOCOS CERÂMICOS FURADOS NA HORIZONTAL DE 19X19X39 CM (ESPESSURA 19 CM) E ARGAMASSA DE ASSENTAMENTO COM PREPARO EM BETONEIRA. AF_12/2021","M2",97.35]
["Alvenaria de Vedação",103371,"ALVENARIA DE VEDAÇÃO DE BLOCOS CERÂMICOS FURADOS NA HORIZONTAL DE 19X19X39 CM (ESPESSURA 19 CM) E ARGAMASSA DE ASSENTAMENTO COM PREPARO MANUAL. AF_12/2021","M2",98.14]
["Alvenaria de Vedação",103332,"ALVENARIA DE VEDAÇÃO DE BLOCOS CERÂMICOS FURADOS NA HORIZONTAL DE 9X14X19 CM (ESPESSURA 9 CM) E ARGAMASSA DE ASSENTAMENTO COM PREPARO EM BETONEIRA. AF_12/2021","M2",136.65]
["Alvenaria de Vedação",103333,"ALVENARIA DE VEDAÇÃO DE BLOCOS CERÂMICOS FURADOS NA HORIZONTAL DE 9X14X19 CM (ESPESSURA 9 CM) E ARGAMASSA DE ASSENTAMENTO COM PREPARO MANUAL. AF_12/2021","M2",137.43]
["Alvenaria de Vedação",103352,"ALVENARIA DE VEDAÇÃO DE BLOCOS CERÂMICOS FURADOS NA HORIZONTAL DE 9X14X24 CM (ESPESSURA 9 CM) E ARGAMASSA DE ASSENTAMENTO COM PREPARO EM BETONEIRA. AF_12/2021","M2",117.01]
["Alvenaria de Vedação",103353,"ALVENARIA DE VEDAÇÃO DE BLOCOS CERÂMICOS FURADOS NA HORIZONTAL DE 9X14X24 CM (ESPESSURA 9 CM) E ARGAMASSA DE ASSENTAMENTO COM PREPARO MANUAL. AF_12/2021","M2",117.72]
["Alvenaria de Vedação",103328,"ALVENARIA DE VEDAÇÃO DE BLOCOS CERÂMICOS FURADOS NA HORIZONTAL DE 9X19X19 CM (ESPESSURA 9 CM) E ARGAMASSA DE ASSENTAMENTO COM PREPARO EM BETONEIRA. AF_12/2021","M2",106.93]
["Alvenaria de Vedação",103329,"ALVENARIA DE VEDAÇÃO DE BLOCOS CERÂMICOS FURADOS NA HORIZONTAL DE 9X19X19 CM (ESPESSURA 9 CM) E ARGAMASSA DE ASSENTAMENTO COM PREPARO MANUAL. AF_12/2021","M2",107.6]
["Alvenaria de Vedação",103356,"ALVENARIA DE VEDAÇÃO DE BLOCOS CERÂMICOS FURADOS NA HORIZONTAL DE 9X19X29 CM (ESPESSURA 9 CM) E ARGAMASSA DE ASSENTAMENTO COM PREPARO EM BETONEIRA. AF_12/2021","M2",68.5]
["Alvenaria de Vedação",103357,"ALVENARIA DE VEDAÇÃO DE BLOCOS CERÂMICOS FURADOS NA HORIZONTAL DE 9X19X29 CM (ESPESSURA 9 CM) E ARGAMASSA DE ASSENTAMENTO COM PREPARO MANUAL. AF_12/2021","M2",69.069999999999993]
["Alvenaria de Vedação",103364,"ALVENARIA DE VEDAÇÃO DE BLOCOS CERÂMICOS FURADOS NA HORIZONTAL DE 9X19X39 CM (ESPESSURA 9 CM) E ARGAMASSA DE ASSENTAMENTO COM PREPARO EM BETONEIRA. AF_12/2021","M2",57.08]
["Alvenaria de Vedação",103365,"ALVENARIA DE VEDAÇÃO DE BLOCOS CERÂMICOS FURADOS NA HORIZONTAL DE 9X19X39 CM (ESPESSURA 9 CM) E ARGAMASSA DE ASSENTAMENTO COM PREPARO MANUAL. AF_12/2021","M2",57.27]
["Alvenaria de Vedação",103350,"ALVENARIA DE VEDAÇÃO DE BLOCOS CERÂMICOS FURADOS NA HORIZONTAL DE 9X9X19 CM (ESPESSURA 9 CM) E ARGAMASSA DE ASSENTAMENTO COM PREPARO EM BETONEIRA. AF_12/2021","M2",198.04]
["Alvenaria de Vedação",103351,"ALVENARIA DE VEDAÇÃO DE BLOCOS CERÂMICOS FURADOS NA HORIZONTAL DE 9X9X19 CM (ESPESSURA 9 CM) E ARGAMASSA DE ASSENTAMENTO COM PREPARO MANUAL. AF_12/2021","M2",199.03]
["Alvenaria de Vedação",103344,"ALVENARIA DE VEDAÇÃO DE BLOCOS CERÂMICOS FURADOS NA VERTICAL DE 11,5X19X29 CM (ESPESSURA 11,5 CM) E ARGAMASSA DE ASSENTAMENTO COM PREPARO EM BETONEIRA. AF_12/2021","M2",92.35]
["Alvenaria de Vedação",103345,"ALVENARIA DE VEDAÇÃO DE BLOCOS CERÂMICOS FURADOS NA VERTICAL DE 11,5X19X29 CM (ESPESSURA 11,5 CM) E ARGAMASSA DE ASSENTAMENTO COM PREPARO MANUAL. AF_12/2021","M2",93.24]
["Alvenaria de Vedação",103348,"ALVENARIA DE VEDAÇÃO DE BLOCOS CERÂMICOS FURADOS NA VERTICAL DE 11,5X19X39 CM (ESPESSURA 11,5 CM) E ARGAMASSA DE ASSENTAMENTO COM PREPARO EM BETONEIRA. AF_12/2021","M2",77.81]
["Alvenaria de Vedação",103349,"ALVENARIA DE VEDAÇÃO DE BLOCOS CERÂMICOS FURADOS NA VERTICAL DE 11,5X19X39 CM (ESPESSURA 11,5 CM) E ARGAMASSA DE ASSENTAMENTO COM PREPARO MANUAL. AF_12/2021","M2",78.62]
["Alvenaria de Vedação",103346,"ALVENARIA DE VEDAÇÃO DE BLOCOS CERÂMICOS FURADOS NA VERTICAL DE 14X19X29 CM (ESPESSURA 14 CM) E ARGAMASSA DE ASSENTAMENTO COM PREPARO EM BETONEIRA. AF_12/2021","M2",102.8]
["Alvenaria de Vedação",103347,"ALVENARIA DE VEDAÇÃO DE BLOCOS CERÂMICOS FURADOS NA VERTICAL DE 14X19X29 CM (ESPESSURA 14 CM) E ARGAMASSA DE ASSENTAMENTO COM PREPARO MANUAL. AF_12/2021","M2",103.76]
["Alvenaria de Vedação",103324,"ALVENARIA DE VEDAÇÃO DE BLOCOS CERÂMICOS FURADOS NA VERTICAL DE 14X19X39 CM (ESPESSURA 14 CM) E ARGAMASSA DE ASSENTAMENTO COM PREPARO EM BETONEIRA. AF_12/2021","M2",88.03]
["Alvenaria de Vedação",103325,"ALVENARIA DE VEDAÇÃO DE BLOCOS CERÂMICOS FURADOS NA VERTICAL DE 14X19X39 CM (ESPESSURA 14 CM) E ARGAMASSA DE ASSENTAMENTO COM PREPARO MANUAL. AF_12/2021","M2",88.9]
["Alvenaria de Vedação",103326,"ALVENARIA DE VEDAÇÃO DE BLOCOS CERÂMICOS FURADOS NA VERTICAL DE 19X19X39 CM (ESPESSURA 19 CM) E ARGAMASSA DE ASSENTAMENTO COM PREPARO EM BETONEIRA. AF_12/2021","M2",103.59]
["Alvenaria de Vedação",103327,"ALVENARIA DE VEDAÇÃO DE BLOCOS CERÂMICOS FURADOS NA VERTICAL DE 19X19X39 CM (ESPESSURA 19 CM) E ARGAMASSA DE ASSENTAMENTO COM PREPARO MANUAL. AF_12/2021","M2",104.61]
["Alvenaria de Vedação",103322,"ALVENARIA DE VEDAÇÃO DE BLOCOS CERÂMICOS FURADOS NA VERTICAL DE 9X19X39 CM (ESPESSURA 9 CM) E ARGAMASSA DE ASSENTAMENTO COM PREPARO EM BETONEIRA. AF_12/2021","M2",65.91]
["Alvenaria de Vedação",103323,"ALVENARIA DE VEDAÇÃO DE BLOCOS CERÂMICOS FURADOS NA VERTICAL DE 9X19X39 CM (ESPESSURA 9 CM) E ARGAMASSA DE ASSENTAMENTO COM PREPARO MANUAL. AF_12/2021","M2",66.67]
["Alvenaria de Vedação",103338,"ALVENARIA DE VEDAÇÃO DE BLOCOS VAZADOS DE CONCRETO APARENTE DE 14X19X39 CM (ESPESSURA 14 CM) E ARGAMASSA DE ASSENTAMENTO COM PREPARO EM BETONEIRA. AF_12/2021","M2",112.48]
["Alvenaria de Vedação",103339,"ALVENARIA DE VEDAÇÃO DE BLOCOS VAZADOS DE CONCRETO APARENTE DE 14X19X39 CM (ESPESSURA 14 CM) E ARGAMASSA DE ASSENTAMENTO COM PREPARO MANUAL. AF_12/2021","M2",113.23]
["Alvenaria de Vedação",103340,"ALVENARIA DE VEDAÇÃO DE BLOCOS VAZADOS DE CONCRETO APARENTE DE 19X19X39 CM (ESPESSURA 19 CM) E ARGAMASSA DE ASSENTAMENTO COM PREPARO EM BETONEIRA. AF_12/2021","M2",134.82]
["Alvenaria de Vedação",103341,"ALVENARIA DE VEDAÇÃO DE BLOCOS VAZADOS DE CONCRETO APARENTE DE 19X19X39 CM (ESPESSURA 19 CM) E ARGAMASSA DE ASSENTAMENTO COM PREPARO MANUAL. AF_12/2021","M2",135.76]
["Alvenaria de Vedação",103336,"ALVENARIA DE VEDAÇÃO DE BLOCOS VAZADOS DE CONCRETO APARENTE DE 9X19X39 CM (ESPESSURA 9 CM) E ARGAMASSA DE ASSENTAMENTO COM PREPARO EM BETONEIRA. AF_12/2021","M2",85.27]
["Alvenaria de Vedação",103337,"ALVENARIA DE VEDAÇÃO DE BLOCOS VAZADOS DE CONCRETO APARENTE DE 9X19X39 CM (ESPESSURA 9 CM) E ARGAMASSA DE ASSENTAMENTO COM PREPARO MANUAL. AF_12/2021","M2",85.91]
["Alvenaria de Vedação",103342,"ALVENARIA DE VEDAÇÃO DE BLOCOS VAZADOS DE CONCRETO DE 14X19X29 CM (ESPESSURA 14 CM) E ARGAMASSA DE ASSENTAMENTO COM PREPARO EM BETONEIRA. AF_12/2021","M2",112.73]
["Alvenaria de Vedação",103343,"ALVENARIA DE VEDAÇÃO DE BLOCOS VAZADOS DE CONCRETO DE 14X19X29 CM (ESPESSURA 14 CM) E ARGAMASSA DE ASSENTAMENTO COM PREPARO MANUAL. AF_12/2021","M2",113.56]
["Alvenaria de Vedação",103318,"ALVENARIA DE VEDAÇÃO DE BLOCOS VAZADOS DE CONCRETO DE 14X19X39 CM (ESPESSURA 14 CM) E ARGAMASSA DE ASSENTAMENTO COM PREPARO EM BETONEIRA. AF_12/2021","M2",97.14]
["Alvenaria de Vedação",103319,"ALVENARIA DE VEDAÇÃO DE BLOCOS VAZADOS DE CONCRETO DE 14X19X39 CM (ESPESSURA 14 CM) E ARGAMASSA DE ASSENTAMENTO COM PREPARO MANUAL. AF_12/2021","M2",97.89]
["Alvenaria de Vedação",103320,"ALVENARIA DE VEDAÇÃO DE BLOCOS VAZADOS DE CONCRETO DE 19X19X39 CM (ESPESSURA 19 CM) E ARGAMASSA DE ASSENTAMENTO COM PREPARO EM BETONEIRA. AF_12/2021","M2",115.87]
["Alvenaria de Vedação",103321,"ALVENARIA DE VEDAÇÃO DE BLOCOS VAZADOS DE CONCRETO DE 19X19X39 CM (ESPESSURA 19 CM) E ARGAMASSA DE ASSENTAMENTO COM PREPARO MANUAL. AF_12/2021","M2",116.81]
["Alvenaria de Vedação",103316,"ALVENARIA DE VEDAÇÃO DE BLOCOS VAZADOS DE CONCRETO DE 9X19X39 CM (ESPESSURA 9 CM) E ARGAMASSA DE ASSENTAMENTO COM PREPARO EM BETONEIRA. AF_12/2021","M2",74.53]
["Alvenaria de Vedação",103317,"ALVENARIA DE VEDAÇÃO DE BLOCOS VAZADOS DE CONCRETO DE 9X19X39 CM (ESPESSURA 9 CM) E ARGAMASSA DE ASSENTAMENTO COM PREPARO MANUAL. AF_12/2021","M2",75.17]
["Alvenarias Diversas",101166,"ALVENARIA DE EMBASAMENTO COM BLOCO ESTRUTURAL DE CERÂMICA, DE 14X19X29CM E ARGAMASSA DE ASSENTAMENTO COM PREPARO EM BETONEIRA. AF_05/2020","M3",749.51]
["Alvenarias Diversas",101165,"ALVENARIA DE EMBASAMENTO COM BLOCO ESTRUTURAL DE CONCRETO, DE 14X19X29CM E ARGAMASSA DE ASSENTAMENTO COM PREPARO EM BETONEIRA. AF_05/2020","M3",975.38]
["Alvenarias Diversas",101163,"ALVENARIA DE VEDAÇÃO COM BLOCO DE VIDRO VAZADO, TIPO VENEZIANA, DE 6X20X20CM E ARGAMASSA DE ASSENTAMENTO COM PREPARO EM BETONEIRA. AF_05/2020","M2",930.42]
["Alvenarias Diversas",101164,"ALVENARIA DE VEDAÇÃO COM BLOCO DE VIDRO, TIPO CANELADO, DE 8X19X19CM E ARGAMASSA DE ASSENTAMENTO COM PREPARO EM BETONEIRA. AF_05/2020","M2",944.55]
["Alvenarias Diversas",101162,"ALVENARIA DE VEDAÇÃO COM ELEMENTO VAZADO DE CERÂMICA (COBOGÓ) DE 7X20X20CM E ARGAMASSA DE ASSENTAMENTO COM PREPARO EM BETONEIRA. AF_05/2020","M2",174.18]
["Alvenarias Diversas",101161,"ALVENARIA DE VEDAÇÃO COM ELEMENTO VAZADO DE CONCRETO (COBOGÓ) DE 7X50X50CM E ARGAMASSA DE ASSENTAMENTO COM PREPARO EM BETONEIRA. AF_05/2020","M2",214.1]
["Alvenarias Diversas",101160,"ALVENARIA DE VEDAÇÃO DE BLOCO DE SOLO-CIMENTO (TIJOLO ECOLÓGICO) DE 7X15X30CM (ESPESSURA 15CM). AF_05/2020","M2",0]
["Alvenarias Diversas",101159,"ALVENARIA DE VEDAÇÃO DE BLOCOS CERÂMICOS MACIÇOS DE 5X10X20CM (ESPESSURA 10CM) E ARGAMASSA DE ASSENTAMENTO COM PREPARO EM BETONEIRA. AF_05/2020","M2",155.06]
["Alvenarias Diversas",101154,"ALVENARIA DE VEDAÇÃO DE BLOCOS DE CONCRETO CELULAR DE 10X30X60CM (ESPESSURA 10CM) E ARGAMASSA DE ASSENTAMENTO COM PREPARO EM BETONEIRA. AF_05/2020","M2",138.03]
["Alvenarias Diversas",101155,"ALVENARIA DE VEDAÇÃO DE BLOCOS DE CONCRETO CELULAR DE 15X30X60CM (ESPESSURA 15CM) E ARGAMASSA DE ASSENTAMENTO COM PREPARO EM BETONEIRA. AF_05/2020","M2",192.3]
["Alvenarias Diversas",101156,"ALVENARIA DE VEDAÇÃO DE BLOCOS DE CONCRETO CELULAR DE 20X30X60CM (ESPESSURA 20CM) E ARGAMASSA DE ASSENTAMENTO COM PREPARO EM BETONEIRA. AF_05/2020","M2",280.52999999999997]
["Alvenarias Diversas",101158,"ALVENARIA DE VEDAÇÃO DE BLOCOS DE GESSO DE 10X50X66CM (ESPESSURA 10CM). AF_05/2020","M2",84.02]
["Alvenarias Diversas",101157,"ALVENARIA DE VEDAÇÃO DE BLOCOS DE GESSO DE 7X50X66CM (ESPESSURA 7CM). AF_05/2020","M2",64.72]
["Argamassas",87382,"ARGAMASSA INDUSTRIALIZADA MULTIUSO PARA REVESTIMENTOS E ASSENTAMENTO DA ALVENARIA, PREPARO COM MISTURADOR DE EIXO HORIZONTAL DE 160 KG. AF_08/2019","M3",1881.97]
["Argamassas",87383,"ARGAMASSA INDUSTRIALIZADA MULTIUSO PARA REVESTIMENTOS E ASSENTAMENTO DA ALVENARIA, PREPARO COM MISTURADOR DE EIXO HORIZONTAL DE 300 KG. AF_08/2019","M3",1859.79]
["Argamassas",87384,"ARGAMASSA INDUSTRIALIZADA MULTIUSO PARA REVESTIMENTOS E ASSENTAMENTO DA ALVENARIA, PREPARO COM MISTURADOR DE EIXO HORIZONTAL DE 600 KG. AF_08/2019","M3",1827.48]
["Argamassas",87398,"ARGAMASSA INDUSTRIALIZADA MULTIUSO PARA REVESTIMENTOS E ASSENTAMENTO DA ALVENARIA, PREPARO MANUAL. AF_08/2019","M3",2045.61]
["Argamassas",87395,"ARGAMASSA INDUSTRIALIZADA PARA CHAPISCO COLANTE, PREPARO COM MISTURADOR DE EIXO HORIZONTAL DE 160 KG. AF_08/2019","M3",3629.39]
["Argamassas",87396,"ARGAMASSA INDUSTRIALIZADA PARA CHAPISCO COLANTE, PREPARO COM MISTURADOR DE EIXO HORIZONTAL DE 300 KG. AF_08/2019","M3",3629.99]
["Argamassas",87397,"ARGAMASSA INDUSTRIALIZADA PARA CHAPISCO COLANTE, PREPARO COM MISTURADOR DE EIXO HORIZONTAL DE 600 KG. AF_08/2019","M3",3622.14]
["Argamassas",87402,"ARGAMASSA INDUSTRIALIZADA PARA CHAPISCO COLANTE, PREPARO MANUAL. AF_08/2019","M3",3835.9]
["Argamassas",87391,"ARGAMASSA INDUSTRIALIZADA PARA CHAPISCO ROLADO, PREPARO COM MISTURADOR DE EIXO HORIZONTAL DE 160 KG. AF_08/2019","M3",5701.66]
["Argamassas",87393,"ARGAMASSA INDUSTRIALIZADA PARA CHAPISCO ROLADO, PREPARO COM MISTURADOR DE EIXO HORIZONTAL DE 300 KG. AF_08/2019","M3",5730.1]
["Argamassas",87394,"ARGAMASSA INDUSTRIALIZADA PARA CHAPISCO ROLADO, PREPARO COM MISTURADOR DE EIXO HORIZONTAL DE 600 KG. AF_08/2019","M3",5748.83]
["Argamassas",87401,"ARGAMASSA INDUSTRIALIZADA PARA CHAPISCO ROLADO, PREPARO MANUAL. AF_08/2019","M3",5950.6]
["Argamassas",87407,"ARGAMASSA INDUSTRIALIZADA PARA REVESTIMENTOS, MISTURA E PROJEÇÃO DE 1,5 M³/H DE ARGAMASSA. AF_08/2019","M3",1917.18]
["Argamassas",87408,"ARGAMASSA INDUSTRIALIZADA PARA REVESTIMENTOS, MISTURA E PROJEÇÃO DE 2 M³/H DE ARGAMASSA. AF_08/2019","M3",1884.38]
["Argamassas",87404,"ARGAMASSA PARA REVESTIMENTO DECORATIVO MONOCAMADA (MONOCAPA), MISTURA E PROJEÇÃO DE 1,5 M3/H DE ARGAMASSA. AF_08/2019","M3",5343.65]
["Argamassas",87405,"ARGAMASSA PARA REVESTIMENTO DECORATIVO MONOCAMADA (MONOCAPA), MISTURA E PROJEÇÃO DE 2 M3/H DE ARGAMASSA. AF_08/2019","M3",5325.48]
["Argamassas",87388,"ARGAMASSA PARA REVESTIMENTO DECORATIVO MONOCAMADA (MONOCAPA), PREPARO COM MISTURADOR DE EIXO HORIZONTAL DE 160 KG. AF_08/2019","M3",5107.74]
["Argamassas",87389,"ARGAMASSA PARA REVESTIMENTO DECORATIVO MONOCAMADA (MONOCAPA), PREPARO COM MISTURADOR DE EIXO HORIZONTAL DE 300 KG. AF_08/2019","M3",5107.3500000000004]
["Argamassas",87390,"ARGAMASSA PARA REVESTIMENTO DECORATIVO MONOCAMADA (MONOCAPA), PREPARO COM MISTURADOR DE EIXO HORIZONTAL DE 600 KG. AF_08/2019","M3",5108.91]
["Argamassas",87385,"ARGAMASSA PRONTA PARA CONTRAPISO, PREPARO COM MISTURADOR DE EIXO HORIZONTAL DE 160 KG. AF_08/2019","M3",2208.85]
["Argamassas",87386,"ARGAMASSA PRONTA PARA CONTRAPISO, PREPARO COM MISTURADOR DE EIXO HORIZONTAL DE 300 KG. AF_08/2019","M3",2175.34]
["Argamassas",87387,"ARGAMASSA PRONTA PARA CONTRAPISO, PREPARO COM MISTURADOR DE EIXO HORIZONTAL DE 600 KG. AF_08/2019","M3",2142.46]
["Argamassas",87399,"ARGAMASSA PRONTA PARA CONTRAPISO, PREPARO MANUAL. AF_08/2019","M3",2362.52]
["Argamassas",88627,"ARGAMASSA TRAÇO 1:0,5:4,5 (EM VOLUME DE CIMENTO, CAL E AREIA MÉDIA ÚMIDA) PARA ASSENTAMENTO DE ALVENARIA, PREPARO MANUAL. AF_08/2019","M3",759.2]
["Argamassas",100463,"ARGAMASSA TRAÇO 1:0,5:4,5 (EM VOLUME DE CIMENTO, CAL E AREIA MÉDIA ÚMIDA), PREPARO MECÂNICO COM BETONEIRA 250 L. AF_08/2019","M3",0]
["Argamassas",88626,"ARGAMASSA TRAÇO 1:0,5:4,5 (EM VOLUME DE CIMENTO, CAL E AREIA MÉDIA ÚMIDA), PREPARO MECÂNICO COM BETONEIRA 400 L. AF_08/2019","M3",706.32]
["Argamassas",100488,"ARGAMASSA TRAÇO 1:0,5:4,5 (EM VOLUME DE CIMENTO, CAL E AREIA MÉDIA ÚMIDA), PREPARO MECÂNICO COM BETONEIRA 600 L. AF_08/2019","M3",674.71]
["Argamassas",100464,"ARGAMASSA TRAÇO 1:0,5:4,5 (EM VOLUME DE CIMENTO, CAL E AREIA MÉDIA ÚMIDA), PREPARO MECÂNICO COM MISTURADOR DE EIXO HORIZONTAL DE 160 KG. AF_08/2019","M3",757.08]
["Argamassas",100465,"ARGAMASSA TRAÇO 1:0,5:4,5 (EM VOLUME DE CIMENTO, CAL E AREIA MÉDIA ÚMIDA), PREPARO MECÂNICO COM MISTURADOR DE EIXO HORIZONTAL DE 300 KG. AF_08/2019","M3",685.69]
["Argamassas",100466,"ARGAMASSA TRAÇO 1:0,5:4,5 (EM VOLUME DE CIMENTO, CAL E AREIA MÉDIA ÚMIDA), PREPARO MECÂNICO COM MISTURADOR DE EIXO HORIZONTAL DE 600 KG. AF_08/2019","M3",641.33000000000004]
["Argamassas",87368,"ARGAMASSA TRAÇO 1:1,5:7,5 (EM VOLUME DE CIMENTO, CAL E AREIA MÉDIA ÚMIDA) PARA EMBOÇO/MASSA ÚNICA/ASSENTAMENTO DE ALVENARIA DE VEDAÇÃO, PREPARO MANUAL. AF_08/2019","M3",816.71]
["Argamassas",100450,"ARGAMASSA TRAÇO 1:1,5:7,5 (EM VOLUME DE CIMENTO, CAL E AREIA MÉDIA ÚMIDA) PARA EMBOÇO/MASSA ÚNICA/ASSENTAMENTO DE ALVENARIA DE VEDAÇÃO, PREPARO MECÂNICO COM BETONEIRA 250 L. AF_08/2019","M3",0]
["Argamassas",87289,"ARGAMASSA TRAÇO 1:1,5:7,5 (EM VOLUME DE CIMENTO, CAL E AREIA MÉDIA ÚMIDA) PARA EMBOÇO/MASSA ÚNICA/ASSENTAMENTO DE ALVENARIA DE VEDAÇÃO, PREPARO MECÂNICO COM BETONEIRA 400 L. AF_08/2019","M3",752.39]
["Argamassas",87290,"ARGAMASSA TRAÇO 1:1,5:7,5 (EM VOLUME DE CIMENTO, CAL E AREIA MÉDIA ÚMIDA) PARA EMBOÇO/MASSA ÚNICA/ASSENTAMENTO DE ALVENARIA DE VEDAÇÃO, PREPARO MECÂNICO COM BETONEIRA 600 L. AF_08/2019","M3",718.77]
["Argamassas",87333,"ARGAMASSA TRAÇO 1:1,5:7,5 (EM VOLUME DE CIMENTO, CAL E AREIA MÉDIA ÚMIDA) PARA EMBOÇO/MASSA ÚNICA/ASSENTAMENTO DE ALVENARIA DE VEDAÇÃO, PREPARO MECÂNICO COM MISTURADOR DE EIXO HORIZONTAL DE 300 KG. AF_08/2019","M3",763.51]
["Argamassas",87334,"ARGAMASSA TRAÇO 1:1,5:7,5 (EM VOLUME DE CIMENTO, CAL E AREIA MÉDIA ÚMIDA) PARA EMBOÇO/MASSA ÚNICA/ASSENTAMENTO DE ALVENARIA DE VEDAÇÃO, PREPARO MECÂNICO COM MISTURADOR DE EIXO HORIZONTAL DE 600 KG. AF_08/2019","M3",685.53]
["Argamassas",105515,"ARGAMASSA TRAÇO 1:1,93 (EM VOLUME DE CIMENTO E AREIA MÉDIA ÚMIDA), FCK 20MPA, PREPARO MECÂNICO COM MISTURADOR DUPLO HORIZONTAL DE ALTA TURBULÊNCIA. AF_03/2020","M3",956.43]
["Argamassas",87367,"ARGAMASSA TRAÇO 1:1:6 (EM VOLUME DE CIMENTO, CAL E AREIA MÉDIA ÚMIDA) PARA EMBOÇO/MASSA ÚNICA/ASSENTAMENTO DE ALVENARIA DE VEDAÇÃO, PREPARO MANUAL. AF_08/2019","M3",823.56]
["Argamassas",100449,"ARGAMASSA TRAÇO 1:1:6 (EM VOLUME DE CIMENTO, CAL E AREIA MÉDIA ÚMIDA) PARA EMBOÇO/MASSA ÚNICA/ASSENTAMENTO DE ALVENARIA DE VEDAÇÃO, PREPARO MECÂNICO COM BETONEIRA 250 L. AF_08/2019","M3",0]
["Argamassas",87286,"ARGAMASSA TRAÇO 1:1:6 (EM VOLUME DE CIMENTO, CAL E AREIA MÉDIA ÚMIDA) PARA EMBOÇO/MASSA ÚNICA/ASSENTAMENTO DE ALVENARIA DE VEDAÇÃO, PREPARO MECÂNICO COM BETONEIRA 400 L. AF_08/2019","M3",768.26]
["Argamassas",87287,"ARGAMASSA TRAÇO 1:1:6 (EM VOLUME DE CIMENTO, CAL E AREIA MÉDIA ÚMIDA) PARA EMBOÇO/MASSA ÚNICA/ASSENTAMENTO DE ALVENARIA DE VEDAÇÃO, PREPARO MECÂNICO COM BETONEIRA 600 L. AF_08/2019","M3",716.46]
["Argamassas",87331,"ARGAMASSA TRAÇO 1:1:6 (EM VOLUME DE CIMENTO, CAL E AREIA MÉDIA ÚMIDA) PARA EMBOÇO/MASSA ÚNICA/ASSENTAMENTO DE ALVENARIA DE VEDAÇÃO, PREPARO MECÂNICO COM MISTURADOR DE EIXO HORIZONTAL DE 300 KG. AF_08/2019","M3",808.77]
["Argamassas",87332,"ARGAMASSA TRAÇO 1:1:6 (EM VOLUME DE CIMENTO, CAL E AREIA MÉDIA ÚMIDA) PARA EMBOÇO/MASSA ÚNICA/ASSENTAMENTO DE ALVENARIA DE VEDAÇÃO, PREPARO MECÂNICO COM MISTURADOR DE EIXO HORIZONTAL DE 600 KG. AF_08/2019","M3",686.56]
["Argamassas",87369,"ARGAMASSA TRAÇO 1:2:8 (EM VOLUME DE CIMENTO, CAL E AREIA MÉDIA ÚMIDA) PARA EMBOÇO/MASSA ÚNICA/ASSENTAMENTO DE ALVENARIA DE VEDAÇÃO, PREPARO MANUAL. AF_08/2019","M3",845.82]
["Argamassas",100451,"ARGAMASSA TRAÇO 1:2:8 (EM VOLUME DE CIMENTO, CAL E AREIA MÉDIA ÚMIDA) PARA EMBOÇO/MASSA ÚNICA/ASSENTAMENTO DE ALVENARIA DE VEDAÇÃO, PREPARO MECÂNICO COM BETONEIRA 250 L. AF_08/2019","M3",0]
["Argamassas",87292,"ARGAMASSA TRAÇO 1:2:8 (EM VOLUME DE CIMENTO, CAL E AREIA MÉDIA ÚMIDA) PARA EMBOÇO/MASSA ÚNICA/ASSENTAMENTO DE ALVENARIA DE VEDAÇÃO, PREPARO MECÂNICO COM BETONEIRA 400 L. AF_08/2019","M3",772.19]
["Argamassas",87335,"ARGAMASSA TRAÇO 1:2:8 (EM VOLUME DE CIMENTO, CAL E AREIA MÉDIA ÚMIDA) PARA EMBOÇO/MASSA ÚNICA/ASSENTAMENTO DE ALVENARIA DE VEDAÇÃO, PREPARO MECÂNICO COM MISTURADOR DE EIXO HORIZONTAL DE 300 KG. AF_08/2019","M3",749.35]
["Argamassas",87336,"ARGAMASSA TRAÇO 1:2:8 (EM VOLUME DE CIMENTO, CAL E AREIA MÉDIA ÚMIDA) PARA EMBOÇO/MASSA ÚNICA/ASSENTAMENTO DE ALVENARIA DE VEDAÇÃO, PREPARO MECÂNICO COM MISTURADOR DE EIXO HORIZONTAL DE 600 KG. AF_08/2019","M3",713.92]
["Argamassas",87370,"ARGAMASSA TRAÇO 1:2:9 (EM VOLUME DE CIMENTO, CAL E AREIA MÉDIA ÚMIDA) PARA EMBOÇO/MASSA ÚNICA/ASSENTAMENTO DE ALVENARIA DE VEDAÇÃO, PREPARO MANUAL. AF_08/2019","M3",814.63]
["Argamassas",100452,"ARGAMASSA TRAÇO 1:2:9 (EM VOLUME DE CIMENTO, CAL E AREIA MÉDIA ÚMIDA) PARA EMBOÇO/MASSA ÚNICA/ASSENTAMENTO DE ALVENARIA DE VEDAÇÃO, PREPARO MECÂNICO COM BETONEIRA 250 L. AF_08/2019","M3",0]
["Argamassas",88715,"ARGAMASSA TRAÇO 1:2:9 (EM VOLUME DE CIMENTO, CAL E AREIA MÉDIA ÚMIDA) PARA EMBOÇO/MASSA ÚNICA/ASSENTAMENTO DE ALVENARIA DE VEDAÇÃO, PREPARO MECÂNICO COM BETONEIRA 400 L. AF_08/2019","M3",729.59]
["Argamassas",87294,"ARGAMASSA TRAÇO 1:2:9 (EM VOLUME DE CIMENTO, CAL E AREIA MÉDIA ÚMIDA) PARA EMBOÇO/MASSA ÚNICA/ASSENTAMENTO DE ALVENARIA DE VEDAÇÃO, PREPARO MECÂNICO COM BETONEIRA 600 L. AF_08/2019","M3",725.62]
["Argamassas",87337,"ARGAMASSA TRAÇO 1:2:9 (EM VOLUME DE CIMENTO, CAL E AREIA MÉDIA ÚMIDA) PARA EMBOÇO/MASSA ÚNICA/ASSENTAMENTO DE ALVENARIA DE VEDAÇÃO, PREPARO MECÂNICO COM MISTURADOR DE EIXO HORIZONTAL DE 300 KG. AF_08/2019","M3",746.97]
["Argamassas",100487,"ARGAMASSA TRAÇO 1:2:9 (EM VOLUME DE CIMENTO, CAL E AREIA MÉDIA ÚMIDA) PARA EMBOÇO/MASSA ÚNICA/ASSENTAMENTO DE ALVENARIA DE VEDAÇÃO, PREPARO MECÂNICO COM MISTURADOR DE EIXO HORIZONTAL DE 600 KG. AF_08/2019","M3",676.34]
["Argamassas",87380,"ARGAMASSA TRAÇO 1:3 (EM VOLUME DE CIMENTO E AREIA GROSSA ÚMIDA) COM ADIÇÃO DE EMULSÃO POLIMÉRICA PARA CHAPISCO ROLADO, PREPARO MANUAL. AF_08/2019","M3",3923.89]
["Argamassas",100461,"ARGAMASSA TRAÇO 1:3 (EM VOLUME DE CIMENTO E AREIA GROSSA ÚMIDA) COM ADIÇÃO DE EMULSÃO POLIMÉRICA PARA CHAPISCO ROLADO, PREPARO MECÂNICO COM BETONEIRA 250 L. AF_08/2019","M3",0]
["Argamassas",87322,"ARGAMASSA TRAÇO 1:3 (EM VOLUME DE CIMENTO E AREIA GROSSA ÚMIDA) COM ADIÇÃO DE EMULSÃO POLIMÉRICA PARA CHAPISCO ROLADO, PREPARO MECÂNICO COM BETONEIRA 400 L. AF_08/2019","M3",3886.66]
["Argamassas",87323,"ARGAMASSA TRAÇO 1:3 (EM VOLUME DE CIMENTO E AREIA GROSSA ÚMIDA) COM ADIÇÃO DE EMULSÃO POLIMÉRICA PARA CHAPISCO ROLADO, PREPARO MECÂNICO COM BETONEIRA 600 L. AF_08/2019","M3",3858.12]
["Argamassas",87360,"ARGAMASSA TRAÇO 1:3 (EM VOLUME DE CIMENTO E AREIA GROSSA ÚMIDA) COM ADIÇÃO DE EMULSÃO POLIMÉRICA PARA CHAPISCO ROLADO, PREPARO MECÂNICO COM MISTURADOR DE EIXO HORIZONTAL DE 160 KG. AF_08/2019","M3",3883.51]
["Argamassas",87361,"ARGAMASSA TRAÇO 1:3 (EM VOLUME DE CIMENTO E AREIA GROSSA ÚMIDA) COM ADIÇÃO DE EMULSÃO POLIMÉRICA PARA CHAPISCO ROLADO, PREPARO MECÂNICO COM MISTURADOR DE EIXO HORIZONTAL DE 300 KG. AF_08/2019","M3",3789.33]
["Argamassas",87362,"ARGAMASSA TRAÇO 1:3 (EM VOLUME DE CIMENTO E AREIA GROSSA ÚMIDA) COM ADIÇÃO DE EMULSÃO POLIMÉRICA PARA CHAPISCO ROLADO, PREPARO MECÂNICO COM MISTURADOR DE EIXO HORIZONTAL DE 600 KG. AF_08/2019","M3",3760.64]
["Argamassas",87377,"ARGAMASSA TRAÇO 1:3 (EM VOLUME DE CIMENTO E AREIA GROSSA ÚMIDA) PARA CHAPISCO CONVENCIONAL, PREPARO MANUAL. AF_08/2019","M3",739.87]
["Argamassas",100458,"ARGAMASSA TRAÇO 1:3 (EM VOLUME DE CIMENTO E AREIA GROSSA ÚMIDA) PARA CHAPISCO CONVENCIONAL, PREPARO MECÂNICO COM BETONEIRA 250 L. AF_08/2019","M3",0]
["Argamassas",87313,"ARGAMASSA TRAÇO 1:3 (EM VOLUME DE CIMENTO E AREIA GROSSA ÚMIDA) PARA CHAPISCO CONVENCIONAL, PREPARO MECÂNICO COM BETONEIRA 400 L. AF_08/2019","M3",655.20000000000005]
["Argamassas",87314,"ARGAMASSA TRAÇO 1:3 (EM VOLUME DE CIMENTO E AREIA GROSSA ÚMIDA) PARA CHAPISCO CONVENCIONAL, PREPARO MECÂNICO COM BETONEIRA 600 L. AF_08/2019","M3",625.20000000000005]
["Argamassas",87352,"ARGAMASSA TRAÇO 1:3 (EM VOLUME DE CIMENTO E AREIA GROSSA ÚMIDA) PARA CHAPISCO CONVENCIONAL, PREPARO MECÂNICO COM MISTURADOR DE EIXO HORIZONTAL DE 160 KG. AF_08/2019","M3",806.9]
["Argamassas",87353,"ARGAMASSA TRAÇO 1:3 (EM VOLUME DE CIMENTO E AREIA GROSSA ÚMIDA) PARA CHAPISCO CONVENCIONAL, PREPARO MECÂNICO COM MISTURADOR DE EIXO HORIZONTAL DE 300 KG. AF_08/2019","M3",667.15]
["Argamassas",87354,"ARGAMASSA TRAÇO 1:3 (EM VOLUME DE CIMENTO E AREIA GROSSA ÚMIDA) PARA CHAPISCO CONVENCIONAL, PREPARO MECÂNICO COM MISTURADOR DE EIXO HORIZONTAL DE 600 KG. AF_08/2019","M3",593.91]
["Argamassas",100480,"ARGAMASSA TRAÇO 1:3 (EM VOLUME DE CIMENTO E AREIA MÉDIA ÚMIDA) COM ADIÇÃO DE IMPERMEABILIZANTE, PREPARO MANUAL. AF_08/2019","M3",891.06]
["Argamassas",100476,"ARGAMASSA TRAÇO 1:3 (EM VOLUME DE CIMENTO E AREIA MÉDIA ÚMIDA) COM ADIÇÃO DE IMPERMEABILIZANTE, PREPARO MECÂNICO COM BETONEIRA 250 L. AF_08/2019","M3",0]
["Argamassas",100475,"ARGAMASSA TRAÇO 1:3 (EM VOLUME DE CIMENTO E AREIA MÉDIA ÚMIDA) COM ADIÇÃO DE IMPERMEABILIZANTE, PREPARO MECÂNICO COM BETONEIRA 400 L. AF_08/2019","M3",831.28]
["Argamassas",100491,"ARGAMASSA TRAÇO 1:3 (EM VOLUME DE CIMENTO E AREIA MÉDIA ÚMIDA) COM ADIÇÃO DE IMPERMEABILIZANTE, PREPARO MECÂNICO COM BETONEIRA 600 L. AF_08/2019","M3",813.54]
["Argamassas",100477,"ARGAMASSA TRAÇO 1:3 (EM VOLUME DE CIMENTO E AREIA MÉDIA ÚMIDA) COM ADIÇÃO DE IMPERMEABILIZANTE, PREPARO MECÂNICO COM MISTURADOR DE EIXO HORIZONTAL DE 160 KG. AF_08/2019","M3",955.07]
["Argamassas",100478,"ARGAMASSA TRAÇO 1:3 (EM VOLUME DE CIMENTO E AREIA MÉDIA ÚMIDA) COM ADIÇÃO DE IMPERMEABILIZANTE, PREPARO MECÂNICO COM MISTURADOR DE EIXO HORIZONTAL DE 300 KG. AF_08/2019","M3",814.29]
["Argamassas",100479,"ARGAMASSA TRAÇO 1:3 (EM VOLUME DE CIMENTO E AREIA MÉDIA ÚMIDA) COM ADIÇÃO DE IMPERMEABILIZANTE, PREPARO MECÂNICO COM MISTURADOR DE EIXO HORIZONTAL DE 600 KG. AF_08/2019","M3",773.23]
["Argamassas",87372,"ARGAMASSA TRAÇO 1:3 (EM VOLUME DE CIMENTO E AREIA MÉDIA ÚMIDA) PARA CONTRAPISO, PREPARO MANUAL. AF_08/2019","M3",909.66]
["Argamassas",100453,"ARGAMASSA TRAÇO 1:3 (EM VOLUME DE CIMENTO E AREIA MÉDIA ÚMIDA) PARA CONTRAPISO, PREPARO MECÂNICO COM BETONEIRA 250 L. AF_08/2019","M3",0]
["Argamassas",87298,"ARGAMASSA TRAÇO 1:3 (EM VOLUME DE CIMENTO E AREIA MÉDIA ÚMIDA) PARA CONTRAPISO, PREPARO MECÂNICO COM BETONEIRA 400 L. AF_08/2019","M3",820.07]
["Argamassas",87299,"ARGAMASSA TRAÇO 1:3 (EM VOLUME DE CIMENTO E AREIA MÉDIA ÚMIDA) PARA CONTRAPISO, PREPARO MECÂNICO COM BETONEIRA 600 L. AF_08/2019","M3",559.16999999999996]
["Argamassas",87339,"ARGAMASSA TRAÇO 1:3 (EM VOLUME DE CIMENTO E AREIA MÉDIA ÚMIDA) PARA CONTRAPISO, PREPARO MECÂNICO COM MISTURADOR DE EIXO HORIZONTAL DE 160 KG. AF_08/2019","M3",1051.3599999999999]
["Argamassas",87340,"ARGAMASSA TRAÇO 1:3 (EM VOLUME DE CIMENTO E AREIA MÉDIA ÚMIDA) PARA CONTRAPISO, PREPARO MECÂNICO COM MISTURADOR DE EIXO HORIZONTAL DE 300 KG. AF_08/2019","M3",823.92]
["Argamassas",87341,"ARGAMASSA TRAÇO 1:3 (EM VOLUME DE CIMENTO E AREIA MÉDIA ÚMIDA) PARA CONTRAPISO, PREPARO MECÂNICO COM MISTURADOR DE EIXO HORIZONTAL DE 600 KG. AF_08/2019","M3",757.12]
["Argamassas",88629,"ARGAMASSA TRAÇO 1:3 (EM VOLUME DE CIMENTO E AREIA MÉDIA ÚMIDA), PREPARO MANUAL. AF_08/2019","M3",744.91]
["Argamassas",100467,"ARGAMASSA TRAÇO 1:3 (EM VOLUME DE CIMENTO E AREIA MÉDIA ÚMIDA), PREPARO MECÂNICO COM BETONEIRA 250 L. AF_08/2019","M3",0]
["Argamassas",88628,"ARGAMASSA TRAÇO 1:3 (EM VOLUME DE CIMENTO E AREIA MÉDIA ÚMIDA), PREPARO MECÂNICO COM BETONEIRA 400 L. AF_08/2019","M3",678.66]
["Argamassas",100489,"ARGAMASSA TRAÇO 1:3 (EM VOLUME DE CIMENTO E AREIA MÉDIA ÚMIDA), PREPARO MECÂNICO COM BETONEIRA 600 L. AF_08/2019","M3",661.03]
["Argamassas",100468,"ARGAMASSA TRAÇO 1:3 (EM VOLUME DE CIMENTO E AREIA MÉDIA ÚMIDA), PREPARO MECÂNICO COM MISTURADOR DE EIXO HORIZONTAL DE 160 KG. AF_08/2019","M3",861.1]
["Argamassas",100469,"ARGAMASSA TRAÇO 1:3 (EM VOLUME DE CIMENTO E AREIA MÉDIA ÚMIDA), PREPARO MECÂNICO COM MISTURADOR DE EIXO HORIZONTAL DE 300 KG. AF_08/2019","M3",665.13]
["Argamassas",100470,"ARGAMASSA TRAÇO 1:3 (EM VOLUME DE CIMENTO E AREIA MÉDIA ÚMIDA), PREPARO MECÂNICO COM MISTURADOR DE EIXO HORIZONTAL DE 600 KG. AF_08/2019","M3",613.72]
["Argamassas",87371,"ARGAMASSA TRAÇO 1:3:12 (EM VOLUME DE CIMENTO, CAL E AREIA MÉDIA ÚMIDA) PARA EMBOÇO/MASSA ÚNICA/ASSENTAMENTO DE ALVENARIA DE VEDAÇÃO, PREPARO MANUAL. AF_08/2019","M3",810.59]
["Argamassas",87295,"ARGAMASSA TRAÇO 1:3:12 (EM VOLUME DE CIMENTO, CAL E AREIA MÉDIA ÚMIDA) PARA EMBOÇO/MASSA ÚNICA/ASSENTAMENTO DE ALVENARIA DE VEDAÇÃO, PREPARO MECÂNICO COM BETONEIRA 400 L. AF_08/2019","M3",780.23]
["Argamassas",87296,"ARGAMASSA TRAÇO 1:3:12 (EM VOLUME DE CIMENTO, CAL E AREIA MÉDIA ÚMIDA) PARA EMBOÇO/MASSA ÚNICA/ASSENTAMENTO DE ALVENARIA DE VEDAÇÃO, PREPARO MECÂNICO COM BETONEIRA 600 L. AF_08/2019","M3",711.58]
["Argamassas",87338,"ARGAMASSA TRAÇO 1:3:12 (EM VOLUME DE CIMENTO, CAL E AREIA MÉDIA ÚMIDA) PARA EMBOÇO/MASSA ÚNICA/ASSENTAMENTO DE ALVENARIA DE VEDAÇÃO, PREPARO MECÂNICO COM MISTURADOR DE EIXO HORIZONTAL DE 600 KG. AF_08/2019","M3",715.05]
["Argamassas",88630,"ARGAMASSA TRAÇO 1:4 (CIMENTO E AREIA MÉDIA), PREPARO MECÂNICO COM BETONEIRA 400 L. AF_08/2019","M3",595.6]
["Argamassas",87381,"ARGAMASSA TRAÇO 1:4 (EM VOLUME DE CIMENTO E AREIA GROSSA ÚMIDA) COM ADIÇÃO DE EMULSÃO POLIMÉRICA PARA CHAPISCO ROLADO, PREPARO MANUAL. AF_08/2019","M3",3860.08]
["Argamassas",100462,"ARGAMASSA TRAÇO 1:4 (EM VOLUME DE CIMENTO E AREIA GROSSA ÚMIDA) COM ADIÇÃO DE EMULSÃO POLIMÉRICA PARA CHAPISCO ROLADO, PREPARO MECÂNICO COM BETONEIRA 250 L. AF_08/2019","M3",0]
["Argamassas",87325,"ARGAMASSA TRAÇO 1:4 (EM VOLUME DE CIMENTO E AREIA GROSSA ÚMIDA) COM ADIÇÃO DE EMULSÃO POLIMÉRICA PARA CHAPISCO ROLADO, PREPARO MECÂNICO COM BETONEIRA 400 L. AF_08/2019","M3",3804.76]
["Argamassas",87326,"ARGAMASSA TRAÇO 1:4 (EM VOLUME DE CIMENTO E AREIA GROSSA ÚMIDA) COM ADIÇÃO DE EMULSÃO POLIMÉRICA PARA CHAPISCO ROLADO, PREPARO MECÂNICO COM BETONEIRA 600 L. AF_08/2019","M3",3781.75]
["Argamassas",87363,"ARGAMASSA TRAÇO 1:4 (EM VOLUME DE CIMENTO E AREIA GROSSA ÚMIDA) COM ADIÇÃO DE EMULSÃO POLIMÉRICA PARA CHAPISCO ROLADO, PREPARO MECÂNICO COM MISTURADOR DE EIXO HORIZONTAL DE 300 KG. AF_08/2019","M3",3795.39]
["Argamassas",87364,"ARGAMASSA TRAÇO 1:4 (EM VOLUME DE CIMENTO E AREIA GROSSA ÚMIDA) COM ADIÇÃO DE EMULSÃO POLIMÉRICA PARA CHAPISCO ROLADO, PREPARO MECÂNICO COM MISTURADOR DE EIXO HORIZONTAL DE 600 KG. AF_08/2019","M3",3710.48]
["Argamassas",87378,"ARGAMASSA TRAÇO 1:4 (EM VOLUME DE CIMENTO E AREIA GROSSA ÚMIDA) PARA CHAPISCO CONVENCIONAL, PREPARO MANUAL. AF_08/2019","M3",675.24]
["Argamassas",100459,"ARGAMASSA TRAÇO 1:4 (EM VOLUME DE CIMENTO E AREIA GROSSA ÚMIDA) PARA CHAPISCO CONVENCIONAL, PREPARO MECÂNICO COM BETONEIRA 250 L. AF_08/2019","M3",0]
["Argamassas",87316,"ARGAMASSA TRAÇO 1:4 (EM VOLUME DE CIMENTO E AREIA GROSSA ÚMIDA) PARA CHAPISCO CONVENCIONAL, PREPARO MECÂNICO COM BETONEIRA 400 L. AF_08/2019","M3",612.02]
["Argamassas",87317,"ARGAMASSA TRAÇO 1:4 (EM VOLUME DE CIMENTO E AREIA GROSSA ÚMIDA) PARA CHAPISCO CONVENCIONAL, PREPARO MECÂNICO COM BETONEIRA 600 L. AF_08/2019","M3",568.79]
["Argamassas",87355,"ARGAMASSA TRAÇO 1:4 (EM VOLUME DE CIMENTO E AREIA GROSSA ÚMIDA) PARA CHAPISCO CONVENCIONAL, PREPARO MECÂNICO COM MISTURADOR DE EIXO HORIZONTAL DE 160 KG. AF_08/2019","M3",685.28]
["Argamassas",87356,"ARGAMASSA TRAÇO 1:4 (EM VOLUME DE CIMENTO E AREIA GROSSA ÚMIDA) PARA CHAPISCO CONVENCIONAL, PREPARO MECÂNICO COM MISTURADOR DE EIXO HORIZONTAL DE 300 KG. AF_08/2019","M3",589.72]
["Argamassas",87357,"ARGAMASSA TRAÇO 1:4 (EM VOLUME DE CIMENTO E AREIA GROSSA ÚMIDA) PARA CHAPISCO CONVENCIONAL, PREPARO MECÂNICO COM MISTURADOR DE EIXO HORIZONTAL DE 600 KG. AF_08/2019","M3",535.01]
["Argamassas",100486,"ARGAMASSA TRAÇO 1:4 (EM VOLUME DE CIMENTO E AREIA MÉDIA ÚMIDA) COM ADIÇÃO DE IMPERMEABILIZANTE, PREPARO MANUAL. AF_08/2019","M3",798.06]
["Argamassas",100482,"ARGAMASSA TRAÇO 1:4 (EM VOLUME DE CIMENTO E AREIA MÉDIA ÚMIDA) COM ADIÇÃO DE IMPERMEABILIZANTE, PREPARO MECÂNICO COM BETONEIRA 250 L. AF_08/2019","M3",0]
["Argamassas",100481,"ARGAMASSA TRAÇO 1:4 (EM VOLUME DE CIMENTO E AREIA MÉDIA ÚMIDA) COM ADIÇÃO DE IMPERMEABILIZANTE, PREPARO MECÂNICO COM BETONEIRA 400 L. AF_08/2019","M3",729.44]
["Argamassas",100492,"ARGAMASSA TRAÇO 1:4 (EM VOLUME DE CIMENTO E AREIA MÉDIA ÚMIDA) COM ADIÇÃO DE IMPERMEABILIZANTE, PREPARO MECÂNICO COM BETONEIRA 600 L. AF_08/2019","M3",712.96]
["Argamassas",100483,"ARGAMASSA TRAÇO 1:4 (EM VOLUME DE CIMENTO E AREIA MÉDIA ÚMIDA) COM ADIÇÃO DE IMPERMEABILIZANTE, PREPARO MECÂNICO COM MISTURADOR DE EIXO HORIZONTAL DE 160 KG. AF_08/2019","M3",821.41]
["Argamassas",100484,"ARGAMASSA TRAÇO 1:4 (EM VOLUME DE CIMENTO E AREIA MÉDIA ÚMIDA) COM ADIÇÃO DE IMPERMEABILIZANTE, PREPARO MECÂNICO COM MISTURADOR DE EIXO HORIZONTAL DE 300 KG. AF_08/2019","M3",732.87]
["Argamassas",100485,"ARGAMASSA TRAÇO 1:4 (EM VOLUME DE CIMENTO E AREIA MÉDIA ÚMIDA) COM ADIÇÃO DE IMPERMEABILIZANTE, PREPARO MECÂNICO COM MISTURADOR DE EIXO HORIZONTAL DE 600 KG. AF_08/2019","M3",684.5]
["Argamassas",87373,"ARGAMASSA TRAÇO 1:4 (EM VOLUME DE CIMENTO E AREIA MÉDIA ÚMIDA) PARA CONTRAPISO, PREPARO MANUAL. AF_08/2019","M3",821.08]
["Argamassas",100454,"ARGAMASSA TRAÇO 1:4 (EM VOLUME DE CIMENTO E AREIA MÉDIA ÚMIDA) PARA CONTRAPISO, PREPARO MECÂNICO COM BETONEIRA 250 L. AF_08/2019","M3",0]
["Argamassas",87301,"ARGAMASSA TRAÇO 1:4 (EM VOLUME DE CIMENTO E AREIA MÉDIA ÚMIDA) PARA CONTRAPISO, PREPARO MECÂNICO COM BETONEIRA 400 L. AF_08/2019","M3",759.51]
["Argamassas",87302,"ARGAMASSA TRAÇO 1:4 (EM VOLUME DE CIMENTO E AREIA MÉDIA ÚMIDA) PARA CONTRAPISO, PREPARO MECÂNICO COM BETONEIRA 600 L. AF_08/2019","M3",725.24]
["Argamassas",87342,"ARGAMASSA TRAÇO 1:4 (EM VOLUME DE CIMENTO E AREIA MÉDIA ÚMIDA) PARA CONTRAPISO, PREPARO MECÂNICO COM MISTURADOR DE EIXO HORIZONTAL DE 160 KG. AF_08/2019","M3",895.11]
["Argamassas",87343,"ARGAMASSA TRAÇO 1:4 (EM VOLUME DE CIMENTO E AREIA MÉDIA ÚMIDA) PARA CONTRAPISO, PREPARO MECÂNICO COM MISTURADOR DE EIXO HORIZONTAL DE 300 KG. AF_08/2019","M3",766.17]
["Argamassas",87344,"ARGAMASSA TRAÇO 1:4 (EM VOLUME DE CIMENTO E AREIA MÉDIA ÚMIDA) PARA CONTRAPISO, PREPARO MECÂNICO COM MISTURADOR DE EIXO HORIZONTAL DE 600 KG. AF_08/2019","M3",684.29]
["Argamassas",88631,"ARGAMASSA TRAÇO 1:4 (EM VOLUME DE CIMENTO E AREIA MÉDIA ÚMIDA), PREPARO MANUAL. AF_08/2019","M3",674.54]
["Argamassas",100471,"ARGAMASSA TRAÇO 1:4 (EM VOLUME DE CIMENTO E AREIA MÉDIA ÚMIDA), PREPARO MECÂNICO COM BETONEIRA 250 L. AF_08/2019","M3",0]
["Argamassas",100490,"ARGAMASSA TRAÇO 1:4 (EM VOLUME DE CIMENTO E AREIA MÉDIA ÚMIDA), PREPARO MECÂNICO COM BETONEIRA 600 L. AF_08/2019","M3",591.74]
["Argamassas",100472,"ARGAMASSA TRAÇO 1:4 (EM VOLUME DE CIMENTO E AREIA MÉDIA ÚMIDA), PREPARO MECÂNICO COM MISTURADOR DE EIXO HORIZONTAL DE 160 KG. AF_08/2019","M3",703.77]
["Argamassas",100473,"ARGAMASSA TRAÇO 1:4 (EM VOLUME DE CIMENTO E AREIA MÉDIA ÚMIDA), PREPARO MECÂNICO COM MISTURADOR DE EIXO HORIZONTAL DE 300 KG. AF_08/2019","M3",614.15]
["Argamassas",100474,"ARGAMASSA TRAÇO 1:4 (EM VOLUME DE CIMENTO E AREIA MÉDIA ÚMIDA), PREPARO MECÂNICO COM MISTURADOR DE EIXO HORIZONTAL DE 600 KG. AF_08/2019","M3",564.98]
["Argamassas",87379,"ARGAMASSA TRAÇO 1:5 (EM VOLUME DE CIMENTO E AREIA GROSSA ÚMIDA) COM ADIÇÃO DE EMULSÃO POLIMÉRICA PARA CHAPISCO ROLADO, PREPARO MANUAL. AF_08/2019","M3",3827.32]
["Argamassas",100460,"ARGAMASSA TRAÇO 1:5 (EM VOLUME DE CIMENTO E AREIA GROSSA ÚMIDA) COM ADIÇÃO DE EMULSÃO POLIMÉRICA PARA CHAPISCO ROLADO, PREPARO MECÂNICO COM BETONEIRA 250 L. AF_08/2019","M3",0]
["Argamassas",87319,"ARGAMASSA TRAÇO 1:5 (EM VOLUME DE CIMENTO E AREIA GROSSA ÚMIDA) COM ADIÇÃO DE EMULSÃO POLIMÉRICA PARA CHAPISCO ROLADO, PREPARO MECÂNICO COM BETONEIRA 400 L. AF_08/2019","M3",3770.2]
["Argamassas",87320,"ARGAMASSA TRAÇO 1:5 (EM VOLUME DE CIMENTO E AREIA GROSSA ÚMIDA) COM ADIÇÃO DE EMULSÃO POLIMÉRICA PARA CHAPISCO ROLADO, PREPARO MECÂNICO COM BETONEIRA 600 L. AF_08/2019","M3",3755.52]
["Argamassas",87358,"ARGAMASSA TRAÇO 1:5 (EM VOLUME DE CIMENTO E AREIA GROSSA ÚMIDA) COM ADIÇÃO DE EMULSÃO POLIMÉRICA PARA CHAPISCO ROLADO, PREPARO MECÂNICO COM MISTURADOR DE EIXO HORIZONTAL DE 300 KG. AF_08/2019","M3",3748.79]
["Argamassas",87359,"ARGAMASSA TRAÇO 1:5 (EM VOLUME DE CIMENTO E AREIA GROSSA ÚMIDA) COM ADIÇÃO DE EMULSÃO POLIMÉRICA PARA CHAPISCO ROLADO, PREPARO MECÂNICO COM MISTURADOR DE EIXO HORIZONTAL DE 600 KG. AF_08/2019","M3",3678.73]
["Argamassas",87376,"ARGAMASSA TRAÇO 1:5 (EM VOLUME DE CIMENTO E AREIA GROSSA ÚMIDA) PARA CHAPISCO CONVENCIONAL, PREPARO MANUAL. AF_08/2019","M3",641.39]
["Argamassas",100457,"ARGAMASSA TRAÇO 1:5 (EM VOLUME DE CIMENTO E AREIA GROSSA ÚMIDA) PARA CHAPISCO CONVENCIONAL, PREPARO MECÂNICO COM BETONEIRA 250 L. AF_08/2019","M3",0]
["Argamassas",87310,"ARGAMASSA TRAÇO 1:5 (EM VOLUME DE CIMENTO E AREIA GROSSA ÚMIDA) PARA CHAPISCO CONVENCIONAL, PREPARO MECÂNICO COM BETONEIRA 400 L. AF_08/2019","M3",561.64]
["Argamassas",87311,"ARGAMASSA TRAÇO 1:5 (EM VOLUME DE CIMENTO E AREIA GROSSA ÚMIDA) PARA CHAPISCO CONVENCIONAL, PREPARO MECÂNICO COM BETONEIRA 600 L. AF_08/2019","M3",529.86]
["Argamassas",87350,"ARGAMASSA TRAÇO 1:5 (EM VOLUME DE CIMENTO E AREIA GROSSA ÚMIDA) PARA CHAPISCO CONVENCIONAL, PREPARO MECÂNICO COM MISTURADOR DE EIXO HORIZONTAL DE 300 KG. AF_08/2019","M3",646.64]
["Argamassas",87351,"ARGAMASSA TRAÇO 1:5 (EM VOLUME DE CIMENTO E AREIA GROSSA ÚMIDA) PARA CHAPISCO CONVENCIONAL, PREPARO MECÂNICO COM MISTURADOR DE EIXO HORIZONTAL DE 600 KG. AF_08/2019","M3",507.59]
["Argamassas",87374,"ARGAMASSA TRAÇO 1:5 (EM VOLUME DE CIMENTO E AREIA MÉDIA ÚMIDA) PARA CONTRAPISO, PREPARO MANUAL. AF_08/2019","M3",772.49]
["Argamassas",100455,"ARGAMASSA TRAÇO 1:5 (EM VOLUME DE CIMENTO E AREIA MÉDIA ÚMIDA) PARA CONTRAPISO, PREPARO MECÂNICO COM BETONEIRA 250 L. AF_08/2019","M3",0]
["Argamassas",87304,"ARGAMASSA TRAÇO 1:5 (EM VOLUME DE CIMENTO E AREIA MÉDIA ÚMIDA) PARA CONTRAPISO, PREPARO MECÂNICO COM BETONEIRA 400 L. AF_08/2019","M3",692.52]
["Argamassas",87305,"ARGAMASSA TRAÇO 1:5 (EM VOLUME DE CIMENTO E AREIA MÉDIA ÚMIDA) PARA CONTRAPISO, PREPARO MECÂNICO COM BETONEIRA 600 L. AF_08/2019","M3",680.2]
["Argamassas",87345,"ARGAMASSA TRAÇO 1:5 (EM VOLUME DE CIMENTO E AREIA MÉDIA ÚMIDA) PARA CONTRAPISO, PREPARO MECÂNICO COM MISTURADOR DE EIXO HORIZONTAL DE 160 KG. AF_08/2019","M3",807.7]
["Argamassas",87346,"ARGAMASSA TRAÇO 1:5 (EM VOLUME DE CIMENTO E AREIA MÉDIA ÚMIDA) PARA CONTRAPISO, PREPARO MECÂNICO COM MISTURADOR DE EIXO HORIZONTAL DE 300 KG. AF_08/2019","M3",700.83]
["Argamassas",87347,"ARGAMASSA TRAÇO 1:5 (EM VOLUME DE CIMENTO E AREIA MÉDIA ÚMIDA) PARA CONTRAPISO, PREPARO MECÂNICO COM MISTURADOR DE EIXO HORIZONTAL DE 600 KG. AF_08/2019","M3",634.63]
["Argamassas",87366,"ARGAMASSA TRAÇO 1:6 (EM VOLUME DE CIMENTO E AREIA MÉDIA ÚMIDA) COM ADIÇÃO DE PLASTIFICANTE PARA EMBOÇO/MASSA ÚNICA/ASSENTAMENTO DE ALVENARIA DE VEDAÇÃO, PREPARO MANUAL. AF_08/2019","M3",671.53]
["Argamassas",100448,"ARGAMASSA TRAÇO 1:6 (EM VOLUME DE CIMENTO E AREIA MÉDIA ÚMIDA) COM ADIÇÃO DE PLASTIFICANTE PARA EMBOÇO/MASSA ÚNICA/ASSENTAMENTO DE ALVENARIA DE VEDAÇÃO, PREPARO MECÂNICO COM BETONEIRA 250 L. AF_08/2019","M3",0]
["Argamassas",87283,"ARGAMASSA TRAÇO 1:6 (EM VOLUME DE CIMENTO E AREIA MÉDIA ÚMIDA) COM ADIÇÃO DE PLASTIFICANTE PARA EMBOÇO/MASSA ÚNICA/ASSENTAMENTO DE ALVENARIA DE VEDAÇÃO, PREPARO MECÂNICO COM BETONEIRA 400 L. AF_08/2019","M3",587.28]
["Argamassas",87284,"ARGAMASSA TRAÇO 1:6 (EM VOLUME DE CIMENTO E AREIA MÉDIA ÚMIDA) COM ADIÇÃO DE PLASTIFICANTE PARA EMBOÇO/MASSA ÚNICA/ASSENTAMENTO DE ALVENARIA DE VEDAÇÃO, PREPARO MECÂNICO COM BETONEIRA 600 L. AF_08/2019","M3",558.54999999999995]
["Argamassas",87329,"ARGAMASSA TRAÇO 1:6 (EM VOLUME DE CIMENTO E AREIA MÉDIA ÚMIDA) COM ADIÇÃO DE PLASTIFICANTE PARA EMBOÇO/MASSA ÚNICA/ASSENTAMENTO DE ALVENARIA DE VEDAÇÃO, PREPARO MECÂNICO COM MISTURADOR DE EIXO HORIZONTAL DE 300 KG. AF_08/2019","M3",664.68]
["Argamassas",87330,"ARGAMASSA TRAÇO 1:6 (EM VOLUME DE CIMENTO E AREIA MÉDIA ÚMIDA) COM ADIÇÃO DE PLASTIFICANTE PARA EMBOÇO/MASSA ÚNICA/ASSENTAMENTO DE ALVENARIA DE VEDAÇÃO, PREPARO MECÂNICO COM MISTURADOR DE EIXO HORIZONTAL DE 600 KG. AF_08/2019","M3",533.6]
["Argamassas",87375,"ARGAMASSA TRAÇO 1:6 (EM VOLUME DE CIMENTO E AREIA MÉDIA ÚMIDA) PARA CONTRAPISO, PREPARO MANUAL. AF_08/2019","M3",742.1]
["Argamassas",100456,"ARGAMASSA TRAÇO 1:6 (EM VOLUME DE CIMENTO E AREIA MÉDIA ÚMIDA) PARA CONTRAPISO, PREPARO MECÂNICO COM BETONEIRA 250 L. AF_08/2019","M3",0]
["Argamassas",87307,"ARGAMASSA TRAÇO 1:6 (EM VOLUME DE CIMENTO E AREIA MÉDIA ÚMIDA) PARA CONTRAPISO, PREPARO MECÂNICO COM BETONEIRA 400 L. AF_08/2019","M3",674.33]
["Argamassas",87308,"ARGAMASSA TRAÇO 1:6 (EM VOLUME DE CIMENTO E AREIA MÉDIA ÚMIDA) PARA CONTRAPISO, PREPARO MECÂNICO COM BETONEIRA 600 L. AF_08/2019","M3",640.91999999999996]
["Argamassas",87348,"ARGAMASSA TRAÇO 1:6 (EM VOLUME DE CIMENTO E AREIA MÉDIA ÚMIDA) PARA CONTRAPISO, PREPARO MECÂNICO COM MISTURADOR DE EIXO HORIZONTAL DE 160 KG. AF_08/2019","M3",741.6]
["Argamassas",87349,"ARGAMASSA TRAÇO 1:6 (EM VOLUME DE CIMENTO E AREIA MÉDIA ÚMIDA) PARA CONTRAPISO, PREPARO MECÂNICO COM MISTURADOR DE EIXO HORIZONTAL DE 600 KG. AF_08/2019","M3",591.58000000000004]
["Argamassas",87365,"ARGAMASSA TRAÇO 1:7 (EM VOLUME DE CIMENTO E AREIA MÉDIA ÚMIDA) COM ADIÇÃO DE PLASTIFICANTE PARA EMBOÇO/MASSA ÚNICA/ASSENTAMENTO DE ALVENARIA DE VEDAÇÃO, PREPARO MANUAL. AF_08/2019","M3",639.89]
["Argamassas",100447,"ARGAMASSA TRAÇO 1:7 (EM VOLUME DE CIMENTO E AREIA MÉDIA ÚMIDA) COM ADIÇÃO DE PLASTIFICANTE PARA EMBOÇO/MASSA ÚNICA/ASSENTAMENTO DE ALVENARIA DE VEDAÇÃO, PREPARO MECÂNICO COM BETONEIRA 250 L. AF_08/2019","M3",0]
["Argamassas",87280,"ARGAMASSA TRAÇO 1:7 (EM VOLUME DE CIMENTO E AREIA MÉDIA ÚMIDA) COM ADIÇÃO DE PLASTIFICANTE PARA EMBOÇO/MASSA ÚNICA/ASSENTAMENTO DE ALVENARIA DE VEDAÇÃO, PREPARO MECÂNICO COM BETONEIRA 400 L. AF_08/2019","M3",579.54]
["Argamassas",87281,"ARGAMASSA TRAÇO 1:7 (EM VOLUME DE CIMENTO E AREIA MÉDIA ÚMIDA) COM ADIÇÃO DE PLASTIFICANTE PARA EMBOÇO/MASSA ÚNICA/ASSENTAMENTO DE ALVENARIA DE VEDAÇÃO, PREPARO MECÂNICO COM BETONEIRA 600 L. AF_08/2019","M3",550.83000000000004]
["Argamassas",87327,"ARGAMASSA TRAÇO 1:7 (EM VOLUME DE CIMENTO E AREIA MÉDIA ÚMIDA) COM ADIÇÃO DE PLASTIFICANTE PARA EMBOÇO/MASSA ÚNICA/ASSENTAMENTO DE ALVENARIA DE VEDAÇÃO, PREPARO MECÂNICO COM MISTURADOR DE EIXO HORIZONTAL DE 300 KG. AF_08/2019","M3",621.52]
["Argamassas",87328,"ARGAMASSA TRAÇO 1:7 (EM VOLUME DE CIMENTO E AREIA MÉDIA ÚMIDA) COM ADIÇÃO DE PLASTIFICANTE PARA EMBOÇO/MASSA ÚNICA/ASSENTAMENTO DE ALVENARIA DE VEDAÇÃO, PREPARO MECÂNICO COM MISTURADOR DE EIXO HORIZONTAL DE 600 KG. AF_08/2019","M3",504.56]
["Argamassas",87410,"ARGAMASSA À BASE DE GESSO, MISTURA E PROJEÇÃO DE 1,5 M³/H DE ARGAMASSA. AF_08/2019","M3",956.31]
["Armação de Estacas",95577,"MONTAGEM DE ARMADURA DE ESTACAS, DIÂMETRO = 10,0 MM. AF_09/2021_PS","KG",9.68]
["Armação de Estacas",95578,"MONTAGEM DE ARMADURA DE ESTACAS, DIÂMETRO = 12,5 MM. AF_09/2021_PS","KG",7.94]
["Armação de Estacas",95579,"MONTAGEM DE ARMADURA DE ESTACAS, DIÂMETRO = 16,0 MM. AF_09/2021_PS","KG",7.59]
["Armação de Estacas",95580,"MONTAGEM DE ARMADURA DE ESTACAS, DIÂMETRO = 20,0 MM. AF_09/2021_PS","KG",8.66]
["Armação de Estacas",95581,"MONTAGEM DE ARMADURA DE ESTACAS, DIÂMETRO = 25,0 MM. AF_09/2021_PS","KG",8.6]
["Armação de Estacas",95582,"MONTAGEM DE ARMADURA DE ESTACAS, DIÂMETRO = 32,0 MM. AF_09/2021_PS","KG",9.33]
["Armação de Estacas",95576,"MONTAGEM DE ARMADURA DE ESTACAS, DIÂMETRO = 8,0 MM. AF_09/2021_PS","KG",11.74]
["Armação de Estacas",95583,"MONTAGEM DE ARMADURA TRANSVERSAL DE ESTACAS DE SEÇÃO CIRCULAR, DIÂMETRO = 5,0 MM. AF_09/2021_PS","KG",16.13]
["Armação de Estacas",95584,"MONTAGEM DE ARMADURA TRANSVERSAL DE ESTACAS DE SEÇÃO CIRCULAR, DIÂMETRO = 6,30 MM. AF_09/2021_PS","KG",13.54]
["Armação de Estacas",95593,"MONTAGEM DE ARMADURA TRANSVERSAL DE ESTACAS DE SEÇÃO RETANGULAR, DIÂMETRO = 6,30 MM. AF_09/2021_PS","KG",13.54]
["Armação de Estacas",95592,"MONTAGEM DE ARMADURA TRANVERSAL DE ESTACAS DE SEÇÃO RETANGULAR, DIÂMETRO = 5,0 MM. AF_09/2021_PS","KG",16.13]
["Armação para Estruturas de Concreto Armado",92919,"ARMAÇÃO DE ESTRUTURAS DIVERSAS DE CONCRETO ARMADO, EXCETO VIGAS, PILARES, LAJES E FUNDAÇÕES, UTILIZANDO AÇO CA-50 DE 10,0 MM - MONTAGEM. AF_06/2022","KG",11.29]
["Armação para Estruturas de Concreto Armado",92921,"ARMAÇÃO DE ESTRUTURAS DIVERSAS DE CONCRETO ARMADO, EXCETO VIGAS, PILARES, LAJES E FUNDAÇÕES, UTILIZANDO AÇO CA-50 DE 12,5 MM - MONTAGEM. AF_06/2022","KG",9.16]
["Armação para Estruturas de Concreto Armado",92922,"ARMAÇÃO DE ESTRUTURAS DIVERSAS DE CONCRETO ARMADO, EXCETO VIGAS, PILARES, LAJES E FUNDAÇÕES, UTILIZANDO AÇO CA-50 DE 16,0 MM - MONTAGEM. AF_06/2022","KG",8.61]
["Armação para Estruturas de Concreto Armado",92923,"ARMAÇÃO DE ESTRUTURAS DIVERSAS DE CONCRETO ARMADO, EXCETO VIGAS, PILARES, LAJES E FUNDAÇÕES, UTILIZANDO AÇO CA-50 DE 20,0 MM - MONTAGEM. AF_06/2022","KG",9.48]
["Armação para Estruturas de Concreto Armado",92924,"ARMAÇÃO DE ESTRUTURAS DIVERSAS DE CONCRETO ARMADO, EXCETO VIGAS, PILARES, LAJES E FUNDAÇÕES, UTILIZANDO AÇO CA-50 DE 25,0 MM - MONTAGEM. AF_06/2022","KG",9.23]
["Armação para Estruturas de Concreto Armado",104104,"ARMAÇÃO DE ESTRUTURAS DIVERSAS DE CONCRETO ARMADO, EXCETO VIGAS, PILARES, LAJES E FUNDAÇÕES, UTILIZANDO AÇO CA-50 DE 32,0 MM - MONTAGEM. AF_06/2022","KG",9.5]
["Armação para Estruturas de Concreto Armado",92916,"ARMAÇÃO DE ESTRUTURAS DIVERSAS DE CONCRETO ARMADO, EXCETO VIGAS, PILARES, LAJES E FUNDAÇÕES, UTILIZANDO AÇO CA-50 DE 6,3 MM - MONTAGEM. AF_06/2022","KG",15.01]
["Armação para Estruturas de Concreto Armado",92917,"ARMAÇÃO DE ESTRUTURAS DIVERSAS DE CONCRETO ARMADO, EXCETO VIGAS, PILARES, LAJES E FUNDAÇÕES, UTILIZANDO AÇO CA-50 DE 8,0 MM - MONTAGEM. AF_06/2022","KG",13.18]
["Armação para Estruturas de Concreto Armado",92915,"ARMAÇÃO DE ESTRUTURAS DIVERSAS DE CONCRETO ARMADO, EXCETO VIGAS, PILARES, LAJES E FUNDAÇÕES, UTILIZANDO AÇO CA-60 DE 5,0 MM - MONTAGEM. AF_06/2022","KG",17.16]
["Armação para Estruturas de Concreto Armado",92771,"ARMAÇÃO DE LAJE DE ESTRUTURA CONVENCIONAL DE CONCRETO ARMADO UTILIZANDO AÇO CA-50 DE 10,0 MM - MONTAGEM. AF_06/2022","KG",9.56]
["Armação para Estruturas de Concreto Armado",92772,"ARMAÇÃO DE LAJE DE ESTRUTURA CONVENCIONAL DE CONCRETO ARMADO UTILIZANDO AÇO CA-50 DE 12,5 MM - MONTAGEM. AF_06/2022","KG",7.91]
["Armação para Estruturas de Concreto Armado",92773,"ARMAÇÃO DE LAJE DE ESTRUTURA CONVENCIONAL DE CONCRETO ARMADO UTILIZANDO AÇO CA-50 DE 16,0 MM - MONTAGEM. AF_06/2022","KG",7.72]
["Armação para Estruturas de Concreto Armado",92774,"ARMAÇÃO DE LAJE DE ESTRUTURA CONVENCIONAL DE CONCRETO ARMADO UTILIZANDO AÇO CA-50 DE 20,0 MM - MONTAGEM. AF_06/2022","KG",8.83]
["Armação para Estruturas de Concreto Armado",92769,"ARMAÇÃO DE LAJE DE ESTRUTURA CONVENCIONAL DE CONCRETO ARMADO UTILIZANDO AÇO CA-50 DE 6,3 MM - MONTAGEM. AF_06/2022","KG",11.97]
["Armação para Estruturas de Concreto Armado",92770,"ARMAÇÃO DE LAJE DE ESTRUTURA CONVENCIONAL DE CONCRETO ARMADO UTILIZANDO AÇO CA-50 DE 8,0 MM - MONTAGEM. AF_06/2022","KG",10.9]
["Armação para Estruturas de Concreto Armado",92767,"ARMAÇÃO DE LAJE DE ESTRUTURA CONVENCIONAL DE CONCRETO ARMADO UTILIZANDO AÇO CA-60 DE 4,2 MM - MONTAGEM. AF_06/2022","KG",15.55]
["Armação para Estruturas de Concreto Armado",92768,"ARMAÇÃO DE LAJE DE ESTRUTURA CONVENCIONAL DE CONCRETO ARMADO UTILIZANDO AÇO CA-60 DE 5,0 MM - MONTAGEM. AF_06/2022","KG",13.26]
["Armação para Estruturas de Concreto Armado",92762,"ARMAÇÃO DE PILAR OU VIGA DE ESTRUTURA CONVENCIONAL DE CONCRETO ARMADO UTILIZANDO AÇO CA-50 DE 10,0 MM - MONTAGEM. AF_06/2022","KG",10.1]
["Armação para Estruturas de Concreto Armado",92763,"ARMAÇÃO DE PILAR OU VIGA DE ESTRUTURA CONVENCIONAL DE CONCRETO ARMADO UTILIZANDO AÇO CA-50 DE 12,5 MM - MONTAGEM. AF_06/2022","KG",8.3800000000000008]
["Armação para Estruturas de Concreto Armado",92764,"ARMAÇÃO DE PILAR OU VIGA DE ESTRUTURA CONVENCIONAL DE CONCRETO ARMADO UTILIZANDO AÇO CA-50 DE 16,0 MM - MONTAGEM. AF_06/2022","KG",8.0299999999999994]
["Armação para Estruturas de Concreto Armado",92765,"ARMAÇÃO DE PILAR OU VIGA DE ESTRUTURA CONVENCIONAL DE CONCRETO ARMADO UTILIZANDO AÇO CA-50 DE 20,0 MM - MONTAGEM. AF_06/2022","KG",9.02]
["Armação para Estruturas de Concreto Armado",92766,"ARMAÇÃO DE PILAR OU VIGA DE ESTRUTURA CONVENCIONAL DE CONCRETO ARMADO UTILIZANDO AÇO CA-50 DE 25,0 MM - MONTAGEM. AF_06/2022","KG",8.8800000000000008]
["Armação para Estruturas de Concreto Armado",104105,"ARMAÇÃO DE PILAR OU VIGA DE ESTRUTURA CONVENCIONAL DE CONCRETO ARMADO UTILIZANDO AÇO CA-50 DE 32,0 MM. AF_06/2022","KG",9.51]
["Armação para Estruturas de Concreto Armado",92760,"ARMAÇÃO DE PILAR OU VIGA DE ESTRUTURA CONVENCIONAL DE CONCRETO ARMADO UTILIZANDO AÇO CA-50 DE 6,3 MM - MONTAGEM. AF_06/2022","KG",12.62]
["Armação para Estruturas de Concreto Armado",92761,"ARMAÇÃO DE PILAR OU VIGA DE ESTRUTURA CONVENCIONAL DE CONCRETO ARMADO UTILIZANDO AÇO CA-50 DE 8,0 MM - MONTAGEM. AF_06/2022","KG",11.49]
["Armação para Estruturas de Concreto Armado",92759,"ARMAÇÃO DE PILAR OU VIGA DE ESTRUTURA CONVENCIONAL DE CONCRETO ARMADO UTILIZANDO AÇO CA-60 DE 5,0 MM - MONTAGEM. AF_06/2022","KG",13.92]
["Armação para Estruturas de Concreto Armado",104108,"ARMAÇÃO DE PILAR OU VIGA DE ESTRUTURA DE CONCRETO ARMADO EMBUTIDA EM ALVENARIA DE VEDAÇÃO UTILIZANDO AÇO CA-50 DE 10,0 MM - MONTAGEM. AF_06/2022","KG",12.21]
["Armação para Estruturas de Concreto Armado",104107,"ARMAÇÃO DE PILAR OU VIGA DE ESTRUTURA DE CONCRETO ARMADO EMBUTIDA EM ALVENARIA DE VEDAÇÃO UTILIZANDO AÇO CA-50 DE 12,5 MM - MONTAGEM. AF_06/2022","KG",10.199999999999999]
["Armação para Estruturas de Concreto Armado",104106,"ARMAÇÃO DE PILAR OU VIGA DE ESTRUTURA DE CONCRETO ARMADO EMBUTIDA EM ALVENARIA DE VEDAÇÃO UTILIZANDO AÇO CA-50 DE 16,0 MM - MONTAGEM. AF_06/2022","KG",9.41]
["Armação para Estruturas de Concreto Armado",104110,"ARMAÇÃO DE PILAR OU VIGA DE ESTRUTURA DE CONCRETO ARMADO EMBUTIDA EM ALVENARIA DE VEDAÇÃO UTILIZANDO AÇO CA-50 DE 6,3 MM - MONTAGEM. AF_06/2022","KG",18.22]
["Armação para Estruturas de Concreto Armado",104109,"ARMAÇÃO DE PILAR OU VIGA DE ESTRUTURA DE CONCRETO ARMADO EMBUTIDA EM ALVENARIA DE VEDAÇÃO UTILIZANDO AÇO CA-50 DE 8,0 MM - MONTAGEM. AF_06/2022","KG",15.46]
["Armação para Estruturas de Concreto Armado",104111,"ARMAÇÃO DE PILAR OU VIGA DE ESTRUTURA DE CONCRETO ARMADO EMBUTIDA EM ALVENARIA DE VEDAÇÃO UTILIZANDO AÇO CA-60 DE 5,0 MM - MONTAGEM. AF_06/2022","KG",21.49]
["Armação para Estruturas de Concreto Armado",92884,"ARMAÇÃO UTILIZANDO AÇO CA-25 DE 10,0 MM - MONTAGEM. AF_06/2022","KG",11.31]
["Armação para Estruturas de Concreto Armado",92885,"ARMAÇÃO UTILIZANDO AÇO CA-25 DE 12,5 MM - MONTAGEM. AF_06/2022","KG",10.53]
["Armação para Estruturas de Concreto Armado",92886,"ARMAÇÃO UTILIZANDO AÇO CA-25 DE 16,0 MM - MONTAGEM. AF_06/2022","KG",9.9]
["Armação para Estruturas de Concreto Armado",92887,"ARMAÇÃO UTILIZANDO AÇO CA-25 DE 20,0 MM - MONTAGEM. AF_06/2022","KG",9.7200000000000006]
["Armação para Estruturas de Concreto Armado",92888,"ARMAÇÃO UTILIZANDO AÇO CA-25 DE 25,0 MM - MONTAGEM. AF_06/2022","KG",9.4]
["Armação para Estruturas de Concreto Armado",92882,"ARMAÇÃO UTILIZANDO AÇO CA-25 DE 6,3 MM - MONTAGEM. AF_06/2022","KG",12.9]
["Armação para Estruturas de Concreto Armado",92883,"ARMAÇÃO UTILIZANDO AÇO CA-25 DE 8,0 MM - MONTAGEM. AF_06/2022","KG",11.5]
["Armação para Estruturas de Concreto Armado",92877,"CORTE E DOBRA DE AÇO CA-25, DIÂMETRO DE 10,0 MM. AF_06/2022","KG",8.6300000000000008]
["Armação para Estruturas de Concreto Armado",92878,"CORTE E DOBRA DE AÇO CA-25, DIÂMETRO DE 12,5 MM. AF_06/2022","KG",8.43]
["Armação para Estruturas de Concreto Armado",92879,"CORTE E DOBRA DE AÇO CA-25, DIÂMETRO DE 16,0 MM. AF_06/2022","KG",8.3000000000000007]
["Armação para Estruturas de Concreto Armado",92880,"CORTE E DOBRA DE AÇO CA-25, DIÂMETRO DE 20,0 MM. AF_06/2022","KG",8.4600000000000009]
["Armação para Estruturas de Concreto Armado",92881,"CORTE E DOBRA DE AÇO CA-25, DIÂMETRO DE 25,0 MM. AF_06/2022","KG",8.43]
["Armação para Estruturas de Concreto Armado",92875,"CORTE E DOBRA DE AÇO CA-25, DIÂMETRO DE 6,3 MM. AF_06/2022","KG",8.57]
["Armação para Estruturas de Concreto Armado",92876,"CORTE E DOBRA DE AÇO CA-25, DIÂMETRO DE 8,0 MM. AF_06/2022","KG",8.1199999999999992]
["Armação para Estruturas de Concreto Armado",92803,"CORTE E DOBRA DE AÇO CA-50, DIÂMETRO DE 10,0 MM. AF_06/2022","KG",7.93]
["Armação para Estruturas de Concreto Armado",92804,"CORTE E DOBRA DE AÇO CA-50, DIÂMETRO DE 12,5 MM. AF_06/2022","KG",6.76]
["Armação para Estruturas de Concreto Armado",92805,"CORTE E DOBRA DE AÇO CA-50, DIÂMETRO DE 16,0 MM. AF_06/2022","KG",6.67]
["Armação para Estruturas de Concreto Armado",92806,"CORTE E DOBRA DE AÇO CA-50, DIÂMETRO DE 20,0 MM. AF_06/2022","KG",7.84]
["Armação para Estruturas de Concreto Armado",92798,"CORTE E DOBRA DE AÇO CA-50, DIÂMETRO DE 25,0 MM. AF_06/2022","KG",7.83]
["Armação para Estruturas de Concreto Armado",95448,"CORTE E DOBRA DE AÇO CA-50, DIÂMETRO DE 32 MM. AF_06/2022","KG",8.58]
["Armação para Estruturas de Concreto Armado",92801,"CORTE E DOBRA DE AÇO CA-50, DIÂMETRO DE 6,3 MM. AF_06/2022","KG",8.8800000000000008]
["Armação para Estruturas de Concreto Armado",92802,"CORTE E DOBRA DE AÇO CA-50, DIÂMETRO DE 8,0 MM. AF_06/2022","KG",8.65]
["Armação para Estruturas de Concreto Armado",92799,"CORTE E DOBRA DE AÇO CA-60, DIÂMETRO DE 4,2 MM. AF_06/2022","KG",10.42]
["Armação para Estruturas de Concreto Armado",92800,"CORTE E DOBRA DE AÇO CA-60, DIÂMETRO DE 5,0 MM. AF_06/2022","KG",9.1]
["Arrasamento de Estacas",95605,"ARRASAMENTO MECANICO DE ESTACA DE CONCRETO ARMADO, DIAMETROS DE 101 CM A 150 CM. AF_05/2021","UN",179.17]
["Arrasamento de Estacas",95602,"ARRASAMENTO MECANICO DE ESTACA DE CONCRETO ARMADO, DIAMETROS DE 41 CM A 60 CM. AF_05/2021","UN",36.86]
["Arrasamento de Estacas",95603,"ARRASAMENTO MECANICO DE ESTACA DE CONCRETO ARMADO, DIAMETROS DE 61 CM A 80 CM. AF_05/2021","UN",62.88]
["Arrasamento de Estacas",95604,"ARRASAMENTO MECANICO DE ESTACA DE CONCRETO ARMADO, DIAMETROS DE 81 CM A 100 CM. AF_05/2021","UN",97.57]
["Arrasamento de Estacas",95601,"ARRASAMENTO MECANICO DE ESTACA DE CONCRETO ARMADO, DIAMETROS DE ATÉ 40 CM. AF_05/2021","UN",23.02]
["Arrasamento de Estacas",102521,"ARRASAMENTO MECÂNICO DE ESTACA BARRETE DE CONCRETO ARMADO, SEÇÃO DE 0,40 X 2,50 M. AF_05/2021","UN",147.81]
["Arrasamento de Estacas",102522,"ARRASAMENTO MECÂNICO DE ESTACA BARRETE DE CONCRETO ARMADO, SEÇÃO DE 0,60 X 2,50 M. AF_05/2021","UN",216.84]
["Arrasamento de Estacas",102523,"ARRASAMENTO MECÂNICO DE ESTACA BARRETE DE CONCRETO ARMADO, SEÇÃO DE 0,80 X 2,50 M. AF_05/2021","UN",285.87]
["Arrasamento de Estacas",95608,"ARRASAMENTO MECÂNICO DE ESTACA METÁLICA, PERFIL LAMINADO TIPO H - FAMÍLIA 250. AF_05/2021","UN",47.84]
["Arrasamento de Estacas",95609,"ARRASAMENTO MECÂNICO DE ESTACA METÁLICA, PERFIL LAMINADO TIPO H - FAMÍLIA 310. AF_05/2021","UN",60.67]
["Arrasamento de Estacas",95607,"ARRASAMENTO MECÂNICO DE ESTACA METÁLICA, PERFIL LAMINADO TIPO I FAMÍLIA 250. AF_05/2021","UN",32.979999999999997]
["Asfalto",95996,"EXECUÇÃO DE PAVIMENTO COM APLICAÇÃO DE CONCRETO ASFÁLTICO, CAMADA DE BINDER - EXCLUSIVE CARGA E TRANSPORTE. AF_11/2019","M3",1308.08]
["Asfalto",95995,"EXECUÇÃO DE PAVIMENTO COM APLICAÇÃO DE CONCRETO ASFÁLTICO, CAMADA DE ROLAMENTO - EXCLUSIVE CARGA E TRANSPORTE. AF_11/2019","M3",1516.22]
["Asfalto",104372,"EXECUÇÃO DE PAVIMENTO COM APLICAÇÃO DE PRÉ-MISTURADO A FRIO, CAMADA DE BINDER - EXCLUSIVE CARGA E TRANSPORTE. AF_11/2019","M3",0]
["Asfalto",104371,"EXECUÇÃO DE PAVIMENTO COM APLICAÇÃO DE PRÉ-MISTURADO A FRIO, CAMADA DE ROLAMENTO - EXCLUSIVE CARGA E TRANSPORTE. AF_11/2019","M3",0]
["Asfalto",96001,"FRESAGEM DE PAVIMENTO ASFÁLTICO (PROFUNDIDADE ATÉ 5,0 CM) - EXCLUSIVE TRANSPORTE. AF_11/2019","M2",7.33]
["Assentamento de Tubos de Esgoto em PVC e PEAD",94880,"ASSENTAMENTO DE TUBO DE PEAD CORRUGADO DE DUPLA PAREDE PARA REDE COLETORA DE ESGOTO, DN 1000 MM, JUNTA ELÁSTICA INTEGRADA (NÃO INCLUI FORNECIMENTO). AF_01/2021","M",46.71]
["Assentamento de Tubos de Esgoto em PVC e PEAD",94882,"ASSENTAMENTO DE TUBO DE PEAD CORRUGADO DE DUPLA PAREDE PARA REDE COLETORA DE ESGOTO, DN 1200 MM, JUNTA ELÁSTICA INTEGRADA (NÃO INCLUI FORNECIMENTO). AF_01/2021","M",54.41]
["Assentamento de Tubos de Esgoto em PVC e PEAD",94884,"ASSENTAMENTO DE TUBO DE PEAD CORRUGADO DE DUPLA PAREDE PARA REDE COLETORA DE ESGOTO, DN 1500 MM, JUNTA ELÁSTICA INTEGRADA (NÃO INCLUI FORNECIMENTO). AF_01/2021","M",70.040000000000006]
["Assentamento de Tubos de Esgoto em PVC e PEAD",94870,"ASSENTAMENTO DE TUBO DE PEAD CORRUGADO DE DUPLA PAREDE PARA REDE COLETORA DE ESGOTO, DN 250 MM, JUNTA ELÁSTICA INTEGRADA (NÃO INCLUI FORNECIMENTO). AF_01/2021","M",2.0099999999999998]
["Assentamento de Tubos de Esgoto em PVC e PEAD",94872,"ASSENTAMENTO DE TUBO DE PEAD CORRUGADO DE DUPLA PAREDE PARA REDE COLETORA DE ESGOTO, DN 300 MM, JUNTA ELÁSTICA INTEGRADA (NÃO INCLUI FORNECIMENTO). AF_01/2021","M",2.9]
["Assentamento de Tubos de Esgoto em PVC e PEAD",90746,"ASSENTAMENTO DE TUBO DE PEAD CORRUGADO DE DUPLA PAREDE PARA REDE COLETORA DE ESGOTO, DN 450 MM, JUNTA ELÁSTICA INTEGRADA (NÃO INCLUI FORNECIMENTO). AF_01/2021","M",4.28]
["Assentamento de Tubos de Esgoto em PVC e PEAD",90747,"ASSENTAMENTO DE TUBO DE PEAD CORRUGADO DE DUPLA PAREDE PARA REDE COLETORA DE ESGOTO, DN 600 MM, JUNTA ELÁSTICA INTEGRADA (NÃO INCLUI FORNECIMENTO). AF_01/2021","M",19.02]
["Assentamento de Tubos de Esgoto em PVC e PEAD",94876,"ASSENTAMENTO DE TUBO DE PEAD CORRUGADO DE DUPLA PAREDE PARA REDE COLETORA DE ESGOTO, DN 800 MM, JUNTA ELÁSTICA INTEGRADA (NÃO INCLUI FORNECIMENTO). AF_01/2021","M",31.46]
["Assentamento de Tubos de Esgoto em PVC e PEAD",94878,"ASSENTAMENTO DE TUBO DE PEAD CORRUGADO DE DUPLA PAREDE PARA REDE COLETORA DE ESGOTO, DN 900 MM, JUNTA ELÁSTICA INTEGRADA (NÃO INCLUI FORNECIMENTO). AF_01/2021","M",36.47]
["Assentamento de Tubos de Esgoto em PVC e PEAD",90740,"ASSENTAMENTO DE TUBO DE PVC CORRUGADO DE DUPLA PAREDE PARA REDE COLETORA DE ESGOTO, DN 150 MM, JUNTA ELÁSTICA (NÃO INCLUI FORNECIMENTO). AF_01/2021","M",5.22]
["Assentamento de Tubos de Esgoto em PVC e PEAD",90741,"ASSENTAMENTO DE TUBO DE PVC CORRUGADO DE DUPLA PAREDE PARA REDE COLETORA DE ESGOTO, DN 200 MM, JUNTA ELÁSTICA (NÃO INCLUI FORNECIMENTO). AF_01/2021","M",5.95]
["Assentamento de Tubos de Esgoto em PVC e PEAD",90742,"ASSENTAMENTO DE TUBO DE PVC CORRUGADO DE DUPLA PAREDE PARA REDE COLETORA DE ESGOTO, DN 250 MM, JUNTA ELÁSTICA (NÃO INCLUI FORNECIMENTO). AF_01/2021","M",6.68]
["Assentamento de Tubos de Esgoto em PVC e PEAD",90743,"ASSENTAMENTO DE TUBO DE PVC CORRUGADO DE DUPLA PAREDE PARA REDE COLETORA DE ESGOTO, DN 300 MM, JUNTA ELÁSTICA (NÃO INCLUI FORNECIMENTO). AF_01/2021","M",7.42]
["Assentamento de Tubos de Esgoto em PVC e PEAD",90744,"ASSENTAMENTO DE TUBO DE PVC CORRUGADO DE DUPLA PAREDE PARA REDE COLETORA DE ESGOTO, DN 350 MM, JUNTA ELÁSTICA (NÃO INCLUI FORNECIMENTO). AF_01/2021","M",8.15]
["Assentamento de Tubos de Esgoto em PVC e PEAD",90745,"ASSENTAMENTO DE TUBO DE PVC CORRUGADO DE DUPLA PAREDE PARA REDE COLETORA DE ESGOTO, DN 400 MM, JUNTA ELÁSTICA (NÃO INCLUI FORNECIMENTO). AF_01/2021","M",11.86]
["Assentamento de Tubos de Esgoto em PVC e PEAD",90733,"ASSENTAMENTO DE TUBO DE PVC PARA REDE COLETORA DE ESGOTO DE PAREDE MACIÇA, DN 100 MM, JUNTA ELÁSTICA (NÃO INCLUI FORNECIMENTO). AF_01/2021","M",3.96]
["Assentamento de Tubos de Esgoto em PVC e PEAD",90734,"ASSENTAMENTO DE TUBO DE PVC PARA REDE COLETORA DE ESGOTO DE PAREDE MACIÇA, DN 150 MM, JUNTA ELÁSTICA, (NÃO INCLUI FORNECIMENTO). AF_01/2021","M",4.6900000000000004]
["Assentamento de Tubos de Esgoto em PVC e PEAD",90735,"ASSENTAMENTO DE TUBO DE PVC PARA REDE COLETORA DE ESGOTO DE PAREDE MACIÇA, DN 200 MM, JUNTA ELÁSTICA (NÃO INCLUI FORNECIMENTO). AF_01/2021","M",5.42]
["Assentamento de Tubos de Esgoto em PVC e PEAD",90736,"ASSENTAMENTO DE TUBO DE PVC PARA REDE COLETORA DE ESGOTO DE PAREDE MACIÇA, DN 250 MM, JUNTA ELÁSTICA (NÃO INCLUI FORNECIMENTO). AF_01/2021","M",6.14]
["Assentamento de Tubos de Esgoto em PVC e PEAD",90737,"ASSENTAMENTO DE TUBO DE PVC PARA REDE COLETORA DE ESGOTO DE PAREDE MACIÇA, DN 300 MM, JUNTA ELÁSTICA (NÃO INCLUI FORNECIMENTO). AF_01/2021","M",6.88]
["Assentamento de Tubos de Esgoto em PVC e PEAD",90738,"ASSENTAMENTO DE TUBO DE PVC PARA REDE COLETORA DE ESGOTO DE PAREDE MACIÇA, DN 350 MM, JUNTA ELÁSTICA (NÃO INCLUI FORNECIMENTO). AF_01/2021","M",7.61]
["Assentamento de Tubos de Esgoto em PVC e PEAD",90739,"ASSENTAMENTO DE TUBO DE PVC PARA REDE COLETORA DE ESGOTO DE PAREDE MACIÇA, DN 400 MM, JUNTA ELÁSTICA (NÃO INCLUI FORNECIMENTO). AF_01/2021","M",10.63]
["Assentamento de Tubos de Esgoto em PVC e PEAD",90724,"JUNTA ARGAMASSADA ENTRE TUBO DN 100 MM E O POÇO DE VISITA/ CAIXA DE CONCRETO OU ALVENARIA EM REDES DE ESGOTO. AF_01/2021","UN",28.12]
["Assentamento de Tubos de Esgoto em PVC e PEAD",102267,"JUNTA ARGAMASSADA ENTRE TUBO DN 1000 MM E O POÇO DE VISITA/ CAIXA DE CONCRETO OU ALVENARIA EM REDES DE ESGOTO. AF_01/2021","UN",151.38]
["Assentamento de Tubos de Esgoto em PVC e PEAD",102268,"JUNTA ARGAMASSADA ENTRE TUBO DN 1200 MM E O POÇO DE VISITA/ CAIXA DE CONCRETO OU ALVENARIA EM REDES DE ESGOTO. AF_01/2021","UN",170.82]
["Assentamento de Tubos de Esgoto em PVC e PEAD",90725,"JUNTA ARGAMASSADA ENTRE TUBO DN 150 MM E O POÇO DE VISITA/ CAIXA DE CONCRETO OU ALVENARIA EM REDES DE ESGOTO. AF_01/2021","UN",34.61]
["Assentamento de Tubos de Esgoto em PVC e PEAD",102269,"JUNTA ARGAMASSADA ENTRE TUBO DN 1500 MM E O POÇO DE VISITA/ CAIXA DE CONCRETO OU ALVENARIA EM REDES DE ESGOTO. AF_01/2021","UN",209.7]
["Assentamento de Tubos de Esgoto em PVC e PEAD",90726,"JUNTA ARGAMASSADA ENTRE TUBO DN 200 MM E O POÇO/ CAIXA DE CONCRETO OU ALVENARIA EM REDES DE ESGOTO. AF_01/2021","UN",41.15]
["Assentamento de Tubos de Esgoto em PVC e PEAD",90727,"JUNTA ARGAMASSADA ENTRE TUBO DN 250 MM E O POÇO DE VISITA/ CAIXA DE CONCRETO OU ALVENARIA EM REDES DE ESGOTO. AF_01/2021","UN",47.63]
["Assentamento de Tubos de Esgoto em PVC e PEAD",90728,"JUNTA ARGAMASSADA ENTRE TUBO DN 300 MM E O POÇO DE VISITA/ CAIXA DE CONCRETO OU ALVENARIA EM REDES DE ESGOTO. AF_01/2021","UN",54.11]
["Assentamento de Tubos de Esgoto em PVC e PEAD",90729,"JUNTA ARGAMASSADA ENTRE TUBO DN 350 MM E O POÇO DE VISITA/ CAIXA DE CONCRETO OU ALVENARIA EM REDES DE ESGOTO. AF_01/2021","UN",60.59]
["Assentamento de Tubos de Esgoto em PVC e PEAD",90730,"JUNTA ARGAMASSADA ENTRE TUBO DN 400 MM E O POÇO DE VISITA/ CAIXA DE CONCRETO OU ALVENARIA EM REDES DE ESGOTO. AF_01/2021","UN",67.069999999999993]
["Assentamento de Tubos de Esgoto em PVC e PEAD",90731,"JUNTA ARGAMASSADA ENTRE TUBO DN 450 MM E O POÇO DE VISITA/ CAIXA DE CONCRETO OU ALVENARIA EM REDES DE ESGOTO. AF_01/2021","UN",73.55]
["Assentamento de Tubos de Esgoto em PVC e PEAD",90732,"JUNTA ARGAMASSADA ENTRE TUBO DN 600 MM E O POÇO DE VISITA/ CAIXA DE CONCRETO OU ALVENARIA EM REDES DE ESGOTO. AF_01/2021","UN",92.98]
["Assentamento de Tubos de Esgoto em PVC e PEAD",102265,"JUNTA ARGAMASSADA ENTRE TUBO DN 800 MM E O POÇO DE VISITA/ CAIXA DE CONCRETO OU ALVENARIA EM REDES DE ESGOTO. AF_01/2021","UN",118.91]
["Assentamento de Tubos de Esgoto em PVC e PEAD",102266,"JUNTA ARGAMASSADA ENTRE TUBO DN 900 MM E O POÇO DE VISITA/ CAIXA DE CONCRETO OU ALVENARIA EM REDES DE ESGOTO. AF_01/2021","UN",131.86000000000001]
["Assentamento de Tubos de Esgoto em PVC e PEAD",94879,"TUBO DE PEAD CORRUGADO DE DUPLA PAREDE PARA REDE COLETORA DE ESGOTO, DN 1000 MM, JUNTA ELÁSTICA INTEGRADA - FORNECIMENTO E ASSENTAMENTO. AF_01/2021","M",1945.86]
["Assentamento de Tubos de Esgoto em PVC e PEAD",94881,"TUBO DE PEAD CORRUGADO DE DUPLA PAREDE PARA REDE COLETORA DE ESGOTO, DN 1200 MM, JUNTA ELÁSTICA INTEGRADA - FORNECIMENTO E ASSENTAMENTO. AF_01/2021","M",2679.15]
["Assentamento de Tubos de Esgoto em PVC e PEAD",94869,"TUBO DE PEAD CORRUGADO DE DUPLA PAREDE PARA REDE COLETORA DE ESGOTO, DN 250 MM, JUNTA ELÁSTICA INTEGRADA - FORNECIMENTO E ASSENTAMENTO. AF_01/2021","M",137.06]
["Assentamento de Tubos de Esgoto em PVC e PEAD",94871,"TUBO DE PEAD CORRUGADO DE DUPLA PAREDE PARA REDE COLETORA DE ESGOTO, DN 300 MM, JUNTA ELÁSTICA INTEGRADA - FORNECIMENTO E ASSENTAMENTO. AF_01/2021","M",214.48]
["Assentamento de Tubos de Esgoto em PVC e PEAD",90708,"TUBO DE PEAD CORRUGADO DE DUPLA PAREDE PARA REDE COLETORA DE ESGOTO, DN 600 MM, JUNTA ELÁSTICA INTEGRADA - FORNECIMENTO E ASSENTAMENTO. AF_01/2021","M",778.75]
["Assentamento de Tubos de Esgoto em PVC e PEAD",94875,"TUBO DE PEAD CORRUGADO DE DUPLA PAREDE PARA REDE COLETORA DE ESGOTO, DN 800 MM, JUNTA ELÁSTICA INTEGRADA - FORNECIMENTO E ASSENTAMENTO. AF_01/2021","M",1264.28]
["Assentamento de Tubos de Esgoto em PVC e PEAD",102264,"TUBO DE PVC BRANCO PARA REDE COLETORA DE ESGOTO CONDOMINIAL DE PAREDE MACIÇA, DN 100 MM, JUNTA ELÁSTICA - FORNECIMENTO E ASSENTAMENTO. AF_01/2021","M",18.100000000000001]
["Assentamento de Tubos de Esgoto em PVC e PEAD",90701,"TUBO DE PVC CORRUGADO DE DUPLA PAREDE PARA REDE COLETORA DE ESGOTO, DN 150 MM, JUNTA ELÁSTICA - FORNECIMENTO E ASSENTAMENTO. AF_01/2021","M",59.95]
["Assentamento de Tubos de Esgoto em PVC e PEAD",90702,"TUBO DE PVC CORRUGADO DE DUPLA PAREDE PARA REDE COLETORA DE ESGOTO, DN 200 MM, JUNTA ELÁSTICA - FORNECIMENTO E ASSENTAMENTO. AF_01/2021","M",98.45]
["Assentamento de Tubos de Esgoto em PVC e PEAD",90703,"TUBO DE PVC CORRUGADO DE DUPLA PAREDE PARA REDE COLETORA DE ESGOTO, DN 250 MM, JUNTA ELÁSTICA - FORNECIMENTO E ASSENTAMENTO. AF_01/2021","M",154.16]
["Assentamento de Tubos de Esgoto em PVC e PEAD",90704,"TUBO DE PVC CORRUGADO DE DUPLA PAREDE PARA REDE COLETORA DE ESGOTO, DN 300 MM, JUNTA ELÁSTICA - FORNECIMENTO E ASSENTAMENTO. AF_01/2021","M",229.74]
["Assentamento de Tubos de Esgoto em PVC e PEAD",90705,"TUBO DE PVC CORRUGADO DE DUPLA PAREDE PARA REDE COLETORA DE ESGOTO, DN 350 MM, JUNTA ELÁSTICA - FORNECIMENTO E ASSENTAMENTO. AF_01/2021","M",297.57]
["Assentamento de Tubos de Esgoto em PVC e PEAD",90706,"TUBO DE PVC CORRUGADO DE DUPLA PAREDE PARA REDE COLETORA DE ESGOTO, DN 400 MM, JUNTA ELÁSTICA - FORNECIMENTO E ASSENTAMENTO. AF_01/2021","M",394.81]
["Assentamento de Tubos de Esgoto em PVC e PEAD",90694,"TUBO DE PVC PARA REDE COLETORA DE ESGOTO DE PAREDE MACIÇA, DN 100 MM, JUNTA ELÁSTICA - FORNECIMENTO E ASSENTAMENTO. AF_01/2021","M",39.99]
["Assentamento de Tubos de Esgoto em PVC e PEAD",90695,"TUBO DE PVC PARA REDE COLETORA DE ESGOTO DE PAREDE MACIÇA, DN 150 MM, JUNTA ELÁSTICA - FORNECIMENTO E ASSENTAMENTO. AF_01/2021","M",75.209999999999994]
["Assentamento de Tubos de Esgoto em PVC e PEAD",90696,"TUBO DE PVC PARA REDE COLETORA DE ESGOTO DE PAREDE MACIÇA, DN 200 MM, JUNTA ELÁSTICA - FORNECIMENTO E ASSENTAMENTO. AF_01/2021","M",124.98]
["Assentamento de Tubos de Esgoto em PVC e PEAD",90697,"TUBO DE PVC PARA REDE COLETORA DE ESGOTO DE PAREDE MACIÇA, DN 250 MM, JUNTA ELÁSTICA - FORNECIMENTO E ASSENTAMENTO. AF_01/2021","M",193.27]
["Assentamento de Tubos de Esgoto em PVC e PEAD",90698,"TUBO DE PVC PARA REDE COLETORA DE ESGOTO DE PAREDE MACIÇA, DN 300 MM, JUNTA ELÁSTICA, FORNECIMENTO E ASSENTAMENTO. AF_01/2021","M",294.74]
["Assentamento de Tubos de Esgoto em PVC e PEAD",90699,"TUBO DE PVC PARA REDE COLETORA DE ESGOTO DE PAREDE MACIÇA, DN 350 MM, JUNTA ELÁSTICA - FORNECIMENTO E ASSENTAMENTO. AF_01/2021","M",414.27]
["Assentamento de Tubos de Esgoto em PVC e PEAD",90700,"TUBO DE PVC PARA REDE COLETORA DE ESGOTO DE PAREDE MACIÇA, DN 400 MM, JUNTA ELÁSTICA FORNECIMENTO E ASSENTAMENTO. AF_01/2021","M",484.22]
["Assentamento de Tubos de PVC e Metálicos em Redes de Água",105378,"ASSENTAMENTO DE CONEXÃO 2 ACESSOS ALINHADOS DE FERRO FUNDIDO PARA REDE DE ÁGUA, DN 100, JUNTA ELÁSTICA, INSTALADO EM LOCAL COM NÍVEL ALTO DE INTERFERÊNCIAS (NÃO INCLUI FORNECIMENTO). AF_05/2024","UN",14]
["Assentamento de Tubos de PVC e Metálicos em Redes de Água",105373,"ASSENTAMENTO DE CONEXÃO 2 ACESSOS ALINHADOS DE FERRO FUNDIDO PARA REDE DE ÁGUA, DN 100, JUNTA ELÁSTICA, INSTALADO EM LOCAL COM NÍVEL BAIXO DE INTERFERÊNCIAS (NÃO INCLUI FORNECIMENTO). AF_05/2024","UN",10.81]
["Assentamento de Tubos de PVC e Metálicos em Redes de Água",105380,"ASSENTAMENTO DE CONEXÃO 2 ACESSOS ALINHADOS DE FERRO FUNDIDO PARA REDE DE ÁGUA, DN 1000, JUNTA ELÁSTICA, INSTALADO EM LOCAL COM NÍVEL ALTO DE INTERFERÊNCIAS (NÃO INCLUI FORNECIMENTO). AF_05/2024","UN",109.1]
["Assentamento de Tubos de PVC e Metálicos em Redes de Água",105267,"ASSENTAMENTO DE CONEXÃO 2 ACESSOS ALINHADOS DE FERRO FUNDIDO PARA REDE DE ÁGUA, DN 1000, JUNTA ELÁSTICA, INSTALADO EM LOCAL COM NÍVEL BAIXO DE INTERFERÊNCIAS (NÃO INCLUI FORNECIMENTO). AF_05/2024","UN",88.4]
["Assentamento de Tubos de PVC e Metálicos em Redes de Água",105249,"ASSENTAMENTO DE CONEXÃO 2 ACESSOS ALINHADOS DE FERRO FUNDIDO PARA REDE DE ÁGUA, DN 1200, JUNTA ELÁSTICA, INSTALADO EM LOCAL COM NÍVEL ALTO DE INTERFERÊNCIAS (NÃO INCLUI FORNECIMENTO). AF_05/2024","UN",132.65]
["Assentamento de Tubos de PVC e Metálicos em Redes de Água",105268,"ASSENTAMENTO DE CONEXÃO 2 ACESSOS ALINHADOS DE FERRO FUNDIDO PARA REDE DE ÁGUA, DN 1200, JUNTA ELÁSTICA, INSTALADO EM LOCAL COM NÍVEL BAIXO DE INTERFERÊNCIAS (NÃO INCLUI FORNECIMENTO). AF_05/2024","UN",108.24]
["Assentamento de Tubos de PVC e Metálicos em Redes de Água",105379,"ASSENTAMENTO DE CONEXÃO 2 ACESSOS ALINHADOS DE FERRO FUNDIDO PARA REDE DE ÁGUA, DN 150, JUNTA ELÁSTICA, INSTALADO EM LOCAL COM NÍVEL ALTO DE INTERFERÊNCIAS (NÃO INCLUI FORNECIMENTO). AF_05/2024","UN",18.57]
["Assentamento de Tubos de PVC e Metálicos em Redes de Água",105388,"ASSENTAMENTO DE CONEXÃO 2 ACESSOS ALINHADOS DE FERRO FUNDIDO PARA REDE DE ÁGUA, DN 150, JUNTA ELÁSTICA, INSTALADO EM LOCAL COM NÍVEL BAIXO DE INTERFERÊNCIAS (NÃO INCLUI FORNECIMENTO). AF_05/2024","UN",14.61]
["Assentamento de Tubos de PVC e Metálicos em Redes de Água",105392,"ASSENTAMENTO DE CONEXÃO 2 ACESSOS ALINHADOS DE FERRO FUNDIDO PARA REDE DE ÁGUA, DN 200, JUNTA ELÁSTICA, INSTALADO EM LOCAL COM NÍVEL ALTO DE INTERFERÊNCIAS (NÃO INCLUI FORNECIMENTO). AF_05/2024","UN",23.15]
["Assentamento de Tubos de PVC e Metálicos em Redes de Água",105389,"ASSENTAMENTO DE CONEXÃO 2 ACESSOS ALINHADOS DE FERRO FUNDIDO PARA REDE DE ÁGUA, DN 200, JUNTA ELÁSTICA, INSTALADO EM LOCAL COM NÍVEL BAIXO DE INTERFERÊNCIAS (NÃO INCLUI FORNECIMENTO). AF_05/2024","UN",18.41]
["Assentamento de Tubos de PVC e Metálicos em Redes de Água",105393,"ASSENTAMENTO DE CONEXÃO 2 ACESSOS ALINHADOS DE FERRO FUNDIDO PARA REDE DE ÁGUA, DN 250, JUNTA ELÁSTICA, INSTALADO EM LOCAL COM NÍVEL ALTO DE INTERFERÊNCIAS (NÃO INCLUI FORNECIMENTO). AF_05/2024","UN",27.89]
["Assentamento de Tubos de PVC e Metálicos em Redes de Água",105316,"ASSENTAMENTO DE CONEXÃO 2 ACESSOS ALINHADOS DE FERRO FUNDIDO PARA REDE DE ÁGUA, DN 250, JUNTA ELÁSTICA, INSTALADO EM LOCAL COM NÍVEL BAIXO DE INTERFERÊNCIAS (NÃO INCLUI FORNECIMENTO). AF_05/2024","UN",22.37]
["Assentamento de Tubos de PVC e Metálicos em Redes de Água",105394,"ASSENTAMENTO DE CONEXÃO 2 ACESSOS ALINHADOS DE FERRO FUNDIDO PARA REDE DE ÁGUA, DN 300, JUNTA ELÁSTICA, INSTALADO EM LOCAL COM NÍVEL ALTO DE INTERFERÊNCIAS (NÃO INCLUI FORNECIMENTO). AF_05/2024","UN",32.590000000000003]
["Assentamento de Tubos de PVC e Metálicos em Redes de Água",105317,"ASSENTAMENTO DE CONEXÃO 2 ACESSOS ALINHADOS DE FERRO FUNDIDO PARA REDE DE ÁGUA, DN 300, JUNTA ELÁSTICA, INSTALADO EM LOCAL COM NÍVEL BAIXO DE INTERFERÊNCIAS (NÃO INCLUI FORNECIMENTO). AF_05/2024","UN",26.31]
["Assentamento de Tubos de PVC e Metálicos em Redes de Água",105395,"ASSENTAMENTO DE CONEXÃO 2 ACESSOS ALINHADOS DE FERRO FUNDIDO PARA REDE DE ÁGUA, DN 350, JUNTA ELÁSTICA, INSTALADO EM LOCAL COM NÍVEL ALTO DE INTERFERÊNCIAS (NÃO INCLUI FORNECIMENTO). AF_05/2024","UN",37.299999999999997]
["Assentamento de Tubos de PVC e Metálicos em Redes de Água",105318,"ASSENTAMENTO DE CONEXÃO 2 ACESSOS ALINHADOS DE FERRO FUNDIDO PARA REDE DE ÁGUA, DN 350, JUNTA ELÁSTICA, INSTALADO EM LOCAL COM NÍVEL BAIXO DE INTERFERÊNCIAS (NÃO INCLUI FORNECIMENTO). AF_05/2024","UN",30.23]
["Assentamento de Tubos de PVC e Metálicos em Redes de Água",105396,"ASSENTAMENTO DE CONEXÃO 2 ACESSOS ALINHADOS DE FERRO FUNDIDO PARA REDE DE ÁGUA, DN 400, JUNTA ELÁSTICA, INSTALADO EM LOCAL COM NÍVEL ALTO DE INTERFERÊNCIAS (NÃO INCLUI FORNECIMENTO). AF_05/2024","UN",42.01]
["Assentamento de Tubos de PVC e Metálicos em Redes de Água",105258,"ASSENTAMENTO DE CONEXÃO 2 ACESSOS ALINHADOS DE FERRO FUNDIDO PARA REDE DE ÁGUA, DN 400, JUNTA ELÁSTICA, INSTALADO EM LOCAL COM NÍVEL BAIXO DE INTERFERÊNCIAS (NÃO INCLUI FORNECIMENTO). AF_05/2024","UN",34.17]
["Assentamento de Tubos de PVC e Metálicos em Redes de Água",105397,"ASSENTAMENTO DE CONEXÃO 2 ACESSOS ALINHADOS DE FERRO FUNDIDO PARA REDE DE ÁGUA, DN 450, JUNTA ELÁSTICA, INSTALADO EM LOCAL COM NÍVEL ALTO DE INTERFERÊNCIAS (NÃO INCLUI FORNECIMENTO). AF_05/2024","UN",46.85]
["Assentamento de Tubos de PVC e Metálicos em Redes de Água",105261,"ASSENTAMENTO DE CONEXÃO 2 ACESSOS ALINHADOS DE FERRO FUNDIDO PARA REDE DE ÁGUA, DN 450, JUNTA ELÁSTICA, INSTALADO EM LOCAL COM NÍVEL BAIXO DE INTERFERÊNCIAS (NÃO INCLUI FORNECIMENTO). AF_05/2024","UN",38.200000000000003]
["Assentamento de Tubos de PVC e Metálicos em Redes de Água",105398,"ASSENTAMENTO DE CONEXÃO 2 ACESSOS ALINHADOS DE FERRO FUNDIDO PARA REDE DE ÁGUA, DN 500, JUNTA ELÁSTICA, INSTALADO EM LOCAL COM NÍVEL ALTO DE INTERFERÊNCIAS (NÃO INCLUI FORNECIMENTO). AF_05/2024","UN",57.76]
["Assentamento de Tubos de PVC e Metálicos em Redes de Água",105262,"ASSENTAMENTO DE CONEXÃO 2 ACESSOS ALINHADOS DE FERRO FUNDIDO PARA REDE DE ÁGUA, DN 500, JUNTA ELÁSTICA, INSTALADO EM LOCAL COM NÍVEL BAIXO DE INTERFERÊNCIAS (NÃO INCLUI FORNECIMENTO). AF_05/2024","UN",46.35]
["Assentamento de Tubos de PVC e Metálicos em Redes de Água",105399,"ASSENTAMENTO DE CONEXÃO 2 ACESSOS ALINHADOS DE FERRO FUNDIDO PARA REDE DE ÁGUA, DN 600, JUNTA ELÁSTICA, INSTALADO EM LOCAL COM NÍVEL ALTO DE INTERFERÊNCIAS (NÃO INCLUI FORNECIMENTO). AF_05/2024","UN",68.34]
["Assentamento de Tubos de PVC e Metálicos em Redes de Água",105263,"ASSENTAMENTO DE CONEXÃO 2 ACESSOS ALINHADOS DE FERRO FUNDIDO PARA REDE DE ÁGUA, DN 600, JUNTA ELÁSTICA, INSTALADO EM LOCAL COM NÍVEL BAIXO DE INTERFERÊNCIAS (NÃO INCLUI FORNECIMENTO). AF_05/2024","UN",55.08]
["Assentamento de Tubos de PVC e Metálicos em Redes de Água",105400,"ASSENTAMENTO DE CONEXÃO 2 ACESSOS ALINHADOS DE FERRO FUNDIDO PARA REDE DE ÁGUA, DN 700, JUNTA ELÁSTICA, INSTALADO EM LOCAL COM NÍVEL ALTO DE INTERFERÊNCIAS (NÃO INCLUI FORNECIMENTO). AF_05/2024","UN",78.22]
["Assentamento de Tubos de PVC e Metálicos em Redes de Água",105264,"ASSENTAMENTO DE CONEXÃO 2 ACESSOS ALINHADOS DE FERRO FUNDIDO PARA REDE DE ÁGUA, DN 700, JUNTA ELÁSTICA, INSTALADO EM LOCAL COM NÍVEL BAIXO DE INTERFERÊNCIAS (NÃO INCLUI FORNECIMENTO). AF_05/2024","UN",63.09]
["Assentamento de Tubos de PVC e Metálicos em Redes de Água",105297,"ASSENTAMENTO DE CONEXÃO 2 ACESSOS ALINHADOS DE FERRO FUNDIDO PARA REDE DE ÁGUA, DN 80, JUNTA ELÁSTICA, INSTALADO EM LOCAL COM NÍVEL ALTO DE INTERFERÊNCIAS (NÃO INCLUI FORNECIMENTO). AF_05/2024","UN",12.13]
["Assentamento de Tubos de PVC e Metálicos em Redes de Água",105372,"ASSENTAMENTO DE CONEXÃO 2 ACESSOS ALINHADOS DE FERRO FUNDIDO PARA REDE DE ÁGUA, DN 80, JUNTA ELÁSTICA, INSTALADO EM LOCAL COM NÍVEL BAIXO DE INTERFERÊNCIAS (NÃO INCLUI FORNECIMENTO). AF_05/2024","UN",9.26]
["Assentamento de Tubos de PVC e Metálicos em Redes de Água",105401,"ASSENTAMENTO DE CONEXÃO 2 ACESSOS ALINHADOS DE FERRO FUNDIDO PARA REDE DE ÁGUA, DN 800, JUNTA ELÁSTICA, INSTALADO EM LOCAL COM NÍVEL ALTO DE INTERFERÊNCIAS (NÃO INCLUI FORNECIMENTO). AF_05/2024","UN",88.34]
["Assentamento de Tubos de PVC e Metálicos em Redes de Água",105265,"ASSENTAMENTO DE CONEXÃO 2 ACESSOS ALINHADOS DE FERRO FUNDIDO PARA REDE DE ÁGUA, DN 800, JUNTA ELÁSTICA, INSTALADO EM LOCAL COM NÍVEL BAIXO DE INTERFERÊNCIAS (NÃO INCLUI FORNECIMENTO). AF_05/2024","UN",71.349999999999994]
["Assentamento de Tubos de PVC e Metálicos em Redes de Água",105402,"ASSENTAMENTO DE CONEXÃO 2 ACESSOS ALINHADOS DE FERRO FUNDIDO PARA REDE DE ÁGUA, DN 900, JUNTA ELÁSTICA, INSTALADO EM LOCAL COM NÍVEL ALTO DE INTERFERÊNCIAS (NÃO INCLUI FORNECIMENTO). AF_05/2024","UN",98.69]
["Assentamento de Tubos de PVC e Metálicos em Redes de Água",105266,"ASSENTAMENTO DE CONEXÃO 2 ACESSOS ALINHADOS DE FERRO FUNDIDO PARA REDE DE ÁGUA, DN 900, JUNTA ELÁSTICA, INSTALADO EM LOCAL COM NÍVEL BAIXO DE INTERFERÊNCIAS (NÃO INCLUI FORNECIMENTO). AF_05/2024","UN",79.83]
["Assentamento de Tubos de PVC e Metálicos em Redes de Água",105361,"ASSENTAMENTO DE CONEXÃO 2 ACESSOS ALINHADOS DE PVC PBA PARA REDE DE ÁGUA, DN 100, JUNTA ELÁSTICA INTEGRADA, INSTALADO EM LOCAL COM NÍVEL ALTO DE INTERFERÊNCIAS (NÃO INCLUI FORNECIMENTO). AF_05/2024","UN",19.989999999999998]
["Assentamento de Tubos de PVC e Metálicos em Redes de Água",105382,"ASSENTAMENTO DE CONEXÃO 2 ACESSOS ALINHADOS DE PVC PBA PARA REDE DE ÁGUA, DN 100, JUNTA ELÁSTICA INTEGRADA, INSTALADO EM LOCAL COM NÍVEL BAIXO DE INTERFERÊNCIAS (NÃO INCLUI FORNECIMENTO). AF_05/2024","UN",16.489999999999998]
["Assentamento de Tubos de PVC e Metálicos em Redes de Água",105359,"ASSENTAMENTO DE CONEXÃO 2 ACESSOS ALINHADOS DE PVC PBA PARA REDE DE ÁGUA, DN 50, JUNTA ELÁSTICA INTEGRADA, INSTALADO EM LOCAL COM NÍVEL ALTO DE INTERFERÊNCIAS (NÃO INCLUI FORNECIMENTO). AF_05/2024","UN",14.24]
["Assentamento de Tubos de PVC e Metálicos em Redes de Água",105315,"ASSENTAMENTO DE CONEXÃO 2 ACESSOS ALINHADOS DE PVC PBA PARA REDE DE ÁGUA, DN 50, JUNTA ELÁSTICA INTEGRADA, INSTALADO EM LOCAL COM NÍVEL BAIXO DE INTERFERÊNCIAS (NÃO INCLUI FORNECIMENTO). AF_05/2024","UN",11.68]
["Assentamento de Tubos de PVC e Metálicos em Redes de Água",105360,"ASSENTAMENTO DE CONEXÃO 2 ACESSOS ALINHADOS DE PVC PBA PARA REDE DE ÁGUA, DN 75, JUNTA ELÁSTICA INTEGRADA, INSTALADO EM LOCAL COM NÍVEL ALTO DE INTERFERÊNCIAS (NÃO INCLUI FORNECIMENTO). AF_05/2024","UN",17.2]
["Assentamento de Tubos de PVC e Metálicos em Redes de Água",105381,"ASSENTAMENTO DE CONEXÃO 2 ACESSOS ALINHADOS DE PVC PBA PARA REDE DE ÁGUA, DN 75, JUNTA ELÁSTICA INTEGRADA, INSTALADO EM LOCAL COM NÍVEL BAIXO DE INTERFERÊNCIAS (NÃO INCLUI FORNECIMENTO). AF_05/2024","UN",14.16]
["Assentamento de Tubos de PVC e Metálicos em Redes de Água",105251,"ASSENTAMENTO DE CONEXÃO 2 ACESSOS INCLINADOS DE FERRO FUNDIDO PARA REDE DE ÁGUA, DN 100, JUNTA ELÁSTICA, INSTALADO EM LOCAL COM NÍVEL ALTO DE INTERFERÊNCIAS (NÃO INCLUI FORNECIMENTO). AF_05/2024","UN",20.58]
["Assentamento de Tubos de PVC e Metálicos em Redes de Água",105282,"ASSENTAMENTO DE CONEXÃO 2 ACESSOS INCLINADOS DE FERRO FUNDIDO PARA REDE DE ÁGUA, DN 100, JUNTA ELÁSTICA, INSTALADO EM LOCAL COM NÍVEL BAIXO DE INTERFERÊNCIAS (NÃO INCLUI FORNECIMENTO). AF_05/2024","UN",15.82]
["Assentamento de Tubos de PVC e Metálicos em Redes de Água",105276,"ASSENTAMENTO DE CONEXÃO 2 ACESSOS INCLINADOS DE FERRO FUNDIDO PARA REDE DE ÁGUA, DN 1000, JUNTA ELÁSTICA, INSTALADO EM LOCAL COM NÍVEL ALTO DE INTERFERÊNCIAS (NÃO INCLUI FORNECIMENTO). AF_05/2024","UN",160.04]
["Assentamento de Tubos de PVC e Metálicos em Redes de Água",105341,"ASSENTAMENTO DE CONEXÃO 2 ACESSOS INCLINADOS DE FERRO FUNDIDO PARA REDE DE ÁGUA, DN 1000, JUNTA ELÁSTICA, INSTALADO EM LOCAL COM NÍVEL BAIXO DE INTERFERÊNCIAS (NÃO INCLUI FORNECIMENTO). AF_05/2024","UN",128.97999999999999]
["Assentamento de Tubos de PVC e Metálicos em Redes de Água",105277,"ASSENTAMENTO DE CONEXÃO 2 ACESSOS INCLINADOS DE FERRO FUNDIDO PARA REDE DE ÁGUA, DN 1200, JUNTA ELÁSTICA, INSTALADO EM LOCAL COM NÍVEL ALTO DE INTERFERÊNCIAS (NÃO INCLUI FORNECIMENTO). AF_05/2024","UN",193.15]
["Assentamento de Tubos de PVC e Metálicos em Redes de Água",105342,"ASSENTAMENTO DE CONEXÃO 2 ACESSOS INCLINADOS DE FERRO FUNDIDO PARA REDE DE ÁGUA, DN 1200, JUNTA ELÁSTICA, INSTALADO EM LOCAL COM NÍVEL BAIXO DE INTERFERÊNCIAS (NÃO INCLUI FORNECIMENTO). AF_05/2024","UN",156.53]
["Assentamento de Tubos de PVC e Metálicos em Redes de Água",105252,"ASSENTAMENTO DE CONEXÃO 2 ACESSOS INCLINADOS DE FERRO FUNDIDO PARA REDE DE ÁGUA, DN 150, JUNTA ELÁSTICA, INSTALADO EM LOCAL COM NÍVEL ALTO DE INTERFERÊNCIAS (NÃO INCLUI FORNECIMENTO). AF_05/2024","UN",27.34]
["Assentamento de Tubos de PVC e Metálicos em Redes de Água",105298,"ASSENTAMENTO DE CONEXÃO 2 ACESSOS INCLINADOS DE FERRO FUNDIDO PARA REDE DE ÁGUA, DN 150, JUNTA ELÁSTICA, INSTALADO EM LOCAL COM NÍVEL BAIXO DE INTERFERÊNCIAS (NÃO INCLUI FORNECIMENTO). AF_05/2024","UN",21.39]
["Assentamento de Tubos de PVC e Metálicos em Redes de Água",105253,"ASSENTAMENTO DE CONEXÃO 2 ACESSOS INCLINADOS DE FERRO FUNDIDO PARA REDE DE ÁGUA, DN 200, JUNTA ELÁSTICA, INSTALADO EM LOCAL COM NÍVEL ALTO DE INTERFERÊNCIAS (NÃO INCLUI FORNECIMENTO). AF_05/2024","UN",34.08]
["Assentamento de Tubos de PVC e Metálicos em Redes de Água",105299,"ASSENTAMENTO DE CONEXÃO 2 ACESSOS INCLINADOS DE FERRO FUNDIDO PARA REDE DE ÁGUA, DN 200, JUNTA ELÁSTICA, INSTALADO EM LOCAL COM NÍVEL BAIXO DE INTERFERÊNCIAS (NÃO INCLUI FORNECIMENTO). AF_05/2024","UN",26.97]
["Assentamento de Tubos de PVC e Metálicos em Redes de Água",105254,"ASSENTAMENTO DE CONEXÃO 2 ACESSOS INCLINADOS DE FERRO FUNDIDO PARA REDE DE ÁGUA, DN 250, JUNTA ELÁSTICA, INSTALADO EM LOCAL COM NÍVEL ALTO DE INTERFERÊNCIAS (NÃO INCLUI FORNECIMENTO). AF_05/2024","UN",40.97]
["Assentamento de Tubos de PVC e Metálicos em Redes de Água",105300,"ASSENTAMENTO DE CONEXÃO 2 ACESSOS INCLINADOS DE FERRO FUNDIDO PARA REDE DE ÁGUA, DN 250, JUNTA ELÁSTICA, INSTALADO EM LOCAL COM NÍVEL BAIXO DE INTERFERÊNCIAS (NÃO INCLUI FORNECIMENTO). AF_05/2024","UN",32.69]
["Assentamento de Tubos de PVC e Metálicos em Redes de Água",105255,"ASSENTAMENTO DE CONEXÃO 2 ACESSOS INCLINADOS DE FERRO FUNDIDO PARA REDE DE ÁGUA, DN 300, JUNTA ELÁSTICA, INSTALADO EM LOCAL COM NÍVEL ALTO DE INTERFERÊNCIAS (NÃO INCLUI FORNECIMENTO). AF_05/2024","UN",47.84]
["Assentamento de Tubos de PVC e Metálicos em Redes de Água",105301,"ASSENTAMENTO DE CONEXÃO 2 ACESSOS INCLINADOS DE FERRO FUNDIDO PARA REDE DE ÁGUA, DN 300, JUNTA ELÁSTICA, INSTALADO EM LOCAL COM NÍVEL BAIXO DE INTERFERÊNCIAS (NÃO INCLUI FORNECIMENTO). AF_05/2024","UN",38.4]
["Assentamento de Tubos de PVC e Metálicos em Redes de Água",105256,"ASSENTAMENTO DE CONEXÃO 2 ACESSOS INCLINADOS DE FERRO FUNDIDO PARA REDE DE ÁGUA, DN 350, JUNTA ELÁSTICA, INSTALADO EM LOCAL COM NÍVEL ALTO DE INTERFERÊNCIAS (NÃO INCLUI FORNECIMENTO). AF_05/2024","UN",54.71]
["Assentamento de Tubos de PVC e Metálicos em Redes de Água",105302,"ASSENTAMENTO DE CONEXÃO 2 ACESSOS INCLINADOS DE FERRO FUNDIDO PARA REDE DE ÁGUA, DN 350, JUNTA ELÁSTICA, INSTALADO EM LOCAL COM NÍVEL BAIXO DE INTERFERÊNCIAS (NÃO INCLUI FORNECIMENTO). AF_05/2024","UN",44.11]
["Assentamento de Tubos de PVC e Metálicos em Redes de Água",105257,"ASSENTAMENTO DE CONEXÃO 2 ACESSOS INCLINADOS DE FERRO FUNDIDO PARA REDE DE ÁGUA, DN 400, JUNTA ELÁSTICA, INSTALADO EM LOCAL COM NÍVEL ALTO DE INTERFERÊNCIAS (NÃO INCLUI FORNECIMENTO). AF_05/2024","UN",61.57]
["Assentamento de Tubos de PVC e Metálicos em Redes de Água",105303,"ASSENTAMENTO DE CONEXÃO 2 ACESSOS INCLINADOS DE FERRO FUNDIDO PARA REDE DE ÁGUA, DN 400, JUNTA ELÁSTICA, INSTALADO EM LOCAL COM NÍVEL BAIXO DE INTERFERÊNCIAS (NÃO INCLUI FORNECIMENTO). AF_05/2024","UN",49.8]
["Assentamento de Tubos de PVC e Metálicos em Redes de Água",105270,"ASSENTAMENTO DE CONEXÃO 2 ACESSOS INCLINADOS DE FERRO FUNDIDO PARA REDE DE ÁGUA, DN 450, JUNTA ELÁSTICA, INSTALADO EM LOCAL COM NÍVEL ALTO DE INTERFERÊNCIAS (NÃO INCLUI FORNECIMENTO). AF_05/2024","UN",68.58]
["Assentamento de Tubos de PVC e Metálicos em Redes de Água",105304,"ASSENTAMENTO DE CONEXÃO 2 ACESSOS INCLINADOS DE FERRO FUNDIDO PARA REDE DE ÁGUA, DN 450, JUNTA ELÁSTICA, INSTALADO EM LOCAL COM NÍVEL BAIXO DE INTERFERÊNCIAS (NÃO INCLUI FORNECIMENTO). AF_05/2024","UN",55.63]
["Assentamento de Tubos de PVC e Metálicos em Redes de Água",105271,"ASSENTAMENTO DE CONEXÃO 2 ACESSOS INCLINADOS DE FERRO FUNDIDO PARA REDE DE ÁGUA, DN 500, JUNTA ELÁSTICA, INSTALADO EM LOCAL COM NÍVEL ALTO DE INTERFERÊNCIAS (NÃO INCLUI FORNECIMENTO). AF_05/2024","UN",84.74]
["Assentamento de Tubos de PVC e Metálicos em Redes de Água",105305,"ASSENTAMENTO DE CONEXÃO 2 ACESSOS INCLINADOS DE FERRO FUNDIDO PARA REDE DE ÁGUA, DN 500, JUNTA ELÁSTICA, INSTALADO EM LOCAL COM NÍVEL BAIXO DE INTERFERÊNCIAS (NÃO INCLUI FORNECIMENTO). AF_05/2024","UN",67.63]
["Assentamento de Tubos de PVC e Metálicos em Redes de Água",105272,"ASSENTAMENTO DE CONEXÃO 2 ACESSOS INCLINADOS DE FERRO FUNDIDO PARA REDE DE ÁGUA, DN 600, JUNTA ELÁSTICA, INSTALADO EM LOCAL COM NÍVEL ALTO DE INTERFERÊNCIAS (NÃO INCLUI FORNECIMENTO). AF_05/2024","UN",100.12]
["Assentamento de Tubos de PVC e Metálicos em Redes de Água",105306,"ASSENTAMENTO DE CONEXÃO 2 ACESSOS INCLINADOS DE FERRO FUNDIDO PARA REDE DE ÁGUA, DN 600, JUNTA ELÁSTICA, INSTALADO EM LOCAL COM NÍVEL BAIXO DE INTERFERÊNCIAS (NÃO INCLUI FORNECIMENTO). AF_05/2024","UN",80.2]
["Assentamento de Tubos de PVC e Metálicos em Redes de Água",105273,"ASSENTAMENTO DE CONEXÃO 2 ACESSOS INCLINADOS DE FERRO FUNDIDO PARA REDE DE ÁGUA, DN 700, JUNTA ELÁSTICA, INSTALADO EM LOCAL COM NÍVEL ALTO DE INTERFERÊNCIAS (NÃO INCLUI FORNECIMENTO). AF_05/2024","UN",114.77]
["Assentamento de Tubos de PVC e Metálicos em Redes de Água",105307,"ASSENTAMENTO DE CONEXÃO 2 ACESSOS INCLINADOS DE FERRO FUNDIDO PARA REDE DE ÁGUA, DN 700, JUNTA ELÁSTICA, INSTALADO EM LOCAL COM NÍVEL BAIXO DE INTERFERÊNCIAS (NÃO INCLUI FORNECIMENTO). AF_05/2024","UN",92.08]
["Assentamento de Tubos de PVC e Metálicos em Redes de Água",105250,"ASSENTAMENTO DE CONEXÃO 2 ACESSOS INCLINADOS DE FERRO FUNDIDO PARA REDE DE ÁGUA, DN 80, JUNTA ELÁSTICA, INSTALADO EM LOCAL COM NÍVEL ALTO DE INTERFERÊNCIAS (NÃO INCLUI FORNECIMENTO). AF_05/2024","UN",17.87]
["Assentamento de Tubos de PVC e Metálicos em Redes de Água",105269,"ASSENTAMENTO DE CONEXÃO 2 ACESSOS INCLINADOS DE FERRO FUNDIDO PARA REDE DE ÁGUA, DN 80, JUNTA ELÁSTICA, INSTALADO EM LOCAL COM NÍVEL BAIXO DE INTERFERÊNCIAS (NÃO INCLUI FORNECIMENTO). AF_05/2024","UN",13.55]
["Assentamento de Tubos de PVC e Metálicos em Redes de Água",105274,"ASSENTAMENTO DE CONEXÃO 2 ACESSOS INCLINADOS DE FERRO FUNDIDO PARA REDE DE ÁGUA, DN 800, JUNTA ELÁSTICA, INSTALADO EM LOCAL COM NÍVEL ALTO DE INTERFERÊNCIAS (NÃO INCLUI FORNECIMENTO). AF_05/2024","UN",129.69]
["Assentamento de Tubos de PVC e Metálicos em Redes de Água",105340,"ASSENTAMENTO DE CONEXÃO 2 ACESSOS INCLINADOS DE FERRO FUNDIDO PARA REDE DE ÁGUA, DN 800, JUNTA ELÁSTICA, INSTALADO EM LOCAL COM NÍVEL BAIXO DE INTERFERÊNCIAS (NÃO INCLUI FORNECIMENTO). AF_05/2024","UN",104.22]
["Assentamento de Tubos de PVC e Metálicos em Redes de Água",105275,"ASSENTAMENTO DE CONEXÃO 2 ACESSOS INCLINADOS DE FERRO FUNDIDO PARA REDE DE ÁGUA, DN 900, JUNTA ELÁSTICA, INSTALADO EM LOCAL COM NÍVEL ALTO DE INTERFERÊNCIAS (NÃO INCLUI FORNECIMENTO). AF_05/2024","UN",144.82]
["Assentamento de Tubos de PVC e Metálicos em Redes de Água",105390,"ASSENTAMENTO DE CONEXÃO 2 ACESSOS INCLINADOS DE FERRO FUNDIDO PARA REDE DE ÁGUA, DN 900, JUNTA ELÁSTICA, INSTALADO EM LOCAL COM NÍVEL BAIXO DE INTERFERÊNCIAS (NÃO INCLUI FORNECIMENTO). AF_05/2024","UN",116.53]
["Assentamento de Tubos de PVC e Metálicos em Redes de Água",105364,"ASSENTAMENTO DE CONEXÃO 2 ACESSOS INCLINADOS DE PVC PBA PARA REDE DE ÁGUA, DN 100, JUNTA ELÁSTICA INTEGRADA, INSTALADO EM LOCAL COM NÍVEL ALTO DE INTERFERÊNCIAS (NÃO INCLUI FORNECIMENTO). AF_05/2024","UN",29.26]
["Assentamento de Tubos de PVC e Metálicos em Redes de Água",105385,"ASSENTAMENTO DE CONEXÃO 2 ACESSOS INCLINADOS DE PVC PBA PARA REDE DE ÁGUA, DN 100, JUNTA ELÁSTICA INTEGRADA, INSTALADO EM LOCAL COM NÍVEL BAIXO DE INTERFERÊNCIAS (NÃO INCLUI FORNECIMENTO). AF_05/2024","UN",24.01]
["Assentamento de Tubos de PVC e Metálicos em Redes de Água",105362,"ASSENTAMENTO DE CONEXÃO 2 ACESSOS INCLINADOS DE PVC PBA PARA REDE DE ÁGUA, DN 50, JUNTA ELÁSTICA INTEGRADA, INSTALADO EM LOCAL COM NÍVEL ALTO DE INTERFERÊNCIAS (NÃO INCLUI FORNECIMENTO). AF_05/2024","UN",21.05]
["Assentamento de Tubos de PVC e Metálicos em Redes de Água",105383,"ASSENTAMENTO DE CONEXÃO 2 ACESSOS INCLINADOS DE PVC PBA PARA REDE DE ÁGUA, DN 50, JUNTA ELÁSTICA INTEGRADA, INSTALADO EM LOCAL COM NÍVEL BAIXO DE INTERFERÊNCIAS (NÃO INCLUI FORNECIMENTO). AF_05/2024","UN",17.2]
["Assentamento de Tubos de PVC e Metálicos em Redes de Água",105363,"ASSENTAMENTO DE CONEXÃO 2 ACESSOS INCLINADOS DE PVC PBA PARA REDE DE ÁGUA, DN 75, JUNTA ELÁSTICA INTEGRADA, INSTALADO EM LOCAL COM NÍVEL ALTO DE INTERFERÊNCIAS (NÃO INCLUI FORNECIMENTO). AF_05/2024","UN",25.24]
["Assentamento de Tubos de PVC e Metálicos em Redes de Água",105384,"ASSENTAMENTO DE CONEXÃO 2 ACESSOS INCLINADOS DE PVC PBA PARA REDE DE ÁGUA, DN 75, JUNTA ELÁSTICA INTEGRADA, INSTALADO EM LOCAL COM NÍVEL BAIXO DE INTERFERÊNCIAS (NÃO INCLUI FORNECIMENTO). AF_05/2024","UN",20.68]
["Assentamento de Tubos de PVC e Metálicos em Redes de Água",105279,"ASSENTAMENTO DE CONEXÃO 3 ACESSOS DE FERRO FUNDIDO PARA REDE DE ÁGUA, DN 100, JUNTA ELÁSTICA, INSTALADO EM LOCAL COM NÍVEL ALTO DE INTERFERÊNCIAS (NÃO INCLUI FORNECIMENTO). AF_05/2024","UN",28.02]
["Assentamento de Tubos de PVC e Metálicos em Redes de Água",105259,"ASSENTAMENTO DE CONEXÃO 3 ACESSOS DE FERRO FUNDIDO PARA REDE DE ÁGUA, DN 100, JUNTA ELÁSTICA, INSTALADO EM LOCAL COM NÍVEL BAIXO DE INTERFERÊNCIAS (NÃO INCLUI FORNECIMENTO). AF_05/2024","UN",21.66]
["Assentamento de Tubos de PVC e Metálicos em Redes de Água",105357,"ASSENTAMENTO DE CONEXÃO 3 ACESSOS DE FERRO FUNDIDO PARA REDE DE ÁGUA, DN 1000, JUNTA ELÁSTICA, INSTALADO EM LOCAL COM NÍVEL ALTO DE INTERFERÊNCIAS (NÃO INCLUI FORNECIMENTO). AF_05/2024","UN",218.24]
["Assentamento de Tubos de PVC e Metálicos em Redes de Água",105346,"ASSENTAMENTO DE CONEXÃO 3 ACESSOS DE FERRO FUNDIDO PARA REDE DE ÁGUA, DN 1000, JUNTA ELÁSTICA, INSTALADO EM LOCAL COM NÍVEL BAIXO DE INTERFERÊNCIAS (NÃO INCLUI FORNECIMENTO). AF_05/2024","UN",176.83]
["Assentamento de Tubos de PVC e Metálicos em Redes de Água",105358,"ASSENTAMENTO DE CONEXÃO 3 ACESSOS DE FERRO FUNDIDO PARA REDE DE ÁGUA, DN 1200, JUNTA ELÁSTICA, INSTALADO EM LOCAL COM NÍVEL ALTO DE INTERFERÊNCIAS (NÃO INCLUI FORNECIMENTO). AF_05/2024","UN",265.32]
["Assentamento de Tubos de PVC e Metálicos em Redes de Água",105347,"ASSENTAMENTO DE CONEXÃO 3 ACESSOS DE FERRO FUNDIDO PARA REDE DE ÁGUA, DN 1200, JUNTA ELÁSTICA, INSTALADO EM LOCAL COM NÍVEL BAIXO DE INTERFERÊNCIAS (NÃO INCLUI FORNECIMENTO). AF_05/2024","UN",216.48]
["Assentamento de Tubos de PVC e Metálicos em Redes de Água",105280,"ASSENTAMENTO DE CONEXÃO 3 ACESSOS DE FERRO FUNDIDO PARA REDE DE ÁGUA, DN 150, JUNTA ELÁSTICA, INSTALADO EM LOCAL COM NÍVEL ALTO DE INTERFERÊNCIAS (NÃO INCLUI FORNECIMENTO). AF_05/2024","UN",37.18]
["Assentamento de Tubos de PVC e Metálicos em Redes de Água",105283,"ASSENTAMENTO DE CONEXÃO 3 ACESSOS DE FERRO FUNDIDO PARA REDE DE ÁGUA, DN 150, JUNTA ELÁSTICA, INSTALADO EM LOCAL COM NÍVEL BAIXO DE INTERFERÊNCIAS (NÃO INCLUI FORNECIMENTO). AF_05/2024","UN",29.26]
["Assentamento de Tubos de PVC e Metálicos em Redes de Água",105281,"ASSENTAMENTO DE CONEXÃO 3 ACESSOS DE FERRO FUNDIDO PARA REDE DE ÁGUA, DN 200, JUNTA ELÁSTICA, INSTALADO EM LOCAL COM NÍVEL ALTO DE INTERFERÊNCIAS (NÃO INCLUI FORNECIMENTO). AF_05/2024","UN",46.33]
["Assentamento de Tubos de PVC e Metálicos em Redes de Água",105319,"ASSENTAMENTO DE CONEXÃO 3 ACESSOS DE FERRO FUNDIDO PARA REDE DE ÁGUA, DN 200, JUNTA ELÁSTICA, INSTALADO EM LOCAL COM NÍVEL BAIXO DE INTERFERÊNCIAS (NÃO INCLUI FORNECIMENTO). AF_05/2024","UN",36.869999999999997]
["Assentamento de Tubos de PVC e Metálicos em Redes de Água",105284,"ASSENTAMENTO DE CONEXÃO 3 ACESSOS DE FERRO FUNDIDO PARA REDE DE ÁGUA, DN 250, JUNTA ELÁSTICA, INSTALADO EM LOCAL COM NÍVEL ALTO DE INTERFERÊNCIAS (NÃO INCLUI FORNECIMENTO). AF_05/2024","UN",55.81]
["Assentamento de Tubos de PVC e Metálicos em Redes de Água",105320,"ASSENTAMENTO DE CONEXÃO 3 ACESSOS DE FERRO FUNDIDO PARA REDE DE ÁGUA, DN 250, JUNTA ELÁSTICA, INSTALADO EM LOCAL COM NÍVEL BAIXO DE INTERFERÊNCIAS (NÃO INCLUI FORNECIMENTO). AF_05/2024","UN",44.77]
["Assentamento de Tubos de PVC e Metálicos em Redes de Água",105348,"ASSENTAMENTO DE CONEXÃO 3 ACESSOS DE FERRO FUNDIDO PARA REDE DE ÁGUA, DN 300, JUNTA ELÁSTICA, INSTALADO EM LOCAL COM NÍVEL ALTO DE INTERFERÊNCIAS (NÃO INCLUI FORNECIMENTO). AF_05/2024","UN",65.209999999999994]
["Assentamento de Tubos de PVC e Metálicos em Redes de Água",105321,"ASSENTAMENTO DE CONEXÃO 3 ACESSOS DE FERRO FUNDIDO PARA REDE DE ÁGUA, DN 300, JUNTA ELÁSTICA, INSTALADO EM LOCAL COM NÍVEL BAIXO DE INTERFERÊNCIAS (NÃO INCLUI FORNECIMENTO). AF_05/2024","UN",52.62]
["Assentamento de Tubos de PVC e Metálicos em Redes de Água",105349,"ASSENTAMENTO DE CONEXÃO 3 ACESSOS DE FERRO FUNDIDO PARA REDE DE ÁGUA, DN 350, JUNTA ELÁSTICA, INSTALADO EM LOCAL COM NÍVEL ALTO DE INTERFERÊNCIAS (NÃO INCLUI FORNECIMENTO). AF_05/2024","UN",74.63]
["Assentamento de Tubos de PVC e Metálicos em Redes de Água",105322,"ASSENTAMENTO DE CONEXÃO 3 ACESSOS DE FERRO FUNDIDO PARA REDE DE ÁGUA, DN 350, JUNTA ELÁSTICA, INSTALADO EM LOCAL COM NÍVEL BAIXO DE INTERFERÊNCIAS (NÃO INCLUI FORNECIMENTO). AF_05/2024","UN",60.48]
["Assentamento de Tubos de PVC e Metálicos em Redes de Água",105350,"ASSENTAMENTO DE CONEXÃO 3 ACESSOS DE FERRO FUNDIDO PARA REDE DE ÁGUA, DN 400, JUNTA ELÁSTICA, INSTALADO EM LOCAL COM NÍVEL ALTO DE INTERFERÊNCIAS (NÃO INCLUI FORNECIMENTO). AF_05/2024","UN",84.04]
["Assentamento de Tubos de PVC e Metálicos em Redes de Água",105323,"ASSENTAMENTO DE CONEXÃO 3 ACESSOS DE FERRO FUNDIDO PARA REDE DE ÁGUA, DN 400, JUNTA ELÁSTICA, INSTALADO EM LOCAL COM NÍVEL BAIXO DE INTERFERÊNCIAS (NÃO INCLUI FORNECIMENTO). AF_05/2024","UN",68.34]
["Assentamento de Tubos de PVC e Metálicos em Redes de Água",105351,"ASSENTAMENTO DE CONEXÃO 3 ACESSOS DE FERRO FUNDIDO PARA REDE DE ÁGUA, DN 450, JUNTA ELÁSTICA, INSTALADO EM LOCAL COM NÍVEL ALTO DE INTERFERÊNCIAS (NÃO INCLUI FORNECIMENTO). AF_05/2024","UN",93.72]
["Assentamento de Tubos de PVC e Metálicos em Redes de Água",105324,"ASSENTAMENTO DE CONEXÃO 3 ACESSOS DE FERRO FUNDIDO PARA REDE DE ÁGUA, DN 450, JUNTA ELÁSTICA, INSTALADO EM LOCAL COM NÍVEL BAIXO DE INTERFERÊNCIAS (NÃO INCLUI FORNECIMENTO). AF_05/2024","UN",76.45]
["Assentamento de Tubos de PVC e Metálicos em Redes de Água",105352,"ASSENTAMENTO DE CONEXÃO 3 ACESSOS DE FERRO FUNDIDO PARA REDE DE ÁGUA, DN 500, JUNTA ELÁSTICA, INSTALADO EM LOCAL COM NÍVEL ALTO DE INTERFERÊNCIAS (NÃO INCLUI FORNECIMENTO). AF_05/2024","UN",115.55]
["Assentamento de Tubos de PVC e Metálicos em Redes de Água",105325,"ASSENTAMENTO DE CONEXÃO 3 ACESSOS DE FERRO FUNDIDO PARA REDE DE ÁGUA, DN 500, JUNTA ELÁSTICA, INSTALADO EM LOCAL COM NÍVEL BAIXO DE INTERFERÊNCIAS (NÃO INCLUI FORNECIMENTO). AF_05/2024","UN",92.73]
["Assentamento de Tubos de PVC e Metálicos em Redes de Água",105353,"ASSENTAMENTO DE CONEXÃO 3 ACESSOS DE FERRO FUNDIDO PARA REDE DE ÁGUA, DN 600, JUNTA ELÁSTICA, INSTALADO EM LOCAL COM NÍVEL ALTO DE INTERFERÊNCIAS (NÃO INCLUI FORNECIMENTO). AF_05/2024","UN",136.72]
["Assentamento de Tubos de PVC e Metálicos em Redes de Água",105326,"ASSENTAMENTO DE CONEXÃO 3 ACESSOS DE FERRO FUNDIDO PARA REDE DE ÁGUA, DN 600, JUNTA ELÁSTICA, INSTALADO EM LOCAL COM NÍVEL BAIXO DE INTERFERÊNCIAS (NÃO INCLUI FORNECIMENTO). AF_05/2024","UN",110.18]
["Assentamento de Tubos de PVC e Metálicos em Redes de Água",105354,"ASSENTAMENTO DE CONEXÃO 3 ACESSOS DE FERRO FUNDIDO PARA REDE DE ÁGUA, DN 700, JUNTA ELÁSTICA, INSTALADO EM LOCAL COM NÍVEL ALTO DE INTERFERÊNCIAS (NÃO INCLUI FORNECIMENTO). AF_05/2024","UN",156.44999999999999]
["Assentamento de Tubos de PVC e Metálicos em Redes de Água",105344,"ASSENTAMENTO DE CONEXÃO 3 ACESSOS DE FERRO FUNDIDO PARA REDE DE ÁGUA, DN 700, JUNTA ELÁSTICA, INSTALADO EM LOCAL COM NÍVEL BAIXO DE INTERFERÊNCIAS (NÃO INCLUI FORNECIMENTO). AF_05/2024","UN",126.21]
["Assentamento de Tubos de PVC e Metálicos em Redes de Água",105278,"ASSENTAMENTO DE CONEXÃO 3 ACESSOS DE FERRO FUNDIDO PARA REDE DE ÁGUA, DN 80, JUNTA ELÁSTICA, INSTALADO EM LOCAL COM NÍVEL ALTO DE INTERFERÊNCIAS (NÃO INCLUI FORNECIMENTO). AF_05/2024","UN",24.29]
["Assentamento de Tubos de PVC e Metálicos em Redes de Água",105343,"ASSENTAMENTO DE CONEXÃO 3 ACESSOS DE FERRO FUNDIDO PARA REDE DE ÁGUA, DN 80, JUNTA ELÁSTICA, INSTALADO EM LOCAL COM NÍVEL BAIXO DE INTERFERÊNCIAS (NÃO INCLUI FORNECIMENTO). AF_05/2024","UN",18.559999999999999]
["Assentamento de Tubos de PVC e Metálicos em Redes de Água",105355,"ASSENTAMENTO DE CONEXÃO 3 ACESSOS DE FERRO FUNDIDO PARA REDE DE ÁGUA, DN 800, JUNTA ELÁSTICA, INSTALADO EM LOCAL COM NÍVEL ALTO DE INTERFERÊNCIAS (NÃO INCLUI FORNECIMENTO). AF_05/2024","UN",176.7]
["Assentamento de Tubos de PVC e Metálicos em Redes de Água",105391,"ASSENTAMENTO DE CONEXÃO 3 ACESSOS DE FERRO FUNDIDO PARA REDE DE ÁGUA, DN 800, JUNTA ELÁSTICA, INSTALADO EM LOCAL COM NÍVEL BAIXO DE INTERFERÊNCIAS (NÃO INCLUI FORNECIMENTO). AF_05/2024","UN",142.72]
["Assentamento de Tubos de PVC e Metálicos em Redes de Água",105356,"ASSENTAMENTO DE CONEXÃO 3 ACESSOS DE FERRO FUNDIDO PARA REDE DE ÁGUA, DN 900, JUNTA ELÁSTICA, INSTALADO EM LOCAL COM NÍVEL ALTO DE INTERFERÊNCIAS (NÃO INCLUI FORNECIMENTO). AF_05/2024","UN",197.37]
["Assentamento de Tubos de PVC e Metálicos em Redes de Água",105345,"ASSENTAMENTO DE CONEXÃO 3 ACESSOS DE FERRO FUNDIDO PARA REDE DE ÁGUA, DN 900, JUNTA ELÁSTICA, INSTALADO EM LOCAL COM NÍVEL BAIXO DE INTERFERÊNCIAS (NÃO INCLUI FORNECIMENTO). AF_05/2024","UN",159.66999999999999]
["Assentamento de Tubos de PVC e Metálicos em Redes de Água",105367,"ASSENTAMENTO DE CONEXÃO 3 ACESSOS DE PVC PBA PARA REDE DE ÁGUA, DN 100, JUNTA ELÁSTICA INTEGRADA, INSTALADO EM LOCAL COM NÍVEL ALTO DE INTERFERÊNCIAS (NÃO INCLUI FORNECIMENTO). AF_05/2024","UN",39.99]
["Assentamento de Tubos de PVC e Metálicos em Redes de Água",105371,"ASSENTAMENTO DE CONEXÃO 3 ACESSOS DE PVC PBA PARA REDE DE ÁGUA, DN 100, JUNTA ELÁSTICA INTEGRADA, INSTALADO EM LOCAL COM NÍVEL BAIXO DE INTERFERÊNCIAS (NÃO INCLUI FORNECIMENTO). AF_05/2024","UN",32.99]
["Assentamento de Tubos de PVC e Metálicos em Redes de Água",105365,"ASSENTAMENTO DE CONEXÃO 3 ACESSOS DE PVC PBA PARA REDE DE ÁGUA, DN 50, JUNTA ELÁSTICA INTEGRADA, INSTALADO EM LOCAL COM NÍVEL ALTO DE INTERFERÊNCIAS (NÃO INCLUI FORNECIMENTO). AF_05/2024","UN",28.5]
["Assentamento de Tubos de PVC e Metálicos em Redes de Água",105386,"ASSENTAMENTO DE CONEXÃO 3 ACESSOS DE PVC PBA PARA REDE DE ÁGUA, DN 50, JUNTA ELÁSTICA INTEGRADA, INSTALADO EM LOCAL COM NÍVEL BAIXO DE INTERFERÊNCIAS (NÃO INCLUI FORNECIMENTO). AF_05/2024","UN",23.37]
["Assentamento de Tubos de PVC e Metálicos em Redes de Água",105366,"ASSENTAMENTO DE CONEXÃO 3 ACESSOS DE PVC PBA PARA REDE DE ÁGUA, DN 75, JUNTA ELÁSTICA INTEGRADA, INSTALADO EM LOCAL COM NÍVEL ALTO DE INTERFERÊNCIAS (NÃO INCLUI FORNECIMENTO). AF_05/2024","UN",34.409999999999997]
["Assentamento de Tubos de PVC e Metálicos em Redes de Água",105387,"ASSENTAMENTO DE CONEXÃO 3 ACESSOS DE PVC PBA PARA REDE DE ÁGUA, DN 75, JUNTA ELÁSTICA INTEGRADA, INSTALADO EM LOCAL COM NÍVEL BAIXO DE INTERFERÊNCIAS (NÃO INCLUI FORNECIMENTO). AF_05/2024","UN",28.34]
["Assentamento de Tubos de PVC e Metálicos em Redes de Água",97177,"ASSENTAMENTO DE TUBO DE AÇO CARBONO PARA REDE DE ÁGUA, DN 1000 MM (40\") OU DN 1100 MM (44\"), JUNTA SOLDADA, INSTALADO EM LOCAL COM NÍVEL ALTO DE INTERFERÊNCIAS (NÃO INCLUI FORNECIMENTO). AF_05/2024","M",86.75]
["Assentamento de Tubos de PVC e Metálicos em Redes de Água",97187,"ASSENTAMENTO DE TUBO DE AÇO CARBONO PARA REDE DE ÁGUA, DN 1000 MM (40\") OU DN 1100 MM (44\"), JUNTA SOLDADA, INSTALADO EM LOCAL COM NÍVEL BAIXO DE INTERFERÊNCIAS (NÃO INCLUI FORNECIMENTO). AF_05/2024","M",77.94]
["Assentamento de Tubos de PVC e Metálicos em Redes de Água",97178,"ASSENTAMENTO DE TUBO DE AÇO CARBONO PARA REDE DE ÁGUA, DN 1200 MM (48\") OU DN 1300 MM (52\"), JUNTA SOLDADA, INSTALADO EM LOCAL COM NÍVEL ALTO DE INTERFERÊNCIAS (NÃO INCLUI FORNECIMENTO). AF_05/2024","M",105.65]
["Assentamento de Tubos de PVC e Metálicos em Redes de Água",97188,"ASSENTAMENTO DE TUBO DE AÇO CARBONO PARA REDE DE ÁGUA, DN 1200 MM (48\") OU DN 1300 MM (52\"), JUNTA SOLDADA, INSTALADO EM LOCAL COM NÍVEL BAIXO DE INTERFERÊNCIAS (NÃO INCLUI FORNECIMENTO). AF_05/2024","M",95.04]
["Assentamento de Tubos de PVC e Metálicos em Redes de Água",97179,"ASSENTAMENTO DE TUBO DE AÇO CARBONO PARA REDE DE ÁGUA, DN 1400 MM (56'') OU DN 1500 MM (60\"), JUNTA SOLDADA, INSTALADO EM LOCAL COM NÍVEL ALTO DE INTERFERÊNCIAS (NÃO INCLUI FORNECIMENTO). AF_05/2024","M",124.56]
["Assentamento de Tubos de PVC e Metálicos em Redes de Água",97189,"ASSENTAMENTO DE TUBO DE AÇO CARBONO PARA REDE DE ÁGUA, DN 1400 MM (56'') OU DN 1500 MM (60\"), JUNTA SOLDADA, INSTALADO EM LOCAL COM NÍVEL BAIXO DE INTERFERÊNCIAS (NÃO INCLUI FORNECIMENTO). AF_05/2024","M",112.13]
["Assentamento de Tubos de PVC e Metálicos em Redes de Água",97180,"ASSENTAMENTO DE TUBO DE AÇO CARBONO PARA REDE DE ÁGUA, DN 1600 MM (64\") OU DN 1700 MM (68\"), JUNTA SOLDADA, INSTALADO EM LOCAL COM NÍVEL ALTO DE INTERFERÊNCIAS (NÃO INCLUI FORNECIMENTO). AF_05/2024","M",143.44]
["Assentamento de Tubos de PVC e Metálicos em Redes de Água",97190,"ASSENTAMENTO DE TUBO DE AÇO CARBONO PARA REDE DE ÁGUA, DN 1600 MM (64\") OU DN 1700 MM (68\"), JUNTA SOLDADA, INSTALADO EM LOCAL COM NÍVEL BAIXO DE INTERFERÊNCIAS (NÃO INCLUI FORNECIMENTO). AF_05/2024","M",129.19999999999999]
["Assentamento de Tubos de PVC e Metálicos em Redes de Água",97181,"ASSENTAMENTO DE TUBO DE AÇO CARBONO PARA REDE DE ÁGUA, DN 1800 MM (72\") OU DN 1900 MM (76\"), JUNTA SOLDADA, INSTALADO EM LOCAL COM NÍVEL ALTO DE INTERFERÊNCIAS (NÃO INCLUI FORNECIMENTO). AF_05/2024","M",162.34]
["Assentamento de Tubos de PVC e Metálicos em Redes de Água",97191,"ASSENTAMENTO DE TUBO DE AÇO CARBONO PARA REDE DE ÁGUA, DN 1800 MM (72\") OU DN 1900 MM (76\"), JUNTA SOLDADA, INSTALADO EM LOCAL COM NÍVEL BAIXO DE INTERFERÊNCIAS (NÃO INCLUI FORNECIMENTO). AF_05/2024","M",146.28]
["Assentamento de Tubos de PVC e Metálicos em Redes de Água",97182,"ASSENTAMENTO DE TUBO DE AÇO CARBONO PARA REDE DE ÁGUA, DN 2000 MM (80\") OU DN 2100 MM (84\"), JUNTA SOLDADA, INSTALADO EM LOCAL COM NÍVEL ALTO DE INTERFERÊNCIAS (NÃO INCLUI FORNECIMENTO). AF_05/2024","M",185.49]
["Assentamento de Tubos de PVC e Metálicos em Redes de Água",97192,"ASSENTAMENTO DE TUBO DE AÇO CARBONO PARA REDE DE ÁGUA, DN 2000 MM (80\") OU DN 2100 MM (84\"), JUNTA SOLDADA, INSTALADO EM LOCAL COM NÍVEL BAIXO DE INTERFERÊNCIAS (NÃO INCLUI FORNECIMENTO). AF_05/2024","M",166.62]
["Assentamento de Tubos de PVC e Metálicos em Redes de Água",97173,"ASSENTAMENTO DE TUBO DE AÇO CARBONO PARA REDE DE ÁGUA, DN 600 MM (24\"), JUNTA SOLDADA, INSTALADO EM LOCAL COM NÍVEL ALTO DE INTERFERÊNCIAS (NÃO INCLUI FORNECIMENTO). AF_05/2024","M",48.99]
["Assentamento de Tubos de PVC e Metálicos em Redes de Água",97183,"ASSENTAMENTO DE TUBO DE AÇO CARBONO PARA REDE DE ÁGUA, DN 600 MM (24\"), JUNTA SOLDADA, INSTALADO EM LOCAL COM NÍVEL BAIXO DE INTERFERÊNCIAS (NÃO INCLUI FORNECIMENTO). AF_05/2024","M",43.81]
["Assentamento de Tubos de PVC e Metálicos em Redes de Água",97174,"ASSENTAMENTO DE TUBO DE AÇO CARBONO PARA REDE DE ÁGUA, DN 700 MM (28\"), JUNTA SOLDADA, INSTALADO EM LOCAL COM NÍVEL ALTO DE INTERFERÊNCIAS (NÃO INCLUI FORNECIMENTO). AF_05/2024","M",58.42]
["Assentamento de Tubos de PVC e Metálicos em Redes de Água",97184,"ASSENTAMENTO DE TUBO DE AÇO CARBONO PARA REDE DE ÁGUA, DN 700 MM (28\"), JUNTA SOLDADA, INSTALADO EM LOCAL COM NÍVEL BAIXO DE INTERFERÊNCIAS (NÃO INCLUI FORNECIMENTO). AF_05/2024","M",52.33]
["Assentamento de Tubos de PVC e Metálicos em Redes de Água",97175,"ASSENTAMENTO DE TUBO DE AÇO CARBONO PARA REDE DE ÁGUA, DN 800 MM (32\"), JUNTA SOLDADA, INSTALADO EM LOCAL COM NÍVEL ALTO DE INTERFERÊNCIAS (NÃO INCLUI FORNECIMENTO). AF_05/2024","M",67.86]
["Assentamento de Tubos de PVC e Metálicos em Redes de Água",97185,"ASSENTAMENTO DE TUBO DE AÇO CARBONO PARA REDE DE ÁGUA, DN 800 MM (32\"), JUNTA SOLDADA, INSTALADO EM LOCAL COM NÍVEL BAIXO DE INTERFERÊNCIAS (NÃO INCLUI FORNECIMENTO). AF_05/2024","M",60.87]
["Assentamento de Tubos de PVC e Metálicos em Redes de Água",97176,"ASSENTAMENTO DE TUBO DE AÇO CARBONO PARA REDE DE ÁGUA, DN 900 MM (36\"), JUNTA SOLDADA, INSTALADO EM LOCAL COM NÍVEL ALTO DE INTERFERÊNCIAS (NÃO INCLUI FORNECIMENTO). AF_05/2024","M",77.319999999999993]
["Assentamento de Tubos de PVC e Metálicos em Redes de Água",97186,"ASSENTAMENTO DE TUBO DE AÇO CARBONO PARA REDE DE ÁGUA, DN 900 MM (36\"), JUNTA SOLDADA, INSTALADO EM LOCAL COM NÍVEL BAIXO DE INTERFERÊNCIAS (NÃO INCLUI FORNECIMENTO). AF_05/2024","M",69.42]
["Assentamento de Tubos de PVC e Metálicos em Redes de Água",97142,"ASSENTAMENTO DE TUBO DE FERRO FUNDIDO PARA REDE DE ÁGUA, DN 100 MM, JUNTA ELÁSTICA, INSTALADO EM LOCAL COM NÍVEL ALTO DE INTERFERÊNCIAS (NÃO INCLUI FORNECIMENTO). AF_05/2024","M",6.54]
["Assentamento de Tubos de PVC e Metálicos em Redes de Água",97158,"ASSENTAMENTO DE TUBO DE FERRO FUNDIDO PARA REDE DE ÁGUA, DN 100 MM, JUNTA ELÁSTICA, INSTALADO EM LOCAL COM NÍVEL BAIXO DE INTERFERÊNCIAS (NÃO INCLUI FORNECIMENTO). AF_05/2024","M",4.99]
["Assentamento de Tubos de PVC e Metálicos em Redes de Água",97155,"ASSENTAMENTO DE TUBO DE FERRO FUNDIDO PARA REDE DE ÁGUA, DN 1000 MM, JUNTA ELÁSTICA, INSTALADO EM LOCAL COM NÍVEL ALTO DE INTERFERÊNCIAS (NÃO INCLUI FORNECIMENTO). AF_05/2024","M",50.67]
["Assentamento de Tubos de PVC e Metálicos em Redes de Água",97171,"ASSENTAMENTO DE TUBO DE FERRO FUNDIDO PARA REDE DE ÁGUA, DN 1000 MM, JUNTA ELÁSTICA, INSTALADO EM LOCAL COM NÍVEL BAIXO DE INTERFERÊNCIAS (NÃO INCLUI FORNECIMENTO). AF_05/2024","M",40.590000000000003]
["Assentamento de Tubos de PVC e Metálicos em Redes de Água",97156,"ASSENTAMENTO DE TUBO DE FERRO FUNDIDO PARA REDE DE ÁGUA, DN 1200 MM, JUNTA ELÁSTICA, INSTALADO EM LOCAL COM NÍVEL ALTO DE INTERFERÊNCIAS (NÃO INCLUI FORNECIMENTO). AF_05/2024","M",60.63]
["Assentamento de Tubos de PVC e Metálicos em Redes de Água",97172,"ASSENTAMENTO DE TUBO DE FERRO FUNDIDO PARA REDE DE ÁGUA, DN 1200 MM, JUNTA ELÁSTICA, INSTALADO EM LOCAL COM NÍVEL BAIXO DE INTERFERÊNCIAS (NÃO INCLUI FORNECIMENTO). AF_05/2024","M",48.74]
["Assentamento de Tubos de PVC e Metálicos em Redes de Água",97143,"ASSENTAMENTO DE TUBO DE FERRO FUNDIDO PARA REDE DE ÁGUA, DN 150 MM, JUNTA ELÁSTICA, INSTALADO EM LOCAL COM NÍVEL ALTO DE INTERFERÊNCIAS (NÃO INCLUI FORNECIMENTO). AF_05/2024","M",8.69]
["Assentamento de Tubos de PVC e Metálicos em Redes de Água",97159,"ASSENTAMENTO DE TUBO DE FERRO FUNDIDO PARA REDE DE ÁGUA, DN 150 MM, JUNTA ELÁSTICA, INSTALADO EM LOCAL COM NÍVEL BAIXO DE INTERFERÊNCIAS (NÃO INCLUI FORNECIMENTO). AF_05/2024","M",6.77]
["Assentamento de Tubos de PVC e Metálicos em Redes de Água",97144,"ASSENTAMENTO DE TUBO DE FERRO FUNDIDO PARA REDE DE ÁGUA, DN 200 MM, JUNTA ELÁSTICA, INSTALADO EM LOCAL COM NÍVEL ALTO DE INTERFERÊNCIAS (NÃO INCLUI FORNECIMENTO). AF_05/2024","M",10.85]
["Assentamento de Tubos de PVC e Metálicos em Redes de Água",97160,"ASSENTAMENTO DE TUBO DE FERRO FUNDIDO PARA REDE DE ÁGUA, DN 200 MM, JUNTA ELÁSTICA, INSTALADO EM LOCAL COM NÍVEL BAIXO DE INTERFERÊNCIAS (NÃO INCLUI FORNECIMENTO). AF_05/2024","M",8.5399999999999991]
["Assentamento de Tubos de PVC e Metálicos em Redes de Água",97145,"ASSENTAMENTO DE TUBO DE FERRO FUNDIDO PARA REDE DE ÁGUA, DN 250 MM, JUNTA ELÁSTICA, INSTALADO EM LOCAL COM NÍVEL ALTO DE INTERFERÊNCIAS (NÃO INCLUI FORNECIMENTO). AF_05/2024","M",13.02]
["Assentamento de Tubos de PVC e Metálicos em Redes de Água",97161,"ASSENTAMENTO DE TUBO DE FERRO FUNDIDO PARA REDE DE ÁGUA, DN 250 MM, JUNTA ELÁSTICA, INSTALADO EM LOCAL COM NÍVEL BAIXO DE INTERFERÊNCIAS (NÃO INCLUI FORNECIMENTO). AF_05/2024","M",10.34]
["Assentamento de Tubos de PVC e Metálicos em Redes de Água",97146,"ASSENTAMENTO DE TUBO DE FERRO FUNDIDO PARA REDE DE ÁGUA, DN 300 MM, JUNTA ELÁSTICA, INSTALADO EM LOCAL COM NÍVEL ALTO DE INTERFERÊNCIAS (NÃO INCLUI FORNECIMENTO). AF_05/2024","M",15.19]
["Assentamento de Tubos de PVC e Metálicos em Redes de Água",97162,"ASSENTAMENTO DE TUBO DE FERRO FUNDIDO PARA REDE DE ÁGUA, DN 300 MM, JUNTA ELÁSTICA, INSTALADO EM LOCAL COM NÍVEL BAIXO DE INTERFERÊNCIAS (NÃO INCLUI FORNECIMENTO). AF_05/2024","M",12.12]
["Assentamento de Tubos de PVC e Metálicos em Redes de Água",97147,"ASSENTAMENTO DE TUBO DE FERRO FUNDIDO PARA REDE DE ÁGUA, DN 350 MM, JUNTA ELÁSTICA, INSTALADO EM LOCAL COM NÍVEL ALTO DE INTERFERÊNCIAS (NÃO INCLUI FORNECIMENTO). AF_05/2024","M",17.37]
["Assentamento de Tubos de PVC e Metálicos em Redes de Água",97163,"ASSENTAMENTO DE TUBO DE FERRO FUNDIDO PARA REDE DE ÁGUA, DN 350 MM, JUNTA ELÁSTICA, INSTALADO EM LOCAL COM NÍVEL BAIXO DE INTERFERÊNCIAS (NÃO INCLUI FORNECIMENTO). AF_05/2024","M",13.92]
["Assentamento de Tubos de PVC e Metálicos em Redes de Água",97148,"ASSENTAMENTO DE TUBO DE FERRO FUNDIDO PARA REDE DE ÁGUA, DN 400 MM, JUNTA ELÁSTICA, INSTALADO EM LOCAL COM NÍVEL ALTO DE INTERFERÊNCIAS (NÃO INCLUI FORNECIMENTO). AF_05/2024","M",19.55]
["Assentamento de Tubos de PVC e Metálicos em Redes de Água",97164,"ASSENTAMENTO DE TUBO DE FERRO FUNDIDO PARA REDE DE ÁGUA, DN 400 MM, JUNTA ELÁSTICA, INSTALADO EM LOCAL COM NÍVEL BAIXO DE INTERFERÊNCIAS (NÃO INCLUI FORNECIMENTO). AF_05/2024","M",15.72]
["Assentamento de Tubos de PVC e Metálicos em Redes de Água",97149,"ASSENTAMENTO DE TUBO DE FERRO FUNDIDO PARA REDE DE ÁGUA, DN 450 MM, JUNTA ELÁSTICA, INSTALADO EM LOCAL COM NÍVEL ALTO DE INTERFERÊNCIAS (NÃO INCLUI FORNECIMENTO). AF_05/2024","M",21.74]
["Assentamento de Tubos de PVC e Metálicos em Redes de Água",97165,"ASSENTAMENTO DE TUBO DE FERRO FUNDIDO PARA REDE DE ÁGUA, DN 450 MM, JUNTA ELÁSTICA, INSTALADO EM LOCAL COM NÍVEL BAIXO DE INTERFERÊNCIAS (NÃO INCLUI FORNECIMENTO). AF_05/2024","M",17.53]
["Assentamento de Tubos de PVC e Metálicos em Redes de Água",97150,"ASSENTAMENTO DE TUBO DE FERRO FUNDIDO PARA REDE DE ÁGUA, DN 500 MM, JUNTA ELÁSTICA, INSTALADO EM LOCAL COM NÍVEL ALTO DE INTERFERÊNCIAS (NÃO INCLUI FORNECIMENTO). AF_05/2024","M",26.92]
["Assentamento de Tubos de PVC e Metálicos em Redes de Água",97166,"ASSENTAMENTO DE TUBO DE FERRO FUNDIDO PARA REDE DE ÁGUA, DN 500 MM, JUNTA ELÁSTICA, INSTALADO EM LOCAL COM NÍVEL BAIXO DE INTERFERÊNCIAS (NÃO INCLUI FORNECIMENTO). AF_05/2024","M",21.35]
["Assentamento de Tubos de PVC e Metálicos em Redes de Água",97151,"ASSENTAMENTO DE TUBO DE FERRO FUNDIDO PARA REDE DE ÁGUA, DN 600 MM, JUNTA ELÁSTICA, INSTALADO EM LOCAL COM NÍVEL ALTO DE INTERFERÊNCIAS (NÃO INCLUI FORNECIMENTO). AF_05/2024","M",31.77]
["Assentamento de Tubos de PVC e Metálicos em Redes de Água",97167,"ASSENTAMENTO DE TUBO DE FERRO FUNDIDO PARA REDE DE ÁGUA, DN 600 MM, JUNTA ELÁSTICA, INSTALADO EM LOCAL COM NÍVEL BAIXO DE INTERFERÊNCIAS (NÃO INCLUI FORNECIMENTO). AF_05/2024","M",25.29]
["Assentamento de Tubos de PVC e Metálicos em Redes de Água",97152,"ASSENTAMENTO DE TUBO DE FERRO FUNDIDO PARA REDE DE ÁGUA, DN 700 MM, JUNTA ELÁSTICA, INSTALADO EM LOCAL COM NÍVEL ALTO DE INTERFERÊNCIAS (NÃO INCLUI FORNECIMENTO). AF_05/2024","M",36.35]
["Assentamento de Tubos de PVC e Metálicos em Redes de Água",97168,"ASSENTAMENTO DE TUBO DE FERRO FUNDIDO PARA REDE DE ÁGUA, DN 700 MM, JUNTA ELÁSTICA, INSTALADO EM LOCAL COM NÍVEL BAIXO DE INTERFERÊNCIAS (NÃO INCLUI FORNECIMENTO). AF_05/2024","M",28.98]
["Assentamento de Tubos de PVC e Metálicos em Redes de Água",97141,"ASSENTAMENTO DE TUBO DE FERRO FUNDIDO PARA REDE DE ÁGUA, DN 80 MM, JUNTA ELÁSTICA, INSTALADO EM LOCAL COM NÍVEL ALTO DE INTERFERÊNCIAS (NÃO INCLUI FORNECIMENTO). AF_05/2024","M",5.66]
["Assentamento de Tubos de PVC e Metálicos em Redes de Água",97157,"ASSENTAMENTO DE TUBO DE FERRO FUNDIDO PARA REDE DE ÁGUA, DN 80 MM, JUNTA ELÁSTICA, INSTALADO EM LOCAL COM NÍVEL BAIXO DE INTERFERÊNCIAS (NÃO INCLUI FORNECIMENTO). AF_05/2024","M",4.26]
["Assentamento de Tubos de PVC e Metálicos em Redes de Água",97153,"ASSENTAMENTO DE TUBO DE FERRO FUNDIDO PARA REDE DE ÁGUA, DN 800 MM, JUNTA ELÁSTICA, INSTALADO EM LOCAL COM NÍVEL ALTO DE INTERFERÊNCIAS (NÃO INCLUI FORNECIMENTO). AF_05/2024","M",41.1]
["Assentamento de Tubos de PVC e Metálicos em Redes de Água",97169,"ASSENTAMENTO DE TUBO DE FERRO FUNDIDO PARA REDE DE ÁGUA, DN 800 MM, JUNTA ELÁSTICA, INSTALADO EM LOCAL COM NÍVEL BAIXO DE INTERFERÊNCIAS (NÃO INCLUI FORNECIMENTO). AF_05/2024","M",32.82]
["Assentamento de Tubos de PVC e Metálicos em Redes de Água",97154,"ASSENTAMENTO DE TUBO DE FERRO FUNDIDO PARA REDE DE ÁGUA, DN 900 MM, JUNTA ELÁSTICA, INSTALADO EM LOCAL COM NÍVEL ALTO DE INTERFERÊNCIAS (NÃO INCLUI FORNECIMENTO). AF_05/2024","M",45.88]
["Assentamento de Tubos de PVC e Metálicos em Redes de Água",97170,"ASSENTAMENTO DE TUBO DE FERRO FUNDIDO PARA REDE DE ÁGUA, DN 900 MM, JUNTA ELÁSTICA, INSTALADO EM LOCAL COM NÍVEL BAIXO DE INTERFERÊNCIAS (NÃO INCLUI FORNECIMENTO). AF_05/2024","M",36.69]
["Assentamento de Tubos de PVC e Metálicos em Redes de Água",105311,"ASSENTAMENTO DE TUBO DE PVC DEFOFO OU PRFV OU RPVC PARA REDE DE ÁGUA, DN 100, JUNTA ELÁSTICA INTEGRADA, INSTALADO EM LOCAL COM NÍVEL ALTO DE INTERFERÊNCIAS (NÃO INCLUI FORNECIMENTO). AF_05/2024","M",4.4800000000000004]
["Assentamento de Tubos de PVC e Metálicos em Redes de Água",105339,"ASSENTAMENTO DE TUBO DE PVC DEFOFO OU PRFV OU RPVC PARA REDE DE ÁGUA, DN 100, JUNTA ELÁSTICA INTEGRADA, INSTALADO EM LOCAL COM NÍVEL BAIXO DE INTERFERÊNCIAS (NÃO INCLUI FORNECIMENTO). AF_05/2024","M",3.68]
["Assentamento de Tubos de PVC e Metálicos em Redes de Água",97127,"ASSENTAMENTO DE TUBO DE PVC DEFOFO OU PRFV OU RPVC PARA REDE DE ÁGUA, DN 150 MM, JUNTA ELÁSTICA INTEGRADA, INSTALADO EM LOCAL COM NÍVEL ALTO DE INTERFERÊNCIAS (NÃO INCLUI FORNECIMENTO). AF_05/2024","M",5.82]
["Assentamento de Tubos de PVC e Metálicos em Redes de Água",97134,"ASSENTAMENTO DE TUBO DE PVC DEFOFO OU PRFV OU RPVC PARA REDE DE ÁGUA, DN 150 MM, JUNTA ELÁSTICA INTEGRADA, INSTALADO EM LOCAL COM NÍVEL BAIXO DE INTERFERÊNCIAS (NÃO INCLUI FORNECIMENTO). AF_05/2024","M",4.8]
["Assentamento de Tubos de PVC e Metálicos em Redes de Água",97128,"ASSENTAMENTO DE TUBO DE PVC DEFOFO OU PRFV OU RPVC PARA REDE DE ÁGUA, DN 200 MM, JUNTA ELÁSTICA INTEGRADA, INSTALADO EM LOCAL COM NÍVEL ALTO DE INTERFERÊNCIAS (NÃO INCLUI FORNECIMENTO). AF_05/2024","M",11.54]
["Assentamento de Tubos de PVC e Metálicos em Redes de Água",97135,"ASSENTAMENTO DE TUBO DE PVC DEFOFO OU PRFV OU RPVC PARA REDE DE ÁGUA, DN 200 MM, JUNTA ELÁSTICA INTEGRADA, INSTALADO EM LOCAL COM NÍVEL BAIXO DE INTERFERÊNCIAS (NÃO INCLUI FORNECIMENTO). AF_05/2024","M",8.77]
["Assentamento de Tubos de PVC e Metálicos em Redes de Água",97129,"ASSENTAMENTO DE TUBO DE PVC DEFOFO OU PRFV OU RPVC PARA REDE DE ÁGUA, DN 250 MM, JUNTA ELÁSTICA INTEGRADA, INSTALADO EM LOCAL COM NÍVEL ALTO DE INTERFERÊNCIAS (NÃO INCLUI FORNECIMENTO). AF_05/2024","M",13.66]
["Assentamento de Tubos de PVC e Metálicos em Redes de Água",97136,"ASSENTAMENTO DE TUBO DE PVC DEFOFO OU PRFV OU RPVC PARA REDE DE ÁGUA, DN 250 MM, JUNTA ELÁSTICA INTEGRADA, INSTALADO EM LOCAL COM NÍVEL BAIXO DE INTERFERÊNCIAS (NÃO INCLUI FORNECIMENTO). AF_05/2024","M",10.38]
["Assentamento de Tubos de PVC e Metálicos em Redes de Água",97130,"ASSENTAMENTO DE TUBO DE PVC DEFOFO OU PRFV OU RPVC PARA REDE DE ÁGUA, DN 300 MM, JUNTA ELÁSTICA INTEGRADA, INSTALADO EM LOCAL COM NÍVEL ALTO DE INTERFERÊNCIAS (NÃO INCLUI FORNECIMENTO). AF_05/2024","M",15.78]
["Assentamento de Tubos de PVC e Metálicos em Redes de Água",97137,"ASSENTAMENTO DE TUBO DE PVC DEFOFO OU PRFV OU RPVC PARA REDE DE ÁGUA, DN 300 MM, JUNTA ELÁSTICA INTEGRADA, INSTALADO EM LOCAL COM NÍVEL BAIXO DE INTERFERÊNCIAS (NÃO INCLUI FORNECIMENTO). AF_05/2024","M",11.99]
["Assentamento de Tubos de PVC e Metálicos em Redes de Água",97131,"ASSENTAMENTO DE TUBO DE PVC DEFOFO OU PRFV OU RPVC PARA REDE DE ÁGUA, DN 350 MM, JUNTA ELÁSTICA INTEGRADA, INSTALADO EM LOCAL COM NÍVEL ALTO DE INTERFERÊNCIAS (NÃO INCLUI FORNECIMENTO). AF_05/2024","M",17.93]
["Assentamento de Tubos de PVC e Metálicos em Redes de Água",97138,"ASSENTAMENTO DE TUBO DE PVC DEFOFO OU PRFV OU RPVC PARA REDE DE ÁGUA, DN 350 MM, JUNTA ELÁSTICA INTEGRADA, INSTALADO EM LOCAL COM NÍVEL BAIXO DE INTERFERÊNCIAS (NÃO INCLUI FORNECIMENTO). AF_05/2024","M",13.62]
["Assentamento de Tubos de PVC e Metálicos em Redes de Água",97132,"ASSENTAMENTO DE TUBO DE PVC DEFOFO OU PRFV OU RPVC PARA REDE DE ÁGUA, DN 400 MM, JUNTA ELÁSTICA INTEGRADA, INSTALADO EM LOCAL COM NÍVEL ALTO DE INTERFERÊNCIAS (NÃO INCLUI FORNECIMENTO). AF_05/2024","M",20.07]
["Assentamento de Tubos de PVC e Metálicos em Redes de Água",97139,"ASSENTAMENTO DE TUBO DE PVC DEFOFO OU PRFV OU RPVC PARA REDE DE ÁGUA, DN 400 MM, JUNTA ELÁSTICA INTEGRADA, INSTALADO EM LOCAL COM NÍVEL BAIXO DE INTERFERÊNCIAS (NÃO INCLUI FORNECIMENTO). AF_05/2024","M",15.27]
["Assentamento de Tubos de PVC e Metálicos em Redes de Água",97133,"ASSENTAMENTO DE TUBO DE PVC DEFOFO OU PRFV OU RPVC PARA REDE DE ÁGUA, DN 500 MM, JUNTA ELÁSTICA INTEGRADA, INSTALADO EM LOCAL COM NÍVEL ALTO DE INTERFERÊNCIAS (NÃO INCLUI FORNECIMENTO). AF_05/2024","M",24.31]
["Assentamento de Tubos de PVC e Metálicos em Redes de Água",97140,"ASSENTAMENTO DE TUBO DE PVC DEFOFO OU PRFV OU RPVC PARA REDE DE ÁGUA, DN 500 MM, JUNTA ELÁSTICA INTEGRADA, INSTALADO EM LOCAL COM NÍVEL BAIXO DE INTERFERÊNCIAS (NÃO INCLUI FORNECIMENTO). AF_05/2024","M",18.489999999999998]
["Assentamento de Tubos de PVC e Metálicos em Redes de Água",97123,"ASSENTAMENTO DE TUBO DE PVC PBA PARA REDE DE ÁGUA, DN 100 MM, JUNTA ELÁSTICA INTEGRADA, INSTALADO EM LOCAL COM NÍVEL ALTO DE INTERFERÊNCIAS (NÃO INCLUI FORNECIMENTO). AF_05/2024","M",4.82]
["Assentamento de Tubos de PVC e Metálicos em Redes de Água",97126,"ASSENTAMENTO DE TUBO DE PVC PBA PARA REDE DE ÁGUA, DN 100 MM, JUNTA ELÁSTICA INTEGRADA, INSTALADO EM LOCAL COM NÍVEL BAIXO DE INTERFERÊNCIAS (NÃO INCLUI FORNECIMENTO). AF_05/2024","M",3.96]
["Assentamento de Tubos de PVC e Metálicos em Redes de Água",105308,"ASSENTAMENTO DE TUBO DE PVC PBA PARA REDE DE ÁGUA, DN 125, JUNTA ELÁSTICA INTEGRADA, INSTALADO EM LOCAL COM NÍVEL ALTO DE INTERFERÊNCIAS (NÃO INCLUI FORNECIMENTO). AF_05/2024","M",5.53]
["Assentamento de Tubos de PVC e Metálicos em Redes de Água",105312,"ASSENTAMENTO DE TUBO DE PVC PBA PARA REDE DE ÁGUA, DN 125, JUNTA ELÁSTICA INTEGRADA, INSTALADO EM LOCAL COM NÍVEL BAIXO DE INTERFERÊNCIAS (NÃO INCLUI FORNECIMENTO). AF_05/2024","M",4.5599999999999996]
["Assentamento de Tubos de PVC e Metálicos em Redes de Água",105309,"ASSENTAMENTO DE TUBO DE PVC PBA PARA REDE DE ÁGUA, DN 140, JUNTA ELÁSTICA INTEGRADA, INSTALADO EM LOCAL COM NÍVEL ALTO DE INTERFERÊNCIAS (NÃO INCLUI FORNECIMENTO). AF_05/2024","M",5.95]
["Assentamento de Tubos de PVC e Metálicos em Redes de Água",105313,"ASSENTAMENTO DE TUBO DE PVC PBA PARA REDE DE ÁGUA, DN 140, JUNTA ELÁSTICA INTEGRADA, INSTALADO EM LOCAL COM NÍVEL BAIXO DE INTERFERÊNCIAS (NÃO INCLUI FORNECIMENTO). AF_05/2024","M",4.9000000000000004]
["Assentamento de Tubos de PVC e Metálicos em Redes de Água",105310,"ASSENTAMENTO DE TUBO DE PVC PBA PARA REDE DE ÁGUA, DN 180, JUNTA ELÁSTICA INTEGRADA, INSTALADO EM LOCAL COM NÍVEL ALTO DE INTERFERÊNCIAS (NÃO INCLUI FORNECIMENTO). AF_05/2024","M",7.01]
["Assentamento de Tubos de PVC e Metálicos em Redes de Água",105314,"ASSENTAMENTO DE TUBO DE PVC PBA PARA REDE DE ÁGUA, DN 180, JUNTA ELÁSTICA INTEGRADA, INSTALADO EM LOCAL COM NÍVEL BAIXO DE INTERFERÊNCIAS (NÃO INCLUI FORNECIMENTO). AF_05/2024","M",5.78]
["Assentamento de Tubos de PVC e Metálicos em Redes de Água",97121,"ASSENTAMENTO DE TUBO DE PVC PBA PARA REDE DE ÁGUA, DN 50 MM, JUNTA ELÁSTICA INTEGRADA, INSTALADO EM LOCAL COM NÍVEL ALTO DE INTERFERÊNCIAS (NÃO INCLUI FORNECIMENTO). AF_05/2024","M",3.46]
["Assentamento de Tubos de PVC e Metálicos em Redes de Água",97124,"ASSENTAMENTO DE TUBO DE PVC PBA PARA REDE DE ÁGUA, DN 50 MM, JUNTA ELÁSTICA INTEGRADA, INSTALADO EM LOCAL COM NÍVEL BAIXO DE INTERFERÊNCIAS (NÃO INCLUI FORNECIMENTO). AF_05/2024","M",2.82]
["Assentamento de Tubos de PVC e Metálicos em Redes de Água",97122,"ASSENTAMENTO DE TUBO DE PVC PBA PARA REDE DE ÁGUA, DN 75 MM, JUNTA ELÁSTICA INTEGRADA, INSTALADO EM LOCAL COM NÍVEL ALTO DE INTERFERÊNCIAS (NÃO INCLUI FORNECIMENTO). AF_05/2024","M",4.16]
["Assentamento de Tubos de PVC e Metálicos em Redes de Água",97125,"ASSENTAMENTO DE TUBO DE PVC PBA PARA REDE DE ÁGUA, DN 75 MM, JUNTA ELÁSTICA INTEGRADA, INSTALADO EM LOCAL COM NÍVEL BAIXO DE INTERFERÊNCIAS (NÃO INCLUI FORNECIMENTO). AF_05/2024","M",3.4]
["Assentamento de Tubos de PVC e Metálicos em Redes de Água",105296,"ASSENTAMENTO E FORNECIMENTO DE CURVA PVC PBA, JE, PB, 45 GRAUS, DN 100 / DE 110 MM, PARA REDE AGUA, JUNTA ELÁSTICA INTEGRADA, INSTALADO EM LOCAL COM NÍVEL ALTO DE INTERFERÊNCIAS (INCLUI FORNECIMENTO). AF_05/2024","UN",120.36]
["Assentamento de Tubos de PVC e Metálicos em Redes de Água",105374,"ASSENTAMENTO E FORNECIMENTO DE CURVA PVC PBA, JE, PB, 45 GRAUS, DN 100 / DE 110 MM, PARA REDE AGUA, JUNTA ELÁSTICA INTEGRADA, INSTALADO EM LOCAL COM NÍVEL BAIXO DE INTERFERÊNCIAS (INCLUI FORNECIMENTO). AF_05/2024","UN",115.11]
["Assentamento de Tubos de PVC e Metálicos em Redes de Água",105292,"ASSENTAMENTO E FORNECIMENTO DE CURVA PVC PBA, JE, PB, 45 GRAUS, DN 50 / DE 60 MM, PARA REDE AGUA, JUNTA ELÁSTICA INTEGRADA, INSTALADO EM LOCAL COM NÍVEL ALTO DE INTERFERÊNCIAS (INCLUI FORNECIMENTO). AF_05/2024","UN",40.94]
["Assentamento de Tubos de PVC e Metálicos em Redes de Água",105293,"ASSENTAMENTO E FORNECIMENTO DE CURVA PVC PBA, JE, PB, 45 GRAUS, DN 50 / DE 60 MM, PARA REDE AGUA, JUNTA ELÁSTICA INTEGRADA, INSTALADO EM LOCAL COM NÍVEL BAIXO DE INTERFERÊNCIAS (INCLUI FORNECIMENTO). AF_05/2024","UN",37.090000000000003]
["Assentamento de Tubos de PVC e Metálicos em Redes de Água",105294,"ASSENTAMENTO E FORNECIMENTO DE CURVA PVC PBA, JE, PB, 45 GRAUS, DN 75 / DE 85 MM, PARA REDE AGUA, JUNTA ELÁSTICA INTEGRADA, INSTALADO EM LOCAL COM NÍVEL ALTO DE INTERFERÊNCIAS (INCLUI FORNECIMENTO). AF_05/2024","UN",74.319999999999993]
["Assentamento de Tubos de PVC e Metálicos em Redes de Água",105295,"ASSENTAMENTO E FORNECIMENTO DE CURVA PVC PBA, JE, PB, 45 GRAUS, DN 75 / DE 85 MM, PARA REDE AGUA, JUNTA ELÁSTICA INTEGRADA, INSTALADO EM LOCAL COM NÍVEL BAIXO DE INTERFERÊNCIAS (INCLUI FORNECIMENTO). AF_05/2024","UN",69.760000000000005]
["Assentamento de Tubos de PVC e Metálicos em Redes de Água",105290,"ASSENTAMENTO E FORNECIMENTO DE LUVA SIMPLES, PVC PBA, JE, DN 100 / DE 110 MM, PARA REDE AGUA, JUNTA ELÁSTICA INTEGRADA, INSTALADO EM LOCAL COM NÍVEL ALTO DE INTERFERÊNCIAS (INCLUI FORNECIMENTO). AF_05/2024","UN",50.33]
["Assentamento de Tubos de PVC e Metálicos em Redes de Água",105291,"ASSENTAMENTO E FORNECIMENTO DE LUVA SIMPLES, PVC PBA, JE, DN 100 / DE 110 MM, PARA REDE AGUA, JUNTA ELÁSTICA INTEGRADA, INSTALADO EM LOCAL COM NÍVEL BAIXO DE INTERFERÊNCIAS (INCLUI FORNECIMENTO). AF_05/2024","UN",46.83]
["Assentamento de Tubos de PVC e Metálicos em Redes de Água",105286,"ASSENTAMENTO E FORNECIMENTO DE LUVA SIMPLES, PVC PBA, JE, DN 50 / DE 60 MM, PARA REDE AGUA, JUNTA ELÁSTICA INTEGRADA, INSTALADO EM LOCAL COM NÍVEL ALTO DE INTERFERÊNCIAS (INCLUI FORNECIMENTO). AF_05/2024","UN",25.32]
["Assentamento de Tubos de PVC e Metálicos em Redes de Água",105287,"ASSENTAMENTO E FORNECIMENTO DE LUVA SIMPLES, PVC PBA, JE, DN 50 / DE 60 MM, PARA REDE AGUA, JUNTA ELÁSTICA INTEGRADA, INSTALADO EM LOCAL COM NÍVEL BAIXO DE INTERFERÊNCIAS (INCLUI FORNECIMENTO). AF_05/2024","UN",22.76]
["Assentamento de Tubos de PVC e Metálicos em Redes de Água",105288,"ASSENTAMENTO E FORNECIMENTO DE LUVA SIMPLES, PVC PBA, JE, DN 75 / DE 85 MM, PARA REDE AGUA, JUNTA ELÁSTICA INTEGRADA, INSTALADO EM LOCAL COM NÍVEL ALTO DE INTERFERÊNCIAS (INCLUI FORNECIMENTO). AF_05/2024","UN",38.58]
["Assentamento de Tubos de PVC e Metálicos em Redes de Água",105289,"ASSENTAMENTO E FORNECIMENTO DE LUVA SIMPLES, PVC PBA, JE, DN 75 / DE 85 MM, PARA REDE AGUA, JUNTA ELÁSTICA INTEGRADA, INSTALADO EM LOCAL COM NÍVEL BAIXO DE INTERFERÊNCIAS (INCLUI FORNECIMENTO). AF_05/2024","UN",35.54]
["Assentamento de Tubos de PVC e Metálicos em Redes de Água",105375,"ASSENTAMENTO E FORNECIMENTO DE TE DE REDUCAO, PVC PBA, BBB, JE, DN 100 X 50 / DE 110 X 60 MM, PARA REDE AGUA, JUNTA ELÁSTICA INTEGRADA, INSTALADO EM LOCAL COM NÍVEL ALTO DE INTERFERÊNCIAS (INCLUI FORNECIMENTO). AF_05/2024","UN",101.67]
["Assentamento de Tubos de PVC e Metálicos em Redes de Água",105376,"ASSENTAMENTO E FORNECIMENTO DE TE DE REDUCAO, PVC PBA, BBB, JE, DN 100 X 50 / DE 110 X 60 MM, PARA REDE AGUA, JUNTA ELÁSTICA INTEGRADA, INSTALADO EM LOCAL COM NÍVEL BAIXO DE INTERFERÊNCIAS (INCLUI FORNECIMENTO). AF_05/2024","UN",94.67]
["Assentamento de Tubos de PVC e Metálicos em Redes de Água",105331,"ASSENTAMENTO E FORNECIMENTO DE TUBO DE PVC DEFOFO OU PRFV OU RPVC PARA REDE DE ÁGUA, DN 100, JUNTA ELÁSTICA INTEGRADA, INSTALADO EM LOCAL COM NÍVEL ALTO DE INTERFERÊNCIAS (INCLUI FORNECIMENTO). AF_05/2024","M",36.72]
["Assentamento de Tubos de PVC e Metálicos em Redes de Água",105332,"ASSENTAMENTO E FORNECIMENTO DE TUBO DE PVC DEFOFO OU PRFV OU RPVC PARA REDE DE ÁGUA, DN 100, JUNTA ELÁSTICA INTEGRADA, INSTALADO EM LOCAL COM NÍVEL BAIXO DE INTERFERÊNCIAS (INCLUI FORNECIMENTO). AF_05/2024","M",35.92]
["Assentamento de Tubos de PVC e Metálicos em Redes de Água",105333,"ASSENTAMENTO E FORNECIMENTO DE TUBO DE PVC DEFOFO PARA REDE DE ÁGUA, DN 200, JUNTA ELÁSTICA INTEGRADA, INSTALADO EM LOCAL COM NÍVEL ALTO DE INTERFERÊNCIAS (INCLUI FORNECIMENTO). AF_05/2024","M",158.6]
["Assentamento de Tubos de PVC e Metálicos em Redes de Água",105334,"ASSENTAMENTO E FORNECIMENTO DE TUBO DE PVC DEFOFO PARA REDE DE ÁGUA, DN 200, JUNTA ELÁSTICA INTEGRADA, INSTALADO EM LOCAL COM NÍVEL BAIXO DE INTERFERÊNCIAS (INCLUI FORNECIMENTO). AF_05/2024","M",155.83000000000001]
["Assentamento de Tubos de PVC e Metálicos em Redes de Água",105335,"ASSENTAMENTO E FORNECIMENTO DE TUBO DE PVC DEFOFO PARA REDE DE ÁGUA, DN 250, JUNTA ELÁSTICA INTEGRADA, INSTALADO EM LOCAL COM NÍVEL ALTO DE INTERFERÊNCIAS (INCLUI FORNECIMENTO). AF_05/2024","M",237.54]
["Assentamento de Tubos de PVC e Metálicos em Redes de Água",105336,"ASSENTAMENTO E FORNECIMENTO DE TUBO DE PVC DEFOFO PARA REDE DE ÁGUA, DN 250, JUNTA ELÁSTICA INTEGRADA, INSTALADO EM LOCAL COM NÍVEL BAIXO DE INTERFERÊNCIAS (INCLUI FORNECIMENTO). AF_05/2024","M",234.26]
["Assentamento de Tubos de PVC e Metálicos em Redes de Água",105337,"ASSENTAMENTO E FORNECIMENTO DE TUBO DE PVC DEFOFO PARA REDE DE ÁGUA, DN 300, JUNTA ELÁSTICA INTEGRADA, INSTALADO EM LOCAL COM NÍVEL ALTO DE INTERFERÊNCIAS (INCLUI FORNECIMENTO). AF_05/2024","M",333.69]
["Assentamento de Tubos de PVC e Metálicos em Redes de Água",105338,"ASSENTAMENTO E FORNECIMENTO DE TUBO DE PVC DEFOFO PARA REDE DE ÁGUA, DN 300, JUNTA ELÁSTICA INTEGRADA, INSTALADO EM LOCAL COM NÍVEL BAIXO DE INTERFERÊNCIAS (INCLUI FORNECIMENTO). AF_05/2024","M",329.9]
["Assentamento de Tubos de PVC e Metálicos em Redes de Água",105329,"ASSENTAMENTO E FORNECIMENTO DE TUBO DE PVC PBA PARA REDE DE ÁGUA, DN 100, JUNTA ELÁSTICA INTEGRADA, INSTALADO EM LOCAL COM NÍVEL ALTO DE INTERFERÊNCIAS (INCLUI FORNECIMENTO). AF_05/2024","UN",51.18]
["Assentamento de Tubos de PVC e Metálicos em Redes de Água",105330,"ASSENTAMENTO E FORNECIMENTO DE TUBO DE PVC PBA PARA REDE DE ÁGUA, DN 100, JUNTA ELÁSTICA INTEGRADA, INSTALADO EM LOCAL COM NÍVEL BAIXO DE INTERFERÊNCIAS (INCLUI FORNECIMENTO). AF_05/2024","UN",50.32]
["Assentamento de Tubos de PVC e Metálicos em Redes de Água",105260,"ASSENTAMENTO E FORNECIMENTO DE TUBO DE PVC PBA PARA REDE DE ÁGUA, DN 50, JUNTA ELÁSTICA INTEGRADA, INSTALADO EM LOCAL COM NÍVEL ALTO DE INTERFERÊNCIAS (INCLUI FORNECIMENTO). AF_05/2024","UN",17.579999999999998]
["Assentamento de Tubos de PVC e Metálicos em Redes de Água",105285,"ASSENTAMENTO E FORNECIMENTO DE TUBO DE PVC PBA PARA REDE DE ÁGUA, DN 50, JUNTA ELÁSTICA INTEGRADA, INSTALADO EM LOCAL COM NÍVEL BAIXO DE INTERFERÊNCIAS (INCLUI FORNECIMENTO). AF_05/2024","UN",16.940000000000001]
["Assentamento de Tubos de PVC e Metálicos em Redes de Água",105327,"ASSENTAMENTO E FORNECIMENTO DE TUBO DE PVC PBA PARA REDE DE ÁGUA, DN 75, JUNTA ELÁSTICA INTEGRADA, INSTALADO EM LOCAL COM NÍVEL ALTO DE INTERFERÊNCIAS (INCLUI FORNECIMENTO). AF_05/2024","UN",31.9]
["Assentamento de Tubos de PVC e Metálicos em Redes de Água",105328,"ASSENTAMENTO E FORNECIMENTO DE TUBO DE PVC PBA PARA REDE DE ÁGUA, DN 75, JUNTA ELÁSTICA INTEGRADA, INSTALADO EM LOCAL COM NÍVEL BAIXO DE INTERFERÊNCIAS (INCLUI FORNECIMENTO). AF_05/2024","UN",31.14]
["Assentamento de Tubos de PVC e Metálicos em Redes de Água",105377,"FORNECIMENTO E ASSENTAMENTO DE CURVA 45 GRAUS RANHURADA EM FERRO FUNDIDO, DN 80 MM (3\") PARA REDE DE ÁGUA, INSTALADO EM LOCAL COM NÍVEL ALTO DE INTERFERÊNCIAS (INCLUI FORNECIMENTO). AF_05/2024","UN",75.61]
["Assentamento de Tubos de PVC e Metálicos em Redes de Água",105368,"FORNECIMENTO E ASSENTAMENTO DE CURVA 45 GRAUS RANHURADA EM FERRO FUNDIDO, DN 80 MM (3\") PARA REDE DE ÁGUA, INSTALADO EM LOCAL COM NÍVEL BAIXO DE INTERFERÊNCIAS (INCLUI FORNECIMENTO). AF_05/2024","UN",71.290000000000006]
["Assentamento de Tubos de PVC e Metálicos em Redes de Água",105369,"FORNECIMENTO E ASSENTAMENTO DE TE RANHURADO EM FERRO FUNDIDO, DN 80 (3\") PARA REDE DE ÁGUA, INSTALADO EM LOCAL COM NÍVEL ALTO DE INTERFERÊNCIAS (INCLUI FORNECIMENTO). AF_05/2024","UN",121.07]
["Assentamento de Tubos de PVC e Metálicos em Redes de Água",105370,"FORNECIMENTO E ASSENTAMENTO DE TE RANHURADO EM FERRO FUNDIDO, DN 80 (3\") PARA REDE DE ÁGUA, INSTALADO EM LOCAL COM NÍVEL BAIXO DE INTERFERÊNCIAS (INCLUI FORNECIMENTO). AF_05/2024","UN",115.34]
["Assentamento de tubos de esgoto ou drenagem pluvial em concreto",92864,"ASSENTAMENTO DE TUBO DE CONCRETO PARA REDES COLETORAS DE ESGOTO SANITÁRIO, DIÂMETRO DE 1000 MM, JUNTA ELÁSTICA, INSTALADO EM LOCAL COM ALTO NÍVEL DE INTERFERÊNCIAS (NÃO INCLUI FORNECIMENTO). AF_03/2024","M",99.6]
["Assentamento de tubos de esgoto ou drenagem pluvial em concreto",92848,"ASSENTAMENTO DE TUBO DE CONCRETO PARA REDES COLETORAS DE ESGOTO SANITÁRIO, DIÂMETRO DE 1000 MM, JUNTA ELÁSTICA, INSTALADO EM LOCAL COM BAIXO NÍVEL DE INTERFERÊNCIAS (NÃO INCLUI FORNECIMENTO). AF_03/2024","M",88.66]
["Assentamento de tubos de esgoto ou drenagem pluvial em concreto",104937,"ASSENTAMENTO DE TUBO DE CONCRETO PARA REDES COLETORAS DE ESGOTO SANITÁRIO, DIÂMETRO DE 1200 MM, JUNTA ELÁSTICA, INSTALADO EM LOCAL COM ALTO NÍVEL DE INTERFERÊNCIAS (NÃO INCLUI FORNECIMENTO). AF_03/2024","M",0]
["Assentamento de tubos de esgoto ou drenagem pluvial em concreto",104933,"ASSENTAMENTO DE TUBO DE CONCRETO PARA REDES COLETORAS DE ESGOTO SANITÁRIO, DIÂMETRO DE 1200 MM, JUNTA ELÁSTICA, INSTALADO EM LOCAL COM BAIXO NÍVEL DE INTERFERÊNCIAS (NÃO INCLUI FORNECIMENTO). AF_03/2024","M",0]
["Assentamento de tubos de esgoto ou drenagem pluvial em concreto",104939,"ASSENTAMENTO DE TUBO DE CONCRETO PARA REDES COLETORAS DE ESGOTO SANITÁRIO, DIÂMETRO DE 1500 MM, JUNTA ELÁSTICA, INSTALADO EM LOCAL COM ALTO NÍVEL DE INTERFERÊNCIAS (NÃO INCLUI FORNECIMENTO). AF_03/2024","M",0]
["Assentamento de tubos de esgoto ou drenagem pluvial em concreto",104935,"ASSENTAMENTO DE TUBO DE CONCRETO PARA REDES COLETORAS DE ESGOTO SANITÁRIO, DIÂMETRO DE 1500 MM, JUNTA ELÁSTICA, INSTALADO EM LOCAL COM BAIXO NÍVEL DE INTERFERÊNCIAS (NÃO INCLUI FORNECIMENTO). AF_03/2024","M",0]
["Assentamento de tubos de esgoto ou drenagem pluvial em concreto",92850,"ASSENTAMENTO DE TUBO DE CONCRETO PARA REDES COLETORAS DE ESGOTO SANITÁRIO, DIÂMETRO DE 300 MM, JUNTA ELÁSTICA, INSTALADO EM LOCAL COM ALTO NÍVEL DE INTERFERÊNCIAS (NÃO INCLUI FORNECIMENTO). AF_03/2024","M",24.62]
["Assentamento de tubos de esgoto ou drenagem pluvial em concreto",92834,"ASSENTAMENTO DE TUBO DE CONCRETO PARA REDES COLETORAS DE ESGOTO SANITÁRIO, DIÂMETRO DE 300 MM, JUNTA ELÁSTICA, INSTALADO EM LOCAL COM BAIXO NÍVEL DE INTERFERÊNCIAS (NÃO INCLUI FORNECIMENTO). AF_03/2024","M",21.87]
["Assentamento de tubos de esgoto ou drenagem pluvial em concreto",92852,"ASSENTAMENTO DE TUBO DE CONCRETO PARA REDES COLETORAS DE ESGOTO SANITÁRIO, DIÂMETRO DE 400 MM, JUNTA ELÁSTICA, INSTALADO EM LOCAL COM ALTO NÍVEL DE INTERFERÊNCIAS (NÃO INCLUI FORNECIMENTO). AF_03/2024","M",32.880000000000003]
["Assentamento de tubos de esgoto ou drenagem pluvial em concreto",92836,"ASSENTAMENTO DE TUBO DE CONCRETO PARA REDES COLETORAS DE ESGOTO SANITÁRIO, DIÂMETRO DE 400 MM, JUNTA ELÁSTICA, INSTALADO EM LOCAL COM BAIXO NÍVEL DE INTERFERÊNCIAS (NÃO INCLUI FORNECIMENTO). AF_03/2024","M",28.97]
["Assentamento de tubos de esgoto ou drenagem pluvial em concreto",92854,"ASSENTAMENTO DE TUBO DE CONCRETO PARA REDES COLETORAS DE ESGOTO SANITÁRIO, DIÂMETRO DE 500 MM, JUNTA ELÁSTICA, INSTALADO EM LOCAL COM ALTO NÍVEL DE INTERFERÊNCIAS (NÃO INCLUI FORNECIMENTO). AF_03/2024","M",41.53]
["Assentamento de tubos de esgoto ou drenagem pluvial em concreto",92838,"ASSENTAMENTO DE TUBO DE CONCRETO PARA REDES COLETORAS DE ESGOTO SANITÁRIO, DIÂMETRO DE 500 MM, JUNTA ELÁSTICA, INSTALADO EM LOCAL COM BAIXO NÍVEL DE INTERFERÊNCIAS (NÃO INCLUI FORNECIMENTO). AF_03/2024","M",36.44]
["Assentamento de tubos de esgoto ou drenagem pluvial em concreto",92856,"ASSENTAMENTO DE TUBO DE CONCRETO PARA REDES COLETORAS DE ESGOTO SANITÁRIO, DIÂMETRO DE 600 MM, JUNTA ELÁSTICA, INSTALADO EM LOCAL COM ALTO NÍVEL DE INTERFERÊNCIAS (NÃO INCLUI FORNECIMENTO). AF_03/2024","M",50.46]
["Assentamento de tubos de esgoto ou drenagem pluvial em concreto",92840,"ASSENTAMENTO DE TUBO DE CONCRETO PARA REDES COLETORAS DE ESGOTO SANITÁRIO, DIÂMETRO DE 600 MM, JUNTA ELÁSTICA, INSTALADO EM LOCAL COM BAIXO NÍVEL DE INTERFERÊNCIAS (NÃO INCLUI FORNECIMENTO). AF_03/2024","M",44.21]
["Assentamento de tubos de esgoto ou drenagem pluvial em concreto",92858,"ASSENTAMENTO DE TUBO DE CONCRETO PARA REDES COLETORAS DE ESGOTO SANITÁRIO, DIÂMETRO DE 700 MM, JUNTA ELÁSTICA, INSTALADO EM LOCAL COM ALTO NÍVEL DE INTERFERÊNCIAS (NÃO INCLUI FORNECIMENTO). AF_03/2024","M",62.79]
["Assentamento de tubos de esgoto ou drenagem pluvial em concreto",92842,"ASSENTAMENTO DE TUBO DE CONCRETO PARA REDES COLETORAS DE ESGOTO SANITÁRIO, DIÂMETRO DE 700 MM, JUNTA ELÁSTICA, INSTALADO EM LOCAL COM BAIXO NÍVEL DE INTERFERÊNCIAS (NÃO INCLUI FORNECIMENTO). AF_03/2024","M",55.35]
["Assentamento de tubos de esgoto ou drenagem pluvial em concreto",92860,"ASSENTAMENTO DE TUBO DE CONCRETO PARA REDES COLETORAS DE ESGOTO SANITÁRIO, DIÂMETRO DE 800 MM, JUNTA ELÁSTICA, INSTALADO EM LOCAL COM ALTO NÍVEL DE INTERFERÊNCIAS (NÃO INCLUI FORNECIMENTO). AF_03/2024","M",74.319999999999993]
["Assentamento de tubos de esgoto ou drenagem pluvial em concreto",92844,"ASSENTAMENTO DE TUBO DE CONCRETO PARA REDES COLETORAS DE ESGOTO SANITÁRIO, DIÂMETRO DE 800 MM, JUNTA ELÁSTICA, INSTALADO EM LOCAL COM BAIXO NÍVEL DE INTERFERÊNCIAS (NÃO INCLUI FORNECIMENTO). AF_03/2024","M",65.709999999999994]
["Assentamento de tubos de esgoto ou drenagem pluvial em concreto",92862,"ASSENTAMENTO DE TUBO DE CONCRETO PARA REDES COLETORAS DE ESGOTO SANITÁRIO, DIÂMETRO DE 900 MM, JUNTA ELÁSTICA, INSTALADO EM LOCAL COM ALTO NÍVEL DE INTERFERÊNCIAS (NÃO INCLUI FORNECIMENTO). AF_03/2024","M",85.11]
["Assentamento de tubos de esgoto ou drenagem pluvial em concreto",92846,"ASSENTAMENTO DE TUBO DE CONCRETO PARA REDES COLETORAS DE ESGOTO SANITÁRIO, DIÂMETRO DE 900 MM, JUNTA ELÁSTICA, INSTALADO EM LOCAL COM BAIXO NÍVEL DE INTERFERÊNCIAS (NÃO INCLUI FORNECIMENTO). AF_03/2024","M",75.319999999999993]
["Assentamento de tubos de esgoto ou drenagem pluvial em concreto",92828,"ASSENTAMENTO DE TUBO DE CONCRETO PARA REDES COLETORAS DE ÁGUAS PLUVIAIS, DIÂMETRO DE 1000 MM, JUNTA RÍGIDA, INSTALADO EM LOCAL COM ALTO NÍVEL DE INTERFERÊNCIAS (NÃO INCLUI FORNECIMENTO). AF_03/2024","M",119.74]
["Assentamento de tubos de esgoto ou drenagem pluvial em concreto",92815,"ASSENTAMENTO DE TUBO DE CONCRETO PARA REDES COLETORAS DE ÁGUAS PLUVIAIS, DIÂMETRO DE 1000 MM, JUNTA RÍGIDA, INSTALADO EM LOCAL COM BAIXO NÍVEL DE INTERFERÊNCIAS (NÃO INCLUI FORNECIMENTO). AF_03/2024","M",108.77]
["Assentamento de tubos de esgoto ou drenagem pluvial em concreto",92830,"ASSENTAMENTO DE TUBO DE CONCRETO PARA REDES COLETORAS DE ÁGUAS PLUVIAIS, DIÂMETRO DE 1200 MM, JUNTA RÍGIDA, INSTALADO EM LOCAL COM ALTO NÍVEL DE INTERFERÊNCIAS (NÃO INCLUI FORNECIMENTO). AF_03/2024","M",147.83000000000001]
["Assentamento de tubos de esgoto ou drenagem pluvial em concreto",92817,"ASSENTAMENTO DE TUBO DE CONCRETO PARA REDES COLETORAS DE ÁGUAS PLUVIAIS, DIÂMETRO DE 1200 MM, JUNTA RÍGIDA, INSTALADO EM LOCAL COM BAIXO NÍVEL DE INTERFERÊNCIAS (NÃO INCLUI FORNECIMENTO). AF_03/2024","M",134.55000000000001]
["Assentamento de tubos de esgoto ou drenagem pluvial em concreto",92832,"ASSENTAMENTO DE TUBO DE CONCRETO PARA REDES COLETORAS DE ÁGUAS PLUVIAIS, DIÂMETRO DE 1500 MM, JUNTA RÍGIDA, INSTALADO EM LOCAL COM ALTO NÍVEL DE INTERFERÊNCIAS (NÃO INCLUI FORNECIMENTO). AF_03/2024","M",192.11]
["Assentamento de tubos de esgoto ou drenagem pluvial em concreto",92819,"ASSENTAMENTO DE TUBO DE CONCRETO PARA REDES COLETORAS DE ÁGUAS PLUVIAIS, DIÂMETRO DE 1500 MM, JUNTA RÍGIDA, INSTALADO EM LOCAL COM BAIXO NÍVEL DE INTERFERÊNCIAS (NÃO INCLUI FORNECIMENTO). AF_03/2024","M",175.29]
["Assentamento de tubos de esgoto ou drenagem pluvial em concreto",92820,"ASSENTAMENTO DE TUBO DE CONCRETO PARA REDES COLETORAS DE ÁGUAS PLUVIAIS, DIÂMETRO DE 300 MM, JUNTA RÍGIDA, INSTALADO EM LOCAL COM ALTO NÍVEL DE INTERFERÊNCIAS (NÃO INCLUI FORNECIMENTO). AF_03/2024","M",30.18]
["Assentamento de tubos de esgoto ou drenagem pluvial em concreto",92808,"ASSENTAMENTO DE TUBO DE CONCRETO PARA REDES COLETORAS DE ÁGUAS PLUVIAIS, DIÂMETRO DE 300 MM, JUNTA RÍGIDA, INSTALADO EM LOCAL COM BAIXO NÍVEL DE INTERFERÊNCIAS (NÃO INCLUI FORNECIMENTO). AF_03/2024","M",27.42]
["Assentamento de tubos de esgoto ou drenagem pluvial em concreto",92821,"ASSENTAMENTO DE TUBO DE CONCRETO PARA REDES COLETORAS DE ÁGUAS PLUVIAIS, DIÂMETRO DE 400 MM, JUNTA RÍGIDA, INSTALADO EM LOCAL COM ALTO NÍVEL DE INTERFERÊNCIAS (NÃO INCLUI FORNECIMENTO). AF_03/2024","M",42.08]
["Assentamento de tubos de esgoto ou drenagem pluvial em concreto",92809,"ASSENTAMENTO DE TUBO DE CONCRETO PARA REDES COLETORAS DE ÁGUAS PLUVIAIS, DIÂMETRO DE 400 MM, JUNTA RÍGIDA, INSTALADO EM LOCAL COM BAIXO NÍVEL DE INTERFERÊNCIAS (NÃO INCLUI FORNECIMENTO). AF_03/2024","M",38.15]
["Assentamento de tubos de esgoto ou drenagem pluvial em concreto",92822,"ASSENTAMENTO DE TUBO DE CONCRETO PARA REDES COLETORAS DE ÁGUAS PLUVIAIS, DIÂMETRO DE 500 MM, JUNTA RÍGIDA, INSTALADO EM LOCAL COM ALTO NÍVEL DE INTERFERÊNCIAS (NÃO INCLUI FORNECIMENTO). AF_03/2024","M",54.35]
["Assentamento de tubos de esgoto ou drenagem pluvial em concreto",92810,"ASSENTAMENTO DE TUBO DE CONCRETO PARA REDES COLETORAS DE ÁGUAS PLUVIAIS, DIÂMETRO DE 500 MM, JUNTA RÍGIDA, INSTALADO EM LOCAL COM BAIXO NÍVEL DE INTERFERÊNCIAS (NÃO INCLUI FORNECIMENTO). AF_03/2024","M",49.26]
["Assentamento de tubos de esgoto ou drenagem pluvial em concreto",92824,"ASSENTAMENTO DE TUBO DE CONCRETO PARA REDES COLETORAS DE ÁGUAS PLUVIAIS, DIÂMETRO DE 600 MM, JUNTA RÍGIDA, INSTALADO EM LOCAL COM ALTO NÍVEL DE INTERFERÊNCIAS (NÃO INCLUI FORNECIMENTO). AF_03/2024","M",66.83]
["Assentamento de tubos de esgoto ou drenagem pluvial em concreto",92811,"ASSENTAMENTO DE TUBO DE CONCRETO PARA REDES COLETORAS DE ÁGUAS PLUVIAIS, DIÂMETRO DE 600 MM, JUNTA RÍGIDA, INSTALADO EM LOCAL COM BAIXO NÍVEL DE INTERFERÊNCIAS (NÃO INCLUI FORNECIMENTO). AF_03/2024","M",60.58]
["Assentamento de tubos de esgoto ou drenagem pluvial em concreto",92825,"ASSENTAMENTO DE TUBO DE CONCRETO PARA REDES COLETORAS DE ÁGUAS PLUVIAIS, DIÂMETRO DE 700 MM, JUNTA RÍGIDA, INSTALADO EM LOCAL COM ALTO NÍVEL DE INTERFERÊNCIAS (NÃO INCLUI FORNECIMENTO). AF_03/2024","M",79.62]
["Assentamento de tubos de esgoto ou drenagem pluvial em concreto",92812,"ASSENTAMENTO DE TUBO DE CONCRETO PARA REDES COLETORAS DE ÁGUAS PLUVIAIS, DIÂMETRO DE 700 MM, JUNTA RÍGIDA, INSTALADO EM LOCAL COM BAIXO NÍVEL DE INTERFERÊNCIAS (NÃO INCLUI FORNECIMENTO). AF_03/2024","M",72.209999999999994]
["Assentamento de tubos de esgoto ou drenagem pluvial em concreto",92826,"ASSENTAMENTO DE TUBO DE CONCRETO PARA REDES COLETORAS DE ÁGUAS PLUVIAIS, DIÂMETRO DE 800 MM, JUNTA RÍGIDA, INSTALADO EM LOCAL COM ALTO NÍVEL DE INTERFERÊNCIAS (NÃO INCLUI FORNECIMENTO). AF_03/2024","M",92.71]
["Assentamento de tubos de esgoto ou drenagem pluvial em concreto",92813,"ASSENTAMENTO DE TUBO DE CONCRETO PARA REDES COLETORAS DE ÁGUAS PLUVIAIS, DIÂMETRO DE 800 MM, JUNTA RÍGIDA, INSTALADO EM LOCAL COM BAIXO NÍVEL DE INTERFERÊNCIAS (NÃO INCLUI FORNECIMENTO). AF_03/2024","M",84.12]
["Assentamento de tubos de esgoto ou drenagem pluvial em concreto",92827,"ASSENTAMENTO DE TUBO DE CONCRETO PARA REDES COLETORAS DE ÁGUAS PLUVIAIS, DIÂMETRO DE 900 MM, JUNTA RÍGIDA, INSTALADO EM LOCAL COM ALTO NÍVEL DE INTERFERÊNCIAS (NÃO INCLUI FORNECIMENTO). AF_03/2024","M",106.12]
["Assentamento de tubos de esgoto ou drenagem pluvial em concreto",92814,"ASSENTAMENTO DE TUBO DE CONCRETO PARA REDES COLETORAS DE ÁGUAS PLUVIAIS, DIÂMETRO DE 900 MM, JUNTA RÍGIDA, INSTALADO EM LOCAL COM BAIXO NÍVEL DE INTERFERÊNCIAS (NÃO INCLUI FORNECIMENTO). AF_03/2024","M",96.33]
["Assentamento de tubos de esgoto ou drenagem pluvial em concreto",95570,"TUBO DE CONCRETO (SIMPLES) PARA REDES COLETORAS DE ÁGUAS PLUVIAIS, DIÂMETRO DE 300 MM, JUNTA RÍGIDA, INSTALADO EM LOCAL COM ALTO NÍVEL DE INTERFERÊNCIAS - FORNECIMENTO E ASSENTAMENTO. AF_03/2024","M",83.74]
["Assentamento de tubos de esgoto ou drenagem pluvial em concreto",95567,"TUBO DE CONCRETO (SIMPLES) PARA REDES COLETORAS DE ÁGUAS PLUVIAIS, DIÂMETRO DE 300 MM, JUNTA RÍGIDA, INSTALADO EM LOCAL COM BAIXO NÍVEL DE INTERFERÊNCIAS - FORNECIMENTO E ASSENTAMENTO. AF_03/2024","M",80.98]
["Assentamento de tubos de esgoto ou drenagem pluvial em concreto",95571,"TUBO DE CONCRETO (SIMPLES) PARA REDES COLETORAS DE ÁGUAS PLUVIAIS, DIÂMETRO DE 400 MM, JUNTA RÍGIDA, INSTALADO EM LOCAL COM ALTO NÍVEL DE INTERFERÊNCIAS - FORNECIMENTO E ASSENTAMENTO. AF_03/2024","M",105.37]
["Assentamento de tubos de esgoto ou drenagem pluvial em concreto",95568,"TUBO DE CONCRETO (SIMPLES) PARA REDES COLETORAS DE ÁGUAS PLUVIAIS, DIÂMETRO DE 400 MM, JUNTA RÍGIDA, INSTALADO EM LOCAL COM BAIXO NÍVEL DE INTERFERÊNCIAS - FORNECIMENTO E ASSENTAMENTO. AF_03/2024","M",101.44]
["Assentamento de tubos de esgoto ou drenagem pluvial em concreto",95572,"TUBO DE CONCRETO (SIMPLES) PARA REDES COLETORAS DE ÁGUAS PLUVIAIS, DIÂMETRO DE 500 MM, JUNTA RÍGIDA, INSTALADO EM LOCAL COM ALTO NÍVEL DE INTERFERÊNCIAS - FORNECIMENTO E ASSENTAMENTO. AF_03/2024","M",148.54]
["Assentamento de tubos de esgoto ou drenagem pluvial em concreto",95569,"TUBO DE CONCRETO (SIMPLES) PARA REDES COLETORAS DE ÁGUAS PLUVIAIS, DIÂMETRO DE 500 MM, JUNTA RÍGIDA, INSTALADO EM LOCAL COM BAIXO NÍVEL DE INTERFERÊNCIAS - FORNECIMENTO E ASSENTAMENTO. AF_03/2024","M",143.44999999999999]
["Assentamento de tubos de esgoto ou drenagem pluvial em concreto",92863,"TUBO DE CONCRETO PARA REDES COLETORAS DE ESGOTO SANITÁRIO, DIÂMETRO DE 1000 MM, JUNTA ELÁSTICA, INSTALADO EM LOCAL COM ALTO NÍVEL DE INTERFERÊNCIAS - FORNECIMENTO E ASSENTAMENTO. AF_03/2024","M",1051.48]
["Assentamento de tubos de esgoto ou drenagem pluvial em concreto",92847,"TUBO DE CONCRETO PARA REDES COLETORAS DE ESGOTO SANITÁRIO, DIÂMETRO DE 1000 MM, JUNTA ELÁSTICA, INSTALADO EM LOCAL COM BAIXO NÍVEL DE INTERFERÊNCIAS - FORNECIMENTO E ASSENTAMENTO. AF_03/2024","M",1040.54]
["Assentamento de tubos de esgoto ou drenagem pluvial em concreto",104936,"TUBO DE CONCRETO PARA REDES COLETORAS DE ESGOTO SANITÁRIO, DIÂMETRO DE 1200 MM, JUNTA ELÁSTICA, INSTALADO EM LOCAL COM ALTO NÍVEL DE INTERFERÊNCIAS - FORNECIMENTO E ASSENTAMENTO. AF_03/2024","M",0]
["Assentamento de tubos de esgoto ou drenagem pluvial em concreto",104932,"TUBO DE CONCRETO PARA REDES COLETORAS DE ESGOTO SANITÁRIO, DIÂMETRO DE 1200 MM, JUNTA ELÁSTICA, INSTALADO EM LOCAL COM BAIXO NÍVEL DE INTERFERÊNCIAS - FORNECIMENTO E ASSENTAMENTO. AF_03/2024","M",0]
["Assentamento de tubos de esgoto ou drenagem pluvial em concreto",104938,"TUBO DE CONCRETO PARA REDES COLETORAS DE ESGOTO SANITÁRIO, DIÂMETRO DE 1500 MM, JUNTA ELÁSTICA, INSTALADO EM LOCAL COM ALTO NÍVEL DE INTERFERÊNCIAS - FORNECIMENTO E ASSENTAMENTO. AF_03/2024","M",0]
["Assentamento de tubos de esgoto ou drenagem pluvial em concreto",104934,"TUBO DE CONCRETO PARA REDES COLETORAS DE ESGOTO SANITÁRIO, DIÂMETRO DE 1500 MM, JUNTA ELÁSTICA, INSTALADO EM LOCAL COM BAIXO NÍVEL DE INTERFERÊNCIAS - FORNECIMENTO E ASSENTAMENTO. AF_03/2024","M",0]
["Assentamento de tubos de esgoto ou drenagem pluvial em concreto",92849,"TUBO DE CONCRETO PARA REDES COLETORAS DE ESGOTO SANITÁRIO, DIÂMETRO DE 300 MM, JUNTA ELÁSTICA, INSTALADO EM LOCAL COM ALTO NÍVEL DE INTERFERÊNCIAS - FORNECIMENTO E ASSENTAMENTO. AF_03/2024","M",223.78]
["Assentamento de tubos de esgoto ou drenagem pluvial em concreto",92833,"TUBO DE CONCRETO PARA REDES COLETORAS DE ESGOTO SANITÁRIO, DIÂMETRO DE 300 MM, JUNTA ELÁSTICA, INSTALADO EM LOCAL COM BAIXO NÍVEL DE INTERFERÊNCIAS - FORNECIMENTO E ASSENTAMENTO. AF_03/2024","M",221.03]
["Assentamento de tubos de esgoto ou drenagem pluvial em concreto",92851,"TUBO DE CONCRETO PARA REDES COLETORAS DE ESGOTO SANITÁRIO, DIÂMETRO DE 400 MM, JUNTA ELÁSTICA, INSTALADO EM LOCAL COM ALTO NÍVEL DE INTERFERÊNCIAS - FORNECIMENTO E ASSENTAMENTO. AF_03/2024","M",237.13]
["Assentamento de tubos de esgoto ou drenagem pluvial em concreto",92835,"TUBO DE CONCRETO PARA REDES COLETORAS DE ESGOTO SANITÁRIO, DIÂMETRO DE 400 MM, JUNTA ELÁSTICA, INSTALADO EM LOCAL COM BAIXO NÍVEL DE INTERFERÊNCIAS - FORNECIMENTO E ASSENTAMENTO. AF_03/2024","M",233.22]
["Assentamento de tubos de esgoto ou drenagem pluvial em concreto",92853,"TUBO DE CONCRETO PARA REDES COLETORAS DE ESGOTO SANITÁRIO, DIÂMETRO DE 500 MM, JUNTA ELÁSTICA, INSTALADO EM LOCAL COM ALTO NÍVEL DE INTERFERÊNCIAS - FORNECIMENTO E ASSENTAMENTO. AF_03/2024","M",419.42]
["Assentamento de tubos de esgoto ou drenagem pluvial em concreto",92837,"TUBO DE CONCRETO PARA REDES COLETORAS DE ESGOTO SANITÁRIO, DIÂMETRO DE 500 MM, JUNTA ELÁSTICA, INSTALADO EM LOCAL COM BAIXO NÍVEL DE INTERFERÊNCIAS - FORNECIMENTO E ASSENTAMENTO. AF_03/2024","M",414.33]
["Assentamento de tubos de esgoto ou drenagem pluvial em concreto",92855,"TUBO DE CONCRETO PARA REDES COLETORAS DE ESGOTO SANITÁRIO, DIÂMETRO DE 600 MM, JUNTA ELÁSTICA, INSTALADO EM LOCAL COM ALTO NÍVEL DE INTERFERÊNCIAS - FORNECIMENTO E ASSENTAMENTO. AF_03/2024","M",514.14]
["Assentamento de tubos de esgoto ou drenagem pluvial em concreto",92839,"TUBO DE CONCRETO PARA REDES COLETORAS DE ESGOTO SANITÁRIO, DIÂMETRO DE 600 MM, JUNTA ELÁSTICA, INSTALADO EM LOCAL COM BAIXO NÍVEL DE INTERFERÊNCIAS - FORNECIMENTO E ASSENTAMENTO. AF_03/2024","M",507.89]
["Assentamento de tubos de esgoto ou drenagem pluvial em concreto",92857,"TUBO DE CONCRETO PARA REDES COLETORAS DE ESGOTO SANITÁRIO, DIÂMETRO DE 700 MM, JUNTA ELÁSTICA, INSTALADO EM LOCAL COM ALTO NÍVEL DE INTERFERÊNCIAS - FORNECIMENTO E ASSENTAMENTO. AF_03/2024","M",668.44]
["Assentamento de tubos de esgoto ou drenagem pluvial em concreto",92841,"TUBO DE CONCRETO PARA REDES COLETORAS DE ESGOTO SANITÁRIO, DIÂMETRO DE 700 MM, JUNTA ELÁSTICA, INSTALADO EM LOCAL COM BAIXO NÍVEL DE INTERFERÊNCIAS - FORNECIMENTO E ASSENTAMENTO. AF_03/2024","M",661]
["Assentamento de tubos de esgoto ou drenagem pluvial em concreto",92859,"TUBO DE CONCRETO PARA REDES COLETORAS DE ESGOTO SANITÁRIO, DIÂMETRO DE 800 MM, JUNTA ELÁSTICA, INSTALADO EM LOCAL COM ALTO NÍVEL DE INTERFERÊNCIAS - FORNECIMENTO E ASSENTAMENTO. AF_03/2024","M",693.35]
["Assentamento de tubos de esgoto ou drenagem pluvial em concreto",92843,"TUBO DE CONCRETO PARA REDES COLETORAS DE ESGOTO SANITÁRIO, DIÂMETRO DE 800 MM, JUNTA ELÁSTICA, INSTALADO EM LOCAL COM BAIXO NÍVEL DE INTERFERÊNCIAS - FORNECIMENTO E ASSENTAMENTO. AF_03/2024","M",684.74]
["Assentamento de tubos de esgoto ou drenagem pluvial em concreto",92861,"TUBO DE CONCRETO PARA REDES COLETORAS DE ESGOTO SANITÁRIO, DIÂMETRO DE 900 MM, JUNTA ELÁSTICA, INSTALADO EM LOCAL COM ALTO NÍVEL DE INTERFERÊNCIAS - FORNECIMENTO E ASSENTAMENTO. AF_03/2024","M",1023.71]
["Assentamento de tubos de esgoto ou drenagem pluvial em concreto",92845,"TUBO DE CONCRETO PARA REDES COLETORAS DE ESGOTO SANITÁRIO, DIÂMETRO DE 900 MM, JUNTA ELÁSTICA, INSTALADO EM LOCAL COM BAIXO NÍVEL DE INTERFERÊNCIAS - FORNECIMENTO E ASSENTAMENTO. AF_03/2024","M",1013.92]
["Assentamento de tubos de esgoto ou drenagem pluvial em concreto",92226,"TUBO DE CONCRETO PARA REDES COLETORAS DE ÁGUAS PLUVIAIS, DIÂMETRO DE 1000 MM, JUNTA RÍGIDA, INSTALADO EM LOCAL COM ALTO NÍVEL DE INTERFERÊNCIAS - FORNECIMENTO E ASSENTAMENTO. AF_03/2024","M",593.64]
["Assentamento de tubos de esgoto ou drenagem pluvial em concreto",92216,"TUBO DE CONCRETO PARA REDES COLETORAS DE ÁGUAS PLUVIAIS, DIÂMETRO DE 1000 MM, JUNTA RÍGIDA, INSTALADO EM LOCAL COM BAIXO NÍVEL DE INTERFERÊNCIAS - FORNECIMENTO E ASSENTAMENTO. AF_03/2024","M",582.66999999999996]
["Assentamento de tubos de esgoto ou drenagem pluvial em concreto",92829,"TUBO DE CONCRETO PARA REDES COLETORAS DE ÁGUAS PLUVIAIS, DIÂMETRO DE 1200 MM, JUNTA RÍGIDA, INSTALADO EM LOCAL COM ALTO NÍVEL DE INTERFERÊNCIAS - FORNECIMENTO E ASSENTAMENTO. AF_03/2024","M",855.61]
["Assentamento de tubos de esgoto ou drenagem pluvial em concreto",92816,"TUBO DE CONCRETO PARA REDES COLETORAS DE ÁGUAS PLUVIAIS, DIÂMETRO DE 1200 MM, JUNTA RÍGIDA, INSTALADO EM LOCAL COM BAIXO NÍVEL DE INTERFERÊNCIAS - FORNECIMENTO E ASSENTAMENTO. AF_03/2024","M",842.33]
["Assentamento de tubos de esgoto ou drenagem pluvial em concreto",92831,"TUBO DE CONCRETO PARA REDES COLETORAS DE ÁGUAS PLUVIAIS, DIÂMETRO DE 1500 MM, JUNTA RÍGIDA, INSTALADO EM LOCAL COM ALTO NÍVEL DE INTERFERÊNCIAS - FORNECIMENTO E ASSENTAMENTO. AF_03/2024","M",1217.53]
["Assentamento de tubos de esgoto ou drenagem pluvial em concreto",92818,"TUBO DE CONCRETO PARA REDES COLETORAS DE ÁGUAS PLUVIAIS, DIÂMETRO DE 1500 MM, JUNTA RÍGIDA, INSTALADO EM LOCAL COM BAIXO NÍVEL DE INTERFERÊNCIAS - FORNECIMENTO E ASSENTAMENTO. AF_03/2024","M",1200.71]
["Assentamento de tubos de esgoto ou drenagem pluvial em concreto",95566,"TUBO DE CONCRETO PARA REDES COLETORAS DE ÁGUAS PLUVIAIS, DIÂMETRO DE 300MM, JUNTA RÍGIDA, INSTALADO EM LOCAL COM ALTO NÍVEL DE INTERFERÊNCIAS - FORNECIMENTO E ASSENTAMENTO. AF_03/2024","M",141.5]
["Assentamento de tubos de esgoto ou drenagem pluvial em concreto",95565,"TUBO DE CONCRETO PARA REDES COLETORAS DE ÁGUAS PLUVIAIS, DIÂMETRO DE 300MM, JUNTA RÍGIDA, INSTALADO EM LOCAL COM BAIXO NÍVEL DE INTERFERÊNCIAS - FORNECIMENTO E ASSENTAMENTO. AF_03/2024","M",138.74]
["Assentamento de tubos de esgoto ou drenagem pluvial em concreto",92219,"TUBO DE CONCRETO PARA REDES COLETORAS DE ÁGUAS PLUVIAIS, DIÂMETRO DE 400 MM, JUNTA RÍGIDA, INSTALADO EM LOCAL COM ALTO NÍVEL DE INTERFERÊNCIAS - FORNECIMENTO E ASSENTAMENTO. AF_03/2024","M",167.69]
["Assentamento de tubos de esgoto ou drenagem pluvial em concreto",92210,"TUBO DE CONCRETO PARA REDES COLETORAS DE ÁGUAS PLUVIAIS, DIÂMETRO DE 400 MM, JUNTA RÍGIDA, INSTALADO EM LOCAL COM BAIXO NÍVEL DE INTERFERÊNCIAS - FORNECIMENTO E ASSENTAMENTO. AF_03/2024","M",163.76]
["Assentamento de tubos de esgoto ou drenagem pluvial em concreto",92220,"TUBO DE CONCRETO PARA REDES COLETORAS DE ÁGUAS PLUVIAIS, DIÂMETRO DE 500 MM, JUNTA RÍGIDA, INSTALADO EM LOCAL COM ALTO NÍVEL DE INTERFERÊNCIAS - FORNECIMENTO E ASSENTAMENTO. AF_03/2024","M",204.48]
["Assentamento de tubos de esgoto ou drenagem pluvial em concreto",92211,"TUBO DE CONCRETO PARA REDES COLETORAS DE ÁGUAS PLUVIAIS, DIÂMETRO DE 500 MM, JUNTA RÍGIDA, INSTALADO EM LOCAL COM BAIXO NÍVEL DE INTERFERÊNCIAS - FORNECIMENTO E ASSENTAMENTO. AF_03/2024","M",199.39]
["Assentamento de tubos de esgoto ou drenagem pluvial em concreto",92221,"TUBO DE CONCRETO PARA REDES COLETORAS DE ÁGUAS PLUVIAIS, DIÂMETRO DE 600 MM, JUNTA RÍGIDA, INSTALADO EM LOCAL COM ALTO NÍVEL DE INTERFERÊNCIAS - FORNECIMENTO E ASSENTAMENTO. AF_03/2024","M",309.91000000000003]
["Assentamento de tubos de esgoto ou drenagem pluvial em concreto",92212,"TUBO DE CONCRETO PARA REDES COLETORAS DE ÁGUAS PLUVIAIS, DIÂMETRO DE 600 MM, JUNTA RÍGIDA, INSTALADO EM LOCAL COM BAIXO NÍVEL DE INTERFERÊNCIAS - FORNECIMENTO E ASSENTAMENTO. AF_03/2024","M",303.66000000000003]
["Assentamento de tubos de esgoto ou drenagem pluvial em concreto",92222,"TUBO DE CONCRETO PARA REDES COLETORAS DE ÁGUAS PLUVIAIS, DIÂMETRO DE 700 MM, JUNTA RÍGIDA, INSTALADO EM LOCAL COM ALTO NÍVEL DE INTERFERÊNCIAS - FORNECIMENTO E ASSENTAMENTO. AF_03/2024","M",410.94]
["Assentamento de tubos de esgoto ou drenagem pluvial em concreto",92213,"TUBO DE CONCRETO PARA REDES COLETORAS DE ÁGUAS PLUVIAIS, DIÂMETRO DE 700 MM, JUNTA RÍGIDA, INSTALADO EM LOCAL COM BAIXO NÍVEL DE INTERFERÊNCIAS - FORNECIMENTO E ASSENTAMENTO. AF_03/2024","M",403.53]
["Assentamento de tubos de esgoto ou drenagem pluvial em concreto",92223,"TUBO DE CONCRETO PARA REDES COLETORAS DE ÁGUAS PLUVIAIS, DIÂMETRO DE 800 MM, JUNTA RÍGIDA, INSTALADO EM LOCAL COM ALTO NÍVEL DE INTERFERÊNCIAS - FORNECIMENTO E ASSENTAMENTO. AF_03/2024","M",497.16]
["Assentamento de tubos de esgoto ou drenagem pluvial em concreto",92214,"TUBO DE CONCRETO PARA REDES COLETORAS DE ÁGUAS PLUVIAIS, DIÂMETRO DE 800 MM, JUNTA RÍGIDA, INSTALADO EM LOCAL COM BAIXO NÍVEL DE INTERFERÊNCIAS - FORNECIMENTO E ASSENTAMENTO. AF_03/2024","M",488.57]
["Assentamento de tubos de esgoto ou drenagem pluvial em concreto",92224,"TUBO DE CONCRETO PARA REDES COLETORAS DE ÁGUAS PLUVIAIS, DIÂMETRO DE 900 MM, JUNTA RÍGIDA, INSTALADO EM LOCAL COM ALTO NÍVEL DE INTERFERÊNCIAS - FORNECIMENTO E ASSENTAMENTO. AF_03/2024","M",570.82000000000005]
["Assentamento de tubos de esgoto ou drenagem pluvial em concreto",92215,"TUBO DE CONCRETO PARA REDES COLETORAS DE ÁGUAS PLUVIAIS, DIÂMETRO DE 900 MM, JUNTA RÍGIDA, INSTALADO EM LOCAL COM BAIXO NÍVEL DE INTERFERÊNCIAS - FORNECIMENTO E ASSENTAMENTO. AF_03/2024","M",561.03]
["Aterro e Reaterro de Valas",94342,"ATERRO MANUAL DE VALAS COM AREIA PARA ATERRO. AF_08/2023","M3",127.69]
["Aterro e Reaterro de Valas",94319,"ATERRO MANUAL DE VALAS COM SOLO ARGILO-ARENOSO. AF_08/2023","M3",84.37]
["Aterro e Reaterro de Valas",94304,"ATERRO MECANIZADO DE VALA COM ESCAVADEIRA HIDRÁULICA (CAPACIDADE DA CAÇAMBA: 0,8 M³ / POTÊNCIA: 111 HP), LARGURA ATÉ 2,5 M, PROFUNDIDADE ATÉ 1,5 M, COM SOLO ARGILO-ARENOSO. AF_08/2023","M3",80.19]
["Aterro e Reaterro de Valas",94306,"ATERRO MECANIZADO DE VALA COM ESCAVADEIRA HIDRÁULICA (CAPACIDADE DA CAÇAMBA: 0,8 M³ / POTÊNCIA: 111 HP), LARGURA ATÉ 2,5 M, PROFUNDIDADE DE 1,5 A 3,0 M, COM SOLO ARGILO-ARENOSO. AF_08/2023","M3",73.03]
["Aterro e Reaterro de Valas",94327,"ATERRO MECANIZADO DE VALA COM ESCAVADEIRA HIDRÁULICA (CAPACIDADE DA CAÇAMBA: 0,8 M³/POTÊNCIA: 111 HP), LARGURA ATÉ 2,5 M, PROFUNDIDADE ATÉ 1,5 M, COM AREIA PARA ATERRO. AF_08/2023","M3",123.51]
["Aterro e Reaterro de Valas",94329,"ATERRO MECANIZADO DE VALA COM ESCAVADEIRA HIDRÁULICA (CAPACIDADE DA CAÇAMBA: 0,8 M³/POTÊNCIA: 111 HP), LARGURA ATÉ 2,5 M, PROFUNDIDADE DE 1,5 A 3,0 M, COM AREIA PARA ATERRO. AF_08/2023","M3",116.35]
["Aterro e Reaterro de Valas",94333,"ATERRO MECANIZADO DE VALA COM ESCAVADEIRA HIDRÁULICA (CAPACIDADE DA CAÇAMBA: 0,8 M³/POTÊNCIA: 111 HP), LARGURA ATÉ 2,5 M, PROFUNDIDADE DE 3,0 A 6,0 M, COM AREIA PARA ATERRO. AF_08/2023","M3",113.12]
["Aterro e Reaterro de Valas",94310,"ATERRO MECANIZADO DE VALA COM ESCAVADEIRA HIDRÁULICA (CAPACIDADE DA CAÇAMBA: 0,8 M³/POTÊNCIA: 111 HP), LARGURA ATÉ 2,5 M, PROFUNDIDADE DE 3,0 A 6,0 M, COM SOLO ARGILO-ARENOSO. AF_08/2023","M3",69.8]
["Aterro e Reaterro de Valas",104739,"ATERRO MECANIZADO DE VALA COM MINICARREGADEIRA, COM AREIA PARA ATERRO. AF_08/2023","M3",129.57]
["Aterro e Reaterro de Valas",104738,"ATERRO MECANIZADO DE VALA COM MINICARREGADEIRA, COM SOLO ARGILO-ARENOSO. AF_08/2023","M3",86.25]
["Aterro e Reaterro de Valas",94316,"ATERRO MECANIZADO DE VALA COM RETROESCAVADEIRA (CAPACIDADE DA CAÇAMBA DA RETRO: 0,26 M³ / POTÊNCIA: 88 HP), LARGURA ATÉ 1,5 M, PROFUNDIDADE ATÉ 1,5 M, COM SOLO ARGILO-ARENOSO. AF_08/2023","M3",75.48]
["Aterro e Reaterro de Valas",94318,"ATERRO MECANIZADO DE VALA COM RETROESCAVADEIRA (CAPACIDADE DA CAÇAMBA DA RETRO: 0,26 M³ / POTÊNCIA: 88 HP), LARGURA ATÉ 1,5 M, PROFUNDIDADE DE 1,5 A 3,0 M, COM SOLO ARGILO-ARENOSO. AF_08/2023","M3",68.790000000000006]
["Aterro e Reaterro de Valas",94339,"ATERRO MECANIZADO DE VALA COM RETROESCAVADEIRA (CAPACIDADE DA CAÇAMBA DA RETRO: 0,26 M³/POTÊNCIA: 88 HP), LARGURA ATÉ 1,5 M, PROFUNDIDADE ATÉ 1,5 M, COM AREIA PARA ATERRO. AF_08/2023","M3",118.8]
["Aterro e Reaterro de Valas",94341,"ATERRO MECANIZADO DE VALA COM RETROESCAVADEIRA (CAPACIDADE DA CAÇAMBA DA RETRO: 0,26 M³/POTÊNCIA: 88 HP), LARGURA ATÉ 1,5 M, PROFUNDIDADE DE 1,5 A 3,0 M, COM AREIA PARA ATERRO. AF_08/2023","M3",112.11]
["Aterro e Reaterro de Valas",104742,"COMPACTAÇÃO DE VALAS COM ROLO COMPRESSOR. AF_08/2023","M2",9.0399999999999991]
["Aterro e Reaterro de Valas",93382,"REATERRO MANUAL DE VALAS, COM COMPACTADOR DE SOLOS DE PERCUSSÃO. AF_08/2023","M3",30.54]
["Aterro e Reaterro de Valas",104737,"REATERRO MANUAL DE VALAS, COM PLACA VIBRATÓRIA. AF_08/2023","M3",24.2]
["Aterro e Reaterro de Valas",93369,"REATERRO MECANIZADO DE VALA COM ESCAVADEIRA HIDRÁULICA (CAPACIDADE DA CAÇAMBA: 0,8 M³/POTÊNCIA: 111 HP), LARGURA 1,5 A 2,5 M, PROFUNDIDADE 1,5 A 3,0 M, COM SOLO (SEM SUBSTITUIÇÃO) DE 1ª CATEGORIA, COM COMPACTADOR DE SOLOS DE PERCUSSÃO. AF_08/2023","M3",19.2]
["Aterro e Reaterro de Valas",93373,"REATERRO MECANIZADO DE VALA COM ESCAVADEIRA HIDRÁULICA (CAPACIDADE DA CAÇAMBA: 0,8 M³/POTÊNCIA: 111 HP), LARGURA 1,5 A 2,5 M, PROFUNDIDADE 3,0 A 6,0 M, COM SOLO (SEM SUBSTITUIÇÃO) DE 1ª CATEGORIA, COM COMPACTADOR DE SOLOS DE PERCUSSÃO. AF_08/2023","M3",15.97]
["Aterro e Reaterro de Valas",93368,"REATERRO MECANIZADO DE VALA COM ESCAVADEIRA HIDRÁULICA (CAPACIDADE DA CAÇAMBA: 0,8 M³/POTÊNCIA: 111 HP), LARGURA ATÉ 1,5 M, PROFUNDIDADE DE 1,5 A 3,0 M, COM SOLO (SEM SUBSTITUIÇÃO) DE 1ª CATEGORIA, COM COMPACTADOR DE SOLOS DE PERCUSSÃO. AF_08/2023","M3",23.16]
["Aterro e Reaterro de Valas",104729,"REATERRO MECANIZADO DE VALA COM ESCAVADEIRA HIDRÁULICA (CAPACIDADE DA CAÇAMBA: 0,8 M³/POTÊNCIA: 111 HP), LARGURA ATÉ 1,5 M, PROFUNDIDADE DE 1,5 A 3,0 M, COM SOLO (SEM SUBSTITUIÇÃO) DE 1ª CATEGORIA, COM PLACA VIBRATÓRIA. AF_08/2023","M3",17.79]
["Aterro e Reaterro de Valas",93372,"REATERRO MECANIZADO DE VALA COM ESCAVADEIRA HIDRÁULICA (CAPACIDADE DA CAÇAMBA: 0,8 M³/POTÊNCIA: 111 HP), LARGURA ATÉ 1,5 M, PROFUNDIDADE DE 3,0 A 6,0 M, COM SOLO (SEM SUBSTITUIÇÃO) DE 1ª CATEGORIA, COM COMPACTADOR DE SOLOS DE PERCUSSÃO. AF_08/2023","M3",18.48]
["Aterro e Reaterro de Valas",104731,"REATERRO MECANIZADO DE VALA COM ESCAVADEIRA HIDRÁULICA (CAPACIDADE DA CAÇAMBA: 0,8 M³/POTÊNCIA: 111 HP), LARGURA ATÉ 1,5 M, PROFUNDIDADE DE 3,0 A 6,0 M, COM SOLO (SEM SUBSTITUIÇÃO) DE 1ª CATEGORIA, COM PLACA VIBRATÓRIA. AF_08/2023","M3",13.15]
["Aterro e Reaterro de Valas",93367,"REATERRO MECANIZADO DE VALA COM ESCAVADEIRA HIDRÁULICA (CAPACIDADE DA CAÇAMBA: 0,8 M³/POTÊNCIA: 111 HP), LARGURA DE 1,5 A 2,5 M, PROFUNDIDADE ATÉ 1,5 M, COM SOLO (SEM SUBSTITUIÇÃO) DE 1ª CATEGORIA, COM COMPACTADOR DE SOLOS DE PERCUSSÃO. AF_08/2023","M3",26.36]
["Aterro e Reaterro de Valas",104728,"REATERRO MECANIZADO DE VALA COM ESCAVADEIRA HIDRÁULICA (CAPACIDADE DA CAÇAMBA: 0,8 M³/POTÊNCIA: 111 HP), LARGURA DE 1,5 A 2,5 M, PROFUNDIDADE ATÉ 1,5 M, COM SOLO (SEM SUBSTITUIÇÃO) DE 1ª CATEGORIA, COM PLACA VIBRATÓRIA. AF_08/2023","M3",20.9]
["Aterro e Reaterro de Valas",104730,"REATERRO MECANIZADO DE VALA COM ESCAVADEIRA HIDRÁULICA (CAPACIDADE DA CAÇAMBA: 0,8 M³/POTÊNCIA: 111 HP), LARGURA DE 1,5 A 2,5 M, PROFUNDIDADE DE 1,5 A 3,0 M, COM SOLO (SEM SUBSTITUIÇÃO) DE 1ª CATEGORIA, COM PLACA VIBRATÓRIA. AF_08/2023","M3",13.86]
["Aterro e Reaterro de Valas",104732,"REATERRO MECANIZADO DE VALA COM ESCAVADEIRA HIDRÁULICA (CAPACIDADE DA CAÇAMBA: 0,8 M³/POTÊNCIA: 111 HP), LARGURA DE 1,5 A 2,5 M, PROFUNDIDADE DE 3,0 A 6,0 M, COM SOLO (SEM SUBSTITUIÇÃO) DE 1ª CATEGORIA, COM PLACA VIBRATÓRIA. AF_08/2023","M3",10.65]
["Aterro e Reaterro de Valas",104740,"REATERRO MECANIZADO DE VALA COM MINICARREGADEIRA, COM COMPACTADOR DE SOLOS DE PERCUSSÃO. AF_08/2023","M3",32.42]
["Aterro e Reaterro de Valas",104741,"REATERRO MECANIZADO DE VALA COM MINICARREGADEIRA, COM PLACA VIBRATÓRIA. AF_08/2023","M3",26.08]
["Aterro e Reaterro de Valas",93381,"REATERRO MECANIZADO DE VALA COM RETROESCAVADEIRA (CAPACIDADE DA CAÇAMBA DA RETRO: 0,26 M³/POTÊNCIA: 88 HP), LARGURA 0,8 A 1,5 M, PROFUNDIDADE 1,5 A 3,0 M, COM SOLO (SEM SUBSTITUIÇÃO) DE 1ª CATEGORIA E COMPACTADOR DE SOLOS DE PERCUSSÃO. AF_08/2023","M3",14.96]
["Aterro e Reaterro de Valas",93379,"REATERRO MECANIZADO DE VALA COM RETROESCAVADEIRA (CAPACIDADE DA CAÇAMBA DA RETRO: 0,26 M³/POTÊNCIA: 88 HP), LARGURA 0,8 A 1,5 M, PROFUNDIDADE ATÉ 1,5 M, COM SOLO (SEM SUBSTITUIÇÃO) DE 1ª CATEGORIA, COM COMPACTADOR DE SOLOS DE PERCUSSÃO AF_08/2023","M3",21.65]
["Aterro e Reaterro de Valas",93380,"REATERRO MECANIZADO DE VALA COM RETROESCAVADEIRA (CAPACIDADE DA CAÇAMBA DA RETRO: 0,26 M³/POTÊNCIA: 88 HP), LARGURA ATÉ 0,8 M, PROFUNDIDADE 1,5 A 3,0 M, COM SOLO (SEM SUBSTITUIÇÃO) DE 1ª CATEGORIA, COM COMPACTADOR DE SOLOS DE PERCUSSÃO AF_08/2023","M3",18.420000000000002]
["Aterro e Reaterro de Valas",93378,"REATERRO MECANIZADO DE VALA COM RETROESCAVADEIRA (CAPACIDADE DA CAÇAMBA DA RETRO: 0,26 M³/POTÊNCIA: 88 HP), LARGURA ATÉ 0,8 M, PROFUNDIDADE ATÉ 1,5 M, COM SOLO (SEM SUBSTITUIÇÃO) DE 1ª CATEGORIA, COM COMPACTADOR DE SOLOS DE PERCUSSÃO. AF_08/2023","M3",28.13]
["Aterro e Reaterro de Valas",104733,"REATERRO MECANIZADO DE VALA COM RETROESCAVADEIRA (CAPACIDADE DA CAÇAMBA DA RETRO: 0,26 M³/POTÊNCIA: 88 HP), LARGURA ATÉ 0,8 M, PROFUNDIDADE ATÉ 1,5 M, COM SOLO (SEM SUBSTITUIÇÃO) DE 1ª CATEGORIA, COM PLACA VIBRATÓRIA. AF_08/2023","M3",21.79]
["Aterro e Reaterro de Valas",104735,"REATERRO MECANIZADO DE VALA COM RETROESCAVADEIRA (CAPACIDADE DA CAÇAMBA DA RETRO: 0,26 M³/POTÊNCIA: 88 HP), LARGURA ATÉ 0,8 M, PROFUNDIDADE DE 1,5 A 3,0 M, COM SOLO (SEM SUBSTITUIÇÃO) DE 1ª CATEGORIA, COM PLACA VIBRATÓRIA. AF_08/2023","M3",12.85]
["Aterro e Reaterro de Valas",104734,"REATERRO MECANIZADO DE VALA COM RETROESCAVADEIRA (CAPACIDADE DA CAÇAMBA DA RETRO: 0,26 M³/POTÊNCIA: 88 HP), LARGURA DE 0,8 A 1,5 M, PROFUNDIDADE ATÉ 1,5 M, COM SOLO (SEM SUBSTITUIÇÃO) DE 1ª CATEGORIA, COM PLACA VIBRATÓRIA. AF_08/2023","M3",15.78]
["Aterro e Reaterro de Valas",104736,"REATERRO MECANIZADO DE VALA COM RETROESCAVADEIRA (CAPACIDADE DA CAÇAMBA DA RETRO: 0,26 M³/POTÊNCIA: 88 HP), LARGURA DE 0,8 A 1,5 M, PROFUNDIDADE DE 1,5 A 3,0 M, COM SOLO (SEM SUBSTITUIÇÃO) DE 1ª CATEGORIA, COM PLACA VIBRATÓRIA. AF_08/2023","M3",9.59]
["Aterros, Bases, Sub bases e Imprimações",105732,"CONSTRUÇÃO DE BASE E SUB-BASE PARA PAVIMENTAÇÃO DE BRITA GRADUADA SIMPLES TRATADA COM CIMENTO, COM ESPESSURA DE 10 CM - EXCLUSIVE CARGA E TRANSPORTE. AF_09/2024","M3",273.44]
["Aterros, Bases, Sub bases e Imprimações",96397,"CONSTRUÇÃO DE BASE E SUB-BASE PARA PAVIMENTAÇÃO DE BRITA GRADUADA SIMPLES TRATADA COM CIMENTO, COM ESPESSURA DE 15 CM - EXCLUSIVE CARGA E TRANSPORTE. AF_09/2024","M3",268.51]
["Aterros, Bases, Sub bases e Imprimações",105735,"CONSTRUÇÃO DE BASE E SUB-BASE PARA PAVIMENTAÇÃO DE BRITA GRADUADA SIMPLES TRATADA COM CIMENTO, COM ESPESSURA DE 20 CM - EXCLUSIVE CARGA E TRANSPORTE. AF_09/2024","M3",266.01]
["Aterros, Bases, Sub bases e Imprimações",105727,"CONSTRUÇÃO DE BASE E SUB-BASE PARA PAVIMENTAÇÃO DE BRITA GRADUADA SIMPLES, COM ESPESSURA DE 10 CM - EXCLUSIVE CARGA E TRANSPORTE. AF_09/2024","M3",203.37]
["Aterros, Bases, Sub bases e Imprimações",96396,"CONSTRUÇÃO DE BASE E SUB-BASE PARA PAVIMENTAÇÃO DE BRITA GRADUADA SIMPLES, COM ESPESSURA DE 15 CM - EXCLUSIVE CARGA E TRANSPORTE. AF_09/2024","M3",199.57]
["Aterros, Bases, Sub bases e Imprimações",105730,"CONSTRUÇÃO DE BASE E SUB-BASE PARA PAVIMENTAÇÃO DE BRITA GRADUADA SIMPLES, COM ESPESSURA DE 20 CM - EXCLUSIVE CARGA E TRANSPORTE. AF_09/2024","M3",197.65]
["Aterros, Bases, Sub bases e Imprimações",105737,"CONSTRUÇÃO DE BASE E SUB-BASE PARA PAVIMENTAÇÃO DE CONCRETO COMPACTADO COM ROLO, COM ESPESSURA DE 10 CM - EXCLUSIVE CARGA E TRANSPORTE. AF_09/2024","M3",362.55]
["Aterros, Bases, Sub bases e Imprimações",96398,"CONSTRUÇÃO DE BASE E SUB-BASE PARA PAVIMENTAÇÃO DE CONCRETO COMPACTADO COM ROLO, COM ESPESSURA DE 15 CM - EXCLUSIVE CARGA E TRANSPORTE. AF_09/2024","M3",358.84]
["Aterros, Bases, Sub bases e Imprimações",105740,"CONSTRUÇÃO DE BASE E SUB-BASE PARA PAVIMENTAÇÃO DE CONCRETO COMPACTADO COM ROLO, COM ESPESSURA DE 20 CM - EXCLUSIVE CARGA E TRANSPORTE. AF_09/2024","M3",356.87]
["Aterros, Bases, Sub bases e Imprimações",105749,"CONSTRUÇÃO DE BASE E SUB-BASE PARA PAVIMENTAÇÃO DE MACADAME SECO, COM ESPESSURA DE 10 CM - EXCLUSIVE CARGA E TRANSPORTE. AF_09/2024","M3",184.38]
["Aterros, Bases, Sub bases e Imprimações",96400,"CONSTRUÇÃO DE BASE E SUB-BASE PARA PAVIMENTAÇÃO DE MACADAME SECO, COM ESPESSURA DE 15 CM - EXCLUSIVE CARGA E TRANSPORTE. AF_09/2024","M3",182.35]
["Aterros, Bases, Sub bases e Imprimações",105752,"CONSTRUÇÃO DE BASE E SUB-BASE PARA PAVIMENTAÇÃO DE MACADAME SECO, COM ESPESSURA DE 20 CM - EXCLUSIVE CARGA E TRANSPORTE. AF_09/2024","M3",180.58]
["Aterros, Bases, Sub bases e Imprimações",105754,"CONSTRUÇÃO DE BASE E SUB-BASE PARA PAVIMENTAÇÃO DE MACADAME SECO, COM ESPESSURA DE 25 CM - EXCLUSIVE CARGA E TRANSPORTE. AF_09/2024","M3",178.86]
["Aterros, Bases, Sub bases e Imprimações",105742,"CONSTRUÇÃO DE BASE E SUB-BASE PARA PAVIMENTAÇÃO DE RACHÃO, COM ESPESSURA DE 30 CM - EXCLUSIVE CARGA E TRANSPORTE. AF_09/2024","M3",140.91]
["Aterros, Bases, Sub bases e Imprimações",96399,"CONSTRUÇÃO DE BASE E SUB-BASE PARA PAVIMENTAÇÃO DE RACHÃO, COM ESPESSURA DE 40 CM - EXCLUSIVE CARGA E TRANSPORTE. AF_09/2024","M3",139.07]
["Aterros, Bases, Sub bases e Imprimações",105745,"CONSTRUÇÃO DE BASE E SUB-BASE PARA PAVIMENTAÇÃO DE RACHÃO, COM ESPESSURA DE 50 CM - EXCLUSIVE CARGA E TRANSPORTE. AF_09/2024","M3",137.22]
["Aterros, Bases, Sub bases e Imprimações",105747,"CONSTRUÇÃO DE BASE E SUB-BASE PARA PAVIMENTAÇÃO DE RACHÃO, COM ESPESSURA DE 60 CM - EXCLUSIVE CARGA E TRANSPORTE. AF_09/2024","M3",135.37]
["Aterros, Bases, Sub bases e Imprimações",105657,"CONSTRUÇÃO DE BASE E SUB-BASE PARA PAVIMENTAÇÃO DE SOLO (PREDOMINANTEMENTE ARENOSO) BRITA - 40%-60% COM CIMENTO - 4%, MISTURA EM PISTA, COM ESPESSURA DE 10 CM - EXCLUSIVE ESCAVAÇÃO, CARGA E TRANSPORTE E SOLO. AF_09/2024","M3",200.88]
["Aterros, Bases, Sub bases e Imprimações",100566,"CONSTRUÇÃO DE BASE E SUB-BASE PARA PAVIMENTAÇÃO DE SOLO (PREDOMINANTEMENTE ARENOSO) BRITA - 40%-60% COM CIMENTO - 4%, MISTURA EM PISTA, COM ESPESSURA DE 15 CM - EXCLUSIVE ESCAVAÇÃO, CARGA E TRANSPORTE E SOLO. AF_09/2024","M3",192.99]
["Aterros, Bases, Sub bases e Imprimações",105666,"CONSTRUÇÃO DE BASE E SUB-BASE PARA PAVIMENTAÇÃO DE SOLO (PREDOMINANTEMENTE ARENOSO) BRITA - 40%-60% COM CIMENTO - 4%, MISTURA EM PISTA, COM ESPESSURA DE 20 CM - EXCLUSIVE ESCAVAÇÃO, CARGA E TRANSPORTE E SOLO. AF_09/2024","M3",189.01]
["Aterros, Bases, Sub bases e Imprimações",105639,"CONSTRUÇÃO DE BASE E SUB-BASE PARA PAVIMENTAÇÃO DE SOLO (PREDOMINANTEMENTE ARENOSO) BRITA - 40%-60% COM CIMENTO - 4%, MISTURA EM USINA, COM ESPESSURA DE 10 CM - EXCLUSIVE CARGA E TRANSPORTE. AF_09/2024","M3",0]
["Aterros, Bases, Sub bases e Imprimações",105645,"CONSTRUÇÃO DE BASE E SUB-BASE PARA PAVIMENTAÇÃO DE SOLO (PREDOMINANTEMENTE ARENOSO) BRITA - 40%-60% COM CIMENTO - 4%, MISTURA EM USINA, COM ESPESSURA DE 15 CM - EXCLUSIVE CARGA E TRANSPORTE. AF_09/2024","M3",0]
["Aterros, Bases, Sub bases e Imprimações",105651,"CONSTRUÇÃO DE BASE E SUB-BASE PARA PAVIMENTAÇÃO DE SOLO (PREDOMINANTEMENTE ARENOSO) BRITA - 40%-60% COM CIMENTO - 4%, MISTURA EM USINA, COM ESPESSURA DE 20 CM - EXCLUSIVE CARGA E TRANSPORTE. AF_09/2024","M3",0]
["Aterros, Bases, Sub bases e Imprimações",105658,"CONSTRUÇÃO DE BASE E SUB-BASE PARA PAVIMENTAÇÃO DE SOLO (PREDOMINANTEMENTE ARENOSO) BRITA - 40%-60% COM CIMENTO - 6%, MISTURA EM PISTA, COM ESPESSURA DE 10 CM - EXCLUSIVE ESCAVAÇÃO, CARGA E TRANSPORTE E SOLO. AF_09/2024","M3",233.88]
["Aterros, Bases, Sub bases e Imprimações",100567,"CONSTRUÇÃO DE BASE E SUB-BASE PARA PAVIMENTAÇÃO DE SOLO (PREDOMINANTEMENTE ARENOSO) BRITA - 40%-60% COM CIMENTO - 6%, MISTURA EM PISTA, COM ESPESSURA DE 15 CM - EXCLUSIVE ESCAVAÇÃO, CARGA E TRANSPORTE E SOLO. AF_09/2024","M3",225.99]
["Aterros, Bases, Sub bases e Imprimações",105667,"CONSTRUÇÃO DE BASE E SUB-BASE PARA PAVIMENTAÇÃO DE SOLO (PREDOMINANTEMENTE ARENOSO) BRITA - 40%-60% COM CIMENTO - 6%, MISTURA EM PISTA, COM ESPESSURA DE 20 CM - EXCLUSIVE ESCAVAÇÃO, CARGA E TRANSPORTE E SOLO. AF_09/2024","M3",222.01]
["Aterros, Bases, Sub bases e Imprimações",105640,"CONSTRUÇÃO DE BASE E SUB-BASE PARA PAVIMENTAÇÃO DE SOLO (PREDOMINANTEMENTE ARENOSO) BRITA - 40%-60% COM CIMENTO - 6%, MISTURA EM USINA, COM ESPESSURA DE 10 CM - EXCLUSIVE CARGA E TRANSPORTE. AF_09/2024","M3",0]
["Aterros, Bases, Sub bases e Imprimações",105646,"CONSTRUÇÃO DE BASE E SUB-BASE PARA PAVIMENTAÇÃO DE SOLO (PREDOMINANTEMENTE ARENOSO) BRITA - 40%-60% COM CIMENTO - 6%, MISTURA EM USINA, COM ESPESSURA DE 15 CM - EXCLUSIVE CARGA E TRANSPORTE. AF_09/2024","M3",0]
["Aterros, Bases, Sub bases e Imprimações",105652,"CONSTRUÇÃO DE BASE E SUB-BASE PARA PAVIMENTAÇÃO DE SOLO (PREDOMINANTEMENTE ARENOSO) BRITA - 40%-60% COM CIMENTO - 6%, MISTURA EM USINA, COM ESPESSURA DE 20 CM - EXCLUSIVE CARGA E TRANSPORTE. AF_09/2024","M3",0]
["Aterros, Bases, Sub bases e Imprimações",105659,"CONSTRUÇÃO DE BASE E SUB-BASE PARA PAVIMENTAÇÃO DE SOLO (PREDOMINANTEMENTE ARENOSO) BRITA - 40%-60% COM CIMENTO - 8%, MISTURA EM PISTA, COM ESPESSURA DE 10 CM - EXCLUSIVE ESCAVAÇÃO, CARGA E TRANSPORTE E SOLO. AF_09/2024","M3",266.42]
["Aterros, Bases, Sub bases e Imprimações",100568,"CONSTRUÇÃO DE BASE E SUB-BASE PARA PAVIMENTAÇÃO DE SOLO (PREDOMINANTEMENTE ARENOSO) BRITA - 40%-60% COM CIMENTO - 8%, MISTURA EM PISTA, COM ESPESSURA DE 15 CM - EXCLUSIVE ESCAVAÇÃO, CARGA E TRANSPORTE E SOLO. AF_09/2024","M3",258.52999999999997]
["Aterros, Bases, Sub bases e Imprimações",105668,"CONSTRUÇÃO DE BASE E SUB-BASE PARA PAVIMENTAÇÃO DE SOLO (PREDOMINANTEMENTE ARENOSO) BRITA - 40%-60% COM CIMENTO - 8%, MISTURA EM PISTA, COM ESPESSURA DE 20 CM - EXCLUSIVE ESCAVAÇÃO, CARGA E TRANSPORTE E SOLO. AF_09/2024","M3",254.55]
["Aterros, Bases, Sub bases e Imprimações",105641,"CONSTRUÇÃO DE BASE E SUB-BASE PARA PAVIMENTAÇÃO DE SOLO (PREDOMINANTEMENTE ARENOSO) BRITA - 40%-60% COM CIMENTO - 8%, MISTURA EM USINA, COM ESPESSURA DE 10 CM - EXCLUSIVE CARGA E TRANSPORTE. AF_09/2024","M3",0]
["Aterros, Bases, Sub bases e Imprimações",105647,"CONSTRUÇÃO DE BASE E SUB-BASE PARA PAVIMENTAÇÃO DE SOLO (PREDOMINANTEMENTE ARENOSO) BRITA - 40%-60% COM CIMENTO - 8%, MISTURA EM USINA, COM ESPESSURA DE 15 CM - EXCLUSIVE CARGA E TRANSPORTE. AF_09/2024","M3",0]
["Aterros, Bases, Sub bases e Imprimações",105653,"CONSTRUÇÃO DE BASE E SUB-BASE PARA PAVIMENTAÇÃO DE SOLO (PREDOMINANTEMENTE ARENOSO) BRITA - 40%-60% COM CIMENTO - 8%, MISTURA EM USINA, COM ESPESSURA DE 20 CM - EXCLUSIVE CARGA E TRANSPORTE. AF_09/2024","M3",0]
["Aterros, Bases, Sub bases e Imprimações",105710,"CONSTRUÇÃO DE BASE E SUB-BASE PARA PAVIMENTAÇÃO DE SOLO (PREDOMINANTEMENTE ARENOSO) BRITA - 40%-60%, MISTURA EM PISTA, COM ESPESSURA DE 10 CM - EXCLUSIVE ESCAVAÇÃO, CARGA E TRANSPORTE E SOLO. AF_09/2024","M3",130.38999999999999]
["Aterros, Bases, Sub bases e Imprimações",100564,"CONSTRUÇÃO DE BASE E SUB-BASE PARA PAVIMENTAÇÃO DE SOLO (PREDOMINANTEMENTE ARENOSO) BRITA - 40%-60%, MISTURA EM PISTA, COM ESPESSURA DE 15 CM - EXCLUSIVE ESCAVAÇÃO, CARGA E TRANSPORTE E SOLO. AF_09/2024","M3",122.5]
["Aterros, Bases, Sub bases e Imprimações",105711,"CONSTRUÇÃO DE BASE E SUB-BASE PARA PAVIMENTAÇÃO DE SOLO (PREDOMINANTEMENTE ARENOSO) BRITA - 40%-60%, MISTURA EM PISTA, COM ESPESSURA DE 20 CM - EXCLUSIVE ESCAVAÇÃO, CARGA E TRANSPORTE E SOLO. AF_09/2024","M3",118.52]
["Aterros, Bases, Sub bases e Imprimações",105705,"CONSTRUÇÃO DE BASE E SUB-BASE PARA PAVIMENTAÇÃO DE SOLO (PREDOMINANTEMENTE ARENOSO) BRITA - 40%-60%, MISTURA EM USINA, COM ESPESSURA DE 10 CM - EXCLUSIVE CARGA E TRANSPORTE. AF_09/2024","M3",0]
["Aterros, Bases, Sub bases e Imprimações",105706,"CONSTRUÇÃO DE BASE E SUB-BASE PARA PAVIMENTAÇÃO DE SOLO (PREDOMINANTEMENTE ARENOSO) BRITA - 40%-60%, MISTURA EM USINA, COM ESPESSURA DE 15 CM - EXCLUSIVE CARGA E TRANSPORTE. AF_09/2024","M3",0]
["Aterros, Bases, Sub bases e Imprimações",105708,"CONSTRUÇÃO DE BASE E SUB-BASE PARA PAVIMENTAÇÃO DE SOLO (PREDOMINANTEMENTE ARENOSO) BRITA - 40%-60%, MISTURA EM USINA, COM ESPESSURA DE 20 CM - EXCLUSIVE CARGA E TRANSPORTE. AF_09/2024","M3",0]
["Aterros, Bases, Sub bases e Imprimações",105690,"CONSTRUÇÃO DE BASE E SUB-BASE PARA PAVIMENTAÇÃO DE SOLO (PREDOMINANTEMENTE ARENOSO) BRITA - 50%-50% COM CIMENTO - 4%, MISTURA EM PISTA, COM ESPESSURA DE 10 CM - EXCLUSIVE ESCAVAÇÃO, CARGA E TRANSPORTE E SOLO. AF_09/2024","M3",185.55]
["Aterros, Bases, Sub bases e Imprimações",100569,"CONSTRUÇÃO DE BASE E SUB-BASE PARA PAVIMENTAÇÃO DE SOLO (PREDOMINANTEMENTE ARENOSO) BRITA - 50%-50% COM CIMENTO - 4%, MISTURA EM PISTA, COM ESPESSURA DE 15 CM - EXCLUSIVE ESCAVAÇÃO, CARGA E TRANSPORTE E SOLO. AF_09/2024","M3",177.66]
["Aterros, Bases, Sub bases e Imprimações",105699,"CONSTRUÇÃO DE BASE E SUB-BASE PARA PAVIMENTAÇÃO DE SOLO (PREDOMINANTEMENTE ARENOSO) BRITA - 50%-50% COM CIMENTO - 4%, MISTURA EM PISTA, COM ESPESSURA DE 20 CM - EXCLUSIVE ESCAVAÇÃO, CARGA E TRANSPORTE E SOLO. AF_09/2024","M3",173.68]
["Aterros, Bases, Sub bases e Imprimações",105672,"CONSTRUÇÃO DE BASE E SUB-BASE PARA PAVIMENTAÇÃO DE SOLO (PREDOMINANTEMENTE ARENOSO) BRITA - 50%-50% COM CIMENTO - 4%, MISTURA EM USINA, COM ESPESSURA DE 10 CM - EXCLUSIVE CARGA E TRANSPORTE. AF_09/2024","M3",0]
["Aterros, Bases, Sub bases e Imprimações",105678,"CONSTRUÇÃO DE BASE E SUB-BASE PARA PAVIMENTAÇÃO DE SOLO (PREDOMINANTEMENTE ARENOSO) BRITA - 50%-50% COM CIMENTO - 4%, MISTURA EM USINA, COM ESPESSURA DE 15 CM - EXCLUSIVE CARGA E TRANSPORTE. AF_09/2024","M3",0]
["Aterros, Bases, Sub bases e Imprimações",105684,"CONSTRUÇÃO DE BASE E SUB-BASE PARA PAVIMENTAÇÃO DE SOLO (PREDOMINANTEMENTE ARENOSO) BRITA - 50%-50% COM CIMENTO - 4%, MISTURA EM USINA, COM ESPESSURA DE 20 CM - EXCLUSIVE CARGA E TRANSPORTE. AF_09/2024","M3",0]
["Aterros, Bases, Sub bases e Imprimações",105691,"CONSTRUÇÃO DE BASE E SUB-BASE PARA PAVIMENTAÇÃO DE SOLO (PREDOMINANTEMENTE ARENOSO) BRITA - 50%-50% COM CIMENTO - 6%, MISTURA EM PISTA, COM ESPESSURA DE 10 CM - EXCLUSIVE ESCAVAÇÃO, CARGA E TRANSPORTE E SOLO. AF_09/2024","M3",218.88]
["Aterros, Bases, Sub bases e Imprimações",100570,"CONSTRUÇÃO DE BASE E SUB-BASE PARA PAVIMENTAÇÃO DE SOLO (PREDOMINANTEMENTE ARENOSO) BRITA - 50%-50% COM CIMENTO - 6%, MISTURA EM PISTA, COM ESPESSURA DE 15 CM - EXCLUSIVE ESCAVAÇÃO, CARGA E TRANSPORTE E SOLO. AF_09/2024","M3",210.99]
["Aterros, Bases, Sub bases e Imprimações",105700,"CONSTRUÇÃO DE BASE E SUB-BASE PARA PAVIMENTAÇÃO DE SOLO (PREDOMINANTEMENTE ARENOSO) BRITA - 50%-50% COM CIMENTO - 6%, MISTURA EM PISTA, COM ESPESSURA DE 20 CM - EXCLUSIVE ESCAVAÇÃO, CARGA E TRANSPORTE E SOLO. AF_09/2024","M3",207.01]
["Aterros, Bases, Sub bases e Imprimações",105673,"CONSTRUÇÃO DE BASE E SUB-BASE PARA PAVIMENTAÇÃO DE SOLO (PREDOMINANTEMENTE ARENOSO) BRITA - 50%-50% COM CIMENTO - 6%, MISTURA EM USINA, COM ESPESSURA DE 10 CM - EXCLUSIVE CARGA E TRANSPORTE. AF_09/2024","M3",0]
["Aterros, Bases, Sub bases e Imprimações",105679,"CONSTRUÇÃO DE BASE E SUB-BASE PARA PAVIMENTAÇÃO DE SOLO (PREDOMINANTEMENTE ARENOSO) BRITA - 50%-50% COM CIMENTO - 6%, MISTURA EM USINA, COM ESPESSURA DE 15 CM - EXCLUSIVE CARGA E TRANSPORTE. AF_09/2024","M3",0]
["Aterros, Bases, Sub bases e Imprimações",105685,"CONSTRUÇÃO DE BASE E SUB-BASE PARA PAVIMENTAÇÃO DE SOLO (PREDOMINANTEMENTE ARENOSO) BRITA - 50%-50% COM CIMENTO - 6%, MISTURA EM USINA, COM ESPESSURA DE 20 CM - EXCLUSIVE CARGA E TRANSPORTE. AF_09/2024","M3",0]
["Aterros, Bases, Sub bases e Imprimações",105692,"CONSTRUÇÃO DE BASE E SUB-BASE PARA PAVIMENTAÇÃO DE SOLO (PREDOMINANTEMENTE ARENOSO) BRITA - 50%-50% COM CIMENTO - 8%, MISTURA EM PISTA, COM ESPESSURA DE 10 CM - EXCLUSIVE ESCAVAÇÃO, CARGA E TRANSPORTE E SOLO. AF_09/2024","M3",251.73]
["Aterros, Bases, Sub bases e Imprimações",100571,"CONSTRUÇÃO DE BASE E SUB-BASE PARA PAVIMENTAÇÃO DE SOLO (PREDOMINANTEMENTE ARENOSO) BRITA - 50%-50% COM CIMENTO - 8%, MISTURA EM PISTA, COM ESPESSURA DE 15 CM - EXCLUSIVE ESCAVAÇÃO, CARGA E TRANSPORTE E SOLO. AF_09/2024","M3",243.84]
["Aterros, Bases, Sub bases e Imprimações",105701,"CONSTRUÇÃO DE BASE E SUB-BASE PARA PAVIMENTAÇÃO DE SOLO (PREDOMINANTEMENTE ARENOSO) BRITA - 50%-50% COM CIMENTO - 8%, MISTURA EM PISTA, COM ESPESSURA DE 20 CM - EXCLUSIVE ESCAVAÇÃO, CARGA E TRANSPORTE E SOLO. AF_09/2024","M3",239.86]
["Aterros, Bases, Sub bases e Imprimações",105674,"CONSTRUÇÃO DE BASE E SUB-BASE PARA PAVIMENTAÇÃO DE SOLO (PREDOMINANTEMENTE ARENOSO) BRITA - 50%-50% COM CIMENTO - 8%, MISTURA EM USINA, COM ESPESSURA DE 10 CM - EXCLUSIVE CARGA E TRANSPORTE. AF_09/2024","M3",0]
["Aterros, Bases, Sub bases e Imprimações",105680,"CONSTRUÇÃO DE BASE E SUB-BASE PARA PAVIMENTAÇÃO DE SOLO (PREDOMINANTEMENTE ARENOSO) BRITA - 50%-50% COM CIMENTO - 8%, MISTURA EM USINA, COM ESPESSURA DE 15 CM - EXCLUSIVE CARGA E TRANSPORTE. AF_09/2024","M3",0]
["Aterros, Bases, Sub bases e Imprimações",105686,"CONSTRUÇÃO DE BASE E SUB-BASE PARA PAVIMENTAÇÃO DE SOLO (PREDOMINANTEMENTE ARENOSO) BRITA - 50%-50% COM CIMENTO - 8%, MISTURA EM USINA, COM ESPESSURA DE 20 CM - EXCLUSIVE CARGA E TRANSPORTE. AF_09/2024","M3",0]
["Aterros, Bases, Sub bases e Imprimações",105718,"CONSTRUÇÃO DE BASE E SUB-BASE PARA PAVIMENTAÇÃO DE SOLO (PREDOMINANTEMENTE ARENOSO) BRITA - 50%-50%, MISTURA EM PISTA, COM ESPESSURA DE 10 CM - EXCLUSIVE ESCAVAÇÃO, CARGA E TRANSPORTE E SOLO. AF_09/2024","M3",114.43]
["Aterros, Bases, Sub bases e Imprimações",100565,"CONSTRUÇÃO DE BASE E SUB-BASE PARA PAVIMENTAÇÃO DE SOLO (PREDOMINANTEMENTE ARENOSO) BRITA - 50%-50%, MISTURA EM PISTA, COM ESPESSURA DE 15 CM - EXCLUSIVE ESCAVAÇÃO, CARGA E TRANSPORTE E SOLO. AF_09/2024","M3",106.54]
["Aterros, Bases, Sub bases e Imprimações",105581,"CONSTRUÇÃO DE BASE E SUB-BASE PARA PAVIMENTAÇÃO DE SOLO (PREDOMINANTEMENTE ARENOSO) BRITA - 50%-50%, MISTURA EM PISTA, COM ESPESSURA DE 20 CM - EXCLUSIVE ESCAVAÇÃO, CARGA E TRANSPORTE E SOLO. AF_09/2024","M3",102.56]
["Aterros, Bases, Sub bases e Imprimações",105713,"CONSTRUÇÃO DE BASE E SUB-BASE PARA PAVIMENTAÇÃO DE SOLO (PREDOMINANTEMENTE ARENOSO) BRITA - 50%-50%, MISTURA EM USINA, COM ESPESSURA DE 10 CM - EXCLUSIVE CARGA E TRANSPORTE. AF_09/2024","M3",0]
["Aterros, Bases, Sub bases e Imprimações",105714,"CONSTRUÇÃO DE BASE E SUB-BASE PARA PAVIMENTAÇÃO DE SOLO (PREDOMINANTEMENTE ARENOSO) BRITA - 50%-50%, MISTURA EM USINA, COM ESPESSURA DE 15 CM - EXCLUSIVE CARGA E TRANSPORTE. AF_09/2024","M3",0]
["Aterros, Bases, Sub bases e Imprimações",105716,"CONSTRUÇÃO DE BASE E SUB-BASE PARA PAVIMENTAÇÃO DE SOLO (PREDOMINANTEMENTE ARENOSO) BRITA - 50%-50%, MISTURA EM USINA, COM ESPESSURA DE 20 CM - EXCLUSIVE CARGA E TRANSPORTE. AF_09/2024","M3",0]
["Aterros, Bases, Sub bases e Imprimações",105624,"CONSTRUÇÃO DE BASE E SUB-BASE PARA PAVIMENTAÇÃO DE SOLO (PREDOMINANTEMENTE ARENOSO) COM CIMENTO - 6%, MISTURA EM PISTA, COM ESPESSURA DE 10 CM - EXCLUSIVE ESCAVAÇÃO, CARGA E TRANSPORTE E SOLO. AF_09/2024","M3",130.43]
["Aterros, Bases, Sub bases e Imprimações",96391,"CONSTRUÇÃO DE BASE E SUB-BASE PARA PAVIMENTAÇÃO DE SOLO (PREDOMINANTEMENTE ARENOSO) COM CIMENTO - 6%, MISTURA EM PISTA, COM ESPESSURA DE 15 CM - EXCLUSIVE ESCAVAÇÃO, CARGA E TRANSPORTE E SOLO. AF_09/2024","M3",124.09]
["Aterros, Bases, Sub bases e Imprimações",105632,"CONSTRUÇÃO DE BASE E SUB-BASE PARA PAVIMENTAÇÃO DE SOLO (PREDOMINANTEMENTE ARENOSO) COM CIMENTO - 6%, MISTURA EM PISTA, COM ESPESSURA DE 20 CM - EXCLUSIVE ESCAVAÇÃO, CARGA E TRANSPORTE E SOLO. AF_09/2024","M3",123.13]
["Aterros, Bases, Sub bases e Imprimações",105601,"CONSTRUÇÃO DE BASE E SUB-BASE PARA PAVIMENTAÇÃO DE SOLO (PREDOMINANTEMENTE ARENOSO) COM CIMENTO - 6%, MISTURA EM USINA, COM ESPESSURA DE 10 CM - EXCLUSIVE CARGA E TRANSPORTE. AF_09/2024","M3",0]
["Aterros, Bases, Sub bases e Imprimações",105609,"CONSTRUÇÃO DE BASE E SUB-BASE PARA PAVIMENTAÇÃO DE SOLO (PREDOMINANTEMENTE ARENOSO) COM CIMENTO - 6%, MISTURA EM USINA, COM ESPESSURA DE 15 CM - EXCLUSIVE CARGA E TRANSPORTE. AF_09/2024","M3",0]
["Aterros, Bases, Sub bases e Imprimações",105617,"CONSTRUÇÃO DE BASE E SUB-BASE PARA PAVIMENTAÇÃO DE SOLO (PREDOMINANTEMENTE ARENOSO) COM CIMENTO - 6%, MISTURA EM USINA, COM ESPESSURA DE 20 CM - EXCLUSIVE CARGA E TRANSPORTE. AF_09/2024","M3",0]
["Aterros, Bases, Sub bases e Imprimações",105625,"CONSTRUÇÃO DE BASE E SUB-BASE PARA PAVIMENTAÇÃO DE SOLO (PREDOMINANTEMENTE ARENOSO) COM CIMENTO - 8%, MISTURA EM PISTA, COM ESPESSURA DE 10 CM - EXCLUSIVE ESCAVAÇÃO, CARGA E TRANSPORTE E SOLO. AF_09/2024","M3",164.88]
["Aterros, Bases, Sub bases e Imprimações",96392,"CONSTRUÇÃO DE BASE E SUB-BASE PARA PAVIMENTAÇÃO DE SOLO (PREDOMINANTEMENTE ARENOSO) COM CIMENTO - 8%, MISTURA EM PISTA, COM ESPESSURA DE 15 CM - EXCLUSIVE ESCAVAÇÃO, CARGA E TRANSPORTE E SOLO. AF_09/2024","M3",158.54]
["Aterros, Bases, Sub bases e Imprimações",105633,"CONSTRUÇÃO DE BASE E SUB-BASE PARA PAVIMENTAÇÃO DE SOLO (PREDOMINANTEMENTE ARENOSO) COM CIMENTO - 8%, MISTURA EM PISTA, COM ESPESSURA DE 20 CM - EXCLUSIVE ESCAVAÇÃO, CARGA E TRANSPORTE E SOLO. AF_09/2024","M3",157.58000000000001]
["Aterros, Bases, Sub bases e Imprimações",105602,"CONSTRUÇÃO DE BASE E SUB-BASE PARA PAVIMENTAÇÃO DE SOLO (PREDOMINANTEMENTE ARENOSO) COM CIMENTO - 8%, MISTURA EM USINA, COM ESPESSURA DE 10 CM - EXCLUSIVE CARGA E TRANSPORTE. AF_09/2024","M3",0]
["Aterros, Bases, Sub bases e Imprimações",105610,"CONSTRUÇÃO DE BASE E SUB-BASE PARA PAVIMENTAÇÃO DE SOLO (PREDOMINANTEMENTE ARENOSO) COM CIMENTO - 8%, MISTURA EM USINA, COM ESPESSURA DE 15 CM - EXCLUSIVE CARGA E TRANSPORTE. AF_09/2024","M3",0]
["Aterros, Bases, Sub bases e Imprimações",105618,"CONSTRUÇÃO DE BASE E SUB-BASE PARA PAVIMENTAÇÃO DE SOLO (PREDOMINANTEMENTE ARENOSO) COM CIMENTO - 8%, MISTURA EM USINA, COM ESPESSURA DE 20 CM - EXCLUSIVE CARGA E TRANSPORTE. AF_09/2024","M3",0]
["Aterros, Bases, Sub bases e Imprimações",105571,"CONSTRUÇÃO DE BASE E SUB-BASE PARA PAVIMENTAÇÃO DE SOLO (PREDOMINANTEMENTE ARENOSO) MELHORADO COM CIMENTO - 2%, MISTURA EM PISTA, COM ESPESSURA DE 10 CM - EXCLUSIVE ESCAVAÇÃO, CARGA E TRANSPORTE E SOLO. AF_09/2024","M3",59.63]
["Aterros, Bases, Sub bases e Imprimações",96389,"CONSTRUÇÃO DE BASE E SUB-BASE PARA PAVIMENTAÇÃO DE SOLO (PREDOMINANTEMENTE ARENOSO) MELHORADO COM CIMENTO - 2%, MISTURA EM PISTA, COM ESPESSURA DE 15 CM - EXCLUSIVE ESCAVAÇÃO, CARGA E TRANSPORTE E SOLO. AF_09/2024","M3",53.29]
["Aterros, Bases, Sub bases e Imprimações",105575,"CONSTRUÇÃO DE BASE E SUB-BASE PARA PAVIMENTAÇÃO DE SOLO (PREDOMINANTEMENTE ARENOSO) MELHORADO COM CIMENTO - 2%, MISTURA EM PISTA, COM ESPESSURA DE 20 CM - EXCLUSIVE ESCAVAÇÃO, CARGA E TRANSPORTE E SOLO. AF_09/2024","M3",52.33]
["Aterros, Bases, Sub bases e Imprimações",105599,"CONSTRUÇÃO DE BASE E SUB-BASE PARA PAVIMENTAÇÃO DE SOLO (PREDOMINANTEMENTE ARENOSO) MELHORADO COM CIMENTO - 2%, MISTURA EM USINA, COM ESPESSURA DE 10 CM - EXCLUSIVE CARGA E TRANSPORTE. AF_09/2024","M3",0]
["Aterros, Bases, Sub bases e Imprimações",105607,"CONSTRUÇÃO DE BASE E SUB-BASE PARA PAVIMENTAÇÃO DE SOLO (PREDOMINANTEMENTE ARENOSO) MELHORADO COM CIMENTO - 2%, MISTURA EM USINA, COM ESPESSURA DE 15 CM - EXCLUSIVE CARGA E TRANSPORTE. AF_09/2024","M3",0]
["Aterros, Bases, Sub bases e Imprimações",105615,"CONSTRUÇÃO DE BASE E SUB-BASE PARA PAVIMENTAÇÃO DE SOLO (PREDOMINANTEMENTE ARENOSO) MELHORADO COM CIMENTO - 2%, MISTURA EM USINA, COM ESPESSURA DE 20 CM - EXCLUSIVE CARGA E TRANSPORTE. AF_09/2024","M3",0]
["Aterros, Bases, Sub bases e Imprimações",105623,"CONSTRUÇÃO DE BASE E SUB-BASE PARA PAVIMENTAÇÃO DE SOLO (PREDOMINANTEMENTE ARENOSO) MELHORADO COM CIMENTO - 4%, MISTURA EM PISTA, COM ESPESSURA DE 10 CM - EXCLUSIVE ESCAVAÇÃO, CARGA E TRANSPORTE E SOLO. AF_09/2024","M3",95.51]
["Aterros, Bases, Sub bases e Imprimações",96390,"CONSTRUÇÃO DE BASE E SUB-BASE PARA PAVIMENTAÇÃO DE SOLO (PREDOMINANTEMENTE ARENOSO) MELHORADO COM CIMENTO - 4%, MISTURA EM PISTA, COM ESPESSURA DE 15 CM - EXCLUSIVE ESCAVAÇÃO, CARGA E TRANSPORTE E SOLO. AF_09/2024","M3",89.17]
["Aterros, Bases, Sub bases e Imprimações",105631,"CONSTRUÇÃO DE BASE E SUB-BASE PARA PAVIMENTAÇÃO DE SOLO (PREDOMINANTEMENTE ARENOSO) MELHORADO COM CIMENTO - 4%, MISTURA EM PISTA, COM ESPESSURA DE 20 CM - EXCLUSIVE ESCAVAÇÃO, CARGA E TRANSPORTE E SOLO. AF_09/2024","M3",88.21]
["Aterros, Bases, Sub bases e Imprimações",105600,"CONSTRUÇÃO DE BASE E SUB-BASE PARA PAVIMENTAÇÃO DE SOLO (PREDOMINANTEMENTE ARENOSO) MELHORADO COM CIMENTO - 4%, MISTURA EM USINA, COM ESPESSURA DE 10 CM - EXCLUSIVE CARGA E TRANSPORTE. AF_09/2024","M3",0]
["Aterros, Bases, Sub bases e Imprimações",105608,"CONSTRUÇÃO DE BASE E SUB-BASE PARA PAVIMENTAÇÃO DE SOLO (PREDOMINANTEMENTE ARENOSO) MELHORADO COM CIMENTO - 4%, MISTURA EM USINA, COM ESPESSURA DE 15 CM - EXCLUSIVE CARGA E TRANSPORTE. AF_09/2024","M3",0]
["Aterros, Bases, Sub bases e Imprimações",105616,"CONSTRUÇÃO DE BASE E SUB-BASE PARA PAVIMENTAÇÃO DE SOLO (PREDOMINANTEMENTE ARENOSO) MELHORADO COM CIMENTO - 4%, MISTURA EM USINA, COM ESPESSURA DE 20 CM - EXCLUSIVE CARGA E TRANSPORTE. AF_09/2024","M3",0]
["Aterros, Bases, Sub bases e Imprimações",105585,"CONSTRUÇÃO DE BASE E SUB-BASE PARA PAVIMENTAÇÃO DE SOLO (PREDOMINANTEMENTE ARGILOSO) BRITA - 40%-60%, MISTURA EM PISTA, COM ESPESSURA DE 10 CM - EXCLUSIVE ESCAVAÇÃO, CARGA E TRANSPORTE E SOLO. AF_09/2024","M3",139.27000000000001]
["Aterros, Bases, Sub bases e Imprimações",100572,"CONSTRUÇÃO DE BASE E SUB-BASE PARA PAVIMENTAÇÃO DE SOLO (PREDOMINANTEMENTE ARGILOSO) BRITA - 40%-60%, MISTURA EM PISTA, COM ESPESSURA DE 15 CM - EXCLUSIVE ESCAVAÇÃO, CARGA E TRANSPORTE E SOLO. AF_09/2024","M3",128.43]
["Aterros, Bases, Sub bases e Imprimações",105588,"CONSTRUÇÃO DE BASE E SUB-BASE PARA PAVIMENTAÇÃO DE SOLO (PREDOMINANTEMENTE ARGILOSO) BRITA - 40%-60%, MISTURA EM PISTA, COM ESPESSURA DE 20 CM - EXCLUSIVE ESCAVAÇÃO, CARGA E TRANSPORTE E SOLO. AF_09/2024","M3",127.38]
["Aterros, Bases, Sub bases e Imprimações",105583,"CONSTRUÇÃO DE BASE E SUB-BASE PARA PAVIMENTAÇÃO DE SOLO (PREDOMINANTEMENTE ARGILOSO) BRITA - 40%-60%, MISTURA EM USINA, COM ESPESSURA DE 10 CM - EXCLUSIVE CARGA E TRANSPORTE. AF_09/2024","M3",0]
["Aterros, Bases, Sub bases e Imprimações",105719,"CONSTRUÇÃO DE BASE E SUB-BASE PARA PAVIMENTAÇÃO DE SOLO (PREDOMINANTEMENTE ARGILOSO) BRITA - 40%-60%, MISTURA EM USINA, COM ESPESSURA DE 15 CM - EXCLUSIVE CARGA E TRANSPORTE. AF_09/2024","M3",0]
["Aterros, Bases, Sub bases e Imprimações",105721,"CONSTRUÇÃO DE BASE E SUB-BASE PARA PAVIMENTAÇÃO DE SOLO (PREDOMINANTEMENTE ARGILOSO) BRITA - 40%-60%, MISTURA EM USINA, COM ESPESSURA DE 20 CM - EXCLUSIVE CARGA E TRANSPORTE. AF_09/2024","M3",0]
["Aterros, Bases, Sub bases e Imprimações",105592,"CONSTRUÇÃO DE BASE E SUB-BASE PARA PAVIMENTAÇÃO DE SOLO (PREDOMINANTEMENTE ARGILOSO) BRITA - 50%-50%, MISTURA EM PISTA, COM ESPESSURA DE 10 CM - EXCLUSIVE ESCAVAÇÃO, CARGA E TRANSPORTE E SOLO. AF_09/2024","M3",123.31]
["Aterros, Bases, Sub bases e Imprimações",100573,"CONSTRUÇÃO DE BASE E SUB-BASE PARA PAVIMENTAÇÃO DE SOLO (PREDOMINANTEMENTE ARGILOSO) BRITA - 50%-50%, MISTURA EM PISTA, COM ESPESSURA DE 15 CM - EXCLUSIVE ESCAVAÇÃO, CARGA E TRANSPORTE E SOLO. AF_09/2024","M3",112.47]
["Aterros, Bases, Sub bases e Imprimações",105595,"CONSTRUÇÃO DE BASE E SUB-BASE PARA PAVIMENTAÇÃO DE SOLO (PREDOMINANTEMENTE ARGILOSO) BRITA - 50%-50%, MISTURA EM PISTA, COM ESPESSURA DE 20 CM - EXCLUSIVE ESCAVAÇÃO, CARGA E TRANSPORTE E SOLO. AF_09/2024","M3",111.42]
["Aterros, Bases, Sub bases e Imprimações",105590,"CONSTRUÇÃO DE BASE E SUB-BASE PARA PAVIMENTAÇÃO DE SOLO (PREDOMINANTEMENTE ARGILOSO) BRITA - 50%-50%, MISTURA EM USINA, COM ESPESSURA DE 10 CM - EXCLUSIVE CARGA E TRANSPORTE. AF_09/2024","M3",0]
["Aterros, Bases, Sub bases e Imprimações",105723,"CONSTRUÇÃO DE BASE E SUB-BASE PARA PAVIMENTAÇÃO DE SOLO (PREDOMINANTEMENTE ARGILOSO) BRITA - 50%-50%, MISTURA EM USINA, COM ESPESSURA DE 15 CM - EXCLUSIVE CARGA E TRANSPORTE. AF_09/2024","M3",0]
["Aterros, Bases, Sub bases e Imprimações",105725,"CONSTRUÇÃO DE BASE E SUB-BASE PARA PAVIMENTAÇÃO DE SOLO (PREDOMINANTEMENTE ARGILOSO) BRITA - 50%-50%, MISTURA EM USINA, COM ESPESSURA DE 20 CM - EXCLUSIVE CARGA E TRANSPORTE. AF_09/2024","M3",0]
["Aterros, Bases, Sub bases e Imprimações",105566,"CONSTRUÇÃO DE BASE E SUB-BASE PARA PAVIMENTAÇÃO DE SOLO DE COMPORTAMENTO LATERÍTICO (ARENOSO), COM ESPESSURA DE 10 CM - EXCLUSIVE ESCAVAÇÃO, CARGA E TRANSPORTE E SOLO. AF_09/2024","M3",12.31]
["Aterros, Bases, Sub bases e Imprimações",96388,"CONSTRUÇÃO DE BASE E SUB-BASE PARA PAVIMENTAÇÃO DE SOLO DE COMPORTAMENTO LATERÍTICO (ARENOSO), COM ESPESSURA DE 15 CM - EXCLUSIVE ESCAVAÇÃO, CARGA E TRANSPORTE E SOLO. AF_09/2024","M3",9.8699999999999992]
["Aterros, Bases, Sub bases e Imprimações",105569,"CONSTRUÇÃO DE BASE E SUB-BASE PARA PAVIMENTAÇÃO DE SOLO DE COMPORTAMENTO LATERÍTICO (ARENOSO), COM ESPESSURA DE 20 CM - EXCLUSIVE ESCAVAÇÃO, CARGA E TRANSPORTE E SOLO. AF_09/2024","M3",8.16]
["Aterros, Bases, Sub bases e Imprimações",101767,"CONSTRUÇÃO DE BASE E SUB-BASE PARA PAVIMENTAÇÃO DE SOLO ESTABILIZADO GRANULOMETRICAMENTE COM MISTURA DE SOLOS EM PISTA - EXCLUSIVE SOLO, ESCAVAÇÃO, CARGA E TRANSPORTE. AF_09/2024","M3",32.96]
["Aterros, Bases, Sub bases e Imprimações",101768,"CONSTRUÇÃO DE BASE E SUB-BASE PARA PAVIMENTAÇÃO DE SOLO ESTABILIZADO GRANULOMETRICAMENTE SEM MISTURA DE SOLOS - EXCLUSIVE SOLO, ESCAVAÇÃO, CARGA E TRANSPORTE. AF_09/2024","M3",28.67]
["Aterros, Bases, Sub bases e Imprimações",100574,"ESPALHAMENTO DE MATERIAL COM TRATOR DE ESTEIRAS. AF_09/2024","M3",1.51]
["Aterros, Bases, Sub bases e Imprimações",102470,"EXECUÇÃO DE IMPRIMAÇÃO COM ASFALTO DILUÍDO CM-30, PARA OBRAS DE CONSTRUÇÃO DE PAVIMENTOS. AF_09/2024","M2",0]
["Aterros, Bases, Sub bases e Imprimações",105756,"EXECUÇÃO DE IMPRIMAÇÃO COM ASFALTO DILUÍDO CM-30, PARA OBRAS DE RECONSTRUÇÃO DE PAVIMENTOS. AF_09/2024","M2",0]
["Aterros, Bases, Sub bases e Imprimações",104375,"EXECUÇÃO DE PINTURA DE LIGAÇÃO COM EMULSÃO ASFÁLTICA RR-2C, PARA OBRAS DE CONSTRUÇÃO DE PAVIMENTOS. AF_09/2024","M2",0]
["Aterros, Bases, Sub bases e Imprimações",105757,"EXECUÇÃO DE PINTURA DE LIGAÇÃO COM EMULSÃO ASFÁLTICA RR-2C, PARA OBRAS DE RECONSTRUÇÃO DE PAVIMENTOS. AF_09/2024","M2",0]
["Aterros, Bases, Sub bases e Imprimações",105562,"EXECUÇÃO E COMPACTAÇÃO DE CAMADA FINAL DE ATERRO (100% DE ENERGIA DO PROCTOR NORMAL) COM SOLO PREDOMINANTEMENTE ARENOSO, EM CAMADAS COM ESPESSURA DE 10 CM - EXCLUSIVE ESCAVAÇÃO, CARGA E TRANSPORTE E SOLO. AF_09/2024","M3",8.99]
["Aterros, Bases, Sub bases e Imprimações",105563,"EXECUÇÃO E COMPACTAÇÃO DE CAMADA FINAL DE ATERRO (100% DE ENERGIA DO PROCTOR NORMAL) COM SOLO PREDOMINANTEMENTE ARENOSO, EM CAMADAS COM ESPESSURA DE 15 CM - EXCLUSIVE ESCAVAÇÃO, CARGA E TRANSPORTE E SOLO. AF_09/2024","M3",7.24]
["Aterros, Bases, Sub bases e Imprimações",105565,"EXECUÇÃO E COMPACTAÇÃO DE CAMADA FINAL DE ATERRO (100% DE ENERGIA DO PROCTOR NORMAL) COM SOLO PREDOMINANTEMENTE ARENOSO, EM CAMADAS COM ESPESSURA DE 20 CM - EXCLUSIVE ESCAVAÇÃO, CARGA E TRANSPORTE E SOLO. AF_09/2024","M3",6.72]
["Aterros, Bases, Sub bases e Imprimações",105557,"EXECUÇÃO E COMPACTAÇÃO DE CAMADA FINAL DE ATERRO (100% DE ENERGIA DO PROCTOR NORMAL) COM SOLO PREDOMINANTEMENTE ARGILOSO, EM CAMADAS COM ESPESSURA DE 10 CM - EXCLUSIVE ESCAVAÇÃO, CARGA E TRANSPORTE E SOLO. AF_09/2024","M3",17.5]
["Aterros, Bases, Sub bases e Imprimações",105558,"EXECUÇÃO E COMPACTAÇÃO DE CAMADA FINAL DE ATERRO (100% DE ENERGIA DO PROCTOR NORMAL) COM SOLO PREDOMINANTEMENTE ARGILOSO, EM CAMADAS COM ESPESSURA DE 15 CM - EXCLUSIVE ESCAVAÇÃO, CARGA E TRANSPORTE E SOLO. AF_09/2024","M3",15.07]
["Aterros, Bases, Sub bases e Imprimações",105560,"EXECUÇÃO E COMPACTAÇÃO DE CAMADA FINAL DE ATERRO (100% DE ENERGIA DO PROCTOR NORMAL) COM SOLO PREDOMINANTEMENTE ARGILOSO, EM CAMADAS COM ESPESSURA DE 20 CM - EXCLUSIVE ESCAVAÇÃO, CARGA E TRANSPORTE E SOLO. AF_09/2024","M3",13.76]
["Aterros, Bases, Sub bases e Imprimações",96386,"EXECUÇÃO E COMPACTAÇÃO DE CORPO DE ATERRO (95% DE ENERGIA DO PROCTOR NORMAL) COM SOLO PREDOMINANTEMENTE ARENOSO ESPESSURA 15CM - EXCLUSIVE MATERIAL, ESCAVAÇÃO, CARGA E TRANSPORTE. AF_09/2024","M3",7.17]
["Aterros, Bases, Sub bases e Imprimações",105564,"EXECUÇÃO E COMPACTAÇÃO DE CORPO DE ATERRO (95% DE ENERGIA DO PROCTOR NORMAL) COM SOLO PREDOMINANTEMENTE ARENOSO, EM CAMADAS COM ESPESSURA DE 20 CM - EXCLUSIVE ESCAVAÇÃO, CARGA E TRANSPORTE E SOLO. AF_09/2024","M3",6.69]
["Aterros, Bases, Sub bases e Imprimações",105561,"EXECUÇÃO E COMPACTAÇÃO DE CORPO DE ATERRO DE ATERRO (95% DE ENERGIA DO PROCTOR NORMAL) COM SOLO PREDOMINANTEMENTE ARENOSO, EM CAMADAS COM ESPESSURA DE 10 CM - EXCLUSIVE ESCAVAÇÃO, CARGA E TRANSPORTE E SOLO. AF_09/2024","M3",8.81]
["Aterros, Bases, Sub bases e Imprimações",96385,"EXECUÇÃO E COMPACTAÇÃO DE CORPO DE ATERRO DE ATERRO (95% DE ENERGIA DO PROCTOR NORMAL) COM SOLO PREDOMINANTEMENTE ARGILOSO ESPESSURA 15 CM - EXCLUSIVE MATERIAL, ESCAVAÇÃO, CARGA E TRANSPORTE. AF_09/2024","M3",13.59]
["Aterros, Bases, Sub bases e Imprimações",105556,"EXECUÇÃO E COMPACTAÇÃO DE CORPO DE ATERRO DE ATERRO (95% DE ENERGIA DO PROCTOR NORMAL) COM SOLO PREDOMINANTEMENTE ARGILOSO, EM CAMADAS COM ESPESSURA DE 10 CM - EXCLUSIVE ESCAVAÇÃO, CARGA E TRANSPORTE E SOLO. AF_09/2024","M3",15.26]
["Aterros, Bases, Sub bases e Imprimações",105559,"EXECUÇÃO E COMPACTAÇÃO DE CORPO DE ATERRO DE ATERRO (95% DE ENERGIA DO PROCTOR NORMAL) COM SOLO PREDOMINANTEMENTE ARGILOSO, EM CAMADAS COM ESPESSURA DE 20 CM - EXCLUSIVE ESCAVAÇÃO, CARGA E TRANSPORTE E SOLO. AF_09/2024","M3",11.54]
["Aterros, Bases, Sub bases e Imprimações",105733,"RECONSTRUÇÃO DE BASE E SUB-BASE PARA PAVIMENTAÇÃO DE BRITA GRADUADA SIMPLES TRATADA COM CIMENTO, COM ESPESSURA DE 10 CM - EXCLUSIVE CARGA E TRANSPORTE. AF_09/2024","M3",282.08999999999997]
["Aterros, Bases, Sub bases e Imprimações",105734,"RECONSTRUÇÃO DE BASE E SUB-BASE PARA PAVIMENTAÇÃO DE BRITA GRADUADA SIMPLES TRATADA COM CIMENTO, COM ESPESSURA DE 15 CM - EXCLUSIVE CARGA E TRANSPORTE. AF_09/2024","M3",275.23]
["Aterros, Bases, Sub bases e Imprimações",105736,"RECONSTRUÇÃO DE BASE E SUB-BASE PARA PAVIMENTAÇÃO DE BRITA GRADUADA SIMPLES TRATADA COM CIMENTO, COM ESPESSURA DE 20 CM - EXCLUSIVE CARGA E TRANSPORTE. AF_09/2024","M3",271.77]
["Aterros, Bases, Sub bases e Imprimações",105728,"RECONSTRUÇÃO DE BASE E SUB-BASE PARA PAVIMENTAÇÃO DE BRITA GRADUADA SIMPLES, COM ESPESSURA DE 10 CM - EXCLUSIVE CARGA E TRANSPORTE. AF_09/2024","M3",210.58]
["Aterros, Bases, Sub bases e Imprimações",105729,"RECONSTRUÇÃO DE BASE E SUB-BASE PARA PAVIMENTAÇÃO DE BRITA GRADUADA SIMPLES, COM ESPESSURA DE 15 CM - EXCLUSIVE CARGA E TRANSPORTE. AF_09/2024","M3",205.34]
["Aterros, Bases, Sub bases e Imprimações",105731,"RECONSTRUÇÃO DE BASE E SUB-BASE PARA PAVIMENTAÇÃO DE BRITA GRADUADA SIMPLES, COM ESPESSURA DE 20 CM - EXCLUSIVE CARGA E TRANSPORTE. AF_09/2024","M3",202.69]
["Aterros, Bases, Sub bases e Imprimações",105738,"RECONSTRUÇÃO DE BASE E SUB-BASE PARA PAVIMENTAÇÃO DE CONCRETO COMPACTADO COM ROLO, COM ESPESSURA DE 10 CM - EXCLUSIVE CARGA E TRANSPORTE. AF_09/2024","M3",369.76]
["Aterros, Bases, Sub bases e Imprimações",105739,"RECONSTRUÇÃO DE BASE E SUB-BASE PARA PAVIMENTAÇÃO DE CONCRETO COMPACTADO COM ROLO, COM ESPESSURA DE 15 CM - EXCLUSIVE CARGA E TRANSPORTE. AF_09/2024","M3",364.61]
["Aterros, Bases, Sub bases e Imprimações",105741,"RECONSTRUÇÃO DE BASE E SUB-BASE PARA PAVIMENTAÇÃO DE CONCRETO COMPACTADO COM ROLO, COM ESPESSURA DE 20 CM - EXCLUSIVE CARGA E TRANSPORTE. AF_09/2024","M3",361.91]
["Aterros, Bases, Sub bases e Imprimações",105750,"RECONSTRUÇÃO DE BASE E SUB-BASE PARA PAVIMENTAÇÃO DE MACADAME SECO, COM ESPESSURA DE 10 CM - EXCLUSIVE CARGA E TRANSPORTE. AF_09/2024","M3",196.12]
["Aterros, Bases, Sub bases e Imprimações",105751,"RECONSTRUÇÃO DE BASE E SUB-BASE PARA PAVIMENTAÇÃO DE MACADAME SECO, COM ESPESSURA DE 15 CM - EXCLUSIVE CARGA E TRANSPORTE. AF_09/2024","M3",193.47]
["Aterros, Bases, Sub bases e Imprimações",105753,"RECONSTRUÇÃO DE BASE E SUB-BASE PARA PAVIMENTAÇÃO DE MACADAME SECO, COM ESPESSURA DE 20 CM - EXCLUSIVE CARGA E TRANSPORTE. AF_09/2024","M3",191.05]
["Aterros, Bases, Sub bases e Imprimações",105755,"RECONSTRUÇÃO DE BASE E SUB-BASE PARA PAVIMENTAÇÃO DE MACADAME SECO, COM ESPESSURA DE 25 CM - EXCLUSIVE CARGA E TRANSPORTE. AF_09/2024","M3",188.7]
["Aterros, Bases, Sub bases e Imprimações",105743,"RECONSTRUÇÃO DE BASE E SUB-BASE PARA PAVIMENTAÇÃO DE RACHÃO, COM ESPESSURA DE 30 CM - EXCLUSIVE CARGA E TRANSPORTE. AF_09/2024","M3",149]
["Aterros, Bases, Sub bases e Imprimações",105744,"RECONSTRUÇÃO DE BASE E SUB-BASE PARA PAVIMENTAÇÃO DE RACHÃO, COM ESPESSURA DE 40 CM - EXCLUSIVE CARGA E TRANSPORTE. AF_09/2024","M3",146.41]
["Aterros, Bases, Sub bases e Imprimações",105746,"RECONSTRUÇÃO DE BASE E SUB-BASE PARA PAVIMENTAÇÃO DE RACHÃO, COM ESPESSURA DE 50 CM - EXCLUSIVE CARGA E TRANSPORTE. AF_09/2024","M3",143.81]
["Aterros, Bases, Sub bases e Imprimações",105748,"RECONSTRUÇÃO DE BASE E SUB-BASE PARA PAVIMENTAÇÃO DE RACHÃO, COM ESPESSURA DE 60 CM - EXCLUSIVE CARGA E TRANSPORTE. AF_09/2024","M3",141.21]
["Aterros, Bases, Sub bases e Imprimações",105660,"RECONSTRUÇÃO DE BASE E SUB-BASE PARA PAVIMENTAÇÃO DE SOLO (PREDOMINANTEMENTE ARENOSO) BRITA - 40%-60% COM CIMENTO - 4%, MISTURA EM PISTA, COM ESPESSURA DE 10 CM - EXCLUSIVE ESCAVAÇÃO, CARGA E TRANSPORTE E SOLO. AF_09/2024","M3",214.26]
["Aterros, Bases, Sub bases e Imprimações",105663,"RECONSTRUÇÃO DE BASE E SUB-BASE PARA PAVIMENTAÇÃO DE SOLO (PREDOMINANTEMENTE ARENOSO) BRITA - 40%-60% COM CIMENTO - 4%, MISTURA EM PISTA, COM ESPESSURA DE 15 CM - EXCLUSIVE ESCAVAÇÃO, CARGA E TRANSPORTE E SOLO. AF_09/2024","M3",203.19]
["Aterros, Bases, Sub bases e Imprimações",105669,"RECONSTRUÇÃO DE BASE E SUB-BASE PARA PAVIMENTAÇÃO DE SOLO (PREDOMINANTEMENTE ARENOSO) BRITA - 40%-60% COM CIMENTO - 4%, MISTURA EM PISTA, COM ESPESSURA DE 20 CM - EXCLUSIVE ESCAVAÇÃO, CARGA E TRANSPORTE E SOLO. AF_09/2024","M3",197.63]
["Aterros, Bases, Sub bases e Imprimações",105642,"RECONSTRUÇÃO DE BASE E SUB-BASE PARA PAVIMENTAÇÃO DE SOLO (PREDOMINANTEMENTE ARENOSO) BRITA - 40%-60% COM CIMENTO - 4%, MISTURA EM USINA, COM ESPESSURA DE 10 CM - EXCLUSIVE CARGA E TRANSPORTE. AF_09/2024","M3",0]
["Aterros, Bases, Sub bases e Imprimações",105648,"RECONSTRUÇÃO DE BASE E SUB-BASE PARA PAVIMENTAÇÃO DE SOLO (PREDOMINANTEMENTE ARENOSO) BRITA - 40%-60% COM CIMENTO - 4%, MISTURA EM USINA, COM ESPESSURA DE 15 CM - EXCLUSIVE CARGA E TRANSPORTE. AF_09/2024","M3",0]
["Aterros, Bases, Sub bases e Imprimações",105654,"RECONSTRUÇÃO DE BASE E SUB-BASE PARA PAVIMENTAÇÃO DE SOLO (PREDOMINANTEMENTE ARENOSO) BRITA - 40%-60% COM CIMENTO - 4%, MISTURA EM USINA, COM ESPESSURA DE 20 CM - EXCLUSIVE CARGA E TRANSPORTE. AF_09/2024","M3",0]
["Aterros, Bases, Sub bases e Imprimações",105661,"RECONSTRUÇÃO DE BASE E SUB-BASE PARA PAVIMENTAÇÃO DE SOLO (PREDOMINANTEMENTE ARENOSO) BRITA - 40%-60% COM CIMENTO - 6%, MISTURA EM PISTA, COM ESPESSURA DE 10 CM - EXCLUSIVE ESCAVAÇÃO, CARGA E TRANSPORTE E SOLO. AF_09/2024","M3",247.26]
["Aterros, Bases, Sub bases e Imprimações",105664,"RECONSTRUÇÃO DE BASE E SUB-BASE PARA PAVIMENTAÇÃO DE SOLO (PREDOMINANTEMENTE ARENOSO) BRITA - 40%-60% COM CIMENTO - 6%, MISTURA EM PISTA, COM ESPESSURA DE 15 CM - EXCLUSIVE ESCAVAÇÃO, CARGA E TRANSPORTE E SOLO. AF_09/2024","M3",236.19]
["Aterros, Bases, Sub bases e Imprimações",105670,"RECONSTRUÇÃO DE BASE E SUB-BASE PARA PAVIMENTAÇÃO DE SOLO (PREDOMINANTEMENTE ARENOSO) BRITA - 40%-60% COM CIMENTO - 6%, MISTURA EM PISTA, COM ESPESSURA DE 20 CM - EXCLUSIVE ESCAVAÇÃO, CARGA E TRANSPORTE E SOLO. AF_09/2024","M3",230.63]
["Aterros, Bases, Sub bases e Imprimações",105643,"RECONSTRUÇÃO DE BASE E SUB-BASE PARA PAVIMENTAÇÃO DE SOLO (PREDOMINANTEMENTE ARENOSO) BRITA - 40%-60% COM CIMENTO - 6%, MISTURA EM USINA, COM ESPESSURA DE 10 CM - EXCLUSIVE CARGA E TRANSPORTE. AF_09/2024","M3",0]
["Aterros, Bases, Sub bases e Imprimações",105649,"RECONSTRUÇÃO DE BASE E SUB-BASE PARA PAVIMENTAÇÃO DE SOLO (PREDOMINANTEMENTE ARENOSO) BRITA - 40%-60% COM CIMENTO - 6%, MISTURA EM USINA, COM ESPESSURA DE 15 CM - EXCLUSIVE CARGA E TRANSPORTE. AF_09/2024","M3",0]
["Aterros, Bases, Sub bases e Imprimações",105655,"RECONSTRUÇÃO DE BASE E SUB-BASE PARA PAVIMENTAÇÃO DE SOLO (PREDOMINANTEMENTE ARENOSO) BRITA - 40%-60% COM CIMENTO - 6%, MISTURA EM USINA, COM ESPESSURA DE 20 CM - EXCLUSIVE CARGA E TRANSPORTE. AF_09/2024","M3",0]
["Aterros, Bases, Sub bases e Imprimações",105662,"RECONSTRUÇÃO DE BASE E SUB-BASE PARA PAVIMENTAÇÃO DE SOLO (PREDOMINANTEMENTE ARENOSO) BRITA - 40%-60% COM CIMENTO - 8%, MISTURA EM PISTA, COM ESPESSURA DE 10 CM - EXCLUSIVE ESCAVAÇÃO, CARGA E TRANSPORTE E SOLO. AF_09/2024","M3",279.8]
["Aterros, Bases, Sub bases e Imprimações",105665,"RECONSTRUÇÃO DE BASE E SUB-BASE PARA PAVIMENTAÇÃO DE SOLO (PREDOMINANTEMENTE ARENOSO) BRITA - 40%-60% COM CIMENTO - 8%, MISTURA EM PISTA, COM ESPESSURA DE 15 CM - EXCLUSIVE ESCAVAÇÃO, CARGA E TRANSPORTE E SOLO. AF_09/2024","M3",268.73]
["Aterros, Bases, Sub bases e Imprimações",105671,"RECONSTRUÇÃO DE BASE E SUB-BASE PARA PAVIMENTAÇÃO DE SOLO (PREDOMINANTEMENTE ARENOSO) BRITA - 40%-60% COM CIMENTO - 8%, MISTURA EM PISTA, COM ESPESSURA DE 20 CM - EXCLUSIVE ESCAVAÇÃO, CARGA E TRANSPORTE E SOLO. AF_09/2024","M3",263.17]
["Aterros, Bases, Sub bases e Imprimações",105644,"RECONSTRUÇÃO DE BASE E SUB-BASE PARA PAVIMENTAÇÃO DE SOLO (PREDOMINANTEMENTE ARENOSO) BRITA - 40%-60% COM CIMENTO - 8%, MISTURA EM USINA, COM ESPESSURA DE 10 CM - EXCLUSIVE CARGA E TRANSPORTE. AF_09/2024","M3",0]
["Aterros, Bases, Sub bases e Imprimações",105650,"RECONSTRUÇÃO DE BASE E SUB-BASE PARA PAVIMENTAÇÃO DE SOLO (PREDOMINANTEMENTE ARENOSO) BRITA - 40%-60% COM CIMENTO - 8%, MISTURA EM USINA, COM ESPESSURA DE 15 CM - EXCLUSIVE CARGA E TRANSPORTE. AF_09/2024","M3",0]
["Aterros, Bases, Sub bases e Imprimações",105656,"RECONSTRUÇÃO DE BASE E SUB-BASE PARA PAVIMENTAÇÃO DE SOLO (PREDOMINANTEMENTE ARENOSO) BRITA - 40%-60% COM CIMENTO - 8%, MISTURA EM USINA, COM ESPESSURA DE 20 CM - EXCLUSIVE CARGA E TRANSPORTE. AF_09/2024","M3",0]
["Aterros, Bases, Sub bases e Imprimações",105577,"RECONSTRUÇÃO DE BASE E SUB-BASE PARA PAVIMENTAÇÃO DE SOLO (PREDOMINANTEMENTE ARENOSO) BRITA - 40%-60%, MISTURA EM PISTA, COM ESPESSURA DE 10 CM - EXCLUSIVE ESCAVAÇÃO, CARGA E TRANSPORTE E SOLO. AF_09/2024","M3",143.76]
["Aterros, Bases, Sub bases e Imprimações",105578,"RECONSTRUÇÃO DE BASE E SUB-BASE PARA PAVIMENTAÇÃO DE SOLO (PREDOMINANTEMENTE ARENOSO) BRITA - 40%-60%, MISTURA EM PISTA, COM ESPESSURA DE 15 CM - EXCLUSIVE ESCAVAÇÃO, CARGA E TRANSPORTE E SOLO. AF_09/2024","M3",132.69999999999999]
["Aterros, Bases, Sub bases e Imprimações",105712,"RECONSTRUÇÃO DE BASE E SUB-BASE PARA PAVIMENTAÇÃO DE SOLO (PREDOMINANTEMENTE ARENOSO) BRITA - 40%-60%, MISTURA EM PISTA, COM ESPESSURA DE 20 CM - EXCLUSIVE ESCAVAÇÃO, CARGA E TRANSPORTE E SOLO. AF_09/2024","M3",127.14]
["Aterros, Bases, Sub bases e Imprimações",105637,"RECONSTRUÇÃO DE BASE E SUB-BASE PARA PAVIMENTAÇÃO DE SOLO (PREDOMINANTEMENTE ARENOSO) BRITA - 40%-60%, MISTURA EM USINA, COM ESPESSURA DE 10 CM - EXCLUSIVE CARGA E TRANSPORTE. AF_09/2024","M3",0]
["Aterros, Bases, Sub bases e Imprimações",105707,"RECONSTRUÇÃO DE BASE E SUB-BASE PARA PAVIMENTAÇÃO DE SOLO (PREDOMINANTEMENTE ARENOSO) BRITA - 40%-60%, MISTURA EM USINA, COM ESPESSURA DE 15 CM - EXCLUSIVE CARGA E TRANSPORTE. AF_09/2024","M3",0]
["Aterros, Bases, Sub bases e Imprimações",105709,"RECONSTRUÇÃO DE BASE E SUB-BASE PARA PAVIMENTAÇÃO DE SOLO (PREDOMINANTEMENTE ARENOSO) BRITA - 40%-60%, MISTURA EM USINA, COM ESPESSURA DE 20 CM - EXCLUSIVE CARGA E TRANSPORTE. AF_09/2024","M3",0]
["Aterros, Bases, Sub bases e Imprimações",105693,"RECONSTRUÇÃO DE BASE E SUB-BASE PARA PAVIMENTAÇÃO DE SOLO (PREDOMINANTEMENTE ARENOSO) BRITA - 50%-50% COM CIMENTO - 4%, MISTURA EM PISTA, COM ESPESSURA DE 10 CM - EXCLUSIVE ESCAVAÇÃO, CARGA E TRANSPORTE E SOLO. AF_09/2024","M3",198.93]
["Aterros, Bases, Sub bases e Imprimações",105696,"RECONSTRUÇÃO DE BASE E SUB-BASE PARA PAVIMENTAÇÃO DE SOLO (PREDOMINANTEMENTE ARENOSO) BRITA - 50%-50% COM CIMENTO - 4%, MISTURA EM PISTA, COM ESPESSURA DE 15 CM - EXCLUSIVE ESCAVAÇÃO, CARGA E TRANSPORTE E SOLO. AF_09/2024","M3",187.86]
["Aterros, Bases, Sub bases e Imprimações",105702,"RECONSTRUÇÃO DE BASE E SUB-BASE PARA PAVIMENTAÇÃO DE SOLO (PREDOMINANTEMENTE ARENOSO) BRITA - 50%-50% COM CIMENTO - 4%, MISTURA EM PISTA, COM ESPESSURA DE 20 CM - EXCLUSIVE ESCAVAÇÃO, CARGA E TRANSPORTE E SOLO. AF_09/2024","M3",182.3]
["Aterros, Bases, Sub bases e Imprimações",105675,"RECONSTRUÇÃO DE BASE E SUB-BASE PARA PAVIMENTAÇÃO DE SOLO (PREDOMINANTEMENTE ARENOSO) BRITA - 50%-50% COM CIMENTO - 4%, MISTURA EM USINA, COM ESPESSURA DE 10 CM - EXCLUSIVE CARGA E TRANSPORTE. AF_09/2024","M3",0]
["Aterros, Bases, Sub bases e Imprimações",105681,"RECONSTRUÇÃO DE BASE E SUB-BASE PARA PAVIMENTAÇÃO DE SOLO (PREDOMINANTEMENTE ARENOSO) BRITA - 50%-50% COM CIMENTO - 4%, MISTURA EM USINA, COM ESPESSURA DE 15 CM - EXCLUSIVE CARGA E TRANSPORTE. AF_09/2024","M3",0]
["Aterros, Bases, Sub bases e Imprimações",105687,"RECONSTRUÇÃO DE BASE E SUB-BASE PARA PAVIMENTAÇÃO DE SOLO (PREDOMINANTEMENTE ARENOSO) BRITA - 50%-50% COM CIMENTO - 4%, MISTURA EM USINA, COM ESPESSURA DE 20 CM - EXCLUSIVE CARGA E TRANSPORTE. AF_09/2024","M3",0]
["Aterros, Bases, Sub bases e Imprimações",105694,"RECONSTRUÇÃO DE BASE E SUB-BASE PARA PAVIMENTAÇÃO DE SOLO (PREDOMINANTEMENTE ARENOSO) BRITA - 50%-50% COM CIMENTO - 6%, MISTURA EM PISTA, COM ESPESSURA DE 10 CM - EXCLUSIVE ESCAVAÇÃO, CARGA E TRANSPORTE E SOLO. AF_09/2024","M3",232.26]
["Aterros, Bases, Sub bases e Imprimações",105697,"RECONSTRUÇÃO DE BASE E SUB-BASE PARA PAVIMENTAÇÃO DE SOLO (PREDOMINANTEMENTE ARENOSO) BRITA - 50%-50% COM CIMENTO - 6%, MISTURA EM PISTA, COM ESPESSURA DE 15 CM - EXCLUSIVE ESCAVAÇÃO, CARGA E TRANSPORTE E SOLO. AF_09/2024","M3",221.19]
["Aterros, Bases, Sub bases e Imprimações",105703,"RECONSTRUÇÃO DE BASE E SUB-BASE PARA PAVIMENTAÇÃO DE SOLO (PREDOMINANTEMENTE ARENOSO) BRITA - 50%-50% COM CIMENTO - 6%, MISTURA EM PISTA, COM ESPESSURA DE 20 CM - EXCLUSIVE ESCAVAÇÃO, CARGA E TRANSPORTE E SOLO. AF_09/2024","M3",215.63]
["Aterros, Bases, Sub bases e Imprimações",105676,"RECONSTRUÇÃO DE BASE E SUB-BASE PARA PAVIMENTAÇÃO DE SOLO (PREDOMINANTEMENTE ARENOSO) BRITA - 50%-50% COM CIMENTO - 6%, MISTURA EM USINA, COM ESPESSURA DE 10 CM - EXCLUSIVE CARGA E TRANSPORTE. AF_09/2024","M3",0]
["Aterros, Bases, Sub bases e Imprimações",105682,"RECONSTRUÇÃO DE BASE E SUB-BASE PARA PAVIMENTAÇÃO DE SOLO (PREDOMINANTEMENTE ARENOSO) BRITA - 50%-50% COM CIMENTO - 6%, MISTURA EM USINA, COM ESPESSURA DE 15 CM - EXCLUSIVE CARGA E TRANSPORTE. AF_09/2024","M3",0]
["Aterros, Bases, Sub bases e Imprimações",105688,"RECONSTRUÇÃO DE BASE E SUB-BASE PARA PAVIMENTAÇÃO DE SOLO (PREDOMINANTEMENTE ARENOSO) BRITA - 50%-50% COM CIMENTO - 6%, MISTURA EM USINA, COM ESPESSURA DE 20 CM - EXCLUSIVE CARGA E TRANSPORTE. AF_09/2024","M3",0]
["Aterros, Bases, Sub bases e Imprimações",105695,"RECONSTRUÇÃO DE BASE E SUB-BASE PARA PAVIMENTAÇÃO DE SOLO (PREDOMINANTEMENTE ARENOSO) BRITA - 50%-50% COM CIMENTO - 8%, MISTURA EM PISTA, COM ESPESSURA DE 10 CM - EXCLUSIVE ESCAVAÇÃO, CARGA E TRANSPORTE E SOLO. AF_09/2024","M3",265.11]
["Aterros, Bases, Sub bases e Imprimações",105698,"RECONSTRUÇÃO DE BASE E SUB-BASE PARA PAVIMENTAÇÃO DE SOLO (PREDOMINANTEMENTE ARENOSO) BRITA - 50%-50% COM CIMENTO - 8%, MISTURA EM PISTA, COM ESPESSURA DE 15 CM - EXCLUSIVE ESCAVAÇÃO, CARGA E TRANSPORTE E SOLO. AF_09/2024","M3",254.04]
["Aterros, Bases, Sub bases e Imprimações",105704,"RECONSTRUÇÃO DE BASE E SUB-BASE PARA PAVIMENTAÇÃO DE SOLO (PREDOMINANTEMENTE ARENOSO) BRITA - 50%-50% COM CIMENTO - 8%, MISTURA EM PISTA, COM ESPESSURA DE 20 CM - EXCLUSIVE ESCAVAÇÃO, CARGA E TRANSPORTE E SOLO. AF_09/2024","M3",248.48]
["Aterros, Bases, Sub bases e Imprimações",105677,"RECONSTRUÇÃO DE BASE E SUB-BASE PARA PAVIMENTAÇÃO DE SOLO (PREDOMINANTEMENTE ARENOSO) BRITA - 50%-50% COM CIMENTO - 8%, MISTURA EM USINA, COM ESPESSURA DE 10 CM - EXCLUSIVE CARGA E TRANSPORTE. AF_09/2024","M3",0]
["Aterros, Bases, Sub bases e Imprimações",105683,"RECONSTRUÇÃO DE BASE E SUB-BASE PARA PAVIMENTAÇÃO DE SOLO (PREDOMINANTEMENTE ARENOSO) BRITA - 50%-50% COM CIMENTO - 8%, MISTURA EM USINA, COM ESPESSURA DE 15 CM - EXCLUSIVE CARGA E TRANSPORTE. AF_09/2024","M3",0]
["Aterros, Bases, Sub bases e Imprimações",105689,"RECONSTRUÇÃO DE BASE E SUB-BASE PARA PAVIMENTAÇÃO DE SOLO (PREDOMINANTEMENTE ARENOSO) BRITA - 50%-50% COM CIMENTO - 8%, MISTURA EM USINA, COM ESPESSURA DE 20 CM - EXCLUSIVE CARGA E TRANSPORTE. AF_09/2024","M3",0]
["Aterros, Bases, Sub bases e Imprimações",105579,"RECONSTRUÇÃO DE BASE E SUB-BASE PARA PAVIMENTAÇÃO DE SOLO (PREDOMINANTEMENTE ARENOSO) BRITA - 50%-50%, MISTURA EM PISTA, COM ESPESSURA DE 10 CM - EXCLUSIVE ESCAVAÇÃO, CARGA E TRANSPORTE E SOLO. AF_09/2024","M3",127.8]
["Aterros, Bases, Sub bases e Imprimações",105580,"RECONSTRUÇÃO DE BASE E SUB-BASE PARA PAVIMENTAÇÃO DE SOLO (PREDOMINANTEMENTE ARENOSO) BRITA - 50%-50%, MISTURA EM PISTA, COM ESPESSURA DE 15 CM - EXCLUSIVE ESCAVAÇÃO, CARGA E TRANSPORTE E SOLO. AF_09/2024","M3",116.74]
["Aterros, Bases, Sub bases e Imprimações",105582,"RECONSTRUÇÃO DE BASE E SUB-BASE PARA PAVIMENTAÇÃO DE SOLO (PREDOMINANTEMENTE ARENOSO) BRITA - 50%-50%, MISTURA EM PISTA, COM ESPESSURA DE 20 CM - EXCLUSIVE ESCAVAÇÃO, CARGA E TRANSPORTE E SOLO. AF_09/2024","M3",111.18]
["Aterros, Bases, Sub bases e Imprimações",105638,"RECONSTRUÇÃO DE BASE E SUB-BASE PARA PAVIMENTAÇÃO DE SOLO (PREDOMINANTEMENTE ARENOSO) BRITA - 50%-50%, MISTURA EM USINA, COM ESPESSURA DE 10 CM - EXCLUSIVE CARGA E TRANSPORTE. AF_09/2024","M3",0]
["Aterros, Bases, Sub bases e Imprimações",105715,"RECONSTRUÇÃO DE BASE E SUB-BASE PARA PAVIMENTAÇÃO DE SOLO (PREDOMINANTEMENTE ARENOSO) BRITA - 50%-50%, MISTURA EM USINA, COM ESPESSURA DE 15 CM - EXCLUSIVE CARGA E TRANSPORTE. AF_09/2024","M3",0]
["Aterros, Bases, Sub bases e Imprimações",105717,"RECONSTRUÇÃO DE BASE E SUB-BASE PARA PAVIMENTAÇÃO DE SOLO (PREDOMINANTEMENTE ARENOSO) BRITA - 50%-50%, MISTURA EM USINA, COM ESPESSURA DE 20 CM - EXCLUSIVE CARGA E TRANSPORTE. AF_09/2024","M3",0]
["Aterros, Bases, Sub bases e Imprimações",105626,"RECONSTRUÇÃO DE BASE E SUB-BASE PARA PAVIMENTAÇÃO DE SOLO (PREDOMINANTEMENTE ARENOSO) COM CIMENTO - 6%, MISTURA EM PISTA, COM ESPESSURA DE 10 CM - EXCLUSIVE ESCAVAÇÃO, CARGA E TRANSPORTE E SOLO. AF_09/2024","M3",138.09]
["Aterros, Bases, Sub bases e Imprimações",105629,"RECONSTRUÇÃO DE BASE E SUB-BASE PARA PAVIMENTAÇÃO DE SOLO (PREDOMINANTEMENTE ARENOSO) COM CIMENTO - 6%, MISTURA EM PISTA, COM ESPESSURA DE 15 CM - EXCLUSIVE ESCAVAÇÃO, CARGA E TRANSPORTE E SOLO. AF_09/2024","M3",129.19999999999999]
["Aterros, Bases, Sub bases e Imprimações",105635,"RECONSTRUÇÃO DE BASE E SUB-BASE PARA PAVIMENTAÇÃO DE SOLO (PREDOMINANTEMENTE ARENOSO) COM CIMENTO - 6%, MISTURA EM PISTA, COM ESPESSURA DE 20 CM - EXCLUSIVE ESCAVAÇÃO, CARGA E TRANSPORTE E SOLO. AF_09/2024","M3",127.99]
["Aterros, Bases, Sub bases e Imprimações",105605,"RECONSTRUÇÃO DE BASE E SUB-BASE PARA PAVIMENTAÇÃO DE SOLO (PREDOMINANTEMENTE ARENOSO) COM CIMENTO - 6%, MISTURA EM USINA, COM ESPESSURA DE 10 CM - EXCLUSIVE CARGA E TRANSPORTE. AF_09/2024","M3",0]
["Aterros, Bases, Sub bases e Imprimações",105613,"RECONSTRUÇÃO DE BASE E SUB-BASE PARA PAVIMENTAÇÃO DE SOLO (PREDOMINANTEMENTE ARENOSO) COM CIMENTO - 6%, MISTURA EM USINA, COM ESPESSURA DE 15 CM - EXCLUSIVE CARGA E TRANSPORTE. AF_09/2024","M3",0]
["Aterros, Bases, Sub bases e Imprimações",105621,"RECONSTRUÇÃO DE BASE E SUB-BASE PARA PAVIMENTAÇÃO DE SOLO (PREDOMINANTEMENTE ARENOSO) COM CIMENTO - 6%, MISTURA EM USINA, COM ESPESSURA DE 20 CM - EXCLUSIVE CARGA E TRANSPORTE. AF_09/2024","M3",0]
["Aterros, Bases, Sub bases e Imprimações",105627,"RECONSTRUÇÃO DE BASE E SUB-BASE PARA PAVIMENTAÇÃO DE SOLO (PREDOMINANTEMENTE ARENOSO) COM CIMENTO - 8%, MISTURA EM PISTA, COM ESPESSURA DE 10 CM - EXCLUSIVE ESCAVAÇÃO, CARGA E TRANSPORTE E SOLO. AF_09/2024","M3",172.54]
["Aterros, Bases, Sub bases e Imprimações",105630,"RECONSTRUÇÃO DE BASE E SUB-BASE PARA PAVIMENTAÇÃO DE SOLO (PREDOMINANTEMENTE ARENOSO) COM CIMENTO - 8%, MISTURA EM PISTA, COM ESPESSURA DE 15 CM - EXCLUSIVE ESCAVAÇÃO, CARGA E TRANSPORTE E SOLO. AF_09/2024","M3",163.65]
["Aterros, Bases, Sub bases e Imprimações",105636,"RECONSTRUÇÃO DE BASE E SUB-BASE PARA PAVIMENTAÇÃO DE SOLO (PREDOMINANTEMENTE ARENOSO) COM CIMENTO - 8%, MISTURA EM PISTA, COM ESPESSURA DE 20 CM - EXCLUSIVE ESCAVAÇÃO, CARGA E TRANSPORTE E SOLO. AF_09/2024","M3",162.44]
["Aterros, Bases, Sub bases e Imprimações",105606,"RECONSTRUÇÃO DE BASE E SUB-BASE PARA PAVIMENTAÇÃO DE SOLO (PREDOMINANTEMENTE ARENOSO) COM CIMENTO - 8%, MISTURA EM USINA, COM ESPESSURA DE 10 CM - EXCLUSIVE CARGA E TRANSPORTE. AF_09/2024","M3",0]
["Aterros, Bases, Sub bases e Imprimações",105614,"RECONSTRUÇÃO DE BASE E SUB-BASE PARA PAVIMENTAÇÃO DE SOLO (PREDOMINANTEMENTE ARENOSO) COM CIMENTO - 8%, MISTURA EM USINA, COM ESPESSURA DE 15 CM - EXCLUSIVE CARGA E TRANSPORTE. AF_09/2024","M3",0]
["Aterros, Bases, Sub bases e Imprimações",105622,"RECONSTRUÇÃO DE BASE E SUB-BASE PARA PAVIMENTAÇÃO DE SOLO (PREDOMINANTEMENTE ARENOSO) COM CIMENTO - 8%, MISTURA EM USINA, COM ESPESSURA DE 20 CM - EXCLUSIVE CARGA E TRANSPORTE. AF_09/2024","M3",0]
["Aterros, Bases, Sub bases e Imprimações",105572,"RECONSTRUÇÃO DE BASE E SUB-BASE PARA PAVIMENTAÇÃO DE SOLO (PREDOMINANTEMENTE ARENOSO) MELHORADO COM CIMENTO - 2%, MISTURA EM PISTA, COM ESPESSURA DE 10 CM - EXCLUSIVE ESCAVAÇÃO, CARGA E TRANSPORTE E SOLO. AF_09/2024","M3",67.290000000000006]
["Aterros, Bases, Sub bases e Imprimações",105574,"RECONSTRUÇÃO DE BASE E SUB-BASE PARA PAVIMENTAÇÃO DE SOLO (PREDOMINANTEMENTE ARENOSO) MELHORADO COM CIMENTO - 2%, MISTURA EM PISTA, COM ESPESSURA DE 15 CM - EXCLUSIVE ESCAVAÇÃO, CARGA E TRANSPORTE E SOLO. AF_09/2024","M3",58.4]
["Aterros, Bases, Sub bases e Imprimações",105576,"RECONSTRUÇÃO DE BASE E SUB-BASE PARA PAVIMENTAÇÃO DE SOLO (PREDOMINANTEMENTE ARENOSO) MELHORADO COM CIMENTO - 2%, MISTURA EM PISTA, COM ESPESSURA DE 20 CM - EXCLUSIVE ESCAVAÇÃO, CARGA E TRANSPORTE E SOLO. AF_09/2024","M3",57.19]
["Aterros, Bases, Sub bases e Imprimações",105603,"RECONSTRUÇÃO DE BASE E SUB-BASE PARA PAVIMENTAÇÃO DE SOLO (PREDOMINANTEMENTE ARENOSO) MELHORADO COM CIMENTO - 2%, MISTURA EM USINA, COM ESPESSURA DE 10 CM - EXCLUSIVE CARGA E TRANSPORTE. AF_09/2024","M3",0]
["Aterros, Bases, Sub bases e Imprimações",105611,"RECONSTRUÇÃO DE BASE E SUB-BASE PARA PAVIMENTAÇÃO DE SOLO (PREDOMINANTEMENTE ARENOSO) MELHORADO COM CIMENTO - 2%, MISTURA EM USINA, COM ESPESSURA DE 15 CM - EXCLUSIVE CARGA E TRANSPORTE. AF_09/2024","M3",0]
["Aterros, Bases, Sub bases e Imprimações",105619,"RECONSTRUÇÃO DE BASE E SUB-BASE PARA PAVIMENTAÇÃO DE SOLO (PREDOMINANTEMENTE ARENOSO) MELHORADO COM CIMENTO - 2%, MISTURA EM USINA, COM ESPESSURA DE 20 CM - EXCLUSIVE CARGA E TRANSPORTE. AF_09/2024","M3",0]
["Aterros, Bases, Sub bases e Imprimações",105573,"RECONSTRUÇÃO DE BASE E SUB-BASE PARA PAVIMENTAÇÃO DE SOLO (PREDOMINANTEMENTE ARENOSO) MELHORADO COM CIMENTO - 4%, MISTURA EM PISTA, COM ESPESSURA DE 10 CM - EXCLUSIVE ESCAVAÇÃO, CARGA E TRANSPORTE E SOLO. AF_09/2024","M3",103.17]
["Aterros, Bases, Sub bases e Imprimações",105628,"RECONSTRUÇÃO DE BASE E SUB-BASE PARA PAVIMENTAÇÃO DE SOLO (PREDOMINANTEMENTE ARENOSO) MELHORADO COM CIMENTO - 4%, MISTURA EM PISTA, COM ESPESSURA DE 15 CM - EXCLUSIVE ESCAVAÇÃO, CARGA E TRANSPORTE E SOLO. AF_09/2024","M3",94.28]
["Aterros, Bases, Sub bases e Imprimações",105634,"RECONSTRUÇÃO DE BASE E SUB-BASE PARA PAVIMENTAÇÃO DE SOLO (PREDOMINANTEMENTE ARENOSO) MELHORADO COM CIMENTO - 4%, MISTURA EM PISTA, COM ESPESSURA DE 20 CM - EXCLUSIVE ESCAVAÇÃO, CARGA E TRANSPORTE E SOLO. AF_09/2024","M3",93.07]
["Aterros, Bases, Sub bases e Imprimações",105604,"RECONSTRUÇÃO DE BASE E SUB-BASE PARA PAVIMENTAÇÃO DE SOLO (PREDOMINANTEMENTE ARENOSO) MELHORADO COM CIMENTO - 4%, MISTURA EM USINA, COM ESPESSURA DE 10 CM - EXCLUSIVE CARGA E TRANSPORTE. AF_09/2024","M3",0]
["Aterros, Bases, Sub bases e Imprimações",105612,"RECONSTRUÇÃO DE BASE E SUB-BASE PARA PAVIMENTAÇÃO DE SOLO (PREDOMINANTEMENTE ARENOSO) MELHORADO COM CIMENTO - 4%, MISTURA EM USINA, COM ESPESSURA DE 15 CM - EXCLUSIVE CARGA E TRANSPORTE. AF_09/2024","M3",0]
["Aterros, Bases, Sub bases e Imprimações",105620,"RECONSTRUÇÃO DE BASE E SUB-BASE PARA PAVIMENTAÇÃO DE SOLO (PREDOMINANTEMENTE ARENOSO) MELHORADO COM CIMENTO - 4%, MISTURA EM USINA, COM ESPESSURA DE 20 CM - EXCLUSIVE CARGA E TRANSPORTE. AF_09/2024","M3",0]
["Aterros, Bases, Sub bases e Imprimações",105586,"RECONSTRUÇÃO DE BASE E SUB-BASE PARA PAVIMENTAÇÃO DE SOLO (PREDOMINANTEMENTE ARGILOSO) BRITA - 40%-60%, MISTURA EM PISTA, COM ESPESSURA DE 10 CM - EXCLUSIVE ESCAVAÇÃO, CARGA E TRANSPORTE E SOLO. AF_09/2024","M3",156.54]
["Aterros, Bases, Sub bases e Imprimações",105587,"RECONSTRUÇÃO DE BASE E SUB-BASE PARA PAVIMENTAÇÃO DE SOLO (PREDOMINANTEMENTE ARGILOSO) BRITA - 40%-60%, MISTURA EM PISTA, COM ESPESSURA DE 15 CM - EXCLUSIVE ESCAVAÇÃO, CARGA E TRANSPORTE E SOLO. AF_09/2024","M3",141.22999999999999]
["Aterros, Bases, Sub bases e Imprimações",105589,"RECONSTRUÇÃO DE BASE E SUB-BASE PARA PAVIMENTAÇÃO DE SOLO (PREDOMINANTEMENTE ARGILOSO) BRITA - 40%-60%, MISTURA EM PISTA, COM ESPESSURA DE 20 CM - EXCLUSIVE ESCAVAÇÃO, CARGA E TRANSPORTE E SOLO. AF_09/2024","M3",139.86000000000001]
["Aterros, Bases, Sub bases e Imprimações",105584,"RECONSTRUÇÃO DE BASE E SUB-BASE PARA PAVIMENTAÇÃO DE SOLO (PREDOMINANTEMENTE ARGILOSO) BRITA - 40%-60%, MISTURA EM USINA, COM ESPESSURA DE 10 CM - EXCLUSIVE CARGA E TRANSPORTE. AF_09/2024","M3",0]
["Aterros, Bases, Sub bases e Imprimações",105720,"RECONSTRUÇÃO DE BASE E SUB-BASE PARA PAVIMENTAÇÃO DE SOLO (PREDOMINANTEMENTE ARGILOSO) BRITA - 40%-60%, MISTURA EM USINA, COM ESPESSURA DE 15 CM - EXCLUSIVE CARGA E TRANSPORTE. AF_09/2024","M3",0]
["Aterros, Bases, Sub bases e Imprimações",105722,"RECONSTRUÇÃO DE BASE E SUB-BASE PARA PAVIMENTAÇÃO DE SOLO (PREDOMINANTEMENTE ARGILOSO) BRITA - 40%-60%, MISTURA EM USINA, COM ESPESSURA DE 20 CM - EXCLUSIVE CARGA E TRANSPORTE. AF_09/2024","M3",0]
["Aterros, Bases, Sub bases e Imprimações",105593,"RECONSTRUÇÃO DE BASE E SUB-BASE PARA PAVIMENTAÇÃO DE SOLO (PREDOMINANTEMENTE ARGILOSO) BRITA - 50%-50%, MISTURA EM PISTA, COM ESPESSURA DE 10 CM - EXCLUSIVE ESCAVAÇÃO, CARGA E TRANSPORTE E SOLO. AF_09/2024","M3",140.58000000000001]
["Aterros, Bases, Sub bases e Imprimações",105594,"RECONSTRUÇÃO DE BASE E SUB-BASE PARA PAVIMENTAÇÃO DE SOLO (PREDOMINANTEMENTE ARGILOSO) BRITA - 50%-50%, MISTURA EM PISTA, COM ESPESSURA DE 15 CM - EXCLUSIVE ESCAVAÇÃO, CARGA E TRANSPORTE E SOLO. AF_09/2024","M3",125.27]
["Aterros, Bases, Sub bases e Imprimações",105596,"RECONSTRUÇÃO DE BASE E SUB-BASE PARA PAVIMENTAÇÃO DE SOLO (PREDOMINANTEMENTE ARGILOSO) BRITA - 50%-50%, MISTURA EM PISTA, COM ESPESSURA DE 20 CM - EXCLUSIVE ESCAVAÇÃO, CARGA E TRANSPORTE E SOLO. AF_09/2024","M3",123.9]
["Aterros, Bases, Sub bases e Imprimações",105591,"RECONSTRUÇÃO DE BASE E SUB-BASE PARA PAVIMENTAÇÃO DE SOLO (PREDOMINANTEMENTE ARGILOSO) BRITA - 50%-50%, MISTURA EM USINA, COM ESPESSURA DE 10 CM - EXCLUSIVE CARGA E TRANSPORTE. AF_09/2024","M3",0]
["Aterros, Bases, Sub bases e Imprimações",105724,"RECONSTRUÇÃO DE BASE E SUB-BASE PARA PAVIMENTAÇÃO DE SOLO (PREDOMINANTEMENTE ARGILOSO) BRITA - 50%-50%, MISTURA EM USINA, COM ESPESSURA DE 15 CM - EXCLUSIVE CARGA E TRANSPORTE. AF_09/2024","M3",0]
["Aterros, Bases, Sub bases e Imprimações",105726,"RECONSTRUÇÃO DE BASE E SUB-BASE PARA PAVIMENTAÇÃO DE SOLO (PREDOMINANTEMENTE ARGILOSO) BRITA - 50%-50%, MISTURA EM USINA, COM ESPESSURA DE 20 CM - EXCLUSIVE CARGA E TRANSPORTE. AF_09/2024","M3",0]
["Aterros, Bases, Sub bases e Imprimações",105567,"RECONSTRUÇÃO DE BASE E SUB-BASE PARA PAVIMENTAÇÃO DE SOLO DE COMPORTAMENTO LATERÍTICO (ARENOSO), COM ESPESSURA DE 10 CM - EXCLUSIVE ESCAVAÇÃO, CARGA E TRANSPORTE E SOLO. AF_09/2024","M3",16.46]
["Aterros, Bases, Sub bases e Imprimações",105568,"RECONSTRUÇÃO DE BASE E SUB-BASE PARA PAVIMENTAÇÃO DE SOLO DE COMPORTAMENTO LATERÍTICO (ARENOSO), COM ESPESSURA DE 15 CM - EXCLUSIVE ESCAVAÇÃO, CARGA E TRANSPORTE E SOLO. AF_09/2024","M3",13.11]
["Aterros, Bases, Sub bases e Imprimações",105570,"RECONSTRUÇÃO DE BASE E SUB-BASE PARA PAVIMENTAÇÃO DE SOLO DE COMPORTAMENTO LATERÍTICO (ARENOSO), COM ESPESSURA DE 20 CM - EXCLUSIVE ESCAVAÇÃO, CARGA E TRANSPORTE E SOLO. AF_09/2024","M3",10.79]
["Aterros, Bases, Sub bases e Imprimações",100575,"REGULARIZAÇÃO DE SUPERFÍCIES COM MOTONIVELADORA. AF_09/2024","M2",0.67]
["Aterros, Bases, Sub bases e Imprimações",100577,"REGULARIZAÇÃO E COMPACTAÇÃO DE SUBLEITO DE SOLO PREDOMINANTEMENTE ARENOSO, PARA OBRAS DE CONSTRUÇÃO DE PAVIMENTOS. AF_09/2024","M2",1.57]
["Aterros, Bases, Sub bases e Imprimações",105598,"REGULARIZAÇÃO E COMPACTAÇÃO DE SUBLEITO DE SOLO PREDOMINANTEMENTE ARENOSO, PARA OBRAS DE RECONSTRUÇÃO DE PAVIMENTOS. AF_09/2024","M2",2.11]
["Aterros, Bases, Sub bases e Imprimações",100576,"REGULARIZAÇÃO E COMPACTAÇÃO DE SUBLEITO DE SOLO PREDOMINANTEMENTE ARGILOSO, PARA OBRAS DE CONSTRUÇÃO DE PAVIMENTOS. AF_09/2024","M2",3.14]
["Aterros, Bases, Sub bases e Imprimações",105597,"REGULARIZAÇÃO E COMPACTAÇÃO DE SUBLEITO DE SOLO PREDOMINANTEMENTE ARGILOSO, PARA OBRAS DE RECONSTRUÇÃO DE PAVIMENTOS. AF_09/2024","M2",4.33]
["Bocas para Bueiros",102730,"ARMAÇÃO DE MURO ALA E MURO TESTA UTILIZANDO AÇO CA-50 DE 10 MM - MONTAGEM. AF_07/2021","KG",11.15]
["Bocas para Bueiros",102731,"ARMAÇÃO DE MURO ALA E MURO TESTA UTILIZANDO AÇO CA-50 DE 12,5 MM - MONTAGEM. AF_07/2021","KG",9.26]
["Bocas para Bueiros",102732,"ARMAÇÃO DE MURO ALA E MURO TESTA UTILIZANDO AÇO CA-50 DE 16 MM - MONTAGEM. AF_07/2021","KG",8.5399999999999991]
["Bocas para Bueiros",102733,"ARMAÇÃO DE MURO ALA E MURO TESTA UTILIZANDO AÇO CA-50 DE 20 MM - MONTAGEM. AF_07/2021","KG",9.27]
["Bocas para Bueiros",102728,"ARMAÇÃO DE MURO ALA E MURO TESTA UTILIZANDO AÇO CA-50 DE 6,3 MM - MONTAGEM. AF_07/2021","KG",14.18]
["Bocas para Bueiros",102729,"ARMAÇÃO DE MURO ALA E MURO TESTA UTILIZANDO AÇO CA-50 DE 8 MM - MONTAGEM. AF_07/2021","KG",12.75]
["Bocas para Bueiros",102734,"ARMAÇÃO DE SOLEIRA UTILIZANDO AÇO CA-50 DE 6,3 MM - MONTAGEM. AF_07/2021","KG",13]
["Bocas para Bueiros",102735,"ARMAÇÃO DE SOLEIRA UTILIZANDO AÇO CA-50 DE 8 MM - MONTAGEM. AF_07/2021","KG",11.75]
["Bocas para Bueiros",102765,"BOCA PARA BUEIRO DUPLO CELULAR 150 X 150 CM EM CONCRETO, ALAS COM ESCONSIDADE DE 30°, INCLUINDO FÔRMAS E MATERIAIS. AF_07/2021","UN",16867.23]
["Bocas para Bueiros",102795,"BOCA PARA BUEIRO DUPLO CELULAR 150 X 150 CM EM GABIÃO, ALAS COM ESCONSIDADE DE 45°, INCLUINDO FÔRMAS E MATERIAIS. AF_07/2021","UN",34908.71]
["Bocas para Bueiros",102766,"BOCA PARA BUEIRO DUPLO CELULAR 200 X 200 CM EM CONCRETO, ALAS COM ESCONSIDADE DE 30°, INCLUINDO FÔRMAS E MATERIAIS. AF_07/2021","UN",25329.32]
["Bocas para Bueiros",102796,"BOCA PARA BUEIRO DUPLO CELULAR 200 X 200 CM EM GABIÃO, ALAS COM ESCONSIDADE DE 45°, INCLUINDO FÔRMAS E MATERIAIS. AF_07/2021","UN",56226.97]
["Bocas para Bueiros",102767,"BOCA PARA BUEIRO DUPLO CELULAR 250 X 250 CM EM CONCRETO, ALAS COM ESCONSIDADE DE 30°, INCLUINDO FÔRMAS E MATERIAIS. AF_07/2021","UN",35255.03]
["Bocas para Bueiros",102797,"BOCA PARA BUEIRO DUPLO CELULAR 250 X 250 CM EM GABIÃO, ALAS COM ESCONSIDADE DE 45°, INCLUINDO FÔRMAS E MATERIAIS. AF_07/2021","UN",79687.12]
["Bocas para Bueiros",102768,"BOCA PARA BUEIRO DUPLO CELULAR 300 X 300 CM EM CONCRETO, ALAS COM ESCONSIDADE DE 30°, INCLUINDO FÔRMAS E MATERIAIS. AF_07/2021","UN",49029.55]
["Bocas para Bueiros",102798,"BOCA PARA BUEIRO DUPLO CELULAR 300 X 300 CM EM GABIÃO, ALAS COM ESCONSIDADE DE 45°, INCLUINDO FÔRMAS E MATERIAIS. AF_07/2021","UN",97493.85]
["Bocas para Bueiros",102744,"BOCA PARA BUEIRO DUPLO TUBULAR D = 100 CM EM CONCRETO, ALAS COM ESCONSIDADE DE 0°, INCLUINDO FÔRMAS E MATERIAIS. AF_07/2021","UN",7045.59]
["Bocas para Bueiros",102755,"BOCA PARA BUEIRO DUPLO TUBULAR D = 100 CM EM CONCRETO, ALAS COM ESCONSIDADE DE 30°, INCLUINDO FÔRMAS E MATERIAIS. AF_07/2021","UN",10856.52]
["Bocas para Bueiros",102782,"BOCA PARA BUEIRO DUPLO TUBULAR D = 100 CM EM GABIÃO, ALAS COM ESCONSIDADE DE 45°, INCLUINDO FÔRMAS E MATERIAIS. AF_07/2021","UN",17027.099999999999]
["Bocas para Bueiros",102745,"BOCA PARA BUEIRO DUPLO TUBULAR D = 120 CM EM CONCRETO, ALAS COM ESCONSIDADE DE 0°, INCLUINDO FÔRMAS E MATERIAIS. AF_07/2021","UN",9881.8799999999992]
["Bocas para Bueiros",102756,"BOCA PARA BUEIRO DUPLO TUBULAR D = 120 CM EM CONCRETO, ALAS COM ESCONSIDADE DE 30°, INCLUINDO FÔRMAS E MATERIAIS. AF_07/2021","UN",16077.75]
["Bocas para Bueiros",102783,"BOCA PARA BUEIRO DUPLO TUBULAR D = 120 CM EM GABIÃO, ALAS COM ESCONSIDADE DE 45°, INCLUINDO FÔRMAS E MATERIAIS. AF_07/2021","UN",22560.9]
["Bocas para Bueiros",102746,"BOCA PARA BUEIRO DUPLO TUBULAR D = 150 CM EM CONCRETO, ALAS COM ESCONSIDADE DE 0°, INCLUINDO FÔRMAS E MATERIAIS. AF_07/2021","UN",17102.54]
["Bocas para Bueiros",102757,"BOCA PARA BUEIRO DUPLO TUBULAR D = 150 CM EM CONCRETO, ALAS COM ESCONSIDADE DE 30°, INCLUINDO FÔRMAS E MATERIAIS. AF_07/2021","UN",29868.9]
["Bocas para Bueiros",102784,"BOCA PARA BUEIRO DUPLO TUBULAR D = 150 CM EM GABIÃO, ALAS COM ESCONSIDADE DE 45°, INCLUINDO FÔRMAS E MATERIAIS. AF_07/2021","UN",34952.85]
["Bocas para Bueiros",102779,"BOCA PARA BUEIRO DUPLO TUBULAR D = 40 CM EM GABIÃO, ALAS COM ESCONSIDADE DE 45°, INCLUINDO FÔRMAS E MATERIAIS. AF_07/2021","UN",8993.42]
["Bocas para Bueiros",102780,"BOCA PARA BUEIRO DUPLO TUBULAR D = 60 CM EM GABIÃO, ALAS COM ESCONSIDADE DE 45°, INCLUINDO FÔRMAS E MATERIAIS. AF_07/2021","UN",10349.4]
["Bocas para Bueiros",102743,"BOCA PARA BUEIRO DUPLO TUBULAR D = 80 CM EM CONCRETO, ALAS COM ESCONSIDADE DE 0°, INCLUINDO FÔRMAS E MATERIAIS. AF_07/2021","UN",4715.3500000000004]
["Bocas para Bueiros",102781,"BOCA PARA BUEIRO DUPLO TUBULAR D = 80 CM EM GABIÃO, ALAS COM ESCONSIDADE DE 45°, INCLUINDO FÔRMAS E MATERIAIS. AF_07/2021","UN",15329.82]
["Bocas para Bueiros",102761,"BOCA PARA BUEIRO SIMPLES CELULAR 150 X 150 CM EM CONCRETO, ALAS COM ESCONSIDADE DE 30°, INCLUINDO FÔRMAS E MATERIAIS. AF_07/2021","UN",13475.63]
["Bocas para Bueiros",102791,"BOCA PARA BUEIRO SIMPLES CELULAR 150 X 150 CM EM GABIÃO, ALAS COM ESCONSIDADE DE 45°, INCLUINDO FÔRMAS E MATERIAIS. AF_07/2021","UN",32711.88]
["Bocas para Bueiros",102762,"BOCA PARA BUEIRO SIMPLES CELULAR 200 X 200 CM EM CONCRETO, ALAS COM ESCONSIDADE DE 30°, INCLUINDO FÔRMAS E MATERIAIS. AF_07/2021","UN",20746.98]
["Bocas para Bueiros",102792,"BOCA PARA BUEIRO SIMPLES CELULAR 200 X 200 CM EM GABIÃO, ALAS COM ESCONSIDADE DE 45°, INCLUINDO FÔRMAS E MATERIAIS. AF_07/2021","UN",53149.120000000003]
["Bocas para Bueiros",102763,"BOCA PARA BUEIRO SIMPLES CELULAR 250 X 250 CM EM CONCRETO, ALAS COM ESCONSIDADE DE 30°, INCLUINDO FÔRMAS E MATERIAIS. AF_07/2021","UN",28752.12]
["Bocas para Bueiros",102793,"BOCA PARA BUEIRO SIMPLES CELULAR 250 X 250 CM EM GABIÃO, ALAS COM ESCONSIDADE DE 45°, INCLUINDO FÔRMAS E MATERIAIS. AF_07/2021","UN",71473.63]
["Bocas para Bueiros",102764,"BOCA PARA BUEIRO SIMPLES CELULAR 300 X 300 CM EM CONCRETO, ALAS COM ESCONSIDADE DE 30°, INCLUINDO FÔRMAS E MATERIAIS. AF_07/2021","UN",40372.269999999997]
["Bocas para Bueiros",102794,"BOCA PARA BUEIRO SIMPLES CELULAR 300 X 300 CM EM GABIÃO, ALAS COM ESCONSIDADE DE 45°, INCLUINDO FÔRMAS E MATERIAIS. AF_07/2021","UN",102332.41]
["Bocas para Bueiros",102740,"BOCA PARA BUEIRO SIMPLES TUBULAR D = 100 CM EM CONCRETO, ALAS COM ESCONSIDADE DE 0°, INCLUINDO FÔRMAS E MATERIAIS. AF_07/2021","UN",5796.46]
["Bocas para Bueiros",102752,"BOCA PARA BUEIRO SIMPLES TUBULAR D = 100 CM EM CONCRETO, ALAS COM ESCONSIDADE DE 30°, INCLUINDO FÔRMAS E MATERIAIS. AF_07/2021","UN",7769.04]
["Bocas para Bueiros",102776,"BOCA PARA BUEIRO SIMPLES TUBULAR D = 100 CM EM GABIÃO, ALAS COM ESCONSIDADE DE 45°, INCLUINDO FÔRMAS E MATERIAIS. AF_07/2021","UN",13420.46]
["Bocas para Bueiros",102741,"BOCA PARA BUEIRO SIMPLES TUBULAR D = 120 CM EM CONCRETO, ALAS COM ESCONSIDADE DE 0°, INCLUINDO FÔRMAS E MATERIAIS. AF_07/2021","UN",8121.06]
["Bocas para Bueiros",102753,"BOCA PARA BUEIRO SIMPLES TUBULAR D = 120 CM EM CONCRETO, ALAS COM ESCONSIDADE DE 30°, INCLUINDO FÔRMAS E MATERIAIS. AF_07/2021","UN",11470.65]
["Bocas para Bueiros",102777,"BOCA PARA BUEIRO SIMPLES TUBULAR D = 120 CM EM GABIÃO, ALAS COM ESCONSIDADE DE 45°, INCLUINDO FÔRMAS E MATERIAIS. AF_07/2021","UN",20310.240000000002]
["Bocas para Bueiros",102742,"BOCA PARA BUEIRO SIMPLES TUBULAR D = 150 CM EM CONCRETO, ALAS COM ESCONSIDADE DE 0°, INCLUINDO FÔRMAS E MATERIAIS. AF_07/2021","UN",14039.9]
["Bocas para Bueiros",102754,"BOCA PARA BUEIRO SIMPLES TUBULAR D = 150 CM EM CONCRETO, ALAS COM ESCONSIDADE DE 30°, INCLUINDO FÔRMAS E MATERIAIS. AF_07/2021","UN",21777.8]
["Bocas para Bueiros",102778,"BOCA PARA BUEIRO SIMPLES TUBULAR D = 150 CM EM GABIÃO, ALAS COM ESCONSIDADE DE 45°, INCLUINDO FÔRMAS E MATERIAIS. AF_07/2021","UN",30071.98]
["Bocas para Bueiros",102737,"BOCA PARA BUEIRO SIMPLES TUBULAR D = 40 CM EM CONCRETO, ALAS COM ESCONSIDADE DE 0°, INCLUINDO FÔRMAS E MATERIAIS. AF_07/2021","UN",1136.8399999999999]
["Bocas para Bueiros",102773,"BOCA PARA BUEIRO SIMPLES TUBULAR D = 40 CM EM GABIÃO, ALAS COM ESCONSIDADE DE 45°, INCLUINDO FÔRMAS E MATERIAIS. AF_07/2021","UN",8993.42]
["Bocas para Bueiros",102738,"BOCA PARA BUEIRO SIMPLES TUBULAR D = 60 CM EM CONCRETO, ALAS COM ESCONSIDADE DE 0°, INCLUINDO FÔRMAS E MATERIAIS. AF_07/2021","UN",2321.4899999999998]
["Bocas para Bueiros",102750,"BOCA PARA BUEIRO SIMPLES TUBULAR D = 60 CM EM CONCRETO, ALAS COM ESCONSIDADE DE 30°, INCLUINDO FÔRMAS E MATERIAIS. AF_07/2021","UN",2827.26]
["Bocas para Bueiros",102774,"BOCA PARA BUEIRO SIMPLES TUBULAR D = 60 CM EM GABIÃO, ALAS COM ESCONSIDADE DE 45°, INCLUINDO FÔRMAS E MATERIAIS. AF_07/2021","UN",8993.42]
["Bocas para Bueiros",102739,"BOCA PARA BUEIRO SIMPLES TUBULAR D = 80 CM EM CONCRETO, ALAS COM ESCONSIDADE DE 0°, INCLUINDO FÔRMAS E MATERIAIS. AF_07/2021","UN",3875.79]
["Bocas para Bueiros",102751,"BOCA PARA BUEIRO SIMPLES TUBULAR D = 80 CM EM CONCRETO, ALAS COM ESCONSIDADE DE 30°, INCLUINDO FÔRMAS E MATERIAIS. AF_07/2021","UN",4891.1499999999996]
["Bocas para Bueiros",102775,"BOCA PARA BUEIRO SIMPLES TUBULAR D = 80 CM EM GABIÃO, ALAS COM ESCONSIDADE DE 45°, INCLUINDO FÔRMAS E MATERIAIS. AF_07/2021","UN",13420.46]
["Bocas para Bueiros",102769,"BOCA PARA BUEIRO TRIPLO CELULAR 150 X 150 CM EM CONCRETO, ALAS COM ESCONSIDADE DE 30°, INCLUINDO FÔRMAS E MATERIAIS. AF_07/2021","UN",19586.939999999999]
["Bocas para Bueiros",102799,"BOCA PARA BUEIRO TRIPLO CELULAR 150 X 150 CM EM GABIÃO, ALAS COM ESCONSIDADE DE 45°, INCLUINDO FÔRMAS E MATERIAIS. AF_07/2021","UN",35646.550000000003]
["Bocas para Bueiros",102770,"BOCA PARA BUEIRO TRIPLO CELULAR 200 X 200 CM EM CONCRETO, ALAS COM ESCONSIDADE DE 30°, INCLUINDO FÔRMAS E MATERIAIS. AF_07/2021","UN",29957.79]
["Bocas para Bueiros",102800,"BOCA PARA BUEIRO TRIPLO CELULAR 200 X 200 CM EM GABIÃO, ALAS COM ESCONSIDADE DE 45°, INCLUINDO FÔRMAS E MATERIAIS. AF_07/2021","UN",61729.31]
["Bocas para Bueiros",102771,"BOCA PARA BUEIRO TRIPLO CELULAR 250 X 250 CM EM CONCRETO, ALAS COM ESCONSIDADE DE 30°, INCLUINDO FÔRMAS E MATERIAIS. AF_07/2021","UN",41684.68]
["Bocas para Bueiros",102801,"BOCA PARA BUEIRO TRIPLO CELULAR 250 X 250 CM EM GABIÃO, ALAS COM ESCONSIDADE DE 45°, INCLUINDO FÔRMAS E MATERIAIS. AF_07/2021","UN",86386.38]
["Bocas para Bueiros",102772,"BOCA PARA BUEIRO TRIPLO CELULAR 300 X 300 CM EM CONCRETO, ALAS COM ESCONSIDADE DE 30°, INCLUINDO FÔRMAS E MATERIAIS. AF_07/2021","UN",58226.7]
["Bocas para Bueiros",102802,"BOCA PARA BUEIRO TRIPLO CELULAR 300 X 300 CM EM GABIÃO, ALAS COM ESCONSIDADE DE 45°, INCLUINDO FÔRMAS E MATERIAIS. AF_07/2021","UN",103571.13]
["Bocas para Bueiros",102747,"BOCA PARA BUEIRO TRIPLO TUBULAR D = 100 CM EM CONCRETO, ALAS COM ESCONSIDADE DE 0°, INCLUINDO FÔRMAS E MATERIAIS. AF_07/2021","UN",8757.4500000000007]
["Bocas para Bueiros",102758,"BOCA PARA BUEIRO TRIPLO TUBULAR D = 100 CM EM CONCRETO, ALAS COM ESCONSIDADE DE 30°, INCLUINDO FÔRMAS E MATERIAIS. AF_07/2021","UN",13957.57]
["Bocas para Bueiros",102788,"BOCA PARA BUEIRO TRIPLO TUBULAR D = 100 CM EM GABIÃO, ALAS COM ESCONSIDADE DE 45°, INCLUINDO FÔRMAS E MATERIAIS. AF_07/2021","UN",18684.61]
["Bocas para Bueiros",102748,"BOCA PARA BUEIRO TRIPLO TUBULAR D = 120 CM EM CONCRETO, ALAS COM ESCONSIDADE DE 0°, INCLUINDO FÔRMAS E MATERIAIS. AF_07/2021","UN",12229.74]
["Bocas para Bueiros",102759,"BOCA PARA BUEIRO TRIPLO TUBULAR D = 120 CM EM CONCRETO, ALAS COM ESCONSIDADE DE 30°, INCLUINDO FÔRMAS E MATERIAIS. AF_07/2021","UN",20705.43]
["Bocas para Bueiros",102789,"BOCA PARA BUEIRO TRIPLO TUBULAR D = 120 CM EM GABIÃO, ALAS COM ESCONSIDADE DE 45°, INCLUINDO FÔRMAS E MATERIAIS. AF_07/2021","UN",24572.97]
["Bocas para Bueiros",102749,"BOCA PARA BUEIRO TRIPLO TUBULAR D = 150 CM EM CONCRETO, ALAS COM ESCONSIDADE DE 0°, INCLUINDO FÔRMAS E MATERIAIS. AF_07/2021","UN",20965.349999999999]
["Bocas para Bueiros",102760,"BOCA PARA BUEIRO TRIPLO TUBULAR D = 150 CM EM CONCRETO, ALAS COM ESCONSIDADE DE 30°, INCLUINDO FÔRMAS E MATERIAIS. AF_07/2021","UN",38110.79]
["Bocas para Bueiros",102790,"BOCA PARA BUEIRO TRIPLO TUBULAR D = 150 CM EM GABIÃO, ALAS COM ESCONSIDADE DE 45°, INCLUINDO FÔRMAS E MATERIAIS. AF_07/2021","UN",40496.47]
["Bocas para Bueiros",102785,"BOCA PARA BUEIRO TRIPLO TUBULAR D = 40 CM EM GABIÃO, ALAS COM ESCONSIDADE DE 45°, INCLUINDO FÔRMAS E MATERIAIS. AF_07/2021","UN",10349.4]
["Bocas para Bueiros",102786,"BOCA PARA BUEIRO TRIPLO TUBULAR D = 60 CM EM GABIÃO, ALAS COM ESCONSIDADE DE 45°, INCLUINDO FÔRMAS E MATERIAIS. AF_07/2021","UN",11493.3]
["Bocas para Bueiros",102787,"BOCA PARA BUEIRO TRIPLO TUBULAR D = 80 CM EM GABIÃO, ALAS COM ESCONSIDADE DE 45°, INCLUINDO FÔRMAS E MATERIAIS. AF_07/2021","UN",17027.099999999999]
["Bocas para Bueiros",102736,"CONCRETAGEM DE BOCA PARA BUEIRO, FCK = 20 MPA, COM USO DE BOMBA - LANÇAMENTO, ADENSAMENTO E ACABAMENTO. AF_07/2021","M3",726.93]
["Bocas para Bueiros",102727,"FABRICAÇÃO, MONTAGEM E DESMONTAGEM DE FÔRMA PARA BOCA PARA BUEIRO, EM CHAPA DE MADEIRA COMPENSADA RESINADA, E = 17 MM, 2 UTILIZAÇÕES. AF_07/2021","M2",104.49]
["Bombas Hidráulicas - Centrífugas, Horizontais e Submersíveis",102112,"BOMBA CENTRÍFUGA, MONOFÁSICA, 0,5 CV OU 0,49 HP, HM 6 A 20 M, Q 1,2 A 8,3 M3/H (NÃO INCLUI O FORNECIMENTO DA BOMBA). AF_12/2020","UN",163.06]
["Bombas Hidráulicas - Centrífugas, Horizontais e Submersíveis",102111,"BOMBA CENTRÍFUGA, MONOFÁSICA, 0,5 CV OU 0,49 HP, HM 6 A 20 M, Q 1,2 A 8,3 M3/H - FORNECIMENTO E INSTALAÇÃO. AF_12/2020","UN",864.47]
["Bombas Hidráulicas - Centrífugas, Horizontais e Submersíveis",102114,"BOMBA CENTRÍFUGA, TRIFÁSICA, 1 CV OU 0,99 HP, HM 14 A 40 M, Q 0,6 A 8,4 M3/H (NÃO INCLUI O FORNECIMENTO DA BOMBA). AF_12/2020","UN",167.19]
["Bombas Hidráulicas - Centrífugas, Horizontais e Submersíveis",102113,"BOMBA CENTRÍFUGA, TRIFÁSICA, 1 CV OU 0,99 HP, HM 14 A 40 M, Q 0,6 A 8,4 M3/H - FORNECIMENTO E INSTALAÇÃO. AF_12/2020","UN",1349.53]
["Bombas Hidráulicas - Centrífugas, Horizontais e Submersíveis",102117,"BOMBA CENTRÍFUGA, TRIFÁSICA, 1,5 CV OU 1,48 HP (NÃO INCLUI O FORNECIMENTO DA BOMBA). AF_12/2020","UN",172.21]
["Bombas Hidráulicas - Centrífugas, Horizontais e Submersíveis",102116,"BOMBA CENTRÍFUGA, TRIFÁSICA, 1,5 CV OU 1,48 HP, HM 10 A 24 M, Q 6,1 A 21,9 M3/H - FORNECIMENTO E INSTALAÇÃO. AF_12/2020","UN",1439.68]
["Bombas Hidráulicas - Centrífugas, Horizontais e Submersíveis",102132,"BOMBA CENTRÍFUGA, TRIFÁSICA, 1,5 CV OU 1,48 HP, HM 10 A 24 M, Q 6,1 A 21,9 M3/H, 2 UNIDADES, INCLUSO QUADRO ELÉTRICO - FORNECIMENTO E INSTALAÇÃO. AF_12/2020","UN",0]
["Bombas Hidráulicas - Centrífugas, Horizontais e Submersíveis",102115,"BOMBA CENTRÍFUGA, TRIFÁSICA, 1,5 CV OU 1,48 HP, HM 10 A 70 M, Q 1,8 A 5,3 M3/H - FORNECIMENTO E INSTALAÇÃO. AF_12/2020","UN",2337.89]
["Bombas Hidráulicas - Centrífugas, Horizontais e Submersíveis",102123,"BOMBA CENTRÍFUGA, TRIFÁSICA, 10 CV OU 9,86 HP, HM 85 A 140 M, Q 4,2 A 14,9 M3/H (NÃO INCLUI O FORNECIMENTO DA BOMBA). AF_12/2020","UN",234.57]
["Bombas Hidráulicas - Centrífugas, Horizontais e Submersíveis",102122,"BOMBA CENTRÍFUGA, TRIFÁSICA, 10 CV OU 9,86 HP, HM 85 A 140 M, Q 4,2 A 14,9 M3/H - FORNECIMENTO E INSTALAÇÃO. AF_12/2020","UN",6471.87]
["Bombas Hidráulicas - Centrífugas, Horizontais e Submersíveis",102119,"BOMBA CENTRÍFUGA, TRIFÁSICA, 3 CV OU 2,96 HP, HM 34 A 40 M, Q 8,6 A 14,8 M3/H (NÃO INCLUI O FORNECIMENTO DA BOMBA). AF_12/2020","UN",176.53]
["Bombas Hidráulicas - Centrífugas, Horizontais e Submersíveis",102118,"BOMBA CENTRÍFUGA, TRIFÁSICA, 3 CV OU 2,96 HP, HM 34 A 40 M, Q 8,6 A 14,8 M3/H - FORNECIMENTO E INSTALAÇÃO. AF_12/2020","UN",1945.05]
["Bombas Hidráulicas - Centrífugas, Horizontais e Submersíveis",102133,"BOMBA CENTRÍFUGA, TRIFÁSICA, 3 CV OU 2,96 HP, HM 34 A 40 M, Q 8,6 A 14,8 M3/H, 2 UNIDADES, INCLUSO QUADRO ELÉTRICO - FORNECIMENTO E INSTALAÇÃO. AF_12/2020","UN",0]
["Bombas Hidráulicas - Centrífugas, Horizontais e Submersíveis",102127,"BOMBA SUBMERSÍVEL, TRIFÁSICA, 3,80 CV OU 3,75 HP, HM 5 A 25,5 M, Q 3,6 A 61,2 M3/H (NÃO INCLUI O FORNECIMENTO DA BOMBA). AF_12/2020","UN",683.81]
["Bombas Hidráulicas - Centrífugas, Horizontais e Submersíveis",102126,"BOMBA SUBMERSÍVEL, TRIFÁSICA, 3,80 CV OU 3,75 HP, HM 5 A 25,5 M, Q 3,6 A 61,2 M3/H - FORNECIMENTO E INSTALAÇÃO. AF_12/2020","UN",8511.42]
["Bombas Hidráulicas - Centrífugas, Horizontais e Submersíveis",102137,"CHAVE DE BOIA AUTOMÁTICA SUPERIOR/INFERIOR 15A/250V - FORNECIMENTO E INSTALAÇÃO. AF_12/2020","UN",84.17]
["Bombas Hidráulicas - Centrífugas, Horizontais e Submersíveis",102136,"INSTALAÇÃO DE QUADRO ELÉTRICO PARA BOMBAS TRIFÁSICAS ATÉ 25 CV (NÃO INCLUI O FORNECIMENTO DO QUADRO). AF_12/2020","UN",84.31]
["Bombas Hidráulicas - Centrífugas, Horizontais e Submersíveis",102121,"MOTO BOMBA HORIZONTAL ATÉ 10 CV, HM 75 A 80 M, Q 25,4 A 48 (NÃO INCLUI O FORNECIMENTO DA BOMBA). AF_12/2020","UN",221.7]
["Bombas Hidráulicas - Centrífugas, Horizontais e Submersíveis",102120,"MOTO BOMBA HORIZONTAL ATÉ 10 CV, HM 75 A 80 M, Q 25,4 A 48 - FORNECIMENTO E INSTALAÇÃO. AF_12/2020","UN",0]
["Bombas Hidráulicas - Centrífugas, Horizontais e Submersíveis",102138,"MOTO BOMBA HORIZONTAL DE 12,5 A 25 CV, HM 140 M (NÃO INCLUI O FORNECIMENTO DA BOMBA). AF_12/2020","UN",255.52]
["Bombas Hidráulicas - Centrífugas, Horizontais e Submersíveis",102334,"MOTO BOMBA HORIZONTAL DE 12,5 A 25CV, HM 140 M - FORNECIMENTO E INSTALAÇÃO. AF_12/2020","UN",0]
["Bombas Hidráulicas - Centrífugas, Horizontais e Submersíveis",102129,"MOTO BOMBA SUBMERSÍVEL ATÉ 10 CV, HM 21 M (NÃO INCLUI O FORNECIMENTO DA BOMBA). AF_12/2020","UN",976.22]
["Bombas Hidráulicas - Centrífugas, Horizontais e Submersíveis",102128,"MOTO BOMBA SUBMERSÍVEL ATÉ 10 CV, HM 21 M - FORNECIMENTO E INSTALAÇÃO. AF_12/2020","UN",0]
["Bombas Hidráulicas - Centrífugas, Horizontais e Submersíveis",102131,"MOTO BOMBA SUBMERSÍVEL DE 11 A 25 CV, HM 33 M (NÃO INCLUI O FORNECIMENTO DA BOMBA). AF_12/2020","UN",976.22]
["Bombas Hidráulicas - Centrífugas, Horizontais e Submersíveis",102130,"MOTO BOMBA SUBMERSÍVEL DE 11 A 25 CV, HM 33 M - FORNECIMENTO E INSTALAÇÃO. AF_12/2020","UN",0]
["Bombas Hidráulicas - Centrífugas, Horizontais e Submersíveis",102134,"QUADRO ELÉTRICO PARA 2 BOMBAS CENTRÍFUGAS TRIFÁSICAS 1,5 CV - FORNECIMENTO E INSTALAÇÃO. AF_12/2020","UN",0]
["Bombas Hidráulicas - Centrífugas, Horizontais e Submersíveis",102135,"QUADRO ELÉTRICO PARA 2 BOMBAS CENTRÍFUGAS TRIFÁSICAS 3 CV - FORNECIMENTO E INSTALAÇÃO. AF_12/2020","UN",0]
["Brises",104941,"FORNECIMENTO E INSTALAÇÃO DE BRISE DE ALUMÍNIO B57, COM PINTURA ELETROSTÁTICA BRANCA, ACABAMENTO LISO, FIXADO EM PORTA-PAINEL RANHURADO. AF_03/2024","M2",0]
["Brises",104942,"FORNECIMENTO E INSTALAÇÃO DE BRISE DE ALUZINC SL4, COM PINTURA ELETROSTÁTICA BRANCA, INCLINAÇÃO DE 45°, ACABAMENTO LISO, FIXADO EM PORTA-PAINEL RANHURADO. AF_03/2024","M2",0]
["Brises",104940,"FORNECIMENTO E INSTALAÇÃO DE CAIXA DE ALUMÍNIO PROTETORA PARA CONDENSADORA DE AR-CONDICIONADO, PINTURA ELETROSTÁTICA BRANCA, DIMENSÕES 100 CM X 78 CM X 50 CM. AF_03/2024","UN",0]
["Brises",104943,"FORNECIMENTO E INSTALAÇÃO DE CONJUNTO DE BRISE EM REQUADRO DE ALUMÍNIO DESLIZANTE, COM PERFIS INTERNOS TUBULARES FIXOS, COM PINTURA ELETROSTÁTICA BRANCA, ACABAMENTO, 150 CM X 265 CM. AF_03/2024","M2",0]
["Caixas Enterradas",101801,"CAIXA COM GRELHA RETANGULAR DE FERRO FUNDIDO, EM ALVENARIA COM BLOCOS DE CONCRETO, DIMENSÕES INTERNAS: 0,30 X 1,00 X 1,00. AF_12/2020","UN",1188.1500000000001]
["Caixas Enterradas",101800,"CAIXA COM GRELHA RETANGULAR DE FERRO FUNDIDO, EM ALVENARIA COM TIJOLOS CERÂMICOS MACIÇOS, DIMENSÕES INTERNAS: 0,30 X 1,00 X 1,00. AF_12/2020","UN",1690.24]
["Caixas Enterradas",98108,"CAIXA DE GORDURA DUPLA (CAPACIDADE: 126 L), RETANGULAR, EM ALVENARIA COM BLOCOS DE CONCRETO, DIMENSÕES INTERNAS = 0,4X0,7 M, ALTURA INTERNA = 0,8 M. AF_12/2020","UN",535.23]
["Caixas Enterradas",98105,"CAIXA DE GORDURA DUPLA (CAPACIDADE: 126 L), RETANGULAR, EM ALVENARIA COM TIJOLOS CERÂMICOS MACIÇOS, DIMENSÕES INTERNAS = 0,4X0,7 M, ALTURA INTERNA = 0,8 M. AF_12/2020","UN",717]
["Caixas Enterradas",98109,"CAIXA DE GORDURA ESPECIAL (CAPACIDADE: 312 L - PARA ATÉ 146 PESSOAS SERVIDAS NO PICO), RETANGULAR, EM ALVENARIA COM BLOCOS DE CONCRETO, DIMENSÕES INTERNAS = 0,4X1,2 M, ALTURA INTERNA = 1 M. AF_12/2020","UN",868.16]
["Caixas Enterradas",98106,"CAIXA DE GORDURA ESPECIAL (CAPACIDADE: 312 L - PARA ATÉ 146 PESSOAS SERVIDAS NO PICO), RETANGULAR, EM ALVENARIA COM TIJOLOS CERÂMICOS MACIÇOS, DIMENSÕES INTERNAS = 0,4X1,2 M, ALTURA INTERNA = 1 M. AF_12/2020","UN",1183.1600000000001]
["Caixas Enterradas",98110,"CAIXA DE GORDURA PEQUENA (CAPACIDADE: 19 L), CIRCULAR, EM PVC, DIÂMETRO INTERNO= 0,3 M. AF_12/2020","UN",324.8]
["Caixas Enterradas",98107,"CAIXA DE GORDURA SIMPLES (CAPACIDADE: 36 L), RETANGULAR, EM ALVENARIA COM BLOCOS DE CONCRETO, DIMENSÕES INTERNAS = 0,2X0,4 M, ALTURA INTERNA = 0,8 M. AF_12/2020","UN",297.83]
["Caixas Enterradas",98104,"CAIXA DE GORDURA SIMPLES (CAPACIDADE: 36L), RETANGULAR, EM ALVENARIA COM TIJOLOS CERÂMICOS MACIÇOS, DIMENSÕES INTERNAS = 0,2X0,4 M, ALTURA INTERNA = 0,8 M. AF_12/2020","UN",410.4]
["Caixas Enterradas",98102,"CAIXA DE GORDURA SIMPLES, CIRCULAR, EM CONCRETO PRÉ-MOLDADO, DIÂMETRO INTERNO = 0,4 M, ALTURA INTERNA = 0,4 M. AF_12/2020","UN",181.56]
["Caixas Enterradas",98111,"CAIXA DE INSPEÇÃO PARA ATERRAMENTO, CIRCULAR, EM POLIETILENO, DIÂMETRO INTERNO = 0,3 M. AF_12/2020","UN",46.72]
["Caixas Enterradas",97891,"CAIXA ENTERRADA ELÉTRICA RETANGULAR, EM ALVENARIA COM BLOCOS DE CONCRETO, FUNDO COM BRITA, DIMENSÕES INTERNAS: 0,4X0,4X0,4 M. AF_12/2020","UN",222.72]
["Caixas Enterradas",97892,"CAIXA ENTERRADA ELÉTRICA RETANGULAR, EM ALVENARIA COM BLOCOS DE CONCRETO, FUNDO COM BRITA, DIMENSÕES INTERNAS: 0,6X0,6X0,6 M. AF_12/2020","UN",416.01]
["Caixas Enterradas",97893,"CAIXA ENTERRADA ELÉTRICA RETANGULAR, EM ALVENARIA COM BLOCOS DE CONCRETO, FUNDO COM BRITA, DIMENSÕES INTERNAS: 0,8X0,8X0,6 M. AF_12/2020","UN",576.21]
["Caixas Enterradas",97894,"CAIXA ENTERRADA ELÉTRICA RETANGULAR, EM ALVENARIA COM BLOCOS DE CONCRETO, FUNDO COM BRITA, DIMENSÕES INTERNAS: 1X1X0,6 M. AF_12/2020","UN",639.79999999999995]
["Caixas Enterradas",97886,"CAIXA ENTERRADA ELÉTRICA RETANGULAR, EM ALVENARIA COM TIJOLOS CERÂMICOS MACIÇOS, FUNDO COM BRITA, DIMENSÕES INTERNAS: 0,3X0,3X0,3 M. AF_12/2020","UN",186.01]
["Caixas Enterradas",97887,"CAIXA ENTERRADA ELÉTRICA RETANGULAR, EM ALVENARIA COM TIJOLOS CERÂMICOS MACIÇOS, FUNDO COM BRITA, DIMENSÕES INTERNAS: 0,4X0,4X0,4 M. AF_12/2020","UN",293.07]
["Caixas Enterradas",97888,"CAIXA ENTERRADA ELÉTRICA RETANGULAR, EM ALVENARIA COM TIJOLOS CERÂMICOS MACIÇOS, FUNDO COM BRITA, DIMENSÕES INTERNAS: 0,6X0,6X0,6 M. AF_12/2020","UN",564.71]
["Caixas Enterradas",97889,"CAIXA ENTERRADA ELÉTRICA RETANGULAR, EM ALVENARIA COM TIJOLOS CERÂMICOS MACIÇOS, FUNDO COM BRITA, DIMENSÕES INTERNAS: 0,8X0,8X0,6 M. AF_12/2020","UN",765.85]
["Caixas Enterradas",97890,"CAIXA ENTERRADA ELÉTRICA RETANGULAR, EM ALVENARIA COM TIJOLOS CERÂMICOS MACIÇOS, FUNDO COM BRITA, DIMENSÕES INTERNAS: 1X1X0,6 M. AF_12/2020","UN",869.61]
["Caixas Enterradas",97881,"CAIXA ENTERRADA ELÉTRICA RETANGULAR, EM CONCRETO PRÉ-MOLDADO, FUNDO COM BRITA, DIMENSÕES INTERNAS: 0,3X0,3X0,3 M. AF_12/2020","UN",142.32]
["Caixas Enterradas",97882,"CAIXA ENTERRADA ELÉTRICA RETANGULAR, EM CONCRETO PRÉ-MOLDADO, FUNDO COM BRITA, DIMENSÕES INTERNAS: 0,4X0,4X0,4 M. AF_12/2020","UN",224.65]
["Caixas Enterradas",97883,"CAIXA ENTERRADA ELÉTRICA RETANGULAR, EM CONCRETO PRÉ-MOLDADO, FUNDO COM BRITA, DIMENSÕES INTERNAS: 0,6X0,6X0,5 M. AF_12/2020","UN",433.96]
["Caixas Enterradas",97884,"CAIXA ENTERRADA ELÉTRICA RETANGULAR, EM CONCRETO PRÉ-MOLDADO, FUNDO COM BRITA, DIMENSÕES INTERNAS: 0,8X0,8X0,5 M. AF_12/2020","UN",848.36]
["Caixas Enterradas",97885,"CAIXA ENTERRADA ELÉTRICA RETANGULAR, EM CONCRETO PRÉ-MOLDADO, FUNDO COM BRITA, DIMENSÕES INTERNAS: 1X1X0,5 M. AF_12/2020","UN",1304.52]
["Caixas Enterradas",99250,"CAIXA ENTERRADA HIDRÁULICA RETANGULAR EM ALVENARIA COM TIJOLOS CERÂMICOS MACIÇOS, DIMENSÕES INTERNAS: 0,3X0,3X0,3 M PARA REDE DE DRENAGEM. AF_12/2020","UN",203.54]
["Caixas Enterradas",97900,"CAIXA ENTERRADA HIDRÁULICA RETANGULAR EM ALVENARIA COM TIJOLOS CERÂMICOS MACIÇOS, DIMENSÕES INTERNAS: 0,3X0,3X0,3 M PARA REDE DE ESGOTO. AF_12/2020","UN",208.12]
["Caixas Enterradas",99251,"CAIXA ENTERRADA HIDRÁULICA RETANGULAR EM ALVENARIA COM TIJOLOS CERÂMICOS MACIÇOS, DIMENSÕES INTERNAS: 0,4X0,4X0,4 M PARA REDE DE DRENAGEM. AF_12/2020","UN",319.19]
["Caixas Enterradas",97901,"CAIXA ENTERRADA HIDRÁULICA RETANGULAR EM ALVENARIA COM TIJOLOS CERÂMICOS MACIÇOS, DIMENSÕES INTERNAS: 0,4X0,4X0,4 M PARA REDE DE ESGOTO. AF_12/2020","UN",327.05]
["Caixas Enterradas",99253,"CAIXA ENTERRADA HIDRÁULICA RETANGULAR EM ALVENARIA COM TIJOLOS CERÂMICOS MACIÇOS, DIMENSÕES INTERNAS: 0,6X0,6X0,6 M PARA REDE DE DRENAGEM. AF_12/2020","UN",617.03]
["Caixas Enterradas",97902,"CAIXA ENTERRADA HIDRÁULICA RETANGULAR EM ALVENARIA COM TIJOLOS CERÂMICOS MACIÇOS, DIMENSÕES INTERNAS: 0,6X0,6X0,6 M PARA REDE DE ESGOTO. AF_12/2020","UN",634.66999999999996]
["Caixas Enterradas",99255,"CAIXA ENTERRADA HIDRÁULICA RETANGULAR EM ALVENARIA COM TIJOLOS CERÂMICOS MACIÇOS, DIMENSÕES INTERNAS: 0,8X0,8X0,6 M PARA REDE DE DRENAGEM. AF_12/2020","UN",860]
["Caixas Enterradas",97903,"CAIXA ENTERRADA HIDRÁULICA RETANGULAR EM ALVENARIA COM TIJOLOS CERÂMICOS MACIÇOS, DIMENSÕES INTERNAS: 0,8X0,8X0,6 M PARA REDE DE ESGOTO. AF_12/2020","UN",884.19]
["Caixas Enterradas",99257,"CAIXA ENTERRADA HIDRÁULICA RETANGULAR EM ALVENARIA COM TIJOLOS CERÂMICOS MACIÇOS, DIMENSÕES INTERNAS: 1X1X0,6 M PARA REDE DE DRENAGEM. AF_12/2020","UN",1011.79]
["Caixas Enterradas",97904,"CAIXA ENTERRADA HIDRÁULICA RETANGULAR EM ALVENARIA COM TIJOLOS CERÂMICOS MACIÇOS, DIMENSÕES INTERNAS: 1X1X0,6 M PARA REDE DE ESGOTO. AF_12/2020","UN",1043.08]
["Caixas Enterradas",99258,"CAIXA ENTERRADA HIDRÁULICA RETANGULAR, EM ALVENARIA COM BLOCOS DE CONCRETO, DIMENSÕES INTERNAS: 0,4X0,4X0,4 M PARA REDE DE DRENAGEM. AF_12/2020","UN",259.02999999999997]
["Caixas Enterradas",97905,"CAIXA ENTERRADA HIDRÁULICA RETANGULAR, EM ALVENARIA COM BLOCOS DE CONCRETO, DIMENSÕES INTERNAS: 0,4X0,4X0,4 M PARA REDE DE ESGOTO. AF_12/2020","UN",264.02]
["Caixas Enterradas",99260,"CAIXA ENTERRADA HIDRÁULICA RETANGULAR, EM ALVENARIA COM BLOCOS DE CONCRETO, DIMENSÕES INTERNAS: 0,6X0,6X0,6 M PARA REDE DE DRENAGEM. AF_12/2020","UN",478.07]
["Caixas Enterradas",97906,"CAIXA ENTERRADA HIDRÁULICA RETANGULAR, EM ALVENARIA COM BLOCOS DE CONCRETO, DIMENSÕES INTERNAS: 0,6X0,6X0,6 M PARA REDE DE ESGOTO. AF_12/2020","UN",489.18]
["Caixas Enterradas",99262,"CAIXA ENTERRADA HIDRÁULICA RETANGULAR, EM ALVENARIA COM BLOCOS DE CONCRETO, DIMENSÕES INTERNAS: 0,8X0,8X0,6 M PARA REDE DE DRENAGEM. AF_12/2020","UN",682.68]
["Caixas Enterradas",97907,"CAIXA ENTERRADA HIDRÁULICA RETANGULAR, EM ALVENARIA COM BLOCOS DE CONCRETO, DIMENSÕES INTERNAS: 0,8X0,8X0,6 M PARA REDE DE ESGOTO. AF_12/2020","UN",698.53]
["Caixas Enterradas",99264,"CAIXA ENTERRADA HIDRÁULICA RETANGULAR, EM ALVENARIA COM BLOCOS DE CONCRETO, DIMENSÕES INTERNAS: 1X1X0,6 M PARA REDE DE DRENAGEM. AF_12/2020","UN",801.98]
["Caixas Enterradas",97908,"CAIXA ENTERRADA HIDRÁULICA RETANGULAR, EM ALVENARIA COM BLOCOS DE CONCRETO, DIMENSÕES INTERNAS: 1X1X0,6 M PARA REDE DE ESGOTO. AF_12/2020","UN",823.41]
["Caixas Enterradas",97895,"CAIXA ENTERRADA HIDRÁULICA RETANGULAR, EM CONCRETO PRÉ-MOLDADO, DIMENSÕES INTERNAS: 0,3X0,3X0,3 M. AF_12/2020","UN",190.22]
["Caixas Enterradas",97896,"CAIXA ENTERRADA HIDRÁULICA RETANGULAR, EM CONCRETO PRÉ-MOLDADO, DIMENSÕES INTERNAS: 0,4X0,4X0,4 M. AF_12/2020","UN",352.97]
["Caixas Enterradas",97897,"CAIXA ENTERRADA HIDRÁULICA RETANGULAR, EM CONCRETO PRÉ-MOLDADO, DIMENSÕES INTERNAS: 0,6X0,6X0,5 M. AF_12/2020","UN",459.26]
["Caixas Enterradas",97898,"CAIXA ENTERRADA HIDRÁULICA RETANGULAR, EM CONCRETO PRÉ-MOLDADO, DIMENSÕES INTERNAS: 0,8X0,8X0,5 M. AF_12/2020","UN",895.85]
["Caixas Enterradas",97899,"CAIXA ENTERRADA HIDRÁULICA RETANGULAR, EM CONCRETO PRÉ-MOLDADO, DIMENSÕES INTERNAS: 1X1X0,5 M. AF_12/2020","UN",0]
["Caixas Enterradas",101795,"CAIXA ENTERRADA PARA INSTALAÇÕES TELEFÔNICAS TIPO R1, EM ALVENARIA COM BLOCOS DE CONCRETO, DIMENSÕES INTERNAS: 0,35X0,60X0,60 M, EXCLUINDO TAMPÃO. AF_12/2020","UN",623.62]
["Caixas Enterradas",101796,"CAIXA ENTERRADA PARA INSTALAÇÕES TELEFÔNICAS TIPO R2, EM ALVENARIA COM BLOCOS DE CONCRETO, DIMENSÕES INTERNAS: 0,52X1,07X0,60 M, EXCLUINDO TAMPÃO. AF_12/2020","UN",0]
["Caixas Enterradas",101797,"CAIXA ENTERRADA PARA INSTALAÇÕES TELEFÔNICAS TIPO R3, EM ALVENARIA COM BLOCOS DE CONCRETO, DIMENSÕES INTERNAS: 1,2X1,5X1,40 M, EXCLUINDO TAMPÃO. AF_12/2020","UN",0]
["Caixas Enterradas",101802,"CAIXA ENTERRADA RETENTORA DE AREIA RETANGULAR, EM ALVENARIA COM BLOCOS DE CONCRETO, DIMENSÕES INTERNAS: 1,00 X 1,00 X 1,20 M, EXCLUINDO TAMPÃO. AF_12/2020","UN",1819.47]
["Caixas Enterradas",101803,"CAIXA ENTERRADA SEPARADORA DE ÓLEO RETANGULAR, EM ALVENARIA COM BLOCOS DE CONCRETO, DIMENSÕES INTERNAS: 0,6 X 0,6 X 1,00 M, EXCLUINDO TAMPÃO. AF_12/2020","UN",1165.1300000000001]
["Caixas Enterradas",101804,"CAIXA ENTERRADA SEPARADORA DE ÓLEO RETANGULAR, EM ALVENARIA COM BLOCOS DE CONCRETO, DIMENSÕES INTERNAS: 0,8 X 0,8 X 1,00 M, EXCLUINDO TAMPÃO. AF_12/2020","UN",1466.27]
["Caixas Enterradas",101805,"CAIXA ENTERRADA SEPARADORA DE ÓLEO RETANGULAR, EM ALVENARIA COM BLOCOS DE CONCRETO, DIMENSÕES INTERNAS: 1,00 X 1,00 X 1,00 M, EXCLUINDO TAMPÃO. AF_12/2020","UN",1872.46]
["Caixas Enterradas",98115,"TAMPA CIRCULAR PARA ESGOTO E DRENAGEM, EM CONCRETO PRÉ-MOLDADO, DIÂMETRO INTERNO = 0,60 M E ALTURA = 0,10 M. AF_12/2020","UN",109.77]
["Caixas Enterradas",98114,"TAMPA CIRCULAR PARA ESGOTO E DRENAGEM, EM FERRO FUNDIDO, DIÂMETRO INTERNO = 0,6 M. AF_12/2020","UN",801.76]
["Caixas Enterradas",98112,"TIL (TUBO DE INSPEÇÃO E LIMPEZA) CONDOMINIAL PARA ESGOTO, EM PVC, DN 100 X 100 MM. AF_12/2020","UN",89.16]
["Caixas Enterradas",100128,"TIL (TUBO DE INSPEÇÃO E LIMPEZA) RADIAL PARA ESGOTO, EM PVC, DN 300X200 MM. AF_12/2020","UN",1342.29]
["Caixas de Água para Edificações",102623,"CAIXA D´ÁGUA EM POLIETILENO, 1000 LITROS (INCLUSOS TUBOS, CONEXÕES E TORNEIRA DE BÓIA) - FORNECIMENTO E INSTALAÇÃO. AF_06/2021","UN",806.34]
["Caixas de Água para Edificações",102607,"CAIXA D´ÁGUA EM POLIETILENO, 1000 LITROS - FORNECIMENTO E INSTALAÇÃO. AF_06/2021","UN",442.81]
["Caixas de Água para Edificações",102608,"CAIXA D´ÁGUA EM POLIETILENO, 1500 LITROS - FORNECIMENTO E INSTALAÇÃO. AF_06/2021","UN",1013.6]
["Caixas de Água para Edificações",102609,"CAIXA D´ÁGUA EM POLIETILENO, 2000 LITROS - FORNECIMENTO E INSTALAÇÃO. AF_06/2021","UN",1152.1199999999999]
["Caixas de Água para Edificações",102610,"CAIXA D´ÁGUA EM POLIETILENO, 3000 LITROS - FORNECIMENTO E INSTALAÇÃO. AF_06/2021","UN",1978.96]
["Caixas de Água para Edificações",102622,"CAIXA D´ÁGUA EM POLIETILENO, 500 LITROS (INCLUSOS TUBOS, CONEXÕES E TORNEIRA DE BÓIA) - FORNECIMENTO E INSTALAÇÃO. AF_06/2021","UN",583.46]
["Caixas de Água para Edificações",102605,"CAIXA D´ÁGUA EM POLIETILENO, 500 LITROS - FORNECIMENTO E INSTALAÇÃO. AF_06/2021","UN",268.58]
["Caixas de Água para Edificações",102606,"CAIXA D´ÁGUA EM POLIETILENO, 750 LITROS - FORNECIMENTO E INSTALAÇÃO. AF_06/2021","UN",413.54]
["Caixas de Água para Edificações",102613,"CAIXA D´ÁGUA EM POLIÉSTER REFORÇADO COM FIBRA DE VIDRO, 1000 LITROS - FORNECIMENTO E INSTALAÇÃO. AF_06/2021","UN",620.16999999999996]
["Caixas de Água para Edificações",102619,"CAIXA D´ÁGUA EM POLIÉSTER REFORÇADO COM FIBRA DE VIDRO, 10000 LITROS - FORNECIMENTO E INSTALAÇÃO. AF_06/2021","UN",5364.7]
["Caixas de Água para Edificações",102614,"CAIXA D´ÁGUA EM POLIÉSTER REFORÇADO COM FIBRA DE VIDRO, 1500 LITROS - FORNECIMENTO E INSTALAÇÃO. AF_06/2021","UN",953.23]
["Caixas de Água para Edificações",102620,"CAIXA D´ÁGUA EM POLIÉSTER REFORÇADO COM FIBRA DE VIDRO, 15000 LITROS - FORNECIMENTO E INSTALAÇÃO. AF_06/2021","UN",7752.4]
["Caixas de Água para Edificações",102615,"CAIXA D´ÁGUA EM POLIÉSTER REFORÇADO COM FIBRA DE VIDRO, 2000 LITROS - FORNECIMENTO E INSTALAÇÃO. AF_06/2021","UN",1196.29]
["Caixas de Água para Edificações",102621,"CAIXA D´ÁGUA EM POLIÉSTER REFORÇADO COM FIBRA DE VIDRO, 20000 LITROS - FORNECIMENTO E INSTALAÇÃO. AF_06/2021","UN",11867.02]
["Caixas de Água para Edificações",102616,"CAIXA D´ÁGUA EM POLIÉSTER REFORÇADO COM FIBRA DE VIDRO, 3000 LITROS - FORNECIMENTO E INSTALAÇÃO. AF_06/2021","UN",1770.51]
["Caixas de Água para Edificações",102611,"CAIXA D´ÁGUA EM POLIÉSTER REFORÇADO COM FIBRA DE VIDRO, 500 LITROS - FORNECIMENTO E INSTALAÇÃO. AF_06/2021","UN",445.66]
["Caixas de Água para Edificações",102617,"CAIXA D´ÁGUA EM POLIÉSTER REFORÇADO COM FIBRA DE VIDRO, 5000 LITROS - FORNECIMENTO E INSTALAÇÃO. AF_06/2021","UN",3356.73]
["Caixas de Água para Edificações",102618,"CAIXA D´ÁGUA EM POLIÉSTER REFORÇADO COM FIBRA DE VIDRO, 7000 LITROS - FORNECIMENTO E INSTALAÇÃO. AF_06/2021","UN",4019.68]
["Caixas de Água para Edificações",102612,"CAIXA D´ÁGUA EM POLIÉSTER REFORÇADO COM FIBRA DE VIDRO, 750 LITROS - FORNECIMENTO E INSTALAÇÃO. AF_06/2021","UN",639.49]
["Caixas de Água para Edificações",102603,"FURO EM CAIXA D'ÁGUA COM ESPESSURA DE 2 ATÉ 5 MM E DIÂMETRO DE 100 MM. AF_06/2021","UN",11.68]
["Caixas de Água para Edificações",102587,"FURO EM CAIXA D'ÁGUA COM ESPESSURA DE 2 ATÉ 5 MM E DIÂMETRO DE 15 MM. AF_06/2021","UN",4]
["Caixas de Água para Edificações",102589,"FURO EM CAIXA D'ÁGUA COM ESPESSURA DE 2 ATÉ 5 MM E DIÂMETRO DE 20 MM. AF_06/2021","UN",4.46]
["Caixas de Água para Edificações",102591,"FURO EM CAIXA D'ÁGUA COM ESPESSURA DE 2 ATÉ 5 MM E DIÂMETRO DE 25 MM. AF_06/2021","UN",4.91]
["Caixas de Água para Edificações",102593,"FURO EM CAIXA D'ÁGUA COM ESPESSURA DE 2 ATÉ 5 MM E DIÂMETRO DE 32 MM. AF_06/2021","UN",5.54]
["Caixas de Água para Edificações",102595,"FURO EM CAIXA D'ÁGUA COM ESPESSURA DE 2 ATÉ 5 MM E DIÂMETRO DE 40 MM. AF_06/2021","UN",6.26]
["Caixas de Água para Edificações",102597,"FURO EM CAIXA D'ÁGUA COM ESPESSURA DE 2 ATÉ 5 MM E DIÂMETRO DE 50 MM. AF_06/2021","UN",7.17]
["Caixas de Água para Edificações",102599,"FURO EM CAIXA D'ÁGUA COM ESPESSURA DE 2 ATÉ 5 MM E DIÂMETRO DE 60 MM. AF_06/2021","UN",8.06]
["Caixas de Água para Edificações",102601,"FURO EM CAIXA D'ÁGUA COM ESPESSURA DE 2 ATÉ 5 MM E DIÂMETRO DE 75 MM. AF_06/2021","UN",9.43]
["Caixas de Água para Edificações",102604,"FURO EM CAIXA D'ÁGUA COM ESPESSURA DE 6 ATÉ 8 MM E DIÂMETRO DE 100 MM. AF_06/2021","UN",13.48]
["Caixas de Água para Edificações",102588,"FURO EM CAIXA D'ÁGUA COM ESPESSURA DE 6 ATÉ 8 MM E DIÂMETRO DE 15 MM. AF_06/2021","UN",5.79]
["Caixas de Água para Edificações",102590,"FURO EM CAIXA D'ÁGUA COM ESPESSURA DE 6 ATÉ 8 MM E DIÂMETRO DE 20 MM. AF_06/2021","UN",6.25]
["Caixas de Água para Edificações",102592,"FURO EM CAIXA D'ÁGUA COM ESPESSURA DE 6 ATÉ 8 MM E DIÂMETRO DE 25 MM. AF_06/2021","UN",6.7]
["Caixas de Água para Edificações",102594,"FURO EM CAIXA D'ÁGUA COM ESPESSURA DE 6 ATÉ 8 MM E DIÂMETRO DE 32 MM. AF_06/2021","UN",7.33]
["Caixas de Água para Edificações",102596,"FURO EM CAIXA D'ÁGUA COM ESPESSURA DE 6 ATÉ 8 MM E DIÂMETRO DE 40 MM. AF_06/2021","UN",8.06]
["Caixas de Água para Edificações",102598,"FURO EM CAIXA D'ÁGUA COM ESPESSURA DE 6 ATÉ 8 MM E DIÂMETRO DE 50 MM. AF_06/2021","UN",8.9600000000000009]
["Caixas de Água para Edificações",102600,"FURO EM CAIXA D'ÁGUA COM ESPESSURA DE 6 ATÉ 8 MM E DIÂMETRO DE 60 MM. AF_06/2021","UN",9.86]
["Caixas de Água para Edificações",102602,"FURO EM CAIXA D'ÁGUA COM ESPESSURA DE 6 ATÉ 8 MM E DIÂMETRO DE 75 MM. AF_06/2021","UN",11.21]
["Canaletas, Grelhas e Caixas com Grelha para Drenagem",103005,"CAIXA COM GRELHA RETANGULAR DE FERRO FUNDIDO, EM ALVENARIA COM TIJOLOS CERÂMICOS MACIÇOS, DIMENSÕES INTERNAS: 0,15 X 1,00 X 0,3 M. AF_05/2025","UN",718.49]
["Canaletas, Grelhas e Caixas com Grelha para Drenagem",103006,"CAIXA COM GRELHA RETANGULAR DE FERRO FUNDIDO, EM ALVENARIA COM TIJOLOS CERÂMICOS MACIÇOS, DIMENSÕES INTERNAS: 0,20 X 1,00 X 0,4 M. AF_05/2025","UN",911.83]
["Canaletas, Grelhas e Caixas com Grelha para Drenagem",103007,"CAIXA COM GRELHA RETANGULAR DE FERRO FUNDIDO, EM ALVENARIA COM TIJOLOS CERÂMICOS MACIÇOS, DIMENSÕES INTERNAS: 0,30 X 1,00 X 0,5 M. AF_05/2025","UN",1212.08]
["Canaletas, Grelhas e Caixas com Grelha para Drenagem",103004,"CANALETA DE CONCRETO POLIMÉRICO COM GRELHA, LARGURA DE 13 CM - FORNECIMENTO E INSTALAÇÃO. AF_05/2025","M",0]
["Canaletas, Grelhas e Caixas com Grelha para Drenagem",102989,"CANALETA MEIA CANA PRÉ-MOLDADA DE CONCRETO (D = 20 CM) - FORNECIMENTO E INSTALAÇÃO. AF_05/2025","M",36.79]
["Canaletas, Grelhas e Caixas com Grelha para Drenagem",102990,"CANALETA MEIA CANA PRÉ-MOLDADA DE CONCRETO (D = 30 CM) - FORNECIMENTO E INSTALAÇÃO. AF_05/2025","M",46.47]
["Canaletas, Grelhas e Caixas com Grelha para Drenagem",102991,"CANALETA MEIA CANA PRÉ-MOLDADA DE CONCRETO (D = 40 CM) - FORNECIMENTO E INSTALAÇÃO. AF_05/2025","M",61.23]
["Canaletas, Grelhas e Caixas com Grelha para Drenagem",102992,"CANALETA MEIA CANA PRÉ-MOLDADA DE CONCRETO (D = 50 CM) - FORNECIMENTO E INSTALAÇÃO. AF_05/2025","M",89.23]
["Canaletas, Grelhas e Caixas com Grelha para Drenagem",102993,"CANALETA MEIA CANA PRÉ-MOLDADA DE CONCRETO (D = 60 CM) - FORNECIMENTO E INSTALAÇÃO. AF_05/2025","M",116.16]
["Canaletas, Grelhas e Caixas com Grelha para Drenagem",102994,"CANALETA MEIA CANA PRÉ-MOLDADA DE CONCRETO (D = 80 CM) - FORNECIMENTO E INSTALAÇÃO. AF_05/2025","M",216.83]
["Canaletas, Grelhas e Caixas com Grelha para Drenagem",106017,"CANALETA PRÉ-MOLDADA DE CONCRETO, COM GRELHA PERFURADA DE CONCRETO, GEOMETRIA RETANGULAR, COM DIMENSÕES INTERNAS: L=0,20 M; H=0,20 M; C=*0,60* M - FORNECIMENTO E INSTALAÇÃO. AF_05/2025","UN",0]
["Canaletas, Grelhas e Caixas com Grelha para Drenagem",105944,"CONCRETAGEM DE VALETA/ CANALETA MOLDADA IN LOCO. AF_05/2025","M3",896.55]
["Canaletas, Grelhas e Caixas com Grelha para Drenagem",106004,"EXECUÇÃO DE CANALETA DE CONCRETO ARMADO MOLDADA IN LOCO, ESPESSURA DE 0,1 M, GEOMETRIA QUADRADA, COM DIMENSÕES INTERNAS: L=0,20 M; H=0,20 M. AF_05/2025","M",194.59]
["Canaletas, Grelhas e Caixas com Grelha para Drenagem",106005,"EXECUÇÃO DE CANALETA DE CONCRETO ARMADO MOLDADA IN LOCO, ESPESSURA DE 0,1 M, GEOMETRIA QUADRADA, COM DIMENSÕES INTERNAS: L=0,25 M; H=0,25 M. AF_05/2025","M",230.24]
["Canaletas, Grelhas e Caixas com Grelha para Drenagem",106006,"EXECUÇÃO DE CANALETA DE CONCRETO ARMADO MOLDADA IN LOCO, ESPESSURA DE 0,1 M, GEOMETRIA QUADRADA, COM DIMENSÕES INTERNAS: L=0,30 M; H=0,30 M. AF_05/2025","M",273.8]
["Canaletas, Grelhas e Caixas com Grelha para Drenagem",106007,"EXECUÇÃO DE CANALETA DE CONCRETO ARMADO MOLDADA IN LOCO, ESPESSURA DE 0,1 M, GEOMETRIA QUADRADA, COM DIMENSÕES INTERNAS: L=0,35 M; H=0,35 M. AF_05/2025","M",312.08999999999997]
["Canaletas, Grelhas e Caixas com Grelha para Drenagem",106008,"EXECUÇÃO DE CANALETA DE CONCRETO ARMADO MOLDADA IN LOCO, ESPESSURA DE 0,1 M, GEOMETRIA QUADRADA, COM DIMENSÕES INTERNAS: L=0,40 M; H=0,40 M. AF_05/2025","M",350.37]
["Canaletas, Grelhas e Caixas com Grelha para Drenagem",106009,"EXECUÇÃO DE CANALETA DE CONCRETO ARMADO MOLDADA IN LOCO, ESPESSURA DE 0,1 M, GEOMETRIA QUADRADA, COM DIMENSÕES INTERNAS: L=0,50 M; H=0,50 M. AF_05/2025","M",432.23]
["Canaletas, Grelhas e Caixas com Grelha para Drenagem",106010,"EXECUÇÃO DE CANALETA DE CONCRETO ARMADO MOLDADA IN LOCO, ESPESSURA DE 0,1 M, GEOMETRIA QUADRADA, COM DIMENSÕES INTERNAS: L=0,60 M; H=0,60 M. AF_05/2025","M",506.18]
["Canaletas, Grelhas e Caixas com Grelha para Drenagem",106011,"EXECUÇÃO DE CANALETA DE CONCRETO MOLDADO IN LOCO, COM GRELHA DE CONCRETO; ESPESSURA DE 0,15 M, GEOMETRIA RETANGULAR, COM DIMENSÕES INTERNAS: L=0,4 M; H=*0,3*M. AF_05/2025","M",889.21]
["Canaletas, Grelhas e Caixas com Grelha para Drenagem",106013,"EXECUÇÃO DE CANALETA DE CONCRETO MOLDADO IN LOCO, COM GRELHA DE CONCRETO; ESPESSURA DE 0,15 M, GEOMETRIA RETANGULAR, COM DIMENSÕES INTERNAS: L=0,60 M; H=0,50 M. AF_05/2025","M",1112.71]
["Canaletas, Grelhas e Caixas com Grelha para Drenagem",106012,"EXECUÇÃO DE CANALETA DE CONCRETO MOLDADO IN LOCO, COM GRELHA DE CONCRETO; ESPESSURA DE 0,15 M, GEOMETRIA RETANGULAR, COM DIMENSÕES INTERNAS:L=*0,6* M; H=* 0,3* M. AF_05/2025","M",978.64]
["Canaletas, Grelhas e Caixas com Grelha para Drenagem",106014,"EXECUÇÃO DE CANALETA DE CONCRETO MOLDADO IN LOCO, COM GRELHA DE CONCRETO; ESPESSURA DE 0,20 M, GEOMETRIA RETANGULAR, COM DIMENSÕES INTERNAS: L=0,80 M; H=0,30 M. AF_05/2025","M",1238.75]
["Canaletas, Grelhas e Caixas com Grelha para Drenagem",106015,"EXECUÇÃO DE CANALETA DE CONCRETO MOLDADO IN LOCO, COM GRELHA DE CONCRETO; ESPESSURA DE 0,20 M, GEOMETRIA RETANGULAR, COM DIMENSÕES INTERNAS: L=0,80 M; H=0,60 M. AF_05/2025","M",1488.27]
["Canaletas, Grelhas e Caixas com Grelha para Drenagem",106016,"EXECUÇÃO DE CANALETA DE CONCRETO MOLDADO IN LOCO, COM GRELHA DE CONCRETO; ESPESSURA DE 0,20 M, GEOMETRIA RETANGULAR, COM DIMENSÕES INTERNAS: L=0,80 M; H=0,90 M. AF_05/2025","M",1751.91]
["Canaletas, Grelhas e Caixas com Grelha para Drenagem",106003,"EXECUÇÃO DE VALETA DE CONCRETO ARMADO MOLDADO IN LOCO, ESPESSURA DE 0,08 M, GEOMETRIA TRAPEIZOIDAL, COM DIMENSÕES INTERNAS: B=*1,20* M; B=*0,4* M; H=0,4 M. AF_05/2025","M",183.96]
["Canaletas, Grelhas e Caixas com Grelha para Drenagem",105997,"EXECUÇÃO DE VALETA DE CONCRETO ARMADO MOLDADO IN LOCO, ESPESSURA DE 0,08 M, GEOMETRIA TRAPEIZOIDAL, COM DIMENSÕES INTERNAS: B=0,6 M; B=0,20 M; H=0,20 M. AF_05/2025","M",100.65]
["Canaletas, Grelhas e Caixas com Grelha para Drenagem",105998,"EXECUÇÃO DE VALETA DE CONCRETO ARMADO MOLDADO IN LOCO, ESPESSURA DE 0,08 M, GEOMETRIA TRAPEIZOIDAL, COM DIMENSÕES INTERNAS: B=0,7 M; B=0,30 M; H=0,20 M. AF_05/2025","M",111.55]
["Canaletas, Grelhas e Caixas com Grelha para Drenagem",105999,"EXECUÇÃO DE VALETA DE CONCRETO ARMADO MOLDADO IN LOCO, ESPESSURA DE 0,08 M, GEOMETRIA TRAPEIZOIDAL, COM DIMENSÕES INTERNAS: B=0,8 M; B=0,30 M; H=0,25 M. AF_05/2025","M",126.93]
["Canaletas, Grelhas e Caixas com Grelha para Drenagem",106000,"EXECUÇÃO DE VALETA DE CONCRETO ARMADO MOLDADO IN LOCO, ESPESSURA DE 0,08 M, GEOMETRIA TRAPEIZOIDAL, COM DIMENSÕES INTERNAS: B=0,9 M; B=0,30 M; H=0,30 M. AF_05/2025","M",142.31]
["Canaletas, Grelhas e Caixas com Grelha para Drenagem",106001,"EXECUÇÃO DE VALETA DE CONCRETO ARMADO MOLDADO IN LOCO, ESPESSURA DE 0,08 M, GEOMETRIA TRAPEIZOIDAL, COM DIMENSÕES INTERNAS: B=1,0 M; B=0,40 M; H=0,30 M. AF_05/2025","M",153.19]
["Canaletas, Grelhas e Caixas com Grelha para Drenagem",106002,"EXECUÇÃO DE VALETA DE CONCRETO ARMADO MOLDADO IN LOCO, ESPESSURA DE 0,08 M, GEOMETRIA TRAPEIZOIDAL, COM DIMENSÕES INTERNAS: B=1,1 M; B=0,40 M; H=0,35 M. AF_05/2025","M",168.58]
["Canaletas, Grelhas e Caixas com Grelha para Drenagem",105992,"EXECUÇÃO DE VALETA DE CONCRETO MOLDADO IN LOCO, ESPESSURA DE 0,08 M, GEOMETRIA TRAPEIZOIDAL, COM DIMENSÕES INTERNAS: B=*1,0* M; B=0,40 M; H=*0,30* M. AF_05/2025","M",114.13]
["Canaletas, Grelhas e Caixas com Grelha para Drenagem",105993,"EXECUÇÃO DE VALETA DE CONCRETO MOLDADO IN LOCO, ESPESSURA DE 0,08 M, GEOMETRIA TRAPEIZOIDAL, COM DIMENSÕES INTERNAS: B=*1,2* M; B=*0,4* M; H= 0,4 M. AF_05/2025","M",136.97999999999999]
["Canaletas, Grelhas e Caixas com Grelha para Drenagem",105994,"EXECUÇÃO DE VALETA DE CONCRETO MOLDADO IN LOCO, ESPESSURA DE 0,08 M, GEOMETRIA TRAPEIZOIDAL, COM DIMENSÕES INTERNAS: B=*1,5* M; B=*0,50* M; H=*0,50* M. AF_05/2025","M",167.93]
["Canaletas, Grelhas e Caixas com Grelha para Drenagem",105995,"EXECUÇÃO DE VALETA DE CONCRETO MOLDADO IN LOCO, ESPESSURA DE 0,08 M, GEOMETRIA TRAPEIZOIDAL, COM DIMENSÕES INTERNAS: B=*1,8* M; B=*0,60* M; H=*0,6* M. AF_05/2025","M",198.95]
["Canaletas, Grelhas e Caixas com Grelha para Drenagem",105996,"EXECUÇÃO DE VALETA DE CONCRETO MOLDADO IN LOCO, ESPESSURA DE 0,08 M, GEOMETRIA TRAPEIZOIDAL, COM DIMENSÕES INTERNAS: B=*2,0* M; B=*0,8* M; H=0,6 M. AF_05/2025","M",215.13]
["Canaletas, Grelhas e Caixas com Grelha para Drenagem",105988,"EXECUÇÃO DE VALETA DE CONCRETO MOLDADO IN LOCO, ESPESSURA DE 0,08 M, GEOMETRIA TRAPEIZOIDAL, COM DIMENSÕES INTERNAS: B=0,6M; B=0,20 M; H=0,20 M. AF_05/2025","M",75.11]
["Canaletas, Grelhas e Caixas com Grelha para Drenagem",105989,"EXECUÇÃO DE VALETA DE CONCRETO MOLDADO IN LOCO, ESPESSURA DE 0,08 M, GEOMETRIA TRAPEIZOIDAL, COM DIMENSÕES INTERNAS: B=0,7 M; B=0,30 M; H=0,20 M. AF_05/2025","M",83.21]
["Canaletas, Grelhas e Caixas com Grelha para Drenagem",105990,"EXECUÇÃO DE VALETA DE CONCRETO MOLDADO IN LOCO, ESPESSURA DE 0,08 M, GEOMETRIA TRAPEIZOIDAL, COM DIMENSÕES INTERNAS: B=0,8 M; B=0,30 M; H=0,25 M. AF_05/2025","M",94.63]
["Canaletas, Grelhas e Caixas com Grelha para Drenagem",105991,"EXECUÇÃO DE VALETA DE CONCRETO MOLDADO IN LOCO, ESPESSURA DE 0,08 M, GEOMETRIA TRAPEIZOIDAL, COM DIMENSÕES INTERNAS: B=0,9 M; B=0,30 M; H=0,30 M. AF_05/2025","M",106.05]
["Canaletas, Grelhas e Caixas com Grelha para Drenagem",105987,"EXECUÇÃO DE VALETA DE CONCRETO MOLDADO IN LOCO, ESPESSURA DE 0,08 M, GEOMETRIA TRAPEIZOIDAL, COM DIMENSÕES INTERNAS: B=1,2 M; B=0,6 M; H=0,3 M. AF_05/2025","M",130.30000000000001]
["Canaletas, Grelhas e Caixas com Grelha para Drenagem",105986,"EXECUÇÃO DE VALETA DE CONCRETO MOLDADO IN LOCO, ESPESSURA DE 0,08 M, GEOMETRIA TRAPEIZOIDAL, COM DIMENSÕES INTERNAS: B=1,6 M; B=1,0 M; H=0,3 M. AF_05/2025","M",162.63999999999999]
["Canaletas, Grelhas e Caixas com Grelha para Drenagem",106019,"GRELHA ARTICULADA PARA CALHA DE PISO 20X50 CM - FORNECIMENTO E INSTALAÇÃO. AF_05/2025","UN",0]
["Canaletas, Grelhas e Caixas com Grelha para Drenagem",103001,"GRELHA DE FERRO FUNDIDO SIMPLES COM REQUADRO, 150 X 1000 MM, ASSENTADA COM ARGAMASSA 1 : 3 CIMENTO: AREIA - FORNECIMENTO E INSTALAÇÃO. AF_05/2025","UN",263.48]
["Canaletas, Grelhas e Caixas com Grelha para Drenagem",103002,"GRELHA DE FERRO FUNDIDO SIMPLES COM REQUADRO, 200 X 1000 MM, ASSENTADA COM ARGAMASSA 1 : 3 CIMENTO: AREIA - FORNECIMENTO E INSTALAÇÃO. AF_05/2025","UN",330.71]
["Canaletas, Grelhas e Caixas com Grelha para Drenagem",103003,"GRELHA DE FERRO FUNDIDO SIMPLES COM REQUADRO, 300 X 1000 MM, ASSENTADA COM ARGAMASSA 1 : 3 CIMENTO: AREIA - FORNECIMENTO E INSTALAÇÃO. AF_05/2025","UN",465.16]
["Canaletas, Grelhas e Caixas com Grelha para Drenagem",106018,"GRELHA PARA CALHA DE PISO 20X50 CM - FORNECIMENTO E INSTALAÇÃO. AF_05/2025","UN",0]
["Canaletas, Grelhas e Caixas com Grelha para Drenagem",105945,"PREPARO DE SOLO E GABARITO DE MADEIRA PARA VALETA MOLDADA IN LOCO COM GEOMETRIA TRAPEZOIDAL. AF_05/2025","M2",9.11]
["Cercas, Protetores e Alambrados",98522,"ALAMBRADO EM MOURÕES DE CONCRETO, COM TELA DE ARAME GALVANIZADO (INCLUSIVE MURETA EM CONCRETO). AF_05/2018","M",169.42]
["Cercas, Protetores e Alambrados",98523,"ALAMBRADO EM PERFIS METÁLICOS RETANGULARES COM GRADIL METÁLICO (EXCLUSIVE MURETA EM CONCRETO).AF_05/2018","M",0]
["Cercas, Protetores e Alambrados",102364,"ALAMBRADO PARA QUADRA POLIESPORTIVA, ESTRUTURADO POR TUBOS DE ACO GALVANIZADO, (MONTANTES COM DIAMETRO 2\", TRAVESSAS E ESCORAS COM DIÂMETRO 1 ¼\"), COM TELA DE ARAME GALVANIZADO, FIO 10 BWG E MALHA QUADRADA 5X5CM (EXCETO MURETA). AF_03/2021","M2",216.91]
["Cercas, Protetores e Alambrados",102363,"ALAMBRADO PARA QUADRA POLIESPORTIVA, ESTRUTURADO POR TUBOS DE ACO GALVANIZADO, (MONTANTES COM DIAMETRO 2\", TRAVESSAS E ESCORAS COM DIÂMETRO 1 ¼\"), COM TELA DE ARAME GALVANIZADO, FIO 12 BWG E MALHA QUADRADA 5X5CM (EXCETO MURETA). AF_03/2021","M2",193.2]
["Cercas, Protetores e Alambrados",102362,"ALAMBRADO PARA QUADRA POLIESPORTIVA, ESTRUTURADO POR TUBOS DE ACO GALVANIZADO, (MONTANTES COM DIAMETRO 2\", TRAVESSAS E ESCORAS COM DIÂMETRO 1 ¼\"), COM TELA DE ARAME GALVANIZADO, FIO 14 BWG E MALHA QUADRADA 5X5CM (EXCETO MURETA). AF_03/2021","M2",180.26]
["Cercas, Protetores e Alambrados",101196,"CERCA COM MOURÕES DE CONCRETO, RETO, 15X15 CM, ESPAÇAMENTO DE 2,5 M, CRAVADOS 0,5 M, ESCORAS DE 10X10 CM A CADA 50 M, COM 12 FIOS DE ARAME DE AÇO OVALADO 15X17 - FORNECIMENTO E INSTALAÇÃO. AF_05/2020","M",0]
["Cercas, Protetores e Alambrados",101195,"CERCA COM MOURÕES DE CONCRETO, RETO, 15X15 CM, ESPAÇAMENTO DE 2,5 M, CRAVADOS 0,5 M, ESCORAS DE 10X10 CM A CADA 50 M, COM 9 FIOS DE ARAME DE AÇO OVALADO 15X17 - FORNECIMENTO E INSTALAÇÃO. AF_05/2020","M",0]
["Cercas, Protetores e Alambrados",101193,"CERCA COM MOURÕES DE CONCRETO, RETO, H=2,30 M, ESPAÇAMENTO DE 2,5 M, CRAVADOS 0,5 M, COM 4 FIOS DE ARAME DE AÇO OVALADO 15X17 - FORNECIMENTO E INSTALAÇÃO. AF_05/2020","M",60.24]
["Cercas, Protetores e Alambrados",101192,"CERCA COM MOURÕES DE CONCRETO, RETO, H=2,30 M, ESPAÇAMENTO DE 2,5 M, CRAVADOS 0,5 M, COM 4 FIOS DE ARAME FARPADO Nº 14 CLASSE 250 - FORNECIMENTO E INSTALAÇÃO. AF_05/2020","M",67.17]
["Cercas, Protetores e Alambrados",101194,"CERCA COM MOURÕES DE CONCRETO, RETO, H=2,30 M, ESPAÇAMENTO DE 2,5 M, CRAVADOS 0,5 M, COM 4 FIOS DE ARAME MISTO - FORNECIMENTO E INSTALAÇÃO. AF_05/2020","M",60.6]
["Cercas, Protetores e Alambrados",101190,"CERCA COM MOURÕES DE CONCRETO, RETO, H=3,00 M, ESPAÇAMENTO DE 2,5 M, CRAVADOS 0,5 M, COM 4 FIOS DE ARAME DE AÇO OVALADO 15X17 - FORNECIMENTO E INSTALAÇÃO. AF_05/2020","M",64.58]
["Cercas, Protetores e Alambrados",101189,"CERCA COM MOURÕES DE CONCRETO, RETO, H=3,00 M, ESPAÇAMENTO DE 2,5 M, CRAVADOS 0,5 M, COM 4 FIOS DE ARAME FARPADO Nº 14 CLASSE 250 - FORNECIMENTO E INSTALAÇÃO. AF_05/2020","M",65.31]
["Cercas, Protetores e Alambrados",101191,"CERCA COM MOURÕES DE CONCRETO, RETO, H=3,00 M, ESPAÇAMENTO DE 2,5 M, CRAVADOS 0,5 M, COM 4 FIOS DE ARAME MISTO - FORNECIMENTO E INSTALAÇÃO. AF_05/2020","M",64.94]
["Cercas, Protetores e Alambrados",101198,"CERCA COM MOURÕES DE CONCRETO, SEÇÃO \"T\" PONTA INCLINADA, 10X10 CM, ESPAÇAMENTO DE 2,5 M, CRAVADOS 0,5 M, COM 11 FIOS DE ARAME DE AÇO OVALADO 15X17 - FORNECIMENTO E INSTALAÇÃO. AF_05/2020","M",92.93]
["Cercas, Protetores e Alambrados",101197,"CERCA COM MOURÕES DE CONCRETO, SEÇÃO \"T\" PONTA INCLINADA, 10X10 CM, ESPAÇAMENTO DE 2,5 M, CRAVADOS 0,5 M, COM 11 FIOS DE ARAME FARPADO Nº 14 - FORNECIMENTO E INSTALAÇÃO. AF_05/2020","M",133.13]
["Cercas, Protetores e Alambrados",101199,"CERCA COM MOURÕES DE CONCRETO, SEÇÃO \"T\" PONTA INCLINADA, 10X10CM, ESPAÇAMENTO DE 2,5M, CRAVADOS 0,5M, COM 11 FIOS DE ARAME MISTO - FORNECIMENTO E INSTALAÇÃO. AF_05/2020","M",93.83]
["Cercas, Protetores e Alambrados",101203,"CERCA COM MOURÕES DE MADEIRA ROLIÇA, DIÂMETRO 11 CM, ESPAÇAMENTO DE 2,5 M, ALTURA LIVRE DE 1,7 M, CRAVADOS 0,5 M, COM 5 FIOS DE ARAME DE AÇO OVALADO 15X17 - FORNECIMENTO E INSTALAÇÃO. AF_05/2020","M",47.98]
["Cercas, Protetores e Alambrados",101202,"CERCA COM MOURÕES DE MADEIRA ROLIÇA, DIÂMETRO 11 CM, ESPAÇAMENTO DE 2,5 M, ALTURA LIVRE DE 1,7 M, CRAVADOS 0,5 M, COM 5 FIOS DE ARAME FARPADO Nº 14 CLASSE 250 - FORNECIMENTO E INSTALAÇÃO. AF_05/2020","M",48.89]
["Cercas, Protetores e Alambrados",101204,"CERCA COM MOURÕES DE MADEIRA ROLIÇA, DIÂMETRO 11 CM, ESPAÇAMENTO DE 2,5 M, ALTURA LIVRE DE 1,7 M, CRAVADOS 0,5 M, COM 5 FIOS DE ARAME MISTO - FORNECIMENTO E INSTALAÇÃO. AF_05/2020","M",48.34]
["Cercas, Protetores e Alambrados",101200,"CERCA COM MOURÕES DE MADEIRA, 7,5X7,5 CM, ESPAÇAMENTO DE 2,5 M, ALTURA LIVRE DE 2 M, CRAVADOS 0,5 M, COM 4 FIOS DE ARAME FARPADO Nº 14 CLASSE 250 - FORNECIMENTO E INSTALAÇÃO. AF_05/2020","M",60.68]
["Cercas, Protetores e Alambrados",101201,"CERCA COM MOURÕES DE MADEIRA, 7,5X7,5 CM, ESPAÇAMENTO DE 2,5 M, ALTURA LIVRE DE 2 M, CRAVADOS 0,5 M, COM 8 FIOS DE ARAME FARPADO Nº 14 CLASSE 250 - FORNECIMENTO E INSTALAÇÃO. AF_05/2020","M",75.22]
["Cercas, Protetores e Alambrados",101205,"PORTÃO COM MOURÕES DE MADEIRA ROLIÇA, DIÂMETRO 11 CM, COM 5 FIOS DE ARAME FARPADO Nº 14 CLASSE 250, SEM DOBRADIÇAS - FORNECIMENTO E INSTALAÇÃO. AF_05/2020","M",48.89]
["Cercas, Protetores e Alambrados",101188,"RECOMPOSIÇÃO PARCIAL DE ARAME FARPADO Nº 14 CLASSE 250, FIXADO EM CERCA COM MOURÕES DE CONCRETO - FORNECIMENTO E INSTALAÇÃO. AF_05/2020","M",6.98]
["Chapisco",87905,"CHAPISCO APLICADO EM ALVENARIA (COM PRESENÇA DE VÃOS) E ESTRUTURAS DE CONCRETO DE FACHADA, COM COLHER DE PEDREIRO. ARGAMASSA TRAÇO 1:3 COM PREPARO EM BETONEIRA 400L. AF_10/2022","M2",9.59]
["Chapisco",87904,"CHAPISCO APLICADO EM ALVENARIA (COM PRESENÇA DE VÃOS) E ESTRUTURAS DE CONCRETO DE FACHADA, COM COLHER DE PEDREIRO. ARGAMASSA TRAÇO 1:3 COM PREPARO MANUAL. AF_10/2022","M2",9.9]
["Chapisco",87908,"CHAPISCO APLICADO EM ALVENARIA (COM PRESENÇA DE VÃOS) E ESTRUTURAS DE CONCRETO DE FACHADA, COM EQUIPAMENTO DE PROJEÇÃO. ARGAMASSA TRAÇO 1:3 COM PREPARO EM BETONEIRA 400 L. AF_10/2022","M2",7.29]
["Chapisco",87907,"CHAPISCO APLICADO EM ALVENARIA (COM PRESENÇA DE VÃOS) E ESTRUTURAS DE CONCRETO DE FACHADA, COM EQUIPAMENTO DE PROJEÇÃO. ARGAMASSA TRAÇO 1:3 COM PREPARO MANUAL. AF_10/2022","M2",7.6]
["Chapisco",87903,"CHAPISCO APLICADO EM ALVENARIA (COM PRESENÇA DE VÃOS) E ESTRUTURAS DE CONCRETO DE FACHADA, COM ROLO PARA TEXTURA ACRÍLICA. ARGAMASSA INDUSTRIALIZADA COM PREPARO EM MISTURADOR 300 KG. AF_10/2022","M2",13.06]
["Chapisco",87902,"CHAPISCO APLICADO EM ALVENARIA (COM PRESENÇA DE VÃOS) E ESTRUTURAS DE CONCRETO DE FACHADA, COM ROLO PARA TEXTURA ACRÍLICA. ARGAMASSA INDUSTRIALIZADA COM PREPARO MANUAL. AF_10/2022","M2",13.39]
["Chapisco",87900,"CHAPISCO APLICADO EM ALVENARIA (COM PRESENÇA DE VÃOS) E ESTRUTURAS DE CONCRETO DE FACHADA, COM ROLO PARA TEXTURA ACRÍLICA. ARGAMASSA TRAÇO 1:4 E EMULSÃO POLIMÉRICA (ADESIVO) COM PREPARO EM BETONEIRA 400L. AF_10/2022","M2",10.17]
["Chapisco",87899,"CHAPISCO APLICADO EM ALVENARIA (COM PRESENÇA DE VÃOS) E ESTRUTURAS DE CONCRETO DE FACHADA, COM ROLO PARA TEXTURA ACRÍLICA. ARGAMASSA TRAÇO 1:4 E EMULSÃO POLIMÉRICA (ADESIVO) COM PREPARO MANUAL. AF_10/2022","M2",10.26]
["Chapisco",87894,"CHAPISCO APLICADO EM ALVENARIA (SEM PRESENÇA DE VÃOS) E ESTRUTURAS DE CONCRETO DE FACHADA, COM COLHER DE PEDREIRO. ARGAMASSA TRAÇO 1:3 COM PREPARO EM BETONEIRA 400L. AF_10/2022","M2",8.2200000000000006]
["Chapisco",87893,"CHAPISCO APLICADO EM ALVENARIA (SEM PRESENÇA DE VÃOS) E ESTRUTURAS DE CONCRETO DE FACHADA, COM COLHER DE PEDREIRO. ARGAMASSA TRAÇO 1:3 COM PREPARO MANUAL. AF_10/2022","M2",8.5299999999999994]
["Chapisco",87897,"CHAPISCO APLICADO EM ALVENARIA (SEM PRESENÇA DE VÃOS) E ESTRUTURAS DE CONCRETO DE FACHADA, COM EQUIPAMENTO DE PROJEÇÃO. ARGAMASSA TRAÇO 1:3 COM PREPARO EM BETONEIRA 400 L. AF_10/2022","M2",6.01]
["Chapisco",87896,"CHAPISCO APLICADO EM ALVENARIA (SEM PRESENÇA DE VÃOS) E ESTRUTURAS DE CONCRETO DE FACHADA, COM EQUIPAMENTO DE PROJEÇÃO. ARGAMASSA TRAÇO 1:3 COM PREPARO MANUAL. AF_10/2022","M2",6.32]
["Chapisco",87892,"CHAPISCO APLICADO EM ALVENARIA (SEM PRESENÇA DE VÃOS) E ESTRUTURAS DE CONCRETO DE FACHADA, COM ROLO PARA TEXTURA ACRÍLICA. ARGAMASSA INDUSTRIALIZADA COM PREPARO EM MISTURADOR 300 KG. AF_10/2022","M2",12.19]
["Chapisco",87891,"CHAPISCO APLICADO EM ALVENARIA (SEM PRESENÇA DE VÃOS) E ESTRUTURAS DE CONCRETO DE FACHADA, COM ROLO PARA TEXTURA ACRÍLICA. ARGAMASSA INDUSTRIALIZADA COM PREPARO MANUAL. AF_10/2022","M2",12.52]
["Chapisco",87889,"CHAPISCO APLICADO EM ALVENARIA (SEM PRESENÇA DE VÃOS) E ESTRUTURAS DE CONCRETO DE FACHADA, COM ROLO PARA TEXTURA ACRÍLICA. ARGAMASSA TRAÇO 1:4 E EMULSÃO POLIMÉRICA (ADESIVO) COM PREPARO EM BETONEIRA 400L. AF_10/2022","M2",9.3000000000000007]
["Chapisco",87888,"CHAPISCO APLICADO EM ALVENARIA (SEM PRESENÇA DE VÃOS) E ESTRUTURAS DE CONCRETO DE FACHADA, COM ROLO PARA TEXTURA ACRÍLICA. ARGAMASSA TRAÇO 1:4 E EMULSÃO POLIMÉRICA (ADESIVO) COM PREPARO MANUAL. AF_10/2022","M2",9.39]
["Chapisco",104411,"CHAPISCO APLICADO EM ALVENARIA E ESTRUTURAS DE CONCRETO INTERNAS, COM EQUIPAMENTO DE PROJEÇÃO. ARGAMASSA TRAÇO 1:3 COM PREPARO EM BETONEIRA 400 L. AF_10/2022","M2",5.78]
["Chapisco",104410,"CHAPISCO APLICADO EM ALVENARIA E ESTRUTURAS DE CONCRETO INTERNAS, COM EQUIPAMENTO DE PROJEÇÃO. ARGAMASSA TRAÇO 1:3 COM PREPARO MANUAL. AF_10/2022","M2",5.78]
["Chapisco",87879,"CHAPISCO APLICADO EM ALVENARIAS E ESTRUTURAS DE CONCRETO INTERNAS, COM COLHER DE PEDREIRO. ARGAMASSA TRAÇO 1:3 COM PREPARO EM BETONEIRA 400L. AF_10/2022","M2",5.32]
["Chapisco",87878,"CHAPISCO APLICADO EM ALVENARIAS E ESTRUTURAS DE CONCRETO INTERNAS, COM COLHER DE PEDREIRO. ARGAMASSA TRAÇO 1:3 COM PREPARO MANUAL. AF_10/2022","M2",5.63]
["Chapisco",87885,"CHAPISCO APLICADO NO TETO OU EM ALVENARIA E ESTRUTURA, COM ROLO PARA TEXTURA ACRÍLICA. ARGAMASSA INDUSTRIALIZADA COM PREPARO EM MISTURADOR 300 KG. AF_10/2022","M2",10.24]
["Chapisco",87884,"CHAPISCO APLICADO NO TETO OU EM ALVENARIA E ESTRUTURA, COM ROLO PARA TEXTURA ACRÍLICA. ARGAMASSA INDUSTRIALIZADA COM PREPARO MANUAL. AF_10/2022","M2",10.57]
["Chapisco",87882,"CHAPISCO APLICADO NO TETO OU EM ALVENARIA E ESTRUTURA, COM ROLO PARA TEXTURA ACRÍLICA. ARGAMASSA TRAÇO 1:4 E EMULSÃO POLIMÉRICA (ADESIVO) COM PREPARO EM BETONEIRA 400L. AF_10/2022","M2",7.35]
["Chapisco",87881,"CHAPISCO APLICADO NO TETO OU EM ALVENARIA E ESTRUTURA, COM ROLO PARA TEXTURA ACRÍLICA. ARGAMASSA TRAÇO 1:4 E EMULSÃO POLIMÉRICA (ADESIVO) COM PREPARO MANUAL. AF_10/2022","M2",7.44]
["Chapisco",87887,"CHAPISCO APLICADO NO TETO OU EM ESTRUTURA, COM DESEMPENADEIRA DENTADA. ARGAMASSA INDUSTRIALIZADA COM PREPARO EM MISTURADOR 300 KG. AF_10/2022","M2",17.86]
["Chapisco",87886,"CHAPISCO APLICADO NO TETO OU EM ESTRUTURA, COM DESEMPENADEIRA DENTADA. ARGAMASSA INDUSTRIALIZADA COM PREPARO MANUAL. AF_10/2022","M2",18.559999999999999]
["Chapisco",87911,"CHAPISCO APLICADO SOMENTE NA ESTRUTURA DE CONCRETO DA FACHADA, COM DESEMPENADEIRA DENTADA. ARGAMASSA INDUSTRIALIZADA COM PREPARO EM MISTURADOR 300 KG. AF_10/2022","M2",24.37]
["Chapisco",87910,"CHAPISCO APLICADO SOMENTE NA ESTRUTURA DE CONCRETO DA FACHADA, COM DESEMPENADEIRA DENTADA. ARGAMASSA INDUSTRIALIZADA COM PREPARO MANUAL. AF_10/2022","M2",25.07]
["Concretagem para Estruturas de Concreto Armado",103686,"CONCRETAGEM DE ESCADAS, FCK=25 MPA, COM USO DE BOMBA - LANÇAMENTO, ADENSAMENTO E ACABAMENTO. AF_02/2022_PS","M3",823.06]
["Concretagem para Estruturas de Concreto Armado",103685,"CONCRETAGEM DE MURETAS, FCK=25 MPA, COM USO DE BOMBA - LANÇAMENTO, ADENSAMENTO E ACABAMENTO. AF_02/2022_PS","M3",749.32]
["Concretagem para Estruturas de Concreto Armado",103669,"CONCRETAGEM DE PILARES, FCK = 25 MPA, COM USO DE BALDES - LANÇAMENTO, ADENSAMENTO E ACABAMENTO. AF_02/2022","M3",1082.25]
["Concretagem para Estruturas de Concreto Armado",103672,"CONCRETAGEM DE PILARES, FCK = 25 MPA, COM USO DE BOMBA - LANÇAMENTO, ADENSAMENTO E ACABAMENTO. AF_02/2022_PS","M3",742.01]
["Concretagem para Estruturas de Concreto Armado",103671,"CONCRETAGEM DE PILARES, FCK = 25 MPA, COM USO DE GRUA - LANÇAMENTO, ADENSAMENTO E ACABAMENTO. AF_02/2022","M3",792.6]
["Concretagem para Estruturas de Concreto Armado",103688,"CONCRETAGEM DE PILARES, FCK=25 MPA, COM USO DE JERICAS EM CREMALHEIRA - LANÇAMENTO, ADENSAMENTO E ACABAMENTO. AF_02/2022","M3",941]
["Concretagem para Estruturas de Concreto Armado",103687,"CONCRETAGEM DE PILARES, FCK=25 MPA, COM USO DE JERICAS EM ELEVADOR DE CABO - LANÇAMENTO, ADENSAMENTO E ACABAMENTO. AF_02/2022","M3",1224.55]
["Concretagem para Estruturas de Concreto Armado",103684,"CONCRETAGEM DE RESERVATÓRIOS, FCK=25 MPA, COM USO DE BOMBA - LANÇAMENTO, ADENSAMENTO E ACABAMENTO. AF_02/2022_PS","M3",763.94]
["Concretagem para Estruturas de Concreto Armado",103681,"CONCRETAGEM DE VIGAS E LAJES, FCK=25 MPA, PARA LAJES MACIÇAS OU NERVURADAS COM GRUA DE CAÇAMBA DE 500 L EM EDIFICAÇÃO DE MULTIPAVIMENTOS ATÉ 16 ANDARES - LANÇAMENTO, ADENSAMENTO E ACABAMENTO. AF_02/2022","M3",824.47]
["Concretagem para Estruturas de Concreto Armado",103679,"CONCRETAGEM DE VIGAS E LAJES, FCK=25 MPA, PARA LAJES MACIÇAS OU NERVURADAS COM JERICAS EM CREMALHEIRA EM EDIFICAÇÃO DE MULTIPAVIMENTOS ATÉ 16 ANDARES - LANÇAMENTO, ADENSAMENTO E ACABAMENTO. AF_02/2022","M3",898.72]
["Concretagem para Estruturas de Concreto Armado",103677,"CONCRETAGEM DE VIGAS E LAJES, FCK=25 MPA, PARA LAJES MACIÇAS OU NERVURADAS COM JERICAS EM ELEVADOR DE CABO EM EDIFICAÇÃO DE MULTIPAVIMENTOS ATÉ 16 ANDARES - LANÇAMENTO, ADENSAMENTO E ACABAMENTO. AF_02/2022","M3",947.97]
["Concretagem para Estruturas de Concreto Armado",103675,"CONCRETAGEM DE VIGAS E LAJES, FCK=25 MPA, PARA LAJES MACIÇAS OU NERVURADAS COM USO DE BOMBA - LANÇAMENTO, ADENSAMENTO E ACABAMENTO. AF_02/2022_PS","M3",743.87]
["Concretagem para Estruturas de Concreto Armado",103680,"CONCRETAGEM DE VIGAS E LAJES, FCK=25 MPA, PARA LAJES PREMOLDADAS COM GRUA DE CAÇAMBA DE 350 L EM EDIFICAÇÃO DE MULTIPAVIMENTOS ATÉ 16 ANDARES - LANÇAMENTO, ADENSAMENTO E ACABAMENTO. AF_02/2022","M3",960.03]
["Concretagem para Estruturas de Concreto Armado",103678,"CONCRETAGEM DE VIGAS E LAJES, FCK=25 MPA, PARA LAJES PREMOLDADAS COM JERICAS EM CREMALHEIRA EM EDIFICAÇÃO DE MULTIPAVIMENTOS ATÉ 16 ANDARES - LANÇAMENTO, ADENSAMENTO E ACABAMENTO. AF_02/2022","M3",1033.69]
["Concretagem para Estruturas de Concreto Armado",103676,"CONCRETAGEM DE VIGAS E LAJES, FCK=25 MPA, PARA LAJES PREMOLDADAS COM JERICAS EM ELEVADOR DE CABO EM EDIFICAÇÃO DE MULTIPAVIMENTOS ATÉ 16 ANDARES - LANÇAMENTO, ADENSAMENTO E ACABAMENTO. AF_02/2022","M3",1144.49]
["Concretagem para Estruturas de Concreto Armado",103674,"CONCRETAGEM DE VIGAS E LAJES, FCK=25 MPA, PARA LAJES PREMOLDADAS COM USO DE BOMBA - LANÇAMENTO, ADENSAMENTO E ACABAMENTO. AF_02/2022_PS","M3",767.2]
["Concretagem para Estruturas de Concreto Armado",103683,"CONCRETAGEM DE VIGAS E LAJES, FCK=25 MPA, PARA QUALQUER TIPO DE LAJE COM BALDES EM EDIFICAÇÃO DE MULTIPAVIMENTOS ATÉ 04 ANDARES - LANÇAMENTO, ADENSAMENTO E ACABAMENTO. AF_02/2022","M3",1436.5]
["Concretagem para Estruturas de Concreto Armado",103682,"CONCRETAGEM DE VIGAS E LAJES, FCK=25 MPA, PARA QUALQUER TIPO DE LAJE COM BALDES EM EDIFICAÇÃO TÉRREA - LANÇAMENTO, ADENSAMENTO E ACABAMENTO. AF_02/2022","M3",1101.9100000000001]
["Concretagem para Estruturas de Concreto Armado",103670,"LANÇAMENTO COM USO DE BALDES, ADENSAMENTO E ACABAMENTO DE CONCRETO EM ESTRUTURAS. AF_02/2022","M3",345.7]
["Concretagem para Estruturas de Concreto Armado",103673,"LANÇAMENTO COM USO DE BOMBA, ADENSAMENTO E ACABAMENTO DE CONCRETO EM ESTRUTURAS. AF_02/2022","M3",47.86]
["Concreto Projetado",91084,"EXECUÇÃO DE REVESTIMENTO DE CONCRETO PROJETADO COM ESPESSURA DE 10 CM, ARMADO COM FIBRAS DE AÇO, INCLINAÇÃO DE 90°, APLICAÇÃO CONTÍNUA, UTILIZANDO EQUIPAMENTO DE PROJEÇÃO COM 3 M³/H DE CAPACIDADE. AF_07/2024","M2",304.11]
["Concreto Projetado",91080,"EXECUÇÃO DE REVESTIMENTO DE CONCRETO PROJETADO COM ESPESSURA DE 10 CM, ARMADO COM FIBRAS DE AÇO, INCLINAÇÃO DE 90°, APLICAÇÃO CONTÍNUA, UTILIZANDO EQUIPAMENTO DE PROJEÇÃO COM 6 M³/H DE CAPACIDADE. AF_07/2024","M2",237.56]
["Concreto Projetado",91101,"EXECUÇÃO DE REVESTIMENTO DE CONCRETO PROJETADO COM ESPESSURA DE 10 CM, ARMADO COM FIBRAS DE AÇO, INCLINAÇÃO DE 90°, APLICAÇÃO DESCONTÍNUA, UTILIZANDO EQUIPAMENTO DE PROJEÇÃO COM 3 M³/H DE CAPACIDADE. AF_07/2024","M2",281.8]
["Concreto Projetado",91097,"EXECUÇÃO DE REVESTIMENTO DE CONCRETO PROJETADO COM ESPESSURA DE 10 CM, ARMADO COM FIBRAS DE AÇO, INCLINAÇÃO DE 90°, APLICAÇÃO DESCONTÍNUA, UTILIZANDO EQUIPAMENTO DE PROJEÇÃO COM 6 M³/H DE CAPACIDADE. AF_07/2024","M2",229.13]
["Concreto Projetado",91082,"EXECUÇÃO DE REVESTIMENTO DE CONCRETO PROJETADO COM ESPESSURA DE 10 CM, ARMADO COM FIBRAS DE AÇO, INCLINAÇÃO MENOR QUE 90°, APLICAÇÃO CONTÍNUA, UTILIZANDO EQUIPAMENTO DE PROJEÇÃO COM 3 M³/H DE CAPACIDADE. AF_07/2024","M2",273.12]
["Concreto Projetado",91078,"EXECUÇÃO DE REVESTIMENTO DE CONCRETO PROJETADO COM ESPESSURA DE 10 CM, ARMADO COM FIBRAS DE AÇO, INCLINAÇÃO MENOR QUE 90°, APLICAÇÃO CONTÍNUA, UTILIZANDO EQUIPAMENTO DE PROJEÇÃO COM 6 M³/H DE CAPACIDADE. AF_07/2024","M2",223.26]
["Concreto Projetado",91099,"EXECUÇÃO DE REVESTIMENTO DE CONCRETO PROJETADO COM ESPESSURA DE 10 CM, ARMADO COM FIBRAS DE AÇO, INCLINAÇÃO MENOR QUE 90°, APLICAÇÃO DESCONTÍNUA, UTILIZANDO EQUIPAMENTO DE PROJEÇÃO COM 3 M³/H DE CAPACIDADE. AF_07/2024","M2",257.3]
["Concreto Projetado",91095,"EXECUÇÃO DE REVESTIMENTO DE CONCRETO PROJETADO COM ESPESSURA DE 10 CM, ARMADO COM FIBRAS DE AÇO, INCLINAÇÃO MENOR QUE 90°, APLICAÇÃO DESCONTÍNUA, UTILIZANDO EQUIPAMENTO DE PROJEÇÃO COM 6 M³/H DE CAPACIDADE. AF_07/2024","M2",216.56]
["Concreto Projetado",91076,"EXECUÇÃO DE REVESTIMENTO DE CONCRETO PROJETADO COM ESPESSURA DE 10 CM, ARMADO COM TELA, INCLINAÇÃO DE 90°, APLICAÇÃO CONTÍNUA, UTILIZANDO EQUIPAMENTO DE PROJEÇÃO COM 3 M³/H DE CAPACIDADE. AF_07/2024","M2",426.94]
["Concreto Projetado",91072,"EXECUÇÃO DE REVESTIMENTO DE CONCRETO PROJETADO COM ESPESSURA DE 10 CM, ARMADO COM TELA, INCLINAÇÃO DE 90°, APLICAÇÃO CONTÍNUA, UTILIZANDO EQUIPAMENTO DE PROJEÇÃO COM 6 M³/H DE CAPACIDADE. AF_07/2024","M2",374.29]
["Concreto Projetado",91093,"EXECUÇÃO DE REVESTIMENTO DE CONCRETO PROJETADO COM ESPESSURA DE 10 CM, ARMADO COM TELA, INCLINAÇÃO DE 90°, APLICAÇÃO DESCONTÍNUA, UTILIZANDO EQUIPAMENTO DE PROJEÇÃO COM 3 M³/H DE CAPACIDADE. AF_07/2024","M2",444.84]
["Concreto Projetado",91089,"EXECUÇÃO DE REVESTIMENTO DE CONCRETO PROJETADO COM ESPESSURA DE 10 CM, ARMADO COM TELA, INCLINAÇÃO DE 90°, APLICAÇÃO DESCONTÍNUA, UTILIZANDO EQUIPAMENTO DE PROJEÇÃO COM 6 M³/H DE CAPACIDADE. AF_07/2024","M2",401.76]
["Concreto Projetado",91074,"EXECUÇÃO DE REVESTIMENTO DE CONCRETO PROJETADO COM ESPESSURA DE 10 CM, ARMADO COM TELA, INCLINAÇÃO MENOR QUE 90°, APLICAÇÃO CONTÍNUA, UTILIZANDO EQUIPAMENTO DE PROJEÇÃO COM 3 M³/H DE CAPACIDADE. AF_07/2024","M2",271.67]
["Concreto Projetado",91070,"EXECUÇÃO DE REVESTIMENTO DE CONCRETO PROJETADO COM ESPESSURA DE 10 CM, ARMADO COM TELA, INCLINAÇÃO MENOR QUE 90°, APLICAÇÃO CONTÍNUA, UTILIZANDO EQUIPAMENTO DE PROJEÇÃO COM 6 M³/H DE CAPACIDADE. AF_07/2024","M2",231.26]
["Concreto Projetado",91091,"EXECUÇÃO DE REVESTIMENTO DE CONCRETO PROJETADO COM ESPESSURA DE 10 CM, ARMADO COM TELA, INCLINAÇÃO MENOR QUE 90°, APLICAÇÃO DESCONTÍNUA, UTILIZANDO EQUIPAMENTO DE PROJEÇÃO COM 3 M³/H DE CAPACIDADE. AF_07/2024","M2",291]
["Concreto Projetado",91087,"EXECUÇÃO DE REVESTIMENTO DE CONCRETO PROJETADO COM ESPESSURA DE 10 CM, ARMADO COM TELA, INCLINAÇÃO MENOR QUE 90°, APLICAÇÃO DESCONTÍNUA, UTILIZANDO EQUIPAMENTO DE PROJEÇÃO COM 6 M³/H DE CAPACIDADE. AF_07/2024","M2",257.31]
["Concreto Projetado",91083,"EXECUÇÃO DE REVESTIMENTO DE CONCRETO PROJETADO COM ESPESSURA DE 7 CM, ARMADO COM FIBRAS DE AÇO, INCLINAÇÃO DE 90°, APLICAÇÃO CONTÍNUA, UTILIZANDO EQUIPAMENTO DE PROJEÇÃO COM 3 M³/H DE CAPACIDADE. AF_07/2024","M2",379.44]
["Concreto Projetado",91079,"EXECUÇÃO DE REVESTIMENTO DE CONCRETO PROJETADO COM ESPESSURA DE 7 CM, ARMADO COM FIBRAS DE AÇO, INCLINAÇÃO DE 90°, APLICAÇÃO CONTÍNUA, UTILIZANDO EQUIPAMENTO DE PROJEÇÃO COM 6 M³/H DE CAPACIDADE. AF_07/2024","M2",223.2]
["Concreto Projetado",91100,"EXECUÇÃO DE REVESTIMENTO DE CONCRETO PROJETADO COM ESPESSURA DE 7 CM, ARMADO COM FIBRAS DE AÇO, INCLINAÇÃO DE 90°, APLICAÇÃO DESCONTÍNUA, UTILIZANDO EQUIPAMENTO DE PROJEÇÃO COM 3 M³/H DE CAPACIDADE. AF_07/2024","M2",313.87]
["Concreto Projetado",91096,"EXECUÇÃO DE REVESTIMENTO DE CONCRETO PROJETADO COM ESPESSURA DE 7 CM, ARMADO COM FIBRAS DE AÇO, INCLINAÇÃO DE 90°, APLICAÇÃO DESCONTÍNUA, UTILIZANDO EQUIPAMENTO DE PROJEÇÃO COM 6 M³/H DE CAPACIDADE. AF_07/2024","M2",210.48]
["Concreto Projetado",91081,"EXECUÇÃO DE REVESTIMENTO DE CONCRETO PROJETADO COM ESPESSURA DE 7 CM, ARMADO COM FIBRAS DE AÇO, INCLINAÇÃO MENOR QUE 90°, APLICAÇÃO CONTÍNUA, UTILIZANDO EQUIPAMENTO DE PROJEÇÃO COM 3 M³/H DE CAPACIDADE. AF_07/2024","M2",301.62]
["Concreto Projetado",91077,"EXECUÇÃO DE REVESTIMENTO DE CONCRETO PROJETADO COM ESPESSURA DE 7 CM, ARMADO COM FIBRAS DE AÇO, INCLINAÇÃO MENOR QUE 90°, APLICAÇÃO CONTÍNUA, UTILIZANDO EQUIPAMENTO DE PROJEÇÃO COM 6 M³/H DE CAPACIDADE. AF_07/2024","M2",204.61]
["Concreto Projetado",91098,"EXECUÇÃO DE REVESTIMENTO DE CONCRETO PROJETADO COM ESPESSURA DE 7 CM, ARMADO COM FIBRAS DE AÇO, INCLINAÇÃO MENOR QUE 90°, APLICAÇÃO DESCONTÍNUA, UTILIZANDO EQUIPAMENTO DE PROJEÇÃO COM 3 M³/H DE CAPACIDADE. AF_07/2024","M2",264.58]
["Concreto Projetado",91094,"EXECUÇÃO DE REVESTIMENTO DE CONCRETO PROJETADO COM ESPESSURA DE 7 CM, ARMADO COM FIBRAS DE AÇO, INCLINAÇÃO MENOR QUE 90°, APLICAÇÃO DESCONTÍNUA, UTILIZANDO EQUIPAMENTO DE PROJEÇÃO COM 6 M³/H DE CAPACIDADE. AF_07/2024","M2",195.17]
["Concreto Projetado",91075,"EXECUÇÃO DE REVESTIMENTO DE CONCRETO PROJETADO COM ESPESSURA DE 7 CM, ARMADO COM TELA, INCLINAÇÃO DE 90°, APLICAÇÃO CONTÍNUA, UTILIZANDO EQUIPAMENTO DE PROJEÇÃO COM 3 M³/H DE CAPACIDADE. AF_07/2024","M2",466.26]
["Concreto Projetado",91071,"EXECUÇÃO DE REVESTIMENTO DE CONCRETO PROJETADO COM ESPESSURA DE 7 CM, ARMADO COM TELA, INCLINAÇÃO DE 90°, APLICAÇÃO CONTÍNUA, UTILIZANDO EQUIPAMENTO DE PROJEÇÃO COM 6 M³/H DE CAPACIDADE. AF_07/2024","M2",364.66]
["Concreto Projetado",91092,"EXECUÇÃO DE REVESTIMENTO DE CONCRETO PROJETADO COM ESPESSURA DE 7 CM, ARMADO COM TELA, INCLINAÇÃO DE 90°, APLICAÇÃO DESCONTÍNUA, UTILIZANDO EQUIPAMENTO DE PROJEÇÃO COM 3 M³/H DE CAPACIDADE. AF_07/2024","M2",462.2]
["Concreto Projetado",91088,"EXECUÇÃO DE REVESTIMENTO DE CONCRETO PROJETADO COM ESPESSURA DE 7 CM, ARMADO COM TELA, INCLINAÇÃO DE 90°, APLICAÇÃO DESCONTÍNUA, UTILIZANDO EQUIPAMENTO DE PROJEÇÃO COM 6 M³/H DE CAPACIDADE. AF_07/2024","M2",389.32]
["Concreto Projetado",91073,"EXECUÇÃO DE REVESTIMENTO DE CONCRETO PROJETADO COM ESPESSURA DE 7 CM, ARMADO COM TELA, INCLINAÇÃO MENOR QUE 90°, APLICAÇÃO CONTÍNUA, UTILIZANDO EQUIPAMENTO DE PROJEÇÃO COM 3 M³/H DE CAPACIDADE. AF_07/2024","M2",287.35000000000002]
["Concreto Projetado",91069,"EXECUÇÃO DE REVESTIMENTO DE CONCRETO PROJETADO COM ESPESSURA DE 7 CM, ARMADO COM TELA, INCLINAÇÃO MENOR QUE 90°, APLICAÇÃO CONTÍNUA, UTILIZANDO EQUIPAMENTO DE PROJEÇÃO COM 6 M³/H DE CAPACIDADE. AF_07/2024","M2",218.96]
["Concreto Projetado",91090,"EXECUÇÃO DE REVESTIMENTO DE CONCRETO PROJETADO COM ESPESSURA DE 7 CM, ARMADO COM TELA, INCLINAÇÃO MENOR QUE 90°, APLICAÇÃO DESCONTÍNUA, UTILIZANDO EQUIPAMENTO DE PROJEÇÃO COM 3 M³/H DE CAPACIDADE. AF_07/2024","M2",294.82]
["Concreto Projetado",91086,"EXECUÇÃO DE REVESTIMENTO DE CONCRETO PROJETADO COM ESPESSURA DE 7 CM, ARMADO COM TELA, INCLINAÇÃO MENOR QUE 90°, APLICAÇÃO DESCONTÍNUA, UTILIZANDO EQUIPAMENTO DE PROJEÇÃO COM 6 M³/H DE CAPACIDADE. AF_07/2024","M2",243.19]
["Concreto Projetado",105522,"REVESTIMENTO VEGETAL PARA SOLO GRAMPEADO VERDE, ATRAVÉS DE HIDROSSEMEADURA. AF_07/2024","M2",0]
["Concreto Protendido",104281,"ANCORAGEM ATIVA PARA CABO COM 1 CORDOALHA DE DIÂMETRO NOMINAL DE 12,7 MM. AF_08/2022","UN",0]
["Concreto Protendido",104287,"ANCORAGEM ATIVA PARA CABO COM 1 CORDOALHA DE DIÂMETRO NOMINAL DE 15,2 MM. AF_08/2022","UN",0]
["Concreto Protendido",104286,"ANCORAGEM ATIVA PARA CABO COM 12 CORDOALHAS DE DIÂMETRO NOMINAL DE 12,7 MM. AF_08/2022","UN",0]
["Concreto Protendido",104292,"ANCORAGEM ATIVA PARA CABO COM 12 CORDOALHAS DE DIÂMETRO NOMINAL DE 15,2 MM. AF_08/2022","UN",0]
["Concreto Protendido",104282,"ANCORAGEM ATIVA PARA CABO COM 2 CORDOALHAS DE DIÂMETRO NOMINAL DE 12,7 MM. AF_08/2022","UN",0]
["Concreto Protendido",104288,"ANCORAGEM ATIVA PARA CABO COM 2 CORDOALHAS DE DIÂMETRO NOMINAL DE 15,2 MM. AF_08/2022","UN",0]
["Concreto Protendido",104283,"ANCORAGEM ATIVA PARA CABO COM 4 CORDOALHAS DE DIÂMETRO NOMINAL DE 12,7 MM. AF_08/2022","UN",0]
["Concreto Protendido",104289,"ANCORAGEM ATIVA PARA CABO COM 4 CORDOALHAS DE DIÂMETRO NOMINAL DE 15,2 MM. AF_08/2022","UN",0]
["Concreto Protendido",104284,"ANCORAGEM ATIVA PARA CABO COM 6 CORDOALHAS DE DIÂMETRO NOMINAL DE 12,7 MM. AF_08/2022","UN",0]
["Concreto Protendido",104290,"ANCORAGEM ATIVA PARA CABO COM 6 CORDOALHAS DE DIÂMETRO NOMINAL DE 15,2 MM. AF_08/2022","UN",0]
["Concreto Protendido",104285,"ANCORAGEM ATIVA PARA CABO COM 7 CORDOALHAS DE DIÂMETRO NOMINAL DE 12,7 MM. AF_08/2022","UN",0]
["Concreto Protendido",104291,"ANCORAGEM ATIVA PARA CABO COM 7 CORDOALHAS DE DIÂMETRO NOMINAL DE 15,2 MM. AF_08/2022","UN",0]
["Concreto Protendido",104267,"ANCORAGEM ATIVA PARA CORDOALHA COM 7 FIOS E DIÂMETRO NOMINAL DE 12,7 MM. AF_08/2022","UN",0]
["Concreto Protendido",104268,"ANCORAGEM ATIVA PARA CORDOALHA COM 7 FIOS E DIÂMETRO NOMINAL DE 15,2 MM. AF_08/2022","UN",0]
["Concreto Protendido",104269,"ANCORAGEM PASSIVA PARA CABO COM 1 CORDOALHA DE DIÂMETRO NOMINAL DE 12,7 MM. AF_08/2022","UN",0]
["Concreto Protendido",104270,"ANCORAGEM PASSIVA PARA CABO COM 1 CORDOALHA DE DIÂMETRO NOMINAL DE 15,2 MM. AF_08/2022","UN",0]
["Concreto Protendido",104276,"ANCORAGEM PASSIVA PARA CABO COM 12 CORDOALHAS DE DIÂMETRO NOMINAL DE 12,7 MM. AF_08/2022","UN",0]
["Concreto Protendido",104280,"ANCORAGEM PASSIVA PARA CABO COM 12 CORDOALHAS DE DIÂMETRO NOMINAL DE 15,2 MM. AF_08/2022","UN",0]
["Concreto Protendido",104271,"ANCORAGEM PASSIVA PARA CABO COM 2 CORDOALHAS DE DIÂMETRO NOMINAL DE 12,7 MM. AF_08/2022","UN",0]
["Concreto Protendido",104272,"ANCORAGEM PASSIVA PARA CABO COM 2 CORDOALHAS DE DIÂMETRO NOMINAL DE 15,2 MM. AF_08/2022","UN",0]
["Concreto Protendido",104273,"ANCORAGEM PASSIVA PARA CABO COM 4 CORDOALHAS DE DIÂMETRO NOMINAL DE 12,7 MM. AF_08/2022","UN",0]
["Concreto Protendido",104277,"ANCORAGEM PASSIVA PARA CABO COM 4 CORDOALHAS DE DIÂMETRO NOMINAL DE 15,2 MM. AF_08/2022","UN",0]
["Concreto Protendido",104274,"ANCORAGEM PASSIVA PARA CABO COM 6 CORDOALHAS DE DIÂMETRO NOMINAL DE 12,7 MM. AF_08/2022","UN",0]
["Concreto Protendido",104278,"ANCORAGEM PASSIVA PARA CABO COM 6 CORDOALHAS DE DIÂMETRO NOMINAL DE 15,2 MM. AF_08/2022","UN",0]
["Concreto Protendido",104275,"ANCORAGEM PASSIVA PARA CABO COM 7 CORDOALHAS DE DIÂMETRO NOMINAL DE 12,7 MM. AF_08/2022","UN",0]
["Concreto Protendido",104279,"ANCORAGEM PASSIVA PARA CABO COM 7 CORDOALHAS DE DIÂMETRO NOMINAL DE 15,2 MM. AF_08/2022","UN",0]
["Concreto Protendido",104265,"ANCORAGEM PASSIVA PARA CORDOALHA COM 7 FIOS E DIÂMETRO NOMINAL DE 12,7 MM. AF_08/2022","UN",0]
["Concreto Protendido",104266,"ANCORAGEM PASSIVA PARA CORDOALHA COM 7 FIOS E DIÂMETRO NOMINAL DE 15,2 MM. AF_08/2022","UN",0]
["Concreto Protendido",104305,"FORNECIMENTO E INSTALAÇÃO DE BAINHA CIRCULAR COM DIÂMETRO NOMINAL DE 35 MM, INCLUSIVE INJEÇÃO DE NATA DE CIMENTO. AF_08/2022","M",0]
["Concreto Protendido",104306,"FORNECIMENTO E INSTALAÇÃO DE BAINHA CIRCULAR COM DIÂMETRO NOMINAL DE 40 MM, INCLUSIVE INJEÇÃO DE NATA DE CIMENTO. AF_08/2022","M",0]
["Concreto Protendido",104307,"FORNECIMENTO E INSTALAÇÃO DE BAINHA CIRCULAR COM DIÂMETRO NOMINAL DE 50 MM, INCLUSIVE INJEÇÃO DE NATA DE CIMENTO. AF_08/2022","M",0]
["Concreto Protendido",104308,"FORNECIMENTO E INSTALAÇÃO DE BAINHA CIRCULAR COM DIÂMETRO NOMINAL DE 55 MM, INCLUSIVE INJEÇÃO DE NATA DE CIMENTO. AF_08/2022","M",0]
["Concreto Protendido",104309,"FORNECIMENTO E INSTALAÇÃO DE BAINHA CIRCULAR COM DIÂMETRO NOMINAL DE 60 MM, INCLUSIVE INJEÇÃO DE NATA DE CIMENTO. AF_08/2022","M",0]
["Concreto Protendido",104310,"FORNECIMENTO E INSTALAÇÃO DE BAINHA CIRCULAR COM DIÂMETRO NOMINAL DE 65 MM, INCLUSIVE INJEÇÃO DE NATA DE CIMENTO. AF_08/2022","M",0]
["Concreto Protendido",104311,"FORNECIMENTO E INSTALAÇÃO DE BAINHA CIRCULAR COM DIÂMETRO NOMINAL DE 80 MM, INCLUSIVE INJEÇÃO DE NATA DE CIMENTO. AF_08/2022","M",0]
["Concreto Protendido",104301,"FORNECIMENTO E INSTALAÇÃO DE CABO COM CORDOALHA NUA, RESISTÊNCIA À TRAÇÃO DE 190 KGF/MM² E DIÂMETRO NOMINAL DE 12,7 MM, EM VIGA. AF_08/2022","KG",0]
["Concreto Protendido",104302,"FORNECIMENTO E INSTALAÇÃO DE CABO COM CORDOALHA NUA, RESISTÊNCIA À TRAÇÃO DE 190 KGF/MM² E DIÂMETRO NOMINAL DE 15,2 MM, EM VIGA. AF_08/2022","KG",0]
["Concreto Protendido",104303,"FORNECIMENTO E INSTALAÇÃO DE CABO COM CORDOALHA NUA, RESISTÊNCIA À TRAÇÃO DE 210 KGF/MM² E DIÂMETRO NOMINAL DE 12,7 MM, EM VIGA. AF_08/2022","KG",0]
["Concreto Protendido",104304,"FORNECIMENTO E INSTALAÇÃO DE CABO COM CORDOALHA NUA, RESISTÊNCIA À TRAÇÃO DE 210 KGF/MM² E DIÂMETRO NOMINAL DE 15,2 MM, EM VIGA. AF_08/2022","KG",0]
["Concreto Protendido",104293,"FORNECIMENTO E INSTALAÇÃO DE CORDOALHA COM 7 FIOS, RESISTÊNCIA À TRAÇÃO DE 190 KGF/MM² E DIÂMETRO NOMINAL DE 12,7 MM, EM LAJE. AF_08/2022","KG",0]
["Concreto Protendido",104297,"FORNECIMENTO E INSTALAÇÃO DE CORDOALHA COM 7 FIOS, RESISTÊNCIA À TRAÇÃO DE 190 KGF/MM² E DIÂMETRO NOMINAL DE 12,7 MM, EM VIGA. AF_08/2022","KG",0]
["Concreto Protendido",104295,"FORNECIMENTO E INSTALAÇÃO DE CORDOALHA COM 7 FIOS, RESISTÊNCIA À TRAÇÃO DE 190 KGF/MM² E DIÂMETRO NOMINAL DE 15,2 MM, EM LAJE. AF_08/2022","KG",0]
["Concreto Protendido",104299,"FORNECIMENTO E INSTALAÇÃO DE CORDOALHA COM 7 FIOS, RESISTÊNCIA À TRAÇÃO DE 190 KGF/MM² E DIÂMETRO NOMINAL DE 15,2 MM, EM VIGA. AF_08/2022","KG",0]
["Concreto Protendido",104294,"FORNECIMENTO E INSTALAÇÃO DE CORDOALHA COM 7 FIOS, RESISTÊNCIA À TRAÇÃO DE 210 KGF/MM² E DIÂMETRO NOMINAL DE 12,7 MM, EM LAJE. AF_08/2022","KG",0]
["Concreto Protendido",104298,"FORNECIMENTO E INSTALAÇÃO DE CORDOALHA COM 7 FIOS, RESISTÊNCIA À TRAÇÃO DE 210 KGF/MM² E DIÂMETRO NOMINAL DE 12,7 MM, EM VIGA. AF_08/2022","KG",0]
["Concreto Protendido",104296,"FORNECIMENTO E INSTALAÇÃO DE CORDOALHA COM 7 FIOS, RESISTÊNCIA À TRAÇÃO DE 210 KGF/MM² E DIÂMETRO NOMINAL DE 15,2 MM, EM LAJE. AF_08/2022","KG",0]
["Concreto Protendido",104300,"FORNECIMENTO E INSTALAÇÃO DE CORDOALHA COM 7 FIOS, RESISTÊNCIA À TRAÇÃO DE 210 KGF/MM² E DIÂMETRO NOMINAL DE 15,2 MM, EM VIGA. AF_08/2022","KG",0]
["Contrapiso",90944,"CONTRAPISO ACÚSTICO EM ARGAMASSA PRONTA, PREPARO MANUAL, APLICADO EM ÁREAS SECA, ACABAMENTO NÃO REFORÇADO, ESPESSURA 6CM. AF_07/2021","M2",205.24]
["Contrapiso",90934,"CONTRAPISO ACÚSTICO EM ARGAMASSA PRONTA, PREPARO MANUAL, APLICADO EM ÁREAS SECAS, ACABAMENTO NÃO REFORÇADO, ESPESSURA 5CM. AF_07/2021","M2",190.29]
["Contrapiso",90954,"CONTRAPISO ACÚSTICO EM ARGAMASSA PRONTA, PREPARO MANUAL, APLICADO EM ÁREAS SECAS, ACABAMENTO NÃO REFORÇADO, ESPESSURA 7CM. AF_07/2021","M2",232.62]
["Contrapiso",90933,"CONTRAPISO ACÚSTICO EM ARGAMASSA PRONTA, PREPARO MECÂNICO COM MISTURADOR 300 KG, APLICADO EM ÁREAS SECAS, ACABAMENTO NÃO REFORÇADO, ESPESSURA 5CM. AF_07/2021","M2",178.93]
["Contrapiso",90943,"CONTRAPISO ACÚSTICO EM ARGAMASSA PRONTA, PREPARO MECÂNICO COM MISTURADOR 300 KG, APLICADO EM ÁREAS SECAS, ACABAMENTO NÃO REFORÇADO, ESPESSURA 6CM. AF_07/2021","M2",192.86]
["Contrapiso",90953,"CONTRAPISO ACÚSTICO EM ARGAMASSA PRONTA, PREPARO MECÂNICO COM MISTURADOR 300 KG, APLICADO EM ÁREAS SECAS, ACABAMENTO NÃO REFORÇADO, ESPESSURA 7CM. AF_07/2021","M2",218.39]
["Contrapiso",90932,"CONTRAPISO ACÚSTICO EM ARGAMASSA TRAÇO 1:4 (CIMENTO E AREIA), PREPARO MANUAL, APLICADO EM ÁREAS SECAS, ACABAMENTO NÃO REFORÇADO, ESPESSURA 5CM. AF_07/2021","M2",96.72]
["Contrapiso",90942,"CONTRAPISO ACÚSTICO EM ARGAMASSA TRAÇO 1:4 (CIMENTO E AREIA), PREPARO MANUAL, APLICADO EM ÁREAS SECAS, ACABAMENTO NÃO REFORÇADO, ESPESSURA 6CM. AF_07/2021","M2",103.35]
["Contrapiso",90952,"CONTRAPISO ACÚSTICO EM ARGAMASSA TRAÇO 1:4 (CIMENTO E AREIA), PREPARO MANUAL, APLICADO EM ÁREAS SECAS, ACABAMENTO NÃO REFORÇADO, ESPESSURA 7CM. AF_07/2021","M2",115.47]
["Contrapiso",90930,"CONTRAPISO ACÚSTICO EM ARGAMASSA TRAÇO 1:4 (CIMENTO E AREIA), PREPARO MECÂNICO COM BETONEIRA 400L, APLICADO EM ÁREAS SECAS, ACABAMENTO NÃO REFORÇADO, ESPESSURA 5CM. AF_07/2021","M2",92.99]
["Contrapiso",90940,"CONTRAPISO ACÚSTICO EM ARGAMASSA TRAÇO 1:4 (CIMENTO E AREIA), PREPARO MECÂNICO COM BETONEIRA 400L, APLICADO EM ÁREAS SECAS, ACABAMENTO NÃO REFORÇADO, ESPESSURA 6CM. AF_07/2021","M2",99.28]
["Contrapiso",90950,"CONTRAPISO ACÚSTICO EM ARGAMASSA TRAÇO 1:4 (CIMENTO E AREIA), PREPARO MECÂNICO COM BETONEIRA 400L, APLICADO EM ÁREAS SECAS, ACABAMENTO NÃO REFORÇADO, ESPESSURA 7CM. AF_07/2021","M2",110.79]
["Contrapiso",88476,"CONTRAPISO COM ARGAMASSA AUTONIVELANTE, APLICADO SOBRE LAJE, ADERIDO, ESPESSURA 2CM. AF_07/2021","M2",25.15]
["Contrapiso",88477,"CONTRAPISO COM ARGAMASSA AUTONIVELANTE, APLICADO SOBRE LAJE, ADERIDO, ESPESSURA 3CM. AF_07/2021","M2",34.700000000000003]
["Contrapiso",88478,"CONTRAPISO COM ARGAMASSA AUTONIVELANTE, APLICADO SOBRE LAJE, ADERIDO, ESPESSURA 4CM. AF_07/2021","M2",42.61]
["Contrapiso",88470,"CONTRAPISO COM ARGAMASSA AUTONIVELANTE, APLICADO SOBRE LAJE, NÃO ADERIDO, ESPESSURA 3CM. AF_07/2021","M2",30.3]
["Contrapiso",88471,"CONTRAPISO COM ARGAMASSA AUTONIVELANTE, APLICADO SOBRE LAJE, NÃO ADERIDO, ESPESSURA 4CM. AF_07/2021","M2",37.93]
["Contrapiso",88472,"CONTRAPISO COM ARGAMASSA AUTONIVELANTE, APLICADO SOBRE LAJE, NÃO ADERIDO, ESPESSURA 5CM. AF_07/2021","M2",43.99]
["Contrapiso",87759,"CONTRAPISO EM ARGAMASSA PRONTA, PREPARO MANUAL, APLICADO EM ÁREAS MOLHADAS SOBRE IMPERMEABILIZAÇÃO, ACABAMENTO NÃO REFORÇADO, ESPESSURA 3CM. AF_07/2021","M2",129.12]
["Contrapiso",87769,"CONTRAPISO EM ARGAMASSA PRONTA, PREPARO MANUAL, APLICADO EM ÁREAS MOLHADAS SOBRE IMPERMEABILIZAÇÃO, ACABAMENTO NÃO REFORÇADO, ESPESSURA 4CM. AF_07/2021","M2",153.75]
["Contrapiso",87739,"CONTRAPISO EM ARGAMASSA PRONTA, PREPARO MANUAL, APLICADO EM ÁREAS MOLHADAS SOBRE LAJE, ADERIDO, ACABAMENTO NÃO REFORÇADO, ESPESSURA 2CM. AF_07/2021","M2",101.45]
["Contrapiso",87749,"CONTRAPISO EM ARGAMASSA PRONTA, PREPARO MANUAL, APLICADO EM ÁREAS MOLHADAS SOBRE LAJE, ADERIDO, ACABAMENTO NÃO REFORÇADO, ESPESSURA 3CM. AF_07/2021","M2",131.47999999999999]
["Contrapiso",87624,"CONTRAPISO EM ARGAMASSA PRONTA, PREPARO MANUAL, APLICADO EM ÁREAS SECAS SOBRE LAJE, ADERIDO, ACABAMENTO NÃO REFORÇADO, ESPESSURA 2CM. AF_07/2021","M2",87.04]
["Contrapiso",87634,"CONTRAPISO EM ARGAMASSA PRONTA, PREPARO MANUAL, APLICADO EM ÁREAS SECAS SOBRE LAJE, ADERIDO, ACABAMENTO NÃO REFORÇADO, ESPESSURA 3CM. AF_07/2021","M2",117.06]
["Contrapiso",87644,"CONTRAPISO EM ARGAMASSA PRONTA, PREPARO MANUAL, APLICADO EM ÁREAS SECAS SOBRE LAJE, ADERIDO, ACABAMENTO NÃO REFORÇADO, ESPESSURA 4CM. AF_07/2021","M2",141.63999999999999]
["Contrapiso",87684,"CONTRAPISO EM ARGAMASSA PRONTA, PREPARO MANUAL, APLICADO EM ÁREAS SECAS SOBRE LAJE, NÃO ADERIDO, ACABAMENTO NÃO REFORÇADO, ESPESSURA 4CM. AF_07/2021","M2",136.54]
["Contrapiso",87694,"CONTRAPISO EM ARGAMASSA PRONTA, PREPARO MANUAL, APLICADO EM ÁREAS SECAS SOBRE LAJE, NÃO ADERIDO, ACABAMENTO NÃO REFORÇADO, ESPESSURA 5CM. AF_07/2021","M2",156.41]
["Contrapiso",87704,"CONTRAPISO EM ARGAMASSA PRONTA, PREPARO MANUAL, APLICADO EM ÁREAS SECAS SOBRE LAJE, NÃO ADERIDO, ACABAMENTO NÃO REFORÇADO, ESPESSURA 6CM. AF_07/2021","M2",169.81]
["Contrapiso",87758,"CONTRAPISO EM ARGAMASSA PRONTA, PREPARO MECÂNICO COM MISTURADOR 300 KG, APLICADO EM ÁREAS MOLHADAS SOBRE IMPERMEABILIZAÇÃO, ACABAMENTO NÃO REFORÇADO, ESPESSURA 3CM. AF_07/2021","M2",121.05]
["Contrapiso",87768,"CONTRAPISO EM ARGAMASSA PRONTA, PREPARO MECÂNICO COM MISTURADOR 300 KG, APLICADO EM ÁREAS MOLHADAS SOBRE IMPERMEABILIZAÇÃO, ACABAMENTO NÃO REFORÇADO, ESPESSURA 4CM. AF_07/2021","M2",143.83000000000001]
["Contrapiso",87738,"CONTRAPISO EM ARGAMASSA PRONTA, PREPARO MECÂNICO COM MISTURADOR 300 KG, APLICADO EM ÁREAS MOLHADAS SOBRE LAJE, ADERIDO, ACABAMENTO NÃO REFORÇADO, ESPESSURA 2CM. AF_07/2021","M2",95.65]
["Contrapiso",87748,"CONTRAPISO EM ARGAMASSA PRONTA, PREPARO MECÂNICO COM MISTURADOR 300 KG, APLICADO EM ÁREAS MOLHADAS SOBRE LAJE, ADERIDO, ACABAMENTO NÃO REFORÇADO, ESPESSURA 3CM. AF_07/2021","M2",123.41]
["Contrapiso",87623,"CONTRAPISO EM ARGAMASSA PRONTA, PREPARO MECÂNICO COM MISTURADOR 300 KG, APLICADO EM ÁREAS SECAS SOBRE LAJE, ADERIDO, ACABAMENTO NÃO REFORÇADO, ESPESSURA 2CM. AF_07/2021","M2",81.239999999999995]
["Contrapiso",87633,"CONTRAPISO EM ARGAMASSA PRONTA, PREPARO MECÂNICO COM MISTURADOR 300 KG, APLICADO EM ÁREAS SECAS SOBRE LAJE, ADERIDO, ACABAMENTO NÃO REFORÇADO, ESPESSURA 3CM. AF_07/2021","M2",108.99]
["Contrapiso",87643,"CONTRAPISO EM ARGAMASSA PRONTA, PREPARO MECÂNICO COM MISTURADOR 300 KG, APLICADO EM ÁREAS SECAS SOBRE LAJE, ADERIDO, ACABAMENTO NÃO REFORÇADO, ESPESSURA 4CM. AF_07/2021","M2",131.72]
["Contrapiso",87683,"CONTRAPISO EM ARGAMASSA PRONTA, PREPARO MECÂNICO COM MISTURADOR 300 KG, APLICADO EM ÁREAS SECAS SOBRE LAJE, NÃO ADERIDO, ACABAMENTO NÃO REFORÇADO, ESPESSURA 4CM. AF_07/2021","M2",126.62]
["Contrapiso",87703,"CONTRAPISO EM ARGAMASSA PRONTA, PREPARO MECÂNICO COM MISTURADOR 300 KG, APLICADO EM ÁREAS SECAS SOBRE LAJE, NÃO ADERIDO, ACABAMENTO NÃO REFORÇADO, ESPESSURA 6CM. AF_07/2021","M2",157.43]
["Contrapiso",87693,"CONTRAPISO EM ARGAMASSA PRONTA, PREPARO MECÂNICO COM MISTURADOR 300 KG, APLICADO EM ÁREAS SECAS SOBRE LAJE, NÃO ADERIDO, ESPESSURA 5CM. AF_07/2021","M2",145.05000000000001]
["Contrapiso",87757,"CONTRAPISO EM ARGAMASSA TRAÇO 1:4 (CIMENTO E AREIA), PREPARO MANUAL, APLICADO EM ÁREAS MOLHADAS SOBRE IMPERMEABILIZAÇÃO, ACABAMENTO NÃO REFORÇADO, ESPESSURA 3CM. AF_07/2021","M2",62.68]
["Contrapiso",87767,"CONTRAPISO EM ARGAMASSA TRAÇO 1:4 (CIMENTO E AREIA), PREPARO MANUAL, APLICADO EM ÁREAS MOLHADAS SOBRE IMPERMEABILIZAÇÃO, ACABAMENTO NÃO REFORÇADO, ESPESSURA 4CM. AF_07/2021","M2",72.05]
["Contrapiso",87737,"CONTRAPISO EM ARGAMASSA TRAÇO 1:4 (CIMENTO E AREIA), PREPARO MANUAL, APLICADO EM ÁREAS MOLHADAS SOBRE LAJE, ADERIDO, ACABAMENTO NÃO REFORÇADO, ESPESSURA 2CM. AF_07/2021","M2",53.67]
["Contrapiso",87747,"CONTRAPISO EM ARGAMASSA TRAÇO 1:4 (CIMENTO E AREIA), PREPARO MANUAL, APLICADO EM ÁREAS MOLHADAS SOBRE LAJE, ADERIDO, ACABAMENTO NÃO REFORÇADO, ESPESSURA 3CM. AF_07/2021","M2",65.040000000000006]
["Contrapiso",87622,"CONTRAPISO EM ARGAMASSA TRAÇO 1:4 (CIMENTO E AREIA), PREPARO MANUAL, APLICADO EM ÁREAS SECAS SOBRE LAJE, ADERIDO, ACABAMENTO NÃO REFORÇADO, ESPESSURA 2CM. AF_07/2021","M2",39.26]
["Contrapiso",87632,"CONTRAPISO EM ARGAMASSA TRAÇO 1:4 (CIMENTO E AREIA), PREPARO MANUAL, APLICADO EM ÁREAS SECAS SOBRE LAJE, ADERIDO, ACABAMENTO NÃO REFORÇADO, ESPESSURA 3CM. AF_07/2021","M2",50.62]
["Contrapiso",87642,"CONTRAPISO EM ARGAMASSA TRAÇO 1:4 (CIMENTO E AREIA), PREPARO MANUAL, APLICADO EM ÁREAS SECAS SOBRE LAJE, ADERIDO, ACABAMENTO NÃO REFORÇADO, ESPESSURA 4CM. AF_07/2021","M2",59.94]
["Contrapiso",87682,"CONTRAPISO EM ARGAMASSA TRAÇO 1:4 (CIMENTO E AREIA), PREPARO MANUAL, APLICADO EM ÁREAS SECAS SOBRE LAJE, NÃO ADERIDO, ACABAMENTO NÃO REFORÇADO, ESPESSURA 4CM. AF_07/2021","M2",54.84]
["Contrapiso",87692,"CONTRAPISO EM ARGAMASSA TRAÇO 1:4 (CIMENTO E AREIA), PREPARO MANUAL, APLICADO EM ÁREAS SECAS SOBRE LAJE, NÃO ADERIDO, ACABAMENTO NÃO REFORÇADO, ESPESSURA 5CM. AF_07/2021","M2",62.84]
["Contrapiso",87702,"CONTRAPISO EM ARGAMASSA TRAÇO 1:4 (CIMENTO E AREIA), PREPARO MANUAL, APLICADO EM ÁREAS SECAS SOBRE LAJE, NÃO ADERIDO, ACABAMENTO NÃO REFORÇADO, ESPESSURA 6CM. AF_07/2021","M2",67.92]
["Contrapiso",87755,"CONTRAPISO EM ARGAMASSA TRAÇO 1:4 (CIMENTO E AREIA), PREPARO MECÂNICO COM BETONEIRA 400 L, APLICADO EM ÁREAS MOLHADAS SOBRE IMPERMEABILIZAÇÃO, ACABAMENTO NÃO REFORÇADO, ESPESSURA 3CM. AF_07/2021","M2",60.03]
["Contrapiso",87765,"CONTRAPISO EM ARGAMASSA TRAÇO 1:4 (CIMENTO E AREIA), PREPARO MECÂNICO COM BETONEIRA 400 L, APLICADO EM ÁREAS MOLHADAS SOBRE IMPERMEABILIZAÇÃO, ACABAMENTO NÃO REFORÇADO, ESPESSURA 4CM. AF_07/2021","M2",68.790000000000006]
["Contrapiso",87735,"CONTRAPISO EM ARGAMASSA TRAÇO 1:4 (CIMENTO E AREIA), PREPARO MECÂNICO COM BETONEIRA 400 L, APLICADO EM ÁREAS MOLHADAS SOBRE LAJE, ADERIDO, ACABAMENTO NÃO REFORÇADO, ESPESSURA 2CM. AF_07/2021","M2",51.76]
["Contrapiso",87745,"CONTRAPISO EM ARGAMASSA TRAÇO 1:4 (CIMENTO E AREIA), PREPARO MECÂNICO COM BETONEIRA 400 L, APLICADO EM ÁREAS MOLHADAS SOBRE LAJE, ADERIDO, ACABAMENTO NÃO REFORÇADO, ESPESSURA 3CM. AF_07/2021","M2",62.39]
["Contrapiso",87620,"CONTRAPISO EM ARGAMASSA TRAÇO 1:4 (CIMENTO E AREIA), PREPARO MECÂNICO COM BETONEIRA 400 L, APLICADO EM ÁREAS SECAS SOBRE LAJE, ADERIDO, ACABAMENTO NÃO REFORÇADO, ESPESSURA 2CM. AF_07/2021","M2",37.35]
["Contrapiso",87630,"CONTRAPISO EM ARGAMASSA TRAÇO 1:4 (CIMENTO E AREIA), PREPARO MECÂNICO COM BETONEIRA 400 L, APLICADO EM ÁREAS SECAS SOBRE LAJE, ADERIDO, ACABAMENTO NÃO REFORÇADO, ESPESSURA 3CM. AF_07/2021","M2",47.97]
["Contrapiso",87640,"CONTRAPISO EM ARGAMASSA TRAÇO 1:4 (CIMENTO E AREIA), PREPARO MECÂNICO COM BETONEIRA 400 L, APLICADO EM ÁREAS SECAS SOBRE LAJE, ADERIDO, ACABAMENTO NÃO REFORÇADO, ESPESSURA 4CM. AF_07/2021","M2",56.68]
["Contrapiso",87680,"CONTRAPISO EM ARGAMASSA TRAÇO 1:4 (CIMENTO E AREIA), PREPARO MECÂNICO COM BETONEIRA 400 L, APLICADO EM ÁREAS SECAS SOBRE LAJE, NÃO ADERIDO, ACABAMENTO NÃO REFORÇADO, ESPESSURA 4CM. AF_07/2021","M2",51.58]
["Contrapiso",87690,"CONTRAPISO EM ARGAMASSA TRAÇO 1:4 (CIMENTO E AREIA), PREPARO MECÂNICO COM BETONEIRA 400 L, APLICADO EM ÁREAS SECAS SOBRE LAJE, NÃO ADERIDO, ACABAMENTO NÃO REFORÇADO, ESPESSURA 5CM. AF_07/2021","M2",59.11]
["Contrapiso",87700,"CONTRAPISO EM ARGAMASSA TRAÇO 1:4 (CIMENTO E AREIA), PREPARO MECÂNICO COM BETONEIRA 400 L, APLICADO EM ÁREAS SECAS SOBRE LAJE, NÃO ADERIDO, ACABAMENTO NÃO REFORÇADO, ESPESSURA 6CM. AF_07/2021","M2",63.85]
["Contrapiso",102803,"REFORÇO SUPERFICIAL PARA CONTRAPISOS DE ARGAMASSA SEMI-SECA. AF_07/2021","M2",2.77]
["Custos Horários Produtivo e Improdutivo dos Equipamentos",92717,"APARELHO PARA CORTE E SOLDA OXI-ACETILENO SOBRE RODAS, INCLUSIVE CILINDROS E MAÇARICOS - CHI DIURNO. AF_05/2023","CHI",0.39]
["Custos Horários Produtivo e Improdutivo dos Equipamentos",92716,"APARELHO PARA CORTE E SOLDA OXI-ACETILENO SOBRE RODAS, INCLUSIVE CILINDROS E MAÇARICOS - CHP DIURNO. AF_05/2023","CHP",159.86000000000001]
["Custos Horários Produtivo e Improdutivo dos Equipamentos",103668,"BATE ESTACA PARA INSTALAÇÃO DE DEFENSAS METÁLICAS (GUARD RAIL) FIXO, INCLUSIVE CAMINHÃO TOCO PBT 9.700 KG, POTÊNCIA DE 160 CV - CHI DIURNO. AF_05/2023","CHI",0]
["Custos Horários Produtivo e Improdutivo dos Equipamentos",103667,"BATE ESTACA PARA INSTALAÇÃO DE DEFENSAS METÁLICAS (GUARD RAIL) FIXO, INCLUSIVE CAMINHÃO TOCO PBT 9.700 KG, POTÊNCIA DE 160 CV - CHP DIURNO. AF_05/2023","CHP",0]
["Custos Horários Produtivo e Improdutivo dos Equipamentos",89218,"BATE-ESTACAS POR GRAVIDADE, POTÊNCIA DE 160 HP, PESO DO MARTELO ATÉ 3 TONELADAS - CHI DIURNO. AF_11/2014","CHI",112.88]
["Custos Horários Produtivo e Improdutivo dos Equipamentos",89843,"BATE-ESTACAS POR GRAVIDADE, POTÊNCIA DE 160 HP, PESO DO MARTELO ATÉ 3 TONELADAS - CHP DIURNO. AF_11/2014","CHP",232.54]
["Custos Horários Produtivo e Improdutivo dos Equipamentos",87446,"BETONEIRA CAPACIDADE NOMINAL 400 L, CAPACIDADE DE MISTURA 310 L, MOTOR A DIESEL POTÊNCIA 5,0 HP, SEM CARREGADOR - CHI DIURNO. AF_05/2023","CHI",0.6]
["Custos Horários Produtivo e Improdutivo dos Equipamentos",87445,"BETONEIRA CAPACIDADE NOMINAL 400 L, CAPACIDADE DE MISTURA 310 L, MOTOR A DIESEL POTÊNCIA 5,0 HP, SEM CARREGADOR - CHP DIURNO. AF_05/2023","CHP",5.34]
["Custos Horários Produtivo e Improdutivo dos Equipamentos",93234,"BETONEIRA CAPACIDADE NOMINAL 400 L, CAPACIDADE DE MISTURA 310 L, MOTOR A GASOLINA POTÊNCIA 5,5 HP, SEM CARREGADOR - CHI DIURNO. AF_02/2016","CHI",0.54]
["Custos Horários Produtivo e Improdutivo dos Equipamentos",93233,"BETONEIRA CAPACIDADE NOMINAL 400 L, CAPACIDADE DE MISTURA 310 L, MOTOR A GASOLINA POTÊNCIA 5,5 HP, SEM CARREGADOR - CHP DIURNO. AF_02/2016","CHP",5.84]
["Custos Horários Produtivo e Improdutivo dos Equipamentos",102953,"BETONEIRA CAPACIDADE NOMINAL DE 250 L, CAPACIDADE DE MISTURA DE 175 L, MOTOR ELÉTRICO MONOFÁSICO POTÊNCIA 1CV - CHI DIURNO. AF_05/2023","CHI",0]
["Custos Horários Produtivo e Improdutivo dos Equipamentos",102952,"BETONEIRA CAPACIDADE NOMINAL DE 250 L, CAPACIDADE DE MISTURA DE 175 L, MOTOR ELÉTRICO MONOFÁSICO POTÊNCIA 1CV - CHP DIURNO. AF_05/2023","CHP",0]
["Custos Horários Produtivo e Improdutivo dos Equipamentos",88831,"BETONEIRA CAPACIDADE NOMINAL DE 400 L, CAPACIDADE DE MISTURA 280 L, MOTOR ELÉTRICO TRIFÁSICO POTÊNCIA DE 2 CV, SEM CARREGADOR - CHI DIURNO. AF_05/2023","CHI",0.43]
["Custos Horários Produtivo e Improdutivo dos Equipamentos",88830,"BETONEIRA CAPACIDADE NOMINAL DE 400 L, CAPACIDADE DE MISTURA 280 L, MOTOR ELÉTRICO TRIFÁSICO POTÊNCIA DE 2 CV, SEM CARREGADOR - CHP DIURNO. AF_05/2023","CHP",2.2000000000000002]
["Custos Horários Produtivo e Improdutivo dos Equipamentos",89226,"BETONEIRA CAPACIDADE NOMINAL DE 600 L, CAPACIDADE DE MISTURA 360 L, MOTOR ELÉTRICO TRIFÁSICO POTÊNCIA DE 4 CV, SEM CARREGADOR - CHI DIURNO. AF_05/2023","CHI",1.79]
["Custos Horários Produtivo e Improdutivo dos Equipamentos",89225,"BETONEIRA CAPACIDADE NOMINAL DE 600 L, CAPACIDADE DE MISTURA 360 L, MOTOR ELÉTRICO TRIFÁSICO POTÊNCIA DE 4 CV, SEM CARREGADOR - CHP DIURNO. AF_05/2023","CHP",6.15]
["Custos Horários Produtivo e Improdutivo dos Equipamentos",89279,"BETONEIRA CAPACIDADE NOMINAL DE 600 L, CAPACIDADE DE MISTURA 440 L, MOTOR A DIESEL POTÊNCIA 10 HP, COM CARREGADOR - CHI DIURNO. AF_05/2023","CHI",2.1800000000000002]
["Custos Horários Produtivo e Improdutivo dos Equipamentos",89278,"BETONEIRA CAPACIDADE NOMINAL DE 600 L, CAPACIDADE DE MISTURA 440 L, MOTOR A DIESEL POTÊNCIA 10 HP, COM CARREGADOR - CHP DIURNO. AF_05/2023","CHP",12.67]
["Custos Horários Produtivo e Improdutivo dos Equipamentos",90651,"BOMBA CENTRÍFUGA MONOESTÁGIO COM MOTOR ELÉTRICO MONOFÁSICO, POTÊNCIA 15 HP, DIÂMETRO DO ROTOR 173 MM, HM/Q = 30 MCA / 90 M3/H A 45 MCA / 55 M3/H - CHI DIURNO. AF_06/2015","CHI",0.81]
["Custos Horários Produtivo e Improdutivo dos Equipamentos",90650,"BOMBA CENTRÍFUGA MONOESTÁGIO COM MOTOR ELÉTRICO MONOFÁSICO, POTÊNCIA 15 HP, DIÂMETRO DO ROTOR 173 MM, HM/Q = 30 MCA / 90 M3/H A 45 MCA / 55 M3/H - CHP DIURNO. AF_06/2015","CHP",12.27]
["Custos Horários Produtivo e Improdutivo dos Equipamentos",90657,"BOMBA DE PROJEÇÃO DE CONCRETO SECO, POTÊNCIA 10 CV, VAZÃO 3 M3/H - CHI DIURNO. AF_06/2015","CHI",5.39]
["Custos Horários Produtivo e Improdutivo dos Equipamentos",90656,"BOMBA DE PROJEÇÃO DE CONCRETO SECO, POTÊNCIA 10 CV, VAZÃO 3 M3/H - CHP DIURNO. AF_06/2015","CHP",17.25]
["Custos Horários Produtivo e Improdutivo dos Equipamentos",90663,"BOMBA DE PROJEÇÃO DE CONCRETO SECO, POTÊNCIA 10 CV, VAZÃO 6 M3/H - CHI DIURNO. AF_06/2015","CHI",5.77]
["Custos Horários Produtivo e Improdutivo dos Equipamentos",90662,"BOMBA DE PROJEÇÃO DE CONCRETO SECO, POTÊNCIA 10 CV, VAZÃO 6 M3/H - CHP DIURNO. AF_06/2015","CHP",17.97]
["Custos Horários Produtivo e Improdutivo dos Equipamentos",89022,"BOMBA SUBMERSÍVEL ELÉTRICA TRIFÁSICA, POTÊNCIA 2,96 HP, Ø ROTOR 144 MM SEMI-ABERTO, BOCAL DE SAÍDA Ø 2\", HM/Q = 2 MCA / 38,8 M3/H A 28 MCA / 5 M3/H - CHI DIURNO. AF_06/2014","CHI",0.38]
["Custos Horários Produtivo e Improdutivo dos Equipamentos",89021,"BOMBA SUBMERSÍVEL ELÉTRICA TRIFÁSICA, POTÊNCIA 2,96 HP, Ø ROTOR 144 MM SEMI-ABERTO, BOCAL DE SAÍDA Ø 2\", HM/Q = 2 MCA / 38,8 M3/H A 28 MCA / 5 M3/H - CHP DIURNO. AF_06/2014","CHP",2.84]
["Custos Horários Produtivo e Improdutivo dos Equipamentos",90644,"BOMBA TRIPLEX, PARA INJEÇÃO DE NATA DE CIMENTO, VAZÃO MÁXIMA DE 100 LITROS/MINUTO, PRESSÃO MÁXIMA DE 70 BAR - CHI DIURNO. AF_06/2015","CHI",8.27]
["Custos Horários Produtivo e Improdutivo dos Equipamentos",90643,"BOMBA TRIPLEX, PARA INJEÇÃO DE NATA DE CIMENTO, VAZÃO MÁXIMA DE 100 LITROS/MINUTO, PRESSÃO MÁXIMA DE 70 BAR - CHP DIURNO. AF_06/2015","CHP",28.03]
["Custos Horários Produtivo e Improdutivo dos Equipamentos",102811,"CALDEIRA A GÁS COM TERMOSTATO, CAPACIDADE 100 LITROS - CHI DIURNO. AF_05/2023","CHI",0]
["Custos Horários Produtivo e Improdutivo dos Equipamentos",102810,"CALDEIRA A GÁS COM TERMOSTATO, CAPACIDADE 100 LITROS - CHP DIURNO. AF_05/2023","CHP",0]
["Custos Horários Produtivo e Improdutivo dos Equipamentos",92146,"CAMINHONETE CABINE SIMPLES COM MOTOR 1.6 FLEX, CÂMBIO MANUAL, POTÊNCIA 101/104 CV, 2 PORTAS - CHI DIURNO. AF_11/2015","CHI",38.06]
["Custos Horários Produtivo e Improdutivo dos Equipamentos",92145,"CAMINHONETE CABINE SIMPLES COM MOTOR 1.6 FLEX, CÂMBIO MANUAL, POTÊNCIA 101/104 CV, 2 PORTAS - CHP DIURNO. AF_11/2015","CHP",85.23]
["Custos Horários Produtivo e Improdutivo dos Equipamentos",92139,"CAMINHONETE COM MOTOR A DIESEL, POTÊNCIA 180 CV, CABINE DUPLA, 4X4 - CHI DIURNO. AF_11/2015","CHI",49.87]
["Custos Horários Produtivo e Improdutivo dos Equipamentos",92138,"CAMINHONETE COM MOTOR A DIESEL, POTÊNCIA 180 CV, CABINE DUPLA, 4X4 - CHP DIURNO. AF_11/2015","CHP",100.94]
["Custos Horários Produtivo e Improdutivo dos Equipamentos",91387,"CAMINHÃO BASCULANTE 10 M3, TRUCADO CABINE SIMPLES, PESO BRUTO TOTAL 23.000 KG, CARGA ÚTIL MÁXIMA 15.935 KG, DISTÂNCIA ENTRE EIXOS 4,80 M, POTÊNCIA 230 CV INCLUSIVE CAÇAMBA METÁLICA - CHI DIURNO. AF_06/2014","CHI",78.209999999999994]
["Custos Horários Produtivo e Improdutivo dos Equipamentos",91386,"CAMINHÃO BASCULANTE 10 M3, TRUCADO CABINE SIMPLES, PESO BRUTO TOTAL 23.000 KG, CARGA ÚTIL MÁXIMA 15.935 KG, DISTÂNCIA ENTRE EIXOS 4,80 M, POTÊNCIA 230 CV INCLUSIVE CAÇAMBA METÁLICA - CHP DIURNO. AF_06/2014","CHP",268.69]
["Custos Horários Produtivo e Improdutivo dos Equipamentos",96036,"CAMINHÃO BASCULANTE 10 M3, TRUCADO, POTÊNCIA 230 CV, INCLUSIVE CAÇAMBA METÁLICA, COM DISTRIBUIDOR DE AGREGADOS ACOPLADO - CHI DIURNO. AF_02/2017","CHI",88.28]
["Custos Horários Produtivo e Improdutivo dos Equipamentos",96035,"CAMINHÃO BASCULANTE 10 M3, TRUCADO, POTÊNCIA 230 CV, INCLUSIVE CAÇAMBA METÁLICA, COM DISTRIBUIDOR DE AGREGADOS ACOPLADO - CHP DIURNO. AF_02/2017","CHP",285.29000000000002]
["Custos Horários Produtivo e Improdutivo dos Equipamentos",89877,"CAMINHÃO BASCULANTE 14 M3, COM CAVALO MECÂNICO DE CAPACIDADE MÁXIMA DE TRAÇÃO COMBINADO DE 36000 KG, POTÊNCIA 286 CV, INCLUSIVE SEMIREBOQUE COM CAÇAMBA METÁLICA - CHI DIURNO. AF_12/2014","CHI",87.25]
["Custos Horários Produtivo e Improdutivo dos Equipamentos",89876,"CAMINHÃO BASCULANTE 14 M3, COM CAVALO MECÂNICO DE CAPACIDADE MÁXIMA DE TRAÇÃO COMBINADO DE 36000 KG, POTÊNCIA 286 CV, INCLUSIVE SEMIREBOQUE COM CAÇAMBA METÁLICA - CHP DIURNO. AF_12/2014","CHP",321.32]
["Custos Horários Produtivo e Improdutivo dos Equipamentos",89884,"CAMINHÃO BASCULANTE 18 M3, COM CAVALO MECÂNICO DE CAPACIDADE MÁXIMA DE TRAÇÃO COMBINADO DE 45000 KG, POTÊNCIA 330 CV, INCLUSIVE SEMIREBOQUE COM CAÇAMBA METÁLICA - CHI DIURNO. AF_12/2014","CHI",90.13]
["Custos Horários Produtivo e Improdutivo dos Equipamentos",89883,"CAMINHÃO BASCULANTE 18 M3, COM CAVALO MECÂNICO DE CAPACIDADE MÁXIMA DE TRAÇÃO COMBINADO DE 45000 KG, POTÊNCIA 330 CV, INCLUSIVE SEMIREBOQUE COM CAÇAMBA METÁLICA - CHP DIURNO. AF_12/2014","CHP",354.07]
["Custos Horários Produtivo e Improdutivo dos Equipamentos",67827,"CAMINHÃO BASCULANTE 6 M3 TOCO, PESO BRUTO TOTAL 16.000 KG, CARGA ÚTIL MÁXIMA 11.130 KG, DISTÂNCIA ENTRE EIXOS 5,36 M, POTÊNCIA 185 CV, INCLUSIVE CAÇAMBA METÁLICA - CHI DIURNO. AF_06/2014","CHI",69.13]
["Custos Horários Produtivo e Improdutivo dos Equipamentos",67826,"CAMINHÃO BASCULANTE 6 M3 TOCO, PESO BRUTO TOTAL 16.000 KG, CARGA ÚTIL MÁXIMA 11.130 KG, DISTÂNCIA ENTRE EIXOS 5,36 M, POTÊNCIA 185 CV, INCLUSIVE CAÇAMBA METÁLICA - CHP DIURNO. AF_06/2014","CHP",189.41]
["Custos Horários Produtivo e Improdutivo dos Equipamentos",5961,"CAMINHÃO BASCULANTE 6 M3, PESO BRUTO TOTAL 16.000 KG, CARGA ÚTIL MÁXIMA 13.071 KG, DISTÂNCIA ENTRE EIXOS 4,80 M, POTÊNCIA 230 CV INCLUSIVE CAÇAMBA METÁLICA - CHI DIURNO. AF_06/2014","CHI",67.92]
["Custos Horários Produtivo e Improdutivo dos Equipamentos",5811,"CAMINHÃO BASCULANTE 6 M3, PESO BRUTO TOTAL 16.000 KG, CARGA ÚTIL MÁXIMA 13.071 KG, DISTÂNCIA ENTRE EIXOS 4,80 M, POTÊNCIA 230 CV INCLUSIVE CAÇAMBA METÁLICA - CHP DIURNO. AF_06/2014","CHP",206.38]
["Custos Horários Produtivo e Improdutivo dos Equipamentos",92243,"CAMINHÃO DE TRANSPORTE DE MATERIAL ASFÁLTICO 20.000 L, COM CAVALO MECÂNICO DE CAPACIDADE MÁXIMA DE TRAÇÃO COMBINADO DE 45.000 KG, POTÊNCIA 330 CV, INCLUSIVE TANQUE DE ASFALTO COM MAÇARICO - CHI DIURNO. AF_12/2015","CHI",85.16]
["Custos Horários Produtivo e Improdutivo dos Equipamentos",92242,"CAMINHÃO DE TRANSPORTE DE MATERIAL ASFÁLTICO 20.000 L, COM CAVALO MECÂNICO DE CAPACIDADE MÁXIMA DE TRAÇÃO COMBINADO DE 45.000 KG, POTÊNCIA 330 CV, INCLUSIVE TANQUE DE ASFALTO COM MAÇARICO - CHP DIURNO. AF_12/2015","CHP",408.77]
["Custos Horários Produtivo e Improdutivo dos Equipamentos",91646,"CAMINHÃO DE TRANSPORTE DE MATERIAL ASFÁLTICO 30.000 L, COM CAVALO MECÂNICO DE CAPACIDADE MÁXIMA DE TRAÇÃO COMBINADO DE 66.000 KG, POTÊNCIA 360 CV, INCLUSIVE TANQUE DE ASFALTO COM SERPENTINA - CHI DIURNO. AF_08/2015","CHI",101.76]
["Custos Horários Produtivo e Improdutivo dos Equipamentos",91645,"CAMINHÃO DE TRANSPORTE DE MATERIAL ASFÁLTICO 30.000 L, COM CAVALO MECÂNICO DE CAPACIDADE MÁXIMA DE TRAÇÃO COMBINADO DE 66.000 KG, POTÊNCIA 360 CV, INCLUSIVE TANQUE DE ASFALTO COM SERPENTINA - CHP DIURNO. AF_08/2015","CHP",469.4]
["Custos Horários Produtivo e Improdutivo dos Equipamentos",92107,"CAMINHÃO PARA EQUIPAMENTO DE LIMPEZA A SUCÇÃO COM CAMINHÃO TRUCADO DE PESO BRUTO TOTAL 23000 KG, CARGA ÚTIL MÁXIMA 15935 KG, DISTÂNCIA ENTRE EIXOS 4,80 M, POTÊNCIA 230 CV, INCLUSIVE LIMPADORA A SUCÇÃO, TANQUE 12000 L - CHI DIURNO. AF_05/2023","CHI",98.68]
["Custos Horários Produtivo e Improdutivo dos Equipamentos",92106,"CAMINHÃO PARA EQUIPAMENTO DE LIMPEZA A SUCÇÃO, COM CAMINHÃO TRUCADO DE PESO BRUTO TOTAL 23000 KG, CARGA ÚTIL MÁXIMA 15935 KG, DISTÂNCIA ENTRE EIXOS 4,80 M, POTÊNCIA 230 CV, INCLUSIVE LIMPADORA A SUCÇÃO, TANQUE 12000 L - CHP DIURNO. AF_05/2023","CHP",359.33]
["Custos Horários Produtivo e Improdutivo dos Equipamentos",5903,"CAMINHÃO PIPA 10.000 L TRUCADO, PESO BRUTO TOTAL 23.000 KG, CARGA ÚTIL MÁXIMA 15.935 KG, DISTÂNCIA ENTRE EIXOS 4,8 M, POTÊNCIA 230 CV, INCLUSIVE TANQUE DE AÇO PARA TRANSPORTE DE ÁGUA - CHI DIURNO. AF_06/2014","CHI",79.010000000000005]
["Custos Horários Produtivo e Improdutivo dos Equipamentos",5901,"CAMINHÃO PIPA 10.000 L TRUCADO, PESO BRUTO TOTAL 23.000 KG, CARGA ÚTIL MÁXIMA 15.935 KG, DISTÂNCIA ENTRE EIXOS 4,8 M, POTÊNCIA 230 CV, INCLUSIVE TANQUE DE AÇO PARA TRANSPORTE DE ÁGUA - CHP DIURNO. AF_06/2014","CHP",320.52]
["Custos Horários Produtivo e Improdutivo dos Equipamentos",6260,"CAMINHÃO PIPA 6.000 L, PESO BRUTO TOTAL 13.000 KG, DISTÂNCIA ENTRE EIXOS 4,80 M, POTÊNCIA 189 CV INCLUSIVE TANQUE DE AÇO PARA TRANSPORTE DE ÁGUA, CAPACIDADE 6 M3 - CHI DIURNO. AF_06/2014","CHI",66.42]
["Custos Horários Produtivo e Improdutivo dos Equipamentos",6259,"CAMINHÃO PIPA 6.000 L, PESO BRUTO TOTAL 13.000 KG, DISTÂNCIA ENTRE EIXOS 4,80 M, POTÊNCIA 189 CV INCLUSIVE TANQUE DE AÇO PARA TRANSPORTE DE ÁGUA, CAPACIDADE 6 M3 - CHP DIURNO. AF_06/2014","CHP",259.38]
["Custos Horários Produtivo e Improdutivo dos Equipamentos",104705,"CAMINHÃO TANQUE PARA HIDROSSEMEADURA, COM CAPACIDADE DE 8.000 LITROS, INCLUINDO BOMBA PARA LANÇAMENTO COM MOTOR DIESEL COM POTÊNCIA DE 105 CV - CHI DIURNO. AF_06/2023","CHI",0]
["Custos Horários Produtivo e Improdutivo dos Equipamentos",104704,"CAMINHÃO TANQUE PARA HIDROSSEMEADURA, COM CAPACIDADE DE 8.000 LITROS, INCLUINDO BOMBA PARA LANÇAMENTO COM MOTOR DIESEL COM POTÊNCIA DE 105 CV - CHP DIURNO. AF_06/2023","CHP",0]
["Custos Horários Produtivo e Improdutivo dos Equipamentos",91395,"CAMINHÃO TOCO, PBT 14.300 KG, CARGA ÚTIL MÁX. 9.710 KG, DIST. ENTRE EIXOS 3,56 M, POTÊNCIA 185 CV, INCLUSIVE CARROCERIA FIXA ABERTA DE MADEIRA P/ TRANSPORTE GERAL DE CARGA SECA, DIMEN. APROX. 2,50 X 6,50 X 0,50 M - CHI DIURNO. AF_06/2014","CHI",63.55]
["Custos Horários Produtivo e Improdutivo dos Equipamentos",73467,"CAMINHÃO TOCO, PBT 14.300 KG, CARGA ÚTIL MÁX. 9.710 KG, DIST. ENTRE EIXOS 3,56 M, POTÊNCIA 185 CV, INCLUSIVE CARROCERIA FIXA ABERTA DE MADEIRA P/ TRANSPORTE GERAL DE CARGA SECA, DIMEN. APROX. 2,50 X 6,50 X 0,50 M - CHP DIURNO. AF_06/2014","CHP",250.82]
["Custos Horários Produtivo e Improdutivo dos Equipamentos",5826,"CAMINHÃO TOCO, PBT 16.000 KG, CARGA ÚTIL MÁX. 10.685 KG, DIST. ENTRE EIXOS 4,8 M, POTÊNCIA 189 CV, INCLUSIVE CARROCERIA FIXA ABERTA DE MADEIRA P/ TRANSPORTE GERAL DE CARGA SECA, DIMEN. APROX. 2,5 X 7,00 X 0,50 M - CHI DIURNO. AF_06/2014","CHI",66.39]
["Custos Horários Produtivo e Improdutivo dos Equipamentos",5824,"CAMINHÃO TOCO, PBT 16.000 KG, CARGA ÚTIL MÁX. 10.685 KG, DIST. ENTRE EIXOS 4,8 M, POTÊNCIA 189 CV, INCLUSIVE CARROCERIA FIXA ABERTA DE MADEIRA P/ TRANSPORTE GERAL DE CARGA SECA, DIMEN. APROX. 2,5 X 7,00 X 0,50 M - CHP DIURNO. AF_06/2014","CHP",219.16]
["Custos Horários Produtivo e Improdutivo dos Equipamentos",5892,"CAMINHÃO TOCO, PESO BRUTO TOTAL 14.300 KG, CARGA ÚTIL MÁXIMA 9590 KG, DISTÂNCIA ENTRE EIXOS 4,76 M, POTÊNCIA 185 CV (NÃO INCLUI CARROCERIA) - CHI DIURNO. AF_06/2014","CHI",61.94]
["Custos Horários Produtivo e Improdutivo dos Equipamentos",5890,"CAMINHÃO TOCO, PESO BRUTO TOTAL 14.300 KG, CARGA ÚTIL MÁXIMA 9590 KG, DISTÂNCIA ENTRE EIXOS 4,76 M, POTÊNCIA 185 CV (NÃO INCLUI CARROCERIA) - CHP DIURNO. AF_06/2014","CHP",207.48]
["Custos Horários Produtivo e Improdutivo dos Equipamentos",5896,"CAMINHÃO TOCO, PESO BRUTO TOTAL 16.000 KG, CARGA ÚTIL MÁXIMA DE 10.685 KG, DISTÂNCIA ENTRE EIXOS 4,80 M, POTÊNCIA 189 CV EXCLUSIVE CARROCERIA - CHI DIURNO. AF_06/2014","CHI",64.66]
["Custos Horários Produtivo e Improdutivo dos Equipamentos",5894,"CAMINHÃO TOCO, PESO BRUTO TOTAL 16.000 KG, CARGA ÚTIL MÁXIMA DE 10.685 KG, DISTÂNCIA ENTRE EIXOS 4,80 M, POTÊNCIA 189 CV EXCLUSIVE CARROCERIA - CHP DIURNO. AF_06/2014","CHP",215.84]
["Custos Horários Produtivo e Improdutivo dos Equipamentos",91032,"CAMINHÃO TRUCADO (C/ TERCEIRO EIXO) ELETRÔNICO - POTÊNCIA 231CV - PBT = 22000KG - DIST. ENTRE EIXOS 5170 MM - INCLUI CARROCERIA FIXA ABERTA DE MADEIRA - CHI DIURNO. AF_06/2015","CHI",72.19]
["Custos Horários Produtivo e Improdutivo dos Equipamentos",91031,"CAMINHÃO TRUCADO (C/ TERCEIRO EIXO) ELETRÔNICO - POTÊNCIA 231CV - PBT = 22000KG - DIST. ENTRE EIXOS 5170 MM - INCLUI CARROCERIA FIXA ABERTA DE MADEIRA - CHP DIURNO. AF_06/2015","CHP",261.76]
["Custos Horários Produtivo e Improdutivo dos Equipamentos",102817,"CENTRAL DE LAMA BENTONÍTICA (DEPÓSITO DE BENTONITA, MISTURADOR DE ALTA TURBULÊNCIA, SILOS DE ARMAZENAMENTO DE LAMA E ÁGUA, LABORATÓRIO DE CONTROLE DE QUALIDADE DA LAMA) - CHI DIURNO. AF_04/2019","CHI",0]
["Custos Horários Produtivo e Improdutivo dos Equipamentos",102816,"CENTRAL DE LAMA BENTONÍTICA (DEPÓSITO DE BENTONITA, MISTURADOR DE ALTA TURBULÊNCIA, SILOS DE ARMAZENAMENTO DE LAMA E ÁGUA, LABORATÓRIO DE CONTROLE DE QUALIDADE DA LAMA) - CHP DIURNO. AF_04/2019","CHP",0]
["Custos Horários Produtivo e Improdutivo dos Equipamentos",91534,"COMPACTADOR DE SOLOS DE PERCUSSÃO (SOQUETE) COM MOTOR A GASOLINA 4 TEMPOS, POTÊNCIA 4 CV - CHI DIURNO. AF_08/2015","CHI",41.61]
["Custos Horários Produtivo e Improdutivo dos Equipamentos",91533,"COMPACTADOR DE SOLOS DE PERCUSSÃO (SOQUETE) COM MOTOR A GASOLINA 4 TEMPOS, POTÊNCIA 4 CV - CHP DIURNO. AF_08/2015","CHP",49.02]
["Custos Horários Produtivo e Improdutivo dos Equipamentos",95265,"COMPACTADOR DE SOLOS DE PERCUSÃO (SOQUETE) COM MOTOR A GASOLINA, POTÊNCIA 3 CV - CHI DIURNO. AF_09/2016","CHI",0.87]
["Custos Horários Produtivo e Improdutivo dos Equipamentos",95264,"COMPACTADOR DE SOLOS DE PERCUSÃO (SOQUETE) COM MOTOR A GASOLINA, POTÊNCIA 3 CV - CHP DIURNO. AF_09/2016","CHP",6.53]
["Custos Horários Produtivo e Improdutivo dos Equipamentos",90973,"COMPRESSOR DE AR REBOCAVEL, VAZÃO 250 PCM, PRESSAO DE TRABALHO 102 PSI, MOTOR A DIESEL POTÊNCIA 81 CV - CHI DIURNO. AF_06/2015","CHI",8.93]
["Custos Horários Produtivo e Improdutivo dos Equipamentos",90972,"COMPRESSOR DE AR REBOCAVEL, VAZÃO 250 PCM, PRESSAO DE TRABALHO 102 PSI, MOTOR A DIESEL POTÊNCIA 81 CV - CHP DIURNO. AF_06/2015","CHP",77.599999999999994]
["Custos Horários Produtivo e Improdutivo dos Equipamentos",91001,"COMPRESSOR DE AR REBOCAVEL, VAZÃO 400 PCM, PRESSAO DE TRABALHO 102 PSI, MOTOR A DIESEL POTÊNCIA 110 CV - CHI DIURNO. AF_06/2015","CHI",10.59]
["Custos Horários Produtivo e Improdutivo dos Equipamentos",90999,"COMPRESSOR DE AR REBOCAVEL, VAZÃO 400 PCM, PRESSAO DE TRABALHO 102 PSI, MOTOR A DIESEL POTÊNCIA 110 CV - CHP DIURNO. AF_06/2015","CHP",102.36]
["Custos Horários Produtivo e Improdutivo dos Equipamentos",5954,"COMPRESSOR DE AR REBOCÁVEL, VAZÃO 189 PCM, PRESSÃO EFETIVA DE TRABALHO 102 PSI, MOTOR DIESEL, POTÊNCIA 63 CV - CHI DIURNO. AF_06/2015","CHI",6.67]
["Custos Horários Produtivo e Improdutivo dos Equipamentos",5953,"COMPRESSOR DE AR REBOCÁVEL, VAZÃO 189 PCM, PRESSÃO EFETIVA DE TRABALHO 102 PSI, MOTOR DIESEL, POTÊNCIA 63 CV - CHP DIURNO. AF_06/2015","CHP",59.82]
["Custos Horários Produtivo e Improdutivo dos Equipamentos",90982,"COMPRESSOR DE AR REBOCÁVEL, VAZÃO 748 PCM, PRESSÃO EFETIVA DE TRABALHO 102 PSI, MOTOR DIESEL, POTÊNCIA 210 CV - CHI DIURNO. AF_06/2015","CHI",22.69]
["Custos Horários Produtivo e Improdutivo dos Equipamentos",90979,"COMPRESSOR DE AR REBOCÁVEL, VAZÃO 748 PCM, PRESSÃO EFETIVA DE TRABALHO 102 PSI, MOTOR DIESEL, POTÊNCIA 210 CV - CHP DIURNO. AF_06/2015","CHP",200.39]
["Custos Horários Produtivo e Improdutivo dos Equipamentos",90965,"COMPRESSOR DE AR REBOCÁVEL, VAZÃO 89 PCM, PRESSÃO EFETIVA DE TRABALHO 102 PSI, MOTOR DIESEL, POTÊNCIA 20 CV - CHI DIURNO. AF_06/2015","CHI",8.9]
["Custos Horários Produtivo e Improdutivo dos Equipamentos",90964,"COMPRESSOR DE AR REBOCÁVEL, VAZÃO 89 PCM, PRESSÃO EFETIVA DE TRABALHO 102 PSI, MOTOR DIESEL, POTÊNCIA 20 CV - CHP DIURNO. AF_06/2015","CHP",32.46]
["Custos Horários Produtivo e Improdutivo dos Equipamentos",102970,"COMPRESSOR DE AR, VAZAO DE 10 PCM, RESERVATORIO 100 L, PRESSAO DE TRABALHO ENTRE 6,9 E 9,7 BAR POTENCIA 2 HP, TENSAO 110/220 V - CHI DIURNO. AF_05/2023","CHI",0]
["Custos Horários Produtivo e Improdutivo dos Equipamentos",102971,"COMPRESSOR DE AR, VAZAO DE 10 PCM, RESERVATORIO 100 L, PRESSAO DE TRABALHO ENTRE 6,9 E 9,7 BAR, POTENCIA 2 HP, TENSAO 110/220 V - CHP DIURNO. AF_05/2023","CHP",0]
["Custos Horários Produtivo e Improdutivo dos Equipamentos",102822,"CONJUNTO CILINDRO E BOMBA HIDRÁULICA PARA PROTENSÃO DE MONOBARRAS PARA TIRANTES, ESFORÇO MÁXIMO DE 30 TONELADAS - CHI DIURNO. AF_05/2023","CHI",0]
["Custos Horários Produtivo e Improdutivo dos Equipamentos",102821,"CONJUNTO CILINDRO E BOMBA HIDRÁULICA PARA PROTENSÃO DE MONOBARRAS PARA TIRANTES, ESFORÇO MÁXIMO DE 30 TONELADAS - CHP DIURNO. AF_05/2023","CHP",0]
["Custos Horários Produtivo e Improdutivo dos Equipamentos",102828,"CONJUNTO MACACO E BOMBA HIDRÁULICA PARA PROTENSAO DE CORDOALHAS, ESFORÇO MAXIMO DE 115 TONELADAS - CHI DIURNO. AF_05/2023","CHI",0]
["Custos Horários Produtivo e Improdutivo dos Equipamentos",102827,"CONJUNTO MACACO E BOMBA HIDRÁULICA PARA PROTENSAO DE CORDOALHAS, ESFORÇO MAXIMO DE 115 TONELADAS - CHP DIURNO. AF_05/2023","CHP",0]
["Custos Horários Produtivo e Improdutivo dos Equipamentos",103939,"CONJUNTO MACACO HIDRÁULICO E CENTRAL DE BOMBEAMENTO MOTORIZADO 1,8 KW PARA PROTENSÃO DE MONOCABOS PARA CONCRETO PROTENDIDO, ESFORÇO MÁXIMO DE 20 TONELADAS - CHI DIURNO. AF_05/2022","CHI",0]
["Custos Horários Produtivo e Improdutivo dos Equipamentos",103938,"CONJUNTO MACACO HIDRÁULICO E CENTRAL DE BOMBEAMENTO MOTORIZADO 1,8 KW PARA PROTENSÃO DE MONOCABOS PARA CONCRETO PROTENDIDO, ESFORÇO MÁXIMO DE 20 TONELADAS - CHP DIURNO. AF_05/2022","CHP",0]
["Custos Horários Produtivo e Improdutivo dos Equipamentos",103945,"CONJUNTO MACACO HIDRÁULICO E CENTRAL DE BOMBEAMENTO MOTORIZADO 1,8 KW PARA PROTENSÃO DE MONOCABOS PARA CONCRETO PROTENDIDO, ESFORÇO MÁXIMO DE 30 TONELADAS - CHI DIURNO. AF_05/2022","CHI",0]
["Custos Horários Produtivo e Improdutivo dos Equipamentos",103944,"CONJUNTO MACACO HIDRÁULICO E CENTRAL DE BOMBEAMENTO MOTORIZADO 1,8 KW PARA PROTENSÃO DE MONOCABOS PARA CONCRETO PROTENDIDO, ESFORÇO MÁXIMO DE 30 TONELADAS - CHP DIURNO. AF_05/2022","CHP",0]
["Custos Horários Produtivo e Improdutivo dos Equipamentos",91285,"CORTADORA DE PISO COM MOTOR 4 TEMPOS A GASOLINA, POTÊNCIA DE 13 HP, COM DISCO DE CORTE DIAMANTADO SEGMENTADO PARA CONCRETO, DIÂMETRO DE 350 MM, FURO DE 1\" (14 X 1\") - CHI DIURNO. AF_08/2015","CHI",1.02]
["Custos Horários Produtivo e Improdutivo dos Equipamentos",91283,"CORTADORA DE PISO COM MOTOR 4 TEMPOS A GASOLINA, POTÊNCIA DE 13 HP, COM DISCO DE CORTE DIAMANTADO SEGMENTADO PARA CONCRETO, DIÂMETRO DE 350 MM, FURO DE 1\" (14 X 1\") - CHP DIURNO. AF_08/2015","CHP",11]
["Custos Horários Produtivo e Improdutivo dos Equipamentos",95283,"DESEMPENADEIRA DE CONCRETO, PESO DE 78 KG, 4 PÁS, MOTOR A GASOLINA, POTÊNCIA 5,5 HP - CHI DIURNO. AF_05/2023","CHI",0.89]
["Custos Horários Produtivo e Improdutivo dos Equipamentos",95282,"DESEMPENADEIRA DE CONCRETO, PESO DE 78 KG, 4 PÁS, MOTOR A GASOLINA, POTÊNCIA 5,5 HP - CHP DIURNO. AF_05/2023","CHP",10.48]
["Custos Horários Produtivo e Improdutivo dos Equipamentos",95128,"DISTRIBUIDOR DE AGREGADOS AUTOPROPELIDO, CAP 3 M3, A DIESEL, POTÊNCIA 176CV - CHI DIURNO. AF_07/2016","CHI",68.83]
["Custos Horários Produtivo e Improdutivo dos Equipamentos",95127,"DISTRIBUIDOR DE AGREGADOS AUTOPROPELIDO, CAP 3 M3, A DIESEL, POTÊNCIA 176CV - CHP DIURNO. AF_07/2016","CHP",237.94]
["Custos Horários Produtivo e Improdutivo dos Equipamentos",92044,"DISTRIBUIDOR DE AGREGADOS REBOCAVEL, CAPACIDADE 1,9 M³, LARGURA DE TRABALHO 3,66 M - CHI DIURNO. AF_11/2015","CHI",9.4499999999999993]
["Custos Horários Produtivo e Improdutivo dos Equipamentos",92043,"DISTRIBUIDOR DE AGREGADOS REBOCAVEL, CAPACIDADE 1,9 M³, LARGURA DE TRABALHO 3,66 M - CHP DIURNO. AF_11/2015","CHP",15.98]
["Custos Horários Produtivo e Improdutivo dos Equipamentos",102834,"DOBRADEIRA TDC, ESPESSURA 1,5MM - CHI DIURNO. AF_05/2023","CHI",0]
["Custos Horários Produtivo e Improdutivo dos Equipamentos",102833,"DOBRADEIRA TDC, ESPESSURA 1,5MM - CHP DIURNO. AF_05/2023","CHP",0]
["Custos Horários Produtivo e Improdutivo dos Equipamentos",92119,"DOSADOR DE AREIA, CAPACIDADE DE 26 LITROS - CHI DIURNO. AF_05/2023","CHI",0.31]
["Custos Horários Produtivo e Improdutivo dos Equipamentos",92118,"DOSADOR DE AREIA, CAPACIDADE DE 26 LITROS - CHP DIURNO. AF_05/2023","CHP",0.49]
["Custos Horários Produtivo e Improdutivo dos Equipamentos",102917,"ENCERADEIRA INDUSTRIAL, 400 MM, 220V, 1 HP - CHI DIURNO. AF_05/2023","CHI",0]
["Custos Horários Produtivo e Improdutivo dos Equipamentos",102916,"ENCERADEIRA INDUSTRIAL, 400 MM, 220V, 1 HP - CHP DIURNO. AF_05/2023","CHP",0]
["Custos Horários Produtivo e Improdutivo dos Equipamentos",95721,"ESCAVADEIRA HIDRAULICA SOBRE ESTEIRA, EQUIPADA COM CLAMSHELL, COM CAPACIDADE DA CAÇAMBA ENTRE 1,20 E 1,50 M3, PESO OPERACIONAL ENTRE 20,00 E 22,00 TON, POTENCIA LIQUIDA ENTRE 150 E 160 HP - CHI DIURNO. AF_11/2016","CHI",125.5]
["Custos Horários Produtivo e Improdutivo dos Equipamentos",95720,"ESCAVADEIRA HIDRAULICA SOBRE ESTEIRA, EQUIPADA COM CLAMSHELL, COM CAPACIDADE DA CAÇAMBA ENTRE 1,20 E 1,50 M3, PESO OPERACIONAL ENTRE 20,00 E 22,00 TON, POTENCIA LIQUIDA ENTRE 150 E 160 HP - CHP DIURNO. AF_11/2016","CHP",295.25]
["Custos Horários Produtivo e Improdutivo dos Equipamentos",104717,"ESCAVADEIRA HIDRÁULICA DE BRAÇO LONGO (LONGO ALCANCE) SOBRE ESTEIRAS, CAÇAMBA 0,52 M3, PESO OPERACIONAL 24 T, POTÊNCIA LÍQUIDA 155 HP - CHI DIURNO. AF_06/2023","CHI",120.57]
["Custos Horários Produtivo e Improdutivo dos Equipamentos",104716,"ESCAVADEIRA HIDRÁULICA DE BRAÇO LONGO (LONGO ALCANCE) SOBRE ESTEIRAS, CAÇAMBA 0,52 M3, PESO OPERACIONAL 24 T, POTÊNCIA LÍQUIDA 155 HP - CHP DIURNO. AF_06/2023","CHP",285.45999999999998]
["Custos Horários Produtivo e Improdutivo dos Equipamentos",102899,"ESCAVADEIRA HIDRÁULICA SOBRE ESTEIRA, PESO OPERACIONAL ENTRE 22,00 E 23,50 T, POTÊNCIA NOMINAL 139 HP, COM MARTELO ROMPEDOR HIDRÁULICO 1700 KG - CHI DIURNO. AF_04/2019","CHI",0]
["Custos Horários Produtivo e Improdutivo dos Equipamentos",102898,"ESCAVADEIRA HIDRÁULICA SOBRE ESTEIRA, PESO OPERACIONAL ENTRE 22,00 E 23,50 T, POTÊNCIA NOMINAL 139 HP, COM MARTELO ROMPEDOR HIDRÁULICO 1700 KG - CHP DIURNO. AF_04/2019","CHP",0]
["Custos Horários Produtivo e Improdutivo dos Equipamentos",5632,"ESCAVADEIRA HIDRÁULICA SOBRE ESTEIRAS, CAÇAMBA 0,80 M3, PESO OPERACIONAL 17 T, POTENCIA BRUTA 111 HP - CHI DIURNO. AF_06/2014","CHI",102.75]
["Custos Horários Produtivo e Improdutivo dos Equipamentos",5631,"ESCAVADEIRA HIDRÁULICA SOBRE ESTEIRAS, CAÇAMBA 0,80 M3, PESO OPERACIONAL 17 T, POTENCIA BRUTA 111 HP - CHP DIURNO. AF_06/2014","CHP",224.85]
["Custos Horários Produtivo e Improdutivo dos Equipamentos",88908,"ESCAVADEIRA HIDRÁULICA SOBRE ESTEIRAS, CAÇAMBA 1,20 M3, PESO OPERACIONAL 21 T, POTÊNCIA BRUTA 155 HP - CHI DIURNO. AF_06/2014","CHI",110.53]
["Custos Horários Produtivo e Improdutivo dos Equipamentos",88907,"ESCAVADEIRA HIDRÁULICA SOBRE ESTEIRAS, CAÇAMBA 1,20 M3, PESO OPERACIONAL 21 T, POTÊNCIA BRUTA 155 HP - CHP DIURNO. AF_06/2014","CHP",265.48]
["Custos Horários Produtivo e Improdutivo dos Equipamentos",5911,"ESPARGIDOR DE ASFALTO PRESSURIZADO COM TANQUE DE 2500 L, REBOCÁVEL COM MOTOR A GASOLINA POTÊNCIA 3,4 HP - CHI DIURNO. AF_07/2014","CHI",30.41]
["Custos Horários Produtivo e Improdutivo dos Equipamentos",5909,"ESPARGIDOR DE ASFALTO PRESSURIZADO COM TANQUE DE 2500 L, REBOCÁVEL COM MOTOR A GASOLINA POTÊNCIA 3,4 HP - CHP DIURNO. AF_07/2014","CHP",38.97]
["Custos Horários Produtivo e Improdutivo dos Equipamentos",91486,"ESPARGIDOR DE ASFALTO PRESSURIZADO, TANQUE 6 M3 COM ISOLAÇÃO TÉRMICA, AQUECIDO COM 2 MAÇARICOS, COM BARRA ESPARGIDORA 3,60 M, MONTADO SOBRE CAMINHÃO TOCO, PBT 14.300 KG, POTÊNCIA 185 CV - CHI DIURNO. AF_05/2023","CHI",76.11]
["Custos Horários Produtivo e Improdutivo dos Equipamentos",83362,"ESPARGIDOR DE ASFALTO PRESSURIZADO, TANQUE 6 M3 COM ISOLAÇÃO TÉRMICA, AQUECIDO COM 2 MAÇARICOS, COM BARRA ESPARGIDORA 3,60 M, MONTADO SOBRE CAMINHÃO TOCO, PBT 14.300 KG, POTÊNCIA 185 CV - CHP DIURNO. AF_05/2023","CHP",273.77]
["Custos Horários Produtivo e Improdutivo dos Equipamentos",102839,"ESTABILIZADOR DE LINHA E PRESSÃO, CAPACIDADE DE 120 BAR, COM MANÔMETRO DE LEITURA, REGISTRO DE 1 COM RETORNO E LINHA - CHI DIURNO. AF_05/2023","CHI",0]
["Custos Horários Produtivo e Improdutivo dos Equipamentos",102838,"ESTABILIZADOR DE LINHA E PRESSÃO, CAPACIDADE DE 120 BAR, COM MANÔMETRO DE LEITURA, REGISTRO DE 1 COM RETORNO E LINHA - CHP DIURNO. AF_05/2023","CHP",0]
["Custos Horários Produtivo e Improdutivo dos Equipamentos",89235,"FRESADORA DE ASFALTO A FRIO SOBRE RODAS, LARGURA FRESAGEM DE 1,0 M, POTÊNCIA 208 HP - CHI DIURNO. AF_11/2014","CHI",183.55]
["Custos Horários Produtivo e Improdutivo dos Equipamentos",89234,"FRESADORA DE ASFALTO A FRIO SOBRE RODAS, LARGURA FRESAGEM DE 1,0 M, POTÊNCIA 208 HP - CHP DIURNO. AF_11/2014","CHP",542.92999999999995]
["Custos Horários Produtivo e Improdutivo dos Equipamentos",89243,"FRESADORA DE ASFALTO A FRIO SOBRE RODAS, LARGURA FRESAGEM DE 2,0 M, POTÊNCIA 550 HP - CHI DIURNO. AF_11/2014","CHI",373.66]
["Custos Horários Produtivo e Improdutivo dos Equipamentos",89242,"FRESADORA DE ASFALTO A FRIO SOBRE RODAS, LARGURA FRESAGEM DE 2,0 M, POTÊNCIA 550 HP - CHP DIURNO. AF_11/2014","CHP",1264.0999999999999]
["Custos Horários Produtivo e Improdutivo dos Equipamentos",102935,"FURADEIRA ELETROMAGNÉTICA, VELOCIDADE (SEM CARGA/ COM CARGA) 450/ 270 RPM, ESPESSURA MÁXIMA DA CHAPA A SER FURADA 50 MM, PORÇA DE ADESÃO MAGNÉTICA 17000 N, POTÊNCIA 1100 W, ALIMENTÇÃO 220 - 60 HZ, MONOFÁSICA - CHI DIURNO. AF_08/2019","CHI",0]
["Custos Horários Produtivo e Improdutivo dos Equipamentos",102934,"FURADEIRA ELETROMAGNÉTICA, VELOCIDADE (SEM CARGA/ COM CARGA) 450/ 270 RPM, ESPESSURA MÁXIMA DA CHAPA A SER FURADA 50 MM, PORÇA DE ADESÃO MAGNÉTICA 17000 N, POTÊNCIA 1100 W, ALIMENTÇÃO 220 - 60 HZ, MONOFÁSICA - CHP DIURNO. AF_08/2019","CHP",0]
["Custos Horários Produtivo e Improdutivo dos Equipamentos",93416,"GERADOR PORTÁTIL MONOFÁSICO, POTÊNCIA 5500 VA, MOTOR A GASOLINA, POTÊNCIA DO MOTOR 13 CV - CHI DIURNO. AF_03/2016","CHI",0.47]
["Custos Horários Produtivo e Improdutivo dos Equipamentos",93415,"GERADOR PORTÁTIL MONOFÁSICO, POTÊNCIA 5500 VA, MOTOR A GASOLINA, POTÊNCIA DO MOTOR 13 CV - CHP DIURNO. AF_03/2016","CHP",11.99]
["Custos Horários Produtivo e Improdutivo dos Equipamentos",5689,"GRADE DE DISCO CONTROLE REMOTO REBOCÁVEL, COM 24 DISCOS 24 X 6 MM COM PNEUS PARA TRANSPORTE - CHP DIURNO. AF_06/2014","CHP",6.12]
["Custos Horários Produtivo e Improdutivo dos Equipamentos",5690,"GRADE DE DISCO CONTROLE REMOTO REBOCÁVEL, COM 24 DISCOS 24\" X 6 MM COM PNEUS PARA TRANSPORTE - CHI DIURNO. AF_06/2014","CHI",3.96]
["Custos Horários Produtivo e Improdutivo dos Equipamentos",5923,"GRADE DE DISCO REBOCÁVEL COM 20 DISCOS 24\" X 6 MM COM PNEUS PARA TRANSPORTE - CHI DIURNO. AF_06/2014","CHI",3.09]
["Custos Horários Produtivo e Improdutivo dos Equipamentos",5921,"GRADE DE DISCO REBOCÁVEL COM 20 DISCOS 24\" X 6 MM COM PNEUS PARA TRANSPORTE - CHP DIURNO. AF_06/2014","CHP",4.78]
["Custos Horários Produtivo e Improdutivo dos Equipamentos",95212,"GRUA ASCENCIONAL, LANCA DE 42 M, CAPACIDADE DE 1,5 T A 30 M, ALTURA ATE 39 M - CHP DIURNO. AF_05/2023","CHP",186]
["Custos Horários Produtivo e Improdutivo dos Equipamentos",95213,"GRUA ASCENCIONAL, LANÇA DE 42 M, CAPACIDADE DE 1,5 T A 30 M, ALTURA ATÉ 39 M - CHI DIURNO. AF_05/2023","CHI",116.89]
["Custos Horários Produtivo e Improdutivo dos Equipamentos",93272,"GRUA ASCENSIONAL, LANCA DE 30 M, CAPACIDADE DE 1,0 T A 30 M, ALTURA ATE 39 M - CHP DIURNO. AF_05/2023","CHP",123.71]
["Custos Horários Produtivo e Improdutivo dos Equipamentos",93274,"GRUA ASCENSIONAL, LANÇA DE 30 M, CAPACIDADE DE 1,0 T A 30 M, ALTURA ATÉ 39 M - CHI DIURNO. AF_05/2023","CHI",87.42]
["Custos Horários Produtivo e Improdutivo dos Equipamentos",83766,"GRUPO DE SOLDAGEM COM GERADOR A DIESEL 60 CV PARA SOLDA ELÉTRICA, SOBRE 04 RODAS, COM MOTOR 4 CILINDROS 600 A - CHI DIURNO. AF_02/2016","CHI",52.91]
["Custos Horários Produtivo e Improdutivo dos Equipamentos",83765,"GRUPO DE SOLDAGEM COM GERADOR A DIESEL 60 CV PARA SOLDA ELÉTRICA, SOBRE 04 RODAS, COM MOTOR 4 CILINDROS 600 A - CHP DIURNO. AF_02/2016","CHP",111.21]
["Custos Horários Produtivo e Improdutivo dos Equipamentos",95873,"GRUPO GERADOR COM CARENAGEM, MOTOR DIESEL POTÊNCIA STANDART ENTRE 250 E 260 KVA - CHI DIURNO. AF_12/2016","CHI",14.12]
["Custos Horários Produtivo e Improdutivo dos Equipamentos",95872,"GRUPO GERADOR COM CARENAGEM, MOTOR DIESEL POTÊNCIA STANDART ENTRE 250 E 260 KVA - CHP DIURNO. AF_12/2016","CHP",293.16000000000003]
["Custos Horários Produtivo e Improdutivo dos Equipamentos",104689,"GRUPO GERADOR DIESEL, COM CARENAGEM, POTÊNCIA STANDART ENTRE 400 E 460 KVA, VELOCIDADE DE 1800 RPM, FREQUÊNCIA DE 60 HZ - CHI DIURNO. AF_05/2023","CHI",0]
["Custos Horários Produtivo e Improdutivo dos Equipamentos",104688,"GRUPO GERADOR DIESEL, COM CARENAGEM, POTÊNCIA STANDART ENTRE 400 E 460 KVA, VELOCIDADE DE 1800 RPM, FREQUÊNCIA DE 60 HZ - CHP DIURNO. AF_05/2023","CHP",0]
["Custos Horários Produtivo e Improdutivo dos Equipamentos",73395,"GRUPO GERADOR ESTACIONÁRIO, MOTOR DIESEL POTÊNCIA 170 KVA - CHI DIURNO. AF_02/2016","CHI",9.91]
["Custos Horários Produtivo e Improdutivo dos Equipamentos",73417,"GRUPO GERADOR ESTACIONÁRIO, MOTOR DIESEL POTÊNCIA 170 KVA - CHP DIURNO. AF_02/2016","CHP",189.81]
["Custos Horários Produtivo e Improdutivo dos Equipamentos",93428,"GRUPO GERADOR ESTACIONÁRIO, POTÊNCIA 150 KVA, MOTOR A DIESEL- CHI DIURNO. AF_03/2016","CHI",8.83]
["Custos Horários Produtivo e Improdutivo dos Equipamentos",93427,"GRUPO GERADOR ESTACIONÁRIO, POTÊNCIA 150 KVA, MOTOR A DIESEL- CHP DIURNO. AF_03/2016","CHP",172.98]
["Custos Horários Produtivo e Improdutivo dos Equipamentos",93422,"GRUPO GERADOR REBOCÁVEL, POTÊNCIA 66 KVA, MOTOR A DIESEL - CHI DIURNO. AF_03/2016","CHI",6.23]
["Custos Horários Produtivo e Improdutivo dos Equipamentos",93421,"GRUPO GERADOR REBOCÁVEL, POTÊNCIA 66 KVA, MOTOR A DIESEL - CHP DIURNO. AF_03/2016","CHP",76.599999999999994]
["Custos Horários Produtivo e Improdutivo dos Equipamentos",93282,"GUINCHO ELÉTRICO DE COLUNA, CAPACIDADE 400 KG, COM MOTO FREIO, MOTOR TRIFÁSICO DE 1,25 CV - CHI DIURNO. AF_03/2016","CHI",37.64]
["Custos Horários Produtivo e Improdutivo dos Equipamentos",93281,"GUINCHO ELÉTRICO DE COLUNA, CAPACIDADE 400 KG, COM MOTO FREIO, MOTOR TRIFÁSICO DE 1,25 CV - CHP DIURNO. AF_03/2016","CHP",38.840000000000003]
["Custos Horários Produtivo e Improdutivo dos Equipamentos",104914,"GUINDASTE DERRICK, LANÇA DE *20* M, CARGA MÁXIMA 10T, POTÊNCIA 45 KW - CHI DIURNO. AF_01/2024","CHI",0]
["Custos Horários Produtivo e Improdutivo dos Equipamentos",104913,"GUINDASTE DERRICK, LANÇA DE *20* M, CARGA MÁXIMA 10T, POTÊNCIA 45 KW - CHP DIURNO. AF_01/2024","CHP",0]
["Custos Horários Produtivo e Improdutivo dos Equipamentos",102845,"GUINDASTE HIDRAULICO AUTOPROPELIDO, COM LANÇA TRELIÇADA 40 M, CAPACIDADE MÁXIMA 75 T, EQUIPADO COM CLAMSHELL - CHI DIURNO. AF_04/2019","CHI",0]
["Custos Horários Produtivo e Improdutivo dos Equipamentos",102844,"GUINDASTE HIDRAULICO AUTOPROPELIDO, COM LANÇA TRELIÇADA 40 M, CAPACIDADE MÁXIMA 75 T, EQUIPADO COM CLAMSHELL - CHP DIURNO. AF_04/2019","CHP",0]
["Custos Horários Produtivo e Improdutivo dos Equipamentos",89273,"GUINDASTE HIDRÁULICO AUTOPROPELIDO, COM LANÇA TELESCÓPICA 28,80 M, CAPACIDADE MÁXIMA 30 T, POTÊNCIA 97 KW, TRAÇÃO 4 X 4 - CHI DIURNO. AF_11/2014","CHI",128.21]
["Custos Horários Produtivo e Improdutivo dos Equipamentos",89272,"GUINDASTE HIDRÁULICO AUTOPROPELIDO, COM LANÇA TELESCÓPICA 28,80 M, CAPACIDADE MÁXIMA 30 T, POTÊNCIA 97 KW, TRAÇÃO 4 X 4 - CHP DIURNO. AF_11/2014","CHP",240.16]
["Custos Horários Produtivo e Improdutivo dos Equipamentos",93288,"GUINDASTE HIDRÁULICO AUTOPROPELIDO, COM LANÇA TELESCÓPICA 40 M, CAPACIDADE MÁXIMA 60 T, POTÊNCIA 260 KW - CHI DIURNO. AF_03/2016","CHI",199.71]
["Custos Horários Produtivo e Improdutivo dos Equipamentos",93287,"GUINDASTE HIDRÁULICO AUTOPROPELIDO, COM LANÇA TELESCÓPICA 40 M, CAPACIDADE MÁXIMA 60 T, POTÊNCIA 260 KW - CHP DIURNO. AF_03/2016","CHP",374.31]
["Custos Horários Produtivo e Improdutivo dos Equipamentos",104711,"GUINDASTE HIDRÁULICO AUTOPROPELIDO, COM LANÇA TRELICADA 41 M, CAPACIDADE MÁXIMA DE ELEVAÇÃO 43 T, POTÊNCIA 230 KW, EQUIPADO COM CAÇAMBA DE ARRASTO (DRAGLINE) DE 0,76 M3 - CHI DIURNO. AF_06/2023","CHI",0]
["Custos Horários Produtivo e Improdutivo dos Equipamentos",104710,"GUINDASTE HIDRÁULICO AUTOPROPELIDO, COM LANÇA TRELICADA 41 M, CAPACIDADE MÁXIMA DE ELEVAÇÃO 43 T, POTÊNCIA 230 KW, EQUIPADO COM CAÇAMBA DE ARRASTO (DRAGLINE) DE 0,76 M3 - CHP DIURNO. AF_06/2023","CHP",0]
["Custos Horários Produtivo e Improdutivo dos Equipamentos",104908,"GUINDASTE HIDRÁULICO RODOVIÁRIO, LANCA TELESCÓPICA DE *50+20* M, CAPACIDADE MÁXIMA DE 90T, 4 EIXOS, POTÊNCIA 330 KW, MOTOR DIESEL - CHI DIURNO. AF_01/2024","CHI",0]
["Custos Horários Produtivo e Improdutivo dos Equipamentos",104907,"GUINDASTE HIDRÁULICO RODOVIÁRIO, LANCA TELESCÓPICA DE *50+20* M, CAPACIDADE MÁXIMA DE 90T, 4 EIXOS, POTÊNCIA 330 KW, MOTOR DIESEL - CHP DIURNO. AF_01/2024","CHP",0]
["Custos Horários Produtivo e Improdutivo dos Equipamentos",102851,"GUINDASTE SOBRE ESTEIRAS, COM LANÇA TRELIÇADA 40 M, CAPACIDADE MÁXIMA 75 T - CHI DIURNO. AF_04/2019","CHI",0]
["Custos Horários Produtivo e Improdutivo dos Equipamentos",102850,"GUINDASTE SOBRE ESTEIRAS, COM LANÇA TRELIÇADA 40 M, CAPACIDADE MÁXIMA 75 T - CHP DIURNO. AF_04/2019","CHP",0]
["Custos Horários Produtivo e Improdutivo dos Equipamentos",102857,"GUINDASTE SOBRE ESTEIRAS, COM LANÇA TRELIÇADA 40 M, CAPACIDADE MÁXIMA 75 T, EQUIPADO COM CLAMSHELL - CHI DIURNO. AF_04/2019","CHI",0]
["Custos Horários Produtivo e Improdutivo dos Equipamentos",102856,"GUINDASTE SOBRE ESTEIRAS, COM LANÇA TRELIÇADA 40 M, CAPACIDADE MÁXIMA 75 T, EQUIPADO COM CLAMSHELL - CHP DIURNO. AF_04/2019","CHP",0]
["Custos Horários Produtivo e Improdutivo dos Equipamentos",93403,"GUINDAUTO HIDRÁULICO, CAPACIDADE MÁXIMA DE CARGA 3300 KG, MOMENTO MÁXIMO DE CARGA 5,8 TM, ALCANCE MÁXIMO HORIZONTAL 7,60 M, INCLUSIVE CAMINHÃO TOCO PBT 16.000 KG, POTÊNCIA DE 189 CV - CHI DIURNO. AF_03/2016","CHI",75.89]
["Custos Horários Produtivo e Improdutivo dos Equipamentos",93402,"GUINDAUTO HIDRÁULICO, CAPACIDADE MÁXIMA DE CARGA 3300 KG, MOMENTO MÁXIMO DE CARGA 5,8 TM, ALCANCE MÁXIMO HORIZONTAL 7,60 M, INCLUSIVE CAMINHÃO TOCO PBT 16.000 KG, POTÊNCIA DE 189 CV - CHP DIURNO. AF_03/2016","CHP",275.25]
["Custos Horários Produtivo e Improdutivo dos Equipamentos",5930,"GUINDAUTO HIDRÁULICO, CAPACIDADE MÁXIMA DE CARGA 6200 KG, MOMENTO MÁXIMO DE CARGA 11,7 TM, ALCANCE MÁXIMO HORIZONTAL 9,70 M, INCLUSIVE CAMINHÃO TOCO PBT 16.000 KG, POTÊNCIA DE 189 CV - CHI DIURNO. AF_06/2014","CHI",79.02]
["Custos Horários Produtivo e Improdutivo dos Equipamentos",5928,"GUINDAUTO HIDRÁULICO, CAPACIDADE MÁXIMA DE CARGA 6200 KG, MOMENTO MÁXIMO DE CARGA 11,7 TM, ALCANCE MÁXIMO HORIZONTAL 9,70 M, INCLUSIVE CAMINHÃO TOCO PBT 16.000 KG, POTÊNCIA DE 189 CV - CHP DIURNO. AF_06/2014","CHP",281.24]
["Custos Horários Produtivo e Improdutivo dos Equipamentos",105845,"GUINDAUTO HIDRÁULICO, CAPACIDADE MÁXIMA DE CARGA 6200 KG, MOMENTO MÁXIMO DE CARGA 11,7 TM, ALCANCE MÁXIMO HORIZONTAL 9,70 M, INCLUSIVE CAMINHÃO TOCO PBT 16.000 KG, POTÊNCIA DE 189 CV E CESTA AÉREA COM ISOLAMENTO CLASSE C - CHI DIURNO. AF_01/2025","CHI",0]
["Custos Horários Produtivo e Improdutivo dos Equipamentos",105844,"GUINDAUTO HIDRÁULICO, CAPACIDADE MÁXIMA DE CARGA 6200 KG, MOMENTO MÁXIMO DE CARGA 11,7 TM, ALCANCE MÁXIMO HORIZONTAL 9,70 M, INCLUSIVE CAMINHÃO TOCO PBT 16.000 KG, POTÊNCIA DE 189 CV E CESTA AÉREA COM ISOLAMENTO CLASSE C - CHP DIURNO. AF_01/2025","CHP",0]
["Custos Horários Produtivo e Improdutivo dos Equipamentos",91635,"GUINDAUTO HIDRÁULICO, CAPACIDADE MÁXIMA DE CARGA 6500 KG, MOMENTO MÁXIMO DE CARGA 5,8 TM, ALCANCE MÁXIMO HORIZONTAL 7,60 M, INCLUSIVE CAMINHÃO TOCO PBT 9.700 KG, POTÊNCIA DE 160 CV - CHI DIURNO. AF_08/2015","CHI",70.569999999999993]
["Custos Horários Produtivo e Improdutivo dos Equipamentos",91634,"GUINDAUTO HIDRÁULICO, CAPACIDADE MÁXIMA DE CARGA 6500 KG, MOMENTO MÁXIMO DE CARGA 5,8 TM, ALCANCE MÁXIMO HORIZONTAL 7,60 M, INCLUSIVE CAMINHÃO TOCO PBT 9.700 KG, POTÊNCIA DE 160 CV - CHP DIURNO. AF_08/2015","CHP",239.63]
["Custos Horários Produtivo e Improdutivo dos Equipamentos",105985,"GUINDAUTO HIDRÁULICO, CAPACIDADE MÁXIMA DE CARGA 8500 KG, MOMENTO MÁXIMO DE CARGA 30,4 TM, ALCANCE MÁXIMO HORIZONTAL 14,30 M, INCLUSIVE CAMINHÃO TRUCADO PBT 23.000 KG, POTÊNCIA DE 256 CV E CARROCERIA FIXA ABERTA DE MADEIRA - CHI DIURNO. AF_05/2025","CHI",101.49]
["Custos Horários Produtivo e Improdutivo dos Equipamentos",105984,"GUINDAUTO HIDRÁULICO, CAPACIDADE MÁXIMA DE CARGA 8500 KG, MOMENTO MÁXIMO DE CARGA 30,4 TM, ALCANCE MÁXIMO HORIZONTAL 14,30 M, INCLUSIVE CAMINHÃO TRUCADO PBT 23.000 KG, POTÊNCIA DE 256 CV E CARROCERIA FIXA ABERTA DE MADEIRA - CHP DIURNO. AF_05/2025","CHP",325.56]
["Custos Horários Produtivo e Improdutivo dos Equipamentos",98765,"INVERSOR DE SOLDA MONOFÁSICO DE 160 A, POTÊNCIA DE 5400 W, TENSÃO DE 220 V, PARA SOLDA COM ELETRODOS DE 2,0 A 4,0 MM E PROCESSO TIG - CHI DIURNO. AF_06/2018","CHI",0.1]
["Custos Horários Produtivo e Improdutivo dos Equipamentos",98764,"INVERSOR DE SOLDA MONOFÁSICO DE 160 A, POTÊNCIA DE 5400 W, TENSÃO DE 220 V, PARA SOLDA COM ELETRODOS DE 2,0 A 4,0 MM E PROCESSO TIG - CHP DIURNO. AF_06/2018","CHP",5.3]
["Custos Horários Produtivo e Improdutivo dos Equipamentos",99834,"LAVADORA DE ALTA PRESSAO (LAVA-JATO) PARA AGUA FRIA, PRESSAO DE OPERACAO ENTRE 1400 E 1900 LIB/POL2, VAZAO MAXIMA ENTRE 400 E 700 L/H - CHI DIURNO. AF_05/2023","CHI",0.25]
["Custos Horários Produtivo e Improdutivo dos Equipamentos",99833,"LAVADORA DE ALTA PRESSAO (LAVA-JATO) PARA AGUA FRIA, PRESSAO DE OPERACAO ENTRE 1400 E 1900 LIB/POL2, VAZAO MAXIMA ENTRE 400 E 700 L/H - CHP DIURNO. AF_05/2023","CHP",5.29]
["Custos Horários Produtivo e Improdutivo dos Equipamentos",104521,"LIXADEIRA DE PAREDE, COM LED, POTÊNCIA 750 W, FREQUÊNCIA 60 HZ, VELOCIDADE 1000 A 2100 RPM, DIÂMETRO DA LIXA 225 MM - CHI DIURNO AF_12/2022","CHI",0]
["Custos Horários Produtivo e Improdutivo dos Equipamentos",104520,"LIXADEIRA DE PAREDE, COM LED, POTÊNCIA 750 W, FREQUÊNCIA 60 HZ, VELOCIDADE 1000 A 2100 RPM, DIÂMETRO DA LIXA 225 MM - CHP DIURNO. AF_12/2022","CHP",0]
["Custos Horários Produtivo e Improdutivo dos Equipamentos",90687,"MANIPULADOR TELESCÓPICO, POTÊNCIA DE 85 HP, CAPACIDADE DE CARGA DE 3.500 KG, ALTURA MÁXIMA DE ELEVAÇÃO DE 12,3 M - CHI DIURNO. AF_05/2023","CHI",100.95]
["Custos Horários Produtivo e Improdutivo dos Equipamentos",90686,"MANIPULADOR TELESCÓPICO, POTÊNCIA DE 85 HP, CAPACIDADE DE CARGA DE 3.500 KG, ALTURA MÁXIMA DE ELEVAÇÃO DE 12,3 M - CHP DIURNO. AF_05/2023","CHP",210.17]
["Custos Horários Produtivo e Improdutivo dos Equipamentos",5952,"MARTELETE OU ROMPEDOR PNEUMÁTICO MANUAL, 28 KG, COM SILENCIADOR - CHI DIURNO. AF_07/2016","CHI",38.97]
["Custos Horários Produtivo e Improdutivo dos Equipamentos",5795,"MARTELETE OU ROMPEDOR PNEUMÁTICO MANUAL, 28 KG, COM SILENCIADOR - CHP DIURNO. AF_07/2016","CHP",40.94]
["Custos Horários Produtivo e Improdutivo dos Equipamentos",104657,"MARTELETE PERFURADOR/ ROMPEDOR ELÉTRICO, POTÊNCIA 800 W, 220 V - CHI DIURNO. AF_05/2023","CHI",0]
["Custos Horários Produtivo e Improdutivo dos Equipamentos",104656,"MARTELETE PERFURADOR/ ROMPEDOR ELÉTRICO, POTÊNCIA 800 W, 220 V - CHP DIURNO. AF_05/2023","CHP",0]
["Custos Horários Produtivo e Improdutivo dos Equipamentos",102274,"MARTELO DEMOLIDOR ELÉTRICO, COM POTÊNCIA DE 2.000 W, 1.000 IMPACTOS POR MINUTO, PESO DE 30 KG - CHI DIURNO. AF_01/2021","CHI",37.880000000000003]
["Custos Horários Produtivo e Improdutivo dos Equipamentos",102275,"MARTELO DEMOLIDOR ELÉTRICO, COM POTÊNCIA DE 2.000 W, 1.000 IMPACTOS POR MINUTO, PESO DE 30 KG - CHP DIURNO. AF_01/2021","CHP",40.619999999999997]
["Custos Horários Produtivo e Improdutivo dos Equipamentos",95259,"MARTELO DEMOLIDOR PNEUMÁTICO MANUAL, 32 KG - CHI DIURNO. AF_09/2016","CHI",38.75]
["Custos Horários Produtivo e Improdutivo dos Equipamentos",95258,"MARTELO DEMOLIDOR PNEUMÁTICO MANUAL, 32 KG - CHP DIURNO. AF_09/2016","CHP",40.5]
["Custos Horários Produtivo e Improdutivo dos Equipamentos",105917,"MARTELO PERFURADOR PNEUMÁTICO MANUAL, HASTE 19 X 108 MM, *11* KG - CHI DIURNO. AF_02/2025","CHI",0]
["Custos Horários Produtivo e Improdutivo dos Equipamentos",105916,"MARTELO PERFURADOR PNEUMÁTICO MANUAL, HASTE 19 X 108 MM, *11* KG - CHP DIURNO. AF_02/2025","CHP",0]
["Custos Horários Produtivo e Improdutivo dos Equipamentos",92967,"MARTELO PERFURADOR PNEUMÁTICO MANUAL, HASTE 25 X 75 MM, 21 KG - CHI DIURNO. AF_12/2015","CHI",39.020000000000003]
["Custos Horários Produtivo e Improdutivo dos Equipamentos",92966,"MARTELO PERFURADOR PNEUMÁTICO MANUAL, HASTE 25 X 75 MM, 21 KG - CHP DIURNO. AF_12/2015","CHP",41.05]
["Custos Horários Produtivo e Improdutivo dos Equipamentos",103794,"MINI GUINDASTE ARANHA SOBRE ESTEIRAS E LANCA TELESCÓPICA, CAPACIDADE MÁXIMA DE CARGA 3,0 TON, RAIO MÁXIMO DE TRABALHO 8,25 M, ALTURA DE LANÇA DO SOLO 9,2 M, 55 M DE CABO DE AÇO 8 MM, MOTOR ELÉTRICO 220/380 VOLTS TRIFÁSICO - CHI DIURNO. AF_03/2022","CHI",0]
["Custos Horários Produtivo e Improdutivo dos Equipamentos",103793,"MINI GUINDASTE ARANHA SOBRE ESTEIRAS E LANCA TELESCÓPICA, CAPACIDADE MÁXIMA DE CARGA 3,0 TON, RAIO MÁXIMO DE TRABALHO 8,25 M, ALTURA DE LANÇA DO SOLO 9,2 M, 55 M DE CABO DE AÇO 8 MM, MOTOR ELÉTRICO 220/380 VOLTS TRIFÁSICO - CHP DIURNO. AF_03/2022","CHP",0]
["Custos Horários Produtivo e Improdutivo dos Equipamentos",96156,"MINICARREGADEIRA SOBRE RODAS POTENCIA 47HP CAPACIDADE OPERACAO 646 KG, COM VASSOURA MECÂNICA ACOPLADA - CHI DIURNO. AF_03/2017","CHI",77.400000000000006]
["Custos Horários Produtivo e Improdutivo dos Equipamentos",96158,"MINICARREGADEIRA SOBRE RODAS POTENCIA 47HP CAPACIDADE OPERACAO 646 KG, COM VASSOURA MECÂNICA ACOPLADA - CHP DIURNO. AF_03/2017","CHP",154.25]
["Custos Horários Produtivo e Improdutivo dos Equipamentos",90693,"MINICARREGADEIRA SOBRE RODAS, POTÊNCIA LÍQUIDA DE 47 HP, CAPACIDADE NOMINAL DE OPERAÇÃO DE 646 KG - CHI DIURNO. AF_06/2015","CHI",72.87]
["Custos Horários Produtivo e Improdutivo dos Equipamentos",90692,"MINICARREGADEIRA SOBRE RODAS, POTÊNCIA LÍQUIDA DE 47 HP, CAPACIDADE NOMINAL DE OPERAÇÃO DE 646 KG - CHP DIURNO. AF_06/2015","CHP",145.22999999999999]
["Custos Horários Produtivo e Improdutivo dos Equipamentos",96246,"MINIESCAVADEIRA SOBRE ESTEIRAS, POTÊNCIA LÍQUIDA DE *30* HP, PESO OPERACIONAL DE *3.500* KG - CHI DIURNO. AF_04/2017","CHI",79.099999999999994]
["Custos Horários Produtivo e Improdutivo dos Equipamentos",96245,"MINIESCAVADEIRA SOBRE ESTEIRAS, POTÊNCIA LÍQUIDA DE *30* HP, PESO OPERACIONAL DE *3.500* KG - CHP DIURNO. AF_04/2017","CHP",131.35]
["Custos Horários Produtivo e Improdutivo dos Equipamentos",88404,"MISTURADOR DE ARGAMASSA, EIXO HORIZONTAL, CAPACIDADE DE MISTURA 160 KG, MOTOR ELÉTRICO POTÊNCIA 3 CV - CHI DIURNO. AF_05/2023","CHI",1.1000000000000001]
["Custos Horários Produtivo e Improdutivo dos Equipamentos",88399,"MISTURADOR DE ARGAMASSA, EIXO HORIZONTAL, CAPACIDADE DE MISTURA 160 KG, MOTOR ELÉTRICO POTÊNCIA 3 CV - CHP DIURNO. AF_05/2023","CHP",4.16]
["Custos Horários Produtivo e Improdutivo dos Equipamentos",88392,"MISTURADOR DE ARGAMASSA, EIXO HORIZONTAL, CAPACIDADE DE MISTURA 300 KG, MOTOR ELÉTRICO POTÊNCIA 5 CV - CHI DIURNO. AF_05/2023","CHI",1.17]
["Custos Horários Produtivo e Improdutivo dos Equipamentos",88386,"MISTURADOR DE ARGAMASSA, EIXO HORIZONTAL, CAPACIDADE DE MISTURA 300 KG, MOTOR ELÉTRICO POTÊNCIA 5 CV - CHP DIURNO. AF_05/2023","CHP",5.68]
["Custos Horários Produtivo e Improdutivo dos Equipamentos",88398,"MISTURADOR DE ARGAMASSA, EIXO HORIZONTAL, CAPACIDADE DE MISTURA 600 KG, MOTOR ELÉTRICO POTÊNCIA 7,5 CV - CHI DIURNO. AF_05/2023","CHI",1.39]
["Custos Horários Produtivo e Improdutivo dos Equipamentos",88393,"MISTURADOR DE ARGAMASSA, EIXO HORIZONTAL, CAPACIDADE DE MISTURA 600 KG, MOTOR ELÉTRICO POTÊNCIA 7,5 CV - CHP DIURNO. AF_05/2023","CHP",7.82]
["Custos Horários Produtivo e Improdutivo dos Equipamentos",90638,"MISTURADOR DUPLO HORIZONTAL DE ALTA TURBULÊNCIA, CAPACIDADE / VOLUME 2 X 500 LITROS, MOTORES ELÉTRICOS MÍNIMO 5 CV CADA, PARA NATA CIMENTO, ARGAMASSA E OUTROS - CHI DIURNO. AF_06/2015","CHI",5.54]
["Custos Horários Produtivo e Improdutivo dos Equipamentos",90637,"MISTURADOR DUPLO HORIZONTAL DE ALTA TURBULÊNCIA, CAPACIDADE / VOLUME 2 X 500 LITROS, MOTORES ELÉTRICOS MÍNIMO 5 CV CADA, PARA NATA CIMENTO, ARGAMASSA E OUTROS - CHP DIURNO. AF_06/2015","CHP",17.41]
["Custos Horários Produtivo e Improdutivo dos Equipamentos",103243,"MISTURADOR PARA PREPARO DE LAMA ESTABILIZANTE COM CAPACIDADE DE *4000* L, COM BOMBA CENTRÍFUGA 5,5 HP A 23,07 HP, PARA SISTEMA DE FURO DIRECIONAL - CHI DIURNO. AF_05/2023","CHI",0]
["Custos Horários Produtivo e Improdutivo dos Equipamentos",103242,"MISTURADOR PARA PREPARO DE LAMA ESTABILIZANTE COM CAPACIDADE DE *4000* L, COM BOMBA CENTRÍFUGA 5,5 HP A 23,07 HP, PARA SISTEMA DE FURO DIRECIONAL - CHP DIURNO. AF_05/2023","CHP",0]
["Custos Horários Produtivo e Improdutivo dos Equipamentos",5806,"MOTOBOMBA CENTRÍFUGA, MOTOR A GASOLINA, POTÊNCIA 5,42 HP, BOCAIS 1 1/2\" X 1\", DIÂMETRO ROTOR 143 MM HM/Q = 6 MCA / 16,8 M3/H A 38 MCA / 6,6 M3/H - CHI DIURNO. AF_06/2014","CHI",0.23]
["Custos Horários Produtivo e Improdutivo dos Equipamentos",73536,"MOTOBOMBA CENTRÍFUGA, MOTOR A GASOLINA, POTÊNCIA 5,42 HP, BOCAIS 1 1/2\" X 1\", DIÂMETRO ROTOR 143 MM HM/Q = 6 MCA / 16,8 M3/H A 38 MCA / 6,6 M3/H - CHP DIURNO. AF_06/2014","CHP",21.62]
["Custos Horários Produtivo e Improdutivo dos Equipamentos",7043,"MOTOBOMBA TRASH (PARA ÁGUA SUJA) AUTO ESCORVANTE, MOTOR GASOLINA DE 6,41 HP, DIÂMETROS DE SUCÇÃO X RECALQUE: 3\" X 3\", HM/Q = 10 MCA / 60 M3/H A 23 MCA / 0 M3/H - CHI DIURNO. AF_10/2014","CHI",0.28000000000000003]
["Custos Horários Produtivo e Improdutivo dos Equipamentos",7042,"MOTOBOMBA TRASH (PARA ÁGUA SUJA) AUTO ESCORVANTE, MOTOR GASOLINA DE 6,41 HP, DIÂMETROS DE SUCÇÃO X RECALQUE: 3\" X 3\", HM/Q = 10 MCA / 60 M3/H A 23 MCA / 0 M3/H - CHP DIURNO. AF_10/2014","CHP",25.53]
["Custos Horários Produtivo e Improdutivo dos Equipamentos",5934,"MOTONIVELADORA POTÊNCIA BÁSICA LÍQUIDA (PRIMEIRA MARCHA) 125 HP, PESO BRUTO 13032 KG, LARGURA DA LÂMINA DE 3,7 M - CHI DIURNO. AF_06/2014","CHI",120.56]
["Custos Horários Produtivo e Improdutivo dos Equipamentos",5932,"MOTONIVELADORA POTÊNCIA BÁSICA LÍQUIDA (PRIMEIRA MARCHA) 125 HP, PESO BRUTO 13032 KG, LARGURA DA LÂMINA DE 3,7 M - CHP DIURNO. AF_06/2014","CHP",277.18]
["Custos Horários Produtivo e Improdutivo dos Equipamentos",96159,"MÁQUINA DEMARCADORA DE FAIXA DE TRÁFEGO À FRIO, AUTOPROPELIDA, POTÊNCIA 38 HP - CHI DIURNO. AF_07/2016","CHI",120.25]
["Custos Horários Produtivo e Improdutivo dos Equipamentos",95133,"MÁQUINA DEMARCADORA DE FAIXA DE TRÁFEGO À FRIO, AUTOPROPELIDA, POTÊNCIA 38 HP - CHP DIURNO. AF_07/2016","CHP",220.34]
["Custos Horários Produtivo e Improdutivo dos Equipamentos",102986,"MÁQUINA DEMARCADORA DE FAIXA DE TRÁFEGO À FRIO, TRAÇÃO MANUAL, 4 CV, PRESSÃO MAX 3300 PSI, TANQUE 20 L - CHI DIURNO. AF_06/2021","CHI",0]
["Custos Horários Produtivo e Improdutivo dos Equipamentos",102987,"MÁQUINA DEMARCADORA DE FAIXA DE TRÁFEGO À FRIO, TRAÇÃO MANUAL, 4 CV, PRESSÃO MAX 3300 PSI, TANQUE 20 L - CHP DIURNO. AF_06/2021","CHP",0]
["Custos Horários Produtivo e Improdutivo dos Equipamentos",92961,"MÁQUINA EXTRUSORA DE CONCRETO PARA GUIAS E SARJETAS, MOTOR A DIESEL, POTÊNCIA 14 CV - CHI DIURNO. AF_12/2015","CHI",5.38]
["Custos Horários Produtivo e Improdutivo dos Equipamentos",92960,"MÁQUINA EXTRUSORA DE CONCRETO PARA GUIAS E SARJETAS, MOTOR A DIESEL, POTÊNCIA 14 CV - CHP DIURNO. AF_12/2015","CHP",19.329999999999998]
["Custos Horários Produtivo e Improdutivo dos Equipamentos",102863,"MÁQUINA FORMER DOBRAS DIVERSAS: 220V/380V TRIFÁSICO OU MONOFÁSICO, CAPACIDADE 0,5-1,27MM, MOTOR 2CV - CHI DIURNO. AF_05/2023","CHI",0]
["Custos Horários Produtivo e Improdutivo dos Equipamentos",102862,"MÁQUINA FORMER DOBRAS DIVERSAS: 220V/380V TRIFÁSICO OU MONOFÁSICO, CAPACIDADE 0,5-1,27MM, MOTOR 2CV - CHP DIURNO. AF_05/2023","CHP",0]
["Custos Horários Produtivo e Improdutivo dos Equipamentos",93409,"MÁQUINA JATO DE PRESSAO PORTÁTIL, CAMARA DE 1 SAIDA, CAPACIDADE 280 L, DIAMETRO 670 MM, BICO DE JATO CURTO VENTURI DE 5/16\", MANGUEIRA DE 1\" COM COMPRESSOR DE AR REBOCÁVEL 189 PCM E MOTOR DIESEL 63 CV - CHI DIURNO. AF_05/2023","CHI",45.61]
["Custos Horários Produtivo e Improdutivo dos Equipamentos",93408,"MÁQUINA JATO DE PRESSAO PORTÁTIL, CAMARA DE 1 SAIDA, CAPACIDADE 280 L, DIAMETRO 670 MM, BICO DE JATO CURTO VENTURI DE 5/16\", MANGUEIRA DE 1\" COM COMPRESSOR DE AR REBOCÁVEL 189 PCM E MOTOR DIESEL 63 CV - CHP DIURNO. AF_05/2023","CHP",101.48]
["Custos Horários Produtivo e Improdutivo dos Equipamentos",102941,"MÁQUINA METALEIRA UNIVERSAL MODELO IW 110/180 BTD - CHI DIURNO. AF_05/2023","CHI",0]
["Custos Horários Produtivo e Improdutivo dos Equipamentos",102940,"MÁQUINA METALEIRA UNIVERSAL MODELO IW 110/180 BTD - CHP DIURNO. AF_05/2023","CHP",0]
["Custos Horários Produtivo e Improdutivo dos Equipamentos",103164,"MÁQUINA PARA SOLDA POR ELETROFUSÃO PARA TUBOS DE POLIETILENO DE ALTA DENSIDADE (PEAD) COM DIÂMETRO EXTERNO DE 20 A 1600 MM, POTÊNCIA DE 3500 W - CHI DIURNO. AF_05/2023","CHI",0]
["Custos Horários Produtivo e Improdutivo dos Equipamentos",103163,"MÁQUINA PARA SOLDA POR ELETROFUSÃO PARA TUBOS DE POLIETILENO DE ALTA DENSIDADE (PEAD) COM DIÂMETRO EXTERNO DE 20 A 1600 MM, POTÊNCIA DE 3500 W - CHP DIURNO. AF_05/2023","CHP",0]
["Custos Horários Produtivo e Improdutivo dos Equipamentos",103158,"MÁQUINA PARA SOLDA POR ELETROFUSÃO PARA TUBOS DE POLIETILENO DE ALTA DENSIDADE (PEAD) COM DIÂMETRO EXTERNO DE 20 A 800 MM, POTÊNCIA ENTRE 2750 E 3000 W - CHI DIURNO. AF_05/2023","CHI",0]
["Custos Horários Produtivo e Improdutivo dos Equipamentos",103157,"MÁQUINA PARA SOLDA POR ELETROFUSÃO PARA TUBOS DE POLIETILENO DE ALTA DENSIDADE (PEAD) COM DIÂMETRO EXTERNO DE 20 A 800 MM, POTÊNCIA ENTRE 2750 E 3000 W - CHP DIURNO. AF_05/2023","CHP",0]
["Custos Horários Produtivo e Improdutivo dos Equipamentos",103176,"MÁQUINA PARA SOLDA POR TERMOFUSÃO PARA TUBOS DE POLIETILENO DE ALTA DENSIDADE (PEAD) COM DIÂMETRO EXTERNO DE 315 A 630 MM, POTÊNCIA ENTRE 8000 E 12350 W - CHI DIURNO. AF_05/2023","CHI",0]
["Custos Horários Produtivo e Improdutivo dos Equipamentos",103175,"MÁQUINA PARA SOLDA POR TERMOFUSÃO PARA TUBOS DE POLIETILENO DE ALTA DENSIDADE (PEAD) COM DIÂMETRO EXTERNO DE 315 A 630 MM, POTÊNCIA ENTRE 8000 E 12350 W - CHP DIURNO. AF_05/2023","CHP",0]
["Custos Horários Produtivo e Improdutivo dos Equipamentos",103182,"MÁQUINA PARA SOLDA POR TERMOFUSÃO PARA TUBOS DE POLIETILENO DE ALTA DENSIDADE (PEAD) COM DIÂMETRO EXTERNO DE 710 A 1200 MM, POTÊNCIA ENTRE 16000 E 29500 W - CHI DIURNO. AF_05/2023","CHI",0]
["Custos Horários Produtivo e Improdutivo dos Equipamentos",103181,"MÁQUINA PARA SOLDA POR TERMOFUSÃO PARA TUBOS DE POLIETILENO DE ALTA DENSIDADE (PEAD) COM DIÂMETRO EXTERNO DE 710 A 1200 MM, POTÊNCIA ENTRE 16000 E 29500 W - CHP DIURNO. AF_05/2023","CHP",0]
["Custos Horários Produtivo e Improdutivo dos Equipamentos",103170,"MÁQUINA PARA SOLDA POR TERMOFUSÃO PARA TUBOS DE POLIETILENO DE ALTA DENSIDADE (PEAD) COM DIÂMETRO EXTERNO DE 90 A 315 MM, POTÊNCIA ENTRE 2500 E 5350 W - CHI DIURNO. AF_05/2023","CHI",0]
["Custos Horários Produtivo e Improdutivo dos Equipamentos",103169,"MÁQUINA PARA SOLDA POR TERMOFUSÃO PARA TUBOS DE POLIETILENO DE ALTA DENSIDADE (PEAD) COM DIÂMETRO EXTERNO DE 90 A 315 MM, POTÊNCIA ENTRE 2500 E 5350 W - CHP DIURNO. AF_05/2023","CHP",0]
["Custos Horários Produtivo e Improdutivo dos Equipamentos",102869,"MÁQUINA SOLDA ARCO COM PISTOLA DE SOLDAGEM PARA STUD BOLT DE 5 MM A 22 MM - CHI DIURNO. AF_05/2023","CHI",0]
["Custos Horários Produtivo e Improdutivo dos Equipamentos",102868,"MÁQUINA SOLDA ARCO COM PISTOLA DE SOLDAGEM PARA STUD BOLT DE 5 MM A 22 MM - CHP DIURNO. AF_05/2023","CHP",0]
["Custos Horários Produtivo e Improdutivo dos Equipamentos",92113,"PENEIRA ROTATIVA COM MOTOR ELÉTRICO TRIFÁSICO DE 2 CV, CILINDRO DE 1 M X 0,60 M, COM FUROS DE 3,17 MM - CHI DIURNO. AF_05/2023","CHI",1.29]
["Custos Horários Produtivo e Improdutivo dos Equipamentos",92112,"PENEIRA ROTATIVA COM MOTOR ELÉTRICO TRIFÁSICO DE 2 CV, CILINDRO DE 1 M X 0,60 M, COM FUROS DE 3,17 MM - CHP DIURNO. AF_05/2023","CHP",3.98]
["Custos Horários Produtivo e Improdutivo dos Equipamentos",90675,"PERFURATRIZ COM TORRE METÁLICA PARA EXECUÇÃO DE ESTACA HÉLICE CONTÍNUA, PROFUNDIDADE MÁXIMA DE 30 M, DIÂMETRO MÁXIMO DE 800 MM, POTÊNCIA INSTALADA DE 268 HP, MESA ROTATIVA COM TORQUE MÁXIMO DE 170 KNM - CHI DIURNO. AF_06/2015","CHI",345.63]
["Custos Horários Produtivo e Improdutivo dos Equipamentos",90674,"PERFURATRIZ COM TORRE METÁLICA PARA EXECUÇÃO DE ESTACA HÉLICE CONTÍNUA, PROFUNDIDADE MÁXIMA DE 30 M, DIÂMETRO MÁXIMO DE 800 MM, POTÊNCIA INSTALADA DE 268 HP, MESA ROTATIVA COM TORQUE MÁXIMO DE 170 KNM - CHP DIURNO. AF_06/2015","CHP",764.82]
["Custos Horários Produtivo e Improdutivo dos Equipamentos",93225,"PERFURATRIZ COM TORRE METÁLICA PARA EXECUÇÃO DE ESTACA HÉLICE CONTÍNUA, PROFUNDIDADE MÁXIMA DE 32 M, DIÂMETRO MÁXIMO DE 1000 MM, POTÊNCIA INSTALADA DE 350 HP, MESA ROTATIVA COM TORQUE MÁXIMO DE 263 KNM - CHI DIURNO. AF_01/2016","CHI",508.35]
["Custos Horários Produtivo e Improdutivo dos Equipamentos",93224,"PERFURATRIZ COM TORRE METÁLICA PARA EXECUÇÃO DE ESTACA HÉLICE CONTÍNUA, PROFUNDIDADE MÁXIMA DE 32 M, DIÂMETRO MÁXIMO DE 1000 MM, POTÊNCIA INSTALADA DE 350 HP, MESA ROTATIVA COM TORQUE MÁXIMO DE 263 KNM - CHP DIURNO. AF_01/2016","CHP",1124.27]
["Custos Horários Produtivo e Improdutivo dos Equipamentos",104696,"PERFURATRIZ DE COROA DIAMANTADA PARA CONCRETO, DIÂMETRO ATÉ 250 MM, MOTOR ELÉTRICO 220 V, POTÊNCIA 2.500 W - CHI DIURNO. AF_05/2023","CHI",41.69]
["Custos Horários Produtivo e Improdutivo dos Equipamentos",104695,"PERFURATRIZ DE COROA DIAMANTADA PARA CONCRETO, DIÂMETRO ATÉ 250 MM, MOTOR ELÉTRICO 220 V, POTÊNCIA 2.500 W - CHP DIURNO. AF_05/2023","CHP",45.24]
["Custos Horários Produtivo e Improdutivo dos Equipamentos",90681,"PERFURATRIZ HIDRÁULICA SOBRE CAMINHÃO COM TRADO CURTO ACOPLADO, PROFUNDIDADE MÁXIMA DE 20 M, DIÂMETRO MÁXIMO DE 1500 MM, POTÊNCIA INSTALADA DE 137 HP, MESA ROTATIVA COM TORQUE MÁXIMO DE 30 KNM - CHI DIURNO. AF_06/2015","CHI",180.19]
["Custos Horários Produtivo e Improdutivo dos Equipamentos",90680,"PERFURATRIZ HIDRÁULICA SOBRE CAMINHÃO COM TRADO CURTO ACOPLADO, PROFUNDIDADE MÁXIMA DE 20 M, DIÂMETRO MÁXIMO DE 1500 MM, POTÊNCIA INSTALADA DE 137 HP, MESA ROTATIVA COM TORQUE MÁXIMO DE 30 KNM - CHP DIURNO. AF_06/2015","CHP",407.89]
["Custos Horários Produtivo e Improdutivo dos Equipamentos",102875,"PERFURATRIZ HIDRÁULICA SOBRE ESTEIRA, TORQUE MÁXIMO 161 KNM, PROFUNDIDADE MÁXIMA 54 M, DIÂMETRO MÁXIMO 1500 MM, POTÊNCIA MOTOR 268 HP - CHI DIURNO. AF_04/2019","CHI",486.14]
["Custos Horários Produtivo e Improdutivo dos Equipamentos",102874,"PERFURATRIZ HIDRÁULICA SOBRE ESTEIRA, TORQUE MÁXIMO 161 KNM, PROFUNDIDADE MÁXIMA 54 M, DIÂMETRO MÁXIMO 1500 MM, POTÊNCIA MOTOR 268 HP - CHP DIURNO. AF_04/2019","CHP",1043.32]
["Custos Horários Produtivo e Improdutivo dos Equipamentos",102965,"PERFURATRIZ HIDRÁULICA SOBRE ESTEIRA, TORQUE MÁXIMO 98 KNM, PROFUNDIDADE MÁXIMA 25 M, DIÂMETRO MÁXIMO 115 MM, POTÊNCIA MOTOR 190 HP - CHI DIURNO. AF_02/2021","CHI",256.79000000000002]
["Custos Horários Produtivo e Improdutivo dos Equipamentos",102964,"PERFURATRIZ HIDRÁULICA SOBRE ESTEIRA, TORQUE MÁXIMO 98 KNM, PROFUNDIDADE MÁXIMA 25 M, DIÂMETRO MÁXIMO 115 MM, POTÊNCIA MOTOR 190 HP - CHP DIURNO. AF_02/2021","CHP",500.25]
["Custos Horários Produtivo e Improdutivo dos Equipamentos",95703,"PERFURATRIZ MANUAL, TORQUE MAXIMO 55 KGF.M, POTENCIA 5 CV, COM DIAMETRO MAXIMO 8 1/2\" - CHI DIURNO. AF_11/2016","CHI",46.27]
["Custos Horários Produtivo e Improdutivo dos Equipamentos",95702,"PERFURATRIZ MANUAL, TORQUE MAXIMO 55 KGF.M, POTENCIA 5 CV, COM DIAMETRO MAXIMO 8 1/2\" - CHP DIURNO. AF_11/2016","CHP",55.58]
["Custos Horários Produtivo e Improdutivo dos Equipamentos",90626,"PERFURATRIZ MANUAL, TORQUE MÁXIMO 83 N.M, POTÊNCIA 5 CV, COM DIÂMETRO MÁXIMO 4\" - CHI DIURNO. AF_06/2015","CHI",2.59]
["Custos Horários Produtivo e Improdutivo dos Equipamentos",90625,"PERFURATRIZ MANUAL, TORQUE MÁXIMO 83 N.M, POTÊNCIA 5 CV, COM DIÂMETRO MÁXIMO 4\" - CHP DIURNO. AF_06/2015","CHP",8.69]
["Custos Horários Produtivo e Improdutivo dos Equipamentos",102881,"PERFURATRIZ PARA EXECUÇÃO DE ESTACAS SECANTES, TIPO HÉLICE CONTÍNUA COM CABEÇOTE DUPLO E TUBO METÁLICO - CHI DIURNO. AF_04/2019","CHI",659.79]
["Custos Horários Produtivo e Improdutivo dos Equipamentos",102880,"PERFURATRIZ PARA EXECUÇÃO DE ESTACAS SECANTES, TIPO HÉLICE CONTÍNUA COM CABEÇOTE DUPLO E TUBO METÁLICO - CHP DIURNO. AF_04/2019","CHP",1447.22]
["Custos Horários Produtivo e Improdutivo dos Equipamentos",103225,"PERFURATRIZ PARA FURO DIRECIONAL HORIZONTAL (HDD) COM CAPACIDADE ATÉ 89 KN, POTÊNCIA 24,8 HP A 80 HP (INCLUSO FERRAMENTAS E LOCALIZADOR) - CHI DIURNO. AF_05/2023","CHI",229.9]
["Custos Horários Produtivo e Improdutivo dos Equipamentos",103224,"PERFURATRIZ PARA FURO DIRECIONAL HORIZONTAL (HDD) COM CAPACIDADE ATÉ 89 KN, POTÊNCIA 24,8 HP A 80 HP (INCLUSO FERRAMENTAS E LOCALIZADOR) - CHP DIURNO. AF_05/2023","CHP",451.12]
["Custos Horários Produtivo e Improdutivo dos Equipamentos",103237,"PERFURATRIZ PARA FURO DIRECIONAL HORIZONTAL (HDD) COM CAPACIDADE DE 201 KN A 560 KN, POTÊNCIA 200 HP A 260 HP (INCLUSO FERRAMENTAS E LOCALIZADOR) - CHI DIURNO. AF_05/2023","CHI",634.69000000000005]
["Custos Horários Produtivo e Improdutivo dos Equipamentos",103236,"PERFURATRIZ PARA FURO DIRECIONAL HORIZONTAL (HDD) COM CAPACIDADE DE 201 KN A 560 KN, POTÊNCIA 200 HP A 260 HP (INCLUSO FERRAMENTAS E LOCALIZADOR) - CHP DIURNO. AF_05/2023","CHP",1350.45]
["Custos Horários Produtivo e Improdutivo dos Equipamentos",103231,"PERFURATRIZ PARA FURO DIRECIONAL HORIZONTAL (HDD) COM CAPACIDADE DE 90 KN A 200 KN, POTÊNCIA 100 HP A 160 HP (INCLUSO FERRAMENTAS E LOCALIZADOR) - CHI DIURNO. AF_05/2023","CHI",475]
["Custos Horários Produtivo e Improdutivo dos Equipamentos",103230,"PERFURATRIZ PARA FURO DIRECIONAL HORIZONTAL (HDD) COM CAPACIDADE DE 90 KN A 200 KN, POTÊNCIA 100 HP A 160 HP (INCLUSO FERRAMENTAS E LOCALIZADOR) - CHP DIURNO. AF_05/2023","CHP",989.06]
["Custos Horários Produtivo e Improdutivo dos Equipamentos",95621,"PERFURATRIZ PNEUMATICA MANUAL DE PESO MEDIO, MARTELETE, 18KG, COMPRIMENTO MÁXIMO DE CURSO DE 6 M, DIAMETRO DO PISTAO DE 5,5 CM - CHI DIURNO. AF_11/2016","CHI",38.44]
["Custos Horários Produtivo e Improdutivo dos Equipamentos",95620,"PERFURATRIZ PNEUMATICA MANUAL DE PESO MEDIO, MARTELETE, 18KG, COMPRIMENTO MÁXIMO DE CURSO DE 6 M, DIAMETRO DO PISTAO DE 5,5 CM - CHP DIURNO. AF_11/2016","CHP",39.880000000000003]
["Custos Horários Produtivo e Improdutivo dos Equipamentos",102975,"PERFURATRIZ ROTATIVA SOBRE ESTEIRA, TORQUE MAXIMO 2500 KGM, POTENCIA 110 HP, MOTOR DIESEL - CHI DIURNO. AF_05/2017","CHI",156.63]
["Custos Horários Produtivo e Improdutivo dos Equipamentos",102976,"PERFURATRIZ ROTATIVA SOBRE ESTEIRA, TORQUE MAXIMO 2500 KGM, POTENCIA 110 HP, MOTOR DIESEL- CHP DIURNO. AF_05/2017","CHP",290.39999999999998]
["Custos Horários Produtivo e Improdutivo dos Equipamentos",90632,"PERFURATRIZ SOBRE ESTEIRA, TORQUE MÁXIMO 600 KGF, PESO MÉDIO 1000 KG, POTÊNCIA 20 HP, DIÂMETRO MÁXIMO 10\" - CHI DIURNO. AF_06/2015","CHI",108.14]
["Custos Horários Produtivo e Improdutivo dos Equipamentos",90631,"PERFURATRIZ SOBRE ESTEIRA, TORQUE MÁXIMO 600 KGF, PESO MÉDIO 1000 KG, POTÊNCIA 20 HP, DIÂMETRO MÁXIMO 10\" - CHP DIURNO. AF_06/2015","CHP",176.52]
["Custos Horários Produtivo e Improdutivo dos Equipamentos",95709,"PERFURATRIZ SOBRE ESTEIRA, TORQUE MÁXIMO 600 KGF, POTÊNCIA ENTRE 50 E 60 HP, DIÂMETRO MÁXIMO 10\" - CHI DIURNO. AF_11/2016","CHI",108.8]
["Custos Horários Produtivo e Improdutivo dos Equipamentos",95708,"PERFURATRIZ SOBRE ESTEIRA, TORQUE MÁXIMO 600 KGF, POTÊNCIA ENTRE 50 E 60 HP, DIÂMETRO MÁXIMO 10\" - CHP DIURNO. AF_11/2016","CHP",180.73]
["Custos Horários Produtivo e Improdutivo dos Equipamentos",91278,"PLACA VIBRATÓRIA REVERSÍVEL COM MOTOR 4 TEMPOS A GASOLINA, FORÇA CENTRÍFUGA DE 25 KN (2500 KGF), POTÊNCIA 5,5 CV - CHI DIURNO. AF_08/2015","CHI",0.73]
["Custos Horários Produtivo e Improdutivo dos Equipamentos",91277,"PLACA VIBRATÓRIA REVERSÍVEL COM MOTOR 4 TEMPOS A GASOLINA, FORÇA CENTRÍFUGA DE 25 KN (2500 KGF), POTÊNCIA 5,5 CV - CHP DIURNO. AF_08/2015","CHP",10.32]
["Custos Horários Produtivo e Improdutivo dos Equipamentos",102887,"PLATAFORMA ELEVATÓRIA - CHI DIURNO. AF_04/2019","CHI",0]
["Custos Horários Produtivo e Improdutivo dos Equipamentos",102886,"PLATAFORMA ELEVATÓRIA - CHP DIURNO. AF_04/2019","CHP",0]
["Custos Horários Produtivo e Improdutivo dos Equipamentos",95277,"POLIDORA DE PISO (POLITRIZ), PESO DE 100KG, DIÂMETRO 450 MM, MOTOR ELÉTRICO, POTÊNCIA 4 HP - CHI DIURNO. AF_05/2023","CHI",0.75]
["Custos Horários Produtivo e Improdutivo dos Equipamentos",95276,"POLIDORA DE PISO (POLITRIZ), PESO DE 100KG, DIÂMETRO 450 MM, MOTOR ELÉTRICO, POTÊNCIA 4 HP - CHP DIURNO. AF_05/2023","CHP",4.03]
["Custos Horários Produtivo e Improdutivo dos Equipamentos",88430,"PROJETOR DE ARGAMASSA, CAPACIDADE DE PROJEÇÃO 1,5 M3/H, ALCANCE DE 30 ATÉ 60 M, MOTOR ELÉTRICO POTÊNCIA 7,5 HP - CHI DIURNO. AF_06/2014","CHI",7.2]
["Custos Horários Produtivo e Improdutivo dos Equipamentos",88418,"PROJETOR DE ARGAMASSA, CAPACIDADE DE PROJEÇÃO 1,5 M3/H, ALCANCE DE 30 ATÉ 60 M, MOTOR ELÉTRICO POTÊNCIA 7,5 HP - CHP DIURNO. AF_06/2014","CHP",15.69]
["Custos Horários Produtivo e Improdutivo dos Equipamentos",88438,"PROJETOR DE ARGAMASSA, CAPACIDADE DE PROJEÇÃO 2 M3/H, ALCANCE ATÉ 50 M, MOTOR ELÉTRICO POTÊNCIA 7,5 HP - CHI DIURNO. AF_06/2014","CHI",9.5500000000000007]
["Custos Horários Produtivo e Improdutivo dos Equipamentos",88433,"PROJETOR DE ARGAMASSA, CAPACIDADE DE PROJEÇÃO 2 M3/H, ALCANCE ATÉ 50 M, MOTOR ELÉTRICO POTÊNCIA 7,5 HP - CHP DIURNO. AF_06/2014","CHP",20.420000000000002]
["Custos Horários Produtivo e Improdutivo dos Equipamentos",90669,"PROJETOR PNEUMÁTICO DE ARGAMASSA PARA CHAPISCO E REBOCO COM RECIPIENTE ACOPLADO, TIPO CANEQUINHA, COM COMPRESSOR DE AR REBOCÁVEL VAZÃO 89 PCM E MOTOR DIESEL DE 20 CV - CHI DIURNO. AF_05/2023","CHI",8.94]
["Custos Horários Produtivo e Improdutivo dos Equipamentos",90668,"PROJETOR PNEUMÁTICO DE ARGAMASSA PARA CHAPISCO E REBOCO COM RECIPIENTE ACOPLADO, TIPO CANEQUINHA, COM COMPRESSOR DE AR REBOCÁVEL VAZÃO 89 PCM E MOTOR DIESEL DE 20 CV - CHP DIURNO. AF_05/2023","CHP",32.549999999999997]
["Custos Horários Produtivo e Improdutivo dos Equipamentos",102980,"PULVERIZADOR DE TINTA ELÉTRICO/MÁQUINA DE PINTURA AIRLESS, VAZÃO 2 L/MIN - CHI DIURNO. AF_05/2023","CHI",0]
["Custos Horários Produtivo e Improdutivo dos Equipamentos",102981,"PULVERIZADOR DE TINTA ELÉTRICO/MÁQUINA DE PINTURA AIRLESS, VAZÃO 2 L/MIN - CHP DIURNO. AF_05/2023","CHP",0]
["Custos Horários Produtivo e Improdutivo dos Equipamentos",5946,"PÁ CARREGADEIRA SOBRE RODAS, POTÊNCIA 197 HP, CAPACIDADE DA CAÇAMBA 2,5 A 3,5 M3, PESO OPERACIONAL 18338 KG - CHI DIURNO. AF_06/2014","CHI",116.95]
["Custos Horários Produtivo e Improdutivo dos Equipamentos",5944,"PÁ CARREGADEIRA SOBRE RODAS, POTÊNCIA 197 HP, CAPACIDADE DA CAÇAMBA 2,5 A 3,5 M3, PESO OPERACIONAL 18338 KG - CHP DIURNO. AF_06/2014","CHP",261.27999999999997]
["Custos Horários Produtivo e Improdutivo dos Equipamentos",5942,"PÁ CARREGADEIRA SOBRE RODAS, POTÊNCIA LÍQUIDA 128 HP, CAPACIDADE DA CAÇAMBA 1,7 A 2,8 M3, PESO OPERACIONAL 11632 KG - CHI DIURNO. AF_06/2014","CHI",95.84]
["Custos Horários Produtivo e Improdutivo dos Equipamentos",5940,"PÁ CARREGADEIRA SOBRE RODAS, POTÊNCIA LÍQUIDA 128 HP, CAPACIDADE DA CAÇAMBA 1,7 A 2,8 M3, PESO OPERACIONAL 11632 KG - CHP DIURNO. AF_06/2014","CHP",194.96]
["Custos Horários Produtivo e Improdutivo dos Equipamentos",102893,"PÓRTICO ROLANTE MONOVIGA, PERFIL I, 4 PERNAS, CAPACIDADE 5 T - CHI DIURNO. AF_04/2019","CHI",0]
["Custos Horários Produtivo e Improdutivo dos Equipamentos",102892,"PÓRTICO ROLANTE MONOVIGA, PERFIL I, 4 PERNAS, CAPACIDADE 5 T - CHP DIURNO. AF_04/2019","CHP",0]
["Custos Horários Produtivo e Improdutivo dos Equipamentos",89251,"RECICLADORA DE ASFALTO A FRIO SOBRE RODAS, LARGURA FRESAGEM DE 2,0 M, POTÊNCIA 422 HP - CHI DIURNO. AF_11/2014","CHI",330.1]
["Custos Horários Produtivo e Improdutivo dos Equipamentos",89250,"RECICLADORA DE ASFALTO A FRIO SOBRE RODAS, LARGURA FRESAGEM DE 2,0 M, POTÊNCIA 422 HP - CHP DIURNO. AF_11/2014","CHP",1096.6199999999999]
["Custos Horários Produtivo e Improdutivo dos Equipamentos",102959,"RETROESCAVADEIRA SOBRE RODAS COM CARREGADEIRA, PESO OPERACIONAL MÍN. 6,674, POTÊNCIA LÍQ 88 HP, COM MARTELO ROMPEDOR HIDRÁULICO ENTRE 275 A 362 KG - CHI DIURNO. AF_02/2021","CHI",0]
["Custos Horários Produtivo e Improdutivo dos Equipamentos",102958,"RETROESCAVADEIRA SOBRE RODAS COM CARREGADEIRA, PESO OPERACIONAL MÍN. 6,674, POTÊNCIA LÍQ 88 HP, COM MARTELO ROMPEDOR HIDRÁULICO ENTRE 275 A 362 KG - CHP DIURNO. AF_02/2021","CHP",0]
["Custos Horários Produtivo e Improdutivo dos Equipamentos",5681,"RETROESCAVADEIRA SOBRE RODAS COM CARREGADEIRA, TRAÇÃO 4X2, POTÊNCIA LÍQ. 79 HP, CAÇAMBA CARREG. CAP. MÍN. 1 M3, CAÇAMBA RETRO CAP. 0,20 M3, PESO OPERACIONAL MÍN. 6.570 KG, PROFUNDIDADE ESCAVAÇÃO MÁX. 4,37 M - CHI DIURNO. AF_06/2014","CHI",75.09]
["Custos Horários Produtivo e Improdutivo dos Equipamentos",5680,"RETROESCAVADEIRA SOBRE RODAS COM CARREGADEIRA, TRAÇÃO 4X2, POTÊNCIA LÍQ. 79 HP, CAÇAMBA CARREG. CAP. MÍN. 1 M3, CAÇAMBA RETRO CAP. 0,20 M3, PESO OPERACIONAL MÍN. 6.570 KG, PROFUNDIDADE ESCAVAÇÃO MÁX. 4,37 M - CHP DIURNO. AF_06/2014","CHP",151.46]
["Custos Horários Produtivo e Improdutivo dos Equipamentos",5877,"RETROESCAVADEIRA SOBRE RODAS COM CARREGADEIRA, TRAÇÃO 4X4, POTÊNCIA LÍQ. 72 HP, CAÇAMBA CARREG. CAP. MÍN. 0,79 M3, CAÇAMBA RETRO CAP. 0,18 M3, PESO OPERACIONAL MÍN. 7.140 KG, PROFUNDIDADE ESCAVAÇÃO MÁX. 4,50 M - CHI DIURNO. AF_06/2014","CHI",77.760000000000005]
["Custos Horários Produtivo e Improdutivo dos Equipamentos",5875,"RETROESCAVADEIRA SOBRE RODAS COM CARREGADEIRA, TRAÇÃO 4X4, POTÊNCIA LÍQ. 72 HP, CAÇAMBA CARREG. CAP. MÍN. 0,79 M3, CAÇAMBA RETRO CAP. 0,18 M3, PESO OPERACIONAL MÍN. 7.140 KG, PROFUNDIDADE ESCAVAÇÃO MÁX. 4,50 M - CHP DIURNO. AF_06/2014","CHP",152.75]
["Custos Horários Produtivo e Improdutivo dos Equipamentos",5679,"RETROESCAVADEIRA SOBRE RODAS COM CARREGADEIRA, TRAÇÃO 4X4, POTÊNCIA LÍQ. 88 HP, CAÇAMBA CARREG. CAP. MÍN. 1 M3, CAÇAMBA RETRO CAP. 0,26 M3, PESO OPERACIONAL MÍN. 6.674 KG, PROFUNDIDADE ESCAVAÇÃO MÁX. 4,37 M - CHI DIURNO. AF_06/2014","CHI",79]
["Custos Horários Produtivo e Improdutivo dos Equipamentos",5678,"RETROESCAVADEIRA SOBRE RODAS COM CARREGADEIRA, TRAÇÃO 4X4, POTÊNCIA LÍQ. 88 HP, CAÇAMBA CARREG. CAP. MÍN. 1 M3, CAÇAMBA RETRO CAP. 0,26 M3, PESO OPERACIONAL MÍN. 6.674 KG, PROFUNDIDADE ESCAVAÇÃO MÁX. 4,37 M - CHP DIURNO. AF_06/2014","CHP",164.38]
["Custos Horários Produtivo e Improdutivo dos Equipamentos",6880,"ROLO COMPACTADOR DE PNEUS ESTÁTICO, PRESSÃO VARIÁVEL, POTÊNCIA 111 HP, PESO SEM/COM LASTRO 9,5 / 26 T, LARGURA DE TRABALHO 1,90 M - CHI DIURNO. AF_07/2014","CHI",101.35]
["Custos Horários Produtivo e Improdutivo dos Equipamentos",6879,"ROLO COMPACTADOR DE PNEUS ESTÁTICO, PRESSÃO VARIÁVEL, POTÊNCIA 111 HP, PESO SEM/COM LASTRO 9,5 / 26 T, LARGURA DE TRABALHO 1,90 M - CHP DIURNO. AF_07/2014","CHP",224.29]
["Custos Horários Produtivo e Improdutivo dos Equipamentos",96464,"ROLO COMPACTADOR DE PNEUS, ESTÁTICO, PRESSÃO VARIÁVEL, POTÊNCIA 110 HP, PESO SEM/COM LASTRO 10,8/27 T, LARGURA DE ROLAGEM 2,30 M - CHI DIURNO. AF_06/2017","CHI",105.04]
["Custos Horários Produtivo e Improdutivo dos Equipamentos",96463,"ROLO COMPACTADOR DE PNEUS, ESTÁTICO, PRESSÃO VARIÁVEL, POTÊNCIA 110 HP, PESO SEM/COM LASTRO 10,8/27 T, LARGURA DE ROLAGEM 2,30 M - CHP DIURNO. AF_06/2017","CHP",231.03]
["Custos Horários Produtivo e Improdutivo dos Equipamentos",7050,"ROLO COMPACTADOR PE DE CARNEIRO VIBRATORIO, POTENCIA 125 HP, PESO OPERACIONAL SEM/COM LASTRO 11,95 / 13,30 T, IMPACTO DINAMICO 38,5 / 22,5 T, LARGURA DE TRABALHO 2,15 M - CHI DIURNO. AF_06/2014","CHI",94.63]
["Custos Horários Produtivo e Improdutivo dos Equipamentos",7049,"ROLO COMPACTADOR PE DE CARNEIRO VIBRATORIO, POTENCIA 125 HP, PESO OPERACIONAL SEM/COM LASTRO 11,95 / 13,30 T, IMPACTO DINAMICO 38,5 / 22,5 T, LARGURA DE TRABALHO 2,15 M - CHP DIURNO. AF_06/2014","CHP",235.39]
["Custos Horários Produtivo e Improdutivo dos Equipamentos",95632,"ROLO COMPACTADOR VIBRATORIO TANDEM, ACO LISO, POTENCIA 125 HP, PESO SEM/COM LASTRO 10,20/11,65 T, LARGURA DE TRABALHO 1,73 M - CHI DIURNO. AF_11/2016","CHI",98.77]
["Custos Horários Produtivo e Improdutivo dos Equipamentos",95631,"ROLO COMPACTADOR VIBRATORIO TANDEM, ACO LISO, POTENCIA 125 HP, PESO SEM/COM LASTRO 10,20/11,65 T, LARGURA DE TRABALHO 1,73 M - CHP DIURNO. AF_11/2016","CHP",243.69]
["Custos Horários Produtivo e Improdutivo dos Equipamentos",5685,"ROLO COMPACTADOR VIBRATÓRIO DE UM CILINDRO AÇO LISO, POTÊNCIA 80 HP, PESO OPERACIONAL MÁXIMO 8,1 T, IMPACTO DINÂMICO 16,15 / 9,5 T, LARGURA DE TRABALHO 1,68 M - CHI DIURNO. AF_06/2014","CHI",79.7]
["Custos Horários Produtivo e Improdutivo dos Equipamentos",5684,"ROLO COMPACTADOR VIBRATÓRIO DE UM CILINDRO AÇO LISO, POTÊNCIA 80 HP, PESO OPERACIONAL MÁXIMO 8,1 T, IMPACTO DINÂMICO 16,15 / 9,5 T, LARGURA DE TRABALHO 1,68 M - CHP DIURNO. AF_06/2014","CHP",174.08]
["Custos Horários Produtivo e Improdutivo dos Equipamentos",93244,"ROLO COMPACTADOR VIBRATÓRIO PÉ DE CARNEIRO PARA SOLOS, POTÊNCIA 80 HP, PESO OPERACIONAL SEM/COM LASTRO 7,4 / 8,8 T, LARGURA DE TRABALHO 1,68 M - CHI DIURNO. AF_02/2016","CHI",81.290000000000006]
["Custos Horários Produtivo e Improdutivo dos Equipamentos",73436,"ROLO COMPACTADOR VIBRATÓRIO PÉ DE CARNEIRO PARA SOLOS, POTÊNCIA 80 HP, PESO OPERACIONAL SEM/COM LASTRO 7,4 / 8,8 T, LARGURA DE TRABALHO 1,68 M - CHP DIURNO. AF_02/2016","CHP",177.17]
["Custos Horários Produtivo e Improdutivo dos Equipamentos",5881,"ROLO COMPACTADOR VIBRATÓRIO PÉ DE CARNEIRO, OPERADO POR CONTROLE REMOTO, POTÊNCIA 12,5 KW, PESO OPERACIONAL 1,675 T, LARGURA DE TRABALHO 0,85 M - CHI DIURNO. AF_02/2016","CHI",93.79]
["Custos Horários Produtivo e Improdutivo dos Equipamentos",5879,"ROLO COMPACTADOR VIBRATÓRIO PÉ DE CARNEIRO, OPERADO POR CONTROLE REMOTO, POTÊNCIA 12,5 KW, PESO OPERACIONAL 1,675 T, LARGURA DE TRABALHO 0,85 M - CHP DIURNO. AF_02/2016","CHP",157.44999999999999]
["Custos Horários Produtivo e Improdutivo dos Equipamentos",5865,"ROLO COMPACTADOR VIBRATÓRIO REBOCÁVEL, CILINDRO DE AÇO LISO, POTÊNCIA DE TRAÇÃO DE 65 CV, PESO 4,7 T, IMPACTO DINÂMICO 18,3 T, LARGURA DE TRABALHO 1,67 M - CHI DIURNO. AF_02/2016","CHI",11.6]
["Custos Horários Produtivo e Improdutivo dos Equipamentos",5863,"ROLO COMPACTADOR VIBRATÓRIO REBOCÁVEL, CILINDRO DE AÇO LISO, POTÊNCIA DE TRAÇÃO DE 65 CV, PESO 4,7 T, IMPACTO DINÂMICO 18,3 T, LARGURA DE TRABALHO 1,67 M - CHP DIURNO. AF_02/2016","CHP",23.05]
["Custos Horários Produtivo e Improdutivo dos Equipamentos",5869,"ROLO COMPACTADOR VIBRATÓRIO TANDEM AÇO LISO, POTÊNCIA 58 HP, PESO SEM/COM LASTRO 6,5 / 9,4 T, LARGURA DE TRABALHO 1,2 M - CHI DIURNO. AF_06/2014","CHI",88.47]
["Custos Horários Produtivo e Improdutivo dos Equipamentos",5867,"ROLO COMPACTADOR VIBRATÓRIO TANDEM AÇO LISO, POTÊNCIA 58 HP, PESO SEM/COM LASTRO 6,5 / 9,4 T, LARGURA DE TRABALHO 1,2 M - CHP DIURNO. AF_06/2014","CHP",175.41]
["Custos Horários Produtivo e Improdutivo dos Equipamentos",95271,"RÉGUA VIBRATÓRIA DUPLA PARA CONCRETO, PESO DE 60KG, COMPRIMENTO 4 M, COM MOTOR A GASOLINA, POTÊNCIA 5,5 HP - CHI DIURNO. AF_09/2016","CHI",0.74]
["Custos Horários Produtivo e Improdutivo dos Equipamentos",95270,"RÉGUA VIBRATÓRIA DUPLA PARA CONCRETO, PESO DE 60KG, COMPRIMENTO 4 M, COM MOTOR A GASOLINA, POTÊNCIA 5,5 HP - CHP DIURNO. AF_09/2016","CHP",10.220000000000001]
["Custos Horários Produtivo e Improdutivo dos Equipamentos",91693,"SERRA CIRCULAR DE BANCADA COM MOTOR ELÉTRICO POTÊNCIA DE 5HP, COM COIFA PARA DISCO 10\" - CHI DIURNO. AF_08/2015","CHI",40.64]
["Custos Horários Produtivo e Improdutivo dos Equipamentos",91692,"SERRA CIRCULAR DE BANCADA COM MOTOR ELÉTRICO POTÊNCIA DE 5HP, COM COIFA PARA DISCO 10\" - CHP DIURNO. AF_08/2015","CHP",42.21]
["Custos Horários Produtivo e Improdutivo dos Equipamentos",102929,"SERRA FITA HORIZONTAL, ELÉTRICA, COM CONTROLE HIDRÁULICO, PAINEL DE COMANDO EM 24 V, MOTOR ELÉTRICO 1,5 CV, DIMENSÕES DA FITA 3880 X 27 X 0,9 MM, TRIFÁSICA - CHI DIURNO. AF_05/2023","CHI",0]
["Custos Horários Produtivo e Improdutivo dos Equipamentos",102928,"SERRA FITA HORIZONTAL, ELÉTRICA, COM CONTROLE HIDRÁULICO, PAINEL DE COMANDO EM 24 V, MOTOR ELÉTRICO 1,5 CV, DIMENSÕES DA FITA 3880 X 27 X 0,9 MM, TRIFÁSICA - CHP DIURNO. AF_05/2023","CHP",0]
["Custos Horários Produtivo e Improdutivo dos Equipamentos",95140,"TALHA MANUAL DE CORRENTE, CAPACIDADE DE 2 TON. COM ELEVAÇÃO DE 3 M - CHI DIURNO. AF_07/2016","CHI",0.05]
["Custos Horários Produtivo e Improdutivo dos Equipamentos",95139,"TALHA MANUAL DE CORRENTE, CAPACIDADE DE 2 TON. COM ELEVAÇÃO DE 3 M - CHP DIURNO. AF_07/2016","CHP",0.08]
["Custos Horários Produtivo e Improdutivo dos Equipamentos",89027,"TANQUE DE ASFALTO ESTACIONÁRIO COM MAÇARICO, CAPACIDADE 20.000 L - CHI DIURNO. AF_05/2023","CHI",5.14]
["Custos Horários Produtivo e Improdutivo dos Equipamentos",89028,"TANQUE DE ASFALTO ESTACIONÁRIO COM MAÇARICO, CAPACIDADE 20.000 L - CHP DIURNO. AF_05/2023","CHP",178.79]
["Custos Horários Produtivo e Improdutivo dos Equipamentos",7031,"TANQUE DE ASFALTO ESTACIONÁRIO COM SERPENTINA, CAPACIDADE 30.000 L - CHI DIURNO. AF_05/2023","CHI",6.33]
["Custos Horários Produtivo e Improdutivo dos Equipamentos",7030,"TANQUE DE ASFALTO ESTACIONÁRIO COM SERPENTINA, CAPACIDADE 30.000 L - CHP DIURNO. AF_05/2023","CHP",265.52]
["Custos Horários Produtivo e Improdutivo dos Equipamentos",102947,"TARTARUGA DE OXICORTE CG1, MONOFÁSICA, 220 V, FREQUÊNCIA 50 HZ, VELOCIDADE DE CORTE (MM/MIN) 50 A 750, DIÂMETRO MÍNIMO DO COMPASSO MM 200 - CHI DIURNO. AF_05/2023","CHI",0]
["Custos Horários Produtivo e Improdutivo dos Equipamentos",102946,"TARTARUGA DE OXICORTE CG1, MONOFÁSICA, 220 V, FREQUÊNCIA 50 HZ, VELOCIDADE DE CORTE (MM/MIN) 50 A 750, DIÂMETRO MÍNIMO DO COMPASSO MM 200 - CHP DIURNO. AF_05/2023","CHP",0]
["Custos Horários Produtivo e Improdutivo dos Equipamentos",104092,"TERMOFUSORA PARA TUBOS E CONEXÕES EM PPR COM DIÂMETROS DE 20 A 63 MM, POTÊNCIA DE 800 W, TENSAO 220 V - CHI DIURNO. AF_05/2022","CHI",7.0000000000000007E-2]
["Custos Horários Produtivo e Improdutivo dos Equipamentos",104091,"TERMOFUSORA PARA TUBOS E CONEXÕES EM PPR COM DIÂMETROS DE 20 A 63 MM, POTÊNCIA DE 800 W, TENSAO 220 V - CHP DIURNO. AF_05/2022","CHP",0.9]
["Custos Horários Produtivo e Improdutivo dos Equipamentos",104098,"TERMOFUSORA PARA TUBOS E CONEXÕES EM PPR COM DIÂMETROS DE 75 A 110 MM, POTÊNCIA DE *1100* W, TENSÃO 220 V - CHI DIURNO. AF_05/2022","CHI",0.11]
["Custos Horários Produtivo e Improdutivo dos Equipamentos",104097,"TERMOFUSORA PARA TUBOS E CONEXÕES EM PPR COM DIÂMETROS DE 75 A 110 MM, POTÊNCIA DE *1100* W, TENSÃO 220 V - CHP DIURNO. AF_05/2022","CHP",1.26]
["Custos Horários Produtivo e Improdutivo dos Equipamentos",102905,"TORRE, COMPOSTA POR GUINCHO MECÂNICO, GUINCHO MANUAL, CABOS DE AÇO, PITEIRA E SOQUETE - CHI DIURNO. AF_05/2023","CHI",0]
["Custos Horários Produtivo e Improdutivo dos Equipamentos",102904,"TORRE, COMPOSTA POR GUINCHO MECÂNICO, GUINCHO MANUAL, CABOS DE AÇO, PITEIRA E SOQUETE - CHP DIURNO. AF_05/2023","CHP",0]
["Custos Horários Produtivo e Improdutivo dos Equipamentos",89031,"TRATOR DE ESTEIRAS, POTÊNCIA 100 HP, PESO OPERACIONAL 9,4 T, COM LÂMINA 2,19 M3 - CHI DIURNO. AF_06/2014","CHI",88.57]
["Custos Horários Produtivo e Improdutivo dos Equipamentos",89032,"TRATOR DE ESTEIRAS, POTÊNCIA 100 HP, PESO OPERACIONAL 9,4 T, COM LÂMINA 2,19 M3 - CHP DIURNO. AF_06/2014","CHP",209.92]
["Custos Horários Produtivo e Improdutivo dos Equipamentos",88844,"TRATOR DE ESTEIRAS, POTÊNCIA 125 HP, PESO OPERACIONAL 12,9 T, COM LÂMINA 2,7 M3 - CHI DIURNO. AF_10/2014","CHI",90.82]
["Custos Horários Produtivo e Improdutivo dos Equipamentos",88843,"TRATOR DE ESTEIRAS, POTÊNCIA 125 HP, PESO OPERACIONAL 12,9 T, COM LÂMINA 2,7 M3 - CHP DIURNO. AF_10/2014","CHP",230.43]
["Custos Horários Produtivo e Improdutivo dos Equipamentos",5853,"TRATOR DE ESTEIRAS, POTÊNCIA 150 HP, PESO OPERACIONAL 16,7 T, COM RODA MOTRIZ ELEVADA E LÂMINA 3,18 M3 - CHI DIURNO. AF_06/2014","CHI",102.83]
["Custos Horários Produtivo e Improdutivo dos Equipamentos",5851,"TRATOR DE ESTEIRAS, POTÊNCIA 150 HP, PESO OPERACIONAL 16,7 T, COM RODA MOTRIZ ELEVADA E LÂMINA 3,18 M3 - CHP DIURNO. AF_06/2014","CHP",272.76]
["Custos Horários Produtivo e Improdutivo dos Equipamentos",5849,"TRATOR DE ESTEIRAS, POTÊNCIA 170 HP, PESO OPERACIONAL 19 T, CAÇAMBA 5,2 M3 - CHI DIURNO. AF_06/2014","CHI",102.45]
["Custos Horários Produtivo e Improdutivo dos Equipamentos",5847,"TRATOR DE ESTEIRAS, POTÊNCIA 170 HP, PESO OPERACIONAL 19 T, CAÇAMBA 5,2 M3 - CHP DIURNO. AF_06/2014","CHP",284.27]
["Custos Horários Produtivo e Improdutivo dos Equipamentos",5857,"TRATOR DE ESTEIRAS, POTÊNCIA 347 HP, PESO OPERACIONAL 38,5 T, COM LÂMINA 8,70 M3 - CHI DIURNO. AF_06/2014","CHI",244.64]
["Custos Horários Produtivo e Improdutivo dos Equipamentos",5855,"TRATOR DE ESTEIRAS, POTÊNCIA 347 HP, PESO OPERACIONAL 38,5 T, COM LÂMINA 8,70 M3 - CHP DIURNO. AF_06/2014","CHP",712.14]
["Custos Horários Produtivo e Improdutivo dos Equipamentos",96021,"TRATOR DE PNEUS COM POTÊNCIA DE 122 CV, TRAÇÃO 4X4, COM GRADE DE DISCOS ACOPLADA - CHI DIURNO. AF_02/2017","CHI",68.349999999999994]
["Custos Horários Produtivo e Improdutivo dos Equipamentos",96020,"TRATOR DE PNEUS COM POTÊNCIA DE 122 CV, TRAÇÃO 4X4, COM GRADE DE DISCOS ACOPLADA - CHP DIURNO. AF_02/2017","CHP",187.86]
["Custos Horários Produtivo e Improdutivo dos Equipamentos",96014,"TRATOR DE PNEUS COM POTÊNCIA DE 122 CV, TRAÇÃO 4X4, COM VASSOURA MECÂNICA ACOPLADA - CHI DIURNO. AF_02/2017","CHI",68.59]
["Custos Horários Produtivo e Improdutivo dos Equipamentos",96013,"TRATOR DE PNEUS COM POTÊNCIA DE 122 CV, TRAÇÃO 4X4, COM VASSOURA MECÂNICA ACOPLADA - CHP DIURNO. AF_02/2017","CHP",188.32]
["Custos Horários Produtivo e Improdutivo dos Equipamentos",96029,"TRATOR DE PNEUS COM POTÊNCIA DE 85 CV, TRAÇÃO 4X4, COM GRADE DE DISCOS ACOPLADA - CHI DIURNO. AF_02/2017","CHI",62.01]
["Custos Horários Produtivo e Improdutivo dos Equipamentos",96028,"TRATOR DE PNEUS COM POTÊNCIA DE 85 CV, TRAÇÃO 4X4, COM GRADE DE DISCOS ACOPLADA - CHP DIURNO. AF_02/2017","CHP",147.09]
["Custos Horários Produtivo e Improdutivo dos Equipamentos",96155,"TRATOR DE PNEUS COM POTÊNCIA DE 85 CV, TRAÇÃO 4X4, COM VASSOURA MECÂNICA ACOPLADA - CHI DIURNO. AF_02/2017","CHI",62.25]
["Custos Horários Produtivo e Improdutivo dos Equipamentos",96157,"TRATOR DE PNEUS COM POTÊNCIA DE 85 CV, TRAÇÃO 4X4, COM VASSOURA MECÂNICA ACOPLADA - CHP DIURNO. AF_03/2017","CHP",147.55000000000001]
["Custos Horários Produtivo e Improdutivo dos Equipamentos",5845,"TRATOR DE PNEUS, POTÊNCIA 122 CV, TRAÇÃO 4X4, PESO COM LASTRO DE 4.510 KG - CHI DIURNO. AF_06/2014","CHI",64.31]
["Custos Horários Produtivo e Improdutivo dos Equipamentos",5843,"TRATOR DE PNEUS, POTÊNCIA 122 CV, TRAÇÃO 4X4, PESO COM LASTRO DE 4.510 KG - CHP DIURNO. AF_06/2014","CHP",180.3]
["Custos Horários Produtivo e Improdutivo dos Equipamentos",89036,"TRATOR DE PNEUS, POTÊNCIA 85 CV, TRAÇÃO 4X4, PESO COM LASTRO DE 4.675 KG - CHI DIURNO. AF_06/2014","CHI",57.93]
["Custos Horários Produtivo e Improdutivo dos Equipamentos",89035,"TRATOR DE PNEUS, POTÊNCIA 85 CV, TRAÇÃO 4X4, PESO COM LASTRO DE 4.675 KG - CHP DIURNO. AF_06/2014","CHP",139.49]
["Custos Horários Produtivo e Improdutivo dos Equipamentos",102911,"UNIDADE DOSADORA AIRLESS TIPO HOT SPRAY - CHI DIURNO. AF_05/2023","CHI",0]
["Custos Horários Produtivo e Improdutivo dos Equipamentos",102910,"UNIDADE DOSADORA AIRLESS TIPO HOT SPRAY - CHP DIURNO. AF_05/2023","CHP",0]
["Custos Horários Produtivo e Improdutivo dos Equipamentos",93440,"USINA DE ASFALTO À FRIO, CAPACIDADE DE 40 A 60 TON/HORA, ELÉTRICA POTÊNCIA 30 CV - CHI DIURNO. AF_05/2023","CHI",167.94]
["Custos Horários Produtivo e Improdutivo dos Equipamentos",93439,"USINA DE ASFALTO À FRIO, CAPACIDADE DE 40 A 60 TON/HORA, ELÉTRICA POTÊNCIA 30 CV - CHP DIURNO. AF_05/2023","CHP",289]
["Custos Horários Produtivo e Improdutivo dos Equipamentos",100648,"USINA DE ASFALTO, TIPO GRAVIMÉTRICA, PROD 150 TON/HORA - CHI DIURNO. AF_12/2019","CHI",619.79999999999995]
["Custos Horários Produtivo e Improdutivo dos Equipamentos",100647,"USINA DE ASFALTO, TIPO GRAVIMÉTRICA, PROD 150 TON/HORA - CHP DIURNO. AF_12/2019","CHP",6606.12]
["Custos Horários Produtivo e Improdutivo dos Equipamentos",5829,"USINA DE CONCRETO FIXA, CAPACIDADE NOMINAL DE 90 A 120 M3/H, SEM SILO - CHI DIURNO. AF_07/2016","CHI",198.42]
["Custos Horários Produtivo e Improdutivo dos Equipamentos",5823,"USINA DE CONCRETO FIXA, CAPACIDADE NOMINAL DE 90 A 120 M3/H, SEM SILO - CHP DIURNO. AF_07/2016","CHP",260.45]
["Custos Horários Produtivo e Improdutivo dos Equipamentos",5884,"USINA DE LAMA ASFÁLTICA, PROD 30 A 50 T/H, SILO DE AGREGADO 7 M3, RESERVATÓRIOS PARA EMULSÃO E ÁGUA DE 2,3 M3 CADA, MISTURADOR TIPO PUG MILL A SER MONTADO SOBRE CAMINHÃO - CHI DIURNO. AF_10/2014","CHI",63.34]
["Custos Horários Produtivo e Improdutivo dos Equipamentos",5882,"USINA DE LAMA ASFÁLTICA, PROD 30 A 50 T/H, SILO DE AGREGADO 7 M3, RESERVATÓRIOS PARA EMULSÃO E ÁGUA DE 2,3 M3 CADA, MISTURADOR TIPO PUG MILL A SER MONTADO SOBRE CAMINHÃO - CHP DIURNO. AF_10/2014","CHP",142.35]
["Custos Horários Produtivo e Improdutivo dos Equipamentos",100642,"USINA DE MISTURA ASFÁLTICA À QUENTE, TIPO CONTRA FLUXO, PROD 100 A 140 TON/HORA - CHI DIURNO. AF_12/2019","CHI",323.22000000000003]
["Custos Horários Produtivo e Improdutivo dos Equipamentos",100641,"USINA DE MISTURA ASFÁLTICA À QUENTE, TIPO CONTRA FLUXO, PROD 100 A 140 TON/HORA - CHP DIURNO. AF_12/2019","CHP",4831.8599999999997]
["Custos Horários Produtivo e Improdutivo dos Equipamentos",93434,"USINA DE MISTURA ASFÁLTICA À QUENTE, TIPO CONTRA FLUXO, PROD 40 A 80 TON/HORA - CHI DIURNO. AF_05/2023","CHI",371.47]
["Custos Horários Produtivo e Improdutivo dos Equipamentos",93433,"USINA DE MISTURA ASFÁLTICA À QUENTE, TIPO CONTRA FLUXO, PROD 40 A 80 TON/HORA - CHP DIURNO. AF_05/2023","CHP",2705.4]
["Custos Horários Produtivo e Improdutivo dos Equipamentos",95122,"USINA MISTURADORA DE SOLOS, CAPACIDADE DE 200 A 500 TON/H, POTENCIA 75KW - CHI DIURNO. AF_07/2016","CHI",254.81]
["Custos Horários Produtivo e Improdutivo dos Equipamentos",95121,"USINA MISTURADORA DE SOLOS, CAPACIDADE DE 200 A 500 TON/H, POTENCIA 75KW - CHP DIURNO. AF_07/2016","CHP",408.33]
["Custos Horários Produtivo e Improdutivo dos Equipamentos",103662,"VARREDEIRA DE GRAMA SINTÉTICA A GASOLINA, 2,4 CV, 4 TEMPOS - CHI DIURNO. AF_05/2023","CHI",0]
["Custos Horários Produtivo e Improdutivo dos Equipamentos",103661,"VARREDEIRA DE GRAMA SINTÉTICA A GASOLINA, 2,4 CV, 4 TEMPOS - CHP DIURNO. AF_05/2023","CHP",0]
["Custos Horários Produtivo e Improdutivo dos Equipamentos",5841,"VASSOURA MECÂNICA REBOCÁVEL COM ESCOVA CILÍNDRICA, LARGURA ÚTIL DE VARRIMENTO DE 2,44 M - CHI DIURNO. AF_06/2014","CHI",4.53]
["Custos Horários Produtivo e Improdutivo dos Equipamentos",5839,"VASSOURA MECÂNICA REBOCÁVEL COM ESCOVA CILÍNDRICA, LARGURA ÚTIL DE VARRIMENTO DE 2,44 M - CHP DIURNO. AF_06/2014","CHP",9.02]
["Custos Horários Produtivo e Improdutivo dos Equipamentos",90587,"VIBRADOR DE IMERSÃO, DIÂMETRO DE PONTEIRA 45MM, MOTOR ELÉTRICO TRIFÁSICO POTÊNCIA DE 2 CV - CHI DIURNO. AF_06/2015","CHI",0.52]
["Custos Horários Produtivo e Improdutivo dos Equipamentos",90586,"VIBRADOR DE IMERSÃO, DIÂMETRO DE PONTEIRA 45MM, MOTOR ELÉTRICO TRIFÁSICO POTÊNCIA DE 2 CV - CHP DIURNO. AF_06/2015","CHP",1.42]
["Custos Horários Produtivo e Improdutivo dos Equipamentos",5837,"VIBROACABADORA DE ASFALTO SOBRE ESTEIRAS, LARGURA DE PAVIMENTAÇÃO 1,90 M A 5,30 M, POTÊNCIA 105 HP CAPACIDADE 450 T/H - CHI DIURNO. AF_11/2014","CHI",146.88]
["Custos Horários Produtivo e Improdutivo dos Equipamentos",5835,"VIBROACABADORA DE ASFALTO SOBRE ESTEIRAS, LARGURA DE PAVIMENTAÇÃO 1,90 M A 5,30 M, POTÊNCIA 105 HP CAPACIDADE 450 T/H - CHP DIURNO. AF_11/2014","CHP",360.36]
["Custos Horários Produtivo e Improdutivo dos Equipamentos",89257,"VIBROACABADORA DE ASFALTO SOBRE ESTEIRAS, LARGURA DE PAVIMENTAÇÃO 2,13 M A 4,55 M, POTÊNCIA 100 HP CAPACIDADE 400 T/H - CHP DIURNO. AF_11/2014","CHP",314.44]
["Custos Horários Produtivo e Improdutivo dos Equipamentos",89258,"VIBROACABADORA DE ASFALTO SOBRE ESTEIRAS, LARGURA DE PAVIMENTAÇÃO 2,13 M A 4,55 M, POTÊNCIA 100 HP, CAPACIDADE 400 T/H - CHI DIURNO. AF_11/2014","CHI",127.82]
["Demolições e Remoções",97621,"DEMOLIÇÃO DE ALVENARIA DE BLOCO FURADO, DE FORMA MANUAL, COM REAPROVEITAMENTO. AF_09/2023","M3",134.12]
["Demolições e Remoções",97622,"DEMOLIÇÃO DE ALVENARIA DE BLOCO FURADO, DE FORMA MANUAL, SEM REAPROVEITAMENTO. AF_09/2023","M3",65.36]
["Demolições e Remoções",97623,"DEMOLIÇÃO DE ALVENARIA DE TIJOLO MACIÇO, DE FORMA MANUAL, COM REAPROVEITAMENTO. AF_09/2023","M3",200.24]
["Demolições e Remoções",97624,"DEMOLIÇÃO DE ALVENARIA DE TIJOLO MACIÇO, DE FORMA MANUAL, SEM REAPROVEITAMENTO. AF_09/2023","M3",122.9]
["Demolições e Remoções",97625,"DEMOLIÇÃO DE ALVENARIA PARA QUALQUER TIPO DE BLOCO, DE FORMA MECANIZADA, SEM REAPROVEITAMENTO. AF_09/2023","M3",60.15]
["Demolições e Remoções",104791,"DEMOLIÇÃO DE ARGAMASSAS, DE FORMA DE FORMA MECANIZADA COM MARTELETE, SEM REAPROVEITAMENTO. AF_09/2023","M2",8.41]
["Demolições e Remoções",97631,"DEMOLIÇÃO DE ARGAMASSAS, DE FORMA MANUAL, SEM REAPROVEITAMENTO. AF_09/2023","M2",13.28]
["Demolições e Remoções",97630,"DEMOLIÇÃO DE ESTRUTURAS DE CONCRETO ARMADO EM GERAL, DE FORMA MECANIZADA COM ROMPEDOR ACOPLADO EM ESCAVADEIRA HIDRÁULICA, SEM REAPROVEITAMENTO. AF_09/2023","M3",0]
["Demolições e Remoções",104796,"DEMOLIÇÃO DE GUIAS, SARJETAS OU SARJETÕES, DE FORMA MECANIZADA, SEM REAPROVEITAMENTO. AF_09/2023","M",17.399999999999999]
["Demolições e Remoções",97628,"DEMOLIÇÃO DE LAJES, EM CONCRETO ARMADO, DE FORMA MANUAL, SEM REAPROVEITAMENTO. AF_09/2023","M3",305.97000000000003]
["Demolições e Remoções",97629,"DEMOLIÇÃO DE LAJES, EM CONCRETO ARMADO, DE FORMA MECANIZADA COM MARTELETE, SEM REAPROVEITAMENTO. AF_09/2023","M3",123.07]
["Demolições e Remoções",97626,"DEMOLIÇÃO DE PILARES E VIGAS EM CONCRETO ARMADO, DE FORMA MANUAL, SEM REAPROVEITAMENTO. AF_09/2023","M3",656.96]
["Demolições e Remoções",97627,"DEMOLIÇÃO DE PILARES E VIGAS EM CONCRETO ARMADO, DE FORMA MECANIZADA COM MARTELETE, SEM REAPROVEITAMENTO. AF_09/2023","M3",264.26]
["Demolições e Remoções",104789,"DEMOLIÇÃO DE PISO DE CONCRETO SIMPLES, DE FORMA MANUAL, SEM REAPROVEITAMENTO. AF_09/2023","M3",230.06]
["Demolições e Remoções",104790,"DEMOLIÇÃO DE PISO DE CONCRETO SIMPLES, DE FORMA MECANIZADA COM MARTELETE, SEM REAPROVEITAMENTO. AF_09/2023","M3",138.38]
["Demolições e Remoções",97633,"DEMOLIÇÃO DE REVESTIMENTO CERÂMICO, DE FORMA MANUAL, SEM REAPROVEITAMENTO. AF_09/2023","M2",26.53]
["Demolições e Remoções",97634,"DEMOLIÇÃO DE REVESTIMENTO CERÂMICO, DE FORMA MECANIZADA COM MARTELETE, SEM REAPROVEITAMENTO. AF_09/2023","M2",9.19]
["Demolições e Remoções",97632,"DEMOLIÇÃO DE RODAPÉ CERÂMICO, DE FORMA MANUAL, SEM REAPROVEITAMENTO. AF_09/2023","M",3.04]
["Demolições e Remoções",97636,"DEMOLIÇÃO PARCIAL DE PAVIMENTO ASFÁLTICO, DE FORMA MECANIZADA, SEM REAPROVEITAMENTO. AF_09/2023","M2",25.33]
["Demolições e Remoções",104797,"REMOÇAO DE GUIAS PRÉ-FABRICADAS DE CONCRETO, DE FORMA MECANIZADA, COM REAPROVEITAMENTO. AF_09/2023","M",21.77]
["Demolições e Remoções",104803,"REMOÇÃO CALHAS E RUFOS, DE FORMA MANUAL, SEM REAPROVEITAMENTO. AF_09/2023","M",5.41]
["Demolições e Remoções",97664,"REMOÇÃO DE ACESSÓRIOS, DE FORMA MANUAL, SEM REAPROVEITAMENTO. AF_09/2023","UN",1.83]
["Demolições e Remoções",104801,"REMOÇÃO DE ALAMBRADOS PARA QUADRAS POLIESPORTIVAS, ESTRUTURADO POR TUBOS DE AÇO GALVANIZADO, COM TELA DE ARAME GALVANIZADO, DE FORMA MANUAL, SEM REAPROVEITAMENTO. AF_09/2023","M2",16.850000000000001]
["Demolições e Remoções",97661,"REMOÇÃO DE CABOS ELÉTRICOS, COM SEÇÃO DE 10 MM², FORMA MANUAL, SEM REAPROVEITAMENTO. AF_09/2023","M",0.83]
["Demolições e Remoções",104794,"REMOÇÃO DE CABOS ELÉTRICOS, COM SEÇÃO DE 16 MM², FORMA MANUAL, SEM REAPROVEITAMENTO. AF_09/2023","M",1.1299999999999999]
["Demolições e Remoções",104795,"REMOÇÃO DE CABOS ELÉTRICOS, COM SEÇÃO DE 25 MM², FORMA MANUAL, SEM REAPROVEITAMENTO. AF_09/2023","M",1.58]
["Demolições e Remoções",104792,"REMOÇÃO DE CABOS ELÉTRICOS, COM SEÇÃO DE ATÉ 2,5 MM², DE FORMA MANUAL, SEM REAPROVEITAMENTO. AF_09/2023","M",0.46]
["Demolições e Remoções",104793,"REMOÇÃO DE CABOS ELÉTRICOS, COM SEÇÃO MAIOR QUE 2,5 MM² E MENOR QUE 10 MM², DE FORMA MANUAL, SEM REAPROVEITAMENTO. AF_09/2023","M",0.63]
["Demolições e Remoções",104800,"REMOÇÃO DE CERCAS E MOURÕES, DE FORMA MANUAL, SEM REAPROVEITAMENTO. AF_09/2023","M",11.09]
["Demolições e Remoções",97638,"REMOÇÃO DE CHAPAS E PERFIS DE DRYWALL, DE FORMA MANUAL, SEM REAPROVEITAMENTO. AF_09/2023","M2",10.19]
["Demolições e Remoções",97641,"REMOÇÃO DE FORRO DE GESSO, DE FORMA MANUAL, SEM REAPROVEITAMENTO. AF_09/2023","M2",3.42]
["Demolições e Remoções",97640,"REMOÇÃO DE FORROS DE DRYWALL, PVC E FIBROMINERAL, DE FORMA MANUAL, SEM REAPROVEITAMENTO. AF_09/2023","M2",2.37]
["Demolições e Remoções",97660,"REMOÇÃO DE INTERRUPTORES/TOMADAS ELÉTRICAS, DE FORMA MANUAL, SEM REAPROVEITAMENTO. AF_09/2023","UN",0.77]
["Demolições e Remoções",97645,"REMOÇÃO DE JANELAS, DE FORMA MANUAL, SEM REAPROVEITAMENTO. AF_09/2023","M2",28.74]
["Demolições e Remoções",97663,"REMOÇÃO DE LOUÇAS, DE FORMA MANUAL, SEM REAPROVEITAMENTO. AF_09/2023","UN",14.72]
["Demolições e Remoções",97665,"REMOÇÃO DE LUMINÁRIAS, DE FORMA MANUAL, SEM REAPROVEITAMENTO. AF_09/2023","UN",2.1]
["Demolições e Remoções",97666,"REMOÇÃO DE METAIS SANITÁRIOS, DE FORMA MANUAL, SEM REAPROVEITAMENTO. AF_09/2023","UN",10.73]
["Demolições e Remoções",97635,"REMOÇÃO DE PISO DE BLOCO INTERTRAVADO OU DE PEDRA PORTUGUESA, DE FORMA MANUAL, COM REAPROVEITAMENTO. AF_09/2023","M2",21.19]
["Demolições e Remoções",97643,"REMOÇÃO DE PISO DE MADEIRA (ASSOALHO E BARROTE), DE FORMA MANUAL, SEM REAPROVEITAMENTO. AF_09/2023","M2",29.46]
["Demolições e Remoções",104799,"REMOÇÃO DE PLACAS DE SINALIZAÇÃO VIÁRIA, DE FORMA MANUAL, SEM REAPROVEITAMENTO. AF_09/2023","M2",13.1]
["Demolições e Remoções",97639,"REMOÇÃO DE PLACAS E PILARETES DE CONCRETO, DE FORMA MANUAL, SEM REAPROVEITAMENTO. AF_09/2023","M2",24.03]
["Demolições e Remoções",97644,"REMOÇÃO DE PORTAS, DE FORMA MANUAL, SEM REAPROVEITAMENTO. AF_09/2023","M2",11.13]
["Demolições e Remoções",97648,"REMOÇÃO DE PROTEÇÃO TÉRMICA PARA COBERTURA EM EPS, DE FORMA MANUAL, SEM REAPROVEITAMENTO. AF_09/2023","M2",2.38]
["Demolições e Remoções",104798,"REMOÇÃO DE SUPORTE METÁLICO OU DE MADEIRA PARA PLACAS DE SINALIZAÇÃO VIÁRIA, DE FORMA MANUAL, SEM REAPROVEITAMENTO. AF_09/2023","UN",16.7]
["Demolições e Remoções",97637,"REMOÇÃO DE TAPUME/ CHAPAS METÁLICAS E DE MADEIRA, DE FORMA MANUAL, SEM REAPROVEITAMENTO. AF_09/2023","M2",3.5]
["Demolições e Remoções",104802,"REMOÇÃO DE TELA DE ARAME GALVANIZADO DE ALAMBRADOS PARA QUADRAS POLIESPORTIVAS, DE FORMA MANUAL, SEM REMOÇÃO DA ESTRUTURA DE SUSTENTAÇÃO, SEM REAPROVEITAMENTO. AF_09/2023","M2",11.2]
["Demolições e Remoções",97647,"REMOÇÃO DE TELHAS DE FIBROCIMENTO METÁLICA E CERÂMICA, DE FORMA MANUAL, SEM REAPROVEITAMENTO. AF_09/2023","M2",4.13]
["Demolições e Remoções",97649,"REMOÇÃO DE TELHAS DE FIBROCIMENTO, METÁLICA E CERÂMICA, DE FORMA MECANIZADA, COM USO DE GUINDASTE, SEM REAPROVEITAMENTO. AF_09/2023","M2",5.21]
["Demolições e Remoções",97652,"REMOÇÃO DE TESOURAS DE MADEIRA, COM VÃO MAIOR OU IGUAL A 8M, DE FORMA MANUAL, SEM REAPROVEITAMENTO. AF_09/2023","UN",220.62]
["Demolições e Remoções",97654,"REMOÇÃO DE TESOURAS DE MADEIRA, COM VÃO MAIOR OU IGUAL A 8M, DE FORMA MECANIZADA, COM REAPROVEITAMENTO. AF_09/2023","UN",199.4]
["Demolições e Remoções",97651,"REMOÇÃO DE TESOURAS DE MADEIRA, COM VÃO MENOR QUE 8M, DE FORMA MANUAL, SEM REAPROVEITAMENTO. AF_09/2023","UN",97.31]
["Demolições e Remoções",97653,"REMOÇÃO DE TESOURAS DE MADEIRA, COM VÃO MENOR QUE 8M, DE FORMA MECANIZADA, COM REAPROVEITAMENTO. AF_09/2023","UN",159.05000000000001]
["Demolições e Remoções",97657,"REMOÇÃO DE TESOURAS METÁLICAS, COM VÃO MAIOR OU IGUAL A 8M, DE FORMA MANUAL, SEM REAPROVEITAMENTO. AF_09/2023","UN",883.26]
["Demolições e Remoções",97659,"REMOÇÃO DE TESOURAS METÁLICAS, COM VÃO MAIOR OU IGUAL A 8M, DE FORMA MECANIZADA, COM REAPROVEITAMENTO. AF_09/2023","UN",375.62]
["Demolições e Remoções",97656,"REMOÇÃO DE TESOURAS METÁLICAS, COM VÃO MENOR QUE 8M, DE FORMA MANUAL, SEM REAPROVEITAMENTO. AF_09/2023","UN",445.62]
["Demolições e Remoções",97658,"REMOÇÃO DE TESOURAS METÁLICAS, COM VÃO MENOR QUE 8M, DE FORMA MECANIZADA, COM REAPROVEITAMENTO. AF_09/2023","UN",264.69]
["Demolições e Remoções",97650,"REMOÇÃO DE TRAMA DE MADEIRA PARA COBERTURA, DE FORMA MANUAL, SEM REAPROVEITAMENTO. AF_09/2023","M2",8.94]
["Demolições e Remoções",97642,"REMOÇÃO DE TRAMA METÁLICA OU DE MADEIRA PARA FORRO, DE FORMA MANUAL, SEM REAPROVEITAMENTO. AF_09/2023","M2",3.4]
["Demolições e Remoções",97655,"REMOÇÃO DE TRAMA METÁLICA PARA COBERTURA, DE FORMA MANUAL, SEM REAPROVEITAMENTO. AF_09/2023","M2",49.9]
["Demolições e Remoções",97662,"REMOÇÃO DE TUBULAÇÕES (TUBOS E CONEXÕES) DE ÁGUA FRIA, DE FORMA MANUAL, SEM REAPROVEITAMENTO. AF_09/2023","M",0.59]
["Demolições e Remoções",97646,"REMOÇÃO DE VIDRO, EM FACHADAS DE VIDRO, DE FORMA MECANIZADA, COM USO DE PLATAFORMA ELEVATÓRIA, SEM REAPROVEITAMENTO. AF_09/2023","M2",0]
["Depreciação, Juros, Impostos e Seguros, Manutenção e Materiais na Operação dos Equipamentos",92712,"APARELHO PARA CORTE E SOLDA OXI-ACETILENO SOBRE RODAS, INCLUSIVE CILINDROS E MAÇARICOS - DEPRECIAÇÃO. AF_05/2023","H",0.32]
["Depreciação, Juros, Impostos e Seguros, Manutenção e Materiais na Operação dos Equipamentos",92713,"APARELHO PARA CORTE E SOLDA OXI-ACETILENO SOBRE RODAS, INCLUSIVE CILINDROS E MAÇARICOS - JUROS. AF_05/2023","H",7.0000000000000007E-2]
["Depreciação, Juros, Impostos e Seguros, Manutenção e Materiais na Operação dos Equipamentos",92714,"APARELHO PARA CORTE E SOLDA OXI-ACETILENO SOBRE RODAS, INCLUSIVE CILINDROS E MAÇARICOS - MANUTENÇÃO. AF_05/2023","H",0.4]
["Depreciação, Juros, Impostos e Seguros, Manutenção e Materiais na Operação dos Equipamentos",92715,"APARELHO PARA CORTE E SOLDA OXI-ACETILENO SOBRE RODAS, INCLUSIVE CILINDROS E MAÇARICOS - MATERIAIS NA OPERAÇÃO. AF_05/2023","H",159.07]
["Depreciação, Juros, Impostos e Seguros, Manutenção e Materiais na Operação dos Equipamentos",103663,"BATE ESTACA PARA INSTALAÇÃO DE DEFENSAS METÁLICAS (GUARD RAIL) FIXO, INCLUSIVE CAMINHÃO TOCO PBT 9.700 KG, POTÊNCIA DE 160 CV - DEPRECIAÇÃO. AF_05/2023","H",0]
["Depreciação, Juros, Impostos e Seguros, Manutenção e Materiais na Operação dos Equipamentos",104390,"BATE ESTACA PARA INSTALAÇÃO DE DEFENSAS METÁLICAS (GUARD RAIL) FIXO, INCLUSIVE CAMINHÃO TOCO PBT 9.700 KG, POTÊNCIA DE 160 CV - IMPOSTOS E SEGUROS. AF_05/2023","H",0]
["Depreciação, Juros, Impostos e Seguros, Manutenção e Materiais na Operação dos Equipamentos",103664,"BATE ESTACA PARA INSTALAÇÃO DE DEFENSAS METÁLICAS (GUARD RAIL) FIXO, INCLUSIVE CAMINHÃO TOCO PBT 9.700 KG, POTÊNCIA DE 160 CV - JUROS. AF_05/2023","H",0]
["Depreciação, Juros, Impostos e Seguros, Manutenção e Materiais na Operação dos Equipamentos",104451,"BATE ESTACA PARA INSTALAÇÃO DE DEFENSAS METÁLICAS (GUARD RAIL) FIXO, INCLUSIVE CAMINHÃO TOCO PBT 9.700 KG, POTÊNCIA DE 160 CV - MANUTENÇÃO. AF_05/2023","H",0]
["Depreciação, Juros, Impostos e Seguros, Manutenção e Materiais na Operação dos Equipamentos",103666,"BATE ESTACA PARA INSTALAÇÃO DE DEFENSAS METÁLICAS (GUARD RAIL) FIXO, INCLUSIVE CAMINHÃO TOCO PBT 9.700 KG, POTÊNCIA DE 160 CV - MATERIAIS NA OPERAÇÃO. AF_05/2023","H",134.03]
["Depreciação, Juros, Impostos e Seguros, Manutenção e Materiais na Operação dos Equipamentos",89212,"BATE-ESTACAS POR GRAVIDADE, POTÊNCIA DE 160 HP, PESO DO MARTELO ATÉ 3 TONELADAS - DEPRECIAÇÃO. AF_11/2014","H",29.76]
["Depreciação, Juros, Impostos e Seguros, Manutenção e Materiais na Operação dos Equipamentos",89213,"BATE-ESTACAS POR GRAVIDADE, POTÊNCIA DE 160 HP, PESO DO MARTELO ATÉ 3 TONELADAS - JUROS. AF_11/2014","H",9.18]
["Depreciação, Juros, Impostos e Seguros, Manutenção e Materiais na Operação dos Equipamentos",89214,"BATE-ESTACAS POR GRAVIDADE, POTÊNCIA DE 160 HP, PESO DO MARTELO ATÉ 3 TONELADAS - MANUTENÇÃO. AF_11/2014","H",27.94]
["Depreciação, Juros, Impostos e Seguros, Manutenção e Materiais na Operação dos Equipamentos",89215,"BATE-ESTACAS POR GRAVIDADE, POTÊNCIA DE 160 HP, PESO DO MARTELO ATÉ 3 TONELADAS - MATERIAIS NA OPERAÇÃO. AF_11/2014","H",91.72]
["Depreciação, Juros, Impostos e Seguros, Manutenção e Materiais na Operação dos Equipamentos",87441,"BETONEIRA CAPACIDADE NOMINAL 400 L, CAPACIDADE DE MISTURA 310 L, MOTOR A DIESEL POTÊNCIA 5,0 CV, SEM CARREGADOR - DEPRECIAÇÃO. AF_05/2023","H",0.49]
["Depreciação, Juros, Impostos e Seguros, Manutenção e Materiais na Operação dos Equipamentos",87442,"BETONEIRA CAPACIDADE NOMINAL 400 L, CAPACIDADE DE MISTURA 310 L, MOTOR A DIESEL POTÊNCIA 5,0 CV, SEM CARREGADOR - JUROS. AF_05/2023","H",0.11]
["Depreciação, Juros, Impostos e Seguros, Manutenção e Materiais na Operação dos Equipamentos",87443,"BETONEIRA CAPACIDADE NOMINAL 400 L, CAPACIDADE DE MISTURA 310 L, MOTOR A DIESEL POTÊNCIA 5,0 CV, SEM CARREGADOR - MANUTENÇÃO. AF_05/2023","H",0.61]
["Depreciação, Juros, Impostos e Seguros, Manutenção e Materiais na Operação dos Equipamentos",87444,"BETONEIRA CAPACIDADE NOMINAL 400 L, CAPACIDADE DE MISTURA 310 L, MOTOR A DIESEL POTÊNCIA 5,0 CV, SEM CARREGADOR - MATERIAIS NA OPERAÇÃO. AF_05/2023","H",4.13]
["Depreciação, Juros, Impostos e Seguros, Manutenção e Materiais na Operação dos Equipamentos",93229,"BETONEIRA CAPACIDADE NOMINAL 400 L, CAPACIDADE DE MISTURA 310 L, MOTOR A GASOLINA POTÊNCIA 5,5 CV, SEM CARREGADOR - DEPRECIAÇÃO. AF_02/2016","H",0.44]
["Depreciação, Juros, Impostos e Seguros, Manutenção e Materiais na Operação dos Equipamentos",93230,"BETONEIRA CAPACIDADE NOMINAL 400 L, CAPACIDADE DE MISTURA 310 L, MOTOR A GASOLINA POTÊNCIA 5,5 CV, SEM CARREGADOR - JUROS. AF_02/2016","H",0.1]
["Depreciação, Juros, Impostos e Seguros, Manutenção e Materiais na Operação dos Equipamentos",93231,"BETONEIRA CAPACIDADE NOMINAL 400 L, CAPACIDADE DE MISTURA 310 L, MOTOR A GASOLINA POTÊNCIA 5,5 CV, SEM CARREGADOR - MANUTENÇÃO. AF_02/2016","H",0.56000000000000005]
["Depreciação, Juros, Impostos e Seguros, Manutenção e Materiais na Operação dos Equipamentos",93232,"BETONEIRA CAPACIDADE NOMINAL 400 L, CAPACIDADE DE MISTURA 310 L, MOTOR A GASOLINA POTÊNCIA 5,5 CV, SEM CARREGADOR - MATERIAIS NA OPERAÇÃO. AF_02/2016","H",4.74]
["Depreciação, Juros, Impostos e Seguros, Manutenção e Materiais na Operação dos Equipamentos",102948,"BETONEIRA CAPACIDADE NOMINAL DE 250 L, CAPACIDADE DE MISTURA DE 175 L, MOTOR ELÉTRICO MONOFÁSICO POTÊNCIA 1CV - DEPRECIAÇÃO. AF_05/2023","H",0]
["Depreciação, Juros, Impostos e Seguros, Manutenção e Materiais na Operação dos Equipamentos",102949,"BETONEIRA CAPACIDADE NOMINAL DE 250 L, CAPACIDADE DE MISTURA DE 175 L, MOTOR ELÉTRICO MONOFÁSICO POTÊNCIA 1CV - JUROS. AF_05/2023","H",0]
["Depreciação, Juros, Impostos e Seguros, Manutenção e Materiais na Operação dos Equipamentos",102950,"BETONEIRA CAPACIDADE NOMINAL DE 250 L, CAPACIDADE DE MISTURA DE 175 L, MOTOR ELÉTRICO MONOFÁSICO POTÊNCIA 1CV - MANUTENÇÃO. AF_05/2023","H",0]
["Depreciação, Juros, Impostos e Seguros, Manutenção e Materiais na Operação dos Equipamentos",102951,"BETONEIRA CAPACIDADE NOMINAL DE 250 L, CAPACIDADE DE MISTURA DE 175 L, MOTOR ELÉTRICO MONOFÁSICO POTÊNCIA 1CV - MATERIAIS NA OPERAÇÃO. AF_05/2023","H",0.69]
["Depreciação, Juros, Impostos e Seguros, Manutenção e Materiais na Operação dos Equipamentos",88826,"BETONEIRA CAPACIDADE NOMINAL DE 400 L, CAPACIDADE DE MISTURA 280 L, MOTOR ELÉTRICO TRIFÁSICO POTÊNCIA DE 2 CV, SEM CARREGADOR - DEPRECIAÇÃO. AF_05/2023","H",0.35]
["Depreciação, Juros, Impostos e Seguros, Manutenção e Materiais na Operação dos Equipamentos",88827,"BETONEIRA CAPACIDADE NOMINAL DE 400 L, CAPACIDADE DE MISTURA 280 L, MOTOR ELÉTRICO TRIFÁSICO POTÊNCIA DE 2 CV, SEM CARREGADOR - JUROS. AF_05/2023","H",0.08]
["Depreciação, Juros, Impostos e Seguros, Manutenção e Materiais na Operação dos Equipamentos",88828,"BETONEIRA CAPACIDADE NOMINAL DE 400 L, CAPACIDADE DE MISTURA 280 L, MOTOR ELÉTRICO TRIFÁSICO POTÊNCIA DE 2 CV, SEM CARREGADOR - MANUTENÇÃO. AF_05/2023","H",0.39]
["Depreciação, Juros, Impostos e Seguros, Manutenção e Materiais na Operação dos Equipamentos",88829,"BETONEIRA CAPACIDADE NOMINAL DE 400 L, CAPACIDADE DE MISTURA 280 L, MOTOR ELÉTRICO TRIFÁSICO POTÊNCIA DE 2 CV, SEM CARREGADOR - MATERIAIS NA OPERAÇÃO. AF_05/2023","H",1.38]
["Depreciação, Juros, Impostos e Seguros, Manutenção e Materiais na Operação dos Equipamentos",89221,"BETONEIRA CAPACIDADE NOMINAL DE 600 L, CAPACIDADE DE MISTURA 360 L, MOTOR ELÉTRICO TRIFÁSICO POTÊNCIA DE 4 CV, SEM CARREGADOR - DEPRECIAÇÃO. AF_05/2023","H",1.46]
["Depreciação, Juros, Impostos e Seguros, Manutenção e Materiais na Operação dos Equipamentos",89222,"BETONEIRA CAPACIDADE NOMINAL DE 600 L, CAPACIDADE DE MISTURA 360 L, MOTOR ELÉTRICO TRIFÁSICO POTÊNCIA DE 4 CV, SEM CARREGADOR - JUROS. AF_05/2023","H",0.33]
["Depreciação, Juros, Impostos e Seguros, Manutenção e Materiais na Operação dos Equipamentos",89223,"BETONEIRA CAPACIDADE NOMINAL DE 600 L, CAPACIDADE DE MISTURA 360 L, MOTOR ELÉTRICO TRIFÁSICO POTÊNCIA DE 4 CV, SEM CARREGADOR - MANUTENÇÃO. AF_05/2023","H",1.59]
["Depreciação, Juros, Impostos e Seguros, Manutenção e Materiais na Operação dos Equipamentos",89224,"BETONEIRA CAPACIDADE NOMINAL DE 600 L, CAPACIDADE DE MISTURA 360 L, MOTOR ELÉTRICO TRIFÁSICO POTÊNCIA DE 4 CV, SEM CARREGADOR - MATERIAIS NA OPERAÇÃO. AF_05/2023","H",2.77]
["Depreciação, Juros, Impostos e Seguros, Manutenção e Materiais na Operação dos Equipamentos",89274,"BETONEIRA CAPACIDADE NOMINAL DE 600 L, CAPACIDADE DE MISTURA 440 L, MOTOR A DIESEL POTÊNCIA 10 CV, COM CARREGADOR - DEPRECIAÇÃO. AF_05/2023","H",1.77]
["Depreciação, Juros, Impostos e Seguros, Manutenção e Materiais na Operação dos Equipamentos",89275,"BETONEIRA CAPACIDADE NOMINAL DE 600 L, CAPACIDADE DE MISTURA 440 L, MOTOR A DIESEL POTÊNCIA 10 CV, COM CARREGADOR - JUROS. AF_05/2023","H",0.41]
["Depreciação, Juros, Impostos e Seguros, Manutenção e Materiais na Operação dos Equipamentos",89276,"BETONEIRA CAPACIDADE NOMINAL DE 600 L, CAPACIDADE DE MISTURA 440 L, MOTOR A DIESEL POTÊNCIA 10 CV, COM CARREGADOR - MANUTENÇÃO. AF_05/2023","H",2.2200000000000002]
["Depreciação, Juros, Impostos e Seguros, Manutenção e Materiais na Operação dos Equipamentos",89277,"BETONEIRA CAPACIDADE NOMINAL DE 600 L, CAPACIDADE DE MISTURA 440 L, MOTOR A DIESEL POTÊNCIA 10 CV, COM CARREGADOR - MATERIAIS NA OPERAÇÃO. AF_05/2023","H",8.27]
["Depreciação, Juros, Impostos e Seguros, Manutenção e Materiais na Operação dos Equipamentos",90646,"BOMBA CENTRÍFUGA MONOESTÁGIO COM MOTOR ELÉTRICO MONOFÁSICO, POTÊNCIA 15 HP, DIÂMETRO DO ROTOR 173 MM, HM/Q = 30 MCA / 90 M3/H A 45 MCA / 55 M3/H - DEPRECIAÇÃO. AF_06/2015","H",0.66]
["Depreciação, Juros, Impostos e Seguros, Manutenção e Materiais na Operação dos Equipamentos",90647,"BOMBA CENTRÍFUGA MONOESTÁGIO COM MOTOR ELÉTRICO MONOFÁSICO, POTÊNCIA 15 HP, DIÂMETRO DO ROTOR 173 MM, HM/Q = 30 MCA / 90 M3/H A 45 MCA / 55 M3/H - JUROS. AF_06/2015","H",0.15]
["Depreciação, Juros, Impostos e Seguros, Manutenção e Materiais na Operação dos Equipamentos",90648,"BOMBA CENTRÍFUGA MONOESTÁGIO COM MOTOR ELÉTRICO MONOFÁSICO, POTÊNCIA 15 HP, DIÂMETRO DO ROTOR 173 MM, HM/Q = 30 MCA / 90 M3/H A 45 MCA / 55 M3/H - MANUTENÇÃO. AF_06/2015","H",0.72]
["Depreciação, Juros, Impostos e Seguros, Manutenção e Materiais na Operação dos Equipamentos",90649,"BOMBA CENTRÍFUGA MONOESTÁGIO COM MOTOR ELÉTRICO MONOFÁSICO, POTÊNCIA 15 HP, DIÂMETRO DO ROTOR 173 MM, HM/Q = 30 MCA / 90 M3/H A 45 MCA / 55 M3/H - MATERIAIS NA OPERAÇÃO. AF_06/2015","H",10.74]
["Depreciação, Juros, Impostos e Seguros, Manutenção e Materiais na Operação dos Equipamentos",90652,"BOMBA DE PROJEÇÃO DE CONCRETO SECO, POTÊNCIA 10 CV, VAZÃO 3 M3/H - DEPRECIAÇÃO. AF_06/2015","H",4.38]
["Depreciação, Juros, Impostos e Seguros, Manutenção e Materiais na Operação dos Equipamentos",90653,"BOMBA DE PROJEÇÃO DE CONCRETO SECO, POTÊNCIA 10 CV, VAZÃO 3 M3/H - JUROS. AF_06/2015","H",1.01]
["Depreciação, Juros, Impostos e Seguros, Manutenção e Materiais na Operação dos Equipamentos",90654,"BOMBA DE PROJEÇÃO DE CONCRETO SECO, POTÊNCIA 10 CV, VAZÃO 3 M3/H - MANUTENÇÃO. AF_06/2015","H",4.79]
["Depreciação, Juros, Impostos e Seguros, Manutenção e Materiais na Operação dos Equipamentos",90655,"BOMBA DE PROJEÇÃO DE CONCRETO SECO, POTÊNCIA 10 CV, VAZÃO 3 M3/H - MATERIAIS NA OPERAÇÃO. AF_06/2015","H",7.07]
["Depreciação, Juros, Impostos e Seguros, Manutenção e Materiais na Operação dos Equipamentos",90658,"BOMBA DE PROJEÇÃO DE CONCRETO SECO, POTÊNCIA 10 CV, VAZÃO 6 M3/H - DEPRECIAÇÃO. AF_06/2015","H",4.6900000000000004]
["Depreciação, Juros, Impostos e Seguros, Manutenção e Materiais na Operação dos Equipamentos",90659,"BOMBA DE PROJEÇÃO DE CONCRETO SECO, POTÊNCIA 10 CV, VAZÃO 6 M3/H - JUROS. AF_06/2015","H",1.08]
["Depreciação, Juros, Impostos e Seguros, Manutenção e Materiais na Operação dos Equipamentos",90660,"BOMBA DE PROJEÇÃO DE CONCRETO SECO, POTÊNCIA 10 CV, VAZÃO 6 M3/H - MANUTENÇÃO. AF_06/2015","H",5.13]
["Depreciação, Juros, Impostos e Seguros, Manutenção e Materiais na Operação dos Equipamentos",90661,"BOMBA DE PROJEÇÃO DE CONCRETO SECO, POTÊNCIA 10 CV, VAZÃO 6 M3/H - MATERIAIS NA OPERAÇÃO. AF_06/2015","H",7.07]
["Depreciação, Juros, Impostos e Seguros, Manutenção e Materiais na Operação dos Equipamentos",89019,"BOMBA SUBMERSÍVEL ELÉTRICA TRIFÁSICA, POTÊNCIA 2,96 HP, Ø ROTOR 144 MM SEMI-ABERTO, BOCAL DE SAÍDA Ø 2\", HM/Q = 2 MCA / 38,8 M3/H A 28 MCA / 5 M3/H - DEPRECIAÇÃO. AF_06/2014","H",0.31]
["Depreciação, Juros, Impostos e Seguros, Manutenção e Materiais na Operação dos Equipamentos",89020,"BOMBA SUBMERSÍVEL ELÉTRICA TRIFÁSICA, POTÊNCIA 2,96 HP, Ø ROTOR 144 MM SEMI-ABERTO, BOCAL DE SAÍDA Ø 2\", HM/Q = 2 MCA / 38,8 M3/H A 28 MCA / 5 M3/H - JUROS. AF_06/2014","H",7.0000000000000007E-2]
["Depreciação, Juros, Impostos e Seguros, Manutenção e Materiais na Operação dos Equipamentos",5800,"BOMBA SUBMERSÍVEL ELÉTRICA TRIFÁSICA, POTÊNCIA 2,96 HP, Ø ROTOR 144 MM SEMI-ABERTO, BOCAL DE SAÍDA Ø 2\", HM/Q = 2 MCA / 38,8 M3/H A 28 MCA / 5 M3/H - MANUTENÇÃO. AF_06/2014","H",0.34]
["Depreciação, Juros, Impostos e Seguros, Manutenção e Materiais na Operação dos Equipamentos",53866,"BOMBA SUBMERSÍVEL ELÉTRICA TRIFÁSICA, POTÊNCIA 2,96 HP, Ø ROTOR 144 MM SEMI-ABERTO, BOCAL DE SAÍDA Ø 2\", HM/Q = 2 MCA / 38,8 M3/H A 28 MCA / 5 M3/H - MATERIAIS NA OPERAÇÃO. AF_06/2014","H",2.12]
["Depreciação, Juros, Impostos e Seguros, Manutenção e Materiais na Operação dos Equipamentos",90639,"BOMBA TRIPLEX, PARA INJEÇÃO DE NATA DE CIMENTO, VAZÃO MÁXIMA DE 100 LITROS/MINUTO, PRESSÃO MÁXIMA DE 70 BAR - DEPRECIAÇÃO. AF_06/2015","H",6.72]
["Depreciação, Juros, Impostos e Seguros, Manutenção e Materiais na Operação dos Equipamentos",90640,"BOMBA TRIPLEX, PARA INJEÇÃO DE NATA DE CIMENTO, VAZÃO MÁXIMA DE 100 LITROS/MINUTO, PRESSÃO MÁXIMA DE 70 BAR - JUROS. AF_06/2015","H",1.55]
["Depreciação, Juros, Impostos e Seguros, Manutenção e Materiais na Operação dos Equipamentos",90641,"BOMBA TRIPLEX, PARA INJEÇÃO DE NATA DE CIMENTO, VAZÃO MÁXIMA DE 100 LITROS/MINUTO, PRESSÃO MÁXIMA DE 70 BAR - MANUTENÇÃO. AF_06/2015","H",7.35]
["Depreciação, Juros, Impostos e Seguros, Manutenção e Materiais na Operação dos Equipamentos",90642,"BOMBA TRIPLEX, PARA INJEÇÃO DE NATA DE CIMENTO, VAZÃO MÁXIMA DE 100 LITROS/MINUTO, PRESSÃO MÁXIMA DE 70 BAR - MATERIAIS NA OPERAÇÃO. AF_06/2015","H",12.41]
["Depreciação, Juros, Impostos e Seguros, Manutenção e Materiais na Operação dos Equipamentos",102806,"CALDEIRA A GÁS COM TERMOSTATO, CAPACIDADE 100 LITROS - DEPRECIAÇÃO. AF_05/2023","H",0]
["Depreciação, Juros, Impostos e Seguros, Manutenção e Materiais na Operação dos Equipamentos",102807,"CALDEIRA A GÁS COM TERMOSTATO, CAPACIDADE 100 LITROS - JUROS. AF_05/2023","H",0]
["Depreciação, Juros, Impostos e Seguros, Manutenção e Materiais na Operação dos Equipamentos",102808,"CALDEIRA A GÁS COM TERMOSTATO, CAPACIDADE 100 LITROS - MANUTENÇÃO. AF_05/2023","H",0]
["Depreciação, Juros, Impostos e Seguros, Manutenção e Materiais na Operação dos Equipamentos",102809,"CALDEIRA A GÁS COM TERMOSTATO, CAPACIDADE 100 LITROS - MATERIAIS NA OPERAÇÃO. AF_05/2023","H",19.309999999999999]
["Depreciação, Juros, Impostos e Seguros, Manutenção e Materiais na Operação dos Equipamentos",92140,"CAMINHONETE CABINE SIMPLES COM MOTOR 1.6 FLEX, CÂMBIO MANUAL, POTÊNCIA 101/104 CV, 2 PORTAS - DEPRECIAÇÃO. AF_11/2015","H",4.7699999999999996]
["Depreciação, Juros, Impostos e Seguros, Manutenção e Materiais na Operação dos Equipamentos",92142,"CAMINHONETE CABINE SIMPLES COM MOTOR 1.6 FLEX, CÂMBIO MANUAL, POTÊNCIA 101/104 CV, 2 PORTAS - IMPOSTOS E SEGUROS. AF_11/2015","H",0.59]
["Depreciação, Juros, Impostos e Seguros, Manutenção e Materiais na Operação dos Equipamentos",92141,"CAMINHONETE CABINE SIMPLES COM MOTOR 1.6 FLEX, CÂMBIO MANUAL, POTÊNCIA 101/104 CV, 2 PORTAS - JUROS. AF_11/2015","H",1.47]
["Depreciação, Juros, Impostos e Seguros, Manutenção e Materiais na Operação dos Equipamentos",92143,"CAMINHONETE CABINE SIMPLES COM MOTOR 1.6 FLEX, CÂMBIO MANUAL, POTÊNCIA 101/104 CV, 2 PORTAS - MANUTENÇÃO. AF_11/2015","H",5.96]
["Depreciação, Juros, Impostos e Seguros, Manutenção e Materiais na Operação dos Equipamentos",92144,"CAMINHONETE CABINE SIMPLES COM MOTOR 1.6 FLEX, CÂMBIO MANUAL, POTÊNCIA 101/104 CV, 2 PORTAS - MATERIAIS NA OPERAÇÃO. AF_11/2015","H",41.21]
["Depreciação, Juros, Impostos e Seguros, Manutenção e Materiais na Operação dos Equipamentos",92133,"CAMINHONETE COM MOTOR A DIESEL, POTÊNCIA 180 CV, CABINE DUPLA, 4X4 - DEPRECIAÇÃO. AF_11/2015","H",13.01]
["Depreciação, Juros, Impostos e Seguros, Manutenção e Materiais na Operação dos Equipamentos",92135,"CAMINHONETE COM MOTOR A DIESEL, POTÊNCIA 180 CV, CABINE DUPLA, 4X4 - IMPOSTOS E SEGUROS. AF_11/2015","H",1.62]
["Depreciação, Juros, Impostos e Seguros, Manutenção e Materiais na Operação dos Equipamentos",92134,"CAMINHONETE COM MOTOR A DIESEL, POTÊNCIA 180 CV, CABINE DUPLA, 4X4 - JUROS. AF_11/2015","H",4.01]
["Depreciação, Juros, Impostos e Seguros, Manutenção e Materiais na Operação dos Equipamentos",92136,"CAMINHONETE COM MOTOR A DIESEL, POTÊNCIA 180 CV, CABINE DUPLA, 4X4 - MANUTENÇÃO. AF_11/2015","H",16.27]
["Depreciação, Juros, Impostos e Seguros, Manutenção e Materiais na Operação dos Equipamentos",92137,"CAMINHONETE COM MOTOR A DIESEL, POTÊNCIA 180 CV, CABINE DUPLA, 4X4 - MATERIAIS NA OPERAÇÃO. AF_11/2015","H",34.799999999999997]
["Depreciação, Juros, Impostos e Seguros, Manutenção e Materiais na Operação dos Equipamentos",91380,"CAMINHÃO BASCULANTE 10 M3, TRUCADO CABINE SIMPLES, PESO BRUTO TOTAL 23.000 KG, CARGA ÚTIL MÁXIMA 15.935 KG, DISTÂNCIA ENTRE EIXOS 4,80 M, POTÊNCIA 230 CV INCLUSIVE CAÇAMBA METÁLICA - DEPRECIAÇÃO. AF_06/2014","H",27.73]
["Depreciação, Juros, Impostos e Seguros, Manutenção e Materiais na Operação dos Equipamentos",91382,"CAMINHÃO BASCULANTE 10 M3, TRUCADO CABINE SIMPLES, PESO BRUTO TOTAL 23.000 KG, CARGA ÚTIL MÁXIMA 15.935 KG, DISTÂNCIA ENTRE EIXOS 4,80 M, POTÊNCIA 230 CV INCLUSIVE CAÇAMBA METÁLICA - IMPOSTOS E SEGUROS. AF_06/2014","H",4.37]
["Depreciação, Juros, Impostos e Seguros, Manutenção e Materiais na Operação dos Equipamentos",91381,"CAMINHÃO BASCULANTE 10 M3, TRUCADO CABINE SIMPLES, PESO BRUTO TOTAL 23.000 KG, CARGA ÚTIL MÁXIMA 15.935 KG, DISTÂNCIA ENTRE EIXOS 4,80 M, POTÊNCIA 230 CV INCLUSIVE CAÇAMBA METÁLICA - JUROS. AF_06/2014","H",10.83]
["Depreciação, Juros, Impostos e Seguros, Manutenção e Materiais na Operação dos Equipamentos",91383,"CAMINHÃO BASCULANTE 10 M3, TRUCADO CABINE SIMPLES, PESO BRUTO TOTAL 23.000 KG, CARGA ÚTIL MÁXIMA 15.935 KG, DISTÂNCIA ENTRE EIXOS 4,80 M, POTÊNCIA 230 CV INCLUSIVE CAÇAMBA METÁLICA - MANUTENÇÃO. AF_06/2014","H",50.42]
["Depreciação, Juros, Impostos e Seguros, Manutenção e Materiais na Operação dos Equipamentos",91384,"CAMINHÃO BASCULANTE 10 M3, TRUCADO CABINE SIMPLES, PESO BRUTO TOTAL 23.000 KG, CARGA ÚTIL MÁXIMA 15.935 KG, DISTÂNCIA ENTRE EIXOS 4,80 M, POTÊNCIA 230 CV INCLUSIVE CAÇAMBA METÁLICA - MATERIAIS NA OPERAÇÃO. AF_06/2014","H",140.06]
["Depreciação, Juros, Impostos e Seguros, Manutenção e Materiais na Operação dos Equipamentos",96030,"CAMINHÃO BASCULANTE 10 M3, TRUCADO, POTÊNCIA 230 CV, INCLUSIVE CAÇAMBA METÁLICA, COM DISTRIBUIDOR DE AGREGADOS ACOPLADO - DEPRECIAÇÃO. AF_02/2017","H",35.57]
["Depreciação, Juros, Impostos e Seguros, Manutenção e Materiais na Operação dos Equipamentos",96032,"CAMINHÃO BASCULANTE 10 M3, TRUCADO, POTÊNCIA 230 CV, INCLUSIVE CAÇAMBA METÁLICA, COM DISTRIBUIDOR DE AGREGADOS ACOPLADO - IMPOSTOS E SEGUROS. AF_02/2017","H",4.99]
["Depreciação, Juros, Impostos e Seguros, Manutenção e Materiais na Operação dos Equipamentos",96031,"CAMINHÃO BASCULANTE 10 M3, TRUCADO, POTÊNCIA 230 CV, INCLUSIVE CAÇAMBA METÁLICA, COM DISTRIBUIDOR DE AGREGADOS ACOPLADO - JUROS. AF_02/2017","H",12.44]
["Depreciação, Juros, Impostos e Seguros, Manutenção e Materiais na Operação dos Equipamentos",96033,"CAMINHÃO BASCULANTE 10 M3, TRUCADO, POTÊNCIA 230 CV, INCLUSIVE CAÇAMBA METÁLICA, COM DISTRIBUIDOR DE AGREGADOS ACOPLADO - MANUTENÇÃO. AF_02/2017","H",56.95]
["Depreciação, Juros, Impostos e Seguros, Manutenção e Materiais na Operação dos Equipamentos",96034,"CAMINHÃO BASCULANTE 10 M3, TRUCADO, POTÊNCIA 230 CV, INCLUSIVE CAÇAMBA METÁLICA, COM DISTRIBUIDOR DE AGREGADOS ACOPLADO - MATERIAIS NA OPERAÇÃO. AF_02/2017","H",140.06]
["Depreciação, Juros, Impostos e Seguros, Manutenção e Materiais na Operação dos Equipamentos",89870,"CAMINHÃO BASCULANTE 14 M3, COM CAVALO MECÂNICO DE CAPACIDADE MÁXIMA DE TRAÇÃO COMBINADO DE 36000 KG, POTÊNCIA 286 CV, INCLUSIVE SEMIREBOQUE COM CAÇAMBA METÁLICA - DEPRECIAÇÃO. AF_12/2014","H",34.479999999999997]
["Depreciação, Juros, Impostos e Seguros, Manutenção e Materiais na Operação dos Equipamentos",89872,"CAMINHÃO BASCULANTE 14 M3, COM CAVALO MECÂNICO DE CAPACIDADE MÁXIMA DE TRAÇÃO COMBINADO DE 36000 KG, POTÊNCIA 286 CV, INCLUSIVE SEMIREBOQUE COM CAÇAMBA METÁLICA - IMPOSTOS E SEGUROS. AF_12/2014","H",5.03]
["Depreciação, Juros, Impostos e Seguros, Manutenção e Materiais na Operação dos Equipamentos",89871,"CAMINHÃO BASCULANTE 14 M3, COM CAVALO MECÂNICO DE CAPACIDADE MÁXIMA DE TRAÇÃO COMBINADO DE 36000 KG, POTÊNCIA 286 CV, INCLUSIVE SEMIREBOQUE COM CAÇAMBA METÁLICA - JUROS. AF_12/2014","H",12.46]
["Depreciação, Juros, Impostos e Seguros, Manutenção e Materiais na Operação dos Equipamentos",89873,"CAMINHÃO BASCULANTE 14 M3, COM CAVALO MECÂNICO DE CAPACIDADE MÁXIMA DE TRAÇÃO COMBINADO DE 36000 KG, POTÊNCIA 286 CV, INCLUSIVE SEMIREBOQUE COM CAÇAMBA METÁLICA - MANUTENÇÃO. AF_12/2014","H",59.91]
["Depreciação, Juros, Impostos e Seguros, Manutenção e Materiais na Operação dos Equipamentos",89874,"CAMINHÃO BASCULANTE 14 M3, COM CAVALO MECÂNICO DE CAPACIDADE MÁXIMA DE TRAÇÃO COMBINADO DE 36000 KG, POTÊNCIA 286 CV, INCLUSIVE SEMIREBOQUE COM CAÇAMBA METÁLICA - MATERIAIS NA OPERAÇÃO. AF_12/2014","H",174.16]
["Depreciação, Juros, Impostos e Seguros, Manutenção e Materiais na Operação dos Equipamentos",89878,"CAMINHÃO BASCULANTE 18 M3, COM CAVALO MECÂNICO DE CAPACIDADE MÁXIMA DE TRAÇÃO COMBINADO DE 45000 KG, POTÊNCIA 330 CV, INCLUSIVE SEMIREBOQUE COM CAÇAMBA METÁLICA - DEPRECIAÇÃO. AF_12/2014","H",36.57]
["Depreciação, Juros, Impostos e Seguros, Manutenção e Materiais na Operação dos Equipamentos",89880,"CAMINHÃO BASCULANTE 18 M3, COM CAVALO MECÂNICO DE CAPACIDADE MÁXIMA DE TRAÇÃO COMBINADO DE 45000 KG, POTÊNCIA 330 CV, INCLUSIVE SEMIREBOQUE COM CAÇAMBA METÁLICA - IMPOSTOS E SEGUROS. AF_12/2014","H",5.26]
["Depreciação, Juros, Impostos e Seguros, Manutenção e Materiais na Operação dos Equipamentos",89879,"CAMINHÃO BASCULANTE 18 M3, COM CAVALO MECÂNICO DE CAPACIDADE MÁXIMA DE TRAÇÃO COMBINADO DE 45000 KG, POTÊNCIA 330 CV, INCLUSIVE SEMIREBOQUE COM CAÇAMBA METÁLICA - JUROS. AF_12/2014","H",13.02]
["Depreciação, Juros, Impostos e Seguros, Manutenção e Materiais na Operação dos Equipamentos",89881,"CAMINHÃO BASCULANTE 18 M3, COM CAVALO MECÂNICO DE CAPACIDADE MÁXIMA DE TRAÇÃO COMBINADO DE 45000 KG, POTÊNCIA 330 CV, INCLUSIVE SEMIREBOQUE COM CAÇAMBA METÁLICA - MANUTENÇÃO. AF_12/2014","H",63]
["Depreciação, Juros, Impostos e Seguros, Manutenção e Materiais na Operação dos Equipamentos",89882,"CAMINHÃO BASCULANTE 18 M3, COM CAVALO MECÂNICO DE CAPACIDADE MÁXIMA DE TRAÇÃO COMBINADO DE 45000 KG, POTÊNCIA 330 CV, INCLUSIVE SEMIREBOQUE COM CAÇAMBA METÁLICA - MATERIAIS NA OPERAÇÃO. AF_12/2014","H",200.94]
["Depreciação, Juros, Impostos e Seguros, Manutenção e Materiais na Operação dos Equipamentos",7058,"CAMINHÃO BASCULANTE 6 M3 TOCO, PESO BRUTO TOTAL 16.000 KG, CARGA ÚTIL MÁXIMA 11.130 KG, DISTÂNCIA ENTRE EIXOS 5,36 M, POTÊNCIA 185 CV, INCLUSIVE CAÇAMBA METÁLICA - DEPRECIAÇÃO. AF_06/2014","H",21.85]
["Depreciação, Juros, Impostos e Seguros, Manutenção e Materiais na Operação dos Equipamentos",91402,"CAMINHÃO BASCULANTE 6 M3 TOCO, PESO BRUTO TOTAL 16.000 KG, CARGA ÚTIL MÁXIMA 11.130 KG, DISTÂNCIA ENTRE EIXOS 5,36 M, POTÊNCIA 185 CV, INCLUSIVE CAÇAMBA METÁLICA - IMPOSTOS E SEGUROS. AF_06/2014","H",3.45]
["Depreciação, Juros, Impostos e Seguros, Manutenção e Materiais na Operação dos Equipamentos",7059,"CAMINHÃO BASCULANTE 6 M3 TOCO, PESO BRUTO TOTAL 16.000 KG, CARGA ÚTIL MÁXIMA 11.130 KG, DISTÂNCIA ENTRE EIXOS 5,36 M, POTÊNCIA 185 CV, INCLUSIVE CAÇAMBA METÁLICA - JUROS. AF_06/2014","H",8.5500000000000007]
["Depreciação, Juros, Impostos e Seguros, Manutenção e Materiais na Operação dos Equipamentos",7060,"CAMINHÃO BASCULANTE 6 M3 TOCO, PESO BRUTO TOTAL 16.000 KG, CARGA ÚTIL MÁXIMA 11.130 KG, DISTÂNCIA ENTRE EIXOS 5,36 M, POTÊNCIA 185 CV, INCLUSIVE CAÇAMBA METÁLICA - MANUTENÇÃO. AF_06/2014","H",39.79]
["Depreciação, Juros, Impostos e Seguros, Manutenção e Materiais na Operação dos Equipamentos",7061,"CAMINHÃO BASCULANTE 6 M3 TOCO, PESO BRUTO TOTAL 16.000 KG, CARGA ÚTIL MÁXIMA 11.130 KG, DISTÂNCIA ENTRE EIXOS 5,36 M, POTÊNCIA 185 CV, INCLUSIVE CAÇAMBA METÁLICA - MATERIAIS NA OPERAÇÃO. AF_06/2014","H",80.489999999999995]
["Depreciação, Juros, Impostos e Seguros, Manutenção e Materiais na Operação dos Equipamentos",91367,"CAMINHÃO BASCULANTE 6 M3, PESO BRUTO TOTAL 16.000 KG, CARGA ÚTIL MÁXIMA 13.071 KG, DISTÂNCIA ENTRE EIXOS 4,80 M, POTÊNCIA 230 CV INCLUSIVE CAÇAMBA METÁLICA - DEPRECIAÇÃO. AF_06/2014","H",21.09]
["Depreciação, Juros, Impostos e Seguros, Manutenção e Materiais na Operação dos Equipamentos",91369,"CAMINHÃO BASCULANTE 6 M3, PESO BRUTO TOTAL 16.000 KG, CARGA ÚTIL MÁXIMA 13.071 KG, DISTÂNCIA ENTRE EIXOS 4,80 M, POTÊNCIA 230 CV INCLUSIVE CAÇAMBA METÁLICA - IMPOSTOS E SEGUROS. AF_06/2014","H",3.32]
["Depreciação, Juros, Impostos e Seguros, Manutenção e Materiais na Operação dos Equipamentos",91368,"CAMINHÃO BASCULANTE 6 M3, PESO BRUTO TOTAL 16.000 KG, CARGA ÚTIL MÁXIMA 13.071 KG, DISTÂNCIA ENTRE EIXOS 4,80 M, POTÊNCIA 230 CV INCLUSIVE CAÇAMBA METÁLICA - JUROS. AF_06/2014","H",8.23]
["Depreciação, Juros, Impostos e Seguros, Manutenção e Materiais na Operação dos Equipamentos",5695,"CAMINHÃO BASCULANTE 6 M3, PESO BRUTO TOTAL 16.000 KG, CARGA ÚTIL MÁXIMA 13.071 KG, DISTÂNCIA ENTRE EIXOS 4,80 M, POTÊNCIA 230 CV INCLUSIVE CAÇAMBA METÁLICA - MANUTENÇÃO. AF_06/2014","H",38.409999999999997]
["Depreciação, Juros, Impostos e Seguros, Manutenção e Materiais na Operação dos Equipamentos",53792,"CAMINHÃO BASCULANTE 6 M3, PESO BRUTO TOTAL 16.000 KG, CARGA ÚTIL MÁXIMA 13.071 KG, DISTÂNCIA ENTRE EIXOS 4,80 M, POTÊNCIA 230 CV INCLUSIVE CAÇAMBA METÁLICA - MATERIAIS NA OPERAÇÃO. AF_06/2014","H",100.05]
["Depreciação, Juros, Impostos e Seguros, Manutenção e Materiais na Operação dos Equipamentos",92237,"CAMINHÃO DE TRANSPORTE DE MATERIAL ASFÁLTICO 20.000 L, COM CAVALO MECÂNICO DE CAPACIDADE MÁXIMA DE TRAÇÃO COMBINADO DE 45.000 KG, POTÊNCIA 330 CV, INCLUSIVE TANQUE DE ASFALTO COM MAÇARICO - DEPRECIAÇÃO. AF_12/2015","H",28.41]
["Depreciação, Juros, Impostos e Seguros, Manutenção e Materiais na Operação dos Equipamentos",92239,"CAMINHÃO DE TRANSPORTE DE MATERIAL ASFÁLTICO 20.000 L, COM CAVALO MECÂNICO DE CAPACIDADE MÁXIMA DE TRAÇÃO COMBINADO DE 45.000 KG, POTÊNCIA 330 CV, INCLUSIVE TANQUE DE ASFALTO COM MAÇARICO - IMPOSTOS E SEGUROS. AF_12/2015","H",4.6100000000000003]
["Depreciação, Juros, Impostos e Seguros, Manutenção e Materiais na Operação dos Equipamentos",92238,"CAMINHÃO DE TRANSPORTE DE MATERIAL ASFÁLTICO 20.000 L, COM CAVALO MECÂNICO DE CAPACIDADE MÁXIMA DE TRAÇÃO COMBINADO DE 45.000 KG, POTÊNCIA 330 CV, INCLUSIVE TANQUE DE ASFALTO COM MAÇARICO - JUROS. AF_12/2015","H",11.42]
["Depreciação, Juros, Impostos e Seguros, Manutenção e Materiais na Operação dos Equipamentos",92240,"CAMINHÃO DE TRANSPORTE DE MATERIAL ASFÁLTICO 20.000 L, COM CAVALO MECÂNICO DE CAPACIDADE MÁXIMA DE TRAÇÃO COMBINADO DE 45.000 KG, POTÊNCIA 330 CV, INCLUSIVE TANQUE DE ASFALTO COM MAÇARICO - MANUTENÇÃO. AF_12/2015","H",50.87]
["Depreciação, Juros, Impostos e Seguros, Manutenção e Materiais na Operação dos Equipamentos",92241,"CAMINHÃO DE TRANSPORTE DE MATERIAL ASFÁLTICO 20.000 L, COM CAVALO MECÂNICO DE CAPACIDADE MÁXIMA DE TRAÇÃO COMBINADO DE 45.000 KG, POTÊNCIA 330 CV, INCLUSIVE TANQUE DE ASFALTO COM MAÇARICO - MATERIAIS NA OPERAÇÃO. AF_12/2015","H",272.74]
["Depreciação, Juros, Impostos e Seguros, Manutenção e Materiais na Operação dos Equipamentos",91640,"CAMINHÃO DE TRANSPORTE DE MATERIAL ASFÁLTICO 30.000 L, COM CAVALO MECÂNICO DE CAPACIDADE MÁXIMA DE TRAÇÃO COMBINADO DE 66.000 KG, POTÊNCIA 360 CV, INCLUSIVE TANQUE DE ASFALTO COM SERPENTINA - DEPRECIAÇÃO. AF_08/2015","H",38.97]
["Depreciação, Juros, Impostos e Seguros, Manutenção e Materiais na Operação dos Equipamentos",91642,"CAMINHÃO DE TRANSPORTE DE MATERIAL ASFÁLTICO 30.000 L, COM CAVALO MECÂNICO DE CAPACIDADE MÁXIMA DE TRAÇÃO COMBINADO DE 66.000 KG, POTÊNCIA 360 CV, INCLUSIVE TANQUE DE ASFALTO COM SERPENTINA - IMPOSTOS E SEGUROS. AF_08/2015","H",6.35]
["Depreciação, Juros, Impostos e Seguros, Manutenção e Materiais na Operação dos Equipamentos",91641,"CAMINHÃO DE TRANSPORTE DE MATERIAL ASFÁLTICO 30.000 L, COM CAVALO MECÂNICO DE CAPACIDADE MÁXIMA DE TRAÇÃO COMBINADO DE 66.000 KG, POTÊNCIA 360 CV, INCLUSIVE TANQUE DE ASFALTO COM SERPENTINA - JUROS. AF_08/2015","H",15.72]
["Depreciação, Juros, Impostos e Seguros, Manutenção e Materiais na Operação dos Equipamentos",91643,"CAMINHÃO DE TRANSPORTE DE MATERIAL ASFÁLTICO 30.000 L, COM CAVALO MECÂNICO DE CAPACIDADE MÁXIMA DE TRAÇÃO COMBINADO DE 66.000 KG, POTÊNCIA 360 CV, INCLUSIVE TANQUE DE ASFALTO COM SERPENTINA - MANUTENÇÃO. AF_08/2015","H",70.14]
["Depreciação, Juros, Impostos e Seguros, Manutenção e Materiais na Operação dos Equipamentos",91644,"CAMINHÃO DE TRANSPORTE DE MATERIAL ASFÁLTICO 30.000 L, COM CAVALO MECÂNICO DE CAPACIDADE MÁXIMA DE TRAÇÃO COMBINADO DE 66.000 KG, POTÊNCIA 360 CV, INCLUSIVE TANQUE DE ASFALTO COM SERPENTINA - MATERIAIS NA OPERAÇÃO. AF_08/2015","H",297.5]
["Depreciação, Juros, Impostos e Seguros, Manutenção e Materiais na Operação dos Equipamentos",92105,"CAMINHÃO PARA EQUIPAMENTO DE LIMPEZA A SUCÇÃO COM CAMINHÃO TRUCADO DE PESO BRUTO TOTAL 23000 KG, CARGA ÚTIL MÁX. 15935 KG, DISTÂNCIA ENTRE EIXOS 4,80 M, POTÊNCIA 230 CV, INCLUSIVE LIMPADORA A SUCÇÃO, TANQUE 12000 L - MATERIAIS NA OPERAÇÃO. AF_05/2023","H",190.06]
["Depreciação, Juros, Impostos e Seguros, Manutenção e Materiais na Operação dos Equipamentos",92101,"CAMINHÃO PARA EQUIPAMENTO DE LIMPEZA A SUCÇÃO COM CAMINHÃO TRUCADO DE PESO BRUTO TOTAL 23000 KG, CARGA ÚTIL MÁXIMA 15935 KG, DISTÂNCIA ENTRE EIXOS 4,80 M, POTÊNCIA 230 CV, INCLUSIVE LIMPADORA A SUCÇÃO, TANQUE 12000 L - DEPRECIAÇÃO. AF_05/2023","H",44.73]
["Depreciação, Juros, Impostos e Seguros, Manutenção e Materiais na Operação dos Equipamentos",92103,"CAMINHÃO PARA EQUIPAMENTO DE LIMPEZA A SUCÇÃO COM CAMINHÃO TRUCADO DE PESO BRUTO TOTAL 23000 KG, CARGA ÚTIL MÁXIMA 15935 KG, DISTÂNCIA ENTRE EIXOS 4,80 M, POTÊNCIA 230 CV, INCLUSIVE LIMPADORA A SUCÇÃO, TANQUE 12000 L - IMPOSTOS E SEGUROS. AF_05/2023","H",5.67]
["Depreciação, Juros, Impostos e Seguros, Manutenção e Materiais na Operação dos Equipamentos",92102,"CAMINHÃO PARA EQUIPAMENTO DE LIMPEZA A SUCÇÃO COM CAMINHÃO TRUCADO DE PESO BRUTO TOTAL 23000 KG, CARGA ÚTIL MÁXIMA 15935 KG, DISTÂNCIA ENTRE EIXOS 4,80 M, POTÊNCIA 230 CV, INCLUSIVE LIMPADORA A SUCÇÃO, TANQUE 12000 L - JUROS. AF_05/2023","H",14.01]
["Depreciação, Juros, Impostos e Seguros, Manutenção e Materiais na Operação dos Equipamentos",92104,"CAMINHÃO PARA EQUIPAMENTO DE LIMPEZA A SUCÇÃO COM CAMINHÃO TRUCADO DE PESO BRUTO TOTAL 23000 KG, CARGA ÚTIL MÁXIMA 15935 KG, DISTÂNCIA ENTRE EIXOS 4,80 M, POTÊNCIA 230 CV, INCLUSIVE LIMPADORA A SUCÇÃO, TANQUE 12000 L - MANUTENÇÃO. AF_05/2023","H",70.59]
["Depreciação, Juros, Impostos e Seguros, Manutenção e Materiais na Operação dos Equipamentos",91396,"CAMINHÃO PIPA 10.000 L TRUCADO, PESO BRUTO TOTAL 23.000 KG, CARGA ÚTIL MÁXIMA 15.935 KG, DISTÂNCIA ENTRE EIXOS 4,8 M, POTÊNCIA 230 CV, INCLUSIVE TANQUE DE AÇO PARA TRANSPORTE DE ÁGUA - DEPRECIAÇÃO. AF_06/2014","H",29.01]
["Depreciação, Juros, Impostos e Seguros, Manutenção e Materiais na Operação dos Equipamentos",91398,"CAMINHÃO PIPA 10.000 L TRUCADO, PESO BRUTO TOTAL 23.000 KG, CARGA ÚTIL MÁXIMA 15.935 KG, DISTÂNCIA ENTRE EIXOS 4,8 M, POTÊNCIA 230 CV, INCLUSIVE TANQUE DE AÇO PARA TRANSPORTE DE ÁGUA - IMPOSTOS E SEGUROS. AF_06/2014","H",4.5199999999999996]
["Depreciação, Juros, Impostos e Seguros, Manutenção e Materiais na Operação dos Equipamentos",91397,"CAMINHÃO PIPA 10.000 L TRUCADO, PESO BRUTO TOTAL 23.000 KG, CARGA ÚTIL MÁXIMA 15.935 KG, DISTÂNCIA ENTRE EIXOS 4,8 M, POTÊNCIA 230 CV, INCLUSIVE TANQUE DE AÇO PARA TRANSPORTE DE ÁGUA - JUROS. AF_06/2014","H",11.21]
["Depreciação, Juros, Impostos e Seguros, Manutenção e Materiais na Operação dos Equipamentos",5763,"CAMINHÃO PIPA 10.000 L TRUCADO, PESO BRUTO TOTAL 23.000 KG, CARGA ÚTIL MÁXIMA 15.935 KG, DISTÂNCIA ENTRE EIXOS 4,8 M, POTÊNCIA 230 CV, INCLUSIVE TANQUE DE AÇO PARA TRANSPORTE DE ÁGUA - MANUTENÇÃO. AF_06/2014","H",51.45]
["Depreciação, Juros, Impostos e Seguros, Manutenção e Materiais na Operação dos Equipamentos",53831,"CAMINHÃO PIPA 10.000 L TRUCADO, PESO BRUTO TOTAL 23.000 KG, CARGA ÚTIL MÁXIMA 15.935 KG, DISTÂNCIA ENTRE EIXOS 4,8 M, POTÊNCIA 230 CV, INCLUSIVE TANQUE DE AÇO PARA TRANSPORTE DE ÁGUA - MATERIAIS NA OPERAÇÃO. AF_06/2014","H",190.06]
["Depreciação, Juros, Impostos e Seguros, Manutenção e Materiais na Operação dos Equipamentos",91359,"CAMINHÃO PIPA 6.000 L, PESO BRUTO TOTAL 13.000 KG, DISTÂNCIA ENTRE EIXOS 4,80 M, POTÊNCIA 189 CV INCLUSIVE TANQUE DE AÇO PARA TRANSPORTE DE ÁGUA, CAPACIDADE 6 M3 - DEPRECIAÇÃO. AF_06/2014","H",20.92]
["Depreciação, Juros, Impostos e Seguros, Manutenção e Materiais na Operação dos Equipamentos",91361,"CAMINHÃO PIPA 6.000 L, PESO BRUTO TOTAL 13.000 KG, DISTÂNCIA ENTRE EIXOS 4,80 M, POTÊNCIA 189 CV INCLUSIVE TANQUE DE AÇO PARA TRANSPORTE DE ÁGUA, CAPACIDADE 6 M3 - IMPOSTOS E SEGUROS. AF_06/2014","H",3.23]
["Depreciação, Juros, Impostos e Seguros, Manutenção e Materiais na Operação dos Equipamentos",91360,"CAMINHÃO PIPA 6.000 L, PESO BRUTO TOTAL 13.000 KG, DISTÂNCIA ENTRE EIXOS 4,80 M, POTÊNCIA 189 CV INCLUSIVE TANQUE DE AÇO PARA TRANSPORTE DE ÁGUA, CAPACIDADE 6 M3 - JUROS. AF_06/2014","H",8]
["Depreciação, Juros, Impostos e Seguros, Manutenção e Materiais na Operação dos Equipamentos",53882,"CAMINHÃO PIPA 6.000 L, PESO BRUTO TOTAL 13.000 KG, DISTÂNCIA ENTRE EIXOS 4,80 M, POTÊNCIA 189 CV INCLUSIVE TANQUE DE AÇO PARA TRANSPORTE DE ÁGUA, CAPACIDADE 6 M3 - MANUTENÇÃO. AF_06/2014","H",36.76]
["Depreciação, Juros, Impostos e Seguros, Manutenção e Materiais na Operação dos Equipamentos",5747,"CAMINHÃO PIPA 6.000 L, PESO BRUTO TOTAL 13.000 KG, DISTÂNCIA ENTRE EIXOS 4,80 M, POTÊNCIA 189 CV INCLUSIVE TANQUE DE AÇO PARA TRANSPORTE DE ÁGUA, CAPACIDADE 6 M3 - MATERIAIS NA OPERAÇÃO. AF_06/2014","H",156.19999999999999]
["Depreciação, Juros, Impostos e Seguros, Manutenção e Materiais na Operação dos Equipamentos",104699,"CAMINHÃO TANQUE PARA HIDROSSEMEADURA, COM CAPACIDADE DE 8.000 LITROS, INCLUINDO BOMBA PARA LANÇAMENTO COM MOTOR DIESEL COM POTÊNCIA DE 105 CV - DEPRECIAÇÃO. AF_06/2023","H",0]
["Depreciação, Juros, Impostos e Seguros, Manutenção e Materiais na Operação dos Equipamentos",104702,"CAMINHÃO TANQUE PARA HIDROSSEMEADURA, COM CAPACIDADE DE 8.000 LITROS, INCLUINDO BOMBA PARA LANÇAMENTO COM MOTOR DIESEL COM POTÊNCIA DE 105 CV - IMPOSTOS E SEGUROS. AF_06/2023","H",0]
["Depreciação, Juros, Impostos e Seguros, Manutenção e Materiais na Operação dos Equipamentos",104700,"CAMINHÃO TANQUE PARA HIDROSSEMEADURA, COM CAPACIDADE DE 8.000 LITROS, INCLUINDO BOMBA PARA LANÇAMENTO COM MOTOR DIESEL COM POTÊNCIA DE 105 CV - JUROS. AF_06/2023","H",0]
["Depreciação, Juros, Impostos e Seguros, Manutenção e Materiais na Operação dos Equipamentos",104701,"CAMINHÃO TANQUE PARA HIDROSSEMEADURA, COM CAPACIDADE DE 8.000 LITROS, INCLUINDO BOMBA PARA LANÇAMENTO COM MOTOR DIESEL COM POTÊNCIA DE 105 CV - MANUTENÇÃO. AF_06/2023","H",0]
["Depreciação, Juros, Impostos e Seguros, Manutenção e Materiais na Operação dos Equipamentos",104703,"CAMINHÃO TANQUE PARA HIDROSSEMEADURA, COM CAPACIDADE DE 8.000 LITROS, INCLUINDO BOMBA PARA LANÇAMENTO COM MOTOR DIESEL COM POTÊNCIA DE 105 CV - MATERIAIS NA OPERAÇÃO. AF_06/2023","H",91.36]
["Depreciação, Juros, Impostos e Seguros, Manutenção e Materiais na Operação dos Equipamentos",91390,"CAMINHÃO TOCO, PBT 14.300 KG, CARGA ÚTIL MÁX. 9.710 KG, DIST. ENTRE EIXOS 3,56 M, POTÊNCIA 185 CV, INCLUSIVE CARROCERIA FIXA ABERTA DE MADEIRA P/ TRANSPORTE GERAL DE CARGA SECA, DIMEN. APROX. 2,50 X 6,50 X 0,50 M - DEPRECIAÇÃO. AF_06/2014","H",18.73]
["Depreciação, Juros, Impostos e Seguros, Manutenção e Materiais na Operação dos Equipamentos",91392,"CAMINHÃO TOCO, PBT 14.300 KG, CARGA ÚTIL MÁX. 9.710 KG, DIST. ENTRE EIXOS 3,56 M, POTÊNCIA 185 CV, INCLUSIVE CARROCERIA FIXA ABERTA DE MADEIRA P/ TRANSPORTE GERAL DE CARGA SECA, DIMEN. APROX. 2,50 X 6,50 X 0,50 M - IMPOSTOS E SEGUROS. AF_06/2014","H",3.03]
["Depreciação, Juros, Impostos e Seguros, Manutenção e Materiais na Operação dos Equipamentos",91391,"CAMINHÃO TOCO, PBT 14.300 KG, CARGA ÚTIL MÁX. 9.710 KG, DIST. ENTRE EIXOS 3,56 M, POTÊNCIA 185 CV, INCLUSIVE CARROCERIA FIXA ABERTA DE MADEIRA P/ TRANSPORTE GERAL DE CARGA SECA, DIMEN. APROX. 2,50 X 6,50 X 0,50 M - JUROS. AF_06/2014","H",7.52]
["Depreciação, Juros, Impostos e Seguros, Manutenção e Materiais na Operação dos Equipamentos",73335,"CAMINHÃO TOCO, PBT 14.300 KG, CARGA ÚTIL MÁX. 9.710 KG, DIST. ENTRE EIXOS 3,56 M, POTÊNCIA 185 CV, INCLUSIVE CARROCERIA FIXA ABERTA DE MADEIRA P/ TRANSPORTE GERAL DE CARGA SECA, DIMEN. APROX. 2,50 X 6,50 X 0,50 M - MANUTENÇÃO. AF_06/2014","H",34.380000000000003]
["Depreciação, Juros, Impostos e Seguros, Manutenção e Materiais na Operação dos Equipamentos",73340,"CAMINHÃO TOCO, PBT 14.300 KG, CARGA ÚTIL MÁX. 9.710 KG, DIST. ENTRE EIXOS 3,56 M, POTÊNCIA 185 CV, INCLUSIVE CARROCERIA FIXA ABERTA DE MADEIRA P/ TRANSPORTE GERAL DE CARGA SECA, DIMEN. APROX. 2,50 X 6,50 X 0,50 M - MATERIAIS NA OPERAÇÃO. AF_06/2014","H",152.88999999999999]
["Depreciação, Juros, Impostos e Seguros, Manutenção e Materiais na Operação dos Equipamentos",89264,"CAMINHÃO TOCO, PBT 16.000 KG, CARGA ÚTIL MÁX. 10.685 KG, DIST. ENTRE EIXOS 4,8 M, POTÊNCIA 189 CV, INCLUSIVE CARROCERIA FIXA ABERTA DE MADEIRA P/ TRANSPORTE GERAL DE CARGA SECA, DIMEN. APROX. 2,5 X 7,00 X 0,50 M - DEPRECIAÇÃO. AF_06/2014","H",20.54]
["Depreciação, Juros, Impostos e Seguros, Manutenção e Materiais na Operação dos Equipamentos",89266,"CAMINHÃO TOCO, PBT 16.000 KG, CARGA ÚTIL MÁX. 10.685 KG, DIST. ENTRE EIXOS 4,8 M, POTÊNCIA 189 CV, INCLUSIVE CARROCERIA FIXA ABERTA DE MADEIRA P/ TRANSPORTE GERAL DE CARGA SECA, DIMEN. APROX. 2,5 X 7,00 X 0,50 M - IMPOSTOS E SEGUROS. AF_06/2014","H",3.33]
["Depreciação, Juros, Impostos e Seguros, Manutenção e Materiais na Operação dos Equipamentos",89265,"CAMINHÃO TOCO, PBT 16.000 KG, CARGA ÚTIL MÁX. 10.685 KG, DIST. ENTRE EIXOS 4,8 M, POTÊNCIA 189 CV, INCLUSIVE CARROCERIA FIXA ABERTA DE MADEIRA P/ TRANSPORTE GERAL DE CARGA SECA, DIMEN. APROX. 2,5 X 7,00 X 0,50 M - JUROS. AF_06/2014","H",8.25]
["Depreciação, Juros, Impostos e Seguros, Manutenção e Materiais na Operação dos Equipamentos",5705,"CAMINHÃO TOCO, PBT 16.000 KG, CARGA ÚTIL MÁX. 10.685 KG, DIST. ENTRE EIXOS 4,8 M, POTÊNCIA 189 CV, INCLUSIVE CARROCERIA FIXA ABERTA DE MADEIRA P/ TRANSPORTE GERAL DE CARGA SECA, DIMEN. APROX. 2,5 X 7,00 X 0,50 M - MANUTENÇÃO. AF_06/2014","H",37.71]
["Depreciação, Juros, Impostos e Seguros, Manutenção e Materiais na Operação dos Equipamentos",53797,"CAMINHÃO TOCO, PBT 16.000 KG, CARGA ÚTIL MÁX. 10.685 KG, DIST. ENTRE EIXOS 4,8 M, POTÊNCIA 189 CV, INCLUSIVE CARROCERIA FIXA ABERTA DE MADEIRA P/ TRANSPORTE GERAL DE CARGA SECA, DIMEN. APROX. 2,5 X 7,00 X 0,50 M - MATERIAIS NA OPERAÇÃO. AF_06/2014","H",115.06]
["Depreciação, Juros, Impostos e Seguros, Manutenção e Materiais na Operação dos Equipamentos",91354,"CAMINHÃO TOCO, PESO BRUTO TOTAL 14.300 KG, CARGA ÚTIL MÁXIMA 9590 KG, DISTÂNCIA ENTRE EIXOS 4,76 M, POTÊNCIA 185 CV (NÃO INCLUI CARROCERIA) - DEPRECIAÇÃO. AF_06/2014","H",17.55]
["Depreciação, Juros, Impostos e Seguros, Manutenção e Materiais na Operação dos Equipamentos",91356,"CAMINHÃO TOCO, PESO BRUTO TOTAL 14.300 KG, CARGA ÚTIL MÁXIMA 9590 KG, DISTÂNCIA ENTRE EIXOS 4,76 M, POTÊNCIA 185 CV (NÃO INCLUI CARROCERIA) - IMPOSTOS E SEGUROS. AF_06/2014","H",2.91]
["Depreciação, Juros, Impostos e Seguros, Manutenção e Materiais na Operação dos Equipamentos",91355,"CAMINHÃO TOCO, PESO BRUTO TOTAL 14.300 KG, CARGA ÚTIL MÁXIMA 9590 KG, DISTÂNCIA ENTRE EIXOS 4,76 M, POTÊNCIA 185 CV (NÃO INCLUI CARROCERIA) - JUROS. AF_06/2014","H",7.21]
["Depreciação, Juros, Impostos e Seguros, Manutenção e Materiais na Operação dos Equipamentos",5751,"CAMINHÃO TOCO, PESO BRUTO TOTAL 14.300 KG, CARGA ÚTIL MÁXIMA 9590 KG, DISTÂNCIA ENTRE EIXOS 4,76 M, POTÊNCIA 185 CV (NÃO INCLUI CARROCERIA) - MANUTENÇÃO. AF_06/2014","H",32.9]
["Depreciação, Juros, Impostos e Seguros, Manutenção e Materiais na Operação dos Equipamentos",53827,"CAMINHÃO TOCO, PESO BRUTO TOTAL 14.300 KG, CARGA ÚTIL MÁXIMA 9590 KG, DISTÂNCIA ENTRE EIXOS 4,76 M, POTÊNCIA 185 CV (NÃO INCLUI CARROCERIA) - MATERIAIS NA OPERAÇÃO. AF_06/2014","H",112.64]
["Depreciação, Juros, Impostos e Seguros, Manutenção e Materiais na Operação dos Equipamentos",91375,"CAMINHÃO TOCO, PESO BRUTO TOTAL 16.000 KG, CARGA ÚTIL MÁXIMA DE 10.685 KG, DISTÂNCIA ENTRE EIXOS 4,80 M, POTÊNCIA 189 CV EXCLUSIVE CARROCERIA - DEPRECIAÇÃO. AF_06/2014","H",19.27]
["Depreciação, Juros, Impostos e Seguros, Manutenção e Materiais na Operação dos Equipamentos",91377,"CAMINHÃO TOCO, PESO BRUTO TOTAL 16.000 KG, CARGA ÚTIL MÁXIMA DE 10.685 KG, DISTÂNCIA ENTRE EIXOS 4,80 M, POTÊNCIA 189 CV EXCLUSIVE CARROCERIA - IMPOSTOS E SEGUROS. AF_06/2014","H",3.2]
["Depreciação, Juros, Impostos e Seguros, Manutenção e Materiais na Operação dos Equipamentos",91376,"CAMINHÃO TOCO, PESO BRUTO TOTAL 16.000 KG, CARGA ÚTIL MÁXIMA DE 10.685 KG, DISTÂNCIA ENTRE EIXOS 4,80 M, POTÊNCIA 189 CV EXCLUSIVE CARROCERIA - JUROS. AF_06/2014","H",7.92]
["Depreciação, Juros, Impostos e Seguros, Manutenção e Materiais na Operação dos Equipamentos",5754,"CAMINHÃO TOCO, PESO BRUTO TOTAL 16.000 KG, CARGA ÚTIL MÁXIMA DE 10.685 KG, DISTÂNCIA ENTRE EIXOS 4,80 M, POTÊNCIA 189 CV EXCLUSIVE CARROCERIA - MANUTENÇÃO. AF_06/2014","H",36.119999999999997]
["Depreciação, Juros, Impostos e Seguros, Manutenção e Materiais na Operação dos Equipamentos",53829,"CAMINHÃO TOCO, PESO BRUTO TOTAL 16.000 KG, CARGA ÚTIL MÁXIMA DE 10.685 KG, DISTÂNCIA ENTRE EIXOS 4,80 M, POTÊNCIA 189 CV EXCLUSIVE CARROCERIA - MATERIAIS NA OPERAÇÃO. AF_06/2014","H",115.06]
["Depreciação, Juros, Impostos e Seguros, Manutenção e Materiais na Operação dos Equipamentos",91026,"CAMINHÃO TRUCADO (C/ TERCEIRO EIXO) ELETRÔNICO - POTÊNCIA 231CV - PBT = 22000KG - DIST. ENTRE EIXOS 5170 MM - INCLUI CARROCERIA FIXA ABERTA DE MADEIRA - DEPRECIAÇÃO. AF_06/2015","H",24.21]
["Depreciação, Juros, Impostos e Seguros, Manutenção e Materiais na Operação dos Equipamentos",91028,"CAMINHÃO TRUCADO (C/ TERCEIRO EIXO) ELETRÔNICO - POTÊNCIA 231CV - PBT = 22000KG - DIST. ENTRE EIXOS 5170 MM - INCLUI CARROCERIA FIXA ABERTA DE MADEIRA - IMPOSTOS E SEGUROS. AF_06/2015","H",3.94]
["Depreciação, Juros, Impostos e Seguros, Manutenção e Materiais na Operação dos Equipamentos",91027,"CAMINHÃO TRUCADO (C/ TERCEIRO EIXO) ELETRÔNICO - POTÊNCIA 231CV - PBT = 22000KG - DIST. ENTRE EIXOS 5170 MM - INCLUI CARROCERIA FIXA ABERTA DE MADEIRA - JUROS. AF_06/2015","H",9.77]
["Depreciação, Juros, Impostos e Seguros, Manutenção e Materiais na Operação dos Equipamentos",91029,"CAMINHÃO TRUCADO (C/ TERCEIRO EIXO) ELETRÔNICO - POTÊNCIA 231CV - PBT = 22000KG - DIST. ENTRE EIXOS 5170 MM - INCLUI CARROCERIA FIXA ABERTA DE MADEIRA - MANUTENÇÃO. AF_06/2015","H",44.66]
["Depreciação, Juros, Impostos e Seguros, Manutenção e Materiais na Operação dos Equipamentos",91030,"CAMINHÃO TRUCADO (C/ TERCEIRO EIXO) ELETRÔNICO - POTÊNCIA 231CV - PBT = 22000KG - DIST. ENTRE EIXOS 5170 MM - INCLUI CARROCERIA FIXA ABERTA DE MADEIRA - MATERIAIS NA OPERAÇÃO. AF_06/2015","H",144.91]
["Depreciação, Juros, Impostos e Seguros, Manutenção e Materiais na Operação dos Equipamentos",102812,"CENTRAL DE LAMA BENTONÍTICA (DEPÓSITO DE BENTONITA, MISTURADOR DE ALTA TURBULÊNCIA, SILOS DE ARMAZENAMENTO DE LAMA E ÁGUA, LABORATÓRIO DE CONTROLE DE QUALIDADE DA LAMA) - DEPRECIAÇÃO. AF_04/2019","H",0]
["Depreciação, Juros, Impostos e Seguros, Manutenção e Materiais na Operação dos Equipamentos",102813,"CENTRAL DE LAMA BENTONÍTICA (DEPÓSITO DE BENTONITA, MISTURADOR DE ALTA TURBULÊNCIA, SILOS DE ARMAZENAMENTO DE LAMA E ÁGUA, LABORATÓRIO DE CONTROLE DE QUALIDADE DA LAMA) - JUROS. AF_04/2019","H",0]
["Depreciação, Juros, Impostos e Seguros, Manutenção e Materiais na Operação dos Equipamentos",102814,"CENTRAL DE LAMA BENTONÍTICA (DEPÓSITO DE BENTONITA, MISTURADOR DE ALTA TURBULÊNCIA, SILOS DE ARMAZENAMENTO DE LAMA E ÁGUA, LABORATÓRIO DE CONTROLE DE QUALIDADE DA LAMA) - MANUTENÇÃO. AF_04/2019","H",0]
["Depreciação, Juros, Impostos e Seguros, Manutenção e Materiais na Operação dos Equipamentos",102815,"CENTRAL DE LAMA BENTONÍTICA (DEPÓSITO DE BENTONITA, MISTURADOR DE ALTA TURBULÊNCIA, SILOS DE ARMAZENAMENTO DE LAMA E ÁGUA, LABORATÓRIO DE CONTROLE DE QUALIDADE DA LAMA) - MATERIAIS NA OPERAÇÃO. AF_04/2019","H",3.77]
["Depreciação, Juros, Impostos e Seguros, Manutenção e Materiais na Operação dos Equipamentos",91529,"COMPACTADOR DE SOLOS DE PERCUSSÃO (SOQUETE) COM MOTOR A GASOLINA 4 TEMPOS, POTÊNCIA 4 CV - DEPRECIAÇÃO. AF_08/2015","H",0.86]
["Depreciação, Juros, Impostos e Seguros, Manutenção e Materiais na Operação dos Equipamentos",91530,"COMPACTADOR DE SOLOS DE PERCUSSÃO (SOQUETE) COM MOTOR A GASOLINA 4 TEMPOS, POTÊNCIA 4 CV - JUROS. AF_08/2015","H",0.23]
["Depreciação, Juros, Impostos e Seguros, Manutenção e Materiais na Operação dos Equipamentos",91531,"COMPACTADOR DE SOLOS DE PERCUSSÃO (SOQUETE) COM MOTOR A GASOLINA 4 TEMPOS, POTÊNCIA 4 CV - MANUTENÇÃO. AF_08/2015","H",1.07]
["Depreciação, Juros, Impostos e Seguros, Manutenção e Materiais na Operação dos Equipamentos",91532,"COMPACTADOR DE SOLOS DE PERCUSSÃO (SOQUETE) COM MOTOR A GASOLINA 4 TEMPOS, POTÊNCIA 4 CV - MATERIAIS NA OPERAÇÃO. AF_08/2015","H",6.34]
["Depreciação, Juros, Impostos e Seguros, Manutenção e Materiais na Operação dos Equipamentos",95260,"COMPACTADOR DE SOLOS DE PERCUSÃO (SOQUETE) COM MOTOR A GASOLINA, POTÊNCIA 3 CV - DEPRECIAÇÃO. AF_09/2016","H",0.69]
["Depreciação, Juros, Impostos e Seguros, Manutenção e Materiais na Operação dos Equipamentos",95261,"COMPACTADOR DE SOLOS DE PERCUSÃO (SOQUETE) COM MOTOR A GASOLINA, POTÊNCIA 3 CV - JUROS. AF_09/2016","H",0.18]
["Depreciação, Juros, Impostos e Seguros, Manutenção e Materiais na Operação dos Equipamentos",95262,"COMPACTADOR DE SOLOS DE PERCUSÃO (SOQUETE) COM MOTOR A GASOLINA, POTÊNCIA 3 CV - MANUTENÇÃO. AF_09/2016","H",0.86]
["Depreciação, Juros, Impostos e Seguros, Manutenção e Materiais na Operação dos Equipamentos",95263,"COMPACTADOR DE SOLOS DE PERCUSÃO (SOQUETE) COM MOTOR A GASOLINA, POTÊNCIA 3 CV - MATERIAIS NA OPERAÇÃO. AF_09/2016","H",4.8]
["Depreciação, Juros, Impostos e Seguros, Manutenção e Materiais na Operação dos Equipamentos",90968,"COMPRESSOR DE AR REBOCAVEL, VAZÃO 250 PCM, PRESSAO DE TRABALHO 102 PSI, MOTOR A DIESEL POTÊNCIA 81 CV - DEPRECIAÇÃO. AF_06/2015","H",7.04]
["Depreciação, Juros, Impostos e Seguros, Manutenção e Materiais na Operação dos Equipamentos",90969,"COMPRESSOR DE AR REBOCAVEL, VAZÃO 250 PCM, PRESSAO DE TRABALHO 102 PSI, MOTOR A DIESEL POTÊNCIA 81 CV - JUROS. AF_06/2015","H",1.89]
["Depreciação, Juros, Impostos e Seguros, Manutenção e Materiais na Operação dos Equipamentos",90970,"COMPRESSOR DE AR REBOCAVEL, VAZÃO 250 PCM, PRESSAO DE TRABALHO 102 PSI, MOTOR A DIESEL POTÊNCIA 81 CV - MANUTENÇÃO. AF_06/2015","H",8.81]
["Depreciação, Juros, Impostos e Seguros, Manutenção e Materiais na Operação dos Equipamentos",90971,"COMPRESSOR DE AR REBOCAVEL, VAZÃO 250 PCM, PRESSAO DE TRABALHO 102 PSI, MOTOR A DIESEL POTÊNCIA 81 CV - MATERIAIS NA OPERAÇÃO. AF_06/2015","H",59.86]
["Depreciação, Juros, Impostos e Seguros, Manutenção e Materiais na Operação dos Equipamentos",90992,"COMPRESSOR DE AR REBOCAVEL, VAZÃO 400 PCM, PRESSAO DE TRABALHO 102 PSI, MOTOR A DIESEL POTÊNCIA 110 CV - DEPRECIAÇÃO. AF_06/2015","H",8.35]
["Depreciação, Juros, Impostos e Seguros, Manutenção e Materiais na Operação dos Equipamentos",90993,"COMPRESSOR DE AR REBOCAVEL, VAZÃO 400 PCM, PRESSAO DE TRABALHO 102 PSI, MOTOR A DIESEL POTÊNCIA 110 CV - JUROS. AF_06/2015","H",2.2400000000000002]
["Depreciação, Juros, Impostos e Seguros, Manutenção e Materiais na Operação dos Equipamentos",90994,"COMPRESSOR DE AR REBOCAVEL, VAZÃO 400 PCM, PRESSAO DE TRABALHO 102 PSI, MOTOR A DIESEL POTÊNCIA 110 CV - MANUTENÇÃO. AF_06/2015","H",10.45]
["Depreciação, Juros, Impostos e Seguros, Manutenção e Materiais na Operação dos Equipamentos",90995,"COMPRESSOR DE AR REBOCAVEL, VAZÃO 400 PCM, PRESSAO DE TRABALHO 102 PSI, MOTOR A DIESEL POTÊNCIA 110 CV - MATERIAIS NA OPERAÇÃO. AF_06/2015","H",81.319999999999993]
["Depreciação, Juros, Impostos e Seguros, Manutenção e Materiais na Operação dos Equipamentos",90957,"COMPRESSOR DE AR REBOCÁVEL, VAZÃO 189 PCM, PRESSÃO EFETIVA DE TRABALHO 102 PSI, MOTOR DIESEL, POTÊNCIA 63 CV - DEPRECIAÇÃO. AF_06/2015","H",5.26]
["Depreciação, Juros, Impostos e Seguros, Manutenção e Materiais na Operação dos Equipamentos",90958,"COMPRESSOR DE AR REBOCÁVEL, VAZÃO 189 PCM, PRESSÃO EFETIVA DE TRABALHO 102 PSI, MOTOR DIESEL, POTÊNCIA 63 CV - JUROS. AF_06/2015","H",1.41]
["Depreciação, Juros, Impostos e Seguros, Manutenção e Materiais na Operação dos Equipamentos",5797,"COMPRESSOR DE AR REBOCÁVEL, VAZÃO 189 PCM, PRESSÃO EFETIVA DE TRABALHO 102 PSI, MOTOR DIESEL, POTÊNCIA 63 CV - MANUTENÇÃO. AF_06/2015","H",6.58]
["Depreciação, Juros, Impostos e Seguros, Manutenção e Materiais na Operação dos Equipamentos",53865,"COMPRESSOR DE AR REBOCÁVEL, VAZÃO 189 PCM, PRESSÃO EFETIVA DE TRABALHO 102 PSI, MOTOR DIESEL, POTÊNCIA 63 CV - MATERIAIS NA OPERAÇÃO. AF_06/2015","H",46.57]
["Depreciação, Juros, Impostos e Seguros, Manutenção e Materiais na Operação dos Equipamentos",90975,"COMPRESSOR DE AR REBOCÁVEL, VAZÃO 748 PCM, PRESSÃO EFETIVA DE TRABALHO 102 PSI, MOTOR DIESEL, POTÊNCIA 210 CV - DEPRECIAÇÃO. AF_06/2015","H",17.89]
["Depreciação, Juros, Impostos e Seguros, Manutenção e Materiais na Operação dos Equipamentos",90976,"COMPRESSOR DE AR REBOCÁVEL, VAZÃO 748 PCM, PRESSÃO EFETIVA DE TRABALHO 102 PSI, MOTOR DIESEL, POTÊNCIA 210 CV - JUROS. AF_06/2015","H",4.8]
["Depreciação, Juros, Impostos e Seguros, Manutenção e Materiais na Operação dos Equipamentos",90977,"COMPRESSOR DE AR REBOCÁVEL, VAZÃO 748 PCM, PRESSÃO EFETIVA DE TRABALHO 102 PSI, MOTOR DIESEL, POTÊNCIA 210 CV - MANUTENÇÃO. AF_06/2015","H",22.39]
["Depreciação, Juros, Impostos e Seguros, Manutenção e Materiais na Operação dos Equipamentos",90978,"COMPRESSOR DE AR REBOCÁVEL, VAZÃO 748 PCM, PRESSÃO EFETIVA DE TRABALHO 102 PSI, MOTOR DIESEL, POTÊNCIA 210 CV - MATERIAIS NA OPERAÇÃO. AF_06/2015","H",155.31]
["Depreciação, Juros, Impostos e Seguros, Manutenção e Materiais na Operação dos Equipamentos",90960,"COMPRESSOR DE AR REBOCÁVEL, VAZÃO 89 PCM, PRESSÃO EFETIVA DE TRABALHO 102 PSI, MOTOR DIESEL, POTÊNCIA 20 CV - DEPRECIAÇÃO. AF_06/2015","H",7.02]
["Depreciação, Juros, Impostos e Seguros, Manutenção e Materiais na Operação dos Equipamentos",90961,"COMPRESSOR DE AR REBOCÁVEL, VAZÃO 89 PCM, PRESSÃO EFETIVA DE TRABALHO 102 PSI, MOTOR DIESEL, POTÊNCIA 20 CV - JUROS. AF_06/2015","H",1.88]
["Depreciação, Juros, Impostos e Seguros, Manutenção e Materiais na Operação dos Equipamentos",90962,"COMPRESSOR DE AR REBOCÁVEL, VAZÃO 89 PCM, PRESSÃO EFETIVA DE TRABALHO 102 PSI, MOTOR DIESEL, POTÊNCIA 20 CV - MANUTENÇÃO. AF_06/2015","H",8.7899999999999991]
["Depreciação, Juros, Impostos e Seguros, Manutenção e Materiais na Operação dos Equipamentos",90963,"COMPRESSOR DE AR REBOCÁVEL, VAZÃO 89 PCM, PRESSÃO EFETIVA DE TRABALHO 102 PSI, MOTOR DIESEL, POTÊNCIA 20 CV - MATERIAIS NA OPERAÇÃO. AF_06/2015","H",14.77]
["Depreciação, Juros, Impostos e Seguros, Manutenção e Materiais na Operação dos Equipamentos",102966,"COMPRESSOR DE AR, VAZAO DE 10 PCM, RESERVATORIO 100 L, PRESSAO DE TRABALHO ENTRE 6,9 E 9,7 BAR, POTENCIA 2 HP, TENSAO 110/220 V - DEPRECIAÇÃO. AF_05/2023","H",0]
["Depreciação, Juros, Impostos e Seguros, Manutenção e Materiais na Operação dos Equipamentos",102967,"COMPRESSOR DE AR, VAZAO DE 10 PCM, RESERVATORIO 100 L, PRESSAO DE TRABALHO ENTRE 6,9 E 9,7 BAR, POTENCIA 2 HP, TENSAO 110/220 V - JUROS. AF_05/2023","H",0]
["Depreciação, Juros, Impostos e Seguros, Manutenção e Materiais na Operação dos Equipamentos",102968,"COMPRESSOR DE AR, VAZAO DE 10 PCM, RESERVATORIO 100 L, PRESSAO DE TRABALHO ENTRE 6,9 E 9,7 BAR, POTENCIA 2 HP, TENSAO 110/220 V - MANUTENÇÃO. AF_05/2023","H",0]
["Depreciação, Juros, Impostos e Seguros, Manutenção e Materiais na Operação dos Equipamentos",102969,"COMPRESSOR DE AR, VAZAO DE 10 PCM, RESERVATORIO 100 L, PRESSAO DE TRABALHO ENTRE 6,9 E 9,7 BAR, POTENCIA 2 HP, TENSAO 110/220 V - MATERIAIS NA OPERAÇÃO. AF_05/2023","H",0.16]
["Depreciação, Juros, Impostos e Seguros, Manutenção e Materiais na Operação dos Equipamentos",102818,"CONJUNTO CILINDRO E BOMBA HIDRÁULICA PARA PROTENSÃO DE MONOBARRAS PARA TIRANTES, ESFORÇO MÁXIMO DE 30 TONELADAS - DEPRECIAÇÃO. AF_05/2023","H",0]
["Depreciação, Juros, Impostos e Seguros, Manutenção e Materiais na Operação dos Equipamentos",102819,"CONJUNTO CILINDRO E BOMBA HIDRÁULICA PARA PROTENSÃO DE MONOBARRAS PARA TIRANTES, ESFORÇO MÁXIMO DE 30 TONELADAS - JUROS. AF_05/2023","H",0]
["Depreciação, Juros, Impostos e Seguros, Manutenção e Materiais na Operação dos Equipamentos",102820,"CONJUNTO CILINDRO E BOMBA HIDRÁULICA PARA PROTENSÃO DE MONOBARRAS PARA TIRANTES, ESFORÇO MÁXIMO DE 30 TONELADAS - MANUTENÇÃO. AF_05/2023","H",0]
["Depreciação, Juros, Impostos e Seguros, Manutenção e Materiais na Operação dos Equipamentos",102832,"CONJUNTO CILINDRO E BOMBA HIDRÁULICA PARA PROTENSÃO DE MONOBARRAS PARA TIRANTES, ESFORÇO MÁXIMO DE 30 TONELADAS - MATERIAIS NA OPERAÇÃO. AF_05/2023","H",9.43]
["Depreciação, Juros, Impostos e Seguros, Manutenção e Materiais na Operação dos Equipamentos",102823,"CONJUNTO MACACO E BOMBA HIDRÁULICA PARA PROTENSAO DE CORDOALHAS, ESFORÇO MAXIMO DE 115 TONELADAS - DEPRECIAÇÃO. AF_05/2023","H",0]
["Depreciação, Juros, Impostos e Seguros, Manutenção e Materiais na Operação dos Equipamentos",102824,"CONJUNTO MACACO E BOMBA HIDRÁULICA PARA PROTENSAO DE CORDOALHAS, ESFORÇO MAXIMO DE 115 TONELADAS - JUROS. AF_05/2023","H",0]
["Depreciação, Juros, Impostos e Seguros, Manutenção e Materiais na Operação dos Equipamentos",102825,"CONJUNTO MACACO E BOMBA HIDRÁULICA PARA PROTENSAO DE CORDOALHAS, ESFORÇO MAXIMO DE 115 TONELADAS - MANUTENÇÃO. AF_05/2023","H",0]
["Depreciação, Juros, Impostos e Seguros, Manutenção e Materiais na Operação dos Equipamentos",102826,"CONJUNTO MACACO E BOMBA HIDRÁULICA PARA PROTENSAO DE CORDOALHAS, ESFORÇO MAXIMO DE 115 TONELADAS - MATERIAIS NA OPERAÇÃO. AF_05/2023","H",7.08]
["Depreciação, Juros, Impostos e Seguros, Manutenção e Materiais na Operação dos Equipamentos",103934,"CONJUNTO MACACO HIDRÁULICO E CENTRAL DE BOMBEAMENTO MOTORIZADO 1,8 KW PARA PROTENSÃO DE MONOCABOS PARA CONCRETO PROTENDIDO, ESFORÇO MÁXIMO DE 20 TONELADAS - DEPRECIAÇÃO. AF_05/2022","H",0]
["Depreciação, Juros, Impostos e Seguros, Manutenção e Materiais na Operação dos Equipamentos",103935,"CONJUNTO MACACO HIDRÁULICO E CENTRAL DE BOMBEAMENTO MOTORIZADO 1,8 KW PARA PROTENSÃO DE MONOCABOS PARA CONCRETO PROTENDIDO, ESFORÇO MÁXIMO DE 20 TONELADAS - JUROS. AF_05/2022","H",0]
["Depreciação, Juros, Impostos e Seguros, Manutenção e Materiais na Operação dos Equipamentos",103936,"CONJUNTO MACACO HIDRÁULICO E CENTRAL DE BOMBEAMENTO MOTORIZADO 1,8 KW PARA PROTENSÃO DE MONOCABOS PARA CONCRETO PROTENDIDO, ESFORÇO MÁXIMO DE 20 TONELADAS - MANUTENÇÃO. AF_05/2022","H",0]
["Depreciação, Juros, Impostos e Seguros, Manutenção e Materiais na Operação dos Equipamentos",103937,"CONJUNTO MACACO HIDRÁULICO E CENTRAL DE BOMBEAMENTO MOTORIZADO 1,8 KW PARA PROTENSÃO DE MONOCABOS PARA CONCRETO PROTENDIDO, ESFORÇO MÁXIMO DE 20 TONELADAS - MATERIAIS NA OPERAÇÃO. AF_05/2022","H",1.69]
["Depreciação, Juros, Impostos e Seguros, Manutenção e Materiais na Operação dos Equipamentos",103940,"CONJUNTO MACACO HIDRÁULICO E CENTRAL DE BOMBEAMENTO MOTORIZADO 1,8 KW PARA PROTENSÃO DE MONOCABOS PARA CONCRETO PROTENDIDO, ESFORÇO MÁXIMO DE 30 TONELADAS - DEPRECIAÇÃO. AF_05/2022","H",0]
["Depreciação, Juros, Impostos e Seguros, Manutenção e Materiais na Operação dos Equipamentos",103941,"CONJUNTO MACACO HIDRÁULICO E CENTRAL DE BOMBEAMENTO MOTORIZADO 1,8 KW PARA PROTENSÃO DE MONOCABOS PARA CONCRETO PROTENDIDO, ESFORÇO MÁXIMO DE 30 TONELADAS - JUROS. AF_05/2022","H",0]
["Depreciação, Juros, Impostos e Seguros, Manutenção e Materiais na Operação dos Equipamentos",103942,"CONJUNTO MACACO HIDRÁULICO E CENTRAL DE BOMBEAMENTO MOTORIZADO 1,8 KW PARA PROTENSÃO DE MONOCABOS PARA CONCRETO PROTENDIDO, ESFORÇO MÁXIMO DE 30 TONELADAS - MANUTENÇÃO. AF_05/2022","H",0]
["Depreciação, Juros, Impostos e Seguros, Manutenção e Materiais na Operação dos Equipamentos",103943,"CONJUNTO MACACO HIDRÁULICO E CENTRAL DE BOMBEAMENTO MOTORIZADO 1,8 KW PARA PROTENSÃO DE MONOCABOS PARA CONCRETO PROTENDIDO, ESFORÇO MÁXIMO DE 30 TONELADAS - MATERIAIS NA OPERAÇÃO. AF_05/2022","H",1.69]
["Depreciação, Juros, Impostos e Seguros, Manutenção e Materiais na Operação dos Equipamentos",91279,"CORTADORA DE PISO COM MOTOR 4 TEMPOS A GASOLINA, POTÊNCIA DE 13 HP, COM DISCO DE CORTE DIAMANTADO SEGMENTADO PARA CONCRETO, DIÂMETRO DE 350 MM, FURO DE 1\" (14 X 1\") - DEPRECIAÇÃO. AF_08/2015","H",0.83]
["Depreciação, Juros, Impostos e Seguros, Manutenção e Materiais na Operação dos Equipamentos",91280,"CORTADORA DE PISO COM MOTOR 4 TEMPOS A GASOLINA, POTÊNCIA DE 13 HP, COM DISCO DE CORTE DIAMANTADO SEGMENTADO PARA CONCRETO, DIÂMETRO DE 350 MM, FURO DE 1\" (14 X 1\") - JUROS. AF_08/2015","H",0.19]
["Depreciação, Juros, Impostos e Seguros, Manutenção e Materiais na Operação dos Equipamentos",91281,"CORTADORA DE PISO COM MOTOR 4 TEMPOS A GASOLINA, POTÊNCIA DE 13 HP, COM DISCO DE CORTE DIAMANTADO SEGMENTADO PARA CONCRETO, DIÂMETRO DE 350 MM, FURO DE 1\" (14 X 1\") - MANUTENÇÃO. AF_08/2015","H",1.05]
["Depreciação, Juros, Impostos e Seguros, Manutenção e Materiais na Operação dos Equipamentos",91282,"CORTADORA DE PISO COM MOTOR 4 TEMPOS A GASOLINA, POTÊNCIA DE 13 HP, COM DISCO DE CORTE DIAMANTADO SEGMENTADO PARA CONCRETO, DIÂMETRO DE 350 MM, FURO DE 1\" (14 X 1\") - MATERIAIS NA OPERAÇÃO. AF_08/2015","H",8.93]
["Depreciação, Juros, Impostos e Seguros, Manutenção e Materiais na Operação dos Equipamentos",95278,"DESEMPENADEIRA DE CONCRETO, PESO DE 78 KG, 4 PÁS, MOTOR A GASOLINA, POTÊNCIA 5,5 HP - DEPRECIAÇÃO. AF_05/2023","H",0.74]
["Depreciação, Juros, Impostos e Seguros, Manutenção e Materiais na Operação dos Equipamentos",95279,"DESEMPENADEIRA DE CONCRETO, PESO DE 78 KG, 4 PÁS, MOTOR A GASOLINA, POTÊNCIA 5,5 HP - JUROS. AF_05/2023","H",0.15]
["Depreciação, Juros, Impostos e Seguros, Manutenção e Materiais na Operação dos Equipamentos",95280,"DESEMPENADEIRA DE CONCRETO, PESO DE 78 KG, 4 PÁS, MOTOR A GASOLINA, POTÊNCIA 5,5 HP - MANUTENÇÃO. AF_05/2023","H",0.72]
["Depreciação, Juros, Impostos e Seguros, Manutenção e Materiais na Operação dos Equipamentos",95281,"DESEMPENADEIRA DE CONCRETO, PESO DE 78 KG, 4 PÁS, MOTOR A GASOLINA, POTÊNCIA 5,5 HP MATERIAIS NA OPERAÇÃO. AF_05/2023","H",8.8699999999999992]
["Depreciação, Juros, Impostos e Seguros, Manutenção e Materiais na Operação dos Equipamentos",95124,"DISTRIBUIDOR DE AGREGADOS AUTOPROPELIDO, C/AP 3 M3, A DIESEL, POTÊNCIA 176CV - JUROS. AF_07/2016","H",6.67]
["Depreciação, Juros, Impostos e Seguros, Manutenção e Materiais na Operação dos Equipamentos",95123,"DISTRIBUIDOR DE AGREGADOS AUTOPROPELIDO, CAP 3 M3, A DIESEL, POTÊNCIA 176CV - DEPRECIAÇÃO. AF_07/2016","H",21.64]
["Depreciação, Juros, Impostos e Seguros, Manutenção e Materiais na Operação dos Equipamentos",95125,"DISTRIBUIDOR DE AGREGADOS AUTOPROPELIDO, CAP 3 M3, A DIESEL, POTÊNCIA 176CV - MANUTENÇÃO. AF_07/2016","H",23.67]
["Depreciação, Juros, Impostos e Seguros, Manutenção e Materiais na Operação dos Equipamentos",95126,"DISTRIBUIDOR DE AGREGADOS AUTOPROPELIDO, CAP 3 M3, A DIESEL, POTÊNCIA 176CV - MATERIAIS NA OPERAÇÃO. AF_07/2016","H",145.44]
["Depreciação, Juros, Impostos e Seguros, Manutenção e Materiais na Operação dos Equipamentos",92040,"DISTRIBUIDOR DE AGREGADOS REBOCAVEL, CAPACIDADE 1,9 M³, LARGURA DE TRABALHO 3,66 M - DEPRECIAÇÃO. AF_11/2015","H",7.84]
["Depreciação, Juros, Impostos e Seguros, Manutenção e Materiais na Operação dos Equipamentos",92041,"DISTRIBUIDOR DE AGREGADOS REBOCAVEL, CAPACIDADE 1,9 M³, LARGURA DE TRABALHO 3,66 M - JUROS. AF_11/2015","H",1.61]
["Depreciação, Juros, Impostos e Seguros, Manutenção e Materiais na Operação dos Equipamentos",92042,"DISTRIBUIDOR DE AGREGADOS REBOCAVEL, CAPACIDADE 1,9 M³, LARGURA DE TRABALHO 3,66 M - MANUTENÇÃO. AF_11/2015","H",6.53]
["Depreciação, Juros, Impostos e Seguros, Manutenção e Materiais na Operação dos Equipamentos",102829,"DOBRADEIRA TDC, ESPESSURA 1,5MM - DEPRECIAÇÃO. AF_05/2023","H",0]
["Depreciação, Juros, Impostos e Seguros, Manutenção e Materiais na Operação dos Equipamentos",102830,"DOBRADEIRA TDC, ESPESSURA 1,5MM - JUROS. AF_05/2023","H",0]
["Depreciação, Juros, Impostos e Seguros, Manutenção e Materiais na Operação dos Equipamentos",102831,"DOBRADEIRA TDC, ESPESSURA 1,5MM - MANUTENÇÃO. AF_05/2023","H",0]
["Depreciação, Juros, Impostos e Seguros, Manutenção e Materiais na Operação dos Equipamentos",92114,"DOSADOR DE AREIA, CAPACIDADE DE 26 LITROS - DEPRECIAÇÃO. AF_05/2023","H",0.26]
["Depreciação, Juros, Impostos e Seguros, Manutenção e Materiais na Operação dos Equipamentos",92115,"DOSADOR DE AREIA, CAPACIDADE DE 26 LITROS - JUROS. AF_05/2023","H",0.05]
["Depreciação, Juros, Impostos e Seguros, Manutenção e Materiais na Operação dos Equipamentos",92116,"DOSADOR DE AREIA, CAPACIDADE DE 26 LITROS - MANUTENÇÃO. AF_05/2023","H",0.18]
["Depreciação, Juros, Impostos e Seguros, Manutenção e Materiais na Operação dos Equipamentos",102912,"ENCERADEIRA INDUSTRIAL, 400 MM, 220V, 1 HP - DEPRECIAÇÃO. AF_05/2023","H",0]
["Depreciação, Juros, Impostos e Seguros, Manutenção e Materiais na Operação dos Equipamentos",102913,"ENCERADEIRA INDUSTRIAL, 400 MM, 220V, 1 HP - JUROS. AF_05/2023","H",0]
["Depreciação, Juros, Impostos e Seguros, Manutenção e Materiais na Operação dos Equipamentos",102914,"ENCERADEIRA INDUSTRIAL, 400 MM, 220V, 1 HP - MANUTENÇÃO. AF_05/2023","H",0]
["Depreciação, Juros, Impostos e Seguros, Manutenção e Materiais na Operação dos Equipamentos",102915,"ENCERADEIRA INDUSTRIAL, 400 MM, 220V, 1 HP - MATERIAIS NA OPERAÇÃO. AF_05/2023","H",0.69]
["Depreciação, Juros, Impostos e Seguros, Manutenção e Materiais na Operação dos Equipamentos",95716,"ESCAVADEIRA HIDRAULICA SOBRE ESTEIRA, EQUIPADA COM CLAMSHELL, COM CAPACIDADE DA CAÇAMBA ENTRE 1,20 E 1,50 M3, PESO OPERACIONAL ENTRE 20,00 E 22,00 TON, POTENCIA LIQUIDA ENTRE 150 E 160 HP - DEPRECIAÇÃO. AF_11/2016","H",64.75]
["Depreciação, Juros, Impostos e Seguros, Manutenção e Materiais na Operação dos Equipamentos",95717,"ESCAVADEIRA HIDRAULICA SOBRE ESTEIRA, EQUIPADA COM CLAMSHELL, COM CAPACIDADE DA CAÇAMBA ENTRE 1,20 E 1,50 M3, PESO OPERACIONAL ENTRE 20,00 E 22,00 TON, POTENCIA LIQUIDA ENTRE 150 E 160 HP - JUROS. AF_11/2016","H",17.11]
["Depreciação, Juros, Impostos e Seguros, Manutenção e Materiais na Operação dos Equipamentos",95718,"ESCAVADEIRA HIDRAULICA SOBRE ESTEIRA, EQUIPADA COM CLAMSHELL, COM CAPACIDADE DA CAÇAMBA ENTRE 1,20 E 1,50 M3, PESO OPERACIONAL ENTRE 20,00 E 22,00 TON, POTENCIA LIQUIDA ENTRE 150 E 160 HP - MANUTENÇÃO. AF_11/2016","H",80.930000000000007]
["Depreciação, Juros, Impostos e Seguros, Manutenção e Materiais na Operação dos Equipamentos",95719,"ESCAVADEIRA HIDRAULICA SOBRE ESTEIRA, EQUIPADA COM CLAMSHELL, COM CAPACIDADE DA CAÇAMBA ENTRE 1,20 E 1,50 M3, PESO OPERACIONAL ENTRE 20,00 E 22,00 TON, POTENCIA LIQUIDA ENTRE 150 E 160 HP - MATERIAIS NA OPERAÇÃO. AF_11/2016","H",88.82]
["Depreciação, Juros, Impostos e Seguros, Manutenção e Materiais na Operação dos Equipamentos",104712,"ESCAVADEIRA HIDRÁULICA DE BRAÇO LONGO (LONGO ALCANCE) SOBRE ESTEIRAS, CAÇAMBA 0,52 M3, PESO OPERACIONAL 24 T, POTÊNCIA LÍQUIDA 155 HP - DEPRECIAÇÃO. AF_06/2023","H",60.85]
["Depreciação, Juros, Impostos e Seguros, Manutenção e Materiais na Operação dos Equipamentos",104713,"ESCAVADEIRA HIDRÁULICA DE BRAÇO LONGO (LONGO ALCANCE) SOBRE ESTEIRAS, CAÇAMBA 0,52 M3, PESO OPERACIONAL 24 T, POTÊNCIA LÍQUIDA 155 HP - JUROS. AF_06/2023","H",16.079999999999998]
["Depreciação, Juros, Impostos e Seguros, Manutenção e Materiais na Operação dos Equipamentos",104714,"ESCAVADEIRA HIDRÁULICA DE BRAÇO LONGO (LONGO ALCANCE) SOBRE ESTEIRAS, CAÇAMBA 0,52 M3, PESO OPERACIONAL 24 T, POTÊNCIA LÍQUIDA 155 HP - MANUTENÇÃO. AF_06/2023","H",76.069999999999993]
["Depreciação, Juros, Impostos e Seguros, Manutenção e Materiais na Operação dos Equipamentos",104715,"ESCAVADEIRA HIDRÁULICA DE BRAÇO LONGO (LONGO ALCANCE) SOBRE ESTEIRAS, CAÇAMBA 0,52 M3, PESO OPERACIONAL 24 T, POTÊNCIA LÍQUIDA 155 HP - MATERIAIS NA OPERAÇÃO. AF_06/2023","H",88.82]
["Depreciação, Juros, Impostos e Seguros, Manutenção e Materiais na Operação dos Equipamentos",102894,"ESCAVADEIRA HIDRÁULICA SOBRE ESTEIRA, PESO OPERACIONAL ENTRE 22,00 E 23,50 T, POTÊNCIA NOMINAL 139 HP, COM MARTELO ROMPEDOR HIDRÁULICO 1700 KG - DEPRECIAÇÃO. AF_04/2019","H",0]
["Depreciação, Juros, Impostos e Seguros, Manutenção e Materiais na Operação dos Equipamentos",104161,"ESCAVADEIRA HIDRÁULICA SOBRE ESTEIRA, PESO OPERACIONAL ENTRE 22,00 E 23,50 T, POTÊNCIA NOMINAL 139 HP, COM MARTELO ROMPEDOR HIDRÁULICO 1700 KG - JUROS. AF_04/2019","H",0]
["Depreciação, Juros, Impostos e Seguros, Manutenção e Materiais na Operação dos Equipamentos",102896,"ESCAVADEIRA HIDRÁULICA SOBRE ESTEIRA, PESO OPERACIONAL ENTRE 22,00 E 23,50 T, POTÊNCIA NOMINAL 139 HP, COM MARTELO ROMPEDOR HIDRÁULICO 1700 KG - MANUTENÇÃO. AF_04/2019","H",0]
["Depreciação, Juros, Impostos e Seguros, Manutenção e Materiais na Operação dos Equipamentos",102897,"ESCAVADEIRA HIDRÁULICA SOBRE ESTEIRA, PESO OPERACIONAL ENTRE 22,00 E 23,50 T, POTÊNCIA NOMINAL 139 HP, COM MARTELO ROMPEDOR HIDRÁULICO 1700 KG - MATERIAIS NA OPERAÇÃO. AF_04/2019","H",88.82]
["Depreciação, Juros, Impostos e Seguros, Manutenção e Materiais na Operação dos Equipamentos",5627,"ESCAVADEIRA HIDRÁULICA SOBRE ESTEIRAS, CAÇAMBA 0,80 M3, PESO OPERACIONAL 17 T, POTENCIA BRUTA 111 HP - DEPRECIAÇÃO. AF_06/2014","H",46.76]
["Depreciação, Juros, Impostos e Seguros, Manutenção e Materiais na Operação dos Equipamentos",5628,"ESCAVADEIRA HIDRÁULICA SOBRE ESTEIRAS, CAÇAMBA 0,80 M3, PESO OPERACIONAL 17 T, POTENCIA BRUTA 111 HP - JUROS. AF_06/2014","H",12.35]
["Depreciação, Juros, Impostos e Seguros, Manutenção e Materiais na Operação dos Equipamentos",5629,"ESCAVADEIRA HIDRÁULICA SOBRE ESTEIRAS, CAÇAMBA 0,80 M3, PESO OPERACIONAL 17 T, POTENCIA BRUTA 111 HP - MANUTENÇÃO. AF_06/2014","H",58.45]
["Depreciação, Juros, Impostos e Seguros, Manutenção e Materiais na Operação dos Equipamentos",5630,"ESCAVADEIRA HIDRÁULICA SOBRE ESTEIRAS, CAÇAMBA 0,80 M3, PESO OPERACIONAL 17 T, POTENCIA BRUTA 111 HP - MATERIAIS NA OPERAÇÃO. AF_06/2014","H",63.65]
["Depreciação, Juros, Impostos e Seguros, Manutenção e Materiais na Operação dos Equipamentos",88900,"ESCAVADEIRA HIDRÁULICA SOBRE ESTEIRAS, CAÇAMBA 1,20 M3, PESO OPERACIONAL 21 T, POTÊNCIA BRUTA 155 HP - DEPRECIAÇÃO. AF_06/2014","H",52.91]
["Depreciação, Juros, Impostos e Seguros, Manutenção e Materiais na Operação dos Equipamentos",88902,"ESCAVADEIRA HIDRÁULICA SOBRE ESTEIRAS, CAÇAMBA 1,20 M3, PESO OPERACIONAL 21 T, POTÊNCIA BRUTA 155 HP - JUROS. AF_06/2014","H",13.98]
["Depreciação, Juros, Impostos e Seguros, Manutenção e Materiais na Operação dos Equipamentos",88903,"ESCAVADEIRA HIDRÁULICA SOBRE ESTEIRAS, CAÇAMBA 1,20 M3, PESO OPERACIONAL 21 T, POTÊNCIA BRUTA 155 HP - MANUTENÇÃO. AF_06/2014","H",66.13]
["Depreciação, Juros, Impostos e Seguros, Manutenção e Materiais na Operação dos Equipamentos",88904,"ESCAVADEIRA HIDRÁULICA SOBRE ESTEIRAS, CAÇAMBA 1,20 M3, PESO OPERACIONAL 21 T, POTÊNCIA BRUTA 155 HP - MATERIAIS NA OPERAÇÃO. AF_06/2014","H",88.82]
["Depreciação, Juros, Impostos e Seguros, Manutenção e Materiais na Operação dos Equipamentos",88569,"ESPARGIDOR DE ASFALTO PRESSURIZADO COM TANQUE DE 2500 L, REBOCÁVEL COM MOTOR A GASOLINA POTÊNCIA 3,4 HP - DEPRECIAÇÃO. AF_07/2014","H",4.49]
["Depreciação, Juros, Impostos e Seguros, Manutenção e Materiais na Operação dos Equipamentos",88570,"ESPARGIDOR DE ASFALTO PRESSURIZADO COM TANQUE DE 2500 L, REBOCÁVEL COM MOTOR A GASOLINA POTÊNCIA 3,4 HP - JUROS. AF_07/2014","H",1.55]
["Depreciação, Juros, Impostos e Seguros, Manutenção e Materiais na Operação dos Equipamentos",5765,"ESPARGIDOR DE ASFALTO PRESSURIZADO COM TANQUE DE 2500 L, REBOCÁVEL COM MOTOR A GASOLINA POTÊNCIA 3,4 HP - MANUTENÇÃO. AF_07/2014","H",5.61]
["Depreciação, Juros, Impostos e Seguros, Manutenção e Materiais na Operação dos Equipamentos",5766,"ESPARGIDOR DE ASFALTO PRESSURIZADO COM TANQUE DE 2500 L, REBOCÁVEL COM MOTOR A GASOLINA POTÊNCIA 3,4 HP - MATERIAIS NA OPERAÇÃO. AF_07/2014","H",2.95]
["Depreciação, Juros, Impostos e Seguros, Manutenção e Materiais na Operação dos Equipamentos",91468,"ESPARGIDOR DE ASFALTO PRESSURIZADO, TANQUE 6 M3 COM ISOLAÇÃO TÉRMICA, AQUECIDO COM 2 MAÇARICOS, COM BARRA ESPARGIDORA 3,60 M, MONTADO SOBRE CAMINHÃO TOCO, PBT 14.300 KG, POTÊNCIA 185 CV - DEPRECIAÇÃO. AF_05/2023","H",27.08]
["Depreciação, Juros, Impostos e Seguros, Manutenção e Materiais na Operação dos Equipamentos",91484,"ESPARGIDOR DE ASFALTO PRESSURIZADO, TANQUE 6 M3 COM ISOLAÇÃO TÉRMICA, AQUECIDO COM 2 MAÇARICOS, COM BARRA ESPARGIDORA 3,60 M, MONTADO SOBRE CAMINHÃO TOCO, PBT 14.300 KG, POTÊNCIA 185 CV - IMPOSTOS E SEGUROS. AF_05/2023","H",4.25]
["Depreciação, Juros, Impostos e Seguros, Manutenção e Materiais na Operação dos Equipamentos",91469,"ESPARGIDOR DE ASFALTO PRESSURIZADO, TANQUE 6 M3 COM ISOLAÇÃO TÉRMICA, AQUECIDO COM 2 MAÇARICOS, COM BARRA ESPARGIDORA 3,60 M, MONTADO SOBRE CAMINHÃO TOCO, PBT 14.300 KG, POTÊNCIA 185 CV - JUROS. AF_05/2023","H",10.51]
["Depreciação, Juros, Impostos e Seguros, Manutenção e Materiais na Operação dos Equipamentos",83361,"ESPARGIDOR DE ASFALTO PRESSURIZADO, TANQUE 6 M3 COM ISOLAÇÃO TÉRMICA, AQUECIDO COM 2 MAÇARICOS, COM BARRA ESPARGIDORA 3,60 M, MONTADO SOBRE CAMINHÃO TOCO, PBT 14.300 KG, POTÊNCIA 185 CV - MANUTENÇÃO. AF_08/2015","H",44.77]
["Depreciação, Juros, Impostos e Seguros, Manutenção e Materiais na Operação dos Equipamentos",91485,"ESPARGIDOR DE ASFALTO PRESSURIZADO, TANQUE 6 M3 COM ISOLAÇÃO TÉRMICA, AQUECIDO COM 2 MAÇARICOS, COM BARRA ESPARGIDORA 3,60 M, MONTADO SOBRE CAMINHÃO TOCO, PBT 14.300 KG, POTÊNCIA 185 CV - MATERIAIS NA OPERAÇÃO. AF_05/2023","H",152.88999999999999]
["Depreciação, Juros, Impostos e Seguros, Manutenção e Materiais na Operação dos Equipamentos",102835,"ESTABILIZADOR DE LINHA E PRESSÃO, CAPACIDADE DE 120 BAR, COM MANÔMETRO DE LEITURA, REGISTRO DE 1 COM RETORNO E LINHA - DEPRECIAÇÃO. AF_05/2023","H",0]
["Depreciação, Juros, Impostos e Seguros, Manutenção e Materiais na Operação dos Equipamentos",102836,"ESTABILIZADOR DE LINHA E PRESSÃO, CAPACIDADE DE 120 BAR, COM MANÔMETRO DE LEITURA, REGISTRO DE 1 COM RETORNO E LINHA - JUROS. AF_05/2023","H",0]
["Depreciação, Juros, Impostos e Seguros, Manutenção e Materiais na Operação dos Equipamentos",102837,"ESTABILIZADOR DE LINHA E PRESSÃO, CAPACIDADE DE 120 BAR, COM MANÔMETRO DE LEITURA, REGISTRO DE 1 COM RETORNO E LINHA - MANUTENÇÃO. AF_05/2023","H",0]
["Depreciação, Juros, Impostos e Seguros, Manutenção e Materiais na Operação dos Equipamentos",89230,"FRESADORA DE ASFALTO A FRIO SOBRE RODAS, LARGURA FRESAGEM DE 1,0 M, POTÊNCIA 208 HP - DEPRECIAÇÃO. AF_11/2014","H",108.94]
["Depreciação, Juros, Impostos e Seguros, Manutenção e Materiais na Operação dos Equipamentos",89231,"FRESADORA DE ASFALTO A FRIO SOBRE RODAS, LARGURA FRESAGEM DE 1,0 M, POTÊNCIA 208 HP - JUROS. AF_11/2014","H",33.35]
["Depreciação, Juros, Impostos e Seguros, Manutenção e Materiais na Operação dos Equipamentos",89232,"FRESADORA DE ASFALTO A FRIO SOBRE RODAS, LARGURA FRESAGEM DE 1,0 M, POTÊNCIA 208 HP - MANUTENÇÃO. AF_11/2014","H",194.32]
["Depreciação, Juros, Impostos e Seguros, Manutenção e Materiais na Operação dos Equipamentos",89233,"FRESADORA DE ASFALTO A FRIO SOBRE RODAS, LARGURA FRESAGEM DE 1,0 M, POTÊNCIA 208 HP - MATERIAIS NA OPERAÇÃO. AF_11/2014","H",165.06]
["Depreciação, Juros, Impostos e Seguros, Manutenção e Materiais na Operação dos Equipamentos",89236,"FRESADORA DE ASFALTO A FRIO SOBRE RODAS, LARGURA FRESAGEM DE 2,0 M, POTÊNCIA 550 HP - DEPRECIAÇÃO. AF_11/2014","H",254.48]
["Depreciação, Juros, Impostos e Seguros, Manutenção e Materiais na Operação dos Equipamentos",89237,"FRESADORA DE ASFALTO A FRIO SOBRE RODAS, LARGURA FRESAGEM DE 2,0 M, POTÊNCIA 550 HP - JUROS. AF_11/2014","H",77.92]
["Depreciação, Juros, Impostos e Seguros, Manutenção e Materiais na Operação dos Equipamentos",89238,"FRESADORA DE ASFALTO A FRIO SOBRE RODAS, LARGURA FRESAGEM DE 2,0 M, POTÊNCIA 550 HP - MANUTENÇÃO. AF_11/2014","H",453.93]
["Depreciação, Juros, Impostos e Seguros, Manutenção e Materiais na Operação dos Equipamentos",89239,"FRESADORA DE ASFALTO A FRIO SOBRE RODAS, LARGURA FRESAGEM DE 2,0 M, POTÊNCIA 550 HP - MATERIAIS NA OPERAÇÃO. AF_11/2014","H",436.51]
["Depreciação, Juros, Impostos e Seguros, Manutenção e Materiais na Operação dos Equipamentos",102930,"FURADEIRA ELETROMAGNÉTICA, VELOCIDADE (SEM CARGA/ COM CARGA) 450/ 270 RPM, ESPESSURA MÁXIMA DA CHAPA A SER FURADA 50 MM, PORÇA DE ADESÃO MAGNÉTICA 17000 N, POTÊNCIA 1100 W, ALIMENTÇÃO 220 - 60 HZ, MONOFÁSICA - DEPRECIAÇÃO. AF_08/2019","H",0]
["Depreciação, Juros, Impostos e Seguros, Manutenção e Materiais na Operação dos Equipamentos",102931,"FURADEIRA ELETROMAGNÉTICA, VELOCIDADE (SEM CARGA/ COM CARGA) 450/ 270 RPM, ESPESSURA MÁXIMA DA CHAPA A SER FURADA 50 MM, PORÇA DE ADESÃO MAGNÉTICA 17000 N, POTÊNCIA 1100 W, ALIMENTÇÃO 220 - 60 HZ, MONOFÁSICA - JUROS. AF_08/2019","H",0]
["Depreciação, Juros, Impostos e Seguros, Manutenção e Materiais na Operação dos Equipamentos",102932,"FURADEIRA ELETROMAGNÉTICA, VELOCIDADE (SEM CARGA/ COM CARGA) 450/ 270 RPM, ESPESSURA MÁXIMA DA CHAPA A SER FURADA 50 MM, PORÇA DE ADESÃO MAGNÉTICA 17000 N, POTÊNCIA 1100 W, ALIMENTÇÃO 220 - 60 HZ, MONOFÁSICA - MANUTENÇÃO. AF_08/2019","H",0]
["Depreciação, Juros, Impostos e Seguros, Manutenção e Materiais na Operação dos Equipamentos",102933,"FURADEIRA ELETROMAGNÉTICA, VELOCIDADE (SEM CARGA/ COM CARGA) 450/ 270 RPM, ESPESSURA MÁXIMA DA CHAPA A SER FURADA 50 MM, PORÇA DE ADESÃO MAGNÉTICA 17000 N, POTÊNCIA 1100 W, ALIMENTÇÃO 220 - 60 HZ, MONOFÁSICA - MATERIAIS NA OPERAÇÃO. AF_08/2019","H",1.04]
["Depreciação, Juros, Impostos e Seguros, Manutenção e Materiais na Operação dos Equipamentos",93411,"GERADOR PORTÁTIL MONOFÁSICO, POTÊNCIA 5500 VA, MOTOR A GASOLINA, POTÊNCIA DO MOTOR 13 CV - DEPRECIAÇÃO. AF_03/2016","H",0.35]
["Depreciação, Juros, Impostos e Seguros, Manutenção e Materiais na Operação dos Equipamentos",93412,"GERADOR PORTÁTIL MONOFÁSICO, POTÊNCIA 5500 VA, MOTOR A GASOLINA, POTÊNCIA DO MOTOR 13 CV - JUROS. AF_03/2016","H",0.12]
["Depreciação, Juros, Impostos e Seguros, Manutenção e Materiais na Operação dos Equipamentos",93413,"GERADOR PORTÁTIL MONOFÁSICO, POTÊNCIA 5500 VA, MOTOR A GASOLINA, POTÊNCIA DO MOTOR 13 CV - MANUTENÇÃO. AF_03/2016","H",0.31]
["Depreciação, Juros, Impostos e Seguros, Manutenção e Materiais na Operação dos Equipamentos",93414,"GERADOR PORTÁTIL MONOFÁSICO, POTÊNCIA 5500 VA, MOTOR A GASOLINA, POTÊNCIA DO MOTOR 13 CV - MATERIAIS NA OPERAÇÃO. AF_03/2016","H",11.21]
["Depreciação, Juros, Impostos e Seguros, Manutenção e Materiais na Operação dos Equipamentos",88855,"GRADE DE DISCO CONTROLE REMOTO REBOCÁVEL, COM 24 DISCOS 24\" X 6 MM COM PNEUS PARA TRANSPORTE - DEPRECIAÇÃO. AF_06/2014","H",3.11]
["Depreciação, Juros, Impostos e Seguros, Manutenção e Materiais na Operação dos Equipamentos",88856,"GRADE DE DISCO CONTROLE REMOTO REBOCÁVEL, COM 24 DISCOS 24\" X 6 MM COM PNEUS PARA TRANSPORTE - JUROS. AF_06/2014","H",0.85]
["Depreciação, Juros, Impostos e Seguros, Manutenção e Materiais na Operação dos Equipamentos",5658,"GRADE DE DISCO CONTROLE REMOTO REBOCÁVEL, COM 24 DISCOS 24\" X 6 MM COM PNEUS PARA TRANSPORTE - MANUTENÇÃO. AF_06/2014","H",2.16]
["Depreciação, Juros, Impostos e Seguros, Manutenção e Materiais na Operação dos Equipamentos",53840,"GRADE DE DISCO REBOCÁVEL COM 20 DISCOS 24\" X 6 MM COM PNEUS PARA TRANSPORTE - DEPRECIAÇÃO. AF_06/2014","H",2.4300000000000002]
["Depreciação, Juros, Impostos e Seguros, Manutenção e Materiais na Operação dos Equipamentos",87026,"GRADE DE DISCO REBOCÁVEL COM 20 DISCOS 24\" X 6 MM COM PNEUS PARA TRANSPORTE - JUROS. AF_06/2014","H",0.66]
["Depreciação, Juros, Impostos e Seguros, Manutenção e Materiais na Operação dos Equipamentos",53841,"GRADE DE DISCO REBOCÁVEL COM 20 DISCOS 24\" X 6 MM COM PNEUS PARA TRANSPORTE - MANUTENÇÃO. AF_06/2014","H",1.69]
["Depreciação, Juros, Impostos e Seguros, Manutenção e Materiais na Operação dos Equipamentos",95209,"GRUA ASCENCIONAL, LANCA DE 42 M, CAPACIDADE DE 1,5 T A 30 M, ALTURA ATE 39 M JUROS. AF_05/2023","H",12.42]
["Depreciação, Juros, Impostos e Seguros, Manutenção e Materiais na Operação dos Equipamentos",95210,"GRUA ASCENCIONAL, LANCA DE 42 M, CAPACIDADE DE 1,5 T A 30 M, ALTURA ATE 39 M MANUTENÇÃO. AF_05/2023","H",58.74]
["Depreciação, Juros, Impostos e Seguros, Manutenção e Materiais na Operação dos Equipamentos",95211,"GRUA ASCENCIONAL, LANCA DE 42 M, CAPACIDADE DE 1,5 T A 30 M, ALTURA ATE 39 M MATERIAIS NA OPERAÇÃO. AF_05/2023","H",10.37]
["Depreciação, Juros, Impostos e Seguros, Manutenção e Materiais na Operação dos Equipamentos",93267,"GRUA ASCENCIONAL, LANÇA DE 30 M, CAPACIDADE DE 1,0 T A 30 M, ALTURA ATÉ 39 M DEPRECIAÇÃO. AF_05/2023","H",26.66]
["Depreciação, Juros, Impostos e Seguros, Manutenção e Materiais na Operação dos Equipamentos",93269,"GRUA ASCENCIONAL, LANÇA DE 30 M, CAPACIDADE DE 1,0 T A 30 M, ALTURA ATÉ 39 M JUROS. AF_05/2023","H",10]
["Depreciação, Juros, Impostos e Seguros, Manutenção e Materiais na Operação dos Equipamentos",93270,"GRUA ASCENCIONAL, LANÇA DE 30 M, CAPACIDADE DE 1,0 T A 30 M, ALTURA ATÉ 39 M MANUTENÇÃO. AF_05/2023","H",25.92]
["Depreciação, Juros, Impostos e Seguros, Manutenção e Materiais na Operação dos Equipamentos",93271,"GRUA ASCENCIONAL, LANÇA DE 30 M, CAPACIDADE DE 1,0 T A 30 M, ALTURA ATÉ 39 M MATERIAIS NA OPERAÇÃO. AF_05/2023","H",10.37]
["Depreciação, Juros, Impostos e Seguros, Manutenção e Materiais na Operação dos Equipamentos",95208,"GRUA ASCENCIONAL, LANÇA DE 42 M, CAPACIDADE DE 1,5 T A 30 M, ALTURA ATÉ 39 M DEPRECIAÇÃO. AF_05/2023","H",53.71]
["Depreciação, Juros, Impostos e Seguros, Manutenção e Materiais na Operação dos Equipamentos",83761,"GRUPO DE SOLDAGEM COM GERADOR A DIESEL 60 CV PARA SOLDA ELÉTRICA, SOBRE 04 RODAS, COM MOTOR 4 CILINDROS 600 A - DEPRECIAÇÃO. AF_02/2016","H",9.77]
["Depreciação, Juros, Impostos e Seguros, Manutenção e Materiais na Operação dos Equipamentos",83764,"GRUPO DE SOLDAGEM COM GERADOR A DIESEL 60 CV PARA SOLDA ELÉTRICA, SOBRE 04 RODAS, COM MOTOR 4 CILINDROS 600 A - JUROS. AF_02/2016","H",3.44]
["Depreciação, Juros, Impostos e Seguros, Manutenção e Materiais na Operação dos Equipamentos",83762,"GRUPO DE SOLDAGEM COM GERADOR A DIESEL 60 CV PARA SOLDA ELÉTRICA, SOBRE 04 RODAS, COM MOTOR 4 CILINDROS 600 A - MANUTENÇÃO. AF_02/2016","H",8.7200000000000006]
["Depreciação, Juros, Impostos e Seguros, Manutenção e Materiais na Operação dos Equipamentos",83763,"GRUPO DE SOLDAGEM COM GERADOR A DIESEL 60 CV PARA SOLDA ELÉTRICA, SOBRE 04 RODAS, COM MOTOR 4 CILINDROS 600 A - MATERIAIS NA OPERAÇÃO. AF_02/2016","H",49.58]
["Depreciação, Juros, Impostos e Seguros, Manutenção e Materiais na Operação dos Equipamentos",95874,"GRUPO GERADOR COM CARENAGEM, MOTOR DIESEL POTÊNCIA STANDART ENTRE 250 E 260 KVA - DEPRECIAÇÃO. AF_12/2016","H",10.44]
["Depreciação, Juros, Impostos e Seguros, Manutenção e Materiais na Operação dos Equipamentos",95869,"GRUPO GERADOR COM CARENAGEM, MOTOR DIESEL POTÊNCIA STANDART ENTRE 250 E 260 KVA - JUROS. AF_12/2016","H",3.68]
["Depreciação, Juros, Impostos e Seguros, Manutenção e Materiais na Operação dos Equipamentos",95870,"GRUPO GERADOR COM CARENAGEM, MOTOR DIESEL POTÊNCIA STANDART ENTRE 250 E 260 KVA - MANUTENÇÃO. AF_12/2016","H",9.31]
["Depreciação, Juros, Impostos e Seguros, Manutenção e Materiais na Operação dos Equipamentos",95871,"GRUPO GERADOR COM CARENAGEM, MOTOR DIESEL POTÊNCIA STANDART ENTRE 250 E 260 KVA - MATERIAIS NA OPERAÇÃO. AF_12/2016","H",269.73]
["Depreciação, Juros, Impostos e Seguros, Manutenção e Materiais na Operação dos Equipamentos",104684,"GRUPO GERADOR DIESEL, COM CARENAGEM, POTÊNCIA STANDART ENTRE 400 E 460 KVA, VELOCIDADE DE 1800 RPM, FREQUÊNCIA DE 60 HZ - DEPRECIAÇÃO. AF_05/2023","H",0]
["Depreciação, Juros, Impostos e Seguros, Manutenção e Materiais na Operação dos Equipamentos",104685,"GRUPO GERADOR DIESEL, COM CARENAGEM, POTÊNCIA STANDART ENTRE 400 E 460 KVA, VELOCIDADE DE 1800 RPM, FREQUÊNCIA DE 60 HZ - JUROS. AF_05/2023","H",0]
["Depreciação, Juros, Impostos e Seguros, Manutenção e Materiais na Operação dos Equipamentos",104686,"GRUPO GERADOR DIESEL, COM CARENAGEM, POTÊNCIA STANDART ENTRE 400 E 460 KVA, VELOCIDADE DE 1800 RPM, FREQUÊNCIA DE 60 HZ - MANUTENÇÃO. AF_05/2023","H",0]
["Depreciação, Juros, Impostos e Seguros, Manutenção e Materiais na Operação dos Equipamentos",104687,"GRUPO GERADOR DIESEL, COM CARENAGEM, POTÊNCIA STANDART ENTRE 400 E 460 KVA, VELOCIDADE DE 1800 RPM, FREQUÊNCIA DE 60 HZ - MATERIAIS NA OPERAÇÃO. AF_05/2023","H",443.95]
["Depreciação, Juros, Impostos e Seguros, Manutenção e Materiais na Operação dos Equipamentos",73303,"GRUPO GERADOR ESTACIONÁRIO, MOTOR DIESEL POTÊNCIA 170 KVA - DEPRECIAÇÃO. AF_02/2016","H",7.33]
["Depreciação, Juros, Impostos e Seguros, Manutenção e Materiais na Operação dos Equipamentos",93235,"GRUPO GERADOR ESTACIONÁRIO, MOTOR DIESEL POTÊNCIA 170 KVA - JUROS. AF_02/2016","H",2.58]
["Depreciação, Juros, Impostos e Seguros, Manutenção e Materiais na Operação dos Equipamentos",73307,"GRUPO GERADOR ESTACIONÁRIO, MOTOR DIESEL POTÊNCIA 170 KVA - MANUTENÇÃO. AF_02/2016","H",6.54]
["Depreciação, Juros, Impostos e Seguros, Manutenção e Materiais na Operação dos Equipamentos",73311,"GRUPO GERADOR ESTACIONÁRIO, MOTOR DIESEL POTÊNCIA 170 KVA - MATERIAIS NA OPERAÇÃO. AF_02/2016","H",175.94]
["Depreciação, Juros, Impostos e Seguros, Manutenção e Materiais na Operação dos Equipamentos",93423,"GRUPO GERADOR ESTACIONÁRIO, POTÊNCIA 150 KVA, MOTOR A DIESEL- DEPRECIAÇÃO. AF_03/2016","H",6.53]
["Depreciação, Juros, Impostos e Seguros, Manutenção e Materiais na Operação dos Equipamentos",93424,"GRUPO GERADOR ESTACIONÁRIO, POTÊNCIA 150 KVA, MOTOR A DIESEL- JUROS. AF_03/2016","H",2.2999999999999998]
["Depreciação, Juros, Impostos e Seguros, Manutenção e Materiais na Operação dos Equipamentos",93425,"GRUPO GERADOR ESTACIONÁRIO, POTÊNCIA 150 KVA, MOTOR A DIESEL- MANUTENÇÃO. AF_03/2016","H",5.83]
["Depreciação, Juros, Impostos e Seguros, Manutenção e Materiais na Operação dos Equipamentos",93426,"GRUPO GERADOR ESTACIONÁRIO, POTÊNCIA 150 KVA, MOTOR A DIESEL- MATERIAIS NA OPERAÇÃO. AF_03/2016","H",158.32]
["Depreciação, Juros, Impostos e Seguros, Manutenção e Materiais na Operação dos Equipamentos",93417,"GRUPO GERADOR REBOCÁVEL, POTÊNCIA 66 KVA, MOTOR A DIESEL - DEPRECIAÇÃO. AF_03/2016","H",4.6100000000000003]
["Depreciação, Juros, Impostos e Seguros, Manutenção e Materiais na Operação dos Equipamentos",93418,"GRUPO GERADOR REBOCÁVEL, POTÊNCIA 66 KVA, MOTOR A DIESEL - JUROS. AF_03/2016","H",1.62]
["Depreciação, Juros, Impostos e Seguros, Manutenção e Materiais na Operação dos Equipamentos",93419,"GRUPO GERADOR REBOCÁVEL, POTÊNCIA 66 KVA, MOTOR A DIESEL - MANUTENÇÃO. AF_03/2016","H",4.12]
["Depreciação, Juros, Impostos e Seguros, Manutenção e Materiais na Operação dos Equipamentos",93420,"GRUPO GERADOR REBOCÁVEL, POTÊNCIA 66 KVA, MOTOR A DIESEL - MATERIAIS NA OPERAÇÃO. AF_03/2016","H",66.25]
["Depreciação, Juros, Impostos e Seguros, Manutenção e Materiais na Operação dos Equipamentos",93277,"GUINCHO ELÉTRICO DE COLUNA, CAPACIDADE 400 KG, COM MOTO FREIO, MOTOR TRIFÁSICO DE 1,25 CV - DEPRECIAÇÃO. AF_03/2016","H",0.36]
["Depreciação, Juros, Impostos e Seguros, Manutenção e Materiais na Operação dos Equipamentos",93278,"GUINCHO ELÉTRICO DE COLUNA, CAPACIDADE 400 KG, COM MOTO FREIO, MOTOR TRIFÁSICO DE 1,25 CV - JUROS. AF_03/2016","H",0.08]
["Depreciação, Juros, Impostos e Seguros, Manutenção e Materiais na Operação dos Equipamentos",93279,"GUINCHO ELÉTRICO DE COLUNA, CAPACIDADE 400 KG, COM MOTO FREIO, MOTOR TRIFÁSICO DE 1,25 CV - MANUTENÇÃO. AF_03/2016","H",0.34]
["Depreciação, Juros, Impostos e Seguros, Manutenção e Materiais na Operação dos Equipamentos",93280,"GUINCHO ELÉTRICO DE COLUNA, CAPACIDADE 400 KG, COM MOTO FREIO, MOTOR TRIFÁSICO DE 1,25 CV - MATERIAIS NA OPERAÇÃO. AF_03/2016","H",0.86]
["Depreciação, Juros, Impostos e Seguros, Manutenção e Materiais na Operação dos Equipamentos",104909,"GUINDASTE DERRICK, LANÇA DE *20* M, CARGA MÁXIMA 10T, POTÊNCIA 45 KW - DEPRECIAÇÃO. AF_01/2024","H",0]
["Depreciação, Juros, Impostos e Seguros, Manutenção e Materiais na Operação dos Equipamentos",104910,"GUINDASTE DERRICK, LANÇA DE *20* M, CARGA MÁXIMA 10T, POTÊNCIA 45 KW - JUROS. AF_01/2024","H",0]
["Depreciação, Juros, Impostos e Seguros, Manutenção e Materiais na Operação dos Equipamentos",104911,"GUINDASTE DERRICK, LANÇA DE *20* M, CARGA MÁXIMA 10T, POTÊNCIA 45 KW - MANUTENÇÃO. AF_01/2024","H",0]
["Depreciação, Juros, Impostos e Seguros, Manutenção e Materiais na Operação dos Equipamentos",104912,"GUINDASTE DERRICK, LANÇA DE *20* M, CARGA MÁXIMA 10T, POTÊNCIA 45 KW - MATERIAIS NA OPERAÇÃO. AF_01/2024","H",42.45]
["Depreciação, Juros, Impostos e Seguros, Manutenção e Materiais na Operação dos Equipamentos",102840,"GUINDASTE HIDRAULICO AUTOPROPELIDO, COM LANÇA TRELIÇADA 40 M, CAPACIDADE MÁXIMA 75 T, EQUIPADO COM CLAMSHELL - DEPRECIAÇÃO. AF_04/2019","H",0]
["Depreciação, Juros, Impostos e Seguros, Manutenção e Materiais na Operação dos Equipamentos",102841,"GUINDASTE HIDRAULICO AUTOPROPELIDO, COM LANÇA TRELIÇADA 40 M, CAPACIDADE MÁXIMA 75 T, EQUIPADO COM CLAMSHELL - JUROS. AF_04/2019","H",0]
["Depreciação, Juros, Impostos e Seguros, Manutenção e Materiais na Operação dos Equipamentos",102842,"GUINDASTE HIDRAULICO AUTOPROPELIDO, COM LANÇA TRELIÇADA 40 M, CAPACIDADE MÁXIMA 75 T, EQUIPADO COM CLAMSHELL - MANUTENÇÃO. AF_04/2019","H",0]
["Depreciação, Juros, Impostos e Seguros, Manutenção e Materiais na Operação dos Equipamentos",102843,"GUINDASTE HIDRAULICO AUTOPROPELIDO, COM LANÇA TRELIÇADA 40 M, CAPACIDADE MÁXIMA 75 T, EQUIPADO COM CLAMSHELL - MATERIAIS NA OPERAÇÃO. AF_04/2019","H",132.97]
["Depreciação, Juros, Impostos e Seguros, Manutenção e Materiais na Operação dos Equipamentos",89267,"GUINDASTE HIDRÁULICO AUTOPROPELIDO, COM LANÇA TELESCÓPICA 28,80 M, CAPACIDADE MÁXIMA 30 T, POTÊNCIA 97 KW, TRAÇÃO 4 X 4 - DEPRECIAÇÃO. AF_11/2014","H",51.81]
["Depreciação, Juros, Impostos e Seguros, Manutenção e Materiais na Operação dos Equipamentos",89269,"GUINDASTE HIDRÁULICO AUTOPROPELIDO, COM LANÇA TELESCÓPICA 28,80 M, CAPACIDADE MÁXIMA 30 T, POTÊNCIA 97 KW, TRAÇÃO 4 X 4 - IMPOSTOS E SEGUROS. AF_11/2014","H",7.38]
["Depreciação, Juros, Impostos e Seguros, Manutenção e Materiais na Operação dos Equipamentos",89268,"GUINDASTE HIDRÁULICO AUTOPROPELIDO, COM LANÇA TELESCÓPICA 28,80 M, CAPACIDADE MÁXIMA 30 T, POTÊNCIA 97 KW, TRAÇÃO 4 X 4 - JUROS. AF_11/2014","H",18.260000000000002]
["Depreciação, Juros, Impostos e Seguros, Manutenção e Materiais na Operação dos Equipamentos",89270,"GUINDASTE HIDRÁULICO AUTOPROPELIDO, COM LANÇA TELESCÓPICA 28,80 M, CAPACIDADE MÁXIMA 30 T, POTÊNCIA 97 KW, TRAÇÃO 4 X 4 - MANUTENÇÃO. AF_11/2014","H",83.29]
["Depreciação, Juros, Impostos e Seguros, Manutenção e Materiais na Operação dos Equipamentos",89271,"GUINDASTE HIDRÁULICO AUTOPROPELIDO, COM LANÇA TELESCÓPICA 28,80 M, CAPACIDADE MÁXIMA 30 T, POTÊNCIA 97 KW, TRAÇÃO 4 X 4 - MATERIAIS NA OPERAÇÃO. AF_11/2014","H",28.66]
["Depreciação, Juros, Impostos e Seguros, Manutenção e Materiais na Operação dos Equipamentos",93283,"GUINDASTE HIDRÁULICO AUTOPROPELIDO, COM LANÇA TELESCÓPICA 40 M, CAPACIDADE MÁXIMA 60 T, POTÊNCIA 260 KW - DEPRECIAÇÃO. AF_03/2016","H",99.64]
["Depreciação, Juros, Impostos e Seguros, Manutenção e Materiais na Operação dos Equipamentos",93296,"GUINDASTE HIDRÁULICO AUTOPROPELIDO, COM LANÇA TELESCÓPICA 40 M, CAPACIDADE MÁXIMA 60 T, POTÊNCIA 260 KW - IMPOSTOS E SEGUROS. AF_03/2016","H",14.19]
["Depreciação, Juros, Impostos e Seguros, Manutenção e Materiais na Operação dos Equipamentos",93284,"GUINDASTE HIDRÁULICO AUTOPROPELIDO, COM LANÇA TELESCÓPICA 40 M, CAPACIDADE MÁXIMA 60 T, POTÊNCIA 260 KW - JUROS. AF_03/2016","H",35.119999999999997]
["Depreciação, Juros, Impostos e Seguros, Manutenção e Materiais na Operação dos Equipamentos",93285,"GUINDASTE HIDRÁULICO AUTOPROPELIDO, COM LANÇA TELESCÓPICA 40 M, CAPACIDADE MÁXIMA 60 T, POTÊNCIA 260 KW - MANUTENÇÃO. AF_03/2016","H",160.16999999999999]
["Depreciação, Juros, Impostos e Seguros, Manutenção e Materiais na Operação dos Equipamentos",93286,"GUINDASTE HIDRÁULICO AUTOPROPELIDO, COM LANÇA TELESCÓPICA 40 M, CAPACIDADE MÁXIMA 60 T, POTÊNCIA 260 KW - MATERIAIS NA OPERAÇÃO. AF_03/2016","H",14.43]
["Depreciação, Juros, Impostos e Seguros, Manutenção e Materiais na Operação dos Equipamentos",104706,"GUINDASTE HIDRÁULICO AUTOPROPELIDO, COM LANÇA TRELICADA 41 M, CAPACIDADE MÁXIMA DE ELEVAÇÃO 43 T, POTÊNCIA 230 KW, EQUIPADO COM CAÇAMBA DE ARRASTO (DRAGLINE) DE 0,76 M3 - DEPRECIAÇÃO. AF_06/2023","H",0]
["Depreciação, Juros, Impostos e Seguros, Manutenção e Materiais na Operação dos Equipamentos",104707,"GUINDASTE HIDRÁULICO AUTOPROPELIDO, COM LANÇA TRELICADA 41 M, CAPACIDADE MÁXIMA DE ELEVAÇÃO 43 T, POTÊNCIA 230 KW, EQUIPADO COM CAÇAMBA DE ARRASTO (DRAGLINE) DE 0,76 M3 - JUROS. AF_06/2023","H",0]
["Depreciação, Juros, Impostos e Seguros, Manutenção e Materiais na Operação dos Equipamentos",104708,"GUINDASTE HIDRÁULICO AUTOPROPELIDO, COM LANÇA TRELICADA 41 M, CAPACIDADE MÁXIMA DE ELEVAÇÃO 43 T, POTÊNCIA 230 KW, EQUIPADO COM CAÇAMBA DE ARRASTO (DRAGLINE) DE 0,76 M3 - MANUTENÇÃO. AF_06/2023","H",0]
["Depreciação, Juros, Impostos e Seguros, Manutenção e Materiais na Operação dos Equipamentos",104709,"GUINDASTE HIDRÁULICO AUTOPROPELIDO, COM LANÇA TRELICADA 41 M, CAPACIDADE MÁXIMA DE ELEVAÇÃO 43 T, POTÊNCIA 230 KW, EQUIPADO COM CAÇAMBA DE ARRASTO (DRAGLINE) DE 0,76 M3 - MATERIAIS NA OPERAÇÃO. AF_06/2023","H",1155.4000000000001]
["Depreciação, Juros, Impostos e Seguros, Manutenção e Materiais na Operação dos Equipamentos",104903,"GUINDASTE HIDRÁULICO RODOVIÁRIO, LANCA TELESCÓPICA DE *50+20* M, CAPACIDADE MÁXIMA DE 90T, 4 EIXOS, POTÊNCIA 330 KW, MOTOR DIESEL - DEPRECIAÇÃO. AF_01/2024","H",0]
["Depreciação, Juros, Impostos e Seguros, Manutenção e Materiais na Operação dos Equipamentos",104904,"GUINDASTE HIDRÁULICO RODOVIÁRIO, LANCA TELESCÓPICA DE *50+20* M, CAPACIDADE MÁXIMA DE 90T, 4 EIXOS, POTÊNCIA 330 KW, MOTOR DIESEL - JUROS. AF_01/2024","H",0]
["Depreciação, Juros, Impostos e Seguros, Manutenção e Materiais na Operação dos Equipamentos",104905,"GUINDASTE HIDRÁULICO RODOVIÁRIO, LANCA TELESCÓPICA DE *50+20* M, CAPACIDADE MÁXIMA DE 90T, 4 EIXOS, POTÊNCIA 330 KW, MOTOR DIESEL - MANUTENÇÃO. AF_01/2024","H",0]
["Depreciação, Juros, Impostos e Seguros, Manutenção e Materiais na Operação dos Equipamentos",104906,"GUINDASTE HIDRÁULICO RODOVIÁRIO, LANCA TELESCÓPICA DE *50+20* M, CAPACIDADE MÁXIMA DE 90T, 4 EIXOS, POTÊNCIA 330 KW, MOTOR DIESEL - MATERIAIS NA OPERAÇÃO. AF_01/2024","H",97.51]
["Depreciação, Juros, Impostos e Seguros, Manutenção e Materiais na Operação dos Equipamentos",102846,"GUINDASTE SOBRE ESTEIRAS, COM LANÇA TRELIÇADA 40 M, CAPACIDADE MÁXIMA 75 T - DEPRECIAÇÃO. AF_04/2019","H",0]
["Depreciação, Juros, Impostos e Seguros, Manutenção e Materiais na Operação dos Equipamentos",102847,"GUINDASTE SOBRE ESTEIRAS, COM LANÇA TRELIÇADA 40 M, CAPACIDADE MÁXIMA 75 T - JUROS. AF_04/2019","H",0]
["Depreciação, Juros, Impostos e Seguros, Manutenção e Materiais na Operação dos Equipamentos",102848,"GUINDASTE SOBRE ESTEIRAS, COM LANÇA TRELIÇADA 40 M, CAPACIDADE MÁXIMA 75 T - MANUTENÇÃO. AF_04/2019","H",0]
["Depreciação, Juros, Impostos e Seguros, Manutenção e Materiais na Operação dos Equipamentos",102849,"GUINDASTE SOBRE ESTEIRAS, COM LANÇA TRELIÇADA 40 M, CAPACIDADE MÁXIMA 75 T - MATERIAIS NA OPERAÇÃO. AF_04/2019","H",65.010000000000005]
["Depreciação, Juros, Impostos e Seguros, Manutenção e Materiais na Operação dos Equipamentos",102852,"GUINDASTE SOBRE ESTEIRAS, COM LANÇA TRELIÇADA 40 M, CAPACIDADE MÁXIMA 75 T, EQUIPADO COM CLAMSHELL - DEPRECIAÇÃO. AF_04/2019","H",0]
["Depreciação, Juros, Impostos e Seguros, Manutenção e Materiais na Operação dos Equipamentos",102853,"GUINDASTE SOBRE ESTEIRAS, COM LANÇA TRELIÇADA 40 M, CAPACIDADE MÁXIMA 75 T, EQUIPADO COM CLAMSHELL - JUROS. AF_04/2019","H",0]
["Depreciação, Juros, Impostos e Seguros, Manutenção e Materiais na Operação dos Equipamentos",102854,"GUINDASTE SOBRE ESTEIRAS, COM LANÇA TRELIÇADA 40 M, CAPACIDADE MÁXIMA 75 T, EQUIPADO COM CLAMSHELL - MANUTENÇÃO. AF_04/2019","H",0]
["Depreciação, Juros, Impostos e Seguros, Manutenção e Materiais na Operação dos Equipamentos",102855,"GUINDASTE SOBRE ESTEIRAS, COM LANÇA TRELIÇADA 40 M, CAPACIDADE MÁXIMA 75 T, EQUIPADO COM CLAMSHELL - MATERIAIS NA OPERAÇÃO. AF_04/2019","H",65.010000000000005]
["Depreciação, Juros, Impostos e Seguros, Manutenção e Materiais na Operação dos Equipamentos",93397,"GUINDAUTO HIDRÁULICO, CAPACIDADE MÁXIMA DE CARGA 3300 KG, MOMENTO MÁXIMO DE CARGA 5,8 TM, ALCANCE MÁXIMO HORIZONTAL 7,60 M, INCLUSIVE CAMINHÃO TOCO PBT 16.000 KG, POTÊNCIA DE 189 CV - DEPRECIAÇÃO. AF_03/2016","H",24.9]
["Depreciação, Juros, Impostos e Seguros, Manutenção e Materiais na Operação dos Equipamentos",93399,"GUINDAUTO HIDRÁULICO, CAPACIDADE MÁXIMA DE CARGA 3300 KG, MOMENTO MÁXIMO DE CARGA 5,8 TM, ALCANCE MÁXIMO HORIZONTAL 7,60 M, INCLUSIVE CAMINHÃO TOCO PBT 16.000 KG, POTÊNCIA DE 189 CV - IMPOSTOS E SEGUROS. AF_03/2016","H",3.79]
["Depreciação, Juros, Impostos e Seguros, Manutenção e Materiais na Operação dos Equipamentos",93398,"GUINDAUTO HIDRÁULICO, CAPACIDADE MÁXIMA DE CARGA 3300 KG, MOMENTO MÁXIMO DE CARGA 5,8 TM, ALCANCE MÁXIMO HORIZONTAL 7,60 M, INCLUSIVE CAMINHÃO TOCO PBT 16.000 KG, POTÊNCIA DE 189 CV - JUROS. AF_03/2016","H",9.39]
["Depreciação, Juros, Impostos e Seguros, Manutenção e Materiais na Operação dos Equipamentos",93400,"GUINDAUTO HIDRÁULICO, CAPACIDADE MÁXIMA DE CARGA 3300 KG, MOMENTO MÁXIMO DE CARGA 5,8 TM, ALCANCE MÁXIMO HORIZONTAL 7,60 M, INCLUSIVE CAMINHÃO TOCO PBT 16.000 KG, POTÊNCIA DE 189 CV - MANUTENÇÃO. AF_03/2016","H",43.16]
["Depreciação, Juros, Impostos e Seguros, Manutenção e Materiais na Operação dos Equipamentos",93401,"GUINDAUTO HIDRÁULICO, CAPACIDADE MÁXIMA DE CARGA 3300 KG, MOMENTO MÁXIMO DE CARGA 5,8 TM, ALCANCE MÁXIMO HORIZONTAL 7,60 M, INCLUSIVE CAMINHÃO TOCO PBT 16.000 KG, POTÊNCIA DE 189 CV - MATERIAIS NA OPERAÇÃO. AF_03/2016","H",156.19999999999999]
["Depreciação, Juros, Impostos e Seguros, Manutenção e Materiais na Operação dos Equipamentos",89259,"GUINDAUTO HIDRÁULICO, CAPACIDADE MÁXIMA DE CARGA 6200 KG, MOMENTO MÁXIMO DE CARGA 11,7 TM, ALCANCE MÁXIMO HORIZONTAL 9,70 M, INCLUSIVE CAMINHÃO TOCO PBT 16.000 KG, POTÊNCIA DE 189 CV - DEPRECIAÇÃO. AF_06/2014","H",27.19]
["Depreciação, Juros, Impostos e Seguros, Manutenção e Materiais na Operação dos Equipamentos",91466,"GUINDAUTO HIDRÁULICO, CAPACIDADE MÁXIMA DE CARGA 6200 KG, MOMENTO MÁXIMO DE CARGA 11,7 TM, ALCANCE MÁXIMO HORIZONTAL 9,70 M, INCLUSIVE CAMINHÃO TOCO PBT 16.000 KG, POTÊNCIA DE 189 CV - IMPOSTOS E SEGUROS. AF_08/2015","H",4.03]
["Depreciação, Juros, Impostos e Seguros, Manutenção e Materiais na Operação dos Equipamentos",89260,"GUINDAUTO HIDRÁULICO, CAPACIDADE MÁXIMA DE CARGA 6200 KG, MOMENTO MÁXIMO DE CARGA 11,7 TM, ALCANCE MÁXIMO HORIZONTAL 9,70 M, INCLUSIVE CAMINHÃO TOCO PBT 16.000 KG, POTÊNCIA DE 189 CV - JUROS. AF_06/2014","H",9.99]
["Depreciação, Juros, Impostos e Seguros, Manutenção e Materiais na Operação dos Equipamentos",89262,"GUINDAUTO HIDRÁULICO, CAPACIDADE MÁXIMA DE CARGA 6200 KG, MOMENTO MÁXIMO DE CARGA 11,7 TM, ALCANCE MÁXIMO HORIZONTAL 9,70 M, INCLUSIVE CAMINHÃO TOCO PBT 16.000 KG, POTÊNCIA DE 189 CV - MANUTENÇÃO. AF_06/2014","H",46.02]
["Depreciação, Juros, Impostos e Seguros, Manutenção e Materiais na Operação dos Equipamentos",91467,"GUINDAUTO HIDRÁULICO, CAPACIDADE MÁXIMA DE CARGA 6200 KG, MOMENTO MÁXIMO DE CARGA 11,7 TM, ALCANCE MÁXIMO HORIZONTAL 9,70 M, INCLUSIVE CAMINHÃO TOCO PBT 16.000 KG, POTÊNCIA DE 189 CV - MATERIAIS NA OPERAÇÃO. AF_08/2015","H",156.19999999999999]
["Depreciação, Juros, Impostos e Seguros, Manutenção e Materiais na Operação dos Equipamentos",105839,"GUINDAUTO HIDRÁULICO, CAPACIDADE MÁXIMA DE CARGA 6200 KG, MOMENTO MÁXIMO DE CARGA 11,7 TM, ALCANCE MÁXIMO HORIZONTAL 9,70 M, INCLUSIVE CAMINHÃO TOCO PBT 16.000 KG, POTÊNCIA DE 189 CV E CESTA AÉREA COM ISOLAMENTO CLASSE C - DEPRECIAÇÃO. AF_01/2025","H",0]
["Depreciação, Juros, Impostos e Seguros, Manutenção e Materiais na Operação dos Equipamentos",105842,"GUINDAUTO HIDRÁULICO, CAPACIDADE MÁXIMA DE CARGA 6200 KG, MOMENTO MÁXIMO DE CARGA 11,7 TM, ALCANCE MÁXIMO HORIZONTAL 9,70 M, INCLUSIVE CAMINHÃO TOCO PBT 16.000 KG, POTÊNCIA DE 189 CV E CESTA AÉREA COM ISOLAMENTO CLASSE C - IMPOSTOS E SEGUROS. AF_01/2025","H",0]
["Depreciação, Juros, Impostos e Seguros, Manutenção e Materiais na Operação dos Equipamentos",105840,"GUINDAUTO HIDRÁULICO, CAPACIDADE MÁXIMA DE CARGA 6200 KG, MOMENTO MÁXIMO DE CARGA 11,7 TM, ALCANCE MÁXIMO HORIZONTAL 9,70 M, INCLUSIVE CAMINHÃO TOCO PBT 16.000 KG, POTÊNCIA DE 189 CV E CESTA AÉREA COM ISOLAMENTO CLASSE C - JUROS. AF_01/2025","H",0]
["Depreciação, Juros, Impostos e Seguros, Manutenção e Materiais na Operação dos Equipamentos",105841,"GUINDAUTO HIDRÁULICO, CAPACIDADE MÁXIMA DE CARGA 6200 KG, MOMENTO MÁXIMO DE CARGA 11,7 TM, ALCANCE MÁXIMO HORIZONTAL 9,70 M, INCLUSIVE CAMINHÃO TOCO PBT 16.000 KG, POTÊNCIA DE 189 CV E CESTA AÉREA COM ISOLAMENTO CLASSE C - MANUTENÇÃO. AF_01/2025","H",0]
["Depreciação, Juros, Impostos e Seguros, Manutenção e Materiais na Operação dos Equipamentos",105843,"GUINDAUTO HIDRÁULICO, CAPACIDADE MÁXIMA DE CARGA 6200 KG, MOMENTO MÁXIMO DE CARGA 11,7 TM, ALCANCE MÁXIMO HORIZONTAL 9,70 M, INCLUSIVE CAMINHÃO TOCO PBT 16.000 KG, POTÊNCIA DE 189 CV E CESTA AÉREA COM ISOLAMENTO CLASSE C - MATERIAIS NA OPERAÇÃO. AF_01/2025","H",82.2]
["Depreciação, Juros, Impostos e Seguros, Manutenção e Materiais na Operação dos Equipamentos",91629,"GUINDAUTO HIDRÁULICO, CAPACIDADE MÁXIMA DE CARGA 6500 KG, MOMENTO MÁXIMO DE CARGA 5,8 TM, ALCANCE MÁXIMO HORIZONTAL 7,60 M, INCLUSIVE CAMINHÃO TOCO PBT 9.700 KG, POTÊNCIA DE 160 CV - DEPRECIAÇÃO. AF_08/2015","H",21.53]
["Depreciação, Juros, Impostos e Seguros, Manutenção e Materiais na Operação dos Equipamentos",91631,"GUINDAUTO HIDRÁULICO, CAPACIDADE MÁXIMA DE CARGA 6500 KG, MOMENTO MÁXIMO DE CARGA 5,8 TM, ALCANCE MÁXIMO HORIZONTAL 7,60 M, INCLUSIVE CAMINHÃO TOCO PBT 9.700 KG, POTÊNCIA DE 160 CV - IMPOSTOS E SEGUROS. AF_08/2015","H",3.23]
["Depreciação, Juros, Impostos e Seguros, Manutenção e Materiais na Operação dos Equipamentos",91630,"GUINDAUTO HIDRÁULICO, CAPACIDADE MÁXIMA DE CARGA 6500 KG, MOMENTO MÁXIMO DE CARGA 5,8 TM, ALCANCE MÁXIMO HORIZONTAL 7,60 M, INCLUSIVE CAMINHÃO TOCO PBT 9.700 KG, POTÊNCIA DE 160 CV - JUROS. AF_08/2015","H",8]
["Depreciação, Juros, Impostos e Seguros, Manutenção e Materiais na Operação dos Equipamentos",91632,"GUINDAUTO HIDRÁULICO, CAPACIDADE MÁXIMA DE CARGA 6500 KG, MOMENTO MÁXIMO DE CARGA 5,8 TM, ALCANCE MÁXIMO HORIZONTAL 7,60 M, INCLUSIVE CAMINHÃO TOCO PBT 9.700 KG, POTÊNCIA DE 160 CV - MANUTENÇÃO. AF_08/2015","H",36.86]
["Depreciação, Juros, Impostos e Seguros, Manutenção e Materiais na Operação dos Equipamentos",91633,"GUINDAUTO HIDRÁULICO, CAPACIDADE MÁXIMA DE CARGA 6500 KG, MOMENTO MÁXIMO DE CARGA 5,8 TM, ALCANCE MÁXIMO HORIZONTAL 7,60 M, INCLUSIVE CAMINHÃO TOCO PBT 9.700 KG, POTÊNCIA DE 160 CV - MATERIAIS NA OPERAÇÃO. AF_08/2015","H",132.19999999999999]
["Depreciação, Juros, Impostos e Seguros, Manutenção e Materiais na Operação dos Equipamentos",105979,"GUINDAUTO HIDRÁULICO, CAPACIDADE MÁXIMA DE CARGA 8500 KG, MOMENTO MÁXIMO DE CARGA 30,4 TM, ALCANCE MÁXIMO HORIZONTAL 14,30 M, INCLUSIVE CAMINHÃO TRUCADO PBT 23.000 KG, POTÊNCIA DE 256 CV E CARROCERIA FIXA ABERTA DE MADEIRA - DEPRECIAÇÃO. AF_05/2025","H",43.02]
["Depreciação, Juros, Impostos e Seguros, Manutenção e Materiais na Operação dos Equipamentos",105982,"GUINDAUTO HIDRÁULICO, CAPACIDADE MÁXIMA DE CARGA 8500 KG, MOMENTO MÁXIMO DE CARGA 30,4 TM, ALCANCE MÁXIMO HORIZONTAL 14,30 M, INCLUSIVE CAMINHÃO TRUCADO PBT 23.000 KG, POTÊNCIA DE 256 CV E CARROCERIA FIXA ABERTA DE MADEIRA - IMPOSTOS E SEGUROS. AF_05/2025","H",5.95]
["Depreciação, Juros, Impostos e Seguros, Manutenção e Materiais na Operação dos Equipamentos",105980,"GUINDAUTO HIDRÁULICO, CAPACIDADE MÁXIMA DE CARGA 8500 KG, MOMENTO MÁXIMO DE CARGA 30,4 TM, ALCANCE MÁXIMO HORIZONTAL 14,30 M, INCLUSIVE CAMINHÃO TRUCADO PBT 23.000 KG, POTÊNCIA DE 256 CV E CARROCERIA FIXA ABERTA DE MADEIRA - JUROS. AF_05/2025","H",14.71]
["Depreciação, Juros, Impostos e Seguros, Manutenção e Materiais na Operação dos Equipamentos",105981,"GUINDAUTO HIDRÁULICO, CAPACIDADE MÁXIMA DE CARGA 8500 KG, MOMENTO MÁXIMO DE CARGA 30,4 TM, ALCANCE MÁXIMO HORIZONTAL 14,30 M, INCLUSIVE CAMINHÃO TRUCADO PBT 23.000 KG, POTÊNCIA DE 256 CV E CARROCERIA FIXA ABERTA DE MADEIRA - MANUTENÇÃO. AF_05/2025","H",68.17]
["Depreciação, Juros, Impostos e Seguros, Manutenção e Materiais na Operação dos Equipamentos",105983,"GUINDAUTO HIDRÁULICO, CAPACIDADE MÁXIMA DE CARGA 8500 KG, MOMENTO MÁXIMO DE CARGA 30,4 TM, ALCANCE MÁXIMO HORIZONTAL 14,30 M, INCLUSIVE CAMINHÃO TRUCADO PBT 23.000 KG, POTÊNCIA DE 256 CV E CARROCERIA FIXA ABERTA DE MADEIRA - MATERIAIS NA OPERAÇÃO. AF_05/2025","H",155.9]
["Depreciação, Juros, Impostos e Seguros, Manutenção e Materiais na Operação dos Equipamentos",98760,"INVERSOR DE SOLDA MONOFÁSICO DE 160 A, POTÊNCIA DE 5400 W, TENSÃO DE 220 V, PARA SOLDA COM ELETRODOS DE 2,0 A 4,0 MM E PROCESSO TIG - DEPRECIAÇÃO. AF_06/2018","H",0.08]
["Depreciação, Juros, Impostos e Seguros, Manutenção e Materiais na Operação dos Equipamentos",98761,"INVERSOR DE SOLDA MONOFÁSICO DE 160 A, POTÊNCIA DE 5400 W, TENSÃO DE 220 V, PARA SOLDA COM ELETRODOS DE 2,0 A 4,0 MM E PROCESSO TIG - JUROS. AF_06/2018","H",0.02]
["Depreciação, Juros, Impostos e Seguros, Manutenção e Materiais na Operação dos Equipamentos",98762,"INVERSOR DE SOLDA MONOFÁSICO DE 160 A, POTÊNCIA DE 5400 W, TENSÃO DE 220 V, PARA SOLDA COM ELETRODOS DE 2,0 A 4,0 MM E PROCESSO TIG - MANUTENÇÃO. AF_06/2018","H",0.11]
["Depreciação, Juros, Impostos e Seguros, Manutenção e Materiais na Operação dos Equipamentos",98763,"INVERSOR DE SOLDA MONOFÁSICO DE 160 A, POTÊNCIA DE 5400 W, TENSÃO DE 220 V, PARA SOLDA COM ELETRODOS DE 2,0 A 4,0 MM E PROCESSO TIG - MATERIAIS NA OPERAÇÃO. AF_06/2018","H",5.09]
["Depreciação, Juros, Impostos e Seguros, Manutenção e Materiais na Operação dos Equipamentos",99829,"LAVADORA DE ALTA PRESSAO (LAVA-JATO) PARA AGUA FRIA, PRESSAO DE OPERACAO ENTRE 1400 E 1900 LIB/POL2, VAZAO MAXIMA ENTRE 400 E 700 L/H - DEPRECIAÇÃO. AF_05/2023","H",0.21]
["Depreciação, Juros, Impostos e Seguros, Manutenção e Materiais na Operação dos Equipamentos",99830,"LAVADORA DE ALTA PRESSAO (LAVA-JATO) PARA AGUA FRIA, PRESSAO DE OPERACAO ENTRE 1400 E 1900 LIB/POL2, VAZAO MAXIMA ENTRE 400 E 700 L/H - JUROS. AF_05/2023","H",0.04]
["Depreciação, Juros, Impostos e Seguros, Manutenção e Materiais na Operação dos Equipamentos",99831,"LAVADORA DE ALTA PRESSAO (LAVA-JATO) PARA AGUA FRIA, PRESSAO DE OPERACAO ENTRE 1400 E 1900 LIB/POL2, VAZAO MAXIMA ENTRE 400 E 700 L/H - MANUTENÇÃO. AF_05/2023","H",0.14000000000000001]
["Depreciação, Juros, Impostos e Seguros, Manutenção e Materiais na Operação dos Equipamentos",99832,"LAVADORA DE ALTA PRESSAO (LAVA-JATO) PARA AGUA FRIA, PRESSAO DE OPERACAO ENTRE 1400 E 1900 LIB/POL2, VAZAO MAXIMA ENTRE 400 E 700 L/H - MATERIAIS NA OPERAÇÃO. AF_05/2023","H",4.9000000000000004]
["Depreciação, Juros, Impostos e Seguros, Manutenção e Materiais na Operação dos Equipamentos",104516,"LIXADEIRA DE PAREDE, COM LED, POTÊNCIA 750 W, FREQUÊNCIA 60 HZ, VELOCIDADE 1000 A 2100 RPM, DIÂMETRO DA LIXA 225 MM - DEPRECIAÇÃO. AF_12/2022","H",0]
["Depreciação, Juros, Impostos e Seguros, Manutenção e Materiais na Operação dos Equipamentos",104517,"LIXADEIRA DE PAREDE, COM LED, POTÊNCIA 750 W, FREQUÊNCIA 60 HZ, VELOCIDADE 1000 A 2100 RPM, DIÂMETRO DA LIXA 225 MM - JUROS. AF_12/2022","H",0]
["Depreciação, Juros, Impostos e Seguros, Manutenção e Materiais na Operação dos Equipamentos",104518,"LIXADEIRA DE PAREDE, COM LED, POTÊNCIA 750 W, FREQUÊNCIA 60 HZ, VELOCIDADE 1000 A 2100 RPM, DIÂMETRO DA LIXA 225 MM - MANUTENÇÃO. AF_12/2022","H",0]
["Depreciação, Juros, Impostos e Seguros, Manutenção e Materiais na Operação dos Equipamentos",104519,"LIXADEIRA DE PAREDE, COM LED, POTÊNCIA 750 W, FREQUÊNCIA 60 HZ, VELOCIDADE 1000 A 2100 RPM, DIÂMETRO DA LIXA 225 MM - MATERIAIS NA OPERAÇÃO. AF_12/2022","H",0.71]
["Depreciação, Juros, Impostos e Seguros, Manutenção e Materiais na Operação dos Equipamentos",90682,"MANIPULADOR TELESCÓPICO, POTÊNCIA DE 85 HP, CAPACIDADE DE CARGA DE 3.500 KG, ALTURA MÁXIMA DE ELEVAÇÃO DE 12,3 M - DEPRECIAÇÃO. AF_05/2023","H",48.48]
["Depreciação, Juros, Impostos e Seguros, Manutenção e Materiais na Operação dos Equipamentos",90683,"MANIPULADOR TELESCÓPICO, POTÊNCIA DE 85 HP, CAPACIDADE DE CARGA DE 3.500 KG, ALTURA MÁXIMA DE ELEVAÇÃO DE 12,3 M - JUROS. AF_05/2023","H",11.21]
["Depreciação, Juros, Impostos e Seguros, Manutenção e Materiais na Operação dos Equipamentos",90684,"MANIPULADOR TELESCÓPICO, POTÊNCIA DE 85 HP, CAPACIDADE DE CARGA DE 3.500 KG, ALTURA MÁXIMA DE ELEVAÇÃO DE 12,3 M - MANUTENÇÃO. AF_05/2023","H",53.02]
["Depreciação, Juros, Impostos e Seguros, Manutenção e Materiais na Operação dos Equipamentos",90685,"MANIPULADOR TELESCÓPICO, POTÊNCIA DE 85 HP, CAPACIDADE DE CARGA DE 3.500 KG, ALTURA MÁXIMA DE ELEVAÇÃO DE 12,3 M - MATERIAIS NA OPERAÇÃO. AF_05/2023","H",56.2]
["Depreciação, Juros, Impostos e Seguros, Manutenção e Materiais na Operação dos Equipamentos",95114,"MARTELETE OU ROMPEDOR PNEUMÁTICO MANUAL, 28 KG, COM SILENCIADOR - DEPRECIAÇÃO. AF_07/2016","H",1.58]
["Depreciação, Juros, Impostos e Seguros, Manutenção e Materiais na Operação dos Equipamentos",95115,"MARTELETE OU ROMPEDOR PNEUMÁTICO MANUAL, 28 KG, COM SILENCIADOR - JUROS. AF_07/2016","H",0.36]
["Depreciação, Juros, Impostos e Seguros, Manutenção e Materiais na Operação dos Equipamentos",53863,"MARTELETE OU ROMPEDOR PNEUMÁTICO MANUAL, 28 KG, COM SILENCIADOR - MANUTENÇÃO. AF_07/2016","H",1.97]
["Depreciação, Juros, Impostos e Seguros, Manutenção e Materiais na Operação dos Equipamentos",104652,"MARTELETE PERFURADOR/ ROMPEDOR ELÉTRICO, POTÊNCIA 800 W, 220 V - DEPRECIAÇÃO. AF_05/2023","H",0]
["Depreciação, Juros, Impostos e Seguros, Manutenção e Materiais na Operação dos Equipamentos",104653,"MARTELETE PERFURADOR/ ROMPEDOR ELÉTRICO, POTÊNCIA 800 W, 220 V - JUROS. AF_05/2023","H",0]
["Depreciação, Juros, Impostos e Seguros, Manutenção e Materiais na Operação dos Equipamentos",104654,"MARTELETE PERFURADOR/ ROMPEDOR ELÉTRICO, POTÊNCIA 800 W, 220 V - MANUTENÇÃO. AF_05/2023","H",0]
["Depreciação, Juros, Impostos e Seguros, Manutenção e Materiais na Operação dos Equipamentos",104655,"MARTELETE PERFURADOR/ ROMPEDOR ELÉTRICO, POTÊNCIA 800 W, 220 V - MATERIAIS NA OPERAÇÃO. AF_05/2023","H",0.75]
["Depreciação, Juros, Impostos e Seguros, Manutenção e Materiais na Operação dos Equipamentos",102270,"MARTELO DEMOLIDOR ELÉTRICO, COM POTÊNCIA DE 2.000 W, 1.000 IMPACTOS POR MINUTO, PESO DE 30 KG - DEPRECIAÇÃO. AF_01/2021","H",0.69]
["Depreciação, Juros, Impostos e Seguros, Manutenção e Materiais na Operação dos Equipamentos",102271,"MARTELO DEMOLIDOR ELÉTRICO, COM POTÊNCIA DE 2.000 W, 1.000 IMPACTOS POR MINUTO, PESO DE 30 KG - JUROS. AF_01/2021","H",0.16]
["Depreciação, Juros, Impostos e Seguros, Manutenção e Materiais na Operação dos Equipamentos",102272,"MARTELO DEMOLIDOR ELÉTRICO, COM POTÊNCIA DE 2.000 W, 1.000 IMPACTOS POR MINUTO, PESO DE 30 KG - MANUTENÇÃO. AF_01/2021","H",0.86]
["Depreciação, Juros, Impostos e Seguros, Manutenção e Materiais na Operação dos Equipamentos",102273,"MARTELO DEMOLIDOR ELÉTRICO, COM POTÊNCIA DE 2.000 W, 1.000 IMPACTOS POR MINUTO, PESO DE 30 KG - MATERIAIS NA OPERAÇÃO. AF_01/2021","H",1.88]
["Depreciação, Juros, Impostos e Seguros, Manutenção e Materiais na Operação dos Equipamentos",95255,"MARTELO DEMOLIDOR PNEUMÁTICO MANUAL, 32 KG - DEPRECIAÇÃO. AF_09/2016","H",1.4]
["Depreciação, Juros, Impostos e Seguros, Manutenção e Materiais na Operação dos Equipamentos",95256,"MARTELO DEMOLIDOR PNEUMÁTICO MANUAL, 32 KG - JUROS. AF_09/2016","H",0.32]
["Depreciação, Juros, Impostos e Seguros, Manutenção e Materiais na Operação dos Equipamentos",95257,"MARTELO DEMOLIDOR PNEUMÁTICO MANUAL, 32 KG - MANUTENÇÃO. AF_09/2016","H",1.75]
["Depreciação, Juros, Impostos e Seguros, Manutenção e Materiais na Operação dos Equipamentos",105913,"MARTELO PERFURADOR PNEUMÁTICO MANUAL, HASTE 19 X 108 MM, *11* KG - DEPRECIAÇÃO. AF_02/2025","H",0]
["Depreciação, Juros, Impostos e Seguros, Manutenção e Materiais na Operação dos Equipamentos",105914,"MARTELO PERFURADOR PNEUMÁTICO MANUAL, HASTE 19 X 108 MM, *11* KG - JUROS. AF_02/2025","H",0]
["Depreciação, Juros, Impostos e Seguros, Manutenção e Materiais na Operação dos Equipamentos",105915,"MARTELO PERFURADOR PNEUMÁTICO MANUAL, HASTE 19 X 108 MM, *11* KG - MANUTENÇÃO. AF_02/2025","H",0]
["Depreciação, Juros, Impostos e Seguros, Manutenção e Materiais na Operação dos Equipamentos",92963,"MARTELO PERFURADOR PNEUMÁTICO MANUAL, HASTE 25 X 75 MM, 21 KG - DEPRECIAÇÃO. AF_12/2015","H",1.62]
["Depreciação, Juros, Impostos e Seguros, Manutenção e Materiais na Operação dos Equipamentos",92964,"MARTELO PERFURADOR PNEUMÁTICO MANUAL, HASTE 25 X 75 MM, 21 KG - JUROS. AF_12/2015","H",0.37]
["Depreciação, Juros, Impostos e Seguros, Manutenção e Materiais na Operação dos Equipamentos",92965,"MARTELO PERFURADOR PNEUMÁTICO MANUAL, HASTE 25 X 75 MM, 21 KG - MANUTENÇÃO. AF_12/2015","H",2.0299999999999998]
["Depreciação, Juros, Impostos e Seguros, Manutenção e Materiais na Operação dos Equipamentos",103792,"MINI GUINDASTE ARANHA SOBRE ESTEIRAS E LANCA TELESCÓPICA, CAPACIDADE MÁXIMA DE CARGA 3,0 TON, RAIO MÁXIMO DE TRABALHO 8,25 M, ALTURA DE LANÇA DO SOLO 9,2 M, 55 M DE CABO DE AÇO 8 MM, MOTOR ELÉTRICO 220/380 VOLTS - MATERIAIS NA OPERAÇÃO. AF_03/2022","H",5.19]
["Depreciação, Juros, Impostos e Seguros, Manutenção e Materiais na Operação dos Equipamentos",103789,"MINI GUINDASTE ARANHA SOBRE ESTEIRAS E LANCA TELESCÓPICA, CAPACIDADE MÁXIMA DE CARGA 3,0 TON, RAIO MÁXIMO DE TRABALHO 8,25 M, ALTURA DE LANÇA DO SOLO 9,2 M, 55 M DE CABO DE AÇO 8 MM, MOTOR ELÉTRICO 220/380 VOLTS TRIFÁSICO - DEPRECIAÇÃO. AF_03/2022","H",0]
["Depreciação, Juros, Impostos e Seguros, Manutenção e Materiais na Operação dos Equipamentos",103790,"MINI GUINDASTE ARANHA SOBRE ESTEIRAS E LANCA TELESCÓPICA, CAPACIDADE MÁXIMA DE CARGA 3,0 TON, RAIO MÁXIMO DE TRABALHO 8,25 M, ALTURA DE LANÇA DO SOLO 9,2 M, 55 M DE CABO DE AÇO 8 MM, MOTOR ELÉTRICO 220/380 VOLTS TRIFÁSICO - JUROS. AF_03/2022","H",0]
["Depreciação, Juros, Impostos e Seguros, Manutenção e Materiais na Operação dos Equipamentos",103791,"MINI GUINDASTE ARANHA SOBRE ESTEIRAS E LANCA TELESCÓPICA, CAPACIDADE MÁXIMA DE CARGA 3,0 TON, RAIO MÁXIMO DE TRABALHO 8,25 M, ALTURA DE LANÇA DO SOLO 9,2 M, 55 M DE CABO DE AÇO 8 MM, MOTOR ELÉTRICO 220/380 VOLTS TRIFÁSICO - MANUTENÇÃO. AF_03/2022","H",0]
["Depreciação, Juros, Impostos e Seguros, Manutenção e Materiais na Operação dos Equipamentos",96054,"MINICARREGADEIRA SOBRE RODAS POTENCIA 47HP CAPACIDADE OPERACAO 646 KG, COM VASSOURA MECÂNICA ACOPLADA - DEPRECIAÇÃO. AF_03/2017","H",29.99]
["Depreciação, Juros, Impostos e Seguros, Manutenção e Materiais na Operação dos Equipamentos",96060,"MINICARREGADEIRA SOBRE RODAS POTENCIA 47HP CAPACIDADE OPERACAO 646 KG, COM VASSOURA MECÂNICA ACOPLADA - JUROS. AF_03/2017","H",6.15]
["Depreciação, Juros, Impostos e Seguros, Manutenção e Materiais na Operação dos Equipamentos",96061,"MINICARREGADEIRA SOBRE RODAS POTENCIA 47HP CAPACIDADE OPERACAO 646 KG, COM VASSOURA MECÂNICA ACOPLADA - MANUTENÇÃO. AF_03/2017","H",37.49]
["Depreciação, Juros, Impostos e Seguros, Manutenção e Materiais na Operação dos Equipamentos",96062,"MINICARREGADEIRA SOBRE RODAS POTENCIA 47HP CAPACIDADE OPERACAO 646 KG, COM VASSOURA MECÂNICA ACOPLADA - MATERIAIS NA OPERAÇÃO. AF_03/2017","H",39.36]
["Depreciação, Juros, Impostos e Seguros, Manutenção e Materiais na Operação dos Equipamentos",90688,"MINICARREGADEIRA SOBRE RODAS, POTÊNCIA LÍQUIDA DE 47 HP, CAPACIDADE NOMINAL DE OPERAÇÃO DE 646 KG - DEPRECIAÇÃO. AF_06/2015","H",26.4]
["Depreciação, Juros, Impostos e Seguros, Manutenção e Materiais na Operação dos Equipamentos",90689,"MINICARREGADEIRA SOBRE RODAS, POTÊNCIA LÍQUIDA DE 47 HP, CAPACIDADE NOMINAL DE OPERAÇÃO DE 646 KG - JUROS. AF_06/2015","H",5.21]
["Depreciação, Juros, Impostos e Seguros, Manutenção e Materiais na Operação dos Equipamentos",90690,"MINICARREGADEIRA SOBRE RODAS, POTÊNCIA LÍQUIDA DE 47 HP, CAPACIDADE NOMINAL DE OPERAÇÃO DE 646 KG - MANUTENÇÃO. AF_06/2015","H",33]
["Depreciação, Juros, Impostos e Seguros, Manutenção e Materiais na Operação dos Equipamentos",90691,"MINICARREGADEIRA SOBRE RODAS, POTÊNCIA LÍQUIDA DE 47 HP, CAPACIDADE NOMINAL DE OPERAÇÃO DE 646 KG - MATERIAIS NA OPERAÇÃO. AF_06/2015","H",39.36]
["Depreciação, Juros, Impostos e Seguros, Manutenção e Materiais na Operação dos Equipamentos",96241,"MINIESCAVADEIRA SOBRE ESTEIRAS, POTÊNCIA LÍQUIDA DE *30* HP, PESO OPERACIONAL DE *3.500* KG - DEPRECIAÇÃO. AF_04/2017","H",28.05]
["Depreciação, Juros, Impostos e Seguros, Manutenção e Materiais na Operação dos Equipamentos",96242,"MINIESCAVADEIRA SOBRE ESTEIRAS, POTÊNCIA LÍQUIDA DE *30* HP, PESO OPERACIONAL DE *3.500* KG - JUROS. AF_04/2017","H",7.41]
["Depreciação, Juros, Impostos e Seguros, Manutenção e Materiais na Operação dos Equipamentos",96243,"MINIESCAVADEIRA SOBRE ESTEIRAS, POTÊNCIA LÍQUIDA DE *30* HP, PESO OPERACIONAL DE *3.500* KG - MANUTENÇÃO. AF_04/2017","H",35.06]
["Depreciação, Juros, Impostos e Seguros, Manutenção e Materiais na Operação dos Equipamentos",96244,"MINIESCAVADEIRA SOBRE ESTEIRAS, POTÊNCIA LÍQUIDA DE *30* HP, PESO OPERACIONAL DE *3.500* KG - MATERIAIS NA OPERAÇÃO. AF_04/2017","H",17.190000000000001]
["Depreciação, Juros, Impostos e Seguros, Manutenção e Materiais na Operação dos Equipamentos",88400,"MISTURADOR DE ARGAMASSA, EIXO HORIZONTAL, CAPACIDADE DE MISTURA 160 KG, MOTOR ELÉTRICO POTÊNCIA 3 CV - DEPRECIAÇÃO. AF_05/2023","H",0.9]
["Depreciação, Juros, Impostos e Seguros, Manutenção e Materiais na Operação dos Equipamentos",88401,"MISTURADOR DE ARGAMASSA, EIXO HORIZONTAL, CAPACIDADE DE MISTURA 160 KG, MOTOR ELÉTRICO POTÊNCIA 3 CV - JUROS. AF_05/2023","H",0.2]
["Depreciação, Juros, Impostos e Seguros, Manutenção e Materiais na Operação dos Equipamentos",88402,"MISTURADOR DE ARGAMASSA, EIXO HORIZONTAL, CAPACIDADE DE MISTURA 160 KG, MOTOR ELÉTRICO POTÊNCIA 3 CV - MANUTENÇÃO. AF_05/2023","H",0.98]
["Depreciação, Juros, Impostos e Seguros, Manutenção e Materiais na Operação dos Equipamentos",88403,"MISTURADOR DE ARGAMASSA, EIXO HORIZONTAL, CAPACIDADE DE MISTURA 160 KG, MOTOR ELÉTRICO POTÊNCIA 3 CV - MATERIAIS NA OPERAÇÃO. AF_05/2023","H",2.08]
["Depreciação, Juros, Impostos e Seguros, Manutenção e Materiais na Operação dos Equipamentos",88387,"MISTURADOR DE ARGAMASSA, EIXO HORIZONTAL, CAPACIDADE DE MISTURA 300 KG, MOTOR ELÉTRICO POTÊNCIA 5 CV - DEPRECIAÇÃO. AF_05/2023","H",0.95]
["Depreciação, Juros, Impostos e Seguros, Manutenção e Materiais na Operação dos Equipamentos",88389,"MISTURADOR DE ARGAMASSA, EIXO HORIZONTAL, CAPACIDADE DE MISTURA 300 KG, MOTOR ELÉTRICO POTÊNCIA 5 CV - JUROS. AF_05/2023","H",0.22]
["Depreciação, Juros, Impostos e Seguros, Manutenção e Materiais na Operação dos Equipamentos",88390,"MISTURADOR DE ARGAMASSA, EIXO HORIZONTAL, CAPACIDADE DE MISTURA 300 KG, MOTOR ELÉTRICO POTÊNCIA 5 CV - MANUTENÇÃO. AF_05/2023","H",1.04]
["Depreciação, Juros, Impostos e Seguros, Manutenção e Materiais na Operação dos Equipamentos",88391,"MISTURADOR DE ARGAMASSA, EIXO HORIZONTAL, CAPACIDADE DE MISTURA 300 KG, MOTOR ELÉTRICO POTÊNCIA 5 CV - MATERIAIS NA OPERAÇÃO. AF_05/2023","H",3.47]
["Depreciação, Juros, Impostos e Seguros, Manutenção e Materiais na Operação dos Equipamentos",88394,"MISTURADOR DE ARGAMASSA, EIXO HORIZONTAL, CAPACIDADE DE MISTURA 600 KG, MOTOR ELÉTRICO POTÊNCIA 7,5 CV - DEPRECIAÇÃO. AF_05/2023","H",1.1299999999999999]
["Depreciação, Juros, Impostos e Seguros, Manutenção e Materiais na Operação dos Equipamentos",88395,"MISTURADOR DE ARGAMASSA, EIXO HORIZONTAL, CAPACIDADE DE MISTURA 600 KG, MOTOR ELÉTRICO POTÊNCIA 7,5 CV - JUROS. AF_05/2023","H",0.26]
["Depreciação, Juros, Impostos e Seguros, Manutenção e Materiais na Operação dos Equipamentos",88396,"MISTURADOR DE ARGAMASSA, EIXO HORIZONTAL, CAPACIDADE DE MISTURA 600 KG, MOTOR ELÉTRICO POTÊNCIA 7,5 CV - MANUTENÇÃO. AF_05/2023","H",1.23]
["Depreciação, Juros, Impostos e Seguros, Manutenção e Materiais na Operação dos Equipamentos",88397,"MISTURADOR DE ARGAMASSA, EIXO HORIZONTAL, CAPACIDADE DE MISTURA 600 KG, MOTOR ELÉTRICO POTÊNCIA 7,5 CV - MATERIAIS NA OPERAÇÃO. AF_05/2023","H",5.2]
["Depreciação, Juros, Impostos e Seguros, Manutenção e Materiais na Operação dos Equipamentos",90633,"MISTURADOR DUPLO HORIZONTAL DE ALTA TURBULÊNCIA, CAPACIDADE / VOLUME 2 X 500 LITROS, MOTORES ELÉTRICOS MÍNIMO 5 CV CADA, PARA NATA CIMENTO, ARGAMASSA E OUTROS - DEPRECIAÇÃO. AF_06/2015","H",4.5]
["Depreciação, Juros, Impostos e Seguros, Manutenção e Materiais na Operação dos Equipamentos",90634,"MISTURADOR DUPLO HORIZONTAL DE ALTA TURBULÊNCIA, CAPACIDADE / VOLUME 2 X 500 LITROS, MOTORES ELÉTRICOS MÍNIMO 5 CV CADA, PARA NATA CIMENTO, ARGAMASSA E OUTROS - JUROS. AF_06/2015","H",1.04]
["Depreciação, Juros, Impostos e Seguros, Manutenção e Materiais na Operação dos Equipamentos",90635,"MISTURADOR DUPLO HORIZONTAL DE ALTA TURBULÊNCIA, CAPACIDADE / VOLUME 2 X 500 LITROS, MOTORES ELÉTRICOS MÍNIMO 5 CV CADA, PARA NATA CIMENTO, ARGAMASSA E OUTROS - MANUTENÇÃO. AF_06/2015","H",4.93]
["Depreciação, Juros, Impostos e Seguros, Manutenção e Materiais na Operação dos Equipamentos",90636,"MISTURADOR DUPLO HORIZONTAL DE ALTA TURBULÊNCIA, CAPACIDADE / VOLUME 2 X 500 LITROS, MOTORES ELÉTRICOS MÍNIMO 5 CV CADA, PARA NATA CIMENTO, ARGAMASSA E OUTROS - MATERIAIS NA OPERAÇÃO. AF_06/2015","H",6.94]
["Depreciação, Juros, Impostos e Seguros, Manutenção e Materiais na Operação dos Equipamentos",103238,"MISTURADOR PARA PREPARO DE LAMA ESTABILIZANTE COM CAPACIDADE DE *4000* L, COM BOMBA CENTRÍFUGA 5,5 HP A 23,07 HP, PARA SISTEMA DE FURO DIRECIONAL - DEPRECIAÇÃO. AF_05/2023","H",0]
["Depreciação, Juros, Impostos e Seguros, Manutenção e Materiais na Operação dos Equipamentos",103239,"MISTURADOR PARA PREPARO DE LAMA ESTABILIZANTE COM CAPACIDADE DE *4000* L, COM BOMBA CENTRÍFUGA 5,5 HP A 23,07 HP, PARA SISTEMA DE FURO DIRECIONAL - JUROS. AF_05/2023","H",0]
["Depreciação, Juros, Impostos e Seguros, Manutenção e Materiais na Operação dos Equipamentos",103240,"MISTURADOR PARA PREPARO DE LAMA ESTABILIZANTE COM CAPACIDADE DE *4000* L, COM BOMBA CENTRÍFUGA 5,5 HP A 23,07 HP, PARA SISTEMA DE FURO DIRECIONAL - MANUTENÇÃO. AF_05/2023","H",0]
["Depreciação, Juros, Impostos e Seguros, Manutenção e Materiais na Operação dos Equipamentos",103241,"MISTURADOR PARA PREPARO DE LAMA ESTABILIZANTE COM CAPACIDADE DE *4000* L, COM BOMBA CENTRÍFUGA 5,5 HP A 23,07 HP, PARA SISTEMA DE FURO DIRECIONAL - MATERIAIS NA OPERAÇÃO. AF_05/2023","H",13.02]
["Depreciação, Juros, Impostos e Seguros, Manutenção e Materiais na Operação dos Equipamentos",88853,"MOTOBOMBA CENTRÍFUGA, MOTOR A GASOLINA, POTÊNCIA 5,42 HP, BOCAIS 1 1/2\" X 1\", DIÂMETRO ROTOR 143 MM HM/Q = 6 MCA / 16,8 M3/H A 38 MCA / 6,6 M3/H - DEPRECIAÇÃO. AF_06/2014","H",0.19]
["Depreciação, Juros, Impostos e Seguros, Manutenção e Materiais na Operação dos Equipamentos",88854,"MOTOBOMBA CENTRÍFUGA, MOTOR A GASOLINA, POTÊNCIA 5,42 HP, BOCAIS 1 1/2\" X 1\", DIÂMETRO ROTOR 143 MM HM/Q = 6 MCA / 16,8 M3/H A 38 MCA / 6,6 M3/H - JUROS. AF_06/2014","H",0.04]
["Depreciação, Juros, Impostos e Seguros, Manutenção e Materiais na Operação dos Equipamentos",5692,"MOTOBOMBA CENTRÍFUGA, MOTOR A GASOLINA, POTÊNCIA 5,42 HP, BOCAIS 1 1/2\" X 1\", DIÂMETRO ROTOR 143 MM HM/Q = 6 MCA / 16,8 M3/H A 38 MCA / 6,6 M3/H - MANUTENÇÃO. AF_06/2014","H",0.2]
["Depreciação, Juros, Impostos e Seguros, Manutenção e Materiais na Operação dos Equipamentos",5693,"MOTOBOMBA CENTRÍFUGA, MOTOR A GASOLINA, POTÊNCIA 5,42 HP, BOCAIS 1 1/2\" X 1\", DIÂMETRO ROTOR 143 MM HM/Q = 6 MCA / 16,8 M3/H A 38 MCA / 6,6 M3/H - MATERIAIS NA OPERAÇÃO. AF_06/2014","H",21.19]
["Depreciação, Juros, Impostos e Seguros, Manutenção e Materiais na Operação dos Equipamentos",7044,"MOTOBOMBA TRASH (PARA ÁGUA SUJA) AUTO ESCORVANTE, MOTOR GASOLINA DE 6,41 HP, DIÂMETROS DE SUCÇÃO X RECALQUE: 3\" X 3\", HM/Q = 10 MCA / 60 M3/H A 23 MCA / 0 M3/H - DEPRECIAÇÃO. AF_10/2014","H",0.23]
["Depreciação, Juros, Impostos e Seguros, Manutenção e Materiais na Operação dos Equipamentos",7045,"MOTOBOMBA TRASH (PARA ÁGUA SUJA) AUTO ESCORVANTE, MOTOR GASOLINA DE 6,41 HP, DIÂMETROS DE SUCÇÃO X RECALQUE: 3\" X 3\", HM/Q = 10 MCA / 60 M3/H A 23 MCA / 0 M3/H - JUROS. AF_10/2014","H",0.05]
["Depreciação, Juros, Impostos e Seguros, Manutenção e Materiais na Operação dos Equipamentos",7046,"MOTOBOMBA TRASH (PARA ÁGUA SUJA) AUTO ESCORVANTE, MOTOR GASOLINA DE 6,41 HP, DIÂMETROS DE SUCÇÃO X RECALQUE: 3\" X 3\", HM/Q = 10 MCA / 60 M3/H A 23 MCA / 0 M3/H - MANUTENÇÃO. AF_10/2014","H",0.25]
["Depreciação, Juros, Impostos e Seguros, Manutenção e Materiais na Operação dos Equipamentos",7047,"MOTOBOMBA TRASH (PARA ÁGUA SUJA) AUTO ESCORVANTE, MOTOR GASOLINA DE 6,41 HP, DIÂMETROS DE SUCÇÃO X RECALQUE: 3\" X 3\", HM/Q = 10 MCA / 60 M3/H A 23 MCA / 0 M3/H - MATERIAIS NA OPERAÇÃO. AF_10/2014","H",25]
["Depreciação, Juros, Impostos e Seguros, Manutenção e Materiais na Operação dos Equipamentos",89228,"MOTONIVELADORA POTÊNCIA BÁSICA LÍQUIDA (PRIMEIRA MARCHA) 125 HP, PESO BRUTO 13032 KG, LARGURA DA LÂMINA DE 3,7 M - DEPRECIAÇÃO. AF_06/2014","H",46]
["Depreciação, Juros, Impostos e Seguros, Manutenção e Materiais na Operação dos Equipamentos",89229,"MOTONIVELADORA POTÊNCIA BÁSICA LÍQUIDA (PRIMEIRA MARCHA) 125 HP, PESO BRUTO 13032 KG, LARGURA DA LÂMINA DE 3,7 M - JUROS. AF_06/2014","H",16.21]
["Depreciação, Juros, Impostos e Seguros, Manutenção e Materiais na Operação dos Equipamentos",5779,"MOTONIVELADORA POTÊNCIA BÁSICA LÍQUIDA (PRIMEIRA MARCHA) 125 HP, PESO BRUTO 13032 KG, LARGURA DA LÂMINA DE 3,7 M - MANUTENÇÃO. AF_06/2014","H",73.94]
["Depreciação, Juros, Impostos e Seguros, Manutenção e Materiais na Operação dos Equipamentos",53849,"MOTONIVELADORA POTÊNCIA BÁSICA LÍQUIDA (PRIMEIRA MARCHA) 125 HP, PESO BRUTO 13032 KG, LARGURA DA LÂMINA DE 3,7 M - MATERIAIS NA OPERAÇÃO. AF_06/2014","H",82.68]
["Depreciação, Juros, Impostos e Seguros, Manutenção e Materiais na Operação dos Equipamentos",95129,"MÁQUINA DEMARCADORA DE FAIXA DE TRÁFEGO À FRIO, AUTOPROPELIDA, POTÊNCIA 38 HP - DEPRECIAÇÃO. AF_07/2016","H",57.97]
["Depreciação, Juros, Impostos e Seguros, Manutenção e Materiais na Operação dos Equipamentos",95130,"MÁQUINA DEMARCADORA DE FAIXA DE TRÁFEGO À FRIO, AUTOPROPELIDA, POTÊNCIA 38 HP - JUROS. AF_07/2016","H",21.02]
["Depreciação, Juros, Impostos e Seguros, Manutenção e Materiais na Operação dos Equipamentos",95131,"MÁQUINA DEMARCADORA DE FAIXA DE TRÁFEGO À FRIO, AUTOPROPELIDA, POTÊNCIA 38 HP - MANUTENÇÃO. AF_07/2016","H",68.239999999999995]
["Depreciação, Juros, Impostos e Seguros, Manutenção e Materiais na Operação dos Equipamentos",95132,"MÁQUINA DEMARCADORA DE FAIXA DE TRÁFEGO À FRIO, AUTOPROPELIDA, POTÊNCIA 38 HP - MATERIAIS NA OPERAÇÃO. AF_07/2016","H",31.85]
["Depreciação, Juros, Impostos e Seguros, Manutenção e Materiais na Operação dos Equipamentos",102982,"MÁQUINA DEMARCADORA DE FAIXA DE TRÁFEGO À FRIO, TRAÇÃO MANUAL, 4 CV, PRESSÃO MAX 3300 PSI, TANQUE 20 L - DEPRECIAÇÃO. AF_06/2021","H",0]
["Depreciação, Juros, Impostos e Seguros, Manutenção e Materiais na Operação dos Equipamentos",102983,"MÁQUINA DEMARCADORA DE FAIXA DE TRÁFEGO À FRIO, TRAÇÃO MANUAL, 4 CV, PRESSÃO MAX 3300 PSI, TANQUE 20 L - JUROS. AF_06/2021","H",0]
["Depreciação, Juros, Impostos e Seguros, Manutenção e Materiais na Operação dos Equipamentos",102984,"MÁQUINA DEMARCADORA DE FAIXA DE TRÁFEGO À FRIO, TRAÇÃO MANUAL, 4 CV, PRESSÃO MAX 3300 PSI, TANQUE 20 L - MANUTENÇÃO. AF_06/2021","H",0]
["Depreciação, Juros, Impostos e Seguros, Manutenção e Materiais na Operação dos Equipamentos",102985,"MÁQUINA DEMARCADORA DE FAIXA DE TRÁFEGO À FRIO, TRAÇÃO MANUAL, 4 CV, PRESSÃO MAX 3300 PSI, TANQUE 20 L - MATERIAIS NA OPERAÇÃO. AF_06/2021","H",14.77]
["Depreciação, Juros, Impostos e Seguros, Manutenção e Materiais na Operação dos Equipamentos",92956,"MÁQUINA EXTRUSORA DE CONCRETO PARA GUIAS E SARJETAS, MOTOR A DIESEL, POTÊNCIA 14 CV - DEPRECIAÇÃO. AF_12/2015","H",4.37]
["Depreciação, Juros, Impostos e Seguros, Manutenção e Materiais na Operação dos Equipamentos",92957,"MÁQUINA EXTRUSORA DE CONCRETO PARA GUIAS E SARJETAS, MOTOR A DIESEL, POTÊNCIA 14 CV - JUROS. AF_12/2015","H",1.01]
["Depreciação, Juros, Impostos e Seguros, Manutenção e Materiais na Operação dos Equipamentos",92958,"MÁQUINA EXTRUSORA DE CONCRETO PARA GUIAS E SARJETAS, MOTOR A DIESEL, POTÊNCIA 14 CV - MANUTENÇÃO. AF_12/2015","H",4.79]
["Depreciação, Juros, Impostos e Seguros, Manutenção e Materiais na Operação dos Equipamentos",92959,"MÁQUINA EXTRUSORA DE CONCRETO PARA GUIAS E SARJETAS, MOTOR A DIESEL, POTÊNCIA 14 CV - MATERIAIS NA OPERAÇÃO. AF_12/2015","H",9.16]
["Depreciação, Juros, Impostos e Seguros, Manutenção e Materiais na Operação dos Equipamentos",102858,"MÁQUINA FORMER DOBRAS DIVERSAS: 220V/380V TRIFÁSICO OU MONOFÁSICO, CAPACIDADE 0,5-1,27MM, MOTOR 2CV - DEPRECIAÇÃO. AF_05/2023","H",0]
["Depreciação, Juros, Impostos e Seguros, Manutenção e Materiais na Operação dos Equipamentos",102859,"MÁQUINA FORMER DOBRAS DIVERSAS: 220V/380V TRIFÁSICO OU MONOFÁSICO, CAPACIDADE 0,5-1,27MM, MOTOR 2CV - JUROS. AF_05/2023","H",0]
["Depreciação, Juros, Impostos e Seguros, Manutenção e Materiais na Operação dos Equipamentos",102860,"MÁQUINA FORMER DOBRAS DIVERSAS: 220V/380V TRIFÁSICO OU MONOFÁSICO, CAPACIDADE 0,5-1,27MM, MOTOR 2CV - MANUTENÇÃO. AF_05/2023","H",0]
["Depreciação, Juros, Impostos e Seguros, Manutenção e Materiais na Operação dos Equipamentos",102861,"MÁQUINA FORMER DOBRAS DIVERSAS: 220V/380V TRIFÁSICO OU MONOFÁSICO, CAPACIDADE 0,5-1,27MM, MOTOR 2CV - MATERIAIS NA OPERAÇÃO. AF_05/2023","H",1.38]
["Depreciação, Juros, Impostos e Seguros, Manutenção e Materiais na Operação dos Equipamentos",93404,"MÁQUINA JATO DE PRESSAO PORTÁTIL, CAMARA DE 1 SAIDA, CAPACIDADE 280 L, DIAMETRO 670 MM, BICO DE JATO CURTO VENTURI DE 5/16\", MANGUEIRA DE 1\" COM COMPRESSOR DE AR REBOCÁVEL 189 PCM E MOTOR DIESEL 63 CV - DEPRECIAÇÃO. AF_05/2023","H",7.75]
["Depreciação, Juros, Impostos e Seguros, Manutenção e Materiais na Operação dos Equipamentos",93405,"MÁQUINA JATO DE PRESSAO PORTÁTIL, CAMARA DE 1 SAIDA, CAPACIDADE 280 L, DIAMETRO 670 MM, BICO DE JATO CURTO VENTURI DE 5/16\", MANGUEIRA DE 1\" COM COMPRESSOR DE AR REBOCÁVEL 189 PCM E MOTOR DIESEL 63 CV - JUROS. AF_05/2023","H",1.98]
["Depreciação, Juros, Impostos e Seguros, Manutenção e Materiais na Operação dos Equipamentos",93406,"MÁQUINA JATO DE PRESSAO PORTÁTIL, CAMARA DE 1 SAIDA, CAPACIDADE 280 L, DIAMETRO 670 MM, BICO DE JATO CURTO VENTURI DE 5/16\", MANGUEIRA DE 1\" COM COMPRESSOR DE AR REBOCÁVEL 189 PCM E MOTOR DIESEL 63 CV - MANUTENÇÃO. AF_05/2023","H",9.3000000000000007]
["Depreciação, Juros, Impostos e Seguros, Manutenção e Materiais na Operação dos Equipamentos",93407,"MÁQUINA JATO DE PRESSAO PORTÁTIL, CAMARA DE 1 SAIDA, CAPACIDADE 280 L, DIAMETRO 670 MM, BICO DE JATO CURTO VENTURI DE 5/16\", MANGUEIRA DE 1\" COM COMPRESSOR DE AR REBOCÁVEL 189 PCM E MOTOR DIESEL 63 CV - MATERIAIS NA OPERAÇÃO. AF_05/2023","H",46.57]
["Depreciação, Juros, Impostos e Seguros, Manutenção e Materiais na Operação dos Equipamentos",102936,"MÁQUINA METALEIRA UNIVERSAL MODELO IW 110/180 BTD - DEPRECIAÇÃO. AF_05/2023","H",0]
["Depreciação, Juros, Impostos e Seguros, Manutenção e Materiais na Operação dos Equipamentos",102937,"MÁQUINA METALEIRA UNIVERSAL MODELO IW 110/180 BTD - JUROS. AF_05/2023","H",0]
["Depreciação, Juros, Impostos e Seguros, Manutenção e Materiais na Operação dos Equipamentos",102938,"MÁQUINA METALEIRA UNIVERSAL MODELO IW 110/180 BTD - MANUTENÇÃO. AF_05/2023","H",0]
["Depreciação, Juros, Impostos e Seguros, Manutenção e Materiais na Operação dos Equipamentos",102939,"MÁQUINA METALEIRA UNIVERSAL MODELO IW 110/180 BTD - MATERIAIS NA OPERAÇÃO. AF_05/2023","H",10.37]
["Depreciação, Juros, Impostos e Seguros, Manutenção e Materiais na Operação dos Equipamentos",103159,"MÁQUINA PARA SOLDA POR ELETROFUSÃO PARA TUBOS DE POLIETILENO DE ALTA DENSIDADE (PEAD) COM DIÂMETRO EXTERNO DE 20 A 1600 MM, POTÊNCIA DE 3500 W - DEPRECIAÇÃO. AF_05/2023","H",0]
["Depreciação, Juros, Impostos e Seguros, Manutenção e Materiais na Operação dos Equipamentos",103160,"MÁQUINA PARA SOLDA POR ELETROFUSÃO PARA TUBOS DE POLIETILENO DE ALTA DENSIDADE (PEAD) COM DIÂMETRO EXTERNO DE 20 A 1600 MM, POTÊNCIA DE 3500 W - JUROS. AF_05/2023","H",0]
["Depreciação, Juros, Impostos e Seguros, Manutenção e Materiais na Operação dos Equipamentos",103161,"MÁQUINA PARA SOLDA POR ELETROFUSÃO PARA TUBOS DE POLIETILENO DE ALTA DENSIDADE (PEAD) COM DIÂMETRO EXTERNO DE 20 A 1600 MM, POTÊNCIA DE 3500 W - MANUTENÇÃO. AF_05/2023","H",0]
["Depreciação, Juros, Impostos e Seguros, Manutenção e Materiais na Operação dos Equipamentos",103162,"MÁQUINA PARA SOLDA POR ELETROFUSÃO PARA TUBOS DE POLIETILENO DE ALTA DENSIDADE (PEAD) COM DIÂMETRO EXTERNO DE 20 A 1600 MM, POTÊNCIA DE 3500 W - MATERIAIS NA OPERAÇÃO. AF_05/2023","H",0.74]
["Depreciação, Juros, Impostos e Seguros, Manutenção e Materiais na Operação dos Equipamentos",103153,"MÁQUINA PARA SOLDA POR ELETROFUSÃO PARA TUBOS DE POLIETILENO DE ALTA DENSIDADE (PEAD) COM DIÂMETRO EXTERNO DE 20 A 800 MM, POTÊNCIA ENTRE 2750 E 3000 W - DEPRECIAÇÃO. AF_05/2023","H",0]
["Depreciação, Juros, Impostos e Seguros, Manutenção e Materiais na Operação dos Equipamentos",103154,"MÁQUINA PARA SOLDA POR ELETROFUSÃO PARA TUBOS DE POLIETILENO DE ALTA DENSIDADE (PEAD) COM DIÂMETRO EXTERNO DE 20 A 800 MM, POTÊNCIA ENTRE 2750 E 3000 W - JUROS. AF_05/2023","H",0]
["Depreciação, Juros, Impostos e Seguros, Manutenção e Materiais na Operação dos Equipamentos",103155,"MÁQUINA PARA SOLDA POR ELETROFUSÃO PARA TUBOS DE POLIETILENO DE ALTA DENSIDADE (PEAD) COM DIÂMETRO EXTERNO DE 20 A 800 MM, POTÊNCIA ENTRE 2750 E 3000 W - MANUTENÇÃO. AF_05/2023","H",0]
["Depreciação, Juros, Impostos e Seguros, Manutenção e Materiais na Operação dos Equipamentos",103156,"MÁQUINA PARA SOLDA POR ELETROFUSÃO PARA TUBOS DE POLIETILENO DE ALTA DENSIDADE (PEAD) COM DIÂMETRO EXTERNO DE 20 A 800 MM, POTÊNCIA ENTRE 2750 E 3000 W - MATERIAIS NA OPERAÇÃO. AF_05/2023","H",2.64]
["Depreciação, Juros, Impostos e Seguros, Manutenção e Materiais na Operação dos Equipamentos",103171,"MÁQUINA PARA SOLDA POR TERMOFUSÃO PARA TUBOS DE POLIETILENO DE ALTA DENSIDADE (PEAD) COM DIÂMETRO EXTERNO DE 315 A 630 MM, POTÊNCIA ENTRE 8000 E 12350 W - DEPRECIAÇÃO. AF_05/2023","H",0]
["Depreciação, Juros, Impostos e Seguros, Manutenção e Materiais na Operação dos Equipamentos",103172,"MÁQUINA PARA SOLDA POR TERMOFUSÃO PARA TUBOS DE POLIETILENO DE ALTA DENSIDADE (PEAD) COM DIÂMETRO EXTERNO DE 315 A 630 MM, POTÊNCIA ENTRE 8000 E 12350 W - JUROS. AF_05/2023","H",0]
["Depreciação, Juros, Impostos e Seguros, Manutenção e Materiais na Operação dos Equipamentos",103173,"MÁQUINA PARA SOLDA POR TERMOFUSÃO PARA TUBOS DE POLIETILENO DE ALTA DENSIDADE (PEAD) COM DIÂMETRO EXTERNO DE 315 A 630 MM, POTÊNCIA ENTRE 8000 E 12350 W - MANUTENÇÃO. AF_05/2023","H",0]
["Depreciação, Juros, Impostos e Seguros, Manutenção e Materiais na Operação dos Equipamentos",103174,"MÁQUINA PARA SOLDA POR TERMOFUSÃO PARA TUBOS DE POLIETILENO DE ALTA DENSIDADE (PEAD) COM DIÂMETRO EXTERNO DE 315 A 630 MM, POTÊNCIA ENTRE 8000 E 12350 W - MATERIAIS NA OPERAÇÃO. AF_05/2023","H",2.1]
["Depreciação, Juros, Impostos e Seguros, Manutenção e Materiais na Operação dos Equipamentos",103177,"MÁQUINA PARA SOLDA POR TERMOFUSÃO PARA TUBOS DE POLIETILENO DE ALTA DENSIDADE (PEAD) COM DIÂMETRO EXTERNO DE 710 A 1200 MM, POTÊNCIA ENTRE 16000 E 29500 W - DEPRECIAÇÃO. AF_05/2023","H",0]
["Depreciação, Juros, Impostos e Seguros, Manutenção e Materiais na Operação dos Equipamentos",103178,"MÁQUINA PARA SOLDA POR TERMOFUSÃO PARA TUBOS DE POLIETILENO DE ALTA DENSIDADE (PEAD) COM DIÂMETRO EXTERNO DE 710 A 1200 MM, POTÊNCIA ENTRE 16000 E 29500 W - JUROS. AF_05/2023","H",0]
["Depreciação, Juros, Impostos e Seguros, Manutenção e Materiais na Operação dos Equipamentos",103179,"MÁQUINA PARA SOLDA POR TERMOFUSÃO PARA TUBOS DE POLIETILENO DE ALTA DENSIDADE (PEAD) COM DIÂMETRO EXTERNO DE 710 A 1200 MM, POTÊNCIA ENTRE 16000 E 29500 W - MANUTENÇÃO. AF_05/2023","H",0]
["Depreciação, Juros, Impostos e Seguros, Manutenção e Materiais na Operação dos Equipamentos",103180,"MÁQUINA PARA SOLDA POR TERMOFUSÃO PARA TUBOS DE POLIETILENO DE ALTA DENSIDADE (PEAD) COM DIÂMETRO EXTERNO DE 710 A 1200 MM, POTÊNCIA ENTRE 16000 E 29500 W - MATERIAIS NA OPERAÇÃO. AF_05/2023","H",4.8499999999999996]
["Depreciação, Juros, Impostos e Seguros, Manutenção e Materiais na Operação dos Equipamentos",103165,"MÁQUINA PARA SOLDA POR TERMOFUSÃO PARA TUBOS DE POLIETILENO DE ALTA DENSIDADE (PEAD) COM DIÂMETRO EXTERNO DE 90 A 315 MM, POTÊNCIA ENTRE 2500 E 5350 W - DEPRECIAÇÃO. AF_05/2023","H",0]
["Depreciação, Juros, Impostos e Seguros, Manutenção e Materiais na Operação dos Equipamentos",103166,"MÁQUINA PARA SOLDA POR TERMOFUSÃO PARA TUBOS DE POLIETILENO DE ALTA DENSIDADE (PEAD) COM DIÂMETRO EXTERNO DE 90 A 315 MM, POTÊNCIA ENTRE 2500 E 5350 W - JUROS. AF_05/2023","H",0]
["Depreciação, Juros, Impostos e Seguros, Manutenção e Materiais na Operação dos Equipamentos",103167,"MÁQUINA PARA SOLDA POR TERMOFUSÃO PARA TUBOS DE POLIETILENO DE ALTA DENSIDADE (PEAD) COM DIÂMETRO EXTERNO DE 90 A 315 MM, POTÊNCIA ENTRE 2500 E 5350 W - MANUTENÇÃO. AF_05/2023","H",0]
["Depreciação, Juros, Impostos e Seguros, Manutenção e Materiais na Operação dos Equipamentos",103168,"MÁQUINA PARA SOLDA POR TERMOFUSÃO PARA TUBOS DE POLIETILENO DE ALTA DENSIDADE (PEAD) COM DIÂMETRO EXTERNO DE 90 A 315 MM, POTÊNCIA ENTRE 2500 E 5350 W - MATERIAIS NA OPERAÇÃO. AF_05/2023","H",0.84]
["Depreciação, Juros, Impostos e Seguros, Manutenção e Materiais na Operação dos Equipamentos",102864,"MÁQUINA SOLDA ARCO COM PISTOLA DE SOLDAGEM PARA STUD BOLT DE 5 MM A 22 MM - DEPRECIAÇÃO. AF_05/2023","H",0]
["Depreciação, Juros, Impostos e Seguros, Manutenção e Materiais na Operação dos Equipamentos",102865,"MÁQUINA SOLDA ARCO COM PISTOLA DE SOLDAGEM PARA STUD BOLT DE 5 MM A 22 MM - JUROS. AF_05/2023","H",0]
["Depreciação, Juros, Impostos e Seguros, Manutenção e Materiais na Operação dos Equipamentos",102866,"MÁQUINA SOLDA ARCO COM PISTOLA DE SOLDAGEM PARA STUD BOLT DE 5 MM A 22 MM - MANUTENÇÃO. AF_05/2023","H",0]
["Depreciação, Juros, Impostos e Seguros, Manutenção e Materiais na Operação dos Equipamentos",102867,"MÁQUINA SOLDA ARCO COM PISTOLA DE SOLDAGEM PARA STUD BOLT DE 5 MM A 22 MM - MATERIAIS NA OPERAÇÃO. AF_05/2023","H",0.75]
["Depreciação, Juros, Impostos e Seguros, Manutenção e Materiais na Operação dos Equipamentos",92108,"PENEIRA ROTATIVA COM MOTOR ELÉTRICO TRIFÁSICO DE 2 CV, CILINDRO DE 1 M X 0,60 M, COM FUROS DE 3,17 MM - DEPRECIAÇÃO. AF_05/2023","H",1.05]
["Depreciação, Juros, Impostos e Seguros, Manutenção e Materiais na Operação dos Equipamentos",92109,"PENEIRA ROTATIVA COM MOTOR ELÉTRICO TRIFÁSICO DE 2 CV, CILINDRO DE 1 M X 0,60 M, COM FUROS DE 3,17 MM - JUROS. AF_05/2023","H",0.24]
["Depreciação, Juros, Impostos e Seguros, Manutenção e Materiais na Operação dos Equipamentos",92110,"PENEIRA ROTATIVA COM MOTOR ELÉTRICO TRIFÁSICO DE 2 CV, CILINDRO DE 1 M X 0,60 M, COM FUROS DE 3,17 MM - MANUTENÇÃO. AF_05/2023","H",1.31]
["Depreciação, Juros, Impostos e Seguros, Manutenção e Materiais na Operação dos Equipamentos",92111,"PENEIRA ROTATIVA COM MOTOR ELÉTRICO TRIFÁSICO DE 2 CV, CILINDRO DE 1 M X 0,60 M, COM FUROS DE 3,17 MM - MATERIAIS NA OPERAÇÃO. AF_05/2023","H",1.38]
["Depreciação, Juros, Impostos e Seguros, Manutenção e Materiais na Operação dos Equipamentos",90670,"PERFURATRIZ COM TORRE METÁLICA PARA EXECUÇÃO DE ESTACA HÉLICE CONTÍNUA, PROFUNDIDADE MÁXIMA DE 30 M, DIÂMETRO MÁXIMO DE 800 MM, POTÊNCIA INSTALADA DE 268 HP, MESA ROTATIVA COM TORQUE MÁXIMO DE 170 KNM - DEPRECIAÇÃO. AF_06/2015","H",240.57]
["Depreciação, Juros, Impostos e Seguros, Manutenção e Materiais na Operação dos Equipamentos",90671,"PERFURATRIZ COM TORRE METÁLICA PARA EXECUÇÃO DE ESTACA HÉLICE CONTÍNUA, PROFUNDIDADE MÁXIMA DE 30 M, DIÂMETRO MÁXIMO DE 800 MM, POTÊNCIA INSTALADA DE 268 HP, MESA ROTATIVA COM TORQUE MÁXIMO DE 170 KNM - JUROS. AF_06/2015","H",64.540000000000006]
["Depreciação, Juros, Impostos e Seguros, Manutenção e Materiais na Operação dos Equipamentos",90672,"PERFURATRIZ COM TORRE METÁLICA PARA EXECUÇÃO DE ESTACA HÉLICE CONTÍNUA, PROFUNDIDADE MÁXIMA DE 30 M, DIÂMETRO MÁXIMO DE 800 MM, POTÊNCIA INSTALADA DE 268 HP, MESA ROTATIVA COM TORQUE MÁXIMO DE 170 KNM - MANUTENÇÃO. AF_06/2015","H",301.05]
["Depreciação, Juros, Impostos e Seguros, Manutenção e Materiais na Operação dos Equipamentos",90673,"PERFURATRIZ COM TORRE METÁLICA PARA EXECUÇÃO DE ESTACA HÉLICE CONTÍNUA, PROFUNDIDADE MÁXIMA DE 30 M, DIÂMETRO MÁXIMO DE 800 MM, POTÊNCIA INSTALADA DE 268 HP, MESA ROTATIVA COM TORQUE MÁXIMO DE 170 KNM - MATERIAIS NA OPERAÇÃO. AF_06/2015","H",118.14]
["Depreciação, Juros, Impostos e Seguros, Manutenção e Materiais na Operação dos Equipamentos",93220,"PERFURATRIZ COM TORRE METÁLICA PARA EXECUÇÃO DE ESTACA HÉLICE CONTÍNUA, PROFUNDIDADE MÁXIMA DE 32 M, DIÂMETRO MÁXIMO DE 1000 MM, POTÊNCIA INSTALADA DE 350 HP, MESA ROTATIVA COM TORQUE MÁXIMO DE 263 KNM - DEPRECIAÇÃO. AF_01/2016","H",368.87]
["Depreciação, Juros, Impostos e Seguros, Manutenção e Materiais na Operação dos Equipamentos",93221,"PERFURATRIZ COM TORRE METÁLICA PARA EXECUÇÃO DE ESTACA HÉLICE CONTÍNUA, PROFUNDIDADE MÁXIMA DE 32 M, DIÂMETRO MÁXIMO DE 1000 MM, POTÊNCIA INSTALADA DE 350 HP, MESA ROTATIVA COM TORQUE MÁXIMO DE 263 KNM - JUROS. AF_01/2016","H",98.96]
["Depreciação, Juros, Impostos e Seguros, Manutenção e Materiais na Operação dos Equipamentos",93222,"PERFURATRIZ COM TORRE METÁLICA PARA EXECUÇÃO DE ESTACA HÉLICE CONTÍNUA, PROFUNDIDADE MÁXIMA DE 32 M, DIÂMETRO MÁXIMO DE 1000 MM, POTÊNCIA INSTALADA DE 350 HP, MESA ROTATIVA COM TORQUE MÁXIMO DE 263 KNM - MANUTENÇÃO. AF_01/2016","H",461.61]
["Depreciação, Juros, Impostos e Seguros, Manutenção e Materiais na Operação dos Equipamentos",93223,"PERFURATRIZ COM TORRE METÁLICA PARA EXECUÇÃO DE ESTACA HÉLICE CONTÍNUA, PROFUNDIDADE MÁXIMA DE 32 M, DIÂMETRO MÁXIMO DE 1000 MM, POTÊNCIA INSTALADA DE 350 HP, MESA ROTATIVA COM TORQUE MÁXIMO DE 263 KNM - MATERIAIS NA OPERAÇÃO. AF_01/2016","H",154.31]
["Depreciação, Juros, Impostos e Seguros, Manutenção e Materiais na Operação dos Equipamentos",104691,"PERFURATRIZ DE COROA DIAMANTADA PARA CONCRETO, DIÂMETRO ATÉ 250 MM, MOTOR ELÉTRICO 220 V, POTÊNCIA 2.500 W - DEPRECIAÇÃO. AF_05/2023","H",0.95]
["Depreciação, Juros, Impostos e Seguros, Manutenção e Materiais na Operação dos Equipamentos",104692,"PERFURATRIZ DE COROA DIAMANTADA PARA CONCRETO, DIÂMETRO ATÉ 250 MM, MOTOR ELÉTRICO 220 V, POTÊNCIA 2.500 W - JUROS. AF_05/2023","H",0.22]
["Depreciação, Juros, Impostos e Seguros, Manutenção e Materiais na Operação dos Equipamentos",104693,"PERFURATRIZ DE COROA DIAMANTADA PARA CONCRETO, DIÂMETRO ATÉ 250 MM, MOTOR ELÉTRICO 220 V, POTÊNCIA 2.500 W - MANUTENÇÃO. AF_05/2023","H",1.19]
["Depreciação, Juros, Impostos e Seguros, Manutenção e Materiais na Operação dos Equipamentos",104694,"PERFURATRIZ DE COROA DIAMANTADA PARA CONCRETO, DIÂMETRO ATÉ 250 MM, MOTOR ELÉTRICO 220 V, POTÊNCIA 2.500 W - MATERIAIS NA OPERAÇÃO. AF_05/2023","H",2.36]
["Depreciação, Juros, Impostos e Seguros, Manutenção e Materiais na Operação dos Equipamentos",90676,"PERFURATRIZ HIDRÁULICA SOBRE CAMINHÃO COM TRADO CURTO ACOPLADO, PROFUNDIDADE MÁXIMA DE 20 M, DIÂMETRO MÁXIMO DE 1500 MM, POTÊNCIA INSTALADA DE 137 HP, MESA ROTATIVA COM TORQUE MÁXIMO DE 30 KNM - DEPRECIAÇÃO. AF_06/2015","H",98.07]
["Depreciação, Juros, Impostos e Seguros, Manutenção e Materiais na Operação dos Equipamentos",91021,"PERFURATRIZ HIDRÁULICA SOBRE CAMINHÃO COM TRADO CURTO ACOPLADO, PROFUNDIDADE MÁXIMA DE 20 M, DIÂMETRO MÁXIMO DE 1500 MM, POTÊNCIA INSTALADA DE 137 HP, MESA ROTATIVA COM TORQUE MÁXIMO DE 30 KNM - IMPOSTOS E SEGUROS. AF_06/2015","H",11.99]
["Depreciação, Juros, Impostos e Seguros, Manutenção e Materiais na Operação dos Equipamentos",90677,"PERFURATRIZ HIDRÁULICA SOBRE CAMINHÃO COM TRADO CURTO ACOPLADO, PROFUNDIDADE MÁXIMA DE 20 M, DIÂMETRO MÁXIMO DE 1500 MM, POTÊNCIA INSTALADA DE 137 HP, MESA ROTATIVA COM TORQUE MÁXIMO DE 30 KNM - JUROS. AF_06/2015","H",29.61]
["Depreciação, Juros, Impostos e Seguros, Manutenção e Materiais na Operação dos Equipamentos",90678,"PERFURATRIZ HIDRÁULICA SOBRE CAMINHÃO COM TRADO CURTO ACOPLADO, PROFUNDIDADE MÁXIMA DE 20 M, DIÂMETRO MÁXIMO DE 1500 MM, POTÊNCIA INSTALADA DE 137 HP, MESA ROTATIVA COM TORQUE MÁXIMO DE 30 KNM - MANUTENÇÃO. AF_06/2015","H",137.1]
["Depreciação, Juros, Impostos e Seguros, Manutenção e Materiais na Operação dos Equipamentos",90679,"PERFURATRIZ HIDRÁULICA SOBRE CAMINHÃO COM TRADO CURTO ACOPLADO, PROFUNDIDADE MÁXIMA DE 20 M, DIÂMETRO MÁXIMO DE 1500 MM, POTÊNCIA INSTALADA DE 137 HP, MESA ROTATIVA COM TORQUE MÁXIMO DE 30 KNM - MATERIAIS NA OPERAÇÃO. AF_06/2015","H",90.6]
["Depreciação, Juros, Impostos e Seguros, Manutenção e Materiais na Operação dos Equipamentos",102870,"PERFURATRIZ HIDRÁULICA SOBRE ESTEIRA, TORQUE MÁXIMO 161 KNM, PROFUNDIDADE MÁXIMA 54 M, DIÂMETRO MÁXIMO 1500 MM, POTÊNCIA MOTOR 268 HP - DEPRECIAÇÃO. AF_04/2019","H",350.84]
["Depreciação, Juros, Impostos e Seguros, Manutenção e Materiais na Operação dos Equipamentos",102871,"PERFURATRIZ HIDRÁULICA SOBRE ESTEIRA, TORQUE MÁXIMO 161 KNM, PROFUNDIDADE MÁXIMA 54 M, DIÂMETRO MÁXIMO 1500 MM, POTÊNCIA MOTOR 268 HP - JUROS. AF_04/2019","H",94.78]
["Depreciação, Juros, Impostos e Seguros, Manutenção e Materiais na Operação dos Equipamentos",102872,"PERFURATRIZ HIDRÁULICA SOBRE ESTEIRA, TORQUE MÁXIMO 161 KNM, PROFUNDIDADE MÁXIMA 54 M, DIÂMETRO MÁXIMO 1500 MM, POTÊNCIA MOTOR 268 HP - MANUTENÇÃO. AF_04/2019","H",439.04]
["Depreciação, Juros, Impostos e Seguros, Manutenção e Materiais na Operação dos Equipamentos",102873,"PERFURATRIZ HIDRÁULICA SOBRE ESTEIRA, TORQUE MÁXIMO 161 KNM, PROFUNDIDADE MÁXIMA 54 M, DIÂMETRO MÁXIMO 1500 MM, POTÊNCIA MOTOR 268 HP - MATERIAIS NA OPERAÇÃO. AF_04/2019","H",118.14]
["Depreciação, Juros, Impostos e Seguros, Manutenção e Materiais na Operação dos Equipamentos",102960,"PERFURATRIZ HIDRÁULICA SOBRE ESTEIRA, TORQUE MÁXIMO 98 KNM, PROFUNDIDADE MÁXIMA 25 M, DIÂMETRO MÁXIMO 115 MM, POTÊNCIA MOTOR 190 HP - DEPRECIAÇÃO. AF_02/2021","H",170.27]
["Depreciação, Juros, Impostos e Seguros, Manutenção e Materiais na Operação dos Equipamentos",102961,"PERFURATRIZ HIDRÁULICA SOBRE ESTEIRA, TORQUE MÁXIMO 98 KNM, PROFUNDIDADE MÁXIMA 25 M, DIÂMETRO MÁXIMO 115 MM, POTÊNCIA MOTOR 190 HP - JUROS. AF_02/2021","H",46]
["Depreciação, Juros, Impostos e Seguros, Manutenção e Materiais na Operação dos Equipamentos",102962,"PERFURATRIZ HIDRÁULICA SOBRE ESTEIRA, TORQUE MÁXIMO 98 KNM, PROFUNDIDADE MÁXIMA 25 M, DIÂMETRO MÁXIMO 115 MM, POTÊNCIA MOTOR 190 HP - MANUTENÇÃO. AF_02/2021","H",159.72]
["Depreciação, Juros, Impostos e Seguros, Manutenção e Materiais na Operação dos Equipamentos",102963,"PERFURATRIZ HIDRÁULICA SOBRE ESTEIRA, TORQUE MÁXIMO 98 KNM, PROFUNDIDADE MÁXIMA 25 M, DIÂMETRO MÁXIMO 115 MM, POTÊNCIA MOTOR 190 HP - MATERIAIS NA OPERAÇÃO. AF_02/2021","H",83.74]
["Depreciação, Juros, Impostos e Seguros, Manutenção e Materiais na Operação dos Equipamentos",95698,"PERFURATRIZ MANUAL, TORQUE MAXIMO 55 KGF.M, POTENCIA 5 CV, COM DIAMETRO MAXIMO 8 1/2\" - DEPRECIAÇÃO. AF_11/2016","H",4.67]
["Depreciação, Juros, Impostos e Seguros, Manutenção e Materiais na Operação dos Equipamentos",95699,"PERFURATRIZ MANUAL, TORQUE MAXIMO 55 KGF.M, POTENCIA 5 CV, COM DIAMETRO MAXIMO 8 1/2\" - JUROS. AF_11/2016","H",1.08]
["Depreciação, Juros, Impostos e Seguros, Manutenção e Materiais na Operação dos Equipamentos",95700,"PERFURATRIZ MANUAL, TORQUE MAXIMO 55 KGF.M, POTENCIA 5 CV, COM DIAMETRO MAXIMO 8 1/2\" - MANUTENÇÃO. AF_11/2016","H",5.84]
["Depreciação, Juros, Impostos e Seguros, Manutenção e Materiais na Operação dos Equipamentos",95701,"PERFURATRIZ MANUAL, TORQUE MAXIMO 55 KGF.M, POTENCIA 5 CV, COM DIAMETRO MAXIMO 8 1/2\" - MATERIAIS NA OPERAÇÃO. AF_11/2016","H",3.47]
["Depreciação, Juros, Impostos e Seguros, Manutenção e Materiais na Operação dos Equipamentos",90621,"PERFURATRIZ MANUAL, TORQUE MÁXIMO 83 N.M, POTÊNCIA 5 CV, COM DIÂMETRO MÁXIMO 4\" - DEPRECIAÇÃO. AF_06/2015","H",2.11]
["Depreciação, Juros, Impostos e Seguros, Manutenção e Materiais na Operação dos Equipamentos",90622,"PERFURATRIZ MANUAL, TORQUE MÁXIMO 83 N.M, POTÊNCIA 5 CV, COM DIÂMETRO MÁXIMO 4\" - JUROS. AF_06/2015","H",0.48]
["Depreciação, Juros, Impostos e Seguros, Manutenção e Materiais na Operação dos Equipamentos",90623,"PERFURATRIZ MANUAL, TORQUE MÁXIMO 83 N.M, POTÊNCIA 5 CV, COM DIÂMETRO MÁXIMO 4\" - MANUTENÇÃO. AF_06/2015","H",2.63]
["Depreciação, Juros, Impostos e Seguros, Manutenção e Materiais na Operação dos Equipamentos",90624,"PERFURATRIZ MANUAL, TORQUE MÁXIMO 83 N.M, POTÊNCIA 5 CV, COM DIÂMETRO MÁXIMO 4\" - MATERIAIS NA OPERAÇÃO. AF_06/2015","H",3.47]
["Depreciação, Juros, Impostos e Seguros, Manutenção e Materiais na Operação dos Equipamentos",102876,"PERFURATRIZ PARA EXECUÇÃO DE ESTACAS SECANTES, TIPO HÉLICE CONTÍNUA COM CABEÇOTE DUPLO E TUBO METÁLICO - DEPRECIAÇÃO. AF_04/2019","H",487.55]
["Depreciação, Juros, Impostos e Seguros, Manutenção e Materiais na Operação dos Equipamentos",102877,"PERFURATRIZ PARA EXECUÇÃO DE ESTACAS SECANTES, TIPO HÉLICE CONTÍNUA COM CABEÇOTE DUPLO E TUBO METÁLICO - JUROS. AF_04/2019","H",131.72]
["Depreciação, Juros, Impostos e Seguros, Manutenção e Materiais na Operação dos Equipamentos",102878,"PERFURATRIZ PARA EXECUÇÃO DE ESTACAS SECANTES, TIPO HÉLICE CONTÍNUA COM CABEÇOTE DUPLO E TUBO METÁLICO - MANUTENÇÃO. AF_04/2019","H",610.13]
["Depreciação, Juros, Impostos e Seguros, Manutenção e Materiais na Operação dos Equipamentos",102879,"PERFURATRIZ PARA EXECUÇÃO DE ESTACAS SECANTES, TIPO HÉLICE CONTÍNUA COM CABEÇOTE DUPLO E TUBO METÁLICO - MATERIAIS NA OPERAÇÃO. AF_04/2019","H",177.3]
["Depreciação, Juros, Impostos e Seguros, Manutenção e Materiais na Operação dos Equipamentos",103220,"PERFURATRIZ PARA FURO DIRECIONAL HORIZONTAL (HDD) COM CAPACIDADE ATÉ 89 KN, POTÊNCIA 24,8 HP A 80 HP (INCLUSO FERRAMENTAS E LOCALIZADOR) - DEPRECIAÇÃO. AF_05/2023","H",149.1]
["Depreciação, Juros, Impostos e Seguros, Manutenção e Materiais na Operação dos Equipamentos",103221,"PERFURATRIZ PARA FURO DIRECIONAL HORIZONTAL (HDD) COM CAPACIDADE ATÉ 89 KN, POTÊNCIA 24,8 HP A 80 HP (INCLUSO FERRAMENTAS E LOCALIZADOR) - JUROS. AF_05/2023","H",40.28]
["Depreciação, Juros, Impostos e Seguros, Manutenção e Materiais na Operação dos Equipamentos",103222,"PERFURATRIZ PARA FURO DIRECIONAL HORIZONTAL (HDD) COM CAPACIDADE ATÉ 89 KN, POTÊNCIA 24,8 HP A 80 HP (INCLUSO FERRAMENTAS E LOCALIZADOR) - MANUTENÇÃO. AF_05/2023","H",186.59]
["Depreciação, Juros, Impostos e Seguros, Manutenção e Materiais na Operação dos Equipamentos",103223,"PERFURATRIZ PARA FURO DIRECIONAL HORIZONTAL (HDD) COM CAPACIDADE ATÉ 89 KN, POTÊNCIA 24,8 HP A 80 HP (INCLUSO FERRAMENTAS E LOCALIZADOR) - MATERIAIS NA OPERAÇÃO. AF_05/2023","H",34.630000000000003]
["Depreciação, Juros, Impostos e Seguros, Manutenção e Materiais na Operação dos Equipamentos",103232,"PERFURATRIZ PARA FURO DIRECIONAL HORIZONTAL (HDD) COM CAPACIDADE DE 201 KN A 560 KN, POTÊNCIA 200 HP A 260 HP (INCLUSO FERRAMENTAS E LOCALIZADOR) - DEPRECIAÇÃO. AF_05/2023","H",467.79]
["Depreciação, Juros, Impostos e Seguros, Manutenção e Materiais na Operação dos Equipamentos",103233,"PERFURATRIZ PARA FURO DIRECIONAL HORIZONTAL (HDD) COM CAPACIDADE DE 201 KN A 560 KN, POTÊNCIA 200 HP A 260 HP (INCLUSO FERRAMENTAS E LOCALIZADOR) - JUROS. AF_05/2023","H",126.38]
["Depreciação, Juros, Impostos e Seguros, Manutenção e Materiais na Operação dos Equipamentos",103234,"PERFURATRIZ PARA FURO DIRECIONAL HORIZONTAL (HDD) COM CAPACIDADE DE 201 KN A 560 KN, POTÊNCIA 200 HP A 260 HP (INCLUSO FERRAMENTAS E LOCALIZADOR) - MANUTENÇÃO. AF_05/2023","H",614.36]
["Depreciação, Juros, Impostos e Seguros, Manutenção e Materiais na Operação dos Equipamentos",103235,"PERFURATRIZ PARA FURO DIRECIONAL HORIZONTAL (HDD) COM CAPACIDADE DE 201 KN A 560 KN, POTÊNCIA 200 HP A 260 HP (INCLUSO FERRAMENTAS E LOCALIZADOR) - MATERIAIS NA OPERAÇÃO. AF_05/2023","H",101.4]
["Depreciação, Juros, Impostos e Seguros, Manutenção e Materiais na Operação dos Equipamentos",103228,"PERFURATRIZ PARA FURO DIRECIONAL HORIZONTAL (HDD) COM CAPACIDADE DE 90 KN A 200 KN, POTÊNCIA 100 HP A 160 HP (INCLUSO FERRAMENTAS E LOCALIZADOR - MANUTENÇÃO. AF_05/2023","H",428.07]
["Depreciação, Juros, Impostos e Seguros, Manutenção e Materiais na Operação dos Equipamentos",103226,"PERFURATRIZ PARA FURO DIRECIONAL HORIZONTAL (HDD) COM CAPACIDADE DE 90 KN A 200 KN, POTÊNCIA 100 HP A 160 HP (INCLUSO FERRAMENTAS E LOCALIZADOR) - DEPRECIAÇÃO. AF_05/2023","H",342.07]
["Depreciação, Juros, Impostos e Seguros, Manutenção e Materiais na Operação dos Equipamentos",103227,"PERFURATRIZ PARA FURO DIRECIONAL HORIZONTAL (HDD) COM CAPACIDADE DE 90 KN A 200 KN, POTÊNCIA 100 HP A 160 HP (INCLUSO FERRAMENTAS E LOCALIZADOR) - JUROS. AF_05/2023","H",92.41]
["Depreciação, Juros, Impostos e Seguros, Manutenção e Materiais na Operação dos Equipamentos",103229,"PERFURATRIZ PARA FURO DIRECIONAL HORIZONTAL (HDD) COM CAPACIDADE DE 90 KN A 200 KN, POTÊNCIA 100 HP A 160 HP (INCLUSO FERRAMENTAS E LOCALIZADOR) - MATERIAIS NA OPERAÇÃO. AF_05/2023","H",85.99]
["Depreciação, Juros, Impostos e Seguros, Manutenção e Materiais na Operação dos Equipamentos",95617,"PERFURATRIZ PNEUMATICA MANUAL DE PESO MEDIO, MARTELETE, 18KG, COMPRIMENTO MÁXIMO DE CURSO DE 6 M, DIAMETRO DO PISTAO DE 5,5 CM - DEPRECIAÇÃO. AF_11/2016","H",1.1499999999999999]
["Depreciação, Juros, Impostos e Seguros, Manutenção e Materiais na Operação dos Equipamentos",95618,"PERFURATRIZ PNEUMATICA MANUAL DE PESO MEDIO, MARTELETE, 18KG, COMPRIMENTO MÁXIMO DE CURSO DE 6 M, DIAMETRO DO PISTAO DE 5,5 CM - JUROS. AF_11/2016","H",0.26]
["Depreciação, Juros, Impostos e Seguros, Manutenção e Materiais na Operação dos Equipamentos",95619,"PERFURATRIZ PNEUMATICA MANUAL DE PESO MEDIO, MARTELETE, 18KG, COMPRIMENTO MÁXIMO DE CURSO DE 6 M, DIAMETRO DO PISTAO DE 5,5 CM - MANUTENÇÃO. AF_11/2016","H",1.44]
["Depreciação, Juros, Impostos e Seguros, Manutenção e Materiais na Operação dos Equipamentos",102972,"PERFURATRIZ ROTATIVA SOBRE ESTEIRA, TORQUE MAXIMO 2500 KGM, POTENCIA 110 HP, MOTOR DIESEL - DEPRECIAÇÃO. AF_05/2017","H",90.88]
["Depreciação, Juros, Impostos e Seguros, Manutenção e Materiais na Operação dos Equipamentos",102973,"PERFURATRIZ ROTATIVA SOBRE ESTEIRA, TORQUE MAXIMO 2500 KGM, POTENCIA 110 HP, MOTOR DIESEL - JUROS. AF_05/2017","H",25.23]
["Depreciação, Juros, Impostos e Seguros, Manutenção e Materiais na Operação dos Equipamentos",102974,"PERFURATRIZ ROTATIVA SOBRE ESTEIRA, TORQUE MAXIMO 2500 KGM, POTENCIA 110 HP, MOTOR DIESEL - MANUTENÇÃO. AF_05/2017","H",85.25]
["Depreciação, Juros, Impostos e Seguros, Manutenção e Materiais na Operação dos Equipamentos",96301,"PERFURATRIZ ROTATIVA SOBRE ESTEIRA, TORQUE MAXIMO 2500 KGM, POTENCIA 110 HP, MOTOR DIESEL - MATERIAIS NA OPERAÇÃO. AF_05/2017","H",48.52]
["Depreciação, Juros, Impostos e Seguros, Manutenção e Materiais na Operação dos Equipamentos",90627,"PERFURATRIZ SOBRE ESTEIRA, TORQUE MÁXIMO 600 KGF, PESO MÉDIO 1000 KG, POTÊNCIA 20 HP, DIÂMETRO MÁXIMO 10\" - DEPRECIAÇÃO. AF_06/2015","H",53.32]
["Depreciação, Juros, Impostos e Seguros, Manutenção e Materiais na Operação dos Equipamentos",90628,"PERFURATRIZ SOBRE ESTEIRA, TORQUE MÁXIMO 600 KGF, PESO MÉDIO 1000 KG, POTÊNCIA 20 HP, DIÂMETRO MÁXIMO 10\" - JUROS. AF_06/2015","H",14.3]
["Depreciação, Juros, Impostos e Seguros, Manutenção e Materiais na Operação dos Equipamentos",90629,"PERFURATRIZ SOBRE ESTEIRA, TORQUE MÁXIMO 600 KGF, PESO MÉDIO 1000 KG, POTÊNCIA 20 HP, DIÂMETRO MÁXIMO 10\" - MANUTENÇÃO. AF_06/2015","H",66.73]
["Depreciação, Juros, Impostos e Seguros, Manutenção e Materiais na Operação dos Equipamentos",90630,"PERFURATRIZ SOBRE ESTEIRA, TORQUE MÁXIMO 600 KGF, PESO MÉDIO 1000 KG, POTÊNCIA 20 HP, DIÂMETRO MÁXIMO 10\" - MATERIAIS NA OPERAÇÃO. AF_06/2015","H",1.65]
["Depreciação, Juros, Impostos e Seguros, Manutenção e Materiais na Operação dos Equipamentos",95704,"PERFURATRIZ SOBRE ESTEIRA, TORQUE MÁXIMO 600 KGF, POTÊNCIA ENTRE 50 E 60 HP, DIÂMETRO MÁXIMO 10\" - DEPRECIAÇÃO. AF_11/2016","H",53.84]
["Depreciação, Juros, Impostos e Seguros, Manutenção e Materiais na Operação dos Equipamentos",95705,"PERFURATRIZ SOBRE ESTEIRA, TORQUE MÁXIMO 600 KGF, POTÊNCIA ENTRE 50 E 60 HP, DIÂMETRO MÁXIMO 10\" - JUROS. AF_11/2016","H",14.44]
["Depreciação, Juros, Impostos e Seguros, Manutenção e Materiais na Operação dos Equipamentos",95706,"PERFURATRIZ SOBRE ESTEIRA, TORQUE MÁXIMO 600 KGF, POTÊNCIA ENTRE 50 E 60 HP, DIÂMETRO MÁXIMO 10\" - MANUTENÇÃO. AF_11/2016","H",67.38]
["Depreciação, Juros, Impostos e Seguros, Manutenção e Materiais na Operação dos Equipamentos",95707,"PERFURATRIZ SOBRE ESTEIRA, TORQUE MÁXIMO 600 KGF, POTÊNCIA ENTRE 50 E 60 HP, DIÂMETRO MÁXIMO 10\" - MATERIAIS NA OPERAÇÃO. AF_11/2016","H",4.55]
["Depreciação, Juros, Impostos e Seguros, Manutenção e Materiais na Operação dos Equipamentos",91273,"PLACA VIBRATÓRIA REVERSÍVEL COM MOTOR 4 TEMPOS A GASOLINA, FORÇA CENTRÍFUGA DE 25 KN (2500 KGF), POTÊNCIA 5,5 CV - DEPRECIAÇÃO. AF_08/2015","H",0.57999999999999996]
["Depreciação, Juros, Impostos e Seguros, Manutenção e Materiais na Operação dos Equipamentos",91274,"PLACA VIBRATÓRIA REVERSÍVEL COM MOTOR 4 TEMPOS A GASOLINA, FORÇA CENTRÍFUGA DE 25 KN (2500 KGF), POTÊNCIA 5,5 CV - JUROS. AF_08/2015","H",0.15]
["Depreciação, Juros, Impostos e Seguros, Manutenção e Materiais na Operação dos Equipamentos",91275,"PLACA VIBRATÓRIA REVERSÍVEL COM MOTOR 4 TEMPOS A GASOLINA, FORÇA CENTRÍFUGA DE 25 KN (2500 KGF), POTÊNCIA 5,5 CV - MANUTENÇÃO. AF_08/2015","H",0.72]
["Depreciação, Juros, Impostos e Seguros, Manutenção e Materiais na Operação dos Equipamentos",91276,"PLACA VIBRATÓRIA REVERSÍVEL COM MOTOR 4 TEMPOS A GASOLINA, FORÇA CENTRÍFUGA DE 25 KN (2500 KGF), POTÊNCIA 5,5 CV - MATERIAIS NA OPERAÇÃO. AF_08/2015","H",8.8699999999999992]
["Depreciação, Juros, Impostos e Seguros, Manutenção e Materiais na Operação dos Equipamentos",102882,"PLATAFORMA ELEVATÓRIA - DEPRECIAÇÃO. AF_04/2019","H",0]
["Depreciação, Juros, Impostos e Seguros, Manutenção e Materiais na Operação dos Equipamentos",102883,"PLATAFORMA ELEVATÓRIA - JUROS. AF_04/2019","H",0]
["Depreciação, Juros, Impostos e Seguros, Manutenção e Materiais na Operação dos Equipamentos",102884,"PLATAFORMA ELEVATÓRIA - MANUTENÇÃO. AF_04/2019","H",0]
["Depreciação, Juros, Impostos e Seguros, Manutenção e Materiais na Operação dos Equipamentos",102885,"PLATAFORMA ELEVATÓRIA - MATERIAIS NA OPERAÇÃO. AF_04/2019","H",1.42]
["Depreciação, Juros, Impostos e Seguros, Manutenção e Materiais na Operação dos Equipamentos",95272,"POLIDORA DE PISO (POLITRIZ), PESO DE 100KG, DIÂMETRO 450 MM, MOTOR ELÉTRICO, POTÊNCIA 4 HP - DEPRECIAÇÃO. AF_05/2023","H",0.61]
["Depreciação, Juros, Impostos e Seguros, Manutenção e Materiais na Operação dos Equipamentos",95273,"POLIDORA DE PISO (POLITRIZ), PESO DE 100KG, DIÂMETRO 450 MM, MOTOR ELÉTRICO, POTÊNCIA 4 HP - JUROS. AF_05/2023","H",0.14000000000000001]
["Depreciação, Juros, Impostos e Seguros, Manutenção e Materiais na Operação dos Equipamentos",95274,"POLIDORA DE PISO (POLITRIZ), PESO DE 100KG, DIÂMETRO 450 MM, MOTOR ELÉTRICO, POTÊNCIA 4 HP - MANUTENÇÃO. AF_05/2023","H",0.47]
["Depreciação, Juros, Impostos e Seguros, Manutenção e Materiais na Operação dos Equipamentos",95275,"POLIDORA DE PISO (POLITRIZ), PESO DE 100KG, DIÂMETRO 450 MM, MOTOR ELÉTRICO, POTÊNCIA 4 HP - MATERIAIS NA OPERAÇÃO. AF_05/2023","H",2.81]
["Depreciação, Juros, Impostos e Seguros, Manutenção e Materiais na Operação dos Equipamentos",88419,"PROJETOR DE ARGAMASSA, CAPACIDADE DE PROJEÇÃO 1,5 M3/H, ALCANCE DE 30 ATÉ 60 M, MOTOR ELÉTRICO POTÊNCIA 7,5 HP - DEPRECIAÇÃO. AF_06/2014","H",5.85]
["Depreciação, Juros, Impostos e Seguros, Manutenção e Materiais na Operação dos Equipamentos",88422,"PROJETOR DE ARGAMASSA, CAPACIDADE DE PROJEÇÃO 1,5 M3/H, ALCANCE DE 30 ATÉ 60 M, MOTOR ELÉTRICO POTÊNCIA 7,5 HP - JUROS. AF_06/2014","H",1.35]
["Depreciação, Juros, Impostos e Seguros, Manutenção e Materiais na Operação dos Equipamentos",88425,"PROJETOR DE ARGAMASSA, CAPACIDADE DE PROJEÇÃO 1,5 M3/H, ALCANCE DE 30 ATÉ 60 M, MOTOR ELÉTRICO POTÊNCIA 7,5 HP - MANUTENÇÃO. AF_06/2014","H",7.32]
["Depreciação, Juros, Impostos e Seguros, Manutenção e Materiais na Operação dos Equipamentos",88427,"PROJETOR DE ARGAMASSA, CAPACIDADE DE PROJEÇÃO 1,5 M3/H, ALCANCE DE 30 ATÉ 60 M, MOTOR ELÉTRICO POTÊNCIA 7,5 HP - MATERIAIS NA OPERAÇÃO. AF_06/2014","H",1.17]
["Depreciação, Juros, Impostos e Seguros, Manutenção e Materiais na Operação dos Equipamentos",88434,"PROJETOR DE ARGAMASSA, CAPACIDADE DE PROJEÇÃO 2 M3/H, ALCANCE ATÉ 50 M, MOTOR ELÉTRICO POTÊNCIA 7,5 HP - DEPRECIAÇÃO. AF_06/2014","H",7.76]
["Depreciação, Juros, Impostos e Seguros, Manutenção e Materiais na Operação dos Equipamentos",88435,"PROJETOR DE ARGAMASSA, CAPACIDADE DE PROJEÇÃO 2 M3/H, ALCANCE ATÉ 50 M, MOTOR ELÉTRICO POTÊNCIA 7,5 HP - JUROS. AF_06/2014","H",1.79]
["Depreciação, Juros, Impostos e Seguros, Manutenção e Materiais na Operação dos Equipamentos",88436,"PROJETOR DE ARGAMASSA, CAPACIDADE DE PROJEÇÃO 2 M3/H, ALCANCE ATÉ 50 M, MOTOR ELÉTRICO POTÊNCIA 7,5 HP - MANUTENÇÃO. AF_06/2014","H",9.6999999999999993]
["Depreciação, Juros, Impostos e Seguros, Manutenção e Materiais na Operação dos Equipamentos",88437,"PROJETOR DE ARGAMASSA, CAPACIDADE DE PROJEÇÃO 2 M3/H, ALCANCE ATÉ 50 M, MOTOR ELÉTRICO POTÊNCIA 7,5 HP - MATERIAIS NA OPERAÇÃO. AF_06/2014","H",1.17]
["Depreciação, Juros, Impostos e Seguros, Manutenção e Materiais na Operação dos Equipamentos",90664,"PROJETOR PNEUMÁTICO DE ARGAMASSA PARA CHAPISCO E REBOCO COM RECIPIENTE ACOPLADO, TIPO CANEQUINHA, COM COMPRESSOR DE AR REBOCÁVEL VAZÃO 89 PCM E MOTOR DIESEL DE 20 CV - DEPRECIAÇÃO. AF_05/2023","H",7.06]
["Depreciação, Juros, Impostos e Seguros, Manutenção e Materiais na Operação dos Equipamentos",90665,"PROJETOR PNEUMÁTICO DE ARGAMASSA PARA CHAPISCO E REBOCO COM RECIPIENTE ACOPLADO, TIPO CANEQUINHA, COM COMPRESSOR DE AR REBOCÁVEL VAZÃO 89 PCM E MOTOR DIESEL DE 20 CV - JUROS. AF_05/2023","H",1.88]
["Depreciação, Juros, Impostos e Seguros, Manutenção e Materiais na Operação dos Equipamentos",90666,"PROJETOR PNEUMÁTICO DE ARGAMASSA PARA CHAPISCO E REBOCO COM RECIPIENTE ACOPLADO, TIPO CANEQUINHA, COM COMPRESSOR DE AR REBOCÁVEL VAZÃO 89 PCM E MOTOR DIESEL DE 20 CV - MANUTENÇÃO. AF_05/2023","H",8.84]
["Depreciação, Juros, Impostos e Seguros, Manutenção e Materiais na Operação dos Equipamentos",90667,"PROJETOR PNEUMÁTICO DE ARGAMASSA PARA CHAPISCO E REBOCO COM RECIPIENTE ACOPLADO, TIPO CANEQUINHA, COM COMPRESSOR DE AR REBOCÁVEL VAZÃO 89 PCM E MOTOR DIESEL DE 20 CV - MATERIAIS NA OPERAÇÃO. AF_05/2023","H",14.77]
["Depreciação, Juros, Impostos e Seguros, Manutenção e Materiais na Operação dos Equipamentos",102977,"PULVERIZADOR DE TINTA ELÉTRICO/MÁQUINA DE PINTURA AIRLESS, VAZÃO 2 L/MIN - DEPRECIAÇÃO. AF_05/2023","H",0]
["Depreciação, Juros, Impostos e Seguros, Manutenção e Materiais na Operação dos Equipamentos",102978,"PULVERIZADOR DE TINTA ELÉTRICO/MÁQUINA DE PINTURA AIRLESS, VAZÃO 2 L/MIN - JUROS. AF_05/2023","H",0]
["Depreciação, Juros, Impostos e Seguros, Manutenção e Materiais na Operação dos Equipamentos",102979,"PULVERIZADOR DE TINTA ELÉTRICO/MÁQUINA DE PINTURA AIRLESS, VAZÃO 2 L/MIN - MANUTENÇÃO. AF_05/2023","H",0]
["Depreciação, Juros, Impostos e Seguros, Manutenção e Materiais na Operação dos Equipamentos",95217,"PULVERIZADOR DE TINTA ELÉTRICO/MÁQUINA DE PINTURA AIRLESS, VAZÃO 2 L/MIN - MATERIAIS NA OPERAÇÃO. AF_05/2023","H",0.69]
["Depreciação, Juros, Impostos e Seguros, Manutenção e Materiais na Operação dos Equipamentos",89130,"PÁ CARREGADEIRA SOBRE RODAS, POTÊNCIA 197 HP, CAPACIDADE DA CAÇAMBA 2,5 A 3,5 M3, PESO OPERACIONAL 18338 KG - DEPRECIAÇÃO. AF_06/2014","H",59.87]
["Depreciação, Juros, Impostos e Seguros, Manutenção e Materiais na Operação dos Equipamentos",89131,"PÁ CARREGADEIRA SOBRE RODAS, POTÊNCIA 197 HP, CAPACIDADE DA CAÇAMBA 2,5 A 3,5 M3, PESO OPERACIONAL 18338 KG - JUROS. AF_06/2014","H",15.82]
["Depreciação, Juros, Impostos e Seguros, Manutenção e Materiais na Operação dos Equipamentos",53861,"PÁ CARREGADEIRA SOBRE RODAS, POTÊNCIA 197 HP, CAPACIDADE DA CAÇAMBA 2,5 A 3,5 M3, PESO OPERACIONAL 18338 KG - MANUTENÇÃO. AF_06/2014","H",74.83]
["Depreciação, Juros, Impostos e Seguros, Manutenção e Materiais na Operação dos Equipamentos",5787,"PÁ CARREGADEIRA SOBRE RODAS, POTÊNCIA 197 HP, CAPACIDADE DA CAÇAMBA 2,5 A 3,5 M3, PESO OPERACIONAL 18338 KG - MATERIAIS NA OPERAÇÃO. AF_06/2014","H",69.5]
["Depreciação, Juros, Impostos e Seguros, Manutenção e Materiais na Operação dos Equipamentos",89128,"PÁ CARREGADEIRA SOBRE RODAS, POTÊNCIA LÍQUIDA 128 HP, CAPACIDADE DA CAÇAMBA 1,7 A 2,8 M3, PESO OPERACIONAL 11632 KG - DEPRECIAÇÃO. AF_06/2014","H",43.17]
["Depreciação, Juros, Impostos e Seguros, Manutenção e Materiais na Operação dos Equipamentos",89129,"PÁ CARREGADEIRA SOBRE RODAS, POTÊNCIA LÍQUIDA 128 HP, CAPACIDADE DA CAÇAMBA 1,7 A 2,8 M3, PESO OPERACIONAL 11632 KG - JUROS. AF_06/2014","H",11.41]
["Depreciação, Juros, Impostos e Seguros, Manutenção e Materiais na Operação dos Equipamentos",53857,"PÁ CARREGADEIRA SOBRE RODAS, POTÊNCIA LÍQUIDA 128 HP, CAPACIDADE DA CAÇAMBA 1,7 A 2,8 M3, PESO OPERACIONAL 11632 KG - MANUTENÇÃO. AF_06/2014","H",53.97]
["Depreciação, Juros, Impostos e Seguros, Manutenção e Materiais na Operação dos Equipamentos",53858,"PÁ CARREGADEIRA SOBRE RODAS, POTÊNCIA LÍQUIDA 128 HP, CAPACIDADE DA CAÇAMBA 1,7 A 2,8 M3, PESO OPERACIONAL 11632 KG - MATERIAIS NA OPERAÇÃO. AF_06/2014","H",45.15]
["Depreciação, Juros, Impostos e Seguros, Manutenção e Materiais na Operação dos Equipamentos",102888,"PÓRTICO ROLANTE MONOVIGA, PERFIL I, 4 PERNAS, CAPACIDADE 5 T - DEPRECIAÇÃO. AF_04/2019","H",0]
["Depreciação, Juros, Impostos e Seguros, Manutenção e Materiais na Operação dos Equipamentos",102889,"PÓRTICO ROLANTE MONOVIGA, PERFIL I, 4 PERNAS, CAPACIDADE 5 T - JUROS. AF_04/2019","H",0]
["Depreciação, Juros, Impostos e Seguros, Manutenção e Materiais na Operação dos Equipamentos",102890,"PÓRTICO ROLANTE MONOVIGA, PERFIL I, 4 PERNAS, CAPACIDADE 5 T - MANUTENÇÃO. AF_04/2019","H",0]
["Depreciação, Juros, Impostos e Seguros, Manutenção e Materiais na Operação dos Equipamentos",102891,"PÓRTICO ROLANTE MONOVIGA, PERFIL I, 4 PERNAS, CAPACIDADE 5 T - MATERIAIS NA OPERAÇÃO. AF_04/2019","H",1.42]
["Depreciação, Juros, Impostos e Seguros, Manutenção e Materiais na Operação dos Equipamentos",89246,"RECICLADORA DE ASFALTO A FRIO SOBRE RODAS, LARGURA FRESAGEM DE 2,0 M, POTÊNCIA 422 HP - DEPRECIAÇÃO. AF_11/2014","H",221.13]
["Depreciação, Juros, Impostos e Seguros, Manutenção e Materiais na Operação dos Equipamentos",89247,"RECICLADORA DE ASFALTO A FRIO SOBRE RODAS, LARGURA FRESAGEM DE 2,0 M, POTÊNCIA 422 HP - JUROS. AF_11/2014","H",67.709999999999994]
["Depreciação, Juros, Impostos e Seguros, Manutenção e Materiais na Operação dos Equipamentos",89248,"RECICLADORA DE ASFALTO A FRIO SOBRE RODAS, LARGURA FRESAGEM DE 2,0 M, POTÊNCIA 422 HP - MANUTENÇÃO. AF_11/2014","H",394.43]
["Depreciação, Juros, Impostos e Seguros, Manutenção e Materiais na Operação dos Equipamentos",89249,"RECICLADORA DE ASFALTO A FRIO SOBRE RODAS, LARGURA FRESAGEM DE 2,0 M, POTÊNCIA 422 HP - MATERIAIS NA OPERAÇÃO. AF_11/2014","H",372.09]
["Depreciação, Juros, Impostos e Seguros, Manutenção e Materiais na Operação dos Equipamentos",102954,"RETROESCAVADEIRA SOBRE RODAS COM CARREGADEIRA, PESO OPERACIONAL MÍN. 6,674, POTÊNCIA LÍQ 88 HP, COM MARTELO ROMPEDOR HIDRÁULICO ENTRE 275 A 362 KG - DEPRECIAÇÃO. AF_02/2021","H",0]
["Depreciação, Juros, Impostos e Seguros, Manutenção e Materiais na Operação dos Equipamentos",104727,"RETROESCAVADEIRA SOBRE RODAS COM CARREGADEIRA, PESO OPERACIONAL MÍN. 6,674, POTÊNCIA LÍQ 88 HP, COM MARTELO ROMPEDOR HIDRÁULICO ENTRE 275 A 362 KG - JUROS. AF_02/2021","H",0]
["Depreciação, Juros, Impostos e Seguros, Manutenção e Materiais na Operação dos Equipamentos",102956,"RETROESCAVADEIRA SOBRE RODAS COM CARREGADEIRA, PESO OPERACIONAL MÍN. 6,674, POTÊNCIA LÍQ 88 HP, COM MARTELO ROMPEDOR HIDRÁULICO ENTRE 275 A 362 KG - MANUTENÇÃO. AF_02/2021","H",0]
["Depreciação, Juros, Impostos e Seguros, Manutenção e Materiais na Operação dos Equipamentos",102957,"RETROESCAVADEIRA SOBRE RODAS COM CARREGADEIRA, PESO OPERACIONAL MÍN. 6,674, POTÊNCIA LÍQ 88 HP, COM MARTELO ROMPEDOR HIDRÁULICO ENTRE 275 A 362 KG - MATERIAIS NA OPERAÇÃO. AF_02/2021","H",38.82]
["Depreciação, Juros, Impostos e Seguros, Manutenção e Materiais na Operação dos Equipamentos",88859,"RETROESCAVADEIRA SOBRE RODAS COM CARREGADEIRA, TRAÇÃO 4X2, POTÊNCIA LÍQ. 79 HP, CAÇAMBA CARREG. CAP. MÍN. 1 M3, CAÇAMBA RETRO CAP. 0,20 M3, PESO OPERACIONAL MÍN. 6.570 KG, PROFUNDIDADE ESCAVAÇÃO MÁX. 4,37 M - DEPRECIAÇÃO. AF_06/2014","H",24.88]
["Depreciação, Juros, Impostos e Seguros, Manutenção e Materiais na Operação dos Equipamentos",88860,"RETROESCAVADEIRA SOBRE RODAS COM CARREGADEIRA, TRAÇÃO 4X2, POTÊNCIA LÍQ. 79 HP, CAÇAMBA CARREG. CAP. MÍN. 1 M3, CAÇAMBA RETRO CAP. 0,20 M3, PESO OPERACIONAL MÍN. 6.570 KG, PROFUNDIDADE ESCAVAÇÃO MÁX. 4,37 M - JUROS. AF_06/2014","H",6.57]
["Depreciação, Juros, Impostos e Seguros, Manutenção e Materiais na Operação dos Equipamentos",5667,"RETROESCAVADEIRA SOBRE RODAS COM CARREGADEIRA, TRAÇÃO 4X2, POTÊNCIA LÍQ. 79 HP, CAÇAMBA CARREG. CAP. MÍN. 1 M3, CAÇAMBA RETRO CAP. 0,20 M3, PESO OPERACIONAL MÍN. 6.570 KG, PROFUNDIDADE ESCAVAÇÃO MÁX. 4,37 M - MANUTENÇÃO. AF_06/2014","H",31.1]
["Depreciação, Juros, Impostos e Seguros, Manutenção e Materiais na Operação dos Equipamentos",5668,"RETROESCAVADEIRA SOBRE RODAS COM CARREGADEIRA, TRAÇÃO 4X2, POTÊNCIA LÍQ. 79 HP, CAÇAMBA CARREG. CAP. MÍN. 1 M3, CAÇAMBA RETRO CAP. 0,20 M3, PESO OPERACIONAL MÍN. 6.570 KG, PROFUNDIDADE ESCAVAÇÃO MÁX. 4,37 M - MATERIAIS NA OPERAÇÃO. AF_06/2014","H",45.27]
["Depreciação, Juros, Impostos e Seguros, Manutenção e Materiais na Operação dos Equipamentos",89011,"RETROESCAVADEIRA SOBRE RODAS COM CARREGADEIRA, TRAÇÃO 4X4, POTÊNCIA LÍQ. 72 HP, CAÇAMBA CARREG. CAP. MÍN. 0,79 M3, CAÇAMBA RETRO CAP. 0,18 M3, PESO OPERACIONAL MÍN. 7.140 KG, PROFUNDIDADE ESCAVAÇÃO MÁX. 4,50 M - DEPRECIAÇÃO. AF_06/2014","H",26.99]
["Depreciação, Juros, Impostos e Seguros, Manutenção e Materiais na Operação dos Equipamentos",89012,"RETROESCAVADEIRA SOBRE RODAS COM CARREGADEIRA, TRAÇÃO 4X4, POTÊNCIA LÍQ. 72 HP, CAÇAMBA CARREG. CAP. MÍN. 0,79 M3, CAÇAMBA RETRO CAP. 0,18 M3, PESO OPERACIONAL MÍN. 7.140 KG, PROFUNDIDADE ESCAVAÇÃO MÁX. 4,50 M - JUROS. AF_06/2014","H",7.13]
["Depreciação, Juros, Impostos e Seguros, Manutenção e Materiais na Operação dos Equipamentos",5735,"RETROESCAVADEIRA SOBRE RODAS COM CARREGADEIRA, TRAÇÃO 4X4, POTÊNCIA LÍQ. 72 HP, CAÇAMBA CARREG. CAP. MÍN. 0,79 M3, CAÇAMBA RETRO CAP. 0,18 M3, PESO OPERACIONAL MÍN. 7.140 KG, PROFUNDIDADE ESCAVAÇÃO MÁX. 4,50 M - MANUTENÇÃO. AF_06/2014","H",33.74]
["Depreciação, Juros, Impostos e Seguros, Manutenção e Materiais na Operação dos Equipamentos",5736,"RETROESCAVADEIRA SOBRE RODAS COM CARREGADEIRA, TRAÇÃO 4X4, POTÊNCIA LÍQ. 72 HP, CAÇAMBA CARREG. CAP. MÍN. 0,79 M3, CAÇAMBA RETRO CAP. 0,18 M3, PESO OPERACIONAL MÍN. 7.140 KG, PROFUNDIDADE ESCAVAÇÃO MÁX. 4,50 M - MATERIAIS NA OPERAÇÃO. AF_06/2014","H",41.25]
["Depreciação, Juros, Impostos e Seguros, Manutenção e Materiais na Operação dos Equipamentos",88857,"RETROESCAVADEIRA SOBRE RODAS COM CARREGADEIRA, TRAÇÃO 4X4, POTÊNCIA LÍQ. 88 HP, CAÇAMBA CARREG. CAP. MÍN. 1 M3, CAÇAMBA RETRO CAP. 0,26 M3, PESO OPERACIONAL MÍN. 6.674 KG, PROFUNDIDADE ESCAVAÇÃO MÁX. 4,37 M - DEPRECIAÇÃO. AF_06/2014","H",27.97]
["Depreciação, Juros, Impostos e Seguros, Manutenção e Materiais na Operação dos Equipamentos",88858,"RETROESCAVADEIRA SOBRE RODAS COM CARREGADEIRA, TRAÇÃO 4X4, POTÊNCIA LÍQ. 88 HP, CAÇAMBA CARREG. CAP. MÍN. 1 M3, CAÇAMBA RETRO CAP. 0,26 M3, PESO OPERACIONAL MÍN. 6.674 KG, PROFUNDIDADE ESCAVAÇÃO MÁX. 4,37 M - JUROS. AF_06/2014","H",7.39]
["Depreciação, Juros, Impostos e Seguros, Manutenção e Materiais na Operação dos Equipamentos",5664,"RETROESCAVADEIRA SOBRE RODAS COM CARREGADEIRA, TRAÇÃO 4X4, POTÊNCIA LÍQ. 88 HP, CAÇAMBA CARREG. CAP. MÍN. 1 M3, CAÇAMBA RETRO CAP. 0,26 M3, PESO OPERACIONAL MÍN. 6.674 KG, PROFUNDIDADE ESCAVAÇÃO MÁX. 4,37 M - MANUTENÇÃO. AF_06/2014","H",34.97]
["Depreciação, Juros, Impostos e Seguros, Manutenção e Materiais na Operação dos Equipamentos",53786,"RETROESCAVADEIRA SOBRE RODAS COM CARREGADEIRA, TRAÇÃO 4X4, POTÊNCIA LÍQ. 88 HP, CAÇAMBA CARREG. CAP. MÍN. 1 M3, CAÇAMBA RETRO CAP. 0,26 M3, PESO OPERACIONAL MÍN. 6.674 KG, PROFUNDIDADE ESCAVAÇÃO MÁX. 4,37 M - MATERIAIS NA OPERAÇÃO. AF_06/2014","H",50.41]
["Depreciação, Juros, Impostos e Seguros, Manutenção e Materiais na Operação dos Equipamentos",7038,"ROLO COMPACTADOR DE PNEUS ESTÁTICO, PRESSÃO VARIÁVEL, POTÊNCIA 111 HP, PESO SEM/COM LASTRO 9,5 / 26 T, LARGURA DE TRABALHO 1,90 M - DEPRECIAÇÃO. AF_07/2014","H",47.38]
["Depreciação, Juros, Impostos e Seguros, Manutenção e Materiais na Operação dos Equipamentos",7039,"ROLO COMPACTADOR DE PNEUS ESTÁTICO, PRESSÃO VARIÁVEL, POTÊNCIA 111 HP, PESO SEM/COM LASTRO 9,5 / 26 T, LARGURA DE TRABALHO 1,90 M - JUROS. AF_07/2014","H",12.71]
["Depreciação, Juros, Impostos e Seguros, Manutenção e Materiais na Operação dos Equipamentos",7040,"ROLO COMPACTADOR DE PNEUS ESTÁTICO, PRESSÃO VARIÁVEL, POTÊNCIA 111 HP, PESO SEM/COM LASTRO 9,5 / 26 T, LARGURA DE TRABALHO 1,90 M - MANUTENÇÃO. AF_07/2014","H",59.29]
["Depreciação, Juros, Impostos e Seguros, Manutenção e Materiais na Operação dos Equipamentos",55263,"ROLO COMPACTADOR DE PNEUS ESTÁTICO, PRESSÃO VARIÁVEL, POTÊNCIA 111 HP, PESO SEM/COM LASTRO 9,5 / 26 T, LARGURA DE TRABALHO 1,90 M - MATERIAIS NA OPERAÇÃO. AF_07/2014","H",63.65]
["Depreciação, Juros, Impostos e Seguros, Manutenção e Materiais na Operação dos Equipamentos",96460,"ROLO COMPACTADOR DE PNEUS, ESTÁTICO, PRESSÃO VARIÁVEL, POTÊNCIA 110 HP, PESO SEM/COM LASTRO 10,8/27 T, LARGURA DE ROLAGEM 2,30 M - DEPRECIAÇÃO. AF_06/2017","H",50.29]
["Depreciação, Juros, Impostos e Seguros, Manutenção e Materiais na Operação dos Equipamentos",96459,"ROLO COMPACTADOR DE PNEUS, ESTÁTICO, PRESSÃO VARIÁVEL, POTÊNCIA 110 HP, PESO SEM/COM LASTRO 10,8/27 T, LARGURA DE ROLAGEM 2,30 M - JUROS. AF_06/2017","H",13.49]
["Depreciação, Juros, Impostos e Seguros, Manutenção e Materiais na Operação dos Equipamentos",96458,"ROLO COMPACTADOR DE PNEUS, ESTÁTICO, PRESSÃO VARIÁVEL, POTÊNCIA 110 HP, PESO SEM/COM LASTRO 10,8/27 T, LARGURA DE ROLAGEM 2,30 M - MANUTENÇÃO. AF_06/2017","H",62.94]
["Depreciação, Juros, Impostos e Seguros, Manutenção e Materiais na Operação dos Equipamentos",96457,"ROLO COMPACTADOR DE PNEUS, ESTÁTICO, PRESSÃO VARIÁVEL, POTÊNCIA 110 HP, PESO SEM/COM LASTRO 10,8/27 T, LARGURA DE ROLAGEM 2,30 M - MATERIAIS NA OPERAÇÃO. AF_06/2017","H",63.05]
["Depreciação, Juros, Impostos e Seguros, Manutenção e Materiais na Operação dos Equipamentos",7051,"ROLO COMPACTADOR PE DE CARNEIRO VIBRATORIO, POTENCIA 125 HP, PESO OPERACIONAL SEM/COM LASTRO 11,95 / 13,30 T, IMPACTO DINAMICO 38,5 / 22,5 T, LARGURA DE TRABALHO 2,15 M - DEPRECIAÇÃO. AF_06/2014","H",42.02]
["Depreciação, Juros, Impostos e Seguros, Manutenção e Materiais na Operação dos Equipamentos",7052,"ROLO COMPACTADOR PE DE CARNEIRO VIBRATORIO, POTENCIA 125 HP, PESO OPERACIONAL SEM/COM LASTRO 11,95 / 13,30 T, IMPACTO DINAMICO 38,5 / 22,5 T, LARGURA DE TRABALHO 2,15 M - JUROS. AF_06/2014","H",11.35]
["Depreciação, Juros, Impostos e Seguros, Manutenção e Materiais na Operação dos Equipamentos",7053,"ROLO COMPACTADOR PE DE CARNEIRO VIBRATORIO, POTENCIA 125 HP, PESO OPERACIONAL SEM/COM LASTRO 11,95 / 13,30 T, IMPACTO DINAMICO 38,5 / 22,5 T, LARGURA DE TRABALHO 2,15 M - MANUTENÇÃO. AF_06/2014","H",52.59]
["Depreciação, Juros, Impostos e Seguros, Manutenção e Materiais na Operação dos Equipamentos",7054,"ROLO COMPACTADOR PE DE CARNEIRO VIBRATORIO, POTENCIA 125 HP, PESO OPERACIONAL SEM/COM LASTRO 11,95 / 13,30 T, IMPACTO DINAMICO 38,5 / 22,5 T, LARGURA DE TRABALHO 2,15 M - MATERIAIS NA OPERAÇÃO. AF_06/2014","H",88.17]
["Depreciação, Juros, Impostos e Seguros, Manutenção e Materiais na Operação dos Equipamentos",95627,"ROLO COMPACTADOR VIBRATORIO TANDEM, ACO LISO, POTENCIA 125 HP, PESO SEM/COM LASTRO 10,20/11,65 T, LARGURA DE TRABALHO 1,73 M - DEPRECIAÇÃO. AF_11/2016","H",45.35]
["Depreciação, Juros, Impostos e Seguros, Manutenção e Materiais na Operação dos Equipamentos",95628,"ROLO COMPACTADOR VIBRATORIO TANDEM, ACO LISO, POTENCIA 125 HP, PESO SEM/COM LASTRO 10,20/11,65 T, LARGURA DE TRABALHO 1,73 M - JUROS. AF_11/2016","H",12.16]
["Depreciação, Juros, Impostos e Seguros, Manutenção e Materiais na Operação dos Equipamentos",95629,"ROLO COMPACTADOR VIBRATORIO TANDEM, ACO LISO, POTENCIA 125 HP, PESO SEM/COM LASTRO 10,20/11,65 T, LARGURA DE TRABALHO 1,73 M - MANUTENÇÃO. AF_11/2016","H",56.75]
["Depreciação, Juros, Impostos e Seguros, Manutenção e Materiais na Operação dos Equipamentos",95630,"ROLO COMPACTADOR VIBRATORIO TANDEM, ACO LISO, POTENCIA 125 HP, PESO SEM/COM LASTRO 10,20/11,65 T, LARGURA DE TRABALHO 1,73 M - MATERIAIS NA OPERAÇÃO. AF_11/2016","H",88.17]
["Depreciação, Juros, Impostos e Seguros, Manutenção e Materiais na Operação dos Equipamentos",89210,"ROLO COMPACTADOR VIBRATÓRIO DE UM CILINDRO AÇO LISO, POTÊNCIA 80 HP, PESO OPERACIONAL MÁXIMO 8,1 T, IMPACTO DINÂMICO 16,15 / 9,5 T, LARGURA DE TRABALHO 1,68 M - DEPRECIAÇÃO. AF_06/2014","H",30.31]
["Depreciação, Juros, Impostos e Seguros, Manutenção e Materiais na Operação dos Equipamentos",89211,"ROLO COMPACTADOR VIBRATÓRIO DE UM CILINDRO AÇO LISO, POTÊNCIA 80 HP, PESO OPERACIONAL MÁXIMO 8,1 T, IMPACTO DINÂMICO 16,15 / 9,5 T, LARGURA DE TRABALHO 1,68 M - JUROS. AF_06/2014","H",8.1300000000000008]
["Depreciação, Juros, Impostos e Seguros, Manutenção e Materiais na Operação dos Equipamentos",5674,"ROLO COMPACTADOR VIBRATÓRIO DE UM CILINDRO AÇO LISO, POTÊNCIA 80 HP, PESO OPERACIONAL MÁXIMO 8,1 T, IMPACTO DINÂMICO 16,15 / 9,5 T, LARGURA DE TRABALHO 1,68 M - MANUTENÇÃO. AF_06/2014","H",37.94]
["Depreciação, Juros, Impostos e Seguros, Manutenção e Materiais na Operação dos Equipamentos",53788,"ROLO COMPACTADOR VIBRATÓRIO DE UM CILINDRO AÇO LISO, POTÊNCIA 80 HP, PESO OPERACIONAL MÁXIMO 8,1 T, IMPACTO DINÂMICO 16,15 / 9,5 T, LARGURA DE TRABALHO 1,68 M - MATERIAIS NA OPERAÇÃO. AF_06/2014","H",56.44]
["Depreciação, Juros, Impostos e Seguros, Manutenção e Materiais na Operação dos Equipamentos",73309,"ROLO COMPACTADOR VIBRATÓRIO PÉ DE CARNEIRO PARA SOLOS, POTÊNCIA 80 HP, PESO OPERACIONAL SEM/COM LASTRO 7,4 / 8,8 T, LARGURA DE TRABALHO 1,68 M - DEPRECIAÇÃO. AF_02/2016","H",31.52]
["Depreciação, Juros, Impostos e Seguros, Manutenção e Materiais na Operação dos Equipamentos",73313,"ROLO COMPACTADOR VIBRATÓRIO PÉ DE CARNEIRO PARA SOLOS, POTÊNCIA 80 HP, PESO OPERACIONAL SEM/COM LASTRO 7,4 / 8,8 T, LARGURA DE TRABALHO 1,68 M - JUROS. AF_02/2016","H",8.51]
["Depreciação, Juros, Impostos e Seguros, Manutenção e Materiais na Operação dos Equipamentos",5089,"ROLO COMPACTADOR VIBRATÓRIO PÉ DE CARNEIRO PARA SOLOS, POTÊNCIA 80 HP, PESO OPERACIONAL SEM/COM LASTRO 7,4 / 8,8 T, LARGURA DE TRABALHO 1,68 M - MANUTENÇÃO. AF_02/2016","H",39.44]
["Depreciação, Juros, Impostos e Seguros, Manutenção e Materiais na Operação dos Equipamentos",73315,"ROLO COMPACTADOR VIBRATÓRIO PÉ DE CARNEIRO PARA SOLOS, POTÊNCIA 80 HP, PESO OPERACIONAL SEM/COM LASTRO 7,4 / 8,8 T, LARGURA DE TRABALHO 1,68 M - MATERIAIS NA OPERAÇÃO. AF_02/2016","H",56.44]
["Depreciação, Juros, Impostos e Seguros, Manutenção e Materiais na Operação dos Equipamentos",5738,"ROLO COMPACTADOR VIBRATÓRIO PÉ DE CARNEIRO, OPERADO POR CONTROLE REMOTO, POTÊNCIA 12,5 KW, PESO OPERACIONAL 1,675 T, LARGURA DE TRABALHO 0,85 M - DEPRECIAÇÃO. AF_02/2016","H",41.42]
["Depreciação, Juros, Impostos e Seguros, Manutenção e Materiais na Operação dos Equipamentos",93239,"ROLO COMPACTADOR VIBRATÓRIO PÉ DE CARNEIRO, OPERADO POR CONTROLE REMOTO, POTÊNCIA 12,5 KW, PESO OPERACIONAL 1,675 T, LARGURA DE TRABALHO 0,85 M - JUROS. AF_02/2016","H",11.11]
["Depreciação, Juros, Impostos e Seguros, Manutenção e Materiais na Operação dos Equipamentos",5739,"ROLO COMPACTADOR VIBRATÓRIO PÉ DE CARNEIRO, OPERADO POR CONTROLE REMOTO, POTÊNCIA 12,5 KW, PESO OPERACIONAL 1,675 T, LARGURA DE TRABALHO 0,85 M - MANUTENÇÃO. AF_02/2016","H",51.84]
["Depreciação, Juros, Impostos e Seguros, Manutenção e Materiais na Operação dos Equipamentos",93240,"ROLO COMPACTADOR VIBRATÓRIO PÉ DE CARNEIRO, OPERADO POR CONTROLE REMOTO, POTÊNCIA 12,5 KW, PESO OPERACIONAL 1,675 T, LARGURA DE TRABALHO 0,85 M - MATERIAIS NA OPERAÇÃO. AF_02/2016","H",11.82]
["Depreciação, Juros, Impostos e Seguros, Manutenção e Materiais na Operação dos Equipamentos",53818,"ROLO COMPACTADOR VIBRATÓRIO REBOCÁVEL, CILINDRO DE AÇO LISO, POTÊNCIA DE TRAÇÃO DE 65 CV, PESO 4,7 T, IMPACTO DINÂMICO 18,3 T, LARGURA DE TRABALHO 1,67 M - DEPRECIAÇÃO. AF_02/2016","H",9.15]
["Depreciação, Juros, Impostos e Seguros, Manutenção e Materiais na Operação dos Equipamentos",93238,"ROLO COMPACTADOR VIBRATÓRIO REBOCÁVEL, CILINDRO DE AÇO LISO, POTÊNCIA DE TRAÇÃO DE 65 CV, PESO 4,7 T, IMPACTO DINÂMICO 18,3 T, LARGURA DE TRABALHO 1,67 M - JUROS. AF_02/2016","H",2.4500000000000002]
["Depreciação, Juros, Impostos e Seguros, Manutenção e Materiais na Operação dos Equipamentos",5727,"ROLO COMPACTADOR VIBRATÓRIO REBOCÁVEL, CILINDRO DE AÇO LISO, POTÊNCIA DE TRAÇÃO DE 65 CV, PESO 4,7 T, IMPACTO DINÂMICO 18,3 T, LARGURA DE TRABALHO 1,67 M - MANUTENÇÃO. AF_02/2016","H",11.45]
["Depreciação, Juros, Impostos e Seguros, Manutenção e Materiais na Operação dos Equipamentos",89280,"ROLO COMPACTADOR VIBRATÓRIO TANDEM AÇO LISO, POTÊNCIA 58 HP, PESO SEM/COM LASTRO 6,5 / 9,4 T, LARGURA DE TRABALHO 1,2 M - DEPRECIAÇÃO. AF_06/2014","H",37.229999999999997]
["Depreciação, Juros, Impostos e Seguros, Manutenção e Materiais na Operação dos Equipamentos",89281,"ROLO COMPACTADOR VIBRATÓRIO TANDEM AÇO LISO, POTÊNCIA 58 HP, PESO SEM/COM LASTRO 6,5 / 9,4 T, LARGURA DE TRABALHO 1,2 M - JUROS. AF_06/2014","H",9.98]
["Depreciação, Juros, Impostos e Seguros, Manutenção e Materiais na Operação dos Equipamentos",5729,"ROLO COMPACTADOR VIBRATÓRIO TANDEM AÇO LISO, POTÊNCIA 58 HP, PESO SEM/COM LASTRO 6,5 / 9,4 T, LARGURA DE TRABALHO 1,2 M - MANUTENÇÃO. AF_06/2014","H",46.58]
["Depreciação, Juros, Impostos e Seguros, Manutenção e Materiais na Operação dos Equipamentos",5730,"ROLO COMPACTADOR VIBRATÓRIO TANDEM AÇO LISO, POTÊNCIA 58 HP, PESO SEM/COM LASTRO 6,5 / 9,4 T, LARGURA DE TRABALHO 1,2 M - MATERIAIS NA OPERAÇÃO. AF_06/2014","H",40.36]
["Depreciação, Juros, Impostos e Seguros, Manutenção e Materiais na Operação dos Equipamentos",95266,"RÉGUA VIBRATÓRIA DUPLA PARA CONCRETO, PESO DE 60KG, COMPRIMENTO 4 M, COM MOTOR A GASOLINA, POTÊNCIA 5,5 HP - DEPRECIAÇÃO. AF_09/2016","H",0.62]
["Depreciação, Juros, Impostos e Seguros, Manutenção e Materiais na Operação dos Equipamentos",95267,"RÉGUA VIBRATÓRIA DUPLA PARA CONCRETO, PESO DE 60KG, COMPRIMENTO 4 M, COM MOTOR A GASOLINA, POTÊNCIA 5,5 HP - JUROS. AF_09/2016","H",0.12]
["Depreciação, Juros, Impostos e Seguros, Manutenção e Materiais na Operação dos Equipamentos",95268,"RÉGUA VIBRATÓRIA DUPLA PARA CONCRETO, PESO DE 60KG, COMPRIMENTO 4 M, COM MOTOR A GASOLINA, POTÊNCIA 5,5 HP - MANUTENÇÃO. AF_09/2016","H",0.61]
["Depreciação, Juros, Impostos e Seguros, Manutenção e Materiais na Operação dos Equipamentos",95269,"RÉGUA VIBRATÓRIA DUPLA PARA CONCRETO, PESO DE 60KG, COMPRIMENTO 4 M, COM MOTOR A GASOLINA, POTÊNCIA 5,5 HP - MATERIAIS NA OPERAÇÃO. AF_09/2016","H",8.8699999999999992]
["Depreciação, Juros, Impostos e Seguros, Manutenção e Materiais na Operação dos Equipamentos",91688,"SERRA CIRCULAR DE BANCADA COM MOTOR ELÉTRICO POTÊNCIA DE 5HP, COM COIFA PARA DISCO 10\" - DEPRECIAÇÃO. AF_08/2015","H",0.1]
["Depreciação, Juros, Impostos e Seguros, Manutenção e Materiais na Operação dos Equipamentos",91689,"SERRA CIRCULAR DE BANCADA COM MOTOR ELÉTRICO POTÊNCIA DE 5HP, COM COIFA PARA DISCO 10\" - JUROS. AF_08/2015","H",0.02]
["Depreciação, Juros, Impostos e Seguros, Manutenção e Materiais na Operação dos Equipamentos",91690,"SERRA CIRCULAR DE BANCADA COM MOTOR ELÉTRICO POTÊNCIA DE 5HP, COM COIFA PARA DISCO 10\" - MANUTENÇÃO. AF_08/2015","H",7.0000000000000007E-2]
["Depreciação, Juros, Impostos e Seguros, Manutenção e Materiais na Operação dos Equipamentos",91691,"SERRA CIRCULAR DE BANCADA COM MOTOR ELÉTRICO POTÊNCIA DE 5HP, COM COIFA PARA DISCO 10\" - MATERIAIS NA OPERAÇÃO. AF_08/2015","H",1.5]
["Depreciação, Juros, Impostos e Seguros, Manutenção e Materiais na Operação dos Equipamentos",102924,"SERRA FITA HORIZONTAL, ELÉTRICA, COM CONTROLE HIDRÁULICO, PAINEL DE COMANDO EM 24 V, MOTOR ELÉTRICO 1,5 CV, DIMENSÕES DA FITA 3880 X 27 X 0,9 MM, TRIFÁSICA - DEPRECIAÇÃO. AF_05/2023","H",0]
["Depreciação, Juros, Impostos e Seguros, Manutenção e Materiais na Operação dos Equipamentos",102925,"SERRA FITA HORIZONTAL, ELÉTRICA, COM CONTROLE HIDRÁULICO, PAINEL DE COMANDO EM 24 V, MOTOR ELÉTRICO 1,5 CV, DIMENSÕES DA FITA 3880 X 27 X 0,9 MM, TRIFÁSICA - JUROS. AF_05/2023","H",0]
["Depreciação, Juros, Impostos e Seguros, Manutenção e Materiais na Operação dos Equipamentos",102926,"SERRA FITA HORIZONTAL, ELÉTRICA, COM CONTROLE HIDRÁULICO, PAINEL DE COMANDO EM 24 V, MOTOR ELÉTRICO 1,5 CV, DIMENSÕES DA FITA 3880 X 27 X 0,9 MM, TRIFÁSICA - MANUTENÇÃO. AF_05/2023","H",0]
["Depreciação, Juros, Impostos e Seguros, Manutenção e Materiais na Operação dos Equipamentos",102927,"SERRA FITA HORIZONTAL, ELÉTRICA, COM CONTROLE HIDRÁULICO, PAINEL DE COMANDO EM 24 V, MOTOR ELÉTRICO 1,5 CV, DIMENSÕES DA FITA 3880 X 27 X 0,9 MM, TRIFÁSICA - MATERIAIS NA OPERAÇÃO. AF_05/2023","H",1.04]
["Depreciação, Juros, Impostos e Seguros, Manutenção e Materiais na Operação dos Equipamentos",95136,"TALHA MANUAL DE CORRENTE, CAPACIDADE DE 2 TON. COM ELEVAÇÃO DE 3 M - DEPRECIAÇÃO. AF_07/2016","H",0.04]
["Depreciação, Juros, Impostos e Seguros, Manutenção e Materiais na Operação dos Equipamentos",95137,"TALHA MANUAL DE CORRENTE, CAPACIDADE DE 2 TON. COM ELEVAÇÃO DE 3 M - JUROS. AF_07/2016","H",0.01]
["Depreciação, Juros, Impostos e Seguros, Manutenção e Materiais na Operação dos Equipamentos",95138,"TALHA MANUAL DE CORRENTE, CAPACIDADE DE 2 TON. COM ELEVAÇÃO DE 3 M - MANUTENÇÃO. AF_07/2016","H",0.03]
["Depreciação, Juros, Impostos e Seguros, Manutenção e Materiais na Operação dos Equipamentos",89023,"TANQUE DE ASFALTO ESTACIONÁRIO COM MAÇARICO, CAPACIDADE 20.000 L - DEPRECIAÇÃO. AF_05/2023","H",3.82]
["Depreciação, Juros, Impostos e Seguros, Manutenção e Materiais na Operação dos Equipamentos",89024,"TANQUE DE ASFALTO ESTACIONÁRIO COM MAÇARICO, CAPACIDADE 20.000 L - JUROS. AF_05/2023","H",1.32]
["Depreciação, Juros, Impostos e Seguros, Manutenção e Materiais na Operação dos Equipamentos",89025,"TANQUE DE ASFALTO ESTACIONÁRIO COM MAÇARICO, CAPACIDADE 20.000 L - MANUTENÇÃO. AF_05/2023","H",4.78]
["Depreciação, Juros, Impostos e Seguros, Manutenção e Materiais na Operação dos Equipamentos",89026,"TANQUE DE ASFALTO ESTACIONÁRIO COM MAÇARICO, CAPACIDADE 20.000 L - MATERIAIS NA OPERAÇÃO. AF_05/2023","H",168.87]
["Depreciação, Juros, Impostos e Seguros, Manutenção e Materiais na Operação dos Equipamentos",7032,"TANQUE DE ASFALTO ESTACIONÁRIO COM SERPENTINA, CAPACIDADE 30.000 L - DEPRECIAÇÃO. AF_05/2023","H",4.7]
["Depreciação, Juros, Impostos e Seguros, Manutenção e Materiais na Operação dos Equipamentos",7033,"TANQUE DE ASFALTO ESTACIONÁRIO COM SERPENTINA, CAPACIDADE 30.000 L - JUROS. AF_05/2023","H",1.63]
["Depreciação, Juros, Impostos e Seguros, Manutenção e Materiais na Operação dos Equipamentos",7034,"TANQUE DE ASFALTO ESTACIONÁRIO COM SERPENTINA, CAPACIDADE 30.000 L - MANUTENÇÃO. AF_05/2023","H",5.88]
["Depreciação, Juros, Impostos e Seguros, Manutenção e Materiais na Operação dos Equipamentos",7035,"TANQUE DE ASFALTO ESTACIONÁRIO COM SERPENTINA, CAPACIDADE 30.000 L - MATERIAIS NA OPERAÇÃO. AF_05/2023","H",253.31]
["Depreciação, Juros, Impostos e Seguros, Manutenção e Materiais na Operação dos Equipamentos",102942,"TARTARUGA DE OXICORTE CG1, MONOFÁSICA, 220 V, FREQUÊNCIA 50 HZ, VELOCIDADE DE CORTE (MM/MIN) 50 A 750, DIÂMETRO MÍNIMO DO COMPASSO MM 200 - DEPRECIAÇÃO. AF_05/2023","H",0]
["Depreciação, Juros, Impostos e Seguros, Manutenção e Materiais na Operação dos Equipamentos",102943,"TARTARUGA DE OXICORTE CG1, MONOFÁSICA, 220 V, FREQUÊNCIA 50 HZ, VELOCIDADE DE CORTE (MM/MIN) 50 A 750, DIÂMETRO MÍNIMO DO COMPASSO MM 200 - JUROS. AF_05/2023","H",0]
["Depreciação, Juros, Impostos e Seguros, Manutenção e Materiais na Operação dos Equipamentos",102944,"TARTARUGA DE OXICORTE CG1, MONOFÁSICA, 220 V, FREQUÊNCIA 50 HZ, VELOCIDADE DE CORTE (MM/MIN) 50 A 750, DIÂMETRO MÍNIMO DO COMPASSO MM 200 - MANUTENÇÃO. AF_05/2023","H",0]
["Depreciação, Juros, Impostos e Seguros, Manutenção e Materiais na Operação dos Equipamentos",102945,"TARTARUGA DE OXICORTE CG1, MONOFÁSICA, 220 V, FREQUÊNCIA 50 HZ, VELOCIDADE DE CORTE (MM/MIN) 50 A 750, DIÂMETRO MÍNIMO DO COMPASSO MM 200 - MATERIAIS NA OPERAÇÃO. AF_05/2023","H",0.02]
["Depreciação, Juros, Impostos e Seguros, Manutenção e Materiais na Operação dos Equipamentos",104087,"TERMOFUSORA PARA TUBOS E CONEXÕES EM PPR COM DIÂMETROS DE 20 A 63 MM, POTÊNCIA DE 800 W, TENSAO 220 V - DEPRECIAÇÃO. AF_05/2022","H",0.06]
["Depreciação, Juros, Impostos e Seguros, Manutenção e Materiais na Operação dos Equipamentos",104088,"TERMOFUSORA PARA TUBOS E CONEXÕES EM PPR COM DIÂMETROS DE 20 A 63 MM, POTÊNCIA DE 800 W, TENSAO 220 V - JUROS. AF_05/2022","H",0.01]
["Depreciação, Juros, Impostos e Seguros, Manutenção e Materiais na Operação dos Equipamentos",104089,"TERMOFUSORA PARA TUBOS E CONEXÕES EM PPR COM DIÂMETROS DE 20 A 63 MM, POTÊNCIA DE 800 W, TENSAO 220 V - MANUTENÇÃO. AF_05/2022","H",0.08]
["Depreciação, Juros, Impostos e Seguros, Manutenção e Materiais na Operação dos Equipamentos",104090,"TERMOFUSORA PARA TUBOS E CONEXÕES EM PPR COM DIÂMETROS DE 20 A 63 MM, POTÊNCIA DE 800 W, TENSAO 220 V - MATERIAIS NA OPERAÇÃO. AF_05/2022","H",0.75]
["Depreciação, Juros, Impostos e Seguros, Manutenção e Materiais na Operação dos Equipamentos",104093,"TERMOFUSORA PARA TUBOS E CONEXÕES EM PPR COM DIÂMETROS DE 75 A 110 MM, POTÊNCIA DE *1100* W, TENSÃO 220 V - DEPRECIAÇÃO. AF_05/2022","H",0.09]
["Depreciação, Juros, Impostos e Seguros, Manutenção e Materiais na Operação dos Equipamentos",104094,"TERMOFUSORA PARA TUBOS E CONEXÕES EM PPR COM DIÂMETROS DE 75 A 110 MM, POTÊNCIA DE *1100* W, TENSÃO 220 V - JUROS. AF_05/2022","H",0.02]
["Depreciação, Juros, Impostos e Seguros, Manutenção e Materiais na Operação dos Equipamentos",104095,"TERMOFUSORA PARA TUBOS E CONEXÕES EM PPR COM DIÂMETROS DE 75 A 110 MM, POTÊNCIA DE *1100* W, TENSÃO 220 V - MANUTENÇÃO. AF_05/2022","H",0.11]
["Depreciação, Juros, Impostos e Seguros, Manutenção e Materiais na Operação dos Equipamentos",104096,"TERMOFUSORA PARA TUBOS E CONEXÕES EM PPR COM DIÂMETROS DE 75 A 110 MM, POTÊNCIA DE *1100* W, TENSÃO 220 V - MATERIAIS NA OPERAÇÃO. AF_05/2022","H",1.04]
["Depreciação, Juros, Impostos e Seguros, Manutenção e Materiais na Operação dos Equipamentos",102900,"TORRE, COMPOSTA POR GUINCHO MECÂNICO, GUINCHO MANUAL, CABOS DE AÇO, PITEIRA E SOQUETE - DEPRECIAÇÃO. AF_05/2023","H",0]
["Depreciação, Juros, Impostos e Seguros, Manutenção e Materiais na Operação dos Equipamentos",102901,"TORRE, COMPOSTA POR GUINCHO MECÂNICO, GUINCHO MANUAL, CABOS DE AÇO, PITEIRA E SOQUETE - JUROS. AF_05/2023","H",0]
["Depreciação, Juros, Impostos e Seguros, Manutenção e Materiais na Operação dos Equipamentos",102902,"TORRE, COMPOSTA POR GUINCHO MECÂNICO, GUINCHO MANUAL, CABOS DE AÇO, PITEIRA E SOQUETE - MANUTENÇÃO. AF_05/2023","H",0]
["Depreciação, Juros, Impostos e Seguros, Manutenção e Materiais na Operação dos Equipamentos",102903,"TORRE, COMPOSTA POR GUINCHO MECÂNICO, GUINCHO MANUAL, CABOS DE AÇO, PITEIRA E SOQUETE - MATERIAIS NA OPERAÇÃO. AF_05/2023","H",11.52]
["Depreciação, Juros, Impostos e Seguros, Manutenção e Materiais na Operação dos Equipamentos",89029,"TRATOR DE ESTEIRAS, POTÊNCIA 100 HP, PESO OPERACIONAL 9,4 T, COM LÂMINA 2,19 M3 - DEPRECIAÇÃO. AF_06/2014","H",33.36]
["Depreciação, Juros, Impostos e Seguros, Manutenção e Materiais na Operação dos Equipamentos",89030,"TRATOR DE ESTEIRAS, POTÊNCIA 100 HP, PESO OPERACIONAL 9,4 T, COM LÂMINA 2,19 M3 - JUROS. AF_06/2014","H",14.69]
["Depreciação, Juros, Impostos e Seguros, Manutenção e Materiais na Operação dos Equipamentos",5724,"TRATOR DE ESTEIRAS, POTÊNCIA 100 HP, PESO OPERACIONAL 9,4 T, COM LÂMINA 2,19 M3 - MANUTENÇÃO. AF_06/2014","H",59.65]
["Depreciação, Juros, Impostos e Seguros, Manutenção e Materiais na Operação dos Equipamentos",53817,"TRATOR DE ESTEIRAS, POTÊNCIA 100 HP, PESO OPERACIONAL 9,4 T, COM LÂMINA 2,19 M3 - MATERIAIS NA OPERAÇÃO. AF_06/2014","H",61.7]
["Depreciação, Juros, Impostos e Seguros, Manutenção e Materiais na Operação dos Equipamentos",88839,"TRATOR DE ESTEIRAS, POTÊNCIA 125 HP, PESO OPERACIONAL 12,9 T, COM LÂMINA 2,7 M3 - DEPRECIAÇÃO. AF_10/2014","H",34.92]
["Depreciação, Juros, Impostos e Seguros, Manutenção e Materiais na Operação dos Equipamentos",88840,"TRATOR DE ESTEIRAS, POTÊNCIA 125 HP, PESO OPERACIONAL 12,9 T, COM LÂMINA 2,7 M3 - JUROS. AF_10/2014","H",15.38]
["Depreciação, Juros, Impostos e Seguros, Manutenção e Materiais na Operação dos Equipamentos",88841,"TRATOR DE ESTEIRAS, POTÊNCIA 125 HP, PESO OPERACIONAL 12,9 T, COM LÂMINA 2,7 M3 - MANUTENÇÃO. AF_10/2014","H",62.43]
["Depreciação, Juros, Impostos e Seguros, Manutenção e Materiais na Operação dos Equipamentos",88842,"TRATOR DE ESTEIRAS, POTÊNCIA 125 HP, PESO OPERACIONAL 12,9 T, COM LÂMINA 2,7 M3 - MATERIAIS NA OPERAÇÃO. AF_10/2014","H",77.180000000000007]
["Depreciação, Juros, Impostos e Seguros, Manutenção e Materiais na Operação dos Equipamentos",89009,"TRATOR DE ESTEIRAS, POTÊNCIA 150 HP, PESO OPERACIONAL 16,7 T, COM RODA MOTRIZ ELEVADA E LÂMINA 3,18 M3 - DEPRECIAÇÃO. AF_06/2014","H",43.26]
["Depreciação, Juros, Impostos e Seguros, Manutenção e Materiais na Operação dos Equipamentos",89010,"TRATOR DE ESTEIRAS, POTÊNCIA 150 HP, PESO OPERACIONAL 16,7 T, COM RODA MOTRIZ ELEVADA E LÂMINA 3,18 M3 - JUROS. AF_06/2014","H",19.05]
["Depreciação, Juros, Impostos e Seguros, Manutenção e Materiais na Operação dos Equipamentos",53810,"TRATOR DE ESTEIRAS, POTÊNCIA 150 HP, PESO OPERACIONAL 16,7 T, COM RODA MOTRIZ ELEVADA E LÂMINA 3,18 M3 - MANUTENÇÃO. AF_06/2014","H",77.33]
["Depreciação, Juros, Impostos e Seguros, Manutenção e Materiais na Operação dos Equipamentos",5721,"TRATOR DE ESTEIRAS, POTÊNCIA 150 HP, PESO OPERACIONAL 16,7 T, COM RODA MOTRIZ ELEVADA E LÂMINA 3,18 M3 - MATERIAIS NA OPERAÇÃO. AF_06/2014","H",92.6]
["Depreciação, Juros, Impostos e Seguros, Manutenção e Materiais na Operação dos Equipamentos",89017,"TRATOR DE ESTEIRAS, POTÊNCIA 170 HP, PESO OPERACIONAL 19 T, CAÇAMBA 5,2 M3 - DEPRECIAÇÃO. AF_06/2014","H",42.99]
["Depreciação, Juros, Impostos e Seguros, Manutenção e Materiais na Operação dos Equipamentos",89018,"TRATOR DE ESTEIRAS, POTÊNCIA 170 HP, PESO OPERACIONAL 19 T, CAÇAMBA 5,2 M3 - JUROS. AF_06/2014","H",18.940000000000001]
["Depreciação, Juros, Impostos e Seguros, Manutenção e Materiais na Operação dos Equipamentos",53806,"TRATOR DE ESTEIRAS, POTÊNCIA 170 HP, PESO OPERACIONAL 19 T, CAÇAMBA 5,2 M3 - MANUTENÇÃO. AF_06/2014","H",76.86]
["Depreciação, Juros, Impostos e Seguros, Manutenção e Materiais na Operação dos Equipamentos",5718,"TRATOR DE ESTEIRAS, POTÊNCIA 170 HP, PESO OPERACIONAL 19 T, CAÇAMBA 5,2 M3 - MATERIAIS NA OPERAÇÃO. AF_06/2014","H",104.96]
["Depreciação, Juros, Impostos e Seguros, Manutenção e Materiais na Operação dos Equipamentos",89013,"TRATOR DE ESTEIRAS, POTÊNCIA 347 HP, PESO OPERACIONAL 38,5 T, COM LÂMINA 8,70 M3 - DEPRECIAÇÃO. AF_06/2014","H",141.69999999999999]
["Depreciação, Juros, Impostos e Seguros, Manutenção e Materiais na Operação dos Equipamentos",89014,"TRATOR DE ESTEIRAS, POTÊNCIA 347 HP, PESO OPERACIONAL 38,5 T, COM LÂMINA 8,70 M3 - JUROS. AF_06/2014","H",62.42]
["Depreciação, Juros, Impostos e Seguros, Manutenção e Materiais na Operação dos Equipamentos",53814,"TRATOR DE ESTEIRAS, POTÊNCIA 347 HP, PESO OPERACIONAL 38,5 T, COM LÂMINA 8,70 M3 - MANUTENÇÃO. AF_06/2014","H",253.33]
["Depreciação, Juros, Impostos e Seguros, Manutenção e Materiais na Operação dos Equipamentos",5722,"TRATOR DE ESTEIRAS, POTÊNCIA 347 HP, PESO OPERACIONAL 38,5 T, COM LÂMINA 8,70 M3 - MATERIAIS NA OPERAÇÃO. AF_06/2014","H",214.17]
["Depreciação, Juros, Impostos e Seguros, Manutenção e Materiais na Operação dos Equipamentos",96015,"TRATOR DE PNEUS COM POTÊNCIA DE 122 CV, TRAÇÃO 4X4, COM GRADE DE DISCOS ACOPLADA - DEPRECIAÇÃO. AF_02/2017","H",21.95]
["Depreciação, Juros, Impostos e Seguros, Manutenção e Materiais na Operação dos Equipamentos",96016,"TRATOR DE PNEUS COM POTÊNCIA DE 122 CV, TRAÇÃO 4X4, COM GRADE DE DISCOS ACOPLADA - JUROS. AF_02/2017","H",5.88]
["Depreciação, Juros, Impostos e Seguros, Manutenção e Materiais na Operação dos Equipamentos",96018,"TRATOR DE PNEUS COM POTÊNCIA DE 122 CV, TRAÇÃO 4X4, COM GRADE DE DISCOS ACOPLADA - MANUTENÇÃO. AF_02/2017","H",24.01]
["Depreciação, Juros, Impostos e Seguros, Manutenção e Materiais na Operação dos Equipamentos",96019,"TRATOR DE PNEUS COM POTÊNCIA DE 122 CV, TRAÇÃO 4X4, COM GRADE DE DISCOS ACOPLADA - MATERIAIS NA OPERAÇÃO. AF_02/2017","H",95.5]
["Depreciação, Juros, Impostos e Seguros, Manutenção e Materiais na Operação dos Equipamentos",96008,"TRATOR DE PNEUS COM POTÊNCIA DE 122 CV, TRAÇÃO 4X4, COM VASSOURA MECÂNICA ACOPLADA - DEPRECIAÇÃO. AF_02/2017","H",22.14]
["Depreciação, Juros, Impostos e Seguros, Manutenção e Materiais na Operação dos Equipamentos",96009,"TRATOR DE PNEUS COM POTÊNCIA DE 122 CV, TRAÇÃO 4X4, COM VASSOURA MECÂNICA ACOPLADA - JUROS. AF_02/2017","H",5.93]
["Depreciação, Juros, Impostos e Seguros, Manutenção e Materiais na Operação dos Equipamentos",96011,"TRATOR DE PNEUS COM POTÊNCIA DE 122 CV, TRAÇÃO 4X4, COM VASSOURA MECÂNICA ACOPLADA - MANUTENÇÃO. AF_02/2017","H",24.23]
["Depreciação, Juros, Impostos e Seguros, Manutenção e Materiais na Operação dos Equipamentos",96012,"TRATOR DE PNEUS COM POTÊNCIA DE 122 CV, TRAÇÃO 4X4, COM VASSOURA MECÂNICA ACOPLADA - MATERIAIS NA OPERAÇÃO. AF_02/2017","H",95.5]
["Depreciação, Juros, Impostos e Seguros, Manutenção e Materiais na Operação dos Equipamentos",96023,"TRATOR DE PNEUS COM POTÊNCIA DE 85 CV, TRAÇÃO 4X4, COM GRADE DE DISCOS ACOPLADA - DEPRECIAÇÃO. AF_02/2017","H",16.95]
["Depreciação, Juros, Impostos e Seguros, Manutenção e Materiais na Operação dos Equipamentos",96024,"TRATOR DE PNEUS COM POTÊNCIA DE 85 CV, TRAÇÃO 4X4, COM GRADE DE DISCOS ACOPLADA - JUROS. AF_02/2017","H",4.54]
["Depreciação, Juros, Impostos e Seguros, Manutenção e Materiais na Operação dos Equipamentos",96026,"TRATOR DE PNEUS COM POTÊNCIA DE 85 CV, TRAÇÃO 4X4, COM GRADE DE DISCOS ACOPLADA - MANUTENÇÃO. AF_02/2017","H",18.54]
["Depreciação, Juros, Impostos e Seguros, Manutenção e Materiais na Operação dos Equipamentos",96027,"TRATOR DE PNEUS COM POTÊNCIA DE 85 CV, TRAÇÃO 4X4, COM GRADE DE DISCOS ACOPLADA - MATERIAIS NA OPERAÇÃO. AF_02/2017","H",66.540000000000006]
["Depreciação, Juros, Impostos e Seguros, Manutenção e Materiais na Operação dos Equipamentos",96053,"TRATOR DE PNEUS COM POTÊNCIA DE 85 CV, TRAÇÃO 4X4, COM VASSOURA MECÂNICA ACOPLADA - DEPRECIAÇÃO. AF_03/2017","H",17.14]
["Depreciação, Juros, Impostos e Seguros, Manutenção e Materiais na Operação dos Equipamentos",96055,"TRATOR DE PNEUS COM POTÊNCIA DE 85 CV, TRAÇÃO 4X4, COM VASSOURA MECÂNICA ACOPLADA - JUROS. AF_03/2017","H",4.59]
["Depreciação, Juros, Impostos e Seguros, Manutenção e Materiais na Operação dos Equipamentos",96056,"TRATOR DE PNEUS COM POTÊNCIA DE 85 CV, TRAÇÃO 4X4, COM VASSOURA MECÂNICA ACOPLADA - MANUTENÇÃO. AF_03/2017","H",18.760000000000002]
["Depreciação, Juros, Impostos e Seguros, Manutenção e Materiais na Operação dos Equipamentos",96057,"TRATOR DE PNEUS COM POTÊNCIA DE 85 CV, TRAÇÃO 4X4, COM VASSOURA MECÂNICA ACOPLADA - MATERIAIS NA OPERAÇÃO. AF_03/2017","H",66.540000000000006]
["Depreciação, Juros, Impostos e Seguros, Manutenção e Materiais na Operação dos Equipamentos",7063,"TRATOR DE PNEUS, POTÊNCIA 122 CV, TRAÇÃO 4X4, PESO COM LASTRO DE 4.510 KG - DEPRECIAÇÃO. AF_06/2014","H",18.73]
["Depreciação, Juros, Impostos e Seguros, Manutenção e Materiais na Operação dos Equipamentos",7064,"TRATOR DE PNEUS, POTÊNCIA 122 CV, TRAÇÃO 4X4, PESO COM LASTRO DE 4.510 KG - JUROS. AF_06/2014","H",5.0599999999999996]
["Depreciação, Juros, Impostos e Seguros, Manutenção e Materiais na Operação dos Equipamentos",7065,"TRATOR DE PNEUS, POTÊNCIA 122 CV, TRAÇÃO 4X4, PESO COM LASTRO DE 4.510 KG - MANUTENÇÃO. AF_06/2014","H",20.49]
["Depreciação, Juros, Impostos e Seguros, Manutenção e Materiais na Operação dos Equipamentos",7066,"TRATOR DE PNEUS, POTÊNCIA 122 CV, TRAÇÃO 4X4, PESO COM LASTRO DE 4.510 KG - MATERIAIS NA OPERAÇÃO. AF_06/2014","H",95.5]
["Depreciação, Juros, Impostos e Seguros, Manutenção e Materiais na Operação dos Equipamentos",89033,"TRATOR DE PNEUS, POTÊNCIA 85 CV, TRAÇÃO 4X4, PESO COM LASTRO DE 4.675 KG - DEPRECIAÇÃO. AF_06/2014","H",13.73]
["Depreciação, Juros, Impostos e Seguros, Manutenção e Materiais na Operação dos Equipamentos",89034,"TRATOR DE PNEUS, POTÊNCIA 85 CV, TRAÇÃO 4X4, PESO COM LASTRO DE 4.675 KG - JUROS. AF_06/2014","H",3.68]
["Depreciação, Juros, Impostos e Seguros, Manutenção e Materiais na Operação dos Equipamentos",5714,"TRATOR DE PNEUS, POTÊNCIA 85 CV, TRAÇÃO 4X4, PESO COM LASTRO DE 4.675 KG - MANUTENÇÃO. AF_06/2014","H",15.02]
["Depreciação, Juros, Impostos e Seguros, Manutenção e Materiais na Operação dos Equipamentos",5715,"TRATOR DE PNEUS, POTÊNCIA 85 CV, TRAÇÃO 4X4, PESO COM LASTRO DE 4.675 KG - MATERIAIS NA OPERAÇÃO. AF_06/2014","H",66.540000000000006]
["Depreciação, Juros, Impostos e Seguros, Manutenção e Materiais na Operação dos Equipamentos",102906,"UNIDADE DOSADORA AIRLESS TIPO HOT SPRAY - DEPRECIAÇÃO. AF_05/2023","H",0]
["Depreciação, Juros, Impostos e Seguros, Manutenção e Materiais na Operação dos Equipamentos",102907,"UNIDADE DOSADORA AIRLESS TIPO HOT SPRAY - JUROS. AF_05/2023","H",0]
["Depreciação, Juros, Impostos e Seguros, Manutenção e Materiais na Operação dos Equipamentos",102908,"UNIDADE DOSADORA AIRLESS TIPO HOT SPRAY - MANUTENÇÃO. AF_05/2023","H",0]
["Depreciação, Juros, Impostos e Seguros, Manutenção e Materiais na Operação dos Equipamentos",102909,"UNIDADE DOSADORA AIRLESS TIPO HOT SPRAY - MATERIAIS NA OPERAÇÃO. AF_05/2023","H",4.5199999999999996]
["Depreciação, Juros, Impostos e Seguros, Manutenção e Materiais na Operação dos Equipamentos",93435,"USINA DE ASFALTO À FRIO, CAPACIDADE DE 40 A 60 TON/HORA, ELÉTRICA POTÊNCIA 30 CV - DEPRECIAÇÃO. AF_05/2023","H",9.26]
["Depreciação, Juros, Impostos e Seguros, Manutenção e Materiais na Operação dos Equipamentos",93436,"USINA DE ASFALTO À FRIO, CAPACIDADE DE 40 A 60 TON/HORA, ELÉTRICA POTÊNCIA 30 CV - JUROS. AF_05/2023","H",2.85]
["Depreciação, Juros, Impostos e Seguros, Manutenção e Materiais na Operação dos Equipamentos",93437,"USINA DE ASFALTO À FRIO, CAPACIDADE DE 40 A 60 TON/HORA, ELÉTRICA POTÊNCIA 30 CV - MANUTENÇÃO. AF_05/2023","H",10.130000000000001]
["Depreciação, Juros, Impostos e Seguros, Manutenção e Materiais na Operação dos Equipamentos",93438,"USINA DE ASFALTO À FRIO, CAPACIDADE DE 40 A 60 TON/HORA, ELÉTRICA POTÊNCIA 30 CV - MATERIAIS NA OPERAÇÃO. AF_05/2023","H",110.93]
["Depreciação, Juros, Impostos e Seguros, Manutenção e Materiais na Operação dos Equipamentos",100643,"USINA DE ASFALTO, TIPO GRAVIMÉTRICA, PROD 150 TON/HORA - DEPRECIAÇÃO. AF_12/2019","H",415.12]
["Depreciação, Juros, Impostos e Seguros, Manutenção e Materiais na Operação dos Equipamentos",100644,"USINA DE ASFALTO, TIPO GRAVIMÉTRICA, PROD 150 TON/HORA - JUROS. AF_12/2019","H",146.33000000000001]
["Depreciação, Juros, Impostos e Seguros, Manutenção e Materiais na Operação dos Equipamentos",100645,"USINA DE ASFALTO, TIPO GRAVIMÉTRICA, PROD 150 TON/HORA - MANUTENÇÃO. AF_12/2019","H",667.32]
["Depreciação, Juros, Impostos e Seguros, Manutenção e Materiais na Operação dos Equipamentos",100646,"USINA DE ASFALTO, TIPO GRAVIMÉTRICA, PROD 150 TON/HORA - MATERIAIS NA OPERAÇÃO. AF_12/2019","H",5319]
["Depreciação, Juros, Impostos e Seguros, Manutenção e Materiais na Operação dos Equipamentos",95116,"USINA DE CONCRETO FIXA, CAPACIDADE NOMINAL DE 90 A 120 M3/H, SEM SILO - DEPRECIAÇÃO. AF_07/2016","H",32.549999999999997]
["Depreciação, Juros, Impostos e Seguros, Manutenção e Materiais na Operação dos Equipamentos",95117,"USINA DE CONCRETO FIXA, CAPACIDADE NOMINAL DE 90 A 120 M3/H, SEM SILO - JUROS. AF_07/2016","H",10.039999999999999]
["Depreciação, Juros, Impostos e Seguros, Manutenção e Materiais na Operação dos Equipamentos",53794,"USINA DE CONCRETO FIXA, CAPACIDADE NOMINAL DE 90 A 120 M3/H, SEM SILO - MANUTENÇÃO. AF_07/2016","H",35.619999999999997]
["Depreciação, Juros, Impostos e Seguros, Manutenção e Materiais na Operação dos Equipamentos",5703,"USINA DE CONCRETO FIXA, CAPACIDADE NOMINAL DE 90 A 120 M3/H, SEM SILO - MATERIAIS NA OPERAÇÃO. AF_07/2016","H",26.41]
["Depreciação, Juros, Impostos e Seguros, Manutenção e Materiais na Operação dos Equipamentos",88847,"USINA DE LAMA ASFÁLTICA, PROD 30 A 50 T/H, SILO DE AGREGADO 7 M3, RESERVATÓRIOS PARA EMULSÃO E ÁGUA DE 2,3 M3 CADA, MISTURADOR TIPO PUG MILL A SER MONTADO SOBRE CAMINHÃO - DEPRECIAÇÃO. AF_10/2014","H",27.62]
["Depreciação, Juros, Impostos e Seguros, Manutenção e Materiais na Operação dos Equipamentos",88848,"USINA DE LAMA ASFÁLTICA, PROD 30 A 50 T/H, SILO DE AGREGADO 7 M3, RESERVATÓRIOS PARA EMULSÃO E ÁGUA DE 2,3 M3 CADA, MISTURADOR TIPO PUG MILL A SER MONTADO SOBRE CAMINHÃO - JUROS. AF_10/2014","H",11.35]
["Depreciação, Juros, Impostos e Seguros, Manutenção e Materiais na Operação dos Equipamentos",5741,"USINA DE LAMA ASFÁLTICA, PROD 30 A 50 T/H, SILO DE AGREGADO 7 M3, RESERVATÓRIOS PARA EMULSÃO E ÁGUA DE 2,3 M3 CADA, MISTURADOR TIPO PUG MILL A SER MONTADO SOBRE CAMINHÃO - MANUTENÇÃO. AF_10/2014","H",51.77]
["Depreciação, Juros, Impostos e Seguros, Manutenção e Materiais na Operação dos Equipamentos",5742,"USINA DE LAMA ASFÁLTICA, PROD 30 A 50 T/H, SILO DE AGREGADO 7 M3, RESERVATÓRIOS PARA EMULSÃO E ÁGUA DE 2,3 M3 CADA, MISTURADOR TIPO PUG MILL A SER MONTADO SOBRE CAMINHÃO - MATERIAIS NA OPERAÇÃO. AF_10/2014","H",27.24]
["Depreciação, Juros, Impostos e Seguros, Manutenção e Materiais na Operação dos Equipamentos",100637,"USINA DE MISTURA ASFÁLTICA À QUENTE, TIPO CONTRA FLUXO, PROD 100 A 140 TON/HORA - DEPRECIAÇÃO. AF_12/2019","H",202.6]
["Depreciação, Juros, Impostos e Seguros, Manutenção e Materiais na Operação dos Equipamentos",100638,"USINA DE MISTURA ASFÁLTICA À QUENTE, TIPO CONTRA FLUXO, PROD 100 A 140 TON/HORA - JUROS. AF_12/2019","H",62.27]
["Depreciação, Juros, Impostos e Seguros, Manutenção e Materiais na Operação dos Equipamentos",100639,"USINA DE MISTURA ASFÁLTICA À QUENTE, TIPO CONTRA FLUXO, PROD 100 A 140 TON/HORA - MANUTENÇÃO. AF_12/2019","H",253.44]
["Depreciação, Juros, Impostos e Seguros, Manutenção e Materiais na Operação dos Equipamentos",100640,"USINA DE MISTURA ASFÁLTICA À QUENTE, TIPO CONTRA FLUXO, PROD 100 A 140 TON/HORA - MATERIAIS NA OPERAÇÃO. AF_12/2019","H",4255.2]
["Depreciação, Juros, Impostos e Seguros, Manutenção e Materiais na Operação dos Equipamentos",93429,"USINA DE MISTURA ASFÁLTICA À QUENTE, TIPO CONTRA FLUXO, PROD 40 A 80 TON/HORA - DEPRECIAÇÃO. AF_05/2023","H",164.94]
["Depreciação, Juros, Impostos e Seguros, Manutenção e Materiais na Operação dos Equipamentos",93430,"USINA DE MISTURA ASFÁLTICA À QUENTE, TIPO CONTRA FLUXO, PROD 40 A 80 TON/HORA - JUROS. AF_05/2023","H",50.7]
["Depreciação, Juros, Impostos e Seguros, Manutenção e Materiais na Operação dos Equipamentos",93431,"USINA DE MISTURA ASFÁLTICA À QUENTE, TIPO CONTRA FLUXO, PROD 40 A 80 TON/HORA - MANUTENÇÃO. AF_05/2023","H",206.33]
["Depreciação, Juros, Impostos e Seguros, Manutenção e Materiais na Operação dos Equipamentos",93432,"USINA DE MISTURA ASFÁLTICA À QUENTE, TIPO CONTRA FLUXO, PROD 40 A 80 TON/HORA - MATERIAIS NA OPERAÇÃO. AF_05/2023","H",2127.6]
["Depreciação, Juros, Impostos e Seguros, Manutenção e Materiais na Operação dos Equipamentos",95118,"USINA MISTURADORA DE SOLOS, CAPACIDADE DE 200 A 500 TON/H, POTENCIA 75KW - DEPRECIAÇÃO. AF_07/2016","H",75.64]
["Depreciação, Juros, Impostos e Seguros, Manutenção e Materiais na Operação dos Equipamentos",95119,"USINA MISTURADORA DE SOLOS, CAPACIDADE DE 200 A 500 TON/H, POTENCIA 75KW - JUROS. AF_07/2016","H",23.34]
["Depreciação, Juros, Impostos e Seguros, Manutenção e Materiais na Operação dos Equipamentos",5707,"USINA MISTURADORA DE SOLOS, CAPACIDADE DE 200 A 500 TON/H, POTENCIA 75KW - MANUTENÇÃO. AF_07/2016","H",82.76]
["Depreciação, Juros, Impostos e Seguros, Manutenção e Materiais na Operação dos Equipamentos",95120,"USINA MISTURADORA DE SOLOS, CAPACIDADE DE 200 A 500 TON/H, POTENCIA 75KW - MATERIAIS NA OPERAÇÃO. AF_07/2016","H",70.760000000000005]
["Depreciação, Juros, Impostos e Seguros, Manutenção e Materiais na Operação dos Equipamentos",103657,"VARREDEIRA DE GRAMA SINTÉTICA A GASOLINA, 2,4 CV, 4 TEMPOS - DEPRECIAÇÃO. AF_05/2023","H",0]
["Depreciação, Juros, Impostos e Seguros, Manutenção e Materiais na Operação dos Equipamentos",103658,"VARREDEIRA DE GRAMA SINTÉTICA A GASOLINA, 2,4 CV, 4 TEMPOS - JUROS. AF_05/2023","H",0]
["Depreciação, Juros, Impostos e Seguros, Manutenção e Materiais na Operação dos Equipamentos",103659,"VARREDEIRA DE GRAMA SINTÉTICA A GASOLINA, 2,4 CV, 4 TEMPOS - MANUTENÇÃO. AF_05/2023","H",0]
["Depreciação, Juros, Impostos e Seguros, Manutenção e Materiais na Operação dos Equipamentos",103660,"VARREDEIRA DE GRAMA SINTÉTICA A GASOLINA, 2,4 CV, 4 TEMPOS - MATERIAIS NA OPERAÇÃO. AF_05/2023","H",11.95]
["Depreciação, Juros, Impostos e Seguros, Manutenção e Materiais na Operação dos Equipamentos",89015,"VASSOURA MECÂNICA REBOCÁVEL COM ESCOVA CILÍNDRICA, LARGURA ÚTIL DE VARRIMENTO DE 2,44 M - DEPRECIAÇÃO. AF_06/2014","H",3.59]
["Depreciação, Juros, Impostos e Seguros, Manutenção e Materiais na Operação dos Equipamentos",89016,"VASSOURA MECÂNICA REBOCÁVEL COM ESCOVA CILÍNDRICA, LARGURA ÚTIL DE VARRIMENTO DE 2,44 M - JUROS. AF_06/2014","H",0.94]
["Depreciação, Juros, Impostos e Seguros, Manutenção e Materiais na Operação dos Equipamentos",53804,"VASSOURA MECÂNICA REBOCÁVEL COM ESCOVA CILÍNDRICA, LARGURA ÚTIL DE VARRIMENTO DE 2,44 M - MANUTENÇÃO. AF_06/2014","H",4.49]
["Depreciação, Juros, Impostos e Seguros, Manutenção e Materiais na Operação dos Equipamentos",90582,"VIBRADOR DE IMERSÃO, DIÂMETRO DE PONTEIRA 45MM, MOTOR ELÉTRICO TRIFÁSICO POTÊNCIA DE 2 CV - DEPRECIAÇÃO. AF_06/2015","H",0.43]
["Depreciação, Juros, Impostos e Seguros, Manutenção e Materiais na Operação dos Equipamentos",90583,"VIBRADOR DE IMERSÃO, DIÂMETRO DE PONTEIRA 45MM, MOTOR ELÉTRICO TRIFÁSICO POTÊNCIA DE 2 CV - JUROS. AF_06/2015","H",0.09]
["Depreciação, Juros, Impostos e Seguros, Manutenção e Materiais na Operação dos Equipamentos",90584,"VIBRADOR DE IMERSÃO, DIÂMETRO DE PONTEIRA 45MM, MOTOR ELÉTRICO TRIFÁSICO POTÊNCIA DE 2 CV - MANUTENÇÃO. AF_06/2015","H",0.33]
["Depreciação, Juros, Impostos e Seguros, Manutenção e Materiais na Operação dos Equipamentos",90585,"VIBRADOR DE IMERSÃO, DIÂMETRO DE PONTEIRA 45MM, MOTOR ELÉTRICO TRIFÁSICO POTÊNCIA DE 2 CV - MATERIAIS NA OPERAÇÃO. AF_06/2015","H",0.56999999999999995]
["Depreciação, Juros, Impostos e Seguros, Manutenção e Materiais na Operação dos Equipamentos",89240,"VIBROACABADORA DE ASFALTO SOBRE ESTEIRAS, LARGURA DE PAVIMENTAÇÃO 1,90 M A 5,30 M, POTÊNCIA 105 HP CAPACIDADE 450 T/H - DEPRECIAÇÃO. AF_11/2014","H",78.09]
["Depreciação, Juros, Impostos e Seguros, Manutenção e Materiais na Operação dos Equipamentos",89241,"VIBROACABADORA DE ASFALTO SOBRE ESTEIRAS, LARGURA DE PAVIMENTAÇÃO 1,90 M A 5,30 M, POTÊNCIA 105 HP CAPACIDADE 450 T/H - JUROS. AF_11/2014","H",27.53]
["Depreciação, Juros, Impostos e Seguros, Manutenção e Materiais na Operação dos Equipamentos",5710,"VIBROACABADORA DE ASFALTO SOBRE ESTEIRAS, LARGURA DE PAVIMENTAÇÃO 1,90 M A 5,30 M, POTÊNCIA 105 HP CAPACIDADE 450 T/H - MANUTENÇÃO. AF_11/2014","H",125.54]
["Depreciação, Juros, Impostos e Seguros, Manutenção e Materiais na Operação dos Equipamentos",5711,"VIBROACABADORA DE ASFALTO SOBRE ESTEIRAS, LARGURA DE PAVIMENTAÇÃO 1,90 M A 5,30 M, POTÊNCIA 105 HP CAPACIDADE 450 T/H - MATERIAIS NA OPERAÇÃO. AF_11/2014","H",87.94]
["Depreciação, Juros, Impostos e Seguros, Manutenção e Materiais na Operação dos Equipamentos",89253,"VIBROACABADORA DE ASFALTO SOBRE ESTEIRAS, LARGURA DE PAVIMENTAÇÃO 2,13 M A 4,55 M, POTÊNCIA 100 HP, CAPACIDADE 400 T/H - DEPRECIAÇÃO. AF_11/2014","H",64]
["Depreciação, Juros, Impostos e Seguros, Manutenção e Materiais na Operação dos Equipamentos",89254,"VIBROACABADORA DE ASFALTO SOBRE ESTEIRAS, LARGURA DE PAVIMENTAÇÃO 2,13 M A 4,55 M, POTÊNCIA 100 HP, CAPACIDADE 400 T/H - JUROS. AF_11/2014","H",22.56]
["Depreciação, Juros, Impostos e Seguros, Manutenção e Materiais na Operação dos Equipamentos",89255,"VIBROACABADORA DE ASFALTO SOBRE ESTEIRAS, LARGURA DE PAVIMENTAÇÃO 2,13 M A 4,55 M, POTÊNCIA 100 HP, CAPACIDADE 400 T/H - MANUTENÇÃO. AF_11/2014","H",102.88]
["Depreciação, Juros, Impostos e Seguros, Manutenção e Materiais na Operação dos Equipamentos",89256,"VIBROACABADORA DE ASFALTO SOBRE ESTEIRAS, LARGURA DE PAVIMENTAÇÃO 2,13 M A 4,55 M, POTÊNCIA 100 HP, CAPACIDADE 400 T/H - MATERIAIS NA OPERAÇÃO. AF_11/2014","H",83.74]
["Dissipadores de Energia",103797,"ARMAÇÃO DE DESCIDA D'ÁGUA UTILIZANDO AÇO CA-60 DE 5 MM - MONTAGEM. AF_08/2022","KG",16.39]
["Dissipadores de Energia",103930,"BACIA DE DISSIPAÇÃO, LARGURA ATÉ 1 M, TIPO BACIA EM PEDRA DE MÃO FIXADA COM CONCRETO (DEB 01, 02), COM PREPARO MANUAL, FCK = 20 MPA, LANÇADO MANUALMENTE, INCLUINDO MATERIAIS E FÔRMAS (2 UTILIZAÇÕES). AF_08/2022","M3",886.68]
["Dissipadores de Energia",103931,"BACIA DE DISSIPAÇÃO, LARGURA DE 1 A 4 M, TIPO BACIA EM PEDRA DE MÃO FIXADA COM CONCRETO (DEB 03, 04, 05, 06), COM PREPARO MANUAL, FCK = 20 MPA, LANÇADO MANUALMENTE, INCLUINDO MATERIAIS E FÔRMAS (2 UTILIZAÇÕES). AF_08/2022","M3",656.4]
["Dissipadores de Energia",103932,"BACIA DE DISSIPAÇÃO, LARGURA DE 4 A 9,2 M, TIPO BACIA EM PEDRA DE MÃO FIXADA COM CONCRETO (DEB 07, 08, 09, 10, 11, 12, 13), COM PREPARO MANUAL, FCK = 20 MPA, LANÇADO MANUALMENTE, INCLUINDO MATERIAIS E FÔRMAS (2 UTILIZAÇÕES). AF_08/2022","M3",622.66]
["Dissipadores de Energia",103929,"BACIA DE DISSIPAÇÃO, TIPO BACIA COM DENTES DE CONCRETO (01), COM PREPARO MANUAL, FCK = 20 MPA, LANÇADO MANUALMENTE, INCLUINDO MATERIAIS E FÔRMAS (2 UTILIZAÇÕES). AF_08/2022","M3",1423.89]
["Dissipadores de Energia",103928,"BACIA DE DISSIPAÇÃO, TIPO BACIA EM PEDRA DE MÃO ARGAMASSADA (DES 01, 02, 03, 04), LANÇADO MANUALMENTE, INCLUINDO MATERIAIS E FÔRMAS (2 UTILIZAÇÕES). AF_08/2022","M3",577.64]
["Dissipadores de Energia",103798,"CONCRETAGEM DE DISSIPADOR DE ENERGIA, CONCRETO USINADO, FCK = 20 MPA, COM USO DE BOMBA - LANÇAMENTO, ADENSAMENTO E ACABAMENTO. AF_08/2022","M3",746.47]
["Dissipadores de Energia",103801,"CONCRETAGEM DE DISSIPADOR DE ENERGIA, FCK = 20 MPA, COM USO DE JERICAS E PREPARO EM BETONEIRA DE 600 L - AREIA E BRITA COMERCIAIS - LANÇAMENTO, ADENSAMENTO E ACABAMENTO. AF_08/2022","M3",750.02]
["Dissipadores de Energia",103933,"DESCIDA D'ÁGUA RÁPIDA (DAR 03), EM CONCRETO USINADO, FCK = 20 MPA, LANÇADO COM BOMBA, INCLUINDO ARMAÇÃO, MATERIAIS E FÔRMAS (2 UTILIZAÇÕES). AF_08/2022","M3",1699.21]
["Dissipadores de Energia",103925,"ESCADA HIDRÁULICA, LARGURA ATÉ 1M, TIPO DESCIDA D'ÁGUA DE CORTE OU ATERRO EM DEGRAUS (DCD 02, 04 E DAD 02), EM CONCRETO USINADO, FCK = 20 MPA, LANÇADO COM BOMBA, INCLUINDO ARMAÇÃO, MATERIAIS E FÔRMAS (3 UTILIZAÇÕES). AF_08/2022","M3",1841.64]
["Dissipadores de Energia",103926,"ESCADA HIDRÁULICA, LARGURA DE 1 A 4,1 M, TIPO DESCIDA D'ÁGUA DE ATERRO EM DEGRAUS (DAD 04, 06, 08, 10, 12, 14, 16, 18), EM CONCRETO USINADO, FCK = 20 MPA, LANÇADO COM BOMBA, INCLUINDO ARMAÇÃO, MATERIAIS E FÔRMAS (3 UTILIZAÇÕES). AF_08/2022","M3",1501.34]
["Dissipadores de Energia",103796,"FABRICAÇÃO, MONTAGEM E DESMONTAGEM DE FÔRMA PARA BACIA DE DISSIPAÇÃO, EM MADEIRA SERRADA, E = 25 MM, 2 UTILIZAÇÕES. AF_08/2022","M2",67.38]
["Dissipadores de Energia",103795,"FABRICAÇÃO, MONTAGEM E DESMONTAGEM DE FÔRMA PARA ESCADA HIDRÁULICA, EM CHAPA DE MADEIRA COMPENSADA RESINADA, E = 17 MM, 3 UTILIZAÇÕES. AF_08/2022","M2",91.45]
["Dissipadores de Energia",103800,"PEDRA ARGAMASSADA COM CIMENTO E AREIA 1:3, 40% DE ARGAMASSA EM VOLUME - AREIA E PEDRA DE MÃO COMERCIAIS - FORNECIMENTO E ASSENTAMENTO. AF_08/2022","M3",577.64]
["Dissipadores de Energia",103799,"PEDRA DE MÃO FIXADA COM CONCRETO PARA BACIA DE DISSIPAÇÃO, 40% DE CONCRETO EM VOLUME, FCK = 20 MPA, COM USO DE JERICA E PREPARO EM BETONEIRA DE 600 L - AREIA, BRITA E PEDRA DE MÃO COMERCIAIS - LANÇAMENTO, ADENSAMENTO E ACABAMENTO. AF_08/2022","M3",487.97]
["Dragagem",104950,"DRAGAGEM DE MATERIAIS DE 1A CATEGORIA E COMPOSTOS ORGÂNICOS E INORGÂNICOS COM DRAGLINE (CAÇAMBA: 0,76 M3/ 43 T). AF_03/2024","M3",0]
["Dragagem",104948,"DRAGAGEM DE MATERIAIS DE 1A CATEGORIA E COMPOSTOS ORGÂNICOS E INORGÂNICOS COM ESCAVADEIRA HIDRÁULICA (CAÇAMBA: 0,80 M3/111 HP). AF_03/2024","M3",5.66]
["Dragagem",104949,"DRAGAGEM DE MATERIAIS DE 1A CATEGORIA E COMPOSTOS ORGÂNICOS E INORGÂNICOS COM ESCAVADEIRA HIDRÁULICA DE LONGO ALCANCE (CAÇAMBA: 0,52 M3/155 HP). AF_03/2024","M3",10.44]
["Dragagem",104947,"DRAGAGEM DE MATERIAIS DE 1A CATEGORIA E COMPOSTOS ORGÂNICOS E INORGÂNICOS COM RETROESCAVADEIRA (CAÇAMBA: 0,26 M3/88 HP). AF_03/2024","M3",13.64]
["Drenagem de ar condicionado",104325,"CAIXA DE PASSAGEM PARA AR CONDICIONADO - FORNECIMENTO E INSTALAÇÃO. AF_08/2022","UN",0]
["Drenagem de ar condicionado",104318,"JOELHO 45 GRAUS, PVC, SOLDÁVEL, DN 20 MM, INSTALADO EM DRENO DE AR CONDICIONADO - FORNECIMENTO E INSTALAÇÃO. AF_08/2022","UN",7.8]
["Drenagem de ar condicionado",89867,"JOELHO 45 GRAUS, PVC, SOLDÁVEL, DN 25MM, INSTALADO EM DRENO DE AR-CONDICIONADO - FORNECIMENTO E INSTALAÇÃO. AF_08/2022","UN",8.66]
["Drenagem de ar condicionado",104320,"JOELHO 45 GRAUS, PVC, SOLDÁVEL, DN 32 MM, INSTALADO EM DRENO DE AR CONDICIONADO - FORNECIMENTO E INSTALAÇÃO. AF_08/2022","UN",11.77]
["Drenagem de ar condicionado",104317,"JOELHO 90 GRAUS, PVC, SOLDÁVEL, DN 20 MM, INSTALADO EM DRENO DE AR CONDICIONADO - FORNECIMENTO E INSTALAÇÃO. AF_08/2022","UN",7.33]
["Drenagem de ar condicionado",89866,"JOELHO 90 GRAUS, PVC, SOLDÁVEL, DN 25MM, INSTALADO EM DRENO DE AR-CONDICIONADO - FORNECIMENTO E INSTALAÇÃO. AF_08/2022","UN",7.98]
["Drenagem de ar condicionado",104319,"JOELHO 90 GRAUS, PVC, SOLDÁVEL, DN 32 MM, INSTALADO EM DRENO DE AR CONDICIONADO - FORNECIMENTO E INSTALAÇÃO. AF_08/2022","UN",10.26]
["Drenagem de ar condicionado",104321,"LUVA, PVC, SOLDÁVEL, DN 20 MM, INSTALADO EM DRENO DE AR CONDICIONADO - FORNECIMENTO E INSTALAÇÃO. AF_08/2022","UN",5.48]
["Drenagem de ar condicionado",89868,"LUVA, PVC, SOLDÁVEL, DN 25MM, INSTALADO EM DRENO DE AR-CONDICIONADO - FORNECIMENTO E INSTALAÇÃO. AF_08/2022","UN",5.95]
["Drenagem de ar condicionado",104322,"LUVA, PVC, SOLDÁVEL, DN 32 MM, INSTALADO EM DRENO DE AR CONDICIONADO - FORNECIMENTO E INSTALAÇÃO. AF_08/2022","UN",7.62]
["Drenagem de ar condicionado",104323,"TE, PVC, SOLDÁVEL, DN 20 MM, INSTALADO EM DRENO DE AR CONDICIONADO - FORNECIMENTO E INSTALAÇÃO. AF_08/2022","UN",10.14]
["Drenagem de ar condicionado",89869,"TE, PVC, SOLDÁVEL, DN 25MM, INSTALADO EM DRENO DE AR-CONDICIONADO - FORNECIMENTO E INSTALAÇÃO. AF_08/2022","UN",11.02]
["Drenagem de ar condicionado",104324,"TE, PVC, SOLDÁVEL, DN 32 MM, INSTALADO EM DRENO DE AR CONDICIONADO - FORNECIMENTO E INSTALAÇÃO. AF_08/2022","UN",14.38]
["Drenagem de ar condicionado",104315,"TUBO, PVC, SOLDÁVEL, DE 20MM, INSTALADO EM DRENO DE AR CONDICIONADO - FORNECIMENTO E INSTALAÇÃO. AF_08/2022","M",17.32]
["Drenagem de ar condicionado",89865,"TUBO, PVC, SOLDÁVEL, DE 25MM, INSTALADO EM DRENO DE AR-CONDICIONADO - FORNECIMENTO E INSTALAÇÃO. AF_08/2022","M",18.510000000000002]
["Drenagem de ar condicionado",104316,"TUBO, PVC, SOLDÁVEL, DE 32MM, INSTALADO EM DRENO DE AR CONDICIONADO - FORNECIMENTO E INSTALAÇÃO. AF_08/2022","M",23.97]
["Drenos",102724,"DRENO BARBACÃ, DN 100 MM, COM MATERIAL DRENANTE. AF_07/2021","UN",30.89]
["Drenos",102726,"DRENO BARBACÃ, DN 50 MM, COM MATERIAL DRENANTE. AF_07/2021","UN",28.63]
["Drenos",102725,"DRENO BARBACÃ, DN 75 MM, COM MATERIAL DRENANTE. AF_07/2021","UN",30.3]
["Drenos",102722,"DRENO EM MURO DE CONTENÇÃO, EXECUTADO NO PÉ DO MURO, COM TUBO DE PEAD CORRUGADO FLEXÍVEL PERFURADO, ENCHIMENTO COM BRITA, ENVOLVIDO COM MANTA GEOTÊXTIL. AF_07/2021","M",59.27]
["Drenos",102721,"DRENO EM MURO DE CONTENÇÃO, EXECUTADO NO PÉ DO MURO, COM TUBO DE PEAD CORRUGADO FLEXÍVEL PERFURADO, ENVOLVIDO COM GEOCOMPOSTO DRENANTE. AF_07/2021","M",0]
["Drenos",102723,"DRENO EM MURO DE CONTENÇÃO, EXECUTADO NO PÉ DO MURO, COM TUBO DE PVC CORRUGADO RÍGIDO PERFURADO, ENCHIMENTO COM BRITA, ENVOLVIDO COM MANTA GEOTÊXTIL. AF_07/2021","M",99.11]
["Drenos",102690,"DRENO ESPINHA DE PEIXE (SEÇÃO (0,40 X 0,40 M), COM TUBO DE PEAD CORRUGADO PERFURADO, DN 100 MM, ENCHIMENTO COM BRITA, ENVOLVIDO COM MANTA GEOTÊXTIL, INCLUSIVE CONEXÕES. AF_07/2021","M",71.349999999999994]
["Drenos",102688,"DRENO ESPINHA DE PEIXE (SEÇÃO 0,40 X 0,40 M), COM TUBO DE PEAD CORRUGADO PERFURADO, DN 100 MM, ENCHIMENTO COM AREIA, INCLUSIVE CONEXÕES. AF_07/2021","M",50.46]
["Drenos",102689,"DRENO ESPINHA DE PEIXE (SEÇÃO 0,40 X 0,40 M), COM TUBO DE PVC CORRUGADO RÍGIDO PERFURADO, DN 100 MM, ENCHIMENTO COM AREIA, INCLUSIVE CONEXÕES. AF_07/2021","M",91.52]
["Drenos",102693,"DRENO ESPINHA DE PEIXE (SEÇÃO 0,40 X 0,40 M), COM TUBO DE PVC CORRUGADO RÍGIDO PERFURADO, DN 100 MM, ENCHIMENTO COM BRITA, ENVOLVIDO COM MANTA GEOTÊXTIL, INCLUSIVE CONEXÕES. AF_07/2021","M",112.43]
["Drenos",102694,"DRENO ESPINHA DE PEIXE (SEÇÃO 0,50 X 0,80 M), COM TUBO DE PEAD CORRUGADO PERFURADO, DN 100 MM, ENCHIMENTO COM AREIA, INCLUSIVE CONEXÕES. AF_07/2021","M",99.95]
["Drenos",102697,"DRENO ESPINHA DE PEIXE (SEÇÃO 0,50 X 0,80 M), COM TUBO DE PEAD CORRUGADO PERFURADO, DN 100 MM, ENCHIMENTO COM BRITA, ENVOLVIDO COM MANTA GEOTÊXTIL, INCLUSIVE CONEXÕES. AF_07/2021","M",123.66]
["Drenos",102696,"DRENO ESPINHA DE PEIXE (SEÇÃO 0,50 X 0,80 M), COM TUBO DE PVC CORRUGADO RÍGIDO PERFURADO, DN 100 MM, ENCHIMENTO COM AREIA, INCLUSIVE CONEXÕES. AF_07/2021","M",141.44999999999999]
["Drenos",102703,"DRENO ESPINHA DE PEIXE (SEÇÃO 0,50 X 0,80 M), COM TUBO DE PVC CORRUGADO RÍGIDO PERFURADO, DN 100 MM, ENCHIMENTO COM BRITA, ENVOLVIDO COM MANTA GEOTÊXTIL, INCLUSIVE CONEXÕES. AF_07/2021","M",165.17]
["Drenos",102678,"DRENO PROFUNDO (SEÇÃO 0,50 X 1,50 M), CEGO, ENCHIMENTO DE BRITA, ENVOLVIDO COM MANTA GEOTÊXTIL, COM SELO DE ARGILA. AF_07/2021","M",155.13999999999999]
["Drenos",102679,"DRENO PROFUNDO (SEÇÃO 0,50 X 1,50 M), CEGO, ENCHIMENTO DE BRITA, ENVOLVIDO COM MANTA GEOTÊXTIL. AF_07/2021","M",170.13]
["Drenos",102673,"DRENO PROFUNDO (SEÇÃO 0,50 X 1,50 M), COM TUBO DE CONCRETO SIMPLES POROSO, DN 200 MM, ENCHIMENTO COM AREIA, COM SELO DE ARGILA. AF_07/2021","M",192.65]
["Drenos",102677,"DRENO PROFUNDO (SEÇÃO 0,50 X 1,50 M), COM TUBO DE CONCRETO SIMPLES POROSO, DN 200 MM, ENCHIMENTO COM AREIA. AF_07/2021","M",182.95]
["Drenos",102683,"DRENO PROFUNDO (SEÇÃO 0,50 X 1,50 M), COM TUBO DE CONCRETO SIMPLES POROSO, DN 200 MM, ENCHIMENTO COM BRITA, ENVOLVIDO COM MANTA GEOTÊXTIL, COM SELO DE ARGILA. AF_07/2021","M",203.99]
["Drenos",102687,"DRENO PROFUNDO (SEÇÃO 0,50 X 1,50 M), COM TUBO DE CONCRETO SIMPLES POROSO, DN 200 MM, ENCHIMENTO COM BRITA, ENVOLVIDO COM MANTA GEOTÊXTIL. AF_07/2021","M",213.59]
["Drenos",102670,"DRENO PROFUNDO (SEÇÃO 0,50 X 1,50 M), COM TUBO DE PEAD CORRUGADO PERFURADO, DN 100 MM, ENCHIMENTO COM AREIA, COM SELO DE ARGILA. AF_07/2021","M",138.69999999999999]
["Drenos",102674,"DRENO PROFUNDO (SEÇÃO 0,50 X 1,50 M), COM TUBO DE PEAD CORRUGADO PERFURADO, DN 100 MM, ENCHIMENTO COM AREIA. AF_07/2021","M",153.44]
["Drenos",102680,"DRENO PROFUNDO (SEÇÃO 0,50 X 1,50 M), COM TUBO DE PEAD CORRUGADO PERFURADO, DN 100 MM, ENCHIMENTO COM BRITA, ENVOLVIDO COM MANTA GEOTÊXTIL, COM SELO DE ARGILA. AF_07/2021","M",168.45]
["Drenos",102684,"DRENO PROFUNDO (SEÇÃO 0,50 X 1,50 M), COM TUBO DE PEAD CORRUGADO PERFURADO, DN 100 MM, ENCHIMENTO COM BRITA, ENVOLVIDO COM MANTA GEOTÊXTIL. AF_07/2021","M",183.43]
["Drenos",102672,"DRENO PROFUNDO (SEÇÃO 0,50 X 1,50 M), COM TUBO DE PVC CORRUGADO RÍGIDO PERFURADO, DN 100 MM, ENCHIMENTO COM AREIA, COM SELO DE ARGILA. AF_07/2021","M",197.85]
["Drenos",102676,"DRENO PROFUNDO (SEÇÃO 0,50 X 1,50 M), COM TUBO DE PVC CORRUGADO RÍGIDO PERFURADO, DN 100 MM, ENCHIMENTO COM AREIA. AF_07/2021","M",201.61]
["Drenos",102681,"DRENO PROFUNDO (SEÇÃO 0,50 X 1,50 M), COM TUBO DE PVC CORRUGADO RÍGIDO PERFURADO, DN 100 MM, ENCHIMENTO COM BRITA, ENVOLVIDO COM MANTA GEOTÊXTIL, COM SELO DE ARGILA. AF_07/2021","M",216.62]
["Drenos",102685,"DRENO PROFUNDO (SEÇÃO 0,50 X 1,50 M), COM TUBO DE PVC CORRUGADO RÍGIDO PERFURADO, DN 100 MM, ENCHIMENTO COM BRITA, ENVOLVIDO COM MANTA GEOTÊXTIL. AF_07/2021","M",231.61]
["Drenos",102664,"DRENO SUBSUPERFICIAL (SEÇÃO 0,40 X 0,40 M), CEGO, ENCHIMENTO DE BRITA, ENVOLVIDO COM MANTA GEOTÊXTIL. AF_07/2021","M",53.43]
["Drenos",102665,"DRENO SUBSUPERFICIAL (SEÇÃO 0,40 X 0,40 M), CEGO, ENCHIMENTO DE BRITA. AF_07/2021","M",28.35]
["Drenos",102663,"DRENO SUBSUPERFICIAL (SEÇÃO 0,40 X 0,40 M), COM TUBO DE CONCRETO SIMPLES POROSO, DN 200 MM, ENCHIMENTO COM AREIA. AF_07/2021","M",66.25]
["Drenos",102669,"DRENO SUBSUPERFICIAL (SEÇÃO 0,40 X 0,40 M), COM TUBO DE CONCRETO SIMPLES POROSO, DN 200 MM, ENCHIMENTO COM BRITA, ENVOLVIDO COM MANTA GEOTÊXTIL. AF_07/2021","M",87.8]
["Drenos",102661,"DRENO SUBSUPERFICIAL (SEÇÃO 0,40 X 0,40 M), COM TUBO DE PEAD CORRUGADO PERFURADO, DN 100 MM, ENCHIMENTO COM AREIA. AF_07/2021","M",44.31]
["Drenos",102666,"DRENO SUBSUPERFICIAL (SEÇÃO 0,40 X 0,40 M), COM TUBO DE PEAD CORRUGADO PERFURADO, DN 100 MM, ENCHIMENTO COM BRITA, ENVOLVIDO COM MANTA GEOTÊXTIL. AF_07/2021","M",65.209999999999994]
["Drenos",102662,"DRENO SUBSUPERFICIAL (SEÇÃO 0,40 X 0,40 M), COM TUBO DE PVC CORRUGADO RÍGIDO PERFURADO, DN 100 MM, ENCHIMENTO COM AREIA. AF_07/2021","M",88.06]
["Drenos",102668,"DRENO SUBSUPERFICIAL (SEÇÃO 0,40 X 0,40 M), COM TUBO DE PVC CORRUGADO RÍGIDO PERFURADO, DN 100 MM, ENCHIMENTO COM BRITA, ENVOLVIDO COM MANTA GEOTÊXTIL. AF_07/2021","M",108.96]
["Drenos",102718,"ENCHIMENTO DE AREIA PARA DRENO, LANÇAMENTO MANUAL. AF_07/2021","M3",195.46]
["Drenos",102716,"ENCHIMENTO DE AREIA PARA DRENO, LANÇAMENTO MECANIZADO. AF_07/2021","M3",185.41]
["Drenos",102719,"ENCHIMENTO DE BRITA PARA DRENO, LANÇAMENTO MANUAL. AF_07/2021","M3",167.93]
["Drenos",102717,"ENCHIMENTO DE BRITA PARA DRENO, LANÇAMENTO MECANIZADO. AF_07/2021","M3",157.88]
["Drenos",102720,"GEOCOMPOSTO DRENANTE, INSTALADO EM MURO DE CONTENÇÃO - EXCLUSIVE DRENO NO PÉ DO MURO. AF_07/2021","M2",0]
["Drenos",102713,"GEOTÊXTIL NÃO TECIDO 100% POLIÉSTER, RESISTÊNCIA A TRAÇÃO DE 14 KN/M (RT - 14), INSTALADO EM DRENO - FORNECIMENTO E INSTALAÇÃO. AF_07/2021","M2",13.44]
["Drenos",102715,"GEOTÊXTIL NÃO TECIDO 100% POLIÉSTER, RESISTÊNCIA A TRAÇÃO DE 26 KN/M (RT - 26), INSTALADO EM DRENO - FORNECIMENTO E INSTALAÇÃO. AF_07/2021","M2",26.55]
["Drenos",103653,"GEOTÊXTIL NÃO TECIDO 100% POLIÉSTER, RESISTÊNCIA A TRAÇÃO DE 31 KN/M (RT-31), INSTALADO EM DRENO - FORNECIMENTO E INSTALAÇÃO. AF_07/2021","M2",31.71]
["Drenos",102712,"GEOTÊXTIL NÃO TECIDO 100% POLIÉSTER, RESISTÊNCIA A TRAÇÃO DE 9 KN/M (RT - 9), INSTALADO EM DRENO - FORNECIMENTO E INSTALAÇÃO. AF_07/2021","M2",9.8000000000000007]
["Drenos",102711,"JUNÇÃO DUPLA DE PVC, SÉRIE NORMAL, PARA ESGOTO PREDIAL, DN 100 X 100 X 100 MM, INSTALADA EM DRENO - FORNECIMENTO E INSTALAÇÃO. AF_07/2021","UN",76.3]
["Drenos",102710,"JUNÇÃO SIMPLES DE PVC, 45 GRAUS, SÉRIE NORMAL, PARA ESGOTO PREDIAL, DN 100 MM, INSTALADA EM DRENO - FORNECIMENTO E INSTALAÇÃO. AF_07/2021","UN",61.14]
["Drenos",102709,"LUVA DE PEAD, DN 100 MM, INSTALADA EM DRENO - FORNECIMENTO E INSTALAÇÃO. AF_07/2021","UN",0]
["Drenos",102708,"LUVA DE PVC, SÉRIE NORMAL, PARA ESGOTO PREDIAL, DN 100 MM, INSTALADA EM DRENO - FORNECIMENTO E INSTALAÇÃO. AF_07/2021","UN",25.93]
["Drenos",102707,"TUBO DE CONCRETO SIMPLES POROSO, DN 200 MM, PARA DRENO - FORNECIMENTO E ASSENTAMENTO. AF_07/2021","M",39.64]
["Drenos",102704,"TUBO DE PEAD CORRUGADO PERFURADO, DN 100 MM, PARA DRENO - FORNECIMENTO E ASSENTAMENTO. AF_07/2021","M",12.68]
["Drenos",102705,"TUBO DE PVC CORRUGADO RÍGIDO PERFURADO, DN 100 MM, PARA DRENO - FORNECIMENTO E ASSENTAMENTO. AF_07/2021","M",52.52]
["Dutos para ar condicionado",98333,"FABRICAÇÃO DE CURVA, REDUÇÃO OU TÊ PARA DUTO PARA AR CONDICIONADO EM CHAPA GALVANIZADA BITOLA 22. AF_03/2024","M2",0]
["Dutos para ar condicionado",98332,"FABRICAÇÃO DE CURVA, REDUÇÃO OU TÊ PARA DUTO PARA AR CONDICIONADO EM CHAPA GALVANIZADA BITOLA 24. AF_03/2024","M2",0]
["Dutos para ar condicionado",98331,"FABRICAÇÃO DE CURVA, REDUÇÃO OU TÊ PARA DUTO PARA AR CONDICIONADO EM CHAPA GALVANIZADA BITOLA 26. AF_03/2024","M2",0]
["Dutos para ar condicionado",98327,"FABRICAÇÃO DE DUTO RETANGULAR PARA AR CONDICIONADO (TRECHO RETO) EM CHAPA GALVANIZADA BITOLA 22. AF_03/2024","M2",0]
["Dutos para ar condicionado",98326,"FABRICAÇÃO DE DUTO RETANGULAR PARA AR CONDICIONADO (TRECHO RETO) EM CHAPA GALVANIZADA BITOLA 24. AF_03/2024","M2",0]
["Dutos para ar condicionado",98325,"FABRICAÇÃO DE DUTO RETANGULAR PARA AR CONDICIONADO (TRECHO RETO) EM CHAPA GALVANIZADA BITOLA 26. AF_03/2024","M2",0]
["Dutos para ar condicionado",98370,"FABRICAÇÃO DE DUTO RETANGULAR PARA AR CONDICIONADO EM PAINEL PRÉ-ISOLADO. AF_03/2024","M2",0]
["Dutos para ar condicionado",98389,"INSTALAÇÃO DE COLARINHO DE AÇO GALVANIZADO DN 109 MM (4\") PARA DUTO FLEXÍVEL CIRCULAR PARA AR CONDICIONADO. AF_03/2024","UN",0]
["Dutos para ar condicionado",98390,"INSTALAÇÃO DE COLARINHO DE AÇO GALVANIZADO DN 131 MM (5\") PARA DUTO FLEXÍVEL CIRCULAR PARA AR CONDICIONADO. AF_03/2024","UN",0]
["Dutos para ar condicionado",98391,"INSTALAÇÃO DE COLARINHO DE AÇO GALVANIZADO DN 161 MM (6\") PARA DUTO FLEXÍVEL CIRCULAR PARA AR CONDICIONADO. AF_03/2024","UN",0]
["Dutos para ar condicionado",98392,"INSTALAÇÃO DE COLARINHO DE AÇO GALVANIZADO DN 185 MM (7\") PARA DUTO FLEXÍVEL CIRCULAR PARA AR CONDICIONADO. AF_03/2024","UN",0]
["Dutos para ar condicionado",98393,"INSTALAÇÃO DE COLARINHO DE AÇO GALVANIZADO DN 209 MM (8\") PARA DUTO FLEXÍVEL CIRCULAR PARA AR CONDICIONADO. AF_03/2024","UN",0]
["Dutos para ar condicionado",98394,"INSTALAÇÃO DE COLARINHO DE AÇO GALVANIZADO DN 263 MM (10\") PARA DUTO FLEXÍVEL CIRCULAR PARA AR CONDICIONADO. AF_03/2024","UN",0]
["Dutos para ar condicionado",98395,"INSTALAÇÃO DE COLARINHO DE AÇO GALVANIZADO DN 314 MM (12\") PARA DUTO FLEXÍVEL CIRCULAR PARA AR CONDICIONADO. AF_03/2024","UN",0]
["Dutos para ar condicionado",98396,"INSTALAÇÃO DE COLARINHO DE AÇO GALVANIZADO DN 364 MM (14\") PARA DUTO FLEXÍVEL CIRCULAR PARA AR CONDICIONADO. AF_03/2024","UN",0]
["Dutos para ar condicionado",98369,"INSTALAÇÃO DE CURVA, REDUÇÃO OU TÊ DE DUTO PARA AR CONDICIONADO EM CHAPA GALVANIZADA BITOLA 22 - COM ISOLAMENTO DE MANTA FIXADA NA CHAPA COM CLAVO, INCLUSO FABRICAÇÃO. AF_03/2024","M2",0]
["Dutos para ar condicionado",98360,"INSTALAÇÃO DE CURVA, REDUÇÃO OU TÊ DE DUTO PARA AR CONDICIONADO EM CHAPA GALVANIZADA BITOLA 22 - COM ISOLAMENTO DE MANTA FIXADA NA CHAPA COM FITA PLÁSTICA, INCLUSO FABRICAÇÃO. AF_03/2024","M2",0]
["Dutos para ar condicionado",98368,"INSTALAÇÃO DE CURVA, REDUÇÃO OU TÊ DE DUTO PARA AR CONDICIONADO EM CHAPA GALVANIZADA BITOLA 24 - COM ISOLAMENTO DE MANTA FIXADA NA CHAPA COM CLAVO, INCLUSO FABRICAÇÃO. AF_03/2024","M2",0]
["Dutos para ar condicionado",98359,"INSTALAÇÃO DE CURVA, REDUÇÃO OU TÊ DE DUTO PARA AR CONDICIONADO EM CHAPA GALVANIZADA BITOLA 24 - COM ISOLAMENTO DE MANTA FIXADA NA CHAPA COM FITA PLÁSTICA, INCLUSO FABRICAÇÃO. AF_03/2024","M2",0]
["Dutos para ar condicionado",98367,"INSTALAÇÃO DE CURVA, REDUÇÃO OU TÊ DE DUTO PARA AR CONDICIONADO EM CHAPA GALVANIZADA BITOLA 26 - COM ISOLAMENTO DE MANTA FIXADA NA CHAPA COM CLAVO, INCLUSO FABRICAÇÃO. AF_03/2024","M2",0]
["Dutos para ar condicionado",98358,"INSTALAÇÃO DE CURVA, REDUÇÃO OU TÊ DE DUTO PARA AR CONDICIONADO EM CHAPA GALVANIZADA BITOLA 26 - COM ISOLAMENTO DE MANTA FIXADA NA CHAPA COM FITA PLÁSTICA, INCLUSO FABRICAÇÃO. AF_03/2024","M2",0]
["Dutos para ar condicionado",98352,"INSTALAÇÃO DE CURVA, REDUÇÃO OU TÊ PARA DUTO PARA AR CONDICIONADO EM CHAPA GALVANIZADA BITOLA 22 - COM ISOLAMENTO DE MANTA COLADA NA CHAPA, INCLUSO FABRICAÇÃO. AF_03/2024","M2",0]
["Dutos para ar condicionado",98343,"INSTALAÇÃO DE CURVA, REDUÇÃO OU TÊ PARA DUTO PARA AR CONDICIONADO EM CHAPA GALVANIZADA BITOLA 22 - SEM ISOLAMENTO, INCLUSO FABRICAÇÃO. AF_03/2024","M2",0]
["Dutos para ar condicionado",98351,"INSTALAÇÃO DE CURVA, REDUÇÃO OU TÊ PARA DUTO PARA AR CONDICIONADO EM CHAPA GALVANIZADA BITOLA 24 - COM ISOLAMENTO DE MANTA COLADA NA CHAPA, INCLUSO FABRICAÇÃO. AF_03/2024","M2",0]
["Dutos para ar condicionado",98342,"INSTALAÇÃO DE CURVA, REDUÇÃO OU TÊ PARA DUTO PARA AR CONDICIONADO EM CHAPA GALVANIZADA BITOLA 24 - SEM ISOLAMENTO, INCLUSO FABRICAÇÃO. AF_03/2024","M2",0]
["Dutos para ar condicionado",98350,"INSTALAÇÃO DE CURVA, REDUÇÃO OU TÊ PARA DUTO PARA AR CONDICIONADO EM CHAPA GALVANIZADA BITOLA 26 - COM ISOLAMENTO DE MANTA COLADA NA CHAPA, INCLUSO FABRICAÇÃO. AF_03/2024","M2",0]
["Dutos para ar condicionado",98341,"INSTALAÇÃO DE CURVA, REDUÇÃO OU TÊ PARA DUTO PARA AR CONDICIONADO EM CHAPA GALVANIZADA BITOLA 26 - SEM ISOLAMENTO, INCLUSO FABRICAÇÃO. AF_03/2024","M2",0]
["Dutos para ar condicionado",98381,"INSTALAÇÃO DE DUTO FLEXÍVEL CIRCULAR PARA AR CONDICIONADO EM ALUMÍNIO ISOLADO - DN 109 MM (4\"). AF_03/2024","M",0]
["Dutos para ar condicionado",98382,"INSTALAÇÃO DE DUTO FLEXÍVEL CIRCULAR PARA AR CONDICIONADO EM ALUMÍNIO ISOLADO - DN 131 MM (5\"). AF_03/2024","M",0]
["Dutos para ar condicionado",98383,"INSTALAÇÃO DE DUTO FLEXÍVEL CIRCULAR PARA AR CONDICIONADO EM ALUMÍNIO ISOLADO - DN 161 MM (6\"). AF_03/2024","M",0]
["Dutos para ar condicionado",98384,"INSTALAÇÃO DE DUTO FLEXÍVEL CIRCULAR PARA AR CONDICIONADO EM ALUMÍNIO ISOLADO - DN 185 MM (7\"). AF_03/2024","M",0]
["Dutos para ar condicionado",98385,"INSTALAÇÃO DE DUTO FLEXÍVEL CIRCULAR PARA AR CONDICIONADO EM ALUMÍNIO ISOLADO - DN 209 MM (8\"). AF_03/2024","M",0]
["Dutos para ar condicionado",98386,"INSTALAÇÃO DE DUTO FLEXÍVEL CIRCULAR PARA AR CONDICIONADO EM ALUMÍNIO ISOLADO - DN 263 MM (10\"). AF_03/2024","M",0]
["Dutos para ar condicionado",98387,"INSTALAÇÃO DE DUTO FLEXÍVEL CIRCULAR PARA AR CONDICIONADO EM ALUMÍNIO ISOLADO - DN 314 MM (12\"). AF_03/2024","M",0]
["Dutos para ar condicionado",98388,"INSTALAÇÃO DE DUTO FLEXÍVEL CIRCULAR PARA AR CONDICIONADO EM ALUMÍNIO ISOLADO - DN 364 MM (14\"). AF_03/2024","M",0]
["Dutos para ar condicionado",98346,"INSTALAÇÃO DE DUTO RETANGULAR PARA AR CONDICIONADO (TRECHO RETO) EM CHAPA GALVANIZADA BITOLA 22 - COM ISOLAMENTO DE MANTA COLADA NA CHAPA, INCLUSO FABRICAÇÃO. AF_03/2024","M2",0]
["Dutos para ar condicionado",98363,"INSTALAÇÃO DE DUTO RETANGULAR PARA AR CONDICIONADO (TRECHO RETO) EM CHAPA GALVANIZADA BITOLA 22 - COM ISOLAMENTO DE MANTA FIXADA NA CHAPA COM CLAVO, INCLUSO FABRICAÇÃO. AF_03/2024","M2",0]
["Dutos para ar condicionado",98354,"INSTALAÇÃO DE DUTO RETANGULAR PARA AR CONDICIONADO (TRECHO RETO) EM CHAPA GALVANIZADA BITOLA 22 - COM ISOLAMENTO DE MANTA FIXADA NA CHAPA COM FITA PLÁSTICA, INCLUSO FABRICAÇÃO. AF_03/2024","M2",0]
["Dutos para ar condicionado",98337,"INSTALAÇÃO DE DUTO RETANGULAR PARA AR CONDICIONADO (TRECHO RETO) EM CHAPA GALVANIZADA BITOLA 22 - SEM ISOLAMENTO, INCLUSO FABRICAÇÃO. AF_03/2024","M2",0]
["Dutos para ar condicionado",98345,"INSTALAÇÃO DE DUTO RETANGULAR PARA AR CONDICIONADO (TRECHO RETO) EM CHAPA GALVANIZADA BITOLA 24 - COM ISOLAMENTO DE MANTA COLADA NA CHAPA, INCLUSO FABRICAÇÃO. AF_03/2024","M2",0]
["Dutos para ar condicionado",98362,"INSTALAÇÃO DE DUTO RETANGULAR PARA AR CONDICIONADO (TRECHO RETO) EM CHAPA GALVANIZADA BITOLA 24 - COM ISOLAMENTO DE MANTA FIXADA NA CHAPA COM CLAVO, INCLUSO FABRICAÇÃO. AF_03/2024","M2",0]
["Dutos para ar condicionado",98403,"INSTALAÇÃO DE DUTO RETANGULAR PARA AR CONDICIONADO (TRECHO RETO) EM CHAPA GALVANIZADA BITOLA 24 - COM ISOLAMENTO DE MANTA FIXADA NA CHAPA COM FITA PLÁSTICA, INCLUSO FABRICAÇÃO. AF_03/2024","M2",0]
["Dutos para ar condicionado",98335,"INSTALAÇÃO DE DUTO RETANGULAR PARA AR CONDICIONADO (TRECHO RETO) EM CHAPA GALVANIZADA BITOLA 24 - SEM ISOLAMENTO, INCLUSO FABRICAÇÃO. AF_03/2024","M2",0]
["Dutos para ar condicionado",98344,"INSTALAÇÃO DE DUTO RETANGULAR PARA AR CONDICIONADO (TRECHO RETO) EM CHAPA GALVANIZADA BITOLA 26 - COM ISOLAMENTO DE MANTA COLADA NA CHAPA, INCLUSO FABRICAÇÃO. AF_03/2024","M2",0]
["Dutos para ar condicionado",98361,"INSTALAÇÃO DE DUTO RETANGULAR PARA AR CONDICIONADO (TRECHO RETO) EM CHAPA GALVANIZADA BITOLA 26 - COM ISOLAMENTO DE MANTA FIXADA NA CHAPA COM CLAVO, INCLUSO FABRICAÇÃO. AF_03/2024","M2",0]
["Dutos para ar condicionado",98353,"INSTALAÇÃO DE DUTO RETANGULAR PARA AR CONDICIONADO (TRECHO RETO) EM CHAPA GALVANIZADA BITOLA 26 - COM ISOLAMENTO DE MANTA FIXADA NA CHAPA COM FITA PLÁSTICA, INCLUSO FABRICAÇÃO. AF_03/2024","M2",0]
["Dutos para ar condicionado",98334,"INSTALAÇÃO DE DUTO RETANGULAR PARA AR CONDICIONADO (TRECHO RETO) EM CHAPA GALVANIZADA BITOLA 26 - SEM ISOLAMENTO, INCLUSO FABRICAÇÃO. AF_03/2024","M2",0]
["Dutos para ar condicionado",98371,"INSTALAÇÃO DE DUTO RETANGULAR PARA AR CONDICIONADO EM PAINEL PRÉ-ISOLADO, INCLUSO FABRICAÇÃO. AF_03/2024","M2",0]
["Dutos para ar condicionado",98397,"PINTURA ANTICORROSIVA DE DUTO METÁLICO. AF_03/2024","M2",15.91]
["Eletrocalhas",97280,"COTOVELO HORIZONTAL 90º PARA ELETROCALHA, LISA OU PERFURADA EM AÇO GALVANIZADO, LARGURA DE 100MM E ALTURA DE 50MM - FORNECIMENTO E INSTALAÇÃO. AF_04/2023","UN",0]
["Eletrocalhas",97275,"COTOVELO HORIZONTAL 90º PARA ELETROCALHA, LISA OU PERFURADA EM AÇO GALVANIZADO, LARGURA DE 50MM E ALTURA DE 50MM - FORNECIMENTO E INSTALAÇÃO. AF_04/2023","UN",0]
["Eletrocalhas",97279,"COTOVELO HORIZONTAL 90º PARA ELETROCALHA, LISA OU PERFURADA EM AÇO GALVANIZADO, LARGURA DE 75MM E ALTURA DE 50MM - FORNECIMENTO E INSTALAÇÃO. AF_04/2023","UN",0]
["Eletrocalhas",97285,"COTOVELO HORIZONTAL 90º, PARA ELETROCALHA, LISA OU PERFURADA EM AÇO GALVANIZADO, LARGURA DE 125MM E ALTURA DE 50MM - FORNECIMENTO E INSTALAÇÃO. AF_04/2023","UN",0]
["Eletrocalhas",97286,"COTOVELO HORIZONTAL 90º, PARA ELETROCALHA, LISA OU PERFURADA EM AÇO GALVANIZADO, LARGURA DE 150MM E ALTURA DE 50MM - FORNECIMENTO E INSTALAÇÃO. AF_04/2023","UN",0]
["Eletrocalhas",97291,"COTOVELO HORIZONTAL 90º, PARA ELETROCALHA, LISA OU PERFURADA EM AÇO GALVANIZADO, LARGURA DE 200MM E ALTURA DE 50MM - FORNECIMENTO E INSTALAÇÃO. AF_04/2023","UN",0]
["Eletrocalhas",97292,"COTOVELO HORIZONTAL 90º, PARA ELETROCALHA, LISA OU PERFURADA EM AÇO GALVANIZADO, LARGURA DE 250MM E ALTURA DE 50MM - FORNECIMENTO E INSTALAÇÃO. AF_04/2023","UN",0]
["Eletrocalhas",97297,"COTOVELO HORIZONTAL 90º, PARA ELETROCALHA, LISA OU PERFURADA EM AÇO GALVANIZADO, LARGURA DE 300MM E ALTURA DE 50MM - FORNECIMENTO E INSTALAÇÃO. AF_04/2023","UN",0]
["Eletrocalhas",97298,"COTOVELO HORIZONTAL 90º, PARA ELETROCALHA, LISA OU PERFURADA EM AÇO GALVANIZADO, LARGURA DE 400MM E ALTURA DE 50MM - FORNECIMENTO E INSTALAÇÃO. AF_04/2023","UN",0]
["Eletrocalhas",97303,"COTOVELO HORIZONTAL 90º, PARA ELETROCALHA, LISA OU PERFURADA EM AÇO GALVANIZADO, LARGURA DE 500MM E ALTURA DE 50MM - FORNECIMENTO E INSTALAÇÃO. AF_04/2023","UN",0]
["Eletrocalhas",97304,"COTOVELO HORIZONTAL 90º, PARA ELETROCALHA, LISA OU PERFURADA EM AÇO GALVANIZADO, LARGURA DE 600MM E ALTURA DE 50MM - FORNECIMENTO E INSTALAÇÃO. AF_04/2023","UN",0]
["Eletrocalhas",97309,"COTOVELO HORIZONTAL 90º, PARA ELETROCALHA, LISA OU PERFURADA EM AÇO GALVANIZADO, LARGURA DE 700MM E ALTURA DE 50MM - FORNECIMENTO E INSTALAÇÃO. AF_04/2023","UN",0]
["Eletrocalhas",97310,"COTOVELO HORIZONTAL 90º, PARA ELETROCALHA, LISA OU PERFURADA EM AÇO GALVANIZADO, LARGURA DE 800MM E ALTURA DE 50MM - FORNECIMENTO E INSTALAÇÃO. AF_04/2023","UN",0]
["Eletrocalhas",97282,"COTOVELO RETO 90º PARA ELETROCALHA, LISA OU PERFURADA EM AÇO GALVANIZADO, LARGURA DE 100MM E ALTURA DE 50MM - FORNECIMENTO E INSTALAÇÃO. AF_04/2023","UN",0]
["Eletrocalhas",97276,"COTOVELO RETO 90º PARA ELETROCALHA, LISA OU PERFURADA EM AÇO GALVANIZADO, LARGURA DE 50MM E ALTURA DE 50MM - FORNECIMENTO E INSTALAÇÃO. AF_04/2023","UN",0]
["Eletrocalhas",97281,"COTOVELO RETO 90º PARA ELETROCALHA, LISA OU PERFURADA EM AÇO GALVANIZADO, LARGURA DE 75MM E ALTURA DE 50MM - FORNECIMENTO E INSTALAÇÃO. AF_04/2023","UN",0]
["Eletrocalhas",97287,"COTOVELO RETO 90º, PARA ELETROCALHA, LISA OU PERFURADA EM AÇO GALVANIZADO, LARGURA DE 125MM E ALTURA DE 50MM - FORNECIMENTO E INSTALAÇÃO. AF_04/2023","UN",0]
["Eletrocalhas",97288,"COTOVELO RETO 90º, PARA ELETROCALHA, LISA OU PERFURADA EM AÇO GALVANIZADO, LARGURA DE 150MM E ALTURA DE 50MM - FORNECIMENTO E INSTALAÇÃO. AF_04/2023","UN",0]
["Eletrocalhas",97293,"COTOVELO RETO 90º, PARA ELETROCALHA, LISA OU PERFURADA EM AÇO GALVANIZADO, LARGURA DE 200MM E ALTURA DE 50MM - FORNECIMENTO E INSTALAÇÃO. AF_04/2023","UN",0]
["Eletrocalhas",97294,"COTOVELO RETO 90º, PARA ELETROCALHA, LISA OU PERFURADA EM AÇO GALVANIZADO, LARGURA DE 250MM E ALTURA DE 50MM - FORNECIMENTO E INSTALAÇÃO. AF_04/2023","UN",0]
["Eletrocalhas",97299,"COTOVELO RETO 90º, PARA ELETROCALHA, LISA OU PERFURADA EM AÇO GALVANIZADO, LARGURA DE 300MM E ALTURA DE 50MM - FORNECIMENTO E INSTALAÇÃO. AF_04/2023","UN",0]
["Eletrocalhas",97300,"COTOVELO RETO 90º, PARA ELETROCALHA, LISA OU PERFURADA EM AÇO GALVANIZADO, LARGURA DE 400MM E ALTURA DE 50MM - FORNECIMENTO E INSTALAÇÃO. AF_04/2023","UN",0]
["Eletrocalhas",97305,"COTOVELO RETO 90º, PARA ELETROCALHA, LISA OU PERFURADA EM AÇO GALVANIZADO, LARGURA DE 500MM E ALTURA DE 50MM - FORNECIMENTO E INSTALAÇÃO. AF_04/2023","UN",0]
["Eletrocalhas",97306,"COTOVELO RETO 90º, PARA ELETROCALHA, LISA OU PERFURADA EM AÇO GALVANIZADO, LARGURA DE 600MM E ALTURA DE 50MM - FORNECIMENTO E INSTALAÇÃO. AF_04/2023","UN",0]
["Eletrocalhas",97311,"COTOVELO RETO 90º, PARA ELETROCALHA, LISA OU PERFURADA EM AÇO GALVANIZADO, LARGURA DE 700MM E ALTURA DE 50MM - FORNECIMENTO E INSTALAÇÃO. AF_04/2023","UN",0]
["Eletrocalhas",97312,"COTOVELO RETO 90º, PARA ELETROCALHA, LISA OU PERFURADA EM AÇO GALVANIZADO, LARGURA DE 800MM E ALTURA DE 50MM - FORNECIMENTO E INSTALAÇÃO. AF_04/2023","UN",0]
["Eletrocalhas",97278,"CURVA HORIZONTAL 90º PARA ELETROCALHA, LISA OU PERFURADA EM AÇO GALVANIZADO, LARGURA DE 100MM E ALTURA DE 50MM - FORNECIMENTO E INSTALAÇÃO. AF_04/2023","UN",0]
["Eletrocalhas",97274,"CURVA HORIZONTAL 90º PARA ELETROCALHA, LISA OU PERFURADA EM AÇO GALVANIZADO, LARGURA DE 50MM E ALTURA DE 50MM - FORNECIMENTO E INSTALAÇÃO. AF_04/2023","UN",0]
["Eletrocalhas",97283,"CURVA HORIZONTAL 90º, PARA ELETROCALHA, LISA OU PERFURADA EM AÇO GALVANIZADO, LARGURA DE 125MM E ALTURA DE 50MM - FORNECIMENTO E INSTALAÇÃO. AF_04/2023","UN",0]
["Eletrocalhas",97284,"CURVA HORIZONTAL 90º, PARA ELETROCALHA, LISA OU PERFURADA EM AÇO GALVANIZADO, LARGURA DE 150MM E ALTURA DE 50MM - FORNECIMENTO E INSTALAÇÃO. AF_04/2023","UN",0]
["Eletrocalhas",97289,"CURVA HORIZONTAL 90º, PARA ELETROCALHA, LISA OU PERFURADA EM AÇO GALVANIZADO, LARGURA DE 200MM E ALTURA DE 50MM - FORNECIMENTO E INSTALAÇÃO. AF_04/2023","UN",0]
["Eletrocalhas",97290,"CURVA HORIZONTAL 90º, PARA ELETROCALHA, LISA OU PERFURADA EM AÇO GALVANIZADO, LARGURA DE 250MM E ALTURA DE 50MM - FORNECIMENTO E INSTALAÇÃO. AF_04/2023","UN",0]
["Eletrocalhas",97295,"CURVA HORIZONTAL 90º, PARA ELETROCALHA, LISA OU PERFURADA EM AÇO GALVANIZADO, LARGURA DE 300MM E ALTURA DE 50MM - FORNECIMENTO E INSTALAÇÃO. AF_04/2023","UN",0]
["Eletrocalhas",97296,"CURVA HORIZONTAL 90º, PARA ELETROCALHA, LISA OU PERFURADA EM AÇO GALVANIZADO, LARGURA DE 400MM E ALTURA DE 50MM - FORNECIMENTO E INSTALAÇÃO. AF_04/2023","UN",0]
["Eletrocalhas",97301,"CURVA HORIZONTAL 90º, PARA ELETROCALHA, LISA OU PERFURADA EM AÇO GALVANIZADO, LARGURA DE 500MM E ALTURA DE 50MM - FORNECIMENTO E INSTALAÇÃO. AF_04/2023","UN",0]
["Eletrocalhas",97302,"CURVA HORIZONTAL 90º, PARA ELETROCALHA, LISA OU PERFURADA EM AÇO GALVANIZADO, LARGURA DE 600MM E ALTURA DE 50MM - FORNECIMENTO E INSTALAÇÃO. AF_04/2023","UN",0]
["Eletrocalhas",97307,"CURVA HORIZONTAL 90º, PARA ELETROCALHA, LISA OU PERFURADA EM AÇO GALVANIZADO, LARGURA DE 700MM E ALTURA DE 50MM - FORNECIMENTO E INSTALAÇÃO. AF_04/2023","UN",0]
["Eletrocalhas",97277,"CURVA HORIZONTAL 90º, PARA ELETROCALHA, LISA OU PERFURADA EM AÇO GALVANIZADO, LARGURA DE 75MM E ALTURA DE 50MM - FORNECIMENTO E INSTALAÇÃO. AF_04/2023","UN",0]
["Eletrocalhas",97308,"CURVA HORIZONTAL 90º, PARA ELETROCALHA, LISA OU PERFURADA EM AÇO GALVANIZADO, LARGURA DE 800MM E ALTURA DE 50MM - FORNECIMENTO E INSTALAÇÃO. AF_04/2023","UN",0]
["Eletrocalhas",97238,"ELETROCALHA LISA OU PERFURADA EM AÇO GALVANIZADO, LARGURA 100MM E ALTURA 50MM, INCLUSIVE EMENDA E FIXAÇÃO - FORNECIMENTO E INSTALAÇÃO. AF_04/2023","M",0]
["Eletrocalhas",97239,"ELETROCALHA LISA OU PERFURADA EM AÇO GALVANIZADO, LARGURA 125MM E ALTURA 50MM, INCLUSIVE EMENDA E FIXAÇÃO - FORNECIMENTO E INSTALAÇÃO. AF_04/2023","M",0]
["Eletrocalhas",97240,"ELETROCALHA LISA OU PERFURADA EM AÇO GALVANIZADO, LARGURA 150MM E ALTURA 50MM, INCLUSIVE EMENDA E FIXAÇÃO - FORNECIMENTO E INSTALAÇÃO. AF_04/2023","M",0]
["Eletrocalhas",97241,"ELETROCALHA LISA OU PERFURADA EM AÇO GALVANIZADO, LARGURA 200MM E ALTURA 50MM, INCLUSIVE EMENDA E FIXAÇÃO - FORNECIMENTO E INSTALAÇÃO. AF_04/2023","M",0]
["Eletrocalhas",97242,"ELETROCALHA LISA OU PERFURADA EM AÇO GALVANIZADO, LARGURA 250MM E ALTURA 50MM, INCLUSIVE EMENDA E FIXAÇÃO - FORNECIMENTO E INSTALAÇÃO. AF_04/2023","M",0]
["Eletrocalhas",97243,"ELETROCALHA LISA OU PERFURADA EM AÇO GALVANIZADO, LARGURA 300MM E ALTURA 50MM, INCLUSIVE EMENDA E FIXAÇÃO - FORNECIMENTO E INSTALAÇÃO. AF_04/2023","M",0]
["Eletrocalhas",97244,"ELETROCALHA LISA OU PERFURADA EM AÇO GALVANIZADO, LARGURA 400MM E ALTURA 50MM, INCLUSIVE EMENDA E FIXAÇÃO - FORNECIMENTO E INSTALAÇÃO. AF_04/2023","M",0]
["Eletrocalhas",97245,"ELETROCALHA LISA OU PERFURADA EM AÇO GALVANIZADO, LARGURA 500MM E ALTURA 50MM, INCLUSIVE EMENDA E FIXAÇÃO - FORNECIMENTO E INSTALAÇÃO. AF_04/2023","M",0]
["Eletrocalhas",97236,"ELETROCALHA LISA OU PERFURADA EM AÇO GALVANIZADO, LARGURA 50MM E ALTURA 50MM, INCLUSIVE EMENDA E FIXAÇÃO - FORNECIMENTO E INSTALAÇÃO. AF_04/2023","M",0]
["Eletrocalhas",97246,"ELETROCALHA LISA OU PERFURADA EM AÇO GALVANIZADO, LARGURA 600MM E ALTURA 50MM, INCLUSIVE EMENDA E FIXAÇÃO - FORNECIMENTO E INSTALAÇÃO. AF_04/2023","M",0]
["Eletrocalhas",97247,"ELETROCALHA LISA OU PERFURADA EM AÇO GALVANIZADO, LARGURA 700MM E ALTURA 50MM, INCLUSIVE EMENDA E FIXAÇÃO - FORNECIMENTO E INSTALAÇÃO. AF_04/2023","M",0]
["Eletrocalhas",97237,"ELETROCALHA LISA OU PERFURADA EM AÇO GALVANIZADO, LARGURA 75MM E ALTURA 50MM, INCLUSIVE EMENDA E FIXAÇÃO - FORNECIMENTO E INSTALAÇÃO. AF_04/2023","M",0]
["Eletrocalhas",97248,"ELETROCALHA LISA OU PERFURADA EM AÇO GALVANIZADO, LARGURA 800MM E ALTURA 50MM, INCLUSIVE EMENDA E FIXAÇÃO - FORNECIMENTO E INSTALAÇÃO. AF_04/2023","M",0]
["Eletrocalhas",97251,"EMENDA PARA ELETROCALHA, LISA OU PERFURADA EM AÇO GALVANIZADO, LARGURA 100MM E ALTURA 50MM - FORNECIMENTO E INSTALAÇÃO. AF_04/2023","UN",0]
["Eletrocalhas",97254,"EMENDA PARA ELETROCALHA, LISA OU PERFURADA EM AÇO GALVANIZADO, LARGURA 125MM E ALTURA 50MM - FORNECIMENTO E INSTALAÇÃO. AF_04/2023","UN",0]
["Eletrocalhas",97255,"EMENDA PARA ELETROCALHA, LISA OU PERFURADA EM AÇO GALVANIZADO, LARGURA 150MM E ALTURA 50MM - FORNECIMENTO E INSTALAÇÃO. AF_04/2023","UN",0]
["Eletrocalhas",97249,"EMENDA PARA ELETROCALHA, LISA OU PERFURADA EM AÇO GALVANIZADO, LARGURA 50MM E ALTURA 50MM - FORNECIMENTO E INSTALAÇÃO. AF_04/2023","UN",0]
["Eletrocalhas",97250,"EMENDA PARA ELETROCALHA, LISA OU PERFURADA EM AÇO GALVANIZADO, LARGURA 75MM E ALTURA 50MM - FORNECIMENTO E INSTALAÇÃO. AF_04/2023","UN",0]
["Eletrocalhas",97258,"EMENDA PARA ELETROCALHA, LISA OU PERFURADA EM AÇO GALVANIZADO, LARGURA DE 200MM E ALTURA DE 50MM - FORNECIMENTO E INSTALAÇÃO. AF_04/2023","UN",0]
["Eletrocalhas",97259,"EMENDA PARA ELETROCALHA, LISA OU PERFURADA EM AÇO GALVANIZADO, LARGURA DE 250MM E ALTURA DE 50MM - FORNECIMENTO E INSTALAÇÃO. AF_04/2023","UN",0]
["Eletrocalhas",97262,"EMENDA PARA ELETROCALHA, LISA OU PERFURADA EM AÇO GALVANIZADO, LARGURA DE 300MM E ALTURA DE 50MM - FORNECIMENTO E INSTALAÇÃO. AF_04/2023","UN",0]
["Eletrocalhas",97263,"EMENDA PARA ELETROCALHA, LISA OU PERFURADA EM AÇO GALVANIZADO, LARGURA DE 400MM E ALTURA DE 50MM - FORNECIMENTO E INSTALAÇÃO. AF_04/2023","UN",0]
["Eletrocalhas",97266,"EMENDA PARA ELETROCALHA, LISA OU PERFURADA EM AÇO GALVANIZADO, LARGURA DE 500MM E ALTURA DE 50MM - FORNECIMENTO E INSTALAÇÃO. AF_04/2023","UN",0]
["Eletrocalhas",97267,"EMENDA PARA ELETROCALHA, LISA OU PERFURADA EM AÇO GALVANIZADO, LARGURA DE 600MM E ALTURA DE 50MM - FORNECIMENTO E INSTALAÇÃO. AF_04/2023","UN",0]
["Eletrocalhas",97270,"EMENDA PARA ELETROCALHA, LISA OU PERFURADA EM AÇO GALVANIZADO, LARGURA DE 700MM E ALTURA DE 50MM - FORNECIMENTO E INSTALAÇÃO. AF_04/2023","UN",0]
["Eletrocalhas",97271,"EMENDA PARA ELETROCALHA, LISA OU PERFURADA EM AÇO GALVANIZADO, LARGURA DE 800MM E ALTURA DE 50MM - FORNECIMENTO E INSTALAÇÃO. AF_04/2023","UN",0]
["Eletrocalhas",97252,"REDUÇÃO PARA ELETROCALHA, LISA OU PERFURADA EM AÇO GALVANIZADO, 100X75MM E ALTURA 50MM - FORNECIMENTO E INSTALAÇÃO. AF_04/2023","UN",0]
["Eletrocalhas",97257,"REDUÇÃO PARA ELETROCALHA, LISA OU PERFURADA EM AÇO GALVANIZADO, 125X100MM E ALTURA DE 50MM - FORNECIMENTO E INSTALAÇÃO. AF_04/2023","UN",0]
["Eletrocalhas",97256,"REDUÇÃO PARA ELETROCALHA, LISA OU PERFURADA EM AÇO GALVANIZADO, 150X125MM E ALTURA DE 50MM - FORNECIMENTO E INSTALAÇÃO. AF_04/2023","UN",0]
["Eletrocalhas",97253,"REDUÇÃO PARA ELETROCALHA, LISA OU PERFURADA EM AÇO GALVANIZADO, 75X50MM E ALTURA 50MM - FORNECIMENTO E INSTALAÇÃO. AF_04/2023","UN",0]
["Eletrocalhas",97261,"REDUÇÃO PARA ELETROCALHA, LISA OU PERFURADA EM AÇO GALVANIZADO, LARGURA DE 200X150MM E ALTURA DE 50MM - FORNECIMENTO E INSTALAÇÃO. AF_04/2023","UN",0]
["Eletrocalhas",97260,"REDUÇÃO PARA ELETROCALHA, LISA OU PERFURADA EM AÇO GALVANIZADO, LARGURA DE 250X200MM E ALTURA DE 50MM - FORNECIMENTO E INSTALAÇÃO. AF_04/2023","UN",0]
["Eletrocalhas",97265,"REDUÇÃO PARA ELETROCALHA, LISA OU PERFURADA EM AÇO GALVANIZADO, LARGURA DE 300X250MM E ALTURA DE 50MM - FORNECIMENTO E INSTALAÇÃO. AF_04/2023","UN",0]
["Eletrocalhas",97264,"REDUÇÃO PARA ELETROCALHA, LISA OU PERFURADA EM AÇO GALVANIZADO, LARGURA DE 400X300MM E ALTURA DE 50MM - FORNECIMENTO E INSTALAÇÃO. AF_04/2023","UN",0]
["Eletrocalhas",97269,"REDUÇÃO PARA ELETROCALHA, LISA OU PERFURADA EM AÇO GALVANIZADO, LARGURA DE 500X400MM E ALTURA DE 50MM - FORNECIMENTO E INSTALAÇÃO. AF_04/2023","UN",0]
["Eletrocalhas",97268,"REDUÇÃO PARA ELETROCALHA, LISA OU PERFURADA EM AÇO GALVANIZADO, LARGURA DE 600X500MM E ALTURA DE 50MM - FORNECIMENTO E INSTALAÇÃO. AF_04/2023","UN",0]
["Eletrocalhas",97273,"REDUÇÃO PARA ELETROCALHA, LISA OU PERFURADA EM AÇO GALVANIZADO, LARGURA DE 700X600MM E ALTURA DE 50MM - FORNECIMENTO E INSTALAÇÃO. AF_04/2023","UN",0]
["Eletrocalhas",97272,"REDUÇÃO PARA ELETROCALHA, LISA OU PERFURADA EM AÇO GALVANIZADO, LARGURA DE 800X700MM E ALTURA DE 50MM - FORNECIMENTO E INSTALAÇÃO. AF_04/2023","UN",0]
["Eletrocalhas",97315,"TÊ HORIZONTAL 90º, PARA ELETROCALHA, LISA OU PERFURADA EM AÇO GALVANIZADO, LARGURA DE 100MM E ALTURA DE 50MM - FORNECIMENTO E INSTALAÇÃO. AF_04/2023","UN",0]
["Eletrocalhas",97316,"TÊ HORIZONTAL 90º, PARA ELETROCALHA, LISA OU PERFURADA EM AÇO GALVANIZADO, LARGURA DE 125MM E ALTURA DE 50MM - FORNECIMENTO E INSTALAÇÃO. AF_04/2023","UN",0]
["Eletrocalhas",97317,"TÊ HORIZONTAL 90º, PARA ELETROCALHA, LISA OU PERFURADA EM AÇO GALVANIZADO, LARGURA DE 150MM E ALTURA DE 50MM - FORNECIMENTO E INSTALAÇÃO. AF_04/2023","UN",0]
["Eletrocalhas",97318,"TÊ HORIZONTAL 90º, PARA ELETROCALHA, LISA OU PERFURADA EM AÇO GALVANIZADO, LARGURA DE 200MM E ALTURA DE 50MM - FORNECIMENTO E INSTALAÇÃO. AF_04/2023","UN",0]
["Eletrocalhas",97319,"TÊ HORIZONTAL 90º, PARA ELETROCALHA, LISA OU PERFURADA EM AÇO GALVANIZADO, LARGURA DE 250MM E ALTURA DE 50MM - FORNECIMENTO E INSTALAÇÃO. AF_04/2023","UN",0]
["Eletrocalhas",97320,"TÊ HORIZONTAL 90º, PARA ELETROCALHA, LISA OU PERFURADA EM AÇO GALVANIZADO, LARGURA DE 300MM E ALTURA DE 50MM - FORNECIMENTO E INSTALAÇÃO. AF_04/2023","UN",0]
["Eletrocalhas",97321,"TÊ HORIZONTAL 90º, PARA ELETROCALHA, LISA OU PERFURADA EM AÇO GALVANIZADO, LARGURA DE 400MM E ALTURA DE 50MM - FORNECIMENTO E INSTALAÇÃO. AF_04/2023","UN",0]
["Eletrocalhas",97322,"TÊ HORIZONTAL 90º, PARA ELETROCALHA, LISA OU PERFURADA EM AÇO GALVANIZADO, LARGURA DE 500MM E ALTURA DE 50MM - FORNECIMENTO E INSTALAÇÃO. AF_04/2023","UN",0]
["Eletrocalhas",97313,"TÊ HORIZONTAL 90º, PARA ELETROCALHA, LISA OU PERFURADA EM AÇO GALVANIZADO, LARGURA DE 50MM E ALTURA DE 50MM - FORNECIMENTO E INSTALAÇÃO. AF_04/2023","UN",0]
["Eletrocalhas",97323,"TÊ HORIZONTAL 90º, PARA ELETROCALHA, LISA OU PERFURADA EM AÇO GALVANIZADO, LARGURA DE 600MM E ALTURA DE 50MM - FORNECIMENTO E INSTALAÇÃO. AF_04/2023","UN",0]
["Eletrocalhas",97324,"TÊ HORIZONTAL 90º, PARA ELETROCALHA, LISA OU PERFURADA EM AÇO GALVANIZADO, LARGURA DE 700MM E ALTURA DE 50MM - FORNECIMENTO E INSTALAÇÃO. AF_04/2023","UN",0]
["Eletrocalhas",97314,"TÊ HORIZONTAL 90º, PARA ELETROCALHA, LISA OU PERFURADA EM AÇO GALVANIZADO, LARGURA DE 75MM E ALTURA DE 50MM - FORNECIMENTO E INSTALAÇÃO. AF_04/2023","UN",0]
["Eletrocalhas",97325,"TÊ HORIZONTAL 90º, PARA ELETROCALHA, LISA OU PERFURADA EM AÇO GALVANIZADO, LARGURA DE 800MM E ALTURA DE 50MM - FORNECIMENTO E INSTALAÇÃO. AF_04/2023","UN",0]
["Energia Solar para Edificações",103517,"AQUECEDOR SOLAR COMPACTO, KIT PARA 1 COLETOR SOLAR EM VIDRO TEMPERADO E SERPENTINA EM TUBO DE COBRE COM SUPORTE, RESERVATÓRIO, FIXAÇÕES E TUBOS - FORNECIMENTO E INSTALAÇÃO. AF_12/2021","UN",5709.52]
["Energia Solar para Edificações",103518,"AQUECEDOR SOLAR COMPACTO, KIT PARA 1 COLETOR SOLAR À VÁCUO COM SUPORTE, RESERVATÓRIO, FIXAÇÕES E TUBOS - FORNECIMENTO E INSTALAÇÃO. AF_12/2021","UN",0]
["Energia Solar para Edificações",103519,"BLOCO CONCRETADO NO LOCAL, 20X20X15CM, PARA BASE DE FIXAÇÃO DA ESTRUTURA SOLAR PARA LAJE DE CONCRETO - FORNECIMENTO E INSTALAÇÃO. AF_12/2021","UN",11.83]
["Energia Solar para Edificações",103515,"BOMBA DE CIRCULACAO DE ÁGUA QUENTE, 93 ATÉ 150 W - FORNECIMENTO E INSTALAÇÃO. AF_12/2021","UN",0]
["Energia Solar para Edificações",103502,"CABO FOTOVOLTAICO 4 MM² INSTALADO EM ELETRODUTO - FORNECIMENTO E INSTALAÇÃO. AF_12/2021","M",0]
["Energia Solar para Edificações",103504,"CABO FOTOVOLTAICO 4 MM² INSTALADO SOLTO NO TELHADO - FORNECIMENTO E INSTALAÇÃO. AF_12/2021","M",0]
["Energia Solar para Edificações",103503,"CABO FOTOVOLTAICO 6 MM² INSTALADO EM ELETRODUTO - FORNECIMENTO E INSTALAÇÃO. AF_12/2021","M",0]
["Energia Solar para Edificações",103505,"CABO FOTOVOLTAICO 6 MM² INSTALADO SOLTO NO TELHADO - FORNECIMENTO E INSTALAÇÃO. AF_12/2021","M",0]
["Energia Solar para Edificações",103499,"COLETOR PARA AQUECIMENTO SOLAR A VÁCUO, COM SUPORTE PARA LAJE DE CONCRETO - FORNECIMENTO E INSTALAÇÃO. AF_12/2021","UN",0]
["Energia Solar para Edificações",103501,"COLETOR PARA AQUECIMENTO SOLAR A VÁCUO, COM SUPORTE PARA TELHA CERÂMICA - FORNECIMENTO E INSTALAÇÃO. AF_12/2021","UN",0]
["Energia Solar para Edificações",103500,"COLETOR PARA AQUECIMENTO SOLAR A VÁCUO, COM SUPORTE PARA TELHA METÁLICA - FORNECIMENTO E INSTALAÇÃO. AF_12/2021","UN",0]
["Energia Solar para Edificações",103496,"COLETOR PARA AQUECIMENTO SOLAR, EM VIDRO TEMPERADO E SERPENTINA EM TUBO DE COBRE, COM SUPORTE PARA LAJE DE CONCRETO - FORNECIMENTO E INSTALAÇÃO. AF_12/2021","UN",0]
["Energia Solar para Edificações",103498,"COLETOR PARA AQUECIMENTO SOLAR, EM VIDRO TEMPERADO E SERPENTINA EM TUBO DE COBRE, COM SUPORTE PARA TELHA CERÂMICA - FORNECIMENTO E INSTALAÇÃO. AF_12/2021","UN",0]
["Energia Solar para Edificações",103497,"COLETOR PARA AQUECIMENTO SOLAR, EM VIDRO TEMPERADO E SERPENTINA EM TUBO DE COBRE, COM SUPORTE PARA TELHA METÁLICA - FORNECIMENTO E INSTALAÇÃO. AF_12/2021","UN",0]
["Energia Solar para Edificações",103516,"CONTROLADOR POR DIFERENCIAL DE TEMPERATURA COM 2 SENSORES - FORNECIMENTO E INSTALAÇÃO. AF_12/2021","UN",0]
["Energia Solar para Edificações",103506,"INVERSOR SOLAR FOTOVOLTAICO - FORNECIMENTO E INSTALAÇÃO. AF_12/2021","UN",0]
["Energia Solar para Edificações",103507,"MICRO INVERSOR SOLAR FOTOVOLTAICO - FORNECIMENTO E INSTALAÇÃO. AF_12/2021","UN",0]
["Energia Solar para Edificações",103493,"PAINEL SOLAR FOTOVOLTAICO, 2 X 1 M, COM SUPORTE PARA LAJE DE CONCRETO - FORNECIMENTO E INSTALAÇÃO. AF_12/2021","UN",0]
["Energia Solar para Edificações",103495,"PAINEL SOLAR FOTOVOLTAICO, 2 X 1 M, COM SUPORTE PARA TELHA CERÂMICA - FORNECIMENTO E INSTALAÇÃO. AF_12/2021","UN",0]
["Energia Solar para Edificações",103494,"PAINEL SOLAR FOTOVOLTAICO, 2 X 1 M, COM SUPORTE PARA TELHA METÁLICA - FORNECIMENTO E INSTALAÇÃO. AF_12/2021","UN",0]
["Energia Solar para Edificações",103513,"RESERVATÓRIO TÉRMICO/BOILER SOLAR EM AÇO INOX 1000 L - FORNECIMENTO E INSTALAÇÃO. AF_12/2021","UN",0]
["Energia Solar para Edificações",103523,"RESERVATÓRIO TÉRMICO/BOILER SOLAR EM AÇO INOX 1000 L COM 5 PLACAS COLETORAS EM VIDRO TEMPERADO COM SERPENTINA EM TUBO DE COBRE 2 X 1 M - FORNECIMENTO E INSTALAÇÃO. AF_12/2021","UN",18857.73]
["Energia Solar para Edificações",103509,"RESERVATÓRIO TÉRMICO/BOILER SOLAR EM AÇO INOX 200 L - FORNECIMENTO E INSTALAÇÃO. AF_12/2021","UN",0]
["Energia Solar para Edificações",103514,"RESERVATÓRIO TÉRMICO/BOILER SOLAR EM AÇO INOX 3000 L - FORNECIMENTO E INSTALAÇÃO. AF_12/2021","UN",0]
["Energia Solar para Edificações",103510,"RESERVATÓRIO TÉRMICO/BOILER SOLAR EM AÇO INOX 400 L - FORNECIMENTO E INSTALAÇÃO. AF_12/2021","UN",0]
["Energia Solar para Edificações",103520,"RESERVATÓRIO TÉRMICO/BOILER SOLAR EM AÇO INOX 400 L COM 2 PLACAS COLETORAS EM VIDRO TEMPERADO COM SERPENTINA EM TUBO DE COBRE 2 X 1 M - FORNECIMENTO E INSTALAÇÃO. AF_12/2021","UN",9494.4699999999993]
["Energia Solar para Edificações",103511,"RESERVATÓRIO TÉRMICO/BOILER SOLAR EM AÇO INOX 600 L - FORNECIMENTO E INSTALAÇÃO. AF_12/2021","UN",0]
["Energia Solar para Edificações",103521,"RESERVATÓRIO TÉRMICO/BOILER SOLAR EM AÇO INOX 600 L COM 3 PLACAS COLETORAS EM VIDRO TEMPERADO COM SERPENTINA EM TUBO DE COBRE 2 X 1 M - FORNECIMENTO E INSTALAÇÃO. AF_12/2021","UN",12604.94]
["Energia Solar para Edificações",103512,"RESERVATÓRIO TÉRMICO/BOILER SOLAR EM AÇO INOX 800 L - FORNECIMENTO E INSTALAÇÃO. AF_12/2021","UN",0]
["Energia Solar para Edificações",103522,"RESERVATÓRIO TÉRMICO/BOILER SOLAR EM AÇO INOX 800 L COM 4 PLACAS COLETORAS EM VIDRO TEMPERADO COM SERPENTINA EM TUBO DE COBRE 2 X 1 M - FORNECIMENTO E INSTALAÇÃO. AF_12/2021","UN",12436.01]
["Energia Solar para Edificações",103508,"STRING BOX PARA SISTEMA FOTOVOLTAICO - FORNECIMENTO E INSTALAÇÃO. AF_12/2021","UN",0]
["Energia Solar para Edificações",103524,"SUPORTE DE 1 COLETOR SOLAR PARA LAJE DE CONCRETO - FORNECIMENTO E INSTALAÇÃO. AF_12/2021","UN",0]
["Energia Solar para Edificações",103526,"SUPORTE DE 1 COLETOR SOLAR PARA TELHA CERÂMICA - FORNECIMENTO E INSTALAÇÃO. AF_12/2021","UN",0]
["Energia Solar para Edificações",103525,"SUPORTE DE 1 COLETOR SOLAR PARA TELHA METÁLICA - FORNECIMENTO E INSTALAÇÃO. AF_12/2021","UN",0]
["Equipamentos de Proteção Coletiva",97062,"COLOCAÇÃO DE TELA EM ANDAIME FACHADEIRO. AF_03/2024","M2",6.62]
["Equipamentos de Proteção Coletiva",97061,"COLOCAÇÃO DE TELA FACHADEIRA PERIMETRAL. AF_03/2024","M2",0]
["Equipamentos de Proteção Coletiva",104988,"FECHAMENTO METÁLICO REMOVÍVEL DE ABERTURA DE CAIXILHO (PROTEÇÃO DE GESSEIRO) - 4 MONTAGENS EM OBRA. AF_03/2024","M2",0]
["Equipamentos de Proteção Coletiva",104979,"FECHAMENTO METÁLICO REMOVÍVEL DE VÃO DE PORTAS (VÃO DO ELEVADOR) - 1 MONTAGEM EM OBRA. AF_03/2024","M2",0]
["Equipamentos de Proteção Coletiva",97040,"FECHAMENTO REMOVÍVEL DE ABERTURA DE CAIXILHO EM MADEIRA - 4 MONTAGENS EM OBRA. AF_03/2024","M2",21.85]
["Equipamentos de Proteção Coletiva",97041,"FECHAMENTO REMOVÍVEL DE ABERTURA NO PISO EM MADEIRA - 1 MONTAGEM EM OBRA. AF_03/2024","M2",169.79]
["Equipamentos de Proteção Coletiva",97039,"FECHAMENTO REMOVÍVEL DE VÃO DE PORTAS EM MADEIRA (VÃO DO ELEVADOR) - 1 MONTAGEM EM OBRA. AF_03/2024","M2",81.73]
["Equipamentos de Proteção Coletiva",102655,"FITA DE SINALIZAÇÃO FIXADA NA ESTRUTURA. AF_03/2024","M",0]
["Equipamentos de Proteção Coletiva",104987,"GUARDA-CORPO DE CONCRETAGEM COM MONTANTES METÁLICOS FIXADOS EM BARROTES (VIGAMENTO) DE FORMA DE MADEIRA COM FECHAMENTO EM PAINEL DE TELA METÁLICA. AF_03/2024","M",0]
["Equipamentos de Proteção Coletiva",104986,"GUARDA-CORPO DE CONCRETAGEM COM MONTANTES METÁLICOS FIXADOS NOS GARFOS DE FORMA DE MADEIRA COM FECHAMENTO EM PAINEL DE TELA METÁLICA. AF_03/2024","M",0]
["Equipamentos de Proteção Coletiva",104984,"GUARDA-CORPO EM LAJE PÓS DESFÔRMA COM MONTANTE METÁLICO FIXADO EM LAJE COM PARABOLT E FECHAMENTO EM PAINEL DE TELA METÁLICA. AF_03/2024","M",0]
["Equipamentos de Proteção Coletiva",104985,"GUARDA-CORPO EM LAJE PÓS DESFÔRMA COM MONTANTE METÁLICO FIXADO EM LAJE COM SARGENTO E FECHAMENTO EM PAINEL DE TELA METÁLICA. AF_03/2024","M",0]
["Equipamentos de Proteção Coletiva",97026,"GUARDA-CORPO EM LAJE PÓS-DESFÔRMA COM CABOS DE AÇO E FECHAMENTO EM TELA DE POLIPROPILENO (SISTEMA DE BARREIRA COM REDE) PARA EDIFÍCIOS ACIMA DE 4 PAVIMENTOS (2 MONTAGENS). AF_03/2024","M",0]
["Equipamentos de Proteção Coletiva",97025,"GUARDA-CORPO EM LAJE PÓS-DESFÔRMA COM CABOS DE AÇO E FECHAMENTO EM TELA DE POLIPROPILENO (SISTEMA DE BARREIRA COM REDE) PARA EDIFÍCIOS COM ATÉ 4 PAVIMENTOS (1 MONTAGEM). AF_03/2024","M",0]
["Equipamentos de Proteção Coletiva",97032,"GUARDA-CORPO EM LAJE PÓS-DESFÔRMA COM ESCORAS DE MADEIRA ESTRONCADAS NA ESTRUTURA, TRAVESSÕES DE MADEIRA E FECHAMENTO EM TELA DE POLIPROPILENO PARA EDIFÍCIOS ACIMA DE 4 PAVIMENTOS (2 MONTAGENS). AF_03/2024","M",60.69]
["Equipamentos de Proteção Coletiva",97031,"GUARDA-CORPO EM LAJE PÓS-DESFÔRMA COM ESCORAS DE MADEIRA ESTRONCADAS NA ESTRUTURA, TRAVESSÕES DE MADEIRA E FECHAMENTO EM TELA DE POLIPROPILENO PARA EDIFÍCIOS COM ATÉ 4 PAVIMENTOS (1 MONTAGEM). AF_03/2024","M",98.1]
["Equipamentos de Proteção Coletiva",97036,"GUARDA-CORPO EM LAJE PÓS-DESFÔRMA COM ESCORAS METÁLICAS ESTRONCADAS NA ESTRUTURA E FECHAMENTO EM PAINEL DE TELA METÁLICA PARA EDIFÍCIOS ACIMA DE 4 PAVIMENTOS (2 MONTAGENS). AF_03/2024","M",0]
["Equipamentos de Proteção Coletiva",97035,"GUARDA-CORPO EM LAJE PÓS-DESFÔRMA COM ESCORAS METÁLICAS ESTRONCADAS NA ESTRUTURA E FECHAMENTO EM PAINEL DE TELA METÁLICA PARA EDIFÍCIOS COM ATÉ 4 PAVIMENTOS (1 MONTAGEM). AF_03/2024","M",0]
["Equipamentos de Proteção Coletiva",97034,"GUARDA-CORPO EM LAJE PÓS-DESFÔRMA COM ESCORAS METÁLICAS ESTRONCADAS NA ESTRUTURA, TRAVESSÕES DE MADEIRA E FECHAMENTO EM TELA DE POLIPROPILENO PARA EDIFÍCIOS ACIMA DE 4 PAVIMENTOS (2 MONTAGENS). AF_03/2024_PS","M",59.23]
["Equipamentos de Proteção Coletiva",97033,"GUARDA-CORPO EM LAJE PÓS-DESFÔRMA COM ESCORAS METÁLICAS ESTRONCADAS NA ESTRUTURA, TRAVESSÕES DE MADEIRA E FECHAMENTO EM TELA DE POLIPROPILENO PARA EDIFÍCIOS COM ATÉ 4 PAVIMENTOS (1 MONTAGEM). AF_03/2024_PS","M",88.91]
["Equipamentos de Proteção Coletiva",97030,"GUARDA-CORPO EM LAJE PÓS-DESFÔRMA COM MONTANTE METÁLICO FIXADO COM BARRAS DE AÇO ENGASTADAS NA LAJE, CABOS DE AÇO E FECHAMENTO EM TELA DE POLIPROPILENO PARA EDIFÍCIOS ACIMA DE 4 PAVIMENTOS (2 MONTAGENS). AF_03/2024","M",0]
["Equipamentos de Proteção Coletiva",97029,"GUARDA-CORPO EM LAJE PÓS-DESFÔRMA COM MONTANTE METÁLICO FIXADO COM BARRAS DE AÇO ENGASTADAS NA LAJE, CABOS DE AÇO E FECHAMENTO EM TELA DE POLIPROPILENO PARA EDIFÍCIOS COM ATÉ 4 PAVIMENTOS (1 MONTAGEM). AF_03/2024","M",0]
["Equipamentos de Proteção Coletiva",97028,"GUARDA-CORPO EM LAJE PÓS-DESFÔRMA COM MONTANTE METÁLICO FIXADO COM BARRAS DE AÇO ENGASTADAS NA LAJE, TRAVESSÃO EM MADEIRA E FECHAMENTO EM TELA DE POLIPROPILENO PARA EDIFÍCIOS ACIMA DE 4 PAVIMENTOS (2 MONTAGENS). AF_03/2024","M",0]
["Equipamentos de Proteção Coletiva",97027,"GUARDA-CORPO EM LAJE PÓS-DESFÔRMA COM MONTANTE METÁLICO FIXADO COM BARRAS DE AÇO ENGASTADAS NA LAJE, TRAVESSÃO EM MADEIRA E FECHAMENTO EM TELA DE POLIPROPILENO PARA EDIFÍCIOS COM ATÉ 4 PAVIMENTOS (1 MONTAGEM). AF_03/2024","M",0]
["Equipamentos de Proteção Coletiva",97038,"GUARDA-CORPO EM LAJE PÓS-DESFÔRMA COM MONTANTE METÁLICO FIXADO EM VIGA DE BORDA E FECHAMENTO EM PAINEL DE TELA METÁLICA PARA EDIFÍCIOS ACIMA DE 4 PAVIMENTOS (2 MONTAGENS). AF_03/2024","M",0]
["Equipamentos de Proteção Coletiva",97037,"GUARDA-CORPO EM LAJE PÓS-DESFÔRMA, PARA ESTRUTURAS EM CONCRETO, COM MONTANTE METÁLICO FIXADO EM VIGA DE BORDA E FECHAMENTO EM PAINEL DE TELA METÁLICA PARA EDIFÍCIOS COM ATÉ 4 PAVIMENTOS (1 MONTAGEM). AF_03/2024","M",0]
["Equipamentos de Proteção Coletiva",97014,"GUARDA-CORPO FIXADO EM FÔRMA DE MADEIRA COM MONTANTES E TRAVESSÕES EM MADEIRA E FECHAMENTO EM PLACA COMPENSADO PARA EDIFÍCIOS COM 3 PAVIMENTOS. AF_03/2024","M",63.05]
["Equipamentos de Proteção Coletiva",97015,"GUARDA-CORPO FIXADO EM FÔRMA DE MADEIRA COM MONTANTES E TRAVESSÕES EM MADEIRA E FECHAMENTO EM PLACA COMPENSADO PARA EDIFÍCIOS COM ALTURA IGUAL OU SUPERIOR A 4 PAVIMENTOS. AF_03/2024","M",52.75]
["Equipamentos de Proteção Coletiva",97013,"GUARDA-CORPO FIXADO EM FÔRMA DE MADEIRA COM MONTANTES E TRAVESSÕES EM MADEIRA E FECHAMENTO EM PLACA COMPENSADO PARA EDIFÍCIOS COM ATÉ 2 PAVIMENTOS. AF_03/2024","M",83.68]
["Equipamentos de Proteção Coletiva",97017,"GUARDA-CORPO FIXADO EM FÔRMA DE MADEIRA COM MONTANTES E TRAVESSÕES EM MADEIRA PRÉ-MONTADOS PARA EDIFÍCIOS COM 3 PAVIMENTOS. AF_03/2024","M",47.86]
["Equipamentos de Proteção Coletiva",97018,"GUARDA-CORPO FIXADO EM FÔRMA DE MADEIRA COM MONTANTES E TRAVESSÕES EM MADEIRA PRÉ-MONTADOS PARA EDIFÍCIOS COM ALTURA IGUAL OU SUPERIOR A 4 PAVIMENTOS. AF_03/2024","M",40.18]
["Equipamentos de Proteção Coletiva",97016,"GUARDA-CORPO FIXADO EM FÔRMA DE MADEIRA COM MONTANTES E TRAVESSÕES EM MADEIRA PRÉ-MONTADOS PARA EDIFÍCIOS COM ATÉ 2 PAVIMENTOS. AF_03/2024","M",63.36]
["Equipamentos de Proteção Coletiva",97024,"GUARDA-CORPO PARA ALVENARIA ESTRUTURAL, COM MONTANTE METÁLICO PARA DOIS NÍVEIS DE PROTEÇÃO E FECHAMENTO EM PAINEL DE TELA METÁLICA PARA EDIFÍCIOS ACIMA DE 8 PAVIMENTOS. AF_03/2024","M",0]
["Equipamentos de Proteção Coletiva",97023,"GUARDA-CORPO PARA ALVENARIA ESTRUTURAL, COM MONTANTE METÁLICO PARA DOIS NÍVEIS DE PROTEÇÃO E FECHAMENTO EM PAINEL DE TELA METÁLICA PARA EDIFÍCIOS COM ALTURA DE 5 A 8 PAVIMENTOS. AF_03/2024","M",0]
["Equipamentos de Proteção Coletiva",105804,"GUARDA-CORPO PARA ALVENARIA ESTRUTURAL, COM MONTANTE METÁLICO PARA DOIS NÍVEIS DE PROTEÇÃO E FECHAMENTO EM PAINEL DE TELA METÁLICA PARA EDIFÍCIOS COM ATÉ 4 PAVIMENTOS. AF_03/2024","M",0]
["Equipamentos de Proteção Coletiva",104990,"GUARDA-CORPO PARA POÇO DE CREMALHEIRA, COM MONTANTE METÁLICO FIXADO EM LAJE COM CHUMBADOR PARABOLT E FECHAMENTO EM PAINEL DE TELA METÁLICA (EXCLUSO PROTEÇÃO). AF_03/2024","M",12.6]
["Equipamentos de Proteção Coletiva",97052,"INSTALAÇÃO DE GAMBIARRA PARA SINALIZAÇÃO, INCLUINDO LÂMPADA, E SINALIZADOR. AF_03/2024","UN",0]
["Equipamentos de Proteção Coletiva",97054,"INSTALAÇÃO DE SINALIZADOR NOTURNO LED. AF_03/2024","UN",30.38]
["Equipamentos de Proteção Coletiva",104981,"LINHA DE VIDA INSTALADA JUNTO AO PISO PARA EDIFÍCIOS ACIMA DE 8 PAVIMENTOS. AF_03/2024","M",0]
["Equipamentos de Proteção Coletiva",104980,"LINHA DE VIDA INSTALADA JUNTO AO PISO PARA EDIFÍCIOS DE 5 A 8 PAVIMENTOS. AF_03/2024","M",0]
["Equipamentos de Proteção Coletiva",97042,"LINHA DE VIDA INSTALADA JUNTO AO PISO PARA EDIFÍCIOS DE ATÉ 4 PAVIMENTOS. AF_03/2024","M",0]
["Equipamentos de Proteção Coletiva",97045,"LINHA DE VIDA TIPO VARAL DE SEGURANÇA COM CABO DE AÇO PARA PROTEÇÃO DE PERIFERIA PARA EDIFÍCIOS ACIMA DE 8 PAVIMENTOS. AF_03/2024","M",0]
["Equipamentos de Proteção Coletiva",97044,"LINHA DE VIDA TIPO VARAL DE SEGURANÇA COM CABO DE AÇO PARA PROTEÇÃO DE PERIFERIA PARA EDIFÍCIOS DE 5 A 8 PAVIMENTOS. AF_03/2024","M",0]
["Equipamentos de Proteção Coletiva",97043,"LINHA DE VIDA TIPO VARAL DE SEGURANÇA COM CABO DE AÇO PARA PROTEÇÃO DE PERIFERIA PARA EDIFÍCIOS DE ATÉ 4 PAVIMENTOS. AF_03/2024","M",0]
["Equipamentos de Proteção Coletiva",97063,"MONTAGEM E DESMONTAGEM DE ANDAIME MODULAR FACHADEIRO, COM PISO METÁLICO, PARA EDIFÍCIOS COM MULTIPLOS PAVIMENTOS (EXCLUSIVE ANDAIME E LIMPEZA). AF_03/2024","M2",24.64]
["Equipamentos de Proteção Coletiva",97065,"MONTAGEM E DESMONTAGEM DE ANDAIME MULTIDIRECIONAL (EXCLUSIVE ANDAIME E LIMPEZA). AF_03/2024","M3",16.100000000000001]
["Equipamentos de Proteção Coletiva",97064,"MONTAGEM E DESMONTAGEM DE ANDAIME TUBULAR TIPO \"TORRE\" (EXCLUSIVE ANDAIME E LIMPEZA). AF_03/2024","M",33.85]
["Equipamentos de Proteção Coletiva",97049,"PLACA INDICATIVA FIXADA DIRETAMENTE NA ESTRUTURA ATRAVÉS DE PREGOS. AF_03/2024","M2",0]
["Equipamentos de Proteção Coletiva",96997,"PLATAFORMA DE PROTEÇÃO PRINCIPAL (PRIMÁRIA) PARA COLETA DE RESÍDUOS COM ESTRUTURA METÁLICA E FORRAÇÃO EM TÁBUA DE MADEIRA SERRADA - 1 MONTAGEM POR OBRA. AF_03/2024","M",0]
["Equipamentos de Proteção Coletiva",96999,"PLATAFORMA DE PROTEÇÃO PRINCIPAL (PRIMÁRIA) PARA COLETA DE RESÍDUOS COM ESTRUTURA METÁLICA E FORRAÇÃO EM TÁBUA DE MADEIRA SERRADA - 2 MONTAGENS POR OBRA. AF_03/2024","M",0]
["Equipamentos de Proteção Coletiva",96996,"PLATAFORMA DE PROTEÇÃO PRINCIPAL (PRIMÁRIA) PARA COLETA DE RESÍDUOS COM ESTRUTURA METÁLICA E TRAMA DE MADEIRA FORRADA EM PAINEL COMPENSADO - 1 MONTAGEM POR OBRA. AF_03/2024","M",0]
["Equipamentos de Proteção Coletiva",96998,"PLATAFORMA DE PROTEÇÃO PRINCIPAL (PRIMÁRIA) PARA COLETA DE RESÍDUOS COM ESTRUTURA METÁLICA E TRAMA DE MADEIRA FORRADA EM PAINEL COMPENSADO - 2 MONTAGENS POR OBRA. AF_03/2024","M",0]
["Equipamentos de Proteção Coletiva",97067,"PLATAFORMA DE PROTEÇÃO PRINCIPAL PARA ALVENARIA ESTRUTURAL PARA SER APOIADA EM ANDAIME, INCLUSIVE MONTAGEM E DESMONTAGEM. AF_03/2024","M",673.26]
["Equipamentos de Proteção Coletiva",97001,"PLATAFORMA DE PROTEÇÃO SECUNDÁRIA PARA COLETA DE RESÍDUOS COM ESTRUTURA METÁLICA E FORRAÇÃO EM TÁBUA DE MADEIRA SERRADA - 1 MONTAGEM POR OBRA. AF_03/2024","M",0]
["Equipamentos de Proteção Coletiva",97003,"PLATAFORMA DE PROTEÇÃO SECUNDÁRIA PARA COLETA DE RESÍDUOS COM ESTRUTURA METÁLICA E FORRAÇÃO EM TÁBUA DE MADEIRA SERRADA - 2 MONTAGENS POR OBRA. AF_03/2024","M",0]
["Equipamentos de Proteção Coletiva",97005,"PLATAFORMA DE PROTEÇÃO SECUNDÁRIA PARA COLETA DE RESÍDUOS COM ESTRUTURA METÁLICA E FORRAÇÃO EM TÁBUA DE MADEIRA SERRADA - 3 MONTAGENS POR OBRA. AF_03/2024","M",0]
["Equipamentos de Proteção Coletiva",97000,"PLATAFORMA DE PROTEÇÃO SECUNDÁRIA PARA COLETA DE RESÍDUOS COM ESTRUTURA METÁLICA E TRAMA DE MADEIRA FORRADA EM PAINEL COMPENSADO - 1 MONTAGEM POR OBRA. AF_03/2024","M",0]
["Equipamentos de Proteção Coletiva",97002,"PLATAFORMA DE PROTEÇÃO SECUNDÁRIA PARA COLETA DE RESÍDUOS COM ESTRUTURA METÁLICA E TRAMA DE MADEIRA FORRADA EM PAINEL COMPENSADO - 2 MONTAGENS POR OBRA. AF_03/2024","M",0]
["Equipamentos de Proteção Coletiva",97004,"PLATAFORMA DE PROTEÇÃO SECUNDÁRIA PARA COLETA DE RESÍDUOS COM ESTRUTURA METÁLICA E TRAMA DE MADEIRA FORRADA EM PAINEL COMPENSADO - 3 MONTAGENS POR OBRA. AF_03/2024","M",0]
["Equipamentos de Proteção Coletiva",97007,"PLATAFORMA DE PROTEÇÃO TERCIÁRIA PARA COLETA DE RESÍDUOS COM ESTRUTURA METÁLICA E FORRAÇÃO EM TÁBUA DE MADEIRA SERRADA - 1 MONTAGEM POR OBRA. AF_03/2024","M",0]
["Equipamentos de Proteção Coletiva",97009,"PLATAFORMA DE PROTEÇÃO TERCIÁRIA PARA COLETA DE RESÍDUOS COM ESTRUTURA METÁLICA E FORRAÇÃO EM TÁBUA DE MADEIRA SERRADA - 2 MONTAGENS POR OBRA. AF_03/2024","M",0]
["Equipamentos de Proteção Coletiva",97006,"PLATAFORMA DE PROTEÇÃO TERCIÁRIA PARA COLETA DE RESÍDUOS COM ESTRUTURA METÁLICA E TRAMA DE MADEIRA FORRADA EM PAINEL COMPENSADO - 1 MONTAGEM POR OBRA. AF_03/2024","M",0]
["Equipamentos de Proteção Coletiva",97008,"PLATAFORMA DE PROTEÇÃO TERCIÁRIA PARA COLETA DE RESÍDUOS COM ESTRUTURA METÁLICA E TRAMA DE MADEIRA FORRADA EM PAINEL COMPENSADO - 2 MONTAGENS POR OBRA. AF_03/2024","M",0]
["Equipamentos de Proteção Coletiva",97048,"PONTEIRAS DE PROTEÇÃO DE PONTAS E VERGALHÕES EXPOSTOS EM ALVENARIA ESTRUTURAL. AF_03/2024","M2",0.09]
["Equipamentos de Proteção Coletiva",97047,"PONTEIRAS DE PROTEÇÃO DE PONTAS E VERGALHÕES EXPOSTOS EM ESTRUTURAS DE CONCRETO ARMADO CONVENCIONAL. AF_03/2024","M2",0.12]
["Equipamentos de Proteção Coletiva",97046,"PONTEIRAS DE PROTEÇÃO DE PONTAS E VERGALHÕES EXPOSTOS EM FUNDAÇÕES. AF_03/2024","M2",0.33]
["Equipamentos de Proteção Coletiva",104989,"PROTEÇÃO DE ACESSO A CREMALHEIRA, COM CANCELA FIXADA EM LAJE - 1 MONTAGEM (EXCLUSO CANCELA). AF_03/2024","UN",45.18]
["Equipamentos de Proteção Coletiva",97066,"PROTEÇÃO DE PEDESTRES, INCLUSIVE MONTAGEM E DESMONTAGEM. AF_03/2024_PS","M2",355.57]
["Equipamentos de Proteção Coletiva",104982,"REDE DE PROTEÇÃO PISO A PISO (SISTEMA U). AF_03/2024","M",0]
["Equipamentos de Proteção Coletiva",97060,"REDE DE PROTEÇÃO TIPO SLQA INTERMEDIÁRIO PARA EDIFÍCIOS ACIMA DE 8 PAVIMENTOS. AF_03/2024","M",0]
["Equipamentos de Proteção Coletiva",97059,"REDE DE PROTEÇÃO TIPO SLQA INTERMEDIÁRIO PARA EDIFÍCIOS DE 5 A 8 PAVIMENTOS. AF_03/2024","M",0]
["Equipamentos de Proteção Coletiva",97058,"REDE DE PROTEÇÃO TIPO SLQA INTERMEDIÁRIO PARA EDIFÍCIOS DE ATÉ 4 PAVIMENTOS. AF_03/2024","M",0]
["Equipamentos de Proteção Coletiva",97056,"REDE DE PROTEÇÃO TIPO SLQA PESADO COM SUPORTES METÁLICOS TIPO FORCA PARA EDIFÍCIOS DE 5 A 8 PAVIMENTOS. AF_03/2024","M",0]
["Equipamentos de Proteção Coletiva",97057,"REDE DE PROTEÇÃO TIPO SLQA PESADO COM SUPORTES METÁLICOS TIPO FORCA PARA EDIFÍCIOS DE ACIMA DE 8 PAVIMENTOS. AF_03/2024","M",0]
["Equipamentos de Proteção Coletiva",97055,"REDE DE PROTEÇÃO TIPO SLQA PESADO COM SUPORTES METÁLICOS TIPO FORCA PARA EDIFÍCIOS DE ATÉ 4 PAVIMENTOS. AF_03/2024","M",0]
["Equipamentos de Proteção Coletiva",102656,"SINALIZAÇÃO COM FITA FIXADA EM CONE PLÁSTICO, INCLUINDO CONE. AF_03/2024","M",0]
["Equipamentos de Proteção Coletiva",104983,"SISTEMA DE PROTEÇÃO PARA PILARES DE PERIFERIA. AF_03/2024","UN",0]
["Equipamentos de Proteção Coletiva",97050,"TOTEN EM MADEIRA COM PLACA INDICATIVA POSICIONADA NO TERRENO. AF_03/2024","M2",0]
["Escadas",95946,"ARMAÇÃO DE ESCADA, DE UMA ESTRUTURA CONVENCIONAL DE CONCRETO ARMADO UTILIZANDO AÇO CA-50 DE 10,0 MM - MONTAGEM. AF_11/2020","KG",12.11]
["Escadas",95947,"ARMAÇÃO DE ESCADA, DE UMA ESTRUTURA CONVENCIONAL DE CONCRETO ARMADO UTILIZANDO AÇO CA-50 DE 12,5 MM - MONTAGEM. AF_11/2020","KG",8.9700000000000006]
["Escadas",95948,"ARMAÇÃO DE ESCADA, DE UMA ESTRUTURA CONVENCIONAL DE CONCRETO ARMADO UTILIZANDO AÇO CA-50 DE 16,0 MM - MONTAGEM. AF_11/2020","KG",7.55]
["Escadas",95944,"ARMAÇÃO DE ESCADA, DE UMA ESTRUTURA CONVENCIONAL DE CONCRETO ARMADO UTILIZANDO AÇO CA-50 DE 6,3 MM - MONTAGEM. AF_11/2020","KG",20.71]
["Escadas",95945,"ARMAÇÃO DE ESCADA, DE UMA ESTRUTURA CONVENCIONAL DE CONCRETO ARMADO UTILIZANDO AÇO CA-50 DE 8,0 MM - MONTAGEM. AF_11/2020","KG",15.89]
["Escadas",95943,"ARMAÇÃO DE ESCADA, DE UMA ESTRUTURA CONVENCIONAL DE CONCRETO ARMADO UTILIZANDO AÇO CA-60 DE 5,0 MM - MONTAGEM. AF_11/2020","KG",23.54]
["Escadas",102077,"ESCADA EM CONCRETO ARMADO MOLDADO IN LOCO, FCK 25 MPA, COM 1 LANCE E LAJE CASCATA, FÔRMA EM CHAPA DE MADEIRA COMPENSADA RESINADA. AF_11/2020","M3",5366.39]
["Escadas",102073,"ESCADA EM CONCRETO ARMADO MOLDADO IN LOCO, FCK 25 MPA, COM 1 LANCE E LAJE PLANA, FÔRMA EM CHAPA DE MADEIRA COMPENSADA RESINADA. AF_11/2020","M3",3951.36]
["Escadas",102079,"ESCADA EM CONCRETO ARMADO MOLDADO IN LOCO, FCK 25 MPA, COM 2 LANCES EM L E LAJE CASCATA, FÔRMA EM CHAPA DE MADEIRA COMPENSADA RESINADA. AF_11/2020","M3",5250.73]
["Escadas",102075,"ESCADA EM CONCRETO ARMADO MOLDADO IN LOCO, FCK 25 MPA, COM 2 LANCES EM L E LAJE PLANA, FÔRMA EM CHAPA DE MADEIRA COMPENSADA RESINADA. AF_11/2020","M3",4783.99]
["Escadas",102078,"ESCADA EM CONCRETO ARMADO MOLDADO IN LOCO, FCK 25 MPA, COM 2 LANCES EM U E LAJE CASCATA, FÔRMA EM CHAPA DE MADEIRA COMPENSADA RESINADA. AF_11/2020","M3",5488.03]
["Escadas",102074,"ESCADA EM CONCRETO ARMADO MOLDADO IN LOCO, FCK 25 MPA, COM 2 LANCES EM U E LAJE PLANA, FÔRMA EM CHAPA DE MADEIRA COMPENSADA RESINADA. AF_11/2020","M3",4624.93]
["Escadas",102080,"ESCADA EM CONCRETO ARMADO MOLDADO IN LOCO, FCK 25 MPA, COM 2 LANCES EM X E LAJE CASCATA, FÔRMA EM CHAPA DE MADEIRA COMPENSADA RESINADA. AF_11/2020","M3",4559.38]
["Escadas",102076,"ESCADA EM CONCRETO ARMADO MOLDADO IN LOCO, FCK 25 MPA, COM 2 LANCES EM X E LAJE PLANA, FÔRMA EM CHAPA DE MADEIRA COMPENSADA RESINADA. AF_11/2020","M3",4898.49]
["Escadas",102084,"ESCADA HELICOIDAL EM AÇO GALVANIZADO, DIAMETRO DE 1,2 M, DOTADA DE GUARDA-CORPO, FIXADA COM CHUMBADOR MECÂNICO. AF_11/2020","M",0]
["Escadas",102082,"ESCADA TIPO MARINHEIRO EM TUBO ACO GALVANIZADO 1 1/2\", COM GUARDA-CORPO, PARA ALTURAS MAIORES QUE 3 M, FIXADA COM CHUMBADOR MECÂNICO. AF_11/2020","M",0]
["Escadas",102081,"ESCADA TIPO MARINHEIRO EM TUBO ACO GALVANIZADO 1 1/2\", SEM GUARDA-CORPO, FIXADA COM CHUMBADOR MECÂNICO. AF_11/2020","M",0]
["Escadas",102092,"ESCADA TIPO MARINHEIRO EM TUBO AÇO GALVANIZADO 1 1/2\", COM GUARDA-CORPO, PARA ALTURAS DE ATÉ 3 M, FIXADA COM CHUMBADOR MECÂNICO. AF_11/2020","M",0]
["Escadas",102089,"FABRICAÇÃO DE FÔRMA PARA ESCADA DUPLA COM 2 LANCES EM \"X\" E LAJE CASCATA, EM CHAPA DE MADEIRA COMPENSADA PLASTIFICADA, E=18 MM. AF_11/2020","M2",190.23]
["Escadas",102090,"FABRICAÇÃO DE FÔRMA PARA ESCADA DUPLA COM 2 LANCES EM \"X\" E LAJE CASCATA, EM CHAPA DE MADEIRA COMPENSADA RESINADA, E= 17 MM. AF_11/2020","M2",146.44]
["Escadas",102086,"FABRICAÇÃO DE FÔRMA PARA ESCADA DUPLA COM 2 LANCES EM \"X\" E LAJE PLANA, EM CHAPA DE MADEIRA COMPENSADA PLASTIFICADA, E=18 MM. AF_11/2020","M2",208.14]
["Escadas",102087,"FABRICAÇÃO DE FÔRMA PARA ESCADA DUPLA COM 2 LANCES EM \"X\" E LAJE PLANA, EM CHAPA DE MADEIRA COMPENSADA RESINADA, E= 17 MM. AF_11/2020","M2",169.54]
["Escadas",102091,"FABRICAÇÃO DE FÔRMA PARA ESCADA DUPLA COM 2 LANCES EM X E LAJE CASCATA, EM MADEIRA SERRADA, E=25 MM. AF_11/2020","M2",269.39999999999998]
["Escadas",102088,"FABRICAÇÃO DE FÔRMA PARA ESCADA DUPLA COM 2 LANCES EM X E LAJE PLANA, EM MADEIRA SERRADA, E=25 MM. AF_11/2020","M2",234.59]
["Escadas",101997,"FABRICAÇÃO DE FÔRMA PARA ESCADAS, COM 1 LANCE E LAJE CASCATA, EM CHAPA DE MADEIRA COMPENSADA PLASTIFICADA, E=18 MM. AF_11/2020","M2",200.37]
["Escadas",101998,"FABRICAÇÃO DE FÔRMA PARA ESCADAS, COM 1 LANCE E LAJE CASCATA, EM CHAPA DE MADEIRA COMPENSADA RESINADA, E= 17 MM. AF_11/2020","M2",154.09]
["Escadas",101999,"FABRICAÇÃO DE FÔRMA PARA ESCADAS, COM 1 LANCE E LAJE CASCATA, EM MADEIRA SERRADA, E=25 MM. AF_11/2020","M2",316.23]
["Escadas",101994,"FABRICAÇÃO DE FÔRMA PARA ESCADAS, COM 1 LANCE E LAJE PLANA, EM CHAPA DE MADEIRA COMPENSADA PLASTIFICADA, E=18 MM. AF_11/2020","M2",216.16]
["Escadas",101995,"FABRICAÇÃO DE FÔRMA PARA ESCADAS, COM 1 LANCE E LAJE PLANA, EM CHAPA DE MADEIRA COMPENSADA RESINADA, E= 17 MM. AF_11/2020","M2",174.89]
["Escadas",101996,"FABRICAÇÃO DE FÔRMA PARA ESCADAS, COM 1 LANCE E LAJE PLANA, EM MADEIRA SERRADA, E=25 MM. AF_11/2020","M2",251.07]
["Escadas",101991,"FABRICAÇÃO DE FÔRMA PARA ESCADAS, COM 2 LANCES EM \"L\" E LAJE CASCATA, EM CHAPA DE MADEIRA COMPENSADA PLASTIFICADA, E=18 MM. AF_11/2020","M2",201.52]
["Escadas",101992,"FABRICAÇÃO DE FÔRMA PARA ESCADAS, COM 2 LANCES EM \"L\" E LAJE CASCATA, EM CHAPA DE MADEIRA COMPENSADA RESINADA, E= 17 MM. AF_11/2020","M2",156.26]
["Escadas",101993,"FABRICAÇÃO DE FÔRMA PARA ESCADAS, COM 2 LANCES EM \"L\" E LAJE CASCATA, EM MADEIRA SERRADA, E=25 MM. AF_11/2020","M2",295.81]
["Escadas",101988,"FABRICAÇÃO DE FÔRMA PARA ESCADAS, COM 2 LANCES EM \"L\" E LAJE PLANA, EM CHAPA DE MADEIRA COMPENSADA PLASTIFICADA, E=18 MM. AF_11/2020","M2",205.7]
["Escadas",101989,"FABRICAÇÃO DE FÔRMA PARA ESCADAS, COM 2 LANCES EM \"L\" E LAJE PLANA, EM CHAPA DE MADEIRA COMPENSADA RESINADA, E= 17 MM. AF_11/2020","M2",168.94]
["Escadas",101990,"FABRICAÇÃO DE FÔRMA PARA ESCADAS, COM 2 LANCES EM \"L\" E LAJE PLANA, EM MADEIRA SERRADA, E=25 MM. AF_11/2020","M2",234.44]
["Escadas",101985,"FABRICAÇÃO DE FÔRMA PARA ESCADAS, COM 2 LANCES EM \"U\" E LAJE CASCATA, EM CHAPA DE MADEIRA COMPENSADA PLASTIFICADA, E=18 MM. AF_11/2020","M2",199.2]
["Escadas",101986,"FABRICAÇÃO DE FÔRMA PARA ESCADAS, COM 2 LANCES EM \"U\" E LAJE CASCATA, EM CHAPA DE MADEIRA COMPENSADA RESINADA, E= 17 MM. AF_11/2020","M2",151.87]
["Escadas",101987,"FABRICAÇÃO DE FÔRMA PARA ESCADAS, COM 2 LANCES EM \"U\" E LAJE CASCATA, EM MADEIRA SERRADA, E=25 MM. AF_11/2020","M2",253.24]
["Escadas",101969,"FABRICAÇÃO DE FÔRMA PARA ESCADAS, COM 2 LANCES EM \"U\" E LAJE PLANA, EM CHAPA DE MADEIRA COMPENSADA PLASTIFICADA, E=18 MM. AF_11/2020","M2",196.24]
["Escadas",101971,"FABRICAÇÃO DE FÔRMA PARA ESCADAS, COM 2 LANCES EM \"U\" E LAJE PLANA, EM CHAPA DE MADEIRA COMPENSADA RESINADA, E= 17 MM. AF_11/2020","M2",159.01]
["Escadas",101973,"FABRICAÇÃO DE FÔRMA PARA ESCADAS, COM 2 LANCES EM \"U\" E LAJE PLANA, EM MADEIRA SERRADA, E=25 MM. AF_11/2020","M2",217.92]
["Escadas",102072,"MONTAGEM E DESMONTAGEM DE FÔRMA PARA ESCADA DUPLA COM 2 LANCES EM \"X\" E LAJE CASCATA, EM CHAPA DE MADEIRA COMPENSADA PLASTIFICADA, 10 UTILIZAÇÕES. AF_11/2020","M2",193.45]
["Escadas",102070,"MONTAGEM E DESMONTAGEM DE FÔRMA PARA ESCADA DUPLA COM 2 LANCES EM \"X\" E LAJE CASCATA, EM CHAPA DE MADEIRA COMPENSADA PLASTIFICADA, 6 UTILIZAÇÕES. AF_11/2020","M2",227.84]
["Escadas",102071,"MONTAGEM E DESMONTAGEM DE FÔRMA PARA ESCADA DUPLA COM 2 LANCES EM \"X\" E LAJE CASCATA, EM CHAPA DE MADEIRA COMPENSADA PLASTIFICADA, 8 UTILIZAÇÕES. AF_11/2020","M2",201.44]
["Escadas",102068,"MONTAGEM E DESMONTAGEM DE FÔRMA PARA ESCADA DUPLA COM 2 LANCES EM \"X\" E LAJE CASCATA, EM CHAPA DE MADEIRA COMPENSADA RESINADA, 2 UTILIZAÇÕES. AF_11/2020","M2",291.97000000000003]
["Escadas",102069,"MONTAGEM E DESMONTAGEM DE FÔRMA PARA ESCADA DUPLA COM 2 LANCES EM \"X\" E LAJE CASCATA, EM CHAPA DE MADEIRA COMPENSADA RESINADA, 4 UTILIZAÇÕES. AF_11/2020","M2",265.57]
["Escadas",102066,"MONTAGEM E DESMONTAGEM DE FÔRMA PARA ESCADA DUPLA COM 2 LANCES EM \"X\" E LAJE CASCATA, EM MADEIRA SERRADA, 1 UTILIZAÇÃO. AF_11/2020","M2",534.69000000000005]
["Escadas",102067,"MONTAGEM E DESMONTAGEM DE FÔRMA PARA ESCADA DUPLA COM 2 LANCES EM \"X\" E LAJE CASCATA, EM MADEIRA SERRADA, 2 UTILIZAÇÕES. AF_11/2020","M2",455.31]
["Escadas",102065,"MONTAGEM E DESMONTAGEM DE FÔRMA PARA ESCADA DUPLA COM 2 LANCES EM \"X\" E LAJE PLANA, EM CHAPA DE MADEIRA COMPENSADA PLASTIFICADA, 10 UTILIZAÇÕES. AF_11/2020","M2",199.83]
["Escadas",102063,"MONTAGEM E DESMONTAGEM DE FÔRMA PARA ESCADA DUPLA COM 2 LANCES EM \"X\" E LAJE PLANA, EM CHAPA DE MADEIRA COMPENSADA PLASTIFICADA, 6 UTILIZAÇÕES. AF_11/2020","M2",243.98]
["Escadas",102064,"MONTAGEM E DESMONTAGEM DE FÔRMA PARA ESCADA DUPLA COM 2 LANCES EM \"X\" E LAJE PLANA, EM CHAPA DE MADEIRA COMPENSADA PLASTIFICADA, 8 UTILIZAÇÕES. AF_11/2020","M2",215.61]
["Escadas",102061,"MONTAGEM E DESMONTAGEM DE FÔRMA PARA ESCADA DUPLA COM 2 LANCES EM \"X\" E LAJE PLANA, EM CHAPA DE MADEIRA COMPENSADA RESINADA, 2 UTILIZAÇÕES. AF_11/2020","M2",316.72000000000003]
["Escadas",102062,"MONTAGEM E DESMONTAGEM DE FÔRMA PARA ESCADA DUPLA COM 2 LANCES EM \"X\" E LAJE PLANA, EM CHAPA DE MADEIRA COMPENSADA RESINADA, 4 UTILIZAÇÕES. AF_11/2020","M2",290.07]
["Escadas",102059,"MONTAGEM E DESMONTAGEM DE FÔRMA PARA ESCADA DUPLA COM 2 LANCES EM \"X\" E LAJE PLANA, EM MADEIRA SERRADA, 1 UTILIZAÇÃO. AF_11/2020","M2",518.95000000000005]
["Escadas",102060,"MONTAGEM E DESMONTAGEM DE FÔRMA PARA ESCADA DUPLA COM 2 LANCES EM \"X\" E LAJE PLANA, EM MADEIRA SERRADA, 2 UTILIZAÇÕES. AF_11/2020","M2",434.19]
["Escadas",102052,"MONTAGEM E DESMONTAGEM DE FÔRMA PARA ESCADAS, COM 1 LANCE E LAJE CASCATA, EM CHAPA DE MADEIRA COMPENSADA PLASTIFICADA, 10 UTILIZAÇÕES. AF_11/2020","M2",199.28]
["Escadas",102050,"MONTAGEM E DESMONTAGEM DE FÔRMA PARA ESCADAS, COM 1 LANCE E LAJE CASCATA, EM CHAPA DE MADEIRA COMPENSADA PLASTIFICADA, 6 UTILIZAÇÕES. AF_11/2020","M2",243.8]
["Escadas",102051,"MONTAGEM E DESMONTAGEM DE FÔRMA PARA ESCADAS, COM 1 LANCE E LAJE CASCATA, EM CHAPA DE MADEIRA COMPENSADA PLASTIFICADA, 8 UTILIZAÇÕES. AF_11/2020","M2",215.24]
["Escadas",102048,"MONTAGEM E DESMONTAGEM DE FÔRMA PARA ESCADAS, COM 1 LANCE E LAJE CASCATA, EM CHAPA DE MADEIRA COMPENSADA RESINADA, 2 UTILIZAÇÕES. AF_11/2020","M2",320.27]
["Escadas",102049,"MONTAGEM E DESMONTAGEM DE FÔRMA PARA ESCADAS, COM 1 LANCE E LAJE CASCATA, EM CHAPA DE MADEIRA COMPENSADA RESINADA, 4 UTILIZAÇÕES. AF_11/2020","M2",283.87]
["Escadas",102046,"MONTAGEM E DESMONTAGEM DE FÔRMA PARA ESCADAS, COM 1 LANCE E LAJE CASCATA, EM MADEIRA SERRADA, 1 UTILIZAÇÃO. AF_11/2020","M2",597.63]
["Escadas",102047,"MONTAGEM E DESMONTAGEM DE FÔRMA PARA ESCADAS, COM 1 LANCE E LAJE CASCATA, EM MADEIRA SERRADA, 2 UTILIZAÇÕES. AF_11/2020","M2",506.42]
["Escadas",102045,"MONTAGEM E DESMONTAGEM DE FÔRMA PARA ESCADAS, COM 1 LANCE E LAJE PLANA, EM CHAPA DE MADEIRA COMPENSADA PLASTIFICADA, 10 UTILIZAÇÕES. AF_11/2020","M2",214.49]
["Escadas",102043,"MONTAGEM E DESMONTAGEM DE FÔRMA PARA ESCADAS, COM 1 LANCE E LAJE PLANA, EM CHAPA DE MADEIRA COMPENSADA PLASTIFICADA, 6 UTILIZAÇÕES. AF_11/2020","M2",259.54000000000002]
["Escadas",102044,"MONTAGEM E DESMONTAGEM DE FÔRMA PARA ESCADAS, COM 1 LANCE E LAJE PLANA, EM CHAPA DE MADEIRA COMPENSADA PLASTIFICADA, 8 UTILIZAÇÕES. AF_11/2020","M2",231.4]
["Escadas",102041,"MONTAGEM E DESMONTAGEM DE FÔRMA PARA ESCADAS, COM 1 LANCE E LAJE PLANA, EM CHAPA DE MADEIRA COMPENSADA RESINADA, 2 UTILIZAÇÕES. AF_11/2020","M2",343.14]
["Escadas",102042,"MONTAGEM E DESMONTAGEM DE FÔRMA PARA ESCADAS, COM 1 LANCE E LAJE PLANA, EM CHAPA DE MADEIRA COMPENSADA RESINADA, 4 UTILIZAÇÕES. AF_11/2020","M2",307.17]
["Escadas",102039,"MONTAGEM E DESMONTAGEM DE FÔRMA PARA ESCADAS, COM 1 LANCE E LAJE PLANA, EM MADEIRA SERRADA, 1 UTILIZAÇÃO. AF_11/2020","M2",557.44000000000005]
["Escadas",102040,"MONTAGEM E DESMONTAGEM DE FÔRMA PARA ESCADAS, COM 1 LANCE E LAJE PLANA, EM MADEIRA SERRADA, 2 UTILIZAÇÕES. AF_11/2020","M2",462.39]
["Escadas",102038,"MONTAGEM E DESMONTAGEM DE FÔRMA PARA ESCADAS, COM 2 LANCES EM \"L\" E LAJE CASCATA, EM CHAPA DE MADEIRA COMPENSADA PLASTIFICADA, 10 UTILIZAÇÕES. AF_11/2020","M2",208.36]
["Escadas",102036,"MONTAGEM E DESMONTAGEM DE FÔRMA PARA ESCADAS, COM 2 LANCES EM \"L\" E LAJE CASCATA, EM CHAPA DE MADEIRA COMPENSADA PLASTIFICADA, 6 UTILIZAÇÕES. AF_11/2020","M2",253.08]
["Escadas",102037,"MONTAGEM E DESMONTAGEM DE FÔRMA PARA ESCADAS, COM 2 LANCES EM \"L\" E LAJE CASCATA, EM CHAPA DE MADEIRA COMPENSADA PLASTIFICADA, 8 UTILIZAÇÕES. AF_11/2020","M2",224.39]
["Escadas",102016,"MONTAGEM E DESMONTAGEM DE FÔRMA PARA ESCADAS, COM 2 LANCES EM \"L\" E LAJE CASCATA, EM CHAPA DE MADEIRA COMPENSADA RESINADA, 2 UTILIZAÇÕES. AF_11/2020","M2",328.34]
["Escadas",102017,"MONTAGEM E DESMONTAGEM DE FÔRMA PARA ESCADAS, COM 2 LANCES EM \"L\" E LAJE CASCATA, EM CHAPA DE MADEIRA COMPENSADA RESINADA, 4 UTILIZAÇÕES. AF_11/2020","M2",295.55]
["Escadas",102014,"MONTAGEM E DESMONTAGEM DE FÔRMA PARA ESCADAS, COM 2 LANCES EM \"L\" E LAJE CASCATA, EM MADEIRA SERRADA, 1 UTILIZAÇÃO. AF_11/2020","M2",589.14]
["Escadas",102015,"MONTAGEM E DESMONTAGEM DE FÔRMA PARA ESCADAS, COM 2 LANCES EM \"L\" E LAJE CASCATA, EM MADEIRA SERRADA, 2 UTILIZAÇÕES. AF_11/2020","M2",491.64]
["Escadas",102013,"MONTAGEM E DESMONTAGEM DE FÔRMA PARA ESCADAS, COM 2 LANCES EM \"L\" E LAJE PLANA, EM CHAPA DE MADEIRA COMPENSADA PLASTIFICADA, 10 UTILIZAÇÕES. AF_11/2020","M2",216.12]
["Escadas",102011,"MONTAGEM E DESMONTAGEM DE FÔRMA PARA ESCADAS, COM 2 LANCES EM \"L\" E LAJE PLANA, EM CHAPA DE MADEIRA COMPENSADA PLASTIFICADA, 6 UTILIZAÇÕES. AF_11/2020","M2",261.55]
["Escadas",102012,"MONTAGEM E DESMONTAGEM DE FÔRMA PARA ESCADAS, COM 2 LANCES EM \"L\" E LAJE PLANA, EM CHAPA DE MADEIRA COMPENSADA PLASTIFICADA, 8 UTILIZAÇÕES. AF_11/2020","M2",232.41]
["Escadas",102009,"MONTAGEM E DESMONTAGEM DE FÔRMA PARA ESCADAS, COM 2 LANCES EM \"L\" E LAJE PLANA, EM CHAPA DE MADEIRA COMPENSADA RESINADA, 2 UTILIZAÇÕES. AF_11/2020","M2",343.61]
["Escadas",102010,"MONTAGEM E DESMONTAGEM DE FÔRMA PARA ESCADAS, COM 2 LANCES EM \"L\" E LAJE PLANA, EM CHAPA DE MADEIRA COMPENSADA RESINADA, 4 UTILIZAÇÕES. AF_11/2020","M2",310.58]
["Escadas",102007,"MONTAGEM E DESMONTAGEM DE FÔRMA PARA ESCADAS, COM 2 LANCES EM \"L\" E LAJE PLANA, EM MADEIRA SERRADA, 1 UTILIZAÇÃO. AF_11/2020","M2",535.59]
["Escadas",102008,"MONTAGEM E DESMONTAGEM DE FÔRMA PARA ESCADAS, COM 2 LANCES EM \"L\" E LAJE PLANA, EM MADEIRA SERRADA, 2 UTILIZAÇÕES. AF_11/2020","M2",445.49]
["Escadas",102006,"MONTAGEM E DESMONTAGEM DE FÔRMA PARA ESCADAS, COM 2 LANCES EM \"U\" E LAJE CASCATA, EM CHAPA DE MADEIRA COMPENSADA PLASTIFICADA, 10 UTILIZAÇÕES. AF_11/2020","M2",211.32]
["Escadas",102004,"MONTAGEM E DESMONTAGEM DE FÔRMA PARA ESCADAS, COM 2 LANCES EM \"U\" E LAJE CASCATA, EM CHAPA DE MADEIRA COMPENSADA PLASTIFICADA, 6 UTILIZAÇÕES. AF_11/2020","M2",257.63]
["Escadas",102005,"MONTAGEM E DESMONTAGEM DE FÔRMA PARA ESCADAS, COM 2 LANCES EM \"U\" E LAJE CASCATA, EM CHAPA DE MADEIRA COMPENSADA PLASTIFICADA, 8 UTILIZAÇÕES. AF_11/2020","M2",229.2]
["Escadas",102002,"MONTAGEM E DESMONTAGEM DE FÔRMA PARA ESCADAS, COM 2 LANCES EM \"U\" E LAJE CASCATA, EM CHAPA DE MADEIRA COMPENSADA RESINADA, 2 UTILIZAÇÕES. AF_11/2020","M2",328.64]
["Escadas",102003,"MONTAGEM E DESMONTAGEM DE FÔRMA PARA ESCADAS, COM 2 LANCES EM \"U\" E LAJE CASCATA, EM CHAPA DE MADEIRA COMPENSADA RESINADA, 4 UTILIZAÇÕES. AF_11/2020","M2",297.98]
["Escadas",102000,"MONTAGEM E DESMONTAGEM DE FÔRMA PARA ESCADAS, COM 2 LANCES EM \"U\" E LAJE CASCATA, EM MADEIRA SERRADA, 1 UTILIZAÇÃO. AF_11/2020","M2",546.88]
["Escadas",102001,"MONTAGEM E DESMONTAGEM DE FÔRMA PARA ESCADAS, COM 2 LANCES EM \"U\" E LAJE CASCATA, EM MADEIRA SERRADA, 2 UTILIZAÇÕES. AF_11/2020","M2",467.71]
["Escadas",101983,"MONTAGEM E DESMONTAGEM DE FÔRMA PARA ESCADAS, COM 2 LANCES EM \"U\" E LAJE PLANA, EM CHAPA DE MADEIRA COMPENSADA PLASTIFICADA, 10 UTILIZAÇÕES. AF_11/2020","M2",218.09]
["Escadas",101981,"MONTAGEM E DESMONTAGEM DE FÔRMA PARA ESCADAS, COM 2 LANCES EM \"U\" E LAJE PLANA, EM CHAPA DE MADEIRA COMPENSADA PLASTIFICADA, 6 UTILIZAÇÕES. AF_11/2020","M2",263.87]
["Escadas",101982,"MONTAGEM E DESMONTAGEM DE FÔRMA PARA ESCADAS, COM 2 LANCES EM \"U\" E LAJE PLANA, EM CHAPA DE MADEIRA COMPENSADA PLASTIFICADA, 8 UTILIZAÇÕES. AF_11/2020","M2",235.76]
["Escadas",101977,"MONTAGEM E DESMONTAGEM DE FÔRMA PARA ESCADAS, COM 2 LANCES EM \"U\" E LAJE PLANA, EM CHAPA DE MADEIRA COMPENSADA RESINADA, 2 UTILIZAÇÕES. AF_11/2020","M2",340.33]
["Escadas",101980,"MONTAGEM E DESMONTAGEM DE FÔRMA PARA ESCADAS, COM 2 LANCES EM \"U\" E LAJE PLANA, EM CHAPA DE MADEIRA COMPENSADA RESINADA, 4 UTILIZAÇÕES. AF_11/2020","M2",310.20999999999998]
["Escadas",101974,"MONTAGEM E DESMONTAGEM DE FÔRMA PARA ESCADAS, COM 2 LANCES EM \"U\" E LAJE PLANA, EM MADEIRA SERRADA, 1 UTILIZAÇÃO. AF_11/2020","M2",543.09]
["Escadas",101975,"MONTAGEM E DESMONTAGEM DE FÔRMA PARA ESCADAS, COM 2 LANCES EM \"U\" E LAJE PLANA, EM MADEIRA SERRADA, 2 UTILIZAÇÕES. AF_11/2020","M2",459.44]
["Escavação Horizontal",101114,"ESCAVAÇÃO HORIZONTAL EM SOLO DE 1A CATEGORIA COM TRATOR DE ESTEIRAS (100HP/LÂMINA: 2,19M3). AF_07/2020","M3",4.88]
["Escavação Horizontal",101118,"ESCAVAÇÃO HORIZONTAL EM SOLO DE 1A CATEGORIA COM TRATOR DE ESTEIRAS (125HP/LÂMINA: 2,70M3). AF_07/2020","M3",4.18]
["Escavação Horizontal",101115,"ESCAVAÇÃO HORIZONTAL EM SOLO DE 1A CATEGORIA COM TRATOR DE ESTEIRAS (150HP/LÂMINA: 3,18M3). AF_07/2020","M3",4.03]
["Escavação Horizontal",101116,"ESCAVAÇÃO HORIZONTAL EM SOLO DE 1A CATEGORIA COM TRATOR DE ESTEIRAS (170HP/LÂMINA: 5,20M3). AF_07/2020","M3",2.5099999999999998]
["Escavação Horizontal",101117,"ESCAVAÇÃO HORIZONTAL EM SOLO DE 1A CATEGORIA COM TRATOR DE ESTEIRAS (347HP/LÂMINA: 8,70M3). AF_07/2020","M3",3.44]
["Escavação Horizontal",101124,"ESCAVAÇÃO HORIZONTAL, INCLUINDO CARGA E DESCARGA EM SOLO DE 1A CATEGORIA COM TRATOR DE ESTEIRAS (100HP/LÂMINA: 2,19M3). AF_07/2020","M3",16.13]
["Escavação Horizontal",101128,"ESCAVAÇÃO HORIZONTAL, INCLUINDO CARGA E DESCARGA EM SOLO DE 1A CATEGORIA COM TRATOR DE ESTEIRAS (125HP/LÂMINA: 2,70M3). AF_07/2020","M3",15.43]
["Escavação Horizontal",101125,"ESCAVAÇÃO HORIZONTAL, INCLUINDO CARGA E DESCARGA EM SOLO DE 1A CATEGORIA COM TRATOR DE ESTEIRAS (150HP/LÂMINA: 3,18M3). AF_07/2020","M3",15.28]
["Escavação Horizontal",101126,"ESCAVAÇÃO HORIZONTAL, INCLUINDO CARGA E DESCARGA EM SOLO DE 1A CATEGORIA COM TRATOR DE ESTEIRAS (170HP/LÂMINA: 5,20M3). AF_07/2020","M3",13.76]
["Escavação Horizontal",101127,"ESCAVAÇÃO HORIZONTAL, INCLUINDO CARGA E DESCARGA EM SOLO DE 1A CATEGORIA COM TRATOR DE ESTEIRAS (347HP/LÂMINA: 8,70M3). AF_07/2020","M3",14.69]
["Escavação Horizontal",101134,"ESCAVAÇÃO HORIZONTAL, INCLUINDO CARGA, DESCARGA E TRANSPORTE EM SOLO DE 1A CATEGORIA COM TRATOR DE ESTEIRAS (100HP/LÂMINA: 2,19M3) E CAMINHÃO BASCULANTE DE 10M3, DMT ATÉ 200M. AF_07/2020","M3",16.8]
["Escavação Horizontal",101144,"ESCAVAÇÃO HORIZONTAL, INCLUINDO CARGA, DESCARGA E TRANSPORTE EM SOLO DE 1A CATEGORIA COM TRATOR DE ESTEIRAS (100HP/LÂMINA: 2,19M3) E CAMINHÃO BASCULANTE DE 14M3, DMT ATÉ 200M. AF_07/2020","M3",16.46]
["Escavação Horizontal",101138,"ESCAVAÇÃO HORIZONTAL, INCLUINDO CARGA, DESCARGA E TRANSPORTE EM SOLO DE 1A CATEGORIA COM TRATOR DE ESTEIRAS (125HP/LÂMINA: 2,70M3) E CAMINHÃO BASCULANTE DE 10M3, DMT ATÉ 200M. AF_07/2020","M3",16.100000000000001]
["Escavação Horizontal",101148,"ESCAVAÇÃO HORIZONTAL, INCLUINDO CARGA, DESCARGA E TRANSPORTE EM SOLO DE 1A CATEGORIA COM TRATOR DE ESTEIRAS (125HP/LÂMINA: 2,70M3) E CAMINHÃO BASCULANTE DE 14M3, DMT ATÉ 200M. AF_07/2020","M3",15.76]
["Escavação Horizontal",101135,"ESCAVAÇÃO HORIZONTAL, INCLUINDO CARGA, DESCARGA E TRANSPORTE EM SOLO DE 1A CATEGORIA COM TRATOR DE ESTEIRAS (150HP/LÂMINA: 3,18M3) E CAMINHÃO BASCULANTE DE 10M3, DMT ATÉ 200M AF_07/2020","M3",15.95]
["Escavação Horizontal",101145,"ESCAVAÇÃO HORIZONTAL, INCLUINDO CARGA, DESCARGA E TRANSPORTE EM SOLO DE 1A CATEGORIA COM TRATOR DE ESTEIRAS (150HP/LÂMINA: 3,18M3) E CAMINHÃO BASCULANTE DE 14M3, DMT ATÉ 200M. AF_07/2020","M3",15.61]
["Escavação Horizontal",101136,"ESCAVAÇÃO HORIZONTAL, INCLUINDO CARGA, DESCARGA E TRANSPORTE EM SOLO DE 1A CATEGORIA COM TRATOR DE ESTEIRAS (170HP/LÂMINA: 5,20M3) E CAMINHÃO BASCULANTE DE 10M3, DMT ATÉ 200M. AF_07/2020","M3",14.43]
["Escavação Horizontal",101146,"ESCAVAÇÃO HORIZONTAL, INCLUINDO CARGA, DESCARGA E TRANSPORTE EM SOLO DE 1A CATEGORIA COM TRATOR DE ESTEIRAS (170HP/LÂMINA: 5,20M3) E CAMINHÃO BASCULANTE DE 14M3, DMT ATÉ 200M. AF_07/2020","M3",14.09]
["Escavação Horizontal",101137,"ESCAVAÇÃO HORIZONTAL, INCLUINDO CARGA, DESCARGA E TRANSPORTE EM SOLO DE 1A CATEGORIA COM TRATOR DE ESTEIRAS (347HP/LÂMINA: 8,70M3) E CAMINHÃO BASCULANTE DE 10M3, DMT ATÉ 200M. AF_07/2020","M3",15.36]
["Escavação Horizontal",101147,"ESCAVAÇÃO HORIZONTAL, INCLUINDO CARGA, DESCARGA E TRANSPORTE EM SOLO DE 1A CATEGORIA COM TRATOR DE ESTEIRAS (347HP/LÂMINA: 8,70M3) E CAMINHÃO BASCULANTE DE 14M3, DMT ATÉ 200M. AF_07/2020","M3",15.02]
["Escavação Horizontal",101119,"ESCAVAÇÃO HORIZONTAL, INCLUINDO ESCARIFICAÇÃO EM SOLO DE 2A CATEGORIA COM TRATOR DE ESTEIRAS (100HP/LÂMINA: 2,19M3). AF_07/2020","M3",9.32]
["Escavação Horizontal",101123,"ESCAVAÇÃO HORIZONTAL, INCLUINDO ESCARIFICAÇÃO EM SOLO DE 2A CATEGORIA COM TRATOR DE ESTEIRAS (125HP/LÂMINA: 2,70M3). AF_07/2020","M3",7.97]
["Escavação Horizontal",101120,"ESCAVAÇÃO HORIZONTAL, INCLUINDO ESCARIFICAÇÃO EM SOLO DE 2A CATEGORIA COM TRATOR DE ESTEIRAS (150HP/LÂMINA: 3,18M3). AF_07/2020","M3",7.73]
["Escavação Horizontal",101121,"ESCAVAÇÃO HORIZONTAL, INCLUINDO ESCARIFICAÇÃO EM SOLO DE 2A CATEGORIA COM TRATOR DE ESTEIRAS (170HP/LÂMINA: 5,20M3). AF_07/2020","M3",4.8099999999999996]
["Escavação Horizontal",101122,"ESCAVAÇÃO HORIZONTAL, INCLUINDO ESCARIFICAÇÃO EM SOLO DE 2A CATEGORIA COM TRATOR DE ESTEIRAS (347HP/LÂMINA: 8,70M3). AF_07/2020","M3",6.56]
["Escavação Horizontal",101129,"ESCAVAÇÃO HORIZONTAL, INCLUINDO ESCARIFICAÇÃO, CARGA E DESCARGA EM SOLO DE 2A CATEGORIA COM TRATOR DE ESTEIRAS (100HP/LÂMINA: 2,19M3). AF_07/2020","M3",21.02]
["Escavação Horizontal",101133,"ESCAVAÇÃO HORIZONTAL, INCLUINDO ESCARIFICAÇÃO, CARGA E DESCARGA EM SOLO DE 2A CATEGORIA COM TRATOR DE ESTEIRAS (125HP/LÂMINA: 2,70M3). AF_07/2020","M3",19.670000000000002]
["Escavação Horizontal",101130,"ESCAVAÇÃO HORIZONTAL, INCLUINDO ESCARIFICAÇÃO, CARGA E DESCARGA EM SOLO DE 2A CATEGORIA COM TRATOR DE ESTEIRAS (150HP/LÂMINA: 3,18M3). AF_07/2020","M3",19.43]
["Escavação Horizontal",101131,"ESCAVAÇÃO HORIZONTAL, INCLUINDO ESCARIFICAÇÃO, CARGA E DESCARGA EM SOLO DE 2A CATEGORIA COM TRATOR DE ESTEIRAS (170HP/LÂMINA: 5,20M3). AF_07/2020","M3",16.510000000000002]
["Escavação Horizontal",101132,"ESCAVAÇÃO HORIZONTAL, INCLUINDO ESCARIFICAÇÃO, CARGA E DESCARGA EM SOLO DE 2A CATEGORIA COM TRATOR DE ESTEIRAS (347HP/LÂMINA: 8,70M3). AF_07/2020","M3",18.260000000000002]
["Escavação Horizontal",101139,"ESCAVAÇÃO HORIZONTAL, INCLUINDO ESCARIFICAÇÃO, CARGA, DESCARGA E TRANSPORTE EM SOLO DE 2A CATEGORIA COM TRATOR DE ESTEIRAS (100HP/LÂMINA: 2,19M3) E CAMINHÃO BASCULANTE DE 10M3, DMT ATÉ 200M. AF_07/2020","M3",21.72]
["Escavação Horizontal",101149,"ESCAVAÇÃO HORIZONTAL, INCLUINDO ESCARIFICAÇÃO, CARGA, DESCARGA E TRANSPORTE EM SOLO DE 2A CATEGORIA COM TRATOR DE ESTEIRAS (100HP/LÂMINA: 2,19M3) E CAMINHÃO BASCULANTE DE 14M3, DMT ATÉ 200M. AF_07/2020","M3",21.36]
["Escavação Horizontal",101143,"ESCAVAÇÃO HORIZONTAL, INCLUINDO ESCARIFICAÇÃO, CARGA, DESCARGA E TRANSPORTE EM SOLO DE 2A CATEGORIA COM TRATOR DE ESTEIRAS (125HP/LÂMINA: 2,70M3) E CAMINHÃO BASCULANTE DE 10M3, DMT ATÉ 200M. AF_07/2020","M3",20.37]
["Escavação Horizontal",101153,"ESCAVAÇÃO HORIZONTAL, INCLUINDO ESCARIFICAÇÃO, CARGA, DESCARGA E TRANSPORTE EM SOLO DE 2A CATEGORIA COM TRATOR DE ESTEIRAS (125HP/LÂMINA: 2,70M3) E CAMINHÃO BASCULANTE DE 14M3, DMT ATÉ 200M. AF_07/2020","M3",20.010000000000002]
["Escavação Horizontal",101140,"ESCAVAÇÃO HORIZONTAL, INCLUINDO ESCARIFICAÇÃO, CARGA, DESCARGA E TRANSPORTE EM SOLO DE 2A CATEGORIA COM TRATOR DE ESTEIRAS (150HP/LÂMINA: 3,18M3) E CAMINHÃO BASCULANTE DE 10M3, DMT ATÉ 200M. AF_07/2020","M3",20.13]
["Escavação Horizontal",101150,"ESCAVAÇÃO HORIZONTAL, INCLUINDO ESCARIFICAÇÃO, CARGA, DESCARGA E TRANSPORTE EM SOLO DE 2A CATEGORIA COM TRATOR DE ESTEIRAS (150HP/LÂMINA: 3,18M3) E CAMINHÃO BASCULANTE DE 14M3, DMT ATÉ 200M. AF_07/2020","M3",19.77]
["Escavação Horizontal",101141,"ESCAVAÇÃO HORIZONTAL, INCLUINDO ESCARIFICAÇÃO, CARGA, DESCARGA E TRANSPORTE EM SOLO DE 2A CATEGORIA COM TRATOR DE ESTEIRAS (170HP/LÂMINA: 5,20M3) E CAMINHÃO BASCULANTE DE 10M3, DMT ATÉ 200M. AF_07/2020","M3",17.21]
["Escavação Horizontal",101151,"ESCAVAÇÃO HORIZONTAL, INCLUINDO ESCARIFICAÇÃO, CARGA, DESCARGA E TRANSPORTE EM SOLO DE 2A CATEGORIA COM TRATOR DE ESTEIRAS (170HP/LÂMINA: 5,20M3) E CAMINHÃO BASCULANTE DE 14M3, DMT ATÉ 200M. AF_07/2020","M3",16.850000000000001]
["Escavação Horizontal",101142,"ESCAVAÇÃO HORIZONTAL, INCLUINDO ESCARIFICAÇÃO, CARGA, DESCARGA E TRANSPORTE EM SOLO DE 2A CATEGORIA COM TRATOR DE ESTEIRAS (347HP/LÂMINA: 8,70M3) E CAMINHÃO BASCULANTE DE 10M3, DMT ATÉ 200M. AF_07/2020","M3",18.96]
["Escavação Horizontal",101152,"ESCAVAÇÃO HORIZONTAL, INCLUINDO ESCARIFICAÇÃO, CARGA, DESCARGA E TRANSPORTE EM SOLO DE 2A CATEGORIA COM TRATOR DE ESTEIRAS (347HP/LÂMINA: 8,70M3) E CAMINHÃO BASCULANTE DE 14M3, DMT ATÉ 200M. AF_07/2020","M3",18.600000000000001]
["Escavação Vertical a Céu Aberto",101207,"ESCAVAÇÃO VERTICAL PARA EDIFICAÇÃO, COM CARGA, DESCARGA E TRANSPORTE DE SOLO DE 1ª CATEGORIA, COM ESCAVADEIRA HIDRÁULICA (CAÇAMBA: 0,8 M³ / 111 HP), FROTA DE 2 CAMINHÕES BASCULANTES DE 18 M³, DMT ATÉ 1 KM E VELOCIDADE MÉDIA 14 KM/H. AF_05/2020","M3",10.91]
["Escavação Vertical a Céu Aberto",101206,"ESCAVAÇÃO VERTICAL PARA EDIFICAÇÃO, COM CARGA, DESCARGA E TRANSPORTE DE SOLO DE 1ª CATEGORIA, COM ESCAVADEIRA HIDRÁULICA (CAÇAMBA: 0,8 M³ / 111 HP), FROTA DE 3 CAMINHÕES BASCULANTES DE 14 M³, DMT ATÉ 1 KM E VELOCIDADE MÉDIA 14 KM/H. AF_05/2020","M3",12.67]
["Escavação Vertical a Céu Aberto",101210,"ESCAVAÇÃO VERTICAL PARA EDIFICAÇÃO, COM CARGA, DESCARGA E TRANSPORTE DE SOLO DE 1ª CATEGORIA, COM ESCAVADEIRA HIDRÁULICA (CAÇAMBA: 0,8 M³ / 111 HP), FROTA DE 4 CAMINHÕES BASCULANTES DE 14 M³, DMT DE 1,5 KM E VELOCIDADE MÉDIA 18 KM/H. AF_05/2020","M3",17.55]
["Escavação Vertical a Céu Aberto",101211,"ESCAVAÇÃO VERTICAL PARA EDIFICAÇÃO, COM CARGA, DESCARGA E TRANSPORTE DE SOLO DE 1ª CATEGORIA, COM ESCAVADEIRA HIDRÁULICA (CAÇAMBA: 0,8 M³ / 111 HP), FROTA DE 4 CAMINHÕES BASCULANTES DE 14 M³, DMT DE 2 KM E VELOCIDADE MÉDIA 19 KM/H. AF_05/2020","M3",18.82]
["Escavação Vertical a Céu Aberto",101215,"ESCAVAÇÃO VERTICAL PARA EDIFICAÇÃO, COM CARGA, DESCARGA E TRANSPORTE DE SOLO DE 1ª CATEGORIA, COM ESCAVADEIRA HIDRÁULICA (CAÇAMBA: 0,8 M³ / 111 HP), FROTA DE 4 CAMINHÕES BASCULANTES DE 18 M³, DMT DE 1,5 KM E VELOCIDADE MÉDIA 18 KM/H. AF_05/2020","M3",16.82]
["Escavação Vertical a Céu Aberto",101216,"ESCAVAÇÃO VERTICAL PARA EDIFICAÇÃO, COM CARGA, DESCARGA E TRANSPORTE DE SOLO DE 1ª CATEGORIA, COM ESCAVADEIRA HIDRÁULICA (CAÇAMBA: 0,8 M³ / 111 HP), FROTA DE 4 CAMINHÕES BASCULANTES DE 18 M³, DMT DE 2 KM E VELOCIDADE MÉDIA 19 KM/H. AF_05/2020","M3",17.62]
["Escavação Vertical a Céu Aberto",101212,"ESCAVAÇÃO VERTICAL PARA EDIFICAÇÃO, COM CARGA, DESCARGA E TRANSPORTE DE SOLO DE 1ª CATEGORIA, COM ESCAVADEIRA HIDRÁULICA (CAÇAMBA: 0,8 M³ / 111 HP), FROTA DE 5 CAMINHÕES BASCULANTES DE 14 M³, DMT DE 3 KM E VELOCIDADE MÉDIA 20 KM/H. AF_05/2020","M3",21.93]
["Escavação Vertical a Céu Aberto",101217,"ESCAVAÇÃO VERTICAL PARA EDIFICAÇÃO, COM CARGA, DESCARGA E TRANSPORTE DE SOLO DE 1ª CATEGORIA, COM ESCAVADEIRA HIDRÁULICA (CAÇAMBA: 0,8 M³ / 111 HP), FROTA DE 5 CAMINHÕES BASCULANTES DE 18 M³, DMT DE 3 KM E VELOCIDADE MÉDIA 20 KM/H. AF_05/2020","M3",20.49]
["Escavação Vertical a Céu Aberto",101218,"ESCAVAÇÃO VERTICAL PARA EDIFICAÇÃO, COM CARGA, DESCARGA E TRANSPORTE DE SOLO DE 1ª CATEGORIA, COM ESCAVADEIRA HIDRÁULICA (CAÇAMBA: 0,8 M³ / 111 HP), FROTA DE 5 CAMINHÕES BASCULANTES DE 18 M³, DMT DE 4 KM E VELOCIDADE MÉDIA 22 KM/H. AF_05/2020","M3",21.65]
["Escavação Vertical a Céu Aberto",101213,"ESCAVAÇÃO VERTICAL PARA EDIFICAÇÃO, COM CARGA, DESCARGA E TRANSPORTE DE SOLO DE 1ª CATEGORIA, COM ESCAVADEIRA HIDRÁULICA (CAÇAMBA: 0,8 M³ / 111 HP), FROTA DE 6 CAMINHÕES BASCULANTES DE 14 M³, DMT DE 4 KM E VELOCIDADE MÉDIA 22 KM/H. AF_05/2020","M3",24.51]
["Escavação Vertical a Céu Aberto",101219,"ESCAVAÇÃO VERTICAL PARA EDIFICAÇÃO, COM CARGA, DESCARGA E TRANSPORTE DE SOLO DE 1ª CATEGORIA, COM ESCAVADEIRA HIDRÁULICA (CAÇAMBA: 0,8 M³ / 111 HP), FROTA DE 6 CAMINHÕES BASCULANTES DE 18 M³, DMT DE 6 KM E VELOCIDADE MÉDIA 22 KM/H. AF_05/2020","M3",26.19]
["Escavação Vertical a Céu Aberto",101214,"ESCAVAÇÃO VERTICAL PARA EDIFICAÇÃO, COM CARGA, DESCARGA E TRANSPORTE DE SOLO DE 1ª CATEGORIA, COM ESCAVADEIRA HIDRÁULICA (CAÇAMBA: 0,8 M³ / 111 HP), FROTA DE 7 CAMINHÕES BASCULANTES DE 14 M³, DMT DE 6 KM E VELOCIDADE MÉDIA 22 KM/H. AF_05/2020","M3",29.53]
["Escavação Vertical a Céu Aberto",101254,"ESCAVAÇÃO VERTICAL PARA EDIFICAÇÃO, COM CARGA, DESCARGA E TRANSPORTE DE SOLO DE 1ª CATEGORIA, COM ESCAVADEIRA HIDRÁULICA (CAÇAMBA: 0,8 M³ / 111HP), FROTA DE 3 CAMINHÕES BASCULANTES DE 10 M³, DMT ATÉ 1 KM E VELOCIDADE MÉDIA 14 KM/H. AF_05/2020","M3",13.19]
["Escavação Vertical a Céu Aberto",101256,"ESCAVAÇÃO VERTICAL PARA EDIFICAÇÃO, COM CARGA, DESCARGA E TRANSPORTE DE SOLO DE 1ª CATEGORIA, COM ESCAVADEIRA HIDRÁULICA (CAÇAMBA: 0,8 M³ / 111HP), FROTA DE 5 CAMINHÕES BASCULANTES DE 10 M³, DMT DE 1,5 KM E VELOCIDADE MÉDIA 18 KM/H. AF_05/2020","M3",20.22]
["Escavação Vertical a Céu Aberto",101257,"ESCAVAÇÃO VERTICAL PARA EDIFICAÇÃO, COM CARGA, DESCARGA E TRANSPORTE DE SOLO DE 1ª CATEGORIA, COM ESCAVADEIRA HIDRÁULICA (CAÇAMBA: 0,8 M³ / 111HP), FROTA DE 5 CAMINHÕES BASCULANTES DE 10 M³, DMT DE 2 KM E VELOCIDADE MÉDIA 19 KM/H. AF_05/2020","M3",21.27]
["Escavação Vertical a Céu Aberto",101258,"ESCAVAÇÃO VERTICAL PARA EDIFICAÇÃO, COM CARGA, DESCARGA E TRANSPORTE DE SOLO DE 1ª CATEGORIA, COM ESCAVADEIRA HIDRÁULICA (CAÇAMBA: 0,8 M³ / 111HP), FROTA DE 6 CAMINHÕES BASCULANTES DE 10 M³, DMT DE 3 KM E VELOCIDADE MÉDIA 20 KM/H. AF_05/2020","M3",24.65]
["Escavação Vertical a Céu Aberto",101259,"ESCAVAÇÃO VERTICAL PARA EDIFICAÇÃO, COM CARGA, DESCARGA E TRANSPORTE DE SOLO DE 1ª CATEGORIA, COM ESCAVADEIRA HIDRÁULICA (CAÇAMBA: 0,8 M³ / 111HP), FROTA DE 7 CAMINHÕES BASCULANTES DE 10 M³, DMT DE 4 KM E VELOCIDADE MÉDIA 22 KM/H. AF_05/2020","M3",27.39]
["Escavação Vertical a Céu Aberto",101260,"ESCAVAÇÃO VERTICAL PARA EDIFICAÇÃO, COM CARGA, DESCARGA E TRANSPORTE DE SOLO DE 1ª CATEGORIA, COM ESCAVADEIRA HIDRÁULICA (CAÇAMBA: 0,8 M³ / 111HP), FROTA DE 9 CAMINHÕES BASCULANTES DE 10 M³, DMT DE 6 KM E VELOCIDADE MÉDIA 22 KM/H. AF_05/2020","M3",34.19]
["Escavação Vertical a Céu Aberto",101208,"ESCAVAÇÃO VERTICAL PARA EDIFICAÇÃO, COM CARGA, DESCARGA E TRANSPORTE DE SOLO DE 1ª CATEGORIA, COM ESCAVADEIRA HIDRÁULICA (CAÇAMBA: 1,2 M³ / 155 HP), FROTA DE 3 CAMINHÕES BASCULANTES DE 14 M³, DMT ATÉ 1 KM E VELOCIDADE MÉDIA 14 KM/H. AF_05/2020","M3",10.69]
["Escavação Vertical a Céu Aberto",101209,"ESCAVAÇÃO VERTICAL PARA EDIFICAÇÃO, COM CARGA, DESCARGA E TRANSPORTE DE SOLO DE 1ª CATEGORIA, COM ESCAVADEIRA HIDRÁULICA (CAÇAMBA: 1,2 M³ / 155 HP), FROTA DE 3 CAMINHÕES BASCULANTES DE 18 M³, DMT ATÉ 1 KM E VELOCIDADE MÉDIA 14 KM/H. AF_05/2020","M3",9.89]
["Escavação Vertical a Céu Aberto",101220,"ESCAVAÇÃO VERTICAL PARA EDIFICAÇÃO, COM CARGA, DESCARGA E TRANSPORTE DE SOLO DE 1ª CATEGORIA, COM ESCAVADEIRA HIDRÁULICA (CAÇAMBA: 1,2 M³ / 155 HP), FROTA DE 5 CAMINHÕES BASCULANTES DE 14 M³, DMT DE 1,5 KM E VELOCIDADE MÉDIA 18 KM/H. AF_05/2020","M3",16.54]
["Escavação Vertical a Céu Aberto",101221,"ESCAVAÇÃO VERTICAL PARA EDIFICAÇÃO, COM CARGA, DESCARGA E TRANSPORTE DE SOLO DE 1ª CATEGORIA, COM ESCAVADEIRA HIDRÁULICA (CAÇAMBA: 1,2 M³ / 155 HP), FROTA DE 5 CAMINHÕES BASCULANTES DE 14 M³, DMT DE 2 KM E VELOCIDADE MÉDIA 19 KM/H. AF_05/2020","M3",17.46]
["Escavação Vertical a Céu Aberto",101225,"ESCAVAÇÃO VERTICAL PARA EDIFICAÇÃO, COM CARGA, DESCARGA E TRANSPORTE DE SOLO DE 1ª CATEGORIA, COM ESCAVADEIRA HIDRÁULICA (CAÇAMBA: 1,2 M³ / 155 HP), FROTA DE 5 CAMINHÕES BASCULANTES DE 18 M³, DMT DE 1,5 KM E VELOCIDADE MÉDIA 18 KM/H. AF_05/2020","M3",15.15]
["Escavação Vertical a Céu Aberto",101226,"ESCAVAÇÃO VERTICAL PARA EDIFICAÇÃO, COM CARGA, DESCARGA E TRANSPORTE DE SOLO DE 1ª CATEGORIA, COM ESCAVADEIRA HIDRÁULICA (CAÇAMBA: 1,2 M³ / 155 HP), FROTA DE 5 CAMINHÕES BASCULANTES DE 18 M³, DMT DE 2 KM E VELOCIDADE MÉDIA 19 KM/H. AF_05/2020","M3",15.94]
["Escavação Vertical a Céu Aberto",101222,"ESCAVAÇÃO VERTICAL PARA EDIFICAÇÃO, COM CARGA, DESCARGA E TRANSPORTE DE SOLO DE 1ª CATEGORIA, COM ESCAVADEIRA HIDRÁULICA (CAÇAMBA: 1,2 M³ / 155 HP), FROTA DE 6 CAMINHÕES BASCULANTES DE 14 M³, DMT DE 3 KM E VELOCIDADE MÉDIA 20 KM/H. AF_05/2020","M3",20.27]
["Escavação Vertical a Céu Aberto",101227,"ESCAVAÇÃO VERTICAL PARA EDIFICAÇÃO, COM CARGA, DESCARGA E TRANSPORTE DE SOLO DE 1ª CATEGORIA, COM ESCAVADEIRA HIDRÁULICA (CAÇAMBA: 1,2 M³ / 155 HP), FROTA DE 6 CAMINHÕES BASCULANTES DE 18 M³, DMT DE 3 KM E VELOCIDADE MÉDIA 20 KM/H. AF_05/2020","M3",18.45]
["Escavação Vertical a Céu Aberto",101228,"ESCAVAÇÃO VERTICAL PARA EDIFICAÇÃO, COM CARGA, DESCARGA E TRANSPORTE DE SOLO DE 1ª CATEGORIA, COM ESCAVADEIRA HIDRÁULICA (CAÇAMBA: 1,2 M³ / 155 HP), FROTA DE 6 CAMINHÕES BASCULANTES DE 18 M³, DMT DE 4 KM E VELOCIDADE MÉDIA 22 KM/H. AF_05/2020","M3",19.649999999999999]
["Escavação Vertical a Céu Aberto",101223,"ESCAVAÇÃO VERTICAL PARA EDIFICAÇÃO, COM CARGA, DESCARGA E TRANSPORTE DE SOLO DE 1ª CATEGORIA, COM ESCAVADEIRA HIDRÁULICA (CAÇAMBA: 1,2 M³ / 155 HP), FROTA DE 7 CAMINHÕES BASCULANTES DE 14 M³, DMT DE 4 KM E VELOCIDADE MÉDIA 22 KM/H. AF_05/2020","M3",22.54]
["Escavação Vertical a Céu Aberto",101229,"ESCAVAÇÃO VERTICAL PARA EDIFICAÇÃO, COM CARGA, DESCARGA E TRANSPORTE DE SOLO DE 1ª CATEGORIA, COM ESCAVADEIRA HIDRÁULICA (CAÇAMBA: 1,2 M³ / 155 HP), FROTA DE 8 CAMINHÕES BASCULANTES DE 18 M³, DMT DE 6 KM E VELOCIDADE MÉDIA 22 KM/H. AF_05/2020","M3",24.73]
["Escavação Vertical a Céu Aberto",101224,"ESCAVAÇÃO VERTICAL PARA EDIFICAÇÃO, COM CARGA, DESCARGA E TRANSPORTE DE SOLO DE 1ª CATEGORIA, COM ESCAVADEIRA HIDRÁULICA (CAÇAMBA: 1,2 M³ / 155 HP), FROTA DE 9 CAMINHÕES BASCULANTES DE 14 M³, DMT DE 6 KM E VELOCIDADE MÉDIA 22 KM/H. AF_05/2020","M3",28.21]
["Escavação Vertical a Céu Aberto",101265,"ESCAVAÇÃO VERTICAL PARA EDIFICAÇÃO, COM CARGA, DESCARGA E TRANSPORTE DE SOLO DE 1ª CATEGORIA, COM ESCAVADEIRA HIDRÁULICA (CAÇAMBA: 1,2 M³ / 155HP), FROTA DE 10 CAMINHÕES BASCULANTES DE 10 M³, DMT DE 6 KM E VELOCIDADE MÉDIA 22 KM/H. AF_05/2020","M3",32.07]
["Escavação Vertical a Céu Aberto",101255,"ESCAVAÇÃO VERTICAL PARA EDIFICAÇÃO, COM CARGA, DESCARGA E TRANSPORTE DE SOLO DE 1ª CATEGORIA, COM ESCAVADEIRA HIDRÁULICA (CAÇAMBA: 1,2 M³ / 155HP), FROTA DE 3 CAMINHÕES BASCULANTES DE 10 M³, DMT ATÉ 1 KM E VELOCIDADE MÉDIA 14 KM/H. AF_05/2020","M3",11.62]
["Escavação Vertical a Céu Aberto",101261,"ESCAVAÇÃO VERTICAL PARA EDIFICAÇÃO, COM CARGA, DESCARGA E TRANSPORTE DE SOLO DE 1ª CATEGORIA, COM ESCAVADEIRA HIDRÁULICA (CAÇAMBA: 1,2 M³ / 155HP), FROTA DE 6 CAMINHÕES BASCULANTES DE 10 M³, DMT DE 1,5 KM E VELOCIDADE MÉDIA 18 KM/H. AF_05/2020","M3",19.13]
["Escavação Vertical a Céu Aberto",101262,"ESCAVAÇÃO VERTICAL PARA EDIFICAÇÃO, COM CARGA, DESCARGA E TRANSPORTE DE SOLO DE 1ª CATEGORIA, COM ESCAVADEIRA HIDRÁULICA (CAÇAMBA: 1,2 M³ / 155HP), FROTA DE 6 CAMINHÕES BASCULANTES DE 10 M³, DMT DE 2 KM E VELOCIDADE MÉDIA 19 KM/H. AF_05/2020","M3",20.16]
["Escavação Vertical a Céu Aberto",101263,"ESCAVAÇÃO VERTICAL PARA EDIFICAÇÃO, COM CARGA, DESCARGA E TRANSPORTE DE SOLO DE 1ª CATEGORIA, COM ESCAVADEIRA HIDRÁULICA (CAÇAMBA: 1,2 M³ / 155HP), FROTA DE 7 CAMINHÕES BASCULANTES DE 10 M³, DMT DE 3 KM E VELOCIDADE MÉDIA 20 KM/H. AF_05/2020","M3",23.27]
["Escavação Vertical a Céu Aberto",101264,"ESCAVAÇÃO VERTICAL PARA EDIFICAÇÃO, COM CARGA, DESCARGA E TRANSPORTE DE SOLO DE 1ª CATEGORIA, COM ESCAVADEIRA HIDRÁULICA (CAÇAMBA: 1,2 M³ / 155HP), FROTA DE 8 CAMINHÕES BASCULANTES DE 10 M³, DMT DE 4 KM E VELOCIDADE MÉDIA 22 KM/H. AF_05/2020","M3",25.79]
["Escavação Vertical a Céu Aberto",101230,"ESCAVAÇÃO VERTICAL PARA INFRAESTRUTURA, COM CARGA, DESCARGA E TRANSPORTE DE SOLO DE 1ª CATEGORIA, COM ESCAVADEIRA HIDRÁULICA (CAÇAMBA: 0,8 M³ / 111 HP), FROTA DE 3 CAMINHÕES BASCULANTES DE 14 M³, DMT ATÉ 1 KM E VELOCIDADE MÉDIA14 KM/H. AF_05/2020","M3",11.15]
["Escavação Vertical a Céu Aberto",101231,"ESCAVAÇÃO VERTICAL PARA INFRAESTRUTURA, COM CARGA, DESCARGA E TRANSPORTE DE SOLO DE 1ª CATEGORIA, COM ESCAVADEIRA HIDRÁULICA (CAÇAMBA: 0,8 M³ / 111 HP), FROTA DE 3 CAMINHÕES BASCULANTES DE 18 M³, DMT ATÉ 1 KM E VELOCIDADE MÉDIA14 KM/H. AF_05/2020","M3",10.57]
["Escavação Vertical a Céu Aberto",101272,"ESCAVAÇÃO VERTICAL PARA INFRAESTRUTURA, COM CARGA, DESCARGA E TRANSPORTE DE SOLO DE 1ª CATEGORIA, COM ESCAVADEIRA HIDRÁULICA (CAÇAMBA: 0,8 M³ / 111HP), FROTA DE 10 CAMINHÕES BASCULANTES DE 10 M³, DMT DE 6 KM E VELOCIDADE MÉDIA22 KM/H. AF_05/2020","M3",32.61]
["Escavação Vertical a Céu Aberto",101266,"ESCAVAÇÃO VERTICAL PARA INFRAESTRUTURA, COM CARGA, DESCARGA E TRANSPORTE DE SOLO DE 1ª CATEGORIA, COM ESCAVADEIRA HIDRÁULICA (CAÇAMBA: 0,8 M³ / 111HP), FROTA DE 3 CAMINHÕES BASCULANTES DE 10 M³, DMT ATÉ 1 KM E VELOCIDADE MÉDIA14 KM/H. AF_05/2020","M3",11.69]
["Escavação Vertical a Céu Aberto",101239,"ESCAVAÇÃO VERTICAL PARA INFRAESTRUTURA, COM CARGA, DESCARGA E TRANSPORTE DE SOLO DE 1ª CATEGORIA, COM ESCAVADEIRA HIDRÁULICA (CAÇAMBA: 0,8 M³ / 111HP), FROTA DE 4 CAMINHÕES BASCULANTES DE 18 M³, DMT DE 1,5 KM E VELOCIDADE MÉDIA18 KM/H. AF_05/2020","M3",15.06]
["Escavação Vertical a Céu Aberto",101240,"ESCAVAÇÃO VERTICAL PARA INFRAESTRUTURA, COM CARGA, DESCARGA E TRANSPORTE DE SOLO DE 1ª CATEGORIA, COM ESCAVADEIRA HIDRÁULICA (CAÇAMBA: 0,8 M³ / 111HP), FROTA DE 4 CAMINHÕES BASCULANTES DE 18 M³, DMT DE 2 KM E VELOCIDADE MÉDIA 19 KM/H. AF_05/2020","M3",15.87]
["Escavação Vertical a Céu Aberto",101268,"ESCAVAÇÃO VERTICAL PARA INFRAESTRUTURA, COM CARGA, DESCARGA E TRANSPORTE DE SOLO DE 1ª CATEGORIA, COM ESCAVADEIRA HIDRÁULICA (CAÇAMBA: 0,8 M³ / 111HP), FROTA DE 5 CAMINHÕES BASCULANTES DE 10 M³, DMT DE 1,5 KM E VELOCIDADE MÉDIA18 KM/H. AF_05/2020","M3",18.329999999999998]
["Escavação Vertical a Céu Aberto",101234,"ESCAVAÇÃO VERTICAL PARA INFRAESTRUTURA, COM CARGA, DESCARGA E TRANSPORTE DE SOLO DE 1ª CATEGORIA, COM ESCAVADEIRA HIDRÁULICA (CAÇAMBA: 0,8 M³ / 111HP), FROTA DE 5 CAMINHÕES BASCULANTES DE 14 M³, DMT DE 1,5 KM E VELOCIDADE MÉDIA18 KM/H. AF_05/2020","M3",17.21]
["Escavação Vertical a Céu Aberto",101235,"ESCAVAÇÃO VERTICAL PARA INFRAESTRUTURA, COM CARGA, DESCARGA E TRANSPORTE DE SOLO DE 1ª CATEGORIA, COM ESCAVADEIRA HIDRÁULICA (CAÇAMBA: 0,8 M³ / 111HP), FROTA DE 5 CAMINHÕES BASCULANTES DE 14 M³, DMT DE 2 KM E VELOCIDADE MÉDIA 19 KM/H. AF_05/2020","M3",18.100000000000001]
["Escavação Vertical a Céu Aberto",101241,"ESCAVAÇÃO VERTICAL PARA INFRAESTRUTURA, COM CARGA, DESCARGA E TRANSPORTE DE SOLO DE 1ª CATEGORIA, COM ESCAVADEIRA HIDRÁULICA (CAÇAMBA: 0,8 M³ / 111HP), FROTA DE 5 CAMINHÕES BASCULANTES DE 18 M³, DMT DE 3 KM E VELOCIDADE MÉDIA 20 KM/H. AF_05/2020","M3",18.52]
["Escavação Vertical a Céu Aberto",101269,"ESCAVAÇÃO VERTICAL PARA INFRAESTRUTURA, COM CARGA, DESCARGA E TRANSPORTE DE SOLO DE 1ª CATEGORIA, COM ESCAVADEIRA HIDRÁULICA (CAÇAMBA: 0,8 M³ / 111HP), FROTA DE 6 CAMINHÕES BASCULANTES DE 10 M³, DMT DE 2 KM E VELOCIDADE MÉDIA 19 KM/H. AF_05/2020","M3",20.41]
["Escavação Vertical a Céu Aberto",101236,"ESCAVAÇÃO VERTICAL PARA INFRAESTRUTURA, COM CARGA, DESCARGA E TRANSPORTE DE SOLO DE 1ª CATEGORIA, COM ESCAVADEIRA HIDRÁULICA (CAÇAMBA: 0,8 M³ / 111HP), FROTA DE 6 CAMINHÕES BASCULANTES DE 14 M³, DMT DE 3 KM E VELOCIDADE MÉDIA 20 KM/H. AF_05/2020","M3",21.05]
["Escavação Vertical a Céu Aberto",101237,"ESCAVAÇÃO VERTICAL PARA INFRAESTRUTURA, COM CARGA, DESCARGA E TRANSPORTE DE SOLO DE 1ª CATEGORIA, COM ESCAVADEIRA HIDRÁULICA (CAÇAMBA: 0,8 M³ / 111HP), FROTA DE 6 CAMINHÕES BASCULANTES DE 14 M³, DMT DE 4 KM E VELOCIDADE MÉDIA 22 KM/H. AF_05/2020","M3",22.38]
["Escavação Vertical a Céu Aberto",101242,"ESCAVAÇÃO VERTICAL PARA INFRAESTRUTURA, COM CARGA, DESCARGA E TRANSPORTE DE SOLO DE 1ª CATEGORIA, COM ESCAVADEIRA HIDRÁULICA (CAÇAMBA: 0,8 M³ / 111HP), FROTA DE 6 CAMINHÕES BASCULANTES DE 18 M³, DMT DE 4 KM E VELOCIDADE MÉDIA 22 KM/H. AF_05/2020","M3",20.7]
["Escavação Vertical a Céu Aberto",101270,"ESCAVAÇÃO VERTICAL PARA INFRAESTRUTURA, COM CARGA, DESCARGA E TRANSPORTE DE SOLO DE 1ª CATEGORIA, COM ESCAVADEIRA HIDRÁULICA (CAÇAMBA: 0,8 M³ / 111HP), FROTA DE 7 CAMINHÕES BASCULANTES DE 10 M³, DMT DE 3 KM E VELOCIDADE MÉDIA 20 KM/H. AF_05/2020","M3",23.61]
["Escavação Vertical a Céu Aberto",101243,"ESCAVAÇÃO VERTICAL PARA INFRAESTRUTURA, COM CARGA, DESCARGA E TRANSPORTE DE SOLO DE 1ª CATEGORIA, COM ESCAVADEIRA HIDRÁULICA (CAÇAMBA: 0,8 M³ / 111HP), FROTA DE 7 CAMINHÕES BASCULANTES DE 18 M³, DMT DE 6 KM E VELOCIDADE MÉDIA 22 KM/H. AF_05/2020","M3",25.02]
["Escavação Vertical a Céu Aberto",101271,"ESCAVAÇÃO VERTICAL PARA INFRAESTRUTURA, COM CARGA, DESCARGA E TRANSPORTE DE SOLO DE 1ª CATEGORIA, COM ESCAVADEIRA HIDRÁULICA (CAÇAMBA: 0,8 M³ / 111HP), FROTA DE 8 CAMINHÕES BASCULANTES DE 10 M³, DMT DE 4 KM E VELOCIDADE MÉDIA 22 KM/H. AF_05/2020","M3",26.18]
["Escavação Vertical a Céu Aberto",101238,"ESCAVAÇÃO VERTICAL PARA INFRAESTRUTURA, COM CARGA, DESCARGA E TRANSPORTE DE SOLO DE 1ª CATEGORIA, COM ESCAVADEIRA HIDRÁULICA (CAÇAMBA: 0,8 M³ / 111HP), FROTA DE 8 CAMINHÕES BASCULANTES DE 14 M³, DMT DE 6 KM E VELOCIDADE MÉDIA 22 KM/H. AF_05/2020","M3",28.26]
["Escavação Vertical a Céu Aberto",101232,"ESCAVAÇÃO VERTICAL PARA INFRAESTRUTURA, COM CARGA, DESCARGA E TRANSPORTE DE SOLO DE 1ª CATEGORIA, COM ESCAVADEIRA HIDRÁULICA (CAÇAMBA: 1,2 M³ / 155 HP), FROTA DE 3 CAMINHÕES BASCULANTES DE 14 M³, DMT ATÉ 1 KM E VELOCIDADE MÉDIA14 KM/H. AF_05/2020","M3",9.52]
["Escavação Vertical a Céu Aberto",101233,"ESCAVAÇÃO VERTICAL PARA INFRAESTRUTURA, COM CARGA, DESCARGA E TRANSPORTE DE SOLO DE 1ª CATEGORIA, COM ESCAVADEIRA HIDRÁULICA (CAÇAMBA: 1,2 M³ / 155 HP), FROTA DE 3 CAMINHÕES BASCULANTES DE 18 M³, DMT ATÉ 1 KM E VELOCIDADE MÉDIA14 KM/H. AF_05/2020","M3",8.75]
["Escavação Vertical a Céu Aberto",101248,"ESCAVAÇÃO VERTICAL PARA INFRAESTRUTURA, COM CARGA, DESCARGA E TRANSPORTE DE SOLO DE 1ª CATEGORIA, COM ESCAVADEIRA HIDRÁULICA (CAÇAMBA: 1,2 M³ / 155HP), FROTA DE 10 CAMINHÕES BASCULANTES DE 14 M³, DMT DE 6 KM E VELOCIDADE MÉDIA22 KM/H. AF_05/2020","M3",26.97]
["Escavação Vertical a Céu Aberto",101277,"ESCAVAÇÃO VERTICAL PARA INFRAESTRUTURA, COM CARGA, DESCARGA E TRANSPORTE DE SOLO DE 1ª CATEGORIA, COM ESCAVADEIRA HIDRÁULICA (CAÇAMBA: 1,2 M³ / 155HP), FROTA DE 12 CAMINHÕES BASCULANTES DE 10 M³, DMT DE 6 KM E VELOCIDADE MÉDIA22 KM/H. AF_05/2020","M3",31.56]
["Escavação Vertical a Céu Aberto",101267,"ESCAVAÇÃO VERTICAL PARA INFRAESTRUTURA, COM CARGA, DESCARGA E TRANSPORTE DE SOLO DE 1ª CATEGORIA, COM ESCAVADEIRA HIDRÁULICA (CAÇAMBA: 1,2 M³ / 155HP), FROTA DE 4 CAMINHÕES BASCULANTES DE 10 M³, DMT ATÉ 1 KM E VELOCIDADE MÉDIA14 KM/H. AF_05/2020","M3",11.27]
["Escavação Vertical a Céu Aberto",101249,"ESCAVAÇÃO VERTICAL PARA INFRAESTRUTURA, COM CARGA, DESCARGA E TRANSPORTE DE SOLO DE 1ª CATEGORIA, COM ESCAVADEIRA HIDRÁULICA (CAÇAMBA: 1,2 M³ / 155HP), FROTA DE 5 CAMINHÕES BASCULANTES DE 18 M³, DMT DE 1,5 KM E VELOCIDADE MÉDIA18 KM/H. AF_05/2020","M3",13.75]
["Escavação Vertical a Céu Aberto",101273,"ESCAVAÇÃO VERTICAL PARA INFRAESTRUTURA, COM CARGA, DESCARGA E TRANSPORTE DE SOLO DE 1ª CATEGORIA, COM ESCAVADEIRA HIDRÁULICA (CAÇAMBA: 1,2 M³ / 155HP), FROTA DE 6 CAMINHÕES BASCULANTES DE 10 M³, DMT DE 1,5 KM E VELOCIDADE MÉDIA18 KM/H. AF_05/2020","M3",17.510000000000002]
["Escavação Vertical a Céu Aberto",101245,"ESCAVAÇÃO VERTICAL PARA INFRAESTRUTURA, COM CARGA, DESCARGA E TRANSPORTE DE SOLO DE 1ª CATEGORIA, COM ESCAVADEIRA HIDRÁULICA (CAÇAMBA: 1,2 M³ / 155HP), FROTA DE 6 CAMINHÕES BASCULANTES DE 14 M³, DMT DE 2 KM E VELOCIDADE MÉDIA 19 KM/H. AF_05/2020","M3",16.78]
["Escavação Vertical a Céu Aberto",101250,"ESCAVAÇÃO VERTICAL PARA INFRAESTRUTURA, COM CARGA, DESCARGA E TRANSPORTE DE SOLO DE 1ª CATEGORIA, COM ESCAVADEIRA HIDRÁULICA (CAÇAMBA: 1,2 M³ / 155HP), FROTA DE 6 CAMINHÕES BASCULANTES DE 18 M³, DMT DE 2 KM E VELOCIDADE MÉDIA 19 KM/H. AF_05/2020","M3",15.26]
["Escavação Vertical a Céu Aberto",101251,"ESCAVAÇÃO VERTICAL PARA INFRAESTRUTURA, COM CARGA, DESCARGA E TRANSPORTE DE SOLO DE 1ª CATEGORIA, COM ESCAVADEIRA HIDRÁULICA (CAÇAMBA: 1,2 M³ / 155HP), FROTA DE 6 CAMINHÕES BASCULANTES DE 18 M³, DMT DE 3 KM E VELOCIDADE MÉDIA 20 KM/H. AF_05/2020","M3",17.399999999999999]
["Escavação Vertical a Céu Aberto",101274,"ESCAVAÇÃO VERTICAL PARA INFRAESTRUTURA, COM CARGA, DESCARGA E TRANSPORTE DE SOLO DE 1ª CATEGORIA, COM ESCAVADEIRA HIDRÁULICA (CAÇAMBA: 1,2 M³ / 155HP), FROTA DE 7 CAMINHÕES BASCULANTES DE 10 M³, DMT DE 2 KM E VELOCIDADE MÉDIA 19 KM/H. AF_05/2020","M3",19.36]
["Escavação Vertical a Céu Aberto",101246,"ESCAVAÇÃO VERTICAL PARA INFRAESTRUTURA, COM CARGA, DESCARGA E TRANSPORTE DE SOLO DE 1ª CATEGORIA, COM ESCAVADEIRA HIDRÁULICA (CAÇAMBA: 1,2 M³ / 155HP), FROTA DE 7 CAMINHÕES BASCULANTES DE 14 M³, DMT DE 3 KM E VELOCIDADE MÉDIA 20 KM/H. AF_05/2020","M3",19.46]
["Escavação Vertical a Céu Aberto",101252,"ESCAVAÇÃO VERTICAL PARA INFRAESTRUTURA, COM CARGA, DESCARGA E TRANSPORTE DE SOLO DE 1ª CATEGORIA, COM ESCAVADEIRA HIDRÁULICA (CAÇAMBA: 1,2 M³ / 155HP), FROTA DE 7 CAMINHÕES BASCULANTES DE 18 M³, DMT DE 4 KM E VELOCIDADE MÉDIA 22 KM/H. AF_05/2020","M3",18.809999999999999]
["Escavação Vertical a Céu Aberto",101275,"ESCAVAÇÃO VERTICAL PARA INFRAESTRUTURA, COM CARGA, DESCARGA E TRANSPORTE DE SOLO DE 1ª CATEGORIA, COM ESCAVADEIRA HIDRÁULICA (CAÇAMBA: 1,2 M³ / 155HP), FROTA DE 8 CAMINHÕES BASCULANTES DE 10 M³, DMT DE 3 KM E VELOCIDADE MÉDIA 20 KM/H. AF_05/2020","M3",22.37]
["Escavação Vertical a Céu Aberto",101247,"ESCAVAÇÃO VERTICAL PARA INFRAESTRUTURA, COM CARGA, DESCARGA E TRANSPORTE DE SOLO DE 1ª CATEGORIA, COM ESCAVADEIRA HIDRÁULICA (CAÇAMBA: 1,2 M³ / 155HP), FROTA DE 8 CAMINHÕES BASCULANTES DE 14 M³, DMT DE 4 KM E VELOCIDADE MÉDIA 22 KM/H. AF_05/2020","M3",21.59]
["Escavação Vertical a Céu Aberto",101276,"ESCAVAÇÃO VERTICAL PARA INFRAESTRUTURA, COM CARGA, DESCARGA E TRANSPORTE DE SOLO DE 1ª CATEGORIA, COM ESCAVADEIRA HIDRÁULICA (CAÇAMBA: 1,2 M³ / 155HP), FROTA DE 9 CAMINHÕES BASCULANTES DE 10 M³, DMT DE 4 KM E VELOCIDADE MÉDIA 22 KM/H. AF_05/2020","M3",24.71]
["Escavação Vertical a Céu Aberto",101253,"ESCAVAÇÃO VERTICAL PARA INFRAESTRUTURA, COM CARGA, DESCARGA E TRANSPORTE DE SOLO DE 1ª CATEGORIA, COM ESCAVADEIRA HIDRÁULICA (CAÇAMBA: 1,2 M³ / 155HP), FROTA DE 9 CAMINHÕES BASCULANTES DE 18 M³, DMT DE 6 KM E VELOCIDADE MÉDIA 22 KM/H. AF_05/2020","M3",23.64]
["Escavação Vertical a Céu Aberto",101244,"ESCAVAÇÃO VERTICAL PARA INFRAESTRUTURA, COM CARGA, DESCARGA E TRANSPORTE DE SOLO DE 1ª CATEGORIA, COM ESCAVADEIRA HIDRÁULICA (CAÇAMBA: 1,2M³ / 155HP), FROTA DE 6 CAMINHÕES BASCULANTES DE 14 M³, DMT DE 1,5 KM E VELOCIDADE MÉDIA18 KM/H. AF_05/2020","M3",15.88]
["Escavação de Valas",93358,"ESCAVAÇÃO MANUAL DE VALA. AF_09/2024","M3",96.4]
["Escavação de Valas",90082,"ESCAVAÇÃO MECANIZADA DE VALA COM PROF. ATÉ 1,5 M (MÉDIA MONTANTE E JUSANTE/UMA COMPOSIÇÃO POR TRECHO), ESCAVADEIRA (0,8 M3), LARG. DE 1,5 M A 2,5 M, EM SOLO DE 1A CATEGORIA, EM LOCAIS COM ALTO NÍVEL DE INTERFERÊNCIA. AF_09/2024","M3",10.29]
["Escavação de Valas",90091,"ESCAVAÇÃO MECANIZADA DE VALA COM PROF. ATÉ 1,5 M (MÉDIA MONTANTE E JUSANTE/UMA COMPOSIÇÃO POR TRECHO), ESCAVADEIRA (0,8 M3), LARG. DE 1,5 M A 2,5 M, EM SOLO DE 1A CATEGORIA, LOCAIS COM BAIXO NÍVEL DE INTERFERÊNCIA. AF_09/2024","M3",6.49]
["Escavação de Valas",102307,"ESCAVAÇÃO MECANIZADA DE VALA COM PROF. ATÉ 1,5 M (MÉDIA MONTANTE E JUSANTE/UMA COMPOSIÇÃO POR TRECHO), ESCAVADEIRA (0,8 M3), LARG. DE 1,5 M A 2,5 M, EM SOLO DE 2A CATEGORIA, EM LOCAIS COM ALTO NÍVEL DE INTERFERÊNCIA. AF_09/2024","M3",12.87]
["Escavação de Valas",102315,"ESCAVAÇÃO MECANIZADA DE VALA COM PROF. ATÉ 1,5 M (MÉDIA MONTANTE E JUSANTE/UMA COMPOSIÇÃO POR TRECHO), ESCAVADEIRA (0,8 M3), LARG. DE 1,5 M A 2,5 M, EM SOLO DE 2A CATEGORIA, LOCAIS COM BAIXO NÍVEL DE INTERFERÊNCIA. AF_09/2024","M3",8.1199999999999992]
["Escavação de Valas",102283,"ESCAVAÇÃO MECANIZADA DE VALA COM PROF. ATÉ 1,5 M (MÉDIA MONTANTE E JUSANTE/UMA COMPOSIÇÃO POR TRECHO), ESCAVADEIRA (0,8 M3), LARG. DE 1,5 M A 2,5 M, EM SOLO MOLE, EM LOCAIS COM ALTO NÍVEL DE INTERFERÊNCIA. AF_09/2024","M3",13.48]
["Escavação de Valas",102291,"ESCAVAÇÃO MECANIZADA DE VALA COM PROF. ATÉ 1,5 M (MÉDIA MONTANTE E JUSANTE/UMA COMPOSIÇÃO POR TRECHO), ESCAVADEIRA (0,8 M3), LARG. DE 1,5 M A 2,5 M, EM SOLO MOLE, LOCAIS COM BAIXO NÍVEL DE INTERFERÊNCIA. AF_09/2024","M3",8.5]
["Escavação de Valas",102276,"ESCAVAÇÃO MECANIZADA DE VALA COM PROF. ATÉ 1,5 M (MÉDIA MONTANTE E JUSANTE/UMA COMPOSIÇÃO POR TRECHO), ESCAVADEIRA (0,8 M3), LARG. MENOR QUE 1,5 M, EM SOLO DE 1A CATEGORIA, EM LOCAIS COM ALTO NÍVEL DE INTERFERÊNCIA. AF_09/2024","M3",11.6]
["Escavação de Valas",102306,"ESCAVAÇÃO MECANIZADA DE VALA COM PROF. ATÉ 1,5 M (MÉDIA MONTANTE E JUSANTE/UMA COMPOSIÇÃO POR TRECHO), ESCAVADEIRA (0,8 M3),LARG. ATÉ 1,5 M, EM SOLO DE 2A CATEGORIA, EM LOCAIS COM ALTO NÍVEL DE INTERFERÊNCIA. AF_09/2024","M3",14.51]
["Escavação de Valas",102279,"ESCAVAÇÃO MECANIZADA DE VALA COM PROF. ATÉ 1,5 M (MÉDIA MONTANTE E JUSANTE/UMA COMPOSIÇÃO POR TRECHO), ESCAVADEIRA (0,8 M3),LARG. MENOR QUE 1,5 M, EM SOLO DE 1A CATEGORIA, LOCAIS COM BAIXO NÍVEL DE INTERFERÊNCIA. AF_09/2024","M3",7.31]
["Escavação de Valas",102282,"ESCAVAÇÃO MECANIZADA DE VALA COM PROF. ATÉ 1,5 M (MÉDIA MONTANTE E JUSANTE/UMA COMPOSIÇÃO POR TRECHO), ESCAVADEIRA (0,8 M3),LARG. MENOR QUE 1,5 M, EM SOLO DE MOLE, EM LOCAIS COM ALTO NÍVEL DE INTERFERÊNCIA. AF_09/2024","M3",15.17]
["Escavação de Valas",102290,"ESCAVAÇÃO MECANIZADA DE VALA COM PROF. ATÉ 1,5 M (MÉDIA MONTANTE E JUSANTE/UMA COMPOSIÇÃO POR TRECHO), ESCAVADEIRA (0,8 M3),LARG. MENOR QUE 1,5 M, EM SOLO MOLE, LOCAIS COM BAIXO NÍVEL DE INTERFERÊNCIA. AF_09/2024","M3",9.56]
["Escavação de Valas",90100,"ESCAVAÇÃO MECANIZADA DE VALA COM PROF. ATÉ 1,5 M (MÉDIA MONTANTE E JUSANTE/UMA COMPOSIÇÃO POR TRECHO), RETROESCAV. (0,26 M3), LARG. DE 0,8 M A 1,5 M, EM SOLO DE 1A CATEGORIA, EM LOCAIS COM ALTO NÍVEL DE INTERFERÊNCIA. AF_09/2024","M3",14.85]
["Escavação de Valas",102323,"ESCAVAÇÃO MECANIZADA DE VALA COM PROF. ATÉ 1,5 M (MÉDIA MONTANTE E JUSANTE/UMA COMPOSIÇÃO POR TRECHO), RETROESCAV. (0,26 M3), LARG. DE 0,8 M A 1,5 M, EM SOLO DE 2A CATEGORIA, EM LOCAIS COM ALTO NÍVEL DE INTERFERÊNCIA. AF_09/2024","M3",18.57]
["Escavação de Valas",102327,"ESCAVAÇÃO MECANIZADA DE VALA COM PROF. ATÉ 1,5 M (MÉDIA MONTANTE E JUSANTE/UMA COMPOSIÇÃO POR TRECHO), RETROESCAV. (0,26 M3), LARG. DE 0,8 M A 1,5 M, EM SOLO DE 2A CATEGORIA, EM LOCAIS COM BAIXO NÍVEL DE INTERFERÊNCIA. AF_09/2024","M3",11.69]
["Escavação de Valas",102299,"ESCAVAÇÃO MECANIZADA DE VALA COM PROF. ATÉ 1,5 M (MÉDIA MONTANTE E JUSANTE/UMA COMPOSIÇÃO POR TRECHO), RETROESCAV. (0,26 M3), LARG. DE 0,8 M A 1,5 M, EM SOLO MOLE, EM LOCAIS COM ALTO NÍVEL DE INTERFERÊNCIA. AF_09/2024","M3",19.440000000000001]
["Escavação de Valas",102303,"ESCAVAÇÃO MECANIZADA DE VALA COM PROF. ATÉ 1,5 M (MÉDIA MONTANTE E JUSANTE/UMA COMPOSIÇÃO POR TRECHO), RETROESCAV. (0,26 M3), LARG. DE 0,8 M A 1,5 M, EM SOLO MOLE, LOCAIS COM BAIXO NÍVEL DE INTERFERÊNCIA. AF_09/2024","M3",12.25]
["Escavação de Valas",90099,"ESCAVAÇÃO MECANIZADA DE VALA COM PROF. ATÉ 1,5 M (MÉDIA MONTANTE E JUSANTE/UMA COMPOSIÇÃO POR TRECHO), RETROESCAV. (0,26 M3), LARG. MENOR QUE 0,8 M, EM SOLO DE 1A CATEGORIA, EM LOCAIS COM ALTO NÍVEL DE INTERFERÊNCIA. AF_09/2024","M3",17.34]
["Escavação de Valas",102322,"ESCAVAÇÃO MECANIZADA DE VALA COM PROF. ATÉ 1,5 M (MÉDIA MONTANTE E JUSANTE/UMA COMPOSIÇÃO POR TRECHO), RETROESCAV. (0,26 M3), LARG. MENOR QUE 0,8 M, EM SOLO DE 2A CATEGORIA, EM LOCAIS COM ALTO NÍVEL DE INTERFERÊNCIA. AF_09/2024","M3",21.67]
["Escavação de Valas",102298,"ESCAVAÇÃO MECANIZADA DE VALA COM PROF. ATÉ 1,5 M (MÉDIA MONTANTE E JUSANTE/UMA COMPOSIÇÃO POR TRECHO), RETROESCAV. (0,26 M3), LARG. MENOR QUE 0,8 M, EM SOLO MOLE, EM LOCAIS COM ALTO NÍVEL DE INTERFERÊNCIA. AF_09/2024","M3",22.68]
["Escavação de Valas",102302,"ESCAVAÇÃO MECANIZADA DE VALA COM PROF. ATÉ 1,5 M (MÉDIA MONTANTE E JUSANTE/UMA COMPOSIÇÃO POR TRECHO), RETROESCAV. (0,26 M3), LARG. MENOR QUE 0,8 M, EM SOLO MOLE, LOCAIS COM BAIXO NÍVEL DE INTERFERÊNCIA. AF_09/2024","M3",14.29]
["Escavação de Valas",102326,"ESCAVAÇÃO MECANIZADA DE VALA COM PROF. ATÉ 1,5 M (MÉDIA MONTANTE E JUSANTE/UMA COMPOSIÇÃO POR TRECHO), RETROESCAV. (0,26 M3), LARGURA MENOR QUE 0,8 M, EM SOLO DE 2A CATEGORIA, EM LOCAIS COM BAIXO NÍVEL DE INTERFERÊNCIA. AF_09/2024","M3",13.65]
["Escavação de Valas",102314,"ESCAVAÇÃO MECANIZADA DE VALA COM PROF. ATÉ 1,5 M (MÉDIA MONTANTE E JUSANTE/UMA COMPOSIÇÃO POR TRECHO),COM ESCAVADEIRA (0,8 M3), LARG. MENOR QUE 1,5 M, EM SOLO DE 2A CATEGORIA, LOCAIS COM BAIXO NÍVEL DE INTERFERÊNCIA. AF_09/2024","M3",9.1300000000000008]
["Escavação de Valas",102312,"ESCAVAÇÃO MECANIZADA DE VALA COM PROF. DE 3,0 M ATÉ 4,5 M (MÉDIA MONTANTE E JUSANTE/UMA COMPOSIÇÃO POR TRECHO), ESCAVADEIRA (1,2 M3), LARG. DE 1,5 M A 2,5 M, EM SOLO DE 2A CATEGORIA, EM LOCAIS COM ALTO NÍVEL DE INTERFERÊNCIA. AF_09/2024","M3",11.51]
["Escavação de Valas",102288,"ESCAVAÇÃO MECANIZADA DE VALA COM PROF. DE 3,0 M ATÉ 4,5 M (MÉDIA MONTANTE E JUSANTE/UMA COMPOSIÇÃO POR TRECHO), ESCAVADEIRA (1,2 M3), LARG. DE 1,5 M A 2,5 M, EM SOLO MOLE, EM LOCAIS COM ALTO NÍVEL DE INTERFERÊNCIA. AF_09/2024","M3",12.05]
["Escavação de Valas",90087,"ESCAVAÇÃO MECANIZADA DE VALA COM PROF. DE 3,0 M ATÉ 4,5 M(MÉDIA MONTANTE E JUSANTE/UMA COMPOSIÇÃO POR TRECHO), ESCAVADEIRA (1,2 M3), LARG. DE 1,5 M A 2,5 M, EM SOLO DE 1A CATEGORIA, EM LOCAIS COM ALTO NÍVEL DE INTERFERÊNCIA. AF_09/2024","M3",9.1999999999999993]
["Escavação de Valas",102308,"ESCAVAÇÃO MECANIZADA DE VALA COM PROF. MAIOR QUE 1,5 M ATÉ 3,0 M (MÉDIA MONTANTE E JUSANTE/UMA COMPOSIÇÃO POR TRECHO), ESCAVADEIRA (0,8 M3), LARG. ATÉ 1,5 M, EM SOLO DE 2A CATEGORIA, EM LOCAIS COM ALTO NÍVEL DE INTERFERÊNCIA. AF_09/2024","M3",12.47]
["Escavação de Valas",90084,"ESCAVAÇÃO MECANIZADA DE VALA COM PROF. MAIOR QUE 1,5 M ATÉ 3,0 M (MÉDIA MONTANTE E JUSANTE/UMA COMPOSIÇÃO POR TRECHO), ESCAVADEIRA (0,8 M3), LARGURA ATÉ 1,5 M, EM SOLO DE 1A CATEGORIA, EM LOCAIS COM ALTO NÍVEL DE INTERFERÊNCIA. AF_09/2024","M3",9.98]
["Escavação de Valas",102284,"ESCAVAÇÃO MECANIZADA DE VALA COM PROF. MAIOR QUE 1,5 M ATÉ 3,0 M (MÉDIA MONTANTE E JUSANTE/UMA COMPOSIÇÃO POR TRECHO), ESCAVADEIRA (0,8 M3), LARGURA ATÉ 1,5 M, EM SOLO MOLE, EM LOCAIS COM ALTO NÍVEL DE INTERFERÊNCIA. AF_09/2024","M3",13.05]
["Escavação de Valas",102325,"ESCAVAÇÃO MECANIZADA DE VALA COM PROF. MAIOR QUE 1,5 M ATÉ 3,0 M (MÉDIA MONTANTE E JUSANTE/UMA COMPOSIÇÃO POR TRECHO), RETROESCAV. (0,26 M3), LARG. DE 0,8 M A 1,5 M, EM SOLO DE 2A CATEGORIA, EM LOCAIS COM ALTO NÍVEL DE INTERFERÊNCIA. AF_09/2024","M3",16.8]
["Escavação de Valas",102329,"ESCAVAÇÃO MECANIZADA DE VALA COM PROF. MAIOR QUE 1,5 M ATÉ 3,0 M (MÉDIA MONTANTE E JUSANTE/UMA COMPOSIÇÃO POR TRECHO), RETROESCAV. (0,26 M3), LARG. DE 0,8 M A 1,5 M, EM SOLO DE 2A CATEGORIA, EM LOCAIS COM BAIXO NÍVEL DE INTERFERÊNCIA. AF_09/2024","M3",10.58]
["Escavação de Valas",102301,"ESCAVAÇÃO MECANIZADA DE VALA COM PROF. MAIOR QUE 1,5 M ATÉ 3,0 M (MÉDIA MONTANTE E JUSANTE/UMA COMPOSIÇÃO POR TRECHO), RETROESCAV. (0,26 M3), LARG. DE 0,8 M A 1,5 M, EM SOLO MOLE, EM LOCAIS COM ALTO NÍVEL DE INTERFERÊNCIA. AF_09/2024","M3",17.579999999999998]
["Escavação de Valas",102305,"ESCAVAÇÃO MECANIZADA DE VALA COM PROF. MAIOR QUE 1,5 M ATÉ 3,0 M (MÉDIA MONTANTE E JUSANTE/UMA COMPOSIÇÃO POR TRECHO), RETROESCAV. (0,26 M3), LARG. DE 0,8 M A 1,5 M, EM SOLO MOLE, LOCAIS COM BAIXO NÍVEL DE INTERFERÊNCIA. AF_09/2024","M3",11.08]
["Escavação de Valas",90101,"ESCAVAÇÃO MECANIZADA DE VALA COM PROF. MAIOR QUE 1,5 M ATÉ 3,0 M (MÉDIA MONTANTE E JUSANTE/UMA COMPOSIÇÃO POR TRECHO), RETROESCAV. (0,26 M3), LARG. MENOR QUE 0,8 M, EM SOLO DE 1A CATEGORIA, EM LOCAIS COM ALTO NÍVEL DE INTERFERÊNCIA. AF_09/2024","M3",14.67]
["Escavação de Valas",102324,"ESCAVAÇÃO MECANIZADA DE VALA COM PROF. MAIOR QUE 1,5 M ATÉ 3,0 M (MÉDIA MONTANTE E JUSANTE/UMA COMPOSIÇÃO POR TRECHO), RETROESCAV. (0,26 M3), LARG. MENOR QUE 0,8 M, EM SOLO DE 2A CATEGORIA, EM LOCAIS COM ALTO NÍVEL DE INTERFERÊNCIA. AF_09/2024","M3",18.34]
["Escavação de Valas",102300,"ESCAVAÇÃO MECANIZADA DE VALA COM PROF. MAIOR QUE 1,5 M ATÉ 3,0 M (MÉDIA MONTANTE E JUSANTE/UMA COMPOSIÇÃO POR TRECHO), RETROESCAV. (0,26 M3), LARG. MENOR QUE 0,8 M, EM SOLO MOLE, EM LOCAIS COM ALTO NÍVEL DE INTERFERÊNCIA. AF_09/2024","M3",19.2]
["Escavação de Valas",90102,"ESCAVAÇÃO MECANIZADA DE VALA COM PROF. MAIOR QUE 1,5 M ATÉ 3,0 M (MÉDIA MONTANTE E JUSANTE/UMA COMPOSIÇÃO POR TRECHO), RETROESCAV. (0,26 M3), LARGURA DE 0,8 M A 1,5 M, EM SOLO DE 1A CATEGORIA, EM LOCAIS COM ALTO NÍVEL DE INTERFERÊNCIA. AF_09/2024","M3",13.44]
["Escavação de Valas",102328,"ESCAVAÇÃO MECANIZADA DE VALA COM PROF. MAIOR QUE 1,5 M ATÉ 3,0 M (MÉDIA MONTANTE E JUSANTE/UMA COMPOSIÇÃO POR TRECHO), RETROESCAV. (0,26 M3),LARG. MENOR QUE 0,8 M, EM SOLO DE 2A CATEGORIA, EM LOCAIS COM BAIXO NÍVEL DE INTERFERÊNCIA. AF_09/2024","M3",11.56]
["Escavação de Valas",102304,"ESCAVAÇÃO MECANIZADA DE VALA COM PROF. MAIOR QUE 1,5 M ATÉ 3,0 M (MÉDIA MONTANTE E JUSANTE/UMA COMPOSIÇÃO POR TRECHO), RETROESCAV. (0,26 M3),LARG. MENOR QUE 0,8 M, EM SOLO MOLE, LOCAIS COM BAIXO NÍVEL DE INTERFERÊNCIA. AF_09/2024","M3",12.1]
["Escavação de Valas",102295,"ESCAVAÇÃO MECANIZADA DE VALA COM PROF. MAIOR QUE 1,5 M ATÉ 3,0 M (MÉDIA MONTANTE E JUSANTE/UMA COMPOSIÇÃO POR TRECHO),COM ESCAVADEIRA (1,2 M3), LARG. DE 1,5 M A 2,5 M, EM SOLO MOLE, LOCAIS COM BAIXO NÍVEL DE INTERFERÊNCIA. AF_09/2024","M3",7.88]
["Escavação de Valas",102281,"ESCAVAÇÃO MECANIZADA DE VALA COM PROF. MAIOR QUE 1,5 M ATÉ 3,0 M (MÉDIA MONTANTE E JUSANTE/UMA COMPOSIÇÃO POR TRECHO),COM ESCAVADEIRA (1,2 M3),LARG. DE 1,5 M A 2,5 M, EM SOLO DE 1A CATEGORIA, LOCAIS COM BAIXO NÍVEL DE INTERFERÊNCIA. AF_09/2024","M3",6.02]
["Escavação de Valas",102311,"ESCAVAÇÃO MECANIZADA DE VALA COM PROF. MAIOR QUE 1,5 M ATÉ 3,0 M (MÉDIA MONTANTE E JUSANTE/UMA COMPOSIÇÃO POR TRECHO),COM ESCAVADEIRA (1,2 M3),LARG. DE 1,5 M A 2,5 M, EM SOLO DE 2A CATEGORIA, EM LOCAIS COM ALTO NÍVEL DE INTERFERÊNCIA. AF_09/2024","M3",11.97]
["Escavação de Valas",102319,"ESCAVAÇÃO MECANIZADA DE VALA COM PROF. MAIOR QUE 1,5 M ATÉ 3,0 M (MÉDIA MONTANTE E JUSANTE/UMA COMPOSIÇÃO POR TRECHO),COM ESCAVADEIRA (1,2 M3),LARG. DE 1,5 M A 2,5 M, EM SOLO DE 2A CATEGORIA, LOCAIS COM BAIXO NÍVEL DE INTERFERÊNCIA. AF_09/2024","M3",7.54]
["Escavação de Valas",102287,"ESCAVAÇÃO MECANIZADA DE VALA COM PROF. MAIOR QUE 1,5 M ATÉ 3,0 M (MÉDIA MONTANTE E JUSANTE/UMA COMPOSIÇÃO POR TRECHO),COM ESCAVADEIRA (1,2 M3),LARG. DE 1,5 M A 2,5 M, EM SOLO MOLE, EM LOCAIS COM ALTO NÍVEL DE INTERFERÊNCIA. AF_09/2024","M3",12.52]
["Escavação de Valas",102316,"ESCAVAÇÃO MECANIZADA DE VALA COM PROF. MAIOR QUE 1,5 M E ATÉ 3,0 M (MÉDIA MONTANTE E JUSANTE/UMA COMPOSIÇÃO POR TRECHO), ESCAVADEIRA (0,8 M3), LARG. MENOR QUE 1,5 M, EM SOLO DE 2A CATEGORIA, LOCAIS COM BAIXO NÍVEL DE INTERFERÊNCIA. AF_09/2024","M3",7.86]
["Escavação de Valas",102292,"ESCAVAÇÃO MECANIZADA DE VALA COM PROF. MAIOR QUE 1,5 M E ATÉ 3,0 M (MÉDIA MONTANTE E JUSANTE/UMA COMPOSIÇÃO POR TRECHO), ESCAVADEIRA (0,8 M3), LARG. MENOR QUE 1,5 M, EM SOLO MOLE, LOCAIS COM BAIXO NÍVEL DE INTERFERÊNCIA. AF_09/2024","M3",8.2200000000000006]
["Escavação de Valas",90092,"ESCAVAÇÃO MECANIZADA DE VALA COM PROF. MAIOR QUE 1,5 M E ATÉ 3,0 M(MÉDIA MONTANTE E JUSANTE/UMA COMPOSIÇÃO POR TRECHO), ESCAVADEIRA (0,8 M3), LARG. MENOR QUE 1,5 M, EM SOLO DE 1A CATEGORIA, LOCAIS COM BAIXO NÍVEL DE INTERFERÊNCIA. AF_09/2024","M3",6.28]
["Escavação de Valas",102278,"ESCAVAÇÃO MECANIZADA DE VALA COM PROF. MAIOR QUE 1,50 M ATÉ 3,0 M (MÉDIA MONTANTE E JUSANTE/UMA COMPOSIÇÃO POR TRECHO), ESCAVADEIRA (1,2 M3), LARG. DE 1,5 M A 2,5 M, EM SOLO DE 1A CATEGORIA, EM LOCAIS COM ALTO NÍVEL DE INTERFERÊNCIA. AF_09/2024","M3",9.57]
["Escavação de Valas",90094,"ESCAVAÇÃO MECANIZADA DE VALA COM PROF. MAIOR QUE 3,0 M ATÉ 4,5 M (MÉDIA MONTANTE E JUSANTE/UMA COMPOSIÇÃO POR TRECHO), ESCAVADEIRA (0,8 M3), LARG. MENOR QUE 1,5 M, EM SOLO DE 1A CATEGORIA, LOCAIS COM BAIXO NÍVEL DE INTERFERÊNCIA. AF_09/2024","M3",5.94]
["Escavação de Valas",102309,"ESCAVAÇÃO MECANIZADA DE VALA COM PROF. MAIOR QUE 3,0 M ATÉ 4,5 M (MÉDIA MONTANTE E JUSANTE/UMA COMPOSIÇÃO POR TRECHO), ESCAVADEIRA (0,8 M3), LARG. MENOR QUE 1,5 M, EM SOLO DE 2A CATEGORIA, EM LOCAIS COM ALTO NÍVEL DE INTERFERÊNCIA. AF_09/2024","M3",11.8]
["Escavação de Valas",102285,"ESCAVAÇÃO MECANIZADA DE VALA COM PROF. MAIOR QUE 3,0 M ATÉ 4,5 M (MÉDIA MONTANTE E JUSANTE/UMA COMPOSIÇÃO POR TRECHO), ESCAVADEIRA (0,8 M3), LARG. MENOR QUE 1,5 M, EM SOLO MOLE, EM LOCAIS COM ALTO NÍVEL DE INTERFERÊNCIA. AF_09/2024","M3",12.35]
["Escavação de Valas",90095,"ESCAVAÇÃO MECANIZADA DE VALA COM PROF. MAIOR QUE 3,0 M ATÉ 4,5 M (MÉDIA MONTANTE E JUSANTE/UMA COMPOSIÇÃO POR TRECHO), ESCAVADEIRA (1,2 M3), LARG. DE 1,5 M A 2,5 M, EM SOLO DE 1A CATEGORIA, LOCAIS COM BAIXO NÍVEL DE INTERFERÊNCIA. AF_09/2024","M3",5.79]
["Escavação de Valas",102320,"ESCAVAÇÃO MECANIZADA DE VALA COM PROF. MAIOR QUE 3,0 M ATÉ 4,5 M (MÉDIA MONTANTE E JUSANTE/UMA COMPOSIÇÃO POR TRECHO), ESCAVADEIRA (1,2 M3), LARG. DE 1,5 M A 2,5 M, EM SOLO DE 2A CATEGORIA, LOCAIS COM BAIXO NÍVEL DE INTERFERÊNCIA. AF_09/2024","M3",7.24]
["Escavação de Valas",102296,"ESCAVAÇÃO MECANIZADA DE VALA COM PROF. MAIOR QUE 3,0 M ATÉ 4,5 M (MÉDIA MONTANTE E JUSANTE/UMA COMPOSIÇÃO POR TRECHO), ESCAVADEIRA (1,2 M3), LARG. DE 1,5 M A 2,5 M, EM SOLO MOLE, LOCAIS COM BAIXO NÍVEL DE INTERFERÊNCIA. AF_09/2024","M3",7.59]
["Escavação de Valas",90086,"ESCAVAÇÃO MECANIZADA DE VALA COM PROF. MAIOR QUE 3,0 M ATÉ 4,5 M(MÉDIA MONTANTE E JUSANTE/UMA COMPOSIÇÃO POR TRECHO), ESCAVADEIRA (0,8 M3), LARG. MENOR QUE 1,5 M, EM SOLO DE 1A CATEGORIA, EM LOCAIS COM ALTO NÍVEL DE INTERFERÊNCIA. AF_09/2024","M3",9.43]
["Escavação de Valas",102277,"ESCAVAÇÃO MECANIZADA DE VALA COM PROF. MAIOR QUE 4,5 M ATÉ 6,0 M (MÉDIA MONTANTE E JUSANTE/UMA COMPOSIÇÃO POR TRECHO), ESCAVADEIRA (0,8 M3), LARG. MENOR QUE 1,5 M, EM SOLO DE 1A CATEGORIA, EM LOCAIS COM ALTO NÍVEL DE INTERFERÊNCIA. AF_09/2024","M3",9.16]
["Escavação de Valas",102286,"ESCAVAÇÃO MECANIZADA DE VALA COM PROF. MAIOR QUE 4,5 M ATÉ 6,0 M (MÉDIA MONTANTE E JUSANTE/UMA COMPOSIÇÃO POR TRECHO), ESCAVADEIRA (0,8 M3),LARG. MENOR QUE 1,5 M, EM SOLO DE MOLE, EM LOCAIS COM ALTO NÍVEL DE INTERFERÊNCIA. AF_09/2024","M3",11.99]
["Escavação de Valas",90098,"ESCAVAÇÃO MECANIZADA DE VALA COM PROF. MAIOR QUE 4,5 M ATÉ 6,0 M (MÉDIA MONTANTE E JUSANTE/UMA COMPOSIÇÃO POR TRECHO), ESCAVADEIRA (1,2 M3), LARG. DE 1,5 M A 2,5 M, EM SOLO DE 1A CATEGORIA, LOCAIS COM BAIXO NÍVEL DE INTERFERÊNCIA. AF_09/2024","M3",5.68]
["Escavação de Valas",102313,"ESCAVAÇÃO MECANIZADA DE VALA COM PROF. MAIOR QUE 4,5 M ATÉ 6,0 M (MÉDIA MONTANTE E JUSANTE/UMA COMPOSIÇÃO POR TRECHO), ESCAVADEIRA (1,2 M3), LARG. DE 1,5 M A 2,5 M, EM SOLO DE 2A CATEGORIA, EM LOCAIS COM ALTO NÍVEL DE INTERFERÊNCIA. AF_09/2024","M3",11.28]
["Escavação de Valas",102321,"ESCAVAÇÃO MECANIZADA DE VALA COM PROF. MAIOR QUE 4,5 M ATÉ 6,0 M (MÉDIA MONTANTE E JUSANTE/UMA COMPOSIÇÃO POR TRECHO), ESCAVADEIRA (1,2 M3), LARG. DE 1,5 M A 2,5 M, EM SOLO DE 2A CATEGORIA, LOCAIS COM BAIXO NÍVEL DE INTERFERÊNCIA. AF_09/2024","M3",7.1]
["Escavação de Valas",102289,"ESCAVAÇÃO MECANIZADA DE VALA COM PROF. MAIOR QUE 4,5 M ATÉ 6,0 M (MÉDIA MONTANTE E JUSANTE/UMA COMPOSIÇÃO POR TRECHO), ESCAVADEIRA (1,2 M3), LARG. DE 1,5 M A 2,5 M, EM SOLO MOLE, EM LOCAIS COM ALTO NÍVEL DE INTERFERÊNCIA. AF_09/2024","M3",11.8]
["Escavação de Valas",102297,"ESCAVAÇÃO MECANIZADA DE VALA COM PROF. MAIOR QUE 4,5 M ATÉ 6,0 M (MÉDIA MONTANTE E JUSANTE/UMA COMPOSIÇÃO POR TRECHO), ESCAVADEIRA (1,2 M3), LARG. DE 1,5 M A 2,5 M, EM SOLO MOLE, LOCAIS COM BAIXO NÍVEL DE INTERFERÊNCIA. AF_09/2024","M3",7.43]
["Escavação de Valas",102280,"ESCAVAÇÃO MECANIZADA DE VALA COM PROF. MAIOR QUE 4,5 M ATÉ 6,0 M (MÉDIA MONTANTE E JUSANTE/UMA COMPOSIÇÃO POR TRECHO),COM ESCAVADEIRA (0,8 M3), LARG. MENOR QUE 1,5 M, EM SOLO DE 1A CATEGORIA, LOCAIS COM BAIXO NÍVEL DE INTERFERÊNCIA. AF_09/2024","M3",5.78]
["Escavação de Valas",102294,"ESCAVAÇÃO MECANIZADA DE VALA COM PROF. MAIOR QUE 4,5 M ATÉ 6,0 M (MÉDIA MONTANTE E JUSANTE/UMA COMPOSIÇÃO POR TRECHO),COM ESCAVADEIRA (0,8 M3), LARG. MENOR QUE 1,5 M, EM SOLO MOLE, LOCAIS COM BAIXO NÍVEL DE INTERFERÊNCIA. AF_09/2024","M3",7.56]
["Escavação de Valas",90090,"ESCAVAÇÃO MECANIZADA DE VALA COM PROF. MAIOR QUE 4,5 M ATÉ 6,0 M(MÉDIA MONTANTE E JUSANTE/UMA COMPOSIÇÃO POR TRECHO), ESCAVADEIRA (1,2 M3), LARG. DE 1,5 M A 2,5 M, EM SOLO DE 1A CATEGORIA, EM LOCAIS COM ALTO NÍVEL DE INTERFERÊNCIA. AF_09/2024","M3",9.02]
["Escavação de Valas",102317,"ESCAVAÇÃO MECANIZADA DE VALA COM PROF.MAIOR QUE 3,0 M ATÉ 4,5 M (MÉDIA MONTANTE E JUSANTE/UMA COMPOSIÇÃO POR TRECHO), ESCAVADEIRA (0,8 M3), LARG. MENOR QUE 1,5 M, EM SOLO DE 2A CATEGORIA, LOCAIS COM BAIXO NÍVEL DE INTERFERÊNCIA. AF_09/2024","M3",7.43]
["Escavação de Valas",102293,"ESCAVAÇÃO MECANIZADA DE VALA COM PROF.MAIOR QUE 3,0 M ATÉ 4,5 M (MÉDIA MONTANTE E JUSANTE/UMA COMPOSIÇÃO POR TRECHO), ESCAVADEIRA (0,8 M3), LARG. MENOR QUE 1,5 M, EM SOLO MOLE, LOCAIS COM BAIXO NÍVEL DE INTERFERÊNCIA. AF_09/2024","M3",7.78]
["Escavação de Valas",102310,"ESCAVAÇÃO MECANIZADA DE VALA COM PROF.MAIOR QUE 4,5 M ATÉ 6,0 M (MÉDIA MONTANTE E JUSANTE/UMA COMPOSIÇÃO POR TRECHO),COM ESCAVADEIRA (0,8 M3), LARG. MENOR QUE 1,5 M, EM SOLO DE 2A CATEGORIA, EM LOCAIS COM ALTO NÍVEL DE INTERFERÊNCIA. AF_09/2024","M3",11.46]
["Escavação de Valas",102318,"ESCAVAÇÃO MECANIZADA DE VALA COM PROF.MAIOR QUE 4,5 M ATÉ 6,0 M (MÉDIA MONTANTE E JUSANTE/UMA COMPOSIÇÃO POR TRECHO),COM ESCAVADEIRA (0,8 M3), LARG. MENOR QUE 1,5 M, EM SOLO DE 2A CATEGORIA, EM LOCAIS COM BAIXO NÍVEL DE INTERFERÊNCIA. AF_09/2024","M3",7.22]
["Escavação de Valas",90106,"ESCAVAÇÃO MECANIZADA DE VALA COM PROFUNDIDADE ATÉ 1,5 M (MÉDIA MONTANTE E JUSANTE/UMA COMPOSIÇÃO POR TRECHO), RETROESCAV. (0,26 M3), LARGURA DE 0,8 M A 1,5 M, EM SOLO DE 1A CATEGORIA, LOCAIS COM BAIXO NÍVEL DE INTERFERÊNCIA. AF_09/2024","M3",9.36]
["Escavação de Valas",90105,"ESCAVAÇÃO MECANIZADA DE VALA COM PROFUNDIDADE ATÉ 1,5 M (MÉDIA MONTANTE E JUSANTE/UMA COMPOSIÇÃO POR TRECHO), RETROESCAV. (0,26 M3), LARGURA MENOR QUE 0,8 M, EM SOLO DE 1A CATEGORIA, LOCAIS COM BAIXO NÍVEL DE INTERFERÊNCIA. AF_09/2024","M3",10.27]
["Escavação de Valas",90108,"ESCAVAÇÃO MECANIZADA DE VALA COM PROFUNDIDADE MAIOR QUE 1,5 M ATÉ 3,0 M (MÉDIA MONTANTE E JUSANTE/UMA COMPOSIÇÃO POR TRECHO), RETROESCAV (0,26 M3), LARGURA DE 0,8 M A 1,5 M, EM SOLO DE 1A CATEGORIA, LOCAIS COM BAIXO NÍVEL DE INTERFERÊNCIA. AF_09/2024","M3",8.4600000000000009]
["Escavação de Valas",90107,"ESCAVAÇÃO MECANIZADA DE VALA COM PROFUNDIDADE MAIOR QUE 1,5 M ATÉ 3,0 M (MÉDIA MONTANTE E JUSANTE/UMA COMPOSIÇÃO POR TRECHO), RETROESCAV. (0,26 M3), LARGURA MENOR QUE 0,8 M, EM SOLO DE 1A CATEGORIA, LOCAIS COM BAIXO NÍVEL DE INTERFERÊNCIA. AF_09/2024","M3",9.25]
["Escavação em Material de 3ª Categoria",102354,"DESMONTE DE MATERIAL DE 3ª CATEGORIA (BLOCOS DE ROCHAS OU MATACOS), COM MARTELETE PNEUMÁTICO MANUAL - EXCLUSIVE CARGA E TRANSPORTE. AF_03/2021","M3",188.61]
["Escavação em Material de 3ª Categoria",102355,"DESMONTE DE MATERIAL DE 3ª CATEGORIA (BLOCOS DE ROCHAS OU MATACOS), EM VALA, COM MARTELETE PNEUMÁTICO MANUAL - EXCLUSIVE RETIRADA, CARGA E TRANSPORTE. AF_03/2021","M3",227]
["Escavação em Material de 3ª Categoria",102356,"DESMONTE DE MATERIAL DE 3ª CATEGORIA, COM USO DE ARGAMASSA EXPANSIVA - EXCLUSIVE CARGA E TRANSPORTE. AF_03/2021","M3",0]
["Escavação em Material de 3ª Categoria",102357,"DESMONTE DE MATERIAL DE 3ª CATEGORIA, COM USO DE ARGAMASSA EXPANSIVA, EM VALA - EXCLUSIVE RETIRADA, CARGA E TRANSPORTE. AF_03/2021","M3",0]
["Escavação em Material de 3ª Categoria",102358,"DESMONTE DE MATERIAL DE 3ª CATEGORIA, COM USO DE EMULSÃO EXPLOSIVA ENCARTUCHADA - EXCLUSIVE CARGA E TRANSPORTE. AF_03/2021","M3",0]
["Escavação em Material de 3ª Categoria",102359,"DESMONTE DE MATERIAL DE 3ª CATEGORIA, EM VALA, COM USO DE EMULSÃO EXPLOSIVA ENCARTUCHADA - EXCLUSIVE RETIRADA, CARGA E TRANSPORTE. AF_03/2021","M3",0]
["Escavação em Material de 3ª Categoria",102348,"ESCAVAÇÃO DE VALA EM MATERIAL DE 3ª CATEGORIA, RESISTÊNCIA À COMPRESSÃO MAIOR OU IGUAL A 50 MPA, COM ROMPEDOR ACOPLADO EM ESCAVADEIRA HIDRÁULICA - EXCLUSIVE RETIRADA, CARGA E TRANSPORTE. AF_03/2021","M3",0]
["Escavação em Material de 3ª Categoria",102346,"ESCAVAÇÃO DE VALA EM MATERIAL DE 3ª CATEGORIA, RESISTÊNCIA À COMPRESSÃO MENOR QUE 50 MPA, COM ROMPEDOR ACOPLADO EM ESCAVADEIRA HIDRÁULICA - EXCLUSIVE RETIRADA, CARGA E TRANSPORTE. AF_03/2021","M3",0]
["Escavação em Material de 3ª Categoria",102347,"ESCAVAÇÃO DE VALA EM MATERIAL DE 3ª CATEGORIA, RESISTÊNCIA À COMPRESSÃO MENOR QUE 50 MPA, COM ROMPEDOR ACOPLADO EM RETROESCAVADEIRA - EXCLUSIVE RETIRADA CARGA E TRANSPORTE. AF_03/2021","M3",0]
["Escavação em Material de 3ª Categoria",102350,"ESCAVAÇÃO EM MATERIAL DE 3ª CATEGORIA, RESISTÊNCIA À COMPRESSÃO MAIOR OU IGUAL A 50 MPA E MENOR QUE 70 MPA, COM ROMPEDOR ACOPLADO EM ESCAVADEIRA HIDRÁULICA - EXCLUSIVE CARGA E TRANSPORTE. AF_03/2021","M3",0]
["Escavação em Material de 3ª Categoria",102351,"ESCAVAÇÃO EM MATERIAL DE 3ª CATEGORIA, RESISTÊNCIA À COMPRESSÃO MAIOR OU IGUAL A 70 MPA E MENOR QUE 90 MPA, COM ROMPEDOR ACOPLADO EM ESCAVADEIRA HIDRÁULICA - EXCLUSIVE CARGA E TRANSPORTE. AF_03/2021","M3",0]
["Escavação em Material de 3ª Categoria",102352,"ESCAVAÇÃO EM MATERIAL DE 3ª CATEGORIA, RESISTÊNCIA À COMPRESSÃO MAIOR OU IGUAL A 90 MPA E MENOR QUE 110 MPA, COM ROMPEDOR ACOPLADO EM ESCAVADEIRA HIDRÁULICA - EXCLUSIVE CARGA E TRANSPORTE. AF_03/2021","M3",0]
["Escavação em Material de 3ª Categoria",102353,"ESCAVAÇÃO EM MATERIAL DE 3ª CATEGORIA, RESISTÊNCIA À COMPRESSÃO MAIOR QUE 110 MPA, COM ROMPEDOR ACOPLADO EM ESCAVADEIRA HIDRÁULICA - EXCLUSIVE CARGA E TRANSPORTE. AF_03/2021","M3",0]
["Escavação em Material de 3ª Categoria",102349,"ESCAVAÇÃO EM MATERIAL DE 3ª CATEGORIA, RESISTÊNCIA À COMPRESSÃO MENOR QUE 50 MPA, COM ROMPEDOR ACOPLADO EM ESCAVADEIRA HIDRÁULICA - EXCLUSIVE CARGA E TRANSPORTE. AF_03/2021","M3",0]
["Escavação em Material de 3ª Categoria",102360,"RETIRADA DE MATERIAL DE 3ª CATEGORIA (APÓS ESCAVAÇÃO/DESMONTE) EM VALAS, COM ESCAVADEIRA HIDRÁULICA - EXCLUSIVE CARGA E TRANSPORTE. AF_03/2021","M3",27.66]
["Escavação em Material de 3ª Categoria",102361,"RETIRADA DE MATERIAL DE 3ª CATEGORIA (APÓS ESCAVAÇÃO/DESMONTE) EM VALAS, COM RETROESCAVADEIRA - EXCLUSIVE CARGA E TRANSPORTE. AF_03/2021","M3",44.88]
["Escoramento e Preparo de Fundo de Valas",101595,"ESCORAMENTO DE VALA, TIPO BLINDADEM, COM PROFUNDIDADE DE 0 A 1,5 M, LARGURA MAIOR OU IGUAL A 1,5 M E MENOR QUE 2,5 M - EXECUÇÃO E FORNECIMENTO, INCLUI MATERIAL. AF_08/2020","M2",0]
["Escoramento e Preparo de Fundo de Valas",101601,"ESCORAMENTO DE VALA, TIPO BLINDAGEM COM PROFUNDIDADE DE 0 A 1,5 M, LARGURA MAIOR OU IGUAL A 1,5 M E MENOR QUE 2,5 M - EXECUÇÃO, NÃO INCLUI MATERIAL. AF_08/2020","M2",28.51]
["Escoramento e Preparo de Fundo de Valas",101594,"ESCORAMENTO DE VALA, TIPO BLINDAGEM, COM PROFUNDIDADE DE 0 A 1,5 M, LARGURA MENOR QUE 1,5 M - EXECUÇÃO E FORNECIMENTO, INCLUI MATERIAL. AF_08/2020","M2",0]
["Escoramento e Preparo de Fundo de Valas",101600,"ESCORAMENTO DE VALA, TIPO BLINDAGEM, COM PROFUNDIDADE DE 0 A 1,5 M, LARGURA MENOR QUE 1,5 M - EXECUÇÃO, NÃO INCLUI MATERIAL. AF_08/2020","M2",19.260000000000002]
["Escoramento e Preparo de Fundo de Valas",101597,"ESCORAMENTO DE VALA, TIPO BLINDAGEM, COM PROFUNDIDADE DE 1,5 A 3,0 M, LARGURA MAIOR OU IGUAL A 1,5 M E MENOR QUE 2,5 M - EXECUÇÃO E FORNECIMENTO, INCLUI MATERIAL. AF_08/2020","M2",0]
["Escoramento e Preparo de Fundo de Valas",101603,"ESCORAMENTO DE VALA, TIPO BLINDAGEM, COM PROFUNDIDADE DE 1,5 A 3,0 M, LARGURA MAIOR OU IGUAL A 1,5 M E MENOR QUE 2,5 M - EXECUÇÃO, NÃO INCLUI MATERIAL. AF_08/2020","M2",23.53]
["Escoramento e Preparo de Fundo de Valas",101596,"ESCORAMENTO DE VALA, TIPO BLINDAGEM, COM PROFUNDIDADE DE 1,5 A 3,0 M, LARGURA MENOR QUE 1,5 M - EXECUÇÃO E FORNECIMENTO, INCLUI MATERIAL. AF_08/2020","M2",0]
["Escoramento e Preparo de Fundo de Valas",101602,"ESCORAMENTO DE VALA, TIPO BLINDAGEM, COM PROFUNDIDADE DE 1,5 A 3,0 M, LARGURA MENOR QUE 1,5 M - EXECUÇÃO, NÃO INCLUI MATERIAL. AF_08/2020","M2",14.28]
["Escoramento e Preparo de Fundo de Valas",101599,"ESCORAMENTO DE VALA, TIPO BLINDAGEM, COM PROFUNDIDADE DE 3,0 A 4,5 M, LARGURA MAIOR OU IGUAL A 1,5 M E MENOR QUE 2,5 M - EXECUÇÃO E FORNECIMENTO, INCLUI MATERIAL. AF_08/2020","M2",0]
["Escoramento e Preparo de Fundo de Valas",101605,"ESCORAMENTO DE VALA, TIPO BLINDAGEM, COM PROFUNDIDADE DE 3,0 A 4,5 M, LARGURA MAIOR OU IGUAL A 1,5 M E MENOR QUE 2,5 M - EXECUÇÃO, NÃO INCLUI MATERIAL. AF_08/2020","M2",18.579999999999998]
["Escoramento e Preparo de Fundo de Valas",101598,"ESCORAMENTO DE VALA, TIPO BLINDAGEM, COM PROFUNDIDADE DE 3,0 A 4,5 M, LARGURA MENOR QUE 1,5 M - EXECUÇÃO E FORNECIMENTO, INCLUI MATERIAL. AF_08/2020","M2",0]
["Escoramento e Preparo de Fundo de Valas",101604,"ESCORAMENTO DE VALA, TIPO BLINDAGEM, COM PROFUNDIDADE DE 3,0 A 4,5 M, LARGURA MENOR QUE 1,5 M - EXECUÇÃO, NÃO INCLUI MATERIAL. AF_08/2020","M2",9.34]
["Escoramento e Preparo de Fundo de Valas",101588,"ESCORAMENTO DE VALA, TIPO CONTÍNUO COM PERFIL METÁLICO \"U\", COM PROFUNDIDADE DE 0 A 1,5 M, LARGURA MENOR QUE 1,5 M. AF_08/2020","M2",102.13]
["Escoramento e Preparo de Fundo de Valas",101591,"ESCORAMENTO DE VALA, TIPO CONTÍNUO COM PERFIL METÁLICO \"U\", COM PROFUNDIDADE DE 1,5 A 3,0 M, LARGURA MAIOR OU IGUAL 1,5 M E MENOR QUE 2,5 M. AF_08/2020","M2",124.27]
["Escoramento e Preparo de Fundo de Valas",101590,"ESCORAMENTO DE VALA, TIPO CONTÍNUO COM PERFIL METÁLICO \"U\", COM PROFUNDIDADE DE 1,5 A 3,0 M, LARGURA MENOR QUE 1,5 M. AF_08/2020","M2",77.180000000000007]
["Escoramento e Preparo de Fundo de Valas",101593,"ESCORAMENTO DE VALA, TIPO CONTÍNUO COM PERFIL METÁLICO \"U\", COM PROFUNDIDADE DE 3,0 A 4,5 M, LARGURA MAIOR OU IGUAL A 1,5 M E MENOR QUE 2,5 M. AF_08/2020","M2",101.17]
["Escoramento e Preparo de Fundo de Valas",101592,"ESCORAMENTO DE VALA, TIPO CONTÍNUO COM PERFIL METÁLICO \"U\", COM PROFUNDIDADE DE 3,0 A 4,5 M, LARGURA MENOR QUE 1,5 M. AF_08/2020","M2",53.88]
["Escoramento e Preparo de Fundo de Valas",101583,"ESCORAMENTO DE VALA, TIPO CONTÍNUO, COM PROFUNDIDADE DE 0 A 1,5 M, LARGURA MAIOR OU IGUAL A 1,5 M E MENOR QUE 2,5 M. AF_08/2020","M2",94.71]
["Escoramento e Preparo de Fundo de Valas",101582,"ESCORAMENTO DE VALA, TIPO CONTÍNUO, COM PROFUNDIDADE DE 0 A 1,5 M, LARGURA MENOR QUE 1,5 M. AF_08/2020","M2",74.36]
["Escoramento e Preparo de Fundo de Valas",101585,"ESCORAMENTO DE VALA, TIPO CONTÍNUO, COM PROFUNDIDADE DE 1,5 A 3,0 M, LARGURA MAIOR OU IGUAL A 1,5 M E MENOR QUE 2,5 M. AF_08/2020","M2",80.78]
["Escoramento e Preparo de Fundo de Valas",101584,"ESCORAMENTO DE VALA, TIPO CONTÍNUO, COM PROFUNDIDADE DE 1,5 M A 3,0 M, LARGURA MENOR QUE 1,5 M. AF_08/2020","M2",60.45]
["Escoramento e Preparo de Fundo de Valas",101587,"ESCORAMENTO DE VALA, TIPO CONTÍNUO, COM PROFUNDIDADE DE 3,0 A 4,5 M, LARGURA MAIOR OU IGUAL A 1,5 E MENOR QUE 2,5 M. AF_08/2020","M2",71.52]
["Escoramento e Preparo de Fundo de Valas",101586,"ESCORAMENTO DE VALA, TIPO CONTÍNUO, COM PROFUNDIDADE DE 3,0 A 4,5 M, LARGURA MENOR QUE 1,5 M. AF_08/2020","M2",50.95]
["Escoramento e Preparo de Fundo de Valas",101577,"ESCORAMENTO DE VALA, TIPO DESCONTÍNUO, COM PROFUNDIDADE DE 0 A 1,5 M, LARGURA MAIOR OU IGUAL A 1,5 M E MENOR QUE 2,5 M. AF_08/2020","M2",58.64]
["Escoramento e Preparo de Fundo de Valas",101576,"ESCORAMENTO DE VALA, TIPO DESCONTÍNUO, COM PROFUNDIDADE DE 0 A 1,5 M, LARGURA MENOR QUE 1,5 M. AF_08/2020","M2",45.55]
["Escoramento e Preparo de Fundo de Valas",101579,"ESCORAMENTO DE VALA, TIPO DESCONTÍNUO, COM PROFUNDIDADE DE 1,5 A 3,0 M, LARGURA MAIOR OU IGUAL A 1,5 M E MENOR QUE 2,5 M. AF_08/2020","M2",50.29]
["Escoramento e Preparo de Fundo de Valas",101578,"ESCORAMENTO DE VALA, TIPO DESCONTÍNUO, COM PROFUNDIDADE DE 1,5 M A 3,0 M, LARGURA MENOR QUE 1,5 M. AF_08/2020","M2",37.21]
["Escoramento e Preparo de Fundo de Valas",101581,"ESCORAMENTO DE VALA, TIPO DESCONTÍNUO, COM PROFUNDIDADE DE 3,0 A 4,5 M, LARGURA MAIOR OU IGUAL A 1,5 E MENOR QUE 2,5 M. AF_08/2020","M2",45.38]
["Escoramento e Preparo de Fundo de Valas",101580,"ESCORAMENTO DE VALA, TIPO DESCONTÍNUO, COM PROFUNDIDADE DE 3,0 A 4,5 M, LARGURA MENOR QUE 1,5 M. AF_08/2020","M2",32.07]
["Escoramento e Preparo de Fundo de Valas",101606,"ESCORAMENTO DE VALA, TIPO ESTACA PRANCHA METÁLICA CRAVADA, COM PROFUNDIDADE DE 0 A 1,5 M. AF_08/2020","M2",0]
["Escoramento e Preparo de Fundo de Valas",101607,"ESCORAMENTO DE VALA, TIPO ESTACA PRANCHA METÁLICA CRAVADA, COM PROFUNDIDADE DE 1,5 A 3 M. AF_08/2020","M2",0]
["Escoramento e Preparo de Fundo de Valas",101608,"ESCORAMENTO DE VALA, TIPO ESTACA PRANCHA METÁLICA CRAVADA, COM PROFUNDIDADE DE 3 A 4,5 M. AF_08/2020","M2",0]
["Escoramento e Preparo de Fundo de Valas",101571,"ESCORAMENTO DE VALA, TIPO PONTALETEAMENTO, COM PROFUNDIDADE DE 0 A 1,5 M, LARGURA MAIOR OU IGUAL A 1,5 M E MENOR QUE 2,5 M. AF_08/2020","M2",36.97]
["Escoramento e Preparo de Fundo de Valas",101570,"ESCORAMENTO DE VALA, TIPO PONTALETEAMENTO, COM PROFUNDIDADE DE 0 A 1,5 M, LARGURA MENOR QUE 1,5 M. AF_08/2020","M2",26.74]
["Escoramento e Preparo de Fundo de Valas",101573,"ESCORAMENTO DE VALA, TIPO PONTALETEAMENTO, COM PROFUNDIDADE DE 1,5 A 3,0 M, LARGURA MAIOR OU IGUAL A 1,5 M E MENOR QUE 2,5 M. AF_08/2020","M2",31.09]
["Escoramento e Preparo de Fundo de Valas",101572,"ESCORAMENTO DE VALA, TIPO PONTALETEAMENTO, COM PROFUNDIDADE DE 1,5 A 3,0 M, LARGURA MENOR QUE 1,5 M. AF_08/2020","M2",20.85]
["Escoramento e Preparo de Fundo de Valas",101575,"ESCORAMENTO DE VALA, TIPO PONTALETEAMENTO, COM PROFUNDIDADE DE 3,0 A 4,5 M, LARGURA MAIOR OU IGUAL A 1,5 M E MENOR QUE 2,5 M. AF_08/2020","M2",26.19]
["Escoramento e Preparo de Fundo de Valas",101574,"ESCORAMENTO DE VALA, TIPO PONTALETEAMENTO, COM PROFUNDIDADE DE 3,0 A 4,5 M, LARGURA MENOR QUE 1,5 M. AF_08/2020","M2",15.73]
["Escoramento e Preparo de Fundo de Valas",101589,"ESCORAMENTO DE VALA,TIPO CONTÍNUO COM PERFIL METÁLICO \"U\", COM PROFUNDIDADE DE 0 A 1,5 M, LARGURA MAIOR OU IGUAL A 1,5 E MENOR QUE 2,5 M. AF_08/2020","M2",149.21]
["Escoramento e Preparo de Fundo de Valas",101610,"FABRICAÇÃO DE CONJUNTO DE MÓDULO METÁLICO, COMPRIMENTO DE 3,0 M E ALTURA DE 1,8 M (ESTRONCAS DE 1,00 M). AF_08/2020","UN",0]
["Escoramento e Preparo de Fundo de Valas",101613,"FABRICAÇÃO DE CONJUNTO DE MÓDULO METÁLICO, COMPRIMENTO DE 3,0 M E ALTURA DE 1,8 M (ESTRONCAS DE 2,00 M). AF_08/2020","UN",0]
["Escoramento e Preparo de Fundo de Valas",101611,"FABRICAÇÃO DE CONJUNTO DE MÓDULO METÁLICO, COMPRIMENTO DE 3,0 M E ALTURA DE 2,4 M (ESTRONCAS DE 1,00 M). AF_08/2020","UN",0]
["Escoramento e Preparo de Fundo de Valas",101614,"FABRICAÇÃO DE CONJUNTO DE MÓDULO METÁLICO, COMPRIMENTO DE 3,0 M E ALTURA DE 2,4 M (ESTRONCAS DE 2,00 M). AF_08/2020","UN",0]
["Escoramento e Preparo de Fundo de Valas",101612,"FABRICAÇÃO DE CONJUNTO DE MÓDULO METÁLICO, COMPRIMENTO DE 3,6 M E ALTURA DE 3,0 M (ESTRONCAS DE 1,00 M). AF_08/2020","UN",0]
["Escoramento e Preparo de Fundo de Valas",101615,"FABRICAÇÃO DE CONJUNTO DE MÓDULO METÁLICO, COMPRIMENTO DE 3,6 M E ALTURA DE 3,0 M (ESTRONCAS DE 2,00 M). AF_08/2020","UN",0]
["Escoramento e Preparo de Fundo de Valas",101617,"PREPARO DE FUNDO DE VALA COM LARGURA MAIOR OU IGUAL A 1,5 M E MENOR QUE 2,5 M (ACERTO DO SOLO NATURAL). AF_08/2020","M2",3.67]
["Escoramento e Preparo de Fundo de Valas",101620,"PREPARO DE FUNDO DE VALA COM LARGURA MAIOR OU IGUAL A 1,5 M E MENOR QUE 2,5 M, COM CAMADA DE AREIA, LANÇAMENTO MANUAL. AF_08/2020","M3",271.47000000000003]
["Escoramento e Preparo de Fundo de Valas",101625,"PREPARO DE FUNDO DE VALA COM LARGURA MAIOR OU IGUAL A 1,5 M E MENOR QUE 2,5 M, COM CAMADA DE AREIA, LANÇAMENTO MECANIZADO. AF_08/2020","M3",222.34]
["Escoramento e Preparo de Fundo de Valas",101621,"PREPARO DE FUNDO DE VALA COM LARGURA MAIOR OU IGUAL A 1,5 M E MENOR QUE 2,5 M, COM CAMADA DE BRITA, LANÇAMENTO MANUAL. AF_08/2020","M3",298.05]
["Escoramento e Preparo de Fundo de Valas",101624,"PREPARO DE FUNDO DE VALA COM LARGURA MAIOR OU IGUAL A 1,5 M E MENOR QUE 2,5 M, COM CAMADA DE BRITA, LANÇAMENTO MECANIZADO. AF_08/2020","M3",234.75]
["Escoramento e Preparo de Fundo de Valas",101616,"PREPARO DE FUNDO DE VALA COM LARGURA MENOR QUE 1,5 M (ACERTO DO SOLO NATURAL). AF_08/2020","M2",7.45]
["Escoramento e Preparo de Fundo de Valas",101618,"PREPARO DE FUNDO DE VALA COM LARGURA MENOR QUE 1,5 M, COM CAMADA DE AREIA, LANÇAMENTO MANUAL. AF_08/2020","M3",301.86]
["Escoramento e Preparo de Fundo de Valas",101622,"PREPARO DE FUNDO DE VALA COM LARGURA MENOR QUE 1,5 M, COM CAMADA DE AREIA, LANÇAMENTO MECANIZADO. AF_08/2020","M3",270.52]
["Escoramento e Preparo de Fundo de Valas",101619,"PREPARO DE FUNDO DE VALA COM LARGURA MENOR QUE 1,5 M, COM CAMADA DE BRITA, LANÇAMENTO MANUAL. AF_08/2020","M3",328.45]
["Escoramento e Preparo de Fundo de Valas",101623,"PREPARO DE FUNDO DE VALA COM LARGURA MENOR QUE 1,5 M, COM CAMADA DE BRITA, LANÇAMENTO MECANIZADO. AF_08/2020","M3",289.83]
["Esgotamento de Vala e Rebaixamento do Lençol Freático",104482,"ESGOTAMENTO DE VALA COM BOMBA SUBMERSÍVEL. AF_12/2022","H",34.93]
["Esgotamento de Vala e Rebaixamento do Lençol Freático",104189,"INSTALAÇÃO DE MATERIAL GRANULAR FILTRANTE PARA SISTEMA DE REBAIXAMENTO DE LENÇOL FREÁTICO POR POÇOS PROFUNDOSA, DIÂMETRO DO POÇO DE 400 MM. AF_12/2022","M3",200.99]
["Esgotamento de Vala e Rebaixamento do Lençol Freático",104465,"INSTALAÇÃO DE SISTEMA DE REBAIXAMENTO DE LENÇOL FREÁTICO POR POÇOS PROFUNDOS, DIÂMETRO DO POÇO DE 400 MM (EXCLUI O FORNECIMENTO E FUNCIONAMENTO DE BOMBAS). AF_12/2022","M",0]
["Esgotamento de Vala e Rebaixamento do Lençol Freático",104188,"INSTALAÇÃO DE TUBULAÇÃO (GEOMECÂNICA E DE SUCÇÃO) PARA SISTEMA DE REBAIXAMENTO DE LENÇOL FREÁTICO POR POÇOS PROFUNDOS COM BOMBA SUBMERSA, DIÂMETRO DO POÇO DE 400 MM. AF_12/2022","M",0]
["Esgotamento de Vala e Rebaixamento do Lençol Freático",104185,"INSTALAÇÃO E DESINSTALAÇÃO DE CONJUNTO DE BOMBAS, À VÁCUO E CENTRÍFUGA, PARA SISTEMA DE REBAIXAMENTO DE LENÇOL FREÁTICO POR PONTEIRAS FILTRANTES (EXCLUI O FORNECIMENTO DE BOMBAS). AF_12/2022","UN",29.3]
["Esgotamento de Vala e Rebaixamento do Lençol Freático",104182,"INSTALAÇÃO E DESINSTALAÇÃO DE MANGOTES PARA SISTEMA DE REBAIXAMENTO DE LENÇOL FREÁTICO POR PONTEIRAS FILTRANTES. AF_12/2022","M",0]
["Esgotamento de Vala e Rebaixamento do Lençol Freático",104184,"INSTALAÇÃO E DESINSTALAÇÃO DE REGISTRO DE PVC PARA SISTEMA DE REBAIXAMENTO DE LENÇOL FREÁTICO POR PONTEIRAS FILTRANTES. AF_12/2022","UN",37.06]
["Esgotamento de Vala e Rebaixamento do Lençol Freático",104190,"INSTALAÇÃO E DESINSTALAÇÃO DE SISTEMA DE BOMBA PARA SISTEMA DE REBAIXAMENTO DE LENÇOL FREÁTICO POR POÇOS PROFUNDOS (EXCLUI O FORNECIMENTO DE BOMBA). AF_12/2022","UN",760.23]
["Esgotamento de Vala e Rebaixamento do Lençol Freático",104463,"INSTALAÇÃO E DESINSTALAÇÃO DE SISTEMA DE REBAIXAMENTO DE LENÇOL FREÁTICO POR PONTEIRAS FILTRANTES PARA OBRAS ESTACIONÁRIAS (EXCLUI O FORNECIMENTO E FUNCIONAMENTO DE BOMBAS). AF_12/2022","UN",0]
["Esgotamento de Vala e Rebaixamento do Lençol Freático",104464,"INSTALAÇÃO E DESINSTALAÇÃO DE SISTEMA DE REBAIXAMENTO DE LENÇOL FREÁTICO POR PONTEIRAS FILTRANTES PARA OBRAS ITINERANTES (EXCLUI O FORNECIMENTO E FUNCIONAMENTO DE BOMBAS). AF_12/2022","UN",0]
["Esgotamento de Vala e Rebaixamento do Lençol Freático",104183,"INSTALAÇÃO E DESINSTALAÇÃO DE TUBO COLETOR DE PVC, DIÂMETRO DE 100 MM, PARA SISTEMA DE REBAIXAMENTO DE LENÇOL FREÁTICO POR PONTEIRAS FILTRANTES. AF_12/2022","M",201.73]
["Esgotamento de Vala e Rebaixamento do Lençol Freático",104187,"INSTALAÇÃO E RETIRADA DE REVESTIMENTO METÁLICO PARA PERFURAÇÃO DE SOLO PARA SISTEMA DE REBAIXAMENTO DE LENÇOL FREÁTICO POR PORÇOS PROFUNDOS, DIÂMETRO DO POÇO DE 400 MM. AF_12/2022","M",1600.94]
["Esgotamento de Vala e Rebaixamento do Lençol Freático",104186,"PERFURAÇÃO DE SOLO PARA SISTEMA DE REBAIXAMENTO DE LENÇOL FREÁTICO POR POÇOS PROFUNDOS, DIÂMETRO DO POÇO DE 400 MM. AF_12/2022","M",289.97000000000003]
["Esgotamento de Vala e Rebaixamento do Lençol Freático",104180,"PERFURAÇÃO DE SOLO, INSTALAÇÃO E DESINSTALAÇÃO DE PONTEIRAS PARA SISTEMA DE REBAIXAMENTO DE LENÇOL FREÁTICO POR PONTEIRAS FILTRANTES EM OBRAS ESTACIONÁRIAS. AF_12/2022","M",0]
["Esgotamento de Vala e Rebaixamento do Lençol Freático",104181,"PERFURAÇÃO DE SOLO, INSTALAÇÃO E DESINSTALAÇÃO DE PONTEIRAS PARA SISTEMA DE REBAIXAMENTO DE LENÇOL FREÁTICO POR PONTEIRAS FILTRANTES EM OBRAS ITINERANTES. AF_12/2022","M",0]
["Esquadrias - Janelas",100674,"CAIXILHO FIXO DE ALUMÍNIO PARA VIDRO (VIDRO INCLUSO), BATENTE/ REQUADRO DE 4 A 14 CM, SEM GUARNIÇÃO/ ALIZAR, FIXAÇÃO COM PARAFUSOS, VEDAÇÃO COM SILICONE, EXCLUSIVE CONTRAMARCO - FORNECIMENTO E INSTALAÇÃO. AF_11/2024","M2",464.65]
["Esquadrias - Janelas",100664,"CAIXILHO FIXO DE PVC BRANCO PARA VIDRO (VIDRO INCLUSO), BATENTE/ REQUADRO DE 4 A 14 CM, SEM GUARNIÇÃO/ ALIZAR, COM FERRAGENS, FIXAÇÃO COM PARAFUSOS, VEDAÇÃO COM SILICONE, EXCLUSIVE CONTRAMARCO - FORNECIMENTO E INSTALAÇÃO. AF_11/2024","M2",0]
["Esquadrias - Janelas",94589,"CONTRAMARCO DE ALUMÍNIO, FIXAÇÃO COM ARGAMASSA - FORNECIMENTO E INSTALAÇÃO. AF_11/2024","M",19.38]
["Esquadrias - Janelas",94590,"CONTRAMARCO DE ALUMÍNIO, FIXAÇÃO COM PARAFUSO - FORNECIMENTO E INSTALAÇÃO. AF_11/2024","M",26.72]
["Esquadrias - Janelas",94587,"CONTRAMARCO DE AÇO, FIXAÇÃO COM ARGAMASSA - FORNECIMENTO E INSTALAÇÃO. AF_11/2024","M",68.069999999999993]
["Esquadrias - Janelas",94588,"CONTRAMARCO DE AÇO, FIXAÇÃO COM PARAFUSO - FORNECIMENTO E INSTALAÇÃO. AF_11/2024","M",80.42]
["Esquadrias - Janelas",105812,"GUARNIÇÃO DE ALUMÍNIO. AF_11/2024","M",19.059999999999999]
["Esquadrias - Janelas",94571,"JANELA DE ALUMÍNIO DE CORRER COM 2 FOLHAS PARA VIDROS (VIDROS INCLUSOS) E PERSIANA INTEGRADA, BATENTE/ REQUADRO 6 A 14 CM, ACABAMENTO COM ACETATO OU BRILHANTE, FIXAÇÃO COM PARAFUSO, SEM GUARNIÇÃO/ ALIZAR, DIMENSÕES 120X120 CM, VEDAÇÃO COM SILICONE, EXCLUSIVE CONTRAMARCO - FORNECIMENTO E INSTALAÇÃO. AF_11/2024","M2",0]
["Esquadrias - Janelas",94570,"JANELA DE ALUMÍNIO DE CORRER COM 2 FOLHAS PARA VIDROS (VIDROS INCLUSOS), BATENTE/ REQUADRO 6 A 14 CM, ACABAMENTO COM ACETATO OU BRILHANTE, FIXAÇÃO COM PARAFUSO, SEM GUARNIÇÃO/ ALIZAR, DIMENSÕES 100X120 CM, VEDAÇÃO COM SILICONE, EXCLUSIVE CONTRAMARCO - FORNECIMENTO E INSTALAÇÃO. AF_11/2024","M2",214.32]
["Esquadrias - Janelas",105811,"JANELA DE ALUMÍNIO DE CORRER COM 2 FOLHAS PARA VIDROS (VIDROS INCLUSOS), COM BANDEIRA, BATENTE/ REQUADRO 6 A 14 CM, ACABAMENTO COM ACETATO OU BRILHANTE, FIXAÇÃO COM PARAFUSO, SEM GUARNIÇÃO/ ALIZAR, DIMENSÕES 100X120 CM, VEDAÇÃO COM SILICONE, EXCLUSIVE CONTRAMARCO - FORNECIMENTO E INSTALAÇÃO. AF_11/2024","M2",0]
["Esquadrias - Janelas",94572,"JANELA DE ALUMÍNIO DE CORRER COM 3 FOLHAS (2 VENEZIANAS E 1 FOLHA PARA VIDRO,VIDRO INCLUSO), BATENTE/ REQUADRO 6 A 14 CM, SEM ACABAMENTO, FIXAÇÃO COM PARAFUSO, SEM GUARNIÇÃO/ ALIZAR, DIMENSÕES 100X120 CM, VEDAÇÃO COM SILICONE, EXCLUSIVE CONTRAMARCO - FORNECIMENTO E INSTALAÇÃO. AF_11/2024","M2",303.99]
["Esquadrias - Janelas",94573,"JANELA DE ALUMÍNIO DE CORRER COM 4 FOLHAS PARA VIDROS (VIDROS INCLUSOS), COM BANDEIRA, BATENTE/ REQUADRO 6 A 14 CM, ACABAMENTO COM ACETATO OU BRILHANTE, FIXAÇÃO COM PARAFUSO, SEM GUARNIÇÃO/ ALIZAR, DIMENSÕES 150X120 CM, VEDAÇÃO COM SILICONE, EXCLUSIVE CONTRAMARCO - FORNECIMENTO E INSTALAÇÃO. AF_11/2024","M2",236.29]
["Esquadrias - Janelas",105809,"JANELA DE ALUMÍNIO DE CORRER COM 4 FOLHAS PARA VIDROS (VIDROS INCLUSOS), SEM BANDEIRA, BATENTE/ REQUADRO 6 A 14 CM, ACABAMENTO COM ACETATO OU BRILHANTE, FIXAÇÃO COM PARAFUSO, SEM GUARNIÇÃO/ ALIZAR, DIMENSÕES 150X120 CM, VEDAÇÃO COM SILICONE, EXCLUSIVE CONTRAMARCO - FORNECIMENTO E INSTALAÇÃO. AF_11/2024","M2",0]
["Esquadrias - Janelas",94569,"JANELA DE ALUMÍNIO TIPO MAXIM-AR, BATENTE/ REQUADRO 3 A 14 CM, VIDRO INCLUSO, FIXAÇÃO COM PARAFUSO, SEM GUARNIÇÃO/ ALIZAR, DIMENSÕES 60X80 (A X L) CM, SEM ACABAMENTO, VEDAÇÃO COM SILICONE, EXCLUSIVE CONTRAMARCO - FORNECIMENTO E INSTALAÇÃO. AF_11/2024","M2",414.65]
["Esquadrias - Janelas",105810,"JANELA DE ALUMÍNIO TIPO MAXIM-AR, VIDRO INCLUSO, COM BANDEIRA, FIXAÇÃO COM PARAFUSO, SEM GUARNIÇÃO/ ALIZAR, DIMENSÕES 100X80 (A X L) CM, SEM ACABAMENTO, VEDAÇÃO COM SILICONE, EXCLUSIVE CONTRAMARCO - FORNECIMENTO E INSTALAÇÃO. AF_11/2024","M2",0]
["Esquadrias - Janelas",94561,"JANELA DE AÇO DE CORRER COM 3 FOLHAS (2 VENEZIANAS E 1 PARA VIDRO - VIDRO INCLUSO), BATENTE/ REQUADRO INCLUSO (6 A 14 CM), FIXAÇÃO COM ARGAMASSA, COM PINTURA ANTICORROSIVA E PINTURA DE ACABAMENTO, COM FERRAGENS, FIXAÇÃO COM ARGAMASSA, EXCLUSIVE CONTRAMARCO - FORNECIMENTO E INSTALAÇÃO. AF_11/2024","M2",0]
["Esquadrias - Janelas",94562,"JANELA DE AÇO DE CORRER COM 4 FOLHAS PARA VIDRO (VIDROS NÃO INCLUSOS), BATENTE/ REQUADRO INCLUSO (6 A 14 CM), FIXAÇÃO COM ARGAMASSA, COM PINTURA ANTICORROSIVA, COM FERRAGENS, FIXAÇÃO COM ARGAMASSA, EXCLUSIVE CONTRAMARCO - FORNECIMENTO E INSTALAÇÃO. AF_11/2024","M2",635.66]
["Esquadrias - Janelas",105813,"JANELA DE AÇO GALVANIZADO TIPO MAXIMO-AR, PINT. ANTICORROSIVA, COM BATENTE/REQUADRO DE 6 A 14 CM, SEM VIDRO, COM GRADE, 1 FL, 60 X 80 CM (A X L), FIXAÇÃO COM ARGAMASSA, EXCLUSIVE CONTRAMARCO - FORNECIMENTO E INSTALAÇÃO. AF_11/2024","M2",1084.54]
["Esquadrias - Janelas",94559,"JANELA DE AÇO TIPO BASCULANTE, PARA VIDROS (VIDROS NÃO INCLUSOS), BATENTE/ REQUADRO INCLUSO (6,5 A 14 CM), DIMENSÕES 60X60 CM, COM COM PINTURA ANTICORROSIVA, SEM ACABAMENTO, COM FERRAGENS, FIXAÇÃO COM ARGAMASSA, EXCLUSIVE CONTRAMARCO - FORNECIMENTO E INSTALAÇÃO. AF_11/2024","M2",761.69]
["Esquadrias - Janelas",100668,"JANELA DE MADEIRA CEDRINHO/ ANGELIM COMERCIAL/ CURUPIXA/ CUMARU OU EQUIVALENTE DA REGIÃO, TIPO MAXIMA AR, PARA VIDRO (VIDRO NÃO INCLUSO), CAIXA DO BATENTE/ MARCO DE 10 CM, COM GUARNIÇÕES/ ALIZAR E FERRAGENS, SEM ACABAMENTO, FIXAÇÃO COM PARAFUSOS E ESPUMA EXPANSIVA, EXCLUSIVE CONTRAMARCO - FORNECIMENTO E INSTALAÇÃO. AF_11/2024","M2",1215.97]
["Esquadrias - Janelas",100670,"JANELA DE MADEIRA CEDRINHO/ ANGELIM COMERCIAL/ CURUPIXA/ CUMARU OU EQUIVALENTE, CAIXA DO BATENTE/ MARCO 10 CM, COM 6 FOLHAS (2 VENEZIANAS FIXAS, 2 VENEZIANAS DE CORRER E 2 FOLHAS DE CORRER PARA VIDRO, VIDROS NÃO INCLUSOS), SEM GUARNIÇÃO/ ALIZAR, COM FERRAGENS, FIXAÇÃO COM PARAFUSOS E ESPUMA EXPANSIVA, EXCLUSIVE CONTRAMARCO - FORNECIMENTO E INSTALAÇÃO. AF_11/2024","M2",907.93]
["Esquadrias - Janelas",100665,"JANELA DE MADEIRA CEDRINHO/ ANGELIM COMERCIAL/ CURUPIXA/ CUMARU OU EQUIVALENTE, CAIXA DO BATENTE/ MARCO 10 CM, COM DUAS FOLHAS DE ABRIR TIPO VENEZIANAS E 2 FOLHAS GUILHOTINAS PARA VIDRO (VIDROS NÃO INCLUSOS), COM GUARNIÇÃO/ ALIZAR E FERRAGENS, FIXAÇÃO COM PARAFUSOS E ESPUMA EXPANSIVA, EXCLUSIVE CONTRAMARCO - FORNECIMENTO E INSTALAÇÃO. AF_11/2024","M2",763.51]
["Esquadrias - Janelas",100924,"JANELA DE MADEIRA CEDRINHO/ ANGELIM COMERCIAL/ CURUPIXA/ CUMARU OU EQUIVALENTE, VENEZIANAS PANTOGRÁFICAS DE CORRER E 2 FOLHAS PARA VIDROS DE CORRER (VIDROS NÃO INCLUSOS), GUARNIÇÕES/ MARCO INCLUSOS, FERRAGENS INCLUSAS, FIXAÇÃO COM PARAFUSOS E ESPUMA EXPANSIVA, EXCLUSIVE CONTRAMARCO - FORNECIMENTO E INSTALAÇÃO. AF_11/2024","M2",0]
["Esquadrias - Janelas",100671,"JANELA DE MADEIRA IMBUIA/CEDRO ARANA/CEDRO OU EQUIVALENTE, CAIXA DO BATENTE/ MARCO 10 CM, COM 6 FOLHAS (2 VENEZIANAS FIXAS, 2 VENEZIANAS DE CORRER E 2 FOLHAS DE CORRER PARA VIDRO, VIDROS NÃO INCLUSOS), SEM GUARNIÇÃO/ ALIZAR, COM FERRAGENS, FIXAÇÃO COM PARAFUSOS E ESPUMA EXPANSIVA, EXCLUSIVE CONTRAMARCO - FORNECIMENTO E INSTALAÇÃO. AF_11/2024","M2",1114.28]
["Esquadrias - Janelas",100667,"JANELA DE MADEIRA IMBUIA/CEDRO ARANA/CEDRO ROSAOU EQUIVALENTE, CAIXA DO BATENTE/ MARCO 10 CM, COM DUAS FOLHAS DE ABRIR TIPO VENEZIANAS E 2 FOLHAS GUILHOTINAS PARA VIDRO (VIDROS NÃO INCLUSOS), COM GUARNIÇÃO/ ALIZAR E FERRAGENS, FIXAÇÃO COM PARAFUSOS E ESPUMA EXPANSIVA, EXCLUSIVE CONTRAMARCO - FORNECIMENTO E INSTALAÇÃO. AF_11/2024","M2",966.65]
["Esquadrias - Janelas",100669,"JANELA DE MADEIRA PINUS/ EUCALIPTO/ TAUARI/ VIROLA OU EQUIVALENTE DA REGIÃO, TIPO BASCULANTE, 2 FOLHAS PARA (VIDROS NÃO INCLUSOS), CAIXA DO BATENTE/ MARCO DE 10 CM, SEM GUARNIÇÕES/ ALIZAR, COM FERRAGENS, FIXAÇÃO COM PARAFUSOS E ESPUMA EXPANSIVA, EXCLUSIVE CONTRAMARCO - FORNECIMENTO E INSTALAÇÃO. AF_11/2024","M2",906.88]
["Esquadrias - Janelas",100672,"JANELA DE MADEIRA PINUS/ EUCALIPTO/ TAUARI/ VIROLA OU EQUIVALENTE, CAIXA DO BATENTE/ MARCO 10 CM, COM 6 FOLHAS (2 VENEZIANAS FIXAS, 2 VENEZIANAS DE CORRER E 2 FOLHAS DE CORRER PARA VIDRO, VIDROS NÃO INCLUSOS), SEM GUARNIÇÃO/ ALIZAR, COM FERRAGENS, FIXAÇÃO COM PARAFUSOS E ESPUMA EXPANSIVA, EXCLUSIVE CONTRAMARCO - FORNECIMENTO E INSTALAÇÃO. AF_11/2024","M2",737.54]
["Esquadrias - Janelas",100666,"JANELA DE MADEIRA PINUS/EUCALIPTO/ TAUARI/ VIROLA OU EQUIVALENTE, CAIXA DO BATENTE/ MARCO 10 CM, COM DUAS FOLHAS DE ABRIR TIPO VENEZIANAS E 2 FOLHAS GUILHOTINAS PARA VIDRO (VIDROS NÃO INCLUSOS), COM GUARNIÇÃO/ ALIZAR E FERRAGENS, FIXAÇÃO COM PARAFUSOS E ESPUMA EXPANSIVA, EXCLUSIVE CONTRAMARCO - FORNECIMENTO E INSTALAÇÃO. AF_11/2024","M2",619.82000000000005]
["Esquadrias - Janelas",100663,"JANELA DE PVC BRANCO DE CORRER COM 2 FOLHAS PARA VIDRO (VIDROS INCLUSOS) E PERSIANA INTEGRADA, BATENTE/ REQUADRO DE 4 A 14 CM, DIMENSÕES 120X120 CM, COM GUARNIÇÃO/ ALIZAR, COM FERRAGENS, FIXAÇÃO COM PARAFUSOS, VEDAÇÃO COM SILICONE, EXCLUSIVE CONTRAMARCO - FORNECIMENTO E INSTALAÇÃO. AF_11/2024","M2",0]
["Esquadrias - Janelas",100662,"JANELA DE PVC BRANCO DE CORRER COM 3 FOLHAS (2 VENEZIANAS E 1 PARA VIDRO, VIDRO INCLUSO), BATENTE/ REQUADRO DE 4 A 14 CM, DIMENSÕES 100X200 CM, COM GUARNIÇÃO/ ALIZAR, COM FERRAGENS, FIXAÇÃO COM PARAFUSOS, VEDAÇÃO COM SILICONE, EXCLUSIVE CONTRAMARCO - FORNECIMENTO E INSTALAÇÃO. AF_11/2024","M2",0]
["Esquadrias - Janelas",100661,"JANELA DE PVC BRANCO TIPO MAXIM-AR (VIDRO INCLUSO), BATENTE/ REQUADRO DE 4 A 14 CM, DIMENSÕES 60X60 CM, COM GUARNIÇÃO/ ALIZAR, COM FERRAGENS, FIXAÇÃO COM PARAFUSOS, VEDAÇÃO COM SILICONE, EXCLUSIVE CONTRAMARCO - FORNECIMENTO E INSTALAÇÃO. AF_11/2024","M2",0]
["Esquadrias - Portas",100659,"ALIZAR DE 5X1,5CM PARA PORTA FIXADO COM PREGOS, PADRÃO MÉDIO - FORNECIMENTO E INSTALAÇÃO. AF_12/2019","M",12.41]
["Esquadrias - Portas",100660,"ALIZAR DE 5X1,5CM PARA PORTA FIXADO COM PREGOS, PADRÃO POPULAR - FORNECIMENTO E INSTALAÇÃO. AF_12/2019","M",8.65]
["Esquadrias - Portas",100711,"BATENTE DE AÇO GALVANIZADO, COM PERFIL PRÉ-FABRICADO, FIXADO COM ARGAMASSA, COM SOLDA, GRAPAS E FUROS PARA FERRAGENS INCLUSOS. AF_12/2019","M",0]
["Esquadrias - Portas",100676,"BATENTE PARA PORTA COM BANDEIRA, FIXAÇÃO COM PARAFUSO E BUCHA. AF_12/2019","UN",213.96]
["Esquadrias - Portas",90806,"BATENTE PARA PORTA DE MADEIRA, FIXAÇÃO COM ARGAMASSA, PADRÃO MÉDIO - FORNECIMENTO E INSTALAÇÃO. AF_12/2019","UN",450.69]
["Esquadrias - Portas",91292,"BATENTE PARA PORTA DE MADEIRA, FIXAÇÃO COM ARGAMASSA, PADRÃO POPULAR. FORNECIMENTO E INSTALAÇÃO. AF_12/2019","UN",367.26]
["Esquadrias - Portas",90801,"BATENTE PARA PORTA DE MADEIRA, PADRÃO MÉDIO - FORNECIMENTO E MONTAGEM. AF_12/2019","UN",341.72]
["Esquadrias - Portas",91287,"BATENTE PARA PORTA DE MADEIRA, PADRÃO POPULAR - FORNECIMENTO E MONTAGEM. AF_12/2019","UN",258.29000000000002]
["Esquadrias - Portas",100706,"CREMONA EM LATÃO CROMADO OU POLIDO, COMPLETA. AF_12/2019","UN",80.94]
["Esquadrias - Portas",100709,"DOBRADIÇA EM AÇO/FERRO, 3\" X 21/2\", E=1,9 A 2MM, SEN ANEL, CROMADO OU ZINCADO, TAMPA BOLA, COM PARAFUSOS. AF_12/2019","UN",60.24]
["Esquadrias - Portas",100710,"DOBRADIÇA TIPO VAI E VEM EM LATÃO POLIDO 3\". AF_12/2019","UN",158.77000000000001]
["Esquadrias - Portas",90830,"FECHADURA DE EMBUTIR COM CILINDRO, EXTERNA, COMPLETA, ACABAMENTO PADRÃO MÉDIO, INCLUSO EXECUÇÃO DE FURO - FORNECIMENTO E INSTALAÇÃO. AF_12/2019","UN",198.97]
["Esquadrias - Portas",91304,"FECHADURA DE EMBUTIR COM CILINDRO, EXTERNA, COMPLETA, ACABAMENTO PADRÃO POPULAR, INCLUSO EXECUÇÃO DE FURO - FORNECIMENTO E INSTALAÇÃO. AF_12/2019","UN",122.45]
["Esquadrias - Portas",90831,"FECHADURA DE EMBUTIR PARA PORTA DE BANHEIRO, COMPLETA, ACABAMENTO PADRÃO MÉDIO, INCLUSO EXECUÇÃO DE FURO - FORNECIMENTO E INSTALAÇÃO. AF_12/2019","UN",174.08]
["Esquadrias - Portas",91305,"FECHADURA DE EMBUTIR PARA PORTA DE BANHEIRO, COMPLETA, ACABAMENTO PADRÃO POPULAR, INCLUSO EXECUÇÃO DE FURO - FORNECIMENTO E INSTALAÇÃO. AF_12/2019","UN",121.43]
["Esquadrias - Portas",91306,"FECHADURA DE EMBUTIR PARA PORTAS INTERNAS, COMPLETA, ACABAMENTO PADRÃO MÉDIO, COM EXECUÇÃO DE FURO - FORNECIMENTO E INSTALAÇÃO. AF_12/2019","UN",174.08]
["Esquadrias - Portas",91307,"FECHADURA DE EMBUTIR PARA PORTAS INTERNAS, COMPLETA, ACABAMENTO PADRÃO POPULAR, COM EXECUÇÃO DE FURO - FORNECIMENTO E INSTALAÇÃO. AF_12/2019","UN",103.68]
["Esquadrias - Portas",100707,"FECHO DE EMBUTIR TIPO UNHA 22CM. AF_12/2019","UN",157.81]
["Esquadrias - Portas",100708,"FECHO DE EMBUTIR TIPO UNHA 40CM. AF_12/2019","UN",196.5]
["Esquadrias - Portas",91328,"KIT DE PORTA DE MADEIRA FRISADA, SEMI-OCA (LEVE OU MÉDIA), PADRÃO MÉDIO 60X210CM, ESPESSURA DE 3CM, ITENS INCLUSOS: DOBRADIÇAS, MONTAGEM E INSTALAÇÃO DO BATENTE, SEM FECHADURA - FORNECIMENTO E INSTALAÇÃO. AF_12/2019","UN",959.87]
["Esquadrias - Portas",100687,"KIT DE PORTA DE MADEIRA FRISADA, SEMI-OCA (LEVE OU MÉDIA), PADRÃO MÉDIO, 60X210CM, ESPESSURA DE 3,5CM, ITENS INCLUSOS: DOBRADIÇAS, MONTAGEM E INSTALAÇÃO DE BATENTE, FECHADURA COM EXECUÇÃO DO FURO - FORNECIMENTO E INSTALAÇÃO. AF_12/2019","UN",1133.95]
["Esquadrias - Portas",100681,"KIT DE PORTA DE MADEIRA FRISADA, SEMI-OCA (LEVE OU MÉDIA), PADRÃO MÉDIO, 70X210CM, ESPESSURA DE 3CM, ITENS INCLUSOS: DOBRADIÇAS, MONTAGEM E INSTALAÇÃO DE BATENTE, FECHADURA COM EXECUÇÃO DO FURO - FORNECIMENTO E INSTALAÇÃO. AF_12/2019","UN",1162.26]
["Esquadrias - Portas",91330,"KIT DE PORTA DE MADEIRA FRISADA, SEMI-OCA (LEVE OU MÉDIA), PADRÃO MÉDIO, 70X210CM, ESPESSURA DE 3CM, ITENS INCLUSOS: DOBRADIÇAS, MONTAGEM E INSTALAÇÃO DO BATENTE, SEM FECHADURA - FORNECIMENTO E INSTALAÇÃO. AF_12/2019","UN",988.18]
["Esquadrias - Portas",100689,"KIT DE PORTA DE MADEIRA FRISADA, SEMI-OCA (LEVE OU MÉDIA), PADRÃO MÉDIO, 80X210CM, ESPESSURA DE 3,5CM, ITENS INCLUSOS: DOBRADIÇAS, MONTAGEM E INSTALAÇÃO DE BATENTE, FECHADURA COM EXECUÇÃO DO FURO - FORNECIMENTO E INSTALAÇÃO. AF_12/2019","UN",1227.83]
["Esquadrias - Portas",91332,"KIT DE PORTA DE MADEIRA FRISADA, SEMI-OCA (LEVE OU MÉDIA), PADRÃO MÉDIO, 80X210CM, ESPESSURA DE 3,5CM, ITENS INCLUSOS: DOBRADIÇAS, MONTAGEM E INSTALAÇÃO DO BATENTE, SEM FECHADURA - FORNECIMENTO E INSTALAÇÃO. AF_12/2019","UN",1028.8599999999999]
["Esquadrias - Portas",100688,"KIT DE PORTA DE MADEIRA FRISADA, SEMI-OCA (LEVE OU MÉDIA), PADRÃO POPULAR, 60X210CM, ESPESSURA DE 3CM, ITENS INCLUSOS: DOBRADIÇAS, MONTAGEM E INSTALAÇÃO DE BATENTE, FECHADURA COM EXECUÇÃO DO FURO - FORNECIMENTO E INSTALAÇÃO. AF_12/2019","UN",961.78]
["Esquadrias - Portas",91329,"KIT DE PORTA DE MADEIRA FRISADA, SEMI-OCA (LEVE OU MÉDIA), PADRÃO POPULAR, 60X210CM, ESPESSURA DE 3CM, ITENS INCLUSOS: DOBRADIÇAS, MONTAGEM E INSTALAÇÃO DO BATENTE, SEM FECHADURA - FORNECIMENTO E INSTALAÇÃO. AF_12/2019","UN",840.35]
["Esquadrias - Portas",100682,"KIT DE PORTA DE MADEIRA FRISADA, SEMI-OCA (LEVE OU MÉDIA), PADRÃO POPULAR, 70X210CM, ESPESSURA DE 3CM, ITENS INCLUSOS: DOBRADIÇAS, MONTAGEM E INSTALAÇÃO DE BATENTE, FECHADURA COM EXECUÇÃO DO FURO - FORNECIMENTO E INSTALAÇÃO. AF_12/2019","UN",971.59]
["Esquadrias - Portas",91331,"KIT DE PORTA DE MADEIRA FRISADA, SEMI-OCA (LEVE OU MÉDIA), PADRÃO POPULAR, 70X210CM, ESPESSURA DE 3CM, ITENS INCLUSOS: DOBRADIÇAS, MONTAGEM E INSTALAÇÃO DO BATENTE, SEM FECHADURA - FORNECIMENTO E INSTALAÇÃO. AF_12/2019","UN",867.91]
["Esquadrias - Portas",100690,"KIT DE PORTA DE MADEIRA FRISADA, SEMI-OCA (LEVE OU MÉDIA), PADRÃO POPULAR, 80X210CM, ESPESSURA DE 3,5CM, ITENS INCLUSOS: DOBRADIÇAS, MONTAGEM E INSTALAÇÃO DE BATENTE, FECHADURA COM EXECUÇÃO DO FURO - FORNECIMENTO E INSTALAÇÃO. AF_12/2019","UN",1030.28]
["Esquadrias - Portas",91333,"KIT DE PORTA DE MADEIRA FRISADA, SEMI-OCA (LEVE OU MÉDIA), PADRÃO POPULAR, 80X210CM, ESPESSURA DE 3,5CM, ITENS INCLUSOS: DOBRADIÇAS, MONTAGEM E INSTALAÇÃO DO BATENTE, SEM FECHADURA - FORNECIMENTO E INSTALAÇÃO. AF_12/2019","UN",907.83]
["Esquadrias - Portas",90841,"KIT DE PORTA DE MADEIRA PARA PINTURA, SEMI-OCA (LEVE OU MÉDIA), PADRÃO MÉDIO, 60X210CM, ESPESSURA DE 3,5CM, ITENS INCLUSOS: DOBRADIÇAS, MONTAGEM E INSTALAÇÃO DO BATENTE, FECHADURA COM EXECUÇÃO DO FURO - FORNECIMENTO E INSTALAÇÃO. AF_12/2019","UN",1112.79]
["Esquadrias - Portas",90847,"KIT DE PORTA DE MADEIRA PARA PINTURA, SEMI-OCA (LEVE OU MÉDIA), PADRÃO MÉDIO, 60X210CM, ESPESSURA DE 3,5CM, ITENS INCLUSOS: DOBRADIÇAS, MONTAGEM E INSTALAÇÃO DO BATENTE, SEM FECHADURA - FORNECIMENTO E INSTALAÇÃO. AF_12/2019","UN",938.71]
["Esquadrias - Portas",90842,"KIT DE PORTA DE MADEIRA PARA PINTURA, SEMI-OCA (LEVE OU MÉDIA), PADRÃO MÉDIO, 70X210CM, ESPESSURA DE 3,5CM, ITENS INCLUSOS: DOBRADIÇAS, MONTAGEM E INSTALAÇÃO DO BATENTE, FECHADURA COM EXECUÇÃO DO FURO - FORNECIMENTO E INSTALAÇÃO. AF_12/2019","UN",1122.94]
["Esquadrias - Portas",90848,"KIT DE PORTA DE MADEIRA PARA PINTURA, SEMI-OCA (LEVE OU MÉDIA), PADRÃO MÉDIO, 70X210CM, ESPESSURA DE 3,5CM, ITENS INCLUSOS: DOBRADIÇAS, MONTAGEM E INSTALAÇÃO DO BATENTE, SEM FECHADURA - FORNECIMENTO E INSTALAÇÃO. AF_12/2019","UN",948.86]
["Esquadrias - Portas",90843,"KIT DE PORTA DE MADEIRA PARA PINTURA, SEMI-OCA (LEVE OU MÉDIA), PADRÃO MÉDIO, 80X210CM, ESPESSURA DE 3,5CM, ITENS INCLUSOS: DOBRADIÇAS, MONTAGEM E INSTALAÇÃO DO BATENTE, FECHADURA COM EXECUÇÃO DO FURO - FORNECIMENTO E INSTALAÇÃO. AF_12/2019","UN",1175.23]
["Esquadrias - Portas",90849,"KIT DE PORTA DE MADEIRA PARA PINTURA, SEMI-OCA (LEVE OU MÉDIA), PADRÃO MÉDIO, 80X210CM, ESPESSURA DE 3,5CM, ITENS INCLUSOS: DOBRADIÇAS, MONTAGEM E INSTALAÇÃO DO BATENTE, SEM FECHADURA - FORNECIMENTO E INSTALAÇÃO. AF_12/2019","UN",976.26]
["Esquadrias - Portas",90844,"KIT DE PORTA DE MADEIRA PARA PINTURA, SEMI-OCA (LEVE OU MÉDIA), PADRÃO MÉDIO, 90X210CM, ESPESSURA DE 3,5CM, ITENS INCLUSOS: DOBRADIÇAS, MONTAGEM E INSTALAÇÃO DO BATENTE, FECHADURA COM EXECUÇÃO DO FURO - FORNECIMENTO E INSTALAÇÃO. AF_12/2019","UN",1259.28]
["Esquadrias - Portas",90850,"KIT DE PORTA DE MADEIRA PARA PINTURA, SEMI-OCA (LEVE OU MÉDIA), PADRÃO MÉDIO, 90X210CM, ESPESSURA DE 3,5CM, ITENS INCLUSOS: DOBRADIÇAS, MONTAGEM E INSTALAÇÃO DO BATENTE, SEM FECHADURA - FORNECIMENTO E INSTALAÇÃO. AF_12/2019","UN",1060.31]
["Esquadrias - Portas",91312,"KIT DE PORTA DE MADEIRA PARA PINTURA, SEMI-OCA (LEVE OU MÉDIA), PADRÃO POPULAR, 60X210CM, ESPESSURA DE 3,5CM, ITENS INCLUSOS: DOBRADIÇAS, MONTAGEM E INSTALAÇÃO DO BATENTE, FECHADURA COM EXECUÇÃO DO FURO - FORNECIMENTO E INSTALAÇÃO. AF_12/2019","UN",940.62]
["Esquadrias - Portas",91318,"KIT DE PORTA DE MADEIRA PARA PINTURA, SEMI-OCA (LEVE OU MÉDIA), PADRÃO POPULAR, 60X210CM, ESPESSURA DE 3,5CM, ITENS INCLUSOS: DOBRADIÇAS, MONTAGEM E INSTALAÇÃO DO BATENTE, SEM FECHADURA - FORNECIMENTO E INSTALAÇÃO. AF_12/2019","UN",819.19]
["Esquadrias - Portas",91313,"KIT DE PORTA DE MADEIRA PARA PINTURA, SEMI-OCA (LEVE OU MÉDIA), PADRÃO POPULAR, 70X210CM, ESPESSURA DE 3,5CM, ITENS INCLUSOS: DOBRADIÇAS, MONTAGEM E INSTALAÇÃO DO BATENTE, FECHADURA COM EXECUÇÃO DO FURO - FORNECIMENTO E INSTALAÇÃO. AF_12/2019","UN",932.27]
["Esquadrias - Portas",91319,"KIT DE PORTA DE MADEIRA PARA PINTURA, SEMI-OCA (LEVE OU MÉDIA), PADRÃO POPULAR, 70X210CM, ESPESSURA DE 3,5CM, ITENS INCLUSOS: DOBRADIÇAS, MONTAGEM E INSTALAÇÃO DO BATENTE, SEM FECHADURA - FORNECIMENTO E INSTALAÇÃO. AF_12/2019","UN",828.59]
["Esquadrias - Portas",91314,"KIT DE PORTA DE MADEIRA PARA PINTURA, SEMI-OCA (LEVE OU MÉDIA), PADRÃO POPULAR, 80X210CM, ESPESSURA DE 3,5CM, ITENS INCLUSOS: DOBRADIÇAS, MONTAGEM E INSTALAÇÃO DO BATENTE, FECHADURA COM EXECUÇÃO DO FURO - FORNECIMENTO E INSTALAÇÃO. AF_12/2019","UN",977.68]
["Esquadrias - Portas",91320,"KIT DE PORTA DE MADEIRA PARA PINTURA, SEMI-OCA (LEVE OU MÉDIA), PADRÃO POPULAR, 80X210CM, ESPESSURA DE 3,5CM, ITENS INCLUSOS: DOBRADIÇAS, MONTAGEM E INSTALAÇÃO DO BATENTE, SEM FECHADURA - FORNECIMENTO E INSTALAÇÃO. AF_12/2019","UN",855.23]
["Esquadrias - Portas",91315,"KIT DE PORTA DE MADEIRA PARA PINTURA, SEMI-OCA (LEVE OU MÉDIA), PADRÃO POPULAR, 90X210CM, ESPESSURA DE 3,5CM, ITENS INCLUSOS: DOBRADIÇAS, MONTAGEM E INSTALAÇÃO DO BATENTE, FECHADURA COM EXECUÇÃO DO FURO - FORNECIMENTO E INSTALAÇÃO. AF_12/2019","UN",1060.98]
["Esquadrias - Portas",91321,"KIT DE PORTA DE MADEIRA PARA PINTURA, SEMI-OCA (LEVE OU MÉDIA), PADRÃO POPULAR, 90X210CM, ESPESSURA DE 3,5CM, ITENS INCLUSOS: DOBRADIÇAS, MONTAGEM E INSTALAÇÃO DO BATENTE, SEM FECHADURA - FORNECIMENTO E INSTALAÇÃO. AF_12/2019","UN",938.53]
["Esquadrias - Portas",90845,"KIT DE PORTA DE MADEIRA PARA PINTURA, SEMI-OCA (PESADA OU SUPERPESADA), PADRÃO MÉDIO, 80X210CM, ESPESSURA DE 3,5CM, ITENS INCLUSOS: DOBRADIÇAS, MONTAGEM E INSTALAÇÃO DO BATENTE, FECHADURA COM EXECUÇÃO DO FURO - FORNECIMENTO E INSTALAÇÃO. AF_12/2019","UN",1446.36]
["Esquadrias - Portas",90851,"KIT DE PORTA DE MADEIRA PARA PINTURA, SEMI-OCA (PESADA OU SUPERPESADA), PADRÃO MÉDIO, 80X210CM, ESPESSURA DE 3,5CM, ITENS INCLUSOS: DOBRADIÇAS, MONTAGEM E INSTALAÇÃO DO BATENTE, SEM FECHADURA - FORNECIMENTO E INSTALAÇÃO. AF_12/2019","UN",1247.3900000000001]
["Esquadrias - Portas",90846,"KIT DE PORTA DE MADEIRA PARA PINTURA, SEMI-OCA (PESADA OU SUPERPESADA), PADRÃO MÉDIO, 90X210CM, ESPESSURA DE 3,5CM, ITENS INCLUSOS: DOBRADIÇAS, MONTAGEM E INSTALAÇÃO DO BATENTE, FECHADURA COM EXECUÇÃO DO FURO - FORNECIMENTO E INSTALAÇÃO. AF_12/2019","UN",1520.58]
["Esquadrias - Portas",90852,"KIT DE PORTA DE MADEIRA PARA PINTURA, SEMI-OCA (PESADA OU SUPERPESADA), PADRÃO MÉDIO, 90X210CM, ESPESSURA DE 3,5CM, ITENS INCLUSOS: DOBRADIÇAS, MONTAGEM E INSTALAÇÃO DO BATENTE, SEM FECHADURA - FORNECIMENTO E INSTALAÇÃO. AF_12/2019","UN",1321.61]
["Esquadrias - Portas",91316,"KIT DE PORTA DE MADEIRA PARA PINTURA, SEMI-OCA (PESADA OU SUPERPESADA), PADRÃO POPULAR, 80X210CM, ESPESSURA DE 3,5CM, ITENS INCLUSOS: DOBRADIÇAS, MONTAGEM E INSTALAÇÃO DO BATENTE, FECHADURA COM EXECUÇÃO DO FURO - FORNECIMENTO E INSTALAÇÃO. AF_12/2019","UN",1248.81]
["Esquadrias - Portas",91322,"KIT DE PORTA DE MADEIRA PARA PINTURA, SEMI-OCA (PESADA OU SUPERPESADA), PADRÃO POPULAR, 80X210CM, ESPESSURA DE 3,5CM, ITENS INCLUSOS: DOBRADIÇAS, MONTAGEM E INSTALAÇÃO DO BATENTE, SEM FECHADURA - FORNECIMENTO E INSTALAÇÃO. AF_12/2019","UN",1126.3599999999999]
["Esquadrias - Portas",91317,"KIT DE PORTA DE MADEIRA PARA PINTURA, SEMI-OCA (PESADA OU SUPERPESADA), PADRÃO POPULAR, 90X210CM, ESPESSURA DE 3,5CM, ITENS INCLUSOS: DOBRADIÇAS, MONTAGEM E INSTALAÇÃO DO BATENTE, FECHADURA COM EXECUÇÃO DO FURO - FORNECIMENTO E INSTALAÇÃO. AF_12/2019","UN",1322.28]
["Esquadrias - Portas",91323,"KIT DE PORTA DE MADEIRA PARA PINTURA, SEMI-OCA (PESADA OU SUPERPESADA), PADRÃO POPULAR, 90X210CM, ESPESSURA DE 3,5CM, ITENS INCLUSOS: DOBRADIÇAS, MONTAGEM E INSTALAÇÃO DO BATENTE, SEM FECHADURA - FORNECIMENTO E INSTALAÇÃO. AF_12/2019","UN",1199.83]
["Esquadrias - Portas",100678,"KIT DE PORTA DE MADEIRA PARA VERNIZ, SEMI-OCA (LEVE OU MÉDIA), PADRÃO MÉDIO, 60X210CM, ESPESSURA DE 3,5CM, ITENS INCLUSOS: DOBRADIÇAS, MONTAGEM E INSTALAÇÃO DE BATENTE, FECHADURA COM EXECUÇÃO DO FURO - FORNECIMENTO E INSTALAÇÃO. AF_12/2019","UN",1124.1300000000001]
["Esquadrias - Portas",91013,"KIT DE PORTA DE MADEIRA PARA VERNIZ, SEMI-OCA (LEVE OU MÉDIA), PADRÃO MÉDIO, 60X210CM, ESPESSURA DE 3,5CM, ITENS INCLUSOS: DOBRADIÇAS, MONTAGEM E INSTALAÇÃO DO BATENTE, SEM FECHADURA - FORNECIMENTO E INSTALAÇÃO. AF_12/2019","UN",950.05]
["Esquadrias - Portas",100680,"KIT DE PORTA DE MADEIRA PARA VERNIZ, SEMI-OCA (LEVE OU MÉDIA), PADRÃO MÉDIO, 70X210CM, ESPESSURA DE 3,5CM, ITENS INCLUSOS: DOBRADIÇAS, MONTAGEM E INSTALAÇÃO DE BATENTE, FECHADURA COM EXECUÇÃO DO FURO - FORNECIMENTO E INSTALAÇÃO. AF_12/2019","UN",1134.82]
["Esquadrias - Portas",91014,"KIT DE PORTA DE MADEIRA PARA VERNIZ, SEMI-OCA (LEVE OU MÉDIA), PADRÃO MÉDIO, 70X210CM, ESPESSURA DE 3,5CM, ITENS INCLUSOS: DOBRADIÇAS, MONTAGEM E INSTALAÇÃO DO BATENTE, SEM FECHADURA - FORNECIMENTO E INSTALAÇÃO. AF_12/2019","UN",960.74]
["Esquadrias - Portas",100683,"KIT DE PORTA DE MADEIRA PARA VERNIZ, SEMI-OCA (LEVE OU MÉDIA), PADRÃO MÉDIO, 80X210CM, ESPESSURA DE 3,5CM, ITENS INCLUSOS: DOBRADIÇAS, MONTAGEM E INSTALAÇÃO DE BATENTE, FECHADURA COM EXECUÇÃO DO FURO - FORNECIMENTO E INSTALAÇÃO. AF_12/2019","UN",1221.28]
["Esquadrias - Portas",91015,"KIT DE PORTA DE MADEIRA PARA VERNIZ, SEMI-OCA (LEVE OU MÉDIA), PADRÃO MÉDIO, 80X210CM, ESPESSURA DE 3,5CM, ITENS INCLUSOS: DOBRADIÇAS, MONTAGEM E INSTALAÇÃO DO BATENTE, SEM FECHADURA - FORNECIMENTO E INSTALAÇÃO. AF_12/2019","UN",1022.31]
["Esquadrias - Portas",100685,"KIT DE PORTA DE MADEIRA PARA VERNIZ, SEMI-OCA (LEVE OU MÉDIA), PADRÃO MÉDIO, 90X210CM, ESPESSURA DE 3,5CM, ITENS INCLUSOS: DOBRADIÇAS, MONTAGEM E INSTALAÇÃO DE BATENTE, FECHADURA COM EXECUÇÃO DO FURO - FORNECIMENTO E INSTALAÇÃO. AF_12/2019","UN",1269.33]
["Esquadrias - Portas",91016,"KIT DE PORTA DE MADEIRA PARA VERNIZ, SEMI-OCA (LEVE OU MÉDIA), PADRÃO MÉDIO, 90X210CM, ESPESSURA DE 3,5CM, ITENS INCLUSOS: DOBRADIÇAS, MONTAGEM E INSTALAÇÃO DO BATENTE, SEM FECHADURA - FORNECIMENTO E INSTALAÇÃO. AF_12/2019","UN",1070.3599999999999]
["Esquadrias - Portas",100679,"KIT DE PORTA DE MADEIRA PARA VERNIZ, SEMI-OCA (LEVE OU MÉDIA), PADRÃO POPULAR, 60X210CM, ESPESSURA DE 3,5CM, ITENS INCLUSOS: DOBRADIÇAS, MONTAGEM E INSTALAÇÃO DE BATENTE, FECHADURA COM EXECUÇÃO DO FURO - FORNECIMENTO E INSTALAÇÃO. AF_12/2019","UN",951.96]
["Esquadrias - Portas",91324,"KIT DE PORTA DE MADEIRA PARA VERNIZ, SEMI-OCA (LEVE OU MÉDIA), PADRÃO POPULAR, 60X210CM, ESPESSURA DE 3,5CM, ITENS INCLUSOS: DOBRADIÇAS, MONTAGEM E INSTALAÇÃO DO BATENTE, SEM FECHADURA - FORNECIMENTO E INSTALAÇÃO. AF_12/2019","UN",830.53]
["Esquadrias - Portas",100712,"KIT DE PORTA DE MADEIRA PARA VERNIZ, SEMI-OCA (LEVE OU MÉDIA), PADRÃO POPULAR, 70X210CM, ESPESSURA DE 3,5CM, ITENS INCLUSOS: DOBRADIÇAS, MONTAGEM E INSTALAÇÃO DE BATENTE, FECHADURA COM EXECUÇÃO DO FURO - FORNECIMENTO E INSTALAÇÃO. AF_12/2019","UN",944.15]
["Esquadrias - Portas",91325,"KIT DE PORTA DE MADEIRA PARA VERNIZ, SEMI-OCA (LEVE OU MÉDIA), PADRÃO POPULAR, 70X210CM, ESPESSURA DE 3,5CM, ITENS INCLUSOS: DOBRADIÇAS, MONTAGEM E INSTALAÇÃO DO BATENTE, SEM FECHADURA - FORNECIMENTO E INSTALAÇÃO. AF_12/2019","UN",840.47]
["Esquadrias - Portas",100684,"KIT DE PORTA DE MADEIRA PARA VERNIZ, SEMI-OCA (LEVE OU MÉDIA), PADRÃO POPULAR, 80X210CM, ESPESSURA DE 3,5CM, ITENS INCLUSOS: DOBRADIÇAS, MONTAGEM E INSTALAÇÃO DE BATENTE, FECHADURA COM EXECUÇÃO DO FURO - FORNECIMENTO E INSTALAÇÃO. AF_12/2019","UN",1023.73]
["Esquadrias - Portas",91326,"KIT DE PORTA DE MADEIRA PARA VERNIZ, SEMI-OCA (LEVE OU MÉDIA), PADRÃO POPULAR, 80X210CM, ESPESSURA DE 3,5CM, ITENS INCLUSOS: DOBRADIÇAS, MONTAGEM E INSTALAÇÃO DO BATENTE, SEM FECHADURA - FORNECIMENTO E INSTALAÇÃO. AF_12/2019","UN",901.28]
["Esquadrias - Portas",91327,"KIT DE PORTA DE MADEIRA PARA VERNIZ, SEMI-OCA (LEVE OU MÉDIA), PADRÃO POPULAR, 90X210CM, ESPESSURA DE 3,5CM, ITENS INCLUSOS: DOBRADIÇAS, MONTAGEM E INSTALAÇÃO DO BATENTE, SEM FECHADURA - FORNECIMENTO E INSTALAÇÃO. AF_12/2019","UN",948.58]
["Esquadrias - Portas",100686,"KIT DE PORTA DE MADEIRA PARA VERNIZ, SEMI-OCA (LEVE OU MÉDIA), PADRÃO POPULAR, 90X210CM, ESPESSURA DE 3CM, ITENS INCLUSOS: DOBRADIÇAS, MONTAGEM E INSTALAÇÃO DE BATENTE, FECHADURA COM EXECUÇÃO DO FURO - FORNECIMENTO E INSTALAÇÃO. AF_12/2019","UN",1071.03]
["Esquadrias - Portas",100693,"KIT DE PORTA DE MADEIRA TIPO MEXICANA, MACIÇA (PESADA OU SUPERPESADA), PADRÃO MÉDIO, 80X210CM, ESPESSURA DE 3,5CM, ITENS INCLUSOS: DOBRADIÇAS, MONTAGEM E INSTALAÇÃO DE BATENTE, FECHADURA COM EXECUÇÃO DO FURO - FORNECIMENTO E INSTALAÇÃO. AF_12/2019","UN",2573.0300000000002]
["Esquadrias - Portas",91336,"KIT DE PORTA DE MADEIRA TIPO MEXICANA, MACIÇA (PESADA OU SUPERPESADA), PADRÃO MÉDIO, 80X210CM, ESPESSURA DE 3CM, ITENS INCLUSOS: DOBRADIÇAS, MONTAGEM E INSTALAÇÃO DO BATENTE, SEM FECHADURA - FORNECIMENTO E INSTALAÇÃO. AF_12/2019","UN",2374.06]
["Esquadrias - Portas",100694,"KIT DE PORTA DE MADEIRA TIPO MEXICANA, MACIÇA (PESADA OU SUPERPESADA), PADRÃO POPULAR, 80X210CM, ESPESSURA DE 3,5CM, ITENS INCLUSOS: DOBRADIÇAS, MONTAGEM E INSTALAÇÃO DE BATENTE, FECHADURA COM EXECUÇÃO DO FURO - FORNECIMENTO E INSTALAÇÃO. AF_12/2019","UN",2375.48]
["Esquadrias - Portas",91337,"KIT DE PORTA DE MADEIRA TIPO MEXICANA, MACIÇA (PESADA OU SUPERPESADA), PADRÃO POPULAR, 80X210CM, ESPESSURA DE 3CM, ITENS INCLUSOS: DOBRADIÇAS, MONTAGEM E INSTALAÇÃO DO BATENTE, SEM FECHADURA - FORNECIMENTO E INSTALAÇÃO. AF_12/2019","UN",2253.0300000000002]
["Esquadrias - Portas",100691,"KIT DE PORTA DE MADEIRA TIPO VENEZIANA, 80X210CM (ESPESSURA DE 3CM), PADRÃO MÉDIO, ITENS INCLUSOS: DOBRADIÇAS, MONTAGEM E INSTALAÇÃO DE BATENTE, FECHADURA COM EXECUÇÃO DO FURO - FORNECIMENTO E INSTALAÇÃO. AF_12/2019","UN",2059.7399999999998]
["Esquadrias - Portas",100692,"KIT DE PORTA DE MADEIRA TIPO VENEZIANA, 80X210CM (ESPESSURA DE 3CM), PADRÃO POPULAR, ITENS INCLUSOS: DOBRADIÇAS, MONTAGEM E INSTALAÇÃO DE BATENTE, FECHADURA COM EXECUÇÃO DO FURO - FORNECIMENTO E INSTALAÇÃO. AF_12/2019","UN",1862.19]
["Esquadrias - Portas",91334,"KIT DE PORTA DE MADEIRA TIPO VENEZIANA, PADRÃO MÉDIO, 80X210CM, ESPESSURA DE 3CM, ITENS INCLUSOS: DOBRADIÇAS, MONTAGEM E INSTALAÇÃO DO BATENTE, SEM FECHADURA - FORNECIMENTO E INSTALAÇÃO. AF_12/2019","UN",1860.77]
["Esquadrias - Portas",91335,"KIT DE PORTA DE MADEIRA TIPO VENEZIANA, PADRÃO POPULAR, 80X210CM, ESPESSURA DE 3CM, ITENS INCLUSOS: DOBRADIÇAS, MONTAGEM E INSTALAÇÃO DO BATENTE, SEM FECHADURA - FORNECIMENTO E INSTALAÇÃO. AF_12/2019","UN",1739.74]
["Esquadrias - Portas",90788,"KIT DE PORTA-PRONTA DE MADEIRA EM ACABAMENTO MELAMÍNICO BRANCO, FOLHA LEVE OU MÉDIA, 60X210CM, EXCLUSIVE FECHADURA, FIXAÇÃO COM PREENCHIMENTO PARCIAL DE ESPUMA EXPANSIVA - FORNECIMENTO E INSTALAÇÃO. AF_12/2019","UN",838.1]
["Esquadrias - Portas",90789,"KIT DE PORTA-PRONTA DE MADEIRA EM ACABAMENTO MELAMÍNICO BRANCO, FOLHA LEVE OU MÉDIA, 70X210CM, EXCLUSIVE FECHADURA, FIXAÇÃO COM PREENCHIMENTO PARCIAL DE ESPUMA EXPANSIVA - FORNECIMENTO E INSTALAÇÃO. AF_12/2019","UN",840.22]
["Esquadrias - Portas",90790,"KIT DE PORTA-PRONTA DE MADEIRA EM ACABAMENTO MELAMÍNICO BRANCO, FOLHA LEVE OU MÉDIA, 80X210CM, EXCLUSIVE FECHADURA, FIXAÇÃO COM PREENCHIMENTO PARCIAL DE ESPUMA EXPANSIVA - FORNECIMENTO E INSTALAÇÃO. AF_12/2019","UN",866.83]
["Esquadrias - Portas",100675,"KIT DE PORTA-PRONTA DE MADEIRA EM ACABAMENTO MELAMÍNICO BRANCO, FOLHA LEVE OU MÉDIA, 90X210, EXCLUSIVE FECHADURA, FIXAÇÃO COM PREENCHIMENTO TOTAL DE ESPUMA EXPANSIVA - FORNECIMENTO E INSTALAÇÃO. AF_12/2019","UN",960.24]
["Esquadrias - Portas",90794,"KIT DE PORTA-PRONTA DE MADEIRA EM ACABAMENTO MELAMÍNICO BRANCO, FOLHA LEVE OU MÉDIA, E BATENTE METÁLICO, 60X210CM, FIXAÇÃO COM ARGAMASSA - FORNECIMENTO E INSTALAÇÃO. AF_12/2019","UN",736.7]
["Esquadrias - Portas",90795,"KIT DE PORTA-PRONTA DE MADEIRA EM ACABAMENTO MELAMÍNICO BRANCO, FOLHA LEVE OU MÉDIA, E BATENTE METÁLICO, 70X210CM, FIXAÇÃO COM ARGAMASSA - FORNECIMENTO E INSTALAÇÃO. AF_12/2019","UN",745.68]
["Esquadrias - Portas",90796,"KIT DE PORTA-PRONTA DE MADEIRA EM ACABAMENTO MELAMÍNICO BRANCO, FOLHA LEVE OU MÉDIA, E BATENTE METÁLICO, 80X210CM, FIXAÇÃO COM ARGAMASSA - FORNECIMENTO E INSTALAÇÃO. AF_12/2019","UN",754.66]
["Esquadrias - Portas",90797,"KIT DE PORTA-PRONTA DE MADEIRA EM ACABAMENTO MELAMÍNICO BRANCO, FOLHA LEVE OU MÉDIA, E BATENTE METÁLICO, 90X210CM, FIXAÇÃO COM ARGAMASSA - FORNECIMENTO E INSTALAÇÃO. AF_12/2019","UN",763.63]
["Esquadrias - Portas",90791,"KIT DE PORTA-PRONTA DE MADEIRA EM ACABAMENTO MELAMÍNICO BRANCO, FOLHA PESADA OU SUPERPESADA, 80X210CM, FIXAÇÃO COM PREENCHIMENTO PARCIAL DE ESPUMA EXPANSIVA - FORNECIMENTO E INSTALAÇÃO. AF_12/2019","UN",1016.55]
["Esquadrias - Portas",90793,"KIT DE PORTA-PRONTA DE MADEIRA EM ACABAMENTO MELAMÍNICO BRANCO, FOLHA PESADA OU SUPERPESADA, 90X210CM, FIXAÇÃO COM PREENCHIMENTO TOTAL DE ESPUMA EXPANSIVA - FORNECIMENTO E INSTALAÇÃO. AF_12/2019","UN",1078.3800000000001]
["Esquadrias - Portas",90798,"KIT DE PORTA-PRONTA DE MADEIRA EM ACABAMENTO MELAMÍNICO BRANCO, FOLHA PESADA OU SUPERPESADA, E BATENTE METÁLICO, 80X210CM, FIXAÇÃO COM ARGAMASSA - FORNECIMENTO E INSTALAÇÃO. AF_12/2019","UN",1097.6199999999999]
["Esquadrias - Portas",90799,"KIT DE PORTA-PRONTA DE MADEIRA EM ACABAMENTO MELAMÍNICO BRANCO, FOLHA PESADA OU SUPERPESADA, E BATENTE METÁLICO, 90X210CM, FIXAÇÃO COM ARGAMASSA - FORNECIMENTO E INSTALAÇÃO. AF_12/2019","UN",1133.97]
["Esquadrias - Portas",100704,"PORTA CADEADO ZINCADO OXIDADO PRETO COM CADEADO DE AÇO INOX, LARGURA DE *50* MM. AF_12/2019","UN",74.58]
["Esquadrias - Portas",90838,"PORTA CORTA-FOGO 90X210X4CM - FORNECIMENTO E INSTALAÇÃO. AF_12/2019","UN",1198.27]
["Esquadrias - Portas",91338,"PORTA DE ALUMÍNIO DE ABRIR COM LAMBRI, COM GUARNIÇÃO, FIXAÇÃO COM PARAFUSOS - FORNECIMENTO E INSTALAÇÃO. AF_12/2019","M2",582.55999999999995]
["Esquadrias - Portas",94805,"PORTA DE ALUMÍNIO DE ABRIR PARA VIDRO SEM GUARNIÇÃO, 87X210CM, FIXAÇÃO COM PARAFUSOS, INCLUSIVE VIDROS - FORNECIMENTO E INSTALAÇÃO. AF_12/2019","UN",611.16999999999996]
["Esquadrias - Portas",100702,"PORTA DE CORRER DE ALUMÍNIO, COM DUAS FOLHAS PARA VIDRO, INCLUSO VIDRO LISO INCOLOR, FECHADURA E PUXADOR, SEM ALIZAR. AF_12/2019","M2",324.57]
["Esquadrias - Portas",100701,"PORTA DE FERRO, DE ABRIR, TIPO GRADE COM CHAPA, COM GUARNIÇÕES. AF_12/2019","M2",457.18]
["Esquadrias - Portas",100700,"PORTA DE MADEIRA COMPENSADA LISA PARA PINTURA, 120X210X3,5CM, 2 FOLHAS, INCLUSO ADUELA 2A, ALIZAR 2A E DOBRADIÇAS. AF_12/2019","UN",916.21]
["Esquadrias - Portas",91295,"PORTA DE MADEIRA FRISADA, SEMI-OCA (LEVE OU MÉDIA), 60X210CM, ESPESSURA DE 3CM, INCLUSO DOBRADIÇAS - FORNECIMENTO E INSTALAÇÃO. AF_12/2019","UN",390.05]
["Esquadrias - Portas",91296,"PORTA DE MADEIRA FRISADA, SEMI-OCA (LEVE OU MÉDIA), 70X210CM, ESPESSURA DE 3CM, INCLUSO DOBRADIÇAS - FORNECIMENTO E INSTALAÇÃO. AF_12/2019","UN",415.88]
["Esquadrias - Portas",91297,"PORTA DE MADEIRA FRISADA, SEMI-OCA (LEVE OU MÉDIA), 80X210CM, ESPESSURA DE 3,5CM, INCLUSO DOBRADIÇAS - FORNECIMENTO E INSTALAÇÃO. AF_12/2019","UN",454.07]
["Esquadrias - Portas",90820,"PORTA DE MADEIRA PARA PINTURA, SEMI-OCA (LEVE OU MÉDIA), 60X210CM, ESPESSURA DE 3,5CM, INCLUSO DOBRADIÇAS - FORNECIMENTO E INSTALAÇÃO. AF_12/2019","UN",368.89]
["Esquadrias - Portas",90821,"PORTA DE MADEIRA PARA PINTURA, SEMI-OCA (LEVE OU MÉDIA), 70X210CM, ESPESSURA DE 3,5CM, INCLUSO DOBRADIÇAS - FORNECIMENTO E INSTALAÇÃO. AF_12/2019","UN",376.56]
["Esquadrias - Portas",90822,"PORTA DE MADEIRA PARA PINTURA, SEMI-OCA (LEVE OU MÉDIA), 80X210CM, ESPESSURA DE 3,5CM, INCLUSO DOBRADIÇAS - FORNECIMENTO E INSTALAÇÃO. AF_12/2019","UN",401.47]
["Esquadrias - Portas",90823,"PORTA DE MADEIRA PARA PINTURA, SEMI-OCA (LEVE OU MÉDIA), 90X210CM, ESPESSURA DE 3,5CM, INCLUSO DOBRADIÇAS - FORNECIMENTO E INSTALAÇÃO. AF_12/2019","UN",483.04]
["Esquadrias - Portas",90824,"PORTA DE MADEIRA PARA PINTURA, SEMI-OCA (PESADA OU SUPERPESADA), 80X210CM, ESPESSURA DE 3,5CM, INCLUSO DOBRADIÇAS - FORNECIMENTO E INSTALAÇÃO. AF_12/2019","UN",672.6]
["Esquadrias - Portas",91009,"PORTA DE MADEIRA PARA VERNIZ, SEMI-OCA (LEVE OU MÉDIA), 60X210CM, ESPESSURA DE 3,5CM, INCLUSO DOBRADIÇAS - FORNECIMENTO E INSTALAÇÃO. AF_12/2019","UN",380.23]
["Esquadrias - Portas",91010,"PORTA DE MADEIRA PARA VERNIZ, SEMI-OCA (LEVE OU MÉDIA), 70X210CM, ESPESSURA DE 3,5CM, INCLUSO DOBRADIÇAS - FORNECIMENTO E INSTALAÇÃO. AF_12/2019","UN",388.44]
["Esquadrias - Portas",91011,"PORTA DE MADEIRA PARA VERNIZ, SEMI-OCA (LEVE OU MÉDIA), 80X210CM, ESPESSURA DE 3,5CM, INCLUSO DOBRADIÇAS - FORNECIMENTO E INSTALAÇÃO. AF_12/2019","UN",447.52]
["Esquadrias - Portas",91012,"PORTA DE MADEIRA PARA VERNIZ, SEMI-OCA (LEVE OU MÉDIA), 90X210CM, ESPESSURA DE 3,5CM, INCLUSO DOBRADIÇAS - FORNECIMENTO E INSTALAÇÃO. AF_12/2019","UN",493.09]
["Esquadrias - Portas",91298,"PORTA DE MADEIRA TIPO VENEZIANA, 80X210CM, ESPESSURA DE 3CM, INCLUSO DOBRADIÇAS - FORNECIMENTO E INSTALAÇÃO. AF_12/2019","UN",1285.98]
["Esquadrias - Portas",90825,"PORTA DE MADEIRA, MACIÇA (PESADA OU SUPERPESADA), 90X210CM, ESPESSURA DE 3,5CM, INCLUSO DOBRADIÇAS - FORNECIMENTO E INSTALAÇÃO. AF_12/2019","UN",744.34]
["Esquadrias - Portas",91299,"PORTA DE MADEIRA, TIPO MEXICANA, MACIÇA (PESADA OU SUPERPESADA), 80X210CM, ESPESSURA DE 3,5CM, INCLUSO DOBRADIÇAS - FORNECIMENTO E INSTALAÇÃO. AF_12/2019","UN",1799.27]
["Esquadrias - Portas",91341,"PORTA EM ALUMÍNIO DE ABRIR TIPO VENEZIANA COM GUARNIÇÃO, FIXAÇÃO COM PARAFUSOS - FORNECIMENTO E INSTALAÇÃO. AF_12/2019","M2",453.43]
["Esquadrias - Portas",94806,"PORTA EM AÇO DE ABRIR PARA VIDRO SEM GUARNIÇÃO, 87X210CM, FIXAÇÃO COM PARAFUSOS, EXCLUSIVE VIDROS - FORNECIMENTO E INSTALAÇÃO. AF_12/2019","UN",555.54999999999995]
["Esquadrias - Portas",94807,"PORTA EM AÇO DE ABRIR TIPO VENEZIANA SEM GUARNIÇÃO, 87X210CM, FIXAÇÃO COM PARAFUSOS - FORNECIMENTO E INSTALAÇÃO. AF_12/2019","UN",510.41]
["Esquadrias - Portas",100703,"PUXADOR CENTRAL PARA ESQUADRIA DE MADEIRA. AF_12/2019","UN",35.729999999999997]
["Esquadrias - Portas",100695,"RECOLOCAÇÃO DE FOLHAS DE PORTA DE MADEIRA LEVE OU MÉDIA DE 60CM DE LARGURA, CONSIDERANDO REAPROVEITAMENTO DO MATERIAL. AF_12/2019","UN",71.489999999999995]
["Esquadrias - Portas",100696,"RECOLOCAÇÃO DE FOLHAS DE PORTA DE MADEIRA LEVE OU MÉDIA DE 70CM DE LARGURA, CONSIDERANDO REAPROVEITAMENTO DO MATERIAL. AF_12/2019","UN",79.53]
["Esquadrias - Portas",100697,"RECOLOCAÇÃO DE FOLHAS DE PORTA DE MADEIRA LEVE OU MÉDIA DE 80CM DE LARGURA, CONSIDERANDO REAPROVEITAMENTO DO MATERIAL. AF_12/2019","UN",87.64]
["Esquadrias - Portas",100698,"RECOLOCAÇÃO DE FOLHAS DE PORTA DE MADEIRA LEVE OU MÉDIA DE 90CM DE LARGURA, CONSIDERANDO REAPROVEITAMENTO DO MATERIAL. AF_12/2019","UN",95.72]
["Esquadrias - Portas",100699,"RECOLOCAÇÃO DE FOLHAS DE PORTA DE MADEIRA PESADA OU SUPERPESADA DE 80CM DE LARGURA, CONSIDERANDO REAPROVEITAMENTO DO MATERIAL. AF_12/2019","UN",114.09]
["Esquadrias - Portas",100705,"TARJETA TIPO LIVRE/OCUPADO PARA PORTA DE BANHEIRO. AF_12/2019","UN",87.94]
["Estacas Broca, Strauss e Escavada com Fluido Estabilizante",101173,"ESTACA BROCA DE CONCRETO, DIÂMETRO DE 20CM, ESCAVAÇÃO MANUAL COM TRADO CONCHA, COM ARMADURA DE ARRANQUE. AF_05/2020","M",66.56]
["Estacas Broca, Strauss e Escavada com Fluido Estabilizante",101174,"ESTACA BROCA DE CONCRETO, DIÂMETRO DE 25CM, ESCAVAÇÃO MANUAL COM TRADO CONCHA, COM ARMADURA DE ARRANQUE. AF_05/2020","M",95.32]
["Estacas Broca, Strauss e Escavada com Fluido Estabilizante",101175,"ESTACA BROCA DE CONCRETO, DIÂMETRO DE 30CM, ESCAVAÇÃO MANUAL COM TRADO CONCHA, COM ARMADURA DE ARRANQUE. AF_05/2020","M",130.31]
["Estacas Broca, Strauss e Escavada com Fluido Estabilizante",101176,"ESTACA BROCA DE CONCRETO, DIÂMETRO DE 30CM, ESCAVAÇÃO MANUAL COM TRADO CONCHA, INTEIRAMENTE ARMADA. AF_05/2020","M",156.75]
["Estacas Broca, Strauss e Escavada com Fluido Estabilizante",101183,"ESTACA CIRCULAR ESCAVADA COM FLUIDO ESTABILIZANTE (ESTACÃO), DIÂMETRO DE 110CM (EXCLUSIVE MOBILIZAÇÃO E DESMOBILIZAÇÃO). AF_05/2020","M",0]
["Estacas Broca, Strauss e Escavada com Fluido Estabilizante",101184,"ESTACA CIRCULAR ESCAVADA COM FLUIDO ESTABILIZANTE (ESTACÃO), DIÂMETRO DE 140CM (EXCLUSIVE MOBILIZAÇÃO E DESMOBILIZAÇÃO). AF_05/2020","M",0]
["Estacas Broca, Strauss e Escavada com Fluido Estabilizante",101182,"ESTACA CIRCULAR ESCAVADA COM FLUIDO ESTABILIZANTE (ESTACÃO), DIÂMETRO DE 80CM (EXCLUSIVE MOBILIZAÇÃO E DESMOBILIZAÇÃO). AF_05/2020","M",0]
["Estacas Broca, Strauss e Escavada com Fluido Estabilizante",101185,"ESTACA RETANGULAR ESCAVADA COM FLUIDO ESTABILIZANTE (BARRETE), 40 X 250CM (EXCLUSIVE MOBILIZAÇÃO E DESMOBILIZAÇÃO). AF_05/2020","M",0]
["Estacas Broca, Strauss e Escavada com Fluido Estabilizante",101186,"ESTACA RETANGULAR ESCAVADA COM FLUIDO ESTABILIZANTE (BARRETE), 60 X 250CM (EXCLUSIVE MOBILIZAÇÃO E DESMOBILIZAÇÃO). AF_05/2020","M",0]
["Estacas Broca, Strauss e Escavada com Fluido Estabilizante",101187,"ESTACA RETANGULAR ESCAVADA COM FLUIDO ESTABILIZANTE (BARRETE), 80 X 250CM (EXCLUSIVE MOBILIZAÇÃO E DESMOBILIZAÇÃO). AF_05/2020","M",0]
["Estacas Broca, Strauss e Escavada com Fluido Estabilizante",101177,"ESTACA STRAUSS, DIÂMETRO DE 25CM, COM ARMADURA DE ARRANQUE (EXCLUSIVE MOBILIZAÇÃO E DESMOBILIZAÇÃO). AF_05/2020","M",0]
["Estacas Broca, Strauss e Escavada com Fluido Estabilizante",101178,"ESTACA STRAUSS, DIÂMETRO DE 32CM, COM ARMADURA DE ARRANQUE (EXCLUSIVE MOBILIZAÇÃO E DESMOBILIZAÇÃO). AF_05/2020","M",0]
["Estacas Broca, Strauss e Escavada com Fluido Estabilizante",101180,"ESTACA STRAUSS, DIÂMETRO DE 32CM, INTEIRAMENTE ARMADA (EXCLUSIVE MOBILIZAÇÃO E DESMOBILIZAÇÃO). AF_05/2020","M",0]
["Estacas Broca, Strauss e Escavada com Fluido Estabilizante",101179,"ESTACA STRAUSS, DIÂMETRO DE 38CM, COM ARMADURA DE ARRANQUE (EXCLUSIVE MOBILIZAÇÃO E DESMOBILIZAÇÃO). AF_05/2020","M",0]
["Estacas Broca, Strauss e Escavada com Fluido Estabilizante",101181,"ESTACA STRAUSS, DIÂMETRO DE 38CM, INTEIRAMENTE ARMADA (EXCLUSIVE MOBILIZAÇÃO E DESMOBILIZAÇÃO). AF_05/2020","M",0]
["Estacas Escavadas Sem Fluido Estabilizante",100899,"ESTACA ESCAVADA MECANICAMENTE, SEM FLUIDO ESTABILIZANTE, COM 25CM DE DIÂMETRO, CONCRETO LANÇADO MANUALMENTE (EXCLUSIVE MOBILIZAÇÃO E DESMOBILIZAÇÃO). AF_01/2020","M",93.55]
["Estacas Escavadas Sem Fluido Estabilizante",100896,"ESTACA ESCAVADA MECANICAMENTE, SEM FLUIDO ESTABILIZANTE, COM 25CM DE DIÂMETRO, CONCRETO LANÇADO POR CAMINHÃO BETONEIRA (EXCLUSIVE MOBILIZAÇÃO E DESMOBILIZAÇÃO). AF_01/2020","M",66.06]
["Estacas Escavadas Sem Fluido Estabilizante",100897,"ESTACA ESCAVADA MECANICAMENTE, SEM FLUIDO ESTABILIZANTE, COM 40CM DE DIÂMETRO, CONCRETO LANÇADO POR CAMINHÃO BETONEIRA (EXCLUSIVE MOBILIZAÇÃO E DESMOBILIZAÇÃO). AF_01/2020","M",130.86000000000001]
["Estacas Escavadas Sem Fluido Estabilizante",100900,"ESTACA ESCAVADA MECANICAMENTE, SEM FLUIDO ESTABILIZANTE, COM 60CM DE DIÂMETRO, CONCRETO LANÇADO POR BOMBA LANÇA (EXCLUSIVE BOMBEAMENTO, MOBILIZAÇÃO E DESMOBILIZAÇÃO). AF_01/2020","M",294.42]
["Estacas Escavadas Sem Fluido Estabilizante",100898,"ESTACA ESCAVADA MECANICAMENTE, SEM FLUIDO ESTABILIZANTE, COM 60CM DE DIÂMETRO, CONCRETO LANÇADO POR CAMINHÃO BETONEIRA (EXCLUSIVE MOBILIZAÇÃO E DESMOBILIZAÇÃO). AF_01/2020","M",254.86]
["Estacas Metálicas",100892,"ESTACA METÁLICA PARA CONTENÇÃO, UTILIZANDO PERFIL LAMINADO W250X32,7 (EXCLUSIVE MOBILIZAÇÃO E DESMOBILIZAÇÃO). AF_01/2020","KG",12.19]
["Estacas Metálicas",100893,"ESTACA METÁLICA PARA CONTENÇÃO, UTILIZANDO PERFIL LAMINADO W250X38,5 (EXCLUSIVE MOBILIZAÇÃO E DESMOBILIZAÇÃO). AF_01/2020","KG",11.96]
["Estacas Metálicas",100894,"ESTACA METÁLICA PARA CONTENÇÃO, UTILIZANDO PERFIL LAMINADO W250X44,8 (EXCLUSIVE MOBILIZAÇÃO E DESMOBILIZAÇÃO). AF_01/2020","KG",11.79]
["Estacas Metálicas",100889,"ESTACA METÁLICA PARA FUNDAÇÃO, UTILIZANDO PERFIL LAMINADO HP250X62 (EXCLUSIVE MOBILIZAÇÃO E DESMOBILIZAÇÃO). AF_01/2020","KG",11.63]
["Estacas Metálicas",100891,"ESTACA METÁLICA PARA FUNDAÇÃO, UTILIZANDO PERFIL LAMINADO HP310X125 (EXCLUSIVE MOBILIZAÇÃO E DESMOBILIZAÇÃO). AF_01/2020","KG",0]
["Estacas Metálicas",100890,"ESTACA METÁLICA PARA FUNDAÇÃO, UTILIZANDO PERFIL LAMINADO HP310X79 (EXCLUSIVE MOBILIZAÇÃO E DESMOBILIZAÇÃO). AF_01/2020","KG",11.44]
["Estacas Pré-Moldadas",100658,"ESTACA PRÉ-MOLDADA DE CONCRETO CENTRIFUGADO, SEÇÃO CIRCULAR, CAPACIDADE DE 100 TONELADAS, INCLUSO EMENDA (EXCLUSIVE MOBILIZAÇÃO E DESMOBILIZAÇÃO). AF_12/2019","M",369.86]
["Estacas Pré-Moldadas",100657,"ESTACA PRÉ-MOLDADA DE CONCRETO SEÇÃO QUADRADA, CAPACIDADE DE 50 TONELADAS, INCLUSO EMENDA (EXCLUSIVE MOBILIZAÇÃO E DESMOBILIZAÇÃO). AF_12/2019","M",161.41]
["Estacas Pré-Moldadas",100656,"ESTACA PRÉ-MOLDADA DE CONCRETO, SEÇÃO QUADRADA, CAPACIDADE DE 25 TONELADAS, INCLUSO EMENDA (EXCLUSIVE MOBILIZAÇÃO E DESMOBILIZAÇÃO). AF_12/2019","M",125.52]
["Estacas Raiz",102649,"ESTACA RAIZ, DIÂMETRO DE 20 CM, PERFURADA EM ROCHA (EXCLUSIVE MOBILIZAÇÃO E DESMOBILIZAÇÃO). AF_03/2020","M",0]
["Estacas Raiz",102645,"ESTACA RAIZ, DIÂMETRO DE 20 CM, SEM PRESENÇA DE ROCHA (EXCLUSIVE MOBILIZAÇÃO E DESMOBILIZAÇÃO). AF_03/2020","M",0]
["Estacas Raiz",102650,"ESTACA RAIZ, DIÂMETRO DE 31 CM, PERFURADA EM ROCHA (EXCLUSIVE MOBILIZAÇÃO E DESMOBILIZAÇÃO). AF_03/2020","M",0]
["Estacas Raiz",102646,"ESTACA RAIZ, DIÂMETRO DE 31 CM, SEM PRESENÇA DE ROCHA (EXCLUSIVE MOBILIZAÇÃO E DESMOBILIZAÇÃO). AF_03/2020","M",0]
["Estacas Raiz",102651,"ESTACA RAIZ, DIÂMETRO DE 40 CM, PERFURADA EM ROCHA (EXCLUSIVE MOBILIZAÇÃO E DESMOBILIZAÇÃO). AF_03/2020","M",0]
["Estacas Raiz",102647,"ESTACA RAIZ, DIÂMETRO DE 40 CM, SEM PRESENÇA DE ROCHA (EXCLUSIVE MOBILIZAÇÃO E DESMOBILIZAÇÃO). AF_03/2020","M",0]
["Estacas Raiz",102652,"ESTACA RAIZ, DIÂMETRO DE 45 CM, PERFURADA EM ROCHA (EXCLUSIVE MOBILIZAÇÃO E DESMOBILIZAÇÃO). AF_03/2020","M",0]
["Estacas Raiz",102648,"ESTACA RAIZ, DIÂMETRO DE 45 CM, SEM PRESENÇA DE ROCHA (EXCLUSIVE MOBILIZAÇÃO E DESMOBILIZAÇÃO). AF_03/2020","M",0]
["Estacas em Hélice Contínua",100651,"ESTACA HÉLICE CONTÍNUA, DIÂMETRO DE 30 CM, INCLUSO CONCRETO FCK=30MPA E ARMADURA MÍNIMA (EXCLUSIVE BOMBEAMENTO, MOBILIZAÇÃO E DESMOBILIZAÇÃO). AF_12/2019","M",151.06]
["Estacas em Hélice Contínua",100652,"ESTACA HÉLICE CONTÍNUA, DIÂMETRO DE 50 CM, INCLUSO CONCRETO FCK=30MPA E ARMADURA MÍNIMA (EXCLUSIVE BOMBEAMENTO, MOBILIZAÇÃO E DESMOBILIZAÇÃO). AF_12/2019","M",291.47000000000003]
["Estacas em Hélice Contínua",100653,"ESTACA HÉLICE CONTÍNUA, DIÂMETRO DE 70 CM, INCLUSO CONCRETO FCK=30MPA E ARMADURA MÍNIMA (EXCLUSIVE BOMBEAMENTO, MOBILIZAÇÃO E DESMOBILIZAÇÃO). AF_12/2019","M",485.3]
["Estacas em Hélice Contínua",100654,"ESTACA HÉLICE CONTÍNUA, DIÂMETRO DE 80 CM, INCLUSO CONCRETO FCK=30MPA E ARMADURA MÍNIMA (EXCLUSIVE BOMBEAMENTO, MOBILIZAÇÃO E DESMOBILIZAÇÃO). AF_12/2019","M",638.99]
["Estacas em Hélice Contínua",100655,"ESTACA HÉLICE CONTÍNUA, DIÂMETRO DE 90 CM, INCLUSO CONCRETO FCK=30MPA E ARMADURA MÍNIMA (EXCLUSIVE BOMBEAMENTO, MOBILIZAÇÃO E DESMOBILIZAÇÃO). AF_12/2019","M",745.94]
["Estrutura e Trama para Cobertura",100364,"FABRICAÇÃO E INSTALAÇÃO DE MEIA TESOURA DE MADEIRA NÃO APARELHADA, COM VÃO DE 10 M, PARA TELHA CERÂMICA OU DE CONCRETO, INCLUSO IÇAMENTO. AF_07/2019","UN",3313.34]
["Estrutura e Trama para Cobertura",100374,"FABRICAÇÃO E INSTALAÇÃO DE MEIA TESOURA DE MADEIRA NÃO APARELHADA, COM VÃO DE 10 M, PARA TELHA ONDULADA DE FIBROCIMENTO, ALUMÍNIO, PLÁSTICA OU TERMOACÚSTICA, INCLUSO IÇAMENTO. AF_07/2019","UN",3103.55]
["Estrutura e Trama para Cobertura",100365,"FABRICAÇÃO E INSTALAÇÃO DE MEIA TESOURA DE MADEIRA NÃO APARELHADA, COM VÃO DE 11 M, PARA TELHA CERÂMICA OU DE CONCRETO, INCLUSO IÇAMENTO. AF_07/2019","UN",3826.49]
["Estrutura e Trama para Cobertura",100375,"FABRICAÇÃO E INSTALAÇÃO DE MEIA TESOURA DE MADEIRA NÃO APARELHADA, COM VÃO DE 11 M, PARA TELHA ONDULADA DE FIBROCIMENTO, ALUMÍNIO, PLÁSTICA OU TERMOACÚSTICA, INCLUSO IÇAMENTO. AF_07/2019","UN",3513.82]
["Estrutura e Trama para Cobertura",100366,"FABRICAÇÃO E INSTALAÇÃO DE MEIA TESOURA DE MADEIRA NÃO APARELHADA, COM VÃO DE 12 M, PARA TELHA CERÂMICA OU DE CONCRETO, INCLUSO IÇAMENTO. AF_07/2019","UN",4067.23]
["Estrutura e Trama para Cobertura",100376,"FABRICAÇÃO E INSTALAÇÃO DE MEIA TESOURA DE MADEIRA NÃO APARELHADA, COM VÃO DE 12 M, PARA TELHA ONDULADA DE FIBROCIMENTO, ALUMÍNIO, PLÁSTICA OU TERMOACÚSTICA, INCLUSO IÇAMENTO. AF_07/2019","UN",3445.46]
["Estrutura e Trama para Cobertura",100357,"FABRICAÇÃO E INSTALAÇÃO DE MEIA TESOURA DE MADEIRA NÃO APARELHADA, COM VÃO DE 3 M, PARA TELHA CERÂMICA OU DE CONCRETO, INCLUSO IÇAMENTO. AF_07/2019","UN",1142.02]
["Estrutura e Trama para Cobertura",100367,"FABRICAÇÃO E INSTALAÇÃO DE MEIA TESOURA DE MADEIRA NÃO APARELHADA, COM VÃO DE 3 M, PARA TELHA ONDULADA DE FIBROCIMENTO, ALUMÍNIO, PLÁSTICA OU TERMOACÚSTICA, INCLUSO IÇAMENTO. AF_07/2019","UN",1113.8699999999999]
["Estrutura e Trama para Cobertura",100358,"FABRICAÇÃO E INSTALAÇÃO DE MEIA TESOURA DE MADEIRA NÃO APARELHADA, COM VÃO DE 4 M, PARA TELHA CERÂMICA OU DE CONCRETO, INCLUSO IÇAMENTO. AF_07/2019","UN",1569.78]
["Estrutura e Trama para Cobertura",100368,"FABRICAÇÃO E INSTALAÇÃO DE MEIA TESOURA DE MADEIRA NÃO APARELHADA, COM VÃO DE 4 M, PARA TELHA ONDULADA DE FIBROCIMENTO, ALUMÍNIO, PLÁSTICA OU TERMOACÚSTICA, INCLUSO IÇAMENTO. AF_07/2019","UN",1535.05]
["Estrutura e Trama para Cobertura",100359,"FABRICAÇÃO E INSTALAÇÃO DE MEIA TESOURA DE MADEIRA NÃO APARELHADA, COM VÃO DE 5 M, PARA TELHA CERÂMICA OU DE CONCRETO, INCLUSO IÇAMENTO. AF_07/2019","UN",1643.08]
["Estrutura e Trama para Cobertura",100369,"FABRICAÇÃO E INSTALAÇÃO DE MEIA TESOURA DE MADEIRA NÃO APARELHADA, COM VÃO DE 5 M, PARA TELHA ONDULADA DE FIBROCIMENTO, ALUMÍNIO, PLÁSTICA OU TERMOACÚSTICA, INCLUSO IÇAMENTO. AF_07/2019","UN",1608.35]
["Estrutura e Trama para Cobertura",100360,"FABRICAÇÃO E INSTALAÇÃO DE MEIA TESOURA DE MADEIRA NÃO APARELHADA, COM VÃO DE 6 M, PARA TELHA CERÂMICA OU DE CONCRETO, INCLUSO IÇAMENTO. AF_07/2019","UN",1821.17]
["Estrutura e Trama para Cobertura",100370,"FABRICAÇÃO E INSTALAÇÃO DE MEIA TESOURA DE MADEIRA NÃO APARELHADA, COM VÃO DE 6 M, PARA TELHA ONDULADA DE FIBROCIMENTO, ALUMÍNIO, PLÁSTICA OU TERMOACÚSTICA, INCLUSO IÇAMENTO. AF_07/2019","UN",1894.02]
["Estrutura e Trama para Cobertura",100361,"FABRICAÇÃO E INSTALAÇÃO DE MEIA TESOURA DE MADEIRA NÃO APARELHADA, COM VÃO DE 7 M, PARA TELHA CERÂMICA OU DE CONCRETO, INCLUSO IÇAMENTO. AF_07/2019","UN",2280.13]
["Estrutura e Trama para Cobertura",100371,"FABRICAÇÃO E INSTALAÇÃO DE MEIA TESOURA DE MADEIRA NÃO APARELHADA, COM VÃO DE 7 M, PARA TELHA ONDULADA DE FIBROCIMENTO, ALUMÍNIO, PLÁSTICA OU TERMOACÚSTICA, INCLUSO IÇAMENTO. AF_07/2019","UN",2187.52]
["Estrutura e Trama para Cobertura",100362,"FABRICAÇÃO E INSTALAÇÃO DE MEIA TESOURA DE MADEIRA NÃO APARELHADA, COM VÃO DE 8 M, PARA TELHA CERÂMICA OU DE CONCRETO, INCLUSO IÇAMENTO. AF_07/2019","UN",2958.39]
["Estrutura e Trama para Cobertura",100372,"FABRICAÇÃO E INSTALAÇÃO DE MEIA TESOURA DE MADEIRA NÃO APARELHADA, COM VÃO DE 8 M, PARA TELHA ONDULADA DE FIBROCIMENTO, ALUMÍNIO, PLÁSTICA OU TERMOACÚSTICA, INCLUSO IÇAMENTO. AF_07/2019","UN",2799.72]
["Estrutura e Trama para Cobertura",100363,"FABRICAÇÃO E INSTALAÇÃO DE MEIA TESOURA DE MADEIRA NÃO APARELHADA, COM VÃO DE 9 M, PARA TELHA CERÂMICA OU DE CONCRETO, INCLUSO IÇAMENTO. AF_07/2019","UN",3047.88]
["Estrutura e Trama para Cobertura",100373,"FABRICAÇÃO E INSTALAÇÃO DE MEIA TESOURA DE MADEIRA NÃO APARELHADA, COM VÃO DE 9 M, PARA TELHA ONDULADA DE FIBROCIMENTO, ALUMÍNIO, PLÁSTICA OU TERMOACÚSTICA, INCLUSO IÇAMENTO. AF_07/2019","UN",2888.55]
["Estrutura e Trama para Cobertura",100381,"FABRICAÇÃO E INSTALAÇÃO DE PONTALETES DE MADEIRA NÃO APARELHADA PARA TELHADOS COM ATÉ 2 ÁGUAS E COM TELHA CERÂMICA OU DE CONCRETO EM EDIFÍCIO INSTITUCIONAL TÉRREO, INCLUSO TRANSPORTE VERTICAL. AF_07/2019","M2",61.99]
["Estrutura e Trama para Cobertura",100380,"FABRICAÇÃO E INSTALAÇÃO DE PONTALETES DE MADEIRA NÃO APARELHADA PARA TELHADOS COM ATÉ 2 ÁGUAS E COM TELHA CERÂMICA OU DE CONCRETO EM EDIFÍCIO RESIDENCIAL DE MÚLTIPLOS PAVIMENTOS, INCLUSO TRANSPORTE VERTICAL. AF_07/2019","M2",54.68]
["Estrutura e Trama para Cobertura",100379,"FABRICAÇÃO E INSTALAÇÃO DE PONTALETES DE MADEIRA NÃO APARELHADA PARA TELHADOS COM ATÉ 2 ÁGUAS E COM TELHA CERÂMICA OU DE CONCRETO EM EDIFÍCIO RESIDENCIAL TÉRREO, INCLUSO TRANSPORTE VERTICAL. AF_07/2019","M2",40.72]
["Estrutura e Trama para Cobertura",100384,"FABRICAÇÃO E INSTALAÇÃO DE PONTALETES DE MADEIRA NÃO APARELHADA PARA TELHADOS COM ATÉ 2 ÁGUAS E COM TELHA ONDULADA DE FIBROCIMENTO, ALUMÍNIO OU PLÁSTICA EM EDIFÍCIO INSTITUCIONAL TÉRREO, INCLUSO TRANSPORTE VERTICAL. AF_07/2019","M2",28.36]
["Estrutura e Trama para Cobertura",100383,"FABRICAÇÃO E INSTALAÇÃO DE PONTALETES DE MADEIRA NÃO APARELHADA PARA TELHADOS COM ATÉ 2 ÁGUAS E COM TELHA ONDULADA DE FIBROCIMENTO, ALUMÍNIO OU PLÁSTICA EM EDIFÍCIO RESIDENCIAL DE MÚLTIPLOS PAVIMENTOS, INCLUSO TRANSPORTE VERTICAL. AF_07/2019","M2",26.7]
["Estrutura e Trama para Cobertura",100382,"FABRICAÇÃO E INSTALAÇÃO DE PONTALETES DE MADEIRA NÃO APARELHADA PARA TELHADOS COM ATÉ 2 ÁGUAS E COM TELHA ONDULADA DE FIBROCIMENTO, ALUMÍNIO OU PLÁSTICA EM EDIFÍCIO RESIDENCIAL TÉRREO, INCLUSO TRANSPORTE VERTICAL. AF_07/2019","M2",24.55]
["Estrutura e Trama para Cobertura",100387,"FABRICAÇÃO E INSTALAÇÃO DE PONTALETES DE MADEIRA NÃO APARELHADA PARA TELHADOS COM MAIS QUE 2 ÁGUAS E COM TELHA CERÂMICA OU DE CONCRETO EM EDIFÍCIO INSTITUCIONAL TÉRREO, INCLUSO TRANSPORTE VERTICAL. AF_07/2019","M2",57.58]
["Estrutura e Trama para Cobertura",100386,"FABRICAÇÃO E INSTALAÇÃO DE PONTALETES DE MADEIRA NÃO APARELHADA PARA TELHADOS COM MAIS QUE 2 ÁGUAS E COM TELHA CERÂMICA OU DE CONCRETO EM EDIFÍCIO RESIDENCIAL DE MÚLTIPLOS PAVIMENTOS. AF_07/2019","M2",46.82]
["Estrutura e Trama para Cobertura",100385,"FABRICAÇÃO E INSTALAÇÃO DE PONTALETES DE MADEIRA NÃO APARELHADA PARA TELHADOS COM MAIS QUE 2 ÁGUAS E COM TELHA CERÂMICA OU DE CONCRETO EM EDIFÍCIO RESIDENCIAL TÉRREO, INCLUSO TRANSPORTE VERTICAL. AF_07/2019","M2",36.049999999999997]
["Estrutura e Trama para Cobertura",100377,"FABRICAÇÃO E INSTALAÇÃO DE TESOURA (INTEIRA OU MEIA) EM AÇO, VÃOS MAIORES OU IGUAIS A 3,0 M E MENORES OU IGUAL A 6,0 M, INCLUSO IÇAMENTO. AF_07/2019","KG",11.81]
["Estrutura e Trama para Cobertura",100378,"FABRICAÇÃO E INSTALAÇÃO DE TESOURA (INTEIRA OU MEIA) EM AÇO, VÃOS MAIORES QUE 6,0 M E MENORES QUE 12,0 M, INCLUSO IÇAMENTO. AF_07/2019","KG",10.91]
["Estrutura e Trama para Cobertura",92596,"FABRICAÇÃO E INSTALAÇÃO DE TESOURA INTEIRA EM AÇO, VÃO DE 10 M, PARA TELHA CERÂMICA OU DE CONCRETO, INCLUSO IÇAMENTO. AF_07/2019","UN",1939.14]
["Estrutura e Trama para Cobertura",92616,"FABRICAÇÃO E INSTALAÇÃO DE TESOURA INTEIRA EM AÇO, VÃO DE 10 M, PARA TELHA ONDULADA DE FIBROCIMENTO, METÁLICA, PLÁSTICA OU TERMOACÚSTICA, INCLUSO IÇAMENTO. AF_07/2019","UN",1854.81]
["Estrutura e Trama para Cobertura",92598,"FABRICAÇÃO E INSTALAÇÃO DE TESOURA INTEIRA EM AÇO, VÃO DE 11 M, PARA TELHA CERÂMICA OU DE CONCRETO, INCLUSO IÇAMENTO. AF_07/2019","UN",2050.15]
["Estrutura e Trama para Cobertura",92618,"FABRICAÇÃO E INSTALAÇÃO DE TESOURA INTEIRA EM AÇO, VÃO DE 11 M, PARA TELHA ONDULADA DE FIBROCIMENTO, METÁLICA, PLÁSTICA OU TERMOACÚSTICA, INCLUSO IÇAMENTO. AF_07/2019","UN",1965.82]
["Estrutura e Trama para Cobertura",92600,"FABRICAÇÃO E INSTALAÇÃO DE TESOURA INTEIRA EM AÇO, VÃO DE 12 M, PARA TELHA CERÂMICA OU DE CONCRETO, INCLUSO IÇAMENTO. AF_07/2019","UN",2189.2800000000002]
["Estrutura e Trama para Cobertura",92620,"FABRICAÇÃO E INSTALAÇÃO DE TESOURA INTEIRA EM AÇO, VÃO DE 12 M, PARA TELHA ONDULADA DE FIBROCIMENTO, METÁLICA, PLÁSTICA OU TERMOACÚSTICA, INCLUSO IÇAMENTO. AF_07/2019","UN",2076.84]
["Estrutura e Trama para Cobertura",92582,"FABRICAÇÃO E INSTALAÇÃO DE TESOURA INTEIRA EM AÇO, VÃO DE 3 M, PARA TELHA CERÂMICA OU DE CONCRETO, INCLUSO IÇAMENTO. AF_07/2019","UN",729.4]
["Estrutura e Trama para Cobertura",92602,"FABRICAÇÃO E INSTALAÇÃO DE TESOURA INTEIRA EM AÇO, VÃO DE 3 M, PARA TELHA ONDULADA DE FIBROCIMENTO, METÁLICA, PLÁSTICA OU TERMOACÚSTICA, INCLUSO IÇAMENTO. AF_07/2019","UN",729.4]
["Estrutura e Trama para Cobertura",92584,"FABRICAÇÃO E INSTALAÇÃO DE TESOURA INTEIRA EM AÇO, VÃO DE 4 M, PARA TELHA CERÂMICA OU DE CONCRETO, INCLUSO IÇAMENTO. AF_07/2019","UN",840.41]
["Estrutura e Trama para Cobertura",92604,"FABRICAÇÃO E INSTALAÇÃO DE TESOURA INTEIRA EM AÇO, VÃO DE 4 M, PARA TELHA ONDULADA DE FIBROCIMENTO, METÁLICA, PLÁSTICA OU TERMOACÚSTICA, INCLUSO IÇAMENTO. AF_07/2019","UN",812.3]
["Estrutura e Trama para Cobertura",92586,"FABRICAÇÃO E INSTALAÇÃO DE TESOURA INTEIRA EM AÇO, VÃO DE 5 M, PARA TELHA CERÂMICA OU DE CONCRETO, INCLUSO IÇAMENTO. AF_07/2019","UN",951.42]
["Estrutura e Trama para Cobertura",92606,"FABRICAÇÃO E INSTALAÇÃO DE TESOURA INTEIRA EM AÇO, VÃO DE 5 M, PARA TELHA ONDULADA DE FIBROCIMENTO, METÁLICA, PLÁSTICA OU TERMOACÚSTICA, INCLUSO IÇAMENTO. AF_07/2019","UN",923.31]
["Estrutura e Trama para Cobertura",92588,"FABRICAÇÃO E INSTALAÇÃO DE TESOURA INTEIRA EM AÇO, VÃO DE 6 M, PARA TELHA CERÂMICA OU DE CONCRETO, INCLUSO IÇAMENTO. AF_07/2019","UN",1214.05]
["Estrutura e Trama para Cobertura",92608,"FABRICAÇÃO E INSTALAÇÃO DE TESOURA INTEIRA EM AÇO, VÃO DE 6 M, PARA TELHA ONDULADA DE FIBROCIMENTO, METÁLICA, PLÁSTICA OU TERMOACÚSTICA, INCLUSO IÇAMENTO. AF_07/2019","UN",1157.83]
["Estrutura e Trama para Cobertura",92590,"FABRICAÇÃO E INSTALAÇÃO DE TESOURA INTEIRA EM AÇO, VÃO DE 7 M, PARA TELHA CERÂMICA OU DE CONCRETO, INCLUSO IÇAMENTO. AF_07/2019","UN",1325.05]
["Estrutura e Trama para Cobertura",92610,"FABRICAÇÃO E INSTALAÇÃO DE TESOURA INTEIRA EM AÇO, VÃO DE 7 M, PARA TELHA ONDULADA DE FIBROCIMENTO, METÁLICA, PLÁSTICA OU TERMOACÚSTICA, INCLUSO IÇAMENTO. AF_07/2019","UN",1268.8399999999999]
["Estrutura e Trama para Cobertura",92592,"FABRICAÇÃO E INSTALAÇÃO DE TESOURA INTEIRA EM AÇO, VÃO DE 8 M, PARA TELHA CERÂMICA OU DE CONCRETO, INCLUSO IÇAMENTO. AF_07/2019","UN",1496.66]
["Estrutura e Trama para Cobertura",92612,"FABRICAÇÃO E INSTALAÇÃO DE TESOURA INTEIRA EM AÇO, VÃO DE 8 M, PARA TELHA ONDULADA DE FIBROCIMENTO, METÁLICA, PLÁSTICA OU TERMOACÚSTICA, INCLUSO IÇAMENTO, INCLUSO IÇAMENTO. AF_07/2019","UN",1440.45]
["Estrutura e Trama para Cobertura",92594,"FABRICAÇÃO E INSTALAÇÃO DE TESOURA INTEIRA EM AÇO, VÃO DE 9 M, PARA TELHA CERÂMICA OU DE CONCRETO, INCLUSO IÇAMENTO. AF_07/2019","UN",1725.92]
["Estrutura e Trama para Cobertura",92614,"FABRICAÇÃO E INSTALAÇÃO DE TESOURA INTEIRA EM AÇO, VÃO DE 9 M, PARA TELHA ONDULADA DE FIBROCIMENTO, METÁLICA, PLÁSTICA OU TERMOACÚSTICA, INCLUSO IÇAMENTO. AF_07/2019","UN",1613.48]
["Estrutura e Trama para Cobertura",92552,"FABRICAÇÃO E INSTALAÇÃO DE TESOURA INTEIRA EM MADEIRA NÃO APARELHADA, VÃO DE 10 M, PARA TELHA CERÂMICA OU DE CONCRETO, INCLUSO IÇAMENTO. AF_07/2019","UN",2764.59]
["Estrutura e Trama para Cobertura",92562,"FABRICAÇÃO E INSTALAÇÃO DE TESOURA INTEIRA EM MADEIRA NÃO APARELHADA, VÃO DE 10 M, PARA TELHA ONDULADA DE FIBROCIMENTO, METÁLICA, PLÁSTICA OU TERMOACÚSTICA, INCLUSO IÇAMENTO. AF_07/2019","UN",2705.2]
["Estrutura e Trama para Cobertura",92553,"FABRICAÇÃO E INSTALAÇÃO DE TESOURA INTEIRA EM MADEIRA NÃO APARELHADA, VÃO DE 11 M, PARA TELHA CERÂMICA OU DE CONCRETO, INCLUSO IÇAMENTO. AF_07/2019","UN",3196.38]
["Estrutura e Trama para Cobertura",92563,"FABRICAÇÃO E INSTALAÇÃO DE TESOURA INTEIRA EM MADEIRA NÃO APARELHADA, VÃO DE 11 M, PARA TELHA ONDULADA DE FIBROCIMENTO, METÁLICA, PLÁSTICA OU TERMOACÚSTICA, INCLUSO IÇAMENTO. AF_07/2019","UN",3126.93]
["Estrutura e Trama para Cobertura",92554,"FABRICAÇÃO E INSTALAÇÃO DE TESOURA INTEIRA EM MADEIRA NÃO APARELHADA, VÃO DE 12 M, PARA TELHA CERÂMICA OU DE CONCRETO, INCLUSO IÇAMENTO. AF_07/2019","UN",3302.13]
["Estrutura e Trama para Cobertura",92564,"FABRICAÇÃO E INSTALAÇÃO DE TESOURA INTEIRA EM MADEIRA NÃO APARELHADA, VÃO DE 12 M, PARA TELHA ONDULADA DE FIBROCIMENTO, METÁLICA, PLÁSTICA OU TERMOACÚSTICA, INCLUSO IÇAMENTO. AF_07/2019","UN",3217.06]
["Estrutura e Trama para Cobertura",92545,"FABRICAÇÃO E INSTALAÇÃO DE TESOURA INTEIRA EM MADEIRA NÃO APARELHADA, VÃO DE 3 M, PARA TELHA CERÂMICA OU DE CONCRETO, INCLUSO IÇAMENTO. AF_07/2019","UN",1102.26]
["Estrutura e Trama para Cobertura",92555,"FABRICAÇÃO E INSTALAÇÃO DE TESOURA INTEIRA EM MADEIRA NÃO APARELHADA, VÃO DE 3 M, PARA TELHA ONDULADA DE FIBROCIMENTO, METÁLICA, PLÁSTICA OU TERMOACÚSTICA, INCLUSO IÇAMENTO. AF_07/2019","UN",1088.19]
["Estrutura e Trama para Cobertura",92546,"FABRICAÇÃO E INSTALAÇÃO DE TESOURA INTEIRA EM MADEIRA NÃO APARELHADA, VÃO DE 4 M, PARA TELHA CERÂMICA OU DE CONCRETO, INCLUSO IÇAMENTO. AF_07/2019","UN",1361.78]
["Estrutura e Trama para Cobertura",92556,"FABRICAÇÃO E INSTALAÇÃO DE TESOURA INTEIRA EM MADEIRA NÃO APARELHADA, VÃO DE 4 M, PARA TELHA ONDULADA DE FIBROCIMENTO, METÁLICA, PLÁSTICA OU TERMOACÚSTICA, INCLUSO IÇAMENTO. AF_07/2019","UN",1337.12]
["Estrutura e Trama para Cobertura",92547,"FABRICAÇÃO E INSTALAÇÃO DE TESOURA INTEIRA EM MADEIRA NÃO APARELHADA, VÃO DE 5 M, PARA TELHA CERÂMICA OU DE CONCRETO, INCLUSO IÇAMENTO. AF_07/2019","UN",1433.43]
["Estrutura e Trama para Cobertura",92557,"FABRICAÇÃO E INSTALAÇÃO DE TESOURA INTEIRA EM MADEIRA NÃO APARELHADA, VÃO DE 5 M, PARA TELHA ONDULADA DE FIBROCIMENTO, METÁLICA, PLÁSTICA OU TERMOACÚSTICA, INCLUSO IÇAMENTO. AF_07/2019","UN",1408.77]
["Estrutura e Trama para Cobertura",92548,"FABRICAÇÃO E INSTALAÇÃO DE TESOURA INTEIRA EM MADEIRA NÃO APARELHADA, VÃO DE 6 M, PARA TELHA CERÂMICA OU DE CONCRETO, INCLUSO IÇAMENTO. AF_07/2019","UN",1596.78]
["Estrutura e Trama para Cobertura",92558,"FABRICAÇÃO E INSTALAÇÃO DE TESOURA INTEIRA EM MADEIRA NÃO APARELHADA, VÃO DE 6 M, PARA TELHA ONDULADA DE FIBROCIMENTO, METÁLICA, PLÁSTICA OU TERMOACÚSTICA, INCLUSO IÇAMENTO. AF_07/2019","UN",1582.7]
["Estrutura e Trama para Cobertura",92549,"FABRICAÇÃO E INSTALAÇÃO DE TESOURA INTEIRA EM MADEIRA NÃO APARELHADA, VÃO DE 7 M, PARA TELHA CERÂMICA OU DE CONCRETO, INCLUSO IÇAMENTO. AF_07/2019","UN",2019.36]
["Estrutura e Trama para Cobertura",92559,"FABRICAÇÃO E INSTALAÇÃO DE TESOURA INTEIRA EM MADEIRA NÃO APARELHADA, VÃO DE 7 M, PARA TELHA ONDULADA DE FIBROCIMENTO, METÁLICA, PLÁSTICA OU TERMOACÚSTICA, INCLUSO IÇAMENTO. AF_07/2019","UN",1993.15]
["Estrutura e Trama para Cobertura",92550,"FABRICAÇÃO E INSTALAÇÃO DE TESOURA INTEIRA EM MADEIRA NÃO APARELHADA, VÃO DE 8 M, PARA TELHA CERÂMICA OU DE CONCRETO, INCLUSO IÇAMENTO. AF_07/2019","UN",2444.9499999999998]
["Estrutura e Trama para Cobertura",92560,"FABRICAÇÃO E INSTALAÇÃO DE TESOURA INTEIRA EM MADEIRA NÃO APARELHADA, VÃO DE 8 M, PARA TELHA ONDULADA DE FIBROCIMENTO, METÁLICA, PLÁSTICA OU TERMOACÚSTICA, INCLUSO IÇAMENTO. AF_07/2019","UN",2409.25]
["Estrutura e Trama para Cobertura",92551,"FABRICAÇÃO E INSTALAÇÃO DE TESOURA INTEIRA EM MADEIRA NÃO APARELHADA, VÃO DE 9 M, PARA TELHA CERÂMICA OU DE CONCRETO, INCLUSO IÇAMENTO. AF_07/2019","UN",2537.16]
["Estrutura e Trama para Cobertura",92561,"FABRICAÇÃO E INSTALAÇÃO DE TESOURA INTEIRA EM MADEIRA NÃO APARELHADA, VÃO DE 9 M, PARA TELHA ONDULADA DE FIBROCIMENTO, METÁLICA, PLÁSTICA OU TERMOACÚSTICA, INCLUSO IÇAMENTO. AF_07/2019","UN",2502.4299999999998]
["Estrutura e Trama para Cobertura",92262,"INSTALAÇÃO DE TESOURA (INTEIRA OU MEIA), BIAPOIADA, EM MADEIRA NÃO APARELHADA, PARA VÃOS MAIORES OU IGUAIS A 10,0 M E MENORES QUE 12,0 M, INCLUSO IÇAMENTO. AF_07/2019","UN",772.83]
["Estrutura e Trama para Cobertura",92259,"INSTALAÇÃO DE TESOURA (INTEIRA OU MEIA), BIAPOIADA, EM MADEIRA NÃO APARELHADA, PARA VÃOS MAIORES OU IGUAIS A 3,0 M E MENORES QUE 6,0 M, INCLUSO IÇAMENTO. AF_07/2019","UN",498.83]
["Estrutura e Trama para Cobertura",92260,"INSTALAÇÃO DE TESOURA (INTEIRA OU MEIA), BIAPOIADA, EM MADEIRA NÃO APARELHADA, PARA VÃOS MAIORES OU IGUAIS A 6,0 M E MENORES QUE 8,0 M, INCLUSO IÇAMENTO. AF_07/2019","UN",576.44000000000005]
["Estrutura e Trama para Cobertura",92261,"INSTALAÇÃO DE TESOURA (INTEIRA OU MEIA), BIAPOIADA, EM MADEIRA NÃO APARELHADA, PARA VÃOS MAIORES OU IGUAIS A 8,0 M E MENORES QUE 10,0 M, INCLUSO IÇAMENTO. AF_07/2019","UN",651.69000000000005]
["Estrutura e Trama para Cobertura",92258,"INSTALAÇÃO DE TESOURA (INTEIRA OU MEIA), EM AÇO, PARA VÃOS MAIORES OU IGUAIS A 10,0 M E MENORES QUE 12,0 M, INCLUSO IÇAMENTO. AF_07/2019","UN",451.63]
["Estrutura e Trama para Cobertura",92255,"INSTALAÇÃO DE TESOURA (INTEIRA OU MEIA), EM AÇO, PARA VÃOS MAIORES OU IGUAIS A 3,0 M E MENORES QUE 6,0 M, INCLUSO IÇAMENTO. AF_07/2019","UN",232.1]
["Estrutura e Trama para Cobertura",92256,"INSTALAÇÃO DE TESOURA (INTEIRA OU MEIA), EM AÇO, PARA VÃOS MAIORES OU IGUAIS A 6,0 M E MENORES QUE 8,0 M, INCLUSO IÇAMENTO. AF_07/2019","UN",293.58]
["Estrutura e Trama para Cobertura",92257,"INSTALAÇÃO DE TESOURA (INTEIRA OU MEIA), EM AÇO, PARA VÃOS MAIORES OU IGUAIS A 8,0 M E MENORES QUE 10,0 M, INCLUSO IÇAMENTO. AF_07/2019","UN",354.18]
["Estrutura e Trama para Cobertura",100393,"RETIRADA E RECOLOCAÇÃO DE CAIBRO EM TELHADOS DE ATÉ 2 ÁGUAS COM TELHA CERÂMICA CAPA-CANAL, INCLUSO TRANSPORTE VERTICAL. AF_07/2019","M2",22.26]
["Estrutura e Trama para Cobertura",100389,"RETIRADA E RECOLOCAÇÃO DE CAIBRO EM TELHADOS DE ATÉ 2 ÁGUAS COM TELHA CERÂMICA OU DE CONCRETO DE ENCAIXE, INCLUSO TRANSPORTE VERTICAL. AF_07/2019","M2",19.649999999999999]
["Estrutura e Trama para Cobertura",100395,"RETIRADA E RECOLOCAÇÃO DE CAIBRO EM TELHADOS DE MAIS DE 2 ÁGUAS COM TELHA CERÂMICA CAPA-CANAL, INCLUSO TRANSPORTE VERTICAL. AF_07/2019","M2",26.84]
["Estrutura e Trama para Cobertura",100391,"RETIRADA E RECOLOCAÇÃO DE CAIBRO EM TELHADOS DE MAIS DE 2 ÁGUAS COM TELHA CERÂMICA OU DE CONCRETO DE ENCAIXE, INCLUSO TRANSPORTE VERTICAL. AF_07/2019","M2",22.47]
["Estrutura e Trama para Cobertura",100392,"RETIRADA E RECOLOCAÇÃO DE RIPA EM TELHADOS DE ATÉ 2 ÁGUAS COM TELHA CERÂMICA CAPA-CANAL, INCLUSO TRANSPORTE VERTICAL. AF_07/2019","M2",16.97]
["Estrutura e Trama para Cobertura",100388,"RETIRADA E RECOLOCAÇÃO DE RIPA EM TELHADOS DE ATÉ 2 ÁGUAS COM TELHA CERÂMICA OU DE CONCRETO DE ENCAIXE, INCLUSO TRANSPORTE VERTICAL. AF_07/2019","M2",21.57]
["Estrutura e Trama para Cobertura",100394,"RETIRADA E RECOLOCAÇÃO DE RIPA EM TELHADOS DE MAIS DE 2 ÁGUAS COM TELHA CERÂMICA CAPA-CANAL, INCLUSO TRANSPORTE VERTICAL. AF_07/2019","M2",20.55]
["Estrutura e Trama para Cobertura",100390,"RETIRADA E RECOLOCAÇÃO DE RIPA EM TELHADOS DE MAIS DE 2 ÁGUAS COM TELHA CERÂMICA OU DE CONCRETO DE ENCAIXE, INCLUSO TRANSPORTE VERTICAL. AF_07/2019","M2",26.13]
["Estrutura e Trama para Cobertura",92575,"TRAMA DE AÇO COMPOSTA POR RIPAS E CAIBROS PARA TELHADOS DE ATÉ 2 ÁGUAS PARA TELHA CERÂMICA CAPA-CANAL, INCLUSO TRANSPORTE VERTICAL. AF_07/2019","M2",62.91]
["Estrutura e Trama para Cobertura",92569,"TRAMA DE AÇO COMPOSTA POR RIPAS E CAIBROS PARA TELHADOS DE ATÉ 2 ÁGUAS PARA TELHA DE ENCAIXE DE CERÂMICA OU DE CONCRETO, INCLUSO TRANSPORTE VERTICAL. AF_07/2019","M2",68.47]
["Estrutura e Trama para Cobertura",92578,"TRAMA DE AÇO COMPOSTA POR RIPAS E CAIBROS PARA TELHADOS DE MAIS DE 2 ÁGUAS PARA TELHA CERÂMICA CAPA-CANAL, INCLUSO TRANSPORTE VERTICAL. AF_07/2019","M2",69.489999999999995]
["Estrutura e Trama para Cobertura",92572,"TRAMA DE AÇO COMPOSTA POR RIPAS E CAIBROS PARA TELHADOS DE MAIS DE 2 ÁGUAS PARA TELHA DE ENCAIXE DE CERÂMICA OU DE CONCRETO, INCLUSO TRANSPORTE VERTICAL. AF_07/2019","M2",80.430000000000007]
["Estrutura e Trama para Cobertura",92576,"TRAMA DE AÇO COMPOSTA POR RIPAS PARA TELHADOS DE ATÉ 2 ÁGUAS PARA TELHA CERÂMICA CAPA-CANAL, INCLUSO TRANSPORTE VERTICAL. AF_07/2019","M2",34.08]
["Estrutura e Trama para Cobertura",92570,"TRAMA DE AÇO COMPOSTA POR RIPAS PARA TELHADOS DE ATÉ 2 ÁGUAS PARA TELHA DE ENCAIXE DE CERÂMICA OU DE CONCRETO, INCLUSO TRANSPORTE VERTICAL. AF_07/2019","M2",43.05]
["Estrutura e Trama para Cobertura",92579,"TRAMA DE AÇO COMPOSTA POR RIPAS PARA TELHADOS DE MAIS DE 2 ÁGUAS PARA TELHA CERÂMICA CAPA-CANAL, INCLUSO TRANSPORTE VERTICAL. AF_07/2019","M2",38.01]
["Estrutura e Trama para Cobertura",92573,"TRAMA DE AÇO COMPOSTA POR RIPAS PARA TELHADOS DE MAIS DE 2 ÁGUAS PARA TELHA DE ENCAIXE DE CERÂMICA OU DE CONCRETO, INCLUSO TRANSPORTE VERTICAL, INCLUSO TRANSPORTE VERTICAL. AF_07/2019","M2",47.96]
["Estrutura e Trama para Cobertura",92574,"TRAMA DE AÇO COMPOSTA POR RIPAS, CAIBROS E TERÇAS PARA TELHADOS DE ATÉ 2 ÁGUAS PARA TELHA CERÂMICA CAPA-CANAL, INCLUSO TRANSPORTE VERTICAL. AF_07/2019","M2",126.6]
["Estrutura e Trama para Cobertura",92568,"TRAMA DE AÇO COMPOSTA POR RIPAS, CAIBROS E TERÇAS PARA TELHADOS DE ATÉ 2 ÁGUAS PARA TELHA DE ENCAIXE DE CERÂMICA OU DE CONCRETO, INCLUSO TRANSPORTE VERTICAL. AF_07/2019","M2",124.13]
["Estrutura e Trama para Cobertura",92577,"TRAMA DE AÇO COMPOSTA POR RIPAS, CAIBROS E TERÇAS PARA TELHADOS DE MAIS DE 2 ÁGUAS PARA TELHA CERÂMICA CAPA-CANAL, INCLUSO TRANSPORTE VERTICAL. AF_07/2019","M2",138.30000000000001]
["Estrutura e Trama para Cobertura",92571,"TRAMA DE AÇO COMPOSTA POR RIPAS, CAIBROS E TERÇAS PARA TELHADOS DE MAIS DE 2 ÁGUAS PARA TELHA DE ENCAIXE DE CERÂMICA OU DE CONCRETO, INCLUSO TRANSPORTE VERTICAL. AF_07/2019","M2",135.47]
["Estrutura e Trama para Cobertura",92581,"TRAMA DE AÇO COMPOSTA POR TERÇAS PARA TELHADOS DE ATÉ 2 ÁGUAS PARA TELHA ESTRUTURAL DE FIBROCIMENTO, INCLUSO TRANSPORTE VERTICAL. AF_07/2019","M2",49.65]
["Estrutura e Trama para Cobertura",104314,"TRAMA DE AÇO COMPOSTA POR TERÇAS PARA TELHADOS DE ATÉ 2 ÁGUAS PARA TELHA ONDULADA DE FIBROCIMENTO, METÁLICA, PLÁSTICA OU TERMOACÚSTICA, INCLUSO TRANSPORTE VERTICAL (EM KG). AF_07/2019","KG",11.09]
["Estrutura e Trama para Cobertura",92580,"TRAMA DE AÇO COMPOSTA POR TERÇAS PARA TELHADOS DE ATÉ 2 ÁGUAS PARA TELHA ONDULADA DE FIBROCIMENTO, METÁLICA, PLÁSTICA OU TERMOACÚSTICA, INCLUSO TRANSPORTE VERTICAL. AF_07/2019","M2",48.12]
["Estrutura e Trama para Cobertura",92541,"TRAMA DE MADEIRA COMPOSTA POR RIPAS, CAIBROS E TERÇAS PARA TELHADOS DE ATÉ 2 ÁGUAS PARA TELHA CERÂMICA CAPA-CANAL, INCLUSO TRANSPORTE VERTICAL. AF_07/2019","M2",87.98]
["Estrutura e Trama para Cobertura",92539,"TRAMA DE MADEIRA COMPOSTA POR RIPAS, CAIBROS E TERÇAS PARA TELHADOS DE ATÉ 2 ÁGUAS PARA TELHA DE ENCAIXE DE CERÂMICA OU DE CONCRETO, INCLUSO TRANSPORTE VERTICAL. AF_07/2019","M2",81.790000000000006]
["Estrutura e Trama para Cobertura",92542,"TRAMA DE MADEIRA COMPOSTA POR RIPAS, CAIBROS E TERÇAS PARA TELHADOS DE MAIS QUE 2 ÁGUAS PARA TELHA CERÂMICA CAPA-CANAL, INCLUSO TRANSPORTE VERTICAL. AF_07/2019","M2",107.92]
["Estrutura e Trama para Cobertura",92540,"TRAMA DE MADEIRA COMPOSTA POR RIPAS, CAIBROS E TERÇAS PARA TELHADOS DE MAIS QUE 2 ÁGUAS PARA TELHA DE ENCAIXE DE CERÂMICA OU DE CONCRETO, INCLUSO TRANSPORTE VERTICAL. AF_07/2019","M2",93.26]
["Estrutura e Trama para Cobertura",92544,"TRAMA DE MADEIRA COMPOSTA POR TERÇAS PARA TELHADOS DE ATÉ 2 ÁGUAS PARA TELHA ESTRUTURAL DE FIBROCIMENTO, INCLUSO TRANSPORTE VERTICAL. AF_07/2019","M2",19.329999999999998]
["Estrutura e Trama para Cobertura",92543,"TRAMA DE MADEIRA COMPOSTA POR TERÇAS PARA TELHADOS DE ATÉ 2 ÁGUAS PARA TELHA ONDULADA DE FIBROCIMENTO, METÁLICA, PLÁSTICA OU TERMOACÚSTICA, INCLUSO TRANSPORTE VERTICAL. AF_07/2019","M2",24.29]
["Estruturas Pré-Fabricadas e Pré-Moldadas",97725,"FORNECIMENTO E MONTAGEM DE ESCADAS PRÉ-FABRICADAS, INCLUSO IÇAMENTO COM GUINDASTE. AF_03/2024","M3",0]
["Estruturas Pré-Fabricadas e Pré-Moldadas",97721,"FORNECIMENTO E MONTAGEM DE LAJES ALVEOLARES PRÉ-FABRICADAS, INCLUSO IÇAMENTO COM GUINDASTE. AF_03/2024","M3",0]
["Estruturas Pré-Fabricadas e Pré-Moldadas",97722,"FORNECIMENTO E MONTAGEM DE LAJES DUPLO T (PI) PRÉ-FABRICADAS, INCLUSO IÇAMENTO COM GUINDASTE. AF_03/2024","M3",{"$error":"#N/A"}]
["Estruturas Pré-Fabricadas e Pré-Moldadas",97724,"FORNECIMENTO E MONTAGEM DE PAINÉIS ESTRUTURAIS PRÉ-FABRICADOS, INCLUSO IÇAMENTO COM GUINDASTE. AF_03/2024","M3",0]
["Estruturas Pré-Fabricadas e Pré-Moldadas",97719,"FORNECIMENTO E MONTAGEM DE PILARES PRÉ-FABRICADOS, INCLUSO IÇAMENTO COM GUINDASTE. AF_03/2024","M3",0]
["Estruturas Pré-Fabricadas e Pré-Moldadas",97723,"FORNECIMENTO E MONTAGEM DE PRÉ-LAJE TRELIÇADA PRÉ-FABRICADAS, INCLUSO IÇAMENTO COM GUINDASTE. AF_03/2024","M3",0]
["Estruturas Pré-Fabricadas e Pré-Moldadas",104946,"FORNECIMENTO E MONTAGEM DE TERÇAS PRÉ-FABRICADAS, INCLUSO IÇAMENTO COM GUINDASTE. AF_03/2024","M3",0]
["Estruturas Pré-Fabricadas e Pré-Moldadas",104944,"FORNECIMENTO E MONTAGEM DE TESOURAS PRÉ-FABRICADAS, INCLUSO IÇAMENTO COM GUINDASTE. AF_03/2024","M3",0]
["Estruturas Pré-Fabricadas e Pré-Moldadas",104945,"FORNECIMENTO E MONTAGEM DE VIGAS CALHA PRÉ-FABRICADAS, INCLUSO IÇAMENTO COM GUINDASTE. AF_03/2024","M3",0]
["Estruturas Pré-Fabricadas e Pré-Moldadas",97720,"FORNECIMENTO E MONTAGEM DE VIGAS PRÉ-FABRICADAS, INCLUSO IÇAMENTO COM GUINDASTE. AF_03/2024","M3",0]
["Estruturas Pré-Fabricadas e Pré-Moldadas",97740,"PEÇA CIRCULAR PRÉ-MOLDADA, VOLUME DE CONCRETO ACIMA DE 100 LITROS, TAXA DE AÇO APROXIMADA DE 30KG/M³. AF_03/2024","M3",2226.46]
["Estruturas Pré-Fabricadas e Pré-Moldadas",97738,"PEÇA CIRCULAR PRÉ-MOLDADA, VOLUME DE CONCRETO DE 10 A 30 LITROS, TAXA DE FIBRA DE POLIPROPILENO APROXIMADA DE 6 KG/M³. AF_03/2024_PS","M3",4349.0200000000004]
["Estruturas Pré-Fabricadas e Pré-Moldadas",97739,"PEÇA CIRCULAR PRÉ-MOLDADA, VOLUME DE CONCRETO DE 30 A 100 LITROS, TAXA DE AÇO APROXIMADA DE 30KG/M³. AF_03/2024","M3",3141.35]
["Estruturas Pré-Fabricadas e Pré-Moldadas",97736,"PEÇA RETANGULAR PRÉ-MOLDADA, VOLUME DE CONCRETO ACIMA DE 100 LITROS, TAXA DE AÇO APROXIMADA DE 30KG/M³. AF_03/2024","M3",1648.81]
["Estruturas Pré-Fabricadas e Pré-Moldadas",97734,"PEÇA RETANGULAR PRÉ-MOLDADA, VOLUME DE CONCRETO DE 10 A 30 LITROS, TAXA DE AÇO APROXIMADA DE 30KG/M³. AF_03/2024","M3",3332.4]
["Estruturas Pré-Fabricadas e Pré-Moldadas",97735,"PEÇA RETANGULAR PRÉ-MOLDADA, VOLUME DE CONCRETO DE 30 A 100 LITROS, TAXA DE AÇO APROXIMADA DE 30KG/M³. AF_03/2024","M3",2712.67]
["Estruturas Pré-Fabricadas e Pré-Moldadas",97737,"PEÇA RETANGULAR PRÉ-MOLDADA, VOLUME DE CONCRETO DE 30 A 70 LITROS, TAXA DE AÇO APROXIMADA DE 70KG/M³. AF_03/2024","M3",3465.1]
["Estruturas Pré-Fabricadas e Pré-Moldadas",97733,"PEÇA RETANGULAR PRÉ-MOLDADA, VOLUME DE CONCRETO DE ATÉ 10 LITROS, TAXA DE AÇO APROXIMADA DE 30KG/M³. AF_03/2024","M3",3771.55]
["Estruturas de Contenção - Estacas, Paredes Diafragma e Mureta Guia",98616,"CONTENÇÃO EM CORTINA COM ESTACAS ESPAÇADAS COM 30 CM DE DIÂMETRO E PROFUNDIDADE ATÉ 20 METROS. AF_02/2025","M2",263.99]
["Estruturas de Contenção - Estacas, Paredes Diafragma e Mureta Guia",98619,"CONTENÇÃO EM CORTINA COM ESTACAS ESPAÇADAS COM 40 CM DE DIÂMETRO E PROFUNDIDADE ATÉ 20 METROS. AF_02/2025","M2",289.91000000000003]
["Estruturas de Contenção - Estacas, Paredes Diafragma e Mureta Guia",98622,"CONTENÇÃO EM CORTINA COM ESTACAS ESPAÇADAS COM 50 CM DE DIÂMETRO E PROFUNDIDADE ATÉ 20 METROS. AF_02/2025","M2",440.78]
["Estruturas de Contenção - Estacas, Paredes Diafragma e Mureta Guia",98625,"CONTENÇÃO EM CORTINA COM ESTACAS ESPAÇADAS COM 60 CM DE DIÂMETRO E PROFUNDIDADE ATÉ 20 METROS. AF_02/2025","M2",464.52]
["Estruturas de Contenção - Estacas, Paredes Diafragma e Mureta Guia",105918,"CONTENÇÃO EM CORTINA COM ESTACAS SECANTES COM 40 CM DE DIÂMETRO E PROFUNDIDADE ATÉ 20 METROS. AF_02/2025","M2",0]
["Estruturas de Contenção - Estacas, Paredes Diafragma e Mureta Guia",98631,"CONTENÇÃO EM CORTINA COM ESTACAS SECANTES COM 50 CM DE DIÂMETRO E PROFUNDIDADE ATÉ 20 METROS. AF_02/2025","M2",0]
["Estruturas de Contenção - Estacas, Paredes Diafragma e Mureta Guia",98637,"CONTENÇÃO EM PAREDE DIAFRAGMA COM 30 CM DE ESPESSURA E PROFUNDIDADE ATÉ 25 METROS. AF_02/2025","M3",0]
["Estruturas de Contenção - Estacas, Paredes Diafragma e Mureta Guia",98641,"CONTENÇÃO EM PAREDE DIAFRAGMA COM 40 CM DE ESPESSURA E PROFUNDIDADE ATÉ 25 METROS. AF_02/2025","M3",0]
["Estruturas de Contenção - Estacas, Paredes Diafragma e Mureta Guia",98645,"CONTENÇÃO EM PAREDE DIAFRAGMA COM 50 CM DE ESPESSURA E PROFUNDIDADE ATÉ 25 METROS. AF_02/2025","M3",0]
["Estruturas de Contenção - Estacas, Paredes Diafragma e Mureta Guia",98649,"CONTENÇÃO EM PAREDE DIAFRAGMA COM 60 CM DE ESPESSURA E PROFUNDIDADE ATÉ 25 METROS. AF_02/2025","M3",0]
["Estruturas de Contenção - Estacas, Paredes Diafragma e Mureta Guia",98653,"CONTENÇÃO EM PAREDE DIAFRAGMA COM 80 CM DE ESPESSURA E PROFUNDIDADE ATÉ 25 METROS. AF_02/2025","M3",0]
["Estruturas de Contenção - Estacas, Paredes Diafragma e Mureta Guia",98657,"EXECUÇÃO DE MURETA GUIA PARA CONTENÇÃO/FUNDAÇÃO, PARA LAMELAS ATÉ 0,80 M DE LARGURA. AF_02/2025","M",741.21]
["Estruturas de Contenção - Perfis Pranchados, Cortinas e Muros de Arrimo",100344,"ARMAÇÃO DE CORTINA DE CONTENÇÃO EM CONCRETO ARMADO, COM AÇO CA-50 DE 10 MM - MONTAGEM. AF_11/2024","KG",11.73]
["Estruturas de Contenção - Perfis Pranchados, Cortinas e Muros de Arrimo",100345,"ARMAÇÃO DE CORTINA DE CONTENÇÃO EM CONCRETO ARMADO, COM AÇO CA-50 DE 12,5 MM - MONTAGEM. AF_11/2024","KG",8.91]
["Estruturas de Contenção - Perfis Pranchados, Cortinas e Muros de Arrimo",100346,"ARMAÇÃO DE CORTINA DE CONTENÇÃO EM CONCRETO ARMADO, COM AÇO CA-50 DE 16 MM - MONTAGEM. AF_11/2024","KG",8.42]
["Estruturas de Contenção - Perfis Pranchados, Cortinas e Muros de Arrimo",100347,"ARMAÇÃO DE CORTINA DE CONTENÇÃO EM CONCRETO ARMADO, COM AÇO CA-50 DE 20 MM - MONTAGEM. AF_11/2024","KG",9.33]
["Estruturas de Contenção - Perfis Pranchados, Cortinas e Muros de Arrimo",100348,"ARMAÇÃO DE CORTINA DE CONTENÇÃO EM CONCRETO ARMADO, COM AÇO CA-50 DE 25 MM - MONTAGEM. AF_11/2024","KG",9.1300000000000008]
["Estruturas de Contenção - Perfis Pranchados, Cortinas e Muros de Arrimo",100342,"ARMAÇÃO DE CORTINA DE CONTENÇÃO EM CONCRETO ARMADO, COM AÇO CA-50 DE 6,3 MM - MONTAGEM. AF_11/2024","KG",17.07]
["Estruturas de Contenção - Perfis Pranchados, Cortinas e Muros de Arrimo",100343,"ARMAÇÃO DE CORTINA DE CONTENÇÃO EM CONCRETO ARMADO, COM AÇO CA-50 DE 8 MM - MONTAGEM. AF_11/2024","KG",14.65]
["Estruturas de Contenção - Perfis Pranchados, Cortinas e Muros de Arrimo",100349,"CONCRETAGEM DE CORTINA DE CONTENÇÃO, ATRAVÉS DE BOMBA - LANÇAMENTO, ADENSAMENTO E ACABAMENTO. AF_11/2024","M3",751.34]
["Estruturas de Contenção - Perfis Pranchados, Cortinas e Muros de Arrimo",100336,"CONTENÇÃO EM PERFIL PRANCHADO COM PAINEL TRELIÇADO DUPLA FACE DE CONCRETO PRÉ-FABRICADO, PERFIS ESPAÇADOS A 1,5 M PARA 1 SUBSOLO. AF_11/2024","M2",0]
["Estruturas de Contenção - Perfis Pranchados, Cortinas e Muros de Arrimo",100337,"CONTENÇÃO EM PERFIL PRANCHADO COM PAINEL TRELIÇADO DUPLA FACE DE CONCRETO PRÉ-FABRICADO, PERFIS ESPAÇADOS A 1,5 M PARA 2 OU MAIS SUBSOLOS. AF_11/2024","M2",0]
["Estruturas de Contenção - Perfis Pranchados, Cortinas e Muros de Arrimo",100339,"CONTENÇÃO EM PERFIL PRANCHADO COM PAINEL TRELIÇADO DUPLA FACE DE CONCRETO PRÉ-FABRICADO, PERFIS ESPAÇADOS A 2 M PARA 1 SUBSOLO. AF_11/2024","M2",0]
["Estruturas de Contenção - Perfis Pranchados, Cortinas e Muros de Arrimo",100340,"CONTENÇÃO EM PERFIL PRANCHADO COM PAINEL TRELIÇADO DUPLA FACE DE CONCRETO PRÉ-FABRICADO, PERFIS ESPAÇADOS A 2 M PARA 2 OU MAIS SUBSOLOS. AF_11/2024","M2",0]
["Estruturas de Contenção - Perfis Pranchados, Cortinas e Muros de Arrimo",105805,"CONTENÇÃO EM PERFIL PRANCHADO COM PRANCHÃO DE MADEIRA, PERFIS ESPAÇADOS A 1,5 M PARA 1 SUBSOLO. AF_11/2024","M2",0]
["Estruturas de Contenção - Perfis Pranchados, Cortinas e Muros de Arrimo",105806,"CONTENÇÃO EM PERFIL PRANCHADO COM PRANCHÃO DE MADEIRA, PERFIS ESPAÇADOS A 1,5 M PARA 2 OU MAIS SUBSOLOS. AF_11/2024","M2",0]
["Estruturas de Contenção - Perfis Pranchados, Cortinas e Muros de Arrimo",105807,"CONTENÇÃO EM PERFIL PRANCHADO COM PRANCHÃO DE MADEIRA, PERFIS ESPAÇADOS A 2 M PARA 1 SUBSOLO. AF_11/2024","M2",0]
["Estruturas de Contenção - Perfis Pranchados, Cortinas e Muros de Arrimo",105808,"CONTENÇÃO EM PERFIL PRANCHADO COM PRANCHÃO DE MADEIRA, PERFIS ESPAÇADOS A 2 M PARA 2 OU MAIS SUBSOLOS. AF_11/2024","M2",0]
["Estruturas de Contenção - Perfis Pranchados, Cortinas e Muros de Arrimo",100341,"FABRICAÇÃO, MONTAGEM E DESMONTAGEM DE FÔRMA PARA CORTINA DE CONTENÇÃO, EM CHAPA DE MADEIRA COMPENSADA PLASTIFICADA, E = 18 MM, 10 UTILIZAÇÕES. AF_11/2024","M2",42.73]
["Estruturas de Contenção - Perfis Pranchados, Cortinas e Muros de Arrimo",100351,"MURO DE ARRIMO COM BLOCOS DE CONCRETO ESTRUTURAL E PILARES INTERMEDIÁRIOS, COM ALTURA MAIOR QUE 1,6 M E MENOR OU IGUAL A 2,8 M (EXCETO FUNDAÇÃO). AF_11/2024","M2",0]
["Estruturas de Contenção - Perfis Pranchados, Cortinas e Muros de Arrimo",100353,"MURO DE ARRIMO COM BLOCOS DE CONCRETO ESTRUTURAL E PILARES INTERMEDIÁRIOS, COM ALTURA MAIOR QUE 2,8 M E MENOR OU IGUAL A 4,0 M (EXCETO FUNDAÇÃO). AF_11/2024","M2",0]
["Estruturas de Contenção - Perfis Pranchados, Cortinas e Muros de Arrimo",100350,"MURO DE ARRIMO COM BLOCOS DE CONCRETO ESTRUTURAL, ATÉ 1,6 M DE ALTURA (EXCETO FUNDAÇÃO). AF_11/2024","M2",0]
["Estruturas de Madeira",105043,"PILAR DE MADEIRA ROLIÇA, EUCALIPTO OU EQUIVALENTE DA REGIÃO, FIXADO COM PORTA PILAR METÁLICO, DIÂMETRO DE 12 A 15 CM, APOIO ARTICULADO, COMPRIMENTO DE 3 M. AF_03/2024","M",0]
["Estruturas de Madeira",105047,"PILAR DE MADEIRA ROLIÇA, EUCALIPTO OU EQUIVALENTE DA REGIÃO, FIXADO COM PORTA PILAR METÁLICO, DIÂMETRO DE 12 A 15 CM, APOIO ARTICULADO, COMPRIMENTO DE 6 M. AF_03/2024","M",0]
["Estruturas de Madeira",105044,"PILAR DE MADEIRA ROLIÇA, EUCALIPTO OU EQUIVALENTE DA REGIÃO, FIXADO COM PORTA PILAR METÁLICO, DIÂMETRO DE 12 A 15 CM, APOIO ENGASTADO, COMPRIMENTO DE 3 M. AF_03/2024","M",0]
["Estruturas de Madeira",105094,"PILAR DE MADEIRA ROLIÇA, EUCALIPTO OU EQUIVALENTE DA REGIÃO, FIXADO COM PORTA PILAR METÁLICO, DIÂMETRO DE 12 A 15 CM, APOIO ENGASTADO, COMPRIMENTO DE 6 M. AF_03/2024","M",0]
["Estruturas de Madeira",105096,"PILAR DE MADEIRA ROLIÇA, EUCALIPTO OU EQUIVALENTE DA REGIÃO, FIXADO COM PORTA PILAR METÁLICO, DIÂMETRO DE 16 A 20 CM, APOIO ARTICULADO, COMPRIMENTO DE 3 M. AF_03/2024","M",0]
["Estruturas de Madeira",105048,"PILAR DE MADEIRA ROLIÇA, EUCALIPTO OU EQUIVALENTE DA REGIÃO, FIXADO COM PORTA PILAR METÁLICO, DIÂMETRO DE 16 A 20 CM, APOIO ARTICULADO, COMPRIMENTO DE 6 M. AF_03/2024","M",0]
["Estruturas de Madeira",105097,"PILAR DE MADEIRA ROLIÇA, EUCALIPTO OU EQUIVALENTE DA REGIÃO, FIXADO COM PORTA PILAR METÁLICO, DIÂMETRO DE 16 A 20 CM, APOIO ENGASTADO, COMPRIMENTO DE 3 M. AF_03/2024","M",0]
["Estruturas de Madeira",105049,"PILAR DE MADEIRA ROLIÇA, EUCALIPTO OU EQUIVALENTE DA REGIÃO, FIXADO COM PORTA PILAR METÁLICO, DIÂMETRO DE 16 A 20 CM, APOIO ENGASTADO, COMPRIMENTO DE 6 M. AF_03/2024","M",0]
["Estruturas de Madeira",105051,"PILAR DE MADEIRA ROLIÇA, EUCALIPTO OU EQUIVALENTE DA REGIÃO, FIXADO COM PORTA PILAR METÁLICO, DIÂMETRO DE 21 A 29 CM, APOIO ARTICULADO, COMPRIMENTO DE 3 M. AF_03/2024","M",0]
["Estruturas de Madeira",105054,"PILAR DE MADEIRA ROLIÇA, EUCALIPTO OU EQUIVALENTE DA REGIÃO, FIXADO COM PORTA PILAR METÁLICO, DIÂMETRO DE 21 A 29 CM, APOIO ARTICULADO, COMPRIMENTO DE 6 M. AF_03/2024","M",0]
["Estruturas de Madeira",105052,"PILAR DE MADEIRA ROLIÇA, EUCALIPTO OU EQUIVALENTE DA REGIÃO, FIXADO COM PORTA PILAR METÁLICO, DIÂMETRO DE 21 A 29 CM, APOIO ENGASTADO, COMPRIMENTO DE 3 M. AF_03/2024","M",0]
["Estruturas de Madeira",105055,"PILAR DE MADEIRA ROLIÇA, EUCALIPTO OU EQUIVALENTE DA REGIÃO, FIXADO COM PORTA PILAR METÁLICO, DIÂMETRO DE 21 A 29 CM, APOIO ENGASTADO, COMPRIMENTO DE 6 M. AF_03/2024","M",0]
["Estruturas de Madeira",105065,"PILAR DE MADEIRA ROLIÇA, EUCALIPTO OU EQUIVALENTE DA REGIÃO, FIXADO COM PORTA PILAR METÁLICO, DIÂMETRO DE 30 A 34 CM, APOIO ARTICULADO, COMPRIMENTO DE 3 M. AF_03/2024","M",0]
["Estruturas de Madeira",105059,"PILAR DE MADEIRA ROLIÇA, EUCALIPTO OU EQUIVALENTE DA REGIÃO, FIXADO COM PORTA PILAR METÁLICO, DIÂMETRO DE 30 A 34 CM, APOIO ARTICULADO, COMPRIMENTO DE 6 M. AF_03/2024","M",0]
["Estruturas de Madeira",105057,"PILAR DE MADEIRA ROLIÇA, EUCALIPTO OU EQUIVALENTE DA REGIÃO, FIXADO COM PORTA PILAR METÁLICO, DIÂMETRO DE 30 A 34 CM, APOIO ENGASTADO, COMPRIMENTO DE 3 M. AF_03/2024","M",0]
["Estruturas de Madeira",105060,"PILAR DE MADEIRA ROLIÇA, EUCALIPTO OU EQUIVALENTE DA REGIÃO, FIXADO COM PORTA PILAR METÁLICO, DIÂMETRO DE 30 A 34 CM, APOIO ENGASTADO, COMPRIMENTO DE 6 M. AF_03/2024","M",0]
["Estruturas de Madeira",105042,"PILAR DE MADEIRA ROLIÇA, EUCALIPTO OU EQUIVALENTE DA REGIÃO, FIXADO COM VERGALHÃO, DIÂMETRO DE 12 A 15 CM, APOIO ARTICULADO, COMPRIMENTO DE 3 M. AF_03/2024","M",74.14]
["Estruturas de Madeira",105046,"PILAR DE MADEIRA ROLIÇA, EUCALIPTO OU EQUIVALENTE DA REGIÃO, FIXADO COM VERGALHÃO, DIÂMETRO DE 12 A 15 CM, APOIO ARTICULADO, COMPRIMENTO DE 6 M. AF_03/2024","M",62.73]
["Estruturas de Madeira",105095,"PILAR DE MADEIRA ROLIÇA, EUCALIPTO OU EQUIVALENTE DA REGIÃO, FIXADO COM VERGALHÃO, DIÂMETRO DE 16 A 20 CM, APOIO ARTICULADO, COMPRIMENTO DE 3 M. AF_03/2024","M",111.55]
["Estruturas de Madeira",105098,"PILAR DE MADEIRA ROLIÇA, EUCALIPTO OU EQUIVALENTE DA REGIÃO, FIXADO COM VERGALHÃO, DIÂMETRO DE 16 A 20 CM, APOIO ARTICULADO, COMPRIMENTO DE 6 M. AF_03/2024","M",100.16]
["Estruturas de Madeira",105050,"PILAR DE MADEIRA ROLIÇA, EUCALIPTO OU EQUIVALENTE DA REGIÃO, FIXADO COM VERGALHÃO, DIÂMETRO DE 21 A 29 CM, APOIO ARTICULADO, COMPRIMENTO DE 3 M. AF_03/2024","M",233.93]
["Estruturas de Madeira",105053,"PILAR DE MADEIRA ROLIÇA, EUCALIPTO OU EQUIVALENTE DA REGIÃO, FIXADO COM VERGALHÃO, DIÂMETRO DE 21 A 29 CM, APOIO ARTICULADO, COMPRIMENTO DE 6 M. AF_03/2024","M",222.69]
["Estruturas de Madeira",105056,"PILAR DE MADEIRA ROLIÇA, EUCALIPTO OU EQUIVALENTE DA REGIÃO, FIXADO COM VERGALHÃO, DIÂMETRO DE 30 A 34 CM, APOIO ARTICULADO, COMPRIMENTO DE 3 M. AF_03/2024","M",323.95]
["Estruturas de Madeira",105058,"PILAR DE MADEIRA ROLIÇA, EUCALIPTO OU EQUIVALENTE DA REGIÃO, FIXADO COM VERGALHÃO, DIÂMETRO DE 30 A 34 CM, APOIO ARTICULADO, COMPRIMENTO DE 6 M. AF_03/2024","M",313.5]
["Estruturas de Madeira",105062,"PILAR DE MADEIRA SERRADA, MAÇARANDUBA OU EQUIVALENTE DA REGIÃO, NÃO APARELHADO, FIXADO COM PORTA PILAR METÁLICO, SEÇÃO QUADRADA 10 X 10 CM, APOIO ARTICULADO, COMPRIMENTO DE 3 M. AF_03/2024","M",0]
["Estruturas de Madeira",105066,"PILAR DE MADEIRA SERRADA, MAÇARANDUBA OU EQUIVALENTE DA REGIÃO, NÃO APARELHADO, FIXADO COM PORTA PILAR METÁLICO, SEÇÃO QUADRADA 10 X 10 CM, APOIO ARTICULADO, COMPRIMENTO DE 6 M. AF_03/2024","M",0]
["Estruturas de Madeira",105063,"PILAR DE MADEIRA SERRADA, MAÇARANDUBA OU EQUIVALENTE DA REGIÃO, NÃO APARELHADO, FIXADO COM PORTA PILAR METÁLICO, SEÇÃO QUADRADA 10 X 10 CM, APOIO ENGASTADO, COMPRIMENTO DE 3 M. AF_03/2024","M",0]
["Estruturas de Madeira",105067,"PILAR DE MADEIRA SERRADA, MAÇARANDUBA OU EQUIVALENTE DA REGIÃO, NÃO APARELHADO, FIXADO COM PORTA PILAR METÁLICO, SEÇÃO QUADRADA 10 X 10 CM, APOIO ENGASTADO, COMPRIMENTO DE 6 M. AF_03/2024","M",0]
["Estruturas de Madeira",105069,"PILAR DE MADEIRA SERRADA, MAÇARANDUBA OU EQUIVALENTE DA REGIÃO, NÃO APARELHADO, FIXADO COM PORTA PILAR METÁLICO, SEÇÃO QUADRADA 15 X 15 CM, APOIO ARTICULADO, COMPRIMENTO DE 3 M. AF_03/2024","M",0]
["Estruturas de Madeira",105072,"PILAR DE MADEIRA SERRADA, MAÇARANDUBA OU EQUIVALENTE DA REGIÃO, NÃO APARELHADO, FIXADO COM PORTA PILAR METÁLICO, SEÇÃO QUADRADA 15 X 15 CM, APOIO ARTICULADO, COMPRIMENTO DE 6 M. AF_03/2024","M",0]
["Estruturas de Madeira",105070,"PILAR DE MADEIRA SERRADA, MAÇARANDUBA OU EQUIVALENTE DA REGIÃO, NÃO APARELHADO, FIXADO COM PORTA PILAR METÁLICO, SEÇÃO QUADRADA 15 X 15 CM, APOIO ENGASTADO, COMPRIMENTO DE 3 M. AF_03/2024","M",0]
["Estruturas de Madeira",105073,"PILAR DE MADEIRA SERRADA, MAÇARANDUBA OU EQUIVALENTE DA REGIÃO, NÃO APARELHADO, FIXADO COM PORTA PILAR METÁLICO, SEÇÃO QUADRADA 15 X 15 CM, APOIO ENGASTADO, COMPRIMENTO DE 6 M. AF_03/2024","M",0]
["Estruturas de Madeira",105075,"PILAR DE MADEIRA SERRADA, MAÇARANDUBA OU EQUIVALENTE DA REGIÃO, NÃO APARELHADO, FIXADO COM PORTA PILAR METÁLICO, SEÇÃO QUADRADA 20 X 20 CM, APOIO ARTICULADO, COMPRIMENTO DE 3 M. AF_03/2024","M",0]
["Estruturas de Madeira",105078,"PILAR DE MADEIRA SERRADA, MAÇARANDUBA OU EQUIVALENTE DA REGIÃO, NÃO APARELHADO, FIXADO COM PORTA PILAR METÁLICO, SEÇÃO QUADRADA 20 X 20 CM, APOIO ARTICULADO, COMPRIMENTO DE 6 M. AF_03/2024","M",0]
["Estruturas de Madeira",105076,"PILAR DE MADEIRA SERRADA, MAÇARANDUBA OU EQUIVALENTE DA REGIÃO, NÃO APARELHADO, FIXADO COM PORTA PILAR METÁLICO, SEÇÃO QUADRADA 20 X 20 CM, APOIO ENGASTADO, COMPRIMENTO DE 3 M. AF_03/2024","M",0]
["Estruturas de Madeira",105079,"PILAR DE MADEIRA SERRADA, MAÇARANDUBA OU EQUIVALENTE DA REGIÃO, NÃO APARELHADO, FIXADO COM PORTA PILAR METÁLICO, SEÇÃO QUADRADA 20 X 20 CM, APOIO ENGASTADO, COMPRIMENTO DE 6 M. AF_03/2024","M",0]
["Estruturas de Madeira",105061,"PILAR DE MADEIRA SERRADA, MAÇARANDUBA OU EQUIVALENTE DA REGIÃO, NÃO APARELHADO, FIXADO COM VERGALHÃO, SEÇÃO QUADRADA 10 X 10 CM, APOIO ARTICULADO, COMPRIMENTO DE 3 M. AF_03/2024","M",99.31]
["Estruturas de Madeira",105064,"PILAR DE MADEIRA SERRADA, MAÇARANDUBA OU EQUIVALENTE DA REGIÃO, NÃO APARELHADO, FIXADO COM VERGALHÃO, SEÇÃO QUADRADA 10 X 10 CM, APOIO ARTICULADO, COMPRIMENTO DE 6 M. AF_03/2024","M",84.65]
["Estruturas de Madeira",105068,"PILAR DE MADEIRA SERRADA, MAÇARANDUBA OU EQUIVALENTE DA REGIÃO, NÃO APARELHADO, FIXADO COM VERGALHÃO, SEÇÃO QUADRADA 15 X 15 CM, APOIO ARTICULADO, COMPRIMENTO DE 3 M. AF_03/2024","M",161.5]
["Estruturas de Madeira",105071,"PILAR DE MADEIRA SERRADA, MAÇARANDUBA OU EQUIVALENTE DA REGIÃO, NÃO APARELHADO, FIXADO COM VERGALHÃO, SEÇÃO QUADRADA 15 X 15 CM, APOIO ARTICULADO, COMPRIMENTO DE 6 M. AF_03/2024","M",146.86000000000001]
["Estruturas de Madeira",105074,"PILAR DE MADEIRA SERRADA, MAÇARANDUBA OU EQUIVALENTE DA REGIÃO, NÃO APARELHADO, FIXADO COM VERGALHÃO, SEÇÃO QUADRADA 20 X 20 CM, APOIO ARTICULADO, COMPRIMENTO DE 3 M. AF_03/2024","M",248.56]
["Estruturas de Madeira",105077,"PILAR DE MADEIRA SERRADA, MAÇARANDUBA OU EQUIVALENTE DA REGIÃO, NÃO APARELHADO, FIXADO COM VERGALHÃO, SEÇÃO QUADRADA 20 X 20 CM, APOIO ARTICULADO, COMPRIMENTO DE 6 M. AF_03/2024","M",233.99]
["Estruturas de Madeira",105090,"PISO DE MADEIRA, SOBRE VIGOTAS DE MADEIRA SEÇÃO 7,5 X 15 CM. AF_03/2024","M2",346.12]
["Estruturas de Madeira",105099,"VIGA DE MADEIRA ROLIÇA, EUCALIPTO OU EQUIVALENTE DA REGIÃO, DIÂMETRO DE 12 A 15 CM. AF_03/2024","M",90.87]
["Estruturas de Madeira",105100,"VIGA DE MADEIRA ROLIÇA, EUCALIPTO OU EQUIVALENTE DA REGIÃO, DIÂMETRO DE 16 A 20 CM. AF_03/2024","M",131.43]
["Estruturas de Madeira",105101,"VIGA DE MADEIRA ROLIÇA, EUCALIPTO OU EQUIVALENTE DA REGIÃO, DIÂMETRO DE 21 A 29 CM. AF_03/2024","M",260.39]
["Estruturas de Madeira",105102,"VIGA DE MADEIRA ROLIÇA, EUCALIPTO OU EQUIVALENTE DA REGIÃO, DIÂMETRO DE 30 A 34 CM. AF_03/2024","M",358.95]
["Estruturas de Madeira",105080,"VIGA DE MADEIRA SERRADA, MAÇARANDUBA OU EQUIVALENTE DA REGIÃO, APARELHADA, SEÇÃO RETANGULAR 6 X 12 CM. AF_03/2024","M",67.23]
["Estruturas de Madeira",105081,"VIGA DE MADEIRA SERRADA, MAÇARANDUBA OU EQUIVALENTE DA REGIÃO, APARELHADA, SEÇÃO RETANGULAR 6 X 16 CM. AF_03/2024","M",77.17]
["Estruturas de Madeira",105091,"VIGA DE MADEIRA SERRADA, MAÇARANDUBA OU EQUIVALENTE DA REGIÃO, APARELHADA, SEÇÃO RETANGULAR 7,5 X 23 CM. AF_03/2024","M",131.4]
["Estruturas de Madeira",105089,"VIGA DE MADEIRA SERRADA, MAÇARANDUBA OU EQUIVALENTE DA REGIÃO, APARELHADA, SEÇÃO RETANGULAR 8 X 30 CM. AF_03/2024","M",164.76]
["Estruturas de Madeira",105082,"VIGA DE MADEIRA SERRADA, MAÇARANDUBA OU EQUIVALENTE DA REGIÃO, NÃO APARELHADA, SEÇÃO RETANGULAR 6 X 12 CM. AF_03/2024","M",69.88]
["Estruturas de Madeira",105083,"VIGA DE MADEIRA SERRADA, MAÇARANDUBA OU EQUIVALENTE DA REGIÃO, NÃO APARELHADA, SEÇÃO RETANGULAR 6 X 16 CM. AF_03/2024","M",78.39]
["Estruturas de Madeira",105084,"VIGA DE MADEIRA SERRADA, MAÇARANDUBA OU EQUIVALENTE DA REGIÃO, NÃO APARELHADA, SEÇÃO RETANGULAR 6 X 20 CM. AF_03/2024","M",96.32]
["Estruturas de Madeira",105086,"VIGA DE MADEIRA SERRADA, MAÇARANDUBA OU EQUIVALENTE DA REGIÃO, NÃO APARELHADA, SEÇÃO RETANGULAR 6 X 25 CM. AF_03/2024","M",89.97]
["Estruturas de Madeira",105087,"VIGA DE MADEIRA SERRADA, MAÇARANDUBA OU EQUIVALENTE DA REGIÃO, NÃO APARELHADA, SEÇÃO RETANGULAR 6 X 30 CM. AF_03/2024","M",100.59]
["Estruturas de Madeira",105088,"VIGA DE MADEIRA SERRADA, MAÇARANDUBA OU EQUIVALENTE DA REGIÃO, NÃO APARELHADA, SEÇÃO RETANGULAR 6 X 40 CM. AF_03/2024","M",178.08]
["Estruturas de Madeira",105092,"VIGA DE MADEIRA SERRADA, MAÇARANDUBA OU EQUIVALENTE DA REGIÃO, NÃO APARELHADA, SEÇÃO RETANGULAR 7,5 X 23 CM. AF_03/2024","M",142.51]
["Estruturas de Madeira",105085,"VIGA DE MADEIRA SERRADA, MAÇARANDUBA OU EQUIVALENTE DA REGIÃO, NÃO APARELHADA, SEÇÃO RETANGULAR 8 X 16 CM. AF_03/2024","M",100.5]
["Estruturas de Madeira",105093,"VIGA DE MADEIRA SERRADA, MAÇARANDUBA OU EQUIVALENTE DA REGIÃO, NÃO APARELHADA, SEÇÃO RETANGULAR 8 X 30 CM. AF_03/2024","M",144.79]
["Estruturas de Madeira",105041,"VIGA DE MADEIRA SERRADA, PINUS OU EQUIVALENTE DA REGIÃO, SEÇÃO RETANGULAR 7,5 X 10 CM. AF_03/2024","M",59.44]
["Estruturas de Madeira",105045,"VIGA DE MADEIRA SERRADA, PINUS OU EQUIVALENTE DA REGIÃO, SEÇÃO RETANGULAR 7,5 X 15 CM. AF_03/2024","M",68.28]
["Execução de Grampo para Solo Grampeado",93961,"EXECUÇÃO DE GRAMPO PARA SOLO GRAMPEADO COM COMPRIMENTO MAIOR QUE 10 M, DIÂMETRO DE 10 CM, PERFURAÇÃO COM EQUIPAMENTO MANUAL E ARMADURA COM DIÂMETRO DE 20 MM. AF_07/2024","M",281.08999999999997]
["Execução de Grampo para Solo Grampeado",93971,"EXECUÇÃO DE GRAMPO PARA SOLO GRAMPEADO COM COMPRIMENTO MAIOR QUE 10 M, DIÂMETRO DE 7 CM, PERFURAÇÃO COM EQUIPAMENTO MANUAL E ARMADURA COM DIÂMETRO DE 20 MM. AF_07/2024","M",233.51]
["Execução de Grampo para Solo Grampeado",93959,"EXECUÇÃO DE GRAMPO PARA SOLO GRAMPEADO COM COMPRIMENTO MAIOR QUE 6 M E MENOR OU IGUAL A 10 M, DIÂMETRO DE 10 CM, PERFURAÇÃO COM EQUIPAMENTO MANUAL E ARMADURA COM DIÂMETRO DE 20 MM. AF_07/2024","M",312.85000000000002]
["Execução de Grampo para Solo Grampeado",93969,"EXECUÇÃO DE GRAMPO PARA SOLO GRAMPEADO COM COMPRIMENTO MAIOR QUE 6 M E MENOR OU IGUAL A 10 M, DIÂMETRO DE 7 CM, PERFURAÇÃO COM EQUIPAMENTO MANUAL E ARMADURA COM DIÂMETRO DE 20 MM. AF_07/2024","M",259.10000000000002]
["Execução de Grampo para Solo Grampeado",93957,"EXECUÇÃO DE GRAMPO PARA SOLO GRAMPEADO COM COMPRIMENTO MENOR OU IGUAL A 6 M, DIÂMETRO DE 10 CM, PERFURAÇÃO COM EQUIPAMENTO MANUAL E ARMADURA COM DIÂMETRO DE 20 MM. AF_07/2024","M",388.43]
["Execução de Grampo para Solo Grampeado",93967,"EXECUÇÃO DE GRAMPO PARA SOLO GRAMPEADO COM COMPRIMENTO MENOR OU IGUAL A 6 M, DIÂMETRO DE 7 CM, PERFURAÇÃO COM EQUIPAMENTO MANUAL E ARMADURA COM DIÂMETRO DE 20 MM. AF_07/2024","M",322.17]
["Execução de Tirantes",104878,"EXECUÇÃO DE LONGARINA, PARA TIRANTES PERMANENTES, COM PERFIL METÁLICO, INCLUINDO CUNHA E SOLIDARIZAÇÃO. AF_11/2023","UN",2260.1799999999998]
["Execução de Tirantes",104877,"EXECUÇÃO DE LONGARINA, PARA TIRANTES PROVISÓRIOS, COM PERFIL METÁLICO, INCLUINDO CUNHA E SOLIDARIZAÇÃO. AF_11/2023","UN",630.98]
["Execução de Tirantes",104841,"EXECUÇÃO DE PERFURAÇÃO PARA TIRANTE, COMPRIMENTO MAIOR OU IGUAL A 14 M E MENOR QUE 22 M, COM DIÂMETRO DE FURO DE 100 MM EXECUTADO COM HASTE E TUBOS DE REVESTIMENTO UTILIZANDO PERFURATRIZ SOBRE ESTEIRA. AF_11/2023","M",92.25]
["Execução de Tirantes",104849,"EXECUÇÃO DE PERFURAÇÃO PARA TIRANTE, COMPRIMENTO MAIOR OU IGUAL A 14 M E MENOR QUE 22 M, COM DIÂMETRO DE FURO DE 100 MM EXECUTADO COM HASTE UTILIZANDO PERFURATRIZ MANUAL SOBRE BASE DE MONTAGEM. AF_11/2023","M",63.41]
["Execução de Tirantes",104887,"EXECUÇÃO DE PERFURAÇÃO PARA TIRANTE, COMPRIMENTO MAIOR OU IGUAL A 14 M E MENOR QUE 22 M, COM DIÂMETRO DE FURO DE 100 MM EXECUTADO COM HASTE UTILIZANDO PERFURATRIZ SOBRE ESTEIRA. AF_11/2023","M",50.04]
["Execução de Tirantes",104844,"EXECUÇÃO DE PERFURAÇÃO PARA TIRANTE, COMPRIMENTO MAIOR OU IGUAL A 14 M E MENOR QUE 22 M, COM DIÂMETRO DE FURO DE 150 MM EXECUTADO COM HASTE E TUBOS DE REVESTIMENTO UTILIZANDO PERFURATRIZ SOBRE ESTEIRA. AF_11/2023","M",101.61]
["Execução de Tirantes",104852,"EXECUÇÃO DE PERFURAÇÃO PARA TIRANTE, COMPRIMENTO MAIOR OU IGUAL A 14 M E MENOR QUE 22 M, COM DIÂMETRO DE FURO DE 150 MM EXECUTADO COM HASTE UTILIZANDO PERFURATRIZ MANUAL SOBRE BASE DE MONTAGEM. AF_11/2023","M",69.58]
["Execução de Tirantes",104846,"EXECUÇÃO DE PERFURAÇÃO PARA TIRANTE, COMPRIMENTO MAIOR OU IGUAL A 14 M E MENOR QUE 22 M, COM DIÂMETRO DE FURO DE 200 MM EXECUTADO COM HASTE E TUBOS DE REVESTIMENTO UTILIZANDO PERFURATRIZ SOBRE ESTEIRA. AF_11/2023","M",115.49]
["Execução de Tirantes",104854,"EXECUÇÃO DE PERFURAÇÃO PARA TIRANTE, COMPRIMENTO MAIOR OU IGUAL A 14 M E MENOR QUE 22 M, COM DIÂMETRO DE FURO DE 200 MM EXECUTADO COM HASTE UTILIZANDO PERFURATRIZ MANUAL SOBRE BASE DE MONTAGEM. AF_11/2023","M",78.73]
["Execução de Tirantes",104890,"EXECUÇÃO DE PERFURAÇÃO PARA TIRANTE, COMPRIMENTO MAIOR OU IGUAL A 14 M E MENOR QUE 22 M, COM DIÂMETRO DE FURO DE 200 MM EXECUTADO COM HASTE UTILIZANDO PERFURATRIZ SOBRE ESTEIRA. AF_11/2023","M",57.09]
["Execução de Tirantes",104842,"EXECUÇÃO DE PERFURAÇÃO PARA TIRANTE, COMPRIMENTO MAIOR OU IGUAL A 22 M E MENOR QUE 30 M, COM DIÂMETRO DE FURO DE 100 MM EXECUTADO COM HASTE E TUBOS DE REVESTIMENTO UTILIZANDO PERFURATRIZ SOBRE ESTEIRA. AF_11/2023","M",79.14]
["Execução de Tirantes",104850,"EXECUÇÃO DE PERFURAÇÃO PARA TIRANTE, COMPRIMENTO MAIOR OU IGUAL A 22 M E MENOR QUE 30 M, COM DIÂMETRO DE FURO DE 100 MM EXECUTADO COM HASTE UTILIZANDO PERFURATRIZ MANUAL SOBRE BASE DE MONTAGEM. AF_11/2023","M",56.75]
["Execução de Tirantes",104888,"EXECUÇÃO DE PERFURAÇÃO PARA TIRANTE, COMPRIMENTO MAIOR OU IGUAL A 22 M E MENOR QUE 30 M, COM DIÂMETRO DE FURO DE 100 MM EXECUTADO COM HASTE UTILIZANDO PERFURATRIZ SOBRE ESTEIRA. AF_11/2023","M",45.65]
["Execução de Tirantes",104879,"EXECUÇÃO DE PERFURAÇÃO PARA TIRANTE, COMPRIMENTO MAIOR OU IGUAL A 22 M E MENOR QUE 30 M, COM DIÂMETRO DE FURO DE 150 MM EXECUTADO COM HASTE E TUBOS DE REVESTIMENTO UTILIZANDO PERFURATRIZ SOBRE ESTEIRA. AF_11/2023","M",86.96]
["Execução de Tirantes",104853,"EXECUÇÃO DE PERFURAÇÃO PARA TIRANTE, COMPRIMENTO MAIOR OU IGUAL A 22 M E MENOR QUE 30 M, COM DIÂMETRO DE FURO DE 150 MM EXECUTADO COM HASTE UTILIZANDO PERFURATRIZ MANUAL SOBRE BASE DE MONTAGEM. AF_11/2023","M",61.9]
["Execução de Tirantes",104847,"EXECUÇÃO DE PERFURAÇÃO PARA TIRANTE, COMPRIMENTO MAIOR OU IGUAL A 22 M E MENOR QUE 30 M, COM DIÂMETRO DE FURO DE 200 MM EXECUTADO COM HASTE E TUBOS DE REVESTIMENTO UTILIZANDO PERFURATRIZ SOBRE ESTEIRA. AF_11/2023","M",98.52]
["Execução de Tirantes",104855,"EXECUÇÃO DE PERFURAÇÃO PARA TIRANTE, COMPRIMENTO MAIOR OU IGUAL A 22 M E MENOR QUE 30 M, COM DIÂMETRO DE FURO DE 200 MM EXECUTADO COM HASTE UTILIZANDO PERFURATRIZ MANUAL SOBRE BASE DE MONTAGEM. AF_11/2023","M",69.52]
["Execução de Tirantes",104891,"EXECUÇÃO DE PERFURAÇÃO PARA TIRANTE, COMPRIMENTO MAIOR OU IGUAL A 22 M E MENOR QUE 30 M, COM DIÂMETRO DE FURO DE 200 MM EXECUTADO COM HASTE UTILIZANDO PERFURATRIZ SOBRE ESTEIRA. AF_11/2023","M",51.56]
["Execução de Tirantes",104892,"EXECUÇÃO DE PERFURAÇÃO PARA TIRANTE, COMPRIMENTO MAIOR OU IGUAL A 6 M E MENOR QUE 14 M, COM DIÂMETRO DE FURO DE 100 MM EXECUTADO COM HASTE E TUBOS DE REVESTIMENTO UTILIZANDO PERFURATRIZ SOBRE ESTEIRA. AF_11/2023","M",114.11]
["Execução de Tirantes",104848,"EXECUÇÃO DE PERFURAÇÃO PARA TIRANTE, COMPRIMENTO MAIOR OU IGUAL A 6 M E MENOR QUE 14 M, COM DIÂMETRO DE FURO DE 100 MM EXECUTADO COM HASTE UTILIZANDO PERFURATRIZ MANUAL SOBRE BASE DE MONTAGEM. AF_11/2023","M",73.36]
["Execução de Tirantes",104886,"EXECUÇÃO DE PERFURAÇÃO PARA TIRANTE, COMPRIMENTO MAIOR OU IGUAL A 6 M E MENOR QUE 14 M, COM DIÂMETRO DE FURO DE 100 MM EXECUTADO COM HASTE UTILIZANDO PERFURATRIZ SOBRE ESTEIRA. AF_11/2023","M",56.6]
["Execução de Tirantes",104843,"EXECUÇÃO DE PERFURAÇÃO PARA TIRANTE, COMPRIMENTO MAIOR OU IGUAL A 6 M E MENOR QUE 14 M, COM DIÂMETRO DE FURO DE 150 MM EXECUTADO COM HASTE E TUBOS DE REVESTIMENTO UTILIZANDO PERFURATRIZ SOBRE ESTEIRA. AF_11/2023","M",125.78]
["Execução de Tirantes",104851,"EXECUÇÃO DE PERFURAÇÃO PARA TIRANTE, COMPRIMENTO MAIOR OU IGUAL A 6 M E MENOR QUE 14 M, COM DIÂMETRO DE FURO DE 150 MM EXECUTADO COM HASTE UTILIZANDO PERFURATRIZ MANUAL SOBRE BASE DE MONTAGEM. AF_11/2023","M",81.06]
["Execução de Tirantes",104845,"EXECUÇÃO DE PERFURAÇÃO PARA TIRANTE, COMPRIMENTO MAIOR OU IGUAL A 6 M E MENOR QUE 14 M, COM DIÂMETRO DE FURO DE 200 MM EXECUTADO COM HASTE E TUBOS DE REVESTIMENTO UTILIZANDO PERFURATRIZ SOBRE ESTEIRA. AF_11/2023","M",143.07]
["Execução de Tirantes",104880,"EXECUÇÃO DE PERFURAÇÃO PARA TIRANTE, COMPRIMENTO MAIOR OU IGUAL A 6 M E MENOR QUE 14 M, COM DIÂMETRO DE FURO DE 200 MM EXECUTADO COM HASTE UTILIZANDO PERFURATRIZ MANUAL SOBRE BASE DE MONTAGEM. AF_11/2023","M",92.44]
["Execução de Tirantes",104889,"EXECUÇÃO DE PERFURAÇÃO PARA TIRANTE, COMPRIMENTO MAIOR OU IGUAL A 6 M E MENOR QUE 14 M, COM DIÂMETRO DE FURO DE 200 MM EXECUTADO COM HASTE UTILIZANDO PERFURATRIZ SOBRE ESTEIRA. AF_11/2023","M",65.319999999999993]
["Execução de Tirantes",95108,"EXECUÇÃO DE PROTEÇÃO DA CABEÇA DO TIRANTE COM USO DE FÔRMAS METÁLICAS, 50 UTILIZAÇÕES, E CONCRETO FCK =15 MPA. AF_11/2023","UN",43.79]
["Execução de Tirantes",104857,"INJEÇÃO DE CALDA DE CIMENTO PARA CHUMBAMENTO DE TIRANTE COM 8 CORDOALHAS DE 12,7 MM, COMPRIMENTO MAIOR OU IGUAL A 22 M E MENOR QUE 30 M, DIÂMETRO DE 100 MM, INCLUSIVE PRODUÇÃO. AF_11/2023","M",0]
["Execução de Tirantes",104859,"INJEÇÃO DE CALDA DE CIMENTO PARA CHUMBAMENTO DE TIRANTE COM 8 CORDOALHAS DE 12,7 MM, COMPRIMENTO MAIOR OU IGUAL A 22 M E MENOR QUE 30 M, DIÂMETRO DE 150 MM, INCLUSIVE PRODUÇÃO. AF_11/2023","M",0]
["Execução de Tirantes",104861,"INJEÇÃO DE CALDA DE CIMENTO PARA CHUMBAMENTO DE TIRANTE COM 8 CORDOALHAS DE 12,7 MM, COMPRIMENTO MAIOR OU IGUAL A 22 M E MENOR QUE 30 M, DIÂMETRO DE 200 MM, INCLUSIVE PRODUÇÃO. AF_11/2023","M",0]
["Execução de Tirantes",104856,"INJEÇÃO DE CALDA DE CIMENTO PARA CHUMBAMENTO DE TIRANTE MONOBARRA COM ARMADURA DE 36 MM, COMPRIMENTO MAIOR OU IGUAL A 22 M E MENOR QUE 30 M, DIÂMETRO DE 100 MM, INCLUSIVE PRODUÇÃO. AF_11/2023","M",0]
["Execução de Tirantes",104858,"INJEÇÃO DE CALDA DE CIMENTO PARA CHUMBAMENTO DE TIRANTE MONOBARRA COM ARMADURA DE 36 MM, COMPRIMENTO MAIOR OU IGUAL A 22 M E MENOR QUE 30 M, DIÂMETRO DE 150 MM, INCLUSIVE PRODUÇÃO. AF_11/2023","M",0]
["Execução de Tirantes",104860,"INJEÇÃO DE CALDA DE CIMENTO PARA CHUMBAMENTO DE TIRANTE MONOBARRA COM ARMADURA DE 36 MM, COMPRIMENTO MAIOR OU IGUAL A 22 M E MENOR QUE 30 M, DIÂMETRO DE 200 MM, INCLUSIVE PRODUÇÃO. AF_11/2023","M",0]
["Execução de Tirantes",104871,"INSTALAÇÃO DE TIRANTE COM 4 CORDOALHAS DE 12,7 MM, COMPRIMENTO MAIOR OU IGUAL A 14 M E MENOR QUE 22 M, INCLUSIVE MONTAGEM, INSTALAÇÃO E PROTENSÃO. AF_11/2023","M",0]
["Execução de Tirantes",104883,"INSTALAÇÃO DE TIRANTE COM 4 CORDOALHAS DE 12,7 MM, COMPRIMENTO MAIOR OU IGUAL A 22 M E MENOR QUE 30 M, INCLUSIVE MONTAGEM, INSTALAÇÃO E PROTENSÃO. AF_11/2023","M",0]
["Execução de Tirantes",104865,"INSTALAÇÃO DE TIRANTE COM 4 CORDOALHAS DE 12,7 MM, COMPRIMENTO MAIOR OU IGUAL A 6 M E MENOR QUE 14 M, INCLUSIVE MONTAGEM, INSTALAÇÃO E PROTENSÃO. AF_11/2023","M",0]
["Execução de Tirantes",104872,"INSTALAÇÃO DE TIRANTE COM 6 CORDOALHAS DE 12,7 MM, COMPRIMENTO MAIOR OU IGUAL A 14 M E MENOR QUE 22 M, INCLUSIVE MONTAGEM, INSTALAÇÃO E PROTENSÃO. AF_11/2023","M",0]
["Execução de Tirantes",104884,"INSTALAÇÃO DE TIRANTE COM 6 CORDOALHAS DE 12,7 MM, COMPRIMENTO MAIOR OU IGUAL A 22 M E MENOR QUE 30 M, INCLUSIVE MONTAGEM, INSTALAÇÃO E PROTENSÃO. AF_11/2023","M",0]
["Execução de Tirantes",104866,"INSTALAÇÃO DE TIRANTE COM 6 CORDOALHAS DE 12,7 MM, COMPRIMENTO MAIOR OU IGUAL A 6 M E MENOR QUE 14 M, INCLUSIVE MONTAGEM, INSTALAÇÃO E PROTENSÃO. AF_11/2023","M",0]
["Execução de Tirantes",104873,"INSTALAÇÃO DE TIRANTE COM 8 CORDOALHAS DE 12,7 MM, COMPRIMENTO MAIOR OU IGUAL A 14 M E MENOR QUE 22 M, INCLUSIVE MONTAGEM, INSTALAÇÃO E PROTENSÃO. AF_11/2023","M",0]
["Execução de Tirantes",104885,"INSTALAÇÃO DE TIRANTE COM 8 CORDOALHAS DE 12,7 MM, COMPRIMENTO MAIOR OU IGUAL A 22 M E MENOR QUE 30 M, INCLUSIVE MONTAGEM, INSTALAÇÃO E PROTENSÃO. AF_11/2023","M",0]
["Execução de Tirantes",104867,"INSTALAÇÃO DE TIRANTE COM 8 CORDOALHAS DE 12,7 MM, COMPRIMENTO MAIOR OU IGUAL A 6 M E MENOR QUE 14 M, INCLUSIVE MONTAGEM, INSTALAÇÃO E PROTENSÃO. AF_11/2023","M",0]
["Execução de Tirantes",104868,"INSTALAÇÃO DE TIRANTE MONOBARRA COM ARMADURA DE 25 MM, COMPRIMENTO MAIOR OU IGUAL A 14 M E MENOR QUE 22 M, INCLUSIVE MONTAGEM, INSTALAÇÃO E PROTENSÃO. AF_11/2023","M",0]
["Execução de Tirantes",104874,"INSTALAÇÃO DE TIRANTE MONOBARRA COM ARMADURA DE 25 MM, COMPRIMENTO MAIOR OU IGUAL A 22 M E MENOR QUE 30 M, INCLUSIVE MONTAGEM, INSTALAÇÃO E PROTENSÃO. AF_11/2023","M",0]
["Execução de Tirantes",104862,"INSTALAÇÃO DE TIRANTE MONOBARRA COM ARMADURA DE 25 MM, COMPRIMENTO MAIOR OU IGUAL A 6 M E MENOR QUE 14 M, INCLUSIVE MONTAGEM, INSTALAÇÃO E PROTENSÃO. AF_11/2023","M",0]
["Execução de Tirantes",104869,"INSTALAÇÃO DE TIRANTE MONOBARRA COM ARMADURA DE 32 MM, COMPRIMENTO MAIOR OU IGUAL A 14 M E MENOR QUE 22 M, INCLUSIVE MONTAGEM, INSTALAÇÃO E PROTENSÃO. AF_11/2023","M",0]
["Execução de Tirantes",104881,"INSTALAÇÃO DE TIRANTE MONOBARRA COM ARMADURA DE 32 MM, COMPRIMENTO MAIOR OU IGUAL A 22 M E MENOR QUE 30 M, INCLUSIVE MONTAGEM, INSTALAÇÃO E PROTENSÃO. AF_11/2023","M",0]
["Execução de Tirantes",104863,"INSTALAÇÃO DE TIRANTE MONOBARRA COM ARMADURA DE 32 MM, COMPRIMENTO MAIOR OU IGUAL A 6 M E MENOR QUE 14 M, INCLUSIVE MONTAGEM, INSTALAÇÃO E PROTENSÃO. AF_11/2023","M",0]
["Execução de Tirantes",104870,"INSTALAÇÃO DE TIRANTE MONOBARRA COM ARMADURA DE 36 MM, COMPRIMENTO MAIOR OU IGUAL A 14 M E MENOR QUE 22 M, INCLUSIVE MONTAGEM, INSTALAÇÃO E PROTENSÃO. AF_11/2023","M",0]
["Execução de Tirantes",104882,"INSTALAÇÃO DE TIRANTE MONOBARRA COM ARMADURA DE 36 MM, COMPRIMENTO MAIOR OU IGUAL A 22 M E MENOR QUE 30 M, INCLUSIVE MONTAGEM, INSTALAÇÃO E PROTENSÃO. AF_11/2023","M",0]
["Execução de Tirantes",104864,"INSTALAÇÃO DE TIRANTE MONOBARRA COM ARMADURA DE 36 MM, COMPRIMENTO MAIOR OU IGUAL A 6 M E MENOR QUE 14 M, INCLUSIVE MONTAGEM, INSTALAÇÃO E PROTENSÃO. AF_11/2023","M",0]
["Execução de Tirantes",104876,"PERFURAÇÃO DE CORTINA PRÉ-MOLDADA COM MARTELETE ROMPEDOR. AF_11/2023","UN",32.049999999999997]
["Execução de Tirantes",104875,"PERFURAÇÃO DE PAREDE DIAFRAGMA COM COROA DIAMANTADA DE DIÂMETRO DE 102 MM. AF_11/2023","M",158.32]
["Fachadas com Placas Cerâmicas e Granito - Insertadas",105942,"REQUADRO DE VÃOS COM PLACAS DE PORCELANATO ASSENTADAS COM ARGAMASSA COLANTE. AF_03/2025","M",0]
["Fachadas com Placas Cerâmicas e Granito - Insertadas",105943,"REQUADRO DE VÃOS PLACAS DE GRANITO FIXADAS COM INSERTE METÁLICO. AF_03/2025","M",0]
["Fachadas com Placas Cerâmicas e Granito - Insertadas",105941,"REVESTIMENTO NÃO ADERIDO DE PAREDES EXTERNAS COM PLACAS DE GRANITO DE ÁREA MAIOR QUE 10000 CM2, FIXADAS COM INSERTE METÁLICO. AF_03/2025","M2",0]
["Fachadas com Placas Cerâmicas e Granito - Insertadas",105940,"REVESTIMENTO NÃO ADERIDO DE PAREDES EXTERNAS COM PLACAS DE GRANITO DE ÁREA MAIOR QUE 3025 CM2 E MENOR OU IGUAL A 10000 CM2, FIXADAS COM INSERTE METÁLICO. AF_03/2025","M2",0]
["Fachadas com Placas Cerâmicas e Granito - Insertadas",105938,"REVESTIMENTO NÃO ADERIDO DE PAREDES EXTERNAS COM PLACAS DE PORCELANATO DE ÁREA MAIOR DO QUE 2500 CM2 E MENOR OU IGUAL A 6400 CM2, FIXADAS COM INSERTE METÁLICO. AF_03/2025","M2",0]
["Fachadas com Placas Cerâmicas e Granito - Insertadas",105939,"REVESTIMENTO NÃO ADERIDO DE PAREDES EXTERNAS COM PLACAS DE PORCELANATO DE ÁREA MAIOR QUE 6400 CM2 E MENOR QUE 10000 CM2, FIXADAS COM INSERTE METÁLICO. AF_03/2025","M2",0]
["Forros",96120,"ACABAMENTOS PARA FORRO (MOLDURA DE GESSO). AF_08/2023","M",3.29]
["Forros",96123,"ACABAMENTOS PARA FORRO (MOLDURA EM DRYWALL, COM LARGURA DE 15 CM). AF_08/2023_PS","M",34.64]
["Forros",96122,"ACABAMENTOS PARA FORRO (RODA-FORRO EM MADEIRA PINUS). AF_08/2023","M",49.42]
["Forros",96121,"ACABAMENTOS PARA FORRO (RODA-FORRO EM PERFIL METÁLICO E PLÁSTICO). AF_08/2023","M",13.79]
["Forros",99054,"ACABAMENTOS PARA FORRO (SANCA DE GESSO, MONTADA NA OBRA). AF_08/2023_PS","M2",66.489999999999995]
["Forros",96110,"FORRO EM DRYWALL PARA AMBIENTES RESIDENCIAIS, INCLUSIVE ESTRUTURA UNIDIRECIONAL DE FIXAÇÃO. AF_08/2023_PS","M2",84.12]
["Forros",96114,"FORRO EM DRYWALL, PARA AMBIENTES COMERCIAIS, INCLUSIVE ESTRUTURA BIRECIONAL DE FIXAÇÃO. AF_08/2023_PS","M2",85.67]
["Forros",104757,"FORRO EM FIBRA MINERAL, PARA AMBIENTES COMERCIAIS, INCLUSIVE ESTRUTURA DE FIXAÇÃO. AF_08/2023","M2",0]
["Forros",104756,"FORRO EM MADEIRA PINUS, PARA AMBIENTES RESIDENCIAIS E COMERCIAIS, INCLUSIVE ESTRUTURA BIDIRECIONAL DE FIXAÇÃO. AF_08/2023","M2",217.98]
["Forros",96112,"FORRO EM MADEIRA PINUS, PARA AMBIENTES RESIDENCIAIS, INCLUSIVE ESTRUTURA UNIDIRECIONAL DE FIXAÇÃO. AF_08/2023","M2",171.3]
["Forros",96113,"FORRO EM PLACAS DE GESSO, PARA AMBIENTES COMERCIAIS. AF_08/2023_PS","M2",51.81]
["Forros",96109,"FORRO EM PLACAS DE GESSO, PARA AMBIENTES RESIDENCIAIS. AF_08/2023_PS","M2",57.75]
["Forros",96116,"FORRO EM RÉGUAS DE PVC, FRISADO, PARA AMBIENTES COMERCIAIS, INCLUSIVE ESTRUTURA BIDIRECIONAL DE FIXAÇÃO. AF_08/2023_PS","M2",75.25]
["Forros",96111,"FORRO EM RÉGUAS DE PVC, FRISADO, PARA AMBIENTES RESIDENCIAIS, INCLUSIVE ESTRUTURA UNIDIRECIONAL DE FIXAÇÃO. AF_08/2023_PS","M2",72.28]
["Forros",96486,"FORRO EM RÉGUAS DE PVC, LISO, PARA AMBIENTES COMERCIAIS, INCLUSIVE ESTRUTURA BIDIRECIONAL DE FIXAÇÃO. AF_08/2023_PS","M2",84.58]
["Forros",96485,"FORRO EM RÉGUAS DE PVC, LISO, PARA AMBIENTES RESIDENCIAIS, INCLUSIVE ESTRUTURA UNIDIRECIONAL DE FIXAÇÃO. AF_08/2023_PS","M2",81.61]
["Forros",97557,"FORRO METÁLICO, PARA AMBIENTES COMERCIAIS, INCLUSIVE ESTRUTURA DE FIXAÇÃO. AF_08/2023","M2",0]
["Fossas e Sumidouros",101807,"CAIXA ENTERRADA DISTRIBUIDORA DE VAZÃO (SUMIDOUROS MÚLTIPLOS), RETANGULAR, EM ALVENARIA COM BLOCOS DE CONCRETO, DIMENSÕES INTERNAS: 0,60 X 0,60 X H=0,50 M. AF_12/2020","UN",553.41]
["Fossas e Sumidouros",101806,"CAIXA ENTERRADA DISTRIBUIDORA DE VAZÃO (SUMIDOUROS MÚLTIPLOS), RETANGULAR, EM ALVENARIA COM TIJOLOS MACIÇOS, DIMENSÕES INTERNAS: 0,60 X 0,60 X H=0,50 M. AF_12/2020","UN",616.42999999999995]
["Fossas e Sumidouros",101808,"CAIXA ENTERRADA DISTRIBUIDORA DE VAZÃO (SUMIDOUROS MÚLTIPLOS), RETANGULAR, EM CONCRETO PRÉ-MOLDADO, DIMENSÕES INTERNAS: 0,60 X 0,60 X H=0,50 M. AF_12/2020","UN",565.79999999999995]
["Fossas e Sumidouros",98058,"FILTRO ANAERÓBIO CIRCULAR, EM CONCRETO PRÉ-MOLDADO, DIÂMETRO INTERNO = 1,10 M, ALTURA INTERNA = 1,50 M, VOLUME ÚTIL: 1140,4 L (PARA 5 CONTRIBUINTES). AF_12/2020","UN",1847.07]
["Fossas e Sumidouros",98059,"FILTRO ANAERÓBIO CIRCULAR, EM CONCRETO PRÉ-MOLDADO, DIÂMETRO INTERNO = 1,88 M, ALTURA INTERNA = 1,50 M, VOLUME ÚTIL: 3331,1 L (PARA 19 CONTRIBUINTES). AF_12/2020","UN",3967.79]
["Fossas e Sumidouros",98060,"FILTRO ANAERÓBIO CIRCULAR, EM CONCRETO PRÉ-MOLDADO, DIÂMETRO INTERNO = 2,38 M, ALTURA INTERNA = 1,50 M, VOLUME ÚTIL: 5338,6 L (PARA 34 CONTRIBUINTES). AF_12/2020","UN",5553.83]
["Fossas e Sumidouros",98061,"FILTRO ANAERÓBIO CIRCULAR, EM CONCRETO PRÉ-MOLDADO, DIÂMETRO INTERNO = 2,88 M, ALTURA INTERNA = 1,50 M, VOLUME ÚTIL: 7817,3 L (PARA 75 CONTRIBUINTES). AF_12/2020","UN",7749.05]
["Fossas e Sumidouros",98088,"FILTRO ANAERÓBIO RETANGULAR, EM ALVENARIA COM BLOCOS DE CONCRETO, DIMENSÕES INTERNAS: 0,8 X 1,2 X H=1,67 M, VOLUME ÚTIL: 1152 L (PARA 5 CONTRIBUINTES). AF_12/2020","UN",3385.05]
["Fossas e Sumidouros",98089,"FILTRO ANAERÓBIO RETANGULAR, EM ALVENARIA COM BLOCOS DE CONCRETO, DIMENSÕES INTERNAS: 1,2 X 1,8 X H=1,67 M, VOLUME ÚTIL: 2592 L (PARA 13 CONTRIBUINTES). AF_12/2020","UN",5388.76]
["Fossas e Sumidouros",98090,"FILTRO ANAERÓBIO RETANGULAR, EM ALVENARIA COM BLOCOS DE CONCRETO, DIMENSÕES INTERNAS: 1,4 X 3,0 X H=1,67 M, VOLUME ÚTIL: 5040 L (PARA 32 CONTRIBUINTES). AF_12/2020","UN",8515.7000000000007]
["Fossas e Sumidouros",98091,"FILTRO ANAERÓBIO RETANGULAR, EM ALVENARIA COM BLOCOS DE CONCRETO, DIMENSÕES INTERNAS: 1,4 X 4,2 X H=1,67 M, VOLUME ÚTIL: 7056 L (PARA 67 CONTRIBUINTES). AF_12/2020","UN",11149.95]
["Fossas e Sumidouros",98092,"FILTRO ANAERÓBIO RETANGULAR, EM ALVENARIA COM BLOCOS DE CONCRETO, DIMENSÕES INTERNAS: 1,6 X 4,6 X H=1,67 M, VOLUME ÚTIL: 8832 L (PARA 84 CONTRIBUINTES). AF_12/2020","UN",12981.76]
["Fossas e Sumidouros",98093,"FILTRO ANAERÓBIO RETANGULAR, EM ALVENARIA COM BLOCOS DE CONCRETO, DIMENSÕES INTERNAS: 1,6 X 5,6 X H=1,67 M, VOLUME ÚTIL: 10752 L (PARA 103 CONTRIBUINTES). AF_12/2020","UN",15341.98]
["Fossas e Sumidouros",98072,"FILTRO ANAERÓBIO RETANGULAR, EM ALVENARIA COM TIJOLOS CERÂMICOS MACIÇOS, DIMENSÕES INTERNAS: 0,8 X 1,2 X H=1,67 M, VOLUME ÚTIL: 1152 L (PARA 5 CONTRIBUINTES). AF_12/2020","UN",4294.0200000000004]
["Fossas e Sumidouros",98073,"FILTRO ANAERÓBIO RETANGULAR, EM ALVENARIA COM TIJOLOS CERÂMICOS MACIÇOS, DIMENSÕES INTERNAS: 1,2 X 1,8 X H=1,67 M, VOLUME ÚTIL: 2592 L (PARA 13 CONTRIBUINTES). AF_12/2020","UN",6757.14]
["Fossas e Sumidouros",98074,"FILTRO ANAERÓBIO RETANGULAR, EM ALVENARIA COM TIJOLOS CERÂMICOS MACIÇOS, DIMENSÕES INTERNAS: 1,4 X 3,0 X H=1,67 M, VOLUME ÚTIL: 5040 L (PARA 32 CONTRIBUINTES). AF_12/2020","UN",10546.62]
["Fossas e Sumidouros",98075,"FILTRO ANAERÓBIO RETANGULAR, EM ALVENARIA COM TIJOLOS CERÂMICOS MACIÇOS, DIMENSÕES INTERNAS: 1,4 X 4,2 X H=1,67 M, VOLUME ÚTIL: 7056 L (PARA 67 CONTRIBUINTES). AF_12/2020","UN",13742.15]
["Fossas e Sumidouros",98076,"FILTRO ANAERÓBIO RETANGULAR, EM ALVENARIA COM TIJOLOS CERÂMICOS MACIÇOS, DIMENSÕES INTERNAS: 1,6 X 4,6 X H=1,67 M, VOLUME ÚTIL: 8832 L (PARA 84 CONTRIBUINTES). AF_12/2020","UN",15869.79]
["Fossas e Sumidouros",98077,"FILTRO ANAERÓBIO RETANGULAR, EM ALVENARIA COM TIJOLOS CERÂMICOS MACIÇOS, DIMENSÕES INTERNAS: 1,6 X 5,6 X H=1,67 M, VOLUME ÚTIL: 10752 L (PARA 103 CONTRIBUINTES). AF_12/2020","UN",18702.84]
["Fossas e Sumidouros",98062,"SUMIDOURO CIRCULAR, EM CONCRETO PRÉ-MOLDADO, DIÂMETRO INTERNO = 1,88 M, ALTURA INTERNA = 2,00 M, ÁREA DE INFILTRAÇÃO: 13,1 M² (PARA 5 CONTRIBUINTES). AF_12/2020","UN",3141.68]
["Fossas e Sumidouros",98063,"SUMIDOURO CIRCULAR, EM CONCRETO PRÉ-MOLDADO, DIÂMETRO INTERNO = 2,38 M, ALTURA INTERNA = 2,50 M, ÁREA DE INFILTRAÇÃO: 21,3 M² (PARA 8 CONTRIBUINTES). AF_12/2020","UN",4799.04]
["Fossas e Sumidouros",98064,"SUMIDOURO CIRCULAR, EM CONCRETO PRÉ-MOLDADO, DIÂMETRO INTERNO = 2,38 M, ALTURA INTERNA = 3,0 M, ÁREA DE INFILTRAÇÃO: 25 M² (PARA 10 CONTRIBUINTES). AF_12/2020","UN",5547.06]
["Fossas e Sumidouros",98065,"SUMIDOURO CIRCULAR, EM CONCRETO PRÉ-MOLDADO, DIÂMETRO INTERNO = 2,88 M, ALTURA INTERNA = 3,0 M, ÁREA DE INFILTRAÇÃO: 31,4 M² (PARA 12 CONTRIBUINTES). AF_12/2020","UN",7702.08]
["Fossas e Sumidouros",98094,"SUMIDOURO RETANGULAR, EM ALVENARIA COM BLOCOS DE CONCRETO, DIMENSÕES INTERNAS: 0,8 X 1,4 X H=3,0 M, ÁREA DE INFILTRAÇÃO: 13,2 M² (PARA 5 CONTRIBUINTES). AF_12/2020","UN",2726.52]
["Fossas e Sumidouros",98099,"SUMIDOURO RETANGULAR, EM ALVENARIA COM BLOCOS DE CONCRETO, DIMENSÕES INTERNAS: 1,0 X 3,0 X H=3,0 M, ÁREA DE INFILTRAÇÃO: 25 M² (PARA 10 CONTRIBUINTES). AF_12/2020","UN",4667.8999999999996]
["Fossas e Sumidouros",98100,"SUMIDOURO RETANGULAR, EM ALVENARIA COM BLOCOS DE CONCRETO, DIMENSÕES INTERNAS: 1,6 X 3,4 X H=3,0 M, ÁREA DE INFILTRAÇÃO: 32,9 M² (PARA 13 CONTRIBUINTES). . AF_12/2020","UN",6153.54]
["Fossas e Sumidouros",98101,"SUMIDOURO RETANGULAR, EM ALVENARIA COM BLOCOS DE CONCRETO, DIMENSÕES INTERNAS: 1,6 X 5,8 X H=3,0 M, ÁREA DE INFILTRAÇÃO: 50 M² (PARA 20 CONTRIBUINTES). . AF_12/2020","UN",9120.6299999999992]
["Fossas e Sumidouros",98078,"SUMIDOURO RETANGULAR, EM ALVENARIA COM TIJOLOS CERÂMICOS MACIÇOS, DIMENSÕES INTERNAS: 0,8 X 1,4 X H=3,0 M, ÁREA DE INFILTRAÇÃO: 13,2 M² (PARA 5 CONTRIBUINTES). AF_12/2020","UN",4616.3]
["Fossas e Sumidouros",98079,"SUMIDOURO RETANGULAR, EM ALVENARIA COM TIJOLOS CERÂMICOS MACIÇOS, DIMENSÕES INTERNAS: 1,0 X 3,0 X H=3,0 M, ÁREA DE INFILTRAÇÃO: 25 M² (PARA 10 CONTRIBUINTES). AF_12/2020","UN",8103.97]
["Fossas e Sumidouros",98080,"SUMIDOURO RETANGULAR, EM ALVENARIA COM TIJOLOS CERÂMICOS MACIÇOS, DIMENSÕES INTERNAS: 1,6 X 3,4 X H=3,0 M, ÁREA DE INFILTRAÇÃO: 32,9 M² (PARA 13 CONTRIBUINTES). AF_12/2020","UN",10448.76]
["Fossas e Sumidouros",98081,"SUMIDOURO RETANGULAR, EM ALVENARIA COM TIJOLOS CERÂMICOS MACIÇOS, DIMENSÕES INTERNAS: 1,6 X 5,8 X H=3,0 M, ÁREA DE INFILTRAÇÃO: 50 M² (PARA 20 CONTRIBUINTES). AF_12/2020","UN",15501.27]
["Fossas e Sumidouros",98052,"TANQUE SÉPTICO CIRCULAR, EM CONCRETO PRÉ-MOLDADO, DIÂMETRO INTERNO = 1,10 M, ALTURA INTERNA = 2,50 M, VOLUME ÚTIL: 2138,2 L (PARA 5 CONTRIBUINTES). AF_12/2020","UN",2128.8200000000002]
["Fossas e Sumidouros",98053,"TANQUE SÉPTICO CIRCULAR, EM CONCRETO PRÉ-MOLDADO, DIÂMETRO INTERNO = 1,40 M, ALTURA INTERNA = 2,50 M, VOLUME ÚTIL: 3463,6 L (PARA 13 CONTRIBUINTES). AF_12/2020","UN",2925.8]
["Fossas e Sumidouros",98054,"TANQUE SÉPTICO CIRCULAR, EM CONCRETO PRÉ-MOLDADO, DIÂMETRO INTERNO = 1,88 M, ALTURA INTERNA = 2,50 M, VOLUME ÚTIL: 6245,8 L (PARA 32 CONTRIBUINTES). AF_12/2020","UN",4732.95]
["Fossas e Sumidouros",98055,"TANQUE SÉPTICO CIRCULAR, EM CONCRETO PRÉ-MOLDADO, DIÂMETRO INTERNO = 2,38 M, ALTURA INTERNA = 2,50 M, VOLUME ÚTIL: 10009,8 L (PARA 69 CONTRIBUINTES). AF_12/2020","UN",6434.72]
["Fossas e Sumidouros",98056,"TANQUE SÉPTICO CIRCULAR, EM CONCRETO PRÉ-MOLDADO, DIÂMETRO INTERNO = 2,38 M, ALTURA INTERNA = 3,0 M, VOLUME ÚTIL: 12234,2 L (PARA 86 CONTRIBUINTES). AF_12/2020","UN",7508.82]
["Fossas e Sumidouros",98057,"TANQUE SÉPTICO CIRCULAR, EM CONCRETO PRÉ-MOLDADO, DIÂMETRO INTERNO = 2,88 M, ALTURA INTERNA = 2,50 M, VOLUME ÚTIL: 14657,4 L (PARA 105 CONTRIBUINTES). AF_12/2020","UN",8935.4]
["Fossas e Sumidouros",98082,"TANQUE SÉPTICO RETANGULAR, EM ALVENARIA COM BLOCOS DE CONCRETO, DIMENSÕES INTERNAS: 1,0 X 2,0 X H=1,4 M, VOLUME ÚTIL: 2000 L (PARA 5 CONTRIBUINTES). AF_12/2020","UN",3905.77]
["Fossas e Sumidouros",98083,"TANQUE SÉPTICO RETANGULAR, EM ALVENARIA COM BLOCOS DE CONCRETO, DIMENSÕES INTERNAS: 1,2 X 2,4 X H=1,6 M, VOLUME ÚTIL: 3456 L (PARA 13 CONTRIBUINTES). AF_12/2020","UN",5150.24]
["Fossas e Sumidouros",98084,"TANQUE SÉPTICO RETANGULAR, EM ALVENARIA COM BLOCOS DE CONCRETO, DIMENSÕES INTERNAS: 1,4 X 3,2 X H=1,8 M, VOLUME ÚTIL: 6272 L (PARA 32 CONTRIBUINTES). AF_12/2020","UN",7225.07]
["Fossas e Sumidouros",98085,"TANQUE SÉPTICO RETANGULAR, EM ALVENARIA COM BLOCOS DE CONCRETO, DIMENSÕES INTERNAS: 1,6 X 4,4 X H=1,8 M, VOLUME ÚTIL: 9856 L (PARA 68 CONTRIBUINTES). AF_12/2020","UN",9824.57]
["Fossas e Sumidouros",98087,"TANQUE SÉPTICO RETANGULAR, EM ALVENARIA COM BLOCOS DE CONCRETO, DIMENSÕES INTERNAS: 1,6 X 4,6 X H=2,4 M, VOLUME ÚTIL: 14720 L (PARA 105 CONTRIBUINTES). AF_12/2020","UN",11772.54]
["Fossas e Sumidouros",98086,"TANQUE SÉPTICO RETANGULAR, EM ALVENARIA COM BLOCOS DE CONCRETO, DIMENSÕES INTERNAS: 1,6 X 4,8 X H=2,0 M, VOLUME ÚTIL: 12288 L (PARA 86 CONTRIBUINTES). AF_12/2020","UN",11071.26]
["Fossas e Sumidouros",98066,"TANQUE SÉPTICO RETANGULAR, EM ALVENARIA COM TIJOLOS CERÂMICOS MACIÇOS, DIMENSÕES INTERNAS: 1,0 X 2,0 X H=1,4 M, VOLUME ÚTIL: 2000 L (PARA 5 CONTRIBUINTES). AF_12/2020","UN",5090.78]
["Fossas e Sumidouros",98067,"TANQUE SÉPTICO RETANGULAR, EM ALVENARIA COM TIJOLOS CERÂMICOS MACIÇOS, DIMENSÕES INTERNAS: 1,2 X 2,4 X H=1,6 M, VOLUME ÚTIL: 3456 L (PARA 13 CONTRIBUINTES). AF_12/2020","UN",6787.07]
["Fossas e Sumidouros",98068,"TANQUE SÉPTICO RETANGULAR, EM ALVENARIA COM TIJOLOS CERÂMICOS MACIÇOS, DIMENSÕES INTERNAS: 1,4 X 3,2 X H=1,8 M, VOLUME ÚTIL: 6272 L (PARA 32 CONTRIBUINTES). AF_12/2020","UN",9591.06]
["Fossas e Sumidouros",98069,"TANQUE SÉPTICO RETANGULAR, EM ALVENARIA COM TIJOLOS CERÂMICOS MACIÇOS, DIMENSÕES INTERNAS: 1,6 X 4,4 X H=1,8 M, VOLUME ÚTIL: 9856 L (PARA 68 CONTRIBUINTES). AF_12/2020","UN",12911.24]
["Fossas e Sumidouros",98071,"TANQUE SÉPTICO RETANGULAR, EM ALVENARIA COM TIJOLOS CERÂMICOS MACIÇOS, DIMENSÕES INTERNAS: 1,6 X 4,6 X H=2,4 M, VOLUME ÚTIL: 14720 L (PARA 105 CONTRIBUINTES). AF_12/2020","UN",16066.91]
["Fossas e Sumidouros",98070,"TANQUE SÉPTICO RETANGULAR, EM ALVENARIA COM TIJOLOS CERÂMICOS MACIÇOS, DIMENSÕES INTERNAS: 1,6 X 4,8 X H=2,0 M, VOLUME ÚTIL: 12288 L (PARA 86 CONTRIBUINTES). AF_12/2020","UN",14743.91]
["Fundações Rasas (Blocos, Sapatas, Vigas Baldrame)",104915,"ARMAÇÃO DE BLOCO E SAPATA UTILIZANDO AÇO CA-50 DE 25 MM - MONTAGEM. AF_01/2024","KG",8.9499999999999993]
["Fundações Rasas (Blocos, Sapatas, Vigas Baldrame)",96546,"ARMAÇÃO DE BLOCO UTILIZANDO AÇO CA-50 DE 10 MM - MONTAGEM. AF_01/2024","KG",13.59]
["Fundações Rasas (Blocos, Sapatas, Vigas Baldrame)",96544,"ARMAÇÃO DE BLOCO UTILIZANDO AÇO CA-50 DE 6,3 MM - MONTAGEM. AF_01/2024","KG",18.05]
["Fundações Rasas (Blocos, Sapatas, Vigas Baldrame)",96545,"ARMAÇÃO DE BLOCO UTILIZANDO AÇO CA-50 DE 8 MM - MONTAGEM. AF_01/2024","KG",15.8]
["Fundações Rasas (Blocos, Sapatas, Vigas Baldrame)",96543,"ARMAÇÃO DE BLOCO UTILIZANDO AÇO CA-60 DE 5 MM - MONTAGEM. AF_01/2024","KG",20.75]
["Fundações Rasas (Blocos, Sapatas, Vigas Baldrame)",104922,"ARMAÇÃO DE BLOCO, SAPATA ISOLADA E SAPATA CORRIDA UTILIZANDO AÇO CA-50 DE 20 MM - MONTAGEM. AF_01/2024","KG",10.14]
["Fundações Rasas (Blocos, Sapatas, Vigas Baldrame)",104920,"ARMAÇÃO DE BLOCO, SAPATA ISOLADA, VIGA BALDRAME E SAPATA CORRIDA UTILIZANDO AÇO CA-50 DE 12,5 MM - MONTAGEM. AF_01/2024","KG",10.17]
["Fundações Rasas (Blocos, Sapatas, Vigas Baldrame)",104921,"ARMAÇÃO DE BLOCO, SAPATA ISOLADA, VIGA BALDRAME E SAPATA CORRIDA UTILIZANDO AÇO CA-50 DE 16 MM - MONTAGEM. AF_01/2024","KG",9.42]
["Fundações Rasas (Blocos, Sapatas, Vigas Baldrame)",104919,"ARMAÇÃO DE SAPATA ISOLADA, VIGA BALDRAME E SAPATA CORRIDA UTILIZANDO AÇO CA-50 DE 10 MM - MONTAGEM. AF_01/2024","KG",12.07]
["Fundações Rasas (Blocos, Sapatas, Vigas Baldrame)",104917,"ARMAÇÃO DE SAPATA ISOLADA, VIGA BALDRAME E SAPATA CORRIDA UTILIZANDO AÇO CA-50 DE 6,3 MM - MONTAGEM. AF_01/2024","KG",15.22]
["Fundações Rasas (Blocos, Sapatas, Vigas Baldrame)",104918,"ARMAÇÃO DE SAPATA ISOLADA, VIGA BALDRAME E SAPATA CORRIDA UTILIZANDO AÇO CA-50 DE 8 MM - MONTAGEM. AF_01/2024","KG",13.71]
["Fundações Rasas (Blocos, Sapatas, Vigas Baldrame)",104916,"ARMAÇÃO DE SAPATA ISOLADA, VIGA BALDRAME E SAPATA CORRIDA UTILIZANDO AÇO CA-60 DE 5 MM - MONTAGEM. AF_01/2024","KG",16.989999999999998]
["Fundações Rasas (Blocos, Sapatas, Vigas Baldrame)",96557,"CONCRETAGEM DE BLOCO DE COROAMENTO OU VIGA BALDRAME, FCK 30 MPA, COM USO DE BOMBA - LANÇAMENTO, ADENSAMENTO E ACABAMENTO. AF_01/2024","M3",821.45]
["Fundações Rasas (Blocos, Sapatas, Vigas Baldrame)",96555,"CONCRETAGEM DE BLOCO DE COROAMENTO OU VIGA BALDRAME, FCK 30 MPA, COM USO DE JERICA - LANÇAMENTO, ADENSAMENTO E ACABAMENTO. AF_01/2024","M3",830.69]
["Fundações Rasas (Blocos, Sapatas, Vigas Baldrame)",104924,"CONCRETAGEM DE SAPATA CORRIDA, FCK 30 MPA, COM USO DE BOMBA - LANÇAMENTO, ADENSAMENTO E ACABAMENTO. AF_01/2024","M3",848.4]
["Fundações Rasas (Blocos, Sapatas, Vigas Baldrame)",104923,"CONCRETAGEM DE SAPATA CORRIDA, FCK 30 MPA, COM USO DE JERICA - LANÇAMENTO, ADENSAMENTO E ACABAMENTO. AF_01/2024","M3",894.46]
["Fundações Rasas (Blocos, Sapatas, Vigas Baldrame)",96558,"CONCRETAGEM DE SAPATA, FCK 30 MPA, COM USO DE BOMBA - LANÇAMENTO, ADENSAMENTO E ACABAMENTO. AF_01/2024","M3",858.77]
["Fundações Rasas (Blocos, Sapatas, Vigas Baldrame)",96556,"CONCRETAGEM DE SAPATA, FCK 30 MPA, COM USO DE JERICA - LANÇAMENTO, ADENSAMENTO E ACABAMENTO. AF_01/2024","M3",1008.73]
["Fundações Rasas (Blocos, Sapatas, Vigas Baldrame)",96523,"ESCAVAÇÃO MANUAL PARA BLOCO DE COROAMENTO OU SAPATA (INCLUINDO ESCAVAÇÃO PARA COLOCAÇÃO DE FÔRMAS). AF_01/2024","M3",108.56]
["Fundações Rasas (Blocos, Sapatas, Vigas Baldrame)",96522,"ESCAVAÇÃO MANUAL PARA BLOCO DE COROAMENTO OU SAPATA (SEM ESCAVAÇÃO PARA COLOCAÇÃO DE FÔRMAS). AF_01/2024","M3",164.63]
["Fundações Rasas (Blocos, Sapatas, Vigas Baldrame)",96527,"ESCAVAÇÃO MANUAL PARA VIGA BALDRAME OU SAPATA CORRIDA (INCLUINDO ESCAVAÇÃO PARA COLOCAÇÃO DE FÔRMAS). AF_01/2024","M3",119.31]
["Fundações Rasas (Blocos, Sapatas, Vigas Baldrame)",96526,"ESCAVAÇÃO MANUAL PARA VIGA BALDRAME OU SAPATA CORRIDA (SEM ESCAVAÇÃO PARA COLOCAÇÃO DE FÔRMAS). AF_01/2024","M3",236.2]
["Fundações Rasas (Blocos, Sapatas, Vigas Baldrame)",96521,"ESCAVAÇÃO MECANIZADA PARA BLOCO DE COROAMENTO OU SAPATA COM RETROESCAVADEIRA (INCLUINDO ESCAVAÇÃO PARA COLOCAÇÃO DE FÔRMAS). AF_01/2024","M3",46.69]
["Fundações Rasas (Blocos, Sapatas, Vigas Baldrame)",96520,"ESCAVAÇÃO MECANIZADA PARA BLOCO DE COROAMENTO OU SAPATA COM RETROESCAVADEIRA (SEM ESCAVAÇÃO PARA COLOCAÇÃO DE FÔRMAS). AF_01/2024","M3",104.29]
["Fundações Rasas (Blocos, Sapatas, Vigas Baldrame)",96525,"ESCAVAÇÃO MECANIZADA PARA VIGA BALDRAME OU SAPATA CORRIDA COM MINI-ESCAVADEIRA (INCLUINDO ESCAVAÇÃO PARA COLOCAÇÃO DE FÔRMAS). AF_01/2024","M3",62.24]
["Fundações Rasas (Blocos, Sapatas, Vigas Baldrame)",96524,"ESCAVAÇÃO MECANIZADA PARA VIGA BALDRAME OU SAPATA CORRIDA COM MINI-ESCAVADEIRA (SEM ESCAVAÇÃO PARA COLOCAÇÃO DE FÔRMAS). AF_01/2024","M3",174.32]
["Fundações Rasas (Blocos, Sapatas, Vigas Baldrame)",96537,"FABRICAÇÃO, MONTAGEM E DESMONTAGEM DE FÔRMA PARA BLOCO DE COROAMENTO, EM CHAPA DE MADEIRA COMPENSADA RESINADA, E=17 MM, 2 UTILIZAÇÕES. AF_01/2024","M2",203.45]
["Fundações Rasas (Blocos, Sapatas, Vigas Baldrame)",96540,"FABRICAÇÃO, MONTAGEM E DESMONTAGEM DE FÔRMA PARA BLOCO DE COROAMENTO, EM CHAPA DE MADEIRA COMPENSADA RESINADA, E=17 MM, 4 UTILIZAÇÕES. AF_01/2024","M2",144.82]
["Fundações Rasas (Blocos, Sapatas, Vigas Baldrame)",96528,"FABRICAÇÃO, MONTAGEM E DESMONTAGEM DE FÔRMA PARA BLOCO DE COROAMENTO, EM MADEIRA SERRADA, E=25 MM, 1 UTILIZAÇÃO. AF_01/2024","M2",182.61]
["Fundações Rasas (Blocos, Sapatas, Vigas Baldrame)",96531,"FABRICAÇÃO, MONTAGEM E DESMONTAGEM DE FÔRMA PARA BLOCO DE COROAMENTO, EM MADEIRA SERRADA, E=25 MM, 2 UTILIZAÇÕES. AF_01/2024","M2",121.63]
["Fundações Rasas (Blocos, Sapatas, Vigas Baldrame)",96534,"FABRICAÇÃO, MONTAGEM E DESMONTAGEM DE FÔRMA PARA BLOCO DE COROAMENTO, EM MADEIRA SERRADA, E=25 MM, 4 UTILIZAÇÕES. AF_01/2024","M2",89.88]
["Fundações Rasas (Blocos, Sapatas, Vigas Baldrame)",104928,"FABRICAÇÃO, MONTAGEM E DESMONTAGEM DE FÔRMA PARA SAPATA CORRIDA, EM CHAPA DE MADEIRA COMPENSADA RESINADA, E=17 MM, 2 UTILIZAÇÕES. AF_01/2024","M2",163.63]
["Fundações Rasas (Blocos, Sapatas, Vigas Baldrame)",104929,"FABRICAÇÃO, MONTAGEM E DESMONTAGEM DE FÔRMA PARA SAPATA CORRIDA, EM CHAPA DE MADEIRA COMPENSADA RESINADA, E=17 MM, 4 UTILIZAÇÕES. AF_01/2024","M2",101.78]
["Fundações Rasas (Blocos, Sapatas, Vigas Baldrame)",104925,"FABRICAÇÃO, MONTAGEM E DESMONTAGEM DE FÔRMA PARA SAPATA CORRIDA, EM MADEIRA SERRADA, E=25 MM, 1 UTILIZAÇÃO. AF_01/2024","M2",188.01]
["Fundações Rasas (Blocos, Sapatas, Vigas Baldrame)",104926,"FABRICAÇÃO, MONTAGEM E DESMONTAGEM DE FÔRMA PARA SAPATA CORRIDA, EM MADEIRA SERRADA, E=25 MM, 2 UTILIZAÇÕES. AF_01/2024","M2",119.66]
["Fundações Rasas (Blocos, Sapatas, Vigas Baldrame)",104927,"FABRICAÇÃO, MONTAGEM E DESMONTAGEM DE FÔRMA PARA SAPATA CORRIDA, EM MADEIRA SERRADA, E=25 MM, 4 UTILIZAÇÕES. AF_01/2024","M2",84.13]
["Fundações Rasas (Blocos, Sapatas, Vigas Baldrame)",96538,"FABRICAÇÃO, MONTAGEM E DESMONTAGEM DE FÔRMA PARA SAPATA, EM CHAPA DE MADEIRA COMPENSADA RESINADA, E=17 MM, 2 UTILIZAÇÕES. AF_01/2024","M2",275.52999999999997]
["Fundações Rasas (Blocos, Sapatas, Vigas Baldrame)",96541,"FABRICAÇÃO, MONTAGEM E DESMONTAGEM DE FÔRMA PARA SAPATA, EM CHAPA DE MADEIRA COMPENSADA RESINADA, E=17 MM, 4 UTILIZAÇÕES. AF_01/2024","M2",203.35]
["Fundações Rasas (Blocos, Sapatas, Vigas Baldrame)",96529,"FABRICAÇÃO, MONTAGEM E DESMONTAGEM DE FÔRMA PARA SAPATA, EM MADEIRA SERRADA, E=25 MM, 1 UTILIZAÇÃO. AF_01/2024","M2",307.14999999999998]
["Fundações Rasas (Blocos, Sapatas, Vigas Baldrame)",96532,"FABRICAÇÃO, MONTAGEM E DESMONTAGEM DE FÔRMA PARA SAPATA, EM MADEIRA SERRADA, E=25 MM, 2 UTILIZAÇÕES. AF_01/2024","M2",206.36]
["Fundações Rasas (Blocos, Sapatas, Vigas Baldrame)",96535,"FABRICAÇÃO, MONTAGEM E DESMONTAGEM DE FÔRMA PARA SAPATA, EM MADEIRA SERRADA, E=25 MM, 4 UTILIZAÇÕES. AF_01/2024","M2",153.94]
["Fundações Rasas (Blocos, Sapatas, Vigas Baldrame)",96539,"FABRICAÇÃO, MONTAGEM E DESMONTAGEM DE FÔRMA PARA VIGA BALDRAME, EM CHAPA DE MADEIRA COMPENSADA RESINADA, E=17 MM, 2 UTILIZAÇÕES. AF_01/2024","M2",141.87]
["Fundações Rasas (Blocos, Sapatas, Vigas Baldrame)",96542,"FABRICAÇÃO, MONTAGEM E DESMONTAGEM DE FÔRMA PARA VIGA BALDRAME, EM CHAPA DE MADEIRA COMPENSADA RESINADA, E=17 MM, 4 UTILIZAÇÕES. AF_01/2024","M2",106.79]
["Fundações Rasas (Blocos, Sapatas, Vigas Baldrame)",96530,"FABRICAÇÃO, MONTAGEM E DESMONTAGEM DE FÔRMA PARA VIGA BALDRAME, EM MADEIRA SERRADA, E=25 MM, 1 UTILIZAÇÃO. AF_01/2024","M2",166.78]
["Fundações Rasas (Blocos, Sapatas, Vigas Baldrame)",96533,"FABRICAÇÃO, MONTAGEM E DESMONTAGEM DE FÔRMA PARA VIGA BALDRAME, EM MADEIRA SERRADA, E=25 MM, 2 UTILIZAÇÕES. AF_01/2024","M2",108.34]
["Fundações Rasas (Blocos, Sapatas, Vigas Baldrame)",96536,"FABRICAÇÃO, MONTAGEM E DESMONTAGEM DE FÔRMA PARA VIGA BALDRAME, EM MADEIRA SERRADA, E=25 MM, 4 UTILIZAÇÕES. AF_01/2024","M2",77.92]
["Fôrmas Curvas para Paredes de Reservatórios de Concreto",105518,"MONTAGEM E DESMONTAGEM DE FÔRMA PARA ESTRUTURA CIRCULAR, COM INSTALAÇÃO EXCLUSIVAMENTE NA FACE INTERNA DA ESTRUTURA, COM AUXÍLIO DE GUINDASTE. AF_07/2024","M2",0]
["Fôrmas Curvas para Paredes de Reservatórios de Concreto",105517,"MONTAGEM E DESMONTAGEM DE FÔRMA PARA ESTRUTURA CIRCULAR, COM INSTALAÇÃO EXCLUSIVAMENTE NA FACE INTERNA DA ESTRUTURA, SEM AUXÍLIO DE GUINDASTE. AF_07/2024","M2",0]
["Fôrmas Curvas para Paredes de Reservatórios de Concreto",105520,"MONTAGEM E DESMONTAGEM DE FÔRMA PARA ESTRUTURA CIRCULAR, COM INSTALAÇÃO NA FACE INTERNA E EXTERNA DA EXTRUTURA, COM AUXÍLIO DE GUINDASTE. AF_07/2024","M2",0]
["Fôrmas Curvas para Paredes de Reservatórios de Concreto",105519,"MONTAGEM E DESMONTAGEM DE FÔRMA PARA ESTRUTURA CIRCULAR, COM INSTALAÇÃO NA FACE INTERNA E EXTERNA DA EXTRUTURA, SEM AUXÍLIO DE GUINDASTE. AF_07/2024","M2",0]
["Fôrmas para Estruturas de Concreto Armado",101793,"ESCORAMENTO DE FÔRMAS DE LAJE EM MADEIRA NÃO APARELHADA, PÉ-DIREITO DUPLO, INCLUSO TRAVAMENTO, 4 UTILIZAÇÕES. AF_09/2020","M3",29.57]
["Fôrmas para Estruturas de Concreto Armado",101792,"ESCORAMENTO DE FÔRMAS DE LAJE EM MADEIRA NÃO APARELHADA, PÉ-DIREITO SIMPLES, INCLUSO TRAVAMENTO, 4 UTILIZAÇÕES. AF_09/2020","M3",19.13]
["Fôrmas para Estruturas de Concreto Armado",92272,"FABRICAÇÃO DE ESCORAS DE VIGA DO TIPO GARFO, EM MADEIRA. AF_09/2020","M",40.99]
["Fôrmas para Estruturas de Concreto Armado",101791,"FABRICAÇÃO DE ESCORAS DO TIPO PONTALETE, EM MADEIRA, PARA PÉ-DIREITO DUPLO. AF_09/2020","M",30.46]
["Fôrmas para Estruturas de Concreto Armado",92273,"FABRICAÇÃO DE ESCORAS DO TIPO PONTALETE, EM MADEIRA, PARA PÉ-DIREITO SIMPLES. AF_09/2020","M",17.97]
["Fôrmas para Estruturas de Concreto Armado",92268,"FABRICAÇÃO DE FÔRMA PARA LAJES, EM CHAPA DE MADEIRA COMPENSADA PLASTIFICADA, E = 18 MM. AF_09/2020","M2",81.069999999999993]
["Fôrmas para Estruturas de Concreto Armado",92267,"FABRICAÇÃO DE FÔRMA PARA LAJES, EM CHAPA DE MADEIRA COMPENSADA RESINADA, E = 17 MM. AF_09/2020","M2",48.44]
["Fôrmas para Estruturas de Concreto Armado",92271,"FABRICAÇÃO DE FÔRMA PARA LAJES, EM MADEIRA SERRADA, E=25 MM. AF_09/2020","M2",106.51]
["Fôrmas para Estruturas de Concreto Armado",92264,"FABRICAÇÃO DE FÔRMA PARA PILARES E ESTRUTURAS SIMILARES, EM CHAPA DE MADEIRA COMPENSADA PLASTIFICADA, E = 18 MM. AF_09/2020","M2",216.33]
["Fôrmas para Estruturas de Concreto Armado",92263,"FABRICAÇÃO DE FÔRMA PARA PILARES E ESTRUTURAS SIMILARES, EM CHAPA DE MADEIRA COMPENSADA RESINADA, E = 17 MM. AF_09/2020","M2",174.8]
["Fôrmas para Estruturas de Concreto Armado",92269,"FABRICAÇÃO DE FÔRMA PARA PILARES E ESTRUTURAS SIMILARES, EM MADEIRA SERRADA, E=25 MM. AF_09/2020","M2",154.05000000000001]
["Fôrmas para Estruturas de Concreto Armado",92270,"FABRICAÇÃO DE FÔRMA PARA VIGAS, COM MADEIRA SERRADA, E = 25 MM. AF_09/2020","M2",180.57]
["Fôrmas para Estruturas de Concreto Armado",92266,"FABRICAÇÃO DE FÔRMA PARA VIGAS, EM CHAPA DE MADEIRA COMPENSADA PLASTIFICADA, E = 18 MM. AF_09/2020","M2",161.49]
["Fôrmas para Estruturas de Concreto Armado",92265,"FABRICAÇÃO DE FÔRMA PARA VIGAS, EM CHAPA DE MADEIRA COMPENSADA RESINADA, E = 17 MM. AF_09/2020","M2",125.87]
["Fôrmas para Estruturas de Concreto Armado",92524,"MONTAGEM E DESMONTAGEM DE FÔRMA DE LAJE MACIÇA, PÉ-DIREITO DUPLO, EM CHAPA DE MADEIRA COMPENSADA PLASTIFICADA, 10 UTILIZAÇÕES. AF_09/2020","M2",75.709999999999994]
["Fôrmas para Estruturas de Concreto Armado",92528,"MONTAGEM E DESMONTAGEM DE FÔRMA DE LAJE MACIÇA, PÉ-DIREITO DUPLO, EM CHAPA DE MADEIRA COMPENSADA PLASTIFICADA, 12 UTILIZAÇÕES. AF_09/2020","M2",72.099999999999994]
["Fôrmas para Estruturas de Concreto Armado",92532,"MONTAGEM E DESMONTAGEM DE FÔRMA DE LAJE MACIÇA, PÉ-DIREITO DUPLO, EM CHAPA DE MADEIRA COMPENSADA PLASTIFICADA, 14 UTILIZAÇÕES. AF_09/2020","M2",68.94]
["Fôrmas para Estruturas de Concreto Armado",92536,"MONTAGEM E DESMONTAGEM DE FÔRMA DE LAJE MACIÇA, PÉ-DIREITO DUPLO, EM CHAPA DE MADEIRA COMPENSADA PLASTIFICADA, 18 UTILIZAÇÕES. AF_09/2020","M2",62.93]
["Fôrmas para Estruturas de Concreto Armado",92508,"MONTAGEM E DESMONTAGEM DE FÔRMA DE LAJE MACIÇA, PÉ-DIREITO DUPLO, EM CHAPA DE MADEIRA COMPENSADA RESINADA, 2 UTILIZAÇÕES. AF_09/2020","M2",104.72]
["Fôrmas para Estruturas de Concreto Armado",92512,"MONTAGEM E DESMONTAGEM DE FÔRMA DE LAJE MACIÇA, PÉ-DIREITO DUPLO, EM CHAPA DE MADEIRA COMPENSADA RESINADA, 4 UTILIZAÇÕES. AF_09/2020","M2",89.93]
["Fôrmas para Estruturas de Concreto Armado",92515,"MONTAGEM E DESMONTAGEM DE FÔRMA DE LAJE MACIÇA, PÉ-DIREITO DUPLO, EM CHAPA DE MADEIRA COMPENSADA RESINADA, 6 UTILIZAÇÕES. AF_09/2020","M2",82.16]
["Fôrmas para Estruturas de Concreto Armado",92520,"MONTAGEM E DESMONTAGEM DE FÔRMA DE LAJE MACIÇA, PÉ-DIREITO DUPLO, EM CHAPA DE MADEIRA COMPENSADA RESINADA, 8 UTILIZAÇÕES. AF_09/2020","M2",76.849999999999994]
["Fôrmas para Estruturas de Concreto Armado",92526,"MONTAGEM E DESMONTAGEM DE FÔRMA DE LAJE MACIÇA, PÉ-DIREITO SIMPLES, EM CHAPA DE MADEIRA COMPENSADA PLASTIFICADA, 10 UTILIZAÇÕES. AF_09/2020","M2",42.55]
["Fôrmas para Estruturas de Concreto Armado",92530,"MONTAGEM E DESMONTAGEM DE FÔRMA DE LAJE MACIÇA, PÉ-DIREITO SIMPLES, EM CHAPA DE MADEIRA COMPENSADA PLASTIFICADA, 12 UTILIZAÇÕES. AF_09/2020","M2",39.99]
["Fôrmas para Estruturas de Concreto Armado",92534,"MONTAGEM E DESMONTAGEM DE FÔRMA DE LAJE MACIÇA, PÉ-DIREITO SIMPLES, EM CHAPA DE MADEIRA COMPENSADA PLASTIFICADA, 14 UTILIZAÇÕES. AF_09/2020","M2",37.78]
["Fôrmas para Estruturas de Concreto Armado",92538,"MONTAGEM E DESMONTAGEM DE FÔRMA DE LAJE MACIÇA, PÉ-DIREITO SIMPLES, EM CHAPA DE MADEIRA COMPENSADA PLASTIFICADA, 18 UTILIZAÇÕES. AF_09/2020","M2",33.46]
["Fôrmas para Estruturas de Concreto Armado",103760,"MONTAGEM E DESMONTAGEM DE FÔRMA DE LAJE MACIÇA, PÉ-DIREITO SIMPLES, EM CHAPA DE MADEIRA COMPENSADA RESINADA E CIMBRAMENTO DE MADEIRA, 2 UTILIZAÇÕES. AF_03/2022","M2",121.92]
["Fôrmas para Estruturas de Concreto Armado",103761,"MONTAGEM E DESMONTAGEM DE FÔRMA DE LAJE MACIÇA, PÉ-DIREITO SIMPLES, EM CHAPA DE MADEIRA COMPENSADA RESINADA E CIMBRAMENTO DE MADEIRA, 4 UTILIZAÇÕES. AF_03/2022","M2",85.38]
["Fôrmas para Estruturas de Concreto Armado",103762,"MONTAGEM E DESMONTAGEM DE FÔRMA DE LAJE MACIÇA, PÉ-DIREITO SIMPLES, EM CHAPA DE MADEIRA COMPENSADA RESINADA E CIMBRAMENTO DE MADEIRA, 6 UTILIZAÇÕES. AF_03/2022","M2",73.63]
["Fôrmas para Estruturas de Concreto Armado",103763,"MONTAGEM E DESMONTAGEM DE FÔRMA DE LAJE MACIÇA, PÉ-DIREITO SIMPLES, EM CHAPA DE MADEIRA COMPENSADA RESINADA E CIMBRAMENTO DE MADEIRA, 8 UTILIZAÇÕES. AF_03/2022","M2",65.38]
["Fôrmas para Estruturas de Concreto Armado",92510,"MONTAGEM E DESMONTAGEM DE FÔRMA DE LAJE MACIÇA, PÉ-DIREITO SIMPLES, EM CHAPA DE MADEIRA COMPENSADA RESINADA, 2 UTILIZAÇÕES. AF_09/2020","M2",66.47]
["Fôrmas para Estruturas de Concreto Armado",92514,"MONTAGEM E DESMONTAGEM DE FÔRMA DE LAJE MACIÇA, PÉ-DIREITO SIMPLES, EM CHAPA DE MADEIRA COMPENSADA RESINADA, 4 UTILIZAÇÕES. AF_09/2020","M2",53.07]
["Fôrmas para Estruturas de Concreto Armado",92518,"MONTAGEM E DESMONTAGEM DE FÔRMA DE LAJE MACIÇA, PÉ-DIREITO SIMPLES, EM CHAPA DE MADEIRA COMPENSADA RESINADA, 6 UTILIZAÇÕES. AF_09/2020","M2",46.64]
["Fôrmas para Estruturas de Concreto Armado",92522,"MONTAGEM E DESMONTAGEM DE FÔRMA DE LAJE MACIÇA, PÉ-DIREITO SIMPLES, EM CHAPA DE MADEIRA COMPENSADA RESINADA, 8 UTILIZAÇÕES. AF_09/2020","M2",42.54]
["Fôrmas para Estruturas de Concreto Armado",92482,"MONTAGEM E DESMONTAGEM DE FÔRMA DE LAJE MACIÇA, PÉ-DIREITO SIMPLES, EM MADEIRA SERRADA, 1 UTILIZAÇÃO. AF_09/2020","M2",356.45]
["Fôrmas para Estruturas de Concreto Armado",92484,"MONTAGEM E DESMONTAGEM DE FÔRMA DE LAJE MACIÇA, PÉ-DIREITO SIMPLES, EM MADEIRA SERRADA, 2 UTILIZAÇÕES. AF_09/2020","M2",250.5]
["Fôrmas para Estruturas de Concreto Armado",92486,"MONTAGEM E DESMONTAGEM DE FÔRMA DE LAJE MACIÇA, PÉ-DIREITO SIMPLES, EM MADEIRA SERRADA, 4 UTILIZAÇÕES. AF_09/2020","M2",181.85]
["Fôrmas para Estruturas de Concreto Armado",92492,"MONTAGEM E DESMONTAGEM DE FÔRMA DE LAJE NERVURADA COM CUBETA E ASSOALHO, PÉ-DIREITO DUPLO, EM CHAPA DE MADEIRA COMPENSADA RESINADA, 10 UTILIZAÇÕES. AF_09/2020","M2",103.48]
["Fôrmas para Estruturas de Concreto Armado",92496,"MONTAGEM E DESMONTAGEM DE FÔRMA DE LAJE NERVURADA COM CUBETA E ASSOALHO, PÉ-DIREITO DUPLO, EM CHAPA DE MADEIRA COMPENSADA RESINADA, 12 UTILIZAÇÕES. AF_09/2020","M2",98.24]
["Fôrmas para Estruturas de Concreto Armado",92500,"MONTAGEM E DESMONTAGEM DE FÔRMA DE LAJE NERVURADA COM CUBETA E ASSOALHO, PÉ-DIREITO DUPLO, EM CHAPA DE MADEIRA COMPENSADA RESINADA, 14 UTILIZAÇÕES. AF_09/2020","M2",93.93]
["Fôrmas para Estruturas de Concreto Armado",92504,"MONTAGEM E DESMONTAGEM DE FÔRMA DE LAJE NERVURADA COM CUBETA E ASSOALHO, PÉ-DIREITO DUPLO, EM CHAPA DE MADEIRA COMPENSADA RESINADA, 18 UTILIZAÇÕES. AF_09/2020","M2",86.12]
["Fôrmas para Estruturas de Concreto Armado",92488,"MONTAGEM E DESMONTAGEM DE FÔRMA DE LAJE NERVURADA COM CUBETA E ASSOALHO, PÉ-DIREITO DUPLO, EM CHAPA DE MADEIRA COMPENSADA RESINADA, 8 UTILIZAÇÕES. AF_09/2020","M2",109.64]
["Fôrmas para Estruturas de Concreto Armado",92494,"MONTAGEM E DESMONTAGEM DE FÔRMA DE LAJE NERVURADA COM CUBETA E ASSOALHO, PÉ-DIREITO SIMPLES, EM CHAPA DE MADEIRA COMPENSADA RESINADA, 10 UTILIZAÇÕES. AF_09/2020","M2",68.78]
["Fôrmas para Estruturas de Concreto Armado",92498,"MONTAGEM E DESMONTAGEM DE FÔRMA DE LAJE NERVURADA COM CUBETA E ASSOALHO, PÉ-DIREITO SIMPLES, EM CHAPA DE MADEIRA COMPENSADA RESINADA, 12 UTILIZAÇÕES. AF_09/2020","M2",64.66]
["Fôrmas para Estruturas de Concreto Armado",92502,"MONTAGEM E DESMONTAGEM DE FÔRMA DE LAJE NERVURADA COM CUBETA E ASSOALHO, PÉ-DIREITO SIMPLES, EM CHAPA DE MADEIRA COMPENSADA RESINADA, 14 UTILIZAÇÕES. AF_09/2020","M2",61.44]
["Fôrmas para Estruturas de Concreto Armado",92506,"MONTAGEM E DESMONTAGEM DE FÔRMA DE LAJE NERVURADA COM CUBETA E ASSOALHO, PÉ-DIREITO SIMPLES, EM CHAPA DE MADEIRA COMPENSADA RESINADA, 18 UTILIZAÇÕES. AF_09/2020","M2",55.51]
["Fôrmas para Estruturas de Concreto Armado",92490,"MONTAGEM E DESMONTAGEM DE FÔRMA DE LAJE NERVURADA COM CUBETA E ASSOALHO, PÉ-DIREITO SIMPLES, EM CHAPA DE MADEIRA COMPENSADA RESINADA, 8 UTILIZAÇÕES. AF_09/2020","M2",73.64]
["Fôrmas para Estruturas de Concreto Armado",92433,"MONTAGEM E DESMONTAGEM DE FÔRMA DE PILARES RETANGULARES E ESTRUTURAS SIMILARES, PÉ-DIREITO DUPLO, EM CHAPA DE MADEIRA COMPENSADA PLASTIFICADA, 10 UTILIZAÇÕES. AF_09/2020","M2",79.08]
["Fôrmas para Estruturas de Concreto Armado",92437,"MONTAGEM E DESMONTAGEM DE FÔRMA DE PILARES RETANGULARES E ESTRUTURAS SIMILARES, PÉ-DIREITO DUPLO, EM CHAPA DE MADEIRA COMPENSADA PLASTIFICADA, 12 UTILIZAÇÕES. AF_09/2020","M2",75.290000000000006]
["Fôrmas para Estruturas de Concreto Armado",92441,"MONTAGEM E DESMONTAGEM DE FÔRMA DE PILARES RETANGULARES E ESTRUTURAS SIMILARES, PÉ-DIREITO DUPLO, EM CHAPA DE MADEIRA COMPENSADA PLASTIFICADA, 14 UTILIZAÇÕES. AF_09/2020","M2",72.58]
["Fôrmas para Estruturas de Concreto Armado",92445,"MONTAGEM E DESMONTAGEM DE FÔRMA DE PILARES RETANGULARES E ESTRUTURAS SIMILARES, PÉ-DIREITO DUPLO, EM CHAPA DE MADEIRA COMPENSADA PLASTIFICADA, 18 UTILIZAÇÕES. AF_09/2020","M2",67.099999999999994]
["Fôrmas para Estruturas de Concreto Armado",92417,"MONTAGEM E DESMONTAGEM DE FÔRMA DE PILARES RETANGULARES E ESTRUTURAS SIMILARES, PÉ-DIREITO DUPLO, EM CHAPA DE MADEIRA COMPENSADA RESINADA, 2 UTILIZAÇÕES. AF_09/2020","M2",176.96]
["Fôrmas para Estruturas de Concreto Armado",92421,"MONTAGEM E DESMONTAGEM DE FÔRMA DE PILARES RETANGULARES E ESTRUTURAS SIMILARES, PÉ-DIREITO DUPLO, EM CHAPA DE MADEIRA COMPENSADA RESINADA, 4 UTILIZAÇÕES. AF_09/2020","M2",115.04]
["Fôrmas para Estruturas de Concreto Armado",92425,"MONTAGEM E DESMONTAGEM DE FÔRMA DE PILARES RETANGULARES E ESTRUTURAS SIMILARES, PÉ-DIREITO DUPLO, EM CHAPA DE MADEIRA COMPENSADA RESINADA, 6 UTILIZAÇÕES. AF_09/2020","M2",94.89]
["Fôrmas para Estruturas de Concreto Armado",92429,"MONTAGEM E DESMONTAGEM DE FÔRMA DE PILARES RETANGULARES E ESTRUTURAS SIMILARES, PÉ-DIREITO DUPLO, EM CHAPA DE MADEIRA COMPENSADA RESINADA, 8 UTILIZAÇÕES. AF_09/2020","M2",84.75]
["Fôrmas para Estruturas de Concreto Armado",92431,"MONTAGEM E DESMONTAGEM DE FÔRMA DE PILARES RETANGULARES E ESTRUTURAS SIMILARES, PÉ-DIREITO SIMPLES, EM CHAPA DE MADEIRA COMPENSADA PLASTIFICADA, 10 UTILIZAÇÕES. AF_09/2020","M2",63]
["Fôrmas para Estruturas de Concreto Armado",92435,"MONTAGEM E DESMONTAGEM DE FÔRMA DE PILARES RETANGULARES E ESTRUTURAS SIMILARES, PÉ-DIREITO SIMPLES, EM CHAPA DE MADEIRA COMPENSADA PLASTIFICADA, 12 UTILIZAÇÕES. AF_09/2020","M2",59.76]
["Fôrmas para Estruturas de Concreto Armado",92439,"MONTAGEM E DESMONTAGEM DE FÔRMA DE PILARES RETANGULARES E ESTRUTURAS SIMILARES, PÉ-DIREITO SIMPLES, EM CHAPA DE MADEIRA COMPENSADA PLASTIFICADA, 14 UTILIZAÇÕES. AF_09/2020","M2",57.43]
["Fôrmas para Estruturas de Concreto Armado",92443,"MONTAGEM E DESMONTAGEM DE FÔRMA DE PILARES RETANGULARES E ESTRUTURAS SIMILARES, PÉ-DIREITO SIMPLES, EM CHAPA DE MADEIRA COMPENSADA PLASTIFICADA, 18 UTILIZAÇÕES. AF_09/2020","M2",52.5]
["Fôrmas para Estruturas de Concreto Armado",92415,"MONTAGEM E DESMONTAGEM DE FÔRMA DE PILARES RETANGULARES E ESTRUTURAS SIMILARES, PÉ-DIREITO SIMPLES, EM CHAPA DE MADEIRA COMPENSADA RESINADA, 2 UTILIZAÇÕES. AF_09/2020","M2",149.57]
["Fôrmas para Estruturas de Concreto Armado",92419,"MONTAGEM E DESMONTAGEM DE FÔRMA DE PILARES RETANGULARES E ESTRUTURAS SIMILARES, PÉ-DIREITO SIMPLES, EM CHAPA DE MADEIRA COMPENSADA RESINADA, 4 UTILIZAÇÕES. AF_09/2020","M2",94.03]
["Fôrmas para Estruturas de Concreto Armado",92423,"MONTAGEM E DESMONTAGEM DE FÔRMA DE PILARES RETANGULARES E ESTRUTURAS SIMILARES, PÉ-DIREITO SIMPLES, EM CHAPA DE MADEIRA COMPENSADA RESINADA, 6 UTILIZAÇÕES. AF_09/2020","M2",76.63]
["Fôrmas para Estruturas de Concreto Armado",92427,"MONTAGEM E DESMONTAGEM DE FÔRMA DE PILARES RETANGULARES E ESTRUTURAS SIMILARES, PÉ-DIREITO SIMPLES, EM CHAPA DE MADEIRA COMPENSADA RESINADA, 8 UTILIZAÇÕES. AF_09/2020","M2",67.83]
["Fôrmas para Estruturas de Concreto Armado",92409,"MONTAGEM E DESMONTAGEM DE FÔRMA DE PILARES RETANGULARES E ESTRUTURAS SIMILARES, PÉ-DIREITO SIMPLES, EM MADEIRA SERRADA, 1 UTILIZAÇÃO. AF_09/2020","M2",271.60000000000002]
["Fôrmas para Estruturas de Concreto Armado",92411,"MONTAGEM E DESMONTAGEM DE FÔRMA DE PILARES RETANGULARES E ESTRUTURAS SIMILARES, PÉ-DIREITO SIMPLES, EM MADEIRA SERRADA, 2 UTILIZAÇÕES. AF_09/2020","M2",182.75]
["Fôrmas para Estruturas de Concreto Armado",92413,"MONTAGEM E DESMONTAGEM DE FÔRMA DE PILARES RETANGULARES E ESTRUTURAS SIMILARES, PÉ-DIREITO SIMPLES, EM MADEIRA SERRADA, 4 UTILIZAÇÕES. AF_09/2020","M2",120.27]
["Fôrmas para Estruturas de Concreto Armado",92465,"MONTAGEM E DESMONTAGEM DE FÔRMA DE VIGA, ESCORAMENTO COM GARFO DE MADEIRA, PÉ-DIREITO DUPLO, EM CHAPA DE MADEIRA PLASTIFICADA, 10 UTILIZAÇÕES. AF_09/2020","M2",167.38]
["Fôrmas para Estruturas de Concreto Armado",92469,"MONTAGEM E DESMONTAGEM DE FÔRMA DE VIGA, ESCORAMENTO COM GARFO DE MADEIRA, PÉ-DIREITO DUPLO, EM CHAPA DE MADEIRA PLASTIFICADA, 12 UTILIZAÇÕES. AF_09/2020","M2",152.4]
["Fôrmas para Estruturas de Concreto Armado",92473,"MONTAGEM E DESMONTAGEM DE FÔRMA DE VIGA, ESCORAMENTO COM GARFO DE MADEIRA, PÉ-DIREITO DUPLO, EM CHAPA DE MADEIRA PLASTIFICADA, 14 UTILIZAÇÕES. AF_09/2020","M2",140.24]
["Fôrmas para Estruturas de Concreto Armado",92477,"MONTAGEM E DESMONTAGEM DE FÔRMA DE VIGA, ESCORAMENTO COM GARFO DE MADEIRA, PÉ-DIREITO DUPLO, EM CHAPA DE MADEIRA PLASTIFICADA, 18 UTILIZAÇÕES. AF_09/2020","M2",114.35]
["Fôrmas para Estruturas de Concreto Armado",92449,"MONTAGEM E DESMONTAGEM DE FÔRMA DE VIGA, ESCORAMENTO COM GARFO DE MADEIRA, PÉ-DIREITO DUPLO, EM CHAPA DE MADEIRA RESINADA, 2 UTILIZAÇÕES. AF_09/2020","M2",304.24]
["Fôrmas para Estruturas de Concreto Armado",92453,"MONTAGEM E DESMONTAGEM DE FÔRMA DE VIGA, ESCORAMENTO COM GARFO DE MADEIRA, PÉ-DIREITO DUPLO, EM CHAPA DE MADEIRA RESINADA, 4 UTILIZAÇÕES. AF_09/2020","M2",261.70999999999998]
["Fôrmas para Estruturas de Concreto Armado",92457,"MONTAGEM E DESMONTAGEM DE FÔRMA DE VIGA, ESCORAMENTO COM GARFO DE MADEIRA, PÉ-DIREITO DUPLO, EM CHAPA DE MADEIRA RESINADA, 6 UTILIZAÇÕES. AF_09/2020","M2",228]
["Fôrmas para Estruturas de Concreto Armado",92461,"MONTAGEM E DESMONTAGEM DE FÔRMA DE VIGA, ESCORAMENTO COM GARFO DE MADEIRA, PÉ-DIREITO DUPLO, EM CHAPA DE MADEIRA RESINADA, 8 UTILIZAÇÕES. AF_09/2020","M2",210.64]
["Fôrmas para Estruturas de Concreto Armado",92467,"MONTAGEM E DESMONTAGEM DE FÔRMA DE VIGA, ESCORAMENTO COM GARFO DE MADEIRA, PÉ-DIREITO SIMPLES, EM CHAPA DE MADEIRA PLASTIFICADA, 10 UTILIZAÇÕES. AF_09/2020","M2",107.15]
["Fôrmas para Estruturas de Concreto Armado",92471,"MONTAGEM E DESMONTAGEM DE FÔRMA DE VIGA, ESCORAMENTO COM GARFO DE MADEIRA, PÉ-DIREITO SIMPLES, EM CHAPA DE MADEIRA PLASTIFICADA, 12 UTILIZAÇÕES. AF_09/2020","M2",97.7]
["Fôrmas para Estruturas de Concreto Armado",92475,"MONTAGEM E DESMONTAGEM DE FÔRMA DE VIGA, ESCORAMENTO COM GARFO DE MADEIRA, PÉ-DIREITO SIMPLES, EM CHAPA DE MADEIRA PLASTIFICADA, 14 UTILIZAÇÕES. AF_09/2020","M2",90]
["Fôrmas para Estruturas de Concreto Armado",92479,"MONTAGEM E DESMONTAGEM DE FÔRMA DE VIGA, ESCORAMENTO COM GARFO DE MADEIRA, PÉ-DIREITO SIMPLES, EM CHAPA DE MADEIRA PLASTIFICADA, 18 UTILIZAÇÕES. AF_09/2020","M2",73.59]
["Fôrmas para Estruturas de Concreto Armado",92451,"MONTAGEM E DESMONTAGEM DE FÔRMA DE VIGA, ESCORAMENTO COM GARFO DE MADEIRA, PÉ-DIREITO SIMPLES, EM CHAPA DE MADEIRA RESINADA, 2 UTILIZAÇÕES. AF_09/2020","M2",205.37]
["Fôrmas para Estruturas de Concreto Armado",92455,"MONTAGEM E DESMONTAGEM DE FÔRMA DE VIGA, ESCORAMENTO COM GARFO DE MADEIRA, PÉ-DIREITO SIMPLES, EM CHAPA DE MADEIRA RESINADA, 4 UTILIZAÇÕES. AF_09/2020","M2",169.2]
["Fôrmas para Estruturas de Concreto Armado",92459,"MONTAGEM E DESMONTAGEM DE FÔRMA DE VIGA, ESCORAMENTO COM GARFO DE MADEIRA, PÉ-DIREITO SIMPLES, EM CHAPA DE MADEIRA RESINADA, 6 UTILIZAÇÕES. AF_09/2020","M2",144.21]
["Fôrmas para Estruturas de Concreto Armado",92463,"MONTAGEM E DESMONTAGEM DE FÔRMA DE VIGA, ESCORAMENTO COM GARFO DE MADEIRA, PÉ-DIREITO SIMPLES, EM CHAPA DE MADEIRA RESINADA, 8 UTILIZAÇÕES. AF_09/2020","M2",130.97]
["Fôrmas para Estruturas de Concreto Armado",92446,"MONTAGEM E DESMONTAGEM DE FÔRMA DE VIGA, ESCORAMENTO COM PONTALETE DE MADEIRA, PÉ-DIREITO SIMPLES, EM MADEIRA SERRADA, 1 UTILIZAÇÃO. AF_09/2020","M2",326.47000000000003]
["Fôrmas para Estruturas de Concreto Armado",92447,"MONTAGEM E DESMONTAGEM DE FÔRMA DE VIGA, ESCORAMENTO COM PONTALETE DE MADEIRA, PÉ-DIREITO SIMPLES, EM MADEIRA SERRADA, 2 UTILIZAÇÕES. AF_09/2020","M2",229.01]
["Fôrmas para Estruturas de Concreto Armado",92448,"MONTAGEM E DESMONTAGEM DE FÔRMA DE VIGA, ESCORAMENTO COM PONTALETE DE MADEIRA, PÉ-DIREITO SIMPLES, EM MADEIRA SERRADA, 4 UTILIZAÇÕES. AF_09/2020","M2",180.54]
["Fôrmas para Estruturas de Concreto Armado",92466,"MONTAGEM E DESMONTAGEM DE FÔRMA DE VIGA, ESCORAMENTO METÁLICO, PÉ-DIREITO DUPLO, EM CHAPA DE MADEIRA PLASTIFICADA, 10 UTILIZAÇÕES. AF_09/2020","M2",232.09]
["Fôrmas para Estruturas de Concreto Armado",92470,"MONTAGEM E DESMONTAGEM DE FÔRMA DE VIGA, ESCORAMENTO METÁLICO, PÉ-DIREITO DUPLO, EM CHAPA DE MADEIRA PLASTIFICADA, 12 UTILIZAÇÕES. AF_09/2020","M2",224.45]
["Fôrmas para Estruturas de Concreto Armado",92474,"MONTAGEM E DESMONTAGEM DE FÔRMA DE VIGA, ESCORAMENTO METÁLICO, PÉ-DIREITO DUPLO, EM CHAPA DE MADEIRA PLASTIFICADA, 14 UTILIZAÇÕES. AF_09/2020","M2",217.83]
["Fôrmas para Estruturas de Concreto Armado",92478,"MONTAGEM E DESMONTAGEM DE FÔRMA DE VIGA, ESCORAMENTO METÁLICO, PÉ-DIREITO DUPLO, EM CHAPA DE MADEIRA PLASTIFICADA, 18 UTILIZAÇÕES. AF_09/2020","M2",204.87]
["Fôrmas para Estruturas de Concreto Armado",92450,"MONTAGEM E DESMONTAGEM DE FÔRMA DE VIGA, ESCORAMENTO METÁLICO, PÉ-DIREITO DUPLO, EM CHAPA DE MADEIRA RESINADA, 2 UTILIZAÇÕES. AF_09/2020","M2",308.23]
["Fôrmas para Estruturas de Concreto Armado",92454,"MONTAGEM E DESMONTAGEM DE FÔRMA DE VIGA, ESCORAMENTO METÁLICO, PÉ-DIREITO DUPLO, EM CHAPA DE MADEIRA RESINADA, 4 UTILIZAÇÕES. AF_09/2020","M2",274.87]
["Fôrmas para Estruturas de Concreto Armado",92458,"MONTAGEM E DESMONTAGEM DE FÔRMA DE VIGA, ESCORAMENTO METÁLICO, PÉ-DIREITO DUPLO, EM CHAPA DE MADEIRA RESINADA, 6 UTILIZAÇÕES. AF_09/2020","M2",253.91]
["Fôrmas para Estruturas de Concreto Armado",92462,"MONTAGEM E DESMONTAGEM DE FÔRMA DE VIGA, ESCORAMENTO METÁLICO, PÉ-DIREITO DUPLO, EM CHAPA DE MADEIRA RESINADA, 8 UTILIZAÇÕES. AF_09/2020","M2",240.47]
["Fôrmas para Estruturas de Concreto Armado",92468,"MONTAGEM E DESMONTAGEM DE FÔRMA DE VIGA, ESCORAMENTO METÁLICO, PÉ-DIREITO SIMPLES, EM CHAPA DE MADEIRA PLASTIFICADA, 10 UTILIZAÇÕES. AF_09/2020","M2",116.7]
["Fôrmas para Estruturas de Concreto Armado",92472,"MONTAGEM E DESMONTAGEM DE FÔRMA DE VIGA, ESCORAMENTO METÁLICO, PÉ-DIREITO SIMPLES, EM CHAPA DE MADEIRA PLASTIFICADA, 12 UTILIZAÇÕES. AF_09/2020","M2",110.06]
["Fôrmas para Estruturas de Concreto Armado",92476,"MONTAGEM E DESMONTAGEM DE FÔRMA DE VIGA, ESCORAMENTO METÁLICO, PÉ-DIREITO SIMPLES, EM CHAPA DE MADEIRA PLASTIFICADA, 14 UTILIZAÇÕES. AF_09/2020","M2",104.39]
["Fôrmas para Estruturas de Concreto Armado",92480,"MONTAGEM E DESMONTAGEM DE FÔRMA DE VIGA, ESCORAMENTO METÁLICO, PÉ-DIREITO SIMPLES, EM CHAPA DE MADEIRA PLASTIFICADA, 18 UTILIZAÇÕES. AF_09/2020","M2",93.14]
["Fôrmas para Estruturas de Concreto Armado",92452,"MONTAGEM E DESMONTAGEM DE FÔRMA DE VIGA, ESCORAMENTO METÁLICO, PÉ-DIREITO SIMPLES, EM CHAPA DE MADEIRA RESINADA, 2 UTILIZAÇÕES. AF_09/2020","M2",191.84]
["Fôrmas para Estruturas de Concreto Armado",92456,"MONTAGEM E DESMONTAGEM DE FÔRMA DE VIGA, ESCORAMENTO METÁLICO, PÉ-DIREITO SIMPLES, EM CHAPA DE MADEIRA RESINADA, 4 UTILIZAÇÕES. AF_09/2020","M2",158.13]
["Fôrmas para Estruturas de Concreto Armado",92460,"MONTAGEM E DESMONTAGEM DE FÔRMA DE VIGA, ESCORAMENTO METÁLICO, PÉ-DIREITO SIMPLES, EM CHAPA DE MADEIRA RESINADA, 6 UTILIZAÇÕES. AF_09/2020","M2",132.72999999999999]
["Fôrmas para Estruturas de Concreto Armado",92464,"MONTAGEM E DESMONTAGEM DE FÔRMA DE VIGA, ESCORAMENTO METÁLICO, PÉ-DIREITO SIMPLES, EM CHAPA DE MADEIRA RESINADA, 8 UTILIZAÇÕES. AF_09/2020","M2",124.61]
["Fôrmas para Pilares Circulares",105403,"FABRICAÇÃO DE FÔRMA PARA PILARES CIRCULARES, EM CHAPA DE MADEIRA COMPENSADA RESINADA, PÉ-DIREITO DUPLO. AF_05/2024","M2",194.71]
["Fôrmas para Pilares Circulares",96252,"FABRICAÇÃO DE FÔRMA PARA PILARES CIRCULARES, EM CHAPA DE MADEIRA COMPENSADA RESINADA, PÉ-DIREITO SIMPLES. AF_05/2024","M2",162.91]
["Fôrmas para Pilares Circulares",96254,"MONTAGEM E DESMONTAGEM DE FÔRMA DE PILARES CIRCULARES, COM ÁREA MÉDIA DAS SEÇÕES MAIOR QUE 0,28 M², EM PAPELÃO. AF_05/2024","M",0]
["Fôrmas para Pilares Circulares",96253,"MONTAGEM E DESMONTAGEM DE FÔRMA DE PILARES CIRCULARES, COM ÁREA MÉDIA DAS SEÇÕES MENOR OU IGUAL A 0,28 M², EM PAPELÃO. AF_05/2024","M",0]
["Fôrmas para Pilares Circulares",105406,"MONTAGEM E DESMONTAGEM DE FÔRMA DE PILARES CIRCULARES, PÉ-DIREITO DUPLO, EM MADEIRA, 2 UTILIZAÇÕES. AF_05/2024","M2",211.84]
["Fôrmas para Pilares Circulares",96264,"MONTAGEM E DESMONTAGEM DE FÔRMA DE PILARES CIRCULARES, PÉ-DIREITO DUPLO, METÁLICA. AF_05/2024","M2",0]
["Fôrmas para Pilares Circulares",105405,"MONTAGEM E DESMONTAGEM DE FÔRMA DE PILARES CIRCULARES, PÉ-DIREITO DUPLO, PLÁSTICA. AF_05/2024","M2",0]
["Fôrmas para Pilares Circulares",96258,"MONTAGEM E DESMONTAGEM DE FÔRMA DE PILARES CIRCULARES, PÉ-DIREITO SIMPLES, EM MADEIRA, 2 UTILIZAÇÕES. AF_05/2024","M2",156.06]
["Fôrmas para Pilares Circulares",96262,"MONTAGEM E DESMONTAGEM DE FÔRMA DE PILARES CIRCULARES, PÉ-DIREITO SIMPLES, METÁLICA. AF_05/2024","M2",0]
["Fôrmas para Pilares Circulares",105404,"MONTAGEM E DESMONTAGEM DE FÔRMA DE PILARES CIRCULARES, PÉ-DIREITO SIMPLES, PLÁSTICA. AF_05/2024","M2",0]
["Gabiões - Execução de Muro e Proteção Superficial",92751,"MURO DE GABIÃO, ENCHIMENTO COM PEDRA DE MÃO TIPO RACHÃO, COM SOLO REFORÇADO, PARA MUROS COM ALTURA MAIOR QUE 12 M E MENOR OU IGUAL A 20 M - FORNECIMENTO E EXECUÇÃO. AF_03/2024","M3",2136.04]
["Gabiões - Execução de Muro e Proteção Superficial",92752,"MURO DE GABIÃO, ENCHIMENTO COM PEDRA DE MÃO TIPO RACHÃO, COM SOLO REFORÇADO, PARA MUROS COM ALTURA MAIOR QUE 20 M E MENOR OU IGUAL A 28 M - FORNECIMENTO E EXECUÇÃO. AF_03/2024","M3",2535.91]
["Gabiões - Execução de Muro e Proteção Superficial",92750,"MURO DE GABIÃO, ENCHIMENTO COM PEDRA DE MÃO TIPO RACHÃO, COM SOLO REFORÇADO, PARA MUROS COM ALTURA MAIOR QUE 4 M E MENOR OU IGUAL A 12 M - FORNECIMENTO E EXECUÇÃO. AF_03/2024","M3",1733.36]
["Gabiões - Execução de Muro e Proteção Superficial",92749,"MURO DE GABIÃO, ENCHIMENTO COM PEDRA DE MÃO TIPO RACHÃO, COM SOLO REFORÇADO, PARA MUROS COM ALTURA MENOR OU IGUAL A 4 M - FORNECIMENTO E EXECUÇÃO. AF_03/2024","M3",1045]
["Gabiões - Execução de Muro e Proteção Superficial",92745,"MURO DE GABIÃO, ENCHIMENTO COM PEDRA DE MÃO TIPO RACHÃO, DE GRAVIDADE, COM GAIOLAS DE COMPRIMENTO IGUAL A 2 M, PARA MUROS COM ALTURA MAIOR QUE 4 M E MENOR OU IGUAL A 6 M - FORNECIMENTO E EXECUÇÃO. AF_03/2024","M3",893.74]
["Gabiões - Execução de Muro e Proteção Superficial",92747,"MURO DE GABIÃO, ENCHIMENTO COM PEDRA DE MÃO TIPO RACHÃO, DE GRAVIDADE, COM GAIOLAS DE COMPRIMENTO IGUAL A 2 M, PARA MUROS COM ALTURA MAIOR QUE 6 M E MENOR OU IGUAL A 10 M - FORNECIMENTO E EXECUÇÃO. AF_03/2024","M3",990.99]
["Gabiões - Execução de Muro e Proteção Superficial",92743,"MURO DE GABIÃO, ENCHIMENTO COM PEDRA DE MÃO TIPO RACHÃO, DE GRAVIDADE, COM GAIOLAS DE COMPRIMENTO IGUAL A 2 M, PARA MUROS COM ALTURA MENOR OU IGUAL A 4 M - FORNECIMENTO E EXECUÇÃO. AF_03/2024","M3",737.84]
["Gabiões - Execução de Muro e Proteção Superficial",92746,"MURO DE GABIÃO, ENCHIMENTO COM PEDRA DE MÃO TIPO RACHÃO, DE GRAVIDADE, COM GAIOLAS DE COMPRIMENTO IGUAL A 5 M, PARA MUROS COM ALTURA MAIOR QUE 4 M E MENOR OU IGUAL A 6 M - FORNECIMENTO E EXECUÇÃO. AF_03/2024","M3",811.2]
["Gabiões - Execução de Muro e Proteção Superficial",92748,"MURO DE GABIÃO, ENCHIMENTO COM PEDRA DE MÃO TIPO RACHÃO, DE GRAVIDADE, COM GAIOLAS DE COMPRIMENTO IGUAL A 5 M, PARA MUROS COM ALTURA MAIOR QUE 6 M E MENOR OU IGUAL A 10 M- FORNECIMENTO E EXECUÇÃO. AF_03/2024","M3",887.6]
["Gabiões - Execução de Muro e Proteção Superficial",92744,"MURO DE GABIÃO, ENCHIMENTO COM PEDRA DE MÃO TIPO RACHÃO, DE GRAVIDADE, COM GAIOLAS DE COMPRIMENTO IGUAL A 5 M, PARA MUROS COM ALTURA MENOR OU IGUAL A 4 M - FORNECIMENTO E EXECUÇÃO. AF_03/2024","M3",684.82]
["Gabiões - Execução de Muro e Proteção Superficial",92754,"MURO DE GABIÃO, ENCHIMENTO COM RESÍDUO DE CONSTRUÇÃO E DEMOLIÇÃO, DE GRAVIDADE, COM GAIOLA TRAPEZOIDAL DE COMPRIMENTO IGUAL A 2 M, PARA MUROS COM ALTURA MAIOR QUE 2 M E MENOR OU IGUAL A 4 M - FORNECIMENTO E EXECUÇÃO. AF_03/2024","M3",672.51]
["Gabiões - Execução de Muro e Proteção Superficial",92753,"MURO DE GABIÃO, ENCHIMENTO COM RESÍDUO DE CONSTRUÇÃO E DEMOLIÇÃO, DE GRAVIDADE, COM GAIOLA TRAPEZOIDAL DE COMPRIMENTO IGUAL A 2 M, PARA MUROS COM ALTURA MENOR OU IGUAL A 2 M - FORNECIMENTO E EXECUÇÃO. AF_03/2024","M3",686.68]
["Gabiões - Execução de Muro e Proteção Superficial",92755,"PROTEÇÃO SUPERFICIAL DE CANAL EM GABIÃO TIPO COLCHÃO, ALTURA DE 17 CENTÍMETROS, ENCHIMENTO COM PEDRA DE MÃO TIPO RACHÃO - FORNECIMENTO E EXECUÇÃO. AF_03/2024","M2",269.05]
["Gabiões - Execução de Muro e Proteção Superficial",92756,"PROTEÇÃO SUPERFICIAL DE CANAL EM GABIÃO TIPO COLCHÃO, ALTURA DE 23 CENTÍMETROS, ENCHIMENTO COM PEDRA DE MÃO TIPO RACHÃO - FORNECIMENTO E EXECUÇÃO. AF_03/2024","M2",309.07]
["Gabiões - Execução de Muro e Proteção Superficial",92757,"PROTEÇÃO SUPERFICIAL DE CANAL EM GABIÃO TIPO COLCHÃO, ALTURA DE 30 CENTÍMETROS, ENCHIMENTO COM PEDRA DE MÃO TIPO RACHÃO - FORNECIMENTO E EXECUÇÃO. AF_03/2024","M2",357.01]
["Gabiões - Execução de Muro e Proteção Superficial",92758,"PROTEÇÃO SUPERFICIAL DE CANAL EM GABIÃO TIPO SACO, DIÂMETRO DE 65 CENTÍMETROS, ENCHIMENTO MANUAL COM PEDRA DE MÃO TIPO RACHÃO - FORNECIMENTO E EXECUÇÃO. AF_03/2024","M3",754.3]
["Galerias com Aduelas de Concreto",104500,"ADUELA/ GALERIA ABERTA PRE-MOLDADA DE CONCRETO ARMADO, SECAO QUADRANGULAR INTERNA DE 1,50 X 1,50 M (L X A), MISULA DE 20 X 20 CM, C = 1,00 M, ESPESSURA MIN = 15 CM, TB-45 E FCK DO CONCRETO = 30 MPA FORNECIMENTO E ASSENTAMENTO. AF_01/2023","M",0]
["Galerias com Aduelas de Concreto",104503,"ADUELA/ GALERIA ABERTA PRE-MOLDADA DE CONCRETO ARMADO, SECAO QUADRANGULAR INTERNA DE 2,00 X 2,00 M (L X A), MISULA DE 20 X 20 CM, C = 1,00 M, ESPESSURA MIN = 15 CM, TB-45 E FCK DO CONCRETO = 30 MPA FORNECIMENTO E ASSENTAMENTO. AF_01/2023","M",0]
["Galerias com Aduelas de Concreto",104504,"ADUELA/ GALERIA ABERTA PRE-MOLDADA DE CONCRETO ARMADO, SECAO QUADRANGULAR INTERNA DE 2,00 X 2,00 M (L X A), MISULA DE 20 X 20 CM, C = 1,00 M, ESPESSURA MIN = 20 CM, TB-45 E FCK DO CONCRETO = 30 MPA FORNECIMENTO E ASSENTAMENTO. AF_01/2023","M",0]
["Galerias com Aduelas de Concreto",104507,"ADUELA/ GALERIA ABERTA PRE-MOLDADA DE CONCRETO ARMADO, SECAO QUADRANGULAR INTERNA DE 2,50 X 2,50 M (L X A), MISULA DE 20 X 20 CM, C = 1,00 M, ESPESSURA MIN = 15 CM, TB-45 E FCK DO CONCRETO = 30 MPA FORNECIMENTO E ASSENTAMENTO. AF_01/2023","M",0]
["Galerias com Aduelas de Concreto",104508,"ADUELA/ GALERIA ABERTA PRE-MOLDADA DE CONCRETO ARMADO, SECAO QUADRANGULAR INTERNA DE 2,50 X 2,50 M (L X A), MISULA DE 20 X 20 CM, C = 1,00 M, ESPESSURA MIN = 20 CM, TB-45 E FCK DO CONCRETO = 30 MPA FORNECIMENTO E ASSENTAMENTO. AF_01/2023","M",0]
["Galerias com Aduelas de Concreto",104509,"ADUELA/ GALERIA ABERTA PRE-MOLDADA DE CONCRETO ARMADO, SECAO QUADRANGULAR INTERNA DE 2,50 X 2,50 M (L X A), MISULA DE 20 X 20 CM, C = 1,00 M, ESPESSURA MIN = 25 CM, TB-45 E FCK DO CONCRETO = 30 MPA FORNECIMENTO E ASSENTAMENTO. AF_01/2023","M",0]
["Galerias com Aduelas de Concreto",104512,"ADUELA/ GALERIA ABERTA PRE-MOLDADA DE CONCRETO ARMADO, SECAO QUADRANGULAR INTERNA DE 3,00 X 3,00 M (L X A), MISULA DE 20 X 20 CM, C = 1,00 M, ESPESSURA MIN = 20 CM, TB-45 E FCK DO CONCRETO = 30 MPA FORNECIMENTO E ASSENTAMENTO. AF_01/2023","M",0]
["Galerias com Aduelas de Concreto",104513,"ADUELA/ GALERIA ABERTA PRE-MOLDADA DE CONCRETO ARMADO, SECAO QUADRANGULAR INTERNA DE 3,00 X 3,00 M (L X A), MISULA DE 20 X 20 CM, C = 1,00 M, ESPESSURA MIN = 25 CM, TB-45 E FCK DO CONCRETO = 30 MPA FORNECIMENTO E ASSENTAMENTO. AF_01/2023","M",0]
["Galerias com Aduelas de Concreto",104514,"ADUELA/ GALERIA ABERTA PRE-MOLDADA DE CONCRETO ARMADO, SECAO QUADRANGULAR INTERNA DE 3,00 X 3,00 M (L X A), MISULA DE 20 X 20 CM, C = 1,00 M, ESPESSURA MIN = 35 CM, TB-45 E FCK DO CONCRETO = 30 MPA FORNECIMENTO E ASSENTAMENTO. AF_01/2023","M",0]
["Galerias com Aduelas de Concreto",104501,"ADUELA/ GALERIA ABERTA PRE-MOLDADA DE CONCRETO ARMADO, SECAO RETANGULAR INTERNA DE 2,00 X 1,50 M (L X A), MISULA DE 20 X 20 CM, C = 1,00 M, ESPESSURA MIN = 20 CM, TB-45 E FCK DO CONCRETO = 30 MPA FORNECIMENTO E ASSENTAMENTO. AF_01/2023","M",0]
["Galerias com Aduelas de Concreto",104502,"ADUELA/ GALERIA ABERTA PRE-MOLDADA DE CONCRETO ARMADO, SECAO RETANGULAR INTERNA DE 2,50 X 1,50 M (L X A), MISULA DE 20 X 20 CM, C = 1,00 M, ESPESSURA MIN = 15 CM, TB-45 E FCK DO CONCRETO = 30 MPA FORNECIMENTO E ASSENTAMENTO. AF_01/2023","M",0]
["Galerias com Aduelas de Concreto",104505,"ADUELA/ GALERIA ABERTA PRE-MOLDADA DE CONCRETO ARMADO, SECAO RETANGULAR INTERNA DE 2,50 X 2,00 M (L X A), MISULA DE 20 X 20 CM, C = 1,00 M, ESPESSURA MIN = 15 CM, TB-45 E FCK DO CONCRETO = 30 MPA FORNECIMENTO E ASSENTAMENTO. AF_01/2023","M",0]
["Galerias com Aduelas de Concreto",104506,"ADUELA/ GALERIA ABERTA PRE-MOLDADA DE CONCRETO ARMADO, SECAO RETANGULAR INTERNA DE 2,50 X 2,00 M (L X A), MISULA DE 20 X 20 CM, C = 1,00 M, ESPESSURA MIN = 20 CM, TB-45 E FCK DO CONCRETO = 30 MPA FORNECIMENTO E ASSENTAMENTO. AF_01/2023","M",0]
["Galerias com Aduelas de Concreto",104510,"ADUELA/ GALERIA ABERTA PRE-MOLDADA DE CONCRETO ARMADO, SECAO RETANGULAR INTERNA DE 3,00 X 2,00 M (L X A), MISULA DE 20 X 20 CM, C = 1,00 M, ESPESSURA MIN = 15 CM, TB-45 E FCK DO CONCRETO = 30 MPA FORNECIMENTO E ASSENTAMENTO. AF_01/2023","M",0]
["Galerias com Aduelas de Concreto",104511,"ADUELA/ GALERIA ABERTA PRE-MOLDADA DE CONCRETO ARMADO, SECAO RETANGULAR INTERNA DE 3,00 X 2,00 M (L X A), MISULA DE 20 X 20 CM, C = 1,00 M, ESPESSURA MIN = 20 CM, TB-45 E FCK DO CONCRETO = 30 MPA FORNECIMENTO E ASSENTAMENTO. AF_01/2023","M",0]
["Galerias com Aduelas de Concreto",104491,"ADUELA/ GALERIA FECHADA PRE-MOLDADA DE CONCRETO ARMADO, SECAO QUADRANGULAR INTERNA DE 1,50 X 1,50 M (L X A), MISULA DE 20 X 20 CM, C = 1,00 M, ESPESSURA MIN = 15 CM, TB-45 E FCK DO CONCRETO = 30 MPA FORNECIMENTO E ASSENTAMENTO. AF_01/2023","M",4065.77]
["Galerias com Aduelas de Concreto",104492,"ADUELA/ GALERIA FECHADA PRE-MOLDADA DE CONCRETO ARMADO, SECAO QUADRANGULAR INTERNA DE 2,00 X 2,00 M (L X A), MISULA DE 20 X 20 CM, C = 1,00 M, ESPESSURA MIN = 15 CM, TB-45 E FCK DO CONCRETO = 30 MPA FORNECIMENTO E ASSENTAMENTO. AF_01/2023","M",5082.88]
["Galerias com Aduelas de Concreto",104493,"ADUELA/ GALERIA FECHADA PRE-MOLDADA DE CONCRETO ARMADO, SECAO QUADRANGULAR INTERNA DE 2,00 X 2,00 M (L X A), MISULA DE 20 X 20 CM, C = 1,00 M, ESPESSURA MIN = 20 CM, TB-45 E FCK DO CONCRETO = 30 MPA FORNECIMENTO E ASSENTAMENTO. AF_01/2023","M",0]
["Galerias com Aduelas de Concreto",104494,"ADUELA/ GALERIA FECHADA PRE-MOLDADA DE CONCRETO ARMADO, SECAO QUADRANGULAR INTERNA DE 2,50 X 2,50 M (L X A), MISULA DE 20 X 20 CM, C = 1,00 M, ESPESSURA MIN = 15 CM, TB-45 E FCK DO CONCRETO = 30 MPA FORNECIMENTO E ASSENTAMENTO. AF_01/2023","M",6863.11]
["Galerias com Aduelas de Concreto",104495,"ADUELA/ GALERIA FECHADA PRE-MOLDADA DE CONCRETO ARMADO, SECAO QUADRANGULAR INTERNA DE 2,50 X 2,50 M (L X A), MISULA DE 20 X 20 CM, C = 1,00 M, ESPESSURA MIN = 20 CM, TB-45 E FCK DO CONCRETO = 30 MPA FORNECIMENTO E ASSENTAMENTO. AF_01/2023","M",0]
["Galerias com Aduelas de Concreto",104496,"ADUELA/ GALERIA FECHADA PRE-MOLDADA DE CONCRETO ARMADO, SECAO QUADRANGULAR INTERNA DE 2,50 X 2,50 M (L X A), MISULA DE 20 X 20 CM, C = 1,00 M, ESPESSURA MIN = 25 CM, TB-45 E FCK DO CONCRETO = 30 MPA FORNECIMENTO E ASSENTAMENTO. AF_01/2023","M",0]
["Galerias com Aduelas de Concreto",104497,"ADUELA/ GALERIA FECHADA PRE-MOLDADA DE CONCRETO ARMADO, SECAO QUADRANGULAR INTERNA DE 3,00 X 3,00 M (L X A), MISULA DE 20 X 20 CM, C = 1,00 M, ESPESSURA MIN = 20 CM, TB-45 E FCK DO CONCRETO = 30 MPA FORNECIMENTO E ASSENTAMENTO. AF_01/2023","M",8236.7000000000007]
["Galerias com Aduelas de Concreto",104498,"ADUELA/ GALERIA FECHADA PRE-MOLDADA DE CONCRETO ARMADO, SECAO QUADRANGULAR INTERNA DE 3,00 X 3,00 M (L X A), MISULA DE 20 X 20 CM, C = 1,00 M, ESPESSURA MIN = 25 CM, TB-45 E FCK DO CONCRETO = 30 MPA FORNECIMENTO E ASSENTAMENTO. AF_01/2023","M",0]
["Galerias com Aduelas de Concreto",104499,"ADUELA/ GALERIA FECHADA PRE-MOLDADA DE CONCRETO ARMADO, SECAO QUADRANGULAR INTERNA DE 3,00 X 3,00 M (L X A), MISULA DE 20 X 20 CM, C = 1,00 M, ESPESSURA MIN = 35 CM, TB-45 E FCK DO CONCRETO = 30 MPA FORNECIMENTO E ASSENTAMENTO. AF_01/2023","M",0]
["Galerias com Aduelas de Concreto",104515,"APLICAÇÃO DE MANTA GEOTÊXTIL NAS JUNTAS RÍGIDAS DE ADUELAS PRÉ-MOLDADAS DE CONCRETO ARMADO. AF_01/2023","M2",27.41]
["Gesso",87430,"APLICAÇÃO DE GESSO PROJETADO COM EQUIPAMENTO DE PROJEÇÃO EM PAREDES, DESEMPENADO (SEM TALISCAS), ESPESSURA DE 0,5CM. AF_03/2023","M2",21.93]
["Gesso",87433,"APLICAÇÃO DE GESSO PROJETADO COM EQUIPAMENTO DE PROJEÇÃO EM PAREDES, DESEMPENADO (SEM TALISCAS), ESPESSURA DE 1,0CM. AF_03/2023","M2",31.55]
["Gesso",87436,"APLICAÇÃO DE GESSO PROJETADO COM EQUIPAMENTO DE PROJEÇÃO EM PAREDES, SARRAFEADO (COM TALISCAS), ESPESSURA DE 1,0CM. AF_03/2023","M2",36]
["Gesso",87439,"APLICAÇÃO DE GESSO PROJETADO COM EQUIPAMENTO DE PROJEÇÃO EM PAREDES, SARRAFEADO (COM TALISCAS), ESPESSURA DE 1,5CM. AF_03/2023","M2",44.03]
["Gesso",104633,"APLICAÇÃO MANUAL DE GESSO DESEMPENADO (SEM TALISCAS) EM PAREDES COM PÉ DIREITO DUPLO, ESPESSURA DE 0,5CM. AF_03/2023","M2",29.59]
["Gesso",104634,"APLICAÇÃO MANUAL DE GESSO DESEMPENADO (SEM TALISCAS) EM PAREDES COM PÉ DIREITO DUPLO, ESPESSURA DE 1,0CM. AF_03/2023","M2",43.18]
["Gesso",87418,"APLICAÇÃO MANUAL DE GESSO DESEMPENADO (SEM TALISCAS) EM PAREDES, ESPESSURA DE 0,5CM. AF_03/2023","M2",21.04]
["Gesso",87421,"APLICAÇÃO MANUAL DE GESSO DESEMPENADO (SEM TALISCAS) EM PAREDES, ESPESSURA DE 1,0CM. AF_03/2023","M2",31.8]
["Gesso",104628,"APLICAÇÃO MANUAL DE GESSO DESEMPENADO (SEM TALISCAS) EM TETO DE AMBIENTES COM PAREDES EM PÉ DIREITO DUPLO E ÁREA ENTRE 5M² E 10M², ESPESSURA DE 0,5CM. AF_03/2023","M2",33.78]
["Gesso",104631,"APLICAÇÃO MANUAL DE GESSO DESEMPENADO (SEM TALISCAS) EM TETO DE AMBIENTES COM PAREDES EM PÉ DIREITO DUPLO E ÁREA ENTRE 5M² E 10M², ESPESSURA DE 1,0CM. AF_03/2023","M2",45.42]
["Gesso",104627,"APLICAÇÃO MANUAL DE GESSO DESEMPENADO (SEM TALISCAS) EM TETO DE AMBIENTES COM PAREDES EM PÉ DIREITO DUPLO E ÁREA MAIOR QUE 10M², ESPESSURA DE 0,5CM. AF_03/2023","M2",21.03]
["Gesso",104630,"APLICAÇÃO MANUAL DE GESSO DESEMPENADO (SEM TALISCAS) EM TETO DE AMBIENTES COM PAREDES EM PÉ DIREITO DUPLO E ÁREA MAIOR QUE 10M², ESPESSURA DE 1,0CM. AF_03/2023","M2",32.67]
["Gesso",104629,"APLICAÇÃO MANUAL DE GESSO DESEMPENADO (SEM TALISCAS) EM TETO DE AMBIENTES COM PAREDES EM PÉ DIREITO DUPLO E ÁREA MENOR QUE 5M², ESPESSURA DE 0,5CM. AF_03/2023","M2",41.11]
["Gesso",104632,"APLICAÇÃO MANUAL DE GESSO DESEMPENADO (SEM TALISCAS) EM TETO DE AMBIENTES COM PAREDES EM PÉ DIREITO DUPLO E ÁREA MENOR QUE 5M², ESPESSURA DE 1,0CM. AF_03/2023","M2",52.75]
["Gesso",87412,"APLICAÇÃO MANUAL DE GESSO DESEMPENADO (SEM TALISCAS) EM TETO DE AMBIENTES DE ÁREA ENTRE 5M² E 10M², ESPESSURA DE 0,5CM. AF_03/2023","M2",27.75]
["Gesso",87415,"APLICAÇÃO MANUAL DE GESSO DESEMPENADO (SEM TALISCAS) EM TETO DE AMBIENTES DE ÁREA ENTRE 5M² E 10M², ESPESSURA DE 1,0CM. AF_03/2023","M2",38.049999999999997]
["Gesso",87411,"APLICAÇÃO MANUAL DE GESSO DESEMPENADO (SEM TALISCAS) EM TETO DE AMBIENTES DE ÁREA MAIOR QUE 10M², ESPESSURA DE 0,5CM. AF_03/2023","M2",17.93]
["Gesso",87414,"APLICAÇÃO MANUAL DE GESSO DESEMPENADO (SEM TALISCAS) EM TETO DE AMBIENTES DE ÁREA MAIOR QUE 10M², ESPESSURA DE 1,0CM. AF_03/2023","M2",28.22]
["Gesso",87413,"APLICAÇÃO MANUAL DE GESSO DESEMPENADO (SEM TALISCAS) EM TETO DE AMBIENTES DE ÁREA MENOR QUE 5M², ESPESSURA DE 0,5CM. AF_03/2023","M2",33.409999999999997]
["Gesso",87416,"APLICAÇÃO MANUAL DE GESSO DESEMPENADO (SEM TALISCAS) EM TETO DE AMBIENTES DE ÁREA MENOR QUE 5M², ESPESSURA DE 1,0CM. AF_03/2023","M2",43.71]
["Gesso",104635,"APLICAÇÃO MANUAL DE GESSO SARRAFEADO (COM TALISCAS) EM PAREDES COM PÉ DIREITO DUPLO, ESPESSURA DE 1,0CM. AF_03/2023","M2",60.93]
["Gesso",104636,"APLICAÇÃO MANUAL DE GESSO SARRAFEADO (COM TALISCAS) EM PAREDES COM PÉ DIREITO DUPLO, ESPESSURA DE 1,5CM. AF_03/2023","M2",70.39]
["Gesso",87424,"APLICAÇÃO MANUAL DE GESSO SARRAFEADO (COM TALISCAS) EM PAREDES, ESPESSURA DE 1,0CM. AF_03/2023","M2",42.77]
["Gesso",87427,"APLICAÇÃO MANUAL DE GESSO SARRAFEADO (COM TALISCAS) EM PAREDES, ESPESSURA DE 1,5CM. AF_03/2023","M2",50.26]
["Graute e Armação",89998,"ARMAÇÃO DE CINTA DE ALVENARIA ESTRUTURAL; DIÂMETRO DE 10,0 MM. AF_09/2021","KG",9.2899999999999991]
["Graute e Armação",102920,"ARMAÇÃO DE CINTA DE ALVENARIA ESTRUTURAL; DIÂMETRO DE 12,5 MM. AF_09/2021","KG",7.5]
["Graute e Armação",102923,"ARMAÇÃO DE CINTA DE ALVENARIA ESTRUTURAL; DIÂMETRO DE 16,0 MM. AF_09/2021","KG",6.88]
["Graute e Armação",90000,"ARMAÇÃO DE VERGA E CONTRAVERGA DE ALVENARIA ESTRUTURAL; DIÂMETRO DE 10,0 MM. AF_09/2021","KG",12.59]
["Graute e Armação",103088,"ARMAÇÃO DE VERGA E CONTRAVERGA DE ALVENARIA ESTRUTURAL; DIÂMETRO DE 12,5 MM. AF_09/2021","KG",9.61]
["Graute e Armação",102922,"ARMAÇÃO DE VERGA E CONTRAVERGA DE ALVENARIA ESTRUTURAL; DIÂMETRO DE 16,0 MM. AF_09/2021","KG",8.18]
["Graute e Armação",89999,"ARMAÇÃO DE VERGA E CONTRAVERGA DE ALVENARIA ESTRUTURAL; DIÂMETRO DE 8,0 MM. AF_09/2021","KG",16.23]
["Graute e Armação",89996,"ARMAÇÃO VERTICAL DE ALVENARIA ESTRUTURAL; DIÂMETRO DE 10,0 MM. AF_09/2021","KG",9.92]
["Graute e Armação",89997,"ARMAÇÃO VERTICAL DE ALVENARIA ESTRUTURAL; DIÂMETRO DE 12,5 MM. AF_09/2021","KG",7.91]
["Graute e Armação",102921,"ARMAÇÃO VERTICAL DE ALVENARIA ESTRUTURAL; DIÂMETRO DE 16,0 MM. AF_09/2021","KG",7.14]
["Graute e Armação",90278,"GRAUTE FGK=15 MPA; TRAÇO 1:0,04:2,2:2,5 (EM MASSA SECA DE CIMENTO/CAL/AREIA GROSSA/BRITA 0) - PREPARO MECÂNICO COM BETONEIRA 400 L. AF_09/2021","M3",598.75]
["Graute e Armação",90282,"GRAUTE FGK=15 MPA; TRAÇO 1:2,2:2,5:0,3 (EM MASSA SECA DE CIMENTO/ AREIA GROSSA/ BRITA 0/ ADITIVO) - PREPARO MECÂNICO COM BETONEIRA 400 L. AF_09/2021","M3",581.04]
["Graute e Armação",90279,"GRAUTE FGK=20 MPA; TRAÇO 1:0,04:1,8:2,1 (EM MASSA SECA DE CIMENTO/ CAL/ AREIA GROSSA/ BRITA 0) - PREPARO MECÂNICO COM BETONEIRA 400 L. AF_09/2021","M3",657.54]
["Graute e Armação",90283,"GRAUTE FGK=20 MPA; TRAÇO 1:1,8:2,1:0,4 (EM MASSA SECA DE CIMENTO/ AREIA GROSSA/ BRITA 0/ ADITIVO) - PREPARO MECÂNICO COM BETONEIRA 400 L. AF_09/2021","M3",638.64]
["Graute e Armação",90280,"GRAUTE FGK=25 MPA; TRAÇO 1:0,02:1,3:1,6 (EM MASSA SECA DE CIMENTO/ CAL/ AREIA GROSSA/ BRITA 0) - PREPARO MECÂNICO COM BETONEIRA 400 L. AF_09/2021","M3",719.56]
["Graute e Armação",90284,"GRAUTE FGK=25 MPA; TRAÇO 1:1,3:1,6:0,4 (EM MASSA SECA DE CIMENTO/ AREIA GROSSA/ BRITA 0/ ADITIVO) - PREPARO MECÂNICO COM BETONEIRA 400 L. AF_09/2021","M3",706.05]
["Graute e Armação",90281,"GRAUTE FGK=30 MPA; TRAÇO 1:0,02:0,9:1,2 (EM MASSA SECA DE CIMENTO/ CAL/ AREIA GROSSA/ BRITA 0) - PREPARO MECÂNICO COM BETONEIRA 400 L. AF_09/2021","M3",825.15]
["Graute e Armação",90285,"GRAUTE FGK=30 MPA; TRAÇO 1:0,9:1,2:0,6 (EM MASSA SECA DE CIMENTO/ AREIA GROSSA/ BRITA 0/ ADITIVO) - PREPARO MECÂNICO COM BETONEIRA 400 L. AF_09/2021","M3",816.09]
["Graute e Armação",89994,"GRAUTEAMENTO DE CINTA INTERMEDIÁRIA OU DE CONTRAVERGA EM ALVENARIA ESTRUTURAL. AF_09/2021","M3",1032.22]
["Graute e Armação",89995,"GRAUTEAMENTO DE CINTA SUPERIOR OU DE VERGA EM ALVENARIA ESTRUTURAL. AF_09/2021","M3",1160.02]
["Graute e Armação",89993,"GRAUTEAMENTO VERTICAL EM ALVENARIA ESTRUTURAL. AF_09/2021","M3",1203.94]
["Guarda-Corpo, Corrimão e Grade para Esquadrias",99860,"CORRIMÃO DUPLO, DIÂMETRO EXTERNO = 1 1/2\", EM ALUMÍNIO. AF_04/2019","M",0]
["Guarda-Corpo, Corrimão e Grade para Esquadrias",99858,"CORRIMÃO DUPLO, DIÂMETRO EXTERNO = 1 1/2\", EM AÇO GALVANIZADO. AF_04/2019","M",0]
["Guarda-Corpo, Corrimão e Grade para Esquadrias",99859,"CORRIMÃO DUPLO, DIÂMETRO EXTERNO = 1 1/2\", EM AÇO INOX. AF_04/2019","M",0]
["Guarda-Corpo, Corrimão e Grade para Esquadrias",99857,"CORRIMÃO SIMPLES, DIÂMETRO EXTERNO = 1 1/2\", EM ALUMÍNIO. AF_04/2019_PS","M",110.7]
["Guarda-Corpo, Corrimão e Grade para Esquadrias",99855,"CORRIMÃO SIMPLES, DIÂMETRO EXTERNO = 1 1/2\", EM AÇO GALVANIZADO. AF_04/2019_PS","M",117.88]
["Guarda-Corpo, Corrimão e Grade para Esquadrias",99856,"CORRIMÃO SIMPLES, DIÂMETRO EXTERNO = 1 1/2\", EM AÇO INOX. AF_04/2019","M",0]
["Guarda-Corpo, Corrimão e Grade para Esquadrias",99862,"GRADIL EM ALUMÍNIO FIXADO EM VÃOS DE JANELAS, FORMADO POR TUBOS DE 3/4\". AF_04/2019","M2",756.01]
["Guarda-Corpo, Corrimão e Grade para Esquadrias",99861,"GRADIL EM FERRO FIXADO EM VÃOS DE JANELAS, FORMADO POR BARRAS CHATAS DE 25X4,8 MM. AF_04/2019","M2",670.68]
["Guarda-Corpo, Corrimão e Grade para Esquadrias",99839,"GUARDA-CORPO DE AÇO GALVANIZADO DE 1,10M DE ALTURA, MONTANTES TUBULARES DE 1.1/2 ESPAÇADOS DE 1,20M, TRAVESSA SUPERIOR DE 2, GRADIL FORMADO POR BARRAS CHATAS EM FERRO DE 32X4,8MM, FIXADO COM CHUMBADOR MECÂNICO. AF_04/2019_PS","M",540.78]
["Guarda-Corpo, Corrimão e Grade para Esquadrias",99849,"GUARDA-CORPO DE AÇO GALVANIZADO DE 1,10M DE ALTURA,DUPLO CORRIMÃO, MONTANTES TUBULARES DE 1.1/2\" ESPAÇADOS 1,20M, TRAVESSA SUPERIOR DE 2\", GRADIL DE BARRAS CHATAS DE 32X4,8MM, FIXADO COM CHUMBADOR MECÂNICO. AF_04/2019","M",0]
["Guarda-Corpo, Corrimão e Grade para Esquadrias",99853,"GUARDA-CORPO DE AÇO GALVANIZADO DE 1,10M, DUPLO CORRIMÃO, MONTANTES TUBULARES DE 1.1/2\" ESPAÇADOS DE 1,20M, TRAVESSA SUPERIOR DE 2\", GRADIL DE BARRAS CHATAS DE 32X4,8MM, FIXADO COM ADESIVO ESTRUTURAL EPOXI. AF_04/2019","M",0]
["Guarda-Corpo, Corrimão e Grade para Esquadrias",99847,"GUARDA-CORPO DE AÇO GALVANIZADO DE 1,10M, DUPLO CORRIMÃO, MONTANTES TUBULARES DE 1.1/4\" ESPAÇADOS 1,20M, TRAVESSA SUPERIOR DE 1.1/2\", GRADIL DE TUBOS HORIZONTAIS DE 1\" E VERTICAIS DE 3/4\", FIXADO COM CHUMBADOR MECÂNICO. AF_04/2019","M",0]
["Guarda-Corpo, Corrimão e Grade para Esquadrias",99851,"GUARDA-CORPO DE AÇO GALVANIZADO DE 1,10M, DUPLO CORRIMÃO, MONTANTES TUBULARES DE 1.1/4\" ESPAÇADOS DE 1,20M, TRAVESSA SUPERIOR DE 1.1/2\", GRADIL EM TUBOS HORIZONTAIS DE 1\" E VERTICAIS DE 3/4\", FIXADO COM ADESIVO ESTRUTURAL EPOXI. AF_04/2019","M",0]
["Guarda-Corpo, Corrimão e Grade para Esquadrias",99850,"GUARDA-CORPO DE AÇO GALVANIZADO DE 1,10M, DUPLO CORRIMÃO, MONTANTES TUBULARES DE 100X50MM ESPAÇADOS 1,20M, TRAVESSA SUPERIOR DE 3\", GRADIL EM CANTONEIRA 51X51X4,8 MM E BARRAS CHATAS NA VERTICAL DE 32X4,8 MM, FIXADO COM CHUMBADOR MECÂNICO. AF_04/2019","M",0]
["Guarda-Corpo, Corrimão e Grade para Esquadrias",99854,"GUARDA-CORPO DE AÇO GALVANIZADO DE 1,10M, DUPLO CORRIMÃO, MONTANTES TUBULARES DE 100X50MM ESPAÇADOS DE 1,20M, TRAVESSA SUPERIOR DE 3?, GRADIL EM CANTONEIRA 51X51X4,8 MM E BARRAS CHATAS NA VERTICAL DE 32X4,8 MM, FIXADO COM ADESIVO EPOXI. AF_04/2019","M",0]
["Guarda-Corpo, Corrimão e Grade para Esquadrias",99848,"GUARDA-CORPO DE AÇO GALVANIZADO DE 1,10M, DUPLO CORRIMÃO, MONTANTES TUBULARES DE 30X30 MM ESPAÇADOS DE 1,20M, TRAVESSA SUPERIOR DE 1.1/2\", GRADIL DE TUBOS HORIZONTAIS DE 25X25MM E VERTICAIS DE 20X20MM, FIXADO COM CHUMBADOR MECÂNICO. AF_04/2019","M",0]
["Guarda-Corpo, Corrimão e Grade para Esquadrias",99852,"GUARDA-CORPO DE AÇO GALVANIZADO DE 1,10M, DUPLO CORRIMÃO, MONTANTES TUBULARES DE 30X30 MM ESPAÇADOS DE 1,20M, TRAVESSA SUPERIOR DE 1.1/2\", GRADIL EM TUBOS HORIZONTAIS DE 25X25MM E VERTICAIS DE 20X20MM, FIXADO COM ADESIVO ESTRUTURAL EPOXI. AF_04/2019","M",0]
["Guarda-Corpo, Corrimão e Grade para Esquadrias",99844,"GUARDA-CORPO DE AÇO GALVANIZADO DE 1,10M, MONTANTES TUBULARES DE 1.1/2\" ESPAÇADOS 1,20M, TRAVESSA SUPERIOR DE 2\", GRADIL FORMADO POR BARRAS CHATAS DE 32X4,8MM, FIXADO COM ADESIVO ESTRUTURAL EPOXI. AF_04/2019","M",0]
["Guarda-Corpo, Corrimão e Grade para Esquadrias",99842,"GUARDA-CORPO DE AÇO GALVANIZADO DE 1,10M, MONTANTES TUBULARES DE 1.1/4\" ESPAÇADOS 1,20M, TRAVESSA SUPERIOR DE 1.1/2\", GRADIL FORMADO POR TUBOS HORIZONTAIS DE 1\" E VERTICAIS DE 3/4\", FIXADO COM ADESIVO ESTRUTURAL EPOXI. AF_04/2019","M",0]
["Guarda-Corpo, Corrimão e Grade para Esquadrias",99837,"GUARDA-CORPO DE AÇO GALVANIZADO DE 1,10M, MONTANTES TUBULARES DE 1.1/4\" ESPAÇADOS DE 1,20M, TRAVESSA SUPERIOR DE 1.1/2\", GRADIL FORMADO POR TUBOS HORIZONTAIS DE 1\" E VERTICAIS DE 3/4\", FIXADO COM CHUMBADOR MECÂNICO. AF_04/2019_PS","M",651.02]
["Guarda-Corpo, Corrimão e Grade para Esquadrias",99840,"GUARDA-CORPO DE AÇO GALVANIZADO DE 1,10M, MONTANTES TUBULARES DE 100X50MM ESPAÇADOS 1,20M, TRAVESSA SUPERIOR DE 3\", GRADIL COM CANTONEIRA 51X51X4,8 MM E BARRAS CHATAS NA VERTICAL DE 32X4,8 MM, FIXADO COM CHUMBADOR MECÂNICO. AF_04/2019","M",0]
["Guarda-Corpo, Corrimão e Grade para Esquadrias",99845,"GUARDA-CORPO DE AÇO GALVANIZADO DE 1,10M, MONTANTES TUBULARES DE 100X50MM ESPAÇADOS DE 1,20M, TRAVESSA SUPERIOR DE 3\", GRADIL EM CANTONEIRA 51X51X4,8 MM E BARRAS CHATAS NA VERTICAL DE 32X4,8 MM, FIXADO COM ADESIVO ESTRUTURAL EPOXI. AF_04/2019","M",0]
["Guarda-Corpo, Corrimão e Grade para Esquadrias",99843,"GUARDA-CORPO DE AÇO GALVANIZADO DE 1,10M, MONTANTES TUBULARES DE 30X30 MM ESPAÇADOS 1,20M, TRAVESSA SUPERIOR DE 1.1/2\", GRADIL DE TUBOS HORIZONTAIS DE 25X25MM E VERTICAIS DE 20X20MM, FIXADO COM ADESIVO ESTRUTURAL EPOXI. AF_04/2019","M",0]
["Guarda-Corpo, Corrimão e Grade para Esquadrias",99838,"GUARDA-CORPO DE AÇO GALVANIZADO DE 1,10M, MONTANTES TUBULARES DE 30X30 MM ESPAÇADOS 1,20M, TRAVESSA SUPERIOR DE 1.1/2\", GRADIL FORMADO POR TUBOS HORIZONTAIS DE 25X25MM E VERTICAIS DE 20X20MM, FIXADO COM CHUMBADOR MECÂNICO. AF_04/2019","M",0]
["Guarda-Corpo, Corrimão e Grade para Esquadrias",99846,"GUARDA-CORPO PANORÂMICO COM PERFIS DE ALUMÍNIO E VIDRO LAMINADO 8 MM, FIXADO COM ADESIVO ESTRUTURAL EPOXI. AF_04/2019","M",0]
["Guarda-Corpo, Corrimão e Grade para Esquadrias",99841,"GUARDA-CORPO PANORÂMICO COM PERFIS DE ALUMÍNIO E VIDRO LAMINADO 8 MM, FIXADO COM CHUMBADOR MECÂNICO. AF_04/2019_PS","M",1447.86]
["Guias e sarjetas",94276,"ASSENTAMENTO DE GUIA (MEIO-FIO) EM TRECHO CURVO, CONFECCIONADA EM CONCRETO PRÉ-FABRICADO, DIMENSÕES 100X15X13X20 CM (COMPRIMENTO X BASE INFERIOR X BASE SUPERIOR X ALTURA). AF_01/2024","M",40.76]
["Guias e sarjetas",94274,"ASSENTAMENTO DE GUIA (MEIO-FIO) EM TRECHO CURVO, CONFECCIONADA EM CONCRETO PRÉ-FABRICADO, DIMENSÕES 100X15X13X30 CM (COMPRIMENTO X BASE INFERIOR X BASE SUPERIOR X ALTURA). AF_01/2024","M",44.46]
["Guias e sarjetas",94280,"ASSENTAMENTO DE GUIA (MEIO-FIO) EM TRECHO CURVO, CONFECCIONADA EM CONCRETO PRÉ-FABRICADO, DIMENSÕES 39X6,5X6,5X19 CM (COMPRIMENTO X BASE INFERIOR X BASE SUPERIOR X ALTURA), PARA DELIMITAÇÃO DE JARDINS, PRAÇAS OU PASSEIOS. AF_01/2024","M",42.36]
["Guias e sarjetas",94278,"ASSENTAMENTO DE GUIA (MEIO-FIO) EM TRECHO CURVO, CONFECCIONADA EM CONCRETO PRÉ-FABRICADO, DIMENSÕES 80X08X08X25 CM (COMPRIMENTO X BASE INFERIOR X BASE SUPERIOR X ALTURA). AF_01/2024","M",36.6]
["Guias e sarjetas",94275,"ASSENTAMENTO DE GUIA (MEIO-FIO) EM TRECHO RETO, CONFECCIONADA EM CONCRETO PRÉ-FABRICADO, DIMENSÕES 100X15X13X20 CM (COMPRIMENTO X BASE INFERIOR X BASE SUPERIOR X ALTURA). AF_01/2024","M",37.5]
["Guias e sarjetas",94273,"ASSENTAMENTO DE GUIA (MEIO-FIO) EM TRECHO RETO, CONFECCIONADA EM CONCRETO PRÉ-FABRICADO, DIMENSÕES 100X15X13X30 CM (COMPRIMENTO X BASE INFERIOR X BASE SUPERIOR X ALTURA). AF_01/2024","M",41.2]
["Guias e sarjetas",94279,"ASSENTAMENTO DE GUIA (MEIO-FIO) EM TRECHO RETO, CONFECCIONADA EM CONCRETO PRÉ-FABRICADO, DIMENSÕES 39X6,5X6,5X19 CM (COMPRIMENTO X BASE INFERIOR X BASE SUPERIOR X ALTURA), PARA DELIMITAÇÃO DE JARDINS, PRAÇAS OU PASSEIOS. AF_01/2024","M",39.1]
["Guias e sarjetas",94277,"ASSENTAMENTO DE GUIA (MEIO-FIO) EM TRECHO RETO, CONFECCIONADA EM CONCRETO PRÉ-FABRICADO, DIMENSÕES 80X08X08X25 CM (COMPRIMENTO X BASE INFERIOR X BASE SUPERIOR X ALTURA). AF_01/2024","M",33.33]
["Guias e sarjetas",104930,"ASSENTAMENTO DE GUIA (MEIO-FIO), TIPO PAVER (FINCADINHA) EM TRECHO RETO, EM CONCRETO PRÉ-FABRICADO, DIMENSÕES 45X08X608X19 CM (COMPRIMENTO X BASE INFERIOR X BASE SUPERIOR X ALTURA), PARA DELIMITAÇÃO DE JARDINS, PRAÇAS OU PASSEIOS. AF_01/2024","M",0]
["Guias e sarjetas",104931,"ASSENTAMENTO DE GUIA (MEIO-FIO), TIPO PAVER, FINCADINHA, EM TRECHO CURVO, EM CONCRETO PRÉ-FABRICADO, DIMENSÕES 45X08X08X19 CM (COMPRIMENTO X BASE INFERIOR X BASE SUPERIOR X ALTURA), PARA DELIMITAÇÃO DE JARDINS, PRAÇAS OU PASSEIOS. AF_01/2024","M",0]
["Guias e sarjetas",94294,"EXECUÇÃO DE ESCORAS DE CONCRETO PARA CONTENÇÃO DE GUIAS PRÉ-FABRICADAS. AF_01/2024","M",9.3699999999999992]
["Guias e sarjetas",94288,"EXECUÇÃO DE SARJETA DE CONCRETO USINADO, MOLDADA IN LOCO EM TRECHO CURVO, 30 CM BASE X 10 CM ALTURA. AF_01/2024","M",45.73]
["Guias e sarjetas",94282,"EXECUÇÃO DE SARJETA DE CONCRETO USINADO, MOLDADA IN LOCO EM TRECHO CURVO, 30 CM BASE X 15 CM ALTURA. AF_01/2024","M",58.92]
["Guias e sarjetas",94290,"EXECUÇÃO DE SARJETA DE CONCRETO USINADO, MOLDADA IN LOCO EM TRECHO CURVO, 45 CM BASE X 10 CM ALTURA. AF_01/2024","M",57.3]
["Guias e sarjetas",94284,"EXECUÇÃO DE SARJETA DE CONCRETO USINADO, MOLDADA IN LOCO EM TRECHO CURVO, 45 CM BASE X 15 CM ALTURA. AF_01/2024","M",77.150000000000006]
["Guias e sarjetas",94292,"EXECUÇÃO DE SARJETA DE CONCRETO USINADO, MOLDADA IN LOCO EM TRECHO CURVO, 60 CM BASE X 10 CM ALTURA. AF_01/2024","M",69.47]
["Guias e sarjetas",94286,"EXECUÇÃO DE SARJETA DE CONCRETO USINADO, MOLDADA IN LOCO EM TRECHO CURVO, 60 CM BASE X 15 CM ALTURA. AF_01/2024","M",98.05]
["Guias e sarjetas",94287,"EXECUÇÃO DE SARJETA DE CONCRETO USINADO, MOLDADA IN LOCO EM TRECHO RETO, 30 CM BASE X 10 CM ALTURA. AF_01/2024","M",38.06]
["Guias e sarjetas",94281,"EXECUÇÃO DE SARJETA DE CONCRETO USINADO, MOLDADA IN LOCO EM TRECHO RETO, 30 CM BASE X 15 CM ALTURA. AF_01/2024","M",50.3]
["Guias e sarjetas",94289,"EXECUÇÃO DE SARJETA DE CONCRETO USINADO, MOLDADA IN LOCO EM TRECHO RETO, 45 CM BASE X 10 CM ALTURA. AF_01/2024","M",49.64]
["Guias e sarjetas",94283,"EXECUÇÃO DE SARJETA DE CONCRETO USINADO, MOLDADA IN LOCO EM TRECHO RETO, 45 CM BASE X 15 CM ALTURA. AF_01/2024","M",68.53]
["Guias e sarjetas",94291,"EXECUÇÃO DE SARJETA DE CONCRETO USINADO, MOLDADA IN LOCO EM TRECHO RETO, 60 CM BASE X 10 CM ALTURA. AF_01/2024","M",61.8]
["Guias e sarjetas",94285,"EXECUÇÃO DE SARJETA DE CONCRETO USINADO, MOLDADA IN LOCO EM TRECHO RETO, 60 CM BASE X 15 CM ALTURA. AF_01/2024","M",89.43]
["Guias e sarjetas",94293,"EXECUÇÃO DE SARJETÃO DE CONCRETO USINADO, MOLDADA IN LOCO EM TRECHO RETO, 100 CM BASE X 20 CM ALTURA. AF_01/2024","M",200.16]
["Guias e sarjetas",94264,"GUIA (MEIO-FIO) CONCRETO, MOLDADA IN LOCO EM TRECHO CURVO COM EXTRUSORA, 13 CM BASE X 22 CM ALTURA. AF_01/2024","M",44.6]
["Guias e sarjetas",94266,"GUIA (MEIO-FIO) CONCRETO, MOLDADA IN LOCO EM TRECHO CURVO COM EXTRUSORA, 15 CM BASE X 30 CM ALTURA. AF_01/2024","M",59.59]
["Guias e sarjetas",94263,"GUIA (MEIO-FIO) CONCRETO, MOLDADA IN LOCO EM TRECHO RETO COM EXTRUSORA, 13 CM BASE X 22 CM ALTURA. AF_01/2024","M",39.380000000000003]
["Guias e sarjetas",94265,"GUIA (MEIO-FIO) CONCRETO, MOLDADA IN LOCO EM TRECHO RETO COM EXTRUSORA, 15 CM BASE X 30 CM ALTURA. AF_01/2024","M",53.61]
["Guias e sarjetas",94268,"GUIA (MEIO-FIO) E SARJETA CONJUGADOS DE CONCRETO, MOLDADA IN LOCO EM TRECHO CURVO COM EXTRUSORA, 45 CM BASE (15 CM BASE DA GUIA + 30 CM BASE DA SARJETA) X 22 CM ALTURA. AF_01/2024","M",71.17]
["Guias e sarjetas",94270,"GUIA (MEIO-FIO) E SARJETA CONJUGADOS DE CONCRETO, MOLDADA IN LOCO EM TRECHO CURVO COM EXTRUSORA, 60 CM BASE (15 CM BASE DA GUIA + 45 CM BASE DA SARJETA) X 26 CM ALTURA. AF_01/2024","M",101.94]
["Guias e sarjetas",94272,"GUIA (MEIO-FIO) E SARJETA CONJUGADOS DE CONCRETO, MOLDADA IN LOCO EM TRECHO CURVO COM EXTRUSORA, 65 CM BASE (15 CM BASE DA GUIA + 50 CM BASE DA SARJETA) X 26 CM ALTURA. AF_01/2024","M",125.48]
["Guias e sarjetas",94267,"GUIA (MEIO-FIO) E SARJETA CONJUGADOS DE CONCRETO, MOLDADA IN LOCO EM TRECHO RETO COM EXTRUSORA, 45 CM BASE (15 CM BASE DA GUIA + 30 CM BASE DA SARJETA) X 22 CM ALTURA. AF_01/2024","M",64.599999999999994]
["Guias e sarjetas",94269,"GUIA (MEIO-FIO) E SARJETA CONJUGADOS DE CONCRETO, MOLDADA IN LOCO EM TRECHO RETO COM EXTRUSORA, 60 CM BASE (15 CM BASE DA GUIA + 45 CM BASE DA SARJETA) X 26 CM ALTURA. AF_01/2024","M",92.79]
["Guias e sarjetas",94271,"GUIA (MEIO-FIO) E SARJETA CONJUGADOS DE CONCRETO, MOLDADA IN LOCO EM TRECHO RETO COM EXTRUSORA, 65 CM BASE (15 CM BASE DA GUIA + 50 CM BASE DA SARJETA) X 26 CM ALTURA. AF_01/2024","M",113.28]
["Iluminação Predial e Monitoramento",105555,"BLOCO AUTÔNOMO DE ILUMINAÇÃO DE EMERGÊNCIA COM DOIS REFLETORES - FORNECIMENTO E INSTALAÇÃO. AF_09/2024","UN",0]
["Iluminação Predial e Monitoramento",97603,"CÂMERA DE MONITORAMENTO COM ATÉ 25 METROS DE ALCANCE TIPO BULLET - FORNECIMENTO E INSTALAÇÃO. AF_09/2024","UN",0]
["Iluminação Predial e Monitoramento",97602,"CÂMERA DE MONITORAMENTO COM ATÉ 25 METROS DE ALCANCE TIPO DOME - FORNECIMENTO E INSTALAÇÃO. AF_09/2024","UN",0]
["Iluminação Predial e Monitoramento",97604,"CÂMERA DE MONITORAMENTO COM MAIS DE 25 METROS DE ALCANCE TIPO BULLET - FORNECIMENTO E INSTALAÇÃO. AF_09/2024","UN",0]
["Iluminação Predial e Monitoramento",105553,"CÂMERA IP BULLET - FORNECIMENTO E INSTALAÇÃO. AF_09/2024","UN",0]
["Iluminação Predial e Monitoramento",105552,"CÂMERA IP DOME RESOLUCAO 1MP - FORNECIMENTO E INSTALAÇÃO. AF_09/2024","UN",0]
["Iluminação Predial e Monitoramento",105550,"CÂMERA IP SPEED DOME - FORNECIMENTO E INSTALAÇÃO. AF_09/2024","UN",0]
["Iluminação Predial e Monitoramento",105551,"CÂMERA IP WIFI - FORNECIMENTO E INSTALAÇÃO. AF_09/2024","UN",0]
["Iluminação Predial e Monitoramento",105549,"DRIVER SLIM PARA FITA LED - FORNECIMENTO E INSTALAÇÃO. AF_09/2024","UN",0]
["Iluminação Predial e Monitoramento",105547,"FITA LED - FORNECIMENTO E INSTALAÇÃO. AF_09/2024","M",0]
["Iluminação Predial e Monitoramento",97605,"LUMINÁRIA ARANDELA TIPO MEIA LUA, DE SOBREPOR, COM 1 LÂMPADA LED DE 6 W, SEM REATOR - FORNECIMENTO E INSTALAÇÃO. AF_09/2024","UN",85.13]
["Iluminação Predial e Monitoramento",97607,"LUMINÁRIA ARANDELA TIPO TARTARUGA, DE SOBREPOR, COM 1 LÂMPADA LED DE 6 W, SEM REATOR - FORNECIMENTO E INSTALAÇÃO. AF_09/2024","UN",108.74]
["Iluminação Predial e Monitoramento",97599,"LUMINÁRIA DE EMERGÊNCIA, COM 30 LÂMPADAS LED DE 2 W, SEM REATOR - FORNECIMENTO E INSTALAÇÃO. AF_09/2024","UN",18.36]
["Iluminação Predial e Monitoramento",105542,"LUMINÁRIA LED DE EMBUTIR - QUADRADA 60X60CM, INCLUSO DRIVER - FORNECIMENTO E INSTALAÇÃO. AF_09/2024","UN",0]
["Iluminação Predial e Monitoramento",105543,"LUMINÁRIA LED DE SOBREPOR - QUADRADA *60X60*CM, INCLUSO DRIVER - FORNECIMENTO E INSTALAÇÃO. AF_09/2024","UN",0]
["Iluminação Predial e Monitoramento",105544,"LUMINÁRIA LED DE SOBREPOR HERMÉTICA - *60X15CM*, INCLUSO DRIVER - FORNECIMENTO E INSTALAÇÃO. AF_09/2024","UN",0]
["Iluminação Predial e Monitoramento",100913,"LUMINÁRIA TIPO CALHA, DE EMBUTIR, COM 1 LÂMPADA TUBULAR LED DE 18 W, SEM REATOR - FORNECIMENTO E INSTALAÇÃO. AF_09/2024","UN",0]
["Iluminação Predial e Monitoramento",100916,"LUMINÁRIA TIPO CALHA, DE EMBUTIR, COM 2 LÂMPADAS TUBULARES LED DE 18 W, SEM REATOR - FORNECIMENTO E INSTALAÇÃO. AF_09/2024","UN",0]
["Iluminação Predial e Monitoramento",100918,"LUMINÁRIA TIPO CALHA, DE EMBUTIR, COM 2 LÂMPADAS TUBULARES LED DE 9 W, SEM REATOR - FORNECIMENTO E INSTALAÇÃO. AF_09/2024","UN",0]
["Iluminação Predial e Monitoramento",100914,"LUMINÁRIA TIPO CALHA, DE EMBUTIR, PARA 1 LÂMPADA TUBULAR LED DE 36 W, SEM LÂMPADA E SEM REATOR - FORNECIMENTO E INSTALAÇÃO. AF_09/2024","UN",0]
["Iluminação Predial e Monitoramento",100917,"LUMINÁRIA TIPO CALHA, DE EMBUTIR, PARA 2 LÂMPADAS TUBULARES LED DE 36 W, SEM LÂMPADA E SEM REATOR - FORNECIMENTO E INSTALAÇÃO. AF_09/2024","UN",0]
["Iluminação Predial e Monitoramento",100907,"LUMINÁRIA TIPO CALHA, DE SOBREPOR, COM 1 LÂMPADA TUBULAR LED DE 18 W, SEM REATOR - FORNECIMENTO E INSTALAÇÃO. AF_09/2024","UN",0]
["Iluminação Predial e Monitoramento",102467,"LUMINÁRIA TIPO CALHA, DE SOBREPOR, COM 1 LÂMPADA TUBULAR LED DE 9 W SEM REATOR - FORNECIMENTO E INSTALAÇÃO. AF_09/2024","UN",0]
["Iluminação Predial e Monitoramento",100910,"LUMINÁRIA TIPO CALHA, DE SOBREPOR, COM 2 LÂMPADAS TUBULARES LED DE 18 W, SEM REATOR - FORNECIMENTO E INSTALAÇÃO. AF_09/2024","UN",0]
["Iluminação Predial e Monitoramento",105541,"LUMINÁRIA TIPO CALHA, DE SOBREPOR, COM 2 LÂMPADAS TUBULARES LED DE 9 W SEM REATOR - FORNECIMENTO E INSTALAÇÃO. AF_09/2024","UN",0]
["Iluminação Predial e Monitoramento",100908,"LUMINÁRIA TIPO CALHA, DE SOBREPOR, PARA 1 LÂMPADA TUBULAR LED DE 36 W, SEM LÂMPADA E SEM REATOR - FORNECIMENTO E INSTALAÇÃO. AF_09/2024","UN",0]
["Iluminação Predial e Monitoramento",100911,"LUMINÁRIA TIPO CALHA, DE SOBREPOR, PARA 2 LÂMPADAS TUBULARES LED DE 36 W, SEM LÂMPADA E SEM REATOR - FORNECIMENTO E INSTALAÇÃO. AF_09/2024","UN",0]
["Iluminação Predial e Monitoramento",103782,"LUMINÁRIA TIPO PLAFON CIRCULAR, DE SOBREPOR, COM LED DE 12/13 W - FORNECIMENTO E INSTALAÇÃO. AF_09/2024","UN",30.28]
["Iluminação Predial e Monitoramento",103786,"LUMINÁRIA TIPO PLAFON QUADRADA, DE EMBUTIR, COM LED DE 12 W - FORNECIMENTO E INSTALAÇÃO. AF_09/2024","UN",0]
["Iluminação Predial e Monitoramento",103787,"LUMINÁRIA TIPO PLAFON QUADRADA, DE EMBUTIR, COM LED DE 18 W - FORNECIMENTO E INSTALAÇÃO. AF_09/2024","UN",0]
["Iluminação Predial e Monitoramento",103788,"LUMINÁRIA TIPO PLAFON QUADRADA, DE EMBUTIR, COM LED DE 24 W - FORNECIMENTO E INSTALAÇÃO. AF_09/2024","UN",0]
["Iluminação Predial e Monitoramento",103783,"LUMINÁRIA TIPO PLAFON QUADRADA, DE SOBREPOR, COM LED DE 12 W - FORNECIMENTO E INSTALAÇÃO. AF_09/2024","UN",0]
["Iluminação Predial e Monitoramento",103784,"LUMINÁRIA TIPO PLAFON QUADRADA, DE SOBREPOR, COM LED DE 18 W - FORNECIMENTO E INSTALAÇÃO. AF_09/2024","UN",0]
["Iluminação Predial e Monitoramento",103785,"LUMINÁRIA TIPO PLAFON QUADRADA, DE SOBREPOR, COM LED DE 24 W - FORNECIMENTO E INSTALAÇÃO. AF_09/2024","UN",0]
["Iluminação Predial e Monitoramento",105546,"LUMINÁRIA TIPO SPOT, DE EMBUTIR, COM 1 LÂMPADA LED PAR20 - FORNECIMENTO E INSTALAÇÃO. AF_09/2024","UN",0]
["Iluminação Predial e Monitoramento",105545,"LUMINÁRIA TIPO SPOT, DE SOBREPOR, COM 1 LÂMPADA LED PAR20 - FORNECIMENTO E INSTALAÇÃO. AF_09/2024","UN",0]
["Iluminação Predial e Monitoramento",97610,"LÂMPADA COMPACTA DE LED 10 W, BASE E27 - FORNECIMENTO E INSTALAÇÃO. AF_09/2024","UN",13.49]
["Iluminação Predial e Monitoramento",97609,"LÂMPADA COMPACTA DE LED 6 W, BASE E27 - FORNECIMENTO E INSTALAÇÃO. AF_09/2024","UN",12.91]
["Iluminação Predial e Monitoramento",105554,"LÂMPADA TUBULAR LED 9/10W SEM SOQUETE - FORNECIMENTO E INSTALAÇÃO. AF_09/2024","UN",15.87]
["Iluminação Predial e Monitoramento",100903,"LÂMPADA TUBULAR LED DE 18/20 W, COM SOQUETE, BASE G13 - FORNECIMENTO E INSTALAÇÃO. AF_09/2024_PS","UN",29.73]
["Iluminação Predial e Monitoramento",100902,"LÂMPADA TUBULAR LED DE 9/10 W, COM SOQUETE, BASE G13 - FORNECIMENTO E INSTALAÇÃO. AF_09/2024_PS","UN",27.2]
["Iluminação Predial e Monitoramento",105548,"PERFIL COM FITA LED - FORNECIMENTO E INSTALAÇÃO. AF_09/2024","M",0]
["Iluminação Predial e Monitoramento",97595,"SENSOR DE PRESENÇA COM FOTOCÉLULA, FIXAÇÃO EM PAREDE - FORNECIMENTO E INSTALAÇÃO. AF_09/2024","UN",104.65]
["Iluminação Predial e Monitoramento",97597,"SENSOR DE PRESENÇA COM FOTOCÉLULA, FIXAÇÃO EM TETO - FORNECIMENTO E INSTALAÇÃO. AF_09/2024","UN",73.84]
["Iluminação Predial e Monitoramento",97596,"SENSOR DE PRESENÇA SEM FOTOCÉLULA, FIXAÇÃO EM PAREDE - FORNECIMENTO E INSTALAÇÃO. AF_09/2024","UN",74.760000000000005]
["Iluminação Predial e Monitoramento",97598,"SENSOR DE PRESENÇA SEM FOTOCÉLULA, FIXAÇÃO EM TETO - FORNECIMENTO E INSTALAÇÃO. AF_09/2024","UN",70.02]
["Impermeabilização, Proteção Mecânica e Tratamento de Junta",98549,"IMPERMEABILIZAÇÃO COM MANTA ASFÁLTICA COLADA COM ASFALTO DERRETIDO, DUAS CAMADAS, E = 3MM E E=4MM. AF_09/2023","M2",0]
["Impermeabilização, Proteção Mecânica e Tratamento de Junta",98562,"IMPERMEABILIZAÇÃO DE SUPERFÍCIE COM ARGAMASSA DE CIMENTO E AREIA, COM ADITIVO IMPERMEABILIZANTE, E = 1,5CM. AF_09/2023","M2",58.07]
["Impermeabilização, Proteção Mecânica e Tratamento de Junta",98555,"IMPERMEABILIZAÇÃO DE SUPERFÍCIE COM ARGAMASSA POLIMÉRICA / MEMBRANA ACRÍLICA, 3 DEMÃOS. AF_09/2023","M2",35.74]
["Impermeabilização, Proteção Mecânica e Tratamento de Junta",98556,"IMPERMEABILIZAÇÃO DE SUPERFÍCIE COM ARGAMASSA POLIMÉRICA / MEMBRANA ACRÍLICA, 4 DEMÃOS, REFORÇADA COM VÉU DE POLIÉSTER (MAV). AF_09/2023","M2",65.849999999999994]
["Impermeabilização, Proteção Mecânica e Tratamento de Junta",98557,"IMPERMEABILIZAÇÃO DE SUPERFÍCIE COM EMULSÃO ASFÁLTICA, 2 DEMÃOS. AF_09/2023","M2",49.71]
["Impermeabilização, Proteção Mecânica e Tratamento de Junta",98548,"IMPERMEABILIZAÇÃO DE SUPERFÍCIE COM MANTA ASFÁLTICA COLADA COM ASFALTO DERRETIDO, UMA CAMADA, E=4MM. AF_09/2023","M2",0]
["Impermeabilização, Proteção Mecânica e Tratamento de Junta",98547,"IMPERMEABILIZAÇÃO DE SUPERFÍCIE COM MANTA ASFÁLTICA, DUAS CAMADAS, INCLUSIVE APLICAÇÃO DE PRIMER ASFÁLTICO, E=3MM E E=4MM. AF_09/2023","M2",232.49]
["Impermeabilização, Proteção Mecânica e Tratamento de Junta",98546,"IMPERMEABILIZAÇÃO DE SUPERFÍCIE COM MANTA ASFÁLTICA, UMA CAMADA, INCLUSIVE APLICAÇÃO DE PRIMER ASFÁLTICO, E=4MM. AF_09/2023","M2",138.93]
["Impermeabilização, Proteção Mecânica e Tratamento de Junta",98552,"IMPERMEABILIZAÇÃO DE SUPERFÍCIE COM MEMBRANA A BASE DE POLIURÉIA, 2 DEMÃOS. AF_09/2023","M2",0]
["Impermeabilização, Proteção Mecânica e Tratamento de Junta",98553,"IMPERMEABILIZAÇÃO DE SUPERFÍCIE COM MEMBRANA À BASE DE POLIURETANO, 2 DEMÃOS. AF_09/2023","M2",175.66]
["Impermeabilização, Proteção Mecânica e Tratamento de Junta",98554,"IMPERMEABILIZAÇÃO DE SUPERFÍCIE COM MEMBRANA À BASE DE RESINA ACRÍLICA, 3 DEMÃOS. AF_09/2023","M2",50.26]
["Impermeabilização, Proteção Mecânica e Tratamento de Junta",98565,"PROTEÇÃO MECÂNICA DE SUPERFICIE HORIZONTAL COM ARGAMASSA DE CIMENTO E AREIA, TRAÇO 1:3, E=3CM. AF_09/2023","M2",61.22]
["Impermeabilização, Proteção Mecânica e Tratamento de Junta",98567,"PROTEÇÃO MECÂNICA DE SUPERFICIE HORIZONTAL COM ARGAMASSA DE CIMENTO E AREIA, TRAÇO 1:3, E=4CM. AF_09/2023","M2",78.67]
["Impermeabilização, Proteção Mecânica e Tratamento de Junta",98569,"PROTEÇÃO MECÂNICA DE SUPERFICIE HORIZONTAL COM ARGAMASSA DE CIMENTO E AREIA, TRAÇO 1:3, E=5CM. AF_09/2023","M2",97.02]
["Impermeabilização, Proteção Mecânica e Tratamento de Junta",98571,"PROTEÇÃO MECÂNICA DE SUPERFICIE HORIZONTAL COM CONCRETO 15 MPA, E=4CM. AF_09/2023","M2",52.27]
["Impermeabilização, Proteção Mecânica e Tratamento de Junta",98572,"PROTEÇÃO MECÂNICA DE SUPERFICIE HORIZONTAL COM CONCRETO 15 MPA, E=5CM. AF_09/2023","M2",64.17]
["Impermeabilização, Proteção Mecânica e Tratamento de Junta",98563,"PROTEÇÃO MECÂNICA DE SUPERFÍCIE HORIZONTAL COM ARGAMASSA DE CIMENTO E AREIA, TRAÇO 1:3, E=2CM. AF_09/2023","M2",42.89]
["Impermeabilização, Proteção Mecânica e Tratamento de Junta",98564,"PROTEÇÃO MECÂNICA DE SUPERFÍCIE VERTICAL COM ARGAMASSA DE CIMENTO E AREIA, TRAÇO 1:3, E=2CM. AF_09/2023","M2",57.58]
["Impermeabilização, Proteção Mecânica e Tratamento de Junta",98566,"PROTEÇÃO MECÂNICA DE SUPERFÍCIE VERTICAL COM ARGAMASSA DE CIMENTO E AREIA, TRAÇO 1:3, E=3CM. AF_09/2023","M2",75.92]
["Impermeabilização, Proteção Mecânica e Tratamento de Junta",98568,"PROTEÇÃO MECÂNICA DE SUPERFÍCIE VERTICAL COM ARGAMASSA DE CIMENTO E AREIA, TRAÇO 1:3, E=4CM. AF_09/2023","M2",93.36]
["Impermeabilização, Proteção Mecânica e Tratamento de Junta",98570,"PROTEÇÃO MECÂNICA DE SUPERFÍCIE VERTICAL COM ARGAMASSA DE CIMENTO E AREIA, TRAÇO 1:3, E=5CM. AF_09/2023","M2",111.71]
["Impermeabilização, Proteção Mecânica e Tratamento de Junta",98573,"PROTEÇÃO MECÂNICA DE SUPERFÍCIE VERTICAL COM CONCRETO 15 MPA, E=5CM. AF_09/2023","M2",78.19]
["Impermeabilização, Proteção Mecânica e Tratamento de Junta",98576,"TRATAMENTO DE JUNTA DE DILATAÇÃO COM MANTA ASFÁLTICA ADERIDA COM MAÇARICO. AF_09/2023","M",26.02]
["Impermeabilização, Proteção Mecânica e Tratamento de Junta",98575,"TRATAMENTO DE JUNTA DE DILATAÇÃO, COM TARUGO DE POLIETILENO E SELANTE PU, INCLUSO PREENCHIMENTO COM ESPUMA EXPANSIVA PU. AF_09/2023","M",76.62]
["Impermeabilização, Proteção Mecânica e Tratamento de Junta",98577,"TRATAMENTO DE JUNTA SERRADA, COM TARUGO DE POLIETILENO E SELANTE À BASE DE SILICONE. AF_09/2023","M",53.75]
["Impermeabilização, Proteção Mecânica e Tratamento de Junta",98558,"TRATAMENTO DE RALO OU PONTO EMERGENTE COM ARGAMASSA POLIMÉRICA / MEMBRANA ACRÍLICA REFORÇADO COM TELA DE POLIÉSTER (MAV). AF_09/2023","UN",10.74]
["Impermeabilização, Proteção Mecânica e Tratamento de Junta",98550,"TRATAMENTO DE RALO OU PONTO EMERGENTE COM MANTA ASFÁLTICA COLADA COM ASFÁLTO DERRETIDO, E=4MM. AF_09/2023","M2",0]
["Impermeabilização, Proteção Mecânica e Tratamento de Junta",98551,"TRATAMENTO DE RODAPÉ COM MANTA ASFÁLTICA COLADA COM ASFALTO DERRETIDO, E=4MM. AF_09/2023","M",0]
["Impermeabilização, Proteção Mecânica e Tratamento de Junta",98559,"TRATAMENTO DE RODAPÉ COM TELA DE POLIÉSTER. AF_09/2023","M",5.67]
["Instalações Elétricas - Eletrodutos Embutidos, Cabos, Caixas, Tomadas e Interruptores",91925,"CABO DE COBRE FLEXÍVEL ISOLADO, 1,5 MM², ANTI-CHAMA 0,6/1,0 KV, PARA CIRCUITOS TERMINAIS - FORNECIMENTO E INSTALAÇÃO. AF_03/2023","M",3.92]
["Instalações Elétricas - Eletrodutos Embutidos, Cabos, Caixas, Tomadas e Interruptores",91924,"CABO DE COBRE FLEXÍVEL ISOLADO, 1,5 MM², ANTI-CHAMA 450/750 V, PARA CIRCUITOS TERMINAIS - FORNECIMENTO E INSTALAÇÃO. AF_03/2023","M",3.26]
["Instalações Elétricas - Eletrodutos Embutidos, Cabos, Caixas, Tomadas e Interruptores",91933,"CABO DE COBRE FLEXÍVEL ISOLADO, 10 MM², ANTI-CHAMA 0,6/1,0 KV, PARA CIRCUITOS TERMINAIS - FORNECIMENTO E INSTALAÇÃO. AF_03/2023","M",17.47]
["Instalações Elétricas - Eletrodutos Embutidos, Cabos, Caixas, Tomadas e Interruptores",91932,"CABO DE COBRE FLEXÍVEL ISOLADO, 10 MM², ANTI-CHAMA 450/750 V, PARA CIRCUITOS TERMINAIS - FORNECIMENTO E INSTALAÇÃO. AF_03/2023","M",18.100000000000001]
["Instalações Elétricas - Eletrodutos Embutidos, Cabos, Caixas, Tomadas e Interruptores",91935,"CABO DE COBRE FLEXÍVEL ISOLADO, 16 MM², ANTI-CHAMA 0,6/1,0 KV, PARA CIRCUITOS TERMINAIS - FORNECIMENTO E INSTALAÇÃO. AF_03/2023","M",27.39]
["Instalações Elétricas - Eletrodutos Embutidos, Cabos, Caixas, Tomadas e Interruptores",91934,"CABO DE COBRE FLEXÍVEL ISOLADO, 16 MM², ANTI-CHAMA 450/750 V, PARA CIRCUITOS TERMINAIS - FORNECIMENTO E INSTALAÇÃO. AF_03/2023","M",26.17]
["Instalações Elétricas - Eletrodutos Embutidos, Cabos, Caixas, Tomadas e Interruptores",91927,"CABO DE COBRE FLEXÍVEL ISOLADO, 2,5 MM², ANTI-CHAMA 0,6/1,0 KV, PARA CIRCUITOS TERMINAIS - FORNECIMENTO E INSTALAÇÃO. AF_03/2023","M",5.28]
["Instalações Elétricas - Eletrodutos Embutidos, Cabos, Caixas, Tomadas e Interruptores",91926,"CABO DE COBRE FLEXÍVEL ISOLADO, 2,5 MM², ANTI-CHAMA 450/750 V, PARA CIRCUITOS TERMINAIS - FORNECIMENTO E INSTALAÇÃO. AF_03/2023","M",4.72]
["Instalações Elétricas - Eletrodutos Embutidos, Cabos, Caixas, Tomadas e Interruptores",91929,"CABO DE COBRE FLEXÍVEL ISOLADO, 4 MM², ANTI-CHAMA 0,6/1,0 KV, PARA CIRCUITOS TERMINAIS - FORNECIMENTO E INSTALAÇÃO. AF_03/2023","M",7.76]
["Instalações Elétricas - Eletrodutos Embutidos, Cabos, Caixas, Tomadas e Interruptores",91928,"CABO DE COBRE FLEXÍVEL ISOLADO, 4 MM², ANTI-CHAMA 450/750 V, PARA CIRCUITOS TERMINAIS - FORNECIMENTO E INSTALAÇÃO. AF_03/2023","M",7.27]
["Instalações Elétricas - Eletrodutos Embutidos, Cabos, Caixas, Tomadas e Interruptores",91931,"CABO DE COBRE FLEXÍVEL ISOLADO, 6 MM², ANTI-CHAMA 0,6/1,0 KV, PARA CIRCUITOS TERMINAIS - FORNECIMENTO E INSTALAÇÃO. AF_03/2023","M",10.94]
["Instalações Elétricas - Eletrodutos Embutidos, Cabos, Caixas, Tomadas e Interruptores",91930,"CABO DE COBRE FLEXÍVEL ISOLADO, 6 MM², ANTI-CHAMA 450/750 V, PARA CIRCUITOS TERMINAIS - FORNECIMENTO E INSTALAÇÃO. AF_03/2023","M",10.15]
["Instalações Elétricas - Eletrodutos Embutidos, Cabos, Caixas, Tomadas e Interruptores",104620,"CAIXA ELÉTRICA 4\"X2\" AUTOTRAVANTE PARA FURO CIRCULAR ALTA (2,00 M DO PISO), PVC, INSTALADA EM PAREDE - FORNECIMENTO E INSTALAÇÃO. AF_03/2023","UN",0]
["Instalações Elétricas - Eletrodutos Embutidos, Cabos, Caixas, Tomadas e Interruptores",104624,"CAIXA ELÉTRICA 4\"X2\" AUTOTRAVANTE PARA FURO CIRCULAR BAIXA (0,30 M DO PISO), PVC, INSTALADA EM PAREDE - FORNECIMENTO E INSTALAÇÃO. AF_03/2023","UN",0]
["Instalações Elétricas - Eletrodutos Embutidos, Cabos, Caixas, Tomadas e Interruptores",104622,"CAIXA ELÉTRICA 4\"X2\" AUTOTRAVANTE PARA FURO CIRCULAR MÉDIA (1,30 M DO PISO), PVC, INSTALADA EM PAREDE - FORNECIMENTO E INSTALAÇÃO. AF_03/2023","UN",0]
["Instalações Elétricas - Eletrodutos Embutidos, Cabos, Caixas, Tomadas e Interruptores",104621,"CAIXA ELÉTRICA 4\"X4\" AUTOTRAVANTE PARA FURO CIRCULAR ALTA (2,00 M DO PISO), PVC, INSTALADA EM PAREDE - FORNECIMENTO E INSTALAÇÃO. AF_03/2023","UN",0]
["Instalações Elétricas - Eletrodutos Embutidos, Cabos, Caixas, Tomadas e Interruptores",104625,"CAIXA ELÉTRICA 4\"X4\" AUTOTRAVANTE PARA FURO CIRCULAR BAIXA (0,30 M DO PISO), PVC, INSTALADA EM PAREDE - FORNECIMENTO E INSTALAÇÃO. AF_03/2023","UN",0]
["Instalações Elétricas - Eletrodutos Embutidos, Cabos, Caixas, Tomadas e Interruptores",104623,"CAIXA ELÉTRICA 4\"X4\" AUTOTRAVANTE PARA FURO CIRCULAR MÉDIA (1,30 M DO PISO), PVC, INSTALADA EM PAREDE - FORNECIMENTO E INSTALAÇÃO. AF_03/2023","UN",0]
["Instalações Elétricas - Eletrodutos Embutidos, Cabos, Caixas, Tomadas e Interruptores",91937,"CAIXA OCTOGONAL 3\" X 3\", PVC, INSTALADA EM LAJE - FORNECIMENTO E INSTALAÇÃO. AF_03/2023","UN",16.98]
["Instalações Elétricas - Eletrodutos Embutidos, Cabos, Caixas, Tomadas e Interruptores",92865,"CAIXA OCTOGONAL 4\" X 4\", METÁLICA, INSTALADA EM LAJE - FORNECIMENTO E INSTALAÇÃO. AF_03/2023","UN",16.309999999999999]
["Instalações Elétricas - Eletrodutos Embutidos, Cabos, Caixas, Tomadas e Interruptores",91936,"CAIXA OCTOGONAL 4\" X 4\", PVC, INSTALADA EM LAJE - FORNECIMENTO E INSTALAÇÃO. AF_03/2023","UN",18.670000000000002]
["Instalações Elétricas - Eletrodutos Embutidos, Cabos, Caixas, Tomadas e Interruptores",92867,"CAIXA RETANGULAR 4\" X 2\" ALTA (2,00 M DO PISO), METÁLICA, INSTALADA EM PAREDE - FORNECIMENTO E INSTALAÇÃO. AF_03/2023","UN",34.85]
["Instalações Elétricas - Eletrodutos Embutidos, Cabos, Caixas, Tomadas e Interruptores",91939,"CAIXA RETANGULAR 4\" X 2\" ALTA (2,00 M DO PISO), PVC, INSTALADA EM PAREDE - FORNECIMENTO E INSTALAÇÃO. AF_03/2023","UN",35.49]
["Instalações Elétricas - Eletrodutos Embutidos, Cabos, Caixas, Tomadas e Interruptores",92869,"CAIXA RETANGULAR 4\" X 2\" BAIXA (0,30 M DO PISO), METÁLICA, INSTALADA EM PAREDE - FORNECIMENTO E INSTALAÇÃO. AF_03/2023","UN",11.89]
["Instalações Elétricas - Eletrodutos Embutidos, Cabos, Caixas, Tomadas e Interruptores",91941,"CAIXA RETANGULAR 4\" X 2\" BAIXA (0,30 M DO PISO), PVC, INSTALADA EM PAREDE - FORNECIMENTO E INSTALAÇÃO. AF_03/2023","UN",12.53]
["Instalações Elétricas - Eletrodutos Embutidos, Cabos, Caixas, Tomadas e Interruptores",92868,"CAIXA RETANGULAR 4\" X 2\" MÉDIA (1,30 M DO PISO), METÁLICA, INSTALADA EM PAREDE - FORNECIMENTO E INSTALAÇÃO. AF_03/2023","UN",19.440000000000001]
["Instalações Elétricas - Eletrodutos Embutidos, Cabos, Caixas, Tomadas e Interruptores",91940,"CAIXA RETANGULAR 4\" X 2\" MÉDIA (1,30 M DO PISO), PVC, INSTALADA EM PAREDE - FORNECIMENTO E INSTALAÇÃO. AF_03/2023","UN",20.079999999999998]
["Instalações Elétricas - Eletrodutos Embutidos, Cabos, Caixas, Tomadas e Interruptores",92870,"CAIXA RETANGULAR 4\" X 4\" ALTA (2,00 M DO PISO), METÁLICA, INSTALADA EM PAREDE - FORNECIMENTO E INSTALAÇÃO. AF_03/2023","UN",37.85]
["Instalações Elétricas - Eletrodutos Embutidos, Cabos, Caixas, Tomadas e Interruptores",91942,"CAIXA RETANGULAR 4\" X 4\" ALTA (2,00 M DO PISO), PVC, INSTALADA EM PAREDE - FORNECIMENTO E INSTALAÇÃO. AF_03/2023","UN",38.94]
["Instalações Elétricas - Eletrodutos Embutidos, Cabos, Caixas, Tomadas e Interruptores",92872,"CAIXA RETANGULAR 4\" X 4\" BAIXA (0,30 M DO PISO), METÁLICA, INSTALADA EM PAREDE - FORNECIMENTO E INSTALAÇÃO. AF_03/2023","UN",14.04]
["Instalações Elétricas - Eletrodutos Embutidos, Cabos, Caixas, Tomadas e Interruptores",91944,"CAIXA RETANGULAR 4\" X 4\" BAIXA (0,30 M DO PISO), PVC, INSTALADA EM PAREDE - FORNECIMENTO E INSTALAÇÃO. AF_03/2023","UN",15.13]
["Instalações Elétricas - Eletrodutos Embutidos, Cabos, Caixas, Tomadas e Interruptores",92871,"CAIXA RETANGULAR 4\" X 4\" MÉDIA (1,30 M DO PISO), METÁLICA, INSTALADA EM PAREDE - FORNECIMENTO E INSTALAÇÃO. AF_03/2023","UN",21.9]
["Instalações Elétricas - Eletrodutos Embutidos, Cabos, Caixas, Tomadas e Interruptores",91943,"CAIXA RETANGULAR 4\" X 4\" MÉDIA (1,30 M DO PISO), PVC, INSTALADA EM PAREDE - FORNECIMENTO E INSTALAÇÃO. AF_03/2023","UN",22.99]
["Instalações Elétricas - Eletrodutos Embutidos, Cabos, Caixas, Tomadas e Interruptores",92866,"CAIXA SEXTAVADA 3\" X 3\", METÁLICA, INSTALADA EM LAJE - FORNECIMENTO E INSTALAÇÃO. AF_03/2023","UN",14.62]
["Instalações Elétricas - Eletrodutos Embutidos, Cabos, Caixas, Tomadas e Interruptores",91987,"CAMPAINHA CIGARRA (1 MÓDULO), 10A/250V, INCLUINDO SUPORTE E PLACA - FORNECIMENTO E INSTALAÇÃO. AF_03/2023","UN",45.23]
["Instalações Elétricas - Eletrodutos Embutidos, Cabos, Caixas, Tomadas e Interruptores",91986,"CAMPAINHA CIGARRA (1 MÓDULO), 10A/250V, SEM SUPORTE E SEM PLACA - FORNECIMENTO E INSTALAÇÃO. AF_03/2023","UN",34.49]
["Instalações Elétricas - Eletrodutos Embutidos, Cabos, Caixas, Tomadas e Interruptores",97559,"CURVA 135 GRAUS PARA ELETRODUTO, PVC, ROSCÁVEL, DN 25 MM (3/4\"), PARA CIRCUITOS TERMINAIS, INSTALADA EM FORRO - FORNECIMENTO E INSTALAÇÃO. AF_03/2023","UN",14.5]
["Instalações Elétricas - Eletrodutos Embutidos, Cabos, Caixas, Tomadas e Interruptores",97562,"CURVA 135 GRAUS PARA ELETRODUTO, PVC, ROSCÁVEL, DN 25 MM (3/4\"), PARA CIRCUITOS TERMINAIS, INSTALADA EM LAJE - FORNECIMENTO E INSTALAÇÃO. AF_03/2023","UN",11.88]
["Instalações Elétricas - Eletrodutos Embutidos, Cabos, Caixas, Tomadas e Interruptores",97564,"CURVA 135 GRAUS PARA ELETRODUTO, PVC, ROSCÁVEL, DN 25 MM (3/4\"), PARA CIRCUITOS TERMINAIS, INSTALADA EM PAREDE - FORNECIMENTO E INSTALAÇÃO. AF_03/2023","UN",19.8]
["Instalações Elétricas - Eletrodutos Embutidos, Cabos, Caixas, Tomadas e Interruptores",91889,"CURVA 180 GRAUS PARA ELETRODUTO, PVC, ROSCÁVEL, DN 20 MM (1/2\"), PARA CIRCUITOS TERMINAIS, INSTALADA EM FORRO - FORNECIMENTO E INSTALAÇÃO. AF_03/2023","UN",12.98]
["Instalações Elétricas - Eletrodutos Embutidos, Cabos, Caixas, Tomadas e Interruptores",91901,"CURVA 180 GRAUS PARA ELETRODUTO, PVC, ROSCÁVEL, DN 20 MM (1/2\"), PARA CIRCUITOS TERMINAIS, INSTALADA EM LAJE - FORNECIMENTO E INSTALAÇÃO. AF_03/2023","UN",10.36]
["Instalações Elétricas - Eletrodutos Embutidos, Cabos, Caixas, Tomadas e Interruptores",91913,"CURVA 180 GRAUS PARA ELETRODUTO, PVC, ROSCÁVEL, DN 20 MM (1/2\"), PARA CIRCUITOS TERMINAIS, INSTALADA EM PAREDE - FORNECIMENTO E INSTALAÇÃO. AF_03/2023","UN",18.34]
["Instalações Elétricas - Eletrodutos Embutidos, Cabos, Caixas, Tomadas e Interruptores",91892,"CURVA 180 GRAUS PARA ELETRODUTO, PVC, ROSCÁVEL, DN 25 MM (3/4\"), PARA CIRCUITOS TERMINAIS, INSTALADA EM FORRO - FORNECIMENTO E INSTALAÇÃO. AF_03/2023","UN",16.45]
["Instalações Elétricas - Eletrodutos Embutidos, Cabos, Caixas, Tomadas e Interruptores",91904,"CURVA 180 GRAUS PARA ELETRODUTO, PVC, ROSCÁVEL, DN 25 MM (3/4\"), PARA CIRCUITOS TERMINAIS, INSTALADA EM LAJE - FORNECIMENTO E INSTALAÇÃO. AF_03/2023","UN",13.83]
["Instalações Elétricas - Eletrodutos Embutidos, Cabos, Caixas, Tomadas e Interruptores",91916,"CURVA 180 GRAUS PARA ELETRODUTO, PVC, ROSCÁVEL, DN 25 MM (3/4\"), PARA CIRCUITOS TERMINAIS, INSTALADA EM PAREDE - FORNECIMENTO E INSTALAÇÃO. AF_03/2023","UN",21.75]
["Instalações Elétricas - Eletrodutos Embutidos, Cabos, Caixas, Tomadas e Interruptores",91895,"CURVA 180 GRAUS PARA ELETRODUTO, PVC, ROSCÁVEL, DN 32 MM (1\"), PARA CIRCUITOS TERMINAIS, INSTALADA EM FORRO - FORNECIMENTO E INSTALAÇÃO. AF_03/2023","UN",19.760000000000002]
["Instalações Elétricas - Eletrodutos Embutidos, Cabos, Caixas, Tomadas e Interruptores",91907,"CURVA 180 GRAUS PARA ELETRODUTO, PVC, ROSCÁVEL, DN 32 MM (1\"), PARA CIRCUITOS TERMINAIS, INSTALADA EM LAJE - FORNECIMENTO E INSTALAÇÃO. AF_03/2023","UN",17.14]
["Instalações Elétricas - Eletrodutos Embutidos, Cabos, Caixas, Tomadas e Interruptores",91919,"CURVA 180 GRAUS PARA ELETRODUTO, PVC, ROSCÁVEL, DN 32 MM (1\"), PARA CIRCUITOS TERMINAIS, INSTALADA EM PAREDE - FORNECIMENTO E INSTALAÇÃO. AF_03/2023","UN",25]
["Instalações Elétricas - Eletrodutos Embutidos, Cabos, Caixas, Tomadas e Interruptores",91898,"CURVA 180 GRAUS PARA ELETRODUTO, PVC, ROSCÁVEL, DN 40 MM (1 1/4\"), PARA CIRCUITOS TERMINAIS, INSTALADA EM FORRO - FORNECIMENTO E INSTALAÇÃO. AF_03/2023","UN",22.63]
["Instalações Elétricas - Eletrodutos Embutidos, Cabos, Caixas, Tomadas e Interruptores",91910,"CURVA 180 GRAUS PARA ELETRODUTO, PVC, ROSCÁVEL, DN 40 MM (1 1/4\"), PARA CIRCUITOS TERMINAIS, INSTALADA EM LAJE - FORNECIMENTO E INSTALAÇÃO. AF_03/2023","UN",20.07]
["Instalações Elétricas - Eletrodutos Embutidos, Cabos, Caixas, Tomadas e Interruptores",91922,"CURVA 180 GRAUS PARA ELETRODUTO, PVC, ROSCÁVEL, DN 40 MM (1 1/4\"), PARA CIRCUITOS TERMINAIS, INSTALADA EM PAREDE - FORNECIMENTO E INSTALAÇÃO. AF_03/2023","UN",27.8]
["Instalações Elétricas - Eletrodutos Embutidos, Cabos, Caixas, Tomadas e Interruptores",91887,"CURVA 90 GRAUS PARA ELETRODUTO, PVC, ROSCÁVEL, DN 20 MM (1/2\"), PARA CIRCUITOS TERMINAIS, INSTALADA EM FORRO - FORNECIMENTO E INSTALAÇÃO. AF_03/2023","UN",13.24]
["Instalações Elétricas - Eletrodutos Embutidos, Cabos, Caixas, Tomadas e Interruptores",91899,"CURVA 90 GRAUS PARA ELETRODUTO, PVC, ROSCÁVEL, DN 20 MM (1/2\"), PARA CIRCUITOS TERMINAIS, INSTALADA EM LAJE - FORNECIMENTO E INSTALAÇÃO. AF_03/2023","UN",10.62]
["Instalações Elétricas - Eletrodutos Embutidos, Cabos, Caixas, Tomadas e Interruptores",91911,"CURVA 90 GRAUS PARA ELETRODUTO, PVC, ROSCÁVEL, DN 20 MM (1/2\"), PARA CIRCUITOS TERMINAIS, INSTALADA EM PAREDE - FORNECIMENTO E INSTALAÇÃO. AF_03/2023","UN",18.600000000000001]
["Instalações Elétricas - Eletrodutos Embutidos, Cabos, Caixas, Tomadas e Interruptores",91890,"CURVA 90 GRAUS PARA ELETRODUTO, PVC, ROSCÁVEL, DN 25 MM (3/4\"), PARA CIRCUITOS TERMINAIS, INSTALADA EM FORRO - FORNECIMENTO E INSTALAÇÃO. AF_03/2023","UN",14.7]
["Instalações Elétricas - Eletrodutos Embutidos, Cabos, Caixas, Tomadas e Interruptores",91902,"CURVA 90 GRAUS PARA ELETRODUTO, PVC, ROSCÁVEL, DN 25 MM (3/4\"), PARA CIRCUITOS TERMINAIS, INSTALADA EM LAJE - FORNECIMENTO E INSTALAÇÃO. AF_03/2023","UN",12.08]
["Instalações Elétricas - Eletrodutos Embutidos, Cabos, Caixas, Tomadas e Interruptores",91914,"CURVA 90 GRAUS PARA ELETRODUTO, PVC, ROSCÁVEL, DN 25 MM (3/4\"), PARA CIRCUITOS TERMINAIS, INSTALADA EM PAREDE - FORNECIMENTO E INSTALAÇÃO. AF_03/2023","UN",20]
["Instalações Elétricas - Eletrodutos Embutidos, Cabos, Caixas, Tomadas e Interruptores",91893,"CURVA 90 GRAUS PARA ELETRODUTO, PVC, ROSCÁVEL, DN 32 MM (1\"), PARA CIRCUITOS TERMINAIS, INSTALADA EM FORRO - FORNECIMENTO E INSTALAÇÃO. AF_03/2023","UN",17.98]
["Instalações Elétricas - Eletrodutos Embutidos, Cabos, Caixas, Tomadas e Interruptores",91905,"CURVA 90 GRAUS PARA ELETRODUTO, PVC, ROSCÁVEL, DN 32 MM (1\"), PARA CIRCUITOS TERMINAIS, INSTALADA EM LAJE - FORNECIMENTO E INSTALAÇÃO. AF_03/2023","UN",15.36]
["Instalações Elétricas - Eletrodutos Embutidos, Cabos, Caixas, Tomadas e Interruptores",91917,"CURVA 90 GRAUS PARA ELETRODUTO, PVC, ROSCÁVEL, DN 32 MM (1\"), PARA CIRCUITOS TERMINAIS, INSTALADA EM PAREDE - FORNECIMENTO E INSTALAÇÃO. AF_03/2023","UN",23.22]
["Instalações Elétricas - Eletrodutos Embutidos, Cabos, Caixas, Tomadas e Interruptores",91896,"CURVA 90 GRAUS PARA ELETRODUTO, PVC, ROSCÁVEL, DN 40 MM (1 1/4\"), PARA CIRCUITOS TERMINAIS, INSTALADA EM FORRO - FORNECIMENTO E INSTALAÇÃO. AF_03/2023","UN",20.72]
["Instalações Elétricas - Eletrodutos Embutidos, Cabos, Caixas, Tomadas e Interruptores",91908,"CURVA 90 GRAUS PARA ELETRODUTO, PVC, ROSCÁVEL, DN 40 MM (1 1/4\"), PARA CIRCUITOS TERMINAIS, INSTALADA EM LAJE - FORNECIMENTO E INSTALAÇÃO. AF_03/2023","UN",18.16]
["Instalações Elétricas - Eletrodutos Embutidos, Cabos, Caixas, Tomadas e Interruptores",91920,"CURVA 90 GRAUS PARA ELETRODUTO, PVC, ROSCÁVEL, DN 40 MM (1 1/4\"), PARA CIRCUITOS TERMINAIS, INSTALADA EM PAREDE - FORNECIMENTO E INSTALAÇÃO. AF_03/2023","UN",25.89]
["Instalações Elétricas - Eletrodutos Embutidos, Cabos, Caixas, Tomadas e Interruptores",91983,"DIMMER ROTATIVO (1 MÓDULO), 220V/600W, INCLUINDO SUPORTE E PLACA - FORNECIMENTO E INSTALAÇÃO. AF_03/2023","UN",78.63]
["Instalações Elétricas - Eletrodutos Embutidos, Cabos, Caixas, Tomadas e Interruptores",91982,"DIMMER ROTATIVO (1 MÓDULO), 220V/600W, SEM SUPORTE E SEM PLACA - FORNECIMENTO E INSTALAÇÃO. AF_03/2023","UN",67.89]
["Instalações Elétricas - Eletrodutos Embutidos, Cabos, Caixas, Tomadas e Interruptores",91833,"ELETRODUTO FLEXÍVEL CORRUGADO REFORÇADO, PVC, DN 20 MM (1/2\"), PARA CIRCUITOS TERMINAIS, INSTALADO EM FORRO - FORNECIMENTO E INSTALAÇÃO. AF_03/2023","M",19.059999999999999]
["Instalações Elétricas - Eletrodutos Embutidos, Cabos, Caixas, Tomadas e Interruptores",91843,"ELETRODUTO FLEXÍVEL CORRUGADO REFORÇADO, PVC, DN 20 MM (1/2\"), PARA CIRCUITOS TERMINAIS, INSTALADO EM LAJE - FORNECIMENTO E INSTALAÇÃO. AF_03/2023","M",6.47]
["Instalações Elétricas - Eletrodutos Embutidos, Cabos, Caixas, Tomadas e Interruptores",91853,"ELETRODUTO FLEXÍVEL CORRUGADO REFORÇADO, PVC, DN 20 MM (1/2\"), PARA CIRCUITOS TERMINAIS, INSTALADO EM PAREDE - FORNECIMENTO E INSTALAÇÃO. AF_03/2023","M",9.9700000000000006]
["Instalações Elétricas - Eletrodutos Embutidos, Cabos, Caixas, Tomadas e Interruptores",91835,"ELETRODUTO FLEXÍVEL CORRUGADO REFORÇADO, PVC, DN 25 MM (3/4\"), PARA CIRCUITOS TERMINAIS, INSTALADO EM FORRO - FORNECIMENTO E INSTALAÇÃO. AF_03/2023","M",20.7]
["Instalações Elétricas - Eletrodutos Embutidos, Cabos, Caixas, Tomadas e Interruptores",91845,"ELETRODUTO FLEXÍVEL CORRUGADO REFORÇADO, PVC, DN 25 MM (3/4\"), PARA CIRCUITOS TERMINAIS, INSTALADO EM LAJE - FORNECIMENTO E INSTALAÇÃO. AF_03/2023","M",8.06]
["Instalações Elétricas - Eletrodutos Embutidos, Cabos, Caixas, Tomadas e Interruptores",91855,"ELETRODUTO FLEXÍVEL CORRUGADO REFORÇADO, PVC, DN 25 MM (3/4\"), PARA CIRCUITOS TERMINAIS, INSTALADO EM PAREDE - FORNECIMENTO E INSTALAÇÃO. AF_03/2023","M",11.48]
["Instalações Elétricas - Eletrodutos Embutidos, Cabos, Caixas, Tomadas e Interruptores",91837,"ELETRODUTO FLEXÍVEL CORRUGADO REFORÇADO, PVC, DN 32 MM (1\"), PARA CIRCUITOS TERMINAIS, INSTALADO EM FORRO - FORNECIMENTO E INSTALAÇÃO. AF_03/2023","M",25.07]
["Instalações Elétricas - Eletrodutos Embutidos, Cabos, Caixas, Tomadas e Interruptores",91847,"ELETRODUTO FLEXÍVEL CORRUGADO REFORÇADO, PVC, DN 32 MM (1\"), PARA CIRCUITOS TERMINAIS, INSTALADO EM LAJE - FORNECIMENTO E INSTALAÇÃO. AF_03/2023","M",12.48]
["Instalações Elétricas - Eletrodutos Embutidos, Cabos, Caixas, Tomadas e Interruptores",91857,"ELETRODUTO FLEXÍVEL CORRUGADO REFORÇADO, PVC, DN 32 MM (1\"), PARA CIRCUITOS TERMINAIS, INSTALADO EM PAREDE - FORNECIMENTO E INSTALAÇÃO. AF_03/2023","M",15.64]
["Instalações Elétricas - Eletrodutos Embutidos, Cabos, Caixas, Tomadas e Interruptores",91838,"ELETRODUTO FLEXÍVEL CORRUGADO, PEAD, DN 32 MM (1\"), PARA CIRCUITOS TERMINAIS, INSTALADO EM FORRO - FORNECIMENTO E INSTALAÇÃO. AF_03/2023","M",0]
["Instalações Elétricas - Eletrodutos Embutidos, Cabos, Caixas, Tomadas e Interruptores",91848,"ELETRODUTO FLEXÍVEL CORRUGADO, PEAD, DN 32 MM (1\"), PARA CIRCUITOS TERMINAIS, INSTALADO EM LAJE - FORNECIMENTO E INSTALAÇÃO. AF_03/2023","M",0]
["Instalações Elétricas - Eletrodutos Embutidos, Cabos, Caixas, Tomadas e Interruptores",91858,"ELETRODUTO FLEXÍVEL CORRUGADO, PEAD, DN 32 MM (1\"), PARA CIRCUITOS TERMINAIS, INSTALADO EM PAREDE - FORNECIMENTO E INSTALAÇÃO. AF_03/2023","M",0]
["Instalações Elétricas - Eletrodutos Embutidos, Cabos, Caixas, Tomadas e Interruptores",91840,"ELETRODUTO FLEXÍVEL CORRUGADO, PEAD, DN 40 MM (1 1/4\"), PARA CIRCUITOS TERMINAIS, INSTALADO EM FORRO - FORNECIMENTO E INSTALAÇÃO. AF_03/2023","M",23.47]
["Instalações Elétricas - Eletrodutos Embutidos, Cabos, Caixas, Tomadas e Interruptores",91850,"ELETRODUTO FLEXÍVEL CORRUGADO, PEAD, DN 40 MM (1 1/4\"), PARA CIRCUITOS TERMINAIS, INSTALADO EM LAJE - FORNECIMENTO E INSTALAÇÃO. AF_03/2023","M",10.84]
["Instalações Elétricas - Eletrodutos Embutidos, Cabos, Caixas, Tomadas e Interruptores",91860,"ELETRODUTO FLEXÍVEL CORRUGADO, PEAD, DN 40 MM (1 1/4\"), PARA CIRCUITOS TERMINAIS, INSTALADO EM PAREDE - FORNECIMENTO E INSTALAÇÃO. AF_03/2023","M",14.19]
["Instalações Elétricas - Eletrodutos Embutidos, Cabos, Caixas, Tomadas e Interruptores",91831,"ELETRODUTO FLEXÍVEL CORRUGADO, PVC, DN 20 MM (1/2\"), PARA CIRCUITOS TERMINAIS, INSTALADO EM FORRO - FORNECIMENTO E INSTALAÇÃO. AF_03/2023","M",18.55]
["Instalações Elétricas - Eletrodutos Embutidos, Cabos, Caixas, Tomadas e Interruptores",91852,"ELETRODUTO FLEXÍVEL CORRUGADO, PVC, DN 20 MM (1/2\"), PARA CIRCUITOS TERMINAIS, INSTALADO EM PAREDE - FORNECIMENTO E INSTALAÇÃO. AF_03/2023","M",9.49]
["Instalações Elétricas - Eletrodutos Embutidos, Cabos, Caixas, Tomadas e Interruptores",91834,"ELETRODUTO FLEXÍVEL CORRUGADO, PVC, DN 25 MM (3/4\"), PARA CIRCUITOS TERMINAIS, INSTALADO EM FORRO - FORNECIMENTO E INSTALAÇÃO. AF_03/2023","M",19.39]
["Instalações Elétricas - Eletrodutos Embutidos, Cabos, Caixas, Tomadas e Interruptores",91854,"ELETRODUTO FLEXÍVEL CORRUGADO, PVC, DN 25 MM (3/4\"), PARA CIRCUITOS TERMINAIS, INSTALADO EM PAREDE - FORNECIMENTO E INSTALAÇÃO. AF_03/2023","M",10.27]
["Instalações Elétricas - Eletrodutos Embutidos, Cabos, Caixas, Tomadas e Interruptores",91836,"ELETRODUTO FLEXÍVEL CORRUGADO, PVC, DN 32 MM (1\"), PARA CIRCUITOS TERMINAIS, INSTALADO EM FORRO - FORNECIMENTO E INSTALAÇÃO. AF_03/2023","M",22.02]
["Instalações Elétricas - Eletrodutos Embutidos, Cabos, Caixas, Tomadas e Interruptores",91856,"ELETRODUTO FLEXÍVEL CORRUGADO, PVC, DN 32 MM (1\"), PARA CIRCUITOS TERMINAIS, INSTALADO EM PAREDE - FORNECIMENTO E INSTALAÇÃO. AF_03/2023","M",12.81]
["Instalações Elétricas - Eletrodutos Embutidos, Cabos, Caixas, Tomadas e Interruptores",91839,"ELETRODUTO FLEXÍVEL LISO, PEAD, DN 32 MM (1\"), PARA CIRCUITOS TERMINAIS, INSTALADO EM FORRO - FORNECIMENTO E INSTALAÇÃO. AF_03/2023","M",20.81]
["Instalações Elétricas - Eletrodutos Embutidos, Cabos, Caixas, Tomadas e Interruptores",91849,"ELETRODUTO FLEXÍVEL LISO, PEAD, DN 32 MM (1\"), PARA CIRCUITOS TERMINAIS, INSTALADO EM LAJE - FORNECIMENTO E INSTALAÇÃO. AF_03/2023","M",8.2200000000000006]
["Instalações Elétricas - Eletrodutos Embutidos, Cabos, Caixas, Tomadas e Interruptores",91859,"ELETRODUTO FLEXÍVEL LISO, PEAD, DN 32 MM (1\"), PARA CIRCUITOS TERMINAIS, INSTALADO EM PAREDE - FORNECIMENTO E INSTALAÇÃO. AF_03/2023","M",11.69]
["Instalações Elétricas - Eletrodutos Embutidos, Cabos, Caixas, Tomadas e Interruptores",91841,"ELETRODUTO FLEXÍVEL LISO, PEAD, DN 40 MM (1 1/4\"), PARA CIRCUITOS TERMINAIS, INSTALADO EM FORRO - FORNECIMENTO E INSTALAÇÃO. AF_03/2023","M",22.76]
["Instalações Elétricas - Eletrodutos Embutidos, Cabos, Caixas, Tomadas e Interruptores",91851,"ELETRODUTO FLEXÍVEL LISO, PEAD, DN 40 MM (1 1/4\"), PARA CIRCUITOS TERMINAIS, INSTALADO EM LAJE - FORNECIMENTO E INSTALAÇÃO. AF_03/2023","M",10.130000000000001]
["Instalações Elétricas - Eletrodutos Embutidos, Cabos, Caixas, Tomadas e Interruptores",91861,"ELETRODUTO FLEXÍVEL LISO, PEAD, DN 40 MM (1 1/4\"), PARA CIRCUITOS TERMINAIS, INSTALADO EM PAREDE - FORNECIMENTO E INSTALAÇÃO. AF_03/2023","M",13.53]
["Instalações Elétricas - Eletrodutos Embutidos, Cabos, Caixas, Tomadas e Interruptores",91862,"ELETRODUTO RÍGIDO ROSCÁVEL, PVC, DN 20 MM (1/2\"), PARA CIRCUITOS TERMINAIS, INSTALADO EM FORRO - FORNECIMENTO E INSTALAÇÃO. AF_03/2023","M",9.77]
["Instalações Elétricas - Eletrodutos Embutidos, Cabos, Caixas, Tomadas e Interruptores",91866,"ELETRODUTO RÍGIDO ROSCÁVEL, PVC, DN 20 MM (1/2\"), PARA CIRCUITOS TERMINAIS, INSTALADO EM LAJE - FORNECIMENTO E INSTALAÇÃO. AF_03/2023","M",8.31]
["Instalações Elétricas - Eletrodutos Embutidos, Cabos, Caixas, Tomadas e Interruptores",91870,"ELETRODUTO RÍGIDO ROSCÁVEL, PVC, DN 20 MM (1/2\"), PARA CIRCUITOS TERMINAIS, INSTALADO EM PAREDE - FORNECIMENTO E INSTALAÇÃO. AF_03/2023","M",13.22]
["Instalações Elétricas - Eletrodutos Embutidos, Cabos, Caixas, Tomadas e Interruptores",91863,"ELETRODUTO RÍGIDO ROSCÁVEL, PVC, DN 25 MM (3/4\"), PARA CIRCUITOS TERMINAIS, INSTALADO EM FORRO - FORNECIMENTO E INSTALAÇÃO. AF_03/2023","M",11.47]
["Instalações Elétricas - Eletrodutos Embutidos, Cabos, Caixas, Tomadas e Interruptores",91867,"ELETRODUTO RÍGIDO ROSCÁVEL, PVC, DN 25 MM (3/4\"), PARA CIRCUITOS TERMINAIS, INSTALADO EM LAJE - FORNECIMENTO E INSTALAÇÃO. AF_03/2023","M",10.029999999999999]
["Instalações Elétricas - Eletrodutos Embutidos, Cabos, Caixas, Tomadas e Interruptores",91871,"ELETRODUTO RÍGIDO ROSCÁVEL, PVC, DN 25 MM (3/4\"), PARA CIRCUITOS TERMINAIS, INSTALADO EM PAREDE - FORNECIMENTO E INSTALAÇÃO. AF_03/2023","M",14.92]
["Instalações Elétricas - Eletrodutos Embutidos, Cabos, Caixas, Tomadas e Interruptores",91864,"ELETRODUTO RÍGIDO ROSCÁVEL, PVC, DN 32 MM (1\"), PARA CIRCUITOS TERMINAIS, INSTALADO EM FORRO - FORNECIMENTO E INSTALAÇÃO. AF_03/2023","M",15.14]
["Instalações Elétricas - Eletrodutos Embutidos, Cabos, Caixas, Tomadas e Interruptores",91868,"ELETRODUTO RÍGIDO ROSCÁVEL, PVC, DN 32 MM (1\"), PARA CIRCUITOS TERMINAIS, INSTALADO EM LAJE - FORNECIMENTO E INSTALAÇÃO. AF_03/2023","M",13.69]
["Instalações Elétricas - Eletrodutos Embutidos, Cabos, Caixas, Tomadas e Interruptores",91872,"ELETRODUTO RÍGIDO ROSCÁVEL, PVC, DN 32 MM (1\"), PARA CIRCUITOS TERMINAIS, INSTALADO EM PAREDE - FORNECIMENTO E INSTALAÇÃO. AF_03/2023","M",18.59]
["Instalações Elétricas - Eletrodutos Embutidos, Cabos, Caixas, Tomadas e Interruptores",91865,"ELETRODUTO RÍGIDO ROSCÁVEL, PVC, DN 40 MM (1 1/4\"), PARA CIRCUITOS TERMINAIS, INSTALADO EM FORRO - FORNECIMENTO E INSTALAÇÃO. AF_03/2023","M",18.79]
["Instalações Elétricas - Eletrodutos Embutidos, Cabos, Caixas, Tomadas e Interruptores",91869,"ELETRODUTO RÍGIDO ROSCÁVEL, PVC, DN 40 MM (1 1/4\"), PARA CIRCUITOS TERMINAIS, INSTALADO EM LAJE - FORNECIMENTO E INSTALAÇÃO. AF_03/2023","M",17.29]
["Instalações Elétricas - Eletrodutos Embutidos, Cabos, Caixas, Tomadas e Interruptores",91873,"ELETRODUTO RÍGIDO ROSCÁVEL, PVC, DN 40 MM (1 1/4\"), PARA CIRCUITOS TERMINAIS, INSTALADO EM PAREDE - FORNECIMENTO E INSTALAÇÃO. AF_03/2023","M",22.18]
["Instalações Elétricas - Eletrodutos Embutidos, Cabos, Caixas, Tomadas e Interruptores",91981,"INTERRUPTOR BIPOLAR (1 MÓDULO), 10A/250V, INCLUINDO SUPORTE E PLACA - FORNECIMENTO E INSTALAÇÃO. AF_03/2023","UN",47.24]
["Instalações Elétricas - Eletrodutos Embutidos, Cabos, Caixas, Tomadas e Interruptores",91980,"INTERRUPTOR BIPOLAR (1 MÓDULO), 10A/250V, SEM SUPORTE E SEM PLACA - FORNECIMENTO E INSTALAÇÃO. AF_03/2023","UN",36.5]
["Instalações Elétricas - Eletrodutos Embutidos, Cabos, Caixas, Tomadas e Interruptores",91979,"INTERRUPTOR INTERMEDIÁRIO (1 MÓDULO), 10A/250V, INCLUINDO SUPORTE E PLACA - FORNECIMENTO E INSTALAÇÃO. AF_03/2023","UN",48.09]
["Instalações Elétricas - Eletrodutos Embutidos, Cabos, Caixas, Tomadas e Interruptores",91978,"INTERRUPTOR INTERMEDIÁRIO (1 MÓDULO), 10A/250V, SEM SUPORTE E SEM PLACA - FORNECIMENTO E INSTALAÇÃO. AF_03/2023","UN",37.35]
["Instalações Elétricas - Eletrodutos Embutidos, Cabos, Caixas, Tomadas e Interruptores",92029,"INTERRUPTOR PARALELO (1 MÓDULO) COM 1 TOMADA DE EMBUTIR 2P+T 10 A, INCLUINDO SUPORTE E PLACA - FORNECIMENTO E INSTALAÇÃO. AF_03/2023","UN",56.63]
["Instalações Elétricas - Eletrodutos Embutidos, Cabos, Caixas, Tomadas e Interruptores",92028,"INTERRUPTOR PARALELO (1 MÓDULO) COM 1 TOMADA DE EMBUTIR 2P+T 10 A, SEM SUPORTE E SEM PLACA - FORNECIMENTO E INSTALAÇÃO. AF_03/2023","UN",45.89]
["Instalações Elétricas - Eletrodutos Embutidos, Cabos, Caixas, Tomadas e Interruptores",92031,"INTERRUPTOR PARALELO (1 MÓDULO) COM 2 TOMADAS DE EMBUTIR 2P+T 10 A, INCLUINDO SUPORTE E PLACA - FORNECIMENTO E INSTALAÇÃO. AF_03/2023","UN",77.27]
["Instalações Elétricas - Eletrodutos Embutidos, Cabos, Caixas, Tomadas e Interruptores",92030,"INTERRUPTOR PARALELO (1 MÓDULO) COM 2 TOMADAS DE EMBUTIR 2P+T 10 A, SEM SUPORTE E SEM PLACA - FORNECIMENTO E INSTALAÇÃO. AF_03/2023","UN",66.53]
["Instalações Elétricas - Eletrodutos Embutidos, Cabos, Caixas, Tomadas e Interruptores",91955,"INTERRUPTOR PARALELO (1 MÓDULO), 10A/250V, INCLUINDO SUPORTE E PLACA - FORNECIMENTO E INSTALAÇÃO. AF_03/2023","UN",35.92]
["Instalações Elétricas - Eletrodutos Embutidos, Cabos, Caixas, Tomadas e Interruptores",91954,"INTERRUPTOR PARALELO (1 MÓDULO), 10A/250V, SEM SUPORTE E SEM PLACA - FORNECIMENTO E INSTALAÇÃO. AF_03/2023","UN",25.18]
["Instalações Elétricas - Eletrodutos Embutidos, Cabos, Caixas, Tomadas e Interruptores",92033,"INTERRUPTOR PARALELO (2 MÓDULOS) COM 1 TOMADA DE EMBUTIR 2P+T 10 A, INCLUINDO SUPORTE E PLACA - FORNECIMENTO E INSTALAÇÃO. AF_03/2023","UN",78.069999999999993]
["Instalações Elétricas - Eletrodutos Embutidos, Cabos, Caixas, Tomadas e Interruptores",92032,"INTERRUPTOR PARALELO (2 MÓDULOS) COM 1 TOMADA DE EMBUTIR 2P+T 10 A, SEM SUPORTE E SEM PLACA - FORNECIMENTO E INSTALAÇÃO. AF_03/2023","UN",67.33]
["Instalações Elétricas - Eletrodutos Embutidos, Cabos, Caixas, Tomadas e Interruptores",91961,"INTERRUPTOR PARALELO (2 MÓDULOS), 10A/250V, INCLUINDO SUPORTE E PLACA - FORNECIMENTO E INSTALAÇÃO. AF_03/2023","UN",57.43]
["Instalações Elétricas - Eletrodutos Embutidos, Cabos, Caixas, Tomadas e Interruptores",91960,"INTERRUPTOR PARALELO (2 MÓDULOS), 10A/250V, SEM SUPORTE E SEM PLACA - FORNECIMENTO E INSTALAÇÃO. AF_03/2023","UN",46.69]
["Instalações Elétricas - Eletrodutos Embutidos, Cabos, Caixas, Tomadas e Interruptores",91969,"INTERRUPTOR PARALELO (3 MÓDULOS), 10A/250V, INCLUINDO SUPORTE E PLACA - FORNECIMENTO E INSTALAÇÃO. AF_03/2023","UN",78.87]
["Instalações Elétricas - Eletrodutos Embutidos, Cabos, Caixas, Tomadas e Interruptores",91968,"INTERRUPTOR PARALELO (3 MÓDULOS), 10A/250V, SEM SUPORTE E SEM PLACA - FORNECIMENTO E INSTALAÇÃO. AF_03/2023","UN",68.13]
["Instalações Elétricas - Eletrodutos Embutidos, Cabos, Caixas, Tomadas e Interruptores",91985,"INTERRUPTOR PULSADOR CAMPAINHA (1 MÓDULO), 10A/250V, INCLUINDO SUPORTE E PLACA - FORNECIMENTO E INSTALAÇÃO. AF_03/2023","UN",28.6]
["Instalações Elétricas - Eletrodutos Embutidos, Cabos, Caixas, Tomadas e Interruptores",91984,"INTERRUPTOR PULSADOR CAMPAINHA (1 MÓDULO), 10A/250V, SEM SUPORTE E SEM PLACA - FORNECIMENTO E INSTALAÇÃO. AF_03/2023","UN",17.86]
["Instalações Elétricas - Eletrodutos Embutidos, Cabos, Caixas, Tomadas e Interruptores",91989,"INTERRUPTOR PULSADOR MINUTERIA (1 MÓDULO), 10A/250V, INCLUINDO SUPORTE E PLACA - FORNECIMENTO E INSTALAÇÃO. AF_03/2023","UN",31.46]
["Instalações Elétricas - Eletrodutos Embutidos, Cabos, Caixas, Tomadas e Interruptores",91988,"INTERRUPTOR PULSADOR MINUTERIA (1 MÓDULO), 10A/250V, SEM SUPORTE E SEM PLACA - FORNECIMENTO E INSTALAÇÃO. AF_03/2023","UN",20.72]
["Instalações Elétricas - Eletrodutos Embutidos, Cabos, Caixas, Tomadas e Interruptores",92023,"INTERRUPTOR SIMPLES (1 MÓDULO) COM 1 TOMADA DE EMBUTIR 2P+T 10 A, INCLUINDO SUPORTE E PLACA - FORNECIMENTO E INSTALAÇÃO. AF_03/2023","UN",50.04]
["Instalações Elétricas - Eletrodutos Embutidos, Cabos, Caixas, Tomadas e Interruptores",92022,"INTERRUPTOR SIMPLES (1 MÓDULO) COM 1 TOMADA DE EMBUTIR 2P+T 10 A, SEM SUPORTE E SEM PLACA - FORNECIMENTO E INSTALAÇÃO. AF_03/2023","UN",39.299999999999997]
["Instalações Elétricas - Eletrodutos Embutidos, Cabos, Caixas, Tomadas e Interruptores",92025,"INTERRUPTOR SIMPLES (1 MÓDULO) COM 2 TOMADAS DE EMBUTIR 2P+T 10 A, INCLUINDO SUPORTE E PLACA - FORNECIMENTO E INSTALAÇÃO. AF_03/2023","UN",70.73]
["Instalações Elétricas - Eletrodutos Embutidos, Cabos, Caixas, Tomadas e Interruptores",92024,"INTERRUPTOR SIMPLES (1 MÓDULO) COM 2 TOMADAS DE EMBUTIR 2P+T 10 A, SEM SUPORTE E SEM PLACA - FORNECIMENTO E INSTALAÇÃO. AF_03/2023","UN",59.99]
["Instalações Elétricas - Eletrodutos Embutidos, Cabos, Caixas, Tomadas e Interruptores",91957,"INTERRUPTOR SIMPLES (1 MÓDULO) COM INTERRUPTOR PARALELO (1 MÓDULO), 10A/250V, INCLUINDO SUPORTE E PLACA - FORNECIMENTO E INSTALAÇÃO. AF_03/2023","UN",50.84]
["Instalações Elétricas - Eletrodutos Embutidos, Cabos, Caixas, Tomadas e Interruptores",91956,"INTERRUPTOR SIMPLES (1 MÓDULO) COM INTERRUPTOR PARALELO (1 MÓDULO), 10A/250V, SEM SUPORTE E SEM PLACA - FORNECIMENTO E INSTALAÇÃO. AF_03/2023","UN",40.1]
["Instalações Elétricas - Eletrodutos Embutidos, Cabos, Caixas, Tomadas e Interruptores",91963,"INTERRUPTOR SIMPLES (1 MÓDULO) COM INTERRUPTOR PARALELO (2 MÓDULOS), 10A/250V, INCLUINDO SUPORTE E PLACA - FORNECIMENTO E INSTALAÇÃO. AF_03/2023","UN",72.33]
["Instalações Elétricas - Eletrodutos Embutidos, Cabos, Caixas, Tomadas e Interruptores",91962,"INTERRUPTOR SIMPLES (1 MÓDULO) COM INTERRUPTOR PARALELO (2 MÓDULOS), 10A/250V, SEM SUPORTE E SEM PLACA - FORNECIMENTO E INSTALAÇÃO. AF_03/2023","UN",61.59]
["Instalações Elétricas - Eletrodutos Embutidos, Cabos, Caixas, Tomadas e Interruptores",91953,"INTERRUPTOR SIMPLES (1 MÓDULO), 10A/250V, INCLUINDO SUPORTE E PLACA - FORNECIMENTO E INSTALAÇÃO. AF_03/2023","UN",29.39]
["Instalações Elétricas - Eletrodutos Embutidos, Cabos, Caixas, Tomadas e Interruptores",91952,"INTERRUPTOR SIMPLES (1 MÓDULO), 10A/250V, SEM SUPORTE E SEM PLACA - FORNECIMENTO E INSTALAÇÃO. AF_03/2023","UN",18.649999999999999]
["Instalações Elétricas - Eletrodutos Embutidos, Cabos, Caixas, Tomadas e Interruptores",92035,"INTERRUPTOR SIMPLES (1 MÓDULO), INTERRUPTOR PARALELO (1 MÓDULO) E 1 TOMADA DE EMBUTIR 2P+T 10 A, INCLUINDO SUPORTE E PLACA - FORNECIMENTO E INSTALAÇÃO. AF_03/2023","UN",71.53]
["Instalações Elétricas - Eletrodutos Embutidos, Cabos, Caixas, Tomadas e Interruptores",92034,"INTERRUPTOR SIMPLES (1 MÓDULO), INTERRUPTOR PARALELO (1 MÓDULO) E 1 TOMADA DE EMBUTIR 2P+T 10 A, SEM SUPORTE E SEM PLACA - FORNECIMENTO E INSTALAÇÃO. AF_03/2023","UN",60.79]
["Instalações Elétricas - Eletrodutos Embutidos, Cabos, Caixas, Tomadas e Interruptores",92027,"INTERRUPTOR SIMPLES (2 MÓDULOS) COM 1 TOMADA DE EMBUTIR 2P+T 10 A, INCLUINDO SUPORTE E PLACA - FORNECIMENTO E INSTALAÇÃO. AF_03/2023","UN",65.010000000000005]
["Instalações Elétricas - Eletrodutos Embutidos, Cabos, Caixas, Tomadas e Interruptores",92026,"INTERRUPTOR SIMPLES (2 MÓDULOS) COM 1 TOMADA DE EMBUTIR 2P+T 10 A, SEM SUPORTE E SEM PLACA - FORNECIMENTO E INSTALAÇÃO. AF_03/2023","UN",54.27]
["Instalações Elétricas - Eletrodutos Embutidos, Cabos, Caixas, Tomadas e Interruptores",91965,"INTERRUPTOR SIMPLES (2 MÓDULOS) COM INTERRUPTOR PARALELO (1 MÓDULO), 10A/250V, INCLUINDO SUPORTE E PLACA - FORNECIMENTO E INSTALAÇÃO. AF_03/2023","UN",65.81]
["Instalações Elétricas - Eletrodutos Embutidos, Cabos, Caixas, Tomadas e Interruptores",91964,"INTERRUPTOR SIMPLES (2 MÓDULOS) COM INTERRUPTOR PARALELO (1 MÓDULO), 10A/250V, SEM SUPORTE E SEM PLACA - FORNECIMENTO E INSTALAÇÃO. AF_03/2023","UN",55.07]
["Instalações Elétricas - Eletrodutos Embutidos, Cabos, Caixas, Tomadas e Interruptores",91973,"INTERRUPTOR SIMPLES (2 MÓDULOS) COM INTERRUPTOR PARALELO (2 MÓDULOS), 10A/250V, INCLUINDO SUPORTE E PLACA - FORNECIMENTO E INSTALAÇÃO. AF_03/2023","UN",91.9]
["Instalações Elétricas - Eletrodutos Embutidos, Cabos, Caixas, Tomadas e Interruptores",91972,"INTERRUPTOR SIMPLES (2 MÓDULOS) COM INTERRUPTOR PARALELO (2 MÓDULOS), 10A/250V, SEM SUPORTE E SEM PLACA - FORNECIMENTO E INSTALAÇÃO. AF_03/2023","UN",77.05]
["Instalações Elétricas - Eletrodutos Embutidos, Cabos, Caixas, Tomadas e Interruptores",91959,"INTERRUPTOR SIMPLES (2 MÓDULOS), 10A/250V, INCLUINDO SUPORTE E PLACA - FORNECIMENTO E INSTALAÇÃO. AF_03/2023","UN",44.37]
["Instalações Elétricas - Eletrodutos Embutidos, Cabos, Caixas, Tomadas e Interruptores",91958,"INTERRUPTOR SIMPLES (2 MÓDULOS), 10A/250V, SEM SUPORTE E SEM PLACA - FORNECIMENTO E INSTALAÇÃO. AF_03/2023","UN",33.630000000000003]
["Instalações Elétricas - Eletrodutos Embutidos, Cabos, Caixas, Tomadas e Interruptores",91971,"INTERRUPTOR SIMPLES (3 MÓDULOS) COM INTERRUPTOR PARALELO (1 MÓDULO), 10A/250V, INCLUINDO SUPORTE E PLACA - FORNECIMENTO E INSTALAÇÃO. AF_03/2023","UN",85.32]
["Instalações Elétricas - Eletrodutos Embutidos, Cabos, Caixas, Tomadas e Interruptores",91970,"INTERRUPTOR SIMPLES (3 MÓDULOS) COM INTERRUPTOR PARALELO (1 MÓDULO), 10A/250V, SEM SUPORTE E SEM PLACA - FORNECIMENTO E INSTALAÇÃO. AF_03/2023","UN",70.47]
["Instalações Elétricas - Eletrodutos Embutidos, Cabos, Caixas, Tomadas e Interruptores",91967,"INTERRUPTOR SIMPLES (3 MÓDULOS), 10A/250V, INCLUINDO SUPORTE E PLACA - FORNECIMENTO E INSTALAÇÃO. AF_03/2023","UN",59.35]
["Instalações Elétricas - Eletrodutos Embutidos, Cabos, Caixas, Tomadas e Interruptores",91966,"INTERRUPTOR SIMPLES (3 MÓDULOS), 10A/250V, SEM SUPORTE E SEM PLACA - FORNECIMENTO E INSTALAÇÃO. AF_03/2023","UN",48.61]
["Instalações Elétricas - Eletrodutos Embutidos, Cabos, Caixas, Tomadas e Interruptores",91975,"INTERRUPTOR SIMPLES (4 MÓDULOS), 10A/250V, INCLUINDO SUPORTE E PLACA - FORNECIMENTO E INSTALAÇÃO. AF_03/2023","UN",78.78]
["Instalações Elétricas - Eletrodutos Embutidos, Cabos, Caixas, Tomadas e Interruptores",91974,"INTERRUPTOR SIMPLES (4 MÓDULOS), 10A/250V, SEM SUPORTE E SEM PLACA - FORNECIMENTO E INSTALAÇÃO. AF_03/2023","UN",63.93]
["Instalações Elétricas - Eletrodutos Embutidos, Cabos, Caixas, Tomadas e Interruptores",91977,"INTERRUPTOR SIMPLES (6 MÓDULOS), 10A/250V, INCLUINDO SUPORTE E PLACA - FORNECIMENTO E INSTALAÇÃO. AF_03/2023","UN",108.8]
["Instalações Elétricas - Eletrodutos Embutidos, Cabos, Caixas, Tomadas e Interruptores",91976,"INTERRUPTOR SIMPLES (6 MÓDULOS), 10A/250V, SEM SUPORTE E SEM PLACA - FORNECIMENTO E INSTALAÇÃO. AF_03/2023","UN",93.95]
["Instalações Elétricas - Eletrodutos Embutidos, Cabos, Caixas, Tomadas e Interruptores",91874,"LUVA PARA ELETRODUTO, PVC, ROSCÁVEL, DN 20 MM (1/2\"), PARA CIRCUITOS TERMINAIS, INSTALADA EM FORRO - FORNECIMENTO E INSTALAÇÃO. AF_03/2023","UN",7.91]
["Instalações Elétricas - Eletrodutos Embutidos, Cabos, Caixas, Tomadas e Interruptores",91878,"LUVA PARA ELETRODUTO, PVC, ROSCÁVEL, DN 20 MM (1/2\"), PARA CIRCUITOS TERMINAIS, INSTALADA EM LAJE - FORNECIMENTO E INSTALAÇÃO. AF_03/2023","UN",6.19]
["Instalações Elétricas - Eletrodutos Embutidos, Cabos, Caixas, Tomadas e Interruptores",91882,"LUVA PARA ELETRODUTO, PVC, ROSCÁVEL, DN 20 MM (1/2\"), PARA CIRCUITOS TERMINAIS, INSTALADA EM PAREDE - FORNECIMENTO E INSTALAÇÃO. AF_03/2023","UN",11.48]
["Instalações Elétricas - Eletrodutos Embutidos, Cabos, Caixas, Tomadas e Interruptores",91875,"LUVA PARA ELETRODUTO, PVC, ROSCÁVEL, DN 25 MM (3/4\"), PARA CIRCUITOS TERMINAIS, INSTALADA EM FORRO - FORNECIMENTO E INSTALAÇÃO. AF_03/2023","UN",9.1999999999999993]
["Instalações Elétricas - Eletrodutos Embutidos, Cabos, Caixas, Tomadas e Interruptores",91879,"LUVA PARA ELETRODUTO, PVC, ROSCÁVEL, DN 25 MM (3/4\"), PARA CIRCUITOS TERMINAIS, INSTALADA EM LAJE - FORNECIMENTO E INSTALAÇÃO. AF_03/2023","UN",7.48]
["Instalações Elétricas - Eletrodutos Embutidos, Cabos, Caixas, Tomadas e Interruptores",91884,"LUVA PARA ELETRODUTO, PVC, ROSCÁVEL, DN 25 MM (3/4\"), PARA CIRCUITOS TERMINAIS, INSTALADA EM PAREDE - FORNECIMENTO E INSTALAÇÃO. AF_03/2023","UN",12.77]
["Instalações Elétricas - Eletrodutos Embutidos, Cabos, Caixas, Tomadas e Interruptores",91876,"LUVA PARA ELETRODUTO, PVC, ROSCÁVEL, DN 32 MM (1\"), PARA CIRCUITOS TERMINAIS, INSTALADA EM FORRO - FORNECIMENTO E INSTALAÇÃO. AF_03/2023","UN",10.99]
["Instalações Elétricas - Eletrodutos Embutidos, Cabos, Caixas, Tomadas e Interruptores",91880,"LUVA PARA ELETRODUTO, PVC, ROSCÁVEL, DN 32 MM (1\"), PARA CIRCUITOS TERMINAIS, INSTALADA EM LAJE - FORNECIMENTO E INSTALAÇÃO. AF_03/2023","UN",9.26]
["Instalações Elétricas - Eletrodutos Embutidos, Cabos, Caixas, Tomadas e Interruptores",91885,"LUVA PARA ELETRODUTO, PVC, ROSCÁVEL, DN 32 MM (1\"), PARA CIRCUITOS TERMINAIS, INSTALADA EM PAREDE - FORNECIMENTO E INSTALAÇÃO. AF_03/2023","UN",14.5]
["Instalações Elétricas - Eletrodutos Embutidos, Cabos, Caixas, Tomadas e Interruptores",91877,"LUVA PARA ELETRODUTO, PVC, ROSCÁVEL, DN 40 MM (1 1/4\"), PARA CIRCUITOS TERMINAIS, INSTALADA EM FORRO - FORNECIMENTO E INSTALAÇÃO. AF_03/2023","UN",13.36]
["Instalações Elétricas - Eletrodutos Embutidos, Cabos, Caixas, Tomadas e Interruptores",91881,"LUVA PARA ELETRODUTO, PVC, ROSCÁVEL, DN 40 MM (1 1/4\"), PARA CIRCUITOS TERMINAIS, INSTALADA EM LAJE - FORNECIMENTO E INSTALAÇÃO. AF_03/2023","UN",11.63]
["Instalações Elétricas - Eletrodutos Embutidos, Cabos, Caixas, Tomadas e Interruptores",91886,"LUVA PARA ELETRODUTO, PVC, ROSCÁVEL, DN 40 MM (1 1/4\"), PARA CIRCUITOS TERMINAIS, INSTALADA EM PAREDE - FORNECIMENTO E INSTALAÇÃO. AF_03/2023","UN",16.809999999999999]
["Instalações Elétricas - Eletrodutos Embutidos, Cabos, Caixas, Tomadas e Interruptores",91945,"SUPORTE PARAFUSADO COM PLACA DE ENCAIXE 4\" X 2\" ALTO (2,00 M DO PISO) PARA PONTO ELÉTRICO - FORNECIMENTO E INSTALAÇÃO. AF_03/2023","UN",14.24]
["Instalações Elétricas - Eletrodutos Embutidos, Cabos, Caixas, Tomadas e Interruptores",91947,"SUPORTE PARAFUSADO COM PLACA DE ENCAIXE 4\" X 2\" BAIXO (0,30 M DO PISO) PARA PONTO ELÉTRICO - FORNECIMENTO E INSTALAÇÃO. AF_03/2023","UN",8.5299999999999994]
["Instalações Elétricas - Eletrodutos Embutidos, Cabos, Caixas, Tomadas e Interruptores",91946,"SUPORTE PARAFUSADO COM PLACA DE ENCAIXE 4\" X 2\" MÉDIO (1,30 M DO PISO) PARA PONTO ELÉTRICO - FORNECIMENTO E INSTALAÇÃO. AF_03/2023","UN",10.74]
["Instalações Elétricas - Eletrodutos Embutidos, Cabos, Caixas, Tomadas e Interruptores",91949,"SUPORTE PARAFUSADO COM PLACA DE ENCAIXE 4\" X 4\" ALTO (2,00 M DO PISO) PARA PONTO ELÉTRICO - FORNECIMENTO E INSTALAÇÃO. AF_03/2023","UN",19.13]
["Instalações Elétricas - Eletrodutos Embutidos, Cabos, Caixas, Tomadas e Interruptores",91951,"SUPORTE PARAFUSADO COM PLACA DE ENCAIXE 4\" X 4\" BAIXO (0,30 M DO PISO) PARA PONTO ELÉTRICO - FORNECIMENTO E INSTALAÇÃO. AF_03/2023","UN",12.29]
["Instalações Elétricas - Eletrodutos Embutidos, Cabos, Caixas, Tomadas e Interruptores",91950,"SUPORTE PARAFUSADO COM PLACA DE ENCAIXE 4\" X 4\" MÉDIO (1,30 M DO PISO) PARA PONTO ELÉTRICO - FORNECIMENTO E INSTALAÇÃO. AF_03/2023","UN",14.85]
["Instalações Elétricas - Eletrodutos Embutidos, Cabos, Caixas, Tomadas e Interruptores",91992,"TOMADA ALTA DE EMBUTIR (1 MÓDULO), 2P+T 10 A, INCLUINDO SUPORTE E PLACA - FORNECIMENTO E INSTALAÇÃO. AF_03/2023","UN",46.67]
["Instalações Elétricas - Eletrodutos Embutidos, Cabos, Caixas, Tomadas e Interruptores",91990,"TOMADA ALTA DE EMBUTIR (1 MÓDULO), 2P+T 10 A, SEM SUPORTE E SEM PLACA - FORNECIMENTO E INSTALAÇÃO. AF_03/2023","UN",35.93]
["Instalações Elétricas - Eletrodutos Embutidos, Cabos, Caixas, Tomadas e Interruptores",91993,"TOMADA ALTA DE EMBUTIR (1 MÓDULO), 2P+T 20 A, INCLUINDO SUPORTE E PLACA - FORNECIMENTO E INSTALAÇÃO. AF_03/2023","UN",48.21]
["Instalações Elétricas - Eletrodutos Embutidos, Cabos, Caixas, Tomadas e Interruptores",91991,"TOMADA ALTA DE EMBUTIR (1 MÓDULO), 2P+T 20 A, SEM SUPORTE E SEM PLACA - FORNECIMENTO E INSTALAÇÃO. AF_03/2023","UN",37.47]
["Instalações Elétricas - Eletrodutos Embutidos, Cabos, Caixas, Tomadas e Interruptores",92000,"TOMADA BAIXA DE EMBUTIR (1 MÓDULO), 2P+T 10 A, INCLUINDO SUPORTE E PLACA - FORNECIMENTO E INSTALAÇÃO. AF_03/2023","UN",30.66]
["Instalações Elétricas - Eletrodutos Embutidos, Cabos, Caixas, Tomadas e Interruptores",91998,"TOMADA BAIXA DE EMBUTIR (1 MÓDULO), 2P+T 10 A, SEM SUPORTE E SEM PLACA - FORNECIMENTO E INSTALAÇÃO. AF_03/2023","UN",19.920000000000002]
["Instalações Elétricas - Eletrodutos Embutidos, Cabos, Caixas, Tomadas e Interruptores",92001,"TOMADA BAIXA DE EMBUTIR (1 MÓDULO), 2P+T 20 A, INCLUINDO SUPORTE E PLACA - FORNECIMENTO E INSTALAÇÃO. AF_03/2023","UN",32.200000000000003]
["Instalações Elétricas - Eletrodutos Embutidos, Cabos, Caixas, Tomadas e Interruptores",91999,"TOMADA BAIXA DE EMBUTIR (1 MÓDULO), 2P+T 20 A, SEM SUPORTE E SEM PLACA - FORNECIMENTO E INSTALAÇÃO. AF_03/2023","UN",21.46]
["Instalações Elétricas - Eletrodutos Embutidos, Cabos, Caixas, Tomadas e Interruptores",92008,"TOMADA BAIXA DE EMBUTIR (2 MÓDULOS), 2P+T 10 A, INCLUINDO SUPORTE E PLACA - FORNECIMENTO E INSTALAÇÃO. AF_03/2023","UN",46.84]
["Instalações Elétricas - Eletrodutos Embutidos, Cabos, Caixas, Tomadas e Interruptores",92006,"TOMADA BAIXA DE EMBUTIR (2 MÓDULOS), 2P+T 10 A, SEM SUPORTE E SEM PLACA - FORNECIMENTO E INSTALAÇÃO. AF_03/2023","UN",36.1]
["Instalações Elétricas - Eletrodutos Embutidos, Cabos, Caixas, Tomadas e Interruptores",92009,"TOMADA BAIXA DE EMBUTIR (2 MÓDULOS), 2P+T 20 A, INCLUINDO SUPORTE E PLACA - FORNECIMENTO E INSTALAÇÃO. AF_03/2023","UN",49.92]
["Instalações Elétricas - Eletrodutos Embutidos, Cabos, Caixas, Tomadas e Interruptores",92007,"TOMADA BAIXA DE EMBUTIR (2 MÓDULOS), 2P+T 20 A, SEM SUPORTE E SEM PLACA - FORNECIMENTO E INSTALAÇÃO. AF_03/2023","UN",39.18]
["Instalações Elétricas - Eletrodutos Embutidos, Cabos, Caixas, Tomadas e Interruptores",92016,"TOMADA BAIXA DE EMBUTIR (3 MÓDULOS), 2P+T 10 A, INCLUINDO SUPORTE E PLACA - FORNECIMENTO E INSTALAÇÃO. AF_03/2023","UN",63.02]
["Instalações Elétricas - Eletrodutos Embutidos, Cabos, Caixas, Tomadas e Interruptores",92014,"TOMADA BAIXA DE EMBUTIR (3 MÓDULOS), 2P+T 10 A, SEM SUPORTE E SEM PLACA - FORNECIMENTO E INSTALAÇÃO. AF_03/2023","UN",52.28]
["Instalações Elétricas - Eletrodutos Embutidos, Cabos, Caixas, Tomadas e Interruptores",92017,"TOMADA BAIXA DE EMBUTIR (3 MÓDULOS), 2P+T 20 A, INCLUINDO SUPORTE E PLACA - FORNECIMENTO E INSTALAÇÃO. AF_03/2023","UN",67.64]
["Instalações Elétricas - Eletrodutos Embutidos, Cabos, Caixas, Tomadas e Interruptores",92015,"TOMADA BAIXA DE EMBUTIR (3 MÓDULOS), 2P+T 20 A, SEM SUPORTE E SEM PLACA - FORNECIMENTO E INSTALAÇÃO. AF_03/2023","UN",56.9]
["Instalações Elétricas - Eletrodutos Embutidos, Cabos, Caixas, Tomadas e Interruptores",92019,"TOMADA BAIXA DE EMBUTIR (4 MÓDULOS), 2P+T 10 A, INCLUINDO SUPORTE E PLACA - FORNECIMENTO E INSTALAÇÃO. AF_03/2023","UN",83.97]
["Instalações Elétricas - Eletrodutos Embutidos, Cabos, Caixas, Tomadas e Interruptores",92018,"TOMADA BAIXA DE EMBUTIR (4 MÓDULOS), 2P+T 10 A, SEM SUPORTE E SEM PLACA - FORNECIMENTO E INSTALAÇÃO. AF_03/2023","UN",69.12]
["Instalações Elétricas - Eletrodutos Embutidos, Cabos, Caixas, Tomadas e Interruptores",92021,"TOMADA BAIXA DE EMBUTIR (6 MÓDULOS), 2P+T 10 A, INCLUINDO SUPORTE E PLACA - FORNECIMENTO E INSTALAÇÃO. AF_03/2023","UN",116.63]
["Instalações Elétricas - Eletrodutos Embutidos, Cabos, Caixas, Tomadas e Interruptores",92020,"TOMADA BAIXA DE EMBUTIR (6 MÓDULOS), 2P+T 10 A, SEM SUPORTE E SEM PLACA - FORNECIMENTO E INSTALAÇÃO. AF_03/2023","UN",101.78]
["Instalações Elétricas - Eletrodutos Embutidos, Cabos, Caixas, Tomadas e Interruptores",91996,"TOMADA MÉDIA DE EMBUTIR (1 MÓDULO), 2P+T 10 A, INCLUINDO SUPORTE E PLACA - FORNECIMENTO E INSTALAÇÃO. AF_03/2023","UN",35.119999999999997]
["Instalações Elétricas - Eletrodutos Embutidos, Cabos, Caixas, Tomadas e Interruptores",91994,"TOMADA MÉDIA DE EMBUTIR (1 MÓDULO), 2P+T 10 A, SEM SUPORTE E SEM PLACA - FORNECIMENTO E INSTALAÇÃO. AF_03/2023","UN",24.38]
["Instalações Elétricas - Eletrodutos Embutidos, Cabos, Caixas, Tomadas e Interruptores",91997,"TOMADA MÉDIA DE EMBUTIR (1 MÓDULO), 2P+T 20 A, INCLUINDO SUPORTE E PLACA - FORNECIMENTO E INSTALAÇÃO. AF_03/2023","UN",36.659999999999997]
["Instalações Elétricas - Eletrodutos Embutidos, Cabos, Caixas, Tomadas e Interruptores",91995,"TOMADA MÉDIA DE EMBUTIR (1 MÓDULO), 2P+T 20 A, SEM SUPORTE E SEM PLACA - FORNECIMENTO E INSTALAÇÃO. AF_03/2023","UN",25.92]
["Instalações Elétricas - Eletrodutos Embutidos, Cabos, Caixas, Tomadas e Interruptores",92004,"TOMADA MÉDIA DE EMBUTIR (2 MÓDULOS), 2P+T 10 A, INCLUINDO SUPORTE E PLACA - FORNECIMENTO E INSTALAÇÃO. AF_03/2023","UN",55.83]
["Instalações Elétricas - Eletrodutos Embutidos, Cabos, Caixas, Tomadas e Interruptores",92002,"TOMADA MÉDIA DE EMBUTIR (2 MÓDULOS), 2P+T 10 A, SEM SUPORTE E SEM PLACA - FORNECIMENTO E INSTALAÇÃO. AF_03/2023","UN",45.09]
["Instalações Elétricas - Eletrodutos Embutidos, Cabos, Caixas, Tomadas e Interruptores",92005,"TOMADA MÉDIA DE EMBUTIR (2 MÓDULOS), 2P+T 20 A, INCLUINDO SUPORTE E PLACA - FORNECIMENTO E INSTALAÇÃO. AF_03/2023","UN",58.91]
["Instalações Elétricas - Eletrodutos Embutidos, Cabos, Caixas, Tomadas e Interruptores",92003,"TOMADA MÉDIA DE EMBUTIR (2 MÓDULOS), 2P+T 20 A, SEM SUPORTE E SEM PLACA - FORNECIMENTO E INSTALAÇÃO. AF_03/2023","UN",48.17]
["Instalações Elétricas - Eletrodutos Embutidos, Cabos, Caixas, Tomadas e Interruptores",92012,"TOMADA MÉDIA DE EMBUTIR (3 MÓDULOS), 2P+T 10 A, INCLUINDO SUPORTE E PLACA - FORNECIMENTO E INSTALAÇÃO. AF_03/2023","UN",76.47]
["Instalações Elétricas - Eletrodutos Embutidos, Cabos, Caixas, Tomadas e Interruptores",92010,"TOMADA MÉDIA DE EMBUTIR (3 MÓDULOS), 2P+T 10 A, SEM SUPORTE E SEM PLACA - FORNECIMENTO E INSTALAÇÃO. AF_03/2023","UN",65.73]
["Instalações Elétricas - Eletrodutos Embutidos, Cabos, Caixas, Tomadas e Interruptores",92013,"TOMADA MÉDIA DE EMBUTIR (3 MÓDULOS), 2P+T 20 A, INCLUINDO SUPORTE E PLACA - FORNECIMENTO E INSTALAÇÃO. AF_03/2023","UN",81.09]
["Instalações Elétricas - Eletrodutos Embutidos, Cabos, Caixas, Tomadas e Interruptores",92011,"TOMADA MÉDIA DE EMBUTIR (3 MÓDULOS), 2P+T 20 A, SEM SUPORTE E SEM PLACA - FORNECIMENTO E INSTALAÇÃO. AF_03/2023","UN",70.349999999999994]
["Instalações Elétricas - Eletrodutos, Conexões e Conduletes Aparentes",95777,"CONDULETE DE ALUMÍNIO, TIPO B, PARA ELETRODUTO DE AÇO GALVANIZADO DN 20 MM (3/4''), APARENTE - FORNECIMENTO E INSTALAÇÃO. AF_10/2022","UN",30.25]
["Instalações Elétricas - Eletrodutos, Conexões e Conduletes Aparentes",95780,"CONDULETE DE ALUMÍNIO, TIPO B, PARA ELETRODUTO DE AÇO GALVANIZADO DN 25 MM (1''), APARENTE - FORNECIMENTO E INSTALAÇÃO. AF_10/2022","UN",36.270000000000003]
["Instalações Elétricas - Eletrodutos, Conexões e Conduletes Aparentes",95783,"CONDULETE DE ALUMÍNIO, TIPO B, PARA ELETRODUTO DE AÇO GALVANIZADO DN 32 MM (1 1/4''), APARENTE - FORNECIMENTO E INSTALAÇÃO. AF_10/2022","UN",0]
["Instalações Elétricas - Eletrodutos, Conexões e Conduletes Aparentes",95778,"CONDULETE DE ALUMÍNIO, TIPO C, PARA ELETRODUTO DE AÇO GALVANIZADO DN 20 MM (3/4''), APARENTE - FORNECIMENTO E INSTALAÇÃO. AF_10/2022","UN",33.76]
["Instalações Elétricas - Eletrodutos, Conexões e Conduletes Aparentes",95781,"CONDULETE DE ALUMÍNIO, TIPO C, PARA ELETRODUTO DE AÇO GALVANIZADO DN 25 MM (1''), APARENTE - FORNECIMENTO E INSTALAÇÃO. AF_10/2022","UN",41.01]
["Instalações Elétricas - Eletrodutos, Conexões e Conduletes Aparentes",95784,"CONDULETE DE ALUMÍNIO, TIPO C, PARA ELETRODUTO DE AÇO GALVANIZADO DN 32 MM (1 1/4''), APARENTE - FORNECIMENTO E INSTALAÇÃO. AF_10/2022","UN",0]
["Instalações Elétricas - Eletrodutos, Conexões e Conduletes Aparentes",95782,"CONDULETE DE ALUMÍNIO, TIPO E, ELETRODUTO DE AÇO GALVANIZADO DN 25 MM (1''), APARENTE - FORNECIMENTO E INSTALAÇÃO. AF_10/2022","UN",38.880000000000003]
["Instalações Elétricas - Eletrodutos, Conexões e Conduletes Aparentes",95779,"CONDULETE DE ALUMÍNIO, TIPO E, PARA ELETRODUTO DE AÇO GALVANIZADO DN 20 MM (3/4''), APARENTE - FORNECIMENTO E INSTALAÇÃO. AF_10/2022","UN",27.97]
["Instalações Elétricas - Eletrodutos, Conexões e Conduletes Aparentes",95785,"CONDULETE DE ALUMÍNIO, TIPO E, PARA ELETRODUTO DE AÇO GALVANIZADO DN 32 MM (1 1/4''), APARENTE - FORNECIMENTO E INSTALAÇÃO. AF_10/2022","UN",46.22]
["Instalações Elétricas - Eletrodutos, Conexões e Conduletes Aparentes",95792,"CONDULETE DE ALUMÍNIO, TIPO LB, PARA ELETRODUTO DE AÇO GALVANIZADO DN 20 MM (3/4''), APARENTE - FORNECIMENTO E INSTALAÇÃO. AF_10/2022","UN",0]
["Instalações Elétricas - Eletrodutos, Conexões e Conduletes Aparentes",95793,"CONDULETE DE ALUMÍNIO, TIPO LB, PARA ELETRODUTO DE AÇO GALVANIZADO DN 25 MM (1''), APARENTE - FORNECIMENTO E INSTALAÇÃO. AF_10/2022","UN",0]
["Instalações Elétricas - Eletrodutos, Conexões e Conduletes Aparentes",95794,"CONDULETE DE ALUMÍNIO, TIPO LB, PARA ELETRODUTO DE AÇO GALVANIZADO DN 32 MM (1 1/4''), APARENTE - FORNECIMENTO E INSTALAÇÃO. AF_10/2022","UN",0]
["Instalações Elétricas - Eletrodutos, Conexões e Conduletes Aparentes",95786,"CONDULETE DE ALUMÍNIO, TIPO LL, PARA ELETRODUTO DE AÇO GALVANIZADO DN 20 MM (3/4''), APARENTE - FORNECIMENTO E INSTALAÇÃO. AF_10/2022","UN",0]
["Instalações Elétricas - Eletrodutos, Conexões e Conduletes Aparentes",95788,"CONDULETE DE ALUMÍNIO, TIPO LL, PARA ELETRODUTO DE AÇO GALVANIZADO DN 25 MM (1''), APARENTE - FORNECIMENTO E INSTALAÇÃO. AF_10/2022","UN",0]
["Instalações Elétricas - Eletrodutos, Conexões e Conduletes Aparentes",95790,"CONDULETE DE ALUMÍNIO, TIPO LL, PARA ELETRODUTO DE AÇO GALVANIZADO DN 32 MM (1 1/4''), APARENTE - FORNECIMENTO E INSTALAÇÃO. AF_10/2022","UN",0]
["Instalações Elétricas - Eletrodutos, Conexões e Conduletes Aparentes",95787,"CONDULETE DE ALUMÍNIO, TIPO LR, PARA ELETRODUTO DE AÇO GALVANIZADO DN 20 MM (3/4''), APARENTE - FORNECIMENTO E INSTALAÇÃO. AF_10/2022","UN",33.5]
["Instalações Elétricas - Eletrodutos, Conexões e Conduletes Aparentes",95789,"CONDULETE DE ALUMÍNIO, TIPO LR, PARA ELETRODUTO DE AÇO GALVANIZADO DN 25 MM (1''), APARENTE - FORNECIMENTO E INSTALAÇÃO. AF_10/2022","UN",46.16]
["Instalações Elétricas - Eletrodutos, Conexões e Conduletes Aparentes",95791,"CONDULETE DE ALUMÍNIO, TIPO LR, PARA ELETRODUTO DE AÇO GALVANIZADO DN 32 MM (1 1/4''), APARENTE - FORNECIMENTO E INSTALAÇÃO. AF_10/2022","UN",64.739999999999995]
["Instalações Elétricas - Eletrodutos, Conexões e Conduletes Aparentes",95795,"CONDULETE DE ALUMÍNIO, TIPO T, PARA ELETRODUTO DE AÇO GALVANIZADO DN 20 MM (3/4''), APARENTE - FORNECIMENTO E INSTALAÇÃO. AF_10/2022","UN",38.25]
["Instalações Elétricas - Eletrodutos, Conexões e Conduletes Aparentes",95796,"CONDULETE DE ALUMÍNIO, TIPO T, PARA ELETRODUTO DE AÇO GALVANIZADO DN 25 MM (1''), APARENTE - FORNECIMENTO E INSTALAÇÃO. AF_10/2022","UN",54.27]
["Instalações Elétricas - Eletrodutos, Conexões e Conduletes Aparentes",95797,"CONDULETE DE ALUMÍNIO, TIPO T, PARA ELETRODUTO DE AÇO GALVANIZADO DN 32 MM (1 1/4''), APARENTE - FORNECIMENTO E INSTALAÇÃO. AF_10/2022","UN",75.510000000000005]
["Instalações Elétricas - Eletrodutos, Conexões e Conduletes Aparentes",95798,"CONDULETE DE ALUMÍNIO, TIPO TB, PARA ELETRODUTO DE AÇO GALVANIZADO DN 20 MM (3/4''), APARENTE - FORNECIMENTO E INSTALAÇÃO. AF_10/2022","UN",0]
["Instalações Elétricas - Eletrodutos, Conexões e Conduletes Aparentes",95799,"CONDULETE DE ALUMÍNIO, TIPO TB, PARA ELETRODUTO DE AÇO GALVANIZADO DN 25 MM (1''), APARENTE - FORNECIMENTO E INSTALAÇÃO. AF_10/2022","UN",0]
["Instalações Elétricas - Eletrodutos, Conexões e Conduletes Aparentes",95800,"CONDULETE DE ALUMÍNIO, TIPO TB, PARA ELETRODUTO DE AÇO GALVANIZADO DN 32 MM (1 1/4''), APARENTE - FORNECIMENTO E INSTALAÇÃO. AF_10/2022","UN",0]
["Instalações Elétricas - Eletrodutos, Conexões e Conduletes Aparentes",95801,"CONDULETE DE ALUMÍNIO, TIPO X, PARA ELETRODUTO DE AÇO GALVANIZADO DN 20 MM (3/4''), APARENTE - FORNECIMENTO E INSTALAÇÃO. AF_10/2022","UN",46.08]
["Instalações Elétricas - Eletrodutos, Conexões e Conduletes Aparentes",95802,"CONDULETE DE ALUMÍNIO, TIPO X, PARA ELETRODUTO DE AÇO GALVANIZADO DN 25 MM (1''), APARENTE - FORNECIMENTO E INSTALAÇÃO. AF_10/2022","UN",57.15]
["Instalações Elétricas - Eletrodutos, Conexões e Conduletes Aparentes",95803,"CONDULETE DE ALUMÍNIO, TIPO X, PARA ELETRODUTO DE AÇO GALVANIZADO DN 32 MM (1 1/4''), APARENTE - FORNECIMENTO E INSTALAÇÃO. AF_10/2022","UN",83.89]
["Instalações Elétricas - Eletrodutos, Conexões e Conduletes Aparentes",95804,"CONDULETE DE PVC, TIPO B, PARA ELETRODUTO DE PVC SOLDÁVEL DN 20 MM (1/2''), APARENTE - FORNECIMENTO E INSTALAÇÃO. AF_10/2022","UN",22.07]
["Instalações Elétricas - Eletrodutos, Conexões e Conduletes Aparentes",95805,"CONDULETE DE PVC, TIPO B, PARA ELETRODUTO DE PVC SOLDÁVEL DN 25 MM (3/4''), APARENTE - FORNECIMENTO E INSTALAÇÃO. AF_10/2022","UN",23.54]
["Instalações Elétricas - Eletrodutos, Conexões e Conduletes Aparentes",95806,"CONDULETE DE PVC, TIPO B, PARA ELETRODUTO DE PVC SOLDÁVEL DN 32 MM (1''), APARENTE - FORNECIMENTO E INSTALAÇÃO. AF_10/2022","UN",26.02]
["Instalações Elétricas - Eletrodutos, Conexões e Conduletes Aparentes",104401,"CONDULETE DE PVC, TIPO C, PARA ELETRODUTO DE PVC SOLDÁVEL DN 20 MM (1/2''), APARENTE - FORNECIMENTO E INSTALAÇÃO. AF_10/2022","UN",24.59]
["Instalações Elétricas - Eletrodutos, Conexões e Conduletes Aparentes",104402,"CONDULETE DE PVC, TIPO C, PARA ELETRODUTO DE PVC SOLDÁVEL DN 25 MM (3/4''), APARENTE - FORNECIMENTO E INSTALAÇÃO. AF_10/2022","UN",26.47]
["Instalações Elétricas - Eletrodutos, Conexões e Conduletes Aparentes",104403,"CONDULETE DE PVC, TIPO C, PARA ELETRODUTO DE PVC SOLDÁVEL DN 32 MM (1''), APARENTE - FORNECIMENTO E INSTALAÇÃO. AF_10/2022","UN",32.840000000000003]
["Instalações Elétricas - Eletrodutos, Conexões e Conduletes Aparentes",104395,"CONDULETE DE PVC, TIPO E, PARA ELETRODUTO DE PVC SOLDÁVEL DN 20 MM (1/2''), APARENTE - FORNECIMENTO E INSTALAÇÃO. AF_10/2022","UN",21.66]
["Instalações Elétricas - Eletrodutos, Conexões e Conduletes Aparentes",104396,"CONDULETE DE PVC, TIPO E, PARA ELETRODUTO DE PVC SOLDÁVEL DN 25 MM (3/4''), APARENTE - FORNECIMENTO E INSTALAÇÃO. AF_10/2022","UN",22.45]
["Instalações Elétricas - Eletrodutos, Conexões e Conduletes Aparentes",104397,"CONDULETE DE PVC, TIPO E, PARA ELETRODUTO DE PVC SOLDÁVEL DN 32 MM (1''), APARENTE - FORNECIMENTO E INSTALAÇÃO. AF_10/2022","UN",26.54]
["Instalações Elétricas - Eletrodutos, Conexões e Conduletes Aparentes",95810,"CONDULETE DE PVC, TIPO LB, PARA ELETRODUTO DE PVC SOLDÁVEL DN 20 MM (1/2''), APARENTE - FORNECIMENTO E INSTALAÇÃO. AF_10/2022","UN",14.67]
["Instalações Elétricas - Eletrodutos, Conexões e Conduletes Aparentes",95811,"CONDULETE DE PVC, TIPO LB, PARA ELETRODUTO DE PVC SOLDÁVEL DN 25 MM (3/4''), APARENTE - FORNECIMENTO E INSTALAÇÃO. AF_10/2022","UN",19.12]
["Instalações Elétricas - Eletrodutos, Conexões e Conduletes Aparentes",95812,"CONDULETE DE PVC, TIPO LB, PARA ELETRODUTO DE PVC SOLDÁVEL DN 32 MM (1''), APARENTE - FORNECIMENTO E INSTALAÇÃO. AF_10/2022","UN",26.95]
["Instalações Elétricas - Eletrodutos, Conexões e Conduletes Aparentes",95807,"CONDULETE DE PVC, TIPO LL, PARA ELETRODUTO DE PVC SOLDÁVEL DN 20 MM (1/2''), APARENTE - FORNECIMENTO E INSTALAÇÃO. AF_10/2022","UN",26.23]
["Instalações Elétricas - Eletrodutos, Conexões e Conduletes Aparentes",95808,"CONDULETE DE PVC, TIPO LL, PARA ELETRODUTO DE PVC SOLDÁVEL DN 25 MM (3/4''), APARENTE - FORNECIMENTO E INSTALAÇÃO. AF_10/2022","UN",30.67]
["Instalações Elétricas - Eletrodutos, Conexões e Conduletes Aparentes",95809,"CONDULETE DE PVC, TIPO LL, PARA ELETRODUTO DE PVC SOLDÁVEL DN 32 MM (1''), APARENTE - FORNECIMENTO E INSTALAÇÃO. AF_10/2022","UN",38.5]
["Instalações Elétricas - Eletrodutos, Conexões e Conduletes Aparentes",104398,"CONDULETE DE PVC, TIPO LR, PARA ELETRODUTO DE PVC SOLDÁVEL DN 20 MM (1/2''), APARENTE - FORNECIMENTO E INSTALAÇÃO. AF_10/2022","UN",26.22]
["Instalações Elétricas - Eletrodutos, Conexões e Conduletes Aparentes",104399,"CONDULETE DE PVC, TIPO LR, PARA ELETRODUTO DE PVC SOLDÁVEL DN 25 MM (3/4''), APARENTE - FORNECIMENTO E INSTALAÇÃO. AF_10/2022","UN",29.58]
["Instalações Elétricas - Eletrodutos, Conexões e Conduletes Aparentes",104400,"CONDULETE DE PVC, TIPO LR, PARA ELETRODUTO DE PVC SOLDÁVEL DN 32 MM (1''), APARENTE - FORNECIMENTO E INSTALAÇÃO. AF_10/2022","UN",38.03]
["Instalações Elétricas - Eletrodutos, Conexões e Conduletes Aparentes",104404,"CONDULETE DE PVC, TIPO T, PARA ELETRODUTO DE PVC SOLDÁVEL DN 25 MM (3/4''), APARENTE - FORNECIMENTO E INSTALAÇÃO. AF_10/2022","UN",34.450000000000003]
["Instalações Elétricas - Eletrodutos, Conexões e Conduletes Aparentes",104405,"CONDULETE DE PVC, TIPO T, PARA ELETRODUTO DE PVC SOLDÁVEL DN 32 MM (1''), APARENTE - FORNECIMENTO E INSTALAÇÃO. AF_10/2022","UN",46.54]
["Instalações Elétricas - Eletrodutos, Conexões e Conduletes Aparentes",95813,"CONDULETE DE PVC, TIPO TB, PARA ELETRODUTO DE PVC SOLDÁVEL DN 20 MM (1/2''), APARENTE - FORNECIMENTO E INSTALAÇÃO. AF_10/2022","UN",17.309999999999999]
["Instalações Elétricas - Eletrodutos, Conexões e Conduletes Aparentes",95814,"CONDULETE DE PVC, TIPO TB, PARA ELETRODUTO DE PVC SOLDÁVEL DN 25 MM (3/4''), APARENTE - FORNECIMENTO E INSTALAÇÃO. AF_10/2022","UN",23.24]
["Instalações Elétricas - Eletrodutos, Conexões e Conduletes Aparentes",95815,"CONDULETE DE PVC, TIPO TB, PARA ELETRODUTO DE PVC SOLDÁVEL DN 32 MM (1''), APARENTE - FORNECIMENTO E INSTALAÇÃO. AF_10/2022","UN",34.99]
["Instalações Elétricas - Eletrodutos, Conexões e Conduletes Aparentes",95816,"CONDULETE DE PVC, TIPO X, PARA ELETRODUTO DE PVC SOLDÁVEL DN 20 MM (1/2''), APARENTE - FORNECIMENTO E INSTALAÇÃO. AF_10/2022","UN",31.73]
["Instalações Elétricas - Eletrodutos, Conexões e Conduletes Aparentes",95817,"CONDULETE DE PVC, TIPO X, PARA ELETRODUTO DE PVC SOLDÁVEL DN 25 MM (3/4\"), APARENTE - FORNECIMENTO E INSTALAÇÃO. AF_10/2022","UN",38.729999999999997]
["Instalações Elétricas - Eletrodutos, Conexões e Conduletes Aparentes",95818,"CONDULETE DE PVC, TIPO X, PARA ELETRODUTO DE PVC SOLDÁVEL DN 32 MM (1''), APARENTE - FORNECIMENTO E INSTALAÇÃO. AF_10/2022","UN",53.76]
["Instalações Elétricas - Eletrodutos, Conexões e Conduletes Aparentes",104391,"CURVA 135 GRAUS PARA ELETRODUTO, AÇO GALVANIZADO, DN 20 MM (3/4''), APARENTE - FORNECIMENTO E INSTALAÇÃO. AF_10/2022","UN",0]
["Instalações Elétricas - Eletrodutos, Conexões e Conduletes Aparentes",104392,"CURVA 135 GRAUS PARA ELETRODUTO, AÇO GALVANIZADO, DN 25 MM (1''), APARENTE - FORNECIMENTO E INSTALAÇÃO. AF_10/2022","UN",0]
["Instalações Elétricas - Eletrodutos, Conexões e Conduletes Aparentes",104393,"CURVA 135 GRAUS PARA ELETRODUTO, AÇO GALVANIZADO, DN 32 MM (1 1/4''), APARENTE - FORNECIMENTO E INSTALAÇÃO. AF_10/2022","UN",0]
["Instalações Elétricas - Eletrodutos, Conexões e Conduletes Aparentes",104394,"CURVA 135 GRAUS PARA ELETRODUTO, AÇO GALVANIZADO, DN 40 MM (1 1/2''), APARENTE - FORNECIMENTO E INSTALAÇÃO. AF_10/2022","UN",0]
["Instalações Elétricas - Eletrodutos, Conexões e Conduletes Aparentes",95761,"CURVA 45 GRAUS PARA ELETRODUTO, AÇO GALVANIZADO, DN 20 MM (3/4''), APARENTE - FORNECIMENTO E INSTALAÇÃO. AF_10/2022","UN",0]
["Instalações Elétricas - Eletrodutos, Conexões e Conduletes Aparentes",95763,"CURVA 45 GRAUS PARA ELETRODUTO, AÇO GALVANIZADO, DN 25 MM (1''), APARENTE - FORNECIMENTO E INSTALAÇÃO. AF_10/2022","UN",0]
["Instalações Elétricas - Eletrodutos, Conexões e Conduletes Aparentes",95765,"CURVA 45 GRAUS PARA ELETRODUTO, AÇO GALVANIZADO, DN 32 MM (1 1/4''), APARENTE - FORNECIMENTO E INSTALAÇÃO. AF_10/2022","UN",0]
["Instalações Elétricas - Eletrodutos, Conexões e Conduletes Aparentes",95767,"CURVA 45 GRAUS PARA ELETRODUTO, AÇO GALVANIZADO, DN 40 MM (1 1/2''), APARENTE - FORNECIMENTO E INSTALAÇÃO. AF_10/2022","UN",0]
["Instalações Elétricas - Eletrodutos, Conexões e Conduletes Aparentes",95762,"CURVA 90 GRAUS PARA ELETRODUTO, AÇO GALVANIZADO, DN 20 MM (3/4''), APARENTE - FORNECIMENTO E INSTALAÇÃO. AF_10/2022","UN",0]
["Instalações Elétricas - Eletrodutos, Conexões e Conduletes Aparentes",95764,"CURVA 90 GRAUS PARA ELETRODUTO, AÇO GALVANIZADO, DN 25 MM (1\"), APARENTE - FORNECIMENTO E INSTALAÇÃO. AF_10/2022","UN",0]
["Instalações Elétricas - Eletrodutos, Conexões e Conduletes Aparentes",95766,"CURVA 90 GRAUS PARA ELETRODUTO, AÇO GALVANIZADO, DN 32 MM (1 1/4''), APARENTE - FORNECIMENTO E INSTALAÇÃO. AF_10/2022","UN",0]
["Instalações Elétricas - Eletrodutos, Conexões e Conduletes Aparentes",95768,"CURVA 90 GRAUS PARA ELETRODUTO, AÇO GALVANIZADO, DN 40 MM (1 1/2''), APARENTE - FORNECIMENTO E INSTALAÇÃO. AF_10/2022","UN",0]
["Instalações Elétricas - Eletrodutos, Conexões e Conduletes Aparentes",95739,"CURVA 90 GRAUS PARA ELETRODUTO, PVC, SOLDÁVEL, DN 20 MM (1/2''), APARENTE - FORNECIMENTO E INSTALAÇÃO. AF_10/2022","UN",0]
["Instalações Elétricas - Eletrodutos, Conexões e Conduletes Aparentes",95740,"CURVA 90 GRAUS PARA ELETRODUTO, PVC, SOLDÁVEL, DN 25 MM (3/4''), APARENTE - FORNECIMENTO E INSTALAÇÃO. AF_10/2022","UN",0]
["Instalações Elétricas - Eletrodutos, Conexões e Conduletes Aparentes",95741,"CURVA 90 GRAUS PARA ELETRODUTO, PVC, SOLDÁVEL, DN 32 MM (1''), APARENTE - FORNECIMENTO E INSTALAÇÃO. AF_10/2022","UN",0]
["Instalações Elétricas - Eletrodutos, Conexões e Conduletes Aparentes",104409,"ELETRODUTO RIGIDO, EM ACO ZINCADO OU GALVANIZADO, TIPO PESADO, DN=1 1/2\", APARENTE - FORNECIMENTO E INSTALAÇÃO. AF_10/2022","M",0]
["Instalações Elétricas - Eletrodutos, Conexões e Conduletes Aparentes",104408,"ELETRODUTO RIGIDO, EM ACO ZINCADO OU GALVANIZADO, TIPO PESADO, DN=1 1/4\", APARENTE- FORNECIMENTO E INSTALAÇÃO. AF_10/2022","M",0]
["Instalações Elétricas - Eletrodutos, Conexões e Conduletes Aparentes",104407,"ELETRODUTO RIGIDO, EM ACO ZINCADO OU GALVANIZADO, TIPO PESADO, DN=1\", APARENTE - FORNECIMENTO E INSTALAÇÃO. AF_10/2022","M",0]
["Instalações Elétricas - Eletrodutos, Conexões e Conduletes Aparentes",104406,"ELETRODUTO RIGIDO, EM ACO ZINCADO OU GALVANIZADO, TIPO PESADO, DN=3/4\", APARENTE - FORNECIMENTO E INSTALAÇÃO. AF_10/2022","M",0]
["Instalações Elétricas - Eletrodutos, Conexões e Conduletes Aparentes",95726,"ELETRODUTO RÍGIDO SOLDÁVEL, PVC, DN 20 MM (1/2\"), APARENTE - FORNECIMENTO E INSTALAÇÃO. AF_10/2022","M",17.41]
["Instalações Elétricas - Eletrodutos, Conexões e Conduletes Aparentes",95727,"ELETRODUTO RÍGIDO SOLDÁVEL, PVC, DN 25 MM (3/4\"), APARENTE - FORNECIMENTO E INSTALAÇÃO. AF_10/2022","M",21.4]
["Instalações Elétricas - Eletrodutos, Conexões e Conduletes Aparentes",95728,"ELETRODUTO RÍGIDO SOLDÁVEL, PVC, DN 32 MM (1\"), APARENTE - FORNECIMENTO E INSTALAÇÃO. AF_10/2022","M",27.67]
["Instalações Elétricas - Eletrodutos, Conexões e Conduletes Aparentes",104452,"LUVA DE EMENDA PARA ELETRODUTO, AÇO GALVANIZADO, DN 20 MM (3/4''), APARENTE - FORNECIMENTO E INSTALAÇÃO. AF_10/2022","UN",0]
["Instalações Elétricas - Eletrodutos, Conexões e Conduletes Aparentes",104448,"LUVA DE EMENDA PARA ELETRODUTO, AÇO GALVANIZADO, DN 25 MM (1''), APARENTE - FORNECIMENTO E INSTALAÇÃO. AF_10/2022","UN",0]
["Instalações Elétricas - Eletrodutos, Conexões e Conduletes Aparentes",104449,"LUVA DE EMENDA PARA ELETRODUTO, AÇO GALVANIZADO, DN 32 MM (1 1/4''), APARENTE - FORNECIMENTO E INSTALAÇÃO. AF_10/2022","UN",0]
["Instalações Elétricas - Eletrodutos, Conexões e Conduletes Aparentes",104450,"LUVA DE EMENDA PARA ELETRODUTO, AÇO GALVANIZADO, DN 40 MM (1 1/2''), APARENTE - FORNECIMENTO E INSTALAÇÃO. AF_10/2022","UN",0]
["Instalações Elétricas - Eletrodutos, Conexões e Conduletes Aparentes",104445,"LUVA PARA ELETRODUTO, PVC, SOLDÁVEL, DN 20 MM (1/2''), APARENTE - FORNECIMENTO E INSTALAÇÃO. AF_10/2022","UN",0]
["Instalações Elétricas - Eletrodutos, Conexões e Conduletes Aparentes",104446,"LUVA PARA ELETRODUTO, PVC, SOLDÁVEL, DN 25 MM (3/4''), APARENTE - FORNECIMENTO E INSTALAÇÃO. AF_10/2022","UN",0]
["Instalações Elétricas - Eletrodutos, Conexões e Conduletes Aparentes",104447,"LUVA PARA ELETRODUTO, PVC, SOLDÁVEL, DN 32 MM (1''), APARENTE - FORNECIMENTO E INSTALAÇÃO. AF_10/2022","UN",0]
["Instalações Elétricas - Quadros, Cabos, Disjuntores, Contatores e Barramentos Blindados",92980,"CABO DE COBRE FLEXÍVEL ISOLADO, 10 MM², ANTI-CHAMA 0,6/1,0 KV, PARA DISTRIBUIÇÃO - FORNECIMENTO E INSTALAÇÃO. AF_10/2020","M",{"$error":"#N/A"}]
["Instalações Elétricas - Quadros, Cabos, Disjuntores, Contatores e Barramentos Blindados",92979,"CABO DE COBRE FLEXÍVEL ISOLADO, 10 MM², ANTI-CHAMA 450/750 V, PARA DISTRIBUIÇÃO - FORNECIMENTO E INSTALAÇÃO. AF_10/2020","M",{"$error":"#N/A"}]
["Instalações Elétricas - Quadros, Cabos, Disjuntores, Contatores e Barramentos Blindados",92982,"CABO DE COBRE FLEXÍVEL ISOLADO, 16 MM², ANTI-CHAMA 0,6/1,0 KV, PARA DISTRIBUIÇÃO - FORNECIMENTO E INSTALAÇÃO. AF_10/2020","M",{"$error":"#N/A"}]
["Instalações Elétricas - Quadros, Cabos, Disjuntores, Contatores e Barramentos Blindados",92981,"CABO DE COBRE FLEXÍVEL ISOLADO, 16 MM², ANTI-CHAMA 450/750 V, PARA DISTRIBUIÇÃO - FORNECIMENTO E INSTALAÇÃO. AF_10/2020","M",{"$error":"#N/A"}]
["Instalações Elétricas - Quadros, Cabos, Disjuntores, Contatores e Barramentos Blindados",101885,"CABO DE COBRE ISOLADO, 10 MM², ANTI-CHAMA 0,6/1 KV, INSTALADO EM ELETROCALHA OU PERFILADO - FORNECIMENTO E INSTALAÇÃO. AF_10/2020","M",{"$error":"#N/A"}]
["Instalações Elétricas - Quadros, Cabos, Disjuntores, Contatores e Barramentos Blindados",101884,"CABO DE COBRE ISOLADO, 10 MM², ANTI-CHAMA 450/750 V, INSTALADO EM ELETROCALHA OU PERFILADO - FORNECIMENTO E INSTALAÇÃO. AF_10/2020","M",11.45]
["Instalações Elétricas - Quadros, Cabos, Disjuntores, Contatores e Barramentos Blindados",101887,"CABO DE COBRE ISOLADO, 16 MM², ANTI-CHAMA 0,6/1 KV, INSTALADO EM ELETROCALHA OU PERFILADO - FORNECIMENTO E INSTALAÇÃO. AF_10/2020","M",{"$error":"#N/A"}]
["Instalações Elétricas - Quadros, Cabos, Disjuntores, Contatores e Barramentos Blindados",101886,"CABO DE COBRE ISOLADO, 16 MM², ANTI-CHAMA 450/750 V, INSTALADO EM ELETROCALHA OU PERFILADO - FORNECIMENTO E INSTALAÇÃO. AF_10/2020","M",16.43]
["Instalações Elétricas - Quadros, Cabos, Disjuntores, Contatores e Barramentos Blindados",101889,"CABO DE COBRE ISOLADO, 25 MM², ANTI-CHAMA 0,6/1 KV, INSTALADO EM ELETROCALHA OU PERFILADO - FORNECIMENTO E INSTALAÇÃO. AF_10/2020","M",{"$error":"#N/A"}]
["Instalações Elétricas - Quadros, Cabos, Disjuntores, Contatores e Barramentos Blindados",101888,"CABO DE COBRE ISOLADO, 25 MM², ANTI-CHAMA 450/750 V, INSTALADO EM ELETROCALHA OU PERFILADO - FORNECIMENTO E INSTALAÇÃO. AF_10/2020","M",26.28]
["Instalações Elétricas - Quadros, Cabos, Disjuntores, Contatores e Barramentos Blindados",101938,"CAIXA DE PROTEÇÃO PARA MEDIDOR MONOFÁSICO DE EMBUTIR - FORNECIMENTO E INSTALAÇÃO. AF_10/2020","UN",154.82]
["Instalações Elétricas - Quadros, Cabos, Disjuntores, Contatores e Barramentos Blindados",101904,"CONTATOR TRIPOLAR I NOMIMAL 95A - FORNECIMENTO E INSTALAÇÃO. AF_10/2020","UN",906.54]
["Instalações Elétricas - Quadros, Cabos, Disjuntores, Contatores e Barramentos Blindados",101901,"CONTATOR TRIPOLAR I NOMINAL 12A - FORNECIMENTO E INSTALAÇÃO. AF_10/2020","UN",96.2]
["Instalações Elétricas - Quadros, Cabos, Disjuntores, Contatores e Barramentos Blindados",101902,"CONTATOR TRIPOLAR I NOMINAL 22A - FORNECIMENTO E INSTALAÇÃO. AF_10/2020","UN",118.78]
["Instalações Elétricas - Quadros, Cabos, Disjuntores, Contatores e Barramentos Blindados",101903,"CONTATOR TRIPOLAR I NOMINAL 38A - FORNECIMENTO E INSTALAÇÃO. AF_10/2020","UN",245.31]
["Instalações Elétricas - Quadros, Cabos, Disjuntores, Contatores e Barramentos Blindados",97400,"COTOVELO HORIZONTAL PARA BARRAMENTO BLINDADO, 1000A - FORNECIMENTO E INSTALAÇÃO. AF_10/2020","UN",{"$error":"#N/A"}]
["Instalações Elétricas - Quadros, Cabos, Disjuntores, Contatores e Barramentos Blindados",97401,"COTOVELO HORIZONTAL PARA BARRAMENTO BLINDADO, 1250A - FORNECIMENTO E INSTALAÇÃO. AF_10/2020","UN",{"$error":"#N/A"}]
["Instalações Elétricas - Quadros, Cabos, Disjuntores, Contatores e Barramentos Blindados",97403,"COTOVELO HORIZONTAL PARA BARRAMENTO BLINDADO, 1600A - FORNECIMENTO E INSTALAÇÃO. AF_10/2020","UN",{"$error":"#N/A"}]
["Instalações Elétricas - Quadros, Cabos, Disjuntores, Contatores e Barramentos Blindados",97404,"COTOVELO HORIZONTAL PARA BARRAMENTO BLINDADO, 2000A - FORNECIMENTO E INSTALAÇÃO. AF_10/2020","UN",{"$error":"#N/A"}]
["Instalações Elétricas - Quadros, Cabos, Disjuntores, Contatores e Barramentos Blindados",97406,"COTOVELO HORIZONTAL PARA BARRAMENTO BLINDADO, 2500A - FORNECIMENTO E INSTALAÇÃO. AF_10/2020","UN",{"$error":"#N/A"}]
["Instalações Elétricas - Quadros, Cabos, Disjuntores, Contatores e Barramentos Blindados",97393,"COTOVELO HORIZONTAL PARA BARRAMENTO BLINDADO, 250A - FORNECIMENTO E INSTALAÇÃO. AF_10/2020","UN",{"$error":"#N/A"}]
["Instalações Elétricas - Quadros, Cabos, Disjuntores, Contatores e Barramentos Blindados",97407,"COTOVELO HORIZONTAL PARA BARRAMENTO BLINDADO, 3000A - FORNECIMENTO E INSTALAÇÃO. AF_10/2020","UN",{"$error":"#N/A"}]
["Instalações Elétricas - Quadros, Cabos, Disjuntores, Contatores e Barramentos Blindados",97408,"COTOVELO HORIZONTAL PARA BARRAMENTO BLINDADO, 3500A. - FORNECIMENTO E INSTALAÇÃO. AF_10/2020","UN",{"$error":"#N/A"}]
["Instalações Elétricas - Quadros, Cabos, Disjuntores, Contatores e Barramentos Blindados",97394,"COTOVELO HORIZONTAL PARA BARRAMENTO BLINDADO, 350A - FORNECIMENTO E INSTALAÇÃO. AF_10/2020","UN",{"$error":"#N/A"}]
["Instalações Elétricas - Quadros, Cabos, Disjuntores, Contatores e Barramentos Blindados",97395,"COTOVELO HORIZONTAL PARA BARRAMENTO BLINDADO, 450A - FORNECIMENTO E INSTALAÇÃO. AF_10/2020","UN",{"$error":"#N/A"}]
["Instalações Elétricas - Quadros, Cabos, Disjuntores, Contatores e Barramentos Blindados",97398,"COTOVELO HORIZONTAL PARA BARRAMENTO BLINDADO, 550A - FORNECIMENTO E INSTALAÇÃO. AF_10/2020","UN",{"$error":"#N/A"}]
["Instalações Elétricas - Quadros, Cabos, Disjuntores, Contatores e Barramentos Blindados",97399,"COTOVELO HORIZONTAL PARA BARRAMENTO BLINDADO, 630A - FORNECIMENTO E INSTALAÇÃO. AF_10/2020","UN",{"$error":"#N/A"}]
["Instalações Elétricas - Quadros, Cabos, Disjuntores, Contatores e Barramentos Blindados",97414,"COTOVELO VERTICAL PARA BARRAMENTO BLINDADO, 1000A - FORNECIMENTO E INSTALAÇÃO. AF_10/2020","UN",0]
["Instalações Elétricas - Quadros, Cabos, Disjuntores, Contatores e Barramentos Blindados",97415,"COTOVELO VERTICAL PARA BARRAMENTO BLINDADO, 1250A - FORNECIMENTO E INSTALAÇÃO. AF_10/2020","UN",0]
["Instalações Elétricas - Quadros, Cabos, Disjuntores, Contatores e Barramentos Blindados",97416,"COTOVELO VERTICAL PARA BARRAMENTO BLINDADO, 1600A - FORNECIMENTO E INSTALAÇÃO. AF_10/2020","UN",0]
["Instalações Elétricas - Quadros, Cabos, Disjuntores, Contatores e Barramentos Blindados",97417,"COTOVELO VERTICAL PARA BARRAMENTO BLINDADO, 2000A - FORNECIMENTO E INSTALAÇÃO. AF_10/2020","UN",0]
["Instalações Elétricas - Quadros, Cabos, Disjuntores, Contatores e Barramentos Blindados",97418,"COTOVELO VERTICAL PARA BARRAMENTO BLINDADO, 2500A - FORNECIMENTO E INSTALAÇÃO. AF_10/2020","UN",0]
["Instalações Elétricas - Quadros, Cabos, Disjuntores, Contatores e Barramentos Blindados",97409,"COTOVELO VERTICAL PARA BARRAMENTO BLINDADO, 250A - FORNECIMENTO E INSTALAÇÃO. AF_10/2020","UN",0]
["Instalações Elétricas - Quadros, Cabos, Disjuntores, Contatores e Barramentos Blindados",97419,"COTOVELO VERTICAL PARA BARRAMENTO BLINDADO, 3000A - FORNECIMENTO E INSTALAÇÃO. AF_10/2020","UN",{"$error":"#N/A"}]
["Instalações Elétricas - Quadros, Cabos, Disjuntores, Contatores e Barramentos Blindados",97420,"COTOVELO VERTICAL PARA BARRAMENTO BLINDADO, 3500A - FORNECIMENTO E INSTALAÇÃO. AF_10/2020","UN",{"$error":"#N/A"}]
["Instalações Elétricas - Quadros, Cabos, Disjuntores, Contatores e Barramentos Blindados",97410,"COTOVELO VERTICAL PARA BARRAMENTO BLINDADO, 350A - FORNECIMENTO E INSTALAÇÃO. AF_10/2020","UN",0]
["Instalações Elétricas - Quadros, Cabos, Disjuntores, Contatores e Barramentos Blindados",97411,"COTOVELO VERTICAL PARA BARRAMENTO BLINDADO, 450A - FORNECIMENTO E INSTALAÇÃO. AF_10/2020","UN",0]
["Instalações Elétricas - Quadros, Cabos, Disjuntores, Contatores e Barramentos Blindados",97412,"COTOVELO VERTICAL PARA BARRAMENTO BLINDADO, 550A - FORNECIMENTO E INSTALAÇÃO. AF_10/2020","UN",0]
["Instalações Elétricas - Quadros, Cabos, Disjuntores, Contatores e Barramentos Blindados",97413,"COTOVELO VERTICAL PARA BARRAMENTO BLINDADO, 630A - FORNECIMENTO E INSTALAÇÃO. AF_10/2020","UN",0]
["Instalações Elétricas - Quadros, Cabos, Disjuntores, Contatores e Barramentos Blindados",101900,"DISJUNTOR BAIXA TENSÃO TRIPOLAR A SECO 800A/600V - FORNECIMENTO E INSTALAÇÃO. AF_10/2020","UN",4282.01]
["Instalações Elétricas - Quadros, Cabos, Disjuntores, Contatores e Barramentos Blindados",93660,"DISJUNTOR BIPOLAR TIPO DIN, CORRENTE NOMINAL DE 10A - FORNECIMENTO E INSTALAÇÃO. AF_10/2020","UN",54.55]
["Instalações Elétricas - Quadros, Cabos, Disjuntores, Contatores e Barramentos Blindados",93661,"DISJUNTOR BIPOLAR TIPO DIN, CORRENTE NOMINAL DE 16A - FORNECIMENTO E INSTALAÇÃO. AF_10/2020","UN",54.55]
["Instalações Elétricas - Quadros, Cabos, Disjuntores, Contatores e Barramentos Blindados",93662,"DISJUNTOR BIPOLAR TIPO DIN, CORRENTE NOMINAL DE 20A - FORNECIMENTO E INSTALAÇÃO. AF_10/2020","UN",56.46]
["Instalações Elétricas - Quadros, Cabos, Disjuntores, Contatores e Barramentos Blindados",93663,"DISJUNTOR BIPOLAR TIPO DIN, CORRENTE NOMINAL DE 25A - FORNECIMENTO E INSTALAÇÃO. AF_10/2020","UN",58.5]
["Instalações Elétricas - Quadros, Cabos, Disjuntores, Contatores e Barramentos Blindados",93664,"DISJUNTOR BIPOLAR TIPO DIN, CORRENTE NOMINAL DE 32A - FORNECIMENTO E INSTALAÇÃO. AF_10/2020","UN",61.7]
["Instalações Elétricas - Quadros, Cabos, Disjuntores, Contatores e Barramentos Blindados",93665,"DISJUNTOR BIPOLAR TIPO DIN, CORRENTE NOMINAL DE 40A - FORNECIMENTO E INSTALAÇÃO. AF_10/2020","UN",66]
["Instalações Elétricas - Quadros, Cabos, Disjuntores, Contatores e Barramentos Blindados",93666,"DISJUNTOR BIPOLAR TIPO DIN, CORRENTE NOMINAL DE 50A - FORNECIMENTO E INSTALAÇÃO. AF_10/2020","UN",72.459999999999994]
["Instalações Elétricas - Quadros, Cabos, Disjuntores, Contatores e Barramentos Blindados",93674,"DISJUNTOR BIPOLAR TIPO DR, CORRENTE NOMINAL DE 25A - FORNECIMENTO E INSTALAÇÃO. AF_10/2020","UN",140.22]
["Instalações Elétricas - Quadros, Cabos, Disjuntores, Contatores e Barramentos Blindados",93675,"DISJUNTOR BIPOLAR TIPO DR, CORRENTE NOMINAL DE 40A - FORNECIMENTO E INSTALAÇÃO. AF_10/2020","UN",150.78]
["Instalações Elétricas - Quadros, Cabos, Disjuntores, Contatores e Barramentos Blindados",101892,"DISJUNTOR BIPOLAR TIPO NEMA, CORRENTE NOMINAL DE 10 ATÉ 50A - FORNECIMENTO E INSTALAÇÃO. AF_10/2020","UN",68.97]
["Instalações Elétricas - Quadros, Cabos, Disjuntores, Contatores e Barramentos Blindados",93653,"DISJUNTOR MONOPOLAR TIPO DIN, CORRENTE NOMINAL DE 10A - FORNECIMENTO E INSTALAÇÃO. AF_10/2020","UN",11.49]
["Instalações Elétricas - Quadros, Cabos, Disjuntores, Contatores e Barramentos Blindados",93654,"DISJUNTOR MONOPOLAR TIPO DIN, CORRENTE NOMINAL DE 16A - FORNECIMENTO E INSTALAÇÃO. AF_10/2020","UN",11.49]
["Instalações Elétricas - Quadros, Cabos, Disjuntores, Contatores e Barramentos Blindados",93655,"DISJUNTOR MONOPOLAR TIPO DIN, CORRENTE NOMINAL DE 20A - FORNECIMENTO E INSTALAÇÃO. AF_10/2020","UN",12.44]
["Instalações Elétricas - Quadros, Cabos, Disjuntores, Contatores e Barramentos Blindados",93656,"DISJUNTOR MONOPOLAR TIPO DIN, CORRENTE NOMINAL DE 25A - FORNECIMENTO E INSTALAÇÃO. AF_10/2020","UN",13.47]
["Instalações Elétricas - Quadros, Cabos, Disjuntores, Contatores e Barramentos Blindados",93657,"DISJUNTOR MONOPOLAR TIPO DIN, CORRENTE NOMINAL DE 32A - FORNECIMENTO E INSTALAÇÃO. AF_10/2020","UN",15.12]
["Instalações Elétricas - Quadros, Cabos, Disjuntores, Contatores e Barramentos Blindados",93658,"DISJUNTOR MONOPOLAR TIPO DIN, CORRENTE NOMINAL DE 40A - FORNECIMENTO E INSTALAÇÃO. AF_10/2020","UN",21.66]
["Instalações Elétricas - Quadros, Cabos, Disjuntores, Contatores e Barramentos Blindados",93659,"DISJUNTOR MONOPOLAR TIPO DIN, CORRENTE NOMINAL DE 50A - FORNECIMENTO E INSTALAÇÃO. AF_10/2020","UN",24.9]
["Instalações Elétricas - Quadros, Cabos, Disjuntores, Contatores e Barramentos Blindados",101890,"DISJUNTOR MONOPOLAR TIPO NEMA, CORRENTE NOMINAL DE 10 ATÉ 30A - FORNECIMENTO E INSTALAÇÃO. AF_10/2020","UN",14.94]
["Instalações Elétricas - Quadros, Cabos, Disjuntores, Contatores e Barramentos Blindados",101891,"DISJUNTOR MONOPOLAR TIPO NEMA, CORRENTE NOMINAL DE 35 ATÉ 50A - FORNECIMENTO E INSTALAÇÃO. AF_10/2020","UN",27.5]
["Instalações Elétricas - Quadros, Cabos, Disjuntores, Contatores e Barramentos Blindados",101895,"DISJUNTOR TERMOMAGNÉTICO TRIPOLAR, CORRENTE NOMINAL DE 125A - FORNECIMENTO E INSTALAÇÃO. AF_10/2020","UN",411.8]
["Instalações Elétricas - Quadros, Cabos, Disjuntores, Contatores e Barramentos Blindados",101896,"DISJUNTOR TERMOMAGNÉTICO TRIPOLAR, CORRENTE NOMINAL DE 200A - FORNECIMENTO E INSTALAÇÃO. AF_10/2020","UN",611.73]
["Instalações Elétricas - Quadros, Cabos, Disjuntores, Contatores e Barramentos Blindados",101897,"DISJUNTOR TERMOMAGNÉTICO TRIPOLAR, CORRENTE NOMINAL DE 250A - FORNECIMENTO E INSTALAÇÃO. AF_10/2020","UN",969.11]
["Instalações Elétricas - Quadros, Cabos, Disjuntores, Contatores e Barramentos Blindados",101898,"DISJUNTOR TERMOMAGNÉTICO TRIPOLAR, CORRENTE NOMINAL DE 400A - FORNECIMENTO E INSTALAÇÃO. AF_10/2020","UN",1291.75]
["Instalações Elétricas - Quadros, Cabos, Disjuntores, Contatores e Barramentos Blindados",101899,"DISJUNTOR TERMOMAGNÉTICO TRIPOLAR, CORRENTE NOMINAL DE 600A - FORNECIMENTO E INSTALAÇÃO. AF_10/2020","UN",2059.19]
["Instalações Elétricas - Quadros, Cabos, Disjuntores, Contatores e Barramentos Blindados",93676,"DISJUNTOR TETRAPOLAR TIPO DR, CORRENTE NOMINAL DE 25A - FORNECIMENTO E INSTALAÇÃO. AF_10/2020","UN",168.41]
["Instalações Elétricas - Quadros, Cabos, Disjuntores, Contatores e Barramentos Blindados",97711,"DISJUNTOR TETRAPOLAR TIPO DR, CORRENTE NOMINAL DE 40A - FORNECIMENTO E INSTALAÇÃO. AF_10/2020","UN",185]
["Instalações Elétricas - Quadros, Cabos, Disjuntores, Contatores e Barramentos Blindados",93667,"DISJUNTOR TRIPOLAR TIPO DIN, CORRENTE NOMINAL DE 10A - FORNECIMENTO E INSTALAÇÃO. AF_10/2020","UN",68.5]
["Instalações Elétricas - Quadros, Cabos, Disjuntores, Contatores e Barramentos Blindados",93668,"DISJUNTOR TRIPOLAR TIPO DIN, CORRENTE NOMINAL DE 16A - FORNECIMENTO E INSTALAÇÃO. AF_10/2020","UN",68.5]
["Instalações Elétricas - Quadros, Cabos, Disjuntores, Contatores e Barramentos Blindados",93669,"DISJUNTOR TRIPOLAR TIPO DIN, CORRENTE NOMINAL DE 20A - FORNECIMENTO E INSTALAÇÃO. AF_10/2020","UN",71.38]
["Instalações Elétricas - Quadros, Cabos, Disjuntores, Contatores e Barramentos Blindados",93670,"DISJUNTOR TRIPOLAR TIPO DIN, CORRENTE NOMINAL DE 25A - FORNECIMENTO E INSTALAÇÃO. AF_10/2020","UN",74.44]
["Instalações Elétricas - Quadros, Cabos, Disjuntores, Contatores e Barramentos Blindados",93671,"DISJUNTOR TRIPOLAR TIPO DIN, CORRENTE NOMINAL DE 32A - FORNECIMENTO E INSTALAÇÃO. AF_10/2020","UN",79.23]
["Instalações Elétricas - Quadros, Cabos, Disjuntores, Contatores e Barramentos Blindados",93672,"DISJUNTOR TRIPOLAR TIPO DIN, CORRENTE NOMINAL DE 40A - FORNECIMENTO E INSTALAÇÃO. AF_10/2020","UN",86.79]
["Instalações Elétricas - Quadros, Cabos, Disjuntores, Contatores e Barramentos Blindados",93673,"DISJUNTOR TRIPOLAR TIPO DIN, CORRENTE NOMINAL DE 50A - FORNECIMENTO E INSTALAÇÃO. AF_10/2020","UN",96.49]
["Instalações Elétricas - Quadros, Cabos, Disjuntores, Contatores e Barramentos Blindados",101893,"DISJUNTOR TRIPOLAR TIPO NEMA, CORRENTE NOMINAL DE 10 ATÉ 50A - FORNECIMENTO E INSTALAÇÃO. AF_10/2020","UN",88.57]
["Instalações Elétricas - Quadros, Cabos, Disjuntores, Contatores e Barramentos Blindados",101894,"DISJUNTOR TRIPOLAR TIPO NEMA, CORRENTE NOMINAL DE 60 ATÉ 100A - FORNECIMENTO E INSTALAÇÃO. AF_10/2020","UN",154.58000000000001]
["Instalações Elétricas - Quadros, Cabos, Disjuntores, Contatores e Barramentos Blindados",97421,"GABARITO PARA BARRAMENTO BLINDADO - FORNECIMENTO E INSTALAÇÃO. AF_10/2020","UN",0]
["Instalações Elétricas - Quadros, Cabos, Disjuntores, Contatores e Barramentos Blindados",97373,"PEÇA RETA DE BARRAMENTO BLINDADO, 1000A - FORNECIMENTO E INSTALAÇÃO. AF_10/2020","M",0]
["Instalações Elétricas - Quadros, Cabos, Disjuntores, Contatores e Barramentos Blindados",97374,"PEÇA RETA DE BARRAMENTO BLINDADO, 1250A - FORNECIMENTO E INSTALAÇÃO. AF_10/2020","M",0]
["Instalações Elétricas - Quadros, Cabos, Disjuntores, Contatores e Barramentos Blindados",97375,"PEÇA RETA DE BARRAMENTO BLINDADO, 1600A - FORNECIMENTO E INSTALAÇÃO. AF_10/2020","M",0]
["Instalações Elétricas - Quadros, Cabos, Disjuntores, Contatores e Barramentos Blindados",97376,"PEÇA RETA DE BARRAMENTO BLINDADO, 2000A - FORNECIMENTO E INSTALAÇÃO. AF_10/2020","M",0]
["Instalações Elétricas - Quadros, Cabos, Disjuntores, Contatores e Barramentos Blindados",97377,"PEÇA RETA DE BARRAMENTO BLINDADO, 2500A - FORNECIMENTO E INSTALAÇÃO. AF_10/2020","M",0]
["Instalações Elétricas - Quadros, Cabos, Disjuntores, Contatores e Barramentos Blindados",97368,"PEÇA RETA DE BARRAMENTO BLINDADO, 250A - FORNECIMENTO E INSTALAÇÃO. AF_10/2020","M",0]
["Instalações Elétricas - Quadros, Cabos, Disjuntores, Contatores e Barramentos Blindados",97369,"PEÇA RETA DE BARRAMENTO BLINDADO, 350A - FORNECIMENTO E INSTALAÇÃO. AF_10/2020","M",0]
["Instalações Elétricas - Quadros, Cabos, Disjuntores, Contatores e Barramentos Blindados",97370,"PEÇA RETA DE BARRAMENTO BLINDADO, 450A - FORNECIMENTO E INSTALAÇÃO. AF_10/2020","M",0]
["Instalações Elétricas - Quadros, Cabos, Disjuntores, Contatores e Barramentos Blindados",97371,"PEÇA RETA DE BARRAMENTO BLINDADO, 550A - FORNECIMENTO E INSTALAÇÃO. AF_10/2020","M",0]
["Instalações Elétricas - Quadros, Cabos, Disjuntores, Contatores e Barramentos Blindados",97372,"PEÇA RETA DE BARRAMENTO BLINDADO, 630A - FORNECIMENTO E INSTALAÇÃO. AF_10/2020","M",0]
["Instalações Elétricas - Quadros, Cabos, Disjuntores, Contatores e Barramentos Blindados",101875,"QUADRO DE DISTRIBUIÇÃO DE ENERGIA EM CHAPA DE AÇO GALVANIZADO, DE EMBUTIR, COM BARRAMENTO TRIFÁSICO, PARA 12 DISJUNTORES DIN 100A - FORNECIMENTO E INSTALAÇÃO. AF_10/2020","UN",428.92]
["Instalações Elétricas - Quadros, Cabos, Disjuntores, Contatores e Barramentos Blindados",101883,"QUADRO DE DISTRIBUIÇÃO DE ENERGIA EM CHAPA DE AÇO GALVANIZADO, DE EMBUTIR, COM BARRAMENTO TRIFÁSICO, PARA 18 DISJUNTORES DIN 100A - FORNECIMENTO E INSTALAÇÃO. AF_10/2020","UN",575.96]
["Instalações Elétricas - Quadros, Cabos, Disjuntores, Contatores e Barramentos Blindados",101879,"QUADRO DE DISTRIBUIÇÃO DE ENERGIA EM CHAPA DE AÇO GALVANIZADO, DE EMBUTIR, COM BARRAMENTO TRIFÁSICO, PARA 24 DISJUNTORES DIN 100A - FORNECIMENTO E INSTALAÇÃO. AF_10/2020","UN",600.76]
["Instalações Elétricas - Quadros, Cabos, Disjuntores, Contatores e Barramentos Blindados",101880,"QUADRO DE DISTRIBUIÇÃO DE ENERGIA EM CHAPA DE AÇO GALVANIZADO, DE EMBUTIR, COM BARRAMENTO TRIFÁSICO, PARA 30 DISJUNTORES DIN 150A - FORNECIMENTO E INSTALAÇÃO. AF_10/2020","UN",699.35]
["Instalações Elétricas - Quadros, Cabos, Disjuntores, Contatores e Barramentos Blindados",101882,"QUADRO DE DISTRIBUIÇÃO DE ENERGIA EM CHAPA DE AÇO GALVANIZADO, DE EMBUTIR, COM BARRAMENTO TRIFÁSICO, PARA 30 DISJUNTORES DIN 225A - FORNECIMENTO E INSTALAÇÃO. AF_10/2020","UN",1324.55]
["Instalações Elétricas - Quadros, Cabos, Disjuntores, Contatores e Barramentos Blindados",101881,"QUADRO DE DISTRIBUIÇÃO DE ENERGIA EM CHAPA DE AÇO GALVANIZADO, DE EMBUTIR, COM BARRAMENTO TRIFÁSICO, PARA 40 DISJUNTORES DIN 100A - FORNECIMENTO E INSTALAÇÃO. AF_10/2020","UN",963]
["Instalações Elétricas - Quadros, Cabos, Disjuntores, Contatores e Barramentos Blindados",101878,"QUADRO DE DISTRIBUIÇÃO DE ENERGIA EM CHAPA DE AÇO GALVANIZADO, DE SOBREPOR, COM BARRAMENTO TRIFÁSICO, PARA 18 DISJUNTORES DIN 100A - FORNECIMENTO E INSTALAÇÃO. AF_10/2020","UN",450.7]
["Instalações Elétricas - Quadros, Cabos, Disjuntores, Contatores e Barramentos Blindados",101877,"QUADRO DE DISTRIBUIÇÃO DE ENERGIA EM PVC, DE EMBUTIR, SEM BARRAMENTO, PARA 3 DISJUNTORES - FORNECIMENTO E INSTALAÇÃO. AF_10/2020","UN",83.91]
["Instalações Elétricas - Quadros, Cabos, Disjuntores, Contatores e Barramentos Blindados",101876,"QUADRO DE DISTRIBUIÇÃO DE ENERGIA EM PVC, DE EMBUTIR, SEM BARRAMENTO, PARA 6 DISJUNTORES - FORNECIMENTO E INSTALAÇÃO. AF_10/2020","UN",114.71]
["Instalações Elétricas - Quadros, Cabos, Disjuntores, Contatores e Barramentos Blindados",101873,"QUADRO DE DISTRIBUIÇÃO DE LUZ EM PVC PARA 12 DISJUNTORES - FORNECIMENTO E INSTALAÇÃO. AF_10/2020","UN",0]
["Instalações Elétricas - Quadros, Cabos, Disjuntores, Contatores e Barramentos Blindados",101874,"QUADRO DE DISTRIBUIÇÃO DE LUZ EM PVC PARA 24 DISJUNTORES - FORNECIMENTO E INSTALAÇÃO. AF_10/2020","UN",0]
["Instalações Elétricas - Quadros, Cabos, Disjuntores, Contatores e Barramentos Blindados",101871,"QUADRO DE DISTRIBUIÇÃO DE LUZ EM PVC PARA 4 DISJUNTORES - FORNECIMENTO E INSTALAÇÃO. AF_10/2020","UN",0]
["Instalações Elétricas - Quadros, Cabos, Disjuntores, Contatores e Barramentos Blindados",101872,"QUADRO DE DISTRIBUIÇÃO DE LUZ EM PVC PARA 8 DISJUNTORES - FORNECIMENTO E INSTALAÇÃO. AF_10/2020","UN",0]
["Instalações Elétricas - Quadros, Cabos, Disjuntores, Contatores e Barramentos Blindados",97360,"QUADRO DE MEDIÇÃO GERAL DE ENERGIA COM 12 MEDIDORES - FORNECIMENTO E INSTALAÇÃO. AF_10/2020","UN",6802.59]
["Instalações Elétricas - Quadros, Cabos, Disjuntores, Contatores e Barramentos Blindados",97361,"QUADRO DE MEDIÇÃO GERAL DE ENERGIA COM 16 MEDIDORES - FORNECIMENTO E INSTALAÇÃO. AF_10/2020","UN",9070.1299999999992]
["Instalações Elétricas - Quadros, Cabos, Disjuntores, Contatores e Barramentos Blindados",97359,"QUADRO DE MEDIÇÃO GERAL DE ENERGIA COM 8 MEDIDORES - FORNECIMENTO E INSTALAÇÃO. AF_10/2020","UN",3536.31]
["Instalações Elétricas - Quadros, Cabos, Disjuntores, Contatores e Barramentos Blindados",101946,"QUADRO DE MEDIÇÃO GERAL DE ENERGIA PARA 1 MEDIDOR DE SOBREPOR - FORNECIMENTO E INSTALAÇÃO. AF_10/2020","UN",112.97]
["Instalações Elétricas - Quadros, Cabos, Disjuntores, Contatores e Barramentos Blindados",97362,"QUADRO DE MEDIÇÃO GERAL DE ENERGIA PARA BARRAMENTO BLINDADO COM 4 MEDIDORES - FORNECIMENTO E INSTALAÇÃO. AF_10/2020","UN",1691.33]
["Instalações Elétricas - Rede de Distribuição",101553,"ALÇA PREFORMADA DE DISTRIBUIÇÃO, EM AÇO GALVANIZADO, AWG 1 - FORNECIMENTO E INSTALAÇÃO. AF_07/2020","UN",24.76]
["Instalações Elétricas - Rede de Distribuição",101554,"ALÇA PREFORMADA DE DISTRIBUIÇÃO, EM AÇO GALVANIZADO, AWG 2 - FORNECIMENTO E INSTALAÇÃO. AF_07/2020","UN",17.23]
["Instalações Elétricas - Rede de Distribuição",101555,"ALÇA PREFORMADA DE DISTRIBUIÇÃO, EM AÇO GALVANIZADO, AWG 4 - FORNECIMENTO E INSTALAÇÃO. AF_07/2020","UN",10.36]
["Instalações Elétricas - Rede de Distribuição",101556,"ALÇA PREFORMADA DE DISTRIBUIÇÃO, EM AÇO GALVANIZADO, AWG 6 - FORNECIMENTO E INSTALAÇÃO. AF_07/2020","UN",9.27]
["Instalações Elétricas - Rede de Distribuição",101537,"APARELHO SINALIZADOR DE SAÍDA DE GARAGEM, COM CÉLULA FOTOELÉTRICA - FORNECIMENTO E INSTALAÇÃO. AF_07/2020","UN",97.3]
["Instalações Elétricas - Rede de Distribuição",101538,"ARMAÇÃO SECUNDÁRIA, COM 1 ESTRIBO E 1 ISOLADOR - FORNECIMENTO E INSTALAÇÃO. AF_07/2020","UN",69.94]
["Instalações Elétricas - Rede de Distribuição",101542,"ARMAÇÃO SECUNDÁRIA, COM 1 ESTRIBO, SEM ISOLADOR - FORNECIMENTO E INSTALAÇÃO. AF_07/2020","UN",52.1]
["Instalações Elétricas - Rede de Distribuição",101539,"ARMAÇÃO SECUNDÁRIA, COM 2 ESTRIBOS E 2 ISOLADORES - FORNECIMENTO E INSTALAÇÃO. AF_07/2020","UN",113.31]
["Instalações Elétricas - Rede de Distribuição",101543,"ARMAÇÃO SECUNDÁRIA, COM 2 ESTRIBOS, SEM ISOLADOR - FORNECIMENTO E INSTALAÇÃO. AF_07/2020","UN",91.35]
["Instalações Elétricas - Rede de Distribuição",101540,"ARMAÇÃO SECUNDÁRIA, COM 3 ESTRIBOS E 3 ISOLADORES - FORNECIMENTO E INSTALAÇÃO. AF_07/2020","UN",193.59]
["Instalações Elétricas - Rede de Distribuição",101544,"ARMAÇÃO SECUNDÁRIA, COM 3 ESTRIBOS, SEM ISOLADOR - FORNECIMENTO E INSTALAÇÃO. AF_07/2020","UN",147.28]
["Instalações Elétricas - Rede de Distribuição",101541,"ARMAÇÃO SECUNDÁRIA, COM 4 ESTRIBOS E 4 ISOLADORES - FORNECIMENTO E INSTALAÇÃO. AF_07/2020","UN",251.89]
["Instalações Elétricas - Rede de Distribuição",101545,"ARMAÇÃO SECUNDÁRIA, COM 4 ESTRIBOS, SEM ISOLADOR - FORNECIMENTO E INSTALAÇÃO. AF_07/2020","UN",215.71]
["Instalações Elétricas - Rede de Distribuição",101560,"CABO DE COBRE FLEXÍVEL ISOLADO, 10 MM², 0,6/1,0 KV, PARA REDE AÉREA DE DISTRIBUIÇÃO DE ENERGIA ELÉTRICA DE BAIXA TENSÃO - FORNECIMENTO E INSTALAÇÃO. AF_07/2020","M",10.9]
["Instalações Elétricas - Rede de Distribuição",101568,"CABO DE COBRE FLEXÍVEL ISOLADO, 120 MM², 0,6/1,0 KV, PARA REDE AÉREA DE DISTRIBUIÇÃO DE ENERGIA ELÉTRICA DE BAIXA TENSÃO - FORNECIMENTO E INSTALAÇÃO. AF_07/2020","M",132.66999999999999]
["Instalações Elétricas - Rede de Distribuição",101561,"CABO DE COBRE FLEXÍVEL ISOLADO, 16 MM², 0,6/1,0 KV, PARA REDE AÉREA DE DISTRIBUIÇÃO DE ENERGIA ELÉTRICA DE BAIXA TENSÃO - FORNECIMENTO E INSTALAÇÃO. AF_07/2020","M",17.309999999999999]
["Instalações Elétricas - Rede de Distribuição",101562,"CABO DE COBRE FLEXÍVEL ISOLADO, 25 MM², 0,6/1,0 KV, PARA REDE AÉREA DE DISTRIBUIÇÃO DE ENERGIA ELÉTRICA DE BAIXA TENSÃO - FORNECIMENTO E INSTALAÇÃO. AF_07/2020","M",26.79]
["Instalações Elétricas - Rede de Distribuição",101563,"CABO DE COBRE FLEXÍVEL ISOLADO, 35 MM², 0,6/1,0 KV, PARA REDE AÉREA DE DISTRIBUIÇÃO DE ENERGIA ELÉTRICA DE BAIXA TENSÃO - FORNECIMENTO E INSTALAÇÃO. AF_07/2020","M",37.840000000000003]
["Instalações Elétricas - Rede de Distribuição",101564,"CABO DE COBRE FLEXÍVEL ISOLADO, 50 MM², 0,6/1,0 KV, PARA REDE AÉREA DE DISTRIBUIÇÃO DE ENERGIA ELÉTRICA DE BAIXA TENSÃO - FORNECIMENTO E INSTALAÇÃO. AF_07/2020","M",55.91]
["Instalações Elétricas - Rede de Distribuição",101565,"CABO DE COBRE FLEXÍVEL ISOLADO, 70 MM², 0,6/1,0 KV, PARA REDE AÉREA DE DISTRIBUIÇÃO DE ENERGIA ELÉTRICA DE BAIXA TENSÃO - FORNECIMENTO E INSTALAÇÃO. AF_07/2020","M",78.16]
["Instalações Elétricas - Rede de Distribuição",101567,"CABO DE COBRE FLEXÍVEL ISOLADO, 95 MM², 0,6/1,0 KV, PARA REDE AÉREA DE DISTRIBUIÇÃO DE ENERGIA ELÉTRICA DE BAIXA TENSÃO - FORNECIMENTO E INSTALAÇÃO. AF_07/2020","M",101.46]
["Instalações Elétricas - Rede de Distribuição",101551,"CONECTOR CUNHA, PARA REDES AÉREAS DE DISTRIBUIÇÃO DE ENERGIA ELÉTRICA DE BAIXA TENSÃO - FORNECIMENTO E INSTALAÇÃO. AF_07/2020","UN",0]
["Instalações Elétricas - Rede de Distribuição",101552,"CONECTOR H, PARA REDES AÉREAS DE DISTRIBUIÇÃO DE ENERGIA ELÉTRICA DE BAIXA TENSÃO - FORNECIMENTO E INSTALAÇÃO. AF_07/2020","UN",0]
["Instalações Elétricas - Rede de Distribuição",101550,"CONECTOR PERFURANTE, PARA REDES AÉREAS DE DISTRIBUIÇÃO DE ENERGIA ELÉTRICA DE BAIXA TENSÃO - FORNECIMENTO E INSTALAÇÃO. AF_07/2020","UN",0]
["Instalações Elétricas - Rede de Distribuição",101501,"ENTRADA DE ENERGIA ELÉTRICA, AÉREA, BIFÁSICA, COM CAIXA DE EMBUTIR, CABO DE 10 MM2 E DISJUNTOR DIN 50A (NÃO INCLUSO O POSTE DE CONCRETO). AF_07/2020_PS","UN",1866.35]
["Instalações Elétricas - Rede de Distribuição",101502,"ENTRADA DE ENERGIA ELÉTRICA, AÉREA, BIFÁSICA, COM CAIXA DE EMBUTIR, CABO DE 16 MM2 E DISJUNTOR DIN 50A (NÃO INCLUSO O POSTE DE CONCRETO). AF_07/2020_PS","UN",2031.52]
["Instalações Elétricas - Rede de Distribuição",101503,"ENTRADA DE ENERGIA ELÉTRICA, AÉREA, BIFÁSICA, COM CAIXA DE EMBUTIR, CABO DE 25 MM2 E DISJUNTOR DIN 50A (NÃO INCLUSO O POSTE DE CONCRETO). AF_07/2020_PS","UN",2069.98]
["Instalações Elétricas - Rede de Distribuição",101504,"ENTRADA DE ENERGIA ELÉTRICA, AÉREA, BIFÁSICA, COM CAIXA DE EMBUTIR, CABO DE 35 MM2 E DISJUNTOR DIN 50A (NÃO INCLUSO O POSTE DE CONCRETO). AF_07/2020_PS","UN",2287.63]
["Instalações Elétricas - Rede de Distribuição",101497,"ENTRADA DE ENERGIA ELÉTRICA, AÉREA, BIFÁSICA, COM CAIXA DE SOBREPOR, CABO DE 10 MM2 E DISJUNTOR DIN 50A (NÃO INCLUSO O POSTE DE CONCRETO). AF_07/2020_PS","UN",1875.46]
["Instalações Elétricas - Rede de Distribuição",101498,"ENTRADA DE ENERGIA ELÉTRICA, AÉREA, BIFÁSICA, COM CAIXA DE SOBREPOR, CABO DE 16 MM2 E DISJUNTOR DIN 50A (NÃO INCLUSO O POSTE DE CONCRETO). AF_07/2020_PS","UN",2040.63]
["Instalações Elétricas - Rede de Distribuição",101499,"ENTRADA DE ENERGIA ELÉTRICA, AÉREA, BIFÁSICA, COM CAIXA DE SOBREPOR, CABO DE 25 MM2 E DISJUNTOR DIN 50A (NÃO INCLUSO O POSTE DE CONCRETO). AF_07/2020_PS","UN",2079.09]
["Instalações Elétricas - Rede de Distribuição",101500,"ENTRADA DE ENERGIA ELÉTRICA, AÉREA, BIFÁSICA, COM CAIXA DE SOBREPOR, CABO DE 35 MM2 E DISJUNTOR DIN 50A (NÃO INCLUSO O POSTE DE CONCRETO). AF_07/2020_PS","UN",2296.7399999999998]
["Instalações Elétricas - Rede de Distribuição",101493,"ENTRADA DE ENERGIA ELÉTRICA, AÉREA, MONOFÁSICA, COM CAIXA DE EMBUTIR, CABO DE 10 MM2 E DISJUNTOR DIN 50A (NÃO INCLUSO O POSTE DE CONCRETO). AF_07/2020_PS","UN",1599.33]
["Instalações Elétricas - Rede de Distribuição",101494,"ENTRADA DE ENERGIA ELÉTRICA, AÉREA, MONOFÁSICA, COM CAIXA DE EMBUTIR, CABO DE 16 MM2 E DISJUNTOR DIN 50A (NÃO INCLUSO O POSTE DE CONCRETO). AF_07/2020_PS","UN",1708.45]
["Instalações Elétricas - Rede de Distribuição",101495,"ENTRADA DE ENERGIA ELÉTRICA, AÉREA, MONOFÁSICA, COM CAIXA DE EMBUTIR, CABO DE 25 MM2 E DISJUNTOR DIN 50A (NÃO INCLUSO O POSTE DE CONCRETO). AF_07/2020_PS","UN",1733.86]
["Instalações Elétricas - Rede de Distribuição",101496,"ENTRADA DE ENERGIA ELÉTRICA, AÉREA, MONOFÁSICA, COM CAIXA DE EMBUTIR, CABO DE 35 MM2 E DISJUNTOR DIN 50A (NÃO INCLUSO O POSTE DE CONCRETO). AF_07/2020_PS","UN",1887.66]
["Instalações Elétricas - Rede de Distribuição",101489,"ENTRADA DE ENERGIA ELÉTRICA, AÉREA, MONOFÁSICA, COM CAIXA DE SOBREPOR, CABO DE 10 MM2 E DISJUNTOR DIN 50A (NÃO INCLUSO O POSTE DE CONCRETO). AF_07/2020_PS","UN",1617.88]
["Instalações Elétricas - Rede de Distribuição",101490,"ENTRADA DE ENERGIA ELÉTRICA, AÉREA, MONOFÁSICA, COM CAIXA DE SOBREPOR, CABO DE 16 MM2 E DISJUNTOR DIN 50A (NÃO INCLUSO O POSTE DE CONCRETO). AF_07/2020_PS","UN",1727]
["Instalações Elétricas - Rede de Distribuição",101491,"ENTRADA DE ENERGIA ELÉTRICA, AÉREA, MONOFÁSICA, COM CAIXA DE SOBREPOR, CABO DE 25 MM2 E DISJUNTOR DIN 50A (NÃO INCLUSO O POSTE DE CONCRETO). AF_07/2020_PS","UN",1752.41]
["Instalações Elétricas - Rede de Distribuição",101492,"ENTRADA DE ENERGIA ELÉTRICA, AÉREA, MONOFÁSICA, COM CAIXA DE SOBREPOR, CABO DE 35 MM2 E DISJUNTOR DIN 50A (NÃO INCLUSO O POSTE DE CONCRETO). AF_07/2020_PS","UN",1906.21]
["Instalações Elétricas - Rede de Distribuição",101509,"ENTRADA DE ENERGIA ELÉTRICA, AÉREA, TRIFÁSICA, COM CAIXA DE EMBUTIR, CABO DE 10 MM2 E DISJUNTOR DIN 50A (NÃO INCLUSO O POSTE DE CONCRETO). AF_07/2020","UN",2046.32]
["Instalações Elétricas - Rede de Distribuição",101510,"ENTRADA DE ENERGIA ELÉTRICA, AÉREA, TRIFÁSICA, COM CAIXA DE EMBUTIR, CABO DE 16 MM2 E DISJUNTOR DIN 50A (NÃO INCLUSO O POSTE DE CONCRETO). AF_07/2020","UN",2266.54]
["Instalações Elétricas - Rede de Distribuição",101511,"ENTRADA DE ENERGIA ELÉTRICA, AÉREA, TRIFÁSICA, COM CAIXA DE EMBUTIR, CABO DE 25 MM2 E DISJUNTOR DIN 50A (NÃO INCLUSO O POSTE DE CONCRETO). AF_07/2020","UN",2317.83]
["Instalações Elétricas - Rede de Distribuição",101512,"ENTRADA DE ENERGIA ELÉTRICA, AÉREA, TRIFÁSICA, COM CAIXA DE EMBUTIR, CABO DE 35 MM2 E DISJUNTOR DIN 50A (NÃO INCLUSO O POSTE DE CONCRETO). AF_07/2020","UN",2598.19]
["Instalações Elétricas - Rede de Distribuição",101505,"ENTRADA DE ENERGIA ELÉTRICA, AÉREA, TRIFÁSICA, COM CAIXA DE SOBREPOR, CABO DE 10 MM2 E DISJUNTOR DIN 50A (NÃO INCLUSO O POSTE DE CONCRETO). AF_07/2020_PS","UN",1996.45]
["Instalações Elétricas - Rede de Distribuição",101506,"ENTRADA DE ENERGIA ELÉTRICA, AÉREA, TRIFÁSICA, COM CAIXA DE SOBREPOR, CABO DE 16 MM2 E DISJUNTOR DIN 50A (NÃO INCLUSO O POSTE DE CONCRETO). AF_07/2020_PS","UN",2216.67]
["Instalações Elétricas - Rede de Distribuição",101507,"ENTRADA DE ENERGIA ELÉTRICA, AÉREA, TRIFÁSICA, COM CAIXA DE SOBREPOR, CABO DE 25 MM2 E DISJUNTOR DIN 50A (NÃO INCLUSO O POSTE DE CONCRETO). AF_07/2020_PS","UN",2267.96]
["Instalações Elétricas - Rede de Distribuição",101508,"ENTRADA DE ENERGIA ELÉTRICA, AÉREA, TRIFÁSICA, COM CAIXA DE SOBREPOR, CABO DE 35 MM2 E DISJUNTOR DIN 50A (NÃO INCLUSO O POSTE DE CONCRETO). AF_07/2020_PS","UN",2548.3200000000002]
["Instalações Elétricas - Rede de Distribuição",101525,"ENTRADA DE ENERGIA ELÉTRICA, SUBTERRÂNEA, BIFÁSICA, COM CAIXA DE EMBUTIR, CABO DE 10 MM2 E DISJUNTOR DIN 50A (NÃO INCLUSA MURETA DE ALVENARIA). AF_07/2020_PS","UN",1091.75]
["Instalações Elétricas - Rede de Distribuição",101526,"ENTRADA DE ENERGIA ELÉTRICA, SUBTERRÂNEA, BIFÁSICA, COM CAIXA DE EMBUTIR, CABO DE 16 MM2 E DISJUNTOR DIN 50A (NÃO INCLUSA MURETA DE ALVENARIA). AF_07/2020_PS","UN",1288.17]
["Instalações Elétricas - Rede de Distribuição",101527,"ENTRADA DE ENERGIA ELÉTRICA, SUBTERRÂNEA, BIFÁSICA, COM CAIXA DE EMBUTIR, CABO DE 25 MM2 E DISJUNTOR DIN 50A (NÃO INCLUSA MURETA DE ALVENARIA). AF_07/2020_PS","UN",1333.91]
["Instalações Elétricas - Rede de Distribuição",101528,"ENTRADA DE ENERGIA ELÉTRICA, SUBTERRÂNEA, BIFÁSICA, COM CAIXA DE EMBUTIR, CABO DE 35 MM2 E DISJUNTOR DIN 50A (NÃO INCLUSA MURETA DE ALVENARIA). AF_07/2020_PS","UN",1557.65]
["Instalações Elétricas - Rede de Distribuição",101521,"ENTRADA DE ENERGIA ELÉTRICA, SUBTERRÂNEA, BIFÁSICA, COM CAIXA DE SOBREPOR, CABO DE 10 MM2 E DISJUNTOR DIN 50A (NÃO INCLUSA MURETA DE ALVENARIA). AF_07/2020_PS","UN",1100.8699999999999]
["Instalações Elétricas - Rede de Distribuição",101522,"ENTRADA DE ENERGIA ELÉTRICA, SUBTERRÂNEA, BIFÁSICA, COM CAIXA DE SOBREPOR, CABO DE 16 MM2 E DISJUNTOR DIN 50A (NÃO INCLUSA MURETA DE ALVENARIA). AF_07/2020_PS","UN",1297.29]
["Instalações Elétricas - Rede de Distribuição",101523,"ENTRADA DE ENERGIA ELÉTRICA, SUBTERRÂNEA, BIFÁSICA, COM CAIXA DE SOBREPOR, CABO DE 25 MM2 E DISJUNTOR DIN 50A (NÃO INCLUSA MURETA DE ALVENARIA). AF_07/2020_PS","UN",1343.03]
["Instalações Elétricas - Rede de Distribuição",101524,"ENTRADA DE ENERGIA ELÉTRICA, SUBTERRÂNEA, BIFÁSICA, COM CAIXA DE SOBREPOR, CABO DE 35 MM2 E DISJUNTOR DIN 50A (NÃO INCLUSA MURETA DE ALVENARIA). AF_07/2020_PS","UN",1566.77]
["Instalações Elétricas - Rede de Distribuição",101517,"ENTRADA DE ENERGIA ELÉTRICA, SUBTERRÂNEA, MONOFÁSICA, COM CAIXA DE EMBUTIR, CABO DE 10 MM2 E DISJUNTOR DIN 50A (NÃO INCLUSA MURETA DE ALVENARIA). AF_07/2020_PS","UN",808.13]
["Instalações Elétricas - Rede de Distribuição",101518,"ENTRADA DE ENERGIA ELÉTRICA, SUBTERRÂNEA, MONOFÁSICA, COM CAIXA DE EMBUTIR, CABO DE 16 MM2 E DISJUNTOR DIN 50A (NÃO INCLUSA MURETA DE ALVENARIA). AF_07/2020_PS","UN",939.07]
["Instalações Elétricas - Rede de Distribuição",101519,"ENTRADA DE ENERGIA ELÉTRICA, SUBTERRÂNEA, MONOFÁSICA, COM CAIXA DE EMBUTIR, CABO DE 25 MM2 E DISJUNTOR DIN 50A (NÃO INCLUSA MURETA DE ALVENARIA). AF_07/2020_PS","UN",969.57]
["Instalações Elétricas - Rede de Distribuição",101520,"ENTRADA DE ENERGIA ELÉTRICA, SUBTERRÂNEA, MONOFÁSICA, COM CAIXA DE EMBUTIR, CABO DE 35 MM2 E DISJUNTOR DIN 50A (NÃO INCLUSA MURETA DE ALVENARIA). AF_07/2020_PS","UN",1118.73]
["Instalações Elétricas - Rede de Distribuição",101513,"ENTRADA DE ENERGIA ELÉTRICA, SUBTERRÂNEA, MONOFÁSICA, COM CAIXA DE SOBREPOR, CABO DE 10 MM2 E DISJUNTOR DIN 50A (NÃO INCLUSA MURETA DE ALVENARIA). AF_07/2020_PS","UN",826.69]
["Instalações Elétricas - Rede de Distribuição",101514,"ENTRADA DE ENERGIA ELÉTRICA, SUBTERRÂNEA, MONOFÁSICA, COM CAIXA DE SOBREPOR, CABO DE 16 MM2 E DISJUNTOR DIN 50A (NÃO INCLUSA MURETA DE ALVENARIA). AF_07/2020_PS","UN",957.63]
["Instalações Elétricas - Rede de Distribuição",101515,"ENTRADA DE ENERGIA ELÉTRICA, SUBTERRÂNEA, MONOFÁSICA, COM CAIXA DE SOBREPOR, CABO DE 25 MM2 E DISJUNTOR DIN 50A (NÃO INCLUSA MURETA DE ALVENARIA). AF_07/2020_PS","UN",988.13]
["Instalações Elétricas - Rede de Distribuição",101516,"ENTRADA DE ENERGIA ELÉTRICA, SUBTERRÂNEA, MONOFÁSICA, COM CAIXA DE SOBREPOR, CABO DE 35 MM2 E DISJUNTOR DIN 50A (NÃO INCLUSA MURETA DE ALVENARIA). AF_07/2020_PS","UN",1137.29]
["Instalações Elétricas - Rede de Distribuição",101533,"ENTRADA DE ENERGIA ELÉTRICA, SUBTERRÂNEA, TRIFÁSICA, COM CAIXA DE EMBUTIR, CABO DE 10 MM2 E DISJUNTOR DIN 50A (NÃO INCLUSA MURETA DE ALVENARIA). AF_07/2020","UN",1290.06]
["Instalações Elétricas - Rede de Distribuição",101534,"ENTRADA DE ENERGIA ELÉTRICA, SUBTERRÂNEA, TRIFÁSICA, COM CAIXA DE EMBUTIR, CABO DE 16 MM2 E DISJUNTOR DIN 50A (NÃO INCLUSA MURETA DE ALVENARIA). AF_07/2020","UN",1551.95]
["Instalações Elétricas - Rede de Distribuição",101535,"ENTRADA DE ENERGIA ELÉTRICA, SUBTERRÂNEA, TRIFÁSICA, COM CAIXA DE EMBUTIR, CABO DE 25 MM2 E DISJUNTOR DIN 50A (NÃO INCLUSA MURETA DE ALVENARIA). AF_07/2020","UN",1612.94]
["Instalações Elétricas - Rede de Distribuição",101536,"ENTRADA DE ENERGIA ELÉTRICA, SUBTERRÂNEA, TRIFÁSICA, COM CAIXA DE EMBUTIR, CABO DE 35 MM2 E DISJUNTOR DIN 50A (NÃO INCLUSA MURETA DE ALVENARIA). AF_07/2020","UN",1911.26]
["Instalações Elétricas - Rede de Distribuição",101529,"ENTRADA DE ENERGIA ELÉTRICA, SUBTERRÂNEA, TRIFÁSICA, COM CAIXA DE SOBREPOR, CABO DE 10 MM2 E DISJUNTOR DIN 50A (NÃO INCLUSA MURETA DE ALVENARIA). AF_07/2020_PS","UN",1240.2]
["Instalações Elétricas - Rede de Distribuição",101530,"ENTRADA DE ENERGIA ELÉTRICA, SUBTERRÂNEA, TRIFÁSICA, COM CAIXA DE SOBREPOR, CABO DE 16 MM2 E DISJUNTOR DIN 50A (NÃO INCLUSA MURETA DE ALVENARIA). AF_07/2020_PS","UN",1502.09]
["Instalações Elétricas - Rede de Distribuição",101531,"ENTRADA DE ENERGIA ELÉTRICA, SUBTERRÂNEA, TRIFÁSICA, COM CAIXA DE SOBREPOR, CABO DE 25 MM2 E DISJUNTOR DIN 50A (NÃO INCLUSA MURETA DE ALVENARIA). AF_07/2020_PS","UN",1563.08]
["Instalações Elétricas - Rede de Distribuição",101532,"ENTRADA DE ENERGIA ELÉTRICA, SUBTERRÂNEA, TRIFÁSICA, COM CAIXA DE SOBREPOR, CABO DE 35 MM2 E DISJUNTOR DIN 50A (NÃO INCLUSA MURETA DE ALVENARIA). AF_07/2020_PS","UN",1861.4]
["Instalações Elétricas - Rede de Distribuição",101549,"GRAMPO PARALELO METÁLICO, PARA REDES AÉREAS DE DISTRIBUIÇÃO DE ENERGIA ELÉTRICA DE BAIXA TENSÃO - FORNECIMENTO E INSTALAÇÃO. AF_07/2020","UN",21.83]
["Instalações Elétricas - Rede de Distribuição",101547,"ISOLADOR, TIPO DISCO, PARA TENSÃO 15 KV - FORNECIMENTO E INSTALAÇÃO. AF_07/2020","UN",93.74]
["Instalações Elétricas - Rede de Distribuição",101546,"ISOLADOR, TIPO PINO, PARA TENSÃO 15 KV - FORNECIMENTO E INSTALAÇÃO. AF_07/2020","UN",30.27]
["Instalações Elétricas - Rede de Distribuição",101548,"ISOLADOR, TIPO ROLDANA, PARA BAIXA TENSÃO - FORNECIMENTO E INSTALAÇÃO. AF_07/2020","UN",7.88]
["Instalações Hidráulicas - Reservação e Bombas de Recalque",94764,"ADAPTADOR COM FLANGE E ANEL DE VEDAÇÃO, CPVC, ROSCÁVEL, DN 15 MM, INSTALADO EM RESERVAÇÃO PREDIAL DE ÁGUA - FORNECIMENTO E INSTALAÇÃO. AF_04/2024","UN",36.51]
["Instalações Hidráulicas - Reservação e Bombas de Recalque",94765,"ADAPTADOR COM FLANGE E ANEL DE VEDAÇÃO, CPVC, ROSCÁVEL, DN 22 MM, INSTALADO EM RESERVAÇÃO PREDIAL DE ÁGUA - FORNECIMENTO E INSTALAÇÃO. AF_04/2024","UN",40.159999999999997]
["Instalações Hidráulicas - Reservação e Bombas de Recalque",94766,"ADAPTADOR COM FLANGE E ANEL DE VEDAÇÃO, CPVC, ROSCÁVEL, DN 28 MM, INSTALADO EM RESERVAÇÃO PREDIAL DE ÁGUA - FORNECIMENTO E INSTALAÇÃO. AF_04/2024","UN",44.79]
["Instalações Hidráulicas - Reservação e Bombas de Recalque",94767,"ADAPTADOR COM FLANGE E ANEL DE VEDAÇÃO, CPVC, ROSCÁVEL, DN 35 MM, INSTALADO EM RESERVAÇÃO PREDIAL DE ÁGUA - FORNECIMENTO E INSTALAÇÃO. AF_04/2024","UN",66.06]
["Instalações Hidráulicas - Reservação e Bombas de Recalque",94768,"ADAPTADOR COM FLANGE E ANEL DE VEDAÇÃO, CPVC, ROSCÁVEL, DN 42 MM, INSTALADO EM RESERVAÇÃO PREDIAL DE ÁGUA - FORNECIMENTO E INSTALAÇÃO. AF_04/2024","UN",74.73]
["Instalações Hidráulicas - Reservação e Bombas de Recalque",94769,"ADAPTADOR COM FLANGE E ANEL DE VEDAÇÃO, CPVC, ROSCÁVEL, DN 54 MM, INSTALADO EM RESERVAÇÃO PREDIAL DE ÁGUA - FORNECIMENTO E INSTALAÇÃO. AF_04/2024","UN",99.54]
["Instalações Hidráulicas - Reservação e Bombas de Recalque",94783,"ADAPTADOR COM FLANGE E ANEL DE VEDAÇÃO, PVC, SOLDÁVEL, DN 20 MM X 1/2\", INSTALADO EM RESERVAÇÃO PREDIAL DE ÁGUA - FORNECIMENTO E INSTALAÇÃO. AF_04/2024","UN",17.82]
["Instalações Hidráulicas - Reservação e Bombas de Recalque",94703,"ADAPTADOR COM FLANGE E ANEL DE VEDAÇÃO, PVC, SOLDÁVEL, DN 25 MM X 3/4\", INSTALADO EM RESERVAÇÃO PREDIAL DE ÁGUA - FORNECIMENTO E INSTALAÇÃO. AF_04/2024","UN",18.98]
["Instalações Hidráulicas - Reservação e Bombas de Recalque",94704,"ADAPTADOR COM FLANGE E ANEL DE VEDAÇÃO, PVC, SOLDÁVEL, DN 32 MM X 1\", INSTALADO EM RESERVAÇÃO PREDIAL DE ÁGUA - FORNECIMENTO E INSTALAÇÃO. AF_04/2024","UN",24.84]
["Instalações Hidráulicas - Reservação e Bombas de Recalque",94705,"ADAPTADOR COM FLANGE E ANEL DE VEDAÇÃO, PVC, SOLDÁVEL, DN 40 MM X 1 1/4\", INSTALADO EM RESERVAÇÃO PREDIAL DE ÁGUA - FORNECIMENTO E INSTALAÇÃO. AF_04/2024","UN",33.369999999999997]
["Instalações Hidráulicas - Reservação e Bombas de Recalque",94706,"ADAPTADOR COM FLANGE E ANEL DE VEDAÇÃO, PVC, SOLDÁVEL, DN 50 MM X 1 1/2\", INSTALADO EM RESERVAÇÃO PREDIAL DE ÁGUA - FORNECIMENTO E INSTALAÇÃO. AF_04/2024","UN",32.770000000000003]
["Instalações Hidráulicas - Reservação e Bombas de Recalque",94707,"ADAPTADOR COM FLANGE E ANEL DE VEDAÇÃO, PVC, SOLDÁVEL, DN 60 MM X 2\", INSTALADO EM RESERVAÇÃO PREDIAL DE ÁGUA - FORNECIMENTO E INSTALAÇÃO. AF_04/2024","UN",50.73]
["Instalações Hidráulicas - Reservação e Bombas de Recalque",94715,"ADAPTADOR COM FLANGES LIVRES, PVC, SOLDÁVEL, DN 110 MM X 4\", INSTALADO EM RESERVAÇÃO PREDIAL DE ÁGUA - FORNECIMENTO E INSTALAÇÃO. AF_04/2024","UN",256.55]
["Instalações Hidráulicas - Reservação e Bombas de Recalque",94713,"ADAPTADOR COM FLANGES LIVRES, PVC, SOLDÁVEL, DN 75 MM X 2 1/2\", INSTALADO EM RESERVAÇÃO PREDIAL DE ÁGUA - FORNECIMENTO E INSTALAÇÃO. AF_04/2024","UN",205.9]
["Instalações Hidráulicas - Reservação e Bombas de Recalque",94714,"ADAPTADOR COM FLANGES LIVRES, PVC, SOLDÁVEL, DN 85 MM X 3\", INSTALADO EM RESERVAÇÃO PREDIAL DE ÁGUA - FORNECIMENTO E INSTALAÇÃO. AF_04/2024","UN",287.72000000000003]
["Instalações Hidráulicas - Reservação e Bombas de Recalque",94670,"ADAPTADOR CURTO COM BOLSA E ROSCA PARA REGISTRO, PVC, SOLDÁVEL, DN 110 MM X 4\", INSTALADO EM RESERVAÇÃO PREDIAL DE ÁGUA - FORNECIMENTO E INSTALAÇÃO. AF_04/2024","UN",64.14]
["Instalações Hidráulicas - Reservação e Bombas de Recalque",94656,"ADAPTADOR CURTO COM BOLSA E ROSCA PARA REGISTRO, PVC, SOLDÁVEL, DN 25 MM X 3/4\", INSTALADO EM RESERVAÇÃO PREDIAL DE ÁGUA - FORNECIMENTO E INSTALAÇÃO. AF_04/2024","UN",3.52]
["Instalações Hidráulicas - Reservação e Bombas de Recalque",94658,"ADAPTADOR CURTO COM BOLSA E ROSCA PARA REGISTRO, PVC, SOLDÁVEL, DN 32 MM X 1\", INSTALADO EM RESERVAÇÃO PREDIAL DE ÁGUA - FORNECIMENTO E INSTALAÇÃO. AF_04/2024","UN",5.19]
["Instalações Hidráulicas - Reservação e Bombas de Recalque",94660,"ADAPTADOR CURTO COM BOLSA E ROSCA PARA REGISTRO, PVC, SOLDÁVEL, DN 40 MM X 1 1/4\", INSTALADO EM RESERVAÇÃO PREDIAL DE ÁGUA - FORNECIMENTO E INSTALAÇÃO. AF_04/2024","UN",8.0500000000000007]
["Instalações Hidráulicas - Reservação e Bombas de Recalque",94662,"ADAPTADOR CURTO COM BOLSA E ROSCA PARA REGISTRO, PVC, SOLDÁVEL, DN 50 MM X 1 1/2\", INSTALADO EM RESERVAÇÃO PREDIAL DE ÁGUA - FORNECIMENTO E INSTALAÇÃO. AF_04/2024","UN",10.68]
["Instalações Hidráulicas - Reservação e Bombas de Recalque",94664,"ADAPTADOR CURTO COM BOLSA E ROSCA PARA REGISTRO, PVC, SOLDÁVEL, DN 60 MM X 2\", INSTALADO EM RESERVAÇÃO PREDIAL DE ÁGUA - FORNECIMENTO E INSTALAÇÃO. AF_04/2024","UN",18.88]
["Instalações Hidráulicas - Reservação e Bombas de Recalque",94666,"ADAPTADOR CURTO COM BOLSA E ROSCA PARA REGISTRO, PVC, SOLDÁVEL, DN 75 MM X 2 1/2\", INSTALADO EM RESERVAÇÃO PREDIAL DE ÁGUA - FORNECIMENTO E INSTALAÇÃO. AF_04/2024","UN",30.45]
["Instalações Hidráulicas - Reservação e Bombas de Recalque",94668,"ADAPTADOR CURTO COM BOLSA E ROSCA PARA REGISTRO, PVC, SOLDÁVEL, DN 85 MM X 3\", INSTALADO EM RESERVAÇÃO PREDIAL DE ÁGUA - FORNECIMENTO E INSTALAÇÃO. AF_04/2024","UN",40.299999999999997]
["Instalações Hidráulicas - Reservação e Bombas de Recalque",105215,"BUCHA DE REDUÇÃO CPVC, SOLDÁVEL, DN 28 X 22 MM, INSTALADO EM RESERVAÇÃO PREDIAL DE ÁGUA - FORNECIMENTO E INSTALAÇÃO. AF_04/2024","UN",9.2100000000000009]
["Instalações Hidráulicas - Reservação e Bombas de Recalque",105216,"BUCHA DE REDUÇÃO CPVC, SOLDÁVEL, DN 35 X 28 MM, INSTALADO EM RESERVAÇÃO PREDIAL DE ÁGUA - FORNECIMENTO E INSTALAÇÃO. AF_04/2024","UN",34.21]
["Instalações Hidráulicas - Reservação e Bombas de Recalque",105217,"BUCHA DE REDUÇÃO CPVC, SOLDÁVEL, DN 42 X 22 MM, INSTALADO EM RESERVAÇÃO PREDIAL DE ÁGUA - FORNECIMENTO E INSTALAÇÃO. AF_04/2024","UN",38.549999999999997]
["Instalações Hidráulicas - Reservação e Bombas de Recalque",105214,"BUCHA DE REDUÇÃO CPVC, SOLDÁVEL, DN 54 X 28 MM, INSTALADO EM RESERVAÇÃO PREDIAL DE ÁGUA - FORNECIMENTO E INSTALAÇÃO. AF_04/2024","UN",40.4]
["Instalações Hidráulicas - Reservação e Bombas de Recalque",105218,"BUCHA DE REDUÇÃO CPVC, SOLDÁVEL, DN 54 X 35 MM, INSTALADO EM RESERVAÇÃO PREDIAL DE ÁGUA - FORNECIMENTO E INSTALAÇÃO. AF_04/2024","UN",66.84]
["Instalações Hidráulicas - Reservação e Bombas de Recalque",105213,"BUCHA DE REDUÇÃO EM COBRE, PONTA X BOLSA, 66 X 54 MM, INSTALADO EM RESERVAÇÃO PREDIAL DE ÁGUA - FORNECIMENTO E INSTALAÇÃO. AF_04/2024","UN",195.04]
["Instalações Hidráulicas - Reservação e Bombas de Recalque",105233,"BUCHA DE REDUÇÃO PVC, SOLDÁVEL, LONGA, DN 40 X 25 MM, INSTALADO EM RESERVAÇÃO PREDIAL DE ÁGUA - FORNECIMENTO E INSTALAÇÃO. AF_04/2024","UN",7.58]
["Instalações Hidráulicas - Reservação e Bombas de Recalque",105234,"BUCHA DE REDUÇÃO PVC, SOLDÁVEL, LONGA, DN 50 X 25 MM, INSTALADO EM RESERVAÇÃO PREDIAL DE ÁGUA - FORNECIMENTO E INSTALAÇÃO. AF_04/2024","UN",9.3000000000000007]
["Instalações Hidráulicas - Reservação e Bombas de Recalque",105228,"BUCHA DE REDUÇÃO PVC, SOLDÁVEL, LONGA, DN 50 X 32 MM, INSTALADO EM RESERVAÇÃO PREDIAL DE ÁGUA - FORNECIMENTO E INSTALAÇÃO. AF_04/2024","UN",11.12]
["Instalações Hidráulicas - Reservação e Bombas de Recalque",105138,"BUCHA DE REDUÇÃO PVC, SOLDÁVEL, LONGA, DN 60 X 25 MM, INSTALADO EM RESERVAÇÃO PREDIAL DE ÁGUA - FORNECIMENTO E INSTALAÇÃO. AF_04/2024","UN",15.87]
["Instalações Hidráulicas - Reservação e Bombas de Recalque",105139,"BUCHA DE REDUÇÃO PVC, SOLDÁVEL, LONGA, DN 60 X 32 MM, INSTALADO EM RESERVAÇÃO PREDIAL DE ÁGUA - FORNECIMENTO E INSTALAÇÃO. AF_04/2024","UN",18.55]
["Instalações Hidráulicas - Reservação e Bombas de Recalque",105140,"BUCHA DE REDUÇÃO PVC, SOLDÁVEL, LONGA, DN 60 X 50 MM, INSTALADO EM RESERVAÇÃO PREDIAL DE ÁGUA - FORNECIMENTO E INSTALAÇÃO. AF_04/2024","UN",23.81]
["Instalações Hidráulicas - Reservação e Bombas de Recalque",105141,"BUCHA DE REDUÇÃO PVC, SOLDÁVEL, LONGA, DN 75 X 50 MM, INSTALADO EM RESERVAÇÃO PREDIAL DE ÁGUA - FORNECIMENTO E INSTALAÇÃO. AF_04/2024","UN",28.47]
["Instalações Hidráulicas - Reservação e Bombas de Recalque",105172,"BUCHA DE REDUÇÃO, EM FERRO GALVANIZADO, CONEXÃO ROSQUEADA, DN 80 MM X 50 MM (3\" X 2\"), INSTALADO EM RESERVAÇÃO PREDIAL DE ÁGUA - FORNECIMENTO E INSTALAÇÃO. AF_04/2024","UN",83.96]
["Instalações Hidráulicas - Reservação e Bombas de Recalque",105169,"BUCHA DE REDUÇÃO, EM FERRO GALVANIZADO, CONEXÃO ROSQUEADA, DN 80 MM X 65 MM (3\" X 2 1/2\"), INSTALADO EM RESERVAÇÃO PREDIAL DE ÁGUA - FORNECIMENTO E INSTALAÇÃO. AF_04/2024","UN",84.12]
["Instalações Hidráulicas - Reservação e Bombas de Recalque",105230,"BUCHA DE REDUÇÃO, PPR, DN 25 X 20 MM, INSTALADO EM RESERVAÇÃO PREDIAL DE ÁGUA - FORNECIMENTO E INSTALAÇÃO. AF_04/2024","UN",8.36]
["Instalações Hidráulicas - Reservação e Bombas de Recalque",105231,"BUCHA DE REDUÇÃO, PPR, DN 32 X 25 MM, INSTALADO EM RESERVAÇÃO PREDIAL DE ÁGUA - FORNECIMENTO E INSTALAÇÃO. AF_04/2024","UN",9.7899999999999991]
["Instalações Hidráulicas - Reservação e Bombas de Recalque",105232,"BUCHA DE REDUÇÃO, PPR, DN 40 X 25 MM, INSTALADO EM RESERVAÇÃO PREDIAL DE ÁGUA - FORNECIMENTO E INSTALAÇÃO. AF_04/2024","UN",18.600000000000001]
["Instalações Hidráulicas - Reservação e Bombas de Recalque",105229,"BUCHA DE REDUÇÃO, PPR, DN 50 X 25 MM, INSTALADO EM RESERVAÇÃO PREDIAL DE ÁGUA - FORNECIMENTO E INSTALAÇÃO. AF_04/2024","UN",29.43]
["Instalações Hidráulicas - Reservação e Bombas de Recalque",105146,"BUCHA DE REDUÇÃO, PPR, DN 50 X 32 MM, INSTALADO EM RESERVAÇÃO PREDIAL DE ÁGUA - FORNECIMENTO E INSTALAÇÃO. AF_04/2024","UN",23.81]
["Instalações Hidráulicas - Reservação e Bombas de Recalque",94613,"CONECTOR EM BRONZE/LATÃO, DN 104 MM X 4\", SEM ANEL DE SOLDA, BOLSA X ROSCA, INSTALADO EM RESERVAÇÃO PREDIAL DE ÁGUA - FORNECIMENTO E INSTALAÇÃO. AF_04/2024","UN",0]
["Instalações Hidráulicas - Reservação e Bombas de Recalque",94607,"CONECTOR EM BRONZE/LATÃO, DN 54 MM X 2\", SEM ANEL DE SOLDA, BOLSA X ROSCA, INSTALADO EM RESERVAÇÃO PREDIAL DE ÁGUA - FORNECIMENTO E INSTALAÇÃO. AF_04/2024","UN",0]
["Instalações Hidráulicas - Reservação e Bombas de Recalque",94609,"CONECTOR EM BRONZE/LATÃO, DN 66 MM X 2 1/2\", SEM ANEL DE SOLDA, BOLSA X ROSCA, INSTALADO EM RESERVAÇÃO PREDIAL DE ÁGUA - FORNECIMENTO E INSTALAÇÃO. AF_04/2024","UN",0]
["Instalações Hidráulicas - Reservação e Bombas de Recalque",94611,"CONECTOR EM BRONZE/LATÃO, DN 79 MM X 3\", SEM ANEL DE SOLDA, BOLSA X ROSCA, INSTALADO EM RESERVAÇÃO PREDIAL DE ÁGUA - FORNECIMENTO E INSTALAÇÃO. AF_04/2024","UN",0]
["Instalações Hidráulicas - Reservação e Bombas de Recalque",96738,"CONECTOR MACHO, PPR, 25 MM X 1/2'', INSTALADO EM RESERVAÇÃO PREDIAL DE ÁGUA - FORNECIMENTO E INSTALAÇÃO. AF_04/2024","UN",24.61]
["Instalações Hidráulicas - Reservação e Bombas de Recalque",96740,"CONECTOR MACHO, PPR, 32 MM X 3/4'', INSTALADO EM RESERVAÇÃO PREDIAL DE ÁGUA - FORNECIMENTO E INSTALAÇÃO. AF_04/2024","UN",34.03]
["Instalações Hidráulicas - Reservação e Bombas de Recalque",94738,"CONECTOR, CPVC, SOLDÁVEL, DN 114 MM X 4\", INSTALADO EM RESERVAÇÃO PREDIAL DE ÁGUA - FORNECIMENTO E INSTALAÇÃO. AF_04/2024","UN",1588.17]
["Instalações Hidráulicas - Reservação e Bombas de Recalque",94724,"CONECTOR, CPVC, SOLDÁVEL, DN 22 MM X 3/4\", INSTALADO EM RESERVAÇÃO PREDIAL DE ÁGUA - FORNECIMENTO E INSTALAÇÃO. AF_04/2024","UN",25.28]
["Instalações Hidráulicas - Reservação e Bombas de Recalque",94726,"CONECTOR, CPVC, SOLDÁVEL, DN 28 MM X 1\", INSTALADO EM RESERVAÇÃO PREDIAL DE ÁGUA - FORNECIMENTO E INSTALAÇÃO. AF_04/2024","UN",32.57]
["Instalações Hidráulicas - Reservação e Bombas de Recalque",94728,"CONECTOR, CPVC, SOLDÁVEL, DN 35 MM X 1 1/4\", INSTALADO EM RESERVAÇÃO PREDIAL DE ÁGUA - FORNECIMENTO E INSTALAÇÃO. AF_04/2024","UN",50.77]
["Instalações Hidráulicas - Reservação e Bombas de Recalque",94730,"CONECTOR, CPVC, SOLDÁVEL, DN 42 MM X 1 1/2\", INSTALADO EM RESERVAÇÃO PREDIAL DE ÁGUA - FORNECIMENTO E INSTALAÇÃO. AF_04/2024","UN",62.28]
["Instalações Hidráulicas - Reservação e Bombas de Recalque",94732,"CONECTOR, CPVC, SOLDÁVEL, DN 54 MM X 2\", INSTALADO EM RESERVAÇÃO PREDIAL DE ÁGUA - FORNECIMENTO E INSTALAÇÃO. AF_04/2024","UN",99.86]
["Instalações Hidráulicas - Reservação e Bombas de Recalque",94734,"CONECTOR, CPVC, SOLDÁVEL, DN 73 MM X 2 1/2\", INSTALADO EM RESERVAÇÃO PREDIAL DE ÁGUA - FORNECIMENTO E INSTALAÇÃO. AF_04/2024","UN",363.19]
["Instalações Hidráulicas - Reservação e Bombas de Recalque",94736,"CONECTOR, CPVC, SOLDÁVEL, DN 89 MM X 3\", INSTALADO EM RESERVAÇÃO PREDIAL DE ÁGUA - FORNECIMENTO E INSTALAÇÃO. AF_04/2024","UN",527.99]
["Instalações Hidráulicas - Reservação e Bombas de Recalque",94483,"CONJUNTO HIDRÁULICO EM AÇO ROSCÁVEL PARA INSTALAÇÃO DE BOMBA, DN SUCÇÃO 32 MM (1 1/4\") E DN RECALQUE 25 MM (1\"), PARA EDIFICAÇÃO COM 4 PAVIMENTOS - FORNECIMENTO E INSTALAÇÃO. AF_04/2024","UN",1316.95]
["Instalações Hidráulicas - Reservação e Bombas de Recalque",94482,"CONJUNTO HIDRÁULICO EM AÇO ROSCÁVEL PARA INSTALAÇÃO DE BOMBA, DN SUCÇÃO 40 MM (1 1/2\") E DN RECALQUE 32 MM (1 1/4\"), PARA EDIFICAÇÃO COM 8 PAVIMENTOS - FORNECIMENTO E INSTALAÇÃO. AF_04/2024","UN",1565.7]
["Instalações Hidráulicas - Reservação e Bombas de Recalque",94481,"CONJUNTO HIDRÁULICO EM AÇO ROSCÁVEL PARA INSTALAÇÃO DE BOMBA, DN SUCÇÃO 50 MM (2\") E DN RECALQUE 40 MM (1 1/2\"), PARA EDIFICAÇÃO COM 12 PAVIMENTOS - FORNECIMENTO E INSTALAÇÃO. AF_04/2024","UN",1985.27]
["Instalações Hidráulicas - Reservação e Bombas de Recalque",94480,"CONJUNTO HIDRÁULICO EM AÇO ROSCÁVEL PARA INSTALAÇÃO DE BOMBA, DN SUCÇÃO 65 MM (2½\") E DN RECALQUE 50 MM (2\"), PARA EDIFICAÇÃO COM 18 PAVIMENTOS - FORNECIMENTO E INSTALAÇÃO. AF_04/2024","UN",2803.77]
["Instalações Hidráulicas - Reservação e Bombas de Recalque",94472,"COTOVELO 45 GRAUS, EM FERRO GALVANIZADO, CONEXÃO ROSQUEADA, DN 50 MM (2\"), INSTALADO EM RESERVAÇÃO PREDIAL DE ÁGUA - FORNECIMENTO E INSTALAÇÃO. AF_04/2024","UN",76.510000000000005]
["Instalações Hidráulicas - Reservação e Bombas de Recalque",94474,"COTOVELO 45 GRAUS, EM FERRO GALVANIZADO, CONEXÃO ROSQUEADA, DN 65 MM (2 1/2\"), INSTALADO EM RESERVAÇÃO PREDIAL DE ÁGUA - FORNECIMENTO E INSTALAÇÃO. AF_04/2024","UN",126.94]
["Instalações Hidráulicas - Reservação e Bombas de Recalque",94476,"COTOVELO 45 GRAUS, EM FERRO GALVANIZADO, CONEXÃO ROSQUEADA, DN 80 MM (3\"), INSTALADO EM RESERVAÇÃO PREDIAL DE ÁGUA - FORNECIMENTO E INSTALAÇÃO. AF_04/2024","UN",176.51]
["Instalações Hidráulicas - Reservação e Bombas de Recalque",94471,"COTOVELO 90 GRAUS, EM FERRO GALVANIZADO, CONEXÃO ROSQUEADA, DN 50 MM (2\"), INSTALADO EM RESERVAÇÃO PREDIAL DE ÁGUA - FORNECIMENTO E INSTALAÇÃO. AF_04/2024","UN",74.36]
["Instalações Hidráulicas - Reservação e Bombas de Recalque",94473,"COTOVELO 90 GRAUS, EM FERRO GALVANIZADO, CONEXÃO ROSQUEADA, DN 65 MM (2 1/2\"), INSTALADO EM RESERVAÇÃO PREDIAL DE ÁGUA - FORNECIMENTO E INSTALAÇÃO. AF_04/2024","UN",117.49]
["Instalações Hidráulicas - Reservação e Bombas de Recalque",94475,"COTOVELO 90 GRAUS, EM FERRO GALVANIZADO, CONEXÃO ROSQUEADA, DN 80 MM (3\"), INSTALADO EM RESERVAÇÃO PREDIAL DE ÁGUA - FORNECIMENTO E INSTALAÇÃO. AF_04/2024","UN",158.30000000000001]
["Instalações Hidráulicas - Reservação e Bombas de Recalque",105194,"COTOVELO 90 GRAUS, EM FERRO GALVANIZADO, MACHO/FÊMEA, CONEXÃO ROSQUEADA, DN 50 MM (2\"), INSTALADO EM RESERVAÇÃO PREDIAL DE ÁGUA - FORNECIMENTO E INSTALAÇÃO. AF_04/2024","UN",82.4]
["Instalações Hidráulicas - Reservação e Bombas de Recalque",105195,"COTOVELO 90 GRAUS, EM FERRO GALVANIZADO, MACHO/FÊMEA, CONEXÃO ROSQUEADA, DN 80 MM (3\"), INSTALADO EM RESERVAÇÃO PREDIAL DE ÁGUA - FORNECIMENTO E INSTALAÇÃO. AF_04/2024","UN",207.19]
["Instalações Hidráulicas - Reservação e Bombas de Recalque",105178,"COTOVELO DE REDUÇÃO, 90 GRAUS, EM FERRO GALVANIZADO, CONEXÃO ROSQUEADA, DN 65 MM X 50 MM (2 1/2\" X 2\"), INSTALADO EM RESERVAÇÃO PREDIAL DE ÁGUA - FORNECIMENTO E INSTALAÇÃO. AF_04/2024","UN",131.09]
["Instalações Hidráulicas - Reservação e Bombas de Recalque",94620,"COTOVELO EM COBRE, DN 104 MM, 90 GRAUS, SEM ANEL DE SOLDA, INSTALADO EM RESERVAÇÃO PREDIAL DE ÁGUA - FORNECIMENTO E INSTALAÇÃO. AF_04/2024","UN",895.76]
["Instalações Hidráulicas - Reservação e Bombas de Recalque",94614,"COTOVELO EM COBRE, DN 54 MM, 90 GRAUS, SEM ANEL DE SOLDA, INSTALADO EM RESERVAÇÃO PREDIAL DE ÁGUA - FORNECIMENTO E INSTALAÇÃO. AF_04/2024","UN",144.75]
["Instalações Hidráulicas - Reservação e Bombas de Recalque",94616,"COTOVELO EM COBRE, DN 66 MM, 90 GRAUS, SEM ANEL DE SOLDA, INSTALADO EM RESERVAÇÃO PREDIAL DE ÁGUA - FORNECIMENTO E INSTALAÇÃO. AF_04/2024","UN",400.81]
["Instalações Hidráulicas - Reservação e Bombas de Recalque",94618,"COTOVELO EM COBRE, DN 79 MM, 90 GRAUS, SEM ANEL DE SOLDA, INSTALADO EM RESERVAÇÃO PREDIAL DE ÁGUA - FORNECIMENTO E INSTALAÇÃO. AF_04/2024","UN",389.79]
["Instalações Hidráulicas - Reservação e Bombas de Recalque",105193,"COTOVELO, 90 GRAUS, EM FERRO GALVANIZADO, MACHO/FÊMEA, CONEXÃO ROSQUEADA, DN 65 MM (2 1/2\"), INSTALADO EM RESERVAÇÃO PREDIAL DE ÁGUA - FORNECIMENTO E INSTALAÇÃO. AF_04/2024","UN",143.43]
["Instalações Hidráulicas - Reservação e Bombas de Recalque",105197,"CURVA 45 GRAUS, EM FERRO GALVANIZADO, FÊMEA, CONEXÃO ROSQUEADA, DN 50 MM (2\"), INSTALADO EM RESERVAÇÃO PREDIAL DE ÁGUA - FORNECIMENTO E INSTALAÇÃO. AF_04/2024","UN",152.30000000000001]
["Instalações Hidráulicas - Reservação e Bombas de Recalque",105196,"CURVA 45 GRAUS, EM FERRO GALVANIZADO, FÊMEA, CONEXÃO ROSQUEADA, DN 65 MM (2 1/2\"), INSTALADO EM RESERVAÇÃO PREDIAL DE ÁGUA - FORNECIMENTO E INSTALAÇÃO. AF_04/2024","UN",220.21]
["Instalações Hidráulicas - Reservação e Bombas de Recalque",105198,"CURVA 45 GRAUS, EM FERRO GALVANIZADO, FÊMEA, CONEXÃO ROSQUEADA, DN 80 MM (3\"), INSTALADO EM RESERVAÇÃO PREDIAL DE ÁGUA - FORNECIMENTO E INSTALAÇÃO. AF_04/2024","UN",311.44]
["Instalações Hidráulicas - Reservação e Bombas de Recalque",105200,"CURVA 45 GRAUS, EM FERRO GALVANIZADO, MACHO/FÊMEA, CONEXÃO ROSQUEADA, DN 50 MM (2\"), INSTALADO EM RESERVAÇÃO PREDIAL DE ÁGUA - FORNECIMENTO E INSTALAÇÃO. AF_04/2024","UN",120.85]
["Instalações Hidráulicas - Reservação e Bombas de Recalque",105199,"CURVA 45 GRAUS, EM FERRO GALVANIZADO, MACHO/FÊMEA, CONEXÃO ROSQUEADA, DN 65 MM (2 1/2\"), INSTALADO EM RESERVAÇÃO PREDIAL DE ÁGUA - FORNECIMENTO E INSTALAÇÃO. AF_04/2024","UN",200.49]
["Instalações Hidráulicas - Reservação e Bombas de Recalque",105201,"CURVA 45 GRAUS, EM FERRO GALVANIZADO, MACHO/FÊMEA, CONEXÃO ROSQUEADA, DN 80 MM (3\"), INSTALADO EM RESERVAÇÃO PREDIAL DE ÁGUA - FORNECIMENTO E INSTALAÇÃO. AF_04/2024","UN",273.64999999999998]
["Instalações Hidráulicas - Reservação e Bombas de Recalque",94755,"CURVA 90 GRAUS, CPVC, SOLDÁVEL, DN 114 MM, INSTALADO EM RESERVAÇÃO PREDIAL DE ÁGUA - FORNECIMENTO E INSTALAÇÃO. AF_04/2024","UN",0]
["Instalações Hidráulicas - Reservação e Bombas de Recalque",94741,"CURVA 90 GRAUS, CPVC, SOLDÁVEL, DN 22 MM, INSTALADO EM RESERVAÇÃO PREDIAL DE ÁGUA - FORNECIMENTO E INSTALAÇÃO. AF_04/2024","UN",12.61]
["Instalações Hidráulicas - Reservação e Bombas de Recalque",94743,"CURVA 90 GRAUS, CPVC, SOLDÁVEL, DN 28 MM, INSTALADO EM RESERVAÇÃO PREDIAL DE ÁGUA - FORNECIMENTO E INSTALAÇÃO. AF_04/2024","UN",20.48]
["Instalações Hidráulicas - Reservação e Bombas de Recalque",94745,"CURVA 90 GRAUS, CPVC, SOLDÁVEL, DN 35 MM, INSTALADO EM RESERVAÇÃO PREDIAL DE ÁGUA - FORNECIMENTO E INSTALAÇÃO. AF_04/2024","UN",0]
["Instalações Hidráulicas - Reservação e Bombas de Recalque",94747,"CURVA 90 GRAUS, CPVC, SOLDÁVEL, DN 42 MM, INSTALADO EM RESERVAÇÃO PREDIAL DE ÁGUA - FORNECIMENTO E INSTALAÇÃO. AF_04/2024","UN",0]
["Instalações Hidráulicas - Reservação e Bombas de Recalque",94749,"CURVA 90 GRAUS, CPVC, SOLDÁVEL, DN 54 MM, INSTALADO EM RESERVAÇÃO PREDIAL DE ÁGUA - FORNECIMENTO E INSTALAÇÃO. AF_04/2024","UN",0]
["Instalações Hidráulicas - Reservação e Bombas de Recalque",94751,"CURVA 90 GRAUS, CPVC, SOLDÁVEL, DN 73 MM, INSTALADO EM RESERVAÇÃO PREDIAL DE ÁGUA - FORNECIMENTO E INSTALAÇÃO. AF_04/2024","UN",0]
["Instalações Hidráulicas - Reservação e Bombas de Recalque",94753,"CURVA 90 GRAUS, CPVC, SOLDÁVEL, DN 89 MM, INSTALADO EM RESERVAÇÃO PREDIAL DE ÁGUA - FORNECIMENTO E INSTALAÇÃO. AF_04/2024","UN",0]
["Instalações Hidráulicas - Reservação e Bombas de Recalque",105209,"CURVA 90 GRAUS, EM FERRO GALVANIZADO, CONEXÃO ROSQUEADA, DN 50 MM (2\"), INSTALADO EM RESERVAÇÃO PREDIAL DE ÁGUA - FORNECIMENTO E INSTALAÇÃO. AF_04/2024","UN",147.6]
["Instalações Hidráulicas - Reservação e Bombas de Recalque",105208,"CURVA 90 GRAUS, EM FERRO GALVANIZADO, CONEXÃO ROSQUEADA, DN 65 MM (2 1/2\"), INSTALADO EM RESERVAÇÃO PREDIAL DE ÁGUA - FORNECIMENTO E INSTALAÇÃO. AF_04/2024","UN",300.60000000000002]
["Instalações Hidráulicas - Reservação e Bombas de Recalque",105210,"CURVA 90 GRAUS, EM FERRO GALVANIZADO, CONEXÃO ROSQUEADA, DN 80 MM (3\"), INSTALADO EM RESERVAÇÃO PREDIAL DE ÁGUA - FORNECIMENTO E INSTALAÇÃO. AF_04/2024","UN",387.57]
["Instalações Hidráulicas - Reservação e Bombas de Recalque",105203,"CURVA 90 GRAUS, EM FERRO GALVANIZADO, FÊMEA, CONEXÃO ROSQUEADA, DN 50 MM (2\"), INSTALADO EM RESERVAÇÃO PREDIAL DE ÁGUA - FORNECIMENTO E INSTALAÇÃO. AF_04/2024","UN",151.65]
["Instalações Hidráulicas - Reservação e Bombas de Recalque",105202,"CURVA 90 GRAUS, EM FERRO GALVANIZADO, FÊMEA, CONEXÃO ROSQUEADA, DN 65 MM (2 1/2\"), INSTALADO EM RESERVAÇÃO PREDIAL DE ÁGUA - FORNECIMENTO E INSTALAÇÃO. AF_04/2024","UN",247.65]
["Instalações Hidráulicas - Reservação e Bombas de Recalque",105204,"CURVA 90 GRAUS, EM FERRO GALVANIZADO, FÊMEA, CONEXÃO ROSQUEADA, DN 80 (3\"), INSTALADO EM RESERVAÇÃO PREDIAL DE ÁGUA - FORNECIMENTO E INSTALAÇÃO. AF_04/2024","UN",328.83]
["Instalações Hidráulicas - Reservação e Bombas de Recalque",105206,"CURVA 90 GRAUS, EM FERRO GALVANIZADO, MACHO/FÊMEA, CONEXÃO ROSQUEADA, DN 50 MM (2\"), INSTALADO EM RESERVAÇÃO PREDIAL DE ÁGUA - FORNECIMENTO E INSTALAÇÃO. AF_04/2024","UN",144.66999999999999]
["Instalações Hidráulicas - Reservação e Bombas de Recalque",105205,"CURVA 90 GRAUS, EM FERRO GALVANIZADO, MACHO/FÊMEA, CONEXÃO ROSQUEADA, DN 65 MM (2 1/2\"), INSTALADO EM RESERVAÇÃO PREDIAL DE ÁGUA - FORNECIMENTO E INSTALAÇÃO. AF_04/2024","UN",229.04]
["Instalações Hidráulicas - Reservação e Bombas de Recalque",105207,"CURVA 90 GRAUS, EM FERRO GALVANIZADO, MACHO/FÊMEA, CONEXÃO ROSQUEADA, DN 80 MM (3\"), INSTALADO EM RESERVAÇÃO PREDIAL DE ÁGUA - FORNECIMENTO E INSTALAÇÃO. AF_04/2024","UN",319.52999999999997]
["Instalações Hidráulicas - Reservação e Bombas de Recalque",94687,"CURVA 90 GRAUS, PVC, SOLDÁVEL, DN 110 MM, INSTALADO EM RESERVAÇÃO PREDIAL DE ÁGUA - FORNECIMENTO E INSTALAÇÃO. AF_04/2024","UN",202.3]
["Instalações Hidráulicas - Reservação e Bombas de Recalque",94673,"CURVA 90 GRAUS, PVC, SOLDÁVEL, DN 25 MM, INSTALADO EM RESERVAÇÃO PREDIAL DE ÁGUA - FORNECIMENTO E INSTALAÇÃO. AF_04/2024","UN",6.92]
["Instalações Hidráulicas - Reservação e Bombas de Recalque",94675,"CURVA 90 GRAUS, PVC, SOLDÁVEL, DN 32 MM, INSTALADO EM RESERVAÇÃO PREDIAL DE ÁGUA - FORNECIMENTO E INSTALAÇÃO. AF_04/2024","UN",11.33]
["Instalações Hidráulicas - Reservação e Bombas de Recalque",94677,"CURVA 90 GRAUS, PVC, SOLDÁVEL, DN 40 MM, INSTALADO EM RESERVAÇÃO PREDIAL DE ÁGUA - FORNECIMENTO E INSTALAÇÃO. AF_04/2024","UN",18.04]
["Instalações Hidráulicas - Reservação e Bombas de Recalque",94679,"CURVA 90 GRAUS, PVC, SOLDÁVEL, DN 50 MM, INSTALADO EM RESERVAÇÃO PREDIAL DE ÁGUA - FORNECIMENTO E INSTALAÇÃO. AF_04/2024","UN",22.08]
["Instalações Hidráulicas - Reservação e Bombas de Recalque",94681,"CURVA 90 GRAUS, PVC, SOLDÁVEL, DN 60 MM, INSTALADO EM RESERVAÇÃO PREDIAL DE ÁGUA - FORNECIMENTO E INSTALAÇÃO. AF_04/2024","UN",44.23]
["Instalações Hidráulicas - Reservação e Bombas de Recalque",94683,"CURVA 90 GRAUS, PVC, SOLDÁVEL, DN 75 MM, INSTALADO EM RESERVAÇÃO PREDIAL DE ÁGUA - FORNECIMENTO E INSTALAÇÃO. AF_04/2024","UN",67.12]
["Instalações Hidráulicas - Reservação e Bombas de Recalque",94685,"CURVA 90 GRAUS, PVC, SOLDÁVEL, DN 85 MM, INSTALADO EM RESERVAÇÃO PREDIAL DE ÁGUA - FORNECIMENTO E INSTALAÇÃO. AF_04/2024","UN",85.39]
["Instalações Hidráulicas - Reservação e Bombas de Recalque",94621,"CURVA EM COBRE, DN 104 MM, 45 GRAUS, SEM ANEL DE SOLDA, BOLSA X BOLSA, INSTALADO EM RESERVAÇÃO PREDIAL DE ÁGUA - FORNECIMENTO E INSTALAÇÃO. AF_04/2024","UN",0]
["Instalações Hidráulicas - Reservação e Bombas de Recalque",94615,"CURVA EM COBRE, DN 54 MM, 45 GRAUS, SEM ANEL DE SOLDA, BOLSA X BOLSA, INSTALADO EM RESERVAÇÃO PREDIAL DE ÁGUA - FORNECIMENTO E INSTALAÇÃO. AF_04/2024","UN",163.97]
["Instalações Hidráulicas - Reservação e Bombas de Recalque",94617,"CURVA EM COBRE, DN 66 MM, 45 GRAUS, SEM ANEL DE SOLDA, BOLSA X BOLSA, INSTALADO EM RESERVAÇÃO PREDIAL DE ÁGUA - FORNECIMENTO E INSTALAÇÃO. AF_04/2024","UN",333.98]
["Instalações Hidráulicas - Reservação e Bombas de Recalque",94619,"CURVA EM COBRE, DN 79 MM, 45 GRAUS, SEM ANEL DE SOLDA, BOLSA X BOLSA, INSTALADO EM RESERVAÇÃO PREDIAL DE ÁGUA - FORNECIMENTO E INSTALAÇÃO. AF_04/2024","UN",0]
["Instalações Hidráulicas - Reservação e Bombas de Recalque",105147,"CURVA PPR 90 GRAUS, DN 20 MM, INSTALADO EM RESERVAÇÃO PREDIAL DE ÁGUA - FORNECIMENTO E INSTALAÇÃO. AF_04/2024","UN",16.61]
["Instalações Hidráulicas - Reservação e Bombas de Recalque",105148,"CURVA PPR 90 GRAUS, DN 25 MM, INSTALADO EM RESERVAÇÃO PREDIAL DE ÁGUA - FORNECIMENTO E INSTALAÇÃO. AF_04/2024","UN",23.76]
["Instalações Hidráulicas - Reservação e Bombas de Recalque",105154,"CURVA PVC 45 GRAUS, SOLDÁVEL, DN 25 MM, INSTALADO EM RESERVAÇÃO PREDIAL DE ÁGUA - FORNECIMENTO E INSTALAÇÃO. AF_04/2024","UN",6.45]
["Instalações Hidráulicas - Reservação e Bombas de Recalque",105155,"CURVA PVC 45 GRAUS, SOLDÁVEL, DN 32 MM, INSTALADO EM RESERVAÇÃO PREDIAL DE ÁGUA - FORNECIMENTO E INSTALAÇÃO. AF_04/2024","UN",9.59]
["Instalações Hidráulicas - Reservação e Bombas de Recalque",105156,"CURVA PVC 45 GRAUS, SOLDÁVEL, DN 40 MM, INSTALADO EM RESERVAÇÃO PREDIAL DE ÁGUA - FORNECIMENTO E INSTALAÇÃO. AF_04/2024","UN",12.24]
["Instalações Hidráulicas - Reservação e Bombas de Recalque",105157,"CURVA PVC 45 GRAUS, SOLDÁVEL, DN 50 MM, INSTALADO EM RESERVAÇÃO PREDIAL DE ÁGUA - FORNECIMENTO E INSTALAÇÃO. AF_04/2024","UN",18.77]
["Instalações Hidráulicas - Reservação e Bombas de Recalque",105158,"CURVA PVC 45 GRAUS, SOLDÁVEL, DN 60 MM, INSTALADO EM RESERVAÇÃO PREDIAL DE ÁGUA - FORNECIMENTO E INSTALAÇÃO. AF_04/2024","UN",27.42]
["Instalações Hidráulicas - Reservação e Bombas de Recalque",105159,"CURVA PVC 45 GRAUS, SOLDÁVEL, DN 75 MM, INSTALADO EM RESERVAÇÃO PREDIAL DE ÁGUA - FORNECIMENTO E INSTALAÇÃO. AF_04/2024","UN",48.31]
["Instalações Hidráulicas - Reservação e Bombas de Recalque",105160,"CURVA PVC 45 GRAUS, SOLDÁVEL, DN 85 MM, INSTALADO EM RESERVAÇÃO PREDIAL DE ÁGUA - FORNECIMENTO E INSTALAÇÃO. AF_04/2024","UN",59.66]
["Instalações Hidráulicas - Reservação e Bombas de Recalque",94634,"FLANGE CURTA EM COBRE, DN 104 MM X 4\", INSTALADO EM RESERVAÇÃO PREDIAL DE ÁGUA - FORNECIMENTO E INSTALAÇÃO. AF_04/2024","UN",0]
["Instalações Hidráulicas - Reservação e Bombas de Recalque",94631,"FLANGE CURTA EM COBRE, DN 54 MM X 2\", INSTALADO EM RESERVAÇÃO PREDIAL DE ÁGUA - FORNECIMENTO E INSTALAÇÃO. AF_04/2024","UN",0]
["Instalações Hidráulicas - Reservação e Bombas de Recalque",94632,"FLANGE CURTA EM COBRE, DN 66 MM X 2 1/2\", INSTALADO EM RESERVAÇÃO PREDIAL DE ÁGUA - FORNECIMENTO E INSTALAÇÃO. AF_04/2024","UN",0]
["Instalações Hidráulicas - Reservação e Bombas de Recalque",94633,"FLANGE CURTA EM COBRE, DN 79 MM X 3\", INSTALADO EM RESERVAÇÃO PREDIAL DE ÁGUA - FORNECIMENTO E INSTALAÇÃO. AF_04/2024","UN",0]
["Instalações Hidráulicas - Reservação e Bombas de Recalque",94672,"JOELHO 90 GRAUS COM BUCHA DE LATÃO, PVC, SOLDÁVEL, DN 25 MM X 3/4\", INSTALADO EM RESERVAÇÃO PREDIAL DE ÁGUA - FORNECIMENTO E INSTALAÇÃO. AF_04/2024","UN",5.97]
["Instalações Hidráulicas - Reservação e Bombas de Recalque",94754,"JOELHO 90 GRAUS, CPVC, SOLDÁVEL, DN 114 MM, INSTALADO EM RESERVAÇÃO PREDIAL DE ÁGUA - FORNECIMENTO E INSTALAÇÃO. AF_04/2024","UN",279.56]
["Instalações Hidráulicas - Reservação e Bombas de Recalque",94740,"JOELHO 90 GRAUS, CPVC, SOLDÁVEL, DN 22 MM, INSTALADO EM RESERVAÇÃO PREDIAL DE ÁGUA - FORNECIMENTO E INSTALAÇÃO. AF_04/2024","UN",9.77]
["Instalações Hidráulicas - Reservação e Bombas de Recalque",94742,"JOELHO 90 GRAUS, CPVC, SOLDÁVEL, DN 28 MM, INSTALADO EM RESERVAÇÃO PREDIAL DE ÁGUA - FORNECIMENTO E INSTALAÇÃO. AF_04/2024","UN",16.21]
["Instalações Hidráulicas - Reservação e Bombas de Recalque",94744,"JOELHO 90 GRAUS, CPVC, SOLDÁVEL, DN 35 MM, INSTALADO EM RESERVAÇÃO PREDIAL DE ÁGUA - FORNECIMENTO E INSTALAÇÃO. AF_04/2024","UN",25.54]
["Instalações Hidráulicas - Reservação e Bombas de Recalque",94746,"JOELHO 90 GRAUS, CPVC, SOLDÁVEL, DN 42 MM, INSTALADO EM RESERVAÇÃO PREDIAL DE ÁGUA - FORNECIMENTO E INSTALAÇÃO. AF_04/2024","UN",36.630000000000003]
["Instalações Hidráulicas - Reservação e Bombas de Recalque",94748,"JOELHO 90 GRAUS, CPVC, SOLDÁVEL, DN 54 MM, INSTALADO EM RESERVAÇÃO PREDIAL DE ÁGUA - FORNECIMENTO E INSTALAÇÃO. AF_04/2024","UN",80.25]
["Instalações Hidráulicas - Reservação e Bombas de Recalque",94750,"JOELHO 90 GRAUS, CPVC, SOLDÁVEL, DN 73 MM, INSTALADO EM RESERVAÇÃO PREDIAL DE ÁGUA - FORNECIMENTO E INSTALAÇÃO. AF_04/2024","UN",162.05000000000001]
["Instalações Hidráulicas - Reservação e Bombas de Recalque",94752,"JOELHO 90 GRAUS, CPVC, SOLDÁVEL, DN 89 MM, INSTALADO EM RESERVAÇÃO PREDIAL DE ÁGUA - FORNECIMENTO E INSTALAÇÃO. AF_04/2024","UN",194.99]
["Instalações Hidráulicas - Reservação e Bombas de Recalque",96755,"JOELHO 90 GRAUS, PPR, DN 110 MM, INSTALADO EM RESERVAÇÃO PREDIAL DE ÁGUA - FORNECIMENTO E INSTALAÇÃO. AF_04/2024","UN",353.76]
["Instalações Hidráulicas - Reservação e Bombas de Recalque",96747,"JOELHO 90 GRAUS, PPR, DN 20 MM, INSTALADO EM RESERVAÇÃO PREDIAL DE ÁGUA - FORNECIMENTO E INSTALAÇÃO. AF_04/2024","UN",7.81]
["Instalações Hidráulicas - Reservação e Bombas de Recalque",96748,"JOELHO 90 GRAUS, PPR, DN 25 MM, INSTALADO EM RESERVAÇÃO PREDIAL DE ÁGUA - FORNECIMENTO E INSTALAÇÃO. AF_04/2024","UN",9.07]
["Instalações Hidráulicas - Reservação e Bombas de Recalque",96749,"JOELHO 90 GRAUS, PPR, DN 32 MM, INSTALADO EM RESERVAÇÃO PREDIAL DE ÁGUA - FORNECIMENTO E INSTALAÇÃO. AF_04/2024","UN",11.48]
["Instalações Hidráulicas - Reservação e Bombas de Recalque",96750,"JOELHO 90 GRAUS, PPR, DN 40 MM, INSTALADO EM RESERVAÇÃO PREDIAL DE ÁGUA - FORNECIMENTO E INSTALAÇÃO. AF_04/2024","UN",18.04]
["Instalações Hidráulicas - Reservação e Bombas de Recalque",96751,"JOELHO 90 GRAUS, PPR, DN 50 MM, INSTALADO EM RESERVAÇÃO PREDIAL DE ÁGUA - FORNECIMENTO E INSTALAÇÃO. AF_04/2024","UN",26.35]
["Instalações Hidráulicas - Reservação e Bombas de Recalque",96752,"JOELHO 90 GRAUS, PPR, DN 63 MM, INSTALADO EM RESERVAÇÃO PREDIAL DE ÁGUA - FORNECIMENTO E INSTALAÇÃO. AF_04/2024","UN",39.520000000000003]
["Instalações Hidráulicas - Reservação e Bombas de Recalque",96753,"JOELHO 90 GRAUS, PPR, DN 75 MM, INSTALADO EM RESERVAÇÃO PREDIAL DE ÁGUA - FORNECIMENTO E INSTALAÇÃO. AF_04/2024","UN",90.58]
["Instalações Hidráulicas - Reservação e Bombas de Recalque",96754,"JOELHO 90 GRAUS, PPR, DN 90 MM, INSTALADO EM RESERVAÇÃO PREDIAL DE ÁGUA - FORNECIMENTO E INSTALAÇÃO. AF_04/2024","UN",116.22]
["Instalações Hidráulicas - Reservação e Bombas de Recalque",94686,"JOELHO 90 GRAUS, PVC, SOLDÁVEL, DN 110 MM INSTALADO EM RESERVAÇÃO PREDIAL DE ÁGUA - FORNECIMENTO E INSTALAÇÃO. AF_04/2024","UN",222.72]
["Instalações Hidráulicas - Reservação e Bombas de Recalque",94674,"JOELHO 90 GRAUS, PVC, SOLDÁVEL, DN 32 MM INSTALADO EM RESERVAÇÃO PREDIAL DE ÁGUA - FORNECIMENTO E INSTALAÇÃO. AF_04/2024","UN",7.79]
["Instalações Hidráulicas - Reservação e Bombas de Recalque",94676,"JOELHO 90 GRAUS, PVC, SOLDÁVEL, DN 40 MM INSTALADO EM RESERVAÇÃO PREDIAL DE ÁGUA - FORNECIMENTO E INSTALAÇÃO. AF_04/2024","UN",12.67]
["Instalações Hidráulicas - Reservação e Bombas de Recalque",94678,"JOELHO 90 GRAUS, PVC, SOLDÁVEL, DN 50 MM INSTALADO EM RESERVAÇÃO PREDIAL DE ÁGUA - FORNECIMENTO E INSTALAÇÃO. AF_04/2024","UN",15.01]
["Instalações Hidráulicas - Reservação e Bombas de Recalque",94680,"JOELHO 90 GRAUS, PVC, SOLDÁVEL, DN 60 MM INSTALADO EM RESERVAÇÃO PREDIAL DE ÁGUA - FORNECIMENTO E INSTALAÇÃO. AF_04/2024","UN",39.71]
["Instalações Hidráulicas - Reservação e Bombas de Recalque",94682,"JOELHO 90 GRAUS, PVC, SOLDÁVEL, DN 75 MM INSTALADO EM RESERVAÇÃO PREDIAL DE ÁGUA - FORNECIMENTO E INSTALAÇÃO. AF_04/2024","UN",96.14]
["Instalações Hidráulicas - Reservação e Bombas de Recalque",94684,"JOELHO 90 GRAUS, PVC, SOLDÁVEL, DN 85 MM INSTALADO EM RESERVAÇÃO PREDIAL DE ÁGUA - FORNECIMENTO E INSTALAÇÃO. AF_04/2024","UN",116.15]
["Instalações Hidráulicas - Reservação e Bombas de Recalque",105219,"JOELHO CPVC, SOLDÁVEL, 45 GRAUS, DN 22 MM, INSTALADO EM RESERVAÇÃO PREDIAL DE ÁGUA - FORNECIMENTO E INSTALAÇÃO. AF_04/2024","UN",11.35]
["Instalações Hidráulicas - Reservação e Bombas de Recalque",105220,"JOELHO CPVC, SOLDÁVEL, 45 GRAUS, DN 28 MM, INSTALADO EM RESERVAÇÃO PREDIAL DE ÁGUA - FORNECIMENTO E INSTALAÇÃO. AF_04/2024","UN",15.56]
["Instalações Hidráulicas - Reservação e Bombas de Recalque",105221,"JOELHO CPVC, SOLDÁVEL, 45 GRAUS, DN 35 MM, INSTALADO EM RESERVAÇÃO PREDIAL DE ÁGUA - FORNECIMENTO E INSTALAÇÃO. AF_04/2024","UN",23.92]
["Instalações Hidráulicas - Reservação e Bombas de Recalque",105166,"JOELHO CPVC, SOLDÁVEL, 45 GRAUS, DN 42 MM, INSTALADO EM RESERVAÇÃO PREDIAL DE ÁGUA - FORNECIMENTO E INSTALAÇÃO. AF_04/2024","UN",36.229999999999997]
["Instalações Hidráulicas - Reservação e Bombas de Recalque",105222,"JOELHO CPVC, SOLDÁVEL, 45 GRAUS, DN 54 MM, INSTALADO EM RESERVAÇÃO PREDIAL DE ÁGUA - FORNECIMENTO E INSTALAÇÃO. AF_04/2024","UN",68.459999999999994]
["Instalações Hidráulicas - Reservação e Bombas de Recalque",105223,"JOELHO CPVC, SOLDÁVEL, 45 GRAUS, DN 73 MM, INSTALADO EM RESERVAÇÃO PREDIAL DE ÁGUA - FORNECIMENTO E INSTALAÇÃO. AF_04/2024","UN",156.72]
["Instalações Hidráulicas - Reservação e Bombas de Recalque",105224,"JOELHO CPVC, SOLDÁVEL, 45 GRAUS, DN 89 MM, INSTALADO EM RESERVAÇÃO PREDIAL DE ÁGUA - FORNECIMENTO E INSTALAÇÃO. AF_04/2024","UN",228.19]
["Instalações Hidráulicas - Reservação e Bombas de Recalque",105149,"JOELHO PPR 45 GRAUS, SOLDÁVEL, DN 20 MM, INSTALADO EM RESERVAÇÃO PREDIAL DE ÁGUA - FORNECIMENTO E INSTALAÇÃO. AF_04/2024","UN",8.06]
["Instalações Hidráulicas - Reservação e Bombas de Recalque",105150,"JOELHO PPR 45 GRAUS, SOLDÁVEL, DN 25 MM, INSTALADO EM RESERVAÇÃO PREDIAL DE ÁGUA - FORNECIMENTO E INSTALAÇÃO. AF_04/2024","UN",9.49]
["Instalações Hidráulicas - Reservação e Bombas de Recalque",105151,"JOELHO PPR 45 GRAUS, SOLDÁVEL, DN 40 MM, INSTALADO EM RESERVAÇÃO PREDIAL DE ÁGUA - FORNECIMENTO E INSTALAÇÃO. AF_04/2024","UN",23.7]
["Instalações Hidráulicas - Reservação e Bombas de Recalque",105152,"JOELHO PPR 45 GRAUS, SOLDÁVEL, DN 50 MM, INSTALADO EM RESERVAÇÃO PREDIAL DE ÁGUA - FORNECIMENTO E INSTALAÇÃO. AF_04/2024","UN",35.299999999999997]
["Instalações Hidráulicas - Reservação e Bombas de Recalque",105153,"JOELHO PPR 45 GRAUS, SOLDÁVEL, DN 63 MM, INSTALADO EM RESERVAÇÃO PREDIAL DE ÁGUA - FORNECIMENTO E INSTALAÇÃO. AF_04/2024","UN",55.5]
["Instalações Hidráulicas - Reservação e Bombas de Recalque",105161,"JOELHO PPR 45 GRAUS, SOLDÁVEL, DN 75 MM, INSTALADO EM RESERVAÇÃO PREDIAL DE ÁGUA - FORNECIMENTO E INSTALAÇÃO. AF_04/2024","UN",100.32]
["Instalações Hidráulicas - Reservação e Bombas de Recalque",105162,"JOELHO PPR 45 GRAUS, SOLDÁVEL, DN 90 MM, INSTALADO EM RESERVAÇÃO PREDIAL DE ÁGUA - FORNECIMENTO E INSTALAÇÃO. AF_04/2024","UN",171.47]
["Instalações Hidráulicas - Reservação e Bombas de Recalque",105163,"JOELHO PPR, 45 GRAUS, SOLDÁVEL, DN 32 MM, INSTALADO EM RESERVAÇÃO PREDIAL DE ÁGUA - FORNECIMENTO E INSTALAÇÃO. AF_04/2024","UN",14.96]
["Instalações Hidráulicas - Reservação e Bombas de Recalque",105170,"JOELHO PVC, SOLDÁVEL, 45 GRAUS, DN 25 MM, INSTALADO EM RESERVAÇÃO PREDIAL DE ÁGUA - FORNECIMENTO E INSTALAÇÃO. AF_04/2024","UN",5.62]
["Instalações Hidráulicas - Reservação e Bombas de Recalque",105179,"JOELHO PVC, SOLDÁVEL, 45 GRAUS, DN 32 MM, INSTALADO EM RESERVAÇÃO PREDIAL DE ÁGUA - FORNECIMENTO E INSTALAÇÃO. AF_04/2024","UN",9.3000000000000007]
["Instalações Hidráulicas - Reservação e Bombas de Recalque",105180,"JOELHO PVC, SOLDÁVEL, 45 GRAUS, DN 40 MM, INSTALADO EM RESERVAÇÃO PREDIAL DE ÁGUA - FORNECIMENTO E INSTALAÇÃO. AF_04/2024","UN",12.72]
["Instalações Hidráulicas - Reservação e Bombas de Recalque",105181,"JOELHO PVC, SOLDÁVEL, 45 GRAUS, DN 50 MM, INSTALADO EM RESERVAÇÃO PREDIAL DE ÁGUA - FORNECIMENTO E INSTALAÇÃO. AF_04/2024","UN",17.2]
["Instalações Hidráulicas - Reservação e Bombas de Recalque",105182,"JOELHO PVC, SOLDÁVEL, 45 GRAUS, DN 60 MM, INSTALADO EM RESERVAÇÃO PREDIAL DE ÁGUA - FORNECIMENTO E INSTALAÇÃO. AF_04/2024","UN",38.17]
["Instalações Hidráulicas - Reservação e Bombas de Recalque",105183,"JOELHO PVC, SOLDÁVEL, 45 GRAUS, DN 75 MM, INSTALADO EM RESERVAÇÃO PREDIAL DE ÁGUA - FORNECIMENTO E INSTALAÇÃO. AF_04/2024","UN",78.430000000000007]
["Instalações Hidráulicas - Reservação e Bombas de Recalque",105184,"JOELHO PVC, SOLDÁVEL, 45 GRAUS, DN 85 MM, INSTALADO EM RESERVAÇÃO PREDIAL DE ÁGUA - FORNECIMENTO E INSTALAÇÃO. AF_04/2024","UN",97.19]
["Instalações Hidráulicas - Reservação e Bombas de Recalque",94612,"LUVA DE COBRE, DN 104 MM, SEM ANEL DE SOLDA, INSTALADO EM RESERVAÇÃO PREDIAL DE ÁGUA - FORNECIMENTO E INSTALAÇÃO. AF_04/2024","UN",435.61]
["Instalações Hidráulicas - Reservação e Bombas de Recalque",105142,"LUVA DE REDUÇÃO SOLDÁVEL, PVC, DN 32 MM X 25 MM, INSTALADO EM RESERVAÇÃO PREDIAL DE ÁGUA - FORNECIMENTO E INSTALAÇÃO. AF_04/2024","UN",6.45]
["Instalações Hidráulicas - Reservação e Bombas de Recalque",105143,"LUVA DE REDUÇÃO SOLDÁVEL, PVC, DN 40 MM X 32 MM, INSTALADO EM RESERVAÇÃO PREDIAL DE ÁGUA - FORNECIMENTO E INSTALAÇÃO. AF_04/2024","UN",9.56]
["Instalações Hidráulicas - Reservação e Bombas de Recalque",105144,"LUVA DE REDUÇÃO SOLDÁVEL, PVC, DN 60 MM X 50 MM, INSTALADO EM RESERVAÇÃO PREDIAL DE ÁGUA - FORNECIMENTO E INSTALAÇÃO. AF_04/2024","UN",20.059999999999999]
["Instalações Hidráulicas - Reservação e Bombas de Recalque",105173,"LUVA DE REDUÇÃO, EM FERRO GALVANIZADO, CONEXÃO ROSQUEADA, DN 65 MM X 50 MM (2 1/2\" X 2\"), INSTALADO EM RESERVAÇÃO PREDIAL DE ÁGUA - FORNECIMENTO E INSTALAÇÃO. AF_04/2024","UN",84.37]
["Instalações Hidráulicas - Reservação e Bombas de Recalque",105175,"LUVA DE REDUÇÃO, EM FERRO GALVANIZADO, CONEXÃO ROSQUEADA, DN 80 MM X 50 MM (3\" X 2\"), INSTALADO EM RESERVAÇÃO PREDIAL DE ÁGUA - FORNECIMENTO E INSTALAÇÃO. AF_04/2024","UN",119.99]
["Instalações Hidráulicas - Reservação e Bombas de Recalque",105174,"LUVA DE REDUÇÃO, EM FERRO GALVANIZADO, CONEXÃO ROSQUEADA, DN 80 MM X 65 MM (3\" X 2 1/2\"), INSTALADO EM RESERVAÇÃO PREDIAL DE ÁGUA - FORNECIMENTO E INSTALAÇÃO. AF_04/2024","UN",121.58]
["Instalações Hidráulicas - Reservação e Bombas de Recalque",105145,"LUVA DE REDUÇÃO, SOLDÁVEL, PVC, DN 50 X 25 MM, INSTALADO EM RESERVAÇÃO PREDIAL DE ÁGUA - FORNECIMENTO E INSTALAÇÃO. AF_04/2024","UN",11.04]
["Instalações Hidráulicas - Reservação e Bombas de Recalque",94606,"LUVA EM COBRE, DN 54 MM, SEM ANEL DE SOLDA, INSTALADO EM RESERVAÇÃO PREDIAL DE ÁGUA - FORNECIMENTO E INSTALAÇÃO. AF_04/2024","UN",85.05]
["Instalações Hidráulicas - Reservação e Bombas de Recalque",94608,"LUVA EM COBRE, DN 66 MM, SEM ANEL DE SOLDA, INSTALADO EM RESERVAÇÃO PREDIAL DE ÁGUA - FORNECIMENTO E INSTALAÇÃO. AF_04/2024","UN",210.42]
["Instalações Hidráulicas - Reservação e Bombas de Recalque",94610,"LUVA EM COBRE, DN 79 MM, SEM ANEL DE SOLDA, INSTALADO EM RESERVAÇÃO PREDIAL DE ÁGUA - FORNECIMENTO E INSTALAÇÃO. AF_04/2024","UN",306.98]
["Instalações Hidráulicas - Reservação e Bombas de Recalque",94657,"LUVA PVC, SOLDÁVEL, DN 25 MM, INSTALADO EM RESERVAÇÃO PREDIAL DE ÁGUA - FORNECIMENTO E INSTALAÇÃO. AF_04/2024","UN",3.92]
["Instalações Hidráulicas - Reservação e Bombas de Recalque",94659,"LUVA PVC, SOLDÁVEL, DN 32 MM, INSTALADO EM RESERVAÇÃO PREDIAL DE ÁGUA - FORNECIMENTO E INSTALAÇÃO. AF_04/2024","UN",5.98]
["Instalações Hidráulicas - Reservação e Bombas de Recalque",94739,"LUVA, CPVC, SOLDÁVEL, DN 114 MM, INSTALADO EM RESERVAÇÃO PREDIAL DE ÁGUA - FORNECIMENTO E INSTALAÇÃO. AF_04/2024","UN",227.42]
["Instalações Hidráulicas - Reservação e Bombas de Recalque",94725,"LUVA, CPVC, SOLDÁVEL, DN 22 MM, INSTALADO EM RESERVAÇÃO PREDIAL DE ÁGUA - FORNECIMENTO E INSTALAÇÃO. AF_04/2024","UN",6.88]
["Instalações Hidráulicas - Reservação e Bombas de Recalque",94727,"LUVA, CPVC, SOLDÁVEL, DN 28 MM, INSTALADO EM RESERVAÇÃO PREDIAL DE ÁGUA - FORNECIMENTO E INSTALAÇÃO. AF_04/2024","UN",11.16]
["Instalações Hidráulicas - Reservação e Bombas de Recalque",94729,"LUVA, CPVC, SOLDÁVEL, DN 35 MM, INSTALADO EM RESERVAÇÃO PREDIAL DE ÁGUA - FORNECIMENTO E INSTALAÇÃO. AF_04/2024","UN",19.23]
["Instalações Hidráulicas - Reservação e Bombas de Recalque",94731,"LUVA, CPVC, SOLDÁVEL, DN 42 MM, INSTALADO EM RESERVAÇÃO PREDIAL DE ÁGUA - FORNECIMENTO E INSTALAÇÃO. AF_04/2024","UN",25.51]
["Instalações Hidráulicas - Reservação e Bombas de Recalque",94733,"LUVA, CPVC, SOLDÁVEL, DN 54 MM, INSTALADO EM RESERVAÇÃO PREDIAL DE ÁGUA - FORNECIMENTO E INSTALAÇÃO. AF_04/2024","UN",44.74]
["Instalações Hidráulicas - Reservação e Bombas de Recalque",94863,"LUVA, CPVC, SOLDÁVEL, DN 73 MM, INSTALADO EM RESERVAÇÃO PREDIAL DE ÁGUA - FORNECIMENTO E INSTALAÇÃO. AF_04/2024","UN",154.87]
["Instalações Hidráulicas - Reservação e Bombas de Recalque",94737,"LUVA, CPVC, SOLDÁVEL, DN 89 MM, INSTALADO EM RESERVAÇÃO PREDIAL DE ÁGUA - FORNECIMENTO E INSTALAÇÃO. AF_04/2024","UN",184.72]
["Instalações Hidráulicas - Reservação e Bombas de Recalque",94465,"LUVA, EM FERRO GALVANIZADO, CONEXÃO ROSQUEADA, DN 50 MM (2\"), INSTALADO EM RESERVAÇÃO PREDIAL DE ÁGUA - FORNECIMENTO E INSTALAÇÃO. AF_04/2024","UN",51.51]
["Instalações Hidráulicas - Reservação e Bombas de Recalque",94467,"LUVA, EM FERRO GALVANIZADO, CONEXÃO ROSQUEADA, DN 65 MM (2 1/2\"), INSTALADO EM RESERVAÇÃO PREDIAL DE ÁGUA - FORNECIMENTO E INSTALAÇÃO. AF_04/2024","UN",81.89]
["Instalações Hidráulicas - Reservação e Bombas de Recalque",94469,"LUVA, EM FERRO GALVANIZADO, CONEXÃO ROSQUEADA, DN 80 MM (3\"), INSTALADO EM RESERVAÇÃO PREDIAL DE ÁGUA - FORNECIMENTO E INSTALAÇÃO. AF_04/2024","UN",116.41]
["Instalações Hidráulicas - Reservação e Bombas de Recalque",96746,"LUVA, PPR, DN 110 MM, CLASSE PN 25, INSTALADO EM RESERVAÇÃO PREDIAL DE ÁGUA - FORNECIMENTO E INSTALAÇÃO. AF_04/2024","UN",116.96]
["Instalações Hidráulicas - Reservação e Bombas de Recalque",96736,"LUVA, PPR, DN 20 MM, INSTALADO EM RESERVAÇÃO PREDIAL DE ÁGUA - FORNECIMENTO E INSTALAÇÃO. AF_04/2024","UN",6.39]
["Instalações Hidráulicas - Reservação e Bombas de Recalque",96737,"LUVA, PPR, DN 25 MM, INSTALADO EM RESERVAÇÃO PREDIAL DE ÁGUA - FORNECIMENTO E INSTALAÇÃO. AF_04/2024","UN",6.55]
["Instalações Hidráulicas - Reservação e Bombas de Recalque",96739,"LUVA, PPR, DN 32 MM, CLASSE PN 25, INSTALADO EM RESERVAÇÃO PREDIAL DE ÁGUA - FORNECIMENTO E INSTALAÇÃO. AF_04/2024","UN",9.0399999999999991]
["Instalações Hidráulicas - Reservação e Bombas de Recalque",96741,"LUVA, PPR, DN 40 MM, CLASSE PN 25, INSTALADO EM RESERVAÇÃO PREDIAL DE ÁGUA - FORNECIMENTO E INSTALAÇÃO. AF_04/2024","UN",17.55]
["Instalações Hidráulicas - Reservação e Bombas de Recalque",96742,"LUVA, PPR, DN 50 MM, CLASSE PN 25, INSTALADO EM RESERVAÇÃO PREDIAL DE ÁGUA - FORNECIMENTO E INSTALAÇÃO. AF_04/2024","UN",21.56]
["Instalações Hidráulicas - Reservação e Bombas de Recalque",96743,"LUVA, PPR, DN 63 MM, CLASSE PN 25, INSTALADO EM RESERVAÇÃO PREDIAL DE ÁGUA - FORNECIMENTO E INSTALAÇÃO. AF_04/2024","UN",33.64]
["Instalações Hidráulicas - Reservação e Bombas de Recalque",96744,"LUVA, PPR, DN 75 MM, CLASSE PN 25, INSTALADO EM RESERVAÇÃO PREDIAL DE ÁGUA - FORNECIMENTO E INSTALAÇÃO. AF_04/2024","UN",56.76]
["Instalações Hidráulicas - Reservação e Bombas de Recalque",96745,"LUVA, PPR, DN 90 MM, CLASSE PN 25, INSTALADO EM RESERVAÇÃO PREDIAL DE ÁGUA - FORNECIMENTO E INSTALAÇÃO. AF_04/2024","UN",88.97]
["Instalações Hidráulicas - Reservação e Bombas de Recalque",94671,"LUVA, PVC, SOLDÁVEL, DN 110 MM, INSTALADO EM RESERVAÇÃO PREDIAL DE ÁGUA - FORNECIMENTO E INSTALAÇÃO. AF_04/2024","UN",95.64]
["Instalações Hidráulicas - Reservação e Bombas de Recalque",94661,"LUVA, PVC, SOLDÁVEL, DN 40 MM, INSTALADO EM RESERVAÇÃO PREDIAL DE ÁGUA - FORNECIMENTO E INSTALAÇÃO. AF_04/2024","UN",9.3000000000000007]
["Instalações Hidráulicas - Reservação e Bombas de Recalque",94663,"LUVA, PVC, SOLDÁVEL, DN 50 MM, INSTALADO EM RESERVAÇÃO PREDIAL DE ÁGUA - FORNECIMENTO E INSTALAÇÃO. AF_04/2024","UN",11.77]
["Instalações Hidráulicas - Reservação e Bombas de Recalque",94665,"LUVA, PVC, SOLDÁVEL, DN 60 MM, INSTALADO EM RESERVAÇÃO PREDIAL DE ÁGUA - FORNECIMENTO E INSTALAÇÃO. AF_04/2024","UN",22.39]
["Instalações Hidráulicas - Reservação e Bombas de Recalque",94667,"LUVA, PVC, SOLDÁVEL, DN 75 MM, INSTALADO EM RESERVAÇÃO PREDIAL DE ÁGUA - FORNECIMENTO E INSTALAÇÃO. AF_04/2024","UN",32.96]
["Instalações Hidráulicas - Reservação e Bombas de Recalque",94669,"LUVA, PVC, SOLDÁVEL, DN 85 MM, INSTALADO EM RESERVAÇÃO PREDIAL DE ÁGUA - FORNECIMENTO E INSTALAÇÃO. AF_04/2024","UN",58.33]
["Instalações Hidráulicas - Reservação e Bombas de Recalque",105177,"NIPLE DE REDUÇÃO, EM FERRO GALVANIZADO, CONEXÃO ROSQUEADA, DN 80 MM X 50 MM (3\" X 2\"), INSTALADO EM RESERVAÇÃO PREDIAL DE ÁGUA - FORNECIMENTO E INSTALAÇÃO. AF_04/2024","UN",134.97999999999999]
["Instalações Hidráulicas - Reservação e Bombas de Recalque",105176,"NIPLE DE REDUÇÃO, EM FERRO GALVANIZADO, CONEXÃO ROSQUEADA, DN 80 MM X 65 MM (3\" X 2 1/2\"), INSTALADO EM RESERVAÇÃO PREDIAL DE ÁGUA - FORNECIMENTO E INSTALAÇÃO. AF_04/2024","UN",151.5]
["Instalações Hidráulicas - Reservação e Bombas de Recalque",94466,"NIPLE, EM FERRO GALVANIZADO, CONEXÃO ROSQUEADA, DN 50 MM (2\"), INSTALADO EM RESERVAÇÃO PREDIAL DE ÁGUA - FORNECIMENTO E INSTALAÇÃO. AF_04/2024","UN",51.53]
["Instalações Hidráulicas - Reservação e Bombas de Recalque",94468,"NIPLE, EM FERRO GALVANIZADO, CONEXÃO ROSQUEADA, DN 65 MM (2 1/2\"), INSTALADO EM RESERVAÇÃO PREDIAL DE ÁGUA - FORNECIMENTO E INSTALAÇÃO. AF_04/2024","UN",72.23]
["Instalações Hidráulicas - Reservação e Bombas de Recalque",94470,"NIPLE, EM FERRO GALVANIZADO, CONEXÃO ROSQUEADA, DN 80 MM (3\"), INSTALADO EM RESERVAÇÃO PREDIAL DE ÁGUA - FORNECIMENTO E INSTALAÇÃO. AF_04/2024","UN",107.82]
["Instalações Hidráulicas - Reservação e Bombas de Recalque",105225,"TE DE REDUÇÃO, CPVC, DN 28 X 22 MM, INSTALADO EM RESERVAÇÃO PREDIAL DE ÁGUA - FORNECIMENTO E INSTALAÇÃO. AF_04/2024","UN",16.89]
["Instalações Hidráulicas - Reservação e Bombas de Recalque",105226,"TE DE REDUÇÃO, CPVC, DN 35 X 28 MM, INSTALADO EM RESERVAÇÃO PREDIAL DE ÁGUA - FORNECIMENTO E INSTALAÇÃO. AF_04/2024","UN",39.17]
["Instalações Hidráulicas - Reservação e Bombas de Recalque",105227,"TE DE REDUÇÃO, CPVC, DN 42 X 35 MM, INSTALADO EM RESERVAÇÃO PREDIAL DE ÁGUA - FORNECIMENTO E INSTALAÇÃO. AF_04/2024","UN",56.06]
["Instalações Hidráulicas - Reservação e Bombas de Recalque",105212,"TE DE REDUÇÃO, EM FERRO GALVANIZADO, CONEXÃO ROSQUEADA, DN 80 MM X 50 MM (3\" X 2\"), INSTALADO EM RESERVAÇÃO PREDIAL DE ÁGUA - FORNECIMENTO E INSTALAÇÃO. AF_04/2024","UN",230.09]
["Instalações Hidráulicas - Reservação e Bombas de Recalque",105211,"TE DE REDUÇÃO, EM FERRO GALVANIZADO, CONEXÃO ROSQUEADA, DN 80 MM X 65 MM (3\" X 2 1/2\"), INSTALADO EM RESERVAÇÃO PREDIAL DE ÁGUA - FORNECIMENTO E INSTALAÇÃO. AF_04/2024","UN",232.19]
["Instalações Hidráulicas - Reservação e Bombas de Recalque",105189,"TE DE REDUÇÃO, PVC, SOLDÁVEL, 90 GRAUS, DN 50 MM X 25 MM, INSTALADO EM RESERVAÇÃO PREDIAL DE ÁGUA - FORNECIMENTO E INSTALAÇÃO. AF_04/2024","UN",20.65]
["Instalações Hidráulicas - Reservação e Bombas de Recalque",105190,"TE DE REDUÇÃO, PVC, SOLDÁVEL, 90 GRAUS, DN 50 MM X 32 MM, INSTALADO EM RESERVAÇÃO PREDIAL DE ÁGUA - FORNECIMENTO E INSTALAÇÃO. AF_04/2024","UN",25.33]
["Instalações Hidráulicas - Reservação e Bombas de Recalque",94625,"TE EM COBRE, DN 104 MM, SEM ANEL DE SOLDA, INSTALADO EM RESERVAÇÃO PREDIAL DE ÁGUA - FORNECIMENTO E INSTALAÇÃO. AF_04/2024","UN",1558.94]
["Instalações Hidráulicas - Reservação e Bombas de Recalque",94622,"TE EM COBRE, DN 54 MM, SEM ANEL DE SOLDA, INSTALADO EM RESERVAÇÃO PREDIAL DE ÁGUA - FORNECIMENTO E INSTALAÇÃO. AF_04/2024","UN",210.8]
["Instalações Hidráulicas - Reservação e Bombas de Recalque",94623,"TE EM COBRE, DN 66 MM, SEM ANEL DE SOLDA, INSTALADO EM RESERVAÇÃO PREDIAL DE ÁGUA - FORNECIMENTO E INSTALAÇÃO. AF_04/2024","UN",496.68]
["Instalações Hidráulicas - Reservação e Bombas de Recalque",94624,"TE EM COBRE, DN 79 MM, SEM ANEL DE SOLDA, INSTALADO EM RESERVAÇÃO PREDIAL DE ÁGUA - FORNECIMENTO E INSTALAÇÃO. AF_04/2024","UN",746.28]
["Instalações Hidráulicas - Reservação e Bombas de Recalque",94763,"TE, CPVC, SOLDÁVEL, DN 114 MM, INSTALADO EM RESERVAÇÃO PREDIAL DE ÁGUA - FORNECIMENTO E INSTALAÇÃO. AF_04/2024","UN",348.48]
["Instalações Hidráulicas - Reservação e Bombas de Recalque",94756,"TE, CPVC, SOLDÁVEL, DN 22 MM, INSTALADO EM RESERVAÇÃO PREDIAL DE ÁGUA - FORNECIMENTO E INSTALAÇÃO. AF_04/2024","UN",12.58]
["Instalações Hidráulicas - Reservação e Bombas de Recalque",94757,"TE, CPVC, SOLDÁVEL, DN 28 MM, INSTALADO EM RESERVAÇÃO PREDIAL DE ÁGUA - FORNECIMENTO E INSTALAÇÃO. AF_04/2024","UN",19.72]
["Instalações Hidráulicas - Reservação e Bombas de Recalque",94758,"TE, CPVC, SOLDÁVEL, DN 35 MM, INSTALADO EM RESERVAÇÃO PREDIAL DE ÁGUA - FORNECIMENTO E INSTALAÇÃO. AF_04/2024","UN",49.72]
["Instalações Hidráulicas - Reservação e Bombas de Recalque",94759,"TE, CPVC, SOLDÁVEL, DN 42 MM, INSTALADO EM RESERVAÇÃO PREDIAL DE ÁGUA - FORNECIMENTO E INSTALAÇÃO. AF_04/2024","UN",63.33]
["Instalações Hidráulicas - Reservação e Bombas de Recalque",94760,"TE, CPVC, SOLDÁVEL, DN 54 MM, INSTALADO EM RESERVAÇÃO PREDIAL DE ÁGUA - FORNECIMENTO E INSTALAÇÃO. AF_04/2024","UN",100.89]
["Instalações Hidráulicas - Reservação e Bombas de Recalque",94761,"TE, CPVC, SOLDÁVEL, DN 73 MM, INSTALADO EM RESERVAÇÃO PREDIAL DE ÁGUA - FORNECIMENTO E INSTALAÇÃO. AF_04/2024","UN",217.95]
["Instalações Hidráulicas - Reservação e Bombas de Recalque",94762,"TE, CPVC, SOLDÁVEL, DN 89 MM, INSTALADO EM RESERVAÇÃO PREDIAL DE ÁGUA - FORNECIMENTO E INSTALAÇÃO. AF_04/2024","UN",264.68]
["Instalações Hidráulicas - Reservação e Bombas de Recalque",94462,"TUBO DE AÇO GALVANIZADO COM COSTURA, CLASSE MÉDIA, DN 50 MM (2\"), CONEXÃO ROSQUEADA, INSTALADO EM RESERVAÇÃO PREDIAL DE ÁGUA - FORNECIMENTO E INSTALAÇÃO. AF_04/2024","M",105.18]
["Instalações Hidráulicas - Reservação e Bombas de Recalque",94463,"TUBO DE AÇO GALVANIZADO COM COSTURA, CLASSE MÉDIA, DN 65 MM (2 1/2\"), CONEXÃO ROSQUEADA, INSTALADO EM RESERVAÇÃO PREDIAL DE ÁGUA - FORNECIMENTO E INSTALAÇÃO. AF_04/2024","M",128.94]
["Instalações Hidráulicas - Reservação e Bombas de Recalque",94464,"TUBO DE AÇO GALVANIZADO COM COSTURA, CLASSE MÉDIA, DN 80 MM (3\"), CONEXÃO ROSQUEADA, INSTALADO EM RESERVAÇÃO PREDIAL DE ÁGUA - FORNECIMENTO E INSTALAÇÃO. AF_04/2024","M",169.33]
["Instalações Hidráulicas - Reservação e Bombas de Recalque",94605,"TUBO EM COBRE RÍGIDO, DN 104 MM, CLASSE E, SEM ISOLAMENTO, INSTALADO EM RESERVAÇÃO PREDIAL DE ÁGUA - FORNECIMENTO E INSTALAÇÃO. AF_04/2024","M",662.75]
["Instalações Hidráulicas - Reservação e Bombas de Recalque",94602,"TUBO EM COBRE RÍGIDO, DN 54 MM, CLASSE E, SEM ISOLAMENTO, INSTALADO EM RESERVAÇÃO PREDIAL DE ÁGUA - FORNECIMENTO E INSTALAÇÃO. AF_04/2024","M",235.57]
["Instalações Hidráulicas - Reservação e Bombas de Recalque",94603,"TUBO EM COBRE RÍGIDO, DN 66 MM, CLASSE E, SEM ISOLAMENTO, INSTALADO EM RESERVAÇÃO PREDIAL DE ÁGUA - FORNECIMENTO E INSTALAÇÃO. AF_04/2024","M",321.52]
["Instalações Hidráulicas - Reservação e Bombas de Recalque",94604,"TUBO EM COBRE RÍGIDO, DN 79 MM, CLASSE E, SEM ISOLAMENTO, INSTALADO EM RESERVAÇÃO PREDIAL DE ÁGUA - FORNECIMENTO E INSTALAÇÃO. AF_04/2024","M",457.67]
["Instalações Hidráulicas - Reservação e Bombas de Recalque",94723,"TUBO, CPVC, SOLDÁVEL, DN 114 MM, INSTALADO EM RESERVAÇÃO PREDIAL DE ÁGUA - FORNECIMENTO E INSTALAÇÃO. AF_04/2024","M",445.68]
["Instalações Hidráulicas - Reservação e Bombas de Recalque",94716,"TUBO, CPVC, SOLDÁVEL, DN 22 MM, INSTALADO EM RESERVAÇÃO PREDIAL DE ÁGUA - FORNECIMENTO E INSTALAÇÃO. AF_04/2024","M",21.99]
["Instalações Hidráulicas - Reservação e Bombas de Recalque",94717,"TUBO, CPVC, SOLDÁVEL, DN 28 MM, INSTALADO EM RESERVAÇÃO PREDIAL DE ÁGUA - FORNECIMENTO E INSTALAÇÃO. AF_04/2024","M",36.770000000000003]
["Instalações Hidráulicas - Reservação e Bombas de Recalque",94718,"TUBO, CPVC, SOLDÁVEL, DN 35 MM, INSTALADO EM RESERVAÇÃO PREDIAL DE ÁGUA - FORNECIMENTO E INSTALAÇÃO. AF_04/2024","M",48.02]
["Instalações Hidráulicas - Reservação e Bombas de Recalque",94719,"TUBO, CPVC, SOLDÁVEL, DN 42 MM, INSTALADO EM RESERVAÇÃO PREDIAL DE ÁGUA - FORNECIMENTO E INSTALAÇÃO. AF_04/2024","M",64.069999999999993]
["Instalações Hidráulicas - Reservação e Bombas de Recalque",94720,"TUBO, CPVC, SOLDÁVEL, DN 54 MM, INSTALADO EM RESERVAÇÃO PREDIAL DE ÁGUA - FORNECIMENTO E INSTALAÇÃO. AF_04/2024","M",93.82]
["Instalações Hidráulicas - Reservação e Bombas de Recalque",94721,"TUBO, CPVC, SOLDÁVEL, DN 73 MM, INSTALADO EM RESERVAÇÃO PREDIAL DE ÁGUA - FORNECIMENTO E INSTALAÇÃO. AF_04/2024","M",152.1]
["Instalações Hidráulicas - Reservação e Bombas de Recalque",94722,"TUBO, CPVC, SOLDÁVEL, DN 89 MM, INSTALADO EM RESERVAÇÃO PREDIAL DE ÁGUA - FORNECIMENTO E INSTALAÇÃO. AF_04/2024","M",237.04]
["Instalações Hidráulicas - Reservação e Bombas de Recalque",96726,"TUBO, PPR, DN 110 MM, CLASSE PN 12, INSTALADO EM RESERVAÇÃO PREDIAL DE ÁGUA - FORNECIMENTO E INSTALAÇÃO. AF_04/2024","M",173.04]
["Instalações Hidráulicas - Reservação e Bombas de Recalque",96735,"TUBO, PPR, DN 110 MM, CLASSE PN 25, INSTALADO EM RESERVAÇÃO PREDIAL DE ÁGUA - FORNECIMENTO E INSTALAÇÃO. AF_04/2024","M",326.81]
["Instalações Hidráulicas - Reservação e Bombas de Recalque",96718,"TUBO, PPR, DN 20 MM, CLASSE PN 20, INSTALADO EM RESERVAÇÃO PREDIAL DE ÁGUA - FORNECIMENTO E INSTALAÇÃO. AF_04/2024","M",15.56]
["Instalações Hidráulicas - Reservação e Bombas de Recalque",96727,"TUBO, PPR, DN 20 MM, CLASSE PN 25, INSTALADO EM RESERVAÇÃO PREDIAL DE ÁGUA - FORNECIMENTO E INSTALAÇÃO. AF_04/2024","M",17.72]
["Instalações Hidráulicas - Reservação e Bombas de Recalque",96719,"TUBO, PPR, DN 25 MM, CLASSE PN 20, INSTALADO EM RESERVAÇÃO PREDIAL DE ÁGUA - FORNECIMENTO E INSTALAÇÃO. AF_04/2024","M",19.899999999999999]
["Instalações Hidráulicas - Reservação e Bombas de Recalque",96728,"TUBO, PPR, DN 25 MM, CLASSE PN 25, INSTALADO EM RESERVAÇÃO PREDIAL DE ÁGUA - FORNECIMENTO E INSTALAÇÃO. AF_04/2024","M",22.86]
["Instalações Hidráulicas - Reservação e Bombas de Recalque",96720,"TUBO, PPR, DN 32 MM, CLASSE PN 12, INSTALADO EM RESERVAÇÃO PREDIAL DE ÁGUA - FORNECIMENTO E INSTALAÇÃO. AF_04/2024","M",18.059999999999999]
["Instalações Hidráulicas - Reservação e Bombas de Recalque",96729,"TUBO, PPR, DN 32 MM, CLASSE PN 25, INSTALADO EM RESERVAÇÃO PREDIAL DE ÁGUA - FORNECIMENTO E INSTALAÇÃO. AF_04/2024","M",29.46]
["Instalações Hidráulicas - Reservação e Bombas de Recalque",96721,"TUBO, PPR, DN 40 MM, CLASSE PN 12, INSTALADO EM RESERVAÇÃO PREDIAL DE ÁGUA - FORNECIMENTO E INSTALAÇÃO. AF_04/2024","M",23.45]
["Instalações Hidráulicas - Reservação e Bombas de Recalque",96730,"TUBO, PPR, DN 40 MM, CLASSE PN 25, INSTALADO EM RESERVAÇÃO PREDIAL DE ÁGUA - FORNECIMENTO E INSTALAÇÃO. AF_04/2024","M",40.700000000000003]
["Instalações Hidráulicas - Reservação e Bombas de Recalque",96722,"TUBO, PPR, DN 50 MM, CLASSE PN 12, INSTALADO EM RESERVAÇÃO PREDIAL DE ÁGUA - FORNECIMENTO E INSTALAÇÃO. AF_04/2024","M",35.97]
["Instalações Hidráulicas - Reservação e Bombas de Recalque",96731,"TUBO, PPR, DN 50 MM, CLASSE PN 25, INSTALADO EM RESERVAÇÃO PREDIAL DE ÁGUA - FORNECIMENTO E INSTALAÇÃO. AF_04/2024","M",61.48]
["Instalações Hidráulicas - Reservação e Bombas de Recalque",96723,"TUBO, PPR, DN 63 MM, CLASSE PN 12, INSTALADO EM RESERVAÇÃO PREDIAL DE ÁGUA - FORNECIMENTO E INSTALAÇÃO. AF_04/2024","M",55.79]
["Instalações Hidráulicas - Reservação e Bombas de Recalque",96732,"TUBO, PPR, DN 63 MM, CLASSE PN 25, INSTALADO EM RESERVAÇÃO PREDIAL DE ÁGUA - FORNECIMENTO E INSTALAÇÃO. AF_04/2024","M",103.49]
["Instalações Hidráulicas - Reservação e Bombas de Recalque",96724,"TUBO, PPR, DN 75 MM, CLASSE PN 12, INSTALADO EM RESERVAÇÃO PREDIAL DE ÁGUA - FORNECIMENTO E INSTALAÇÃO. AF_04/2024","M",71.63]
["Instalações Hidráulicas - Reservação e Bombas de Recalque",96733,"TUBO, PPR, DN 75 MM, CLASSE PN 25, INSTALADO EM RESERVAÇÃO PREDIAL DE ÁGUA - FORNECIMENTO E INSTALAÇÃO. AF_04/2024","M",141]
["Instalações Hidráulicas - Reservação e Bombas de Recalque",96725,"TUBO, PPR, DN 90 MM, CLASSE PN 12, INSTALADO EM RESERVAÇÃO PREDIAL DE ÁGUA - FORNECIMENTO E INSTALAÇÃO. AF_04/2024","M",117.12]
["Instalações Hidráulicas - Reservação e Bombas de Recalque",96734,"TUBO, PPR, DN 90 MM, CLASSE PN 25, INSTALADO EM RESERVAÇÃO PREDIAL DE ÁGUA - FORNECIMENTO E INSTALAÇÃO. AF_04/2024","M",234.99]
["Instalações Hidráulicas - Reservação e Bombas de Recalque",94655,"TUBO, PVC, SOLDÁVEL, DE 110MM, INSTALADO EM RESERVAÇÃO PREDIAL DE ÁGUA - FORNECIMENTO E INSTALAÇÃO. AF_04/2024","M",110.54]
["Instalações Hidráulicas - Reservação e Bombas de Recalque",94648,"TUBO, PVC, SOLDÁVEL, DE 25MM, INSTALADO EM RESERVAÇÃO PREDIAL DE ÁGUA - FORNECIMENTO E INSTALAÇÃO. AF_04/2024","M",6.46]
["Instalações Hidráulicas - Reservação e Bombas de Recalque",94649,"TUBO, PVC, SOLDÁVEL, DE 32MM, INSTALADO EM RESERVAÇÃO PREDIAL DE ÁGUA - FORNECIMENTO E INSTALAÇÃO. AF_04/2024","M",11.73]
["Instalações Hidráulicas - Reservação e Bombas de Recalque",94650,"TUBO, PVC, SOLDÁVEL, DE 40MM, INSTALADO EM RESERVAÇÃO PREDIAL DE ÁGUA - FORNECIMENTO E INSTALAÇÃO. AF_04/2024","M",17.61]
["Instalações Hidráulicas - Reservação e Bombas de Recalque",94651,"TUBO, PVC, SOLDÁVEL, DE 50MM, INSTALADO EM RESERVAÇÃO PREDIAL DE ÁGUA - FORNECIMENTO E INSTALAÇÃO. AF_04/2024","M",20.71]
["Instalações Hidráulicas - Reservação e Bombas de Recalque",94652,"TUBO, PVC, SOLDÁVEL, DE 60MM, INSTALADO EM RESERVAÇÃO PREDIAL DE ÁGUA - FORNECIMENTO E INSTALAÇÃO. AF_04/2024","M",32.14]
["Instalações Hidráulicas - Reservação e Bombas de Recalque",94653,"TUBO, PVC, SOLDÁVEL, DE 75MM, INSTALADO EM RESERVAÇÃO PREDIAL DE ÁGUA - FORNECIMENTO E INSTALAÇÃO. AF_04/2024","M",51.66]
["Instalações Hidráulicas - Reservação e Bombas de Recalque",94654,"TUBO, PVC, SOLDÁVEL, DE 85MM, INSTALADO EM RESERVAÇÃO PREDIAL DE ÁGUA - FORNECIMENTO E INSTALAÇÃO. AF_04/2024","M",70.09]
["Instalações Hidráulicas - Reservação e Bombas de Recalque",94689,"TÊ COM BUCHA DE LATÃO NA BOLSA CENTRAL, PVC, SOLDÁVEL, DN 25 MM X 3/4\", INSTALADO EM RESERVAÇÃO PREDIAL DE ÁGUA - FORNECIMENTO E INSTALAÇÃO. AF_04/2024","UN",9.17]
["Instalações Hidráulicas - Reservação e Bombas de Recalque",94702,"TÊ DE REDUÇÃO, PVC, SOLDÁVEL, DN 110 MM X 60 MM, INSTALADO EM RESERVAÇÃO PREDIAL DE ÁGUA - FORNECIMENTO E INSTALAÇÃO. AF_04/2024","UN",169.04]
["Instalações Hidráulicas - Reservação e Bombas de Recalque",94691,"TÊ DE REDUÇÃO, PVC, SOLDÁVEL, DN 32 MM X 25 MM, INSTALADO EM RESERVAÇÃO PREDIAL DE ÁGUA - FORNECIMENTO E INSTALAÇÃO. AF_04/2024","UN",12.96]
["Instalações Hidráulicas - Reservação e Bombas de Recalque",94693,"TÊ DE REDUÇÃO, PVC, SOLDÁVEL, DN 40 MM X 32 MM, INSTALADO EM RESERVAÇÃO PREDIAL DE ÁGUA - FORNECIMENTO E INSTALAÇÃO. AF_04/2024","UN",16.98]
["Instalações Hidráulicas - Reservação e Bombas de Recalque",94695,"TÊ DE REDUÇÃO, PVC, SOLDÁVEL, DN 50 MM X 40 MM, INSTALADO EM RESERVAÇÃO PREDIAL DE ÁGUA - FORNECIMENTO E INSTALAÇÃO. AF_04/2024","UN",29.05]
["Instalações Hidráulicas - Reservação e Bombas de Recalque",94698,"TÊ DE REDUÇÃO, PVC, SOLDÁVEL, DN 75 MM X 50 MM, INSTALADO EM RESERVAÇÃO PREDIAL DE ÁGUA - FORNECIMENTO E INSTALAÇÃO. AF_04/2024","UN",61.64]
["Instalações Hidráulicas - Reservação e Bombas de Recalque",94700,"TÊ DE REDUÇÃO, PVC, SOLDÁVEL, DN 85 MM X 60 MM, INSTALADO EM RESERVAÇÃO PREDIAL DE ÁGUA - FORNECIMENTO E INSTALAÇÃO. AF_04/2024","UN",117.28]
["Instalações Hidráulicas - Reservação e Bombas de Recalque",94477,"TÊ, EM FERRO GALVANIZADO, CONEXÃO ROSQUEADA, DN 50 MM (2\"), INSTALADO EM RESERVAÇÃO PREDIAL DE ÁGUA - FORNECIMENTO E INSTALAÇÃO. AF_04/2024","UN",99.09]
["Instalações Hidráulicas - Reservação e Bombas de Recalque",94478,"TÊ, EM FERRO GALVANIZADO, CONEXÃO ROSQUEADA, DN 65 MM (2 1/2\"), INSTALADO EM RESERVAÇÃO PREDIAL DE ÁGUA - FORNECIMENTO E INSTALAÇÃO. AF_04/2024","UN",161.37]
["Instalações Hidráulicas - Reservação e Bombas de Recalque",94479,"TÊ, EM FERRO GALVANIZADO, CONEXÃO ROSQUEADA, DN 80 MM (3\"), INSTALADO EM RESERVAÇÃO PREDIAL DE ÁGUA - FORNECIMENTO E INSTALAÇÃO. AF_04/2024","UN",209.28]
["Instalações Hidráulicas - Reservação e Bombas de Recalque",96764,"TÊ, PPR, DN 110 MM, INSTALADO EM RESERVAÇÃO PREDIAL DE ÁGUA - FORNECIMENTO E INSTALAÇÃO. AF_04/2024","UN",322.58999999999997]
["Instalações Hidráulicas - Reservação e Bombas de Recalque",105164,"TÊ, PPR, DN 20 MM, INSTALADO EM RESERVAÇÃO PREDIAL DE ÁGUA - FORNECIMENTO E INSTALAÇÃO. AF_04/2024","UN",11.58]
["Instalações Hidráulicas - Reservação e Bombas de Recalque",105165,"TÊ, PPR, DN 25 MM, INSTALADO EM RESERVAÇÃO PREDIAL DE ÁGUA - FORNECIMENTO E INSTALAÇÃO. AF_04/2024","UN",11.81]
["Instalações Hidráulicas - Reservação e Bombas de Recalque",96758,"TÊ, PPR, DN 32 MM, INSTALADO EM RESERVAÇÃO PREDIAL DE ÁGUA - FORNECIMENTO E INSTALAÇÃO. AF_04/2024","UN",18.03]
["Instalações Hidráulicas - Reservação e Bombas de Recalque",96759,"TÊ, PPR, DN 40 MM, INSTALADO EM RESERVAÇÃO PREDIAL DE ÁGUA - FORNECIMENTO E INSTALAÇÃO. AF_04/2024","UN",26.68]
["Instalações Hidráulicas - Reservação e Bombas de Recalque",96760,"TÊ, PPR, DN 50 MM, INSTALADO EM RESERVAÇÃO PREDIAL DE ÁGUA - FORNECIMENTO E INSTALAÇÃO. AF_04/2024","UN",43.45]
["Instalações Hidráulicas - Reservação e Bombas de Recalque",96761,"TÊ, PPR, DN 63 MM, INSTALADO EM RESERVAÇÃO PREDIAL DE ÁGUA - FORNECIMENTO E INSTALAÇÃO. AF_04/2024","UN",64.760000000000005]
["Instalações Hidráulicas - Reservação e Bombas de Recalque",96762,"TÊ, PPR, DN 75 MM, INSTALADO EM RESERVAÇÃO PREDIAL DE ÁGUA - FORNECIMENTO E INSTALAÇÃO. AF_04/2024","UN",121.87]
["Instalações Hidráulicas - Reservação e Bombas de Recalque",96763,"TÊ, PPR, DN 90 MM, INSTALADO EM RESERVAÇÃO PREDIAL DE ÁGUA - FORNECIMENTO E INSTALAÇÃO. AF_04/2024","UN",163.22]
["Instalações Hidráulicas - Reservação e Bombas de Recalque",94701,"TÊ, PVC, SOLDÁVEL, DN 110 MM INSTALADO EM RESERVAÇÃO PREDIAL DE ÁGUA - FORNECIMENTO E INSTALAÇÃO. AF_04/2024","UN",203.41]
["Instalações Hidráulicas - Reservação e Bombas de Recalque",94688,"TÊ, PVC, SOLDÁVEL, DN 25 MM INSTALADO EM RESERVAÇÃO PREDIAL DE ÁGUA - FORNECIMENTO E INSTALAÇÃO. AF_04/2024","UN",6.96]
["Instalações Hidráulicas - Reservação e Bombas de Recalque",94690,"TÊ, PVC, SOLDÁVEL, DN 32 MM INSTALADO EM RESERVAÇÃO PREDIAL DE ÁGUA - FORNECIMENTO E INSTALAÇÃO. AF_04/2024","UN",11.1]
["Instalações Hidráulicas - Reservação e Bombas de Recalque",94692,"TÊ, PVC, SOLDÁVEL, DN 40 MM INSTALADO EM RESERVAÇÃO PREDIAL DE ÁGUA - FORNECIMENTO E INSTALAÇÃO. AF_04/2024","UN",18.38]
["Instalações Hidráulicas - Reservação e Bombas de Recalque",94694,"TÊ, PVC, SOLDÁVEL, DN 50 MM INSTALADO EM RESERVAÇÃO PREDIAL DE ÁGUA - FORNECIMENTO E INSTALAÇÃO. AF_04/2024","UN",23.07]
["Instalações Hidráulicas - Reservação e Bombas de Recalque",94696,"TÊ, PVC, SOLDÁVEL, DN 60 MM INSTALADO EM RESERVAÇÃO PREDIAL DE ÁGUA - FORNECIMENTO E INSTALAÇÃO. AF_04/2024","UN",46.81]
["Instalações Hidráulicas - Reservação e Bombas de Recalque",94697,"TÊ, PVC, SOLDÁVEL, DN 75 MM INSTALADO EM RESERVAÇÃO PREDIAL DE ÁGUA - FORNECIMENTO E INSTALAÇÃO. AF_04/2024","UN",79.47]
["Instalações Hidráulicas - Reservação e Bombas de Recalque",94699,"TÊ, PVC, SOLDÁVEL, DN 85 MM INSTALADO EM RESERVAÇÃO PREDIAL DE ÁGUA - FORNECIMENTO E INSTALAÇÃO. AF_04/2024","UN",104.99]
["Instalações Hidráulicas - Reservação e Bombas de Recalque",105167,"UNIÃO FLANGE, PPR, COM PARAFUSOS, DN 40 MM, INSTALADO EM RESERVAÇÃO PREDIAL DE ÁGUA - FORNECIMENTO E INSTALAÇÃO. AF_04/2024","UN",228.39]
["Instalações Hidráulicas - Reservação e Bombas de Recalque",105168,"UNIÃO FLANGE, PPR, COM PARAFUSOS, DN 50 MM, INSTALADO EM RESERVAÇÃO PREDIAL DE ÁGUA - FORNECIMENTO E INSTALAÇÃO. AF_04/2024","UN",0]
["Instalações Hidráulicas - Reservação e Bombas de Recalque",105171,"UNIÃO FLANGE, PPR, COM PARAFUSOS, DN 63 MM, INSTALADO EM RESERVAÇÃO PREDIAL DE ÁGUA - FORNECIMENTO E INSTALAÇÃO. AF_04/2024","UN",0]
["Instalações Hidráulicas - Reservação e Bombas de Recalque",105191,"UNIÃO FLANGE, PPR, COM PARAFUSOS, DN 75 MM, INSTALADO EM RESERVAÇÃO PREDIAL DE ÁGUA - FORNECIMENTO E INSTALAÇÃO. AF_04/2024","UN",0]
["Instalações Hidráulicas - Reservação e Bombas de Recalque",105192,"UNIÃO FLANGE, PPR, COM PARAFUSOS, DN 90 MM, INSTALADO EM RESERVAÇÃO PREDIAL DE ÁGUA - FORNECIMENTO E INSTALAÇÃO. AF_04/2024","UN",0]
["Instalações Hidráulicas em PEX",96809,"CONEXÃO FIXA, ROSCA FÊMEA, METÁLICA, PARA INSTALAÇÕES EM PEX ÁGUA, DN 16 MM X 1/2\", COM ANEL DESLIZANTE. FORNECIMENTO E INSTALAÇÃO. AF_02/2023","UN",19.93]
["Instalações Hidráulicas em PEX",96812,"CONEXÃO FIXA, ROSCA FÊMEA, METÁLICA, PARA INSTALAÇÕES EM PEX ÁGUA, DN 20 MM X 1/2\", COM ANEL DESLIZANTE. FORNECIMENTO E INSTALAÇÃO. AF_02/2023","UN",20.8]
["Instalações Hidráulicas em PEX",96813,"CONEXÃO FIXA, ROSCA FÊMEA, METÁLICA, PARA INSTALAÇÕES EM PEX ÁGUA, DN 20 MM X 3/4\", COM ANEL DESLIZANTE. FORNECIMENTO E INSTALAÇÃO. AF_02/2023","UN",23.7]
["Instalações Hidráulicas em PEX",96817,"CONEXÃO FIXA, ROSCA FÊMEA, METÁLICA, PARA INSTALAÇÕES EM PEX ÁGUA, DN 25 MM X 1\", COM ANEL DESLIZANTE - FORNECIMENTO E INSTALAÇÃO. AF_02/2023","UN",35.53]
["Instalações Hidráulicas em PEX",96816,"CONEXÃO FIXA, ROSCA FÊMEA, METÁLICA, PARA INSTALAÇÕES EM PEX ÁGUA, DN 25 MM X 3/4\", COM ANEL DESLIZANTE - FORNECIMENTO E INSTALAÇÃO. AF_02/2023","UN",26.73]
["Instalações Hidráulicas em PEX",96821,"CONEXÃO FIXA, ROSCA FÊMEA, METÁLICA, PARA INSTALAÇÕES EM PEX ÁGUA, DN 32 MM X 1\", COM ANEL DESLIZANTE - FORNECIMENTO E INSTALAÇÃO. AF_02/2023","UN",39.53]
["Instalações Hidráulicas em PEX",96824,"CONEXÃO FIXA, ROSCA FÊMEA, PARA INSTALAÇÕES EM PEX ÁGUA, DN 16MM X 1/2\", CONEXÃO POR CRIMPAGEM - FORNECIMENTO E INSTALAÇÃO. AF_02/2023","UN",18.670000000000002]
["Instalações Hidráulicas em PEX",96827,"CONEXÃO FIXA, ROSCA FÊMEA, PARA INSTALAÇÕES EM PEX ÁGUA, DN 20MM X 1/2\", CONEXÃO POR CRIMPAGEM - FORNECIMENTO E INSTALAÇÃO. AF_02/2023","UN",20.329999999999998]
["Instalações Hidráulicas em PEX",96828,"CONEXÃO FIXA, ROSCA FÊMEA, PARA INSTALAÇÕES EM PEX ÁGUA, DN 20MM X 3/4\", CONEXÃO POR CRIMPAGEM - FORNECIMENTO E INSTALAÇÃO. AF_02/2023","UN",25.01]
["Instalações Hidráulicas em PEX",96832,"CONEXÃO FIXA, ROSCA FÊMEA, PARA INSTALAÇÕES EM PEX ÁGUA, DN 25MM X 3/4\", CONEXÃO POR CRIMPAGEM - FORNECIMENTO E INSTALAÇÃO. AF_02/2023","UN",31.35]
["Instalações Hidráulicas em PEX",104525,"CONEXÃO FIXA, ROSCA MACHO, PARA INSTALAÇÕES EM PEX ÁGUA, DN 16 MM X 1/2\", COM ANEL DESLIZANTE - FORNECIMENTO E INSTALAÇÃO. AF_02/2023","UN",0]
["Instalações Hidráulicas em PEX",104563,"CONEXÃO FIXA, ROSCA MACHO, PARA INSTALAÇÕES EM PEX ÁGUA, DN 16 MM X 3/4\", COM ANEL DESLIZANTE - FORNECIMENTO E INSTALAÇÃO. AF_02/2023","UN",0]
["Instalações Hidráulicas em PEX",104531,"CONEXÃO FIXA, ROSCA MACHO, PARA INSTALAÇÕES EM PEX ÁGUA, DN 20 MM X 1/2\", COM ANEL DESLIZANTE - FORNECIMENTO E INSTALAÇÃO. AF_02/2023","UN",0]
["Instalações Hidráulicas em PEX",104527,"CONEXÃO FIXA, ROSCA MACHO, PARA INSTALAÇÕES EM PEX ÁGUA, DN 20 MM X 3/4\", COM ANEL DESLIZANTE - FORNECIMENTO E INSTALAÇÃO. AF_02/2023","UN",0]
["Instalações Hidráulicas em PEX",104529,"CONEXÃO FIXA, ROSCA MACHO, PARA INSTALAÇÕES EM PEX ÁGUA, DN 25 MM X 1\", COM ANEL DESLIZANTE - FORNECIMENTO E INSTALAÇÃO. AF_02/2023","UN",0]
["Instalações Hidráulicas em PEX",104564,"CONEXÃO FIXA, ROSCA MACHO, PARA INSTALAÇÕES EM PEX ÁGUA, DN 25 MM X 1/2\", COM ANEL DESLIZANTE - FORNECIMENTO E INSTALAÇÃO. AF_02/2023","UN",0]
["Instalações Hidráulicas em PEX",104533,"CONEXÃO FIXA, ROSCA MACHO, PARA INSTALAÇÕES EM PEX ÁGUA, DN 25 MM X 3/4\", COM ANEL DESLIZANTE - FORNECIMENTO E INSTALAÇÃO. AF_02/2023","UN",0]
["Instalações Hidráulicas em PEX",104535,"CONEXÃO FIXA, ROSCA MACHO, PARA INSTALAÇÕES EM PEX ÁGUA, DN 32 MM X 1\", COM ANEL DESLIZANTE - FORNECIMENTO E INSTALAÇÃO. AF_02/2023","UN",0]
["Instalações Hidráulicas em PEX",96810,"CONEXÃO MÓVEL, ROSCA FÊMEA, METÁLICA, PARA INSTALAÇÕES EM PEX ÁGUA, DN 16 MM X 3/4\", COM ANEL DESLIZANTE. FORNECIMENTO E INSTALAÇÃO. AF_02/2023","UN",21.66]
["Instalações Hidráulicas em PEX",104524,"CONEXÃO MÓVEL, ROSCA FÊMEA, PARA INSTALAÇÕES EM PEX ÁGUA, DN 16 MM X 1/2\", COM ANEL DESLIZANTE - FORNECIMENTO E INSTALAÇÃO. AF_02/2023","UN",0]
["Instalações Hidráulicas em PEX",104530,"CONEXÃO MÓVEL, ROSCA FÊMEA, PARA INSTALAÇÕES EM PEX ÁGUA, DN 20 MM X 1/2\", COM ANEL DESLIZANTE - FORNECIMENTO E INSTALAÇÃO. AF_02/2023","UN",0]
["Instalações Hidráulicas em PEX",104526,"CONEXÃO MÓVEL, ROSCA FÊMEA, PARA INSTALAÇÕES EM PEX ÁGUA, DN 20 MM X 3/4\", COM ANEL DESLIZANTE - FORNECIMENTO E INSTALAÇÃO. AF_02/2023","UN",0]
["Instalações Hidráulicas em PEX",104528,"CONEXÃO MÓVEL, ROSCA FÊMEA, PARA INSTALAÇÕES EM PEX ÁGUA, DN 25 MM X 1\", COM ANEL DESLIZANTE - FORNECIMENTO E INSTALAÇÃO. AF_02/2023","UN",0]
["Instalações Hidráulicas em PEX",104532,"CONEXÃO MÓVEL, ROSCA FÊMEA, PARA INSTALAÇÕES EM PEX ÁGUA, DN 25 MM X 3/4\", COM ANEL DESLIZANTE - FORNECIMENTO E INSTALAÇÃO. AF_02/2023","UN",0]
["Instalações Hidráulicas em PEX",104534,"CONEXÃO MÓVEL, ROSCA FÊMEA, PARA INSTALAÇÕES EM PEX ÁGUA, DN 32 MM X 1\", COM ANEL DESLIZANTE - FORNECIMENTO E INSTALAÇÃO. AF_02/2023","UN",0]
["Instalações Hidráulicas em PEX",96873,"DISTRIBUIDOR 2 SAÍDAS, METÁLICO, PARA INSTALAÇÕES EM PEX ÁGUA, ENTRADA DE 1\" X 2 SAÍDAS DE 1/2\", CONEXÃO POR ANEL DESLIZANTE - FORNECIMENTO E INSTALAÇÃO. AF_02/2023","UN",66.84]
["Instalações Hidráulicas em PEX",96872,"DISTRIBUIDOR 2 SAÍDAS, METÁLICO, PARA INSTALAÇÕES EM PEX ÁGUA, ENTRADA DE 3/4\" X 2 SAÍDAS DE 1/2\", CONEXÃO POR ANEL DESLIZANTE - FORNECIMENTO E INSTALAÇÃO. AF_02/2023","UN",50.35]
["Instalações Hidráulicas em PEX",96876,"DISTRIBUIDOR 2 SAÍDAS, PARA INSTALAÇÕES EM PEX ÁGUA, ENTRADA DE 32 MM X 2 SAÍDAS DE 16 MM, CONEXÃO POR CRIMPAGEM FORNECIMENTO E INSTALAÇÃO. AF_02/2023","UN",181.89]
["Instalações Hidráulicas em PEX",96878,"DISTRIBUIDOR 2 SAÍDAS, PARA INSTALAÇÕES EM PEX ÁGUA, ENTRADA DE 32 MM X 2 SAÍDAS DE 25 MM, CONEXÃO POR CRIMPAGEM - FORNECIMENTO E INSTALAÇÃO. AF_02/2023","UN",204.41]
["Instalações Hidráulicas em PEX",96875,"DISTRIBUIDOR 3 SAÍDAS, METÁLICO, PARA INSTALAÇÕES EM PEX ÁGUA, ENTRADA DE 1\" X 3 SAÍDAS DE 1/2\", CONEXÃO POR ANEL DESLIZANTE - FORNECIMENTO E INSTALAÇÃO. AF_02/2023","UN",80.03]
["Instalações Hidráulicas em PEX",96874,"DISTRIBUIDOR 3 SAÍDAS, METÁLICO, PARA INSTALAÇÕES EM PEX ÁGUA, ENTRADA DE 3/4\" X 3 SAÍDAS DE 1/2\", CONEXÃO POR ANEL DESLIZANTE - FORNECIMENTO E INSTALAÇÃO. AF_02/2023","UN",61.18]
["Instalações Hidráulicas em PEX",96879,"DISTRIBUIDOR 3 SAÍDAS, PARA INSTALAÇÕES EM PEX ÁGUA, ENTRADA DE 32 MM X 3 SAÍDAS DE 16 MM, CONEXÃO POR CRIMPAGEM - FORNECIMENTO E INSTALAÇÃO. AF_02/2023","UN",198.07]
["Instalações Hidráulicas em PEX",96881,"DISTRIBUIDOR 3 SAÍDAS, PARA INSTALAÇÕES EM PEX ÁGUA, ENTRADA DE 32 MM X 3 SAÍDAS DE 25 MM, CONEXÃO POR CRIMPAGEM - FORNECIMENTO E INSTALAÇÃO. AF_02/2023","UN",235.2]
["Instalações Hidráulicas em PEX",96837,"JOELHO 90 GRAUS, METÁLICO, PARA INSTALAÇÕES EM PEX ÁGUA, DN 16 MM, CONEXÃO POR ANEL DESLIZANTE - FORNECIMENTO E INSTALAÇÃO. AF_02/2023","UN",22.22]
["Instalações Hidráulicas em PEX",96840,"JOELHO 90 GRAUS, METÁLICO, PARA INSTALAÇÕES EM PEX ÁGUA, DN 20 MM, CONEXÃO POR ANEL DESLIZANTE - FORNECIMENTO E INSTALAÇÃO. AF_02/2023","UN",26.82]
["Instalações Hidráulicas em PEX",96845,"JOELHO 90 GRAUS, METÁLICO, PARA INSTALAÇÕES EM PEX ÁGUA, DN 25 MM, CONEXÃO POR ANEL DESLIZANTE - FORNECIMENTO E INSTALAÇÃO. AF_02/2023","UN",41.95]
["Instalações Hidráulicas em PEX",96848,"JOELHO 90 GRAUS, METÁLICO, PARA INSTALAÇÕES EM PEX ÁGUA, DN 32 MM, CONEXÃO POR ANEL DESLIZANTE - FORNECIMENTO E INSTALAÇÃO. AF_02/2023","UN",55.6]
["Instalações Hidráulicas em PEX",96849,"JOELHO 90 GRAUS, PARA INSTALAÇÕES EM PEX ÁGUA, DN 16 MM, CONEXÃO POR CRIMPAGEM - FORNECIMENTO E INSTALAÇÃO. AF_02/2023","UN",17.66]
["Instalações Hidráulicas em PEX",96852,"JOELHO 90 GRAUS, PARA INSTALAÇÕES EM PEX ÁGUA, DN 20 MM, CONEXÃO POR CRIMPAGEM - FORNECIMENTO E INSTALAÇÃO. AF_02/2023","UN",22.44]
["Instalações Hidráulicas em PEX",96855,"JOELHO 90 GRAUS, PARA INSTALAÇÕES EM PEX ÁGUA, DN 25 MM, CONEXÃO POR CRIMPAGEM - FORNECIMENTO E INSTALAÇÃO. AF_02/2023","UN",35.020000000000003]
["Instalações Hidráulicas em PEX",96838,"JOELHO 90 GRAUS, ROSCA FÊMEA TERMINAL, METÁLICO, PARA INSTALAÇÕES EM PEX ÁGUA, DN 16MM X 1/2\", CONEXÃO POR ANEL DESLIZANTE - FORNECIMENTO E INSTALAÇÃO. AF_02/2023","UN",26.82]
["Instalações Hidráulicas em PEX",96841,"JOELHO 90 GRAUS, ROSCA FÊMEA TERMINAL, METÁLICO, PARA INSTALAÇÕES EM PEX ÁGUA, DN 20 MM X 1/2\", CONEXÃO POR ANEL DESLIZANTE - FORNECIMENTO E INSTALAÇÃO. AF_02/2023","UN",29.75]
["Instalações Hidráulicas em PEX",96842,"JOELHO 90 GRAUS, ROSCA FÊMEA TERMINAL, METÁLICO, PARA INSTALAÇÕES EM PEX ÁGUA, DN 20 MM X 3/4\", CONEXÃO POR ANEL DESLIZANTE - FORNECIMENTO E INSTALAÇÃO. AF_02/2023","UN",34.06]
["Instalações Hidráulicas em PEX",96846,"JOELHO 90 GRAUS, ROSCA FÊMEA TERMINAL, METÁLICO, PARA INSTALAÇÕES EM PEX ÁGUA, DN 25 MM X 3/4\", CONEXÃO POR ANEL DESLIZANTE - FORNECIMENTO E INSTALAÇÃO. AF_02/2023","UN",39.61]
["Instalações Hidráulicas em PEX",96850,"JOELHO 90 GRAUS, ROSCA FÊMEA TERMINAL, PARA INSTALAÇÕES EM PEX ÁGUA, DN 16MM X 1/2\", CONEXÃO POR CRIMPAGEM - FORNECIMENTO E INSTALAÇÃO. AF_02/2023","UN",24.98]
["Instalações Hidráulicas em PEX",96853,"JOELHO 90 GRAUS, ROSCA FÊMEA TERMINAL, PARA INSTALAÇÕES EM PEX ÁGUA, DN 20MM X 1/2\", CONEXÃO POR CRIMPAGEM - FORNECIMENTO E INSTALAÇÃO. AF_02/2023","UN",26.84]
["Instalações Hidráulicas em PEX",96854,"JOELHO 90 GRAUS, ROSCA FÊMEA TERMINAL, PARA INSTALAÇÕES EM PEX ÁGUA, DN 20MM X 3/4\", CONEXÃO POR CRIMPAGEM - FORNECIMENTO E INSTALAÇÃO. AF_02/2023","UN",32.979999999999997]
["Instalações Hidráulicas em PEX",104571,"JOELHO 90 GRAUS, ROSCA FÊMEA TERMINAL, PARA INSTALAÇÕES EM PEX ÁGUA, DN 25 MM X 3/4\", FIXAÇÃO DAS CONEXÕES POR CRIMPAGEM - FORNECIMENTO E INSTALAÇÃO. AF_02/2023","UN",0]
["Instalações Hidráulicas em PEX",96856,"JOELHO 90 GRAUS, ROSCA FÊMEA TERMINAL, PARA INSTALAÇÕES EM PEX ÁGUA, DN 25MM X 1/2\", CONEXÃO POR CRIMPAGEM - FORNECIMENTO E INSTALAÇÃO. AF_02/2023","UN",37.65]
["Instalações Hidráulicas em PEX",104566,"JOELHO 90 GRAUS, ROSCA MACHO TERMINAL, PARA INSTALAÇÕES EM PEX ÁGUA, DN 16 MM X 1/2\", COM ANEL DESLIZANTE - FORNECIMENTO E INSTALAÇÃO. AF_02/2023","UN",0]
["Instalações Hidráulicas em PEX",104536,"JOELHO 90 GRAUS, ROSCA MACHO TERMINAL, PARA INSTALAÇÕES EM PEX ÁGUA, DN 20 MM X 1/2\", FIXAÇÃO DAS CONEXÕES POR CRIMPAGEM - FORNECIMENTO E INSTALAÇÃO. AF_02/2023","UN",0]
["Instalações Hidráulicas em PEX",104537,"JOELHO 90 GRAUS, ROSCA MACHO TERMINAL, PARA INSTALAÇÕES EM PEX ÁGUA, DN 20 MM X 3/4\", FIXAÇÃO DAS CONEXÕES POR CRIMPAGEM - FORNECIMENTO E INSTALAÇÃO. AF_02/2023","UN",0]
["Instalações Hidráulicas em PEX",104572,"JOELHO 90 GRAUS, ROSCA MACHO TERMINAL, PARA INSTALAÇÕES EM PEX ÁGUA, DN 25 MM X 1\", COM ANEL DESLIZANTE - FORNECIMENTO E INSTALAÇÃO. AF_02/2023","UN",0]
["Instalações Hidráulicas em PEX",104568,"JOELHO 90 GRAUS, ROSCA MACHO TERMINAL, PARA INSTALAÇÕES EM PEX ÁGUA, DN 25 MM X 1/2\", COM ANEL DESLIZANTE - FORNECIMENTO E INSTALAÇÃO. AF_02/2023","UN",0]
["Instalações Hidráulicas em PEX",104538,"JOELHO 90 GRAUS, ROSCA MACHO TERMINAL, PARA INSTALAÇÕES EM PEX ÁGUA, DN 25 MM X 3/4\", FIXAÇÃO DAS CONEXÕES POR CRIMPAGEM - FORNECIMENTO E INSTALAÇÃO. AF_02/2023","UN",0]
["Instalações Hidráulicas em PEX",104570,"JOELHO 90 GRAUS, ROSCA MACHO TERMINAL, PARA INSTALAÇÕES EM PEX ÁGUA, DN 32 MM X 1\", COM ANEL DESLIZANTE - FORNECIMENTO E INSTALAÇÃO. AF_02/2023","UN",0]
["Instalações Hidráulicas em PEX",104565,"JOELHO ROSCA FÊMEA MÓVEL, PARA INSTALAÇÕES EM PEX ÁGUA, DN 16 MM X 1/2\", COM ANEL DESLIZANTE - FORNECIMENTO E INSTALAÇÃO. AF_02/2023","UN",0]
["Instalações Hidráulicas em PEX",104567,"JOELHO ROSCA FÊMEA MÓVEL, PARA INSTALAÇÕES EM PEX ÁGUA, DN 20 MM X 1/2\", COM ANEL DESLIZANTE - FORNECIMENTO E INSTALAÇÃO. AF_02/2023","UN",0]
["Instalações Hidráulicas em PEX",104569,"JOELHO ROSCA FÊMEA MÓVEL, PARA INSTALAÇÕES EM PEX ÁGUA, DN 25 MM X 3/4\", COM ANEL DESLIZANTE - FORNECIMENTO E INSTALAÇÃO. AF_02/2023","UN",0]
["Instalações Hidráulicas em PEX",96843,"JOELHO ROSCA FÊMEA, COM BASE FIXA, METÁLICO, PARA INSTALAÇÕES EM PEX ÁGUA, DN 20MM X 1/2\", CONEXÃO POR ANEL DESLIZANTE - FORNECIMENTO E INSTALAÇÃO. AF_02/2023","UN",30.95]
["Instalações Hidráulicas em PEX",96847,"JOELHO ROSCA FÊMEA, COM BASE FIXA, METÁLICO, PARA INSTALAÇÕES EM PEX ÁGUA, DN 25MM X 3/4\", CONEXÃO POR ANEL DESLIZANTE - FORNECIMENTO E INSTALAÇÃO. AF_02/2023","UN",39.08]
["Instalações Hidráulicas em PEX",96844,"JOELHO ROSCA FÊMEA, MÓVEL, METÁLICO, PARA INSTALAÇÕES EM PEX ÁGUA, DN 20MM X 3/4\", CONEXÃO POR ANEL DESLIZANTE - FORNECIMENTO E INSTALAÇÃO. AF_02/2023","UN",35.61]
["Instalações Hidráulicas em PEX",96839,"JOELHO, ROSCA FÊMEA, COM BASE FIXA, METÁLICO, PARA INSTALAÇÕES EM PEX ÁGUA, DN 16MM X 1/2\", CONEXÃO POR ANEL DESLIZANTE - FORNECIMENTO E INSTALAÇÃO. AF_02/2023","UN",27.71]
["Instalações Hidráulicas em PEX",104574,"JOELHO, ROSCA FÊMEA, COM BASE FIXA, PARA INSTALAÇÕES EM PEX ÁGUA, DN 16 MM X 3/4\", FIXAÇÃO DAS CONEXÕES POR CRIMPAGEM - FORNECIMENTO E INSTALAÇÃO. AF_02/2023","UN",0]
["Instalações Hidráulicas em PEX",104575,"JOELHO, ROSCA FÊMEA, COM BASE FIXA, PARA INSTALAÇÕES EM PEX ÁGUA, DN 20 MM X 3/4\", FIXAÇÃO DAS CONEXÕES POR CRIMPAGEM - FORNECIMENTO E INSTALAÇÃO. AF_02/2023","UN",0]
["Instalações Hidráulicas em PEX",104573,"JOELHO, ROSCA FÊMEA, COM BASE FIXA, PARA INSTALAÇÕES EM PEX ÁGUA, DN 25 MM X 1/2\", FIXAÇÃO DAS CONEXÕES POR CRIMPAGEM - FORNECIMENTO E INSTALAÇÃO. AF_02/2023","UN",0]
["Instalações Hidráulicas em PEX",96805,"KIT CHASSI PEX, PRÉ-FABRICADO, PARA CHUVEIRO, INCLUSO QUADRO METÁLICO, TUBOS, REGISTROS DE PRESSÃO E CONEXÕES POR ANEL DESLIZANTE - FORNECIMENTO E INSTALAÇÃO. AF_02/2023","UN",224.99]
["Instalações Hidráulicas em PEX",96802,"KIT CHASSI PEX, PRÉ-FABRICADO, PARA CHUVEIRO, INCLUSO QUADRO METÁLICO, TUBOS, REGISTROS DE PRESSÃO E CONEXÕES POR CRIMPAGEM - FORNECIMENTO E INSTALAÇÃO. AF_02/2023","UN",433.54]
["Instalações Hidráulicas em PEX",96806,"KIT CHASSI PEX, PRÉ-FABRICADO, PARA COZINHA COM CUBA SIMPLES, INCLUSO QUADRO METÁLICO, TUBOS E CONEXÕES POR ANEL DESLIZANTE - FORNECIMENTO E INSTALAÇÃO. AF_02/2023","UN",87.33]
["Instalações Hidráulicas em PEX",96803,"KIT CHASSI PEX, PRÉ-FABRICADO, PARA COZINHA COM CUBA SIMPLES, INCLUSO QUADRO METÁLICO, TUBOS E CONEXÕES POR CRIMPAGEM - FORNECIMENTO E INSTALAÇÃO. AF_02/2023","UN",79.680000000000007]
["Instalações Hidráulicas em PEX",96807,"KIT CHASSI PEX, PRÉ-FABRICADO, PARA ÁREA DE SERVIÇO COM TANQUE E MÁQUINA DE LAVAR ROUPA, INCLUSO QUADRO METÁLICO, TUBOS E CONEXÕES POR ANEL DESLIZANTE - FORNECIMENTO E INSTALAÇÃO. AF_02/2023","UN",140.69999999999999]
["Instalações Hidráulicas em PEX",96804,"KIT CHASSI PEX, PRÉ-FABRICADO, PARA ÁREA DE SERVIÇO COM TANQUE E MÁQUINA DE LAVAR ROUPA, INCLUSO QUADRO METÁLICO, TUBOS E CONEXÕES POR CRIMPAGEM - FORNECIMENTO E INSTALAÇÃO. AF_02/2023","UN",129]
["Instalações Hidráulicas em PEX",96829,"LUVA DE REDUÇÃO PARA INSTALAÇÕES EM PEX ÁGUA, DN 20 X 16 MM, CONEXÃO POR CRIMPAGEM - FORNECIMENTO E INSTALAÇÃO. AF_02/2023","UN",19.29]
["Instalações Hidráulicas em PEX",96833,"LUVA DE REDUÇÃO PARA INSTALAÇÕES EM PEX ÁGUA, DN 25 X 16 MM, CONEXÃO POR CRIMPAGEM - FORNECIMENTO E INSTALAÇÃO. AF_02/2023","UN",24.56]
["Instalações Hidráulicas em PEX",96836,"LUVA DE REDUÇÃO PARA INSTALAÇÕES EM PEX ÁGUA, DN 32 X 25 MM, CONEXÃO POR CRIMPAGEM - FORNECIMENTO E INSTALAÇÃO. AF_02/2023","UN",35.090000000000003]
["Instalações Hidráulicas em PEX",104576,"LUVA DE REDUÇÃO, PARA INSTALAÇÕES EM PEX ÁGUA, DN 20 X 16 MM, COM ANEL DESLIZANTE - FORNECIMENTO E INSTALAÇÃO. AF_02/2023","UN",17.03]
["Instalações Hidráulicas em PEX",104577,"LUVA DE REDUÇÃO, PARA INSTALAÇÕES EM PEX ÁGUA, DN 25 X 16 MM, COM ANEL DESLIZANTE - FORNECIMENTO E INSTALAÇÃO. AF_02/2023","UN",22.81]
["Instalações Hidráulicas em PEX",104578,"LUVA DE REDUÇÃO, PARA INSTALAÇÕES EM PEX ÁGUA, DN 25 X 20 MM, COM ANEL DESLIZANTE - FORNECIMENTO E INSTALAÇÃO. AF_02/2023","UN",24.45]
["Instalações Hidráulicas em PEX",104580,"LUVA DE REDUÇÃO, PARA INSTALAÇÕES EM PEX ÁGUA, DN 32 X 20 MM, FIXAÇÃO DAS CONEXÕES POR CRIMPAGEM - FORNECIMENTO E INSTALAÇÃO. AF_02/2023","UN",21.23]
["Instalações Hidráulicas em PEX",104579,"LUVA DE REDUÇÃO, PARA INSTALAÇÕES EM PEX ÁGUA, DN 32 X 25 MM, COM ANEL DESLIZANTE - FORNECIMENTO E INSTALAÇÃO. AF_02/2023","UN",32.049999999999997]
["Instalações Hidráulicas em PEX",96823,"LUVA PARA INSTALAÇÕES EM PEX ÁGUA, DN 16 MM, CONEXÃO POR CRIMPAGEM - FORNECIMENTO E INSTALAÇÃO. AF_02/2023","UN",11.95]
["Instalações Hidráulicas em PEX",96826,"LUVA PARA INSTALAÇÕES EM PEX ÁGUA, DN 20 MM, CONEXÃO POR CRIMPAGEM - FORNECIMENTO E INSTALAÇÃO. AF_02/2023","UN",13.86]
["Instalações Hidráulicas em PEX",96830,"LUVA PARA INSTALAÇÕES EM PEX ÁGUA, DN 25 MM, CONEXÃO POR CRIMPAGEM - FORNECIMENTO E INSTALAÇÃO. AF_02/2023","UN",21.73]
["Instalações Hidráulicas em PEX",96834,"LUVA PARA INSTALAÇÕES EM PEX ÁGUA, DN 32 MM, CONEXÃO POR CRIMPAGEM - FORNECIMENTO E INSTALAÇÃO. AF_02/2023","UN",29.39]
["Instalações Hidráulicas em PEX",104581,"LUVA, PARA INSTALAÇÕES EM PEX ÁGUA, DN 16 MM, COM ANEL DESLIZANTE - FORNECIMENTO E INSTALAÇÃO. AF_02/2023","UN",15.56]
["Instalações Hidráulicas em PEX",104582,"LUVA, PARA INSTALAÇÕES EM PEX ÁGUA, DN 20 MM, COM ANEL DESLIZANTE - FORNECIMENTO E INSTALAÇÃO. AF_02/2023","UN",19.809999999999999]
["Instalações Hidráulicas em PEX",104583,"LUVA, PARA INSTALAÇÕES EM PEX ÁGUA, DN 25 MM, COM ANEL DESLIZANTE - FORNECIMENTO E INSTALAÇÃO. AF_02/2023","UN",31.63]
["Instalações Hidráulicas em PEX",104584,"LUVA, PARA INSTALAÇÕES EM PEX ÁGUA, DN 32 MM, COM ANEL DESLIZANTE - FORNECIMENTO E INSTALAÇÃO. AF_02/2023","UN",37.950000000000003]
["Instalações Hidráulicas em PEX",104585,"TAMPÃO / CAP, ROSCA FÊMEA, PARA INSTALAÇÕES EM PEX ÁGUA, DN 1/2\" - FORNECIMENTO E INSTALAÇÃO. AF_02/2023","UN",0]
["Instalações Hidráulicas em PEX",104587,"TAMPÃO / CAP, ROSCA FÊMEA, PARA INSTALAÇÕES EM PEX ÁGUA, DN 3/4\" - FORNECIMENTO E INSTALAÇÃO. AF_02/2023","UN",0]
["Instalações Hidráulicas em PEX",104586,"TAMPÃO / CAP, ROSCA MACHO, PARA INSTALAÇÕES EM PEX ÁGUA, DN 1/2\" - FORNECIMENTO E INSTALAÇÃO. AF_02/2023","UN",0]
["Instalações Hidráulicas em PEX",96798,"TUBO, PEX, MONOCAMADA, DN 16, INSTALADO EM RAMAL/SUB-RAMAL OU DISTRIBUIÇÃO DE ÁGUA - FORNECIMENTO E INSTALAÇÃO. AF_02/2023","M",8.18]
["Instalações Hidráulicas em PEX",96799,"TUBO, PEX, MONOCAMADA, DN 20, INSTALADO EM RAMAL/SUB-RAMAL OU DISTRIBUIÇÃO DE ÁGUA - FORNECIMENTO E INSTALAÇÃO. AF_02/2023","M",10.48]
["Instalações Hidráulicas em PEX",96800,"TUBO, PEX, MONOCAMADA, DN 25, INSTALADO EM RAMAL/SUB-RAMAL OU DISTRIBUIÇÃO DE ÁGUA - FORNECIMENTO E INSTALAÇÃO. AF_02/2023","M",14.2]
["Instalações Hidráulicas em PEX",96801,"TUBO, PEX, MONOCAMADA, DN 32, INSTALADO EM RAMAL/SUB-RAMAL OU DISTRIBUIÇÃO DE ÁGUA - FORNECIMENTO E INSTALAÇÃO. AF_02/2023","M",21.34]
["Instalações Hidráulicas em PEX",104539,"TÊ DE REDUÇÃO, PARA INSTALAÇÕES EM PEX ÁGUA, DN 16 X 20 X 16 MM, COM ANEL DESLIZANTE - FORNECIMENTO E INSTALAÇÃO. AF_02/2023","UN",0]
["Instalações Hidráulicas em PEX",104541,"TÊ DE REDUÇÃO, PARA INSTALAÇÕES EM PEX ÁGUA, DN 16 X 25 X 16 MM, COM ANEL DESLIZANTE - FORNECIMENTO E INSTALAÇÃO. AF_02/2023","UN",0]
["Instalações Hidráulicas em PEX",104540,"TÊ DE REDUÇÃO, PARA INSTALAÇÕES EM PEX ÁGUA, DN 20 X 16 X 16 MM, COM ANEL DESLIZANTE - FORNECIMENTO E INSTALAÇÃO. AF_02/2023","UN",0]
["Instalações Hidráulicas em PEX",104543,"TÊ DE REDUÇÃO, PARA INSTALAÇÕES EM PEX ÁGUA, DN 20 X 16 X 20 MM, COM ANEL DESLIZANTE - FORNECIMENTO E INSTALAÇÃO. AF_02/2023","UN",0]
["Instalações Hidráulicas em PEX",104544,"TÊ DE REDUÇÃO, PARA INSTALAÇÕES EM PEX ÁGUA, DN 20 X 20 X 16 MM, COM ANEL DESLIZANTE - FORNECIMENTO E INSTALAÇÃO. AF_02/2023","UN",0]
["Instalações Hidráulicas em PEX",104545,"TÊ DE REDUÇÃO, PARA INSTALAÇÕES EM PEX ÁGUA, DN 20 X 25 X 20 MM, COM ANEL DESLIZANTE - FORNECIMENTO E INSTALAÇÃO. AF_02/2023","UN",0]
["Instalações Hidráulicas em PEX",104542,"TÊ DE REDUÇÃO, PARA INSTALAÇÕES EM PEX ÁGUA, DN 25 X 16 X 16 MM, COM ANEL DESLIZANTE - FORNECIMENTO E INSTALAÇÃO. AF_02/2023","UN",0]
["Instalações Hidráulicas em PEX",104592,"TÊ DE REDUÇÃO, PARA INSTALAÇÕES EM PEX ÁGUA, DN 25 X 16 X 20 MM, COM ANEL DESLIZANTE - FORNECIMENTO E INSTALAÇÃO. AF_02/2023","UN",0]
["Instalações Hidráulicas em PEX",104548,"TÊ DE REDUÇÃO, PARA INSTALAÇÕES EM PEX ÁGUA, DN 25 X 16 X 25 MM, COM ANEL DESLIZANTE - FORNECIMENTO E INSTALAÇÃO. AF_02/2023","UN",0]
["Instalações Hidráulicas em PEX",104546,"TÊ DE REDUÇÃO, PARA INSTALAÇÕES EM PEX ÁGUA, DN 25 X 20 X 20 MM, COM ANEL DESLIZANTE - FORNECIMENTO E INSTALAÇÃO. AF_02/2023","UN",0]
["Instalações Hidráulicas em PEX",104549,"TÊ DE REDUÇÃO, PARA INSTALAÇÕES EM PEX ÁGUA, DN 25 X 20 X 25 MM, COM ANEL DESLIZANTE - FORNECIMENTO E INSTALAÇÃO. AF_02/2023","UN",0]
["Instalações Hidráulicas em PEX",104550,"TÊ DE REDUÇÃO, PARA INSTALAÇÕES EM PEX ÁGUA, DN 25 X 32 X 25 MM, COM ANEL DESLIZANTE - FORNECIMENTO E INSTALAÇÃO. AF_02/2023","UN",0]
["Instalações Hidráulicas em PEX",104552,"TÊ DE REDUÇÃO, PARA INSTALAÇÕES EM PEX ÁGUA, DN 32 X 20 X 32 MM, COM ANEL DESLIZANTE - FORNECIMENTO E INSTALAÇÃO. AF_02/2023","UN",0]
["Instalações Hidráulicas em PEX",104551,"TÊ DE REDUÇÃO, PARA INSTALAÇÕES EM PEX ÁGUA, DN 32 X 25 X 25 MM, COM ANEL DESLIZANTE - FORNECIMENTO E INSTALAÇÃO. AF_02/2023","UN",0]
["Instalações Hidráulicas em PEX",104553,"TÊ DE REDUÇÃO, PARA INSTALAÇÕES EM PEX ÁGUA, DN 32 X 25 X 32 MM, COM ANEL DESLIZANTE - FORNECIMENTO E INSTALAÇÃO. AF_02/2023","UN",0]
["Instalações Hidráulicas em PEX",104554,"TÊ MISTURADOR, PARA INSTALAÇÕES EM PEX ÁGUA, DN 16 MM X 1/2\", COM ANEL DESLIZANTE - FORNECIMENTO E INSTALAÇÃO. AF_02/2023","UN",0]
["Instalações Hidráulicas em PEX",104555,"TÊ MISTURADOR, PARA INSTALAÇÕES EM PEX ÁGUA, DN 20 MM X 3/4\", COM ANEL DESLIZANTE - FORNECIMENTO E INSTALAÇÃO. AF_02/2023","UN",0]
["Instalações Hidráulicas em PEX",104556,"TÊ ROSCA FÊMEA, PARA INSTALAÇÕES EM PEX ÁGUA, DN 20 MM X 3/4\", COM ANEL DESLIZANTE - FORNECIMENTO E INSTALAÇÃO. AF_02/2023","UN",0]
["Instalações Hidráulicas em PEX",104558,"TÊ ROSCA FÊMEA, PARA INSTALAÇÕES EM PEX ÁGUA, DN 25 MM X 1/2\", COM ANEL DESLIZANTE - FORNECIMENTO E INSTALAÇÃO. AF_02/2023","UN",0]
["Instalações Hidráulicas em PEX",104559,"TÊ ROSCA MACHO, PARA INSTALAÇÕES EM PEX ÁGUA, DN 16 MM X 1/2\", COM ANEL DESLIZANTE - FORNECIMENTO E INSTALAÇÃO. AF_02/2023","UN",0]
["Instalações Hidráulicas em PEX",104560,"TÊ ROSCA MACHO, PARA INSTALAÇÕES EM PEX ÁGUA, DN 20 MM X 1/2\", COM ANEL DESLIZANTE - FORNECIMENTO E INSTALAÇÃO. AF_02/2023","UN",0]
["Instalações Hidráulicas em PEX",104557,"TÊ ROSCA MACHO, PARA INSTALAÇÕES EM PEX ÁGUA, DN 20 MM X 3/4\", COM ANEL DESLIZANTE - FORNECIMENTO E INSTALAÇÃO. AF_02/2023","UN",0]
["Instalações Hidráulicas em PEX",104561,"TÊ ROSCA MACHO, PARA INSTALAÇÕES EM PEX ÁGUA, DN 25 MM X 3/4\", COM ANEL DESLIZANTE - FORNECIMENTO E INSTALAÇÃO. AF_02/2023","UN",0]
["Instalações Hidráulicas em PEX",104562,"TÊ ROSCA MACHO, PARA INSTALAÇÕES EM PEX ÁGUA, DN 32 MM X 3/4\", COM ANEL DESLIZANTE - FORNECIMENTO E INSTALAÇÃO. AF_02/2023","UN",0]
["Instalações Hidráulicas em PEX",96860,"TÊ, METÁLICO, PARA INSTALAÇÕES EM PEX ÁGUA, DN 16 MM, CONEXÃO POR ANEL DESLIZANTE - FORNECIMENTO E INSTALAÇÃO. AF_02/2023","UN",31.73]
["Instalações Hidráulicas em PEX",96862,"TÊ, METÁLICO, PARA INSTALAÇÕES EM PEX ÁGUA, DN 20 MM, CONEXÃO POR ANEL DESLIZANTE - FORNECIMENTO E INSTALAÇÃO. AF_02/2023","UN",38.97]
["Instalações Hidráulicas em PEX",96864,"TÊ, METÁLICO, PARA INSTALAÇÕES EM PEX ÁGUA, DN 25 MM, CONEXÃO POR ANEL DESLIZANTE - FORNECIMENTO E INSTALAÇÃO. AF_02/2023","UN",54.86]
["Instalações Hidráulicas em PEX",96866,"TÊ, METÁLICO, PARA INSTALAÇÕES EM PEX ÁGUA, DN 32 MM, CONEXÃO POR ANEL DESLIZANTE - FORNECIMENTO E INSTALAÇÃO. AF_02/2023","UN",71.290000000000006]
["Instalações Hidráulicas em PEX",96868,"TÊ, PARA INSTALAÇÕES EM PEX ÁGUA, DN 16 MM, CONEXÃO POR CRIMPAGEM - FORNECIMENTO E INSTALAÇÃO. AF_02/2023","UN",20.77]
["Instalações Hidráulicas em PEX",96869,"TÊ, PARA INSTALAÇÕES EM PEX ÁGUA, DN 20 MM, CONEXÃO POR CRIMPAGEM - FORNECIMENTO E INSTALAÇÃO. AF_02/2023","UN",31.62]
["Instalações Hidráulicas em PEX",96870,"TÊ, PARA INSTALAÇÕES EM PEX ÁGUA, DN 25 MM, CONEXÃO POR CRIMPAGEM - FORNECIMENTO E INSTALAÇÃO. AF_02/2023","UN",47.29]
["Instalações Hidráulicas em PEX",96871,"TÊ, PARA INSTALAÇÕES EM PEX ÁGUA, DN 32 MM, CONEXÃO POR CRIMPAGEM - FORNECIMENTO E INSTALAÇÃO. AF_02/2023","UN",54.12]
["Instalações Hidráulicas em PEX",96861,"TÊ, ROSCA FÊMEA, METÁLICO, PARA INSTALAÇÕES EM PEX ÁGUA, DN 16 MM X ½\", CONEXÃO POR ANEL DESLIZANTE - FORNECIMENTO E INSTALAÇÃO. AF_02/2023","UN",40.06]
["Instalações Hidráulicas em PEX",96863,"TÊ, ROSCA FÊMEA, METÁLICO, PARA INSTALAÇÕES EM PEX ÁGUA, DN 20 MM X 1/2\", CONEXÃO POR ANEL DESLIZANTE - FORNECIMENTO E INSTALAÇÃO. AF_02/2023","UN",41.13]
["Instalações Hidráulicas em PEX",96865,"TÊ, ROSCA FÊMEA, METÁLICO, PARA INSTALAÇÕES EM PEX ÁGUA, DN 25 MM X 3/4\", CONEXÃO POR ANEL DESLIZANTE - FORNECIMENTO E INSTALAÇÃO. AF_02/2023","UN",48.55]
["Instalações Hidráulicas em PEX",96814,"UNIÃO DE REDUÇÃO, METÁLICA, PARA INSTALAÇÕES EM PEX ÁGUA, DN 20 X 16 MM, CONEXÃO POR ANEL DESLIZANTE - FORNECIMENTO E INSTALAÇÃO. AF_02/2023","UN",17.03]
["Instalações Hidráulicas em PEX",96818,"UNIÃO DE REDUÇÃO, METÁLICA, PARA INSTALAÇÕES EM PEX ÁGUA, DN 25 X 16 MM, CONEXÃO POR ANEL DESLIZANTE - FORNECIMENTO E INSTALAÇÃO. AF_02/2023","UN",22.81]
["Instalações Hidráulicas em PEX",96819,"UNIÃO DE REDUÇÃO, METÁLICA, PARA INSTALAÇÕES EM PEX ÁGUA, DN 25 X 20 MM, CONEXÃO POR ANEL DESLIZANTE - FORNECIMENTO E INSTALAÇÃO. AF_02/2023","UN",24.45]
["Instalações Hidráulicas em PEX",96822,"UNIÃO DE REDUÇÃO, METÁLICA, PARA INSTALAÇÕES EM PEX ÁGUA, DN 32 X 25 MM, CONEXÃO POR ANEL DESLIZANTE - FORNECIMENTO E INSTALAÇÃO. AF_02/2023","UN",32.049999999999997]
["Instalações Hidráulicas em PEX",96808,"UNIÃO METÁLICA PARA INSTALAÇÕES EM PEX ÁGUA, DN 16 MM, COM ANEL DESLIZANTE - FORNECIMENTO E INSTALAÇÃO. AF_02/2023","UN",18.11]
["Instalações Hidráulicas em PEX",96811,"UNIÃO METÁLICA PARA INSTALAÇÕES EM PEX ÁGUA, DN 20 MM, COM ANEL DESLIZANTE - FORNECIMENTO E INSTALAÇÃO. AF_02/2023","UN",22.85]
["Instalações Hidráulicas em PEX",96815,"UNIÃO METÁLICA PARA INSTALAÇÕES EM PEX ÁGUA, DN 25 MM, COM ANEL DESLIZANTE - FORNECIMENTO E INSTALAÇÃO. AF_02/2023","UN",35.25]
["Instalações Hidráulicas em PEX",96820,"UNIÃO METÁLICA PARA INSTALAÇÕES EM PEX ÁGUA, DN 32 MM, COM ANEL DESLIZANTE - FORNECIMENTO E INSTALAÇÃO. AF_02/2023","UN",42.41]
["Instalações Hidráulicas em PPR",96702,"BUCHA DE REDUÇÃO, PPR, 32 X 25, CLASSE PN 25, INSTALADO EM PRUMADA DE ÁGUA FORNECIMENTO E INSTALAÇÃO . AF_08/2022","UN",12.6]
["Instalações Hidráulicas em PPR",96662,"BUCHA DE REDUÇÃO, PPR, 32 X 25, CLASSE PN 25, INSTALADO EM RAMAL DE DISTRIBUIÇÃO DE ÁGUA FORNECIMENTO E INSTALAÇÃO. AF_08/2022","UN",10.1]
["Instalações Hidráulicas em PPR",96704,"BUCHA DE REDUÇÃO, PPR, 40 X 25, CLASSE PN 25, INSTALADO EM PRUMADA DE ÁGUA FORNECIMENTO E INSTALAÇÃO . AF_08/2022","UN",21.76]
["Instalações Hidráulicas em PPR",96664,"BUCHA DE REDUÇÃO, PPR, 40 X 25, CLASSE PN 25, INSTALADO EM RAMAL DE DISTRIBUIÇÃO DE ÁGUA FORNECIMENTO E INSTALAÇÃO. AF_08/2022","UN",18.559999999999999]
["Instalações Hidráulicas em PPR",104191,"BUCHA DE REDUÇÃO, PPR, DN 25 X 20 MM, INSTALADO EM RAMAL OU SUB-RAMAL DE ÁGUA - FORNECIMENTO E INSTALAÇÃO. AF_08/2022","UN",11.41]
["Instalações Hidráulicas em PPR",96700,"CONECTOR FÊMEA, PPR, 25 X 1/2\", CLASSE PN 25, INSTALADO EM PRUMADA DE ÁGUA FORNECIMENTO E INSTALAÇÃO . AF_08/2022","UN",18.04]
["Instalações Hidráulicas em PPR",96658,"CONECTOR FÊMEA, PPR, 25 X 1/2, CLASSE PN 25, INSTALADO EM RAMAL DE DISTRIBUIÇÃO DE ÁGUA FORNECIMENTO E INSTALAÇÃO. AF_08/2022","UN",16.149999999999999]
["Instalações Hidráulicas em PPR",96641,"CONECTOR FÊMEA, PPR, 25 X 1/2, CLASSE PN 25, INSTALADO EM RAMAL OU SUB-RAMAL DE ÁGUA FORNECIMENTO E INSTALAÇÃO. AF_08/2022","UN",18.489999999999998]
["Instalações Hidráulicas em PPR",96661,"CONECTOR FÊMEA, PPR, 32 X 3/4\", CLASSE PN 25, INSTALADO EM RAMAL DE DISTRIBUIÇÃO DE ÁGUA FORNECIMENTO E INSTALAÇÃO. AF_08/2022","UN",33.64]
["Instalações Hidráulicas em PPR",96699,"CONECTOR MACHO, PPR, 25 X 1/2\", CLASSE PN 25, INSTALADO EM PRUMADA DE ÁGUA FORNECIMENTO E INSTALAÇÃO . AF_08/2022","UN",26.99]
["Instalações Hidráulicas em PPR",96657,"CONECTOR MACHO, PPR, 25 X 1/2, CLASSE PN 25, INSTALADO EM RAMAL DE DISTRIBUIÇÃO DE ÁGUA FORNECIMENTO E INSTALAÇÃO. AF_08/2022","UN",25.1]
["Instalações Hidráulicas em PPR",96640,"CONECTOR MACHO, PPR, 25 X 1/2, CLASSE PN 25, INSTALADO EM RAMAL OU SUB-RAMAL DE ÁGUA FORNECIMENTO E INSTALAÇÃO. AF_08/2022","UN",27.44]
["Instalações Hidráulicas em PPR",96660,"CONECTOR MACHO, PPR, 32 X 3/4\", CLASSE PN 25, INSTALADO EM RAMAL DE DISTRIBUIÇÃO DE ÁGUA FORNECIMENTO E INSTALAÇÃO. AF_08/2022","UN",33.96]
["Instalações Hidráulicas em PPR",104196,"CURVA 90 GRAUS, PPR, DN 20 MM, INSTALADO EM RAMAL OU SUB-RAMAL DE ÁGUA - FORNECIMENTO E INSTALAÇÃO. AF_08/2022","UN",17.100000000000001]
["Instalações Hidráulicas em PPR",104197,"CURVA 90 GRAUS, PPR, DN 25 MM, INSTALADO EM RAMAL OU SUB-RAMAL DE ÁGUA - FORNECIMENTO E INSTALAÇÃO. AF_08/2022","UN",32.43]
["Instalações Hidráulicas em PPR",104198,"JOELHO 45 GRAUS, PPR, DN 20 MM, INSTALADO EM RAMAL OU SUB-RAMAL DE ÁGUA - FORNECIMENTO E INSTALAÇÃO. AF_08/2022","UN",8.5500000000000007]
["Instalações Hidráulicas em PPR",96685,"JOELHO 45 GRAUS, PPR, DN 25 MM, CLASSE PN 25, INSTALADO EM PRUMADA DE ÁGUA FORNECIMENTO E INSTALAÇÃO . AF_08/2022","UN",13.11]
["Instalações Hidráulicas em PPR",96651,"JOELHO 45 GRAUS, PPR, DN 25 MM, CLASSE PN 25, INSTALADO EM RAMAL DE DISTRIBUIÇÃO DE ÁGUA FORNECIMENTO E INSTALAÇÃO. AF_08/2022","UN",10.26]
["Instalações Hidráulicas em PPR",96638,"JOELHO 45 GRAUS, PPR, DN 25 MM, CLASSE PN 25, INSTALADO EM RAMAL OU SUB-RAMAL DE ÁGUA FORNECIMENTO E INSTALAÇÃO. AF_08/2022","UN",18.16]
["Instalações Hidráulicas em PPR",96687,"JOELHO 45 GRAUS, PPR, DN 32 MM, CLASSE PN 25, INSTALADO EM PRUMADA DE ÁGUA FORNECIMENTO E INSTALAÇÃO . AF_08/2022","UN",19.77]
["Instalações Hidráulicas em PPR",96653,"JOELHO 45 GRAUS, PPR, DN 32 MM, CLASSE PN 25, INSTALADO EM RAMAL DE DISTRIBUIÇÃO DE ÁGUA - FORNECIMENTO E INSTALAÇÃO. AF_08/2022","UN",15.1]
["Instalações Hidráulicas em PPR",96689,"JOELHO 45 GRAUS, PPR, DN 40 MM, CLASSE PN 25, INSTALADO EM PRUMADA DE ÁGUA FORNECIMENTO E INSTALAÇÃO . AF_08/2022","UN",29.55]
["Instalações Hidráulicas em PPR",96655,"JOELHO 45 GRAUS, PPR, DN 40 MM, CLASSE PN 25, INSTALADO EM RAMAL DE DISTRIBUIÇÃO DE ÁGUA - FORNECIMENTO E INSTALAÇÃO. AF_08/2022","UN",22.78]
["Instalações Hidráulicas em PPR",96691,"JOELHO 45 GRAUS, PPR, DN 50 MM, CLASSE PN 25, INSTALADO EM PRUMADA DE ÁGUA FORNECIMENTO E INSTALAÇÃO . AF_08/2022","UN",42.01]
["Instalações Hidráulicas em PPR",96693,"JOELHO 45 GRAUS, PPR, DN 63 MM, CLASSE PN 25, INSTALADO EM PRUMADA DE ÁGUA FORNECIMENTO E INSTALAÇÃO . AF_08/2022","UN",62.56]
["Instalações Hidráulicas em PPR",96695,"JOELHO 45 GRAUS, PPR, DN 75 MM, CLASSE PN 25, INSTALADO EM PRUMADA DE ÁGUA FORNECIMENTO E INSTALAÇÃO . AF_08/2022","UN",106.94]
["Instalações Hidráulicas em PPR",104193,"JOELHO 45 GRAUS, PPR, F/ F, DN 90 MM, INSTALADO EM PRUMADA DE ÁGUA - FORNECIMENTO E INSTALAÇÃO. AF_08/2022","UN",176.49]
["Instalações Hidráulicas em PPR",96697,"JOELHO 90 GRAUS, PPR, DN 110 MM, CLASSE PN 25, INSTALADO EM PRUMADA DE ÁGUA FORNECIMENTO E INSTALAÇÃO . AF_08/2022","UN",354.85]
["Instalações Hidráulicas em PPR",104199,"JOELHO 90 GRAUS, PPR, DN 20 MM, INSTALADO EM RAMAL OU SUB-RAMAL DE ÁGUA - FORNECIMENTO E INSTALAÇÃO. AF_08/2022","UN",8.3000000000000007]
["Instalações Hidráulicas em PPR",96684,"JOELHO 90 GRAUS, PPR, DN 25 MM, CLASSE PN 25, INSTALADO EM PRUMADA DE ÁGUA FORNECIMENTO E INSTALAÇÃO . AF_08/2022","UN",12.69]
["Instalações Hidráulicas em PPR",96650,"JOELHO 90 GRAUS, PPR, DN 25 MM, CLASSE PN 25, INSTALADO EM RAMAL DE DISTRIBUIÇÃO FORNECIMENTO E INSTALAÇÃO. AF_08/2022","UN",9.84]
["Instalações Hidráulicas em PPR",96637,"JOELHO 90 GRAUS, PPR, DN 25 MM, CLASSE PN 25, INSTALADO EM RAMAL OU SUB-RAMAL DE ÁGUA FORNECIMENTO E INSTALAÇÃO. AF_08/2022","UN",17.739999999999998]
["Instalações Hidráulicas em PPR",96686,"JOELHO 90 GRAUS, PPR, DN 32 MM, CLASSE PN 25, INSTALADO EM PRUMADA DE ÁGUA FORNECIMENTO E INSTALAÇÃO . AF_08/2022","UN",16.29]
["Instalações Hidráulicas em PPR",96652,"JOELHO 90 GRAUS, PPR, DN 32 MM, CLASSE PN 25, INSTALADO EM RAMAL DE DISTRIBUIÇÃO - FORNECIMENTO E INSTALAÇÃO. AF_08/2022","UN",11.62]
["Instalações Hidráulicas em PPR",96688,"JOELHO 90 GRAUS, PPR, DN 40 MM, CLASSE PN 25, INSTALADO EM PRUMADA DE ÁGUA FORNECIMENTO E INSTALAÇÃO . AF_08/2022","UN",23.89]
["Instalações Hidráulicas em PPR",96654,"JOELHO 90 GRAUS, PPR, DN 40 MM, CLASSE PN 25, INSTALADO EM RAMAL DE DISTRIBUIÇÃO - FORNECIMENTO E INSTALAÇÃO. AF_08/2022","UN",17.12]
["Instalações Hidráulicas em PPR",96690,"JOELHO 90 GRAUS, PPR, DN 50 MM, CLASSE PN 25, INSTALADO EM PRUMADA DE ÁGUA FORNECIMENTO E INSTALAÇÃO . AF_08/2022","UN",33.06]
["Instalações Hidráulicas em PPR",96692,"JOELHO 90 GRAUS, PPR, DN 63 MM, CLASSE PN 25, INSTALADO EM PRUMADA DE ÁGUA FORNECIMENTO E INSTALAÇÃO . AF_08/2022","UN",46.58]
["Instalações Hidráulicas em PPR",96694,"JOELHO 90 GRAUS, PPR, DN 75 MM, CLASSE PN 25, INSTALADO EM PRUMADA DE ÁGUA FORNECIMENTO E INSTALAÇÃO . AF_08/2022","UN",97.2]
["Instalações Hidráulicas em PPR",96696,"JOELHO 90 GRAUS, PPR, DN 90 MM, CLASSE PN 25, INSTALADO EM PRUMADA DE ÁGUA FORNECIMENTO E INSTALAÇÃO . AF_08/2022","UN",121.24]
["Instalações Hidráulicas em PPR",96709,"LUVA, PPR, DN 110 MM, CLASSE PN 25, INSTALADO EM PRUMADA DE ÁGUA FORNECIMENTO E INSTALAÇÃO. AF_08/2022","UN",117.69]
["Instalações Hidráulicas em PPR",104200,"LUVA, PPR, DN 20 MM, INSTALADO EM RAMAL OU SUB-RAMAL DE ÁGUA - FORNECIMENTO E INSTALAÇÃO. AF_08/2022","UN",6.72]
["Instalações Hidráulicas em PPR",96698,"LUVA, PPR, DN 25 MM, CLASSE PN 25, INSTALADO EM PRUMADA DE ÁGUA FORNECIMENTO E INSTALAÇÃO . AF_08/2022","UN",8.9600000000000009]
["Instalações Hidráulicas em PPR",96656,"LUVA, PPR, DN 25 MM, CLASSE PN 25, INSTALADO EM RAMAL DE DISTRIBUIÇÃO DE ÁGUA FORNECIMENTO E INSTALAÇÃO. AF_08/2022","UN",7.07]
["Instalações Hidráulicas em PPR",96639,"LUVA, PPR, DN 25 MM, CLASSE PN 25, INSTALADO EM RAMAL OU SUB-RAMAL DE ÁGUA FORNECIMENTO E INSTALAÇÃO. AF_08/2022","UN",12.33]
["Instalações Hidráulicas em PPR",96701,"LUVA, PPR, DN 32 MM, CLASSE PN 25, INSTALADO EM PRUMADA DE ÁGUA FORNECIMENTO E INSTALAÇÃO. AF_08/2022","UN",12.23]
["Instalações Hidráulicas em PPR",96659,"LUVA, PPR, DN 32 MM, CLASSE PN 25, INSTALADO EM RAMAL DE DISTRIBUIÇÃO DE ÁGUA FORNECIMENTO E INSTALAÇÃO. AF_08/2022","UN",9.1199999999999992]
["Instalações Hidráulicas em PPR",96703,"LUVA, PPR, DN 40 MM, CLASSE PN 25, INSTALADO EM PRUMADA DE ÁGUA FORNECIMENTO E INSTALAÇÃO. AF_08/2022","UN",21.45]
["Instalações Hidráulicas em PPR",96663,"LUVA, PPR, DN 40 MM, CLASSE PN 25, INSTALADO EM RAMAL DE DISTRIBUIÇÃO DE ÁGUA FORNECIMENTO E INSTALAÇÃO. AF_08/2022","UN",16.940000000000001]
["Instalações Hidráulicas em PPR",96705,"LUVA, PPR, DN 50 MM, CLASSE PN 25, INSTALADO EM PRUMADA DE ÁGUA FORNECIMENTO E INSTALAÇÃO. AF_08/2022","UN",26.03]
["Instalações Hidráulicas em PPR",96706,"LUVA, PPR, DN 63 MM, CLASSE PN 25, INSTALADO EM PRUMADA DE ÁGUA FORNECIMENTO E INSTALAÇÃO. AF_08/2022","UN",38.340000000000003]
["Instalações Hidráulicas em PPR",96707,"LUVA, PPR, DN 75 MM, CLASSE PN 25, INSTALADO EM PRUMADA DE ÁGUA FORNECIMENTO E INSTALAÇÃO. AF_08/2022","UN",61.18]
["Instalações Hidráulicas em PPR",96708,"LUVA, PPR, DN 90 MM, CLASSE PN 25, INSTALADO EM PRUMADA DE ÁGUA FORNECIMENTO E INSTALAÇÃO. AF_08/2022","UN",92.31]
["Instalações Hidráulicas em PPR",96675,"TUBO, PPR, DN 110, CLASSE PN 12, INSTALADO EM PRUMADA DE ÁGUA FORNECIMENTO E INSTALAÇÃO. AF_08/2022","M",164.7]
["Instalações Hidráulicas em PPR",96683,"TUBO, PPR, DN 110, CLASSE PN 25, INSTALADO EM PRUMADA DE ÁGUA FORNECIMENTO E INSTALAÇÃO. AF_08/2022","M",319.33]
["Instalações Hidráulicas em PPR",104194,"TUBO, PPR, DN 20, CLASSE PN20, INSTALADO EM RAMAL OU SUB-RAMAL DE ÁGUA - FORNECIMENTO E INSTALAÇÃO. AF_08/2022","M",23.95]
["Instalações Hidráulicas em PPR",104195,"TUBO, PPR, DN 20, CLASSE PN25, INSTALADO EM RAMAL OU SUB-RAMAL DE ÁGUA - FORNECIMENTO E INSTALAÇÃO. AF_08/2022","M",25.41]
["Instalações Hidráulicas em PPR",96668,"TUBO, PPR, DN 25, CLASSE PN 20, INSTALADO EM PRUMADA DE ÁGUA FORNECIMENTO E INSTALAÇÃO. AF_08/2022","M",18.98]
["Instalações Hidráulicas em PPR",96644,"TUBO, PPR, DN 25, CLASSE PN 20, INSTALADO EM RAMAL DE DISTRIBUIÇÃO DE ÁGUA FORNECIMENTO E INSTALAÇÃO. AF_08/2022","M",24.64]
["Instalações Hidráulicas em PPR",96635,"TUBO, PPR, DN 25, CLASSE PN 20, INSTALADO EM RAMAL OU SUB-RAMAL DE ÁGUA FORNECIMENTO E INSTALAÇÃO. AF_08/2022","M",45.94]
["Instalações Hidráulicas em PPR",96636,"TUBO, PPR, DN 25, CLASSE PN 25 INSTALADO EM RAMAL OU SUB-RAMAL DE ÁGUA FORNECIMENTO E INSTALAÇÃO. AF_08/2022","M",48.63]
["Instalações Hidráulicas em PPR",96676,"TUBO, PPR, DN 25, CLASSE PN 25, INSTALADO EM PRUMADA DE ÁGUA FORNECIMENTO E INSTALAÇÃO. AF_08/2022","M",24.12]
["Instalações Hidráulicas em PPR",96647,"TUBO, PPR, DN 25, CLASSE PN 25, INSTALADO EM RAMAL DE DISTRIBUIÇÃO DE ÁGUA FORNECIMENTO E INSTALAÇÃO. AF_08/2022","M",26.71]
["Instalações Hidráulicas em PPR",96669,"TUBO, PPR, DN 32, CLASSE PN 12, INSTALADO EM PRUMADA DE ÁGUA FORNECIMENTO E INSTALAÇÃO. AF_08/2022","M",18.88]
["Instalações Hidráulicas em PPR",96645,"TUBO, PPR, DN 32, CLASSE PN 12, INSTALADO EM RAMAL DE DISTRIBUIÇÃO DE ÁGUA FORNECIMENTO E INSTALAÇÃO. AF_08/2022","M",21.9]
["Instalações Hidráulicas em PPR",96677,"TUBO, PPR, DN 32, CLASSE PN 25, INSTALADO EM PRUMADA DE ÁGUA FORNECIMENTO E INSTALAÇÃO. AF_08/2022","M",31.38]
["Instalações Hidráulicas em PPR",96648,"TUBO, PPR, DN 32, CLASSE PN 25, INSTALADO EM RAMAL DE DISTRIBUIÇÃO DE ÁGUA FORNECIMENTO E INSTALAÇÃO. AF_08/2022","M",32.840000000000003]
["Instalações Hidráulicas em PPR",96670,"TUBO, PPR, DN 40, CLASSE PN 12, INSTALADO EM PRUMADA DE ÁGUA FORNECIMENTO E INSTALAÇÃO. AF_08/2022","M",24.48]
["Instalações Hidráulicas em PPR",96646,"TUBO, PPR, DN 40, CLASSE PN 12, INSTALADO EM RAMAL DE DISTRIBUIÇÃO DE ÁGUA FORNECIMENTO E INSTALAÇÃO. AF_08/2022","M",26.66]
["Instalações Hidráulicas em PPR",96678,"TUBO, PPR, DN 40, CLASSE PN 25, INSTALADO EM PRUMADA DE ÁGUA FORNECIMENTO E INSTALAÇÃO. AF_08/2022","M",43.08]
["Instalações Hidráulicas em PPR",96649,"TUBO, PPR, DN 40, CLASSE PN 25, INSTALADO EM RAMAL DE DISTRIBUIÇÃO DE ÁGUA FORNECIMENTO E INSTALAÇÃO. AF_08/2022","M",43.23]
["Instalações Hidráulicas em PPR",96671,"TUBO, PPR, DN 50, CLASSE PN 12, INSTALADO EM PRUMADA DE ÁGUA FORNECIMENTO E INSTALAÇÃO. AF_08/2022","M",36.89]
["Instalações Hidráulicas em PPR",96679,"TUBO, PPR, DN 50, CLASSE PN 25, INSTALADO EM PRUMADA DE ÁGUA FORNECIMENTO E INSTALAÇÃO. AF_08/2022","M",63.97]
["Instalações Hidráulicas em PPR",96672,"TUBO, PPR, DN 63, CLASSE PN 12, INSTALADO EM PRUMADA DE ÁGUA FORNECIMENTO E INSTALAÇÃO. AF_08/2022","M",55.97]
["Instalações Hidráulicas em PPR",96680,"TUBO, PPR, DN 63, CLASSE PN 25, INSTALADO EM PRUMADA DE ÁGUA FORNECIMENTO E INSTALAÇÃO. AF_08/2022","M",105.36]
["Instalações Hidráulicas em PPR",96673,"TUBO, PPR, DN 75, CLASSE PN 12, INSTALADO EM PRUMADA DE ÁGUA FORNECIMENTO E INSTALAÇÃO. AF_08/2022","M",70.5]
["Instalações Hidráulicas em PPR",96681,"TUBO, PPR, DN 75, CLASSE PN 25, INSTALADO EM PRUMADA DE ÁGUA FORNECIMENTO E INSTALAÇÃO. AF_08/2022","M",141.56]
["Instalações Hidráulicas em PPR",96674,"TUBO, PPR, DN 90, CLASSE PN 12, INSTALADO EM PRUMADA DE ÁGUA FORNECIMENTO E INSTALAÇÃO. AF_08/2022","M",113.52]
["Instalações Hidráulicas em PPR",96682,"TUBO, PPR, DN 90, CLASSE PN 25, INSTALADO EM PRUMADA DE ÁGUA FORNECIMENTO E INSTALAÇÃO. AF_08/2022","M",232.86]
["Instalações Hidráulicas em PPR",96643,"TÊ MISTURADOR, PPR, 25 X 3/4, CLASSE PN 25, INSTALADO EM RAMAL OU SUB-RAMAL DE ÁGUA FORNECIMENTO E INSTALAÇÃO. AF_08/2022","UN",48.23]
["Instalações Hidráulicas em PPR",104201,"TÊ MISTURADOR, PPR, F M M, DN 20 X 20 MM, INSTALADO EM RAMAL OU SUB-RAMAL DE ÁGUA - FORNECIMENTO E INSTALAÇÃO. AF_08/2022","UN",21.17]
["Instalações Hidráulicas em PPR",104192,"TÊ MISTURADOR, PPR, F M M, DN 25 X 25 MM, INSTALADO EM RAMAL OU SUB-RAMAL DE ÁGUA - FORNECIMENTO E INSTALAÇÃO. AF_08/2022","UN",31.32]
["Instalações Hidráulicas em PPR",104202,"TÊ NORMAL, PPR, 90 GRAUS, DN 20 X 20 X 20 MM, INSTALADO EM RAMAL OU SUB-RAMAL DE ÁGUA - FORNECIMENTO E INSTALAÇÃO. AF_08/2022","UN",12.23]
["Instalações Hidráulicas em PPR",96717,"TÊ NORMAL, PPR, DN 110 MM, CLASSE PN 25, INSTALADO EM PRUMADA DE ÁGUA FORNECIMENTO E INSTALAÇÃO . AF_08/2022","UN",324.05]
["Instalações Hidráulicas em PPR",96710,"TÊ NORMAL, PPR, DN 25 MM, CLASSE PN 25, INSTALADO EM PRUMADA DE ÁGUA FORNECIMENTO E INSTALAÇÃO . AF_08/2022","UN",16.64]
["Instalações Hidráulicas em PPR",96665,"TÊ NORMAL, PPR, DN 25 MM, CLASSE PN 25, INSTALADO EM RAMAL DE DISTRIBUIÇÃO DE ÁGUA FORNECIMENTO E INSTALAÇÃO. AF_08/2022","UN",12.84]
["Instalações Hidráulicas em PPR",96642,"TÊ NORMAL, PPR, DN 25 MM, CLASSE PN 25, INSTALADO EM RAMAL OU SUB-RAMAL DE ÁGUA FORNECIMENTO E INSTALAÇÃO. AF_08/2022","UN",23.37]
["Instalações Hidráulicas em PPR",96711,"TÊ NORMAL, PPR, DN 32 MM, CLASSE PN 25, INSTALADO EM PRUMADA DE ÁGUA FORNECIMENTO E INSTALAÇÃO . AF_08/2022","UN",24.43]
["Instalações Hidráulicas em PPR",96666,"TÊ NORMAL, PPR, DN 32 MM, CLASSE PN 25, INSTALADO EM RAMAL DE DISTRIBUIÇÃO DE ÁGUA FORNECIMENTO E INSTALAÇÃO. AF_08/2022","UN",18.190000000000001]
["Instalações Hidráulicas em PPR",96712,"TÊ NORMAL, PPR, DN 40 MM, CLASSE PN 25, INSTALADO EM PRUMADA DE ÁGUA FORNECIMENTO E INSTALAÇÃO . AF_08/2022","UN",34.47]
["Instalações Hidráulicas em PPR",96667,"TÊ NORMAL, PPR, DN 40 MM, CLASSE PN 25, INSTALADO EM RAMAL DE DISTRIBUIÇÃO DE ÁGUA FORNECIMENTO E INSTALAÇÃO. AF_08/2022","UN",25.46]
["Instalações Hidráulicas em PPR",96713,"TÊ NORMAL, PPR, DN 50 MM, CLASSE PN 25, INSTALADO EM PRUMADA DE ÁGUA FORNECIMENTO E INSTALAÇÃO . AF_08/2022","UN",52.38]
["Instalações Hidráulicas em PPR",96714,"TÊ NORMAL, PPR, DN 63 MM, CLASSE PN 25, INSTALADO EM PRUMADA DE ÁGUA FORNECIMENTO E INSTALAÇÃO . AF_08/2022","UN",74.17]
["Instalações Hidráulicas em PPR",96715,"TÊ NORMAL, PPR, DN 75 MM, CLASSE PN 25, INSTALADO EM PRUMADA DE ÁGUA FORNECIMENTO E INSTALAÇÃO . AF_08/2022","UN",130.72]
["Instalações Hidráulicas em PPR",96716,"TÊ NORMAL, PPR, DN 90 MM, CLASSE PN 25, INSTALADO EM PRUMADA DE ÁGUA FORNECIMENTO E INSTALAÇÃO . AF_08/2022","UN",169.91]
["Instalações Prediais de Esgoto - Caixas e Ralos",104328,"CAIXA SIFONADA, COM GRELHA QUADRADA, PVC, DN 150 X 150 X 50 MM, JUNTA SOLDÁVEL, FORNECIDA E INSTALADA EM RAMAL DE DESCARGA OU EM RAMAL DE ESGOTO SANITÁRIO. AF_08/2022","UN",65.39]
["Instalações Prediais de Esgoto - Caixas e Ralos",104329,"CAIXA SIFONADA, COM GRELHA REDONDA, PVC, DN 150 X 150 X 50 MM, JUNTA SOLDÁVEL, FORNECIDA E INSTALADA EM RAMAL DE DESCARGA OU EM RAMAL DE ESGOTO SANITÁRIO. AF_08/2022","UN",72.83]
["Instalações Prediais de Esgoto - Caixas e Ralos",89707,"CAIXA SIFONADA, PVC, DN 100 X 100 X 50 MM, JUNTA ELÁSTICA, FORNECIDA E INSTALADA EM RAMAL DE DESCARGA OU EM RAMAL DE ESGOTO SANITÁRIO. AF_08/2022","UN",47.13]
["Instalações Prediais de Esgoto - Caixas e Ralos",89708,"CAIXA SIFONADA, PVC, DN 150 X 185 X 75 MM, JUNTA ELÁSTICA, FORNECIDA E INSTALADA EM RAMAL DE DESCARGA OU EM RAMAL DE ESGOTO SANITÁRIO. AF_08/2022","UN",94.36]
["Instalações Prediais de Esgoto - Caixas e Ralos",104330,"RALO LINEAR, EM PVC COM GRELHA INOX, JUNTA SOLDÁVEL, FORNECIDO E INSTALADO EM RAMAL DE DESCARGA OU EM RAMAL DE ESGOTO SANITÁRIO. AF_08/2022","UN",0]
["Instalações Prediais de Esgoto - Caixas e Ralos",104326,"RALO SECO CÔNICO, PVC, DN 100 X 40 MM, JUNTA SOLDÁVEL, FORNECIDO E INSTALADO EM RAMAL DE DESCARGA OU EM RAMAL DE ESGOTO SANITÁRIO. AF_08/2022","UN",19.25]
["Instalações Prediais de Esgoto - Caixas e Ralos",89710,"RALO SECO, PVC, DN 100 X 40 MM, JUNTA SOLDÁVEL, FORNECIDO E INSTALADO EM RAMAL DE DESCARGA OU EM RAMAL DE ESGOTO SANITÁRIO. AF_08/2022","UN",17.96]
["Instalações Prediais de Esgoto - Caixas e Ralos",104327,"RALO SIFONADO REDONDO, PVC, DN 100 X 40 MM, JUNTA SOLDÁVEL, FORNECIDO E INSTALADO EM RAMAL DE DESCARGA OU EM RAMAL DE ESGOTO SANITÁRIO. AF_08/2022","UN",18.489999999999998]
["Instalações Prediais de Esgoto - Caixas e Ralos",89709,"RALO SIFONADO, PVC, DN 100 X 40 MM, JUNTA SOLDÁVEL, FORNECIDO E INSTALADO EM RAMAL DE DESCARGA OU EM RAMAL DE ESGOTO SANITÁRIO. AF_08/2022","UN",20.04]
["Instalações Prediais de Esgoto - Tubos e Conexões",104341,"BUCHA DE REDUÇÃO LONGA, PVC, SÉRIE NORMAL, ESGOTO PREDIAL, DN 50 X 40 MM, JUNTA SOLDÁVEL E ELÁSTICA, FORNECIDO E INSTALADO EM RAMAL DE DESCARGA OU RAMAL DE ESGOTO SANITÁRIO. AF_08/2022","UN",10.98]
["Instalações Prediais de Esgoto - Tubos e Conexões",104357,"CAP, PVC, SÉRIE NORMAL, ESGOTO PREDIAL, DN 100 MM, JUNTA ELÁSTICA, FORNECIDO E INSTALADO EM SUBCOLETOR AÉREO DE ESGOTO SANITÁRIO. AF_08/2022","UN",18.22]
["Instalações Prediais de Esgoto - Tubos e Conexões",89811,"CURVA CURTA 90 GRAUS, PVC, SERIE NORMAL, ESGOTO PREDIAL, DN 100 MM, JUNTA ELÁSTICA, FORNECIDO E INSTALADO EM PRUMADA DE ESGOTO SANITÁRIO OU VENTILAÇÃO. AF_08/2022","UN",41.71]
["Instalações Prediais de Esgoto - Tubos e Conexões",89748,"CURVA CURTA 90 GRAUS, PVC, SERIE NORMAL, ESGOTO PREDIAL, DN 100 MM, JUNTA ELÁSTICA, FORNECIDO E INSTALADO EM RAMAL DE DESCARGA OU RAMAL DE ESGOTO SANITÁRIO. AF_08/2022","UN",40.299999999999997]
["Instalações Prediais de Esgoto - Tubos e Conexões",89852,"CURVA CURTA 90 GRAUS, PVC, SERIE NORMAL, ESGOTO PREDIAL, DN 100 MM, JUNTA ELÁSTICA, FORNECIDO E INSTALADO EM SUBCOLETOR AÉREO DE ESGOTO SANITÁRIO. AF_08/2022","UN",45.16]
["Instalações Prediais de Esgoto - Tubos e Conexões",89728,"CURVA CURTA 90 GRAUS, PVC, SERIE NORMAL, ESGOTO PREDIAL, DN 40 MM, JUNTA SOLDÁVEL, FORNECIDO E INSTALADO EM RAMAL DE DESCARGA OU RAMAL DE ESGOTO SANITÁRIO. AF_08/2022","UN",13.21]
["Instalações Prediais de Esgoto - Tubos e Conexões",89803,"CURVA CURTA 90 GRAUS, PVC, SERIE NORMAL, ESGOTO PREDIAL, DN 50 MM, JUNTA ELÁSTICA, FORNECIDO E INSTALADO EM PRUMADA DE ESGOTO SANITÁRIO OU VENTILAÇÃO. AF_08/2022","UN",16.68]
["Instalações Prediais de Esgoto - Tubos e Conexões",89733,"CURVA CURTA 90 GRAUS, PVC, SERIE NORMAL, ESGOTO PREDIAL, DN 50 MM, JUNTA ELÁSTICA, FORNECIDO E INSTALADO EM RAMAL DE DESCARGA OU RAMAL DE ESGOTO SANITÁRIO. AF_08/2022","UN",22.62]
["Instalações Prediais de Esgoto - Tubos e Conexões",89807,"CURVA CURTA 90 GRAUS, PVC, SERIE NORMAL, ESGOTO PREDIAL, DN 75 MM, JUNTA ELÁSTICA, FORNECIDO E INSTALADO EM PRUMADA DE ESGOTO SANITÁRIO OU VENTILAÇÃO. AF_08/2022","UN",34.9]
["Instalações Prediais de Esgoto - Tubos e Conexões",89742,"CURVA CURTA 90 GRAUS, PVC, SERIE NORMAL, ESGOTO PREDIAL, DN 75 MM, JUNTA ELÁSTICA, FORNECIDO E INSTALADO EM RAMAL DE DESCARGA OU RAMAL DE ESGOTO SANITÁRIO. AF_08/2022","UN",37.159999999999997]
["Instalações Prediais de Esgoto - Tubos e Conexões",89812,"CURVA LONGA 90 GRAUS, PVC, SERIE NORMAL, ESGOTO PREDIAL, DN 100 MM, JUNTA ELÁSTICA, FORNECIDO E INSTALADO EM PRUMADA DE ESGOTO SANITÁRIO OU VENTILAÇÃO. AF_08/2022","UN",71.39]
["Instalações Prediais de Esgoto - Tubos e Conexões",89750,"CURVA LONGA 90 GRAUS, PVC, SERIE NORMAL, ESGOTO PREDIAL, DN 100 MM, JUNTA ELÁSTICA, FORNECIDO E INSTALADO EM RAMAL DE DESCARGA OU RAMAL DE ESGOTO SANITÁRIO. AF_08/2022","UN",69.98]
["Instalações Prediais de Esgoto - Tubos e Conexões",89853,"CURVA LONGA 90 GRAUS, PVC, SERIE NORMAL, ESGOTO PREDIAL, DN 100 MM, JUNTA ELÁSTICA, FORNECIDO E INSTALADO EM SUBCOLETOR AÉREO DE ESGOTO SANITÁRIO. AF_08/2022","UN",74.84]
["Instalações Prediais de Esgoto - Tubos e Conexões",89730,"CURVA LONGA 90 GRAUS, PVC, SERIE NORMAL, ESGOTO PREDIAL, DN 40 MM, JUNTA SOLDÁVEL, FORNECIDO E INSTALADO EM RAMAL DE DESCARGA OU RAMAL DE ESGOTO SANITÁRIO. AF_08/2022","UN",14.82]
["Instalações Prediais de Esgoto - Tubos e Conexões",89804,"CURVA LONGA 90 GRAUS, PVC, SERIE NORMAL, ESGOTO PREDIAL, DN 50 MM, JUNTA ELÁSTICA, FORNECIDO E INSTALADO EM PRUMADA DE ESGOTO SANITÁRIO OU VENTILAÇÃO. AF_08/2022","UN",18.53]
["Instalações Prediais de Esgoto - Tubos e Conexões",89735,"CURVA LONGA 90 GRAUS, PVC, SERIE NORMAL, ESGOTO PREDIAL, DN 50 MM, JUNTA ELÁSTICA, FORNECIDO E INSTALADO EM RAMAL DE DESCARGA OU RAMAL DE ESGOTO SANITÁRIO. AF_08/2022","UN",24.47]
["Instalações Prediais de Esgoto - Tubos e Conexões",89808,"CURVA LONGA 90 GRAUS, PVC, SERIE NORMAL, ESGOTO PREDIAL, DN 75 MM, JUNTA ELÁSTICA, FORNECIDO E INSTALADO EM PRUMADA DE ESGOTO SANITÁRIO OU VENTILAÇÃO. AF_08/2022","UN",52.34]
["Instalações Prediais de Esgoto - Tubos e Conexões",89743,"CURVA LONGA 90 GRAUS, PVC, SERIE NORMAL, ESGOTO PREDIAL, DN 75 MM, JUNTA ELÁSTICA, FORNECIDO E INSTALADO EM RAMAL DE DESCARGA OU RAMAL DE ESGOTO SANITÁRIO. AF_08/2022","UN",54.6]
["Instalações Prediais de Esgoto - Tubos e Conexões",89810,"JOELHO 45 GRAUS, PVC, SERIE NORMAL, ESGOTO PREDIAL, DN 100 MM, JUNTA ELÁSTICA, FORNECIDO E INSTALADO EM PRUMADA DE ESGOTO SANITÁRIO OU VENTILAÇÃO. AF_08/2022","UN",29.68]
["Instalações Prediais de Esgoto - Tubos e Conexões",89746,"JOELHO 45 GRAUS, PVC, SERIE NORMAL, ESGOTO PREDIAL, DN 100 MM, JUNTA ELÁSTICA, FORNECIDO E INSTALADO EM RAMAL DE DESCARGA OU RAMAL DE ESGOTO SANITÁRIO. AF_08/2022","UN",28.27]
["Instalações Prediais de Esgoto - Tubos e Conexões",89851,"JOELHO 45 GRAUS, PVC, SERIE NORMAL, ESGOTO PREDIAL, DN 100 MM, JUNTA ELÁSTICA, FORNECIDO E INSTALADO EM SUBCOLETOR AÉREO DE ESGOTO SANITÁRIO. AF_08/2022","UN",33.130000000000003]
["Instalações Prediais de Esgoto - Tubos e Conexões",89855,"JOELHO 45 GRAUS, PVC, SERIE NORMAL, ESGOTO PREDIAL, DN 150 MM, JUNTA ELÁSTICA, FORNECIDO E INSTALADO EM SUBCOLETOR AÉREO DE ESGOTO SANITÁRIO. AF_08/2022","UN",103.5]
["Instalações Prediais de Esgoto - Tubos e Conexões",89726,"JOELHO 45 GRAUS, PVC, SERIE NORMAL, ESGOTO PREDIAL, DN 40 MM, JUNTA SOLDÁVEL, FORNECIDO E INSTALADO EM RAMAL DE DESCARGA OU RAMAL DE ESGOTO SANITÁRIO. AF_08/2022","UN",10.93]
["Instalações Prediais de Esgoto - Tubos e Conexões",89802,"JOELHO 45 GRAUS, PVC, SERIE NORMAL, ESGOTO PREDIAL, DN 50 MM, JUNTA ELÁSTICA, FORNECIDO E INSTALADO EM PRUMADA DE ESGOTO SANITÁRIO OU VENTILAÇÃO. AF_08/2022","UN",10.130000000000001]
["Instalações Prediais de Esgoto - Tubos e Conexões",89732,"JOELHO 45 GRAUS, PVC, SERIE NORMAL, ESGOTO PREDIAL, DN 50 MM, JUNTA ELÁSTICA, FORNECIDO E INSTALADO EM RAMAL DE DESCARGA OU RAMAL DE ESGOTO SANITÁRIO. AF_08/2022","UN",16.07]
["Instalações Prediais de Esgoto - Tubos e Conexões",89806,"JOELHO 45 GRAUS, PVC, SERIE NORMAL, ESGOTO PREDIAL, DN 75 MM, JUNTA ELÁSTICA, FORNECIDO E INSTALADO EM PRUMADA DE ESGOTO SANITÁRIO OU VENTILAÇÃO. AF_08/2022","UN",21.27]
["Instalações Prediais de Esgoto - Tubos e Conexões",89739,"JOELHO 45 GRAUS, PVC, SERIE NORMAL, ESGOTO PREDIAL, DN 75 MM, JUNTA ELÁSTICA, FORNECIDO E INSTALADO EM RAMAL DE DESCARGA OU RAMAL DE ESGOTO SANITÁRIO. AF_08/2022","UN",23.53]
["Instalações Prediais de Esgoto - Tubos e Conexões",89809,"JOELHO 90 GRAUS, PVC, SERIE NORMAL, ESGOTO PREDIAL, DN 100 MM, JUNTA ELÁSTICA, FORNECIDO E INSTALADO EM PRUMADA DE ESGOTO SANITÁRIO OU VENTILAÇÃO. AF_08/2022","UN",28.97]
["Instalações Prediais de Esgoto - Tubos e Conexões",89744,"JOELHO 90 GRAUS, PVC, SERIE NORMAL, ESGOTO PREDIAL, DN 100 MM, JUNTA ELÁSTICA, FORNECIDO E INSTALADO EM RAMAL DE DESCARGA OU RAMAL DE ESGOTO SANITÁRIO. AF_08/2022","UN",27.56]
["Instalações Prediais de Esgoto - Tubos e Conexões",89850,"JOELHO 90 GRAUS, PVC, SERIE NORMAL, ESGOTO PREDIAL, DN 100 MM, JUNTA ELÁSTICA, FORNECIDO E INSTALADO EM SUBCOLETOR AÉREO DE ESGOTO SANITÁRIO. AF_08/2022","UN",32.42]
["Instalações Prediais de Esgoto - Tubos e Conexões",89854,"JOELHO 90 GRAUS, PVC, SERIE NORMAL, ESGOTO PREDIAL, DN 150 MM, JUNTA ELÁSTICA, FORNECIDO E INSTALADO EM SUBCOLETOR AÉREO DE ESGOTO SANITÁRIO. AF_08/2022","UN",99.08]
["Instalações Prediais de Esgoto - Tubos e Conexões",89724,"JOELHO 90 GRAUS, PVC, SERIE NORMAL, ESGOTO PREDIAL, DN 40 MM, JUNTA SOLDÁVEL, FORNECIDO E INSTALADO EM RAMAL DE DESCARGA OU RAMAL DE ESGOTO SANITÁRIO. AF_08/2022","UN",10.74]
["Instalações Prediais de Esgoto - Tubos e Conexões",89801,"JOELHO 90 GRAUS, PVC, SERIE NORMAL, ESGOTO PREDIAL, DN 50 MM, JUNTA ELÁSTICA, FORNECIDO E INSTALADO EM PRUMADA DE ESGOTO SANITÁRIO OU VENTILAÇÃO. AF_08/2022","UN",9.52]
["Instalações Prediais de Esgoto - Tubos e Conexões",89731,"JOELHO 90 GRAUS, PVC, SERIE NORMAL, ESGOTO PREDIAL, DN 50 MM, JUNTA ELÁSTICA, FORNECIDO E INSTALADO EM RAMAL DE DESCARGA OU RAMAL DE ESGOTO SANITÁRIO. AF_08/2022","UN",15.46]
["Instalações Prediais de Esgoto - Tubos e Conexões",89805,"JOELHO 90 GRAUS, PVC, SERIE NORMAL, ESGOTO PREDIAL, DN 75 MM, JUNTA ELÁSTICA, FORNECIDO E INSTALADO EM PRUMADA DE ESGOTO SANITÁRIO OU VENTILAÇÃO. AF_08/2022","UN",20.440000000000001]
["Instalações Prediais de Esgoto - Tubos e Conexões",89737,"JOELHO 90 GRAUS, PVC, SERIE NORMAL, ESGOTO PREDIAL, DN 75 MM, JUNTA ELÁSTICA, FORNECIDO E INSTALADO EM RAMAL DE DESCARGA OU RAMAL DE ESGOTO SANITÁRIO. AF_08/2022","UN",22.7]
["Instalações Prediais de Esgoto - Tubos e Conexões",104355,"JUNÇÃO DE REDUCAO INVERTIDA, PVC, SÉRIE NORMAL, ESGOTO PREDIAL, DN 100 X 75 MM, JUNTA ELÁSTICA, FORNECIDO E INSTALADO EM PRUMADA DE ESGOTO SANITÁRIO OU VENTILAÇÃO. AF_08/2022","UN",46.26]
["Instalações Prediais de Esgoto - Tubos e Conexões",104347,"JUNÇÃO DE REDUCAO INVERTIDA, PVC, SÉRIE NORMAL, ESGOTO PREDIAL, DN 100 X 75 MM, JUNTA ELÁSTICA, FORNECIDO E INSTALADO EM RAMAL DE DESCARGA OU RAMAL DE ESGOTO SANITÁRIO. AF_08/2022","UN",46.01]
["Instalações Prediais de Esgoto - Tubos e Conexões",104353,"JUNÇÃO DE REDUÇÃO INVERTIDA, PVC, SÉRIE NORMAL, ESGOTO PREDIAL, DN 100 X 50 MM, JUNTA ELÁSTICA, FORNECIDO E INSTALADO EM PRUMADA DE ESGOTO SANITÁRIO OU VENTILAÇÃO. AF_08/2022","UN",40.090000000000003]
["Instalações Prediais de Esgoto - Tubos e Conexões",104345,"JUNÇÃO DE REDUÇÃO INVERTIDA, PVC, SÉRIE NORMAL, ESGOTO PREDIAL, DN 100 X 50 MM, JUNTA ELÁSTICA, FORNECIDO E INSTALADO EM RAMAL DE DESCARGA OU RAMAL DE ESGOTO SANITÁRIO. AF_08/2022","UN",41.48]
["Instalações Prediais de Esgoto - Tubos e Conexões",104350,"JUNÇÃO DE REDUÇÃO INVERTIDA, PVC, SÉRIE NORMAL, ESGOTO PREDIAL, DN 75 X 50 MM, JUNTA ELÁSTICA, FORNECIDO E INSTALADO EM PRUMADA DE ESGOTO SANITÁRIO OU VENTILAÇÃO. AF_08/2022","UN",28.68]
["Instalações Prediais de Esgoto - Tubos e Conexões",104343,"JUNÇÃO DE REDUÇÃO INVERTIDA, PVC, SÉRIE NORMAL, ESGOTO PREDIAL, DN 75 X 50 MM, JUNTA ELÁSTICA, FORNECIDO E INSTALADO EM RAMAL DE DESCARGA OU RAMAL DE ESGOTO SANITÁRIO. AF_08/2022","UN",33.33]
["Instalações Prediais de Esgoto - Tubos e Conexões",89834,"JUNÇÃO SIMPLES, PVC, SERIE NORMAL, ESGOTO PREDIAL, DN 100 X 100 MM, JUNTA ELÁSTICA, FORNECIDO E INSTALADO EM PRUMADA DE ESGOTO SANITÁRIO OU VENTILAÇÃO. AF_08/2022","UN",51.2]
["Instalações Prediais de Esgoto - Tubos e Conexões",89797,"JUNÇÃO SIMPLES, PVC, SERIE NORMAL, ESGOTO PREDIAL, DN 100 X 100 MM, JUNTA ELÁSTICA, FORNECIDO E INSTALADO EM RAMAL DE DESCARGA OU RAMAL DE ESGOTO SANITÁRIO. AF_08/2022","UN",49.32]
["Instalações Prediais de Esgoto - Tubos e Conexões",89861,"JUNÇÃO SIMPLES, PVC, SERIE NORMAL, ESGOTO PREDIAL, DN 100 X 100 MM, JUNTA ELÁSTICA, FORNECIDO E INSTALADO EM SUBCOLETOR AÉREO DE ESGOTO SANITÁRIO. AF_08/2022","UN",55.8]
["Instalações Prediais de Esgoto - Tubos e Conexões",89783,"JUNÇÃO SIMPLES, PVC, SERIE NORMAL, ESGOTO PREDIAL, DN 40 MM, JUNTA SOLDÁVEL, FORNECIDO E INSTALADO EM RAMAL DE DESCARGA OU RAMAL DE ESGOTO SANITÁRIO. AF_08/2022","UN",15.43]
["Instalações Prediais de Esgoto - Tubos e Conexões",89827,"JUNÇÃO SIMPLES, PVC, SERIE NORMAL, ESGOTO PREDIAL, DN 50 X 50 MM, JUNTA ELÁSTICA, FORNECIDO E INSTALADO EM PRUMADA DE ESGOTO SANITÁRIO OU VENTILAÇÃO. AF_08/2022","UN",18.420000000000002]
["Instalações Prediais de Esgoto - Tubos e Conexões",89785,"JUNÇÃO SIMPLES, PVC, SERIE NORMAL, ESGOTO PREDIAL, DN 50 X 50 MM, JUNTA ELÁSTICA, FORNECIDO E INSTALADO EM RAMAL DE DESCARGA OU RAMAL DE ESGOTO SANITÁRIO. AF_08/2022","UN",26.35]
["Instalações Prediais de Esgoto - Tubos e Conexões",89830,"JUNÇÃO SIMPLES, PVC, SERIE NORMAL, ESGOTO PREDIAL, DN 75 X 75 MM, JUNTA ELÁSTICA, FORNECIDO E INSTALADO EM PRUMADA DE ESGOTO SANITÁRIO OU VENTILAÇÃO. AF_08/2022","UN",36.47]
["Instalações Prediais de Esgoto - Tubos e Conexões",89795,"JUNÇÃO SIMPLES, PVC, SERIE NORMAL, ESGOTO PREDIAL, DN 75 X 75 MM, JUNTA ELÁSTICA, FORNECIDO E INSTALADO EM RAMAL DE DESCARGA OU RAMAL DE ESGOTO SANITÁRIO. AF_08/2022","UN",39.5]
["Instalações Prediais de Esgoto - Tubos e Conexões",89823,"LUVA DE CORRER, PVC, SERIE NORMAL, ESGOTO PREDIAL, DN 100 MM, JUNTA ELÁSTICA, FORNECIDO E INSTALADO EM PRUMADA DE ESGOTO SANITÁRIO OU VENTILAÇÃO. AF_08/2022","UN",33.42]
["Instalações Prediais de Esgoto - Tubos e Conexões",89779,"LUVA DE CORRER, PVC, SERIE NORMAL, ESGOTO PREDIAL, DN 100 MM, JUNTA ELÁSTICA, FORNECIDO E INSTALADO EM RAMAL DE DESCARGA OU RAMAL DE ESGOTO SANITÁRIO. AF_08/2022","UN",32.49]
["Instalações Prediais de Esgoto - Tubos e Conexões",89857,"LUVA DE CORRER, PVC, SERIE NORMAL, ESGOTO PREDIAL, DN 100 MM, JUNTA ELÁSTICA, FORNECIDO E INSTALADO EM SUBCOLETOR AÉREO DE ESGOTO SANITÁRIO. AF_08/2022","UN",35.729999999999997]
["Instalações Prediais de Esgoto - Tubos e Conexões",89814,"LUVA DE CORRER, PVC, SERIE NORMAL, ESGOTO PREDIAL, DN 50 MM, JUNTA ELÁSTICA, FORNECIDO E INSTALADO EM PRUMADA DE ESGOTO SANITÁRIO OU VENTILAÇÃO. AF_08/2022","UN",15.81]
["Instalações Prediais de Esgoto - Tubos e Conexões",89754,"LUVA DE CORRER, PVC, SERIE NORMAL, ESGOTO PREDIAL, DN 50 MM, JUNTA ELÁSTICA, FORNECIDO E INSTALADO EM RAMAL DE DESCARGA OU RAMAL DE ESGOTO SANITÁRIO. AF_08/2022","UN",19.77]
["Instalações Prediais de Esgoto - Tubos e Conexões",89819,"LUVA DE CORRER, PVC, SERIE NORMAL, ESGOTO PREDIAL, DN 75 MM, JUNTA ELÁSTICA, FORNECIDO E INSTALADO EM PRUMADA DE ESGOTO SANITÁRIO OU VENTILAÇÃO. AF_08/2022","UN",22.73]
["Instalações Prediais de Esgoto - Tubos e Conexões",89776,"LUVA DE CORRER, PVC, SERIE NORMAL, ESGOTO PREDIAL, DN 75 MM, JUNTA ELÁSTICA, FORNECIDO E INSTALADO EM RAMAL DE DESCARGA OU RAMAL DE ESGOTO SANITÁRIO. AF_08/2022","UN",24.25]
["Instalações Prediais de Esgoto - Tubos e Conexões",89821,"LUVA SIMPLES, PVC, SERIE NORMAL, ESGOTO PREDIAL, DN 100 MM, JUNTA ELÁSTICA, FORNECIDO E INSTALADO EM PRUMADA DE ESGOTO SANITÁRIO OU VENTILAÇÃO. AF_08/2022","UN",18.2]
["Instalações Prediais de Esgoto - Tubos e Conexões",89778,"LUVA SIMPLES, PVC, SERIE NORMAL, ESGOTO PREDIAL, DN 100 MM, JUNTA ELÁSTICA, FORNECIDO E INSTALADO EM RAMAL DE DESCARGA OU RAMAL DE ESGOTO SANITÁRIO. AF_08/2022","UN",17.27]
["Instalações Prediais de Esgoto - Tubos e Conexões",89856,"LUVA SIMPLES, PVC, SERIE NORMAL, ESGOTO PREDIAL, DN 100 MM, JUNTA ELÁSTICA, FORNECIDO E INSTALADO EM SUBCOLETOR AÉREO DE ESGOTO SANITÁRIO. AF_08/2022","UN",20.51]
["Instalações Prediais de Esgoto - Tubos e Conexões",89752,"LUVA SIMPLES, PVC, SERIE NORMAL, ESGOTO PREDIAL, DN 40 MM, JUNTA SOLDÁVEL, FORNECIDO E INSTALADO EM RAMAL DE DESCARGA OU RAMAL DE ESGOTO SANITÁRIO. AF_08/2022","UN",7.87]
["Instalações Prediais de Esgoto - Tubos e Conexões",89813,"LUVA SIMPLES, PVC, SERIE NORMAL, ESGOTO PREDIAL, DN 50 MM, JUNTA ELÁSTICA, FORNECIDO E INSTALADO EM PRUMADA DE ESGOTO SANITÁRIO OU VENTILAÇÃO. AF_08/2022","UN",5.33]
["Instalações Prediais de Esgoto - Tubos e Conexões",89753,"LUVA SIMPLES, PVC, SERIE NORMAL, ESGOTO PREDIAL, DN 50 MM, JUNTA ELÁSTICA, FORNECIDO E INSTALADO EM RAMAL DE DESCARGA OU RAMAL DE ESGOTO SANITÁRIO. AF_08/2022","UN",9.35]
["Instalações Prediais de Esgoto - Tubos e Conexões",89817,"LUVA SIMPLES, PVC, SERIE NORMAL, ESGOTO PREDIAL, DN 75 MM, JUNTA ELÁSTICA, FORNECIDO E INSTALADO EM PRUMADA DE ESGOTO SANITÁRIO OU VENTILAÇÃO. AF_08/2022","UN",13.4]
["Instalações Prediais de Esgoto - Tubos e Conexões",89774,"LUVA SIMPLES, PVC, SERIE NORMAL, ESGOTO PREDIAL, DN 75 MM, JUNTA ELÁSTICA, FORNECIDO E INSTALADO EM RAMAL DE DESCARGA OU RAMAL DE ESGOTO SANITÁRIO. AF_08/2022","UN",14.95]
["Instalações Prediais de Esgoto - Tubos e Conexões",95693,"LUVA SIMPLES, PVC, SÉRIE NORMAL, ESGOTO PREDIAL, DN 150 MM, JUNTA ELÁSTICA, FORNECIDO E INSTALADO EM SUBCOLETOR AÉREO DE ESGOTO SANITÁRIO. AF_08/2022","UN",47.06]
["Instalações Prediais de Esgoto - Tubos e Conexões",89833,"TE, PVC, SERIE NORMAL, ESGOTO PREDIAL, DN 100 X 100 MM, JUNTA ELÁSTICA, FORNECIDO E INSTALADO EM PRUMADA DE ESGOTO SANITÁRIO OU VENTILAÇÃO. AF_08/2022","UN",44.39]
["Instalações Prediais de Esgoto - Tubos e Conexões",89796,"TE, PVC, SERIE NORMAL, ESGOTO PREDIAL, DN 100 X 100 MM, JUNTA ELÁSTICA, FORNECIDO E INSTALADO EM RAMAL DE DESCARGA OU RAMAL DE ESGOTO SANITÁRIO. AF_08/2022","UN",42.51]
["Instalações Prediais de Esgoto - Tubos e Conexões",89860,"TE, PVC, SERIE NORMAL, ESGOTO PREDIAL, DN 100 X 100 MM, JUNTA ELÁSTICA, FORNECIDO E INSTALADO EM SUBCOLETOR AÉREO DE ESGOTO SANITÁRIO. AF_08/2022","UN",48.99]
["Instalações Prediais de Esgoto - Tubos e Conexões",89782,"TE, PVC, SERIE NORMAL, ESGOTO PREDIAL, DN 40 X 40 MM, JUNTA SOLDÁVEL, FORNECIDO E INSTALADO EM RAMAL DE DESCARGA OU RAMAL DE ESGOTO SANITÁRIO. AF_08/2022","UN",15.34]
["Instalações Prediais de Esgoto - Tubos e Conexões",89825,"TE, PVC, SERIE NORMAL, ESGOTO PREDIAL, DN 50 X 50 MM, JUNTA ELÁSTICA, FORNECIDO E INSTALADO EM PRUMADA DE ESGOTO SANITÁRIO OU VENTILAÇÃO. AF_08/2022","UN",16.43]
["Instalações Prediais de Esgoto - Tubos e Conexões",89784,"TE, PVC, SERIE NORMAL, ESGOTO PREDIAL, DN 50 X 50 MM, JUNTA ELÁSTICA, FORNECIDO E INSTALADO EM RAMAL DE DESCARGA OU RAMAL DE ESGOTO SANITÁRIO. AF_08/2022","UN",24.36]
["Instalações Prediais de Esgoto - Tubos e Conexões",89829,"TE, PVC, SERIE NORMAL, ESGOTO PREDIAL, DN 75 X 75 MM, JUNTA ELÁSTICA, FORNECIDO E INSTALADO EM PRUMADA DE ESGOTO SANITÁRIO OU VENTILAÇÃO. AF_08/2022","UN",34.71]
["Instalações Prediais de Esgoto - Tubos e Conexões",89786,"TE, PVC, SERIE NORMAL, ESGOTO PREDIAL, DN 75 X 75 MM, JUNTA ELÁSTICA, FORNECIDO E INSTALADO EM RAMAL DE DESCARGA OU RAMAL DE ESGOTO SANITÁRIO. AF_08/2022","UN",37.74]
["Instalações Prediais de Esgoto - Tubos e Conexões",104352,"TE, PVC, SÉRIE NORMAL, ESGOTO PREDIAL, DN 100 X 50 MM, JUNTA ELÁSTICA, FORNECIDO E INSTALADO EM PRUMADA DE ESGOTO SANITÁRIO OU VENTILAÇÃO. AF_08/2022","UN",38.33]
["Instalações Prediais de Esgoto - Tubos e Conexões",104344,"TE, PVC, SÉRIE NORMAL, ESGOTO PREDIAL, DN 100 X 50 MM, JUNTA ELÁSTICA, FORNECIDO E INSTALADO EM RAMAL DE DESCARGA OU RAMAL DE ESGOTO SANITÁRIO. AF_08/2022","UN",39.72]
["Instalações Prediais de Esgoto - Tubos e Conexões",104354,"TE, PVC, SÉRIE NORMAL, ESGOTO PREDIAL, DN 100 X 75 MM, JUNTA ELÁSTICA, FORNECIDO E INSTALADO EM PRUMADA DE ESGOTO SANITÁRIO OU VENTILAÇÃO. AF_08/2022","UN",43.99]
["Instalações Prediais de Esgoto - Tubos e Conexões",104346,"TE, PVC, SÉRIE NORMAL, ESGOTO PREDIAL, DN 100 X 75 MM, JUNTA ELÁSTICA, FORNECIDO E INSTALADO EM RAMAL DE DESCARGA OU RAMAL DE ESGOTO SANITÁRIO. AF_08/2022","UN",43.74]
["Instalações Prediais de Esgoto - Tubos e Conexões",104356,"TERMINAL DE VENTILAÇÃO, PVC, SÉRIE NORMAL, ESGOTO PREDIAL, DN 100 MM, JUNTA SOLDÁVEL, FORNECIDO E INSTALADO EM PRUMADA DE ESGOTO SANITÁRIO OU VENTILAÇÃO. AF_08/2022","UN",27.1]
["Instalações Prediais de Esgoto - Tubos e Conexões",104348,"TERMINAL DE VENTILAÇÃO, PVC, SÉRIE NORMAL, ESGOTO PREDIAL, DN 50 MM, JUNTA SOLDÁVEL, FORNECIDO E INSTALADO EM PRUMADA DE ESGOTO SANITÁRIO OU VENTILAÇÃO. AF_08/2022","UN",9.6199999999999992]
["Instalações Prediais de Esgoto - Tubos e Conexões",104351,"TERMINAL DE VENTILAÇÃO, PVC, SÉRIE NORMAL, ESGOTO PREDIAL, DN 75 MM, JUNTA SOLDÁVEL, FORNECIDO E INSTALADO EM PRUMADA DE ESGOTO SANITÁRIO OU VENTILAÇÃO. AF_08/2022","UN",20.2]
["Instalações Prediais de Esgoto - Tubos e Conexões",89800,"TUBO PVC, SERIE NORMAL, ESGOTO PREDIAL, DN 100 MM, FORNECIDO E INSTALADO EM PRUMADA DE ESGOTO SANITÁRIO OU VENTILAÇÃO. AF_08/2022","M",28.45]
["Instalações Prediais de Esgoto - Tubos e Conexões",89714,"TUBO PVC, SERIE NORMAL, ESGOTO PREDIAL, DN 100 MM, FORNECIDO E INSTALADO EM RAMAL DE DESCARGA OU RAMAL DE ESGOTO SANITÁRIO. AF_08/2022","M",38.86]
["Instalações Prediais de Esgoto - Tubos e Conexões",89848,"TUBO PVC, SERIE NORMAL, ESGOTO PREDIAL, DN 100 MM, FORNECIDO E INSTALADO EM SUBCOLETOR AÉREO DE ESGOTO SANITÁRIO. AF_08/2022","M",27.09]
["Instalações Prediais de Esgoto - Tubos e Conexões",89849,"TUBO PVC, SERIE NORMAL, ESGOTO PREDIAL, DN 150 MM, FORNECIDO E INSTALADO EM SUBCOLETOR AÉREO DE ESGOTO SANITÁRIO. AF_08/2022","M",52.76]
["Instalações Prediais de Esgoto - Tubos e Conexões",89711,"TUBO PVC, SERIE NORMAL, ESGOTO PREDIAL, DN 40 MM, FORNECIDO E INSTALADO EM RAMAL DE DESCARGA OU RAMAL DE ESGOTO SANITÁRIO. AF_08/2022","M",22.65]
["Instalações Prediais de Esgoto - Tubos e Conexões",89798,"TUBO PVC, SERIE NORMAL, ESGOTO PREDIAL, DN 50 MM, FORNECIDO E INSTALADO EM PRUMADA DE ESGOTO SANITÁRIO OU VENTILAÇÃO. AF_08/2022","M",12.04]
["Instalações Prediais de Esgoto - Tubos e Conexões",89712,"TUBO PVC, SERIE NORMAL, ESGOTO PREDIAL, DN 50 MM, FORNECIDO E INSTALADO EM RAMAL DE DESCARGA OU RAMAL DE ESGOTO SANITÁRIO. AF_08/2022","M",27.9]
["Instalações Prediais de Esgoto - Tubos e Conexões",89799,"TUBO PVC, SERIE NORMAL, ESGOTO PREDIAL, DN 75 MM, FORNECIDO E INSTALADO EM PRUMADA DE ESGOTO SANITÁRIO OU VENTILAÇÃO. AF_08/2022","M",21.36]
["Instalações Prediais de Esgoto - Tubos e Conexões",89713,"TUBO PVC, SERIE NORMAL, ESGOTO PREDIAL, DN 75 MM, FORNECIDO E INSTALADO EM RAMAL DE DESCARGA OU RAMAL DE ESGOTO SANITÁRIO. AF_08/2022","M",34.520000000000003]
["Instalações Prediais de Água Fria em PVC",89376,"ADAPTADOR CURTO COM BOLSA E ROSCA PARA REGISTRO, PVC, SOLDÁVEL, DN 20MM X 1/2, INSTALADO EM RAMAL OU SUB-RAMAL DE ÁGUA - FORNECIMENTO E INSTALAÇÃO. AF_06/2022","UN",6.08]
["Instalações Prediais de Água Fria em PVC",89429,"ADAPTADOR CURTO COM BOLSA E ROSCA PARA REGISTRO, PVC, SOLDÁVEL, DN 25MM X 3/4, INSTALADO EM RAMAL DE DISTRIBUIÇÃO DE ÁGUA - FORNECIMENTO E INSTALAÇÃO. AF_06/2022","UN",6.51]
["Instalações Prediais de Água Fria em PVC",89383,"ADAPTADOR CURTO COM BOLSA E ROSCA PARA REGISTRO, PVC, SOLDÁVEL, DN 25MM X 3/4, INSTALADO EM RAMAL OU SUB-RAMAL DE ÁGUA - FORNECIMENTO E INSTALAÇÃO. AF_06/2022","UN",7.08]
["Instalações Prediais de Água Fria em PVC",89553,"ADAPTADOR CURTO COM BOLSA E ROSCA PARA REGISTRO, PVC, SOLDÁVEL, DN 32MM X 1, INSTALADO EM PRUMADA DE ÁGUA - FORNECIMENTO E INSTALAÇÃO. AF_06/2022","UN",5.76]
["Instalações Prediais de Água Fria em PVC",89436,"ADAPTADOR CURTO COM BOLSA E ROSCA PARA REGISTRO, PVC, SOLDÁVEL, DN 32MM X 1, INSTALADO EM RAMAL DE DISTRIBUIÇÃO DE ÁGUA - FORNECIMENTO E INSTALAÇÃO. AF_06/2022","UN",8.51]
["Instalações Prediais de Água Fria em PVC",89391,"ADAPTADOR CURTO COM BOLSA E ROSCA PARA REGISTRO, PVC, SOLDÁVEL, DN 32MM X 1, INSTALADO EM RAMAL OU SUB-RAMAL DE ÁGUA - FORNECIMENTO E INSTALAÇÃO. AF_06/2022","UN",9.18]
["Instalações Prediais de Água Fria em PVC",103994,"ADAPTADOR CURTO COM BOLSA E ROSCA PARA REGISTRO, PVC, SOLDÁVEL, DN 40MM X 1.1/2\", INSTALADO EM RAMAL DE DISTRIBUIÇÃO DE ÁGUA - FORNECIMENTO E INSTALAÇÃO. AF_06/2022","UN",13.87]
["Instalações Prediais de Água Fria em PVC",89570,"ADAPTADOR CURTO COM BOLSA E ROSCA PARA REGISTRO, PVC, SOLDÁVEL, DN 40MM X 1.1/2, INSTALADO EM PRUMADA DE ÁGUA - FORNECIMENTO E INSTALAÇÃO. AF_06/2022","UN",10.8]
["Instalações Prediais de Água Fria em PVC",103992,"ADAPTADOR CURTO COM BOLSA E ROSCA PARA REGISTRO, PVC, SOLDÁVEL, DN 40MM X 1.1/4\", INSTALADO EM RAMAL DE DISTRIBUIÇÃO DE ÁGUA - FORNECIMENTO E INSTALAÇÃO. AF_06/2022","UN",11.64]
["Instalações Prediais de Água Fria em PVC",89572,"ADAPTADOR CURTO COM BOLSA E ROSCA PARA REGISTRO, PVC, SOLDÁVEL, DN 40MM X 1.1/4, INSTALADO EM PRUMADA DE ÁGUA - FORNECIMENTO E INSTALAÇÃO. AF_06/2022","UN",8.4600000000000009]
["Instalações Prediais de Água Fria em PVC",104001,"ADAPTADOR CURTO COM BOLSA E ROSCA PARA REGISTRO, PVC, SOLDÁVEL, DN 50MM X 1.1/2\", INSTALADO EM RAMAL DE DISTRIBUIÇÃO DE ÁGUA - FORNECIMENTO E INSTALAÇÃO. AF_06/2022","UN",13.83]
["Instalações Prediais de Água Fria em PVC",89596,"ADAPTADOR CURTO COM BOLSA E ROSCA PARA REGISTRO, PVC, SOLDÁVEL, DN 50MM X 1.1/2, INSTALADO EM PRUMADA DE ÁGUA - FORNECIMENTO E INSTALAÇÃO. AF_06/2022","UN",10.119999999999999]
["Instalações Prediais de Água Fria em PVC",104002,"ADAPTADOR CURTO COM BOLSA E ROSCA PARA REGISTRO, PVC, SOLDÁVEL, DN 50MM X 1.1/4\", INSTALADO EM RAMAL DE DISTRIBUIÇÃO DE ÁGUA - FORNECIMENTO E INSTALAÇÃO. AF_06/2022","UN",16.920000000000002]
["Instalações Prediais de Água Fria em PVC",89595,"ADAPTADOR CURTO COM BOLSA E ROSCA PARA REGISTRO, PVC, SOLDÁVEL, DN 50MM X 1.1/4, INSTALADO EM PRUMADA DE ÁGUA - FORNECIMENTO E INSTALAÇÃO. AF_06/2022","UN",13.46]
["Instalações Prediais de Água Fria em PVC",89610,"ADAPTADOR CURTO COM BOLSA E ROSCA PARA REGISTRO, PVC, SOLDÁVEL, DN 60MM X 2, INSTALADO EM PRUMADA DE ÁGUA - FORNECIMENTO E INSTALAÇÃO. AF_06/2022","UN",18.149999999999999]
["Instalações Prediais de Água Fria em PVC",89613,"ADAPTADOR CURTO COM BOLSA E ROSCA PARA REGISTRO, PVC, SOLDÁVEL, DN 75MM X 2.1/2\", INSTALADO EM PRUMADA DE ÁGUA - FORNECIMENTO E INSTALAÇÃO. AF_12/2014","UN",27.77]
["Instalações Prediais de Água Fria em PVC",89616,"ADAPTADOR CURTO COM BOLSA E ROSCA PARA REGISTRO, PVC, SOLDÁVEL, DN 85MM X 3, INSTALADO EM PRUMADA DE ÁGUA - FORNECIMENTO E INSTALAÇÃO. AF_06/2022","UN",36.83]
["Instalações Prediais de Água Fria em PVC",103952,"BUCHA DE REDUÇÃO, CURTA, PVC, SOLDÁVEL, DN 25 X 20 MM, INSTALADO EM RAMAL DE DISTRIBUIÇÃO DE ÁGUA - FORNECIMENTO E INSTALAÇÃO. AF_06/2022","UN",6.25]
["Instalações Prediais de Água Fria em PVC",103947,"BUCHA DE REDUÇÃO, CURTA, PVC, SOLDÁVEL, DN 25 X 20 MM, INSTALADO EM RAMAL OU SUB-RAMAL DE ÁGUA - FORNECIMENTO E INSTALAÇÃO. AF_06/2022","UN",6.82]
["Instalações Prediais de Água Fria em PVC",103957,"BUCHA DE REDUÇÃO, CURTA, PVC, SOLDÁVEL, DN 32 X 25 MM, INSTALADO EM PRUMADA DE ÁGUA - FORNECIMENTO E INSTALAÇÃO. AF_06/2022","UN",5.03]
["Instalações Prediais de Água Fria em PVC",103953,"BUCHA DE REDUÇÃO, CURTA, PVC, SOLDÁVEL, DN 32 X 25 MM, INSTALADO EM RAMAL DE DISTRIBUIÇÃO DE ÁGUA - FORNECIMENTO E INSTALAÇÃO. AF_06/2022","UN",7.78]
["Instalações Prediais de Água Fria em PVC",103948,"BUCHA DE REDUÇÃO, CURTA, PVC, SOLDÁVEL, DN 32 X 25 MM, INSTALADO EM RAMAL OU SUB-RAMAL DE ÁGUA - FORNECIMENTO E INSTALAÇÃO. AF_06/2022","UN",8.4499999999999993]
["Instalações Prediais de Água Fria em PVC",103958,"BUCHA DE REDUÇÃO, CURTA, PVC, SOLDÁVEL, DN 50 X 40 MM, INSTALADO EM PRUMADA DE ÁGUA - FORNECIMENTO E INSTALAÇÃO. AF_06/2022","UN",9.7899999999999991]
["Instalações Prediais de Água Fria em PVC",104009,"BUCHA DE REDUÇÃO, CURTA, PVC, SOLDÁVEL, DN 50 X 40 MM, INSTALADO EM RAMAL DE DISTRIBUIÇÃO DE ÁGUA - FORNECIMENTO E INSTALAÇÃO. AF_06/2022","UN",13.48]
["Instalações Prediais de Água Fria em PVC",103959,"BUCHA DE REDUÇÃO, CURTA, PVC, SOLDÁVEL, DN 60 X 50 MM, INSTALADO EM PRUMADA DE ÁGUA - FORNECIMENTO E INSTALAÇÃO. AF_06/2022","UN",14.32]
["Instalações Prediais de Água Fria em PVC",103962,"BUCHA DE REDUÇÃO, LONGA, PVC, SOLDÁVEL, DN 32 X 20 MM, INSTALADO EM PRUMADA DE ÁGUA - FORNECIMENTO E INSTALAÇÃO. AF_06/2022","UN",6.24]
["Instalações Prediais de Água Fria em PVC",103954,"BUCHA DE REDUÇÃO, LONGA, PVC, SOLDÁVEL, DN 32 X 20 MM, INSTALADO EM RAMAL DE DISTRIBUIÇÃO DE ÁGUA - FORNECIMENTO E INSTALAÇÃO. AF_06/2022","UN",8.89]
["Instalações Prediais de Água Fria em PVC",103949,"BUCHA DE REDUÇÃO, LONGA, PVC, SOLDÁVEL, DN 32 X 20 MM, INSTALADO EM RAMAL OU SUB-RAMAL DE ÁGUA - FORNECIMENTO E INSTALAÇÃO. AF_06/2022","UN",9.5299999999999994]
["Instalações Prediais de Água Fria em PVC",103964,"BUCHA DE REDUÇÃO, LONGA, PVC, SOLDÁVEL, DN 40 X 25 MM, INSTALADO EM PRUMADA DE ÁGUA - FORNECIMENTO E INSTALAÇÃO. AF_06/2022","UN",7.89]
["Instalações Prediais de Água Fria em PVC",104014,"BUCHA DE REDUÇÃO, LONGA, PVC, SOLDÁVEL, DN 40 X 25 MM, INSTALADO EM RAMAL DE DISTRIBUIÇÃO DE ÁGUA - FORNECIMENTO E INSTALAÇÃO. AF_06/2022","UN",10.87]
["Instalações Prediais de Água Fria em PVC",103966,"BUCHA DE REDUÇÃO, LONGA, PVC, SOLDÁVEL, DN 50 X 25 MM, INSTALADO EM PRUMADA DE ÁGUA - FORNECIMENTO E INSTALAÇÃO. AF_06/2022","UN",9.3000000000000007]
["Instalações Prediais de Água Fria em PVC",103999,"BUCHA DE REDUÇÃO, LONGA, PVC, SOLDÁVEL, DN 50 X 25 MM, INSTALADO EM RAMAL DE DISTRIBUIÇÃO DE ÁGUA - FORNECIMENTO E INSTALAÇÃO. AF_06/2022","UN",12.56]
["Instalações Prediais de Água Fria em PVC",103967,"BUCHA DE REDUÇÃO, LONGA, PVC, SOLDÁVEL, DN 50 X 32 MM, INSTALADO EM PRUMADA DE ÁGUA - FORNECIMENTO E INSTALAÇÃO. AF_06/2022","UN",11.08]
["Instalações Prediais de Água Fria em PVC",104003,"BUCHA DE REDUÇÃO, LONGA, PVC, SOLDÁVEL, DN 50 X 32 MM, INSTALADO EM RAMAL DE DISTRIBUIÇÃO DE ÁGUA - FORNECIMENTO E INSTALAÇÃO. AF_06/2022","UN",14.54]
["Instalações Prediais de Água Fria em PVC",103968,"BUCHA DE REDUÇÃO, LONGA, PVC, SOLDÁVEL, DN 60 X 25 MM, INSTALADO EM PRUMADA DE ÁGUA - FORNECIMENTO E INSTALAÇÃO. AF_06/2022","UN",15.39]
["Instalações Prediais de Água Fria em PVC",103969,"BUCHA DE REDUÇÃO, LONGA, PVC, SOLDÁVEL, DN 60 X 32 MM, INSTALADO EM PRUMADA DE ÁGUA - FORNECIMENTO E INSTALAÇÃO. AF_06/2022","UN",18.04]
["Instalações Prediais de Água Fria em PVC",103971,"BUCHA DE REDUÇÃO, LONGA, PVC, SOLDÁVEL, DN 60 X 50 MM, INSTALADO EM PRUMADA DE ÁGUA - FORNECIMENTO E INSTALAÇÃO. AF_06/2022","UN",22.83]
["Instalações Prediais de Água Fria em PVC",103972,"BUCHA DE REDUÇÃO, LONGA, PVC, SOLDÁVEL, DN 75 X 50 MM, INSTALADO EM PRUMADA DE ÁGUA - FORNECIMENTO E INSTALAÇÃO. AF_06/2022","UN",26.42]
["Instalações Prediais de Água Fria em PVC",103993,"BUCHA DE REDUÇÃO, PVC, SOLDÁVEL, DN 40MM X 32MM, INSTALADO EM RAMAL DE DISTRIBUIÇÃO DE ÁGUA - FORNECIMENTO E INSTALAÇÃO. AF_06/2022","UN",10.23]
["Instalações Prediais de Água Fria em PVC",89407,"CURVA 45 GRAUS, PVC, SOLDÁVEL, DN 20MM, INSTALADO EM RAMAL DE DISTRIBUIÇÃO DE ÁGUA - FORNECIMENTO E INSTALAÇÃO. AF_06/2022","UN",9.3800000000000008]
["Instalações Prediais de Água Fria em PVC",89361,"CURVA 45 GRAUS, PVC, SOLDÁVEL, DN 20MM, INSTALADO EM RAMAL OU SUB-RAMAL DE ÁGUA - FORNECIMENTO E INSTALAÇÃO. AF_06/2022","UN",10.199999999999999]
["Instalações Prediais de Água Fria em PVC",89490,"CURVA 45 GRAUS, PVC, SOLDÁVEL, DN 25MM, INSTALADO EM PRUMADA DE ÁGUA - FORNECIMENTO E INSTALAÇÃO. AF_06/2022","UN",7.21]
["Instalações Prediais de Água Fria em PVC",89411,"CURVA 45 GRAUS, PVC, SOLDÁVEL, DN 25MM, INSTALADO EM RAMAL DE DISTRIBUIÇÃO DE ÁGUA - FORNECIMENTO E INSTALAÇÃO. AF_06/2022","UN",10.98]
["Instalações Prediais de Água Fria em PVC",89365,"CURVA 45 GRAUS, PVC, SOLDÁVEL, DN 25MM, INSTALADO EM RAMAL OU SUB-RAMAL DE ÁGUA - FORNECIMENTO E INSTALAÇÃO. AF_06/2022","UN",11.92]
["Instalações Prediais de Água Fria em PVC",89496,"CURVA 45 GRAUS, PVC, SOLDÁVEL, DN 32MM, INSTALADO EM PRUMADA DE ÁGUA - FORNECIMENTO E INSTALAÇÃO. AF_06/2022","UN",10.220000000000001]
["Instalações Prediais de Água Fria em PVC",89416,"CURVA 45 GRAUS, PVC, SOLDÁVEL, DN 32MM, INSTALADO EM RAMAL DE DISTRIBUIÇÃO DE ÁGUA - FORNECIMENTO E INSTALAÇÃO. AF_06/2022","UN",14.63]
["Instalações Prediais de Água Fria em PVC",89370,"CURVA 45 GRAUS, PVC, SOLDÁVEL, DN 32MM, INSTALADO EM RAMAL OU SUB-RAMAL DE ÁGUA - FORNECIMENTO E INSTALAÇÃO. AF_06/2022","UN",15.74]
["Instalações Prediais de Água Fria em PVC",89500,"CURVA 45 GRAUS, PVC, SOLDÁVEL, DN 40MM, INSTALADO EM PRUMADA DE ÁGUA - FORNECIMENTO E INSTALAÇÃO. AF_06/2022","UN",12.49]
["Instalações Prediais de Água Fria em PVC",103983,"CURVA 45 GRAUS, PVC, SOLDÁVEL, DN 40MM, INSTALADO EM RAMAL DE DISTRIBUIÇÃO DE ÁGUA - FORNECIMENTO E INSTALAÇÃO. AF_06/2022","UN",17.55]
["Instalações Prediais de Água Fria em PVC",89504,"CURVA 45 GRAUS, PVC, SOLDÁVEL, DN 50MM, INSTALADO EM PRUMADA DE ÁGUA - FORNECIMENTO E INSTALAÇÃO. AF_06/2022","UN",18.03]
["Instalações Prediais de Água Fria em PVC",103987,"CURVA 45 GRAUS, PVC, SOLDÁVEL, DN 50MM, INSTALADO EM RAMAL DE DISTRIBUIÇÃO DE ÁGUA - FORNECIMENTO E INSTALAÇÃO. AF_06/2022","UN",23.96]
["Instalações Prediais de Água Fria em PVC",89510,"CURVA 45 GRAUS, PVC, SOLDÁVEL, DN 60MM, INSTALADO EM PRUMADA DE ÁGUA - FORNECIMENTO E INSTALAÇÃO. AF_06/2022","UN",25.25]
["Instalações Prediais de Água Fria em PVC",89519,"CURVA 45 GRAUS, PVC, SOLDÁVEL, DN 75MM, INSTALADO EM PRUMADA DE ÁGUA - FORNECIMENTO E INSTALAÇÃO. AF_06/2022","UN",42.97]
["Instalações Prediais de Água Fria em PVC",89527,"CURVA 45 GRAUS, PVC, SOLDÁVEL, DN 85MM, INSTALADO EM PRUMADA DE ÁGUA - FORNECIMENTO E INSTALAÇÃO. AF_06/2022","UN",51.55]
["Instalações Prediais de Água Fria em PVC",89406,"CURVA 90 GRAUS, PVC, SOLDÁVEL, DN 20MM, INSTALADO EM RAMAL DE DISTRIBUIÇÃO DE ÁGUA - FORNECIMENTO E INSTALAÇÃO. AF_06/2022","UN",9.31]
["Instalações Prediais de Água Fria em PVC",89360,"CURVA 90 GRAUS, PVC, SOLDÁVEL, DN 20MM, INSTALADO EM RAMAL OU SUB-RAMAL DE ÁGUA - FORNECIMENTO E INSTALAÇÃO. AF_06/2022","UN",10.130000000000001]
["Instalações Prediais de Água Fria em PVC",89489,"CURVA 90 GRAUS, PVC, SOLDÁVEL, DN 25MM, INSTALADO EM PRUMADA DE ÁGUA - FORNECIMENTO E INSTALAÇÃO. AF_06/2022","UN",7.68]
["Instalações Prediais de Água Fria em PVC",89410,"CURVA 90 GRAUS, PVC, SOLDÁVEL, DN 25MM, INSTALADO EM RAMAL DE DISTRIBUIÇÃO DE ÁGUA - FORNECIMENTO E INSTALAÇÃO. AF_06/2022","UN",11.45]
["Instalações Prediais de Água Fria em PVC",89364,"CURVA 90 GRAUS, PVC, SOLDÁVEL, DN 25MM, INSTALADO EM RAMAL OU SUB-RAMAL DE ÁGUA - FORNECIMENTO E INSTALAÇÃO. AF_06/2022","UN",12.39]
["Instalações Prediais de Água Fria em PVC",89494,"CURVA 90 GRAUS, PVC, SOLDÁVEL, DN 32MM, INSTALADO EM PRUMADA DE ÁGUA - FORNECIMENTO E INSTALAÇÃO. AF_06/2022","UN",11.96]
["Instalações Prediais de Água Fria em PVC",89415,"CURVA 90 GRAUS, PVC, SOLDÁVEL, DN 32MM, INSTALADO EM RAMAL DE DISTRIBUIÇÃO DE ÁGUA - FORNECIMENTO E INSTALAÇÃO. AF_06/2022","UN",16.37]
["Instalações Prediais de Água Fria em PVC",89369,"CURVA 90 GRAUS, PVC, SOLDÁVEL, DN 32MM, INSTALADO EM RAMAL OU SUB-RAMAL DE ÁGUA - FORNECIMENTO E INSTALAÇÃO. AF_06/2022","UN",17.48]
["Instalações Prediais de Água Fria em PVC",89499,"CURVA 90 GRAUS, PVC, SOLDÁVEL, DN 40MM, INSTALADO EM PRUMADA DE ÁGUA - FORNECIMENTO E INSTALAÇÃO. AF_06/2022","UN",18.29]
["Instalações Prediais de Água Fria em PVC",103982,"CURVA 90 GRAUS, PVC, SOLDÁVEL, DN 40MM, INSTALADO EM RAMAL DE DISTRIBUIÇÃO DE ÁGUA - FORNECIMENTO E INSTALAÇÃO. AF_06/2022","UN",23.35]
["Instalações Prediais de Água Fria em PVC",89503,"CURVA 90 GRAUS, PVC, SOLDÁVEL, DN 50MM, INSTALADO EM PRUMADA DE ÁGUA - FORNECIMENTO E INSTALAÇÃO. AF_06/2022","UN",21.34]
["Instalações Prediais de Água Fria em PVC",103986,"CURVA 90 GRAUS, PVC, SOLDÁVEL, DN 50MM, INSTALADO EM RAMAL DE DISTRIBUIÇÃO DE ÁGUA - FORNECIMENTO E INSTALAÇÃO. AF_06/2022","UN",27.27]
["Instalações Prediais de Água Fria em PVC",89507,"CURVA 90 GRAUS, PVC, SOLDÁVEL, DN 60MM, INSTALADO EM PRUMADA DE ÁGUA - FORNECIMENTO E INSTALAÇÃO. AF_06/2022","UN",42.06]
["Instalações Prediais de Água Fria em PVC",89517,"CURVA 90 GRAUS, PVC, SOLDÁVEL, DN 75MM, INSTALADO EM PRUMADA DE ÁGUA - FORNECIMENTO E INSTALAÇÃO. AF_06/2022","UN",61.78]
["Instalações Prediais de Água Fria em PVC",89525,"CURVA 90 GRAUS, PVC, SOLDÁVEL, DN 85MM, INSTALADO EM PRUMADA DE ÁGUA - FORNECIMENTO E INSTALAÇÃO. AF_06/2022","UN",77.28]
["Instalações Prediais de Água Fria em PVC",89423,"CURVA DE TRANSPOSIÇÃO, PVC, SOLDÁVEL, DN 20MM, INSTALADO EM RAMAL DE DISTRIBUIÇÃO DE ÁGUA FORNECIMENTO E INSTALAÇÃO. AF_06/2022","UN",9.5500000000000007]
["Instalações Prediais de Água Fria em PVC",89377,"CURVA DE TRANSPOSIÇÃO, PVC, SOLDÁVEL, DN 20MM, INSTALADO EM RAMAL OU SUB-RAMAL DE ÁGUA - FORNECIMENTO E INSTALAÇÃO. AF_06/2022","UN",10.09]
["Instalações Prediais de Água Fria em PVC",89540,"CURVA DE TRANSPOSIÇÃO, PVC, SOLDÁVEL, DN 25MM, INSTALADO EM PRUMADA DE ÁGUA - FORNECIMENTO E INSTALAÇÃO. AF_06/2022","UN",9.58]
["Instalações Prediais de Água Fria em PVC",89430,"CURVA DE TRANSPOSIÇÃO, PVC, SOLDÁVEL, DN 25MM, INSTALADO EM RAMAL DE DISTRIBUIÇÃO DE ÁGUA FORNECIMENTO E INSTALAÇÃO. AF_06/2022","UN",12.11]
["Instalações Prediais de Água Fria em PVC",89384,"CURVA DE TRANSPOSIÇÃO, PVC, SOLDÁVEL, DN 25MM, INSTALADO EM RAMAL OU SUB-RAMAL DE ÁGUA FORNECIMENTO E INSTALAÇÃO. AF_06/2022","UN",12.73]
["Instalações Prediais de Água Fria em PVC",89555,"CURVA DE TRANSPOSIÇÃO, PVC, SOLDÁVEL, DN 32MM, INSTALADO EM PRUMADA DE ÁGUA FORNECIMENTO E INSTALAÇÃO. AF_06/2022","UN",19.170000000000002]
["Instalações Prediais de Água Fria em PVC",89437,"CURVA DE TRANSPOSIÇÃO, PVC, SOLDÁVEL, DN 32MM, INSTALADO EM RAMAL DE DISTRIBUIÇÃO DE ÁGUA FORNECIMENTO E INSTALAÇÃO. AF_06/2022","UN",22.1]
["Instalações Prediais de Água Fria em PVC",89392,"CURVA DE TRANSPOSIÇÃO, PVC, SOLDÁVEL, DN 32MM, INSTALADO EM RAMAL OU SUB-RAMAL DE ÁGUA FORNECIMENTO E INSTALAÇÃO. AF_06/2022","UN",22.84]
["Instalações Prediais de Água Fria em PVC",89405,"JOELHO 45 GRAUS, PVC, SOLDÁVEL, DN 20MM, INSTALADO EM RAMAL DE DISTRIBUIÇÃO DE ÁGUA - FORNECIMENTO E INSTALAÇÃO. AF_06/2022","UN",8.4499999999999993]
["Instalações Prediais de Água Fria em PVC",89359,"JOELHO 45 GRAUS, PVC, SOLDÁVEL, DN 20MM, INSTALADO EM RAMAL OU SUB-RAMAL DE ÁGUA - FORNECIMENTO E INSTALAÇÃO. AF_06/2022","UN",9.27]
["Instalações Prediais de Água Fria em PVC",89485,"JOELHO 45 GRAUS, PVC, SOLDÁVEL, DN 25MM, INSTALADO EM PRUMADA DE ÁGUA - FORNECIMENTO E INSTALAÇÃO. AF_06/2022","UN",6.38]
["Instalações Prediais de Água Fria em PVC",89409,"JOELHO 45 GRAUS, PVC, SOLDÁVEL, DN 25MM, INSTALADO EM RAMAL DE DISTRIBUIÇÃO DE ÁGUA - FORNECIMENTO E INSTALAÇÃO. AF_06/2022","UN",10.15]
["Instalações Prediais de Água Fria em PVC",89363,"JOELHO 45 GRAUS, PVC, SOLDÁVEL, DN 25MM, INSTALADO EM RAMAL OU SUB-RAMAL DE ÁGUA - FORNECIMENTO E INSTALAÇÃO. AF_06/2022","UN",11.09]
["Instalações Prediais de Água Fria em PVC",89493,"JOELHO 45 GRAUS, PVC, SOLDÁVEL, DN 32MM, INSTALADO EM PRUMADA DE ÁGUA - FORNECIMENTO E INSTALAÇÃO. AF_06/2022","UN",9.93]
["Instalações Prediais de Água Fria em PVC",89414,"JOELHO 45 GRAUS, PVC, SOLDÁVEL, DN 32MM, INSTALADO EM RAMAL DE DISTRIBUIÇÃO DE ÁGUA - FORNECIMENTO E INSTALAÇÃO. AF_06/2022","UN",14.34]
["Instalações Prediais de Água Fria em PVC",89368,"JOELHO 45 GRAUS, PVC, SOLDÁVEL, DN 32MM, INSTALADO EM RAMAL OU SUB-RAMAL DE ÁGUA - FORNECIMENTO E INSTALAÇÃO. AF_06/2022","UN",15.45]
["Instalações Prediais de Água Fria em PVC",89498,"JOELHO 45 GRAUS, PVC, SOLDÁVEL, DN 40MM, INSTALADO EM PRUMADA DE ÁGUA - FORNECIMENTO E INSTALAÇÃO. AF_06/2022","UN",12.97]
["Instalações Prediais de Água Fria em PVC",103981,"JOELHO 45 GRAUS, PVC, SOLDÁVEL, DN 40MM, INSTALADO EM RAMAL DE DISTRIBUIÇÃO DE ÁGUA - FORNECIMENTO E INSTALAÇÃO. AF_06/2022","UN",18.03]
["Instalações Prediais de Água Fria em PVC",89502,"JOELHO 45 GRAUS, PVC, SOLDÁVEL, DN 50MM, INSTALADO EM PRUMADA DE ÁGUA - FORNECIMENTO E INSTALAÇÃO. AF_06/2022","UN",16.46]
["Instalações Prediais de Água Fria em PVC",103985,"JOELHO 45 GRAUS, PVC, SOLDÁVEL, DN 50MM, INSTALADO EM RAMAL DE DISTRIBUIÇÃO DE ÁGUA - FORNECIMENTO E INSTALAÇÃO. AF_06/2022","UN",22.39]
["Instalações Prediais de Água Fria em PVC",89506,"JOELHO 45 GRAUS, PVC, SOLDÁVEL, DN 60MM, INSTALADO EM PRUMADA DE ÁGUA - FORNECIMENTO E INSTALAÇÃO. AF_06/2022","UN",36]
["Instalações Prediais de Água Fria em PVC",89515,"JOELHO 45 GRAUS, PVC, SOLDÁVEL, DN 75MM, INSTALADO EM PRUMADA DE ÁGUA - FORNECIMENTO E INSTALAÇÃO. AF_06/2022","UN",73.09]
["Instalações Prediais de Água Fria em PVC",89523,"JOELHO 45 GRAUS, PVC, SOLDÁVEL, DN 85MM, INSTALADO EM PRUMADA DE ÁGUA - FORNECIMENTO E INSTALAÇÃO. AF_06/2022","UN",89.08]
["Instalações Prediais de Água Fria em PVC",90373,"JOELHO 90 GRAUS COM BUCHA DE LATÃO, PVC, SOLDÁVEL, DN 25MM, X 1/2 INSTALADO EM RAMAL OU SUB-RAMAL DE ÁGUA - FORNECIMENTO E INSTALAÇÃO. AF_06/2022","UN",13.13]
["Instalações Prediais de Água Fria em PVC",89366,"JOELHO 90 GRAUS COM BUCHA DE LATÃO, PVC, SOLDÁVEL, DN 25MM, X 3/4 INSTALADO EM RAMAL OU SUB-RAMAL DE ÁGUA - FORNECIMENTO E INSTALAÇÃO. AF_06/2022","UN",16.100000000000001]
["Instalações Prediais de Água Fria em PVC",89404,"JOELHO 90 GRAUS, PVC, SOLDÁVEL, DN 20MM, INSTALADO EM RAMAL DE DISTRIBUIÇÃO DE ÁGUA - FORNECIMENTO E INSTALAÇÃO. AF_06/2022","UN",7.98]
["Instalações Prediais de Água Fria em PVC",89358,"JOELHO 90 GRAUS, PVC, SOLDÁVEL, DN 20MM, INSTALADO EM RAMAL OU SUB-RAMAL DE ÁGUA - FORNECIMENTO E INSTALAÇÃO. AF_06/2022","UN",8.8000000000000007]
["Instalações Prediais de Água Fria em PVC",89481,"JOELHO 90 GRAUS, PVC, SOLDÁVEL, DN 25MM, INSTALADO EM PRUMADA DE ÁGUA - FORNECIMENTO E INSTALAÇÃO. AF_06/2022","UN",5.7]
["Instalações Prediais de Água Fria em PVC",89408,"JOELHO 90 GRAUS, PVC, SOLDÁVEL, DN 25MM, INSTALADO EM RAMAL DE DISTRIBUIÇÃO DE ÁGUA - FORNECIMENTO E INSTALAÇÃO. AF_06/2022","UN",9.4700000000000006]
["Instalações Prediais de Água Fria em PVC",89362,"JOELHO 90 GRAUS, PVC, SOLDÁVEL, DN 25MM, INSTALADO EM RAMAL OU SUB-RAMAL DE ÁGUA - FORNECIMENTO E INSTALAÇÃO. AF_06/2022","UN",10.41]
["Instalações Prediais de Água Fria em PVC",89412,"JOELHO 90 GRAUS, PVC, SOLDÁVEL, DN 25MM, X 3/4 INSTALADO EM RAMAL DE DISTRIBUIÇÃO DE ÁGUA - FORNECIMENTO E INSTALAÇÃO. AF_06/2022","UN",10.29]
["Instalações Prediais de Água Fria em PVC",89492,"JOELHO 90 GRAUS, PVC, SOLDÁVEL, DN 32MM, INSTALADO EM PRUMADA DE ÁGUA - FORNECIMENTO E INSTALAÇÃO. AF_06/2022","UN",8.42]
["Instalações Prediais de Água Fria em PVC",89413,"JOELHO 90 GRAUS, PVC, SOLDÁVEL, DN 32MM, INSTALADO EM RAMAL DE DISTRIBUIÇÃO DE ÁGUA - FORNECIMENTO E INSTALAÇÃO. AF_06/2022","UN",12.83]
["Instalações Prediais de Água Fria em PVC",89367,"JOELHO 90 GRAUS, PVC, SOLDÁVEL, DN 32MM, INSTALADO EM RAMAL OU SUB-RAMAL DE ÁGUA - FORNECIMENTO E INSTALAÇÃO. AF_06/2022","UN",13.94]
["Instalações Prediais de Água Fria em PVC",89497,"JOELHO 90 GRAUS, PVC, SOLDÁVEL, DN 40MM, INSTALADO EM PRUMADA DE ÁGUA - FORNECIMENTO E INSTALAÇÃO. AF_06/2022","UN",12.92]
["Instalações Prediais de Água Fria em PVC",103980,"JOELHO 90 GRAUS, PVC, SOLDÁVEL, DN 40MM, INSTALADO EM RAMAL DE DISTRIBUIÇÃO DE ÁGUA - FORNECIMENTO E INSTALAÇÃO. AF_06/2022","UN",17.98]
["Instalações Prediais de Água Fria em PVC",89501,"JOELHO 90 GRAUS, PVC, SOLDÁVEL, DN 50MM, INSTALADO EM PRUMADA DE ÁGUA - FORNECIMENTO E INSTALAÇÃO. AF_06/2022","UN",14.27]
["Instalações Prediais de Água Fria em PVC",103984,"JOELHO 90 GRAUS, PVC, SOLDÁVEL, DN 50MM, INSTALADO EM RAMAL DE DISTRIBUIÇÃO DE ÁGUA - FORNECIMENTO E INSTALAÇÃO. AF_06/2022","UN",20.2]
["Instalações Prediais de Água Fria em PVC",89505,"JOELHO 90 GRAUS, PVC, SOLDÁVEL, DN 60MM, INSTALADO EM PRUMADA DE ÁGUA - FORNECIMENTO E INSTALAÇÃO. AF_06/2022","UN",37.54]
["Instalações Prediais de Água Fria em PVC",89513,"JOELHO 90 GRAUS, PVC, SOLDÁVEL, DN 75MM, INSTALADO EM PRUMADA DE ÁGUA - FORNECIMENTO E INSTALAÇÃO. AF_06/2022","UN",90.8]
["Instalações Prediais de Água Fria em PVC",89521,"JOELHO 90 GRAUS, PVC, SOLDÁVEL, DN 85MM, INSTALADO EM PRUMADA DE ÁGUA - FORNECIMENTO E INSTALAÇÃO. AF_06/2022","UN",108.04]
["Instalações Prediais de Água Fria em PVC",103955,"JOELHO DE REDUÇÃO, 90 GRAUS, PVC, SOLDÁVEL, DN 25 MM X 20 MM, INSTALADO EM RAMAL DE DISTRIBUIÇÃO DE ÁGUA - FORNECIMENTO E INSTALAÇÃO. AF_06/2022","UN",10.56]
["Instalações Prediais de Água Fria em PVC",103950,"JOELHO DE REDUÇÃO, 90 GRAUS, PVC, SOLDÁVEL, DN 25 MM X 20 MM, INSTALADO EM RAMAL OU SUB-RAMAL DE ÁGUA - FORNECIMENTO E INSTALAÇÃO. AF_06/2022","UN",11.41]
["Instalações Prediais de Água Fria em PVC",103974,"JOELHO DE REDUÇÃO, 90 GRAUS, PVC, SOLDÁVEL, DN 32 MM X 25 MM, INSTALADO EM PRUMADA DE ÁGUA - FORNECIMENTO E INSTALAÇÃO. AF_06/2022","UN",10.23]
["Instalações Prediais de Água Fria em PVC",103956,"JOELHO DE REDUÇÃO, 90 GRAUS, PVC, SOLDÁVEL, DN 32 MM X 25 MM, INSTALADO EM RAMAL DE DISTRIBUIÇÃO DE ÁGUA - FORNECIMENTO E INSTALAÇÃO. AF_06/2022","UN",14.33]
["Instalações Prediais de Água Fria em PVC",103951,"JOELHO DE REDUÇÃO, 90 GRAUS, PVC, SOLDÁVEL, DN 32 MM X 25 MM, INSTALADO EM RAMAL OU SUB-RAMAL DE ÁGUA - FORNECIMENTO E INSTALAÇÃO. AF_06/2022","UN",15.35]
["Instalações Prediais de Água Fria em PVC",89374,"LUVA COM BUCHA DE LATÃO, PVC, SOLDÁVEL, DN 20MM X 1/2\", INSTALADO EM RAMAL OU SUB-RAMAL DE ÁGUA - FORNECIMENTO E INSTALAÇÃO. AF_06/2022","UN",9.91]
["Instalações Prediais de Água Fria em PVC",89427,"LUVA COM BUCHA DE LATÃO, PVC, SOLDÁVEL, DN 25MM X 3/4, INSTALADO EM RAMAL DE DISTRIBUIÇÃO DE ÁGUA - FORNECIMENTO E INSTALAÇÃO. AF_06/2022","UN",11.5]
["Instalações Prediais de Água Fria em PVC",89381,"LUVA COM BUCHA DE LATÃO, PVC, SOLDÁVEL, DN 25MM X 3/4, INSTALADO EM RAMAL OU SUB-RAMAL DE ÁGUA - FORNECIMENTO E INSTALAÇÃO. AF_06/2022","UN",12.07]
["Instalações Prediais de Água Fria em PVC",95237,"LUVA COM BUCHA DE LATÃO, PVC, SOLDÁVEL, DN 32MM X 1, INSTALADO EM RAMAL DE DISTRIBUIÇÃO DE ÁGUA FORNECIMENTO E INSTALAÇÃO. AF_06/2022","UN",22.21]
["Instalações Prediais de Água Fria em PVC",89979,"LUVA COM BUCHA DE LATÃO, PVC, SOLDÁVEL, DN 32MM X 1, INSTALADO EM RAMAL OU SUB-RAMAL DE ÁGUA FORNECIMENTO E INSTALAÇÃO. AF_06/2022","UN",22.88]
["Instalações Prediais de Água Fria em PVC",103991,"LUVA COM ROSCA, PVC, SOLDÁVEL, DN 40MM X 1.1/4\", INSTALADO EM RAMAL DE DISTRIBUIÇÃO DE ÁGUA - FORNECIMENTO E INSTALAÇÃO. AF_06/2022","UN",17.45]
["Instalações Prediais de Água Fria em PVC",89564,"LUVA COM ROSCA, PVC, SOLDÁVEL, DN 40MM X 1.1/4, INSTALADO EM PRUMADA DE ÁGUA - FORNECIMENTO E INSTALAÇÃO. AF_06/2022","UN",14.27]
["Instalações Prediais de Água Fria em PVC",104000,"LUVA COM ROSCA, PVC, SOLDÁVEL, DN 50MM X 1.1/2\", INSTALADO EM RAMAL DE DISTRIBUIÇÃO DE ÁGUA - FORNECIMENTO E INSTALAÇÃO. AF_06/2022","UN",25.97]
["Instalações Prediais de Água Fria em PVC",89593,"LUVA COM ROSCA, PVC, SOLDÁVEL, DN 50MM X 1.1/2, INSTALADO EM PRUMADA DE ÁGUA - FORNECIMENTO E INSTALAÇÃO. AF_06/2022","UN",22.26]
["Instalações Prediais de Água Fria em PVC",89418,"LUVA DE CORRER, PVC, SOLDÁVEL, DN 20MM, INSTALADO EM RAMAL DE DISTRIBUIÇÃO DE ÁGUA - FORNECIMENTO E INSTALAÇÃO. AF_06/2022","UN",14.54]
["Instalações Prediais de Água Fria em PVC",89372,"LUVA DE CORRER, PVC, SOLDÁVEL, DN 20MM, INSTALADO EM RAMAL OU SUB-RAMAL DE ÁGUA - FORNECIMENTO E INSTALAÇÃO. AF_06/2022","UN",15.08]
["Instalações Prediais de Água Fria em PVC",89530,"LUVA DE CORRER, PVC, SOLDÁVEL, DN 25MM, INSTALADO EM PRUMADA DE ÁGUA - FORNECIMENTO E INSTALAÇÃO. AF_06/2022","UN",14.56]
["Instalações Prediais de Água Fria em PVC",89425,"LUVA DE CORRER, PVC, SOLDÁVEL, DN 25MM, INSTALADO EM RAMAL DE DISTRIBUIÇÃO DE ÁGUA - FORNECIMENTO E INSTALAÇÃO. AF_06/2022","UN",17.09]
["Instalações Prediais de Água Fria em PVC",89379,"LUVA DE CORRER, PVC, SOLDÁVEL, DN 25MM, INSTALADO EM RAMAL OU SUB-RAMAL DE ÁGUA - FORNECIMENTO E INSTALAÇÃO. AF_12/2014","UN",17.71]
["Instalações Prediais de Água Fria em PVC",89542,"LUVA DE CORRER, PVC, SOLDÁVEL, DN 32MM, INSTALADO EM PRUMADA DE ÁGUA - FORNECIMENTO E INSTALAÇÃO. AF_06/2022","UN",23.93]
["Instalações Prediais de Água Fria em PVC",89432,"LUVA DE CORRER, PVC, SOLDÁVEL, DN 32MM, INSTALADO EM RAMAL DE DISTRIBUIÇÃO DE ÁGUA FORNECIMENTO E INSTALAÇÃO. AF_06/2022","UN",26.86]
["Instalações Prediais de Água Fria em PVC",89387,"LUVA DE CORRER, PVC, SOLDÁVEL, DN 32MM, INSTALADO EM RAMAL OU SUB-RAMAL DE ÁGUA FORNECIMENTO E INSTALAÇÃO. AF_06/2022","UN",27.6]
["Instalações Prediais de Água Fria em PVC",89560,"LUVA DE CORRER, PVC, SOLDÁVEL, DN 40MM, INSTALADO EM PRUMADA DE ÁGUA FORNECIMENTO E INSTALAÇÃO. AF_06/2022","UN",30.59]
["Instalações Prediais de Água Fria em PVC",104159,"LUVA DE CORRER, PVC, SOLDÁVEL, DN 40MM, INSTALADO EM RAMAL DE DISTRIBUIÇÃO DE ÁGUA - FORNECIMENTO E INSTALAÇÃO. AF_06/2022","UN",34.01]
["Instalações Prediais de Água Fria em PVC",89577,"LUVA DE CORRER, PVC, SOLDÁVEL, DN 50MM, INSTALADO EM PRUMADA DE ÁGUA - FORNECIMENTO E INSTALAÇÃO. AF_06/2022","UN",32.549999999999997]
["Instalações Prediais de Água Fria em PVC",103996,"LUVA DE CORRER, PVC, SOLDÁVEL, DN 50MM, INSTALADO EM RAMAL DE DISTRIBUIÇÃO DE ÁGUA - FORNECIMENTO E INSTALAÇÃO. AF_06/2022","UN",36.520000000000003]
["Instalações Prediais de Água Fria em PVC",89598,"LUVA DE CORRER, PVC, SOLDÁVEL, DN 60MM, INSTALADO EM PRUMADA DE ÁGUA FORNECIMENTO E INSTALAÇÃO. AF_06/2022","UN",43.7]
["Instalações Prediais de Água Fria em PVC",89419,"LUVA DE REDUÇÃO, PVC, SOLDÁVEL, DN 25MM X 20MM, INSTALADO EM RAMAL DE DISTRIBUIÇÃO DE ÁGUA - FORNECIMENTO E INSTALAÇÃO. AF_06/2022","UN",6.96]
["Instalações Prediais de Água Fria em PVC",89373,"LUVA DE REDUÇÃO, PVC, SOLDÁVEL, DN 25MM X 20MM, INSTALADO EM RAMAL OU SUB-RAMAL DE ÁGUA - FORNECIMENTO E INSTALAÇÃO. AF_06/2022","UN",7.53]
["Instalações Prediais de Água Fria em PVC",89532,"LUVA DE REDUÇÃO, PVC, SOLDÁVEL, DN 32MM X 25MM, INSTALADO EM PRUMADA DE ÁGUA - FORNECIMENTO E INSTALAÇÃO. AF_06/2022","UN",6.92]
["Instalações Prediais de Água Fria em PVC",89426,"LUVA DE REDUÇÃO, PVC, SOLDÁVEL, DN 32MM X 25MM, INSTALADO EM RAMAL DE DISTRIBUIÇÃO DE ÁGUA - FORNECIMENTO E INSTALAÇÃO. AF_06/2022","UN",9.67]
["Instalações Prediais de Água Fria em PVC",89380,"LUVA DE REDUÇÃO, PVC, SOLDÁVEL, DN 32MM X 25MM, INSTALADO EM RAMAL OU SUB-RAMAL DE ÁGUA - FORNECIMENTO E INSTALAÇÃO. AF_06/2022","UN",10.34]
["Instalações Prediais de Água Fria em PVC",89562,"LUVA DE REDUÇÃO, PVC, SOLDÁVEL, DN 40MM X 32MM, INSTALADO EM PRUMADA DE ÁGUA - FORNECIMENTO E INSTALAÇÃO. AF_06/2022","UN",9.86]
["Instalações Prediais de Água Fria em PVC",89433,"LUVA DE REDUÇÃO, PVC, SOLDÁVEL, DN 40MM X 32MM, INSTALADO EM RAMAL DE DISTRIBUIÇÃO DE ÁGUA - FORNECIMENTO E INSTALAÇÃO. AF_06/2022","UN",13.04]
["Instalações Prediais de Água Fria em PVC",89579,"LUVA DE REDUÇÃO, PVC, SOLDÁVEL, DN 50MM X 25MM, INSTALADO EM PRUMADA DE ÁGUA FORNECIMENTO E INSTALAÇÃO. AF_06/2022","UN",11.04]
["Instalações Prediais de Água Fria em PVC",103998,"LUVA DE REDUÇÃO, PVC, SOLDÁVEL, DN 50MM X 25MM, INSTALADO EM RAMAL DE DISTRIBUIÇÃO DE ÁGUA FORNECIMENTO E INSTALAÇÃO. AF_06/2022","UN",14.3]
["Instalações Prediais de Água Fria em PVC",89605,"LUVA DE REDUÇÃO, PVC, SOLDÁVEL, DN 60MM X 50MM, INSTALADO EM PRUMADA DE ÁGUA - FORNECIMENTO E INSTALAÇÃO. AF_06/2022","UN",19.079999999999998]
["Instalações Prediais de Água Fria em PVC",89981,"LUVA SOLDÁVEL E COM BUCHA DE LATÃO, PVC, SOLDÁVEL, DN 32MM X 1, INSTALADO EM PRUMADA DE ÁGUA FORNECIMENTO E INSTALAÇÃO. AF_06/2022","UN",19.46]
["Instalações Prediais de Água Fria em PVC",89385,"LUVA SOLDÁVEL E COM ROSCA, PVC, SOLDÁVEL, DN 25MM X 3/4, INSTALADO EM RAMAL OU SUB-RAMAL DE ÁGUA - FORNECIMENTO E INSTALAÇÃO. AF_06/2022","UN",7.63]
["Instalações Prediais de Água Fria em PVC",89551,"LUVA SOLDÁVEL E COM ROSCA, PVC, SOLDÁVEL, DN 32MM X 1, INSTALADO EM PRUMADA DE ÁGUA - FORNECIMENTO E INSTALAÇÃO. AF_06/2022","UN",8.15]
["Instalações Prediais de Água Fria em PVC",89434,"LUVA SOLDÁVEL E COM ROSCA, PVC, SOLDÁVEL, DN 32MM X 1, INSTALADO EM RAMAL DE DISTRIBUIÇÃO DE ÁGUA - FORNECIMENTO E INSTALAÇÃO. AF_06/2022","UN",10.9]
["Instalações Prediais de Água Fria em PVC",89389,"LUVA SOLDÁVEL E COM ROSCA, PVC, SOLDÁVEL, DN 32MM X 1, INSTALADO EM RAMAL OU SUB-RAMAL DE ÁGUA - FORNECIMENTO E INSTALAÇÃO. AF_06/2022","UN",11.57]
["Instalações Prediais de Água Fria em PVC",89417,"LUVA, PVC, SOLDÁVEL, DN 20MM, INSTALADO EM RAMAL DE DISTRIBUIÇÃO DE ÁGUA - FORNECIMENTO E INSTALAÇÃO. AF_06/2022","UN",5.9]
["Instalações Prediais de Água Fria em PVC",89371,"LUVA, PVC, SOLDÁVEL, DN 20MM, INSTALADO EM RAMAL OU SUB-RAMAL DE ÁGUA - FORNECIMENTO E INSTALAÇÃO. AF_06/2022","UN",6.44]
["Instalações Prediais de Água Fria em PVC",89528,"LUVA, PVC, SOLDÁVEL, DN 25MM, INSTALADO EM PRUMADA DE ÁGUA - FORNECIMENTO E INSTALAÇÃO. AF_06/2022","UN",4.43]
["Instalações Prediais de Água Fria em PVC",89424,"LUVA, PVC, SOLDÁVEL, DN 25MM, INSTALADO EM RAMAL DE DISTRIBUIÇÃO DE ÁGUA - FORNECIMENTO E INSTALAÇÃO. AF_06/2022","UN",6.96]
["Instalações Prediais de Água Fria em PVC",89378,"LUVA, PVC, SOLDÁVEL, DN 25MM, INSTALADO EM RAMAL OU SUB-RAMAL DE ÁGUA - FORNECIMENTO E INSTALAÇÃO. AF_06/2022","UN",7.58]
["Instalações Prediais de Água Fria em PVC",89541,"LUVA, PVC, SOLDÁVEL, DN 32MM, INSTALADO EM PRUMADA DE ÁGUA - FORNECIMENTO E INSTALAÇÃO. AF_06/2022","UN",6.42]
["Instalações Prediais de Água Fria em PVC",89431,"LUVA, PVC, SOLDÁVEL, DN 32MM, INSTALADO EM RAMAL DE DISTRIBUIÇÃO DE ÁGUA - FORNECIMENTO E INSTALAÇÃO. AF_06/2022","UN",9.35]
["Instalações Prediais de Água Fria em PVC",89386,"LUVA, PVC, SOLDÁVEL, DN 32MM, INSTALADO EM RAMAL OU SUB-RAMAL DE ÁGUA - FORNECIMENTO E INSTALAÇÃO. AF_06/2022","UN",10.09]
["Instalações Prediais de Água Fria em PVC",89558,"LUVA, PVC, SOLDÁVEL, DN 40MM, INSTALADO EM PRUMADA DE ÁGUA - FORNECIMENTO E INSTALAÇÃO. AF_06/2022","UN",9.44]
["Instalações Prediais de Água Fria em PVC",103988,"LUVA, PVC, SOLDÁVEL, DN 40MM, INSTALADO EM RAMAL DE DISTRIBUIÇÃO DE ÁGUA - FORNECIMENTO E INSTALAÇÃO. AF_06/2022","UN",12.86]
["Instalações Prediais de Água Fria em PVC",89575,"LUVA, PVC, SOLDÁVEL, DN 50MM, INSTALADO EM PRUMADA DE ÁGUA - FORNECIMENTO E INSTALAÇÃO. AF_06/2022","UN",11.28]
["Instalações Prediais de Água Fria em PVC",103995,"LUVA, PVC, SOLDÁVEL, DN 50MM, INSTALADO EM RAMAL DE DISTRIBUIÇÃO DE ÁGUA - FORNECIMENTO E INSTALAÇÃO. AF_06/2022","UN",15.25]
["Instalações Prediais de Água Fria em PVC",89597,"LUVA, PVC, SOLDÁVEL, DN 60MM, INSTALADO EM PRUMADA DE ÁGUA - FORNECIMENTO E INSTALAÇÃO. AF_06/2022","UN",20.94]
["Instalações Prediais de Água Fria em PVC",89611,"LUVA, PVC, SOLDÁVEL, DN 75MM, INSTALADO EM PRUMADA DE ÁGUA - FORNECIMENTO E INSTALAÇÃO. AF_06/2022","UN",29.37]
["Instalações Prediais de Água Fria em PVC",89614,"LUVA, PVC, SOLDÁVEL, DN 85MM, INSTALADO EM PRUMADA DE ÁGUA - FORNECIMENTO E INSTALAÇÃO. AF_06/2022","UN",52.9]
["Instalações Prediais de Água Fria em PVC",103975,"TE DE REDUÇÃO, 90 GRAUS, PVC, SOLDÁVEL, DN 50 MM X 20 MM, INSTALADO EM PRUMADA DE ÁGUA - FORNECIMENTO E INSTALAÇÃO. AF_06/2022","UN",17.100000000000001]
["Instalações Prediais de Água Fria em PVC",104007,"TE DE REDUÇÃO, 90 GRAUS, PVC, SOLDÁVEL, DN 50 MM X 20 MM, INSTALADO EM RAMAL DE DISTRIBUIÇÃO DE ÁGUA - FORNECIMENTO E INSTALAÇÃO. AF_06/2022","UN",21.92]
["Instalações Prediais de Água Fria em PVC",103976,"TE DE REDUÇÃO, 90 GRAUS, PVC, SOLDÁVEL, DN 50 MM X 32 MM, INSTALADO EM PRUMADA DE ÁGUA - FORNECIMENTO E INSTALAÇÃO. AF_06/2022","UN",24.15]
["Instalações Prediais de Água Fria em PVC",104008,"TE DE REDUÇÃO, 90 GRAUS, PVC, SOLDÁVEL, DN 50 MM X 32 MM, INSTALADO EM RAMAL DE DISTRIBUIÇÃO DE ÁGUA - FORNECIMENTO E INSTALAÇÃO. AF_06/2022","UN",31.05]
["Instalações Prediais de Água Fria em PVC",89630,"TE DE REDUÇÃO, PVC, SOLDÁVEL, DN 75MM X 50MM, INSTALADO EM PRUMADA DE ÁGUA - FORNECIMENTO E INSTALAÇÃO. AF_06/2022","UN",55.2]
["Instalações Prediais de Água Fria em PVC",89632,"TE DE REDUÇÃO, PVC, SOLDÁVEL, DN 85MM X 60MM, INSTALADO EM PRUMADA DE ÁGUA - FORNECIMENTO E INSTALAÇÃO. AF_06/2022","UN",107.63]
["Instalações Prediais de Água Fria em PVC",89438,"TE, PVC, SOLDÁVEL, DN 20MM, INSTALADO EM RAMAL DE DISTRIBUIÇÃO DE ÁGUA - FORNECIMENTO E INSTALAÇÃO. AF_06/2022","UN",11.03]
["Instalações Prediais de Água Fria em PVC",89393,"TE, PVC, SOLDÁVEL, DN 20MM, INSTALADO EM RAMAL OU SUB-RAMAL DE ÁGUA - FORNECIMENTO E INSTALAÇÃO. AF_06/2022","UN",12.1]
["Instalações Prediais de Água Fria em PVC",89617,"TE, PVC, SOLDÁVEL, DN 25MM, INSTALADO EM PRUMADA DE ÁGUA - FORNECIMENTO E INSTALAÇÃO. AF_06/2022","UN",7.98]
["Instalações Prediais de Água Fria em PVC",89440,"TE, PVC, SOLDÁVEL, DN 25MM, INSTALADO EM RAMAL DE DISTRIBUIÇÃO DE ÁGUA - FORNECIMENTO E INSTALAÇÃO. AF_06/2022","UN",13.03]
["Instalações Prediais de Água Fria em PVC",89395,"TE, PVC, SOLDÁVEL, DN 25MM, INSTALADO EM RAMAL OU SUB-RAMAL DE ÁGUA - FORNECIMENTO E INSTALAÇÃO. AF_06/2022","UN",14.26]
["Instalações Prediais de Água Fria em PVC",89620,"TE, PVC, SOLDÁVEL, DN 32MM, INSTALADO EM PRUMADA DE ÁGUA - FORNECIMENTO E INSTALAÇÃO. AF_06/2022","UN",11.98]
["Instalações Prediais de Água Fria em PVC",89443,"TE, PVC, SOLDÁVEL, DN 32MM, INSTALADO EM RAMAL DE DISTRIBUIÇÃO DE ÁGUA - FORNECIMENTO E INSTALAÇÃO. AF_06/2022","UN",17.82]
["Instalações Prediais de Água Fria em PVC",89398,"TE, PVC, SOLDÁVEL, DN 32MM, INSTALADO EM RAMAL OU SUB-RAMAL DE ÁGUA - FORNECIMENTO E INSTALAÇÃO. AF_06/2022","UN",19.3]
["Instalações Prediais de Água Fria em PVC",89623,"TE, PVC, SOLDÁVEL, DN 40MM, INSTALADO EM PRUMADA DE ÁGUA - FORNECIMENTO E INSTALAÇÃO. AF_06/2022","UN",18.739999999999998]
["Instalações Prediais de Água Fria em PVC",104011,"TE, PVC, SOLDÁVEL, DN 40MM, INSTALADO EM RAMAL DE DISTRIBUIÇÃO DE ÁGUA - FORNECIMENTO E INSTALAÇÃO. AF_06/2022","UN",25.47]
["Instalações Prediais de Água Fria em PVC",89625,"TE, PVC, SOLDÁVEL, DN 50MM, INSTALADO EM PRUMADA DE ÁGUA - FORNECIMENTO E INSTALAÇÃO. AF_06/2022","UN",22.09]
["Instalações Prediais de Água Fria em PVC",104004,"TE, PVC, SOLDÁVEL, DN 50MM, INSTALADO EM RAMAL DE DISTRIBUIÇÃO DE ÁGUA - FORNECIMENTO E INSTALAÇÃO. AF_06/2022","UN",30.01]
["Instalações Prediais de Água Fria em PVC",89628,"TE, PVC, SOLDÁVEL, DN 60MM, INSTALADO EM PRUMADA DE ÁGUA - FORNECIMENTO E INSTALAÇÃO. AF_06/2022","UN",43.88]
["Instalações Prediais de Água Fria em PVC",89629,"TE, PVC, SOLDÁVEL, DN 75MM, INSTALADO EM PRUMADA DE ÁGUA - FORNECIMENTO E INSTALAÇÃO. AF_06/2022","UN",72.34]
["Instalações Prediais de Água Fria em PVC",89631,"TE, PVC, SOLDÁVEL, DN 85MM, INSTALADO EM PRUMADA DE ÁGUA - FORNECIMENTO E INSTALAÇÃO. AF_06/2022","UN",94.2]
["Instalações Prediais de Água Fria em PVC",89401,"TUBO, PVC, SOLDÁVEL, DE 20MM, INSTALADO EM RAMAL DE DISTRIBUIÇÃO DE ÁGUA - FORNECIMENTO E INSTALAÇÃO. AF_06/2022","M",11.27]
["Instalações Prediais de Água Fria em PVC",89355,"TUBO, PVC, SOLDÁVEL, DE 20MM, INSTALADO EM RAMAL OU SUB-RAMAL DE ÁGUA - FORNECIMENTO E INSTALAÇÃO. AF_06/2022","M",22.32]
["Instalações Prediais de Água Fria em PVC",89446,"TUBO, PVC, SOLDÁVEL, DE 25MM, INSTALADO EM PRUMADA DE ÁGUA - FORNECIMENTO E INSTALAÇÃO. AF_06/2022","M",4.92]
["Instalações Prediais de Água Fria em PVC",89402,"TUBO, PVC, SOLDÁVEL, DE 25MM, INSTALADO EM RAMAL DE DISTRIBUIÇÃO DE ÁGUA - FORNECIMENTO E INSTALAÇÃO. AF_06/2022","M",12.98]
["Instalações Prediais de Água Fria em PVC",89356,"TUBO, PVC, SOLDÁVEL, DE 25MM, INSTALADO EM RAMAL OU SUB-RAMAL DE ÁGUA - FORNECIMENTO E INSTALAÇÃO. AF_06/2022","M",25.77]
["Instalações Prediais de Água Fria em PVC",89447,"TUBO, PVC, SOLDÁVEL, DE 32MM, INSTALADO EM PRUMADA DE ÁGUA - FORNECIMENTO E INSTALAÇÃO. AF_06/2022","M",9.61]
["Instalações Prediais de Água Fria em PVC",89403,"TUBO, PVC, SOLDÁVEL, DE 32MM, INSTALADO EM RAMAL DE DISTRIBUIÇÃO DE ÁGUA - FORNECIMENTO E INSTALAÇÃO. AF_06/2022","M",19.18]
["Instalações Prediais de Água Fria em PVC",89357,"TUBO, PVC, SOLDÁVEL, DE 32MM, INSTALADO EM RAMAL OU SUB-RAMAL DE ÁGUA - FORNECIMENTO E INSTALAÇÃO. AF_06/2022","M",34.44]
["Instalações Prediais de Água Fria em PVC",89448,"TUBO, PVC, SOLDÁVEL, DE 40MM, INSTALADO EM PRUMADA DE ÁGUA - FORNECIMENTO E INSTALAÇÃO. AF_06/2022","M",14.59]
["Instalações Prediais de Água Fria em PVC",103978,"TUBO, PVC, SOLDÁVEL, DE 40MM, INSTALADO EM RAMAL DE DISTRIBUIÇÃO DE ÁGUA - FORNECIMENTO E INSTALAÇÃO. AF_06/2022","M",25.85]
["Instalações Prediais de Água Fria em PVC",89449,"TUBO, PVC, SOLDÁVEL, DE 50MM, INSTALADO EM PRUMADA DE ÁGUA - FORNECIMENTO E INSTALAÇÃO. AF_06/2022","M",16.18]
["Instalações Prediais de Água Fria em PVC",103979,"TUBO, PVC, SOLDÁVEL, DE 50MM, INSTALADO EM RAMAL DE DISTRIBUIÇÃO DE ÁGUA - FORNECIMENTO E INSTALAÇÃO. AF_06/2022","M",29.63]
["Instalações Prediais de Água Fria em PVC",89450,"TUBO, PVC, SOLDÁVEL, DE 60MM, INSTALADO EM PRUMADA DE ÁGUA - FORNECIMENTO E INSTALAÇÃO. AF_06/2022","M",25.72]
["Instalações Prediais de Água Fria em PVC",89451,"TUBO, PVC, SOLDÁVEL, DE 75MM, INSTALADO EM PRUMADA DE ÁGUA - FORNECIMENTO E INSTALAÇÃO. AF_06/2022","M",41.65]
["Instalações Prediais de Água Fria em PVC",89452,"TUBO, PVC, SOLDÁVEL, DE 85MM, INSTALADO EM PRUMADA DE ÁGUA - FORNECIMENTO E INSTALAÇÃO. AF_06/2022","M",57.16]
["Instalações Prediais de Água Fria em PVC",89394,"TÊ COM BUCHA DE LATÃO NA BOLSA CENTRAL, PVC, SOLDÁVEL, DN 20MM X 1/2, INSTALADO EM RAMAL OU SUB-RAMAL DE ÁGUA - FORNECIMENTO E INSTALAÇÃO. AF_06/2022","UN",18.420000000000002]
["Instalações Prediais de Água Fria em PVC",89396,"TÊ COM BUCHA DE LATÃO NA BOLSA CENTRAL, PVC, SOLDÁVEL, DN 25MM X 1/2, INSTALADO EM RAMAL OU SUB-RAMAL DE ÁGUA - FORNECIMENTO E INSTALAÇÃO. AF_06/2022","UN",20.18]
["Instalações Prediais de Água Fria em PVC",90374,"TÊ COM BUCHA DE LATÃO NA BOLSA CENTRAL, PVC, SOLDÁVEL, DN 25MM X 3/4, INSTALADO EM RAMAL OU SUB-RAMAL DE ÁGUA - FORNECIMENTO E INSTALAÇÃO. AF_06/2022","UN",21.86]
["Instalações Prediais de Água Fria em PVC",89444,"TÊ COM BUCHA DE LATÃO NA BOLSA CENTRAL, PVC, SOLDÁVEL, DN 32MM X 3/4, INSTALADO EM RAMAL DE DISTRIBUIÇÃO DE ÁGUA - FORNECIMENTO E INSTALAÇÃO. AF_06/2022","UN",23.58]
["Instalações Prediais de Água Fria em PVC",89399,"TÊ COM BUCHA DE LATÃO NA BOLSA CENTRAL, PVC, SOLDÁVEL, DN 32MM X 3/4, INSTALADO EM RAMAL OU SUB-RAMAL DE ÁGUA - FORNECIMENTO E INSTALAÇÃO. AF_06/2022","UN",24.3]
["Instalações Prediais de Água Fria em PVC",89442,"TÊ DE REDUÇÃO, PVC, SOLDÁVEL, DN 25MM X 20MM, INSTALADO EM RAMAL DE DISTRIBUIÇÃO DE ÁGUA - FORNECIMENTO E INSTALAÇÃO. AF_06/2022","UN",14.4]
["Instalações Prediais de Água Fria em PVC",89397,"TÊ DE REDUÇÃO, PVC, SOLDÁVEL, DN 25MM X 20MM, INSTALADO EM RAMAL OU SUB-RAMAL DE ÁGUA - FORNECIMENTO E INSTALAÇÃO. AF_06/2022","UN",15.55]
["Instalações Prediais de Água Fria em PVC",89622,"TÊ DE REDUÇÃO, PVC, SOLDÁVEL, DN 32MM X 25MM, INSTALADO EM PRUMADA DE ÁGUA - FORNECIMENTO E INSTALAÇÃO. AF_06/2022","UN",13.67]
["Instalações Prediais de Água Fria em PVC",89445,"TÊ DE REDUÇÃO, PVC, SOLDÁVEL, DN 32MM X 25MM, INSTALADO EM RAMAL DE DISTRIBUIÇÃO DE ÁGUA - FORNECIMENTO E INSTALAÇÃO. AF_06/2022","UN",19.12]
["Instalações Prediais de Água Fria em PVC",89400,"TÊ DE REDUÇÃO, PVC, SOLDÁVEL, DN 32MM X 25MM, INSTALADO EM RAMAL OU SUB-RAMAL DE ÁGUA - FORNECIMENTO E INSTALAÇÃO. AF_06/2022","UN",20.47]
["Instalações Prediais de Água Fria em PVC",89624,"TÊ DE REDUÇÃO, PVC, SOLDÁVEL, DN 40MM X 32MM, INSTALADO EM PRUMADA DE ÁGUA - FORNECIMENTO E INSTALAÇÃO. AF_06/2022","UN",17.28]
["Instalações Prediais de Água Fria em PVC",104012,"TÊ DE REDUÇÃO, PVC, SOLDÁVEL, DN 40MM X 32MM, INSTALADO EM RAMAL DE DISTRIBUIÇÃO DE ÁGUA - FORNECIMENTO E INSTALAÇÃO. AF_06/2022","UN",23.58]
["Instalações Prediais de Água Fria em PVC",89627,"TÊ DE REDUÇÃO, PVC, SOLDÁVEL, DN 50MM X 25MM, INSTALADO EM PRUMADA DE ÁGUA - FORNECIMENTO E INSTALAÇÃO. AF_06/2022","UN",19.21]
["Instalações Prediais de Água Fria em PVC",104006,"TÊ DE REDUÇÃO, PVC, SOLDÁVEL, DN 50MM X 25MM, INSTALADO EM RAMAL DE DISTRIBUIÇÃO DE ÁGUA - FORNECIMENTO E INSTALAÇÃO. AF_06/2022","UN",24.99]
["Instalações Prediais de Água Fria em PVC",89626,"TÊ DE REDUÇÃO, PVC, SOLDÁVEL, DN 50MM X 40MM, INSTALADO EM PRUMADA DE ÁGUA - FORNECIMENTO E INSTALAÇÃO. AF_06/2022","UN",28.04]
["Instalações Prediais de Água Fria em PVC",104005,"TÊ DE REDUÇÃO, PVC, SOLDÁVEL, DN 50MM X 40MM, INSTALADO EM RAMAL DE DISTRIBUIÇÃO DE ÁGUA - FORNECIMENTO E INSTALAÇÃO. AF_06/2022","UN",35.36]
["Instalações Prediais de Água Fria em PVC",89439,"TÊ SOLDÁVEL E COM ROSCA NA BOLSA CENTRAL, PVC, SOLDÁVEL, DN 20MM X 1/2, INSTALADO EM RAMAL DE DISTRIBUIÇÃO DE ÁGUA - FORNECIMENTO E INSTALAÇÃO. AF_06/2022","UN",12.33]
["Instalações Prediais de Água Fria em PVC",89421,"UNIÃO, PVC, SOLDÁVEL, DN 20MM, INSTALADO EM RAMAL DE DISTRIBUIÇÃO DE ÁGUA - FORNECIMENTO E INSTALAÇÃO. AF_06/2022","UN",11.04]
["Instalações Prediais de Água Fria em PVC",89375,"UNIÃO, PVC, SOLDÁVEL, DN 20MM, INSTALADO EM RAMAL OU SUB-RAMAL DE ÁGUA - FORNECIMENTO E INSTALAÇÃO. AF_06/2022","UN",11.58]
["Instalações Prediais de Água Fria em PVC",89536,"UNIÃO, PVC, SOLDÁVEL, DN 25MM, INSTALADO EM PRUMADA DE ÁGUA - FORNECIMENTO E INSTALAÇÃO. AF_06/2022","UN",10.73]
["Instalações Prediais de Água Fria em PVC",89428,"UNIÃO, PVC, SOLDÁVEL, DN 25MM, INSTALADO EM RAMAL DE DISTRIBUIÇÃO DE ÁGUA - FORNECIMENTO E INSTALAÇÃO. AF_06/2022","UN",13.26]
["Instalações Prediais de Água Fria em PVC",89382,"UNIÃO, PVC, SOLDÁVEL, DN 25MM, INSTALADO EM RAMAL OU SUB-RAMAL DE ÁGUA - FORNECIMENTO E INSTALAÇÃO. AF_06/2022","UN",13.88]
["Instalações Prediais de Água Fria em PVC",89552,"UNIÃO, PVC, SOLDÁVEL, DN 32MM, INSTALADO EM PRUMADA DE ÁGUA - FORNECIMENTO E INSTALAÇÃO. AF_06/2022","UN",16.489999999999998]
["Instalações Prediais de Água Fria em PVC",89435,"UNIÃO, PVC, SOLDÁVEL, DN 32MM, INSTALADO EM RAMAL DE DISTRIBUIÇÃO DE ÁGUA - FORNECIMENTO E INSTALAÇÃO. AF_06/2022","UN",19.420000000000002]
["Instalações Prediais de Água Fria em PVC",89390,"UNIÃO, PVC, SOLDÁVEL, DN 32MM, INSTALADO EM RAMAL OU SUB-RAMAL DE ÁGUA - FORNECIMENTO E INSTALAÇÃO. AF_06/2022","UN",20.16]
["Instalações Prediais de Água Fria em PVC",89568,"UNIÃO, PVC, SOLDÁVEL, DN 40MM, INSTALADO EM PRUMADA DE ÁGUA - FORNECIMENTO E INSTALAÇÃO. AF_06/2022","UN",28.44]
["Instalações Prediais de Água Fria em PVC",103990,"UNIÃO, PVC, SOLDÁVEL, DN 40MM, INSTALADO EM RAMAL DE DISTRIBUIÇÃO DE ÁGUA - FORNECIMENTO E INSTALAÇÃO. AF_06/2022","UN",31.86]
["Instalações Prediais de Água Fria em PVC",89594,"UNIÃO, PVC, SOLDÁVEL, DN 50MM, INSTALADO EM PRUMADA DE ÁGUA - FORNECIMENTO E INSTALAÇÃO. AF_06/2022","UN",31.73]
["Instalações Prediais de Água Fria em PVC",103997,"UNIÃO, PVC, SOLDÁVEL, DN 50MM, INSTALADO EM RAMAL DE DISTRIBUIÇÃO DE ÁGUA - FORNECIMENTO E INSTALAÇÃO. AF_06/2022","UN",35.700000000000003]
["Instalações Prediais de Água Fria em PVC",89609,"UNIÃO, PVC, SOLDÁVEL, DN 60MM, INSTALADO EM PRUMADA DE ÁGUA - FORNECIMENTO E INSTALAÇÃO. AF_06/2022","UN",72.39]
["Instalações Prediais de Água Fria em PVC",89612,"UNIÃO, PVC, SOLDÁVEL, DN 75MM, INSTALADO EM PRUMADA DE ÁGUA - FORNECIMENTO E INSTALAÇÃO. AF_06/2022","UN",140.88999999999999]
["Instalações Prediais de Água Fria em PVC",89615,"UNIÃO, PVC, SOLDÁVEL, DN 85MM, INSTALADO EM PRUMADA DE ÁGUA - FORNECIMENTO E INSTALAÇÃO. AF_06/2022","UN",166.3]
["Instalações Prediais de Água Quente em CPVC",89747,"ADAPTADOR, CPVC, SOLDÁVEL, DN 22MM, INSTALADO EM RAMAL DE DISTRIBUIÇÃO DE ÁGUA FORNECIMENTO E INSTALAÇÃO. AF_06/2022","UN",29.88]
["Instalações Prediais de Água Quente em CPVC",89656,"ADAPTADOR, CPVC, SOLDÁVEL, DN15MM, INSTALADO EM RAMAL OU SUB-RAMAL DE ÁGUA FORNECIMENTO E INSTALAÇÃO. AF_06/2022","UN",22.77]
["Instalações Prediais de Água Quente em CPVC",89663,"ADAPTADOR, CPVC, SOLDÁVEL, DN22MM, INSTALADO EM RAMAL OU SUB-RAMAL DE ÁGUA FORNECIMENTO E INSTALAÇÃO. AF_06/2022","UN",30.45]
["Instalações Prediais de Água Quente em CPVC",89759,"BUCHA DE REDUÇÃO, CPVC, SOLDÁVEL, DN 28MM X 22MM, INSTALADO EM RAMAL DE DISTRIBUIÇÃO DE ÁGUA - FORNECIMENTO E INSTALAÇÃO. AF_06/2022","UN",12.2]
["Instalações Prediais de Água Quente em CPVC",89832,"BUCHA DE REDUÇÃO, CPVC, SOLDÁVEL, DN 42MM X 22MM, INSTALADO EM RAMAL DE DISTRIBUIÇÃO DE ÁGUA - FORNECIMENTO E INSTALAÇÃO. AF_06/2022","UN",41.71]
["Instalações Prediais de Água Quente em CPVC",89666,"BUCHA DE REDUÇÃO, CPVC, SOLDÁVEL, DN22MM X 15MM, INSTALADO EM RAMAL OU SUB-RAMAL DE ÁGUA FORNECIMENTO E INSTALAÇÃO. AF_06/2022","UN",8.06]
["Instalações Prediais de Água Quente em CPVC",89678,"BUCHA DE REDUÇÃO, CPVC, SOLDÁVEL, DN28MM X 22MM, INSTALADO EM RAMAL OU SUB-RAMAL DE ÁGUA FORNECIMENTO E INSTALAÇÃO. AF_06/2022","UN",12.82]
["Instalações Prediais de Água Quente em CPVC",89764,"BUCHA DE REDUÇÃO, CPVC, SOLDÁVEL, DN35MM X 28MM, INSTALADO EM RAMAL DE DISTRIBUIÇÃO DE ÁGUA - FORNECIMENTO E INSTALAÇÃO. AF_06/2022","UN",37.5]
["Instalações Prediais de Água Quente em CPVC",89689,"BUCHA DE REDUÇÃO, CPVC, SOLDÁVEL, DN35MM X 28MM, INSTALADO EM RAMAL OU SUB-RAMAL DE ÁGUA FORNECIMENTO E INSTALAÇÃO. AF_06/2022","UN",38.22]
["Instalações Prediais de Água Quente em CPVC",89655,"CONECTOR, CPVC, SOLDÁVEL, DN 15MM X 1/2, INSTALADO EM RAMAL OU SUB-RAMAL DE ÁGUA FORNECIMENTO E INSTALAÇÃO. AF_06/2022","UN",24.39]
["Instalações Prediais de Água Quente em CPVC",89662,"CONECTOR, CPVC, SOLDÁVEL, DN 22MM X 1/2, INSTALADO EM RAMAL OU SUB-RAMAL DE ÁGUA FORNECIMENTO E INSTALAÇÃO. AF_06/2022","UN",31.46]
["Instalações Prediais de Água Quente em CPVC",89758,"CONECTOR, CPVC, SOLDÁVEL, DN 28MM X 1, INSTALADO EM RAMAL DE DISTRIBUIÇÃO DE ÁGUA FORNECIMENTO E INSTALAÇÃO. AF_06/2022","UN",37.14]
["Instalações Prediais de Água Quente em CPVC",89676,"CONECTOR, CPVC, SOLDÁVEL, DN 28MM X 1, INSTALADO EM RAMAL OU SUB-RAMAL DE ÁGUA FORNECIMENTO E INSTALAÇÃO. AF_06/2022","UN",37.36]
["Instalações Prediais de Água Quente em CPVC",89818,"CONECTOR, CPVC, SOLDÁVEL, DN 35MM X 1 1/4, INSTALADO EM PRUMADA DE ÁGUA FORNECIMENTO E INSTALAÇÃO. AF_06/2022","UN",53.03]
["Instalações Prediais de Água Quente em CPVC",89763,"CONECTOR, CPVC, SOLDÁVEL, DN 35MM X 1 1/4, INSTALADO EM RAMAL DE DISTRIBUIÇÃO DE ÁGUA - FORNECIMENTO E INSTALAÇÃO. AF_06/2022","UN",56]
["Instalações Prediais de Água Quente em CPVC",89686,"CONECTOR, CPVC, SOLDÁVEL, DN 35MM X 1 1/4, INSTALADO EM RAMAL OU SUB-RAMAL DE ÁGUA FORNECIMENTO E INSTALAÇÃO. AF_06/2022","UN",56.77]
["Instalações Prediais de Água Quente em CPVC",104029,"CONECTOR, CPVC, SOLDÁVEL, DN 42MM X 1.1/2\", INSTALADO EM RAMAL DE DISTRIBUIÇÃO DE ÁGUA - FORNECIMENTO E INSTALAÇÃO. AF_06/2022","UN",67.3]
["Instalações Prediais de Água Quente em CPVC",89831,"CONECTOR, CPVC, SOLDÁVEL, DN 42MM X 1.1/2, INSTALADO EM PRUMADA DE ÁGUA FORNECIMENTO E INSTALAÇÃO. AF_06/2022","UN",64.06]
["Instalações Prediais de Água Quente em CPVC",89668,"CONECTOR, CPVC, SOLDÁVEL, DN22MM X 3/4\", INSTALADO EM RAMAL OU SUB-RAMAL DE ÁGUA - FORNECIMENTO E INSTALAÇÃO. AF_06/2022","UN",29.7]
["Instalações Prediais de Água Quente em CPVC",89639,"CURVA 90 GRAUS, CPVC, SOLDÁVEL, DN 15MM, INSTALADO EM RAMAL OU SUB-RAMAL DE ÁGUA - FORNECIMENTO E INSTALAÇÃO. AF_06/2022","UN",13.04]
["Instalações Prediais de Água Quente em CPVC",89721,"CURVA 90 GRAUS, CPVC, SOLDÁVEL, DN 22MM, INSTALADO EM RAMAL DE DISTRIBUIÇÃO DE ÁGUA - FORNECIMENTO E INSTALAÇÃO. AF_06/2022","UN",16.82]
["Instalações Prediais de Água Quente em CPVC",89643,"CURVA 90 GRAUS, CPVC, SOLDÁVEL, DN 22MM, INSTALADO EM RAMAL OU SUB-RAMAL DE ÁGUA - FORNECIMENTO E INSTALAÇÃO. AF_06/2022","UN",17.66]
["Instalações Prediais de Água Quente em CPVC",89727,"CURVA 90 GRAUS, CPVC, SOLDÁVEL, DN 28MM, INSTALADO EM RAMAL DE DISTRIBUIÇÃO DE ÁGUA FORNECIMENTO E INSTALAÇÃO. AF_06/2022","UN",25.22]
["Instalações Prediais de Água Quente em CPVC",89648,"CURVA 90 GRAUS, CPVC, SOLDÁVEL, DN 28MM, INSTALADO EM RAMAL OU SUB-RAMAL DE ÁGUA FORNECIMENTO E INSTALAÇÃO. AF_06/2022","UN",26.22]
["Instalações Prediais de Água Quente em CPVC",89749,"CURVA DE TRANSPOSIÇÃO, CPVC, SOLDÁVEL, DN 22MM, INSTALADO EM RAMAL DE DISTRIBUIÇÃO DE ÁGUA FORNECIMENTO E INSTALAÇÃO. AF_06/2022","UN",17.190000000000001]
["Instalações Prediais de Água Quente em CPVC",89657,"CURVA DE TRANSPOSIÇÃO, CPVC, SOLDÁVEL, DN15MM, INSTALADO EM RAMAL OU SUB-RAMAL DE ÁGUA FORNECIMENTO E INSTALAÇÃO. AF_06/2022","UN",14.37]
["Instalações Prediais de Água Quente em CPVC",89664,"CURVA DE TRANSPOSIÇÃO, CPVC, SOLDÁVEL, DN22MM, INSTALADO EM RAMAL OU SUB-RAMAL DE ÁGUA FORNECIMENTO E INSTALAÇÃO. AF_06/2022","UN",17.760000000000002]
["Instalações Prediais de Água Quente em CPVC",89638,"JOELHO 45 GRAUS, CPVC, SOLDÁVEL, DN 15MM, INSTALADO EM RAMAL OU SUB-RAMAL DE ÁGUA - FORNECIMENTO E INSTALAÇÃO. AF_06/2022","UN",12.4]
["Instalações Prediais de Água Quente em CPVC",89720,"JOELHO 45 GRAUS, CPVC, SOLDÁVEL, DN 22MM, INSTALADO EM RAMAL DE DISTRIBUIÇÃO DE ÁGUA FORNECIMENTO E INSTALAÇÃO. AF_06/2022","UN",15.56]
["Instalações Prediais de Água Quente em CPVC",89642,"JOELHO 45 GRAUS, CPVC, SOLDÁVEL, DN 22MM, INSTALADO EM RAMAL OU SUB-RAMAL DE ÁGUA - FORNECIMENTO E INSTALAÇÃO. AF_06/2022","UN",16.399999999999999]
["Instalações Prediais de Água Quente em CPVC",89725,"JOELHO 45 GRAUS, CPVC, SOLDÁVEL, DN 28MM, INSTALADO EM RAMAL DE DISTRIBUIÇÃO DE ÁGUA FORNECIMENTO E INSTALAÇÃO. AF_06/2022","UN",20.3]
["Instalações Prediais de Água Quente em CPVC",89647,"JOELHO 45 GRAUS, CPVC, SOLDÁVEL, DN 28MM, INSTALADO EM RAMAL OU SUB-RAMAL DE ÁGUA FORNECIMENTO E INSTALAÇÃO. AF_06/2022","UN",21.3]
["Instalações Prediais de Água Quente em CPVC",89780,"JOELHO 45 GRAUS, CPVC, SOLDÁVEL, DN 35MM, INSTALADO EM PRUMADA DE ÁGUA - FORNECIMENTO E INSTALAÇÃO. AF_06/2022","UN",24.43]
["Instalações Prediais de Água Quente em CPVC",89734,"JOELHO 45 GRAUS, CPVC, SOLDÁVEL, DN 35MM, INSTALADO EM RAMAL DE DISTRIBUIÇÃO DE ÁGUA FORNECIMENTO E INSTALAÇÃO. AF_06/2022","UN",29.04]
["Instalações Prediais de Água Quente em CPVC",89650,"JOELHO 45 GRAUS, CPVC, SOLDÁVEL, DN 35MM, INSTALADO EM RAMAL OU SUB-RAMAL DE ÁGUA FORNECIMENTO E INSTALAÇÃO. AF_06/2022","UN",30.21]
["Instalações Prediais de Água Quente em CPVC",89787,"JOELHO 45 GRAUS, CPVC, SOLDÁVEL, DN 42MM, INSTALADO EM PRUMADA DE ÁGUA FORNECIMENTO E INSTALAÇÃO. AF_06/2022","UN",36.32]
["Instalações Prediais de Água Quente em CPVC",104024,"JOELHO 45 GRAUS, CPVC, SOLDÁVEL, DN 42MM, INSTALADO EM RAMAL DE DISTRIBUIÇÃO DE ÁGUA - FORNECIMENTO E INSTALAÇÃO. AF_06/2022","UN",41.5]
["Instalações Prediais de Água Quente em CPVC",89789,"JOELHO 45 GRAUS, CPVC, SOLDÁVEL, DN 54MM, INSTALADO EM PRUMADA DE ÁGUA FORNECIMENTO E INSTALAÇÃO. AF_06/2022","UN",67.2]
["Instalações Prediais de Água Quente em CPVC",89791,"JOELHO 45 GRAUS, CPVC, SOLDÁVEL, DN 73MM, INSTALADO EM PRUMADA DE ÁGUA FORNECIMENTO E INSTALAÇÃO. AF_06/2022","UN",151.88]
["Instalações Prediais de Água Quente em CPVC",89793,"JOELHO 45 GRAUS, CPVC, SOLDÁVEL, DN 89MM, INSTALADO EM PRUMADA DE ÁGUA FORNECIMENTO E INSTALAÇÃO. AF_06/2022","UN",218.89]
["Instalações Prediais de Água Quente em CPVC",89637,"JOELHO 90 GRAUS, CPVC, SOLDÁVEL, DN 15MM, INSTALADO EM RAMAL OU SUB-RAMAL DE ÁGUA - FORNECIMENTO E INSTALAÇÃO. AF_06/2022","UN",11.5]
["Instalações Prediais de Água Quente em CPVC",89719,"JOELHO 90 GRAUS, CPVC, SOLDÁVEL, DN 22MM, INSTALADO EM RAMAL DE DISTRIBUIÇÃO DE ÁGUA FORNECIMENTO E INSTALAÇÃO. AF_06/2022","UN",13.98]
["Instalações Prediais de Água Quente em CPVC",89641,"JOELHO 90 GRAUS, CPVC, SOLDÁVEL, DN 22MM, INSTALADO EM RAMAL OU SUB-RAMAL DE ÁGUA - FORNECIMENTO E INSTALAÇÃO. AF_06/2022","UN",14.82]
["Instalações Prediais de Água Quente em CPVC",89723,"JOELHO 90 GRAUS, CPVC, SOLDÁVEL, DN 28MM, INSTALADO EM RAMAL DE DISTRIBUIÇÃO DE ÁGUA FORNECIMENTO E INSTALAÇÃO. AF_06/2022","UN",20.95]
["Instalações Prediais de Água Quente em CPVC",89646,"JOELHO 90 GRAUS, CPVC, SOLDÁVEL, DN 28MM, INSTALADO EM RAMAL OU SUB-RAMAL DE ÁGUA - FORNECIMENTO E INSTALAÇÃO. AF_06/2022","UN",21.95]
["Instalações Prediais de Água Quente em CPVC",89777,"JOELHO 90 GRAUS, CPVC, SOLDÁVEL, DN 35MM, INSTALADO EM PRUMADA DE ÁGUA FORNECIMENTO E INSTALAÇÃO. AF_06/2022","UN",26.05]
["Instalações Prediais de Água Quente em CPVC",89729,"JOELHO 90 GRAUS, CPVC, SOLDÁVEL, DN 35MM, INSTALADO EM RAMAL DE DISTRIBUIÇÃO DE ÁGUA FORNECIMENTO E INSTALAÇÃO. AF_06/2022","UN",30.66]
["Instalações Prediais de Água Quente em CPVC",89649,"JOELHO 90 GRAUS, CPVC, SOLDÁVEL, DN 35MM, INSTALADO EM RAMAL OU SUB-RAMAL DE ÁGUA FORNECIMENTO E INSTALAÇÃO. AF_06/2022","UN",31.83]
["Instalações Prediais de Água Quente em CPVC",89781,"JOELHO 90 GRAUS, CPVC, SOLDÁVEL, DN 42MM, INSTALADO EM PRUMADA DE ÁGUA FORNECIMENTO E INSTALAÇÃO. AF_06/2022","UN",36.72]
["Instalações Prediais de Água Quente em CPVC",104023,"JOELHO 90 GRAUS, CPVC, SOLDÁVEL, DN 42MM, INSTALADO EM RAMAL DE DISTRIBUIÇÃO DE ÁGUA - FORNECIMENTO E INSTALAÇÃO. AF_06/2022","UN",41.9]
["Instalações Prediais de Água Quente em CPVC",89788,"JOELHO 90 GRAUS, CPVC, SOLDÁVEL, DN 54MM, INSTALADO EM PRUMADA DE ÁGUA FORNECIMENTO E INSTALAÇÃO. AF_06/2022","UN",78.989999999999995]
["Instalações Prediais de Água Quente em CPVC",89790,"JOELHO 90 GRAUS, CPVC, SOLDÁVEL, DN 73MM, INSTALADO EM PRUMADA DE ÁGUA FORNECIMENTO E INSTALAÇÃO. AF_06/2022","UN",157.21]
["Instalações Prediais de Água Quente em CPVC",89792,"JOELHO 90 GRAUS, CPVC, SOLDÁVEL, DN 89MM, INSTALADO EM PRUMADA DE ÁGUA FORNECIMENTO E INSTALAÇÃO. AF_06/2022","UN",185.69]
["Instalações Prediais de Água Quente em CPVC",89640,"JOELHO DE TRANSIÇÃO, 90 GRAUS, CPVC, SOLDÁVEL, DN 15MM X 1/2\", INSTALADO EM RAMAL OU SUB-RAMAL DE ÁGUA - FORNECIMENTO E INSTALAÇÃO. AF_06/2022","UN",19.87]
["Instalações Prediais de Água Quente em CPVC",89644,"JOELHO DE TRANSIÇÃO, 90 GRAUS, CPVC, SOLDÁVEL, DN 22MM X 1/2\", INSTALADO EM RAMAL OU SUB-RAMAL DE ÁGUA - FORNECIMENTO E INSTALAÇÃO. AF_06/2022","UN",24.15]
["Instalações Prediais de Água Quente em CPVC",89645,"JOELHO DE TRANSIÇÃO, 90 GRAUS, CPVC, SOLDÁVEL, DN 22MM X 3/4\", INSTALADO EM RAMAL OU SUB-RAMAL DE ÁGUA - FORNECIMENTO E INSTALAÇÃO. AF_06/2022","UN",33.35]
["Instalações Prediais de Água Quente em CPVC",89652,"LUVA DE CORRER, CPVC, SOLDÁVEL, DN 15MM, INSTALADO EM RAMAL OU SUB-RAMAL DE ÁGUA FORNECIMENTO E INSTALAÇÃO. AF_06/2022","UN",12.77]
["Instalações Prediais de Água Quente em CPVC",89738,"LUVA DE CORRER, CPVC, SOLDÁVEL, DN 22MM, INSTALADO EM RAMAL DE DISTRIBUIÇÃO DE ÁGUA FORNECIMENTO E INSTALAÇÃO. AF_12/2014","UN",17.260000000000002]
["Instalações Prediais de Água Quente em CPVC",89659,"LUVA DE CORRER, CPVC, SOLDÁVEL, DN 22MM, INSTALADO EM RAMAL OU SUB-RAMAL DE ÁGUA FORNECIMENTO E INSTALAÇÃO. AF_06/2022","UN",17.829999999999998]
["Instalações Prediais de Água Quente em CPVC",89756,"LUVA DE CORRER, CPVC, SOLDÁVEL, DN 28MM, INSTALADO EM RAMAL DE DISTRIBUIÇÃO DE ÁGUA FORNECIMENTO E INSTALAÇÃO. AF_06/2022","UN",23.74]
["Instalações Prediais de Água Quente em CPVC",89672,"LUVA DE CORRER, CPVC, SOLDÁVEL, DN 28MM, INSTALADO EM RAMAL OU SUB-RAMAL DE ÁGUA FORNECIMENTO E INSTALAÇÃO. AF_06/2022","UN",24.4]
["Instalações Prediais de Água Quente em CPVC",89815,"LUVA DE CORRER, CPVC, SOLDÁVEL, DN 35MM, INSTALADO EM PRUMADA DE ÁGUA FORNECIMENTO E INSTALAÇÃO. AF_06/2022","UN",28.5]
["Instalações Prediais de Água Quente em CPVC",89761,"LUVA DE CORRER, CPVC, SOLDÁVEL, DN 35MM, INSTALADO EM RAMAL DE DISTRIBUIÇÃO DE ÁGUA - FORNECIMENTO E INSTALAÇÃO. AF_06/2022","UN",31.54]
["Instalações Prediais de Água Quente em CPVC",89682,"LUVA DE CORRER, CPVC, SOLDÁVEL, DN 35MM, INSTALADO EM RAMAL OU SUB-RAMAL DE ÁGUA FORNECIMENTO E INSTALAÇÃO. AF_06/2022","UN",32.33]
["Instalações Prediais de Água Quente em CPVC",89824,"LUVA DE CORRER, CPVC, SOLDÁVEL, DN 42MM, INSTALADO EM PRUMADA DE ÁGUA FORNECIMENTO E INSTALAÇÃO. AF_06/2022","UN",38.659999999999997]
["Instalações Prediais de Água Quente em CPVC",104026,"LUVA DE CORRER, CPVC, SOLDÁVEL, DN 42MM, INSTALADO EM RAMAL DE DISTRIBUIÇÃO DE ÁGUA - FORNECIMENTO E INSTALAÇÃO. AF_06/2022","UN",42.1]
["Instalações Prediais de Água Quente em CPVC",89740,"LUVA DE TRANSIÇÃO, CPVC, SOLDÁVEL, DN 22MM X 25MM, INSTALADO EM RAMAL DE DISTRIBUIÇÃO DE ÁGUA FORNECIMENTO E INSTALAÇÃO. AF_06/2022","UN",9.8699999999999992]
["Instalações Prediais de Água Quente em CPVC",89836,"LUVA DE TRANSIÇÃO, CPVC, SOLDÁVEL, DN 54MM X 2, INSTALADO EM PRUMADA DE ÁGUA FORNECIMENTO E INSTALAÇÃO. AF_06/2022","UN",197.03]
["Instalações Prediais de Água Quente em CPVC",89653,"LUVA DE TRANSIÇÃO, CPVC, SOLDÁVEL, DN15MM X 1/2\", INSTALADO EM RAMAL OU SUB-RAMAL DE ÁGUA - FORNECIMENTO E INSTALAÇÃO. AF_06/2022","UN",17.86]
["Instalações Prediais de Água Quente em CPVC",89660,"LUVA DE TRANSIÇÃO, CPVC, SOLDÁVEL, DN22MM X 25MM, INSTALADO EM RAMAL OU SUB-RAMAL DE ÁGUA - FORNECIMENTO E INSTALAÇÃO. AF_06/2022","UN",10.45]
["Instalações Prediais de Água Quente em CPVC",104028,"LUVA DE TRANSIÇÃO, CPVC, SOLDÁVEL, DN42MM X 1.1/2\", INSTALADO EM RAMAL DE DISTRIBUIÇÃO DE ÁGUA - FORNECIMENTO E INSTALAÇÃO. AF_06/2022","UN",128.61000000000001]
["Instalações Prediais de Água Quente em CPVC",89826,"LUVA DE TRANSIÇÃO, CPVC, SOLDÁVEL, DN42MM X 1.1/2, INSTALADO EM PRUMADA DE ÁGUA FORNECIMENTO E INSTALAÇÃO. AF_06/2022","UN",125.37]
["Instalações Prediais de Água Quente em CPVC",89651,"LUVA, CPVC, SOLDÁVEL, DN 15MM, INSTALADO EM RAMAL OU SUB-RAMAL DE ÁGUA - FORNECIMENTO E INSTALAÇÃO. AF_06/2022","UN",7.75]
["Instalações Prediais de Água Quente em CPVC",89736,"LUVA, CPVC, SOLDÁVEL, DN 22MM, INSTALADO EM RAMAL DE DISTRIBUIÇÃO DE ÁGUA FORNECIMENTO E INSTALAÇÃO. AF_06/2022","UN",9.68]
["Instalações Prediais de Água Quente em CPVC",89658,"LUVA, CPVC, SOLDÁVEL, DN 22MM, INSTALADO EM RAMAL OU SUB-RAMAL DE ÁGUA FORNECIMENTO E INSTALAÇÃO. AF_06/2022","UN",10.25]
["Instalações Prediais de Água Quente em CPVC",89755,"LUVA, CPVC, SOLDÁVEL, DN 28MM, INSTALADO EM RAMAL DE DISTRIBUIÇÃO DE ÁGUA FORNECIMENTO E INSTALAÇÃO. AF_06/2022","UN",14.32]
["Instalações Prediais de Água Quente em CPVC",89670,"LUVA, CPVC, SOLDÁVEL, DN 28MM, INSTALADO EM RAMAL OU SUB-RAMAL DE ÁGUA FORNECIMENTO E INSTALAÇÃO. AF_06/2022","UN",14.98]
["Instalações Prediais de Água Quente em CPVC",89794,"LUVA, CPVC, SOLDÁVEL, DN 35MM, INSTALADO EM PRUMADA DE ÁGUA FORNECIMENTO E INSTALAÇÃO. AF_06/2022","UN",19.600000000000001]
["Instalações Prediais de Água Quente em CPVC",89760,"LUVA, CPVC, SOLDÁVEL, DN 35MM, INSTALADO EM RAMAL DE DISTRIBUIÇÃO DE ÁGUA - FORNECIMENTO E INSTALAÇÃO. AF_06/2022","UN",22.64]
["Instalações Prediais de Água Quente em CPVC",89680,"LUVA, CPVC, SOLDÁVEL, DN 35MM, INSTALADO EM RAMAL OU SUB-RAMAL DE ÁGUA FORNECIMENTO E INSTALAÇÃO. AF_06/2022","UN",23.43]
["Instalações Prediais de Água Quente em CPVC",89822,"LUVA, CPVC, SOLDÁVEL, DN 42MM, INSTALADO EM PRUMADA DE ÁGUA FORNECIMENTO E INSTALAÇÃO. AF_06/2022","UN",25.58]
["Instalações Prediais de Água Quente em CPVC",104025,"LUVA, CPVC, SOLDÁVEL, DN 42MM, INSTALADO EM RAMAL DE DISTRIBUIÇÃO DE ÁGUA - FORNECIMENTO E INSTALAÇÃO. AF_06/2022","UN",29.02]
["Instalações Prediais de Água Quente em CPVC",89835,"LUVA, CPVC, SOLDÁVEL, DN 54MM, INSTALADO EM PRUMADA DE ÁGUA FORNECIMENTO E INSTALAÇÃO. AF_06/2022","UN",43.88]
["Instalações Prediais de Água Quente em CPVC",89838,"LUVA, CPVC, SOLDÁVEL, DN 73MM, INSTALADO EM PRUMADA DE ÁGUA FORNECIMENTO E INSTALAÇÃO. AF_06/2022","UN",151.63]
["Instalações Prediais de Água Quente em CPVC",89840,"LUVA, CPVC, SOLDÁVEL, DN 89MM, INSTALADO EM PRUMADA DE ÁGUA FORNECIMENTO E INSTALAÇÃO. AF_06/2022","UN",178.54]
["Instalações Prediais de Água Quente em CPVC",104015,"TE DE REDUÇÃO, CPVC, SOLDÁVEL, DN 22 X 15 MM, INSTALADO EM RAMAL OU SUB-RAMAL DE ÁGUA - FORNECIMENTO E INSTALAÇÃO. AF_06/2022","UN",17.79]
["Instalações Prediais de Água Quente em CPVC",104018,"TE DE REDUÇÃO, CPVC, SOLDÁVEL, DN 28 X 22 MM, INSTALADO EM RAMAL DE DISTRIBUIÇÃO DE ÁGUA - FORNECIMENTO E INSTALAÇÃO. AF_06/2022","UN",22.47]
["Instalações Prediais de Água Quente em CPVC",104016,"TE DE REDUÇÃO, CPVC, SOLDÁVEL, DN 28 X 22 MM, INSTALADO EM RAMAL OU SUB-RAMAL DE ÁGUA - FORNECIMENTO E INSTALAÇÃO. AF_06/2022","UN",23.7]
["Instalações Prediais de Água Quente em CPVC",104019,"TE DE REDUÇÃO, CPVC, SOLDÁVEL, DN 35 X 28 MM, INSTALADO EM RAMAL DE DISTRIBUIÇÃO DE ÁGUA - FORNECIMENTO E INSTALAÇÃO. AF_06/2022","UN",45.3]
["Instalações Prediais de Água Quente em CPVC",104017,"TE DE REDUÇÃO, CPVC, SOLDÁVEL, DN 35 X 28 MM, INSTALADO EM RAMAL OU SUB-RAMAL DE ÁGUA - FORNECIMENTO E INSTALAÇÃO. AF_06/2022","UN",46.74]
["Instalações Prediais de Água Quente em CPVC",104020,"TE DE REDUÇÃO, CPVC, SOLDÁVEL, DN 42 X 35 MM, INSTALADO EM PRUMADA DE ÁGUA - FORNECIMENTO E INSTALAÇÃO. AF_06/2022","UN",55.98]
["Instalações Prediais de Água Quente em CPVC",104030,"TE DE REDUÇÃO, CPVC, SOLDÁVEL, DN 42 X 35 MM, INSTALADO EM RAMAL DE DISTRIBUIÇÃO DE ÁGUA - FORNECIMENTO E INSTALAÇÃO. AF_06/2022","UN",62.48]
["Instalações Prediais de Água Quente em CPVC",89694,"TE DE TRANSIÇÃO, CPVC, SOLDÁVEL, DN 15MM X 1/2, INSTALADO EM RAMAL OU SUB-RAMAL DE ÁGUA FORNECIMENTO E INSTALAÇÃO. AF_06/2022","UN",21.3]
["Instalações Prediais de Água Quente em CPVC",89700,"TE DE TRANSIÇÃO, CPVC, SOLDÁVEL, DN 22MM X 1/2, INSTALADO EM RAMAL OU SUB-RAMAL DE ÁGUA FORNECIMENTO E INSTALAÇÃO. AF_06/2022","UN",24.34]
["Instalações Prediais de Água Quente em CPVC",89703,"TE MISTURADOR DE TRANSIÇÃO, CPVC, SOLDÁVEL, DN 22MM X 3/4\", INSTALADO EM RAMAL OU SUB-RAMAL DE ÁGUA - FORNECIMENTO E INSTALAÇÃO. AF_06/2022","UN",48.91]
["Instalações Prediais de Água Quente em CPVC",89691,"TE, CPVC, SOLDÁVEL, DN 15MM, INSTALADO EM RAMAL OU SUB-RAMAL DE ÁGUA - FORNECIMENTO E INSTALAÇÃO. AF_06/2022","UN",14.86]
["Instalações Prediais de Água Quente em CPVC",89765,"TE, CPVC, SOLDÁVEL, DN 22MM, INSTALADO EM RAMAL DE DISTRIBUIÇÃO DE ÁGUA - FORNECIMENTO E INSTALAÇÃO. AF_06/2022","UN",18.190000000000001]
["Instalações Prediais de Água Quente em CPVC",89697,"TE, CPVC, SOLDÁVEL, DN 22MM, INSTALADO EM RAMAL OU SUB-RAMAL DE ÁGUA - FORNECIMENTO E INSTALAÇÃO. AF_06/2022","UN",19.329999999999998]
["Instalações Prediais de Água Quente em CPVC",89844,"TE, CPVC, SOLDÁVEL, DN 42MM, INSTALADO EM PRUMADA DE ÁGUA FORNECIMENTO E INSTALAÇÃO. AF_06/2022","UN",63.46]
["Instalações Prediais de Água Quente em CPVC",104022,"TE, CPVC, SOLDÁVEL, DN 42MM, INSTALADO EM RAMAL DE DISTRIBUIÇÃO DE ÁGUA - FORNECIMENTO E INSTALAÇÃO. AF_06/2022","UN",70.349999999999994]
["Instalações Prediais de Água Quente em CPVC",89633,"TUBO, CPVC, SOLDÁVEL, DN 15MM, INSTALADO EM RAMAL OU SUB-RAMAL DE ÁGUA - FORNECIMENTO E INSTALAÇÃO. AF_06/2022","M",28.09]
["Instalações Prediais de Água Quente em CPVC",89716,"TUBO, CPVC, SOLDÁVEL, DN 22MM, INSTALADO EM RAMAL DE DISTRIBUIÇÃO DE ÁGUA - FORNECIMENTO E INSTALAÇÃO. AF_06/2022","M",27.97]
["Instalações Prediais de Água Quente em CPVC",89634,"TUBO, CPVC, SOLDÁVEL, DN 22MM, INSTALADO EM RAMAL OU SUB-RAMAL DE ÁGUA - FORNECIMENTO E INSTALAÇÃO. AF_06/2022","M",39.619999999999997]
["Instalações Prediais de Água Quente em CPVC",89717,"TUBO, CPVC, SOLDÁVEL, DN 28MM, INSTALADO EM RAMAL DE DISTRIBUIÇÃO DE ÁGUA - FORNECIMENTO E INSTALAÇÃO. AF_06/2022","M",43.63]
["Instalações Prediais de Água Quente em CPVC",89635,"TUBO, CPVC, SOLDÁVEL, DN 28MM, INSTALADO EM RAMAL OU SUB-RAMAL DE ÁGUA - FORNECIMENTO E INSTALAÇÃO. AF_06/2022","M",57.39]
["Instalações Prediais de Água Quente em CPVC",89770,"TUBO, CPVC, SOLDÁVEL, DN 35MM, INSTALADO EM PRUMADA DE ÁGUA FORNECIMENTO E INSTALAÇÃO. AF_06/2022","M",45.56]
["Instalações Prediais de Água Quente em CPVC",89718,"TUBO, CPVC, SOLDÁVEL, DN 35MM, INSTALADO EM RAMAL DE DISTRIBUIÇÃO DE ÁGUA FORNECIMENTO E INSTALAÇÃO. AF_06/2022","M",55.74]
["Instalações Prediais de Água Quente em CPVC",89636,"TUBO, CPVC, SOLDÁVEL, DN 35MM, INSTALADO EM RAMAL OU SUB-RAMAL DE ÁGUA FORNECIMENTO E INSTALAÇÃO. AF_06/2022","M",71.92]
["Instalações Prediais de Água Quente em CPVC",89771,"TUBO, CPVC, SOLDÁVEL, DN 42MM, INSTALADO EM PRUMADA DE ÁGUA FORNECIMENTO E INSTALAÇÃO. AF_06/2022","M",60.78]
["Instalações Prediais de Água Quente em CPVC",104021,"TUBO, CPVC, SOLDÁVEL, DN 42MM, INSTALADO EM RAMAL DE DISTRIBUIÇÃO DE ÁGUA - FORNECIMENTO E INSTALAÇÃO. AF_06/2022","M",72.44]
["Instalações Prediais de Água Quente em CPVC",89772,"TUBO, CPVC, SOLDÁVEL, DN 54MM, INSTALADO EM PRUMADA DE ÁGUA FORNECIMENTO E INSTALAÇÃO. AF_06/2022","M",88.59]
["Instalações Prediais de Água Quente em CPVC",89773,"TUBO, CPVC, SOLDÁVEL, DN 73MM, INSTALADO EM PRUMADA DE ÁGUA FORNECIMENTO E INSTALAÇÃO. AF_06/2022","M",142.65]
["Instalações Prediais de Água Quente em CPVC",89775,"TUBO, CPVC, SOLDÁVEL, DN 89MM, INSTALADO EM PRUMADA DE ÁGUA FORNECIMENTO E INSTALAÇÃO. AF_06/2022","M",222.87]
["Instalações Prediais de Água Quente em CPVC",89767,"TÊ MISTURADOR, CPVC, SOLDÁVEL, DN 22MM, INSTALADO EM RAMAL DE DISTRIBUIÇÃO DE ÁGUA - FORNECIMENTO E INSTALAÇÃO. AF_06/2022","UN",22.41]
["Instalações Prediais de Água Quente em CPVC",89695,"TÊ MISTURADOR, CPVC, SOLDÁVEL, DN15MM, INSTALADO EM RAMAL OU SUB-RAMAL DE ÁGUA FORNECIMENTO E INSTALAÇÃO. AF_06/2022","UN",18.329999999999998]
["Instalações Prediais de Água Quente em CPVC",89702,"TÊ MISTURADOR, CPVC, SOLDÁVEL, DN22MM, INSTALADO EM RAMAL OU SUB-RAMAL DE ÁGUA FORNECIMENTO E INSTALAÇÃO. AF_06/2022","UN",23.55]
["Instalações Prediais de Água Quente em CPVC",89768,"TÊ, CPVC, SOLDÁVEL, DN 28MM, INSTALADO EM RAMAL DE DISTRIBUIÇÃO DE ÁGUA - FORNECIMENTO E INSTALAÇÃO. AF_06/2022","UN",26.04]
["Instalações Prediais de Água Quente em CPVC",89842,"TÊ, CPVC, SOLDÁVEL, DN 35MM, INSTALADO EM PRUMADA DE ÁGUA FORNECIMENTO E INSTALAÇÃO. AF_06/2022","UN",50.46]
["Instalações Prediais de Água Quente em CPVC",89845,"TÊ, CPVC, SOLDÁVEL, DN 54 MM, INSTALADO EM PRUMADA DE ÁGUA FORNECIMENTO E INSTALAÇÃO. AF_06/2022","UN",99.25]
["Instalações Prediais de Água Quente em CPVC",89846,"TÊ, CPVC, SOLDÁVEL, DN 73MM, INSTALADO EM PRUMADA DE ÁGUA FORNECIMENTO E INSTALAÇÃO. AF_06/2022","UN",211.49]
["Instalações Prediais de Água Quente em CPVC",89847,"TÊ, CPVC, SOLDÁVEL, DN 89MM, INSTALADO EM PRUMADA DE ÁGUA FORNECIMENTO E INSTALAÇÃO. AF_06/2022","UN",252.26]
["Instalações Prediais de Água Quente em CPVC",89705,"TÊ, CPVC, SOLDÁVEL, DN28MM, INSTALADO EM RAMAL OU SUB-RAMAL DE ÁGUA FORNECIMENTO E INSTALAÇÃO. AF_06/2022","UN",27.36]
["Instalações Prediais de Água Quente em CPVC",89769,"TÊ, CPVC, SOLDÁVEL, DN35MM, INSTALADO EM RAMAL DE DISTRIBUIÇÃO DE ÁGUA - FORNECIMENTO E INSTALAÇÃO. AF_06/2022","UN",56.56]
["Instalações Prediais de Água Quente em CPVC",89706,"TÊ, CPVC, SOLDÁVEL, DN35MM, INSTALADO EM RAMAL OU SUB-RAMAL DE ÁGUA FORNECIMENTO E INSTALAÇÃO. AF_06/2022","UN",58.12]
["Instalações Prediais de Água Quente em CPVC",89741,"UNIÃO, CPVC, SOLDÁVEL, DN 22MM, INSTALADO EM RAMAL DE DISTRIBUIÇÃO DE ÁGUA FORNECIMENTO E INSTALAÇÃO. AF_06/2022","UN",23.48]
["Instalações Prediais de Água Quente em CPVC",89757,"UNIÃO, CPVC, SOLDÁVEL, DN 28MM, INSTALADO EM RAMAL DE DISTRIBUIÇÃO DE ÁGUA FORNECIMENTO E INSTALAÇÃO. AF_06/2022","UN",30.56]
["Instalações Prediais de Água Quente em CPVC",104027,"UNIÃO, CPVC, SOLDÁVEL, DN 42MM, INSTALADO EM RAMAL DE DISTRIBUIÇÃO DE ÁGUA FORNECIMENTO E INSTALAÇÃO. AF_06/2022","UN",63.42]
["Instalações Prediais de Água Quente em CPVC",89837,"UNIÃO, CPVC, SOLDÁVEL, DN 54MM, INSTALADO EM PRUMADA DE ÁGUA FORNECIMENTO E INSTALAÇÃO. AF_06/2022","UN",132.27000000000001]
["Instalações Prediais de Água Quente em CPVC",89839,"UNIÃO, CPVC, SOLDÁVEL, DN 73MM, INSTALADO EM PRUMADA DE ÁGUA FORNECIMENTO E INSTALAÇÃO. AF_06/2022","UN",171.86]
["Instalações Prediais de Água Quente em CPVC",89841,"UNIÃO, CPVC, SOLDÁVEL, DN 89MM, INSTALADO EM PRUMADA DE ÁGUA FORNECIMENTO E INSTALAÇÃO. AF_06/2022","UN",260.62]
["Instalações Prediais de Água Quente em CPVC",89654,"UNIÃO, CPVC, SOLDÁVEL, DN15MM, INSTALADO EM RAMAL OU SUB-RAMAL DE ÁGUA FORNECIMENTO E INSTALAÇÃO. AF_06/2022","UN",20.58]
["Instalações Prediais de Água Quente em CPVC",89661,"UNIÃO, CPVC, SOLDÁVEL, DN22MM, INSTALADO EM RAMAL OU SUB-RAMAL DE ÁGUA FORNECIMENTO E INSTALAÇÃO. AF_06/2022","UN",24.05]
["Instalações Prediais de Água Quente em CPVC",89674,"UNIÃO, CPVC, SOLDÁVEL, DN28MM, INSTALADO EM RAMAL OU SUB-RAMAL DE ÁGUA FORNECIMENTO E INSTALAÇÃO. AF_06/2022","UN",31.22]
["Instalações Prediais de Água Quente em CPVC",89816,"UNIÃO, CPVC, SOLDÁVEL, DN35MM, INSTALADO EM PRUMADA DE ÁGUA FORNECIMENTO E INSTALAÇÃO. AF_06/2022","UN",41.23]
["Instalações Prediais de Água Quente em CPVC",89762,"UNIÃO, CPVC, SOLDÁVEL, DN35MM, INSTALADO EM RAMAL DE DISTRIBUIÇÃO DE ÁGUA - FORNECIMENTO E INSTALAÇÃO. AF_06/2022","UN",44.27]
["Instalações Prediais de Água Quente em CPVC",89684,"UNIÃO, CPVC, SOLDÁVEL, DN35MM, INSTALADO EM RAMAL OU SUB-RAMAL DE ÁGUA FORNECIMENTO E INSTALAÇÃO. AF_06/2022","UN",45.06]
["Instalações Prediais de Água Quente em CPVC",89828,"UNIÃO, CPVC, SOLDÁVEL, DN42MM, INSTALADO EM PRUMADA DE ÁGUA FORNECIMENTO E INSTALAÇÃO. AF_06/2022","UN",59.98]
["Instalações Prediais de Águas Pluviais - Tubos, Conexões, Caixas e Ralos",89546,"BUCHA DE REDUÇÃO LONGA, PVC, SERIE R, ÁGUA PLUVIAL, DN 50 X 40 MM, JUNTA ELÁSTICA, FORNECIDO E INSTALADO EM RAMAL DE ENCAMINHAMENTO. AF_06/2022","UN",10.46]
["Instalações Prediais de Águas Pluviais - Tubos, Conexões, Caixas e Ralos",89482,"CAIXA SIFONADA, PVC, DN 100 X 100 X 50 MM, FORNECIDA E INSTALADA EM RAMAIS DE ENCAMINHAMENTO DE ÁGUA PLUVIAL. AF_06/2022","UN",36.729999999999997]
["Instalações Prediais de Águas Pluviais - Tubos, Conexões, Caixas e Ralos",89491,"CAIXA SIFONADA, PVC, DN 150 X 185 X 75 MM, FORNECIDA E INSTALADA EM RAMAIS DE ENCAMINHAMENTO DE ÁGUA PLUVIAL. AF_06/2022","UN",89.99]
["Instalações Prediais de Águas Pluviais - Tubos, Conexões, Caixas e Ralos",104178,"CAP, PVC, SERIE R, ÁGUA PLUVIAL, DN 100 MM, JUNTA ELÁSTICA, FORNECIDO E INSTALADO EM RAMAL DE ENCAMINHAMENTO. AF_06/2022","UN",19.91]
["Instalações Prediais de Águas Pluviais - Tubos, Conexões, Caixas e Ralos",104179,"CAP, PVC, SERIE R, ÁGUA PLUVIAL, DN 150 MM, JUNTA ELÁSTICA, FORNECIDO E INSTALADO EM RAMAL DE ENCAMINHAMENTO. AF_06/2022","UN",73.12]
["Instalações Prediais de Águas Pluviais - Tubos, Conexões, Caixas e Ralos",89587,"CURVA 87 GRAUS E 30 MINUTOS, PVC, SERIE R, ÁGUA PLUVIAL, DN 100 MM, JUNTA ELÁSTICA, FORNECIDO E INSTALADO EM CONDUTORES VERTICAIS DE ÁGUAS PLUVIAIS. AF_06/2022","UN",47.32]
["Instalações Prediais de Águas Pluviais - Tubos, Conexões, Caixas e Ralos",89535,"CURVA 87 GRAUS E 30 MINUTOS, PVC, SERIE R, ÁGUA PLUVIAL, DN 100 MM, JUNTA ELÁSTICA, FORNECIDO E INSTALADO EM RAMAL DE ENCAMINHAMENTO. AF_06/2022","UN",39.049999999999997]
["Instalações Prediais de Águas Pluviais - Tubos, Conexões, Caixas e Ralos",89592,"CURVA 87 GRAUS E 30 MINUTOS, PVC, SERIE R, ÁGUA PLUVIAL, DN 150 MM, JUNTA ELÁSTICA, FORNECIDO E INSTALADO EM CONDUTORES VERTICAIS DE ÁGUAS PLUVIAIS. AF_06/2022","UN",144.13]
["Instalações Prediais de Águas Pluviais - Tubos, Conexões, Caixas e Ralos",104169,"CURVA 87 GRAUS E 30 MINUTOS, PVC, SERIE R, ÁGUA PLUVIAL, DN 150 MM, JUNTA ELÁSTICA, FORNECIDO E INSTALADO EM RAMAL DE ENCAMINHAMENTO. AF_06/2022","UN",132.03]
["Instalações Prediais de Águas Pluviais - Tubos, Conexões, Caixas e Ralos",89583,"CURVA 87 GRAUS E 30 MINUTOS, PVC, SERIE R, ÁGUA PLUVIAL, DN 75 MM, JUNTA ELÁSTICA, FORNECIDO E INSTALADO EM CONDUTORES VERTICAIS DE ÁGUAS PLUVIAIS. AF_06/2022","UN",39.57]
["Instalações Prediais de Águas Pluviais - Tubos, Conexões, Caixas e Ralos",89526,"CURVA 87 GRAUS E 30 MINUTOS, PVC, SERIE R, ÁGUA PLUVIAL, DN 75 MM, JUNTA ELÁSTICA, FORNECIDO E INSTALADO EM RAMAL DE ENCAMINHAMENTO. AF_06/2022","UN",35.01]
["Instalações Prediais de Águas Pluviais - Tubos, Conexões, Caixas e Ralos",95695,"CURVA 90 GRAUS, PVC, SERIE R, ÁGUA PLUVIAL, DN 100 MM, JUNTA ELÁSTICA, FORNECIDO E INSTALADO EM CONDUTORES VERTICAIS DE ÁGUAS PLUVIAIS. AF_06/2022","UN",56.34]
["Instalações Prediais de Águas Pluviais - Tubos, Conexões, Caixas e Ralos",95694,"CURVA 90 GRAUS, PVC, SERIE R, ÁGUA PLUVIAL, DN 100 MM, JUNTA ELÁSTICA, FORNECIDO E INSTALADO EM RAMAL DE ENCAMINHAMENTO. AF_06/2022","UN",48.07]
["Instalações Prediais de Águas Pluviais - Tubos, Conexões, Caixas e Ralos",89585,"JOELHO 45 GRAUS, PVC, SERIE R, ÁGUA PLUVIAL, DN 100 MM, JUNTA ELÁSTICA, FORNECIDO E INSTALADO EM CONDUTORES VERTICAIS DE ÁGUAS PLUVIAIS. AF_06/2022","UN",43.58]
["Instalações Prediais de Águas Pluviais - Tubos, Conexões, Caixas e Ralos",89531,"JOELHO 45 GRAUS, PVC, SERIE R, ÁGUA PLUVIAL, DN 100 MM, JUNTA ELÁSTICA, FORNECIDO E INSTALADO EM RAMAL DE ENCAMINHAMENTO. AF_06/2022","UN",35.31]
["Instalações Prediais de Águas Pluviais - Tubos, Conexões, Caixas e Ralos",89591,"JOELHO 45 GRAUS, PVC, SERIE R, ÁGUA PLUVIAL, DN 150 MM, JUNTA ELÁSTICA, FORNECIDO E INSTALADO EM CONDUTORES VERTICAIS DE ÁGUAS PLUVIAIS. AF_06/2022","UN",120.73]
["Instalações Prediais de Águas Pluviais - Tubos, Conexões, Caixas e Ralos",104168,"JOELHO 45 GRAUS, PVC, SERIE R, ÁGUA PLUVIAL, DN 150 MM, JUNTA ELÁSTICA, FORNECIDO E INSTALADO EM RAMAL DE ENCAMINHAMENTO. AF_06/2022","UN",108.63]
["Instalações Prediais de Águas Pluviais - Tubos, Conexões, Caixas e Ralos",89516,"JOELHO 45 GRAUS, PVC, SERIE R, ÁGUA PLUVIAL, DN 40 MM, JUNTA SOLDÁVEL, FORNECIDO E INSTALADO EM RAMAL DE ENCAMINHAMENTO. AF_06/2022","UN",7.82]
["Instalações Prediais de Águas Pluviais - Tubos, Conexões, Caixas e Ralos",89520,"JOELHO 45 GRAUS, PVC, SERIE R, ÁGUA PLUVIAL, DN 50 MM, JUNTA ELÁSTICA, FORNECIDO E INSTALADO EM RAMAL DE ENCAMINHAMENTO. AF_06/2022","UN",15.29]
["Instalações Prediais de Águas Pluviais - Tubos, Conexões, Caixas e Ralos",89582,"JOELHO 45 GRAUS, PVC, SERIE R, ÁGUA PLUVIAL, DN 75 MM, JUNTA ELÁSTICA, FORNECIDO E INSTALADO EM CONDUTORES VERTICAIS DE ÁGUAS PLUVIAIS. AF_06/2022","UN",32.42]
["Instalações Prediais de Águas Pluviais - Tubos, Conexões, Caixas e Ralos",89524,"JOELHO 45 GRAUS, PVC, SERIE R, ÁGUA PLUVIAL, DN 75 MM, JUNTA ELÁSTICA, FORNECIDO E INSTALADO EM RAMAL DE ENCAMINHAMENTO. AF_06/2022","UN",27.86]
["Instalações Prediais de Águas Pluviais - Tubos, Conexões, Caixas e Ralos",89584,"JOELHO 90 GRAUS, PVC, SERIE R, ÁGUA PLUVIAL, DN 100 MM, JUNTA ELÁSTICA, FORNECIDO E INSTALADO EM CONDUTORES VERTICAIS DE ÁGUAS PLUVIAIS. AF_06/2022","UN",42.71]
["Instalações Prediais de Águas Pluviais - Tubos, Conexões, Caixas e Ralos",89529,"JOELHO 90 GRAUS, PVC, SERIE R, ÁGUA PLUVIAL, DN 100 MM, JUNTA ELÁSTICA, FORNECIDO E INSTALADO EM RAMAL DE ENCAMINHAMENTO. AF_06/2022","UN",34.44]
["Instalações Prediais de Águas Pluviais - Tubos, Conexões, Caixas e Ralos",89590,"JOELHO 90 GRAUS, PVC, SERIE R, ÁGUA PLUVIAL, DN 150 MM, JUNTA ELÁSTICA, FORNECIDO E INSTALADO EM CONDUTORES VERTICAIS DE ÁGUAS PLUVIAIS. AF_06/2022","UN",123.39]
["Instalações Prediais de Águas Pluviais - Tubos, Conexões, Caixas e Ralos",104167,"JOELHO 90 GRAUS, PVC, SERIE R, ÁGUA PLUVIAL, DN 150 MM, JUNTA ELÁSTICA, FORNECIDO E INSTALADO EM RAMAL DE ENCAMINHAMENTO. AF_06/2022","UN",111.29]
["Instalações Prediais de Águas Pluviais - Tubos, Conexões, Caixas e Ralos",89514,"JOELHO 90 GRAUS, PVC, SERIE R, ÁGUA PLUVIAL, DN 40 MM, JUNTA SOLDÁVEL, FORNECIDO E INSTALADO EM RAMAL DE ENCAMINHAMENTO. AF_06/2022","UN",7.75]
["Instalações Prediais de Águas Pluviais - Tubos, Conexões, Caixas e Ralos",89518,"JOELHO 90 GRAUS, PVC, SERIE R, ÁGUA PLUVIAL, DN 50 MM, JUNTA ELÁSTICA, FORNECIDO E INSTALADO EM RAMAL DE ENCAMINHAMENTO. AF_06/2022","UN",14.68]
["Instalações Prediais de Águas Pluviais - Tubos, Conexões, Caixas e Ralos",89581,"JOELHO 90 GRAUS, PVC, SERIE R, ÁGUA PLUVIAL, DN 75 MM, JUNTA ELÁSTICA, FORNECIDO E INSTALADO EM CONDUTORES VERTICAIS DE ÁGUAS PLUVIAIS. AF_06/2022","UN",32.04]
["Instalações Prediais de Águas Pluviais - Tubos, Conexões, Caixas e Ralos",89522,"JOELHO 90 GRAUS, PVC, SERIE R, ÁGUA PLUVIAL, DN 75 MM, JUNTA ELÁSTICA, FORNECIDO E INSTALADO EM RAMAL DE ENCAMINHAMENTO. AF_06/2022","UN",27.48]
["Instalações Prediais de Águas Pluviais - Tubos, Conexões, Caixas e Ralos",89574,"JUNÇÃO DUPLA, PVC, SERIE R, ÁGUA PLUVIAL, DN 100 X 100 X 100 MM, JUNTA ELÁSTICA, FORNECIDO E INSTALADO EM RAMAL DE ENCAMINHAMENTO. AF_06/2022","UN",135.47]
["Instalações Prediais de Águas Pluviais - Tubos, Conexões, Caixas e Ralos",89690,"JUNÇÃO SIMPLES, PVC, SERIE R, ÁGUA PLUVIAL, DN 100 X 100 MM, JUNTA ELÁSTICA, FORNECIDO E INSTALADO EM CONDUTORES VERTICAIS DE ÁGUAS PLUVIAIS. AF_06/2022","UN",82.73]
["Instalações Prediais de Águas Pluviais - Tubos, Conexões, Caixas e Ralos",89567,"JUNÇÃO SIMPLES, PVC, SERIE R, ÁGUA PLUVIAL, DN 100 X 100 MM, JUNTA ELÁSTICA, FORNECIDO E INSTALADO EM RAMAL DE ENCAMINHAMENTO. AF_06/2022","UN",71.709999999999994]
["Instalações Prediais de Águas Pluviais - Tubos, Conexões, Caixas e Ralos",89692,"JUNÇÃO SIMPLES, PVC, SERIE R, ÁGUA PLUVIAL, DN 100 X 75 MM, JUNTA ELÁSTICA, FORNECIDO E INSTALADO EM CONDUTORES VERTICAIS DE ÁGUAS PLUVIAIS. AF_06/2022","UN",91.66]
["Instalações Prediais de Águas Pluviais - Tubos, Conexões, Caixas e Ralos",89569,"JUNÇÃO SIMPLES, PVC, SERIE R, ÁGUA PLUVIAL, DN 100 X 75 MM, JUNTA ELÁSTICA, FORNECIDO E INSTALADO EM RAMAL DE ENCAMINHAMENTO. AF_06/2022","UN",82.29]
["Instalações Prediais de Águas Pluviais - Tubos, Conexões, Caixas e Ralos",89699,"JUNÇÃO SIMPLES, PVC, SERIE R, ÁGUA PLUVIAL, DN 150 X 100 MM, JUNTA ELÁSTICA, FORNECIDO E INSTALADO EM CONDUTORES VERTICAIS DE ÁGUAS PLUVIAIS. AF_06/2022","UN",180.71]
["Instalações Prediais de Águas Pluviais - Tubos, Conexões, Caixas e Ralos",104174,"JUNÇÃO SIMPLES, PVC, SERIE R, ÁGUA PLUVIAL, DN 150 X 100 MM, JUNTA ELÁSTICA, FORNECIDO E INSTALADO EM RAMAL DE ENCAMINHAMENTO. AF_06/2022","UN",167.96]
["Instalações Prediais de Águas Pluviais - Tubos, Conexões, Caixas e Ralos",89698,"JUNÇÃO SIMPLES, PVC, SERIE R, ÁGUA PLUVIAL, DN 150 X 150 MM, JUNTA ELÁSTICA, FORNECIDO E INSTALADO EM CONDUTORES VERTICAIS DE ÁGUAS PLUVIAIS. AF_06/2022","UN",237.61]
["Instalações Prediais de Águas Pluviais - Tubos, Conexões, Caixas e Ralos",104176,"JUNÇÃO SIMPLES, PVC, SERIE R, ÁGUA PLUVIAL, DN 150 X 150 MM, JUNTA ELÁSTICA, FORNECIDO E INSTALADO EM RAMAL DE ENCAMINHAMENTO. AF_06/2022","UN",221.46]
["Instalações Prediais de Águas Pluviais - Tubos, Conexões, Caixas e Ralos",89561,"JUNÇÃO SIMPLES, PVC, SERIE R, ÁGUA PLUVIAL, DN 40 MM, JUNTA SOLDÁVEL, FORNECIDO E INSTALADO EM RAMAL DE ENCAMINHAMENTO. AF_06/2022","UN",13.46]
["Instalações Prediais de Águas Pluviais - Tubos, Conexões, Caixas e Ralos",89563,"JUNÇÃO SIMPLES, PVC, SERIE R, ÁGUA PLUVIAL, DN 50 MM, JUNTA ELÁSTICA, FORNECIDO E INSTALADO EM RAMAL DE ENCAMINHAMENTO. AF_06/2022","UN",31.63]
["Instalações Prediais de Águas Pluviais - Tubos, Conexões, Caixas e Ralos",89685,"JUNÇÃO SIMPLES, PVC, SERIE R, ÁGUA PLUVIAL, DN 75 X 75 MM, JUNTA ELÁSTICA, FORNECIDO E INSTALADO EM CONDUTORES VERTICAIS DE ÁGUAS PLUVIAIS. AF_06/2022","UN",56.34]
["Instalações Prediais de Águas Pluviais - Tubos, Conexões, Caixas e Ralos",89565,"JUNÇÃO SIMPLES, PVC, SERIE R, ÁGUA PLUVIAL, DN 75 X 75 MM, JUNTA ELÁSTICA, FORNECIDO E INSTALADO EM RAMAL DE ENCAMINHAMENTO. AF_06/2022","UN",50.25]
["Instalações Prediais de Águas Pluviais - Tubos, Conexões, Caixas e Ralos",89671,"LUVA DE CORRER, PVC, SERIE R, ÁGUA PLUVIAL, DN 100 MM, JUNTA ELÁSTICA, FORNECIDO E INSTALADO EM CONDUTORES VERTICAIS DE ÁGUAS PLUVIAIS. AF_06/2022","UN",41.81]
["Instalações Prediais de Águas Pluviais - Tubos, Conexões, Caixas e Ralos",89556,"LUVA DE CORRER, PVC, SERIE R, ÁGUA PLUVIAL, DN 100 MM, JUNTA ELÁSTICA, FORNECIDO E INSTALADO EM RAMAL DE ENCAMINHAMENTO. AF_06/2022","UN",36.299999999999997]
["Instalações Prediais de Águas Pluviais - Tubos, Conexões, Caixas e Ralos",89679,"LUVA DE CORRER, PVC, SERIE R, ÁGUA PLUVIAL, DN 150 MM, JUNTA ELÁSTICA, FORNECIDO E INSTALADO EM CONDUTORES VERTICAIS DE ÁGUAS PLUVIAIS. AF_06/2022","UN",112.49]
["Instalações Prediais de Águas Pluviais - Tubos, Conexões, Caixas e Ralos",104171,"LUVA DE CORRER, PVC, SERIE R, ÁGUA PLUVIAL, DN 150 MM, JUNTA ELÁSTICA, FORNECIDO E INSTALADO EM RAMAL DE ENCAMINHAMENTO. AF_06/2022","UN",84.05]
["Instalações Prediais de Águas Pluviais - Tubos, Conexões, Caixas e Ralos",89600,"LUVA DE CORRER, PVC, SERIE R, ÁGUA PLUVIAL, DN 75 MM, JUNTA ELÁSTICA, FORNECIDO E INSTALADO EM CONDUTORES VERTICAIS DE ÁGUAS PLUVIAIS. AF_06/2022","UN",24.42]
["Instalações Prediais de Águas Pluviais - Tubos, Conexões, Caixas e Ralos",89548,"LUVA DE CORRER, PVC, SERIE R, ÁGUA PLUVIAL, DN 75 MM, JUNTA ELÁSTICA, FORNECIDO E INSTALADO EM RAMAL DE ENCAMINHAMENTO. AF_06/2022","UN",21.38]
["Instalações Prediais de Águas Pluviais - Tubos, Conexões, Caixas e Ralos",89669,"LUVA SIMPLES, PVC, SERIE R, ÁGUA PLUVIAL, DN 100 MM, JUNTA ELÁSTICA, FORNECIDO E INSTALADO EM CONDUTORES VERTICAIS DE ÁGUAS PLUVIAIS. AF_06/2022","UN",31.66]
["Instalações Prediais de Águas Pluviais - Tubos, Conexões, Caixas e Ralos",89554,"LUVA SIMPLES, PVC, SERIE R, ÁGUA PLUVIAL, DN 100 MM, JUNTA ELÁSTICA, FORNECIDO E INSTALADO EM RAMAL DE ENCAMINHAMENTO. AF_06/2022","UN",26.12]
["Instalações Prediais de Águas Pluviais - Tubos, Conexões, Caixas e Ralos",89677,"LUVA SIMPLES, PVC, SERIE R, ÁGUA PLUVIAL, DN 150 MM, JUNTA ELÁSTICA, FORNECIDO E INSTALADO EM CONDUTORES VERTICAIS DE ÁGUAS PLUVIAIS. AF_06/2022","UN",72.3]
["Instalações Prediais de Águas Pluviais - Tubos, Conexões, Caixas e Ralos",104170,"LUVA SIMPLES, PVC, SERIE R, ÁGUA PLUVIAL, DN 150 MM, JUNTA ELÁSTICA, FORNECIDO E INSTALADO EM RAMAL DE ENCAMINHAMENTO. AF_06/2022","UN",64.069999999999993]
["Instalações Prediais de Águas Pluviais - Tubos, Conexões, Caixas e Ralos",89544,"LUVA SIMPLES, PVC, SERIE R, ÁGUA PLUVIAL, DN 40 MM, JUNTA SOLDÁVEL, FORNECIDO E INSTALADO EM RAMAL DE ENCAMINHAMENTO. AF_06/2022","UN",7.68]
["Instalações Prediais de Águas Pluviais - Tubos, Conexões, Caixas e Ralos",89545,"LUVA SIMPLES, PVC, SERIE R, ÁGUA PLUVIAL, DN 50 MM, JUNTA ELÁSTICA, FORNECIDO E INSTALADO EM RAMAL DE ENCAMINHAMENTO. AF_06/2022","UN",15.22]
["Instalações Prediais de Águas Pluviais - Tubos, Conexões, Caixas e Ralos",89599,"LUVA SIMPLES, PVC, SERIE R, ÁGUA PLUVIAL, DN 75 MM, JUNTA ELÁSTICA, FORNECIDO E INSTALADO EM CONDUTORES VERTICAIS DE ÁGUAS PLUVIAIS. AF_06/2022","UN",23.49]
["Instalações Prediais de Águas Pluviais - Tubos, Conexões, Caixas e Ralos",89547,"LUVA SIMPLES, PVC, SERIE R, ÁGUA PLUVIAL, DN 75 MM, JUNTA ELÁSTICA, FORNECIDO E INSTALADO EM RAMAL DE ENCAMINHAMENTO. AF_06/2022","UN",20.43]
["Instalações Prediais de Águas Pluviais - Tubos, Conexões, Caixas e Ralos",89495,"RALO SIFONADO, PVC, DN 100 X 40 MM, JUNTA SOLDÁVEL, FORNECIDO E INSTALADO EM RAMAIS DE ENCAMINHAMENTO DE ÁGUA PLUVIAL. AF_06/2022","UN",16.95]
["Instalações Prediais de Águas Pluviais - Tubos, Conexões, Caixas e Ralos",89673,"REDUÇÃO EXCÊNTRICA, PVC, SERIE R, ÁGUA PLUVIAL, DN 100 X 75 MM, JUNTA ELÁSTICA, FORNECIDO E INSTALADO EM CONDUTORES VERTICAIS DE ÁGUAS PLUVIAIS. AF_06/2022","UN",33.369999999999997]
["Instalações Prediais de Águas Pluviais - Tubos, Conexões, Caixas e Ralos",89557,"REDUÇÃO EXCÊNTRICA, PVC, SERIE R, ÁGUA PLUVIAL, DN 100 X 75 MM, JUNTA ELÁSTICA, FORNECIDO E INSTALADO EM RAMAL DE ENCAMINHAMENTO. AF_06/2022","UN",29.09]
["Instalações Prediais de Águas Pluviais - Tubos, Conexões, Caixas e Ralos",89681,"REDUÇÃO EXCÊNTRICA, PVC, SERIE R, ÁGUA PLUVIAL, DN 150 X 100 MM, JUNTA ELÁSTICA, FORNECIDO E INSTALADO EM CONDUTORES VERTICAIS DE ÁGUAS PLUVIAIS. AF_06/2022","UN",81.88]
["Instalações Prediais de Águas Pluviais - Tubos, Conexões, Caixas e Ralos",104173,"REDUÇÃO EXCÊNTRICA, PVC, SERIE R, ÁGUA PLUVIAL, DN 150 X 100 MM, JUNTA ELÁSTICA, FORNECIDO E INSTALADO EM RAMAL DE ENCAMINHAMENTO. AF_06/2022","UN",76.349999999999994]
["Instalações Prediais de Águas Pluviais - Tubos, Conexões, Caixas e Ralos",89549,"REDUÇÃO EXCÊNTRICA, PVC, SERIE R, ÁGUA PLUVIAL, DN 75 X 50 MM, JUNTA ELÁSTICA, FORNECIDO E INSTALADO EM RAMAL DE ENCAMINHAMENTO. AF_06/2022","UN",17.82]
["Instalações Prediais de Águas Pluviais - Tubos, Conexões, Caixas e Ralos",89578,"TUBO PVC, SÉRIE R, ÁGUA PLUVIAL, DN 100 MM, FORNECIDO E INSTALADO EM CONDUTORES VERTICAIS DE ÁGUAS PLUVIAIS. AF_06/2022","M",29.07]
["Instalações Prediais de Águas Pluviais - Tubos, Conexões, Caixas e Ralos",89512,"TUBO PVC, SÉRIE R, ÁGUA PLUVIAL, DN 100 MM, FORNECIDO E INSTALADO EM RAMAL DE ENCAMINHAMENTO. AF_06/2022","M",47.77]
["Instalações Prediais de Águas Pluviais - Tubos, Conexões, Caixas e Ralos",89580,"TUBO PVC, SÉRIE R, ÁGUA PLUVIAL, DN 150 MM, FORNECIDO E INSTALADO EM CONDUTORES VERTICAIS DE ÁGUAS PLUVIAIS. AF_06/2022","M",59.72]
["Instalações Prediais de Águas Pluviais - Tubos, Conexões, Caixas e Ralos",104166,"TUBO PVC, SÉRIE R, ÁGUA PLUVIAL, DN 150 MM, FORNECIDO E INSTALADO EM RAMAL DE ENCAMINHAMENTO. AF_06/2022","M",66.63]
["Instalações Prediais de Águas Pluviais - Tubos, Conexões, Caixas e Ralos",89508,"TUBO PVC, SÉRIE R, ÁGUA PLUVIAL, DN 40 MM, FORNECIDO E INSTALADO EM RAMAL DE ENCAMINHAMENTO. AF_06/2022","M",16.5]
["Instalações Prediais de Águas Pluviais - Tubos, Conexões, Caixas e Ralos",89509,"TUBO PVC, SÉRIE R, ÁGUA PLUVIAL, DN 50 MM, FORNECIDO E INSTALADO EM RAMAL DE ENCAMINHAMENTO. AF_06/2022","M",22.15]
["Instalações Prediais de Águas Pluviais - Tubos, Conexões, Caixas e Ralos",89576,"TUBO PVC, SÉRIE R, ÁGUA PLUVIAL, DN 75 MM, FORNECIDO E INSTALADO EM CONDUTORES VERTICAIS DE ÁGUAS PLUVIAIS. AF_06/2022","M",23.23]
["Instalações Prediais de Águas Pluviais - Tubos, Conexões, Caixas e Ralos",89511,"TUBO PVC, SÉRIE R, ÁGUA PLUVIAL, DN 75 MM, FORNECIDO E INSTALADO EM RAMAL DE ENCAMINHAMENTO. AF_06/2022","M",37.299999999999997]
["Instalações Prediais de Águas Pluviais - Tubos, Conexões, Caixas e Ralos",89675,"TÊ DE INSPEÇÃO, PVC, SERIE R, ÁGUA PLUVIAL, DN 100 MM, JUNTA ELÁSTICA, FORNECIDO E INSTALADO EM CONDUTORES VERTICAIS DE ÁGUAS PLUVIAIS. AF_06/2022","UN",63.92]
["Instalações Prediais de Águas Pluviais - Tubos, Conexões, Caixas e Ralos",89559,"TÊ DE INSPEÇÃO, PVC, SERIE R, ÁGUA PLUVIAL, DN 100 MM, JUNTA ELÁSTICA, FORNECIDO E INSTALADO EM RAMAL DE ENCAMINHAMENTO. AF_06/2022","UN",58.41]
["Instalações Prediais de Águas Pluviais - Tubos, Conexões, Caixas e Ralos",104172,"TÊ DE INSPEÇÃO, PVC, SERIE R, ÁGUA PLUVIAL, DN 150 MM, JUNTA ELÁSTICA, FORNECIDO E INSTALADO EM RAMAL DE ENCAMINHAMENTO. AF_06/2022","UN",235.64]
["Instalações Prediais de Águas Pluviais - Tubos, Conexões, Caixas e Ralos",89683,"TÊ DE INSPEÇÃO, PVC, SERIE R, ÁGUA PLUVIAL, DN 150 X 100 MM, JUNTA ELÁSTICA, FORNECIDO E INSTALADO EM CONDUTORES VERTICAIS DE ÁGUAS PLUVIAIS. AF_06/2022","UN",243.71]
["Instalações Prediais de Águas Pluviais - Tubos, Conexões, Caixas e Ralos",89667,"TÊ DE INSPEÇÃO, PVC, SERIE R, ÁGUA PLUVIAL, DN 75 MM, JUNTA ELÁSTICA, FORNECIDO E INSTALADO EM CONDUTORES VERTICAIS DE ÁGUAS PLUVIAIS. AF_06/2022","UN",39.380000000000003]
["Instalações Prediais de Águas Pluviais - Tubos, Conexões, Caixas e Ralos",89550,"TÊ DE INSPEÇÃO, PVC, SERIE R, ÁGUA PLUVIAL, DN 75 MM, JUNTA ELÁSTICA, FORNECIDO E INSTALADO EM RAMAL DE ENCAMINHAMENTO. AF_06/2022","UN",36.340000000000003]
["Instalações Prediais de Águas Pluviais - Tubos, Conexões, Caixas e Ralos",89693,"TÊ, PVC, SERIE R, ÁGUA PLUVIAL, DN 100 X 100 MM, JUNTA ELÁSTICA, FORNECIDO E INSTALADO EM CONDUTORES VERTICAIS DE ÁGUAS PLUVIAIS. AF_06/2022","UN",73.900000000000006]
["Instalações Prediais de Águas Pluviais - Tubos, Conexões, Caixas e Ralos",89571,"TÊ, PVC, SERIE R, ÁGUA PLUVIAL, DN 100 X 100 MM, JUNTA ELÁSTICA, FORNECIDO E INSTALADO EM RAMAL DE ENCAMINHAMENTO. AF_06/2022","UN",62.88]
["Instalações Prediais de Águas Pluviais - Tubos, Conexões, Caixas e Ralos",89696,"TÊ, PVC, SERIE R, ÁGUA PLUVIAL, DN 100 X 75 MM, JUNTA ELÁSTICA, FORNECIDO E INSTALADO EM CONDUTORES VERTICAIS DE ÁGUAS PLUVIAIS. AF_06/2022","UN",77.36]
["Instalações Prediais de Águas Pluviais - Tubos, Conexões, Caixas e Ralos",89573,"TÊ, PVC, SERIE R, ÁGUA PLUVIAL, DN 100 X 75 MM, JUNTA ELÁSTICA, FORNECIDO E INSTALADO EM RAMAL DE ENCAMINHAMENTO. AF_06/2022","UN",67.989999999999995]
["Instalações Prediais de Águas Pluviais - Tubos, Conexões, Caixas e Ralos",89704,"TÊ, PVC, SERIE R, ÁGUA PLUVIAL, DN 150 X 100 MM, JUNTA ELÁSTICA, FORNECIDO E INSTALADO EM CONDUTORES VERTICAIS DE ÁGUAS PLUVIAIS. AF_06/2022","UN",140.72]
["Instalações Prediais de Águas Pluviais - Tubos, Conexões, Caixas e Ralos",104175,"TÊ, PVC, SERIE R, ÁGUA PLUVIAL, DN 150 X 100 MM, JUNTA ELÁSTICA, FORNECIDO E INSTALADO EM RAMAL DE ENCAMINHAMENTO. AF_06/2022","UN",127.97]
["Instalações Prediais de Águas Pluviais - Tubos, Conexões, Caixas e Ralos",89701,"TÊ, PVC, SERIE R, ÁGUA PLUVIAL, DN 150 X 150 MM, JUNTA ELÁSTICA, FORNECIDO E INSTALADO EM CONDUTORES VERTICAIS DE ÁGUAS PLUVIAIS. AF_06/2022","UN",180.89]
["Instalações Prediais de Águas Pluviais - Tubos, Conexões, Caixas e Ralos",104177,"TÊ, PVC, SERIE R, ÁGUA PLUVIAL, DN 150 X 150 MM, JUNTA ELÁSTICA, FORNECIDO E INSTALADO EM RAMAL DE ENCAMINHAMENTO. AF_06/2022","UN",164.74]
["Instalações Prediais de Águas Pluviais - Tubos, Conexões, Caixas e Ralos",89566,"TÊ, PVC, SERIE R, ÁGUA PLUVIAL, DN 75 MM, JUNTA ELÁSTICA, FORNECIDO E INSTALADO EM RAMAL DE ENCAMINHAMENTO. AF_06/2022","UN",43.24]
["Instalações Prediais de Águas Pluviais - Tubos, Conexões, Caixas e Ralos",89687,"TÊ, PVC, SERIE R, ÁGUA PLUVIAL, DN 75 X 75 MM, JUNTA ELÁSTICA, FORNECIDO E INSTALADO EM CONDUTORES VERTICAIS DE ÁGUAS PLUVIAIS. AF_06/2022","UN",49.33]
["Instalações de Divisórias Diversas",102237,"BOX FRONTAL DE CORRER, COM VIDRO TEMPERADO 8 MM, 190X100CM, 1 FOLHA FIXA, 1 FOLHA MÓVEL, PERFIS E FERRAGENS EM ALUMÍNIO. AF_01/2021","M2",0]
["Instalações de Divisórias Diversas",102450,"DIVISORIA (N2) - PAINEL/VIDRO - PAINEL C/ MSO/COMEIA E=35MM - PERFIS SIMPLES ACO GALVANIZADO PINTADO. AF_04/2021","M2",0]
["Instalações de Divisórias Diversas",102250,"DIVISORIA (N2) - PAINEL/VIDRO - PAINEL DE PVC E=35MM - PERFIS SIMPLES ACO GALVANIZADO PINTADO. AF_01/2021","M2",0]
["Instalações de Divisórias Diversas",102240,"DIVISORIA (N2) - PAINEL/VIDRO - PAINEL MDF/VIDRO 6 MM, LINHA 90 MM - PERFIS DE ALUMÍNIO EXTRUDADO. AF_01/2021","M2",0]
["Instalações de Divisórias Diversas",102449,"DIVISORIA (N3) - PAINEL/VIDRO/PAINEL MSO/COMEIA E=35MM - PERFIS SIMPLES ACO GALVANIZADO PINTADO. AF_04/2021","M2",0]
["Instalações de Divisórias Diversas",102249,"DIVISORIA (N3) - PAINEL/VIDRO/PAINEL PVC E=35MM - PERFIS SIMPLES ACO GALVANIZADO PINTADO. AF_01/2021","M2",0]
["Instalações de Divisórias Diversas",102238,"DIVISORIA CEGA (N1) - PAINEL MDF, LINHA 90 MM - PERFIS DE ALUMÍNIO EXTRUDADO. AF_01/2021","M2",0]
["Instalações de Divisórias Diversas",102448,"DIVISORIA CEGA (N1) - PAINEL MSO/COMEIA E=35MM - PERFIS SIMPLES ACO GALVANIZADO PINTADO. AF_04/2021","M2",0]
["Instalações de Divisórias Diversas",102248,"DIVISORIA CEGA (N1) - PAINEL PVC E=35MM - PERFIS SIMPLES ACO GALVANIZADO PINTADO. AF_01/2021","M2",0]
["Instalações de Divisórias Diversas",102253,"DIVISORIA SANITÁRIA, TIPO CABINE, EM GRANITO CINZA POLIDO, ESP = 3CM, ASSENTADO COM ARGAMASSA COLANTE AC III-E, EXCLUSIVE FERRAGENS. AF_01/2021","M2",698.24]
["Instalações de Divisórias Diversas",102254,"DIVISORIA SANITÁRIA, TIPO CABINE, EM MÁRMORE BRANCO POLIDO, ESP = 3CM, ASSENTADO COM ARGAMASSA COLANTE AC III-E, EXCLUSIVE FERRAGENS. AF_01/2021","M2",659.7]
["Instalações de Divisórias Diversas",102257,"DIVISORIA SANITÁRIA, TIPO CABINE, EM PAINEL DE GRANILITE, ESP = 3CM, ASSENTADO COM ARGAMASSA COLANTE AC III-E, EXCLUSIVE FERRAGENS. AF_01/2021","M2",353.37]
["Instalações de Divisórias Diversas",102239,"DIVISÓRIA (N3) - PAINEL/VIDRO/PAINEL MDF, LINHA 90 MM - PERFIS DE ALUMINIO EXTRUDADO. AF_01/2021","M2",0]
["Instalações de Divisórias Diversas",102236,"DIVISÓRIA EM VIDRO TEMPERADO 10 MM COM PORTA DE CORRER, INCLUSIVE FERRAGENS. AF_01/2021","M2",0]
["Instalações de Divisórias Diversas",102235,"DIVISÓRIA FIXA EM VIDRO TEMPERADO 10 MM, SEM ABERTURA. AF_01/2021_PS","M2",575.54]
["Instalações de Divisórias Diversas",102260,"DIVISÓRIA SANITÁRIA, TIPO CABINE, EM PAINÉIS DE PVC, INCLUSIVE ESTRUTURA, PORTA E FERRAGENS. AF_01/2021","M2",0]
["Instalações de Divisórias Diversas",102259,"DIVISÓRIA SANITÁRIA, TIPO CABINE, EM PAINÉIS ESTRUTURAIS TS, INCLUSIVE ESTRUTURA, PORTA E FERRAGENS. AF_01/2021","M2",0]
["Instalações de Divisórias Diversas",102262,"PORTA DE CABINE SANITÁRIA EM VIDRO TEMPERADO 8MM, INCLUSIVE DOBRADIÇAS, BATENTE, TRINCO E CONTRA-TRINCO. AF_01/2021","UN",0]
["Instalações de Divisórias Diversas",102242,"PORTA PARA DIVISÓRIA MDF/VIDRO 6 MM, LINHA 90 MM, 0,80 X 2,10 M - PERFIS DE ALUMINIO EXTRUDADO, INCLUSO PORTAL, BATENTES, DOBRADIÇAS E FECHADURA. AF_01/2021","M2",0]
["Instalações de Divisórias Diversas",102246,"PORTA/PAINEL CEGO PARA DIVISÓRIA (N1) - PAINEL CEGO MSO/COMEIA E=35MM, S/ BONECA, INCLUSO BATENTE, TESTEIRO, DOBRADIÇAS E FECHADURA. AF_01/2021","M2",0]
["Instalações de Divisórias Diversas",102251,"PORTA/PAINEL CEGO PARA DIVISÓRIA (N1) PVC E=35MM, S/ BONECA, INCLUSO BATENTE, TESTEIRO, DOBRADIÇAS E FECHADURA. AF_01/2021","M2",0]
["Instalações de Divisórias Diversas",102241,"PORTA/PAINEL PARA DIVISÓRIA MDF, LINHA 90 MM, *0,80 X 2,10* M - PERFIS DE ALUMINIO EXTRUDADO, INCLUSO PORTAL, BATENTES, DOBRADIÇAS E FECHADURA. AF_01/2021","M2",0]
["Instalações de Divisórias Diversas",102247,"PORTA/VIDRO PARA DIVISÓRIA (N2) - PAINEL C/ MSO/COMEIA E=35MM, S/ BONECA, INCLUSO BATENTE, TESTEIRO, DOBRADIÇAS E FECHADURA. AF_01/2021","M2",0]
["Instalações de Divisórias Diversas",102252,"PORTA/VIDRO PARA DIVISÓRIA (N2) - PAINEL DE PVC E=35MM, S/ BONECA, INCLUSO BATENTE, TESTEIRO, DOBRADIÇAS E FECHADURA. AF_01/2021","M2",0]
["Instalações de Divisórias Diversas",102255,"TAPA VISTA DE MICTÓRIO EM GRANITO CINZA POLIDO, ESP = 3CM, ASSENTADO COM ARGAMASSA COLANTE AC III-E . AF_01/2021","M2",761.52]
["Instalações de Divisórias Diversas",102256,"TAPA VISTA DE MICTÓRIO EM MÁRMORE BRANCO POLIDO, ESP = 3CM, ASSENTADO COM ARGAMASSA COLANTE AC III-E . AF_01/2021","M2",724.82]
["Instalações de Divisórias Diversas",102258,"TAPA VISTA DE MICTÓRIO EM PAINEL DE GRANILITE, ESP = 3CM, ASSENTADO COM ARGAMASSA COLANTE AC III-E . AF_01/2021","M2",423.05]
["Instalações de Gás e Incêndio em Aço e Ferro Galvanizado",101912,"ABRIGO PARA HIDRANTE, 75X45X17CM, COM REGISTRO GLOBO ANGULAR 45 GRAUS 2 1/2\", ADAPTADOR STORZ 2 1/2\", MANGUEIRA DE INCÊNDIO 15M 2 1/2\" E ESGUICHO EM LATÃO 2 1/2\" - FORNECIMENTO E INSTALAÇÃO. AF_10/2020","UN",2330.5300000000002]
["Instalações de Gás e Incêndio em Aço e Ferro Galvanizado",96765,"ABRIGO PARA HIDRANTE, 90X60X17CM, COM REGISTRO GLOBO ANGULAR 45 GRAUS 2 1/2\", ADAPTADOR STORZ 2 1/2\", MANGUEIRA DE INCÊNDIO 20M, REDUÇÃO 2 1/2\" X 1 1/2\" E ESGUICHO EM LATÃO 1 1/2\" - FORNECIMENTO E INSTALAÇÃO. AF_10/2020","UN",1856.97]
["Instalações de Gás e Incêndio em Aço e Ferro Galvanizado",97430,"ACOPLAMENTO RÍGIDO EM AÇO, CONEXÃO RANHURADA, DN 50 (2\"), INSTALADO EM PRUMADAS - FORNECIMENTO E INSTALAÇÃO. AF_10/2020","UN",60.7]
["Instalações de Gás e Incêndio em Aço e Ferro Galvanizado",97431,"ACOPLAMENTO RÍGIDO EM AÇO, CONEXÃO RANHURADA, DN 65 (2 1/2\"), INSTALADO EM PRUMADAS - FORNECIMENTO E INSTALAÇÃO. AF_10/2020","UN",67.319999999999993]
["Instalações de Gás e Incêndio em Aço e Ferro Galvanizado",97432,"ACOPLAMENTO RÍGIDO EM AÇO, CONEXÃO RANHURADA, DN 80 (3\"), INSTALADO EM PRUMADAS - FORNECIMENTO E INSTALAÇÃO. AF_10/2020","UN",75.84]
["Instalações de Gás e Incêndio em Aço e Ferro Galvanizado",101913,"CAIXA DE INCÊNDIO 45X75X17CM - FORNECIMENTO E INSTALAÇÃO. AF_10/2020","UN",446.13]
["Instalações de Gás e Incêndio em Aço e Ferro Galvanizado",101914,"CAIXA DE INCÊNDIO 60X90X17CM - FORNECIMENTO E INSTALAÇÃO. AF_10/2020","UN",567.78]
["Instalações de Gás e Incêndio em Aço e Ferro Galvanizado",101915,"CONJUNTO DE MANGUEIRA PARA COMBATE A INCÊNDIO EM FIBRA DE POLIESTER PURA, COM 1.1/2\", REVESTIDA INTERNAMENTE, COMPRIMENTO DE 15M - FORNECIMENTO E INSTALAÇÃO. AF_10/2020","UN",417.11]
["Instalações de Gás e Incêndio em Aço e Ferro Galvanizado",97433,"CURVA 45 GRAUS, EM AÇO, CONEXÃO RANHURADA, DN 50 (2\"), INSTALADO EM PRUMADAS - FORNECIMENTO E INSTALAÇÃO. AF_10/2020","UN",146.16]
["Instalações de Gás e Incêndio em Aço e Ferro Galvanizado",97435,"CURVA 45 GRAUS, EM AÇO, CONEXÃO RANHURADA, DN 65 (2 1/2\"), INSTALADO EM PRUMADAS - FORNECIMENTO E INSTALAÇÃO. AF_10/2020","UN",171.19]
["Instalações de Gás e Incêndio em Aço e Ferro Galvanizado",97437,"CURVA 45 GRAUS, EM AÇO, CONEXÃO RANHURADA, DN 80 (3\"), INSTALADO EM PRUMADAS - FORNECIMENTO E INSTALAÇÃO. AF_10/2020","UN",196.02]
["Instalações de Gás e Incêndio em Aço e Ferro Galvanizado",97546,"CURVA 45 GRAUS, EM AÇO, CONEXÃO SOLDADA, DN 15 (1/2\"), INSTALADO EM RAMAIS E SUB-RAMAIS DE GÁS - FORNECIMENTO E INSTALAÇÃO. AF_10/2020","UN",45.2]
["Instalações de Gás e Incêndio em Aço e Ferro Galvanizado",97548,"CURVA 45 GRAUS, EM AÇO, CONEXÃO SOLDADA, DN 20 (3/4\"), INSTALADO EM RAMAIS E SUB-RAMAIS DE GÁS - FORNECIMENTO E INSTALAÇÃO. AF_10/2020","UN",66.569999999999993]
["Instalações de Gás e Incêndio em Aço e Ferro Galvanizado",97550,"CURVA 45 GRAUS, EM AÇO, CONEXÃO SOLDADA, DN 25 (1\"), INSTALADO EM RAMAIS E SUB-RAMAIS DE GÁS - FORNECIMENTO E INSTALAÇÃO. AF_10/2020","UN",109.53]
["Instalações de Gás e Incêndio em Aço e Ferro Galvanizado",97479,"CURVA 45 GRAUS, EM AÇO, CONEXÃO SOLDADA, DN 25 (1\"), INSTALADO EM REDE DE ALIMENTAÇÃO PARA HIDRANTE - FORNECIMENTO E INSTALAÇÃO. AF_10/2020","UN",75.849999999999994]
["Instalações de Gás e Incêndio em Aço e Ferro Galvanizado",97517,"CURVA 45 GRAUS, EM AÇO, CONEXÃO SOLDADA, DN 25 (1\"), INSTALADO EM REDE DE ALIMENTAÇÃO PARA SPRINKLER - FORNECIMENTO E INSTALAÇÃO. AF_10/2020","UN",70.89]
["Instalações de Gás e Incêndio em Aço e Ferro Galvanizado",97481,"CURVA 45 GRAUS, EM AÇO, CONEXÃO SOLDADA, DN 32 (1 1/4\"), INSTALADO EM REDE DE ALIMENTAÇÃO PARA HIDRANTE - FORNECIMENTO E INSTALAÇÃO. AF_10/2020","UN",110.4]
["Instalações de Gás e Incêndio em Aço e Ferro Galvanizado",97519,"CURVA 45 GRAUS, EM AÇO, CONEXÃO SOLDADA, DN 32 (1 1/4\"), INSTALADO EM REDE DE ALIMENTAÇÃO PARA SPRINKLER - FORNECIMENTO E INSTALAÇÃO. AF_10/2020","UN",101.67]
["Instalações de Gás e Incêndio em Aço e Ferro Galvanizado",97483,"CURVA 45 GRAUS, EM AÇO, CONEXÃO SOLDADA, DN 40 (1 1/2\"), INSTALADO EM REDE DE ALIMENTAÇÃO PARA HIDRANTE - FORNECIMENTO E INSTALAÇÃO. AF_10/2020","UN",155.18]
["Instalações de Gás e Incêndio em Aço e Ferro Galvanizado",97521,"CURVA 45 GRAUS, EM AÇO, CONEXÃO SOLDADA, DN 40 (1 1/2\"), INSTALADO EM REDE DE ALIMENTAÇÃO PARA SPRINKLER - FORNECIMENTO E INSTALAÇÃO. AF_10/2020","UN",142.18]
["Instalações de Gás e Incêndio em Aço e Ferro Galvanizado",97452,"CURVA 45 GRAUS, EM AÇO, CONEXÃO SOLDADA, DN 50 (2\"), INSTALADO EM PRUMADAS - FORNECIMENTO E INSTALAÇÃO. AF_10/2020","UN",245.25]
["Instalações de Gás e Incêndio em Aço e Ferro Galvanizado",97485,"CURVA 45 GRAUS, EM AÇO, CONEXÃO SOLDADA, DN 50 (2\"), INSTALADO EM REDE DE ALIMENTAÇÃO PARA HIDRANTE - FORNECIMENTO E INSTALAÇÃO. AF_10/2020","UN",214.57]
["Instalações de Gás e Incêndio em Aço e Ferro Galvanizado",97523,"CURVA 45 GRAUS, EM AÇO, CONEXÃO SOLDADA, DN 50 (2\"), INSTALADO EM REDE DE ALIMENTAÇÃO PARA SPRINKLER - FORNECIMENTO E INSTALAÇÃO. AF_10/2020","UN",196.23]
["Instalações de Gás e Incêndio em Aço e Ferro Galvanizado",97454,"CURVA 45 GRAUS, EM AÇO, CONEXÃO SOLDADA, DN 65 (2 1/2\"), INSTALADO EM PRUMADAS - FORNECIMENTO E INSTALAÇÃO. AF_10/2020","UN",423.38]
["Instalações de Gás e Incêndio em Aço e Ferro Galvanizado",97487,"CURVA 45 GRAUS, EM AÇO, CONEXÃO SOLDADA, DN 65 (2 1/2\"), INSTALADO EM REDE DE ALIMENTAÇÃO PARA HIDRANTE - FORNECIMENTO E INSTALAÇÃO. AF_10/2020","UN",397.95]
["Instalações de Gás e Incêndio em Aço e Ferro Galvanizado",97525,"CURVA 45 GRAUS, EM AÇO, CONEXÃO SOLDADA, DN 65 (2 1/2\"), INSTALADO EM REDE DE ALIMENTAÇÃO PARA SPRINKLER - FORNECIMENTO E INSTALAÇÃO. AF_10/2020","UN",371.45]
["Instalações de Gás e Incêndio em Aço e Ferro Galvanizado",97456,"CURVA 45 GRAUS, EM AÇO, CONEXÃO SOLDADA, DN 80 (3\"), INSTALADO EM PRUMADAS - FORNECIMENTO E INSTALAÇÃO. AF_10/2020","UN",972.81]
["Instalações de Gás e Incêndio em Aço e Ferro Galvanizado",97489,"CURVA 45 GRAUS, EM AÇO, CONEXÃO SOLDADA, DN 80 (3\"), INSTALADO EM REDE DE ALIMENTAÇÃO PARA HIDRANTE - FORNECIMENTO E INSTALAÇÃO. AF_10/2020","UN",952.51]
["Instalações de Gás e Incêndio em Aço e Ferro Galvanizado",97527,"CURVA 45 GRAUS, EM AÇO, CONEXÃO SOLDADA, DN 80 (3\"), INSTALADO EM REDE DE ALIMENTAÇÃO PARA SPRINKLER - FORNECIMENTO E INSTALAÇÃO. AF_10/2020","UN",917.96]
["Instalações de Gás e Incêndio em Aço e Ferro Galvanizado",97434,"CURVA 90 GRAUS, EM AÇO, CONEXÃO RANHURADA, DN 50 (2\"), INSTALADO EM PRUMADAS - FORNECIMENTO E INSTALAÇÃO. AF_10/2020","UN",149.18]
["Instalações de Gás e Incêndio em Aço e Ferro Galvanizado",97436,"CURVA 90 GRAUS, EM AÇO, CONEXÃO RANHURADA, DN 65 (2 1/2\"), INSTALADO EM PRUMADAS - FORNECIMENTO E INSTALAÇÃO. AF_10/2020","UN",176.99]
["Instalações de Gás e Incêndio em Aço e Ferro Galvanizado",97438,"CURVA 90 GRAUS, EM AÇO, CONEXÃO RANHURADA, DN 80 (3\"), INSTALADO EM PRUMADAS - FORNECIMENTO E INSTALAÇÃO. AF_10/2020","UN",202.23]
["Instalações de Gás e Incêndio em Aço e Ferro Galvanizado",97547,"CURVA 90 GRAUS, EM AÇO, CONEXÃO SOLDADA, DN 15 (1/2\"), INSTALADO EM RAMAIS E SUB-RAMAIS DE GÁS - FORNECIMENTO E INSTALAÇÃO. AF_10/2020","UN",45.2]
["Instalações de Gás e Incêndio em Aço e Ferro Galvanizado",97549,"CURVA 90 GRAUS, EM AÇO, CONEXÃO SOLDADA, DN 20 (3/4\"), INSTALADO EM RAMAIS E SUB-RAMAIS DE GÁS - FORNECIMENTO E INSTALAÇÃO. AF_10/2020","UN",66.569999999999993]
["Instalações de Gás e Incêndio em Aço e Ferro Galvanizado",97551,"CURVA 90 GRAUS, EM AÇO, CONEXÃO SOLDADA, DN 25 (1\"), INSTALADO EM RAMAIS E SUB-RAMAIS DE GÁS - FORNECIMENTO E INSTALAÇÃO. AF_10/2020","UN",109.53]
["Instalações de Gás e Incêndio em Aço e Ferro Galvanizado",97480,"CURVA 90 GRAUS, EM AÇO, CONEXÃO SOLDADA, DN 25 (1\"), INSTALADO EM REDE DE ALIMENTAÇÃO PARA HIDRANTE - FORNECIMENTO E INSTALAÇÃO. AF_10/2020","UN",75.849999999999994]
["Instalações de Gás e Incêndio em Aço e Ferro Galvanizado",97518,"CURVA 90 GRAUS, EM AÇO, CONEXÃO SOLDADA, DN 25 (1\"), INSTALADO EM REDE DE ALIMENTAÇÃO PARA SPRINKLER - FORNECIMENTO E INSTALAÇÃO. AF_10/2020","UN",70.89]
["Instalações de Gás e Incêndio em Aço e Ferro Galvanizado",97482,"CURVA 90 GRAUS, EM AÇO, CONEXÃO SOLDADA, DN 32 (1 1/4\"), INSTALADO EM REDE DE ALIMENTAÇÃO PARA HIDRANTE - FORNECIMENTO E INSTALAÇÃO. AF_10/2020","UN",110.4]
["Instalações de Gás e Incêndio em Aço e Ferro Galvanizado",97520,"CURVA 90 GRAUS, EM AÇO, CONEXÃO SOLDADA, DN 32 (1 1/4\"), INSTALADO EM REDE DE ALIMENTAÇÃO PARA SPRINKLER - FORNECIMENTO E INSTALAÇÃO. AF_10/2020","UN",101.67]
["Instalações de Gás e Incêndio em Aço e Ferro Galvanizado",97484,"CURVA 90 GRAUS, EM AÇO, CONEXÃO SOLDADA, DN 40 (1 1/2\"), INSTALADO EM REDE DE ALIMENTAÇÃO PARA HIDRANTE - FORNECIMENTO E INSTALAÇÃO. AF_10/2020","UN",155.18]
["Instalações de Gás e Incêndio em Aço e Ferro Galvanizado",97522,"CURVA 90 GRAUS, EM AÇO, CONEXÃO SOLDADA, DN 40 (1 1/2\"), INSTALADO EM REDE DE ALIMENTAÇÃO PARA SPRINKLER - FORNECIMENTO E INSTALAÇÃO. AF_10/2020","UN",142.18]
["Instalações de Gás e Incêndio em Aço e Ferro Galvanizado",97453,"CURVA 90 GRAUS, EM AÇO, CONEXÃO SOLDADA, DN 50 (2\"), INSTALADO EM PRUMADAS - FORNECIMENTO E INSTALAÇÃO. AF_10/2020","UN",260.98]
["Instalações de Gás e Incêndio em Aço e Ferro Galvanizado",97486,"CURVA 90 GRAUS, EM AÇO, CONEXÃO SOLDADA, DN 50 (2\"), INSTALADO EM REDE DE ALIMENTAÇÃO PARA HIDRANTE - FORNECIMENTO E INSTALAÇÃO. AF_10/2020","UN",230.3]
["Instalações de Gás e Incêndio em Aço e Ferro Galvanizado",97524,"CURVA 90 GRAUS, EM AÇO, CONEXÃO SOLDADA, DN 50 (2\"), INSTALADO EM REDE DE ALIMENTAÇÃO PARA SPRINKLER - FORNECIMENTO E INSTALAÇÃO. AF_10/2020","UN",211.96]
["Instalações de Gás e Incêndio em Aço e Ferro Galvanizado",97455,"CURVA 90 GRAUS, EM AÇO, CONEXÃO SOLDADA, DN 65 (2 1/2\"), INSTALADO EM PRUMADAS - FORNECIMENTO E INSTALAÇÃO. AF_10/2020","UN",448.54]
["Instalações de Gás e Incêndio em Aço e Ferro Galvanizado",97488,"CURVA 90 GRAUS, EM AÇO, CONEXÃO SOLDADA, DN 65 (2 1/2\"), INSTALADO EM REDE DE ALIMENTAÇÃO PARA HIDRANTE - FORNECIMENTO E INSTALAÇÃO. AF_10/2020","UN",423.11]
["Instalações de Gás e Incêndio em Aço e Ferro Galvanizado",97526,"CURVA 90 GRAUS, EM AÇO, CONEXÃO SOLDADA, DN 65 (2 1/2\"), INSTALADO EM REDE DE ALIMENTAÇÃO PARA SPRINKLER - FORNECIMENTO E INSTALAÇÃO. AF_10/2020","UN",396.61]
["Instalações de Gás e Incêndio em Aço e Ferro Galvanizado",97457,"CURVA 90 GRAUS, EM AÇO, CONEXÃO SOLDADA, DN 80 (3\"), INSTALADO EM PRUMADAS - FORNECIMENTO E INSTALAÇÃO. AF_10/2020","UN",859.93]
["Instalações de Gás e Incêndio em Aço e Ferro Galvanizado",97490,"CURVA 90 GRAUS, EM AÇO, CONEXÃO SOLDADA, DN 80 (3\"), INSTALADO EM REDE DE ALIMENTAÇÃO PARA HIDRANTE - FORNECIMENTO E INSTALAÇÃO. AF_10/2020","UN",839.63]
["Instalações de Gás e Incêndio em Aço e Ferro Galvanizado",97528,"CURVA 90 GRAUS, EM AÇO, CONEXÃO SOLDADA, DN 80 (3\"), INSTALADO EM REDE DE ALIMENTAÇÃO PARA SPRINKLER - FORNECIMENTO E INSTALAÇÃO. AF_10/2020","UN",805.08]
["Instalações de Gás e Incêndio em Aço e Ferro Galvanizado",101906,"EXTINTOR DE INCÊNDIO PORTÁTIL COM CARGA DE CO2 DE 4 KG, CLASSE BC - FORNECIMENTO E INSTALAÇÃO. AF_10/2020_PE","UN",829.38]
["Instalações de Gás e Incêndio em Aço e Ferro Galvanizado",101907,"EXTINTOR DE INCÊNDIO PORTÁTIL COM CARGA DE CO2 DE 6 KG, CLASSE BC - FORNECIMENTO E INSTALAÇÃO. AF_10/2020_PE","UN",896.19]
["Instalações de Gás e Incêndio em Aço e Ferro Galvanizado",101911,"EXTINTOR DE INCÊNDIO PORTÁTIL COM CARGA DE PQS DE 12 KG, CLASSE BC - FORNECIMENTO E INSTALAÇÃO. AF_10/2020_PE","UN",428.53]
["Instalações de Gás e Incêndio em Aço e Ferro Galvanizado",101908,"EXTINTOR DE INCÊNDIO PORTÁTIL COM CARGA DE PQS DE 4 KG, CLASSE BC - FORNECIMENTO E INSTALAÇÃO. AF_10/2020_PE","UN",272.64999999999998]
["Instalações de Gás e Incêndio em Aço e Ferro Galvanizado",101909,"EXTINTOR DE INCÊNDIO PORTÁTIL COM CARGA DE PQS DE 6 KG, CLASSE BC - FORNECIMENTO E INSTALAÇÃO. AF_10/2020_PE","UN",317.19]
["Instalações de Gás e Incêndio em Aço e Ferro Galvanizado",101910,"EXTINTOR DE INCÊNDIO PORTÁTIL COM CARGA DE PQS DE 8 KG, CLASSE BC - FORNECIMENTO E INSTALAÇÃO. AF_10/2020_PE","UN",372.86]
["Instalações de Gás e Incêndio em Aço e Ferro Galvanizado",101905,"EXTINTOR DE INCÊNDIO PORTÁTIL COM CARGA DE ÁGUA PRESSURIZADA DE 10 L, CLASSE A - FORNECIMENTO E INSTALAÇÃO. AF_10/2020_PE","UN",281]
["Instalações de Gás e Incêndio em Aço e Ferro Galvanizado",101916,"HIDRANTE SUBTERRÂNEO PREDIAL (COM CURVA LONGA E CAIXA), DN 75 MM - FORNECIMENTO E INSTALAÇÃO. AF_10/2020","UN",3306.75]
["Instalações de Gás e Incêndio em Aço e Ferro Galvanizado",101936,"INSTALAÇÃO DE TUBOS E CONEXÕES, EM AÇO/FERRO GALVANIZADO, PARA O CENTRO DE MEDIÇÃO DE GÁS DE EDIFÍCIO RESIDENCIAL, COM 4 PAVIMENTOS, 16 UNIDADES HABITACIONAIS, DN 32 (1 1/4\") - FORNECIMENTO E INSTALAÇÃO. AF_10/2020","UN",8800.1200000000008]
["Instalações de Gás e Incêndio em Aço e Ferro Galvanizado",101937,"INSTALAÇÃO DE TUBOS E CONEXÕES, EM AÇO/FERRO GALVANIZADO, PARA O CENTRO DE MEDIÇÃO DE GÁS DE EDIFÍCIO RESIDENCIAL, COM 4 PAVIMENTOS, 16 UNIDADES HABITACIONAIS, DN 50 (2\") - FORNECIMENTO E INSTALAÇÃO. AF_10/2020","UN",16140.7]
["Instalações de Gás e Incêndio em Aço e Ferro Galvanizado",92698,"JOELHO 45 GRAUS, EM FERRO GALVANIZADO, CONEXÃO ROSQUEADA, DN 15 (1/2\"), INSTALADO EM RAMAIS E SUB-RAMAIS DE GÁS - FORNECIMENTO E INSTALAÇÃO. AF_10/2020","UN",22.81]
["Instalações de Gás e Incêndio em Aço e Ferro Galvanizado",92700,"JOELHO 45 GRAUS, EM FERRO GALVANIZADO, CONEXÃO ROSQUEADA, DN 20 (3/4\"), INSTALADO EM RAMAIS E SUB-RAMAIS DE GÁS - FORNECIMENTO E INSTALAÇÃO. AF_10/2020","UN",37.409999999999997]
["Instalações de Gás e Incêndio em Aço e Ferro Galvanizado",92702,"JOELHO 45 GRAUS, EM FERRO GALVANIZADO, CONEXÃO ROSQUEADA, DN 25 (1\"), INSTALADO EM RAMAIS E SUB-RAMAIS DE GÁS - FORNECIMENTO E INSTALAÇÃO. AF_10/2020","UN",58.75]
["Instalações de Gás e Incêndio em Aço e Ferro Galvanizado",92669,"JOELHO 45 GRAUS, EM FERRO GALVANIZADO, CONEXÃO ROSQUEADA, DN 25 (1\"), INSTALADO EM REDE DE ALIMENTAÇÃO PARA SPRINKLER - FORNECIMENTO E INSTALAÇÃO. AF_10/2020","UN",43.1]
["Instalações de Gás e Incêndio em Aço e Ferro Galvanizado",92671,"JOELHO 45 GRAUS, EM FERRO GALVANIZADO, CONEXÃO ROSQUEADA, DN 32 (1 1/4\"), INSTALADO EM REDE DE ALIMENTAÇÃO PARA SPRINKLER - FORNECIMENTO E INSTALAÇÃO. AF_10/2020","UN",55.26]
["Instalações de Gás e Incêndio em Aço e Ferro Galvanizado",92673,"JOELHO 45 GRAUS, EM FERRO GALVANIZADO, CONEXÃO ROSQUEADA, DN 40 (1 1/2\"), INSTALADO EM REDE DE ALIMENTAÇÃO PARA SPRINKLER - FORNECIMENTO E INSTALAÇÃO. AF_10/2020","UN",63.12]
["Instalações de Gás e Incêndio em Aço e Ferro Galvanizado",92675,"JOELHO 45 GRAUS, EM FERRO GALVANIZADO, CONEXÃO ROSQUEADA, DN 50 (2\"), INSTALADO EM REDE DE ALIMENTAÇÃO PARA SPRINKLER - FORNECIMENTO E INSTALAÇÃO. AF_10/2020","UN",80.739999999999995]
["Instalações de Gás e Incêndio em Aço e Ferro Galvanizado",92677,"JOELHO 45 GRAUS, EM FERRO GALVANIZADO, CONEXÃO ROSQUEADA, DN 65 (2 1/2\"), INSTALADO EM REDE DE ALIMENTAÇÃO PARA SPRINKLER - FORNECIMENTO E INSTALAÇÃO. AF_10/2020","UN",129.75]
["Instalações de Gás e Incêndio em Aço e Ferro Galvanizado",92635,"JOELHO 45 GRAUS, EM FERRO GALVANIZADO, CONEXÃO ROSQUEADA, DN 80 (3\"), INSTALADO EM REDE DE ALIMENTAÇÃO PARA HIDRANTE - FORNECIMENTO E INSTALAÇÃO. AF_10/2020","UN",210.58]
["Instalações de Gás e Incêndio em Aço e Ferro Galvanizado",92679,"JOELHO 45 GRAUS, EM FERRO GALVANIZADO, CONEXÃO ROSQUEADA, DN 80 (3\"), INSTALADO EM REDE DE ALIMENTAÇÃO PARA SPRINKLER - FORNECIMENTO E INSTALAÇÃO. AF_10/2020","UN",176.79]
["Instalações de Gás e Incêndio em Aço e Ferro Galvanizado",92381,"JOELHO 45 GRAUS, EM FERRO GALVANIZADO, DN 25 (1\"), CONEXÃO ROSQUEADA, INSTALADO EM REDE DE ALIMENTAÇÃO PARA HIDRANTE - FORNECIMENTO E INSTALAÇÃO. AF_10/2020","UN",59.38]
["Instalações de Gás e Incêndio em Aço e Ferro Galvanizado",92383,"JOELHO 45 GRAUS, EM FERRO GALVANIZADO, DN 32 (1 1/4\"), CONEXÃO ROSQUEADA, INSTALADO EM REDE DE ALIMENTAÇÃO PARA HIDRANTE - FORNECIMENTO E INSTALAÇÃO. AF_10/2020","UN",73.739999999999995]
["Instalações de Gás e Incêndio em Aço e Ferro Galvanizado",92385,"JOELHO 45 GRAUS, EM FERRO GALVANIZADO, DN 40 (1 1/2\"), CONEXÃO ROSQUEADA, INSTALADO EM REDE DE ALIMENTAÇÃO PARA HIDRANTE - FORNECIMENTO E INSTALAÇÃO. AF_10/2020","UN",84.17]
["Instalações de Gás e Incêndio em Aço e Ferro Galvanizado",92350,"JOELHO 45 GRAUS, EM FERRO GALVANIZADO, DN 50 (2\"), CONEXÃO ROSQUEADA, INSTALADO EM PRUMADAS - FORNECIMENTO E INSTALAÇÃO. AF_10/2020","UN",105.05]
["Instalações de Gás e Incêndio em Aço e Ferro Galvanizado",92387,"JOELHO 45 GRAUS, EM FERRO GALVANIZADO, DN 50 (2\"), CONEXÃO ROSQUEADA, INSTALADO EM REDE DE ALIMENTAÇÃO PARA HIDRANTE - FORNECIMENTO E INSTALAÇÃO. AF_10/2020","UN",104.95]
["Instalações de Gás e Incêndio em Aço e Ferro Galvanizado",92352,"JOELHO 45 GRAUS, EM FERRO GALVANIZADO, DN 65 (2 1/2\"), CONEXÃO ROSQUEADA, INSTALADO EM PRUMADAS - FORNECIMENTO E INSTALAÇÃO. AF_10/2020","UN",155.79]
["Instalações de Gás e Incêndio em Aço e Ferro Galvanizado",92389,"JOELHO 45 GRAUS, EM FERRO GALVANIZADO, DN 65 (2 1/2\"), CONEXÃO ROSQUEADA, INSTALADO EM REDE DE ALIMENTAÇÃO PARA HIDRANTE - FORNECIMENTO E INSTALAÇÃO. AF_10/2020","UN",158.78]
["Instalações de Gás e Incêndio em Aço e Ferro Galvanizado",92354,"JOELHO 45 GRAUS, EM FERRO GALVANIZADO, DN 80 (3\"), CONEXÃO ROSQUEADA, INSTALADO EM PRUMADAS - FORNECIMENTO E INSTALAÇÃO. AF_10/2020","UN",204.56]
["Instalações de Gás e Incêndio em Aço e Ferro Galvanizado",92699,"JOELHO 90 GRAUS, EM FERRO GALVANIZADO, CONEXÃO ROSQUEADA, DN 15 (1/2\"), INSTALADO EM RAMAIS E SUB-RAMAIS DE GÁS - FORNECIMENTO E INSTALAÇÃO. AF_10/2020","UN",21.55]
["Instalações de Gás e Incêndio em Aço e Ferro Galvanizado",92701,"JOELHO 90 GRAUS, EM FERRO GALVANIZADO, CONEXÃO ROSQUEADA, DN 20 (3/4\"), INSTALADO EM RAMAIS E SUB-RAMAIS DE GÁS - FORNECIMENTO E INSTALAÇÃO. AF_10/2020","UN",35.53]
["Instalações de Gás e Incêndio em Aço e Ferro Galvanizado",92703,"JOELHO 90 GRAUS, EM FERRO GALVANIZADO, CONEXÃO ROSQUEADA, DN 25 (1\"), INSTALADO EM RAMAIS E SUB-RAMAIS DE GÁS - FORNECIMENTO E INSTALAÇÃO. AF_10/2020","UN",56.44]
["Instalações de Gás e Incêndio em Aço e Ferro Galvanizado",92670,"JOELHO 90 GRAUS, EM FERRO GALVANIZADO, CONEXÃO ROSQUEADA, DN 25 (1\"), INSTALADO EM REDE DE ALIMENTAÇÃO PARA SPRINKLER - FORNECIMENTO E INSTALAÇÃO. AF_10/2020","UN",40.79]
["Instalações de Gás e Incêndio em Aço e Ferro Galvanizado",92672,"JOELHO 90 GRAUS, EM FERRO GALVANIZADO, CONEXÃO ROSQUEADA, DN 32 (1 1/4\"), INSTALADO EM REDE DE ALIMENTAÇÃO PARA SPRINKLER - FORNECIMENTO E INSTALAÇÃO. AF_10/2020","UN",50.67]
["Instalações de Gás e Incêndio em Aço e Ferro Galvanizado",92674,"JOELHO 90 GRAUS, EM FERRO GALVANIZADO, CONEXÃO ROSQUEADA, DN 40 (1 1/2\"), INSTALADO EM REDE DE ALIMENTAÇÃO PARA SPRINKLER - FORNECIMENTO E INSTALAÇÃO. AF_10/2020","UN",59.96]
["Instalações de Gás e Incêndio em Aço e Ferro Galvanizado",92676,"JOELHO 90 GRAUS, EM FERRO GALVANIZADO, CONEXÃO ROSQUEADA, DN 50 (2\"), INSTALADO EM REDE DE ALIMENTAÇÃO PARA SPRINKLER - FORNECIMENTO E INSTALAÇÃO. AF_10/2020","UN",78.59]
["Instalações de Gás e Incêndio em Aço e Ferro Galvanizado",92678,"JOELHO 90 GRAUS, EM FERRO GALVANIZADO, CONEXÃO ROSQUEADA, DN 65 (2 1/2\"), INSTALADO EM REDE DE ALIMENTAÇÃO PARA SPRINKLER - FORNECIMENTO E INSTALAÇÃO. AF_10/2020","UN",120.3]
["Instalações de Gás e Incêndio em Aço e Ferro Galvanizado",92636,"JOELHO 90 GRAUS, EM FERRO GALVANIZADO, CONEXÃO ROSQUEADA, DN 80 (3\"), INSTALADO EM REDE DE ALIMENTAÇÃO PARA HIDRANTE - FORNECIMENTO E INSTALAÇÃO. AF_10/2020","UN",192.37]
["Instalações de Gás e Incêndio em Aço e Ferro Galvanizado",92680,"JOELHO 90 GRAUS, EM FERRO GALVANIZADO, CONEXÃO ROSQUEADA, DN 80 (3\"), INSTALADO EM REDE DE ALIMENTAÇÃO PARA SPRINKLER - FORNECIMENTO E INSTALAÇÃO. AF_10/2020","UN",158.58000000000001]
["Instalações de Gás e Incêndio em Aço e Ferro Galvanizado",92382,"JOELHO 90 GRAUS, EM FERRO GALVANIZADO, DN 25 (1\"), CONEXÃO ROSQUEADA, INSTALADO EM REDE DE ALIMENTAÇÃO PARA HIDRANTE - FORNECIMENTO E INSTALAÇÃO. AF_10/2020","UN",57.07]
["Instalações de Gás e Incêndio em Aço e Ferro Galvanizado",92384,"JOELHO 90 GRAUS, EM FERRO GALVANIZADO, DN 32 (1 1/4\"), CONEXÃO ROSQUEADA, INSTALADO EM REDE DE ALIMENTAÇÃO PARA HIDRANTE - FORNECIMENTO E INSTALAÇÃO. AF_10/2020","UN",69.150000000000006]
["Instalações de Gás e Incêndio em Aço e Ferro Galvanizado",92386,"JOELHO 90 GRAUS, EM FERRO GALVANIZADO, DN 40 (1 1/2\"), CONEXÃO ROSQUEADA, INSTALADO EM REDE DE ALIMENTAÇÃO PARA HIDRANTE - FORNECIMENTO E INSTALAÇÃO. AF_10/2020","UN",81.010000000000005]
["Instalações de Gás e Incêndio em Aço e Ferro Galvanizado",92351,"JOELHO 90 GRAUS, EM FERRO GALVANIZADO, DN 50 (2\"), CONEXÃO ROSQUEADA, INSTALADO EM PRUMADAS - FORNECIMENTO E INSTALAÇÃO. AF_10/2020","UN",102.9]
["Instalações de Gás e Incêndio em Aço e Ferro Galvanizado",92388,"JOELHO 90 GRAUS, EM FERRO GALVANIZADO, DN 50 (2\"), CONEXÃO ROSQUEADA, INSTALADO EM REDE DE ALIMENTAÇÃO PARA HIDRANTE - FORNECIMENTO E INSTALAÇÃO. AF_10/2020","UN",102.8]
["Instalações de Gás e Incêndio em Aço e Ferro Galvanizado",92353,"JOELHO 90 GRAUS, EM FERRO GALVANIZADO, DN 65 (2 1/2\"), CONEXÃO ROSQUEADA, INSTALADO EM PRUMADAS - FORNECIMENTO E INSTALAÇÃO. AF_10/2020","UN",146.34]
["Instalações de Gás e Incêndio em Aço e Ferro Galvanizado",92390,"JOELHO 90 GRAUS, EM FERRO GALVANIZADO, DN 65 (2 1/2\"), CONEXÃO ROSQUEADA, INSTALADO EM REDE DE ALIMENTAÇÃO PARA HIDRANTE - FORNECIMENTO E INSTALAÇÃO. AF_10/2020","UN",149.33000000000001]
["Instalações de Gás e Incêndio em Aço e Ferro Galvanizado",92355,"JOELHO 90 GRAUS, EM FERRO GALVANIZADO, DN 80 (3\"), CONEXÃO ROSQUEADA, INSTALADO EM PRUMADAS - FORNECIMENTO E INSTALAÇÃO. AF_10/2020","UN",186.35]
["Instalações de Gás e Incêndio em Aço e Ferro Galvanizado",101925,"JOELHO 90°, EM FERRO GALVANIZADO, 4\", CONEXÃO ROSQUEADA, INSTALADO EM PRUMADAS - FORNECIMENTO E INSTALAÇÃO. AF_10/2020","UN",302.04000000000002]
["Instalações de Gás e Incêndio em Aço e Ferro Galvanizado",101934,"JOELHO 90°, EM FERRO GALVANIZADO, 4\", CONEXÃO ROSQUEADA, INSTALADO EM REDE DE ALIMENTAÇÃO PARA HIDRANTE - FORNECIMENTO E INSTALAÇÃO. AF_10/2020","UN",312.01]
["Instalações de Gás e Incêndio em Aço e Ferro Galvanizado",97541,"LUVA COM REDUÇÃO, EM AÇO, CONEXÃO SOLDADA, DN 20 X 15 MM (3/4\" X 1/2\"), INSTALADO EM RAMAIS E SUB-RAMAIS DE GÁS - FORNECIMENTO E INSTALAÇÃO. AF_10/2020","UN",36.31]
["Instalações de Gás e Incêndio em Aço e Ferro Galvanizado",97462,"LUVA COM REDUÇÃO, EM AÇO, CONEXÃO SOLDADA, DN 25 X 20 MM (1 X 3/4\"), INSTALADO EM REDE DE ALIMENTAÇÃO PARA HIDRANTE - FORNECIMENTO E INSTALAÇÃO. AF_10/2020","UN",38.74]
["Instalações de Gás e Incêndio em Aço e Ferro Galvanizado",97544,"LUVA COM REDUÇÃO, EM AÇO, CONEXÃO SOLDADA, DN 25 X 20 MM (1\" X 3/4\"), INSTALADO EM RAMAIS E SUB-RAMAIS DE GÁS - FORNECIMENTO E INSTALAÇÃO. AF_10/2020","UN",61.16]
["Instalações de Gás e Incêndio em Aço e Ferro Galvanizado",97500,"LUVA COM REDUÇÃO, EM AÇO, CONEXÃO SOLDADA, DN 25 X 20 MM (1\" X 3/4\"), INSTALADO EM REDE DE ALIMENTAÇÃO PARA SPRINKLER - FORNECIMENTO E INSTALAÇÃO. AF_10/2020","UN",35.44]
["Instalações de Gás e Incêndio em Aço e Ferro Galvanizado",97465,"LUVA COM REDUÇÃO, EM AÇO, CONEXÃO SOLDADA, DN 32 X 25 MM (1 1/4\" X 1\"), INSTALADO EM REDE DE ALIMENTAÇÃO PARA HIDRANTE - FORNECIMENTO E INSTALAÇÃO. AF_10/2020","UN",81.36]
["Instalações de Gás e Incêndio em Aço e Ferro Galvanizado",97503,"LUVA COM REDUÇÃO, EM AÇO, CONEXÃO SOLDADA, DN 32 X 25 MM (1 1/4\" X 1\"), INSTALADO EM REDE DE ALIMENTAÇÃO PARA SPRINKLER - FORNECIMENTO E INSTALAÇÃO. AF_10/2020","UN",75.540000000000006]
["Instalações de Gás e Incêndio em Aço e Ferro Galvanizado",97468,"LUVA COM REDUÇÃO, EM AÇO, CONEXÃO SOLDADA, DN 40 X 32 MM (1 1/2\" X 1 1/4\"), INSTALADO EM REDE DE ALIMENTAÇÃO PARA HIDRANTE - FORNECIMENTO E INSTALAÇÃO. AF_10/2020","UN",103.46]
["Instalações de Gás e Incêndio em Aço e Ferro Galvanizado",97506,"LUVA COM REDUÇÃO, EM AÇO, CONEXÃO SOLDADA, DN 40 X 32 MM (1 1/2\" X 1 1/4\"), INSTALADO EM REDE DE ALIMENTAÇÃO PARA SPRINKLER - FORNECIMENTO E INSTALAÇÃO. AF_10/2020","UN",94.83]
["Instalações de Gás e Incêndio em Aço e Ferro Galvanizado",97444,"LUVA COM REDUÇÃO, EM AÇO, CONEXÃO SOLDADA, DN 50 X 40 MM (2 X 1 1/2\"), INSTALADO EM PRUMADAS - FORNECIMENTO E INSTALAÇÃO. AF_10/2020","UN",175.82]
["Instalações de Gás e Incêndio em Aço e Ferro Galvanizado",97471,"LUVA COM REDUÇÃO, EM AÇO, CONEXÃO SOLDADA, DN 50 X 40 MM (2\" X 1 1/2\"), INSTALADO EM REDE DE ALIMENTAÇÃO PARA HIDRANTE - FORNECIMENTO E INSTALAÇÃO. AF_10/2020","UN",155.35]
["Instalações de Gás e Incêndio em Aço e Ferro Galvanizado",97509,"LUVA COM REDUÇÃO, EM AÇO, CONEXÃO SOLDADA, DN 50 X 40 MM (2\" X 1 1/2\"), INSTALADO EM REDE DE ALIMENTAÇÃO PARA SPRINKLER - FORNECIMENTO E INSTALAÇÃO. AF_10/2020","UN",143.1]
["Instalações de Gás e Incêndio em Aço e Ferro Galvanizado",97447,"LUVA COM REDUÇÃO, EM AÇO, CONEXÃO SOLDADA, DN 65 X 50 MM (2 1/2\" X 2\"), INSTALADO EM PRUMADAS - FORNECIMENTO E INSTALAÇÃO. AF_10/2020","UN",308.45]
["Instalações de Gás e Incêndio em Aço e Ferro Galvanizado",97475,"LUVA COM REDUÇÃO, EM AÇO, CONEXÃO SOLDADA, DN 65 X 50 MM (2 1/2\" X 2\"), INSTALADO EM REDE DE ALIMENTAÇÃO PARA HIDRANTE - FORNECIMENTO E INSTALAÇÃO. AF_10/2020","UN",291.45999999999998]
["Instalações de Gás e Incêndio em Aço e Ferro Galvanizado",97512,"LUVA COM REDUÇÃO, EM AÇO, CONEXÃO SOLDADA, DN 65 X 50 MM (2 1/2\" X 2\"), INSTALADO EM REDE DE ALIMENTAÇÃO PARA SPRINKLER - FORNECIMENTO E INSTALAÇÃO. AF_10/2020","UN",273.88]
["Instalações de Gás e Incêndio em Aço e Ferro Galvanizado",97450,"LUVA COM REDUÇÃO, EM AÇO, CONEXÃO SOLDADA, DN 80 X 65 MM (3\" X 2 1/2\"), INSTALADO EM PRUMADAS - FORNECIMENTO E INSTALAÇÃO. AF_10/2020","UN",403.06]
["Instalações de Gás e Incêndio em Aço e Ferro Galvanizado",97478,"LUVA COM REDUÇÃO, EM AÇO, CONEXÃO SOLDADA, DN 80 X 65 MM (3\" X 2 1/2\"), INSTALADO EM REDE DE ALIMENTAÇÃO PARA HIDRANTE - FORNECIMENTO E INSTALAÇÃO. AF_10/2020","UN",389.56]
["Instalações de Gás e Incêndio em Aço e Ferro Galvanizado",97515,"LUVA COM REDUÇÃO, EM AÇO, CONEXÃO SOLDADA, DN 80 X 65 MM (3\" X 2 1/2\"), INSTALADO EM REDE DE ALIMENTAÇÃO PARA SPRINKLER - FORNECIMENTO E INSTALAÇÃO. AF_10/2020","UN",366.47]
["Instalações de Gás e Incêndio em Aço e Ferro Galvanizado",92928,"LUVA DE REDUÇÃO, EM FERRO GALVANIZADO, 1 1/2\" X 1 1/4\", CONEXÃO ROSQUEADA, INSTALADO EM REDE DE ALIMENTAÇÃO PARA HIDRANTE - FORNECIMENTO E INSTALAÇÃO. AF_10/2020","UN",56.72]
["Instalações de Gás e Incêndio em Aço e Ferro Galvanizado",92943,"LUVA DE REDUÇÃO, EM FERRO GALVANIZADO, 1 1/2\" X 1 1/4\", CONEXÃO ROSQUEADA, INSTALADO EM REDE DE ALIMENTAÇÃO PARA SPRINKLER - FORNECIMENTO E INSTALAÇÃO. AF_10/2020","UN",42.68]
["Instalações de Gás e Incêndio em Aço e Ferro Galvanizado",92929,"LUVA DE REDUÇÃO, EM FERRO GALVANIZADO, 1 1/2\" X 1\", CONEXÃO ROSQUEADA, INSTALADO EM REDE DE ALIMENTAÇÃO PARA HIDRANTE - FORNECIMENTO E INSTALAÇÃO. AF_10/2020","UN",56.72]
["Instalações de Gás e Incêndio em Aço e Ferro Galvanizado",92944,"LUVA DE REDUÇÃO, EM FERRO GALVANIZADO, 1 1/2\" X 1\", CONEXÃO ROSQUEADA, INSTALADO EM REDE DE ALIMENTAÇÃO PARA SPRINKLER - FORNECIMENTO E INSTALAÇÃO. AF_10/2020","UN",42.68]
["Instalações de Gás e Incêndio em Aço e Ferro Galvanizado",92930,"LUVA DE REDUÇÃO, EM FERRO GALVANIZADO, 1 1/2\" X 3/4\", CONEXÃO ROSQUEADA, INSTALADO EM REDE DE ALIMENTAÇÃO PARA HIDRANTE - FORNECIMENTO E INSTALAÇÃO. AF_10/2020","UN",56.72]
["Instalações de Gás e Incêndio em Aço e Ferro Galvanizado",92945,"LUVA DE REDUÇÃO, EM FERRO GALVANIZADO, 1 1/2\" X 3/4\", CONEXÃO ROSQUEADA, INSTALADO EM REDE DE ALIMENTAÇÃO PARA SPRINKLER - FORNECIMENTO E INSTALAÇÃO. AF_10/2020","UN",42.68]
["Instalações de Gás e Incêndio em Aço e Ferro Galvanizado",92925,"LUVA DE REDUÇÃO, EM FERRO GALVANIZADO, 1 1/4\" X 1\", CONEXÃO ROSQUEADA, INSTALADO EM REDE DE ALIMENTAÇÃO PARA HIDRANTE - FORNECIMENTO E INSTALAÇÃO. AF_10/2020","UN",49.85]
["Instalações de Gás e Incêndio em Aço e Ferro Galvanizado",92940,"LUVA DE REDUÇÃO, EM FERRO GALVANIZADO, 1 1/4\" X 1\", CONEXÃO ROSQUEADA, INSTALADO EM REDE DE ALIMENTAÇÃO PARA SPRINKLER - FORNECIMENTO E INSTALAÇÃO. AF_10/2020","UN",37.520000000000003]
["Instalações de Gás e Incêndio em Aço e Ferro Galvanizado",92926,"LUVA DE REDUÇÃO, EM FERRO GALVANIZADO, 1 1/4\" X 1/2\", CONEXÃO ROSQUEADA, INSTALADO EM REDE DE ALIMENTAÇÃO PARA HIDRANTE - FORNECIMENTO E INSTALAÇÃO. AF_10/2020","UN",49.84]
["Instalações de Gás e Incêndio em Aço e Ferro Galvanizado",92941,"LUVA DE REDUÇÃO, EM FERRO GALVANIZADO, 1 1/4\" X 1/2\", CONEXÃO ROSQUEADA, INSTALADO EM REDE DE ALIMENTAÇÃO PARA SPRINKLER - FORNECIMENTO E INSTALAÇÃO. AF_10/2020","UN",37.51]
["Instalações de Gás e Incêndio em Aço e Ferro Galvanizado",92927,"LUVA DE REDUÇÃO, EM FERRO GALVANIZADO, 1 1/4\" X 3/4\", CONEXÃO ROSQUEADA, INSTALADO EM REDE DE ALIMENTAÇÃO PARA HIDRANTE - FORNECIMENTO E INSTALAÇÃO. AF_10/2020","UN",49.84]
["Instalações de Gás e Incêndio em Aço e Ferro Galvanizado",92942,"LUVA DE REDUÇÃO, EM FERRO GALVANIZADO, 1 1/4\" X 3/4\", CONEXÃO ROSQUEADA, INSTALADO EM REDE DE ALIMENTAÇÃO PARA SPRINKLER - FORNECIMENTO E INSTALAÇÃO. AF_10/2020","UN",37.51]
["Instalações de Gás e Incêndio em Aço e Ferro Galvanizado",92918,"LUVA DE REDUÇÃO, EM FERRO GALVANIZADO, 1\" X 1/2\", CONEXÃO ROSQUEADA, INSTALADO EM REDE DE ALIMENTAÇÃO PARA HIDRANTE - FORNECIMENTO E INSTALAÇÃO. AF_10/2020","UN",40.840000000000003]
["Instalações de Gás e Incêndio em Aço e Ferro Galvanizado",92938,"LUVA DE REDUÇÃO, EM FERRO GALVANIZADO, 1\" X 1/2\", CONEXÃO ROSQUEADA, INSTALADO EM REDE DE ALIMENTAÇÃO PARA SPRINKLER - FORNECIMENTO E INSTALAÇÃO. AF_10/2020","UN",30]
["Instalações de Gás e Incêndio em Aço e Ferro Galvanizado",92920,"LUVA DE REDUÇÃO, EM FERRO GALVANIZADO, 1\" X 3/4\", CONEXÃO ROSQUEADA, INSTALADO EM REDE DE ALIMENTAÇÃO PARA HIDRANTE - FORNECIMENTO E INSTALAÇÃO. AF_10/2020","UN",41.08]
["Instalações de Gás e Incêndio em Aço e Ferro Galvanizado",92939,"LUVA DE REDUÇÃO, EM FERRO GALVANIZADO, 1\" X 3/4\", CONEXÃO ROSQUEADA, INSTALADO EM REDE DE ALIMENTAÇÃO PARA SPRINKLER - FORNECIMENTO E INSTALAÇÃO. AF_10/2020","UN",30.24]
["Instalações de Gás e Incêndio em Aço e Ferro Galvanizado",92910,"LUVA DE REDUÇÃO, EM FERRO GALVANIZADO, 2 1/2\" X 1 1/2\", CONEXÃO ROSQUEADA, INSTALADO EM PRUMADAS - FORNECIMENTO E INSTALAÇÃO. AF_10/2020","UN",105.22]
["Instalações de Gás e Incêndio em Aço e Ferro Galvanizado",92934,"LUVA DE REDUÇÃO, EM FERRO GALVANIZADO, 2 1/2\" X 1 1/2\", CONEXÃO ROSQUEADA, INSTALADO EM REDE DE ALIMENTAÇÃO PARA HIDRANTE - FORNECIMENTO E INSTALAÇÃO. AF_10/2020","UN",107.18]
["Instalações de Gás e Incêndio em Aço e Ferro Galvanizado",92949,"LUVA DE REDUÇÃO, EM FERRO GALVANIZADO, 2 1/2\" X 1 1/2\", CONEXÃO ROSQUEADA, INSTALADO EM REDE DE ALIMENTAÇÃO PARA SPRINKLER - FORNECIMENTO E INSTALAÇÃO. AF_10/2020","UN",87.78]
["Instalações de Gás e Incêndio em Aço e Ferro Galvanizado",92911,"LUVA DE REDUÇÃO, EM FERRO GALVANIZADO, 2 1/2\" X 2\", CONEXÃO ROSQUEADA, INSTALADO EM PRUMADAS - FORNECIMENTO E INSTALAÇÃO. AF_10/2020","UN",105.22]
["Instalações de Gás e Incêndio em Aço e Ferro Galvanizado",92935,"LUVA DE REDUÇÃO, EM FERRO GALVANIZADO, 2 1/2\" X 2\", CONEXÃO ROSQUEADA, INSTALADO EM REDE DE ALIMENTAÇÃO PARA HIDRANTE - FORNECIMENTO E INSTALAÇÃO. AF_10/2020","UN",107.18]
["Instalações de Gás e Incêndio em Aço e Ferro Galvanizado",92950,"LUVA DE REDUÇÃO, EM FERRO GALVANIZADO, 2 1/2\" X 2\", CONEXÃO ROSQUEADA, INSTALADO EM REDE DE ALIMENTAÇÃO PARA SPRINKLER - FORNECIMENTO E INSTALAÇÃO. AF_10/2020","UN",87.78]
["Instalações de Gás e Incêndio em Aço e Ferro Galvanizado",92907,"LUVA DE REDUÇÃO, EM FERRO GALVANIZADO, 2\" X 1 1/2\", CONEXÃO ROSQUEADA, INSTALADO EM PRUMADAS - FORNECIMENTO E INSTALAÇÃO. AF_10/2020","UN",74.2]
["Instalações de Gás e Incêndio em Aço e Ferro Galvanizado",92931,"LUVA DE REDUÇÃO, EM FERRO GALVANIZADO, 2\" X 1 1/2\", CONEXÃO ROSQUEADA, INSTALADO EM REDE DE ALIMENTAÇÃO PARA HIDRANTE - FORNECIMENTO E INSTALAÇÃO. AF_10/2020","UN",74.150000000000006]
["Instalações de Gás e Incêndio em Aço e Ferro Galvanizado",92946,"LUVA DE REDUÇÃO, EM FERRO GALVANIZADO, 2\" X 1 1/2\", CONEXÃO ROSQUEADA, INSTALADO EM REDE DE ALIMENTAÇÃO PARA SPRINKLER - FORNECIMENTO E INSTALAÇÃO. AF_10/2020","UN",57.97]
["Instalações de Gás e Incêndio em Aço e Ferro Galvanizado",92908,"LUVA DE REDUÇÃO, EM FERRO GALVANIZADO, 2\" X 1 1/4\", CONEXÃO ROSQUEADA, INSTALADO EM PRUMADAS - FORNECIMENTO E INSTALAÇÃO. AF_10/2020","UN",74.2]
["Instalações de Gás e Incêndio em Aço e Ferro Galvanizado",92932,"LUVA DE REDUÇÃO, EM FERRO GALVANIZADO, 2\" X 1 1/4\", CONEXÃO ROSQUEADA, INSTALADO EM REDE DE ALIMENTAÇÃO PARA HIDRANTE - FORNECIMENTO E INSTALAÇÃO. AF_10/2020","UN",74.150000000000006]
["Instalações de Gás e Incêndio em Aço e Ferro Galvanizado",92947,"LUVA DE REDUÇÃO, EM FERRO GALVANIZADO, 2\" X 1 1/4\", CONEXÃO ROSQUEADA, INSTALADO EM REDE DE ALIMENTAÇÃO PARA SPRINKLER - FORNECIMENTO E INSTALAÇÃO. AF_10/2020","UN",57.97]
["Instalações de Gás e Incêndio em Aço e Ferro Galvanizado",92909,"LUVA DE REDUÇÃO, EM FERRO GALVANIZADO, 2\" X 1\", CONEXÃO ROSQUEADA, INSTALADO EM PRUMADAS - FORNECIMENTO E INSTALAÇÃO. AF_10/2020","UN",74.2]
["Instalações de Gás e Incêndio em Aço e Ferro Galvanizado",92933,"LUVA DE REDUÇÃO, EM FERRO GALVANIZADO, 2\" X 1\", CONEXÃO ROSQUEADA, INSTALADO EM REDE DE ALIMENTAÇÃO PARA HIDRANTE - FORNECIMENTO E INSTALAÇÃO. AF_10/2020","UN",74.150000000000006]
["Instalações de Gás e Incêndio em Aço e Ferro Galvanizado",92948,"LUVA DE REDUÇÃO, EM FERRO GALVANIZADO, 2\" X 1\", CONEXÃO ROSQUEADA, INSTALADO EM REDE DE ALIMENTAÇÃO PARA SPRINKLER - FORNECIMENTO E INSTALAÇÃO. AF_10/2020","UN",57.97]
["Instalações de Gás e Incêndio em Aço e Ferro Galvanizado",92912,"LUVA DE REDUÇÃO, EM FERRO GALVANIZADO, 3\" X 1 1/2\", CONEXÃO ROSQUEADA, INSTALADO EM PRUMADAS - FORNECIMENTO E INSTALAÇÃO. AF_10/2020","UN",138.88]
["Instalações de Gás e Incêndio em Aço e Ferro Galvanizado",92913,"LUVA DE REDUÇÃO, EM FERRO GALVANIZADO, 3\" X 2 1/2\", CONEXÃO ROSQUEADA, INSTALADO EM PRUMADAS - FORNECIMENTO E INSTALAÇÃO. AF_10/2020","UN",142.22]
["Instalações de Gás e Incêndio em Aço e Ferro Galvanizado",92936,"LUVA DE REDUÇÃO, EM FERRO GALVANIZADO, 3\" X 2 1/2\", CONEXÃO ROSQUEADA, INSTALADO EM REDE DE ALIMENTAÇÃO PARA HIDRANTE - FORNECIMENTO E INSTALAÇÃO. AF_10/2020","UN",146.22999999999999]
["Instalações de Gás e Incêndio em Aço e Ferro Galvanizado",92951,"LUVA DE REDUÇÃO, EM FERRO GALVANIZADO, 3\" X 2 1/2\", CONEXÃO ROSQUEADA, INSTALADO EM REDE DE ALIMENTAÇÃO PARA SPRINKLER - FORNECIMENTO E INSTALAÇÃO. AF_10/2020","UN",123.68]
["Instalações de Gás e Incêndio em Aço e Ferro Galvanizado",92914,"LUVA DE REDUÇÃO, EM FERRO GALVANIZADO, 3\" X 2\", CONEXÃO ROSQUEADA, INSTALADO EM PRUMADAS - FORNECIMENTO E INSTALAÇÃO. AF_10/2020","UN",142.22]
["Instalações de Gás e Incêndio em Aço e Ferro Galvanizado",92937,"LUVA DE REDUÇÃO, EM FERRO GALVANIZADO, 3\" X 2\", CONEXÃO ROSQUEADA, INSTALADO EM REDE DE ALIMENTAÇÃO PARA HIDRANTE - FORNECIMENTO E INSTALAÇÃO. AF_10/2020","UN",146.22999999999999]
["Instalações de Gás e Incêndio em Aço e Ferro Galvanizado",92952,"LUVA DE REDUÇÃO, EM FERRO GALVANIZADO, 3\" X 2\", CONEXÃO ROSQUEADA, INSTALADO EM REDE DE ALIMENTAÇÃO PARA SPRINKLER - FORNECIMENTO E INSTALAÇÃO. AF_10/2020","UN",123.68]
["Instalações de Gás e Incêndio em Aço e Ferro Galvanizado",92953,"LUVA DE REDUÇÃO, EM FERRO GALVANIZADO, 3/4\" X 1/2\", CONEXÃO ROSQUEADA, INSTALADO EM RAMAIS E SUB-RAMAIS DE GÁS - FORNECIMENTO E INSTALAÇÃO. AF_10/2020","UN",26.3]
["Instalações de Gás e Incêndio em Aço e Ferro Galvanizado",101921,"LUVA DE REDUÇÃO, EM FERRO GALVANIZADO, 4\" X 2 1/2\", CONEXÃO ROSQUEADA, INSTALADO EM PRUMADAS - FORNECIMENTO E INSTALAÇÃO. AF_10/2020","UN",218.25]
["Instalações de Gás e Incêndio em Aço e Ferro Galvanizado",101930,"LUVA DE REDUÇÃO, EM FERRO GALVANIZADO, 4\" X 2 1/2\", CONEXÃO ROSQUEADA, INSTALADO EM REDE DE ALIMENTAÇÃO PARA HIDRANTE - FORNECIMENTO E INSTALAÇÃO. AF_10/2020","UN",224.9]
["Instalações de Gás e Incêndio em Aço e Ferro Galvanizado",101922,"LUVA DE REDUÇÃO, EM FERRO GALVANIZADO, 4\" X 2\", CONEXÃO ROSQUEADA, INSTALADO EM PRUMADAS - FORNECIMENTO E INSTALAÇÃO. AF_10/2020","UN",218.25]
["Instalações de Gás e Incêndio em Aço e Ferro Galvanizado",101931,"LUVA DE REDUÇÃO, EM FERRO GALVANIZADO, 4\" X 2\", CONEXÃO ROSQUEADA, INSTALADO EM REDE DE ALIMENTAÇÃO PARA HIDRANTE - FORNECIMENTO E INSTALAÇÃO. AF_10/2020","UN",224.9]
["Instalações de Gás e Incêndio em Aço e Ferro Galvanizado",101923,"LUVA DE REDUÇÃO, EM FERRO GALVANIZADO, 4\" X 3\", CONEXÃO ROSQUEADA, INSTALADO EM PRUMADAS - FORNECIMENTO E INSTALAÇÃO. AF_10/2020","UN",218.25]
["Instalações de Gás e Incêndio em Aço e Ferro Galvanizado",101932,"LUVA DE REDUÇÃO, EM FERRO GALVANIZADO, 4\" X 3\", CONEXÃO ROSQUEADA, INSTALADO EM REDE DE ALIMENTAÇÃO PARA HIDRANTE - FORNECIMENTO E INSTALAÇÃO. AF_10/2020","UN",224.9]
["Instalações de Gás e Incêndio em Aço e Ferro Galvanizado",97537,"LUVA, EM AÇO, CONEXÃO SOLDADA, DN 15 (1/2\"), INSTALADO EM RAMAIS E SUB-RAMAIS DE GÁS - FORNECIMENTO E INSTALAÇÃO. AF_10/2020","UN",32.380000000000003]
["Instalações de Gás e Incêndio em Aço e Ferro Galvanizado",97540,"LUVA, EM AÇO, CONEXÃO SOLDADA, DN 20 (3/4\"), INSTALADO EM RAMAIS E SUB-RAMAIS DE GÁS - FORNECIMENTO E INSTALAÇÃO. AF_10/2020","UN",43.01]
["Instalações de Gás e Incêndio em Aço e Ferro Galvanizado",97543,"LUVA, EM AÇO, CONEXÃO SOLDADA, DN 25 (1\"), INSTALADO EM RAMAIS E SUB-RAMAIS DE GÁS - FORNECIMENTO E INSTALAÇÃO. AF_10/2020","UN",69.239999999999995]
["Instalações de Gás e Incêndio em Aço e Ferro Galvanizado",97461,"LUVA, EM AÇO, CONEXÃO SOLDADA, DN 25 (1\"), INSTALADO EM REDE DE ALIMENTAÇÃO PARA HIDRANTE - FORNECIMENTO E INSTALAÇÃO. AF_10/2020","UN",46.82]
["Instalações de Gás e Incêndio em Aço e Ferro Galvanizado",97499,"LUVA, EM AÇO, CONEXÃO SOLDADA, DN 25 (1\"), INSTALADO EM REDE DE ALIMENTAÇÃO PARA SPRINKLER - FORNECIMENTO E INSTALAÇÃO. AF_10/2020","UN",43.52]
["Instalações de Gás e Incêndio em Aço e Ferro Galvanizado",97464,"LUVA, EM AÇO, CONEXÃO SOLDADA, DN 32 (1 1/4\"), INSTALADO EM REDE DE ALIMENTAÇÃO PARA HIDRANTE - FORNECIMENTO E INSTALAÇÃO. AF_10/2020","UN",67.739999999999995]
["Instalações de Gás e Incêndio em Aço e Ferro Galvanizado",97502,"LUVA, EM AÇO, CONEXÃO SOLDADA, DN 32 (1 1/4\"), INSTALADO EM REDE DE ALIMENTAÇÃO PARA SPRINKLER - FORNECIMENTO E INSTALAÇÃO. AF_10/2020","UN",61.63]
["Instalações de Gás e Incêndio em Aço e Ferro Galvanizado",97467,"LUVA, EM AÇO, CONEXÃO SOLDADA, DN 40 (1 1/2\"), INSTALADO EM REDE DE ALIMENTAÇÃO PARA HIDRANTE - FORNECIMENTO E INSTALAÇÃO. AF_10/2020","UN",86.03]
["Instalações de Gás e Incêndio em Aço e Ferro Galvanizado",97505,"LUVA, EM AÇO, CONEXÃO SOLDADA, DN 40 (1 1/2\"), INSTALADO EM REDE DE ALIMENTAÇÃO PARA SPRINKLER - FORNECIMENTO E INSTALAÇÃO. AF_10/2020","UN",77.400000000000006]
["Instalações de Gás e Incêndio em Aço e Ferro Galvanizado",97443,"LUVA, EM AÇO, CONEXÃO SOLDADA, DN 50 (2\"), INSTALADO EM PRUMADAS - FORNECIMENTO E INSTALAÇÃO. AF_10/2020","UN",148.26]
["Instalações de Gás e Incêndio em Aço e Ferro Galvanizado",97470,"LUVA, EM AÇO, CONEXÃO SOLDADA, DN 50 (2\"), INSTALADO EM REDE DE ALIMENTAÇÃO PARA HIDRANTE - FORNECIMENTO E INSTALAÇÃO. AF_10/2020","UN",127.79]
["Instalações de Gás e Incêndio em Aço e Ferro Galvanizado",97508,"LUVA, EM AÇO, CONEXÃO SOLDADA, DN 50 (2\"), INSTALADO EM REDE DE ALIMENTAÇÃO PARA SPRINKLER - FORNECIMENTO E INSTALAÇÃO. AF_10/2020","UN",115.54]
["Instalações de Gás e Incêndio em Aço e Ferro Galvanizado",97446,"LUVA, EM AÇO, CONEXÃO SOLDADA, DN 65 (2 1/2\"), INSTALADO EM PRUMADAS - FORNECIMENTO E INSTALAÇÃO. AF_10/2020","UN",308.45]
["Instalações de Gás e Incêndio em Aço e Ferro Galvanizado",97474,"LUVA, EM AÇO, CONEXÃO SOLDADA, DN 65 (2 1/2\"), INSTALADO EM REDE DE ALIMENTAÇÃO PARA HIDRANTE - FORNECIMENTO E INSTALAÇÃO. AF_10/2020","UN",235.75]
["Instalações de Gás e Incêndio em Aço e Ferro Galvanizado",97511,"LUVA, EM AÇO, CONEXÃO SOLDADA, DN 65 (2 1/2\"), INSTALADO EM REDE DE ALIMENTAÇÃO PARA SPRINKLER - FORNECIMENTO E INSTALAÇÃO. AF_10/2020","UN",218.17]
["Instalações de Gás e Incêndio em Aço e Ferro Galvanizado",97449,"LUVA, EM AÇO, CONEXÃO SOLDADA, DN 80 (3\"), INSTALADO EM PRUMADAS - FORNECIMENTO E INSTALAÇÃO. AF_10/2020","UN",328.01]
["Instalações de Gás e Incêndio em Aço e Ferro Galvanizado",97477,"LUVA, EM AÇO, CONEXÃO SOLDADA, DN 80 (3\"), INSTALADO EM REDE DE ALIMENTAÇÃO PARA HIDRANTE - FORNECIMENTO E INSTALAÇÃO. AF_10/2020","UN",314.51]
["Instalações de Gás e Incêndio em Aço e Ferro Galvanizado",97514,"LUVA, EM AÇO, CONEXÃO SOLDADA, DN 80 (3\"), INSTALADO EM REDE DE ALIMENTAÇÃO PARA SPRINKLER - FORNECIMENTO E INSTALAÇÃO. AF_10/2020","UN",291.42]
["Instalações de Gás e Incêndio em Aço e Ferro Galvanizado",101920,"LUVA, EM FERRO GALVANIZADO, 4\", CONEXÃO ROSQUEADA, INSTALADO EM PRUMADAS - FORNECIMENTO E INSTALAÇÃO. AF_10/2020","UN",192.35]
["Instalações de Gás e Incêndio em Aço e Ferro Galvanizado",101929,"LUVA, EM FERRO GALVANIZADO, 4\", CONEXÃO ROSQUEADA, INSTALADO EM REDE DE ALIMENTAÇÃO PARA HIDRANTE - FORNECIMENTO E INSTALAÇÃO. AF_10/2020","UN",199]
["Instalações de Gás e Incêndio em Aço e Ferro Galvanizado",92693,"LUVA, EM FERRO GALVANIZADO, CONEXÃO ROSQUEADA, DN 15 (1/2\"), INSTALADO EM RAMAIS E SUB-RAMAIS DE GÁS - FORNECIMENTO E INSTALAÇÃO. AF_10/2020","UN",15.8]
["Instalações de Gás e Incêndio em Aço e Ferro Galvanizado",92695,"LUVA, EM FERRO GALVANIZADO, CONEXÃO ROSQUEADA, DN 20 (3/4\"), INSTALADO EM RAMAIS E SUB-RAMAIS DE GÁS - FORNECIMENTO E INSTALAÇÃO. AF_10/2020","UN",25.04]
["Instalações de Gás e Incêndio em Aço e Ferro Galvanizado",92697,"LUVA, EM FERRO GALVANIZADO, CONEXÃO ROSQUEADA, DN 25 (1\"), INSTALADO EM RAMAIS E SUB-RAMAIS DE GÁS - FORNECIMENTO E INSTALAÇÃO. AF_10/2020","UN",40.520000000000003]
["Instalações de Gás e Incêndio em Aço e Ferro Galvanizado",92658,"LUVA, EM FERRO GALVANIZADO, CONEXÃO ROSQUEADA, DN 25 (1\"), INSTALADO EM REDE DE ALIMENTAÇÃO PARA SPRINKLER - FORNECIMENTO E INSTALAÇÃO. AF_10/2020","UN",30.14]
["Instalações de Gás e Incêndio em Aço e Ferro Galvanizado",92660,"LUVA, EM FERRO GALVANIZADO, CONEXÃO ROSQUEADA, DN 32 (1 1/4\"), INSTALADO EM REDE DE ALIMENTAÇÃO PARA SPRINKLER - FORNECIMENTO E INSTALAÇÃO. AF_10/2020","UN",36.229999999999997]
["Instalações de Gás e Incêndio em Aço e Ferro Galvanizado",92662,"LUVA, EM FERRO GALVANIZADO, CONEXÃO ROSQUEADA, DN 40 (1 1/2\"), INSTALADO EM REDE DE ALIMENTAÇÃO PARA SPRINKLER - FORNECIMENTO E INSTALAÇÃO. AF_10/2020","UN",41.34]
["Instalações de Gás e Incêndio em Aço e Ferro Galvanizado",92664,"LUVA, EM FERRO GALVANIZADO, CONEXÃO ROSQUEADA, DN 50 (2\"), INSTALADO EM REDE DE ALIMENTAÇÃO PARA SPRINKLER - FORNECIMENTO E INSTALAÇÃO. AF_10/2020","UN",54.33]
["Instalações de Gás e Incêndio em Aço e Ferro Galvanizado",92666,"LUVA, EM FERRO GALVANIZADO, CONEXÃO ROSQUEADA, DN 65 (2 1/2\"), INSTALADO EM REDE DE ALIMENTAÇÃO PARA SPRINKLER - FORNECIMENTO E INSTALAÇÃO. AF_10/2020","UN",83.71]
["Instalações de Gás e Incêndio em Aço e Ferro Galvanizado",92668,"LUVA, EM FERRO GALVANIZADO, CONEXÃO ROSQUEADA, DN 80 (3\"), INSTALADO EM REDE DE ALIMENTAÇÃO PARA SPRINKLER - FORNECIMENTO E INSTALAÇÃO. AF_10/2020","UN",116.56]
["Instalações de Gás e Incêndio em Aço e Ferro Galvanizado",92370,"LUVA, EM FERRO GALVANIZADO, DN 25 (1\"), CONEXÃO ROSQUEADA, INSTALADO EM REDE DE ALIMENTAÇÃO PARA HIDRANTE - FORNECIMENTO E INSTALAÇÃO. AF_10/2020","UN",40.98]
["Instalações de Gás e Incêndio em Aço e Ferro Galvanizado",92372,"LUVA, EM FERRO GALVANIZADO, DN 32 (1 1/4\"), CONEXÃO ROSQUEADA, INSTALADO EM REDE DE ALIMENTAÇÃO PARA HIDRANTE - FORNECIMENTO E INSTALAÇÃO. AF_10/2020","UN",48.56]
["Instalações de Gás e Incêndio em Aço e Ferro Galvanizado",92374,"LUVA, EM FERRO GALVANIZADO, DN 40 (1 1/2\"), CONEXÃO ROSQUEADA, INSTALADO EM REDE DE ALIMENTAÇÃO PARA HIDRANTE - FORNECIMENTO E INSTALAÇÃO. AF_10/2020","UN",55.38]
["Instalações de Gás e Incêndio em Aço e Ferro Galvanizado",92345,"LUVA, EM FERRO GALVANIZADO, DN 50 (2\"), CONEXÃO ROSQUEADA, INSTALADO EM PRUMADAS - FORNECIMENTO E INSTALAÇÃO. AF_10/2020","UN",70.56]
["Instalações de Gás e Incêndio em Aço e Ferro Galvanizado",92376,"LUVA, EM FERRO GALVANIZADO, DN 50 (2\"), CONEXÃO ROSQUEADA, INSTALADO EM REDE DE ALIMENTAÇÃO PARA HIDRANTE - FORNECIMENTO E INSTALAÇÃO. AF_10/2020","UN",70.510000000000005]
["Instalações de Gás e Incêndio em Aço e Ferro Galvanizado",92347,"LUVA, EM FERRO GALVANIZADO, DN 65 (2 1/2\"), CONEXÃO ROSQUEADA, INSTALADO EM PRUMADAS - FORNECIMENTO E INSTALAÇÃO. AF_10/2020","UN",101.15]
["Instalações de Gás e Incêndio em Aço e Ferro Galvanizado",92378,"LUVA, EM FERRO GALVANIZADO, DN 65 (2 1/2\"), CONEXÃO ROSQUEADA, INSTALADO EM REDE DE ALIMENTAÇÃO PARA HIDRANTE - FORNECIMENTO E INSTALAÇÃO. AF_10/2020","UN",103.11]
["Instalações de Gás e Incêndio em Aço e Ferro Galvanizado",92349,"LUVA, EM FERRO GALVANIZADO, DN 80 (3\"), CONEXÃO ROSQUEADA, INSTALADO EM PRUMADAS - FORNECIMENTO E INSTALAÇÃO. AF_10/2020","UN",135.1]
["Instalações de Gás e Incêndio em Aço e Ferro Galvanizado",92380,"LUVA, EM FERRO GALVANIZADO, DN 80 (3\"), CONEXÃO ROSQUEADA, INSTALADO EM REDE DE ALIMENTAÇÃO PARA HIDRANTE - FORNECIMENTO E INSTALAÇÃO. AF_10/2020","UN",139.11000000000001]
["Instalações de Gás e Incêndio em Aço e Ferro Galvanizado",101917,"MANÔMETRO 0 A 200 PSI (0 A 14 KGF/CM2), D = 50MM - FORNECIMENTO E INSTALAÇÃO. AF_10/2020","UN",158.72]
["Instalações de Gás e Incêndio em Aço e Ferro Galvanizado",101924,"NIPLE, EM FERRO GALVANIZADO, 4\", CONEXÃO ROSQUEADA, INSTALADO EM PRUMADAS - FORNECIMENTO E INSTALAÇÃO. AF_10/2020","UN",181.52]
["Instalações de Gás e Incêndio em Aço e Ferro Galvanizado",101933,"NIPLE, EM FERRO GALVANIZADO, 4\", CONEXÃO ROSQUEADA, INSTALADO EM REDE DE ALIMENTAÇÃO PARA HIDRANTE - FORNECIMENTO E INSTALAÇÃO. AF_10/2020","UN",188.17]
["Instalações de Gás e Incêndio em Aço e Ferro Galvanizado",92692,"NIPLE, EM FERRO GALVANIZADO, CONEXÃO ROSQUEADA, DN 15 (1/2\"), INSTALADO EM RAMAIS E SUB-RAMAIS DE GÁS - FORNECIMENTO E INSTALAÇÃO. AF_10/2020","UN",15.41]
["Instalações de Gás e Incêndio em Aço e Ferro Galvanizado",92694,"NIPLE, EM FERRO GALVANIZADO, CONEXÃO ROSQUEADA, DN 20 (3/4\"), INSTALADO EM RAMAIS E SUB-RAMAIS DE GÁS - FORNECIMENTO E INSTALAÇÃO. AF_10/2020","UN",24.66]
["Instalações de Gás e Incêndio em Aço e Ferro Galvanizado",92696,"NIPLE, EM FERRO GALVANIZADO, CONEXÃO ROSQUEADA, DN 25 (1\"), INSTALADO EM RAMAIS E SUB-RAMAIS DE GÁS - FORNECIMENTO E INSTALAÇÃO. AF_10/2020","UN",38.79]
["Instalações de Gás e Incêndio em Aço e Ferro Galvanizado",92657,"NIPLE, EM FERRO GALVANIZADO, CONEXÃO ROSQUEADA, DN 25 (1\"), INSTALADO EM REDE DE ALIMENTAÇÃO PARA SPRINKLER - FORNECIMENTO E INSTALAÇÃO. AF_10/2020","UN",28.41]
["Instalações de Gás e Incêndio em Aço e Ferro Galvanizado",92659,"NIPLE, EM FERRO GALVANIZADO, CONEXÃO ROSQUEADA, DN 32 (1 1/4\"), INSTALADO EM REDE DE ALIMENTAÇÃO PARA SPRINKLER - FORNECIMENTO E INSTALAÇÃO. AF_10/2020","UN",34.61]
["Instalações de Gás e Incêndio em Aço e Ferro Galvanizado",92661,"NIPLE, EM FERRO GALVANIZADO, CONEXÃO ROSQUEADA, DN 40 (1 1/2\"), INSTALADO EM REDE DE ALIMENTAÇÃO PARA SPRINKLER - FORNECIMENTO E INSTALAÇÃO. AF_10/2020","UN",41.02]
["Instalações de Gás e Incêndio em Aço e Ferro Galvanizado",92663,"NIPLE, EM FERRO GALVANIZADO, CONEXÃO ROSQUEADA, DN 50 (2\"), INSTALADO EM REDE DE ALIMENTAÇÃO PARA SPRINKLER - FORNECIMENTO E INSTALAÇÃO. AF_10/2020","UN",54.35]
["Instalações de Gás e Incêndio em Aço e Ferro Galvanizado",92665,"NIPLE, EM FERRO GALVANIZADO, CONEXÃO ROSQUEADA, DN 65 (2 1/2\"), INSTALADO EM REDE DE ALIMENTAÇÃO PARA SPRINKLER - FORNECIMENTO E INSTALAÇÃO. AF_10/2020","UN",74.05]
["Instalações de Gás e Incêndio em Aço e Ferro Galvanizado",92667,"NIPLE, EM FERRO GALVANIZADO, CONEXÃO ROSQUEADA, DN 80 (3\"), INSTALADO EM REDE DE ALIMENTAÇÃO PARA SPRINKLER - FORNECIMENTO E INSTALAÇÃO. AF_10/2020","UN",107.97]
["Instalações de Gás e Incêndio em Aço e Ferro Galvanizado",92369,"NIPLE, EM FERRO GALVANIZADO, DN 25 (1\"), CONEXÃO ROSQUEADA, INSTALADO EM REDE DE ALIMENTAÇÃO PARA HIDRANTE - FORNECIMENTO E INSTALAÇÃO. AF_10/2020","UN",39.25]
["Instalações de Gás e Incêndio em Aço e Ferro Galvanizado",92371,"NIPLE, EM FERRO GALVANIZADO, DN 32 (1 1/4\"), CONEXÃO ROSQUEADA, INSTALADO EM REDE DE ALIMENTAÇÃO PARA HIDRANTE - FORNECIMENTO E INSTALAÇÃO. AF_10/2020","UN",46.94]
["Instalações de Gás e Incêndio em Aço e Ferro Galvanizado",92373,"NIPLE, EM FERRO GALVANIZADO, DN 40 (1 1/2\"), CONEXÃO ROSQUEADA, INSTALADO EM REDE DE ALIMENTAÇÃO PARA HIDRANTE - FORNECIMENTO E INSTALAÇÃO. AF_10/2020","UN",55.06]
["Instalações de Gás e Incêndio em Aço e Ferro Galvanizado",92344,"NIPLE, EM FERRO GALVANIZADO, DN 50 (2\"), CONEXÃO ROSQUEADA, INSTALADO EM PRUMADAS - FORNECIMENTO E INSTALAÇÃO. AF_10/2020","UN",70.58]
["Instalações de Gás e Incêndio em Aço e Ferro Galvanizado",92375,"NIPLE, EM FERRO GALVANIZADO, DN 50 (2\"), CONEXÃO ROSQUEADA, INSTALADO EM REDE DE ALIMENTAÇÃO PARA HIDRANTE - FORNECIMENTO E INSTALAÇÃO. AF_10/2020","UN",70.53]
["Instalações de Gás e Incêndio em Aço e Ferro Galvanizado",92346,"NIPLE, EM FERRO GALVANIZADO, DN 65 (2 1/2\"), CONEXÃO ROSQUEADA, INSTALADO EM PRUMADAS - FORNECIMENTO E INSTALAÇÃO. AF_10/2020","UN",91.49]
["Instalações de Gás e Incêndio em Aço e Ferro Galvanizado",92377,"NIPLE, EM FERRO GALVANIZADO, DN 65 (2 1/2\"), CONEXÃO ROSQUEADA, INSTALADO EM REDE DE ALIMENTAÇÃO PARA HIDRANTE - FORNECIMENTO E INSTALAÇÃO. AF_10/2020","UN",93.45]
["Instalações de Gás e Incêndio em Aço e Ferro Galvanizado",92348,"NIPLE, EM FERRO GALVANIZADO, DN 80 (3\"), CONEXÃO ROSQUEADA, INSTALADO EM PRUMADAS - FORNECIMENTO E INSTALAÇÃO. AF_10/2020","UN",126.51]
["Instalações de Gás e Incêndio em Aço e Ferro Galvanizado",92379,"NIPLE, EM FERRO GALVANIZADO, DN 80 (3\"), CONEXÃO ROSQUEADA, INSTALADO EM REDE DE ALIMENTAÇÃO PARA HIDRANTE - FORNECIMENTO E INSTALAÇÃO. AF_10/2020","UN",130.52000000000001]
["Instalações de Gás e Incêndio em Aço e Ferro Galvanizado",95696,"SPRINKLER TIPO PENDENTE, 68 °C, UNIÃO POR ROSCA DN 15 (1/2\") - FORNECIMENTO E INSTALAÇÃO. AF_10/2020","UN",45.81]
["Instalações de Gás e Incêndio em Aço e Ferro Galvanizado",92335,"TUBO DE AÇO GALVANIZADO COM COSTURA, CLASSE MÉDIA, CONEXÃO RANHURADA, DN 50 (2\"), INSTALADO EM PRUMADAS - FORNECIMENTO E INSTALAÇÃO. AF_10/2020","M",98.7]
["Instalações de Gás e Incêndio em Aço e Ferro Galvanizado",92336,"TUBO DE AÇO GALVANIZADO COM COSTURA, CLASSE MÉDIA, CONEXÃO RANHURADA, DN 65 (2 1/2\"), INSTALADO EM PRUMADAS - FORNECIMENTO E INSTALAÇÃO. AF_10/2020","M",121.13]
["Instalações de Gás e Incêndio em Aço e Ferro Galvanizado",92337,"TUBO DE AÇO GALVANIZADO COM COSTURA, CLASSE MÉDIA, CONEXÃO RANHURADA, DN 80 (3\"), INSTALADO EM PRUMADAS - FORNECIMENTO E INSTALAÇÃO. AF_10/2020","M",159.25]
["Instalações de Gás e Incêndio em Aço e Ferro Galvanizado",92687,"TUBO DE AÇO GALVANIZADO COM COSTURA, CLASSE MÉDIA, CONEXÃO ROSQUEADA, DN 15 (1/2\"), INSTALADO EM RAMAIS E SUB-RAMAIS DE GÁS - FORNECIMENTO E INSTALAÇÃO. AF_10/2020","M",30.97]
["Instalações de Gás e Incêndio em Aço e Ferro Galvanizado",92688,"TUBO DE AÇO GALVANIZADO COM COSTURA, CLASSE MÉDIA, CONEXÃO ROSQUEADA, DN 20 (3/4\"), INSTALADO EM RAMAIS E SUB-RAMAIS DE GÁS - FORNECIMENTO E INSTALAÇÃO. AF_10/2020","M",43.65]
["Instalações de Gás e Incêndio em Aço e Ferro Galvanizado",97536,"TUBO DE AÇO GALVANIZADO COM COSTURA, CLASSE MÉDIA, CONEXÃO ROSQUEADA, DN 25 (1\"), INSTALADO EM RAMAIS E SUB-RAMAIS DE GÁS - FORNECIMENTO E INSTALAÇÃO. AF_10/2020","M",67.209999999999994]
["Instalações de Gás e Incêndio em Aço e Ferro Galvanizado",97535,"TUBO DE AÇO GALVANIZADO COM COSTURA, CLASSE MÉDIA, CONEXÃO ROSQUEADA, DN 25 (1\"), INSTALADO EM REDE DE ALIMENTAÇÃO PARA SPRINKLER - FORNECIMENTO E INSTALAÇÃO. AF_10/2020","M",54.41]
["Instalações de Gás e Incêndio em Aço e Ferro Galvanizado",92652,"TUBO DE AÇO GALVANIZADO COM COSTURA, CLASSE MÉDIA, CONEXÃO ROSQUEADA, DN 32 (1 1/4\"), INSTALADO EM REDE DE ALIMENTAÇÃO PARA SPRINKLER - FORNECIMENTO E INSTALAÇÃO. AF_10/2020","M",65.599999999999994]
["Instalações de Gás e Incêndio em Aço e Ferro Galvanizado",92653,"TUBO DE AÇO GALVANIZADO COM COSTURA, CLASSE MÉDIA, CONEXÃO ROSQUEADA, DN 40 (1 1/2\"), INSTALADO EM REDE DE ALIMENTAÇÃO PARA SPRINKLER - FORNECIMENTO E INSTALAÇÃO. AF_10/2020","M",74.63]
["Instalações de Gás e Incêndio em Aço e Ferro Galvanizado",92654,"TUBO DE AÇO GALVANIZADO COM COSTURA, CLASSE MÉDIA, CONEXÃO ROSQUEADA, DN 50 (2\"), INSTALADO EM REDE DE ALIMENTAÇÃO PARA SPRINKLER - FORNECIMENTO E INSTALAÇÃO. AF_10/2020","M",101.43]
["Instalações de Gás e Incêndio em Aço e Ferro Galvanizado",92655,"TUBO DE AÇO GALVANIZADO COM COSTURA, CLASSE MÉDIA, CONEXÃO ROSQUEADA, DN 65 (2 1/2\"), INSTALADO EM REDE DE ALIMENTAÇÃO PARA SPRINKLER - FORNECIMENTO E INSTALAÇÃO. AF_10/2020","M",123.37]
["Instalações de Gás e Incêndio em Aço e Ferro Galvanizado",92656,"TUBO DE AÇO GALVANIZADO COM COSTURA, CLASSE MÉDIA, CONEXÃO ROSQUEADA, DN 80 (3\"), INSTALADO EM REDE DE ALIMENTAÇÃO PARA SPRINKLER - FORNECIMENTO E INSTALAÇÃO. AF_10/2020","M",160.97]
["Instalações de Gás e Incêndio em Aço e Ferro Galvanizado",101918,"TUBO DE AÇO GALVANIZADO COM COSTURA, CLASSE MÉDIA, DN 100 (4\"), CONEXÃO ROSQUEADA, INSTALADO EM PRUMADAS - FORNECIMENTO E INSTALAÇÃO. AF_10/2020","M",227.64]
["Instalações de Gás e Incêndio em Aço e Ferro Galvanizado",101927,"TUBO DE AÇO GALVANIZADO COM COSTURA, CLASSE MÉDIA, DN 100 (4\"), CONEXÃO ROSQUEADA, INSTALADO EM REDE DE ALIMENTAÇÃO PARA HIDRANTE - FORNECIMENTO E INSTALAÇÃO. AF_10/2020","M",210.29]
["Instalações de Gás e Incêndio em Aço e Ferro Galvanizado",97498,"TUBO DE AÇO GALVANIZADO COM COSTURA, CLASSE MÉDIA, DN 25 (1\"), CONEXÃO ROSQUEADA, INSTALADO EM REDE DE ALIMENTAÇÃO PARA HIDRANTE - FORNECIMENTO E INSTALAÇÃO. AF_10/2020","M",48.85]
["Instalações de Gás e Incêndio em Aço e Ferro Galvanizado",92364,"TUBO DE AÇO GALVANIZADO COM COSTURA, CLASSE MÉDIA, DN 32 (1 1/4\"), CONEXÃO ROSQUEADA, INSTALADO EM REDE DE ALIMENTAÇÃO PARA HIDRANTE - FORNECIMENTO E INSTALAÇÃO. AF_10/2020","M",60.03]
["Instalações de Gás e Incêndio em Aço e Ferro Galvanizado",92365,"TUBO DE AÇO GALVANIZADO COM COSTURA, CLASSE MÉDIA, DN 40 (1 1/2\"), CONEXÃO ROSQUEADA, INSTALADO EM REDE DE ALIMENTAÇÃO PARA HIDRANTE - FORNECIMENTO E INSTALAÇÃO. AF_10/2020","M",69.010000000000005]
["Instalações de Gás e Incêndio em Aço e Ferro Galvanizado",92341,"TUBO DE AÇO GALVANIZADO COM COSTURA, CLASSE MÉDIA, DN 50 (2\"), CONEXÃO ROSQUEADA, INSTALADO EM PRUMADAS - FORNECIMENTO E INSTALAÇÃO. AF_10/2020","M",110.89]
["Instalações de Gás e Incêndio em Aço e Ferro Galvanizado",92366,"TUBO DE AÇO GALVANIZADO COM COSTURA, CLASSE MÉDIA, DN 50 (2\"), CONEXÃO ROSQUEADA, INSTALADO EM REDE DE ALIMENTAÇÃO PARA HIDRANTE - FORNECIMENTO E INSTALAÇÃO. AF_10/2020","M",95.81]
["Instalações de Gás e Incêndio em Aço e Ferro Galvanizado",92342,"TUBO DE AÇO GALVANIZADO COM COSTURA, CLASSE MÉDIA, DN 65 (2 1/2\"), CONEXÃO ROSQUEADA, INSTALADO EM PRUMADAS - FORNECIMENTO E INSTALAÇÃO. AF_10/2020","M",133.41]
["Instalações de Gás e Incêndio em Aço e Ferro Galvanizado",92367,"TUBO DE AÇO GALVANIZADO COM COSTURA, CLASSE MÉDIA, DN 65 (2 1/2\"), CONEXÃO ROSQUEADA, INSTALADO EM REDE DE ALIMENTAÇÃO PARA HIDRANTE - FORNECIMENTO E INSTALAÇÃO. AF_10/2020","M",117.63]
["Instalações de Gás e Incêndio em Aço e Ferro Galvanizado",92343,"TUBO DE AÇO GALVANIZADO COM COSTURA, CLASSE MÉDIA, DN 80 (3\"), CONEXÃO ROSQUEADA, INSTALADO EM PRUMADAS - FORNECIMENTO E INSTALAÇÃO. AF_10/2020","M",171.64]
["Instalações de Gás e Incêndio em Aço e Ferro Galvanizado",92368,"TUBO DE AÇO GALVANIZADO COM COSTURA, CLASSE MÉDIA, DN 80 (3\"), CONEXÃO ROSQUEADA, INSTALADO EM REDE DE ALIMENTAÇÃO PARA HIDRANTE - FORNECIMENTO E INSTALAÇÃO. AF_10/2020","M",155.24]
["Instalações de Gás e Incêndio em Aço e Ferro Galvanizado",92689,"TUBO DE AÇO PRETO SEM COSTURA, CLASSE MÉDIA, CONEXÃO SOLDADA, DN 15 (1/2\"), INSTALADO EM RAMAIS E SUB-RAMAIS DE GÁS - FORNECIMENTO E INSTALAÇÃO. AF_10/2020","M",54.33]
["Instalações de Gás e Incêndio em Aço e Ferro Galvanizado",92690,"TUBO DE AÇO PRETO SEM COSTURA, CLASSE MÉDIA, CONEXÃO SOLDADA, DN 20 (3/4\"), INSTALADO EM RAMAIS E SUB-RAMAIS DE GÁS - FORNECIMENTO E INSTALAÇÃO. AF_10/2020","M",78.06]
["Instalações de Gás e Incêndio em Aço e Ferro Galvanizado",92691,"TUBO DE AÇO PRETO SEM COSTURA, CLASSE MÉDIA, CONEXÃO SOLDADA, DN 25 (1\"), INSTALADO EM RAMAIS E SUB-RAMAIS DE GÁS - FORNECIMENTO E INSTALAÇÃO. AF_10/2020","M",103.52]
["Instalações de Gás e Incêndio em Aço e Ferro Galvanizado",92359,"TUBO DE AÇO PRETO SEM COSTURA, CONEXÃO SOLDADA, DN 25 (1\"), INSTALADO EM REDE DE ALIMENTAÇÃO PARA HIDRANTE - FORNECIMENTO E INSTALAÇÃO. AF_10/2020","M",71.3]
["Instalações de Gás e Incêndio em Aço e Ferro Galvanizado",92645,"TUBO DE AÇO PRETO SEM COSTURA, CONEXÃO SOLDADA, DN 25 (1\"), INSTALADO EM REDE DE ALIMENTAÇÃO PARA SPRINKLER - FORNECIMENTO E INSTALAÇÃO. AF_10/2020","M",76.16]
["Instalações de Gás e Incêndio em Aço e Ferro Galvanizado",92360,"TUBO DE AÇO PRETO SEM COSTURA, CONEXÃO SOLDADA, DN 32 (1 1/4\"), INSTALADO EM REDE DE ALIMENTAÇÃO PARA HIDRANTE - FORNECIMENTO E INSTALAÇÃO. AF_10/2020","M",95.26]
["Instalações de Gás e Incêndio em Aço e Ferro Galvanizado",92646,"TUBO DE AÇO PRETO SEM COSTURA, CONEXÃO SOLDADA, DN 32 (1 1/4\"), INSTALADO EM REDE DE ALIMENTAÇÃO PARA SPRINKLER - FORNECIMENTO E INSTALAÇÃO. AF_10/2020","M",100.11]
["Instalações de Gás e Incêndio em Aço e Ferro Galvanizado",95697,"TUBO DE AÇO PRETO SEM COSTURA, CONEXÃO SOLDADA, DN 40 (1 1/2\"), INSTALADO EM REDE DE ALIMENTAÇÃO PARA HIDRANTE - FORNECIMENTO E INSTALAÇÃO. AF_10/2020","M",104.8]
["Instalações de Gás e Incêndio em Aço e Ferro Galvanizado",92648,"TUBO DE AÇO PRETO SEM COSTURA, CONEXÃO SOLDADA, DN 40 (1 1/2\"), INSTALADO EM REDE DE ALIMENTAÇÃO PARA SPRINKLER - FORNECIMENTO E INSTALAÇÃO. AF_10/2020","M",109.66]
["Instalações de Gás e Incêndio em Aço e Ferro Galvanizado",92338,"TUBO DE AÇO PRETO SEM COSTURA, CONEXÃO SOLDADA, DN 50 (2\"), INSTALADO EM PRUMADAS - FORNECIMENTO E INSTALAÇÃO. AF_10/2020","M",155.77000000000001]
["Instalações de Gás e Incêndio em Aço e Ferro Galvanizado",92361,"TUBO DE AÇO PRETO SEM COSTURA, CONEXÃO SOLDADA, DN 50 (2\"), INSTALADO EM REDE DE ALIMENTAÇÃO PARA HIDRANTE - FORNECIMENTO E INSTALAÇÃO. AF_10/2020","M",128.80000000000001]
["Instalações de Gás e Incêndio em Aço e Ferro Galvanizado",92649,"TUBO DE AÇO PRETO SEM COSTURA, CONEXÃO SOLDADA, DN 50 (2\"), INSTALADO EM REDE DE ALIMENTAÇÃO PARA SPRINKLER - FORNECIMENTO E INSTALAÇÃO. AF_10/2020","M",133.65]
["Instalações de Gás e Incêndio em Aço e Ferro Galvanizado",92339,"TUBO DE AÇO PRETO SEM COSTURA, CONEXÃO SOLDADA, DN 65 (2 1/2\"), INSTALADO EM PRUMADAS - FORNECIMENTO E INSTALAÇÃO. AF_10/2020","M",233.62]
["Instalações de Gás e Incêndio em Aço e Ferro Galvanizado",92362,"TUBO DE AÇO PRETO SEM COSTURA, CONEXÃO SOLDADA, DN 65 (2 1/2\"), INSTALADO EM REDE DE ALIMENTAÇÃO PARA HIDRANTE - FORNECIMENTO E INSTALAÇÃO. AF_10/2020","M",205.57]
["Instalações de Gás e Incêndio em Aço e Ferro Galvanizado",92650,"TUBO DE AÇO PRETO SEM COSTURA, CONEXÃO SOLDADA, DN 65 (2 1/2\"), INSTALADO EM REDE DE ALIMENTAÇÃO PARA SPRINKLER - FORNECIMENTO E INSTALAÇÃO. AF_10/2020","M",210.42]
["Instalações de Gás e Incêndio em Aço e Ferro Galvanizado",97439,"TÊ, EM AÇO, CONEXÃO RANHURADA, DN 50 (2\"), INSTALADO EM PRUMADAS - FORNECIMENTO E INSTALAÇÃO. AF_10/2020","UN",223.84]
["Instalações de Gás e Incêndio em Aço e Ferro Galvanizado",97440,"TÊ, EM AÇO, CONEXÃO RANHURADA, DN 65 (2 1/2\"), INSTALADO EM PRUMADAS - FORNECIMENTO E INSTALAÇÃO. AF_10/2020","UN",269.16000000000003]
["Instalações de Gás e Incêndio em Aço e Ferro Galvanizado",97442,"TÊ, EM AÇO, CONEXÃO RANHURADA, DN 80 (3\"), INSTALADO EM PRUMADAS - FORNECIMENTO E INSTALAÇÃO. AF_10/2020","UN",296.94]
["Instalações de Gás e Incêndio em Aço e Ferro Galvanizado",97552,"TÊ, EM AÇO, CONEXÃO SOLDADA, DN 15 (1/2\"), INSTALADO EM RAMAIS E SUB-RAMAIS DE GÁS - FORNECIMENTO E INSTALAÇÃO. AF_10/2020","UN",66.099999999999994]
["Instalações de Gás e Incêndio em Aço e Ferro Galvanizado",97553,"TÊ, EM AÇO, CONEXÃO SOLDADA, DN 20 (3/4\"), INSTALADO EM RAMAIS E SUB-RAMAIS DE GÁS - FORNECIMENTO E INSTALAÇÃO. AF_10/2020","UN",94.56]
["Instalações de Gás e Incêndio em Aço e Ferro Galvanizado",97554,"TÊ, EM AÇO, CONEXÃO SOLDADA, DN 25 (1\"), INSTALADO EM RAMAIS E SUB-RAMAIS DE GÁS - FORNECIMENTO E INSTALAÇÃO. AF_10/2020","UN",162.80000000000001]
["Instalações de Gás e Incêndio em Aço e Ferro Galvanizado",97491,"TÊ, EM AÇO, CONEXÃO SOLDADA, DN 25 (1\"), INSTALADO EM REDE DE ALIMENTAÇÃO PARA HIDRANTE - FORNECIMENTO E INSTALAÇÃO. AF_10/2020","UN",117.76]
["Instalações de Gás e Incêndio em Aço e Ferro Galvanizado",97529,"TÊ, EM AÇO, CONEXÃO SOLDADA, DN 25 (1\"), INSTALADO EM REDE DE ALIMENTAÇÃO PARA SPRINKLER - FORNECIMENTO E INSTALAÇÃO. AF_10/2020","UN",111.26]
["Instalações de Gás e Incêndio em Aço e Ferro Galvanizado",97492,"TÊ, EM AÇO, CONEXÃO SOLDADA, DN 32 (1 1/4\"), INSTALADO EM REDE DE ALIMENTAÇÃO PARA HIDRANTE - FORNECIMENTO E INSTALAÇÃO. AF_10/2020","UN",173.44]
["Instalações de Gás e Incêndio em Aço e Ferro Galvanizado",97530,"TÊ, EM AÇO, CONEXÃO SOLDADA, DN 32 (1 1/4\"), INSTALADO EM REDE DE ALIMENTAÇÃO PARA SPRINKLER - FORNECIMENTO E INSTALAÇÃO. AF_10/2020","UN",161.79]
["Instalações de Gás e Incêndio em Aço e Ferro Galvanizado",97493,"TÊ, EM AÇO, CONEXÃO SOLDADA, DN 40 (1 1/2\"), INSTALADO EM REDE DE ALIMENTAÇÃO PARA HIDRANTE - FORNECIMENTO E INSTALAÇÃO. AF_10/2020","UN",223.89]
["Instalações de Gás e Incêndio em Aço e Ferro Galvanizado",97531,"TÊ, EM AÇO, CONEXÃO SOLDADA, DN 40 (1 1/2\"), INSTALADO EM REDE DE ALIMENTAÇÃO PARA SPRINKLER - FORNECIMENTO E INSTALAÇÃO. AF_10/2020","UN",206.51]
["Instalações de Gás e Incêndio em Aço e Ferro Galvanizado",97458,"TÊ, EM AÇO, CONEXÃO SOLDADA, DN 50 (2\"), INSTALADO EM PRUMADAS - FORNECIMENTO E INSTALAÇÃO. AF_10/2020","UN",390.09]
["Instalações de Gás e Incêndio em Aço e Ferro Galvanizado",97494,"TÊ, EM AÇO, CONEXÃO SOLDADA, DN 50 (2\"), INSTALADO EM REDE DE ALIMENTAÇÃO PARA HIDRANTE - FORNECIMENTO E INSTALAÇÃO. AF_10/2020","UN",349.13]
["Instalações de Gás e Incêndio em Aço e Ferro Galvanizado",97532,"TÊ, EM AÇO, CONEXÃO SOLDADA, DN 50 (2\"), INSTALADO EM REDE DE ALIMENTAÇÃO PARA SPRINKLER - FORNECIMENTO E INSTALAÇÃO. AF_10/2020","UN",324.66000000000003]
["Instalações de Gás e Incêndio em Aço e Ferro Galvanizado",97459,"TÊ, EM AÇO, CONEXÃO SOLDADA, DN 65 (2 1/2\"), INSTALADO EM PRUMADAS - FORNECIMENTO E INSTALAÇÃO. AF_10/2020","UN",677.35]
["Instalações de Gás e Incêndio em Aço e Ferro Galvanizado",97495,"TÊ, EM AÇO, CONEXÃO SOLDADA, DN 65 (2 1/2\"), INSTALADO EM REDE DE ALIMENTAÇÃO PARA HIDRANTE - FORNECIMENTO E INSTALAÇÃO. AF_10/2020","UN",643.37]
["Instalações de Gás e Incêndio em Aço e Ferro Galvanizado",97533,"TÊ, EM AÇO, CONEXÃO SOLDADA, DN 65 (2 1/2\"), INSTALADO EM REDE DE ALIMENTAÇÃO PARA SPRINKLER - FORNECIMENTO E INSTALAÇÃO. AF_10/2020","UN",613.28]
["Instalações de Gás e Incêndio em Aço e Ferro Galvanizado",97460,"TÊ, EM AÇO, CONEXÃO SOLDADA, DN 80 (3\"), INSTALADO EM PRUMADAS - FORNECIMENTO E INSTALAÇÃO. AF_10/2020","UN",1047.8699999999999]
["Instalações de Gás e Incêndio em Aço e Ferro Galvanizado",97496,"TÊ, EM AÇO, CONEXÃO SOLDADA, DN 80 (3\"), INSTALADO EM REDE DE ALIMENTAÇÃO PARA HIDRANTE - FORNECIMENTO E INSTALAÇÃO. AF_10/2020","UN",1020.89]
["Instalações de Gás e Incêndio em Aço e Ferro Galvanizado",97534,"TÊ, EM AÇO, CONEXÃO SOLDADA, DN 80 (3\"), INSTALADO EM REDE DE ALIMENTAÇÃO PARA SPRINKLER - FORNECIMENTO E INSTALAÇÃO. AF_10/2020","UN",974.78]
["Instalações de Gás e Incêndio em Aço e Ferro Galvanizado",101926,"TÊ, EM FERRO GALVANIZADO, 4\", CONEXÃO ROSQUEADA, INSTALADO EM PRUMADAS - FORNECIMENTO E INSTALAÇÃO. AF_10/2020","UN",390]
["Instalações de Gás e Incêndio em Aço e Ferro Galvanizado",101935,"TÊ, EM FERRO GALVANIZADO, 4\", CONEXÃO ROSQUEADA, INSTALADO EM REDE DE ALIMENTAÇÃO PARA HIDRANTE - FORNECIMENTO E INSTALAÇÃO. AF_10/2020","UN",403.29]
["Instalações de Gás e Incêndio em Aço e Ferro Galvanizado",92704,"TÊ, EM FERRO GALVANIZADO, CONEXÃO ROSQUEADA, DN 15 (1/2\"), INSTALADO EM RAMAIS E SUB-RAMAIS DE GÁS - FORNECIMENTO E INSTALAÇÃO. AF_10/2020","UN",28.98]
["Instalações de Gás e Incêndio em Aço e Ferro Galvanizado",92705,"TÊ, EM FERRO GALVANIZADO, CONEXÃO ROSQUEADA, DN 20 (3/4\"), INSTALADO EM RAMAIS E SUB-RAMAIS DE GÁS - FORNECIMENTO E INSTALAÇÃO. AF_10/2020","UN",47]
["Instalações de Gás e Incêndio em Aço e Ferro Galvanizado",92706,"TÊ, EM FERRO GALVANIZADO, CONEXÃO ROSQUEADA, DN 25 (1\"), INSTALADO EM RAMAIS E SUB-RAMAIS DE GÁS - FORNECIMENTO E INSTALAÇÃO. AF_10/2020","UN",76.12]
["Instalações de Gás e Incêndio em Aço e Ferro Galvanizado",92637,"TÊ, EM FERRO GALVANIZADO, CONEXÃO ROSQUEADA, DN 25 (1\"), INSTALADO EM REDE DE ALIMENTAÇÃO PARA HIDRANTE - FORNECIMENTO E INSTALAÇÃO. AF_10/2020","UN",76.97]
["Instalações de Gás e Incêndio em Aço e Ferro Galvanizado",92681,"TÊ, EM FERRO GALVANIZADO, CONEXÃO ROSQUEADA, DN 25 (1\"), INSTALADO EM REDE DE ALIMENTAÇÃO PARA SPRINKLER - FORNECIMENTO E INSTALAÇÃO. AF_10/2020","UN",55.23]
["Instalações de Gás e Incêndio em Aço e Ferro Galvanizado",92638,"TÊ, EM FERRO GALVANIZADO, CONEXÃO ROSQUEADA, DN 32 (1 1/4\"), INSTALADO EM REDE DE ALIMENTAÇÃO PARA HIDRANTE - FORNECIMENTO E INSTALAÇÃO. AF_10/2020","UN",92.79]
["Instalações de Gás e Incêndio em Aço e Ferro Galvanizado",92682,"TÊ, EM FERRO GALVANIZADO, CONEXÃO ROSQUEADA, DN 32 (1 1/4\"), INSTALADO EM REDE DE ALIMENTAÇÃO PARA SPRINKLER - FORNECIMENTO E INSTALAÇÃO. AF_10/2020","UN",68.06]
["Instalações de Gás e Incêndio em Aço e Ferro Galvanizado",92639,"TÊ, EM FERRO GALVANIZADO, CONEXÃO ROSQUEADA, DN 40 (1 1/2\"), INSTALADO EM REDE DE ALIMENTAÇÃO PARA HIDRANTE - FORNECIMENTO E INSTALAÇÃO. AF_10/2020","UN",106.78]
["Instalações de Gás e Incêndio em Aço e Ferro Galvanizado",92683,"TÊ, EM FERRO GALVANIZADO, CONEXÃO ROSQUEADA, DN 40 (1 1/2\"), INSTALADO EM REDE DE ALIMENTAÇÃO PARA SPRINKLER - FORNECIMENTO E INSTALAÇÃO. AF_10/2020","UN",78.739999999999995]
["Instalações de Gás e Incêndio em Aço e Ferro Galvanizado",92640,"TÊ, EM FERRO GALVANIZADO, CONEXÃO ROSQUEADA, DN 50 (2\"), INSTALADO EM REDE DE ALIMENTAÇÃO PARA HIDRANTE - FORNECIMENTO E INSTALAÇÃO. AF_10/2020","UN",137.01]
["Instalações de Gás e Incêndio em Aço e Ferro Galvanizado",92684,"TÊ, EM FERRO GALVANIZADO, CONEXÃO ROSQUEADA, DN 50 (2\"), INSTALADO EM REDE DE ALIMENTAÇÃO PARA SPRINKLER - FORNECIMENTO E INSTALAÇÃO. AF_10/2020","UN",104.7]
["Instalações de Gás e Incêndio em Aço e Ferro Galvanizado",92642,"TÊ, EM FERRO GALVANIZADO, CONEXÃO ROSQUEADA, DN 65 (2 1/2\"), INSTALADO EM REDE DE ALIMENTAÇÃO PARA HIDRANTE - FORNECIMENTO E INSTALAÇÃO. AF_10/2020","UN",203.78]
["Instalações de Gás e Incêndio em Aço e Ferro Galvanizado",92685,"TÊ, EM FERRO GALVANIZADO, CONEXÃO ROSQUEADA, DN 65 (2 1/2\"), INSTALADO EM REDE DE ALIMENTAÇÃO PARA SPRINKLER - FORNECIMENTO E INSTALAÇÃO. AF_10/2020","UN",165.12]
["Instalações de Gás e Incêndio em Aço e Ferro Galvanizado",92644,"TÊ, EM FERRO GALVANIZADO, CONEXÃO ROSQUEADA, DN 80 (3\"), INSTALADO EM REDE DE ALIMENTAÇÃO PARA HIDRANTE - FORNECIMENTO E INSTALAÇÃO. AF_10/2020","UN",254.74]
["Instalações de Gás e Incêndio em Aço e Ferro Galvanizado",92686,"TÊ, EM FERRO GALVANIZADO, CONEXÃO ROSQUEADA, DN 80 (3\"), INSTALADO EM REDE DE ALIMENTAÇÃO PARA SPRINKLER - FORNECIMENTO E INSTALAÇÃO. AF_10/2020","UN",209.65]
["Instalações de Gás e Incêndio em Aço e Ferro Galvanizado",92356,"TÊ, EM FERRO GALVANIZADO, DN 50 (2\"), CONEXÃO ROSQUEADA, INSTALADO EM PRUMADAS - FORNECIMENTO E INSTALAÇÃO. AF_10/2020","UN",137.18]
["Instalações de Gás e Incêndio em Aço e Ferro Galvanizado",92357,"TÊ, EM FERRO GALVANIZADO, DN 65 (2 1/2\"), CONEXÃO ROSQUEADA, INSTALADO EM PRUMADAS - FORNECIMENTO E INSTALAÇÃO. AF_10/2020","UN",199.88]
["Instalações de Gás e Incêndio em Aço e Ferro Galvanizado",92358,"TÊ, EM FERRO GALVANIZADO, DN 80 (3\"), CONEXÃO ROSQUEADA, INSTALADO EM PRUMADAS - FORNECIMENTO E INSTALAÇÃO. AF_10/2020","UN",246.71]
["Instalações de Gás e Incêndio em Aço e Ferro Galvanizado",101919,"UNIÃO, EM FERRO GALVANIZADO, 4\", CONEXÃO ROSQUEADA, INSTALADO EM PRUMADAS - FORNECIMENTO E INSTALAÇÃO. AF_10/2020","UN",393.46]
["Instalações de Gás e Incêndio em Aço e Ferro Galvanizado",101928,"UNIÃO, EM FERRO GALVANIZADO, 4\", CONEXÃO ROSQUEADA, INSTALADO EM REDE DE ALIMENTAÇÃO PARA HIDRANTE - FORNECIMENTO E INSTALAÇÃO. AF_10/2020","UN",400.11]
["Instalações de Gás e Incêndio em Aço e Ferro Galvanizado",92904,"UNIÃO, EM FERRO GALVANIZADO, CONEXÃO ROSQUEADA, DN 15 (1/2\"), INSTALADO EM RAMAIS E SUB-RAMAIS DE GÁS - FORNECIMENTO E INSTALAÇÃO. AF_10/2020","UN",32.92]
["Instalações de Gás e Incêndio em Aço e Ferro Galvanizado",92905,"UNIÃO, EM FERRO GALVANIZADO, CONEXÃO ROSQUEADA, DN 20 (3/4\"), INSTALADO EM RAMAIS E SUB-RAMAIS DE GÁS - FORNECIMENTO E INSTALAÇÃO. AF_10/2020","UN",47.51]
["Instalações de Gás e Incêndio em Aço e Ferro Galvanizado",92906,"UNIÃO, EM FERRO GALVANIZADO, CONEXÃO ROSQUEADA, DN 25 (1\"), INSTALADO EM RAMAIS E SUB-RAMAIS DE GÁS - FORNECIMENTO E INSTALAÇÃO. AF_10/2020","UN",59.18]
["Instalações de Gás e Incêndio em Aço e Ferro Galvanizado",92898,"UNIÃO, EM FERRO GALVANIZADO, CONEXÃO ROSQUEADA, DN 25 (1\"), INSTALADO EM REDE DE ALIMENTAÇÃO PARA SPRINKLER - FORNECIMENTO E INSTALAÇÃO. AF_10/2020","UN",48.8]
["Instalações de Gás e Incêndio em Aço e Ferro Galvanizado",92899,"UNIÃO, EM FERRO GALVANIZADO, CONEXÃO ROSQUEADA, DN 32 (1 1/4\"), INSTALADO EM REDE DE ALIMENTAÇÃO PARA SPRINKLER - FORNECIMENTO E INSTALAÇÃO. AF_10/2020","UN",70.91]
["Instalações de Gás e Incêndio em Aço e Ferro Galvanizado",92900,"UNIÃO, EM FERRO GALVANIZADO, CONEXÃO ROSQUEADA, DN 40 (1 1/2\"), INSTALADO EM REDE DE ALIMENTAÇÃO PARA SPRINKLER - FORNECIMENTO E INSTALAÇÃO. AF_10/2020","UN",84.86]
["Instalações de Gás e Incêndio em Aço e Ferro Galvanizado",92901,"UNIÃO, EM FERRO GALVANIZADO, CONEXÃO ROSQUEADA, DN 50 (2\"), INSTALADO EM REDE DE ALIMENTAÇÃO PARA SPRINKLER - FORNECIMENTO E INSTALAÇÃO. AF_10/2020","UN",117.01]
["Instalações de Gás e Incêndio em Aço e Ferro Galvanizado",92902,"UNIÃO, EM FERRO GALVANIZADO, CONEXÃO ROSQUEADA, DN 65 (2 1/2\"), INSTALADO EM REDE DE ALIMENTAÇÃO PARA SPRINKLER - FORNECIMENTO E INSTALAÇÃO. AF_10/2020","UN",181.82]
["Instalações de Gás e Incêndio em Aço e Ferro Galvanizado",92903,"UNIÃO, EM FERRO GALVANIZADO, CONEXÃO ROSQUEADA, DN 80 (3\"), INSTALADO EM REDE DE ALIMENTAÇÃO PARA SPRINKLER - FORNECIMENTO E INSTALAÇÃO. AF_10/2020","UN",271.01]
["Instalações de Gás e Incêndio em Aço e Ferro Galvanizado",92892,"UNIÃO, EM FERRO GALVANIZADO, DN 25 (1\"), CONEXÃO ROSQUEADA, INSTALADO EM REDE DE ALIMENTAÇÃO PARA HIDRANTE - FORNECIMENTO E INSTALAÇÃO. AF_10/2020","UN",59.64]
["Instalações de Gás e Incêndio em Aço e Ferro Galvanizado",92893,"UNIÃO, EM FERRO GALVANIZADO, DN 32 (1 1/4\"), CONEXÃO ROSQUEADA, INSTALADO EM REDE DE ALIMENTAÇÃO PARA HIDRANTE - FORNECIMENTO E INSTALAÇÃO. AF_10/2020","UN",83.24]
["Instalações de Gás e Incêndio em Aço e Ferro Galvanizado",92894,"UNIÃO, EM FERRO GALVANIZADO, DN 40 (1 1/2\"), CONEXÃO ROSQUEADA, INSTALADO EM REDE DE ALIMENTAÇÃO PARA HIDRANTE - FORNECIMENTO E INSTALAÇÃO. AF_10/2020","UN",98.9]
["Instalações de Gás e Incêndio em Aço e Ferro Galvanizado",92889,"UNIÃO, EM FERRO GALVANIZADO, DN 50 (2\"), CONEXÃO ROSQUEADA, INSTALADO EM PRUMADAS - FORNECIMENTO E INSTALAÇÃO. AF_10/2020","UN",133.24]
["Instalações de Gás e Incêndio em Aço e Ferro Galvanizado",92895,"UNIÃO, EM FERRO GALVANIZADO, DN 50 (2\"), CONEXÃO ROSQUEADA, INSTALADO EM REDE DE ALIMENTAÇÃO PARA HIDRANTE - FORNECIMENTO E INSTALAÇÃO. AF_10/2020","UN",133.19]
["Instalações de Gás e Incêndio em Aço e Ferro Galvanizado",92890,"UNIÃO, EM FERRO GALVANIZADO, DN 65 (2 1/2\"), CONEXÃO ROSQUEADA, INSTALADO EM PRUMADAS - FORNECIMENTO E INSTALAÇÃO. AF_10/2020","UN",199.26]
["Instalações de Gás e Incêndio em Aço e Ferro Galvanizado",92896,"UNIÃO, EM FERRO GALVANIZADO, DN 65 (2 1/2\"), CONEXÃO ROSQUEADA, INSTALADO EM REDE DE ALIMENTAÇÃO PARA HIDRANTE - FORNECIMENTO E INSTALAÇÃO. AF_10/2020","UN",201.22]
["Instalações de Gás e Incêndio em Aço e Ferro Galvanizado",92891,"UNIÃO, EM FERRO GALVANIZADO, DN 80 (3\"), CONEXÃO ROSQUEADA, INSTALADO EM PRUMADAS - FORNECIMENTO E INSTALAÇÃO. AF_10/2020","UN",289.55]
["Instalações de Gás e Incêndio em Aço e Ferro Galvanizado",92897,"UNIÃO, EM FERRO GALVANIZADO, DN 80 (3\"), CONEXÃO ROSQUEADA, INSTALADO EM REDE DE ALIMENTAÇÃO PARA HIDRANTE - FORNECIMENTO E INSTALAÇÃO. AF_10/2020","UN",293.56]
["Instalações de Gás em PEX Multicamadas",100822,"CONEXÃO FIXA, ROSCA FÊMEA, METÁLICA, PARA INSTALAÇÕES EM PEX MULTICAMADA, DN 16MM X 1/2\", CONEXÃO POR CRIMPAGEM - FORNECIMENTO E INSTALAÇÃO. AF_01/2020","UN",0]
["Instalações de Gás em PEX Multicamadas",100823,"CONEXÃO FIXA, ROSCA FÊMEA, METÁLICA, PARA INSTALAÇÕES EM PEX MULTICAMADA, DN 20MM X 3/4\", CONEXÃO POR CRIMPAGEM - FORNECIMENTO E INSTALAÇÃO. AF_01/2020","UN",0]
["Instalações de Gás em PEX Multicamadas",100824,"CONEXÃO FIXA, ROSCA FÊMEA, METÁLICA, PARA INSTALAÇÕES EM PEX MULTICAMADA, DN 26MM X 1\", CONEXÃO POR CRIMPAGEM - FORNECIMENTO E INSTALAÇÃO. AF_01/2020","UN",0]
["Instalações de Gás em PEX Multicamadas",100825,"CONEXÃO FIXA, ROSCA FÊMEA, METÁLICA, PARA INSTALAÇÕES EM PEX MULTICAMADA, DN 32MM X 1 1/4\", CONEXÃO POR CRIMPAGEM - FORNECIMENTO E INSTALAÇÃO. AF_01/2020","UN",0]
["Instalações de Gás em PEX Multicamadas",100818,"CONEXÃO FIXA, ROSCA MACHO, METÁLICA, PARA INSTALAÇÕES EM PEX MULTICAMADA, DN 16MM X 1/2\", CONEXÃO POR CRIMPAGEM - FORNECIMENTO E INSTALAÇÃO. AF_01/2020","UN",0]
["Instalações de Gás em PEX Multicamadas",100819,"CONEXÃO FIXA, ROSCA MACHO, METÁLICA, PARA INSTALAÇÕES EM PEX MULTICAMADA, DN 20MM X 3/4\", CONEXÃO POR CRIMPAGEM - FORNECIMENTO E INSTALAÇÃO. AF_01/2020","UN",0]
["Instalações de Gás em PEX Multicamadas",100820,"CONEXÃO FIXA, ROSCA MACHO, METÁLICA, PARA INSTALAÇÕES EM PEX MULTICAMADA, DN 26MM X 1\", CONEXÃO POR CRIMPAGEM - FORNECIMENTO E INSTALAÇÃO. AF_01/2020","UN",0]
["Instalações de Gás em PEX Multicamadas",100821,"CONEXÃO FIXA, ROSCA MACHO, METÁLICA, PARA INSTALAÇÕES EM PEX MULTICAMADA, DN 32MM X 1 1/4\", CONEXÃO POR CRIMPAGEM - FORNECIMENTO E INSTALAÇÃO. AF_01/2020","UN",0]
["Instalações de Gás em PEX Multicamadas",100846,"FIXAÇÃO DE TUBOS VERTICAIS DE MULTICAMADA, DIÂMETROS MENORES OU IGUAIS A 32 MM, COM ABRAÇADEIRA TIPO SUPORTE MÚLTIPLO, FIXADA EM PAREDE EXTERNA - FORNECIMENTO E INSTALAÇÃO. AF_01/2020","UN",0]
["Instalações de Gás em PEX Multicamadas",100834,"JOELHO 90 GRAUS, PARA INSTALAÇÕES EM PEX MULTICAMADA, DN 16 MM, CONEXÃO POR CRIMPAGEM - FORNECIMENTO E INSTALAÇÃO. AF_01/2020","UN",0]
["Instalações de Gás em PEX Multicamadas",100835,"JOELHO 90 GRAUS, PARA INSTALAÇÕES EM PEX MULTICAMADA, DN 20 MM, CONEXÃO POR CRIMPAGEM - FORNECIMENTO E INSTALAÇÃO. AF_01/2020","UN",0]
["Instalações de Gás em PEX Multicamadas",100836,"JOELHO 90 GRAUS, PARA INSTALAÇÕES EM PEX MULTICAMADA, DN 26 MM, CONEXÃO POR CRIMPAGEM - FORNECIMENTO E INSTALAÇÃO. AF_01/2020","UN",0]
["Instalações de Gás em PEX Multicamadas",100837,"JOELHO 90 GRAUS, PARA INSTALAÇÕES EM PEX MULTICAMADA, DN 32 MM, CONEXÃO POR CRIMPAGEM - FORNECIMENTO E INSTALAÇÃO. AF_01/2020","UN",0]
["Instalações de Gás em PEX Multicamadas",100826,"JOELHO 90 GRAUS, ROSCA FÊMEA, PARA INSTALAÇÕES EM PEX MULTICAMADA, DN 16 MM X 1/2'', CONEXÃO POR CRIMPAGEM - FORNECIMENTO E INSTALAÇÃO. AF_01/2020","UN",0]
["Instalações de Gás em PEX Multicamadas",100827,"JOELHO 90 GRAUS, ROSCA FÊMEA, PARA INSTALAÇÕES EM PEX MULTICAMADA, DN 20 MM X 3/4\", CONEXÃO POR CRIMPAGEM - FORNECIMENTO E INSTALAÇÃO. AF_01/2020","UN",0]
["Instalações de Gás em PEX Multicamadas",100828,"JOELHO 90 GRAUS, ROSCA FÊMEA, PARA INSTALAÇÕES EM PEX MULTICAMADA, DN 25 MM X 1'', CONEXÃO POR CRIMPAGEM - FORNECIMENTO E INSTALAÇÃO. AF_01/2020","UN",0]
["Instalações de Gás em PEX Multicamadas",100829,"JOELHO 90 GRAUS, ROSCA FÊMEA, PARA INSTALAÇÕES EM PEX MULTICAMADA, DN 32 MM X 1 1/4'', CONEXÃO POR CRIMPAGEM - FORNECIMENTO E INSTALAÇÃO. AF_01/2020","UN",0]
["Instalações de Gás em PEX Multicamadas",100830,"JOELHO 90 GRAUS, ROSCA MACHO, PARA INSTALAÇÕES EM PEX MULTICAMADA, DN 16 MM X 1/2'', CONEXÃO POR CRIMPAGEM - FORNECIMENTO E INSTALAÇÃO. AF_01/2020","UN",0]
["Instalações de Gás em PEX Multicamadas",100831,"JOELHO 90 GRAUS, ROSCA MACHO, PARA INSTALAÇÕES EM PEX MULTICAMADA, DN 20 MM X 3/4\", CONEXÃO POR CRIMPAGEM - FORNECIMENTO E INSTALAÇÃO. AF_01/2020","UN",0]
["Instalações de Gás em PEX Multicamadas",100832,"JOELHO 90 GRAUS, ROSCA MACHO, PARA INSTALAÇÕES EM PEX MULTICAMADA, DN 25 MM X 1'', CONEXÃO POR CRIMPAGEM - FORNECIMENTO E INSTALAÇÃO. AF_01/2020","UN",0]
["Instalações de Gás em PEX Multicamadas",100833,"JOELHO 90 GRAUS, ROSCA MACHO, PARA INSTALAÇÕES EM PEX MULTICAMADA, DN 32 MM X 1 1/4'', CONEXÃO POR CRIMPAGEM - FORNECIMENTO E INSTALAÇÃO. AF_01/2020","UN",0]
["Instalações de Gás em PEX Multicamadas",100790,"KIT CAVALETE PARA GÁS - COM MEDIDOR E REGULADOR - ENTRADA INDIVIDUAL PRINCIPAL, EM AÇO GALVANIZADO DN 15 E 25 MM (1/2\" E 1\") - FORNECIMENTO E INSTALAÇÃO. AF_01/2020","UN",0]
["Instalações de Gás em PEX Multicamadas",100789,"KIT CAVALETE PARA GÁS - SEM MEDIDOR COM REGULADOR - ENTRADA INDIVIDUAL PRINCIPAL, EM AÇO GALVANIZADO DN 15 E 25 MM (1/2\" E 1\") - FORNECIMENTO E INSTALAÇÃO. AF_01/2020","UN",0]
["Instalações de Gás em PEX Multicamadas",100788,"KIT CAVALETE PARA GÁS - SEM MEDIDOR OU REGULADOR - ENTRADA INDIVIDUAL PRINCIPAL, EM AÇO GALVANIZADO DN 15 E 25 MM (1/2\" E 1\") - FORNECIMENTO E INSTALAÇÃO. AF_01/2020","UN",750.8]
["Instalações de Gás em PEX Multicamadas",100811,"LUVA DE REDUÇÃO PARA INSTALAÇÕES EM PEX MULTICAMADA, DN 20 X 16 MM, CONEXÃO POR CRIMPAGEM - FORNECIMENTO E INSTALAÇÃO. AF_01/2020","UN",0]
["Instalações de Gás em PEX Multicamadas",100812,"LUVA DE REDUÇÃO PARA INSTALAÇÕES EM PEX MULTICAMADA, DN 26 X 20 MM, CONEXÃO POR CRIMPAGEM - FORNECIMENTO E INSTALAÇÃO. AF_01/2020","UN",0]
["Instalações de Gás em PEX Multicamadas",100813,"LUVA DE REDUÇÃO PARA INSTALAÇÕES EM PEX MULTICAMADA, DN 32 X 26 MM, CONEXÃO POR CRIMPAGEM - FORNECIMENTO E INSTALAÇÃO. AF_01/2020","UN",0]
["Instalações de Gás em PEX Multicamadas",100814,"LUVA PARA INSTALAÇÕES EM PEX MULTICAMADA, DN 16 MM, CONEXÃO POR CRIMPAGEM - FORNECIMENTO E INSTALAÇÃO. AF_01/2020","UN",0]
["Instalações de Gás em PEX Multicamadas",100815,"LUVA PARA INSTALAÇÕES EM PEX MULTICAMADA, DN 20 MM, CONEXÃO POR CRIMPAGEM - FORNECIMENTO E INSTALAÇÃO. AF_01/2020","UN",0]
["Instalações de Gás em PEX Multicamadas",100816,"LUVA PARA INSTALAÇÕES EM PEX MULTICAMADA, DN 26 MM, CONEXÃO POR CRIMPAGEM - FORNECIMENTO E INSTALAÇÃO. AF_01/2020","UN",0]
["Instalações de Gás em PEX Multicamadas",100817,"LUVA PARA INSTALAÇÕES EM PEX MULTICAMADA, DN 32 MM, CONEXÃO POR CRIMPAGEM - FORNECIMENTO E INSTALAÇÃO. AF_01/2020","UN",0]
["Instalações de Gás em PEX Multicamadas",100795,"TUBO, PEX, MULTICAMADA, COM PROTEÇÃO UV, DN 16, INSTALADO EM IMPLANTAÇÃO DE INSTALAÇÕES DE GÁS - FORNECIMENTO E INSTALAÇÃO. AF_01/2020","M",0]
["Instalações de Gás em PEX Multicamadas",100842,"TUBO, PEX, MULTICAMADA, COM PROTEÇÃO UV, DN 16, INSTALADO EM PRUMADA DE INSTALAÇÕES DE GÁS - FORNECIMENTO E INSTALAÇÃO. AF_01/2020","M",0]
["Instalações de Gás em PEX Multicamadas",100796,"TUBO, PEX, MULTICAMADA, COM PROTEÇÃO UV, DN 20, INSTALADO EM IMPLANTAÇÃO DE INSTALAÇÕES DE GÁS - FORNECIMENTO E INSTALAÇÃO. AF_01/2020","M",0]
["Instalações de Gás em PEX Multicamadas",100843,"TUBO, PEX, MULTICAMADA, COM PROTEÇÃO UV, DN 20, INSTALADO EM PRUMADA DE INSTALAÇÕES DE GÁS - FORNECIMENTO E INSTALAÇÃO. AF_01/2020","M",0]
["Instalações de Gás em PEX Multicamadas",100844,"TUBO, PEX, MULTICAMADA, COM PROTEÇÃO UV, DN 25, INSTALADO EM PRUMADA DE INSTALAÇÕES DE GÁS - FORNECIMENTO E INSTALAÇÃO. AF_01/2020","M",0]
["Instalações de Gás em PEX Multicamadas",100797,"TUBO, PEX, MULTICAMADA, COM PROTEÇÃO UV, DN 26, INSTALADO EM IMPLANTAÇÃO DE INSTALAÇÕES DE GÁS - FORNECIMENTO E INSTALAÇÃO. AF_01/2020","M",0]
["Instalações de Gás em PEX Multicamadas",100798,"TUBO, PEX, MULTICAMADA, COM PROTEÇÃO UV, DN 32, INSTALADO EM IMPLANTAÇÃO DE INSTALAÇÕES DE GÁS - FORNECIMENTO E INSTALAÇÃO. AF_01/2020","M",0]
["Instalações de Gás em PEX Multicamadas",100845,"TUBO, PEX, MULTICAMADA, COM PROTEÇÃO UV, DN 32, INSTALADO EM PRUMADA DE INSTALAÇÕES DE GÁS - FORNECIMENTO E INSTALAÇÃO. AF_01/2020","M",0]
["Instalações de Gás em PEX Multicamadas",100799,"TUBO, PEX, MULTICAMADA, COM TUBO LUVA, DN 16, INSTALADO EM IMPLANTAÇÃO DE INSTALAÇÕES DE GÁS - FORNECIMENTO E INSTALAÇÃO. AF_01/2020","M",18.739999999999998]
["Instalações de Gás em PEX Multicamadas",100807,"TUBO, PEX, MULTICAMADA, COM TUBO LUVA, DN 16, INSTALADO EM RAMAL INTERNO DE INSTALAÇÕES DE GÁS - FORNECIMENTO E INSTALAÇÃO. AF_01/2020","M",25.52]
["Instalações de Gás em PEX Multicamadas",100800,"TUBO, PEX, MULTICAMADA, COM TUBO LUVA, DN 20, INSTALADO EM IMPLANTAÇÃO DE INSTALAÇÕES DE GÁS - FORNECIMENTO E INSTALAÇÃO. AF_01/2020","M",26.19]
["Instalações de Gás em PEX Multicamadas",100808,"TUBO, PEX, MULTICAMADA, COM TUBO LUVA, DN 20, INSTALADO EM RAMAL INTERNO DE INSTALAÇÕES DE GÁS - FORNECIMENTO E INSTALAÇÃO. AF_01/2020","M",34.24]
["Instalações de Gás em PEX Multicamadas",100801,"TUBO, PEX, MULTICAMADA, COM TUBO LUVA, DN 26, INSTALADO EM IMPLANTAÇÃO DE INSTALAÇÕES DE GÁS - FORNECIMENTO E INSTALAÇÃO. AF_01/2020","M",34]
["Instalações de Gás em PEX Multicamadas",100809,"TUBO, PEX, MULTICAMADA, COM TUBO LUVA, DN 26, INSTALADO EM RAMAL INTERNO DE INSTALAÇÕES DE GÁS - FORNECIMENTO E INSTALAÇÃO. AF_01/2020","M",43.62]
["Instalações de Gás em PEX Multicamadas",100802,"TUBO, PEX, MULTICAMADA, COM TUBO LUVA, DN 32, INSTALADO EM IMPLANTAÇÃO DE INSTALAÇÕES DE GÁS - FORNECIMENTO E INSTALAÇÃO. AF_01/2020","M",45.05]
["Instalações de Gás em PEX Multicamadas",100810,"TUBO, PEX, MULTICAMADA, COM TUBO LUVA, DN 32, INSTALADO EM RAMAL INTERNO DE INSTALAÇÕES DE GÁS - FORNECIMENTO E INSTALAÇÃO. AF_01/2020","M",56.88]
["Instalações de Gás em PEX Multicamadas",100791,"TUBO, PEX, MULTICAMADA, DN 16, INSTALADO EM IMPLANTAÇÃO DE INSTALAÇÕES DE GÁS - FORNECIMENTO E INSTALAÇÃO. AF_01/2020","M",18.16]
["Instalações de Gás em PEX Multicamadas",100803,"TUBO, PEX, MULTICAMADA, DN 16, INSTALADO EM RAMAL INTERNO DE INSTALAÇÕES DE GÁS - FORNECIMENTO E INSTALAÇÃO. AF_01/2020","M",16.97]
["Instalações de Gás em PEX Multicamadas",100792,"TUBO, PEX, MULTICAMADA, DN 20, INSTALADO EM IMPLANTAÇÃO DE INSTALAÇÕES DE GÁS - FORNECIMENTO E INSTALAÇÃO. AF_01/2020","M",25.61]
["Instalações de Gás em PEX Multicamadas",100804,"TUBO, PEX, MULTICAMADA, DN 20, INSTALADO EM RAMAL INTERNO DE INSTALAÇÕES DE GÁS - FORNECIMENTO E INSTALAÇÃO. AF_01/2020","M",24.2]
["Instalações de Gás em PEX Multicamadas",100793,"TUBO, PEX, MULTICAMADA, DN 26, INSTALADO EM IMPLANTAÇÃO DE INSTALAÇÕES DE GÁS - FORNECIMENTO E INSTALAÇÃO. AF_01/2020","M",33.42]
["Instalações de Gás em PEX Multicamadas",100805,"TUBO, PEX, MULTICAMADA, DN 26, INSTALADO EM RAMAL INTERNO DE INSTALAÇÕES DE GÁS - FORNECIMENTO E INSTALAÇÃO. AF_01/2020","M",31.73]
["Instalações de Gás em PEX Multicamadas",100794,"TUBO, PEX, MULTICAMADA, DN 32, INSTALADO EM IMPLANTAÇÃO DE INSTALAÇÕES DE GÁS - FORNECIMENTO E INSTALAÇÃO. AF_01/2020","M",44.47]
["Instalações de Gás em PEX Multicamadas",100806,"TUBO, PEX, MULTICAMADA, DN 32, INSTALADO EM RAMAL INTERNO DE INSTALAÇÕES DE GÁS - FORNECIMENTO E INSTALAÇÃO. AF_01/2020","M",42.4]
["Instalações de Gás em PEX Multicamadas",100838,"TÊ, PARA INSTALAÇÕES EM PEX MULTICAMADA, DN 16 MM, CONEXÃO POR CRIMPAGEM - FORNECIMENTO E INSTALAÇÃO. AF_01/2020","UN",0]
["Instalações de Gás em PEX Multicamadas",100839,"TÊ, PARA INSTALAÇÕES EM PEX MULTICAMADA, DN 20 MM, CONEXÃO POR CRIMPAGEM - FORNECIMENTO E INSTALAÇÃO. AF_01/2020","UN",0]
["Instalações de Gás em PEX Multicamadas",100840,"TÊ, PARA INSTALAÇÕES EM PEX MULTICAMADA, DN 26 MM, CONEXÃO POR CRIMPAGEM - FORNECIMENTO E INSTALAÇÃO. AF_01/2020","UN",0]
["Instalações de Gás em PEX Multicamadas",100841,"TÊ, PARA INSTALAÇÕES EM PEX MULTICAMADA, DN 32 MM, CONEXÃO POR CRIMPAGEM - FORNECIMENTO E INSTALAÇÃO. AF_01/2020","UN",0]
["Instalações de ar condicionado",103283,"AR CONDICIONADO JANELA, 10000 BTU/H, CICLO FRIO - FORNECIMENTO E INSTALAÇÃO. AF_11/2021","UN",0]
["Instalações de ar condicionado",103284,"AR CONDICIONADO JANELA, 12000 BTU/H, CICLO FRIO - FORNECIMENTO E INSTALAÇÃO. AF_11/2021","UN",0]
["Instalações de ar condicionado",103282,"AR CONDICIONADO JANELA, 7500 BTU/H, CICLO FRIO - FORNECIMENTO E INSTALAÇÃO. AF_11/2021","UN",0]
["Instalações de ar condicionado",103279,"AR CONDICIONADO SPLIT DUTO, 18000 BTU/H, CICLO QUENTE/FRIO - FORNECIMENTO E INSTALAÇÃO. AF_11/2021","UN",0]
["Instalações de ar condicionado",103280,"AR CONDICIONADO SPLIT DUTO, 24000 BTU/H, CICLO QUENTE/FRIO - FORNECIMENTO E INSTALAÇÃO. AF_11/2021","UN",0]
["Instalações de ar condicionado",103281,"AR CONDICIONADO SPLIT DUTO, 36000 BTU/H, CICLO QUENTE/FRIO - FORNECIMENTO E INSTALAÇÃO. AF_11/2021","UN",0]
["Instalações de ar condicionado",103247,"AR CONDICIONADO SPLIT INVERTER, HI-WALL (PAREDE), 12000 BTU/H, CICLO FRIO - FORNECIMENTO E INSTALAÇÃO. AF_11/2021_PE","UN",2919.06]
["Instalações de ar condicionado",103250,"AR CONDICIONADO SPLIT INVERTER, HI-WALL (PAREDE), 18000 BTU/H, CICLO FRIO - FORNECIMENTO E INSTALAÇÃO. AF_11/2021_PE","UN",4248.3100000000004]
["Instalações de ar condicionado",103253,"AR CONDICIONADO SPLIT INVERTER, HI-WALL (PAREDE), 24000 BTU/H, CICLO FRIO - FORNECIMENTO E INSTALAÇÃO. AF_11/2021_PE","UN",5798.02]
["Instalações de ar condicionado",103244,"AR CONDICIONADO SPLIT INVERTER, HI-WALL (PAREDE), 9000 BTU/H, CICLO FRIO - FORNECIMENTO E INSTALAÇÃO. AF_11/2021_PE","UN",2628.17]
["Instalações de ar condicionado",103256,"AR CONDICIONADO SPLIT INVERTER, PISO TETO, 18000 BTU/H, CICLO FRIO - FORNECIMENTO E INSTALAÇÃO. AF_11/2021_PSE","UN",10780.98]
["Instalações de ar condicionado",103258,"AR CONDICIONADO SPLIT INVERTER, PISO TETO, 24000 BTU/H, CICLO FRIO - FORNECIMENTO E INSTALAÇÃO. AF_11/2021_PSE","UN",12055.26]
["Instalações de ar condicionado",103260,"AR CONDICIONADO SPLIT INVERTER, PISO TETO, 24000 BTU/H, QUENTE/FRIO - FORNECIMENTO E INSTALAÇÃO. AF_11/2021_PSE","UN",6663.24]
["Instalações de ar condicionado",103261,"AR CONDICIONADO SPLIT INVERTER, PISO TETO, 36000 BTU/H, CICLO FRIO - FORNECIMENTO E INSTALAÇÃO. AF_11/2021_PSE","UN",13601.81]
["Instalações de ar condicionado",103263,"AR CONDICIONADO SPLIT INVERTER, PISO TETO, 48000 BTU/H, CICLO FRIO - FORNECIMENTO E INSTALAÇÃO. AF_11/2021_PE","UN",18912.63]
["Instalações de ar condicionado",103265,"AR CONDICIONADO SPLIT INVERTER, PISO TETO, APRESENTANDO ENTRE 54000 E 58000 BTU/H, CICLO FRIO - FORNECIMENTO E INSTALAÇÃO. AF_11/2021_PE","UN",22801.52]
["Instalações de ar condicionado",103268,"AR CONDICIONADO SPLIT ON/OFF, CASSETE (TETO), 18000 BTU/H, CICLO QUENTE/FRIO - FORNECIMENTO E INSTALAÇÃO. AF_11/2021_PE","UN",7991.88]
["Instalações de ar condicionado",103270,"AR CONDICIONADO SPLIT ON/OFF, CASSETE (TETO), 24000 BTU/H, CICLO QUENTE/FRIO - FORNECIMENTO E INSTALAÇÃO. AF_11/2021_PE","UN",8590.8700000000008]
["Instalações de ar condicionado",103272,"AR CONDICIONADO SPLIT ON/OFF, CASSETE (TETO), 36000 BTU/H, CICLO QUENTE/FRIO - FORNECIMENTO E INSTALAÇÃO. AF_11/2021_PE","UN",12579.79]
["Instalações de ar condicionado",103274,"AR CONDICIONADO SPLIT ON/OFF, CASSETE (TETO), 48000 BTU/H, CICLO QUENTE/FRIO - FORNECIMENTO E INSTALAÇÃO. AF_11/2021_PE","UN",14843.63]
["Instalações de ar condicionado",103276,"AR CONDICIONADO SPLIT ON/OFF, CASSETE (TETO), 60000 BTU/H, CICLO QUENTE/FRIO - FORNECIMENTO E INSTALAÇÃO. AF_11/2021_PE","UN",15496.09]
["Instalações de ar condicionado",103267,"AR CONDICIONADO SPLIT ON/OFF, CASSETE (TETO), FRIO 4 VIAS 18000 BTU/H - FORNECIMENTO E INSTALAÇÃO. AF_11/2021_PE","UN",6729.55]
["Instalações de ar condicionado",103269,"AR CONDICIONADO SPLIT ON/OFF, CASSETE (TETO), FRIO 4 VIAS 24000 BTU/H - FORNECIMENTO E INSTALAÇÃO. AF_11/2021_PE","UN",8275.52]
["Instalações de ar condicionado",103271,"AR CONDICIONADO SPLIT ON/OFF, CASSETE (TETO), FRIO 4 VIAS 36000 BTU/H - FORNECIMENTO E INSTALAÇÃO. AF_11/2021_PE","UN",12178.77]
["Instalações de ar condicionado",103273,"AR CONDICIONADO SPLIT ON/OFF, CASSETE (TETO), FRIO 4 VIAS 48000 BTU/H - FORNECIMENTO E INSTALAÇÃO. AF_11/2021_PE","UN",12957.58]
["Instalações de ar condicionado",103275,"AR CONDICIONADO SPLIT ON/OFF, CASSETE (TETO), FRIO 4 VIAS 60000 BTU/H - FORNECIMENTO E INSTALAÇÃO. AF_11/2021_PE","UN",14766.63]
["Instalações de ar condicionado",103248,"AR CONDICIONADO SPLIT ON/OFF, HI-WALL (PAREDE), 12000 BTUS/H, CICLO FRIO - FORNECIMENTO E INSTALAÇÃO. AF_11/2021_PE","UN",2381.87]
["Instalações de ar condicionado",103249,"AR CONDICIONADO SPLIT ON/OFF, HI-WALL (PAREDE), 12000 BTUS/H, CICLO QUENTE/FRIO - FORNECIMENTO E INSTALAÇÃO. AF_11/2021_PE","UN",2560.37]
["Instalações de ar condicionado",103251,"AR CONDICIONADO SPLIT ON/OFF, HI-WALL (PAREDE), 18000 BTUS/H, CICLO FRIO - FORNECIMENTO E INSTALAÇÃO. AF_11/2021_PE","UN",3351.11]
["Instalações de ar condicionado",103252,"AR CONDICIONADO SPLIT ON/OFF, HI-WALL (PAREDE), 18000 BTUS/H, CICLO QUENTE/FRIO - FORNECIMENTO E INSTALAÇÃO. AF_11/2021_PE","UN",3712.93]
["Instalações de ar condicionado",103254,"AR CONDICIONADO SPLIT ON/OFF, HI-WALL (PAREDE), 24000 BTUS/H, CICLO FRIO - FORNECIMENTO E INSTALAÇÃO. AF_11/2021_PE","UN",4331.2]
["Instalações de ar condicionado",103255,"AR CONDICIONADO SPLIT ON/OFF, HI-WALL (PAREDE), 24000 BTUS/H, CICLO QUENTE/FRIO - FORNECIMENTO E INSTALAÇÃO. AF_11/2021_PE","UN",4848.7299999999996]
["Instalações de ar condicionado",103245,"AR CONDICIONADO SPLIT ON/OFF, HI-WALL (PAREDE), 9000 BTUS/H, CICLO FRIO - FORNECIMENTO E INSTALAÇÃO. AF_11/2021_PE","UN",2068.88]
["Instalações de ar condicionado",103246,"AR CONDICIONADO SPLIT ON/OFF, HI-WALL (PAREDE), 9000 BTUS/H, CICLO QUENTE/FRIO - FORNECIMENTO E INSTALAÇÃO. AF_11/2021_PE","UN",2258.02]
["Instalações de ar condicionado",103257,"AR CONDICIONADO SPLIT ON/OFF, PISO TETO, 18.000 BTU/H, CICLO FRIO - FORNECIMENTO E INSTALAÇÃO. AF_11/2021_PSE","UN",6150.68]
["Instalações de ar condicionado",103259,"AR CONDICIONADO SPLIT ON/OFF, PISO TETO, 24.000 BTU/H, CICLO FRIO - FORNECIMENTO E INSTALAÇÃO. AF_11/2021_PSE","UN",6486.01]
["Instalações de ar condicionado",103262,"AR CONDICIONADO SPLIT ON/OFF, PISO TETO, 36.000 BTU/H, CICLO FRIO - FORNECIMENTO E INSTALAÇÃO. AF_11/2021_PSE","UN",8527.4699999999993]
["Instalações de ar condicionado",103264,"AR CONDICIONADO SPLIT ON/OFF, PISO TETO, 48.000 BTU/H, CICLO FRIO - FORNECIMENTO E INSTALAÇÃO. AF_11/2021_PE","UN",10604.47]
["Instalações de ar condicionado",103266,"AR CONDICIONADO SPLIT ON/OFF, PISO TETO, 60.000 BTU/H, CICLO FRIO - FORNECIMENTO E INSTALAÇÃO. AF_11/2021_PE","UN",11843.76]
["Instalações de ar condicionado",103277,"AR CONDICIONADO SPLITÃO 10 TR - FORNECIMENTO E INSTALAÇÃO. AF_11/2021_PE","UN",28620.91]
["Instalações de ar condicionado",103278,"AR CONDICIONADO SPLITÃO 15 TR - FORNECIMENTO E INSTALAÇÃO. AF_11/2021_PE","UN",36634.67]
["Instalações de ar condicionado",103285,"DAMPER DE REGULAGEM PARA SISTEMA DE AR CONDICIONADO, 1000X500 MM - FORNECIMENTO E INSTALAÇÃO. AF_11/2021","UN",0]
["Instalações de ar condicionado",103286,"DIFUSOR PARA SISTEMA DE AR CONDICIONADO, 400X400 MM - FORNECIMENTO E INSTALAÇÃO. AF_11/2021","UN",0]
["Instalações de ar condicionado",103287,"GRELHA PARA SISTEMA DE AR CONDICIONADO, 400X400 MM - FORNECIMENTO E INSTALAÇÃO. AF_11/2021","UN",0]
["Instalações de ar condicionado",103288,"RASGO E CHUMBAMENTO EM ALVENARIA PARA TUBOS DE SPLIT PAREDE DE 9000 A 24000 BTUS/H. AF_11/2021","UN",17.61]
["Instalações de ar condicionado",103291,"TUBO EM COBRE FLEXÍVEL, DN 1/2\", COM ISOLAMENTO, INSTALADO EM FORRO, PARA RAMAL DE ALIMENTAÇÃO DE AR CONDICIONADO, INCLUSO FIXADOR. AF_11/2021","M",68.59]
["Instalações de ar condicionado",103289,"TUBO EM COBRE FLEXÍVEL, DN 1/4\", COM ISOLAMENTO, INSTALADO EM FORRO, PARA RAMAL DE ALIMENTAÇÃO DE AR CONDICIONADO, INCLUSO FIXADOR. AF_11/2021","M",34.14]
["Instalações de ar condicionado",103290,"TUBO EM COBRE FLEXÍVEL, DN 3/8\", COM ISOLAMENTO, INSTALADO EM FORRO, PARA RAMAL DE ALIMENTAÇÃO DE AR CONDICIONADO, INCLUSO FIXADOR. AF_11/2021","M",55.03]
["Instalações de ar condicionado",103292,"TUBO EM COBRE FLEXÍVEL, DN 5/8\", COM ISOLAMENTO, INSTALADO EM FORRO, PARA RAMAL DE ALIMENTAÇÃO DE AR CONDICIONADO, INCLUSO FIXADOR. AF_11/2021","M",83.04]
["Instalações de ar condicionado em cobre",97333,"TUBO EM COBRE FLEXÍVEL, DN 1/2\", COM ISOLAMENTO, INSTALADO EM RAMAL DE ALIMENTAÇÃO DE AR CONDICIONADO COM CONDENSADORA CENTRAL - FORNECIMENTO E INSTALAÇÃO. AF_12/2015","M",{"$error":"#N/A"}]
["Instalações de ar condicionado em cobre",97329,"TUBO EM COBRE FLEXÍVEL, DN 1/2\", COM ISOLAMENTO, INSTALADO EM RAMAL DE ALIMENTAÇÃO DE AR CONDICIONADO COM CONDENSADORA INDIVIDUAL - FORNECIMENTO E INSTALAÇÃO. AF_12/2015","M",64.02]
["Instalações de ar condicionado em cobre",97331,"TUBO EM COBRE FLEXÍVEL, DN 1/4\", COM ISOLAMENTO, INSTALADO EM RAMAL DE ALIMENTAÇÃO DE AR CONDICIONADO COM CONDENSADORA CENTRAL - FORNECIMENTO E INSTALAÇÃO. AF_12/2015","M",{"$error":"#N/A"}]
["Instalações de ar condicionado em cobre",97327,"TUBO EM COBRE FLEXÍVEL, DN 1/4\", COM ISOLAMENTO, INSTALADO EM RAMAL DE ALIMENTAÇÃO DE AR CONDICIONADO COM CONDENSADORA INDIVIDUAL FORNECIMENTO E INSTALAÇÃO. AF_12/2015","M",29.57]
["Instalações de ar condicionado em cobre",97332,"TUBO EM COBRE FLEXÍVEL, DN 3/8\", COM ISOLAMENTO, INSTALADO EM RAMAL DE ALIMENTAÇÃO DE AR CONDICIONADO COM CONDENSADORA CENTRAL - FORNECIMENTO E INSTALAÇÃO. AF_12/2015","M",{"$error":"#N/A"}]
["Instalações de ar condicionado em cobre",97328,"TUBO EM COBRE FLEXÍVEL, DN 3/8\", COM ISOLAMENTO, INSTALADO EM RAMAL DE ALIMENTAÇÃO DE AR CONDICIONADO COM CONDENSADORA INDIVIDUAL - FORNECIMENTO E INSTALAÇÃO. AF_12/2015","M",50.46]
["Instalações de ar condicionado em cobre",97334,"TUBO EM COBRE FLEXÍVEL, DN 5/8\", COM ISOLAMENTO, INSTALADO EM RAMAL DE ALIMENTAÇÃO DE AR CONDICIONADO COM CONDENSADORA CENTRAL FORNECIMENTO E INSTALAÇÃO. AF_12/2015","M",{"$error":"#N/A"}]
["Instalações de ar condicionado em cobre",97330,"TUBO EM COBRE FLEXÍVEL, DN 5/8\", COM ISOLAMENTO, INSTALADO EM RAMAL DE ALIMENTAÇÃO DE AR CONDICIONADO COM CONDENSADORA INDIVIDUAL - FORNECIMENTO E INSTALAÇÃO. AF_12/2015","M",78.47]
["Instalações em Cobre",93085,"BUCHA DE REDUÇÃO EM COBRE, DN 22 MM X 15 MM, SEM ANEL DE SOLDA, PONTA X BOLSA, INSTALADO EM RAMAL DE DISTRIBUIÇÃO DE HIDRÁULICA PREDIAL - FORNECIMENTO E INSTALAÇÃO. AF_04/2022","UN",16.850000000000001]
["Instalações em Cobre",103892,"BUCHA DE REDUÇÃO EM COBRE, DN 22 MM X 15 MM, SEM ANEL DE SOLDA, PONTA X BOLSA, INSTALADO EM RAMAL E SUB-RAMAL DE AQUECIMENTO SOLAR - FORNECIMENTO E INSTALAÇÃO. AF_04/2022","UN",18.010000000000002]
["Instalações em Cobre",103823,"BUCHA DE REDUÇÃO EM COBRE, DN 22 MM X 15 MM, SEM ANEL DE SOLDA, PONTA X BOLSA, INSTALADO EM RAMAL E SUB-RAMAL DE GÁS COMBUSTÍVEL - FORNECIMENTO E INSTALAÇÃO. AF_04/2022","UN",20.309999999999999]
["Instalações em Cobre",103856,"BUCHA DE REDUÇÃO EM COBRE, DN 22 MM X 15 MM, SEM ANEL DE SOLDA, PONTA X BOLSA, INSTALADO EM RAMAL E SUB-RAMAL DE GÁS MEDICINAL - FORNECIMENTO E INSTALAÇÃO. AF_04/2022","UN",17.96]
["Instalações em Cobre",93108,"BUCHA DE REDUÇÃO EM COBRE, DN 22 MM X 15 MM, SEM ANEL DE SOLDA, PONTA X BOLSA, INSTALADO EM RAMAL E SUB-RAMAL DE HIDRÁULICA PREDIAL - FORNECIMENTO E INSTALAÇÃO. AF_04/2022","UN",15.06]
["Instalações em Cobre",93091,"BUCHA DE REDUÇÃO EM COBRE, DN 28 MM X 22 MM, SEM ANEL DE SOLDA, INSTALADO EM RAMAL DE DISTRIBUIÇÃO DE HIDRÁULICA PREDIAL - FORNECIMENTO E INSTALAÇÃO. AF_04/2022","UN",18.32]
["Instalações em Cobre",103900,"BUCHA DE REDUÇÃO EM COBRE, DN 28 MM X 22 MM, SEM ANEL DE SOLDA, INSTALADO EM RAMAL E SUB-RAMAL DE AQUECIMENTO SOLAR - FORNECIMENTO E INSTALAÇÃO. AF_04/2022","UN",23.17]
["Instalações em Cobre",103831,"BUCHA DE REDUÇÃO EM COBRE, DN 28 MM X 22 MM, SEM ANEL DE SOLDA, INSTALADO EM RAMAL E SUB-RAMAL DE GÁS COMBUSTÍVEL - FORNECIMENTO E INSTALAÇÃO. AF_04/2022","UN",30.31]
["Instalações em Cobre",103864,"BUCHA DE REDUÇÃO EM COBRE, DN 28 MM X 22 MM, SEM ANEL DE SOLDA, INSTALADO EM RAMAL E SUB-RAMAL DE GÁS MEDICINAL - FORNECIMENTO E INSTALAÇÃO. AF_04/2022","UN",24.46]
["Instalações em Cobre",93133,"BUCHA DE REDUÇÃO EM COBRE, DN 28 MM X 22 MM, SEM ANEL DE SOLDA, INSTALADO EM RAMAL E SUB-RAMAL DE HIDRÁULICA PREDIAL - FORNECIMENTO E INSTALAÇÃO. AF_04/2022","UN",21.64]
["Instalações em Cobre",93057,"BUCHA DE REDUÇÃO EM COBRE, DN 28 MM X 22 MM, SEM ANEL DE SOLDA, PONTA X BOLSA, INSTALADO EM PRUMADA DE HIDRÁULICA PREDIAL - FORNECIMENTO E INSTALAÇÃO. AF_04/2022","UN",15.21]
["Instalações em Cobre",93062,"BUCHA DE REDUÇÃO EM COBRE, DN 35 MM X 28 MM, SEM ANEL DE SOLDA, PONTA X BOLSA, INSTALADO EM PRUMADA DE HIDRÁULICA PREDIAL - FORNECIMENTO E INSTALAÇÃO. AF_04/2022","UN",29.06]
["Instalações em Cobre",93065,"BUCHA DE REDUÇÃO EM COBRE, DN 42 MM X 35 MM, SEM ANEL DE SOLDA, PONTA X BOLSA, INSTALADO EM PRUMADA DE HIDRÁULICA PREDIAL - FORNECIMENTO E INSTALAÇÃO. AF_04/2022","UN",47.34]
["Instalações em Cobre",93068,"BUCHA DE REDUÇÃO EM COBRE, DN 54 MM X 42 MM, SEM ANEL DE SOLDA, PONTA X BOLSA, INSTALADO EM PRUMADA DE HIDRÁULICA PREDIAL - FORNECIMENTO E INSTALAÇÃO. AF_04/2022","UN",66.58]
["Instalações em Cobre",93071,"BUCHA DE REDUÇÃO EM COBRE, DN 66 MM X 54 MM, SEM ANEL DE SOLDA, PONTA X BOLSA, INSTALADO EM PRUMADA DE HIDRÁULICA PREDIAL - FORNECIMENTO E INSTALAÇÃO. AF_04/2022","UN",180.83]
["Instalações em Cobre",93081,"CONECTOR EM BRONZE/LATÃO, DN 15 MM X 1/2\", SEM ANEL DE SOLDA, BOLSA X ROSCA F, INSTALADO EM RAMAL DE DISTRIBUIÇÃO DE HIDRÁULICA PREDIAL - FORNECIMENTO E INSTALAÇÃO. AF_04/2022","UN",20.18]
["Instalações em Cobre",103887,"CONECTOR EM BRONZE/LATÃO, DN 15 MM X 1/2\", SEM ANEL DE SOLDA, BOLSA X ROSCA F, INSTALADO EM RAMAL E SUB-RAMAL DE AQUECIMENTO SOLAR - FORNECIMENTO E INSTALAÇÃO. AF_04/2022","UN",22.03]
["Instalações em Cobre",103818,"CONECTOR EM BRONZE/LATÃO, DN 15 MM X 1/2\", SEM ANEL DE SOLDA, BOLSA X ROSCA F, INSTALADO EM RAMAL E SUB-RAMAL DE GÁS COMBUSTÍVEL - FORNECIMENTO E INSTALAÇÃO. AF_04/2022","UN",22]
["Instalações em Cobre",103851,"CONECTOR EM BRONZE/LATÃO, DN 15 MM X 1/2\", SEM ANEL DE SOLDA, BOLSA X ROSCA F, INSTALADO EM RAMAL E SUB-RAMAL DE GÁS MEDICINAL - FORNECIMENTO E INSTALAÇÃO. AF_04/2022","UN",21.73]
["Instalações em Cobre",93104,"CONECTOR EM BRONZE/LATÃO, DN 15 MM X 1/2\", SEM ANEL DE SOLDA, BOLSA X ROSCA F, INSTALADO EM RAMAL E SUB-RAMAL DE HIDRÁULICA PREDIAL - FORNECIMENTO E INSTALAÇÃO. AF_04/2022","UN",20.28]
["Instalações em Cobre",98602,"CONECTOR EM BRONZE/LATÃO, DN 22 MM X 1/2\", SEM ANEL DE SOLDA, BOLSA X ROSCA F, INSTALADO EM PRUMADA DE HIDRÁULICA PREDIAL - FORNECIMENTO E INSTALAÇÃO. AF_04/2022","UN",19.559999999999999]
["Instalações em Cobre",93087,"CONECTOR EM BRONZE/LATÃO, DN 22 MM X 1/2\", SEM ANEL DE SOLDA, BOLSA X ROSCA F, INSTALADO EM RAMAL DE DISTRIBUIÇÃO DE HIDRÁULICA PREDIAL - FORNECIMENTO E INSTALAÇÃO. AF_04/2022","UN",21.17]
["Instalações em Cobre",103893,"CONECTOR EM BRONZE/LATÃO, DN 22 MM X 1/2\", SEM ANEL DE SOLDA, BOLSA X ROSCA F, INSTALADO EM RAMAL E SUB-RAMAL DE AQUECIMENTO SOLAR - FORNECIMENTO E INSTALAÇÃO. AF_04/2022","UN",23.42]
["Instalações em Cobre",103824,"CONECTOR EM BRONZE/LATÃO, DN 22 MM X 1/2\", SEM ANEL DE SOLDA, BOLSA X ROSCA F, INSTALADO EM RAMAL E SUB-RAMAL DE GÁS COMBUSTÍVEL - FORNECIMENTO E INSTALAÇÃO. AF_04/2022","UN",25.92]
["Instalações em Cobre",103857,"CONECTOR EM BRONZE/LATÃO, DN 22 MM X 1/2\", SEM ANEL DE SOLDA, BOLSA X ROSCA F, INSTALADO EM RAMAL E SUB-RAMAL DE GÁS MEDICINAL - FORNECIMENTO E INSTALAÇÃO. AF_04/2022","UN",23.74]
["Instalações em Cobre",93110,"CONECTOR EM BRONZE/LATÃO, DN 22 MM X 1/2\", SEM ANEL DE SOLDA, BOLSA X ROSCA F, INSTALADO EM RAMAL E SUB-RAMAL DE HIDRÁULICA PREDIAL - FORNECIMENTO E INSTALAÇÃO. AF_04/2022","UN",22.36]
["Instalações em Cobre",93054,"CONECTOR EM BRONZE/LATÃO, DN 22 MM X 3/4\", SEM ANEL DE SOLDA, BOLSA X ROSCA F, INSTALADO EM PRUMADA DE HIDRÁULICA PREDIAL - FORNECIMENTO E INSTALAÇÃO. AF_04/2022","UN",24.27]
["Instalações em Cobre",93088,"CONECTOR EM BRONZE/LATÃO, DN 22 MM X 3/4\", SEM ANEL DE SOLDA, BOLSA X ROSCA F, INSTALADO EM RAMAL DE DISTRIBUIÇÃO DE HIDRÁULICA PREDIAL - FORNECIMENTO E INSTALAÇÃO. AF_04/2022","UN",26.21]
["Instalações em Cobre",103894,"CONECTOR EM BRONZE/LATÃO, DN 22 MM X 3/4\", SEM ANEL DE SOLDA, BOLSA X ROSCA F, INSTALADO EM RAMAL E SUB-RAMAL DE AQUECIMENTO SOLAR - FORNECIMENTO E INSTALAÇÃO. AF_04/2022","UN",28.13]
["Instalações em Cobre",103825,"CONECTOR EM BRONZE/LATÃO, DN 22 MM X 3/4\", SEM ANEL DE SOLDA, BOLSA X ROSCA F, INSTALADO EM RAMAL E SUB-RAMAL DE GÁS COMBUSTÍVEL - FORNECIMENTO E INSTALAÇÃO. AF_04/2022","UN",30.62]
["Instalações em Cobre",103858,"CONECTOR EM BRONZE/LATÃO, DN 22 MM X 3/4\", SEM ANEL DE SOLDA, BOLSA X ROSCA F, INSTALADO EM RAMAL E SUB-RAMAL DE GÁS MEDICINAL - FORNECIMENTO E INSTALAÇÃO. AF_04/2022","UN",28.45]
["Instalações em Cobre",93111,"CONECTOR EM BRONZE/LATÃO, DN 22 MM X 3/4\", SEM ANEL DE SOLDA, BOLSA X ROSCA F, INSTALADO EM RAMAL E SUB-RAMAL DE HIDRÁULICA PREDIAL - FORNECIMENTO E INSTALAÇÃO. AF_04/2022","UN",27.08]
["Instalações em Cobre",93059,"CONECTOR EM BRONZE/LATÃO, DN 28 MM X 1/2\", SEM ANEL DE SOLDA, BOLSA X ROSCA F, INSTALADO EM PRUMADA DE HIDRÁULICA PREDIAL - FORNECIMENTO E INSTALAÇÃO. AF_04/2022","UN",31.5]
["Instalações em Cobre",93093,"CONECTOR EM BRONZE/LATÃO, DN 28 MM X 1/2\", SEM ANEL DE SOLDA, BOLSA X ROSCA F, INSTALADO EM RAMAL DE DISTRIBUIÇÃO DE HIDRÁULICA PREDIAL - FORNECIMENTO E INSTALAÇÃO. AF_04/2022","UN",33]
["Instalações em Cobre",103899,"CONECTOR EM BRONZE/LATÃO, DN 28 MM X 1/2\", SEM ANEL DE SOLDA, BOLSA X ROSCA F, INSTALADO EM RAMAL E SUB-RAMAL DE AQUECIMENTO SOLAR - FORNECIMENTO E INSTALAÇÃO. AF_04/2022","UN",35.590000000000003]
["Instalações em Cobre",103830,"CONECTOR EM BRONZE/LATÃO, DN 28 MM X 1/2\", SEM ANEL DE SOLDA, BOLSA X ROSCA F, INSTALADO EM RAMAL E SUB-RAMAL DE GÁS COMBUSTÍVEL - FORNECIMENTO E INSTALAÇÃO. AF_04/2022","UN",39.99]
["Instalações em Cobre",103863,"CONECTOR EM BRONZE/LATÃO, DN 28 MM X 1/2\", SEM ANEL DE SOLDA, BOLSA X ROSCA F, INSTALADO EM RAMAL E SUB-RAMAL DE GÁS MEDICINAL - FORNECIMENTO E INSTALAÇÃO. AF_04/2022","UN",36.450000000000003]
["Instalações em Cobre",93114,"CONECTOR EM BRONZE/LATÃO, DN 28 MM X 1/2\", SEM ANEL DE SOLDA, BOLSA X ROSCA F, INSTALADO EM RAMAL E SUB-RAMAL DE HIDRÁULICA PREDIAL - FORNECIMENTO E INSTALAÇÃO. AF_04/2022","UN",35.130000000000003]
["Instalações em Cobre",93075,"COTOVELO EM BRONZE/LATÃO, DN 15 MM X 1/2\", 90 GRAUS, SEM ANEL DE SOLDA, BOLSA X ROSCA F, INSTALADO EM RAMAL DE DISTRIBUIÇÃO DE HIDRÁULICA PREDIAL - FORNECIMENTO E INSTALAÇÃO. AF_04/2022","UN",21.51]
["Instalações em Cobre",103876,"COTOVELO EM BRONZE/LATÃO, DN 15 MM X 1/2\", 90 GRAUS, SEM ANEL DE SOLDA, BOLSA X ROSCA F, INSTALADO EM RAMAL E SUB-RAMAL DE AQUECIMENTO SOLAR - FORNECIMENTO E INSTALAÇÃO. AF_04/2022","UN",24.27]
["Instalações em Cobre",103807,"COTOVELO EM BRONZE/LATÃO, DN 15 MM X 1/2\", 90 GRAUS, SEM ANEL DE SOLDA, BOLSA X ROSCA F, INSTALADO EM RAMAL E SUB-RAMAL DE GÁS COMBUSTÍVEL - FORNECIMENTO E INSTALAÇÃO. AF_04/2022","UN",24.22]
["Instalações em Cobre",103840,"COTOVELO EM BRONZE/LATÃO, DN 15 MM X 1/2\", 90 GRAUS, SEM ANEL DE SOLDA, BOLSA X ROSCA F, INSTALADO EM RAMAL E SUB-RAMAL DE GÁS MEDICINAL - FORNECIMENTO E INSTALAÇÃO. AF_04/2022","UN",23.81]
["Instalações em Cobre",93098,"COTOVELO EM BRONZE/LATÃO, DN 15 MM X 1/2\", 90 GRAUS, SEM ANEL DE SOLDA, BOLSA X ROSCA F, INSTALADO EM RAMAL E SUB-RAMAL DE HIDRÁULICA PREDIAL - FORNECIMENTO E INSTALAÇÃO. AF_04/2022","UN",21.66]
["Instalações em Cobre",93120,"COTOVELO EM BRONZE/LATÃO, DN 22 MM X 1/2\", 90 GRAUS, SEM ANEL DE SOLDA, BOLSA X ROSCA F, INSTALADO EM PRUMADA DE HIDRÁULICA PREDIAL - FORNECIMENTO E INSTALAÇÃO. AF_04/2022","UN",27.85]
["Instalações em Cobre",93077,"COTOVELO EM BRONZE/LATÃO, DN 22 MM X 1/2\", 90 GRAUS, SEM ANEL DE SOLDA, BOLSA X ROSCA F, INSTALADO EM RAMAL DE DISTRIBUIÇÃO DE HIDRÁULICA PREDIAL - FORNECIMENTO E INSTALAÇÃO. AF_04/2022","UN",30.26]
["Instalações em Cobre",103879,"COTOVELO EM BRONZE/LATÃO, DN 22 MM X 1/2\", 90 GRAUS, SEM ANEL DE SOLDA, BOLSA X ROSCA F, INSTALADO EM RAMAL E SUB-RAMAL DE AQUECIMENTO SOLAR - FORNECIMENTO E INSTALAÇÃO. AF_04/2022","UN",33.64]
["Instalações em Cobre",103810,"COTOVELO EM BRONZE/LATÃO, DN 22 MM X 1/2\", 90 GRAUS, SEM ANEL DE SOLDA, BOLSA X ROSCA F, INSTALADO EM RAMAL E SUB-RAMAL DE GÁS COMBUSTÍVEL - FORNECIMENTO E INSTALAÇÃO. AF_04/2022","UN",37.33]
["Instalações em Cobre",103843,"COTOVELO EM BRONZE/LATÃO, DN 22 MM X 1/2\", 90 GRAUS, SEM ANEL DE SOLDA, BOLSA X ROSCA F, INSTALADO EM RAMAL E SUB-RAMAL DE GÁS MEDICINAL - FORNECIMENTO E INSTALAÇÃO. AF_04/2022","UN",34.090000000000003]
["Instalações em Cobre",93100,"COTOVELO EM BRONZE/LATÃO, DN 22 MM X 1/2\", 90 GRAUS, SEM ANEL DE SOLDA, BOLSA X ROSCA F, INSTALADO EM RAMAL E SUB-RAMAL DE HIDRÁULICA PREDIAL - FORNECIMENTO E INSTALAÇÃO. AF_04/2022","UN",32.04]
["Instalações em Cobre",93121,"COTOVELO EM BRONZE/LATÃO, DN 22 MM X 3/4\", 90 GRAUS, SEM ANEL DE SOLDA, BOLSA X ROSCA F, INSTALADO EM PRUMADA DE HIDRÁULICA PREDIAL - FORNECIMENTO E INSTALAÇÃO. AF_04/2022","UN",31.65]
["Instalações em Cobre",93078,"COTOVELO EM BRONZE/LATÃO, DN 22 MM X 3/4\", 90 GRAUS, SEM ANEL DE SOLDA, BOLSA X ROSCA F, INSTALADO EM RAMAL DE DISTRIBUIÇÃO DE HIDRÁULICA PREDIAL - FORNECIMENTO E INSTALAÇÃO. AF_04/2022","UN",34.07]
["Instalações em Cobre",103880,"COTOVELO EM BRONZE/LATÃO, DN 22 MM X 3/4\", 90 GRAUS, SEM ANEL DE SOLDA, BOLSA X ROSCA F, INSTALADO EM RAMAL E SUB-RAMAL DE AQUECIMENTO SOLAR - FORNECIMENTO E INSTALAÇÃO. AF_04/2022","UN",37.44]
["Instalações em Cobre",103811,"COTOVELO EM BRONZE/LATÃO, DN 22 MM X 3/4\", 90 GRAUS, SEM ANEL DE SOLDA, BOLSA X ROSCA F, INSTALADO EM RAMAL E SUB-RAMAL DE GÁS COMBUSTÍVEL - FORNECIMENTO E INSTALAÇÃO. AF_04/2022","UN",41.14]
["Instalações em Cobre",103844,"COTOVELO EM BRONZE/LATÃO, DN 22 MM X 3/4\", 90 GRAUS, SEM ANEL DE SOLDA, BOLSA X ROSCA F, INSTALADO EM RAMAL E SUB-RAMAL DE GÁS MEDICINAL - FORNECIMENTO E INSTALAÇÃO. AF_04/2022","UN",37.9]
["Instalações em Cobre",93101,"COTOVELO EM BRONZE/LATÃO, DN 22 MM X 3/4\", 90 GRAUS, SEM ANEL DE SOLDA, BOLSA X ROSCA F, INSTALADO EM RAMAL E SUB-RAMAL DE HIDRÁULICA PREDIAL - FORNECIMENTO E INSTALAÇÃO. AF_04/2022","UN",35.85]
["Instalações em Cobre",92311,"COTOVELO EM COBRE, DN 15 MM, 90 GRAUS, SEM ANEL DE SOLDA, INSTALADO EM RAMAL DE DISTRIBUIÇÃO FORNECIMENTO E INSTALAÇÃO. AF_04/2022","UN",14.48]
["Instalações em Cobre",103874,"COTOVELO EM COBRE, DN 15 MM, 90 GRAUS, SEM ANEL DE SOLDA, INSTALADO EM RAMAL E SUB-RAMAL DE AQUECIMENTO SOLAR - FORNECIMENTO E INSTALAÇÃO. AF_04/2022","UN",20.53]
["Instalações em Cobre",103805,"COTOVELO EM COBRE, DN 15 MM, 90 GRAUS, SEM ANEL DE SOLDA, INSTALADO EM RAMAL E SUB-RAMAL DE GÁS COMBUSTÍVEL - FORNECIMENTO E INSTALAÇÃO. AF_04/2022","UN",20.440000000000001]
["Instalações em Cobre",103838,"COTOVELO EM COBRE, DN 15 MM, 90 GRAUS, SEM ANEL DE SOLDA, INSTALADO EM RAMAL E SUB-RAMAL DE GÁS MEDICINAL - FORNECIMENTO E INSTALAÇÃO. AF_04/2022","UN",19.61]
["Instalações em Cobre",92326,"COTOVELO EM COBRE, DN 15 MM, 90 GRAUS, SEM ANEL DE SOLDA, INSTALADO EM RAMAL E SUB-RAMAL DE HIDRÁULICA PREDIAL - FORNECIMENTO E INSTALAÇÃO. AF_04/2022","UN",15.31]
["Instalações em Cobre",92287,"COTOVELO EM COBRE, DN 22 MM, 90 GRAUS, SEM ANEL DE SOLDA, INSTALADO EM PRUMADA DE HIDRÁULICA PREDIAL - FORNECIMENTO E INSTALAÇÃO. AF_04/2022","UN",19.07]
["Instalações em Cobre",92312,"COTOVELO EM COBRE, DN 22 MM, 90 GRAUS, SEM ANEL DE SOLDA, INSTALADO EM RAMAL DE DISTRIBUIÇÃO DE HIDRÁULICA PREDIAL - FORNECIMENTO E INSTALAÇÃO. AF_04/2022","UN",23.89]
["Instalações em Cobre",103877,"COTOVELO EM COBRE, DN 22 MM, 90 GRAUS, SEM ANEL DE SOLDA, INSTALADO EM RAMAL E SUB-RAMAL DE AQUECIMENTO SOLAR - FORNECIMENTO E INSTALAÇÃO. AF_04/2022","UN",30.63]
["Instalações em Cobre",103808,"COTOVELO EM COBRE, DN 22 MM, 90 GRAUS, SEM ANEL DE SOLDA, INSTALADO EM RAMAL E SUB-RAMAL DE GÁS COMBUSTÍVEL - FORNECIMENTO E INSTALAÇÃO. AF_04/2022","UN",38.04]
["Instalações em Cobre",103841,"COTOVELO EM COBRE, DN 22 MM, 90 GRAUS, SEM ANEL DE SOLDA, INSTALADO EM RAMAL E SUB-RAMAL DE GÁS MEDICINAL - FORNECIMENTO E INSTALAÇÃO. AF_04/2022","UN",31.57]
["Instalações em Cobre",92327,"COTOVELO EM COBRE, DN 22 MM, 90 GRAUS, SEM ANEL DE SOLDA, INSTALADO EM RAMAL E SUB-RAMAL DE HIDRÁULICA PREDIAL - FORNECIMENTO E INSTALAÇÃO. AF_04/2022","UN",27.46]
["Instalações em Cobre",92288,"COTOVELO EM COBRE, DN 28 MM, 90 GRAUS, SEM ANEL DE SOLDA, INSTALADO EM PRUMADA DE HIDRÁULICA PREDIAL - FORNECIMENTO E INSTALAÇÃO. AF_04/2022","UN",29.98]
["Instalações em Cobre",92313,"COTOVELO EM COBRE, DN 28 MM, 90 GRAUS, SEM ANEL DE SOLDA, INSTALADO EM RAMAL DE DISTRIBUIÇÃO DE HIDRÁULICA PREDIAL - FORNECIMENTO E INSTALAÇÃO. AF_04/2022","UN",34.44]
["Instalações em Cobre",103881,"COTOVELO EM COBRE, DN 28 MM, 90 GRAUS, SEM ANEL DE SOLDA, INSTALADO EM RAMAL E SUB-RAMAL DE AQUECIMENTO SOLAR - FORNECIMENTO E INSTALAÇÃO. AF_04/2022","UN",42.23]
["Instalações em Cobre",103812,"COTOVELO EM COBRE, DN 28 MM, 90 GRAUS, SEM ANEL DE SOLDA, INSTALADO EM RAMAL E SUB-RAMAL DE GÁS COMBUSTÍVEL - FORNECIMENTO E INSTALAÇÃO. AF_04/2022","UN",56.05]
["Instalações em Cobre",103845,"COTOVELO EM COBRE, DN 28 MM, 90 GRAUS, SEM ANEL DE SOLDA, INSTALADO EM RAMAL E SUB-RAMAL DE GÁS MEDICINAL - FORNECIMENTO E INSTALAÇÃO. AF_04/2022","UN",44.74]
["Instalações em Cobre",92328,"COTOVELO EM COBRE, DN 28 MM, 90 GRAUS, SEM ANEL DE SOLDA, INSTALADO EM RAMAL E SUB-RAMAL DE HIDRÁULICA PREDIAL - FORNECIMENTO E INSTALAÇÃO. AF_04/2022","UN",40.799999999999997]
["Instalações em Cobre",92289,"COTOVELO EM COBRE, DN 35 MM, 90 GRAUS, SEM ANEL DE SOLDA, INSTALADO EM PRUMADA DE HIDRÁULICA PREDIAL - FORNECIMENTO E INSTALAÇÃO. AF_04/2022","UN",52.89]
["Instalações em Cobre",92290,"COTOVELO EM COBRE, DN 42 MM, 90 GRAUS, SEM ANEL DE SOLDA, INSTALADO EM PRUMADA DE HIDRÁULICA PREDIAL - FORNECIMENTO E INSTALAÇÃO. AF_04/2022","UN",79.95]
["Instalações em Cobre",92291,"COTOVELO EM COBRE, DN 54 MM, 90 GRAUS, SEM ANEL DE SOLDA, INSTALADO EM PRUMADA DE HIDRÁULICA PREDIAL - FORNECIMENTO E INSTALAÇÃO. AF_04/2022","UN",123.7]
["Instalações em Cobre",92292,"COTOVELO EM COBRE, DN 66 MM, 90 GRAUS, SEM ANEL DE SOLDA, INSTALADO EM PRUMADA DE HIDRÁULICA PREDIAL - FORNECIMENTO E INSTALAÇÃO. AF_04/2022","UN",381.53]
["Instalações em Cobre",93082,"CURVA DE TRANSPOSIÇÃO EM BRONZE/LATÃO, DN 15 MM, SEM ANEL DE SOLDA, BOLSA X BOLSA, INSTALADO EM RAMAL DE DISTRIBUIÇÃO DE HIDRÁULICA PREDIAL - FORNECIMENTO E INSTALAÇÃO. AF_04/2022","UN",26.07]
["Instalações em Cobre",103885,"CURVA DE TRANSPOSIÇÃO EM BRONZE/LATÃO, DN 15 MM, SEM ANEL DE SOLDA, BOLSA X BOLSA, INSTALADO EM RAMAL E SUB-RAMAL DE AQUECIMENTO SOLAR - FORNECIMENTO E INSTALAÇÃO. AF_04/2022","UN",29.75]
["Instalações em Cobre",103816,"CURVA DE TRANSPOSIÇÃO EM BRONZE/LATÃO, DN 15 MM, SEM ANEL DE SOLDA, BOLSA X BOLSA, INSTALADO EM RAMAL E SUB-RAMAL DE GÁS COMBUSTÍVEL - FORNECIMENTO E INSTALAÇÃO. AF_04/2022","UN",29.71]
["Instalações em Cobre",103849,"CURVA DE TRANSPOSIÇÃO EM BRONZE/LATÃO, DN 15 MM, SEM ANEL DE SOLDA, BOLSA X BOLSA, INSTALADO EM RAMAL E SUB-RAMAL DE GÁS MEDICINAL - FORNECIMENTO E INSTALAÇÃO. AF_04/2022","UN",29.15]
["Instalações em Cobre",93105,"CURVA DE TRANSPOSIÇÃO EM BRONZE/LATÃO, DN 15 MM, SEM ANEL DE SOLDA, BOLSA X BOLSA, INSTALADO EM RAMAL E SUB-RAMAL DE HIDRÁULICA PREDIAL - FORNECIMENTO E INSTALAÇÃO. AF_04/2022","UN",26.28]
["Instalações em Cobre",93055,"CURVA DE TRANSPOSIÇÃO EM BRONZE/LATÃO, DN 22 MM, SEM ANEL DE SOLDA, BOLSA X BOLSA, INSTALADO EM PRUMADA DE HIDRÁULICA PREDIAL - FORNECIMENTO E INSTALAÇÃO. AF_04/2022","UN",48.1]
["Instalações em Cobre",93089,"CURVA DE TRANSPOSIÇÃO EM BRONZE/LATÃO, DN 22 MM, SEM ANEL DE SOLDA, BOLSA X BOLSA, INSTALADO EM RAMAL DE DISTRIBUIÇÃO DE HIDRÁULICA PREDIAL - FORNECIMENTO E INSTALAÇÃO. AF_04/2022","UN",51.32]
["Instalações em Cobre",103891,"CURVA DE TRANSPOSIÇÃO EM BRONZE/LATÃO, DN 22 MM, SEM ANEL DE SOLDA, BOLSA X BOLSA, INSTALADO EM RAMAL E SUB-RAMAL DE AQUECIMENTO SOLAR - FORNECIMENTO E INSTALAÇÃO. AF_04/2022","UN",55.83]
["Instalações em Cobre",103822,"CURVA DE TRANSPOSIÇÃO EM BRONZE/LATÃO, DN 22 MM, SEM ANEL DE SOLDA, BOLSA X BOLSA, INSTALADO EM RAMAL E SUB-RAMAL DE GÁS COMBUSTÍVEL - FORNECIMENTO E INSTALAÇÃO. AF_04/2022","UN",60.81]
["Instalações em Cobre",103855,"CURVA DE TRANSPOSIÇÃO EM BRONZE/LATÃO, DN 22 MM, SEM ANEL DE SOLDA, BOLSA X BOLSA, INSTALADO EM RAMAL E SUB-RAMAL DE GÁS MEDICINAL - FORNECIMENTO E INSTALAÇÃO. AF_04/2022","UN",56.48]
["Instalações em Cobre",93112,"CURVA DE TRANSPOSIÇÃO EM BRONZE/LATÃO, DN 22 MM, SEM ANEL DE SOLDA, BOLSA X BOLSA, INSTALADO EM RAMAL E SUB-RAMAL DE HIDRÁULICA PREDIAL - FORNECIMENTO E INSTALAÇÃO. AF_04/2022","UN",53.72]
["Instalações em Cobre",93060,"CURVA DE TRANSPOSIÇÃO EM BRONZE/LATÃO, DN 28 MM, SEM ANEL DE SOLDA, BOLSA X BOLSA, INSTALADO EM PRUMADA DE HIDRÁULICA PREDIAL - FORNECIMENTO E INSTALAÇÃO. AF_04/2022","UN",84.16]
["Instalações em Cobre",93094,"CURVA DE TRANSPOSIÇÃO EM BRONZE/LATÃO, DN 28 MM, SEM ANEL DE SOLDA, BOLSA X BOLSA, INSTALADO EM RAMAL DE DISTRIBUIÇÃO DE HIDRÁULICA PREDIAL - FORNECIMENTO E INSTALAÇÃO. AF_04/2022","UN",87.16]
["Instalações em Cobre",103897,"CURVA DE TRANSPOSIÇÃO EM BRONZE/LATÃO, DN 28 MM, SEM ANEL DE SOLDA, BOLSA X BOLSA, INSTALADO EM RAMAL E SUB-RAMAL DE AQUECIMENTO SOLAR - FORNECIMENTO E INSTALAÇÃO. AF_04/2022","UN",92.35]
["Instalações em Cobre",103828,"CURVA DE TRANSPOSIÇÃO EM BRONZE/LATÃO, DN 28 MM, SEM ANEL DE SOLDA, BOLSA X BOLSA, INSTALADO EM RAMAL E SUB-RAMAL DE GÁS COMBUSTÍVEL - FORNECIMENTO E INSTALAÇÃO. AF_04/2022","UN",101.13]
["Instalações em Cobre",103861,"CURVA DE TRANSPOSIÇÃO EM BRONZE/LATÃO, DN 28 MM, SEM ANEL DE SOLDA, BOLSA X BOLSA, INSTALADO EM RAMAL E SUB-RAMAL DE GÁS MEDICINAL - FORNECIMENTO E INSTALAÇÃO. AF_04/2022","UN",94.06]
["Instalações em Cobre",93115,"CURVA DE TRANSPOSIÇÃO EM BRONZE/LATÃO, DN 28 MM, SEM ANEL DE SOLDA, BOLSA X BOLSA, INSTALADO EM RAMAL E SUB-RAMAL DE HIDRÁULICA PREDIAL - FORNECIMENTO E INSTALAÇÃO. AF_04/2022","UN",91.42]
["Instalações em Cobre",93074,"CURVA EM COBRE, DN 15 MM, 45 GRAUS, SEM ANEL DE SOLDA, BOLSA X BOLSA, INSTALADO EM RAMAL DE DISTRIBUIÇÃO DE HIDRÁULICA PREDIAL - FORNECIMENTO E INSTALAÇÃO. AF_04/2022","UN",15]
["Instalações em Cobre",103875,"CURVA EM COBRE, DN 15 MM, 45 GRAUS, SEM ANEL DE SOLDA, BOLSA X BOLSA, INSTALADO EM RAMAL E SUB-RAMAL DE AQUECIMENTO SOLAR - FORNECIMENTO E INSTALAÇÃO. AF_04/2022","UN",20.5]
["Instalações em Cobre",103806,"CURVA EM COBRE, DN 15 MM, 45 GRAUS, SEM ANEL DE SOLDA, BOLSA X BOLSA, INSTALADO EM RAMAL E SUB-RAMAL DE GÁS COMBUSTÍVEL - FORNECIMENTO E INSTALAÇÃO. AF_04/2022","UN",20.41]
["Instalações em Cobre",103839,"CURVA EM COBRE, DN 15 MM, 45 GRAUS, SEM ANEL DE SOLDA, BOLSA X BOLSA, INSTALADO EM RAMAL E SUB-RAMAL DE GÁS MEDICINAL - FORNECIMENTO E INSTALAÇÃO. AF_04/2022","UN",19.579999999999998]
["Instalações em Cobre",93097,"CURVA EM COBRE, DN 15 MM, 45 GRAUS, SEM ANEL DE SOLDA, BOLSA X BOLSA, INSTALADO EM RAMAL E SUB-RAMAL DE HIDRÁULICA PREDIAL - FORNECIMENTO E INSTALAÇÃO. AF_04/2022","UN",15.3]
["Instalações em Cobre",93119,"CURVA EM COBRE, DN 22 MM, 45 GRAUS, SEM ANEL DE SOLDA, BOLSA X BOLSA, INSTALADO EM PRUMADA DE HIDRÁULICA PREDIAL - FORNECIMENTO E INSTALAÇÃO. AF_04/2022","UN",18.760000000000002]
["Instalações em Cobre",93076,"CURVA EM COBRE, DN 22 MM, 45 GRAUS, SEM ANEL DE SOLDA, BOLSA X BOLSA, INSTALADO EM RAMAL DE DISTRIBUIÇÃO DE HIDRÁULICA PREDIAL - FORNECIMENTO E INSTALAÇÃO. AF_04/2022","UN",23.58]
["Instalações em Cobre",103878,"CURVA EM COBRE, DN 22 MM, 45 GRAUS, SEM ANEL DE SOLDA, BOLSA X BOLSA, INSTALADO EM RAMAL E SUB-RAMAL DE AQUECIMENTO SOLAR - FORNECIMENTO E INSTALAÇÃO. AF_04/2022","UN",30.32]
["Instalações em Cobre",103809,"CURVA EM COBRE, DN 22 MM, 45 GRAUS, SEM ANEL DE SOLDA, BOLSA X BOLSA, INSTALADO EM RAMAL E SUB-RAMAL DE GÁS COMBUSTÍVEL - FORNECIMENTO E INSTALAÇÃO. AF_04/2022","UN",37.729999999999997]
["Instalações em Cobre",103842,"CURVA EM COBRE, DN 22 MM, 45 GRAUS, SEM ANEL DE SOLDA, BOLSA X BOLSA, INSTALADO EM RAMAL E SUB-RAMAL DE GÁS MEDICINAL - FORNECIMENTO E INSTALAÇÃO. AF_04/2022","UN",31.26]
["Instalações em Cobre",93099,"CURVA EM COBRE, DN 22 MM, 45 GRAUS, SEM ANEL DE SOLDA, BOLSA X BOLSA, INSTALADO EM RAMAL E SUB-RAMAL DE HIDRÁULICA PREDIAL - FORNECIMENTO E INSTALAÇÃO. AF_04/2022","UN",27.15]
["Instalações em Cobre",93122,"CURVA EM COBRE, DN 28 MM, 45 GRAUS, SEM ANEL DE SOLDA, BOLSA X BOLSA, INSTALADO EM PRUMADA DE HIDRÁULICA PREDIAL - FORNECIMENTO E INSTALAÇÃO. AF_04/2022","UN",28.1]
["Instalações em Cobre",93079,"CURVA EM COBRE, DN 28 MM, 45 GRAUS, SEM ANEL DE SOLDA, BOLSA X BOLSA, INSTALADO EM RAMAL DE DISTRIBUIÇÃO DE HIDRÁULICA PREDIAL - FORNECIMENTO E INSTALAÇÃO. AF_04/2022","UN",32.56]
["Instalações em Cobre",103882,"CURVA EM COBRE, DN 28 MM, 45 GRAUS, SEM ANEL DE SOLDA, BOLSA X BOLSA, INSTALADO EM RAMAL E SUB-RAMAL DE AQUECIMENTO SOLAR - FORNECIMENTO E INSTALAÇÃO. AF_04/2022","UN",40.35]
["Instalações em Cobre",103813,"CURVA EM COBRE, DN 28 MM, 45 GRAUS, SEM ANEL DE SOLDA, BOLSA X BOLSA, INSTALADO EM RAMAL E SUB-RAMAL DE GÁS COMBUSTÍVEL - FORNECIMENTO E INSTALAÇÃO. AF_04/2022","UN",54.17]
["Instalações em Cobre",103846,"CURVA EM COBRE, DN 28 MM, 45 GRAUS, SEM ANEL DE SOLDA, BOLSA X BOLSA, INSTALADO EM RAMAL E SUB-RAMAL DE GÁS MEDICINAL - FORNECIMENTO E INSTALAÇÃO. AF_04/2022","UN",42.86]
["Instalações em Cobre",93102,"CURVA EM COBRE, DN 28 MM, 45 GRAUS, SEM ANEL DE SOLDA, BOLSA X BOLSA, INSTALADO EM RAMAL E SUB-RAMAL DE HIDRÁULICA PREDIAL - FORNECIMENTO E INSTALAÇÃO. AF_04/2022","UN",38.92]
["Instalações em Cobre",93123,"CURVA EM COBRE, DN 35 MM, 45 GRAUS, SEM ANEL DE SOLDA, BOLSA X BOLSA, INSTALADO EM PRUMADA DE HIDRÁULICA PREDIAL - FORNECIMENTO E INSTALAÇÃO. AF_04/2022","UN",62.13]
["Instalações em Cobre",93124,"CURVA EM COBRE, DN 42 MM, 45 GRAUS, SEM ANEL DE SOLDA, BOLSA X BOLSA, INSTALADO EM PRUMADA DE HIDRÁULICA PREDIAL - FORNECIMENTO E INSTALAÇÃO. AF_04/2022","UN",97.3]
["Instalações em Cobre",93125,"CURVA EM COBRE, DN 54 MM, 45 GRAUS, SEM ANEL DE SOLDA, BOLSA X BOLSA, INSTALADO EM PRUMADA DE HIDRÁULICA PREDIAL - FORNECIMENTO E INSTALAÇÃO. AF_04/2022","UN",142.91999999999999]
["Instalações em Cobre",93126,"CURVA EM COBRE, DN 66 MM, 45 GRAUS, SEM ANEL DE SOLDA, BOLSA X BOLSA, INSTALADO EM PRUMADA DE HIDRÁULICA PREDIAL - FORNECIMENTO E INSTALAÇÃO. AF_04/2022","UN",314.7]
["Instalações em Cobre",93063,"JUNTA DE EXPANSÃO EM BRONZE/LATÃO, DN 35 MM, PONTA X PONTA, INSTALADO EM PRUMADA DE HIDRÁULICA PREDIAL - FORNECIMENTO E INSTALAÇÃO. AF_04/2022","UN",697.68]
["Instalações em Cobre",93066,"JUNTA DE EXPANSÃO EM BRONZE/LATÃO, DN 42 MM, PONTA X PONTA, INSTALADO EM PRUMADA DE HIDRÁULICA PREDIAL - FORNECIMENTO E INSTALAÇÃO. AF_04/2022","UN",875.53]
["Instalações em Cobre",93069,"JUNTA DE EXPANSÃO EM BRONZE/LATÃO, DN 54 MM, PONTA X PONTA, INSTALADO EM PRUMADA DE HIDRÁULICA PREDIAL - FORNECIMENTO E INSTALAÇÃO. AF_04/2022","UN",1213.58]
["Instalações em Cobre",93072,"JUNTA DE EXPANSÃO EM BRONZE/LATÃO, DN 66 MM, PONTA X PONTA, INSTALADO EM PRUMADA DE HIDRÁULICA PREDIAL - FORNECIMENTO E INSTALAÇÃO. AF_04/2022","UN",1601.53]
["Instalações em Cobre",93083,"JUNTA DE EXPANSÃO EM COBRE, DN 15 MM, PONTA X PONTA, INSTALADO EM RAMAL DE DISTRIBUIÇÃO DE HIDRÁULICA PREDIAL - FORNECIMENTO E INSTALAÇÃO. AF_04/2022","UN",479.4]
["Instalações em Cobre",103886,"JUNTA DE EXPANSÃO EM COBRE, DN 15 MM, PONTA X PONTA, INSTALADO EM RAMAL E SUB-RAMAL DE AQUECIMENTO SOLAR - FORNECIMENTO E INSTALAÇÃO. AF_04/2022","UN",483.08]
["Instalações em Cobre",103817,"JUNTA DE EXPANSÃO EM COBRE, DN 15 MM, PONTA X PONTA, INSTALADO EM RAMAL E SUB-RAMAL DE GÁS COMBUSTÍVEL - FORNECIMENTO E INSTALAÇÃO. AF_04/2022","UN",483.04]
["Instalações em Cobre",103850,"JUNTA DE EXPANSÃO EM COBRE, DN 15 MM, PONTA X PONTA, INSTALADO EM RAMAL E SUB-RAMAL DE GÁS MEDICINAL - FORNECIMENTO E INSTALAÇÃO. AF_04/2022","UN",482.48]
["Instalações em Cobre",93106,"JUNTA DE EXPANSÃO EM COBRE, DN 15 MM, PONTA X PONTA, INSTALADO EM RAMAL E SUB-RAMAL DE HIDRÁULICA PREDIAL - FORNECIMENTO E INSTALAÇÃO. AF_04/2022","UN",479.61]
["Instalações em Cobre",93052,"JUNTA DE EXPANSÃO EM COBRE, DN 22 MM, PONTA X PONTA, INSTALADO EM PRUMADA DE HIDRÁULICA PREDIAL - FORNECIMENTO E INSTALAÇÃO. AF_04/2022","UN",553.33000000000004]
["Instalações em Cobre",93086,"JUNTA DE EXPANSÃO EM COBRE, DN 22 MM, PONTA X PONTA, INSTALADO EM RAMAL DE DISTRIBUIÇÃO DE HIDRÁULICA PREDIAL - FORNECIMENTO E INSTALAÇÃO. AF_04/2022","UN",556.54999999999995]
["Instalações em Cobre",103890,"JUNTA DE EXPANSÃO EM COBRE, DN 22 MM, PONTA X PONTA, INSTALADO EM RAMAL E SUB-RAMAL DE AQUECIMENTO SOLAR - FORNECIMENTO E INSTALAÇÃO. AF_04/2022","UN",561.05999999999995]
["Instalações em Cobre",103821,"JUNTA DE EXPANSÃO EM COBRE, DN 22 MM, PONTA X PONTA, INSTALADO EM RAMAL E SUB-RAMAL DE GÁS COMBUSTÍVEL - FORNECIMENTO E INSTALAÇÃO. AF_04/2022","UN",566.04]
["Instalações em Cobre",103854,"JUNTA DE EXPANSÃO EM COBRE, DN 22 MM, PONTA X PONTA, INSTALADO EM RAMAL E SUB-RAMAL DE GÁS MEDICINAL - FORNECIMENTO E INSTALAÇÃO. AF_04/2022","UN",561.71]
["Instalações em Cobre",93109,"JUNTA DE EXPANSÃO EM COBRE, DN 22 MM, PONTA X PONTA, INSTALADO EM RAMAL E SUB-RAMAL DE HIDRÁULICA PREDIAL - FORNECIMENTO E INSTALAÇÃO. AF_04/2022","UN",558.95000000000005]
["Instalações em Cobre",93058,"JUNTA DE EXPANSÃO EM COBRE, DN 28 MM, PONTA X PONTA, INSTALADO EM PRUMADA DE HIDRÁULICA PREDIAL - FORNECIMENTO E INSTALAÇÃO. AF_04/2022","UN",608.79]
["Instalações em Cobre",93092,"JUNTA DE EXPANSÃO EM COBRE, DN 28 MM, PONTA X PONTA, INSTALADO EM RAMAL DE DISTRIBUIÇÃO DE HIDRÁULICA PREDIAL - FORNECIMENTO E INSTALAÇÃO. AF_04/2022","UN",611.79]
["Instalações em Cobre",103898,"JUNTA DE EXPANSÃO EM COBRE, DN 28 MM, PONTA X PONTA, INSTALADO EM RAMAL E SUB-RAMAL DE AQUECIMENTO SOLAR - FORNECIMENTO E INSTALAÇÃO. AF_04/2022","UN",616.98]
["Instalações em Cobre",103829,"JUNTA DE EXPANSÃO EM COBRE, DN 28 MM, PONTA X PONTA, INSTALADO EM RAMAL E SUB-RAMAL DE GÁS COMBUSTÍVEL - FORNECIMENTO E INSTALAÇÃO. AF_04/2022","UN",625.76]
["Instalações em Cobre",103862,"JUNTA DE EXPANSÃO EM COBRE, DN 28 MM, PONTA X PONTA, INSTALADO EM RAMAL E SUB-RAMAL DE GÁS MEDICINAL - FORNECIMENTO E INSTALAÇÃO. AF_04/2022","UN",618.69000000000005]
["Instalações em Cobre",93116,"JUNTA DE EXPANSÃO EM COBRE, DN 28 MM, PONTA X PONTA, INSTALADO EM RAMAL E SUB-RAMAL DE HIDRÁULICA PREDIAL - FORNECIMENTO E INSTALAÇÃO. AF_04/2022","UN",616.04999999999995]
["Instalações em Cobre",92314,"LUVA EM COBRE, DN 15 MM, SEM ANEL DE SOLDA, INSTALADO EM RAMAL DE DISTRIBUIÇÃO DE HIDRÁULICA PREDIAL - FORNECIMENTO E INSTALAÇÃO. AF_04/2022","UN",9.73]
["Instalações em Cobre",103883,"LUVA EM COBRE, DN 15 MM, SEM ANEL DE SOLDA, INSTALADO EM RAMAL E SUB-RAMAL DE AQUECIMENTO SOLAR - FORNECIMENTO E INSTALAÇÃO. AF_04/2022","UN",13.41]
["Instalações em Cobre",103814,"LUVA EM COBRE, DN 15 MM, SEM ANEL DE SOLDA, INSTALADO EM RAMAL E SUB-RAMAL DE GÁS COMBUSTÍVEL - FORNECIMENTO E INSTALAÇÃO. AF_04/2022","UN",13.37]
["Instalações em Cobre",103847,"LUVA EM COBRE, DN 15 MM, SEM ANEL DE SOLDA, INSTALADO EM RAMAL E SUB-RAMAL DE GÁS MEDICINAL - FORNECIMENTO E INSTALAÇÃO. AF_04/2022","UN",12.81]
["Instalações em Cobre",92329,"LUVA EM COBRE, DN 15 MM, SEM ANEL DE SOLDA, INSTALADO EM RAMAL E SUB-RAMAL DE HIDRÁULICA PREDIAL - FORNECIMENTO E INSTALAÇÃO. AF_04/2022","UN",9.94]
["Instalações em Cobre",92293,"LUVA EM COBRE, DN 22 MM, SEM ANEL DE SOLDA, INSTALADO EM PRUMADA DE HIDRÁULICA PREDIAL - FORNECIMENTO E INSTALAÇÃO. AF_04/2022","UN",10.86]
["Instalações em Cobre",92315,"LUVA EM COBRE, DN 22 MM, SEM ANEL DE SOLDA, INSTALADO EM RAMAL DE DISTRIBUIÇÃO DE HIDRÁULICA PREDIAL - FORNECIMENTO E INSTALAÇÃO. AF_04/2022","UN",14.08]
["Instalações em Cobre",103888,"LUVA EM COBRE, DN 22 MM, SEM ANEL DE SOLDA, INSTALADO EM RAMAL E SUB-RAMAL DE AQUECIMENTO SOLAR - FORNECIMENTO E INSTALAÇÃO. AF_04/2022","UN",18.59]
["Instalações em Cobre",103819,"LUVA EM COBRE, DN 22 MM, SEM ANEL DE SOLDA, INSTALADO EM RAMAL E SUB-RAMAL DE GÁS COMBUSTÍVEL - FORNECIMENTO E INSTALAÇÃO. AF_04/2022","UN",23.57]
["Instalações em Cobre",103852,"LUVA EM COBRE, DN 22 MM, SEM ANEL DE SOLDA, INSTALADO EM RAMAL E SUB-RAMAL DE GÁS MEDICINAL - FORNECIMENTO E INSTALAÇÃO. AF_04/2022","UN",19.239999999999998]
["Instalações em Cobre",92330,"LUVA EM COBRE, DN 22 MM, SEM ANEL DE SOLDA, INSTALADO EM RAMAL E SUB-RAMAL DE HIDRÁULICA PREDIAL - FORNECIMENTO E INSTALAÇÃO. AF_04/2022","UN",16.48]
["Instalações em Cobre",92294,"LUVA EM COBRE, DN 28 MM, SEM ANEL DE SOLDA, INSTALADO EM PRUMADA DE HIDRÁULICA PREDIAL - FORNECIMENTO E INSTALAÇÃO. AF_04/2022","UN",18.28]
["Instalações em Cobre",92316,"LUVA EM COBRE, DN 28 MM, SEM ANEL DE SOLDA, INSTALADO EM RAMAL DE DISTRIBUIÇÃO DE HIDRÁULICA PREDIAL - FORNECIMENTO E INSTALAÇÃO. AF_04/2022","UN",21.28]
["Instalações em Cobre",103895,"LUVA EM COBRE, DN 28 MM, SEM ANEL DE SOLDA, INSTALADO EM RAMAL E SUB-RAMAL DE AQUECIMENTO SOLAR - FORNECIMENTO E INSTALAÇÃO. AF_04/2022","UN",26.47]
["Instalações em Cobre",103826,"LUVA EM COBRE, DN 28 MM, SEM ANEL DE SOLDA, INSTALADO EM RAMAL E SUB-RAMAL DE GÁS COMBUSTÍVEL - FORNECIMENTO E INSTALAÇÃO. AF_04/2022","UN",35.25]
["Instalações em Cobre",103859,"LUVA EM COBRE, DN 28 MM, SEM ANEL DE SOLDA, INSTALADO EM RAMAL E SUB-RAMAL DE GÁS MEDICINAL - FORNECIMENTO E INSTALAÇÃO. AF_04/2022","UN",28.18]
["Instalações em Cobre",92331,"LUVA EM COBRE, DN 28 MM, SEM ANEL DE SOLDA, INSTALADO EM RAMAL E SUB-RAMAL DE HIDRÁULICA PREDIAL - FORNECIMENTO E INSTALAÇÃO. AF_04/2022","UN",25.54]
["Instalações em Cobre",92295,"LUVA EM COBRE, DN 35 MM, SEM ANEL DE SOLDA, INSTALADO EM PRUMADA DE HIDRÁULICA PREDIAL - FORNECIMENTO E INSTALAÇÃO. AF_04/2022","UN",34.299999999999997]
["Instalações em Cobre",92296,"LUVA EM COBRE, DN 42 MM, SEM ANEL DE SOLDA, INSTALADO EM PRUMADA DE HIDRÁULICA PREDIAL - FORNECIMENTO E INSTALAÇÃO. AF_04/2022","UN",45.4]
["Instalações em Cobre",92297,"LUVA EM COBRE, DN 54 MM, SEM ANEL DE SOLDA, INSTALADO EM PRUMADA DE HIDRÁULICA PREDIAL - FORNECIMENTO E INSTALAÇÃO. AF_04/2022","UN",70.34]
["Instalações em Cobre",92298,"LUVA EM COBRE, DN 66 MM, SEM ANEL DE SOLDA, INSTALADO EM PRUMADA DE HIDRÁULICA PREDIAL - FORNECIMENTO E INSTALAÇÃO. AF_04/2022","UN",196.7]
["Instalações em Cobre",93080,"LUVA PASSANTE EM COBRE, DN 15 MM, SEM ANEL DE SOLDA, INSTALADO EM RAMAL DE DISTRIBUIÇÃO DE HIDRÁULICA PREDIAL - FORNECIMENTO E INSTALAÇÃO. AF_04/2022","UN",9.76]
["Instalações em Cobre",103884,"LUVA PASSANTE EM COBRE, DN 15 MM, SEM ANEL DE SOLDA, INSTALADO EM RAMAL E SUB-RAMAL DE AQUECIMENTO SOLAR - FORNECIMENTO E INSTALAÇÃO. AF_04/2022","UN",13.44]
["Instalações em Cobre",103815,"LUVA PASSANTE EM COBRE, DN 15 MM, SEM ANEL DE SOLDA, INSTALADO EM RAMAL E SUB-RAMAL DE GÁS COMBUSTÍVEL - FORNECIMENTO E INSTALAÇÃO. AF_04/2022","UN",13.4]
["Instalações em Cobre",103848,"LUVA PASSANTE EM COBRE, DN 15 MM, SEM ANEL DE SOLDA, INSTALADO EM RAMAL E SUB-RAMAL DE GÁS MEDICINAL - FORNECIMENTO E INSTALAÇÃO. AF_04/2022","UN",12.84]
["Instalações em Cobre",93103,"LUVA PASSANTE EM COBRE, DN 15 MM, SEM ANEL DE SOLDA, INSTALADO EM RAMAL E SUB-RAMAL DE HIDRÁULICA PREDIAL - FORNECIMENTO E INSTALAÇÃO. AF_04/2022","UN",9.9700000000000006]
["Instalações em Cobre",93050,"LUVA PASSANTE EM COBRE, DN 22 MM, SEM ANEL DE SOLDA, INSTALADO EM PRUMADA DE HIDRÁULICA PREDIAL - FORNECIMENTO E INSTALAÇÃO. AF_04/2022","UN",12.26]
["Instalações em Cobre",93084,"LUVA PASSANTE EM COBRE, DN 22 MM, SEM ANEL DE SOLDA, INSTALADO EM RAMAL DE DISTRIBUIÇÃO DE HIDRÁULICA PREDIAL - FORNECIMENTO E INSTALAÇÃO. AF_04/2022","UN",15.48]
["Instalações em Cobre",103889,"LUVA PASSANTE EM COBRE, DN 22 MM, SEM ANEL DE SOLDA, INSTALADO EM RAMAL E SUB-RAMAL DE AQUECIMENTO SOLAR - FORNECIMENTO E INSTALAÇÃO. AF_04/2022","UN",19.989999999999998]
["Instalações em Cobre",103820,"LUVA PASSANTE EM COBRE, DN 22 MM, SEM ANEL DE SOLDA, INSTALADO EM RAMAL E SUB-RAMAL DE GÁS COMBUSTÍVEL - FORNECIMENTO E INSTALAÇÃO. AF_04/2022","UN",24.97]
["Instalações em Cobre",103853,"LUVA PASSANTE EM COBRE, DN 22 MM, SEM ANEL DE SOLDA, INSTALADO EM RAMAL E SUB-RAMAL DE GÁS MEDICINAL - FORNECIMENTO E INSTALAÇÃO. AF_04/2022","UN",20.64]
["Instalações em Cobre",93107,"LUVA PASSANTE EM COBRE, DN 22 MM, SEM ANEL DE SOLDA, INSTALADO EM RAMAL E SUB-RAMAL DE HIDRÁULICA PREDIAL - FORNECIMENTO E INSTALAÇÃO. AF_04/2022","UN",17.88]
["Instalações em Cobre",93056,"LUVA PASSANTE EM COBRE, DN 28 MM, SEM ANEL DE SOLDA, INSTALADO EM PRUMADA DE HIDRÁULICA PREDIAL - FORNECIMENTO E INSTALAÇÃO. AF_04/2022","UN",18.28]
["Instalações em Cobre",93090,"LUVA PASSANTE EM COBRE, DN 28 MM, SEM ANEL DE SOLDA, INSTALADO EM RAMAL DE DISTRIBUIÇÃO DE HIDRÁULICA PREDIAL - FORNECIMENTO E INSTALAÇÃO. AF_04/2022","UN",21.28]
["Instalações em Cobre",103896,"LUVA PASSANTE EM COBRE, DN 28 MM, SEM ANEL DE SOLDA, INSTALADO EM RAMAL E SUB-RAMAL DE AQUECIMENTO SOLAR - FORNECIMENTO E INSTALAÇÃO. AF_04/2022","UN",26.47]
["Instalações em Cobre",103827,"LUVA PASSANTE EM COBRE, DN 28 MM, SEM ANEL DE SOLDA, INSTALADO EM RAMAL E SUB-RAMAL DE GÁS COMBUSTÍVEL - FORNECIMENTO E INSTALAÇÃO. AF_04/2022","UN",35.25]
["Instalações em Cobre",103860,"LUVA PASSANTE EM COBRE, DN 28 MM, SEM ANEL DE SOLDA, INSTALADO EM RAMAL E SUB-RAMAL DE GÁS MEDICINAL - FORNECIMENTO E INSTALAÇÃO. AF_04/2022","UN",28.18]
["Instalações em Cobre",93113,"LUVA PASSANTE EM COBRE, DN 28 MM, SEM ANEL DE SOLDA, INSTALADO EM RAMAL E SUB-RAMAL DE HIDRÁULICA PREDIAL - FORNECIMENTO E INSTALAÇÃO. AF_04/2022","UN",25.54]
["Instalações em Cobre",93061,"LUVA PASSANTE EM COBRE, DN 35 MM, SEM ANEL DE SOLDA, INSTALADO EM PRUMADA DE HIDRÁULICA PREDIAL - FORNECIMENTO E INSTALAÇÃO. AF_04/2022","UN",34.44]
["Instalações em Cobre",93064,"LUVA PASSANTE EM COBRE, DN 42 MM, SEM ANEL DE SOLDA, INSTALADO EM PRUMADA DE HIDRÁULICA PREDIAL - FORNECIMENTO E INSTALAÇÃO. AF_04/2022","UN",52.71]
["Instalações em Cobre",93067,"LUVA PASSANTE EM COBRE, DN 54 MM, SEM ANEL DE SOLDA, INSTALADO EM PRUMADA DE HIDRÁULICA PREDIAL - FORNECIMENTO E INSTALAÇÃO. AF_04/2022","UN",78.3]
["Instalações em Cobre",93070,"LUVA PASSANTE EM COBRE, DN 66 MM, SEM ANEL DE SOLDA, INSTALADO EM PRUMADA DE HIDRÁULICA PREDIAL - FORNECIMENTO E INSTALAÇÃO. AF_04/2022","UN",196.7]
["Instalações em Cobre",93117,"TE DUPLA CURVA EM BRONZE/LATÃO, DN 1/2\" X 15 MM X 1/2\", SEM ANEL DE SOLDA, ROSCA F X BOLSA X ROSCA F, INSTALADO EM RAMAL E SUB-RAMAL DE HIDRÁULICA PREDIAL - FORNECIMENTO E INSTALAÇÃO. AF_04/2022","UN",62.48]
["Instalações em Cobre",93118,"TE DUPLA CURVA EM BRONZE/LATÃO, DN 3/4\" X 22 MM X 3/4\", SEM ANEL DE SOLDA, ROSCA F X BOLSA X ROSCA F, INSTALADO EM RAMAL E SUB-RAMAL DE HIDRÁULICA PREDIAL - FORNECIMENTO E INSTALAÇÃO. AF_04/2022","UN",92.14]
["Instalações em Cobre",92317,"TE EM COBRE, DN 15 MM, SEM ANEL DE SOLDA, INSTALADO EM RAMAL DE DISTRIBUIÇÃO DE HIDRÁULICA PREDIAL - FORNECIMENTO E INSTALAÇÃO. AF_04/2022","UN",20.36]
["Instalações em Cobre",92332,"TE EM COBRE, DN 15 MM, SEM ANEL DE SOLDA, INSTALADO EM RAMAL E SUB-RAMAL DE HIDRÁULICA PREDIAL - FORNECIMENTO E INSTALAÇÃO. AF_04/2022","UN",20.76]
["Instalações em Cobre",92299,"TE EM COBRE, DN 22 MM, SEM ANEL DE SOLDA, INSTALADO EM PRUMADA DE HIDRÁULICA PREDIAL - FORNECIMENTO E INSTALAÇÃO. AF_04/2022","UN",25.12]
["Instalações em Cobre",92318,"TE EM COBRE, DN 22 MM, SEM ANEL DE SOLDA, INSTALADO EM RAMAL DE DISTRIBUIÇÃO DE HIDRÁULICA PREDIAL - FORNECIMENTO E INSTALAÇÃO. AF_04/2022","UN",31.55]
["Instalações em Cobre",103833,"TE EM COBRE, DN 22 MM, SEM ANEL DE SOLDA, INSTALADO EM RAMAL E SUB-RAMAL DE GÁS COMBUSTÍVEL - FORNECIMENTO E INSTALAÇÃO. AF_04/2022","UN",50.43]
["Instalações em Cobre",92333,"TE EM COBRE, DN 22 MM, SEM ANEL DE SOLDA, INSTALADO EM RAMAL E SUB-RAMAL DE HIDRÁULICA PREDIAL - FORNECIMENTO E INSTALAÇÃO. AF_04/2022","UN",36.31]
["Instalações em Cobre",92300,"TE EM COBRE, DN 28 MM, SEM ANEL DE SOLDA, INSTALADO EM PRUMADA DE HIDRÁULICA PREDIAL - FORNECIMENTO E INSTALAÇÃO. AF_04/2022","UN",38.130000000000003]
["Instalações em Cobre",92319,"TE EM COBRE, DN 28 MM, SEM ANEL DE SOLDA, INSTALADO EM RAMAL DE DISTRIBUIÇÃO DE HIDRÁULICA PREDIAL - FORNECIMENTO E INSTALAÇÃO. AF_04/2022","UN",44.1]
["Instalações em Cobre",92334,"TE EM COBRE, DN 28 MM, SEM ANEL DE SOLDA, INSTALADO EM RAMAL E SUB-RAMAL DE HIDRÁULICA PREDIAL - FORNECIMENTO E INSTALAÇÃO. AF_04/2022","UN",52.58]
["Instalações em Cobre",92301,"TE EM COBRE, DN 35 MM, SEM ANEL DE SOLDA, INSTALADO EM PRUMADA DE HIDRÁULICA PREDIAL - FORNECIMENTO E INSTALAÇÃO. AF_04/2022","UN",75.06]
["Instalações em Cobre",92302,"TE EM COBRE, DN 42 MM, SEM ANEL DE SOLDA, INSTALADO EM PRUMADA DE HIDRÁULICA PREDIAL - FORNECIMENTO E INSTALAÇÃO. AF_04/2022","UN",99.08]
["Instalações em Cobre",92303,"TE EM COBRE, DN 54 MM, SEM ANEL DE SOLDA, INSTALADO EM PRUMADA DE HIDRÁULICA PREDIAL - FORNECIMENTO E INSTALAÇÃO. AF_04/2022","UN",181.37]
["Instalações em Cobre",92304,"TE EM COBRE, DN 66 MM, SEM ANEL DE SOLDA, INSTALADO EM PRUMADA DE HIDRÁULICA PREDIAL - FORNECIMENTO E INSTALAÇÃO. AF_04/2022","UN",469.24]
["Instalações em Cobre",103835,"TUBO EM COBRE RÍGIDO, DN 15 MM, CLASSE A, SEM ISOLAMENTO, INSTALADO EM RAMAL E SUB-RAMAL DE GÁS MEDICINAL - FORNECIMENTO E INSTALAÇÃO. AF_04/2022","M",68.34]
["Instalações em Cobre",92308,"TUBO EM COBRE RÍGIDO, DN 15 MM, CLASSE E, COM ISOLAMENTO, INSTALADO EM RAMAL DE DISTRIBUIÇÃO DE HIDRÁULICA PREDIAL - FORNECIMENTO E INSTALAÇÃO. AF_04/2022","M",62.01]
["Instalações em Cobre",103871,"TUBO EM COBRE RÍGIDO, DN 15 MM, CLASSE E, COM ISOLAMENTO, INSTALADO EM RAMAL E SUB-RAMAL DE AQUECIMENTO SOLAR - FORNECIMENTO E INSTALAÇÃO. AF_04/2022","M",72.709999999999994]
["Instalações em Cobre",92323,"TUBO EM COBRE RÍGIDO, DN 15 MM, CLASSE E, COM ISOLAMENTO, INSTALADO EM RAMAL E SUB-RAMAL DE HIDRÁULICA PREDIAL - FORNECIMENTO E INSTALAÇÃO. AF_04/2022","M",72.12]
["Instalações em Cobre",92305,"TUBO EM COBRE RÍGIDO, DN 15 MM, CLASSE E, SEM ISOLAMENTO, INSTALADO EM RAMAL DE DISTRIBUIÇÃO DE HIDRÁULICA PREDIAL - FORNECIMENTO E INSTALAÇÃO. AF_04/2022","M",41.15]
["Instalações em Cobre",103868,"TUBO EM COBRE RÍGIDO, DN 15 MM, CLASSE E, SEM ISOLAMENTO, INSTALADO EM RAMAL E SUB-RAMAL DE AQUECIMENTO SOLAR - FORNECIMENTO E INSTALAÇÃO. AF_04/2022","M",55.18]
["Instalações em Cobre",103802,"TUBO EM COBRE RÍGIDO, DN 15 MM, CLASSE E, SEM ISOLAMENTO, INSTALADO EM RAMAL E SUB-RAMAL DE GÁS COMBUSTÍVEL - FORNECIMENTO E INSTALAÇÃO. AF_04/2022","M",43.7]
["Instalações em Cobre",92320,"TUBO EM COBRE RÍGIDO, DN 15 MM, CLASSE E, SEM ISOLAMENTO, INSTALADO EM RAMAL E SUB-RAMAL DE HIDRÁULICA PREDIAL - FORNECIMENTO E INSTALAÇÃO. AF_04/2022","M",54.45]
["Instalações em Cobre",97335,"TUBO EM COBRE RÍGIDO, DN 22 MM, CLASSE A, SEM ISOLAMENTO, INSTALADO EM PRUMADA DE GÁS COMBUSTÍVEL - FORNECIMENTO E INSTALAÇÃO. AF_04/2022","M",86.1]
["Instalações em Cobre",103836,"TUBO EM COBRE RÍGIDO, DN 22 MM, CLASSE A, SEM ISOLAMENTO, INSTALADO EM RAMAL E SUB-RAMAL DE GÁS MEDICINAL - FORNECIMENTO E INSTALAÇÃO. AF_04/2022","M",105.83]
["Instalações em Cobre",92281,"TUBO EM COBRE RÍGIDO, DN 22 MM, CLASSE E, COM ISOLAMENTO, INSTALADO EM PRUMADA DE HIDRÁULICA PREDIAL - FORNECIMENTO E INSTALAÇÃO. AF_04/2022","M",142.33000000000001]
["Instalações em Cobre",92309,"TUBO EM COBRE RÍGIDO, DN 22 MM, CLASSE E, COM ISOLAMENTO, INSTALADO EM RAMAL DE DISTRIBUIÇÃO DE HIDRÁULICA PREDIAL - FORNECIMENTO E INSTALAÇÃO. AF_04/2022","M",152.03]
["Instalações em Cobre",103872,"TUBO EM COBRE RÍGIDO, DN 22 MM, CLASSE E, COM ISOLAMENTO, INSTALADO EM RAMAL E SUB-RAMAL DE AQUECIMENTO SOLAR - FORNECIMENTO E INSTALAÇÃO. AF_04/2022","M",165.47]
["Instalações em Cobre",92324,"TUBO EM COBRE RÍGIDO, DN 22 MM, CLASSE E, COM ISOLAMENTO, INSTALADO EM RAMAL E SUB-RAMAL DE HIDRÁULICA PREDIAL - FORNECIMENTO E INSTALAÇÃO. AF_04/2022","M",171.74]
["Instalações em Cobre",92275,"TUBO EM COBRE RÍGIDO, DN 22 MM, CLASSE E, SEM ISOLAMENTO, INSTALADO EM PRUMADA DE HIDRÁULICA PREDIAL - FORNECIMENTO E INSTALAÇÃO. AF_04/2022","M",59.91]
["Instalações em Cobre",92306,"TUBO EM COBRE RÍGIDO, DN 22 MM, CLASSE E, SEM ISOLAMENTO, INSTALADO EM RAMAL DE DISTRIBUIÇÃO DE HIDRÁULICA PREDIAL - FORNECIMENTO E INSTALAÇÃO. AF_04/2022","M",66.39]
["Instalações em Cobre",103869,"TUBO EM COBRE RÍGIDO, DN 22 MM, CLASSE E, SEM ISOLAMENTO, INSTALADO EM RAMAL E SUB-RAMAL DE AQUECIMENTO SOLAR - FORNECIMENTO E INSTALAÇÃO. AF_04/2022","M",83.16]
["Instalações em Cobre",103803,"TUBO EM COBRE RÍGIDO, DN 22 MM, CLASSE E, SEM ISOLAMENTO, INSTALADO EM RAMAL E SUB-RAMAL DE GÁS COMBUSTÍVEL - FORNECIMENTO E INSTALAÇÃO. AF_04/2022","M",75.13]
["Instalações em Cobre",92321,"TUBO EM COBRE RÍGIDO, DN 22 MM, CLASSE E, SEM ISOLAMENTO, INSTALADO EM RAMAL E SUB-RAMAL DE HIDRÁULICA PREDIAL - FORNECIMENTO E INSTALAÇÃO. AF_04/2022","M",89.29]
["Instalações em Cobre",97336,"TUBO EM COBRE RÍGIDO, DN 28 MM, CLASSE A, SEM ISOLAMENTO, INSTALADO EM PRUMADA DE GÁS COMBUSTÍVEL - FORNECIMENTO E INSTALAÇÃO. AF_04/2022","M",109.6]
["Instalações em Cobre",103837,"TUBO EM COBRE RÍGIDO, DN 28 MM, CLASSE A, SEM ISOLAMENTO, INSTALADO EM RAMAL E SUB-RAMAL DE GÁS MEDICINAL - FORNECIMENTO E INSTALAÇÃO. AF_04/2022","M",133.35]
["Instalações em Cobre",92282,"TUBO EM COBRE RÍGIDO, DN 28 MM, CLASSE E, COM ISOLAMENTO, INSTALADO EM PRUMADA DE HIDRÁULICA PREDIAL - FORNECIMENTO E INSTALAÇÃO. AF_04/2022","M",161.88]
["Instalações em Cobre",92310,"TUBO EM COBRE RÍGIDO, DN 28 MM, CLASSE E, COM ISOLAMENTO, INSTALADO EM RAMAL DE DISTRIBUIÇÃO DE HIDRÁULICA PREDIAL - FORNECIMENTO E INSTALAÇÃO. AF_04/2022","M",171.88]
["Instalações em Cobre",103873,"TUBO EM COBRE RÍGIDO, DN 28 MM, CLASSE E, COM ISOLAMENTO, INSTALADO EM RAMAL E SUB-RAMAL DE AQUECIMENTO SOLAR - FORNECIMENTO E INSTALAÇÃO. AF_04/2022","M",187.67]
["Instalações em Cobre",92325,"TUBO EM COBRE RÍGIDO, DN 28 MM, CLASSE E, COM ISOLAMENTO, INSTALADO EM RAMAL E SUB-RAMAL DE HIDRÁULICA PREDIAL - FORNECIMENTO E INSTALAÇÃO. AF_04/2022","M",199.81]
["Instalações em Cobre",92276,"TUBO EM COBRE RÍGIDO, DN 28 MM, CLASSE E, SEM ISOLAMENTO, INSTALADO EM PRUMADA DE HIDRÁULICA PREDIAL - FORNECIMENTO E INSTALAÇÃO. AF_04/2022","M",76.099999999999994]
["Instalações em Cobre",92307,"TUBO EM COBRE RÍGIDO, DN 28 MM, CLASSE E, SEM ISOLAMENTO, INSTALADO EM RAMAL DE DISTRIBUIÇÃO DE HIDRÁULICA PREDIAL - FORNECIMENTO E INSTALAÇÃO. AF_04/2022","M",82.86]
["Instalações em Cobre",103870,"TUBO EM COBRE RÍGIDO, DN 28 MM, CLASSE E, SEM ISOLAMENTO, INSTALADO EM RAMAL E SUB-RAMAL DE AQUECIMENTO SOLAR - FORNECIMENTO E INSTALAÇÃO. AF_04/2022","M",102]
["Instalações em Cobre",103804,"TUBO EM COBRE RÍGIDO, DN 28 MM, CLASSE E, SEM ISOLAMENTO, INSTALADO EM RAMAL E SUB-RAMAL DE GÁS COMBUSTÍVEL - FORNECIMENTO E INSTALAÇÃO. AF_04/2022","M",90.58]
["Instalações em Cobre",92322,"TUBO EM COBRE RÍGIDO, DN 28 MM, CLASSE E, SEM ISOLAMENTO, INSTALADO EM RAMAL E SUB-RAMAL DE HIDRÁULICA PREDIAL - FORNECIMENTO E INSTALAÇÃO. AF_04/2022","M",114]
["Instalações em Cobre",97337,"TUBO EM COBRE RÍGIDO, DN 35 MM, CLASSE A, SEM ISOLAMENTO, INSTALADO EM PRUMADA DE GÁS COMBUSTÍVEL - FORNECIMENTO E INSTALAÇÃO. AF_04/2022","M",164.73]
["Instalações em Cobre",92283,"TUBO EM COBRE RÍGIDO, DN 35 MM, CLASSE E, COM ISOLAMENTO, INSTALADO EM PRUMADA DE HIDRÁULICA PREDIAL - FORNECIMENTO E INSTALAÇÃO. AF_04/2022","M",218.26]
["Instalações em Cobre",92277,"TUBO EM COBRE RÍGIDO, DN 35 MM, CLASSE E, SEM ISOLAMENTO, INSTALADO EM PRUMADA DE HIDRÁULICA PREDIAL - FORNECIMENTO E INSTALAÇÃO. AF_04/2022","M",109.89]
["Instalações em Cobre",97338,"TUBO EM COBRE RÍGIDO, DN 42 MM, CLASSE A, SEM ISOLAMENTO, INSTALADO EM PRUMADA DE GÁS COMBUSTÍVEL - FORNECIMENTO E INSTALAÇÃO. AF_04/2022","M",198.22]
["Instalações em Cobre",92284,"TUBO EM COBRE RÍGIDO, DN 42 MM, CLASSE E, COM ISOLAMENTO, INSTALADO EM PRUMADA DE HIDRÁULICA PREDIAL - FORNECIMENTO E INSTALAÇÃO. AF_04/2022","M",271.33999999999997]
["Instalações em Cobre",92278,"TUBO EM COBRE RÍGIDO, DN 42 MM, CLASSE E, SEM ISOLAMENTO, INSTALADO EM PRUMADA DE HIDRÁULICA PREDIAL - FORNECIMENTO E INSTALAÇÃO. AF_04/2022","M",147.83000000000001]
["Instalações em Cobre",97339,"TUBO EM COBRE RÍGIDO, DN 54 MM, CLASSE A, SEM ISOLAMENTO, INSTALADO EM PRUMADA DE GÁS COMBUSTÍVEL - FORNECIMENTO E INSTALAÇÃO. AF_04/2022","M",213.61]
["Instalações em Cobre",92285,"TUBO EM COBRE RÍGIDO, DN 54 MM, CLASSE E, COM ISOLAMENTO, INSTALADO EM PRUMADA DE HIDRÁULICA PREDIAL - FORNECIMENTO E INSTALAÇÃO. AF_04/2022","M",361.19]
["Instalações em Cobre",92279,"TUBO EM COBRE RÍGIDO, DN 54 MM, CLASSE E, SEM ISOLAMENTO, INSTALADO EM PRUMADA DE HIDRÁULICA PREDIAL - FORNECIMENTO E INSTALAÇÃO. AF_04/2022","M",213.61]
["Instalações em Cobre",97340,"TUBO EM COBRE RÍGIDO, DN 66 MM, CLASSE A, SEM ISOLAMENTO, INSTALADO EM PRUMADA DE GÁS COMBUSTÍVEL - FORNECIMENTO E INSTALAÇÃO. AF_04/2022","M",215.08]
["Instalações em Cobre",92286,"TUBO EM COBRE RÍGIDO, DN 66 MM, CLASSE E, COM ISOLAMENTO, INSTALADO EM PRUMADA DE HIDRÁULICA PREDIAL - FORNECIMENTO E INSTALAÇÃO. AF_04/2022","M",449.43]
["Instalações em Cobre",92280,"TUBO EM COBRE RÍGIDO, DN 66 MM, CLASSE E, SEM ISOLAMENTO, INSTALADO EM PRUMADA DE HIDRÁULICA PREDIAL - FORNECIMENTO E INSTALAÇÃO. AF_04/2022","M",299.79000000000002]
["Instalações em Cobre",103901,"TÊ EM COBRE, DN 15 MM, SEM ANEL DE SOLDA, INSTALADO EM RAMAL E SUB-RAMAL DE AQUECIMENTO SOLAR - FORNECIMENTO E INSTALAÇÃO. AF_04/2022","UN",27.7]
["Instalações em Cobre",103832,"TÊ EM COBRE, DN 15 MM, SEM ANEL DE SOLDA, INSTALADO EM RAMAL E SUB-RAMAL DE GÁS COMBUSTÍVEL - FORNECIMENTO E INSTALAÇÃO. AF_04/2022","UN",27.6]
["Instalações em Cobre",103865,"TÊ EM COBRE, DN 15 MM, SEM ANEL DE SOLDA, INSTALADO EM RAMAL E SUB-RAMAL DE GÁS MEDICINAL - FORNECIMENTO E INSTALAÇÃO. AF_04/2022","UN",26.48]
["Instalações em Cobre",103902,"TÊ EM COBRE, DN 22 MM, SEM ANEL DE SOLDA, INSTALADO EM RAMAL E SUB-RAMAL DE AQUECIMENTO SOLAR - FORNECIMENTO E INSTALAÇÃO. AF_04/2022","UN",40.53]
["Instalações em Cobre",103866,"TÊ EM COBRE, DN 22 MM, SEM ANEL DE SOLDA, INSTALADO EM RAMAL E SUB-RAMAL DE GÁS MEDICINAL - FORNECIMENTO E INSTALAÇÃO. AF_04/2022","UN",41.78]
["Instalações em Cobre",103903,"TÊ EM COBRE, DN 28 MM, SEM ANEL DE SOLDA, INSTALADO EM RAMAL E SUB-RAMAL DE AQUECIMENTO SOLAR - FORNECIMENTO E INSTALAÇÃO. AF_04/2022","UN",54.49]
["Instalações em Cobre",103834,"TÊ EM COBRE, DN 28 MM, SEM ANEL DE SOLDA, INSTALADO EM RAMAL E SUB-RAMAL DE GÁS COMBUSTÍVEL - FORNECIMENTO E INSTALAÇÃO. AF_04/2022","UN",72.959999999999994]
["Instalações em Cobre",103867,"TÊ EM COBRE, DN 28 MM, SEM ANEL DE SOLDA, INSTALADO EM RAMAL E SUB-RAMAL DE GÁS MEDICINAL - FORNECIMENTO E INSTALAÇÃO. AF_04/2022","UN",57.86]
["Instalações para Canteiros de Obras",105113,"ESTRUTURA DE MADEIRA PROVISÓRIA PARA SUPORTE DE CAIXA D'ÁGUA ELEVADA DE 2000 LITROS. AF_03/2024","UN",8692]
["Instalações para Canteiros de Obras",98461,"ESTRUTURA DE MADEIRA PROVISÓRIA PARA SUPORTE DE CAIXA DÁGUA ELEVADA DE 1000 LITROS. AF_03/2024","UN",6595.04]
["Instalações para Canteiros de Obras",98462,"ESTRUTURA DE MADEIRA PROVISÓRIA PARA SUPORTE DE CAIXA DÁGUA ELEVADA DE 3000 LITROS. AF_03/2024","UN",11186.64]
["Instalações para Canteiros de Obras",105130,"EXECUÇÃO DE PILARETES PARA TAPUMES E CONSTRUÇÕES TEMPORÁRIAS. AF_03/2024","M",32.39]
["Instalações para Canteiros de Obras",105114,"EXECUÇÃO DOS APOIOS PARA CONTÊINER OU MÓDULO HABITÁVEL. AF_03/2024","M3",2034.26]
["Instalações para Canteiros de Obras",105129,"INSTALAÇÃO DE CATRACA ELETRÔNICA. AF_03/2024","UN",0]
["Instalações para Canteiros de Obras",105127,"INSTALAÇÃO DE CONCERTINA DUPLA CLIPADA, ESPIRAL DE 300 MM. AF_03/2024","M",31.06]
["Instalações para Canteiros de Obras",105128,"INSTALAÇÃO DE CONCERTINA FLAT, ESPIRAL DE 300 MM. AF_03/2024","M",102.37]
["Instalações para Canteiros de Obras",105126,"INSTALAÇÃO DE CONCERTINA SIMPLES, ESPIRAL DE 300 MM. AF_03/2024","M",34.47]
["Instalações para Canteiros de Obras",105116,"INSTALAÇÃO E DESINSTALAÇÃO MANUAL DE CONTÊINER OU MÓDULO HABITÁVEL PEQUENO. AF_03/2024","UN",13.38]
["Instalações para Canteiros de Obras",105115,"INSTALAÇÃO E DESINSTALAÇÃO MECANIZADA DE CONTÊINER OU MÓDULO HABITÁVEL DE USOS DIVERSOS. AF_03/2024","UN",137.22999999999999]
["Instalações para Canteiros de Obras",98453,"PAREDE DE MADEIRA COMPENSADA PARA CONSTRUÇÃO TEMPORÁRIA EM CHAPA DUPLA, EXTERNA, COM ÁREA LÍQUIDA MAIOR OU IGUAL A QUE 6 M², COM VÃO. AF_03/2024","M2",159.13]
["Instalações para Canteiros de Obras",98454,"PAREDE DE MADEIRA COMPENSADA PARA CONSTRUÇÃO TEMPORÁRIA EM CHAPA DUPLA, EXTERNA, COM ÁREA LÍQUIDA MENOR QUE 6 M², COM VÃO. AF_03/2024","M2",202.5]
["Instalações para Canteiros de Obras",98449,"PAREDE DE MADEIRA COMPENSADA PARA CONSTRUÇÃO TEMPORÁRIA EM CHAPA DUPLA, EXTERNA, SEM VÃO. AF_03/2024","M2",135.81]
["Instalações para Canteiros de Obras",98455,"PAREDE DE MADEIRA COMPENSADA PARA CONSTRUÇÃO TEMPORÁRIA EM CHAPA DUPLA, INTERNA, COM ÁREA LÍQUIDA MAIOR OU IGUAL A 6 M², COM VÃO. AF_03/2024","M2",127.7]
["Instalações para Canteiros de Obras",98456,"PAREDE DE MADEIRA COMPENSADA PARA CONSTRUÇÃO TEMPORÁRIA EM CHAPA DUPLA, INTERNA, COM ÁREA LÍQUIDA MENOR QUE 6 M², COM VÃO. AF_03/2024","M2",164.68]
["Instalações para Canteiros de Obras",98451,"PAREDE DE MADEIRA COMPENSADA PARA CONSTRUÇÃO TEMPORÁRIA EM CHAPA DUPLA, INTERNA, SEM VÃO. AF_03/2024","M2",109.16]
["Instalações para Canteiros de Obras",98445,"PAREDE DE MADEIRA COMPENSADA PARA CONSTRUÇÃO TEMPORÁRIA EM CHAPA SIMPLES, EXTERNA, COM ÁREA LÍQUIDA MAIOR OU IGUAL A 6 M², COM VÃO. AF_03/2024","M2",118.79]
["Instalações para Canteiros de Obras",98446,"PAREDE DE MADEIRA COMPENSADA PARA CONSTRUÇÃO TEMPORÁRIA EM CHAPA SIMPLES, EXTERNA, COM ÁREA LÍQUIDA MENOR QUE 6 M², COM VÃO. AF_03/2024","M2",153.47]
["Instalações para Canteiros de Obras",98441,"PAREDE DE MADEIRA COMPENSADA PARA CONSTRUÇÃO TEMPORÁRIA EM CHAPA SIMPLES, EXTERNA, SEM VÃO. AF_03/2024","M2",100.01]
["Instalações para Canteiros de Obras",98447,"PAREDE DE MADEIRA COMPENSADA PARA CONSTRUÇÃO TEMPORÁRIA EM CHAPA SIMPLES, INTERNA, COM ÁREA LÍQUIDA MAIOR OU IGUAL A 6 M², COM VÃO. AF_03/2024","M2",91.46]
["Instalações para Canteiros de Obras",98448,"PAREDE DE MADEIRA COMPENSADA PARA CONSTRUÇÃO TEMPORÁRIA EM CHAPA SIMPLES, INTERNA, COM ÁREA LÍQUIDA MENOR QUE 6 M², COM VÃO. AF_03/2024","M2",119.3]
["Instalações para Canteiros de Obras",98443,"PAREDE DE MADEIRA COMPENSADA PARA CONSTRUÇÃO TEMPORÁRIA EM CHAPA SIMPLES, INTERNA, SEM VÃO. AF_03/2024","M2",76.540000000000006]
["Instalações para Canteiros de Obras",105122,"PAREDE DE MADEIRA OSB PARA CONSTRUÇÃO TEMPORÁRIA EM CHAPA DUPLA, EXTERNA, COM ÁREA LÍQUIDA MAIOR OU IGUAL A QUE 6 M², COM VÃO. AF_03/2024","M2",0]
["Instalações para Canteiros de Obras",105125,"PAREDE DE MADEIRA OSB PARA CONSTRUÇÃO TEMPORÁRIA EM CHAPA DUPLA, EXTERNA, COM ÁREA LÍQUIDA MENOR QUE 6 M², COM VÃO. AF_03/2024","M2",0]
["Instalações para Canteiros de Obras",105133,"PAREDE DE MADEIRA OSB PARA CONSTRUÇÃO TEMPORÁRIA EM CHAPA DUPLA, EXTERNA, SEM VÃO. AF_03/2024","M2",0]
["Instalações para Canteiros de Obras",105123,"PAREDE DE MADEIRA OSB PARA CONSTRUÇÃO TEMPORÁRIA EM CHAPA DUPLA, INTERNA, COM ÁREA LÍQUIDA MAIOR OU IGUAL A 6 M², COM VÃO. AF_03/2024","M2",0]
["Instalações para Canteiros de Obras",105124,"PAREDE DE MADEIRA OSB PARA CONSTRUÇÃO TEMPORÁRIA EM CHAPA DUPLA, INTERNA, COM ÁREA LÍQUIDA MENOR QUE 6 M², COM VÃO. AF_03/2024","M2",0]
["Instalações para Canteiros de Obras",105134,"PAREDE DE MADEIRA OSB PARA CONSTRUÇÃO TEMPORÁRIA EM CHAPA DUPLA, INTERNA, SEM VÃO. AF_03/2024","M2",0]
["Instalações para Canteiros de Obras",105117,"PAREDE DE MADEIRA OSB PARA CONSTRUÇÃO TEMPORÁRIA EM CHAPA SIMPLES, EXTERNA, COM ÁREA LÍQUIDA MAIOR OU IGUAL A 6 M², COM VÃO. AF_03/2024","M2",0]
["Instalações para Canteiros de Obras",105119,"PAREDE DE MADEIRA OSB PARA CONSTRUÇÃO TEMPORÁRIA EM CHAPA SIMPLES, EXTERNA, COM ÁREA LÍQUIDA MENOR QUE 6 M², COM VÃO. AF_03/2024","M2",0]
["Instalações para Canteiros de Obras",105131,"PAREDE DE MADEIRA OSB PARA CONSTRUÇÃO TEMPORÁRIA EM CHAPA SIMPLES, EXTERNA, SEM VÃO. AF_03/2024","M2",0]
["Instalações para Canteiros de Obras",105120,"PAREDE DE MADEIRA OSB PARA CONSTRUÇÃO TEMPORÁRIA EM CHAPA SIMPLES, INTERNA, COM ÁREA LÍQUIDA MAIOR OU IGUAL A 6 M², COM VÃO. AF_03/2024","M2",0]
["Instalações para Canteiros de Obras",105121,"PAREDE DE MADEIRA OSB PARA CONSTRUÇÃO TEMPORÁRIA EM CHAPA SIMPLES, INTERNA, COM ÁREA LÍQUIDA MENOR QUE 6 M², COM VÃO. AF_03/2024","M2",0]
["Instalações para Canteiros de Obras",105132,"PAREDE DE MADEIRA OSB PARA CONSTRUÇÃO TEMPORÁRIA EM CHAPA SIMPLES, INTERNA, SEM VÃO. AF_03/2024","M2",0]
["Instalações para Canteiros de Obras",98460,"PISO PARA CONSTRUÇÃO TEMPORÁRIA EM MADEIRA, SEM REAPROVEITAMENTO. AF_03/2024","M2",79.47]
["Instalações para Canteiros de Obras",98457,"TAPUME COM CHAPA METÁLICA. AF_03/2024","M2",0]
["Instalações para Canteiros de Obras",98458,"TAPUME COM COMPENSADO DE MADEIRA. AF_03/2024","M2",100.04]
["Instalações para Canteiros de Obras",98459,"TAPUME COM TELHA METÁLICA. AF_03/2024","M2",92.97]
["Instalações para Canteiros de Obras",105118,"TAPUME EM CHAPA DE MADEIRA OSB. AF_03/2024","M2",0]
["Lajes Pré-Moldadas",101956,"LAJE PRÉ-MOLDADA UNIDIRECIONAL, BIAPOIADA, ENCHIMENTO EM CERÂMICA, VIGOTA PROTENDIDA, ALTURA TOTAL DA LAJE (ENCHIMENTO+CAPA) = (12+4). AF_11/2020","M2",0]
["Lajes Pré-Moldadas",104690,"LAJE PRÉ-MOLDADA UNIDIRECIONAL, BIAPOIADA, ENCHIMENTO EM CERÂMICA, VIGOTA PROTENDIDA, ALTURA TOTAL DA LAJE (ENCHIMENTO+CAPA) = (16+4). AF_11/2020","M2",0]
["Lajes Pré-Moldadas",101958,"LAJE PRÉ-MOLDADA UNIDIRECIONAL, BIAPOIADA, ENCHIMENTO EM CERÂMICA, VIGOTA PROTENDIDA, ALTURA TOTAL DA LAJE (ENCHIMENTO+CAPA) = (20+5). AF_11/2020","M2",0]
["Lajes Pré-Moldadas",101955,"LAJE PRÉ-MOLDADA UNIDIRECIONAL, BIAPOIADA, ENCHIMENTO EM CERÂMICA, VIGOTA PROTENDIDA, ALTURA TOTAL DA LAJE (ENCHIMENTO+CAPA) = (8+4). AF_11/2020","M2",0]
["Lajes Pré-Moldadas",101948,"LAJE PRÉ-MOLDADA UNIDIRECIONAL, BIAPOIADA, ENCHIMENTO EM CERÂMICA, VIGOTA TRELIÇADA, ALTURA TOTAL DA LAJE (ENCHIMENTO+CAPA) = (12+4). AF_11/2020","M2",0]
["Lajes Pré-Moldadas",101949,"LAJE PRÉ-MOLDADA UNIDIRECIONAL, BIAPOIADA, ENCHIMENTO EM CERÂMICA, VIGOTA TRELIÇADA, ALTURA TOTAL DA LAJE (ENCHIMENTO+CAPA) = (16+4). AF_11/2020","M2",0]
["Lajes Pré-Moldadas",101950,"LAJE PRÉ-MOLDADA UNIDIRECIONAL, BIAPOIADA, ENCHIMENTO EM CERÂMICA, VIGOTA TRELIÇADA, ALTURA TOTAL DA LAJE (ENCHIMENTO+CAPA) = (20+5). AF_11/2020","M2",0]
["Lajes Pré-Moldadas",101947,"LAJE PRÉ-MOLDADA UNIDIRECIONAL, BIAPOIADA, ENCHIMENTO EM CERÂMICA, VIGOTA TRELIÇADA, ALTURA TOTAL DA LAJE (ENCHIMENTO+CAPA) = (8+4). AF_11/2020","M2",0]
["Lajes Pré-Moldadas",101960,"LAJE PRÉ-MOLDADA UNIDIRECIONAL, BIAPOIADA, ENCHIMENTO EM EPS, VIGOTA PROTENDIDA, ALTURA TOTAL DA LAJE (ENCHIMENTO+CAPA) = (12+4). AF_11/2020","M2",0]
["Lajes Pré-Moldadas",101961,"LAJE PRÉ-MOLDADA UNIDIRECIONAL, BIAPOIADA, ENCHIMENTO EM EPS, VIGOTA PROTENDIDA, ALTURA TOTAL DA LAJE (ENCHIMENTO+CAPA) = (16+4). AF_11/2020","M2",0]
["Lajes Pré-Moldadas",101962,"LAJE PRÉ-MOLDADA UNIDIRECIONAL, BIAPOIADA, ENCHIMENTO EM EPS, VIGOTA PROTENDIDA, ALTURA TOTAL DA LAJE (ENCHIMENTO+CAPA) = (20+5). AF_11/2020","M2",0]
["Lajes Pré-Moldadas",101959,"LAJE PRÉ-MOLDADA UNIDIRECIONAL, BIAPOIADA, ENCHIMENTO EM EPS, VIGOTA PROTENDIDA, ALTURA TOTAL DA LAJE (ENCHIMENTO+CAPA) = (8+4). AF_11/2020","M2",0]
["Lajes Pré-Moldadas",101952,"LAJE PRÉ-MOLDADA UNIDIRECIONAL, BIAPOIADA, ENCHIMENTO EM EPS, VIGOTA TRELIÇADA, ALTURA TOTAL DA LAJE (ENCHIMENTO+CAPA) = (12+4). AF_11/2020","M2",0]
["Lajes Pré-Moldadas",101953,"LAJE PRÉ-MOLDADA UNIDIRECIONAL, BIAPOIADA, ENCHIMENTO EM EPS, VIGOTA TRELIÇADA, ALTURA TOTAL DA LAJE (ENCHIMENTO+CAPA) = (16+4). AF_11/2020","M2",0]
["Lajes Pré-Moldadas",101954,"LAJE PRÉ-MOLDADA UNIDIRECIONAL, BIAPOIADA, ENCHIMENTO EM EPS, VIGOTA TRELIÇADA, ALTURA TOTAL DA LAJE (ENCHIMENTO+CAPA) = (20+5). AF_11/2020","M2",0]
["Lajes Pré-Moldadas",101951,"LAJE PRÉ-MOLDADA UNIDIRECIONAL, BIAPOIADA, ENCHIMENTO EM EPS, VIGOTA TRELIÇADA, ALTURA TOTAL DA LAJE (ENCHIMENTO+CAPA) = (8+4). AF_11/2020","M2",0]
["Lajes Pré-Moldadas",101964,"LAJE PRÉ-MOLDADA UNIDIRECIONAL, BIAPOIADA, PARA FORRO, ENCHIMENTO EM CERÂMICA, VIGOTA CONVENCIONAL, ALTURA TOTAL DA LAJE (ENCHIMENTO+CAPA) = (8+3). AF_11/2020","M2",168.79]
["Lajes Pré-Moldadas",101963,"LAJE PRÉ-MOLDADA UNIDIRECIONAL, BIAPOIADA, PARA PISO, ENCHIMENTO EM CERÂMICA, VIGOTA CONVENCIONAL, ALTURA TOTAL DA LAJE (ENCHIMENTO+CAPA) = (8+4). AF_11/2020","M2",181.46]
["Lastro",100323,"LASTRO COM MATERIAL GRANULAR (AREIA MÉDIA), APLICADO EM PISOS OU LAJES SOBRE SOLO, ESPESSURA DE *10 CM*. AF_01/2024","M3",235.21]
["Lastro",100324,"LASTRO COM MATERIAL GRANULAR (PEDRA BRITADA N.1 E PEDRA BRITADA N.2), APLICADO EM PISOS OU LAJES SOBRE SOLO, ESPESSURA DE *10 CM*. AF_01/2024","M3",207.22]
["Lastro",96624,"LASTRO COM MATERIAL GRANULAR (PEDRA BRITADA N.2), APLICADO EM PISOS OU LAJES SOBRE SOLO, ESPESSURA DE *10 CM*. AF_01/2024","M3",207.59]
["Lastro",100322,"LASTRO COM MATERIAL GRANULAR (PEDRA BRITADA N.3), APLICADO EM PISOS OU LAJES SOBRE SOLO, ESPESSURA DE *10 CM*. AF_01/2024","M3",199.21]
["Lastro",96623,"LASTRO COM MATERIAL GRANULAR, APLICADO EM BLOCOS DE COROAMENTO, ESPESSURA DE *10 CM*. AF_01/2024","M3",224.68]
["Lastro",96622,"LASTRO COM MATERIAL GRANULAR, APLICADO EM PISOS OU LAJES SOBRE SOLO, ESPESSURA DE *5 CM*. AF_01/2024","M3",245.12]
["Lastro",96621,"LASTRO COM MATERIAL GRANULAR, APLICAÇÃO EM BLOCOS DE COROAMENTO, ESPESSURA DE *5 CM*. AF_01/2024","M3",262.2]
["Lastro",96617,"LASTRO DE CONCRETO MAGRO, APLICADO EM BLOCOS DE COROAMENTO OU SAPATAS, ESPESSURA DE 3 CM. AF_01/2024","M2",23.25]
["Lastro",96619,"LASTRO DE CONCRETO MAGRO, APLICADO EM BLOCOS DE COROAMENTO OU SAPATAS, ESPESSURA DE 5 CM. AF_01/2024","M2",46.46]
["Lastro",96616,"LASTRO DE CONCRETO MAGRO, APLICADO EM BLOCOS DE COROAMENTO OU SAPATAS. AF_01/2024","M3",929.62]
["Lastro",95240,"LASTRO DE CONCRETO MAGRO, APLICADO EM PISOS, LAJES SOBRE SOLO OU RADIERS, ESPESSURA DE 3 CM. AF_01/2024","M2",22.32]
["Lastro",95241,"LASTRO DE CONCRETO MAGRO, APLICADO EM PISOS, LAJES SOBRE SOLO OU RADIERS, ESPESSURA DE 5 CM. AF_01/2024","M2",42.86]
["Lastro",96620,"LASTRO DE CONCRETO MAGRO, APLICADO EM PISOS, LAJES SOBRE SOLO OU RADIERS. AF_01/2024","M3",857.73]
["Ligações Prediais de Água e Esgoto",104043,"ADAPTADOR, POLIPROPILENO, PARA TUBOS EM PEAD, 20 MM X 1/2\", PARA LIGAÇÃO PREDIAL DE ÁGUA. AF_06/2022","UN",8.76]
["Ligações Prediais de Água e Esgoto",104044,"ADAPTADOR, POLIPROPILENO, PARA TUBOS EM PEAD, 20 MM X 3/4\", PARA LIGAÇÃO PREDIAL DE ÁGUA. AF_06/2022","UN",9.43]
["Ligações Prediais de Água e Esgoto",104045,"ADAPTADOR, POLIPROPILENO, PARA TUBOS EM PEAD, 32 MM X 1\", PARA LIGAÇÃO PREDIAL DE ÁGUA. AF_06/2022","UN",14.3]
["Ligações Prediais de Água e Esgoto",104049,"ADAPTADOR, PVC, CURTO COM BOLSA E ROSCA, 20 MM X 1/2\", PARA LIGAÇÃO PREDIAL DE ÁGUA. AF_06/2022","UN",6.4]
["Ligações Prediais de Água e Esgoto",104050,"ADAPTADOR, PVC, CURTO COM BOLSA E ROSCA, 32 MM X 1\", PARA LIGAÇÃO PREDIAL DE ÁGUA. AF_06/2022","UN",9.42]
["Ligações Prediais de Água e Esgoto",104084,"CAP, PVC OCRE, JUNTA ELÁSTICA, DN 150 MM, PARA COLETOR PREDIAL DE ESGOTO. AF_06/2022","UN",72.61]
["Ligações Prediais de Água e Esgoto",104037,"COLAR DE TOMADA, FERRO FUNDIDO, COM PARAFUSOS, DN 50 MM X 3/4\", PARA LIGAÇÃO PREDIAL DE ÁGUA. AF_06/2022","UN",0]
["Ligações Prediais de Água e Esgoto",104035,"COLAR DE TOMADA, POLIPROPILENO, COM PARAFUSOS, 63 MM X 1/2\", PARA LIGAÇÃO PREDIAL DE ÁGUA. AF_06/2022","UN",40.04]
["Ligações Prediais de Água e Esgoto",104036,"COLAR DE TOMADA, POLIPROPILENO, COM PARAFUSOS, 63 MM X 3/4\", PARA LIGAÇÃO PREDIAL DE ÁGUA. AF_06/2022","UN",41.32]
["Ligações Prediais de Água e Esgoto",104034,"COLAR DE TOMADA, PVC, COM TRAVAS, DE 110 MM X 1/2\" OU 110 MM X 3/4\", PARA LIGAÇÃO PREDIAL DE ÁGUA. AF_06/2022","UN",24.46]
["Ligações Prediais de Água e Esgoto",104031,"COLAR DE TOMADA, PVC, COM TRAVAS, DE 60 MM X 1/2\" OU 60 MM X 3/4\", PARA LIGAÇÃO PREDIAL DE ÁGUA. AF_06/2022","UN",17.71]
["Ligações Prediais de Água e Esgoto",104032,"COLAR DE TOMADA, PVC, COM TRAVAS, DE 75 MM X 1/2\" OU 75 MM X 3/4\", PARA LIGAÇÃO PREDIAL DE ÁGUA. AF_06/2022","UN",21.18]
["Ligações Prediais de Água e Esgoto",104033,"COLAR DE TOMADA, PVC, COM TRAVAS, DE 85 MM X 1/2\" OU 85 MM X 3/4\", PARA LIGAÇÃO PREDIAL DE ÁGUA. AF_06/2022","UN",19.8]
["Ligações Prediais de Água e Esgoto",104038,"COLAR TOMADA EM FERRO FUNDIDO, COM PARAFUSOS, SAIDA COM ROSCA, DN 75 MM X 3/4\", PARA LIGACAO PREDIAL DE AGUA. AF_06/2022","UN",0]
["Ligações Prediais de Água e Esgoto",104051,"COTOVELO/JOELHO 90°, POLIPROPILENO, PARA TUBOS EM PEAD, 20 X 20 MM, PARA LIGAÇÃO PREDIAL DE ÁGUA. AF_06/2022","UN",7.87]
["Ligações Prediais de Água e Esgoto",104052,"COTOVELO/JOELHO 90°, POLIPROPILENO, PARA TUBOS EM PEAD, 32 X 32 MM, PARA LIGAÇÃO PREDIAL DE ÁGUA. AF_06/2022","UN",10.99]
["Ligações Prediais de Água e Esgoto",104046,"COTOVELO/JOELHO COM ADAPTADOR, POLIPROPILENO, PARA TUBOS EM PEAD, 20 MM X 1/2\", PARA LIGAÇÃO PREDIAL DE ÁGUA. AF_06/2022","UN",8.41]
["Ligações Prediais de Água e Esgoto",104047,"COTOVELO/JOELHO COM ADAPTADOR, POLIPROPILENO, PARA TUBOS EM PEAD, 20 MM X 3/4\", PARA LIGAÇÃO PREDIAL DE ÁGUA. AF_06/2022","UN",9.7899999999999991]
["Ligações Prediais de Água e Esgoto",104048,"COTOVELO/JOELHO COM ADAPTADOR, POLIPROPILENO, PARA TUBOS EM PEAD, 32 MM X 1\", PARA LIGAÇÃO PREDIAL DE ÁGUA. AF_06/2022","UN",13.99]
["Ligações Prediais de Água e Esgoto",104063,"CURVA LONGA, 45 GRAUS, PVC OCRE, JUNTA ELÁSTICA, DN 100 MM, PARA COLETOR PREDIAL DE ESGOTO. AF_06/2022","UN",60.95]
["Ligações Prediais de Água e Esgoto",104065,"CURVA LONGA, 45 GRAUS, PVC OCRE, JUNTA ELÁSTICA, DN 150 MM, PARA COLETOR PREDIAL DE ESGOTO. AF_06/2022","UN",129.91]
["Ligações Prediais de Água e Esgoto",104062,"CURVA LONGA, 90 GRAUS, PVC OCRE, JUNTA ELÁSTICA, DN 100 MM, PARA COLETOR PREDIAL DE ESGOTO. AF_06/2022","UN",63.94]
["Ligações Prediais de Água e Esgoto",104064,"CURVA LONGA, 90 GRAUS, PVC OCRE, JUNTA ELÁSTICA, DN 150 MM, PARA COLETOR PREDIAL DE ESGOTO. AF_06/2022","UN",152.41999999999999]
["Ligações Prediais de Água e Esgoto",104059,"LUVA, PVC, ROSCÁVEL, 1\", PARA LIGAÇÃO PREDIAL DE ÁGUA. AF_06/2022","UN",11.02]
["Ligações Prediais de Água e Esgoto",104058,"LUVA, PVC, ROSCÁVEL, 1/2\", PARA LIGAÇÃO PREDIAL DE ÁGUA. AF_06/2022","UN",7.15]
["Ligações Prediais de Água e Esgoto",104082,"PLUG, PVC OCRE, JUNTA ELÁSTICA, DN 100 MM, PARA COLETOR PREDIAL DE ESGOTO. AF_06/2022","UN",27.04]
["Ligações Prediais de Água e Esgoto",104083,"PLUG, PVC OCRE, JUNTA ELÁSTICA, DN 150 MM, PARA COLETOR PREDIAL DE ESGOTO. AF_06/2022","UN",64.13]
["Ligações Prediais de Água e Esgoto",104057,"REGISTRO ESFERA, LATÃO NIQUELADO, COM ROSCA, 3/4\", PARA LIGAÇÃO PREDIAL DE ÁGUA. AF_06/2022","UN",0]
["Ligações Prediais de Água e Esgoto",104056,"REGISTRO ESFERA, PVC, COM ROSCA, 1/2\", PARA LIGAÇÃO PREDIAL DE ÁGUA. AF_06/2022","UN",26.74]
["Ligações Prediais de Água e Esgoto",104055,"REGISTRO ESFERA, PVC, DE PASSEIO, PARA POLIETILENO, 20 MM, PARA LIGAÇÃO PREDIAL DE ÁGUA. AF_06/2022","UN",17.88]
["Ligações Prediais de Água e Esgoto",104076,"SELIM, PVC OCRE, COM TRAVA, DN 125 X 100 MM OU 150 X 100 MM, PARA COLETOR PREDIAL DE ESGOTO. AF_06/2022","UN",42.44]
["Ligações Prediais de Água e Esgoto",104060,"TUBO, PEAD, PE-80, DE = 20 MM X 2,3 MM, PARA LIGAÇÃO PREDIAL DE ÁGUA. AF_06/2022","M",9.7100000000000009]
["Ligações Prediais de Água e Esgoto",104061,"TUBO, PEAD, PE-80, DE = 32 MM X 3,0 MM, PARA LIGAÇÃO PREDIAL DE ÁGUA. AF_06/2022","M",17.28]
["Ligações Prediais de Água e Esgoto",104085,"TUBO, PVC OCRE, JUNTA ELÁSTICA, DN 100 MM, PARA COLETOR PREDIAL DE ESGOTO. AF_06/2022","M",48.85]
["Ligações Prediais de Água e Esgoto",104086,"TUBO, PVC OCRE, JUNTA ELÁSTICA, DN 150 MM, PARA COLETOR PREDIAL DE ESGOTO. AF_06/2022","M",84.98]
["Ligações Prediais de Água e Esgoto",104073,"TÊ DE REDUÇÃO, PVC OCRE, JUNTA ELÁSTICA, DN 150 X 100 MM, PARA COLETOR PREDIAL DE ESGOTO. AF_06/2022","UN",0]
["Ligações Prediais de Água e Esgoto",104074,"TÊ DE REDUÇÃO, PVC OCRE, JUNTA ELÁSTICA, DN 300 X 100 MM, PARA COLETOR PREDIAL DE ESGOTO. AF_06/2022","UN",0]
["Ligações Prediais de Água e Esgoto",104075,"TÊ DE REDUÇÃO, PVC OCRE, JUNTA ELÁSTICA, DN 300 X 150 MM, PARA COLETOR PREDIAL DE ESGOTO. AF_06/2022","UN",0]
["Ligações Prediais de Água e Esgoto",104039,"TÊ DE SERVIÇO INTEGRADO, POLIPROPILENO, PARA TUBOS EM PEAD, 63 MM X 20 MM, PARA LIGAÇÃO PREDIAL DE ÁGUA. AF_06/2022","UN",72.489999999999995]
["Ligações Prediais de Água e Esgoto",104040,"TÊ DE SERVIÇO INTEGRADO, POLIPROPILENO, PARA TUBOS EM PEAD, 63 MM X 32 MM, PARA LIGAÇÃO PREDIAL DE ÁGUA. AF_06/2022","UN",0]
["Ligações Prediais de Água e Esgoto",104041,"TÊ DE SERVIÇO INTEGRADO, POLIPROPILENO, PARA TUBOS EM PEAD, 90 MM X 20 MM, PARA LIGAÇÃO PREDIAL DE ÁGUA. AF_06/2022","UN",0]
["Ligações Prediais de Água e Esgoto",104042,"TÊ DE SERVIÇO INTEGRADO, POLIPROPILENO, PARA TUBOS EM PEAD, 90 MM X 32 MM, PARA LIGAÇÃO PREDIAL DE ÁGUA. AF_06/2022","UN",0]
["Ligações Prediais de Água e Esgoto",104072,"TÊ, PVC OCRE, JUNTA ELÁSTICA, DN 200 MM, PARA COLETOR PREDIAL DE ESGOTO. AF_06/2022","UN",244.86]
["Ligações Prediais de Água e Esgoto",104053,"UNIÃO, POLIPROPILENO, PARA TUBOS EM PEAD, 20 MM, PARA LIGAÇÃO PREDIAL DE ÁGUA. AF_06/2022","UN",9.01]
["Ligações Prediais de Água e Esgoto",104054,"UNIÃO, POLIPROPILENO, PARA TUBOS EM PEAD, 32 MM, PARA LIGAÇÃO PREDIAL DE ÁGUA. AF_06/2022","UN",17.27]
["Limpeza de Obra",99818,"LIMPEZA DE BACIA SANITÁRIA, BIDÊ OU MICTÓRIO EM LOUÇA, INCLUSIVE METAIS CORRESPONDENTES. AF_04/2019","UN",5.98]
["Limpeza de Obra",99819,"LIMPEZA DE BANCADA DE PEDRA (MÁRMORE OU GRANITO). AF_04/2019","M2",19.12]
["Limpeza de Obra",99811,"LIMPEZA DE CONTRAPISO COM VASSOURA A SECO. AF_04/2019","M2",4.0199999999999996]
["Limpeza de Obra",99826,"LIMPEZA DE FORRO REMOVÍVEL COM PANO ÚMIDO. AF_04/2019","M2",1.75]
["Limpeza de Obra",99821,"LIMPEZA DE JANELA DE VIDRO COM CAIXILHO EM AÇO/ALUMÍNIO/PVC. AF_04/2019","M2",3.36]
["Limpeza de Obra",99820,"LIMPEZA DE JANELA INTEIRAMENTE DE VIDRO. AF_04/2019","M2",2.17]
["Limpeza de Obra",99812,"LIMPEZA DE LADRILHO HIDRÁULICO EM PAREDE COM PANO ÚMIDO. AF_04/2019","M2",1.29]
["Limpeza de Obra",99817,"LIMPEZA DE LAVATÓRIO DE LOUÇA COM BANCADA DE PEDRA, INCLUSIVE METAIS CORRESPONDENTES. AF_04/2019","UN",5.98]
["Limpeza de Obra",99813,"LIMPEZA DE MÁRMORE/GRANITO EM PAREDE UTILIZANDO DETERGENTE NEUTRO E ESCOVAÇÃO MANUAL. AF_04/2019","M2",1.0900000000000001]
["Limpeza de Obra",99815,"LIMPEZA DE PIA INOX COM BANCADA DE PEDRA, INCLUSIVE METAIS CORRESPONDENTES. AF_04/2019","UN",9.61]
["Limpeza de Obra",99805,"LIMPEZA DE PISO CERÂMICO OU COM PEDRAS RÚSTICAS UTILIZANDO ÁCIDO MURIÁTICO. AF_04/2019","M2",12.71]
["Limpeza de Obra",99803,"LIMPEZA DE PISO CERÂMICO OU PORCELANATO COM PANO ÚMIDO. AF_04/2019","M2",2.36]
["Limpeza de Obra",99802,"LIMPEZA DE PISO CERÂMICO OU PORCELANATO COM VASSOURA A SECO. AF_04/2019","M2",0.6]
["Limpeza de Obra",99804,"LIMPEZA DE PISO CERÂMICO OU PORCELANATO UTILIZANDO DETERGENTE NEUTRO E ESCOVAÇÃO MANUAL. AF_04/2019","M2",6.11]
["Limpeza de Obra",99809,"LIMPEZA DE PISO DE LADRILHO HIDRÁULICO COM PANO ÚMIDO. AF_04/2019","M2",6.72]
["Limpeza de Obra",99810,"LIMPEZA DE PISO DE MÁRMORE/GRANITO UTILIZANDO DETERGENTE NEUTRO E ESCOVAÇÃO MANUAL. AF_04/2019","M2",8.35]
["Limpeza de Obra",99801,"LIMPEZA DE PISO UTILIZANDO DETERGENTE NEUTRO E ESCOVAÇÃO . AF_04/2019","M2",0]
["Limpeza de Obra",99822,"LIMPEZA DE PORTA DE MADEIRA. AF_04/2019","M2",1.1399999999999999]
["Limpeza de Obra",99825,"LIMPEZA DE PORTA DE VIDRO COM CAIXILHO EM AÇO/ ALUMÍNIO/ PVC. AF_04/2019","M2",3.94]
["Limpeza de Obra",99824,"LIMPEZA DE PORTA EM AÇO/ALUMÍNIO. AF_04/2019","M2",2.81]
["Limpeza de Obra",99823,"LIMPEZA DE PORTA INTEIRAMENTE DE VIDRO. AF_04/2019","M2",2.56]
["Limpeza de Obra",99806,"LIMPEZA DE REVESTIMENTO CERÂMICO EM PAREDE COM PANO ÚMIDO AF_04/2019","M2",0.97]
["Limpeza de Obra",99807,"LIMPEZA DE REVESTIMENTO CERÂMICO EM PAREDE UTILIZANDO DETERGENTE NEUTRO E ESCOVAÇÃO MANUAL. AF_04/2019","M2",1.84]
["Limpeza de Obra",99808,"LIMPEZA DE REVESTIMENTO CERÂMICO EM PAREDE UTILIZANDO ÁCIDO MURIÁTICO. AF_04/2019","M2",4.42]
["Limpeza de Obra",99814,"LIMPEZA DE SUPERFÍCIE COM JATO DE ALTA PRESSÃO. AF_04/2019","M2",2.23]
["Limpeza de Obra",99816,"LIMPEZA DE TANQUE OU LAVATÓRIO DE LOUÇA ISOLADO, INCLUSIVE METAIS CORRESPONDENTES. AF_04/2019","UN",10.220000000000001]
["Livro SINAPI: Cálculos e Parâmetros",88238,"AJUDANTE DE ARMADOR COM ENCARGOS COMPLEMENTARES","H",25.12]
["Livro SINAPI: Cálculos e Parâmetros",101374,"AJUDANTE DE ARMADOR COM ENCARGOS COMPLEMENTARES","MES",4512.7700000000004]
["Livro SINAPI: Cálculos e Parâmetros",88239,"AJUDANTE DE CARPINTEIRO COM ENCARGOS COMPLEMENTARES","H",24.95]
["Livro SINAPI: Cálculos e Parâmetros",101375,"AJUDANTE DE ELETRICISTA COM ENCARGOS COMPLEMENTARES","MES",4571.83]
["Livro SINAPI: Cálculos e Parâmetros",88240,"AJUDANTE DE ESTRUTURA METÁLICA COM ENCARGOS COMPLEMENTARES","H",23.93]
["Livro SINAPI: Cálculos e Parâmetros",101376,"AJUDANTE DE ESTRUTURAS METÁLICAS COM ENCARGOS COMPLEMENTARES","MES",4285.75]
["Livro SINAPI: Cálculos e Parâmetros",88241,"AJUDANTE DE OPERAÇÃO EM GERAL COM ENCARGOS COMPLEMENTARES","H",25.97]
["Livro SINAPI: Cálculos e Parâmetros",101377,"AJUDANTE DE OPERAÇÃO EM GERAL COM ENCARGOS COMPLEMENTARES","MES",4661.49]
["Livro SINAPI: Cálculos e Parâmetros",88242,"AJUDANTE DE PEDREIRO COM ENCARGOS COMPLEMENTARES","H",25.17]
["Livro SINAPI: Cálculos e Parâmetros",100301,"AJUDANTE DE PINTOR COM ENCARGOS COMPLEMENTARES","H",26.98]
["Livro SINAPI: Cálculos e Parâmetros",101378,"AJUDANTE DE PINTOR COM ENCARGOS COMPLEMENTARES","MES",4860.34]
["Livro SINAPI: Cálculos e Parâmetros",101379,"AJUDANTE DE SERRALHEIRO COM ENCARGOS COMPLEMENTARES","MES",4512.7700000000004]
["Livro SINAPI: Cálculos e Parâmetros",88243,"AJUDANTE ESPECIALIZADO COM ENCARGOS COMPLEMENTARES","H",25.88]
["Livro SINAPI: Cálculos e Parâmetros",101380,"AJUDANTE ESPECIALIZADO COM ENCARGOS COMPLEMENTARES","MES",4643.21]
["Livro SINAPI: Cálculos e Parâmetros",90766,"ALMOXARIFE COM ENCARGOS COMPLEMENTARES","H",31.96]
["Livro SINAPI: Cálculos e Parâmetros",93563,"ALMOXARIFE COM ENCARGOS COMPLEMENTARES","MES",5617.96]
["Livro SINAPI: Cálculos e Parâmetros",90767,"APONTADOR OU APROPRIADOR COM ENCARGOS COMPLEMENTARES","H",33.700000000000003]
["Livro SINAPI: Cálculos e Parâmetros",93564,"APONTADOR OU APROPRIADOR COM ENCARGOS COMPLEMENTARES","MES",5901.44]
["Livro SINAPI: Cálculos e Parâmetros",88245,"ARMADOR COM ENCARGOS COMPLEMENTARES","H",33.29]
["Livro SINAPI: Cálculos e Parâmetros",101381,"ARMADOR COM ENCARGOS COMPLEMENTARES","MES",5935.42]
["Livro SINAPI: Cálculos e Parâmetros",90768,"ARQUITETO DE OBRA JUNIOR COM ENCARGOS COMPLEMENTARES","H",127.4]
["Livro SINAPI: Cálculos e Parâmetros",90769,"ARQUITETO DE OBRA PLENO COM ENCARGOS COMPLEMENTARES","H",134.83000000000001]
["Livro SINAPI: Cálculos e Parâmetros",90770,"ARQUITETO DE OBRA SENIOR COM ENCARGOS COMPLEMENTARES","H",141.19999999999999]
["Livro SINAPI: Cálculos e Parâmetros",93569,"ARQUITETO JUNIOR COM ENCARGOS COMPLEMENTARES","MES",22263.16]
["Livro SINAPI: Cálculos e Parâmetros",93570,"ARQUITETO PLENO COM ENCARGOS COMPLEMENTARES","MES",23559.88]
["Livro SINAPI: Cálculos e Parâmetros",93571,"ARQUITETO SENIOR COM ENCARGOS COMPLEMENTARES","MES",24670.65]
["Livro SINAPI: Cálculos e Parâmetros",101382,"ASSENTADOR DE MANILHAS COM ENCARGOS COMPLEMENTARES","MES",5044.7700000000004]
["Livro SINAPI: Cálculos e Parâmetros",88246,"ASSENTADOR DE TUBOS COM ENCARGOS COMPLEMENTARES","H",28.31]
["Livro SINAPI: Cálculos e Parâmetros",100303,"AUXILIAR DE AZULEJISTA COM ENCARGOS COMPLEMENTARES","H",24.15]
["Livro SINAPI: Cálculos e Parâmetros",101383,"AUXILIAR DE AZULEJISTA COM ENCARGOS COMPLEMENTARES","MES",4340.3999999999996]
["Livro SINAPI: Cálculos e Parâmetros",88247,"AUXILIAR DE ELETRICISTA COM ENCARGOS COMPLEMENTARES","H",25.56]
["Livro SINAPI: Cálculos e Parâmetros",88248,"AUXILIAR DE ENCANADOR OU BOMBEIRO HIDRÁULICO COM ENCARGOS COMPLEMENTARES","H",24.57]
["Livro SINAPI: Cálculos e Parâmetros",101384,"AUXILIAR DE ENCANADOR OU BOMBEIRO HIDRÁULICO COM ENCARGOS COMPLEMENTARES","MES",4402.8100000000004]
["Livro SINAPI: Cálculos e Parâmetros",90772,"AUXILIAR DE ESCRITORIO COM ENCARGOS COMPLEMENTARES","H",22.98]
["Livro SINAPI: Cálculos e Parâmetros",93566,"AUXILIAR DE ESCRITORIO COM ENCARGOS COMPLEMENTARES","MES",4049.29]
["Livro SINAPI: Cálculos e Parâmetros",101385,"AUXILIAR DE LABORATORISTA DE SOLOS E DE CONCRETO COM ENCARGOS COMPLEMENTARES","MES",5699.81]
["Livro SINAPI: Cálculos e Parâmetros",88249,"AUXILIAR DE LABORATÓRIO COM ENCARGOS COMPLEMENTARES","H",32.450000000000003]
["Livro SINAPI: Cálculos e Parâmetros",88250,"AUXILIAR DE MECÂNICO COM ENCARGOS COMPLEMENTARES","H",23.93]
["Livro SINAPI: Cálculos e Parâmetros",101386,"AUXILIAR DE MECÂNICO COM ENCARGOS COMPLEMENTARES","MES",4285.75]
["Livro SINAPI: Cálculos e Parâmetros",101387,"AUXILIAR DE PEDREIRO COM ENCARGOS COMPLEMENTARES","MES",4519.57]
["Livro SINAPI: Cálculos e Parâmetros",88251,"AUXILIAR DE SERRALHEIRO COM ENCARGOS COMPLEMENTARES","H",25.12]
["Livro SINAPI: Cálculos e Parâmetros",88252,"AUXILIAR DE SERVIÇOS GERAIS COM ENCARGOS COMPLEMENTARES","H",24.46]
["Livro SINAPI: Cálculos e Parâmetros",101388,"AUXILIAR DE SERVIÇOS GERAIS COM ENCARGOS COMPLEMENTARES","MES",4394.84]
["Livro SINAPI: Cálculos e Parâmetros",88253,"AUXILIAR DE TOPÓGRAFO COM ENCARGOS COMPLEMENTARES","H",19.510000000000002]
["Livro SINAPI: Cálculos e Parâmetros",101389,"AUXILIAR DE TOPÓGRAFO COM ENCARGOS COMPLEMENTARES","MES",3441.67]
["Livro SINAPI: Cálculos e Parâmetros",101390,"AUXILIAR TÉCNICO / ASSISTENTE DE ENGENHARIA COM ENCARGOS COMPLEMENTARES","MES",8262.75]
["Livro SINAPI: Cálculos e Parâmetros",88255,"AUXILIAR TÉCNICO DE ENGENHARIA COM ENCARGOS COMPLEMENTARES","H",47.14]
["Livro SINAPI: Cálculos e Parâmetros",101391,"AZULEJISTA OU LADRILHEIRO COM ENCARGOS COMPLEMENTARES","MES",5945.64]
["Livro SINAPI: Cálculos e Parâmetros",88256,"AZULEJISTA OU LADRILHISTA COM ENCARGOS COMPLEMENTARES","H",33.369999999999997]
["Livro SINAPI: Cálculos e Parâmetros",88257,"BLASTER, DINAMITADOR OU CABO DE FOGO COM ENCARGOS COMPLEMENTARES","H",38.200000000000003]
["Livro SINAPI: Cálculos e Parâmetros",101392,"BLASTER, DINAMITADOR OU CABO DE FORÇA COM ENCARGOS COMPLEMENTARES","MES",6764.41]
["Livro SINAPI: Cálculos e Parâmetros",88260,"CALCETEIRO COM ENCARGOS COMPLEMENTARES","H",33.340000000000003]
["Livro SINAPI: Cálculos e Parâmetros",101394,"CALCETEIRO COM ENCARGOS COMPLEMENTARES","MES",5944.68]
["Livro SINAPI: Cálculos e Parâmetros",101395,"CARPINTEIRO AUXILIAR COM ENCARGOS COMPLEMENTARES","MES",4477.41]
["Livro SINAPI: Cálculos e Parâmetros",88261,"CARPINTEIRO DE ESQUADRIA COM ENCARGOS COMPLEMENTARES","H",31.99]
["Livro SINAPI: Cálculos e Parâmetros",101396,"CARPINTEIRO DE ESQUADRIAS COM ENCARGOS COMPLEMENTARES","MES",5702.5]
["Livro SINAPI: Cálculos e Parâmetros",88262,"CARPINTEIRO DE FORMAS COM ENCARGOS COMPLEMENTARES","H",33.07]
["Livro SINAPI: Cálculos e Parâmetros",101397,"CARPINTEIRO DE FORMAS COM ENCARGOS COMPLEMENTARES","MES",5893.26]
["Livro SINAPI: Cálculos e Parâmetros",101398,"CAVOUQUEIRO OU OPERADOR DE PERFURATRIZ COM ENCARGOS COMPLEMENTARES","MES",4725.95]
["Livro SINAPI: Cálculos e Parâmetros",88263,"CAVOUQUEIRO OU OPERADOR PERFURATRIZ/ROMPEDOR COM ENCARGOS COMPLEMENTARES","H",26.46]
["Livro SINAPI: Cálculos e Parâmetros",95308,"CURSO DE CAPACITAÇÃO PARA AJUDANTE DE ARMADOR (ENCARGOS COMPLEMENTARES) - HORISTA","H",0.18]
["Livro SINAPI: Cálculos e Parâmetros",101286,"CURSO DE CAPACITAÇÃO PARA AJUDANTE DE ARMADOR (ENCARGOS COMPLEMENTARES) - MENSALISTA","MES",24.28]
["Livro SINAPI: Cálculos e Parâmetros",95309,"CURSO DE CAPACITAÇÃO PARA AJUDANTE DE CARPINTEIRO (ENCARGOS COMPLEMENTARES) - HORISTA","H",0.23]
["Livro SINAPI: Cálculos e Parâmetros",101287,"CURSO DE CAPACITAÇÃO PARA AJUDANTE DE ELETRICISTA (ENCARGOS COMPLEMENTARES) - MENSALISTA","MES",78.569999999999993]
["Livro SINAPI: Cálculos e Parâmetros",95310,"CURSO DE CAPACITAÇÃO PARA AJUDANTE DE ESTRUTURA METÁLICA (ENCARGOS COMPLEMENTARES) - HORISTA","H",0.18]
["Livro SINAPI: Cálculos e Parâmetros",101288,"CURSO DE CAPACITAÇÃO PARA AJUDANTE DE ESTRUTURAS METÁLICAS(ENCARGOS COMPLEMENTARES) - MENSALISTA","MES",24.28]
["Livro SINAPI: Cálculos e Parâmetros",95311,"CURSO DE CAPACITAÇÃO PARA AJUDANTE DE OPERAÇÃO EM GERAL (ENCARGOS COMPLEMENTARES) - HORISTA","H",0.19]
["Livro SINAPI: Cálculos e Parâmetros",101289,"CURSO DE CAPACITAÇÃO PARA AJUDANTE DE OPERAÇÃO EM GERAL (ENCARGOS COMPLEMENTARES) - MENSALISTA","MES",25.57]
["Livro SINAPI: Cálculos e Parâmetros",95312,"CURSO DE CAPACITAÇÃO PARA AJUDANTE DE PEDREIRO (ENCARGOS COMPLEMENTARES) - HORISTA","H",0.23]
["Livro SINAPI: Cálculos e Parâmetros",100291,"CURSO DE CAPACITAÇÃO PARA AJUDANTE DE PINTOR (ENCARGOS COMPLEMENTARES) - HORISTA","H",0.23]
["Livro SINAPI: Cálculos e Parâmetros",101290,"CURSO DE CAPACITAÇÃO PARA AJUDANTE DE PINTOR (ENCARGOS COMPLEMENTARES) - MENSALISTA","MES",31.08]
["Livro SINAPI: Cálculos e Parâmetros",101291,"CURSO DE CAPACITAÇÃO PARA AJUDANTE DE SERRALHEIRO (ENCARGOS COMPLEMENTARES) - MENSALISTA","MES",24.28]
["Livro SINAPI: Cálculos e Parâmetros",95313,"CURSO DE CAPACITAÇÃO PARA AJUDANTE ESPECIALIZADO (ENCARGOS COMPLEMENTARES) - HORISTA","H",0.19]
["Livro SINAPI: Cálculos e Parâmetros",101292,"CURSO DE CAPACITAÇÃO PARA AJUDANTE ESPECIALIZADO (ENCARGOS COMPLEMENTARES) - MENSALISTA","MES",25.57]
["Livro SINAPI: Cálculos e Parâmetros",95392,"CURSO DE CAPACITAÇÃO PARA ALMOXARIFE (ENCARGOS COMPLEMENTARES) - HORISTA","H",0.14000000000000001]
["Livro SINAPI: Cálculos e Parâmetros",95413,"CURSO DE CAPACITAÇÃO PARA ALMOXARIFE (ENCARGOS COMPLEMENTARES) - MENSALISTA","MES",19.71]
["Livro SINAPI: Cálculos e Parâmetros",95393,"CURSO DE CAPACITAÇÃO PARA APONTADOR OU APROPRIADOR (ENCARGOS COMPLEMENTARES) - HORISTA","H",0.65]
["Livro SINAPI: Cálculos e Parâmetros",95414,"CURSO DE CAPACITAÇÃO PARA APONTADOR OU APROPRIADOR (ENCARGOS COMPLEMENTARES) - MENSALISTA","MES",85.68]
["Livro SINAPI: Cálculos e Parâmetros",95314,"CURSO DE CAPACITAÇÃO PARA ARMADOR (ENCARGOS COMPLEMENTARES) - HORISTA","H",0.27]
["Livro SINAPI: Cálculos e Parâmetros",101293,"CURSO DE CAPACITAÇÃO PARA ARMADOR (ENCARGOS COMPLEMENTARES) - MENSALISTA","MES",36.54]
["Livro SINAPI: Cálculos e Parâmetros",95394,"CURSO DE CAPACITAÇÃO PARA ARQUITETO DE OBRA JÚNIOR (ENCARGOS COMPLEMENTARES) - HORISTA","H",1.03]
["Livro SINAPI: Cálculos e Parâmetros",95395,"CURSO DE CAPACITAÇÃO PARA ARQUITETO DE OBRA PLENO (ENCARGOS COMPLEMENTARES) - HORISTA","H",1.0900000000000001]
["Livro SINAPI: Cálculos e Parâmetros",95396,"CURSO DE CAPACITAÇÃO PARA ARQUITETO DE OBRA SÊNIOR (ENCARGOS COMPLEMENTARES) - HORISTA","H",1.1399999999999999]
["Livro SINAPI: Cálculos e Parâmetros",95419,"CURSO DE CAPACITAÇÃO PARA ARQUITETO JÚNIOR (ENCARGOS COMPLEMENTARES) - MENSALISTA","MES",135.79]
["Livro SINAPI: Cálculos e Parâmetros",95420,"CURSO DE CAPACITAÇÃO PARA ARQUITETO PLENO (ENCARGOS COMPLEMENTARES) - MENSALISTA","MES",143.86000000000001]
["Livro SINAPI: Cálculos e Parâmetros",95421,"CURSO DE CAPACITAÇÃO PARA ARQUITETO SÊNIOR (ENCARGOS COMPLEMENTARES) - MENSALISTA","MES",150.77000000000001]
["Livro SINAPI: Cálculos e Parâmetros",101294,"CURSO DE CAPACITAÇÃO PARA ASSENTADOR DE MANILHA (ENCARGOS COMPLEMENTARES) - MENSALISTA","MES",39.35]
["Livro SINAPI: Cálculos e Parâmetros",95315,"CURSO DE CAPACITAÇÃO PARA ASSENTADOR DE TUBOS (ENCARGOS COMPLEMENTARES) - HORISTA","H",0.28999999999999998]
["Livro SINAPI: Cálculos e Parâmetros",100293,"CURSO DE CAPACITAÇÃO PARA AUXILIAR DE AZULEJISTA (ENCARGOS COMPLEMENTARES) - HORISTA","H",0.22]
["Livro SINAPI: Cálculos e Parâmetros",101295,"CURSO DE CAPACITAÇÃO PARA AUXILIAR DE AZULEJISTA (ENCARGOS COMPLEMENTARES) - MENSALISTA","MES",29.11]
["Livro SINAPI: Cálculos e Parâmetros",95316,"CURSO DE CAPACITAÇÃO PARA AUXILIAR DE ELETRICISTA (ENCARGOS COMPLEMENTARES) - HORISTA","H",0.59]
["Livro SINAPI: Cálculos e Parâmetros",95317,"CURSO DE CAPACITAÇÃO PARA AUXILIAR DE ENCANADOR OU BOMBEIRO HIDRÁULICO (ENCARGOS COMPLEMENTARES) - HORISTA","H",0.28000000000000003]
["Livro SINAPI: Cálculos e Parâmetros",101296,"CURSO DE CAPACITAÇÃO PARA AUXILIAR DE ENCANADOR OU BOMBEIRO HIDRÁULICO (ENCARGOS COMPLEMENTARES) - MENSALISTA","MES",37.840000000000003]
["Livro SINAPI: Cálculos e Parâmetros",95398,"CURSO DE CAPACITAÇÃO PARA AUXILIAR DE ESCRITÓRIO (ENCARGOS COMPLEMENTARES) - HORISTA","H",0.1]
["Livro SINAPI: Cálculos e Parâmetros",95416,"CURSO DE CAPACITAÇÃO PARA AUXILIAR DE ESCRITÓRIO (ENCARGOS COMPLEMENTARES) - MENSALISTA","MES",13.73]
["Livro SINAPI: Cálculos e Parâmetros",101297,"CURSO DE CAPACITAÇÃO PARA AUXILIAR DE LABORATORISTA (ENCARGOS COMPLEMENTARES) - MENSALISTA","MES",32.65]
["Livro SINAPI: Cálculos e Parâmetros",95318,"CURSO DE CAPACITAÇÃO PARA AUXILIAR DE LABORATÓRIO (ENCARGOS COMPLEMENTARES) - HORISTA","H",0.24]
["Livro SINAPI: Cálculos e Parâmetros",101298,"CURSO DE CAPACITAÇÃO PARA AUXILIAR DE MECANICO (ENCARGOS COMPLEMENTARES) - MENSALISTA","MES",24.28]
["Livro SINAPI: Cálculos e Parâmetros",95319,"CURSO DE CAPACITAÇÃO PARA AUXILIAR DE MECÂNICO (ENCARGOS COMPLEMENTARES) - HORISTA","H",0.18]
["Livro SINAPI: Cálculos e Parâmetros",101299,"CURSO DE CAPACITAÇÃO PARA AUXILIAR DE PEDREIRO (ENCARGOS COMPLEMENTARES) - MENSALISTA","MES",31.08]
["Livro SINAPI: Cálculos e Parâmetros",95320,"CURSO DE CAPACITAÇÃO PARA AUXILIAR DE SERRALHEIRO (ENCARGOS COMPLEMENTARES) - HORISTA","H",0.18]
["Livro SINAPI: Cálculos e Parâmetros",95321,"CURSO DE CAPACITAÇÃO PARA AUXILIAR DE SERVIÇOS GERAIS (ENCARGOS COMPLEMENTARES) - HORISTA","H",0.17]
["Livro SINAPI: Cálculos e Parâmetros",101300,"CURSO DE CAPACITAÇÃO PARA AUXILIAR DE SERVIÇOS GERAIS (ENCARGOS COMPLEMENTARES) - MENSALISTA","MES",23.43]
["Livro SINAPI: Cálculos e Parâmetros",95322,"CURSO DE CAPACITAÇÃO PARA AUXILIAR DE TOPÓGRAFO (ENCARGOS COMPLEMENTARES) - HORISTA","H",0.14000000000000001]
["Livro SINAPI: Cálculos e Parâmetros",101301,"CURSO DE CAPACITAÇÃO PARA AUXILIAR DE TOPÓGRAFO (ENCARGOS COMPLEMENTARES) - MENSALISTA","MES",18.7]
["Livro SINAPI: Cálculos e Parâmetros",95323,"CURSO DE CAPACITAÇÃO PARA AUXILIAR TÉCNICO DE ENGENHARIA (ENCARGOS COMPLEMENTARES) - HORISTA","H",0.36]
["Livro SINAPI: Cálculos e Parâmetros",101302,"CURSO DE CAPACITAÇÃO PARA AUXILIAR TÉCNICO DE ENGENHARIA (ENCARGOS COMPLEMENTARES) - MENSALISTA","MES",48.7]
["Livro SINAPI: Cálculos e Parâmetros",95324,"CURSO DE CAPACITAÇÃO PARA AZULEJISTA OU LADRILHISTA (ENCARGOS COMPLEMENTARES) - HORISTA","H",0.35]
["Livro SINAPI: Cálculos e Parâmetros",101304,"CURSO DE CAPACITAÇÃO PARA AZULEJISTA OU LADRILHISTA (ENCARGOS COMPLEMENTARES) - MENSALISTA","MES",46.76]
["Livro SINAPI: Cálculos e Parâmetros",95325,"CURSO DE CAPACITAÇÃO PARA BLASTER, DINAMITADOR OU CABO DE FOGO (ENCARGOS COMPLEMENTARES) - HORISTA","H",0.53]
["Livro SINAPI: Cálculos e Parâmetros",101305,"CURSO DE CAPACITAÇÃO PARA BLASTER, DINAMITADOR OU CABO DE FORÇA (ENCARGOS COMPLEMENTARES) - MENSALISTA","MES",70.77]
["Livro SINAPI: Cálculos e Parâmetros",95328,"CURSO DE CAPACITAÇÃO PARA CALCETEIRO (ENCARGOS COMPLEMENTARES) - HORISTA","H",0.27]
["Livro SINAPI: Cálculos e Parâmetros",101307,"CURSO DE CAPACITAÇÃO PARA CALCETEIRO (ENCARGOS COMPLEMENTARES) - MENSALISTA","MES",36.619999999999997]
["Livro SINAPI: Cálculos e Parâmetros",101309,"CURSO DE CAPACITAÇÃO PARA CARPINTEIRO AUXILIAR (ENCARGOS COMPLEMENTARES) - MENSALISTA","MES",31.08]
["Livro SINAPI: Cálculos e Parâmetros",95329,"CURSO DE CAPACITAÇÃO PARA CARPINTEIRO DE ESQUADRIA (ENCARGOS COMPLEMENTARES) - HORISTA","H",0.33]
["Livro SINAPI: Cálculos e Parâmetros",101310,"CURSO DE CAPACITAÇÃO PARA CARPINTEIRO DE ESQUADRIAS (ENCARGOS COMPLEMENTARES) - MENSALISTA","MES",44.55]
["Livro SINAPI: Cálculos e Parâmetros",101311,"CURSO DE CAPACITAÇÃO PARA CARPINTEIRO DE FORMAS (ENCARGOS COMPLEMENTARES) - MENSALISTA","MES",36.54]
["Livro SINAPI: Cálculos e Parâmetros",95330,"CURSO DE CAPACITAÇÃO PARA CARPINTEIRO DE FÔRMAS (ENCARGOS COMPLEMENTARES) - HORISTA","H",0.27]
["Livro SINAPI: Cálculos e Parâmetros",101312,"CURSO DE CAPACITAÇÃO PARA CAVOUQUEIRO OU OPERADOR DE PERFURATRIZ (ENCARGOS COMPLEMENTARES) - MENSALISTA","MES",28.08]
["Livro SINAPI: Cálculos e Parâmetros",95331,"CURSO DE CAPACITAÇÃO PARA CAVOUQUEIRO OU OPERADOR PERFURATRIZ/ROMPEDOR (ENCARGOS COMPLEMENTARES) - HORISTA","H",0.21]
["Livro SINAPI: Cálculos e Parâmetros",95400,"CURSO DE CAPACITAÇÃO PARA DESENHISTA PROJETISTA (ENCARGOS COMPLEMENTARES) - HORISTA","H",0.14000000000000001]
["Livro SINAPI: Cálculos e Parâmetros",95411,"CURSO DE CAPACITAÇÃO PARA DESENHISTA PROJETISTA (ENCARGOS COMPLEMENTARES) - MENSALISTA","MES",19.28]
["Livro SINAPI: Cálculos e Parâmetros",95332,"CURSO DE CAPACITAÇÃO PARA ELETRICISTA (ENCARGOS COMPLEMENTARES) - HORISTA","H",0.89]
["Livro SINAPI: Cálculos e Parâmetros",101313,"CURSO DE CAPACITAÇÃO PARA ELETRICISTA (ENCARGOS COMPLEMENTARES) - MENSALISTA","MES",118.21]
["Livro SINAPI: Cálculos e Parâmetros",95334,"CURSO DE CAPACITAÇÃO PARA ELETROTÉCNICO (ENCARGOS COMPLEMENTARES) - HORISTA","H",0.96]
["Livro SINAPI: Cálculos e Parâmetros",101315,"CURSO DE CAPACITAÇÃO PARA ELETROTÉCNICO (ENCARGOS COMPLEMENTARES) - MENSALISTA","MES",126.85]
["Livro SINAPI: Cálculos e Parâmetros",95335,"CURSO DE CAPACITAÇÃO PARA ENCANADOR OU BOMBEIRO HIDRÁULICO (ENCARGOS COMPLEMENTARES) - HORISTA","H",0.43]
["Livro SINAPI: Cálculos e Parâmetros",101316,"CURSO DE CAPACITAÇÃO PARA ENCANADOR OU BOMBEIRO HIDRÁULICO (ENCARGOS COMPLEMENTARES) - MENSALISTA","MES",56.94]
["Livro SINAPI: Cálculos e Parâmetros",95401,"CURSO DE CAPACITAÇÃO PARA ENCARREGADO GERAL (ENCARGOS COMPLEMENTARES) - HORISTA","H",0.78]
["Livro SINAPI: Cálculos e Parâmetros",95422,"CURSO DE CAPACITAÇÃO PARA ENCARREGADO GERAL DE OBRAS (ENCARGOS COMPLEMENTARES) - MENSALISTA","MES",103.93]
["Livro SINAPI: Cálculos e Parâmetros",95402,"CURSO DE CAPACITAÇÃO PARA ENGENHEIRO CIVIL DE OBRA JÚNIOR (ENCARGOS COMPLEMENTARES) - HORISTA","H",1.86]
["Livro SINAPI: Cálculos e Parâmetros",95415,"CURSO DE CAPACITAÇÃO PARA ENGENHEIRO CIVIL DE OBRA JÚNIOR (ENCARGOS COMPLEMENTARES) - MENSALISTA","MES",245.76]
["Livro SINAPI: Cálculos e Parâmetros",95403,"CURSO DE CAPACITAÇÃO PARA ENGENHEIRO CIVIL DE OBRA PLENO (ENCARGOS COMPLEMENTARES) - HORISTA","H",1.93]
["Livro SINAPI: Cálculos e Parâmetros",95417,"CURSO DE CAPACITAÇÃO PARA ENGENHEIRO CIVIL DE OBRA PLENO (ENCARGOS COMPLEMENTARES) - MENSALISTA","MES",254.39]
["Livro SINAPI: Cálculos e Parâmetros",95404,"CURSO DE CAPACITAÇÃO PARA ENGENHEIRO CIVIL DE OBRA SÊNIOR (ENCARGOS COMPLEMENTARES) - HORISTA","H",2.13]
["Livro SINAPI: Cálculos e Parâmetros",95418,"CURSO DE CAPACITAÇÃO PARA ENGENHEIRO CIVIL DE OBRA SÊNIOR (ENCARGOS COMPLEMENTARES) - MENSALISTA","MES",281.20999999999998]
["Livro SINAPI: Cálculos e Parâmetros",95337,"CURSO DE CAPACITAÇÃO PARA GESSEIRO (ENCARGOS COMPLEMENTARES) - HORISTA","H",0.27]
["Livro SINAPI: Cálculos e Parâmetros",101322,"CURSO DE CAPACITAÇÃO PARA GESSEIRO (ENCARGOS COMPLEMENTARES) - MENSALISTA","MES",36.54]
["Livro SINAPI: Cálculos e Parâmetros",95338,"CURSO DE CAPACITAÇÃO PARA IMPERMEABILIZADOR (ENCARGOS COMPLEMENTARES) - HORISTA","H",0.54]
["Livro SINAPI: Cálculos e Parâmetros",101323,"CURSO DE CAPACITAÇÃO PARA IMPERMEABILIZADOR (ENCARGOS COMPLEMENTARES) - MENSALISTA","MES",71.31]
["Livro SINAPI: Cálculos e Parâmetros",102918,"CURSO DE CAPACITAÇÃO PARA INSTALADOR DE PISO ELEVADO (ENCARGOS COMPLEMENTARES) - HORISTA","H",0]
["Livro SINAPI: Cálculos e Parâmetros",101325,"CURSO DE CAPACITAÇÃO PARA INSTALADOR DE TUBULAÇÕES (ENCARGOS COMPLEMENTARES) - MENSALISTA","MES",69.69]
["Livro SINAPI: Cálculos e Parâmetros",95390,"CURSO DE CAPACITAÇÃO PARA JARDINEIRO (ENCARGOS COMPLEMENTARES) - HORISTA","H",0.08]
["Livro SINAPI: Cálculos e Parâmetros",101326,"CURSO DE CAPACITAÇÃO PARA JARDINEIRO (ENCARGOS COMPLEMENTARES) - MENSALISTA","MES",10.89]
["Livro SINAPI: Cálculos e Parâmetros",95340,"CURSO DE CAPACITAÇÃO PARA MARCENEIRO (ENCARGOS COMPLEMENTARES) - HORISTA","H",0.34]
["Livro SINAPI: Cálculos e Parâmetros",101330,"CURSO DE CAPACITAÇÃO PARA MARCENEIRO (ENCARGOS COMPLEMENTARES) - MENSALISTA","MES",45.41]
["Livro SINAPI: Cálculos e Parâmetros",101331,"CURSO DE CAPACITAÇÃO PARA MARMORISTA / GRANITEIRO (ENCARGOS COMPLEMENTARES) - MENSALISTA","MES",46.76]
["Livro SINAPI: Cálculos e Parâmetros",95341,"CURSO DE CAPACITAÇÃO PARA MARMORISTA/GRANITEIRO (ENCARGOS COMPLEMENTARES) - HORISTA","H",0.35]
["Livro SINAPI: Cálculos e Parâmetros",95339,"CURSO DE CAPACITAÇÃO PARA MAÇARIQUEIRO (ENCARGOS COMPLEMENTARES) - HORISTA","H",0.5]
["Livro SINAPI: Cálculos e Parâmetros",101329,"CURSO DE CAPACITAÇÃO PARA MAÇARIQUEIRO (ENCARGOS COMPLEMENTARES) - MENSALISTA","MES",66.44]
["Livro SINAPI: Cálculos e Parâmetros",95342,"CURSO DE CAPACITAÇÃO PARA MECÂNICO DE EQUIPAMENTOS PESADOS (ENCARGOS COMPLEMENTARES) - HORISTA","H",0.33]
["Livro SINAPI: Cálculos e Parâmetros",101333,"CURSO DE CAPACITAÇÃO PARA MECÂNICO DE EQUIPAMENTOS PESADOS (ENCARGOS COMPLEMENTARES) - MENSALISTA","MES",43.58]
["Livro SINAPI: Cálculos e Parâmetros",100298,"CURSO DE CAPACITAÇÃO PARA MECÂNICO DE REFRIGERAÇÃO (ENCARGOS COMPLEMENTARES) - HORISTA","H",0.6]
["Livro SINAPI: Cálculos e Parâmetros",101334,"CURSO DE CAPACITAÇÃO PARA MECÂNICO DE REFRIGERAÇÃO (ENCARGOS COMPLEMENTARES) - MENSALISTA","MES",80.180000000000007]
["Livro SINAPI: Cálculos e Parâmetros",95405,"CURSO DE CAPACITAÇÃO PARA MESTRE DE OBRAS (ENCARGOS COMPLEMENTARES) - HORISTA","H",1.0900000000000001]
["Livro SINAPI: Cálculos e Parâmetros",95423,"CURSO DE CAPACITAÇÃO PARA MESTRE DE OBRAS (ENCARGOS COMPLEMENTARES) - MENSALISTA","MES",144.72]
["Livro SINAPI: Cálculos e Parâmetros",100295,"CURSO DE CAPACITAÇÃO PARA MONTADOR DE ELETROELETRONICOS (ENCARGOS COMPLEMENTARES) - HORISTA","H",0.62]
["Livro SINAPI: Cálculos e Parâmetros",101303,"CURSO DE CAPACITAÇÃO PARA MONTADOR DE ELETROELETRONICOS(ENCARGOS COMPLEMENTARES) - MENSALISTA","MES",82.8]
["Livro SINAPI: Cálculos e Parâmetros",95344,"CURSO DE CAPACITAÇÃO PARA MONTADOR DE ESTRUTURA METÁLICA (ENCARGOS COMPLEMENTARES) - HORISTA","H",0.31]
["Livro SINAPI: Cálculos e Parâmetros",101308,"CURSO DE CAPACITAÇÃO PARA MONTADOR DE ESTRUTURAS METALICAS (ENCARGOS COMPLEMENTARES) - MENSALISTA","MES",41.38]
["Livro SINAPI: Cálculos e Parâmetros",105536,"CURSO DE CAPACITAÇÃO PARA MONTADOR DE FÔRMAS DO SISTEMA DE PAREDES DE CONCRETO (ENCARGOS COMPLEMENTARES) - HORISTA","H",0]
["Livro SINAPI: Cálculos e Parâmetros",101320,"CURSO DE CAPACITAÇÃO PARA MONTADOR DE MAQUINAS (ENCARGOS COMPLEMENTARES) - MENSALISTA","MES",47.14]
["Livro SINAPI: Cálculos e Parâmetros",95343,"CURSO DE CAPACITAÇÃO PARA MONTADOR DE TUBO AÇO/EQUIPAMENTOS (ENCARGOS COMPLEMENTARES) - HORISTA","H",0.52]
["Livro SINAPI: Cálculos e Parâmetros",95345,"CURSO DE CAPACITAÇÃO PARA MONTADOR ELETROMECÂNICO (ENCARGOS COMPLEMENTARES) - HORISTA","H",1.32]
["Livro SINAPI: Cálculos e Parâmetros",95346,"CURSO DE CAPACITAÇÃO PARA MOTORISTA DE BASCULANTE (ENCARGOS COMPLEMENTARES) - HORISTA","H",0.13]
["Livro SINAPI: Cálculos e Parâmetros",101324,"CURSO DE CAPACITAÇÃO PARA MOTORISTA DE CAMINHAO-BASCULANTE (ENCARGOS COMPLEMENTARES) - MENSALISTA","MES",18.34]
["Livro SINAPI: Cálculos e Parâmetros",101328,"CURSO DE CAPACITAÇÃO PARA MOTORISTA DE CAMINHAO-CARRETA (ENCARGOS COMPLEMENTARES) - MENSALISTA","MES",21.95]
["Livro SINAPI: Cálculos e Parâmetros",95347,"CURSO DE CAPACITAÇÃO PARA MOTORISTA DE CAMINHÃO (ENCARGOS COMPLEMENTARES) - HORISTA","H",0.13]
["Livro SINAPI: Cálculos e Parâmetros",95408,"CURSO DE CAPACITAÇÃO PARA MOTORISTA DE CAMINHÃO (ENCARGOS COMPLEMENTARES) - MENSALISTA","MES",17.649999999999999]
["Livro SINAPI: Cálculos e Parâmetros",95348,"CURSO DE CAPACITAÇÃO PARA MOTORISTA DE CAMINHÃO E CARRETA (ENCARGOS COMPLEMENTARES) - HORISTA","H",0.16]
["Livro SINAPI: Cálculos e Parâmetros",101332,"CURSO DE CAPACITAÇÃO PARA MOTORISTA DE CARRO DE PASSEIO (ENCARGOS COMPLEMENTARES) - MENSALISTA","MES",15.64]
["Livro SINAPI: Cálculos e Parâmetros",95349,"CURSO DE CAPACITAÇÃO PARA MOTORISTA DE VEÍCULO LEVE (ENCARGOS COMPLEMENTARES) - HORISTA","H",0.11]
["Livro SINAPI: Cálculos e Parâmetros",101336,"CURSO DE CAPACITAÇÃO PARA MOTORISTA OPERADOR DE CAMINHAO COM MUNCK (ENCARGOS COMPLEMENTARES) - MENSALISTA","MES",63.72]
["Livro SINAPI: Cálculos e Parâmetros",95351,"CURSO DE CAPACITAÇÃO PARA MOTORISTA OPERADOR DE MUNCK (ENCARGOS COMPLEMENTARES) - HORISTA","H",0.48]
["Livro SINAPI: Cálculos e Parâmetros",95352,"CURSO DE CAPACITAÇÃO PARA NIVELADOR (ENCARGOS COMPLEMENTARES) - HORISTA","H",0.13]
["Livro SINAPI: Cálculos e Parâmetros",101337,"CURSO DE CAPACITAÇÃO PARA NIVELADOR (ENCARGOS COMPLEMENTARES) - MENSALISTA","MES",17.489999999999998]
["Livro SINAPI: Cálculos e Parâmetros",101338,"CURSO DE CAPACITAÇÃO PARA OPERADOR DE BATE-ESTACAS (ENCARGOS COMPLEMENTARES) - MENSALISTA","MES",31.7]
["Livro SINAPI: Cálculos e Parâmetros",95354,"CURSO DE CAPACITAÇÃO PARA OPERADOR DE BETONEIRA (CAMINHÃO) (ENCARGOS COMPLEMENTARES) - HORISTA","H",0.27]
["Livro SINAPI: Cálculos e Parâmetros",101339,"CURSO DE CAPACITAÇÃO PARA OPERADOR DE BETONEIRA (ENCARGOS COMPLEMENTARES) - MENSALISTA","MES",36.36]
["Livro SINAPI: Cálculos e Parâmetros",101340,"CURSO DE CAPACITAÇÃO PARA OPERADOR DE BETONEIRA ESTACIONARIA / MISTURADOR (ENCARGOS COMPLEMENTARES) - MENSALISTA","MES",35.72]
["Livro SINAPI: Cálculos e Parâmetros",95389,"CURSO DE CAPACITAÇÃO PARA OPERADOR DE BETONEIRA ESTACIONÁRIA/MISTURADOR (ENCARGOS COMPLEMENTARES) - HORISTA","H",0.27]
["Livro SINAPI: Cálculos e Parâmetros",101341,"CURSO DE CAPACITAÇÃO PARA OPERADOR DE COMPRESSOR DE AR OU COMPRESSORISTA (ENCARGOS COMPLEMENTARES) - MENSALISTA","MES",29.83]
["Livro SINAPI: Cálculos e Parâmetros",95355,"CURSO DE CAPACITAÇÃO PARA OPERADOR DE COMPRESSOR OU COMPRESSORISTA (ENCARGOS COMPLEMENTARES) - HORISTA","H",0.22]
["Livro SINAPI: Cálculos e Parâmetros",95356,"CURSO DE CAPACITAÇÃO PARA OPERADOR DE DEMARCADORA DE FAIXAS (ENCARGOS COMPLEMENTARES) - HORISTA","H",0.27]
["Livro SINAPI: Cálculos e Parâmetros",101342,"CURSO DE CAPACITAÇÃO PARA OPERADOR DE DEMARCADORA DE FAIXAS DE TRAFEGO (ENCARGOS COMPLEMENTARES) - MENSALISTA","MES",36.36]
["Livro SINAPI: Cálculos e Parâmetros",95357,"CURSO DE CAPACITAÇÃO PARA OPERADOR DE ESCAVADEIRA (ENCARGOS COMPLEMENTARES) - HORISTA","H",0.4]
["Livro SINAPI: Cálculos e Parâmetros",101343,"CURSO DE CAPACITAÇÃO PARA OPERADOR DE ESCAVADEIRA (ENCARGOS COMPLEMENTARES) - MENSALISTA","MES",53.86]
["Livro SINAPI: Cálculos e Parâmetros",95358,"CURSO DE CAPACITAÇÃO PARA OPERADOR DE GUINCHO (ENCARGOS COMPLEMENTARES) - HORISTA","H",0.47]
["Livro SINAPI: Cálculos e Parâmetros",101344,"CURSO DE CAPACITAÇÃO PARA OPERADOR DE GUINCHO OU GUINCHEIRO (ENCARGOS COMPLEMENTARES) - MENSALISTA","MES",62.44]
["Livro SINAPI: Cálculos e Parâmetros",95359,"CURSO DE CAPACITAÇÃO PARA OPERADOR DE GUINDASTE (ENCARGOS COMPLEMENTARES) - HORISTA","H",0.69]
["Livro SINAPI: Cálculos e Parâmetros",101345,"CURSO DE CAPACITAÇÃO PARA OPERADOR DE GUINDASTE (ENCARGOS COMPLEMENTARES) - MENSALISTA","MES",91.16]
["Livro SINAPI: Cálculos e Parâmetros",101346,"CURSO DE CAPACITAÇÃO PARA OPERADOR DE JATO ABRASIVO OU JATISTA (ENCARGOS COMPLEMENTARES) - MENSALISTA","MES",42.23]
["Livro SINAPI: Cálculos e Parâmetros",101347,"CURSO DE CAPACITAÇÃO PARA OPERADOR DE MAQUINAS E TRATORES DIVERSOS (ENCARGOS COMPLEMENTARES) - MENSALISTA","MES",49.19]
["Livro SINAPI: Cálculos e Parâmetros",95361,"CURSO DE CAPACITAÇÃO PARA OPERADOR DE MARTELETE OU MARTELETEIRO (ENCARGOS COMPLEMENTARES) - HORISTA","H",0.24]
["Livro SINAPI: Cálculos e Parâmetros",101348,"CURSO DE CAPACITAÇÃO PARA OPERADOR DE MARTELETE OU MARTELETEIRO (ENCARGOS COMPLEMENTARES) - MENSALISTA","MES",31.75]
["Livro SINAPI: Cálculos e Parâmetros",101349,"CURSO DE CAPACITAÇÃO PARA OPERADOR DE MOTO SCRAPER (ENCARGOS COMPLEMENTARES) - MENSALISTA","MES",54.91]
["Livro SINAPI: Cálculos e Parâmetros",95362,"CURSO DE CAPACITAÇÃO PARA OPERADOR DE MOTO-ESCREIPER (ENCARGOS COMPLEMENTARES) - HORISTA","H",0.41]
["Livro SINAPI: Cálculos e Parâmetros",95363,"CURSO DE CAPACITAÇÃO PARA OPERADOR DE MOTONIVELADORA (ENCARGOS COMPLEMENTARES) - HORISTA","H",0.41]
["Livro SINAPI: Cálculos e Parâmetros",101350,"CURSO DE CAPACITAÇÃO PARA OPERADOR DE MOTONIVELADORA (ENCARGOS COMPLEMENTARES) - MENSALISTA","MES",54.91]
["Livro SINAPI: Cálculos e Parâmetros",95360,"CURSO DE CAPACITAÇÃO PARA OPERADOR DE MÁQUINAS E EQUIPAMENTOS (ENCARGOS COMPLEMENTARES) - HORISTA","H",0.37]
["Livro SINAPI: Cálculos e Parâmetros",101351,"CURSO DE CAPACITAÇÃO PARA OPERADOR DE PA CARREGADEIRA (ENCARGOS COMPLEMENTARES) - MENSALISTA","MES",36.36]
["Livro SINAPI: Cálculos e Parâmetros",95365,"CURSO DE CAPACITAÇÃO PARA OPERADOR DE PAVIMENTADORA (ENCARGOS COMPLEMENTARES) - HORISTA","H",0.27]
["Livro SINAPI: Cálculos e Parâmetros",101352,"CURSO DE CAPACITAÇÃO PARA OPERADOR DE PAVIMENTADORA / MESA VIBROACABADORA (ENCARGOS COMPLEMENTARES) - MENSALISTA","MES",36.36]
["Livro SINAPI: Cálculos e Parâmetros",95364,"CURSO DE CAPACITAÇÃO PARA OPERADOR DE PÁ CARREGADEIRA (ENCARGOS COMPLEMENTARES) - HORISTA","H",0.27]
["Livro SINAPI: Cálculos e Parâmetros",95366,"CURSO DE CAPACITAÇÃO PARA OPERADOR DE ROLO COMPACTADOR (ENCARGOS COMPLEMENTARES) - HORISTA","H",0.27]
["Livro SINAPI: Cálculos e Parâmetros",101353,"CURSO DE CAPACITAÇÃO PARA OPERADOR DE ROLO COMPACTADOR (ENCARGOS COMPLEMENTARES) - MENSALISTA","MES",36.36]
["Livro SINAPI: Cálculos e Parâmetros",95367,"CURSO DE CAPACITAÇÃO PARA OPERADOR DE USINA DE ASFALTO, DE SOLOS OU DE CONCRETO (ENCARGOS COMPLEMENTARES) - HORISTA","H",0.41]
["Livro SINAPI: Cálculos e Parâmetros",101355,"CURSO DE CAPACITAÇÃO PARA OPERADOR DE USINA DE ASFALTO, DE SOLOS OU DE CONCRETO (ENCARGOS COMPLEMENTARES) - MENSALISTA","MES",54.91]
["Livro SINAPI: Cálculos e Parâmetros",95368,"CURSO DE CAPACITAÇÃO PARA OPERADOR JATO DE AREIA OU JATISTA (ENCARGOS COMPLEMENTARES) - HORISTA","H",0.32]
["Livro SINAPI: Cálculos e Parâmetros",95369,"CURSO DE CAPACITAÇÃO PARA OPERADOR PARA BATE ESTACAS (ENCARGOS COMPLEMENTARES) - HORISTA","H",0.24]
["Livro SINAPI: Cálculos e Parâmetros",95370,"CURSO DE CAPACITAÇÃO PARA PASTILHEIRO (ENCARGOS COMPLEMENTARES) - HORISTA","H",0.38]
["Livro SINAPI: Cálculos e Parâmetros",101356,"CURSO DE CAPACITAÇÃO PARA PASTILHEIRO (ENCARGOS COMPLEMENTARES) - MENSALISTA","MES",50.71]
["Livro SINAPI: Cálculos e Parâmetros",95371,"CURSO DE CAPACITAÇÃO PARA PEDREIRO (ENCARGOS COMPLEMENTARES) - HORISTA","H",0.5]
["Livro SINAPI: Cálculos e Parâmetros",101357,"CURSO DE CAPACITAÇÃO PARA PEDREIRO (ENCARGOS COMPLEMENTARES) - MENSALISTA","MES",67.16]
["Livro SINAPI: Cálculos e Parâmetros",95372,"CURSO DE CAPACITAÇÃO PARA PINTOR (ENCARGOS COMPLEMENTARES) - HORISTA","H",0.35]
["Livro SINAPI: Cálculos e Parâmetros",101358,"CURSO DE CAPACITAÇÃO PARA PINTOR (ENCARGOS COMPLEMENTARES) - MENSALISTA","MES",46.76]
["Livro SINAPI: Cálculos e Parâmetros",95373,"CURSO DE CAPACITAÇÃO PARA PINTOR DE LETREIROS (ENCARGOS COMPLEMENTARES) - HORISTA","H",0.35]
["Livro SINAPI: Cálculos e Parâmetros",101359,"CURSO DE CAPACITAÇÃO PARA PINTOR DE LETREIROS (ENCARGOS COMPLEMENTARES) - MENSALISTA","MES",46.76]
["Livro SINAPI: Cálculos e Parâmetros",101360,"CURSO DE CAPACITAÇÃO PARA PINTOR PARA TINTA EPOXI (ENCARGOS COMPLEMENTARES) - MENSALISTA","MES",54.08]
["Livro SINAPI: Cálculos e Parâmetros",95374,"CURSO DE CAPACITAÇÃO PARA PINTOR PARA TINTA EPÓXI (ENCARGOS COMPLEMENTARES) - HORISTA","H",0.41]
["Livro SINAPI: Cálculos e Parâmetros",95375,"CURSO DE CAPACITAÇÃO PARA POCEIRO (ENCARGOS COMPLEMENTARES) - HORISTA","H",0.42]
["Livro SINAPI: Cálculos e Parâmetros",101361,"CURSO DE CAPACITAÇÃO PARA POCEIRO / ESCAVADOR DE VALAS E TUBULOES (ENCARGOS COMPLEMENTARES) - MENSALISTA","MES",55.81]
["Livro SINAPI: Cálculos e Parâmetros",95376,"CURSO DE CAPACITAÇÃO PARA RASTELEIRO (ENCARGOS COMPLEMENTARES) - HORISTA","H",0.12]
["Livro SINAPI: Cálculos e Parâmetros",95377,"CURSO DE CAPACITAÇÃO PARA SERRALHEIRO (ENCARGOS COMPLEMENTARES) - HORISTA","H",0.27]
["Livro SINAPI: Cálculos e Parâmetros",101363,"CURSO DE CAPACITAÇÃO PARA SERRALHEIRO (ENCARGOS COMPLEMENTARES) - MENSALISTA","MES",36.54]
["Livro SINAPI: Cálculos e Parâmetros",95378,"CURSO DE CAPACITAÇÃO PARA SERVENTE (ENCARGOS COMPLEMENTARES) - HORISTA","H",0.32]
["Livro SINAPI: Cálculos e Parâmetros",101364,"CURSO DE CAPACITAÇÃO PARA SERVENTE DE OBRAS (ENCARGOS COMPLEMENTARES) - MENSALISTA","MES",42.36]
["Livro SINAPI: Cálculos e Parâmetros",95379,"CURSO DE CAPACITAÇÃO PARA SOLDADOR (ENCARGOS COMPLEMENTARES) - HORISTA","H",0.33]
["Livro SINAPI: Cálculos e Parâmetros",101365,"CURSO DE CAPACITAÇÃO PARA SOLDADOR (ENCARGOS COMPLEMENTARES) - MENSALISTA","MES",44.76]
["Livro SINAPI: Cálculos e Parâmetros",95380,"CURSO DE CAPACITAÇÃO PARA SOLDADOR A (PARA SOLDA A SER TESTADA COM RAIOS X) (ENCARGOS COMPLEMENTARES) - HORISTA","H",0.45]
["Livro SINAPI: Cálculos e Parâmetros",101366,"CURSO DE CAPACITAÇÃO PARA SOLDADOR ELETRICO (ENCARGOS COMPLEMENTARES) - MENSALISTA","MES",60.36]
["Livro SINAPI: Cálculos e Parâmetros",100535,"CURSO DE CAPACITAÇÃO PARA TECNICO DE EDIFICACOES (ENCARGOS COMPLEMENTARES) - HORISTA","H",0.53]
["Livro SINAPI: Cálculos e Parâmetros",100536,"CURSO DE CAPACITAÇÃO PARA TECNICO DE EDIFICACOES (ENCARGOS COMPLEMENTARES) - MENSALISTA","MES",71.03]
["Livro SINAPI: Cálculos e Parâmetros",101368,"CURSO DE CAPACITAÇÃO PARA TECNICO EM LABORATORIO E CAMPO DE CONSTRUCAO CIVIL (ENCARGOS COMPLEMENTARES) - MENSALISTA","MES",47.07]
["Livro SINAPI: Cálculos e Parâmetros",101369,"CURSO DE CAPACITAÇÃO PARA TECNICO EM SONDAGEM (ENCARGOS COMPLEMENTARES) - MENSALISTA","MES",66.430000000000007]
["Livro SINAPI: Cálculos e Parâmetros",95385,"CURSO DE CAPACITAÇÃO PARA TELHADISTA (ENCARGOS COMPLEMENTARES) - HORISTA","H",0.27]
["Livro SINAPI: Cálculos e Parâmetros",101370,"CURSO DE CAPACITAÇÃO PARA TELHADOR (ENCARGOS COMPLEMENTARES) - MENSALISTA","MES",36.11]
["Livro SINAPI: Cálculos e Parâmetros",95406,"CURSO DE CAPACITAÇÃO PARA TOPÓGRAFO (ENCARGOS COMPLEMENTARES) - HORISTA","H",0.31]
["Livro SINAPI: Cálculos e Parâmetros",95424,"CURSO DE CAPACITAÇÃO PARA TOPÓGRAFO (ENCARGOS COMPLEMENTARES) - MENSALISTA","MES",41.56]
["Livro SINAPI: Cálculos e Parâmetros",95386,"CURSO DE CAPACITAÇÃO PARA TRATORISTA (ENCARGOS COMPLEMENTARES) - HORISTA","H",0.37]
["Livro SINAPI: Cálculos e Parâmetros",95383,"CURSO DE CAPACITAÇÃO PARA TÉCNICO DE LABORATÓRIO (ENCARGOS COMPLEMENTARES) - HORISTA","H",0.35]
["Livro SINAPI: Cálculos e Parâmetros",95384,"CURSO DE CAPACITAÇÃO PARA TÉCNICO DE SONDAGEM (ENCARGOS COMPLEMENTARES) - HORISTA","H",0.5]
["Livro SINAPI: Cálculos e Parâmetros",100299,"CURSO DE CAPACITAÇÃO PARA TÉCNICO EM SEGURANÇA DO TRABALHO (ENCARGOS COMPLEMENTARES) - HORISTA","H",0.77]
["Livro SINAPI: Cálculos e Parâmetros",100315,"CURSO DE CAPACITAÇÃO PARA TÉCNICO EM SEGURANÇA DO TRABALHO (ENCARGOS COMPLEMENTARES) - MENSALISTA","MES",101.82]
["Livro SINAPI: Cálculos e Parâmetros",95387,"CURSO DE CAPACITAÇÃO PARA VIDRACEIRO (ENCARGOS COMPLEMENTARES) - HORISTA","H",0.23]
["Livro SINAPI: Cálculos e Parâmetros",101371,"CURSO DE CAPACITAÇÃO PARA VIDRACEIRO (ENCARGOS COMPLEMENTARES) - MENSALISTA","MES",31.09]
["Livro SINAPI: Cálculos e Parâmetros",100288,"CURSO DE CAPACITAÇÃO PARA VIGIA DIURNO (ENCARGOS COMPLEMENTARES) - HORISTA","H",0.08]
["Livro SINAPI: Cálculos e Parâmetros",101372,"CURSO DE CAPACITAÇÃO PARA VIGIA DIURNO (ENCARGOS COMPLEMENTARES) - MENSALISTA","MES",10.61]
["Livro SINAPI: Cálculos e Parâmetros",90775,"DESENHISTA PROJETISTA COM ENCARGOS COMPLEMENTARES","H",31.24]
["Livro SINAPI: Cálculos e Parâmetros",93561,"DESENHISTA PROJETISTA COM ENCARGOS COMPLEMENTARES","MES",5490.61]
["Livro SINAPI: Cálculos e Parâmetros",88264,"ELETRICISTA COM ENCARGOS COMPLEMENTARES","H",33.94]
["Livro SINAPI: Cálculos e Parâmetros",101399,"ELETRICISTA COM ENCARGOS COMPLEMENTARES","MES",6021.86]
["Livro SINAPI: Cálculos e Parâmetros",88266,"ELETROTÉCNICO COM ENCARGOS COMPLEMENTARES","H",41.15]
["Livro SINAPI: Cálculos e Parâmetros",101401,"ELETROTÉCNICO COM ENCARGOS COMPLEMENTARES","MES",7281.29]
["Livro SINAPI: Cálculos e Parâmetros",88267,"ENCANADOR OU BOMBEIRO HIDRÁULICO COM ENCARGOS COMPLEMENTARES","H",32.799999999999997]
["Livro SINAPI: Cálculos e Parâmetros",101402,"ENCANADOR OU BOMBEIRO HIDRÁULICO COM ENCARGOS COMPLEMENTARES","MES",5832.3]
["Livro SINAPI: Cálculos e Parâmetros",90776,"ENCARREGADO GERAL COM ENCARGOS COMPLEMENTARES","H",40.869999999999997]
["Livro SINAPI: Cálculos e Parâmetros",93572,"ENCARREGADO GERAL DE OBRAS COM ENCARGOS COMPLEMENTARES","MES",7155.34]
["Livro SINAPI: Cálculos e Parâmetros",90777,"ENGENHEIRO CIVIL DE OBRA JUNIOR COM ENCARGOS COMPLEMENTARES","H",130.58000000000001]
["Livro SINAPI: Cálculos e Parâmetros",93565,"ENGENHEIRO CIVIL DE OBRA JUNIOR COM ENCARGOS COMPLEMENTARES","MES",22781.62]
["Livro SINAPI: Cálculos e Parâmetros",90778,"ENGENHEIRO CIVIL DE OBRA PLENO COM ENCARGOS COMPLEMENTARES","H",135.07]
["Livro SINAPI: Cálculos e Parâmetros",93567,"ENGENHEIRO CIVIL DE OBRA PLENO COM ENCARGOS COMPLEMENTARES","MES",23566.25]
["Livro SINAPI: Cálculos e Parâmetros",90779,"ENGENHEIRO CIVIL DE OBRA SENIOR COM ENCARGOS COMPLEMENTARES","H",149.06]
["Livro SINAPI: Cálculos e Parâmetros",93568,"ENGENHEIRO CIVIL DE OBRA SENIOR COM ENCARGOS COMPLEMENTARES","MES",26004.59]
["Livro SINAPI: Cálculos e Parâmetros",88269,"GESSEIRO COM ENCARGOS COMPLEMENTARES","H",33.29]
["Livro SINAPI: Cálculos e Parâmetros",101407,"GESSEIRO COM ENCARGOS COMPLEMENTARES","MES",5935.42]
["Livro SINAPI: Cálculos e Parâmetros",88270,"IMPERMEABILIZADOR COM ENCARGOS COMPLEMENTARES","H",35.03]
["Livro SINAPI: Cálculos e Parâmetros",101408,"IMPERMEABILIZADOR COM ENCARGOS COMPLEMENTARES","MES",6230.12]
["Livro SINAPI: Cálculos e Parâmetros",102919,"INSTALADOR DE PISO ELEVADO COM ENCARGOS COMPLEMENTARES","H",0]
["Livro SINAPI: Cálculos e Parâmetros",101409,"INSTALADOR DE TUBULAÇÕES COM ENCARGOS COMPLEMENTARES","MES",7803.23]
["Livro SINAPI: Cálculos e Parâmetros",88441,"JARDINEIRO COM ENCARGOS COMPLEMENTARES","H",25.3]
["Livro SINAPI: Cálculos e Parâmetros",101410,"JARDINEIRO COM ENCARGOS COMPLEMENTARES","MES",4548.3500000000004]
["Livro SINAPI: Cálculos e Parâmetros",88272,"MACARIQUEIRO COM ENCARGOS COMPLEMENTARES","H",38.47]
["Livro SINAPI: Cálculos e Parâmetros",88273,"MARCENEIRO COM ENCARGOS COMPLEMENTARES","H",32.43]
["Livro SINAPI: Cálculos e Parâmetros",101413,"MARCENEIRO COM ENCARGOS COMPLEMENTARES","MES",5780.65]
["Livro SINAPI: Cálculos e Parâmetros",101414,"MARMORISTA / GRANITEIRO COM ENCARGOS COMPLEMENTARES","MES",5945.64]
["Livro SINAPI: Cálculos e Parâmetros",88274,"MARMORISTA/GRANITEIRO COM ENCARGOS COMPLEMENTARES","H",33.369999999999997]
["Livro SINAPI: Cálculos e Parâmetros",101412,"MAÇARIQUEIRO COM ENCARGOS COMPLEMENTARES","MES",6844.14]
["Livro SINAPI: Cálculos e Parâmetros",101415,"MECÂNICO DE EQUIPAMENTOS PESADOS COM ENCARGOS COMPLEMENTARES","MES",8472.93]
["Livro SINAPI: Cálculos e Parâmetros",100308,"MECÂNICO DE REFRIGERAÇÃO COM ENCARGOS COMPLEMENTARES","H",31.6]
["Livro SINAPI: Cálculos e Parâmetros",101416,"MECÂNICO DE REFRIGERAÇÃO COM ENCARGOS COMPLEMENTARES","MES",5629.45]
["Livro SINAPI: Cálculos e Parâmetros",88275,"MECÃNICO DE EQUIPAMENTOS PESADOS COM ENCARGOS COMPLEMENTARES","H",47.92]
["Livro SINAPI: Cálculos e Parâmetros",90780,"MESTRE DE OBRAS COM ENCARGOS COMPLEMENTARES","H",55.78]
["Livro SINAPI: Cálculos e Parâmetros",94295,"MESTRE DE OBRAS COM ENCARGOS COMPLEMENTARES","MES",9750.18]
["Livro SINAPI: Cálculos e Parâmetros",88277,"MONTADOR (TUBO AÇO/EQUIPAMENTOS) COM ENCARGOS COMPLEMENTARES","H",44.14]
["Livro SINAPI: Cálculos e Parâmetros",101417,"MONTADOR DE ELETROELETRÔNICO COM ENCARGOS COMPLEMENTARES","MES",5342.6]
["Livro SINAPI: Cálculos e Parâmetros",100307,"MONTADOR DE ELETROELETRÔNICOS COM ENCARGOS COMPLEMENTARES","H",29.99]
["Livro SINAPI: Cálculos e Parâmetros",88278,"MONTADOR DE ESTRUTURA METÁLICA COM ENCARGOS COMPLEMENTARES","H",35.31]
["Livro SINAPI: Cálculos e Parâmetros",101418,"MONTADOR DE ESTRUTURAS METÁLICAS COM ENCARGOS COMPLEMENTARES","MES",6270.26]
["Livro SINAPI: Cálculos e Parâmetros",105535,"MONTADOR DE FÔRMAS DO SISTEMA DE PAREDES DE CONCRETO COM ENCARGOS COMPLEMENTARES","H",0]
["Livro SINAPI: Cálculos e Parâmetros",101419,"MONTADOR DE MÁQUINAS COM ENCARGOS COMPLEMENTARES","MES",9276.67]
["Livro SINAPI: Cálculos e Parâmetros",88279,"MONTADOR ELETROMECÃNICO COM ENCARGOS COMPLEMENTARES","H",53.39]
["Livro SINAPI: Cálculos e Parâmetros",88281,"MOTORISTA DE BASCULANTE COM ENCARGOS COMPLEMENTARES","H",35.28]
["Livro SINAPI: Cálculos e Parâmetros",93558,"MOTORISTA DE CAMINHAO COM ENCARGOS COMPLEMENTARES","MES",6092.72]
["Livro SINAPI: Cálculos e Parâmetros",101420,"MOTORISTA DE CAMINHÃO BASCULANTE COM ENCARGOS COMPLEMENTARES","MES",6274.09]
["Livro SINAPI: Cálculos e Parâmetros",101421,"MOTORISTA DE CAMINHÃO CARRETA COM ENCARGOS COMPLEMENTARES","MES",7220.74]
["Livro SINAPI: Cálculos e Parâmetros",88282,"MOTORISTA DE CAMINHÃO COM ENCARGOS COMPLEMENTARES","H",34.270000000000003]
["Livro SINAPI: Cálculos e Parâmetros",88283,"MOTORISTA DE CAMINHÃO E CARRETA COM ENCARGOS COMPLEMENTARES","H",40.72]
["Livro SINAPI: Cálculos e Parâmetros",101422,"MOTORISTA DE CARRO DE PASSEIO COM ENCARGOS COMPLEMENTARES","MES",5566.04]
["Livro SINAPI: Cálculos e Parâmetros",88284,"MOTORISTA DE VEÍCULO LEVE COM ENCARGOS COMPLEMENTARES","H",31.23]
["Livro SINAPI: Cálculos e Parâmetros",101424,"MOTORISTA OPERADOR DE CAMINHÃO COM MUNCK COM ENCARGOS COMPLEMENTARES","MES",6698.18]
["Livro SINAPI: Cálculos e Parâmetros",88286,"MOTORISTA OPERADOR DE MUNCK COM ENCARGOS COMPLEMENTARES","H",37.81]
["Livro SINAPI: Cálculos e Parâmetros",88288,"NIVELADOR COM ENCARGOS COMPLEMENTARES","H",18.399999999999999]
["Livro SINAPI: Cálculos e Parâmetros",101425,"NIVELADOR COM ENCARGOS COMPLEMENTARES","MES",3247.45]
["Livro SINAPI: Cálculos e Parâmetros",101426,"OPERADOR DE BATE-ESTACA COM ENCARGOS COMPLEMENTARES","MES",6562.71]
["Livro SINAPI: Cálculos e Parâmetros",88291,"OPERADOR DE BETONEIRA (CAMINHÃO) COM ENCARGOS COMPLEMENTARES","H",41.26]
["Livro SINAPI: Cálculos e Parâmetros",101427,"OPERADOR DE BETONEIRA (CAMINHÃO) COM ENCARGOS COMPLEMENTARES","MES",7311.05]
["Livro SINAPI: Cálculos e Parâmetros",101428,"OPERADOR DE BETONEIRA ESTACIONÁRIA COM ENCARGOS COMPLEMENTARES","MES",7208.23]
["Livro SINAPI: Cálculos e Parâmetros",88377,"OPERADOR DE BETONEIRA ESTACIONÁRIA/MISTURADOR COM ENCARGOS COMPLEMENTARES","H",40.68]
["Livro SINAPI: Cálculos e Parâmetros",101429,"OPERADOR DE COMPRESSOR DE AR OU COMPRESSORISTA COM ENCARGOS COMPLEMENTARES","MES",6262.18]
["Livro SINAPI: Cálculos e Parâmetros",88292,"OPERADOR DE COMPRESSOR OU COMPRESSORISTA COM ENCARGOS COMPLEMENTARES","H",35.24]
["Livro SINAPI: Cálculos e Parâmetros",88293,"OPERADOR DE DEMARCADORA DE FAIXAS COM ENCARGOS COMPLEMENTARES","H",41.26]
["Livro SINAPI: Cálculos e Parâmetros",101430,"OPERADOR DE DEMARCADORA DE FAIXAS DE TRÁFEGO COM ENCARGOS COMPLEMENTARES","MES",7311.05]
["Livro SINAPI: Cálculos e Parâmetros",88294,"OPERADOR DE ESCAVADEIRA COM ENCARGOS COMPLEMENTARES","H",43.64]
["Livro SINAPI: Cálculos e Parâmetros",101431,"OPERADOR DE ESCAVADEIRA COM ENCARGOS COMPLEMENTARES","MES",7719.19]
["Livro SINAPI: Cálculos e Parâmetros",88295,"OPERADOR DE GUINCHO COM ENCARGOS COMPLEMENTARES","H",37.200000000000003]
["Livro SINAPI: Cálculos e Parâmetros",101432,"OPERADOR DE GUINCHO OU GUINCHEIRO COM ENCARGOS COMPLEMENTARES","MES",6593.45]
["Livro SINAPI: Cálculos e Parâmetros",88296,"OPERADOR DE GUINDASTE COM ENCARGOS COMPLEMENTARES","H",50.76]
["Livro SINAPI: Cálculos e Parâmetros",101433,"OPERADOR DE GUINDASTE COM ENCARGOS COMPLEMENTARES","MES",8951.2199999999993]
["Livro SINAPI: Cálculos e Parâmetros",101434,"OPERADOR DE JATO ABRASIVO OU JATISTA COM ENCARGOS COMPLEMENTARES","MES",6368.38]
["Livro SINAPI: Cálculos e Parâmetros",88298,"OPERADOR DE MARTELETE OU MARTELETEIRO COM ENCARGOS COMPLEMENTARES","H",37.03]
["Livro SINAPI: Cálculos e Parâmetros",101436,"OPERADOR DE MARTELETE OU MARTELETEIRO COM ENCARGOS COMPLEMENTARES","MES",6570.52]
["Livro SINAPI: Cálculos e Parâmetros",101437,"OPERADOR DE MOTO SCRAPER COM ENCARGOS COMPLEMENTARES","MES",10293.91]
["Livro SINAPI: Cálculos e Parâmetros",88299,"OPERADOR DE MOTO-ESCREIPER COM ENCARGOS COMPLEMENTARES","H",58.35]
["Livro SINAPI: Cálculos e Parâmetros",88300,"OPERADOR DE MOTONIVELADORA COM ENCARGOS COMPLEMENTARES","H",58.35]
["Livro SINAPI: Cálculos e Parâmetros",101438,"OPERADOR DE MOTONIVELADORA COM ENCARGOS COMPLEMENTARES","MES",10293.91]
["Livro SINAPI: Cálculos e Parâmetros",88297,"OPERADOR DE MÁQUINAS E EQUIPAMENTOS COM ENCARGOS COMPLEMENTARES","H",40.520000000000003]
["Livro SINAPI: Cálculos e Parâmetros",101435,"OPERADOR DE MÁQUINAS E TRATORES DIVERSOS COM ENCARGOS COMPLEMENTARES","MES",7176.91]
["Livro SINAPI: Cálculos e Parâmetros",101440,"OPERADOR DE PAVIMENTADORA / MESA VIBROACABADORA COM ENCARGOS COMPLEMENTARES","MES",7311.05]
["Livro SINAPI: Cálculos e Parâmetros",88302,"OPERADOR DE PAVIMENTADORA COM ENCARGOS COMPLEMENTARES","H",41.26]
["Livro SINAPI: Cálculos e Parâmetros",88301,"OPERADOR DE PÁ CARREGADEIRA COM ENCARGOS COMPLEMENTARES","H",41.26]
["Livro SINAPI: Cálculos e Parâmetros",101439,"OPERADOR DE PÁ CARREGADEIRA COM ENCARGOS COMPLEMENTARES","MES",7311.05]
["Livro SINAPI: Cálculos e Parâmetros",88303,"OPERADOR DE ROLO COMPACTADOR COM ENCARGOS COMPLEMENTARES","H",41.26]
["Livro SINAPI: Cálculos e Parâmetros",101441,"OPERADOR DE ROLO COMPACTADOR COM ENCARGOS COMPLEMENTARES","MES",7311.05]
["Livro SINAPI: Cálculos e Parâmetros",88304,"OPERADOR DE USINA DE ASFALTO, DE SOLOS OU DE CONCRETO COM ENCARGOS COMPLEMENTARES","H",58.35]
["Livro SINAPI: Cálculos e Parâmetros",101443,"OPERADOR DE USINA DE ASFALTO, DE SOLOS OU DE CONCRETO COM ENCARGOS COMPLEMENTARES","MES",10293.91]
["Livro SINAPI: Cálculos e Parâmetros",88306,"OPERADOR JATO DE AREIA OU JATISTA COM ENCARGOS COMPLEMENTARES","H",35.880000000000003]
["Livro SINAPI: Cálculos e Parâmetros",88307,"OPERADOR PARA BATE ESTACAS COM ENCARGOS COMPLEMENTARES","H",36.97]
["Livro SINAPI: Cálculos e Parâmetros",88308,"PASTILHEIRO COM ENCARGOS COMPLEMENTARES","H",35.43]
["Livro SINAPI: Cálculos e Parâmetros",101444,"PASTILHEIRO COM ENCARGOS COMPLEMENTARES","MES",6304.35]
["Livro SINAPI: Cálculos e Parâmetros",88309,"PEDREIRO COM ENCARGOS COMPLEMENTARES","H",33.520000000000003]
["Livro SINAPI: Cálculos e Parâmetros",101445,"PEDREIRO COM ENCARGOS COMPLEMENTARES","MES",5966.04]
["Livro SINAPI: Cálculos e Parâmetros",88310,"PINTOR COM ENCARGOS COMPLEMENTARES","H",35.18]
["Livro SINAPI: Cálculos e Parâmetros",101446,"PINTOR COM ENCARGOS COMPLEMENTARES","MES",6286.41]
["Livro SINAPI: Cálculos e Parâmetros",88311,"PINTOR DE LETREIROS COM ENCARGOS COMPLEMENTARES","H",35.18]
["Livro SINAPI: Cálculos e Parâmetros",101447,"PINTOR DE LETREIROS COM ENCARGOS COMPLEMENTARES","MES",6286.41]
["Livro SINAPI: Cálculos e Parâmetros",88312,"PINTOR PARA TINTA EPÓXI COM ENCARGOS COMPLEMENTARES","H",38.99]
["Livro SINAPI: Cálculos e Parâmetros",101448,"PINTOR PARA TINTA EPÓXI COM ENCARGOS COMPLEMENTARES","MES",6952.32]
["Livro SINAPI: Cálculos e Parâmetros",101449,"POCEIRO / ESCAVADOR DE VALAS COM ENCARGOS COMPLEMENTARES","MES",5017.1400000000003]
["Livro SINAPI: Cálculos e Parâmetros",88313,"POCEIRO COM ENCARGOS COMPLEMENTARES","H",28.18]
["Livro SINAPI: Cálculos e Parâmetros",88314,"RASTELEIRO COM ENCARGOS COMPLEMENTARES","H",32]
["Livro SINAPI: Cálculos e Parâmetros",88315,"SERRALHEIRO COM ENCARGOS COMPLEMENTARES","H",33.29]
["Livro SINAPI: Cálculos e Parâmetros",101451,"SERRALHEIRO COM ENCARGOS COMPLEMENTARES","MES",5935.42]
["Livro SINAPI: Cálculos e Parâmetros",88316,"SERVENTE COM ENCARGOS COMPLEMENTARES","H",24.37]
["Livro SINAPI: Cálculos e Parâmetros",101452,"SERVENTE DE OBRAS COM ENCARGOS COMPLEMENTARES","MES",4370.38]
["Livro SINAPI: Cálculos e Parâmetros",95967,"SERVIÇOS TÉCNICOS ESPECIALIZADOS PARA ACOMPANHAMENTO DE EXECUÇÃO DE FUNDAÇÕES PROFUNDAS E ESTRUTURAS DE CONTENÇÃO","H",175.94]
["Livro SINAPI: Cálculos e Parâmetros",88318,"SOLDADOR A (PARA SOLDA A SER TESTADA COM RAIOS \"X\") COM ENCARGOS COMPLEMENTARES","H",50.08]
["Livro SINAPI: Cálculos e Parâmetros",88317,"SOLDADOR COM ENCARGOS COMPLEMENTARES","H",39.700000000000003]
["Livro SINAPI: Cálculos e Parâmetros",101453,"SOLDADOR COM ENCARGOS COMPLEMENTARES","MES",7066.27]
["Livro SINAPI: Cálculos e Parâmetros",101454,"SOLDADOR ELÉTRICO COM ENCARGOS COMPLEMENTARES","MES",8877.2000000000007]
["Livro SINAPI: Cálculos e Parâmetros",100533,"TECNICO DE EDIFICACOES COM ENCARGOS COMPLEMENTARES","H",32.83]
["Livro SINAPI: Cálculos e Parâmetros",100534,"TECNICO DE EDIFICACOES COM ENCARGOS COMPLEMENTARES","MES",5768.01]
["Livro SINAPI: Cálculos e Parâmetros",88323,"TELHADISTA COM ENCARGOS COMPLEMENTARES","H",32.770000000000003]
["Livro SINAPI: Cálculos e Parâmetros",101458,"TELHADOR COM ENCARGOS COMPLEMENTARES","MES",5842.83]
["Livro SINAPI: Cálculos e Parâmetros",90781,"TOPOGRAFO COM ENCARGOS COMPLEMENTARES","H",40.590000000000003]
["Livro SINAPI: Cálculos e Parâmetros",94296,"TOPOGRAFO COM ENCARGOS COMPLEMENTARES","MES",7116.28]
["Livro SINAPI: Cálculos e Parâmetros",88324,"TRATORISTA COM ENCARGOS COMPLEMENTARES","H",40.520000000000003]
["Livro SINAPI: Cálculos e Parâmetros",88321,"TÉCNICO DE LABORATÓRIO COM ENCARGOS COMPLEMENTARES","H",45.73]
["Livro SINAPI: Cálculos e Parâmetros",101456,"TÉCNICO DE LABORATÓRIO E CAMPO DE CONSTRUÇÃO COM ENCARGOS COMPLEMENTARES","MES",8017.72]
["Livro SINAPI: Cálculos e Parâmetros",88322,"TÉCNICO DE SONDAGEM COM ENCARGOS COMPLEMENTARES","H",46.62]
["Livro SINAPI: Cálculos e Parâmetros",100309,"TÉCNICO EM SEGURANÇA DO TRABALHO COM ENCARGOS COMPLEMENTARES","H",46.15]
["Livro SINAPI: Cálculos e Parâmetros",100321,"TÉCNICO EM SEGURANÇA DO TRABALHO COM ENCARGOS COMPLEMENTARES","MES",8072.47]
["Livro SINAPI: Cálculos e Parâmetros",101457,"TÉCNICO EM SONDAGEM COM ENCARGOS COMPLEMENTARES","MES",9178.08]
["Livro SINAPI: Cálculos e Parâmetros",88325,"VIDRACEIRO COM ENCARGOS COMPLEMENTARES","H",25.17]
["Livro SINAPI: Cálculos e Parâmetros",101459,"VIDRACEIRO COM ENCARGOS COMPLEMENTARES","MES",4520.51]
["Livro SINAPI: Cálculos e Parâmetros",100289,"VIGIA DIURNO COM ENCARGOS COMPLEMENTARES","H",24.8]
["Livro SINAPI: Cálculos e Parâmetros",101460,"VIGIA DIURNO COM ENCARGOS COMPLEMENTARES","MES",4457.01]
["Locação de Obras",105011,"EXECUÇÃO DE LINHAS DE REFERÊNCIA EM GABARITO OU CAVALETE. AF_03/2024","M",0.57999999999999996]
["Locação de Obras",99061,"LOCAÇÃO COM CAVALETE COM ALTURA DE 0,50 M - 2 UTILIZAÇÕES. AF_03/2024","UN",129.08000000000001]
["Locação de Obras",99060,"LOCAÇÃO COM CAVALETE COM ALTURA DE 1,00 M - 2 UTILIZAÇÕES. AF_03/2024","UN",207.76]
["Locação de Obras",105008,"LOCAÇÃO COM USO EXCLUSIVO DE EQUIPAMENTO TOPOGRÁFICO. AF_03/2024","UN",0]
["Locação de Obras",105009,"LOCAÇÃO CONVENCIONAL DE OBRA, UTILIZANDO GABARITO DE TÁBUAS CORRIDAS PONTALETADAS A CADA 1,50M - 2 UTILIZAÇÕES. AF_03/2024","M",86.13]
["Locação de Obras",99059,"LOCAÇÃO CONVENCIONAL DE OBRA, UTILIZANDO GABARITO DE TÁBUAS CORRIDAS PONTALETADAS A CADA 2,00M - 2 UTILIZAÇÕES. AF_03/2024","M",70.28]
["Locação de Obras",105137,"LOCAÇÃO DE PAVIMENTAÇÃO. AF_03/2024","M",0]
["Locação de Obras",105136,"LOCAÇÃO DE PONTO PARA REFERÊNCIA TOPOGRÁFICA. AF_03/2024","UN",0]
["Locação de Obras",105007,"LOCAÇÃO DE PRAÇAS EM PONTALETEAMENTO. AF_03/2024","UN",43.01]
["Locação de Obras",99063,"LOCAÇÃO DE REDE DE ÁGUA OU ESGOTO. AF_03/2024","M",10.24]
["Locação de Obras",105010,"MARCAÇÃO DE PONTOS EM GABARITO OU CAVALETE, COM USO DE ESTAÇÃO TOTAL. AF_03/2024","UN",0]
["Locação de Obras",99062,"MARCAÇÃO DE PONTOS EM GABARITO OU CAVALETE. AF_03/2024","UN",2.3199999999999998]
["Louças e Metais",100857,"ACABAMENTO MONOCOMANDO PARA CHUVEIRO - FORNECIMENTO E INSTALAÇÃO. AF_01/2020","UN",629.91]
["Louças e Metais",86905,"APARELHO MISTURADOR DE MESA PARA LAVATÓRIO, PADRÃO MÉDIO - FORNECIMENTO E INSTALAÇÃO. AF_01/2020","UN",485.47]
["Louças e Metais",86908,"APARELHO MISTURADOR DE MESA PARA PIA DE COZINHA, PADRÃO MÉDIO - FORNECIMENTO E INSTALAÇÃO. AF_01/2020","UN",580.83000000000004]
["Louças e Metais",100849,"ASSENTO SANITÁRIO CONVENCIONAL - FORNECIMENTO E INSTALACAO. AF_01/2020","UN",41.39]
["Louças e Metais",100851,"ASSENTO SANITÁRIO INFANTIL - FORNECIMENTO E INSTALACAO. AF_01/2020","UN",81.08]
["Louças e Metais",100850,"ASSENTO SANITÁRIO PARA PCD - FORNECIMENTO E INSTALACAO. AF_01/2020","UN",0]
["Louças e Metais",86895,"BANCADA DE GRANITO CINZA POLIDO, DE 0,50 X 0,60 M, PARA LAVATÓRIO - FORNECIMENTO E INSTALAÇÃO. AF_01/2020","UN",321.44]
["Louças e Metais",86889,"BANCADA DE GRANITO CINZA POLIDO, DE 1,50 X 0,60 M, PARA PIA DE COZINHA - FORNECIMENTO E INSTALAÇÃO. AF_01/2020","UN",617.84]
["Louças e Metais",86899,"BANCADA DE MÁRMORE BRANCO POLIDO, DE 0,50 X 0,60 M, PARA LAVATÓRIO - FORNECIMENTO E INSTALAÇÃO. AF_01/2020","UN",288.14999999999998]
["Louças e Metais",86893,"BANCADA DE MÁRMORE BRANCO POLIDO, DE 1,50 X 0,60 M, PARA PIA DE COZINHA - FORNECIMENTO E INSTALAÇÃO. AF_01/2020","UN",529.1]
["Louças e Metais",86934,"BANCADA DE MÁRMORE SINTÉTICO 120 X 60CM, COM CUBA INTEGRADA, INCLUSO SIFÃO TIPO FLEXÍVEL EM PVC, VÁLVULA EM PLÁSTICO CROMADO TIPO AMERICANA E TORNEIRA CROMADA LONGA, DE PAREDE, PADRÃO POPULAR - FORNECIMENTO E INSTALAÇÃO. AF_01/2020","UN",431.28]
["Louças e Metais",86933,"BANCADA DE MÁRMORE SINTÉTICO 120 X 60CM, COM CUBA INTEGRADA, INCLUSO SIFÃO TIPO GARRAFA EM PVC, VÁLVULA EM PLÁSTICO CROMADO TIPO AMERICANA E TORNEIRA CROMADA LONGA, DE PAREDE, PADRÃO POPULAR - FORNECIMENTO E INSTALAÇÃO. AF_01/2020","UN",440.68]
["Louças e Metais",86894,"BANCADA DE MÁRMORE SINTÉTICO, DE 120 X 60CM, COM CUBA INTEGRADA - FORNECIMENTO E INSTALAÇÃO. AF_01/2020","UN",290.54000000000002]
["Louças e Metais",93441,"BANCADA GRANITO CINZA 150 X 60 CM, COM CUBA DE EMBUTIR DE AÇO, VÁLVULA AMERICANA EM METAL, SIFÃO FLEXÍVEL EM PVC, ENGATE FLEXÍVEL 30 CM, TORNEIRA CROMADA LONGA, DE PAREDE, 1/2\" OU 3/4\", P/ COZINHA, PADRÃO POPULAR - FORNEC. E INSTALAÇÃO. AF_01/2020","UN",997.08]
["Louças e Metais",93396,"BANCADA GRANITO CINZA, 50 X 60 CM, INCL. CUBA DE EMBUTIR OVAL LOUÇA BRANCA 35 X 50 CM, VÁLVULA METAL CROMADO, SIFÃO FLEXÍVEL PVC, ENGATE 30 CM FLEXÍVEL PLÁSTICO E TORNEIRA CROMADA DE MESA, PADRÃO POPULAR - FORNEC. E INSTALAÇÃO. AF_01/2020","UN",647.98]
["Louças e Metais",93442,"BANCADA MÁRMORE BRANCO 150 X 60 CM, COM CUBA DE EMBUTIR DE AÇO, VÁLVULA AMERICANA E SIFÃO TIPO GARRAFA EM METAL, ENGATE FLEXÍVEL 30 CM, TORNEIRA CROMADA, DE MESA, 1/2\" OU 3/4\", PARA PIA COZINHA, PADRÃO ALTO - FORNEC. E INSTALAÇÃO. AF_01/2020","UN",1107.6600000000001]
["Louças e Metais",86947,"BANCADA MÁRMORE BRANCO, 50 X 60 CM, INCLUSO CUBA DE EMBUTIR OVAL EM LOUÇA BRANCA 35 X 50 CM, VÁLVULA, SIFÃO TIPO GARRAFA E ENGATE FLEXÍVEL 40 CM EM METAL CROMADO E APARELHO MISTURADOR DE MESA, PADRÃO MÉDIO - FORNEC. E INSTALAÇÃO. AF_01/2020","UN",1234.9100000000001]
["Louças e Metais",100875,"BANCO ARTICULADO, EM ACO INOX, PARA PCD, FIXADO NA PAREDE - FORNECIMENTO E INSTALAÇÃO. AF_01/2020","UN",925.2]
["Louças e Metais",100863,"BARRA DE APOIO EM \"L\", EM ACO INOX POLIDO 70 X 70 CM, FIXADA NA PAREDE - FORNECIMENTO E INSTALACAO. AF_01/2020","UN",549.79999999999995]
["Louças e Metais",100864,"BARRA DE APOIO EM \"L\", EM ACO INOX POLIDO 80 X 80 CM, FIXADA NA PAREDE - FORNECIMENTO E INSTALACAO. AF_01/2020","UN",596.88]
["Louças e Metais",100865,"BARRA DE APOIO LATERAL ARTICULADA, COM TRAVA, EM ACO INOX POLIDO, FIXADA NA PAREDE - FORNECIMENTO E INSTALAÇÃO. AF_01/2020","UN",498.58]
["Louças e Metais",100866,"BARRA DE APOIO RETA, EM ACO INOX POLIDO, COMPRIMENTO 60CM, FIXADA NA PAREDE - FORNECIMENTO E INSTALAÇÃO. AF_01/2020","UN",294.33999999999997]
["Louças e Metais",100867,"BARRA DE APOIO RETA, EM ACO INOX POLIDO, COMPRIMENTO 70 CM, FIXADA NA PAREDE - FORNECIMENTO E INSTALAÇÃO. AF_01/2020","UN",309.87]
["Louças e Metais",100868,"BARRA DE APOIO RETA, EM ACO INOX POLIDO, COMPRIMENTO 80 CM, FIXADA NA PAREDE - FORNECIMENTO E INSTALAÇÃO. AF_01/2020","UN",320.2]
["Louças e Metais",100869,"BARRA DE APOIO RETA, EM ACO INOX POLIDO, COMPRIMENTO 90 CM, FIXADA NA PAREDE - FORNECIMENTO E INSTALAÇÃO. AF_01/2020","UN",328.12]
["Louças e Metais",100870,"BARRA DE APOIO RETA, EM ALUMINIO, COMPRIMENTO 60 CM, FIXADA NA PAREDE - FORNECIMENTO E INSTALAÇÃO. AF_01/2020","UN",253.79]
["Louças e Metais",100871,"BARRA DE APOIO RETA, EM ALUMINIO, COMPRIMENTO 70 CM, FIXADA NA PAREDE - FORNECIMENTO E INSTALAÇÃO. AF_01/2020","UN",268.44]
["Louças e Metais",100872,"BARRA DE APOIO RETA, EM ALUMINIO, COMPRIMENTO 80 CM, FIXADA NA PAREDE - FORNECIMENTO E INSTALAÇÃO. AF_01/2020","UN",277.79000000000002]
["Louças e Metais",100873,"BARRA DE APOIO RETA, EM ALUMINIO, COMPRIMENTO 90 CM, FIXADA NA PAREDE - FORNECIMENTO E INSTALAÇÃO. AF_01/2020","UN",283.63]
["Louças e Metais",100860,"CHUVEIRO ELÉTRICO COMUM CORPO PLÁSTICO, TIPO DUCHA - FORNECIMENTO E INSTALAÇÃO. AF_01/2020","UN",114.64]
["Louças e Metais",86936,"CUBA DE EMBUTIR DE AÇO INOXIDÁVEL MÉDIA, INCLUSO VÁLVULA TIPO AMERICANA E SIFÃO TIPO GARRAFA EM METAL CROMADO - FORNECIMENTO E INSTALAÇÃO. AF_01/2020","UN",411.55]
["Louças e Metais",86935,"CUBA DE EMBUTIR DE AÇO INOXIDÁVEL MÉDIA, INCLUSO VÁLVULA TIPO AMERICANA EM METAL CROMADO E SIFÃO FLEXÍVEL EM PVC - FORNECIMENTO E INSTALAÇÃO. AF_01/2020","UN",263.10000000000002]
["Louças e Metais",86901,"CUBA DE EMBUTIR OVAL EM LOUÇA BRANCA, 35 X 50CM OU EQUIVALENTE - FORNECIMENTO E INSTALAÇÃO. AF_01/2020","UN",160.29]
["Louças e Metais",86938,"CUBA DE EMBUTIR OVAL EM LOUÇA BRANCA, 35 X 50CM OU EQUIVALENTE, INCLUSO VÁLVULA E SIFÃO TIPO GARRAFA EM METAL CROMADO - FORNECIMENTO E INSTALAÇÃO. AF_01/2020","UN",374.15]
["Louças e Metais",86937,"CUBA DE EMBUTIR OVAL EM LOUÇA BRANCA, 35 X 50CM OU EQUIVALENTE, INCLUSO VÁLVULA EM METAL CROMADO E SIFÃO FLEXÍVEL EM PVC - FORNECIMENTO E INSTALAÇÃO. AF_01/2020","UN",225.7]
["Louças e Metais",86900,"CUBA DE EMBUTIR RETANGULAR DE AÇO INOXIDÁVEL, 46 X 30 X 12 CM - FORNECIMENTO E INSTALAÇÃO. AF_01/2020","UN",193.68]
["Louças e Metais",100852,"CUBA DE EMBUTIR RETANGULAR DE AÇO INOXIDÁVEL, 56 X 33 X 12 CM - FORNECIMENTO E INSTALAÇÃO. AF_01/2020","UN",211.87]
["Louças e Metais",86886,"ENGATE FLEXÍVEL EM INOX, 1/2 X 30CM - FORNECIMENTO E INSTALAÇÃO. AF_01/2020","UN",40.340000000000003]
["Louças e Metais",86887,"ENGATE FLEXÍVEL EM INOX, 1/2 X 40CM - FORNECIMENTO E INSTALAÇÃO. AF_01/2020","UN",43.57]
["Louças e Metais",86884,"ENGATE FLEXÍVEL EM PLÁSTICO BRANCO, 1/2\" X 30CM - FORNECIMENTO E INSTALAÇÃO. AF_01/2020","UN",11.03]
["Louças e Metais",86885,"ENGATE FLEXÍVEL EM PLÁSTICO BRANCO, 1/2\" X 40CM - FORNECIMENTO E INSTALAÇÃO. AF_01/2020","UN",12.28]
["Louças e Metais",95546,"KIT DE ACESSORIOS PARA BANHEIRO EM METAL CROMADO, 5 PECAS, INCLUSO FIXAÇÃO. AF_01/2020","UN",128.32]
["Louças e Metais",86902,"LAVATÓRIO LOUÇA BRANCA COM COLUNA, *44 X 35,5* CM, PADRÃO POPULAR - FORNECIMENTO E INSTALAÇÃO. AF_01/2020","UN",335.31]
["Louças e Metais",86939,"LAVATÓRIO LOUÇA BRANCA COM COLUNA, *44 X 35,5* CM, PADRÃO POPULAR, INCLUSO SIFÃO FLEXÍVEL EM PVC, VÁLVULA E ENGATE FLEXÍVEL 30CM EM PLÁSTICO E COM TORNEIRA CROMADA PADRÃO POPULAR - FORNECIMENTO E INSTALAÇÃO. AF_01/2020","UN",457.34]
["Louças e Metais",86903,"LAVATÓRIO LOUÇA BRANCA COM COLUNA, 45 X 55CM OU EQUIVALENTE, PADRÃO MÉDIO - FORNECIMENTO E INSTALAÇÃO. AF_01/2020","UN",381.32]
["Louças e Metais",86940,"LAVATÓRIO LOUÇA BRANCA COM COLUNA, 45 X 55CM OU EQUIVALENTE, PADRÃO MÉDIO, INCLUSO SIFÃO TIPO GARRAFA, VÁLVULA E ENGATE FLEXÍVEL DE 40CM EM METAL CROMADO, COM APARELHO MISTURADOR PADRÃO MÉDIO - FORNECIMENTO E INSTALAÇÃO. AF_01/2020","UN",1167.79]
["Louças e Metais",86941,"LAVATÓRIO LOUÇA BRANCA COM COLUNA, 45 X 55CM OU EQUIVALENTE, PADRÃO MÉDIO, INCLUSO SIFÃO TIPO GARRAFA, VÁLVULA E ENGATE FLEXÍVEL DE 40CM EM METAL CROMADO, COM TORNEIRA CROMADA DE MESA, PADRÃO MÉDIO - FORNECIMENTO E INSTALAÇÃO. AF_01/2020","UN",810.54]
["Louças e Metais",86904,"LAVATÓRIO LOUÇA BRANCA SUSPENSO, 29,5 X 39CM OU EQUIVALENTE, PADRÃO POPULAR - FORNECIMENTO E INSTALAÇÃO. AF_01/2020","UN",156.74]
["Louças e Metais",86943,"LAVATÓRIO LOUÇA BRANCA SUSPENSO, 29,5 X 39CM OU EQUIVALENTE, PADRÃO POPULAR, INCLUSO SIFÃO FLEXÍVEL EM PVC, VÁLVULA E ENGATE FLEXÍVEL 30CM EM PLÁSTICO E TORNEIRA CROMADA DE MESA, PADRÃO POPULAR - FORNECIMENTO E INSTALAÇÃO. AF_01/2020","UN",278.77]
["Louças e Metais",86942,"LAVATÓRIO LOUÇA BRANCA SUSPENSO, 29,5 X 39CM OU EQUIVALENTE, PADRÃO POPULAR, INCLUSO SIFÃO TIPO GARRAFA EM PVC, VÁLVULA E ENGATE FLEXÍVEL 30CM EM PLÁSTICO E TORNEIRA CROMADA DE MESA, PADRÃO POPULAR - FORNECIMENTO E INSTALAÇÃO. AF_01/2020","UN",288.17]
["Louças e Metais",100856,"MANOPLA E CANOPLA CROMADA - FORNECIMENTO E INSTALAÇÃO. AF_01/2020","UN",45.65]
["Louças e Metais",100858,"MICTÓRIO SIFONADO LOUÇA BRANCA - PADRÃO MÉDIO - FORNECIMENTO E INSTALAÇÃO. AF_01/2020","UN",784.13]
["Louças e Metais",100859,"MICTÓRIO SIFONADO LOUÇA BRANCA PARA ENTRADA DE ÁGUA EMBUTIDA - PADRÃO ALTO - FORNECIMENTO E INSTALAÇÃO. AF_01/2020","UN",1060.02]
["Louças e Metais",95544,"PAPELEIRA DE PAREDE EM METAL CROMADO SEM TAMPA, INCLUSO FIXAÇÃO. AF_01/2020","UN",32.840000000000003]
["Louças e Metais",95543,"PORTA TOALHA BANHO EM METAL CROMADO, TIPO BARRA, INCLUSO FIXAÇÃO. AF_01/2020","UN",49.43]
["Louças e Metais",95542,"PORTA TOALHA ROSTO EM METAL CROMADO, TIPO ARGOLA, INCLUSO FIXAÇÃO. AF_01/2020","UN",28.11]
["Louças e Metais",100874,"PUXADOR PARA PCD, FIXADO NA PORTA - FORNECIMENTO E INSTALAÇÃO. AF_01/2020","UN",294.33999999999997]
["Louças e Metais",95545,"SABONETEIRA DE PAREDE EM METAL CROMADO, INCLUSO FIXAÇÃO. AF_01/2020","UN",32.340000000000003]
["Louças e Metais",95547,"SABONETEIRA PLASTICA TIPO DISPENSER PARA SABONETE LIQUIDO COM RESERVATORIO 800 A 1500 ML, INCLUSO FIXAÇÃO. AF_01/2020","UN",60.49]
["Louças e Metais",86883,"SIFÃO DO TIPO FLEXÍVEL EM PVC 1 X 1.1/2 - FORNECIMENTO E INSTALAÇÃO. AF_01/2020","UN",11.44]
["Louças e Metais",86881,"SIFÃO DO TIPO GARRAFA EM METAL CROMADO 1 X 1.1/2\" - FORNECIMENTO E INSTALAÇÃO. AF_01/2020","UN",159.88999999999999]
["Louças e Metais",86882,"SIFÃO DO TIPO GARRAFA/COPO EM PVC 1.1/4 X 1.1/2\" - FORNECIMENTO E INSTALAÇÃO. AF_01/2020","UN",20.84]
["Louças e Metais",100862,"SUPORTE MÃO FRANCESA EM ACO, ABAS IGUAIS 40 CM, CAPACIDADE MINIMA 70 KG, BRANCO - FORNECIMENTO E INSTALAÇÃO. AF_01/2020","UN",40.409999999999997]
["Louças e Metais",100861,"SUPORTE MÃO FRANCESA EM AÇO, ABAS IGUAIS 30 CM, CAPACIDADE MINIMA 60 KG, BRANCO - FORNECIMENTO E INSTALAÇÃO. AF_01/2020","UN",37.159999999999997]
["Louças e Metais",86872,"TANQUE DE LOUÇA BRANCA COM COLUNA, 30L OU EQUIVALENTE - FORNECIMENTO E INSTALAÇÃO. AF_01/2020","UN",761.48]
["Louças e Metais",86919,"TANQUE DE LOUÇA BRANCA COM COLUNA, 30L OU EQUIVALENTE, INCLUSO SIFÃO FLEXÍVEL EM PVC, VÁLVULA METÁLICA E TORNEIRA DE METAL CROMADO PADRÃO MÉDIO - FORNECIMENTO E INSTALAÇÃO. AF_01/2020","UN",944.97]
["Louças e Metais",86920,"TANQUE DE LOUÇA BRANCA COM COLUNA, 30L OU EQUIVALENTE, INCLUSO SIFÃO FLEXÍVEL EM PVC, VÁLVULA PLÁSTICA E TORNEIRA DE METAL CROMADO PADRÃO POPULAR - FORNECIMENTO E INSTALAÇÃO. AF_01/2020","UN",848.63]
["Louças e Metais",86921,"TANQUE DE LOUÇA BRANCA COM COLUNA, 30L OU EQUIVALENTE, INCLUSO SIFÃO FLEXÍVEL EM PVC, VÁLVULA PLÁSTICA E TORNEIRA DE PLÁSTICO - FORNECIMENTO E INSTALAÇÃO. AF_01/2020","UN",804.11]
["Louças e Metais",86874,"TANQUE DE LOUÇA BRANCA SUSPENSO, 18L OU EQUIVALENTE - FORNECIMENTO E INSTALAÇÃO. AF_01/2020","UN",530.04]
["Louças e Metais",86922,"TANQUE DE LOUÇA BRANCA SUSPENSO, 18L OU EQUIVALENTE, INCLUSO SIFÃO TIPO GARRAFA EM METAL CROMADO, VÁLVULA METÁLICA E TORNEIRA DE METAL CROMADO PADRÃO MÉDIO - FORNECIMENTO E INSTALAÇÃO. AF_01/2020","UN",861.98]
["Louças e Metais",86923,"TANQUE DE LOUÇA BRANCA SUSPENSO, 18L OU EQUIVALENTE, INCLUSO SIFÃO TIPO GARRAFA EM PVC, VÁLVULA PLÁSTICA E TORNEIRA DE METAL CROMADO PADRÃO POPULAR - FORNECIMENTO E INSTALAÇÃO. AF_01/2020","UN",626.59]
["Louças e Metais",86924,"TANQUE DE LOUÇA BRANCA SUSPENSO, 18L OU EQUIVALENTE, INCLUSO SIFÃO TIPO GARRAFA EM PVC, VÁLVULA PLÁSTICA E TORNEIRA DE PLÁSTICO - FORNECIMENTO E INSTALAÇÃO. AF_01/2020","UN",582.07000000000005]
["Louças e Metais",86875,"TANQUE DE MÁRMORE SINTÉTICO COM COLUNA, 22L OU EQUIVALENTE FORNECIMENTO E INSTALAÇÃO. AF_01/2020","UN",523.75]
["Louças e Metais",86925,"TANQUE DE MÁRMORE SINTÉTICO COM COLUNA, 22L OU EQUIVALENTE, INCLUSO SIFÃO FLEXÍVEL EM PVC, VÁLVULA PLÁSTICA E TORNEIRA DE METAL CROMADO PADRÃO POPULAR - FORNECIMENTO E INSTALAÇÃO. AF_01/2020","UN",610.9]
["Louças e Metais",86926,"TANQUE DE MÁRMORE SINTÉTICO COM COLUNA, 22L OU EQUIVALENTE, INCLUSO SIFÃO FLEXÍVEL EM PVC, VÁLVULA PLÁSTICA E TORNEIRA DE PLÁSTICO - FORNECIMENTO E INSTALAÇÃO. AF_01/2020","UN",566.38]
["Louças e Metais",86876,"TANQUE DE MÁRMORE SINTÉTICO SUSPENSO, 22L OU EQUIVALENTE - FORNECIMENTO E INSTALAÇÃO. AF_01/2020","UN",302.85000000000002]
["Louças e Metais",86929,"TANQUE DE MÁRMORE SINTÉTICO SUSPENSO, 22L OU EQUIVALENTE, INCLUSO SIFÃO FLEXÍVEL EM PVC, VÁLVULA PLÁSTICA E TORNEIRA DE METAL CROMADO PADRÃO POPULAR - FORNECIMENTO E INSTALAÇÃO. AF_01/2020","UN",390]
["Louças e Metais",86930,"TANQUE DE MÁRMORE SINTÉTICO SUSPENSO, 22L OU EQUIVALENTE, INCLUSO SIFÃO FLEXÍVEL EM PVC, VÁLVULA PLÁSTICA E TORNEIRA DE PLÁSTICO - FORNECIMENTO E INSTALAÇÃO. AF_01/2020","UN",345.48]
["Louças e Metais",86927,"TANQUE DE MÁRMORE SINTÉTICO SUSPENSO, 22L OU EQUIVALENTE, INCLUSO SIFÃO TIPO GARRAFA EM PVC, VÁLVULA PLÁSTICA E TORNEIRA DE METAL CROMADO PADRÃO POPULAR - FORNEC. E INSTALAÇÃO. AF_01/2020","UN",399.4]
["Louças e Metais",86928,"TANQUE DE MÁRMORE SINTÉTICO SUSPENSO, 22L OU EQUIVALENTE, INCLUSO SIFÃO TIPO GARRAFA EM PVC, VÁLVULA PLÁSTICA E TORNEIRA DE PLÁSTICO - FORNECIMENTO E INSTALAÇÃO. AF_01/2020","UN",354.88]
["Louças e Metais",86914,"TORNEIRA CROMADA 1/2\" OU 3/4\" PARA TANQUE, PADRÃO MÉDIO - FORNECIMENTO E INSTALAÇÃO. AF_01/2020","UN",118.08]
["Louças e Metais",86913,"TORNEIRA CROMADA 1/2\" OU 3/4\" PARA TANQUE, PADRÃO POPULAR - FORNECIMENTO E INSTALAÇÃO. AF_01/2020","UN",65.959999999999994]
["Louças e Metais",100853,"TORNEIRA CROMADA DE MESA PARA LAVATORIO, TIPO MONOCOMANDO. AF_01/2020","UN",412.69]
["Louças e Metais",100854,"TORNEIRA CROMADA DE MESA PARA LAVATÓRIO COM SENSOR DE PRESENCA. AF_01/2020","UN",2148.4499999999998]
["Louças e Metais",86915,"TORNEIRA CROMADA DE MESA, 1/2\" OU 3/4\", PARA LAVATÓRIO, PADRÃO MÉDIO - FORNECIMENTO E INSTALAÇÃO. AF_01/2020","UN",171.79]
["Louças e Metais",86906,"TORNEIRA CROMADA DE MESA, 1/2\" OU 3/4\", PARA LAVATÓRIO, PADRÃO POPULAR - FORNECIMENTO E INSTALAÇÃO. AF_01/2020","UN",89.81]
["Louças e Metais",86911,"TORNEIRA CROMADA LONGA, DE PAREDE, 1/2\" OU 3/4\", PARA PIA DE COZINHA, PADRÃO POPULAR - FORNECIMENTO E INSTALAÇÃO. AF_01/2020","UN",105.11]
["Louças e Metais",86909,"TORNEIRA CROMADA TUBO MÓVEL, DE MESA, 1/2\" OU 3/4\", PARA PIA DE COZINHA, PADRÃO ALTO - FORNECIMENTO E INSTALAÇÃO. AF_01/2020","UN",155.97999999999999]
["Louças e Metais",86910,"TORNEIRA CROMADA TUBO MÓVEL, DE PAREDE, 1/2\" OU 3/4\", PARA PIA DE COZINHA, PADRÃO MÉDIO - FORNECIMENTO E INSTALAÇÃO. AF_01/2020","UN",153.47999999999999]
["Louças e Metais",86916,"TORNEIRA PLÁSTICA 3/4\" PARA TANQUE - FORNECIMENTO E INSTALAÇÃO. AF_01/2020","UN",21.44]
["Louças e Metais",95469,"VASO SANITARIO SIFONADO CONVENCIONAL COM LOUÇA BRANCA - FORNECIMENTO E INSTALAÇÃO. AF_01/2020","UN",311.22000000000003]
["Louças e Metais",95470,"VASO SANITARIO SIFONADO CONVENCIONAL COM LOUÇA BRANCA, INCLUSO CONJUNTO DE LIGAÇÃO PARA BACIA SANITÁRIA AJUSTÁVEL - FORNECIMENTO E INSTALAÇÃO. AF_01/2020","UN",319.67]
["Louças e Metais",95471,"VASO SANITARIO SIFONADO CONVENCIONAL PARA PCD SEM FURO FRONTAL COM LOUÇA BRANCA SEM ASSENTO - FORNECIMENTO E INSTALAÇÃO. AF_01/2020","UN",801.18]
["Louças e Metais",95472,"VASO SANITARIO SIFONADO CONVENCIONAL PARA PCD SEM FURO FRONTAL COM LOUÇA BRANCA SEM ASSENTO, INCLUSO CONJUNTO DE LIGAÇÃO PARA BACIA SANITÁRIA AJUSTÁVEL - FORNECIMENTO E INSTALAÇÃO. AF_01/2020","UN",809.63]
["Louças e Metais",100848,"VASO SANITÁRIO INFANTIL LOUÇA BRANCA - FORNECIMENTO E INSTALACAO. AF_01/2020","UN",573.71]
["Louças e Metais",86888,"VASO SANITÁRIO SIFONADO COM CAIXA ACOPLADA LOUÇA BRANCA - FORNECIMENTO E INSTALAÇÃO. AF_01/2020","UN",510.32]
["Louças e Metais",86932,"VASO SANITÁRIO SIFONADO COM CAIXA ACOPLADA LOUÇA BRANCA - PADRÃO MÉDIO, INCLUSO ENGATE FLEXÍVEL EM METAL CROMADO, 1/2 X 40CM - FORNECIMENTO E INSTALAÇÃO. AF_01/2020","UN",553.89]
["Louças e Metais",86931,"VASO SANITÁRIO SIFONADO COM CAIXA ACOPLADA LOUÇA BRANCA, INCLUSO ENGATE FLEXÍVEL EM PLÁSTICO BRANCO, 1/2 X 40CM - FORNECIMENTO E INSTALAÇÃO. AF_01/2020","UN",522.6]
["Louças e Metais",100878,"VASO SANITÁRIO SIFONADO COM CAIXA ACOPLADA, LOUÇA BRANCA - PADRÃO ALTO - FORNECIMENTO E INSTALAÇÃO. AF_01/2020","UN",686.96]
["Louças e Metais",86877,"VÁLVULA EM METAL CROMADO 1.1/2\" X 1.1/2\" PARA TANQUE OU LAVATÓRIO, COM OU SEM LADRÃO - FORNECIMENTO E INSTALAÇÃO. AF_01/2020","UN",53.97]
["Louças e Metais",86878,"VÁLVULA EM METAL CROMADO TIPO AMERICANA 3.1/2\" X 1.1/2\" PARA PIA - FORNECIMENTO E INSTALAÇÃO. AF_01/2020","UN",57.98]
["Louças e Metais",86879,"VÁLVULA EM PLÁSTICO 1\" PARA PIA, TANQUE OU LAVATÓRIO, COM OU SEM LADRÃO - FORNECIMENTO E INSTALAÇÃO. AF_01/2020","UN",9.75]
["Louças e Metais",86880,"VÁLVULA EM PLÁSTICO CROMADO TIPO AMERICANA 3.1/2\" X 1.1/2\" SEM ADAPTADOR PARA PIA - FORNECIMENTO E INSTALAÇÃO. AF_01/2020","UN",24.19]
["Luminárias Externas",101663,"ABRAÇADEIRA DE FIXAÇÃO DE BRAÇOS DE LUMINÁRIAS DE 2\" - FORNECIMENTO E INSTALAÇÃO. AF_02/2025","UN",27.94]
["Luminárias Externas",101664,"ABRAÇADEIRA DE FIXAÇÃO DE BRAÇOS DE LUMINÁRIAS DE 3\" - FORNECIMENTO E INSTALAÇÃO. AF_02/2025","UN",29.25]
["Luminárias Externas",101665,"ABRAÇADEIRA DE FIXAÇÃO DE BRAÇOS DE LUMINÁRIAS DE 4\" - FORNECIMENTO E INSTALAÇÃO. AF_02/2025","UN",34.85]
["Luminárias Externas",101634,"BRAÇO PARA ILUMINAÇÃO PÚBLICA, EM TUBO DE AÇO GALVANIZADO, COMPRIMENTO DE 1,20 M, PARA FIXAÇÃO EM POSTE DE CONCRETO - FORNECIMENTO E INSTALAÇÃO. AF_02/2025","UN",0]
["Luminárias Externas",101635,"BRAÇO PARA ILUMINAÇÃO PÚBLICA, EM TUBO DE AÇO GALVANIZADO, COMPRIMENTO DE 1,20 M, PARA FIXAÇÃO EM POSTE METÁLICO - FORNECIMENTO E INSTALAÇÃO. AF_02/2025","UN",0]
["Luminárias Externas",101636,"BRAÇO PARA ILUMINAÇÃO PÚBLICA, EM TUBO DE AÇO GALVANIZADO, COMPRIMENTO DE 1,50 M, PARA FIXAÇÃO EM POSTE DE CONCRETO - FORNECIMENTO E INSTALAÇÃO. AF_02/2025_PS","UN",148.12]
["Luminárias Externas",101637,"BRAÇO PARA ILUMINAÇÃO PÚBLICA, EM TUBO DE AÇO GALVANIZADO, COMPRIMENTO DE 1,50 M, PARA FIXAÇÃO EM POSTE METÁLICO - FORNECIMENTO E INSTALAÇÃO. AF_02/2025_PS","UN",142.44]
["Luminárias Externas",101638,"BRAÇO PARA ILUMINAÇÃO PÚBLICA, EM TUBO DE AÇO GALVANIZADO, COMPRIMENTO DE 3,50 M, PARA FIXAÇÃO EM POSTE DE CONCRETO - FORNECIMENTO E INSTALAÇÃO. AF_02/2025","UN",0]
["Luminárias Externas",101639,"BRAÇO PARA ILUMINAÇÃO PÚBLICA, EM TUBO DE AÇO GALVANIZADO, COMPRIMENTO DE 3,50 M, PARA FIXAÇÃO EM POSTE METÁLICO - FORNECIMENTO E INSTALAÇÃO. AF_02/2025","UN",0]
["Luminárias Externas",105919,"LUMINÁRIA DE LED PARA ILUMINAÇÃO PÚBLICA, 1000 W - FORNECIMENTO E INSTALAÇÃO. AF_02/2025","UN",0]
["Luminárias Externas",101658,"LUMINÁRIA DE LED PARA ILUMINAÇÃO PÚBLICA, DE 138 W ATÉ 180 W - FORNECIMENTO E INSTALAÇÃO. AF_02/2025_PS","UN",447.81]
["Luminárias Externas",101659,"LUMINÁRIA DE LED PARA ILUMINAÇÃO PÚBLICA, DE 181 W ATÉ 239 W - FORNECIMENTO E INSTALAÇÃO. AF_02/2025_PS","UN",508.35]
["Luminárias Externas",101660,"LUMINÁRIA DE LED PARA ILUMINAÇÃO PÚBLICA, DE 240 W ATÉ 350 W - FORNECIMENTO E INSTALAÇÃO. AF_02/2025_PS","UN",794.17]
["Luminárias Externas",101654,"LUMINÁRIA DE LED PARA ILUMINAÇÃO PÚBLICA, DE 33 W ATÉ 50 W - FORNECIMENTO E INSTALAÇÃO. AF_02/2025_PS","UN",185.7]
["Luminárias Externas",101655,"LUMINÁRIA DE LED PARA ILUMINAÇÃO PÚBLICA, DE 51 W ATÉ 67 W - FORNECIMENTO E INSTALAÇÃO. AF_02/2025_PS","UN",280.89]
["Luminárias Externas",101656,"LUMINÁRIA DE LED PARA ILUMINAÇÃO PÚBLICA, DE 68 W ATÉ 97 W - FORNECIMENTO E INSTALAÇÃO. AF_02/2025_PS","UN",303.12]
["Luminárias Externas",101657,"LUMINÁRIA DE LED PARA ILUMINAÇÃO PÚBLICA, DE 98 W ATÉ 137 W - FORNECIMENTO E INSTALAÇÃO. AF_02/2025_PS","UN",350.46]
["Luminárias Externas",105923,"LUMINÁRIA REFLETOR LED PARA ILUMINAÇÃO PÚBLICA, 1000 W - FORNECIMENTO E INSTALAÇÃO. AF_02/2025","UN",0]
["Luminárias Externas",105921,"LUMINÁRIA REFLETOR LED PARA ILUMINAÇÃO PÚBLICA, 200 W - FORNECIMENTO E INSTALAÇÃO. AF_02/2025","UN",0]
["Luminárias Externas",105920,"LUMINÁRIA REFLETOR LED PARA ILUMINAÇÃO PÚBLICA, 50 W - FORNECIMENTO E INSTALAÇÃO. AF_02/2025","UN",0]
["Luminárias Externas",105922,"LUMINÁRIA REFLETOR LED PARA ILUMINAÇÃO PÚBLICA, 600 W - FORNECIMENTO E INSTALAÇÃO. AF_02/2025","UN",0]
["Luminárias Externas",101632,"RELÉ FOTOELÉTRICO PARA COMANDO DE ILUMINAÇÃO EXTERNA 1000 W - FORNECIMENTO E INSTALAÇÃO. AF_02/2025","UN",36.4]
["Luminárias Externas",101661,"SUBSTITUIÇÃO DE LUMINÁRIA DE VAPOR DE MERCÚRIO/VAPOR DE SÓDIO POR LUMINÁRIA DE LED PARA ILUMINAÇÃO PÚBLICA (NÃO INCLUI FORNECIMENTO). AF_02/2025_PS","UN",133.29]
["Luminárias Externas",105924,"SUBSTITUIÇÃO DE LUMINÁRIA REFLETOR LED PARA ILUMINAÇÃO PÚBLICA (NÃO INCLUI FORNECIMENTO). AF_02/2025","UN",13.79]
["Luminárias Externas",101651,"SUBSTITUIÇÃO DE LÂMPADA PARA ILUMINAÇÃO PÚBLICA (NÃO INCLUI FORNECIMENTO). AF_02/2025_PS","UN",63.78]
["Luminárias Externas",101630,"SUBSTITUIÇÃO DE REATOR PARA ILUMINAÇÃO PÚBLICA (NÃO INCLUI FORNECIMENTO). AF_02/2025_PS","UN",75.11]
["Luminárias Externas",101633,"SUBSTITUIÇÃO DE RELÉ FOTOELÉTRICO PARA COMANDO DE ILUMINAÇÃO EXTERNA 1000 W - FORNECIMENTO E INSTALAÇÃO. AF_02/2025_PS","UN",97.54]
["Massa Única Externa",104219,"EMBOÇO OU MASSA ÚNICA EM ARGAMASSA INDUSTRIALIZADA, PREPARO MECÂNICA E APLICAÇÃO COM EQUIPAMENTO DE MISTURA E PROJEÇÃO DE 1,5 M3/H DE ARGAMASSA EM PANOS DE FACHADA COM PRESENÇA DE VÃOS, ESPESSURA DE 25 MM, ACESSO POR ANDAIME. AF_08/2022","M2",93.9]
["Massa Única Externa",104223,"EMBOÇO OU MASSA ÚNICA EM ARGAMASSA INDUSTRIALIZADA, PREPARO MECÂNICA E APLICAÇÃO COM EQUIPAMENTO DE MISTURA E PROJEÇÃO DE 1,5 M3/H DE ARGAMASSA EM PANOS DE FACHADA COM PRESENÇA DE VÃOS, ESPESSURA DE 35 MM, ACESSO POR ANDAIME. AF_08/2022","M2",123.27]
["Massa Única Externa",104227,"EMBOÇO OU MASSA ÚNICA EM ARGAMASSA INDUSTRIALIZADA, PREPARO MECÂNICA E APLICAÇÃO COM EQUIPAMENTO DE MISTURA E PROJEÇÃO DE 1,5 M3/H DE ARGAMASSA EM PANOS DE FACHADA COM PRESENÇA DE VÃOS, ESPESSURA DE 45 MM, ACESSO POR ANDAIME. AF_08/2022","M2",143.78]
["Massa Única Externa",104231,"EMBOÇO OU MASSA ÚNICA EM ARGAMASSA INDUSTRIALIZADA, PREPARO MECÂNICA E APLICAÇÃO COM EQUIPAMENTO DE MISTURA E PROJEÇÃO DE 1,5 M3/H DE ARGAMASSA EM PANOS DE FACHADA COM PRESENÇA DE VÃOS, ESPESSURA DE 50 MM, ACESSO POR ANDAIME. AF_08/2022","M2",158.57]
["Massa Única Externa",104235,"EMBOÇO OU MASSA ÚNICA EM ARGAMASSA INDUSTRIALIZADA, PREPARO MECÂNICA E APLICAÇÃO COM EQUIPAMENTO DE MISTURA E PROJEÇÃO DE 1,5 M3/H DE ARGAMASSA EM PANOS DE FACHADA SEM PRESENÇA DE VÃOS, ESPESSURA DE 25 MM, ACESSO POR ANDAIME. AF_08/2022","M2",77.53]
["Massa Única Externa",104239,"EMBOÇO OU MASSA ÚNICA EM ARGAMASSA INDUSTRIALIZADA, PREPARO MECÂNICA E APLICAÇÃO COM EQUIPAMENTO DE MISTURA E PROJEÇÃO DE 1,5 M3/H DE ARGAMASSA EM PANOS DE FACHADA SEM PRESENÇA DE VÃOS, ESPESSURA DE 35 MM, ACESSO POR ANDAIME. AF_08/2022","M2",105.63]
["Massa Única Externa",104243,"EMBOÇO OU MASSA ÚNICA EM ARGAMASSA INDUSTRIALIZADA, PREPARO MECÂNICA E APLICAÇÃO COM EQUIPAMENTO DE MISTURA E PROJEÇÃO DE 1,5 M3/H DE ARGAMASSA EM PANOS DE FACHADA SEM PRESENÇA DE VÃOS, ESPESSURA DE 45 MM, ACESSO POR ANDAIME. AF_08/2022","M2",124.8]
["Massa Única Externa",104247,"EMBOÇO OU MASSA ÚNICA EM ARGAMASSA INDUSTRIALIZADA, PREPARO MECÂNICA E APLICAÇÃO COM EQUIPAMENTO DE MISTURA E PROJEÇÃO DE 1,5 M3/H DE ARGAMASSA EM PANOS DE FACHADA SEM PRESENÇA DE VÃOS, ESPESSURA DE 50 MM, ACESSO POR ANDAIME. AF_08/2022","M2",133.68]
["Massa Única Externa",87795,"EMBOÇO OU MASSA ÚNICA EM ARGAMASSA INDUSTRIALIZADA, PREPARO MECÂNICO E APLICAÇÃO COM EQUIPAMENTO DE MISTURA E PROJEÇÃO DE 1,5 M3/H DE ARGAMASSA EM PANOS CEGOS DE FACHADA (SEM PRESENÇA DE VÃOS), ESPESSURA DE 25 MM. AF_08/2022","M2",80.02]
["Massa Única Externa",87800,"EMBOÇO OU MASSA ÚNICA EM ARGAMASSA INDUSTRIALIZADA, PREPARO MECÂNICO E APLICAÇÃO COM EQUIPAMENTO DE MISTURA E PROJEÇÃO DE 1,5 M3/H DE ARGAMASSA EM PANOS CEGOS DE FACHADA (SEM PRESENÇA DE VÃOS), ESPESSURA DE 35 MM. AF_08/2022","M2",109.21]
["Massa Única Externa",87804,"EMBOÇO OU MASSA ÚNICA EM ARGAMASSA INDUSTRIALIZADA, PREPARO MECÂNICO E APLICAÇÃO COM EQUIPAMENTO DE MISTURA E PROJEÇÃO DE 1,5 M3/H DE ARGAMASSA EM PANOS CEGOS DE FACHADA (SEM PRESENÇA DE VÃOS), ESPESSURA DE 45 MM. AF_08/2022","M2",128.38]
["Massa Única Externa",87808,"EMBOÇO OU MASSA ÚNICA EM ARGAMASSA INDUSTRIALIZADA, PREPARO MECÂNICO E APLICAÇÃO COM EQUIPAMENTO DE MISTURA E PROJEÇÃO DE 1,5 M3/H DE ARGAMASSA EM PANOS CEGOS DE FACHADA (SEM PRESENÇA DE VÃOS), ESPESSURA MAIOR OU IGUAL A 50 MM. AF_08/2022","M2",137.16]
["Massa Única Externa",87778,"EMBOÇO OU MASSA ÚNICA EM ARGAMASSA INDUSTRIALIZADA, PREPARO MECÂNICO E APLICAÇÃO COM EQUIPAMENTO DE MISTURA E PROJEÇÃO DE 1,5 M3/H DE ARGAMASSA EM PANOS DE FACHADA COM PRESENÇA DE VÃOS, ESPESSURA DE 25 MM. AF_08/2022","M2",97.95]
["Massa Única Externa",87783,"EMBOÇO OU MASSA ÚNICA EM ARGAMASSA INDUSTRIALIZADA, PREPARO MECÂNICO E APLICAÇÃO COM EQUIPAMENTO DE MISTURA E PROJEÇÃO DE 1,5 M3/H DE ARGAMASSA EM PANOS DE FACHADA COM PRESENÇA DE VÃOS, ESPESSURA DE 35 MM. AF_08/2022","M2",128.54]
["Massa Única Externa",87787,"EMBOÇO OU MASSA ÚNICA EM ARGAMASSA INDUSTRIALIZADA, PREPARO MECÂNICO E APLICAÇÃO COM EQUIPAMENTO DE MISTURA E PROJEÇÃO DE 1,5 M3/H DE ARGAMASSA EM PANOS DE FACHADA COM PRESENÇA DE VÃOS, ESPESSURA DE 45 MM. AF_08/2022","M2",149.05000000000001]
["Massa Única Externa",87791,"EMBOÇO OU MASSA ÚNICA EM ARGAMASSA INDUSTRIALIZADA, PREPARO MECÂNICO E APLICAÇÃO COM EQUIPAMENTO DE MISTURA E PROJEÇÃO DE 1,5 M3/H DE ARGAMASSA EM PANOS DE FACHADA COM PRESENÇA DE VÃOS, ESPESSURA MAIOR OU IGUAL A 50 MM. AF_08/2022","M2",164.36]
["Massa Única Externa",87832,"EMBOÇO OU MASSA ÚNICA EM ARGAMASSA INDUSTRIALIZADA, PREPARO MECÂNICO E APLICAÇÃO COM EQUIPAMENTO DE MISTURA E PROJEÇÃO DE 1,5 M3/H DE ARGAMASSA NAS PAREDES INTERNAS DA SACADA, ESPESSURA 35 MM, SEM USO DE TELA METÁLICA. AF_08/2022","M2",155.41999999999999]
["Massa Única Externa",87812,"EMBOÇO OU MASSA ÚNICA EM ARGAMASSA INDUSTRIALIZADA, PREPARO MECÂNICO E APLICAÇÃO COM EQUIPAMENTO DE MISTURA E PROJEÇÃO DE 1,5 M3/H EM SUPERFÍCIES EXTERNAS DA SACADA, ESPESSURA 25 MM, SEM USO DE TELA METÁLICA. AF_08/2022","M2",120.12]
["Massa Única Externa",87816,"EMBOÇO OU MASSA ÚNICA EM ARGAMASSA INDUSTRIALIZADA, PREPARO MECÂNICO E APLICAÇÃO COM EQUIPAMENTO DE MISTURA E PROJEÇÃO DE 1,5 M3/H EM SUPERFÍCIES EXTERNAS DA SACADA, ESPESSURA 35 MM, SEM USO DE TELA METÁLICA. AF_08/2022","M2",149.37]
["Massa Única Externa",87820,"EMBOÇO OU MASSA ÚNICA EM ARGAMASSA INDUSTRIALIZADA, PREPARO MECÂNICO E APLICAÇÃO COM EQUIPAMENTO DE MISTURA E PROJEÇÃO DE 1,5 M3/H EM SUPERFÍCIES EXTERNAS DA SACADA, ESPESSURA 45 MM, SEM USO DE TELA METÁLICA. AF_08/2022","M2",168.54]
["Massa Única Externa",87824,"EMBOÇO OU MASSA ÚNICA EM ARGAMASSA INDUSTRIALIZADA, PREPARO MECÂNICO E APLICAÇÃO COM EQUIPAMENTO DE MISTURA E PROJEÇÃO DE 1,5 M3/H EM SUPERFÍCIES EXTERNAS DA SACADA, ESPESSURA MAIOR OU IGUAL A 50 MM, SEM USO DE TELA METÁLICA. AF_08/2022","M2",195.39]
["Massa Única Externa",87828,"EMBOÇO OU MASSA ÚNICA EM ARGAMASSA INDUSTRIALIZADA, PREPARO MECÂNICO E APLICAÇÃO COM EQUIPAMENTO DE MISTURA E PROJEÇÃO DE 1,5 M3/H NAS PAREDES INTERNAS DA SACADA, ESPESSURA 25 MM, SEM USO DE TELA METÁLICA. AF_08/2022","M2",123.46]
["Massa Única Externa",104251,"EMBOÇO OU MASSA ÚNICA EM ARGAMASSA INDUSTRIALIZADA, PREPARO MECÂNICO E APLICAÇÃO COM EQUIPAMENTO DE MISTURA E PROJEÇÃO DE 1,5 M3/H, NAS SUPERFÍCIES EXTERNAS DA SACADA, ESPESSURA DE 25 MM, ACESSO POR ANDAIME, SEM USO DE TELA METÁLICA. AF_08/2022","M2",112.83]
["Massa Única Externa",104255,"EMBOÇO OU MASSA ÚNICA EM ARGAMASSA INDUSTRIALIZADA, PREPARO MECÂNICO E APLICAÇÃO COM EQUIPAMENTO DE MISTURA E PROJEÇÃO DE 1,5 M3/H, NAS SUPERFÍCIES EXTERNAS DA SACADA, ESPESSURA DE 35 MM, ACESSO POR ANDAIME, SEM USO DE TELA METÁLICA. AF_08/2022","M2",140.91999999999999]
["Massa Única Externa",104259,"EMBOÇO OU MASSA ÚNICA EM ARGAMASSA INDUSTRIALIZADA, PREPARO MECÂNICO E APLICAÇÃO COM EQUIPAMENTO DE MISTURA E PROJEÇÃO DE 1,5 M3/H, NAS SUPERFÍCIES EXTERNAS DA SACADA, ESPESSURA DE 45 MM, ACESSO POR ANDAIME, SEM USO DE TELA METÁLICA. AF_08/2022","M2",160.09]
["Massa Única Externa",104263,"EMBOÇO OU MASSA ÚNICA EM ARGAMASSA INDUSTRIALIZADA, PREPARO MECÂNICO E APLICAÇÃO COM EQUIPAMENTO DE MISTURA E PROJEÇÃO DE 1,5 M3/H, NAS SUPERFÍCIES EXTERNAS DA SACADA, ESPESSURA DE 50 MM, ACESSO POR ANDAIME, SEM USO DE TELA METÁLICA. AF_08/2022","M2",184.96]
["Massa Única Externa",87794,"EMBOÇO OU MASSA ÚNICA EM ARGAMASSA TRAÇO 1:2:8, PREPARO MANUAL, APLICADA MANUALMENTE EM PANOS CEGOS DE FACHADA (SEM PRESENÇA DE VÃOS), ESPESSURA DE 25 MM. AF_09/2022","M2",50.77]
["Massa Única Externa",87799,"EMBOÇO OU MASSA ÚNICA EM ARGAMASSA TRAÇO 1:2:8, PREPARO MANUAL, APLICADA MANUALMENTE EM PANOS CEGOS DE FACHADA (SEM PRESENÇA DE VÃOS), ESPESSURA DE 35 MM. AF_08/2022","M2",70.3]
["Massa Única Externa",87803,"EMBOÇO OU MASSA ÚNICA EM ARGAMASSA TRAÇO 1:2:8, PREPARO MANUAL, APLICADA MANUALMENTE EM PANOS CEGOS DE FACHADA (SEM PRESENÇA DE VÃOS), ESPESSURA DE 45 MM. AF_08/2022","M2",78.75]
["Massa Única Externa",87807,"EMBOÇO OU MASSA ÚNICA EM ARGAMASSA TRAÇO 1:2:8, PREPARO MANUAL, APLICADA MANUALMENTE EM PANOS CEGOS DE FACHADA (SEM PRESENÇA DE VÃOS), ESPESSURA MAIOR OU IGUAL A 50 MM. AF_08/2022","M2",86.16]
["Massa Única Externa",104218,"EMBOÇO OU MASSA ÚNICA EM ARGAMASSA TRAÇO 1:2:8, PREPARO MANUAL, APLICADA MANUALMENTE EM PANOS DE FACHADA COM PRESENÇA DE VÃOS, ESPESSURA DE 25 MM, ACESSO POR ANDAIME. AF_08/2022","M2",63.38]
["Massa Única Externa",87777,"EMBOÇO OU MASSA ÚNICA EM ARGAMASSA TRAÇO 1:2:8, PREPARO MANUAL, APLICADA MANUALMENTE EM PANOS DE FACHADA COM PRESENÇA DE VÃOS, ESPESSURA DE 25 MM. AF_08/2022","M2",67.900000000000006]
["Massa Única Externa",104222,"EMBOÇO OU MASSA ÚNICA EM ARGAMASSA TRAÇO 1:2:8, PREPARO MANUAL, APLICADA MANUALMENTE EM PANOS DE FACHADA COM PRESENÇA DE VÃOS, ESPESSURA DE 35 MM, ACESSO POR ANDAIME. AF_08/2022","M2",82.16]
["Massa Única Externa",87781,"EMBOÇO OU MASSA ÚNICA EM ARGAMASSA TRAÇO 1:2:8, PREPARO MANUAL, APLICADA MANUALMENTE EM PANOS DE FACHADA COM PRESENÇA DE VÃOS, ESPESSURA DE 35 MM. AF_08/2022","M2",87.94]
["Massa Única Externa",104226,"EMBOÇO OU MASSA ÚNICA EM ARGAMASSA TRAÇO 1:2:8, PREPARO MANUAL, APLICADA MANUALMENTE EM PANOS DE FACHADA COM PRESENÇA DE VÃOS, ESPESSURA DE 45 MM, ACESSO POR ANDAIME. AF_08/2022","M2",91.21]
["Massa Única Externa",87786,"EMBOÇO OU MASSA ÚNICA EM ARGAMASSA TRAÇO 1:2:8, PREPARO MANUAL, APLICADA MANUALMENTE EM PANOS DE FACHADA COM PRESENÇA DE VÃOS, ESPESSURA DE 45 MM. AF_08/2022","M2",96.99]
["Massa Única Externa",104230,"EMBOÇO OU MASSA ÚNICA EM ARGAMASSA TRAÇO 1:2:8, PREPARO MANUAL, APLICADA MANUALMENTE EM PANOS DE FACHADA COM PRESENÇA DE VÃOS, ESPESSURA DE 50 MM, ACESSO POR ANDAIME. AF_08/2022","M2",106.81]
["Massa Única Externa",104234,"EMBOÇO OU MASSA ÚNICA EM ARGAMASSA TRAÇO 1:2:8, PREPARO MANUAL, APLICADA MANUALMENTE EM PANOS DE FACHADA SEM PRESENÇA DE VÃOS, ESPESSURA DE 25 MM, ACESSO POR ANDAIME. AF_08/2022","M2",48.11]
["Massa Única Externa",104238,"EMBOÇO OU MASSA ÚNICA EM ARGAMASSA TRAÇO 1:2:8, PREPARO MANUAL, APLICADA MANUALMENTE EM PANOS DE FACHADA SEM PRESENÇA DE VÃOS, ESPESSURA DE 35 MM, ACESSO POR ANDAIME. AF_08/2022","M2",66.36]
["Massa Única Externa",104242,"EMBOÇO OU MASSA ÚNICA EM ARGAMASSA TRAÇO 1:2:8, PREPARO MANUAL, APLICADA MANUALMENTE EM PANOS DE FACHADA SEM PRESENÇA DE VÃOS, ESPESSURA DE 45 MM, ACESSO POR ANDAIME. AF_08/2022","M2",74.81]
["Massa Única Externa",104246,"EMBOÇO OU MASSA ÚNICA EM ARGAMASSA TRAÇO 1:2:8, PREPARO MANUAL, APLICADA MANUALMENTE EM PANOS DE FACHADA SEM PRESENÇA DE VÃOS, ESPESSURA DE 50 MM, ACESSO POR ANDAIME. AF_08/2022","M2",81.819999999999993]
["Massa Única Externa",104250,"EMBOÇO OU MASSA ÚNICA EM ARGAMASSA TRAÇO 1:2:8, PREPARO MANUAL, APLICADA MANUALMENTE EM SUPERFÍCIES EXTERNAS DA SACADA, ESPESSURA DE 25 MM, ACESSO POR ANDAIME, SEM USO DE TELA METÁLICA. AF_08/2022","M2",87.06]
["Massa Única Externa",87811,"EMBOÇO OU MASSA ÚNICA EM ARGAMASSA TRAÇO 1:2:8, PREPARO MANUAL, APLICADA MANUALMENTE EM SUPERFÍCIES EXTERNAS DA SACADA, ESPESSURA DE 25 MM, SEM USO DE TELA METÁLICA DE REFORÇO CONTRA FISSURAÇÃO. AF_08/2022","M2",95.17]
["Massa Única Externa",104254,"EMBOÇO OU MASSA ÚNICA EM ARGAMASSA TRAÇO 1:2:8, PREPARO MANUAL, APLICADA MANUALMENTE EM SUPERFÍCIES EXTERNAS DA SACADA, ESPESSURA DE 35 MM, ACESSO POR ANDAIME, SEM USO DE TELA METÁLICA. AF_08/2022","M2",105.31]
["Massa Única Externa",87815,"EMBOÇO OU MASSA ÚNICA EM ARGAMASSA TRAÇO 1:2:8, PREPARO MANUAL, APLICADA MANUALMENTE EM SUPERFÍCIES EXTERNAS DA SACADA, ESPESSURA DE 35 MM, SEM USO DE TELA METÁLICA DE REFORÇO CONTRA FISSURAÇÃO. AF_08/2022","M2",114.68]
["Massa Única Externa",104258,"EMBOÇO OU MASSA ÚNICA EM ARGAMASSA TRAÇO 1:2:8, PREPARO MANUAL, APLICADA MANUALMENTE EM SUPERFÍCIES EXTERNAS DA SACADA, ESPESSURA DE 45 MM, ACESSO POR ANDAIME, SEM USO DE TELA METÁLICA. AF_08/2022","M2",113.76]
["Massa Única Externa",87819,"EMBOÇO OU MASSA ÚNICA EM ARGAMASSA TRAÇO 1:2:8, PREPARO MANUAL, APLICADA MANUALMENTE EM SUPERFÍCIES EXTERNAS DA SACADA, ESPESSURA DE 45 MM, SEM USO DE TELA METÁLICA DE REFORÇO CONTRA FISSURAÇÃO. AF_08/2022","M2",123.13]
["Massa Única Externa",104262,"EMBOÇO OU MASSA ÚNICA EM ARGAMASSA TRAÇO 1:2:8, PREPARO MANUAL, APLICADA MANUALMENTE EM SUPERFÍCIES EXTERNAS DA SACADA, ESPESSURA DE 50 MM, ACESSO POR ANDAIME, SEM USO DE TELA METÁLICA. AF_08/2022","M2",145.65]
["Massa Única Externa",87823,"EMBOÇO OU MASSA ÚNICA EM ARGAMASSA TRAÇO 1:2:8, PREPARO MANUAL, APLICADA MANUALMENTE EM SUPERFÍCIES EXTERNAS DA SACADA, ESPESSURA MAIOR OU IGUAL A 50 MM, SEM USO DE TELA METÁLICA DE REFORÇO CONTRA FISSURAÇÃO. AF_08/2022","M2",158.44999999999999]
["Massa Única Externa",87827,"EMBOÇO OU MASSA ÚNICA EM ARGAMASSA TRAÇO 1:2:8, PREPARO MANUAL, APLICADA MANUALMENTE NAS PAREDES INTERNAS DA SACADA, ESPESSURA DE 25 MM, SEM USO DE TELA METÁLICA DE REFORÇO CONTRA FISSURAÇÃO. AF_08/2022","M2",90.39]
["Massa Única Externa",87831,"EMBOÇO OU MASSA ÚNICA EM ARGAMASSA TRAÇO 1:2:8, PREPARO MANUAL, APLICADA MANUALMENTE NAS PAREDES INTERNAS DA SACADA, ESPESSURA DE 35 MM, SEM USO DE TELA METÁLICA DE REFORÇO CONTRA FISSURAÇÃO. AF_08/2022","M2",110.14]
["Massa Única Externa",104220,"EMBOÇO OU MASSA ÚNICA EM ARGAMASSA TRAÇO 1:2:8, PREPARO MECÂNICA COM BETONEIRA 400 L, APLICADA COM PROJETOR TIPO CANEQUINHA EM PANOS DE FACHADA COM PRESENÇA DE VÃOS, ESPESSURA DE 25 MM, ACESSO POR ANDAIME. AF_08/2022","M2",64.53]
["Massa Única Externa",104203,"EMBOÇO OU MASSA ÚNICA EM ARGAMASSA TRAÇO 1:2:8, PREPARO MECÂNICA COM BETONEIRA 400 L, APLICADA COM PROJETOR TIPO CANEQUINHA EM PANOS DE FACHADA COM PRESENÇA DE VÃOS, ESPESSURA DE 25 MM, ACESSO POR BALANCIM MANUAL. AF_08/2022","M2",69.209999999999994]
["Massa Única Externa",104224,"EMBOÇO OU MASSA ÚNICA EM ARGAMASSA TRAÇO 1:2:8, PREPARO MECÂNICA COM BETONEIRA 400 L, APLICADA COM PROJETOR TIPO CANEQUINHA EM PANOS DE FACHADA COM PRESENÇA DE VÃOS, ESPESSURA DE 35 MM, ACESSO POR ANDAIME. AF_08/2022","M2",83.69]
["Massa Única Externa",104204,"EMBOÇO OU MASSA ÚNICA EM ARGAMASSA TRAÇO 1:2:8, PREPARO MECÂNICA COM BETONEIRA 400 L, APLICADA COM PROJETOR TIPO CANEQUINHA EM PANOS DE FACHADA COM PRESENÇA DE VÃOS, ESPESSURA DE 35 MM, ACESSO POR BALANCIM MANUAL. AF_08/2022","M2",89.77]
["Massa Única Externa",104228,"EMBOÇO OU MASSA ÚNICA EM ARGAMASSA TRAÇO 1:2:8, PREPARO MECÂNICA COM BETONEIRA 400 L, APLICADA COM PROJETOR TIPO CANEQUINHA EM PANOS DE FACHADA COM PRESENÇA DE VÃOS, ESPESSURA DE 45 MM, ACESSO POR ANDAIME. AF_08/2022","M2",92.64]
["Massa Única Externa",104205,"EMBOÇO OU MASSA ÚNICA EM ARGAMASSA TRAÇO 1:2:8, PREPARO MECÂNICA COM BETONEIRA 400 L, APLICADA COM PROJETOR TIPO CANEQUINHA EM PANOS DE FACHADA COM PRESENÇA DE VÃOS, ESPESSURA DE 45 MM, ACESSO POR BALANCIM MANUAL. AF_08/2022","M2",98.73]
["Massa Única Externa",104232,"EMBOÇO OU MASSA ÚNICA EM ARGAMASSA TRAÇO 1:2:8, PREPARO MECÂNICA COM BETONEIRA 400 L, APLICADA COM PROJETOR TIPO CANEQUINHA EM PANOS DE FACHADA COM PRESENÇA DE VÃOS, ESPESSURA DE 50 MM, ACESSO POR ANDAIME. AF_08/2022","M2",102.42]
["Massa Única Externa",104206,"EMBOÇO OU MASSA ÚNICA EM ARGAMASSA TRAÇO 1:2:8, PREPARO MECÂNICA COM BETONEIRA 400 L, APLICADA COM PROJETOR TIPO CANEQUINHA EM PANOS DE FACHADA COM PRESENÇA DE VÃOS, ESPESSURA DE 50 MM, ACESSO POR BALANCIM MANUAL. AF_08/2022","M2",109.1]
["Massa Única Externa",104236,"EMBOÇO OU MASSA ÚNICA EM ARGAMASSA TRAÇO 1:2:8, PREPARO MECÂNICA COM BETONEIRA 400 L, APLICADA COM PROJETOR TIPO CANEQUINHA EM PANOS DE FACHADA SEM PRESENÇA DE VÃOS, ESPESSURA DE 25 MM, ACESSO POR ANDAIME. AF_08/2022","M2",48.61]
["Massa Única Externa",104207,"EMBOÇO OU MASSA ÚNICA EM ARGAMASSA TRAÇO 1:2:8, PREPARO MECÂNICA COM BETONEIRA 400 L, APLICADA COM PROJETOR TIPO CANEQUINHA EM PANOS DE FACHADA SEM PRESENÇA DE VÃOS, ESPESSURA DE 25 MM, ACESSO POR BALANCIM MANUAL. AF_08/2022","M2",51.49]
["Massa Única Externa",104240,"EMBOÇO OU MASSA ÚNICA EM ARGAMASSA TRAÇO 1:2:8, PREPARO MECÂNICA COM BETONEIRA 400 L, APLICADA COM PROJETOR TIPO CANEQUINHA EM PANOS DE FACHADA SEM PRESENÇA DE VÃOS, ESPESSURA DE 35 MM, ACESSO POR ANDAIME. AF_08/2022","M2",67.319999999999993]
["Massa Única Externa",104208,"EMBOÇO OU MASSA ÚNICA EM ARGAMASSA TRAÇO 1:2:8, PREPARO MECÂNICA COM BETONEIRA 400 L, APLICADA COM PROJETOR TIPO CANEQUINHA EM PANOS DE FACHADA SEM PRESENÇA DE VÃOS, ESPESSURA DE 35 MM, ACESSO POR BALANCIM MANUAL. AF_08/2022","M2",71.459999999999994]
["Massa Única Externa",104244,"EMBOÇO OU MASSA ÚNICA EM ARGAMASSA TRAÇO 1:2:8, PREPARO MECÂNICA COM BETONEIRA 400 L, APLICADA COM PROJETOR TIPO CANEQUINHA EM PANOS DE FACHADA SEM PRESENÇA DE VÃOS, ESPESSURA DE 45 MM, ACESSO POR ANDAIME. AF_08/2022","M2",75.72]
["Massa Única Externa",104209,"EMBOÇO OU MASSA ÚNICA EM ARGAMASSA TRAÇO 1:2:8, PREPARO MECÂNICA COM BETONEIRA 400 L, APLICADA COM PROJETOR TIPO CANEQUINHA EM PANOS DE FACHADA SEM PRESENÇA DE VÃOS, ESPESSURA DE 45 MM, ACESSO POR BALANCIM MANUAL. AF_08/2022","M2",79.86]
["Massa Única Externa",104248,"EMBOÇO OU MASSA ÚNICA EM ARGAMASSA TRAÇO 1:2:8, PREPARO MECÂNICA COM BETONEIRA 400 L, APLICADA COM PROJETOR TIPO CANEQUINHA EM PANOS DE FACHADA SEM PRESENÇA DE VÃOS, ESPESSURA DE 50 MM, ACESSO POR ANDAIME. AF_08/2022","M2",79.11]
["Massa Única Externa",104210,"EMBOÇO OU MASSA ÚNICA EM ARGAMASSA TRAÇO 1:2:8, PREPARO MECÂNICA COM BETONEIRA 400 L, APLICADA COM PROJETOR TIPO CANEQUINHA EM PANOS DE FACHADA SEM PRESENÇA DE VÃOS, ESPESSURA DE 50 MM, ACESSO POR BALANCIM MANUAL. AF_08/2022","M2",83.12]
["Massa Única Externa",104252,"EMBOÇO OU MASSA ÚNICA EM ARGAMASSA TRAÇO 1:2:8, PREPARO MECÂNICA COM BETONEIRA 400 L, APLICADA COM PROJETOR TIPO CANEQUINHA EM SUPERFÍCIES EXTERNAS DA SACADA, ESPESSURA DE 25 MM, ACESSO POR ANDAIME, SEM USO DE TELA METÁLICA. AF_08/2022","M2",89.72]
["Massa Única Externa",104211,"EMBOÇO OU MASSA ÚNICA EM ARGAMASSA TRAÇO 1:2:8, PREPARO MECÂNICA COM BETONEIRA 400 L, APLICADA COM PROJETOR TIPO CANEQUINHA EM SUPERFÍCIES EXTERNAS DA SACADA, ESPESSURA DE 25 MM, ACESSO POR BALANCIM MANUAL, SEM USO DE TELA METÁLICA. AF_08/2022","M2",98.14]
["Massa Única Externa",104212,"EMBOÇO OU MASSA ÚNICA EM ARGAMASSA TRAÇO 1:2:8, PREPARO MECÂNICA COM BETONEIRA 400 L, APLICADA COM PROJETOR TIPO CANEQUINHA EM SUPERFÍCIES EXTERNAS DA SACADA, ESPESSURA DE 35 MM, ACESSO POR BALANCIM MANUAL, SEM USO DE TELA METÁLICA. AF_08/2022","M2",118.18]
["Massa Única Externa",104213,"EMBOÇO OU MASSA ÚNICA EM ARGAMASSA TRAÇO 1:2:8, PREPARO MECÂNICA COM BETONEIRA 400 L, APLICADA COM PROJETOR TIPO CANEQUINHA EM SUPERFÍCIES EXTERNAS DA SACADA, ESPESSURA DE 45 MM, ACESSO POR BALANCIM MANUAL, SEM USO DE TELA METÁLICA. AF_08/2022","M2",126.58]
["Massa Única Externa",104214,"EMBOÇO OU MASSA ÚNICA EM ARGAMASSA TRAÇO 1:2:8, PREPARO MECÂNICA COM BETONEIRA 400 L, APLICADA COM PROJETOR TIPO CANEQUINHA EM SUPERFÍCIES EXTERNAS DA SACADA, ESPESSURA DE 50 MM, ACESSO POR BALANCIM MANUAL, SEM USO DE TELA METÁLICA. AF_08/2022","M2",150.71]
["Massa Única Externa",104215,"EMBOÇO OU MASSA ÚNICA EM ARGAMASSA TRAÇO 1:2:8, PREPARO MECÂNICA COM BETONEIRA 400 L, APLICADA COM PROJETOR TIPO CANEQUINHA EM SUPERFÍCIES INTERNAS DA SACADA, ESPESSURA DE 25 MM, SEM USO DE TELA METÁLICA. AF_08/2022","M2",92.49]
["Massa Única Externa",104216,"EMBOÇO OU MASSA ÚNICA EM ARGAMASSA TRAÇO 1:2:8, PREPARO MECÂNICA COM BETONEIRA 400 L, APLICADA COM PROJETOR TIPO CANEQUINHA EM SUPERFÍCIES INTERNAS DA SACADA, ESPESSURA DE 35 MM, SEM USO DE TELA METÁLICA. AF_08/2022","M2",112.49]
["Massa Única Externa",104217,"EMBOÇO OU MASSA ÚNICA EM ARGAMASSA TRAÇO 1:2:8, PREPARO MECÂNICA COM BETONEIRA 400 L, APLICADA MANUALMENTE EM PANOS DE FACHADA COM PRESENÇA DE VÃOS, ESPESSURA DE 25 MM, ACESSO POR ANDAIME. AF_08/2022","M2",61.07]
["Massa Única Externa",104221,"EMBOÇO OU MASSA ÚNICA EM ARGAMASSA TRAÇO 1:2:8, PREPARO MECÂNICA COM BETONEIRA 400 L, APLICADA MANUALMENTE EM PANOS DE FACHADA COM PRESENÇA DE VÃOS, ESPESSURA DE 35 MM, ACESSO POR ANDAIME. AF_08/2022","M2",79.06]
["Massa Única Externa",104225,"EMBOÇO OU MASSA ÚNICA EM ARGAMASSA TRAÇO 1:2:8, PREPARO MECÂNICA COM BETONEIRA 400 L, APLICADA MANUALMENTE EM PANOS DE FACHADA COM PRESENÇA DE VÃOS, ESPESSURA DE 45 MM, ACESSO POR ANDAIME. AF_08/2022","M2",87.33]
["Massa Única Externa",104229,"EMBOÇO OU MASSA ÚNICA EM ARGAMASSA TRAÇO 1:2:8, PREPARO MECÂNICA COM BETONEIRA 400 L, APLICADA MANUALMENTE EM PANOS DE FACHADA COM PRESENÇA DE VÃOS, ESPESSURA DE 50 MM, ACESSO POR ANDAIME. AF_08/2022","M2",102.53]
["Massa Única Externa",104233,"EMBOÇO OU MASSA ÚNICA EM ARGAMASSA TRAÇO 1:2:8, PREPARO MECÂNICA COM BETONEIRA 400 L, APLICADA MANUALMENTE EM PANOS DE FACHADA SEM PRESENÇA DE VÃOS, ESPESSURA DE 25 MM, ACESSO POR ANDAIME. AF_08/2022","M2",45.95]
["Massa Única Externa",104237,"EMBOÇO OU MASSA ÚNICA EM ARGAMASSA TRAÇO 1:2:8, PREPARO MECÂNICA COM BETONEIRA 400 L, APLICADA MANUALMENTE EM PANOS DE FACHADA SEM PRESENÇA DE VÃOS, ESPESSURA DE 35 MM, ACESSO POR ANDAIME. AF_08/2022","M2",63.46]
["Massa Única Externa",104241,"EMBOÇO OU MASSA ÚNICA EM ARGAMASSA TRAÇO 1:2:8, PREPARO MECÂNICA COM BETONEIRA 400 L, APLICADA MANUALMENTE EM PANOS DE FACHADA SEM PRESENÇA DE VÃOS, ESPESSURA DE 45 MM, ACESSO POR ANDAIME. AF_08/2022","M2",71.180000000000007]
["Massa Única Externa",104245,"EMBOÇO OU MASSA ÚNICA EM ARGAMASSA TRAÇO 1:2:8, PREPARO MECÂNICA COM BETONEIRA 400 L, APLICADA MANUALMENTE EM PANOS DE FACHADA SEM PRESENÇA DE VÃOS, ESPESSURA DE 50 MM, ACESSO POR ANDAIME. AF_08/2022","M2",77.819999999999993]
["Massa Única Externa",104249,"EMBOÇO OU MASSA ÚNICA EM ARGAMASSA TRAÇO 1:2:8, PREPARO MECÂNICA COM BETONEIRA 400 L, APLICADA MANUALMENTE EM SUPERFÍCIES EXTERNAS DA SACADA, ESPESSURA DE 25 MM, ACESSO POR ANDAIME, SEM USO DE TELA METÁLICA. AF_08/2022","M2",84.9]
["Massa Única Externa",104253,"EMBOÇO OU MASSA ÚNICA EM ARGAMASSA TRAÇO 1:2:8, PREPARO MECÂNICA COM BETONEIRA 400 L, APLICADA MANUALMENTE EM SUPERFÍCIES EXTERNAS DA SACADA, ESPESSURA DE 35 MM, ACESSO POR ANDAIME, SEM USO DE TELA METÁLICA. AF_08/2022","M2",102.41]
["Massa Única Externa",104256,"EMBOÇO OU MASSA ÚNICA EM ARGAMASSA TRAÇO 1:2:8, PREPARO MECÂNICO COM BETONEIRA 400 L, APLICADA COM PROJETOR TIPO CANEQUINHA EM SUPERFÍCIES EXTERNAS DA SACADA, ESPESSURA DE 35 MM, ACESSO POR ANDAIME, SEM USO DE TELA METÁLICA. AF_08/2022","M2",108.42]
["Massa Única Externa",104260,"EMBOÇO OU MASSA ÚNICA EM ARGAMASSA TRAÇO 1:2:8, PREPARO MECÂNICO COM BETONEIRA 400 L, APLICADA COM PROJETOR TIPO CANEQUINHA EM SUPERFÍCIES EXTERNAS DA SACADA, ESPESSURA DE 45 MM, ACESSO POR ANDAIME, SEM USO DE TELA METÁLICA. AF_08/2022","M2",116.82]
["Massa Única Externa",104264,"EMBOÇO OU MASSA ÚNICA EM ARGAMASSA TRAÇO 1:2:8, PREPARO MECÂNICO COM BETONEIRA 400 L, APLICADA COM PROJETOR TIPO CANEQUINHA EM SUPERFÍCIES EXTERNAS DA SACADA, ESPESSURA DE 50 MM, ACESSO POR ANDAIME, SEM USO DE TELA METÁLICA. AF_08/2022","M2",138.66999999999999]
["Massa Única Externa",87792,"EMBOÇO OU MASSA ÚNICA EM ARGAMASSA TRAÇO 1:2:8, PREPARO MECÂNICO COM BETONEIRA 400 L, APLICADA MANUALMENTE EM PANOS CEGOS DE FACHADA (SEM PRESENÇA DE VÃOS), ESPESSURA DE 25 MM. AF_08/2022","M2",48.61]
["Massa Única Externa",87797,"EMBOÇO OU MASSA ÚNICA EM ARGAMASSA TRAÇO 1:2:8, PREPARO MECÂNICO COM BETONEIRA 400 L, APLICADA MANUALMENTE EM PANOS CEGOS DE FACHADA (SEM PRESENÇA DE VÃOS), ESPESSURA DE 35 MM. AF_08/2022","M2",67.400000000000006]
["Massa Única Externa",87801,"EMBOÇO OU MASSA ÚNICA EM ARGAMASSA TRAÇO 1:2:8, PREPARO MECÂNICO COM BETONEIRA 400 L, APLICADA MANUALMENTE EM PANOS CEGOS DE FACHADA (SEM PRESENÇA DE VÃOS), ESPESSURA DE 45 MM. AF_08/2022","M2",75.12]
["Massa Única Externa",87805,"EMBOÇO OU MASSA ÚNICA EM ARGAMASSA TRAÇO 1:2:8, PREPARO MECÂNICO COM BETONEIRA 400 L, APLICADA MANUALMENTE EM PANOS CEGOS DE FACHADA (SEM PRESENÇA DE VÃOS), ESPESSURA MAIOR OU IGUAL A 50 MM. AF_08/2022","M2",82.16]
["Massa Única Externa",87775,"EMBOÇO OU MASSA ÚNICA EM ARGAMASSA TRAÇO 1:2:8, PREPARO MECÂNICO COM BETONEIRA 400 L, APLICADA MANUALMENTE EM PANOS DE FACHADA COM PRESENÇA DE VÃOS, ESPESSURA DE 25 MM. AF_08/2022","M2",65.59]
["Massa Única Externa",87779,"EMBOÇO OU MASSA ÚNICA EM ARGAMASSA TRAÇO 1:2:8, PREPARO MECÂNICO COM BETONEIRA 400 L, APLICADA MANUALMENTE EM PANOS DE FACHADA COM PRESENÇA DE VÃOS, ESPESSURA DE 35 MM. AF_08/2022","M2",84.84]
["Massa Única Externa",87784,"EMBOÇO OU MASSA ÚNICA EM ARGAMASSA TRAÇO 1:2:8, PREPARO MECÂNICO COM BETONEIRA 400 L, APLICADA MANUALMENTE EM PANOS DE FACHADA COM PRESENÇA DE VÃOS, ESPESSURA DE 45 MM. AF_08/2022","M2",93.11]
["Massa Única Externa",87788,"EMBOÇO OU MASSA ÚNICA EM ARGAMASSA TRAÇO 1:2:8, PREPARO MECÂNICO COM BETONEIRA 400 L, APLICADA MANUALMENTE EM PANOS DE FACHADA COM PRESENÇA DE VÃOS, ESPESSURA MAIOR OU IGUAL A 50 MM. AF_08/2022","M2",109.71]
["Massa Única Externa",87809,"EMBOÇO OU MASSA ÚNICA EM ARGAMASSA TRAÇO 1:2:8, PREPARO MECÂNICO COM BETONEIRA 400 L, APLICADA MANUALMENTE EM SUPERFÍCIES EXTERNAS DA SACADA, ESPESSURA DE 25 MM, SEM USO DE TELA METÁLICA DE REFORÇO CONTRA FISSURAÇÃO. AF_08/2022","M2",93.01]
["Massa Única Externa",87813,"EMBOÇO OU MASSA ÚNICA EM ARGAMASSA TRAÇO 1:2:8, PREPARO MECÂNICO COM BETONEIRA 400 L, APLICADA MANUALMENTE EM SUPERFÍCIES EXTERNAS DA SACADA, ESPESSURA DE 35 MM, SEM USO DE TELA METÁLICA DE REFORÇO CONTRA FISSURAÇÃO. AF_08/2022","M2",111.78]
["Massa Única Externa",104257,"EMBOÇO OU MASSA ÚNICA EM ARGAMASSA TRAÇO 1:2:8, PREPARO MECÂNICO COM BETONEIRA 400 L, APLICADA MANUALMENTE EM SUPERFÍCIES EXTERNAS DA SACADA, ESPESSURA DE 45 MM, ACESSO POR ANDAIME, SEM USO DE TELA METÁLICA. AF_08/2022","M2",110.13]
["Massa Única Externa",87817,"EMBOÇO OU MASSA ÚNICA EM ARGAMASSA TRAÇO 1:2:8, PREPARO MECÂNICO COM BETONEIRA 400 L, APLICADA MANUALMENTE EM SUPERFÍCIES EXTERNAS DA SACADA, ESPESSURA DE 45 MM, SEM USO DE TELA METÁLICA DE REFORÇO CONTRA FISSURAÇÃO. AF_08/2022","M2",119.5]
["Massa Única Externa",104261,"EMBOÇO OU MASSA ÚNICA EM ARGAMASSA TRAÇO 1:2:8, PREPARO MECÂNICO COM BETONEIRA 400 L, APLICADA MANUALMENTE EM SUPERFÍCIES EXTERNAS DA SACADA, ESPESSURA DE 50 MM, ACESSO POR ANDAIME, SEM USO DE TELA METÁLICA. AF_08/2022","M2",141.65]
["Massa Única Externa",87821,"EMBOÇO OU MASSA ÚNICA EM ARGAMASSA TRAÇO 1:2:8, PREPARO MECÂNICO COM BETONEIRA 400 L, APLICADA MANUALMENTE EM SUPERFÍCIES EXTERNAS DA SACADA, ESPESSURA MAIOR OU IGUAL A 50 MM, SEM USO DE TELA METÁLICA DE REFORÇO CONTRA FISSURAÇÃO. AF_08/2022","M2",154.44999999999999]
["Massa Única Externa",87825,"EMBOÇO OU MASSA ÚNICA EM ARGAMASSA TRAÇO 1:2:8, PREPARO MECÂNICO COM BETONEIRA 400 L, APLICADA MANUALMENTE NAS PAREDES INTERNAS DA SACADA, ESPESSURA DE 25 MM, SEM USO DE TELA METÁLICA DE REFORÇO CONTRA FISSURAÇÃO. AF_08/2022","M2",87.75]
["Massa Única Externa",87829,"EMBOÇO OU MASSA ÚNICA EM ARGAMASSA TRAÇO 1:2:8, PREPARO MECÂNICO COM BETONEIRA 400 L, APLICADA MANUALMENTE NAS PAREDES INTERNAS DA SACADA, ESPESSURA DE 35 MM, SEM USO DE TELA METÁLICA DE REFORÇO CONTRA FISSURAÇÃO. AF_08/2022","M2",106.6]
["Massa Única Interna",87557,"EMBOÇO, EM ARGAMASSA INDUSTRIALIZADA, PREPARO MECÂNICO, APLICADO COM EQUIPAMENTO DE MISTURA E PROJEÇÃO DE ARGAMASSA EM PAREDES INTERNAS, E = 10MM, COM TALISCAS. AF_03/2024","M2",48.06]
["Massa Única Interna",87539,"EMBOÇO, EM ARGAMASSA INDUSTRIALIZADA, PREPARO MECÂNICO, APLICADO COM EQUIPAMENTO DE MISTURA E PROJEÇÃO DE ARGAMASSA EM PAREDES INTERNAS, E = 17,5MM, COM TALISCAS. AF_03/2024","M2",72.56]
["Massa Única Interna",104972,"EMBOÇO, EM ARGAMASSA TRAÇO 1:2:8, PREPARO MANUAL, APLICADO MANUALMENTE EM PAREDES INTERNAS DE AMBIENTES COM PÉ-DIREITO DUPLO E ÁREA ENTRE 5M² E 10M², E = 10MM, COM TALISCAS. AF_03/2024","M2",40.950000000000003]
["Massa Única Interna",104954,"EMBOÇO, EM ARGAMASSA TRAÇO 1:2:8, PREPARO MANUAL, APLICADO MANUALMENTE EM PAREDES INTERNAS DE AMBIENTES COM PÉ-DIREITO DUPLO E ÁREA ENTRE 5M² E 10M², E = 17,5MM, COM TALISCAS. AF_03/2024","M2",56.88]
["Massa Única Interna",104976,"EMBOÇO, EM ARGAMASSA TRAÇO 1:2:8, PREPARO MANUAL, APLICADO MANUALMENTE EM PAREDES INTERNAS DE AMBIENTES COM PÉ-DIREITO DUPLO E ÁREA MAIOR QUE 10M², E = 10MM, COM TALISCAS. AF_03/2024","M2",36.26]
["Massa Única Interna",104966,"EMBOÇO, EM ARGAMASSA TRAÇO 1:2:8, PREPARO MANUAL, APLICADO MANUALMENTE EM PAREDES INTERNAS DE AMBIENTES COM PÉ-DIREITO DUPLO E ÁREA MAIOR QUE 10M², E = 17,5MM, COM TALISCAS. AF_03/2024","M2",52.18]
["Massa Única Interna",104968,"EMBOÇO, EM ARGAMASSA TRAÇO 1:2:8, PREPARO MANUAL, APLICADO MANUALMENTE EM PAREDES INTERNAS DE AMBIENTES COM PÉ-DIREITO DUPLO E ÁREA MENOR QUE 5M², E = 10MM, COM TALISCAS. AF_03/2024","M2",48.82]
["Massa Única Interna",104962,"EMBOÇO, EM ARGAMASSA TRAÇO 1:2:8, PREPARO MANUAL, APLICADO MANUALMENTE EM PAREDES INTERNAS DE AMBIENTES COM PÉ-DIREITO DUPLO E ÁREA MENOR QUE 5M², E = 17,5MM, COM TALISCAS. AF_03/2024","M2",64.75]
["Massa Única Interna",87550,"EMBOÇO, EM ARGAMASSA TRAÇO 1:2:8, PREPARO MANUAL, APLICADO MANUALMENTE EM PAREDES INTERNAS DE AMBIENTES COM ÁREA ENTRE 5M² E 10M², E = 10MM, COM TALISCAS. AF_03/2024","M2",32.24]
["Massa Única Interna",87532,"EMBOÇO, EM ARGAMASSA TRAÇO 1:2:8, PREPARO MANUAL, APLICADO MANUALMENTE EM PAREDES INTERNAS DE AMBIENTES COM ÁREA ENTRE 5M² E 10M², E = 17,5MM, COM TALISCAS. AF_03/2024","M2",45.82]
["Massa Única Interna",87554,"EMBOÇO, EM ARGAMASSA TRAÇO 1:2:8, PREPARO MANUAL, APLICADO MANUALMENTE EM PAREDES INTERNAS DE AMBIENTES COM ÁREA MAIOR QUE 10M², E = 10MM, COM TALISCAS. AF_03/2024","M2",29.21]
["Massa Única Interna",87536,"EMBOÇO, EM ARGAMASSA TRAÇO 1:2:8, PREPARO MANUAL, APLICADO MANUALMENTE EM PAREDES INTERNAS DE AMBIENTES COM ÁREA MAIOR QUE 10M², E = 17,5MM, COM TALISCAS. AF_03/2024","M2",42.79]
["Massa Única Interna",87528,"EMBOÇO, EM ARGAMASSA TRAÇO 1:2:8, PREPARO MANUAL, APLICADO MANUALMENTE EM PAREDES INTERNAS DE AMBIENTES COM ÁREA MENOR QUE 5M², E = 17,5MM, COM TALISCAS. AF_03/2024","M2",50.9]
["Massa Única Interna",87546,"EMBOÇO, EM ARGAMASSA TRAÇO 1:2:8, PREPARO MANUAL, APLICADO MANUALMENTE EM PAREDES INTERNAS, PARA AMBIENTES COM ÁREA MENOR QUE 5M², E = 10MM, COM TALISCAS. AF_03/2024","M2",37.33]
["Massa Única Interna",104971,"EMBOÇO, EM ARGAMASSA TRAÇO 1:2:8, PREPARO MECÂNICO, APLICADO MANUALMENTE EM PAREDES INTERNAS DE AMBIENTES COM PÉ-DIREITO DUPLO E ÁREA ENTRE 5M² E 10M², E = 10MM, COM TALISCAS. AF_03/2024","M2",39.53]
["Massa Única Interna",104965,"EMBOÇO, EM ARGAMASSA TRAÇO 1:2:8, PREPARO MECÂNICO, APLICADO MANUALMENTE EM PAREDES INTERNAS DE AMBIENTES COM PÉ-DIREITO DUPLO E ÁREA ENTRE 5M² E 10M², E = 17,5MM, COM TALISCAS. AF_03/2024","M2",54.64]
["Massa Única Interna",104975,"EMBOÇO, EM ARGAMASSA TRAÇO 1:2:8, PREPARO MECÂNICO, APLICADO MANUALMENTE EM PAREDES INTERNAS DE AMBIENTES COM PÉ-DIREITO DUPLO E ÁREA MAIOR QUE 10M², E = 10MM, COM TALISCAS. AF_03/2024","M2",34.840000000000003]
["Massa Única Interna",104957,"EMBOÇO, EM ARGAMASSA TRAÇO 1:2:8, PREPARO MECÂNICO, APLICADO MANUALMENTE EM PAREDES INTERNAS DE AMBIENTES COM PÉ-DIREITO DUPLO E ÁREA MAIOR QUE 10M², E = 17,5MM, COM TALISCAS. AF_03/2024","M2",49.94]
["Massa Única Interna",104967,"EMBOÇO, EM ARGAMASSA TRAÇO 1:2:8, PREPARO MECÂNICO, APLICADO MANUALMENTE EM PAREDES INTERNAS DE AMBIENTES COM PÉ-DIREITO DUPLO E ÁREA MENOR QUE 5M², E = 10MM, COM TALISCAS. AF_03/2024","M2",47.4]
["Massa Única Interna",104961,"EMBOÇO, EM ARGAMASSA TRAÇO 1:2:8, PREPARO MECÂNICO, APLICADO MANUALMENTE EM PAREDES INTERNAS DE AMBIENTES COM PÉ-DIREITO DUPLO E ÁREA MENOR QUE 5M², E = 17,5MM, COM TALISCAS. AF_03/2024","M2",62.51]
["Massa Única Interna",87549,"EMBOÇO, EM ARGAMASSA TRAÇO 1:2:8, PREPARO MECÂNICO, APLICADO MANUALMENTE EM PAREDES INTERNAS DE AMBIENTES COM ÁREA ENTRE 5M² E 10M², E = 10MM, COM TALISCAS. AF_03/2024","M2",30.82]
["Massa Única Interna",87531,"EMBOÇO, EM ARGAMASSA TRAÇO 1:2:8, PREPARO MECÂNICO, APLICADO MANUALMENTE EM PAREDES INTERNAS DE AMBIENTES COM ÁREA ENTRE 5M² E 10M², E = 17,5MM, COM TALISCAS. AF_03/2024","M2",43.58]
["Massa Única Interna",87553,"EMBOÇO, EM ARGAMASSA TRAÇO 1:2:8, PREPARO MECÂNICO, APLICADO MANUALMENTE EM PAREDES INTERNAS DE AMBIENTES COM ÁREA MAIOR QUE 10M², E = 10MM, COM TALISCAS. AF_03/2024","M2",27.79]
["Massa Única Interna",87535,"EMBOÇO, EM ARGAMASSA TRAÇO 1:2:8, PREPARO MECÂNICO, APLICADO MANUALMENTE EM PAREDES INTERNAS DE AMBIENTES COM ÁREA MAIOR QUE 10M², E = 17,5MM, COM TALISCAS. AF_03/2024","M2",40.549999999999997]
["Massa Única Interna",87527,"EMBOÇO, EM ARGAMASSA TRAÇO 1:2:8, PREPARO MECÂNICO, APLICADO MANUALMENTE EM PAREDES INTERNAS DE AMBIENTES COM ÁREA MENOR QUE 5M², E =17,5MM, COM TALISCAS. AF_03/2024","M2",48.66]
["Massa Única Interna",87545,"EMBOÇO, EM ARGAMASSA TRAÇO 1:2:8, PREPARO MECÂNICO, APLICADO MANUALMENTE EM PAREDES INTERNAS, PARA AMBIENTES COM ÁREA MENOR QUE 5M², E = 10MM, COM TALISCAS. AF_03/2024","M2",35.909999999999997]
["Massa Única Interna",104960,"MASSA ÚNICA, EM ARGAMASSA INDUSTRIALIZADA, PREPARO MECÂNICO, APLICADA COM EQUIPAMENTO DE MISTURA E PROJEÇÃO DE ARGAMASSA EM PAREDES INTERNAS, E = 10MM, COM TALISCAS. AF_03/2024","M2",46.24]
["Massa Única Interna",87561,"MASSA ÚNICA, EM ARGAMASSA INDUSTRIALIZADA, PREPARO MECÂNICO, APLICADA COM EQUIPAMENTO DE MISTURA E PROJEÇÃO DE ARGAMASSA EM PAREDES INTERNAS, E = 10MM, SEM TALISCAS. AF_03/2024","M2",47.39]
["Massa Única Interna",104953,"MASSA ÚNICA, EM ARGAMASSA INDUSTRIALIZADA, PREPARO MECÂNICO, APLICADA COM EQUIPAMENTO DE MISTURA E PROJEÇÃO DE ARGAMASSA EM PAREDES INTERNAS, E = 17,5MM, COM TALISCAS. AF_03/2024","M2",70.739999999999995]
["Massa Única Interna",87543,"MASSA ÚNICA, EM ARGAMASSA INDUSTRIALIZADA, PREPARO MECÂNICO, APLICADA COM EQUIPAMENTO DE MISTURA E PROJEÇÃO DE ARGAMASSA EM PAREDES INTERNAS, E = 5MM, SEM TALISCAS. AF_03/2024","M2",27.88]
["Massa Única Interna",104959,"MASSA ÚNICA, EM ARGAMASSA TRAÇO 1:2:8 PREPARO MANUAL, APLICADA MANUALMENTE EM PAREDES INTERNAS DE AMBIENTES COM ÁREA MAIOR QUE 10M², E = 10MM, COM TALISCAS. AF_03/2024","M2",29.96]
["Massa Única Interna",104958,"MASSA ÚNICA, EM ARGAMASSA TRAÇO 1:2:8 PREPARO MECÂNICO, APLICADA MANUALMENTE EM PAREDES INTERNAS DE AMBIENTES COM ÁREA MAIOR QUE 10M², E = 10MM, COM TALISCAS. AF_03/2024","M2",28.54]
["Massa Única Interna",104970,"MASSA ÚNICA, EM ARGAMASSA TRAÇO 1:2:8, PREPARO MANUAL, APLICADA MANUALMENTE EM PAREDES INTERNAS DE AMBIENTES COM PÉ-DIREITO DUPLO E ÁREA ENTRE 5M² E 10M², E = 10MM, COM TALISCAS. AF_03/2024","M2",43.22]
["Massa Única Interna",104964,"MASSA ÚNICA, EM ARGAMASSA TRAÇO 1:2:8, PREPARO MANUAL, APLICADA MANUALMENTE EM PAREDES INTERNAS DE AMBIENTES COM PÉ-DIREITO DUPLO E ÁREA ENTRE 5M² E 10M², E = 17,5MM, COM TALISCAS. AF_03/2024","M2",59.15]
["Massa Única Interna",104956,"MASSA ÚNICA, EM ARGAMASSA TRAÇO 1:2:8, PREPARO MANUAL, APLICADA MANUALMENTE EM PAREDES INTERNAS DE AMBIENTES COM PÉ-DIREITO DUPLO E ÁREA MAIOR QUE 10M², E = 17,5MM, COM TALISCAS. AF_03/2024","M2",53.36]
["Massa Única Interna",104974,"MASSA ÚNICA, EM ARGAMASSA TRAÇO 1:2:8, PREPARO MANUAL, APLICADA MANUALMENTE EM PAREDES INTERNAS DE AMBIENTES COM PÉ-DIREITO DUPLO ÁREA MAIOR QUE 10M², E = 10MM, COM TALISCAS. AF_03/2024","M2",37.42]
["Massa Única Interna",87548,"MASSA ÚNICA, EM ARGAMASSA TRAÇO 1:2:8, PREPARO MANUAL, APLICADA MANUALMENTE EM PAREDES INTERNAS DE AMBIENTES COM ÁREA ENTRE 5M² E 10M², E = 10MM, COM TALISCAS. AF_03/2024","M2",33.71]
["Massa Única Interna",87530,"MASSA ÚNICA, EM ARGAMASSA TRAÇO 1:2:8, PREPARO MANUAL, APLICADA MANUALMENTE EM PAREDES INTERNAS DE AMBIENTES COM ÁREA ENTRE 5M² E 10M², E = 17,5MM, COM TALISCAS. AF_03/2024","M2",47.29]
["Massa Única Interna",104952,"MASSA ÚNICA, EM ARGAMASSA TRAÇO 1:2:8, PREPARO MANUAL, APLICADA MANUALMENTE EM PAREDES INTERNAS DE AMBIENTES COM ÁREA MAIOR QUE 10M², E = 17,5MM, COM TALISCAS. AF_03/2024","M2",43.55]
["Massa Única Interna",104969,"MASSA ÚNICA, EM ARGAMASSA TRAÇO 1:2:8, PREPARO MECÂNICO, APLICADA MANUALMENTE EM PAREDES INTERNAS DE AMBIENTES COM PÉ-DIREITO DUPLO E ÁREA ENTRE 5M² E 10M², E = 10MM, COM TALISCAS. AF_03/2024","M2",41.8]
["Massa Única Interna",104963,"MASSA ÚNICA, EM ARGAMASSA TRAÇO 1:2:8, PREPARO MECÂNICO, APLICADA MANUALMENTE EM PAREDES INTERNAS DE AMBIENTES COM PÉ-DIREITO DUPLO E ÁREA ENTRE 5M² E 10M², E = 17,5MM, COM TALISCAS. AF_03/2024","M2",56.91]
["Massa Única Interna",104955,"MASSA ÚNICA, EM ARGAMASSA TRAÇO 1:2:8, PREPARO MECÂNICO, APLICADA MANUALMENTE EM PAREDES INTERNAS DE AMBIENTES COM PÉ-DIREITO DUPLO E ÁREA MAIOR QUE 10M², E = 17,5MM, COM TALISCAS. AF_03/2024","M2",51.12]
["Massa Única Interna",104973,"MASSA ÚNICA, EM ARGAMASSA TRAÇO 1:2:8, PREPARO MECÂNICO, APLICADA MANUALMENTE EM PAREDES INTERNAS DE AMBIENTES COM PÉ-DIREITO DUPLO ÁREA MAIOR QUE 10M², E = 10MM, COM TALISCAS. AF_03/2024","M2",36]
["Massa Única Interna",87547,"MASSA ÚNICA, EM ARGAMASSA TRAÇO 1:2:8, PREPARO MECÂNICO, APLICADA MANUALMENTE EM PAREDES INTERNAS DE AMBIENTES COM ÁREA ENTRE 5M² E 10M², E = 10MM, COM TALISCAS. AF_03/2024","M2",32.29]
["Massa Única Interna",87529,"MASSA ÚNICA, EM ARGAMASSA TRAÇO 1:2:8, PREPARO MECÂNICO, APLICADA MANUALMENTE EM PAREDES INTERNAS DE AMBIENTES COM ÁREA ENTRE 5M² E 10M², E = 17,5MM, COM TALISCAS. AF_03/2024","M2",45.05]
["Massa Única Interna",104951,"MASSA ÚNICA, EM ARGAMASSA TRAÇO 1:2:8, PREPARO MECÂNICO, APLICADA MANUALMENTE EM PAREDES INTERNAS DE AMBIENTES COM ÁREA MAIOR QUE 10M², E = 17,5MM, COM TALISCAS. AF_03/2024","M2",41.31]
["Massa Única Interna",104978,"MASSA ÚNICA, EM ARGAMASSA TRAÇO 1:2:8, PREPARO MECÂNICO, APLICADA MANUALMENTE EM TETO DE AMBIENTES COM PAREDES EM PÉ-DIREITO DUPLO, E = 10MM, COM TALISCAS. AF_03/2024","M2",44.67]
["Massa Única Interna",104977,"MASSA ÚNICA, EM ARGAMASSA TRAÇO 1:2:8, PREPARO MECÂNICO, APLICADA MANUALMENTE EM TETO DE AMBIENTES COM PAREDES EM PÉ-DIREITO DUPLO, E = 17,5MM, COM TALISCAS. AF_03/2024","M2",59.57]
["Massa Única Interna",90408,"MASSA ÚNICA, EM ARGAMASSA TRAÇO 1:2:8, PREPARO MECÂNICO, APLICADA MANUALMENTE EM TETO, E = 10MM, COM TALISCAS. AF_03/2024","M2",39.299999999999997]
["Massa Única Interna",90406,"MASSA ÚNICA, EM ARGAMASSA TRAÇO 1:2:8, PREPARO MECÂNICO, APLICADA MANUALMENTE EM TETO, E = 17,5MM, COM TALISCAS. AF_03/2024","M2",53.05]
["Mobiliário Urbano",103313,"INSTALAÇÃO DE BALIZADOR METÁLICO COM LED, EM ALUMÍNIO COM DIFUSOR EM POLICARBONATO E DIMENSÕES 6,2 CM X30 CM, COM PINTURA ELETROSTÁTICA, SOBRE PISO DE CONCRETO EXISTENTE. AF_11/2021","UN",0]
["Mobiliário Urbano",103309,"INSTALAÇÃO DE BALIZADOR METÁLICO, MODELO OLEGÁRIO, EM TUBO DE AÇO GALVANIZADO ESPESSURA 3\" E DIMENSÕES 9 CM X 78,5 CM, COM PINTURA ELETROSTÁTICA, SOBRE PISO DE CONCRETO EXISTENTE. AF_11/2021","UN",0]
["Mobiliário Urbano",103312,"INSTALAÇÃO DE BALIZADOR METÁLICO, MODELO OLEGÁRIO, EM TUBO DE AÇO GALVANIZADO ESPESSURA 3\" E DIMENSÕES 9 CM X 78,5 CM, COM PINTURA ELETROSTÁTICA, SOBRE SOLO. AF_11/2021","UN",0]
["Mobiliário Urbano",103296,"INSTALAÇÃO DE BALIZADOR PRÉ-FABRICADO DE CONCRETO, DIMENSÕES 30 CM X 60 CM, SOBRE PISO DE CONCRETO EXISTENTE. AF_11/2021","UN",0]
["Mobiliário Urbano",103300,"INSTALAÇÃO DE BALIZADOR PRÉ-FABRICADO DE CONCRETO, DIMENSÕES 30 CM X 60 CM, SOBRE SOLO. AF_11/2021","UN",0]
["Mobiliário Urbano",103301,"INSTALAÇÃO DE BANCO CIRCULAR PRÉ-FABRICADO DE CONCRETO, DIMENSÕES 60 CM X 40 CM. AF_11/2021","UN",0]
["Mobiliário Urbano",103304,"INSTALAÇÃO DE BANCO METÁLICO COM ENCOSTO, 1,60 M DE COMPRIMENTO, EM TUBO DE AÇO CARBONO COM PINTURA ELETROSTÁTICA, SOBRE PISO DE CONCRETO EXISTENTE. AF_11/2021","UN",1256.0899999999999]
["Mobiliário Urbano",103305,"INSTALAÇÃO DE BANCO METÁLICO SEM ENCOSTO, EM TUBOS E CHAPAS DE AÇO CARBONO, PINTURA POR PROCESSO ELETROSTÁTICO, DIMENSÕES 49 CM X 157 CM X 34 CM, SOBRE PISO DE CONCRETO EXISTENTE. AF_11/2021","UN",0]
["Mobiliário Urbano",103294,"INSTALAÇÃO DE BANCO PRÉ-FABRICADO DE CONCRETO COM ENCOSTO, DIMENSÕES 180 CM X 64 CM X 89 CM, SOBRE PISO DE CONCRETO EXISTENTE. AF_11/2021","UN",0]
["Mobiliário Urbano",103298,"INSTALAÇÃO DE BANCO PRÉ-FABRICADO DE CONCRETO COM ENCOSTO, DIMENSÕES 180 CM X 64 CM X 89 CM, SOBRE SOLO. AF_11/2021","UN",0]
["Mobiliário Urbano",103293,"INSTALAÇÃO DE BANCO PRÉ-FABRICADO DE CONCRETO SEM ENCOSTO, DIMENSÕES 115 CM X 50 CM X 45 CM, SOBRE PISO DE CONCRETO EXISTENTE. AF_11/2021","UN",0]
["Mobiliário Urbano",103297,"INSTALAÇÃO DE BANCO PRÉ-FABRICADO DE CONCRETO SEM ENCOSTO, DIMENSÕES 115 CM X 50 CM X 45 CM, SOBRE SOLO. AF_11/2021","UN",0]
["Mobiliário Urbano",103311,"INSTALAÇÃO DE BICICLETÁRIO MODELO U INVERTIDO, DIMENSÕES 110 CM X 78 CM EM TUBO CIRCULAR DE AÇO Ø 2'' COM PINTURA ELETROSTÁTICA, FIXADO COM CONCRETO, SOBRE SOLO. AF_11/2021","UN",0]
["Mobiliário Urbano",103306,"INSTALAÇÃO DE BICICLETÁRIO MODELO U INVERTIDO, DIMENSÕES 82 CM X 78 CM EM TUBO CIRCULAR DE AÇO Ø 2'' COM PINTURA ELETROSTÁTICA, FIXADO COM CHUMBADOR MECÂNICO, SOBRE PISO DE CONCRETO EXISTENTE. AF_11/2021","UN",0]
["Mobiliário Urbano",103308,"INSTALAÇÃO DE BICICLETÁRIO MODELO U INVERTIDO, DIMENSÕES 82 CM X 78 CM EM TUBO CIRCULAR DE AÇO Ø 2'' COM PINTURA ELETROSTÁTICA, FIXADO COM CONCRETO, SOBRE PISO DE CONCRETO EXISTENTE. AF_11/2021","UN",0]
["Mobiliário Urbano",103295,"INSTALAÇÃO DE CONJUNTO COM MESA E QUATRO BANCOS PRÉ-FABRICADO DE CONCRETO, DIMENSÕES 90 CM X 95 CM (MESA) E 20 CM X 60 CM (BANCO), SOBRE PISO DE CONCRETO EXISTENTE. AF_11/2021","UN",0]
["Mobiliário Urbano",103299,"INSTALAÇÃO DE CONJUNTO COM MESA E QUATRO BANCOS PRÉ-FABRICADO DE CONCRETO, DIMENSÕES 90 CM X 95 CM (MESA) E 20 CM X 60 CM (BANCO), SOBRE SOLO. AF_11/2021","UN",0]
["Mobiliário Urbano",103302,"INSTALAÇÃO DE FLOREIRA CIRCULAR PRÉ-FABRICADO DE CONCRETO, DIMENSÕES 60 CM X 40 CM. AF_11/2021","UN",0]
["Mobiliário Urbano",103307,"INSTALAÇÃO DE LIXEIRA METÁLICA DUPLA, CAPACIDADE DE 60 L, EM TUBO DE AÇO CARBONO E CESTOS EM CHAPA DE AÇO COM PINTURA ELETROSTÁTICA, SOBRE PISO DE CONCRETO EXISTENTE. AF_11/2021","UN",1358.46]
["Mobiliário Urbano",103310,"INSTALAÇÃO DE LIXEIRA METÁLICA DUPLA, CAPACIDADE DE 60 L, EM TUBO DE AÇO CARBONO E CESTOS EM CHAPA DE AÇO COM PINTURA ELETROSTÁTICA, SOBRE SOLO. AF_11/2021","UN",1295.26]
["Mobiliário Urbano",103303,"INSTALAÇÃO DE LIXEIRA PRÉ-FABRICADA DE CONCRETO, VOLUME MÍNIMO DE 120 L. AF_11/2021","UN",0]
["Mobiliário Urbano",103314,"INSTALAÇÃO DE PERGOLADO DE MADEIRA, EM MAÇARANDUBA, ANGELIM OU EQUIVALENTE DA REGIÃO, FIXADO COM CONCRETO SOBRE PISO DE CONCRETO EXISTENTE. AF_11/2021","M2",270.75]
["Mobiliário Urbano",103315,"INSTALAÇÃO DE PERGOLADO DE MADEIRA, EM MAÇARANDUBA, ANGELIM OU EQUIVALENTE DA REGIÃO, FIXADO COM CONCRETO SOBRE SOLO. AF_11/2021","M2",260.17]
["Monocapa",105188,"REVESTIMENTO DECORATIVO MONOCAMADA EXECUTADO COM EQUIPAMENTO DE PROJEÇÃO EM FACHADA DE UM EDIFÍCIO DE ALVENARIA ESTRUTURAL E ACABAMENTO CHAPISCADO/FLOCADO. AF_03/2024","M2",160.25]
["Monocapa",87841,"REVESTIMENTO DECORATIVO MONOCAMADA EXECUTADO COM EQUIPAMENTO DE PROJEÇÃO EM FACHADA DE UM EDIFÍCIO DE ALVENARIA ESTRUTURAL E ACABAMENTO RASPADO. AF_03/2024","M2",145.62]
["Monocapa",87853,"REVESTIMENTO DECORATIVO MONOCAMADA EXECUTADO COM EQUIPAMENTO DE PROJEÇÃO EM FACHADA DE UM EDIFÍCIO DE ALVENARIA ESTRUTURAL E ACABAMENTO TRAVERTINO. AF_03/2024","M2",162.81]
["Monocapa",105187,"REVESTIMENTO DECORATIVO MONOCAMADA EXECUTADO COM EQUIPAMENTO DE PROJEÇÃO EM FACHADA DE UM EDIFÍCIO DE ESTRUTURA CONVENCIONAL E ACABAMENTO CHAPISCADO/FLOCADO. AF_03/2024","M2",218.61]
["Monocapa",87840,"REVESTIMENTO DECORATIVO MONOCAMADA EXECUTADO COM EQUIPAMENTO DE PROJEÇÃO EM FACHADA DE UM EDIFÍCIO DE ESTRUTURA CONVENCIONAL E ACABAMENTO RASPADO. AF_03/2024","M2",203.97]
["Monocapa",87852,"REVESTIMENTO DECORATIVO MONOCAMADA EXECUTADO COM EQUIPAMENTO DE PROJEÇÃO EM FACHADA DE UM EDIFÍCIO DE ESTRUTURA CONVENCIONAL E ACABAMENTO TRAVERTINO. AF_03/2024","M2",221.17]
["Monocapa",105186,"REVESTIMENTO DECORATIVO MONOCAMADA EXECUTADO MANUALMENTE EM FACHADA DE UM EDIFÍCIO DE ALVENARIA ESTRUTURAL E ACABAMENTO CHAPISCADO/FLOCADO. AF_03/2024","M2",165.8]
["Monocapa",87839,"REVESTIMENTO DECORATIVO MONOCAMADA EXECUTADO MANUALMENTE EM FACHADA DE UM EDIFÍCIO DE ALVENARIA ESTRUTURAL E ACABAMENTO RASPADO. AF_03/2024","M2",151.5]
["Monocapa",87851,"REVESTIMENTO DECORATIVO MONOCAMADA EXECUTADO MANUALMENTE EM FACHADA DE UM EDIFÍCIO DE ALVENARIA ESTRUTURAL E ACABAMENTO TRAVERTINO. AF_03/2024","M2",169.09]
["Monocapa",105185,"REVESTIMENTO DECORATIVO MONOCAMADA EXECUTADO MANUALMENTE EM FACHADA DE UM EDIFÍCIO DE ESTRUTURA CONVENCIONAL E ACABAMENTO CHAPISCADO/FLOCADO. AF_03/2024","M2",224.12]
["Monocapa",87838,"REVESTIMENTO DECORATIVO MONOCAMADA EXECUTADO MANUALMENTE EM FACHADA DE UM EDIFÍCIO DE ESTRUTURA CONVENCIONAL E ACABAMENTO RASPADO. AF_03/2024","M2",209.86]
["Monocapa",87850,"REVESTIMENTO DECORATIVO MONOCAMADA EXECUTADO MANUALMENTE EM FACHADA DE UM EDIFÍCIO DE ESTRUTURA CONVENCIONAL E ACABAMENTO TRAVERTINO. AF_03/2024","M2",227.46]
["Montagem de gruas e cremalheiras",105110,"ASCENSÃO DE GRUA ASCENSIONAL. AF_03/2024","M",267.13]
["Montagem de gruas e cremalheiras",105105,"ASCENSÃO DE MINI GRUA. AF_03/2024","M",90.58]
["Montagem de gruas e cremalheiras",105103,"ASCENSÃO E DESCIDA DE ELEVADOR DE CREMALHEIRA. AF_03/2024","M",128.99]
["Montagem de gruas e cremalheiras",105112,"ASCENSÃO E DESCIDA DE GRUA FIXA. AF_03/2024","M",223.14]
["Montagem de gruas e cremalheiras",105109,"MONTAGEM E DESMONTAGEM DE GRUA ASCENSIONAL, UTILIZAÇÃO DE GUINDASTE AUTOPROPELIDO 90T. AF_03/2024","UN",0]
["Montagem de gruas e cremalheiras",105108,"MONTAGEM E DESMONTAGEM DE GRUA ASCENSIONAL, UTILIZAÇÃO DE GUINDASTE DERRICK. AF_03/2024","UN",0]
["Montagem de gruas e cremalheiras",105104,"MONTAGEM E DESMONTAGEM DE MINI GRUA. AF_03/2024","UN",5401.91]
["Montagem de gruas e cremalheiras",105107,"MONTAGEM E DESMONTAGEM DE TRECHO INICIAL DE ELEVADOR DE CREMALHEIRA, CABINE DUPLA - EXCLUSO FUNDAÇÕES. AF_03/2024","UN",4335.8100000000004]
["Montagem de gruas e cremalheiras",105106,"MONTAGEM E DESMONTAGEM DE TRECHO INICIAL DE ELEVADOR DE CREMALHEIRA, CABINE SIMPLES - EXCLUSO FUNDAÇÕES. AF_03/2024","UN",2936.36]
["Montagem de gruas e cremalheiras",105111,"MONTAGEM E DESMONTAGEM DO TRECHO INICIAL DE GRUA FIXA (ALTURA LIVRE) - EXCLUSO FUNDAÇÕES. AF_03/2024","UN",20752.16]
["Paisagismo - Plantio",98520,"APLICAÇÃO DE ADUBO EM SOLO. AF_07/2024","M2",5.51]
["Paisagismo - Plantio",98521,"APLICAÇÃO DE CALCÁRIO PARA CORREÇÃO DO PH DO SOLO. AF_07/2024","M2",0.37]
["Paisagismo - Plantio",105521,"ESPALHAMENTO DE TERRA VEGETAL PARA O PLANTIO. AF_07/2024","M2",3.75]
["Paisagismo - Plantio",98509,"PLANTIO DE ARBUSTO OU CERCA VIVA. AF_07/2024","UN",72.849999999999994]
["Paisagismo - Plantio",98507,"PLANTIO DE ESPÉCIE VEGETAL, TIPO COMIGO-NINGUÉM-PODE OU EQUIVALENTE, COM ALTURA DE MUDA MAIOR QUE 0,50 M E MENOR OU IGUAL A 1,00 M. AF_07/2024","UN",0]
["Paisagismo - Plantio",98508,"PLANTIO DE ESPÉCIE VEGETAL, TIPO COMIGO-NINGUÉM-PODE OU EQUIVALENTE, COM ALTURA DE MUDA MAIOR QUE 1,00 M. AF_07/2024","UN",0]
["Paisagismo - Plantio",98506,"PLANTIO DE ESPÉCIE VEGETAL, TIPO COMIGO-NINGUÉM-PODE OU EQUIVALENTE, COM ALTURA DE MUDA MENOR OU IGUAL A 0,50 M. AF_07/2024","UN",0]
["Paisagismo - Plantio",98505,"PLANTIO DE FORRAÇÃO. AF_07/2024","M2",107.45]
["Paisagismo - Plantio",98504,"PLANTIO DE GRAMA BATATAIS EM PLACAS. AF_07/2024","M2",14.03]
["Paisagismo - Plantio",98503,"PLANTIO DE GRAMA EM PAVIMENTO CONCREGRAMA. AF_07/2024","M2",21.34]
["Paisagismo - Plantio",103946,"PLANTIO DE GRAMA ESMERALDA OU SÃO CARLOS OU CURITIBANA, EM PLACAS. AF_07/2024","M2",18.02]
["Paisagismo - Plantio",98517,"PLANTIO DE PALMEIRA COM ALTURA DE MUDA MAIOR QUE 2,00 M E MENOR OU IGUAL A 4,00 M. AF_07/2024","UN",0]
["Paisagismo - Plantio",98518,"PLANTIO DE PALMEIRA COM ALTURA DE MUDA MAIOR QUE 4,00 M . AF_07/2024","UN",0]
["Paisagismo - Plantio",98516,"PLANTIO DE PALMEIRA COM ALTURA DE MUDA MENOR OU IGUAL A 2,00 M . AF_07/2024","UN",383.6]
["Paisagismo - Plantio",98514,"PLANTIO DE ÁRVORE FRUTÍFERA COM ALTURA DE MUDA MAIOR QUE 2,00 M E MENOR OU IGUAL A 4,00 M. AF_07/2024","UN",0]
["Paisagismo - Plantio",98515,"PLANTIO DE ÁRVORE FRUTÍFERA COM ALTURA DE MUDA MAIOR QUE 4,00 M. AF_07/2024","UN",0]
["Paisagismo - Plantio",98513,"PLANTIO DE ÁRVORE FRUTÍFERA COM ALTURA DE MUDA MENOR OU IGUAL A 2,00 M. AF_07/2024","UN",0]
["Paisagismo - Plantio",98511,"PLANTIO DE ÁRVORE ORNAMENTAL COM ALTURA DE MUDA MAIOR QUE 2,00 M E MENOR OU IGUAL A 4,00 M . AF_07/2024","UN",210.32]
["Paisagismo - Plantio",98512,"PLANTIO DE ÁRVORE ORNAMENTAL COM ALTURA DE MUDA MAIOR QUE 4,00 M. AF_07/2024","UN",0]
["Paisagismo - Plantio",98510,"PLANTIO DE ÁRVORE ORNAMENTAL COM ALTURA DE MUDA MENOR OU IGUAL A 2,00 M . AF_07/2024","UN",116.19]
["Paisagismo - Plantio",98519,"REVOLVIMENTO E LIMPEZA MANUAL DE SOLO. AF_07/2024","M2",4.1100000000000003]
["Paredes de Concreto - Armação",91599,"ARMAÇÃO DO SISTEMA DE PAREDES DE CONCRETO, EXECUTADA COMO ARMADURA NEGATIVA DE LAJES, TELA L-159. AF_12/2024","KG",7.37]
["Paredes de Concreto - Armação",100065,"ARMAÇÃO DO SISTEMA DE PAREDES DE CONCRETO, EXECUTADA COMO ARMADURA NEGATIVA DE LAJES, TELA L-196. AF_12/2024","KG",0]
["Paredes de Concreto - Armação",100069,"ARMAÇÃO DO SISTEMA DE PAREDES DE CONCRETO, EXECUTADA COMO ARMADURA NEGATIVA DE LAJES, TELA T-138. AF_12/2024","KG",0]
["Paredes de Concreto - Armação",100063,"ARMAÇÃO DO SISTEMA DE PAREDES DE CONCRETO, EXECUTADA COMO ARMADURA NEGATIVA DE LAJES, TELA T-159. AF_12/2024","KG",0]
["Paredes de Concreto - Armação",91597,"ARMAÇÃO DO SISTEMA DE PAREDES DE CONCRETO, EXECUTADA COMO ARMADURA NEGATIVA DE LAJES, TELA T-196. AF_12/2024","KG",7.01]
["Paredes de Concreto - Armação",91598,"ARMAÇÃO DO SISTEMA DE PAREDES DE CONCRETO, EXECUTADA COMO ARMADURA POSITIVA DE LAJES, TELA Q-113. AF_12/2024","KG",9.01]
["Paredes de Concreto - Armação",91596,"ARMAÇÃO DO SISTEMA DE PAREDES DE CONCRETO, EXECUTADA COMO ARMADURA POSITIVA DE LAJES, TELA Q-138. AF_12/2024","KG",9.23]
["Paredes de Concreto - Armação",100064,"ARMAÇÃO DO SISTEMA DE PAREDES DE CONCRETO, EXECUTADA COMO ARMADURA POSITIVA DE LAJES, TELA Q-159. AF_12/2024","KG",9.16]
["Paredes de Concreto - Armação",100066,"ARMAÇÃO DO SISTEMA DE PAREDES DE CONCRETO, EXECUTADA COMO ARMADURA POSITIVA DE LAJES, TELA Q-196. AF_12/2024","KG",9.14]
["Paredes de Concreto - Armação",91603,"ARMAÇÃO DO SISTEMA DE PAREDES DE CONCRETO, EXECUTADA COMO REFORÇO, VERGALHÃO DE 10,0 MM DE DIÂMETRO. AF_12/2024","KG",9.01]
["Paredes de Concreto - Armação",100068,"ARMAÇÃO DO SISTEMA DE PAREDES DE CONCRETO, EXECUTADA COMO REFORÇO, VERGALHÃO DE 12,5 MM DE DIÂMETRO. AF_12/2024","KG",7.74]
["Paredes de Concreto - Armação",100067,"ARMAÇÃO DO SISTEMA DE PAREDES DE CONCRETO, EXECUTADA COMO REFORÇO, VERGALHÃO DE 5,0 MM DE DIÂMETRO. AF_12/2024","KG",11.28]
["Paredes de Concreto - Armação",91601,"ARMAÇÃO DO SISTEMA DE PAREDES DE CONCRETO, EXECUTADA COMO REFORÇO, VERGALHÃO DE 6,3 MM DE DIÂMETRO. AF_12/2024","KG",11.34]
["Paredes de Concreto - Armação",91602,"ARMAÇÃO DO SISTEMA DE PAREDES DE CONCRETO, EXECUTADA COMO REFORÇO, VERGALHÃO DE 8,0 MM DE DIÂMETRO. AF_12/2024","KG",10.28]
["Paredes de Concreto - Armação",91593,"ARMAÇÃO DO SISTEMA DE PAREDES DE CONCRETO, EXECUTADA EM PAREDES DE EDIFICAÇÕES MULTIFAMILIARES, TELA Q-138. AF_12/2024_PS","KG",9.3000000000000007]
["Paredes de Concreto - Armação",105814,"ARMAÇÃO DO SISTEMA DE PAREDES DE CONCRETO, EXECUTADA EM PAREDES DE EDIFICAÇÕES MULTIFAMILIARES, TELA Q-283. AF_12/2024_PS","KG",8.9600000000000009]
["Paredes de Concreto - Armação",91594,"ARMAÇÃO DO SISTEMA DE PAREDES DE CONCRETO, EXECUTADA EM PAREDES DE EDIFICAÇÕES UNIFAMILIARES OU MULTIFAMILIARES, TELA Q-92. AF_12/2024_PS","KG",9.31]
["Paredes de Concreto - Armação",91595,"ARMAÇÃO DO SISTEMA DE PAREDES DE CONCRETO, EXECUTADA EM PAREDES DE EDIFICAÇÕES UNIFAMILIARES, TELA Q-61. AF_12/2024_PS","KG",9.6199999999999992]
["Paredes de Concreto - Armação",105815,"ARMAÇÃO DO SISTEMA DE PAREDES DE CONCRETO, EXECUTADA EM PAREDES DE EDIFICAÇÕES UNIFAMILIARES, TELA Q-75. AF_12/2024","KG",0]
["Paredes de Concreto - Armação",91600,"ARMAÇÃO DO SISTEMA DE PAREDES DE CONCRETO, EXECUTADA EM PLATIBANDAS, TELA Q-92. AF_12/2024_PS","KG",10.65]
["Paredes de Concreto - Concretagem",99235,"CONCRETAGEM DE EDIFICAÇÕES (PAREDES E LAJES) FEITAS COM SISTEMA DE FÔRMAS MANUSEÁVEIS, COM CONCRETO USINADO AUTOADENSÁVEL FCK 25 MPA - LANÇAMENTO E ACABAMENTO. AF_09/2024","M3",749.68]
["Paredes de Concreto - Concretagem",105539,"CONCRETAGEM DE EDIFICAÇÕES (PAREDES E LAJES) FEITAS COM SISTEMA DE FÔRMAS MANUSEÁVEIS, COM CONCRETO USINADO AUTOADENSÁVEL REFORÇADO COM FIBRAS DE POLIPROPILENO, FCK 25 MPA - LANÇAMENTO E ACABAMENTO. AF_09/2024","M3",0]
["Paredes de Concreto - Concretagem",99439,"CONCRETAGEM DE EDIFICAÇÕES (PAREDES E LAJES) FEITAS COM SISTEMA DE FÔRMAS MANUSEÁVEIS, COM CONCRETO USINADO BOMBEÁVEL FCK 25 MPA - LANÇAMENTO, ADENSAMENTO E ACABAMENTO. AF_09/2024","M3",825.74]
["Paredes de Concreto - Concretagem",105540,"CONCRETAGEM DE ESCADAS EM EDIFICAÇÕES MULTIFAMILIARES FEITAS COM SISTEMA DE FÔRMAS MANUSEÁVEIS COM CONCRETO USINADO AUTOADENSÁVEL REFORÇADO COM FIBRAS DE POLIPROPILENO, FCK 25 MPA - LANÇAMENTO E ACABAMENTO. AF_09/2024","M3",0]
["Paredes de Concreto - Concretagem",103184,"CONCRETAGEM DE ESCADAS EM EDIFICAÇÕES MULTIFAMILIARES FEITAS COM SISTEMA DE FÔRMAS MANUSEÁVEIS COM CONCRETO USINADO AUTOADENSÁVEL, FCK 25 MPA - LANÇAMENTO E ACABAMENTO. AF_09/2024","M3",774.26]
["Paredes de Concreto - Concretagem",103183,"CONCRETAGEM DE ESCADAS EM EDIFICAÇÕES MULTIFAMILIARES FEITAS COM SISTEMA DE FÔRMAS MANUSEÁVEIS COM CONCRETO USINADO BOMBEÁVEL, FCK 25 MPA - LANÇAMENTO, ADENSAMENTO E ACABAMENTO. AF_09/2024","M3",910.3]
["Paredes de Concreto - Concretagem",99434,"CONCRETAGEM DE LAJES EM EDIFICAÇÕES MULTIFAMILIARES FEITAS COM SISTEMA DE FÔRMAS MANUSEÁVEIS, COM CONCRETO USINADO BOMBEÁVEL FCK 25 MPA - LANÇAMENTO, ADENSAMENTO E ACABAMENTO. AF_09/2024","M3",840.25]
["Paredes de Concreto - Concretagem",99431,"CONCRETAGEM DE LAJES EM EDIFICAÇÕES UNIFAMILIARES FEITAS COM SISTEMA DE FÔRMAS MANUSEÁVEIS, COM CONCRETO USINADO BOMBEÁVEL FCK 25 MPA - LANÇAMENTO, ADENSAMENTO E ACABAMENTO. AF_09/2024","M3",835.99]
["Paredes de Concreto - Concretagem",99435,"CONCRETAGEM DE PAREDES EM EDIFICAÇÕES MULTIFAMILIARES FEITAS COM SISTEMA DE FÔRMAS MANUSEÁVEIS, COM CONCRETO USINADO BOMBEÁVEL FCK 25 MPA - LANÇAMENTO, ADENSAMENTO E ACABAMENTO. AF_09/2024","M3",820.17]
["Paredes de Concreto - Concretagem",99432,"CONCRETAGEM DE PAREDES EM EDIFICAÇÕES UNIFAMILIARES FEITAS COM SISTEMA DE FÔRMAS MANUSEÁVEIS, COM CONCRETO USINADO BOMBEÁVEL FCK 25 MPA - LANÇAMENTO, ADENSAMENTO E ACABAMENTO. AF_09/2024","M3",817.11]
["Paredes de Concreto - Concretagem",99438,"CONCRETAGEM DE PLATIBANDA EM EDIFICAÇÕES MULTIFAMILIARES FEITAS COM SISTEMA DE FÔRMAS MANUSEÁVEIS, COM CONCRETO USINADO AUTOADENSÁVEL FCK 25 MPA - LANÇAMENTO E ACABAMENTO. AF_09/2024","M3",805.56]
["Paredes de Concreto - Concretagem",105538,"CONCRETAGEM DE PLATIBANDA EM EDIFICAÇÕES MULTIFAMILIARES FEITAS COM SISTEMA DE FÔRMAS MANUSEÁVEIS, COM CONCRETO USINADO AUTOADENSÁVEL REFORÇADO COM FIBRAS DE POLIPROPILENO, FCK 25 MPA - LANÇAMENTO E ACABAMENTO. AF_09/2024","M3",0]
["Paredes de Concreto - Concretagem",99436,"CONCRETAGEM DE PLATIBANDA EM EDIFICAÇÕES MULTIFAMILIARES FEITAS COM SISTEMA DE FÔRMAS MANUSEÁVEIS, COM CONCRETO USINADO BOMBEÁVEL FCK 25 MPA - LANÇAMENTO, ADENSAMENTO E ACABAMENTO. AF_09/2024","M3",910.88]
["Paredes de Concreto - Concretagem",99437,"CONCRETAGEM DE PLATIBANDA EM EDIFICAÇÕES UNIFAMILIARES FEITAS COM SISTEMA DE FÔRMAS MANUSEÁVEIS, COM CONCRETO USINADO AUTOADENSÁVEL FCK 25 MPA - LANÇAMENTO E ACABAMENTO. AF_09/2024","M3",797.45]
["Paredes de Concreto - Concretagem",105537,"CONCRETAGEM DE PLATIBANDA EM EDIFICAÇÕES UNIFAMILIARES FEITAS COM SISTEMA DE FÔRMAS MANUSEÁVEIS, COM CONCRETO USINADO AUTOADENSÁVEL REFORÇADO COM FIBRAS DE POLIPROPILENO, FCK 25 MPA - LANÇAMENTO E ACABAMENTO. AF_09/2024","M3",0]
["Paredes de Concreto - Concretagem",99433,"CONCRETAGEM DE PLATIBANDA EM EDIFICAÇÕES UNIFAMILIARES FEITAS COM SISTEMA DE FÔRMAS MANUSEÁVEIS, COM CONCRETO USINADO BOMBEÁVEL FCK 25 MPA - LANÇAMENTO, ADENSAMENTO E ACABAMENTO. AF_09/2024","M3",886.59]
["Paredes de Concreto - Estucamento",104422,"ESTUCAMENTO DE DENSIDADE ALTA DE PANOS DE FACHADA DO SISTEMA DE PAREDES DE CONCRETO EM EDIFICAÇÕES DE MÚLTIPLOS PAVIMENTOS, PAVIMENTO TÉRREO, UTILIZAÇÃO DE ARGAMASSA COLANTE. AF_12/2024","M2",11.44]
["Paredes de Concreto - Estucamento",105824,"ESTUCAMENTO DE DENSIDADE ALTA DE PANOS DE FACHADA DO SISTEMA DE PAREDES DE CONCRETO EM EDIFICAÇÕES DE MÚLTIPLOS PAVIMENTOS, PAVIMENTO TÉRREO, UTILIZAÇÃO DE ARGAMASSA POLIMÉRICA. AF_12/2024","M2",13.82]
["Paredes de Concreto - Estucamento",105825,"ESTUCAMENTO DE DENSIDADE ALTA DE PANOS DE FACHADA DO SISTEMA DE PAREDES DE CONCRETO EM EDIFICAÇÕES DE MÚLTIPLOS PAVIMENTOS, PAVIMENTO TÉRREO, UTILIZAÇÃO DE ARGAMASSA TRAÇO 1:0,5:4,5 (CIM:CAL:AREIA). AF_12/2024","M2",7.69]
["Paredes de Concreto - Estucamento",104421,"ESTUCAMENTO DE DENSIDADE ALTA DE PANOS DE FACHADA DO SISTEMA DE PAREDES DE CONCRETO EM EDIFICAÇÕES DE MÚLTIPLOS PAVIMENTOS, PAVIMENTOS SUPERIORES, UTILIZAÇÃO DE ARGAMASSA COLANTE. AF_12/2024","M2",17.55]
["Paredes de Concreto - Estucamento",105822,"ESTUCAMENTO DE DENSIDADE ALTA DE PANOS DE FACHADA DO SISTEMA DE PAREDES DE CONCRETO EM EDIFICAÇÕES DE MÚLTIPLOS PAVIMENTOS, PAVIMENTOS SUPERIORES, UTILIZAÇÃO DE ARGAMASSA POLIMÉRICA. AF_12/2024","M2",19.93]
["Paredes de Concreto - Estucamento",105823,"ESTUCAMENTO DE DENSIDADE ALTA DE PANOS DE FACHADA DO SISTEMA DE PAREDES DE CONCRETO EM EDIFICAÇÕES DE MÚLTIPLOS PAVIMENTOS, PAVIMENTOS SUPERIORES, UTILIZAÇÃO DE ARGAMASSA TRAÇO 1:0,5:4,5 (CIM:CAL:AREIA). AF_12/2024","M2",13.8]
["Paredes de Concreto - Estucamento",104423,"ESTUCAMENTO DE DENSIDADE ALTA DE PANOS DE FACHADA DO SISTEMA DE PAREDES DE CONCRETO EM UNIDADES HABITACIONAIS DE DOIS PAVIMENTOS (SOBRADO), ACESSO COM ANDAIME FACHADEIRO, UTILIZAÇÃO DE ARGAMASSA COLANTE. AF_12/2024","M2",15.73]
["Paredes de Concreto - Estucamento",105826,"ESTUCAMENTO DE DENSIDADE ALTA DE PANOS DE FACHADA DO SISTEMA DE PAREDES DE CONCRETO EM UNIDADES HABITACIONAIS DE DOIS PAVIMENTOS (SOBRADO), ACESSO COM ANDAIME FACHADEIRO, UTILIZAÇÃO DE ARGAMASSA POLIMÉRICA. AF_12/2024","M2",18.11]
["Paredes de Concreto - Estucamento",105827,"ESTUCAMENTO DE DENSIDADE ALTA DE PANOS DE FACHADA DO SISTEMA DE PAREDES DE CONCRETO EM UNIDADES HABITACIONAIS DE DOIS PAVIMENTOS (SOBRADO), ACESSO COM ANDAIME FACHADEIRO, UTILIZAÇÃO DE ARGAMASSA TRAÇO 1:0,5:4,5 (CIM:CAL:AREIA). AF_12/2024","M2",11.98]
["Paredes de Concreto - Estucamento",104425,"ESTUCAMENTO DE DENSIDADE ALTA DE PANOS DE FACHADA DO SISTEMA DE PAREDES DE CONCRETO EM UNIDADES HABITACIONAIS DE PAVIMENTO ÚNICO, UTILIZAÇÃO DE ARGAMASSA COLANTE. AF_12/2024","M2",9.59]
["Paredes de Concreto - Estucamento",105828,"ESTUCAMENTO DE DENSIDADE ALTA DE PANOS DE FACHADA DO SISTEMA DE PAREDES DE CONCRETO EM UNIDADES HABITACIONAIS DE PAVIMENTO ÚNICO, UTILIZAÇÃO DE ARGAMASSA POLIMÉRICA. AF_12/2024","M2",11.97]
["Paredes de Concreto - Estucamento",105829,"ESTUCAMENTO DE DENSIDADE ALTA DE PANOS DE FACHADA DO SISTEMA DE PAREDES DE CONCRETO EM UNIDADES HABITACIONAIS DE PAVIMENTO ÚNICO, UTILIZAÇÃO DE ARGAMASSA TRAÇO 1:0,5:4,5 (CIM:CAL:AREIA). AF_12/2024","M2",5.84]
["Paredes de Concreto - Estucamento",91525,"ESTUCAMENTO DE DENSIDADE ALTA NAS FACES INTERNAS DE PAREDES DO SISTEMA DE PAREDES DE CONCRETO, EM AMBIENTES COM ÁREA ENTRE 5 M² E 10 M², UTILIZAÇÃO DE ARGAMASSA COLANTE. AF_12/2024","M2",8.1199999999999992]
["Paredes de Concreto - Estucamento",105818,"ESTUCAMENTO DE DENSIDADE ALTA NAS FACES INTERNAS DE PAREDES DO SISTEMA DE PAREDES DE CONCRETO, EM AMBIENTES COM ÁREA ENTRE 5 M² E 10 M², UTILIZAÇÃO DE ARGAMASSA POLIMÉRICA. AF_12/2024","M2",12.28]
["Paredes de Concreto - Estucamento",105819,"ESTUCAMENTO DE DENSIDADE ALTA NAS FACES INTERNAS DE PAREDES DO SISTEMA DE PAREDES DE CONCRETO, EM AMBIENTES COM ÁREA ENTRE 5 M² E 10 M², UTILIZAÇÃO DE ARGAMASSA TRAÇO 1:1:6 (CIM:CAL:AREIA). AF_12/2024","M2",6.21]
["Paredes de Concreto - Estucamento",104414,"ESTUCAMENTO DE DENSIDADE ALTA NAS FACES INTERNAS DE PAREDES DO SISTEMA DE PAREDES DE CONCRETO, EM AMBIENTES COM ÁREA MAIOR OU IGUAL A 10 M², UTILIZAÇÃO DE ARGAMASSA COLANTE. AF_12/2024","M2",7.16]
["Paredes de Concreto - Estucamento",105816,"ESTUCAMENTO DE DENSIDADE ALTA NAS FACES INTERNAS DE PAREDES DO SISTEMA DE PAREDES DE CONCRETO, EM AMBIENTES COM ÁREA MAIOR OU IGUAL A 10 M², UTILIZAÇÃO DE ARGAMASSA POLIMÉRICA. AF_12/2024","M2",11.32]
["Paredes de Concreto - Estucamento",105817,"ESTUCAMENTO DE DENSIDADE ALTA NAS FACES INTERNAS DE PAREDES DO SISTEMA DE PAREDES DE CONCRETO, EM AMBIENTES COM ÁREA MAIOR OU IGUAL A 10 M², UTILIZAÇÃO DE ARGAMASSA TRAÇO 1:1:6 (CIM:CAL:AREIA). AF_12/2024","M2",5.25]
["Paredes de Concreto - Estucamento",104415,"ESTUCAMENTO DE DENSIDADE ALTA NAS FACES INTERNAS DE PAREDES DO SISTEMA DE PAREDES DE CONCRETO, EM AMBIENTES COM ÁREA MENOR OU IGUAL A 5 M², UTILIZAÇÃO DE ARGAMASSA COLANTE. AF_12/2024","M2",13.2]
["Paredes de Concreto - Estucamento",105820,"ESTUCAMENTO DE DENSIDADE ALTA NAS FACES INTERNAS DE PAREDES DO SISTEMA DE PAREDES DE CONCRETO, EM AMBIENTES COM ÁREA MENOR OU IGUAL A 5 M², UTILIZAÇÃO DE ARGAMASSA POLIMÉRICA. AF_12/2024","M2",17.36]
["Paredes de Concreto - Estucamento",105821,"ESTUCAMENTO DE DENSIDADE ALTA NAS FACES INTERNAS DE PAREDES DO SISTEMA DE PAREDES DE CONCRETO, EM AMBIENTES COM ÁREA MENOR OU IGUAL A 5 M², UTILIZAÇÃO DE ARGAMASSA TRAÇO 1:1:6 (CIM:CAL:AREIA). AF_12/2024","M2",11.29]
["Paredes de Concreto - Estucamento",104418,"ESTUCAMENTO DE DENSIDADE BAIXA DE PANOS DE FACHADA DO SISTEMA DE PAREDES DE CONCRETO EM EDIFICAÇÕES DE MÚLTIPLOS PAVIMENTOS, PAVIMENTO TÉRREO, UTILIZAÇÃO DE ARGAMASSA COLANTE. AF_12/2024","M2",3.07]
["Paredes de Concreto - Estucamento",91515,"ESTUCAMENTO DE DENSIDADE BAIXA DE PANOS DE FACHADA DO SISTEMA DE PAREDES DE CONCRETO EM EDIFICAÇÕES DE MÚLTIPLOS PAVIMENTOS, PAVIMENTOS SUPERIORES, UTILIZAÇÃO DE ARGAMASSA COLANTE. AF_12/2024","M2",5.63]
["Paredes de Concreto - Estucamento",104419,"ESTUCAMENTO DE DENSIDADE BAIXA DE PANOS DE FACHADA DO SISTEMA DE PAREDES DE CONCRETO EM UNIDADES HABITACIONAIS DE DOIS PAVIMENTOS (SOBRADO), ACESSO COM ANDAIME FACHADEIRO, UTILIZAÇÃO DE ARGAMASSA COLANTE. AF_12/2024","M2",4.87]
["Paredes de Concreto - Estucamento",91519,"ESTUCAMENTO DE DENSIDADE BAIXA DE PANOS DE FACHADA DO SISTEMA DE PAREDES DE CONCRETO EM UNIDADES HABITACIONAIS DE PAVIMENTO ÚNICO, UTILIZAÇÃO DE ARGAMASSA COLANTE. AF_12/2024","M2",2.35]
["Paredes de Concreto - Estucamento",91520,"ESTUCAMENTO DE DENSIDADE BAIXA NAS FACES INTERNAS DE PAREDES DO SISTEMA DE PAREDES DE CONCRETO, EM AMBIENTES COM ÁREA ENTRE 5 M² E 10 M², UTILIZAÇÃO DE ARGAMASSA COLANTE. AF_12/2024","M2",2.38]
["Paredes de Concreto - Estucamento",104416,"ESTUCAMENTO DE DENSIDADE BAIXA NAS FACES INTERNAS DE PAREDES DO SISTEMA DE PAREDES DE CONCRETO, EM AMBIENTES COM ÁREA MAIOR OU IGUAL A 10 M², UTILIZAÇÃO DE ARGAMASSA COLANTE. AF_12/2024","M2",1.97]
["Paredes de Concreto - Estucamento",104417,"ESTUCAMENTO DE DENSIDADE BAIXA NAS FACES INTERNAS DE PAREDES DO SISTEMA DE PAREDES DE CONCRETO, EM AMBIENTES COM ÁREA MENOR OU IGUAL A 5 M², UTILIZAÇÃO DE ARGAMASSA COLANTE. AF_12/2024","M2",4.46]
["Paredes de Concreto - Estucamento",91522,"ESTUCAMENTO PARA QUALQUER REVESTIMENTO, EM TETO DO SISTEMA DE PAREDES DE CONCRETO, EM AMBIENTES COM ÁREA ENTRE 5 M² E 10 M², UTILIZAÇÃO DE ARGAMASSA COLANTE. AF_12/2024","M2",4.01]
["Paredes de Concreto - Estucamento",104412,"ESTUCAMENTO PARA QUALQUER REVESTIMENTO, EM TETO DO SISTEMA DE PAREDES DE CONCRETO, EM AMBIENTES COM ÁREA MAIOR OU IGUAL A 10 M², UTILIZAÇÃO DE ARGAMASSA COLANTE. AF_12/2024","M2",3.6]
["Paredes de Concreto - Estucamento",104413,"ESTUCAMENTO PARA QUALQUER REVESTIMENTO, EM TETO DO SISTEMA DE PAREDES DE CONCRETO, EM AMBIENTES COM ÁREA MENOR OU IGUAL A 5 M², UTILIZAÇÃO DE ARGAMASSA COLANTE. AF_12/2024","M2",6.12]
["Paredes de Concreto - Fôrmas",102569,"FÔRMAS MANUSEÁVEIS DA ALUMÍNIO PARA PAREDES DE CONCRETO MOLDADAS IN LOCO, EM PLATIBANDA. AF_11/2024","M2",0]
["Paredes de Concreto - Fôrmas",102574,"FÔRMAS MANUSEÁVEIS DE ALUMÍNIO PARA PAREDES DE CONCRETO MOLDADAS IN LOCO, DE EDIFICAÇÕES DE MÚLTIPLOS PAVIMENTOS, EM LAJES. AF_11/2024","M2",0]
["Paredes de Concreto - Fôrmas",102573,"FÔRMAS MANUSEÁVEIS DE ALUMÍNIO PARA PAREDES DE CONCRETO MOLDADAS IN LOCO, DE EDIFICAÇÕES DE MÚLTIPLOS PAVIMENTOS, EM PAREDES. AF_11/2024","M2",0]
["Paredes de Concreto - Fôrmas",102577,"FÔRMAS MANUSEÁVEIS DE ALUMÍNIO PARA PAREDES DE CONCRETO MOLDADAS IN LOCO, DE EDIFICAÇÕES UNIFAMILIARES, EM LAJES. AF_11/2024","M2",0]
["Paredes de Concreto - Fôrmas",102576,"FÔRMAS MANUSEÁVEIS DE ALUMÍNIO PARA PAREDES DE CONCRETO MOLDADAS IN LOCO, DE EDIFICAÇÕES UNIFAMILIARES, EM PAREDES. AF_11/2024","M2",0]
["Paredes de Concreto - Fôrmas",103083,"FÔRMAS MANUSEÁVEIS DE PLÁSTICO ESTRUTURADO EM AÇO PARA PAREDES DE CONCRETO MOLDADAS IN LOCO, DE EDIFICAÇÕES DE MÚLTIPLOS PAVIMENTOS, EM LAJES. AF_11/2024","M2",0]
["Paredes de Concreto - Fôrmas",103081,"FÔRMAS MANUSEÁVEIS DE PLÁSTICO ESTRUTURADO EM AÇO PARA PAREDES DE CONCRETO MOLDADAS IN LOCO, DE EDIFICAÇÕES DE MÚLTIPLOS PAVIMENTOS, EM PLATIBANDA. AF_11/2024","M2",0]
["Paredes de Concreto - Fôrmas",103082,"FÔRMAS MANUSEÁVEIS DE PLÁSTICO ESTRUTURADO EM AÇO PARA PAREDES DE CONCRETO MOLDADAS IN LOCO, DE EDIFICAÇÕES MÚLTIPLOS PAVIMENTOS, EM PAREDES. AF_11/2024","M2",0]
["Paredes de Concreto - Fôrmas",103086,"FÔRMAS MANUSEÁVEIS DE PLÁSTICO ESTRUTURADO EM AÇO PARA PAREDES DE CONCRETO MOLDADAS IN LOCO, DE EDIFICAÇÕES UNIFAMILIARES, EM LAJES. AF_11/2024","M2",0]
["Paredes de Concreto - Fôrmas",103085,"FÔRMAS MANUSEÁVEIS DE PLÁSTICO ESTRUTURADO EM AÇO PARA PAREDES DE CONCRETO MOLDADAS IN LOCO, DE EDIFICAÇÕES UNIFAMILIARES, EM PAREDES. AF_11/2024","M2",0]
["Paredes em Drywall",104726,"INSTALAÇÃO DE ISOLAMENTO COM LÃ DE PET EM PAREDE DRYWALL. AF_07/2023","M2",0]
["Paredes em Drywall",104725,"INSTALAÇÃO DE ISOLAMENTO COM LÃ DE VIDRO EM PAREDE DRYWALL. AF_07/2023","M2",0]
["Paredes em Drywall",96374,"INSTALAÇÃO DE REFORÇO DE MADEIRA EM PAREDE DRYWALL. AF_07/2023","M",30.82]
["Paredes em Drywall",96373,"INSTALAÇÃO DE REFORÇO METÁLICO EM PAREDE DRYWALL. AF_07/2023","M",14.24]
["Paredes em Drywall",96368,"PAREDE COM SISTEMA EM CHAPAS DE GESSO PARA DRYWALL, USO INTERNO COM DUAS FACES DUPLAS E ESTRUTURA METÁLICA COM GUIAS DUPLAS, SEM VÃOS. AF_07/2023_PS","M2",192.55]
["Paredes em Drywall",96364,"PAREDE COM SISTEMA EM CHAPAS DE GESSO PARA DRYWALL, USO INTERNO COM UMA FACE SIMPLES E OUTRA FACE DUPLA E ESTRUTURA METÁLICA COM GUIAS DUPLAS, SEM VÃOS. AF_07/2023_PS","M2",165.03]
["Paredes em Drywall",96369,"PAREDE COM SISTEMA EM CHAPAS DE GESSO PARA DRYWALL, USO INTERNO, COM DUAS FACES DUPLAS E ESTRUTURA METÁLICA COM GUIAS DUPLAS PARA PAREDES COM ÁREA LÍQUIDA MAIOR OU IGUAL A 6 M2, COM VÃOS. AF_07/2023_PS","M2",221.25]
["Paredes em Drywall",104723,"PAREDE COM SISTEMA EM CHAPAS DE GESSO PARA DRYWALL, USO INTERNO, COM DUAS FACES DUPLAS E ESTRUTURA METÁLICA COM GUIAS DUPLAS PARA PAREDES COM ÁREA LÍQUIDA MENOR QUE 6 M2, COM VÃOS. AF_07/2023_PS","M2",271.92]
["Paredes em Drywall",96367,"PAREDE COM SISTEMA EM CHAPAS DE GESSO PARA DRYWALL, USO INTERNO, COM DUAS FACES DUPLAS E ESTRUTURA METÁLICA COM GUIAS SIMPLES PARA PAREDES COM ÁREA LÍQUIDA MAIOR OU IGUAL A 6 M2, COM VÃOS. AF_07/2023_PS","M2",173.31]
["Paredes em Drywall",104722,"PAREDE COM SISTEMA EM CHAPAS DE GESSO PARA DRYWALL, USO INTERNO, COM DUAS FACES DUPLAS E ESTRUTURA METÁLICA COM GUIAS SIMPLES PARA PAREDES COM ÁREA LÍQUIDA MENOR QUE 6 M2, COM VÃOS. AF_07/2023_PS","M2",202.19]
["Paredes em Drywall",96366,"PAREDE COM SISTEMA EM CHAPAS DE GESSO PARA DRYWALL, USO INTERNO, COM DUAS FACES DUPLAS E ESTRUTURA METÁLICA COM GUIAS SIMPLES, SEM VÃOS. AF_07/2023_PS","M2",157.4]
["Paredes em Drywall",96361,"PAREDE COM SISTEMA EM CHAPAS DE GESSO PARA DRYWALL, USO INTERNO, COM DUAS FACES SIMPLES E ESTRUTURA METÁLICA COM GUIAS DUPLAS PARA PAREDES COM ÁREA LÍQUIDA MAIOR OU IGUAL A 6 M2, COM VÃOS. AF_07/2023_PS","M2",164.69]
["Paredes em Drywall",104719,"PAREDE COM SISTEMA EM CHAPAS DE GESSO PARA DRYWALL, USO INTERNO, COM DUAS FACES SIMPLES E ESTRUTURA METÁLICA COM GUIAS DUPLAS PARA PAREDES COM ÁREA LÍQUIDA MENOR QUE 6 M2, COM VÃOS. AF_07/2023_PS","M2",212.26]
["Paredes em Drywall",96360,"PAREDE COM SISTEMA EM CHAPAS DE GESSO PARA DRYWALL, USO INTERNO, COM DUAS FACES SIMPLES E ESTRUTURA METÁLICA COM GUIAS DUPLAS, SEM VÃOS. AF_07/2023_PS","M2",137.55000000000001]
["Paredes em Drywall",96359,"PAREDE COM SISTEMA EM CHAPAS DE GESSO PARA DRYWALL, USO INTERNO, COM DUAS FACES SIMPLES E ESTRUTURA METÁLICA COM GUIAS SIMPLES PARA PAREDES COM ÁREA LÍQUIDA MAIOR OU IGUAL A 6 M2, COM VÃOS. AF_07/2023_PS","M2",116.78]
["Paredes em Drywall",104718,"PAREDE COM SISTEMA EM CHAPAS DE GESSO PARA DRYWALL, USO INTERNO, COM DUAS FACES SIMPLES E ESTRUTURA METÁLICA COM GUIAS SIMPLES PARA PAREDES COM ÁREA LÍQUIDA MENOR QUE 6 M2, COM VÃOS. AF_07/2023_PS","M2",142.53]
["Paredes em Drywall",96358,"PAREDE COM SISTEMA EM CHAPAS DE GESSO PARA DRYWALL, USO INTERNO, COM DUAS FACES SIMPLES E ESTRUTURA METÁLICA COM GUIAS SIMPLES, SEM VÃOS. AF_07/2023_PS","M2",102.44]
["Paredes em Drywall",96371,"PAREDE COM SISTEMA EM CHAPAS DE GESSO PARA DRYWALL, USO INTERNO, COM UMA FACE SIMPLES E ESTRUTURA METÁLICA COM GUIAS SIMPLES PARA PAREDES COM ÁREA LÍQUIDA MAIOR OU IGUAL A 6 M2, COM VÃOS. AF_07/2023_PS","M2",83.91]
["Paredes em Drywall",104724,"PAREDE COM SISTEMA EM CHAPAS DE GESSO PARA DRYWALL, USO INTERNO, COM UMA FACE SIMPLES E ESTRUTURA METÁLICA COM GUIAS SIMPLES PARA PAREDES COM ÁREA LÍQUIDA MENOR QUE 6 M2, COM VÃOS. AF_07/2023_PS","M2",108.1]
["Paredes em Drywall",96370,"PAREDE COM SISTEMA EM CHAPAS DE GESSO PARA DRYWALL, USO INTERNO, COM UMA FACE SIMPLES E ESTRUTURA METÁLICA COM GUIAS SIMPLES, SEM VÃOS. AF_07/2023_PS","M2",70.38]
["Paredes em Drywall",96365,"PAREDE COM SISTEMA EM CHAPAS DE GESSO PARA DRYWALL, USO INTERNO, COM UMA FACE SIMPLES E OUTRA FACE DUPLA E ESTRUTURA METÁLICA COM GUIAS DUPLAS PARA PAREDES COM ÁREA LÍQUIDA MAIOR OU IGUAL A 6 M2, COM VÃOS. AF_07/2023_PS","M2",192.98]
["Paredes em Drywall",104721,"PAREDE COM SISTEMA EM CHAPAS DE GESSO PARA DRYWALL, USO INTERNO, COM UMA FACE SIMPLES E OUTRA FACE DUPLA E ESTRUTURA METÁLICA COM GUIAS DUPLAS PARA PAREDES COM ÁREA LÍQUIDA MENOR QUE 6 M2, COM VÃOS. AF_07/2023_PS","M2",242.09]
["Paredes em Drywall",96363,"PAREDE COM SISTEMA EM CHAPAS DE GESSO PARA DRYWALL, USO INTERNO, COM UMA FACE SIMPLES E OUTRA FACE DUPLA E ESTRUTURA METÁLICA COM GUIAS SIMPLES PARA PAREDES COM ÁREA LÍQUIDA MAIOR OU IGUAL A 6 M2, COM VÃOS. AF_07/2023_PS","M2",145.04]
["Paredes em Drywall",104720,"PAREDE COM SISTEMA EM CHAPAS DE GESSO PARA DRYWALL, USO INTERNO, COM UMA FACE SIMPLES E OUTRA FACE DUPLA E ESTRUTURA METÁLICA COM GUIAS SIMPLES PARA PAREDES COM ÁREA LÍQUIDA MENOR QUE 6 M2, COM VÃOS. AF_07/2023_PS","M2",172.36]
["Paredes em Drywall",96362,"PAREDE COM SISTEMA EM CHAPAS DE GESSO PARA DRYWALL, USO INTERNO, COM UMA FACE SIMPLES E OUTRA FACE DUPLA E ESTRUTURA METÁLICA COM GUIAS SIMPLES, SEM VÃOS. AF_07/2023_PS","M2",129.91999999999999]
["Parquinhos e Equipamentos de Ginástica ao Ar Livre",103191,"INSTALAÇÃO DE ALONGADOR COM TRÊS ALTURAS, EM TUBO DE AÇO CARBONO - EQUIPAMENTO DE GINASTICA PARA ACADEMIA AO AR LIVRE / ACADEMIA DA TERCEIRA IDADE - ATI, INSTALADO SOBRE SOLO. AF_10/2021","UN",2399.4]
["Parquinhos e Equipamentos de Ginástica ao Ar Livre",103206,"INSTALAÇÃO DE ALONGADOR COM TRÊS ALTURAS, EM TUBO DE AÇO CARBONO - EQUIPAMENTO DE GINÁSTICA PARA ACADEMIA AO AR LIVRE / ACADEMIA DA TERCEIRA IDADE - ATI, INSTALADO SOBRE PISO DE CONCRETO EXISTENTE. AF_10/2021","UN",2422.69]
["Parquinhos e Equipamentos de Ginástica ao Ar Livre",103211,"INSTALAÇÃO DE BALANÇO DE 2 LUGARES COM ESTRUTURA DE MADEIRA TRATADA, INSTALADO SOBRE PISO DE CONCRETO EXISTENTE. AF_10/2021","UN",0]
["Parquinhos e Equipamentos de Ginástica ao Ar Livre",103196,"INSTALAÇÃO DE BALANÇO DE 2 LUGARES COM ESTRUTURA DE MADEIRA TRATADA, INSTALADO SOBRE SOLO. AF_10/2021","UN",0]
["Parquinhos e Equipamentos de Ginástica ao Ar Livre",103212,"INSTALAÇÃO DE BALANÇO DE 2 LUGARES COM ESTRUTURA METÁLICA EM TUBOS DE AÇO CARBONO, INSTALADO SOBRE PISO DE CONCRETO EXISTENTE. AF_10/2021","UN",0]
["Parquinhos e Equipamentos de Ginástica ao Ar Livre",103197,"INSTALAÇÃO DE BALANÇO DE 2 LUGARES COM ESTRUTURA METÁLICA EM TUBOS DE AÇO CARBONO, INSTALADO SOBRE SOLO. AF_10/2021","UN",0]
["Parquinhos e Equipamentos de Ginástica ao Ar Livre",103217,"INSTALAÇÃO DE CASINHA DE MADEIRA TRATADA COM RAMPA ESCALADA, ESCORREGADOR E ESCADA MARINHEIRO, INSTALADO SOBRE PISO DE CONCRETO EXISTENTE. AF_10/2021","UN",0]
["Parquinhos e Equipamentos de Ginástica ao Ar Livre",103202,"INSTALAÇÃO DE CASINHA DE MADEIRA TRATADA COM RAMPA ESCALADA, ESCORREGADOR E ESCADA MARINHEIRO, INSTALADO SOBRE SOLO. AF_10/2021","UN",0]
["Parquinhos e Equipamentos de Ginástica ao Ar Livre",103215,"INSTALAÇÃO DE ESCORREGADOR DE MADEIRA TRATADA, INSTALADO SOBRE PISO DE CONCRETO EXISTENTE. AF_10/2021","UN",0]
["Parquinhos e Equipamentos de Ginástica ao Ar Livre",103200,"INSTALAÇÃO DE ESCORREGADOR DE MADEIRA TRATADA, INSTALADO SOBRE SOLO. AF_10/2021","UN",0]
["Parquinhos e Equipamentos de Ginástica ao Ar Livre",103216,"INSTALAÇÃO DE ESCORREGADOR METÁLICO EM TUBOS E CHAPAS DE AÇO CARBONO, INSTALADO SOBRE PISO DE CONCRETO EXISTENTE. AF_10/2021","UN",0]
["Parquinhos e Equipamentos de Ginástica ao Ar Livre",103201,"INSTALAÇÃO DE ESCORREGADOR METÁLICO EM TUBOS E CHAPAS DE AÇO CARBONO, INSTALADO SOBRE SOLO. AF_10/2021","UN",0]
["Parquinhos e Equipamentos de Ginástica ao Ar Livre",103185,"INSTALAÇÃO DE ESQUI TRIPLO, EM TUBO DE AÇO CARBONO - EQUIPAMENTO DE GINÁSTICA PARA ACADEMIA AO AR LIVRE / ACADEMIA DA TERCEIRA IDADE - ATI, INSTALADO SOBRE PISO DE CONCRETO EXISTENTE. AF_10/2021","UN",6178.33]
["Parquinhos e Equipamentos de Ginástica ao Ar Livre",103218,"INSTALAÇÃO DE GAIOLA LABIRINTO METÁLICA EM TUBOS DE AÇO CARBONO, INSTALADA SOBRE PISO DE CONCRETO EXISTENTE. AF_10/2021","UN",0]
["Parquinhos e Equipamentos de Ginástica ao Ar Livre",103203,"INSTALAÇÃO DE GAIOLA LABIRINTO METÁLICA EM TUBOS DE AÇO CARBONO, INSTALADO SOBRE SOLO. AF_10/2021","UN",0]
["Parquinhos e Equipamentos de Ginástica ao Ar Livre",103213,"INSTALAÇÃO DE GANGORRA SIMPLES DE MADEIRA TRATADA, INSTALADA SOBRE PISO DE CONCRETO EXISTENTE. AF_10/2021","UN",0]
["Parquinhos e Equipamentos de Ginástica ao Ar Livre",103198,"INSTALAÇÃO DE GANGORRA SIMPLES DE MADEIRA TRATADA, INSTALADA SOBRE SOLO. AF_10/2021","UN",0]
["Parquinhos e Equipamentos de Ginástica ao Ar Livre",103214,"INSTALAÇÃO DE GANGORRA SIMPLES METÁLICA EM TUBOS DE AÇO CARBONO, INSTALADA SOBRE PISO DE CONCRETO EXISTENTE. AF_10/2021","UN",0]
["Parquinhos e Equipamentos de Ginástica ao Ar Livre",103199,"INSTALAÇÃO DE GANGORRA SIMPLES METÁLICA EM TUBOS DE AÇO CARBONO, INSTALADA SOBRE SOLO. AF_10/2021","UN",0]
["Parquinhos e Equipamentos de Ginástica ao Ar Livre",103219,"INSTALAÇÃO DE GIRA-GIRA METÁLICO EM TUBOS DE AÇO CARBONO, INSTALADO SOBRE PISO DE CONCRETO EXISTENTE. AF_10/2021","UN",0]
["Parquinhos e Equipamentos de Ginástica ao Ar Livre",103204,"INSTALAÇÃO DE GIRA-GIRA METÁLICO EM TUBOS DE AÇO CARBONO, INSTALADO SOBRE SOLO. AF_10/2021","UN",0]
["Parquinhos e Equipamentos de Ginástica ao Ar Livre",103186,"INSTALAÇÃO DE MULTIEXERCITADOR COM SEIS FUNÇÕES, EM TUBO DE AÇO CARBONO - EQUIPAMENTO DE GINÁSTICA PARA ACADEMIA AO AR LIVRE / ACADEMIA DA TERCEIRA IDADE - ATI, INSTALADO SOBRE PISO DE CONCRETO EXISTENTE. AF_10/2021","UN",6496.99]
["Parquinhos e Equipamentos de Ginástica ao Ar Livre",103210,"INSTALAÇÃO DE PLACA ORIENTATIVA SOBRE EXERCÍCIOS, 2,00M X 1,00M, EM TUBO DE AÇO CARBONO - PARA ACADEMIA AO AR LIVRE / ACADEMIA DA TERCEIRA IDADE - ATI, INSTALADO SOBRE PISO DE CONCRETO EXISTENTE. AF_10/2021","UN",2349.12]
["Parquinhos e Equipamentos de Ginástica ao Ar Livre",103195,"INSTALAÇÃO DE PLACA ORIENTATIVA SOBRE EXERCÍCIOS, 2,00M X 1,00M, EM TUBO DE AÇO CARBONO - PARA ACADEMIA AO AR LIVRE / ACADEMIA DA TERCEIRA IDADE - ATI, INSTALADO SOBRE SOLO. AF_10/2021","UN",2213.12]
["Parquinhos e Equipamentos de Ginástica ao Ar Livre",103205,"INSTALAÇÃO DE PRESSÃO DE PERNAS TRIPLO, EM TUBO DE AÇO CARBONO - EQUIPAMENTO DE GINÁSTICA PARA ACADEMIA AO AR LIVRE / ACADEMIA DA TERCEIRA IDADE - ATI, INSTALADO SOBRE PISO DE CONCRETO EXISTENTE. AF_10/2021","UN",4128.67]
["Parquinhos e Equipamentos de Ginástica ao Ar Livre",103190,"INSTALAÇÃO DE PRESSÃO DE PERNAS TRIPLO, EM TUBO DE AÇO CARBONO - EQUIPAMENTO DE GINÁSTICA PARA ACADEMIA AO AR LIVRE / ACADEMIA DA TERCEIRA IDADE - ATI, INSTALADO SOBRE SOLO. AF_10/2021","UN",4105.38]
["Parquinhos e Equipamentos de Ginástica ao Ar Livre",103207,"INSTALAÇÃO DE ROTAÇÃO DIAGONAL DUPLA, APARELHO TRIPLO, EM TUBO DE AÇO CARBONO - EQUIPAMENTO DE GINÁSTICA PARA ACADEMIA AO AR LIVRE / ACADEMIA DA TERCEIRA IDADE - ATI, INSTALADO SOBRE PISO DE CONCRETO EXISTENTE. AF_10/2021","UN",2576.33]
["Parquinhos e Equipamentos de Ginástica ao Ar Livre",103192,"INSTALAÇÃO DE ROTAÇÃO DIAGONAL DUPLA, APARELHO TRIPLO, EM TUBO DE AÇO CARBONO - EQUIPAMENTO DE GINÁSTICA PARA ACADEMIA AO AR LIVRE / ACADEMIA DA TERCEIRA IDADE - ATI, INSTALADO SOBRE SOLO. AF_10/2021","UN",2553.04]
["Parquinhos e Equipamentos de Ginástica ao Ar Livre",103208,"INSTALAÇÃO DE ROTAÇÃO VERTICAL DUPLO, EM TUBO DE ACO CARBONO - EQUIPAMENTO DE GINASTICA PARA ACADEMIA AO AR LIVRE / ACADEMIA DA TERCEIRA IDADE - ATI, INSTALADO SOBRE PISO DE CONCRETO EXISTENTE. AF_10/2021","UN",1995.06]
["Parquinhos e Equipamentos de Ginástica ao Ar Livre",103193,"INSTALAÇÃO DE ROTAÇÃO VERTICAL DUPLO, EM TUBO DE AÇO CARBONO - EQUIPAMENTO DE GINÁSTICA PARA ACADEMIA AO AR LIVRE / ACADEMIA DA TERCEIRA IDADE - ATI, INSTALADO SOBRE SOLO. AF_10/2021","UN",1971.77]
["Parquinhos e Equipamentos de Ginástica ao Ar Livre",103187,"INSTALAÇÃO DE SIMULADOR DE CAMINHADA TRIPLO, EM TUBO DE AÇO CARBONO - EQUIPAMENTO DE GINÁSTICA PARA ACADEMIA AO AR LIVRE / ACADEMIA DA TERCEIRA IDADE - ATI, INSTALADO SOBRE PISO DE CONCRETO EXISTENTE. AF_10/2021","UN",4893.99]
["Parquinhos e Equipamentos de Ginástica ao Ar Livre",103188,"INSTALAÇÃO DE SIMULADOR DE CAVALGADA TRIPLO, EM TUBO DE AÇO CARBONO - EQUIPAMENTO DE GINÁSTICA PARA ACADEMIA AO AR LIVRE / ACADEMIA DA TERCEIRA IDADE - ATI, INSTALADO SOBRE PISO DE CONCRETO EXISTENTE. AF_10/2021","UN",5256.01]
["Parquinhos e Equipamentos de Ginástica ao Ar Livre",103189,"INSTALAÇÃO DE SIMULADOR DE REMO INDIVIDUAL, EM TUBO DE AÇO CARBONO - EQUIPAMENTO DE GINÁSTICA PARA ACADEMIA AO AR LIVRE / ACADEMIA DA TERCEIRA IDADE - ATI, INSTALADO SOBRE PISO DE CONCRETO EXISTENTE. AF_10/2021","UN",2637.17]
["Parquinhos e Equipamentos de Ginástica ao Ar Livre",103209,"INSTALAÇÃO DE SURF DUPLO, EM TUBO DE AÇO CARBONO - EQUIPAMENTO DE GINÁSTICA PARA ACADEMIA AO AR LIVRE / ACADEMIA DA TERCEIRA IDADE - ATI, INSTALADO SOBRE PISO DE CONCRETO EXISTENTE. AF_10/2021","UN",2853.03]
["Parquinhos e Equipamentos de Ginástica ao Ar Livre",103194,"INSTALAÇÃO DE SURF DUPLO, EM TUBO DE AÇO CARBONO - EQUIPAMENTO DE GINÁSTICA PARA ACADEMIA AO AR LIVRE / ACADEMIA DA TERCEIRA IDADE - ATI, INSTALADO SOBRE SOLO. AF_10/2021","UN",2829.74]
["Passeios de Concreto",95001,"EXECUÇÃO DE PASSEIO (CALÇADA) COM CONCRETO MOLDADO IN LOCO, FEITO EM OBRA, ACABAMENTO ESTAMPADO, ESPESSURA 6 CM, ARMADO. AF_08/2022","M2",0]
["Passeios de Concreto",95000,"EXECUÇÃO DE PASSEIO (CALÇADA) COM CONCRETO MOLDADO IN LOCO, FEITO EM OBRA, ACABAMENTO ESTAMPADO, ESPESSURA 6 CM, NÃO ARMADO. AF_08/2022","M2",0]
["Passeios de Concreto",95005,"EXECUÇÃO DE PASSEIO (CALÇADA) COM CONCRETO MOLDADO IN LOCO, FEITO EM OBRA, ACABAMENTO ESTAMPADO, ESPESSURA 8 CM, ARMADO. AF_08/2022","M2",0]
["Passeios de Concreto",95004,"EXECUÇÃO DE PASSEIO (CALÇADA) COM CONCRETO MOLDADO IN LOCO, FEITO EM OBRA, ACABAMENTO ESTAMPADO, ESPESSURA 8 CM, NÃO ARMADO. AF_08/2022","M2",0]
["Passeios de Concreto",95003,"EXECUÇÃO DE PASSEIO (CALÇADA) COM CONCRETO MOLDADO IN LOCO, USINADO, ACABAMENTO ESTAMPADO, ESPESSURA 6 CM, ARMADO. AF_08/2022","M2",0]
["Passeios de Concreto",95002,"EXECUÇÃO DE PASSEIO (CALÇADA) COM CONCRETO MOLDADO IN LOCO, USINADO, ACABAMENTO ESTAMPADO, ESPESSURA 6 CM, NÃO ARMADO. AF_08/2022","M2",0]
["Passeios de Concreto",95007,"EXECUÇÃO DE PASSEIO (CALÇADA) COM CONCRETO MOLDADO IN LOCO, USINADO, ACABAMENTO ESTAMPADO, ESPESSURA 8 CM, ARMADO. AF_08/2022","M2",0]
["Passeios de Concreto",95006,"EXECUÇÃO DE PASSEIO (CALÇADA) COM CONCRETO MOLDADO IN LOCO, USINADO, ACABAMENTO ESTAMPADO, ESPESSURA 8 CM, NÃO ARMADO. AF_08/2022","M2",0]
["Passeios de Concreto",104313,"EXECUÇÃO DE PASSEIO (CALÇADA) COM PLACAS DE CONCRETO PRÉ-FABRICADAS, ASSENTADAS COM ARGAMASSA, PLACAS DE 100 X 100 CM, NÃO ARMADO. AF_08/2022","M2",0]
["Passeios de Concreto",104312,"EXECUÇÃO DE PASSEIO (CALÇADA) COM PLACAS DE CONCRETO PRÉ-FABRICADAS, ASSENTADAS COM ARGAMASSA, PLACAS DE 40 X 40 CM, NÃO ARMADO. AF_08/2022","M2",0]
["Passeios de Concreto",94992,"EXECUÇÃO DE PASSEIO (CALÇADA) OU PISO DE CONCRETO COM CONCRETO MOLDADO IN LOCO, FEITO EM OBRA, ACABAMENTO CONVENCIONAL, ESPESSURA 6 CM, ARMADO. AF_08/2022","M2",82.23]
["Passeios de Concreto",94994,"EXECUÇÃO DE PASSEIO (CALÇADA) OU PISO DE CONCRETO COM CONCRETO MOLDADO IN LOCO, FEITO EM OBRA, ACABAMENTO CONVENCIONAL, ESPESSURA 8 CM, ARMADO. AF_08/2022","M2",100.6]
["Passeios de Concreto",94990,"EXECUÇÃO DE PASSEIO (CALÇADA) OU PISO DE CONCRETO COM CONCRETO MOLDADO IN LOCO, FEITO EM OBRA, ACABAMENTO CONVENCIONAL, NÃO ARMADO. AF_08/2022","M3",895.59]
["Passeios de Concreto",94991,"EXECUÇÃO DE PASSEIO (CALÇADA) OU PISO DE CONCRETO COM CONCRETO MOLDADO IN LOCO, USINADO C20, ACABAMENTO CONVENCIONAL, NÃO ARMADO. AF_08/2022","M3",827.12]
["Passeios de Concreto",104626,"EXECUÇÃO DE PASSEIO (CALÇADA) OU PISO DE CONCRETO COM CONCRETO MOLDADO IN LOCO, USINADO C25, ACABAMENTO CONVENCIONAL, NÃO ARMADO. AF_03/2023","M3",846.73]
["Passeios de Concreto",94993,"EXECUÇÃO DE PASSEIO (CALÇADA) OU PISO DE CONCRETO COM CONCRETO MOLDADO IN LOCO, USINADO, ACABAMENTO CONVENCIONAL, ESPESSURA 6 CM, ARMADO. AF_08/2022","M2",78.12]
["Passeios de Concreto",94995,"EXECUÇÃO DE PASSEIO (CALÇADA) OU PISO DE CONCRETO COM CONCRETO MOLDADO IN LOCO, USINADO, ACABAMENTO CONVENCIONAL, ESPESSURA 8 CM, ARMADO. AF_08/2022","M2",95.13]
["Pavimentações Diversas - Paralelepípedos e Pedras Poliédricas",101169,"EXECUÇÃO DE PAVIMENTO EM PARALELEPÍPEDOS, REJUNTAMENTO COM ARGAMASSA TRAÇO 1:3 (CIMENTO E AREIA). AF_05/2020","M2",99.88]
["Pavimentações Diversas - Paralelepípedos e Pedras Poliédricas",104383,"EXECUÇÃO DE PAVIMENTO EM PARALELEPÍPEDOS, REJUNTAMENTO COM PEDRISCO E EMULSÃO ASFÁLTICA. AF_05/2020","M2",0]
["Pavimentações Diversas - Paralelepípedos e Pedras Poliédricas",101167,"EXECUÇÃO DE PAVIMENTO EM PARALELEPÍPEDOS, REJUNTAMENTO COM PÓ DE PEDRA. AF_05/2020","M2",82.23]
["Pavimentações Diversas - Paralelepípedos e Pedras Poliédricas",101172,"EXECUÇÃO DE PAVIMENTO EM PEDRAS POLIÉDRICAS, REJUNTAMENTO COM ARGAMASSA TRAÇO 1:3 (CIMENTO E AREIA). AF_05/2020","M2",89.28]
["Pavimentações Diversas - Paralelepípedos e Pedras Poliédricas",104384,"EXECUÇÃO DE PAVIMENTO EM PEDRAS POLIÉDRICAS, REJUNTAMENTO COM PEDRISCO E EMULSÃO ASFÁLTICA. AF_05/2020","M2",0]
["Pavimentações Diversas - Paralelepípedos e Pedras Poliédricas",101170,"EXECUÇÃO DE PAVIMENTO EM PEDRAS POLIÉDRICAS, REJUNTAMENTO COM PÓ DE PEDRA. AF_05/2020","M2",58.2]
["Pavimento Intertravado",104438,"EXECUÇÃO DE PASSEIO COM PLACAS DE CONCRETO PERMEÁVEL (DRENANTE), PRÉ-FABRICADAS, DE 40 X 40 CM, ESPESSURA 6 CM. AF_10/2022","M2",0]
["Pavimento Intertravado",92402,"EXECUÇÃO DE PASSEIO EM PISO INTERTRAVADO, COM BLOCO 16 FACES DE 22 X 11 CM, ESPESSURA 6 CM. AF_10/2022","M2",90.17]
["Pavimento Intertravado",104429,"EXECUÇÃO DE PASSEIO EM PISO INTERTRAVADO, COM BLOCO DE CONCRETO PERMEÁVEL (DRENANTE) 16 FACES DE 22 X 11 CM, ESPESSURA 6 CM. AF_10/2022","M2",0]
["Pavimento Intertravado",104426,"EXECUÇÃO DE PASSEIO EM PISO INTERTRAVADO, COM BLOCO DE CONCRETO PERMEÁVEL RETANGULAR DE 20 X 10 CM, ESPESSURA 6 CM. AF_10/2022","M2",0]
["Pavimento Intertravado",104436,"EXECUÇÃO DE PASSEIO EM PISO INTERTRAVADO, COM BLOCO PODOTÁTIL (ALERTA OU DIRECIONAL) QUADRADO DE 20 X 20 CM, ESPESSURA 6 CM. AF_10/2022","M2",0]
["Pavimento Intertravado",104434,"EXECUÇÃO DE PASSEIO EM PISO INTERTRAVADO, COM BLOCO PODOTÁTIL (ALERTA OU DIRECIONAL) RETANGULAR DE 20 X 10 CM, ESPESSURA 6 CM. AF_10/2022","M2",0]
["Pavimento Intertravado",104432,"EXECUÇÃO DE PASSEIO EM PISO INTERTRAVADO, COM BLOCO RAQUETE 22 X 13,5 CM, ESPESSURA 6 CM. AF_10/2022","M2",113.06]
["Pavimento Intertravado",93679,"EXECUÇÃO DE PASSEIO EM PISO INTERTRAVADO, COM BLOCO RETANGULAR COLORIDO DE 20 X 10 CM, ESPESSURA 6 CM. AF_10/2022","M2",108.9]
["Pavimento Intertravado",92396,"EXECUÇÃO DE PASSEIO EM PISO INTERTRAVADO, COM BLOCO RETANGULAR COR NATURAL DE 20 X 10 CM, ESPESSURA 6 CM. AF_10/2022","M2",92.74]
["Pavimento Intertravado",104439,"EXECUÇÃO DE PAVIMENTO COM PLACAS DE CONCRETO PERMEÁVEL (DRENANTE), PRÉ-FABRICADAS, DE 40 X 40 CM, ESPESSURA 6 CM. AF_10/2022","M2",0]
["Pavimento Intertravado",104440,"EXECUÇÃO DE PAVIMENTO COM PLACAS DE CONCRETO PERMEÁVEL (DRENANTE), PRÉ-FABRICADAS, DE 40 X 40 CM, ESPESSURA 8 CM. AF_10/2022","M2",0]
["Pavimento Intertravado",92406,"EXECUÇÃO DE PAVIMENTO EM PISO INTERTRAVADO, COM BLOCO 16 FACES DE 22 X 11 CM, ESPESSURA 10 CM. AF_10/2022","M2",151.74]
["Pavimento Intertravado",92403,"EXECUÇÃO DE PAVIMENTO EM PISO INTERTRAVADO, COM BLOCO 16 FACES DE 22 X 11 CM, ESPESSURA 6 CM. AF_10/2022","M2",77.790000000000006]
["Pavimento Intertravado",92404,"EXECUÇÃO DE PAVIMENTO EM PISO INTERTRAVADO, COM BLOCO 16 FACES DE 22 X 11 CM, ESPESSURA 8 CM. AF_10/2022","M2",89.81]
["Pavimento Intertravado",104430,"EXECUÇÃO DE PAVIMENTO EM PISO INTERTRAVADO, COM BLOCO DE CONCRETO PERMEÁVEL (DRENANTE) 16 FACES DE 22 X 11 CM, ESPESSURA 6 CM. AF_10/2022","M2",0]
["Pavimento Intertravado",104431,"EXECUÇÃO DE PAVIMENTO EM PISO INTERTRAVADO, COM BLOCO DE CONCRETO PERMEÁVEL (DRENANTE) 16 FACES DE 22 X 11 CM, ESPESSURA 8 CM. AF_10/2022","M2",0]
["Pavimento Intertravado",104427,"EXECUÇÃO DE PAVIMENTO EM PISO INTERTRAVADO, COM BLOCO DE CONCRETO PERMEÁVEL (DRENANTE) RETANGULAR DE 20 X 10 CM, ESPESSURA 6 CM. AF_10/2022","M2",0]
["Pavimento Intertravado",104428,"EXECUÇÃO DE PAVIMENTO EM PISO INTERTRAVADO, COM BLOCO DE CONCRETO PERMEÁVEL (DRENANTE) RETANGULAR DE 20 X 10 CM, ESPESSURA 8 CM. AF_10/2022","M2",0]
["Pavimento Intertravado",92391,"EXECUÇÃO DE PAVIMENTO EM PISO INTERTRAVADO, COM BLOCO PISOGRAMA DE 35 X 15 CM, ESPESSURA 6 CM. AF_10/2022","M2",83.63]
["Pavimento Intertravado",92392,"EXECUÇÃO DE PAVIMENTO EM PISO INTERTRAVADO, COM BLOCO PISOGRAMA DE 35 X 15 CM, ESPESSURA 8 CM. AF_10/2022","M2",91.32]
["Pavimento Intertravado",104437,"EXECUÇÃO DE PAVIMENTO EM PISO INTERTRAVADO, COM BLOCO PODOTÁTIL (ALERTA OU DIRECIONAL) QUADRADO DE 20 X 20 CM, ESPESSURA 6 CM. AF_10/2022","M2",0]
["Pavimento Intertravado",104435,"EXECUÇÃO DE PAVIMENTO EM PISO INTERTRAVADO, COM BLOCO PODOTÁTIL (ALERTA OU DIRECIONAL) RETANGULAR DE 20 X 10 CM, ESPESSURA 6 CM. AF_10/2022","M2",0]
["Pavimento Intertravado",104433,"EXECUÇÃO DE PAVIMENTO EM PISO INTERTRAVADO, COM BLOCO RAQUETE 22 X 13,5 CM, ESPESSURA 6 CM. AF_10/2022","M2",99.19]
["Pavimento Intertravado",93680,"EXECUÇÃO DE PAVIMENTO EM PISO INTERTRAVADO, COM BLOCO RETANGULAR COLORIDO DE 20 X 10 CM, ESPESSURA 6 CM. AF_10/2022","M2",96.49]
["Pavimento Intertravado",93681,"EXECUÇÃO DE PAVIMENTO EM PISO INTERTRAVADO, COM BLOCO RETANGULAR COLORIDO DE 20 X 10 CM, ESPESSURA 8 CM. AF_10/2022","M2",114.82]
["Pavimento Intertravado",92397,"EXECUÇÃO DE PAVIMENTO EM PISO INTERTRAVADO, COM BLOCO RETANGULAR COR NATURAL DE 20 X 10 CM, ESPESSURA 6 CM. AF_10/2022","M2",80.739999999999995]
["Pavimento Intertravado",92398,"EXECUÇÃO DE PAVIMENTO EM PISO INTERTRAVADO, COM BLOCO RETANGULAR COR NATURAL DE 20 X 10 CM, ESPESSURA 8 CM. AF_10/2022","M2",92.77]
["Pavimento Intertravado",92400,"EXECUÇÃO DE PAVIMENTO EM PISO INTERTRAVADO, COM BLOCO RETANGULAR DE 20 X 10 CM, ESPESSURA 10 CM. AF_10/2022","M2",107.95]
["Pavimento Intertravado",92395,"EXECUÇÃO DE PAVIMENTO EM PISO INTERTRAVADO, COM BLOCO SEXTAVADO DE 25 X 25 CM, ESPESSURA 10 CM. AF_10/2022","M2",130.46]
["Pavimento Intertravado",92393,"EXECUÇÃO DE PAVIMENTO EM PISO INTERTRAVADO, COM BLOCO SEXTAVADO DE 25 X 25 CM, ESPESSURA 6 CM. AF_10/2022","M2",84.22]
["Pavimento Intertravado",92394,"EXECUÇÃO DE PAVIMENTO EM PISO INTERTRAVADO, COM BLOCO SEXTAVADO DE 25 X 25 CM, ESPESSURA 8 CM. AF_10/2022","M2",100.5]
["Pavimento Rígido de Concreto",97115,"APLICAÇÃO DE GRAXA EM BARRAS DE TRANSFERÊNCIA PARA EXECUÇÃO DE PAVIMENTO DE CONCRETO. AF_04/2022","KG",59.76]
["Pavimento Rígido de Concreto",97113,"APLICAÇÃO DE LONA PLÁSTICA PARA EXECUÇÃO DE PAVIMENTOS DE CONCRETO. AF_04/2022","M2",2.35]
["Pavimento Rígido de Concreto",97120,"BARRAS DE LIGAÇÃO, AÇO CA-50 DE 10 MM, PARA EXECUÇÃO DE PAVIMENTO DE CONCRETO - FORNECIMENTO E INSTALAÇÃO. AF_04/2022","KG",8.75]
["Pavimento Rígido de Concreto",97116,"BARRAS DE TRANSFERÊNCIA, AÇO CA-25 DE 16,0 MM, PARA EXECUÇÃO DE PAVIMENTO DE CONCRETO - FORNECIMENTO E INSTALAÇÃO. AF_04/2022","KG",22.62]
["Pavimento Rígido de Concreto",97117,"BARRAS DE TRANSFERÊNCIA, AÇO CA-25 DE 20,0 MM, PARA EXECUÇÃO DE PAVIMENTO DE CONCRETO - FORNECIMENTO E INSTALAÇÃO. AF_04/2022","KG",19]
["Pavimento Rígido de Concreto",97118,"BARRAS DE TRANSFERÊNCIA, AÇO CA-25 DE 25,0 MM, PARA EXECUÇÃO DE PAVIMENTO DE CONCRETO - FORNECIMENTO E INSTALAÇÃO. AF_04/2022","KG",15.35]
["Pavimento Rígido de Concreto",97119,"BARRAS DE TRANSFERÊNCIA, AÇO CA-25 DE 32,0 MM, PARA EXECUÇÃO DE PAVIMENTO DE CONCRETO - FORNECIMENTO E INSTALAÇÃO. AF_04/2022","KG",13.45]
["Pavimento Rígido de Concreto",97114,"EXECUÇÃO DE JUNTAS DE CONTRAÇÃO PARA PAVIMENTOS DE CONCRETO. AF_04/2022","M",0.44]
["Pavimento Rígido de Concreto",97111,"EXECUÇÃO DE PAVIMENTO DE CONCRETO ARMADO (PCA), FCK = 30 MPA, ESPESSURA DE 15,0 CM. AF_04/2022","M2",211.56]
["Pavimento Rígido de Concreto",97112,"EXECUÇÃO DE PAVIMENTO DE CONCRETO ARMADO (PCA), FCK = 30 MPA, ESPESSURA DE 17,5 CM. AF_04/2022","M2",222.4]
["Pavimento Rígido de Concreto",103904,"EXECUÇÃO DE PAVIMENTO DE CONCRETO SIMPLES (PCS), FCK = 35 MPA, ESPESSURA DE 15,0 CM. AF_04/2022","M2",141.41]
["Pavimento Rígido de Concreto",103905,"EXECUÇÃO DE PAVIMENTO DE CONCRETO SIMPLES (PCS), FCK = 35 MPA, ESPESSURA DE 16,0 CM. AF_04/2022","M2",149.4]
["Pavimento Rígido de Concreto",103907,"EXECUÇÃO DE PAVIMENTO DE CONCRETO SIMPLES (PCS), FCK = 35 MPA, ESPESSURA DE 17,5 CM. AF_04/2022","M2",158.09]
["Pavimento Rígido de Concreto",103911,"EXECUÇÃO DE PAVIMENTO DE CONCRETO SIMPLES (PCS), FCK = 35 MPA, ESPESSURA DE 25,0 CM. AF_04/2022","M2",229.05]
["Pavimento Rígido de Concreto",97104,"EXECUÇÃO DE PAVIMENTO DE CONCRETO SIMPLES (PCS), FCK = 40 MPA, ESPESSURA DE 15,0 CM. AF_04/2022","M2",145.66]
["Pavimento Rígido de Concreto",103906,"EXECUÇÃO DE PAVIMENTO DE CONCRETO SIMPLES (PCS), FCK = 40 MPA, ESPESSURA DE 16,0 CM. AF_04/2022","M2",179.53]
["Pavimento Rígido de Concreto",97105,"EXECUÇÃO DE PAVIMENTO DE CONCRETO SIMPLES (PCS), FCK = 40 MPA, ESPESSURA DE 17,5 CM. AF_04/2022","M2",165.29]
["Pavimento Rígido de Concreto",97106,"EXECUÇÃO DE PAVIMENTO DE CONCRETO SIMPLES (PCS), FCK = 40 MPA, ESPESSURA DE 20,0 CM. AF_04/2022","M2",184.09]
["Pavimento Rígido de Concreto",97107,"EXECUÇÃO DE PAVIMENTO DE CONCRETO SIMPLES (PCS), FCK = 40 MPA, ESPESSURA DE 22,5 CM. AF_04/2022","M2",208.79]
["Pavimento Rígido de Concreto",97108,"EXECUÇÃO DE PAVIMENTO DE CONCRETO SIMPLES (PCS), FCK = 40 MPA, ESPESSURA DE 25,0 CM. AF_04/2022","M2",236.13]
["Pavimento Rígido de Concreto",97109,"EXECUÇÃO DE PAVIMENTO DE CONCRETO SIMPLES (PCS), FCK = 40 MPA, ESPESSURA DE 27,5 CM. AF_04/2022","M2",260.49]
["Pavimento Rígido de Concreto",103913,"EXECUÇÃO DE PISO INDUSTRIAL DE CONCRETO ARMADO, FCK = 20 MPA, ESPESSURA DE 12,0 CM. AF_04/2022","M2",126.78]
["Pavimento Rígido de Concreto",103914,"EXECUÇÃO DE PISO INDUSTRIAL DE CONCRETO ARMADO, FCK = 20 MPA, ESPESSURA DE 14,0 CM. AF_04/2022","M2",147.51]
["Pavimento Rígido de Concreto",103915,"EXECUÇÃO DE PISO INDUSTRIAL DE CONCRETO ARMADO, FCK = 20 MPA, ESPESSURA DE 15,0 CM. AF_04/2022","M2",160.07]
["Pavimento Rígido de Concreto",103916,"EXECUÇÃO DE PISO INDUSTRIAL DE CONCRETO ARMADO, FCK = 20 MPA, ESPESSURA DE 18,0 CM. AF_04/2022","M2",184.77]
["Pavimento Rígido de Concreto",103917,"EXECUÇÃO DE PISO INDUSTRIAL DE CONCRETO ARMADO, FCK = 20 MPA, ESPESSURA DE 20,0 CM. AF_04/2022","M2",210.49]
["Pavimento Rígido de Concreto",103918,"EXECUÇÃO DE PISO INDUSTRIAL DE CONCRETO ARMADO, FCK = 20 MPA, ESPESSURA DE 22,0 CM. AF_04/2022","M2",224.08]
["Pavimento Rígido de Concreto",103919,"EXECUÇÃO DE PISO INDUSTRIAL REFORÇADO COM FIBRAS, FCK = 30 MPA, ESPESSURA DE 12,0 CM. AF_04/2022","M2",0]
["Pavimento Rígido de Concreto",103920,"EXECUÇÃO DE PISO INDUSTRIAL REFORÇADO COM FIBRAS, FCK = 30 MPA, ESPESSURA DE 14,0 CM. AF_04/2022","M2",0]
["Pavimento Rígido de Concreto",103921,"EXECUÇÃO DE PISO INDUSTRIAL REFORÇADO COM FIBRAS, FCK = 30 MPA, ESPESSURA DE 16,0 CM. AF_04/2022","M2",0]
["Pavimento Rígido de Concreto",103922,"EXECUÇÃO DE PISO INDUSTRIAL REFORÇADO COM FIBRAS, FCK = 30 MPA, ESPESSURA DE 18,0 CM. AF_04/2022","M2",0]
["Pavimento Rígido de Concreto",103923,"EXECUÇÃO DE PISO INDUSTRIAL REFORÇADO COM FIBRAS, FCK = 30 MPA, ESPESSURA DE 20,0 CM. AF_04/2022","M2",0]
["Pavimento Rígido de Concreto",103908,"EXECUÇÃO PAVIMENTO DE CONCRETO SIMPLES (PCS), FCK = 35 MPA, ESPESSURA DE 20,0 CM. AF_04/2022","M2",178.42]
["Pavimento Rígido de Concreto",103909,"EXECUÇÃO PAVIMENTO DE CONCRETO SIMPLES (PCS), FCK = 35 MPA, ESPESSURA DE 22,5 CM. AF_04/2022","M2",202.41]
["Pavimento Rígido de Concreto",103912,"EXECUÇÃO PAVIMENTO DE CONCRETO SIMPLES (PCS), FCK = 35 MPA, ESPESSURA DE 27,5 CM. AF_04/2022","M2",252.69]
["Peitoris e Chapins",101979,"CHAPIM (RUFO CAPA) EM AÇO GALVANIZADO, CORTE 33. AF_11/2020","M",42.34]
["Peitoris e Chapins",101970,"CHAPIM SOBRE MUROS LINEARES, EM CONCRETO PRÉ-MOLDADO, COMPRIMENTO DE ATÉ 6 M, ASSENTADO COM ARGAMASSA 1:6 COM ADITIVO. AF_11/2020","M",0]
["Peitoris e Chapins",101972,"CHAPIM SOBRE MUROS LINEARES, EM CONCRETO PRÉ-MOLDADO, COMPRIMENTO MAIOR QUE 6 M, ASSENTADO COM ARGAMASSA 1:6 COM ADITIVO. AF_11/2020","M",0]
["Peitoris e Chapins",101966,"CHAPIM SOBRE MUROS LINEARES, EM GRANITO OU MÁRMORE, L = 25 CM, ASSENTADO COM ARGAMASSA 1:6 COM ADITIVO. AF_11/2020","M",136.71]
["Peitoris e Chapins",101976,"CHAPIM SOBRE MUROS NÃO LINEARES, EM CONCRETO PRÉ-MOLDADO, COMPRIMENTO DE ATÉ 6 M, ASSENTADO COM ARGAMASSA 1:6 COM ADITIVO. AF_11/2020","M",0]
["Peitoris e Chapins",101978,"CHAPIM SOBRE MUROS NÃO LINEARES, EM CONCRETO PRÉ-MOLDADO, COMPRIMENTO MAIOR QUE 6 M, ASSENTADO COM ARGAMASSA 1:6 COM ADITIVO. AF_11/2020","M",0]
["Peitoris e Chapins",101967,"PEITORIL LINEAR EM CONCRETO PRÉ-MOLDADO, COMPRIMENTO DE ATÉ 2 M, ASSENTADO COM ARGAMASSA 1:6 COM ADITIVO. AF_11/2020","M",0]
["Peitoris e Chapins",101968,"PEITORIL LINEAR EM CONCRETO PRÉ-MOLDADO, COMPRIMENTO MAIOR QUE 2 M, ASSENTADO COM ARGAMASSA 1:6 COM ADITIVO. AF_11/2020","M",0]
["Peitoris e Chapins",101965,"PEITORIL LINEAR EM GRANITO OU MÁRMORE, L = 15CM, ASSENTADO COM ARGAMASSA 1:6 COM ADITIVO. AF_11/2020","M",118.23]
["Pele de Vidro em Fachadas",104100,"FACHADA CORTINA EM VIDRO NO SISTEMA STICK, CONSIDERANDO MODULAÇÃO DE 1,25 X 3,20 M, COM ABERTURA, ACABAMENTO ANODIZADO OU PINTADO - FORNECIMENTO E INSTALAÇÃO. AF_06/2022","M2",0]
["Pele de Vidro em Fachadas",104099,"FACHADA CORTINA EM VIDRO NO SISTEMA STICK, CONSIDERANDO MODULAÇÃO DE 1,25 X 3,20 M, SEM ABERTURA, ACABAMENTO ANODIZADO OU PINTADO - FORNECIMENTO E INSTALAÇÃO. AF_06/2022","M2",0]
["Pele de Vidro em Fachadas",104102,"FACHADA CORTINA EM VIDRO NO SISTEMA UNITIZADO, CONSIDERANDO MODULAÇÃO DE 1,25 X 3,20 M, COM ABERTURA, ACABAMENTO ANODIZADO OU PINTADO - FORNECIMENTO E INSTALAÇÃO. AF_06/2022","M2",0]
["Pele de Vidro em Fachadas",104101,"FACHADA CORTINA EM VIDRO NO SISTEMA UNITIZADO, CONSIDERANDO MODULAÇÃO DE 1,25 X 3,20 M, SEM ABERTURA, ACABAMENTO ANODIZADO OU PINTADO - FORNECIMENTO E INSTALAÇÃO. AF_06/2022","M2",0]
["Pele de Vidro em Fachadas",104103,"FACHADA EM VIDRO NO SISTEMA SPIDER GLASS, CONSIDERANDO MÓDULOS DE 2,00 X 2,50 M, FIXADO EM ESTRUTURA METÁLICA FORNECIMENTO E INSTALAÇÃO. AF_06/2022","M2",0]
["Peneiramento e Ensacamento de Areia em Obra",92123,"ENSACAMENTO DE AREIA. AF_11/2015","M3",54.75]
["Peneiramento e Ensacamento de Areia em Obra",92121,"PENEIRAMENTO DE AREIA COM PENEIRA ELÉTRICA. AF_11/2015","M3",35]
["Peneiramento e Ensacamento de Areia em Obra",92122,"PENEIRAMENTO DE AREIA COM PENEIRA MANUAL. AF_11/2015","M3",58.43]
["Perfuração Horizontal Direcional - HDD",103615,"PERFURAÇÃO HORIZONTAL DIRECIONAL E INSTALAÇÃO DE TUBULAÇÃO PEAD 110 MM, EM SOLO DE 1ª CATEGORIA. AF_01/2022","M",0]
["Perfuração Horizontal Direcional - HDD",103637,"PERFURAÇÃO HORIZONTAL DIRECIONAL E INSTALAÇÃO DE TUBULAÇÃO PEAD 110 MM, EM SOLO DE 2ª CATEGORIA. AF_01/2022","M",0]
["Perfuração Horizontal Direcional - HDD",103593,"PERFURAÇÃO HORIZONTAL DIRECIONAL E INSTALAÇÃO DE TUBULAÇÃO PEAD 110 MM, EM SOLO MOLE. AF_01/2022","M",0]
["Perfuração Horizontal Direcional - HDD",103616,"PERFURAÇÃO HORIZONTAL DIRECIONAL E INSTALAÇÃO DE TUBULAÇÃO PEAD 160 MM, EM SOLO DE 1ª CATEGORIA. AF_01/2022","M",0]
["Perfuração Horizontal Direcional - HDD",103638,"PERFURAÇÃO HORIZONTAL DIRECIONAL E INSTALAÇÃO DE TUBULAÇÃO PEAD 160 MM, EM SOLO DE 2ª CATEGORIA. AF_01/2022","M",0]
["Perfuração Horizontal Direcional - HDD",103594,"PERFURAÇÃO HORIZONTAL DIRECIONAL E INSTALAÇÃO DE TUBULAÇÃO PEAD 160 MM, EM SOLO MOLE. AF_01/2022","M",0]
["Perfuração Horizontal Direcional - HDD",103617,"PERFURAÇÃO HORIZONTAL DIRECIONAL E INSTALAÇÃO DE TUBULAÇÃO PEAD 180 MM, EM SOLO DE 1ª CATEGORIA. AF_01/2022","M",0]
["Perfuração Horizontal Direcional - HDD",103639,"PERFURAÇÃO HORIZONTAL DIRECIONAL E INSTALAÇÃO DE TUBULAÇÃO PEAD 180 MM, EM SOLO DE 2ª CATEGORIA. AF_01/2022","M",0]
["Perfuração Horizontal Direcional - HDD",103595,"PERFURAÇÃO HORIZONTAL DIRECIONAL E INSTALAÇÃO DE TUBULAÇÃO PEAD 180 MM, EM SOLO MOLE. AF_01/2022","M",0]
["Perfuração Horizontal Direcional - HDD",103609,"PERFURAÇÃO HORIZONTAL DIRECIONAL E INSTALAÇÃO DE TUBULAÇÃO PEAD 20 MM, EM SOLO DE 1ª CATEGORIA. AF_01/2022","M",0]
["Perfuração Horizontal Direcional - HDD",103631,"PERFURAÇÃO HORIZONTAL DIRECIONAL E INSTALAÇÃO DE TUBULAÇÃO PEAD 20 MM, EM SOLO DE 2ª CATEGORIA. AF_01/2022","M",0]
["Perfuração Horizontal Direcional - HDD",103587,"PERFURAÇÃO HORIZONTAL DIRECIONAL E INSTALAÇÃO DE TUBULAÇÃO PEAD 20 MM, EM SOLO MOLE. AF_01/2022","M",0]
["Perfuração Horizontal Direcional - HDD",103618,"PERFURAÇÃO HORIZONTAL DIRECIONAL E INSTALAÇÃO DE TUBULAÇÃO PEAD 200 MM, EM SOLO DE 1ª CATEGORIA. AF_01/2022","M",0]
["Perfuração Horizontal Direcional - HDD",103640,"PERFURAÇÃO HORIZONTAL DIRECIONAL E INSTALAÇÃO DE TUBULAÇÃO PEAD 200 MM, EM SOLO DE 2ª CATEGORIA. AF_01/2022","M",0]
["Perfuração Horizontal Direcional - HDD",103596,"PERFURAÇÃO HORIZONTAL DIRECIONAL E INSTALAÇÃO DE TUBULAÇÃO PEAD 200 MM, EM SOLO MOLE. AF_01/2022","M",0]
["Perfuração Horizontal Direcional - HDD",103619,"PERFURAÇÃO HORIZONTAL DIRECIONAL E INSTALAÇÃO DE TUBULAÇÃO PEAD 225 MM, EM SOLO DE 1ª CATEGORIA. AF_01/2022","M",0]
["Perfuração Horizontal Direcional - HDD",103641,"PERFURAÇÃO HORIZONTAL DIRECIONAL E INSTALAÇÃO DE TUBULAÇÃO PEAD 225 MM, EM SOLO DE 2ª CATEGORIA. AF_01/2022","M",0]
["Perfuração Horizontal Direcional - HDD",103597,"PERFURAÇÃO HORIZONTAL DIRECIONAL E INSTALAÇÃO DE TUBULAÇÃO PEAD 225 MM, EM SOLO MOLE. AF_01/2022","M",0]
["Perfuração Horizontal Direcional - HDD",103620,"PERFURAÇÃO HORIZONTAL DIRECIONAL E INSTALAÇÃO DE TUBULAÇÃO PEAD 250 MM, EM SOLO DE 1ª CATEGORIA. AF_01/2022","M",0]
["Perfuração Horizontal Direcional - HDD",103642,"PERFURAÇÃO HORIZONTAL DIRECIONAL E INSTALAÇÃO DE TUBULAÇÃO PEAD 250 MM, EM SOLO DE 2ª CATEGORIA. AF_01/2022","M",0]
["Perfuração Horizontal Direcional - HDD",103598,"PERFURAÇÃO HORIZONTAL DIRECIONAL E INSTALAÇÃO DE TUBULAÇÃO PEAD 250 MM, EM SOLO MOLE. AF_01/2022","M",0]
["Perfuração Horizontal Direcional - HDD",103621,"PERFURAÇÃO HORIZONTAL DIRECIONAL E INSTALAÇÃO DE TUBULAÇÃO PEAD 280 MM, EM SOLO DE 1ª CATEGORIA. AF_01/2022","M",0]
["Perfuração Horizontal Direcional - HDD",103643,"PERFURAÇÃO HORIZONTAL DIRECIONAL E INSTALAÇÃO DE TUBULAÇÃO PEAD 280 MM, EM SOLO DE 2ª CATEGORIA. AF_01/2022","M",0]
["Perfuração Horizontal Direcional - HDD",103599,"PERFURAÇÃO HORIZONTAL DIRECIONAL E INSTALAÇÃO DE TUBULAÇÃO PEAD 280 MM, EM SOLO MOLE. AF_01/2022","M",0]
["Perfuração Horizontal Direcional - HDD",103622,"PERFURAÇÃO HORIZONTAL DIRECIONAL E INSTALAÇÃO DE TUBULAÇÃO PEAD 315 MM, EM SOLO DE 1ª CATEGORIA. AF_01/2022","M",0]
["Perfuração Horizontal Direcional - HDD",103644,"PERFURAÇÃO HORIZONTAL DIRECIONAL E INSTALAÇÃO DE TUBULAÇÃO PEAD 315 MM, EM SOLO DE 2ª CATEGORIA. AF_01/2022","M",0]
["Perfuração Horizontal Direcional - HDD",103600,"PERFURAÇÃO HORIZONTAL DIRECIONAL E INSTALAÇÃO DE TUBULAÇÃO PEAD 315 MM, EM SOLO MOLE. AF_01/2022","M",0]
["Perfuração Horizontal Direcional - HDD",103610,"PERFURAÇÃO HORIZONTAL DIRECIONAL E INSTALAÇÃO DE TUBULAÇÃO PEAD 32 MM, EM SOLO DE 1ª CATEGORIA. AF_01/2022","M",0]
["Perfuração Horizontal Direcional - HDD",103632,"PERFURAÇÃO HORIZONTAL DIRECIONAL E INSTALAÇÃO DE TUBULAÇÃO PEAD 32 MM, EM SOLO DE 2ª CATEGORIA. AF_01/2022","M",0]
["Perfuração Horizontal Direcional - HDD",103588,"PERFURAÇÃO HORIZONTAL DIRECIONAL E INSTALAÇÃO DE TUBULAÇÃO PEAD 32 MM, EM SOLO MOLE. AF_01/2022","M",0]
["Perfuração Horizontal Direcional - HDD",103623,"PERFURAÇÃO HORIZONTAL DIRECIONAL E INSTALAÇÃO DE TUBULAÇÃO PEAD 355 MM, EM SOLO DE 1ª CATEGORIA. AF_01/2022","M",0]
["Perfuração Horizontal Direcional - HDD",103645,"PERFURAÇÃO HORIZONTAL DIRECIONAL E INSTALAÇÃO DE TUBULAÇÃO PEAD 355 MM, EM SOLO DE 2ª CATEGORIA. AF_01/2022","M",0]
["Perfuração Horizontal Direcional - HDD",103601,"PERFURAÇÃO HORIZONTAL DIRECIONAL E INSTALAÇÃO DE TUBULAÇÃO PEAD 355 MM, EM SOLO MOLE. AF_01/2022","M",0]
["Perfuração Horizontal Direcional - HDD",103624,"PERFURAÇÃO HORIZONTAL DIRECIONAL E INSTALAÇÃO DE TUBULAÇÃO PEAD 400 MM, EM SOLO DE 1ª CATEGORIA. AF_01/2022","M",0]
["Perfuração Horizontal Direcional - HDD",103646,"PERFURAÇÃO HORIZONTAL DIRECIONAL E INSTALAÇÃO DE TUBULAÇÃO PEAD 400 MM, EM SOLO DE 2ª CATEGORIA. AF_01/2022","M",0]
["Perfuração Horizontal Direcional - HDD",103602,"PERFURAÇÃO HORIZONTAL DIRECIONAL E INSTALAÇÃO DE TUBULAÇÃO PEAD 400 MM, EM SOLO MOLE. AF_01/2022","M",0]
["Perfuração Horizontal Direcional - HDD",103625,"PERFURAÇÃO HORIZONTAL DIRECIONAL E INSTALAÇÃO DE TUBULAÇÃO PEAD 450 MM, EM SOLO DE 1ª CATEGORIA. AF_01/2022","M",0]
["Perfuração Horizontal Direcional - HDD",103647,"PERFURAÇÃO HORIZONTAL DIRECIONAL E INSTALAÇÃO DE TUBULAÇÃO PEAD 450 MM, EM SOLO DE 2ª CATEGORIA. AF_01/2022","M",0]
["Perfuração Horizontal Direcional - HDD",103603,"PERFURAÇÃO HORIZONTAL DIRECIONAL E INSTALAÇÃO DE TUBULAÇÃO PEAD 450 MM, EM SOLO MOLE. AF_01/2022","M",0]
["Perfuração Horizontal Direcional - HDD",103611,"PERFURAÇÃO HORIZONTAL DIRECIONAL E INSTALAÇÃO DE TUBULAÇÃO PEAD 50 MM, EM SOLO DE 1ª CATEGORIA. AF_01/2022","M",0]
["Perfuração Horizontal Direcional - HDD",103633,"PERFURAÇÃO HORIZONTAL DIRECIONAL E INSTALAÇÃO DE TUBULAÇÃO PEAD 50 MM, EM SOLO DE 2ª CATEGORIA. AF_01/2022","M",0]
["Perfuração Horizontal Direcional - HDD",103589,"PERFURAÇÃO HORIZONTAL DIRECIONAL E INSTALAÇÃO DE TUBULAÇÃO PEAD 50 MM, EM SOLO MOLE. AF_01/2022","M",0]
["Perfuração Horizontal Direcional - HDD",103626,"PERFURAÇÃO HORIZONTAL DIRECIONAL E INSTALAÇÃO DE TUBULAÇÃO PEAD 500 MM, EM SOLO DE 1ª CATEGORIA. AF_01/2022","M",0]
["Perfuração Horizontal Direcional - HDD",103648,"PERFURAÇÃO HORIZONTAL DIRECIONAL E INSTALAÇÃO DE TUBULAÇÃO PEAD 500 MM, EM SOLO DE 2ª CATEGORIA. AF_01/2022","M",0]
["Perfuração Horizontal Direcional - HDD",103604,"PERFURAÇÃO HORIZONTAL DIRECIONAL E INSTALAÇÃO DE TUBULAÇÃO PEAD 500 MM, EM SOLO MOLE. AF_01/2022","M",0]
["Perfuração Horizontal Direcional - HDD",103627,"PERFURAÇÃO HORIZONTAL DIRECIONAL E INSTALAÇÃO DE TUBULAÇÃO PEAD 560 MM, EM SOLO DE 1ª CATEGORIA. AF_01/2022","M",0]
["Perfuração Horizontal Direcional - HDD",103649,"PERFURAÇÃO HORIZONTAL DIRECIONAL E INSTALAÇÃO DE TUBULAÇÃO PEAD 560 MM, EM SOLO DE 2ª CATEGORIA. AF_01/2022","M",0]
["Perfuração Horizontal Direcional - HDD",103605,"PERFURAÇÃO HORIZONTAL DIRECIONAL E INSTALAÇÃO DE TUBULAÇÃO PEAD 560 MM, EM SOLO MOLE. AF_01/2022","M",0]
["Perfuração Horizontal Direcional - HDD",103612,"PERFURAÇÃO HORIZONTAL DIRECIONAL E INSTALAÇÃO DE TUBULAÇÃO PEAD 63 MM, EM SOLO DE 1ª CATEGORIA. AF_01/2022","M",0]
["Perfuração Horizontal Direcional - HDD",103634,"PERFURAÇÃO HORIZONTAL DIRECIONAL E INSTALAÇÃO DE TUBULAÇÃO PEAD 63 MM, EM SOLO DE 2ª CATEGORIA. AF_01/2022","M",0]
["Perfuração Horizontal Direcional - HDD",103590,"PERFURAÇÃO HORIZONTAL DIRECIONAL E INSTALAÇÃO DE TUBULAÇÃO PEAD 63 MM, EM SOLO MOLE. AF_01/2022","M",0]
["Perfuração Horizontal Direcional - HDD",103628,"PERFURAÇÃO HORIZONTAL DIRECIONAL E INSTALAÇÃO DE TUBULAÇÃO PEAD 630 MM, EM SOLO DE 1ª CATEGORIA. AF_01/2022","M",0]
["Perfuração Horizontal Direcional - HDD",103650,"PERFURAÇÃO HORIZONTAL DIRECIONAL E INSTALAÇÃO DE TUBULAÇÃO PEAD 630 MM, EM SOLO DE 2ª CATEGORIA. AF_01/2022","M",0]
["Perfuração Horizontal Direcional - HDD",103606,"PERFURAÇÃO HORIZONTAL DIRECIONAL E INSTALAÇÃO DE TUBULAÇÃO PEAD 630 MM, EM SOLO MOLE. AF_01/2022","M",0]
["Perfuração Horizontal Direcional - HDD",103629,"PERFURAÇÃO HORIZONTAL DIRECIONAL E INSTALAÇÃO DE TUBULAÇÃO PEAD 710 MM, EM SOLO DE 1ª CATEGORIA. AF_01/2022","M",0]
["Perfuração Horizontal Direcional - HDD",103651,"PERFURAÇÃO HORIZONTAL DIRECIONAL E INSTALAÇÃO DE TUBULAÇÃO PEAD 710 MM, EM SOLO DE 2ª CATEGORIA. AF_01/2022","M",0]
["Perfuração Horizontal Direcional - HDD",103607,"PERFURAÇÃO HORIZONTAL DIRECIONAL E INSTALAÇÃO DE TUBULAÇÃO PEAD 710 MM, EM SOLO MOLE. AF_01/2022","M",0]
["Perfuração Horizontal Direcional - HDD",103613,"PERFURAÇÃO HORIZONTAL DIRECIONAL E INSTALAÇÃO DE TUBULAÇÃO PEAD 75 MM, EM SOLO DE 1ª CATEGORIA. AF_01/2022","M",0]
["Perfuração Horizontal Direcional - HDD",103635,"PERFURAÇÃO HORIZONTAL DIRECIONAL E INSTALAÇÃO DE TUBULAÇÃO PEAD 75 MM, EM SOLO DE 2ª CATEGORIA. AF_01/2022","M",0]
["Perfuração Horizontal Direcional - HDD",103591,"PERFURAÇÃO HORIZONTAL DIRECIONAL E INSTALAÇÃO DE TUBULAÇÃO PEAD 75 MM, EM SOLO MOLE. AF_01/2022","M",0]
["Perfuração Horizontal Direcional - HDD",103630,"PERFURAÇÃO HORIZONTAL DIRECIONAL E INSTALAÇÃO DE TUBULAÇÃO PEAD 800 MM, EM SOLO DE 1ª CATEGORIA. AF_01/2022","M",0]
["Perfuração Horizontal Direcional - HDD",103652,"PERFURAÇÃO HORIZONTAL DIRECIONAL E INSTALAÇÃO DE TUBULAÇÃO PEAD 800 MM, EM SOLO DE 2ª CATEGORIA. AF_01/2022","M",0]
["Perfuração Horizontal Direcional - HDD",103608,"PERFURAÇÃO HORIZONTAL DIRECIONAL E INSTALAÇÃO DE TUBULAÇÃO PEAD 800 MM, EM SOLO MOLE. AF_01/2022","M",0]
["Perfuração Horizontal Direcional - HDD",103614,"PERFURAÇÃO HORIZONTAL DIRECIONAL E INSTALAÇÃO DE TUBULAÇÃO PEAD 90 MM, EM SOLO DE 1ª CATEGORIA. AF_01/2022","M",0]
["Perfuração Horizontal Direcional - HDD",103636,"PERFURAÇÃO HORIZONTAL DIRECIONAL E INSTALAÇÃO DE TUBULAÇÃO PEAD 90 MM, EM SOLO DE 2ª CATEGORIA. AF_01/2022","M",0]
["Perfuração Horizontal Direcional - HDD",103592,"PERFURAÇÃO HORIZONTAL DIRECIONAL E INSTALAÇÃO DE TUBULAÇÃO PEAD 90 MM, EM SOLO MOLE. AF_01/2022","M",0]
["Pintura Externa",88412,"APLICAÇÃO MANUAL DE FUNDO SELADOR ACRÍLICO EM PANOS CEGOS DE FACHADA (SEM PRESENÇA DE VÃOS) DE EDIFÍCIOS DE MÚLTIPLOS PAVIMENTOS. AF_03/2024","M2",4.16]
["Pintura Externa",88411,"APLICAÇÃO MANUAL DE FUNDO SELADOR ACRÍLICO EM PANOS COM PRESENÇA DE VÃOS DE EDIFÍCIOS DE MÚLTIPLOS PAVIMENTOS. AF_03/2024","M2",5.15]
["Pintura Externa",88415,"APLICAÇÃO MANUAL DE FUNDO SELADOR ACRÍLICO EM PAREDES EXTERNAS DE CASAS. AF_03/2024","M2",5.26]
["Pintura Externa",88413,"APLICAÇÃO MANUAL DE FUNDO SELADOR ACRÍLICO EM SUPERFÍCIES EXTERNAS DE SACADA DE EDIFÍCIOS DE MÚLTIPLOS PAVIMENTOS. AF_03/2024","M2",6.49]
["Pintura Externa",88414,"APLICAÇÃO MANUAL DE FUNDO SELADOR ACRÍLICO EM SUPERFÍCIES INTERNAS DA SACADA DE EDIFÍCIOS DE MÚLTIPLOS PAVIMENTOS. AF_03/2024","M2",7.69]
["Pintura Externa",96131,"APLICAÇÃO MANUAL DE MASSA ACRÍLICA EM PANOS DE FACHADA COM PRESENÇA DE VÃOS, DE EDIFÍCIOS DE MÚLTIPLOS PAVIMENTOS, DUAS DEMÃOS. AF_03/2024","M2",29.43]
["Pintura Externa",96126,"APLICAÇÃO MANUAL DE MASSA ACRÍLICA EM PANOS DE FACHADA COM PRESENÇA DE VÃOS, DE EDIFÍCIOS DE MÚLTIPLOS PAVIMENTOS, UMA DEMÃO. AF_03/2024","M2",19.02]
["Pintura Externa",96132,"APLICAÇÃO MANUAL DE MASSA ACRÍLICA EM PANOS DE FACHADA SEM PRESENÇA DE VÃOS, DE EDIFÍCIOS DE MÚLTIPLOS PAVIMENTOS, DUAS DEMÃOS. AF_03/2024","M2",18.559999999999999]
["Pintura Externa",96127,"APLICAÇÃO MANUAL DE MASSA ACRÍLICA EM PANOS DE FACHADA SEM PRESENÇA DE VÃOS, DE EDIFÍCIOS DE MÚLTIPLOS PAVIMENTOS, UMA DEMÃO. AF_03/2024","M2",11.69]
["Pintura Externa",96135,"APLICAÇÃO MANUAL DE MASSA ACRÍLICA EM PAREDES EXTERNAS DE CASAS, DUAS DEMÃOS. AF_03/2024","M2",31.96]
["Pintura Externa",96130,"APLICAÇÃO MANUAL DE MASSA ACRÍLICA EM PAREDES EXTERNAS DE CASAS, UMA DEMÃO. AF_03/2024","M2",20.79]
["Pintura Externa",96133,"APLICAÇÃO MANUAL DE MASSA ACRÍLICA EM SUPERFÍCIES EXTERNAS DE SACADA DE EDIFÍCIOS DE MÚLTIPLOS PAVIMENTOS, DUAS DEMÃOS. AF_03/2024","M2",49.57]
["Pintura Externa",96128,"APLICAÇÃO MANUAL DE MASSA ACRÍLICA EM SUPERFÍCIES EXTERNAS DE SACADA DE EDIFÍCIOS DE MÚLTIPLOS PAVIMENTOS, UMA DEMÃO. AF_03/2024","M2",32.82]
["Pintura Externa",96134,"APLICAÇÃO MANUAL DE MASSA ACRÍLICA EM SUPERFÍCIES INTERNAS DE SACADA DE EDIFÍCIOS DE MÚLTIPLOS PAVIMENTOS, DUAS DEMÃOS. AF_03/2024","M2",58.21]
["Pintura Externa",96129,"APLICAÇÃO MANUAL DE MASSA ACRÍLICA EM SUPERFÍCIES INTERNAS DE SACADA DE EDIFÍCIOS DE MÚLTIPLOS PAVIMENTOS, UMA DEMÃO. AF_03/2024","M2",38.47]
["Pintura Externa",88432,"APLICAÇÃO MANUAL DE PINTURA COM TINTA TEXTURIZADA ACRÍLICA EM MOLDURAS DE EPS. AF_03/2024","M2",34.57]
["Pintura Externa",88426,"APLICAÇÃO MANUAL DE PINTURA COM TINTA TEXTURIZADA ACRÍLICA EM PANOS CEGOS DE FACHADA (SEM PRESENÇA DE VÃOS) DE EDIFÍCIOS DE MÚLTIPLOS PAVIMENTOS, DUAS CORES. AF_03/2024","M2",20.84]
["Pintura Externa",88417,"APLICAÇÃO MANUAL DE PINTURA COM TINTA TEXTURIZADA ACRÍLICA EM PANOS CEGOS DE FACHADA (SEM PRESENÇA DE VÃOS) DE EDIFÍCIOS DE MÚLTIPLOS PAVIMENTOS, UMA COR. AF_03/2024","M2",18.61]
["Pintura Externa",88424,"APLICAÇÃO MANUAL DE PINTURA COM TINTA TEXTURIZADA ACRÍLICA EM PANOS COM PRESENÇA DE VÃOS DE EDIFÍCIOS DE MÚLTIPLOS PAVIMENTOS, DUAS CORES. AF_03/2024","M2",26.34]
["Pintura Externa",88416,"APLICAÇÃO MANUAL DE PINTURA COM TINTA TEXTURIZADA ACRÍLICA EM PANOS COM PRESENÇA DE VÃOS DE EDIFÍCIOS DE MÚLTIPLOS PAVIMENTOS, UMA COR. AF_03/2024","M2",22.19]
["Pintura Externa",88431,"APLICAÇÃO MANUAL DE PINTURA COM TINTA TEXTURIZADA ACRÍLICA EM PAREDES EXTERNAS DE CASAS, DUAS CORES. AF_03/2024","M2",26.95]
["Pintura Externa",88423,"APLICAÇÃO MANUAL DE PINTURA COM TINTA TEXTURIZADA ACRÍLICA EM PAREDES EXTERNAS DE CASAS, UMA COR. AF_03/2024","M2",22.28]
["Pintura Externa",88428,"APLICAÇÃO MANUAL DE PINTURA COM TINTA TEXTURIZADA ACRÍLICA EM SUPERFÍCIES EXTERNAS DE SACADA DE EDIFÍCIOS DE MÚLTIPLOS PAVIMENTOS, DUAS CORES. AF_03/2024","M2",33.9]
["Pintura Externa",88420,"APLICAÇÃO MANUAL DE PINTURA COM TINTA TEXTURIZADA ACRÍLICA EM SUPERFÍCIES EXTERNAS DE SACADA DE EDIFÍCIOS DE MÚLTIPLOS PAVIMENTOS, UMA COR. AF_03/2024","M2",25.93]
["Pintura Externa",88429,"APLICAÇÃO MANUAL DE PINTURA COM TINTA TEXTURIZADA ACRÍLICA EM SUPERFÍCIES INTERNAS DA SACADA DE EDIFÍCIOS DE MÚLTIPLOS PAVIMENTOS, DUAS CORES. AF_03/2024","M2",40.51]
["Pintura Externa",88421,"APLICAÇÃO MANUAL DE PINTURA COM TINTA TEXTURIZADA ACRÍLICA EM SUPERFÍCIES INTERNAS DA SACADA DE EDIFÍCIOS DE MÚLTIPLOS PAVIMENTOS, UMA COR. AF_03/2024","M2",31.25]
["Pintura Externa",95622,"APLICAÇÃO MANUAL DE TINTA LÁTEX ACRÍLICA EM PANOS COM PRESENÇA DE VÃOS DE EDIFÍCIOS DE MÚLTIPLOS PAVIMENTOS, DUAS DEMÃOS. AF_03/2024","M2",16.41]
["Pintura Externa",95623,"APLICAÇÃO MANUAL DE TINTA LÁTEX ACRÍLICA EM PANOS SEM PRESENÇA DE VÃOS DE EDIFÍCIOS DE MÚLTIPLOS PAVIMENTOS, DUAS DEMÃOS. AF_03/2024","M2",11.29]
["Pintura Externa",95626,"APLICAÇÃO MANUAL DE TINTA LÁTEX ACRÍLICA EM PAREDE EXTERNAS DE CASAS, DUAS DEMÃOS. AF_03/2024","M2",17.46]
["Pintura Externa",95624,"APLICAÇÃO MANUAL DE TINTA LÁTEX ACRÍLICA EM SUPERFÍCIES EXTERNAS DE SACADA DE EDIFÍCIOS DE MÚLTIPLOS PAVIMENTOS, DUAS DEMÃOS. AF_03/2024","M2",25.3]
["Pintura Externa",95625,"APLICAÇÃO MANUAL DE TINTA LÁTEX ACRÍLICA EM SUPERFÍCIES INTERNAS DE SACADA DE EDIFÍCIOS DE MÚLTIPLOS PAVIMENTOS, DUAS DEMÃOS. AF_03/2024","M2",29.87]
["Pintura Interna",88497,"EMASSAMENTO COM MASSA LÁTEX, APLICAÇÃO EM PAREDE, DUAS DEMÃOS, LIXAMENTO MANUAL. AF_04/2023","M2",19.47]
["Pintura Interna",104648,"EMASSAMENTO COM MASSA LÁTEX, APLICAÇÃO EM PAREDE, DUAS DEMÃOS, LIXAMENTO MECANIZADO. AF_04/2023","M2",0]
["Pintura Interna",88495,"EMASSAMENTO COM MASSA LÁTEX, APLICAÇÃO EM PAREDE, UMA DEMÃO, LIXAMENTO MANUAL. AF_04/2023","M2",12.73]
["Pintura Interna",104646,"EMASSAMENTO COM MASSA LÁTEX, APLICAÇÃO EM PAREDE, UMA DEMÃO, LIXAMENTO MECANIZADO. AF_04/2023","M2",0]
["Pintura Interna",88496,"EMASSAMENTO COM MASSA LÁTEX, APLICAÇÃO EM TETO, DUAS DEMÃOS, LIXAMENTO MANUAL. AF_04/2023","M2",35.97]
["Pintura Interna",104647,"EMASSAMENTO COM MASSA LÁTEX, APLICAÇÃO EM TETO, DUAS DEMÃOS, LIXAMENTO MECANIZADO. AF_04/2023","M2",0]
["Pintura Interna",88494,"EMASSAMENTO COM MASSA LÁTEX, APLICAÇÃO EM TETO, UMA DEMÃO, LIXAMENTO MANUAL. AF_04/2023","M2",23.96]
["Pintura Interna",104645,"EMASSAMENTO COM MASSA LÁTEX, APLICAÇÃO EM TETO, UMA DEMÃO, LIXAMENTO MECANIZADO. AF_04/2023","M2",0]
["Pintura Interna",88485,"FUNDO SELADOR ACRÍLICO, APLICAÇÃO MANUAL EM PAREDE, UMA DEMÃO. AF_04/2023","M2",4.5999999999999996]
["Pintura Interna",88484,"FUNDO SELADOR ACRÍLICO, APLICAÇÃO MANUAL EM TETO, UMA DEMÃO. AF_04/2023","M2",5.73]
["Pintura Interna",104638,"FUNDO SELADOR ACRÍLICO, APLICAÇÃO MECÂNICA EM PAREDE, UMA DEMÃO. AF_04/2023","M2",0]
["Pintura Interna",104637,"FUNDO SELADOR ACRÍLICO, APLICAÇÃO MECÂNICA EM TETO, UMA DEMÃO. AF_04/2023","M2",0]
["Pintura Interna",104641,"PINTURA LÁTEX ACRÍLICA ECONÔMICA, APLICAÇÃO MANUAL EM PAREDES, DUAS DEMÃOS. AF_04/2023","M2",10.43]
["Pintura Interna",104639,"PINTURA LÁTEX ACRÍLICA ECONÔMICA, APLICAÇÃO MANUAL EM TETO, DUAS DEMÃOS. AF_04/2023","M2",13.2]
["Pintura Interna",104644,"PINTURA LÁTEX ACRÍLICA ECONÔMICA, APLICAÇÃO MECÂNICA EM PAREDES, DUAS DEMÃOS. AF_04/2023","M2",0]
["Pintura Interna",104643,"PINTURA LÁTEX ACRÍLICA ECONÔMICA, APLICAÇÃO MECÂNICA EM TETO, DUAS DEMÃOS. AF_04/2023","M2",0]
["Pintura Interna",88489,"PINTURA LÁTEX ACRÍLICA PREMIUM, APLICAÇÃO MANUAL EM PAREDES, DUAS DEMÃOS. AF_04/2023","M2",13.96]
["Pintura Interna",88488,"PINTURA LÁTEX ACRÍLICA PREMIUM, APLICAÇÃO MANUAL EM TETO, DUAS DEMÃOS. AF_04/2023","M2",16.73]
["Pintura Interna",104642,"PINTURA LÁTEX ACRÍLICA STANDARD, APLICAÇÃO MANUAL EM PAREDES, DUAS DEMÃOS. AF_04/2023","M2",11.73]
["Pintura Interna",104640,"PINTURA LÁTEX ACRÍLICA STANDARD, APLICAÇÃO MANUAL EM TETO, DUAS DEMÃOS. AF_04/2023","M2",14.5]
["Pintura Interna",95305,"TEXTURA ACRÍLICA, APLICAÇÃO MANUAL EM PAREDE, UMA DEMÃO. AF_04/2023","M2",14.66]
["Pintura Interna",95306,"TEXTURA ACRÍLICA, APLICAÇÃO MANUAL EM TETO, UMA DEMÃO. AF_04/2023","M2",17.27]
["Pintura em Madeira",102201,"APLICAÇÃO MASSA ACRÍLICA PARA MADEIRA, PARA PINTURA COM TINTA DE ACABAMENTO (PIGMENTADA). AF_01/2021","M2",20.64]
["Pintura em Madeira",102200,"APLICAÇÃO MASSA ALQUÍDICA PARA MADEIRA, PARA PINTURA COM TINTA DE ACABAMENTO (PIGMENTADA). AF_01/2021","M2",20.95]
["Pintura em Madeira",102202,"APLICAÇÃO MASSA EPÓXI PARA MADEIRA, PARA PINTURA COM TINTA PU DE ACABAMENTO (PIGMENTADA). AF_01/2021","M2",44.69]
["Pintura em Madeira",102193,"LIXAMENTO DE MADEIRA PARA APLICAÇÃO DE FUNDO OU PINTURA. AF_01/2021","M2",2.2799999999999998]
["Pintura em Madeira",102194,"LIXAMENTO DE MASSA PARA MADEIRA. AF_01/2021","M2",9.6300000000000008]
["Pintura em Madeira",102198,"PINTURA FUNDO NIVELADOR ACRÍLICO BRANCO EM MADEIRA. AF_01/2021","M2",0]
["Pintura em Madeira",102197,"PINTURA FUNDO NIVELADOR ALQUÍDICO BRANCO EM MADEIRA. AF_01/2021","M2",24.64]
["Pintura em Madeira",102195,"PINTURA FUNDO NIVELADOR ALQUÍDICO INCOLOR EM MADEIRA. AF_01/2021","M2",0]
["Pintura em Madeira",102199,"PINTURA FUNDO NIVELADOR POLIURETÂNICO BRANCO EM MADEIRA. AF_01/2021","M2",0]
["Pintura em Madeira",102196,"PINTURA FUNDO NIVELADOR POLIURETÂNICO INCOLOR EM MADEIRA. AF_01/2021","M2",0]
["Pintura em Madeira",102233,"PINTURA IMUNIZANTE PARA MADEIRA, 1 DEMÃO. AF_01/2021","M2",13.23]
["Pintura em Madeira",102234,"PINTURA IMUNIZANTE PARA MADEIRA, 2 DEMÃOS. AF_01/2021","M2",26.48]
["Pintura em Madeira",102207,"PINTURA TINTA DE ACABAMENTO (PIGMENTADA) A ÓLEO EM MADEIRA, 1 DEMÃO. AF_01/2021","M2",10.02]
["Pintura em Madeira",102217,"PINTURA TINTA DE ACABAMENTO (PIGMENTADA) A ÓLEO EM MADEIRA, 2 DEMÃOS. AF_01/2021","M2",20.05]
["Pintura em Madeira",102227,"PINTURA TINTA DE ACABAMENTO (PIGMENTADA) A ÓLEO EM MADEIRA, 3 DEMÃOS. AF_01/2021","M2",30.1]
["Pintura em Madeira",102211,"PINTURA TINTA DE ACABAMENTO (PIGMENTADA) ESMALTE BASE ÁGUA EM MADEIRA, 1 DEMÃO. AF_01/2021","M2",0]
["Pintura em Madeira",102221,"PINTURA TINTA DE ACABAMENTO (PIGMENTADA) ESMALTE BASE ÁGUA EM MADEIRA, 2 DEMÃOS. AF_01/2021","M2",0]
["Pintura em Madeira",102231,"PINTURA TINTA DE ACABAMENTO (PIGMENTADA) ESMALTE BASE ÁGUA EM MADEIRA, 3 DEMÃOS. AF_01/2021","M2",0]
["Pintura em Madeira",102209,"PINTURA TINTA DE ACABAMENTO (PIGMENTADA) ESMALTE SINTÉTICO ACETINADO EM MADEIRA, 1 DEMÃO. AF_01/2021","M2",9.8699999999999992]
["Pintura em Madeira",102219,"PINTURA TINTA DE ACABAMENTO (PIGMENTADA) ESMALTE SINTÉTICO ACETINADO EM MADEIRA, 2 DEMÃOS. AF_01/2021","M2",19.760000000000002]
["Pintura em Madeira",102229,"PINTURA TINTA DE ACABAMENTO (PIGMENTADA) ESMALTE SINTÉTICO ACETINADO EM MADEIRA, 3 DEMÃOS. AF_01/2021","M2",29.66]
["Pintura em Madeira",102210,"PINTURA TINTA DE ACABAMENTO (PIGMENTADA) ESMALTE SINTÉTICO BRILHANTE EM MADEIRA, 1 DEMÃO. AF_01/2021","M2",9.4499999999999993]
["Pintura em Madeira",102220,"PINTURA TINTA DE ACABAMENTO (PIGMENTADA) ESMALTE SINTÉTICO BRILHANTE EM MADEIRA, 2 DEMÃOS. AF_01/2021","M2",18.91]
["Pintura em Madeira",102230,"PINTURA TINTA DE ACABAMENTO (PIGMENTADA) ESMALTE SINTÉTICO BRILHANTE EM MADEIRA, 3 DEMÃOS. AF_01/2021","M2",28.37]
["Pintura em Madeira",102208,"PINTURA TINTA DE ACABAMENTO (PIGMENTADA) ESMALTE SINTÉTICO FOSCO EM MADEIRA, 1 DEMÃO. AF_01/2021","M2",9.59]
["Pintura em Madeira",102218,"PINTURA TINTA DE ACABAMENTO (PIGMENTADA) ESMALTE SINTÉTICO FOSCO EM MADEIRA, 2 DEMÃOS. AF_01/2021","M2",19.190000000000001]
["Pintura em Madeira",102228,"PINTURA TINTA DE ACABAMENTO (PIGMENTADA) ESMALTE SINTÉTICO FOSCO EM MADEIRA, 3 DEMÃOS. AF_01/2021","M2",28.82]
["Pintura em Madeira",102212,"PINTURA TINTA DE ACABAMENTO (PIGMENTADA) POLIURETÂNICA EM MADEIRA, 1 DEMÃO. AF_01/2021","M2",0]
["Pintura em Madeira",102222,"PINTURA TINTA DE ACABAMENTO (PIGMENTADA) POLIURETÂNICA EM MADEIRA, 2 DEMÃOS. AF_01/2021","M2",0]
["Pintura em Madeira",102232,"PINTURA TINTA DE ACABAMENTO (PIGMENTADA) POLIURETÂNICA EM MADEIRA, 3 DEMÃOS. AF_01/2021","M2",0]
["Pintura em Madeira",102203,"PINTURA VERNIZ (INCOLOR) ALQUÍDICO EM MADEIRA, USO INTERNO E EXTERNO, 1 DEMÃO. AF_01/2021","M2",11.79]
["Pintura em Madeira",102213,"PINTURA VERNIZ (INCOLOR) ALQUÍDICO EM MADEIRA, USO INTERNO E EXTERNO, 2 DEMÃOS. AF_01/2021","M2",23.6]
["Pintura em Madeira",102223,"PINTURA VERNIZ (INCOLOR) ALQUÍDICO EM MADEIRA, USO INTERNO E EXTERNO, 3 DEMÃOS. AF_01/2021","M2",35.409999999999997]
["Pintura em Madeira",102204,"PINTURA VERNIZ (INCOLOR) ALQUÍDICO EM MADEIRA, USO INTERNO, 1 DEMÃO. AF_01/2021","M2",12.12]
["Pintura em Madeira",102214,"PINTURA VERNIZ (INCOLOR) ALQUÍDICO EM MADEIRA, USO INTERNO, 2 DEMÃOS. AF_01/2021","M2",24.25]
["Pintura em Madeira",102224,"PINTURA VERNIZ (INCOLOR) ALQUÍDICO EM MADEIRA, USO INTERNO, 3 DEMÃOS. AF_01/2021","M2",36.369999999999997]
["Pintura em Madeira",102205,"PINTURA VERNIZ (INCOLOR) POLIURETÂNICO (RESINA ALQUÍDICA MODIFICADA) EM MADEIRA, 1 DEMÃO. AF_01/2021","M2",11.08]
["Pintura em Madeira",102215,"PINTURA VERNIZ (INCOLOR) POLIURETÂNICO (RESINA ALQUÍDICA MODIFICADA) EM MADEIRA, 2 DEMÃOS. AF_01/2021","M2",22.2]
["Pintura em Madeira",102225,"PINTURA VERNIZ (INCOLOR) POLIURETÂNICO (RESINA ALQUÍDICA MODIFICADA) EM MADEIRA, 3 DEMÃOS. AF_01/2021","M2",33.299999999999997]
["Pintura em Madeira",102206,"PINTURA VERNIZ (INCOLOR) POLIURETÂNICO (RESINA POLIURETÂNICA) EM MADEIRA, 1 DEMÃO. AF_01/2021","M2",0]
["Pintura em Madeira",102216,"PINTURA VERNIZ (INCOLOR) POLIURETÂNICO (RESINA POLIURETÂNICA) EM MADEIRA, 2 DEMÃOS. AF_01/2021","M2",0]
["Pintura em Madeira",102226,"PINTURA VERNIZ (INCOLOR) POLIURETÂNICO (RESINA POLIURETÂNICA) EM MADEIRA, 3 DEMÃOS. AF_01/2021","M2",0]
["Pintura em Superfícies Metálicas",100718,"COLOCAÇÃO DE FITA PROTETORA PARA PINTURA. AF_01/2020","M",1.66]
["Pintura em Superfícies Metálicas",100716,"JATEAMENTO ABRASIVO COM GRANALHA DE AÇO EM PERFIL METÁLICO EM FÁBRICA. AF_01/2020","M2",25.72]
["Pintura em Superfícies Metálicas",100717,"LIXAMENTO MANUAL EM SUPERFÍCIES METÁLICAS EM OBRA. AF_01/2020","M2",11.35]
["Pintura em Superfícies Metálicas",100754,"PINTURA COM TINTA ACRÍLICA DE ACABAMENTO APLICADA A ROLO OU PINCEL SOBRE SUPERFÍCIES METÁLICAS (EXCETO PERFIL) EXECUTADO EM OBRA (02 DEMÃOS). AF_01/2020","M2",35.549999999999997]
["Pintura em Superfícies Metálicas",100736,"PINTURA COM TINTA ACRÍLICA DE ACABAMENTO APLICADA A ROLO OU PINCEL SOBRE SUPERFÍCIES METÁLICAS (EXCETO PERFIL) EXECUTADO EM OBRA (POR DEMÃO). AF_01/2020","M2",17.760000000000002]
["Pintura em Superfícies Metálicas",100753,"PINTURA COM TINTA ACRÍLICA DE ACABAMENTO PULVERIZADA SOBRE SUPERFÍCIES METÁLICAS (EXCETO PERFIL) EXECUTADO EM OBRA (02 DEMÃOS). AF_01/2020_PE","M2",26.51]
["Pintura em Superfícies Metálicas",100735,"PINTURA COM TINTA ACRÍLICA DE ACABAMENTO PULVERIZADA SOBRE SUPERFÍCIES METÁLICAS (EXCETO PERFIL) EXECUTADO EM OBRA (POR DEMÃO). AF_01/2020_PE","M2",13.25]
["Pintura em Superfícies Metálicas",100734,"PINTURA COM TINTA ACRÍLICA DE FUNDO APLICADA A ROLO OU PINCEL SOBRE SUPERFÍCIES METÁLICAS (EXCETO PERFIL) EXECUTADO EM OBRA (POR DEMÃO). AF_01/2020","M2",18.850000000000001]
["Pintura em Superfícies Metálicas",100733,"PINTURA COM TINTA ACRÍLICA DE FUNDO PULVERIZADA SOBRE SUPERFÍCIES METÁLICAS (EXCETO PERFIL) EXECUTADO EM OBRA (POR DEMÃO). AF_01/2020_PE","M2",14.51]
["Pintura em Superfícies Metálicas",100740,"PINTURA COM TINTA ALQUÍDICA DE ACABAMENTO (ESMALTE SINTÉTICO ACETINADO) APLICADA A ROLO OU PINCEL SOBRE PERFIL METÁLICO EXECUTADO EM FÁBRICA (POR DEMÃO). AF_01/2020","M2",13.21]
["Pintura em Superfícies Metálicas",100758,"PINTURA COM TINTA ALQUÍDICA DE ACABAMENTO (ESMALTE SINTÉTICO ACETINADO) APLICADA A ROLO OU PINCEL SOBRE SUPERFÍCIES METÁLICAS (EXCETO PERFIL) EXECUTADO EM OBRA (02 DEMÃOS). AF_01/2020","M2",59.3]
["Pintura em Superfícies Metálicas",100742,"PINTURA COM TINTA ALQUÍDICA DE ACABAMENTO (ESMALTE SINTÉTICO ACETINADO) APLICADA A ROLO OU PINCEL SOBRE SUPERFÍCIES METÁLICAS (EXCETO PERFIL) EXECUTADO EM OBRA (POR DEMÃO). AF_01/2020","M2",29.63]
["Pintura em Superfícies Metálicas",100739,"PINTURA COM TINTA ALQUÍDICA DE ACABAMENTO (ESMALTE SINTÉTICO ACETINADO) PULVERIZADA SOBRE PERFIL METÁLICO EXECUTADO EM FÁBRICA (POR DEMÃO). AF_01/2020_PE","M2",11.9]
["Pintura em Superfícies Metálicas",100757,"PINTURA COM TINTA ALQUÍDICA DE ACABAMENTO (ESMALTE SINTÉTICO ACETINADO) PULVERIZADA SOBRE SUPERFÍCIES METÁLICAS (EXCETO PERFIL) EXECUTADO EM OBRA (02 DEMÃOS). AF_01/2020_PE","M2",57.6]
["Pintura em Superfícies Metálicas",100741,"PINTURA COM TINTA ALQUÍDICA DE ACABAMENTO (ESMALTE SINTÉTICO ACETINADO) PULVERIZADA SOBRE SUPERFÍCIES METÁLICAS (EXCETO PERFIL) EXECUTADO EM OBRA (POR DEMÃO). AF_01/2020_PE","M2",28.79]
["Pintura em Superfícies Metálicas",100744,"PINTURA COM TINTA ALQUÍDICA DE ACABAMENTO (ESMALTE SINTÉTICO BRILHANTE) APLICADA A ROLO OU PINCEL SOBRE PERFIL METÁLICO EXECUTADO EM FÁBRICA (POR DEMÃO). AF_01/2020","M2",13.04]
["Pintura em Superfícies Metálicas",100760,"PINTURA COM TINTA ALQUÍDICA DE ACABAMENTO (ESMALTE SINTÉTICO BRILHANTE) APLICADA A ROLO OU PINCEL SOBRE SUPERFÍCIES METÁLICAS (EXCETO PERFIL) EXECUTADO EM OBRA (02 DEMÃOS). AF_01/2020","M2",58.95]
["Pintura em Superfícies Metálicas",100746,"PINTURA COM TINTA ALQUÍDICA DE ACABAMENTO (ESMALTE SINTÉTICO BRILHANTE) APLICADA A ROLO OU PINCEL SOBRE SUPERFÍCIES METÁLICAS (EXCETO PERFIL) EXECUTADO EM OBRA (POR DEMÃO). AF_01/2020","M2",29.45]
["Pintura em Superfícies Metálicas",100743,"PINTURA COM TINTA ALQUÍDICA DE ACABAMENTO (ESMALTE SINTÉTICO BRILHANTE) PULVERIZADA SOBRE PERFIL METÁLICO EXECUTADO EM FÁBRICA (POR DEMÃO). AF_01/2020_PE","M2",11.64]
["Pintura em Superfícies Metálicas",100759,"PINTURA COM TINTA ALQUÍDICA DE ACABAMENTO (ESMALTE SINTÉTICO BRILHANTE) PULVERIZADA SOBRE SUPERFÍCIES METÁLICAS (EXCETO PERFIL) EXECUTADO EM OBRA (02 DEMÃOS). AF_01/2020_PE","M2",57.03]
["Pintura em Superfícies Metálicas",100745,"PINTURA COM TINTA ALQUÍDICA DE ACABAMENTO (ESMALTE SINTÉTICO BRILHANTE) PULVERIZADA SOBRE SUPERFÍCIES METÁLICAS (EXCETO PERFIL) EXECUTADO EM OBRA (POR DEMÃO). AF_01/2020_PE","M2",28.51]
["Pintura em Superfícies Metálicas",100748,"PINTURA COM TINTA ALQUÍDICA DE ACABAMENTO (ESMALTE SINTÉTICO FOSCO) APLICADA A ROLO OU PINCEL SOBRE PERFIL METÁLICO EXECUTADO EM FÁBRICA (POR DEMÃO). AF_01/2020","M2",13.11]
["Pintura em Superfícies Metálicas",100762,"PINTURA COM TINTA ALQUÍDICA DE ACABAMENTO (ESMALTE SINTÉTICO FOSCO) APLICADA A ROLO OU PINCEL SOBRE SUPERFÍCIES METÁLICAS (EXCETO PERFIL) EXECUTADO EM OBRA (02 DEMÃOS). AF_01/2020","M2",59.09]
["Pintura em Superfícies Metálicas",100750,"PINTURA COM TINTA ALQUÍDICA DE ACABAMENTO (ESMALTE SINTÉTICO FOSCO) APLICADA A ROLO OU PINCEL SOBRE SUPERFÍCIES METÁLICAS (EXCETO PERFIL) EXECUTADO EM OBRA (POR DEMÃO). AF_01/2020","M2",29.53]
["Pintura em Superfícies Metálicas",100747,"PINTURA COM TINTA ALQUÍDICA DE ACABAMENTO (ESMALTE SINTÉTICO FOSCO) PULVERIZADA SOBRE PERFIL METÁLICO EXECUTADO EM FÁBRICA (POR DEMÃO). AF_01/2020_PE","M2",11.75]
["Pintura em Superfícies Metálicas",100761,"PINTURA COM TINTA ALQUÍDICA DE ACABAMENTO (ESMALTE SINTÉTICO FOSCO) PULVERIZADA SOBRE SUPERFÍCIES METÁLICAS (EXCETO PERFIL) EXECUTADO EM OBRA (02 DEMÃOS). AF_01/2020_PE","M2",57.27]
["Pintura em Superfícies Metálicas",100749,"PINTURA COM TINTA ALQUÍDICA DE ACABAMENTO (ESMALTE SINTÉTICO FOSCO) PULVERIZADA SOBRE SUPERFÍCIES METÁLICAS (EXCETO PERFIL) EXECUTADO EM OBRA (POR DEMÃO). AF_01/2020_PE","M2",28.63]
["Pintura em Superfícies Metálicas",100720,"PINTURA COM TINTA ALQUÍDICA DE FUNDO (TIPO ZARCÃO) APLICADA A ROLO OU PINCEL SOBRE PERFIL METÁLICO EXECUTADO EM FÁBRICA (POR DEMÃO). AF_01/2020","M2",12.59]
["Pintura em Superfícies Metálicas",100722,"PINTURA COM TINTA ALQUÍDICA DE FUNDO (TIPO ZARCÃO) APLICADA A ROLO OU PINCEL SOBRE SUPERFÍCIES METÁLICAS (EXCETO PERFIL) EXECUTADO EM OBRA (POR DEMÃO). AF_01/2020","M2",29.05]
["Pintura em Superfícies Metálicas",100719,"PINTURA COM TINTA ALQUÍDICA DE FUNDO (TIPO ZARCÃO) PULVERIZADA SOBRE PERFIL METÁLICO EXECUTADO EM FÁBRICA (POR DEMÃO). AF_01/2020_PE","M2",12.09]
["Pintura em Superfícies Metálicas",100721,"PINTURA COM TINTA ALQUÍDICA DE FUNDO (TIPO ZARCÃO) PULVERIZADA SOBRE SUPERFÍCIES METÁLICAS (EXCETO PERFIL) EXECUTADO EM OBRA (POR DEMÃO). AF_01/2020_PE","M2",29.21]
["Pintura em Superfícies Metálicas",100724,"PINTURA COM TINTA ALQUÍDICA DE FUNDO E ACABAMENTO (ESMALTE SINTÉTICO GRAFITE) APLICADA A ROLO OU PINCEL SOBRE PERFIL METÁLICO EXECUTADO EM FÁBRICA (POR DEMÃO). AF_01/2020","M2",16.13]
["Pintura em Superfícies Metálicas",100726,"PINTURA COM TINTA ALQUÍDICA DE FUNDO E ACABAMENTO (ESMALTE SINTÉTICO GRAFITE) APLICADA A ROLO OU PINCEL SOBRE SUPERFÍCIES METÁLICAS (EXCETO PERFIL) EXECUTADO EM OBRA (POR DEMÃO). AF_01/2020","M2",32.47]
["Pintura em Superfícies Metálicas",100723,"PINTURA COM TINTA ALQUÍDICA DE FUNDO E ACABAMENTO (ESMALTE SINTÉTICO GRAFITE) PULVERIZADA SOBRE PERFIL METÁLICO EXECUTADO EM FÁBRICA (POR DEMÃO). AF_01/2020_PE","M2",12.96]
["Pintura em Superfícies Metálicas",100725,"PINTURA COM TINTA ALQUÍDICA DE FUNDO E ACABAMENTO (ESMALTE SINTÉTICO GRAFITE) PULVERIZADA SOBRE SUPERFÍCIES METÁLICAS (EXCETO PERFIL) EXECUTADO EM OBRA (POR DEMÃO). AF_01/2020_PE","M2",29.49]
["Pintura em Superfícies Metálicas",100752,"PINTURA COM TINTA EPOXÍDICA DE ACABAMENTO APLICADA A ROLO OU PINCEL SOBRE PERFIL METÁLICO EXECUTADO EM FÁBRICA (02 DEMÃOS). AF_01/2020","M2",54.7]
["Pintura em Superfícies Metálicas",100730,"PINTURA COM TINTA EPOXÍDICA DE ACABAMENTO APLICADA A ROLO OU PINCEL SOBRE PERFIL METÁLICO EXECUTADO EM FÁBRICA (POR DEMÃO). AF_01/2020","M2",27.34]
["Pintura em Superfícies Metálicas",100751,"PINTURA COM TINTA EPOXÍDICA DE ACABAMENTO PULVERIZADA SOBRE PERFIL METÁLICO EXECUTADO EM FÁBRICA (02 DEMÃOS). AF_01/2020_PE","M2",44.93]
["Pintura em Superfícies Metálicas",100729,"PINTURA COM TINTA EPOXÍDICA DE ACABAMENTO PULVERIZADA SOBRE PERFIL METÁLICO EXECUTADO EM FÁBRICA (POR DEMÃO). AF_01/2020_PE","M2",22.46]
["Pintura em Superfícies Metálicas",100728,"PINTURA COM TINTA EPOXÍDICA DE FUNDO APLICADA A ROLO OU PINCEL SOBRE PERFIL METÁLICO EXECUTADO EM FÁBRICA (POR DEMÃO). AF_01/2020","M2",27.81]
["Pintura em Superfícies Metálicas",100732,"PINTURA COM TINTA EPOXÍDICA DE FUNDO E ACABAMENTO APLICADA A ROLO OU PINCEL SOBRE PERFIL METÁLICO EXECUTADO EM FÁBRICA (POR DEMÃO). AF_01/2020","M2",0]
["Pintura em Superfícies Metálicas",100731,"PINTURA COM TINTA EPOXÍDICA DE FUNDO E ACABAMENTO PULVERIZADA SOBRE PERFIL METÁLICO EXECUTADO EM FÁBRICA (POR DEMÃO). AF_01/2020","M2",0]
["Pintura em Superfícies Metálicas",100727,"PINTURA COM TINTA EPOXÍDICA DE FUNDO PULVERIZADA SOBRE PERFIL METÁLICO EXECUTADO EM FÁBRICA (POR DEMÃO). AF_01/2020_PE","M2",29.66]
["Pintura em Superfícies Metálicas",100756,"PINTURA COM TINTA POLIURETÂNICA DE ACABAMENTO APLICADA A ROLO OU PINCEL SOBRE PERFIL METÁLICO EXECUTADO EM FÁBRICA (02 DEMÃOS). AF_01/2020","M2",0]
["Pintura em Superfícies Metálicas",100738,"PINTURA COM TINTA POLIURETÂNICA DE ACABAMENTO APLICADA A ROLO OU PINCEL SOBRE PERFIL METÁLICO EXECUTADO EM FÁBRICA (POR DEMÃO). AF_01/2020","M2",0]
["Pintura em Superfícies Metálicas",100755,"PINTURA COM TINTA POLIURETÂNICA DE ACABAMENTO PULVERIZADA SOBRE PERFIL METÁLICO EXECUTADO EM FÁBRICA (02 DEMÃOS). AF_01/2020","M2",0]
["Pintura em Superfícies Metálicas",100737,"PINTURA COM TINTA POLIURETÂNICA DE ACABAMENTO PULVERIZADA SOBRE PERFIL METÁLICO EXECUTADO EM FÁBRICA (POR DEMÃO). AF_01/2020","M2",0]
["Pintura para Pisos e para Sinalização Horizontal e Vertical",102499,"ENCERAMENTO DE PISO EM MADEIRA. AF_05/2021","M2",3.46]
["Pintura para Pisos e para Sinalização Horizontal e Vertical",102505,"PINTURA DE DEMARCAÇÃO DE QUADRA POLIESPORTIVA COM BORRACHA CLORADA, E = 5 CM, APLICAÇÃO MANUAL. AF_05/2021","M",12.18]
["Pintura para Pisos e para Sinalização Horizontal e Vertical",102504,"PINTURA DE DEMARCAÇÃO DE QUADRA POLIESPORTIVA COM TINTA ACRÍLICA, E = 5 CM, APLICAÇÃO MANUAL. AF_05/2021","M",11.7]
["Pintura para Pisos e para Sinalização Horizontal e Vertical",102506,"PINTURA DE DEMARCAÇÃO DE QUADRA POLIESPORTIVA COM TINTA EPÓXI, E = 5 CM, APLICAÇÃO MANUAL. AF_05/2021","M",12.8]
["Pintura para Pisos e para Sinalização Horizontal e Vertical",102500,"PINTURA DE DEMARCAÇÃO DE VAGA COM TINTA ACRÍLICA, E = 10 CM, APLICAÇÃO MANUAL. AF_05/2021","M",5.08]
["Pintura para Pisos e para Sinalização Horizontal e Vertical",102502,"PINTURA DE DEMARCAÇÃO DE VAGA COM TINTA ACRÍLICA, E = 10 CM, APLICAÇÃO MECÂNICA COM DEMARCADORA A TRAÇÃO MANUAL. AF_05/2021","M",0]
["Pintura para Pisos e para Sinalização Horizontal e Vertical",102507,"PINTURA DE DEMARCAÇÃO DE VAGA COM TINTA EPÓXI, E = 10 CM, APLICAÇÃO MANUAL. AF_05/2021","M",7.26]
["Pintura para Pisos e para Sinalização Horizontal e Vertical",102510,"PINTURA DE EIXO VIÁRIO COM TINTA RETRORREFLETIVA A BASE DE RESINA ACRÍLICA COM MICROESFERAS DE VIDRO, E = 10 CM, APLICAÇÃO MECÂNICA COM DEMARCADORA A TRAÇÃO MANUAL. AF_05/2021","M",0]
["Pintura para Pisos e para Sinalização Horizontal e Vertical",102512,"PINTURA DE EIXO VIÁRIO SOBRE ASFALTO COM TINTA RETRORREFLETIVA A BASE DE RESINA ACRÍLICA COM MICROESFERAS DE VIDRO, E = 10 CM, APLICAÇÃO MECÂNICA COM DEMARCADORA AUTOPROPELIDA. AF_05/2021","M",7.6]
["Pintura para Pisos e para Sinalização Horizontal e Vertical",102501,"PINTURA DE FAIXA DE PEDESTRE OU ZEBRADA COM TINTA ACRÍLICA, E = 30 CM, APLICAÇÃO MANUAL. AF_05/2021","M2",28.36]
["Pintura para Pisos e para Sinalização Horizontal e Vertical",102503,"PINTURA DE FAIXA DE PEDESTRE OU ZEBRADA COM TINTA ACRÍLICA, E = 30 CM, APLICAÇÃO MECÂNICA COM DEMARCADORA A TRAÇÃO MANUAL. AF_05/2021","M2",0]
["Pintura para Pisos e para Sinalização Horizontal e Vertical",102508,"PINTURA DE FAIXA DE PEDESTRE OU ZEBRADA COM TINTA EPÓXI, E = 30 CM, APLICAÇÃO MANUAL. AF_05/2021","M2",50.7]
["Pintura para Pisos e para Sinalização Horizontal e Vertical",102511,"PINTURA DE FAIXA DE PEDESTRE OU ZEBRADA COM TINTA RETRORREFLETIVA A BASE DE RESINA ACRÍLICA COM MICROESFERAS DE VIDRO, E = 30 CM, APLICAÇÃO MECÂNICA COM DEMARCADORA A TRAÇÃO MANUAL. AF_05/2021","M2",0]
["Pintura para Pisos e para Sinalização Horizontal e Vertical",102509,"PINTURA DE FAIXA DE PEDESTRE OU ZEBRADA TINTA RETRORREFLETIVA A BASE DE RESINA ACRÍLICA COM MICROESFERAS DE VIDRO, E = 30 CM, APLICAÇÃO MANUAL. AF_05/2021","M2",36.64]
["Pintura para Pisos e para Sinalização Horizontal e Vertical",102498,"PINTURA DE MEIO-FIO COM TINTA BRANCA A BASE DE CAL (CAIAÇÃO). AF_05/2021","M",1.95]
["Pintura para Pisos e para Sinalização Horizontal e Vertical",102519,"PINTURA DE NÚMEROS E LETRAS PARA SINALIZAÇÃO HORIZONTAL, ALTURA 100 MM, APLICADOR SPRAY E MOLDE PLÁSTICO. AF_05/2021","UN",0]
["Pintura para Pisos e para Sinalização Horizontal e Vertical",102491,"PINTURA DE PISO COM TINTA ACRÍLICA, APLICAÇÃO MANUAL, 2 DEMÃOS, INCLUSO FUNDO PREPARADOR. AF_05/2021","M2",22.89]
["Pintura para Pisos e para Sinalização Horizontal e Vertical",102492,"PINTURA DE PISO COM TINTA ACRÍLICA, APLICAÇÃO MANUAL, 3 DEMÃOS, INCLUSO FUNDO PREPARADOR. AF_05/2021","M2",29.14]
["Pintura para Pisos e para Sinalização Horizontal e Vertical",102804,"PINTURA DE PISO COM TINTA ACRÍLICA, APLICAÇÃO MECÂNICA, 2 DEMÃOS, INCLUSO FUNDO PREPARADOR. AF_05/2021","M2",0]
["Pintura para Pisos e para Sinalização Horizontal e Vertical",102494,"PINTURA DE PISO COM TINTA EPÓXI, APLICAÇÃO MANUAL, 2 DEMÃOS, INCLUSO PRIMER EPÓXI. AF_05/2021","M2",69.91]
["Pintura para Pisos e para Sinalização Horizontal e Vertical",102805,"PINTURA DE PISO COM TINTA EPÓXI, APLICAÇÃO MECÂNICA, 2 DEMÃOS. AF_05/2021","M2",0]
["Pintura para Pisos e para Sinalização Horizontal e Vertical",102490,"PINTURA DE PISO DE PEDRAS DECORATIVAS COM VERNIZ DE POLIURETANO FOSCO, APLICAÇÃO MANUAL, 3 DEMÃOS. AF_05/2021","M2",0]
["Pintura para Pisos e para Sinalização Horizontal e Vertical",102496,"PINTURA DE RODAPÉ COM TINTA EPÓXI, APLICAÇÃO MANUAL, 2 DEMÃOS, INCLUSÃO PRIMER EPÓXI. AF_05/2021","M",14.97]
["Pintura para Pisos e para Sinalização Horizontal e Vertical",102497,"PINTURA DE RODAPÉ EM PEDRA DECORATIVA COM VERNIZ DE POLIURETANO, APLICAÇÃO MANUAL, 3 DEMÃOS. AF_05/2021","M",5.63]
["Pintura para Pisos e para Sinalização Horizontal e Vertical",102520,"PINTURA DE SINALIZAÇÃO VERTICAL DE SEGURANÇA, FAIXAS AMARELA E PRETA, APLICAÇÃO MANUAL, 2 DEMÃOS. AF_05/2021","M2",94.94]
["Pintura para Pisos e para Sinalização Horizontal e Vertical",102518,"PINTURA DE SÍMBOLO \"BICICLETA\" COM TINTA ACRÍLICA, UTILIZAÇÃO DE MOLDE PLÁSTICO E APLICAÇÃO MECÂNICA, 150X60 CM. AF_05/2021","UN",0]
["Pintura para Pisos e para Sinalização Horizontal e Vertical",102514,"PINTURA DE SÍMBOLO \"DEFICIENTE FÍSICO\" COM TINTA ACRÍLICA, UTILIZAÇÃO DE MOLDE PLÁSTICO E APLICAÇÃO MECÂNICA, 120X120 CM. AF_05/2021","UN",0]
["Pintura para Pisos e para Sinalização Horizontal e Vertical",102516,"PINTURA DE SÍMBOLO \"GESTANTE\" COM TINTA ACRÍLICA, UTILIZAÇÃO DE MOLDE PLÁSTICO E APLICAÇÃO MECÂNICA, 120X120 CM. AF_05/2021","UN",0]
["Pintura para Pisos e para Sinalização Horizontal e Vertical",102515,"PINTURA DE SÍMBOLO \"IDOSO\" COM TINTA ACRÍLICA, UTILIZAÇÃO DE MOLDE PLÁSTICO E APLICAÇÃO MECÂNICA, 120X120 CM. AF_05/2021","UN",0]
["Pintura para Pisos e para Sinalização Horizontal e Vertical",102517,"PINTURA DE SÍMBOLO \"PEDESTRE\" COM TINTA ACRÍLICA, UTILIZAÇÃO DE MOLDE PLÁSTICO E APLICAÇÃO MECÂNICA, 130X90 CM. AF_05/2021","UN",0]
["Pintura para Pisos e para Sinalização Horizontal e Vertical",102513,"PINTURA DE SÍMBOLOS E TEXTOS COM TINTA ACRÍLICA, DEMARCAÇÃO COM FITA ADESIVA E APLICAÇÃO COM ROLO. AF_05/2021","M2",54.81]
["Pintura para Pisos e para Sinalização Horizontal e Vertical",102489,"PINTURA HIDROFUGANTE COM SILICONE, APLICAÇÃO MANUAL, 2 DEMÃOS. AF_05/2021","M2",30.01]
["Pintura para Pisos e para Sinalização Horizontal e Vertical",102488,"PREPARO DO PISO CIMENTADO PARA PINTURA - LIXAMENTO E LIMPEZA. AF_05/2021","M2",4.28]
["Pisos",101730,"ACABAMENTO PARA PISO EM TACO DE MADEIRA. AF_09/2020","M2",0]
["Pisos",101746,"ASSOALHO DE MADEIRA. AF_09/2020","M2",295.44]
["Pisos",98679,"PISO CIMENTADO, TRAÇO 1:3 (CIMENTO E AREIA), ACABAMENTO LISO, ESPESSURA 2,0 CM, PREPARO MECÂNICO DA ARGAMASSA. AF_09/2020","M2",44.82]
["Pisos",98680,"PISO CIMENTADO, TRAÇO 1:3 (CIMENTO E AREIA), ACABAMENTO LISO, ESPESSURA 3,0 CM, PREPARO MECÂNICO DA ARGAMASSA. AF_09/2020","M2",56.35]
["Pisos",101749,"PISO CIMENTADO, TRAÇO 1:3 (CIMENTO E AREIA), ACABAMENTO LISO, ESPESSURA 4,0 CM, PREPARO MECÂNICO DA ARGAMASSA. AF_09/2020","M2",65.790000000000006]
["Pisos",98681,"PISO CIMENTADO, TRAÇO 1:3 (CIMENTO E AREIA), ACABAMENTO RÚSTICO, ESPESSURA 2,0 CM, PREPARO MECÂNICO DA ARGAMASSA. AF_09/2020","M2",41.86]
["Pisos",98682,"PISO CIMENTADO, TRAÇO 1:3 (CIMENTO E AREIA), ACABAMENTO RÚSTICO, ESPESSURA 3,0 CM, PREPARO MECÂNICO DA ARGAMASSA. AF_09/2020","M2",53.39]
["Pisos",101750,"PISO CIMENTADO, TRAÇO 1:3 (CIMENTO E AREIA), ACABAMENTO RÚSTICO, ESPESSURA 4,0 CM, PREPARO MECÂNICO DA ARGAMASSA. AF_09/2020","M2",62.83]
["Pisos",101737,"PISO DE BORRACHA CANELADO, ESPESSURA 3,5MM, FIXADO COM ADESIVO ACRÍLICO. AF_09/2020","M2",149.55000000000001]
["Pisos",101735,"PISO DE BORRACHA ESPORTIVO, ESPESSURA 15MM, ASSENTADO COM ARGAMASSA. AF_09/2020","M2",515.33000000000004]
["Pisos",101734,"PISO DE BORRACHA PASTILHADO, ESPESSURA 15MM, ASSENTADO COM ARGAMASSA. AF_09/2020","M2",502.84]
["Pisos",101736,"PISO DE BORRACHA PASTILHADO, ESPESSURA 3,5MM, FIXADO COM ADESIVO ACRÍLICO. AF_09/2020","M2",124.84]
["Pisos",101733,"PISO DE BORRACHA PASTILHADO/FRISADO, ESPESSURA 7MM, ASSENTADO COM ARGAMASSA. AF_09/2020","M2",330.64]
["Pisos",98678,"PISO ELEVADO COM ESTRUTURA EM AÇO, COMPOSTO POR PEDESTAIS E LONGARINAS. AF_09/2020","M2",387.15]
["Pisos",98677,"PISO ELEVADO COM ESTRUTURA EM AÇO, COMPOSTO SOMENTE POR PEDESTAIS. AF_09/2020","M2",0]
["Pisos",98676,"PISO ELEVADO COM ESTRUTURA EM PLÁSTICO, COM REVESTIMENTO EM PORCELANATO. AF_09/2020","M2",0]
["Pisos",98675,"PISO ELEVADO COM ESTRUTURA EM PLÁSTICO, PARA RECEBER REVESTIMENTO TEXTIL. AF_09/2020","M2",0]
["Pisos",101747,"PISO EM CONCRETO 20 MPA PREPARO MECÂNICO, ESPESSURA 7CM. AF_09/2020","M2",85.3]
["Pisos",104162,"PISO EM GRANILITE, MARMORITE OU GRANITINA EM AMBIENTES INTERNOS, COM ESPESSURA DE 8 MM, INCLUSO MISTURA EM BETONEIRA, COLOCAÇÃO DAS JUNTAS, APLICAÇÃO DO PISO, 4 POLIMENTOS COM POLITRIZ, ESTUCAMENTO, SELADOR E CERA. AF_06/2022","M2",104.58]
["Pisos",98671,"PISO EM GRANITO APLICADO EM AMBIENTES INTERNOS. AF_09/2020","M2",351.74]
["Pisos",101092,"PISO EM GRANITO APLICADO EM CALÇADAS OU PISOS EXTERNOS. AF_05/2020","M2",364.83]
["Pisos",101091,"PISO EM LADRILHO HIDRÁULICO APLICADO EM AMBIENTES EXTERNOS. AF_05/2020","M2",171.1]
["Pisos",101726,"PISO EM LADRILHO HIDRÁULICO APLICADO EM AMBIENTES INTERNOS DE ÁREA ENTRE 5 E 15 M², INCLUSO APLICAÇÃO DE RESINA. AF_09/2020","M2",220]
["Pisos",101725,"PISO EM LADRILHO HIDRÁULICO APLICADO EM AMBIENTES INTERNOS DE ÁREA MENOR QUE 5 M², INCLUSO APLICAÇÃO DE RESINA. AF_09/2020","M2",329.09]
["Pisos",98672,"PISO EM MÁRMORE APLICADO EM AMBIENTES INTERNOS. AF_09/2020","M2",448.49]
["Pisos",101093,"PISO EM MÁRMORE APLICADO EM CALÇADAS OU PISOS EXTERNOS. AF_05/2020","M2",461.58]
["Pisos",101732,"PISO EM PEDRA ARDÓSIA ASSENTADO SOBRE ARGAMASSA 1:3 (CIMENTO E AREIA). AF_09/2020","M2",112.42]
["Pisos",101731,"PISO EM PEDRA ASSENTADO SOBRE ARGAMASSA 1:3 (CIMENTO E AREIA). AF_09/2020","M2",358.06]
["Pisos",101090,"PISO EM PEDRA PORTUGUESA ASSENTADO SOBRE ARGAMASSA SECA DE CIMENTO E AREIA, TRAÇO 1:3, REJUNTADO COM CIMENTO COMUM. AF_05/2020","M2",243.87]
["Pisos",101751,"PISO EM TACO DE MADEIRA 7X21CM, FIXADO COM COLA BASE DE PVA. AF_09/2020","M2",202.25]
["Pisos",101729,"PISO EM TACO DE MADEIRA 7X42CM, FIXADO COM COLA BASE DE PVA. AF_09/2020","M2",194.51]
["Pisos",98683,"PISO LAMINADO EM AMBIENTES INTERNOS. AF_09/2020","M2",0]
["Pisos",101094,"PISO PODOTÁTIL DE ALERTA OU DIRECIONAL, DE BORRACHA, ASSENTADO SOBRE ARGAMASSA. AF_05/2020","M",206.7]
["Pisos",101095,"PISO PODOTÁTIL, DIRECIONAL OU ALERTA, SOLIDARIZADO AO PISO EXISTENTE (ELEMENTOS DISCRETOS). AF_05/2020","M",0]
["Pisos",101728,"PISO VINÍLICO FLEXÍVEL EM MANTA, PADRÃO LISO, ESPESSURA 2 MM, FIXADO COM COLA. AF_09/2020","M2",0]
["Pisos",101727,"PISO VINÍLICO SEMI-FLEXÍVEL EM PLACAS, PADRÃO LISO, ESPESSURA 3,2 MM, FIXADO COM COLA. AF_09/2020","M2",243.28]
["Pisos",101748,"PREPARO DE CONTRAPISO COM POLITRIZ. AF_09/2020","M2",4.28]
["Pisos",101742,"RODAPÉ BORRACHA LISO, ALTURA = 7CM, ESPESSURA = 2 MM, PARA ARGAMASSA. AF_09/2020","M",72.69]
["Pisos",101740,"RODAPÉ EM ARDÓSIA ALTURA 10CM. AF_09/2020","M",57.06]
["Pisos",98685,"RODAPÉ EM GRANITO, ALTURA 10 CM. AF_09/2020","M",64.97]
["Pisos",98686,"RODAPÉ EM LADRILHO HIDRÁULICO, ALTURA 7 CM. AF_09/2020","M",50.65]
["Pisos",101739,"RODAPÉ EM MADEIRA, ALTURA 7CM, FIXADO COM COLA E PARAFUSOS. AF_09/2020","M",35.159999999999997]
["Pisos",101738,"RODAPÉ EM MADEIRA, ALTURA 7CM, FIXADO COM COLA. AF_09/2020","M",31.86]
["Pisos",101741,"RODAPÉ EM MARMORITE, ALTURA 10CM. AF_09/2020","M",27.9]
["Pisos",98697,"RODAPÉ EM MÁRMORE, ALTURA 7 CM. AF_09/2020","M",55.21]
["Pisos",98688,"RODAPÉ EM POLIESTIRENO, ALTURA 5 CM. AF_09/2020","M",66.790000000000006]
["Pisos",98687,"RODAPÉ VINÍLICO FLEXÍVEL EM MANTA, ALTURA 10 CM. AF_09/2020","M",0]
["Pisos",98689,"SOLEIRA EM GRANITO, LARGURA 15 CM, ESPESSURA 2,0 CM. AF_09/2020","M",94.31]
["Pisos",98695,"SOLEIRA EM MÁRMORE, LARGURA 15 CM, ESPESSURA 2,0 CM. AF_09/2020","M",85.12]
["Postes de Concreto e Metálicos",100606,"ASSENTAMENTO DE POSTE DE CONCRETO COM COMPRIMENTO NOMINAL DE 10 M, CARGA NOMINAL DE 1000 DAN, ENGASTAMENTO BASE CONCRETADA COM 1 M DE CONCRETO E 0,6 M DE SOLO (NÃO INCLUI FORNECIMENTO). AF_04/2025","UN",1785.27]
["Postes de Concreto e Metálicos",100604,"ASSENTAMENTO DE POSTE DE CONCRETO COM COMPRIMENTO NOMINAL DE 10 M, CARGA NOMINAL DE 300 DAN, ENGASTAMENTO BASE CONCRETADA COM 1 M DE CONCRETO E 0,6 M DE SOLO (NÃO INCLUI FORNECIMENTO). AF_04/2025","UN",795.12]
["Postes de Concreto e Metálicos",100605,"ASSENTAMENTO DE POSTE DE CONCRETO COM COMPRIMENTO NOMINAL DE 10 M, CARGA NOMINAL DE 600 DAN, ENGASTAMENTO BASE CONCRETADA COM 1 M DE CONCRETO E 0,6 M DE SOLO (NÃO INCLUI FORNECIMENTO). AF_04/2025","UN",1203.81]
["Postes de Concreto e Metálicos",100580,"ASSENTAMENTO DE POSTE DE CONCRETO COM COMPRIMENTO NOMINAL DE 10 M, CARGA NOMINAL MAIOR QUE 1000 DAN, ENGASTAMENTO SIMPLES COM 1,6 M DE SOLO (NÃO INCLUI FORNECIMENTO). AF_04/2025","UN",720.41]
["Postes de Concreto e Metálicos",100579,"ASSENTAMENTO DE POSTE DE CONCRETO COM COMPRIMENTO NOMINAL DE 10 M, CARGA NOMINAL MENOR OU IGUAL A 1000 DAN, ENGASTAMENTO SIMPLES COM 1,6 M DE SOLO (NÃO INCLUI FORNECIMENTO). AF_04/2025","UN",668.84]
["Postes de Concreto e Metálicos",100609,"ASSENTAMENTO DE POSTE DE CONCRETO COM COMPRIMENTO NOMINAL DE 10,5 M, CARGA NOMINAL DE 1000 DAN, ENGASTAMENTO BASE CONCRETADA COM 1 M DE CONCRETO E 0,65 M DE SOLO (NÃO INCLUI FORNECIMENTO). AF_04/2025","UN",1816.85]
["Postes de Concreto e Metálicos",100607,"ASSENTAMENTO DE POSTE DE CONCRETO COM COMPRIMENTO NOMINAL DE 10,5 M, CARGA NOMINAL DE 300 DAN, ENGASTAMENTO BASE CONCRETADA COM 1 M DE CONCRETO E 0,65 M DE SOLO (NÃO INCLUI FORNECIMENTO). AF_04/2025","UN",814.73]
["Postes de Concreto e Metálicos",100608,"ASSENTAMENTO DE POSTE DE CONCRETO COM COMPRIMENTO NOMINAL DE 10,5 M, CARGA NOMINAL DE 600 DAN, ENGASTAMENTO BASE CONCRETADA COM 1 M DE CONCRETO E 0,65 M DE SOLO (NÃO INCLUI FORNECIMENTO). AF_04/2025","UN",1227.8599999999999]
["Postes de Concreto e Metálicos",100582,"ASSENTAMENTO DE POSTE DE CONCRETO COM COMPRIMENTO NOMINAL DE 10,5 M, CARGA NOMINAL MAIOR QUE 1000 DAN, ENGASTAMENTO SIMPLES COM 1,65 M DE SOLO (NÃO INCLUI FORNECIMENTO). AF_04/2025","UN",785.62]
["Postes de Concreto e Metálicos",100581,"ASSENTAMENTO DE POSTE DE CONCRETO COM COMPRIMENTO NOMINAL DE 10,5 M, CARGA NOMINAL MENOR OU IGUAL A 1000 DAN, ENGASTAMENTO SIMPLES COM 1,65 M DE SOLO (NÃO INCLUI FORNECIMENTO). AF_04/2025","UN",694.14]
["Postes de Concreto e Metálicos",100613,"ASSENTAMENTO DE POSTE DE CONCRETO COM COMPRIMENTO NOMINAL DE 11 M, CARGA NOMINAL DE 1000 DAN, ENGASTAMENTO BASE CONCRETADA COM 1 M DE CONCRETO E 0,7 M DE SOLO (NÃO INCLUI FORNECIMENTO). AF_04/2025","UN",1848.2]
["Postes de Concreto e Metálicos",100610,"ASSENTAMENTO DE POSTE DE CONCRETO COM COMPRIMENTO NOMINAL DE 11 M, CARGA NOMINAL DE 300 DAN, ENGASTAMENTO BASE CONCRETADA COM 1 M DE CONCRETO E 0,7 M DE SOLO (NÃO INCLUI FORNECIMENTO). AF_04/2025","UN",833.91]
["Postes de Concreto e Metálicos",100611,"ASSENTAMENTO DE POSTE DE CONCRETO COM COMPRIMENTO NOMINAL DE 11 M, CARGA NOMINAL DE 400 DAN, ENGASTAMENTO BASE CONCRETADA COM 1 M DE CONCRETO E 0,7 M DE SOLO (NÃO INCLUI FORNECIMENTO). AF_04/2025","UN",1019.49]
["Postes de Concreto e Metálicos",100612,"ASSENTAMENTO DE POSTE DE CONCRETO COM COMPRIMENTO NOMINAL DE 11 M, CARGA NOMINAL DE 600 DAN, ENGASTAMENTO BASE CONCRETADA COM 1 M DE CONCRETO E 0,7 M DE SOLO (NÃO INCLUI FORNECIMENTO). AF_04/2025","UN",1251.47]
["Postes de Concreto e Metálicos",100584,"ASSENTAMENTO DE POSTE DE CONCRETO COM COMPRIMENTO NOMINAL DE 11 M, CARGA NOMINAL MAIOR QUE 1000 DAN, ENGASTAMENTO SIMPLES COM 1,7 M DE SOLO (NÃO INCLUI FORNECIMENTO). AF_04/2025","UN",776.93]
["Postes de Concreto e Metálicos",100583,"ASSENTAMENTO DE POSTE DE CONCRETO COM COMPRIMENTO NOMINAL DE 11 M, CARGA NOMINAL MENOR OU IGUAL A 1000 DAN, ENGASTAMENTO SIMPLES COM 1,7 M DE SOLO (NÃO INCLUI FORNECIMENTO). AF_04/2025","UN",721.01]
["Postes de Concreto e Metálicos",100616,"ASSENTAMENTO DE POSTE DE CONCRETO COM COMPRIMENTO NOMINAL DE 12 M, CARGA NOMINAL DE 1000 DAN, ENGASTAMENTO BASE CONCRETADA COM 1 M DE CONCRETO E 0,8 M DE SOLO (NÃO INCLUI FORNECIMENTO). AF_04/2025","UN",1913.84]
["Postes de Concreto e Metálicos",100614,"ASSENTAMENTO DE POSTE DE CONCRETO COM COMPRIMENTO NOMINAL DE 12 M, CARGA NOMINAL DE 400 DAN, ENGASTAMENTO BASE CONCRETADA COM 1 M DE CONCRETO E 0,8 M DE SOLO (NÃO INCLUI FORNECIMENTO). AF_04/2025","UN",1061.67]
["Postes de Concreto e Metálicos",100615,"ASSENTAMENTO DE POSTE DE CONCRETO COM COMPRIMENTO NOMINAL DE 12 M, CARGA NOMINAL DE 600 DAN, ENGASTAMENTO BASE CONCRETADA COM 1 M DE CONCRETO E 0,8 M DE SOLO (NÃO INCLUI FORNECIMENTO). AF_04/2025","UN",1298.58]
["Postes de Concreto e Metálicos",100586,"ASSENTAMENTO DE POSTE DE CONCRETO COM COMPRIMENTO NOMINAL DE 12 M, CARGA NOMINAL MAIOR QUE 1000 DAN, ENGASTAMENTO SIMPLES COM 1,8 M DE SOLO (NÃO INCLUI FORNECIMENTO). AF_04/2025","UN",862.73]
["Postes de Concreto e Metálicos",100585,"ASSENTAMENTO DE POSTE DE CONCRETO COM COMPRIMENTO NOMINAL DE 12 M, CARGA NOMINAL MENOR OU IGUAL A 1000 DAN, ENGASTAMENTO SIMPLES COM 1,8 M DE SOLO (NÃO INCLUI FORNECIMENTO). AF_04/2025","UN",773.4]
["Postes de Concreto e Metálicos",100618,"ASSENTAMENTO DE POSTE DE CONCRETO COM COMPRIMENTO NOMINAL DE 13 M, CARGA NOMINAL DE 1000 DAN, ENGASTAMENTO BASE CONCRETADA COM 1 M DE CONCRETO E 0,9 M DE SOLO - SOMENTE INSTALAÇÃO, SEM FORNECIMENTO. AF_04/2025","UN",1985.34]
["Postes de Concreto e Metálicos",100617,"ASSENTAMENTO DE POSTE DE CONCRETO COM COMPRIMENTO NOMINAL DE 13 M, CARGA NOMINAL DE 600 DAN, ENGASTAMENTO BASE CONCRETADA COM 1 M DE CONCRETO E 0,9 M DE SOLO (NÃO INCLUI FORNECIMENTO). AF_04/2025","UN",1345.59]
["Postes de Concreto e Metálicos",100588,"ASSENTAMENTO DE POSTE DE CONCRETO COM COMPRIMENTO NOMINAL DE 13 M, CARGA NOMINAL MAIOR QUE 1000 DAN, ENGASTAMENTO SIMPLES COM 1,9 M DE SOLO (NÃO INCLUI FORNECIMENTO). AF_04/2025","UN",896.95]
["Postes de Concreto e Metálicos",100587,"ASSENTAMENTO DE POSTE DE CONCRETO COM COMPRIMENTO NOMINAL DE 13 M, CARGA NOMINAL MENOR OU IGUAL A 1000 DAN, ENGASTAMENTO SIMPLES COM 1,9 M DE SOLO (NÃO INCLUI FORNECIMENTO). AF_04/2025","UN",827.65]
["Postes de Concreto e Metálicos",100590,"ASSENTAMENTO DE POSTE DE CONCRETO COM COMPRIMENTO NOMINAL DE 13,5 M, CARGA NOMINAL MAIOR QUE 1000 DAN, ENGASTAMENTO SIMPLES COM 1,95 M DE SOLO (NÃO INCLUI FORNECIMENTO). AF_04/2025","UN",969.98]
["Postes de Concreto e Metálicos",100589,"ASSENTAMENTO DE POSTE DE CONCRETO COM COMPRIMENTO NOMINAL DE 13,5 M, CARGA NOMINAL MENOR OU IGUAL A 1000 DAN, ENGASTAMENTO SIMPLES COM 1,95 M DE SOLO (NÃO INCLUI FORNECIMENTO). AF_04/2025","UN",901.09]
["Postes de Concreto e Metálicos",100592,"ASSENTAMENTO DE POSTE DE CONCRETO COM COMPRIMENTO NOMINAL DE 14 M, CARGA NOMINAL MAIOR QUE 1000 DAN, ENGASTAMENTO SIMPLES COM 2 M DE SOLO (NÃO INCLUI FORNECIMENTO). AF_04/2025","UN",956.99]
["Postes de Concreto e Metálicos",100591,"ASSENTAMENTO DE POSTE DE CONCRETO COM COMPRIMENTO NOMINAL DE 14 M, CARGA NOMINAL MENOR OU IGUAL A 1000 DAN, ENGASTAMENTO SIMPLES COM 2 M DE SOLO (NÃO INCLUI FORNECIMENTO). AF_04/2025","UN",883.1]
["Postes de Concreto e Metálicos",100594,"ASSENTAMENTO DE POSTE DE CONCRETO COM COMPRIMENTO NOMINAL DE 15 M, CARGA NOMINAL MAIOR QUE 1000 DAN, ENGASTAMENTO SIMPLES COM 2,1 M DE SOLO (NÃO INCLUI FORNECIMENTO). AF_04/2025","UN",1053.95]
["Postes de Concreto e Metálicos",100593,"ASSENTAMENTO DE POSTE DE CONCRETO COM COMPRIMENTO NOMINAL DE 15 M, CARGA NOMINAL MENOR OU IGUAL A 1000 DAN, ENGASTAMENTO SIMPLES COM 2,1 M DE SOLO (NÃO INCLUI FORNECIMENTO). AF_04/2025","UN",957.09]
["Postes de Concreto e Metálicos",100596,"ASSENTAMENTO DE POSTE DE CONCRETO COM COMPRIMENTO NOMINAL DE 18 M, CARGA NOMINAL MAIOR QUE 1000 DAN, ENGASTAMENTO SIMPLES COM 2,4 M DE SOLO (NÃO INCLUI FORNECIMENTO). AF_04/2025","UN",1260.06]
["Postes de Concreto e Metálicos",100595,"ASSENTAMENTO DE POSTE DE CONCRETO COM COMPRIMENTO NOMINAL DE 18 M, CARGA NOMINAL MENOR OU IGUAL A 1000 DAN, ENGASTAMENTO SIMPLES COM 2,4 M DE SOLO (NÃO INCLUI FORNECIMENTO). AF_04/2025","UN",1129.2]
["Postes de Concreto e Metálicos",100598,"ASSENTAMENTO DE POSTE DE CONCRETO COM COMPRIMENTO NOMINAL DE 20 M, CARGA NOMINAL MAIOR QUE 1000, ENGASTAMENTO SIMPLES COM 2,6 M DE SOLO (NÃO INCLUI FORNECIMENTO). AF_04/2025","UN",1396.69]
["Postes de Concreto e Metálicos",100597,"ASSENTAMENTO DE POSTE DE CONCRETO COM COMPRIMENTO NOMINAL DE 20 M, CARGA NOMINAL MENOR OU IGUAL A 1000 DAN, ENGASTAMENTO SIMPLES COM 2,6 M DE SOLO (NÃO INCLUI FORNECIMENTO). AF_04/2025","UN",1288.54]
["Postes de Concreto e Metálicos",100603,"ASSENTAMENTO DE POSTE DE CONCRETO COM COMPRIMENTO NOMINAL DE 9 M, CARGA NOMINAL DE 1000 DAN, ENGASTAMENTO BASE CONCRETADA COM 1 M DE CONCRETO E 0,5 M DE SOLO (NÃO INCLUI FORNECIMENTO). AF_04/2025","UN",1725.66]
["Postes de Concreto e Metálicos",100599,"ASSENTAMENTO DE POSTE DE CONCRETO COM COMPRIMENTO NOMINAL DE 9 M, CARGA NOMINAL DE 150 DAN, ENGASTAMENTO BASE CONCRETADA COM 1 M DE CONCRETO E 0,5 M DE SOLO (NÃO INCLUI FORNECIMENTO). AF_04/2025","UN",650.19000000000005]
["Postes de Concreto e Metálicos",100600,"ASSENTAMENTO DE POSTE DE CONCRETO COM COMPRIMENTO NOMINAL DE 9 M, CARGA NOMINAL DE 300 DAN, ENGASTAMENTO BASE CONCRETADA COM 1 M DE CONCRETO E 0,5 M DE SOLO (NÃO INCLUI FORNECIMENTO). AF_04/2025","UN",755.12]
["Postes de Concreto e Metálicos",100601,"ASSENTAMENTO DE POSTE DE CONCRETO COM COMPRIMENTO NOMINAL DE 9 M, CARGA NOMINAL DE 400 DAN, ENGASTAMENTO BASE CONCRETADA COM 1 M DE CONCRETO E 0,5 M DE SOLO (NÃO INCLUI FORNECIMENTO). AF_04/2025","UN",932.83]
["Postes de Concreto e Metálicos",100602,"ASSENTAMENTO DE POSTE DE CONCRETO COM COMPRIMENTO NOMINAL DE 9 M, CARGA NOMINAL DE 600 DAN, ENGASTAMENTO BASE CONCRETADA COM 1 M DE CONCRETO E 0,5 M DE SOLO (NÃO INCLUI FORNECIMENTO). AF_04/2025","UN",1154.95]
["Postes de Concreto e Metálicos",100578,"ASSENTAMENTO DE POSTE DE CONCRETO COM COMPRIMENTO NOMINAL DE 9 M, CARGA NOMINAL MENOR OU IGUAL A 1000 DAN, ENGASTAMENTO SIMPLES COM 1,5 M DE SOLO (NÃO INCLUI FORNECIMENTO). AF_04/2025","UN",618.03]
["Postes de Concreto e Metálicos",105975,"CORDOALHA DE ACO 7,9 (5/16) 7*2,64MM ZINCAGEM TIPO A E 13% DE IACS - FORNECIMENTO E INSTALAÇÃO. AF_04/2025","M",0]
["Postes de Concreto e Metálicos",105976,"CORDOALHA DE ACO 7,9 (5/16) 7*2,64MM ZINCAGEM TIPO B E 13% DE IACS - FORNECIMENTO E INSTALAÇÃO. AF_04/2025","M",0]
["Postes de Concreto e Metálicos",105977,"CORDOALHA DE ACO 9,5 (3/8) 7*3,05MM ZINCAGEM TIPO A E 13% DE IACS - FORNECIMENTO E INSTALAÇÃO. AF_04/2025","M",0]
["Postes de Concreto e Metálicos",105978,"CORDOALHA DE ACO 9,5(3/8) 7*3,05MM ZINCAGEM TIPO B E 13% DE IACS - FORNECIMENTO E INSTALAÇÃO. AF_04/2025","M",0]
["Postes de Concreto e Metálicos",105970,"ESTRUTURA DE ESTAIAMENTO PARA POSTES DE CONCRETO ANCORA CONCRETO - FORNECIMENTO E INSTALAÇÃO. AF_04/2025","UN",0]
["Postes de Concreto e Metálicos",105972,"ESTRUTURA DE ESTAIAMENTO PARA POSTES DE CONCRETO CRUZETA A POSTE M3 E B3 - FORNECIMENTO E INSTALAÇÃO. AF_04/2025","UN",0]
["Postes de Concreto e Metálicos",105973,"ESTRUTURA DE ESTAIAMENTO PARA POSTES DE CONCRETO CRUZETA A POSTE N3 - FORNECIMENTO E INSTALAÇÃO. AF_04/2025","UN",0]
["Postes de Concreto e Metálicos",105974,"ESTRUTURA DE ESTAIAMENTO PARA POSTES DE CONCRETO HTE - FORNECIMENTO E INSTALAÇÃO. AF_04/2025","UN",0]
["Postes de Concreto e Metálicos",105971,"ESTRUTURA DE ESTAIAMENTO PARA POSTES DE CONCRETO POSTE A POSTE - FORNECIMENTO E INSTALAÇÃO. AF_04/2025","UN",0]
["Postes de Concreto e Metálicos",105967,"POSTE DE AÇO CÔNICO CONTÍNUO CURVO DUPLO, ENGASTAMENTO SIMPLES COM 1 M DE SOLO, H=6M - FORNECIMENTO E INSTALAÇÃO. AF_04/2025","UN",0]
["Postes de Concreto e Metálicos",105968,"POSTE DE AÇO CÔNICO CONTÍNUO CURVO DUPLO, ENGASTAMENTO SIMPLES COM 1 M DE SOLO, H=7M - FORNECIMENTO E INSTALAÇÃO. AF_04/2025","UN",0]
["Postes de Concreto e Metálicos",105969,"POSTE DE AÇO CÔNICO CONTÍNUO CURVO DUPLO, ENGASTAMENTO SIMPLES COM 1 M DE SOLO, H=8M - FORNECIMENTO E INSTALAÇÃO. AF_04/2025","UN",0]
["Postes de Concreto e Metálicos",100623,"POSTE DE AÇO CÔNICO CONTÍNUO CURVO DUPLO, ENGASTAMENTO SIMPLES COM 1 M DE SOLO, H=9M - FORNECIMENTO E INSTALAÇÃO. AF_04/2025","UN",2240.58]
["Postes de Concreto e Metálicos",105964,"POSTE DE AÇO CÔNICO CONTÍNUO CURVO DUPLO, FLANGEADO, H=6M - FORNECIMENTO E INSTALAÇÃO. AF_04/2025","UN",0]
["Postes de Concreto e Metálicos",105965,"POSTE DE AÇO CÔNICO CONTÍNUO CURVO DUPLO, FLANGEADO, H=7M - FORNECIMENTO E INSTALAÇÃO. AF_04/2025","UN",0]
["Postes de Concreto e Metálicos",105966,"POSTE DE AÇO CÔNICO CONTÍNUO CURVO DUPLO, FLANGEADO, H=8M - FORNECIMENTO E INSTALAÇÃO. AF_04/2025","UN",0]
["Postes de Concreto e Metálicos",100621,"POSTE DE AÇO CÔNICO CONTÍNUO CURVO DUPLO, FLANGEADO, H=9M - FORNECIMENTO E INSTALAÇÃO. AF_04/2025","UN",2787.63]
["Postes de Concreto e Metálicos",105960,"POSTE DE AÇO CÔNICO CONTÍNUO CURVO SIMPLES, ENGASTAMENTO SIMPLES COM 0,5 M DE SOLO, H=5M - FORNECIMENTO E INSTALAÇÃO. AF_04/2025","UN",0]
["Postes de Concreto e Metálicos",105961,"POSTE DE AÇO CÔNICO CONTÍNUO CURVO SIMPLES, ENGASTAMENTO SIMPLES COM 1 M DE SOLO, H=6M - FORNECIMENTO E INSTALAÇÃO. AF_04/2025","UN",0]
["Postes de Concreto e Metálicos",105962,"POSTE DE AÇO CÔNICO CONTÍNUO CURVO SIMPLES, ENGASTAMENTO SIMPLES COM 1 M DE SOLO, H=7M - FORNECIMENTO E INSTALAÇÃO. AF_04/2025","UN",0]
["Postes de Concreto e Metálicos",105963,"POSTE DE AÇO CÔNICO CONTÍNUO CURVO SIMPLES, ENGASTAMENTO SIMPLES COM 1 M DE SOLO, H=8M - FORNECIMENTO E INSTALAÇÃO. AF_04/2025","UN",0]
["Postes de Concreto e Metálicos",100622,"POSTE DE AÇO CÔNICO CONTÍNUO CURVO SIMPLES, ENGASTAMENTO SIMPLES COM 1 M DE SOLO, H=9M - FORNECIMENTO E INSTALAÇÃO. AF_04/2025","UN",2180.59]
["Postes de Concreto e Metálicos",105956,"POSTE DE AÇO CÔNICO CONTÍNUO CURVO SIMPLES, FLANGEADO, H=5M - FORNECIMENTO E INSTALAÇÃO. AF_04/2025","UN",0]
["Postes de Concreto e Metálicos",105957,"POSTE DE AÇO CÔNICO CONTÍNUO CURVO SIMPLES, FLANGEADO, H=6M - FORNECIMENTO E INSTALAÇÃO. AF_04/2025","UN",0]
["Postes de Concreto e Metálicos",105958,"POSTE DE AÇO CÔNICO CONTÍNUO CURVO SIMPLES, FLANGEADO, H=7M - FORNECIMENTO E INSTALAÇÃO. AF_04/2025","UN",1952.81]
["Postes de Concreto e Metálicos",105959,"POSTE DE AÇO CÔNICO CONTÍNUO CURVO SIMPLES, FLANGEADO, H=8M - FORNECIMENTO E INSTALAÇÃO. AF_04/2025","UN",0]
["Postes de Concreto e Metálicos",100620,"POSTE DE AÇO CÔNICO CONTÍNUO CURVO SIMPLES, FLANGEADO, H=9M - FORNECIMENTO E INSTALAÇÃO. AF_04/2025","UN",2500.37]
["Postes de Concreto e Metálicos",105951,"POSTE DE AÇO CÔNICO CONTÍNUO RETO, ENGASTAMENTO SIMPLES COM 0,5 M DE SOLO, H=5M - FORNECIMENTO E INSTALAÇÃO. AF_04/2025","UN",0]
["Postes de Concreto e Metálicos",105952,"POSTE DE AÇO CÔNICO CONTÍNUO RETO, ENGASTAMENTO SIMPLES COM 1 M DE SOLO, H=6M - FORNECIMENTO E INSTALAÇÃO. AF_04/2025","UN",0]
["Postes de Concreto e Metálicos",105953,"POSTE DE AÇO CÔNICO CONTÍNUO RETO, ENGASTAMENTO SIMPLES COM 1 M DE SOLO, H=7M - FORNECIMENTO E INSTALAÇÃO. AF_04/2025","UN",1704.51]
["Postes de Concreto e Metálicos",105954,"POSTE DE AÇO CÔNICO CONTÍNUO RETO, ENGASTAMENTO SIMPLES COM 1 M DE SOLO, H=8M - FORNECIMENTO E INSTALAÇÃO. AF_04/2025","UN",0]
["Postes de Concreto e Metálicos",105955,"POSTE DE AÇO CÔNICO CONTÍNUO RETO, ENGASTAMENTO SIMPLES COM 1 M DE SOLO, H=9M - FORNECIMENTO E INSTALAÇÃO. AF_04/2025","UN",2259.5100000000002]
["Postes de Concreto e Metálicos",105946,"POSTE DE AÇO CÔNICO CONTÍNUO RETO, FLANGEADO, H=5M - FORNECIMENTO E INSTALAÇÃO. AF_04/2025","UN",0]
["Postes de Concreto e Metálicos",105947,"POSTE DE AÇO CÔNICO CONTÍNUO RETO, FLANGEADO, H=6M - FORNECIMENTO E INSTALAÇÃO. AF_04/2025","UN",0]
["Postes de Concreto e Metálicos",105948,"POSTE DE AÇO CÔNICO CONTÍNUO RETO, FLANGEADO, H=7M - FORNECIMENTO E INSTALAÇÃO. AF_04/2025","UN",0]
["Postes de Concreto e Metálicos",105949,"POSTE DE AÇO CÔNICO CONTÍNUO RETO, FLANGEADO, H=8M - FORNECIMENTO E INSTALAÇÃO. AF_04/2025","UN",0]
["Postes de Concreto e Metálicos",105950,"POSTE DE AÇO CÔNICO CONTÍNUO RETO, FLANGEADO, H=9M - FORNECIMENTO E INSTALAÇÃO. AF_04/2025","UN",0]
["Postes de Concreto e Metálicos",100619,"POSTE DECORATIVO PARA JARDIM EM AÇO TUBULAR, H = *2,5* M, SEM LUMINÁRIA - FORNECIMENTO E INSTALAÇÃO. AF_04/2025","UN",586.71]
["Poços de Visita e Caixas para Bocas de Lobo",99283,"ACRÉSCIMO PARA POÇO DE VISITA CIRCULAR PARA DRENAGEM, EM ALVENARIA COM TIJOLOS CERÂMICOS MACIÇOS, DIÂMETRO INTERNO = 0,8 M. AF_12/2020","M",1278.98]
["Poços de Visita e Caixas para Bocas de Lobo",99293,"ACRÉSCIMO PARA POÇO DE VISITA CIRCULAR PARA DRENAGEM, EM ALVENARIA COM TIJOLOS CERÂMICOS MACIÇOS, DIÂMETRO INTERNO = 1 M. AF_12/2020","M",1544.33]
["Poços de Visita e Caixas para Bocas de Lobo",99243,"ACRÉSCIMO PARA POÇO DE VISITA CIRCULAR PARA DRENAGEM, EM ALVENARIA COM TIJOLOS CERÂMICOS MACIÇOS, DIÂMETRO INTERNO = 1,2 M. AF_12/2020","M",1809.6]
["Poços de Visita e Caixas para Bocas de Lobo",99249,"ACRÉSCIMO PARA POÇO DE VISITA CIRCULAR PARA DRENAGEM, EM ALVENARIA COM TIJOLOS CERÂMICOS MACIÇOS, DIÂMETRO INTERNO = 1,5 M. AF_12/2020","M",2207.63]
["Poços de Visita e Caixas para Bocas de Lobo",99278,"ACRÉSCIMO PARA POÇO DE VISITA CIRCULAR PARA DRENAGEM, EM CONCRETO PRÉ-MOLDADO, DIÂMETRO INTERNO = 0,8 M. AF_12/2020","M",413.45]
["Poços de Visita e Caixas para Bocas de Lobo",99288,"ACRÉSCIMO PARA POÇO DE VISITA CIRCULAR PARA DRENAGEM, EM CONCRETO PRÉ-MOLDADO, DIÂMETRO INTERNO = 1 M. AF_12/2020","M",544.52]
["Poços de Visita e Caixas para Bocas de Lobo",99240,"ACRÉSCIMO PARA POÇO DE VISITA CIRCULAR PARA DRENAGEM, EM CONCRETO PRÉ-MOLDADO, DIÂMETRO INTERNO = 1,2 M. AF_12/2020","M",722.97]
["Poços de Visita e Caixas para Bocas de Lobo",99246,"ACRÉSCIMO PARA POÇO DE VISITA CIRCULAR PARA DRENAGEM, EM CONCRETO PRÉ-MOLDADO, DIÂMETRO INTERNO = 1,5 M. AF_12/2020","M",989.81]
["Poços de Visita e Caixas para Bocas de Lobo",97981,"ACRÉSCIMO PARA POÇO DE VISITA CIRCULAR PARA ESGOTO, EM ALVENARIA COM TIJOLOS CERÂMICOS MACIÇOS, DIÂMETRO INTERNO = 0,8 M. AF_12/2020","M",1353.2]
["Poços de Visita e Caixas para Bocas de Lobo",97985,"ACRÉSCIMO PARA POÇO DE VISITA CIRCULAR PARA ESGOTO, EM ALVENARIA COM TIJOLOS CERÂMICOS MACIÇOS, DIÂMETRO INTERNO = 1 M. AF_12/2020","M",1628.26]
["Poços de Visita e Caixas para Bocas de Lobo",97989,"ACRÉSCIMO PARA POÇO DE VISITA CIRCULAR PARA ESGOTO, EM ALVENARIA COM TIJOLOS CERÂMICOS MACIÇOS, DIÂMETRO INTERNO = 1,2 M. AF_12/2020","M",1903.24]
["Poços de Visita e Caixas para Bocas de Lobo",97993,"ACRÉSCIMO PARA POÇO DE VISITA CIRCULAR PARA ESGOTO, EM ALVENARIA COM TIJOLOS CERÂMICOS MACIÇOS, DIÂMETRO INTERNO = 1,5 M. AF_12/2020","M",2315.84]
["Poços de Visita e Caixas para Bocas de Lobo",98409,"ACRÉSCIMO PARA POÇO DE VISITA CIRCULAR PARA ESGOTO, EM CONCRETO PRÉ-MOLDADO, DIÂMETRO INTERNO = 0,8 M. AF_12/2020","M",415.56]
["Poços de Visita e Caixas para Bocas de Lobo",97983,"ACRÉSCIMO PARA POÇO DE VISITA CIRCULAR PARA ESGOTO, EM CONCRETO PRÉ-MOLDADO, DIÂMETRO INTERNO = 1 M. AF_12/2020","M",547.28]
["Poços de Visita e Caixas para Bocas de Lobo",97987,"ACRÉSCIMO PARA POÇO DE VISITA CIRCULAR PARA ESGOTO, EM CONCRETO PRÉ-MOLDADO, DIÂMETRO INTERNO = 1,2 M. AF_12/2020","M",726.44]
["Poços de Visita e Caixas para Bocas de Lobo",97991,"ACRÉSCIMO PARA POÇO DE VISITA CIRCULAR PARA ESGOTO, EM CONCRETO PRÉ-MOLDADO, DIÂMETRO INTERNO = 1,5 M. AF_12/2020","M",994.54]
["Poços de Visita e Caixas para Bocas de Lobo",99241,"ACRÉSCIMO PARA POÇO DE VISITA RETANGULAR PARA DRENAGEM, EM ALVENARIA COM BLOCOS DE CONCRETO, DIMENSÕES INTERNAS = 1,5X1,5 M. AF_12/2020","M",1913.22]
["Poços de Visita e Caixas para Bocas de Lobo",99247,"ACRÉSCIMO PARA POÇO DE VISITA RETANGULAR PARA DRENAGEM, EM ALVENARIA COM BLOCOS DE CONCRETO, DIMENSÕES INTERNAS = 1,5X2 M. AF_12/2020","M",2181.09]
["Poços de Visita e Caixas para Bocas de Lobo",99263,"ACRÉSCIMO PARA POÇO DE VISITA RETANGULAR PARA DRENAGEM, EM ALVENARIA COM BLOCOS DE CONCRETO, DIMENSÕES INTERNAS = 1,5X2,5 M. AF_12/2020","M",2449.04]
["Poços de Visita e Caixas para Bocas de Lobo",99276,"ACRÉSCIMO PARA POÇO DE VISITA RETANGULAR PARA DRENAGEM, EM ALVENARIA COM BLOCOS DE CONCRETO, DIMENSÕES INTERNAS = 1,5X3 M. AF_12/2020","M",2716.95]
["Poços de Visita e Caixas para Bocas de Lobo",99291,"ACRÉSCIMO PARA POÇO DE VISITA RETANGULAR PARA DRENAGEM, EM ALVENARIA COM BLOCOS DE CONCRETO, DIMENSÕES INTERNAS = 1,5X3,5 M. AF_12/2020","M",2984.83]
["Poços de Visita e Caixas para Bocas de Lobo",99297,"ACRÉSCIMO PARA POÇO DE VISITA RETANGULAR PARA DRENAGEM, EM ALVENARIA COM BLOCOS DE CONCRETO, DIMENSÕES INTERNAS = 1,5X4 M. AF_12/2020","M",3277.32]
["Poços de Visita e Caixas para Bocas de Lobo",99254,"ACRÉSCIMO PARA POÇO DE VISITA RETANGULAR PARA DRENAGEM, EM ALVENARIA COM BLOCOS DE CONCRETO, DIMENSÕES INTERNAS = 1X1 M. AF_12/2020","M",1377.42]
["Poços de Visita e Caixas para Bocas de Lobo",99261,"ACRÉSCIMO PARA POÇO DE VISITA RETANGULAR PARA DRENAGEM, EM ALVENARIA COM BLOCOS DE CONCRETO, DIMENSÕES INTERNAS = 1X1,5 M. AF_12/2020","M",1645.27]
["Poços de Visita e Caixas para Bocas de Lobo",99266,"ACRÉSCIMO PARA POÇO DE VISITA RETANGULAR PARA DRENAGEM, EM ALVENARIA COM BLOCOS DE CONCRETO, DIMENSÕES INTERNAS = 1X2 M. AF_12/2020","M",1913.22]
["Poços de Visita e Caixas para Bocas de Lobo",99269,"ACRÉSCIMO PARA POÇO DE VISITA RETANGULAR PARA DRENAGEM, EM ALVENARIA COM BLOCOS DE CONCRETO, DIMENSÕES INTERNAS = 1X2,5 M. AF_12/2020","M",2181.09]
["Poços de Visita e Caixas para Bocas de Lobo",99277,"ACRÉSCIMO PARA POÇO DE VISITA RETANGULAR PARA DRENAGEM, EM ALVENARIA COM BLOCOS DE CONCRETO, DIMENSÕES INTERNAS = 1X3 M. AF_12/2020","M",2449.04]
["Poços de Visita e Caixas para Bocas de Lobo",99281,"ACRÉSCIMO PARA POÇO DE VISITA RETANGULAR PARA DRENAGEM, EM ALVENARIA COM BLOCOS DE CONCRETO, DIMENSÕES INTERNAS = 1X3,5 M. AF_12/2020","M",2716.95]
["Poços de Visita e Caixas para Bocas de Lobo",99289,"ACRÉSCIMO PARA POÇO DE VISITA RETANGULAR PARA DRENAGEM, EM ALVENARIA COM BLOCOS DE CONCRETO, DIMENSÕES INTERNAS = 1X4 M. AF_12/2020","M",2984.83]
["Poços de Visita e Caixas para Bocas de Lobo",99282,"ACRÉSCIMO PARA POÇO DE VISITA RETANGULAR PARA DRENAGEM, EM ALVENARIA COM BLOCOS DE CONCRETO, DIMENSÕES INTERNAS = 2,5X2,5 M. AF_12/2020","M",3014.58]
["Poços de Visita e Caixas para Bocas de Lobo",99296,"ACRÉSCIMO PARA POÇO DE VISITA RETANGULAR PARA DRENAGEM, EM ALVENARIA COM BLOCOS DE CONCRETO, DIMENSÕES INTERNAS = 2,5X3 M. AF_12/2020","M",3282.45]
["Poços de Visita e Caixas para Bocas de Lobo",99299,"ACRÉSCIMO PARA POÇO DE VISITA RETANGULAR PARA DRENAGEM, EM ALVENARIA COM BLOCOS DE CONCRETO, DIMENSÕES INTERNAS = 2,5X3,5 M. AF_12/2020","M",3550.29]
["Poços de Visita e Caixas para Bocas de Lobo",99302,"ACRÉSCIMO PARA POÇO DE VISITA RETANGULAR PARA DRENAGEM, EM ALVENARIA COM BLOCOS DE CONCRETO, DIMENSÕES INTERNAS = 2,5X4 M. AF_12/2020","M",3823.28]
["Poços de Visita e Caixas para Bocas de Lobo",99307,"ACRÉSCIMO PARA POÇO DE VISITA RETANGULAR PARA DRENAGEM, EM ALVENARIA COM BLOCOS DE CONCRETO, DIMENSÕES INTERNAS = 2X2 M. AF_12/2020","M",2473.67]
["Poços de Visita e Caixas para Bocas de Lobo",99317,"ACRÉSCIMO PARA POÇO DE VISITA RETANGULAR PARA DRENAGEM, EM ALVENARIA COM BLOCOS DE CONCRETO, DIMENSÕES INTERNAS = 2X2,5 M. AF_12/2020","M",2741.51]
["Poços de Visita e Caixas para Bocas de Lobo",99321,"ACRÉSCIMO PARA POÇO DE VISITA RETANGULAR PARA DRENAGEM, EM ALVENARIA COM BLOCOS DE CONCRETO, DIMENSÕES INTERNAS = 2X3 M. AF_12/2020","M",3009.46]
["Poços de Visita e Caixas para Bocas de Lobo",99323,"ACRÉSCIMO PARA POÇO DE VISITA RETANGULAR PARA DRENAGEM, EM ALVENARIA COM BLOCOS DE CONCRETO, DIMENSÕES INTERNAS = 2X3,5 M. AF_12/2020","M",3277.32]
["Poços de Visita e Caixas para Bocas de Lobo",99325,"ACRÉSCIMO PARA POÇO DE VISITA RETANGULAR PARA DRENAGEM, EM ALVENARIA COM BLOCOS DE CONCRETO, DIMENSÕES INTERNAS = 2X4 M. AF_12/2020","M",3550.29]
["Poços de Visita e Caixas para Bocas de Lobo",99311,"ACRÉSCIMO PARA POÇO DE VISITA RETANGULAR PARA DRENAGEM, EM ALVENARIA COM BLOCOS DE CONCRETO, DIMENSÕES INTERNAS = 3,5X3,5 M. AF_12/2020","M",4096.3500000000004]
["Poços de Visita e Caixas para Bocas de Lobo",99314,"ACRÉSCIMO PARA POÇO DE VISITA RETANGULAR PARA DRENAGEM, EM ALVENARIA COM BLOCOS DE CONCRETO, DIMENSÕES INTERNAS = 3,5X4 M. AF_12/2020","M",4369.3500000000004]
["Poços de Visita e Caixas para Bocas de Lobo",99304,"ACRÉSCIMO PARA POÇO DE VISITA RETANGULAR PARA DRENAGEM, EM ALVENARIA COM BLOCOS DE CONCRETO, DIMENSÕES INTERNAS = 3X3 M. AF_12/2020","M",3555.41]
["Poços de Visita e Caixas para Bocas de Lobo",99306,"ACRÉSCIMO PARA POÇO DE VISITA RETANGULAR PARA DRENAGEM, EM ALVENARIA COM BLOCOS DE CONCRETO, DIMENSÕES INTERNAS = 3X3,5 M. AF_12/2020","M",3823.28]
["Poços de Visita e Caixas para Bocas de Lobo",99309,"ACRÉSCIMO PARA POÇO DE VISITA RETANGULAR PARA DRENAGEM, EM ALVENARIA COM BLOCOS DE CONCRETO, DIMENSÕES INTERNAS = 3X4 M. AF_12/2020","M",4096.3500000000004]
["Poços de Visita e Caixas para Bocas de Lobo",99327,"ACRÉSCIMO PARA POÇO DE VISITA RETANGULAR PARA DRENAGEM, EM ALVENARIA COM BLOCOS DE CONCRETO, DIMENSÕES INTERNAS = 4X4 M. AF_12/2020","M",4592.1899999999996]
["Poços de Visita e Caixas para Bocas de Lobo",98009,"ACRÉSCIMO PARA POÇO DE VISITA RETANGULAR PARA ESGOTO, EM ALVENARIA COM BLOCOS DE CONCRETO, DIMENSÕES INTERNAS = 1,5X1,5 M. AF_12/2020","M",1985.93]
["Poços de Visita e Caixas para Bocas de Lobo",98011,"ACRÉSCIMO PARA POÇO DE VISITA RETANGULAR PARA ESGOTO, EM ALVENARIA COM BLOCOS DE CONCRETO, DIMENSÕES INTERNAS = 1,5X2 M. AF_12/2020","M",2264.4899999999998]
["Poços de Visita e Caixas para Bocas de Lobo",98013,"ACRÉSCIMO PARA POÇO DE VISITA RETANGULAR PARA ESGOTO, EM ALVENARIA COM BLOCOS DE CONCRETO, DIMENSÕES INTERNAS = 1,5X2,5 M. AF_12/2020","M",2543.13]
["Poços de Visita e Caixas para Bocas de Lobo",98015,"ACRÉSCIMO PARA POÇO DE VISITA RETANGULAR PARA ESGOTO, EM ALVENARIA COM BLOCOS DE CONCRETO, DIMENSÕES INTERNAS = 1,5X3 M. AF_12/2020","M",2821.74]
["Poços de Visita e Caixas para Bocas de Lobo",98017,"ACRÉSCIMO PARA POÇO DE VISITA RETANGULAR PARA ESGOTO, EM ALVENARIA COM BLOCOS DE CONCRETO, DIMENSÕES INTERNAS = 1,5X3,5 M. AF_12/2020","M",3100.3]
["Poços de Visita e Caixas para Bocas de Lobo",98019,"ACRÉSCIMO PARA POÇO DE VISITA RETANGULAR PARA ESGOTO, EM ALVENARIA COM BLOCOS DE CONCRETO, DIMENSÕES INTERNAS = 1,5X4 M. AF_12/2020","M",3406.69]
["Poços de Visita e Caixas para Bocas de Lobo",97995,"ACRÉSCIMO PARA POÇO DE VISITA RETANGULAR PARA ESGOTO, EM ALVENARIA COM BLOCOS DE CONCRETO, DIMENSÕES INTERNAS = 1X1 M. AF_12/2020","M",1428.74]
["Poços de Visita e Caixas para Bocas de Lobo",97997,"ACRÉSCIMO PARA POÇO DE VISITA RETANGULAR PARA ESGOTO, EM ALVENARIA COM BLOCOS DE CONCRETO, DIMENSÕES INTERNAS = 1X1,5 M. AF_12/2020","M",1707.28]
["Poços de Visita e Caixas para Bocas de Lobo",97999,"ACRÉSCIMO PARA POÇO DE VISITA RETANGULAR PARA ESGOTO, EM ALVENARIA COM BLOCOS DE CONCRETO, DIMENSÕES INTERNAS = 1X2 M. AF_12/2020","M",1985.93]
["Poços de Visita e Caixas para Bocas de Lobo",98001,"ACRÉSCIMO PARA POÇO DE VISITA RETANGULAR PARA ESGOTO, EM ALVENARIA COM BLOCOS DE CONCRETO, DIMENSÕES INTERNAS = 1X2,5 M. AF_12/2020","M",2264.4899999999998]
["Poços de Visita e Caixas para Bocas de Lobo",98003,"ACRÉSCIMO PARA POÇO DE VISITA RETANGULAR PARA ESGOTO, EM ALVENARIA COM BLOCOS DE CONCRETO, DIMENSÕES INTERNAS = 1X3 M. AF_12/2020","M",2543.13]
["Poços de Visita e Caixas para Bocas de Lobo",98005,"ACRÉSCIMO PARA POÇO DE VISITA RETANGULAR PARA ESGOTO, EM ALVENARIA COM BLOCOS DE CONCRETO, DIMENSÕES INTERNAS = 1X3,5 M. AF_12/2020","M",2821.74]
["Poços de Visita e Caixas para Bocas de Lobo",98007,"ACRÉSCIMO PARA POÇO DE VISITA RETANGULAR PARA ESGOTO, EM ALVENARIA COM BLOCOS DE CONCRETO, DIMENSÕES INTERNAS = 1X4 M. AF_12/2020","M",3100.3]
["Poços de Visita e Caixas para Bocas de Lobo",98031,"ACRÉSCIMO PARA POÇO DE VISITA RETANGULAR PARA ESGOTO, EM ALVENARIA COM BLOCOS DE CONCRETO, DIMENSÕES INTERNAS = 2,5X2,5 M. AF_12/2020","M",3133.95]
["Poços de Visita e Caixas para Bocas de Lobo",98033,"ACRÉSCIMO PARA POÇO DE VISITA RETANGULAR PARA ESGOTO, EM ALVENARIA COM BLOCOS DE CONCRETO, DIMENSÕES INTERNAS = 2,5X3 M. AF_12/2020","M",3412.5]
["Poços de Visita e Caixas para Bocas de Lobo",98035,"ACRÉSCIMO PARA POÇO DE VISITA RETANGULAR PARA ESGOTO, EM ALVENARIA COM BLOCOS DE CONCRETO, DIMENSÕES INTERNAS = 2,5X3,5 M. AF_12/2020","M",3691.03]
["Poços de Visita e Caixas para Bocas de Lobo",98037,"ACRÉSCIMO PARA POÇO DE VISITA RETANGULAR PARA ESGOTO, EM ALVENARIA COM BLOCOS DE CONCRETO, DIMENSÕES INTERNAS = 2,5X4 M. AF_12/2020","M",3975.38]
["Poços de Visita e Caixas para Bocas de Lobo",98021,"ACRÉSCIMO PARA POÇO DE VISITA RETANGULAR PARA ESGOTO, EM ALVENARIA COM BLOCOS DE CONCRETO, DIMENSÕES INTERNAS = 2X2 M. AF_12/2020","M",2570.98]
["Poços de Visita e Caixas para Bocas de Lobo",98023,"ACRÉSCIMO PARA POÇO DE VISITA RETANGULAR PARA ESGOTO, EM ALVENARIA COM BLOCOS DE CONCRETO, DIMENSÕES INTERNAS = 2X2,5 M. AF_12/2020","M",2849.51]
["Poços de Visita e Caixas para Bocas de Lobo",98025,"ACRÉSCIMO PARA POÇO DE VISITA RETANGULAR PARA ESGOTO, EM ALVENARIA COM BLOCOS DE CONCRETO, DIMENSÕES INTERNAS = 2X3 M. AF_12/2020","M",3128.15]
["Poços de Visita e Caixas para Bocas de Lobo",98027,"ACRÉSCIMO PARA POÇO DE VISITA RETANGULAR PARA ESGOTO, EM ALVENARIA COM BLOCOS DE CONCRETO, DIMENSÕES INTERNAS = 2X3,5 M. AF_12/2020","M",3406.69]
["Poços de Visita e Caixas para Bocas de Lobo",98029,"ACRÉSCIMO PARA POÇO DE VISITA RETANGULAR PARA ESGOTO, EM ALVENARIA COM BLOCOS DE CONCRETO, DIMENSÕES INTERNAS = 2X4 M. AF_12/2020","M",3691.03]
["Poços de Visita e Caixas para Bocas de Lobo",98045,"ACRÉSCIMO PARA POÇO DE VISITA RETANGULAR PARA ESGOTO, EM ALVENARIA COM BLOCOS DE CONCRETO, DIMENSÕES INTERNAS = 3,5X3,5 M. AF_12/2020","M",4259.82]
["Poços de Visita e Caixas para Bocas de Lobo",98047,"ACRÉSCIMO PARA POÇO DE VISITA RETANGULAR PARA ESGOTO, EM ALVENARIA COM BLOCOS DE CONCRETO, DIMENSÕES INTERNAS = 3,5X4 M. AF_12/2020","M",4544.18]
["Poços de Visita e Caixas para Bocas de Lobo",98039,"ACRÉSCIMO PARA POÇO DE VISITA RETANGULAR PARA ESGOTO, EM ALVENARIA COM BLOCOS DE CONCRETO, DIMENSÕES INTERNAS = 3X3 M. AF_12/2020","M",3696.83]
["Poços de Visita e Caixas para Bocas de Lobo",98041,"ACRÉSCIMO PARA POÇO DE VISITA RETANGULAR PARA ESGOTO, EM ALVENARIA COM BLOCOS DE CONCRETO, DIMENSÕES INTERNAS = 3X3,5 M. AF_12/2020","M",3975.38]
["Poços de Visita e Caixas para Bocas de Lobo",98043,"ACRÉSCIMO PARA POÇO DE VISITA RETANGULAR PARA ESGOTO, EM ALVENARIA COM BLOCOS DE CONCRETO, DIMENSÕES INTERNAS = 3X4 M. AF_12/2020","M",4259.82]
["Poços de Visita e Caixas para Bocas de Lobo",98049,"ACRÉSCIMO PARA POÇO DE VISITA RETANGULAR PARA ESGOTO, EM ALVENARIA COM BLOCOS DE CONCRETO, DIMENSÕES INTERNAS = 4X4 M. AF_12/2020","M",4771.82]
["Poços de Visita e Caixas para Bocas de Lobo",101809,"BASE PARA POCO DE VISITA RETANGULAR PARA ESGOTO E DRENAGEM, EM CONCRETO ESTRUTURAL, DIMENSÕES INTERNAS DE 90X150 M, PROFUNDIDADE DE 1,25 M, EXCLUINDO TAMPÃO. AF_12/2020","UN",3189.96]
["Poços de Visita e Caixas para Bocas de Lobo",99280,"BASE PARA POÇO DE VISITA CIRCULAR PARA DRENAGEM, EM ALVENARIA COM TIJOLOS CERÂMICOS MACIÇOS, DIÂMETRO INTERNO = 0,80 M, PROFUNDIDADE = 1,40 M, EXCLUINDO TAMPÃO. AF_12/2020","UN",2227.73]
["Poços de Visita e Caixas para Bocas de Lobo",99292,"BASE PARA POÇO DE VISITA CIRCULAR PARA DRENAGEM, EM ALVENARIA COM TIJOLOS CERÂMICOS MACIÇOS, DIÂMETRO INTERNO = 1,0 M, PROFUNDIDADE = 1,40 M, EXCLUINDO TAMPÃO. AF_12/2020","UN",2747.13]
["Poços de Visita e Caixas para Bocas de Lobo",99242,"BASE PARA POÇO DE VISITA CIRCULAR PARA DRENAGEM, EM ALVENARIA COM TIJOLOS CERÂMICOS MACIÇOS, DIÂMETRO INTERNO = 1,2 M, PROFUNDIDADE = 1,40 M, EXCLUINDO TAMPÃO. AF_12/2020","UN",3265.67]
["Poços de Visita e Caixas para Bocas de Lobo",99248,"BASE PARA POÇO DE VISITA CIRCULAR PARA DRENAGEM, EM ALVENARIA COM TIJOLOS CERÂMICOS MACIÇOS, DIÂMETRO INTERNO = 1,50 M, PROFUNDIDADE = 1,40 M, EXCLUINDO TAMPÃO. AF_12/2020","UN",4179.33]
["Poços de Visita e Caixas para Bocas de Lobo",99275,"BASE PARA POÇO DE VISITA CIRCULAR PARA DRENAGEM, EM CONCRETO PRÉ-MOLDADO, DIÂMETRO INTERNO = 0,80 M, PROFUNDIDADE = 1,35 M, EXCLUINDO TAMPÃO. AF_12/2020","UN",1026.58]
["Poços de Visita e Caixas para Bocas de Lobo",99285,"BASE PARA POÇO DE VISITA CIRCULAR PARA DRENAGEM, EM CONCRETO PRÉ-MOLDADO, DIÂMETRO INTERNO = 1,0 M, PROFUNDIDADE = 1,35 M, EXCLUINDO TAMPÃO. AF_05/2018","UN",1418.99]
["Poços de Visita e Caixas para Bocas de Lobo",102457,"BASE PARA POÇO DE VISITA CIRCULAR PARA DRENAGEM, EM CONCRETO PRÉ-MOLDADO, DIÂMETRO INTERNO = 1,20 M, PROFUNDIDADE = 1,60 M, EXCLUINDO TAMPÃO. AF_05/2021","UN",1769.37]
["Poços de Visita e Caixas para Bocas de Lobo",102142,"BASE PARA POÇO DE VISITA CIRCULAR PARA DRENAGEM, EM CONCRETO PRÉ-MOLDADO, DIÂMETRO INTERNO = 1,50 M, PROFUNDIDADE = 1,35 M, EXCLUINDO TAMPÃO. AF_12/2020","UN",2776.52]
["Poços de Visita e Caixas para Bocas de Lobo",97980,"BASE PARA POÇO DE VISITA CIRCULAR PARA ESGOTO, EM ALVENARIA COM TIJOLOS CERÂMICOS MACIÇOS, DIÂMETRO INTERNO = 0,80 M, PROFUNDIDADE = 1,40 M, EXCLUINDO TAMPÃO. AF_12/2020","UN",2305.71]
["Poços de Visita e Caixas para Bocas de Lobo",98405,"BASE PARA POÇO DE VISITA CIRCULAR PARA ESGOTO, EM ALVENARIA COM TIJOLOS CERÂMICOS MACIÇOS, DIÂMETRO INTERNO = 1,0 M, PROFUNDIDADE = 1,40 M, EXCLUINDO TAMPÃO. AF_12/2020","UN",2836.04]
["Poços de Visita e Caixas para Bocas de Lobo",97988,"BASE PARA POÇO DE VISITA CIRCULAR PARA ESGOTO, EM ALVENARIA COM TIJOLOS CERÂMICOS MACIÇOS, DIÂMETRO INTERNO = 1,20 M, PROFUNDIDADE = 1,40 M, EXCLUINDO TAMPÃO. AF_12/2020","UN",3364.54]
["Poços de Visita e Caixas para Bocas de Lobo",97992,"BASE PARA POÇO DE VISITA CIRCULAR PARA ESGOTO, EM ALVENARIA COM TIJOLOS CERÂMICOS MACIÇOS, DIÂMETRO INTERNO = 1,50 M, PROFUNDIDADE = 1,40 M, EXCLUINDO TAMPÃO. AF_12/2020","UN",4298.6499999999996]
["Poços de Visita e Caixas para Bocas de Lobo",97978,"BASE PARA POÇO DE VISITA CIRCULAR PARA ESGOTO, EM CONCRETO PRÉ-MOLDADO, DIÂMETRO INTERNO = 0,80 M, PROFUNDIDADE = 1,35 M, EXCLUINDO TAMPÃO. AF_12/2020","UN",1035.26]
["Poços de Visita e Caixas para Bocas de Lobo",98410,"BASE PARA POÇO DE VISITA CIRCULAR PARA ESGOTO, EM CONCRETO PRÉ-MOLDADO, DIÂMETRO INTERNO = 1,0 M, PROFUNDIDADE = 1,35 M, EXCLUINDO TAMPÃO. AF_12/2020","UN",1328.34]
["Poços de Visita e Caixas para Bocas de Lobo",102139,"BASE PARA POÇO DE VISITA CIRCULAR PARA ESGOTO, EM CONCRETO PRÉ-MOLDADO, DIÂMETRO INTERNO = 1,20 M, PROFUNDIDADE = 1,60 M, EXCLUINDO TAMPÃO. AF_12/2020","UN",1826.28]
["Poços de Visita e Caixas para Bocas de Lobo",102141,"BASE PARA POÇO DE VISITA CIRCULAR PARA ESGOTO, EM CONCRETO PRÉ-MOLDADO, DIÂMETRO INTERNO = 1,50 M, PROFUNDIDADE = 1,35 M, EXCLUINDO TAMPÃO. AF_12/2020","UN",2815.74]
["Poços de Visita e Caixas para Bocas de Lobo",99290,"BASE PARA POÇO DE VISITA RETANGULAR PARA DRENAGEM, EM ALVENARIA COM BLOCOS DE CONCRETO, DIMENSÕES INTERNAS = 1,5X1,5 M, PROFUNDIDADE = 1,40 M, EXCLUINDO TAMPÃO. AF_12/2020","UN",4330.2]
["Poços de Visita e Caixas para Bocas de Lobo",99244,"BASE PARA POÇO DE VISITA RETANGULAR PARA DRENAGEM, EM ALVENARIA COM BLOCOS DE CONCRETO, DIMENSÕES INTERNAS = 1,5X2 M, PROFUNDIDADE = 1,40 M, EXCLUINDO TAMPÃO. AF_12/2020","UN",5280.26]
["Poços de Visita e Caixas para Bocas de Lobo",99256,"BASE PARA POÇO DE VISITA RETANGULAR PARA DRENAGEM, EM ALVENARIA COM BLOCOS DE CONCRETO, DIMENSÕES INTERNAS = 1,5X2,5 M, PROFUNDIDADE = 1,40 M, EXCLUINDO TAMPÃO. AF_12/2020","UN",6203.83]
["Poços de Visita e Caixas para Bocas de Lobo",99271,"BASE PARA POÇO DE VISITA RETANGULAR PARA DRENAGEM, EM ALVENARIA COM BLOCOS DE CONCRETO, DIMENSÕES INTERNAS = 1,5X3 M, PROFUNDIDADE = 1,40 M, EXCLUINDO TAMPÃO. AF_12/2020","UN",7127.34]
["Poços de Visita e Caixas para Bocas de Lobo",99284,"BASE PARA POÇO DE VISITA RETANGULAR PARA DRENAGEM, EM ALVENARIA COM BLOCOS DE CONCRETO, DIMENSÕES INTERNAS = 1,5X3,5 M, PROFUNDIDADE = 1,40 M, EXCLUINDO TAMPÃO. AF_12/2020","UN",8050.97]
["Poços de Visita e Caixas para Bocas de Lobo",99294,"BASE PARA POÇO DE VISITA RETANGULAR PARA DRENAGEM, EM ALVENARIA COM BLOCOS DE CONCRETO, DIMENSÕES INTERNAS = 1,5X4 M, PROFUNDIDADE = 1,40 M, EXCLUINDO TAMPÃO. AF_12/2020","UN",8974.5]
["Poços de Visita e Caixas para Bocas de Lobo",99252,"BASE PARA POÇO DE VISITA RETANGULAR PARA DRENAGEM, EM ALVENARIA COM BLOCOS DE CONCRETO, DIMENSÕES INTERNAS = 1X1 M, PROFUNDIDADE = 1,40 M, EXCLUINDO TAMPÃO. AF_12/2020","UN",2767.57]
["Poços de Visita e Caixas para Bocas de Lobo",99259,"BASE PARA POÇO DE VISITA RETANGULAR PARA DRENAGEM, EM ALVENARIA COM BLOCOS DE CONCRETO, DIMENSÕES INTERNAS = 1X1,5 M, PROFUNDIDADE = 1,40 M, EXCLUINDO TAMPÃO. AF_12/2020","UN",3503.22]
["Poços de Visita e Caixas para Bocas de Lobo",99265,"BASE PARA POÇO DE VISITA RETANGULAR PARA DRENAGEM, EM ALVENARIA COM BLOCOS DE CONCRETO, DIMENSÕES INTERNAS = 1X2 M, PROFUNDIDADE = 1,40 M, EXCLUINDO TAMPÃO. AF_12/2020","UN",4238.82]
["Poços de Visita e Caixas para Bocas de Lobo",99267,"BASE PARA POÇO DE VISITA RETANGULAR PARA DRENAGEM, EM ALVENARIA COM BLOCOS DE CONCRETO, DIMENSÕES INTERNAS = 1X2,5 M, PROFUNDIDADE = 1,40 M, EXCLUINDO TAMPÃO. AF_12/2020","UN",4974.46]
["Poços de Visita e Caixas para Bocas de Lobo",99274,"BASE PARA POÇO DE VISITA RETANGULAR PARA DRENAGEM, EM ALVENARIA COM BLOCOS DE CONCRETO, DIMENSÕES INTERNAS = 1X3 M, PROFUNDIDADE = 1,40 M, EXCLUINDO TAMPÃO. AF_12/2020","UN",5743.5]
["Poços de Visita e Caixas para Bocas de Lobo",99279,"BASE PARA POÇO DE VISITA RETANGULAR PARA DRENAGEM, EM ALVENARIA COM BLOCOS DE CONCRETO, DIMENSÕES INTERNAS = 1X3,5 M, PROFUNDIDADE = 1,40 M, EXCLUINDO TAMPÃO. AF_12/2020","UN",6483.29]
["Poços de Visita e Caixas para Bocas de Lobo",99286,"BASE PARA POÇO DE VISITA RETANGULAR PARA DRENAGEM, EM ALVENARIA COM BLOCOS DE CONCRETO, DIMENSÕES INTERNAS = 1X4 M, PROFUNDIDADE = 1,40 M, EXCLUINDO TAMPÃO. AF_12/2020","UN",7223.18]
["Poços de Visita e Caixas para Bocas de Lobo",99326,"BASE PARA POÇO DE VISITA RETANGULAR PARA DRENAGEM, EM ALVENARIA COM BLOCOS DE CONCRETO, DIMENSÕES INTERNAS = 2,5X2,5 M, PROFUNDIDADE = 1,40 M, EXCLUINDO TAMPÃO. AF_12/2020","UN",8794.17]
["Poços de Visita e Caixas para Bocas de Lobo",99287,"BASE PARA POÇO DE VISITA RETANGULAR PARA DRENAGEM, EM ALVENARIA COM BLOCOS DE CONCRETO, DIMENSÕES INTERNAS = 2,5X3 M, PROFUNDIDADE = 1,40 M, EXCLUINDO TAMPÃO. AF_12/2020","UN",10113]
["Poços de Visita e Caixas para Bocas de Lobo",99298,"BASE PARA POÇO DE VISITA RETANGULAR PARA DRENAGEM, EM ALVENARIA COM BLOCOS DE CONCRETO, DIMENSÕES INTERNAS = 2,5X3,5 M, PROFUNDIDADE = 1,40 M, EXCLUINDO TAMPÃO. AF_12/2020","UN",11431.84]
["Poços de Visita e Caixas para Bocas de Lobo",99300,"BASE PARA POÇO DE VISITA RETANGULAR PARA DRENAGEM, EM ALVENARIA COM BLOCOS DE CONCRETO, DIMENSÕES INTERNAS = 2,5X4 M, PROFUNDIDADE = 1,40 M, EXCLUINDO TAMPÃO. AF_12/2020","UN",12750.69]
["Poços de Visita e Caixas para Bocas de Lobo",99301,"BASE PARA POÇO DE VISITA RETANGULAR PARA DRENAGEM, EM ALVENARIA COM BLOCOS DE CONCRETO, DIMENSÕES INTERNAS = 2X2 M, PROFUNDIDADE = 1,40 M, EXCLUINDO TAMPÃO. AF_12/2020","UN",6374.83]
["Poços de Visita e Caixas para Bocas de Lobo",99312,"BASE PARA POÇO DE VISITA RETANGULAR PARA DRENAGEM, EM ALVENARIA COM BLOCOS DE CONCRETO, DIMENSÕES INTERNAS = 2X2,5 M, PROFUNDIDADE = 1,40 M, EXCLUINDO TAMPÃO. AF_12/2020","UN",7469.89]
["Poços de Visita e Caixas para Bocas de Lobo",99320,"BASE PARA POÇO DE VISITA RETANGULAR PARA DRENAGEM, EM ALVENARIA COM BLOCOS DE CONCRETO, DIMENSÕES INTERNAS = 2X3 M, PROFUNDIDADE = 1,40 M, EXCLUINDO TAMPÃO. AF_12/2020","UN",8623.6299999999992]
["Poços de Visita e Caixas para Bocas de Lobo",99322,"BASE PARA POÇO DE VISITA RETANGULAR PARA DRENAGEM, EM ALVENARIA COM BLOCOS DE CONCRETO, DIMENSÕES INTERNAS = 2X3,5 M, PROFUNDIDADE = 1,40 M, EXCLUINDO TAMPÃO. AF_12/2020","UN",9726.09]
["Poços de Visita e Caixas para Bocas de Lobo",99324,"BASE PARA POÇO DE VISITA RETANGULAR PARA DRENAGEM, EM ALVENARIA COM BLOCOS DE CONCRETO, DIMENSÕES INTERNAS = 2X4 M, PROFUNDIDADE = 1,40 M, EXCLUINDO TAMPÃO. AF_12/2020","UN",10828.62]
["Poços de Visita e Caixas para Bocas de Lobo",99310,"BASE PARA POÇO DE VISITA RETANGULAR PARA DRENAGEM, EM ALVENARIA COM BLOCOS DE CONCRETO, DIMENSÕES INTERNAS = 3,5X3,5 M, PROFUNDIDADE = 1,40 M, EXCLUINDO TAMPÃO. AF_12/2020","UN",14915.76]
["Poços de Visita e Caixas para Bocas de Lobo",99313,"BASE PARA POÇO DE VISITA RETANGULAR PARA DRENAGEM, EM ALVENARIA COM BLOCOS DE CONCRETO, DIMENSÕES INTERNAS = 3,5X4 M, PROFUNDIDADE = 1,40 M, EXCLUINDO TAMPÃO. AF_12/2020","UN",16620.45]
["Poços de Visita e Caixas para Bocas de Lobo",99303,"BASE PARA POÇO DE VISITA RETANGULAR PARA DRENAGEM, EM ALVENARIA COM BLOCOS DE CONCRETO, DIMENSÕES INTERNAS = 3X3 M, PROFUNDIDADE = 1,40 M, EXCLUINDO TAMPÃO. AF_12/2020","UN",11661.91]
["Poços de Visita e Caixas para Bocas de Lobo",99305,"BASE PARA POÇO DE VISITA RETANGULAR PARA DRENAGEM, EM ALVENARIA COM BLOCOS DE CONCRETO, DIMENSÕES INTERNAS = 3X3,5 M, PROFUNDIDADE = 1,40 M, EXCLUINDO TAMPÃO. AF_12/2020","UN",13173.73]
["Poços de Visita e Caixas para Bocas de Lobo",99308,"BASE PARA POÇO DE VISITA RETANGULAR PARA DRENAGEM, EM ALVENARIA COM BLOCOS DE CONCRETO, DIMENSÕES INTERNAS = 3X4 M, PROFUNDIDADE = 1,40 M, EXCLUINDO TAMPÃO. AF_12/2020","UN",14685.64]
["Poços de Visita e Caixas para Bocas de Lobo",99315,"BASE PARA POÇO DE VISITA RETANGULAR PARA DRENAGEM, EM ALVENARIA COM BLOCOS DE CONCRETO, DIMENSÕES INTERNAS = 4X4 M, PROFUNDIDADE = 1,40 M, EXCLUINDO TAMPÃO. AF_12/2020","UN",18555.400000000001]
["Poços de Visita e Caixas para Bocas de Lobo",98008,"BASE PARA POÇO DE VISITA RETANGULAR PARA ESGOTO, EM ALVENARIA COM BLOCOS DE CONCRETO, DIMENSÕES INTERNAS = 1,5X1,5 M, PROFUNDIDADE = 1,45 M, EXCLUINDO TAMPÃO . AF_12/2020","UN",4427.5600000000004]
["Poços de Visita e Caixas para Bocas de Lobo",98010,"BASE PARA POÇO DE VISITA RETANGULAR PARA ESGOTO, EM ALVENARIA COM BLOCOS DE CONCRETO, DIMENSÕES INTERNAS = 1,5X2 M, PROFUNDIDADE = 1,40 M, EXCLUINDO TAMPÃO. AF_12/2020","UN",5399.04]
["Poços de Visita e Caixas para Bocas de Lobo",98012,"BASE PARA POÇO DE VISITA RETANGULAR PARA ESGOTO, EM ALVENARIA COM BLOCOS DE CONCRETO, DIMENSÕES INTERNAS = 1,5X2,5 M, PROFUNDIDADE = 1,40 M, EXCLUINDO TAMPÃO. AF_12/2020","UN",6344.03]
["Poços de Visita e Caixas para Bocas de Lobo",98014,"BASE PARA POÇO DE VISITA RETANGULAR PARA ESGOTO, EM ALVENARIA COM BLOCOS DE CONCRETO, DIMENSÕES INTERNAS = 1,5X3 M, PROFUNDIDADE = 1,40 M, EXCLUINDO TAMPÃO. AF_12/2020","UN",7288.96]
["Poços de Visita e Caixas para Bocas de Lobo",98016,"BASE PARA POÇO DE VISITA RETANGULAR PARA ESGOTO, EM ALVENARIA COM BLOCOS DE CONCRETO, DIMENSÕES INTERNAS = 1,5X3,5 M, PROFUNDIDADE = 1,40 M, EXCLUINDO TAMPÃO. AF_12/2020","UN",8234.02]
["Poços de Visita e Caixas para Bocas de Lobo",98018,"BASE PARA POÇO DE VISITA RETANGULAR PARA ESGOTO, EM ALVENARIA COM BLOCOS DE CONCRETO, DIMENSÕES INTERNAS = 1,5X4 M, PROFUNDIDADE = 1,40 M, EXCLUINDO TAMPÃO. AF_12/2020","UN",9178.9599999999991]
["Poços de Visita e Caixas para Bocas de Lobo",97994,"BASE PARA POÇO DE VISITA RETANGULAR PARA ESGOTO, EM ALVENARIA COM BLOCOS DE CONCRETO, DIMENSÕES INTERNAS = 1X1 M, PROFUNDIDADE = 1,40 M, EXCLUINDO TAMPÃO. AF_12/2020","UN",2829.49]
["Poços de Visita e Caixas para Bocas de Lobo",97996,"BASE PARA POÇO DE VISITA RETANGULAR PARA ESGOTO, EM ALVENARIA COM BLOCOS DE CONCRETO, DIMENSÕES INTERNAS = 1X1,5 M, PROFUNDIDADE = 1,40 M, EXCLUINDO TAMPÃO. AF_12/2020","UN",3582.23]
["Poços de Visita e Caixas para Bocas de Lobo",98407,"BASE PARA POÇO DE VISITA RETANGULAR PARA ESGOTO, EM ALVENARIA COM BLOCOS DE CONCRETO, DIMENSÕES INTERNAS = 1X2 M, PROFUNDIDADE = 1,40 M, EXCLUINDO TAMPÃO. AF_12/2020","UN",4334.91]
["Poços de Visita e Caixas para Bocas de Lobo",98408,"BASE PARA POÇO DE VISITA RETANGULAR PARA ESGOTO, EM ALVENARIA COM BLOCOS DE CONCRETO, DIMENSÕES INTERNAS = 1X2,5 M, PROFUNDIDADE = 1,40 M, EXCLUINDO TAMPÃO. AF_12/2020","UN",5087.6400000000003]
["Poços de Visita e Caixas para Bocas de Lobo",98002,"BASE PARA POÇO DE VISITA RETANGULAR PARA ESGOTO, EM ALVENARIA COM BLOCOS DE CONCRETO, DIMENSÕES INTERNAS = 1X3 M, PROFUNDIDADE = 1,40 M, EXCLUINDO TAMPÃO. AF_12/2020","UN",5873.76]
["Poços de Visita e Caixas para Bocas de Lobo",98406,"BASE PARA POÇO DE VISITA RETANGULAR PARA ESGOTO, EM ALVENARIA COM BLOCOS DE CONCRETO, DIMENSÕES INTERNAS = 1X3,5 M, PROFUNDIDADE = 1,40 M, EXCLUINDO TAMPÃO. AF_12/2020","UN",6630.65]
["Poços de Visita e Caixas para Bocas de Lobo",98006,"BASE PARA POÇO DE VISITA RETANGULAR PARA ESGOTO, EM ALVENARIA COM BLOCOS DE CONCRETO, DIMENSÕES INTERNAS = 1X4 M, PROFUNDIDADE = 1,40 M, EXCLUINDO TAMPÃO. AF_12/2020","UN",7387.62]
["Poços de Visita e Caixas para Bocas de Lobo",98030,"BASE PARA POÇO DE VISITA RETANGULAR PARA ESGOTO, EM ALVENARIA COM BLOCOS DE CONCRETO, DIMENSÕES INTERNAS = 2,5X2,5 M, PROFUNDIDADE = 1,40 M, EXCLUINDO TAMPÃO. AF_12/2020","UN",8995.84]
["Poços de Visita e Caixas para Bocas de Lobo",98032,"BASE PARA POÇO DE VISITA RETANGULAR PARA ESGOTO, EM ALVENARIA COM BLOCOS DE CONCRETO, DIMENSÕES INTERNAS = 2,5X3 M, PROFUNDIDADE = 1,40 M, EXCLUINDO TAMPÃO. AF_12/2020","UN",10345.969999999999]
["Poços de Visita e Caixas para Bocas de Lobo",98034,"BASE PARA POÇO DE VISITA RETANGULAR PARA ESGOTO, EM ALVENARIA COM BLOCOS DE CONCRETO, DIMENSÕES INTERNAS = 2,5X3,5 M, PROFUNDIDADE = 1,40 M, EXCLUINDO TAMPÃO. AF_12/2020","UN",11696.12]
["Poços de Vi